{"text_format":"1","workbook":"xlsx","n_sheets":9,"sheets":["Forward Prog & Budget Process","Future Requirements","Summary Sheets - Estimated Cost","Summary Sheets - Counts","Data Validation Lists","Cost Band & Priority","Benefit Priority","Overall Priority","Macros"],"not_rendered":{"charts":0,"images":2,"macros":1,"external_links":0,"defined_names":4,"comments":3,"pivot_tables":0},"unopened":[],"bounds":{"document_bytes":16777216,"sheet_cells":100000,"rows_first":2000,"rows_last":500,"rows_between":2000,"halvings":0,"cell_chars":16384,"cell_head_chars":4096},"cells_cut":0,"cells_raw":0,"read":"whole","date_system":"1900"}

{"sheet":"Forward Prog & Budget Process","index":0,"n_rows":1,"n_cols":1,"rows_kept":1,"cut":false,"hidden":false,"merged":[[0,0,0,16]]}
["Refer to the Process Classification Document Forward Programme & Budget Setting Process for more details"]

{"sheet":"Future Requirements","index":1,"n_rows":901,"n_cols":29,"rows_kept":901,"cut":false,"hidden":false,"merged":[]}
["Item No","Date Input","Requested By","Asset Group","Asset Type","Road Name","Ward","Road \nClassification","Gaist Condition Rating","Resilience Network","Location Description","Defect/Issue Description","Recommended Work Type/Method","Justification for Work Type","Estimated\nCost of Works","Estimated Cost Band","Cost \nPriority","Reputational\nRisk","Safety Issue\nProbability","Safety Issue\nImpact","End of Life ","Flooding\nRisk","Environmental Impact","Economic\nImpact","Benefit Total \nScore\n(Out of 29)","Benefit Priority","Overall Priority","Overall \nScore\n(out of 9)","Cabinet Status"]
[1,"2016-12-07","Engineer","Carriageways ","Footway","Road 1","Ward 1","U","Grade 3 - Mid Life","Yes","Road A to Road B","Functionally impaired - Cracking, reinstatements, surface profile compromised","Replace S/C with B/C.","Surface course failing, B/C failing.",80000,{"$f":"IF(O2=\"\",\"\",IF(O2<'Cost Band & Priority'!$E$12,5,IF(O2<'Cost Band & Priority'!$E$11,4,IF(O2<'Cost Band & Priority'!$E$10,3,IF(O2<'Cost Band & Priority'!$E$9,2,1)))))","v":4},{"$f":"IF(P2=\"\",\"\",VLOOKUP(P2,'Cost Band & Priority'!$B$8:$E$12,2,FALSE))","v":"High"},3,2,2,3,1,2,3,{"$f":"IF(AND(R2>0,S2>0,T2>0,U2>0,V2>0,W2>0,X2>0),SUM(R2:X2),\"\")","v":16},{"$f":"IF(Y2=\"\",\"\",VLOOKUP(Y2,'Benefit Priority'!$B$25:$C$47,2,FALSE))","v":"High"},{"$f":"IF(OR(Q2=\"\",Z2=\"\"),\"\",VLOOKUP(VLOOKUP(Q2&\" Cost & \"&Z2&\" Benefit\",'Overall Priority'!$D$21:$E$45,2,FALSE),'Overall Priority'!$B$8:$E$16,4,FALSE))","v":"High"},{"$f":"IF(OR(Q2=\"\",Z2=\"\"),\"\",VLOOKUP(Q2&\" Cost & \"&Z2&\" Benefit\",'Overall Priority'!$D$21:$E$45,2,FALSE))","v":8}]
[2,"2016-11-11","Engineer","Carriageways ","Carriageway","Road 2","Ward 2","U","Grade 3 - Mid Life","Yes","Road A to Road B","Functionally impaired - Cracking, fretting, potholing, reinstatements.","Replace S/C with B/C repairs/regulating.","Surface course failing",170000,{"$f":"IF(O3=\"\",\"\",IF(O3<'Cost Band & Priority'!$E$12,5,IF(O3<'Cost Band & Priority'!$E$11,4,IF(O3<'Cost Band & Priority'!$E$10,3,IF(O3<'Cost Band & Priority'!$E$9,2,1)))))","v":3},{"$f":"IF(P3=\"\",\"\",VLOOKUP(P3,'Cost Band & Priority'!$B$8:$E$12,2,FALSE))","v":"Med"},3,2,2,4,2,2,3,18,{"$f":"IF(Y3=\"\",\"\",VLOOKUP(Y3,'Benefit Priority'!$B$25:$C$47,2,FALSE))","v":"High"},{"$f":"IF(OR(Q3=\"\",Z3=\"\"),\"\",VLOOKUP(VLOOKUP(Q3&\" Cost & \"&Z3&\" Benefit\",'Overall Priority'!$D$21:$E$45,2,FALSE),'Overall Priority'!$B$8:$E$16,4,FALSE))","v":"Med"},{"$f":"IF(OR(Q3=\"\",Z3=\"\"),\"\",VLOOKUP(Q3&\" Cost & \"&Z3&\" Benefit\",'Overall Priority'!$D$21:$E$45,2,FALSE))","v":7}]
[3,"2016-11-09","Engineer","Carriageways ","Carriageway","Road 3","Ward 3","A","Grade 4 - Functionally Impaired","Yes","All of roundabout","Functionally impaired - Transverse cracking, potholing, fretting.","Replace S/C with B/C.","Surface course failing",200000,{"$f":"IF(O4=\"\",\"\",IF(O4<'Cost Band & Priority'!$E$12,5,IF(O4<'Cost Band & Priority'!$E$11,4,IF(O4<'Cost Band & Priority'!$E$10,3,IF(O4<'Cost Band & Priority'!$E$9,2,1)))))","v":3},{"$f":"IF(P4=\"\",\"\",VLOOKUP(P4,'Cost Band & Priority'!$B$8:$E$12,2,FALSE))","v":"Med"},4,4,4,5,3,2,3,25,{"$f":"IF(Y4=\"\",\"\",VLOOKUP(Y4,'Benefit Priority'!$B$25:$C$47,2,FALSE))","v":"Very High"},{"$f":"IF(OR(Q4=\"\",Z4=\"\"),\"\",VLOOKUP(VLOOKUP(Q4&\" Cost & \"&Z4&\" Benefit\",'Overall Priority'!$D$21:$E$45,2,FALSE),'Overall Priority'!$B$8:$E$16,4,FALSE))","v":"High"},{"$f":"IF(OR(Q4=\"\",Z4=\"\"),\"\",VLOOKUP(Q4&\" Cost & \"&Z4&\" Benefit\",'Overall Priority'!$D$21:$E$45,2,FALSE))","v":8}]
[4,"2016-11-09","Engineer","Carriageways ","Carriageway","Road 4","Ward 4","B","Grade 4 - Functionally Impaired","Yes","Road A to Road B","Functionally impaired - Cracking, reinstatements, surface profile compromised","Replace S/C with B/C.","Surface course failing, B/C failing.",220000,{"$f":"IF(O5=\"\",\"\",IF(O5<'Cost Band & Priority'!$E$12,5,IF(O5<'Cost Band & Priority'!$E$11,4,IF(O5<'Cost Band & Priority'!$E$10,3,IF(O5<'Cost Band & Priority'!$E$9,2,1)))))","v":3},{"$f":"IF(P5=\"\",\"\",VLOOKUP(P5,'Cost Band & Priority'!$B$8:$E$12,2,FALSE))","v":"Med"},3,2,3,4,1,3,3,19,{"$f":"IF(Y5=\"\",\"\",VLOOKUP(Y5,'Benefit Priority'!$B$25:$C$47,2,FALSE))","v":"Very High"},{"$f":"IF(OR(Q5=\"\",Z5=\"\"),\"\",VLOOKUP(VLOOKUP(Q5&\" Cost & \"&Z5&\" Benefit\",'Overall Priority'!$D$21:$E$45,2,FALSE),'Overall Priority'!$B$8:$E$16,4,FALSE))","v":"High"},{"$f":"IF(OR(Q5=\"\",Z5=\"\"),\"\",VLOOKUP(Q5&\" Cost & \"&Z5&\" Benefit\",'Overall Priority'!$D$21:$E$45,2,FALSE))","v":8}]
[5,"2016-11-18","Engineer","Carriageways ","Footway","Road 5","Ward 5","C","Grade 4 - Functionally Impaired","Yes","Road A to Road B","Functionally impaired - Cracking, reinstatements, surface profile compromised","Replace S/C with B/C.","Surface course failing, B/C failing.",85000,{"$f":"IF(O6=\"\",\"\",IF(O6<'Cost Band & Priority'!$E$12,5,IF(O6<'Cost Band & Priority'!$E$11,4,IF(O6<'Cost Band & Priority'!$E$10,3,IF(O6<'Cost Band & Priority'!$E$9,2,1)))))","v":4},{"$f":"IF(P6=\"\",\"\",VLOOKUP(P6,'Cost Band & Priority'!$B$8:$E$12,2,FALSE))","v":"High"},2,2,2,4,2,2,3,17,{"$f":"IF(Y6=\"\",\"\",VLOOKUP(Y6,'Benefit Priority'!$B$25:$C$47,2,FALSE))","v":"High"},{"$f":"IF(OR(Q6=\"\",Z6=\"\"),\"\",VLOOKUP(VLOOKUP(Q6&\" Cost & \"&Z6&\" Benefit\",'Overall Priority'!$D$21:$E$45,2,FALSE),'Overall Priority'!$B$8:$E$16,4,FALSE))","v":"High"},{"$f":"IF(OR(Q6=\"\",Z6=\"\"),\"\",VLOOKUP(Q6&\" Cost & \"&Z6&\" Benefit\",'Overall Priority'!$D$21:$E$45,2,FALSE))","v":8}]
[6,"2016-11-09","Engineer","Carriageways ","Carriageway","Road 6","Ward 6","U","Grade 4 - Functionally Impaired","Yes","Road A to Road B","Functionally impaired - Cracking, reinstatements, surface profile compromised","Replace surface course and joint seal concrete bays.","Economy, S/C only required sub base structurally sound some slab movement",400000,{"$f":"IF(O7=\"\",\"\",IF(O7<'Cost Band & Priority'!$E$12,5,IF(O7<'Cost Band & Priority'!$E$11,4,IF(O7<'Cost Band & Priority'!$E$10,3,IF(O7<'Cost Band & Priority'!$E$9,2,1)))))","v":2},{"$f":"IF(P7=\"\",\"\",VLOOKUP(P7,'Cost Band & Priority'!$B$8:$E$12,2,FALSE))","v":"Low"},3,4,3,2,2,3,3,20,{"$f":"IF(Y7=\"\",\"\",VLOOKUP(Y7,'Benefit Priority'!$B$25:$C$47,2,FALSE))","v":"Very High"},{"$f":"IF(OR(Q7=\"\",Z7=\"\"),\"\",VLOOKUP(VLOOKUP(Q7&\" Cost & \"&Z7&\" Benefit\",'Overall Priority'!$D$21:$E$45,2,FALSE),'Overall Priority'!$B$8:$E$16,4,FALSE))","v":"Med"},{"$f":"IF(OR(Q7=\"\",Z7=\"\"),\"\",VLOOKUP(Q7&\" Cost & \"&Z7&\" Benefit\",'Overall Priority'!$D$21:$E$45,2,FALSE))","v":7}]
[7,"2016-12-07","Engineer","Carriageways ","Carriageway","Road 1","Ward 1","U","Grade 4 - Functionally Impaired","Yes","Road A to Road B","Structurally impaired - Cracking, fretting, potholing, reinstatements.ironwork","Replace S/C with B/C repairs/regulating.","Surface course failing",165000,{"$f":"IF(O8=\"\",\"\",IF(O8<'Cost Band & Priority'!$E$12,5,IF(O8<'Cost Band & Priority'!$E$11,4,IF(O8<'Cost Band & Priority'!$E$10,3,IF(O8<'Cost Band & Priority'!$E$9,2,1)))))","v":3},{"$f":"IF(P8=\"\",\"\",VLOOKUP(P8,'Cost Band & Priority'!$B$8:$E$12,2,FALSE))","v":"Med"},3,3,3,4,3,2,3,21,{"$f":"IF(Y8=\"\",\"\",VLOOKUP(Y8,'Benefit Priority'!$B$25:$C$47,2,FALSE))","v":"Very High"},{"$f":"IF(OR(Q8=\"\",Z8=\"\"),\"\",VLOOKUP(VLOOKUP(Q8&\" Cost & \"&Z8&\" Benefit\",'Overall Priority'!$D$21:$E$45,2,FALSE),'Overall Priority'!$B$8:$E$16,4,FALSE))","v":"High"},{"$f":"IF(OR(Q8=\"\",Z8=\"\"),\"\",VLOOKUP(Q8&\" Cost & \"&Z8&\" Benefit\",'Overall Priority'!$D$21:$E$45,2,FALSE))","v":8}]
[8,"2016-11-11","Engineer","Carriageways ","Carriageway","Road 8","Ward 5","U","Grade 4 - Functionally Impaired","Yes","Road A to Road B","Functionally impaired - Cracking, reinstatements, surface profile compromised","Replace S/C with B/C repairs.","Surface course failing",60000,{"$f":"IF(O9=\"\",\"\",IF(O9<'Cost Band & Priority'!$E$12,5,IF(O9<'Cost Band & Priority'!$E$11,4,IF(O9<'Cost Band & Priority'!$E$10,3,IF(O9<'Cost Band & Priority'!$E$9,2,1)))))","v":4},{"$f":"IF(P9=\"\",\"\",VLOOKUP(P9,'Cost Band & Priority'!$B$8:$E$12,2,FALSE))","v":"High"},2,2,2,4,2,2,2,16,{"$f":"IF(Y9=\"\",\"\",VLOOKUP(Y9,'Benefit Priority'!$B$25:$C$47,2,FALSE))","v":"High"},{"$f":"IF(OR(Q9=\"\",Z9=\"\"),\"\",VLOOKUP(VLOOKUP(Q9&\" Cost & \"&Z9&\" Benefit\",'Overall Priority'!$D$21:$E$45,2,FALSE),'Overall Priority'!$B$8:$E$16,4,FALSE))","v":"High"},{"$f":"IF(OR(Q9=\"\",Z9=\"\"),\"\",VLOOKUP(Q9&\" Cost & \"&Z9&\" Benefit\",'Overall Priority'!$D$21:$E$45,2,FALSE))","v":8}]
[9,"2016-11-09","Engineer","Carriageways ","Carriageway","Road 9","Ward 8","U","Grade 4 - Functionally Impaired","Yes","Road A to Road B","Functionally impaired - Transverse and longitudinal cracking, potholing.","Remove and replace S/C and Geogrid after joint sealing.","Structurally failing",200000,{"$f":"IF(O10=\"\",\"\",IF(O10<'Cost Band & Priority'!$E$12,5,IF(O10<'Cost Band & Priority'!$E$11,4,IF(O10<'Cost Band & Priority'!$E$10,3,IF(O10<'Cost Band & Priority'!$E$9,2,1)))))","v":3},{"$f":"IF(P10=\"\",\"\",VLOOKUP(P10,'Cost Band & Priority'!$B$8:$E$12,2,FALSE))","v":"Med"},4,3,4,4,2,3,2,22,{"$f":"IF(Y10=\"\",\"\",VLOOKUP(Y10,'Benefit Priority'!$B$25:$C$47,2,FALSE))","v":"Very High"},{"$f":"IF(OR(Q10=\"\",Z10=\"\"),\"\",VLOOKUP(VLOOKUP(Q10&\" Cost & \"&Z10&\" Benefit\",'Overall Priority'!$D$21:$E$45,2,FALSE),'Overall Priority'!$B$8:$E$16,4,FALSE))","v":"High"},{"$f":"IF(OR(Q10=\"\",Z10=\"\"),\"\",VLOOKUP(Q10&\" Cost & \"&Z10&\" Benefit\",'Overall Priority'!$D$21:$E$45,2,FALSE))","v":8}]
[10,"2016-11-17","Engineer","Carriageways ","Carriageway","Road 10","Ward 9","U","Grade 4 - Functionally Impaired","Yes","Road A to Road B","Functionally impaired - Cracking,fretting,collapsing","Remove concrete bays and replace with asphalt","Concrete bays failing",100000,{"$f":"IF(O11=\"\",\"\",IF(O11<'Cost Band & Priority'!$E$12,5,IF(O11<'Cost Band & Priority'!$E$11,4,IF(O11<'Cost Band & Priority'!$E$10,3,IF(O11<'Cost Band & Priority'!$E$9,2,1)))))","v":3},{"$f":"IF(P11=\"\",\"\",VLOOKUP(P11,'Cost Band & Priority'!$B$8:$E$12,2,FALSE))","v":"Med"},2,3,3,4,1,2,2,17,{"$f":"IF(Y11=\"\",\"\",VLOOKUP(Y11,'Benefit Priority'!$B$25:$C$47,2,FALSE))","v":"High"},{"$f":"IF(OR(Q11=\"\",Z11=\"\"),\"\",VLOOKUP(VLOOKUP(Q11&\" Cost & \"&Z11&\" Benefit\",'Overall Priority'!$D$21:$E$45,2,FALSE),'Overall Priority'!$B$8:$E$16,4,FALSE))","v":"Med"},{"$f":"IF(OR(Q11=\"\",Z11=\"\"),\"\",VLOOKUP(Q11&\" Cost & \"&Z11&\" Benefit\",'Overall Priority'!$D$21:$E$45,2,FALSE))","v":7}]
[11,"2016-11-11","Engineer","Carriageways ","Carriageway","Road 11","Ward 10","U","Grade 4 - Functionally Impaired","Yes","Road A to Road B","Functionally impaired - Cracking, fretting, potholing, reinstatements.","Channel plane and overlay + geogrid","Surface course failing",80000,{"$f":"IF(O12=\"\",\"\",IF(O12<'Cost Band & Priority'!$E$12,5,IF(O12<'Cost Band & Priority'!$E$11,4,IF(O12<'Cost Band & Priority'!$E$10,3,IF(O12<'Cost Band & Priority'!$E$9,2,1)))))","v":4},{"$f":"IF(P12=\"\",\"\",VLOOKUP(P12,'Cost Band & Priority'!$B$8:$E$12,2,FALSE))","v":"High"},3,2,2,4,2,2,3,18,{"$f":"IF(Y12=\"\",\"\",VLOOKUP(Y12,'Benefit Priority'!$B$25:$C$47,2,FALSE))","v":"High"},{"$f":"IF(OR(Q12=\"\",Z12=\"\"),\"\",VLOOKUP(VLOOKUP(Q12&\" Cost & \"&Z12&\" Benefit\",'Overall Priority'!$D$21:$E$45,2,FALSE),'Overall Priority'!$B$8:$E$16,4,FALSE))","v":"High"},{"$f":"IF(OR(Q12=\"\",Z12=\"\"),\"\",VLOOKUP(Q12&\" Cost & \"&Z12&\" Benefit\",'Overall Priority'!$D$21:$E$45,2,FALSE))","v":8}]
[12,"2016-11-09","Engineer","Carriageways ","Carriageway","Road 12","Ward 11","U","Grade 4 - Functionally Impaired","Yes","All","Functionally impaired - Cracking, reinstatements, surface profile compromised","Replace S/C with B/C repairs.","Surface course failing",100000,{"$f":"IF(O13=\"\",\"\",IF(O13<'Cost Band & Priority'!$E$12,5,IF(O13<'Cost Band & Priority'!$E$11,4,IF(O13<'Cost Band & Priority'!$E$10,3,IF(O13<'Cost Band & Priority'!$E$9,2,1)))))","v":3},{"$f":"IF(P13=\"\",\"\",VLOOKUP(P13,'Cost Band & Priority'!$B$8:$E$12,2,FALSE))","v":"Med"},4,2,2,4,3,2,3,20,{"$f":"IF(Y13=\"\",\"\",VLOOKUP(Y13,'Benefit Priority'!$B$25:$C$47,2,FALSE))","v":"Very High"},{"$f":"IF(OR(Q13=\"\",Z13=\"\"),\"\",VLOOKUP(VLOOKUP(Q13&\" Cost & \"&Z13&\" Benefit\",'Overall Priority'!$D$21:$E$45,2,FALSE),'Overall Priority'!$B$8:$E$16,4,FALSE))","v":"High"},{"$f":"IF(OR(Q13=\"\",Z13=\"\"),\"\",VLOOKUP(Q13&\" Cost & \"&Z13&\" Benefit\",'Overall Priority'!$D$21:$E$45,2,FALSE))","v":8}]
[13,"2016-11-09","Engineer","Carriageways ","Carriageway","Road 13","Ward 12","A","Grade 5 - Structurally Impaired","Yes","Eastbound bend opposite Road 1","Structurally Impaired - transverse cracking,subsidence","Replace S/C with B/C repairs.","Structurally failing",90000,{"$f":"IF(O14=\"\",\"\",IF(O14<'Cost Band & Priority'!$E$12,5,IF(O14<'Cost Band & Priority'!$E$11,4,IF(O14<'Cost Band & Priority'!$E$10,3,IF(O14<'Cost Band & Priority'!$E$9,2,1)))))","v":4},{"$f":"IF(P14=\"\",\"\",VLOOKUP(P14,'Cost Band & Priority'!$B$8:$E$12,2,FALSE))","v":"High"},4,4,4,4,3,2,3,24,{"$f":"IF(Y14=\"\",\"\",VLOOKUP(Y14,'Benefit Priority'!$B$25:$C$47,2,FALSE))","v":"Very High"},{"$f":"IF(OR(Q14=\"\",Z14=\"\"),\"\",VLOOKUP(VLOOKUP(Q14&\" Cost & \"&Z14&\" Benefit\",'Overall Priority'!$D$21:$E$45,2,FALSE),'Overall Priority'!$B$8:$E$16,4,FALSE))","v":"High"},{"$f":"IF(OR(Q14=\"\",Z14=\"\"),\"\",VLOOKUP(Q14&\" Cost & \"&Z14&\" Benefit\",'Overall Priority'!$D$21:$E$45,2,FALSE))","v":9}]
[14,"2016-12-07","Engineer","Carriageways ","Footway","Road 14","Ward 10","U","Grade 5 - Structurally Impaired","Yes","Road A to Road B","Functionally impaired - Cracking,fretting,potholing,reinstatements,ironwork","Replace S/C with B/C.","Surface course failing, B/C failing.",65000,{"$f":"IF(O15=\"\",\"\",IF(O15<'Cost Band & Priority'!$E$12,5,IF(O15<'Cost Band & Priority'!$E$11,4,IF(O15<'Cost Band & Priority'!$E$10,3,IF(O15<'Cost Band & Priority'!$E$9,2,1)))))","v":4},{"$f":"IF(P15=\"\",\"\",VLOOKUP(P15,'Cost Band & Priority'!$B$8:$E$12,2,FALSE))","v":"High"},3,3,2,4,2,2,2,18,{"$f":"IF(Y15=\"\",\"\",VLOOKUP(Y15,'Benefit Priority'!$B$25:$C$47,2,FALSE))","v":"High"},{"$f":"IF(OR(Q15=\"\",Z15=\"\"),\"\",VLOOKUP(VLOOKUP(Q15&\" Cost & \"&Z15&\" Benefit\",'Overall Priority'!$D$21:$E$45,2,FALSE),'Overall Priority'!$B$8:$E$16,4,FALSE))","v":"High"},{"$f":"IF(OR(Q15=\"\",Z15=\"\"),\"\",VLOOKUP(Q15&\" Cost & \"&Z15&\" Benefit\",'Overall Priority'!$D$21:$E$45,2,FALSE))","v":8}]
[15,"2016-11-15","Engineer","Carriageways ","Footway","Road 15","Ward 13","U","Grade 5 - Structurally Impaired","Yes","From opp Road X to Road Y","Structurally impaired - Coarse Cracking, reinstatements, surface profile compromised,root damage","Replace S/C with B/C.","Surface course failing, B/C failing.",50000,{"$f":"IF(O16=\"\",\"\",IF(O16<'Cost Band & Priority'!$E$12,5,IF(O16<'Cost Band & Priority'!$E$11,4,IF(O16<'Cost Band & Priority'!$E$10,3,IF(O16<'Cost Band & Priority'!$E$9,2,1)))))","v":4},{"$f":"IF(P16=\"\",\"\",VLOOKUP(P16,'Cost Band & Priority'!$B$8:$E$12,2,FALSE))","v":"High"},3,4,2,5,1,3,2,20,{"$f":"IF(Y16=\"\",\"\",VLOOKUP(Y16,'Benefit Priority'!$B$25:$C$47,2,FALSE))","v":"Very High"},{"$f":"IF(OR(Q16=\"\",Z16=\"\"),\"\",VLOOKUP(VLOOKUP(Q16&\" Cost & \"&Z16&\" Benefit\",'Overall Priority'!$D$21:$E$45,2,FALSE),'Overall Priority'!$B$8:$E$16,4,FALSE))","v":"High"},{"$f":"IF(OR(Q16=\"\",Z16=\"\"),\"\",VLOOKUP(Q16&\" Cost & \"&Z16&\" Benefit\",'Overall Priority'!$D$21:$E$45,2,FALSE))","v":9}]
[16,"2016-11-09","Engineer","Carriageways ","Carriageway","Road 16","Ward 1","A","N/A","Yes","Road A to Road B","Scrim survey shows that majority of the road is deficient","Surface course, binder repairs and thin overlay","Skid resistance needs to be reinstated for safety reasons.",150000,{"$f":"IF(O17=\"\",\"\",IF(O17<'Cost Band & Priority'!$E$12,5,IF(O17<'Cost Band & Priority'!$E$11,4,IF(O17<'Cost Band & Priority'!$E$10,3,IF(O17<'Cost Band & Priority'!$E$9,2,1)))))","v":3},{"$f":"IF(P17=\"\",\"\",VLOOKUP(P17,'Cost Band & Priority'!$B$8:$E$12,2,FALSE))","v":"Med"},3,3,4,3,2,2,3,20,{"$f":"IF(Y17=\"\",\"\",VLOOKUP(Y17,'Benefit Priority'!$B$25:$C$47,2,FALSE))","v":"Very High"},{"$f":"IF(OR(Q17=\"\",Z17=\"\"),\"\",VLOOKUP(VLOOKUP(Q17&\" Cost & \"&Z17&\" Benefit\",'Overall Priority'!$D$21:$E$45,2,FALSE),'Overall Priority'!$B$8:$E$16,4,FALSE))","v":"High"},{"$f":"IF(OR(Q17=\"\",Z17=\"\"),\"\",VLOOKUP(Q17&\" Cost & \"&Z17&\" Benefit\",'Overall Priority'!$D$21:$E$45,2,FALSE))","v":8}]
[17,"2016-11-09","Engineer","Carriageways ","Carriageway","Road 16","Ward 10","A","N/A","Yes","Boundary to Road Z","Scrim survey shows that majority of the road is deficient","Surface course, binder repairs and thin overlay","Skid resistance needs to be reinstated for safety reasons.",150000,{"$f":"IF(O18=\"\",\"\",IF(O18<'Cost Band & Priority'!$E$12,5,IF(O18<'Cost Band & Priority'!$E$11,4,IF(O18<'Cost Band & Priority'!$E$10,3,IF(O18<'Cost Band & Priority'!$E$9,2,1)))))","v":3},{"$f":"IF(P18=\"\",\"\",VLOOKUP(P18,'Cost Band & Priority'!$B$8:$E$12,2,FALSE))","v":"Med"},3,3,4,3,2,2,3,20,{"$f":"IF(Y18=\"\",\"\",VLOOKUP(Y18,'Benefit Priority'!$B$25:$C$47,2,FALSE))","v":"Very High"},{"$f":"IF(OR(Q18=\"\",Z18=\"\"),\"\",VLOOKUP(VLOOKUP(Q18&\" Cost & \"&Z18&\" Benefit\",'Overall Priority'!$D$21:$E$45,2,FALSE),'Overall Priority'!$B$8:$E$16,4,FALSE))","v":"High"},{"$f":"IF(OR(Q18=\"\",Z18=\"\"),\"\",VLOOKUP(Q18&\" Cost & \"&Z18&\" Benefit\",'Overall Priority'!$D$21:$E$45,2,FALSE))","v":8}]
[18,"2016-11-09","Engineer","Carriageways ","Carriageway","Road 16","Ward 13","A","N/A","Yes","Road A to Road B","Scrim survey shows that majority of the road is deficient","Surface course, binder repairs and thin overlay","Skid resistance needs to be reinstated for safety reasons.",150000,{"$f":"IF(O19=\"\",\"\",IF(O19<'Cost Band & Priority'!$E$12,5,IF(O19<'Cost Band & Priority'!$E$11,4,IF(O19<'Cost Band & Priority'!$E$10,3,IF(O19<'Cost Band & Priority'!$E$9,2,1)))))","v":3},{"$f":"IF(P19=\"\",\"\",VLOOKUP(P19,'Cost Band & Priority'!$B$8:$E$12,2,FALSE))","v":"Med"},3,3,4,3,2,2,3,20,{"$f":"IF(Y19=\"\",\"\",VLOOKUP(Y19,'Benefit Priority'!$B$25:$C$47,2,FALSE))","v":"Very High"},{"$f":"IF(OR(Q19=\"\",Z19=\"\"),\"\",VLOOKUP(VLOOKUP(Q19&\" Cost & \"&Z19&\" Benefit\",'Overall Priority'!$D$21:$E$45,2,FALSE),'Overall Priority'!$B$8:$E$16,4,FALSE))","v":"High"},{"$f":"IF(OR(Q19=\"\",Z19=\"\"),\"\",VLOOKUP(Q19&\" Cost & \"&Z19&\" Benefit\",'Overall Priority'!$D$21:$E$45,2,FALSE))","v":8},"Agreed"]
[19,"2016-11-11","Engineer","Carriageways ","Carriageway","Road 17","Ward 14","U","Grade 4 - Functionally Impaired","No","Road A to Road B","Functionally impaired - Cracking, reinstatements, surface profile compromised","Replace S/C with B/C repairs.","Surface course failing",250000,{"$f":"IF(O20=\"\",\"\",IF(O20<'Cost Band & Priority'!$E$12,5,IF(O20<'Cost Band & Priority'!$E$11,4,IF(O20<'Cost Band & Priority'!$E$10,3,IF(O20<'Cost Band & Priority'!$E$9,2,1)))))","v":2},{"$f":"IF(P20=\"\",\"\",VLOOKUP(P20,'Cost Band & Priority'!$B$8:$E$12,2,FALSE))","v":"Low"},2,2,2,4,2,2,2,16,{"$f":"IF(Y20=\"\",\"\",VLOOKUP(Y20,'Benefit Priority'!$B$25:$C$47,2,FALSE))","v":"High"},{"$f":"IF(OR(Q20=\"\",Z20=\"\"),\"\",VLOOKUP(VLOOKUP(Q20&\" Cost & \"&Z20&\" Benefit\",'Overall Priority'!$D$21:$E$45,2,FALSE),'Overall Priority'!$B$8:$E$16,4,FALSE))","v":"Med"},{"$f":"IF(OR(Q20=\"\",Z20=\"\"),\"\",VLOOKUP(Q20&\" Cost & \"&Z20&\" Benefit\",'Overall Priority'!$D$21:$E$45,2,FALSE))","v":6}]
[20,"2016-12-07","Engineer","Carriageways ","Carriageway","Road 18","Ward 15","U","Grade 5 - Structurally Impaired","No","All","Structurally impaired - Cracking, fretting, potholing, reinstatements.ironwork","Replace S/C with B/C repairs/regulating.","Surface course failing",160000,{"$f":"IF(O21=\"\",\"\",IF(O21<'Cost Band & Priority'!$E$12,5,IF(O21<'Cost Band & Priority'!$E$11,4,IF(O21<'Cost Band & Priority'!$E$10,3,IF(O21<'Cost Band & Priority'!$E$9,2,1)))))","v":3},{"$f":"IF(P21=\"\",\"\",VLOOKUP(P21,'Cost Band & Priority'!$B$8:$E$12,2,FALSE))","v":"Med"},3,3,3,4,2,2,2,19,{"$f":"IF(Y21=\"\",\"\",VLOOKUP(Y21,'Benefit Priority'!$B$25:$C$47,2,FALSE))","v":"Very High"},{"$f":"IF(OR(Q21=\"\",Z21=\"\"),\"\",VLOOKUP(VLOOKUP(Q21&\" Cost & \"&Z21&\" Benefit\",'Overall Priority'!$D$21:$E$45,2,FALSE),'Overall Priority'!$B$8:$E$16,4,FALSE))","v":"High"},{"$f":"IF(OR(Q21=\"\",Z21=\"\"),\"\",VLOOKUP(Q21&\" Cost & \"&Z21&\" Benefit\",'Overall Priority'!$D$21:$E$45,2,FALSE))","v":8}]
[21,"2016-11-17","Engineer","Carriageways ","Carriageway","Road 19","Ward 8","U","Grade 5 - Structurally Impaired","No","Road A to Road B","Structurally impaired - Cracking, fretting, potholing, reinstatements.","Remove and replace S/C and Geogrid after joint sealing.","Concrete bays have reinstatements and cracks.",190000,{"$f":"IF(O22=\"\",\"\",IF(O22<'Cost Band & Priority'!$E$12,5,IF(O22<'Cost Band & Priority'!$E$11,4,IF(O22<'Cost Band & Priority'!$E$10,3,IF(O22<'Cost Band & Priority'!$E$9,2,1)))))","v":3},{"$f":"IF(P22=\"\",\"\",VLOOKUP(P22,'Cost Band & Priority'!$B$8:$E$12,2,FALSE))","v":"Med"},3,4,2,5,2,2,2,20,{"$f":"IF(Y22=\"\",\"\",VLOOKUP(Y22,'Benefit Priority'!$B$25:$C$47,2,FALSE))","v":"Very High"},{"$f":"IF(OR(Q22=\"\",Z22=\"\"),\"\",VLOOKUP(VLOOKUP(Q22&\" Cost & \"&Z22&\" Benefit\",'Overall Priority'!$D$21:$E$45,2,FALSE),'Overall Priority'!$B$8:$E$16,4,FALSE))","v":"High"},{"$f":"IF(OR(Q22=\"\",Z22=\"\"),\"\",VLOOKUP(Q22&\" Cost & \"&Z22&\" Benefit\",'Overall Priority'!$D$21:$E$45,2,FALSE))","v":8},"Agreed"]
[null,null,null,null,null,null,null,null,null,null,null,null,null,null,null,{"$f":"IF(O23=\"\",\"\",IF(O23<'Cost Band & Priority'!$E$12,5,IF(O23<'Cost Band & Priority'!$E$11,4,IF(O23<'Cost Band & Priority'!$E$10,3,IF(O23<'Cost Band & Priority'!$E$9,2,1)))))","v":""},{"$f":"IF(P23=\"\",\"\",VLOOKUP(P23,'Cost Band & Priority'!$B$8:$E$12,2,FALSE))","v":""},null,null,null,null,null,null,null,"",{"$f":"IF(Y23=\"\",\"\",VLOOKUP(Y23,'Benefit Priority'!$B$25:$C$47,2,FALSE))","v":""},{"$f":"IF(OR(Q23=\"\",Z23=\"\"),\"\",VLOOKUP(VLOOKUP(Q23&\" Cost & \"&Z23&\" Benefit\",'Overall Priority'!$D$21:$E$45,2,FALSE),'Overall Priority'!$B$8:$E$16,4,FALSE))","v":""},{"$f":"IF(OR(Q23=\"\",Z23=\"\"),\"\",VLOOKUP(Q23&\" Cost & \"&Z23&\" Benefit\",'Overall Priority'!$D$21:$E$45,2,FALSE))","v":""}]
[null,null,null,null,null,null,null,null,null,null,null,null,null,null,null,{"$f":"IF(O24=\"\",\"\",IF(O24<'Cost Band & Priority'!$E$12,5,IF(O24<'Cost Band & Priority'!$E$11,4,IF(O24<'Cost Band & Priority'!$E$10,3,IF(O24<'Cost Band & Priority'!$E$9,2,1)))))","v":""},{"$f":"IF(P24=\"\",\"\",VLOOKUP(P24,'Cost Band & Priority'!$B$8:$E$12,2,FALSE))","v":""},null,null,null,null,null,null,null,"",{"$f":"IF(Y24=\"\",\"\",VLOOKUP(Y24,'Benefit Priority'!$B$25:$C$47,2,FALSE))","v":""},{"$f":"IF(OR(Q24=\"\",Z24=\"\"),\"\",VLOOKUP(VLOOKUP(Q24&\" Cost & \"&Z24&\" Benefit\",'Overall Priority'!$D$21:$E$45,2,FALSE),'Overall Priority'!$B$8:$E$16,4,FALSE))","v":""},{"$f":"IF(OR(Q24=\"\",Z24=\"\"),\"\",VLOOKUP(Q24&\" Cost & \"&Z24&\" Benefit\",'Overall Priority'!$D$21:$E$45,2,FALSE))","v":""}]
[null,null,null,null,null,null,null,null,null,null,null,null,null,null,null,{"$f":"IF(O25=\"\",\"\",IF(O25<'Cost Band & Priority'!$E$12,5,IF(O25<'Cost Band & Priority'!$E$11,4,IF(O25<'Cost Band & Priority'!$E$10,3,IF(O25<'Cost Band & Priority'!$E$9,2,1)))))","v":""},{"$f":"IF(P25=\"\",\"\",VLOOKUP(P25,'Cost Band & Priority'!$B$8:$E$12,2,FALSE))","v":""},null,null,null,null,null,null,null,"",{"$f":"IF(Y25=\"\",\"\",VLOOKUP(Y25,'Benefit Priority'!$B$25:$C$47,2,FALSE))","v":""},{"$f":"IF(OR(Q25=\"\",Z25=\"\"),\"\",VLOOKUP(VLOOKUP(Q25&\" Cost & \"&Z25&\" Benefit\",'Overall Priority'!$D$21:$E$45,2,FALSE),'Overall Priority'!$B$8:$E$16,4,FALSE))","v":""},{"$f":"IF(OR(Q25=\"\",Z25=\"\"),\"\",VLOOKUP(Q25&\" Cost & \"&Z25&\" Benefit\",'Overall Priority'!$D$21:$E$45,2,FALSE))","v":""}]
[null,null,null,null,null,null,null,null,null,null,null,null,null,null,null,{"$f":"IF(O26=\"\",\"\",IF(O26<'Cost Band & Priority'!$E$12,5,IF(O26<'Cost Band & Priority'!$E$11,4,IF(O26<'Cost Band & Priority'!$E$10,3,IF(O26<'Cost Band & Priority'!$E$9,2,1)))))","v":""},{"$f":"IF(P26=\"\",\"\",VLOOKUP(P26,'Cost Band & Priority'!$B$8:$E$12,2,FALSE))","v":""},null,null,null,null,null,null,null,"",{"$f":"IF(Y26=\"\",\"\",VLOOKUP(Y26,'Benefit Priority'!$B$25:$C$47,2,FALSE))","v":""},{"$f":"IF(OR(Q26=\"\",Z26=\"\"),\"\",VLOOKUP(VLOOKUP(Q26&\" Cost & \"&Z26&\" Benefit\",'Overall Priority'!$D$21:$E$45,2,FALSE),'Overall Priority'!$B$8:$E$16,4,FALSE))","v":""},{"$f":"IF(OR(Q26=\"\",Z26=\"\"),\"\",VLOOKUP(Q26&\" Cost & \"&Z26&\" Benefit\",'Overall Priority'!$D$21:$E$45,2,FALSE))","v":""}]
[null,null,null,null,null,null,null,null,null,null,null,null,null,null,null,{"$f":"IF(O27=\"\",\"\",IF(O27<'Cost Band & Priority'!$E$12,5,IF(O27<'Cost Band & Priority'!$E$11,4,IF(O27<'Cost Band & Priority'!$E$10,3,IF(O27<'Cost Band & Priority'!$E$9,2,1)))))","v":""},{"$f":"IF(P27=\"\",\"\",VLOOKUP(P27,'Cost Band & Priority'!$B$8:$E$12,2,FALSE))","v":""},null,null,null,null,null,null,null,"",{"$f":"IF(Y27=\"\",\"\",VLOOKUP(Y27,'Benefit Priority'!$B$25:$C$47,2,FALSE))","v":""},{"$f":"IF(OR(Q27=\"\",Z27=\"\"),\"\",VLOOKUP(VLOOKUP(Q27&\" Cost & \"&Z27&\" Benefit\",'Overall Priority'!$D$21:$E$45,2,FALSE),'Overall Priority'!$B$8:$E$16,4,FALSE))","v":""},{"$f":"IF(OR(Q27=\"\",Z27=\"\"),\"\",VLOOKUP(Q27&\" Cost & \"&Z27&\" Benefit\",'Overall Priority'!$D$21:$E$45,2,FALSE))","v":""}]
[null,null,null,null,null,null,null,null,null,null,null,null,null,null,null,{"$f":"IF(O28=\"\",\"\",IF(O28<'Cost Band & Priority'!$E$12,5,IF(O28<'Cost Band & Priority'!$E$11,4,IF(O28<'Cost Band & Priority'!$E$10,3,IF(O28<'Cost Band & Priority'!$E$9,2,1)))))","v":""},{"$f":"IF(P28=\"\",\"\",VLOOKUP(P28,'Cost Band & Priority'!$B$8:$E$12,2,FALSE))","v":""},null,null,null,null,null,null,null,"",{"$f":"IF(Y28=\"\",\"\",VLOOKUP(Y28,'Benefit Priority'!$B$25:$C$47,2,FALSE))","v":""},{"$f":"IF(OR(Q28=\"\",Z28=\"\"),\"\",VLOOKUP(VLOOKUP(Q28&\" Cost & \"&Z28&\" Benefit\",'Overall Priority'!$D$21:$E$45,2,FALSE),'Overall Priority'!$B$8:$E$16,4,FALSE))","v":""},{"$f":"IF(OR(Q28=\"\",Z28=\"\"),\"\",VLOOKUP(Q28&\" Cost & \"&Z28&\" Benefit\",'Overall Priority'!$D$21:$E$45,2,FALSE))","v":""}]
[null,null,null,null,null,null,null,null,null,null,null,null,null,null,null,{"$f":"IF(O29=\"\",\"\",IF(O29<'Cost Band & Priority'!$E$12,5,IF(O29<'Cost Band & Priority'!$E$11,4,IF(O29<'Cost Band & Priority'!$E$10,3,IF(O29<'Cost Band & Priority'!$E$9,2,1)))))","v":""},{"$f":"IF(P29=\"\",\"\",VLOOKUP(P29,'Cost Band & Priority'!$B$8:$E$12,2,FALSE))","v":""},null,null,null,null,null,null,null,"",{"$f":"IF(Y29=\"\",\"\",VLOOKUP(Y29,'Benefit Priority'!$B$25:$C$47,2,FALSE))","v":""},{"$f":"IF(OR(Q29=\"\",Z29=\"\"),\"\",VLOOKUP(VLOOKUP(Q29&\" Cost & \"&Z29&\" Benefit\",'Overall Priority'!$D$21:$E$45,2,FALSE),'Overall Priority'!$B$8:$E$16,4,FALSE))","v":""},{"$f":"IF(OR(Q29=\"\",Z29=\"\"),\"\",VLOOKUP(Q29&\" Cost & \"&Z29&\" Benefit\",'Overall Priority'!$D$21:$E$45,2,FALSE))","v":""}]
[null,null,null,null,null,null,null,null,null,null,null,null,null,null,null,{"$f":"IF(O30=\"\",\"\",IF(O30<'Cost Band & Priority'!$E$12,5,IF(O30<'Cost Band & Priority'!$E$11,4,IF(O30<'Cost Band & Priority'!$E$10,3,IF(O30<'Cost Band & Priority'!$E$9,2,1)))))","v":""},{"$f":"IF(P30=\"\",\"\",VLOOKUP(P30,'Cost Band & Priority'!$B$8:$E$12,2,FALSE))","v":""},null,null,null,null,null,null,null,"",{"$f":"IF(Y30=\"\",\"\",VLOOKUP(Y30,'Benefit Priority'!$B$25:$C$47,2,FALSE))","v":""},{"$f":"IF(OR(Q30=\"\",Z30=\"\"),\"\",VLOOKUP(VLOOKUP(Q30&\" Cost & \"&Z30&\" Benefit\",'Overall Priority'!$D$21:$E$45,2,FALSE),'Overall Priority'!$B$8:$E$16,4,FALSE))","v":""},{"$f":"IF(OR(Q30=\"\",Z30=\"\"),\"\",VLOOKUP(Q30&\" Cost & \"&Z30&\" Benefit\",'Overall Priority'!$D$21:$E$45,2,FALSE))","v":""}]
[null,null,null,null,null,null,null,null,null,null,null,null,null,null,null,{"$f":"IF(O31=\"\",\"\",IF(O31<'Cost Band & Priority'!$E$12,5,IF(O31<'Cost Band & Priority'!$E$11,4,IF(O31<'Cost Band & Priority'!$E$10,3,IF(O31<'Cost Band & Priority'!$E$9,2,1)))))","v":""},{"$f":"IF(P31=\"\",\"\",VLOOKUP(P31,'Cost Band & Priority'!$B$8:$E$12,2,FALSE))","v":""},null,null,null,null,null,null,null,"",{"$f":"IF(Y31=\"\",\"\",VLOOKUP(Y31,'Benefit Priority'!$B$25:$C$47,2,FALSE))","v":""},{"$f":"IF(OR(Q31=\"\",Z31=\"\"),\"\",VLOOKUP(VLOOKUP(Q31&\" Cost & \"&Z31&\" Benefit\",'Overall Priority'!$D$21:$E$45,2,FALSE),'Overall Priority'!$B$8:$E$16,4,FALSE))","v":""},{"$f":"IF(OR(Q31=\"\",Z31=\"\"),\"\",VLOOKUP(Q31&\" Cost & \"&Z31&\" Benefit\",'Overall Priority'!$D$21:$E$45,2,FALSE))","v":""}]
[null,null,null,null,null,null,null,null,null,null,null,null,null,null,null,{"$f":"IF(O32=\"\",\"\",IF(O32<'Cost Band & Priority'!$E$12,5,IF(O32<'Cost Band & Priority'!$E$11,4,IF(O32<'Cost Band & Priority'!$E$10,3,IF(O32<'Cost Band & Priority'!$E$9,2,1)))))","v":""},{"$f":"IF(P32=\"\",\"\",VLOOKUP(P32,'Cost Band & Priority'!$B$8:$E$12,2,FALSE))","v":""},null,null,null,null,null,null,null,"",{"$f":"IF(Y32=\"\",\"\",VLOOKUP(Y32,'Benefit Priority'!$B$25:$C$47,2,FALSE))","v":""},{"$f":"IF(OR(Q32=\"\",Z32=\"\"),\"\",VLOOKUP(VLOOKUP(Q32&\" Cost & \"&Z32&\" Benefit\",'Overall Priority'!$D$21:$E$45,2,FALSE),'Overall Priority'!$B$8:$E$16,4,FALSE))","v":""},{"$f":"IF(OR(Q32=\"\",Z32=\"\"),\"\",VLOOKUP(Q32&\" Cost & \"&Z32&\" Benefit\",'Overall Priority'!$D$21:$E$45,2,FALSE))","v":""}]
[null,null,null,null,null,null,null,null,null,null,null,null,null,null,null,{"$f":"IF(O33=\"\",\"\",IF(O33<'Cost Band & Priority'!$E$12,5,IF(O33<'Cost Band & Priority'!$E$11,4,IF(O33<'Cost Band & Priority'!$E$10,3,IF(O33<'Cost Band & Priority'!$E$9,2,1)))))","v":""},{"$f":"IF(P33=\"\",\"\",VLOOKUP(P33,'Cost Band & Priority'!$B$8:$E$12,2,FALSE))","v":""},null,null,null,null,null,null,null,"",{"$f":"IF(Y33=\"\",\"\",VLOOKUP(Y33,'Benefit Priority'!$B$25:$C$47,2,FALSE))","v":""},{"$f":"IF(OR(Q33=\"\",Z33=\"\"),\"\",VLOOKUP(VLOOKUP(Q33&\" Cost & \"&Z33&\" Benefit\",'Overall Priority'!$D$21:$E$45,2,FALSE),'Overall Priority'!$B$8:$E$16,4,FALSE))","v":""},{"$f":"IF(OR(Q33=\"\",Z33=\"\"),\"\",VLOOKUP(Q33&\" Cost & \"&Z33&\" Benefit\",'Overall Priority'!$D$21:$E$45,2,FALSE))","v":""}]
[null,null,null,null,null,null,null,null,null,null,null,null,null,null,null,{"$f":"IF(O34=\"\",\"\",IF(O34<'Cost Band & Priority'!$E$12,5,IF(O34<'Cost Band & Priority'!$E$11,4,IF(O34<'Cost Band & Priority'!$E$10,3,IF(O34<'Cost Band & Priority'!$E$9,2,1)))))","v":""},{"$f":"IF(P34=\"\",\"\",VLOOKUP(P34,'Cost Band & Priority'!$B$8:$E$12,2,FALSE))","v":""},null,null,null,null,null,null,null,"",{"$f":"IF(Y34=\"\",\"\",VLOOKUP(Y34,'Benefit Priority'!$B$25:$C$47,2,FALSE))","v":""},{"$f":"IF(OR(Q34=\"\",Z34=\"\"),\"\",VLOOKUP(VLOOKUP(Q34&\" Cost & \"&Z34&\" Benefit\",'Overall Priority'!$D$21:$E$45,2,FALSE),'Overall Priority'!$B$8:$E$16,4,FALSE))","v":""},{"$f":"IF(OR(Q34=\"\",Z34=\"\"),\"\",VLOOKUP(Q34&\" Cost & \"&Z34&\" Benefit\",'Overall Priority'!$D$21:$E$45,2,FALSE))","v":""}]
[null,null,null,null,null,null,null,null,null,null,null,null,null,null,null,{"$f":"IF(O35=\"\",\"\",IF(O35<'Cost Band & Priority'!$E$12,5,IF(O35<'Cost Band & Priority'!$E$11,4,IF(O35<'Cost Band & Priority'!$E$10,3,IF(O35<'Cost Band & Priority'!$E$9,2,1)))))","v":""},{"$f":"IF(P35=\"\",\"\",VLOOKUP(P35,'Cost Band & Priority'!$B$8:$E$12,2,FALSE))","v":""},null,null,null,null,null,null,null,"",{"$f":"IF(Y35=\"\",\"\",VLOOKUP(Y35,'Benefit Priority'!$B$25:$C$47,2,FALSE))","v":""},{"$f":"IF(OR(Q35=\"\",Z35=\"\"),\"\",VLOOKUP(VLOOKUP(Q35&\" Cost & \"&Z35&\" Benefit\",'Overall Priority'!$D$21:$E$45,2,FALSE),'Overall Priority'!$B$8:$E$16,4,FALSE))","v":""},{"$f":"IF(OR(Q35=\"\",Z35=\"\"),\"\",VLOOKUP(Q35&\" Cost & \"&Z35&\" Benefit\",'Overall Priority'!$D$21:$E$45,2,FALSE))","v":""}]
[null,null,null,null,null,null,null,null,null,null,null,null,null,null,null,{"$f":"IF(O36=\"\",\"\",IF(O36<'Cost Band & Priority'!$E$12,5,IF(O36<'Cost Band & Priority'!$E$11,4,IF(O36<'Cost Band & Priority'!$E$10,3,IF(O36<'Cost Band & Priority'!$E$9,2,1)))))","v":""},{"$f":"IF(P36=\"\",\"\",VLOOKUP(P36,'Cost Band & Priority'!$B$8:$E$12,2,FALSE))","v":""},null,null,null,null,null,null,null,"",{"$f":"IF(Y36=\"\",\"\",VLOOKUP(Y36,'Benefit Priority'!$B$25:$C$47,2,FALSE))","v":""},{"$f":"IF(OR(Q36=\"\",Z36=\"\"),\"\",VLOOKUP(VLOOKUP(Q36&\" Cost & \"&Z36&\" Benefit\",'Overall Priority'!$D$21:$E$45,2,FALSE),'Overall Priority'!$B$8:$E$16,4,FALSE))","v":""},{"$f":"IF(OR(Q36=\"\",Z36=\"\"),\"\",VLOOKUP(Q36&\" Cost & \"&Z36&\" Benefit\",'Overall Priority'!$D$21:$E$45,2,FALSE))","v":""}]
[null,null,null,null,null,null,null,null,null,null,null,null,null,null,null,{"$f":"IF(O37=\"\",\"\",IF(O37<'Cost Band & Priority'!$E$12,5,IF(O37<'Cost Band & Priority'!$E$11,4,IF(O37<'Cost Band & Priority'!$E$10,3,IF(O37<'Cost Band & Priority'!$E$9,2,1)))))","v":""},{"$f":"IF(P37=\"\",\"\",VLOOKUP(P37,'Cost Band & Priority'!$B$8:$E$12,2,FALSE))","v":""},null,null,null,null,null,null,null,"",{"$f":"IF(Y37=\"\",\"\",VLOOKUP(Y37,'Benefit Priority'!$B$25:$C$47,2,FALSE))","v":""},{"$f":"IF(OR(Q37=\"\",Z37=\"\"),\"\",VLOOKUP(VLOOKUP(Q37&\" Cost & \"&Z37&\" Benefit\",'Overall Priority'!$D$21:$E$45,2,FALSE),'Overall Priority'!$B$8:$E$16,4,FALSE))","v":""},{"$f":"IF(OR(Q37=\"\",Z37=\"\"),\"\",VLOOKUP(Q37&\" Cost & \"&Z37&\" Benefit\",'Overall Priority'!$D$21:$E$45,2,FALSE))","v":""}]
[null,null,null,null,null,null,null,null,null,null,null,null,null,null,null,{"$f":"IF(O38=\"\",\"\",IF(O38<'Cost Band & Priority'!$E$12,5,IF(O38<'Cost Band & Priority'!$E$11,4,IF(O38<'Cost Band & Priority'!$E$10,3,IF(O38<'Cost Band & Priority'!$E$9,2,1)))))","v":""},{"$f":"IF(P38=\"\",\"\",VLOOKUP(P38,'Cost Band & Priority'!$B$8:$E$12,2,FALSE))","v":""},null,null,null,null,null,null,null,"",{"$f":"IF(Y38=\"\",\"\",VLOOKUP(Y38,'Benefit Priority'!$B$25:$C$47,2,FALSE))","v":""},{"$f":"IF(OR(Q38=\"\",Z38=\"\"),\"\",VLOOKUP(VLOOKUP(Q38&\" Cost & \"&Z38&\" Benefit\",'Overall Priority'!$D$21:$E$45,2,FALSE),'Overall Priority'!$B$8:$E$16,4,FALSE))","v":""},{"$f":"IF(OR(Q38=\"\",Z38=\"\"),\"\",VLOOKUP(Q38&\" Cost & \"&Z38&\" Benefit\",'Overall Priority'!$D$21:$E$45,2,FALSE))","v":""}]
[null,null,null,null,null,null,null,null,null,null,null,null,null,null,null,{"$f":"IF(O39=\"\",\"\",IF(O39<'Cost Band & Priority'!$E$12,5,IF(O39<'Cost Band & Priority'!$E$11,4,IF(O39<'Cost Band & Priority'!$E$10,3,IF(O39<'Cost Band & Priority'!$E$9,2,1)))))","v":""},{"$f":"IF(P39=\"\",\"\",VLOOKUP(P39,'Cost Band & Priority'!$B$8:$E$12,2,FALSE))","v":""},null,null,null,null,null,null,null,"",{"$f":"IF(Y39=\"\",\"\",VLOOKUP(Y39,'Benefit Priority'!$B$25:$C$47,2,FALSE))","v":""},{"$f":"IF(OR(Q39=\"\",Z39=\"\"),\"\",VLOOKUP(VLOOKUP(Q39&\" Cost & \"&Z39&\" Benefit\",'Overall Priority'!$D$21:$E$45,2,FALSE),'Overall Priority'!$B$8:$E$16,4,FALSE))","v":""},{"$f":"IF(OR(Q39=\"\",Z39=\"\"),\"\",VLOOKUP(Q39&\" Cost & \"&Z39&\" Benefit\",'Overall Priority'!$D$21:$E$45,2,FALSE))","v":""}]
[null,null,null,null,null,null,null,null,null,null,null,null,null,null,null,{"$f":"IF(O40=\"\",\"\",IF(O40<'Cost Band & Priority'!$E$12,5,IF(O40<'Cost Band & Priority'!$E$11,4,IF(O40<'Cost Band & Priority'!$E$10,3,IF(O40<'Cost Band & Priority'!$E$9,2,1)))))","v":""},{"$f":"IF(P40=\"\",\"\",VLOOKUP(P40,'Cost Band & Priority'!$B$8:$E$12,2,FALSE))","v":""},null,null,null,null,null,null,null,"",{"$f":"IF(Y40=\"\",\"\",VLOOKUP(Y40,'Benefit Priority'!$B$25:$C$47,2,FALSE))","v":""},{"$f":"IF(OR(Q40=\"\",Z40=\"\"),\"\",VLOOKUP(VLOOKUP(Q40&\" Cost & \"&Z40&\" Benefit\",'Overall Priority'!$D$21:$E$45,2,FALSE),'Overall Priority'!$B$8:$E$16,4,FALSE))","v":""},{"$f":"IF(OR(Q40=\"\",Z40=\"\"),\"\",VLOOKUP(Q40&\" Cost & \"&Z40&\" Benefit\",'Overall Priority'!$D$21:$E$45,2,FALSE))","v":""}]
[null,null,null,null,null,null,null,null,null,null,null,null,null,null,null,{"$f":"IF(O41=\"\",\"\",IF(O41<'Cost Band & Priority'!$E$12,5,IF(O41<'Cost Band & Priority'!$E$11,4,IF(O41<'Cost Band & Priority'!$E$10,3,IF(O41<'Cost Band & Priority'!$E$9,2,1)))))","v":""},{"$f":"IF(P41=\"\",\"\",VLOOKUP(P41,'Cost Band & Priority'!$B$8:$E$12,2,FALSE))","v":""},null,null,null,null,null,null,null,"",{"$f":"IF(Y41=\"\",\"\",VLOOKUP(Y41,'Benefit Priority'!$B$25:$C$47,2,FALSE))","v":""},{"$f":"IF(OR(Q41=\"\",Z41=\"\"),\"\",VLOOKUP(VLOOKUP(Q41&\" Cost & \"&Z41&\" Benefit\",'Overall Priority'!$D$21:$E$45,2,FALSE),'Overall Priority'!$B$8:$E$16,4,FALSE))","v":""},{"$f":"IF(OR(Q41=\"\",Z41=\"\"),\"\",VLOOKUP(Q41&\" Cost & \"&Z41&\" Benefit\",'Overall Priority'!$D$21:$E$45,2,FALSE))","v":""}]
[null,null,null,null,null,null,null,null,null,null,null,null,null,null,null,{"$f":"IF(O42=\"\",\"\",IF(O42<'Cost Band & Priority'!$E$12,5,IF(O42<'Cost Band & Priority'!$E$11,4,IF(O42<'Cost Band & Priority'!$E$10,3,IF(O42<'Cost Band & Priority'!$E$9,2,1)))))","v":""},{"$f":"IF(P42=\"\",\"\",VLOOKUP(P42,'Cost Band & Priority'!$B$8:$E$12,2,FALSE))","v":""},null,null,null,null,null,null,null,"",{"$f":"IF(Y42=\"\",\"\",VLOOKUP(Y42,'Benefit Priority'!$B$25:$C$47,2,FALSE))","v":""},{"$f":"IF(OR(Q42=\"\",Z42=\"\"),\"\",VLOOKUP(VLOOKUP(Q42&\" Cost & \"&Z42&\" Benefit\",'Overall Priority'!$D$21:$E$45,2,FALSE),'Overall Priority'!$B$8:$E$16,4,FALSE))","v":""},{"$f":"IF(OR(Q42=\"\",Z42=\"\"),\"\",VLOOKUP(Q42&\" Cost & \"&Z42&\" Benefit\",'Overall Priority'!$D$21:$E$45,2,FALSE))","v":""}]
[null,null,null,null,null,null,null,null,null,null,null,null,null,null,null,{"$f":"IF(O43=\"\",\"\",IF(O43<'Cost Band & Priority'!$E$12,5,IF(O43<'Cost Band & Priority'!$E$11,4,IF(O43<'Cost Band & Priority'!$E$10,3,IF(O43<'Cost Band & Priority'!$E$9,2,1)))))","v":""},{"$f":"IF(P43=\"\",\"\",VLOOKUP(P43,'Cost Band & Priority'!$B$8:$E$12,2,FALSE))","v":""},null,null,null,null,null,null,null,"",{"$f":"IF(Y43=\"\",\"\",VLOOKUP(Y43,'Benefit Priority'!$B$25:$C$47,2,FALSE))","v":""},{"$f":"IF(OR(Q43=\"\",Z43=\"\"),\"\",VLOOKUP(VLOOKUP(Q43&\" Cost & \"&Z43&\" Benefit\",'Overall Priority'!$D$21:$E$45,2,FALSE),'Overall Priority'!$B$8:$E$16,4,FALSE))","v":""},{"$f":"IF(OR(Q43=\"\",Z43=\"\"),\"\",VLOOKUP(Q43&\" Cost & \"&Z43&\" Benefit\",'Overall Priority'!$D$21:$E$45,2,FALSE))","v":""}]
[null,null,null,null,null,null,null,null,null,null,null,null,null,null,null,{"$f":"IF(O44=\"\",\"\",IF(O44<'Cost Band & Priority'!$E$12,5,IF(O44<'Cost Band & Priority'!$E$11,4,IF(O44<'Cost Band & Priority'!$E$10,3,IF(O44<'Cost Band & Priority'!$E$9,2,1)))))","v":""},{"$f":"IF(P44=\"\",\"\",VLOOKUP(P44,'Cost Band & Priority'!$B$8:$E$12,2,FALSE))","v":""},null,null,null,null,null,null,null,"",{"$f":"IF(Y44=\"\",\"\",VLOOKUP(Y44,'Benefit Priority'!$B$25:$C$47,2,FALSE))","v":""},{"$f":"IF(OR(Q44=\"\",Z44=\"\"),\"\",VLOOKUP(VLOOKUP(Q44&\" Cost & \"&Z44&\" Benefit\",'Overall Priority'!$D$21:$E$45,2,FALSE),'Overall Priority'!$B$8:$E$16,4,FALSE))","v":""},{"$f":"IF(OR(Q44=\"\",Z44=\"\"),\"\",VLOOKUP(Q44&\" Cost & \"&Z44&\" Benefit\",'Overall Priority'!$D$21:$E$45,2,FALSE))","v":""}]
[null,null,null,null,null,null,null,null,null,null,null,null,null,null,null,{"$f":"IF(O45=\"\",\"\",IF(O45<'Cost Band & Priority'!$E$12,5,IF(O45<'Cost Band & Priority'!$E$11,4,IF(O45<'Cost Band & Priority'!$E$10,3,IF(O45<'Cost Band & Priority'!$E$9,2,1)))))","v":""},{"$f":"IF(P45=\"\",\"\",VLOOKUP(P45,'Cost Band & Priority'!$B$8:$E$12,2,FALSE))","v":""},null,null,null,null,null,null,null,"",{"$f":"IF(Y45=\"\",\"\",VLOOKUP(Y45,'Benefit Priority'!$B$25:$C$47,2,FALSE))","v":""},{"$f":"IF(OR(Q45=\"\",Z45=\"\"),\"\",VLOOKUP(VLOOKUP(Q45&\" Cost & \"&Z45&\" Benefit\",'Overall Priority'!$D$21:$E$45,2,FALSE),'Overall Priority'!$B$8:$E$16,4,FALSE))","v":""},{"$f":"IF(OR(Q45=\"\",Z45=\"\"),\"\",VLOOKUP(Q45&\" Cost & \"&Z45&\" Benefit\",'Overall Priority'!$D$21:$E$45,2,FALSE))","v":""}]
[null,null,null,null,null,null,null,null,null,null,null,null,null,null,null,{"$f":"IF(O46=\"\",\"\",IF(O46<'Cost Band & Priority'!$E$12,5,IF(O46<'Cost Band & Priority'!$E$11,4,IF(O46<'Cost Band & Priority'!$E$10,3,IF(O46<'Cost Band & Priority'!$E$9,2,1)))))","v":""},{"$f":"IF(P46=\"\",\"\",VLOOKUP(P46,'Cost Band & Priority'!$B$8:$E$12,2,FALSE))","v":""},null,null,null,null,null,null,null,"",{"$f":"IF(Y46=\"\",\"\",VLOOKUP(Y46,'Benefit Priority'!$B$25:$C$47,2,FALSE))","v":""},{"$f":"IF(OR(Q46=\"\",Z46=\"\"),\"\",VLOOKUP(VLOOKUP(Q46&\" Cost & \"&Z46&\" Benefit\",'Overall Priority'!$D$21:$E$45,2,FALSE),'Overall Priority'!$B$8:$E$16,4,FALSE))","v":""},{"$f":"IF(OR(Q46=\"\",Z46=\"\"),\"\",VLOOKUP(Q46&\" Cost & \"&Z46&\" Benefit\",'Overall Priority'!$D$21:$E$45,2,FALSE))","v":""}]
[null,null,null,null,null,null,null,null,null,null,null,null,null,null,null,{"$f":"IF(O47=\"\",\"\",IF(O47<'Cost Band & Priority'!$E$12,5,IF(O47<'Cost Band & Priority'!$E$11,4,IF(O47<'Cost Band & Priority'!$E$10,3,IF(O47<'Cost Band & Priority'!$E$9,2,1)))))","v":""},{"$f":"IF(P47=\"\",\"\",VLOOKUP(P47,'Cost Band & Priority'!$B$8:$E$12,2,FALSE))","v":""},null,null,null,null,null,null,null,"",{"$f":"IF(Y47=\"\",\"\",VLOOKUP(Y47,'Benefit Priority'!$B$25:$C$47,2,FALSE))","v":""},{"$f":"IF(OR(Q47=\"\",Z47=\"\"),\"\",VLOOKUP(VLOOKUP(Q47&\" Cost & \"&Z47&\" Benefit\",'Overall Priority'!$D$21:$E$45,2,FALSE),'Overall Priority'!$B$8:$E$16,4,FALSE))","v":""},{"$f":"IF(OR(Q47=\"\",Z47=\"\"),\"\",VLOOKUP(Q47&\" Cost & \"&Z47&\" Benefit\",'Overall Priority'!$D$21:$E$45,2,FALSE))","v":""}]
[null,null,null,null,null,null,null,null,null,null,null,null,null,null,null,{"$f":"IF(O48=\"\",\"\",IF(O48<'Cost Band & Priority'!$E$12,5,IF(O48<'Cost Band & Priority'!$E$11,4,IF(O48<'Cost Band & Priority'!$E$10,3,IF(O48<'Cost Band & Priority'!$E$9,2,1)))))","v":""},{"$f":"IF(P48=\"\",\"\",VLOOKUP(P48,'Cost Band & Priority'!$B$8:$E$12,2,FALSE))","v":""},null,null,null,null,null,null,null,"",{"$f":"IF(Y48=\"\",\"\",VLOOKUP(Y48,'Benefit Priority'!$B$25:$C$47,2,FALSE))","v":""},{"$f":"IF(OR(Q48=\"\",Z48=\"\"),\"\",VLOOKUP(VLOOKUP(Q48&\" Cost & \"&Z48&\" Benefit\",'Overall Priority'!$D$21:$E$45,2,FALSE),'Overall Priority'!$B$8:$E$16,4,FALSE))","v":""},{"$f":"IF(OR(Q48=\"\",Z48=\"\"),\"\",VLOOKUP(Q48&\" Cost & \"&Z48&\" Benefit\",'Overall Priority'!$D$21:$E$45,2,FALSE))","v":""}]
[null,null,null,null,null,null,null,null,null,null,null,null,null,null,null,{"$f":"IF(O49=\"\",\"\",IF(O49<'Cost Band & Priority'!$E$12,5,IF(O49<'Cost Band & Priority'!$E$11,4,IF(O49<'Cost Band & Priority'!$E$10,3,IF(O49<'Cost Band & Priority'!$E$9,2,1)))))","v":""},{"$f":"IF(P49=\"\",\"\",VLOOKUP(P49,'Cost Band & Priority'!$B$8:$E$12,2,FALSE))","v":""},null,null,null,null,null,null,null,"",{"$f":"IF(Y49=\"\",\"\",VLOOKUP(Y49,'Benefit Priority'!$B$25:$C$47,2,FALSE))","v":""},{"$f":"IF(OR(Q49=\"\",Z49=\"\"),\"\",VLOOKUP(VLOOKUP(Q49&\" Cost & \"&Z49&\" Benefit\",'Overall Priority'!$D$21:$E$45,2,FALSE),'Overall Priority'!$B$8:$E$16,4,FALSE))","v":""},{"$f":"IF(OR(Q49=\"\",Z49=\"\"),\"\",VLOOKUP(Q49&\" Cost & \"&Z49&\" Benefit\",'Overall Priority'!$D$21:$E$45,2,FALSE))","v":""}]
[null,null,null,null,null,null,null,null,null,null,null,null,null,null,null,{"$f":"IF(O50=\"\",\"\",IF(O50<'Cost Band & Priority'!$E$12,5,IF(O50<'Cost Band & Priority'!$E$11,4,IF(O50<'Cost Band & Priority'!$E$10,3,IF(O50<'Cost Band & Priority'!$E$9,2,1)))))","v":""},{"$f":"IF(P50=\"\",\"\",VLOOKUP(P50,'Cost Band & Priority'!$B$8:$E$12,2,FALSE))","v":""},null,null,null,null,null,null,null,"",{"$f":"IF(Y50=\"\",\"\",VLOOKUP(Y50,'Benefit Priority'!$B$25:$C$47,2,FALSE))","v":""},{"$f":"IF(OR(Q50=\"\",Z50=\"\"),\"\",VLOOKUP(VLOOKUP(Q50&\" Cost & \"&Z50&\" Benefit\",'Overall Priority'!$D$21:$E$45,2,FALSE),'Overall Priority'!$B$8:$E$16,4,FALSE))","v":""},{"$f":"IF(OR(Q50=\"\",Z50=\"\"),\"\",VLOOKUP(Q50&\" Cost & \"&Z50&\" Benefit\",'Overall Priority'!$D$21:$E$45,2,FALSE))","v":""}]
[null,null,null,null,null,null,null,null,null,null,null,null,null,null,null,{"$f":"IF(O51=\"\",\"\",IF(O51<'Cost Band & Priority'!$E$12,5,IF(O51<'Cost Band & Priority'!$E$11,4,IF(O51<'Cost Band & Priority'!$E$10,3,IF(O51<'Cost Band & Priority'!$E$9,2,1)))))","v":""},{"$f":"IF(P51=\"\",\"\",VLOOKUP(P51,'Cost Band & Priority'!$B$8:$E$12,2,FALSE))","v":""},null,null,null,null,null,null,null,"",{"$f":"IF(Y51=\"\",\"\",VLOOKUP(Y51,'Benefit Priority'!$B$25:$C$47,2,FALSE))","v":""},{"$f":"IF(OR(Q51=\"\",Z51=\"\"),\"\",VLOOKUP(VLOOKUP(Q51&\" Cost & \"&Z51&\" Benefit\",'Overall Priority'!$D$21:$E$45,2,FALSE),'Overall Priority'!$B$8:$E$16,4,FALSE))","v":""},{"$f":"IF(OR(Q51=\"\",Z51=\"\"),\"\",VLOOKUP(Q51&\" Cost & \"&Z51&\" Benefit\",'Overall Priority'!$D$21:$E$45,2,FALSE))","v":""}]
[null,null,null,null,null,null,null,null,null,null,null,null,null,null,null,{"$f":"IF(O52=\"\",\"\",IF(O52<'Cost Band & Priority'!$E$12,5,IF(O52<'Cost Band & Priority'!$E$11,4,IF(O52<'Cost Band & Priority'!$E$10,3,IF(O52<'Cost Band & Priority'!$E$9,2,1)))))","v":""},{"$f":"IF(P52=\"\",\"\",VLOOKUP(P52,'Cost Band & Priority'!$B$8:$E$12,2,FALSE))","v":""},null,null,null,null,null,null,null,"",{"$f":"IF(Y52=\"\",\"\",VLOOKUP(Y52,'Benefit Priority'!$B$25:$C$47,2,FALSE))","v":""},{"$f":"IF(OR(Q52=\"\",Z52=\"\"),\"\",VLOOKUP(VLOOKUP(Q52&\" Cost & \"&Z52&\" Benefit\",'Overall Priority'!$D$21:$E$45,2,FALSE),'Overall Priority'!$B$8:$E$16,4,FALSE))","v":""},{"$f":"IF(OR(Q52=\"\",Z52=\"\"),\"\",VLOOKUP(Q52&\" Cost & \"&Z52&\" Benefit\",'Overall Priority'!$D$21:$E$45,2,FALSE))","v":""}]
[null,null,null,null,null,null,null,null,null,null,null,null,null,null,null,{"$f":"IF(O53=\"\",\"\",IF(O53<'Cost Band & Priority'!$E$12,5,IF(O53<'Cost Band & Priority'!$E$11,4,IF(O53<'Cost Band & Priority'!$E$10,3,IF(O53<'Cost Band & Priority'!$E$9,2,1)))))","v":""},{"$f":"IF(P53=\"\",\"\",VLOOKUP(P53,'Cost Band & Priority'!$B$8:$E$12,2,FALSE))","v":""},null,null,null,null,null,null,null,"",{"$f":"IF(Y53=\"\",\"\",VLOOKUP(Y53,'Benefit Priority'!$B$25:$C$47,2,FALSE))","v":""},{"$f":"IF(OR(Q53=\"\",Z53=\"\"),\"\",VLOOKUP(VLOOKUP(Q53&\" Cost & \"&Z53&\" Benefit\",'Overall Priority'!$D$21:$E$45,2,FALSE),'Overall Priority'!$B$8:$E$16,4,FALSE))","v":""},{"$f":"IF(OR(Q53=\"\",Z53=\"\"),\"\",VLOOKUP(Q53&\" Cost & \"&Z53&\" Benefit\",'Overall Priority'!$D$21:$E$45,2,FALSE))","v":""}]
[null,null,null,null,null,null,null,null,null,null,null,null,null,null,null,{"$f":"IF(O54=\"\",\"\",IF(O54<'Cost Band & Priority'!$E$12,5,IF(O54<'Cost Band & Priority'!$E$11,4,IF(O54<'Cost Band & Priority'!$E$10,3,IF(O54<'Cost Band & Priority'!$E$9,2,1)))))","v":""},{"$f":"IF(P54=\"\",\"\",VLOOKUP(P54,'Cost Band & Priority'!$B$8:$E$12,2,FALSE))","v":""},null,null,null,null,null,null,null,"",{"$f":"IF(Y54=\"\",\"\",VLOOKUP(Y54,'Benefit Priority'!$B$25:$C$47,2,FALSE))","v":""},{"$f":"IF(OR(Q54=\"\",Z54=\"\"),\"\",VLOOKUP(VLOOKUP(Q54&\" Cost & \"&Z54&\" Benefit\",'Overall Priority'!$D$21:$E$45,2,FALSE),'Overall Priority'!$B$8:$E$16,4,FALSE))","v":""},{"$f":"IF(OR(Q54=\"\",Z54=\"\"),\"\",VLOOKUP(Q54&\" Cost & \"&Z54&\" Benefit\",'Overall Priority'!$D$21:$E$45,2,FALSE))","v":""}]
[null,null,null,null,null,null,null,null,null,null,null,null,null,null,null,{"$f":"IF(O55=\"\",\"\",IF(O55<'Cost Band & Priority'!$E$12,5,IF(O55<'Cost Band & Priority'!$E$11,4,IF(O55<'Cost Band & Priority'!$E$10,3,IF(O55<'Cost Band & Priority'!$E$9,2,1)))))","v":""},{"$f":"IF(P55=\"\",\"\",VLOOKUP(P55,'Cost Band & Priority'!$B$8:$E$12,2,FALSE))","v":""},null,null,null,null,null,null,null,"",{"$f":"IF(Y55=\"\",\"\",VLOOKUP(Y55,'Benefit Priority'!$B$25:$C$47,2,FALSE))","v":""},{"$f":"IF(OR(Q55=\"\",Z55=\"\"),\"\",VLOOKUP(VLOOKUP(Q55&\" Cost & \"&Z55&\" Benefit\",'Overall Priority'!$D$21:$E$45,2,FALSE),'Overall Priority'!$B$8:$E$16,4,FALSE))","v":""},{"$f":"IF(OR(Q55=\"\",Z55=\"\"),\"\",VLOOKUP(Q55&\" Cost & \"&Z55&\" Benefit\",'Overall Priority'!$D$21:$E$45,2,FALSE))","v":""}]
[null,null,null,null,null,null,null,null,null,null,null,null,null,null,null,{"$f":"IF(O56=\"\",\"\",IF(O56<'Cost Band & Priority'!$E$12,5,IF(O56<'Cost Band & Priority'!$E$11,4,IF(O56<'Cost Band & Priority'!$E$10,3,IF(O56<'Cost Band & Priority'!$E$9,2,1)))))","v":""},{"$f":"IF(P56=\"\",\"\",VLOOKUP(P56,'Cost Band & Priority'!$B$8:$E$12,2,FALSE))","v":""},null,null,null,null,null,null,null,"",{"$f":"IF(Y56=\"\",\"\",VLOOKUP(Y56,'Benefit Priority'!$B$25:$C$47,2,FALSE))","v":""},{"$f":"IF(OR(Q56=\"\",Z56=\"\"),\"\",VLOOKUP(VLOOKUP(Q56&\" Cost & \"&Z56&\" Benefit\",'Overall Priority'!$D$21:$E$45,2,FALSE),'Overall Priority'!$B$8:$E$16,4,FALSE))","v":""},{"$f":"IF(OR(Q56=\"\",Z56=\"\"),\"\",VLOOKUP(Q56&\" Cost & \"&Z56&\" Benefit\",'Overall Priority'!$D$21:$E$45,2,FALSE))","v":""}]
[null,null,null,null,null,null,null,null,null,null,null,null,null,null,null,{"$f":"IF(O57=\"\",\"\",IF(O57<'Cost Band & Priority'!$E$12,5,IF(O57<'Cost Band & Priority'!$E$11,4,IF(O57<'Cost Band & Priority'!$E$10,3,IF(O57<'Cost Band & Priority'!$E$9,2,1)))))","v":""},{"$f":"IF(P57=\"\",\"\",VLOOKUP(P57,'Cost Band & Priority'!$B$8:$E$12,2,FALSE))","v":""},null,null,null,null,null,null,null,"",{"$f":"IF(Y57=\"\",\"\",VLOOKUP(Y57,'Benefit Priority'!$B$25:$C$47,2,FALSE))","v":""},{"$f":"IF(OR(Q57=\"\",Z57=\"\"),\"\",VLOOKUP(VLOOKUP(Q57&\" Cost & \"&Z57&\" Benefit\",'Overall Priority'!$D$21:$E$45,2,FALSE),'Overall Priority'!$B$8:$E$16,4,FALSE))","v":""},{"$f":"IF(OR(Q57=\"\",Z57=\"\"),\"\",VLOOKUP(Q57&\" Cost & \"&Z57&\" Benefit\",'Overall Priority'!$D$21:$E$45,2,FALSE))","v":""}]
[null,null,null,null,null,null,null,null,null,null,null,null,null,null,null,{"$f":"IF(O58=\"\",\"\",IF(O58<'Cost Band & Priority'!$E$12,5,IF(O58<'Cost Band & Priority'!$E$11,4,IF(O58<'Cost Band & Priority'!$E$10,3,IF(O58<'Cost Band & Priority'!$E$9,2,1)))))","v":""},{"$f":"IF(P58=\"\",\"\",VLOOKUP(P58,'Cost Band & Priority'!$B$8:$E$12,2,FALSE))","v":""},null,null,null,null,null,null,null,"",{"$f":"IF(Y58=\"\",\"\",VLOOKUP(Y58,'Benefit Priority'!$B$25:$C$47,2,FALSE))","v":""},{"$f":"IF(OR(Q58=\"\",Z58=\"\"),\"\",VLOOKUP(VLOOKUP(Q58&\" Cost & \"&Z58&\" Benefit\",'Overall Priority'!$D$21:$E$45,2,FALSE),'Overall Priority'!$B$8:$E$16,4,FALSE))","v":""},{"$f":"IF(OR(Q58=\"\",Z58=\"\"),\"\",VLOOKUP(Q58&\" Cost & \"&Z58&\" Benefit\",'Overall Priority'!$D$21:$E$45,2,FALSE))","v":""}]
[null,null,null,null,null,null,null,null,null,null,null,null,null,null,null,{"$f":"IF(O59=\"\",\"\",IF(O59<'Cost Band & Priority'!$E$12,5,IF(O59<'Cost Band & Priority'!$E$11,4,IF(O59<'Cost Band & Priority'!$E$10,3,IF(O59<'Cost Band & Priority'!$E$9,2,1)))))","v":""},{"$f":"IF(P59=\"\",\"\",VLOOKUP(P59,'Cost Band & Priority'!$B$8:$E$12,2,FALSE))","v":""},null,null,null,null,null,null,null,"",{"$f":"IF(Y59=\"\",\"\",VLOOKUP(Y59,'Benefit Priority'!$B$25:$C$47,2,FALSE))","v":""},{"$f":"IF(OR(Q59=\"\",Z59=\"\"),\"\",VLOOKUP(VLOOKUP(Q59&\" Cost & \"&Z59&\" Benefit\",'Overall Priority'!$D$21:$E$45,2,FALSE),'Overall Priority'!$B$8:$E$16,4,FALSE))","v":""},{"$f":"IF(OR(Q59=\"\",Z59=\"\"),\"\",VLOOKUP(Q59&\" Cost & \"&Z59&\" Benefit\",'Overall Priority'!$D$21:$E$45,2,FALSE))","v":""}]
[null,null,null,null,null,null,null,null,null,null,null,null,null,null,null,{"$f":"IF(O60=\"\",\"\",IF(O60<'Cost Band & Priority'!$E$12,5,IF(O60<'Cost Band & Priority'!$E$11,4,IF(O60<'Cost Band & Priority'!$E$10,3,IF(O60<'Cost Band & Priority'!$E$9,2,1)))))","v":""},{"$f":"IF(P60=\"\",\"\",VLOOKUP(P60,'Cost Band & Priority'!$B$8:$E$12,2,FALSE))","v":""},null,null,null,null,null,null,null,"",{"$f":"IF(Y60=\"\",\"\",VLOOKUP(Y60,'Benefit Priority'!$B$25:$C$47,2,FALSE))","v":""},{"$f":"IF(OR(Q60=\"\",Z60=\"\"),\"\",VLOOKUP(VLOOKUP(Q60&\" Cost & \"&Z60&\" Benefit\",'Overall Priority'!$D$21:$E$45,2,FALSE),'Overall Priority'!$B$8:$E$16,4,FALSE))","v":""},{"$f":"IF(OR(Q60=\"\",Z60=\"\"),\"\",VLOOKUP(Q60&\" Cost & \"&Z60&\" Benefit\",'Overall Priority'!$D$21:$E$45,2,FALSE))","v":""}]
[null,null,null,null,null,null,null,null,null,null,null,null,null,null,null,{"$f":"IF(O61=\"\",\"\",IF(O61<'Cost Band & Priority'!$E$12,5,IF(O61<'Cost Band & Priority'!$E$11,4,IF(O61<'Cost Band & Priority'!$E$10,3,IF(O61<'Cost Band & Priority'!$E$9,2,1)))))","v":""},{"$f":"IF(P61=\"\",\"\",VLOOKUP(P61,'Cost Band & Priority'!$B$8:$E$12,2,FALSE))","v":""},null,null,null,null,null,null,null,"",{"$f":"IF(Y61=\"\",\"\",VLOOKUP(Y61,'Benefit Priority'!$B$25:$C$47,2,FALSE))","v":""},{"$f":"IF(OR(Q61=\"\",Z61=\"\"),\"\",VLOOKUP(VLOOKUP(Q61&\" Cost & \"&Z61&\" Benefit\",'Overall Priority'!$D$21:$E$45,2,FALSE),'Overall Priority'!$B$8:$E$16,4,FALSE))","v":""},{"$f":"IF(OR(Q61=\"\",Z61=\"\"),\"\",VLOOKUP(Q61&\" Cost & \"&Z61&\" Benefit\",'Overall Priority'!$D$21:$E$45,2,FALSE))","v":""}]
[null,null,null,null,null,null,null,null,null,null,null,null,null,null,null,{"$f":"IF(O62=\"\",\"\",IF(O62<'Cost Band & Priority'!$E$12,5,IF(O62<'Cost Band & Priority'!$E$11,4,IF(O62<'Cost Band & Priority'!$E$10,3,IF(O62<'Cost Band & Priority'!$E$9,2,1)))))","v":""},{"$f":"IF(P62=\"\",\"\",VLOOKUP(P62,'Cost Band & Priority'!$B$8:$E$12,2,FALSE))","v":""},null,null,null,null,null,null,null,"",{"$f":"IF(Y62=\"\",\"\",VLOOKUP(Y62,'Benefit Priority'!$B$25:$C$47,2,FALSE))","v":""},{"$f":"IF(OR(Q62=\"\",Z62=\"\"),\"\",VLOOKUP(VLOOKUP(Q62&\" Cost & \"&Z62&\" Benefit\",'Overall Priority'!$D$21:$E$45,2,FALSE),'Overall Priority'!$B$8:$E$16,4,FALSE))","v":""},{"$f":"IF(OR(Q62=\"\",Z62=\"\"),\"\",VLOOKUP(Q62&\" Cost & \"&Z62&\" Benefit\",'Overall Priority'!$D$21:$E$45,2,FALSE))","v":""}]
[null,null,null,null,null,null,null,null,null,null,null,null,null,null,null,{"$f":"IF(O63=\"\",\"\",IF(O63<'Cost Band & Priority'!$E$12,5,IF(O63<'Cost Band & Priority'!$E$11,4,IF(O63<'Cost Band & Priority'!$E$10,3,IF(O63<'Cost Band & Priority'!$E$9,2,1)))))","v":""},{"$f":"IF(P63=\"\",\"\",VLOOKUP(P63,'Cost Band & Priority'!$B$8:$E$12,2,FALSE))","v":""},null,null,null,null,null,null,null,"",{"$f":"IF(Y63=\"\",\"\",VLOOKUP(Y63,'Benefit Priority'!$B$25:$C$47,2,FALSE))","v":""},{"$f":"IF(OR(Q63=\"\",Z63=\"\"),\"\",VLOOKUP(VLOOKUP(Q63&\" Cost & \"&Z63&\" Benefit\",'Overall Priority'!$D$21:$E$45,2,FALSE),'Overall Priority'!$B$8:$E$16,4,FALSE))","v":""},{"$f":"IF(OR(Q63=\"\",Z63=\"\"),\"\",VLOOKUP(Q63&\" Cost & \"&Z63&\" Benefit\",'Overall Priority'!$D$21:$E$45,2,FALSE))","v":""}]
[null,null,null,null,null,null,null,null,null,null,null,null,null,null,null,{"$f":"IF(O64=\"\",\"\",IF(O64<'Cost Band & Priority'!$E$12,5,IF(O64<'Cost Band & Priority'!$E$11,4,IF(O64<'Cost Band & Priority'!$E$10,3,IF(O64<'Cost Band & Priority'!$E$9,2,1)))))","v":""},{"$f":"IF(P64=\"\",\"\",VLOOKUP(P64,'Cost Band & Priority'!$B$8:$E$12,2,FALSE))","v":""},null,null,null,null,null,null,null,"",{"$f":"IF(Y64=\"\",\"\",VLOOKUP(Y64,'Benefit Priority'!$B$25:$C$47,2,FALSE))","v":""},{"$f":"IF(OR(Q64=\"\",Z64=\"\"),\"\",VLOOKUP(VLOOKUP(Q64&\" Cost & \"&Z64&\" Benefit\",'Overall Priority'!$D$21:$E$45,2,FALSE),'Overall Priority'!$B$8:$E$16,4,FALSE))","v":""},{"$f":"IF(OR(Q64=\"\",Z64=\"\"),\"\",VLOOKUP(Q64&\" Cost & \"&Z64&\" Benefit\",'Overall Priority'!$D$21:$E$45,2,FALSE))","v":""}]
[null,null,null,null,null,null,null,null,null,null,null,null,null,null,null,{"$f":"IF(O65=\"\",\"\",IF(O65<'Cost Band & Priority'!$E$12,5,IF(O65<'Cost Band & Priority'!$E$11,4,IF(O65<'Cost Band & Priority'!$E$10,3,IF(O65<'Cost Band & Priority'!$E$9,2,1)))))","v":""},{"$f":"IF(P65=\"\",\"\",VLOOKUP(P65,'Cost Band & Priority'!$B$8:$E$12,2,FALSE))","v":""},null,null,null,null,null,null,null,"",{"$f":"IF(Y65=\"\",\"\",VLOOKUP(Y65,'Benefit Priority'!$B$25:$C$47,2,FALSE))","v":""},{"$f":"IF(OR(Q65=\"\",Z65=\"\"),\"\",VLOOKUP(VLOOKUP(Q65&\" Cost & \"&Z65&\" Benefit\",'Overall Priority'!$D$21:$E$45,2,FALSE),'Overall Priority'!$B$8:$E$16,4,FALSE))","v":""},{"$f":"IF(OR(Q65=\"\",Z65=\"\"),\"\",VLOOKUP(Q65&\" Cost & \"&Z65&\" Benefit\",'Overall Priority'!$D$21:$E$45,2,FALSE))","v":""}]
[null,null,null,null,null,null,null,null,null,null,null,null,null,null,null,{"$f":"IF(O66=\"\",\"\",IF(O66<'Cost Band & Priority'!$E$12,5,IF(O66<'Cost Band & Priority'!$E$11,4,IF(O66<'Cost Band & Priority'!$E$10,3,IF(O66<'Cost Band & Priority'!$E$9,2,1)))))","v":""},{"$f":"IF(P66=\"\",\"\",VLOOKUP(P66,'Cost Band & Priority'!$B$8:$E$12,2,FALSE))","v":""},null,null,null,null,null,null,null,{"$f":"IF(AND(R66>0,S66>0,T66>0,U66>0,V66>0,W66>0,X66>0),SUM(R66:X66),\"\")","v":""},{"$f":"IF(Y66=\"\",\"\",VLOOKUP(Y66,'Benefit Priority'!$B$25:$C$47,2,FALSE))","v":""},{"$f":"IF(OR(Q66=\"\",Z66=\"\"),\"\",VLOOKUP(VLOOKUP(Q66&\" Cost & \"&Z66&\" Benefit\",'Overall Priority'!$D$21:$E$45,2,FALSE),'Overall Priority'!$B$8:$E$16,4,FALSE))","v":""},{"$f":"IF(OR(Q66=\"\",Z66=\"\"),\"\",VLOOKUP(Q66&\" Cost & \"&Z66&\" Benefit\",'Overall Priority'!$D$21:$E$45,2,FALSE))","v":""}]
[null,null,null,null,null,null,null,null,null,null,null,null,null,null,null,{"$f":"IF(O67=\"\",\"\",IF(O67<'Cost Band & Priority'!$E$12,5,IF(O67<'Cost Band & Priority'!$E$11,4,IF(O67<'Cost Band & Priority'!$E$10,3,IF(O67<'Cost Band & Priority'!$E$9,2,1)))))","v":""},{"$f":"IF(P67=\"\",\"\",VLOOKUP(P67,'Cost Band & Priority'!$B$8:$E$12,2,FALSE))","v":""},null,null,null,null,null,null,null,"",{"$f":"IF(Y67=\"\",\"\",VLOOKUP(Y67,'Benefit Priority'!$B$25:$C$47,2,FALSE))","v":""},{"$f":"IF(OR(Q67=\"\",Z67=\"\"),\"\",VLOOKUP(VLOOKUP(Q67&\" Cost & \"&Z67&\" Benefit\",'Overall Priority'!$D$21:$E$45,2,FALSE),'Overall Priority'!$B$8:$E$16,4,FALSE))","v":""},{"$f":"IF(OR(Q67=\"\",Z67=\"\"),\"\",VLOOKUP(Q67&\" Cost & \"&Z67&\" Benefit\",'Overall Priority'!$D$21:$E$45,2,FALSE))","v":""}]
[null,null,null,null,null,null,null,null,null,null,null,null,null,null,null,{"$f":"IF(O68=\"\",\"\",IF(O68<'Cost Band & Priority'!$E$12,5,IF(O68<'Cost Band & Priority'!$E$11,4,IF(O68<'Cost Band & Priority'!$E$10,3,IF(O68<'Cost Band & Priority'!$E$9,2,1)))))","v":""},{"$f":"IF(P68=\"\",\"\",VLOOKUP(P68,'Cost Band & Priority'!$B$8:$E$12,2,FALSE))","v":""},null,null,null,null,null,null,null,"",{"$f":"IF(Y68=\"\",\"\",VLOOKUP(Y68,'Benefit Priority'!$B$25:$C$47,2,FALSE))","v":""},{"$f":"IF(OR(Q68=\"\",Z68=\"\"),\"\",VLOOKUP(VLOOKUP(Q68&\" Cost & \"&Z68&\" Benefit\",'Overall Priority'!$D$21:$E$45,2,FALSE),'Overall Priority'!$B$8:$E$16,4,FALSE))","v":""},{"$f":"IF(OR(Q68=\"\",Z68=\"\"),\"\",VLOOKUP(Q68&\" Cost & \"&Z68&\" Benefit\",'Overall Priority'!$D$21:$E$45,2,FALSE))","v":""}]
[null,null,null,null,null,null,null,null,null,null,null,null,null,null,null,{"$f":"IF(O69=\"\",\"\",IF(O69<'Cost Band & Priority'!$E$12,5,IF(O69<'Cost Band & Priority'!$E$11,4,IF(O69<'Cost Band & Priority'!$E$10,3,IF(O69<'Cost Band & Priority'!$E$9,2,1)))))","v":""},{"$f":"IF(P69=\"\",\"\",VLOOKUP(P69,'Cost Band & Priority'!$B$8:$E$12,2,FALSE))","v":""},null,null,null,null,null,null,null,"",{"$f":"IF(Y69=\"\",\"\",VLOOKUP(Y69,'Benefit Priority'!$B$25:$C$47,2,FALSE))","v":""},{"$f":"IF(OR(Q69=\"\",Z69=\"\"),\"\",VLOOKUP(VLOOKUP(Q69&\" Cost & \"&Z69&\" Benefit\",'Overall Priority'!$D$21:$E$45,2,FALSE),'Overall Priority'!$B$8:$E$16,4,FALSE))","v":""},{"$f":"IF(OR(Q69=\"\",Z69=\"\"),\"\",VLOOKUP(Q69&\" Cost & \"&Z69&\" Benefit\",'Overall Priority'!$D$21:$E$45,2,FALSE))","v":""}]
[null,null,null,null,null,null,null,null,null,null,null,null,null,null,null,{"$f":"IF(O70=\"\",\"\",IF(O70<'Cost Band & Priority'!$E$12,5,IF(O70<'Cost Band & Priority'!$E$11,4,IF(O70<'Cost Band & Priority'!$E$10,3,IF(O70<'Cost Band & Priority'!$E$9,2,1)))))","v":""},{"$f":"IF(P70=\"\",\"\",VLOOKUP(P70,'Cost Band & Priority'!$B$8:$E$12,2,FALSE))","v":""},null,null,null,null,null,null,null,"",{"$f":"IF(Y70=\"\",\"\",VLOOKUP(Y70,'Benefit Priority'!$B$25:$C$47,2,FALSE))","v":""},{"$f":"IF(OR(Q70=\"\",Z70=\"\"),\"\",VLOOKUP(VLOOKUP(Q70&\" Cost & \"&Z70&\" Benefit\",'Overall Priority'!$D$21:$E$45,2,FALSE),'Overall Priority'!$B$8:$E$16,4,FALSE))","v":""},{"$f":"IF(OR(Q70=\"\",Z70=\"\"),\"\",VLOOKUP(Q70&\" Cost & \"&Z70&\" Benefit\",'Overall Priority'!$D$21:$E$45,2,FALSE))","v":""}]
[null,null,null,null,null,null,null,null,null,null,null,null,null,null,null,{"$f":"IF(O71=\"\",\"\",IF(O71<'Cost Band & Priority'!$E$12,5,IF(O71<'Cost Band & Priority'!$E$11,4,IF(O71<'Cost Band & Priority'!$E$10,3,IF(O71<'Cost Band & Priority'!$E$9,2,1)))))","v":""},{"$f":"IF(P71=\"\",\"\",VLOOKUP(P71,'Cost Band & Priority'!$B$8:$E$12,2,FALSE))","v":""},null,null,null,null,null,null,null,"",{"$f":"IF(Y71=\"\",\"\",VLOOKUP(Y71,'Benefit Priority'!$B$25:$C$47,2,FALSE))","v":""},{"$f":"IF(OR(Q71=\"\",Z71=\"\"),\"\",VLOOKUP(VLOOKUP(Q71&\" Cost & \"&Z71&\" Benefit\",'Overall Priority'!$D$21:$E$45,2,FALSE),'Overall Priority'!$B$8:$E$16,4,FALSE))","v":""},{"$f":"IF(OR(Q71=\"\",Z71=\"\"),\"\",VLOOKUP(Q71&\" Cost & \"&Z71&\" Benefit\",'Overall Priority'!$D$21:$E$45,2,FALSE))","v":""}]
[null,null,null,null,null,null,null,null,null,null,null,null,null,null,null,{"$f":"IF(O72=\"\",\"\",IF(O72<'Cost Band & Priority'!$E$12,5,IF(O72<'Cost Band & Priority'!$E$11,4,IF(O72<'Cost Band & Priority'!$E$10,3,IF(O72<'Cost Band & Priority'!$E$9,2,1)))))","v":""},{"$f":"IF(P72=\"\",\"\",VLOOKUP(P72,'Cost Band & Priority'!$B$8:$E$12,2,FALSE))","v":""},null,null,null,null,null,null,null,"",{"$f":"IF(Y72=\"\",\"\",VLOOKUP(Y72,'Benefit Priority'!$B$25:$C$47,2,FALSE))","v":""},{"$f":"IF(OR(Q72=\"\",Z72=\"\"),\"\",VLOOKUP(VLOOKUP(Q72&\" Cost & \"&Z72&\" Benefit\",'Overall Priority'!$D$21:$E$45,2,FALSE),'Overall Priority'!$B$8:$E$16,4,FALSE))","v":""},{"$f":"IF(OR(Q72=\"\",Z72=\"\"),\"\",VLOOKUP(Q72&\" Cost & \"&Z72&\" Benefit\",'Overall Priority'!$D$21:$E$45,2,FALSE))","v":""}]
[null,null,null,null,null,null,null,null,null,null,null,null,null,null,null,{"$f":"IF(O73=\"\",\"\",IF(O73<'Cost Band & Priority'!$E$12,5,IF(O73<'Cost Band & Priority'!$E$11,4,IF(O73<'Cost Band & Priority'!$E$10,3,IF(O73<'Cost Band & Priority'!$E$9,2,1)))))","v":""},{"$f":"IF(P73=\"\",\"\",VLOOKUP(P73,'Cost Band & Priority'!$B$8:$E$12,2,FALSE))","v":""},null,null,null,null,null,null,null,"",{"$f":"IF(Y73=\"\",\"\",VLOOKUP(Y73,'Benefit Priority'!$B$25:$C$47,2,FALSE))","v":""},{"$f":"IF(OR(Q73=\"\",Z73=\"\"),\"\",VLOOKUP(VLOOKUP(Q73&\" Cost & \"&Z73&\" Benefit\",'Overall Priority'!$D$21:$E$45,2,FALSE),'Overall Priority'!$B$8:$E$16,4,FALSE))","v":""},{"$f":"IF(OR(Q73=\"\",Z73=\"\"),\"\",VLOOKUP(Q73&\" Cost & \"&Z73&\" Benefit\",'Overall Priority'!$D$21:$E$45,2,FALSE))","v":""}]
[null,null,null,null,null,null,null,null,null,null,null,null,null,null,null,{"$f":"IF(O74=\"\",\"\",IF(O74<'Cost Band & Priority'!$E$12,5,IF(O74<'Cost Band & Priority'!$E$11,4,IF(O74<'Cost Band & Priority'!$E$10,3,IF(O74<'Cost Band & Priority'!$E$9,2,1)))))","v":""},{"$f":"IF(P74=\"\",\"\",VLOOKUP(P74,'Cost Band & Priority'!$B$8:$E$12,2,FALSE))","v":""},null,null,null,null,null,null,null,"",{"$f":"IF(Y74=\"\",\"\",VLOOKUP(Y74,'Benefit Priority'!$B$25:$C$47,2,FALSE))","v":""},{"$f":"IF(OR(Q74=\"\",Z74=\"\"),\"\",VLOOKUP(VLOOKUP(Q74&\" Cost & \"&Z74&\" Benefit\",'Overall Priority'!$D$21:$E$45,2,FALSE),'Overall Priority'!$B$8:$E$16,4,FALSE))","v":""},{"$f":"IF(OR(Q74=\"\",Z74=\"\"),\"\",VLOOKUP(Q74&\" Cost & \"&Z74&\" Benefit\",'Overall Priority'!$D$21:$E$45,2,FALSE))","v":""}]
[null,null,null,null,null,null,null,null,null,null,null,null,null,null,null,{"$f":"IF(O75=\"\",\"\",IF(O75<'Cost Band & Priority'!$E$12,5,IF(O75<'Cost Band & Priority'!$E$11,4,IF(O75<'Cost Band & Priority'!$E$10,3,IF(O75<'Cost Band & Priority'!$E$9,2,1)))))","v":""},{"$f":"IF(P75=\"\",\"\",VLOOKUP(P75,'Cost Band & Priority'!$B$8:$E$12,2,FALSE))","v":""},null,null,null,null,null,null,null,"",{"$f":"IF(Y75=\"\",\"\",VLOOKUP(Y75,'Benefit Priority'!$B$25:$C$47,2,FALSE))","v":""},{"$f":"IF(OR(Q75=\"\",Z75=\"\"),\"\",VLOOKUP(VLOOKUP(Q75&\" Cost & \"&Z75&\" Benefit\",'Overall Priority'!$D$21:$E$45,2,FALSE),'Overall Priority'!$B$8:$E$16,4,FALSE))","v":""},{"$f":"IF(OR(Q75=\"\",Z75=\"\"),\"\",VLOOKUP(Q75&\" Cost & \"&Z75&\" Benefit\",'Overall Priority'!$D$21:$E$45,2,FALSE))","v":""}]
[null,null,null,null,null,null,null,null,null,null,null,null,null,null,null,{"$f":"IF(O76=\"\",\"\",IF(O76<'Cost Band & Priority'!$E$12,5,IF(O76<'Cost Band & Priority'!$E$11,4,IF(O76<'Cost Band & Priority'!$E$10,3,IF(O76<'Cost Band & Priority'!$E$9,2,1)))))","v":""},{"$f":"IF(P76=\"\",\"\",VLOOKUP(P76,'Cost Band & Priority'!$B$8:$E$12,2,FALSE))","v":""},null,null,null,null,null,null,null,"",{"$f":"IF(Y76=\"\",\"\",VLOOKUP(Y76,'Benefit Priority'!$B$25:$C$47,2,FALSE))","v":""},{"$f":"IF(OR(Q76=\"\",Z76=\"\"),\"\",VLOOKUP(VLOOKUP(Q76&\" Cost & \"&Z76&\" Benefit\",'Overall Priority'!$D$21:$E$45,2,FALSE),'Overall Priority'!$B$8:$E$16,4,FALSE))","v":""},{"$f":"IF(OR(Q76=\"\",Z76=\"\"),\"\",VLOOKUP(Q76&\" Cost & \"&Z76&\" Benefit\",'Overall Priority'!$D$21:$E$45,2,FALSE))","v":""}]
[null,null,null,null,null,null,null,null,null,null,null,null,null,null,null,{"$f":"IF(O77=\"\",\"\",IF(O77<'Cost Band & Priority'!$E$12,5,IF(O77<'Cost Band & Priority'!$E$11,4,IF(O77<'Cost Band & Priority'!$E$10,3,IF(O77<'Cost Band & Priority'!$E$9,2,1)))))","v":""},{"$f":"IF(P77=\"\",\"\",VLOOKUP(P77,'Cost Band & Priority'!$B$8:$E$12,2,FALSE))","v":""},null,null,null,null,null,null,null,"",{"$f":"IF(Y77=\"\",\"\",VLOOKUP(Y77,'Benefit Priority'!$B$25:$C$47,2,FALSE))","v":""},{"$f":"IF(OR(Q77=\"\",Z77=\"\"),\"\",VLOOKUP(VLOOKUP(Q77&\" Cost & \"&Z77&\" Benefit\",'Overall Priority'!$D$21:$E$45,2,FALSE),'Overall Priority'!$B$8:$E$16,4,FALSE))","v":""},{"$f":"IF(OR(Q77=\"\",Z77=\"\"),\"\",VLOOKUP(Q77&\" Cost & \"&Z77&\" Benefit\",'Overall Priority'!$D$21:$E$45,2,FALSE))","v":""}]
[null,null,null,null,null,null,null,null,null,null,null,null,null,null,null,{"$f":"IF(O78=\"\",\"\",IF(O78<'Cost Band & Priority'!$E$12,5,IF(O78<'Cost Band & Priority'!$E$11,4,IF(O78<'Cost Band & Priority'!$E$10,3,IF(O78<'Cost Band & Priority'!$E$9,2,1)))))","v":""},{"$f":"IF(P78=\"\",\"\",VLOOKUP(P78,'Cost Band & Priority'!$B$8:$E$12,2,FALSE))","v":""},null,null,null,null,null,null,null,"",{"$f":"IF(Y78=\"\",\"\",VLOOKUP(Y78,'Benefit Priority'!$B$25:$C$47,2,FALSE))","v":""},{"$f":"IF(OR(Q78=\"\",Z78=\"\"),\"\",VLOOKUP(VLOOKUP(Q78&\" Cost & \"&Z78&\" Benefit\",'Overall Priority'!$D$21:$E$45,2,FALSE),'Overall Priority'!$B$8:$E$16,4,FALSE))","v":""},{"$f":"IF(OR(Q78=\"\",Z78=\"\"),\"\",VLOOKUP(Q78&\" Cost & \"&Z78&\" Benefit\",'Overall Priority'!$D$21:$E$45,2,FALSE))","v":""}]
[null,null,null,null,null,null,null,null,null,null,null,null,null,null,null,{"$f":"IF(O79=\"\",\"\",IF(O79<'Cost Band & Priority'!$E$12,5,IF(O79<'Cost Band & Priority'!$E$11,4,IF(O79<'Cost Band & Priority'!$E$10,3,IF(O79<'Cost Band & Priority'!$E$9,2,1)))))","v":""},{"$f":"IF(P79=\"\",\"\",VLOOKUP(P79,'Cost Band & Priority'!$B$8:$E$12,2,FALSE))","v":""},null,null,null,null,null,null,null,"",{"$f":"IF(Y79=\"\",\"\",VLOOKUP(Y79,'Benefit Priority'!$B$25:$C$47,2,FALSE))","v":""},{"$f":"IF(OR(Q79=\"\",Z79=\"\"),\"\",VLOOKUP(VLOOKUP(Q79&\" Cost & \"&Z79&\" Benefit\",'Overall Priority'!$D$21:$E$45,2,FALSE),'Overall Priority'!$B$8:$E$16,4,FALSE))","v":""},{"$f":"IF(OR(Q79=\"\",Z79=\"\"),\"\",VLOOKUP(Q79&\" Cost & \"&Z79&\" Benefit\",'Overall Priority'!$D$21:$E$45,2,FALSE))","v":""}]
[null,null,null,null,null,null,null,null,null,null,null,null,null,null,null,{"$f":"IF(O80=\"\",\"\",IF(O80<'Cost Band & Priority'!$E$12,5,IF(O80<'Cost Band & Priority'!$E$11,4,IF(O80<'Cost Band & Priority'!$E$10,3,IF(O80<'Cost Band & Priority'!$E$9,2,1)))))","v":""},{"$f":"IF(P80=\"\",\"\",VLOOKUP(P80,'Cost Band & Priority'!$B$8:$E$12,2,FALSE))","v":""},null,null,null,null,null,null,null,"",{"$f":"IF(Y80=\"\",\"\",VLOOKUP(Y80,'Benefit Priority'!$B$25:$C$47,2,FALSE))","v":""},{"$f":"IF(OR(Q80=\"\",Z80=\"\"),\"\",VLOOKUP(VLOOKUP(Q80&\" Cost & \"&Z80&\" Benefit\",'Overall Priority'!$D$21:$E$45,2,FALSE),'Overall Priority'!$B$8:$E$16,4,FALSE))","v":""},{"$f":"IF(OR(Q80=\"\",Z80=\"\"),\"\",VLOOKUP(Q80&\" Cost & \"&Z80&\" Benefit\",'Overall Priority'!$D$21:$E$45,2,FALSE))","v":""}]
[null,null,null,null,null,null,null,null,null,null,null,null,null,null,null,{"$f":"IF(O81=\"\",\"\",IF(O81<'Cost Band & Priority'!$E$12,5,IF(O81<'Cost Band & Priority'!$E$11,4,IF(O81<'Cost Band & Priority'!$E$10,3,IF(O81<'Cost Band & Priority'!$E$9,2,1)))))","v":""},{"$f":"IF(P81=\"\",\"\",VLOOKUP(P81,'Cost Band & Priority'!$B$8:$E$12,2,FALSE))","v":""},null,null,null,null,null,null,null,"",{"$f":"IF(Y81=\"\",\"\",VLOOKUP(Y81,'Benefit Priority'!$B$25:$C$47,2,FALSE))","v":""},{"$f":"IF(OR(Q81=\"\",Z81=\"\"),\"\",VLOOKUP(VLOOKUP(Q81&\" Cost & \"&Z81&\" Benefit\",'Overall Priority'!$D$21:$E$45,2,FALSE),'Overall Priority'!$B$8:$E$16,4,FALSE))","v":""},{"$f":"IF(OR(Q81=\"\",Z81=\"\"),\"\",VLOOKUP(Q81&\" Cost & \"&Z81&\" Benefit\",'Overall Priority'!$D$21:$E$45,2,FALSE))","v":""}]
[null,null,null,null,null,null,null,null,null,null,null,null,null,null,null,{"$f":"IF(O82=\"\",\"\",IF(O82<'Cost Band & Priority'!$E$12,5,IF(O82<'Cost Band & Priority'!$E$11,4,IF(O82<'Cost Band & Priority'!$E$10,3,IF(O82<'Cost Band & Priority'!$E$9,2,1)))))","v":""},{"$f":"IF(P82=\"\",\"\",VLOOKUP(P82,'Cost Band & Priority'!$B$8:$E$12,2,FALSE))","v":""},null,null,null,null,null,null,null,"",{"$f":"IF(Y82=\"\",\"\",VLOOKUP(Y82,'Benefit Priority'!$B$25:$C$47,2,FALSE))","v":""},{"$f":"IF(OR(Q82=\"\",Z82=\"\"),\"\",VLOOKUP(VLOOKUP(Q82&\" Cost & \"&Z82&\" Benefit\",'Overall Priority'!$D$21:$E$45,2,FALSE),'Overall Priority'!$B$8:$E$16,4,FALSE))","v":""},{"$f":"IF(OR(Q82=\"\",Z82=\"\"),\"\",VLOOKUP(Q82&\" Cost & \"&Z82&\" Benefit\",'Overall Priority'!$D$21:$E$45,2,FALSE))","v":""}]
[null,null,null,null,null,null,null,null,null,null,null,null,null,null,null,{"$f":"IF(O83=\"\",\"\",IF(O83<'Cost Band & Priority'!$E$12,5,IF(O83<'Cost Band & Priority'!$E$11,4,IF(O83<'Cost Band & Priority'!$E$10,3,IF(O83<'Cost Band & Priority'!$E$9,2,1)))))","v":""},{"$f":"IF(P83=\"\",\"\",VLOOKUP(P83,'Cost Band & Priority'!$B$8:$E$12,2,FALSE))","v":""},null,null,null,null,null,null,null,"",{"$f":"IF(Y83=\"\",\"\",VLOOKUP(Y83,'Benefit Priority'!$B$25:$C$47,2,FALSE))","v":""},{"$f":"IF(OR(Q83=\"\",Z83=\"\"),\"\",VLOOKUP(VLOOKUP(Q83&\" Cost & \"&Z83&\" Benefit\",'Overall Priority'!$D$21:$E$45,2,FALSE),'Overall Priority'!$B$8:$E$16,4,FALSE))","v":""},{"$f":"IF(OR(Q83=\"\",Z83=\"\"),\"\",VLOOKUP(Q83&\" Cost & \"&Z83&\" Benefit\",'Overall Priority'!$D$21:$E$45,2,FALSE))","v":""}]
[null,null,null,null,null,null,null,null,null,null,null,null,null,null,null,{"$f":"IF(O84=\"\",\"\",IF(O84<'Cost Band & Priority'!$E$12,5,IF(O84<'Cost Band & Priority'!$E$11,4,IF(O84<'Cost Band & Priority'!$E$10,3,IF(O84<'Cost Band & Priority'!$E$9,2,1)))))","v":""},{"$f":"IF(P84=\"\",\"\",VLOOKUP(P84,'Cost Band & Priority'!$B$8:$E$12,2,FALSE))","v":""},null,null,null,null,null,null,null,"",{"$f":"IF(Y84=\"\",\"\",VLOOKUP(Y84,'Benefit Priority'!$B$25:$C$47,2,FALSE))","v":""},{"$f":"IF(OR(Q84=\"\",Z84=\"\"),\"\",VLOOKUP(VLOOKUP(Q84&\" Cost & \"&Z84&\" Benefit\",'Overall Priority'!$D$21:$E$45,2,FALSE),'Overall Priority'!$B$8:$E$16,4,FALSE))","v":""},{"$f":"IF(OR(Q84=\"\",Z84=\"\"),\"\",VLOOKUP(Q84&\" Cost & \"&Z84&\" Benefit\",'Overall Priority'!$D$21:$E$45,2,FALSE))","v":""}]
[null,null,null,null,null,null,null,null,null,null,null,null,null,null,null,{"$f":"IF(O85=\"\",\"\",IF(O85<'Cost Band & Priority'!$E$12,5,IF(O85<'Cost Band & Priority'!$E$11,4,IF(O85<'Cost Band & Priority'!$E$10,3,IF(O85<'Cost Band & Priority'!$E$9,2,1)))))","v":""},{"$f":"IF(P85=\"\",\"\",VLOOKUP(P85,'Cost Band & Priority'!$B$8:$E$12,2,FALSE))","v":""},null,null,null,null,null,null,null,"",{"$f":"IF(Y85=\"\",\"\",VLOOKUP(Y85,'Benefit Priority'!$B$25:$C$47,2,FALSE))","v":""},{"$f":"IF(OR(Q85=\"\",Z85=\"\"),\"\",VLOOKUP(VLOOKUP(Q85&\" Cost & \"&Z85&\" Benefit\",'Overall Priority'!$D$21:$E$45,2,FALSE),'Overall Priority'!$B$8:$E$16,4,FALSE))","v":""},{"$f":"IF(OR(Q85=\"\",Z85=\"\"),\"\",VLOOKUP(Q85&\" Cost & \"&Z85&\" Benefit\",'Overall Priority'!$D$21:$E$45,2,FALSE))","v":""}]
[null,null,null,null,null,null,null,null,null,null,null,null,null,null,null,{"$f":"IF(O86=\"\",\"\",IF(O86<'Cost Band & Priority'!$E$12,5,IF(O86<'Cost Band & Priority'!$E$11,4,IF(O86<'Cost Band & Priority'!$E$10,3,IF(O86<'Cost Band & Priority'!$E$9,2,1)))))","v":""},{"$f":"IF(P86=\"\",\"\",VLOOKUP(P86,'Cost Band & Priority'!$B$8:$E$12,2,FALSE))","v":""},null,null,null,null,null,null,null,"",{"$f":"IF(Y86=\"\",\"\",VLOOKUP(Y86,'Benefit Priority'!$B$25:$C$47,2,FALSE))","v":""},{"$f":"IF(OR(Q86=\"\",Z86=\"\"),\"\",VLOOKUP(VLOOKUP(Q86&\" Cost & \"&Z86&\" Benefit\",'Overall Priority'!$D$21:$E$45,2,FALSE),'Overall Priority'!$B$8:$E$16,4,FALSE))","v":""},{"$f":"IF(OR(Q86=\"\",Z86=\"\"),\"\",VLOOKUP(Q86&\" Cost & \"&Z86&\" Benefit\",'Overall Priority'!$D$21:$E$45,2,FALSE))","v":""}]
[null,null,null,null,null,null,null,null,null,null,null,null,null,null,null,{"$f":"IF(O87=\"\",\"\",IF(O87<'Cost Band & Priority'!$E$12,5,IF(O87<'Cost Band & Priority'!$E$11,4,IF(O87<'Cost Band & Priority'!$E$10,3,IF(O87<'Cost Band & Priority'!$E$9,2,1)))))","v":""},{"$f":"IF(P87=\"\",\"\",VLOOKUP(P87,'Cost Band & Priority'!$B$8:$E$12,2,FALSE))","v":""},null,null,null,null,null,null,null,"",{"$f":"IF(Y87=\"\",\"\",VLOOKUP(Y87,'Benefit Priority'!$B$25:$C$47,2,FALSE))","v":""},{"$f":"IF(OR(Q87=\"\",Z87=\"\"),\"\",VLOOKUP(VLOOKUP(Q87&\" Cost & \"&Z87&\" Benefit\",'Overall Priority'!$D$21:$E$45,2,FALSE),'Overall Priority'!$B$8:$E$16,4,FALSE))","v":""},{"$f":"IF(OR(Q87=\"\",Z87=\"\"),\"\",VLOOKUP(Q87&\" Cost & \"&Z87&\" Benefit\",'Overall Priority'!$D$21:$E$45,2,FALSE))","v":""}]
[null,null,null,null,null,null,null,null,null,null,null,null,null,null,null,{"$f":"IF(O88=\"\",\"\",IF(O88<'Cost Band & Priority'!$E$12,5,IF(O88<'Cost Band & Priority'!$E$11,4,IF(O88<'Cost Band & Priority'!$E$10,3,IF(O88<'Cost Band & Priority'!$E$9,2,1)))))","v":""},{"$f":"IF(P88=\"\",\"\",VLOOKUP(P88,'Cost Band & Priority'!$B$8:$E$12,2,FALSE))","v":""},null,null,null,null,null,null,null,"",{"$f":"IF(Y88=\"\",\"\",VLOOKUP(Y88,'Benefit Priority'!$B$25:$C$47,2,FALSE))","v":""},{"$f":"IF(OR(Q88=\"\",Z88=\"\"),\"\",VLOOKUP(VLOOKUP(Q88&\" Cost & \"&Z88&\" Benefit\",'Overall Priority'!$D$21:$E$45,2,FALSE),'Overall Priority'!$B$8:$E$16,4,FALSE))","v":""},{"$f":"IF(OR(Q88=\"\",Z88=\"\"),\"\",VLOOKUP(Q88&\" Cost & \"&Z88&\" Benefit\",'Overall Priority'!$D$21:$E$45,2,FALSE))","v":""}]
[null,null,null,null,null,null,null,null,null,null,null,null,null,null,null,{"$f":"IF(O89=\"\",\"\",IF(O89<'Cost Band & Priority'!$E$12,5,IF(O89<'Cost Band & Priority'!$E$11,4,IF(O89<'Cost Band & Priority'!$E$10,3,IF(O89<'Cost Band & Priority'!$E$9,2,1)))))","v":""},{"$f":"IF(P89=\"\",\"\",VLOOKUP(P89,'Cost Band & Priority'!$B$8:$E$12,2,FALSE))","v":""},null,null,null,null,null,null,null,"",{"$f":"IF(Y89=\"\",\"\",VLOOKUP(Y89,'Benefit Priority'!$B$25:$C$47,2,FALSE))","v":""},{"$f":"IF(OR(Q89=\"\",Z89=\"\"),\"\",VLOOKUP(VLOOKUP(Q89&\" Cost & \"&Z89&\" Benefit\",'Overall Priority'!$D$21:$E$45,2,FALSE),'Overall Priority'!$B$8:$E$16,4,FALSE))","v":""},{"$f":"IF(OR(Q89=\"\",Z89=\"\"),\"\",VLOOKUP(Q89&\" Cost & \"&Z89&\" Benefit\",'Overall Priority'!$D$21:$E$45,2,FALSE))","v":""}]
[null,null,null,null,null,null,null,null,null,null,null,null,null,null,null,{"$f":"IF(O90=\"\",\"\",IF(O90<'Cost Band & Priority'!$E$12,5,IF(O90<'Cost Band & Priority'!$E$11,4,IF(O90<'Cost Band & Priority'!$E$10,3,IF(O90<'Cost Band & Priority'!$E$9,2,1)))))","v":""},{"$f":"IF(P90=\"\",\"\",VLOOKUP(P90,'Cost Band & Priority'!$B$8:$E$12,2,FALSE))","v":""},null,null,null,null,null,null,null,"",{"$f":"IF(Y90=\"\",\"\",VLOOKUP(Y90,'Benefit Priority'!$B$25:$C$47,2,FALSE))","v":""},{"$f":"IF(OR(Q90=\"\",Z90=\"\"),\"\",VLOOKUP(VLOOKUP(Q90&\" Cost & \"&Z90&\" Benefit\",'Overall Priority'!$D$21:$E$45,2,FALSE),'Overall Priority'!$B$8:$E$16,4,FALSE))","v":""},{"$f":"IF(OR(Q90=\"\",Z90=\"\"),\"\",VLOOKUP(Q90&\" Cost & \"&Z90&\" Benefit\",'Overall Priority'!$D$21:$E$45,2,FALSE))","v":""}]
[null,null,null,null,null,null,null,null,null,null,null,null,null,null,null,{"$f":"IF(O91=\"\",\"\",IF(O91<'Cost Band & Priority'!$E$12,5,IF(O91<'Cost Band & Priority'!$E$11,4,IF(O91<'Cost Band & Priority'!$E$10,3,IF(O91<'Cost Band & Priority'!$E$9,2,1)))))","v":""},{"$f":"IF(P91=\"\",\"\",VLOOKUP(P91,'Cost Band & Priority'!$B$8:$E$12,2,FALSE))","v":""},null,null,null,null,null,null,null,"",{"$f":"IF(Y91=\"\",\"\",VLOOKUP(Y91,'Benefit Priority'!$B$25:$C$47,2,FALSE))","v":""},{"$f":"IF(OR(Q91=\"\",Z91=\"\"),\"\",VLOOKUP(VLOOKUP(Q91&\" Cost & \"&Z91&\" Benefit\",'Overall Priority'!$D$21:$E$45,2,FALSE),'Overall Priority'!$B$8:$E$16,4,FALSE))","v":""},{"$f":"IF(OR(Q91=\"\",Z91=\"\"),\"\",VLOOKUP(Q91&\" Cost & \"&Z91&\" Benefit\",'Overall Priority'!$D$21:$E$45,2,FALSE))","v":""}]
[null,null,null,null,null,null,null,null,null,null,null,null,null,null,null,{"$f":"IF(O92=\"\",\"\",IF(O92<'Cost Band & Priority'!$E$12,5,IF(O92<'Cost Band & Priority'!$E$11,4,IF(O92<'Cost Band & Priority'!$E$10,3,IF(O92<'Cost Band & Priority'!$E$9,2,1)))))","v":""},{"$f":"IF(P92=\"\",\"\",VLOOKUP(P92,'Cost Band & Priority'!$B$8:$E$12,2,FALSE))","v":""},null,null,null,null,null,null,null,"",{"$f":"IF(Y92=\"\",\"\",VLOOKUP(Y92,'Benefit Priority'!$B$25:$C$47,2,FALSE))","v":""},{"$f":"IF(OR(Q92=\"\",Z92=\"\"),\"\",VLOOKUP(VLOOKUP(Q92&\" Cost & \"&Z92&\" Benefit\",'Overall Priority'!$D$21:$E$45,2,FALSE),'Overall Priority'!$B$8:$E$16,4,FALSE))","v":""},{"$f":"IF(OR(Q92=\"\",Z92=\"\"),\"\",VLOOKUP(Q92&\" Cost & \"&Z92&\" Benefit\",'Overall Priority'!$D$21:$E$45,2,FALSE))","v":""}]
[null,null,null,null,null,null,null,null,null,null,null,null,null,null,null,{"$f":"IF(O93=\"\",\"\",IF(O93<'Cost Band & Priority'!$E$12,5,IF(O93<'Cost Band & Priority'!$E$11,4,IF(O93<'Cost Band & Priority'!$E$10,3,IF(O93<'Cost Band & Priority'!$E$9,2,1)))))","v":""},{"$f":"IF(P93=\"\",\"\",VLOOKUP(P93,'Cost Band & Priority'!$B$8:$E$12,2,FALSE))","v":""},null,null,null,null,null,null,null,"",{"$f":"IF(Y93=\"\",\"\",VLOOKUP(Y93,'Benefit Priority'!$B$25:$C$47,2,FALSE))","v":""},{"$f":"IF(OR(Q93=\"\",Z93=\"\"),\"\",VLOOKUP(VLOOKUP(Q93&\" Cost & \"&Z93&\" Benefit\",'Overall Priority'!$D$21:$E$45,2,FALSE),'Overall Priority'!$B$8:$E$16,4,FALSE))","v":""},{"$f":"IF(OR(Q93=\"\",Z93=\"\"),\"\",VLOOKUP(Q93&\" Cost & \"&Z93&\" Benefit\",'Overall Priority'!$D$21:$E$45,2,FALSE))","v":""}]
[null,null,null,null,null,null,null,null,null,null,null,null,null,null,null,{"$f":"IF(O94=\"\",\"\",IF(O94<'Cost Band & Priority'!$E$12,5,IF(O94<'Cost Band & Priority'!$E$11,4,IF(O94<'Cost Band & Priority'!$E$10,3,IF(O94<'Cost Band & Priority'!$E$9,2,1)))))","v":""},{"$f":"IF(P94=\"\",\"\",VLOOKUP(P94,'Cost Band & Priority'!$B$8:$E$12,2,FALSE))","v":""},null,null,null,null,null,null,null,"",{"$f":"IF(Y94=\"\",\"\",VLOOKUP(Y94,'Benefit Priority'!$B$25:$C$47,2,FALSE))","v":""},{"$f":"IF(OR(Q94=\"\",Z94=\"\"),\"\",VLOOKUP(VLOOKUP(Q94&\" Cost & \"&Z94&\" Benefit\",'Overall Priority'!$D$21:$E$45,2,FALSE),'Overall Priority'!$B$8:$E$16,4,FALSE))","v":""},{"$f":"IF(OR(Q94=\"\",Z94=\"\"),\"\",VLOOKUP(Q94&\" Cost & \"&Z94&\" Benefit\",'Overall Priority'!$D$21:$E$45,2,FALSE))","v":""}]
[null,null,null,null,null,null,null,null,null,null,null,null,null,null,null,{"$f":"IF(O95=\"\",\"\",IF(O95<'Cost Band & Priority'!$E$12,5,IF(O95<'Cost Band & Priority'!$E$11,4,IF(O95<'Cost Band & Priority'!$E$10,3,IF(O95<'Cost Band & Priority'!$E$9,2,1)))))","v":""},{"$f":"IF(P95=\"\",\"\",VLOOKUP(P95,'Cost Band & Priority'!$B$8:$E$12,2,FALSE))","v":""},null,null,null,null,null,null,null,"",{"$f":"IF(Y95=\"\",\"\",VLOOKUP(Y95,'Benefit Priority'!$B$25:$C$47,2,FALSE))","v":""},{"$f":"IF(OR(Q95=\"\",Z95=\"\"),\"\",VLOOKUP(VLOOKUP(Q95&\" Cost & \"&Z95&\" Benefit\",'Overall Priority'!$D$21:$E$45,2,FALSE),'Overall Priority'!$B$8:$E$16,4,FALSE))","v":""},{"$f":"IF(OR(Q95=\"\",Z95=\"\"),\"\",VLOOKUP(Q95&\" Cost & \"&Z95&\" Benefit\",'Overall Priority'!$D$21:$E$45,2,FALSE))","v":""}]
[null,null,null,null,null,null,null,null,null,null,null,null,null,null,null,{"$f":"IF(O96=\"\",\"\",IF(O96<'Cost Band & Priority'!$E$12,5,IF(O96<'Cost Band & Priority'!$E$11,4,IF(O96<'Cost Band & Priority'!$E$10,3,IF(O96<'Cost Band & Priority'!$E$9,2,1)))))","v":""},{"$f":"IF(P96=\"\",\"\",VLOOKUP(P96,'Cost Band & Priority'!$B$8:$E$12,2,FALSE))","v":""},null,null,null,null,null,null,null,"",{"$f":"IF(Y96=\"\",\"\",VLOOKUP(Y96,'Benefit Priority'!$B$25:$C$47,2,FALSE))","v":""},{"$f":"IF(OR(Q96=\"\",Z96=\"\"),\"\",VLOOKUP(VLOOKUP(Q96&\" Cost & \"&Z96&\" Benefit\",'Overall Priority'!$D$21:$E$45,2,FALSE),'Overall Priority'!$B$8:$E$16,4,FALSE))","v":""},{"$f":"IF(OR(Q96=\"\",Z96=\"\"),\"\",VLOOKUP(Q96&\" Cost & \"&Z96&\" Benefit\",'Overall Priority'!$D$21:$E$45,2,FALSE))","v":""}]
[null,null,null,null,null,null,null,null,null,null,null,null,null,null,null,{"$f":"IF(O97=\"\",\"\",IF(O97<'Cost Band & Priority'!$E$12,5,IF(O97<'Cost Band & Priority'!$E$11,4,IF(O97<'Cost Band & Priority'!$E$10,3,IF(O97<'Cost Band & Priority'!$E$9,2,1)))))","v":""},{"$f":"IF(P97=\"\",\"\",VLOOKUP(P97,'Cost Band & Priority'!$B$8:$E$12,2,FALSE))","v":""},null,null,null,null,null,null,null,"",{"$f":"IF(Y97=\"\",\"\",VLOOKUP(Y97,'Benefit Priority'!$B$25:$C$47,2,FALSE))","v":""},{"$f":"IF(OR(Q97=\"\",Z97=\"\"),\"\",VLOOKUP(VLOOKUP(Q97&\" Cost & \"&Z97&\" Benefit\",'Overall Priority'!$D$21:$E$45,2,FALSE),'Overall Priority'!$B$8:$E$16,4,FALSE))","v":""},{"$f":"IF(OR(Q97=\"\",Z97=\"\"),\"\",VLOOKUP(Q97&\" Cost & \"&Z97&\" Benefit\",'Overall Priority'!$D$21:$E$45,2,FALSE))","v":""}]
[null,null,null,null,null,null,null,null,null,null,null,null,null,null,null,{"$f":"IF(O98=\"\",\"\",IF(O98<'Cost Band & Priority'!$E$12,5,IF(O98<'Cost Band & Priority'!$E$11,4,IF(O98<'Cost Band & Priority'!$E$10,3,IF(O98<'Cost Band & Priority'!$E$9,2,1)))))","v":""},{"$f":"IF(P98=\"\",\"\",VLOOKUP(P98,'Cost Band & Priority'!$B$8:$E$12,2,FALSE))","v":""},null,null,null,null,null,null,null,"",{"$f":"IF(Y98=\"\",\"\",VLOOKUP(Y98,'Benefit Priority'!$B$25:$C$47,2,FALSE))","v":""},{"$f":"IF(OR(Q98=\"\",Z98=\"\"),\"\",VLOOKUP(VLOOKUP(Q98&\" Cost & \"&Z98&\" Benefit\",'Overall Priority'!$D$21:$E$45,2,FALSE),'Overall Priority'!$B$8:$E$16,4,FALSE))","v":""},{"$f":"IF(OR(Q98=\"\",Z98=\"\"),\"\",VLOOKUP(Q98&\" Cost & \"&Z98&\" Benefit\",'Overall Priority'!$D$21:$E$45,2,FALSE))","v":""}]
[null,null,null,null,null,null,null,null,null,null,null,null,null,null,null,{"$f":"IF(O99=\"\",\"\",IF(O99<'Cost Band & Priority'!$E$12,5,IF(O99<'Cost Band & Priority'!$E$11,4,IF(O99<'Cost Band & Priority'!$E$10,3,IF(O99<'Cost Band & Priority'!$E$9,2,1)))))","v":""},{"$f":"IF(P99=\"\",\"\",VLOOKUP(P99,'Cost Band & Priority'!$B$8:$E$12,2,FALSE))","v":""},null,null,null,null,null,null,null,"",{"$f":"IF(Y99=\"\",\"\",VLOOKUP(Y99,'Benefit Priority'!$B$25:$C$47,2,FALSE))","v":""},{"$f":"IF(OR(Q99=\"\",Z99=\"\"),\"\",VLOOKUP(VLOOKUP(Q99&\" Cost & \"&Z99&\" Benefit\",'Overall Priority'!$D$21:$E$45,2,FALSE),'Overall Priority'!$B$8:$E$16,4,FALSE))","v":""},{"$f":"IF(OR(Q99=\"\",Z99=\"\"),\"\",VLOOKUP(Q99&\" Cost & \"&Z99&\" Benefit\",'Overall Priority'!$D$21:$E$45,2,FALSE))","v":""}]
[null,null,null,null,null,null,null,null,null,null,null,null,null,null,null,{"$f":"IF(O100=\"\",\"\",IF(O100<'Cost Band & Priority'!$E$12,5,IF(O100<'Cost Band & Priority'!$E$11,4,IF(O100<'Cost Band & Priority'!$E$10,3,IF(O100<'Cost Band & Priority'!$E$9,2,1)))))","v":""},{"$f":"IF(P100=\"\",\"\",VLOOKUP(P100,'Cost Band & Priority'!$B$8:$E$12,2,FALSE))","v":""},null,null,null,null,null,null,null,"",{"$f":"IF(Y100=\"\",\"\",VLOOKUP(Y100,'Benefit Priority'!$B$25:$C$47,2,FALSE))","v":""},{"$f":"IF(OR(Q100=\"\",Z100=\"\"),\"\",VLOOKUP(VLOOKUP(Q100&\" Cost & \"&Z100&\" Benefit\",'Overall Priority'!$D$21:$E$45,2,FALSE),'Overall Priority'!$B$8:$E$16,4,FALSE))","v":""},{"$f":"IF(OR(Q100=\"\",Z100=\"\"),\"\",VLOOKUP(Q100&\" Cost & \"&Z100&\" Benefit\",'Overall Priority'!$D$21:$E$45,2,FALSE))","v":""}]
[null,null,null,null,null,null,null,null,null,null,null,null,null,null,null,{"$f":"IF(O101=\"\",\"\",IF(O101<'Cost Band & Priority'!$E$12,5,IF(O101<'Cost Band & Priority'!$E$11,4,IF(O101<'Cost Band & Priority'!$E$10,3,IF(O101<'Cost Band & Priority'!$E$9,2,1)))))","v":""},{"$f":"IF(P101=\"\",\"\",VLOOKUP(P101,'Cost Band & Priority'!$B$8:$E$12,2,FALSE))","v":""},null,null,null,null,null,null,null,"",{"$f":"IF(Y101=\"\",\"\",VLOOKUP(Y101,'Benefit Priority'!$B$25:$C$47,2,FALSE))","v":""},{"$f":"IF(OR(Q101=\"\",Z101=\"\"),\"\",VLOOKUP(VLOOKUP(Q101&\" Cost & \"&Z101&\" Benefit\",'Overall Priority'!$D$21:$E$45,2,FALSE),'Overall Priority'!$B$8:$E$16,4,FALSE))","v":""},{"$f":"IF(OR(Q101=\"\",Z101=\"\"),\"\",VLOOKUP(Q101&\" Cost & \"&Z101&\" Benefit\",'Overall Priority'!$D$21:$E$45,2,FALSE))","v":""}]
[null,null,null,null,null,null,null,null,null,null,null,null,null,null,null,{"$f":"IF(O102=\"\",\"\",IF(O102<'Cost Band & Priority'!$E$12,5,IF(O102<'Cost Band & Priority'!$E$11,4,IF(O102<'Cost Band & Priority'!$E$10,3,IF(O102<'Cost Band & Priority'!$E$9,2,1)))))","v":""},{"$f":"IF(P102=\"\",\"\",VLOOKUP(P102,'Cost Band & Priority'!$B$8:$E$12,2,FALSE))","v":""},null,null,null,null,null,null,null,"",{"$f":"IF(Y102=\"\",\"\",VLOOKUP(Y102,'Benefit Priority'!$B$25:$C$47,2,FALSE))","v":""},{"$f":"IF(OR(Q102=\"\",Z102=\"\"),\"\",VLOOKUP(VLOOKUP(Q102&\" Cost & \"&Z102&\" Benefit\",'Overall Priority'!$D$21:$E$45,2,FALSE),'Overall Priority'!$B$8:$E$16,4,FALSE))","v":""},{"$f":"IF(OR(Q102=\"\",Z102=\"\"),\"\",VLOOKUP(Q102&\" Cost & \"&Z102&\" Benefit\",'Overall Priority'!$D$21:$E$45,2,FALSE))","v":""}]
[null,null,null,null,null,null,null,null,null,null,null,null,null,null,null,{"$f":"IF(O103=\"\",\"\",IF(O103<'Cost Band & Priority'!$E$12,5,IF(O103<'Cost Band & Priority'!$E$11,4,IF(O103<'Cost Band & Priority'!$E$10,3,IF(O103<'Cost Band & Priority'!$E$9,2,1)))))","v":""},{"$f":"IF(P103=\"\",\"\",VLOOKUP(P103,'Cost Band & Priority'!$B$8:$E$12,2,FALSE))","v":""},null,null,null,null,null,null,null,"",{"$f":"IF(Y103=\"\",\"\",VLOOKUP(Y103,'Benefit Priority'!$B$25:$C$47,2,FALSE))","v":""},{"$f":"IF(OR(Q103=\"\",Z103=\"\"),\"\",VLOOKUP(VLOOKUP(Q103&\" Cost & \"&Z103&\" Benefit\",'Overall Priority'!$D$21:$E$45,2,FALSE),'Overall Priority'!$B$8:$E$16,4,FALSE))","v":""},{"$f":"IF(OR(Q103=\"\",Z103=\"\"),\"\",VLOOKUP(Q103&\" Cost & \"&Z103&\" Benefit\",'Overall Priority'!$D$21:$E$45,2,FALSE))","v":""}]
[null,null,null,null,null,null,null,null,null,null,null,null,null,null,null,{"$f":"IF(O104=\"\",\"\",IF(O104<'Cost Band & Priority'!$E$12,5,IF(O104<'Cost Band & Priority'!$E$11,4,IF(O104<'Cost Band & Priority'!$E$10,3,IF(O104<'Cost Band & Priority'!$E$9,2,1)))))","v":""},{"$f":"IF(P104=\"\",\"\",VLOOKUP(P104,'Cost Band & Priority'!$B$8:$E$12,2,FALSE))","v":""},null,null,null,null,null,null,null,"",{"$f":"IF(Y104=\"\",\"\",VLOOKUP(Y104,'Benefit Priority'!$B$25:$C$47,2,FALSE))","v":""},{"$f":"IF(OR(Q104=\"\",Z104=\"\"),\"\",VLOOKUP(VLOOKUP(Q104&\" Cost & \"&Z104&\" Benefit\",'Overall Priority'!$D$21:$E$45,2,FALSE),'Overall Priority'!$B$8:$E$16,4,FALSE))","v":""},{"$f":"IF(OR(Q104=\"\",Z104=\"\"),\"\",VLOOKUP(Q104&\" Cost & \"&Z104&\" Benefit\",'Overall Priority'!$D$21:$E$45,2,FALSE))","v":""}]
[null,null,null,null,null,null,null,null,null,null,null,null,null,null,null,{"$f":"IF(O105=\"\",\"\",IF(O105<'Cost Band & Priority'!$E$12,5,IF(O105<'Cost Band & Priority'!$E$11,4,IF(O105<'Cost Band & Priority'!$E$10,3,IF(O105<'Cost Band & Priority'!$E$9,2,1)))))","v":""},{"$f":"IF(P105=\"\",\"\",VLOOKUP(P105,'Cost Band & Priority'!$B$8:$E$12,2,FALSE))","v":""},null,null,null,null,null,null,null,"",{"$f":"IF(Y105=\"\",\"\",VLOOKUP(Y105,'Benefit Priority'!$B$25:$C$47,2,FALSE))","v":""},{"$f":"IF(OR(Q105=\"\",Z105=\"\"),\"\",VLOOKUP(VLOOKUP(Q105&\" Cost & \"&Z105&\" Benefit\",'Overall Priority'!$D$21:$E$45,2,FALSE),'Overall Priority'!$B$8:$E$16,4,FALSE))","v":""},{"$f":"IF(OR(Q105=\"\",Z105=\"\"),\"\",VLOOKUP(Q105&\" Cost & \"&Z105&\" Benefit\",'Overall Priority'!$D$21:$E$45,2,FALSE))","v":""}]
[null,null,null,null,null,null,null,null,null,null,null,null,null,null,null,{"$f":"IF(O106=\"\",\"\",IF(O106<'Cost Band & Priority'!$E$12,5,IF(O106<'Cost Band & Priority'!$E$11,4,IF(O106<'Cost Band & Priority'!$E$10,3,IF(O106<'Cost Band & Priority'!$E$9,2,1)))))","v":""},{"$f":"IF(P106=\"\",\"\",VLOOKUP(P106,'Cost Band & Priority'!$B$8:$E$12,2,FALSE))","v":""},null,null,null,null,null,null,null,"",{"$f":"IF(Y106=\"\",\"\",VLOOKUP(Y106,'Benefit Priority'!$B$25:$C$47,2,FALSE))","v":""},{"$f":"IF(OR(Q106=\"\",Z106=\"\"),\"\",VLOOKUP(VLOOKUP(Q106&\" Cost & \"&Z106&\" Benefit\",'Overall Priority'!$D$21:$E$45,2,FALSE),'Overall Priority'!$B$8:$E$16,4,FALSE))","v":""},{"$f":"IF(OR(Q106=\"\",Z106=\"\"),\"\",VLOOKUP(Q106&\" Cost & \"&Z106&\" Benefit\",'Overall Priority'!$D$21:$E$45,2,FALSE))","v":""}]
[null,null,null,null,null,null,null,null,null,null,null,null,null,null,null,{"$f":"IF(O107=\"\",\"\",IF(O107<'Cost Band & Priority'!$E$12,5,IF(O107<'Cost Band & Priority'!$E$11,4,IF(O107<'Cost Band & Priority'!$E$10,3,IF(O107<'Cost Band & Priority'!$E$9,2,1)))))","v":""},{"$f":"IF(P107=\"\",\"\",VLOOKUP(P107,'Cost Band & Priority'!$B$8:$E$12,2,FALSE))","v":""},null,null,null,null,null,null,null,"",{"$f":"IF(Y107=\"\",\"\",VLOOKUP(Y107,'Benefit Priority'!$B$25:$C$47,2,FALSE))","v":""},{"$f":"IF(OR(Q107=\"\",Z107=\"\"),\"\",VLOOKUP(VLOOKUP(Q107&\" Cost & \"&Z107&\" Benefit\",'Overall Priority'!$D$21:$E$45,2,FALSE),'Overall Priority'!$B$8:$E$16,4,FALSE))","v":""},{"$f":"IF(OR(Q107=\"\",Z107=\"\"),\"\",VLOOKUP(Q107&\" Cost & \"&Z107&\" Benefit\",'Overall Priority'!$D$21:$E$45,2,FALSE))","v":""}]
[null,null,null,null,null,null,null,null,null,null,null,null,null,null,null,{"$f":"IF(O108=\"\",\"\",IF(O108<'Cost Band & Priority'!$E$12,5,IF(O108<'Cost Band & Priority'!$E$11,4,IF(O108<'Cost Band & Priority'!$E$10,3,IF(O108<'Cost Band & Priority'!$E$9,2,1)))))","v":""},{"$f":"IF(P108=\"\",\"\",VLOOKUP(P108,'Cost Band & Priority'!$B$8:$E$12,2,FALSE))","v":""},null,null,null,null,null,null,null,"",{"$f":"IF(Y108=\"\",\"\",VLOOKUP(Y108,'Benefit Priority'!$B$25:$C$47,2,FALSE))","v":""},{"$f":"IF(OR(Q108=\"\",Z108=\"\"),\"\",VLOOKUP(VLOOKUP(Q108&\" Cost & \"&Z108&\" Benefit\",'Overall Priority'!$D$21:$E$45,2,FALSE),'Overall Priority'!$B$8:$E$16,4,FALSE))","v":""},{"$f":"IF(OR(Q108=\"\",Z108=\"\"),\"\",VLOOKUP(Q108&\" Cost & \"&Z108&\" Benefit\",'Overall Priority'!$D$21:$E$45,2,FALSE))","v":""}]
[null,null,null,null,null,null,null,null,null,null,null,null,null,null,null,{"$f":"IF(O109=\"\",\"\",IF(O109<'Cost Band & Priority'!$E$12,5,IF(O109<'Cost Band & Priority'!$E$11,4,IF(O109<'Cost Band & Priority'!$E$10,3,IF(O109<'Cost Band & Priority'!$E$9,2,1)))))","v":""},{"$f":"IF(P109=\"\",\"\",VLOOKUP(P109,'Cost Band & Priority'!$B$8:$E$12,2,FALSE))","v":""},null,null,null,null,null,null,null,"",{"$f":"IF(Y109=\"\",\"\",VLOOKUP(Y109,'Benefit Priority'!$B$25:$C$47,2,FALSE))","v":""},{"$f":"IF(OR(Q109=\"\",Z109=\"\"),\"\",VLOOKUP(VLOOKUP(Q109&\" Cost & \"&Z109&\" Benefit\",'Overall Priority'!$D$21:$E$45,2,FALSE),'Overall Priority'!$B$8:$E$16,4,FALSE))","v":""},{"$f":"IF(OR(Q109=\"\",Z109=\"\"),\"\",VLOOKUP(Q109&\" Cost & \"&Z109&\" Benefit\",'Overall Priority'!$D$21:$E$45,2,FALSE))","v":""}]
[null,null,null,null,null,null,null,null,null,null,null,null,null,null,null,{"$f":"IF(O110=\"\",\"\",IF(O110<'Cost Band & Priority'!$E$12,5,IF(O110<'Cost Band & Priority'!$E$11,4,IF(O110<'Cost Band & Priority'!$E$10,3,IF(O110<'Cost Band & Priority'!$E$9,2,1)))))","v":""},{"$f":"IF(P110=\"\",\"\",VLOOKUP(P110,'Cost Band & Priority'!$B$8:$E$12,2,FALSE))","v":""},null,null,null,null,null,null,null,"",{"$f":"IF(Y110=\"\",\"\",VLOOKUP(Y110,'Benefit Priority'!$B$25:$C$47,2,FALSE))","v":""},{"$f":"IF(OR(Q110=\"\",Z110=\"\"),\"\",VLOOKUP(VLOOKUP(Q110&\" Cost & \"&Z110&\" Benefit\",'Overall Priority'!$D$21:$E$45,2,FALSE),'Overall Priority'!$B$8:$E$16,4,FALSE))","v":""},{"$f":"IF(OR(Q110=\"\",Z110=\"\"),\"\",VLOOKUP(Q110&\" Cost & \"&Z110&\" Benefit\",'Overall Priority'!$D$21:$E$45,2,FALSE))","v":""}]
[null,null,null,null,null,null,null,null,null,null,null,null,null,null,null,{"$f":"IF(O111=\"\",\"\",IF(O111<'Cost Band & Priority'!$E$12,5,IF(O111<'Cost Band & Priority'!$E$11,4,IF(O111<'Cost Band & Priority'!$E$10,3,IF(O111<'Cost Band & Priority'!$E$9,2,1)))))","v":""},{"$f":"IF(P111=\"\",\"\",VLOOKUP(P111,'Cost Band & Priority'!$B$8:$E$12,2,FALSE))","v":""},null,null,null,null,null,null,null,"",{"$f":"IF(Y111=\"\",\"\",VLOOKUP(Y111,'Benefit Priority'!$B$25:$C$47,2,FALSE))","v":""},{"$f":"IF(OR(Q111=\"\",Z111=\"\"),\"\",VLOOKUP(VLOOKUP(Q111&\" Cost & \"&Z111&\" Benefit\",'Overall Priority'!$D$21:$E$45,2,FALSE),'Overall Priority'!$B$8:$E$16,4,FALSE))","v":""},{"$f":"IF(OR(Q111=\"\",Z111=\"\"),\"\",VLOOKUP(Q111&\" Cost & \"&Z111&\" Benefit\",'Overall Priority'!$D$21:$E$45,2,FALSE))","v":""}]
[null,null,null,null,null,null,null,null,null,null,null,null,null,null,null,{"$f":"IF(O112=\"\",\"\",IF(O112<'Cost Band & Priority'!$E$12,5,IF(O112<'Cost Band & Priority'!$E$11,4,IF(O112<'Cost Band & Priority'!$E$10,3,IF(O112<'Cost Band & Priority'!$E$9,2,1)))))","v":""},{"$f":"IF(P112=\"\",\"\",VLOOKUP(P112,'Cost Band & Priority'!$B$8:$E$12,2,FALSE))","v":""},null,null,null,null,null,null,null,"",{"$f":"IF(Y112=\"\",\"\",VLOOKUP(Y112,'Benefit Priority'!$B$25:$C$47,2,FALSE))","v":""},{"$f":"IF(OR(Q112=\"\",Z112=\"\"),\"\",VLOOKUP(VLOOKUP(Q112&\" Cost & \"&Z112&\" Benefit\",'Overall Priority'!$D$21:$E$45,2,FALSE),'Overall Priority'!$B$8:$E$16,4,FALSE))","v":""},{"$f":"IF(OR(Q112=\"\",Z112=\"\"),\"\",VLOOKUP(Q112&\" Cost & \"&Z112&\" Benefit\",'Overall Priority'!$D$21:$E$45,2,FALSE))","v":""}]
[null,null,null,null,null,null,null,null,null,null,null,null,null,null,null,{"$f":"IF(O113=\"\",\"\",IF(O113<'Cost Band & Priority'!$E$12,5,IF(O113<'Cost Band & Priority'!$E$11,4,IF(O113<'Cost Band & Priority'!$E$10,3,IF(O113<'Cost Band & Priority'!$E$9,2,1)))))","v":""},{"$f":"IF(P113=\"\",\"\",VLOOKUP(P113,'Cost Band & Priority'!$B$8:$E$12,2,FALSE))","v":""},null,null,null,null,null,null,null,"",{"$f":"IF(Y113=\"\",\"\",VLOOKUP(Y113,'Benefit Priority'!$B$25:$C$47,2,FALSE))","v":""},{"$f":"IF(OR(Q113=\"\",Z113=\"\"),\"\",VLOOKUP(VLOOKUP(Q113&\" Cost & \"&Z113&\" Benefit\",'Overall Priority'!$D$21:$E$45,2,FALSE),'Overall Priority'!$B$8:$E$16,4,FALSE))","v":""},{"$f":"IF(OR(Q113=\"\",Z113=\"\"),\"\",VLOOKUP(Q113&\" Cost & \"&Z113&\" Benefit\",'Overall Priority'!$D$21:$E$45,2,FALSE))","v":""}]
[null,null,null,null,null,null,null,null,null,null,null,null,null,null,null,{"$f":"IF(O114=\"\",\"\",IF(O114<'Cost Band & Priority'!$E$12,5,IF(O114<'Cost Band & Priority'!$E$11,4,IF(O114<'Cost Band & Priority'!$E$10,3,IF(O114<'Cost Band & Priority'!$E$9,2,1)))))","v":""},{"$f":"IF(P114=\"\",\"\",VLOOKUP(P114,'Cost Band & Priority'!$B$8:$E$12,2,FALSE))","v":""},null,null,null,null,null,null,null,"",{"$f":"IF(Y114=\"\",\"\",VLOOKUP(Y114,'Benefit Priority'!$B$25:$C$47,2,FALSE))","v":""},{"$f":"IF(OR(Q114=\"\",Z114=\"\"),\"\",VLOOKUP(VLOOKUP(Q114&\" Cost & \"&Z114&\" Benefit\",'Overall Priority'!$D$21:$E$45,2,FALSE),'Overall Priority'!$B$8:$E$16,4,FALSE))","v":""},{"$f":"IF(OR(Q114=\"\",Z114=\"\"),\"\",VLOOKUP(Q114&\" Cost & \"&Z114&\" Benefit\",'Overall Priority'!$D$21:$E$45,2,FALSE))","v":""}]
[null,null,null,null,null,null,null,null,null,null,null,null,null,null,null,{"$f":"IF(O115=\"\",\"\",IF(O115<'Cost Band & Priority'!$E$12,5,IF(O115<'Cost Band & Priority'!$E$11,4,IF(O115<'Cost Band & Priority'!$E$10,3,IF(O115<'Cost Band & Priority'!$E$9,2,1)))))","v":""},{"$f":"IF(P115=\"\",\"\",VLOOKUP(P115,'Cost Band & Priority'!$B$8:$E$12,2,FALSE))","v":""},null,null,null,null,null,null,null,"",{"$f":"IF(Y115=\"\",\"\",VLOOKUP(Y115,'Benefit Priority'!$B$25:$C$47,2,FALSE))","v":""},{"$f":"IF(OR(Q115=\"\",Z115=\"\"),\"\",VLOOKUP(VLOOKUP(Q115&\" Cost & \"&Z115&\" Benefit\",'Overall Priority'!$D$21:$E$45,2,FALSE),'Overall Priority'!$B$8:$E$16,4,FALSE))","v":""},{"$f":"IF(OR(Q115=\"\",Z115=\"\"),\"\",VLOOKUP(Q115&\" Cost & \"&Z115&\" Benefit\",'Overall Priority'!$D$21:$E$45,2,FALSE))","v":""}]
[null,null,null,null,null,null,null,null,null,null,null,null,null,null,null,{"$f":"IF(O116=\"\",\"\",IF(O116<'Cost Band & Priority'!$E$12,5,IF(O116<'Cost Band & Priority'!$E$11,4,IF(O116<'Cost Band & Priority'!$E$10,3,IF(O116<'Cost Band & Priority'!$E$9,2,1)))))","v":""},{"$f":"IF(P116=\"\",\"\",VLOOKUP(P116,'Cost Band & Priority'!$B$8:$E$12,2,FALSE))","v":""},null,null,null,null,null,null,null,"",{"$f":"IF(Y116=\"\",\"\",VLOOKUP(Y116,'Benefit Priority'!$B$25:$C$47,2,FALSE))","v":""},{"$f":"IF(OR(Q116=\"\",Z116=\"\"),\"\",VLOOKUP(VLOOKUP(Q116&\" Cost & \"&Z116&\" Benefit\",'Overall Priority'!$D$21:$E$45,2,FALSE),'Overall Priority'!$B$8:$E$16,4,FALSE))","v":""},{"$f":"IF(OR(Q116=\"\",Z116=\"\"),\"\",VLOOKUP(Q116&\" Cost & \"&Z116&\" Benefit\",'Overall Priority'!$D$21:$E$45,2,FALSE))","v":""}]
[null,null,null,null,null,null,null,null,null,null,null,null,null,null,null,{"$f":"IF(O117=\"\",\"\",IF(O117<'Cost Band & Priority'!$E$12,5,IF(O117<'Cost Band & Priority'!$E$11,4,IF(O117<'Cost Band & Priority'!$E$10,3,IF(O117<'Cost Band & Priority'!$E$9,2,1)))))","v":""},{"$f":"IF(P117=\"\",\"\",VLOOKUP(P117,'Cost Band & Priority'!$B$8:$E$12,2,FALSE))","v":""},null,null,null,null,null,null,null,"",{"$f":"IF(Y117=\"\",\"\",VLOOKUP(Y117,'Benefit Priority'!$B$25:$C$47,2,FALSE))","v":""},{"$f":"IF(OR(Q117=\"\",Z117=\"\"),\"\",VLOOKUP(VLOOKUP(Q117&\" Cost & \"&Z117&\" Benefit\",'Overall Priority'!$D$21:$E$45,2,FALSE),'Overall Priority'!$B$8:$E$16,4,FALSE))","v":""},{"$f":"IF(OR(Q117=\"\",Z117=\"\"),\"\",VLOOKUP(Q117&\" Cost & \"&Z117&\" Benefit\",'Overall Priority'!$D$21:$E$45,2,FALSE))","v":""}]
[null,null,null,null,null,null,null,null,null,null,null,null,null,null,null,{"$f":"IF(O118=\"\",\"\",IF(O118<'Cost Band & Priority'!$E$12,5,IF(O118<'Cost Band & Priority'!$E$11,4,IF(O118<'Cost Band & Priority'!$E$10,3,IF(O118<'Cost Band & Priority'!$E$9,2,1)))))","v":""},{"$f":"IF(P118=\"\",\"\",VLOOKUP(P118,'Cost Band & Priority'!$B$8:$E$12,2,FALSE))","v":""},null,null,null,null,null,null,null,"",{"$f":"IF(Y118=\"\",\"\",VLOOKUP(Y118,'Benefit Priority'!$B$25:$C$47,2,FALSE))","v":""},{"$f":"IF(OR(Q118=\"\",Z118=\"\"),\"\",VLOOKUP(VLOOKUP(Q118&\" Cost & \"&Z118&\" Benefit\",'Overall Priority'!$D$21:$E$45,2,FALSE),'Overall Priority'!$B$8:$E$16,4,FALSE))","v":""},{"$f":"IF(OR(Q118=\"\",Z118=\"\"),\"\",VLOOKUP(Q118&\" Cost & \"&Z118&\" Benefit\",'Overall Priority'!$D$21:$E$45,2,FALSE))","v":""}]
[null,null,null,null,null,null,null,null,null,null,null,null,null,null,null,{"$f":"IF(O119=\"\",\"\",IF(O119<'Cost Band & Priority'!$E$12,5,IF(O119<'Cost Band & Priority'!$E$11,4,IF(O119<'Cost Band & Priority'!$E$10,3,IF(O119<'Cost Band & Priority'!$E$9,2,1)))))","v":""},{"$f":"IF(P119=\"\",\"\",VLOOKUP(P119,'Cost Band & Priority'!$B$8:$E$12,2,FALSE))","v":""},null,null,null,null,null,null,null,"",{"$f":"IF(Y119=\"\",\"\",VLOOKUP(Y119,'Benefit Priority'!$B$25:$C$47,2,FALSE))","v":""},{"$f":"IF(OR(Q119=\"\",Z119=\"\"),\"\",VLOOKUP(VLOOKUP(Q119&\" Cost & \"&Z119&\" Benefit\",'Overall Priority'!$D$21:$E$45,2,FALSE),'Overall Priority'!$B$8:$E$16,4,FALSE))","v":""},{"$f":"IF(OR(Q119=\"\",Z119=\"\"),\"\",VLOOKUP(Q119&\" Cost & \"&Z119&\" Benefit\",'Overall Priority'!$D$21:$E$45,2,FALSE))","v":""}]
[null,null,null,null,null,null,null,null,null,null,null,null,null,null,null,{"$f":"IF(O120=\"\",\"\",IF(O120<'Cost Band & Priority'!$E$12,5,IF(O120<'Cost Band & Priority'!$E$11,4,IF(O120<'Cost Band & Priority'!$E$10,3,IF(O120<'Cost Band & Priority'!$E$9,2,1)))))","v":""},{"$f":"IF(P120=\"\",\"\",VLOOKUP(P120,'Cost Band & Priority'!$B$8:$E$12,2,FALSE))","v":""},null,null,null,null,null,null,null,"",{"$f":"IF(Y120=\"\",\"\",VLOOKUP(Y120,'Benefit Priority'!$B$25:$C$47,2,FALSE))","v":""},{"$f":"IF(OR(Q120=\"\",Z120=\"\"),\"\",VLOOKUP(VLOOKUP(Q120&\" Cost & \"&Z120&\" Benefit\",'Overall Priority'!$D$21:$E$45,2,FALSE),'Overall Priority'!$B$8:$E$16,4,FALSE))","v":""},{"$f":"IF(OR(Q120=\"\",Z120=\"\"),\"\",VLOOKUP(Q120&\" Cost & \"&Z120&\" Benefit\",'Overall Priority'!$D$21:$E$45,2,FALSE))","v":""}]
[null,null,null,null,null,null,null,null,null,null,null,null,null,null,null,{"$f":"IF(O121=\"\",\"\",IF(O121<'Cost Band & Priority'!$E$12,5,IF(O121<'Cost Band & Priority'!$E$11,4,IF(O121<'Cost Band & Priority'!$E$10,3,IF(O121<'Cost Band & Priority'!$E$9,2,1)))))","v":""},{"$f":"IF(P121=\"\",\"\",VLOOKUP(P121,'Cost Band & Priority'!$B$8:$E$12,2,FALSE))","v":""},null,null,null,null,null,null,null,"",{"$f":"IF(Y121=\"\",\"\",VLOOKUP(Y121,'Benefit Priority'!$B$25:$C$47,2,FALSE))","v":""},{"$f":"IF(OR(Q121=\"\",Z121=\"\"),\"\",VLOOKUP(VLOOKUP(Q121&\" Cost & \"&Z121&\" Benefit\",'Overall Priority'!$D$21:$E$45,2,FALSE),'Overall Priority'!$B$8:$E$16,4,FALSE))","v":""},{"$f":"IF(OR(Q121=\"\",Z121=\"\"),\"\",VLOOKUP(Q121&\" Cost & \"&Z121&\" Benefit\",'Overall Priority'!$D$21:$E$45,2,FALSE))","v":""}]
[null,null,null,null,null,null,null,null,null,null,null,null,null,null,null,{"$f":"IF(O122=\"\",\"\",IF(O122<'Cost Band & Priority'!$E$12,5,IF(O122<'Cost Band & Priority'!$E$11,4,IF(O122<'Cost Band & Priority'!$E$10,3,IF(O122<'Cost Band & Priority'!$E$9,2,1)))))","v":""},{"$f":"IF(P122=\"\",\"\",VLOOKUP(P122,'Cost Band & Priority'!$B$8:$E$12,2,FALSE))","v":""},null,null,null,null,null,null,null,"",{"$f":"IF(Y122=\"\",\"\",VLOOKUP(Y122,'Benefit Priority'!$B$25:$C$47,2,FALSE))","v":""},{"$f":"IF(OR(Q122=\"\",Z122=\"\"),\"\",VLOOKUP(VLOOKUP(Q122&\" Cost & \"&Z122&\" Benefit\",'Overall Priority'!$D$21:$E$45,2,FALSE),'Overall Priority'!$B$8:$E$16,4,FALSE))","v":""},{"$f":"IF(OR(Q122=\"\",Z122=\"\"),\"\",VLOOKUP(Q122&\" Cost & \"&Z122&\" Benefit\",'Overall Priority'!$D$21:$E$45,2,FALSE))","v":""}]
[null,null,null,null,null,null,null,null,null,null,null,null,null,null,null,{"$f":"IF(O123=\"\",\"\",IF(O123<'Cost Band & Priority'!$E$12,5,IF(O123<'Cost Band & Priority'!$E$11,4,IF(O123<'Cost Band & Priority'!$E$10,3,IF(O123<'Cost Band & Priority'!$E$9,2,1)))))","v":""},{"$f":"IF(P123=\"\",\"\",VLOOKUP(P123,'Cost Band & Priority'!$B$8:$E$12,2,FALSE))","v":""},null,null,null,null,null,null,null,"",{"$f":"IF(Y123=\"\",\"\",VLOOKUP(Y123,'Benefit Priority'!$B$25:$C$47,2,FALSE))","v":""},{"$f":"IF(OR(Q123=\"\",Z123=\"\"),\"\",VLOOKUP(VLOOKUP(Q123&\" Cost & \"&Z123&\" Benefit\",'Overall Priority'!$D$21:$E$45,2,FALSE),'Overall Priority'!$B$8:$E$16,4,FALSE))","v":""},{"$f":"IF(OR(Q123=\"\",Z123=\"\"),\"\",VLOOKUP(Q123&\" Cost & \"&Z123&\" Benefit\",'Overall Priority'!$D$21:$E$45,2,FALSE))","v":""}]
[null,null,null,null,null,null,null,null,null,null,null,null,null,null,null,{"$f":"IF(O124=\"\",\"\",IF(O124<'Cost Band & Priority'!$E$12,5,IF(O124<'Cost Band & Priority'!$E$11,4,IF(O124<'Cost Band & Priority'!$E$10,3,IF(O124<'Cost Band & Priority'!$E$9,2,1)))))","v":""},{"$f":"IF(P124=\"\",\"\",VLOOKUP(P124,'Cost Band & Priority'!$B$8:$E$12,2,FALSE))","v":""},null,null,null,null,null,null,null,"",{"$f":"IF(Y124=\"\",\"\",VLOOKUP(Y124,'Benefit Priority'!$B$25:$C$47,2,FALSE))","v":""},{"$f":"IF(OR(Q124=\"\",Z124=\"\"),\"\",VLOOKUP(VLOOKUP(Q124&\" Cost & \"&Z124&\" Benefit\",'Overall Priority'!$D$21:$E$45,2,FALSE),'Overall Priority'!$B$8:$E$16,4,FALSE))","v":""},{"$f":"IF(OR(Q124=\"\",Z124=\"\"),\"\",VLOOKUP(Q124&\" Cost & \"&Z124&\" Benefit\",'Overall Priority'!$D$21:$E$45,2,FALSE))","v":""}]
[null,null,null,null,null,null,null,null,null,null,null,null,null,null,null,{"$f":"IF(O125=\"\",\"\",IF(O125<'Cost Band & Priority'!$E$12,5,IF(O125<'Cost Band & Priority'!$E$11,4,IF(O125<'Cost Band & Priority'!$E$10,3,IF(O125<'Cost Band & Priority'!$E$9,2,1)))))","v":""},{"$f":"IF(P125=\"\",\"\",VLOOKUP(P125,'Cost Band & Priority'!$B$8:$E$12,2,FALSE))","v":""},null,null,null,null,null,null,null,"",{"$f":"IF(Y125=\"\",\"\",VLOOKUP(Y125,'Benefit Priority'!$B$25:$C$47,2,FALSE))","v":""},{"$f":"IF(OR(Q125=\"\",Z125=\"\"),\"\",VLOOKUP(VLOOKUP(Q125&\" Cost & \"&Z125&\" Benefit\",'Overall Priority'!$D$21:$E$45,2,FALSE),'Overall Priority'!$B$8:$E$16,4,FALSE))","v":""},{"$f":"IF(OR(Q125=\"\",Z125=\"\"),\"\",VLOOKUP(Q125&\" Cost & \"&Z125&\" Benefit\",'Overall Priority'!$D$21:$E$45,2,FALSE))","v":""}]
[null,null,null,null,null,null,null,null,null,null,null,null,null,null,null,{"$f":"IF(O126=\"\",\"\",IF(O126<'Cost Band & Priority'!$E$12,5,IF(O126<'Cost Band & Priority'!$E$11,4,IF(O126<'Cost Band & Priority'!$E$10,3,IF(O126<'Cost Band & Priority'!$E$9,2,1)))))","v":""},{"$f":"IF(P126=\"\",\"\",VLOOKUP(P126,'Cost Band & Priority'!$B$8:$E$12,2,FALSE))","v":""},null,null,null,null,null,null,null,"",{"$f":"IF(Y126=\"\",\"\",VLOOKUP(Y126,'Benefit Priority'!$B$25:$C$47,2,FALSE))","v":""},{"$f":"IF(OR(Q126=\"\",Z126=\"\"),\"\",VLOOKUP(VLOOKUP(Q126&\" Cost & \"&Z126&\" Benefit\",'Overall Priority'!$D$21:$E$45,2,FALSE),'Overall Priority'!$B$8:$E$16,4,FALSE))","v":""},{"$f":"IF(OR(Q126=\"\",Z126=\"\"),\"\",VLOOKUP(Q126&\" Cost & \"&Z126&\" Benefit\",'Overall Priority'!$D$21:$E$45,2,FALSE))","v":""}]
[null,null,null,null,null,null,null,null,null,null,null,null,null,null,null,{"$f":"IF(O127=\"\",\"\",IF(O127<'Cost Band & Priority'!$E$12,5,IF(O127<'Cost Band & Priority'!$E$11,4,IF(O127<'Cost Band & Priority'!$E$10,3,IF(O127<'Cost Band & Priority'!$E$9,2,1)))))","v":""},{"$f":"IF(P127=\"\",\"\",VLOOKUP(P127,'Cost Band & Priority'!$B$8:$E$12,2,FALSE))","v":""},null,null,null,null,null,null,null,"",{"$f":"IF(Y127=\"\",\"\",VLOOKUP(Y127,'Benefit Priority'!$B$25:$C$47,2,FALSE))","v":""},{"$f":"IF(OR(Q127=\"\",Z127=\"\"),\"\",VLOOKUP(VLOOKUP(Q127&\" Cost & \"&Z127&\" Benefit\",'Overall Priority'!$D$21:$E$45,2,FALSE),'Overall Priority'!$B$8:$E$16,4,FALSE))","v":""},{"$f":"IF(OR(Q127=\"\",Z127=\"\"),\"\",VLOOKUP(Q127&\" Cost & \"&Z127&\" Benefit\",'Overall Priority'!$D$21:$E$45,2,FALSE))","v":""}]
[null,null,null,null,null,null,null,null,null,null,null,null,null,null,null,{"$f":"IF(O128=\"\",\"\",IF(O128<'Cost Band & Priority'!$E$12,5,IF(O128<'Cost Band & Priority'!$E$11,4,IF(O128<'Cost Band & Priority'!$E$10,3,IF(O128<'Cost Band & Priority'!$E$9,2,1)))))","v":""},{"$f":"IF(P128=\"\",\"\",VLOOKUP(P128,'Cost Band & Priority'!$B$8:$E$12,2,FALSE))","v":""},null,null,null,null,null,null,null,"",{"$f":"IF(Y128=\"\",\"\",VLOOKUP(Y128,'Benefit Priority'!$B$25:$C$47,2,FALSE))","v":""},{"$f":"IF(OR(Q128=\"\",Z128=\"\"),\"\",VLOOKUP(VLOOKUP(Q128&\" Cost & \"&Z128&\" Benefit\",'Overall Priority'!$D$21:$E$45,2,FALSE),'Overall Priority'!$B$8:$E$16,4,FALSE))","v":""},{"$f":"IF(OR(Q128=\"\",Z128=\"\"),\"\",VLOOKUP(Q128&\" Cost & \"&Z128&\" Benefit\",'Overall Priority'!$D$21:$E$45,2,FALSE))","v":""}]
[null,null,null,null,null,null,null,null,null,null,null,null,null,null,null,{"$f":"IF(O129=\"\",\"\",IF(O129<'Cost Band & Priority'!$E$12,5,IF(O129<'Cost Band & Priority'!$E$11,4,IF(O129<'Cost Band & Priority'!$E$10,3,IF(O129<'Cost Band & Priority'!$E$9,2,1)))))","v":""},{"$f":"IF(P129=\"\",\"\",VLOOKUP(P129,'Cost Band & Priority'!$B$8:$E$12,2,FALSE))","v":""},null,null,null,null,null,null,null,"",{"$f":"IF(Y129=\"\",\"\",VLOOKUP(Y129,'Benefit Priority'!$B$25:$C$47,2,FALSE))","v":""},{"$f":"IF(OR(Q129=\"\",Z129=\"\"),\"\",VLOOKUP(VLOOKUP(Q129&\" Cost & \"&Z129&\" Benefit\",'Overall Priority'!$D$21:$E$45,2,FALSE),'Overall Priority'!$B$8:$E$16,4,FALSE))","v":""},{"$f":"IF(OR(Q129=\"\",Z129=\"\"),\"\",VLOOKUP(Q129&\" Cost & \"&Z129&\" Benefit\",'Overall Priority'!$D$21:$E$45,2,FALSE))","v":""}]
[null,null,null,null,null,null,null,null,null,null,null,null,null,null,null,{"$f":"IF(O130=\"\",\"\",IF(O130<'Cost Band & Priority'!$E$12,5,IF(O130<'Cost Band & Priority'!$E$11,4,IF(O130<'Cost Band & Priority'!$E$10,3,IF(O130<'Cost Band & Priority'!$E$9,2,1)))))","v":""},{"$f":"IF(P130=\"\",\"\",VLOOKUP(P130,'Cost Band & Priority'!$B$8:$E$12,2,FALSE))","v":""},null,null,null,null,null,null,null,{"$f":"IF(AND(R130>0,S130>0,T130>0,U130>0,V130>0,W130>0,X130>0),SUM(R130:X130),\"\")","v":""},{"$f":"IF(Y130=\"\",\"\",VLOOKUP(Y130,'Benefit Priority'!$B$25:$C$47,2,FALSE))","v":""},{"$f":"IF(OR(Q130=\"\",Z130=\"\"),\"\",VLOOKUP(VLOOKUP(Q130&\" Cost & \"&Z130&\" Benefit\",'Overall Priority'!$D$21:$E$45,2,FALSE),'Overall Priority'!$B$8:$E$16,4,FALSE))","v":""},{"$f":"IF(OR(Q130=\"\",Z130=\"\"),\"\",VLOOKUP(Q130&\" Cost & \"&Z130&\" Benefit\",'Overall Priority'!$D$21:$E$45,2,FALSE))","v":""}]
[null,null,null,null,null,null,null,null,null,null,null,null,null,null,null,{"$f":"IF(O131=\"\",\"\",IF(O131<'Cost Band & Priority'!$E$12,5,IF(O131<'Cost Band & Priority'!$E$11,4,IF(O131<'Cost Band & Priority'!$E$10,3,IF(O131<'Cost Band & Priority'!$E$9,2,1)))))","v":""},{"$f":"IF(P131=\"\",\"\",VLOOKUP(P131,'Cost Band & Priority'!$B$8:$E$12,2,FALSE))","v":""},null,null,null,null,null,null,null,"",{"$f":"IF(Y131=\"\",\"\",VLOOKUP(Y131,'Benefit Priority'!$B$25:$C$47,2,FALSE))","v":""},{"$f":"IF(OR(Q131=\"\",Z131=\"\"),\"\",VLOOKUP(VLOOKUP(Q131&\" Cost & \"&Z131&\" Benefit\",'Overall Priority'!$D$21:$E$45,2,FALSE),'Overall Priority'!$B$8:$E$16,4,FALSE))","v":""},{"$f":"IF(OR(Q131=\"\",Z131=\"\"),\"\",VLOOKUP(Q131&\" Cost & \"&Z131&\" Benefit\",'Overall Priority'!$D$21:$E$45,2,FALSE))","v":""}]
[null,null,null,null,null,null,null,null,null,null,null,null,null,null,null,{"$f":"IF(O132=\"\",\"\",IF(O132<'Cost Band & Priority'!$E$12,5,IF(O132<'Cost Band & Priority'!$E$11,4,IF(O132<'Cost Band & Priority'!$E$10,3,IF(O132<'Cost Band & Priority'!$E$9,2,1)))))","v":""},{"$f":"IF(P132=\"\",\"\",VLOOKUP(P132,'Cost Band & Priority'!$B$8:$E$12,2,FALSE))","v":""},null,null,null,null,null,null,null,"",{"$f":"IF(Y132=\"\",\"\",VLOOKUP(Y132,'Benefit Priority'!$B$25:$C$47,2,FALSE))","v":""},{"$f":"IF(OR(Q132=\"\",Z132=\"\"),\"\",VLOOKUP(VLOOKUP(Q132&\" Cost & \"&Z132&\" Benefit\",'Overall Priority'!$D$21:$E$45,2,FALSE),'Overall Priority'!$B$8:$E$16,4,FALSE))","v":""},{"$f":"IF(OR(Q132=\"\",Z132=\"\"),\"\",VLOOKUP(Q132&\" Cost & \"&Z132&\" Benefit\",'Overall Priority'!$D$21:$E$45,2,FALSE))","v":""}]
[null,null,null,null,null,null,null,null,null,null,null,null,null,null,null,{"$f":"IF(O133=\"\",\"\",IF(O133<'Cost Band & Priority'!$E$12,5,IF(O133<'Cost Band & Priority'!$E$11,4,IF(O133<'Cost Band & Priority'!$E$10,3,IF(O133<'Cost Band & Priority'!$E$9,2,1)))))","v":""},{"$f":"IF(P133=\"\",\"\",VLOOKUP(P133,'Cost Band & Priority'!$B$8:$E$12,2,FALSE))","v":""},null,null,null,null,null,null,null,"",{"$f":"IF(Y133=\"\",\"\",VLOOKUP(Y133,'Benefit Priority'!$B$25:$C$47,2,FALSE))","v":""},{"$f":"IF(OR(Q133=\"\",Z133=\"\"),\"\",VLOOKUP(VLOOKUP(Q133&\" Cost & \"&Z133&\" Benefit\",'Overall Priority'!$D$21:$E$45,2,FALSE),'Overall Priority'!$B$8:$E$16,4,FALSE))","v":""},{"$f":"IF(OR(Q133=\"\",Z133=\"\"),\"\",VLOOKUP(Q133&\" Cost & \"&Z133&\" Benefit\",'Overall Priority'!$D$21:$E$45,2,FALSE))","v":""}]
[null,null,null,null,null,null,null,null,null,null,null,null,null,null,null,{"$f":"IF(O134=\"\",\"\",IF(O134<'Cost Band & Priority'!$E$12,5,IF(O134<'Cost Band & Priority'!$E$11,4,IF(O134<'Cost Band & Priority'!$E$10,3,IF(O134<'Cost Band & Priority'!$E$9,2,1)))))","v":""},{"$f":"IF(P134=\"\",\"\",VLOOKUP(P134,'Cost Band & Priority'!$B$8:$E$12,2,FALSE))","v":""},null,null,null,null,null,null,null,"",{"$f":"IF(Y134=\"\",\"\",VLOOKUP(Y134,'Benefit Priority'!$B$25:$C$47,2,FALSE))","v":""},{"$f":"IF(OR(Q134=\"\",Z134=\"\"),\"\",VLOOKUP(VLOOKUP(Q134&\" Cost & \"&Z134&\" Benefit\",'Overall Priority'!$D$21:$E$45,2,FALSE),'Overall Priority'!$B$8:$E$16,4,FALSE))","v":""},{"$f":"IF(OR(Q134=\"\",Z134=\"\"),\"\",VLOOKUP(Q134&\" Cost & \"&Z134&\" Benefit\",'Overall Priority'!$D$21:$E$45,2,FALSE))","v":""}]
[null,null,null,null,null,null,null,null,null,null,null,null,null,null,null,{"$f":"IF(O135=\"\",\"\",IF(O135<'Cost Band & Priority'!$E$12,5,IF(O135<'Cost Band & Priority'!$E$11,4,IF(O135<'Cost Band & Priority'!$E$10,3,IF(O135<'Cost Band & Priority'!$E$9,2,1)))))","v":""},{"$f":"IF(P135=\"\",\"\",VLOOKUP(P135,'Cost Band & Priority'!$B$8:$E$12,2,FALSE))","v":""},null,null,null,null,null,null,null,"",{"$f":"IF(Y135=\"\",\"\",VLOOKUP(Y135,'Benefit Priority'!$B$25:$C$47,2,FALSE))","v":""},{"$f":"IF(OR(Q135=\"\",Z135=\"\"),\"\",VLOOKUP(VLOOKUP(Q135&\" Cost & \"&Z135&\" Benefit\",'Overall Priority'!$D$21:$E$45,2,FALSE),'Overall Priority'!$B$8:$E$16,4,FALSE))","v":""},{"$f":"IF(OR(Q135=\"\",Z135=\"\"),\"\",VLOOKUP(Q135&\" Cost & \"&Z135&\" Benefit\",'Overall Priority'!$D$21:$E$45,2,FALSE))","v":""}]
[null,null,null,null,null,null,null,null,null,null,null,null,null,null,null,{"$f":"IF(O136=\"\",\"\",IF(O136<'Cost Band & Priority'!$E$12,5,IF(O136<'Cost Band & Priority'!$E$11,4,IF(O136<'Cost Band & Priority'!$E$10,3,IF(O136<'Cost Band & Priority'!$E$9,2,1)))))","v":""},{"$f":"IF(P136=\"\",\"\",VLOOKUP(P136,'Cost Band & Priority'!$B$8:$E$12,2,FALSE))","v":""},null,null,null,null,null,null,null,"",{"$f":"IF(Y136=\"\",\"\",VLOOKUP(Y136,'Benefit Priority'!$B$25:$C$47,2,FALSE))","v":""},{"$f":"IF(OR(Q136=\"\",Z136=\"\"),\"\",VLOOKUP(VLOOKUP(Q136&\" Cost & \"&Z136&\" Benefit\",'Overall Priority'!$D$21:$E$45,2,FALSE),'Overall Priority'!$B$8:$E$16,4,FALSE))","v":""},{"$f":"IF(OR(Q136=\"\",Z136=\"\"),\"\",VLOOKUP(Q136&\" Cost & \"&Z136&\" Benefit\",'Overall Priority'!$D$21:$E$45,2,FALSE))","v":""}]
[null,null,null,null,null,null,null,null,null,null,null,null,null,null,null,{"$f":"IF(O137=\"\",\"\",IF(O137<'Cost Band & Priority'!$E$12,5,IF(O137<'Cost Band & Priority'!$E$11,4,IF(O137<'Cost Band & Priority'!$E$10,3,IF(O137<'Cost Band & Priority'!$E$9,2,1)))))","v":""},{"$f":"IF(P137=\"\",\"\",VLOOKUP(P137,'Cost Band & Priority'!$B$8:$E$12,2,FALSE))","v":""},null,null,null,null,null,null,null,"",{"$f":"IF(Y137=\"\",\"\",VLOOKUP(Y137,'Benefit Priority'!$B$25:$C$47,2,FALSE))","v":""},{"$f":"IF(OR(Q137=\"\",Z137=\"\"),\"\",VLOOKUP(VLOOKUP(Q137&\" Cost & \"&Z137&\" Benefit\",'Overall Priority'!$D$21:$E$45,2,FALSE),'Overall Priority'!$B$8:$E$16,4,FALSE))","v":""},{"$f":"IF(OR(Q137=\"\",Z137=\"\"),\"\",VLOOKUP(Q137&\" Cost & \"&Z137&\" Benefit\",'Overall Priority'!$D$21:$E$45,2,FALSE))","v":""}]
[null,null,null,null,null,null,null,null,null,null,null,null,null,null,null,{"$f":"IF(O138=\"\",\"\",IF(O138<'Cost Band & Priority'!$E$12,5,IF(O138<'Cost Band & Priority'!$E$11,4,IF(O138<'Cost Band & Priority'!$E$10,3,IF(O138<'Cost Band & Priority'!$E$9,2,1)))))","v":""},{"$f":"IF(P138=\"\",\"\",VLOOKUP(P138,'Cost Band & Priority'!$B$8:$E$12,2,FALSE))","v":""},null,null,null,null,null,null,null,"",{"$f":"IF(Y138=\"\",\"\",VLOOKUP(Y138,'Benefit Priority'!$B$25:$C$47,2,FALSE))","v":""},{"$f":"IF(OR(Q138=\"\",Z138=\"\"),\"\",VLOOKUP(VLOOKUP(Q138&\" Cost & \"&Z138&\" Benefit\",'Overall Priority'!$D$21:$E$45,2,FALSE),'Overall Priority'!$B$8:$E$16,4,FALSE))","v":""},{"$f":"IF(OR(Q138=\"\",Z138=\"\"),\"\",VLOOKUP(Q138&\" Cost & \"&Z138&\" Benefit\",'Overall Priority'!$D$21:$E$45,2,FALSE))","v":""}]
[null,null,null,null,null,null,null,null,null,null,null,null,null,null,null,{"$f":"IF(O139=\"\",\"\",IF(O139<'Cost Band & Priority'!$E$12,5,IF(O139<'Cost Band & Priority'!$E$11,4,IF(O139<'Cost Band & Priority'!$E$10,3,IF(O139<'Cost Band & Priority'!$E$9,2,1)))))","v":""},{"$f":"IF(P139=\"\",\"\",VLOOKUP(P139,'Cost Band & Priority'!$B$8:$E$12,2,FALSE))","v":""},null,null,null,null,null,null,null,"",{"$f":"IF(Y139=\"\",\"\",VLOOKUP(Y139,'Benefit Priority'!$B$25:$C$47,2,FALSE))","v":""},{"$f":"IF(OR(Q139=\"\",Z139=\"\"),\"\",VLOOKUP(VLOOKUP(Q139&\" Cost & \"&Z139&\" Benefit\",'Overall Priority'!$D$21:$E$45,2,FALSE),'Overall Priority'!$B$8:$E$16,4,FALSE))","v":""},{"$f":"IF(OR(Q139=\"\",Z139=\"\"),\"\",VLOOKUP(Q139&\" Cost & \"&Z139&\" Benefit\",'Overall Priority'!$D$21:$E$45,2,FALSE))","v":""}]
[null,null,null,null,null,null,null,null,null,null,null,null,null,null,null,{"$f":"IF(O140=\"\",\"\",IF(O140<'Cost Band & Priority'!$E$12,5,IF(O140<'Cost Band & Priority'!$E$11,4,IF(O140<'Cost Band & Priority'!$E$10,3,IF(O140<'Cost Band & Priority'!$E$9,2,1)))))","v":""},{"$f":"IF(P140=\"\",\"\",VLOOKUP(P140,'Cost Band & Priority'!$B$8:$E$12,2,FALSE))","v":""},null,null,null,null,null,null,null,"",{"$f":"IF(Y140=\"\",\"\",VLOOKUP(Y140,'Benefit Priority'!$B$25:$C$47,2,FALSE))","v":""},{"$f":"IF(OR(Q140=\"\",Z140=\"\"),\"\",VLOOKUP(VLOOKUP(Q140&\" Cost & \"&Z140&\" Benefit\",'Overall Priority'!$D$21:$E$45,2,FALSE),'Overall Priority'!$B$8:$E$16,4,FALSE))","v":""},{"$f":"IF(OR(Q140=\"\",Z140=\"\"),\"\",VLOOKUP(Q140&\" Cost & \"&Z140&\" Benefit\",'Overall Priority'!$D$21:$E$45,2,FALSE))","v":""}]
[null,null,null,null,null,null,null,null,null,null,null,null,null,null,null,{"$f":"IF(O141=\"\",\"\",IF(O141<'Cost Band & Priority'!$E$12,5,IF(O141<'Cost Band & Priority'!$E$11,4,IF(O141<'Cost Band & Priority'!$E$10,3,IF(O141<'Cost Band & Priority'!$E$9,2,1)))))","v":""},{"$f":"IF(P141=\"\",\"\",VLOOKUP(P141,'Cost Band & Priority'!$B$8:$E$12,2,FALSE))","v":""},null,null,null,null,null,null,null,"",{"$f":"IF(Y141=\"\",\"\",VLOOKUP(Y141,'Benefit Priority'!$B$25:$C$47,2,FALSE))","v":""},{"$f":"IF(OR(Q141=\"\",Z141=\"\"),\"\",VLOOKUP(VLOOKUP(Q141&\" Cost & \"&Z141&\" Benefit\",'Overall Priority'!$D$21:$E$45,2,FALSE),'Overall Priority'!$B$8:$E$16,4,FALSE))","v":""},{"$f":"IF(OR(Q141=\"\",Z141=\"\"),\"\",VLOOKUP(Q141&\" Cost & \"&Z141&\" Benefit\",'Overall Priority'!$D$21:$E$45,2,FALSE))","v":""}]
[null,null,null,null,null,null,null,null,null,null,null,null,null,null,null,{"$f":"IF(O142=\"\",\"\",IF(O142<'Cost Band & Priority'!$E$12,5,IF(O142<'Cost Band & Priority'!$E$11,4,IF(O142<'Cost Band & Priority'!$E$10,3,IF(O142<'Cost Band & Priority'!$E$9,2,1)))))","v":""},{"$f":"IF(P142=\"\",\"\",VLOOKUP(P142,'Cost Band & Priority'!$B$8:$E$12,2,FALSE))","v":""},null,null,null,null,null,null,null,"",{"$f":"IF(Y142=\"\",\"\",VLOOKUP(Y142,'Benefit Priority'!$B$25:$C$47,2,FALSE))","v":""},{"$f":"IF(OR(Q142=\"\",Z142=\"\"),\"\",VLOOKUP(VLOOKUP(Q142&\" Cost & \"&Z142&\" Benefit\",'Overall Priority'!$D$21:$E$45,2,FALSE),'Overall Priority'!$B$8:$E$16,4,FALSE))","v":""},{"$f":"IF(OR(Q142=\"\",Z142=\"\"),\"\",VLOOKUP(Q142&\" Cost & \"&Z142&\" Benefit\",'Overall Priority'!$D$21:$E$45,2,FALSE))","v":""}]
[null,null,null,null,null,null,null,null,null,null,null,null,null,null,null,{"$f":"IF(O143=\"\",\"\",IF(O143<'Cost Band & Priority'!$E$12,5,IF(O143<'Cost Band & Priority'!$E$11,4,IF(O143<'Cost Band & Priority'!$E$10,3,IF(O143<'Cost Band & Priority'!$E$9,2,1)))))","v":""},{"$f":"IF(P143=\"\",\"\",VLOOKUP(P143,'Cost Band & Priority'!$B$8:$E$12,2,FALSE))","v":""},null,null,null,null,null,null,null,"",{"$f":"IF(Y143=\"\",\"\",VLOOKUP(Y143,'Benefit Priority'!$B$25:$C$47,2,FALSE))","v":""},{"$f":"IF(OR(Q143=\"\",Z143=\"\"),\"\",VLOOKUP(VLOOKUP(Q143&\" Cost & \"&Z143&\" Benefit\",'Overall Priority'!$D$21:$E$45,2,FALSE),'Overall Priority'!$B$8:$E$16,4,FALSE))","v":""},{"$f":"IF(OR(Q143=\"\",Z143=\"\"),\"\",VLOOKUP(Q143&\" Cost & \"&Z143&\" Benefit\",'Overall Priority'!$D$21:$E$45,2,FALSE))","v":""}]
[null,null,null,null,null,null,null,null,null,null,null,null,null,null,null,{"$f":"IF(O144=\"\",\"\",IF(O144<'Cost Band & Priority'!$E$12,5,IF(O144<'Cost Band & Priority'!$E$11,4,IF(O144<'Cost Band & Priority'!$E$10,3,IF(O144<'Cost Band & Priority'!$E$9,2,1)))))","v":""},{"$f":"IF(P144=\"\",\"\",VLOOKUP(P144,'Cost Band & Priority'!$B$8:$E$12,2,FALSE))","v":""},null,null,null,null,null,null,null,"",{"$f":"IF(Y144=\"\",\"\",VLOOKUP(Y144,'Benefit Priority'!$B$25:$C$47,2,FALSE))","v":""},{"$f":"IF(OR(Q144=\"\",Z144=\"\"),\"\",VLOOKUP(VLOOKUP(Q144&\" Cost & \"&Z144&\" Benefit\",'Overall Priority'!$D$21:$E$45,2,FALSE),'Overall Priority'!$B$8:$E$16,4,FALSE))","v":""},{"$f":"IF(OR(Q144=\"\",Z144=\"\"),\"\",VLOOKUP(Q144&\" Cost & \"&Z144&\" Benefit\",'Overall Priority'!$D$21:$E$45,2,FALSE))","v":""}]
[null,null,null,null,null,null,null,null,null,null,null,null,null,null,null,{"$f":"IF(O145=\"\",\"\",IF(O145<'Cost Band & Priority'!$E$12,5,IF(O145<'Cost Band & Priority'!$E$11,4,IF(O145<'Cost Band & Priority'!$E$10,3,IF(O145<'Cost Band & Priority'!$E$9,2,1)))))","v":""},{"$f":"IF(P145=\"\",\"\",VLOOKUP(P145,'Cost Band & Priority'!$B$8:$E$12,2,FALSE))","v":""},null,null,null,null,null,null,null,"",{"$f":"IF(Y145=\"\",\"\",VLOOKUP(Y145,'Benefit Priority'!$B$25:$C$47,2,FALSE))","v":""},{"$f":"IF(OR(Q145=\"\",Z145=\"\"),\"\",VLOOKUP(VLOOKUP(Q145&\" Cost & \"&Z145&\" Benefit\",'Overall Priority'!$D$21:$E$45,2,FALSE),'Overall Priority'!$B$8:$E$16,4,FALSE))","v":""},{"$f":"IF(OR(Q145=\"\",Z145=\"\"),\"\",VLOOKUP(Q145&\" Cost & \"&Z145&\" Benefit\",'Overall Priority'!$D$21:$E$45,2,FALSE))","v":""}]
[null,null,null,null,null,null,null,null,null,null,null,null,null,null,null,{"$f":"IF(O146=\"\",\"\",IF(O146<'Cost Band & Priority'!$E$12,5,IF(O146<'Cost Band & Priority'!$E$11,4,IF(O146<'Cost Band & Priority'!$E$10,3,IF(O146<'Cost Band & Priority'!$E$9,2,1)))))","v":""},{"$f":"IF(P146=\"\",\"\",VLOOKUP(P146,'Cost Band & Priority'!$B$8:$E$12,2,FALSE))","v":""},null,null,null,null,null,null,null,"",{"$f":"IF(Y146=\"\",\"\",VLOOKUP(Y146,'Benefit Priority'!$B$25:$C$47,2,FALSE))","v":""},{"$f":"IF(OR(Q146=\"\",Z146=\"\"),\"\",VLOOKUP(VLOOKUP(Q146&\" Cost & \"&Z146&\" Benefit\",'Overall Priority'!$D$21:$E$45,2,FALSE),'Overall Priority'!$B$8:$E$16,4,FALSE))","v":""},{"$f":"IF(OR(Q146=\"\",Z146=\"\"),\"\",VLOOKUP(Q146&\" Cost & \"&Z146&\" Benefit\",'Overall Priority'!$D$21:$E$45,2,FALSE))","v":""}]
[null,null,null,null,null,null,null,null,null,null,null,null,null,null,null,{"$f":"IF(O147=\"\",\"\",IF(O147<'Cost Band & Priority'!$E$12,5,IF(O147<'Cost Band & Priority'!$E$11,4,IF(O147<'Cost Band & Priority'!$E$10,3,IF(O147<'Cost Band & Priority'!$E$9,2,1)))))","v":""},{"$f":"IF(P147=\"\",\"\",VLOOKUP(P147,'Cost Band & Priority'!$B$8:$E$12,2,FALSE))","v":""},null,null,null,null,null,null,null,"",{"$f":"IF(Y147=\"\",\"\",VLOOKUP(Y147,'Benefit Priority'!$B$25:$C$47,2,FALSE))","v":""},{"$f":"IF(OR(Q147=\"\",Z147=\"\"),\"\",VLOOKUP(VLOOKUP(Q147&\" Cost & \"&Z147&\" Benefit\",'Overall Priority'!$D$21:$E$45,2,FALSE),'Overall Priority'!$B$8:$E$16,4,FALSE))","v":""},{"$f":"IF(OR(Q147=\"\",Z147=\"\"),\"\",VLOOKUP(Q147&\" Cost & \"&Z147&\" Benefit\",'Overall Priority'!$D$21:$E$45,2,FALSE))","v":""}]
[null,null,null,null,null,null,null,null,null,null,null,null,null,null,null,{"$f":"IF(O148=\"\",\"\",IF(O148<'Cost Band & Priority'!$E$12,5,IF(O148<'Cost Band & Priority'!$E$11,4,IF(O148<'Cost Band & Priority'!$E$10,3,IF(O148<'Cost Band & Priority'!$E$9,2,1)))))","v":""},{"$f":"IF(P148=\"\",\"\",VLOOKUP(P148,'Cost Band & Priority'!$B$8:$E$12,2,FALSE))","v":""},null,null,null,null,null,null,null,"",{"$f":"IF(Y148=\"\",\"\",VLOOKUP(Y148,'Benefit Priority'!$B$25:$C$47,2,FALSE))","v":""},{"$f":"IF(OR(Q148=\"\",Z148=\"\"),\"\",VLOOKUP(VLOOKUP(Q148&\" Cost & \"&Z148&\" Benefit\",'Overall Priority'!$D$21:$E$45,2,FALSE),'Overall Priority'!$B$8:$E$16,4,FALSE))","v":""},{"$f":"IF(OR(Q148=\"\",Z148=\"\"),\"\",VLOOKUP(Q148&\" Cost & \"&Z148&\" Benefit\",'Overall Priority'!$D$21:$E$45,2,FALSE))","v":""}]
[null,null,null,null,null,null,null,null,null,null,null,null,null,null,null,{"$f":"IF(O149=\"\",\"\",IF(O149<'Cost Band & Priority'!$E$12,5,IF(O149<'Cost Band & Priority'!$E$11,4,IF(O149<'Cost Band & Priority'!$E$10,3,IF(O149<'Cost Band & Priority'!$E$9,2,1)))))","v":""},{"$f":"IF(P149=\"\",\"\",VLOOKUP(P149,'Cost Band & Priority'!$B$8:$E$12,2,FALSE))","v":""},null,null,null,null,null,null,null,"",{"$f":"IF(Y149=\"\",\"\",VLOOKUP(Y149,'Benefit Priority'!$B$25:$C$47,2,FALSE))","v":""},{"$f":"IF(OR(Q149=\"\",Z149=\"\"),\"\",VLOOKUP(VLOOKUP(Q149&\" Cost & \"&Z149&\" Benefit\",'Overall Priority'!$D$21:$E$45,2,FALSE),'Overall Priority'!$B$8:$E$16,4,FALSE))","v":""},{"$f":"IF(OR(Q149=\"\",Z149=\"\"),\"\",VLOOKUP(Q149&\" Cost & \"&Z149&\" Benefit\",'Overall Priority'!$D$21:$E$45,2,FALSE))","v":""}]
[null,null,null,null,null,null,null,null,null,null,null,null,null,null,null,{"$f":"IF(O150=\"\",\"\",IF(O150<'Cost Band & Priority'!$E$12,5,IF(O150<'Cost Band & Priority'!$E$11,4,IF(O150<'Cost Band & Priority'!$E$10,3,IF(O150<'Cost Band & Priority'!$E$9,2,1)))))","v":""},{"$f":"IF(P150=\"\",\"\",VLOOKUP(P150,'Cost Band & Priority'!$B$8:$E$12,2,FALSE))","v":""},null,null,null,null,null,null,null,"",{"$f":"IF(Y150=\"\",\"\",VLOOKUP(Y150,'Benefit Priority'!$B$25:$C$47,2,FALSE))","v":""},{"$f":"IF(OR(Q150=\"\",Z150=\"\"),\"\",VLOOKUP(VLOOKUP(Q150&\" Cost & \"&Z150&\" Benefit\",'Overall Priority'!$D$21:$E$45,2,FALSE),'Overall Priority'!$B$8:$E$16,4,FALSE))","v":""},{"$f":"IF(OR(Q150=\"\",Z150=\"\"),\"\",VLOOKUP(Q150&\" Cost & \"&Z150&\" Benefit\",'Overall Priority'!$D$21:$E$45,2,FALSE))","v":""}]
[null,null,null,null,null,null,null,null,null,null,null,null,null,null,null,{"$f":"IF(O151=\"\",\"\",IF(O151<'Cost Band & Priority'!$E$12,5,IF(O151<'Cost Band & Priority'!$E$11,4,IF(O151<'Cost Band & Priority'!$E$10,3,IF(O151<'Cost Band & Priority'!$E$9,2,1)))))","v":""},{"$f":"IF(P151=\"\",\"\",VLOOKUP(P151,'Cost Band & Priority'!$B$8:$E$12,2,FALSE))","v":""},null,null,null,null,null,null,null,"",{"$f":"IF(Y151=\"\",\"\",VLOOKUP(Y151,'Benefit Priority'!$B$25:$C$47,2,FALSE))","v":""},{"$f":"IF(OR(Q151=\"\",Z151=\"\"),\"\",VLOOKUP(VLOOKUP(Q151&\" Cost & \"&Z151&\" Benefit\",'Overall Priority'!$D$21:$E$45,2,FALSE),'Overall Priority'!$B$8:$E$16,4,FALSE))","v":""},{"$f":"IF(OR(Q151=\"\",Z151=\"\"),\"\",VLOOKUP(Q151&\" Cost & \"&Z151&\" Benefit\",'Overall Priority'!$D$21:$E$45,2,FALSE))","v":""}]
[null,null,null,null,null,null,null,null,null,null,null,null,null,null,null,{"$f":"IF(O152=\"\",\"\",IF(O152<'Cost Band & Priority'!$E$12,5,IF(O152<'Cost Band & Priority'!$E$11,4,IF(O152<'Cost Band & Priority'!$E$10,3,IF(O152<'Cost Band & Priority'!$E$9,2,1)))))","v":""},{"$f":"IF(P152=\"\",\"\",VLOOKUP(P152,'Cost Band & Priority'!$B$8:$E$12,2,FALSE))","v":""},null,null,null,null,null,null,null,"",{"$f":"IF(Y152=\"\",\"\",VLOOKUP(Y152,'Benefit Priority'!$B$25:$C$47,2,FALSE))","v":""},{"$f":"IF(OR(Q152=\"\",Z152=\"\"),\"\",VLOOKUP(VLOOKUP(Q152&\" Cost & \"&Z152&\" Benefit\",'Overall Priority'!$D$21:$E$45,2,FALSE),'Overall Priority'!$B$8:$E$16,4,FALSE))","v":""},{"$f":"IF(OR(Q152=\"\",Z152=\"\"),\"\",VLOOKUP(Q152&\" Cost & \"&Z152&\" Benefit\",'Overall Priority'!$D$21:$E$45,2,FALSE))","v":""}]
[null,null,null,null,null,null,null,null,null,null,null,null,null,null,null,{"$f":"IF(O153=\"\",\"\",IF(O153<'Cost Band & Priority'!$E$12,5,IF(O153<'Cost Band & Priority'!$E$11,4,IF(O153<'Cost Band & Priority'!$E$10,3,IF(O153<'Cost Band & Priority'!$E$9,2,1)))))","v":""},{"$f":"IF(P153=\"\",\"\",VLOOKUP(P153,'Cost Band & Priority'!$B$8:$E$12,2,FALSE))","v":""},null,null,null,null,null,null,null,"",{"$f":"IF(Y153=\"\",\"\",VLOOKUP(Y153,'Benefit Priority'!$B$25:$C$47,2,FALSE))","v":""},{"$f":"IF(OR(Q153=\"\",Z153=\"\"),\"\",VLOOKUP(VLOOKUP(Q153&\" Cost & \"&Z153&\" Benefit\",'Overall Priority'!$D$21:$E$45,2,FALSE),'Overall Priority'!$B$8:$E$16,4,FALSE))","v":""},{"$f":"IF(OR(Q153=\"\",Z153=\"\"),\"\",VLOOKUP(Q153&\" Cost & \"&Z153&\" Benefit\",'Overall Priority'!$D$21:$E$45,2,FALSE))","v":""}]
[null,null,null,null,null,null,null,null,null,null,null,null,null,null,null,{"$f":"IF(O154=\"\",\"\",IF(O154<'Cost Band & Priority'!$E$12,5,IF(O154<'Cost Band & Priority'!$E$11,4,IF(O154<'Cost Band & Priority'!$E$10,3,IF(O154<'Cost Band & Priority'!$E$9,2,1)))))","v":""},{"$f":"IF(P154=\"\",\"\",VLOOKUP(P154,'Cost Band & Priority'!$B$8:$E$12,2,FALSE))","v":""},null,null,null,null,null,null,null,"",{"$f":"IF(Y154=\"\",\"\",VLOOKUP(Y154,'Benefit Priority'!$B$25:$C$47,2,FALSE))","v":""},{"$f":"IF(OR(Q154=\"\",Z154=\"\"),\"\",VLOOKUP(VLOOKUP(Q154&\" Cost & \"&Z154&\" Benefit\",'Overall Priority'!$D$21:$E$45,2,FALSE),'Overall Priority'!$B$8:$E$16,4,FALSE))","v":""},{"$f":"IF(OR(Q154=\"\",Z154=\"\"),\"\",VLOOKUP(Q154&\" Cost & \"&Z154&\" Benefit\",'Overall Priority'!$D$21:$E$45,2,FALSE))","v":""}]
[null,null,null,null,null,null,null,null,null,null,null,null,null,null,null,{"$f":"IF(O155=\"\",\"\",IF(O155<'Cost Band & Priority'!$E$12,5,IF(O155<'Cost Band & Priority'!$E$11,4,IF(O155<'Cost Band & Priority'!$E$10,3,IF(O155<'Cost Band & Priority'!$E$9,2,1)))))","v":""},{"$f":"IF(P155=\"\",\"\",VLOOKUP(P155,'Cost Band & Priority'!$B$8:$E$12,2,FALSE))","v":""},null,null,null,null,null,null,null,"",{"$f":"IF(Y155=\"\",\"\",VLOOKUP(Y155,'Benefit Priority'!$B$25:$C$47,2,FALSE))","v":""},{"$f":"IF(OR(Q155=\"\",Z155=\"\"),\"\",VLOOKUP(VLOOKUP(Q155&\" Cost & \"&Z155&\" Benefit\",'Overall Priority'!$D$21:$E$45,2,FALSE),'Overall Priority'!$B$8:$E$16,4,FALSE))","v":""},{"$f":"IF(OR(Q155=\"\",Z155=\"\"),\"\",VLOOKUP(Q155&\" Cost & \"&Z155&\" Benefit\",'Overall Priority'!$D$21:$E$45,2,FALSE))","v":""}]
[null,null,null,null,null,null,null,null,null,null,null,null,null,null,null,{"$f":"IF(O156=\"\",\"\",IF(O156<'Cost Band & Priority'!$E$12,5,IF(O156<'Cost Band & Priority'!$E$11,4,IF(O156<'Cost Band & Priority'!$E$10,3,IF(O156<'Cost Band & Priority'!$E$9,2,1)))))","v":""},{"$f":"IF(P156=\"\",\"\",VLOOKUP(P156,'Cost Band & Priority'!$B$8:$E$12,2,FALSE))","v":""},null,null,null,null,null,null,null,"",{"$f":"IF(Y156=\"\",\"\",VLOOKUP(Y156,'Benefit Priority'!$B$25:$C$47,2,FALSE))","v":""},{"$f":"IF(OR(Q156=\"\",Z156=\"\"),\"\",VLOOKUP(VLOOKUP(Q156&\" Cost & \"&Z156&\" Benefit\",'Overall Priority'!$D$21:$E$45,2,FALSE),'Overall Priority'!$B$8:$E$16,4,FALSE))","v":""},{"$f":"IF(OR(Q156=\"\",Z156=\"\"),\"\",VLOOKUP(Q156&\" Cost & \"&Z156&\" Benefit\",'Overall Priority'!$D$21:$E$45,2,FALSE))","v":""}]
[null,null,null,null,null,null,null,null,null,null,null,null,null,null,null,{"$f":"IF(O157=\"\",\"\",IF(O157<'Cost Band & Priority'!$E$12,5,IF(O157<'Cost Band & Priority'!$E$11,4,IF(O157<'Cost Band & Priority'!$E$10,3,IF(O157<'Cost Band & Priority'!$E$9,2,1)))))","v":""},{"$f":"IF(P157=\"\",\"\",VLOOKUP(P157,'Cost Band & Priority'!$B$8:$E$12,2,FALSE))","v":""},null,null,null,null,null,null,null,"",{"$f":"IF(Y157=\"\",\"\",VLOOKUP(Y157,'Benefit Priority'!$B$25:$C$47,2,FALSE))","v":""},{"$f":"IF(OR(Q157=\"\",Z157=\"\"),\"\",VLOOKUP(VLOOKUP(Q157&\" Cost & \"&Z157&\" Benefit\",'Overall Priority'!$D$21:$E$45,2,FALSE),'Overall Priority'!$B$8:$E$16,4,FALSE))","v":""},{"$f":"IF(OR(Q157=\"\",Z157=\"\"),\"\",VLOOKUP(Q157&\" Cost & \"&Z157&\" Benefit\",'Overall Priority'!$D$21:$E$45,2,FALSE))","v":""}]
[null,null,null,null,null,null,null,null,null,null,null,null,null,null,null,{"$f":"IF(O158=\"\",\"\",IF(O158<'Cost Band & Priority'!$E$12,5,IF(O158<'Cost Band & Priority'!$E$11,4,IF(O158<'Cost Band & Priority'!$E$10,3,IF(O158<'Cost Band & Priority'!$E$9,2,1)))))","v":""},{"$f":"IF(P158=\"\",\"\",VLOOKUP(P158,'Cost Band & Priority'!$B$8:$E$12,2,FALSE))","v":""},null,null,null,null,null,null,null,"",{"$f":"IF(Y158=\"\",\"\",VLOOKUP(Y158,'Benefit Priority'!$B$25:$C$47,2,FALSE))","v":""},{"$f":"IF(OR(Q158=\"\",Z158=\"\"),\"\",VLOOKUP(VLOOKUP(Q158&\" Cost & \"&Z158&\" Benefit\",'Overall Priority'!$D$21:$E$45,2,FALSE),'Overall Priority'!$B$8:$E$16,4,FALSE))","v":""},{"$f":"IF(OR(Q158=\"\",Z158=\"\"),\"\",VLOOKUP(Q158&\" Cost & \"&Z158&\" Benefit\",'Overall Priority'!$D$21:$E$45,2,FALSE))","v":""}]
[null,null,null,null,null,null,null,null,null,null,null,null,null,null,null,{"$f":"IF(O159=\"\",\"\",IF(O159<'Cost Band & Priority'!$E$12,5,IF(O159<'Cost Band & Priority'!$E$11,4,IF(O159<'Cost Band & Priority'!$E$10,3,IF(O159<'Cost Band & Priority'!$E$9,2,1)))))","v":""},{"$f":"IF(P159=\"\",\"\",VLOOKUP(P159,'Cost Band & Priority'!$B$8:$E$12,2,FALSE))","v":""},null,null,null,null,null,null,null,"",{"$f":"IF(Y159=\"\",\"\",VLOOKUP(Y159,'Benefit Priority'!$B$25:$C$47,2,FALSE))","v":""},{"$f":"IF(OR(Q159=\"\",Z159=\"\"),\"\",VLOOKUP(VLOOKUP(Q159&\" Cost & \"&Z159&\" Benefit\",'Overall Priority'!$D$21:$E$45,2,FALSE),'Overall Priority'!$B$8:$E$16,4,FALSE))","v":""},{"$f":"IF(OR(Q159=\"\",Z159=\"\"),\"\",VLOOKUP(Q159&\" Cost & \"&Z159&\" Benefit\",'Overall Priority'!$D$21:$E$45,2,FALSE))","v":""}]
[null,null,null,null,null,null,null,null,null,null,null,null,null,null,null,{"$f":"IF(O160=\"\",\"\",IF(O160<'Cost Band & Priority'!$E$12,5,IF(O160<'Cost Band & Priority'!$E$11,4,IF(O160<'Cost Band & Priority'!$E$10,3,IF(O160<'Cost Band & Priority'!$E$9,2,1)))))","v":""},{"$f":"IF(P160=\"\",\"\",VLOOKUP(P160,'Cost Band & Priority'!$B$8:$E$12,2,FALSE))","v":""},null,null,null,null,null,null,null,"",{"$f":"IF(Y160=\"\",\"\",VLOOKUP(Y160,'Benefit Priority'!$B$25:$C$47,2,FALSE))","v":""},{"$f":"IF(OR(Q160=\"\",Z160=\"\"),\"\",VLOOKUP(VLOOKUP(Q160&\" Cost & \"&Z160&\" Benefit\",'Overall Priority'!$D$21:$E$45,2,FALSE),'Overall Priority'!$B$8:$E$16,4,FALSE))","v":""},{"$f":"IF(OR(Q160=\"\",Z160=\"\"),\"\",VLOOKUP(Q160&\" Cost & \"&Z160&\" Benefit\",'Overall Priority'!$D$21:$E$45,2,FALSE))","v":""}]
[null,null,null,null,null,null,null,null,null,null,null,null,null,null,null,{"$f":"IF(O161=\"\",\"\",IF(O161<'Cost Band & Priority'!$E$12,5,IF(O161<'Cost Band & Priority'!$E$11,4,IF(O161<'Cost Band & Priority'!$E$10,3,IF(O161<'Cost Band & Priority'!$E$9,2,1)))))","v":""},{"$f":"IF(P161=\"\",\"\",VLOOKUP(P161,'Cost Band & Priority'!$B$8:$E$12,2,FALSE))","v":""},null,null,null,null,null,null,null,"",{"$f":"IF(Y161=\"\",\"\",VLOOKUP(Y161,'Benefit Priority'!$B$25:$C$47,2,FALSE))","v":""},{"$f":"IF(OR(Q161=\"\",Z161=\"\"),\"\",VLOOKUP(VLOOKUP(Q161&\" Cost & \"&Z161&\" Benefit\",'Overall Priority'!$D$21:$E$45,2,FALSE),'Overall Priority'!$B$8:$E$16,4,FALSE))","v":""},{"$f":"IF(OR(Q161=\"\",Z161=\"\"),\"\",VLOOKUP(Q161&\" Cost & \"&Z161&\" Benefit\",'Overall Priority'!$D$21:$E$45,2,FALSE))","v":""}]
[null,null,null,null,null,null,null,null,null,null,null,null,null,null,null,{"$f":"IF(O162=\"\",\"\",IF(O162<'Cost Band & Priority'!$E$12,5,IF(O162<'Cost Band & Priority'!$E$11,4,IF(O162<'Cost Band & Priority'!$E$10,3,IF(O162<'Cost Band & Priority'!$E$9,2,1)))))","v":""},{"$f":"IF(P162=\"\",\"\",VLOOKUP(P162,'Cost Band & Priority'!$B$8:$E$12,2,FALSE))","v":""},null,null,null,null,null,null,null,"",{"$f":"IF(Y162=\"\",\"\",VLOOKUP(Y162,'Benefit Priority'!$B$25:$C$47,2,FALSE))","v":""},{"$f":"IF(OR(Q162=\"\",Z162=\"\"),\"\",VLOOKUP(VLOOKUP(Q162&\" Cost & \"&Z162&\" Benefit\",'Overall Priority'!$D$21:$E$45,2,FALSE),'Overall Priority'!$B$8:$E$16,4,FALSE))","v":""},{"$f":"IF(OR(Q162=\"\",Z162=\"\"),\"\",VLOOKUP(Q162&\" Cost & \"&Z162&\" Benefit\",'Overall Priority'!$D$21:$E$45,2,FALSE))","v":""}]
[null,null,null,null,null,null,null,null,null,null,null,null,null,null,null,{"$f":"IF(O163=\"\",\"\",IF(O163<'Cost Band & Priority'!$E$12,5,IF(O163<'Cost Band & Priority'!$E$11,4,IF(O163<'Cost Band & Priority'!$E$10,3,IF(O163<'Cost Band & Priority'!$E$9,2,1)))))","v":""},{"$f":"IF(P163=\"\",\"\",VLOOKUP(P163,'Cost Band & Priority'!$B$8:$E$12,2,FALSE))","v":""},null,null,null,null,null,null,null,"",{"$f":"IF(Y163=\"\",\"\",VLOOKUP(Y163,'Benefit Priority'!$B$25:$C$47,2,FALSE))","v":""},{"$f":"IF(OR(Q163=\"\",Z163=\"\"),\"\",VLOOKUP(VLOOKUP(Q163&\" Cost & \"&Z163&\" Benefit\",'Overall Priority'!$D$21:$E$45,2,FALSE),'Overall Priority'!$B$8:$E$16,4,FALSE))","v":""},{"$f":"IF(OR(Q163=\"\",Z163=\"\"),\"\",VLOOKUP(Q163&\" Cost & \"&Z163&\" Benefit\",'Overall Priority'!$D$21:$E$45,2,FALSE))","v":""}]
[null,null,null,null,null,null,null,null,null,null,null,null,null,null,null,{"$f":"IF(O164=\"\",\"\",IF(O164<'Cost Band & Priority'!$E$12,5,IF(O164<'Cost Band & Priority'!$E$11,4,IF(O164<'Cost Band & Priority'!$E$10,3,IF(O164<'Cost Band & Priority'!$E$9,2,1)))))","v":""},{"$f":"IF(P164=\"\",\"\",VLOOKUP(P164,'Cost Band & Priority'!$B$8:$E$12,2,FALSE))","v":""},null,null,null,null,null,null,null,"",{"$f":"IF(Y164=\"\",\"\",VLOOKUP(Y164,'Benefit Priority'!$B$25:$C$47,2,FALSE))","v":""},{"$f":"IF(OR(Q164=\"\",Z164=\"\"),\"\",VLOOKUP(VLOOKUP(Q164&\" Cost & \"&Z164&\" Benefit\",'Overall Priority'!$D$21:$E$45,2,FALSE),'Overall Priority'!$B$8:$E$16,4,FALSE))","v":""},{"$f":"IF(OR(Q164=\"\",Z164=\"\"),\"\",VLOOKUP(Q164&\" Cost & \"&Z164&\" Benefit\",'Overall Priority'!$D$21:$E$45,2,FALSE))","v":""}]
[null,null,null,null,null,null,null,null,null,null,null,null,null,null,null,{"$f":"IF(O165=\"\",\"\",IF(O165<'Cost Band & Priority'!$E$12,5,IF(O165<'Cost Band & Priority'!$E$11,4,IF(O165<'Cost Band & Priority'!$E$10,3,IF(O165<'Cost Band & Priority'!$E$9,2,1)))))","v":""},{"$f":"IF(P165=\"\",\"\",VLOOKUP(P165,'Cost Band & Priority'!$B$8:$E$12,2,FALSE))","v":""},null,null,null,null,null,null,null,"",{"$f":"IF(Y165=\"\",\"\",VLOOKUP(Y165,'Benefit Priority'!$B$25:$C$47,2,FALSE))","v":""},{"$f":"IF(OR(Q165=\"\",Z165=\"\"),\"\",VLOOKUP(VLOOKUP(Q165&\" Cost & \"&Z165&\" Benefit\",'Overall Priority'!$D$21:$E$45,2,FALSE),'Overall Priority'!$B$8:$E$16,4,FALSE))","v":""},{"$f":"IF(OR(Q165=\"\",Z165=\"\"),\"\",VLOOKUP(Q165&\" Cost & \"&Z165&\" Benefit\",'Overall Priority'!$D$21:$E$45,2,FALSE))","v":""}]
[null,null,null,null,null,null,null,null,null,null,null,null,null,null,null,{"$f":"IF(O166=\"\",\"\",IF(O166<'Cost Band & Priority'!$E$12,5,IF(O166<'Cost Band & Priority'!$E$11,4,IF(O166<'Cost Band & Priority'!$E$10,3,IF(O166<'Cost Band & Priority'!$E$9,2,1)))))","v":""},{"$f":"IF(P166=\"\",\"\",VLOOKUP(P166,'Cost Band & Priority'!$B$8:$E$12,2,FALSE))","v":""},null,null,null,null,null,null,null,"",{"$f":"IF(Y166=\"\",\"\",VLOOKUP(Y166,'Benefit Priority'!$B$25:$C$47,2,FALSE))","v":""},{"$f":"IF(OR(Q166=\"\",Z166=\"\"),\"\",VLOOKUP(VLOOKUP(Q166&\" Cost & \"&Z166&\" Benefit\",'Overall Priority'!$D$21:$E$45,2,FALSE),'Overall Priority'!$B$8:$E$16,4,FALSE))","v":""},{"$f":"IF(OR(Q166=\"\",Z166=\"\"),\"\",VLOOKUP(Q166&\" Cost & \"&Z166&\" Benefit\",'Overall Priority'!$D$21:$E$45,2,FALSE))","v":""}]
[null,null,null,null,null,null,null,null,null,null,null,null,null,null,null,{"$f":"IF(O167=\"\",\"\",IF(O167<'Cost Band & Priority'!$E$12,5,IF(O167<'Cost Band & Priority'!$E$11,4,IF(O167<'Cost Band & Priority'!$E$10,3,IF(O167<'Cost Band & Priority'!$E$9,2,1)))))","v":""},{"$f":"IF(P167=\"\",\"\",VLOOKUP(P167,'Cost Band & Priority'!$B$8:$E$12,2,FALSE))","v":""},null,null,null,null,null,null,null,"",{"$f":"IF(Y167=\"\",\"\",VLOOKUP(Y167,'Benefit Priority'!$B$25:$C$47,2,FALSE))","v":""},{"$f":"IF(OR(Q167=\"\",Z167=\"\"),\"\",VLOOKUP(VLOOKUP(Q167&\" Cost & \"&Z167&\" Benefit\",'Overall Priority'!$D$21:$E$45,2,FALSE),'Overall Priority'!$B$8:$E$16,4,FALSE))","v":""},{"$f":"IF(OR(Q167=\"\",Z167=\"\"),\"\",VLOOKUP(Q167&\" Cost & \"&Z167&\" Benefit\",'Overall Priority'!$D$21:$E$45,2,FALSE))","v":""}]
[null,null,null,null,null,null,null,null,null,null,null,null,null,null,null,{"$f":"IF(O168=\"\",\"\",IF(O168<'Cost Band & Priority'!$E$12,5,IF(O168<'Cost Band & Priority'!$E$11,4,IF(O168<'Cost Band & Priority'!$E$10,3,IF(O168<'Cost Band & Priority'!$E$9,2,1)))))","v":""},{"$f":"IF(P168=\"\",\"\",VLOOKUP(P168,'Cost Band & Priority'!$B$8:$E$12,2,FALSE))","v":""},null,null,null,null,null,null,null,"",{"$f":"IF(Y168=\"\",\"\",VLOOKUP(Y168,'Benefit Priority'!$B$25:$C$47,2,FALSE))","v":""},{"$f":"IF(OR(Q168=\"\",Z168=\"\"),\"\",VLOOKUP(VLOOKUP(Q168&\" Cost & \"&Z168&\" Benefit\",'Overall Priority'!$D$21:$E$45,2,FALSE),'Overall Priority'!$B$8:$E$16,4,FALSE))","v":""},{"$f":"IF(OR(Q168=\"\",Z168=\"\"),\"\",VLOOKUP(Q168&\" Cost & \"&Z168&\" Benefit\",'Overall Priority'!$D$21:$E$45,2,FALSE))","v":""}]
[null,null,null,null,null,null,null,null,null,null,null,null,null,null,null,{"$f":"IF(O169=\"\",\"\",IF(O169<'Cost Band & Priority'!$E$12,5,IF(O169<'Cost Band & Priority'!$E$11,4,IF(O169<'Cost Band & Priority'!$E$10,3,IF(O169<'Cost Band & Priority'!$E$9,2,1)))))","v":""},{"$f":"IF(P169=\"\",\"\",VLOOKUP(P169,'Cost Band & Priority'!$B$8:$E$12,2,FALSE))","v":""},null,null,null,null,null,null,null,"",{"$f":"IF(Y169=\"\",\"\",VLOOKUP(Y169,'Benefit Priority'!$B$25:$C$47,2,FALSE))","v":""},{"$f":"IF(OR(Q169=\"\",Z169=\"\"),\"\",VLOOKUP(VLOOKUP(Q169&\" Cost & \"&Z169&\" Benefit\",'Overall Priority'!$D$21:$E$45,2,FALSE),'Overall Priority'!$B$8:$E$16,4,FALSE))","v":""},{"$f":"IF(OR(Q169=\"\",Z169=\"\"),\"\",VLOOKUP(Q169&\" Cost & \"&Z169&\" Benefit\",'Overall Priority'!$D$21:$E$45,2,FALSE))","v":""}]
[null,null,null,null,null,null,null,null,null,null,null,null,null,null,null,{"$f":"IF(O170=\"\",\"\",IF(O170<'Cost Band & Priority'!$E$12,5,IF(O170<'Cost Band & Priority'!$E$11,4,IF(O170<'Cost Band & Priority'!$E$10,3,IF(O170<'Cost Band & Priority'!$E$9,2,1)))))","v":""},{"$f":"IF(P170=\"\",\"\",VLOOKUP(P170,'Cost Band & Priority'!$B$8:$E$12,2,FALSE))","v":""},null,null,null,null,null,null,null,"",{"$f":"IF(Y170=\"\",\"\",VLOOKUP(Y170,'Benefit Priority'!$B$25:$C$47,2,FALSE))","v":""},{"$f":"IF(OR(Q170=\"\",Z170=\"\"),\"\",VLOOKUP(VLOOKUP(Q170&\" Cost & \"&Z170&\" Benefit\",'Overall Priority'!$D$21:$E$45,2,FALSE),'Overall Priority'!$B$8:$E$16,4,FALSE))","v":""},{"$f":"IF(OR(Q170=\"\",Z170=\"\"),\"\",VLOOKUP(Q170&\" Cost & \"&Z170&\" Benefit\",'Overall Priority'!$D$21:$E$45,2,FALSE))","v":""}]
[null,null,null,null,null,null,null,null,null,null,null,null,null,null,null,{"$f":"IF(O171=\"\",\"\",IF(O171<'Cost Band & Priority'!$E$12,5,IF(O171<'Cost Band & Priority'!$E$11,4,IF(O171<'Cost Band & Priority'!$E$10,3,IF(O171<'Cost Band & Priority'!$E$9,2,1)))))","v":""},{"$f":"IF(P171=\"\",\"\",VLOOKUP(P171,'Cost Band & Priority'!$B$8:$E$12,2,FALSE))","v":""},null,null,null,null,null,null,null,"",{"$f":"IF(Y171=\"\",\"\",VLOOKUP(Y171,'Benefit Priority'!$B$25:$C$47,2,FALSE))","v":""},{"$f":"IF(OR(Q171=\"\",Z171=\"\"),\"\",VLOOKUP(VLOOKUP(Q171&\" Cost & \"&Z171&\" Benefit\",'Overall Priority'!$D$21:$E$45,2,FALSE),'Overall Priority'!$B$8:$E$16,4,FALSE))","v":""},{"$f":"IF(OR(Q171=\"\",Z171=\"\"),\"\",VLOOKUP(Q171&\" Cost & \"&Z171&\" Benefit\",'Overall Priority'!$D$21:$E$45,2,FALSE))","v":""}]
[null,null,null,null,null,null,null,null,null,null,null,null,null,null,null,{"$f":"IF(O172=\"\",\"\",IF(O172<'Cost Band & Priority'!$E$12,5,IF(O172<'Cost Band & Priority'!$E$11,4,IF(O172<'Cost Band & Priority'!$E$10,3,IF(O172<'Cost Band & Priority'!$E$9,2,1)))))","v":""},{"$f":"IF(P172=\"\",\"\",VLOOKUP(P172,'Cost Band & Priority'!$B$8:$E$12,2,FALSE))","v":""},null,null,null,null,null,null,null,"",{"$f":"IF(Y172=\"\",\"\",VLOOKUP(Y172,'Benefit Priority'!$B$25:$C$47,2,FALSE))","v":""},{"$f":"IF(OR(Q172=\"\",Z172=\"\"),\"\",VLOOKUP(VLOOKUP(Q172&\" Cost & \"&Z172&\" Benefit\",'Overall Priority'!$D$21:$E$45,2,FALSE),'Overall Priority'!$B$8:$E$16,4,FALSE))","v":""},{"$f":"IF(OR(Q172=\"\",Z172=\"\"),\"\",VLOOKUP(Q172&\" Cost & \"&Z172&\" Benefit\",'Overall Priority'!$D$21:$E$45,2,FALSE))","v":""}]
[null,null,null,null,null,null,null,null,null,null,null,null,null,null,null,{"$f":"IF(O173=\"\",\"\",IF(O173<'Cost Band & Priority'!$E$12,5,IF(O173<'Cost Band & Priority'!$E$11,4,IF(O173<'Cost Band & Priority'!$E$10,3,IF(O173<'Cost Band & Priority'!$E$9,2,1)))))","v":""},{"$f":"IF(P173=\"\",\"\",VLOOKUP(P173,'Cost Band & Priority'!$B$8:$E$12,2,FALSE))","v":""},null,null,null,null,null,null,null,"",{"$f":"IF(Y173=\"\",\"\",VLOOKUP(Y173,'Benefit Priority'!$B$25:$C$47,2,FALSE))","v":""},{"$f":"IF(OR(Q173=\"\",Z173=\"\"),\"\",VLOOKUP(VLOOKUP(Q173&\" Cost & \"&Z173&\" Benefit\",'Overall Priority'!$D$21:$E$45,2,FALSE),'Overall Priority'!$B$8:$E$16,4,FALSE))","v":""},{"$f":"IF(OR(Q173=\"\",Z173=\"\"),\"\",VLOOKUP(Q173&\" Cost & \"&Z173&\" Benefit\",'Overall Priority'!$D$21:$E$45,2,FALSE))","v":""}]
[null,null,null,null,null,null,null,null,null,null,null,null,null,null,null,{"$f":"IF(O174=\"\",\"\",IF(O174<'Cost Band & Priority'!$E$12,5,IF(O174<'Cost Band & Priority'!$E$11,4,IF(O174<'Cost Band & Priority'!$E$10,3,IF(O174<'Cost Band & Priority'!$E$9,2,1)))))","v":""},{"$f":"IF(P174=\"\",\"\",VLOOKUP(P174,'Cost Band & Priority'!$B$8:$E$12,2,FALSE))","v":""},null,null,null,null,null,null,null,"",{"$f":"IF(Y174=\"\",\"\",VLOOKUP(Y174,'Benefit Priority'!$B$25:$C$47,2,FALSE))","v":""},{"$f":"IF(OR(Q174=\"\",Z174=\"\"),\"\",VLOOKUP(VLOOKUP(Q174&\" Cost & \"&Z174&\" Benefit\",'Overall Priority'!$D$21:$E$45,2,FALSE),'Overall Priority'!$B$8:$E$16,4,FALSE))","v":""},{"$f":"IF(OR(Q174=\"\",Z174=\"\"),\"\",VLOOKUP(Q174&\" Cost & \"&Z174&\" Benefit\",'Overall Priority'!$D$21:$E$45,2,FALSE))","v":""}]
[null,null,null,null,null,null,null,null,null,null,null,null,null,null,null,{"$f":"IF(O175=\"\",\"\",IF(O175<'Cost Band & Priority'!$E$12,5,IF(O175<'Cost Band & Priority'!$E$11,4,IF(O175<'Cost Band & Priority'!$E$10,3,IF(O175<'Cost Band & Priority'!$E$9,2,1)))))","v":""},{"$f":"IF(P175=\"\",\"\",VLOOKUP(P175,'Cost Band & Priority'!$B$8:$E$12,2,FALSE))","v":""},null,null,null,null,null,null,null,"",{"$f":"IF(Y175=\"\",\"\",VLOOKUP(Y175,'Benefit Priority'!$B$25:$C$47,2,FALSE))","v":""},{"$f":"IF(OR(Q175=\"\",Z175=\"\"),\"\",VLOOKUP(VLOOKUP(Q175&\" Cost & \"&Z175&\" Benefit\",'Overall Priority'!$D$21:$E$45,2,FALSE),'Overall Priority'!$B$8:$E$16,4,FALSE))","v":""},{"$f":"IF(OR(Q175=\"\",Z175=\"\"),\"\",VLOOKUP(Q175&\" Cost & \"&Z175&\" Benefit\",'Overall Priority'!$D$21:$E$45,2,FALSE))","v":""}]
[null,null,null,null,null,null,null,null,null,null,null,null,null,null,null,{"$f":"IF(O176=\"\",\"\",IF(O176<'Cost Band & Priority'!$E$12,5,IF(O176<'Cost Band & Priority'!$E$11,4,IF(O176<'Cost Band & Priority'!$E$10,3,IF(O176<'Cost Band & Priority'!$E$9,2,1)))))","v":""},{"$f":"IF(P176=\"\",\"\",VLOOKUP(P176,'Cost Band & Priority'!$B$8:$E$12,2,FALSE))","v":""},null,null,null,null,null,null,null,"",{"$f":"IF(Y176=\"\",\"\",VLOOKUP(Y176,'Benefit Priority'!$B$25:$C$47,2,FALSE))","v":""},{"$f":"IF(OR(Q176=\"\",Z176=\"\"),\"\",VLOOKUP(VLOOKUP(Q176&\" Cost & \"&Z176&\" Benefit\",'Overall Priority'!$D$21:$E$45,2,FALSE),'Overall Priority'!$B$8:$E$16,4,FALSE))","v":""},{"$f":"IF(OR(Q176=\"\",Z176=\"\"),\"\",VLOOKUP(Q176&\" Cost & \"&Z176&\" Benefit\",'Overall Priority'!$D$21:$E$45,2,FALSE))","v":""}]
[null,null,null,null,null,null,null,null,null,null,null,null,null,null,null,{"$f":"IF(O177=\"\",\"\",IF(O177<'Cost Band & Priority'!$E$12,5,IF(O177<'Cost Band & Priority'!$E$11,4,IF(O177<'Cost Band & Priority'!$E$10,3,IF(O177<'Cost Band & Priority'!$E$9,2,1)))))","v":""},{"$f":"IF(P177=\"\",\"\",VLOOKUP(P177,'Cost Band & Priority'!$B$8:$E$12,2,FALSE))","v":""},null,null,null,null,null,null,null,"",{"$f":"IF(Y177=\"\",\"\",VLOOKUP(Y177,'Benefit Priority'!$B$25:$C$47,2,FALSE))","v":""},{"$f":"IF(OR(Q177=\"\",Z177=\"\"),\"\",VLOOKUP(VLOOKUP(Q177&\" Cost & \"&Z177&\" Benefit\",'Overall Priority'!$D$21:$E$45,2,FALSE),'Overall Priority'!$B$8:$E$16,4,FALSE))","v":""},{"$f":"IF(OR(Q177=\"\",Z177=\"\"),\"\",VLOOKUP(Q177&\" Cost & \"&Z177&\" Benefit\",'Overall Priority'!$D$21:$E$45,2,FALSE))","v":""}]
[null,null,null,null,null,null,null,null,null,null,null,null,null,null,null,{"$f":"IF(O178=\"\",\"\",IF(O178<'Cost Band & Priority'!$E$12,5,IF(O178<'Cost Band & Priority'!$E$11,4,IF(O178<'Cost Band & Priority'!$E$10,3,IF(O178<'Cost Band & Priority'!$E$9,2,1)))))","v":""},{"$f":"IF(P178=\"\",\"\",VLOOKUP(P178,'Cost Band & Priority'!$B$8:$E$12,2,FALSE))","v":""},null,null,null,null,null,null,null,"",{"$f":"IF(Y178=\"\",\"\",VLOOKUP(Y178,'Benefit Priority'!$B$25:$C$47,2,FALSE))","v":""},{"$f":"IF(OR(Q178=\"\",Z178=\"\"),\"\",VLOOKUP(VLOOKUP(Q178&\" Cost & \"&Z178&\" Benefit\",'Overall Priority'!$D$21:$E$45,2,FALSE),'Overall Priority'!$B$8:$E$16,4,FALSE))","v":""},{"$f":"IF(OR(Q178=\"\",Z178=\"\"),\"\",VLOOKUP(Q178&\" Cost & \"&Z178&\" Benefit\",'Overall Priority'!$D$21:$E$45,2,FALSE))","v":""}]
[null,null,null,null,null,null,null,null,null,null,null,null,null,null,null,{"$f":"IF(O179=\"\",\"\",IF(O179<'Cost Band & Priority'!$E$12,5,IF(O179<'Cost Band & Priority'!$E$11,4,IF(O179<'Cost Band & Priority'!$E$10,3,IF(O179<'Cost Band & Priority'!$E$9,2,1)))))","v":""},{"$f":"IF(P179=\"\",\"\",VLOOKUP(P179,'Cost Band & Priority'!$B$8:$E$12,2,FALSE))","v":""},null,null,null,null,null,null,null,"",{"$f":"IF(Y179=\"\",\"\",VLOOKUP(Y179,'Benefit Priority'!$B$25:$C$47,2,FALSE))","v":""},{"$f":"IF(OR(Q179=\"\",Z179=\"\"),\"\",VLOOKUP(VLOOKUP(Q179&\" Cost & \"&Z179&\" Benefit\",'Overall Priority'!$D$21:$E$45,2,FALSE),'Overall Priority'!$B$8:$E$16,4,FALSE))","v":""},{"$f":"IF(OR(Q179=\"\",Z179=\"\"),\"\",VLOOKUP(Q179&\" Cost & \"&Z179&\" Benefit\",'Overall Priority'!$D$21:$E$45,2,FALSE))","v":""}]
[null,null,null,null,null,null,null,null,null,null,null,null,null,null,null,{"$f":"IF(O180=\"\",\"\",IF(O180<'Cost Band & Priority'!$E$12,5,IF(O180<'Cost Band & Priority'!$E$11,4,IF(O180<'Cost Band & Priority'!$E$10,3,IF(O180<'Cost Band & Priority'!$E$9,2,1)))))","v":""},{"$f":"IF(P180=\"\",\"\",VLOOKUP(P180,'Cost Band & Priority'!$B$8:$E$12,2,FALSE))","v":""},null,null,null,null,null,null,null,"",{"$f":"IF(Y180=\"\",\"\",VLOOKUP(Y180,'Benefit Priority'!$B$25:$C$47,2,FALSE))","v":""},{"$f":"IF(OR(Q180=\"\",Z180=\"\"),\"\",VLOOKUP(VLOOKUP(Q180&\" Cost & \"&Z180&\" Benefit\",'Overall Priority'!$D$21:$E$45,2,FALSE),'Overall Priority'!$B$8:$E$16,4,FALSE))","v":""},{"$f":"IF(OR(Q180=\"\",Z180=\"\"),\"\",VLOOKUP(Q180&\" Cost & \"&Z180&\" Benefit\",'Overall Priority'!$D$21:$E$45,2,FALSE))","v":""}]
[null,null,null,null,null,null,null,null,null,null,null,null,null,null,null,{"$f":"IF(O181=\"\",\"\",IF(O181<'Cost Band & Priority'!$E$12,5,IF(O181<'Cost Band & Priority'!$E$11,4,IF(O181<'Cost Band & Priority'!$E$10,3,IF(O181<'Cost Band & Priority'!$E$9,2,1)))))","v":""},{"$f":"IF(P181=\"\",\"\",VLOOKUP(P181,'Cost Band & Priority'!$B$8:$E$12,2,FALSE))","v":""},null,null,null,null,null,null,null,"",{"$f":"IF(Y181=\"\",\"\",VLOOKUP(Y181,'Benefit Priority'!$B$25:$C$47,2,FALSE))","v":""},{"$f":"IF(OR(Q181=\"\",Z181=\"\"),\"\",VLOOKUP(VLOOKUP(Q181&\" Cost & \"&Z181&\" Benefit\",'Overall Priority'!$D$21:$E$45,2,FALSE),'Overall Priority'!$B$8:$E$16,4,FALSE))","v":""},{"$f":"IF(OR(Q181=\"\",Z181=\"\"),\"\",VLOOKUP(Q181&\" Cost & \"&Z181&\" Benefit\",'Overall Priority'!$D$21:$E$45,2,FALSE))","v":""}]
[null,null,null,null,null,null,null,null,null,null,null,null,null,null,null,{"$f":"IF(O182=\"\",\"\",IF(O182<'Cost Band & Priority'!$E$12,5,IF(O182<'Cost Band & Priority'!$E$11,4,IF(O182<'Cost Band & Priority'!$E$10,3,IF(O182<'Cost Band & Priority'!$E$9,2,1)))))","v":""},{"$f":"IF(P182=\"\",\"\",VLOOKUP(P182,'Cost Band & Priority'!$B$8:$E$12,2,FALSE))","v":""},null,null,null,null,null,null,null,"",{"$f":"IF(Y182=\"\",\"\",VLOOKUP(Y182,'Benefit Priority'!$B$25:$C$47,2,FALSE))","v":""},{"$f":"IF(OR(Q182=\"\",Z182=\"\"),\"\",VLOOKUP(VLOOKUP(Q182&\" Cost & \"&Z182&\" Benefit\",'Overall Priority'!$D$21:$E$45,2,FALSE),'Overall Priority'!$B$8:$E$16,4,FALSE))","v":""},{"$f":"IF(OR(Q182=\"\",Z182=\"\"),\"\",VLOOKUP(Q182&\" Cost & \"&Z182&\" Benefit\",'Overall Priority'!$D$21:$E$45,2,FALSE))","v":""}]
[null,null,null,null,null,null,null,null,null,null,null,null,null,null,null,{"$f":"IF(O183=\"\",\"\",IF(O183<'Cost Band & Priority'!$E$12,5,IF(O183<'Cost Band & Priority'!$E$11,4,IF(O183<'Cost Band & Priority'!$E$10,3,IF(O183<'Cost Band & Priority'!$E$9,2,1)))))","v":""},{"$f":"IF(P183=\"\",\"\",VLOOKUP(P183,'Cost Band & Priority'!$B$8:$E$12,2,FALSE))","v":""},null,null,null,null,null,null,null,"",{"$f":"IF(Y183=\"\",\"\",VLOOKUP(Y183,'Benefit Priority'!$B$25:$C$47,2,FALSE))","v":""},{"$f":"IF(OR(Q183=\"\",Z183=\"\"),\"\",VLOOKUP(VLOOKUP(Q183&\" Cost & \"&Z183&\" Benefit\",'Overall Priority'!$D$21:$E$45,2,FALSE),'Overall Priority'!$B$8:$E$16,4,FALSE))","v":""},{"$f":"IF(OR(Q183=\"\",Z183=\"\"),\"\",VLOOKUP(Q183&\" Cost & \"&Z183&\" Benefit\",'Overall Priority'!$D$21:$E$45,2,FALSE))","v":""}]
[null,null,null,null,null,null,null,null,null,null,null,null,null,null,null,{"$f":"IF(O184=\"\",\"\",IF(O184<'Cost Band & Priority'!$E$12,5,IF(O184<'Cost Band & Priority'!$E$11,4,IF(O184<'Cost Band & Priority'!$E$10,3,IF(O184<'Cost Band & Priority'!$E$9,2,1)))))","v":""},{"$f":"IF(P184=\"\",\"\",VLOOKUP(P184,'Cost Band & Priority'!$B$8:$E$12,2,FALSE))","v":""},null,null,null,null,null,null,null,"",{"$f":"IF(Y184=\"\",\"\",VLOOKUP(Y184,'Benefit Priority'!$B$25:$C$47,2,FALSE))","v":""},{"$f":"IF(OR(Q184=\"\",Z184=\"\"),\"\",VLOOKUP(VLOOKUP(Q184&\" Cost & \"&Z184&\" Benefit\",'Overall Priority'!$D$21:$E$45,2,FALSE),'Overall Priority'!$B$8:$E$16,4,FALSE))","v":""},{"$f":"IF(OR(Q184=\"\",Z184=\"\"),\"\",VLOOKUP(Q184&\" Cost & \"&Z184&\" Benefit\",'Overall Priority'!$D$21:$E$45,2,FALSE))","v":""}]
[null,null,null,null,null,null,null,null,null,null,null,null,null,null,null,{"$f":"IF(O185=\"\",\"\",IF(O185<'Cost Band & Priority'!$E$12,5,IF(O185<'Cost Band & Priority'!$E$11,4,IF(O185<'Cost Band & Priority'!$E$10,3,IF(O185<'Cost Band & Priority'!$E$9,2,1)))))","v":""},{"$f":"IF(P185=\"\",\"\",VLOOKUP(P185,'Cost Band & Priority'!$B$8:$E$12,2,FALSE))","v":""},null,null,null,null,null,null,null,"",{"$f":"IF(Y185=\"\",\"\",VLOOKUP(Y185,'Benefit Priority'!$B$25:$C$47,2,FALSE))","v":""},{"$f":"IF(OR(Q185=\"\",Z185=\"\"),\"\",VLOOKUP(VLOOKUP(Q185&\" Cost & \"&Z185&\" Benefit\",'Overall Priority'!$D$21:$E$45,2,FALSE),'Overall Priority'!$B$8:$E$16,4,FALSE))","v":""},{"$f":"IF(OR(Q185=\"\",Z185=\"\"),\"\",VLOOKUP(Q185&\" Cost & \"&Z185&\" Benefit\",'Overall Priority'!$D$21:$E$45,2,FALSE))","v":""}]
[null,null,null,null,null,null,null,null,null,null,null,null,null,null,null,{"$f":"IF(O186=\"\",\"\",IF(O186<'Cost Band & Priority'!$E$12,5,IF(O186<'Cost Band & Priority'!$E$11,4,IF(O186<'Cost Band & Priority'!$E$10,3,IF(O186<'Cost Band & Priority'!$E$9,2,1)))))","v":""},{"$f":"IF(P186=\"\",\"\",VLOOKUP(P186,'Cost Band & Priority'!$B$8:$E$12,2,FALSE))","v":""},null,null,null,null,null,null,null,"",{"$f":"IF(Y186=\"\",\"\",VLOOKUP(Y186,'Benefit Priority'!$B$25:$C$47,2,FALSE))","v":""},{"$f":"IF(OR(Q186=\"\",Z186=\"\"),\"\",VLOOKUP(VLOOKUP(Q186&\" Cost & \"&Z186&\" Benefit\",'Overall Priority'!$D$21:$E$45,2,FALSE),'Overall Priority'!$B$8:$E$16,4,FALSE))","v":""},{"$f":"IF(OR(Q186=\"\",Z186=\"\"),\"\",VLOOKUP(Q186&\" Cost & \"&Z186&\" Benefit\",'Overall Priority'!$D$21:$E$45,2,FALSE))","v":""}]
[null,null,null,null,null,null,null,null,null,null,null,null,null,null,null,{"$f":"IF(O187=\"\",\"\",IF(O187<'Cost Band & Priority'!$E$12,5,IF(O187<'Cost Band & Priority'!$E$11,4,IF(O187<'Cost Band & Priority'!$E$10,3,IF(O187<'Cost Band & Priority'!$E$9,2,1)))))","v":""},{"$f":"IF(P187=\"\",\"\",VLOOKUP(P187,'Cost Band & Priority'!$B$8:$E$12,2,FALSE))","v":""},null,null,null,null,null,null,null,"",{"$f":"IF(Y187=\"\",\"\",VLOOKUP(Y187,'Benefit Priority'!$B$25:$C$47,2,FALSE))","v":""},{"$f":"IF(OR(Q187=\"\",Z187=\"\"),\"\",VLOOKUP(VLOOKUP(Q187&\" Cost & \"&Z187&\" Benefit\",'Overall Priority'!$D$21:$E$45,2,FALSE),'Overall Priority'!$B$8:$E$16,4,FALSE))","v":""},{"$f":"IF(OR(Q187=\"\",Z187=\"\"),\"\",VLOOKUP(Q187&\" Cost & \"&Z187&\" Benefit\",'Overall Priority'!$D$21:$E$45,2,FALSE))","v":""}]
[null,null,null,null,null,null,null,null,null,null,null,null,null,null,null,{"$f":"IF(O188=\"\",\"\",IF(O188<'Cost Band & Priority'!$E$12,5,IF(O188<'Cost Band & Priority'!$E$11,4,IF(O188<'Cost Band & Priority'!$E$10,3,IF(O188<'Cost Band & Priority'!$E$9,2,1)))))","v":""},{"$f":"IF(P188=\"\",\"\",VLOOKUP(P188,'Cost Band & Priority'!$B$8:$E$12,2,FALSE))","v":""},null,null,null,null,null,null,null,"",{"$f":"IF(Y188=\"\",\"\",VLOOKUP(Y188,'Benefit Priority'!$B$25:$C$47,2,FALSE))","v":""},{"$f":"IF(OR(Q188=\"\",Z188=\"\"),\"\",VLOOKUP(VLOOKUP(Q188&\" Cost & \"&Z188&\" Benefit\",'Overall Priority'!$D$21:$E$45,2,FALSE),'Overall Priority'!$B$8:$E$16,4,FALSE))","v":""},{"$f":"IF(OR(Q188=\"\",Z188=\"\"),\"\",VLOOKUP(Q188&\" Cost & \"&Z188&\" Benefit\",'Overall Priority'!$D$21:$E$45,2,FALSE))","v":""}]
[null,null,null,null,null,null,null,null,null,null,null,null,null,null,null,{"$f":"IF(O189=\"\",\"\",IF(O189<'Cost Band & Priority'!$E$12,5,IF(O189<'Cost Band & Priority'!$E$11,4,IF(O189<'Cost Band & Priority'!$E$10,3,IF(O189<'Cost Band & Priority'!$E$9,2,1)))))","v":""},{"$f":"IF(P189=\"\",\"\",VLOOKUP(P189,'Cost Band & Priority'!$B$8:$E$12,2,FALSE))","v":""},null,null,null,null,null,null,null,"",{"$f":"IF(Y189=\"\",\"\",VLOOKUP(Y189,'Benefit Priority'!$B$25:$C$47,2,FALSE))","v":""},{"$f":"IF(OR(Q189=\"\",Z189=\"\"),\"\",VLOOKUP(VLOOKUP(Q189&\" Cost & \"&Z189&\" Benefit\",'Overall Priority'!$D$21:$E$45,2,FALSE),'Overall Priority'!$B$8:$E$16,4,FALSE))","v":""},{"$f":"IF(OR(Q189=\"\",Z189=\"\"),\"\",VLOOKUP(Q189&\" Cost & \"&Z189&\" Benefit\",'Overall Priority'!$D$21:$E$45,2,FALSE))","v":""}]
[null,null,null,null,null,null,null,null,null,null,null,null,null,null,null,{"$f":"IF(O190=\"\",\"\",IF(O190<'Cost Band & Priority'!$E$12,5,IF(O190<'Cost Band & Priority'!$E$11,4,IF(O190<'Cost Band & Priority'!$E$10,3,IF(O190<'Cost Band & Priority'!$E$9,2,1)))))","v":""},{"$f":"IF(P190=\"\",\"\",VLOOKUP(P190,'Cost Band & Priority'!$B$8:$E$12,2,FALSE))","v":""},null,null,null,null,null,null,null,"",{"$f":"IF(Y190=\"\",\"\",VLOOKUP(Y190,'Benefit Priority'!$B$25:$C$47,2,FALSE))","v":""},{"$f":"IF(OR(Q190=\"\",Z190=\"\"),\"\",VLOOKUP(VLOOKUP(Q190&\" Cost & \"&Z190&\" Benefit\",'Overall Priority'!$D$21:$E$45,2,FALSE),'Overall Priority'!$B$8:$E$16,4,FALSE))","v":""},{"$f":"IF(OR(Q190=\"\",Z190=\"\"),\"\",VLOOKUP(Q190&\" Cost & \"&Z190&\" Benefit\",'Overall Priority'!$D$21:$E$45,2,FALSE))","v":""}]
[null,null,null,null,null,null,null,null,null,null,null,null,null,null,null,{"$f":"IF(O191=\"\",\"\",IF(O191<'Cost Band & Priority'!$E$12,5,IF(O191<'Cost Band & Priority'!$E$11,4,IF(O191<'Cost Band & Priority'!$E$10,3,IF(O191<'Cost Band & Priority'!$E$9,2,1)))))","v":""},{"$f":"IF(P191=\"\",\"\",VLOOKUP(P191,'Cost Band & Priority'!$B$8:$E$12,2,FALSE))","v":""},null,null,null,null,null,null,null,"",{"$f":"IF(Y191=\"\",\"\",VLOOKUP(Y191,'Benefit Priority'!$B$25:$C$47,2,FALSE))","v":""},{"$f":"IF(OR(Q191=\"\",Z191=\"\"),\"\",VLOOKUP(VLOOKUP(Q191&\" Cost & \"&Z191&\" Benefit\",'Overall Priority'!$D$21:$E$45,2,FALSE),'Overall Priority'!$B$8:$E$16,4,FALSE))","v":""},{"$f":"IF(OR(Q191=\"\",Z191=\"\"),\"\",VLOOKUP(Q191&\" Cost & \"&Z191&\" Benefit\",'Overall Priority'!$D$21:$E$45,2,FALSE))","v":""}]
[null,null,null,null,null,null,null,null,null,null,null,null,null,null,null,{"$f":"IF(O192=\"\",\"\",IF(O192<'Cost Band & Priority'!$E$12,5,IF(O192<'Cost Band & Priority'!$E$11,4,IF(O192<'Cost Band & Priority'!$E$10,3,IF(O192<'Cost Band & Priority'!$E$9,2,1)))))","v":""},{"$f":"IF(P192=\"\",\"\",VLOOKUP(P192,'Cost Band & Priority'!$B$8:$E$12,2,FALSE))","v":""},null,null,null,null,null,null,null,"",{"$f":"IF(Y192=\"\",\"\",VLOOKUP(Y192,'Benefit Priority'!$B$25:$C$47,2,FALSE))","v":""},{"$f":"IF(OR(Q192=\"\",Z192=\"\"),\"\",VLOOKUP(VLOOKUP(Q192&\" Cost & \"&Z192&\" Benefit\",'Overall Priority'!$D$21:$E$45,2,FALSE),'Overall Priority'!$B$8:$E$16,4,FALSE))","v":""},{"$f":"IF(OR(Q192=\"\",Z192=\"\"),\"\",VLOOKUP(Q192&\" Cost & \"&Z192&\" Benefit\",'Overall Priority'!$D$21:$E$45,2,FALSE))","v":""}]
[null,null,null,null,null,null,null,null,null,null,null,null,null,null,null,{"$f":"IF(O193=\"\",\"\",IF(O193<'Cost Band & Priority'!$E$12,5,IF(O193<'Cost Band & Priority'!$E$11,4,IF(O193<'Cost Band & Priority'!$E$10,3,IF(O193<'Cost Band & Priority'!$E$9,2,1)))))","v":""},{"$f":"IF(P193=\"\",\"\",VLOOKUP(P193,'Cost Band & Priority'!$B$8:$E$12,2,FALSE))","v":""},null,null,null,null,null,null,null,"",{"$f":"IF(Y193=\"\",\"\",VLOOKUP(Y193,'Benefit Priority'!$B$25:$C$47,2,FALSE))","v":""},{"$f":"IF(OR(Q193=\"\",Z193=\"\"),\"\",VLOOKUP(VLOOKUP(Q193&\" Cost & \"&Z193&\" Benefit\",'Overall Priority'!$D$21:$E$45,2,FALSE),'Overall Priority'!$B$8:$E$16,4,FALSE))","v":""},{"$f":"IF(OR(Q193=\"\",Z193=\"\"),\"\",VLOOKUP(Q193&\" Cost & \"&Z193&\" Benefit\",'Overall Priority'!$D$21:$E$45,2,FALSE))","v":""}]
[null,null,null,null,null,null,null,null,null,null,null,null,null,null,null,{"$f":"IF(O194=\"\",\"\",IF(O194<'Cost Band & Priority'!$E$12,5,IF(O194<'Cost Band & Priority'!$E$11,4,IF(O194<'Cost Band & Priority'!$E$10,3,IF(O194<'Cost Band & Priority'!$E$9,2,1)))))","v":""},{"$f":"IF(P194=\"\",\"\",VLOOKUP(P194,'Cost Band & Priority'!$B$8:$E$12,2,FALSE))","v":""},null,null,null,null,null,null,null,{"$f":"IF(AND(R194>0,S194>0,T194>0,U194>0,V194>0,W194>0,X194>0),SUM(R194:X194),\"\")","v":""},{"$f":"IF(Y194=\"\",\"\",VLOOKUP(Y194,'Benefit Priority'!$B$25:$C$47,2,FALSE))","v":""},{"$f":"IF(OR(Q194=\"\",Z194=\"\"),\"\",VLOOKUP(VLOOKUP(Q194&\" Cost & \"&Z194&\" Benefit\",'Overall Priority'!$D$21:$E$45,2,FALSE),'Overall Priority'!$B$8:$E$16,4,FALSE))","v":""},{"$f":"IF(OR(Q194=\"\",Z194=\"\"),\"\",VLOOKUP(Q194&\" Cost & \"&Z194&\" Benefit\",'Overall Priority'!$D$21:$E$45,2,FALSE))","v":""}]
[null,null,null,null,null,null,null,null,null,null,null,null,null,null,null,{"$f":"IF(O195=\"\",\"\",IF(O195<'Cost Band & Priority'!$E$12,5,IF(O195<'Cost Band & Priority'!$E$11,4,IF(O195<'Cost Band & Priority'!$E$10,3,IF(O195<'Cost Band & Priority'!$E$9,2,1)))))","v":""},{"$f":"IF(P195=\"\",\"\",VLOOKUP(P195,'Cost Band & Priority'!$B$8:$E$12,2,FALSE))","v":""},null,null,null,null,null,null,null,"",{"$f":"IF(Y195=\"\",\"\",VLOOKUP(Y195,'Benefit Priority'!$B$25:$C$47,2,FALSE))","v":""},{"$f":"IF(OR(Q195=\"\",Z195=\"\"),\"\",VLOOKUP(VLOOKUP(Q195&\" Cost & \"&Z195&\" Benefit\",'Overall Priority'!$D$21:$E$45,2,FALSE),'Overall Priority'!$B$8:$E$16,4,FALSE))","v":""},{"$f":"IF(OR(Q195=\"\",Z195=\"\"),\"\",VLOOKUP(Q195&\" Cost & \"&Z195&\" Benefit\",'Overall Priority'!$D$21:$E$45,2,FALSE))","v":""}]
[null,null,null,null,null,null,null,null,null,null,null,null,null,null,null,{"$f":"IF(O196=\"\",\"\",IF(O196<'Cost Band & Priority'!$E$12,5,IF(O196<'Cost Band & Priority'!$E$11,4,IF(O196<'Cost Band & Priority'!$E$10,3,IF(O196<'Cost Band & Priority'!$E$9,2,1)))))","v":""},{"$f":"IF(P196=\"\",\"\",VLOOKUP(P196,'Cost Band & Priority'!$B$8:$E$12,2,FALSE))","v":""},null,null,null,null,null,null,null,"",{"$f":"IF(Y196=\"\",\"\",VLOOKUP(Y196,'Benefit Priority'!$B$25:$C$47,2,FALSE))","v":""},{"$f":"IF(OR(Q196=\"\",Z196=\"\"),\"\",VLOOKUP(VLOOKUP(Q196&\" Cost & \"&Z196&\" Benefit\",'Overall Priority'!$D$21:$E$45,2,FALSE),'Overall Priority'!$B$8:$E$16,4,FALSE))","v":""},{"$f":"IF(OR(Q196=\"\",Z196=\"\"),\"\",VLOOKUP(Q196&\" Cost & \"&Z196&\" Benefit\",'Overall Priority'!$D$21:$E$45,2,FALSE))","v":""}]
[null,null,null,null,null,null,null,null,null,null,null,null,null,null,null,{"$f":"IF(O197=\"\",\"\",IF(O197<'Cost Band & Priority'!$E$12,5,IF(O197<'Cost Band & Priority'!$E$11,4,IF(O197<'Cost Band & Priority'!$E$10,3,IF(O197<'Cost Band & Priority'!$E$9,2,1)))))","v":""},{"$f":"IF(P197=\"\",\"\",VLOOKUP(P197,'Cost Band & Priority'!$B$8:$E$12,2,FALSE))","v":""},null,null,null,null,null,null,null,"",{"$f":"IF(Y197=\"\",\"\",VLOOKUP(Y197,'Benefit Priority'!$B$25:$C$47,2,FALSE))","v":""},{"$f":"IF(OR(Q197=\"\",Z197=\"\"),\"\",VLOOKUP(VLOOKUP(Q197&\" Cost & \"&Z197&\" Benefit\",'Overall Priority'!$D$21:$E$45,2,FALSE),'Overall Priority'!$B$8:$E$16,4,FALSE))","v":""},{"$f":"IF(OR(Q197=\"\",Z197=\"\"),\"\",VLOOKUP(Q197&\" Cost & \"&Z197&\" Benefit\",'Overall Priority'!$D$21:$E$45,2,FALSE))","v":""}]
[null,null,null,null,null,null,null,null,null,null,null,null,null,null,null,{"$f":"IF(O198=\"\",\"\",IF(O198<'Cost Band & Priority'!$E$12,5,IF(O198<'Cost Band & Priority'!$E$11,4,IF(O198<'Cost Band & Priority'!$E$10,3,IF(O198<'Cost Band & Priority'!$E$9,2,1)))))","v":""},{"$f":"IF(P198=\"\",\"\",VLOOKUP(P198,'Cost Band & Priority'!$B$8:$E$12,2,FALSE))","v":""},null,null,null,null,null,null,null,"",{"$f":"IF(Y198=\"\",\"\",VLOOKUP(Y198,'Benefit Priority'!$B$25:$C$47,2,FALSE))","v":""},{"$f":"IF(OR(Q198=\"\",Z198=\"\"),\"\",VLOOKUP(VLOOKUP(Q198&\" Cost & \"&Z198&\" Benefit\",'Overall Priority'!$D$21:$E$45,2,FALSE),'Overall Priority'!$B$8:$E$16,4,FALSE))","v":""},{"$f":"IF(OR(Q198=\"\",Z198=\"\"),\"\",VLOOKUP(Q198&\" Cost & \"&Z198&\" Benefit\",'Overall Priority'!$D$21:$E$45,2,FALSE))","v":""}]
[null,null,null,null,null,null,null,null,null,null,null,null,null,null,null,{"$f":"IF(O199=\"\",\"\",IF(O199<'Cost Band & Priority'!$E$12,5,IF(O199<'Cost Band & Priority'!$E$11,4,IF(O199<'Cost Band & Priority'!$E$10,3,IF(O199<'Cost Band & Priority'!$E$9,2,1)))))","v":""},{"$f":"IF(P199=\"\",\"\",VLOOKUP(P199,'Cost Band & Priority'!$B$8:$E$12,2,FALSE))","v":""},null,null,null,null,null,null,null,"",{"$f":"IF(Y199=\"\",\"\",VLOOKUP(Y199,'Benefit Priority'!$B$25:$C$47,2,FALSE))","v":""},{"$f":"IF(OR(Q199=\"\",Z199=\"\"),\"\",VLOOKUP(VLOOKUP(Q199&\" Cost & \"&Z199&\" Benefit\",'Overall Priority'!$D$21:$E$45,2,FALSE),'Overall Priority'!$B$8:$E$16,4,FALSE))","v":""},{"$f":"IF(OR(Q199=\"\",Z199=\"\"),\"\",VLOOKUP(Q199&\" Cost & \"&Z199&\" Benefit\",'Overall Priority'!$D$21:$E$45,2,FALSE))","v":""}]
[null,null,null,null,null,null,null,null,null,null,null,null,null,null,null,{"$f":"IF(O200=\"\",\"\",IF(O200<'Cost Band & Priority'!$E$12,5,IF(O200<'Cost Band & Priority'!$E$11,4,IF(O200<'Cost Band & Priority'!$E$10,3,IF(O200<'Cost Band & Priority'!$E$9,2,1)))))","v":""},{"$f":"IF(P200=\"\",\"\",VLOOKUP(P200,'Cost Band & Priority'!$B$8:$E$12,2,FALSE))","v":""},null,null,null,null,null,null,null,"",{"$f":"IF(Y200=\"\",\"\",VLOOKUP(Y200,'Benefit Priority'!$B$25:$C$47,2,FALSE))","v":""},{"$f":"IF(OR(Q200=\"\",Z200=\"\"),\"\",VLOOKUP(VLOOKUP(Q200&\" Cost & \"&Z200&\" Benefit\",'Overall Priority'!$D$21:$E$45,2,FALSE),'Overall Priority'!$B$8:$E$16,4,FALSE))","v":""},{"$f":"IF(OR(Q200=\"\",Z200=\"\"),\"\",VLOOKUP(Q200&\" Cost & \"&Z200&\" Benefit\",'Overall Priority'!$D$21:$E$45,2,FALSE))","v":""}]
[null,null,null,null,null,null,null,null,null,null,null,null,null,null,null,{"$f":"IF(O201=\"\",\"\",IF(O201<'Cost Band & Priority'!$E$12,5,IF(O201<'Cost Band & Priority'!$E$11,4,IF(O201<'Cost Band & Priority'!$E$10,3,IF(O201<'Cost Band & Priority'!$E$9,2,1)))))","v":""},{"$f":"IF(P201=\"\",\"\",VLOOKUP(P201,'Cost Band & Priority'!$B$8:$E$12,2,FALSE))","v":""},null,null,null,null,null,null,null,"",{"$f":"IF(Y201=\"\",\"\",VLOOKUP(Y201,'Benefit Priority'!$B$25:$C$47,2,FALSE))","v":""},{"$f":"IF(OR(Q201=\"\",Z201=\"\"),\"\",VLOOKUP(VLOOKUP(Q201&\" Cost & \"&Z201&\" Benefit\",'Overall Priority'!$D$21:$E$45,2,FALSE),'Overall Priority'!$B$8:$E$16,4,FALSE))","v":""},{"$f":"IF(OR(Q201=\"\",Z201=\"\"),\"\",VLOOKUP(Q201&\" Cost & \"&Z201&\" Benefit\",'Overall Priority'!$D$21:$E$45,2,FALSE))","v":""}]
[null,null,null,null,null,null,null,null,null,null,null,null,null,null,null,{"$f":"IF(O202=\"\",\"\",IF(O202<'Cost Band & Priority'!$E$12,5,IF(O202<'Cost Band & Priority'!$E$11,4,IF(O202<'Cost Band & Priority'!$E$10,3,IF(O202<'Cost Band & Priority'!$E$9,2,1)))))","v":""},{"$f":"IF(P202=\"\",\"\",VLOOKUP(P202,'Cost Band & Priority'!$B$8:$E$12,2,FALSE))","v":""},null,null,null,null,null,null,null,"",{"$f":"IF(Y202=\"\",\"\",VLOOKUP(Y202,'Benefit Priority'!$B$25:$C$47,2,FALSE))","v":""},{"$f":"IF(OR(Q202=\"\",Z202=\"\"),\"\",VLOOKUP(VLOOKUP(Q202&\" Cost & \"&Z202&\" Benefit\",'Overall Priority'!$D$21:$E$45,2,FALSE),'Overall Priority'!$B$8:$E$16,4,FALSE))","v":""},{"$f":"IF(OR(Q202=\"\",Z202=\"\"),\"\",VLOOKUP(Q202&\" Cost & \"&Z202&\" Benefit\",'Overall Priority'!$D$21:$E$45,2,FALSE))","v":""}]
[null,null,null,null,null,null,null,null,null,null,null,null,null,null,null,{"$f":"IF(O203=\"\",\"\",IF(O203<'Cost Band & Priority'!$E$12,5,IF(O203<'Cost Band & Priority'!$E$11,4,IF(O203<'Cost Band & Priority'!$E$10,3,IF(O203<'Cost Band & Priority'!$E$9,2,1)))))","v":""},{"$f":"IF(P203=\"\",\"\",VLOOKUP(P203,'Cost Band & Priority'!$B$8:$E$12,2,FALSE))","v":""},null,null,null,null,null,null,null,"",{"$f":"IF(Y203=\"\",\"\",VLOOKUP(Y203,'Benefit Priority'!$B$25:$C$47,2,FALSE))","v":""},{"$f":"IF(OR(Q203=\"\",Z203=\"\"),\"\",VLOOKUP(VLOOKUP(Q203&\" Cost & \"&Z203&\" Benefit\",'Overall Priority'!$D$21:$E$45,2,FALSE),'Overall Priority'!$B$8:$E$16,4,FALSE))","v":""},{"$f":"IF(OR(Q203=\"\",Z203=\"\"),\"\",VLOOKUP(Q203&\" Cost & \"&Z203&\" Benefit\",'Overall Priority'!$D$21:$E$45,2,FALSE))","v":""}]
[null,null,null,null,null,null,null,null,null,null,null,null,null,null,null,{"$f":"IF(O204=\"\",\"\",IF(O204<'Cost Band & Priority'!$E$12,5,IF(O204<'Cost Band & Priority'!$E$11,4,IF(O204<'Cost Band & Priority'!$E$10,3,IF(O204<'Cost Band & Priority'!$E$9,2,1)))))","v":""},{"$f":"IF(P204=\"\",\"\",VLOOKUP(P204,'Cost Band & Priority'!$B$8:$E$12,2,FALSE))","v":""},null,null,null,null,null,null,null,"",{"$f":"IF(Y204=\"\",\"\",VLOOKUP(Y204,'Benefit Priority'!$B$25:$C$47,2,FALSE))","v":""},{"$f":"IF(OR(Q204=\"\",Z204=\"\"),\"\",VLOOKUP(VLOOKUP(Q204&\" Cost & \"&Z204&\" Benefit\",'Overall Priority'!$D$21:$E$45,2,FALSE),'Overall Priority'!$B$8:$E$16,4,FALSE))","v":""},{"$f":"IF(OR(Q204=\"\",Z204=\"\"),\"\",VLOOKUP(Q204&\" Cost & \"&Z204&\" Benefit\",'Overall Priority'!$D$21:$E$45,2,FALSE))","v":""}]
[null,null,null,null,null,null,null,null,null,null,null,null,null,null,null,{"$f":"IF(O205=\"\",\"\",IF(O205<'Cost Band & Priority'!$E$12,5,IF(O205<'Cost Band & Priority'!$E$11,4,IF(O205<'Cost Band & Priority'!$E$10,3,IF(O205<'Cost Band & Priority'!$E$9,2,1)))))","v":""},{"$f":"IF(P205=\"\",\"\",VLOOKUP(P205,'Cost Band & Priority'!$B$8:$E$12,2,FALSE))","v":""},null,null,null,null,null,null,null,"",{"$f":"IF(Y205=\"\",\"\",VLOOKUP(Y205,'Benefit Priority'!$B$25:$C$47,2,FALSE))","v":""},{"$f":"IF(OR(Q205=\"\",Z205=\"\"),\"\",VLOOKUP(VLOOKUP(Q205&\" Cost & \"&Z205&\" Benefit\",'Overall Priority'!$D$21:$E$45,2,FALSE),'Overall Priority'!$B$8:$E$16,4,FALSE))","v":""},{"$f":"IF(OR(Q205=\"\",Z205=\"\"),\"\",VLOOKUP(Q205&\" Cost & \"&Z205&\" Benefit\",'Overall Priority'!$D$21:$E$45,2,FALSE))","v":""}]
[null,null,null,null,null,null,null,null,null,null,null,null,null,null,null,{"$f":"IF(O206=\"\",\"\",IF(O206<'Cost Band & Priority'!$E$12,5,IF(O206<'Cost Band & Priority'!$E$11,4,IF(O206<'Cost Band & Priority'!$E$10,3,IF(O206<'Cost Band & Priority'!$E$9,2,1)))))","v":""},{"$f":"IF(P206=\"\",\"\",VLOOKUP(P206,'Cost Band & Priority'!$B$8:$E$12,2,FALSE))","v":""},null,null,null,null,null,null,null,"",{"$f":"IF(Y206=\"\",\"\",VLOOKUP(Y206,'Benefit Priority'!$B$25:$C$47,2,FALSE))","v":""},{"$f":"IF(OR(Q206=\"\",Z206=\"\"),\"\",VLOOKUP(VLOOKUP(Q206&\" Cost & \"&Z206&\" Benefit\",'Overall Priority'!$D$21:$E$45,2,FALSE),'Overall Priority'!$B$8:$E$16,4,FALSE))","v":""},{"$f":"IF(OR(Q206=\"\",Z206=\"\"),\"\",VLOOKUP(Q206&\" Cost & \"&Z206&\" Benefit\",'Overall Priority'!$D$21:$E$45,2,FALSE))","v":""}]
[null,null,null,null,null,null,null,null,null,null,null,null,null,null,null,{"$f":"IF(O207=\"\",\"\",IF(O207<'Cost Band & Priority'!$E$12,5,IF(O207<'Cost Band & Priority'!$E$11,4,IF(O207<'Cost Band & Priority'!$E$10,3,IF(O207<'Cost Band & Priority'!$E$9,2,1)))))","v":""},{"$f":"IF(P207=\"\",\"\",VLOOKUP(P207,'Cost Band & Priority'!$B$8:$E$12,2,FALSE))","v":""},null,null,null,null,null,null,null,"",{"$f":"IF(Y207=\"\",\"\",VLOOKUP(Y207,'Benefit Priority'!$B$25:$C$47,2,FALSE))","v":""},{"$f":"IF(OR(Q207=\"\",Z207=\"\"),\"\",VLOOKUP(VLOOKUP(Q207&\" Cost & \"&Z207&\" Benefit\",'Overall Priority'!$D$21:$E$45,2,FALSE),'Overall Priority'!$B$8:$E$16,4,FALSE))","v":""},{"$f":"IF(OR(Q207=\"\",Z207=\"\"),\"\",VLOOKUP(Q207&\" Cost & \"&Z207&\" Benefit\",'Overall Priority'!$D$21:$E$45,2,FALSE))","v":""}]
[null,null,null,null,null,null,null,null,null,null,null,null,null,null,null,{"$f":"IF(O208=\"\",\"\",IF(O208<'Cost Band & Priority'!$E$12,5,IF(O208<'Cost Band & Priority'!$E$11,4,IF(O208<'Cost Band & Priority'!$E$10,3,IF(O208<'Cost Band & Priority'!$E$9,2,1)))))","v":""},{"$f":"IF(P208=\"\",\"\",VLOOKUP(P208,'Cost Band & Priority'!$B$8:$E$12,2,FALSE))","v":""},null,null,null,null,null,null,null,"",{"$f":"IF(Y208=\"\",\"\",VLOOKUP(Y208,'Benefit Priority'!$B$25:$C$47,2,FALSE))","v":""},{"$f":"IF(OR(Q208=\"\",Z208=\"\"),\"\",VLOOKUP(VLOOKUP(Q208&\" Cost & \"&Z208&\" Benefit\",'Overall Priority'!$D$21:$E$45,2,FALSE),'Overall Priority'!$B$8:$E$16,4,FALSE))","v":""},{"$f":"IF(OR(Q208=\"\",Z208=\"\"),\"\",VLOOKUP(Q208&\" Cost & \"&Z208&\" Benefit\",'Overall Priority'!$D$21:$E$45,2,FALSE))","v":""}]
[null,null,null,null,null,null,null,null,null,null,null,null,null,null,null,{"$f":"IF(O209=\"\",\"\",IF(O209<'Cost Band & Priority'!$E$12,5,IF(O209<'Cost Band & Priority'!$E$11,4,IF(O209<'Cost Band & Priority'!$E$10,3,IF(O209<'Cost Band & Priority'!$E$9,2,1)))))","v":""},{"$f":"IF(P209=\"\",\"\",VLOOKUP(P209,'Cost Band & Priority'!$B$8:$E$12,2,FALSE))","v":""},null,null,null,null,null,null,null,"",{"$f":"IF(Y209=\"\",\"\",VLOOKUP(Y209,'Benefit Priority'!$B$25:$C$47,2,FALSE))","v":""},{"$f":"IF(OR(Q209=\"\",Z209=\"\"),\"\",VLOOKUP(VLOOKUP(Q209&\" Cost & \"&Z209&\" Benefit\",'Overall Priority'!$D$21:$E$45,2,FALSE),'Overall Priority'!$B$8:$E$16,4,FALSE))","v":""},{"$f":"IF(OR(Q209=\"\",Z209=\"\"),\"\",VLOOKUP(Q209&\" Cost & \"&Z209&\" Benefit\",'Overall Priority'!$D$21:$E$45,2,FALSE))","v":""}]
[null,null,null,null,null,null,null,null,null,null,null,null,null,null,null,{"$f":"IF(O210=\"\",\"\",IF(O210<'Cost Band & Priority'!$E$12,5,IF(O210<'Cost Band & Priority'!$E$11,4,IF(O210<'Cost Band & Priority'!$E$10,3,IF(O210<'Cost Band & Priority'!$E$9,2,1)))))","v":""},{"$f":"IF(P210=\"\",\"\",VLOOKUP(P210,'Cost Band & Priority'!$B$8:$E$12,2,FALSE))","v":""},null,null,null,null,null,null,null,"",{"$f":"IF(Y210=\"\",\"\",VLOOKUP(Y210,'Benefit Priority'!$B$25:$C$47,2,FALSE))","v":""},{"$f":"IF(OR(Q210=\"\",Z210=\"\"),\"\",VLOOKUP(VLOOKUP(Q210&\" Cost & \"&Z210&\" Benefit\",'Overall Priority'!$D$21:$E$45,2,FALSE),'Overall Priority'!$B$8:$E$16,4,FALSE))","v":""},{"$f":"IF(OR(Q210=\"\",Z210=\"\"),\"\",VLOOKUP(Q210&\" Cost & \"&Z210&\" Benefit\",'Overall Priority'!$D$21:$E$45,2,FALSE))","v":""}]
[null,null,null,null,null,null,null,null,null,null,null,null,null,null,null,{"$f":"IF(O211=\"\",\"\",IF(O211<'Cost Band & Priority'!$E$12,5,IF(O211<'Cost Band & Priority'!$E$11,4,IF(O211<'Cost Band & Priority'!$E$10,3,IF(O211<'Cost Band & Priority'!$E$9,2,1)))))","v":""},{"$f":"IF(P211=\"\",\"\",VLOOKUP(P211,'Cost Band & Priority'!$B$8:$E$12,2,FALSE))","v":""},null,null,null,null,null,null,null,"",{"$f":"IF(Y211=\"\",\"\",VLOOKUP(Y211,'Benefit Priority'!$B$25:$C$47,2,FALSE))","v":""},{"$f":"IF(OR(Q211=\"\",Z211=\"\"),\"\",VLOOKUP(VLOOKUP(Q211&\" Cost & \"&Z211&\" Benefit\",'Overall Priority'!$D$21:$E$45,2,FALSE),'Overall Priority'!$B$8:$E$16,4,FALSE))","v":""},{"$f":"IF(OR(Q211=\"\",Z211=\"\"),\"\",VLOOKUP(Q211&\" Cost & \"&Z211&\" Benefit\",'Overall Priority'!$D$21:$E$45,2,FALSE))","v":""}]
[null,null,null,null,null,null,null,null,null,null,null,null,null,null,null,{"$f":"IF(O212=\"\",\"\",IF(O212<'Cost Band & Priority'!$E$12,5,IF(O212<'Cost Band & Priority'!$E$11,4,IF(O212<'Cost Band & Priority'!$E$10,3,IF(O212<'Cost Band & Priority'!$E$9,2,1)))))","v":""},{"$f":"IF(P212=\"\",\"\",VLOOKUP(P212,'Cost Band & Priority'!$B$8:$E$12,2,FALSE))","v":""},null,null,null,null,null,null,null,"",{"$f":"IF(Y212=\"\",\"\",VLOOKUP(Y212,'Benefit Priority'!$B$25:$C$47,2,FALSE))","v":""},{"$f":"IF(OR(Q212=\"\",Z212=\"\"),\"\",VLOOKUP(VLOOKUP(Q212&\" Cost & \"&Z212&\" Benefit\",'Overall Priority'!$D$21:$E$45,2,FALSE),'Overall Priority'!$B$8:$E$16,4,FALSE))","v":""},{"$f":"IF(OR(Q212=\"\",Z212=\"\"),\"\",VLOOKUP(Q212&\" Cost & \"&Z212&\" Benefit\",'Overall Priority'!$D$21:$E$45,2,FALSE))","v":""}]
[null,null,null,null,null,null,null,null,null,null,null,null,null,null,null,{"$f":"IF(O213=\"\",\"\",IF(O213<'Cost Band & Priority'!$E$12,5,IF(O213<'Cost Band & Priority'!$E$11,4,IF(O213<'Cost Band & Priority'!$E$10,3,IF(O213<'Cost Band & Priority'!$E$9,2,1)))))","v":""},{"$f":"IF(P213=\"\",\"\",VLOOKUP(P213,'Cost Band & Priority'!$B$8:$E$12,2,FALSE))","v":""},null,null,null,null,null,null,null,"",{"$f":"IF(Y213=\"\",\"\",VLOOKUP(Y213,'Benefit Priority'!$B$25:$C$47,2,FALSE))","v":""},{"$f":"IF(OR(Q213=\"\",Z213=\"\"),\"\",VLOOKUP(VLOOKUP(Q213&\" Cost & \"&Z213&\" Benefit\",'Overall Priority'!$D$21:$E$45,2,FALSE),'Overall Priority'!$B$8:$E$16,4,FALSE))","v":""},{"$f":"IF(OR(Q213=\"\",Z213=\"\"),\"\",VLOOKUP(Q213&\" Cost & \"&Z213&\" Benefit\",'Overall Priority'!$D$21:$E$45,2,FALSE))","v":""}]
[null,null,null,null,null,null,null,null,null,null,null,null,null,null,null,{"$f":"IF(O214=\"\",\"\",IF(O214<'Cost Band & Priority'!$E$12,5,IF(O214<'Cost Band & Priority'!$E$11,4,IF(O214<'Cost Band & Priority'!$E$10,3,IF(O214<'Cost Band & Priority'!$E$9,2,1)))))","v":""},{"$f":"IF(P214=\"\",\"\",VLOOKUP(P214,'Cost Band & Priority'!$B$8:$E$12,2,FALSE))","v":""},null,null,null,null,null,null,null,"",{"$f":"IF(Y214=\"\",\"\",VLOOKUP(Y214,'Benefit Priority'!$B$25:$C$47,2,FALSE))","v":""},{"$f":"IF(OR(Q214=\"\",Z214=\"\"),\"\",VLOOKUP(VLOOKUP(Q214&\" Cost & \"&Z214&\" Benefit\",'Overall Priority'!$D$21:$E$45,2,FALSE),'Overall Priority'!$B$8:$E$16,4,FALSE))","v":""},{"$f":"IF(OR(Q214=\"\",Z214=\"\"),\"\",VLOOKUP(Q214&\" Cost & \"&Z214&\" Benefit\",'Overall Priority'!$D$21:$E$45,2,FALSE))","v":""}]
[null,null,null,null,null,null,null,null,null,null,null,null,null,null,null,{"$f":"IF(O215=\"\",\"\",IF(O215<'Cost Band & Priority'!$E$12,5,IF(O215<'Cost Band & Priority'!$E$11,4,IF(O215<'Cost Band & Priority'!$E$10,3,IF(O215<'Cost Band & Priority'!$E$9,2,1)))))","v":""},{"$f":"IF(P215=\"\",\"\",VLOOKUP(P215,'Cost Band & Priority'!$B$8:$E$12,2,FALSE))","v":""},null,null,null,null,null,null,null,"",{"$f":"IF(Y215=\"\",\"\",VLOOKUP(Y215,'Benefit Priority'!$B$25:$C$47,2,FALSE))","v":""},{"$f":"IF(OR(Q215=\"\",Z215=\"\"),\"\",VLOOKUP(VLOOKUP(Q215&\" Cost & \"&Z215&\" Benefit\",'Overall Priority'!$D$21:$E$45,2,FALSE),'Overall Priority'!$B$8:$E$16,4,FALSE))","v":""},{"$f":"IF(OR(Q215=\"\",Z215=\"\"),\"\",VLOOKUP(Q215&\" Cost & \"&Z215&\" Benefit\",'Overall Priority'!$D$21:$E$45,2,FALSE))","v":""}]
[null,null,null,null,null,null,null,null,null,null,null,null,null,null,null,{"$f":"IF(O216=\"\",\"\",IF(O216<'Cost Band & Priority'!$E$12,5,IF(O216<'Cost Band & Priority'!$E$11,4,IF(O216<'Cost Band & Priority'!$E$10,3,IF(O216<'Cost Band & Priority'!$E$9,2,1)))))","v":""},{"$f":"IF(P216=\"\",\"\",VLOOKUP(P216,'Cost Band & Priority'!$B$8:$E$12,2,FALSE))","v":""},null,null,null,null,null,null,null,"",{"$f":"IF(Y216=\"\",\"\",VLOOKUP(Y216,'Benefit Priority'!$B$25:$C$47,2,FALSE))","v":""},{"$f":"IF(OR(Q216=\"\",Z216=\"\"),\"\",VLOOKUP(VLOOKUP(Q216&\" Cost & \"&Z216&\" Benefit\",'Overall Priority'!$D$21:$E$45,2,FALSE),'Overall Priority'!$B$8:$E$16,4,FALSE))","v":""},{"$f":"IF(OR(Q216=\"\",Z216=\"\"),\"\",VLOOKUP(Q216&\" Cost & \"&Z216&\" Benefit\",'Overall Priority'!$D$21:$E$45,2,FALSE))","v":""}]
[null,null,null,null,null,null,null,null,null,null,null,null,null,null,null,{"$f":"IF(O217=\"\",\"\",IF(O217<'Cost Band & Priority'!$E$12,5,IF(O217<'Cost Band & Priority'!$E$11,4,IF(O217<'Cost Band & Priority'!$E$10,3,IF(O217<'Cost Band & Priority'!$E$9,2,1)))))","v":""},{"$f":"IF(P217=\"\",\"\",VLOOKUP(P217,'Cost Band & Priority'!$B$8:$E$12,2,FALSE))","v":""},null,null,null,null,null,null,null,"",{"$f":"IF(Y217=\"\",\"\",VLOOKUP(Y217,'Benefit Priority'!$B$25:$C$47,2,FALSE))","v":""},{"$f":"IF(OR(Q217=\"\",Z217=\"\"),\"\",VLOOKUP(VLOOKUP(Q217&\" Cost & \"&Z217&\" Benefit\",'Overall Priority'!$D$21:$E$45,2,FALSE),'Overall Priority'!$B$8:$E$16,4,FALSE))","v":""},{"$f":"IF(OR(Q217=\"\",Z217=\"\"),\"\",VLOOKUP(Q217&\" Cost & \"&Z217&\" Benefit\",'Overall Priority'!$D$21:$E$45,2,FALSE))","v":""}]
[null,null,null,null,null,null,null,null,null,null,null,null,null,null,null,{"$f":"IF(O218=\"\",\"\",IF(O218<'Cost Band & Priority'!$E$12,5,IF(O218<'Cost Band & Priority'!$E$11,4,IF(O218<'Cost Band & Priority'!$E$10,3,IF(O218<'Cost Band & Priority'!$E$9,2,1)))))","v":""},{"$f":"IF(P218=\"\",\"\",VLOOKUP(P218,'Cost Band & Priority'!$B$8:$E$12,2,FALSE))","v":""},null,null,null,null,null,null,null,"",{"$f":"IF(Y218=\"\",\"\",VLOOKUP(Y218,'Benefit Priority'!$B$25:$C$47,2,FALSE))","v":""},{"$f":"IF(OR(Q218=\"\",Z218=\"\"),\"\",VLOOKUP(VLOOKUP(Q218&\" Cost & \"&Z218&\" Benefit\",'Overall Priority'!$D$21:$E$45,2,FALSE),'Overall Priority'!$B$8:$E$16,4,FALSE))","v":""},{"$f":"IF(OR(Q218=\"\",Z218=\"\"),\"\",VLOOKUP(Q218&\" Cost & \"&Z218&\" Benefit\",'Overall Priority'!$D$21:$E$45,2,FALSE))","v":""}]
[null,null,null,null,null,null,null,null,null,null,null,null,null,null,null,{"$f":"IF(O219=\"\",\"\",IF(O219<'Cost Band & Priority'!$E$12,5,IF(O219<'Cost Band & Priority'!$E$11,4,IF(O219<'Cost Band & Priority'!$E$10,3,IF(O219<'Cost Band & Priority'!$E$9,2,1)))))","v":""},{"$f":"IF(P219=\"\",\"\",VLOOKUP(P219,'Cost Band & Priority'!$B$8:$E$12,2,FALSE))","v":""},null,null,null,null,null,null,null,"",{"$f":"IF(Y219=\"\",\"\",VLOOKUP(Y219,'Benefit Priority'!$B$25:$C$47,2,FALSE))","v":""},{"$f":"IF(OR(Q219=\"\",Z219=\"\"),\"\",VLOOKUP(VLOOKUP(Q219&\" Cost & \"&Z219&\" Benefit\",'Overall Priority'!$D$21:$E$45,2,FALSE),'Overall Priority'!$B$8:$E$16,4,FALSE))","v":""},{"$f":"IF(OR(Q219=\"\",Z219=\"\"),\"\",VLOOKUP(Q219&\" Cost & \"&Z219&\" Benefit\",'Overall Priority'!$D$21:$E$45,2,FALSE))","v":""}]
[null,null,null,null,null,null,null,null,null,null,null,null,null,null,null,{"$f":"IF(O220=\"\",\"\",IF(O220<'Cost Band & Priority'!$E$12,5,IF(O220<'Cost Band & Priority'!$E$11,4,IF(O220<'Cost Band & Priority'!$E$10,3,IF(O220<'Cost Band & Priority'!$E$9,2,1)))))","v":""},{"$f":"IF(P220=\"\",\"\",VLOOKUP(P220,'Cost Band & Priority'!$B$8:$E$12,2,FALSE))","v":""},null,null,null,null,null,null,null,"",{"$f":"IF(Y220=\"\",\"\",VLOOKUP(Y220,'Benefit Priority'!$B$25:$C$47,2,FALSE))","v":""},{"$f":"IF(OR(Q220=\"\",Z220=\"\"),\"\",VLOOKUP(VLOOKUP(Q220&\" Cost & \"&Z220&\" Benefit\",'Overall Priority'!$D$21:$E$45,2,FALSE),'Overall Priority'!$B$8:$E$16,4,FALSE))","v":""},{"$f":"IF(OR(Q220=\"\",Z220=\"\"),\"\",VLOOKUP(Q220&\" Cost & \"&Z220&\" Benefit\",'Overall Priority'!$D$21:$E$45,2,FALSE))","v":""}]
[null,null,null,null,null,null,null,null,null,null,null,null,null,null,null,{"$f":"IF(O221=\"\",\"\",IF(O221<'Cost Band & Priority'!$E$12,5,IF(O221<'Cost Band & Priority'!$E$11,4,IF(O221<'Cost Band & Priority'!$E$10,3,IF(O221<'Cost Band & Priority'!$E$9,2,1)))))","v":""},{"$f":"IF(P221=\"\",\"\",VLOOKUP(P221,'Cost Band & Priority'!$B$8:$E$12,2,FALSE))","v":""},null,null,null,null,null,null,null,"",{"$f":"IF(Y221=\"\",\"\",VLOOKUP(Y221,'Benefit Priority'!$B$25:$C$47,2,FALSE))","v":""},{"$f":"IF(OR(Q221=\"\",Z221=\"\"),\"\",VLOOKUP(VLOOKUP(Q221&\" Cost & \"&Z221&\" Benefit\",'Overall Priority'!$D$21:$E$45,2,FALSE),'Overall Priority'!$B$8:$E$16,4,FALSE))","v":""},{"$f":"IF(OR(Q221=\"\",Z221=\"\"),\"\",VLOOKUP(Q221&\" Cost & \"&Z221&\" Benefit\",'Overall Priority'!$D$21:$E$45,2,FALSE))","v":""}]
[null,null,null,null,null,null,null,null,null,null,null,null,null,null,null,{"$f":"IF(O222=\"\",\"\",IF(O222<'Cost Band & Priority'!$E$12,5,IF(O222<'Cost Band & Priority'!$E$11,4,IF(O222<'Cost Band & Priority'!$E$10,3,IF(O222<'Cost Band & Priority'!$E$9,2,1)))))","v":""},{"$f":"IF(P222=\"\",\"\",VLOOKUP(P222,'Cost Band & Priority'!$B$8:$E$12,2,FALSE))","v":""},null,null,null,null,null,null,null,"",{"$f":"IF(Y222=\"\",\"\",VLOOKUP(Y222,'Benefit Priority'!$B$25:$C$47,2,FALSE))","v":""},{"$f":"IF(OR(Q222=\"\",Z222=\"\"),\"\",VLOOKUP(VLOOKUP(Q222&\" Cost & \"&Z222&\" Benefit\",'Overall Priority'!$D$21:$E$45,2,FALSE),'Overall Priority'!$B$8:$E$16,4,FALSE))","v":""},{"$f":"IF(OR(Q222=\"\",Z222=\"\"),\"\",VLOOKUP(Q222&\" Cost & \"&Z222&\" Benefit\",'Overall Priority'!$D$21:$E$45,2,FALSE))","v":""}]
[null,null,null,null,null,null,null,null,null,null,null,null,null,null,null,{"$f":"IF(O223=\"\",\"\",IF(O223<'Cost Band & Priority'!$E$12,5,IF(O223<'Cost Band & Priority'!$E$11,4,IF(O223<'Cost Band & Priority'!$E$10,3,IF(O223<'Cost Band & Priority'!$E$9,2,1)))))","v":""},{"$f":"IF(P223=\"\",\"\",VLOOKUP(P223,'Cost Band & Priority'!$B$8:$E$12,2,FALSE))","v":""},null,null,null,null,null,null,null,"",{"$f":"IF(Y223=\"\",\"\",VLOOKUP(Y223,'Benefit Priority'!$B$25:$C$47,2,FALSE))","v":""},{"$f":"IF(OR(Q223=\"\",Z223=\"\"),\"\",VLOOKUP(VLOOKUP(Q223&\" Cost & \"&Z223&\" Benefit\",'Overall Priority'!$D$21:$E$45,2,FALSE),'Overall Priority'!$B$8:$E$16,4,FALSE))","v":""},{"$f":"IF(OR(Q223=\"\",Z223=\"\"),\"\",VLOOKUP(Q223&\" Cost & \"&Z223&\" Benefit\",'Overall Priority'!$D$21:$E$45,2,FALSE))","v":""}]
[null,null,null,null,null,null,null,null,null,null,null,null,null,null,null,{"$f":"IF(O224=\"\",\"\",IF(O224<'Cost Band & Priority'!$E$12,5,IF(O224<'Cost Band & Priority'!$E$11,4,IF(O224<'Cost Band & Priority'!$E$10,3,IF(O224<'Cost Band & Priority'!$E$9,2,1)))))","v":""},{"$f":"IF(P224=\"\",\"\",VLOOKUP(P224,'Cost Band & Priority'!$B$8:$E$12,2,FALSE))","v":""},null,null,null,null,null,null,null,"",{"$f":"IF(Y224=\"\",\"\",VLOOKUP(Y224,'Benefit Priority'!$B$25:$C$47,2,FALSE))","v":""},{"$f":"IF(OR(Q224=\"\",Z224=\"\"),\"\",VLOOKUP(VLOOKUP(Q224&\" Cost & \"&Z224&\" Benefit\",'Overall Priority'!$D$21:$E$45,2,FALSE),'Overall Priority'!$B$8:$E$16,4,FALSE))","v":""},{"$f":"IF(OR(Q224=\"\",Z224=\"\"),\"\",VLOOKUP(Q224&\" Cost & \"&Z224&\" Benefit\",'Overall Priority'!$D$21:$E$45,2,FALSE))","v":""}]
[null,null,null,null,null,null,null,null,null,null,null,null,null,null,null,{"$f":"IF(O225=\"\",\"\",IF(O225<'Cost Band & Priority'!$E$12,5,IF(O225<'Cost Band & Priority'!$E$11,4,IF(O225<'Cost Band & Priority'!$E$10,3,IF(O225<'Cost Band & Priority'!$E$9,2,1)))))","v":""},{"$f":"IF(P225=\"\",\"\",VLOOKUP(P225,'Cost Band & Priority'!$B$8:$E$12,2,FALSE))","v":""},null,null,null,null,null,null,null,"",{"$f":"IF(Y225=\"\",\"\",VLOOKUP(Y225,'Benefit Priority'!$B$25:$C$47,2,FALSE))","v":""},{"$f":"IF(OR(Q225=\"\",Z225=\"\"),\"\",VLOOKUP(VLOOKUP(Q225&\" Cost & \"&Z225&\" Benefit\",'Overall Priority'!$D$21:$E$45,2,FALSE),'Overall Priority'!$B$8:$E$16,4,FALSE))","v":""},{"$f":"IF(OR(Q225=\"\",Z225=\"\"),\"\",VLOOKUP(Q225&\" Cost & \"&Z225&\" Benefit\",'Overall Priority'!$D$21:$E$45,2,FALSE))","v":""}]
[null,null,null,null,null,null,null,null,null,null,null,null,null,null,null,{"$f":"IF(O226=\"\",\"\",IF(O226<'Cost Band & Priority'!$E$12,5,IF(O226<'Cost Band & Priority'!$E$11,4,IF(O226<'Cost Band & Priority'!$E$10,3,IF(O226<'Cost Band & Priority'!$E$9,2,1)))))","v":""},{"$f":"IF(P226=\"\",\"\",VLOOKUP(P226,'Cost Band & Priority'!$B$8:$E$12,2,FALSE))","v":""},null,null,null,null,null,null,null,"",{"$f":"IF(Y226=\"\",\"\",VLOOKUP(Y226,'Benefit Priority'!$B$25:$C$47,2,FALSE))","v":""},{"$f":"IF(OR(Q226=\"\",Z226=\"\"),\"\",VLOOKUP(VLOOKUP(Q226&\" Cost & \"&Z226&\" Benefit\",'Overall Priority'!$D$21:$E$45,2,FALSE),'Overall Priority'!$B$8:$E$16,4,FALSE))","v":""},{"$f":"IF(OR(Q226=\"\",Z226=\"\"),\"\",VLOOKUP(Q226&\" Cost & \"&Z226&\" Benefit\",'Overall Priority'!$D$21:$E$45,2,FALSE))","v":""}]
[null,null,null,null,null,null,null,null,null,null,null,null,null,null,null,{"$f":"IF(O227=\"\",\"\",IF(O227<'Cost Band & Priority'!$E$12,5,IF(O227<'Cost Band & Priority'!$E$11,4,IF(O227<'Cost Band & Priority'!$E$10,3,IF(O227<'Cost Band & Priority'!$E$9,2,1)))))","v":""},{"$f":"IF(P227=\"\",\"\",VLOOKUP(P227,'Cost Band & Priority'!$B$8:$E$12,2,FALSE))","v":""},null,null,null,null,null,null,null,"",{"$f":"IF(Y227=\"\",\"\",VLOOKUP(Y227,'Benefit Priority'!$B$25:$C$47,2,FALSE))","v":""},{"$f":"IF(OR(Q227=\"\",Z227=\"\"),\"\",VLOOKUP(VLOOKUP(Q227&\" Cost & \"&Z227&\" Benefit\",'Overall Priority'!$D$21:$E$45,2,FALSE),'Overall Priority'!$B$8:$E$16,4,FALSE))","v":""},{"$f":"IF(OR(Q227=\"\",Z227=\"\"),\"\",VLOOKUP(Q227&\" Cost & \"&Z227&\" Benefit\",'Overall Priority'!$D$21:$E$45,2,FALSE))","v":""}]
[null,null,null,null,null,null,null,null,null,null,null,null,null,null,null,{"$f":"IF(O228=\"\",\"\",IF(O228<'Cost Band & Priority'!$E$12,5,IF(O228<'Cost Band & Priority'!$E$11,4,IF(O228<'Cost Band & Priority'!$E$10,3,IF(O228<'Cost Band & Priority'!$E$9,2,1)))))","v":""},{"$f":"IF(P228=\"\",\"\",VLOOKUP(P228,'Cost Band & Priority'!$B$8:$E$12,2,FALSE))","v":""},null,null,null,null,null,null,null,"",{"$f":"IF(Y228=\"\",\"\",VLOOKUP(Y228,'Benefit Priority'!$B$25:$C$47,2,FALSE))","v":""},{"$f":"IF(OR(Q228=\"\",Z228=\"\"),\"\",VLOOKUP(VLOOKUP(Q228&\" Cost & \"&Z228&\" Benefit\",'Overall Priority'!$D$21:$E$45,2,FALSE),'Overall Priority'!$B$8:$E$16,4,FALSE))","v":""},{"$f":"IF(OR(Q228=\"\",Z228=\"\"),\"\",VLOOKUP(Q228&\" Cost & \"&Z228&\" Benefit\",'Overall Priority'!$D$21:$E$45,2,FALSE))","v":""}]
[null,null,null,null,null,null,null,null,null,null,null,null,null,null,null,{"$f":"IF(O229=\"\",\"\",IF(O229<'Cost Band & Priority'!$E$12,5,IF(O229<'Cost Band & Priority'!$E$11,4,IF(O229<'Cost Band & Priority'!$E$10,3,IF(O229<'Cost Band & Priority'!$E$9,2,1)))))","v":""},{"$f":"IF(P229=\"\",\"\",VLOOKUP(P229,'Cost Band & Priority'!$B$8:$E$12,2,FALSE))","v":""},null,null,null,null,null,null,null,"",{"$f":"IF(Y229=\"\",\"\",VLOOKUP(Y229,'Benefit Priority'!$B$25:$C$47,2,FALSE))","v":""},{"$f":"IF(OR(Q229=\"\",Z229=\"\"),\"\",VLOOKUP(VLOOKUP(Q229&\" Cost & \"&Z229&\" Benefit\",'Overall Priority'!$D$21:$E$45,2,FALSE),'Overall Priority'!$B$8:$E$16,4,FALSE))","v":""},{"$f":"IF(OR(Q229=\"\",Z229=\"\"),\"\",VLOOKUP(Q229&\" Cost & \"&Z229&\" Benefit\",'Overall Priority'!$D$21:$E$45,2,FALSE))","v":""}]
[null,null,null,null,null,null,null,null,null,null,null,null,null,null,null,{"$f":"IF(O230=\"\",\"\",IF(O230<'Cost Band & Priority'!$E$12,5,IF(O230<'Cost Band & Priority'!$E$11,4,IF(O230<'Cost Band & Priority'!$E$10,3,IF(O230<'Cost Band & Priority'!$E$9,2,1)))))","v":""},{"$f":"IF(P230=\"\",\"\",VLOOKUP(P230,'Cost Band & Priority'!$B$8:$E$12,2,FALSE))","v":""},null,null,null,null,null,null,null,"",{"$f":"IF(Y230=\"\",\"\",VLOOKUP(Y230,'Benefit Priority'!$B$25:$C$47,2,FALSE))","v":""},{"$f":"IF(OR(Q230=\"\",Z230=\"\"),\"\",VLOOKUP(VLOOKUP(Q230&\" Cost & \"&Z230&\" Benefit\",'Overall Priority'!$D$21:$E$45,2,FALSE),'Overall Priority'!$B$8:$E$16,4,FALSE))","v":""},{"$f":"IF(OR(Q230=\"\",Z230=\"\"),\"\",VLOOKUP(Q230&\" Cost & \"&Z230&\" Benefit\",'Overall Priority'!$D$21:$E$45,2,FALSE))","v":""}]
[null,null,null,null,null,null,null,null,null,null,null,null,null,null,null,{"$f":"IF(O231=\"\",\"\",IF(O231<'Cost Band & Priority'!$E$12,5,IF(O231<'Cost Band & Priority'!$E$11,4,IF(O231<'Cost Band & Priority'!$E$10,3,IF(O231<'Cost Band & Priority'!$E$9,2,1)))))","v":""},{"$f":"IF(P231=\"\",\"\",VLOOKUP(P231,'Cost Band & Priority'!$B$8:$E$12,2,FALSE))","v":""},null,null,null,null,null,null,null,"",{"$f":"IF(Y231=\"\",\"\",VLOOKUP(Y231,'Benefit Priority'!$B$25:$C$47,2,FALSE))","v":""},{"$f":"IF(OR(Q231=\"\",Z231=\"\"),\"\",VLOOKUP(VLOOKUP(Q231&\" Cost & \"&Z231&\" Benefit\",'Overall Priority'!$D$21:$E$45,2,FALSE),'Overall Priority'!$B$8:$E$16,4,FALSE))","v":""},{"$f":"IF(OR(Q231=\"\",Z231=\"\"),\"\",VLOOKUP(Q231&\" Cost & \"&Z231&\" Benefit\",'Overall Priority'!$D$21:$E$45,2,FALSE))","v":""}]
[null,null,null,null,null,null,null,null,null,null,null,null,null,null,null,{"$f":"IF(O232=\"\",\"\",IF(O232<'Cost Band & Priority'!$E$12,5,IF(O232<'Cost Band & Priority'!$E$11,4,IF(O232<'Cost Band & Priority'!$E$10,3,IF(O232<'Cost Band & Priority'!$E$9,2,1)))))","v":""},{"$f":"IF(P232=\"\",\"\",VLOOKUP(P232,'Cost Band & Priority'!$B$8:$E$12,2,FALSE))","v":""},null,null,null,null,null,null,null,"",{"$f":"IF(Y232=\"\",\"\",VLOOKUP(Y232,'Benefit Priority'!$B$25:$C$47,2,FALSE))","v":""},{"$f":"IF(OR(Q232=\"\",Z232=\"\"),\"\",VLOOKUP(VLOOKUP(Q232&\" Cost & \"&Z232&\" Benefit\",'Overall Priority'!$D$21:$E$45,2,FALSE),'Overall Priority'!$B$8:$E$16,4,FALSE))","v":""},{"$f":"IF(OR(Q232=\"\",Z232=\"\"),\"\",VLOOKUP(Q232&\" Cost & \"&Z232&\" Benefit\",'Overall Priority'!$D$21:$E$45,2,FALSE))","v":""}]
[null,null,null,null,null,null,null,null,null,null,null,null,null,null,null,{"$f":"IF(O233=\"\",\"\",IF(O233<'Cost Band & Priority'!$E$12,5,IF(O233<'Cost Band & Priority'!$E$11,4,IF(O233<'Cost Band & Priority'!$E$10,3,IF(O233<'Cost Band & Priority'!$E$9,2,1)))))","v":""},{"$f":"IF(P233=\"\",\"\",VLOOKUP(P233,'Cost Band & Priority'!$B$8:$E$12,2,FALSE))","v":""},null,null,null,null,null,null,null,"",{"$f":"IF(Y233=\"\",\"\",VLOOKUP(Y233,'Benefit Priority'!$B$25:$C$47,2,FALSE))","v":""},{"$f":"IF(OR(Q233=\"\",Z233=\"\"),\"\",VLOOKUP(VLOOKUP(Q233&\" Cost & \"&Z233&\" Benefit\",'Overall Priority'!$D$21:$E$45,2,FALSE),'Overall Priority'!$B$8:$E$16,4,FALSE))","v":""},{"$f":"IF(OR(Q233=\"\",Z233=\"\"),\"\",VLOOKUP(Q233&\" Cost & \"&Z233&\" Benefit\",'Overall Priority'!$D$21:$E$45,2,FALSE))","v":""}]
[null,null,null,null,null,null,null,null,null,null,null,null,null,null,null,{"$f":"IF(O234=\"\",\"\",IF(O234<'Cost Band & Priority'!$E$12,5,IF(O234<'Cost Band & Priority'!$E$11,4,IF(O234<'Cost Band & Priority'!$E$10,3,IF(O234<'Cost Band & Priority'!$E$9,2,1)))))","v":""},{"$f":"IF(P234=\"\",\"\",VLOOKUP(P234,'Cost Band & Priority'!$B$8:$E$12,2,FALSE))","v":""},null,null,null,null,null,null,null,"",{"$f":"IF(Y234=\"\",\"\",VLOOKUP(Y234,'Benefit Priority'!$B$25:$C$47,2,FALSE))","v":""},{"$f":"IF(OR(Q234=\"\",Z234=\"\"),\"\",VLOOKUP(VLOOKUP(Q234&\" Cost & \"&Z234&\" Benefit\",'Overall Priority'!$D$21:$E$45,2,FALSE),'Overall Priority'!$B$8:$E$16,4,FALSE))","v":""},{"$f":"IF(OR(Q234=\"\",Z234=\"\"),\"\",VLOOKUP(Q234&\" Cost & \"&Z234&\" Benefit\",'Overall Priority'!$D$21:$E$45,2,FALSE))","v":""}]
[null,null,null,null,null,null,null,null,null,null,null,null,null,null,null,{"$f":"IF(O235=\"\",\"\",IF(O235<'Cost Band & Priority'!$E$12,5,IF(O235<'Cost Band & Priority'!$E$11,4,IF(O235<'Cost Band & Priority'!$E$10,3,IF(O235<'Cost Band & Priority'!$E$9,2,1)))))","v":""},{"$f":"IF(P235=\"\",\"\",VLOOKUP(P235,'Cost Band & Priority'!$B$8:$E$12,2,FALSE))","v":""},null,null,null,null,null,null,null,"",{"$f":"IF(Y235=\"\",\"\",VLOOKUP(Y235,'Benefit Priority'!$B$25:$C$47,2,FALSE))","v":""},{"$f":"IF(OR(Q235=\"\",Z235=\"\"),\"\",VLOOKUP(VLOOKUP(Q235&\" Cost & \"&Z235&\" Benefit\",'Overall Priority'!$D$21:$E$45,2,FALSE),'Overall Priority'!$B$8:$E$16,4,FALSE))","v":""},{"$f":"IF(OR(Q235=\"\",Z235=\"\"),\"\",VLOOKUP(Q235&\" Cost & \"&Z235&\" Benefit\",'Overall Priority'!$D$21:$E$45,2,FALSE))","v":""}]
[null,null,null,null,null,null,null,null,null,null,null,null,null,null,null,{"$f":"IF(O236=\"\",\"\",IF(O236<'Cost Band & Priority'!$E$12,5,IF(O236<'Cost Band & Priority'!$E$11,4,IF(O236<'Cost Band & Priority'!$E$10,3,IF(O236<'Cost Band & Priority'!$E$9,2,1)))))","v":""},{"$f":"IF(P236=\"\",\"\",VLOOKUP(P236,'Cost Band & Priority'!$B$8:$E$12,2,FALSE))","v":""},null,null,null,null,null,null,null,"",{"$f":"IF(Y236=\"\",\"\",VLOOKUP(Y236,'Benefit Priority'!$B$25:$C$47,2,FALSE))","v":""},{"$f":"IF(OR(Q236=\"\",Z236=\"\"),\"\",VLOOKUP(VLOOKUP(Q236&\" Cost & \"&Z236&\" Benefit\",'Overall Priority'!$D$21:$E$45,2,FALSE),'Overall Priority'!$B$8:$E$16,4,FALSE))","v":""},{"$f":"IF(OR(Q236=\"\",Z236=\"\"),\"\",VLOOKUP(Q236&\" Cost & \"&Z236&\" Benefit\",'Overall Priority'!$D$21:$E$45,2,FALSE))","v":""}]
[null,null,null,null,null,null,null,null,null,null,null,null,null,null,null,{"$f":"IF(O237=\"\",\"\",IF(O237<'Cost Band & Priority'!$E$12,5,IF(O237<'Cost Band & Priority'!$E$11,4,IF(O237<'Cost Band & Priority'!$E$10,3,IF(O237<'Cost Band & Priority'!$E$9,2,1)))))","v":""},{"$f":"IF(P237=\"\",\"\",VLOOKUP(P237,'Cost Band & Priority'!$B$8:$E$12,2,FALSE))","v":""},null,null,null,null,null,null,null,"",{"$f":"IF(Y237=\"\",\"\",VLOOKUP(Y237,'Benefit Priority'!$B$25:$C$47,2,FALSE))","v":""},{"$f":"IF(OR(Q237=\"\",Z237=\"\"),\"\",VLOOKUP(VLOOKUP(Q237&\" Cost & \"&Z237&\" Benefit\",'Overall Priority'!$D$21:$E$45,2,FALSE),'Overall Priority'!$B$8:$E$16,4,FALSE))","v":""},{"$f":"IF(OR(Q237=\"\",Z237=\"\"),\"\",VLOOKUP(Q237&\" Cost & \"&Z237&\" Benefit\",'Overall Priority'!$D$21:$E$45,2,FALSE))","v":""}]
[null,null,null,null,null,null,null,null,null,null,null,null,null,null,null,{"$f":"IF(O238=\"\",\"\",IF(O238<'Cost Band & Priority'!$E$12,5,IF(O238<'Cost Band & Priority'!$E$11,4,IF(O238<'Cost Band & Priority'!$E$10,3,IF(O238<'Cost Band & Priority'!$E$9,2,1)))))","v":""},{"$f":"IF(P238=\"\",\"\",VLOOKUP(P238,'Cost Band & Priority'!$B$8:$E$12,2,FALSE))","v":""},null,null,null,null,null,null,null,"",{"$f":"IF(Y238=\"\",\"\",VLOOKUP(Y238,'Benefit Priority'!$B$25:$C$47,2,FALSE))","v":""},{"$f":"IF(OR(Q238=\"\",Z238=\"\"),\"\",VLOOKUP(VLOOKUP(Q238&\" Cost & \"&Z238&\" Benefit\",'Overall Priority'!$D$21:$E$45,2,FALSE),'Overall Priority'!$B$8:$E$16,4,FALSE))","v":""},{"$f":"IF(OR(Q238=\"\",Z238=\"\"),\"\",VLOOKUP(Q238&\" Cost & \"&Z238&\" Benefit\",'Overall Priority'!$D$21:$E$45,2,FALSE))","v":""}]
[null,null,null,null,null,null,null,null,null,null,null,null,null,null,null,{"$f":"IF(O239=\"\",\"\",IF(O239<'Cost Band & Priority'!$E$12,5,IF(O239<'Cost Band & Priority'!$E$11,4,IF(O239<'Cost Band & Priority'!$E$10,3,IF(O239<'Cost Band & Priority'!$E$9,2,1)))))","v":""},{"$f":"IF(P239=\"\",\"\",VLOOKUP(P239,'Cost Band & Priority'!$B$8:$E$12,2,FALSE))","v":""},null,null,null,null,null,null,null,"",{"$f":"IF(Y239=\"\",\"\",VLOOKUP(Y239,'Benefit Priority'!$B$25:$C$47,2,FALSE))","v":""},{"$f":"IF(OR(Q239=\"\",Z239=\"\"),\"\",VLOOKUP(VLOOKUP(Q239&\" Cost & \"&Z239&\" Benefit\",'Overall Priority'!$D$21:$E$45,2,FALSE),'Overall Priority'!$B$8:$E$16,4,FALSE))","v":""},{"$f":"IF(OR(Q239=\"\",Z239=\"\"),\"\",VLOOKUP(Q239&\" Cost & \"&Z239&\" Benefit\",'Overall Priority'!$D$21:$E$45,2,FALSE))","v":""}]
[null,null,null,null,null,null,null,null,null,null,null,null,null,null,null,{"$f":"IF(O240=\"\",\"\",IF(O240<'Cost Band & Priority'!$E$12,5,IF(O240<'Cost Band & Priority'!$E$11,4,IF(O240<'Cost Band & Priority'!$E$10,3,IF(O240<'Cost Band & Priority'!$E$9,2,1)))))","v":""},{"$f":"IF(P240=\"\",\"\",VLOOKUP(P240,'Cost Band & Priority'!$B$8:$E$12,2,FALSE))","v":""},null,null,null,null,null,null,null,"",{"$f":"IF(Y240=\"\",\"\",VLOOKUP(Y240,'Benefit Priority'!$B$25:$C$47,2,FALSE))","v":""},{"$f":"IF(OR(Q240=\"\",Z240=\"\"),\"\",VLOOKUP(VLOOKUP(Q240&\" Cost & \"&Z240&\" Benefit\",'Overall Priority'!$D$21:$E$45,2,FALSE),'Overall Priority'!$B$8:$E$16,4,FALSE))","v":""},{"$f":"IF(OR(Q240=\"\",Z240=\"\"),\"\",VLOOKUP(Q240&\" Cost & \"&Z240&\" Benefit\",'Overall Priority'!$D$21:$E$45,2,FALSE))","v":""}]
[null,null,null,null,null,null,null,null,null,null,null,null,null,null,null,{"$f":"IF(O241=\"\",\"\",IF(O241<'Cost Band & Priority'!$E$12,5,IF(O241<'Cost Band & Priority'!$E$11,4,IF(O241<'Cost Band & Priority'!$E$10,3,IF(O241<'Cost Band & Priority'!$E$9,2,1)))))","v":""},{"$f":"IF(P241=\"\",\"\",VLOOKUP(P241,'Cost Band & Priority'!$B$8:$E$12,2,FALSE))","v":""},null,null,null,null,null,null,null,"",{"$f":"IF(Y241=\"\",\"\",VLOOKUP(Y241,'Benefit Priority'!$B$25:$C$47,2,FALSE))","v":""},{"$f":"IF(OR(Q241=\"\",Z241=\"\"),\"\",VLOOKUP(VLOOKUP(Q241&\" Cost & \"&Z241&\" Benefit\",'Overall Priority'!$D$21:$E$45,2,FALSE),'Overall Priority'!$B$8:$E$16,4,FALSE))","v":""},{"$f":"IF(OR(Q241=\"\",Z241=\"\"),\"\",VLOOKUP(Q241&\" Cost & \"&Z241&\" Benefit\",'Overall Priority'!$D$21:$E$45,2,FALSE))","v":""}]
[null,null,null,null,null,null,null,null,null,null,null,null,null,null,null,{"$f":"IF(O242=\"\",\"\",IF(O242<'Cost Band & Priority'!$E$12,5,IF(O242<'Cost Band & Priority'!$E$11,4,IF(O242<'Cost Band & Priority'!$E$10,3,IF(O242<'Cost Band & Priority'!$E$9,2,1)))))","v":""},{"$f":"IF(P242=\"\",\"\",VLOOKUP(P242,'Cost Band & Priority'!$B$8:$E$12,2,FALSE))","v":""},null,null,null,null,null,null,null,"",{"$f":"IF(Y242=\"\",\"\",VLOOKUP(Y242,'Benefit Priority'!$B$25:$C$47,2,FALSE))","v":""},{"$f":"IF(OR(Q242=\"\",Z242=\"\"),\"\",VLOOKUP(VLOOKUP(Q242&\" Cost & \"&Z242&\" Benefit\",'Overall Priority'!$D$21:$E$45,2,FALSE),'Overall Priority'!$B$8:$E$16,4,FALSE))","v":""},{"$f":"IF(OR(Q242=\"\",Z242=\"\"),\"\",VLOOKUP(Q242&\" Cost & \"&Z242&\" Benefit\",'Overall Priority'!$D$21:$E$45,2,FALSE))","v":""}]
[null,null,null,null,null,null,null,null,null,null,null,null,null,null,null,{"$f":"IF(O243=\"\",\"\",IF(O243<'Cost Band & Priority'!$E$12,5,IF(O243<'Cost Band & Priority'!$E$11,4,IF(O243<'Cost Band & Priority'!$E$10,3,IF(O243<'Cost Band & Priority'!$E$9,2,1)))))","v":""},{"$f":"IF(P243=\"\",\"\",VLOOKUP(P243,'Cost Band & Priority'!$B$8:$E$12,2,FALSE))","v":""},null,null,null,null,null,null,null,"",{"$f":"IF(Y243=\"\",\"\",VLOOKUP(Y243,'Benefit Priority'!$B$25:$C$47,2,FALSE))","v":""},{"$f":"IF(OR(Q243=\"\",Z243=\"\"),\"\",VLOOKUP(VLOOKUP(Q243&\" Cost & \"&Z243&\" Benefit\",'Overall Priority'!$D$21:$E$45,2,FALSE),'Overall Priority'!$B$8:$E$16,4,FALSE))","v":""},{"$f":"IF(OR(Q243=\"\",Z243=\"\"),\"\",VLOOKUP(Q243&\" Cost & \"&Z243&\" Benefit\",'Overall Priority'!$D$21:$E$45,2,FALSE))","v":""}]
[null,null,null,null,null,null,null,null,null,null,null,null,null,null,null,{"$f":"IF(O244=\"\",\"\",IF(O244<'Cost Band & Priority'!$E$12,5,IF(O244<'Cost Band & Priority'!$E$11,4,IF(O244<'Cost Band & Priority'!$E$10,3,IF(O244<'Cost Band & Priority'!$E$9,2,1)))))","v":""},{"$f":"IF(P244=\"\",\"\",VLOOKUP(P244,'Cost Band & Priority'!$B$8:$E$12,2,FALSE))","v":""},null,null,null,null,null,null,null,"",{"$f":"IF(Y244=\"\",\"\",VLOOKUP(Y244,'Benefit Priority'!$B$25:$C$47,2,FALSE))","v":""},{"$f":"IF(OR(Q244=\"\",Z244=\"\"),\"\",VLOOKUP(VLOOKUP(Q244&\" Cost & \"&Z244&\" Benefit\",'Overall Priority'!$D$21:$E$45,2,FALSE),'Overall Priority'!$B$8:$E$16,4,FALSE))","v":""},{"$f":"IF(OR(Q244=\"\",Z244=\"\"),\"\",VLOOKUP(Q244&\" Cost & \"&Z244&\" Benefit\",'Overall Priority'!$D$21:$E$45,2,FALSE))","v":""}]
[null,null,null,null,null,null,null,null,null,null,null,null,null,null,null,{"$f":"IF(O245=\"\",\"\",IF(O245<'Cost Band & Priority'!$E$12,5,IF(O245<'Cost Band & Priority'!$E$11,4,IF(O245<'Cost Band & Priority'!$E$10,3,IF(O245<'Cost Band & Priority'!$E$9,2,1)))))","v":""},{"$f":"IF(P245=\"\",\"\",VLOOKUP(P245,'Cost Band & Priority'!$B$8:$E$12,2,FALSE))","v":""},null,null,null,null,null,null,null,"",{"$f":"IF(Y245=\"\",\"\",VLOOKUP(Y245,'Benefit Priority'!$B$25:$C$47,2,FALSE))","v":""},{"$f":"IF(OR(Q245=\"\",Z245=\"\"),\"\",VLOOKUP(VLOOKUP(Q245&\" Cost & \"&Z245&\" Benefit\",'Overall Priority'!$D$21:$E$45,2,FALSE),'Overall Priority'!$B$8:$E$16,4,FALSE))","v":""},{"$f":"IF(OR(Q245=\"\",Z245=\"\"),\"\",VLOOKUP(Q245&\" Cost & \"&Z245&\" Benefit\",'Overall Priority'!$D$21:$E$45,2,FALSE))","v":""}]
[null,null,null,null,null,null,null,null,null,null,null,null,null,null,null,{"$f":"IF(O246=\"\",\"\",IF(O246<'Cost Band & Priority'!$E$12,5,IF(O246<'Cost Band & Priority'!$E$11,4,IF(O246<'Cost Band & Priority'!$E$10,3,IF(O246<'Cost Band & Priority'!$E$9,2,1)))))","v":""},{"$f":"IF(P246=\"\",\"\",VLOOKUP(P246,'Cost Band & Priority'!$B$8:$E$12,2,FALSE))","v":""},null,null,null,null,null,null,null,"",{"$f":"IF(Y246=\"\",\"\",VLOOKUP(Y246,'Benefit Priority'!$B$25:$C$47,2,FALSE))","v":""},{"$f":"IF(OR(Q246=\"\",Z246=\"\"),\"\",VLOOKUP(VLOOKUP(Q246&\" Cost & \"&Z246&\" Benefit\",'Overall Priority'!$D$21:$E$45,2,FALSE),'Overall Priority'!$B$8:$E$16,4,FALSE))","v":""},{"$f":"IF(OR(Q246=\"\",Z246=\"\"),\"\",VLOOKUP(Q246&\" Cost & \"&Z246&\" Benefit\",'Overall Priority'!$D$21:$E$45,2,FALSE))","v":""}]
[null,null,null,null,null,null,null,null,null,null,null,null,null,null,null,{"$f":"IF(O247=\"\",\"\",IF(O247<'Cost Band & Priority'!$E$12,5,IF(O247<'Cost Band & Priority'!$E$11,4,IF(O247<'Cost Band & Priority'!$E$10,3,IF(O247<'Cost Band & Priority'!$E$9,2,1)))))","v":""},{"$f":"IF(P247=\"\",\"\",VLOOKUP(P247,'Cost Band & Priority'!$B$8:$E$12,2,FALSE))","v":""},null,null,null,null,null,null,null,"",{"$f":"IF(Y247=\"\",\"\",VLOOKUP(Y247,'Benefit Priority'!$B$25:$C$47,2,FALSE))","v":""},{"$f":"IF(OR(Q247=\"\",Z247=\"\"),\"\",VLOOKUP(VLOOKUP(Q247&\" Cost & \"&Z247&\" Benefit\",'Overall Priority'!$D$21:$E$45,2,FALSE),'Overall Priority'!$B$8:$E$16,4,FALSE))","v":""},{"$f":"IF(OR(Q247=\"\",Z247=\"\"),\"\",VLOOKUP(Q247&\" Cost & \"&Z247&\" Benefit\",'Overall Priority'!$D$21:$E$45,2,FALSE))","v":""}]
[null,null,null,null,null,null,null,null,null,null,null,null,null,null,null,{"$f":"IF(O248=\"\",\"\",IF(O248<'Cost Band & Priority'!$E$12,5,IF(O248<'Cost Band & Priority'!$E$11,4,IF(O248<'Cost Band & Priority'!$E$10,3,IF(O248<'Cost Band & Priority'!$E$9,2,1)))))","v":""},{"$f":"IF(P248=\"\",\"\",VLOOKUP(P248,'Cost Band & Priority'!$B$8:$E$12,2,FALSE))","v":""},null,null,null,null,null,null,null,"",{"$f":"IF(Y248=\"\",\"\",VLOOKUP(Y248,'Benefit Priority'!$B$25:$C$47,2,FALSE))","v":""},{"$f":"IF(OR(Q248=\"\",Z248=\"\"),\"\",VLOOKUP(VLOOKUP(Q248&\" Cost & \"&Z248&\" Benefit\",'Overall Priority'!$D$21:$E$45,2,FALSE),'Overall Priority'!$B$8:$E$16,4,FALSE))","v":""},{"$f":"IF(OR(Q248=\"\",Z248=\"\"),\"\",VLOOKUP(Q248&\" Cost & \"&Z248&\" Benefit\",'Overall Priority'!$D$21:$E$45,2,FALSE))","v":""}]
[null,null,null,null,null,null,null,null,null,null,null,null,null,null,null,{"$f":"IF(O249=\"\",\"\",IF(O249<'Cost Band & Priority'!$E$12,5,IF(O249<'Cost Band & Priority'!$E$11,4,IF(O249<'Cost Band & Priority'!$E$10,3,IF(O249<'Cost Band & Priority'!$E$9,2,1)))))","v":""},{"$f":"IF(P249=\"\",\"\",VLOOKUP(P249,'Cost Band & Priority'!$B$8:$E$12,2,FALSE))","v":""},null,null,null,null,null,null,null,"",{"$f":"IF(Y249=\"\",\"\",VLOOKUP(Y249,'Benefit Priority'!$B$25:$C$47,2,FALSE))","v":""},{"$f":"IF(OR(Q249=\"\",Z249=\"\"),\"\",VLOOKUP(VLOOKUP(Q249&\" Cost & \"&Z249&\" Benefit\",'Overall Priority'!$D$21:$E$45,2,FALSE),'Overall Priority'!$B$8:$E$16,4,FALSE))","v":""},{"$f":"IF(OR(Q249=\"\",Z249=\"\"),\"\",VLOOKUP(Q249&\" Cost & \"&Z249&\" Benefit\",'Overall Priority'!$D$21:$E$45,2,FALSE))","v":""}]
[null,null,null,null,null,null,null,null,null,null,null,null,null,null,null,{"$f":"IF(O250=\"\",\"\",IF(O250<'Cost Band & Priority'!$E$12,5,IF(O250<'Cost Band & Priority'!$E$11,4,IF(O250<'Cost Band & Priority'!$E$10,3,IF(O250<'Cost Band & Priority'!$E$9,2,1)))))","v":""},{"$f":"IF(P250=\"\",\"\",VLOOKUP(P250,'Cost Band & Priority'!$B$8:$E$12,2,FALSE))","v":""},null,null,null,null,null,null,null,"",{"$f":"IF(Y250=\"\",\"\",VLOOKUP(Y250,'Benefit Priority'!$B$25:$C$47,2,FALSE))","v":""},{"$f":"IF(OR(Q250=\"\",Z250=\"\"),\"\",VLOOKUP(VLOOKUP(Q250&\" Cost & \"&Z250&\" Benefit\",'Overall Priority'!$D$21:$E$45,2,FALSE),'Overall Priority'!$B$8:$E$16,4,FALSE))","v":""},{"$f":"IF(OR(Q250=\"\",Z250=\"\"),\"\",VLOOKUP(Q250&\" Cost & \"&Z250&\" Benefit\",'Overall Priority'!$D$21:$E$45,2,FALSE))","v":""}]
[null,null,null,null,null,null,null,null,null,null,null,null,null,null,null,{"$f":"IF(O251=\"\",\"\",IF(O251<'Cost Band & Priority'!$E$12,5,IF(O251<'Cost Band & Priority'!$E$11,4,IF(O251<'Cost Band & Priority'!$E$10,3,IF(O251<'Cost Band & Priority'!$E$9,2,1)))))","v":""},{"$f":"IF(P251=\"\",\"\",VLOOKUP(P251,'Cost Band & Priority'!$B$8:$E$12,2,FALSE))","v":""},null,null,null,null,null,null,null,"",{"$f":"IF(Y251=\"\",\"\",VLOOKUP(Y251,'Benefit Priority'!$B$25:$C$47,2,FALSE))","v":""},{"$f":"IF(OR(Q251=\"\",Z251=\"\"),\"\",VLOOKUP(VLOOKUP(Q251&\" Cost & \"&Z251&\" Benefit\",'Overall Priority'!$D$21:$E$45,2,FALSE),'Overall Priority'!$B$8:$E$16,4,FALSE))","v":""},{"$f":"IF(OR(Q251=\"\",Z251=\"\"),\"\",VLOOKUP(Q251&\" Cost & \"&Z251&\" Benefit\",'Overall Priority'!$D$21:$E$45,2,FALSE))","v":""}]
[null,null,null,null,null,null,null,null,null,null,null,null,null,null,null,{"$f":"IF(O252=\"\",\"\",IF(O252<'Cost Band & Priority'!$E$12,5,IF(O252<'Cost Band & Priority'!$E$11,4,IF(O252<'Cost Band & Priority'!$E$10,3,IF(O252<'Cost Band & Priority'!$E$9,2,1)))))","v":""},{"$f":"IF(P252=\"\",\"\",VLOOKUP(P252,'Cost Band & Priority'!$B$8:$E$12,2,FALSE))","v":""},null,null,null,null,null,null,null,"",{"$f":"IF(Y252=\"\",\"\",VLOOKUP(Y252,'Benefit Priority'!$B$25:$C$47,2,FALSE))","v":""},{"$f":"IF(OR(Q252=\"\",Z252=\"\"),\"\",VLOOKUP(VLOOKUP(Q252&\" Cost & \"&Z252&\" Benefit\",'Overall Priority'!$D$21:$E$45,2,FALSE),'Overall Priority'!$B$8:$E$16,4,FALSE))","v":""},{"$f":"IF(OR(Q252=\"\",Z252=\"\"),\"\",VLOOKUP(Q252&\" Cost & \"&Z252&\" Benefit\",'Overall Priority'!$D$21:$E$45,2,FALSE))","v":""}]
[null,null,null,null,null,null,null,null,null,null,null,null,null,null,null,{"$f":"IF(O253=\"\",\"\",IF(O253<'Cost Band & Priority'!$E$12,5,IF(O253<'Cost Band & Priority'!$E$11,4,IF(O253<'Cost Band & Priority'!$E$10,3,IF(O253<'Cost Band & Priority'!$E$9,2,1)))))","v":""},{"$f":"IF(P253=\"\",\"\",VLOOKUP(P253,'Cost Band & Priority'!$B$8:$E$12,2,FALSE))","v":""},null,null,null,null,null,null,null,"",{"$f":"IF(Y253=\"\",\"\",VLOOKUP(Y253,'Benefit Priority'!$B$25:$C$47,2,FALSE))","v":""},{"$f":"IF(OR(Q253=\"\",Z253=\"\"),\"\",VLOOKUP(VLOOKUP(Q253&\" Cost & \"&Z253&\" Benefit\",'Overall Priority'!$D$21:$E$45,2,FALSE),'Overall Priority'!$B$8:$E$16,4,FALSE))","v":""},{"$f":"IF(OR(Q253=\"\",Z253=\"\"),\"\",VLOOKUP(Q253&\" Cost & \"&Z253&\" Benefit\",'Overall Priority'!$D$21:$E$45,2,FALSE))","v":""}]
[null,null,null,null,null,null,null,null,null,null,null,null,null,null,null,{"$f":"IF(O254=\"\",\"\",IF(O254<'Cost Band & Priority'!$E$12,5,IF(O254<'Cost Band & Priority'!$E$11,4,IF(O254<'Cost Band & Priority'!$E$10,3,IF(O254<'Cost Band & Priority'!$E$9,2,1)))))","v":""},{"$f":"IF(P254=\"\",\"\",VLOOKUP(P254,'Cost Band & Priority'!$B$8:$E$12,2,FALSE))","v":""},null,null,null,null,null,null,null,"",{"$f":"IF(Y254=\"\",\"\",VLOOKUP(Y254,'Benefit Priority'!$B$25:$C$47,2,FALSE))","v":""},{"$f":"IF(OR(Q254=\"\",Z254=\"\"),\"\",VLOOKUP(VLOOKUP(Q254&\" Cost & \"&Z254&\" Benefit\",'Overall Priority'!$D$21:$E$45,2,FALSE),'Overall Priority'!$B$8:$E$16,4,FALSE))","v":""},{"$f":"IF(OR(Q254=\"\",Z254=\"\"),\"\",VLOOKUP(Q254&\" Cost & \"&Z254&\" Benefit\",'Overall Priority'!$D$21:$E$45,2,FALSE))","v":""}]
[null,null,null,null,null,null,null,null,null,null,null,null,null,null,null,{"$f":"IF(O255=\"\",\"\",IF(O255<'Cost Band & Priority'!$E$12,5,IF(O255<'Cost Band & Priority'!$E$11,4,IF(O255<'Cost Band & Priority'!$E$10,3,IF(O255<'Cost Band & Priority'!$E$9,2,1)))))","v":""},{"$f":"IF(P255=\"\",\"\",VLOOKUP(P255,'Cost Band & Priority'!$B$8:$E$12,2,FALSE))","v":""},null,null,null,null,null,null,null,"",{"$f":"IF(Y255=\"\",\"\",VLOOKUP(Y255,'Benefit Priority'!$B$25:$C$47,2,FALSE))","v":""},{"$f":"IF(OR(Q255=\"\",Z255=\"\"),\"\",VLOOKUP(VLOOKUP(Q255&\" Cost & \"&Z255&\" Benefit\",'Overall Priority'!$D$21:$E$45,2,FALSE),'Overall Priority'!$B$8:$E$16,4,FALSE))","v":""},{"$f":"IF(OR(Q255=\"\",Z255=\"\"),\"\",VLOOKUP(Q255&\" Cost & \"&Z255&\" Benefit\",'Overall Priority'!$D$21:$E$45,2,FALSE))","v":""}]
[null,null,null,null,null,null,null,null,null,null,null,null,null,null,null,{"$f":"IF(O256=\"\",\"\",IF(O256<'Cost Band & Priority'!$E$12,5,IF(O256<'Cost Band & Priority'!$E$11,4,IF(O256<'Cost Band & Priority'!$E$10,3,IF(O256<'Cost Band & Priority'!$E$9,2,1)))))","v":""},{"$f":"IF(P256=\"\",\"\",VLOOKUP(P256,'Cost Band & Priority'!$B$8:$E$12,2,FALSE))","v":""},null,null,null,null,null,null,null,"",{"$f":"IF(Y256=\"\",\"\",VLOOKUP(Y256,'Benefit Priority'!$B$25:$C$47,2,FALSE))","v":""},{"$f":"IF(OR(Q256=\"\",Z256=\"\"),\"\",VLOOKUP(VLOOKUP(Q256&\" Cost & \"&Z256&\" Benefit\",'Overall Priority'!$D$21:$E$45,2,FALSE),'Overall Priority'!$B$8:$E$16,4,FALSE))","v":""},{"$f":"IF(OR(Q256=\"\",Z256=\"\"),\"\",VLOOKUP(Q256&\" Cost & \"&Z256&\" Benefit\",'Overall Priority'!$D$21:$E$45,2,FALSE))","v":""}]
[null,null,null,null,null,null,null,null,null,null,null,null,null,null,null,{"$f":"IF(O257=\"\",\"\",IF(O257<'Cost Band & Priority'!$E$12,5,IF(O257<'Cost Band & Priority'!$E$11,4,IF(O257<'Cost Band & Priority'!$E$10,3,IF(O257<'Cost Band & Priority'!$E$9,2,1)))))","v":""},{"$f":"IF(P257=\"\",\"\",VLOOKUP(P257,'Cost Band & Priority'!$B$8:$E$12,2,FALSE))","v":""},null,null,null,null,null,null,null,"",{"$f":"IF(Y257=\"\",\"\",VLOOKUP(Y257,'Benefit Priority'!$B$25:$C$47,2,FALSE))","v":""},{"$f":"IF(OR(Q257=\"\",Z257=\"\"),\"\",VLOOKUP(VLOOKUP(Q257&\" Cost & \"&Z257&\" Benefit\",'Overall Priority'!$D$21:$E$45,2,FALSE),'Overall Priority'!$B$8:$E$16,4,FALSE))","v":""},{"$f":"IF(OR(Q257=\"\",Z257=\"\"),\"\",VLOOKUP(Q257&\" Cost & \"&Z257&\" Benefit\",'Overall Priority'!$D$21:$E$45,2,FALSE))","v":""}]
[null,null,null,null,null,null,null,null,null,null,null,null,null,null,null,{"$f":"IF(O258=\"\",\"\",IF(O258<'Cost Band & Priority'!$E$12,5,IF(O258<'Cost Band & Priority'!$E$11,4,IF(O258<'Cost Band & Priority'!$E$10,3,IF(O258<'Cost Band & Priority'!$E$9,2,1)))))","v":""},{"$f":"IF(P258=\"\",\"\",VLOOKUP(P258,'Cost Band & Priority'!$B$8:$E$12,2,FALSE))","v":""},null,null,null,null,null,null,null,{"$f":"IF(AND(R258>0,S258>0,T258>0,U258>0,V258>0,W258>0,X258>0),SUM(R258:X258),\"\")","v":""},{"$f":"IF(Y258=\"\",\"\",VLOOKUP(Y258,'Benefit Priority'!$B$25:$C$47,2,FALSE))","v":""},{"$f":"IF(OR(Q258=\"\",Z258=\"\"),\"\",VLOOKUP(VLOOKUP(Q258&\" Cost & \"&Z258&\" Benefit\",'Overall Priority'!$D$21:$E$45,2,FALSE),'Overall Priority'!$B$8:$E$16,4,FALSE))","v":""},{"$f":"IF(OR(Q258=\"\",Z258=\"\"),\"\",VLOOKUP(Q258&\" Cost & \"&Z258&\" Benefit\",'Overall Priority'!$D$21:$E$45,2,FALSE))","v":""}]
[null,null,null,null,null,null,null,null,null,null,null,null,null,null,null,{"$f":"IF(O259=\"\",\"\",IF(O259<'Cost Band & Priority'!$E$12,5,IF(O259<'Cost Band & Priority'!$E$11,4,IF(O259<'Cost Band & Priority'!$E$10,3,IF(O259<'Cost Band & Priority'!$E$9,2,1)))))","v":""},{"$f":"IF(P259=\"\",\"\",VLOOKUP(P259,'Cost Band & Priority'!$B$8:$E$12,2,FALSE))","v":""},null,null,null,null,null,null,null,"",{"$f":"IF(Y259=\"\",\"\",VLOOKUP(Y259,'Benefit Priority'!$B$25:$C$47,2,FALSE))","v":""},{"$f":"IF(OR(Q259=\"\",Z259=\"\"),\"\",VLOOKUP(VLOOKUP(Q259&\" Cost & \"&Z259&\" Benefit\",'Overall Priority'!$D$21:$E$45,2,FALSE),'Overall Priority'!$B$8:$E$16,4,FALSE))","v":""},{"$f":"IF(OR(Q259=\"\",Z259=\"\"),\"\",VLOOKUP(Q259&\" Cost & \"&Z259&\" Benefit\",'Overall Priority'!$D$21:$E$45,2,FALSE))","v":""}]
[null,null,null,null,null,null,null,null,null,null,null,null,null,null,null,{"$f":"IF(O260=\"\",\"\",IF(O260<'Cost Band & Priority'!$E$12,5,IF(O260<'Cost Band & Priority'!$E$11,4,IF(O260<'Cost Band & Priority'!$E$10,3,IF(O260<'Cost Band & Priority'!$E$9,2,1)))))","v":""},{"$f":"IF(P260=\"\",\"\",VLOOKUP(P260,'Cost Band & Priority'!$B$8:$E$12,2,FALSE))","v":""},null,null,null,null,null,null,null,"",{"$f":"IF(Y260=\"\",\"\",VLOOKUP(Y260,'Benefit Priority'!$B$25:$C$47,2,FALSE))","v":""},{"$f":"IF(OR(Q260=\"\",Z260=\"\"),\"\",VLOOKUP(VLOOKUP(Q260&\" Cost & \"&Z260&\" Benefit\",'Overall Priority'!$D$21:$E$45,2,FALSE),'Overall Priority'!$B$8:$E$16,4,FALSE))","v":""},{"$f":"IF(OR(Q260=\"\",Z260=\"\"),\"\",VLOOKUP(Q260&\" Cost & \"&Z260&\" Benefit\",'Overall Priority'!$D$21:$E$45,2,FALSE))","v":""}]
[null,null,null,null,null,null,null,null,null,null,null,null,null,null,null,{"$f":"IF(O261=\"\",\"\",IF(O261<'Cost Band & Priority'!$E$12,5,IF(O261<'Cost Band & Priority'!$E$11,4,IF(O261<'Cost Band & Priority'!$E$10,3,IF(O261<'Cost Band & Priority'!$E$9,2,1)))))","v":""},{"$f":"IF(P261=\"\",\"\",VLOOKUP(P261,'Cost Band & Priority'!$B$8:$E$12,2,FALSE))","v":""},null,null,null,null,null,null,null,"",{"$f":"IF(Y261=\"\",\"\",VLOOKUP(Y261,'Benefit Priority'!$B$25:$C$47,2,FALSE))","v":""},{"$f":"IF(OR(Q261=\"\",Z261=\"\"),\"\",VLOOKUP(VLOOKUP(Q261&\" Cost & \"&Z261&\" Benefit\",'Overall Priority'!$D$21:$E$45,2,FALSE),'Overall Priority'!$B$8:$E$16,4,FALSE))","v":""},{"$f":"IF(OR(Q261=\"\",Z261=\"\"),\"\",VLOOKUP(Q261&\" Cost & \"&Z261&\" Benefit\",'Overall Priority'!$D$21:$E$45,2,FALSE))","v":""}]
[null,null,null,null,null,null,null,null,null,null,null,null,null,null,null,{"$f":"IF(O262=\"\",\"\",IF(O262<'Cost Band & Priority'!$E$12,5,IF(O262<'Cost Band & Priority'!$E$11,4,IF(O262<'Cost Band & Priority'!$E$10,3,IF(O262<'Cost Band & Priority'!$E$9,2,1)))))","v":""},{"$f":"IF(P262=\"\",\"\",VLOOKUP(P262,'Cost Band & Priority'!$B$8:$E$12,2,FALSE))","v":""},null,null,null,null,null,null,null,"",{"$f":"IF(Y262=\"\",\"\",VLOOKUP(Y262,'Benefit Priority'!$B$25:$C$47,2,FALSE))","v":""},{"$f":"IF(OR(Q262=\"\",Z262=\"\"),\"\",VLOOKUP(VLOOKUP(Q262&\" Cost & \"&Z262&\" Benefit\",'Overall Priority'!$D$21:$E$45,2,FALSE),'Overall Priority'!$B$8:$E$16,4,FALSE))","v":""},{"$f":"IF(OR(Q262=\"\",Z262=\"\"),\"\",VLOOKUP(Q262&\" Cost & \"&Z262&\" Benefit\",'Overall Priority'!$D$21:$E$45,2,FALSE))","v":""}]
[null,null,null,null,null,null,null,null,null,null,null,null,null,null,null,{"$f":"IF(O263=\"\",\"\",IF(O263<'Cost Band & Priority'!$E$12,5,IF(O263<'Cost Band & Priority'!$E$11,4,IF(O263<'Cost Band & Priority'!$E$10,3,IF(O263<'Cost Band & Priority'!$E$9,2,1)))))","v":""},{"$f":"IF(P263=\"\",\"\",VLOOKUP(P263,'Cost Band & Priority'!$B$8:$E$12,2,FALSE))","v":""},null,null,null,null,null,null,null,"",{"$f":"IF(Y263=\"\",\"\",VLOOKUP(Y263,'Benefit Priority'!$B$25:$C$47,2,FALSE))","v":""},{"$f":"IF(OR(Q263=\"\",Z263=\"\"),\"\",VLOOKUP(VLOOKUP(Q263&\" Cost & \"&Z263&\" Benefit\",'Overall Priority'!$D$21:$E$45,2,FALSE),'Overall Priority'!$B$8:$E$16,4,FALSE))","v":""},{"$f":"IF(OR(Q263=\"\",Z263=\"\"),\"\",VLOOKUP(Q263&\" Cost & \"&Z263&\" Benefit\",'Overall Priority'!$D$21:$E$45,2,FALSE))","v":""}]
[null,null,null,null,null,null,null,null,null,null,null,null,null,null,null,{"$f":"IF(O264=\"\",\"\",IF(O264<'Cost Band & Priority'!$E$12,5,IF(O264<'Cost Band & Priority'!$E$11,4,IF(O264<'Cost Band & Priority'!$E$10,3,IF(O264<'Cost Band & Priority'!$E$9,2,1)))))","v":""},{"$f":"IF(P264=\"\",\"\",VLOOKUP(P264,'Cost Band & Priority'!$B$8:$E$12,2,FALSE))","v":""},null,null,null,null,null,null,null,"",{"$f":"IF(Y264=\"\",\"\",VLOOKUP(Y264,'Benefit Priority'!$B$25:$C$47,2,FALSE))","v":""},{"$f":"IF(OR(Q264=\"\",Z264=\"\"),\"\",VLOOKUP(VLOOKUP(Q264&\" Cost & \"&Z264&\" Benefit\",'Overall Priority'!$D$21:$E$45,2,FALSE),'Overall Priority'!$B$8:$E$16,4,FALSE))","v":""},{"$f":"IF(OR(Q264=\"\",Z264=\"\"),\"\",VLOOKUP(Q264&\" Cost & \"&Z264&\" Benefit\",'Overall Priority'!$D$21:$E$45,2,FALSE))","v":""}]
[null,null,null,null,null,null,null,null,null,null,null,null,null,null,null,{"$f":"IF(O265=\"\",\"\",IF(O265<'Cost Band & Priority'!$E$12,5,IF(O265<'Cost Band & Priority'!$E$11,4,IF(O265<'Cost Band & Priority'!$E$10,3,IF(O265<'Cost Band & Priority'!$E$9,2,1)))))","v":""},{"$f":"IF(P265=\"\",\"\",VLOOKUP(P265,'Cost Band & Priority'!$B$8:$E$12,2,FALSE))","v":""},null,null,null,null,null,null,null,"",{"$f":"IF(Y265=\"\",\"\",VLOOKUP(Y265,'Benefit Priority'!$B$25:$C$47,2,FALSE))","v":""},{"$f":"IF(OR(Q265=\"\",Z265=\"\"),\"\",VLOOKUP(VLOOKUP(Q265&\" Cost & \"&Z265&\" Benefit\",'Overall Priority'!$D$21:$E$45,2,FALSE),'Overall Priority'!$B$8:$E$16,4,FALSE))","v":""},{"$f":"IF(OR(Q265=\"\",Z265=\"\"),\"\",VLOOKUP(Q265&\" Cost & \"&Z265&\" Benefit\",'Overall Priority'!$D$21:$E$45,2,FALSE))","v":""}]
[null,null,null,null,null,null,null,null,null,null,null,null,null,null,null,{"$f":"IF(O266=\"\",\"\",IF(O266<'Cost Band & Priority'!$E$12,5,IF(O266<'Cost Band & Priority'!$E$11,4,IF(O266<'Cost Band & Priority'!$E$10,3,IF(O266<'Cost Band & Priority'!$E$9,2,1)))))","v":""},{"$f":"IF(P266=\"\",\"\",VLOOKUP(P266,'Cost Band & Priority'!$B$8:$E$12,2,FALSE))","v":""},null,null,null,null,null,null,null,"",{"$f":"IF(Y266=\"\",\"\",VLOOKUP(Y266,'Benefit Priority'!$B$25:$C$47,2,FALSE))","v":""},{"$f":"IF(OR(Q266=\"\",Z266=\"\"),\"\",VLOOKUP(VLOOKUP(Q266&\" Cost & \"&Z266&\" Benefit\",'Overall Priority'!$D$21:$E$45,2,FALSE),'Overall Priority'!$B$8:$E$16,4,FALSE))","v":""},{"$f":"IF(OR(Q266=\"\",Z266=\"\"),\"\",VLOOKUP(Q266&\" Cost & \"&Z266&\" Benefit\",'Overall Priority'!$D$21:$E$45,2,FALSE))","v":""}]
[null,null,null,null,null,null,null,null,null,null,null,null,null,null,null,{"$f":"IF(O267=\"\",\"\",IF(O267<'Cost Band & Priority'!$E$12,5,IF(O267<'Cost Band & Priority'!$E$11,4,IF(O267<'Cost Band & Priority'!$E$10,3,IF(O267<'Cost Band & Priority'!$E$9,2,1)))))","v":""},{"$f":"IF(P267=\"\",\"\",VLOOKUP(P267,'Cost Band & Priority'!$B$8:$E$12,2,FALSE))","v":""},null,null,null,null,null,null,null,"",{"$f":"IF(Y267=\"\",\"\",VLOOKUP(Y267,'Benefit Priority'!$B$25:$C$47,2,FALSE))","v":""},{"$f":"IF(OR(Q267=\"\",Z267=\"\"),\"\",VLOOKUP(VLOOKUP(Q267&\" Cost & \"&Z267&\" Benefit\",'Overall Priority'!$D$21:$E$45,2,FALSE),'Overall Priority'!$B$8:$E$16,4,FALSE))","v":""},{"$f":"IF(OR(Q267=\"\",Z267=\"\"),\"\",VLOOKUP(Q267&\" Cost & \"&Z267&\" Benefit\",'Overall Priority'!$D$21:$E$45,2,FALSE))","v":""}]
[null,null,null,null,null,null,null,null,null,null,null,null,null,null,null,{"$f":"IF(O268=\"\",\"\",IF(O268<'Cost Band & Priority'!$E$12,5,IF(O268<'Cost Band & Priority'!$E$11,4,IF(O268<'Cost Band & Priority'!$E$10,3,IF(O268<'Cost Band & Priority'!$E$9,2,1)))))","v":""},{"$f":"IF(P268=\"\",\"\",VLOOKUP(P268,'Cost Band & Priority'!$B$8:$E$12,2,FALSE))","v":""},null,null,null,null,null,null,null,"",{"$f":"IF(Y268=\"\",\"\",VLOOKUP(Y268,'Benefit Priority'!$B$25:$C$47,2,FALSE))","v":""},{"$f":"IF(OR(Q268=\"\",Z268=\"\"),\"\",VLOOKUP(VLOOKUP(Q268&\" Cost & \"&Z268&\" Benefit\",'Overall Priority'!$D$21:$E$45,2,FALSE),'Overall Priority'!$B$8:$E$16,4,FALSE))","v":""},{"$f":"IF(OR(Q268=\"\",Z268=\"\"),\"\",VLOOKUP(Q268&\" Cost & \"&Z268&\" Benefit\",'Overall Priority'!$D$21:$E$45,2,FALSE))","v":""}]
[null,null,null,null,null,null,null,null,null,null,null,null,null,null,null,{"$f":"IF(O269=\"\",\"\",IF(O269<'Cost Band & Priority'!$E$12,5,IF(O269<'Cost Band & Priority'!$E$11,4,IF(O269<'Cost Band & Priority'!$E$10,3,IF(O269<'Cost Band & Priority'!$E$9,2,1)))))","v":""},{"$f":"IF(P269=\"\",\"\",VLOOKUP(P269,'Cost Band & Priority'!$B$8:$E$12,2,FALSE))","v":""},null,null,null,null,null,null,null,"",{"$f":"IF(Y269=\"\",\"\",VLOOKUP(Y269,'Benefit Priority'!$B$25:$C$47,2,FALSE))","v":""},{"$f":"IF(OR(Q269=\"\",Z269=\"\"),\"\",VLOOKUP(VLOOKUP(Q269&\" Cost & \"&Z269&\" Benefit\",'Overall Priority'!$D$21:$E$45,2,FALSE),'Overall Priority'!$B$8:$E$16,4,FALSE))","v":""},{"$f":"IF(OR(Q269=\"\",Z269=\"\"),\"\",VLOOKUP(Q269&\" Cost & \"&Z269&\" Benefit\",'Overall Priority'!$D$21:$E$45,2,FALSE))","v":""}]
[null,null,null,null,null,null,null,null,null,null,null,null,null,null,null,{"$f":"IF(O270=\"\",\"\",IF(O270<'Cost Band & Priority'!$E$12,5,IF(O270<'Cost Band & Priority'!$E$11,4,IF(O270<'Cost Band & Priority'!$E$10,3,IF(O270<'Cost Band & Priority'!$E$9,2,1)))))","v":""},{"$f":"IF(P270=\"\",\"\",VLOOKUP(P270,'Cost Band & Priority'!$B$8:$E$12,2,FALSE))","v":""},null,null,null,null,null,null,null,"",{"$f":"IF(Y270=\"\",\"\",VLOOKUP(Y270,'Benefit Priority'!$B$25:$C$47,2,FALSE))","v":""},{"$f":"IF(OR(Q270=\"\",Z270=\"\"),\"\",VLOOKUP(VLOOKUP(Q270&\" Cost & \"&Z270&\" Benefit\",'Overall Priority'!$D$21:$E$45,2,FALSE),'Overall Priority'!$B$8:$E$16,4,FALSE))","v":""},{"$f":"IF(OR(Q270=\"\",Z270=\"\"),\"\",VLOOKUP(Q270&\" Cost & \"&Z270&\" Benefit\",'Overall Priority'!$D$21:$E$45,2,FALSE))","v":""}]
[null,null,null,null,null,null,null,null,null,null,null,null,null,null,null,{"$f":"IF(O271=\"\",\"\",IF(O271<'Cost Band & Priority'!$E$12,5,IF(O271<'Cost Band & Priority'!$E$11,4,IF(O271<'Cost Band & Priority'!$E$10,3,IF(O271<'Cost Band & Priority'!$E$9,2,1)))))","v":""},{"$f":"IF(P271=\"\",\"\",VLOOKUP(P271,'Cost Band & Priority'!$B$8:$E$12,2,FALSE))","v":""},null,null,null,null,null,null,null,"",{"$f":"IF(Y271=\"\",\"\",VLOOKUP(Y271,'Benefit Priority'!$B$25:$C$47,2,FALSE))","v":""},{"$f":"IF(OR(Q271=\"\",Z271=\"\"),\"\",VLOOKUP(VLOOKUP(Q271&\" Cost & \"&Z271&\" Benefit\",'Overall Priority'!$D$21:$E$45,2,FALSE),'Overall Priority'!$B$8:$E$16,4,FALSE))","v":""},{"$f":"IF(OR(Q271=\"\",Z271=\"\"),\"\",VLOOKUP(Q271&\" Cost & \"&Z271&\" Benefit\",'Overall Priority'!$D$21:$E$45,2,FALSE))","v":""}]
[null,null,null,null,null,null,null,null,null,null,null,null,null,null,null,{"$f":"IF(O272=\"\",\"\",IF(O272<'Cost Band & Priority'!$E$12,5,IF(O272<'Cost Band & Priority'!$E$11,4,IF(O272<'Cost Band & Priority'!$E$10,3,IF(O272<'Cost Band & Priority'!$E$9,2,1)))))","v":""},{"$f":"IF(P272=\"\",\"\",VLOOKUP(P272,'Cost Band & Priority'!$B$8:$E$12,2,FALSE))","v":""},null,null,null,null,null,null,null,"",{"$f":"IF(Y272=\"\",\"\",VLOOKUP(Y272,'Benefit Priority'!$B$25:$C$47,2,FALSE))","v":""},{"$f":"IF(OR(Q272=\"\",Z272=\"\"),\"\",VLOOKUP(VLOOKUP(Q272&\" Cost & \"&Z272&\" Benefit\",'Overall Priority'!$D$21:$E$45,2,FALSE),'Overall Priority'!$B$8:$E$16,4,FALSE))","v":""},{"$f":"IF(OR(Q272=\"\",Z272=\"\"),\"\",VLOOKUP(Q272&\" Cost & \"&Z272&\" Benefit\",'Overall Priority'!$D$21:$E$45,2,FALSE))","v":""}]
[null,null,null,null,null,null,null,null,null,null,null,null,null,null,null,{"$f":"IF(O273=\"\",\"\",IF(O273<'Cost Band & Priority'!$E$12,5,IF(O273<'Cost Band & Priority'!$E$11,4,IF(O273<'Cost Band & Priority'!$E$10,3,IF(O273<'Cost Band & Priority'!$E$9,2,1)))))","v":""},{"$f":"IF(P273=\"\",\"\",VLOOKUP(P273,'Cost Band & Priority'!$B$8:$E$12,2,FALSE))","v":""},null,null,null,null,null,null,null,"",{"$f":"IF(Y273=\"\",\"\",VLOOKUP(Y273,'Benefit Priority'!$B$25:$C$47,2,FALSE))","v":""},{"$f":"IF(OR(Q273=\"\",Z273=\"\"),\"\",VLOOKUP(VLOOKUP(Q273&\" Cost & \"&Z273&\" Benefit\",'Overall Priority'!$D$21:$E$45,2,FALSE),'Overall Priority'!$B$8:$E$16,4,FALSE))","v":""},{"$f":"IF(OR(Q273=\"\",Z273=\"\"),\"\",VLOOKUP(Q273&\" Cost & \"&Z273&\" Benefit\",'Overall Priority'!$D$21:$E$45,2,FALSE))","v":""}]
[null,null,null,null,null,null,null,null,null,null,null,null,null,null,null,{"$f":"IF(O274=\"\",\"\",IF(O274<'Cost Band & Priority'!$E$12,5,IF(O274<'Cost Band & Priority'!$E$11,4,IF(O274<'Cost Band & Priority'!$E$10,3,IF(O274<'Cost Band & Priority'!$E$9,2,1)))))","v":""},{"$f":"IF(P274=\"\",\"\",VLOOKUP(P274,'Cost Band & Priority'!$B$8:$E$12,2,FALSE))","v":""},null,null,null,null,null,null,null,"",{"$f":"IF(Y274=\"\",\"\",VLOOKUP(Y274,'Benefit Priority'!$B$25:$C$47,2,FALSE))","v":""},{"$f":"IF(OR(Q274=\"\",Z274=\"\"),\"\",VLOOKUP(VLOOKUP(Q274&\" Cost & \"&Z274&\" Benefit\",'Overall Priority'!$D$21:$E$45,2,FALSE),'Overall Priority'!$B$8:$E$16,4,FALSE))","v":""},{"$f":"IF(OR(Q274=\"\",Z274=\"\"),\"\",VLOOKUP(Q274&\" Cost & \"&Z274&\" Benefit\",'Overall Priority'!$D$21:$E$45,2,FALSE))","v":""}]
[null,null,null,null,null,null,null,null,null,null,null,null,null,null,null,{"$f":"IF(O275=\"\",\"\",IF(O275<'Cost Band & Priority'!$E$12,5,IF(O275<'Cost Band & Priority'!$E$11,4,IF(O275<'Cost Band & Priority'!$E$10,3,IF(O275<'Cost Band & Priority'!$E$9,2,1)))))","v":""},{"$f":"IF(P275=\"\",\"\",VLOOKUP(P275,'Cost Band & Priority'!$B$8:$E$12,2,FALSE))","v":""},null,null,null,null,null,null,null,"",{"$f":"IF(Y275=\"\",\"\",VLOOKUP(Y275,'Benefit Priority'!$B$25:$C$47,2,FALSE))","v":""},{"$f":"IF(OR(Q275=\"\",Z275=\"\"),\"\",VLOOKUP(VLOOKUP(Q275&\" Cost & \"&Z275&\" Benefit\",'Overall Priority'!$D$21:$E$45,2,FALSE),'Overall Priority'!$B$8:$E$16,4,FALSE))","v":""},{"$f":"IF(OR(Q275=\"\",Z275=\"\"),\"\",VLOOKUP(Q275&\" Cost & \"&Z275&\" Benefit\",'Overall Priority'!$D$21:$E$45,2,FALSE))","v":""}]
[null,null,null,null,null,null,null,null,null,null,null,null,null,null,null,{"$f":"IF(O276=\"\",\"\",IF(O276<'Cost Band & Priority'!$E$12,5,IF(O276<'Cost Band & Priority'!$E$11,4,IF(O276<'Cost Band & Priority'!$E$10,3,IF(O276<'Cost Band & Priority'!$E$9,2,1)))))","v":""},{"$f":"IF(P276=\"\",\"\",VLOOKUP(P276,'Cost Band & Priority'!$B$8:$E$12,2,FALSE))","v":""},null,null,null,null,null,null,null,"",{"$f":"IF(Y276=\"\",\"\",VLOOKUP(Y276,'Benefit Priority'!$B$25:$C$47,2,FALSE))","v":""},{"$f":"IF(OR(Q276=\"\",Z276=\"\"),\"\",VLOOKUP(VLOOKUP(Q276&\" Cost & \"&Z276&\" Benefit\",'Overall Priority'!$D$21:$E$45,2,FALSE),'Overall Priority'!$B$8:$E$16,4,FALSE))","v":""},{"$f":"IF(OR(Q276=\"\",Z276=\"\"),\"\",VLOOKUP(Q276&\" Cost & \"&Z276&\" Benefit\",'Overall Priority'!$D$21:$E$45,2,FALSE))","v":""}]
[null,null,null,null,null,null,null,null,null,null,null,null,null,null,null,{"$f":"IF(O277=\"\",\"\",IF(O277<'Cost Band & Priority'!$E$12,5,IF(O277<'Cost Band & Priority'!$E$11,4,IF(O277<'Cost Band & Priority'!$E$10,3,IF(O277<'Cost Band & Priority'!$E$9,2,1)))))","v":""},{"$f":"IF(P277=\"\",\"\",VLOOKUP(P277,'Cost Band & Priority'!$B$8:$E$12,2,FALSE))","v":""},null,null,null,null,null,null,null,"",{"$f":"IF(Y277=\"\",\"\",VLOOKUP(Y277,'Benefit Priority'!$B$25:$C$47,2,FALSE))","v":""},{"$f":"IF(OR(Q277=\"\",Z277=\"\"),\"\",VLOOKUP(VLOOKUP(Q277&\" Cost & \"&Z277&\" Benefit\",'Overall Priority'!$D$21:$E$45,2,FALSE),'Overall Priority'!$B$8:$E$16,4,FALSE))","v":""},{"$f":"IF(OR(Q277=\"\",Z277=\"\"),\"\",VLOOKUP(Q277&\" Cost & \"&Z277&\" Benefit\",'Overall Priority'!$D$21:$E$45,2,FALSE))","v":""}]
[null,null,null,null,null,null,null,null,null,null,null,null,null,null,null,{"$f":"IF(O278=\"\",\"\",IF(O278<'Cost Band & Priority'!$E$12,5,IF(O278<'Cost Band & Priority'!$E$11,4,IF(O278<'Cost Band & Priority'!$E$10,3,IF(O278<'Cost Band & Priority'!$E$9,2,1)))))","v":""},{"$f":"IF(P278=\"\",\"\",VLOOKUP(P278,'Cost Band & Priority'!$B$8:$E$12,2,FALSE))","v":""},null,null,null,null,null,null,null,"",{"$f":"IF(Y278=\"\",\"\",VLOOKUP(Y278,'Benefit Priority'!$B$25:$C$47,2,FALSE))","v":""},{"$f":"IF(OR(Q278=\"\",Z278=\"\"),\"\",VLOOKUP(VLOOKUP(Q278&\" Cost & \"&Z278&\" Benefit\",'Overall Priority'!$D$21:$E$45,2,FALSE),'Overall Priority'!$B$8:$E$16,4,FALSE))","v":""},{"$f":"IF(OR(Q278=\"\",Z278=\"\"),\"\",VLOOKUP(Q278&\" Cost & \"&Z278&\" Benefit\",'Overall Priority'!$D$21:$E$45,2,FALSE))","v":""}]
[null,null,null,null,null,null,null,null,null,null,null,null,null,null,null,{"$f":"IF(O279=\"\",\"\",IF(O279<'Cost Band & Priority'!$E$12,5,IF(O279<'Cost Band & Priority'!$E$11,4,IF(O279<'Cost Band & Priority'!$E$10,3,IF(O279<'Cost Band & Priority'!$E$9,2,1)))))","v":""},{"$f":"IF(P279=\"\",\"\",VLOOKUP(P279,'Cost Band & Priority'!$B$8:$E$12,2,FALSE))","v":""},null,null,null,null,null,null,null,"",{"$f":"IF(Y279=\"\",\"\",VLOOKUP(Y279,'Benefit Priority'!$B$25:$C$47,2,FALSE))","v":""},{"$f":"IF(OR(Q279=\"\",Z279=\"\"),\"\",VLOOKUP(VLOOKUP(Q279&\" Cost & \"&Z279&\" Benefit\",'Overall Priority'!$D$21:$E$45,2,FALSE),'Overall Priority'!$B$8:$E$16,4,FALSE))","v":""},{"$f":"IF(OR(Q279=\"\",Z279=\"\"),\"\",VLOOKUP(Q279&\" Cost & \"&Z279&\" Benefit\",'Overall Priority'!$D$21:$E$45,2,FALSE))","v":""}]
[null,null,null,null,null,null,null,null,null,null,null,null,null,null,null,{"$f":"IF(O280=\"\",\"\",IF(O280<'Cost Band & Priority'!$E$12,5,IF(O280<'Cost Band & Priority'!$E$11,4,IF(O280<'Cost Band & Priority'!$E$10,3,IF(O280<'Cost Band & Priority'!$E$9,2,1)))))","v":""},{"$f":"IF(P280=\"\",\"\",VLOOKUP(P280,'Cost Band & Priority'!$B$8:$E$12,2,FALSE))","v":""},null,null,null,null,null,null,null,"",{"$f":"IF(Y280=\"\",\"\",VLOOKUP(Y280,'Benefit Priority'!$B$25:$C$47,2,FALSE))","v":""},{"$f":"IF(OR(Q280=\"\",Z280=\"\"),\"\",VLOOKUP(VLOOKUP(Q280&\" Cost & \"&Z280&\" Benefit\",'Overall Priority'!$D$21:$E$45,2,FALSE),'Overall Priority'!$B$8:$E$16,4,FALSE))","v":""},{"$f":"IF(OR(Q280=\"\",Z280=\"\"),\"\",VLOOKUP(Q280&\" Cost & \"&Z280&\" Benefit\",'Overall Priority'!$D$21:$E$45,2,FALSE))","v":""}]
[null,null,null,null,null,null,null,null,null,null,null,null,null,null,null,{"$f":"IF(O281=\"\",\"\",IF(O281<'Cost Band & Priority'!$E$12,5,IF(O281<'Cost Band & Priority'!$E$11,4,IF(O281<'Cost Band & Priority'!$E$10,3,IF(O281<'Cost Band & Priority'!$E$9,2,1)))))","v":""},{"$f":"IF(P281=\"\",\"\",VLOOKUP(P281,'Cost Band & Priority'!$B$8:$E$12,2,FALSE))","v":""},null,null,null,null,null,null,null,"",{"$f":"IF(Y281=\"\",\"\",VLOOKUP(Y281,'Benefit Priority'!$B$25:$C$47,2,FALSE))","v":""},{"$f":"IF(OR(Q281=\"\",Z281=\"\"),\"\",VLOOKUP(VLOOKUP(Q281&\" Cost & \"&Z281&\" Benefit\",'Overall Priority'!$D$21:$E$45,2,FALSE),'Overall Priority'!$B$8:$E$16,4,FALSE))","v":""},{"$f":"IF(OR(Q281=\"\",Z281=\"\"),\"\",VLOOKUP(Q281&\" Cost & \"&Z281&\" Benefit\",'Overall Priority'!$D$21:$E$45,2,FALSE))","v":""}]
[null,null,null,null,null,null,null,null,null,null,null,null,null,null,null,{"$f":"IF(O282=\"\",\"\",IF(O282<'Cost Band & Priority'!$E$12,5,IF(O282<'Cost Band & Priority'!$E$11,4,IF(O282<'Cost Band & Priority'!$E$10,3,IF(O282<'Cost Band & Priority'!$E$9,2,1)))))","v":""},{"$f":"IF(P282=\"\",\"\",VLOOKUP(P282,'Cost Band & Priority'!$B$8:$E$12,2,FALSE))","v":""},null,null,null,null,null,null,null,"",{"$f":"IF(Y282=\"\",\"\",VLOOKUP(Y282,'Benefit Priority'!$B$25:$C$47,2,FALSE))","v":""},{"$f":"IF(OR(Q282=\"\",Z282=\"\"),\"\",VLOOKUP(VLOOKUP(Q282&\" Cost & \"&Z282&\" Benefit\",'Overall Priority'!$D$21:$E$45,2,FALSE),'Overall Priority'!$B$8:$E$16,4,FALSE))","v":""},{"$f":"IF(OR(Q282=\"\",Z282=\"\"),\"\",VLOOKUP(Q282&\" Cost & \"&Z282&\" Benefit\",'Overall Priority'!$D$21:$E$45,2,FALSE))","v":""}]
[null,null,null,null,null,null,null,null,null,null,null,null,null,null,null,{"$f":"IF(O283=\"\",\"\",IF(O283<'Cost Band & Priority'!$E$12,5,IF(O283<'Cost Band & Priority'!$E$11,4,IF(O283<'Cost Band & Priority'!$E$10,3,IF(O283<'Cost Band & Priority'!$E$9,2,1)))))","v":""},{"$f":"IF(P283=\"\",\"\",VLOOKUP(P283,'Cost Band & Priority'!$B$8:$E$12,2,FALSE))","v":""},null,null,null,null,null,null,null,"",{"$f":"IF(Y283=\"\",\"\",VLOOKUP(Y283,'Benefit Priority'!$B$25:$C$47,2,FALSE))","v":""},{"$f":"IF(OR(Q283=\"\",Z283=\"\"),\"\",VLOOKUP(VLOOKUP(Q283&\" Cost & \"&Z283&\" Benefit\",'Overall Priority'!$D$21:$E$45,2,FALSE),'Overall Priority'!$B$8:$E$16,4,FALSE))","v":""},{"$f":"IF(OR(Q283=\"\",Z283=\"\"),\"\",VLOOKUP(Q283&\" Cost & \"&Z283&\" Benefit\",'Overall Priority'!$D$21:$E$45,2,FALSE))","v":""}]
[null,null,null,null,null,null,null,null,null,null,null,null,null,null,null,{"$f":"IF(O284=\"\",\"\",IF(O284<'Cost Band & Priority'!$E$12,5,IF(O284<'Cost Band & Priority'!$E$11,4,IF(O284<'Cost Band & Priority'!$E$10,3,IF(O284<'Cost Band & Priority'!$E$9,2,1)))))","v":""},{"$f":"IF(P284=\"\",\"\",VLOOKUP(P284,'Cost Band & Priority'!$B$8:$E$12,2,FALSE))","v":""},null,null,null,null,null,null,null,"",{"$f":"IF(Y284=\"\",\"\",VLOOKUP(Y284,'Benefit Priority'!$B$25:$C$47,2,FALSE))","v":""},{"$f":"IF(OR(Q284=\"\",Z284=\"\"),\"\",VLOOKUP(VLOOKUP(Q284&\" Cost & \"&Z284&\" Benefit\",'Overall Priority'!$D$21:$E$45,2,FALSE),'Overall Priority'!$B$8:$E$16,4,FALSE))","v":""},{"$f":"IF(OR(Q284=\"\",Z284=\"\"),\"\",VLOOKUP(Q284&\" Cost & \"&Z284&\" Benefit\",'Overall Priority'!$D$21:$E$45,2,FALSE))","v":""}]
[null,null,null,null,null,null,null,null,null,null,null,null,null,null,null,{"$f":"IF(O285=\"\",\"\",IF(O285<'Cost Band & Priority'!$E$12,5,IF(O285<'Cost Band & Priority'!$E$11,4,IF(O285<'Cost Band & Priority'!$E$10,3,IF(O285<'Cost Band & Priority'!$E$9,2,1)))))","v":""},{"$f":"IF(P285=\"\",\"\",VLOOKUP(P285,'Cost Band & Priority'!$B$8:$E$12,2,FALSE))","v":""},null,null,null,null,null,null,null,"",{"$f":"IF(Y285=\"\",\"\",VLOOKUP(Y285,'Benefit Priority'!$B$25:$C$47,2,FALSE))","v":""},{"$f":"IF(OR(Q285=\"\",Z285=\"\"),\"\",VLOOKUP(VLOOKUP(Q285&\" Cost & \"&Z285&\" Benefit\",'Overall Priority'!$D$21:$E$45,2,FALSE),'Overall Priority'!$B$8:$E$16,4,FALSE))","v":""},{"$f":"IF(OR(Q285=\"\",Z285=\"\"),\"\",VLOOKUP(Q285&\" Cost & \"&Z285&\" Benefit\",'Overall Priority'!$D$21:$E$45,2,FALSE))","v":""}]
[null,null,null,null,null,null,null,null,null,null,null,null,null,null,null,{"$f":"IF(O286=\"\",\"\",IF(O286<'Cost Band & Priority'!$E$12,5,IF(O286<'Cost Band & Priority'!$E$11,4,IF(O286<'Cost Band & Priority'!$E$10,3,IF(O286<'Cost Band & Priority'!$E$9,2,1)))))","v":""},{"$f":"IF(P286=\"\",\"\",VLOOKUP(P286,'Cost Band & Priority'!$B$8:$E$12,2,FALSE))","v":""},null,null,null,null,null,null,null,"",{"$f":"IF(Y286=\"\",\"\",VLOOKUP(Y286,'Benefit Priority'!$B$25:$C$47,2,FALSE))","v":""},{"$f":"IF(OR(Q286=\"\",Z286=\"\"),\"\",VLOOKUP(VLOOKUP(Q286&\" Cost & \"&Z286&\" Benefit\",'Overall Priority'!$D$21:$E$45,2,FALSE),'Overall Priority'!$B$8:$E$16,4,FALSE))","v":""},{"$f":"IF(OR(Q286=\"\",Z286=\"\"),\"\",VLOOKUP(Q286&\" Cost & \"&Z286&\" Benefit\",'Overall Priority'!$D$21:$E$45,2,FALSE))","v":""}]
[null,null,null,null,null,null,null,null,null,null,null,null,null,null,null,{"$f":"IF(O287=\"\",\"\",IF(O287<'Cost Band & Priority'!$E$12,5,IF(O287<'Cost Band & Priority'!$E$11,4,IF(O287<'Cost Band & Priority'!$E$10,3,IF(O287<'Cost Band & Priority'!$E$9,2,1)))))","v":""},{"$f":"IF(P287=\"\",\"\",VLOOKUP(P287,'Cost Band & Priority'!$B$8:$E$12,2,FALSE))","v":""},null,null,null,null,null,null,null,"",{"$f":"IF(Y287=\"\",\"\",VLOOKUP(Y287,'Benefit Priority'!$B$25:$C$47,2,FALSE))","v":""},{"$f":"IF(OR(Q287=\"\",Z287=\"\"),\"\",VLOOKUP(VLOOKUP(Q287&\" Cost & \"&Z287&\" Benefit\",'Overall Priority'!$D$21:$E$45,2,FALSE),'Overall Priority'!$B$8:$E$16,4,FALSE))","v":""},{"$f":"IF(OR(Q287=\"\",Z287=\"\"),\"\",VLOOKUP(Q287&\" Cost & \"&Z287&\" Benefit\",'Overall Priority'!$D$21:$E$45,2,FALSE))","v":""}]
[null,null,null,null,null,null,null,null,null,null,null,null,null,null,null,{"$f":"IF(O288=\"\",\"\",IF(O288<'Cost Band & Priority'!$E$12,5,IF(O288<'Cost Band & Priority'!$E$11,4,IF(O288<'Cost Band & Priority'!$E$10,3,IF(O288<'Cost Band & Priority'!$E$9,2,1)))))","v":""},{"$f":"IF(P288=\"\",\"\",VLOOKUP(P288,'Cost Band & Priority'!$B$8:$E$12,2,FALSE))","v":""},null,null,null,null,null,null,null,"",{"$f":"IF(Y288=\"\",\"\",VLOOKUP(Y288,'Benefit Priority'!$B$25:$C$47,2,FALSE))","v":""},{"$f":"IF(OR(Q288=\"\",Z288=\"\"),\"\",VLOOKUP(VLOOKUP(Q288&\" Cost & \"&Z288&\" Benefit\",'Overall Priority'!$D$21:$E$45,2,FALSE),'Overall Priority'!$B$8:$E$16,4,FALSE))","v":""},{"$f":"IF(OR(Q288=\"\",Z288=\"\"),\"\",VLOOKUP(Q288&\" Cost & \"&Z288&\" Benefit\",'Overall Priority'!$D$21:$E$45,2,FALSE))","v":""}]
[null,null,null,null,null,null,null,null,null,null,null,null,null,null,null,{"$f":"IF(O289=\"\",\"\",IF(O289<'Cost Band & Priority'!$E$12,5,IF(O289<'Cost Band & Priority'!$E$11,4,IF(O289<'Cost Band & Priority'!$E$10,3,IF(O289<'Cost Band & Priority'!$E$9,2,1)))))","v":""},{"$f":"IF(P289=\"\",\"\",VLOOKUP(P289,'Cost Band & Priority'!$B$8:$E$12,2,FALSE))","v":""},null,null,null,null,null,null,null,"",{"$f":"IF(Y289=\"\",\"\",VLOOKUP(Y289,'Benefit Priority'!$B$25:$C$47,2,FALSE))","v":""},{"$f":"IF(OR(Q289=\"\",Z289=\"\"),\"\",VLOOKUP(VLOOKUP(Q289&\" Cost & \"&Z289&\" Benefit\",'Overall Priority'!$D$21:$E$45,2,FALSE),'Overall Priority'!$B$8:$E$16,4,FALSE))","v":""},{"$f":"IF(OR(Q289=\"\",Z289=\"\"),\"\",VLOOKUP(Q289&\" Cost & \"&Z289&\" Benefit\",'Overall Priority'!$D$21:$E$45,2,FALSE))","v":""}]
[null,null,null,null,null,null,null,null,null,null,null,null,null,null,null,{"$f":"IF(O290=\"\",\"\",IF(O290<'Cost Band & Priority'!$E$12,5,IF(O290<'Cost Band & Priority'!$E$11,4,IF(O290<'Cost Band & Priority'!$E$10,3,IF(O290<'Cost Band & Priority'!$E$9,2,1)))))","v":""},{"$f":"IF(P290=\"\",\"\",VLOOKUP(P290,'Cost Band & Priority'!$B$8:$E$12,2,FALSE))","v":""},null,null,null,null,null,null,null,"",{"$f":"IF(Y290=\"\",\"\",VLOOKUP(Y290,'Benefit Priority'!$B$25:$C$47,2,FALSE))","v":""},{"$f":"IF(OR(Q290=\"\",Z290=\"\"),\"\",VLOOKUP(VLOOKUP(Q290&\" Cost & \"&Z290&\" Benefit\",'Overall Priority'!$D$21:$E$45,2,FALSE),'Overall Priority'!$B$8:$E$16,4,FALSE))","v":""},{"$f":"IF(OR(Q290=\"\",Z290=\"\"),\"\",VLOOKUP(Q290&\" Cost & \"&Z290&\" Benefit\",'Overall Priority'!$D$21:$E$45,2,FALSE))","v":""}]
[null,null,null,null,null,null,null,null,null,null,null,null,null,null,null,{"$f":"IF(O291=\"\",\"\",IF(O291<'Cost Band & Priority'!$E$12,5,IF(O291<'Cost Band & Priority'!$E$11,4,IF(O291<'Cost Band & Priority'!$E$10,3,IF(O291<'Cost Band & Priority'!$E$9,2,1)))))","v":""},{"$f":"IF(P291=\"\",\"\",VLOOKUP(P291,'Cost Band & Priority'!$B$8:$E$12,2,FALSE))","v":""},null,null,null,null,null,null,null,"",{"$f":"IF(Y291=\"\",\"\",VLOOKUP(Y291,'Benefit Priority'!$B$25:$C$47,2,FALSE))","v":""},{"$f":"IF(OR(Q291=\"\",Z291=\"\"),\"\",VLOOKUP(VLOOKUP(Q291&\" Cost & \"&Z291&\" Benefit\",'Overall Priority'!$D$21:$E$45,2,FALSE),'Overall Priority'!$B$8:$E$16,4,FALSE))","v":""},{"$f":"IF(OR(Q291=\"\",Z291=\"\"),\"\",VLOOKUP(Q291&\" Cost & \"&Z291&\" Benefit\",'Overall Priority'!$D$21:$E$45,2,FALSE))","v":""}]
[null,null,null,null,null,null,null,null,null,null,null,null,null,null,null,{"$f":"IF(O292=\"\",\"\",IF(O292<'Cost Band & Priority'!$E$12,5,IF(O292<'Cost Band & Priority'!$E$11,4,IF(O292<'Cost Band & Priority'!$E$10,3,IF(O292<'Cost Band & Priority'!$E$9,2,1)))))","v":""},{"$f":"IF(P292=\"\",\"\",VLOOKUP(P292,'Cost Band & Priority'!$B$8:$E$12,2,FALSE))","v":""},null,null,null,null,null,null,null,"",{"$f":"IF(Y292=\"\",\"\",VLOOKUP(Y292,'Benefit Priority'!$B$25:$C$47,2,FALSE))","v":""},{"$f":"IF(OR(Q292=\"\",Z292=\"\"),\"\",VLOOKUP(VLOOKUP(Q292&\" Cost & \"&Z292&\" Benefit\",'Overall Priority'!$D$21:$E$45,2,FALSE),'Overall Priority'!$B$8:$E$16,4,FALSE))","v":""},{"$f":"IF(OR(Q292=\"\",Z292=\"\"),\"\",VLOOKUP(Q292&\" Cost & \"&Z292&\" Benefit\",'Overall Priority'!$D$21:$E$45,2,FALSE))","v":""}]
[null,null,null,null,null,null,null,null,null,null,null,null,null,null,null,{"$f":"IF(O293=\"\",\"\",IF(O293<'Cost Band & Priority'!$E$12,5,IF(O293<'Cost Band & Priority'!$E$11,4,IF(O293<'Cost Band & Priority'!$E$10,3,IF(O293<'Cost Band & Priority'!$E$9,2,1)))))","v":""},{"$f":"IF(P293=\"\",\"\",VLOOKUP(P293,'Cost Band & Priority'!$B$8:$E$12,2,FALSE))","v":""},null,null,null,null,null,null,null,"",{"$f":"IF(Y293=\"\",\"\",VLOOKUP(Y293,'Benefit Priority'!$B$25:$C$47,2,FALSE))","v":""},{"$f":"IF(OR(Q293=\"\",Z293=\"\"),\"\",VLOOKUP(VLOOKUP(Q293&\" Cost & \"&Z293&\" Benefit\",'Overall Priority'!$D$21:$E$45,2,FALSE),'Overall Priority'!$B$8:$E$16,4,FALSE))","v":""},{"$f":"IF(OR(Q293=\"\",Z293=\"\"),\"\",VLOOKUP(Q293&\" Cost & \"&Z293&\" Benefit\",'Overall Priority'!$D$21:$E$45,2,FALSE))","v":""}]
[null,null,null,null,null,null,null,null,null,null,null,null,null,null,null,{"$f":"IF(O294=\"\",\"\",IF(O294<'Cost Band & Priority'!$E$12,5,IF(O294<'Cost Band & Priority'!$E$11,4,IF(O294<'Cost Band & Priority'!$E$10,3,IF(O294<'Cost Band & Priority'!$E$9,2,1)))))","v":""},{"$f":"IF(P294=\"\",\"\",VLOOKUP(P294,'Cost Band & Priority'!$B$8:$E$12,2,FALSE))","v":""},null,null,null,null,null,null,null,"",{"$f":"IF(Y294=\"\",\"\",VLOOKUP(Y294,'Benefit Priority'!$B$25:$C$47,2,FALSE))","v":""},{"$f":"IF(OR(Q294=\"\",Z294=\"\"),\"\",VLOOKUP(VLOOKUP(Q294&\" Cost & \"&Z294&\" Benefit\",'Overall Priority'!$D$21:$E$45,2,FALSE),'Overall Priority'!$B$8:$E$16,4,FALSE))","v":""},{"$f":"IF(OR(Q294=\"\",Z294=\"\"),\"\",VLOOKUP(Q294&\" Cost & \"&Z294&\" Benefit\",'Overall Priority'!$D$21:$E$45,2,FALSE))","v":""}]
[null,null,null,null,null,null,null,null,null,null,null,null,null,null,null,{"$f":"IF(O295=\"\",\"\",IF(O295<'Cost Band & Priority'!$E$12,5,IF(O295<'Cost Band & Priority'!$E$11,4,IF(O295<'Cost Band & Priority'!$E$10,3,IF(O295<'Cost Band & Priority'!$E$9,2,1)))))","v":""},{"$f":"IF(P295=\"\",\"\",VLOOKUP(P295,'Cost Band & Priority'!$B$8:$E$12,2,FALSE))","v":""},null,null,null,null,null,null,null,"",{"$f":"IF(Y295=\"\",\"\",VLOOKUP(Y295,'Benefit Priority'!$B$25:$C$47,2,FALSE))","v":""},{"$f":"IF(OR(Q295=\"\",Z295=\"\"),\"\",VLOOKUP(VLOOKUP(Q295&\" Cost & \"&Z295&\" Benefit\",'Overall Priority'!$D$21:$E$45,2,FALSE),'Overall Priority'!$B$8:$E$16,4,FALSE))","v":""},{"$f":"IF(OR(Q295=\"\",Z295=\"\"),\"\",VLOOKUP(Q295&\" Cost & \"&Z295&\" Benefit\",'Overall Priority'!$D$21:$E$45,2,FALSE))","v":""}]
[null,null,null,null,null,null,null,null,null,null,null,null,null,null,null,{"$f":"IF(O296=\"\",\"\",IF(O296<'Cost Band & Priority'!$E$12,5,IF(O296<'Cost Band & Priority'!$E$11,4,IF(O296<'Cost Band & Priority'!$E$10,3,IF(O296<'Cost Band & Priority'!$E$9,2,1)))))","v":""},{"$f":"IF(P296=\"\",\"\",VLOOKUP(P296,'Cost Band & Priority'!$B$8:$E$12,2,FALSE))","v":""},null,null,null,null,null,null,null,"",{"$f":"IF(Y296=\"\",\"\",VLOOKUP(Y296,'Benefit Priority'!$B$25:$C$47,2,FALSE))","v":""},{"$f":"IF(OR(Q296=\"\",Z296=\"\"),\"\",VLOOKUP(VLOOKUP(Q296&\" Cost & \"&Z296&\" Benefit\",'Overall Priority'!$D$21:$E$45,2,FALSE),'Overall Priority'!$B$8:$E$16,4,FALSE))","v":""},{"$f":"IF(OR(Q296=\"\",Z296=\"\"),\"\",VLOOKUP(Q296&\" Cost & \"&Z296&\" Benefit\",'Overall Priority'!$D$21:$E$45,2,FALSE))","v":""}]
[null,null,null,null,null,null,null,null,null,null,null,null,null,null,null,{"$f":"IF(O297=\"\",\"\",IF(O297<'Cost Band & Priority'!$E$12,5,IF(O297<'Cost Band & Priority'!$E$11,4,IF(O297<'Cost Band & Priority'!$E$10,3,IF(O297<'Cost Band & Priority'!$E$9,2,1)))))","v":""},{"$f":"IF(P297=\"\",\"\",VLOOKUP(P297,'Cost Band & Priority'!$B$8:$E$12,2,FALSE))","v":""},null,null,null,null,null,null,null,"",{"$f":"IF(Y297=\"\",\"\",VLOOKUP(Y297,'Benefit Priority'!$B$25:$C$47,2,FALSE))","v":""},{"$f":"IF(OR(Q297=\"\",Z297=\"\"),\"\",VLOOKUP(VLOOKUP(Q297&\" Cost & \"&Z297&\" Benefit\",'Overall Priority'!$D$21:$E$45,2,FALSE),'Overall Priority'!$B$8:$E$16,4,FALSE))","v":""},{"$f":"IF(OR(Q297=\"\",Z297=\"\"),\"\",VLOOKUP(Q297&\" Cost & \"&Z297&\" Benefit\",'Overall Priority'!$D$21:$E$45,2,FALSE))","v":""}]
[null,null,null,null,null,null,null,null,null,null,null,null,null,null,null,{"$f":"IF(O298=\"\",\"\",IF(O298<'Cost Band & Priority'!$E$12,5,IF(O298<'Cost Band & Priority'!$E$11,4,IF(O298<'Cost Band & Priority'!$E$10,3,IF(O298<'Cost Band & Priority'!$E$9,2,1)))))","v":""},{"$f":"IF(P298=\"\",\"\",VLOOKUP(P298,'Cost Band & Priority'!$B$8:$E$12,2,FALSE))","v":""},null,null,null,null,null,null,null,"",{"$f":"IF(Y298=\"\",\"\",VLOOKUP(Y298,'Benefit Priority'!$B$25:$C$47,2,FALSE))","v":""},{"$f":"IF(OR(Q298=\"\",Z298=\"\"),\"\",VLOOKUP(VLOOKUP(Q298&\" Cost & \"&Z298&\" Benefit\",'Overall Priority'!$D$21:$E$45,2,FALSE),'Overall Priority'!$B$8:$E$16,4,FALSE))","v":""},{"$f":"IF(OR(Q298=\"\",Z298=\"\"),\"\",VLOOKUP(Q298&\" Cost & \"&Z298&\" Benefit\",'Overall Priority'!$D$21:$E$45,2,FALSE))","v":""}]
[null,null,null,null,null,null,null,null,null,null,null,null,null,null,null,{"$f":"IF(O299=\"\",\"\",IF(O299<'Cost Band & Priority'!$E$12,5,IF(O299<'Cost Band & Priority'!$E$11,4,IF(O299<'Cost Band & Priority'!$E$10,3,IF(O299<'Cost Band & Priority'!$E$9,2,1)))))","v":""},{"$f":"IF(P299=\"\",\"\",VLOOKUP(P299,'Cost Band & Priority'!$B$8:$E$12,2,FALSE))","v":""},null,null,null,null,null,null,null,"",{"$f":"IF(Y299=\"\",\"\",VLOOKUP(Y299,'Benefit Priority'!$B$25:$C$47,2,FALSE))","v":""},{"$f":"IF(OR(Q299=\"\",Z299=\"\"),\"\",VLOOKUP(VLOOKUP(Q299&\" Cost & \"&Z299&\" Benefit\",'Overall Priority'!$D$21:$E$45,2,FALSE),'Overall Priority'!$B$8:$E$16,4,FALSE))","v":""},{"$f":"IF(OR(Q299=\"\",Z299=\"\"),\"\",VLOOKUP(Q299&\" Cost & \"&Z299&\" Benefit\",'Overall Priority'!$D$21:$E$45,2,FALSE))","v":""}]
[null,null,null,null,null,null,null,null,null,null,null,null,null,null,null,{"$f":"IF(O300=\"\",\"\",IF(O300<'Cost Band & Priority'!$E$12,5,IF(O300<'Cost Band & Priority'!$E$11,4,IF(O300<'Cost Band & Priority'!$E$10,3,IF(O300<'Cost Band & Priority'!$E$9,2,1)))))","v":""},{"$f":"IF(P300=\"\",\"\",VLOOKUP(P300,'Cost Band & Priority'!$B$8:$E$12,2,FALSE))","v":""},null,null,null,null,null,null,null,"",{"$f":"IF(Y300=\"\",\"\",VLOOKUP(Y300,'Benefit Priority'!$B$25:$C$47,2,FALSE))","v":""},{"$f":"IF(OR(Q300=\"\",Z300=\"\"),\"\",VLOOKUP(VLOOKUP(Q300&\" Cost & \"&Z300&\" Benefit\",'Overall Priority'!$D$21:$E$45,2,FALSE),'Overall Priority'!$B$8:$E$16,4,FALSE))","v":""},{"$f":"IF(OR(Q300=\"\",Z300=\"\"),\"\",VLOOKUP(Q300&\" Cost & \"&Z300&\" Benefit\",'Overall Priority'!$D$21:$E$45,2,FALSE))","v":""}]
[null,null,null,null,null,null,null,null,null,null,null,null,null,null,null,{"$f":"IF(O301=\"\",\"\",IF(O301<'Cost Band & Priority'!$E$12,5,IF(O301<'Cost Band & Priority'!$E$11,4,IF(O301<'Cost Band & Priority'!$E$10,3,IF(O301<'Cost Band & Priority'!$E$9,2,1)))))","v":""},{"$f":"IF(P301=\"\",\"\",VLOOKUP(P301,'Cost Band & Priority'!$B$8:$E$12,2,FALSE))","v":""},null,null,null,null,null,null,null,"",{"$f":"IF(Y301=\"\",\"\",VLOOKUP(Y301,'Benefit Priority'!$B$25:$C$47,2,FALSE))","v":""},{"$f":"IF(OR(Q301=\"\",Z301=\"\"),\"\",VLOOKUP(VLOOKUP(Q301&\" Cost & \"&Z301&\" Benefit\",'Overall Priority'!$D$21:$E$45,2,FALSE),'Overall Priority'!$B$8:$E$16,4,FALSE))","v":""},{"$f":"IF(OR(Q301=\"\",Z301=\"\"),\"\",VLOOKUP(Q301&\" Cost & \"&Z301&\" Benefit\",'Overall Priority'!$D$21:$E$45,2,FALSE))","v":""}]
[null,null,null,null,null,null,null,null,null,null,null,null,null,null,null,{"$f":"IF(O302=\"\",\"\",IF(O302<'Cost Band & Priority'!$E$12,5,IF(O302<'Cost Band & Priority'!$E$11,4,IF(O302<'Cost Band & Priority'!$E$10,3,IF(O302<'Cost Band & Priority'!$E$9,2,1)))))","v":""},{"$f":"IF(P302=\"\",\"\",VLOOKUP(P302,'Cost Band & Priority'!$B$8:$E$12,2,FALSE))","v":""},null,null,null,null,null,null,null,"",{"$f":"IF(Y302=\"\",\"\",VLOOKUP(Y302,'Benefit Priority'!$B$25:$C$47,2,FALSE))","v":""},{"$f":"IF(OR(Q302=\"\",Z302=\"\"),\"\",VLOOKUP(VLOOKUP(Q302&\" Cost & \"&Z302&\" Benefit\",'Overall Priority'!$D$21:$E$45,2,FALSE),'Overall Priority'!$B$8:$E$16,4,FALSE))","v":""},{"$f":"IF(OR(Q302=\"\",Z302=\"\"),\"\",VLOOKUP(Q302&\" Cost & \"&Z302&\" Benefit\",'Overall Priority'!$D$21:$E$45,2,FALSE))","v":""}]
[null,null,null,null,null,null,null,null,null,null,null,null,null,null,null,{"$f":"IF(O303=\"\",\"\",IF(O303<'Cost Band & Priority'!$E$12,5,IF(O303<'Cost Band & Priority'!$E$11,4,IF(O303<'Cost Band & Priority'!$E$10,3,IF(O303<'Cost Band & Priority'!$E$9,2,1)))))","v":""},{"$f":"IF(P303=\"\",\"\",VLOOKUP(P303,'Cost Band & Priority'!$B$8:$E$12,2,FALSE))","v":""},null,null,null,null,null,null,null,"",{"$f":"IF(Y303=\"\",\"\",VLOOKUP(Y303,'Benefit Priority'!$B$25:$C$47,2,FALSE))","v":""},{"$f":"IF(OR(Q303=\"\",Z303=\"\"),\"\",VLOOKUP(VLOOKUP(Q303&\" Cost & \"&Z303&\" Benefit\",'Overall Priority'!$D$21:$E$45,2,FALSE),'Overall Priority'!$B$8:$E$16,4,FALSE))","v":""},{"$f":"IF(OR(Q303=\"\",Z303=\"\"),\"\",VLOOKUP(Q303&\" Cost & \"&Z303&\" Benefit\",'Overall Priority'!$D$21:$E$45,2,FALSE))","v":""}]
[null,null,null,null,null,null,null,null,null,null,null,null,null,null,null,{"$f":"IF(O304=\"\",\"\",IF(O304<'Cost Band & Priority'!$E$12,5,IF(O304<'Cost Band & Priority'!$E$11,4,IF(O304<'Cost Band & Priority'!$E$10,3,IF(O304<'Cost Band & Priority'!$E$9,2,1)))))","v":""},{"$f":"IF(P304=\"\",\"\",VLOOKUP(P304,'Cost Band & Priority'!$B$8:$E$12,2,FALSE))","v":""},null,null,null,null,null,null,null,"",{"$f":"IF(Y304=\"\",\"\",VLOOKUP(Y304,'Benefit Priority'!$B$25:$C$47,2,FALSE))","v":""},{"$f":"IF(OR(Q304=\"\",Z304=\"\"),\"\",VLOOKUP(VLOOKUP(Q304&\" Cost & \"&Z304&\" Benefit\",'Overall Priority'!$D$21:$E$45,2,FALSE),'Overall Priority'!$B$8:$E$16,4,FALSE))","v":""},{"$f":"IF(OR(Q304=\"\",Z304=\"\"),\"\",VLOOKUP(Q304&\" Cost & \"&Z304&\" Benefit\",'Overall Priority'!$D$21:$E$45,2,FALSE))","v":""}]
[null,null,null,null,null,null,null,null,null,null,null,null,null,null,null,{"$f":"IF(O305=\"\",\"\",IF(O305<'Cost Band & Priority'!$E$12,5,IF(O305<'Cost Band & Priority'!$E$11,4,IF(O305<'Cost Band & Priority'!$E$10,3,IF(O305<'Cost Band & Priority'!$E$9,2,1)))))","v":""},{"$f":"IF(P305=\"\",\"\",VLOOKUP(P305,'Cost Band & Priority'!$B$8:$E$12,2,FALSE))","v":""},null,null,null,null,null,null,null,"",{"$f":"IF(Y305=\"\",\"\",VLOOKUP(Y305,'Benefit Priority'!$B$25:$C$47,2,FALSE))","v":""},{"$f":"IF(OR(Q305=\"\",Z305=\"\"),\"\",VLOOKUP(VLOOKUP(Q305&\" Cost & \"&Z305&\" Benefit\",'Overall Priority'!$D$21:$E$45,2,FALSE),'Overall Priority'!$B$8:$E$16,4,FALSE))","v":""},{"$f":"IF(OR(Q305=\"\",Z305=\"\"),\"\",VLOOKUP(Q305&\" Cost & \"&Z305&\" Benefit\",'Overall Priority'!$D$21:$E$45,2,FALSE))","v":""}]
[null,null,null,null,null,null,null,null,null,null,null,null,null,null,null,{"$f":"IF(O306=\"\",\"\",IF(O306<'Cost Band & Priority'!$E$12,5,IF(O306<'Cost Band & Priority'!$E$11,4,IF(O306<'Cost Band & Priority'!$E$10,3,IF(O306<'Cost Band & Priority'!$E$9,2,1)))))","v":""},{"$f":"IF(P306=\"\",\"\",VLOOKUP(P306,'Cost Band & Priority'!$B$8:$E$12,2,FALSE))","v":""},null,null,null,null,null,null,null,"",{"$f":"IF(Y306=\"\",\"\",VLOOKUP(Y306,'Benefit Priority'!$B$25:$C$47,2,FALSE))","v":""},{"$f":"IF(OR(Q306=\"\",Z306=\"\"),\"\",VLOOKUP(VLOOKUP(Q306&\" Cost & \"&Z306&\" Benefit\",'Overall Priority'!$D$21:$E$45,2,FALSE),'Overall Priority'!$B$8:$E$16,4,FALSE))","v":""},{"$f":"IF(OR(Q306=\"\",Z306=\"\"),\"\",VLOOKUP(Q306&\" Cost & \"&Z306&\" Benefit\",'Overall Priority'!$D$21:$E$45,2,FALSE))","v":""}]
[null,null,null,null,null,null,null,null,null,null,null,null,null,null,null,{"$f":"IF(O307=\"\",\"\",IF(O307<'Cost Band & Priority'!$E$12,5,IF(O307<'Cost Band & Priority'!$E$11,4,IF(O307<'Cost Band & Priority'!$E$10,3,IF(O307<'Cost Band & Priority'!$E$9,2,1)))))","v":""},{"$f":"IF(P307=\"\",\"\",VLOOKUP(P307,'Cost Band & Priority'!$B$8:$E$12,2,FALSE))","v":""},null,null,null,null,null,null,null,"",{"$f":"IF(Y307=\"\",\"\",VLOOKUP(Y307,'Benefit Priority'!$B$25:$C$47,2,FALSE))","v":""},{"$f":"IF(OR(Q307=\"\",Z307=\"\"),\"\",VLOOKUP(VLOOKUP(Q307&\" Cost & \"&Z307&\" Benefit\",'Overall Priority'!$D$21:$E$45,2,FALSE),'Overall Priority'!$B$8:$E$16,4,FALSE))","v":""},{"$f":"IF(OR(Q307=\"\",Z307=\"\"),\"\",VLOOKUP(Q307&\" Cost & \"&Z307&\" Benefit\",'Overall Priority'!$D$21:$E$45,2,FALSE))","v":""}]
[null,null,null,null,null,null,null,null,null,null,null,null,null,null,null,{"$f":"IF(O308=\"\",\"\",IF(O308<'Cost Band & Priority'!$E$12,5,IF(O308<'Cost Band & Priority'!$E$11,4,IF(O308<'Cost Band & Priority'!$E$10,3,IF(O308<'Cost Band & Priority'!$E$9,2,1)))))","v":""},{"$f":"IF(P308=\"\",\"\",VLOOKUP(P308,'Cost Band & Priority'!$B$8:$E$12,2,FALSE))","v":""},null,null,null,null,null,null,null,"",{"$f":"IF(Y308=\"\",\"\",VLOOKUP(Y308,'Benefit Priority'!$B$25:$C$47,2,FALSE))","v":""},{"$f":"IF(OR(Q308=\"\",Z308=\"\"),\"\",VLOOKUP(VLOOKUP(Q308&\" Cost & \"&Z308&\" Benefit\",'Overall Priority'!$D$21:$E$45,2,FALSE),'Overall Priority'!$B$8:$E$16,4,FALSE))","v":""},{"$f":"IF(OR(Q308=\"\",Z308=\"\"),\"\",VLOOKUP(Q308&\" Cost & \"&Z308&\" Benefit\",'Overall Priority'!$D$21:$E$45,2,FALSE))","v":""}]
[null,null,null,null,null,null,null,null,null,null,null,null,null,null,null,{"$f":"IF(O309=\"\",\"\",IF(O309<'Cost Band & Priority'!$E$12,5,IF(O309<'Cost Band & Priority'!$E$11,4,IF(O309<'Cost Band & Priority'!$E$10,3,IF(O309<'Cost Band & Priority'!$E$9,2,1)))))","v":""},{"$f":"IF(P309=\"\",\"\",VLOOKUP(P309,'Cost Band & Priority'!$B$8:$E$12,2,FALSE))","v":""},null,null,null,null,null,null,null,"",{"$f":"IF(Y309=\"\",\"\",VLOOKUP(Y309,'Benefit Priority'!$B$25:$C$47,2,FALSE))","v":""},{"$f":"IF(OR(Q309=\"\",Z309=\"\"),\"\",VLOOKUP(VLOOKUP(Q309&\" Cost & \"&Z309&\" Benefit\",'Overall Priority'!$D$21:$E$45,2,FALSE),'Overall Priority'!$B$8:$E$16,4,FALSE))","v":""},{"$f":"IF(OR(Q309=\"\",Z309=\"\"),\"\",VLOOKUP(Q309&\" Cost & \"&Z309&\" Benefit\",'Overall Priority'!$D$21:$E$45,2,FALSE))","v":""}]
[null,null,null,null,null,null,null,null,null,null,null,null,null,null,null,{"$f":"IF(O310=\"\",\"\",IF(O310<'Cost Band & Priority'!$E$12,5,IF(O310<'Cost Band & Priority'!$E$11,4,IF(O310<'Cost Band & Priority'!$E$10,3,IF(O310<'Cost Band & Priority'!$E$9,2,1)))))","v":""},{"$f":"IF(P310=\"\",\"\",VLOOKUP(P310,'Cost Band & Priority'!$B$8:$E$12,2,FALSE))","v":""},null,null,null,null,null,null,null,"",{"$f":"IF(Y310=\"\",\"\",VLOOKUP(Y310,'Benefit Priority'!$B$25:$C$47,2,FALSE))","v":""},{"$f":"IF(OR(Q310=\"\",Z310=\"\"),\"\",VLOOKUP(VLOOKUP(Q310&\" Cost & \"&Z310&\" Benefit\",'Overall Priority'!$D$21:$E$45,2,FALSE),'Overall Priority'!$B$8:$E$16,4,FALSE))","v":""},{"$f":"IF(OR(Q310=\"\",Z310=\"\"),\"\",VLOOKUP(Q310&\" Cost & \"&Z310&\" Benefit\",'Overall Priority'!$D$21:$E$45,2,FALSE))","v":""}]
[null,null,null,null,null,null,null,null,null,null,null,null,null,null,null,{"$f":"IF(O311=\"\",\"\",IF(O311<'Cost Band & Priority'!$E$12,5,IF(O311<'Cost Band & Priority'!$E$11,4,IF(O311<'Cost Band & Priority'!$E$10,3,IF(O311<'Cost Band & Priority'!$E$9,2,1)))))","v":""},{"$f":"IF(P311=\"\",\"\",VLOOKUP(P311,'Cost Band & Priority'!$B$8:$E$12,2,FALSE))","v":""},null,null,null,null,null,null,null,"",{"$f":"IF(Y311=\"\",\"\",VLOOKUP(Y311,'Benefit Priority'!$B$25:$C$47,2,FALSE))","v":""},{"$f":"IF(OR(Q311=\"\",Z311=\"\"),\"\",VLOOKUP(VLOOKUP(Q311&\" Cost & \"&Z311&\" Benefit\",'Overall Priority'!$D$21:$E$45,2,FALSE),'Overall Priority'!$B$8:$E$16,4,FALSE))","v":""},{"$f":"IF(OR(Q311=\"\",Z311=\"\"),\"\",VLOOKUP(Q311&\" Cost & \"&Z311&\" Benefit\",'Overall Priority'!$D$21:$E$45,2,FALSE))","v":""}]
[null,null,null,null,null,null,null,null,null,null,null,null,null,null,null,{"$f":"IF(O312=\"\",\"\",IF(O312<'Cost Band & Priority'!$E$12,5,IF(O312<'Cost Band & Priority'!$E$11,4,IF(O312<'Cost Band & Priority'!$E$10,3,IF(O312<'Cost Band & Priority'!$E$9,2,1)))))","v":""},{"$f":"IF(P312=\"\",\"\",VLOOKUP(P312,'Cost Band & Priority'!$B$8:$E$12,2,FALSE))","v":""},null,null,null,null,null,null,null,"",{"$f":"IF(Y312=\"\",\"\",VLOOKUP(Y312,'Benefit Priority'!$B$25:$C$47,2,FALSE))","v":""},{"$f":"IF(OR(Q312=\"\",Z312=\"\"),\"\",VLOOKUP(VLOOKUP(Q312&\" Cost & \"&Z312&\" Benefit\",'Overall Priority'!$D$21:$E$45,2,FALSE),'Overall Priority'!$B$8:$E$16,4,FALSE))","v":""},{"$f":"IF(OR(Q312=\"\",Z312=\"\"),\"\",VLOOKUP(Q312&\" Cost & \"&Z312&\" Benefit\",'Overall Priority'!$D$21:$E$45,2,FALSE))","v":""}]
[null,null,null,null,null,null,null,null,null,null,null,null,null,null,null,{"$f":"IF(O313=\"\",\"\",IF(O313<'Cost Band & Priority'!$E$12,5,IF(O313<'Cost Band & Priority'!$E$11,4,IF(O313<'Cost Band & Priority'!$E$10,3,IF(O313<'Cost Band & Priority'!$E$9,2,1)))))","v":""},{"$f":"IF(P313=\"\",\"\",VLOOKUP(P313,'Cost Band & Priority'!$B$8:$E$12,2,FALSE))","v":""},null,null,null,null,null,null,null,"",{"$f":"IF(Y313=\"\",\"\",VLOOKUP(Y313,'Benefit Priority'!$B$25:$C$47,2,FALSE))","v":""},{"$f":"IF(OR(Q313=\"\",Z313=\"\"),\"\",VLOOKUP(VLOOKUP(Q313&\" Cost & \"&Z313&\" Benefit\",'Overall Priority'!$D$21:$E$45,2,FALSE),'Overall Priority'!$B$8:$E$16,4,FALSE))","v":""},{"$f":"IF(OR(Q313=\"\",Z313=\"\"),\"\",VLOOKUP(Q313&\" Cost & \"&Z313&\" Benefit\",'Overall Priority'!$D$21:$E$45,2,FALSE))","v":""}]
[null,null,null,null,null,null,null,null,null,null,null,null,null,null,null,{"$f":"IF(O314=\"\",\"\",IF(O314<'Cost Band & Priority'!$E$12,5,IF(O314<'Cost Band & Priority'!$E$11,4,IF(O314<'Cost Band & Priority'!$E$10,3,IF(O314<'Cost Band & Priority'!$E$9,2,1)))))","v":""},{"$f":"IF(P314=\"\",\"\",VLOOKUP(P314,'Cost Band & Priority'!$B$8:$E$12,2,FALSE))","v":""},null,null,null,null,null,null,null,"",{"$f":"IF(Y314=\"\",\"\",VLOOKUP(Y314,'Benefit Priority'!$B$25:$C$47,2,FALSE))","v":""},{"$f":"IF(OR(Q314=\"\",Z314=\"\"),\"\",VLOOKUP(VLOOKUP(Q314&\" Cost & \"&Z314&\" Benefit\",'Overall Priority'!$D$21:$E$45,2,FALSE),'Overall Priority'!$B$8:$E$16,4,FALSE))","v":""},{"$f":"IF(OR(Q314=\"\",Z314=\"\"),\"\",VLOOKUP(Q314&\" Cost & \"&Z314&\" Benefit\",'Overall Priority'!$D$21:$E$45,2,FALSE))","v":""}]
[null,null,null,null,null,null,null,null,null,null,null,null,null,null,null,{"$f":"IF(O315=\"\",\"\",IF(O315<'Cost Band & Priority'!$E$12,5,IF(O315<'Cost Band & Priority'!$E$11,4,IF(O315<'Cost Band & Priority'!$E$10,3,IF(O315<'Cost Band & Priority'!$E$9,2,1)))))","v":""},{"$f":"IF(P315=\"\",\"\",VLOOKUP(P315,'Cost Band & Priority'!$B$8:$E$12,2,FALSE))","v":""},null,null,null,null,null,null,null,"",{"$f":"IF(Y315=\"\",\"\",VLOOKUP(Y315,'Benefit Priority'!$B$25:$C$47,2,FALSE))","v":""},{"$f":"IF(OR(Q315=\"\",Z315=\"\"),\"\",VLOOKUP(VLOOKUP(Q315&\" Cost & \"&Z315&\" Benefit\",'Overall Priority'!$D$21:$E$45,2,FALSE),'Overall Priority'!$B$8:$E$16,4,FALSE))","v":""},{"$f":"IF(OR(Q315=\"\",Z315=\"\"),\"\",VLOOKUP(Q315&\" Cost & \"&Z315&\" Benefit\",'Overall Priority'!$D$21:$E$45,2,FALSE))","v":""}]
[null,null,null,null,null,null,null,null,null,null,null,null,null,null,null,{"$f":"IF(O316=\"\",\"\",IF(O316<'Cost Band & Priority'!$E$12,5,IF(O316<'Cost Band & Priority'!$E$11,4,IF(O316<'Cost Band & Priority'!$E$10,3,IF(O316<'Cost Band & Priority'!$E$9,2,1)))))","v":""},{"$f":"IF(P316=\"\",\"\",VLOOKUP(P316,'Cost Band & Priority'!$B$8:$E$12,2,FALSE))","v":""},null,null,null,null,null,null,null,"",{"$f":"IF(Y316=\"\",\"\",VLOOKUP(Y316,'Benefit Priority'!$B$25:$C$47,2,FALSE))","v":""},{"$f":"IF(OR(Q316=\"\",Z316=\"\"),\"\",VLOOKUP(VLOOKUP(Q316&\" Cost & \"&Z316&\" Benefit\",'Overall Priority'!$D$21:$E$45,2,FALSE),'Overall Priority'!$B$8:$E$16,4,FALSE))","v":""},{"$f":"IF(OR(Q316=\"\",Z316=\"\"),\"\",VLOOKUP(Q316&\" Cost & \"&Z316&\" Benefit\",'Overall Priority'!$D$21:$E$45,2,FALSE))","v":""}]
[null,null,null,null,null,null,null,null,null,null,null,null,null,null,null,{"$f":"IF(O317=\"\",\"\",IF(O317<'Cost Band & Priority'!$E$12,5,IF(O317<'Cost Band & Priority'!$E$11,4,IF(O317<'Cost Band & Priority'!$E$10,3,IF(O317<'Cost Band & Priority'!$E$9,2,1)))))","v":""},{"$f":"IF(P317=\"\",\"\",VLOOKUP(P317,'Cost Band & Priority'!$B$8:$E$12,2,FALSE))","v":""},null,null,null,null,null,null,null,"",{"$f":"IF(Y317=\"\",\"\",VLOOKUP(Y317,'Benefit Priority'!$B$25:$C$47,2,FALSE))","v":""},{"$f":"IF(OR(Q317=\"\",Z317=\"\"),\"\",VLOOKUP(VLOOKUP(Q317&\" Cost & \"&Z317&\" Benefit\",'Overall Priority'!$D$21:$E$45,2,FALSE),'Overall Priority'!$B$8:$E$16,4,FALSE))","v":""},{"$f":"IF(OR(Q317=\"\",Z317=\"\"),\"\",VLOOKUP(Q317&\" Cost & \"&Z317&\" Benefit\",'Overall Priority'!$D$21:$E$45,2,FALSE))","v":""}]
[null,null,null,null,null,null,null,null,null,null,null,null,null,null,null,{"$f":"IF(O318=\"\",\"\",IF(O318<'Cost Band & Priority'!$E$12,5,IF(O318<'Cost Band & Priority'!$E$11,4,IF(O318<'Cost Band & Priority'!$E$10,3,IF(O318<'Cost Band & Priority'!$E$9,2,1)))))","v":""},{"$f":"IF(P318=\"\",\"\",VLOOKUP(P318,'Cost Band & Priority'!$B$8:$E$12,2,FALSE))","v":""},null,null,null,null,null,null,null,"",{"$f":"IF(Y318=\"\",\"\",VLOOKUP(Y318,'Benefit Priority'!$B$25:$C$47,2,FALSE))","v":""},{"$f":"IF(OR(Q318=\"\",Z318=\"\"),\"\",VLOOKUP(VLOOKUP(Q318&\" Cost & \"&Z318&\" Benefit\",'Overall Priority'!$D$21:$E$45,2,FALSE),'Overall Priority'!$B$8:$E$16,4,FALSE))","v":""},{"$f":"IF(OR(Q318=\"\",Z318=\"\"),\"\",VLOOKUP(Q318&\" Cost & \"&Z318&\" Benefit\",'Overall Priority'!$D$21:$E$45,2,FALSE))","v":""}]
[null,null,null,null,null,null,null,null,null,null,null,null,null,null,null,{"$f":"IF(O319=\"\",\"\",IF(O319<'Cost Band & Priority'!$E$12,5,IF(O319<'Cost Band & Priority'!$E$11,4,IF(O319<'Cost Band & Priority'!$E$10,3,IF(O319<'Cost Band & Priority'!$E$9,2,1)))))","v":""},{"$f":"IF(P319=\"\",\"\",VLOOKUP(P319,'Cost Band & Priority'!$B$8:$E$12,2,FALSE))","v":""},null,null,null,null,null,null,null,"",{"$f":"IF(Y319=\"\",\"\",VLOOKUP(Y319,'Benefit Priority'!$B$25:$C$47,2,FALSE))","v":""},{"$f":"IF(OR(Q319=\"\",Z319=\"\"),\"\",VLOOKUP(VLOOKUP(Q319&\" Cost & \"&Z319&\" Benefit\",'Overall Priority'!$D$21:$E$45,2,FALSE),'Overall Priority'!$B$8:$E$16,4,FALSE))","v":""},{"$f":"IF(OR(Q319=\"\",Z319=\"\"),\"\",VLOOKUP(Q319&\" Cost & \"&Z319&\" Benefit\",'Overall Priority'!$D$21:$E$45,2,FALSE))","v":""}]
[null,null,null,null,null,null,null,null,null,null,null,null,null,null,null,{"$f":"IF(O320=\"\",\"\",IF(O320<'Cost Band & Priority'!$E$12,5,IF(O320<'Cost Band & Priority'!$E$11,4,IF(O320<'Cost Band & Priority'!$E$10,3,IF(O320<'Cost Band & Priority'!$E$9,2,1)))))","v":""},{"$f":"IF(P320=\"\",\"\",VLOOKUP(P320,'Cost Band & Priority'!$B$8:$E$12,2,FALSE))","v":""},null,null,null,null,null,null,null,"",{"$f":"IF(Y320=\"\",\"\",VLOOKUP(Y320,'Benefit Priority'!$B$25:$C$47,2,FALSE))","v":""},{"$f":"IF(OR(Q320=\"\",Z320=\"\"),\"\",VLOOKUP(VLOOKUP(Q320&\" Cost & \"&Z320&\" Benefit\",'Overall Priority'!$D$21:$E$45,2,FALSE),'Overall Priority'!$B$8:$E$16,4,FALSE))","v":""},{"$f":"IF(OR(Q320=\"\",Z320=\"\"),\"\",VLOOKUP(Q320&\" Cost & \"&Z320&\" Benefit\",'Overall Priority'!$D$21:$E$45,2,FALSE))","v":""}]
[null,null,null,null,null,null,null,null,null,null,null,null,null,null,null,{"$f":"IF(O321=\"\",\"\",IF(O321<'Cost Band & Priority'!$E$12,5,IF(O321<'Cost Band & Priority'!$E$11,4,IF(O321<'Cost Band & Priority'!$E$10,3,IF(O321<'Cost Band & Priority'!$E$9,2,1)))))","v":""},{"$f":"IF(P321=\"\",\"\",VLOOKUP(P321,'Cost Band & Priority'!$B$8:$E$12,2,FALSE))","v":""},null,null,null,null,null,null,null,"",{"$f":"IF(Y321=\"\",\"\",VLOOKUP(Y321,'Benefit Priority'!$B$25:$C$47,2,FALSE))","v":""},{"$f":"IF(OR(Q321=\"\",Z321=\"\"),\"\",VLOOKUP(VLOOKUP(Q321&\" Cost & \"&Z321&\" Benefit\",'Overall Priority'!$D$21:$E$45,2,FALSE),'Overall Priority'!$B$8:$E$16,4,FALSE))","v":""},{"$f":"IF(OR(Q321=\"\",Z321=\"\"),\"\",VLOOKUP(Q321&\" Cost & \"&Z321&\" Benefit\",'Overall Priority'!$D$21:$E$45,2,FALSE))","v":""}]
[null,null,null,null,null,null,null,null,null,null,null,null,null,null,null,{"$f":"IF(O322=\"\",\"\",IF(O322<'Cost Band & Priority'!$E$12,5,IF(O322<'Cost Band & Priority'!$E$11,4,IF(O322<'Cost Band & Priority'!$E$10,3,IF(O322<'Cost Band & Priority'!$E$9,2,1)))))","v":""},{"$f":"IF(P322=\"\",\"\",VLOOKUP(P322,'Cost Band & Priority'!$B$8:$E$12,2,FALSE))","v":""},null,null,null,null,null,null,null,{"$f":"IF(AND(R322>0,S322>0,T322>0,U322>0,V322>0,W322>0,X322>0),SUM(R322:X322),\"\")","v":""},{"$f":"IF(Y322=\"\",\"\",VLOOKUP(Y322,'Benefit Priority'!$B$25:$C$47,2,FALSE))","v":""},{"$f":"IF(OR(Q322=\"\",Z322=\"\"),\"\",VLOOKUP(VLOOKUP(Q322&\" Cost & \"&Z322&\" Benefit\",'Overall Priority'!$D$21:$E$45,2,FALSE),'Overall Priority'!$B$8:$E$16,4,FALSE))","v":""},{"$f":"IF(OR(Q322=\"\",Z322=\"\"),\"\",VLOOKUP(Q322&\" Cost & \"&Z322&\" Benefit\",'Overall Priority'!$D$21:$E$45,2,FALSE))","v":""}]
[null,null,null,null,null,null,null,null,null,null,null,null,null,null,null,{"$f":"IF(O323=\"\",\"\",IF(O323<'Cost Band & Priority'!$E$12,5,IF(O323<'Cost Band & Priority'!$E$11,4,IF(O323<'Cost Band & Priority'!$E$10,3,IF(O323<'Cost Band & Priority'!$E$9,2,1)))))","v":""},{"$f":"IF(P323=\"\",\"\",VLOOKUP(P323,'Cost Band & Priority'!$B$8:$E$12,2,FALSE))","v":""},null,null,null,null,null,null,null,"",{"$f":"IF(Y323=\"\",\"\",VLOOKUP(Y323,'Benefit Priority'!$B$25:$C$47,2,FALSE))","v":""},{"$f":"IF(OR(Q323=\"\",Z323=\"\"),\"\",VLOOKUP(VLOOKUP(Q323&\" Cost & \"&Z323&\" Benefit\",'Overall Priority'!$D$21:$E$45,2,FALSE),'Overall Priority'!$B$8:$E$16,4,FALSE))","v":""},{"$f":"IF(OR(Q323=\"\",Z323=\"\"),\"\",VLOOKUP(Q323&\" Cost & \"&Z323&\" Benefit\",'Overall Priority'!$D$21:$E$45,2,FALSE))","v":""}]
[null,null,null,null,null,null,null,null,null,null,null,null,null,null,null,{"$f":"IF(O324=\"\",\"\",IF(O324<'Cost Band & Priority'!$E$12,5,IF(O324<'Cost Band & Priority'!$E$11,4,IF(O324<'Cost Band & Priority'!$E$10,3,IF(O324<'Cost Band & Priority'!$E$9,2,1)))))","v":""},{"$f":"IF(P324=\"\",\"\",VLOOKUP(P324,'Cost Band & Priority'!$B$8:$E$12,2,FALSE))","v":""},null,null,null,null,null,null,null,"",{"$f":"IF(Y324=\"\",\"\",VLOOKUP(Y324,'Benefit Priority'!$B$25:$C$47,2,FALSE))","v":""},{"$f":"IF(OR(Q324=\"\",Z324=\"\"),\"\",VLOOKUP(VLOOKUP(Q324&\" Cost & \"&Z324&\" Benefit\",'Overall Priority'!$D$21:$E$45,2,FALSE),'Overall Priority'!$B$8:$E$16,4,FALSE))","v":""},{"$f":"IF(OR(Q324=\"\",Z324=\"\"),\"\",VLOOKUP(Q324&\" Cost & \"&Z324&\" Benefit\",'Overall Priority'!$D$21:$E$45,2,FALSE))","v":""}]
[null,null,null,null,null,null,null,null,null,null,null,null,null,null,null,{"$f":"IF(O325=\"\",\"\",IF(O325<'Cost Band & Priority'!$E$12,5,IF(O325<'Cost Band & Priority'!$E$11,4,IF(O325<'Cost Band & Priority'!$E$10,3,IF(O325<'Cost Band & Priority'!$E$9,2,1)))))","v":""},{"$f":"IF(P325=\"\",\"\",VLOOKUP(P325,'Cost Band & Priority'!$B$8:$E$12,2,FALSE))","v":""},null,null,null,null,null,null,null,"",{"$f":"IF(Y325=\"\",\"\",VLOOKUP(Y325,'Benefit Priority'!$B$25:$C$47,2,FALSE))","v":""},{"$f":"IF(OR(Q325=\"\",Z325=\"\"),\"\",VLOOKUP(VLOOKUP(Q325&\" Cost & \"&Z325&\" Benefit\",'Overall Priority'!$D$21:$E$45,2,FALSE),'Overall Priority'!$B$8:$E$16,4,FALSE))","v":""},{"$f":"IF(OR(Q325=\"\",Z325=\"\"),\"\",VLOOKUP(Q325&\" Cost & \"&Z325&\" Benefit\",'Overall Priority'!$D$21:$E$45,2,FALSE))","v":""}]
[null,null,null,null,null,null,null,null,null,null,null,null,null,null,null,{"$f":"IF(O326=\"\",\"\",IF(O326<'Cost Band & Priority'!$E$12,5,IF(O326<'Cost Band & Priority'!$E$11,4,IF(O326<'Cost Band & Priority'!$E$10,3,IF(O326<'Cost Band & Priority'!$E$9,2,1)))))","v":""},{"$f":"IF(P326=\"\",\"\",VLOOKUP(P326,'Cost Band & Priority'!$B$8:$E$12,2,FALSE))","v":""},null,null,null,null,null,null,null,"",{"$f":"IF(Y326=\"\",\"\",VLOOKUP(Y326,'Benefit Priority'!$B$25:$C$47,2,FALSE))","v":""},{"$f":"IF(OR(Q326=\"\",Z326=\"\"),\"\",VLOOKUP(VLOOKUP(Q326&\" Cost & \"&Z326&\" Benefit\",'Overall Priority'!$D$21:$E$45,2,FALSE),'Overall Priority'!$B$8:$E$16,4,FALSE))","v":""},{"$f":"IF(OR(Q326=\"\",Z326=\"\"),\"\",VLOOKUP(Q326&\" Cost & \"&Z326&\" Benefit\",'Overall Priority'!$D$21:$E$45,2,FALSE))","v":""}]
[null,null,null,null,null,null,null,null,null,null,null,null,null,null,null,{"$f":"IF(O327=\"\",\"\",IF(O327<'Cost Band & Priority'!$E$12,5,IF(O327<'Cost Band & Priority'!$E$11,4,IF(O327<'Cost Band & Priority'!$E$10,3,IF(O327<'Cost Band & Priority'!$E$9,2,1)))))","v":""},{"$f":"IF(P327=\"\",\"\",VLOOKUP(P327,'Cost Band & Priority'!$B$8:$E$12,2,FALSE))","v":""},null,null,null,null,null,null,null,"",{"$f":"IF(Y327=\"\",\"\",VLOOKUP(Y327,'Benefit Priority'!$B$25:$C$47,2,FALSE))","v":""},{"$f":"IF(OR(Q327=\"\",Z327=\"\"),\"\",VLOOKUP(VLOOKUP(Q327&\" Cost & \"&Z327&\" Benefit\",'Overall Priority'!$D$21:$E$45,2,FALSE),'Overall Priority'!$B$8:$E$16,4,FALSE))","v":""},{"$f":"IF(OR(Q327=\"\",Z327=\"\"),\"\",VLOOKUP(Q327&\" Cost & \"&Z327&\" Benefit\",'Overall Priority'!$D$21:$E$45,2,FALSE))","v":""}]
[null,null,null,null,null,null,null,null,null,null,null,null,null,null,null,{"$f":"IF(O328=\"\",\"\",IF(O328<'Cost Band & Priority'!$E$12,5,IF(O328<'Cost Band & Priority'!$E$11,4,IF(O328<'Cost Band & Priority'!$E$10,3,IF(O328<'Cost Band & Priority'!$E$9,2,1)))))","v":""},{"$f":"IF(P328=\"\",\"\",VLOOKUP(P328,'Cost Band & Priority'!$B$8:$E$12,2,FALSE))","v":""},null,null,null,null,null,null,null,"",{"$f":"IF(Y328=\"\",\"\",VLOOKUP(Y328,'Benefit Priority'!$B$25:$C$47,2,FALSE))","v":""},{"$f":"IF(OR(Q328=\"\",Z328=\"\"),\"\",VLOOKUP(VLOOKUP(Q328&\" Cost & \"&Z328&\" Benefit\",'Overall Priority'!$D$21:$E$45,2,FALSE),'Overall Priority'!$B$8:$E$16,4,FALSE))","v":""},{"$f":"IF(OR(Q328=\"\",Z328=\"\"),\"\",VLOOKUP(Q328&\" Cost & \"&Z328&\" Benefit\",'Overall Priority'!$D$21:$E$45,2,FALSE))","v":""}]
[null,null,null,null,null,null,null,null,null,null,null,null,null,null,null,{"$f":"IF(O329=\"\",\"\",IF(O329<'Cost Band & Priority'!$E$12,5,IF(O329<'Cost Band & Priority'!$E$11,4,IF(O329<'Cost Band & Priority'!$E$10,3,IF(O329<'Cost Band & Priority'!$E$9,2,1)))))","v":""},{"$f":"IF(P329=\"\",\"\",VLOOKUP(P329,'Cost Band & Priority'!$B$8:$E$12,2,FALSE))","v":""},null,null,null,null,null,null,null,"",{"$f":"IF(Y329=\"\",\"\",VLOOKUP(Y329,'Benefit Priority'!$B$25:$C$47,2,FALSE))","v":""},{"$f":"IF(OR(Q329=\"\",Z329=\"\"),\"\",VLOOKUP(VLOOKUP(Q329&\" Cost & \"&Z329&\" Benefit\",'Overall Priority'!$D$21:$E$45,2,FALSE),'Overall Priority'!$B$8:$E$16,4,FALSE))","v":""},{"$f":"IF(OR(Q329=\"\",Z329=\"\"),\"\",VLOOKUP(Q329&\" Cost & \"&Z329&\" Benefit\",'Overall Priority'!$D$21:$E$45,2,FALSE))","v":""}]
[null,null,null,null,null,null,null,null,null,null,null,null,null,null,null,{"$f":"IF(O330=\"\",\"\",IF(O330<'Cost Band & Priority'!$E$12,5,IF(O330<'Cost Band & Priority'!$E$11,4,IF(O330<'Cost Band & Priority'!$E$10,3,IF(O330<'Cost Band & Priority'!$E$9,2,1)))))","v":""},{"$f":"IF(P330=\"\",\"\",VLOOKUP(P330,'Cost Band & Priority'!$B$8:$E$12,2,FALSE))","v":""},null,null,null,null,null,null,null,"",{"$f":"IF(Y330=\"\",\"\",VLOOKUP(Y330,'Benefit Priority'!$B$25:$C$47,2,FALSE))","v":""},{"$f":"IF(OR(Q330=\"\",Z330=\"\"),\"\",VLOOKUP(VLOOKUP(Q330&\" Cost & \"&Z330&\" Benefit\",'Overall Priority'!$D$21:$E$45,2,FALSE),'Overall Priority'!$B$8:$E$16,4,FALSE))","v":""},{"$f":"IF(OR(Q330=\"\",Z330=\"\"),\"\",VLOOKUP(Q330&\" Cost & \"&Z330&\" Benefit\",'Overall Priority'!$D$21:$E$45,2,FALSE))","v":""}]
[null,null,null,null,null,null,null,null,null,null,null,null,null,null,null,{"$f":"IF(O331=\"\",\"\",IF(O331<'Cost Band & Priority'!$E$12,5,IF(O331<'Cost Band & Priority'!$E$11,4,IF(O331<'Cost Band & Priority'!$E$10,3,IF(O331<'Cost Band & Priority'!$E$9,2,1)))))","v":""},{"$f":"IF(P331=\"\",\"\",VLOOKUP(P331,'Cost Band & Priority'!$B$8:$E$12,2,FALSE))","v":""},null,null,null,null,null,null,null,"",{"$f":"IF(Y331=\"\",\"\",VLOOKUP(Y331,'Benefit Priority'!$B$25:$C$47,2,FALSE))","v":""},{"$f":"IF(OR(Q331=\"\",Z331=\"\"),\"\",VLOOKUP(VLOOKUP(Q331&\" Cost & \"&Z331&\" Benefit\",'Overall Priority'!$D$21:$E$45,2,FALSE),'Overall Priority'!$B$8:$E$16,4,FALSE))","v":""},{"$f":"IF(OR(Q331=\"\",Z331=\"\"),\"\",VLOOKUP(Q331&\" Cost & \"&Z331&\" Benefit\",'Overall Priority'!$D$21:$E$45,2,FALSE))","v":""}]
[null,null,null,null,null,null,null,null,null,null,null,null,null,null,null,{"$f":"IF(O332=\"\",\"\",IF(O332<'Cost Band & Priority'!$E$12,5,IF(O332<'Cost Band & Priority'!$E$11,4,IF(O332<'Cost Band & Priority'!$E$10,3,IF(O332<'Cost Band & Priority'!$E$9,2,1)))))","v":""},{"$f":"IF(P332=\"\",\"\",VLOOKUP(P332,'Cost Band & Priority'!$B$8:$E$12,2,FALSE))","v":""},null,null,null,null,null,null,null,"",{"$f":"IF(Y332=\"\",\"\",VLOOKUP(Y332,'Benefit Priority'!$B$25:$C$47,2,FALSE))","v":""},{"$f":"IF(OR(Q332=\"\",Z332=\"\"),\"\",VLOOKUP(VLOOKUP(Q332&\" Cost & \"&Z332&\" Benefit\",'Overall Priority'!$D$21:$E$45,2,FALSE),'Overall Priority'!$B$8:$E$16,4,FALSE))","v":""},{"$f":"IF(OR(Q332=\"\",Z332=\"\"),\"\",VLOOKUP(Q332&\" Cost & \"&Z332&\" Benefit\",'Overall Priority'!$D$21:$E$45,2,FALSE))","v":""}]
[null,null,null,null,null,null,null,null,null,null,null,null,null,null,null,{"$f":"IF(O333=\"\",\"\",IF(O333<'Cost Band & Priority'!$E$12,5,IF(O333<'Cost Band & Priority'!$E$11,4,IF(O333<'Cost Band & Priority'!$E$10,3,IF(O333<'Cost Band & Priority'!$E$9,2,1)))))","v":""},{"$f":"IF(P333=\"\",\"\",VLOOKUP(P333,'Cost Band & Priority'!$B$8:$E$12,2,FALSE))","v":""},null,null,null,null,null,null,null,"",{"$f":"IF(Y333=\"\",\"\",VLOOKUP(Y333,'Benefit Priority'!$B$25:$C$47,2,FALSE))","v":""},{"$f":"IF(OR(Q333=\"\",Z333=\"\"),\"\",VLOOKUP(VLOOKUP(Q333&\" Cost & \"&Z333&\" Benefit\",'Overall Priority'!$D$21:$E$45,2,FALSE),'Overall Priority'!$B$8:$E$16,4,FALSE))","v":""},{"$f":"IF(OR(Q333=\"\",Z333=\"\"),\"\",VLOOKUP(Q333&\" Cost & \"&Z333&\" Benefit\",'Overall Priority'!$D$21:$E$45,2,FALSE))","v":""}]
[null,null,null,null,null,null,null,null,null,null,null,null,null,null,null,{"$f":"IF(O334=\"\",\"\",IF(O334<'Cost Band & Priority'!$E$12,5,IF(O334<'Cost Band & Priority'!$E$11,4,IF(O334<'Cost Band & Priority'!$E$10,3,IF(O334<'Cost Band & Priority'!$E$9,2,1)))))","v":""},{"$f":"IF(P334=\"\",\"\",VLOOKUP(P334,'Cost Band & Priority'!$B$8:$E$12,2,FALSE))","v":""},null,null,null,null,null,null,null,"",{"$f":"IF(Y334=\"\",\"\",VLOOKUP(Y334,'Benefit Priority'!$B$25:$C$47,2,FALSE))","v":""},{"$f":"IF(OR(Q334=\"\",Z334=\"\"),\"\",VLOOKUP(VLOOKUP(Q334&\" Cost & \"&Z334&\" Benefit\",'Overall Priority'!$D$21:$E$45,2,FALSE),'Overall Priority'!$B$8:$E$16,4,FALSE))","v":""},{"$f":"IF(OR(Q334=\"\",Z334=\"\"),\"\",VLOOKUP(Q334&\" Cost & \"&Z334&\" Benefit\",'Overall Priority'!$D$21:$E$45,2,FALSE))","v":""}]
[null,null,null,null,null,null,null,null,null,null,null,null,null,null,null,{"$f":"IF(O335=\"\",\"\",IF(O335<'Cost Band & Priority'!$E$12,5,IF(O335<'Cost Band & Priority'!$E$11,4,IF(O335<'Cost Band & Priority'!$E$10,3,IF(O335<'Cost Band & Priority'!$E$9,2,1)))))","v":""},{"$f":"IF(P335=\"\",\"\",VLOOKUP(P335,'Cost Band & Priority'!$B$8:$E$12,2,FALSE))","v":""},null,null,null,null,null,null,null,"",{"$f":"IF(Y335=\"\",\"\",VLOOKUP(Y335,'Benefit Priority'!$B$25:$C$47,2,FALSE))","v":""},{"$f":"IF(OR(Q335=\"\",Z335=\"\"),\"\",VLOOKUP(VLOOKUP(Q335&\" Cost & \"&Z335&\" Benefit\",'Overall Priority'!$D$21:$E$45,2,FALSE),'Overall Priority'!$B$8:$E$16,4,FALSE))","v":""},{"$f":"IF(OR(Q335=\"\",Z335=\"\"),\"\",VLOOKUP(Q335&\" Cost & \"&Z335&\" Benefit\",'Overall Priority'!$D$21:$E$45,2,FALSE))","v":""}]
[null,null,null,null,null,null,null,null,null,null,null,null,null,null,null,{"$f":"IF(O336=\"\",\"\",IF(O336<'Cost Band & Priority'!$E$12,5,IF(O336<'Cost Band & Priority'!$E$11,4,IF(O336<'Cost Band & Priority'!$E$10,3,IF(O336<'Cost Band & Priority'!$E$9,2,1)))))","v":""},{"$f":"IF(P336=\"\",\"\",VLOOKUP(P336,'Cost Band & Priority'!$B$8:$E$12,2,FALSE))","v":""},null,null,null,null,null,null,null,"",{"$f":"IF(Y336=\"\",\"\",VLOOKUP(Y336,'Benefit Priority'!$B$25:$C$47,2,FALSE))","v":""},{"$f":"IF(OR(Q336=\"\",Z336=\"\"),\"\",VLOOKUP(VLOOKUP(Q336&\" Cost & \"&Z336&\" Benefit\",'Overall Priority'!$D$21:$E$45,2,FALSE),'Overall Priority'!$B$8:$E$16,4,FALSE))","v":""},{"$f":"IF(OR(Q336=\"\",Z336=\"\"),\"\",VLOOKUP(Q336&\" Cost & \"&Z336&\" Benefit\",'Overall Priority'!$D$21:$E$45,2,FALSE))","v":""}]
[null,null,null,null,null,null,null,null,null,null,null,null,null,null,null,{"$f":"IF(O337=\"\",\"\",IF(O337<'Cost Band & Priority'!$E$12,5,IF(O337<'Cost Band & Priority'!$E$11,4,IF(O337<'Cost Band & Priority'!$E$10,3,IF(O337<'Cost Band & Priority'!$E$9,2,1)))))","v":""},{"$f":"IF(P337=\"\",\"\",VLOOKUP(P337,'Cost Band & Priority'!$B$8:$E$12,2,FALSE))","v":""},null,null,null,null,null,null,null,"",{"$f":"IF(Y337=\"\",\"\",VLOOKUP(Y337,'Benefit Priority'!$B$25:$C$47,2,FALSE))","v":""},{"$f":"IF(OR(Q337=\"\",Z337=\"\"),\"\",VLOOKUP(VLOOKUP(Q337&\" Cost & \"&Z337&\" Benefit\",'Overall Priority'!$D$21:$E$45,2,FALSE),'Overall Priority'!$B$8:$E$16,4,FALSE))","v":""},{"$f":"IF(OR(Q337=\"\",Z337=\"\"),\"\",VLOOKUP(Q337&\" Cost & \"&Z337&\" Benefit\",'Overall Priority'!$D$21:$E$45,2,FALSE))","v":""}]
[null,null,null,null,null,null,null,null,null,null,null,null,null,null,null,{"$f":"IF(O338=\"\",\"\",IF(O338<'Cost Band & Priority'!$E$12,5,IF(O338<'Cost Band & Priority'!$E$11,4,IF(O338<'Cost Band & Priority'!$E$10,3,IF(O338<'Cost Band & Priority'!$E$9,2,1)))))","v":""},{"$f":"IF(P338=\"\",\"\",VLOOKUP(P338,'Cost Band & Priority'!$B$8:$E$12,2,FALSE))","v":""},null,null,null,null,null,null,null,"",{"$f":"IF(Y338=\"\",\"\",VLOOKUP(Y338,'Benefit Priority'!$B$25:$C$47,2,FALSE))","v":""},{"$f":"IF(OR(Q338=\"\",Z338=\"\"),\"\",VLOOKUP(VLOOKUP(Q338&\" Cost & \"&Z338&\" Benefit\",'Overall Priority'!$D$21:$E$45,2,FALSE),'Overall Priority'!$B$8:$E$16,4,FALSE))","v":""},{"$f":"IF(OR(Q338=\"\",Z338=\"\"),\"\",VLOOKUP(Q338&\" Cost & \"&Z338&\" Benefit\",'Overall Priority'!$D$21:$E$45,2,FALSE))","v":""}]
[null,null,null,null,null,null,null,null,null,null,null,null,null,null,null,{"$f":"IF(O339=\"\",\"\",IF(O339<'Cost Band & Priority'!$E$12,5,IF(O339<'Cost Band & Priority'!$E$11,4,IF(O339<'Cost Band & Priority'!$E$10,3,IF(O339<'Cost Band & Priority'!$E$9,2,1)))))","v":""},{"$f":"IF(P339=\"\",\"\",VLOOKUP(P339,'Cost Band & Priority'!$B$8:$E$12,2,FALSE))","v":""},null,null,null,null,null,null,null,"",{"$f":"IF(Y339=\"\",\"\",VLOOKUP(Y339,'Benefit Priority'!$B$25:$C$47,2,FALSE))","v":""},{"$f":"IF(OR(Q339=\"\",Z339=\"\"),\"\",VLOOKUP(VLOOKUP(Q339&\" Cost & \"&Z339&\" Benefit\",'Overall Priority'!$D$21:$E$45,2,FALSE),'Overall Priority'!$B$8:$E$16,4,FALSE))","v":""},{"$f":"IF(OR(Q339=\"\",Z339=\"\"),\"\",VLOOKUP(Q339&\" Cost & \"&Z339&\" Benefit\",'Overall Priority'!$D$21:$E$45,2,FALSE))","v":""}]
[null,null,null,null,null,null,null,null,null,null,null,null,null,null,null,{"$f":"IF(O340=\"\",\"\",IF(O340<'Cost Band & Priority'!$E$12,5,IF(O340<'Cost Band & Priority'!$E$11,4,IF(O340<'Cost Band & Priority'!$E$10,3,IF(O340<'Cost Band & Priority'!$E$9,2,1)))))","v":""},{"$f":"IF(P340=\"\",\"\",VLOOKUP(P340,'Cost Band & Priority'!$B$8:$E$12,2,FALSE))","v":""},null,null,null,null,null,null,null,"",{"$f":"IF(Y340=\"\",\"\",VLOOKUP(Y340,'Benefit Priority'!$B$25:$C$47,2,FALSE))","v":""},{"$f":"IF(OR(Q340=\"\",Z340=\"\"),\"\",VLOOKUP(VLOOKUP(Q340&\" Cost & \"&Z340&\" Benefit\",'Overall Priority'!$D$21:$E$45,2,FALSE),'Overall Priority'!$B$8:$E$16,4,FALSE))","v":""},{"$f":"IF(OR(Q340=\"\",Z340=\"\"),\"\",VLOOKUP(Q340&\" Cost & \"&Z340&\" Benefit\",'Overall Priority'!$D$21:$E$45,2,FALSE))","v":""}]
[null,null,null,null,null,null,null,null,null,null,null,null,null,null,null,{"$f":"IF(O341=\"\",\"\",IF(O341<'Cost Band & Priority'!$E$12,5,IF(O341<'Cost Band & Priority'!$E$11,4,IF(O341<'Cost Band & Priority'!$E$10,3,IF(O341<'Cost Band & Priority'!$E$9,2,1)))))","v":""},{"$f":"IF(P341=\"\",\"\",VLOOKUP(P341,'Cost Band & Priority'!$B$8:$E$12,2,FALSE))","v":""},null,null,null,null,null,null,null,"",{"$f":"IF(Y341=\"\",\"\",VLOOKUP(Y341,'Benefit Priority'!$B$25:$C$47,2,FALSE))","v":""},{"$f":"IF(OR(Q341=\"\",Z341=\"\"),\"\",VLOOKUP(VLOOKUP(Q341&\" Cost & \"&Z341&\" Benefit\",'Overall Priority'!$D$21:$E$45,2,FALSE),'Overall Priority'!$B$8:$E$16,4,FALSE))","v":""},{"$f":"IF(OR(Q341=\"\",Z341=\"\"),\"\",VLOOKUP(Q341&\" Cost & \"&Z341&\" Benefit\",'Overall Priority'!$D$21:$E$45,2,FALSE))","v":""}]
[null,null,null,null,null,null,null,null,null,null,null,null,null,null,null,{"$f":"IF(O342=\"\",\"\",IF(O342<'Cost Band & Priority'!$E$12,5,IF(O342<'Cost Band & Priority'!$E$11,4,IF(O342<'Cost Band & Priority'!$E$10,3,IF(O342<'Cost Band & Priority'!$E$9,2,1)))))","v":""},{"$f":"IF(P342=\"\",\"\",VLOOKUP(P342,'Cost Band & Priority'!$B$8:$E$12,2,FALSE))","v":""},null,null,null,null,null,null,null,"",{"$f":"IF(Y342=\"\",\"\",VLOOKUP(Y342,'Benefit Priority'!$B$25:$C$47,2,FALSE))","v":""},{"$f":"IF(OR(Q342=\"\",Z342=\"\"),\"\",VLOOKUP(VLOOKUP(Q342&\" Cost & \"&Z342&\" Benefit\",'Overall Priority'!$D$21:$E$45,2,FALSE),'Overall Priority'!$B$8:$E$16,4,FALSE))","v":""},{"$f":"IF(OR(Q342=\"\",Z342=\"\"),\"\",VLOOKUP(Q342&\" Cost & \"&Z342&\" Benefit\",'Overall Priority'!$D$21:$E$45,2,FALSE))","v":""}]
[null,null,null,null,null,null,null,null,null,null,null,null,null,null,null,{"$f":"IF(O343=\"\",\"\",IF(O343<'Cost Band & Priority'!$E$12,5,IF(O343<'Cost Band & Priority'!$E$11,4,IF(O343<'Cost Band & Priority'!$E$10,3,IF(O343<'Cost Band & Priority'!$E$9,2,1)))))","v":""},{"$f":"IF(P343=\"\",\"\",VLOOKUP(P343,'Cost Band & Priority'!$B$8:$E$12,2,FALSE))","v":""},null,null,null,null,null,null,null,"",{"$f":"IF(Y343=\"\",\"\",VLOOKUP(Y343,'Benefit Priority'!$B$25:$C$47,2,FALSE))","v":""},{"$f":"IF(OR(Q343=\"\",Z343=\"\"),\"\",VLOOKUP(VLOOKUP(Q343&\" Cost & \"&Z343&\" Benefit\",'Overall Priority'!$D$21:$E$45,2,FALSE),'Overall Priority'!$B$8:$E$16,4,FALSE))","v":""},{"$f":"IF(OR(Q343=\"\",Z343=\"\"),\"\",VLOOKUP(Q343&\" Cost & \"&Z343&\" Benefit\",'Overall Priority'!$D$21:$E$45,2,FALSE))","v":""}]
[null,null,null,null,null,null,null,null,null,null,null,null,null,null,null,{"$f":"IF(O344=\"\",\"\",IF(O344<'Cost Band & Priority'!$E$12,5,IF(O344<'Cost Band & Priority'!$E$11,4,IF(O344<'Cost Band & Priority'!$E$10,3,IF(O344<'Cost Band & Priority'!$E$9,2,1)))))","v":""},{"$f":"IF(P344=\"\",\"\",VLOOKUP(P344,'Cost Band & Priority'!$B$8:$E$12,2,FALSE))","v":""},null,null,null,null,null,null,null,"",{"$f":"IF(Y344=\"\",\"\",VLOOKUP(Y344,'Benefit Priority'!$B$25:$C$47,2,FALSE))","v":""},{"$f":"IF(OR(Q344=\"\",Z344=\"\"),\"\",VLOOKUP(VLOOKUP(Q344&\" Cost & \"&Z344&\" Benefit\",'Overall Priority'!$D$21:$E$45,2,FALSE),'Overall Priority'!$B$8:$E$16,4,FALSE))","v":""},{"$f":"IF(OR(Q344=\"\",Z344=\"\"),\"\",VLOOKUP(Q344&\" Cost & \"&Z344&\" Benefit\",'Overall Priority'!$D$21:$E$45,2,FALSE))","v":""}]
[null,null,null,null,null,null,null,null,null,null,null,null,null,null,null,{"$f":"IF(O345=\"\",\"\",IF(O345<'Cost Band & Priority'!$E$12,5,IF(O345<'Cost Band & Priority'!$E$11,4,IF(O345<'Cost Band & Priority'!$E$10,3,IF(O345<'Cost Band & Priority'!$E$9,2,1)))))","v":""},{"$f":"IF(P345=\"\",\"\",VLOOKUP(P345,'Cost Band & Priority'!$B$8:$E$12,2,FALSE))","v":""},null,null,null,null,null,null,null,"",{"$f":"IF(Y345=\"\",\"\",VLOOKUP(Y345,'Benefit Priority'!$B$25:$C$47,2,FALSE))","v":""},{"$f":"IF(OR(Q345=\"\",Z345=\"\"),\"\",VLOOKUP(VLOOKUP(Q345&\" Cost & \"&Z345&\" Benefit\",'Overall Priority'!$D$21:$E$45,2,FALSE),'Overall Priority'!$B$8:$E$16,4,FALSE))","v":""},{"$f":"IF(OR(Q345=\"\",Z345=\"\"),\"\",VLOOKUP(Q345&\" Cost & \"&Z345&\" Benefit\",'Overall Priority'!$D$21:$E$45,2,FALSE))","v":""}]
[null,null,null,null,null,null,null,null,null,null,null,null,null,null,null,{"$f":"IF(O346=\"\",\"\",IF(O346<'Cost Band & Priority'!$E$12,5,IF(O346<'Cost Band & Priority'!$E$11,4,IF(O346<'Cost Band & Priority'!$E$10,3,IF(O346<'Cost Band & Priority'!$E$9,2,1)))))","v":""},{"$f":"IF(P346=\"\",\"\",VLOOKUP(P346,'Cost Band & Priority'!$B$8:$E$12,2,FALSE))","v":""},null,null,null,null,null,null,null,"",{"$f":"IF(Y346=\"\",\"\",VLOOKUP(Y346,'Benefit Priority'!$B$25:$C$47,2,FALSE))","v":""},{"$f":"IF(OR(Q346=\"\",Z346=\"\"),\"\",VLOOKUP(VLOOKUP(Q346&\" Cost & \"&Z346&\" Benefit\",'Overall Priority'!$D$21:$E$45,2,FALSE),'Overall Priority'!$B$8:$E$16,4,FALSE))","v":""},{"$f":"IF(OR(Q346=\"\",Z346=\"\"),\"\",VLOOKUP(Q346&\" Cost & \"&Z346&\" Benefit\",'Overall Priority'!$D$21:$E$45,2,FALSE))","v":""}]
[null,null,null,null,null,null,null,null,null,null,null,null,null,null,null,{"$f":"IF(O347=\"\",\"\",IF(O347<'Cost Band & Priority'!$E$12,5,IF(O347<'Cost Band & Priority'!$E$11,4,IF(O347<'Cost Band & Priority'!$E$10,3,IF(O347<'Cost Band & Priority'!$E$9,2,1)))))","v":""},{"$f":"IF(P347=\"\",\"\",VLOOKUP(P347,'Cost Band & Priority'!$B$8:$E$12,2,FALSE))","v":""},null,null,null,null,null,null,null,"",{"$f":"IF(Y347=\"\",\"\",VLOOKUP(Y347,'Benefit Priority'!$B$25:$C$47,2,FALSE))","v":""},{"$f":"IF(OR(Q347=\"\",Z347=\"\"),\"\",VLOOKUP(VLOOKUP(Q347&\" Cost & \"&Z347&\" Benefit\",'Overall Priority'!$D$21:$E$45,2,FALSE),'Overall Priority'!$B$8:$E$16,4,FALSE))","v":""},{"$f":"IF(OR(Q347=\"\",Z347=\"\"),\"\",VLOOKUP(Q347&\" Cost & \"&Z347&\" Benefit\",'Overall Priority'!$D$21:$E$45,2,FALSE))","v":""}]
[null,null,null,null,null,null,null,null,null,null,null,null,null,null,null,{"$f":"IF(O348=\"\",\"\",IF(O348<'Cost Band & Priority'!$E$12,5,IF(O348<'Cost Band & Priority'!$E$11,4,IF(O348<'Cost Band & Priority'!$E$10,3,IF(O348<'Cost Band & Priority'!$E$9,2,1)))))","v":""},{"$f":"IF(P348=\"\",\"\",VLOOKUP(P348,'Cost Band & Priority'!$B$8:$E$12,2,FALSE))","v":""},null,null,null,null,null,null,null,"",{"$f":"IF(Y348=\"\",\"\",VLOOKUP(Y348,'Benefit Priority'!$B$25:$C$47,2,FALSE))","v":""},{"$f":"IF(OR(Q348=\"\",Z348=\"\"),\"\",VLOOKUP(VLOOKUP(Q348&\" Cost & \"&Z348&\" Benefit\",'Overall Priority'!$D$21:$E$45,2,FALSE),'Overall Priority'!$B$8:$E$16,4,FALSE))","v":""},{"$f":"IF(OR(Q348=\"\",Z348=\"\"),\"\",VLOOKUP(Q348&\" Cost & \"&Z348&\" Benefit\",'Overall Priority'!$D$21:$E$45,2,FALSE))","v":""}]
[null,null,null,null,null,null,null,null,null,null,null,null,null,null,null,{"$f":"IF(O349=\"\",\"\",IF(O349<'Cost Band & Priority'!$E$12,5,IF(O349<'Cost Band & Priority'!$E$11,4,IF(O349<'Cost Band & Priority'!$E$10,3,IF(O349<'Cost Band & Priority'!$E$9,2,1)))))","v":""},{"$f":"IF(P349=\"\",\"\",VLOOKUP(P349,'Cost Band & Priority'!$B$8:$E$12,2,FALSE))","v":""},null,null,null,null,null,null,null,"",{"$f":"IF(Y349=\"\",\"\",VLOOKUP(Y349,'Benefit Priority'!$B$25:$C$47,2,FALSE))","v":""},{"$f":"IF(OR(Q349=\"\",Z349=\"\"),\"\",VLOOKUP(VLOOKUP(Q349&\" Cost & \"&Z349&\" Benefit\",'Overall Priority'!$D$21:$E$45,2,FALSE),'Overall Priority'!$B$8:$E$16,4,FALSE))","v":""},{"$f":"IF(OR(Q349=\"\",Z349=\"\"),\"\",VLOOKUP(Q349&\" Cost & \"&Z349&\" Benefit\",'Overall Priority'!$D$21:$E$45,2,FALSE))","v":""}]
[null,null,null,null,null,null,null,null,null,null,null,null,null,null,null,{"$f":"IF(O350=\"\",\"\",IF(O350<'Cost Band & Priority'!$E$12,5,IF(O350<'Cost Band & Priority'!$E$11,4,IF(O350<'Cost Band & Priority'!$E$10,3,IF(O350<'Cost Band & Priority'!$E$9,2,1)))))","v":""},{"$f":"IF(P350=\"\",\"\",VLOOKUP(P350,'Cost Band & Priority'!$B$8:$E$12,2,FALSE))","v":""},null,null,null,null,null,null,null,"",{"$f":"IF(Y350=\"\",\"\",VLOOKUP(Y350,'Benefit Priority'!$B$25:$C$47,2,FALSE))","v":""},{"$f":"IF(OR(Q350=\"\",Z350=\"\"),\"\",VLOOKUP(VLOOKUP(Q350&\" Cost & \"&Z350&\" Benefit\",'Overall Priority'!$D$21:$E$45,2,FALSE),'Overall Priority'!$B$8:$E$16,4,FALSE))","v":""},{"$f":"IF(OR(Q350=\"\",Z350=\"\"),\"\",VLOOKUP(Q350&\" Cost & \"&Z350&\" Benefit\",'Overall Priority'!$D$21:$E$45,2,FALSE))","v":""}]
[null,null,null,null,null,null,null,null,null,null,null,null,null,null,null,{"$f":"IF(O351=\"\",\"\",IF(O351<'Cost Band & Priority'!$E$12,5,IF(O351<'Cost Band & Priority'!$E$11,4,IF(O351<'Cost Band & Priority'!$E$10,3,IF(O351<'Cost Band & Priority'!$E$9,2,1)))))","v":""},{"$f":"IF(P351=\"\",\"\",VLOOKUP(P351,'Cost Band & Priority'!$B$8:$E$12,2,FALSE))","v":""},null,null,null,null,null,null,null,"",{"$f":"IF(Y351=\"\",\"\",VLOOKUP(Y351,'Benefit Priority'!$B$25:$C$47,2,FALSE))","v":""},{"$f":"IF(OR(Q351=\"\",Z351=\"\"),\"\",VLOOKUP(VLOOKUP(Q351&\" Cost & \"&Z351&\" Benefit\",'Overall Priority'!$D$21:$E$45,2,FALSE),'Overall Priority'!$B$8:$E$16,4,FALSE))","v":""},{"$f":"IF(OR(Q351=\"\",Z351=\"\"),\"\",VLOOKUP(Q351&\" Cost & \"&Z351&\" Benefit\",'Overall Priority'!$D$21:$E$45,2,FALSE))","v":""}]
[null,null,null,null,null,null,null,null,null,null,null,null,null,null,null,{"$f":"IF(O352=\"\",\"\",IF(O352<'Cost Band & Priority'!$E$12,5,IF(O352<'Cost Band & Priority'!$E$11,4,IF(O352<'Cost Band & Priority'!$E$10,3,IF(O352<'Cost Band & Priority'!$E$9,2,1)))))","v":""},{"$f":"IF(P352=\"\",\"\",VLOOKUP(P352,'Cost Band & Priority'!$B$8:$E$12,2,FALSE))","v":""},null,null,null,null,null,null,null,"",{"$f":"IF(Y352=\"\",\"\",VLOOKUP(Y352,'Benefit Priority'!$B$25:$C$47,2,FALSE))","v":""},{"$f":"IF(OR(Q352=\"\",Z352=\"\"),\"\",VLOOKUP(VLOOKUP(Q352&\" Cost & \"&Z352&\" Benefit\",'Overall Priority'!$D$21:$E$45,2,FALSE),'Overall Priority'!$B$8:$E$16,4,FALSE))","v":""},{"$f":"IF(OR(Q352=\"\",Z352=\"\"),\"\",VLOOKUP(Q352&\" Cost & \"&Z352&\" Benefit\",'Overall Priority'!$D$21:$E$45,2,FALSE))","v":""}]
[null,null,null,null,null,null,null,null,null,null,null,null,null,null,null,{"$f":"IF(O353=\"\",\"\",IF(O353<'Cost Band & Priority'!$E$12,5,IF(O353<'Cost Band & Priority'!$E$11,4,IF(O353<'Cost Band & Priority'!$E$10,3,IF(O353<'Cost Band & Priority'!$E$9,2,1)))))","v":""},{"$f":"IF(P353=\"\",\"\",VLOOKUP(P353,'Cost Band & Priority'!$B$8:$E$12,2,FALSE))","v":""},null,null,null,null,null,null,null,"",{"$f":"IF(Y353=\"\",\"\",VLOOKUP(Y353,'Benefit Priority'!$B$25:$C$47,2,FALSE))","v":""},{"$f":"IF(OR(Q353=\"\",Z353=\"\"),\"\",VLOOKUP(VLOOKUP(Q353&\" Cost & \"&Z353&\" Benefit\",'Overall Priority'!$D$21:$E$45,2,FALSE),'Overall Priority'!$B$8:$E$16,4,FALSE))","v":""},{"$f":"IF(OR(Q353=\"\",Z353=\"\"),\"\",VLOOKUP(Q353&\" Cost & \"&Z353&\" Benefit\",'Overall Priority'!$D$21:$E$45,2,FALSE))","v":""}]
[null,null,null,null,null,null,null,null,null,null,null,null,null,null,null,{"$f":"IF(O354=\"\",\"\",IF(O354<'Cost Band & Priority'!$E$12,5,IF(O354<'Cost Band & Priority'!$E$11,4,IF(O354<'Cost Band & Priority'!$E$10,3,IF(O354<'Cost Band & Priority'!$E$9,2,1)))))","v":""},{"$f":"IF(P354=\"\",\"\",VLOOKUP(P354,'Cost Band & Priority'!$B$8:$E$12,2,FALSE))","v":""},null,null,null,null,null,null,null,"",{"$f":"IF(Y354=\"\",\"\",VLOOKUP(Y354,'Benefit Priority'!$B$25:$C$47,2,FALSE))","v":""},{"$f":"IF(OR(Q354=\"\",Z354=\"\"),\"\",VLOOKUP(VLOOKUP(Q354&\" Cost & \"&Z354&\" Benefit\",'Overall Priority'!$D$21:$E$45,2,FALSE),'Overall Priority'!$B$8:$E$16,4,FALSE))","v":""},{"$f":"IF(OR(Q354=\"\",Z354=\"\"),\"\",VLOOKUP(Q354&\" Cost & \"&Z354&\" Benefit\",'Overall Priority'!$D$21:$E$45,2,FALSE))","v":""}]
[null,null,null,null,null,null,null,null,null,null,null,null,null,null,null,{"$f":"IF(O355=\"\",\"\",IF(O355<'Cost Band & Priority'!$E$12,5,IF(O355<'Cost Band & Priority'!$E$11,4,IF(O355<'Cost Band & Priority'!$E$10,3,IF(O355<'Cost Band & Priority'!$E$9,2,1)))))","v":""},{"$f":"IF(P355=\"\",\"\",VLOOKUP(P355,'Cost Band & Priority'!$B$8:$E$12,2,FALSE))","v":""},null,null,null,null,null,null,null,"",{"$f":"IF(Y355=\"\",\"\",VLOOKUP(Y355,'Benefit Priority'!$B$25:$C$47,2,FALSE))","v":""},{"$f":"IF(OR(Q355=\"\",Z355=\"\"),\"\",VLOOKUP(VLOOKUP(Q355&\" Cost & \"&Z355&\" Benefit\",'Overall Priority'!$D$21:$E$45,2,FALSE),'Overall Priority'!$B$8:$E$16,4,FALSE))","v":""},{"$f":"IF(OR(Q355=\"\",Z355=\"\"),\"\",VLOOKUP(Q355&\" Cost & \"&Z355&\" Benefit\",'Overall Priority'!$D$21:$E$45,2,FALSE))","v":""}]
[null,null,null,null,null,null,null,null,null,null,null,null,null,null,null,{"$f":"IF(O356=\"\",\"\",IF(O356<'Cost Band & Priority'!$E$12,5,IF(O356<'Cost Band & Priority'!$E$11,4,IF(O356<'Cost Band & Priority'!$E$10,3,IF(O356<'Cost Band & Priority'!$E$9,2,1)))))","v":""},{"$f":"IF(P356=\"\",\"\",VLOOKUP(P356,'Cost Band & Priority'!$B$8:$E$12,2,FALSE))","v":""},null,null,null,null,null,null,null,"",{"$f":"IF(Y356=\"\",\"\",VLOOKUP(Y356,'Benefit Priority'!$B$25:$C$47,2,FALSE))","v":""},{"$f":"IF(OR(Q356=\"\",Z356=\"\"),\"\",VLOOKUP(VLOOKUP(Q356&\" Cost & \"&Z356&\" Benefit\",'Overall Priority'!$D$21:$E$45,2,FALSE),'Overall Priority'!$B$8:$E$16,4,FALSE))","v":""},{"$f":"IF(OR(Q356=\"\",Z356=\"\"),\"\",VLOOKUP(Q356&\" Cost & \"&Z356&\" Benefit\",'Overall Priority'!$D$21:$E$45,2,FALSE))","v":""}]
[null,null,null,null,null,null,null,null,null,null,null,null,null,null,null,{"$f":"IF(O357=\"\",\"\",IF(O357<'Cost Band & Priority'!$E$12,5,IF(O357<'Cost Band & Priority'!$E$11,4,IF(O357<'Cost Band & Priority'!$E$10,3,IF(O357<'Cost Band & Priority'!$E$9,2,1)))))","v":""},{"$f":"IF(P357=\"\",\"\",VLOOKUP(P357,'Cost Band & Priority'!$B$8:$E$12,2,FALSE))","v":""},null,null,null,null,null,null,null,"",{"$f":"IF(Y357=\"\",\"\",VLOOKUP(Y357,'Benefit Priority'!$B$25:$C$47,2,FALSE))","v":""},{"$f":"IF(OR(Q357=\"\",Z357=\"\"),\"\",VLOOKUP(VLOOKUP(Q357&\" Cost & \"&Z357&\" Benefit\",'Overall Priority'!$D$21:$E$45,2,FALSE),'Overall Priority'!$B$8:$E$16,4,FALSE))","v":""},{"$f":"IF(OR(Q357=\"\",Z357=\"\"),\"\",VLOOKUP(Q357&\" Cost & \"&Z357&\" Benefit\",'Overall Priority'!$D$21:$E$45,2,FALSE))","v":""}]
[null,null,null,null,null,null,null,null,null,null,null,null,null,null,null,{"$f":"IF(O358=\"\",\"\",IF(O358<'Cost Band & Priority'!$E$12,5,IF(O358<'Cost Band & Priority'!$E$11,4,IF(O358<'Cost Band & Priority'!$E$10,3,IF(O358<'Cost Band & Priority'!$E$9,2,1)))))","v":""},{"$f":"IF(P358=\"\",\"\",VLOOKUP(P358,'Cost Band & Priority'!$B$8:$E$12,2,FALSE))","v":""},null,null,null,null,null,null,null,"",{"$f":"IF(Y358=\"\",\"\",VLOOKUP(Y358,'Benefit Priority'!$B$25:$C$47,2,FALSE))","v":""},{"$f":"IF(OR(Q358=\"\",Z358=\"\"),\"\",VLOOKUP(VLOOKUP(Q358&\" Cost & \"&Z358&\" Benefit\",'Overall Priority'!$D$21:$E$45,2,FALSE),'Overall Priority'!$B$8:$E$16,4,FALSE))","v":""},{"$f":"IF(OR(Q358=\"\",Z358=\"\"),\"\",VLOOKUP(Q358&\" Cost & \"&Z358&\" Benefit\",'Overall Priority'!$D$21:$E$45,2,FALSE))","v":""}]
[null,null,null,null,null,null,null,null,null,null,null,null,null,null,null,{"$f":"IF(O359=\"\",\"\",IF(O359<'Cost Band & Priority'!$E$12,5,IF(O359<'Cost Band & Priority'!$E$11,4,IF(O359<'Cost Band & Priority'!$E$10,3,IF(O359<'Cost Band & Priority'!$E$9,2,1)))))","v":""},{"$f":"IF(P359=\"\",\"\",VLOOKUP(P359,'Cost Band & Priority'!$B$8:$E$12,2,FALSE))","v":""},null,null,null,null,null,null,null,"",{"$f":"IF(Y359=\"\",\"\",VLOOKUP(Y359,'Benefit Priority'!$B$25:$C$47,2,FALSE))","v":""},{"$f":"IF(OR(Q359=\"\",Z359=\"\"),\"\",VLOOKUP(VLOOKUP(Q359&\" Cost & \"&Z359&\" Benefit\",'Overall Priority'!$D$21:$E$45,2,FALSE),'Overall Priority'!$B$8:$E$16,4,FALSE))","v":""},{"$f":"IF(OR(Q359=\"\",Z359=\"\"),\"\",VLOOKUP(Q359&\" Cost & \"&Z359&\" Benefit\",'Overall Priority'!$D$21:$E$45,2,FALSE))","v":""}]
[null,null,null,null,null,null,null,null,null,null,null,null,null,null,null,{"$f":"IF(O360=\"\",\"\",IF(O360<'Cost Band & Priority'!$E$12,5,IF(O360<'Cost Band & Priority'!$E$11,4,IF(O360<'Cost Band & Priority'!$E$10,3,IF(O360<'Cost Band & Priority'!$E$9,2,1)))))","v":""},{"$f":"IF(P360=\"\",\"\",VLOOKUP(P360,'Cost Band & Priority'!$B$8:$E$12,2,FALSE))","v":""},null,null,null,null,null,null,null,"",{"$f":"IF(Y360=\"\",\"\",VLOOKUP(Y360,'Benefit Priority'!$B$25:$C$47,2,FALSE))","v":""},{"$f":"IF(OR(Q360=\"\",Z360=\"\"),\"\",VLOOKUP(VLOOKUP(Q360&\" Cost & \"&Z360&\" Benefit\",'Overall Priority'!$D$21:$E$45,2,FALSE),'Overall Priority'!$B$8:$E$16,4,FALSE))","v":""},{"$f":"IF(OR(Q360=\"\",Z360=\"\"),\"\",VLOOKUP(Q360&\" Cost & \"&Z360&\" Benefit\",'Overall Priority'!$D$21:$E$45,2,FALSE))","v":""}]
[null,null,null,null,null,null,null,null,null,null,null,null,null,null,null,{"$f":"IF(O361=\"\",\"\",IF(O361<'Cost Band & Priority'!$E$12,5,IF(O361<'Cost Band & Priority'!$E$11,4,IF(O361<'Cost Band & Priority'!$E$10,3,IF(O361<'Cost Band & Priority'!$E$9,2,1)))))","v":""},{"$f":"IF(P361=\"\",\"\",VLOOKUP(P361,'Cost Band & Priority'!$B$8:$E$12,2,FALSE))","v":""},null,null,null,null,null,null,null,"",{"$f":"IF(Y361=\"\",\"\",VLOOKUP(Y361,'Benefit Priority'!$B$25:$C$47,2,FALSE))","v":""},{"$f":"IF(OR(Q361=\"\",Z361=\"\"),\"\",VLOOKUP(VLOOKUP(Q361&\" Cost & \"&Z361&\" Benefit\",'Overall Priority'!$D$21:$E$45,2,FALSE),'Overall Priority'!$B$8:$E$16,4,FALSE))","v":""},{"$f":"IF(OR(Q361=\"\",Z361=\"\"),\"\",VLOOKUP(Q361&\" Cost & \"&Z361&\" Benefit\",'Overall Priority'!$D$21:$E$45,2,FALSE))","v":""}]
[null,null,null,null,null,null,null,null,null,null,null,null,null,null,null,{"$f":"IF(O362=\"\",\"\",IF(O362<'Cost Band & Priority'!$E$12,5,IF(O362<'Cost Band & Priority'!$E$11,4,IF(O362<'Cost Band & Priority'!$E$10,3,IF(O362<'Cost Band & Priority'!$E$9,2,1)))))","v":""},{"$f":"IF(P362=\"\",\"\",VLOOKUP(P362,'Cost Band & Priority'!$B$8:$E$12,2,FALSE))","v":""},null,null,null,null,null,null,null,"",{"$f":"IF(Y362=\"\",\"\",VLOOKUP(Y362,'Benefit Priority'!$B$25:$C$47,2,FALSE))","v":""},{"$f":"IF(OR(Q362=\"\",Z362=\"\"),\"\",VLOOKUP(VLOOKUP(Q362&\" Cost & \"&Z362&\" Benefit\",'Overall Priority'!$D$21:$E$45,2,FALSE),'Overall Priority'!$B$8:$E$16,4,FALSE))","v":""},{"$f":"IF(OR(Q362=\"\",Z362=\"\"),\"\",VLOOKUP(Q362&\" Cost & \"&Z362&\" Benefit\",'Overall Priority'!$D$21:$E$45,2,FALSE))","v":""}]
[null,null,null,null,null,null,null,null,null,null,null,null,null,null,null,{"$f":"IF(O363=\"\",\"\",IF(O363<'Cost Band & Priority'!$E$12,5,IF(O363<'Cost Band & Priority'!$E$11,4,IF(O363<'Cost Band & Priority'!$E$10,3,IF(O363<'Cost Band & Priority'!$E$9,2,1)))))","v":""},{"$f":"IF(P363=\"\",\"\",VLOOKUP(P363,'Cost Band & Priority'!$B$8:$E$12,2,FALSE))","v":""},null,null,null,null,null,null,null,"",{"$f":"IF(Y363=\"\",\"\",VLOOKUP(Y363,'Benefit Priority'!$B$25:$C$47,2,FALSE))","v":""},{"$f":"IF(OR(Q363=\"\",Z363=\"\"),\"\",VLOOKUP(VLOOKUP(Q363&\" Cost & \"&Z363&\" Benefit\",'Overall Priority'!$D$21:$E$45,2,FALSE),'Overall Priority'!$B$8:$E$16,4,FALSE))","v":""},{"$f":"IF(OR(Q363=\"\",Z363=\"\"),\"\",VLOOKUP(Q363&\" Cost & \"&Z363&\" Benefit\",'Overall Priority'!$D$21:$E$45,2,FALSE))","v":""}]
[null,null,null,null,null,null,null,null,null,null,null,null,null,null,null,{"$f":"IF(O364=\"\",\"\",IF(O364<'Cost Band & Priority'!$E$12,5,IF(O364<'Cost Band & Priority'!$E$11,4,IF(O364<'Cost Band & Priority'!$E$10,3,IF(O364<'Cost Band & Priority'!$E$9,2,1)))))","v":""},{"$f":"IF(P364=\"\",\"\",VLOOKUP(P364,'Cost Band & Priority'!$B$8:$E$12,2,FALSE))","v":""},null,null,null,null,null,null,null,"",{"$f":"IF(Y364=\"\",\"\",VLOOKUP(Y364,'Benefit Priority'!$B$25:$C$47,2,FALSE))","v":""},{"$f":"IF(OR(Q364=\"\",Z364=\"\"),\"\",VLOOKUP(VLOOKUP(Q364&\" Cost & \"&Z364&\" Benefit\",'Overall Priority'!$D$21:$E$45,2,FALSE),'Overall Priority'!$B$8:$E$16,4,FALSE))","v":""},{"$f":"IF(OR(Q364=\"\",Z364=\"\"),\"\",VLOOKUP(Q364&\" Cost & \"&Z364&\" Benefit\",'Overall Priority'!$D$21:$E$45,2,FALSE))","v":""}]
[null,null,null,null,null,null,null,null,null,null,null,null,null,null,null,{"$f":"IF(O365=\"\",\"\",IF(O365<'Cost Band & Priority'!$E$12,5,IF(O365<'Cost Band & Priority'!$E$11,4,IF(O365<'Cost Band & Priority'!$E$10,3,IF(O365<'Cost Band & Priority'!$E$9,2,1)))))","v":""},{"$f":"IF(P365=\"\",\"\",VLOOKUP(P365,'Cost Band & Priority'!$B$8:$E$12,2,FALSE))","v":""},null,null,null,null,null,null,null,"",{"$f":"IF(Y365=\"\",\"\",VLOOKUP(Y365,'Benefit Priority'!$B$25:$C$47,2,FALSE))","v":""},{"$f":"IF(OR(Q365=\"\",Z365=\"\"),\"\",VLOOKUP(VLOOKUP(Q365&\" Cost & \"&Z365&\" Benefit\",'Overall Priority'!$D$21:$E$45,2,FALSE),'Overall Priority'!$B$8:$E$16,4,FALSE))","v":""},{"$f":"IF(OR(Q365=\"\",Z365=\"\"),\"\",VLOOKUP(Q365&\" Cost & \"&Z365&\" Benefit\",'Overall Priority'!$D$21:$E$45,2,FALSE))","v":""}]
[null,null,null,null,null,null,null,null,null,null,null,null,null,null,null,{"$f":"IF(O366=\"\",\"\",IF(O366<'Cost Band & Priority'!$E$12,5,IF(O366<'Cost Band & Priority'!$E$11,4,IF(O366<'Cost Band & Priority'!$E$10,3,IF(O366<'Cost Band & Priority'!$E$9,2,1)))))","v":""},{"$f":"IF(P366=\"\",\"\",VLOOKUP(P366,'Cost Band & Priority'!$B$8:$E$12,2,FALSE))","v":""},null,null,null,null,null,null,null,"",{"$f":"IF(Y366=\"\",\"\",VLOOKUP(Y366,'Benefit Priority'!$B$25:$C$47,2,FALSE))","v":""},{"$f":"IF(OR(Q366=\"\",Z366=\"\"),\"\",VLOOKUP(VLOOKUP(Q366&\" Cost & \"&Z366&\" Benefit\",'Overall Priority'!$D$21:$E$45,2,FALSE),'Overall Priority'!$B$8:$E$16,4,FALSE))","v":""},{"$f":"IF(OR(Q366=\"\",Z366=\"\"),\"\",VLOOKUP(Q366&\" Cost & \"&Z366&\" Benefit\",'Overall Priority'!$D$21:$E$45,2,FALSE))","v":""}]
[null,null,null,null,null,null,null,null,null,null,null,null,null,null,null,{"$f":"IF(O367=\"\",\"\",IF(O367<'Cost Band & Priority'!$E$12,5,IF(O367<'Cost Band & Priority'!$E$11,4,IF(O367<'Cost Band & Priority'!$E$10,3,IF(O367<'Cost Band & Priority'!$E$9,2,1)))))","v":""},{"$f":"IF(P367=\"\",\"\",VLOOKUP(P367,'Cost Band & Priority'!$B$8:$E$12,2,FALSE))","v":""},null,null,null,null,null,null,null,"",{"$f":"IF(Y367=\"\",\"\",VLOOKUP(Y367,'Benefit Priority'!$B$25:$C$47,2,FALSE))","v":""},{"$f":"IF(OR(Q367=\"\",Z367=\"\"),\"\",VLOOKUP(VLOOKUP(Q367&\" Cost & \"&Z367&\" Benefit\",'Overall Priority'!$D$21:$E$45,2,FALSE),'Overall Priority'!$B$8:$E$16,4,FALSE))","v":""},{"$f":"IF(OR(Q367=\"\",Z367=\"\"),\"\",VLOOKUP(Q367&\" Cost & \"&Z367&\" Benefit\",'Overall Priority'!$D$21:$E$45,2,FALSE))","v":""}]
[null,null,null,null,null,null,null,null,null,null,null,null,null,null,null,{"$f":"IF(O368=\"\",\"\",IF(O368<'Cost Band & Priority'!$E$12,5,IF(O368<'Cost Band & Priority'!$E$11,4,IF(O368<'Cost Band & Priority'!$E$10,3,IF(O368<'Cost Band & Priority'!$E$9,2,1)))))","v":""},{"$f":"IF(P368=\"\",\"\",VLOOKUP(P368,'Cost Band & Priority'!$B$8:$E$12,2,FALSE))","v":""},null,null,null,null,null,null,null,"",{"$f":"IF(Y368=\"\",\"\",VLOOKUP(Y368,'Benefit Priority'!$B$25:$C$47,2,FALSE))","v":""},{"$f":"IF(OR(Q368=\"\",Z368=\"\"),\"\",VLOOKUP(VLOOKUP(Q368&\" Cost & \"&Z368&\" Benefit\",'Overall Priority'!$D$21:$E$45,2,FALSE),'Overall Priority'!$B$8:$E$16,4,FALSE))","v":""},{"$f":"IF(OR(Q368=\"\",Z368=\"\"),\"\",VLOOKUP(Q368&\" Cost & \"&Z368&\" Benefit\",'Overall Priority'!$D$21:$E$45,2,FALSE))","v":""}]
[null,null,null,null,null,null,null,null,null,null,null,null,null,null,null,{"$f":"IF(O369=\"\",\"\",IF(O369<'Cost Band & Priority'!$E$12,5,IF(O369<'Cost Band & Priority'!$E$11,4,IF(O369<'Cost Band & Priority'!$E$10,3,IF(O369<'Cost Band & Priority'!$E$9,2,1)))))","v":""},{"$f":"IF(P369=\"\",\"\",VLOOKUP(P369,'Cost Band & Priority'!$B$8:$E$12,2,FALSE))","v":""},null,null,null,null,null,null,null,"",{"$f":"IF(Y369=\"\",\"\",VLOOKUP(Y369,'Benefit Priority'!$B$25:$C$47,2,FALSE))","v":""},{"$f":"IF(OR(Q369=\"\",Z369=\"\"),\"\",VLOOKUP(VLOOKUP(Q369&\" Cost & \"&Z369&\" Benefit\",'Overall Priority'!$D$21:$E$45,2,FALSE),'Overall Priority'!$B$8:$E$16,4,FALSE))","v":""},{"$f":"IF(OR(Q369=\"\",Z369=\"\"),\"\",VLOOKUP(Q369&\" Cost & \"&Z369&\" Benefit\",'Overall Priority'!$D$21:$E$45,2,FALSE))","v":""}]
[null,null,null,null,null,null,null,null,null,null,null,null,null,null,null,{"$f":"IF(O370=\"\",\"\",IF(O370<'Cost Band & Priority'!$E$12,5,IF(O370<'Cost Band & Priority'!$E$11,4,IF(O370<'Cost Band & Priority'!$E$10,3,IF(O370<'Cost Band & Priority'!$E$9,2,1)))))","v":""},{"$f":"IF(P370=\"\",\"\",VLOOKUP(P370,'Cost Band & Priority'!$B$8:$E$12,2,FALSE))","v":""},null,null,null,null,null,null,null,"",{"$f":"IF(Y370=\"\",\"\",VLOOKUP(Y370,'Benefit Priority'!$B$25:$C$47,2,FALSE))","v":""},{"$f":"IF(OR(Q370=\"\",Z370=\"\"),\"\",VLOOKUP(VLOOKUP(Q370&\" Cost & \"&Z370&\" Benefit\",'Overall Priority'!$D$21:$E$45,2,FALSE),'Overall Priority'!$B$8:$E$16,4,FALSE))","v":""},{"$f":"IF(OR(Q370=\"\",Z370=\"\"),\"\",VLOOKUP(Q370&\" Cost & \"&Z370&\" Benefit\",'Overall Priority'!$D$21:$E$45,2,FALSE))","v":""}]
[null,null,null,null,null,null,null,null,null,null,null,null,null,null,null,{"$f":"IF(O371=\"\",\"\",IF(O371<'Cost Band & Priority'!$E$12,5,IF(O371<'Cost Band & Priority'!$E$11,4,IF(O371<'Cost Band & Priority'!$E$10,3,IF(O371<'Cost Band & Priority'!$E$9,2,1)))))","v":""},{"$f":"IF(P371=\"\",\"\",VLOOKUP(P371,'Cost Band & Priority'!$B$8:$E$12,2,FALSE))","v":""},null,null,null,null,null,null,null,"",{"$f":"IF(Y371=\"\",\"\",VLOOKUP(Y371,'Benefit Priority'!$B$25:$C$47,2,FALSE))","v":""},{"$f":"IF(OR(Q371=\"\",Z371=\"\"),\"\",VLOOKUP(VLOOKUP(Q371&\" Cost & \"&Z371&\" Benefit\",'Overall Priority'!$D$21:$E$45,2,FALSE),'Overall Priority'!$B$8:$E$16,4,FALSE))","v":""},{"$f":"IF(OR(Q371=\"\",Z371=\"\"),\"\",VLOOKUP(Q371&\" Cost & \"&Z371&\" Benefit\",'Overall Priority'!$D$21:$E$45,2,FALSE))","v":""}]
[null,null,null,null,null,null,null,null,null,null,null,null,null,null,null,{"$f":"IF(O372=\"\",\"\",IF(O372<'Cost Band & Priority'!$E$12,5,IF(O372<'Cost Band & Priority'!$E$11,4,IF(O372<'Cost Band & Priority'!$E$10,3,IF(O372<'Cost Band & Priority'!$E$9,2,1)))))","v":""},{"$f":"IF(P372=\"\",\"\",VLOOKUP(P372,'Cost Band & Priority'!$B$8:$E$12,2,FALSE))","v":""},null,null,null,null,null,null,null,"",{"$f":"IF(Y372=\"\",\"\",VLOOKUP(Y372,'Benefit Priority'!$B$25:$C$47,2,FALSE))","v":""},{"$f":"IF(OR(Q372=\"\",Z372=\"\"),\"\",VLOOKUP(VLOOKUP(Q372&\" Cost & \"&Z372&\" Benefit\",'Overall Priority'!$D$21:$E$45,2,FALSE),'Overall Priority'!$B$8:$E$16,4,FALSE))","v":""},{"$f":"IF(OR(Q372=\"\",Z372=\"\"),\"\",VLOOKUP(Q372&\" Cost & \"&Z372&\" Benefit\",'Overall Priority'!$D$21:$E$45,2,FALSE))","v":""}]
[null,null,null,null,null,null,null,null,null,null,null,null,null,null,null,{"$f":"IF(O373=\"\",\"\",IF(O373<'Cost Band & Priority'!$E$12,5,IF(O373<'Cost Band & Priority'!$E$11,4,IF(O373<'Cost Band & Priority'!$E$10,3,IF(O373<'Cost Band & Priority'!$E$9,2,1)))))","v":""},{"$f":"IF(P373=\"\",\"\",VLOOKUP(P373,'Cost Band & Priority'!$B$8:$E$12,2,FALSE))","v":""},null,null,null,null,null,null,null,"",{"$f":"IF(Y373=\"\",\"\",VLOOKUP(Y373,'Benefit Priority'!$B$25:$C$47,2,FALSE))","v":""},{"$f":"IF(OR(Q373=\"\",Z373=\"\"),\"\",VLOOKUP(VLOOKUP(Q373&\" Cost & \"&Z373&\" Benefit\",'Overall Priority'!$D$21:$E$45,2,FALSE),'Overall Priority'!$B$8:$E$16,4,FALSE))","v":""},{"$f":"IF(OR(Q373=\"\",Z373=\"\"),\"\",VLOOKUP(Q373&\" Cost & \"&Z373&\" Benefit\",'Overall Priority'!$D$21:$E$45,2,FALSE))","v":""}]
[null,null,null,null,null,null,null,null,null,null,null,null,null,null,null,{"$f":"IF(O374=\"\",\"\",IF(O374<'Cost Band & Priority'!$E$12,5,IF(O374<'Cost Band & Priority'!$E$11,4,IF(O374<'Cost Band & Priority'!$E$10,3,IF(O374<'Cost Band & Priority'!$E$9,2,1)))))","v":""},{"$f":"IF(P374=\"\",\"\",VLOOKUP(P374,'Cost Band & Priority'!$B$8:$E$12,2,FALSE))","v":""},null,null,null,null,null,null,null,"",{"$f":"IF(Y374=\"\",\"\",VLOOKUP(Y374,'Benefit Priority'!$B$25:$C$47,2,FALSE))","v":""},{"$f":"IF(OR(Q374=\"\",Z374=\"\"),\"\",VLOOKUP(VLOOKUP(Q374&\" Cost & \"&Z374&\" Benefit\",'Overall Priority'!$D$21:$E$45,2,FALSE),'Overall Priority'!$B$8:$E$16,4,FALSE))","v":""},{"$f":"IF(OR(Q374=\"\",Z374=\"\"),\"\",VLOOKUP(Q374&\" Cost & \"&Z374&\" Benefit\",'Overall Priority'!$D$21:$E$45,2,FALSE))","v":""}]
[null,null,null,null,null,null,null,null,null,null,null,null,null,null,null,{"$f":"IF(O375=\"\",\"\",IF(O375<'Cost Band & Priority'!$E$12,5,IF(O375<'Cost Band & Priority'!$E$11,4,IF(O375<'Cost Band & Priority'!$E$10,3,IF(O375<'Cost Band & Priority'!$E$9,2,1)))))","v":""},{"$f":"IF(P375=\"\",\"\",VLOOKUP(P375,'Cost Band & Priority'!$B$8:$E$12,2,FALSE))","v":""},null,null,null,null,null,null,null,"",{"$f":"IF(Y375=\"\",\"\",VLOOKUP(Y375,'Benefit Priority'!$B$25:$C$47,2,FALSE))","v":""},{"$f":"IF(OR(Q375=\"\",Z375=\"\"),\"\",VLOOKUP(VLOOKUP(Q375&\" Cost & \"&Z375&\" Benefit\",'Overall Priority'!$D$21:$E$45,2,FALSE),'Overall Priority'!$B$8:$E$16,4,FALSE))","v":""},{"$f":"IF(OR(Q375=\"\",Z375=\"\"),\"\",VLOOKUP(Q375&\" Cost & \"&Z375&\" Benefit\",'Overall Priority'!$D$21:$E$45,2,FALSE))","v":""}]
[null,null,null,null,null,null,null,null,null,null,null,null,null,null,null,{"$f":"IF(O376=\"\",\"\",IF(O376<'Cost Band & Priority'!$E$12,5,IF(O376<'Cost Band & Priority'!$E$11,4,IF(O376<'Cost Band & Priority'!$E$10,3,IF(O376<'Cost Band & Priority'!$E$9,2,1)))))","v":""},{"$f":"IF(P376=\"\",\"\",VLOOKUP(P376,'Cost Band & Priority'!$B$8:$E$12,2,FALSE))","v":""},null,null,null,null,null,null,null,"",{"$f":"IF(Y376=\"\",\"\",VLOOKUP(Y376,'Benefit Priority'!$B$25:$C$47,2,FALSE))","v":""},{"$f":"IF(OR(Q376=\"\",Z376=\"\"),\"\",VLOOKUP(VLOOKUP(Q376&\" Cost & \"&Z376&\" Benefit\",'Overall Priority'!$D$21:$E$45,2,FALSE),'Overall Priority'!$B$8:$E$16,4,FALSE))","v":""},{"$f":"IF(OR(Q376=\"\",Z376=\"\"),\"\",VLOOKUP(Q376&\" Cost & \"&Z376&\" Benefit\",'Overall Priority'!$D$21:$E$45,2,FALSE))","v":""}]
[null,null,null,null,null,null,null,null,null,null,null,null,null,null,null,{"$f":"IF(O377=\"\",\"\",IF(O377<'Cost Band & Priority'!$E$12,5,IF(O377<'Cost Band & Priority'!$E$11,4,IF(O377<'Cost Band & Priority'!$E$10,3,IF(O377<'Cost Band & Priority'!$E$9,2,1)))))","v":""},{"$f":"IF(P377=\"\",\"\",VLOOKUP(P377,'Cost Band & Priority'!$B$8:$E$12,2,FALSE))","v":""},null,null,null,null,null,null,null,"",{"$f":"IF(Y377=\"\",\"\",VLOOKUP(Y377,'Benefit Priority'!$B$25:$C$47,2,FALSE))","v":""},{"$f":"IF(OR(Q377=\"\",Z377=\"\"),\"\",VLOOKUP(VLOOKUP(Q377&\" Cost & \"&Z377&\" Benefit\",'Overall Priority'!$D$21:$E$45,2,FALSE),'Overall Priority'!$B$8:$E$16,4,FALSE))","v":""},{"$f":"IF(OR(Q377=\"\",Z377=\"\"),\"\",VLOOKUP(Q377&\" Cost & \"&Z377&\" Benefit\",'Overall Priority'!$D$21:$E$45,2,FALSE))","v":""}]
[null,null,null,null,null,null,null,null,null,null,null,null,null,null,null,{"$f":"IF(O378=\"\",\"\",IF(O378<'Cost Band & Priority'!$E$12,5,IF(O378<'Cost Band & Priority'!$E$11,4,IF(O378<'Cost Band & Priority'!$E$10,3,IF(O378<'Cost Band & Priority'!$E$9,2,1)))))","v":""},{"$f":"IF(P378=\"\",\"\",VLOOKUP(P378,'Cost Band & Priority'!$B$8:$E$12,2,FALSE))","v":""},null,null,null,null,null,null,null,"",{"$f":"IF(Y378=\"\",\"\",VLOOKUP(Y378,'Benefit Priority'!$B$25:$C$47,2,FALSE))","v":""},{"$f":"IF(OR(Q378=\"\",Z378=\"\"),\"\",VLOOKUP(VLOOKUP(Q378&\" Cost & \"&Z378&\" Benefit\",'Overall Priority'!$D$21:$E$45,2,FALSE),'Overall Priority'!$B$8:$E$16,4,FALSE))","v":""},{"$f":"IF(OR(Q378=\"\",Z378=\"\"),\"\",VLOOKUP(Q378&\" Cost & \"&Z378&\" Benefit\",'Overall Priority'!$D$21:$E$45,2,FALSE))","v":""}]
[null,null,null,null,null,null,null,null,null,null,null,null,null,null,null,{"$f":"IF(O379=\"\",\"\",IF(O379<'Cost Band & Priority'!$E$12,5,IF(O379<'Cost Band & Priority'!$E$11,4,IF(O379<'Cost Band & Priority'!$E$10,3,IF(O379<'Cost Band & Priority'!$E$9,2,1)))))","v":""},{"$f":"IF(P379=\"\",\"\",VLOOKUP(P379,'Cost Band & Priority'!$B$8:$E$12,2,FALSE))","v":""},null,null,null,null,null,null,null,"",{"$f":"IF(Y379=\"\",\"\",VLOOKUP(Y379,'Benefit Priority'!$B$25:$C$47,2,FALSE))","v":""},{"$f":"IF(OR(Q379=\"\",Z379=\"\"),\"\",VLOOKUP(VLOOKUP(Q379&\" Cost & \"&Z379&\" Benefit\",'Overall Priority'!$D$21:$E$45,2,FALSE),'Overall Priority'!$B$8:$E$16,4,FALSE))","v":""},{"$f":"IF(OR(Q379=\"\",Z379=\"\"),\"\",VLOOKUP(Q379&\" Cost & \"&Z379&\" Benefit\",'Overall Priority'!$D$21:$E$45,2,FALSE))","v":""}]
[null,null,null,null,null,null,null,null,null,null,null,null,null,null,null,{"$f":"IF(O380=\"\",\"\",IF(O380<'Cost Band & Priority'!$E$12,5,IF(O380<'Cost Band & Priority'!$E$11,4,IF(O380<'Cost Band & Priority'!$E$10,3,IF(O380<'Cost Band & Priority'!$E$9,2,1)))))","v":""},{"$f":"IF(P380=\"\",\"\",VLOOKUP(P380,'Cost Band & Priority'!$B$8:$E$12,2,FALSE))","v":""},null,null,null,null,null,null,null,"",{"$f":"IF(Y380=\"\",\"\",VLOOKUP(Y380,'Benefit Priority'!$B$25:$C$47,2,FALSE))","v":""},{"$f":"IF(OR(Q380=\"\",Z380=\"\"),\"\",VLOOKUP(VLOOKUP(Q380&\" Cost & \"&Z380&\" Benefit\",'Overall Priority'!$D$21:$E$45,2,FALSE),'Overall Priority'!$B$8:$E$16,4,FALSE))","v":""},{"$f":"IF(OR(Q380=\"\",Z380=\"\"),\"\",VLOOKUP(Q380&\" Cost & \"&Z380&\" Benefit\",'Overall Priority'!$D$21:$E$45,2,FALSE))","v":""}]
[null,null,null,null,null,null,null,null,null,null,null,null,null,null,null,{"$f":"IF(O381=\"\",\"\",IF(O381<'Cost Band & Priority'!$E$12,5,IF(O381<'Cost Band & Priority'!$E$11,4,IF(O381<'Cost Band & Priority'!$E$10,3,IF(O381<'Cost Band & Priority'!$E$9,2,1)))))","v":""},{"$f":"IF(P381=\"\",\"\",VLOOKUP(P381,'Cost Band & Priority'!$B$8:$E$12,2,FALSE))","v":""},null,null,null,null,null,null,null,"",{"$f":"IF(Y381=\"\",\"\",VLOOKUP(Y381,'Benefit Priority'!$B$25:$C$47,2,FALSE))","v":""},{"$f":"IF(OR(Q381=\"\",Z381=\"\"),\"\",VLOOKUP(VLOOKUP(Q381&\" Cost & \"&Z381&\" Benefit\",'Overall Priority'!$D$21:$E$45,2,FALSE),'Overall Priority'!$B$8:$E$16,4,FALSE))","v":""},{"$f":"IF(OR(Q381=\"\",Z381=\"\"),\"\",VLOOKUP(Q381&\" Cost & \"&Z381&\" Benefit\",'Overall Priority'!$D$21:$E$45,2,FALSE))","v":""}]
[null,null,null,null,null,null,null,null,null,null,null,null,null,null,null,{"$f":"IF(O382=\"\",\"\",IF(O382<'Cost Band & Priority'!$E$12,5,IF(O382<'Cost Band & Priority'!$E$11,4,IF(O382<'Cost Band & Priority'!$E$10,3,IF(O382<'Cost Band & Priority'!$E$9,2,1)))))","v":""},{"$f":"IF(P382=\"\",\"\",VLOOKUP(P382,'Cost Band & Priority'!$B$8:$E$12,2,FALSE))","v":""},null,null,null,null,null,null,null,"",{"$f":"IF(Y382=\"\",\"\",VLOOKUP(Y382,'Benefit Priority'!$B$25:$C$47,2,FALSE))","v":""},{"$f":"IF(OR(Q382=\"\",Z382=\"\"),\"\",VLOOKUP(VLOOKUP(Q382&\" Cost & \"&Z382&\" Benefit\",'Overall Priority'!$D$21:$E$45,2,FALSE),'Overall Priority'!$B$8:$E$16,4,FALSE))","v":""},{"$f":"IF(OR(Q382=\"\",Z382=\"\"),\"\",VLOOKUP(Q382&\" Cost & \"&Z382&\" Benefit\",'Overall Priority'!$D$21:$E$45,2,FALSE))","v":""}]
[null,null,null,null,null,null,null,null,null,null,null,null,null,null,null,{"$f":"IF(O383=\"\",\"\",IF(O383<'Cost Band & Priority'!$E$12,5,IF(O383<'Cost Band & Priority'!$E$11,4,IF(O383<'Cost Band & Priority'!$E$10,3,IF(O383<'Cost Band & Priority'!$E$9,2,1)))))","v":""},{"$f":"IF(P383=\"\",\"\",VLOOKUP(P383,'Cost Band & Priority'!$B$8:$E$12,2,FALSE))","v":""},null,null,null,null,null,null,null,"",{"$f":"IF(Y383=\"\",\"\",VLOOKUP(Y383,'Benefit Priority'!$B$25:$C$47,2,FALSE))","v":""},{"$f":"IF(OR(Q383=\"\",Z383=\"\"),\"\",VLOOKUP(VLOOKUP(Q383&\" Cost & \"&Z383&\" Benefit\",'Overall Priority'!$D$21:$E$45,2,FALSE),'Overall Priority'!$B$8:$E$16,4,FALSE))","v":""},{"$f":"IF(OR(Q383=\"\",Z383=\"\"),\"\",VLOOKUP(Q383&\" Cost & \"&Z383&\" Benefit\",'Overall Priority'!$D$21:$E$45,2,FALSE))","v":""}]
[null,null,null,null,null,null,null,null,null,null,null,null,null,null,null,{"$f":"IF(O384=\"\",\"\",IF(O384<'Cost Band & Priority'!$E$12,5,IF(O384<'Cost Band & Priority'!$E$11,4,IF(O384<'Cost Band & Priority'!$E$10,3,IF(O384<'Cost Band & Priority'!$E$9,2,1)))))","v":""},{"$f":"IF(P384=\"\",\"\",VLOOKUP(P384,'Cost Band & Priority'!$B$8:$E$12,2,FALSE))","v":""},null,null,null,null,null,null,null,"",{"$f":"IF(Y384=\"\",\"\",VLOOKUP(Y384,'Benefit Priority'!$B$25:$C$47,2,FALSE))","v":""},{"$f":"IF(OR(Q384=\"\",Z384=\"\"),\"\",VLOOKUP(VLOOKUP(Q384&\" Cost & \"&Z384&\" Benefit\",'Overall Priority'!$D$21:$E$45,2,FALSE),'Overall Priority'!$B$8:$E$16,4,FALSE))","v":""},{"$f":"IF(OR(Q384=\"\",Z384=\"\"),\"\",VLOOKUP(Q384&\" Cost & \"&Z384&\" Benefit\",'Overall Priority'!$D$21:$E$45,2,FALSE))","v":""}]
[null,null,null,null,null,null,null,null,null,null,null,null,null,null,null,{"$f":"IF(O385=\"\",\"\",IF(O385<'Cost Band & Priority'!$E$12,5,IF(O385<'Cost Band & Priority'!$E$11,4,IF(O385<'Cost Band & Priority'!$E$10,3,IF(O385<'Cost Band & Priority'!$E$9,2,1)))))","v":""},{"$f":"IF(P385=\"\",\"\",VLOOKUP(P385,'Cost Band & Priority'!$B$8:$E$12,2,FALSE))","v":""},null,null,null,null,null,null,null,"",{"$f":"IF(Y385=\"\",\"\",VLOOKUP(Y385,'Benefit Priority'!$B$25:$C$47,2,FALSE))","v":""},{"$f":"IF(OR(Q385=\"\",Z385=\"\"),\"\",VLOOKUP(VLOOKUP(Q385&\" Cost & \"&Z385&\" Benefit\",'Overall Priority'!$D$21:$E$45,2,FALSE),'Overall Priority'!$B$8:$E$16,4,FALSE))","v":""},{"$f":"IF(OR(Q385=\"\",Z385=\"\"),\"\",VLOOKUP(Q385&\" Cost & \"&Z385&\" Benefit\",'Overall Priority'!$D$21:$E$45,2,FALSE))","v":""}]
[null,null,null,null,null,null,null,null,null,null,null,null,null,null,null,{"$f":"IF(O386=\"\",\"\",IF(O386<'Cost Band & Priority'!$E$12,5,IF(O386<'Cost Band & Priority'!$E$11,4,IF(O386<'Cost Band & Priority'!$E$10,3,IF(O386<'Cost Band & Priority'!$E$9,2,1)))))","v":""},{"$f":"IF(P386=\"\",\"\",VLOOKUP(P386,'Cost Band & Priority'!$B$8:$E$12,2,FALSE))","v":""},null,null,null,null,null,null,null,{"$f":"IF(AND(R386>0,S386>0,T386>0,U386>0,V386>0,W386>0,X386>0),SUM(R386:X386),\"\")","v":""},{"$f":"IF(Y386=\"\",\"\",VLOOKUP(Y386,'Benefit Priority'!$B$25:$C$47,2,FALSE))","v":""},{"$f":"IF(OR(Q386=\"\",Z386=\"\"),\"\",VLOOKUP(VLOOKUP(Q386&\" Cost & \"&Z386&\" Benefit\",'Overall Priority'!$D$21:$E$45,2,FALSE),'Overall Priority'!$B$8:$E$16,4,FALSE))","v":""},{"$f":"IF(OR(Q386=\"\",Z386=\"\"),\"\",VLOOKUP(Q386&\" Cost & \"&Z386&\" Benefit\",'Overall Priority'!$D$21:$E$45,2,FALSE))","v":""}]
[null,null,null,null,null,null,null,null,null,null,null,null,null,null,null,{"$f":"IF(O387=\"\",\"\",IF(O387<'Cost Band & Priority'!$E$12,5,IF(O387<'Cost Band & Priority'!$E$11,4,IF(O387<'Cost Band & Priority'!$E$10,3,IF(O387<'Cost Band & Priority'!$E$9,2,1)))))","v":""},{"$f":"IF(P387=\"\",\"\",VLOOKUP(P387,'Cost Band & Priority'!$B$8:$E$12,2,FALSE))","v":""},null,null,null,null,null,null,null,"",{"$f":"IF(Y387=\"\",\"\",VLOOKUP(Y387,'Benefit Priority'!$B$25:$C$47,2,FALSE))","v":""},{"$f":"IF(OR(Q387=\"\",Z387=\"\"),\"\",VLOOKUP(VLOOKUP(Q387&\" Cost & \"&Z387&\" Benefit\",'Overall Priority'!$D$21:$E$45,2,FALSE),'Overall Priority'!$B$8:$E$16,4,FALSE))","v":""},{"$f":"IF(OR(Q387=\"\",Z387=\"\"),\"\",VLOOKUP(Q387&\" Cost & \"&Z387&\" Benefit\",'Overall Priority'!$D$21:$E$45,2,FALSE))","v":""}]
[null,null,null,null,null,null,null,null,null,null,null,null,null,null,null,{"$f":"IF(O388=\"\",\"\",IF(O388<'Cost Band & Priority'!$E$12,5,IF(O388<'Cost Band & Priority'!$E$11,4,IF(O388<'Cost Band & Priority'!$E$10,3,IF(O388<'Cost Band & Priority'!$E$9,2,1)))))","v":""},{"$f":"IF(P388=\"\",\"\",VLOOKUP(P388,'Cost Band & Priority'!$B$8:$E$12,2,FALSE))","v":""},null,null,null,null,null,null,null,"",{"$f":"IF(Y388=\"\",\"\",VLOOKUP(Y388,'Benefit Priority'!$B$25:$C$47,2,FALSE))","v":""},{"$f":"IF(OR(Q388=\"\",Z388=\"\"),\"\",VLOOKUP(VLOOKUP(Q388&\" Cost & \"&Z388&\" Benefit\",'Overall Priority'!$D$21:$E$45,2,FALSE),'Overall Priority'!$B$8:$E$16,4,FALSE))","v":""},{"$f":"IF(OR(Q388=\"\",Z388=\"\"),\"\",VLOOKUP(Q388&\" Cost & \"&Z388&\" Benefit\",'Overall Priority'!$D$21:$E$45,2,FALSE))","v":""}]
[null,null,null,null,null,null,null,null,null,null,null,null,null,null,null,{"$f":"IF(O389=\"\",\"\",IF(O389<'Cost Band & Priority'!$E$12,5,IF(O389<'Cost Band & Priority'!$E$11,4,IF(O389<'Cost Band & Priority'!$E$10,3,IF(O389<'Cost Band & Priority'!$E$9,2,1)))))","v":""},{"$f":"IF(P389=\"\",\"\",VLOOKUP(P389,'Cost Band & Priority'!$B$8:$E$12,2,FALSE))","v":""},null,null,null,null,null,null,null,"",{"$f":"IF(Y389=\"\",\"\",VLOOKUP(Y389,'Benefit Priority'!$B$25:$C$47,2,FALSE))","v":""},{"$f":"IF(OR(Q389=\"\",Z389=\"\"),\"\",VLOOKUP(VLOOKUP(Q389&\" Cost & \"&Z389&\" Benefit\",'Overall Priority'!$D$21:$E$45,2,FALSE),'Overall Priority'!$B$8:$E$16,4,FALSE))","v":""},{"$f":"IF(OR(Q389=\"\",Z389=\"\"),\"\",VLOOKUP(Q389&\" Cost & \"&Z389&\" Benefit\",'Overall Priority'!$D$21:$E$45,2,FALSE))","v":""}]
[null,null,null,null,null,null,null,null,null,null,null,null,null,null,null,{"$f":"IF(O390=\"\",\"\",IF(O390<'Cost Band & Priority'!$E$12,5,IF(O390<'Cost Band & Priority'!$E$11,4,IF(O390<'Cost Band & Priority'!$E$10,3,IF(O390<'Cost Band & Priority'!$E$9,2,1)))))","v":""},{"$f":"IF(P390=\"\",\"\",VLOOKUP(P390,'Cost Band & Priority'!$B$8:$E$12,2,FALSE))","v":""},null,null,null,null,null,null,null,"",{"$f":"IF(Y390=\"\",\"\",VLOOKUP(Y390,'Benefit Priority'!$B$25:$C$47,2,FALSE))","v":""},{"$f":"IF(OR(Q390=\"\",Z390=\"\"),\"\",VLOOKUP(VLOOKUP(Q390&\" Cost & \"&Z390&\" Benefit\",'Overall Priority'!$D$21:$E$45,2,FALSE),'Overall Priority'!$B$8:$E$16,4,FALSE))","v":""},{"$f":"IF(OR(Q390=\"\",Z390=\"\"),\"\",VLOOKUP(Q390&\" Cost & \"&Z390&\" Benefit\",'Overall Priority'!$D$21:$E$45,2,FALSE))","v":""}]
[null,null,null,null,null,null,null,null,null,null,null,null,null,null,null,{"$f":"IF(O391=\"\",\"\",IF(O391<'Cost Band & Priority'!$E$12,5,IF(O391<'Cost Band & Priority'!$E$11,4,IF(O391<'Cost Band & Priority'!$E$10,3,IF(O391<'Cost Band & Priority'!$E$9,2,1)))))","v":""},{"$f":"IF(P391=\"\",\"\",VLOOKUP(P391,'Cost Band & Priority'!$B$8:$E$12,2,FALSE))","v":""},null,null,null,null,null,null,null,"",{"$f":"IF(Y391=\"\",\"\",VLOOKUP(Y391,'Benefit Priority'!$B$25:$C$47,2,FALSE))","v":""},{"$f":"IF(OR(Q391=\"\",Z391=\"\"),\"\",VLOOKUP(VLOOKUP(Q391&\" Cost & \"&Z391&\" Benefit\",'Overall Priority'!$D$21:$E$45,2,FALSE),'Overall Priority'!$B$8:$E$16,4,FALSE))","v":""},{"$f":"IF(OR(Q391=\"\",Z391=\"\"),\"\",VLOOKUP(Q391&\" Cost & \"&Z391&\" Benefit\",'Overall Priority'!$D$21:$E$45,2,FALSE))","v":""}]
[null,null,null,null,null,null,null,null,null,null,null,null,null,null,null,{"$f":"IF(O392=\"\",\"\",IF(O392<'Cost Band & Priority'!$E$12,5,IF(O392<'Cost Band & Priority'!$E$11,4,IF(O392<'Cost Band & Priority'!$E$10,3,IF(O392<'Cost Band & Priority'!$E$9,2,1)))))","v":""},{"$f":"IF(P392=\"\",\"\",VLOOKUP(P392,'Cost Band & Priority'!$B$8:$E$12,2,FALSE))","v":""},null,null,null,null,null,null,null,"",{"$f":"IF(Y392=\"\",\"\",VLOOKUP(Y392,'Benefit Priority'!$B$25:$C$47,2,FALSE))","v":""},{"$f":"IF(OR(Q392=\"\",Z392=\"\"),\"\",VLOOKUP(VLOOKUP(Q392&\" Cost & \"&Z392&\" Benefit\",'Overall Priority'!$D$21:$E$45,2,FALSE),'Overall Priority'!$B$8:$E$16,4,FALSE))","v":""},{"$f":"IF(OR(Q392=\"\",Z392=\"\"),\"\",VLOOKUP(Q392&\" Cost & \"&Z392&\" Benefit\",'Overall Priority'!$D$21:$E$45,2,FALSE))","v":""}]
[null,null,null,null,null,null,null,null,null,null,null,null,null,null,null,{"$f":"IF(O393=\"\",\"\",IF(O393<'Cost Band & Priority'!$E$12,5,IF(O393<'Cost Band & Priority'!$E$11,4,IF(O393<'Cost Band & Priority'!$E$10,3,IF(O393<'Cost Band & Priority'!$E$9,2,1)))))","v":""},{"$f":"IF(P393=\"\",\"\",VLOOKUP(P393,'Cost Band & Priority'!$B$8:$E$12,2,FALSE))","v":""},null,null,null,null,null,null,null,"",{"$f":"IF(Y393=\"\",\"\",VLOOKUP(Y393,'Benefit Priority'!$B$25:$C$47,2,FALSE))","v":""},{"$f":"IF(OR(Q393=\"\",Z393=\"\"),\"\",VLOOKUP(VLOOKUP(Q393&\" Cost & \"&Z393&\" Benefit\",'Overall Priority'!$D$21:$E$45,2,FALSE),'Overall Priority'!$B$8:$E$16,4,FALSE))","v":""},{"$f":"IF(OR(Q393=\"\",Z393=\"\"),\"\",VLOOKUP(Q393&\" Cost & \"&Z393&\" Benefit\",'Overall Priority'!$D$21:$E$45,2,FALSE))","v":""}]
[null,null,null,null,null,null,null,null,null,null,null,null,null,null,null,{"$f":"IF(O394=\"\",\"\",IF(O394<'Cost Band & Priority'!$E$12,5,IF(O394<'Cost Band & Priority'!$E$11,4,IF(O394<'Cost Band & Priority'!$E$10,3,IF(O394<'Cost Band & Priority'!$E$9,2,1)))))","v":""},{"$f":"IF(P394=\"\",\"\",VLOOKUP(P394,'Cost Band & Priority'!$B$8:$E$12,2,FALSE))","v":""},null,null,null,null,null,null,null,"",{"$f":"IF(Y394=\"\",\"\",VLOOKUP(Y394,'Benefit Priority'!$B$25:$C$47,2,FALSE))","v":""},{"$f":"IF(OR(Q394=\"\",Z394=\"\"),\"\",VLOOKUP(VLOOKUP(Q394&\" Cost & \"&Z394&\" Benefit\",'Overall Priority'!$D$21:$E$45,2,FALSE),'Overall Priority'!$B$8:$E$16,4,FALSE))","v":""},{"$f":"IF(OR(Q394=\"\",Z394=\"\"),\"\",VLOOKUP(Q394&\" Cost & \"&Z394&\" Benefit\",'Overall Priority'!$D$21:$E$45,2,FALSE))","v":""}]
[null,null,null,null,null,null,null,null,null,null,null,null,null,null,null,{"$f":"IF(O395=\"\",\"\",IF(O395<'Cost Band & Priority'!$E$12,5,IF(O395<'Cost Band & Priority'!$E$11,4,IF(O395<'Cost Band & Priority'!$E$10,3,IF(O395<'Cost Band & Priority'!$E$9,2,1)))))","v":""},{"$f":"IF(P395=\"\",\"\",VLOOKUP(P395,'Cost Band & Priority'!$B$8:$E$12,2,FALSE))","v":""},null,null,null,null,null,null,null,"",{"$f":"IF(Y395=\"\",\"\",VLOOKUP(Y395,'Benefit Priority'!$B$25:$C$47,2,FALSE))","v":""},{"$f":"IF(OR(Q395=\"\",Z395=\"\"),\"\",VLOOKUP(VLOOKUP(Q395&\" Cost & \"&Z395&\" Benefit\",'Overall Priority'!$D$21:$E$45,2,FALSE),'Overall Priority'!$B$8:$E$16,4,FALSE))","v":""},{"$f":"IF(OR(Q395=\"\",Z395=\"\"),\"\",VLOOKUP(Q395&\" Cost & \"&Z395&\" Benefit\",'Overall Priority'!$D$21:$E$45,2,FALSE))","v":""}]
[null,null,null,null,null,null,null,null,null,null,null,null,null,null,null,{"$f":"IF(O396=\"\",\"\",IF(O396<'Cost Band & Priority'!$E$12,5,IF(O396<'Cost Band & Priority'!$E$11,4,IF(O396<'Cost Band & Priority'!$E$10,3,IF(O396<'Cost Band & Priority'!$E$9,2,1)))))","v":""},{"$f":"IF(P396=\"\",\"\",VLOOKUP(P396,'Cost Band & Priority'!$B$8:$E$12,2,FALSE))","v":""},null,null,null,null,null,null,null,"",{"$f":"IF(Y396=\"\",\"\",VLOOKUP(Y396,'Benefit Priority'!$B$25:$C$47,2,FALSE))","v":""},{"$f":"IF(OR(Q396=\"\",Z396=\"\"),\"\",VLOOKUP(VLOOKUP(Q396&\" Cost & \"&Z396&\" Benefit\",'Overall Priority'!$D$21:$E$45,2,FALSE),'Overall Priority'!$B$8:$E$16,4,FALSE))","v":""},{"$f":"IF(OR(Q396=\"\",Z396=\"\"),\"\",VLOOKUP(Q396&\" Cost & \"&Z396&\" Benefit\",'Overall Priority'!$D$21:$E$45,2,FALSE))","v":""}]
[null,null,null,null,null,null,null,null,null,null,null,null,null,null,null,{"$f":"IF(O397=\"\",\"\",IF(O397<'Cost Band & Priority'!$E$12,5,IF(O397<'Cost Band & Priority'!$E$11,4,IF(O397<'Cost Band & Priority'!$E$10,3,IF(O397<'Cost Band & Priority'!$E$9,2,1)))))","v":""},{"$f":"IF(P397=\"\",\"\",VLOOKUP(P397,'Cost Band & Priority'!$B$8:$E$12,2,FALSE))","v":""},null,null,null,null,null,null,null,"",{"$f":"IF(Y397=\"\",\"\",VLOOKUP(Y397,'Benefit Priority'!$B$25:$C$47,2,FALSE))","v":""},{"$f":"IF(OR(Q397=\"\",Z397=\"\"),\"\",VLOOKUP(VLOOKUP(Q397&\" Cost & \"&Z397&\" Benefit\",'Overall Priority'!$D$21:$E$45,2,FALSE),'Overall Priority'!$B$8:$E$16,4,FALSE))","v":""},{"$f":"IF(OR(Q397=\"\",Z397=\"\"),\"\",VLOOKUP(Q397&\" Cost & \"&Z397&\" Benefit\",'Overall Priority'!$D$21:$E$45,2,FALSE))","v":""}]
[null,null,null,null,null,null,null,null,null,null,null,null,null,null,null,{"$f":"IF(O398=\"\",\"\",IF(O398<'Cost Band & Priority'!$E$12,5,IF(O398<'Cost Band & Priority'!$E$11,4,IF(O398<'Cost Band & Priority'!$E$10,3,IF(O398<'Cost Band & Priority'!$E$9,2,1)))))","v":""},{"$f":"IF(P398=\"\",\"\",VLOOKUP(P398,'Cost Band & Priority'!$B$8:$E$12,2,FALSE))","v":""},null,null,null,null,null,null,null,"",{"$f":"IF(Y398=\"\",\"\",VLOOKUP(Y398,'Benefit Priority'!$B$25:$C$47,2,FALSE))","v":""},{"$f":"IF(OR(Q398=\"\",Z398=\"\"),\"\",VLOOKUP(VLOOKUP(Q398&\" Cost & \"&Z398&\" Benefit\",'Overall Priority'!$D$21:$E$45,2,FALSE),'Overall Priority'!$B$8:$E$16,4,FALSE))","v":""},{"$f":"IF(OR(Q398=\"\",Z398=\"\"),\"\",VLOOKUP(Q398&\" Cost & \"&Z398&\" Benefit\",'Overall Priority'!$D$21:$E$45,2,FALSE))","v":""}]
[null,null,null,null,null,null,null,null,null,null,null,null,null,null,null,{"$f":"IF(O399=\"\",\"\",IF(O399<'Cost Band & Priority'!$E$12,5,IF(O399<'Cost Band & Priority'!$E$11,4,IF(O399<'Cost Band & Priority'!$E$10,3,IF(O399<'Cost Band & Priority'!$E$9,2,1)))))","v":""},{"$f":"IF(P399=\"\",\"\",VLOOKUP(P399,'Cost Band & Priority'!$B$8:$E$12,2,FALSE))","v":""},null,null,null,null,null,null,null,"",{"$f":"IF(Y399=\"\",\"\",VLOOKUP(Y399,'Benefit Priority'!$B$25:$C$47,2,FALSE))","v":""},{"$f":"IF(OR(Q399=\"\",Z399=\"\"),\"\",VLOOKUP(VLOOKUP(Q399&\" Cost & \"&Z399&\" Benefit\",'Overall Priority'!$D$21:$E$45,2,FALSE),'Overall Priority'!$B$8:$E$16,4,FALSE))","v":""},{"$f":"IF(OR(Q399=\"\",Z399=\"\"),\"\",VLOOKUP(Q399&\" Cost & \"&Z399&\" Benefit\",'Overall Priority'!$D$21:$E$45,2,FALSE))","v":""}]
[null,null,null,null,null,null,null,null,null,null,null,null,null,null,null,{"$f":"IF(O400=\"\",\"\",IF(O400<'Cost Band & Priority'!$E$12,5,IF(O400<'Cost Band & Priority'!$E$11,4,IF(O400<'Cost Band & Priority'!$E$10,3,IF(O400<'Cost Band & Priority'!$E$9,2,1)))))","v":""},{"$f":"IF(P400=\"\",\"\",VLOOKUP(P400,'Cost Band & Priority'!$B$8:$E$12,2,FALSE))","v":""},null,null,null,null,null,null,null,"",{"$f":"IF(Y400=\"\",\"\",VLOOKUP(Y400,'Benefit Priority'!$B$25:$C$47,2,FALSE))","v":""},{"$f":"IF(OR(Q400=\"\",Z400=\"\"),\"\",VLOOKUP(VLOOKUP(Q400&\" Cost & \"&Z400&\" Benefit\",'Overall Priority'!$D$21:$E$45,2,FALSE),'Overall Priority'!$B$8:$E$16,4,FALSE))","v":""},{"$f":"IF(OR(Q400=\"\",Z400=\"\"),\"\",VLOOKUP(Q400&\" Cost & \"&Z400&\" Benefit\",'Overall Priority'!$D$21:$E$45,2,FALSE))","v":""}]
[null,null,null,null,null,null,null,null,null,null,null,null,null,null,null,{"$f":"IF(O401=\"\",\"\",IF(O401<'Cost Band & Priority'!$E$12,5,IF(O401<'Cost Band & Priority'!$E$11,4,IF(O401<'Cost Band & Priority'!$E$10,3,IF(O401<'Cost Band & Priority'!$E$9,2,1)))))","v":""},{"$f":"IF(P401=\"\",\"\",VLOOKUP(P401,'Cost Band & Priority'!$B$8:$E$12,2,FALSE))","v":""},null,null,null,null,null,null,null,"",{"$f":"IF(Y401=\"\",\"\",VLOOKUP(Y401,'Benefit Priority'!$B$25:$C$47,2,FALSE))","v":""},{"$f":"IF(OR(Q401=\"\",Z401=\"\"),\"\",VLOOKUP(VLOOKUP(Q401&\" Cost & \"&Z401&\" Benefit\",'Overall Priority'!$D$21:$E$45,2,FALSE),'Overall Priority'!$B$8:$E$16,4,FALSE))","v":""},{"$f":"IF(OR(Q401=\"\",Z401=\"\"),\"\",VLOOKUP(Q401&\" Cost & \"&Z401&\" Benefit\",'Overall Priority'!$D$21:$E$45,2,FALSE))","v":""}]
[null,null,null,null,null,null,null,null,null,null,null,null,null,null,null,{"$f":"IF(O402=\"\",\"\",IF(O402<'Cost Band & Priority'!$E$12,5,IF(O402<'Cost Band & Priority'!$E$11,4,IF(O402<'Cost Band & Priority'!$E$10,3,IF(O402<'Cost Band & Priority'!$E$9,2,1)))))","v":""},{"$f":"IF(P402=\"\",\"\",VLOOKUP(P402,'Cost Band & Priority'!$B$8:$E$12,2,FALSE))","v":""},null,null,null,null,null,null,null,"",{"$f":"IF(Y402=\"\",\"\",VLOOKUP(Y402,'Benefit Priority'!$B$25:$C$47,2,FALSE))","v":""},{"$f":"IF(OR(Q402=\"\",Z402=\"\"),\"\",VLOOKUP(VLOOKUP(Q402&\" Cost & \"&Z402&\" Benefit\",'Overall Priority'!$D$21:$E$45,2,FALSE),'Overall Priority'!$B$8:$E$16,4,FALSE))","v":""},{"$f":"IF(OR(Q402=\"\",Z402=\"\"),\"\",VLOOKUP(Q402&\" Cost & \"&Z402&\" Benefit\",'Overall Priority'!$D$21:$E$45,2,FALSE))","v":""}]
[null,null,null,null,null,null,null,null,null,null,null,null,null,null,null,{"$f":"IF(O403=\"\",\"\",IF(O403<'Cost Band & Priority'!$E$12,5,IF(O403<'Cost Band & Priority'!$E$11,4,IF(O403<'Cost Band & Priority'!$E$10,3,IF(O403<'Cost Band & Priority'!$E$9,2,1)))))","v":""},{"$f":"IF(P403=\"\",\"\",VLOOKUP(P403,'Cost Band & Priority'!$B$8:$E$12,2,FALSE))","v":""},null,null,null,null,null,null,null,"",{"$f":"IF(Y403=\"\",\"\",VLOOKUP(Y403,'Benefit Priority'!$B$25:$C$47,2,FALSE))","v":""},{"$f":"IF(OR(Q403=\"\",Z403=\"\"),\"\",VLOOKUP(VLOOKUP(Q403&\" Cost & \"&Z403&\" Benefit\",'Overall Priority'!$D$21:$E$45,2,FALSE),'Overall Priority'!$B$8:$E$16,4,FALSE))","v":""},{"$f":"IF(OR(Q403=\"\",Z403=\"\"),\"\",VLOOKUP(Q403&\" Cost & \"&Z403&\" Benefit\",'Overall Priority'!$D$21:$E$45,2,FALSE))","v":""}]
[null,null,null,null,null,null,null,null,null,null,null,null,null,null,null,{"$f":"IF(O404=\"\",\"\",IF(O404<'Cost Band & Priority'!$E$12,5,IF(O404<'Cost Band & Priority'!$E$11,4,IF(O404<'Cost Band & Priority'!$E$10,3,IF(O404<'Cost Band & Priority'!$E$9,2,1)))))","v":""},{"$f":"IF(P404=\"\",\"\",VLOOKUP(P404,'Cost Band & Priority'!$B$8:$E$12,2,FALSE))","v":""},null,null,null,null,null,null,null,"",{"$f":"IF(Y404=\"\",\"\",VLOOKUP(Y404,'Benefit Priority'!$B$25:$C$47,2,FALSE))","v":""},{"$f":"IF(OR(Q404=\"\",Z404=\"\"),\"\",VLOOKUP(VLOOKUP(Q404&\" Cost & \"&Z404&\" Benefit\",'Overall Priority'!$D$21:$E$45,2,FALSE),'Overall Priority'!$B$8:$E$16,4,FALSE))","v":""},{"$f":"IF(OR(Q404=\"\",Z404=\"\"),\"\",VLOOKUP(Q404&\" Cost & \"&Z404&\" Benefit\",'Overall Priority'!$D$21:$E$45,2,FALSE))","v":""}]
[null,null,null,null,null,null,null,null,null,null,null,null,null,null,null,{"$f":"IF(O405=\"\",\"\",IF(O405<'Cost Band & Priority'!$E$12,5,IF(O405<'Cost Band & Priority'!$E$11,4,IF(O405<'Cost Band & Priority'!$E$10,3,IF(O405<'Cost Band & Priority'!$E$9,2,1)))))","v":""},{"$f":"IF(P405=\"\",\"\",VLOOKUP(P405,'Cost Band & Priority'!$B$8:$E$12,2,FALSE))","v":""},null,null,null,null,null,null,null,"",{"$f":"IF(Y405=\"\",\"\",VLOOKUP(Y405,'Benefit Priority'!$B$25:$C$47,2,FALSE))","v":""},{"$f":"IF(OR(Q405=\"\",Z405=\"\"),\"\",VLOOKUP(VLOOKUP(Q405&\" Cost & \"&Z405&\" Benefit\",'Overall Priority'!$D$21:$E$45,2,FALSE),'Overall Priority'!$B$8:$E$16,4,FALSE))","v":""},{"$f":"IF(OR(Q405=\"\",Z405=\"\"),\"\",VLOOKUP(Q405&\" Cost & \"&Z405&\" Benefit\",'Overall Priority'!$D$21:$E$45,2,FALSE))","v":""}]
[null,null,null,null,null,null,null,null,null,null,null,null,null,null,null,{"$f":"IF(O406=\"\",\"\",IF(O406<'Cost Band & Priority'!$E$12,5,IF(O406<'Cost Band & Priority'!$E$11,4,IF(O406<'Cost Band & Priority'!$E$10,3,IF(O406<'Cost Band & Priority'!$E$9,2,1)))))","v":""},{"$f":"IF(P406=\"\",\"\",VLOOKUP(P406,'Cost Band & Priority'!$B$8:$E$12,2,FALSE))","v":""},null,null,null,null,null,null,null,"",{"$f":"IF(Y406=\"\",\"\",VLOOKUP(Y406,'Benefit Priority'!$B$25:$C$47,2,FALSE))","v":""},{"$f":"IF(OR(Q406=\"\",Z406=\"\"),\"\",VLOOKUP(VLOOKUP(Q406&\" Cost & \"&Z406&\" Benefit\",'Overall Priority'!$D$21:$E$45,2,FALSE),'Overall Priority'!$B$8:$E$16,4,FALSE))","v":""},{"$f":"IF(OR(Q406=\"\",Z406=\"\"),\"\",VLOOKUP(Q406&\" Cost & \"&Z406&\" Benefit\",'Overall Priority'!$D$21:$E$45,2,FALSE))","v":""}]
[null,null,null,null,null,null,null,null,null,null,null,null,null,null,null,{"$f":"IF(O407=\"\",\"\",IF(O407<'Cost Band & Priority'!$E$12,5,IF(O407<'Cost Band & Priority'!$E$11,4,IF(O407<'Cost Band & Priority'!$E$10,3,IF(O407<'Cost Band & Priority'!$E$9,2,1)))))","v":""},{"$f":"IF(P407=\"\",\"\",VLOOKUP(P407,'Cost Band & Priority'!$B$8:$E$12,2,FALSE))","v":""},null,null,null,null,null,null,null,"",{"$f":"IF(Y407=\"\",\"\",VLOOKUP(Y407,'Benefit Priority'!$B$25:$C$47,2,FALSE))","v":""},{"$f":"IF(OR(Q407=\"\",Z407=\"\"),\"\",VLOOKUP(VLOOKUP(Q407&\" Cost & \"&Z407&\" Benefit\",'Overall Priority'!$D$21:$E$45,2,FALSE),'Overall Priority'!$B$8:$E$16,4,FALSE))","v":""},{"$f":"IF(OR(Q407=\"\",Z407=\"\"),\"\",VLOOKUP(Q407&\" Cost & \"&Z407&\" Benefit\",'Overall Priority'!$D$21:$E$45,2,FALSE))","v":""}]
[null,null,null,null,null,null,null,null,null,null,null,null,null,null,null,{"$f":"IF(O408=\"\",\"\",IF(O408<'Cost Band & Priority'!$E$12,5,IF(O408<'Cost Band & Priority'!$E$11,4,IF(O408<'Cost Band & Priority'!$E$10,3,IF(O408<'Cost Band & Priority'!$E$9,2,1)))))","v":""},{"$f":"IF(P408=\"\",\"\",VLOOKUP(P408,'Cost Band & Priority'!$B$8:$E$12,2,FALSE))","v":""},null,null,null,null,null,null,null,"",{"$f":"IF(Y408=\"\",\"\",VLOOKUP(Y408,'Benefit Priority'!$B$25:$C$47,2,FALSE))","v":""},{"$f":"IF(OR(Q408=\"\",Z408=\"\"),\"\",VLOOKUP(VLOOKUP(Q408&\" Cost & \"&Z408&\" Benefit\",'Overall Priority'!$D$21:$E$45,2,FALSE),'Overall Priority'!$B$8:$E$16,4,FALSE))","v":""},{"$f":"IF(OR(Q408=\"\",Z408=\"\"),\"\",VLOOKUP(Q408&\" Cost & \"&Z408&\" Benefit\",'Overall Priority'!$D$21:$E$45,2,FALSE))","v":""}]
[null,null,null,null,null,null,null,null,null,null,null,null,null,null,null,{"$f":"IF(O409=\"\",\"\",IF(O409<'Cost Band & Priority'!$E$12,5,IF(O409<'Cost Band & Priority'!$E$11,4,IF(O409<'Cost Band & Priority'!$E$10,3,IF(O409<'Cost Band & Priority'!$E$9,2,1)))))","v":""},{"$f":"IF(P409=\"\",\"\",VLOOKUP(P409,'Cost Band & Priority'!$B$8:$E$12,2,FALSE))","v":""},null,null,null,null,null,null,null,"",{"$f":"IF(Y409=\"\",\"\",VLOOKUP(Y409,'Benefit Priority'!$B$25:$C$47,2,FALSE))","v":""},{"$f":"IF(OR(Q409=\"\",Z409=\"\"),\"\",VLOOKUP(VLOOKUP(Q409&\" Cost & \"&Z409&\" Benefit\",'Overall Priority'!$D$21:$E$45,2,FALSE),'Overall Priority'!$B$8:$E$16,4,FALSE))","v":""},{"$f":"IF(OR(Q409=\"\",Z409=\"\"),\"\",VLOOKUP(Q409&\" Cost & \"&Z409&\" Benefit\",'Overall Priority'!$D$21:$E$45,2,FALSE))","v":""}]
[null,null,null,null,null,null,null,null,null,null,null,null,null,null,null,{"$f":"IF(O410=\"\",\"\",IF(O410<'Cost Band & Priority'!$E$12,5,IF(O410<'Cost Band & Priority'!$E$11,4,IF(O410<'Cost Band & Priority'!$E$10,3,IF(O410<'Cost Band & Priority'!$E$9,2,1)))))","v":""},{"$f":"IF(P410=\"\",\"\",VLOOKUP(P410,'Cost Band & Priority'!$B$8:$E$12,2,FALSE))","v":""},null,null,null,null,null,null,null,"",{"$f":"IF(Y410=\"\",\"\",VLOOKUP(Y410,'Benefit Priority'!$B$25:$C$47,2,FALSE))","v":""},{"$f":"IF(OR(Q410=\"\",Z410=\"\"),\"\",VLOOKUP(VLOOKUP(Q410&\" Cost & \"&Z410&\" Benefit\",'Overall Priority'!$D$21:$E$45,2,FALSE),'Overall Priority'!$B$8:$E$16,4,FALSE))","v":""},{"$f":"IF(OR(Q410=\"\",Z410=\"\"),\"\",VLOOKUP(Q410&\" Cost & \"&Z410&\" Benefit\",'Overall Priority'!$D$21:$E$45,2,FALSE))","v":""}]
[null,null,null,null,null,null,null,null,null,null,null,null,null,null,null,{"$f":"IF(O411=\"\",\"\",IF(O411<'Cost Band & Priority'!$E$12,5,IF(O411<'Cost Band & Priority'!$E$11,4,IF(O411<'Cost Band & Priority'!$E$10,3,IF(O411<'Cost Band & Priority'!$E$9,2,1)))))","v":""},{"$f":"IF(P411=\"\",\"\",VLOOKUP(P411,'Cost Band & Priority'!$B$8:$E$12,2,FALSE))","v":""},null,null,null,null,null,null,null,"",{"$f":"IF(Y411=\"\",\"\",VLOOKUP(Y411,'Benefit Priority'!$B$25:$C$47,2,FALSE))","v":""},{"$f":"IF(OR(Q411=\"\",Z411=\"\"),\"\",VLOOKUP(VLOOKUP(Q411&\" Cost & \"&Z411&\" Benefit\",'Overall Priority'!$D$21:$E$45,2,FALSE),'Overall Priority'!$B$8:$E$16,4,FALSE))","v":""},{"$f":"IF(OR(Q411=\"\",Z411=\"\"),\"\",VLOOKUP(Q411&\" Cost & \"&Z411&\" Benefit\",'Overall Priority'!$D$21:$E$45,2,FALSE))","v":""}]
[null,null,null,null,null,null,null,null,null,null,null,null,null,null,null,{"$f":"IF(O412=\"\",\"\",IF(O412<'Cost Band & Priority'!$E$12,5,IF(O412<'Cost Band & Priority'!$E$11,4,IF(O412<'Cost Band & Priority'!$E$10,3,IF(O412<'Cost Band & Priority'!$E$9,2,1)))))","v":""},{"$f":"IF(P412=\"\",\"\",VLOOKUP(P412,'Cost Band & Priority'!$B$8:$E$12,2,FALSE))","v":""},null,null,null,null,null,null,null,"",{"$f":"IF(Y412=\"\",\"\",VLOOKUP(Y412,'Benefit Priority'!$B$25:$C$47,2,FALSE))","v":""},{"$f":"IF(OR(Q412=\"\",Z412=\"\"),\"\",VLOOKUP(VLOOKUP(Q412&\" Cost & \"&Z412&\" Benefit\",'Overall Priority'!$D$21:$E$45,2,FALSE),'Overall Priority'!$B$8:$E$16,4,FALSE))","v":""},{"$f":"IF(OR(Q412=\"\",Z412=\"\"),\"\",VLOOKUP(Q412&\" Cost & \"&Z412&\" Benefit\",'Overall Priority'!$D$21:$E$45,2,FALSE))","v":""}]
[null,null,null,null,null,null,null,null,null,null,null,null,null,null,null,{"$f":"IF(O413=\"\",\"\",IF(O413<'Cost Band & Priority'!$E$12,5,IF(O413<'Cost Band & Priority'!$E$11,4,IF(O413<'Cost Band & Priority'!$E$10,3,IF(O413<'Cost Band & Priority'!$E$9,2,1)))))","v":""},{"$f":"IF(P413=\"\",\"\",VLOOKUP(P413,'Cost Band & Priority'!$B$8:$E$12,2,FALSE))","v":""},null,null,null,null,null,null,null,"",{"$f":"IF(Y413=\"\",\"\",VLOOKUP(Y413,'Benefit Priority'!$B$25:$C$47,2,FALSE))","v":""},{"$f":"IF(OR(Q413=\"\",Z413=\"\"),\"\",VLOOKUP(VLOOKUP(Q413&\" Cost & \"&Z413&\" Benefit\",'Overall Priority'!$D$21:$E$45,2,FALSE),'Overall Priority'!$B$8:$E$16,4,FALSE))","v":""},{"$f":"IF(OR(Q413=\"\",Z413=\"\"),\"\",VLOOKUP(Q413&\" Cost & \"&Z413&\" Benefit\",'Overall Priority'!$D$21:$E$45,2,FALSE))","v":""}]
[null,null,null,null,null,null,null,null,null,null,null,null,null,null,null,{"$f":"IF(O414=\"\",\"\",IF(O414<'Cost Band & Priority'!$E$12,5,IF(O414<'Cost Band & Priority'!$E$11,4,IF(O414<'Cost Band & Priority'!$E$10,3,IF(O414<'Cost Band & Priority'!$E$9,2,1)))))","v":""},{"$f":"IF(P414=\"\",\"\",VLOOKUP(P414,'Cost Band & Priority'!$B$8:$E$12,2,FALSE))","v":""},null,null,null,null,null,null,null,"",{"$f":"IF(Y414=\"\",\"\",VLOOKUP(Y414,'Benefit Priority'!$B$25:$C$47,2,FALSE))","v":""},{"$f":"IF(OR(Q414=\"\",Z414=\"\"),\"\",VLOOKUP(VLOOKUP(Q414&\" Cost & \"&Z414&\" Benefit\",'Overall Priority'!$D$21:$E$45,2,FALSE),'Overall Priority'!$B$8:$E$16,4,FALSE))","v":""},{"$f":"IF(OR(Q414=\"\",Z414=\"\"),\"\",VLOOKUP(Q414&\" Cost & \"&Z414&\" Benefit\",'Overall Priority'!$D$21:$E$45,2,FALSE))","v":""}]
[null,null,null,null,null,null,null,null,null,null,null,null,null,null,null,{"$f":"IF(O415=\"\",\"\",IF(O415<'Cost Band & Priority'!$E$12,5,IF(O415<'Cost Band & Priority'!$E$11,4,IF(O415<'Cost Band & Priority'!$E$10,3,IF(O415<'Cost Band & Priority'!$E$9,2,1)))))","v":""},{"$f":"IF(P415=\"\",\"\",VLOOKUP(P415,'Cost Band & Priority'!$B$8:$E$12,2,FALSE))","v":""},null,null,null,null,null,null,null,"",{"$f":"IF(Y415=\"\",\"\",VLOOKUP(Y415,'Benefit Priority'!$B$25:$C$47,2,FALSE))","v":""},{"$f":"IF(OR(Q415=\"\",Z415=\"\"),\"\",VLOOKUP(VLOOKUP(Q415&\" Cost & \"&Z415&\" Benefit\",'Overall Priority'!$D$21:$E$45,2,FALSE),'Overall Priority'!$B$8:$E$16,4,FALSE))","v":""},{"$f":"IF(OR(Q415=\"\",Z415=\"\"),\"\",VLOOKUP(Q415&\" Cost & \"&Z415&\" Benefit\",'Overall Priority'!$D$21:$E$45,2,FALSE))","v":""}]
[null,null,null,null,null,null,null,null,null,null,null,null,null,null,null,{"$f":"IF(O416=\"\",\"\",IF(O416<'Cost Band & Priority'!$E$12,5,IF(O416<'Cost Band & Priority'!$E$11,4,IF(O416<'Cost Band & Priority'!$E$10,3,IF(O416<'Cost Band & Priority'!$E$9,2,1)))))","v":""},{"$f":"IF(P416=\"\",\"\",VLOOKUP(P416,'Cost Band & Priority'!$B$8:$E$12,2,FALSE))","v":""},null,null,null,null,null,null,null,"",{"$f":"IF(Y416=\"\",\"\",VLOOKUP(Y416,'Benefit Priority'!$B$25:$C$47,2,FALSE))","v":""},{"$f":"IF(OR(Q416=\"\",Z416=\"\"),\"\",VLOOKUP(VLOOKUP(Q416&\" Cost & \"&Z416&\" Benefit\",'Overall Priority'!$D$21:$E$45,2,FALSE),'Overall Priority'!$B$8:$E$16,4,FALSE))","v":""},{"$f":"IF(OR(Q416=\"\",Z416=\"\"),\"\",VLOOKUP(Q416&\" Cost & \"&Z416&\" Benefit\",'Overall Priority'!$D$21:$E$45,2,FALSE))","v":""}]
[null,null,null,null,null,null,null,null,null,null,null,null,null,null,null,{"$f":"IF(O417=\"\",\"\",IF(O417<'Cost Band & Priority'!$E$12,5,IF(O417<'Cost Band & Priority'!$E$11,4,IF(O417<'Cost Band & Priority'!$E$10,3,IF(O417<'Cost Band & Priority'!$E$9,2,1)))))","v":""},{"$f":"IF(P417=\"\",\"\",VLOOKUP(P417,'Cost Band & Priority'!$B$8:$E$12,2,FALSE))","v":""},null,null,null,null,null,null,null,"",{"$f":"IF(Y417=\"\",\"\",VLOOKUP(Y417,'Benefit Priority'!$B$25:$C$47,2,FALSE))","v":""},{"$f":"IF(OR(Q417=\"\",Z417=\"\"),\"\",VLOOKUP(VLOOKUP(Q417&\" Cost & \"&Z417&\" Benefit\",'Overall Priority'!$D$21:$E$45,2,FALSE),'Overall Priority'!$B$8:$E$16,4,FALSE))","v":""},{"$f":"IF(OR(Q417=\"\",Z417=\"\"),\"\",VLOOKUP(Q417&\" Cost & \"&Z417&\" Benefit\",'Overall Priority'!$D$21:$E$45,2,FALSE))","v":""}]
[null,null,null,null,null,null,null,null,null,null,null,null,null,null,null,{"$f":"IF(O418=\"\",\"\",IF(O418<'Cost Band & Priority'!$E$12,5,IF(O418<'Cost Band & Priority'!$E$11,4,IF(O418<'Cost Band & Priority'!$E$10,3,IF(O418<'Cost Band & Priority'!$E$9,2,1)))))","v":""},{"$f":"IF(P418=\"\",\"\",VLOOKUP(P418,'Cost Band & Priority'!$B$8:$E$12,2,FALSE))","v":""},null,null,null,null,null,null,null,"",{"$f":"IF(Y418=\"\",\"\",VLOOKUP(Y418,'Benefit Priority'!$B$25:$C$47,2,FALSE))","v":""},{"$f":"IF(OR(Q418=\"\",Z418=\"\"),\"\",VLOOKUP(VLOOKUP(Q418&\" Cost & \"&Z418&\" Benefit\",'Overall Priority'!$D$21:$E$45,2,FALSE),'Overall Priority'!$B$8:$E$16,4,FALSE))","v":""},{"$f":"IF(OR(Q418=\"\",Z418=\"\"),\"\",VLOOKUP(Q418&\" Cost & \"&Z418&\" Benefit\",'Overall Priority'!$D$21:$E$45,2,FALSE))","v":""}]
[null,null,null,null,null,null,null,null,null,null,null,null,null,null,null,{"$f":"IF(O419=\"\",\"\",IF(O419<'Cost Band & Priority'!$E$12,5,IF(O419<'Cost Band & Priority'!$E$11,4,IF(O419<'Cost Band & Priority'!$E$10,3,IF(O419<'Cost Band & Priority'!$E$9,2,1)))))","v":""},{"$f":"IF(P419=\"\",\"\",VLOOKUP(P419,'Cost Band & Priority'!$B$8:$E$12,2,FALSE))","v":""},null,null,null,null,null,null,null,"",{"$f":"IF(Y419=\"\",\"\",VLOOKUP(Y419,'Benefit Priority'!$B$25:$C$47,2,FALSE))","v":""},{"$f":"IF(OR(Q419=\"\",Z419=\"\"),\"\",VLOOKUP(VLOOKUP(Q419&\" Cost & \"&Z419&\" Benefit\",'Overall Priority'!$D$21:$E$45,2,FALSE),'Overall Priority'!$B$8:$E$16,4,FALSE))","v":""},{"$f":"IF(OR(Q419=\"\",Z419=\"\"),\"\",VLOOKUP(Q419&\" Cost & \"&Z419&\" Benefit\",'Overall Priority'!$D$21:$E$45,2,FALSE))","v":""}]
[null,null,null,null,null,null,null,null,null,null,null,null,null,null,null,{"$f":"IF(O420=\"\",\"\",IF(O420<'Cost Band & Priority'!$E$12,5,IF(O420<'Cost Band & Priority'!$E$11,4,IF(O420<'Cost Band & Priority'!$E$10,3,IF(O420<'Cost Band & Priority'!$E$9,2,1)))))","v":""},{"$f":"IF(P420=\"\",\"\",VLOOKUP(P420,'Cost Band & Priority'!$B$8:$E$12,2,FALSE))","v":""},null,null,null,null,null,null,null,"",{"$f":"IF(Y420=\"\",\"\",VLOOKUP(Y420,'Benefit Priority'!$B$25:$C$47,2,FALSE))","v":""},{"$f":"IF(OR(Q420=\"\",Z420=\"\"),\"\",VLOOKUP(VLOOKUP(Q420&\" Cost & \"&Z420&\" Benefit\",'Overall Priority'!$D$21:$E$45,2,FALSE),'Overall Priority'!$B$8:$E$16,4,FALSE))","v":""},{"$f":"IF(OR(Q420=\"\",Z420=\"\"),\"\",VLOOKUP(Q420&\" Cost & \"&Z420&\" Benefit\",'Overall Priority'!$D$21:$E$45,2,FALSE))","v":""}]
[null,null,null,null,null,null,null,null,null,null,null,null,null,null,null,{"$f":"IF(O421=\"\",\"\",IF(O421<'Cost Band & Priority'!$E$12,5,IF(O421<'Cost Band & Priority'!$E$11,4,IF(O421<'Cost Band & Priority'!$E$10,3,IF(O421<'Cost Band & Priority'!$E$9,2,1)))))","v":""},{"$f":"IF(P421=\"\",\"\",VLOOKUP(P421,'Cost Band & Priority'!$B$8:$E$12,2,FALSE))","v":""},null,null,null,null,null,null,null,"",{"$f":"IF(Y421=\"\",\"\",VLOOKUP(Y421,'Benefit Priority'!$B$25:$C$47,2,FALSE))","v":""},{"$f":"IF(OR(Q421=\"\",Z421=\"\"),\"\",VLOOKUP(VLOOKUP(Q421&\" Cost & \"&Z421&\" Benefit\",'Overall Priority'!$D$21:$E$45,2,FALSE),'Overall Priority'!$B$8:$E$16,4,FALSE))","v":""},{"$f":"IF(OR(Q421=\"\",Z421=\"\"),\"\",VLOOKUP(Q421&\" Cost & \"&Z421&\" Benefit\",'Overall Priority'!$D$21:$E$45,2,FALSE))","v":""}]
[null,null,null,null,null,null,null,null,null,null,null,null,null,null,null,{"$f":"IF(O422=\"\",\"\",IF(O422<'Cost Band & Priority'!$E$12,5,IF(O422<'Cost Band & Priority'!$E$11,4,IF(O422<'Cost Band & Priority'!$E$10,3,IF(O422<'Cost Band & Priority'!$E$9,2,1)))))","v":""},{"$f":"IF(P422=\"\",\"\",VLOOKUP(P422,'Cost Band & Priority'!$B$8:$E$12,2,FALSE))","v":""},null,null,null,null,null,null,null,"",{"$f":"IF(Y422=\"\",\"\",VLOOKUP(Y422,'Benefit Priority'!$B$25:$C$47,2,FALSE))","v":""},{"$f":"IF(OR(Q422=\"\",Z422=\"\"),\"\",VLOOKUP(VLOOKUP(Q422&\" Cost & \"&Z422&\" Benefit\",'Overall Priority'!$D$21:$E$45,2,FALSE),'Overall Priority'!$B$8:$E$16,4,FALSE))","v":""},{"$f":"IF(OR(Q422=\"\",Z422=\"\"),\"\",VLOOKUP(Q422&\" Cost & \"&Z422&\" Benefit\",'Overall Priority'!$D$21:$E$45,2,FALSE))","v":""}]
[null,null,null,null,null,null,null,null,null,null,null,null,null,null,null,{"$f":"IF(O423=\"\",\"\",IF(O423<'Cost Band & Priority'!$E$12,5,IF(O423<'Cost Band & Priority'!$E$11,4,IF(O423<'Cost Band & Priority'!$E$10,3,IF(O423<'Cost Band & Priority'!$E$9,2,1)))))","v":""},{"$f":"IF(P423=\"\",\"\",VLOOKUP(P423,'Cost Band & Priority'!$B$8:$E$12,2,FALSE))","v":""},null,null,null,null,null,null,null,"",{"$f":"IF(Y423=\"\",\"\",VLOOKUP(Y423,'Benefit Priority'!$B$25:$C$47,2,FALSE))","v":""},{"$f":"IF(OR(Q423=\"\",Z423=\"\"),\"\",VLOOKUP(VLOOKUP(Q423&\" Cost & \"&Z423&\" Benefit\",'Overall Priority'!$D$21:$E$45,2,FALSE),'Overall Priority'!$B$8:$E$16,4,FALSE))","v":""},{"$f":"IF(OR(Q423=\"\",Z423=\"\"),\"\",VLOOKUP(Q423&\" Cost & \"&Z423&\" Benefit\",'Overall Priority'!$D$21:$E$45,2,FALSE))","v":""}]
[null,null,null,null,null,null,null,null,null,null,null,null,null,null,null,{"$f":"IF(O424=\"\",\"\",IF(O424<'Cost Band & Priority'!$E$12,5,IF(O424<'Cost Band & Priority'!$E$11,4,IF(O424<'Cost Band & Priority'!$E$10,3,IF(O424<'Cost Band & Priority'!$E$9,2,1)))))","v":""},{"$f":"IF(P424=\"\",\"\",VLOOKUP(P424,'Cost Band & Priority'!$B$8:$E$12,2,FALSE))","v":""},null,null,null,null,null,null,null,"",{"$f":"IF(Y424=\"\",\"\",VLOOKUP(Y424,'Benefit Priority'!$B$25:$C$47,2,FALSE))","v":""},{"$f":"IF(OR(Q424=\"\",Z424=\"\"),\"\",VLOOKUP(VLOOKUP(Q424&\" Cost & \"&Z424&\" Benefit\",'Overall Priority'!$D$21:$E$45,2,FALSE),'Overall Priority'!$B$8:$E$16,4,FALSE))","v":""},{"$f":"IF(OR(Q424=\"\",Z424=\"\"),\"\",VLOOKUP(Q424&\" Cost & \"&Z424&\" Benefit\",'Overall Priority'!$D$21:$E$45,2,FALSE))","v":""}]
[null,null,null,null,null,null,null,null,null,null,null,null,null,null,null,{"$f":"IF(O425=\"\",\"\",IF(O425<'Cost Band & Priority'!$E$12,5,IF(O425<'Cost Band & Priority'!$E$11,4,IF(O425<'Cost Band & Priority'!$E$10,3,IF(O425<'Cost Band & Priority'!$E$9,2,1)))))","v":""},{"$f":"IF(P425=\"\",\"\",VLOOKUP(P425,'Cost Band & Priority'!$B$8:$E$12,2,FALSE))","v":""},null,null,null,null,null,null,null,"",{"$f":"IF(Y425=\"\",\"\",VLOOKUP(Y425,'Benefit Priority'!$B$25:$C$47,2,FALSE))","v":""},{"$f":"IF(OR(Q425=\"\",Z425=\"\"),\"\",VLOOKUP(VLOOKUP(Q425&\" Cost & \"&Z425&\" Benefit\",'Overall Priority'!$D$21:$E$45,2,FALSE),'Overall Priority'!$B$8:$E$16,4,FALSE))","v":""},{"$f":"IF(OR(Q425=\"\",Z425=\"\"),\"\",VLOOKUP(Q425&\" Cost & \"&Z425&\" Benefit\",'Overall Priority'!$D$21:$E$45,2,FALSE))","v":""}]
[null,null,null,null,null,null,null,null,null,null,null,null,null,null,null,{"$f":"IF(O426=\"\",\"\",IF(O426<'Cost Band & Priority'!$E$12,5,IF(O426<'Cost Band & Priority'!$E$11,4,IF(O426<'Cost Band & Priority'!$E$10,3,IF(O426<'Cost Band & Priority'!$E$9,2,1)))))","v":""},{"$f":"IF(P426=\"\",\"\",VLOOKUP(P426,'Cost Band & Priority'!$B$8:$E$12,2,FALSE))","v":""},null,null,null,null,null,null,null,"",{"$f":"IF(Y426=\"\",\"\",VLOOKUP(Y426,'Benefit Priority'!$B$25:$C$47,2,FALSE))","v":""},{"$f":"IF(OR(Q426=\"\",Z426=\"\"),\"\",VLOOKUP(VLOOKUP(Q426&\" Cost & \"&Z426&\" Benefit\",'Overall Priority'!$D$21:$E$45,2,FALSE),'Overall Priority'!$B$8:$E$16,4,FALSE))","v":""},{"$f":"IF(OR(Q426=\"\",Z426=\"\"),\"\",VLOOKUP(Q426&\" Cost & \"&Z426&\" Benefit\",'Overall Priority'!$D$21:$E$45,2,FALSE))","v":""}]
[null,null,null,null,null,null,null,null,null,null,null,null,null,null,null,{"$f":"IF(O427=\"\",\"\",IF(O427<'Cost Band & Priority'!$E$12,5,IF(O427<'Cost Band & Priority'!$E$11,4,IF(O427<'Cost Band & Priority'!$E$10,3,IF(O427<'Cost Band & Priority'!$E$9,2,1)))))","v":""},{"$f":"IF(P427=\"\",\"\",VLOOKUP(P427,'Cost Band & Priority'!$B$8:$E$12,2,FALSE))","v":""},null,null,null,null,null,null,null,"",{"$f":"IF(Y427=\"\",\"\",VLOOKUP(Y427,'Benefit Priority'!$B$25:$C$47,2,FALSE))","v":""},{"$f":"IF(OR(Q427=\"\",Z427=\"\"),\"\",VLOOKUP(VLOOKUP(Q427&\" Cost & \"&Z427&\" Benefit\",'Overall Priority'!$D$21:$E$45,2,FALSE),'Overall Priority'!$B$8:$E$16,4,FALSE))","v":""},{"$f":"IF(OR(Q427=\"\",Z427=\"\"),\"\",VLOOKUP(Q427&\" Cost & \"&Z427&\" Benefit\",'Overall Priority'!$D$21:$E$45,2,FALSE))","v":""}]
[null,null,null,null,null,null,null,null,null,null,null,null,null,null,null,{"$f":"IF(O428=\"\",\"\",IF(O428<'Cost Band & Priority'!$E$12,5,IF(O428<'Cost Band & Priority'!$E$11,4,IF(O428<'Cost Band & Priority'!$E$10,3,IF(O428<'Cost Band & Priority'!$E$9,2,1)))))","v":""},{"$f":"IF(P428=\"\",\"\",VLOOKUP(P428,'Cost Band & Priority'!$B$8:$E$12,2,FALSE))","v":""},null,null,null,null,null,null,null,"",{"$f":"IF(Y428=\"\",\"\",VLOOKUP(Y428,'Benefit Priority'!$B$25:$C$47,2,FALSE))","v":""},{"$f":"IF(OR(Q428=\"\",Z428=\"\"),\"\",VLOOKUP(VLOOKUP(Q428&\" Cost & \"&Z428&\" Benefit\",'Overall Priority'!$D$21:$E$45,2,FALSE),'Overall Priority'!$B$8:$E$16,4,FALSE))","v":""},{"$f":"IF(OR(Q428=\"\",Z428=\"\"),\"\",VLOOKUP(Q428&\" Cost & \"&Z428&\" Benefit\",'Overall Priority'!$D$21:$E$45,2,FALSE))","v":""}]
[null,null,null,null,null,null,null,null,null,null,null,null,null,null,null,{"$f":"IF(O429=\"\",\"\",IF(O429<'Cost Band & Priority'!$E$12,5,IF(O429<'Cost Band & Priority'!$E$11,4,IF(O429<'Cost Band & Priority'!$E$10,3,IF(O429<'Cost Band & Priority'!$E$9,2,1)))))","v":""},{"$f":"IF(P429=\"\",\"\",VLOOKUP(P429,'Cost Band & Priority'!$B$8:$E$12,2,FALSE))","v":""},null,null,null,null,null,null,null,"",{"$f":"IF(Y429=\"\",\"\",VLOOKUP(Y429,'Benefit Priority'!$B$25:$C$47,2,FALSE))","v":""},{"$f":"IF(OR(Q429=\"\",Z429=\"\"),\"\",VLOOKUP(VLOOKUP(Q429&\" Cost & \"&Z429&\" Benefit\",'Overall Priority'!$D$21:$E$45,2,FALSE),'Overall Priority'!$B$8:$E$16,4,FALSE))","v":""},{"$f":"IF(OR(Q429=\"\",Z429=\"\"),\"\",VLOOKUP(Q429&\" Cost & \"&Z429&\" Benefit\",'Overall Priority'!$D$21:$E$45,2,FALSE))","v":""}]
[null,null,null,null,null,null,null,null,null,null,null,null,null,null,null,{"$f":"IF(O430=\"\",\"\",IF(O430<'Cost Band & Priority'!$E$12,5,IF(O430<'Cost Band & Priority'!$E$11,4,IF(O430<'Cost Band & Priority'!$E$10,3,IF(O430<'Cost Band & Priority'!$E$9,2,1)))))","v":""},{"$f":"IF(P430=\"\",\"\",VLOOKUP(P430,'Cost Band & Priority'!$B$8:$E$12,2,FALSE))","v":""},null,null,null,null,null,null,null,"",{"$f":"IF(Y430=\"\",\"\",VLOOKUP(Y430,'Benefit Priority'!$B$25:$C$47,2,FALSE))","v":""},{"$f":"IF(OR(Q430=\"\",Z430=\"\"),\"\",VLOOKUP(VLOOKUP(Q430&\" Cost & \"&Z430&\" Benefit\",'Overall Priority'!$D$21:$E$45,2,FALSE),'Overall Priority'!$B$8:$E$16,4,FALSE))","v":""},{"$f":"IF(OR(Q430=\"\",Z430=\"\"),\"\",VLOOKUP(Q430&\" Cost & \"&Z430&\" Benefit\",'Overall Priority'!$D$21:$E$45,2,FALSE))","v":""}]
[null,null,null,null,null,null,null,null,null,null,null,null,null,null,null,{"$f":"IF(O431=\"\",\"\",IF(O431<'Cost Band & Priority'!$E$12,5,IF(O431<'Cost Band & Priority'!$E$11,4,IF(O431<'Cost Band & Priority'!$E$10,3,IF(O431<'Cost Band & Priority'!$E$9,2,1)))))","v":""},{"$f":"IF(P431=\"\",\"\",VLOOKUP(P431,'Cost Band & Priority'!$B$8:$E$12,2,FALSE))","v":""},null,null,null,null,null,null,null,"",{"$f":"IF(Y431=\"\",\"\",VLOOKUP(Y431,'Benefit Priority'!$B$25:$C$47,2,FALSE))","v":""},{"$f":"IF(OR(Q431=\"\",Z431=\"\"),\"\",VLOOKUP(VLOOKUP(Q431&\" Cost & \"&Z431&\" Benefit\",'Overall Priority'!$D$21:$E$45,2,FALSE),'Overall Priority'!$B$8:$E$16,4,FALSE))","v":""},{"$f":"IF(OR(Q431=\"\",Z431=\"\"),\"\",VLOOKUP(Q431&\" Cost & \"&Z431&\" Benefit\",'Overall Priority'!$D$21:$E$45,2,FALSE))","v":""}]
[null,null,null,null,null,null,null,null,null,null,null,null,null,null,null,{"$f":"IF(O432=\"\",\"\",IF(O432<'Cost Band & Priority'!$E$12,5,IF(O432<'Cost Band & Priority'!$E$11,4,IF(O432<'Cost Band & Priority'!$E$10,3,IF(O432<'Cost Band & Priority'!$E$9,2,1)))))","v":""},{"$f":"IF(P432=\"\",\"\",VLOOKUP(P432,'Cost Band & Priority'!$B$8:$E$12,2,FALSE))","v":""},null,null,null,null,null,null,null,"",{"$f":"IF(Y432=\"\",\"\",VLOOKUP(Y432,'Benefit Priority'!$B$25:$C$47,2,FALSE))","v":""},{"$f":"IF(OR(Q432=\"\",Z432=\"\"),\"\",VLOOKUP(VLOOKUP(Q432&\" Cost & \"&Z432&\" Benefit\",'Overall Priority'!$D$21:$E$45,2,FALSE),'Overall Priority'!$B$8:$E$16,4,FALSE))","v":""},{"$f":"IF(OR(Q432=\"\",Z432=\"\"),\"\",VLOOKUP(Q432&\" Cost & \"&Z432&\" Benefit\",'Overall Priority'!$D$21:$E$45,2,FALSE))","v":""}]
[null,null,null,null,null,null,null,null,null,null,null,null,null,null,null,{"$f":"IF(O433=\"\",\"\",IF(O433<'Cost Band & Priority'!$E$12,5,IF(O433<'Cost Band & Priority'!$E$11,4,IF(O433<'Cost Band & Priority'!$E$10,3,IF(O433<'Cost Band & Priority'!$E$9,2,1)))))","v":""},{"$f":"IF(P433=\"\",\"\",VLOOKUP(P433,'Cost Band & Priority'!$B$8:$E$12,2,FALSE))","v":""},null,null,null,null,null,null,null,"",{"$f":"IF(Y433=\"\",\"\",VLOOKUP(Y433,'Benefit Priority'!$B$25:$C$47,2,FALSE))","v":""},{"$f":"IF(OR(Q433=\"\",Z433=\"\"),\"\",VLOOKUP(VLOOKUP(Q433&\" Cost & \"&Z433&\" Benefit\",'Overall Priority'!$D$21:$E$45,2,FALSE),'Overall Priority'!$B$8:$E$16,4,FALSE))","v":""},{"$f":"IF(OR(Q433=\"\",Z433=\"\"),\"\",VLOOKUP(Q433&\" Cost & \"&Z433&\" Benefit\",'Overall Priority'!$D$21:$E$45,2,FALSE))","v":""}]
[null,null,null,null,null,null,null,null,null,null,null,null,null,null,null,{"$f":"IF(O434=\"\",\"\",IF(O434<'Cost Band & Priority'!$E$12,5,IF(O434<'Cost Band & Priority'!$E$11,4,IF(O434<'Cost Band & Priority'!$E$10,3,IF(O434<'Cost Band & Priority'!$E$9,2,1)))))","v":""},{"$f":"IF(P434=\"\",\"\",VLOOKUP(P434,'Cost Band & Priority'!$B$8:$E$12,2,FALSE))","v":""},null,null,null,null,null,null,null,"",{"$f":"IF(Y434=\"\",\"\",VLOOKUP(Y434,'Benefit Priority'!$B$25:$C$47,2,FALSE))","v":""},{"$f":"IF(OR(Q434=\"\",Z434=\"\"),\"\",VLOOKUP(VLOOKUP(Q434&\" Cost & \"&Z434&\" Benefit\",'Overall Priority'!$D$21:$E$45,2,FALSE),'Overall Priority'!$B$8:$E$16,4,FALSE))","v":""},{"$f":"IF(OR(Q434=\"\",Z434=\"\"),\"\",VLOOKUP(Q434&\" Cost & \"&Z434&\" Benefit\",'Overall Priority'!$D$21:$E$45,2,FALSE))","v":""}]
[null,null,null,null,null,null,null,null,null,null,null,null,null,null,null,{"$f":"IF(O435=\"\",\"\",IF(O435<'Cost Band & Priority'!$E$12,5,IF(O435<'Cost Band & Priority'!$E$11,4,IF(O435<'Cost Band & Priority'!$E$10,3,IF(O435<'Cost Band & Priority'!$E$9,2,1)))))","v":""},{"$f":"IF(P435=\"\",\"\",VLOOKUP(P435,'Cost Band & Priority'!$B$8:$E$12,2,FALSE))","v":""},null,null,null,null,null,null,null,"",{"$f":"IF(Y435=\"\",\"\",VLOOKUP(Y435,'Benefit Priority'!$B$25:$C$47,2,FALSE))","v":""},{"$f":"IF(OR(Q435=\"\",Z435=\"\"),\"\",VLOOKUP(VLOOKUP(Q435&\" Cost & \"&Z435&\" Benefit\",'Overall Priority'!$D$21:$E$45,2,FALSE),'Overall Priority'!$B$8:$E$16,4,FALSE))","v":""},{"$f":"IF(OR(Q435=\"\",Z435=\"\"),\"\",VLOOKUP(Q435&\" Cost & \"&Z435&\" Benefit\",'Overall Priority'!$D$21:$E$45,2,FALSE))","v":""}]
[null,null,null,null,null,null,null,null,null,null,null,null,null,null,null,{"$f":"IF(O436=\"\",\"\",IF(O436<'Cost Band & Priority'!$E$12,5,IF(O436<'Cost Band & Priority'!$E$11,4,IF(O436<'Cost Band & Priority'!$E$10,3,IF(O436<'Cost Band & Priority'!$E$9,2,1)))))","v":""},{"$f":"IF(P436=\"\",\"\",VLOOKUP(P436,'Cost Band & Priority'!$B$8:$E$12,2,FALSE))","v":""},null,null,null,null,null,null,null,"",{"$f":"IF(Y436=\"\",\"\",VLOOKUP(Y436,'Benefit Priority'!$B$25:$C$47,2,FALSE))","v":""},{"$f":"IF(OR(Q436=\"\",Z436=\"\"),\"\",VLOOKUP(VLOOKUP(Q436&\" Cost & \"&Z436&\" Benefit\",'Overall Priority'!$D$21:$E$45,2,FALSE),'Overall Priority'!$B$8:$E$16,4,FALSE))","v":""},{"$f":"IF(OR(Q436=\"\",Z436=\"\"),\"\",VLOOKUP(Q436&\" Cost & \"&Z436&\" Benefit\",'Overall Priority'!$D$21:$E$45,2,FALSE))","v":""}]
[null,null,null,null,null,null,null,null,null,null,null,null,null,null,null,{"$f":"IF(O437=\"\",\"\",IF(O437<'Cost Band & Priority'!$E$12,5,IF(O437<'Cost Band & Priority'!$E$11,4,IF(O437<'Cost Band & Priority'!$E$10,3,IF(O437<'Cost Band & Priority'!$E$9,2,1)))))","v":""},{"$f":"IF(P437=\"\",\"\",VLOOKUP(P437,'Cost Band & Priority'!$B$8:$E$12,2,FALSE))","v":""},null,null,null,null,null,null,null,"",{"$f":"IF(Y437=\"\",\"\",VLOOKUP(Y437,'Benefit Priority'!$B$25:$C$47,2,FALSE))","v":""},{"$f":"IF(OR(Q437=\"\",Z437=\"\"),\"\",VLOOKUP(VLOOKUP(Q437&\" Cost & \"&Z437&\" Benefit\",'Overall Priority'!$D$21:$E$45,2,FALSE),'Overall Priority'!$B$8:$E$16,4,FALSE))","v":""},{"$f":"IF(OR(Q437=\"\",Z437=\"\"),\"\",VLOOKUP(Q437&\" Cost & \"&Z437&\" Benefit\",'Overall Priority'!$D$21:$E$45,2,FALSE))","v":""}]
[null,null,null,null,null,null,null,null,null,null,null,null,null,null,null,{"$f":"IF(O438=\"\",\"\",IF(O438<'Cost Band & Priority'!$E$12,5,IF(O438<'Cost Band & Priority'!$E$11,4,IF(O438<'Cost Band & Priority'!$E$10,3,IF(O438<'Cost Band & Priority'!$E$9,2,1)))))","v":""},{"$f":"IF(P438=\"\",\"\",VLOOKUP(P438,'Cost Band & Priority'!$B$8:$E$12,2,FALSE))","v":""},null,null,null,null,null,null,null,"",{"$f":"IF(Y438=\"\",\"\",VLOOKUP(Y438,'Benefit Priority'!$B$25:$C$47,2,FALSE))","v":""},{"$f":"IF(OR(Q438=\"\",Z438=\"\"),\"\",VLOOKUP(VLOOKUP(Q438&\" Cost & \"&Z438&\" Benefit\",'Overall Priority'!$D$21:$E$45,2,FALSE),'Overall Priority'!$B$8:$E$16,4,FALSE))","v":""},{"$f":"IF(OR(Q438=\"\",Z438=\"\"),\"\",VLOOKUP(Q438&\" Cost & \"&Z438&\" Benefit\",'Overall Priority'!$D$21:$E$45,2,FALSE))","v":""}]
[null,null,null,null,null,null,null,null,null,null,null,null,null,null,null,{"$f":"IF(O439=\"\",\"\",IF(O439<'Cost Band & Priority'!$E$12,5,IF(O439<'Cost Band & Priority'!$E$11,4,IF(O439<'Cost Band & Priority'!$E$10,3,IF(O439<'Cost Band & Priority'!$E$9,2,1)))))","v":""},{"$f":"IF(P439=\"\",\"\",VLOOKUP(P439,'Cost Band & Priority'!$B$8:$E$12,2,FALSE))","v":""},null,null,null,null,null,null,null,"",{"$f":"IF(Y439=\"\",\"\",VLOOKUP(Y439,'Benefit Priority'!$B$25:$C$47,2,FALSE))","v":""},{"$f":"IF(OR(Q439=\"\",Z439=\"\"),\"\",VLOOKUP(VLOOKUP(Q439&\" Cost & \"&Z439&\" Benefit\",'Overall Priority'!$D$21:$E$45,2,FALSE),'Overall Priority'!$B$8:$E$16,4,FALSE))","v":""},{"$f":"IF(OR(Q439=\"\",Z439=\"\"),\"\",VLOOKUP(Q439&\" Cost & \"&Z439&\" Benefit\",'Overall Priority'!$D$21:$E$45,2,FALSE))","v":""}]
[null,null,null,null,null,null,null,null,null,null,null,null,null,null,null,{"$f":"IF(O440=\"\",\"\",IF(O440<'Cost Band & Priority'!$E$12,5,IF(O440<'Cost Band & Priority'!$E$11,4,IF(O440<'Cost Band & Priority'!$E$10,3,IF(O440<'Cost Band & Priority'!$E$9,2,1)))))","v":""},{"$f":"IF(P440=\"\",\"\",VLOOKUP(P440,'Cost Band & Priority'!$B$8:$E$12,2,FALSE))","v":""},null,null,null,null,null,null,null,"",{"$f":"IF(Y440=\"\",\"\",VLOOKUP(Y440,'Benefit Priority'!$B$25:$C$47,2,FALSE))","v":""},{"$f":"IF(OR(Q440=\"\",Z440=\"\"),\"\",VLOOKUP(VLOOKUP(Q440&\" Cost & \"&Z440&\" Benefit\",'Overall Priority'!$D$21:$E$45,2,FALSE),'Overall Priority'!$B$8:$E$16,4,FALSE))","v":""},{"$f":"IF(OR(Q440=\"\",Z440=\"\"),\"\",VLOOKUP(Q440&\" Cost & \"&Z440&\" Benefit\",'Overall Priority'!$D$21:$E$45,2,FALSE))","v":""}]
[null,null,null,null,null,null,null,null,null,null,null,null,null,null,null,{"$f":"IF(O441=\"\",\"\",IF(O441<'Cost Band & Priority'!$E$12,5,IF(O441<'Cost Band & Priority'!$E$11,4,IF(O441<'Cost Band & Priority'!$E$10,3,IF(O441<'Cost Band & Priority'!$E$9,2,1)))))","v":""},{"$f":"IF(P441=\"\",\"\",VLOOKUP(P441,'Cost Band & Priority'!$B$8:$E$12,2,FALSE))","v":""},null,null,null,null,null,null,null,"",{"$f":"IF(Y441=\"\",\"\",VLOOKUP(Y441,'Benefit Priority'!$B$25:$C$47,2,FALSE))","v":""},{"$f":"IF(OR(Q441=\"\",Z441=\"\"),\"\",VLOOKUP(VLOOKUP(Q441&\" Cost & \"&Z441&\" Benefit\",'Overall Priority'!$D$21:$E$45,2,FALSE),'Overall Priority'!$B$8:$E$16,4,FALSE))","v":""},{"$f":"IF(OR(Q441=\"\",Z441=\"\"),\"\",VLOOKUP(Q441&\" Cost & \"&Z441&\" Benefit\",'Overall Priority'!$D$21:$E$45,2,FALSE))","v":""}]
[null,null,null,null,null,null,null,null,null,null,null,null,null,null,null,{"$f":"IF(O442=\"\",\"\",IF(O442<'Cost Band & Priority'!$E$12,5,IF(O442<'Cost Band & Priority'!$E$11,4,IF(O442<'Cost Band & Priority'!$E$10,3,IF(O442<'Cost Band & Priority'!$E$9,2,1)))))","v":""},{"$f":"IF(P442=\"\",\"\",VLOOKUP(P442,'Cost Band & Priority'!$B$8:$E$12,2,FALSE))","v":""},null,null,null,null,null,null,null,"",{"$f":"IF(Y442=\"\",\"\",VLOOKUP(Y442,'Benefit Priority'!$B$25:$C$47,2,FALSE))","v":""},{"$f":"IF(OR(Q442=\"\",Z442=\"\"),\"\",VLOOKUP(VLOOKUP(Q442&\" Cost & \"&Z442&\" Benefit\",'Overall Priority'!$D$21:$E$45,2,FALSE),'Overall Priority'!$B$8:$E$16,4,FALSE))","v":""},{"$f":"IF(OR(Q442=\"\",Z442=\"\"),\"\",VLOOKUP(Q442&\" Cost & \"&Z442&\" Benefit\",'Overall Priority'!$D$21:$E$45,2,FALSE))","v":""}]
[null,null,null,null,null,null,null,null,null,null,null,null,null,null,null,{"$f":"IF(O443=\"\",\"\",IF(O443<'Cost Band & Priority'!$E$12,5,IF(O443<'Cost Band & Priority'!$E$11,4,IF(O443<'Cost Band & Priority'!$E$10,3,IF(O443<'Cost Band & Priority'!$E$9,2,1)))))","v":""},{"$f":"IF(P443=\"\",\"\",VLOOKUP(P443,'Cost Band & Priority'!$B$8:$E$12,2,FALSE))","v":""},null,null,null,null,null,null,null,"",{"$f":"IF(Y443=\"\",\"\",VLOOKUP(Y443,'Benefit Priority'!$B$25:$C$47,2,FALSE))","v":""},{"$f":"IF(OR(Q443=\"\",Z443=\"\"),\"\",VLOOKUP(VLOOKUP(Q443&\" Cost & \"&Z443&\" Benefit\",'Overall Priority'!$D$21:$E$45,2,FALSE),'Overall Priority'!$B$8:$E$16,4,FALSE))","v":""},{"$f":"IF(OR(Q443=\"\",Z443=\"\"),\"\",VLOOKUP(Q443&\" Cost & \"&Z443&\" Benefit\",'Overall Priority'!$D$21:$E$45,2,FALSE))","v":""}]
[null,null,null,null,null,null,null,null,null,null,null,null,null,null,null,{"$f":"IF(O444=\"\",\"\",IF(O444<'Cost Band & Priority'!$E$12,5,IF(O444<'Cost Band & Priority'!$E$11,4,IF(O444<'Cost Band & Priority'!$E$10,3,IF(O444<'Cost Band & Priority'!$E$9,2,1)))))","v":""},{"$f":"IF(P444=\"\",\"\",VLOOKUP(P444,'Cost Band & Priority'!$B$8:$E$12,2,FALSE))","v":""},null,null,null,null,null,null,null,"",{"$f":"IF(Y444=\"\",\"\",VLOOKUP(Y444,'Benefit Priority'!$B$25:$C$47,2,FALSE))","v":""},{"$f":"IF(OR(Q444=\"\",Z444=\"\"),\"\",VLOOKUP(VLOOKUP(Q444&\" Cost & \"&Z444&\" Benefit\",'Overall Priority'!$D$21:$E$45,2,FALSE),'Overall Priority'!$B$8:$E$16,4,FALSE))","v":""},{"$f":"IF(OR(Q444=\"\",Z444=\"\"),\"\",VLOOKUP(Q444&\" Cost & \"&Z444&\" Benefit\",'Overall Priority'!$D$21:$E$45,2,FALSE))","v":""}]
[null,null,null,null,null,null,null,null,null,null,null,null,null,null,null,{"$f":"IF(O445=\"\",\"\",IF(O445<'Cost Band & Priority'!$E$12,5,IF(O445<'Cost Band & Priority'!$E$11,4,IF(O445<'Cost Band & Priority'!$E$10,3,IF(O445<'Cost Band & Priority'!$E$9,2,1)))))","v":""},{"$f":"IF(P445=\"\",\"\",VLOOKUP(P445,'Cost Band & Priority'!$B$8:$E$12,2,FALSE))","v":""},null,null,null,null,null,null,null,"",{"$f":"IF(Y445=\"\",\"\",VLOOKUP(Y445,'Benefit Priority'!$B$25:$C$47,2,FALSE))","v":""},{"$f":"IF(OR(Q445=\"\",Z445=\"\"),\"\",VLOOKUP(VLOOKUP(Q445&\" Cost & \"&Z445&\" Benefit\",'Overall Priority'!$D$21:$E$45,2,FALSE),'Overall Priority'!$B$8:$E$16,4,FALSE))","v":""},{"$f":"IF(OR(Q445=\"\",Z445=\"\"),\"\",VLOOKUP(Q445&\" Cost & \"&Z445&\" Benefit\",'Overall Priority'!$D$21:$E$45,2,FALSE))","v":""}]
[null,null,null,null,null,null,null,null,null,null,null,null,null,null,null,{"$f":"IF(O446=\"\",\"\",IF(O446<'Cost Band & Priority'!$E$12,5,IF(O446<'Cost Band & Priority'!$E$11,4,IF(O446<'Cost Band & Priority'!$E$10,3,IF(O446<'Cost Band & Priority'!$E$9,2,1)))))","v":""},{"$f":"IF(P446=\"\",\"\",VLOOKUP(P446,'Cost Band & Priority'!$B$8:$E$12,2,FALSE))","v":""},null,null,null,null,null,null,null,"",{"$f":"IF(Y446=\"\",\"\",VLOOKUP(Y446,'Benefit Priority'!$B$25:$C$47,2,FALSE))","v":""},{"$f":"IF(OR(Q446=\"\",Z446=\"\"),\"\",VLOOKUP(VLOOKUP(Q446&\" Cost & \"&Z446&\" Benefit\",'Overall Priority'!$D$21:$E$45,2,FALSE),'Overall Priority'!$B$8:$E$16,4,FALSE))","v":""},{"$f":"IF(OR(Q446=\"\",Z446=\"\"),\"\",VLOOKUP(Q446&\" Cost & \"&Z446&\" Benefit\",'Overall Priority'!$D$21:$E$45,2,FALSE))","v":""}]
[null,null,null,null,null,null,null,null,null,null,null,null,null,null,null,{"$f":"IF(O447=\"\",\"\",IF(O447<'Cost Band & Priority'!$E$12,5,IF(O447<'Cost Band & Priority'!$E$11,4,IF(O447<'Cost Band & Priority'!$E$10,3,IF(O447<'Cost Band & Priority'!$E$9,2,1)))))","v":""},{"$f":"IF(P447=\"\",\"\",VLOOKUP(P447,'Cost Band & Priority'!$B$8:$E$12,2,FALSE))","v":""},null,null,null,null,null,null,null,"",{"$f":"IF(Y447=\"\",\"\",VLOOKUP(Y447,'Benefit Priority'!$B$25:$C$47,2,FALSE))","v":""},{"$f":"IF(OR(Q447=\"\",Z447=\"\"),\"\",VLOOKUP(VLOOKUP(Q447&\" Cost & \"&Z447&\" Benefit\",'Overall Priority'!$D$21:$E$45,2,FALSE),'Overall Priority'!$B$8:$E$16,4,FALSE))","v":""},{"$f":"IF(OR(Q447=\"\",Z447=\"\"),\"\",VLOOKUP(Q447&\" Cost & \"&Z447&\" Benefit\",'Overall Priority'!$D$21:$E$45,2,FALSE))","v":""}]
[null,null,null,null,null,null,null,null,null,null,null,null,null,null,null,{"$f":"IF(O448=\"\",\"\",IF(O448<'Cost Band & Priority'!$E$12,5,IF(O448<'Cost Band & Priority'!$E$11,4,IF(O448<'Cost Band & Priority'!$E$10,3,IF(O448<'Cost Band & Priority'!$E$9,2,1)))))","v":""},{"$f":"IF(P448=\"\",\"\",VLOOKUP(P448,'Cost Band & Priority'!$B$8:$E$12,2,FALSE))","v":""},null,null,null,null,null,null,null,"",{"$f":"IF(Y448=\"\",\"\",VLOOKUP(Y448,'Benefit Priority'!$B$25:$C$47,2,FALSE))","v":""},{"$f":"IF(OR(Q448=\"\",Z448=\"\"),\"\",VLOOKUP(VLOOKUP(Q448&\" Cost & \"&Z448&\" Benefit\",'Overall Priority'!$D$21:$E$45,2,FALSE),'Overall Priority'!$B$8:$E$16,4,FALSE))","v":""},{"$f":"IF(OR(Q448=\"\",Z448=\"\"),\"\",VLOOKUP(Q448&\" Cost & \"&Z448&\" Benefit\",'Overall Priority'!$D$21:$E$45,2,FALSE))","v":""}]
[null,null,null,null,null,null,null,null,null,null,null,null,null,null,null,{"$f":"IF(O449=\"\",\"\",IF(O449<'Cost Band & Priority'!$E$12,5,IF(O449<'Cost Band & Priority'!$E$11,4,IF(O449<'Cost Band & Priority'!$E$10,3,IF(O449<'Cost Band & Priority'!$E$9,2,1)))))","v":""},{"$f":"IF(P449=\"\",\"\",VLOOKUP(P449,'Cost Band & Priority'!$B$8:$E$12,2,FALSE))","v":""},null,null,null,null,null,null,null,"",{"$f":"IF(Y449=\"\",\"\",VLOOKUP(Y449,'Benefit Priority'!$B$25:$C$47,2,FALSE))","v":""},{"$f":"IF(OR(Q449=\"\",Z449=\"\"),\"\",VLOOKUP(VLOOKUP(Q449&\" Cost & \"&Z449&\" Benefit\",'Overall Priority'!$D$21:$E$45,2,FALSE),'Overall Priority'!$B$8:$E$16,4,FALSE))","v":""},{"$f":"IF(OR(Q449=\"\",Z449=\"\"),\"\",VLOOKUP(Q449&\" Cost & \"&Z449&\" Benefit\",'Overall Priority'!$D$21:$E$45,2,FALSE))","v":""}]
[null,null,null,null,null,null,null,null,null,null,null,null,null,null,null,{"$f":"IF(O450=\"\",\"\",IF(O450<'Cost Band & Priority'!$E$12,5,IF(O450<'Cost Band & Priority'!$E$11,4,IF(O450<'Cost Band & Priority'!$E$10,3,IF(O450<'Cost Band & Priority'!$E$9,2,1)))))","v":""},{"$f":"IF(P450=\"\",\"\",VLOOKUP(P450,'Cost Band & Priority'!$B$8:$E$12,2,FALSE))","v":""},null,null,null,null,null,null,null,{"$f":"IF(AND(R450>0,S450>0,T450>0,U450>0,V450>0,W450>0,X450>0),SUM(R450:X450),\"\")","v":""},{"$f":"IF(Y450=\"\",\"\",VLOOKUP(Y450,'Benefit Priority'!$B$25:$C$47,2,FALSE))","v":""},{"$f":"IF(OR(Q450=\"\",Z450=\"\"),\"\",VLOOKUP(VLOOKUP(Q450&\" Cost & \"&Z450&\" Benefit\",'Overall Priority'!$D$21:$E$45,2,FALSE),'Overall Priority'!$B$8:$E$16,4,FALSE))","v":""},{"$f":"IF(OR(Q450=\"\",Z450=\"\"),\"\",VLOOKUP(Q450&\" Cost & \"&Z450&\" Benefit\",'Overall Priority'!$D$21:$E$45,2,FALSE))","v":""}]
[null,null,null,null,null,null,null,null,null,null,null,null,null,null,null,{"$f":"IF(O451=\"\",\"\",IF(O451<'Cost Band & Priority'!$E$12,5,IF(O451<'Cost Band & Priority'!$E$11,4,IF(O451<'Cost Band & Priority'!$E$10,3,IF(O451<'Cost Band & Priority'!$E$9,2,1)))))","v":""},{"$f":"IF(P451=\"\",\"\",VLOOKUP(P451,'Cost Band & Priority'!$B$8:$E$12,2,FALSE))","v":""},null,null,null,null,null,null,null,"",{"$f":"IF(Y451=\"\",\"\",VLOOKUP(Y451,'Benefit Priority'!$B$25:$C$47,2,FALSE))","v":""},{"$f":"IF(OR(Q451=\"\",Z451=\"\"),\"\",VLOOKUP(VLOOKUP(Q451&\" Cost & \"&Z451&\" Benefit\",'Overall Priority'!$D$21:$E$45,2,FALSE),'Overall Priority'!$B$8:$E$16,4,FALSE))","v":""},{"$f":"IF(OR(Q451=\"\",Z451=\"\"),\"\",VLOOKUP(Q451&\" Cost & \"&Z451&\" Benefit\",'Overall Priority'!$D$21:$E$45,2,FALSE))","v":""}]
[null,null,null,null,null,null,null,null,null,null,null,null,null,null,null,{"$f":"IF(O452=\"\",\"\",IF(O452<'Cost Band & Priority'!$E$12,5,IF(O452<'Cost Band & Priority'!$E$11,4,IF(O452<'Cost Band & Priority'!$E$10,3,IF(O452<'Cost Band & Priority'!$E$9,2,1)))))","v":""},{"$f":"IF(P452=\"\",\"\",VLOOKUP(P452,'Cost Band & Priority'!$B$8:$E$12,2,FALSE))","v":""},null,null,null,null,null,null,null,"",{"$f":"IF(Y452=\"\",\"\",VLOOKUP(Y452,'Benefit Priority'!$B$25:$C$47,2,FALSE))","v":""},{"$f":"IF(OR(Q452=\"\",Z452=\"\"),\"\",VLOOKUP(VLOOKUP(Q452&\" Cost & \"&Z452&\" Benefit\",'Overall Priority'!$D$21:$E$45,2,FALSE),'Overall Priority'!$B$8:$E$16,4,FALSE))","v":""},{"$f":"IF(OR(Q452=\"\",Z452=\"\"),\"\",VLOOKUP(Q452&\" Cost & \"&Z452&\" Benefit\",'Overall Priority'!$D$21:$E$45,2,FALSE))","v":""}]
[null,null,null,null,null,null,null,null,null,null,null,null,null,null,null,{"$f":"IF(O453=\"\",\"\",IF(O453<'Cost Band & Priority'!$E$12,5,IF(O453<'Cost Band & Priority'!$E$11,4,IF(O453<'Cost Band & Priority'!$E$10,3,IF(O453<'Cost Band & Priority'!$E$9,2,1)))))","v":""},{"$f":"IF(P453=\"\",\"\",VLOOKUP(P453,'Cost Band & Priority'!$B$8:$E$12,2,FALSE))","v":""},null,null,null,null,null,null,null,"",{"$f":"IF(Y453=\"\",\"\",VLOOKUP(Y453,'Benefit Priority'!$B$25:$C$47,2,FALSE))","v":""},{"$f":"IF(OR(Q453=\"\",Z453=\"\"),\"\",VLOOKUP(VLOOKUP(Q453&\" Cost & \"&Z453&\" Benefit\",'Overall Priority'!$D$21:$E$45,2,FALSE),'Overall Priority'!$B$8:$E$16,4,FALSE))","v":""},{"$f":"IF(OR(Q453=\"\",Z453=\"\"),\"\",VLOOKUP(Q453&\" Cost & \"&Z453&\" Benefit\",'Overall Priority'!$D$21:$E$45,2,FALSE))","v":""}]
[null,null,null,null,null,null,null,null,null,null,null,null,null,null,null,{"$f":"IF(O454=\"\",\"\",IF(O454<'Cost Band & Priority'!$E$12,5,IF(O454<'Cost Band & Priority'!$E$11,4,IF(O454<'Cost Band & Priority'!$E$10,3,IF(O454<'Cost Band & Priority'!$E$9,2,1)))))","v":""},{"$f":"IF(P454=\"\",\"\",VLOOKUP(P454,'Cost Band & Priority'!$B$8:$E$12,2,FALSE))","v":""},null,null,null,null,null,null,null,"",{"$f":"IF(Y454=\"\",\"\",VLOOKUP(Y454,'Benefit Priority'!$B$25:$C$47,2,FALSE))","v":""},{"$f":"IF(OR(Q454=\"\",Z454=\"\"),\"\",VLOOKUP(VLOOKUP(Q454&\" Cost & \"&Z454&\" Benefit\",'Overall Priority'!$D$21:$E$45,2,FALSE),'Overall Priority'!$B$8:$E$16,4,FALSE))","v":""},{"$f":"IF(OR(Q454=\"\",Z454=\"\"),\"\",VLOOKUP(Q454&\" Cost & \"&Z454&\" Benefit\",'Overall Priority'!$D$21:$E$45,2,FALSE))","v":""}]
[null,null,null,null,null,null,null,null,null,null,null,null,null,null,null,{"$f":"IF(O455=\"\",\"\",IF(O455<'Cost Band & Priority'!$E$12,5,IF(O455<'Cost Band & Priority'!$E$11,4,IF(O455<'Cost Band & Priority'!$E$10,3,IF(O455<'Cost Band & Priority'!$E$9,2,1)))))","v":""},{"$f":"IF(P455=\"\",\"\",VLOOKUP(P455,'Cost Band & Priority'!$B$8:$E$12,2,FALSE))","v":""},null,null,null,null,null,null,null,"",{"$f":"IF(Y455=\"\",\"\",VLOOKUP(Y455,'Benefit Priority'!$B$25:$C$47,2,FALSE))","v":""},{"$f":"IF(OR(Q455=\"\",Z455=\"\"),\"\",VLOOKUP(VLOOKUP(Q455&\" Cost & \"&Z455&\" Benefit\",'Overall Priority'!$D$21:$E$45,2,FALSE),'Overall Priority'!$B$8:$E$16,4,FALSE))","v":""},{"$f":"IF(OR(Q455=\"\",Z455=\"\"),\"\",VLOOKUP(Q455&\" Cost & \"&Z455&\" Benefit\",'Overall Priority'!$D$21:$E$45,2,FALSE))","v":""}]
[null,null,null,null,null,null,null,null,null,null,null,null,null,null,null,{"$f":"IF(O456=\"\",\"\",IF(O456<'Cost Band & Priority'!$E$12,5,IF(O456<'Cost Band & Priority'!$E$11,4,IF(O456<'Cost Band & Priority'!$E$10,3,IF(O456<'Cost Band & Priority'!$E$9,2,1)))))","v":""},{"$f":"IF(P456=\"\",\"\",VLOOKUP(P456,'Cost Band & Priority'!$B$8:$E$12,2,FALSE))","v":""},null,null,null,null,null,null,null,"",{"$f":"IF(Y456=\"\",\"\",VLOOKUP(Y456,'Benefit Priority'!$B$25:$C$47,2,FALSE))","v":""},{"$f":"IF(OR(Q456=\"\",Z456=\"\"),\"\",VLOOKUP(VLOOKUP(Q456&\" Cost & \"&Z456&\" Benefit\",'Overall Priority'!$D$21:$E$45,2,FALSE),'Overall Priority'!$B$8:$E$16,4,FALSE))","v":""},{"$f":"IF(OR(Q456=\"\",Z456=\"\"),\"\",VLOOKUP(Q456&\" Cost & \"&Z456&\" Benefit\",'Overall Priority'!$D$21:$E$45,2,FALSE))","v":""}]
[null,null,null,null,null,null,null,null,null,null,null,null,null,null,null,{"$f":"IF(O457=\"\",\"\",IF(O457<'Cost Band & Priority'!$E$12,5,IF(O457<'Cost Band & Priority'!$E$11,4,IF(O457<'Cost Band & Priority'!$E$10,3,IF(O457<'Cost Band & Priority'!$E$9,2,1)))))","v":""},{"$f":"IF(P457=\"\",\"\",VLOOKUP(P457,'Cost Band & Priority'!$B$8:$E$12,2,FALSE))","v":""},null,null,null,null,null,null,null,"",{"$f":"IF(Y457=\"\",\"\",VLOOKUP(Y457,'Benefit Priority'!$B$25:$C$47,2,FALSE))","v":""},{"$f":"IF(OR(Q457=\"\",Z457=\"\"),\"\",VLOOKUP(VLOOKUP(Q457&\" Cost & \"&Z457&\" Benefit\",'Overall Priority'!$D$21:$E$45,2,FALSE),'Overall Priority'!$B$8:$E$16,4,FALSE))","v":""},{"$f":"IF(OR(Q457=\"\",Z457=\"\"),\"\",VLOOKUP(Q457&\" Cost & \"&Z457&\" Benefit\",'Overall Priority'!$D$21:$E$45,2,FALSE))","v":""}]
[null,null,null,null,null,null,null,null,null,null,null,null,null,null,null,{"$f":"IF(O458=\"\",\"\",IF(O458<'Cost Band & Priority'!$E$12,5,IF(O458<'Cost Band & Priority'!$E$11,4,IF(O458<'Cost Band & Priority'!$E$10,3,IF(O458<'Cost Band & Priority'!$E$9,2,1)))))","v":""},{"$f":"IF(P458=\"\",\"\",VLOOKUP(P458,'Cost Band & Priority'!$B$8:$E$12,2,FALSE))","v":""},null,null,null,null,null,null,null,"",{"$f":"IF(Y458=\"\",\"\",VLOOKUP(Y458,'Benefit Priority'!$B$25:$C$47,2,FALSE))","v":""},{"$f":"IF(OR(Q458=\"\",Z458=\"\"),\"\",VLOOKUP(VLOOKUP(Q458&\" Cost & \"&Z458&\" Benefit\",'Overall Priority'!$D$21:$E$45,2,FALSE),'Overall Priority'!$B$8:$E$16,4,FALSE))","v":""},{"$f":"IF(OR(Q458=\"\",Z458=\"\"),\"\",VLOOKUP(Q458&\" Cost & \"&Z458&\" Benefit\",'Overall Priority'!$D$21:$E$45,2,FALSE))","v":""}]
[null,null,null,null,null,null,null,null,null,null,null,null,null,null,null,{"$f":"IF(O459=\"\",\"\",IF(O459<'Cost Band & Priority'!$E$12,5,IF(O459<'Cost Band & Priority'!$E$11,4,IF(O459<'Cost Band & Priority'!$E$10,3,IF(O459<'Cost Band & Priority'!$E$9,2,1)))))","v":""},{"$f":"IF(P459=\"\",\"\",VLOOKUP(P459,'Cost Band & Priority'!$B$8:$E$12,2,FALSE))","v":""},null,null,null,null,null,null,null,"",{"$f":"IF(Y459=\"\",\"\",VLOOKUP(Y459,'Benefit Priority'!$B$25:$C$47,2,FALSE))","v":""},{"$f":"IF(OR(Q459=\"\",Z459=\"\"),\"\",VLOOKUP(VLOOKUP(Q459&\" Cost & \"&Z459&\" Benefit\",'Overall Priority'!$D$21:$E$45,2,FALSE),'Overall Priority'!$B$8:$E$16,4,FALSE))","v":""},{"$f":"IF(OR(Q459=\"\",Z459=\"\"),\"\",VLOOKUP(Q459&\" Cost & \"&Z459&\" Benefit\",'Overall Priority'!$D$21:$E$45,2,FALSE))","v":""}]
[null,null,null,null,null,null,null,null,null,null,null,null,null,null,null,{"$f":"IF(O460=\"\",\"\",IF(O460<'Cost Band & Priority'!$E$12,5,IF(O460<'Cost Band & Priority'!$E$11,4,IF(O460<'Cost Band & Priority'!$E$10,3,IF(O460<'Cost Band & Priority'!$E$9,2,1)))))","v":""},{"$f":"IF(P460=\"\",\"\",VLOOKUP(P460,'Cost Band & Priority'!$B$8:$E$12,2,FALSE))","v":""},null,null,null,null,null,null,null,"",{"$f":"IF(Y460=\"\",\"\",VLOOKUP(Y460,'Benefit Priority'!$B$25:$C$47,2,FALSE))","v":""},{"$f":"IF(OR(Q460=\"\",Z460=\"\"),\"\",VLOOKUP(VLOOKUP(Q460&\" Cost & \"&Z460&\" Benefit\",'Overall Priority'!$D$21:$E$45,2,FALSE),'Overall Priority'!$B$8:$E$16,4,FALSE))","v":""},{"$f":"IF(OR(Q460=\"\",Z460=\"\"),\"\",VLOOKUP(Q460&\" Cost & \"&Z460&\" Benefit\",'Overall Priority'!$D$21:$E$45,2,FALSE))","v":""}]
[null,null,null,null,null,null,null,null,null,null,null,null,null,null,null,{"$f":"IF(O461=\"\",\"\",IF(O461<'Cost Band & Priority'!$E$12,5,IF(O461<'Cost Band & Priority'!$E$11,4,IF(O461<'Cost Band & Priority'!$E$10,3,IF(O461<'Cost Band & Priority'!$E$9,2,1)))))","v":""},{"$f":"IF(P461=\"\",\"\",VLOOKUP(P461,'Cost Band & Priority'!$B$8:$E$12,2,FALSE))","v":""},null,null,null,null,null,null,null,"",{"$f":"IF(Y461=\"\",\"\",VLOOKUP(Y461,'Benefit Priority'!$B$25:$C$47,2,FALSE))","v":""},{"$f":"IF(OR(Q461=\"\",Z461=\"\"),\"\",VLOOKUP(VLOOKUP(Q461&\" Cost & \"&Z461&\" Benefit\",'Overall Priority'!$D$21:$E$45,2,FALSE),'Overall Priority'!$B$8:$E$16,4,FALSE))","v":""},{"$f":"IF(OR(Q461=\"\",Z461=\"\"),\"\",VLOOKUP(Q461&\" Cost & \"&Z461&\" Benefit\",'Overall Priority'!$D$21:$E$45,2,FALSE))","v":""}]
[null,null,null,null,null,null,null,null,null,null,null,null,null,null,null,{"$f":"IF(O462=\"\",\"\",IF(O462<'Cost Band & Priority'!$E$12,5,IF(O462<'Cost Band & Priority'!$E$11,4,IF(O462<'Cost Band & Priority'!$E$10,3,IF(O462<'Cost Band & Priority'!$E$9,2,1)))))","v":""},{"$f":"IF(P462=\"\",\"\",VLOOKUP(P462,'Cost Band & Priority'!$B$8:$E$12,2,FALSE))","v":""},null,null,null,null,null,null,null,"",{"$f":"IF(Y462=\"\",\"\",VLOOKUP(Y462,'Benefit Priority'!$B$25:$C$47,2,FALSE))","v":""},{"$f":"IF(OR(Q462=\"\",Z462=\"\"),\"\",VLOOKUP(VLOOKUP(Q462&\" Cost & \"&Z462&\" Benefit\",'Overall Priority'!$D$21:$E$45,2,FALSE),'Overall Priority'!$B$8:$E$16,4,FALSE))","v":""},{"$f":"IF(OR(Q462=\"\",Z462=\"\"),\"\",VLOOKUP(Q462&\" Cost & \"&Z462&\" Benefit\",'Overall Priority'!$D$21:$E$45,2,FALSE))","v":""}]
[null,null,null,null,null,null,null,null,null,null,null,null,null,null,null,{"$f":"IF(O463=\"\",\"\",IF(O463<'Cost Band & Priority'!$E$12,5,IF(O463<'Cost Band & Priority'!$E$11,4,IF(O463<'Cost Band & Priority'!$E$10,3,IF(O463<'Cost Band & Priority'!$E$9,2,1)))))","v":""},{"$f":"IF(P463=\"\",\"\",VLOOKUP(P463,'Cost Band & Priority'!$B$8:$E$12,2,FALSE))","v":""},null,null,null,null,null,null,null,"",{"$f":"IF(Y463=\"\",\"\",VLOOKUP(Y463,'Benefit Priority'!$B$25:$C$47,2,FALSE))","v":""},{"$f":"IF(OR(Q463=\"\",Z463=\"\"),\"\",VLOOKUP(VLOOKUP(Q463&\" Cost & \"&Z463&\" Benefit\",'Overall Priority'!$D$21:$E$45,2,FALSE),'Overall Priority'!$B$8:$E$16,4,FALSE))","v":""},{"$f":"IF(OR(Q463=\"\",Z463=\"\"),\"\",VLOOKUP(Q463&\" Cost & \"&Z463&\" Benefit\",'Overall Priority'!$D$21:$E$45,2,FALSE))","v":""}]
[null,null,null,null,null,null,null,null,null,null,null,null,null,null,null,{"$f":"IF(O464=\"\",\"\",IF(O464<'Cost Band & Priority'!$E$12,5,IF(O464<'Cost Band & Priority'!$E$11,4,IF(O464<'Cost Band & Priority'!$E$10,3,IF(O464<'Cost Band & Priority'!$E$9,2,1)))))","v":""},{"$f":"IF(P464=\"\",\"\",VLOOKUP(P464,'Cost Band & Priority'!$B$8:$E$12,2,FALSE))","v":""},null,null,null,null,null,null,null,"",{"$f":"IF(Y464=\"\",\"\",VLOOKUP(Y464,'Benefit Priority'!$B$25:$C$47,2,FALSE))","v":""},{"$f":"IF(OR(Q464=\"\",Z464=\"\"),\"\",VLOOKUP(VLOOKUP(Q464&\" Cost & \"&Z464&\" Benefit\",'Overall Priority'!$D$21:$E$45,2,FALSE),'Overall Priority'!$B$8:$E$16,4,FALSE))","v":""},{"$f":"IF(OR(Q464=\"\",Z464=\"\"),\"\",VLOOKUP(Q464&\" Cost & \"&Z464&\" Benefit\",'Overall Priority'!$D$21:$E$45,2,FALSE))","v":""}]
[null,null,null,null,null,null,null,null,null,null,null,null,null,null,null,{"$f":"IF(O465=\"\",\"\",IF(O465<'Cost Band & Priority'!$E$12,5,IF(O465<'Cost Band & Priority'!$E$11,4,IF(O465<'Cost Band & Priority'!$E$10,3,IF(O465<'Cost Band & Priority'!$E$9,2,1)))))","v":""},{"$f":"IF(P465=\"\",\"\",VLOOKUP(P465,'Cost Band & Priority'!$B$8:$E$12,2,FALSE))","v":""},null,null,null,null,null,null,null,"",{"$f":"IF(Y465=\"\",\"\",VLOOKUP(Y465,'Benefit Priority'!$B$25:$C$47,2,FALSE))","v":""},{"$f":"IF(OR(Q465=\"\",Z465=\"\"),\"\",VLOOKUP(VLOOKUP(Q465&\" Cost & \"&Z465&\" Benefit\",'Overall Priority'!$D$21:$E$45,2,FALSE),'Overall Priority'!$B$8:$E$16,4,FALSE))","v":""},{"$f":"IF(OR(Q465=\"\",Z465=\"\"),\"\",VLOOKUP(Q465&\" Cost & \"&Z465&\" Benefit\",'Overall Priority'!$D$21:$E$45,2,FALSE))","v":""}]
[null,null,null,null,null,null,null,null,null,null,null,null,null,null,null,{"$f":"IF(O466=\"\",\"\",IF(O466<'Cost Band & Priority'!$E$12,5,IF(O466<'Cost Band & Priority'!$E$11,4,IF(O466<'Cost Band & Priority'!$E$10,3,IF(O466<'Cost Band & Priority'!$E$9,2,1)))))","v":""},{"$f":"IF(P466=\"\",\"\",VLOOKUP(P466,'Cost Band & Priority'!$B$8:$E$12,2,FALSE))","v":""},null,null,null,null,null,null,null,"",{"$f":"IF(Y466=\"\",\"\",VLOOKUP(Y466,'Benefit Priority'!$B$25:$C$47,2,FALSE))","v":""},{"$f":"IF(OR(Q466=\"\",Z466=\"\"),\"\",VLOOKUP(VLOOKUP(Q466&\" Cost & \"&Z466&\" Benefit\",'Overall Priority'!$D$21:$E$45,2,FALSE),'Overall Priority'!$B$8:$E$16,4,FALSE))","v":""},{"$f":"IF(OR(Q466=\"\",Z466=\"\"),\"\",VLOOKUP(Q466&\" Cost & \"&Z466&\" Benefit\",'Overall Priority'!$D$21:$E$45,2,FALSE))","v":""}]
[null,null,null,null,null,null,null,null,null,null,null,null,null,null,null,{"$f":"IF(O467=\"\",\"\",IF(O467<'Cost Band & Priority'!$E$12,5,IF(O467<'Cost Band & Priority'!$E$11,4,IF(O467<'Cost Band & Priority'!$E$10,3,IF(O467<'Cost Band & Priority'!$E$9,2,1)))))","v":""},{"$f":"IF(P467=\"\",\"\",VLOOKUP(P467,'Cost Band & Priority'!$B$8:$E$12,2,FALSE))","v":""},null,null,null,null,null,null,null,"",{"$f":"IF(Y467=\"\",\"\",VLOOKUP(Y467,'Benefit Priority'!$B$25:$C$47,2,FALSE))","v":""},{"$f":"IF(OR(Q467=\"\",Z467=\"\"),\"\",VLOOKUP(VLOOKUP(Q467&\" Cost & \"&Z467&\" Benefit\",'Overall Priority'!$D$21:$E$45,2,FALSE),'Overall Priority'!$B$8:$E$16,4,FALSE))","v":""},{"$f":"IF(OR(Q467=\"\",Z467=\"\"),\"\",VLOOKUP(Q467&\" Cost & \"&Z467&\" Benefit\",'Overall Priority'!$D$21:$E$45,2,FALSE))","v":""}]
[null,null,null,null,null,null,null,null,null,null,null,null,null,null,null,{"$f":"IF(O468=\"\",\"\",IF(O468<'Cost Band & Priority'!$E$12,5,IF(O468<'Cost Band & Priority'!$E$11,4,IF(O468<'Cost Band & Priority'!$E$10,3,IF(O468<'Cost Band & Priority'!$E$9,2,1)))))","v":""},{"$f":"IF(P468=\"\",\"\",VLOOKUP(P468,'Cost Band & Priority'!$B$8:$E$12,2,FALSE))","v":""},null,null,null,null,null,null,null,"",{"$f":"IF(Y468=\"\",\"\",VLOOKUP(Y468,'Benefit Priority'!$B$25:$C$47,2,FALSE))","v":""},{"$f":"IF(OR(Q468=\"\",Z468=\"\"),\"\",VLOOKUP(VLOOKUP(Q468&\" Cost & \"&Z468&\" Benefit\",'Overall Priority'!$D$21:$E$45,2,FALSE),'Overall Priority'!$B$8:$E$16,4,FALSE))","v":""},{"$f":"IF(OR(Q468=\"\",Z468=\"\"),\"\",VLOOKUP(Q468&\" Cost & \"&Z468&\" Benefit\",'Overall Priority'!$D$21:$E$45,2,FALSE))","v":""}]
[null,null,null,null,null,null,null,null,null,null,null,null,null,null,null,{"$f":"IF(O469=\"\",\"\",IF(O469<'Cost Band & Priority'!$E$12,5,IF(O469<'Cost Band & Priority'!$E$11,4,IF(O469<'Cost Band & Priority'!$E$10,3,IF(O469<'Cost Band & Priority'!$E$9,2,1)))))","v":""},{"$f":"IF(P469=\"\",\"\",VLOOKUP(P469,'Cost Band & Priority'!$B$8:$E$12,2,FALSE))","v":""},null,null,null,null,null,null,null,"",{"$f":"IF(Y469=\"\",\"\",VLOOKUP(Y469,'Benefit Priority'!$B$25:$C$47,2,FALSE))","v":""},{"$f":"IF(OR(Q469=\"\",Z469=\"\"),\"\",VLOOKUP(VLOOKUP(Q469&\" Cost & \"&Z469&\" Benefit\",'Overall Priority'!$D$21:$E$45,2,FALSE),'Overall Priority'!$B$8:$E$16,4,FALSE))","v":""},{"$f":"IF(OR(Q469=\"\",Z469=\"\"),\"\",VLOOKUP(Q469&\" Cost & \"&Z469&\" Benefit\",'Overall Priority'!$D$21:$E$45,2,FALSE))","v":""}]
[null,null,null,null,null,null,null,null,null,null,null,null,null,null,null,{"$f":"IF(O470=\"\",\"\",IF(O470<'Cost Band & Priority'!$E$12,5,IF(O470<'Cost Band & Priority'!$E$11,4,IF(O470<'Cost Band & Priority'!$E$10,3,IF(O470<'Cost Band & Priority'!$E$9,2,1)))))","v":""},{"$f":"IF(P470=\"\",\"\",VLOOKUP(P470,'Cost Band & Priority'!$B$8:$E$12,2,FALSE))","v":""},null,null,null,null,null,null,null,"",{"$f":"IF(Y470=\"\",\"\",VLOOKUP(Y470,'Benefit Priority'!$B$25:$C$47,2,FALSE))","v":""},{"$f":"IF(OR(Q470=\"\",Z470=\"\"),\"\",VLOOKUP(VLOOKUP(Q470&\" Cost & \"&Z470&\" Benefit\",'Overall Priority'!$D$21:$E$45,2,FALSE),'Overall Priority'!$B$8:$E$16,4,FALSE))","v":""},{"$f":"IF(OR(Q470=\"\",Z470=\"\"),\"\",VLOOKUP(Q470&\" Cost & \"&Z470&\" Benefit\",'Overall Priority'!$D$21:$E$45,2,FALSE))","v":""}]
[null,null,null,null,null,null,null,null,null,null,null,null,null,null,null,{"$f":"IF(O471=\"\",\"\",IF(O471<'Cost Band & Priority'!$E$12,5,IF(O471<'Cost Band & Priority'!$E$11,4,IF(O471<'Cost Band & Priority'!$E$10,3,IF(O471<'Cost Band & Priority'!$E$9,2,1)))))","v":""},{"$f":"IF(P471=\"\",\"\",VLOOKUP(P471,'Cost Band & Priority'!$B$8:$E$12,2,FALSE))","v":""},null,null,null,null,null,null,null,"",{"$f":"IF(Y471=\"\",\"\",VLOOKUP(Y471,'Benefit Priority'!$B$25:$C$47,2,FALSE))","v":""},{"$f":"IF(OR(Q471=\"\",Z471=\"\"),\"\",VLOOKUP(VLOOKUP(Q471&\" Cost & \"&Z471&\" Benefit\",'Overall Priority'!$D$21:$E$45,2,FALSE),'Overall Priority'!$B$8:$E$16,4,FALSE))","v":""},{"$f":"IF(OR(Q471=\"\",Z471=\"\"),\"\",VLOOKUP(Q471&\" Cost & \"&Z471&\" Benefit\",'Overall Priority'!$D$21:$E$45,2,FALSE))","v":""}]
[null,null,null,null,null,null,null,null,null,null,null,null,null,null,null,{"$f":"IF(O472=\"\",\"\",IF(O472<'Cost Band & Priority'!$E$12,5,IF(O472<'Cost Band & Priority'!$E$11,4,IF(O472<'Cost Band & Priority'!$E$10,3,IF(O472<'Cost Band & Priority'!$E$9,2,1)))))","v":""},{"$f":"IF(P472=\"\",\"\",VLOOKUP(P472,'Cost Band & Priority'!$B$8:$E$12,2,FALSE))","v":""},null,null,null,null,null,null,null,"",{"$f":"IF(Y472=\"\",\"\",VLOOKUP(Y472,'Benefit Priority'!$B$25:$C$47,2,FALSE))","v":""},{"$f":"IF(OR(Q472=\"\",Z472=\"\"),\"\",VLOOKUP(VLOOKUP(Q472&\" Cost & \"&Z472&\" Benefit\",'Overall Priority'!$D$21:$E$45,2,FALSE),'Overall Priority'!$B$8:$E$16,4,FALSE))","v":""},{"$f":"IF(OR(Q472=\"\",Z472=\"\"),\"\",VLOOKUP(Q472&\" Cost & \"&Z472&\" Benefit\",'Overall Priority'!$D$21:$E$45,2,FALSE))","v":""}]
[null,null,null,null,null,null,null,null,null,null,null,null,null,null,null,{"$f":"IF(O473=\"\",\"\",IF(O473<'Cost Band & Priority'!$E$12,5,IF(O473<'Cost Band & Priority'!$E$11,4,IF(O473<'Cost Band & Priority'!$E$10,3,IF(O473<'Cost Band & Priority'!$E$9,2,1)))))","v":""},{"$f":"IF(P473=\"\",\"\",VLOOKUP(P473,'Cost Band & Priority'!$B$8:$E$12,2,FALSE))","v":""},null,null,null,null,null,null,null,"",{"$f":"IF(Y473=\"\",\"\",VLOOKUP(Y473,'Benefit Priority'!$B$25:$C$47,2,FALSE))","v":""},{"$f":"IF(OR(Q473=\"\",Z473=\"\"),\"\",VLOOKUP(VLOOKUP(Q473&\" Cost & \"&Z473&\" Benefit\",'Overall Priority'!$D$21:$E$45,2,FALSE),'Overall Priority'!$B$8:$E$16,4,FALSE))","v":""},{"$f":"IF(OR(Q473=\"\",Z473=\"\"),\"\",VLOOKUP(Q473&\" Cost & \"&Z473&\" Benefit\",'Overall Priority'!$D$21:$E$45,2,FALSE))","v":""}]
[null,null,null,null,null,null,null,null,null,null,null,null,null,null,null,{"$f":"IF(O474=\"\",\"\",IF(O474<'Cost Band & Priority'!$E$12,5,IF(O474<'Cost Band & Priority'!$E$11,4,IF(O474<'Cost Band & Priority'!$E$10,3,IF(O474<'Cost Band & Priority'!$E$9,2,1)))))","v":""},{"$f":"IF(P474=\"\",\"\",VLOOKUP(P474,'Cost Band & Priority'!$B$8:$E$12,2,FALSE))","v":""},null,null,null,null,null,null,null,"",{"$f":"IF(Y474=\"\",\"\",VLOOKUP(Y474,'Benefit Priority'!$B$25:$C$47,2,FALSE))","v":""},{"$f":"IF(OR(Q474=\"\",Z474=\"\"),\"\",VLOOKUP(VLOOKUP(Q474&\" Cost & \"&Z474&\" Benefit\",'Overall Priority'!$D$21:$E$45,2,FALSE),'Overall Priority'!$B$8:$E$16,4,FALSE))","v":""},{"$f":"IF(OR(Q474=\"\",Z474=\"\"),\"\",VLOOKUP(Q474&\" Cost & \"&Z474&\" Benefit\",'Overall Priority'!$D$21:$E$45,2,FALSE))","v":""}]
[null,null,null,null,null,null,null,null,null,null,null,null,null,null,null,{"$f":"IF(O475=\"\",\"\",IF(O475<'Cost Band & Priority'!$E$12,5,IF(O475<'Cost Band & Priority'!$E$11,4,IF(O475<'Cost Band & Priority'!$E$10,3,IF(O475<'Cost Band & Priority'!$E$9,2,1)))))","v":""},{"$f":"IF(P475=\"\",\"\",VLOOKUP(P475,'Cost Band & Priority'!$B$8:$E$12,2,FALSE))","v":""},null,null,null,null,null,null,null,"",{"$f":"IF(Y475=\"\",\"\",VLOOKUP(Y475,'Benefit Priority'!$B$25:$C$47,2,FALSE))","v":""},{"$f":"IF(OR(Q475=\"\",Z475=\"\"),\"\",VLOOKUP(VLOOKUP(Q475&\" Cost & \"&Z475&\" Benefit\",'Overall Priority'!$D$21:$E$45,2,FALSE),'Overall Priority'!$B$8:$E$16,4,FALSE))","v":""},{"$f":"IF(OR(Q475=\"\",Z475=\"\"),\"\",VLOOKUP(Q475&\" Cost & \"&Z475&\" Benefit\",'Overall Priority'!$D$21:$E$45,2,FALSE))","v":""}]
[null,null,null,null,null,null,null,null,null,null,null,null,null,null,null,{"$f":"IF(O476=\"\",\"\",IF(O476<'Cost Band & Priority'!$E$12,5,IF(O476<'Cost Band & Priority'!$E$11,4,IF(O476<'Cost Band & Priority'!$E$10,3,IF(O476<'Cost Band & Priority'!$E$9,2,1)))))","v":""},{"$f":"IF(P476=\"\",\"\",VLOOKUP(P476,'Cost Band & Priority'!$B$8:$E$12,2,FALSE))","v":""},null,null,null,null,null,null,null,"",{"$f":"IF(Y476=\"\",\"\",VLOOKUP(Y476,'Benefit Priority'!$B$25:$C$47,2,FALSE))","v":""},{"$f":"IF(OR(Q476=\"\",Z476=\"\"),\"\",VLOOKUP(VLOOKUP(Q476&\" Cost & \"&Z476&\" Benefit\",'Overall Priority'!$D$21:$E$45,2,FALSE),'Overall Priority'!$B$8:$E$16,4,FALSE))","v":""},{"$f":"IF(OR(Q476=\"\",Z476=\"\"),\"\",VLOOKUP(Q476&\" Cost & \"&Z476&\" Benefit\",'Overall Priority'!$D$21:$E$45,2,FALSE))","v":""}]
[null,null,null,null,null,null,null,null,null,null,null,null,null,null,null,{"$f":"IF(O477=\"\",\"\",IF(O477<'Cost Band & Priority'!$E$12,5,IF(O477<'Cost Band & Priority'!$E$11,4,IF(O477<'Cost Band & Priority'!$E$10,3,IF(O477<'Cost Band & Priority'!$E$9,2,1)))))","v":""},{"$f":"IF(P477=\"\",\"\",VLOOKUP(P477,'Cost Band & Priority'!$B$8:$E$12,2,FALSE))","v":""},null,null,null,null,null,null,null,"",{"$f":"IF(Y477=\"\",\"\",VLOOKUP(Y477,'Benefit Priority'!$B$25:$C$47,2,FALSE))","v":""},{"$f":"IF(OR(Q477=\"\",Z477=\"\"),\"\",VLOOKUP(VLOOKUP(Q477&\" Cost & \"&Z477&\" Benefit\",'Overall Priority'!$D$21:$E$45,2,FALSE),'Overall Priority'!$B$8:$E$16,4,FALSE))","v":""},{"$f":"IF(OR(Q477=\"\",Z477=\"\"),\"\",VLOOKUP(Q477&\" Cost & \"&Z477&\" Benefit\",'Overall Priority'!$D$21:$E$45,2,FALSE))","v":""}]
[null,null,null,null,null,null,null,null,null,null,null,null,null,null,null,{"$f":"IF(O478=\"\",\"\",IF(O478<'Cost Band & Priority'!$E$12,5,IF(O478<'Cost Band & Priority'!$E$11,4,IF(O478<'Cost Band & Priority'!$E$10,3,IF(O478<'Cost Band & Priority'!$E$9,2,1)))))","v":""},{"$f":"IF(P478=\"\",\"\",VLOOKUP(P478,'Cost Band & Priority'!$B$8:$E$12,2,FALSE))","v":""},null,null,null,null,null,null,null,"",{"$f":"IF(Y478=\"\",\"\",VLOOKUP(Y478,'Benefit Priority'!$B$25:$C$47,2,FALSE))","v":""},{"$f":"IF(OR(Q478=\"\",Z478=\"\"),\"\",VLOOKUP(VLOOKUP(Q478&\" Cost & \"&Z478&\" Benefit\",'Overall Priority'!$D$21:$E$45,2,FALSE),'Overall Priority'!$B$8:$E$16,4,FALSE))","v":""},{"$f":"IF(OR(Q478=\"\",Z478=\"\"),\"\",VLOOKUP(Q478&\" Cost & \"&Z478&\" Benefit\",'Overall Priority'!$D$21:$E$45,2,FALSE))","v":""}]
[null,null,null,null,null,null,null,null,null,null,null,null,null,null,null,{"$f":"IF(O479=\"\",\"\",IF(O479<'Cost Band & Priority'!$E$12,5,IF(O479<'Cost Band & Priority'!$E$11,4,IF(O479<'Cost Band & Priority'!$E$10,3,IF(O479<'Cost Band & Priority'!$E$9,2,1)))))","v":""},{"$f":"IF(P479=\"\",\"\",VLOOKUP(P479,'Cost Band & Priority'!$B$8:$E$12,2,FALSE))","v":""},null,null,null,null,null,null,null,"",{"$f":"IF(Y479=\"\",\"\",VLOOKUP(Y479,'Benefit Priority'!$B$25:$C$47,2,FALSE))","v":""},{"$f":"IF(OR(Q479=\"\",Z479=\"\"),\"\",VLOOKUP(VLOOKUP(Q479&\" Cost & \"&Z479&\" Benefit\",'Overall Priority'!$D$21:$E$45,2,FALSE),'Overall Priority'!$B$8:$E$16,4,FALSE))","v":""},{"$f":"IF(OR(Q479=\"\",Z479=\"\"),\"\",VLOOKUP(Q479&\" Cost & \"&Z479&\" Benefit\",'Overall Priority'!$D$21:$E$45,2,FALSE))","v":""}]
[null,null,null,null,null,null,null,null,null,null,null,null,null,null,null,{"$f":"IF(O480=\"\",\"\",IF(O480<'Cost Band & Priority'!$E$12,5,IF(O480<'Cost Band & Priority'!$E$11,4,IF(O480<'Cost Band & Priority'!$E$10,3,IF(O480<'Cost Band & Priority'!$E$9,2,1)))))","v":""},{"$f":"IF(P480=\"\",\"\",VLOOKUP(P480,'Cost Band & Priority'!$B$8:$E$12,2,FALSE))","v":""},null,null,null,null,null,null,null,"",{"$f":"IF(Y480=\"\",\"\",VLOOKUP(Y480,'Benefit Priority'!$B$25:$C$47,2,FALSE))","v":""},{"$f":"IF(OR(Q480=\"\",Z480=\"\"),\"\",VLOOKUP(VLOOKUP(Q480&\" Cost & \"&Z480&\" Benefit\",'Overall Priority'!$D$21:$E$45,2,FALSE),'Overall Priority'!$B$8:$E$16,4,FALSE))","v":""},{"$f":"IF(OR(Q480=\"\",Z480=\"\"),\"\",VLOOKUP(Q480&\" Cost & \"&Z480&\" Benefit\",'Overall Priority'!$D$21:$E$45,2,FALSE))","v":""}]
[null,null,null,null,null,null,null,null,null,null,null,null,null,null,null,{"$f":"IF(O481=\"\",\"\",IF(O481<'Cost Band & Priority'!$E$12,5,IF(O481<'Cost Band & Priority'!$E$11,4,IF(O481<'Cost Band & Priority'!$E$10,3,IF(O481<'Cost Band & Priority'!$E$9,2,1)))))","v":""},{"$f":"IF(P481=\"\",\"\",VLOOKUP(P481,'Cost Band & Priority'!$B$8:$E$12,2,FALSE))","v":""},null,null,null,null,null,null,null,"",{"$f":"IF(Y481=\"\",\"\",VLOOKUP(Y481,'Benefit Priority'!$B$25:$C$47,2,FALSE))","v":""},{"$f":"IF(OR(Q481=\"\",Z481=\"\"),\"\",VLOOKUP(VLOOKUP(Q481&\" Cost & \"&Z481&\" Benefit\",'Overall Priority'!$D$21:$E$45,2,FALSE),'Overall Priority'!$B$8:$E$16,4,FALSE))","v":""},{"$f":"IF(OR(Q481=\"\",Z481=\"\"),\"\",VLOOKUP(Q481&\" Cost & \"&Z481&\" Benefit\",'Overall Priority'!$D$21:$E$45,2,FALSE))","v":""}]
[null,null,null,null,null,null,null,null,null,null,null,null,null,null,null,{"$f":"IF(O482=\"\",\"\",IF(O482<'Cost Band & Priority'!$E$12,5,IF(O482<'Cost Band & Priority'!$E$11,4,IF(O482<'Cost Band & Priority'!$E$10,3,IF(O482<'Cost Band & Priority'!$E$9,2,1)))))","v":""},{"$f":"IF(P482=\"\",\"\",VLOOKUP(P482,'Cost Band & Priority'!$B$8:$E$12,2,FALSE))","v":""},null,null,null,null,null,null,null,"",{"$f":"IF(Y482=\"\",\"\",VLOOKUP(Y482,'Benefit Priority'!$B$25:$C$47,2,FALSE))","v":""},{"$f":"IF(OR(Q482=\"\",Z482=\"\"),\"\",VLOOKUP(VLOOKUP(Q482&\" Cost & \"&Z482&\" Benefit\",'Overall Priority'!$D$21:$E$45,2,FALSE),'Overall Priority'!$B$8:$E$16,4,FALSE))","v":""},{"$f":"IF(OR(Q482=\"\",Z482=\"\"),\"\",VLOOKUP(Q482&\" Cost & \"&Z482&\" Benefit\",'Overall Priority'!$D$21:$E$45,2,FALSE))","v":""}]
[null,null,null,null,null,null,null,null,null,null,null,null,null,null,null,{"$f":"IF(O483=\"\",\"\",IF(O483<'Cost Band & Priority'!$E$12,5,IF(O483<'Cost Band & Priority'!$E$11,4,IF(O483<'Cost Band & Priority'!$E$10,3,IF(O483<'Cost Band & Priority'!$E$9,2,1)))))","v":""},{"$f":"IF(P483=\"\",\"\",VLOOKUP(P483,'Cost Band & Priority'!$B$8:$E$12,2,FALSE))","v":""},null,null,null,null,null,null,null,"",{"$f":"IF(Y483=\"\",\"\",VLOOKUP(Y483,'Benefit Priority'!$B$25:$C$47,2,FALSE))","v":""},{"$f":"IF(OR(Q483=\"\",Z483=\"\"),\"\",VLOOKUP(VLOOKUP(Q483&\" Cost & \"&Z483&\" Benefit\",'Overall Priority'!$D$21:$E$45,2,FALSE),'Overall Priority'!$B$8:$E$16,4,FALSE))","v":""},{"$f":"IF(OR(Q483=\"\",Z483=\"\"),\"\",VLOOKUP(Q483&\" Cost & \"&Z483&\" Benefit\",'Overall Priority'!$D$21:$E$45,2,FALSE))","v":""}]
[null,null,null,null,null,null,null,null,null,null,null,null,null,null,null,{"$f":"IF(O484=\"\",\"\",IF(O484<'Cost Band & Priority'!$E$12,5,IF(O484<'Cost Band & Priority'!$E$11,4,IF(O484<'Cost Band & Priority'!$E$10,3,IF(O484<'Cost Band & Priority'!$E$9,2,1)))))","v":""},{"$f":"IF(P484=\"\",\"\",VLOOKUP(P484,'Cost Band & Priority'!$B$8:$E$12,2,FALSE))","v":""},null,null,null,null,null,null,null,"",{"$f":"IF(Y484=\"\",\"\",VLOOKUP(Y484,'Benefit Priority'!$B$25:$C$47,2,FALSE))","v":""},{"$f":"IF(OR(Q484=\"\",Z484=\"\"),\"\",VLOOKUP(VLOOKUP(Q484&\" Cost & \"&Z484&\" Benefit\",'Overall Priority'!$D$21:$E$45,2,FALSE),'Overall Priority'!$B$8:$E$16,4,FALSE))","v":""},{"$f":"IF(OR(Q484=\"\",Z484=\"\"),\"\",VLOOKUP(Q484&\" Cost & \"&Z484&\" Benefit\",'Overall Priority'!$D$21:$E$45,2,FALSE))","v":""}]
[null,null,null,null,null,null,null,null,null,null,null,null,null,null,null,{"$f":"IF(O485=\"\",\"\",IF(O485<'Cost Band & Priority'!$E$12,5,IF(O485<'Cost Band & Priority'!$E$11,4,IF(O485<'Cost Band & Priority'!$E$10,3,IF(O485<'Cost Band & Priority'!$E$9,2,1)))))","v":""},{"$f":"IF(P485=\"\",\"\",VLOOKUP(P485,'Cost Band & Priority'!$B$8:$E$12,2,FALSE))","v":""},null,null,null,null,null,null,null,"",{"$f":"IF(Y485=\"\",\"\",VLOOKUP(Y485,'Benefit Priority'!$B$25:$C$47,2,FALSE))","v":""},{"$f":"IF(OR(Q485=\"\",Z485=\"\"),\"\",VLOOKUP(VLOOKUP(Q485&\" Cost & \"&Z485&\" Benefit\",'Overall Priority'!$D$21:$E$45,2,FALSE),'Overall Priority'!$B$8:$E$16,4,FALSE))","v":""},{"$f":"IF(OR(Q485=\"\",Z485=\"\"),\"\",VLOOKUP(Q485&\" Cost & \"&Z485&\" Benefit\",'Overall Priority'!$D$21:$E$45,2,FALSE))","v":""}]
[null,null,null,null,null,null,null,null,null,null,null,null,null,null,null,{"$f":"IF(O486=\"\",\"\",IF(O486<'Cost Band & Priority'!$E$12,5,IF(O486<'Cost Band & Priority'!$E$11,4,IF(O486<'Cost Band & Priority'!$E$10,3,IF(O486<'Cost Band & Priority'!$E$9,2,1)))))","v":""},{"$f":"IF(P486=\"\",\"\",VLOOKUP(P486,'Cost Band & Priority'!$B$8:$E$12,2,FALSE))","v":""},null,null,null,null,null,null,null,"",{"$f":"IF(Y486=\"\",\"\",VLOOKUP(Y486,'Benefit Priority'!$B$25:$C$47,2,FALSE))","v":""},{"$f":"IF(OR(Q486=\"\",Z486=\"\"),\"\",VLOOKUP(VLOOKUP(Q486&\" Cost & \"&Z486&\" Benefit\",'Overall Priority'!$D$21:$E$45,2,FALSE),'Overall Priority'!$B$8:$E$16,4,FALSE))","v":""},{"$f":"IF(OR(Q486=\"\",Z486=\"\"),\"\",VLOOKUP(Q486&\" Cost & \"&Z486&\" Benefit\",'Overall Priority'!$D$21:$E$45,2,FALSE))","v":""}]
[null,null,null,null,null,null,null,null,null,null,null,null,null,null,null,{"$f":"IF(O487=\"\",\"\",IF(O487<'Cost Band & Priority'!$E$12,5,IF(O487<'Cost Band & Priority'!$E$11,4,IF(O487<'Cost Band & Priority'!$E$10,3,IF(O487<'Cost Band & Priority'!$E$9,2,1)))))","v":""},{"$f":"IF(P487=\"\",\"\",VLOOKUP(P487,'Cost Band & Priority'!$B$8:$E$12,2,FALSE))","v":""},null,null,null,null,null,null,null,"",{"$f":"IF(Y487=\"\",\"\",VLOOKUP(Y487,'Benefit Priority'!$B$25:$C$47,2,FALSE))","v":""},{"$f":"IF(OR(Q487=\"\",Z487=\"\"),\"\",VLOOKUP(VLOOKUP(Q487&\" Cost & \"&Z487&\" Benefit\",'Overall Priority'!$D$21:$E$45,2,FALSE),'Overall Priority'!$B$8:$E$16,4,FALSE))","v":""},{"$f":"IF(OR(Q487=\"\",Z487=\"\"),\"\",VLOOKUP(Q487&\" Cost & \"&Z487&\" Benefit\",'Overall Priority'!$D$21:$E$45,2,FALSE))","v":""}]
[null,null,null,null,null,null,null,null,null,null,null,null,null,null,null,{"$f":"IF(O488=\"\",\"\",IF(O488<'Cost Band & Priority'!$E$12,5,IF(O488<'Cost Band & Priority'!$E$11,4,IF(O488<'Cost Band & Priority'!$E$10,3,IF(O488<'Cost Band & Priority'!$E$9,2,1)))))","v":""},{"$f":"IF(P488=\"\",\"\",VLOOKUP(P488,'Cost Band & Priority'!$B$8:$E$12,2,FALSE))","v":""},null,null,null,null,null,null,null,"",{"$f":"IF(Y488=\"\",\"\",VLOOKUP(Y488,'Benefit Priority'!$B$25:$C$47,2,FALSE))","v":""},{"$f":"IF(OR(Q488=\"\",Z488=\"\"),\"\",VLOOKUP(VLOOKUP(Q488&\" Cost & \"&Z488&\" Benefit\",'Overall Priority'!$D$21:$E$45,2,FALSE),'Overall Priority'!$B$8:$E$16,4,FALSE))","v":""},{"$f":"IF(OR(Q488=\"\",Z488=\"\"),\"\",VLOOKUP(Q488&\" Cost & \"&Z488&\" Benefit\",'Overall Priority'!$D$21:$E$45,2,FALSE))","v":""}]
[null,null,null,null,null,null,null,null,null,null,null,null,null,null,null,{"$f":"IF(O489=\"\",\"\",IF(O489<'Cost Band & Priority'!$E$12,5,IF(O489<'Cost Band & Priority'!$E$11,4,IF(O489<'Cost Band & Priority'!$E$10,3,IF(O489<'Cost Band & Priority'!$E$9,2,1)))))","v":""},{"$f":"IF(P489=\"\",\"\",VLOOKUP(P489,'Cost Band & Priority'!$B$8:$E$12,2,FALSE))","v":""},null,null,null,null,null,null,null,"",{"$f":"IF(Y489=\"\",\"\",VLOOKUP(Y489,'Benefit Priority'!$B$25:$C$47,2,FALSE))","v":""},{"$f":"IF(OR(Q489=\"\",Z489=\"\"),\"\",VLOOKUP(VLOOKUP(Q489&\" Cost & \"&Z489&\" Benefit\",'Overall Priority'!$D$21:$E$45,2,FALSE),'Overall Priority'!$B$8:$E$16,4,FALSE))","v":""},{"$f":"IF(OR(Q489=\"\",Z489=\"\"),\"\",VLOOKUP(Q489&\" Cost & \"&Z489&\" Benefit\",'Overall Priority'!$D$21:$E$45,2,FALSE))","v":""}]
[null,null,null,null,null,null,null,null,null,null,null,null,null,null,null,{"$f":"IF(O490=\"\",\"\",IF(O490<'Cost Band & Priority'!$E$12,5,IF(O490<'Cost Band & Priority'!$E$11,4,IF(O490<'Cost Band & Priority'!$E$10,3,IF(O490<'Cost Band & Priority'!$E$9,2,1)))))","v":""},{"$f":"IF(P490=\"\",\"\",VLOOKUP(P490,'Cost Band & Priority'!$B$8:$E$12,2,FALSE))","v":""},null,null,null,null,null,null,null,"",{"$f":"IF(Y490=\"\",\"\",VLOOKUP(Y490,'Benefit Priority'!$B$25:$C$47,2,FALSE))","v":""},{"$f":"IF(OR(Q490=\"\",Z490=\"\"),\"\",VLOOKUP(VLOOKUP(Q490&\" Cost & \"&Z490&\" Benefit\",'Overall Priority'!$D$21:$E$45,2,FALSE),'Overall Priority'!$B$8:$E$16,4,FALSE))","v":""},{"$f":"IF(OR(Q490=\"\",Z490=\"\"),\"\",VLOOKUP(Q490&\" Cost & \"&Z490&\" Benefit\",'Overall Priority'!$D$21:$E$45,2,FALSE))","v":""}]
[null,null,null,null,null,null,null,null,null,null,null,null,null,null,null,{"$f":"IF(O491=\"\",\"\",IF(O491<'Cost Band & Priority'!$E$12,5,IF(O491<'Cost Band & Priority'!$E$11,4,IF(O491<'Cost Band & Priority'!$E$10,3,IF(O491<'Cost Band & Priority'!$E$9,2,1)))))","v":""},{"$f":"IF(P491=\"\",\"\",VLOOKUP(P491,'Cost Band & Priority'!$B$8:$E$12,2,FALSE))","v":""},null,null,null,null,null,null,null,"",{"$f":"IF(Y491=\"\",\"\",VLOOKUP(Y491,'Benefit Priority'!$B$25:$C$47,2,FALSE))","v":""},{"$f":"IF(OR(Q491=\"\",Z491=\"\"),\"\",VLOOKUP(VLOOKUP(Q491&\" Cost & \"&Z491&\" Benefit\",'Overall Priority'!$D$21:$E$45,2,FALSE),'Overall Priority'!$B$8:$E$16,4,FALSE))","v":""},{"$f":"IF(OR(Q491=\"\",Z491=\"\"),\"\",VLOOKUP(Q491&\" Cost & \"&Z491&\" Benefit\",'Overall Priority'!$D$21:$E$45,2,FALSE))","v":""}]
[null,null,null,null,null,null,null,null,null,null,null,null,null,null,null,{"$f":"IF(O492=\"\",\"\",IF(O492<'Cost Band & Priority'!$E$12,5,IF(O492<'Cost Band & Priority'!$E$11,4,IF(O492<'Cost Band & Priority'!$E$10,3,IF(O492<'Cost Band & Priority'!$E$9,2,1)))))","v":""},{"$f":"IF(P492=\"\",\"\",VLOOKUP(P492,'Cost Band & Priority'!$B$8:$E$12,2,FALSE))","v":""},null,null,null,null,null,null,null,"",{"$f":"IF(Y492=\"\",\"\",VLOOKUP(Y492,'Benefit Priority'!$B$25:$C$47,2,FALSE))","v":""},{"$f":"IF(OR(Q492=\"\",Z492=\"\"),\"\",VLOOKUP(VLOOKUP(Q492&\" Cost & \"&Z492&\" Benefit\",'Overall Priority'!$D$21:$E$45,2,FALSE),'Overall Priority'!$B$8:$E$16,4,FALSE))","v":""},{"$f":"IF(OR(Q492=\"\",Z492=\"\"),\"\",VLOOKUP(Q492&\" Cost & \"&Z492&\" Benefit\",'Overall Priority'!$D$21:$E$45,2,FALSE))","v":""}]
[null,null,null,null,null,null,null,null,null,null,null,null,null,null,null,{"$f":"IF(O493=\"\",\"\",IF(O493<'Cost Band & Priority'!$E$12,5,IF(O493<'Cost Band & Priority'!$E$11,4,IF(O493<'Cost Band & Priority'!$E$10,3,IF(O493<'Cost Band & Priority'!$E$9,2,1)))))","v":""},{"$f":"IF(P493=\"\",\"\",VLOOKUP(P493,'Cost Band & Priority'!$B$8:$E$12,2,FALSE))","v":""},null,null,null,null,null,null,null,"",{"$f":"IF(Y493=\"\",\"\",VLOOKUP(Y493,'Benefit Priority'!$B$25:$C$47,2,FALSE))","v":""},{"$f":"IF(OR(Q493=\"\",Z493=\"\"),\"\",VLOOKUP(VLOOKUP(Q493&\" Cost & \"&Z493&\" Benefit\",'Overall Priority'!$D$21:$E$45,2,FALSE),'Overall Priority'!$B$8:$E$16,4,FALSE))","v":""},{"$f":"IF(OR(Q493=\"\",Z493=\"\"),\"\",VLOOKUP(Q493&\" Cost & \"&Z493&\" Benefit\",'Overall Priority'!$D$21:$E$45,2,FALSE))","v":""}]
[null,null,null,null,null,null,null,null,null,null,null,null,null,null,null,{"$f":"IF(O494=\"\",\"\",IF(O494<'Cost Band & Priority'!$E$12,5,IF(O494<'Cost Band & Priority'!$E$11,4,IF(O494<'Cost Band & Priority'!$E$10,3,IF(O494<'Cost Band & Priority'!$E$9,2,1)))))","v":""},{"$f":"IF(P494=\"\",\"\",VLOOKUP(P494,'Cost Band & Priority'!$B$8:$E$12,2,FALSE))","v":""},null,null,null,null,null,null,null,"",{"$f":"IF(Y494=\"\",\"\",VLOOKUP(Y494,'Benefit Priority'!$B$25:$C$47,2,FALSE))","v":""},{"$f":"IF(OR(Q494=\"\",Z494=\"\"),\"\",VLOOKUP(VLOOKUP(Q494&\" Cost & \"&Z494&\" Benefit\",'Overall Priority'!$D$21:$E$45,2,FALSE),'Overall Priority'!$B$8:$E$16,4,FALSE))","v":""},{"$f":"IF(OR(Q494=\"\",Z494=\"\"),\"\",VLOOKUP(Q494&\" Cost & \"&Z494&\" Benefit\",'Overall Priority'!$D$21:$E$45,2,FALSE))","v":""}]
[null,null,null,null,null,null,null,null,null,null,null,null,null,null,null,{"$f":"IF(O495=\"\",\"\",IF(O495<'Cost Band & Priority'!$E$12,5,IF(O495<'Cost Band & Priority'!$E$11,4,IF(O495<'Cost Band & Priority'!$E$10,3,IF(O495<'Cost Band & Priority'!$E$9,2,1)))))","v":""},{"$f":"IF(P495=\"\",\"\",VLOOKUP(P495,'Cost Band & Priority'!$B$8:$E$12,2,FALSE))","v":""},null,null,null,null,null,null,null,"",{"$f":"IF(Y495=\"\",\"\",VLOOKUP(Y495,'Benefit Priority'!$B$25:$C$47,2,FALSE))","v":""},{"$f":"IF(OR(Q495=\"\",Z495=\"\"),\"\",VLOOKUP(VLOOKUP(Q495&\" Cost & \"&Z495&\" Benefit\",'Overall Priority'!$D$21:$E$45,2,FALSE),'Overall Priority'!$B$8:$E$16,4,FALSE))","v":""},{"$f":"IF(OR(Q495=\"\",Z495=\"\"),\"\",VLOOKUP(Q495&\" Cost & \"&Z495&\" Benefit\",'Overall Priority'!$D$21:$E$45,2,FALSE))","v":""}]
[null,null,null,null,null,null,null,null,null,null,null,null,null,null,null,{"$f":"IF(O496=\"\",\"\",IF(O496<'Cost Band & Priority'!$E$12,5,IF(O496<'Cost Band & Priority'!$E$11,4,IF(O496<'Cost Band & Priority'!$E$10,3,IF(O496<'Cost Band & Priority'!$E$9,2,1)))))","v":""},{"$f":"IF(P496=\"\",\"\",VLOOKUP(P496,'Cost Band & Priority'!$B$8:$E$12,2,FALSE))","v":""},null,null,null,null,null,null,null,"",{"$f":"IF(Y496=\"\",\"\",VLOOKUP(Y496,'Benefit Priority'!$B$25:$C$47,2,FALSE))","v":""},{"$f":"IF(OR(Q496=\"\",Z496=\"\"),\"\",VLOOKUP(VLOOKUP(Q496&\" Cost & \"&Z496&\" Benefit\",'Overall Priority'!$D$21:$E$45,2,FALSE),'Overall Priority'!$B$8:$E$16,4,FALSE))","v":""},{"$f":"IF(OR(Q496=\"\",Z496=\"\"),\"\",VLOOKUP(Q496&\" Cost & \"&Z496&\" Benefit\",'Overall Priority'!$D$21:$E$45,2,FALSE))","v":""}]
[null,null,null,null,null,null,null,null,null,null,null,null,null,null,null,{"$f":"IF(O497=\"\",\"\",IF(O497<'Cost Band & Priority'!$E$12,5,IF(O497<'Cost Band & Priority'!$E$11,4,IF(O497<'Cost Band & Priority'!$E$10,3,IF(O497<'Cost Band & Priority'!$E$9,2,1)))))","v":""},{"$f":"IF(P497=\"\",\"\",VLOOKUP(P497,'Cost Band & Priority'!$B$8:$E$12,2,FALSE))","v":""},null,null,null,null,null,null,null,"",{"$f":"IF(Y497=\"\",\"\",VLOOKUP(Y497,'Benefit Priority'!$B$25:$C$47,2,FALSE))","v":""},{"$f":"IF(OR(Q497=\"\",Z497=\"\"),\"\",VLOOKUP(VLOOKUP(Q497&\" Cost & \"&Z497&\" Benefit\",'Overall Priority'!$D$21:$E$45,2,FALSE),'Overall Priority'!$B$8:$E$16,4,FALSE))","v":""},{"$f":"IF(OR(Q497=\"\",Z497=\"\"),\"\",VLOOKUP(Q497&\" Cost & \"&Z497&\" Benefit\",'Overall Priority'!$D$21:$E$45,2,FALSE))","v":""}]
[null,null,null,null,null,null,null,null,null,null,null,null,null,null,null,{"$f":"IF(O498=\"\",\"\",IF(O498<'Cost Band & Priority'!$E$12,5,IF(O498<'Cost Band & Priority'!$E$11,4,IF(O498<'Cost Band & Priority'!$E$10,3,IF(O498<'Cost Band & Priority'!$E$9,2,1)))))","v":""},{"$f":"IF(P498=\"\",\"\",VLOOKUP(P498,'Cost Band & Priority'!$B$8:$E$12,2,FALSE))","v":""},null,null,null,null,null,null,null,"",{"$f":"IF(Y498=\"\",\"\",VLOOKUP(Y498,'Benefit Priority'!$B$25:$C$47,2,FALSE))","v":""},{"$f":"IF(OR(Q498=\"\",Z498=\"\"),\"\",VLOOKUP(VLOOKUP(Q498&\" Cost & \"&Z498&\" Benefit\",'Overall Priority'!$D$21:$E$45,2,FALSE),'Overall Priority'!$B$8:$E$16,4,FALSE))","v":""},{"$f":"IF(OR(Q498=\"\",Z498=\"\"),\"\",VLOOKUP(Q498&\" Cost & \"&Z498&\" Benefit\",'Overall Priority'!$D$21:$E$45,2,FALSE))","v":""}]
[null,null,null,null,null,null,null,null,null,null,null,null,null,null,null,{"$f":"IF(O499=\"\",\"\",IF(O499<'Cost Band & Priority'!$E$12,5,IF(O499<'Cost Band & Priority'!$E$11,4,IF(O499<'Cost Band & Priority'!$E$10,3,IF(O499<'Cost Band & Priority'!$E$9,2,1)))))","v":""},{"$f":"IF(P499=\"\",\"\",VLOOKUP(P499,'Cost Band & Priority'!$B$8:$E$12,2,FALSE))","v":""},null,null,null,null,null,null,null,"",{"$f":"IF(Y499=\"\",\"\",VLOOKUP(Y499,'Benefit Priority'!$B$25:$C$47,2,FALSE))","v":""},{"$f":"IF(OR(Q499=\"\",Z499=\"\"),\"\",VLOOKUP(VLOOKUP(Q499&\" Cost & \"&Z499&\" Benefit\",'Overall Priority'!$D$21:$E$45,2,FALSE),'Overall Priority'!$B$8:$E$16,4,FALSE))","v":""},{"$f":"IF(OR(Q499=\"\",Z499=\"\"),\"\",VLOOKUP(Q499&\" Cost & \"&Z499&\" Benefit\",'Overall Priority'!$D$21:$E$45,2,FALSE))","v":""}]
[null,null,null,null,null,null,null,null,null,null,null,null,null,null,null,{"$f":"IF(O500=\"\",\"\",IF(O500<'Cost Band & Priority'!$E$12,5,IF(O500<'Cost Band & Priority'!$E$11,4,IF(O500<'Cost Band & Priority'!$E$10,3,IF(O500<'Cost Band & Priority'!$E$9,2,1)))))","v":""},{"$f":"IF(P500=\"\",\"\",VLOOKUP(P500,'Cost Band & Priority'!$B$8:$E$12,2,FALSE))","v":""},null,null,null,null,null,null,null,"",{"$f":"IF(Y500=\"\",\"\",VLOOKUP(Y500,'Benefit Priority'!$B$25:$C$47,2,FALSE))","v":""},{"$f":"IF(OR(Q500=\"\",Z500=\"\"),\"\",VLOOKUP(VLOOKUP(Q500&\" Cost & \"&Z500&\" Benefit\",'Overall Priority'!$D$21:$E$45,2,FALSE),'Overall Priority'!$B$8:$E$16,4,FALSE))","v":""},{"$f":"IF(OR(Q500=\"\",Z500=\"\"),\"\",VLOOKUP(Q500&\" Cost & \"&Z500&\" Benefit\",'Overall Priority'!$D$21:$E$45,2,FALSE))","v":""}]
[null,null,null,null,null,null,null,null,null,null,null,null,null,null,null,{"$f":"IF(O501=\"\",\"\",IF(O501<'Cost Band & Priority'!$E$12,5,IF(O501<'Cost Band & Priority'!$E$11,4,IF(O501<'Cost Band & Priority'!$E$10,3,IF(O501<'Cost Band & Priority'!$E$9,2,1)))))","v":""},{"$f":"IF(P501=\"\",\"\",VLOOKUP(P501,'Cost Band & Priority'!$B$8:$E$12,2,FALSE))","v":""},null,null,null,null,null,null,null,"",{"$f":"IF(Y501=\"\",\"\",VLOOKUP(Y501,'Benefit Priority'!$B$25:$C$47,2,FALSE))","v":""},{"$f":"IF(OR(Q501=\"\",Z501=\"\"),\"\",VLOOKUP(VLOOKUP(Q501&\" Cost & \"&Z501&\" Benefit\",'Overall Priority'!$D$21:$E$45,2,FALSE),'Overall Priority'!$B$8:$E$16,4,FALSE))","v":""},{"$f":"IF(OR(Q501=\"\",Z501=\"\"),\"\",VLOOKUP(Q501&\" Cost & \"&Z501&\" Benefit\",'Overall Priority'!$D$21:$E$45,2,FALSE))","v":""}]
[null,null,null,null,null,null,null,null,null,null,null,null,null,null,null,{"$f":"IF(O502=\"\",\"\",IF(O502<'Cost Band & Priority'!$E$12,5,IF(O502<'Cost Band & Priority'!$E$11,4,IF(O502<'Cost Band & Priority'!$E$10,3,IF(O502<'Cost Band & Priority'!$E$9,2,1)))))","v":""},{"$f":"IF(P502=\"\",\"\",VLOOKUP(P502,'Cost Band & Priority'!$B$8:$E$12,2,FALSE))","v":""},null,null,null,null,null,null,null,"",{"$f":"IF(Y502=\"\",\"\",VLOOKUP(Y502,'Benefit Priority'!$B$25:$C$47,2,FALSE))","v":""},{"$f":"IF(OR(Q502=\"\",Z502=\"\"),\"\",VLOOKUP(VLOOKUP(Q502&\" Cost & \"&Z502&\" Benefit\",'Overall Priority'!$D$21:$E$45,2,FALSE),'Overall Priority'!$B$8:$E$16,4,FALSE))","v":""},{"$f":"IF(OR(Q502=\"\",Z502=\"\"),\"\",VLOOKUP(Q502&\" Cost & \"&Z502&\" Benefit\",'Overall Priority'!$D$21:$E$45,2,FALSE))","v":""}]
[null,null,null,null,null,null,null,null,null,null,null,null,null,null,null,{"$f":"IF(O503=\"\",\"\",IF(O503<'Cost Band & Priority'!$E$12,5,IF(O503<'Cost Band & Priority'!$E$11,4,IF(O503<'Cost Band & Priority'!$E$10,3,IF(O503<'Cost Band & Priority'!$E$9,2,1)))))","v":""},{"$f":"IF(P503=\"\",\"\",VLOOKUP(P503,'Cost Band & Priority'!$B$8:$E$12,2,FALSE))","v":""},null,null,null,null,null,null,null,"",{"$f":"IF(Y503=\"\",\"\",VLOOKUP(Y503,'Benefit Priority'!$B$25:$C$47,2,FALSE))","v":""},{"$f":"IF(OR(Q503=\"\",Z503=\"\"),\"\",VLOOKUP(VLOOKUP(Q503&\" Cost & \"&Z503&\" Benefit\",'Overall Priority'!$D$21:$E$45,2,FALSE),'Overall Priority'!$B$8:$E$16,4,FALSE))","v":""},{"$f":"IF(OR(Q503=\"\",Z503=\"\"),\"\",VLOOKUP(Q503&\" Cost & \"&Z503&\" Benefit\",'Overall Priority'!$D$21:$E$45,2,FALSE))","v":""}]
[null,null,null,null,null,null,null,null,null,null,null,null,null,null,null,{"$f":"IF(O504=\"\",\"\",IF(O504<'Cost Band & Priority'!$E$12,5,IF(O504<'Cost Band & Priority'!$E$11,4,IF(O504<'Cost Band & Priority'!$E$10,3,IF(O504<'Cost Band & Priority'!$E$9,2,1)))))","v":""},{"$f":"IF(P504=\"\",\"\",VLOOKUP(P504,'Cost Band & Priority'!$B$8:$E$12,2,FALSE))","v":""},null,null,null,null,null,null,null,"",{"$f":"IF(Y504=\"\",\"\",VLOOKUP(Y504,'Benefit Priority'!$B$25:$C$47,2,FALSE))","v":""},{"$f":"IF(OR(Q504=\"\",Z504=\"\"),\"\",VLOOKUP(VLOOKUP(Q504&\" Cost & \"&Z504&\" Benefit\",'Overall Priority'!$D$21:$E$45,2,FALSE),'Overall Priority'!$B$8:$E$16,4,FALSE))","v":""},{"$f":"IF(OR(Q504=\"\",Z504=\"\"),\"\",VLOOKUP(Q504&\" Cost & \"&Z504&\" Benefit\",'Overall Priority'!$D$21:$E$45,2,FALSE))","v":""}]
[null,null,null,null,null,null,null,null,null,null,null,null,null,null,null,{"$f":"IF(O505=\"\",\"\",IF(O505<'Cost Band & Priority'!$E$12,5,IF(O505<'Cost Band & Priority'!$E$11,4,IF(O505<'Cost Band & Priority'!$E$10,3,IF(O505<'Cost Band & Priority'!$E$9,2,1)))))","v":""},{"$f":"IF(P505=\"\",\"\",VLOOKUP(P505,'Cost Band & Priority'!$B$8:$E$12,2,FALSE))","v":""},null,null,null,null,null,null,null,"",{"$f":"IF(Y505=\"\",\"\",VLOOKUP(Y505,'Benefit Priority'!$B$25:$C$47,2,FALSE))","v":""},{"$f":"IF(OR(Q505=\"\",Z505=\"\"),\"\",VLOOKUP(VLOOKUP(Q505&\" Cost & \"&Z505&\" Benefit\",'Overall Priority'!$D$21:$E$45,2,FALSE),'Overall Priority'!$B$8:$E$16,4,FALSE))","v":""},{"$f":"IF(OR(Q505=\"\",Z505=\"\"),\"\",VLOOKUP(Q505&\" Cost & \"&Z505&\" Benefit\",'Overall Priority'!$D$21:$E$45,2,FALSE))","v":""}]
[null,null,null,null,null,null,null,null,null,null,null,null,null,null,null,{"$f":"IF(O506=\"\",\"\",IF(O506<'Cost Band & Priority'!$E$12,5,IF(O506<'Cost Band & Priority'!$E$11,4,IF(O506<'Cost Band & Priority'!$E$10,3,IF(O506<'Cost Band & Priority'!$E$9,2,1)))))","v":""},{"$f":"IF(P506=\"\",\"\",VLOOKUP(P506,'Cost Band & Priority'!$B$8:$E$12,2,FALSE))","v":""},null,null,null,null,null,null,null,"",{"$f":"IF(Y506=\"\",\"\",VLOOKUP(Y506,'Benefit Priority'!$B$25:$C$47,2,FALSE))","v":""},{"$f":"IF(OR(Q506=\"\",Z506=\"\"),\"\",VLOOKUP(VLOOKUP(Q506&\" Cost & \"&Z506&\" Benefit\",'Overall Priority'!$D$21:$E$45,2,FALSE),'Overall Priority'!$B$8:$E$16,4,FALSE))","v":""},{"$f":"IF(OR(Q506=\"\",Z506=\"\"),\"\",VLOOKUP(Q506&\" Cost & \"&Z506&\" Benefit\",'Overall Priority'!$D$21:$E$45,2,FALSE))","v":""}]
[null,null,null,null,null,null,null,null,null,null,null,null,null,null,null,{"$f":"IF(O507=\"\",\"\",IF(O507<'Cost Band & Priority'!$E$12,5,IF(O507<'Cost Band & Priority'!$E$11,4,IF(O507<'Cost Band & Priority'!$E$10,3,IF(O507<'Cost Band & Priority'!$E$9,2,1)))))","v":""},{"$f":"IF(P507=\"\",\"\",VLOOKUP(P507,'Cost Band & Priority'!$B$8:$E$12,2,FALSE))","v":""},null,null,null,null,null,null,null,"",{"$f":"IF(Y507=\"\",\"\",VLOOKUP(Y507,'Benefit Priority'!$B$25:$C$47,2,FALSE))","v":""},{"$f":"IF(OR(Q507=\"\",Z507=\"\"),\"\",VLOOKUP(VLOOKUP(Q507&\" Cost & \"&Z507&\" Benefit\",'Overall Priority'!$D$21:$E$45,2,FALSE),'Overall Priority'!$B$8:$E$16,4,FALSE))","v":""},{"$f":"IF(OR(Q507=\"\",Z507=\"\"),\"\",VLOOKUP(Q507&\" Cost & \"&Z507&\" Benefit\",'Overall Priority'!$D$21:$E$45,2,FALSE))","v":""}]
[null,null,null,null,null,null,null,null,null,null,null,null,null,null,null,{"$f":"IF(O508=\"\",\"\",IF(O508<'Cost Band & Priority'!$E$12,5,IF(O508<'Cost Band & Priority'!$E$11,4,IF(O508<'Cost Band & Priority'!$E$10,3,IF(O508<'Cost Band & Priority'!$E$9,2,1)))))","v":""},{"$f":"IF(P508=\"\",\"\",VLOOKUP(P508,'Cost Band & Priority'!$B$8:$E$12,2,FALSE))","v":""},null,null,null,null,null,null,null,"",{"$f":"IF(Y508=\"\",\"\",VLOOKUP(Y508,'Benefit Priority'!$B$25:$C$47,2,FALSE))","v":""},{"$f":"IF(OR(Q508=\"\",Z508=\"\"),\"\",VLOOKUP(VLOOKUP(Q508&\" Cost & \"&Z508&\" Benefit\",'Overall Priority'!$D$21:$E$45,2,FALSE),'Overall Priority'!$B$8:$E$16,4,FALSE))","v":""},{"$f":"IF(OR(Q508=\"\",Z508=\"\"),\"\",VLOOKUP(Q508&\" Cost & \"&Z508&\" Benefit\",'Overall Priority'!$D$21:$E$45,2,FALSE))","v":""}]
[null,null,null,null,null,null,null,null,null,null,null,null,null,null,null,{"$f":"IF(O509=\"\",\"\",IF(O509<'Cost Band & Priority'!$E$12,5,IF(O509<'Cost Band & Priority'!$E$11,4,IF(O509<'Cost Band & Priority'!$E$10,3,IF(O509<'Cost Band & Priority'!$E$9,2,1)))))","v":""},{"$f":"IF(P509=\"\",\"\",VLOOKUP(P509,'Cost Band & Priority'!$B$8:$E$12,2,FALSE))","v":""},null,null,null,null,null,null,null,"",{"$f":"IF(Y509=\"\",\"\",VLOOKUP(Y509,'Benefit Priority'!$B$25:$C$47,2,FALSE))","v":""},{"$f":"IF(OR(Q509=\"\",Z509=\"\"),\"\",VLOOKUP(VLOOKUP(Q509&\" Cost & \"&Z509&\" Benefit\",'Overall Priority'!$D$21:$E$45,2,FALSE),'Overall Priority'!$B$8:$E$16,4,FALSE))","v":""},{"$f":"IF(OR(Q509=\"\",Z509=\"\"),\"\",VLOOKUP(Q509&\" Cost & \"&Z509&\" Benefit\",'Overall Priority'!$D$21:$E$45,2,FALSE))","v":""}]
[null,null,null,null,null,null,null,null,null,null,null,null,null,null,null,{"$f":"IF(O510=\"\",\"\",IF(O510<'Cost Band & Priority'!$E$12,5,IF(O510<'Cost Band & Priority'!$E$11,4,IF(O510<'Cost Band & Priority'!$E$10,3,IF(O510<'Cost Band & Priority'!$E$9,2,1)))))","v":""},{"$f":"IF(P510=\"\",\"\",VLOOKUP(P510,'Cost Band & Priority'!$B$8:$E$12,2,FALSE))","v":""},null,null,null,null,null,null,null,"",{"$f":"IF(Y510=\"\",\"\",VLOOKUP(Y510,'Benefit Priority'!$B$25:$C$47,2,FALSE))","v":""},{"$f":"IF(OR(Q510=\"\",Z510=\"\"),\"\",VLOOKUP(VLOOKUP(Q510&\" Cost & \"&Z510&\" Benefit\",'Overall Priority'!$D$21:$E$45,2,FALSE),'Overall Priority'!$B$8:$E$16,4,FALSE))","v":""},{"$f":"IF(OR(Q510=\"\",Z510=\"\"),\"\",VLOOKUP(Q510&\" Cost & \"&Z510&\" Benefit\",'Overall Priority'!$D$21:$E$45,2,FALSE))","v":""}]
[null,null,null,null,null,null,null,null,null,null,null,null,null,null,null,{"$f":"IF(O511=\"\",\"\",IF(O511<'Cost Band & Priority'!$E$12,5,IF(O511<'Cost Band & Priority'!$E$11,4,IF(O511<'Cost Band & Priority'!$E$10,3,IF(O511<'Cost Band & Priority'!$E$9,2,1)))))","v":""},{"$f":"IF(P511=\"\",\"\",VLOOKUP(P511,'Cost Band & Priority'!$B$8:$E$12,2,FALSE))","v":""},null,null,null,null,null,null,null,"",{"$f":"IF(Y511=\"\",\"\",VLOOKUP(Y511,'Benefit Priority'!$B$25:$C$47,2,FALSE))","v":""},{"$f":"IF(OR(Q511=\"\",Z511=\"\"),\"\",VLOOKUP(VLOOKUP(Q511&\" Cost & \"&Z511&\" Benefit\",'Overall Priority'!$D$21:$E$45,2,FALSE),'Overall Priority'!$B$8:$E$16,4,FALSE))","v":""},{"$f":"IF(OR(Q511=\"\",Z511=\"\"),\"\",VLOOKUP(Q511&\" Cost & \"&Z511&\" Benefit\",'Overall Priority'!$D$21:$E$45,2,FALSE))","v":""}]
[null,null,null,null,null,null,null,null,null,null,null,null,null,null,null,{"$f":"IF(O512=\"\",\"\",IF(O512<'Cost Band & Priority'!$E$12,5,IF(O512<'Cost Band & Priority'!$E$11,4,IF(O512<'Cost Band & Priority'!$E$10,3,IF(O512<'Cost Band & Priority'!$E$9,2,1)))))","v":""},{"$f":"IF(P512=\"\",\"\",VLOOKUP(P512,'Cost Band & Priority'!$B$8:$E$12,2,FALSE))","v":""},null,null,null,null,null,null,null,"",{"$f":"IF(Y512=\"\",\"\",VLOOKUP(Y512,'Benefit Priority'!$B$25:$C$47,2,FALSE))","v":""},{"$f":"IF(OR(Q512=\"\",Z512=\"\"),\"\",VLOOKUP(VLOOKUP(Q512&\" Cost & \"&Z512&\" Benefit\",'Overall Priority'!$D$21:$E$45,2,FALSE),'Overall Priority'!$B$8:$E$16,4,FALSE))","v":""},{"$f":"IF(OR(Q512=\"\",Z512=\"\"),\"\",VLOOKUP(Q512&\" Cost & \"&Z512&\" Benefit\",'Overall Priority'!$D$21:$E$45,2,FALSE))","v":""}]
[null,null,null,null,null,null,null,null,null,null,null,null,null,null,null,{"$f":"IF(O513=\"\",\"\",IF(O513<'Cost Band & Priority'!$E$12,5,IF(O513<'Cost Band & Priority'!$E$11,4,IF(O513<'Cost Band & Priority'!$E$10,3,IF(O513<'Cost Band & Priority'!$E$9,2,1)))))","v":""},{"$f":"IF(P513=\"\",\"\",VLOOKUP(P513,'Cost Band & Priority'!$B$8:$E$12,2,FALSE))","v":""},null,null,null,null,null,null,null,"",{"$f":"IF(Y513=\"\",\"\",VLOOKUP(Y513,'Benefit Priority'!$B$25:$C$47,2,FALSE))","v":""},{"$f":"IF(OR(Q513=\"\",Z513=\"\"),\"\",VLOOKUP(VLOOKUP(Q513&\" Cost & \"&Z513&\" Benefit\",'Overall Priority'!$D$21:$E$45,2,FALSE),'Overall Priority'!$B$8:$E$16,4,FALSE))","v":""},{"$f":"IF(OR(Q513=\"\",Z513=\"\"),\"\",VLOOKUP(Q513&\" Cost & \"&Z513&\" Benefit\",'Overall Priority'!$D$21:$E$45,2,FALSE))","v":""}]
[null,null,null,null,null,null,null,null,null,null,null,null,null,null,null,{"$f":"IF(O514=\"\",\"\",IF(O514<'Cost Band & Priority'!$E$12,5,IF(O514<'Cost Band & Priority'!$E$11,4,IF(O514<'Cost Band & Priority'!$E$10,3,IF(O514<'Cost Band & Priority'!$E$9,2,1)))))","v":""},{"$f":"IF(P514=\"\",\"\",VLOOKUP(P514,'Cost Band & Priority'!$B$8:$E$12,2,FALSE))","v":""},null,null,null,null,null,null,null,{"$f":"IF(AND(R514>0,S514>0,T514>0,U514>0,V514>0,W514>0,X514>0),SUM(R514:X514),\"\")","v":""},{"$f":"IF(Y514=\"\",\"\",VLOOKUP(Y514,'Benefit Priority'!$B$25:$C$47,2,FALSE))","v":""},{"$f":"IF(OR(Q514=\"\",Z514=\"\"),\"\",VLOOKUP(VLOOKUP(Q514&\" Cost & \"&Z514&\" Benefit\",'Overall Priority'!$D$21:$E$45,2,FALSE),'Overall Priority'!$B$8:$E$16,4,FALSE))","v":""},{"$f":"IF(OR(Q514=\"\",Z514=\"\"),\"\",VLOOKUP(Q514&\" Cost & \"&Z514&\" Benefit\",'Overall Priority'!$D$21:$E$45,2,FALSE))","v":""}]
[null,null,null,null,null,null,null,null,null,null,null,null,null,null,null,{"$f":"IF(O515=\"\",\"\",IF(O515<'Cost Band & Priority'!$E$12,5,IF(O515<'Cost Band & Priority'!$E$11,4,IF(O515<'Cost Band & Priority'!$E$10,3,IF(O515<'Cost Band & Priority'!$E$9,2,1)))))","v":""},{"$f":"IF(P515=\"\",\"\",VLOOKUP(P515,'Cost Band & Priority'!$B$8:$E$12,2,FALSE))","v":""},null,null,null,null,null,null,null,"",{"$f":"IF(Y515=\"\",\"\",VLOOKUP(Y515,'Benefit Priority'!$B$25:$C$47,2,FALSE))","v":""},{"$f":"IF(OR(Q515=\"\",Z515=\"\"),\"\",VLOOKUP(VLOOKUP(Q515&\" Cost & \"&Z515&\" Benefit\",'Overall Priority'!$D$21:$E$45,2,FALSE),'Overall Priority'!$B$8:$E$16,4,FALSE))","v":""},{"$f":"IF(OR(Q515=\"\",Z515=\"\"),\"\",VLOOKUP(Q515&\" Cost & \"&Z515&\" Benefit\",'Overall Priority'!$D$21:$E$45,2,FALSE))","v":""}]
[null,null,null,null,null,null,null,null,null,null,null,null,null,null,null,{"$f":"IF(O516=\"\",\"\",IF(O516<'Cost Band & Priority'!$E$12,5,IF(O516<'Cost Band & Priority'!$E$11,4,IF(O516<'Cost Band & Priority'!$E$10,3,IF(O516<'Cost Band & Priority'!$E$9,2,1)))))","v":""},{"$f":"IF(P516=\"\",\"\",VLOOKUP(P516,'Cost Band & Priority'!$B$8:$E$12,2,FALSE))","v":""},null,null,null,null,null,null,null,"",{"$f":"IF(Y516=\"\",\"\",VLOOKUP(Y516,'Benefit Priority'!$B$25:$C$47,2,FALSE))","v":""},{"$f":"IF(OR(Q516=\"\",Z516=\"\"),\"\",VLOOKUP(VLOOKUP(Q516&\" Cost & \"&Z516&\" Benefit\",'Overall Priority'!$D$21:$E$45,2,FALSE),'Overall Priority'!$B$8:$E$16,4,FALSE))","v":""},{"$f":"IF(OR(Q516=\"\",Z516=\"\"),\"\",VLOOKUP(Q516&\" Cost & \"&Z516&\" Benefit\",'Overall Priority'!$D$21:$E$45,2,FALSE))","v":""}]
[null,null,null,null,null,null,null,null,null,null,null,null,null,null,null,{"$f":"IF(O517=\"\",\"\",IF(O517<'Cost Band & Priority'!$E$12,5,IF(O517<'Cost Band & Priority'!$E$11,4,IF(O517<'Cost Band & Priority'!$E$10,3,IF(O517<'Cost Band & Priority'!$E$9,2,1)))))","v":""},{"$f":"IF(P517=\"\",\"\",VLOOKUP(P517,'Cost Band & Priority'!$B$8:$E$12,2,FALSE))","v":""},null,null,null,null,null,null,null,"",{"$f":"IF(Y517=\"\",\"\",VLOOKUP(Y517,'Benefit Priority'!$B$25:$C$47,2,FALSE))","v":""},{"$f":"IF(OR(Q517=\"\",Z517=\"\"),\"\",VLOOKUP(VLOOKUP(Q517&\" Cost & \"&Z517&\" Benefit\",'Overall Priority'!$D$21:$E$45,2,FALSE),'Overall Priority'!$B$8:$E$16,4,FALSE))","v":""},{"$f":"IF(OR(Q517=\"\",Z517=\"\"),\"\",VLOOKUP(Q517&\" Cost & \"&Z517&\" Benefit\",'Overall Priority'!$D$21:$E$45,2,FALSE))","v":""}]
[null,null,null,null,null,null,null,null,null,null,null,null,null,null,null,{"$f":"IF(O518=\"\",\"\",IF(O518<'Cost Band & Priority'!$E$12,5,IF(O518<'Cost Band & Priority'!$E$11,4,IF(O518<'Cost Band & Priority'!$E$10,3,IF(O518<'Cost Band & Priority'!$E$9,2,1)))))","v":""},{"$f":"IF(P518=\"\",\"\",VLOOKUP(P518,'Cost Band & Priority'!$B$8:$E$12,2,FALSE))","v":""},null,null,null,null,null,null,null,"",{"$f":"IF(Y518=\"\",\"\",VLOOKUP(Y518,'Benefit Priority'!$B$25:$C$47,2,FALSE))","v":""},{"$f":"IF(OR(Q518=\"\",Z518=\"\"),\"\",VLOOKUP(VLOOKUP(Q518&\" Cost & \"&Z518&\" Benefit\",'Overall Priority'!$D$21:$E$45,2,FALSE),'Overall Priority'!$B$8:$E$16,4,FALSE))","v":""},{"$f":"IF(OR(Q518=\"\",Z518=\"\"),\"\",VLOOKUP(Q518&\" Cost & \"&Z518&\" Benefit\",'Overall Priority'!$D$21:$E$45,2,FALSE))","v":""}]
[null,null,null,null,null,null,null,null,null,null,null,null,null,null,null,{"$f":"IF(O519=\"\",\"\",IF(O519<'Cost Band & Priority'!$E$12,5,IF(O519<'Cost Band & Priority'!$E$11,4,IF(O519<'Cost Band & Priority'!$E$10,3,IF(O519<'Cost Band & Priority'!$E$9,2,1)))))","v":""},{"$f":"IF(P519=\"\",\"\",VLOOKUP(P519,'Cost Band & Priority'!$B$8:$E$12,2,FALSE))","v":""},null,null,null,null,null,null,null,"",{"$f":"IF(Y519=\"\",\"\",VLOOKUP(Y519,'Benefit Priority'!$B$25:$C$47,2,FALSE))","v":""},{"$f":"IF(OR(Q519=\"\",Z519=\"\"),\"\",VLOOKUP(VLOOKUP(Q519&\" Cost & \"&Z519&\" Benefit\",'Overall Priority'!$D$21:$E$45,2,FALSE),'Overall Priority'!$B$8:$E$16,4,FALSE))","v":""},{"$f":"IF(OR(Q519=\"\",Z519=\"\"),\"\",VLOOKUP(Q519&\" Cost & \"&Z519&\" Benefit\",'Overall Priority'!$D$21:$E$45,2,FALSE))","v":""}]
[null,null,null,null,null,null,null,null,null,null,null,null,null,null,null,{"$f":"IF(O520=\"\",\"\",IF(O520<'Cost Band & Priority'!$E$12,5,IF(O520<'Cost Band & Priority'!$E$11,4,IF(O520<'Cost Band & Priority'!$E$10,3,IF(O520<'Cost Band & Priority'!$E$9,2,1)))))","v":""},{"$f":"IF(P520=\"\",\"\",VLOOKUP(P520,'Cost Band & Priority'!$B$8:$E$12,2,FALSE))","v":""},null,null,null,null,null,null,null,"",{"$f":"IF(Y520=\"\",\"\",VLOOKUP(Y520,'Benefit Priority'!$B$25:$C$47,2,FALSE))","v":""},{"$f":"IF(OR(Q520=\"\",Z520=\"\"),\"\",VLOOKUP(VLOOKUP(Q520&\" Cost & \"&Z520&\" Benefit\",'Overall Priority'!$D$21:$E$45,2,FALSE),'Overall Priority'!$B$8:$E$16,4,FALSE))","v":""},{"$f":"IF(OR(Q520=\"\",Z520=\"\"),\"\",VLOOKUP(Q520&\" Cost & \"&Z520&\" Benefit\",'Overall Priority'!$D$21:$E$45,2,FALSE))","v":""}]
[null,null,null,null,null,null,null,null,null,null,null,null,null,null,null,{"$f":"IF(O521=\"\",\"\",IF(O521<'Cost Band & Priority'!$E$12,5,IF(O521<'Cost Band & Priority'!$E$11,4,IF(O521<'Cost Band & Priority'!$E$10,3,IF(O521<'Cost Band & Priority'!$E$9,2,1)))))","v":""},{"$f":"IF(P521=\"\",\"\",VLOOKUP(P521,'Cost Band & Priority'!$B$8:$E$12,2,FALSE))","v":""},null,null,null,null,null,null,null,"",{"$f":"IF(Y521=\"\",\"\",VLOOKUP(Y521,'Benefit Priority'!$B$25:$C$47,2,FALSE))","v":""},{"$f":"IF(OR(Q521=\"\",Z521=\"\"),\"\",VLOOKUP(VLOOKUP(Q521&\" Cost & \"&Z521&\" Benefit\",'Overall Priority'!$D$21:$E$45,2,FALSE),'Overall Priority'!$B$8:$E$16,4,FALSE))","v":""},{"$f":"IF(OR(Q521=\"\",Z521=\"\"),\"\",VLOOKUP(Q521&\" Cost & \"&Z521&\" Benefit\",'Overall Priority'!$D$21:$E$45,2,FALSE))","v":""}]
[null,null,null,null,null,null,null,null,null,null,null,null,null,null,null,{"$f":"IF(O522=\"\",\"\",IF(O522<'Cost Band & Priority'!$E$12,5,IF(O522<'Cost Band & Priority'!$E$11,4,IF(O522<'Cost Band & Priority'!$E$10,3,IF(O522<'Cost Band & Priority'!$E$9,2,1)))))","v":""},{"$f":"IF(P522=\"\",\"\",VLOOKUP(P522,'Cost Band & Priority'!$B$8:$E$12,2,FALSE))","v":""},null,null,null,null,null,null,null,"",{"$f":"IF(Y522=\"\",\"\",VLOOKUP(Y522,'Benefit Priority'!$B$25:$C$47,2,FALSE))","v":""},{"$f":"IF(OR(Q522=\"\",Z522=\"\"),\"\",VLOOKUP(VLOOKUP(Q522&\" Cost & \"&Z522&\" Benefit\",'Overall Priority'!$D$21:$E$45,2,FALSE),'Overall Priority'!$B$8:$E$16,4,FALSE))","v":""},{"$f":"IF(OR(Q522=\"\",Z522=\"\"),\"\",VLOOKUP(Q522&\" Cost & \"&Z522&\" Benefit\",'Overall Priority'!$D$21:$E$45,2,FALSE))","v":""}]
[null,null,null,null,null,null,null,null,null,null,null,null,null,null,null,{"$f":"IF(O523=\"\",\"\",IF(O523<'Cost Band & Priority'!$E$12,5,IF(O523<'Cost Band & Priority'!$E$11,4,IF(O523<'Cost Band & Priority'!$E$10,3,IF(O523<'Cost Band & Priority'!$E$9,2,1)))))","v":""},{"$f":"IF(P523=\"\",\"\",VLOOKUP(P523,'Cost Band & Priority'!$B$8:$E$12,2,FALSE))","v":""},null,null,null,null,null,null,null,"",{"$f":"IF(Y523=\"\",\"\",VLOOKUP(Y523,'Benefit Priority'!$B$25:$C$47,2,FALSE))","v":""},{"$f":"IF(OR(Q523=\"\",Z523=\"\"),\"\",VLOOKUP(VLOOKUP(Q523&\" Cost & \"&Z523&\" Benefit\",'Overall Priority'!$D$21:$E$45,2,FALSE),'Overall Priority'!$B$8:$E$16,4,FALSE))","v":""},{"$f":"IF(OR(Q523=\"\",Z523=\"\"),\"\",VLOOKUP(Q523&\" Cost & \"&Z523&\" Benefit\",'Overall Priority'!$D$21:$E$45,2,FALSE))","v":""}]
[null,null,null,null,null,null,null,null,null,null,null,null,null,null,null,{"$f":"IF(O524=\"\",\"\",IF(O524<'Cost Band & Priority'!$E$12,5,IF(O524<'Cost Band & Priority'!$E$11,4,IF(O524<'Cost Band & Priority'!$E$10,3,IF(O524<'Cost Band & Priority'!$E$9,2,1)))))","v":""},{"$f":"IF(P524=\"\",\"\",VLOOKUP(P524,'Cost Band & Priority'!$B$8:$E$12,2,FALSE))","v":""},null,null,null,null,null,null,null,"",{"$f":"IF(Y524=\"\",\"\",VLOOKUP(Y524,'Benefit Priority'!$B$25:$C$47,2,FALSE))","v":""},{"$f":"IF(OR(Q524=\"\",Z524=\"\"),\"\",VLOOKUP(VLOOKUP(Q524&\" Cost & \"&Z524&\" Benefit\",'Overall Priority'!$D$21:$E$45,2,FALSE),'Overall Priority'!$B$8:$E$16,4,FALSE))","v":""},{"$f":"IF(OR(Q524=\"\",Z524=\"\"),\"\",VLOOKUP(Q524&\" Cost & \"&Z524&\" Benefit\",'Overall Priority'!$D$21:$E$45,2,FALSE))","v":""}]
[null,null,null,null,null,null,null,null,null,null,null,null,null,null,null,{"$f":"IF(O525=\"\",\"\",IF(O525<'Cost Band & Priority'!$E$12,5,IF(O525<'Cost Band & Priority'!$E$11,4,IF(O525<'Cost Band & Priority'!$E$10,3,IF(O525<'Cost Band & Priority'!$E$9,2,1)))))","v":""},{"$f":"IF(P525=\"\",\"\",VLOOKUP(P525,'Cost Band & Priority'!$B$8:$E$12,2,FALSE))","v":""},null,null,null,null,null,null,null,"",{"$f":"IF(Y525=\"\",\"\",VLOOKUP(Y525,'Benefit Priority'!$B$25:$C$47,2,FALSE))","v":""},{"$f":"IF(OR(Q525=\"\",Z525=\"\"),\"\",VLOOKUP(VLOOKUP(Q525&\" Cost & \"&Z525&\" Benefit\",'Overall Priority'!$D$21:$E$45,2,FALSE),'Overall Priority'!$B$8:$E$16,4,FALSE))","v":""},{"$f":"IF(OR(Q525=\"\",Z525=\"\"),\"\",VLOOKUP(Q525&\" Cost & \"&Z525&\" Benefit\",'Overall Priority'!$D$21:$E$45,2,FALSE))","v":""}]
[null,null,null,null,null,null,null,null,null,null,null,null,null,null,null,{"$f":"IF(O526=\"\",\"\",IF(O526<'Cost Band & Priority'!$E$12,5,IF(O526<'Cost Band & Priority'!$E$11,4,IF(O526<'Cost Band & Priority'!$E$10,3,IF(O526<'Cost Band & Priority'!$E$9,2,1)))))","v":""},{"$f":"IF(P526=\"\",\"\",VLOOKUP(P526,'Cost Band & Priority'!$B$8:$E$12,2,FALSE))","v":""},null,null,null,null,null,null,null,"",{"$f":"IF(Y526=\"\",\"\",VLOOKUP(Y526,'Benefit Priority'!$B$25:$C$47,2,FALSE))","v":""},{"$f":"IF(OR(Q526=\"\",Z526=\"\"),\"\",VLOOKUP(VLOOKUP(Q526&\" Cost & \"&Z526&\" Benefit\",'Overall Priority'!$D$21:$E$45,2,FALSE),'Overall Priority'!$B$8:$E$16,4,FALSE))","v":""},{"$f":"IF(OR(Q526=\"\",Z526=\"\"),\"\",VLOOKUP(Q526&\" Cost & \"&Z526&\" Benefit\",'Overall Priority'!$D$21:$E$45,2,FALSE))","v":""}]
[null,null,null,null,null,null,null,null,null,null,null,null,null,null,null,{"$f":"IF(O527=\"\",\"\",IF(O527<'Cost Band & Priority'!$E$12,5,IF(O527<'Cost Band & Priority'!$E$11,4,IF(O527<'Cost Band & Priority'!$E$10,3,IF(O527<'Cost Band & Priority'!$E$9,2,1)))))","v":""},{"$f":"IF(P527=\"\",\"\",VLOOKUP(P527,'Cost Band & Priority'!$B$8:$E$12,2,FALSE))","v":""},null,null,null,null,null,null,null,"",{"$f":"IF(Y527=\"\",\"\",VLOOKUP(Y527,'Benefit Priority'!$B$25:$C$47,2,FALSE))","v":""},{"$f":"IF(OR(Q527=\"\",Z527=\"\"),\"\",VLOOKUP(VLOOKUP(Q527&\" Cost & \"&Z527&\" Benefit\",'Overall Priority'!$D$21:$E$45,2,FALSE),'Overall Priority'!$B$8:$E$16,4,FALSE))","v":""},{"$f":"IF(OR(Q527=\"\",Z527=\"\"),\"\",VLOOKUP(Q527&\" Cost & \"&Z527&\" Benefit\",'Overall Priority'!$D$21:$E$45,2,FALSE))","v":""}]
[null,null,null,null,null,null,null,null,null,null,null,null,null,null,null,{"$f":"IF(O528=\"\",\"\",IF(O528<'Cost Band & Priority'!$E$12,5,IF(O528<'Cost Band & Priority'!$E$11,4,IF(O528<'Cost Band & Priority'!$E$10,3,IF(O528<'Cost Band & Priority'!$E$9,2,1)))))","v":""},{"$f":"IF(P528=\"\",\"\",VLOOKUP(P528,'Cost Band & Priority'!$B$8:$E$12,2,FALSE))","v":""},null,null,null,null,null,null,null,"",{"$f":"IF(Y528=\"\",\"\",VLOOKUP(Y528,'Benefit Priority'!$B$25:$C$47,2,FALSE))","v":""},{"$f":"IF(OR(Q528=\"\",Z528=\"\"),\"\",VLOOKUP(VLOOKUP(Q528&\" Cost & \"&Z528&\" Benefit\",'Overall Priority'!$D$21:$E$45,2,FALSE),'Overall Priority'!$B$8:$E$16,4,FALSE))","v":""},{"$f":"IF(OR(Q528=\"\",Z528=\"\"),\"\",VLOOKUP(Q528&\" Cost & \"&Z528&\" Benefit\",'Overall Priority'!$D$21:$E$45,2,FALSE))","v":""}]
[null,null,null,null,null,null,null,null,null,null,null,null,null,null,null,{"$f":"IF(O529=\"\",\"\",IF(O529<'Cost Band & Priority'!$E$12,5,IF(O529<'Cost Band & Priority'!$E$11,4,IF(O529<'Cost Band & Priority'!$E$10,3,IF(O529<'Cost Band & Priority'!$E$9,2,1)))))","v":""},{"$f":"IF(P529=\"\",\"\",VLOOKUP(P529,'Cost Band & Priority'!$B$8:$E$12,2,FALSE))","v":""},null,null,null,null,null,null,null,"",{"$f":"IF(Y529=\"\",\"\",VLOOKUP(Y529,'Benefit Priority'!$B$25:$C$47,2,FALSE))","v":""},{"$f":"IF(OR(Q529=\"\",Z529=\"\"),\"\",VLOOKUP(VLOOKUP(Q529&\" Cost & \"&Z529&\" Benefit\",'Overall Priority'!$D$21:$E$45,2,FALSE),'Overall Priority'!$B$8:$E$16,4,FALSE))","v":""},{"$f":"IF(OR(Q529=\"\",Z529=\"\"),\"\",VLOOKUP(Q529&\" Cost & \"&Z529&\" Benefit\",'Overall Priority'!$D$21:$E$45,2,FALSE))","v":""}]
[null,null,null,null,null,null,null,null,null,null,null,null,null,null,null,{"$f":"IF(O530=\"\",\"\",IF(O530<'Cost Band & Priority'!$E$12,5,IF(O530<'Cost Band & Priority'!$E$11,4,IF(O530<'Cost Band & Priority'!$E$10,3,IF(O530<'Cost Band & Priority'!$E$9,2,1)))))","v":""},{"$f":"IF(P530=\"\",\"\",VLOOKUP(P530,'Cost Band & Priority'!$B$8:$E$12,2,FALSE))","v":""},null,null,null,null,null,null,null,"",{"$f":"IF(Y530=\"\",\"\",VLOOKUP(Y530,'Benefit Priority'!$B$25:$C$47,2,FALSE))","v":""},{"$f":"IF(OR(Q530=\"\",Z530=\"\"),\"\",VLOOKUP(VLOOKUP(Q530&\" Cost & \"&Z530&\" Benefit\",'Overall Priority'!$D$21:$E$45,2,FALSE),'Overall Priority'!$B$8:$E$16,4,FALSE))","v":""},{"$f":"IF(OR(Q530=\"\",Z530=\"\"),\"\",VLOOKUP(Q530&\" Cost & \"&Z530&\" Benefit\",'Overall Priority'!$D$21:$E$45,2,FALSE))","v":""}]
[null,null,null,null,null,null,null,null,null,null,null,null,null,null,null,{"$f":"IF(O531=\"\",\"\",IF(O531<'Cost Band & Priority'!$E$12,5,IF(O531<'Cost Band & Priority'!$E$11,4,IF(O531<'Cost Band & Priority'!$E$10,3,IF(O531<'Cost Band & Priority'!$E$9,2,1)))))","v":""},{"$f":"IF(P531=\"\",\"\",VLOOKUP(P531,'Cost Band & Priority'!$B$8:$E$12,2,FALSE))","v":""},null,null,null,null,null,null,null,"",{"$f":"IF(Y531=\"\",\"\",VLOOKUP(Y531,'Benefit Priority'!$B$25:$C$47,2,FALSE))","v":""},{"$f":"IF(OR(Q531=\"\",Z531=\"\"),\"\",VLOOKUP(VLOOKUP(Q531&\" Cost & \"&Z531&\" Benefit\",'Overall Priority'!$D$21:$E$45,2,FALSE),'Overall Priority'!$B$8:$E$16,4,FALSE))","v":""},{"$f":"IF(OR(Q531=\"\",Z531=\"\"),\"\",VLOOKUP(Q531&\" Cost & \"&Z531&\" Benefit\",'Overall Priority'!$D$21:$E$45,2,FALSE))","v":""}]
[null,null,null,null,null,null,null,null,null,null,null,null,null,null,null,{"$f":"IF(O532=\"\",\"\",IF(O532<'Cost Band & Priority'!$E$12,5,IF(O532<'Cost Band & Priority'!$E$11,4,IF(O532<'Cost Band & Priority'!$E$10,3,IF(O532<'Cost Band & Priority'!$E$9,2,1)))))","v":""},{"$f":"IF(P532=\"\",\"\",VLOOKUP(P532,'Cost Band & Priority'!$B$8:$E$12,2,FALSE))","v":""},null,null,null,null,null,null,null,"",{"$f":"IF(Y532=\"\",\"\",VLOOKUP(Y532,'Benefit Priority'!$B$25:$C$47,2,FALSE))","v":""},{"$f":"IF(OR(Q532=\"\",Z532=\"\"),\"\",VLOOKUP(VLOOKUP(Q532&\" Cost & \"&Z532&\" Benefit\",'Overall Priority'!$D$21:$E$45,2,FALSE),'Overall Priority'!$B$8:$E$16,4,FALSE))","v":""},{"$f":"IF(OR(Q532=\"\",Z532=\"\"),\"\",VLOOKUP(Q532&\" Cost & \"&Z532&\" Benefit\",'Overall Priority'!$D$21:$E$45,2,FALSE))","v":""}]
[null,null,null,null,null,null,null,null,null,null,null,null,null,null,null,{"$f":"IF(O533=\"\",\"\",IF(O533<'Cost Band & Priority'!$E$12,5,IF(O533<'Cost Band & Priority'!$E$11,4,IF(O533<'Cost Band & Priority'!$E$10,3,IF(O533<'Cost Band & Priority'!$E$9,2,1)))))","v":""},{"$f":"IF(P533=\"\",\"\",VLOOKUP(P533,'Cost Band & Priority'!$B$8:$E$12,2,FALSE))","v":""},null,null,null,null,null,null,null,"",{"$f":"IF(Y533=\"\",\"\",VLOOKUP(Y533,'Benefit Priority'!$B$25:$C$47,2,FALSE))","v":""},{"$f":"IF(OR(Q533=\"\",Z533=\"\"),\"\",VLOOKUP(VLOOKUP(Q533&\" Cost & \"&Z533&\" Benefit\",'Overall Priority'!$D$21:$E$45,2,FALSE),'Overall Priority'!$B$8:$E$16,4,FALSE))","v":""},{"$f":"IF(OR(Q533=\"\",Z533=\"\"),\"\",VLOOKUP(Q533&\" Cost & \"&Z533&\" Benefit\",'Overall Priority'!$D$21:$E$45,2,FALSE))","v":""}]
[null,null,null,null,null,null,null,null,null,null,null,null,null,null,null,{"$f":"IF(O534=\"\",\"\",IF(O534<'Cost Band & Priority'!$E$12,5,IF(O534<'Cost Band & Priority'!$E$11,4,IF(O534<'Cost Band & Priority'!$E$10,3,IF(O534<'Cost Band & Priority'!$E$9,2,1)))))","v":""},{"$f":"IF(P534=\"\",\"\",VLOOKUP(P534,'Cost Band & Priority'!$B$8:$E$12,2,FALSE))","v":""},null,null,null,null,null,null,null,"",{"$f":"IF(Y534=\"\",\"\",VLOOKUP(Y534,'Benefit Priority'!$B$25:$C$47,2,FALSE))","v":""},{"$f":"IF(OR(Q534=\"\",Z534=\"\"),\"\",VLOOKUP(VLOOKUP(Q534&\" Cost & \"&Z534&\" Benefit\",'Overall Priority'!$D$21:$E$45,2,FALSE),'Overall Priority'!$B$8:$E$16,4,FALSE))","v":""},{"$f":"IF(OR(Q534=\"\",Z534=\"\"),\"\",VLOOKUP(Q534&\" Cost & \"&Z534&\" Benefit\",'Overall Priority'!$D$21:$E$45,2,FALSE))","v":""}]
[null,null,null,null,null,null,null,null,null,null,null,null,null,null,null,{"$f":"IF(O535=\"\",\"\",IF(O535<'Cost Band & Priority'!$E$12,5,IF(O535<'Cost Band & Priority'!$E$11,4,IF(O535<'Cost Band & Priority'!$E$10,3,IF(O535<'Cost Band & Priority'!$E$9,2,1)))))","v":""},{"$f":"IF(P535=\"\",\"\",VLOOKUP(P535,'Cost Band & Priority'!$B$8:$E$12,2,FALSE))","v":""},null,null,null,null,null,null,null,"",{"$f":"IF(Y535=\"\",\"\",VLOOKUP(Y535,'Benefit Priority'!$B$25:$C$47,2,FALSE))","v":""},{"$f":"IF(OR(Q535=\"\",Z535=\"\"),\"\",VLOOKUP(VLOOKUP(Q535&\" Cost & \"&Z535&\" Benefit\",'Overall Priority'!$D$21:$E$45,2,FALSE),'Overall Priority'!$B$8:$E$16,4,FALSE))","v":""},{"$f":"IF(OR(Q535=\"\",Z535=\"\"),\"\",VLOOKUP(Q535&\" Cost & \"&Z535&\" Benefit\",'Overall Priority'!$D$21:$E$45,2,FALSE))","v":""}]
[null,null,null,null,null,null,null,null,null,null,null,null,null,null,null,{"$f":"IF(O536=\"\",\"\",IF(O536<'Cost Band & Priority'!$E$12,5,IF(O536<'Cost Band & Priority'!$E$11,4,IF(O536<'Cost Band & Priority'!$E$10,3,IF(O536<'Cost Band & Priority'!$E$9,2,1)))))","v":""},{"$f":"IF(P536=\"\",\"\",VLOOKUP(P536,'Cost Band & Priority'!$B$8:$E$12,2,FALSE))","v":""},null,null,null,null,null,null,null,"",{"$f":"IF(Y536=\"\",\"\",VLOOKUP(Y536,'Benefit Priority'!$B$25:$C$47,2,FALSE))","v":""},{"$f":"IF(OR(Q536=\"\",Z536=\"\"),\"\",VLOOKUP(VLOOKUP(Q536&\" Cost & \"&Z536&\" Benefit\",'Overall Priority'!$D$21:$E$45,2,FALSE),'Overall Priority'!$B$8:$E$16,4,FALSE))","v":""},{"$f":"IF(OR(Q536=\"\",Z536=\"\"),\"\",VLOOKUP(Q536&\" Cost & \"&Z536&\" Benefit\",'Overall Priority'!$D$21:$E$45,2,FALSE))","v":""}]
[null,null,null,null,null,null,null,null,null,null,null,null,null,null,null,{"$f":"IF(O537=\"\",\"\",IF(O537<'Cost Band & Priority'!$E$12,5,IF(O537<'Cost Band & Priority'!$E$11,4,IF(O537<'Cost Band & Priority'!$E$10,3,IF(O537<'Cost Band & Priority'!$E$9,2,1)))))","v":""},{"$f":"IF(P537=\"\",\"\",VLOOKUP(P537,'Cost Band & Priority'!$B$8:$E$12,2,FALSE))","v":""},null,null,null,null,null,null,null,"",{"$f":"IF(Y537=\"\",\"\",VLOOKUP(Y537,'Benefit Priority'!$B$25:$C$47,2,FALSE))","v":""},{"$f":"IF(OR(Q537=\"\",Z537=\"\"),\"\",VLOOKUP(VLOOKUP(Q537&\" Cost & \"&Z537&\" Benefit\",'Overall Priority'!$D$21:$E$45,2,FALSE),'Overall Priority'!$B$8:$E$16,4,FALSE))","v":""},{"$f":"IF(OR(Q537=\"\",Z537=\"\"),\"\",VLOOKUP(Q537&\" Cost & \"&Z537&\" Benefit\",'Overall Priority'!$D$21:$E$45,2,FALSE))","v":""}]
[null,null,null,null,null,null,null,null,null,null,null,null,null,null,null,{"$f":"IF(O538=\"\",\"\",IF(O538<'Cost Band & Priority'!$E$12,5,IF(O538<'Cost Band & Priority'!$E$11,4,IF(O538<'Cost Band & Priority'!$E$10,3,IF(O538<'Cost Band & Priority'!$E$9,2,1)))))","v":""},{"$f":"IF(P538=\"\",\"\",VLOOKUP(P538,'Cost Band & Priority'!$B$8:$E$12,2,FALSE))","v":""},null,null,null,null,null,null,null,"",{"$f":"IF(Y538=\"\",\"\",VLOOKUP(Y538,'Benefit Priority'!$B$25:$C$47,2,FALSE))","v":""},{"$f":"IF(OR(Q538=\"\",Z538=\"\"),\"\",VLOOKUP(VLOOKUP(Q538&\" Cost & \"&Z538&\" Benefit\",'Overall Priority'!$D$21:$E$45,2,FALSE),'Overall Priority'!$B$8:$E$16,4,FALSE))","v":""},{"$f":"IF(OR(Q538=\"\",Z538=\"\"),\"\",VLOOKUP(Q538&\" Cost & \"&Z538&\" Benefit\",'Overall Priority'!$D$21:$E$45,2,FALSE))","v":""}]
[null,null,null,null,null,null,null,null,null,null,null,null,null,null,null,{"$f":"IF(O539=\"\",\"\",IF(O539<'Cost Band & Priority'!$E$12,5,IF(O539<'Cost Band & Priority'!$E$11,4,IF(O539<'Cost Band & Priority'!$E$10,3,IF(O539<'Cost Band & Priority'!$E$9,2,1)))))","v":""},{"$f":"IF(P539=\"\",\"\",VLOOKUP(P539,'Cost Band & Priority'!$B$8:$E$12,2,FALSE))","v":""},null,null,null,null,null,null,null,"",{"$f":"IF(Y539=\"\",\"\",VLOOKUP(Y539,'Benefit Priority'!$B$25:$C$47,2,FALSE))","v":""},{"$f":"IF(OR(Q539=\"\",Z539=\"\"),\"\",VLOOKUP(VLOOKUP(Q539&\" Cost & \"&Z539&\" Benefit\",'Overall Priority'!$D$21:$E$45,2,FALSE),'Overall Priority'!$B$8:$E$16,4,FALSE))","v":""},{"$f":"IF(OR(Q539=\"\",Z539=\"\"),\"\",VLOOKUP(Q539&\" Cost & \"&Z539&\" Benefit\",'Overall Priority'!$D$21:$E$45,2,FALSE))","v":""}]
[null,null,null,null,null,null,null,null,null,null,null,null,null,null,null,{"$f":"IF(O540=\"\",\"\",IF(O540<'Cost Band & Priority'!$E$12,5,IF(O540<'Cost Band & Priority'!$E$11,4,IF(O540<'Cost Band & Priority'!$E$10,3,IF(O540<'Cost Band & Priority'!$E$9,2,1)))))","v":""},{"$f":"IF(P540=\"\",\"\",VLOOKUP(P540,'Cost Band & Priority'!$B$8:$E$12,2,FALSE))","v":""},null,null,null,null,null,null,null,"",{"$f":"IF(Y540=\"\",\"\",VLOOKUP(Y540,'Benefit Priority'!$B$25:$C$47,2,FALSE))","v":""},{"$f":"IF(OR(Q540=\"\",Z540=\"\"),\"\",VLOOKUP(VLOOKUP(Q540&\" Cost & \"&Z540&\" Benefit\",'Overall Priority'!$D$21:$E$45,2,FALSE),'Overall Priority'!$B$8:$E$16,4,FALSE))","v":""},{"$f":"IF(OR(Q540=\"\",Z540=\"\"),\"\",VLOOKUP(Q540&\" Cost & \"&Z540&\" Benefit\",'Overall Priority'!$D$21:$E$45,2,FALSE))","v":""}]
[null,null,null,null,null,null,null,null,null,null,null,null,null,null,null,{"$f":"IF(O541=\"\",\"\",IF(O541<'Cost Band & Priority'!$E$12,5,IF(O541<'Cost Band & Priority'!$E$11,4,IF(O541<'Cost Band & Priority'!$E$10,3,IF(O541<'Cost Band & Priority'!$E$9,2,1)))))","v":""},{"$f":"IF(P541=\"\",\"\",VLOOKUP(P541,'Cost Band & Priority'!$B$8:$E$12,2,FALSE))","v":""},null,null,null,null,null,null,null,"",{"$f":"IF(Y541=\"\",\"\",VLOOKUP(Y541,'Benefit Priority'!$B$25:$C$47,2,FALSE))","v":""},{"$f":"IF(OR(Q541=\"\",Z541=\"\"),\"\",VLOOKUP(VLOOKUP(Q541&\" Cost & \"&Z541&\" Benefit\",'Overall Priority'!$D$21:$E$45,2,FALSE),'Overall Priority'!$B$8:$E$16,4,FALSE))","v":""},{"$f":"IF(OR(Q541=\"\",Z541=\"\"),\"\",VLOOKUP(Q541&\" Cost & \"&Z541&\" Benefit\",'Overall Priority'!$D$21:$E$45,2,FALSE))","v":""}]
[null,null,null,null,null,null,null,null,null,null,null,null,null,null,null,{"$f":"IF(O542=\"\",\"\",IF(O542<'Cost Band & Priority'!$E$12,5,IF(O542<'Cost Band & Priority'!$E$11,4,IF(O542<'Cost Band & Priority'!$E$10,3,IF(O542<'Cost Band & Priority'!$E$9,2,1)))))","v":""},{"$f":"IF(P542=\"\",\"\",VLOOKUP(P542,'Cost Band & Priority'!$B$8:$E$12,2,FALSE))","v":""},null,null,null,null,null,null,null,"",{"$f":"IF(Y542=\"\",\"\",VLOOKUP(Y542,'Benefit Priority'!$B$25:$C$47,2,FALSE))","v":""},{"$f":"IF(OR(Q542=\"\",Z542=\"\"),\"\",VLOOKUP(VLOOKUP(Q542&\" Cost & \"&Z542&\" Benefit\",'Overall Priority'!$D$21:$E$45,2,FALSE),'Overall Priority'!$B$8:$E$16,4,FALSE))","v":""},{"$f":"IF(OR(Q542=\"\",Z542=\"\"),\"\",VLOOKUP(Q542&\" Cost & \"&Z542&\" Benefit\",'Overall Priority'!$D$21:$E$45,2,FALSE))","v":""}]
[null,null,null,null,null,null,null,null,null,null,null,null,null,null,null,{"$f":"IF(O543=\"\",\"\",IF(O543<'Cost Band & Priority'!$E$12,5,IF(O543<'Cost Band & Priority'!$E$11,4,IF(O543<'Cost Band & Priority'!$E$10,3,IF(O543<'Cost Band & Priority'!$E$9,2,1)))))","v":""},{"$f":"IF(P543=\"\",\"\",VLOOKUP(P543,'Cost Band & Priority'!$B$8:$E$12,2,FALSE))","v":""},null,null,null,null,null,null,null,"",{"$f":"IF(Y543=\"\",\"\",VLOOKUP(Y543,'Benefit Priority'!$B$25:$C$47,2,FALSE))","v":""},{"$f":"IF(OR(Q543=\"\",Z543=\"\"),\"\",VLOOKUP(VLOOKUP(Q543&\" Cost & \"&Z543&\" Benefit\",'Overall Priority'!$D$21:$E$45,2,FALSE),'Overall Priority'!$B$8:$E$16,4,FALSE))","v":""},{"$f":"IF(OR(Q543=\"\",Z543=\"\"),\"\",VLOOKUP(Q543&\" Cost & \"&Z543&\" Benefit\",'Overall Priority'!$D$21:$E$45,2,FALSE))","v":""}]
[null,null,null,null,null,null,null,null,null,null,null,null,null,null,null,{"$f":"IF(O544=\"\",\"\",IF(O544<'Cost Band & Priority'!$E$12,5,IF(O544<'Cost Band & Priority'!$E$11,4,IF(O544<'Cost Band & Priority'!$E$10,3,IF(O544<'Cost Band & Priority'!$E$9,2,1)))))","v":""},{"$f":"IF(P544=\"\",\"\",VLOOKUP(P544,'Cost Band & Priority'!$B$8:$E$12,2,FALSE))","v":""},null,null,null,null,null,null,null,"",{"$f":"IF(Y544=\"\",\"\",VLOOKUP(Y544,'Benefit Priority'!$B$25:$C$47,2,FALSE))","v":""},{"$f":"IF(OR(Q544=\"\",Z544=\"\"),\"\",VLOOKUP(VLOOKUP(Q544&\" Cost & \"&Z544&\" Benefit\",'Overall Priority'!$D$21:$E$45,2,FALSE),'Overall Priority'!$B$8:$E$16,4,FALSE))","v":""},{"$f":"IF(OR(Q544=\"\",Z544=\"\"),\"\",VLOOKUP(Q544&\" Cost & \"&Z544&\" Benefit\",'Overall Priority'!$D$21:$E$45,2,FALSE))","v":""}]
[null,null,null,null,null,null,null,null,null,null,null,null,null,null,null,{"$f":"IF(O545=\"\",\"\",IF(O545<'Cost Band & Priority'!$E$12,5,IF(O545<'Cost Band & Priority'!$E$11,4,IF(O545<'Cost Band & Priority'!$E$10,3,IF(O545<'Cost Band & Priority'!$E$9,2,1)))))","v":""},{"$f":"IF(P545=\"\",\"\",VLOOKUP(P545,'Cost Band & Priority'!$B$8:$E$12,2,FALSE))","v":""},null,null,null,null,null,null,null,"",{"$f":"IF(Y545=\"\",\"\",VLOOKUP(Y545,'Benefit Priority'!$B$25:$C$47,2,FALSE))","v":""},{"$f":"IF(OR(Q545=\"\",Z545=\"\"),\"\",VLOOKUP(VLOOKUP(Q545&\" Cost & \"&Z545&\" Benefit\",'Overall Priority'!$D$21:$E$45,2,FALSE),'Overall Priority'!$B$8:$E$16,4,FALSE))","v":""},{"$f":"IF(OR(Q545=\"\",Z545=\"\"),\"\",VLOOKUP(Q545&\" Cost & \"&Z545&\" Benefit\",'Overall Priority'!$D$21:$E$45,2,FALSE))","v":""}]
[null,null,null,null,null,null,null,null,null,null,null,null,null,null,null,{"$f":"IF(O546=\"\",\"\",IF(O546<'Cost Band & Priority'!$E$12,5,IF(O546<'Cost Band & Priority'!$E$11,4,IF(O546<'Cost Band & Priority'!$E$10,3,IF(O546<'Cost Band & Priority'!$E$9,2,1)))))","v":""},{"$f":"IF(P546=\"\",\"\",VLOOKUP(P546,'Cost Band & Priority'!$B$8:$E$12,2,FALSE))","v":""},null,null,null,null,null,null,null,"",{"$f":"IF(Y546=\"\",\"\",VLOOKUP(Y546,'Benefit Priority'!$B$25:$C$47,2,FALSE))","v":""},{"$f":"IF(OR(Q546=\"\",Z546=\"\"),\"\",VLOOKUP(VLOOKUP(Q546&\" Cost & \"&Z546&\" Benefit\",'Overall Priority'!$D$21:$E$45,2,FALSE),'Overall Priority'!$B$8:$E$16,4,FALSE))","v":""},{"$f":"IF(OR(Q546=\"\",Z546=\"\"),\"\",VLOOKUP(Q546&\" Cost & \"&Z546&\" Benefit\",'Overall Priority'!$D$21:$E$45,2,FALSE))","v":""}]
[null,null,null,null,null,null,null,null,null,null,null,null,null,null,null,{"$f":"IF(O547=\"\",\"\",IF(O547<'Cost Band & Priority'!$E$12,5,IF(O547<'Cost Band & Priority'!$E$11,4,IF(O547<'Cost Band & Priority'!$E$10,3,IF(O547<'Cost Band & Priority'!$E$9,2,1)))))","v":""},{"$f":"IF(P547=\"\",\"\",VLOOKUP(P547,'Cost Band & Priority'!$B$8:$E$12,2,FALSE))","v":""},null,null,null,null,null,null,null,"",{"$f":"IF(Y547=\"\",\"\",VLOOKUP(Y547,'Benefit Priority'!$B$25:$C$47,2,FALSE))","v":""},{"$f":"IF(OR(Q547=\"\",Z547=\"\"),\"\",VLOOKUP(VLOOKUP(Q547&\" Cost & \"&Z547&\" Benefit\",'Overall Priority'!$D$21:$E$45,2,FALSE),'Overall Priority'!$B$8:$E$16,4,FALSE))","v":""},{"$f":"IF(OR(Q547=\"\",Z547=\"\"),\"\",VLOOKUP(Q547&\" Cost & \"&Z547&\" Benefit\",'Overall Priority'!$D$21:$E$45,2,FALSE))","v":""}]
[null,null,null,null,null,null,null,null,null,null,null,null,null,null,null,{"$f":"IF(O548=\"\",\"\",IF(O548<'Cost Band & Priority'!$E$12,5,IF(O548<'Cost Band & Priority'!$E$11,4,IF(O548<'Cost Band & Priority'!$E$10,3,IF(O548<'Cost Band & Priority'!$E$9,2,1)))))","v":""},{"$f":"IF(P548=\"\",\"\",VLOOKUP(P548,'Cost Band & Priority'!$B$8:$E$12,2,FALSE))","v":""},null,null,null,null,null,null,null,"",{"$f":"IF(Y548=\"\",\"\",VLOOKUP(Y548,'Benefit Priority'!$B$25:$C$47,2,FALSE))","v":""},{"$f":"IF(OR(Q548=\"\",Z548=\"\"),\"\",VLOOKUP(VLOOKUP(Q548&\" Cost & \"&Z548&\" Benefit\",'Overall Priority'!$D$21:$E$45,2,FALSE),'Overall Priority'!$B$8:$E$16,4,FALSE))","v":""},{"$f":"IF(OR(Q548=\"\",Z548=\"\"),\"\",VLOOKUP(Q548&\" Cost & \"&Z548&\" Benefit\",'Overall Priority'!$D$21:$E$45,2,FALSE))","v":""}]
[null,null,null,null,null,null,null,null,null,null,null,null,null,null,null,{"$f":"IF(O549=\"\",\"\",IF(O549<'Cost Band & Priority'!$E$12,5,IF(O549<'Cost Band & Priority'!$E$11,4,IF(O549<'Cost Band & Priority'!$E$10,3,IF(O549<'Cost Band & Priority'!$E$9,2,1)))))","v":""},{"$f":"IF(P549=\"\",\"\",VLOOKUP(P549,'Cost Band & Priority'!$B$8:$E$12,2,FALSE))","v":""},null,null,null,null,null,null,null,"",{"$f":"IF(Y549=\"\",\"\",VLOOKUP(Y549,'Benefit Priority'!$B$25:$C$47,2,FALSE))","v":""},{"$f":"IF(OR(Q549=\"\",Z549=\"\"),\"\",VLOOKUP(VLOOKUP(Q549&\" Cost & \"&Z549&\" Benefit\",'Overall Priority'!$D$21:$E$45,2,FALSE),'Overall Priority'!$B$8:$E$16,4,FALSE))","v":""},{"$f":"IF(OR(Q549=\"\",Z549=\"\"),\"\",VLOOKUP(Q549&\" Cost & \"&Z549&\" Benefit\",'Overall Priority'!$D$21:$E$45,2,FALSE))","v":""}]
[null,null,null,null,null,null,null,null,null,null,null,null,null,null,null,{"$f":"IF(O550=\"\",\"\",IF(O550<'Cost Band & Priority'!$E$12,5,IF(O550<'Cost Band & Priority'!$E$11,4,IF(O550<'Cost Band & Priority'!$E$10,3,IF(O550<'Cost Band & Priority'!$E$9,2,1)))))","v":""},{"$f":"IF(P550=\"\",\"\",VLOOKUP(P550,'Cost Band & Priority'!$B$8:$E$12,2,FALSE))","v":""},null,null,null,null,null,null,null,"",{"$f":"IF(Y550=\"\",\"\",VLOOKUP(Y550,'Benefit Priority'!$B$25:$C$47,2,FALSE))","v":""},{"$f":"IF(OR(Q550=\"\",Z550=\"\"),\"\",VLOOKUP(VLOOKUP(Q550&\" Cost & \"&Z550&\" Benefit\",'Overall Priority'!$D$21:$E$45,2,FALSE),'Overall Priority'!$B$8:$E$16,4,FALSE))","v":""},{"$f":"IF(OR(Q550=\"\",Z550=\"\"),\"\",VLOOKUP(Q550&\" Cost & \"&Z550&\" Benefit\",'Overall Priority'!$D$21:$E$45,2,FALSE))","v":""}]
[null,null,null,null,null,null,null,null,null,null,null,null,null,null,null,{"$f":"IF(O551=\"\",\"\",IF(O551<'Cost Band & Priority'!$E$12,5,IF(O551<'Cost Band & Priority'!$E$11,4,IF(O551<'Cost Band & Priority'!$E$10,3,IF(O551<'Cost Band & Priority'!$E$9,2,1)))))","v":""},{"$f":"IF(P551=\"\",\"\",VLOOKUP(P551,'Cost Band & Priority'!$B$8:$E$12,2,FALSE))","v":""},null,null,null,null,null,null,null,"",{"$f":"IF(Y551=\"\",\"\",VLOOKUP(Y551,'Benefit Priority'!$B$25:$C$47,2,FALSE))","v":""},{"$f":"IF(OR(Q551=\"\",Z551=\"\"),\"\",VLOOKUP(VLOOKUP(Q551&\" Cost & \"&Z551&\" Benefit\",'Overall Priority'!$D$21:$E$45,2,FALSE),'Overall Priority'!$B$8:$E$16,4,FALSE))","v":""},{"$f":"IF(OR(Q551=\"\",Z551=\"\"),\"\",VLOOKUP(Q551&\" Cost & \"&Z551&\" Benefit\",'Overall Priority'!$D$21:$E$45,2,FALSE))","v":""}]
[null,null,null,null,null,null,null,null,null,null,null,null,null,null,null,{"$f":"IF(O552=\"\",\"\",IF(O552<'Cost Band & Priority'!$E$12,5,IF(O552<'Cost Band & Priority'!$E$11,4,IF(O552<'Cost Band & Priority'!$E$10,3,IF(O552<'Cost Band & Priority'!$E$9,2,1)))))","v":""},{"$f":"IF(P552=\"\",\"\",VLOOKUP(P552,'Cost Band & Priority'!$B$8:$E$12,2,FALSE))","v":""},null,null,null,null,null,null,null,"",{"$f":"IF(Y552=\"\",\"\",VLOOKUP(Y552,'Benefit Priority'!$B$25:$C$47,2,FALSE))","v":""},{"$f":"IF(OR(Q552=\"\",Z552=\"\"),\"\",VLOOKUP(VLOOKUP(Q552&\" Cost & \"&Z552&\" Benefit\",'Overall Priority'!$D$21:$E$45,2,FALSE),'Overall Priority'!$B$8:$E$16,4,FALSE))","v":""},{"$f":"IF(OR(Q552=\"\",Z552=\"\"),\"\",VLOOKUP(Q552&\" Cost & \"&Z552&\" Benefit\",'Overall Priority'!$D$21:$E$45,2,FALSE))","v":""}]
[null,null,null,null,null,null,null,null,null,null,null,null,null,null,null,{"$f":"IF(O553=\"\",\"\",IF(O553<'Cost Band & Priority'!$E$12,5,IF(O553<'Cost Band & Priority'!$E$11,4,IF(O553<'Cost Band & Priority'!$E$10,3,IF(O553<'Cost Band & Priority'!$E$9,2,1)))))","v":""},{"$f":"IF(P553=\"\",\"\",VLOOKUP(P553,'Cost Band & Priority'!$B$8:$E$12,2,FALSE))","v":""},null,null,null,null,null,null,null,"",{"$f":"IF(Y553=\"\",\"\",VLOOKUP(Y553,'Benefit Priority'!$B$25:$C$47,2,FALSE))","v":""},{"$f":"IF(OR(Q553=\"\",Z553=\"\"),\"\",VLOOKUP(VLOOKUP(Q553&\" Cost & \"&Z553&\" Benefit\",'Overall Priority'!$D$21:$E$45,2,FALSE),'Overall Priority'!$B$8:$E$16,4,FALSE))","v":""},{"$f":"IF(OR(Q553=\"\",Z553=\"\"),\"\",VLOOKUP(Q553&\" Cost & \"&Z553&\" Benefit\",'Overall Priority'!$D$21:$E$45,2,FALSE))","v":""}]
[null,null,null,null,null,null,null,null,null,null,null,null,null,null,null,{"$f":"IF(O554=\"\",\"\",IF(O554<'Cost Band & Priority'!$E$12,5,IF(O554<'Cost Band & Priority'!$E$11,4,IF(O554<'Cost Band & Priority'!$E$10,3,IF(O554<'Cost Band & Priority'!$E$9,2,1)))))","v":""},{"$f":"IF(P554=\"\",\"\",VLOOKUP(P554,'Cost Band & Priority'!$B$8:$E$12,2,FALSE))","v":""},null,null,null,null,null,null,null,"",{"$f":"IF(Y554=\"\",\"\",VLOOKUP(Y554,'Benefit Priority'!$B$25:$C$47,2,FALSE))","v":""},{"$f":"IF(OR(Q554=\"\",Z554=\"\"),\"\",VLOOKUP(VLOOKUP(Q554&\" Cost & \"&Z554&\" Benefit\",'Overall Priority'!$D$21:$E$45,2,FALSE),'Overall Priority'!$B$8:$E$16,4,FALSE))","v":""},{"$f":"IF(OR(Q554=\"\",Z554=\"\"),\"\",VLOOKUP(Q554&\" Cost & \"&Z554&\" Benefit\",'Overall Priority'!$D$21:$E$45,2,FALSE))","v":""}]
[null,null,null,null,null,null,null,null,null,null,null,null,null,null,null,{"$f":"IF(O555=\"\",\"\",IF(O555<'Cost Band & Priority'!$E$12,5,IF(O555<'Cost Band & Priority'!$E$11,4,IF(O555<'Cost Band & Priority'!$E$10,3,IF(O555<'Cost Band & Priority'!$E$9,2,1)))))","v":""},{"$f":"IF(P555=\"\",\"\",VLOOKUP(P555,'Cost Band & Priority'!$B$8:$E$12,2,FALSE))","v":""},null,null,null,null,null,null,null,"",{"$f":"IF(Y555=\"\",\"\",VLOOKUP(Y555,'Benefit Priority'!$B$25:$C$47,2,FALSE))","v":""},{"$f":"IF(OR(Q555=\"\",Z555=\"\"),\"\",VLOOKUP(VLOOKUP(Q555&\" Cost & \"&Z555&\" Benefit\",'Overall Priority'!$D$21:$E$45,2,FALSE),'Overall Priority'!$B$8:$E$16,4,FALSE))","v":""},{"$f":"IF(OR(Q555=\"\",Z555=\"\"),\"\",VLOOKUP(Q555&\" Cost & \"&Z555&\" Benefit\",'Overall Priority'!$D$21:$E$45,2,FALSE))","v":""}]
[null,null,null,null,null,null,null,null,null,null,null,null,null,null,null,{"$f":"IF(O556=\"\",\"\",IF(O556<'Cost Band & Priority'!$E$12,5,IF(O556<'Cost Band & Priority'!$E$11,4,IF(O556<'Cost Band & Priority'!$E$10,3,IF(O556<'Cost Band & Priority'!$E$9,2,1)))))","v":""},{"$f":"IF(P556=\"\",\"\",VLOOKUP(P556,'Cost Band & Priority'!$B$8:$E$12,2,FALSE))","v":""},null,null,null,null,null,null,null,"",{"$f":"IF(Y556=\"\",\"\",VLOOKUP(Y556,'Benefit Priority'!$B$25:$C$47,2,FALSE))","v":""},{"$f":"IF(OR(Q556=\"\",Z556=\"\"),\"\",VLOOKUP(VLOOKUP(Q556&\" Cost & \"&Z556&\" Benefit\",'Overall Priority'!$D$21:$E$45,2,FALSE),'Overall Priority'!$B$8:$E$16,4,FALSE))","v":""},{"$f":"IF(OR(Q556=\"\",Z556=\"\"),\"\",VLOOKUP(Q556&\" Cost & \"&Z556&\" Benefit\",'Overall Priority'!$D$21:$E$45,2,FALSE))","v":""}]
[null,null,null,null,null,null,null,null,null,null,null,null,null,null,null,{"$f":"IF(O557=\"\",\"\",IF(O557<'Cost Band & Priority'!$E$12,5,IF(O557<'Cost Band & Priority'!$E$11,4,IF(O557<'Cost Band & Priority'!$E$10,3,IF(O557<'Cost Band & Priority'!$E$9,2,1)))))","v":""},{"$f":"IF(P557=\"\",\"\",VLOOKUP(P557,'Cost Band & Priority'!$B$8:$E$12,2,FALSE))","v":""},null,null,null,null,null,null,null,"",{"$f":"IF(Y557=\"\",\"\",VLOOKUP(Y557,'Benefit Priority'!$B$25:$C$47,2,FALSE))","v":""},{"$f":"IF(OR(Q557=\"\",Z557=\"\"),\"\",VLOOKUP(VLOOKUP(Q557&\" Cost & \"&Z557&\" Benefit\",'Overall Priority'!$D$21:$E$45,2,FALSE),'Overall Priority'!$B$8:$E$16,4,FALSE))","v":""},{"$f":"IF(OR(Q557=\"\",Z557=\"\"),\"\",VLOOKUP(Q557&\" Cost & \"&Z557&\" Benefit\",'Overall Priority'!$D$21:$E$45,2,FALSE))","v":""}]
[null,null,null,null,null,null,null,null,null,null,null,null,null,null,null,{"$f":"IF(O558=\"\",\"\",IF(O558<'Cost Band & Priority'!$E$12,5,IF(O558<'Cost Band & Priority'!$E$11,4,IF(O558<'Cost Band & Priority'!$E$10,3,IF(O558<'Cost Band & Priority'!$E$9,2,1)))))","v":""},{"$f":"IF(P558=\"\",\"\",VLOOKUP(P558,'Cost Band & Priority'!$B$8:$E$12,2,FALSE))","v":""},null,null,null,null,null,null,null,"",{"$f":"IF(Y558=\"\",\"\",VLOOKUP(Y558,'Benefit Priority'!$B$25:$C$47,2,FALSE))","v":""},{"$f":"IF(OR(Q558=\"\",Z558=\"\"),\"\",VLOOKUP(VLOOKUP(Q558&\" Cost & \"&Z558&\" Benefit\",'Overall Priority'!$D$21:$E$45,2,FALSE),'Overall Priority'!$B$8:$E$16,4,FALSE))","v":""},{"$f":"IF(OR(Q558=\"\",Z558=\"\"),\"\",VLOOKUP(Q558&\" Cost & \"&Z558&\" Benefit\",'Overall Priority'!$D$21:$E$45,2,FALSE))","v":""}]
[null,null,null,null,null,null,null,null,null,null,null,null,null,null,null,{"$f":"IF(O559=\"\",\"\",IF(O559<'Cost Band & Priority'!$E$12,5,IF(O559<'Cost Band & Priority'!$E$11,4,IF(O559<'Cost Band & Priority'!$E$10,3,IF(O559<'Cost Band & Priority'!$E$9,2,1)))))","v":""},{"$f":"IF(P559=\"\",\"\",VLOOKUP(P559,'Cost Band & Priority'!$B$8:$E$12,2,FALSE))","v":""},null,null,null,null,null,null,null,"",{"$f":"IF(Y559=\"\",\"\",VLOOKUP(Y559,'Benefit Priority'!$B$25:$C$47,2,FALSE))","v":""},{"$f":"IF(OR(Q559=\"\",Z559=\"\"),\"\",VLOOKUP(VLOOKUP(Q559&\" Cost & \"&Z559&\" Benefit\",'Overall Priority'!$D$21:$E$45,2,FALSE),'Overall Priority'!$B$8:$E$16,4,FALSE))","v":""},{"$f":"IF(OR(Q559=\"\",Z559=\"\"),\"\",VLOOKUP(Q559&\" Cost & \"&Z559&\" Benefit\",'Overall Priority'!$D$21:$E$45,2,FALSE))","v":""}]
[null,null,null,null,null,null,null,null,null,null,null,null,null,null,null,{"$f":"IF(O560=\"\",\"\",IF(O560<'Cost Band & Priority'!$E$12,5,IF(O560<'Cost Band & Priority'!$E$11,4,IF(O560<'Cost Band & Priority'!$E$10,3,IF(O560<'Cost Band & Priority'!$E$9,2,1)))))","v":""},{"$f":"IF(P560=\"\",\"\",VLOOKUP(P560,'Cost Band & Priority'!$B$8:$E$12,2,FALSE))","v":""},null,null,null,null,null,null,null,"",{"$f":"IF(Y560=\"\",\"\",VLOOKUP(Y560,'Benefit Priority'!$B$25:$C$47,2,FALSE))","v":""},{"$f":"IF(OR(Q560=\"\",Z560=\"\"),\"\",VLOOKUP(VLOOKUP(Q560&\" Cost & \"&Z560&\" Benefit\",'Overall Priority'!$D$21:$E$45,2,FALSE),'Overall Priority'!$B$8:$E$16,4,FALSE))","v":""},{"$f":"IF(OR(Q560=\"\",Z560=\"\"),\"\",VLOOKUP(Q560&\" Cost & \"&Z560&\" Benefit\",'Overall Priority'!$D$21:$E$45,2,FALSE))","v":""}]
[null,null,null,null,null,null,null,null,null,null,null,null,null,null,null,{"$f":"IF(O561=\"\",\"\",IF(O561<'Cost Band & Priority'!$E$12,5,IF(O561<'Cost Band & Priority'!$E$11,4,IF(O561<'Cost Band & Priority'!$E$10,3,IF(O561<'Cost Band & Priority'!$E$9,2,1)))))","v":""},{"$f":"IF(P561=\"\",\"\",VLOOKUP(P561,'Cost Band & Priority'!$B$8:$E$12,2,FALSE))","v":""},null,null,null,null,null,null,null,"",{"$f":"IF(Y561=\"\",\"\",VLOOKUP(Y561,'Benefit Priority'!$B$25:$C$47,2,FALSE))","v":""},{"$f":"IF(OR(Q561=\"\",Z561=\"\"),\"\",VLOOKUP(VLOOKUP(Q561&\" Cost & \"&Z561&\" Benefit\",'Overall Priority'!$D$21:$E$45,2,FALSE),'Overall Priority'!$B$8:$E$16,4,FALSE))","v":""},{"$f":"IF(OR(Q561=\"\",Z561=\"\"),\"\",VLOOKUP(Q561&\" Cost & \"&Z561&\" Benefit\",'Overall Priority'!$D$21:$E$45,2,FALSE))","v":""}]
[null,null,null,null,null,null,null,null,null,null,null,null,null,null,null,{"$f":"IF(O562=\"\",\"\",IF(O562<'Cost Band & Priority'!$E$12,5,IF(O562<'Cost Band & Priority'!$E$11,4,IF(O562<'Cost Band & Priority'!$E$10,3,IF(O562<'Cost Band & Priority'!$E$9,2,1)))))","v":""},{"$f":"IF(P562=\"\",\"\",VLOOKUP(P562,'Cost Band & Priority'!$B$8:$E$12,2,FALSE))","v":""},null,null,null,null,null,null,null,"",{"$f":"IF(Y562=\"\",\"\",VLOOKUP(Y562,'Benefit Priority'!$B$25:$C$47,2,FALSE))","v":""},{"$f":"IF(OR(Q562=\"\",Z562=\"\"),\"\",VLOOKUP(VLOOKUP(Q562&\" Cost & \"&Z562&\" Benefit\",'Overall Priority'!$D$21:$E$45,2,FALSE),'Overall Priority'!$B$8:$E$16,4,FALSE))","v":""},{"$f":"IF(OR(Q562=\"\",Z562=\"\"),\"\",VLOOKUP(Q562&\" Cost & \"&Z562&\" Benefit\",'Overall Priority'!$D$21:$E$45,2,FALSE))","v":""}]
[null,null,null,null,null,null,null,null,null,null,null,null,null,null,null,{"$f":"IF(O563=\"\",\"\",IF(O563<'Cost Band & Priority'!$E$12,5,IF(O563<'Cost Band & Priority'!$E$11,4,IF(O563<'Cost Band & Priority'!$E$10,3,IF(O563<'Cost Band & Priority'!$E$9,2,1)))))","v":""},{"$f":"IF(P563=\"\",\"\",VLOOKUP(P563,'Cost Band & Priority'!$B$8:$E$12,2,FALSE))","v":""},null,null,null,null,null,null,null,"",{"$f":"IF(Y563=\"\",\"\",VLOOKUP(Y563,'Benefit Priority'!$B$25:$C$47,2,FALSE))","v":""},{"$f":"IF(OR(Q563=\"\",Z563=\"\"),\"\",VLOOKUP(VLOOKUP(Q563&\" Cost & \"&Z563&\" Benefit\",'Overall Priority'!$D$21:$E$45,2,FALSE),'Overall Priority'!$B$8:$E$16,4,FALSE))","v":""},{"$f":"IF(OR(Q563=\"\",Z563=\"\"),\"\",VLOOKUP(Q563&\" Cost & \"&Z563&\" Benefit\",'Overall Priority'!$D$21:$E$45,2,FALSE))","v":""}]
[null,null,null,null,null,null,null,null,null,null,null,null,null,null,null,{"$f":"IF(O564=\"\",\"\",IF(O564<'Cost Band & Priority'!$E$12,5,IF(O564<'Cost Band & Priority'!$E$11,4,IF(O564<'Cost Band & Priority'!$E$10,3,IF(O564<'Cost Band & Priority'!$E$9,2,1)))))","v":""},{"$f":"IF(P564=\"\",\"\",VLOOKUP(P564,'Cost Band & Priority'!$B$8:$E$12,2,FALSE))","v":""},null,null,null,null,null,null,null,"",{"$f":"IF(Y564=\"\",\"\",VLOOKUP(Y564,'Benefit Priority'!$B$25:$C$47,2,FALSE))","v":""},{"$f":"IF(OR(Q564=\"\",Z564=\"\"),\"\",VLOOKUP(VLOOKUP(Q564&\" Cost & \"&Z564&\" Benefit\",'Overall Priority'!$D$21:$E$45,2,FALSE),'Overall Priority'!$B$8:$E$16,4,FALSE))","v":""},{"$f":"IF(OR(Q564=\"\",Z564=\"\"),\"\",VLOOKUP(Q564&\" Cost & \"&Z564&\" Benefit\",'Overall Priority'!$D$21:$E$45,2,FALSE))","v":""}]
[null,null,null,null,null,null,null,null,null,null,null,null,null,null,null,{"$f":"IF(O565=\"\",\"\",IF(O565<'Cost Band & Priority'!$E$12,5,IF(O565<'Cost Band & Priority'!$E$11,4,IF(O565<'Cost Band & Priority'!$E$10,3,IF(O565<'Cost Band & Priority'!$E$9,2,1)))))","v":""},{"$f":"IF(P565=\"\",\"\",VLOOKUP(P565,'Cost Band & Priority'!$B$8:$E$12,2,FALSE))","v":""},null,null,null,null,null,null,null,"",{"$f":"IF(Y565=\"\",\"\",VLOOKUP(Y565,'Benefit Priority'!$B$25:$C$47,2,FALSE))","v":""},{"$f":"IF(OR(Q565=\"\",Z565=\"\"),\"\",VLOOKUP(VLOOKUP(Q565&\" Cost & \"&Z565&\" Benefit\",'Overall Priority'!$D$21:$E$45,2,FALSE),'Overall Priority'!$B$8:$E$16,4,FALSE))","v":""},{"$f":"IF(OR(Q565=\"\",Z565=\"\"),\"\",VLOOKUP(Q565&\" Cost & \"&Z565&\" Benefit\",'Overall Priority'!$D$21:$E$45,2,FALSE))","v":""}]
[null,null,null,null,null,null,null,null,null,null,null,null,null,null,null,{"$f":"IF(O566=\"\",\"\",IF(O566<'Cost Band & Priority'!$E$12,5,IF(O566<'Cost Band & Priority'!$E$11,4,IF(O566<'Cost Band & Priority'!$E$10,3,IF(O566<'Cost Band & Priority'!$E$9,2,1)))))","v":""},{"$f":"IF(P566=\"\",\"\",VLOOKUP(P566,'Cost Band & Priority'!$B$8:$E$12,2,FALSE))","v":""},null,null,null,null,null,null,null,"",{"$f":"IF(Y566=\"\",\"\",VLOOKUP(Y566,'Benefit Priority'!$B$25:$C$47,2,FALSE))","v":""},{"$f":"IF(OR(Q566=\"\",Z566=\"\"),\"\",VLOOKUP(VLOOKUP(Q566&\" Cost & \"&Z566&\" Benefit\",'Overall Priority'!$D$21:$E$45,2,FALSE),'Overall Priority'!$B$8:$E$16,4,FALSE))","v":""},{"$f":"IF(OR(Q566=\"\",Z566=\"\"),\"\",VLOOKUP(Q566&\" Cost & \"&Z566&\" Benefit\",'Overall Priority'!$D$21:$E$45,2,FALSE))","v":""}]
[null,null,null,null,null,null,null,null,null,null,null,null,null,null,null,{"$f":"IF(O567=\"\",\"\",IF(O567<'Cost Band & Priority'!$E$12,5,IF(O567<'Cost Band & Priority'!$E$11,4,IF(O567<'Cost Band & Priority'!$E$10,3,IF(O567<'Cost Band & Priority'!$E$9,2,1)))))","v":""},{"$f":"IF(P567=\"\",\"\",VLOOKUP(P567,'Cost Band & Priority'!$B$8:$E$12,2,FALSE))","v":""},null,null,null,null,null,null,null,"",{"$f":"IF(Y567=\"\",\"\",VLOOKUP(Y567,'Benefit Priority'!$B$25:$C$47,2,FALSE))","v":""},{"$f":"IF(OR(Q567=\"\",Z567=\"\"),\"\",VLOOKUP(VLOOKUP(Q567&\" Cost & \"&Z567&\" Benefit\",'Overall Priority'!$D$21:$E$45,2,FALSE),'Overall Priority'!$B$8:$E$16,4,FALSE))","v":""},{"$f":"IF(OR(Q567=\"\",Z567=\"\"),\"\",VLOOKUP(Q567&\" Cost & \"&Z567&\" Benefit\",'Overall Priority'!$D$21:$E$45,2,FALSE))","v":""}]
[null,null,null,null,null,null,null,null,null,null,null,null,null,null,null,{"$f":"IF(O568=\"\",\"\",IF(O568<'Cost Band & Priority'!$E$12,5,IF(O568<'Cost Band & Priority'!$E$11,4,IF(O568<'Cost Band & Priority'!$E$10,3,IF(O568<'Cost Band & Priority'!$E$9,2,1)))))","v":""},{"$f":"IF(P568=\"\",\"\",VLOOKUP(P568,'Cost Band & Priority'!$B$8:$E$12,2,FALSE))","v":""},null,null,null,null,null,null,null,"",{"$f":"IF(Y568=\"\",\"\",VLOOKUP(Y568,'Benefit Priority'!$B$25:$C$47,2,FALSE))","v":""},{"$f":"IF(OR(Q568=\"\",Z568=\"\"),\"\",VLOOKUP(VLOOKUP(Q568&\" Cost & \"&Z568&\" Benefit\",'Overall Priority'!$D$21:$E$45,2,FALSE),'Overall Priority'!$B$8:$E$16,4,FALSE))","v":""},{"$f":"IF(OR(Q568=\"\",Z568=\"\"),\"\",VLOOKUP(Q568&\" Cost & \"&Z568&\" Benefit\",'Overall Priority'!$D$21:$E$45,2,FALSE))","v":""}]
[null,null,null,null,null,null,null,null,null,null,null,null,null,null,null,{"$f":"IF(O569=\"\",\"\",IF(O569<'Cost Band & Priority'!$E$12,5,IF(O569<'Cost Band & Priority'!$E$11,4,IF(O569<'Cost Band & Priority'!$E$10,3,IF(O569<'Cost Band & Priority'!$E$9,2,1)))))","v":""},{"$f":"IF(P569=\"\",\"\",VLOOKUP(P569,'Cost Band & Priority'!$B$8:$E$12,2,FALSE))","v":""},null,null,null,null,null,null,null,"",{"$f":"IF(Y569=\"\",\"\",VLOOKUP(Y569,'Benefit Priority'!$B$25:$C$47,2,FALSE))","v":""},{"$f":"IF(OR(Q569=\"\",Z569=\"\"),\"\",VLOOKUP(VLOOKUP(Q569&\" Cost & \"&Z569&\" Benefit\",'Overall Priority'!$D$21:$E$45,2,FALSE),'Overall Priority'!$B$8:$E$16,4,FALSE))","v":""},{"$f":"IF(OR(Q569=\"\",Z569=\"\"),\"\",VLOOKUP(Q569&\" Cost & \"&Z569&\" Benefit\",'Overall Priority'!$D$21:$E$45,2,FALSE))","v":""}]
[null,null,null,null,null,null,null,null,null,null,null,null,null,null,null,{"$f":"IF(O570=\"\",\"\",IF(O570<'Cost Band & Priority'!$E$12,5,IF(O570<'Cost Band & Priority'!$E$11,4,IF(O570<'Cost Band & Priority'!$E$10,3,IF(O570<'Cost Band & Priority'!$E$9,2,1)))))","v":""},{"$f":"IF(P570=\"\",\"\",VLOOKUP(P570,'Cost Band & Priority'!$B$8:$E$12,2,FALSE))","v":""},null,null,null,null,null,null,null,"",{"$f":"IF(Y570=\"\",\"\",VLOOKUP(Y570,'Benefit Priority'!$B$25:$C$47,2,FALSE))","v":""},{"$f":"IF(OR(Q570=\"\",Z570=\"\"),\"\",VLOOKUP(VLOOKUP(Q570&\" Cost & \"&Z570&\" Benefit\",'Overall Priority'!$D$21:$E$45,2,FALSE),'Overall Priority'!$B$8:$E$16,4,FALSE))","v":""},{"$f":"IF(OR(Q570=\"\",Z570=\"\"),\"\",VLOOKUP(Q570&\" Cost & \"&Z570&\" Benefit\",'Overall Priority'!$D$21:$E$45,2,FALSE))","v":""}]
[null,null,null,null,null,null,null,null,null,null,null,null,null,null,null,{"$f":"IF(O571=\"\",\"\",IF(O571<'Cost Band & Priority'!$E$12,5,IF(O571<'Cost Band & Priority'!$E$11,4,IF(O571<'Cost Band & Priority'!$E$10,3,IF(O571<'Cost Band & Priority'!$E$9,2,1)))))","v":""},{"$f":"IF(P571=\"\",\"\",VLOOKUP(P571,'Cost Band & Priority'!$B$8:$E$12,2,FALSE))","v":""},null,null,null,null,null,null,null,"",{"$f":"IF(Y571=\"\",\"\",VLOOKUP(Y571,'Benefit Priority'!$B$25:$C$47,2,FALSE))","v":""},{"$f":"IF(OR(Q571=\"\",Z571=\"\"),\"\",VLOOKUP(VLOOKUP(Q571&\" Cost & \"&Z571&\" Benefit\",'Overall Priority'!$D$21:$E$45,2,FALSE),'Overall Priority'!$B$8:$E$16,4,FALSE))","v":""},{"$f":"IF(OR(Q571=\"\",Z571=\"\"),\"\",VLOOKUP(Q571&\" Cost & \"&Z571&\" Benefit\",'Overall Priority'!$D$21:$E$45,2,FALSE))","v":""}]
[null,null,null,null,null,null,null,null,null,null,null,null,null,null,null,{"$f":"IF(O572=\"\",\"\",IF(O572<'Cost Band & Priority'!$E$12,5,IF(O572<'Cost Band & Priority'!$E$11,4,IF(O572<'Cost Band & Priority'!$E$10,3,IF(O572<'Cost Band & Priority'!$E$9,2,1)))))","v":""},{"$f":"IF(P572=\"\",\"\",VLOOKUP(P572,'Cost Band & Priority'!$B$8:$E$12,2,FALSE))","v":""},null,null,null,null,null,null,null,"",{"$f":"IF(Y572=\"\",\"\",VLOOKUP(Y572,'Benefit Priority'!$B$25:$C$47,2,FALSE))","v":""},{"$f":"IF(OR(Q572=\"\",Z572=\"\"),\"\",VLOOKUP(VLOOKUP(Q572&\" Cost & \"&Z572&\" Benefit\",'Overall Priority'!$D$21:$E$45,2,FALSE),'Overall Priority'!$B$8:$E$16,4,FALSE))","v":""},{"$f":"IF(OR(Q572=\"\",Z572=\"\"),\"\",VLOOKUP(Q572&\" Cost & \"&Z572&\" Benefit\",'Overall Priority'!$D$21:$E$45,2,FALSE))","v":""}]
[null,null,null,null,null,null,null,null,null,null,null,null,null,null,null,{"$f":"IF(O573=\"\",\"\",IF(O573<'Cost Band & Priority'!$E$12,5,IF(O573<'Cost Band & Priority'!$E$11,4,IF(O573<'Cost Band & Priority'!$E$10,3,IF(O573<'Cost Band & Priority'!$E$9,2,1)))))","v":""},{"$f":"IF(P573=\"\",\"\",VLOOKUP(P573,'Cost Band & Priority'!$B$8:$E$12,2,FALSE))","v":""},null,null,null,null,null,null,null,"",{"$f":"IF(Y573=\"\",\"\",VLOOKUP(Y573,'Benefit Priority'!$B$25:$C$47,2,FALSE))","v":""},{"$f":"IF(OR(Q573=\"\",Z573=\"\"),\"\",VLOOKUP(VLOOKUP(Q573&\" Cost & \"&Z573&\" Benefit\",'Overall Priority'!$D$21:$E$45,2,FALSE),'Overall Priority'!$B$8:$E$16,4,FALSE))","v":""},{"$f":"IF(OR(Q573=\"\",Z573=\"\"),\"\",VLOOKUP(Q573&\" Cost & \"&Z573&\" Benefit\",'Overall Priority'!$D$21:$E$45,2,FALSE))","v":""}]
[null,null,null,null,null,null,null,null,null,null,null,null,null,null,null,{"$f":"IF(O574=\"\",\"\",IF(O574<'Cost Band & Priority'!$E$12,5,IF(O574<'Cost Band & Priority'!$E$11,4,IF(O574<'Cost Band & Priority'!$E$10,3,IF(O574<'Cost Band & Priority'!$E$9,2,1)))))","v":""},{"$f":"IF(P574=\"\",\"\",VLOOKUP(P574,'Cost Band & Priority'!$B$8:$E$12,2,FALSE))","v":""},null,null,null,null,null,null,null,"",{"$f":"IF(Y574=\"\",\"\",VLOOKUP(Y574,'Benefit Priority'!$B$25:$C$47,2,FALSE))","v":""},{"$f":"IF(OR(Q574=\"\",Z574=\"\"),\"\",VLOOKUP(VLOOKUP(Q574&\" Cost & \"&Z574&\" Benefit\",'Overall Priority'!$D$21:$E$45,2,FALSE),'Overall Priority'!$B$8:$E$16,4,FALSE))","v":""},{"$f":"IF(OR(Q574=\"\",Z574=\"\"),\"\",VLOOKUP(Q574&\" Cost & \"&Z574&\" Benefit\",'Overall Priority'!$D$21:$E$45,2,FALSE))","v":""}]
[null,null,null,null,null,null,null,null,null,null,null,null,null,null,null,{"$f":"IF(O575=\"\",\"\",IF(O575<'Cost Band & Priority'!$E$12,5,IF(O575<'Cost Band & Priority'!$E$11,4,IF(O575<'Cost Band & Priority'!$E$10,3,IF(O575<'Cost Band & Priority'!$E$9,2,1)))))","v":""},{"$f":"IF(P575=\"\",\"\",VLOOKUP(P575,'Cost Band & Priority'!$B$8:$E$12,2,FALSE))","v":""},null,null,null,null,null,null,null,"",{"$f":"IF(Y575=\"\",\"\",VLOOKUP(Y575,'Benefit Priority'!$B$25:$C$47,2,FALSE))","v":""},{"$f":"IF(OR(Q575=\"\",Z575=\"\"),\"\",VLOOKUP(VLOOKUP(Q575&\" Cost & \"&Z575&\" Benefit\",'Overall Priority'!$D$21:$E$45,2,FALSE),'Overall Priority'!$B$8:$E$16,4,FALSE))","v":""},{"$f":"IF(OR(Q575=\"\",Z575=\"\"),\"\",VLOOKUP(Q575&\" Cost & \"&Z575&\" Benefit\",'Overall Priority'!$D$21:$E$45,2,FALSE))","v":""}]
[null,null,null,null,null,null,null,null,null,null,null,null,null,null,null,{"$f":"IF(O576=\"\",\"\",IF(O576<'Cost Band & Priority'!$E$12,5,IF(O576<'Cost Band & Priority'!$E$11,4,IF(O576<'Cost Band & Priority'!$E$10,3,IF(O576<'Cost Band & Priority'!$E$9,2,1)))))","v":""},{"$f":"IF(P576=\"\",\"\",VLOOKUP(P576,'Cost Band & Priority'!$B$8:$E$12,2,FALSE))","v":""},null,null,null,null,null,null,null,"",{"$f":"IF(Y576=\"\",\"\",VLOOKUP(Y576,'Benefit Priority'!$B$25:$C$47,2,FALSE))","v":""},{"$f":"IF(OR(Q576=\"\",Z576=\"\"),\"\",VLOOKUP(VLOOKUP(Q576&\" Cost & \"&Z576&\" Benefit\",'Overall Priority'!$D$21:$E$45,2,FALSE),'Overall Priority'!$B$8:$E$16,4,FALSE))","v":""},{"$f":"IF(OR(Q576=\"\",Z576=\"\"),\"\",VLOOKUP(Q576&\" Cost & \"&Z576&\" Benefit\",'Overall Priority'!$D$21:$E$45,2,FALSE))","v":""}]
[null,null,null,null,null,null,null,null,null,null,null,null,null,null,null,{"$f":"IF(O577=\"\",\"\",IF(O577<'Cost Band & Priority'!$E$12,5,IF(O577<'Cost Band & Priority'!$E$11,4,IF(O577<'Cost Band & Priority'!$E$10,3,IF(O577<'Cost Band & Priority'!$E$9,2,1)))))","v":""},{"$f":"IF(P577=\"\",\"\",VLOOKUP(P577,'Cost Band & Priority'!$B$8:$E$12,2,FALSE))","v":""},null,null,null,null,null,null,null,"",{"$f":"IF(Y577=\"\",\"\",VLOOKUP(Y577,'Benefit Priority'!$B$25:$C$47,2,FALSE))","v":""},{"$f":"IF(OR(Q577=\"\",Z577=\"\"),\"\",VLOOKUP(VLOOKUP(Q577&\" Cost & \"&Z577&\" Benefit\",'Overall Priority'!$D$21:$E$45,2,FALSE),'Overall Priority'!$B$8:$E$16,4,FALSE))","v":""},{"$f":"IF(OR(Q577=\"\",Z577=\"\"),\"\",VLOOKUP(Q577&\" Cost & \"&Z577&\" Benefit\",'Overall Priority'!$D$21:$E$45,2,FALSE))","v":""}]
[null,null,null,null,null,null,null,null,null,null,null,null,null,null,null,{"$f":"IF(O578=\"\",\"\",IF(O578<'Cost Band & Priority'!$E$12,5,IF(O578<'Cost Band & Priority'!$E$11,4,IF(O578<'Cost Band & Priority'!$E$10,3,IF(O578<'Cost Band & Priority'!$E$9,2,1)))))","v":""},{"$f":"IF(P578=\"\",\"\",VLOOKUP(P578,'Cost Band & Priority'!$B$8:$E$12,2,FALSE))","v":""},null,null,null,null,null,null,null,{"$f":"IF(AND(R578>0,S578>0,T578>0,U578>0,V578>0,W578>0,X578>0),SUM(R578:X578),\"\")","v":""},{"$f":"IF(Y578=\"\",\"\",VLOOKUP(Y578,'Benefit Priority'!$B$25:$C$47,2,FALSE))","v":""},{"$f":"IF(OR(Q578=\"\",Z578=\"\"),\"\",VLOOKUP(VLOOKUP(Q578&\" Cost & \"&Z578&\" Benefit\",'Overall Priority'!$D$21:$E$45,2,FALSE),'Overall Priority'!$B$8:$E$16,4,FALSE))","v":""},{"$f":"IF(OR(Q578=\"\",Z578=\"\"),\"\",VLOOKUP(Q578&\" Cost & \"&Z578&\" Benefit\",'Overall Priority'!$D$21:$E$45,2,FALSE))","v":""}]
[null,null,null,null,null,null,null,null,null,null,null,null,null,null,null,{"$f":"IF(O579=\"\",\"\",IF(O579<'Cost Band & Priority'!$E$12,5,IF(O579<'Cost Band & Priority'!$E$11,4,IF(O579<'Cost Band & Priority'!$E$10,3,IF(O579<'Cost Band & Priority'!$E$9,2,1)))))","v":""},{"$f":"IF(P579=\"\",\"\",VLOOKUP(P579,'Cost Band & Priority'!$B$8:$E$12,2,FALSE))","v":""},null,null,null,null,null,null,null,"",{"$f":"IF(Y579=\"\",\"\",VLOOKUP(Y579,'Benefit Priority'!$B$25:$C$47,2,FALSE))","v":""},{"$f":"IF(OR(Q579=\"\",Z579=\"\"),\"\",VLOOKUP(VLOOKUP(Q579&\" Cost & \"&Z579&\" Benefit\",'Overall Priority'!$D$21:$E$45,2,FALSE),'Overall Priority'!$B$8:$E$16,4,FALSE))","v":""},{"$f":"IF(OR(Q579=\"\",Z579=\"\"),\"\",VLOOKUP(Q579&\" Cost & \"&Z579&\" Benefit\",'Overall Priority'!$D$21:$E$45,2,FALSE))","v":""}]
[null,null,null,null,null,null,null,null,null,null,null,null,null,null,null,{"$f":"IF(O580=\"\",\"\",IF(O580<'Cost Band & Priority'!$E$12,5,IF(O580<'Cost Band & Priority'!$E$11,4,IF(O580<'Cost Band & Priority'!$E$10,3,IF(O580<'Cost Band & Priority'!$E$9,2,1)))))","v":""},{"$f":"IF(P580=\"\",\"\",VLOOKUP(P580,'Cost Band & Priority'!$B$8:$E$12,2,FALSE))","v":""},null,null,null,null,null,null,null,"",{"$f":"IF(Y580=\"\",\"\",VLOOKUP(Y580,'Benefit Priority'!$B$25:$C$47,2,FALSE))","v":""},{"$f":"IF(OR(Q580=\"\",Z580=\"\"),\"\",VLOOKUP(VLOOKUP(Q580&\" Cost & \"&Z580&\" Benefit\",'Overall Priority'!$D$21:$E$45,2,FALSE),'Overall Priority'!$B$8:$E$16,4,FALSE))","v":""},{"$f":"IF(OR(Q580=\"\",Z580=\"\"),\"\",VLOOKUP(Q580&\" Cost & \"&Z580&\" Benefit\",'Overall Priority'!$D$21:$E$45,2,FALSE))","v":""}]
[null,null,null,null,null,null,null,null,null,null,null,null,null,null,null,{"$f":"IF(O581=\"\",\"\",IF(O581<'Cost Band & Priority'!$E$12,5,IF(O581<'Cost Band & Priority'!$E$11,4,IF(O581<'Cost Band & Priority'!$E$10,3,IF(O581<'Cost Band & Priority'!$E$9,2,1)))))","v":""},{"$f":"IF(P581=\"\",\"\",VLOOKUP(P581,'Cost Band & Priority'!$B$8:$E$12,2,FALSE))","v":""},null,null,null,null,null,null,null,"",{"$f":"IF(Y581=\"\",\"\",VLOOKUP(Y581,'Benefit Priority'!$B$25:$C$47,2,FALSE))","v":""},{"$f":"IF(OR(Q581=\"\",Z581=\"\"),\"\",VLOOKUP(VLOOKUP(Q581&\" Cost & \"&Z581&\" Benefit\",'Overall Priority'!$D$21:$E$45,2,FALSE),'Overall Priority'!$B$8:$E$16,4,FALSE))","v":""},{"$f":"IF(OR(Q581=\"\",Z581=\"\"),\"\",VLOOKUP(Q581&\" Cost & \"&Z581&\" Benefit\",'Overall Priority'!$D$21:$E$45,2,FALSE))","v":""}]
[null,null,null,null,null,null,null,null,null,null,null,null,null,null,null,{"$f":"IF(O582=\"\",\"\",IF(O582<'Cost Band & Priority'!$E$12,5,IF(O582<'Cost Band & Priority'!$E$11,4,IF(O582<'Cost Band & Priority'!$E$10,3,IF(O582<'Cost Band & Priority'!$E$9,2,1)))))","v":""},{"$f":"IF(P582=\"\",\"\",VLOOKUP(P582,'Cost Band & Priority'!$B$8:$E$12,2,FALSE))","v":""},null,null,null,null,null,null,null,"",{"$f":"IF(Y582=\"\",\"\",VLOOKUP(Y582,'Benefit Priority'!$B$25:$C$47,2,FALSE))","v":""},{"$f":"IF(OR(Q582=\"\",Z582=\"\"),\"\",VLOOKUP(VLOOKUP(Q582&\" Cost & \"&Z582&\" Benefit\",'Overall Priority'!$D$21:$E$45,2,FALSE),'Overall Priority'!$B$8:$E$16,4,FALSE))","v":""},{"$f":"IF(OR(Q582=\"\",Z582=\"\"),\"\",VLOOKUP(Q582&\" Cost & \"&Z582&\" Benefit\",'Overall Priority'!$D$21:$E$45,2,FALSE))","v":""}]
[null,null,null,null,null,null,null,null,null,null,null,null,null,null,null,{"$f":"IF(O583=\"\",\"\",IF(O583<'Cost Band & Priority'!$E$12,5,IF(O583<'Cost Band & Priority'!$E$11,4,IF(O583<'Cost Band & Priority'!$E$10,3,IF(O583<'Cost Band & Priority'!$E$9,2,1)))))","v":""},{"$f":"IF(P583=\"\",\"\",VLOOKUP(P583,'Cost Band & Priority'!$B$8:$E$12,2,FALSE))","v":""},null,null,null,null,null,null,null,"",{"$f":"IF(Y583=\"\",\"\",VLOOKUP(Y583,'Benefit Priority'!$B$25:$C$47,2,FALSE))","v":""},{"$f":"IF(OR(Q583=\"\",Z583=\"\"),\"\",VLOOKUP(VLOOKUP(Q583&\" Cost & \"&Z583&\" Benefit\",'Overall Priority'!$D$21:$E$45,2,FALSE),'Overall Priority'!$B$8:$E$16,4,FALSE))","v":""},{"$f":"IF(OR(Q583=\"\",Z583=\"\"),\"\",VLOOKUP(Q583&\" Cost & \"&Z583&\" Benefit\",'Overall Priority'!$D$21:$E$45,2,FALSE))","v":""}]
[null,null,null,null,null,null,null,null,null,null,null,null,null,null,null,{"$f":"IF(O584=\"\",\"\",IF(O584<'Cost Band & Priority'!$E$12,5,IF(O584<'Cost Band & Priority'!$E$11,4,IF(O584<'Cost Band & Priority'!$E$10,3,IF(O584<'Cost Band & Priority'!$E$9,2,1)))))","v":""},{"$f":"IF(P584=\"\",\"\",VLOOKUP(P584,'Cost Band & Priority'!$B$8:$E$12,2,FALSE))","v":""},null,null,null,null,null,null,null,"",{"$f":"IF(Y584=\"\",\"\",VLOOKUP(Y584,'Benefit Priority'!$B$25:$C$47,2,FALSE))","v":""},{"$f":"IF(OR(Q584=\"\",Z584=\"\"),\"\",VLOOKUP(VLOOKUP(Q584&\" Cost & \"&Z584&\" Benefit\",'Overall Priority'!$D$21:$E$45,2,FALSE),'Overall Priority'!$B$8:$E$16,4,FALSE))","v":""},{"$f":"IF(OR(Q584=\"\",Z584=\"\"),\"\",VLOOKUP(Q584&\" Cost & \"&Z584&\" Benefit\",'Overall Priority'!$D$21:$E$45,2,FALSE))","v":""}]
[null,null,null,null,null,null,null,null,null,null,null,null,null,null,null,{"$f":"IF(O585=\"\",\"\",IF(O585<'Cost Band & Priority'!$E$12,5,IF(O585<'Cost Band & Priority'!$E$11,4,IF(O585<'Cost Band & Priority'!$E$10,3,IF(O585<'Cost Band & Priority'!$E$9,2,1)))))","v":""},{"$f":"IF(P585=\"\",\"\",VLOOKUP(P585,'Cost Band & Priority'!$B$8:$E$12,2,FALSE))","v":""},null,null,null,null,null,null,null,"",{"$f":"IF(Y585=\"\",\"\",VLOOKUP(Y585,'Benefit Priority'!$B$25:$C$47,2,FALSE))","v":""},{"$f":"IF(OR(Q585=\"\",Z585=\"\"),\"\",VLOOKUP(VLOOKUP(Q585&\" Cost & \"&Z585&\" Benefit\",'Overall Priority'!$D$21:$E$45,2,FALSE),'Overall Priority'!$B$8:$E$16,4,FALSE))","v":""},{"$f":"IF(OR(Q585=\"\",Z585=\"\"),\"\",VLOOKUP(Q585&\" Cost & \"&Z585&\" Benefit\",'Overall Priority'!$D$21:$E$45,2,FALSE))","v":""}]
[null,null,null,null,null,null,null,null,null,null,null,null,null,null,null,{"$f":"IF(O586=\"\",\"\",IF(O586<'Cost Band & Priority'!$E$12,5,IF(O586<'Cost Band & Priority'!$E$11,4,IF(O586<'Cost Band & Priority'!$E$10,3,IF(O586<'Cost Band & Priority'!$E$9,2,1)))))","v":""},{"$f":"IF(P586=\"\",\"\",VLOOKUP(P586,'Cost Band & Priority'!$B$8:$E$12,2,FALSE))","v":""},null,null,null,null,null,null,null,"",{"$f":"IF(Y586=\"\",\"\",VLOOKUP(Y586,'Benefit Priority'!$B$25:$C$47,2,FALSE))","v":""},{"$f":"IF(OR(Q586=\"\",Z586=\"\"),\"\",VLOOKUP(VLOOKUP(Q586&\" Cost & \"&Z586&\" Benefit\",'Overall Priority'!$D$21:$E$45,2,FALSE),'Overall Priority'!$B$8:$E$16,4,FALSE))","v":""},{"$f":"IF(OR(Q586=\"\",Z586=\"\"),\"\",VLOOKUP(Q586&\" Cost & \"&Z586&\" Benefit\",'Overall Priority'!$D$21:$E$45,2,FALSE))","v":""}]
[null,null,null,null,null,null,null,null,null,null,null,null,null,null,null,{"$f":"IF(O587=\"\",\"\",IF(O587<'Cost Band & Priority'!$E$12,5,IF(O587<'Cost Band & Priority'!$E$11,4,IF(O587<'Cost Band & Priority'!$E$10,3,IF(O587<'Cost Band & Priority'!$E$9,2,1)))))","v":""},{"$f":"IF(P587=\"\",\"\",VLOOKUP(P587,'Cost Band & Priority'!$B$8:$E$12,2,FALSE))","v":""},null,null,null,null,null,null,null,"",{"$f":"IF(Y587=\"\",\"\",VLOOKUP(Y587,'Benefit Priority'!$B$25:$C$47,2,FALSE))","v":""},{"$f":"IF(OR(Q587=\"\",Z587=\"\"),\"\",VLOOKUP(VLOOKUP(Q587&\" Cost & \"&Z587&\" Benefit\",'Overall Priority'!$D$21:$E$45,2,FALSE),'Overall Priority'!$B$8:$E$16,4,FALSE))","v":""},{"$f":"IF(OR(Q587=\"\",Z587=\"\"),\"\",VLOOKUP(Q587&\" Cost & \"&Z587&\" Benefit\",'Overall Priority'!$D$21:$E$45,2,FALSE))","v":""}]
[null,null,null,null,null,null,null,null,null,null,null,null,null,null,null,{"$f":"IF(O588=\"\",\"\",IF(O588<'Cost Band & Priority'!$E$12,5,IF(O588<'Cost Band & Priority'!$E$11,4,IF(O588<'Cost Band & Priority'!$E$10,3,IF(O588<'Cost Band & Priority'!$E$9,2,1)))))","v":""},{"$f":"IF(P588=\"\",\"\",VLOOKUP(P588,'Cost Band & Priority'!$B$8:$E$12,2,FALSE))","v":""},null,null,null,null,null,null,null,"",{"$f":"IF(Y588=\"\",\"\",VLOOKUP(Y588,'Benefit Priority'!$B$25:$C$47,2,FALSE))","v":""},{"$f":"IF(OR(Q588=\"\",Z588=\"\"),\"\",VLOOKUP(VLOOKUP(Q588&\" Cost & \"&Z588&\" Benefit\",'Overall Priority'!$D$21:$E$45,2,FALSE),'Overall Priority'!$B$8:$E$16,4,FALSE))","v":""},{"$f":"IF(OR(Q588=\"\",Z588=\"\"),\"\",VLOOKUP(Q588&\" Cost & \"&Z588&\" Benefit\",'Overall Priority'!$D$21:$E$45,2,FALSE))","v":""}]
[null,null,null,null,null,null,null,null,null,null,null,null,null,null,null,{"$f":"IF(O589=\"\",\"\",IF(O589<'Cost Band & Priority'!$E$12,5,IF(O589<'Cost Band & Priority'!$E$11,4,IF(O589<'Cost Band & Priority'!$E$10,3,IF(O589<'Cost Band & Priority'!$E$9,2,1)))))","v":""},{"$f":"IF(P589=\"\",\"\",VLOOKUP(P589,'Cost Band & Priority'!$B$8:$E$12,2,FALSE))","v":""},null,null,null,null,null,null,null,"",{"$f":"IF(Y589=\"\",\"\",VLOOKUP(Y589,'Benefit Priority'!$B$25:$C$47,2,FALSE))","v":""},{"$f":"IF(OR(Q589=\"\",Z589=\"\"),\"\",VLOOKUP(VLOOKUP(Q589&\" Cost & \"&Z589&\" Benefit\",'Overall Priority'!$D$21:$E$45,2,FALSE),'Overall Priority'!$B$8:$E$16,4,FALSE))","v":""},{"$f":"IF(OR(Q589=\"\",Z589=\"\"),\"\",VLOOKUP(Q589&\" Cost & \"&Z589&\" Benefit\",'Overall Priority'!$D$21:$E$45,2,FALSE))","v":""}]
[null,null,null,null,null,null,null,null,null,null,null,null,null,null,null,{"$f":"IF(O590=\"\",\"\",IF(O590<'Cost Band & Priority'!$E$12,5,IF(O590<'Cost Band & Priority'!$E$11,4,IF(O590<'Cost Band & Priority'!$E$10,3,IF(O590<'Cost Band & Priority'!$E$9,2,1)))))","v":""},{"$f":"IF(P590=\"\",\"\",VLOOKUP(P590,'Cost Band & Priority'!$B$8:$E$12,2,FALSE))","v":""},null,null,null,null,null,null,null,"",{"$f":"IF(Y590=\"\",\"\",VLOOKUP(Y590,'Benefit Priority'!$B$25:$C$47,2,FALSE))","v":""},{"$f":"IF(OR(Q590=\"\",Z590=\"\"),\"\",VLOOKUP(VLOOKUP(Q590&\" Cost & \"&Z590&\" Benefit\",'Overall Priority'!$D$21:$E$45,2,FALSE),'Overall Priority'!$B$8:$E$16,4,FALSE))","v":""},{"$f":"IF(OR(Q590=\"\",Z590=\"\"),\"\",VLOOKUP(Q590&\" Cost & \"&Z590&\" Benefit\",'Overall Priority'!$D$21:$E$45,2,FALSE))","v":""}]
[null,null,null,null,null,null,null,null,null,null,null,null,null,null,null,{"$f":"IF(O591=\"\",\"\",IF(O591<'Cost Band & Priority'!$E$12,5,IF(O591<'Cost Band & Priority'!$E$11,4,IF(O591<'Cost Band & Priority'!$E$10,3,IF(O591<'Cost Band & Priority'!$E$9,2,1)))))","v":""},{"$f":"IF(P591=\"\",\"\",VLOOKUP(P591,'Cost Band & Priority'!$B$8:$E$12,2,FALSE))","v":""},null,null,null,null,null,null,null,"",{"$f":"IF(Y591=\"\",\"\",VLOOKUP(Y591,'Benefit Priority'!$B$25:$C$47,2,FALSE))","v":""},{"$f":"IF(OR(Q591=\"\",Z591=\"\"),\"\",VLOOKUP(VLOOKUP(Q591&\" Cost & \"&Z591&\" Benefit\",'Overall Priority'!$D$21:$E$45,2,FALSE),'Overall Priority'!$B$8:$E$16,4,FALSE))","v":""},{"$f":"IF(OR(Q591=\"\",Z591=\"\"),\"\",VLOOKUP(Q591&\" Cost & \"&Z591&\" Benefit\",'Overall Priority'!$D$21:$E$45,2,FALSE))","v":""}]
[null,null,null,null,null,null,null,null,null,null,null,null,null,null,null,{"$f":"IF(O592=\"\",\"\",IF(O592<'Cost Band & Priority'!$E$12,5,IF(O592<'Cost Band & Priority'!$E$11,4,IF(O592<'Cost Band & Priority'!$E$10,3,IF(O592<'Cost Band & Priority'!$E$9,2,1)))))","v":""},{"$f":"IF(P592=\"\",\"\",VLOOKUP(P592,'Cost Band & Priority'!$B$8:$E$12,2,FALSE))","v":""},null,null,null,null,null,null,null,"",{"$f":"IF(Y592=\"\",\"\",VLOOKUP(Y592,'Benefit Priority'!$B$25:$C$47,2,FALSE))","v":""},{"$f":"IF(OR(Q592=\"\",Z592=\"\"),\"\",VLOOKUP(VLOOKUP(Q592&\" Cost & \"&Z592&\" Benefit\",'Overall Priority'!$D$21:$E$45,2,FALSE),'Overall Priority'!$B$8:$E$16,4,FALSE))","v":""},{"$f":"IF(OR(Q592=\"\",Z592=\"\"),\"\",VLOOKUP(Q592&\" Cost & \"&Z592&\" Benefit\",'Overall Priority'!$D$21:$E$45,2,FALSE))","v":""}]
[null,null,null,null,null,null,null,null,null,null,null,null,null,null,null,{"$f":"IF(O593=\"\",\"\",IF(O593<'Cost Band & Priority'!$E$12,5,IF(O593<'Cost Band & Priority'!$E$11,4,IF(O593<'Cost Band & Priority'!$E$10,3,IF(O593<'Cost Band & Priority'!$E$9,2,1)))))","v":""},{"$f":"IF(P593=\"\",\"\",VLOOKUP(P593,'Cost Band & Priority'!$B$8:$E$12,2,FALSE))","v":""},null,null,null,null,null,null,null,"",{"$f":"IF(Y593=\"\",\"\",VLOOKUP(Y593,'Benefit Priority'!$B$25:$C$47,2,FALSE))","v":""},{"$f":"IF(OR(Q593=\"\",Z593=\"\"),\"\",VLOOKUP(VLOOKUP(Q593&\" Cost & \"&Z593&\" Benefit\",'Overall Priority'!$D$21:$E$45,2,FALSE),'Overall Priority'!$B$8:$E$16,4,FALSE))","v":""},{"$f":"IF(OR(Q593=\"\",Z593=\"\"),\"\",VLOOKUP(Q593&\" Cost & \"&Z593&\" Benefit\",'Overall Priority'!$D$21:$E$45,2,FALSE))","v":""}]
[null,null,null,null,null,null,null,null,null,null,null,null,null,null,null,{"$f":"IF(O594=\"\",\"\",IF(O594<'Cost Band & Priority'!$E$12,5,IF(O594<'Cost Band & Priority'!$E$11,4,IF(O594<'Cost Band & Priority'!$E$10,3,IF(O594<'Cost Band & Priority'!$E$9,2,1)))))","v":""},{"$f":"IF(P594=\"\",\"\",VLOOKUP(P594,'Cost Band & Priority'!$B$8:$E$12,2,FALSE))","v":""},null,null,null,null,null,null,null,"",{"$f":"IF(Y594=\"\",\"\",VLOOKUP(Y594,'Benefit Priority'!$B$25:$C$47,2,FALSE))","v":""},{"$f":"IF(OR(Q594=\"\",Z594=\"\"),\"\",VLOOKUP(VLOOKUP(Q594&\" Cost & \"&Z594&\" Benefit\",'Overall Priority'!$D$21:$E$45,2,FALSE),'Overall Priority'!$B$8:$E$16,4,FALSE))","v":""},{"$f":"IF(OR(Q594=\"\",Z594=\"\"),\"\",VLOOKUP(Q594&\" Cost & \"&Z594&\" Benefit\",'Overall Priority'!$D$21:$E$45,2,FALSE))","v":""}]
[null,null,null,null,null,null,null,null,null,null,null,null,null,null,null,{"$f":"IF(O595=\"\",\"\",IF(O595<'Cost Band & Priority'!$E$12,5,IF(O595<'Cost Band & Priority'!$E$11,4,IF(O595<'Cost Band & Priority'!$E$10,3,IF(O595<'Cost Band & Priority'!$E$9,2,1)))))","v":""},{"$f":"IF(P595=\"\",\"\",VLOOKUP(P595,'Cost Band & Priority'!$B$8:$E$12,2,FALSE))","v":""},null,null,null,null,null,null,null,"",{"$f":"IF(Y595=\"\",\"\",VLOOKUP(Y595,'Benefit Priority'!$B$25:$C$47,2,FALSE))","v":""},{"$f":"IF(OR(Q595=\"\",Z595=\"\"),\"\",VLOOKUP(VLOOKUP(Q595&\" Cost & \"&Z595&\" Benefit\",'Overall Priority'!$D$21:$E$45,2,FALSE),'Overall Priority'!$B$8:$E$16,4,FALSE))","v":""},{"$f":"IF(OR(Q595=\"\",Z595=\"\"),\"\",VLOOKUP(Q595&\" Cost & \"&Z595&\" Benefit\",'Overall Priority'!$D$21:$E$45,2,FALSE))","v":""}]
[null,null,null,null,null,null,null,null,null,null,null,null,null,null,null,{"$f":"IF(O596=\"\",\"\",IF(O596<'Cost Band & Priority'!$E$12,5,IF(O596<'Cost Band & Priority'!$E$11,4,IF(O596<'Cost Band & Priority'!$E$10,3,IF(O596<'Cost Band & Priority'!$E$9,2,1)))))","v":""},{"$f":"IF(P596=\"\",\"\",VLOOKUP(P596,'Cost Band & Priority'!$B$8:$E$12,2,FALSE))","v":""},null,null,null,null,null,null,null,"",{"$f":"IF(Y596=\"\",\"\",VLOOKUP(Y596,'Benefit Priority'!$B$25:$C$47,2,FALSE))","v":""},{"$f":"IF(OR(Q596=\"\",Z596=\"\"),\"\",VLOOKUP(VLOOKUP(Q596&\" Cost & \"&Z596&\" Benefit\",'Overall Priority'!$D$21:$E$45,2,FALSE),'Overall Priority'!$B$8:$E$16,4,FALSE))","v":""},{"$f":"IF(OR(Q596=\"\",Z596=\"\"),\"\",VLOOKUP(Q596&\" Cost & \"&Z596&\" Benefit\",'Overall Priority'!$D$21:$E$45,2,FALSE))","v":""}]
[null,null,null,null,null,null,null,null,null,null,null,null,null,null,null,{"$f":"IF(O597=\"\",\"\",IF(O597<'Cost Band & Priority'!$E$12,5,IF(O597<'Cost Band & Priority'!$E$11,4,IF(O597<'Cost Band & Priority'!$E$10,3,IF(O597<'Cost Band & Priority'!$E$9,2,1)))))","v":""},{"$f":"IF(P597=\"\",\"\",VLOOKUP(P597,'Cost Band & Priority'!$B$8:$E$12,2,FALSE))","v":""},null,null,null,null,null,null,null,"",{"$f":"IF(Y597=\"\",\"\",VLOOKUP(Y597,'Benefit Priority'!$B$25:$C$47,2,FALSE))","v":""},{"$f":"IF(OR(Q597=\"\",Z597=\"\"),\"\",VLOOKUP(VLOOKUP(Q597&\" Cost & \"&Z597&\" Benefit\",'Overall Priority'!$D$21:$E$45,2,FALSE),'Overall Priority'!$B$8:$E$16,4,FALSE))","v":""},{"$f":"IF(OR(Q597=\"\",Z597=\"\"),\"\",VLOOKUP(Q597&\" Cost & \"&Z597&\" Benefit\",'Overall Priority'!$D$21:$E$45,2,FALSE))","v":""}]
[null,null,null,null,null,null,null,null,null,null,null,null,null,null,null,{"$f":"IF(O598=\"\",\"\",IF(O598<'Cost Band & Priority'!$E$12,5,IF(O598<'Cost Band & Priority'!$E$11,4,IF(O598<'Cost Band & Priority'!$E$10,3,IF(O598<'Cost Band & Priority'!$E$9,2,1)))))","v":""},{"$f":"IF(P598=\"\",\"\",VLOOKUP(P598,'Cost Band & Priority'!$B$8:$E$12,2,FALSE))","v":""},null,null,null,null,null,null,null,"",{"$f":"IF(Y598=\"\",\"\",VLOOKUP(Y598,'Benefit Priority'!$B$25:$C$47,2,FALSE))","v":""},{"$f":"IF(OR(Q598=\"\",Z598=\"\"),\"\",VLOOKUP(VLOOKUP(Q598&\" Cost & \"&Z598&\" Benefit\",'Overall Priority'!$D$21:$E$45,2,FALSE),'Overall Priority'!$B$8:$E$16,4,FALSE))","v":""},{"$f":"IF(OR(Q598=\"\",Z598=\"\"),\"\",VLOOKUP(Q598&\" Cost & \"&Z598&\" Benefit\",'Overall Priority'!$D$21:$E$45,2,FALSE))","v":""}]
[null,null,null,null,null,null,null,null,null,null,null,null,null,null,null,{"$f":"IF(O599=\"\",\"\",IF(O599<'Cost Band & Priority'!$E$12,5,IF(O599<'Cost Band & Priority'!$E$11,4,IF(O599<'Cost Band & Priority'!$E$10,3,IF(O599<'Cost Band & Priority'!$E$9,2,1)))))","v":""},{"$f":"IF(P599=\"\",\"\",VLOOKUP(P599,'Cost Band & Priority'!$B$8:$E$12,2,FALSE))","v":""},null,null,null,null,null,null,null,"",{"$f":"IF(Y599=\"\",\"\",VLOOKUP(Y599,'Benefit Priority'!$B$25:$C$47,2,FALSE))","v":""},{"$f":"IF(OR(Q599=\"\",Z599=\"\"),\"\",VLOOKUP(VLOOKUP(Q599&\" Cost & \"&Z599&\" Benefit\",'Overall Priority'!$D$21:$E$45,2,FALSE),'Overall Priority'!$B$8:$E$16,4,FALSE))","v":""},{"$f":"IF(OR(Q599=\"\",Z599=\"\"),\"\",VLOOKUP(Q599&\" Cost & \"&Z599&\" Benefit\",'Overall Priority'!$D$21:$E$45,2,FALSE))","v":""}]
[null,null,null,null,null,null,null,null,null,null,null,null,null,null,null,{"$f":"IF(O600=\"\",\"\",IF(O600<'Cost Band & Priority'!$E$12,5,IF(O600<'Cost Band & Priority'!$E$11,4,IF(O600<'Cost Band & Priority'!$E$10,3,IF(O600<'Cost Band & Priority'!$E$9,2,1)))))","v":""},{"$f":"IF(P600=\"\",\"\",VLOOKUP(P600,'Cost Band & Priority'!$B$8:$E$12,2,FALSE))","v":""},null,null,null,null,null,null,null,"",{"$f":"IF(Y600=\"\",\"\",VLOOKUP(Y600,'Benefit Priority'!$B$25:$C$47,2,FALSE))","v":""},{"$f":"IF(OR(Q600=\"\",Z600=\"\"),\"\",VLOOKUP(VLOOKUP(Q600&\" Cost & \"&Z600&\" Benefit\",'Overall Priority'!$D$21:$E$45,2,FALSE),'Overall Priority'!$B$8:$E$16,4,FALSE))","v":""},{"$f":"IF(OR(Q600=\"\",Z600=\"\"),\"\",VLOOKUP(Q600&\" Cost & \"&Z600&\" Benefit\",'Overall Priority'!$D$21:$E$45,2,FALSE))","v":""}]
[null,null,null,null,null,null,null,null,null,null,null,null,null,null,null,{"$f":"IF(O601=\"\",\"\",IF(O601<'Cost Band & Priority'!$E$12,5,IF(O601<'Cost Band & Priority'!$E$11,4,IF(O601<'Cost Band & Priority'!$E$10,3,IF(O601<'Cost Band & Priority'!$E$9,2,1)))))","v":""},{"$f":"IF(P601=\"\",\"\",VLOOKUP(P601,'Cost Band & Priority'!$B$8:$E$12,2,FALSE))","v":""},null,null,null,null,null,null,null,"",{"$f":"IF(Y601=\"\",\"\",VLOOKUP(Y601,'Benefit Priority'!$B$25:$C$47,2,FALSE))","v":""},{"$f":"IF(OR(Q601=\"\",Z601=\"\"),\"\",VLOOKUP(VLOOKUP(Q601&\" Cost & \"&Z601&\" Benefit\",'Overall Priority'!$D$21:$E$45,2,FALSE),'Overall Priority'!$B$8:$E$16,4,FALSE))","v":""},{"$f":"IF(OR(Q601=\"\",Z601=\"\"),\"\",VLOOKUP(Q601&\" Cost & \"&Z601&\" Benefit\",'Overall Priority'!$D$21:$E$45,2,FALSE))","v":""}]
[null,null,null,null,null,null,null,null,null,null,null,null,null,null,null,{"$f":"IF(O602=\"\",\"\",IF(O602<'Cost Band & Priority'!$E$12,5,IF(O602<'Cost Band & Priority'!$E$11,4,IF(O602<'Cost Band & Priority'!$E$10,3,IF(O602<'Cost Band & Priority'!$E$9,2,1)))))","v":""},{"$f":"IF(P602=\"\",\"\",VLOOKUP(P602,'Cost Band & Priority'!$B$8:$E$12,2,FALSE))","v":""},null,null,null,null,null,null,null,"",{"$f":"IF(Y602=\"\",\"\",VLOOKUP(Y602,'Benefit Priority'!$B$25:$C$47,2,FALSE))","v":""},{"$f":"IF(OR(Q602=\"\",Z602=\"\"),\"\",VLOOKUP(VLOOKUP(Q602&\" Cost & \"&Z602&\" Benefit\",'Overall Priority'!$D$21:$E$45,2,FALSE),'Overall Priority'!$B$8:$E$16,4,FALSE))","v":""},{"$f":"IF(OR(Q602=\"\",Z602=\"\"),\"\",VLOOKUP(Q602&\" Cost & \"&Z602&\" Benefit\",'Overall Priority'!$D$21:$E$45,2,FALSE))","v":""}]
[null,null,null,null,null,null,null,null,null,null,null,null,null,null,null,{"$f":"IF(O603=\"\",\"\",IF(O603<'Cost Band & Priority'!$E$12,5,IF(O603<'Cost Band & Priority'!$E$11,4,IF(O603<'Cost Band & Priority'!$E$10,3,IF(O603<'Cost Band & Priority'!$E$9,2,1)))))","v":""},{"$f":"IF(P603=\"\",\"\",VLOOKUP(P603,'Cost Band & Priority'!$B$8:$E$12,2,FALSE))","v":""},null,null,null,null,null,null,null,"",{"$f":"IF(Y603=\"\",\"\",VLOOKUP(Y603,'Benefit Priority'!$B$25:$C$47,2,FALSE))","v":""},{"$f":"IF(OR(Q603=\"\",Z603=\"\"),\"\",VLOOKUP(VLOOKUP(Q603&\" Cost & \"&Z603&\" Benefit\",'Overall Priority'!$D$21:$E$45,2,FALSE),'Overall Priority'!$B$8:$E$16,4,FALSE))","v":""},{"$f":"IF(OR(Q603=\"\",Z603=\"\"),\"\",VLOOKUP(Q603&\" Cost & \"&Z603&\" Benefit\",'Overall Priority'!$D$21:$E$45,2,FALSE))","v":""}]
[null,null,null,null,null,null,null,null,null,null,null,null,null,null,null,{"$f":"IF(O604=\"\",\"\",IF(O604<'Cost Band & Priority'!$E$12,5,IF(O604<'Cost Band & Priority'!$E$11,4,IF(O604<'Cost Band & Priority'!$E$10,3,IF(O604<'Cost Band & Priority'!$E$9,2,1)))))","v":""},{"$f":"IF(P604=\"\",\"\",VLOOKUP(P604,'Cost Band & Priority'!$B$8:$E$12,2,FALSE))","v":""},null,null,null,null,null,null,null,"",{"$f":"IF(Y604=\"\",\"\",VLOOKUP(Y604,'Benefit Priority'!$B$25:$C$47,2,FALSE))","v":""},{"$f":"IF(OR(Q604=\"\",Z604=\"\"),\"\",VLOOKUP(VLOOKUP(Q604&\" Cost & \"&Z604&\" Benefit\",'Overall Priority'!$D$21:$E$45,2,FALSE),'Overall Priority'!$B$8:$E$16,4,FALSE))","v":""},{"$f":"IF(OR(Q604=\"\",Z604=\"\"),\"\",VLOOKUP(Q604&\" Cost & \"&Z604&\" Benefit\",'Overall Priority'!$D$21:$E$45,2,FALSE))","v":""}]
[null,null,null,null,null,null,null,null,null,null,null,null,null,null,null,{"$f":"IF(O605=\"\",\"\",IF(O605<'Cost Band & Priority'!$E$12,5,IF(O605<'Cost Band & Priority'!$E$11,4,IF(O605<'Cost Band & Priority'!$E$10,3,IF(O605<'Cost Band & Priority'!$E$9,2,1)))))","v":""},{"$f":"IF(P605=\"\",\"\",VLOOKUP(P605,'Cost Band & Priority'!$B$8:$E$12,2,FALSE))","v":""},null,null,null,null,null,null,null,"",{"$f":"IF(Y605=\"\",\"\",VLOOKUP(Y605,'Benefit Priority'!$B$25:$C$47,2,FALSE))","v":""},{"$f":"IF(OR(Q605=\"\",Z605=\"\"),\"\",VLOOKUP(VLOOKUP(Q605&\" Cost & \"&Z605&\" Benefit\",'Overall Priority'!$D$21:$E$45,2,FALSE),'Overall Priority'!$B$8:$E$16,4,FALSE))","v":""},{"$f":"IF(OR(Q605=\"\",Z605=\"\"),\"\",VLOOKUP(Q605&\" Cost & \"&Z605&\" Benefit\",'Overall Priority'!$D$21:$E$45,2,FALSE))","v":""}]
[null,null,null,null,null,null,null,null,null,null,null,null,null,null,null,{"$f":"IF(O606=\"\",\"\",IF(O606<'Cost Band & Priority'!$E$12,5,IF(O606<'Cost Band & Priority'!$E$11,4,IF(O606<'Cost Band & Priority'!$E$10,3,IF(O606<'Cost Band & Priority'!$E$9,2,1)))))","v":""},{"$f":"IF(P606=\"\",\"\",VLOOKUP(P606,'Cost Band & Priority'!$B$8:$E$12,2,FALSE))","v":""},null,null,null,null,null,null,null,"",{"$f":"IF(Y606=\"\",\"\",VLOOKUP(Y606,'Benefit Priority'!$B$25:$C$47,2,FALSE))","v":""},{"$f":"IF(OR(Q606=\"\",Z606=\"\"),\"\",VLOOKUP(VLOOKUP(Q606&\" Cost & \"&Z606&\" Benefit\",'Overall Priority'!$D$21:$E$45,2,FALSE),'Overall Priority'!$B$8:$E$16,4,FALSE))","v":""},{"$f":"IF(OR(Q606=\"\",Z606=\"\"),\"\",VLOOKUP(Q606&\" Cost & \"&Z606&\" Benefit\",'Overall Priority'!$D$21:$E$45,2,FALSE))","v":""}]
[null,null,null,null,null,null,null,null,null,null,null,null,null,null,null,{"$f":"IF(O607=\"\",\"\",IF(O607<'Cost Band & Priority'!$E$12,5,IF(O607<'Cost Band & Priority'!$E$11,4,IF(O607<'Cost Band & Priority'!$E$10,3,IF(O607<'Cost Band & Priority'!$E$9,2,1)))))","v":""},{"$f":"IF(P607=\"\",\"\",VLOOKUP(P607,'Cost Band & Priority'!$B$8:$E$12,2,FALSE))","v":""},null,null,null,null,null,null,null,"",{"$f":"IF(Y607=\"\",\"\",VLOOKUP(Y607,'Benefit Priority'!$B$25:$C$47,2,FALSE))","v":""},{"$f":"IF(OR(Q607=\"\",Z607=\"\"),\"\",VLOOKUP(VLOOKUP(Q607&\" Cost & \"&Z607&\" Benefit\",'Overall Priority'!$D$21:$E$45,2,FALSE),'Overall Priority'!$B$8:$E$16,4,FALSE))","v":""},{"$f":"IF(OR(Q607=\"\",Z607=\"\"),\"\",VLOOKUP(Q607&\" Cost & \"&Z607&\" Benefit\",'Overall Priority'!$D$21:$E$45,2,FALSE))","v":""}]
[null,null,null,null,null,null,null,null,null,null,null,null,null,null,null,{"$f":"IF(O608=\"\",\"\",IF(O608<'Cost Band & Priority'!$E$12,5,IF(O608<'Cost Band & Priority'!$E$11,4,IF(O608<'Cost Band & Priority'!$E$10,3,IF(O608<'Cost Band & Priority'!$E$9,2,1)))))","v":""},{"$f":"IF(P608=\"\",\"\",VLOOKUP(P608,'Cost Band & Priority'!$B$8:$E$12,2,FALSE))","v":""},null,null,null,null,null,null,null,"",{"$f":"IF(Y608=\"\",\"\",VLOOKUP(Y608,'Benefit Priority'!$B$25:$C$47,2,FALSE))","v":""},{"$f":"IF(OR(Q608=\"\",Z608=\"\"),\"\",VLOOKUP(VLOOKUP(Q608&\" Cost & \"&Z608&\" Benefit\",'Overall Priority'!$D$21:$E$45,2,FALSE),'Overall Priority'!$B$8:$E$16,4,FALSE))","v":""},{"$f":"IF(OR(Q608=\"\",Z608=\"\"),\"\",VLOOKUP(Q608&\" Cost & \"&Z608&\" Benefit\",'Overall Priority'!$D$21:$E$45,2,FALSE))","v":""}]
[null,null,null,null,null,null,null,null,null,null,null,null,null,null,null,{"$f":"IF(O609=\"\",\"\",IF(O609<'Cost Band & Priority'!$E$12,5,IF(O609<'Cost Band & Priority'!$E$11,4,IF(O609<'Cost Band & Priority'!$E$10,3,IF(O609<'Cost Band & Priority'!$E$9,2,1)))))","v":""},{"$f":"IF(P609=\"\",\"\",VLOOKUP(P609,'Cost Band & Priority'!$B$8:$E$12,2,FALSE))","v":""},null,null,null,null,null,null,null,"",{"$f":"IF(Y609=\"\",\"\",VLOOKUP(Y609,'Benefit Priority'!$B$25:$C$47,2,FALSE))","v":""},{"$f":"IF(OR(Q609=\"\",Z609=\"\"),\"\",VLOOKUP(VLOOKUP(Q609&\" Cost & \"&Z609&\" Benefit\",'Overall Priority'!$D$21:$E$45,2,FALSE),'Overall Priority'!$B$8:$E$16,4,FALSE))","v":""},{"$f":"IF(OR(Q609=\"\",Z609=\"\"),\"\",VLOOKUP(Q609&\" Cost & \"&Z609&\" Benefit\",'Overall Priority'!$D$21:$E$45,2,FALSE))","v":""}]
[null,null,null,null,null,null,null,null,null,null,null,null,null,null,null,{"$f":"IF(O610=\"\",\"\",IF(O610<'Cost Band & Priority'!$E$12,5,IF(O610<'Cost Band & Priority'!$E$11,4,IF(O610<'Cost Band & Priority'!$E$10,3,IF(O610<'Cost Band & Priority'!$E$9,2,1)))))","v":""},{"$f":"IF(P610=\"\",\"\",VLOOKUP(P610,'Cost Band & Priority'!$B$8:$E$12,2,FALSE))","v":""},null,null,null,null,null,null,null,"",{"$f":"IF(Y610=\"\",\"\",VLOOKUP(Y610,'Benefit Priority'!$B$25:$C$47,2,FALSE))","v":""},{"$f":"IF(OR(Q610=\"\",Z610=\"\"),\"\",VLOOKUP(VLOOKUP(Q610&\" Cost & \"&Z610&\" Benefit\",'Overall Priority'!$D$21:$E$45,2,FALSE),'Overall Priority'!$B$8:$E$16,4,FALSE))","v":""},{"$f":"IF(OR(Q610=\"\",Z610=\"\"),\"\",VLOOKUP(Q610&\" Cost & \"&Z610&\" Benefit\",'Overall Priority'!$D$21:$E$45,2,FALSE))","v":""}]
[null,null,null,null,null,null,null,null,null,null,null,null,null,null,null,{"$f":"IF(O611=\"\",\"\",IF(O611<'Cost Band & Priority'!$E$12,5,IF(O611<'Cost Band & Priority'!$E$11,4,IF(O611<'Cost Band & Priority'!$E$10,3,IF(O611<'Cost Band & Priority'!$E$9,2,1)))))","v":""},{"$f":"IF(P611=\"\",\"\",VLOOKUP(P611,'Cost Band & Priority'!$B$8:$E$12,2,FALSE))","v":""},null,null,null,null,null,null,null,"",{"$f":"IF(Y611=\"\",\"\",VLOOKUP(Y611,'Benefit Priority'!$B$25:$C$47,2,FALSE))","v":""},{"$f":"IF(OR(Q611=\"\",Z611=\"\"),\"\",VLOOKUP(VLOOKUP(Q611&\" Cost & \"&Z611&\" Benefit\",'Overall Priority'!$D$21:$E$45,2,FALSE),'Overall Priority'!$B$8:$E$16,4,FALSE))","v":""},{"$f":"IF(OR(Q611=\"\",Z611=\"\"),\"\",VLOOKUP(Q611&\" Cost & \"&Z611&\" Benefit\",'Overall Priority'!$D$21:$E$45,2,FALSE))","v":""}]
[null,null,null,null,null,null,null,null,null,null,null,null,null,null,null,{"$f":"IF(O612=\"\",\"\",IF(O612<'Cost Band & Priority'!$E$12,5,IF(O612<'Cost Band & Priority'!$E$11,4,IF(O612<'Cost Band & Priority'!$E$10,3,IF(O612<'Cost Band & Priority'!$E$9,2,1)))))","v":""},{"$f":"IF(P612=\"\",\"\",VLOOKUP(P612,'Cost Band & Priority'!$B$8:$E$12,2,FALSE))","v":""},null,null,null,null,null,null,null,"",{"$f":"IF(Y612=\"\",\"\",VLOOKUP(Y612,'Benefit Priority'!$B$25:$C$47,2,FALSE))","v":""},{"$f":"IF(OR(Q612=\"\",Z612=\"\"),\"\",VLOOKUP(VLOOKUP(Q612&\" Cost & \"&Z612&\" Benefit\",'Overall Priority'!$D$21:$E$45,2,FALSE),'Overall Priority'!$B$8:$E$16,4,FALSE))","v":""},{"$f":"IF(OR(Q612=\"\",Z612=\"\"),\"\",VLOOKUP(Q612&\" Cost & \"&Z612&\" Benefit\",'Overall Priority'!$D$21:$E$45,2,FALSE))","v":""}]
[null,null,null,null,null,null,null,null,null,null,null,null,null,null,null,{"$f":"IF(O613=\"\",\"\",IF(O613<'Cost Band & Priority'!$E$12,5,IF(O613<'Cost Band & Priority'!$E$11,4,IF(O613<'Cost Band & Priority'!$E$10,3,IF(O613<'Cost Band & Priority'!$E$9,2,1)))))","v":""},{"$f":"IF(P613=\"\",\"\",VLOOKUP(P613,'Cost Band & Priority'!$B$8:$E$12,2,FALSE))","v":""},null,null,null,null,null,null,null,"",{"$f":"IF(Y613=\"\",\"\",VLOOKUP(Y613,'Benefit Priority'!$B$25:$C$47,2,FALSE))","v":""},{"$f":"IF(OR(Q613=\"\",Z613=\"\"),\"\",VLOOKUP(VLOOKUP(Q613&\" Cost & \"&Z613&\" Benefit\",'Overall Priority'!$D$21:$E$45,2,FALSE),'Overall Priority'!$B$8:$E$16,4,FALSE))","v":""},{"$f":"IF(OR(Q613=\"\",Z613=\"\"),\"\",VLOOKUP(Q613&\" Cost & \"&Z613&\" Benefit\",'Overall Priority'!$D$21:$E$45,2,FALSE))","v":""}]
[null,null,null,null,null,null,null,null,null,null,null,null,null,null,null,{"$f":"IF(O614=\"\",\"\",IF(O614<'Cost Band & Priority'!$E$12,5,IF(O614<'Cost Band & Priority'!$E$11,4,IF(O614<'Cost Band & Priority'!$E$10,3,IF(O614<'Cost Band & Priority'!$E$9,2,1)))))","v":""},{"$f":"IF(P614=\"\",\"\",VLOOKUP(P614,'Cost Band & Priority'!$B$8:$E$12,2,FALSE))","v":""},null,null,null,null,null,null,null,"",{"$f":"IF(Y614=\"\",\"\",VLOOKUP(Y614,'Benefit Priority'!$B$25:$C$47,2,FALSE))","v":""},{"$f":"IF(OR(Q614=\"\",Z614=\"\"),\"\",VLOOKUP(VLOOKUP(Q614&\" Cost & \"&Z614&\" Benefit\",'Overall Priority'!$D$21:$E$45,2,FALSE),'Overall Priority'!$B$8:$E$16,4,FALSE))","v":""},{"$f":"IF(OR(Q614=\"\",Z614=\"\"),\"\",VLOOKUP(Q614&\" Cost & \"&Z614&\" Benefit\",'Overall Priority'!$D$21:$E$45,2,FALSE))","v":""}]
[null,null,null,null,null,null,null,null,null,null,null,null,null,null,null,{"$f":"IF(O615=\"\",\"\",IF(O615<'Cost Band & Priority'!$E$12,5,IF(O615<'Cost Band & Priority'!$E$11,4,IF(O615<'Cost Band & Priority'!$E$10,3,IF(O615<'Cost Band & Priority'!$E$9,2,1)))))","v":""},{"$f":"IF(P615=\"\",\"\",VLOOKUP(P615,'Cost Band & Priority'!$B$8:$E$12,2,FALSE))","v":""},null,null,null,null,null,null,null,"",{"$f":"IF(Y615=\"\",\"\",VLOOKUP(Y615,'Benefit Priority'!$B$25:$C$47,2,FALSE))","v":""},{"$f":"IF(OR(Q615=\"\",Z615=\"\"),\"\",VLOOKUP(VLOOKUP(Q615&\" Cost & \"&Z615&\" Benefit\",'Overall Priority'!$D$21:$E$45,2,FALSE),'Overall Priority'!$B$8:$E$16,4,FALSE))","v":""},{"$f":"IF(OR(Q615=\"\",Z615=\"\"),\"\",VLOOKUP(Q615&\" Cost & \"&Z615&\" Benefit\",'Overall Priority'!$D$21:$E$45,2,FALSE))","v":""}]
[null,null,null,null,null,null,null,null,null,null,null,null,null,null,null,{"$f":"IF(O616=\"\",\"\",IF(O616<'Cost Band & Priority'!$E$12,5,IF(O616<'Cost Band & Priority'!$E$11,4,IF(O616<'Cost Band & Priority'!$E$10,3,IF(O616<'Cost Band & Priority'!$E$9,2,1)))))","v":""},{"$f":"IF(P616=\"\",\"\",VLOOKUP(P616,'Cost Band & Priority'!$B$8:$E$12,2,FALSE))","v":""},null,null,null,null,null,null,null,"",{"$f":"IF(Y616=\"\",\"\",VLOOKUP(Y616,'Benefit Priority'!$B$25:$C$47,2,FALSE))","v":""},{"$f":"IF(OR(Q616=\"\",Z616=\"\"),\"\",VLOOKUP(VLOOKUP(Q616&\" Cost & \"&Z616&\" Benefit\",'Overall Priority'!$D$21:$E$45,2,FALSE),'Overall Priority'!$B$8:$E$16,4,FALSE))","v":""},{"$f":"IF(OR(Q616=\"\",Z616=\"\"),\"\",VLOOKUP(Q616&\" Cost & \"&Z616&\" Benefit\",'Overall Priority'!$D$21:$E$45,2,FALSE))","v":""}]
[null,null,null,null,null,null,null,null,null,null,null,null,null,null,null,{"$f":"IF(O617=\"\",\"\",IF(O617<'Cost Band & Priority'!$E$12,5,IF(O617<'Cost Band & Priority'!$E$11,4,IF(O617<'Cost Band & Priority'!$E$10,3,IF(O617<'Cost Band & Priority'!$E$9,2,1)))))","v":""},{"$f":"IF(P617=\"\",\"\",VLOOKUP(P617,'Cost Band & Priority'!$B$8:$E$12,2,FALSE))","v":""},null,null,null,null,null,null,null,"",{"$f":"IF(Y617=\"\",\"\",VLOOKUP(Y617,'Benefit Priority'!$B$25:$C$47,2,FALSE))","v":""},{"$f":"IF(OR(Q617=\"\",Z617=\"\"),\"\",VLOOKUP(VLOOKUP(Q617&\" Cost & \"&Z617&\" Benefit\",'Overall Priority'!$D$21:$E$45,2,FALSE),'Overall Priority'!$B$8:$E$16,4,FALSE))","v":""},{"$f":"IF(OR(Q617=\"\",Z617=\"\"),\"\",VLOOKUP(Q617&\" Cost & \"&Z617&\" Benefit\",'Overall Priority'!$D$21:$E$45,2,FALSE))","v":""}]
[null,null,null,null,null,null,null,null,null,null,null,null,null,null,null,{"$f":"IF(O618=\"\",\"\",IF(O618<'Cost Band & Priority'!$E$12,5,IF(O618<'Cost Band & Priority'!$E$11,4,IF(O618<'Cost Band & Priority'!$E$10,3,IF(O618<'Cost Band & Priority'!$E$9,2,1)))))","v":""},{"$f":"IF(P618=\"\",\"\",VLOOKUP(P618,'Cost Band & Priority'!$B$8:$E$12,2,FALSE))","v":""},null,null,null,null,null,null,null,"",{"$f":"IF(Y618=\"\",\"\",VLOOKUP(Y618,'Benefit Priority'!$B$25:$C$47,2,FALSE))","v":""},{"$f":"IF(OR(Q618=\"\",Z618=\"\"),\"\",VLOOKUP(VLOOKUP(Q618&\" Cost & \"&Z618&\" Benefit\",'Overall Priority'!$D$21:$E$45,2,FALSE),'Overall Priority'!$B$8:$E$16,4,FALSE))","v":""},{"$f":"IF(OR(Q618=\"\",Z618=\"\"),\"\",VLOOKUP(Q618&\" Cost & \"&Z618&\" Benefit\",'Overall Priority'!$D$21:$E$45,2,FALSE))","v":""}]
[null,null,null,null,null,null,null,null,null,null,null,null,null,null,null,{"$f":"IF(O619=\"\",\"\",IF(O619<'Cost Band & Priority'!$E$12,5,IF(O619<'Cost Band & Priority'!$E$11,4,IF(O619<'Cost Band & Priority'!$E$10,3,IF(O619<'Cost Band & Priority'!$E$9,2,1)))))","v":""},{"$f":"IF(P619=\"\",\"\",VLOOKUP(P619,'Cost Band & Priority'!$B$8:$E$12,2,FALSE))","v":""},null,null,null,null,null,null,null,"",{"$f":"IF(Y619=\"\",\"\",VLOOKUP(Y619,'Benefit Priority'!$B$25:$C$47,2,FALSE))","v":""},{"$f":"IF(OR(Q619=\"\",Z619=\"\"),\"\",VLOOKUP(VLOOKUP(Q619&\" Cost & \"&Z619&\" Benefit\",'Overall Priority'!$D$21:$E$45,2,FALSE),'Overall Priority'!$B$8:$E$16,4,FALSE))","v":""},{"$f":"IF(OR(Q619=\"\",Z619=\"\"),\"\",VLOOKUP(Q619&\" Cost & \"&Z619&\" Benefit\",'Overall Priority'!$D$21:$E$45,2,FALSE))","v":""}]
[null,null,null,null,null,null,null,null,null,null,null,null,null,null,null,{"$f":"IF(O620=\"\",\"\",IF(O620<'Cost Band & Priority'!$E$12,5,IF(O620<'Cost Band & Priority'!$E$11,4,IF(O620<'Cost Band & Priority'!$E$10,3,IF(O620<'Cost Band & Priority'!$E$9,2,1)))))","v":""},{"$f":"IF(P620=\"\",\"\",VLOOKUP(P620,'Cost Band & Priority'!$B$8:$E$12,2,FALSE))","v":""},null,null,null,null,null,null,null,"",{"$f":"IF(Y620=\"\",\"\",VLOOKUP(Y620,'Benefit Priority'!$B$25:$C$47,2,FALSE))","v":""},{"$f":"IF(OR(Q620=\"\",Z620=\"\"),\"\",VLOOKUP(VLOOKUP(Q620&\" Cost & \"&Z620&\" Benefit\",'Overall Priority'!$D$21:$E$45,2,FALSE),'Overall Priority'!$B$8:$E$16,4,FALSE))","v":""},{"$f":"IF(OR(Q620=\"\",Z620=\"\"),\"\",VLOOKUP(Q620&\" Cost & \"&Z620&\" Benefit\",'Overall Priority'!$D$21:$E$45,2,FALSE))","v":""}]
[null,null,null,null,null,null,null,null,null,null,null,null,null,null,null,{"$f":"IF(O621=\"\",\"\",IF(O621<'Cost Band & Priority'!$E$12,5,IF(O621<'Cost Band & Priority'!$E$11,4,IF(O621<'Cost Band & Priority'!$E$10,3,IF(O621<'Cost Band & Priority'!$E$9,2,1)))))","v":""},{"$f":"IF(P621=\"\",\"\",VLOOKUP(P621,'Cost Band & Priority'!$B$8:$E$12,2,FALSE))","v":""},null,null,null,null,null,null,null,"",{"$f":"IF(Y621=\"\",\"\",VLOOKUP(Y621,'Benefit Priority'!$B$25:$C$47,2,FALSE))","v":""},{"$f":"IF(OR(Q621=\"\",Z621=\"\"),\"\",VLOOKUP(VLOOKUP(Q621&\" Cost & \"&Z621&\" Benefit\",'Overall Priority'!$D$21:$E$45,2,FALSE),'Overall Priority'!$B$8:$E$16,4,FALSE))","v":""},{"$f":"IF(OR(Q621=\"\",Z621=\"\"),\"\",VLOOKUP(Q621&\" Cost & \"&Z621&\" Benefit\",'Overall Priority'!$D$21:$E$45,2,FALSE))","v":""}]
[null,null,null,null,null,null,null,null,null,null,null,null,null,null,null,{"$f":"IF(O622=\"\",\"\",IF(O622<'Cost Band & Priority'!$E$12,5,IF(O622<'Cost Band & Priority'!$E$11,4,IF(O622<'Cost Band & Priority'!$E$10,3,IF(O622<'Cost Band & Priority'!$E$9,2,1)))))","v":""},{"$f":"IF(P622=\"\",\"\",VLOOKUP(P622,'Cost Band & Priority'!$B$8:$E$12,2,FALSE))","v":""},null,null,null,null,null,null,null,"",{"$f":"IF(Y622=\"\",\"\",VLOOKUP(Y622,'Benefit Priority'!$B$25:$C$47,2,FALSE))","v":""},{"$f":"IF(OR(Q622=\"\",Z622=\"\"),\"\",VLOOKUP(VLOOKUP(Q622&\" Cost & \"&Z622&\" Benefit\",'Overall Priority'!$D$21:$E$45,2,FALSE),'Overall Priority'!$B$8:$E$16,4,FALSE))","v":""},{"$f":"IF(OR(Q622=\"\",Z622=\"\"),\"\",VLOOKUP(Q622&\" Cost & \"&Z622&\" Benefit\",'Overall Priority'!$D$21:$E$45,2,FALSE))","v":""}]
[null,null,null,null,null,null,null,null,null,null,null,null,null,null,null,{"$f":"IF(O623=\"\",\"\",IF(O623<'Cost Band & Priority'!$E$12,5,IF(O623<'Cost Band & Priority'!$E$11,4,IF(O623<'Cost Band & Priority'!$E$10,3,IF(O623<'Cost Band & Priority'!$E$9,2,1)))))","v":""},{"$f":"IF(P623=\"\",\"\",VLOOKUP(P623,'Cost Band & Priority'!$B$8:$E$12,2,FALSE))","v":""},null,null,null,null,null,null,null,"",{"$f":"IF(Y623=\"\",\"\",VLOOKUP(Y623,'Benefit Priority'!$B$25:$C$47,2,FALSE))","v":""},{"$f":"IF(OR(Q623=\"\",Z623=\"\"),\"\",VLOOKUP(VLOOKUP(Q623&\" Cost & \"&Z623&\" Benefit\",'Overall Priority'!$D$21:$E$45,2,FALSE),'Overall Priority'!$B$8:$E$16,4,FALSE))","v":""},{"$f":"IF(OR(Q623=\"\",Z623=\"\"),\"\",VLOOKUP(Q623&\" Cost & \"&Z623&\" Benefit\",'Overall Priority'!$D$21:$E$45,2,FALSE))","v":""}]
[null,null,null,null,null,null,null,null,null,null,null,null,null,null,null,{"$f":"IF(O624=\"\",\"\",IF(O624<'Cost Band & Priority'!$E$12,5,IF(O624<'Cost Band & Priority'!$E$11,4,IF(O624<'Cost Band & Priority'!$E$10,3,IF(O624<'Cost Band & Priority'!$E$9,2,1)))))","v":""},{"$f":"IF(P624=\"\",\"\",VLOOKUP(P624,'Cost Band & Priority'!$B$8:$E$12,2,FALSE))","v":""},null,null,null,null,null,null,null,"",{"$f":"IF(Y624=\"\",\"\",VLOOKUP(Y624,'Benefit Priority'!$B$25:$C$47,2,FALSE))","v":""},{"$f":"IF(OR(Q624=\"\",Z624=\"\"),\"\",VLOOKUP(VLOOKUP(Q624&\" Cost & \"&Z624&\" Benefit\",'Overall Priority'!$D$21:$E$45,2,FALSE),'Overall Priority'!$B$8:$E$16,4,FALSE))","v":""},{"$f":"IF(OR(Q624=\"\",Z624=\"\"),\"\",VLOOKUP(Q624&\" Cost & \"&Z624&\" Benefit\",'Overall Priority'!$D$21:$E$45,2,FALSE))","v":""}]
[null,null,null,null,null,null,null,null,null,null,null,null,null,null,null,{"$f":"IF(O625=\"\",\"\",IF(O625<'Cost Band & Priority'!$E$12,5,IF(O625<'Cost Band & Priority'!$E$11,4,IF(O625<'Cost Band & Priority'!$E$10,3,IF(O625<'Cost Band & Priority'!$E$9,2,1)))))","v":""},{"$f":"IF(P625=\"\",\"\",VLOOKUP(P625,'Cost Band & Priority'!$B$8:$E$12,2,FALSE))","v":""},null,null,null,null,null,null,null,"",{"$f":"IF(Y625=\"\",\"\",VLOOKUP(Y625,'Benefit Priority'!$B$25:$C$47,2,FALSE))","v":""},{"$f":"IF(OR(Q625=\"\",Z625=\"\"),\"\",VLOOKUP(VLOOKUP(Q625&\" Cost & \"&Z625&\" Benefit\",'Overall Priority'!$D$21:$E$45,2,FALSE),'Overall Priority'!$B$8:$E$16,4,FALSE))","v":""},{"$f":"IF(OR(Q625=\"\",Z625=\"\"),\"\",VLOOKUP(Q625&\" Cost & \"&Z625&\" Benefit\",'Overall Priority'!$D$21:$E$45,2,FALSE))","v":""}]
[null,null,null,null,null,null,null,null,null,null,null,null,null,null,null,{"$f":"IF(O626=\"\",\"\",IF(O626<'Cost Band & Priority'!$E$12,5,IF(O626<'Cost Band & Priority'!$E$11,4,IF(O626<'Cost Band & Priority'!$E$10,3,IF(O626<'Cost Band & Priority'!$E$9,2,1)))))","v":""},{"$f":"IF(P626=\"\",\"\",VLOOKUP(P626,'Cost Band & Priority'!$B$8:$E$12,2,FALSE))","v":""},null,null,null,null,null,null,null,"",{"$f":"IF(Y626=\"\",\"\",VLOOKUP(Y626,'Benefit Priority'!$B$25:$C$47,2,FALSE))","v":""},{"$f":"IF(OR(Q626=\"\",Z626=\"\"),\"\",VLOOKUP(VLOOKUP(Q626&\" Cost & \"&Z626&\" Benefit\",'Overall Priority'!$D$21:$E$45,2,FALSE),'Overall Priority'!$B$8:$E$16,4,FALSE))","v":""},{"$f":"IF(OR(Q626=\"\",Z626=\"\"),\"\",VLOOKUP(Q626&\" Cost & \"&Z626&\" Benefit\",'Overall Priority'!$D$21:$E$45,2,FALSE))","v":""}]
[null,null,null,null,null,null,null,null,null,null,null,null,null,null,null,{"$f":"IF(O627=\"\",\"\",IF(O627<'Cost Band & Priority'!$E$12,5,IF(O627<'Cost Band & Priority'!$E$11,4,IF(O627<'Cost Band & Priority'!$E$10,3,IF(O627<'Cost Band & Priority'!$E$9,2,1)))))","v":""},{"$f":"IF(P627=\"\",\"\",VLOOKUP(P627,'Cost Band & Priority'!$B$8:$E$12,2,FALSE))","v":""},null,null,null,null,null,null,null,"",{"$f":"IF(Y627=\"\",\"\",VLOOKUP(Y627,'Benefit Priority'!$B$25:$C$47,2,FALSE))","v":""},{"$f":"IF(OR(Q627=\"\",Z627=\"\"),\"\",VLOOKUP(VLOOKUP(Q627&\" Cost & \"&Z627&\" Benefit\",'Overall Priority'!$D$21:$E$45,2,FALSE),'Overall Priority'!$B$8:$E$16,4,FALSE))","v":""},{"$f":"IF(OR(Q627=\"\",Z627=\"\"),\"\",VLOOKUP(Q627&\" Cost & \"&Z627&\" Benefit\",'Overall Priority'!$D$21:$E$45,2,FALSE))","v":""}]
[null,null,null,null,null,null,null,null,null,null,null,null,null,null,null,{"$f":"IF(O628=\"\",\"\",IF(O628<'Cost Band & Priority'!$E$12,5,IF(O628<'Cost Band & Priority'!$E$11,4,IF(O628<'Cost Band & Priority'!$E$10,3,IF(O628<'Cost Band & Priority'!$E$9,2,1)))))","v":""},{"$f":"IF(P628=\"\",\"\",VLOOKUP(P628,'Cost Band & Priority'!$B$8:$E$12,2,FALSE))","v":""},null,null,null,null,null,null,null,"",{"$f":"IF(Y628=\"\",\"\",VLOOKUP(Y628,'Benefit Priority'!$B$25:$C$47,2,FALSE))","v":""},{"$f":"IF(OR(Q628=\"\",Z628=\"\"),\"\",VLOOKUP(VLOOKUP(Q628&\" Cost & \"&Z628&\" Benefit\",'Overall Priority'!$D$21:$E$45,2,FALSE),'Overall Priority'!$B$8:$E$16,4,FALSE))","v":""},{"$f":"IF(OR(Q628=\"\",Z628=\"\"),\"\",VLOOKUP(Q628&\" Cost & \"&Z628&\" Benefit\",'Overall Priority'!$D$21:$E$45,2,FALSE))","v":""}]
[null,null,null,null,null,null,null,null,null,null,null,null,null,null,null,{"$f":"IF(O629=\"\",\"\",IF(O629<'Cost Band & Priority'!$E$12,5,IF(O629<'Cost Band & Priority'!$E$11,4,IF(O629<'Cost Band & Priority'!$E$10,3,IF(O629<'Cost Band & Priority'!$E$9,2,1)))))","v":""},{"$f":"IF(P629=\"\",\"\",VLOOKUP(P629,'Cost Band & Priority'!$B$8:$E$12,2,FALSE))","v":""},null,null,null,null,null,null,null,"",{"$f":"IF(Y629=\"\",\"\",VLOOKUP(Y629,'Benefit Priority'!$B$25:$C$47,2,FALSE))","v":""},{"$f":"IF(OR(Q629=\"\",Z629=\"\"),\"\",VLOOKUP(VLOOKUP(Q629&\" Cost & \"&Z629&\" Benefit\",'Overall Priority'!$D$21:$E$45,2,FALSE),'Overall Priority'!$B$8:$E$16,4,FALSE))","v":""},{"$f":"IF(OR(Q629=\"\",Z629=\"\"),\"\",VLOOKUP(Q629&\" Cost & \"&Z629&\" Benefit\",'Overall Priority'!$D$21:$E$45,2,FALSE))","v":""}]
[null,null,null,null,null,null,null,null,null,null,null,null,null,null,null,{"$f":"IF(O630=\"\",\"\",IF(O630<'Cost Band & Priority'!$E$12,5,IF(O630<'Cost Band & Priority'!$E$11,4,IF(O630<'Cost Band & Priority'!$E$10,3,IF(O630<'Cost Band & Priority'!$E$9,2,1)))))","v":""},{"$f":"IF(P630=\"\",\"\",VLOOKUP(P630,'Cost Band & Priority'!$B$8:$E$12,2,FALSE))","v":""},null,null,null,null,null,null,null,"",{"$f":"IF(Y630=\"\",\"\",VLOOKUP(Y630,'Benefit Priority'!$B$25:$C$47,2,FALSE))","v":""},{"$f":"IF(OR(Q630=\"\",Z630=\"\"),\"\",VLOOKUP(VLOOKUP(Q630&\" Cost & \"&Z630&\" Benefit\",'Overall Priority'!$D$21:$E$45,2,FALSE),'Overall Priority'!$B$8:$E$16,4,FALSE))","v":""},{"$f":"IF(OR(Q630=\"\",Z630=\"\"),\"\",VLOOKUP(Q630&\" Cost & \"&Z630&\" Benefit\",'Overall Priority'!$D$21:$E$45,2,FALSE))","v":""}]
[null,null,null,null,null,null,null,null,null,null,null,null,null,null,null,{"$f":"IF(O631=\"\",\"\",IF(O631<'Cost Band & Priority'!$E$12,5,IF(O631<'Cost Band & Priority'!$E$11,4,IF(O631<'Cost Band & Priority'!$E$10,3,IF(O631<'Cost Band & Priority'!$E$9,2,1)))))","v":""},{"$f":"IF(P631=\"\",\"\",VLOOKUP(P631,'Cost Band & Priority'!$B$8:$E$12,2,FALSE))","v":""},null,null,null,null,null,null,null,"",{"$f":"IF(Y631=\"\",\"\",VLOOKUP(Y631,'Benefit Priority'!$B$25:$C$47,2,FALSE))","v":""},{"$f":"IF(OR(Q631=\"\",Z631=\"\"),\"\",VLOOKUP(VLOOKUP(Q631&\" Cost & \"&Z631&\" Benefit\",'Overall Priority'!$D$21:$E$45,2,FALSE),'Overall Priority'!$B$8:$E$16,4,FALSE))","v":""},{"$f":"IF(OR(Q631=\"\",Z631=\"\"),\"\",VLOOKUP(Q631&\" Cost & \"&Z631&\" Benefit\",'Overall Priority'!$D$21:$E$45,2,FALSE))","v":""}]
[null,null,null,null,null,null,null,null,null,null,null,null,null,null,null,{"$f":"IF(O632=\"\",\"\",IF(O632<'Cost Band & Priority'!$E$12,5,IF(O632<'Cost Band & Priority'!$E$11,4,IF(O632<'Cost Band & Priority'!$E$10,3,IF(O632<'Cost Band & Priority'!$E$9,2,1)))))","v":""},{"$f":"IF(P632=\"\",\"\",VLOOKUP(P632,'Cost Band & Priority'!$B$8:$E$12,2,FALSE))","v":""},null,null,null,null,null,null,null,"",{"$f":"IF(Y632=\"\",\"\",VLOOKUP(Y632,'Benefit Priority'!$B$25:$C$47,2,FALSE))","v":""},{"$f":"IF(OR(Q632=\"\",Z632=\"\"),\"\",VLOOKUP(VLOOKUP(Q632&\" Cost & \"&Z632&\" Benefit\",'Overall Priority'!$D$21:$E$45,2,FALSE),'Overall Priority'!$B$8:$E$16,4,FALSE))","v":""},{"$f":"IF(OR(Q632=\"\",Z632=\"\"),\"\",VLOOKUP(Q632&\" Cost & \"&Z632&\" Benefit\",'Overall Priority'!$D$21:$E$45,2,FALSE))","v":""}]
[null,null,null,null,null,null,null,null,null,null,null,null,null,null,null,{"$f":"IF(O633=\"\",\"\",IF(O633<'Cost Band & Priority'!$E$12,5,IF(O633<'Cost Band & Priority'!$E$11,4,IF(O633<'Cost Band & Priority'!$E$10,3,IF(O633<'Cost Band & Priority'!$E$9,2,1)))))","v":""},{"$f":"IF(P633=\"\",\"\",VLOOKUP(P633,'Cost Band & Priority'!$B$8:$E$12,2,FALSE))","v":""},null,null,null,null,null,null,null,"",{"$f":"IF(Y633=\"\",\"\",VLOOKUP(Y633,'Benefit Priority'!$B$25:$C$47,2,FALSE))","v":""},{"$f":"IF(OR(Q633=\"\",Z633=\"\"),\"\",VLOOKUP(VLOOKUP(Q633&\" Cost & \"&Z633&\" Benefit\",'Overall Priority'!$D$21:$E$45,2,FALSE),'Overall Priority'!$B$8:$E$16,4,FALSE))","v":""},{"$f":"IF(OR(Q633=\"\",Z633=\"\"),\"\",VLOOKUP(Q633&\" Cost & \"&Z633&\" Benefit\",'Overall Priority'!$D$21:$E$45,2,FALSE))","v":""}]
[null,null,null,null,null,null,null,null,null,null,null,null,null,null,null,{"$f":"IF(O634=\"\",\"\",IF(O634<'Cost Band & Priority'!$E$12,5,IF(O634<'Cost Band & Priority'!$E$11,4,IF(O634<'Cost Band & Priority'!$E$10,3,IF(O634<'Cost Band & Priority'!$E$9,2,1)))))","v":""},{"$f":"IF(P634=\"\",\"\",VLOOKUP(P634,'Cost Band & Priority'!$B$8:$E$12,2,FALSE))","v":""},null,null,null,null,null,null,null,"",{"$f":"IF(Y634=\"\",\"\",VLOOKUP(Y634,'Benefit Priority'!$B$25:$C$47,2,FALSE))","v":""},{"$f":"IF(OR(Q634=\"\",Z634=\"\"),\"\",VLOOKUP(VLOOKUP(Q634&\" Cost & \"&Z634&\" Benefit\",'Overall Priority'!$D$21:$E$45,2,FALSE),'Overall Priority'!$B$8:$E$16,4,FALSE))","v":""},{"$f":"IF(OR(Q634=\"\",Z634=\"\"),\"\",VLOOKUP(Q634&\" Cost & \"&Z634&\" Benefit\",'Overall Priority'!$D$21:$E$45,2,FALSE))","v":""}]
[null,null,null,null,null,null,null,null,null,null,null,null,null,null,null,{"$f":"IF(O635=\"\",\"\",IF(O635<'Cost Band & Priority'!$E$12,5,IF(O635<'Cost Band & Priority'!$E$11,4,IF(O635<'Cost Band & Priority'!$E$10,3,IF(O635<'Cost Band & Priority'!$E$9,2,1)))))","v":""},{"$f":"IF(P635=\"\",\"\",VLOOKUP(P635,'Cost Band & Priority'!$B$8:$E$12,2,FALSE))","v":""},null,null,null,null,null,null,null,"",{"$f":"IF(Y635=\"\",\"\",VLOOKUP(Y635,'Benefit Priority'!$B$25:$C$47,2,FALSE))","v":""},{"$f":"IF(OR(Q635=\"\",Z635=\"\"),\"\",VLOOKUP(VLOOKUP(Q635&\" Cost & \"&Z635&\" Benefit\",'Overall Priority'!$D$21:$E$45,2,FALSE),'Overall Priority'!$B$8:$E$16,4,FALSE))","v":""},{"$f":"IF(OR(Q635=\"\",Z635=\"\"),\"\",VLOOKUP(Q635&\" Cost & \"&Z635&\" Benefit\",'Overall Priority'!$D$21:$E$45,2,FALSE))","v":""}]
[null,null,null,null,null,null,null,null,null,null,null,null,null,null,null,{"$f":"IF(O636=\"\",\"\",IF(O636<'Cost Band & Priority'!$E$12,5,IF(O636<'Cost Band & Priority'!$E$11,4,IF(O636<'Cost Band & Priority'!$E$10,3,IF(O636<'Cost Band & Priority'!$E$9,2,1)))))","v":""},{"$f":"IF(P636=\"\",\"\",VLOOKUP(P636,'Cost Band & Priority'!$B$8:$E$12,2,FALSE))","v":""},null,null,null,null,null,null,null,"",{"$f":"IF(Y636=\"\",\"\",VLOOKUP(Y636,'Benefit Priority'!$B$25:$C$47,2,FALSE))","v":""},{"$f":"IF(OR(Q636=\"\",Z636=\"\"),\"\",VLOOKUP(VLOOKUP(Q636&\" Cost & \"&Z636&\" Benefit\",'Overall Priority'!$D$21:$E$45,2,FALSE),'Overall Priority'!$B$8:$E$16,4,FALSE))","v":""},{"$f":"IF(OR(Q636=\"\",Z636=\"\"),\"\",VLOOKUP(Q636&\" Cost & \"&Z636&\" Benefit\",'Overall Priority'!$D$21:$E$45,2,FALSE))","v":""}]
[null,null,null,null,null,null,null,null,null,null,null,null,null,null,null,{"$f":"IF(O637=\"\",\"\",IF(O637<'Cost Band & Priority'!$E$12,5,IF(O637<'Cost Band & Priority'!$E$11,4,IF(O637<'Cost Band & Priority'!$E$10,3,IF(O637<'Cost Band & Priority'!$E$9,2,1)))))","v":""},{"$f":"IF(P637=\"\",\"\",VLOOKUP(P637,'Cost Band & Priority'!$B$8:$E$12,2,FALSE))","v":""},null,null,null,null,null,null,null,"",{"$f":"IF(Y637=\"\",\"\",VLOOKUP(Y637,'Benefit Priority'!$B$25:$C$47,2,FALSE))","v":""},{"$f":"IF(OR(Q637=\"\",Z637=\"\"),\"\",VLOOKUP(VLOOKUP(Q637&\" Cost & \"&Z637&\" Benefit\",'Overall Priority'!$D$21:$E$45,2,FALSE),'Overall Priority'!$B$8:$E$16,4,FALSE))","v":""},{"$f":"IF(OR(Q637=\"\",Z637=\"\"),\"\",VLOOKUP(Q637&\" Cost & \"&Z637&\" Benefit\",'Overall Priority'!$D$21:$E$45,2,FALSE))","v":""}]
[null,null,null,null,null,null,null,null,null,null,null,null,null,null,null,{"$f":"IF(O638=\"\",\"\",IF(O638<'Cost Band & Priority'!$E$12,5,IF(O638<'Cost Band & Priority'!$E$11,4,IF(O638<'Cost Band & Priority'!$E$10,3,IF(O638<'Cost Band & Priority'!$E$9,2,1)))))","v":""},{"$f":"IF(P638=\"\",\"\",VLOOKUP(P638,'Cost Band & Priority'!$B$8:$E$12,2,FALSE))","v":""},null,null,null,null,null,null,null,"",{"$f":"IF(Y638=\"\",\"\",VLOOKUP(Y638,'Benefit Priority'!$B$25:$C$47,2,FALSE))","v":""},{"$f":"IF(OR(Q638=\"\",Z638=\"\"),\"\",VLOOKUP(VLOOKUP(Q638&\" Cost & \"&Z638&\" Benefit\",'Overall Priority'!$D$21:$E$45,2,FALSE),'Overall Priority'!$B$8:$E$16,4,FALSE))","v":""},{"$f":"IF(OR(Q638=\"\",Z638=\"\"),\"\",VLOOKUP(Q638&\" Cost & \"&Z638&\" Benefit\",'Overall Priority'!$D$21:$E$45,2,FALSE))","v":""}]
[null,null,null,null,null,null,null,null,null,null,null,null,null,null,null,{"$f":"IF(O639=\"\",\"\",IF(O639<'Cost Band & Priority'!$E$12,5,IF(O639<'Cost Band & Priority'!$E$11,4,IF(O639<'Cost Band & Priority'!$E$10,3,IF(O639<'Cost Band & Priority'!$E$9,2,1)))))","v":""},{"$f":"IF(P639=\"\",\"\",VLOOKUP(P639,'Cost Band & Priority'!$B$8:$E$12,2,FALSE))","v":""},null,null,null,null,null,null,null,"",{"$f":"IF(Y639=\"\",\"\",VLOOKUP(Y639,'Benefit Priority'!$B$25:$C$47,2,FALSE))","v":""},{"$f":"IF(OR(Q639=\"\",Z639=\"\"),\"\",VLOOKUP(VLOOKUP(Q639&\" Cost & \"&Z639&\" Benefit\",'Overall Priority'!$D$21:$E$45,2,FALSE),'Overall Priority'!$B$8:$E$16,4,FALSE))","v":""},{"$f":"IF(OR(Q639=\"\",Z639=\"\"),\"\",VLOOKUP(Q639&\" Cost & \"&Z639&\" Benefit\",'Overall Priority'!$D$21:$E$45,2,FALSE))","v":""}]
[null,null,null,null,null,null,null,null,null,null,null,null,null,null,null,{"$f":"IF(O640=\"\",\"\",IF(O640<'Cost Band & Priority'!$E$12,5,IF(O640<'Cost Band & Priority'!$E$11,4,IF(O640<'Cost Band & Priority'!$E$10,3,IF(O640<'Cost Band & Priority'!$E$9,2,1)))))","v":""},{"$f":"IF(P640=\"\",\"\",VLOOKUP(P640,'Cost Band & Priority'!$B$8:$E$12,2,FALSE))","v":""},null,null,null,null,null,null,null,"",{"$f":"IF(Y640=\"\",\"\",VLOOKUP(Y640,'Benefit Priority'!$B$25:$C$47,2,FALSE))","v":""},{"$f":"IF(OR(Q640=\"\",Z640=\"\"),\"\",VLOOKUP(VLOOKUP(Q640&\" Cost & \"&Z640&\" Benefit\",'Overall Priority'!$D$21:$E$45,2,FALSE),'Overall Priority'!$B$8:$E$16,4,FALSE))","v":""},{"$f":"IF(OR(Q640=\"\",Z640=\"\"),\"\",VLOOKUP(Q640&\" Cost & \"&Z640&\" Benefit\",'Overall Priority'!$D$21:$E$45,2,FALSE))","v":""}]
[null,null,null,null,null,null,null,null,null,null,null,null,null,null,null,{"$f":"IF(O641=\"\",\"\",IF(O641<'Cost Band & Priority'!$E$12,5,IF(O641<'Cost Band & Priority'!$E$11,4,IF(O641<'Cost Band & Priority'!$E$10,3,IF(O641<'Cost Band & Priority'!$E$9,2,1)))))","v":""},{"$f":"IF(P641=\"\",\"\",VLOOKUP(P641,'Cost Band & Priority'!$B$8:$E$12,2,FALSE))","v":""},null,null,null,null,null,null,null,"",{"$f":"IF(Y641=\"\",\"\",VLOOKUP(Y641,'Benefit Priority'!$B$25:$C$47,2,FALSE))","v":""},{"$f":"IF(OR(Q641=\"\",Z641=\"\"),\"\",VLOOKUP(VLOOKUP(Q641&\" Cost & \"&Z641&\" Benefit\",'Overall Priority'!$D$21:$E$45,2,FALSE),'Overall Priority'!$B$8:$E$16,4,FALSE))","v":""},{"$f":"IF(OR(Q641=\"\",Z641=\"\"),\"\",VLOOKUP(Q641&\" Cost & \"&Z641&\" Benefit\",'Overall Priority'!$D$21:$E$45,2,FALSE))","v":""}]
[null,null,null,null,null,null,null,null,null,null,null,null,null,null,null,{"$f":"IF(O642=\"\",\"\",IF(O642<'Cost Band & Priority'!$E$12,5,IF(O642<'Cost Band & Priority'!$E$11,4,IF(O642<'Cost Band & Priority'!$E$10,3,IF(O642<'Cost Band & Priority'!$E$9,2,1)))))","v":""},{"$f":"IF(P642=\"\",\"\",VLOOKUP(P642,'Cost Band & Priority'!$B$8:$E$12,2,FALSE))","v":""},null,null,null,null,null,null,null,{"$f":"IF(AND(R642>0,S642>0,T642>0,U642>0,V642>0,W642>0,X642>0),SUM(R642:X642),\"\")","v":""},{"$f":"IF(Y642=\"\",\"\",VLOOKUP(Y642,'Benefit Priority'!$B$25:$C$47,2,FALSE))","v":""},{"$f":"IF(OR(Q642=\"\",Z642=\"\"),\"\",VLOOKUP(VLOOKUP(Q642&\" Cost & \"&Z642&\" Benefit\",'Overall Priority'!$D$21:$E$45,2,FALSE),'Overall Priority'!$B$8:$E$16,4,FALSE))","v":""},{"$f":"IF(OR(Q642=\"\",Z642=\"\"),\"\",VLOOKUP(Q642&\" Cost & \"&Z642&\" Benefit\",'Overall Priority'!$D$21:$E$45,2,FALSE))","v":""}]
[null,null,null,null,null,null,null,null,null,null,null,null,null,null,null,{"$f":"IF(O643=\"\",\"\",IF(O643<'Cost Band & Priority'!$E$12,5,IF(O643<'Cost Band & Priority'!$E$11,4,IF(O643<'Cost Band & Priority'!$E$10,3,IF(O643<'Cost Band & Priority'!$E$9,2,1)))))","v":""},{"$f":"IF(P643=\"\",\"\",VLOOKUP(P643,'Cost Band & Priority'!$B$8:$E$12,2,FALSE))","v":""},null,null,null,null,null,null,null,"",{"$f":"IF(Y643=\"\",\"\",VLOOKUP(Y643,'Benefit Priority'!$B$25:$C$47,2,FALSE))","v":""},{"$f":"IF(OR(Q643=\"\",Z643=\"\"),\"\",VLOOKUP(VLOOKUP(Q643&\" Cost & \"&Z643&\" Benefit\",'Overall Priority'!$D$21:$E$45,2,FALSE),'Overall Priority'!$B$8:$E$16,4,FALSE))","v":""},{"$f":"IF(OR(Q643=\"\",Z643=\"\"),\"\",VLOOKUP(Q643&\" Cost & \"&Z643&\" Benefit\",'Overall Priority'!$D$21:$E$45,2,FALSE))","v":""}]
[null,null,null,null,null,null,null,null,null,null,null,null,null,null,null,{"$f":"IF(O644=\"\",\"\",IF(O644<'Cost Band & Priority'!$E$12,5,IF(O644<'Cost Band & Priority'!$E$11,4,IF(O644<'Cost Band & Priority'!$E$10,3,IF(O644<'Cost Band & Priority'!$E$9,2,1)))))","v":""},{"$f":"IF(P644=\"\",\"\",VLOOKUP(P644,'Cost Band & Priority'!$B$8:$E$12,2,FALSE))","v":""},null,null,null,null,null,null,null,"",{"$f":"IF(Y644=\"\",\"\",VLOOKUP(Y644,'Benefit Priority'!$B$25:$C$47,2,FALSE))","v":""},{"$f":"IF(OR(Q644=\"\",Z644=\"\"),\"\",VLOOKUP(VLOOKUP(Q644&\" Cost & \"&Z644&\" Benefit\",'Overall Priority'!$D$21:$E$45,2,FALSE),'Overall Priority'!$B$8:$E$16,4,FALSE))","v":""},{"$f":"IF(OR(Q644=\"\",Z644=\"\"),\"\",VLOOKUP(Q644&\" Cost & \"&Z644&\" Benefit\",'Overall Priority'!$D$21:$E$45,2,FALSE))","v":""}]
[null,null,null,null,null,null,null,null,null,null,null,null,null,null,null,{"$f":"IF(O645=\"\",\"\",IF(O645<'Cost Band & Priority'!$E$12,5,IF(O645<'Cost Band & Priority'!$E$11,4,IF(O645<'Cost Band & Priority'!$E$10,3,IF(O645<'Cost Band & Priority'!$E$9,2,1)))))","v":""},{"$f":"IF(P645=\"\",\"\",VLOOKUP(P645,'Cost Band & Priority'!$B$8:$E$12,2,FALSE))","v":""},null,null,null,null,null,null,null,"",{"$f":"IF(Y645=\"\",\"\",VLOOKUP(Y645,'Benefit Priority'!$B$25:$C$47,2,FALSE))","v":""},{"$f":"IF(OR(Q645=\"\",Z645=\"\"),\"\",VLOOKUP(VLOOKUP(Q645&\" Cost & \"&Z645&\" Benefit\",'Overall Priority'!$D$21:$E$45,2,FALSE),'Overall Priority'!$B$8:$E$16,4,FALSE))","v":""},{"$f":"IF(OR(Q645=\"\",Z645=\"\"),\"\",VLOOKUP(Q645&\" Cost & \"&Z645&\" Benefit\",'Overall Priority'!$D$21:$E$45,2,FALSE))","v":""}]
[null,null,null,null,null,null,null,null,null,null,null,null,null,null,null,{"$f":"IF(O646=\"\",\"\",IF(O646<'Cost Band & Priority'!$E$12,5,IF(O646<'Cost Band & Priority'!$E$11,4,IF(O646<'Cost Band & Priority'!$E$10,3,IF(O646<'Cost Band & Priority'!$E$9,2,1)))))","v":""},{"$f":"IF(P646=\"\",\"\",VLOOKUP(P646,'Cost Band & Priority'!$B$8:$E$12,2,FALSE))","v":""},null,null,null,null,null,null,null,"",{"$f":"IF(Y646=\"\",\"\",VLOOKUP(Y646,'Benefit Priority'!$B$25:$C$47,2,FALSE))","v":""},{"$f":"IF(OR(Q646=\"\",Z646=\"\"),\"\",VLOOKUP(VLOOKUP(Q646&\" Cost & \"&Z646&\" Benefit\",'Overall Priority'!$D$21:$E$45,2,FALSE),'Overall Priority'!$B$8:$E$16,4,FALSE))","v":""},{"$f":"IF(OR(Q646=\"\",Z646=\"\"),\"\",VLOOKUP(Q646&\" Cost & \"&Z646&\" Benefit\",'Overall Priority'!$D$21:$E$45,2,FALSE))","v":""}]
[null,null,null,null,null,null,null,null,null,null,null,null,null,null,null,{"$f":"IF(O647=\"\",\"\",IF(O647<'Cost Band & Priority'!$E$12,5,IF(O647<'Cost Band & Priority'!$E$11,4,IF(O647<'Cost Band & Priority'!$E$10,3,IF(O647<'Cost Band & Priority'!$E$9,2,1)))))","v":""},{"$f":"IF(P647=\"\",\"\",VLOOKUP(P647,'Cost Band & Priority'!$B$8:$E$12,2,FALSE))","v":""},null,null,null,null,null,null,null,"",{"$f":"IF(Y647=\"\",\"\",VLOOKUP(Y647,'Benefit Priority'!$B$25:$C$47,2,FALSE))","v":""},{"$f":"IF(OR(Q647=\"\",Z647=\"\"),\"\",VLOOKUP(VLOOKUP(Q647&\" Cost & \"&Z647&\" Benefit\",'Overall Priority'!$D$21:$E$45,2,FALSE),'Overall Priority'!$B$8:$E$16,4,FALSE))","v":""},{"$f":"IF(OR(Q647=\"\",Z647=\"\"),\"\",VLOOKUP(Q647&\" Cost & \"&Z647&\" Benefit\",'Overall Priority'!$D$21:$E$45,2,FALSE))","v":""}]
[null,null,null,null,null,null,null,null,null,null,null,null,null,null,null,{"$f":"IF(O648=\"\",\"\",IF(O648<'Cost Band & Priority'!$E$12,5,IF(O648<'Cost Band & Priority'!$E$11,4,IF(O648<'Cost Band & Priority'!$E$10,3,IF(O648<'Cost Band & Priority'!$E$9,2,1)))))","v":""},{"$f":"IF(P648=\"\",\"\",VLOOKUP(P648,'Cost Band & Priority'!$B$8:$E$12,2,FALSE))","v":""},null,null,null,null,null,null,null,"",{"$f":"IF(Y648=\"\",\"\",VLOOKUP(Y648,'Benefit Priority'!$B$25:$C$47,2,FALSE))","v":""},{"$f":"IF(OR(Q648=\"\",Z648=\"\"),\"\",VLOOKUP(VLOOKUP(Q648&\" Cost & \"&Z648&\" Benefit\",'Overall Priority'!$D$21:$E$45,2,FALSE),'Overall Priority'!$B$8:$E$16,4,FALSE))","v":""},{"$f":"IF(OR(Q648=\"\",Z648=\"\"),\"\",VLOOKUP(Q648&\" Cost & \"&Z648&\" Benefit\",'Overall Priority'!$D$21:$E$45,2,FALSE))","v":""}]
[null,null,null,null,null,null,null,null,null,null,null,null,null,null,null,{"$f":"IF(O649=\"\",\"\",IF(O649<'Cost Band & Priority'!$E$12,5,IF(O649<'Cost Band & Priority'!$E$11,4,IF(O649<'Cost Band & Priority'!$E$10,3,IF(O649<'Cost Band & Priority'!$E$9,2,1)))))","v":""},{"$f":"IF(P649=\"\",\"\",VLOOKUP(P649,'Cost Band & Priority'!$B$8:$E$12,2,FALSE))","v":""},null,null,null,null,null,null,null,"",{"$f":"IF(Y649=\"\",\"\",VLOOKUP(Y649,'Benefit Priority'!$B$25:$C$47,2,FALSE))","v":""},{"$f":"IF(OR(Q649=\"\",Z649=\"\"),\"\",VLOOKUP(VLOOKUP(Q649&\" Cost & \"&Z649&\" Benefit\",'Overall Priority'!$D$21:$E$45,2,FALSE),'Overall Priority'!$B$8:$E$16,4,FALSE))","v":""},{"$f":"IF(OR(Q649=\"\",Z649=\"\"),\"\",VLOOKUP(Q649&\" Cost & \"&Z649&\" Benefit\",'Overall Priority'!$D$21:$E$45,2,FALSE))","v":""}]
[null,null,null,null,null,null,null,null,null,null,null,null,null,null,null,{"$f":"IF(O650=\"\",\"\",IF(O650<'Cost Band & Priority'!$E$12,5,IF(O650<'Cost Band & Priority'!$E$11,4,IF(O650<'Cost Band & Priority'!$E$10,3,IF(O650<'Cost Band & Priority'!$E$9,2,1)))))","v":""},{"$f":"IF(P650=\"\",\"\",VLOOKUP(P650,'Cost Band & Priority'!$B$8:$E$12,2,FALSE))","v":""},null,null,null,null,null,null,null,"",{"$f":"IF(Y650=\"\",\"\",VLOOKUP(Y650,'Benefit Priority'!$B$25:$C$47,2,FALSE))","v":""},{"$f":"IF(OR(Q650=\"\",Z650=\"\"),\"\",VLOOKUP(VLOOKUP(Q650&\" Cost & \"&Z650&\" Benefit\",'Overall Priority'!$D$21:$E$45,2,FALSE),'Overall Priority'!$B$8:$E$16,4,FALSE))","v":""},{"$f":"IF(OR(Q650=\"\",Z650=\"\"),\"\",VLOOKUP(Q650&\" Cost & \"&Z650&\" Benefit\",'Overall Priority'!$D$21:$E$45,2,FALSE))","v":""}]
[null,null,null,null,null,null,null,null,null,null,null,null,null,null,null,{"$f":"IF(O651=\"\",\"\",IF(O651<'Cost Band & Priority'!$E$12,5,IF(O651<'Cost Band & Priority'!$E$11,4,IF(O651<'Cost Band & Priority'!$E$10,3,IF(O651<'Cost Band & Priority'!$E$9,2,1)))))","v":""},{"$f":"IF(P651=\"\",\"\",VLOOKUP(P651,'Cost Band & Priority'!$B$8:$E$12,2,FALSE))","v":""},null,null,null,null,null,null,null,"",{"$f":"IF(Y651=\"\",\"\",VLOOKUP(Y651,'Benefit Priority'!$B$25:$C$47,2,FALSE))","v":""},{"$f":"IF(OR(Q651=\"\",Z651=\"\"),\"\",VLOOKUP(VLOOKUP(Q651&\" Cost & \"&Z651&\" Benefit\",'Overall Priority'!$D$21:$E$45,2,FALSE),'Overall Priority'!$B$8:$E$16,4,FALSE))","v":""},{"$f":"IF(OR(Q651=\"\",Z651=\"\"),\"\",VLOOKUP(Q651&\" Cost & \"&Z651&\" Benefit\",'Overall Priority'!$D$21:$E$45,2,FALSE))","v":""}]
[null,null,null,null,null,null,null,null,null,null,null,null,null,null,null,{"$f":"IF(O652=\"\",\"\",IF(O652<'Cost Band & Priority'!$E$12,5,IF(O652<'Cost Band & Priority'!$E$11,4,IF(O652<'Cost Band & Priority'!$E$10,3,IF(O652<'Cost Band & Priority'!$E$9,2,1)))))","v":""},{"$f":"IF(P652=\"\",\"\",VLOOKUP(P652,'Cost Band & Priority'!$B$8:$E$12,2,FALSE))","v":""},null,null,null,null,null,null,null,"",{"$f":"IF(Y652=\"\",\"\",VLOOKUP(Y652,'Benefit Priority'!$B$25:$C$47,2,FALSE))","v":""},{"$f":"IF(OR(Q652=\"\",Z652=\"\"),\"\",VLOOKUP(VLOOKUP(Q652&\" Cost & \"&Z652&\" Benefit\",'Overall Priority'!$D$21:$E$45,2,FALSE),'Overall Priority'!$B$8:$E$16,4,FALSE))","v":""},{"$f":"IF(OR(Q652=\"\",Z652=\"\"),\"\",VLOOKUP(Q652&\" Cost & \"&Z652&\" Benefit\",'Overall Priority'!$D$21:$E$45,2,FALSE))","v":""}]
[null,null,null,null,null,null,null,null,null,null,null,null,null,null,null,{"$f":"IF(O653=\"\",\"\",IF(O653<'Cost Band & Priority'!$E$12,5,IF(O653<'Cost Band & Priority'!$E$11,4,IF(O653<'Cost Band & Priority'!$E$10,3,IF(O653<'Cost Band & Priority'!$E$9,2,1)))))","v":""},{"$f":"IF(P653=\"\",\"\",VLOOKUP(P653,'Cost Band & Priority'!$B$8:$E$12,2,FALSE))","v":""},null,null,null,null,null,null,null,"",{"$f":"IF(Y653=\"\",\"\",VLOOKUP(Y653,'Benefit Priority'!$B$25:$C$47,2,FALSE))","v":""},{"$f":"IF(OR(Q653=\"\",Z653=\"\"),\"\",VLOOKUP(VLOOKUP(Q653&\" Cost & \"&Z653&\" Benefit\",'Overall Priority'!$D$21:$E$45,2,FALSE),'Overall Priority'!$B$8:$E$16,4,FALSE))","v":""},{"$f":"IF(OR(Q653=\"\",Z653=\"\"),\"\",VLOOKUP(Q653&\" Cost & \"&Z653&\" Benefit\",'Overall Priority'!$D$21:$E$45,2,FALSE))","v":""}]
[null,null,null,null,null,null,null,null,null,null,null,null,null,null,null,{"$f":"IF(O654=\"\",\"\",IF(O654<'Cost Band & Priority'!$E$12,5,IF(O654<'Cost Band & Priority'!$E$11,4,IF(O654<'Cost Band & Priority'!$E$10,3,IF(O654<'Cost Band & Priority'!$E$9,2,1)))))","v":""},{"$f":"IF(P654=\"\",\"\",VLOOKUP(P654,'Cost Band & Priority'!$B$8:$E$12,2,FALSE))","v":""},null,null,null,null,null,null,null,"",{"$f":"IF(Y654=\"\",\"\",VLOOKUP(Y654,'Benefit Priority'!$B$25:$C$47,2,FALSE))","v":""},{"$f":"IF(OR(Q654=\"\",Z654=\"\"),\"\",VLOOKUP(VLOOKUP(Q654&\" Cost & \"&Z654&\" Benefit\",'Overall Priority'!$D$21:$E$45,2,FALSE),'Overall Priority'!$B$8:$E$16,4,FALSE))","v":""},{"$f":"IF(OR(Q654=\"\",Z654=\"\"),\"\",VLOOKUP(Q654&\" Cost & \"&Z654&\" Benefit\",'Overall Priority'!$D$21:$E$45,2,FALSE))","v":""}]
[null,null,null,null,null,null,null,null,null,null,null,null,null,null,null,{"$f":"IF(O655=\"\",\"\",IF(O655<'Cost Band & Priority'!$E$12,5,IF(O655<'Cost Band & Priority'!$E$11,4,IF(O655<'Cost Band & Priority'!$E$10,3,IF(O655<'Cost Band & Priority'!$E$9,2,1)))))","v":""},{"$f":"IF(P655=\"\",\"\",VLOOKUP(P655,'Cost Band & Priority'!$B$8:$E$12,2,FALSE))","v":""},null,null,null,null,null,null,null,"",{"$f":"IF(Y655=\"\",\"\",VLOOKUP(Y655,'Benefit Priority'!$B$25:$C$47,2,FALSE))","v":""},{"$f":"IF(OR(Q655=\"\",Z655=\"\"),\"\",VLOOKUP(VLOOKUP(Q655&\" Cost & \"&Z655&\" Benefit\",'Overall Priority'!$D$21:$E$45,2,FALSE),'Overall Priority'!$B$8:$E$16,4,FALSE))","v":""},{"$f":"IF(OR(Q655=\"\",Z655=\"\"),\"\",VLOOKUP(Q655&\" Cost & \"&Z655&\" Benefit\",'Overall Priority'!$D$21:$E$45,2,FALSE))","v":""}]
[null,null,null,null,null,null,null,null,null,null,null,null,null,null,null,{"$f":"IF(O656=\"\",\"\",IF(O656<'Cost Band & Priority'!$E$12,5,IF(O656<'Cost Band & Priority'!$E$11,4,IF(O656<'Cost Band & Priority'!$E$10,3,IF(O656<'Cost Band & Priority'!$E$9,2,1)))))","v":""},{"$f":"IF(P656=\"\",\"\",VLOOKUP(P656,'Cost Band & Priority'!$B$8:$E$12,2,FALSE))","v":""},null,null,null,null,null,null,null,"",{"$f":"IF(Y656=\"\",\"\",VLOOKUP(Y656,'Benefit Priority'!$B$25:$C$47,2,FALSE))","v":""},{"$f":"IF(OR(Q656=\"\",Z656=\"\"),\"\",VLOOKUP(VLOOKUP(Q656&\" Cost & \"&Z656&\" Benefit\",'Overall Priority'!$D$21:$E$45,2,FALSE),'Overall Priority'!$B$8:$E$16,4,FALSE))","v":""},{"$f":"IF(OR(Q656=\"\",Z656=\"\"),\"\",VLOOKUP(Q656&\" Cost & \"&Z656&\" Benefit\",'Overall Priority'!$D$21:$E$45,2,FALSE))","v":""}]
[null,null,null,null,null,null,null,null,null,null,null,null,null,null,null,{"$f":"IF(O657=\"\",\"\",IF(O657<'Cost Band & Priority'!$E$12,5,IF(O657<'Cost Band & Priority'!$E$11,4,IF(O657<'Cost Band & Priority'!$E$10,3,IF(O657<'Cost Band & Priority'!$E$9,2,1)))))","v":""},{"$f":"IF(P657=\"\",\"\",VLOOKUP(P657,'Cost Band & Priority'!$B$8:$E$12,2,FALSE))","v":""},null,null,null,null,null,null,null,"",{"$f":"IF(Y657=\"\",\"\",VLOOKUP(Y657,'Benefit Priority'!$B$25:$C$47,2,FALSE))","v":""},{"$f":"IF(OR(Q657=\"\",Z657=\"\"),\"\",VLOOKUP(VLOOKUP(Q657&\" Cost & \"&Z657&\" Benefit\",'Overall Priority'!$D$21:$E$45,2,FALSE),'Overall Priority'!$B$8:$E$16,4,FALSE))","v":""},{"$f":"IF(OR(Q657=\"\",Z657=\"\"),\"\",VLOOKUP(Q657&\" Cost & \"&Z657&\" Benefit\",'Overall Priority'!$D$21:$E$45,2,FALSE))","v":""}]
[null,null,null,null,null,null,null,null,null,null,null,null,null,null,null,{"$f":"IF(O658=\"\",\"\",IF(O658<'Cost Band & Priority'!$E$12,5,IF(O658<'Cost Band & Priority'!$E$11,4,IF(O658<'Cost Band & Priority'!$E$10,3,IF(O658<'Cost Band & Priority'!$E$9,2,1)))))","v":""},{"$f":"IF(P658=\"\",\"\",VLOOKUP(P658,'Cost Band & Priority'!$B$8:$E$12,2,FALSE))","v":""},null,null,null,null,null,null,null,"",{"$f":"IF(Y658=\"\",\"\",VLOOKUP(Y658,'Benefit Priority'!$B$25:$C$47,2,FALSE))","v":""},{"$f":"IF(OR(Q658=\"\",Z658=\"\"),\"\",VLOOKUP(VLOOKUP(Q658&\" Cost & \"&Z658&\" Benefit\",'Overall Priority'!$D$21:$E$45,2,FALSE),'Overall Priority'!$B$8:$E$16,4,FALSE))","v":""},{"$f":"IF(OR(Q658=\"\",Z658=\"\"),\"\",VLOOKUP(Q658&\" Cost & \"&Z658&\" Benefit\",'Overall Priority'!$D$21:$E$45,2,FALSE))","v":""}]
[null,null,null,null,null,null,null,null,null,null,null,null,null,null,null,{"$f":"IF(O659=\"\",\"\",IF(O659<'Cost Band & Priority'!$E$12,5,IF(O659<'Cost Band & Priority'!$E$11,4,IF(O659<'Cost Band & Priority'!$E$10,3,IF(O659<'Cost Band & Priority'!$E$9,2,1)))))","v":""},{"$f":"IF(P659=\"\",\"\",VLOOKUP(P659,'Cost Band & Priority'!$B$8:$E$12,2,FALSE))","v":""},null,null,null,null,null,null,null,"",{"$f":"IF(Y659=\"\",\"\",VLOOKUP(Y659,'Benefit Priority'!$B$25:$C$47,2,FALSE))","v":""},{"$f":"IF(OR(Q659=\"\",Z659=\"\"),\"\",VLOOKUP(VLOOKUP(Q659&\" Cost & \"&Z659&\" Benefit\",'Overall Priority'!$D$21:$E$45,2,FALSE),'Overall Priority'!$B$8:$E$16,4,FALSE))","v":""},{"$f":"IF(OR(Q659=\"\",Z659=\"\"),\"\",VLOOKUP(Q659&\" Cost & \"&Z659&\" Benefit\",'Overall Priority'!$D$21:$E$45,2,FALSE))","v":""}]
[null,null,null,null,null,null,null,null,null,null,null,null,null,null,null,{"$f":"IF(O660=\"\",\"\",IF(O660<'Cost Band & Priority'!$E$12,5,IF(O660<'Cost Band & Priority'!$E$11,4,IF(O660<'Cost Band & Priority'!$E$10,3,IF(O660<'Cost Band & Priority'!$E$9,2,1)))))","v":""},{"$f":"IF(P660=\"\",\"\",VLOOKUP(P660,'Cost Band & Priority'!$B$8:$E$12,2,FALSE))","v":""},null,null,null,null,null,null,null,"",{"$f":"IF(Y660=\"\",\"\",VLOOKUP(Y660,'Benefit Priority'!$B$25:$C$47,2,FALSE))","v":""},{"$f":"IF(OR(Q660=\"\",Z660=\"\"),\"\",VLOOKUP(VLOOKUP(Q660&\" Cost & \"&Z660&\" Benefit\",'Overall Priority'!$D$21:$E$45,2,FALSE),'Overall Priority'!$B$8:$E$16,4,FALSE))","v":""},{"$f":"IF(OR(Q660=\"\",Z660=\"\"),\"\",VLOOKUP(Q660&\" Cost & \"&Z660&\" Benefit\",'Overall Priority'!$D$21:$E$45,2,FALSE))","v":""}]
[null,null,null,null,null,null,null,null,null,null,null,null,null,null,null,{"$f":"IF(O661=\"\",\"\",IF(O661<'Cost Band & Priority'!$E$12,5,IF(O661<'Cost Band & Priority'!$E$11,4,IF(O661<'Cost Band & Priority'!$E$10,3,IF(O661<'Cost Band & Priority'!$E$9,2,1)))))","v":""},{"$f":"IF(P661=\"\",\"\",VLOOKUP(P661,'Cost Band & Priority'!$B$8:$E$12,2,FALSE))","v":""},null,null,null,null,null,null,null,"",{"$f":"IF(Y661=\"\",\"\",VLOOKUP(Y661,'Benefit Priority'!$B$25:$C$47,2,FALSE))","v":""},{"$f":"IF(OR(Q661=\"\",Z661=\"\"),\"\",VLOOKUP(VLOOKUP(Q661&\" Cost & \"&Z661&\" Benefit\",'Overall Priority'!$D$21:$E$45,2,FALSE),'Overall Priority'!$B$8:$E$16,4,FALSE))","v":""},{"$f":"IF(OR(Q661=\"\",Z661=\"\"),\"\",VLOOKUP(Q661&\" Cost & \"&Z661&\" Benefit\",'Overall Priority'!$D$21:$E$45,2,FALSE))","v":""}]
[null,null,null,null,null,null,null,null,null,null,null,null,null,null,null,{"$f":"IF(O662=\"\",\"\",IF(O662<'Cost Band & Priority'!$E$12,5,IF(O662<'Cost Band & Priority'!$E$11,4,IF(O662<'Cost Band & Priority'!$E$10,3,IF(O662<'Cost Band & Priority'!$E$9,2,1)))))","v":""},{"$f":"IF(P662=\"\",\"\",VLOOKUP(P662,'Cost Band & Priority'!$B$8:$E$12,2,FALSE))","v":""},null,null,null,null,null,null,null,"",{"$f":"IF(Y662=\"\",\"\",VLOOKUP(Y662,'Benefit Priority'!$B$25:$C$47,2,FALSE))","v":""},{"$f":"IF(OR(Q662=\"\",Z662=\"\"),\"\",VLOOKUP(VLOOKUP(Q662&\" Cost & \"&Z662&\" Benefit\",'Overall Priority'!$D$21:$E$45,2,FALSE),'Overall Priority'!$B$8:$E$16,4,FALSE))","v":""},{"$f":"IF(OR(Q662=\"\",Z662=\"\"),\"\",VLOOKUP(Q662&\" Cost & \"&Z662&\" Benefit\",'Overall Priority'!$D$21:$E$45,2,FALSE))","v":""}]
[null,null,null,null,null,null,null,null,null,null,null,null,null,null,null,{"$f":"IF(O663=\"\",\"\",IF(O663<'Cost Band & Priority'!$E$12,5,IF(O663<'Cost Band & Priority'!$E$11,4,IF(O663<'Cost Band & Priority'!$E$10,3,IF(O663<'Cost Band & Priority'!$E$9,2,1)))))","v":""},{"$f":"IF(P663=\"\",\"\",VLOOKUP(P663,'Cost Band & Priority'!$B$8:$E$12,2,FALSE))","v":""},null,null,null,null,null,null,null,"",{"$f":"IF(Y663=\"\",\"\",VLOOKUP(Y663,'Benefit Priority'!$B$25:$C$47,2,FALSE))","v":""},{"$f":"IF(OR(Q663=\"\",Z663=\"\"),\"\",VLOOKUP(VLOOKUP(Q663&\" Cost & \"&Z663&\" Benefit\",'Overall Priority'!$D$21:$E$45,2,FALSE),'Overall Priority'!$B$8:$E$16,4,FALSE))","v":""},{"$f":"IF(OR(Q663=\"\",Z663=\"\"),\"\",VLOOKUP(Q663&\" Cost & \"&Z663&\" Benefit\",'Overall Priority'!$D$21:$E$45,2,FALSE))","v":""}]
[null,null,null,null,null,null,null,null,null,null,null,null,null,null,null,{"$f":"IF(O664=\"\",\"\",IF(O664<'Cost Band & Priority'!$E$12,5,IF(O664<'Cost Band & Priority'!$E$11,4,IF(O664<'Cost Band & Priority'!$E$10,3,IF(O664<'Cost Band & Priority'!$E$9,2,1)))))","v":""},{"$f":"IF(P664=\"\",\"\",VLOOKUP(P664,'Cost Band & Priority'!$B$8:$E$12,2,FALSE))","v":""},null,null,null,null,null,null,null,"",{"$f":"IF(Y664=\"\",\"\",VLOOKUP(Y664,'Benefit Priority'!$B$25:$C$47,2,FALSE))","v":""},{"$f":"IF(OR(Q664=\"\",Z664=\"\"),\"\",VLOOKUP(VLOOKUP(Q664&\" Cost & \"&Z664&\" Benefit\",'Overall Priority'!$D$21:$E$45,2,FALSE),'Overall Priority'!$B$8:$E$16,4,FALSE))","v":""},{"$f":"IF(OR(Q664=\"\",Z664=\"\"),\"\",VLOOKUP(Q664&\" Cost & \"&Z664&\" Benefit\",'Overall Priority'!$D$21:$E$45,2,FALSE))","v":""}]
[null,null,null,null,null,null,null,null,null,null,null,null,null,null,null,{"$f":"IF(O665=\"\",\"\",IF(O665<'Cost Band & Priority'!$E$12,5,IF(O665<'Cost Band & Priority'!$E$11,4,IF(O665<'Cost Band & Priority'!$E$10,3,IF(O665<'Cost Band & Priority'!$E$9,2,1)))))","v":""},{"$f":"IF(P665=\"\",\"\",VLOOKUP(P665,'Cost Band & Priority'!$B$8:$E$12,2,FALSE))","v":""},null,null,null,null,null,null,null,"",{"$f":"IF(Y665=\"\",\"\",VLOOKUP(Y665,'Benefit Priority'!$B$25:$C$47,2,FALSE))","v":""},{"$f":"IF(OR(Q665=\"\",Z665=\"\"),\"\",VLOOKUP(VLOOKUP(Q665&\" Cost & \"&Z665&\" Benefit\",'Overall Priority'!$D$21:$E$45,2,FALSE),'Overall Priority'!$B$8:$E$16,4,FALSE))","v":""},{"$f":"IF(OR(Q665=\"\",Z665=\"\"),\"\",VLOOKUP(Q665&\" Cost & \"&Z665&\" Benefit\",'Overall Priority'!$D$21:$E$45,2,FALSE))","v":""}]
[null,null,null,null,null,null,null,null,null,null,null,null,null,null,null,{"$f":"IF(O666=\"\",\"\",IF(O666<'Cost Band & Priority'!$E$12,5,IF(O666<'Cost Band & Priority'!$E$11,4,IF(O666<'Cost Band & Priority'!$E$10,3,IF(O666<'Cost Band & Priority'!$E$9,2,1)))))","v":""},{"$f":"IF(P666=\"\",\"\",VLOOKUP(P666,'Cost Band & Priority'!$B$8:$E$12,2,FALSE))","v":""},null,null,null,null,null,null,null,"",{"$f":"IF(Y666=\"\",\"\",VLOOKUP(Y666,'Benefit Priority'!$B$25:$C$47,2,FALSE))","v":""},{"$f":"IF(OR(Q666=\"\",Z666=\"\"),\"\",VLOOKUP(VLOOKUP(Q666&\" Cost & \"&Z666&\" Benefit\",'Overall Priority'!$D$21:$E$45,2,FALSE),'Overall Priority'!$B$8:$E$16,4,FALSE))","v":""},{"$f":"IF(OR(Q666=\"\",Z666=\"\"),\"\",VLOOKUP(Q666&\" Cost & \"&Z666&\" Benefit\",'Overall Priority'!$D$21:$E$45,2,FALSE))","v":""}]
[null,null,null,null,null,null,null,null,null,null,null,null,null,null,null,{"$f":"IF(O667=\"\",\"\",IF(O667<'Cost Band & Priority'!$E$12,5,IF(O667<'Cost Band & Priority'!$E$11,4,IF(O667<'Cost Band & Priority'!$E$10,3,IF(O667<'Cost Band & Priority'!$E$9,2,1)))))","v":""},{"$f":"IF(P667=\"\",\"\",VLOOKUP(P667,'Cost Band & Priority'!$B$8:$E$12,2,FALSE))","v":""},null,null,null,null,null,null,null,"",{"$f":"IF(Y667=\"\",\"\",VLOOKUP(Y667,'Benefit Priority'!$B$25:$C$47,2,FALSE))","v":""},{"$f":"IF(OR(Q667=\"\",Z667=\"\"),\"\",VLOOKUP(VLOOKUP(Q667&\" Cost & \"&Z667&\" Benefit\",'Overall Priority'!$D$21:$E$45,2,FALSE),'Overall Priority'!$B$8:$E$16,4,FALSE))","v":""},{"$f":"IF(OR(Q667=\"\",Z667=\"\"),\"\",VLOOKUP(Q667&\" Cost & \"&Z667&\" Benefit\",'Overall Priority'!$D$21:$E$45,2,FALSE))","v":""}]
[null,null,null,null,null,null,null,null,null,null,null,null,null,null,null,{"$f":"IF(O668=\"\",\"\",IF(O668<'Cost Band & Priority'!$E$12,5,IF(O668<'Cost Band & Priority'!$E$11,4,IF(O668<'Cost Band & Priority'!$E$10,3,IF(O668<'Cost Band & Priority'!$E$9,2,1)))))","v":""},{"$f":"IF(P668=\"\",\"\",VLOOKUP(P668,'Cost Band & Priority'!$B$8:$E$12,2,FALSE))","v":""},null,null,null,null,null,null,null,"",{"$f":"IF(Y668=\"\",\"\",VLOOKUP(Y668,'Benefit Priority'!$B$25:$C$47,2,FALSE))","v":""},{"$f":"IF(OR(Q668=\"\",Z668=\"\"),\"\",VLOOKUP(VLOOKUP(Q668&\" Cost & \"&Z668&\" Benefit\",'Overall Priority'!$D$21:$E$45,2,FALSE),'Overall Priority'!$B$8:$E$16,4,FALSE))","v":""},{"$f":"IF(OR(Q668=\"\",Z668=\"\"),\"\",VLOOKUP(Q668&\" Cost & \"&Z668&\" Benefit\",'Overall Priority'!$D$21:$E$45,2,FALSE))","v":""}]
[null,null,null,null,null,null,null,null,null,null,null,null,null,null,null,{"$f":"IF(O669=\"\",\"\",IF(O669<'Cost Band & Priority'!$E$12,5,IF(O669<'Cost Band & Priority'!$E$11,4,IF(O669<'Cost Band & Priority'!$E$10,3,IF(O669<'Cost Band & Priority'!$E$9,2,1)))))","v":""},{"$f":"IF(P669=\"\",\"\",VLOOKUP(P669,'Cost Band & Priority'!$B$8:$E$12,2,FALSE))","v":""},null,null,null,null,null,null,null,"",{"$f":"IF(Y669=\"\",\"\",VLOOKUP(Y669,'Benefit Priority'!$B$25:$C$47,2,FALSE))","v":""},{"$f":"IF(OR(Q669=\"\",Z669=\"\"),\"\",VLOOKUP(VLOOKUP(Q669&\" Cost & \"&Z669&\" Benefit\",'Overall Priority'!$D$21:$E$45,2,FALSE),'Overall Priority'!$B$8:$E$16,4,FALSE))","v":""},{"$f":"IF(OR(Q669=\"\",Z669=\"\"),\"\",VLOOKUP(Q669&\" Cost & \"&Z669&\" Benefit\",'Overall Priority'!$D$21:$E$45,2,FALSE))","v":""}]
[null,null,null,null,null,null,null,null,null,null,null,null,null,null,null,{"$f":"IF(O670=\"\",\"\",IF(O670<'Cost Band & Priority'!$E$12,5,IF(O670<'Cost Band & Priority'!$E$11,4,IF(O670<'Cost Band & Priority'!$E$10,3,IF(O670<'Cost Band & Priority'!$E$9,2,1)))))","v":""},{"$f":"IF(P670=\"\",\"\",VLOOKUP(P670,'Cost Band & Priority'!$B$8:$E$12,2,FALSE))","v":""},null,null,null,null,null,null,null,"",{"$f":"IF(Y670=\"\",\"\",VLOOKUP(Y670,'Benefit Priority'!$B$25:$C$47,2,FALSE))","v":""},{"$f":"IF(OR(Q670=\"\",Z670=\"\"),\"\",VLOOKUP(VLOOKUP(Q670&\" Cost & \"&Z670&\" Benefit\",'Overall Priority'!$D$21:$E$45,2,FALSE),'Overall Priority'!$B$8:$E$16,4,FALSE))","v":""},{"$f":"IF(OR(Q670=\"\",Z670=\"\"),\"\",VLOOKUP(Q670&\" Cost & \"&Z670&\" Benefit\",'Overall Priority'!$D$21:$E$45,2,FALSE))","v":""}]
[null,null,null,null,null,null,null,null,null,null,null,null,null,null,null,{"$f":"IF(O671=\"\",\"\",IF(O671<'Cost Band & Priority'!$E$12,5,IF(O671<'Cost Band & Priority'!$E$11,4,IF(O671<'Cost Band & Priority'!$E$10,3,IF(O671<'Cost Band & Priority'!$E$9,2,1)))))","v":""},{"$f":"IF(P671=\"\",\"\",VLOOKUP(P671,'Cost Band & Priority'!$B$8:$E$12,2,FALSE))","v":""},null,null,null,null,null,null,null,"",{"$f":"IF(Y671=\"\",\"\",VLOOKUP(Y671,'Benefit Priority'!$B$25:$C$47,2,FALSE))","v":""},{"$f":"IF(OR(Q671=\"\",Z671=\"\"),\"\",VLOOKUP(VLOOKUP(Q671&\" Cost & \"&Z671&\" Benefit\",'Overall Priority'!$D$21:$E$45,2,FALSE),'Overall Priority'!$B$8:$E$16,4,FALSE))","v":""},{"$f":"IF(OR(Q671=\"\",Z671=\"\"),\"\",VLOOKUP(Q671&\" Cost & \"&Z671&\" Benefit\",'Overall Priority'!$D$21:$E$45,2,FALSE))","v":""}]
[null,null,null,null,null,null,null,null,null,null,null,null,null,null,null,{"$f":"IF(O672=\"\",\"\",IF(O672<'Cost Band & Priority'!$E$12,5,IF(O672<'Cost Band & Priority'!$E$11,4,IF(O672<'Cost Band & Priority'!$E$10,3,IF(O672<'Cost Band & Priority'!$E$9,2,1)))))","v":""},{"$f":"IF(P672=\"\",\"\",VLOOKUP(P672,'Cost Band & Priority'!$B$8:$E$12,2,FALSE))","v":""},null,null,null,null,null,null,null,"",{"$f":"IF(Y672=\"\",\"\",VLOOKUP(Y672,'Benefit Priority'!$B$25:$C$47,2,FALSE))","v":""},{"$f":"IF(OR(Q672=\"\",Z672=\"\"),\"\",VLOOKUP(VLOOKUP(Q672&\" Cost & \"&Z672&\" Benefit\",'Overall Priority'!$D$21:$E$45,2,FALSE),'Overall Priority'!$B$8:$E$16,4,FALSE))","v":""},{"$f":"IF(OR(Q672=\"\",Z672=\"\"),\"\",VLOOKUP(Q672&\" Cost & \"&Z672&\" Benefit\",'Overall Priority'!$D$21:$E$45,2,FALSE))","v":""}]
[null,null,null,null,null,null,null,null,null,null,null,null,null,null,null,{"$f":"IF(O673=\"\",\"\",IF(O673<'Cost Band & Priority'!$E$12,5,IF(O673<'Cost Band & Priority'!$E$11,4,IF(O673<'Cost Band & Priority'!$E$10,3,IF(O673<'Cost Band & Priority'!$E$9,2,1)))))","v":""},{"$f":"IF(P673=\"\",\"\",VLOOKUP(P673,'Cost Band & Priority'!$B$8:$E$12,2,FALSE))","v":""},null,null,null,null,null,null,null,"",{"$f":"IF(Y673=\"\",\"\",VLOOKUP(Y673,'Benefit Priority'!$B$25:$C$47,2,FALSE))","v":""},{"$f":"IF(OR(Q673=\"\",Z673=\"\"),\"\",VLOOKUP(VLOOKUP(Q673&\" Cost & \"&Z673&\" Benefit\",'Overall Priority'!$D$21:$E$45,2,FALSE),'Overall Priority'!$B$8:$E$16,4,FALSE))","v":""},{"$f":"IF(OR(Q673=\"\",Z673=\"\"),\"\",VLOOKUP(Q673&\" Cost & \"&Z673&\" Benefit\",'Overall Priority'!$D$21:$E$45,2,FALSE))","v":""}]
[null,null,null,null,null,null,null,null,null,null,null,null,null,null,null,{"$f":"IF(O674=\"\",\"\",IF(O674<'Cost Band & Priority'!$E$12,5,IF(O674<'Cost Band & Priority'!$E$11,4,IF(O674<'Cost Band & Priority'!$E$10,3,IF(O674<'Cost Band & Priority'!$E$9,2,1)))))","v":""},{"$f":"IF(P674=\"\",\"\",VLOOKUP(P674,'Cost Band & Priority'!$B$8:$E$12,2,FALSE))","v":""},null,null,null,null,null,null,null,"",{"$f":"IF(Y674=\"\",\"\",VLOOKUP(Y674,'Benefit Priority'!$B$25:$C$47,2,FALSE))","v":""},{"$f":"IF(OR(Q674=\"\",Z674=\"\"),\"\",VLOOKUP(VLOOKUP(Q674&\" Cost & \"&Z674&\" Benefit\",'Overall Priority'!$D$21:$E$45,2,FALSE),'Overall Priority'!$B$8:$E$16,4,FALSE))","v":""},{"$f":"IF(OR(Q674=\"\",Z674=\"\"),\"\",VLOOKUP(Q674&\" Cost & \"&Z674&\" Benefit\",'Overall Priority'!$D$21:$E$45,2,FALSE))","v":""}]
[null,null,null,null,null,null,null,null,null,null,null,null,null,null,null,{"$f":"IF(O675=\"\",\"\",IF(O675<'Cost Band & Priority'!$E$12,5,IF(O675<'Cost Band & Priority'!$E$11,4,IF(O675<'Cost Band & Priority'!$E$10,3,IF(O675<'Cost Band & Priority'!$E$9,2,1)))))","v":""},{"$f":"IF(P675=\"\",\"\",VLOOKUP(P675,'Cost Band & Priority'!$B$8:$E$12,2,FALSE))","v":""},null,null,null,null,null,null,null,"",{"$f":"IF(Y675=\"\",\"\",VLOOKUP(Y675,'Benefit Priority'!$B$25:$C$47,2,FALSE))","v":""},{"$f":"IF(OR(Q675=\"\",Z675=\"\"),\"\",VLOOKUP(VLOOKUP(Q675&\" Cost & \"&Z675&\" Benefit\",'Overall Priority'!$D$21:$E$45,2,FALSE),'Overall Priority'!$B$8:$E$16,4,FALSE))","v":""},{"$f":"IF(OR(Q675=\"\",Z675=\"\"),\"\",VLOOKUP(Q675&\" Cost & \"&Z675&\" Benefit\",'Overall Priority'!$D$21:$E$45,2,FALSE))","v":""}]
[null,null,null,null,null,null,null,null,null,null,null,null,null,null,null,{"$f":"IF(O676=\"\",\"\",IF(O676<'Cost Band & Priority'!$E$12,5,IF(O676<'Cost Band & Priority'!$E$11,4,IF(O676<'Cost Band & Priority'!$E$10,3,IF(O676<'Cost Band & Priority'!$E$9,2,1)))))","v":""},{"$f":"IF(P676=\"\",\"\",VLOOKUP(P676,'Cost Band & Priority'!$B$8:$E$12,2,FALSE))","v":""},null,null,null,null,null,null,null,"",{"$f":"IF(Y676=\"\",\"\",VLOOKUP(Y676,'Benefit Priority'!$B$25:$C$47,2,FALSE))","v":""},{"$f":"IF(OR(Q676=\"\",Z676=\"\"),\"\",VLOOKUP(VLOOKUP(Q676&\" Cost & \"&Z676&\" Benefit\",'Overall Priority'!$D$21:$E$45,2,FALSE),'Overall Priority'!$B$8:$E$16,4,FALSE))","v":""},{"$f":"IF(OR(Q676=\"\",Z676=\"\"),\"\",VLOOKUP(Q676&\" Cost & \"&Z676&\" Benefit\",'Overall Priority'!$D$21:$E$45,2,FALSE))","v":""}]
[null,null,null,null,null,null,null,null,null,null,null,null,null,null,null,{"$f":"IF(O677=\"\",\"\",IF(O677<'Cost Band & Priority'!$E$12,5,IF(O677<'Cost Band & Priority'!$E$11,4,IF(O677<'Cost Band & Priority'!$E$10,3,IF(O677<'Cost Band & Priority'!$E$9,2,1)))))","v":""},{"$f":"IF(P677=\"\",\"\",VLOOKUP(P677,'Cost Band & Priority'!$B$8:$E$12,2,FALSE))","v":""},null,null,null,null,null,null,null,"",{"$f":"IF(Y677=\"\",\"\",VLOOKUP(Y677,'Benefit Priority'!$B$25:$C$47,2,FALSE))","v":""},{"$f":"IF(OR(Q677=\"\",Z677=\"\"),\"\",VLOOKUP(VLOOKUP(Q677&\" Cost & \"&Z677&\" Benefit\",'Overall Priority'!$D$21:$E$45,2,FALSE),'Overall Priority'!$B$8:$E$16,4,FALSE))","v":""},{"$f":"IF(OR(Q677=\"\",Z677=\"\"),\"\",VLOOKUP(Q677&\" Cost & \"&Z677&\" Benefit\",'Overall Priority'!$D$21:$E$45,2,FALSE))","v":""}]
[null,null,null,null,null,null,null,null,null,null,null,null,null,null,null,{"$f":"IF(O678=\"\",\"\",IF(O678<'Cost Band & Priority'!$E$12,5,IF(O678<'Cost Band & Priority'!$E$11,4,IF(O678<'Cost Band & Priority'!$E$10,3,IF(O678<'Cost Band & Priority'!$E$9,2,1)))))","v":""},{"$f":"IF(P678=\"\",\"\",VLOOKUP(P678,'Cost Band & Priority'!$B$8:$E$12,2,FALSE))","v":""},null,null,null,null,null,null,null,"",{"$f":"IF(Y678=\"\",\"\",VLOOKUP(Y678,'Benefit Priority'!$B$25:$C$47,2,FALSE))","v":""},{"$f":"IF(OR(Q678=\"\",Z678=\"\"),\"\",VLOOKUP(VLOOKUP(Q678&\" Cost & \"&Z678&\" Benefit\",'Overall Priority'!$D$21:$E$45,2,FALSE),'Overall Priority'!$B$8:$E$16,4,FALSE))","v":""},{"$f":"IF(OR(Q678=\"\",Z678=\"\"),\"\",VLOOKUP(Q678&\" Cost & \"&Z678&\" Benefit\",'Overall Priority'!$D$21:$E$45,2,FALSE))","v":""}]
[null,null,null,null,null,null,null,null,null,null,null,null,null,null,null,{"$f":"IF(O679=\"\",\"\",IF(O679<'Cost Band & Priority'!$E$12,5,IF(O679<'Cost Band & Priority'!$E$11,4,IF(O679<'Cost Band & Priority'!$E$10,3,IF(O679<'Cost Band & Priority'!$E$9,2,1)))))","v":""},{"$f":"IF(P679=\"\",\"\",VLOOKUP(P679,'Cost Band & Priority'!$B$8:$E$12,2,FALSE))","v":""},null,null,null,null,null,null,null,"",{"$f":"IF(Y679=\"\",\"\",VLOOKUP(Y679,'Benefit Priority'!$B$25:$C$47,2,FALSE))","v":""},{"$f":"IF(OR(Q679=\"\",Z679=\"\"),\"\",VLOOKUP(VLOOKUP(Q679&\" Cost & \"&Z679&\" Benefit\",'Overall Priority'!$D$21:$E$45,2,FALSE),'Overall Priority'!$B$8:$E$16,4,FALSE))","v":""},{"$f":"IF(OR(Q679=\"\",Z679=\"\"),\"\",VLOOKUP(Q679&\" Cost & \"&Z679&\" Benefit\",'Overall Priority'!$D$21:$E$45,2,FALSE))","v":""}]
[null,null,null,null,null,null,null,null,null,null,null,null,null,null,null,{"$f":"IF(O680=\"\",\"\",IF(O680<'Cost Band & Priority'!$E$12,5,IF(O680<'Cost Band & Priority'!$E$11,4,IF(O680<'Cost Band & Priority'!$E$10,3,IF(O680<'Cost Band & Priority'!$E$9,2,1)))))","v":""},{"$f":"IF(P680=\"\",\"\",VLOOKUP(P680,'Cost Band & Priority'!$B$8:$E$12,2,FALSE))","v":""},null,null,null,null,null,null,null,"",{"$f":"IF(Y680=\"\",\"\",VLOOKUP(Y680,'Benefit Priority'!$B$25:$C$47,2,FALSE))","v":""},{"$f":"IF(OR(Q680=\"\",Z680=\"\"),\"\",VLOOKUP(VLOOKUP(Q680&\" Cost & \"&Z680&\" Benefit\",'Overall Priority'!$D$21:$E$45,2,FALSE),'Overall Priority'!$B$8:$E$16,4,FALSE))","v":""},{"$f":"IF(OR(Q680=\"\",Z680=\"\"),\"\",VLOOKUP(Q680&\" Cost & \"&Z680&\" Benefit\",'Overall Priority'!$D$21:$E$45,2,FALSE))","v":""}]
[null,null,null,null,null,null,null,null,null,null,null,null,null,null,null,{"$f":"IF(O681=\"\",\"\",IF(O681<'Cost Band & Priority'!$E$12,5,IF(O681<'Cost Band & Priority'!$E$11,4,IF(O681<'Cost Band & Priority'!$E$10,3,IF(O681<'Cost Band & Priority'!$E$9,2,1)))))","v":""},{"$f":"IF(P681=\"\",\"\",VLOOKUP(P681,'Cost Band & Priority'!$B$8:$E$12,2,FALSE))","v":""},null,null,null,null,null,null,null,"",{"$f":"IF(Y681=\"\",\"\",VLOOKUP(Y681,'Benefit Priority'!$B$25:$C$47,2,FALSE))","v":""},{"$f":"IF(OR(Q681=\"\",Z681=\"\"),\"\",VLOOKUP(VLOOKUP(Q681&\" Cost & \"&Z681&\" Benefit\",'Overall Priority'!$D$21:$E$45,2,FALSE),'Overall Priority'!$B$8:$E$16,4,FALSE))","v":""},{"$f":"IF(OR(Q681=\"\",Z681=\"\"),\"\",VLOOKUP(Q681&\" Cost & \"&Z681&\" Benefit\",'Overall Priority'!$D$21:$E$45,2,FALSE))","v":""}]
[null,null,null,null,null,null,null,null,null,null,null,null,null,null,null,{"$f":"IF(O682=\"\",\"\",IF(O682<'Cost Band & Priority'!$E$12,5,IF(O682<'Cost Band & Priority'!$E$11,4,IF(O682<'Cost Band & Priority'!$E$10,3,IF(O682<'Cost Band & Priority'!$E$9,2,1)))))","v":""},{"$f":"IF(P682=\"\",\"\",VLOOKUP(P682,'Cost Band & Priority'!$B$8:$E$12,2,FALSE))","v":""},null,null,null,null,null,null,null,"",{"$f":"IF(Y682=\"\",\"\",VLOOKUP(Y682,'Benefit Priority'!$B$25:$C$47,2,FALSE))","v":""},{"$f":"IF(OR(Q682=\"\",Z682=\"\"),\"\",VLOOKUP(VLOOKUP(Q682&\" Cost & \"&Z682&\" Benefit\",'Overall Priority'!$D$21:$E$45,2,FALSE),'Overall Priority'!$B$8:$E$16,4,FALSE))","v":""},{"$f":"IF(OR(Q682=\"\",Z682=\"\"),\"\",VLOOKUP(Q682&\" Cost & \"&Z682&\" Benefit\",'Overall Priority'!$D$21:$E$45,2,FALSE))","v":""}]
[null,null,null,null,null,null,null,null,null,null,null,null,null,null,null,{"$f":"IF(O683=\"\",\"\",IF(O683<'Cost Band & Priority'!$E$12,5,IF(O683<'Cost Band & Priority'!$E$11,4,IF(O683<'Cost Band & Priority'!$E$10,3,IF(O683<'Cost Band & Priority'!$E$9,2,1)))))","v":""},{"$f":"IF(P683=\"\",\"\",VLOOKUP(P683,'Cost Band & Priority'!$B$8:$E$12,2,FALSE))","v":""},null,null,null,null,null,null,null,"",{"$f":"IF(Y683=\"\",\"\",VLOOKUP(Y683,'Benefit Priority'!$B$25:$C$47,2,FALSE))","v":""},{"$f":"IF(OR(Q683=\"\",Z683=\"\"),\"\",VLOOKUP(VLOOKUP(Q683&\" Cost & \"&Z683&\" Benefit\",'Overall Priority'!$D$21:$E$45,2,FALSE),'Overall Priority'!$B$8:$E$16,4,FALSE))","v":""},{"$f":"IF(OR(Q683=\"\",Z683=\"\"),\"\",VLOOKUP(Q683&\" Cost & \"&Z683&\" Benefit\",'Overall Priority'!$D$21:$E$45,2,FALSE))","v":""}]
[null,null,null,null,null,null,null,null,null,null,null,null,null,null,null,{"$f":"IF(O684=\"\",\"\",IF(O684<'Cost Band & Priority'!$E$12,5,IF(O684<'Cost Band & Priority'!$E$11,4,IF(O684<'Cost Band & Priority'!$E$10,3,IF(O684<'Cost Band & Priority'!$E$9,2,1)))))","v":""},{"$f":"IF(P684=\"\",\"\",VLOOKUP(P684,'Cost Band & Priority'!$B$8:$E$12,2,FALSE))","v":""},null,null,null,null,null,null,null,"",{"$f":"IF(Y684=\"\",\"\",VLOOKUP(Y684,'Benefit Priority'!$B$25:$C$47,2,FALSE))","v":""},{"$f":"IF(OR(Q684=\"\",Z684=\"\"),\"\",VLOOKUP(VLOOKUP(Q684&\" Cost & \"&Z684&\" Benefit\",'Overall Priority'!$D$21:$E$45,2,FALSE),'Overall Priority'!$B$8:$E$16,4,FALSE))","v":""},{"$f":"IF(OR(Q684=\"\",Z684=\"\"),\"\",VLOOKUP(Q684&\" Cost & \"&Z684&\" Benefit\",'Overall Priority'!$D$21:$E$45,2,FALSE))","v":""}]
[null,null,null,null,null,null,null,null,null,null,null,null,null,null,null,{"$f":"IF(O685=\"\",\"\",IF(O685<'Cost Band & Priority'!$E$12,5,IF(O685<'Cost Band & Priority'!$E$11,4,IF(O685<'Cost Band & Priority'!$E$10,3,IF(O685<'Cost Band & Priority'!$E$9,2,1)))))","v":""},{"$f":"IF(P685=\"\",\"\",VLOOKUP(P685,'Cost Band & Priority'!$B$8:$E$12,2,FALSE))","v":""},null,null,null,null,null,null,null,"",{"$f":"IF(Y685=\"\",\"\",VLOOKUP(Y685,'Benefit Priority'!$B$25:$C$47,2,FALSE))","v":""},{"$f":"IF(OR(Q685=\"\",Z685=\"\"),\"\",VLOOKUP(VLOOKUP(Q685&\" Cost & \"&Z685&\" Benefit\",'Overall Priority'!$D$21:$E$45,2,FALSE),'Overall Priority'!$B$8:$E$16,4,FALSE))","v":""},{"$f":"IF(OR(Q685=\"\",Z685=\"\"),\"\",VLOOKUP(Q685&\" Cost & \"&Z685&\" Benefit\",'Overall Priority'!$D$21:$E$45,2,FALSE))","v":""}]
[null,null,null,null,null,null,null,null,null,null,null,null,null,null,null,{"$f":"IF(O686=\"\",\"\",IF(O686<'Cost Band & Priority'!$E$12,5,IF(O686<'Cost Band & Priority'!$E$11,4,IF(O686<'Cost Band & Priority'!$E$10,3,IF(O686<'Cost Band & Priority'!$E$9,2,1)))))","v":""},{"$f":"IF(P686=\"\",\"\",VLOOKUP(P686,'Cost Band & Priority'!$B$8:$E$12,2,FALSE))","v":""},null,null,null,null,null,null,null,"",{"$f":"IF(Y686=\"\",\"\",VLOOKUP(Y686,'Benefit Priority'!$B$25:$C$47,2,FALSE))","v":""},{"$f":"IF(OR(Q686=\"\",Z686=\"\"),\"\",VLOOKUP(VLOOKUP(Q686&\" Cost & \"&Z686&\" Benefit\",'Overall Priority'!$D$21:$E$45,2,FALSE),'Overall Priority'!$B$8:$E$16,4,FALSE))","v":""},{"$f":"IF(OR(Q686=\"\",Z686=\"\"),\"\",VLOOKUP(Q686&\" Cost & \"&Z686&\" Benefit\",'Overall Priority'!$D$21:$E$45,2,FALSE))","v":""}]
[null,null,null,null,null,null,null,null,null,null,null,null,null,null,null,{"$f":"IF(O687=\"\",\"\",IF(O687<'Cost Band & Priority'!$E$12,5,IF(O687<'Cost Band & Priority'!$E$11,4,IF(O687<'Cost Band & Priority'!$E$10,3,IF(O687<'Cost Band & Priority'!$E$9,2,1)))))","v":""},{"$f":"IF(P687=\"\",\"\",VLOOKUP(P687,'Cost Band & Priority'!$B$8:$E$12,2,FALSE))","v":""},null,null,null,null,null,null,null,"",{"$f":"IF(Y687=\"\",\"\",VLOOKUP(Y687,'Benefit Priority'!$B$25:$C$47,2,FALSE))","v":""},{"$f":"IF(OR(Q687=\"\",Z687=\"\"),\"\",VLOOKUP(VLOOKUP(Q687&\" Cost & \"&Z687&\" Benefit\",'Overall Priority'!$D$21:$E$45,2,FALSE),'Overall Priority'!$B$8:$E$16,4,FALSE))","v":""},{"$f":"IF(OR(Q687=\"\",Z687=\"\"),\"\",VLOOKUP(Q687&\" Cost & \"&Z687&\" Benefit\",'Overall Priority'!$D$21:$E$45,2,FALSE))","v":""}]
[null,null,null,null,null,null,null,null,null,null,null,null,null,null,null,{"$f":"IF(O688=\"\",\"\",IF(O688<'Cost Band & Priority'!$E$12,5,IF(O688<'Cost Band & Priority'!$E$11,4,IF(O688<'Cost Band & Priority'!$E$10,3,IF(O688<'Cost Band & Priority'!$E$9,2,1)))))","v":""},{"$f":"IF(P688=\"\",\"\",VLOOKUP(P688,'Cost Band & Priority'!$B$8:$E$12,2,FALSE))","v":""},null,null,null,null,null,null,null,"",{"$f":"IF(Y688=\"\",\"\",VLOOKUP(Y688,'Benefit Priority'!$B$25:$C$47,2,FALSE))","v":""},{"$f":"IF(OR(Q688=\"\",Z688=\"\"),\"\",VLOOKUP(VLOOKUP(Q688&\" Cost & \"&Z688&\" Benefit\",'Overall Priority'!$D$21:$E$45,2,FALSE),'Overall Priority'!$B$8:$E$16,4,FALSE))","v":""},{"$f":"IF(OR(Q688=\"\",Z688=\"\"),\"\",VLOOKUP(Q688&\" Cost & \"&Z688&\" Benefit\",'Overall Priority'!$D$21:$E$45,2,FALSE))","v":""}]
[null,null,null,null,null,null,null,null,null,null,null,null,null,null,null,{"$f":"IF(O689=\"\",\"\",IF(O689<'Cost Band & Priority'!$E$12,5,IF(O689<'Cost Band & Priority'!$E$11,4,IF(O689<'Cost Band & Priority'!$E$10,3,IF(O689<'Cost Band & Priority'!$E$9,2,1)))))","v":""},{"$f":"IF(P689=\"\",\"\",VLOOKUP(P689,'Cost Band & Priority'!$B$8:$E$12,2,FALSE))","v":""},null,null,null,null,null,null,null,"",{"$f":"IF(Y689=\"\",\"\",VLOOKUP(Y689,'Benefit Priority'!$B$25:$C$47,2,FALSE))","v":""},{"$f":"IF(OR(Q689=\"\",Z689=\"\"),\"\",VLOOKUP(VLOOKUP(Q689&\" Cost & \"&Z689&\" Benefit\",'Overall Priority'!$D$21:$E$45,2,FALSE),'Overall Priority'!$B$8:$E$16,4,FALSE))","v":""},{"$f":"IF(OR(Q689=\"\",Z689=\"\"),\"\",VLOOKUP(Q689&\" Cost & \"&Z689&\" Benefit\",'Overall Priority'!$D$21:$E$45,2,FALSE))","v":""}]
[null,null,null,null,null,null,null,null,null,null,null,null,null,null,null,{"$f":"IF(O690=\"\",\"\",IF(O690<'Cost Band & Priority'!$E$12,5,IF(O690<'Cost Band & Priority'!$E$11,4,IF(O690<'Cost Band & Priority'!$E$10,3,IF(O690<'Cost Band & Priority'!$E$9,2,1)))))","v":""},{"$f":"IF(P690=\"\",\"\",VLOOKUP(P690,'Cost Band & Priority'!$B$8:$E$12,2,FALSE))","v":""},null,null,null,null,null,null,null,"",{"$f":"IF(Y690=\"\",\"\",VLOOKUP(Y690,'Benefit Priority'!$B$25:$C$47,2,FALSE))","v":""},{"$f":"IF(OR(Q690=\"\",Z690=\"\"),\"\",VLOOKUP(VLOOKUP(Q690&\" Cost & \"&Z690&\" Benefit\",'Overall Priority'!$D$21:$E$45,2,FALSE),'Overall Priority'!$B$8:$E$16,4,FALSE))","v":""},{"$f":"IF(OR(Q690=\"\",Z690=\"\"),\"\",VLOOKUP(Q690&\" Cost & \"&Z690&\" Benefit\",'Overall Priority'!$D$21:$E$45,2,FALSE))","v":""}]
[null,null,null,null,null,null,null,null,null,null,null,null,null,null,null,{"$f":"IF(O691=\"\",\"\",IF(O691<'Cost Band & Priority'!$E$12,5,IF(O691<'Cost Band & Priority'!$E$11,4,IF(O691<'Cost Band & Priority'!$E$10,3,IF(O691<'Cost Band & Priority'!$E$9,2,1)))))","v":""},{"$f":"IF(P691=\"\",\"\",VLOOKUP(P691,'Cost Band & Priority'!$B$8:$E$12,2,FALSE))","v":""},null,null,null,null,null,null,null,"",{"$f":"IF(Y691=\"\",\"\",VLOOKUP(Y691,'Benefit Priority'!$B$25:$C$47,2,FALSE))","v":""},{"$f":"IF(OR(Q691=\"\",Z691=\"\"),\"\",VLOOKUP(VLOOKUP(Q691&\" Cost & \"&Z691&\" Benefit\",'Overall Priority'!$D$21:$E$45,2,FALSE),'Overall Priority'!$B$8:$E$16,4,FALSE))","v":""},{"$f":"IF(OR(Q691=\"\",Z691=\"\"),\"\",VLOOKUP(Q691&\" Cost & \"&Z691&\" Benefit\",'Overall Priority'!$D$21:$E$45,2,FALSE))","v":""}]
[null,null,null,null,null,null,null,null,null,null,null,null,null,null,null,{"$f":"IF(O692=\"\",\"\",IF(O692<'Cost Band & Priority'!$E$12,5,IF(O692<'Cost Band & Priority'!$E$11,4,IF(O692<'Cost Band & Priority'!$E$10,3,IF(O692<'Cost Band & Priority'!$E$9,2,1)))))","v":""},{"$f":"IF(P692=\"\",\"\",VLOOKUP(P692,'Cost Band & Priority'!$B$8:$E$12,2,FALSE))","v":""},null,null,null,null,null,null,null,"",{"$f":"IF(Y692=\"\",\"\",VLOOKUP(Y692,'Benefit Priority'!$B$25:$C$47,2,FALSE))","v":""},{"$f":"IF(OR(Q692=\"\",Z692=\"\"),\"\",VLOOKUP(VLOOKUP(Q692&\" Cost & \"&Z692&\" Benefit\",'Overall Priority'!$D$21:$E$45,2,FALSE),'Overall Priority'!$B$8:$E$16,4,FALSE))","v":""},{"$f":"IF(OR(Q692=\"\",Z692=\"\"),\"\",VLOOKUP(Q692&\" Cost & \"&Z692&\" Benefit\",'Overall Priority'!$D$21:$E$45,2,FALSE))","v":""}]
[null,null,null,null,null,null,null,null,null,null,null,null,null,null,null,{"$f":"IF(O693=\"\",\"\",IF(O693<'Cost Band & Priority'!$E$12,5,IF(O693<'Cost Band & Priority'!$E$11,4,IF(O693<'Cost Band & Priority'!$E$10,3,IF(O693<'Cost Band & Priority'!$E$9,2,1)))))","v":""},{"$f":"IF(P693=\"\",\"\",VLOOKUP(P693,'Cost Band & Priority'!$B$8:$E$12,2,FALSE))","v":""},null,null,null,null,null,null,null,"",{"$f":"IF(Y693=\"\",\"\",VLOOKUP(Y693,'Benefit Priority'!$B$25:$C$47,2,FALSE))","v":""},{"$f":"IF(OR(Q693=\"\",Z693=\"\"),\"\",VLOOKUP(VLOOKUP(Q693&\" Cost & \"&Z693&\" Benefit\",'Overall Priority'!$D$21:$E$45,2,FALSE),'Overall Priority'!$B$8:$E$16,4,FALSE))","v":""},{"$f":"IF(OR(Q693=\"\",Z693=\"\"),\"\",VLOOKUP(Q693&\" Cost & \"&Z693&\" Benefit\",'Overall Priority'!$D$21:$E$45,2,FALSE))","v":""}]
[null,null,null,null,null,null,null,null,null,null,null,null,null,null,null,{"$f":"IF(O694=\"\",\"\",IF(O694<'Cost Band & Priority'!$E$12,5,IF(O694<'Cost Band & Priority'!$E$11,4,IF(O694<'Cost Band & Priority'!$E$10,3,IF(O694<'Cost Band & Priority'!$E$9,2,1)))))","v":""},{"$f":"IF(P694=\"\",\"\",VLOOKUP(P694,'Cost Band & Priority'!$B$8:$E$12,2,FALSE))","v":""},null,null,null,null,null,null,null,"",{"$f":"IF(Y694=\"\",\"\",VLOOKUP(Y694,'Benefit Priority'!$B$25:$C$47,2,FALSE))","v":""},{"$f":"IF(OR(Q694=\"\",Z694=\"\"),\"\",VLOOKUP(VLOOKUP(Q694&\" Cost & \"&Z694&\" Benefit\",'Overall Priority'!$D$21:$E$45,2,FALSE),'Overall Priority'!$B$8:$E$16,4,FALSE))","v":""},{"$f":"IF(OR(Q694=\"\",Z694=\"\"),\"\",VLOOKUP(Q694&\" Cost & \"&Z694&\" Benefit\",'Overall Priority'!$D$21:$E$45,2,FALSE))","v":""}]
[null,null,null,null,null,null,null,null,null,null,null,null,null,null,null,{"$f":"IF(O695=\"\",\"\",IF(O695<'Cost Band & Priority'!$E$12,5,IF(O695<'Cost Band & Priority'!$E$11,4,IF(O695<'Cost Band & Priority'!$E$10,3,IF(O695<'Cost Band & Priority'!$E$9,2,1)))))","v":""},{"$f":"IF(P695=\"\",\"\",VLOOKUP(P695,'Cost Band & Priority'!$B$8:$E$12,2,FALSE))","v":""},null,null,null,null,null,null,null,"",{"$f":"IF(Y695=\"\",\"\",VLOOKUP(Y695,'Benefit Priority'!$B$25:$C$47,2,FALSE))","v":""},{"$f":"IF(OR(Q695=\"\",Z695=\"\"),\"\",VLOOKUP(VLOOKUP(Q695&\" Cost & \"&Z695&\" Benefit\",'Overall Priority'!$D$21:$E$45,2,FALSE),'Overall Priority'!$B$8:$E$16,4,FALSE))","v":""},{"$f":"IF(OR(Q695=\"\",Z695=\"\"),\"\",VLOOKUP(Q695&\" Cost & \"&Z695&\" Benefit\",'Overall Priority'!$D$21:$E$45,2,FALSE))","v":""}]
[null,null,null,null,null,null,null,null,null,null,null,null,null,null,null,{"$f":"IF(O696=\"\",\"\",IF(O696<'Cost Band & Priority'!$E$12,5,IF(O696<'Cost Band & Priority'!$E$11,4,IF(O696<'Cost Band & Priority'!$E$10,3,IF(O696<'Cost Band & Priority'!$E$9,2,1)))))","v":""},{"$f":"IF(P696=\"\",\"\",VLOOKUP(P696,'Cost Band & Priority'!$B$8:$E$12,2,FALSE))","v":""},null,null,null,null,null,null,null,"",{"$f":"IF(Y696=\"\",\"\",VLOOKUP(Y696,'Benefit Priority'!$B$25:$C$47,2,FALSE))","v":""},{"$f":"IF(OR(Q696=\"\",Z696=\"\"),\"\",VLOOKUP(VLOOKUP(Q696&\" Cost & \"&Z696&\" Benefit\",'Overall Priority'!$D$21:$E$45,2,FALSE),'Overall Priority'!$B$8:$E$16,4,FALSE))","v":""},{"$f":"IF(OR(Q696=\"\",Z696=\"\"),\"\",VLOOKUP(Q696&\" Cost & \"&Z696&\" Benefit\",'Overall Priority'!$D$21:$E$45,2,FALSE))","v":""}]
[null,null,null,null,null,null,null,null,null,null,null,null,null,null,null,{"$f":"IF(O697=\"\",\"\",IF(O697<'Cost Band & Priority'!$E$12,5,IF(O697<'Cost Band & Priority'!$E$11,4,IF(O697<'Cost Band & Priority'!$E$10,3,IF(O697<'Cost Band & Priority'!$E$9,2,1)))))","v":""},{"$f":"IF(P697=\"\",\"\",VLOOKUP(P697,'Cost Band & Priority'!$B$8:$E$12,2,FALSE))","v":""},null,null,null,null,null,null,null,"",{"$f":"IF(Y697=\"\",\"\",VLOOKUP(Y697,'Benefit Priority'!$B$25:$C$47,2,FALSE))","v":""},{"$f":"IF(OR(Q697=\"\",Z697=\"\"),\"\",VLOOKUP(VLOOKUP(Q697&\" Cost & \"&Z697&\" Benefit\",'Overall Priority'!$D$21:$E$45,2,FALSE),'Overall Priority'!$B$8:$E$16,4,FALSE))","v":""},{"$f":"IF(OR(Q697=\"\",Z697=\"\"),\"\",VLOOKUP(Q697&\" Cost & \"&Z697&\" Benefit\",'Overall Priority'!$D$21:$E$45,2,FALSE))","v":""}]
[null,null,null,null,null,null,null,null,null,null,null,null,null,null,null,{"$f":"IF(O698=\"\",\"\",IF(O698<'Cost Band & Priority'!$E$12,5,IF(O698<'Cost Band & Priority'!$E$11,4,IF(O698<'Cost Band & Priority'!$E$10,3,IF(O698<'Cost Band & Priority'!$E$9,2,1)))))","v":""},{"$f":"IF(P698=\"\",\"\",VLOOKUP(P698,'Cost Band & Priority'!$B$8:$E$12,2,FALSE))","v":""},null,null,null,null,null,null,null,"",{"$f":"IF(Y698=\"\",\"\",VLOOKUP(Y698,'Benefit Priority'!$B$25:$C$47,2,FALSE))","v":""},{"$f":"IF(OR(Q698=\"\",Z698=\"\"),\"\",VLOOKUP(VLOOKUP(Q698&\" Cost & \"&Z698&\" Benefit\",'Overall Priority'!$D$21:$E$45,2,FALSE),'Overall Priority'!$B$8:$E$16,4,FALSE))","v":""},{"$f":"IF(OR(Q698=\"\",Z698=\"\"),\"\",VLOOKUP(Q698&\" Cost & \"&Z698&\" Benefit\",'Overall Priority'!$D$21:$E$45,2,FALSE))","v":""}]
[null,null,null,null,null,null,null,null,null,null,null,null,null,null,null,{"$f":"IF(O699=\"\",\"\",IF(O699<'Cost Band & Priority'!$E$12,5,IF(O699<'Cost Band & Priority'!$E$11,4,IF(O699<'Cost Band & Priority'!$E$10,3,IF(O699<'Cost Band & Priority'!$E$9,2,1)))))","v":""},{"$f":"IF(P699=\"\",\"\",VLOOKUP(P699,'Cost Band & Priority'!$B$8:$E$12,2,FALSE))","v":""},null,null,null,null,null,null,null,"",{"$f":"IF(Y699=\"\",\"\",VLOOKUP(Y699,'Benefit Priority'!$B$25:$C$47,2,FALSE))","v":""},{"$f":"IF(OR(Q699=\"\",Z699=\"\"),\"\",VLOOKUP(VLOOKUP(Q699&\" Cost & \"&Z699&\" Benefit\",'Overall Priority'!$D$21:$E$45,2,FALSE),'Overall Priority'!$B$8:$E$16,4,FALSE))","v":""},{"$f":"IF(OR(Q699=\"\",Z699=\"\"),\"\",VLOOKUP(Q699&\" Cost & \"&Z699&\" Benefit\",'Overall Priority'!$D$21:$E$45,2,FALSE))","v":""}]
[null,null,null,null,null,null,null,null,null,null,null,null,null,null,null,{"$f":"IF(O700=\"\",\"\",IF(O700<'Cost Band & Priority'!$E$12,5,IF(O700<'Cost Band & Priority'!$E$11,4,IF(O700<'Cost Band & Priority'!$E$10,3,IF(O700<'Cost Band & Priority'!$E$9,2,1)))))","v":""},{"$f":"IF(P700=\"\",\"\",VLOOKUP(P700,'Cost Band & Priority'!$B$8:$E$12,2,FALSE))","v":""},null,null,null,null,null,null,null,"",{"$f":"IF(Y700=\"\",\"\",VLOOKUP(Y700,'Benefit Priority'!$B$25:$C$47,2,FALSE))","v":""},{"$f":"IF(OR(Q700=\"\",Z700=\"\"),\"\",VLOOKUP(VLOOKUP(Q700&\" Cost & \"&Z700&\" Benefit\",'Overall Priority'!$D$21:$E$45,2,FALSE),'Overall Priority'!$B$8:$E$16,4,FALSE))","v":""},{"$f":"IF(OR(Q700=\"\",Z700=\"\"),\"\",VLOOKUP(Q700&\" Cost & \"&Z700&\" Benefit\",'Overall Priority'!$D$21:$E$45,2,FALSE))","v":""}]
[null,null,null,null,null,null,null,null,null,null,null,null,null,null,null,{"$f":"IF(O701=\"\",\"\",IF(O701<'Cost Band & Priority'!$E$12,5,IF(O701<'Cost Band & Priority'!$E$11,4,IF(O701<'Cost Band & Priority'!$E$10,3,IF(O701<'Cost Band & Priority'!$E$9,2,1)))))","v":""},{"$f":"IF(P701=\"\",\"\",VLOOKUP(P701,'Cost Band & Priority'!$B$8:$E$12,2,FALSE))","v":""},null,null,null,null,null,null,null,"",{"$f":"IF(Y701=\"\",\"\",VLOOKUP(Y701,'Benefit Priority'!$B$25:$C$47,2,FALSE))","v":""},{"$f":"IF(OR(Q701=\"\",Z701=\"\"),\"\",VLOOKUP(VLOOKUP(Q701&\" Cost & \"&Z701&\" Benefit\",'Overall Priority'!$D$21:$E$45,2,FALSE),'Overall Priority'!$B$8:$E$16,4,FALSE))","v":""},{"$f":"IF(OR(Q701=\"\",Z701=\"\"),\"\",VLOOKUP(Q701&\" Cost & \"&Z701&\" Benefit\",'Overall Priority'!$D$21:$E$45,2,FALSE))","v":""}]
[null,null,null,null,null,null,null,null,null,null,null,null,null,null,null,{"$f":"IF(O702=\"\",\"\",IF(O702<'Cost Band & Priority'!$E$12,5,IF(O702<'Cost Band & Priority'!$E$11,4,IF(O702<'Cost Band & Priority'!$E$10,3,IF(O702<'Cost Band & Priority'!$E$9,2,1)))))","v":""},{"$f":"IF(P702=\"\",\"\",VLOOKUP(P702,'Cost Band & Priority'!$B$8:$E$12,2,FALSE))","v":""},null,null,null,null,null,null,null,"",{"$f":"IF(Y702=\"\",\"\",VLOOKUP(Y702,'Benefit Priority'!$B$25:$C$47,2,FALSE))","v":""},{"$f":"IF(OR(Q702=\"\",Z702=\"\"),\"\",VLOOKUP(VLOOKUP(Q702&\" Cost & \"&Z702&\" Benefit\",'Overall Priority'!$D$21:$E$45,2,FALSE),'Overall Priority'!$B$8:$E$16,4,FALSE))","v":""},{"$f":"IF(OR(Q702=\"\",Z702=\"\"),\"\",VLOOKUP(Q702&\" Cost & \"&Z702&\" Benefit\",'Overall Priority'!$D$21:$E$45,2,FALSE))","v":""}]
[null,null,null,null,null,null,null,null,null,null,null,null,null,null,null,{"$f":"IF(O703=\"\",\"\",IF(O703<'Cost Band & Priority'!$E$12,5,IF(O703<'Cost Band & Priority'!$E$11,4,IF(O703<'Cost Band & Priority'!$E$10,3,IF(O703<'Cost Band & Priority'!$E$9,2,1)))))","v":""},{"$f":"IF(P703=\"\",\"\",VLOOKUP(P703,'Cost Band & Priority'!$B$8:$E$12,2,FALSE))","v":""},null,null,null,null,null,null,null,"",{"$f":"IF(Y703=\"\",\"\",VLOOKUP(Y703,'Benefit Priority'!$B$25:$C$47,2,FALSE))","v":""},{"$f":"IF(OR(Q703=\"\",Z703=\"\"),\"\",VLOOKUP(VLOOKUP(Q703&\" Cost & \"&Z703&\" Benefit\",'Overall Priority'!$D$21:$E$45,2,FALSE),'Overall Priority'!$B$8:$E$16,4,FALSE))","v":""},{"$f":"IF(OR(Q703=\"\",Z703=\"\"),\"\",VLOOKUP(Q703&\" Cost & \"&Z703&\" Benefit\",'Overall Priority'!$D$21:$E$45,2,FALSE))","v":""}]
[null,null,null,null,null,null,null,null,null,null,null,null,null,null,null,{"$f":"IF(O704=\"\",\"\",IF(O704<'Cost Band & Priority'!$E$12,5,IF(O704<'Cost Band & Priority'!$E$11,4,IF(O704<'Cost Band & Priority'!$E$10,3,IF(O704<'Cost Band & Priority'!$E$9,2,1)))))","v":""},{"$f":"IF(P704=\"\",\"\",VLOOKUP(P704,'Cost Band & Priority'!$B$8:$E$12,2,FALSE))","v":""},null,null,null,null,null,null,null,"",{"$f":"IF(Y704=\"\",\"\",VLOOKUP(Y704,'Benefit Priority'!$B$25:$C$47,2,FALSE))","v":""},{"$f":"IF(OR(Q704=\"\",Z704=\"\"),\"\",VLOOKUP(VLOOKUP(Q704&\" Cost & \"&Z704&\" Benefit\",'Overall Priority'!$D$21:$E$45,2,FALSE),'Overall Priority'!$B$8:$E$16,4,FALSE))","v":""},{"$f":"IF(OR(Q704=\"\",Z704=\"\"),\"\",VLOOKUP(Q704&\" Cost & \"&Z704&\" Benefit\",'Overall Priority'!$D$21:$E$45,2,FALSE))","v":""}]
[null,null,null,null,null,null,null,null,null,null,null,null,null,null,null,{"$f":"IF(O705=\"\",\"\",IF(O705<'Cost Band & Priority'!$E$12,5,IF(O705<'Cost Band & Priority'!$E$11,4,IF(O705<'Cost Band & Priority'!$E$10,3,IF(O705<'Cost Band & Priority'!$E$9,2,1)))))","v":""},{"$f":"IF(P705=\"\",\"\",VLOOKUP(P705,'Cost Band & Priority'!$B$8:$E$12,2,FALSE))","v":""},null,null,null,null,null,null,null,"",{"$f":"IF(Y705=\"\",\"\",VLOOKUP(Y705,'Benefit Priority'!$B$25:$C$47,2,FALSE))","v":""},{"$f":"IF(OR(Q705=\"\",Z705=\"\"),\"\",VLOOKUP(VLOOKUP(Q705&\" Cost & \"&Z705&\" Benefit\",'Overall Priority'!$D$21:$E$45,2,FALSE),'Overall Priority'!$B$8:$E$16,4,FALSE))","v":""},{"$f":"IF(OR(Q705=\"\",Z705=\"\"),\"\",VLOOKUP(Q705&\" Cost & \"&Z705&\" Benefit\",'Overall Priority'!$D$21:$E$45,2,FALSE))","v":""}]
[null,null,null,null,null,null,null,null,null,null,null,null,null,null,null,{"$f":"IF(O706=\"\",\"\",IF(O706<'Cost Band & Priority'!$E$12,5,IF(O706<'Cost Band & Priority'!$E$11,4,IF(O706<'Cost Band & Priority'!$E$10,3,IF(O706<'Cost Band & Priority'!$E$9,2,1)))))","v":""},{"$f":"IF(P706=\"\",\"\",VLOOKUP(P706,'Cost Band & Priority'!$B$8:$E$12,2,FALSE))","v":""},null,null,null,null,null,null,null,{"$f":"IF(AND(R706>0,S706>0,T706>0,U706>0,V706>0,W706>0,X706>0),SUM(R706:X706),\"\")","v":""},{"$f":"IF(Y706=\"\",\"\",VLOOKUP(Y706,'Benefit Priority'!$B$25:$C$47,2,FALSE))","v":""},{"$f":"IF(OR(Q706=\"\",Z706=\"\"),\"\",VLOOKUP(VLOOKUP(Q706&\" Cost & \"&Z706&\" Benefit\",'Overall Priority'!$D$21:$E$45,2,FALSE),'Overall Priority'!$B$8:$E$16,4,FALSE))","v":""},{"$f":"IF(OR(Q706=\"\",Z706=\"\"),\"\",VLOOKUP(Q706&\" Cost & \"&Z706&\" Benefit\",'Overall Priority'!$D$21:$E$45,2,FALSE))","v":""}]
[null,null,null,null,null,null,null,null,null,null,null,null,null,null,null,{"$f":"IF(O707=\"\",\"\",IF(O707<'Cost Band & Priority'!$E$12,5,IF(O707<'Cost Band & Priority'!$E$11,4,IF(O707<'Cost Band & Priority'!$E$10,3,IF(O707<'Cost Band & Priority'!$E$9,2,1)))))","v":""},{"$f":"IF(P707=\"\",\"\",VLOOKUP(P707,'Cost Band & Priority'!$B$8:$E$12,2,FALSE))","v":""},null,null,null,null,null,null,null,"",{"$f":"IF(Y707=\"\",\"\",VLOOKUP(Y707,'Benefit Priority'!$B$25:$C$47,2,FALSE))","v":""},{"$f":"IF(OR(Q707=\"\",Z707=\"\"),\"\",VLOOKUP(VLOOKUP(Q707&\" Cost & \"&Z707&\" Benefit\",'Overall Priority'!$D$21:$E$45,2,FALSE),'Overall Priority'!$B$8:$E$16,4,FALSE))","v":""},{"$f":"IF(OR(Q707=\"\",Z707=\"\"),\"\",VLOOKUP(Q707&\" Cost & \"&Z707&\" Benefit\",'Overall Priority'!$D$21:$E$45,2,FALSE))","v":""}]
[null,null,null,null,null,null,null,null,null,null,null,null,null,null,null,{"$f":"IF(O708=\"\",\"\",IF(O708<'Cost Band & Priority'!$E$12,5,IF(O708<'Cost Band & Priority'!$E$11,4,IF(O708<'Cost Band & Priority'!$E$10,3,IF(O708<'Cost Band & Priority'!$E$9,2,1)))))","v":""},{"$f":"IF(P708=\"\",\"\",VLOOKUP(P708,'Cost Band & Priority'!$B$8:$E$12,2,FALSE))","v":""},null,null,null,null,null,null,null,"",{"$f":"IF(Y708=\"\",\"\",VLOOKUP(Y708,'Benefit Priority'!$B$25:$C$47,2,FALSE))","v":""},{"$f":"IF(OR(Q708=\"\",Z708=\"\"),\"\",VLOOKUP(VLOOKUP(Q708&\" Cost & \"&Z708&\" Benefit\",'Overall Priority'!$D$21:$E$45,2,FALSE),'Overall Priority'!$B$8:$E$16,4,FALSE))","v":""},{"$f":"IF(OR(Q708=\"\",Z708=\"\"),\"\",VLOOKUP(Q708&\" Cost & \"&Z708&\" Benefit\",'Overall Priority'!$D$21:$E$45,2,FALSE))","v":""}]
[null,null,null,null,null,null,null,null,null,null,null,null,null,null,null,{"$f":"IF(O709=\"\",\"\",IF(O709<'Cost Band & Priority'!$E$12,5,IF(O709<'Cost Band & Priority'!$E$11,4,IF(O709<'Cost Band & Priority'!$E$10,3,IF(O709<'Cost Band & Priority'!$E$9,2,1)))))","v":""},{"$f":"IF(P709=\"\",\"\",VLOOKUP(P709,'Cost Band & Priority'!$B$8:$E$12,2,FALSE))","v":""},null,null,null,null,null,null,null,"",{"$f":"IF(Y709=\"\",\"\",VLOOKUP(Y709,'Benefit Priority'!$B$25:$C$47,2,FALSE))","v":""},{"$f":"IF(OR(Q709=\"\",Z709=\"\"),\"\",VLOOKUP(VLOOKUP(Q709&\" Cost & \"&Z709&\" Benefit\",'Overall Priority'!$D$21:$E$45,2,FALSE),'Overall Priority'!$B$8:$E$16,4,FALSE))","v":""},{"$f":"IF(OR(Q709=\"\",Z709=\"\"),\"\",VLOOKUP(Q709&\" Cost & \"&Z709&\" Benefit\",'Overall Priority'!$D$21:$E$45,2,FALSE))","v":""}]
[null,null,null,null,null,null,null,null,null,null,null,null,null,null,null,{"$f":"IF(O710=\"\",\"\",IF(O710<'Cost Band & Priority'!$E$12,5,IF(O710<'Cost Band & Priority'!$E$11,4,IF(O710<'Cost Band & Priority'!$E$10,3,IF(O710<'Cost Band & Priority'!$E$9,2,1)))))","v":""},{"$f":"IF(P710=\"\",\"\",VLOOKUP(P710,'Cost Band & Priority'!$B$8:$E$12,2,FALSE))","v":""},null,null,null,null,null,null,null,"",{"$f":"IF(Y710=\"\",\"\",VLOOKUP(Y710,'Benefit Priority'!$B$25:$C$47,2,FALSE))","v":""},{"$f":"IF(OR(Q710=\"\",Z710=\"\"),\"\",VLOOKUP(VLOOKUP(Q710&\" Cost & \"&Z710&\" Benefit\",'Overall Priority'!$D$21:$E$45,2,FALSE),'Overall Priority'!$B$8:$E$16,4,FALSE))","v":""},{"$f":"IF(OR(Q710=\"\",Z710=\"\"),\"\",VLOOKUP(Q710&\" Cost & \"&Z710&\" Benefit\",'Overall Priority'!$D$21:$E$45,2,FALSE))","v":""}]
[null,null,null,null,null,null,null,null,null,null,null,null,null,null,null,{"$f":"IF(O711=\"\",\"\",IF(O711<'Cost Band & Priority'!$E$12,5,IF(O711<'Cost Band & Priority'!$E$11,4,IF(O711<'Cost Band & Priority'!$E$10,3,IF(O711<'Cost Band & Priority'!$E$9,2,1)))))","v":""},{"$f":"IF(P711=\"\",\"\",VLOOKUP(P711,'Cost Band & Priority'!$B$8:$E$12,2,FALSE))","v":""},null,null,null,null,null,null,null,"",{"$f":"IF(Y711=\"\",\"\",VLOOKUP(Y711,'Benefit Priority'!$B$25:$C$47,2,FALSE))","v":""},{"$f":"IF(OR(Q711=\"\",Z711=\"\"),\"\",VLOOKUP(VLOOKUP(Q711&\" Cost & \"&Z711&\" Benefit\",'Overall Priority'!$D$21:$E$45,2,FALSE),'Overall Priority'!$B$8:$E$16,4,FALSE))","v":""},{"$f":"IF(OR(Q711=\"\",Z711=\"\"),\"\",VLOOKUP(Q711&\" Cost & \"&Z711&\" Benefit\",'Overall Priority'!$D$21:$E$45,2,FALSE))","v":""}]
[null,null,null,null,null,null,null,null,null,null,null,null,null,null,null,{"$f":"IF(O712=\"\",\"\",IF(O712<'Cost Band & Priority'!$E$12,5,IF(O712<'Cost Band & Priority'!$E$11,4,IF(O712<'Cost Band & Priority'!$E$10,3,IF(O712<'Cost Band & Priority'!$E$9,2,1)))))","v":""},{"$f":"IF(P712=\"\",\"\",VLOOKUP(P712,'Cost Band & Priority'!$B$8:$E$12,2,FALSE))","v":""},null,null,null,null,null,null,null,"",{"$f":"IF(Y712=\"\",\"\",VLOOKUP(Y712,'Benefit Priority'!$B$25:$C$47,2,FALSE))","v":""},{"$f":"IF(OR(Q712=\"\",Z712=\"\"),\"\",VLOOKUP(VLOOKUP(Q712&\" Cost & \"&Z712&\" Benefit\",'Overall Priority'!$D$21:$E$45,2,FALSE),'Overall Priority'!$B$8:$E$16,4,FALSE))","v":""},{"$f":"IF(OR(Q712=\"\",Z712=\"\"),\"\",VLOOKUP(Q712&\" Cost & \"&Z712&\" Benefit\",'Overall Priority'!$D$21:$E$45,2,FALSE))","v":""}]
[null,null,null,null,null,null,null,null,null,null,null,null,null,null,null,{"$f":"IF(O713=\"\",\"\",IF(O713<'Cost Band & Priority'!$E$12,5,IF(O713<'Cost Band & Priority'!$E$11,4,IF(O713<'Cost Band & Priority'!$E$10,3,IF(O713<'Cost Band & Priority'!$E$9,2,1)))))","v":""},{"$f":"IF(P713=\"\",\"\",VLOOKUP(P713,'Cost Band & Priority'!$B$8:$E$12,2,FALSE))","v":""},null,null,null,null,null,null,null,"",{"$f":"IF(Y713=\"\",\"\",VLOOKUP(Y713,'Benefit Priority'!$B$25:$C$47,2,FALSE))","v":""},{"$f":"IF(OR(Q713=\"\",Z713=\"\"),\"\",VLOOKUP(VLOOKUP(Q713&\" Cost & \"&Z713&\" Benefit\",'Overall Priority'!$D$21:$E$45,2,FALSE),'Overall Priority'!$B$8:$E$16,4,FALSE))","v":""},{"$f":"IF(OR(Q713=\"\",Z713=\"\"),\"\",VLOOKUP(Q713&\" Cost & \"&Z713&\" Benefit\",'Overall Priority'!$D$21:$E$45,2,FALSE))","v":""}]
[null,null,null,null,null,null,null,null,null,null,null,null,null,null,null,{"$f":"IF(O714=\"\",\"\",IF(O714<'Cost Band & Priority'!$E$12,5,IF(O714<'Cost Band & Priority'!$E$11,4,IF(O714<'Cost Band & Priority'!$E$10,3,IF(O714<'Cost Band & Priority'!$E$9,2,1)))))","v":""},{"$f":"IF(P714=\"\",\"\",VLOOKUP(P714,'Cost Band & Priority'!$B$8:$E$12,2,FALSE))","v":""},null,null,null,null,null,null,null,"",{"$f":"IF(Y714=\"\",\"\",VLOOKUP(Y714,'Benefit Priority'!$B$25:$C$47,2,FALSE))","v":""},{"$f":"IF(OR(Q714=\"\",Z714=\"\"),\"\",VLOOKUP(VLOOKUP(Q714&\" Cost & \"&Z714&\" Benefit\",'Overall Priority'!$D$21:$E$45,2,FALSE),'Overall Priority'!$B$8:$E$16,4,FALSE))","v":""},{"$f":"IF(OR(Q714=\"\",Z714=\"\"),\"\",VLOOKUP(Q714&\" Cost & \"&Z714&\" Benefit\",'Overall Priority'!$D$21:$E$45,2,FALSE))","v":""}]
[null,null,null,null,null,null,null,null,null,null,null,null,null,null,null,{"$f":"IF(O715=\"\",\"\",IF(O715<'Cost Band & Priority'!$E$12,5,IF(O715<'Cost Band & Priority'!$E$11,4,IF(O715<'Cost Band & Priority'!$E$10,3,IF(O715<'Cost Band & Priority'!$E$9,2,1)))))","v":""},{"$f":"IF(P715=\"\",\"\",VLOOKUP(P715,'Cost Band & Priority'!$B$8:$E$12,2,FALSE))","v":""},null,null,null,null,null,null,null,"",{"$f":"IF(Y715=\"\",\"\",VLOOKUP(Y715,'Benefit Priority'!$B$25:$C$47,2,FALSE))","v":""},{"$f":"IF(OR(Q715=\"\",Z715=\"\"),\"\",VLOOKUP(VLOOKUP(Q715&\" Cost & \"&Z715&\" Benefit\",'Overall Priority'!$D$21:$E$45,2,FALSE),'Overall Priority'!$B$8:$E$16,4,FALSE))","v":""},{"$f":"IF(OR(Q715=\"\",Z715=\"\"),\"\",VLOOKUP(Q715&\" Cost & \"&Z715&\" Benefit\",'Overall Priority'!$D$21:$E$45,2,FALSE))","v":""}]
[null,null,null,null,null,null,null,null,null,null,null,null,null,null,null,{"$f":"IF(O716=\"\",\"\",IF(O716<'Cost Band & Priority'!$E$12,5,IF(O716<'Cost Band & Priority'!$E$11,4,IF(O716<'Cost Band & Priority'!$E$10,3,IF(O716<'Cost Band & Priority'!$E$9,2,1)))))","v":""},{"$f":"IF(P716=\"\",\"\",VLOOKUP(P716,'Cost Band & Priority'!$B$8:$E$12,2,FALSE))","v":""},null,null,null,null,null,null,null,"",{"$f":"IF(Y716=\"\",\"\",VLOOKUP(Y716,'Benefit Priority'!$B$25:$C$47,2,FALSE))","v":""},{"$f":"IF(OR(Q716=\"\",Z716=\"\"),\"\",VLOOKUP(VLOOKUP(Q716&\" Cost & \"&Z716&\" Benefit\",'Overall Priority'!$D$21:$E$45,2,FALSE),'Overall Priority'!$B$8:$E$16,4,FALSE))","v":""},{"$f":"IF(OR(Q716=\"\",Z716=\"\"),\"\",VLOOKUP(Q716&\" Cost & \"&Z716&\" Benefit\",'Overall Priority'!$D$21:$E$45,2,FALSE))","v":""}]
[null,null,null,null,null,null,null,null,null,null,null,null,null,null,null,{"$f":"IF(O717=\"\",\"\",IF(O717<'Cost Band & Priority'!$E$12,5,IF(O717<'Cost Band & Priority'!$E$11,4,IF(O717<'Cost Band & Priority'!$E$10,3,IF(O717<'Cost Band & Priority'!$E$9,2,1)))))","v":""},{"$f":"IF(P717=\"\",\"\",VLOOKUP(P717,'Cost Band & Priority'!$B$8:$E$12,2,FALSE))","v":""},null,null,null,null,null,null,null,"",{"$f":"IF(Y717=\"\",\"\",VLOOKUP(Y717,'Benefit Priority'!$B$25:$C$47,2,FALSE))","v":""},{"$f":"IF(OR(Q717=\"\",Z717=\"\"),\"\",VLOOKUP(VLOOKUP(Q717&\" Cost & \"&Z717&\" Benefit\",'Overall Priority'!$D$21:$E$45,2,FALSE),'Overall Priority'!$B$8:$E$16,4,FALSE))","v":""},{"$f":"IF(OR(Q717=\"\",Z717=\"\"),\"\",VLOOKUP(Q717&\" Cost & \"&Z717&\" Benefit\",'Overall Priority'!$D$21:$E$45,2,FALSE))","v":""}]
[null,null,null,null,null,null,null,null,null,null,null,null,null,null,null,{"$f":"IF(O718=\"\",\"\",IF(O718<'Cost Band & Priority'!$E$12,5,IF(O718<'Cost Band & Priority'!$E$11,4,IF(O718<'Cost Band & Priority'!$E$10,3,IF(O718<'Cost Band & Priority'!$E$9,2,1)))))","v":""},{"$f":"IF(P718=\"\",\"\",VLOOKUP(P718,'Cost Band & Priority'!$B$8:$E$12,2,FALSE))","v":""},null,null,null,null,null,null,null,"",{"$f":"IF(Y718=\"\",\"\",VLOOKUP(Y718,'Benefit Priority'!$B$25:$C$47,2,FALSE))","v":""},{"$f":"IF(OR(Q718=\"\",Z718=\"\"),\"\",VLOOKUP(VLOOKUP(Q718&\" Cost & \"&Z718&\" Benefit\",'Overall Priority'!$D$21:$E$45,2,FALSE),'Overall Priority'!$B$8:$E$16,4,FALSE))","v":""},{"$f":"IF(OR(Q718=\"\",Z718=\"\"),\"\",VLOOKUP(Q718&\" Cost & \"&Z718&\" Benefit\",'Overall Priority'!$D$21:$E$45,2,FALSE))","v":""}]
[null,null,null,null,null,null,null,null,null,null,null,null,null,null,null,{"$f":"IF(O719=\"\",\"\",IF(O719<'Cost Band & Priority'!$E$12,5,IF(O719<'Cost Band & Priority'!$E$11,4,IF(O719<'Cost Band & Priority'!$E$10,3,IF(O719<'Cost Band & Priority'!$E$9,2,1)))))","v":""},{"$f":"IF(P719=\"\",\"\",VLOOKUP(P719,'Cost Band & Priority'!$B$8:$E$12,2,FALSE))","v":""},null,null,null,null,null,null,null,"",{"$f":"IF(Y719=\"\",\"\",VLOOKUP(Y719,'Benefit Priority'!$B$25:$C$47,2,FALSE))","v":""},{"$f":"IF(OR(Q719=\"\",Z719=\"\"),\"\",VLOOKUP(VLOOKUP(Q719&\" Cost & \"&Z719&\" Benefit\",'Overall Priority'!$D$21:$E$45,2,FALSE),'Overall Priority'!$B$8:$E$16,4,FALSE))","v":""},{"$f":"IF(OR(Q719=\"\",Z719=\"\"),\"\",VLOOKUP(Q719&\" Cost & \"&Z719&\" Benefit\",'Overall Priority'!$D$21:$E$45,2,FALSE))","v":""}]
[null,null,null,null,null,null,null,null,null,null,null,null,null,null,null,{"$f":"IF(O720=\"\",\"\",IF(O720<'Cost Band & Priority'!$E$12,5,IF(O720<'Cost Band & Priority'!$E$11,4,IF(O720<'Cost Band & Priority'!$E$10,3,IF(O720<'Cost Band & Priority'!$E$9,2,1)))))","v":""},{"$f":"IF(P720=\"\",\"\",VLOOKUP(P720,'Cost Band & Priority'!$B$8:$E$12,2,FALSE))","v":""},null,null,null,null,null,null,null,"",{"$f":"IF(Y720=\"\",\"\",VLOOKUP(Y720,'Benefit Priority'!$B$25:$C$47,2,FALSE))","v":""},{"$f":"IF(OR(Q720=\"\",Z720=\"\"),\"\",VLOOKUP(VLOOKUP(Q720&\" Cost & \"&Z720&\" Benefit\",'Overall Priority'!$D$21:$E$45,2,FALSE),'Overall Priority'!$B$8:$E$16,4,FALSE))","v":""},{"$f":"IF(OR(Q720=\"\",Z720=\"\"),\"\",VLOOKUP(Q720&\" Cost & \"&Z720&\" Benefit\",'Overall Priority'!$D$21:$E$45,2,FALSE))","v":""}]
[null,null,null,null,null,null,null,null,null,null,null,null,null,null,null,{"$f":"IF(O721=\"\",\"\",IF(O721<'Cost Band & Priority'!$E$12,5,IF(O721<'Cost Band & Priority'!$E$11,4,IF(O721<'Cost Band & Priority'!$E$10,3,IF(O721<'Cost Band & Priority'!$E$9,2,1)))))","v":""},{"$f":"IF(P721=\"\",\"\",VLOOKUP(P721,'Cost Band & Priority'!$B$8:$E$12,2,FALSE))","v":""},null,null,null,null,null,null,null,"",{"$f":"IF(Y721=\"\",\"\",VLOOKUP(Y721,'Benefit Priority'!$B$25:$C$47,2,FALSE))","v":""},{"$f":"IF(OR(Q721=\"\",Z721=\"\"),\"\",VLOOKUP(VLOOKUP(Q721&\" Cost & \"&Z721&\" Benefit\",'Overall Priority'!$D$21:$E$45,2,FALSE),'Overall Priority'!$B$8:$E$16,4,FALSE))","v":""},{"$f":"IF(OR(Q721=\"\",Z721=\"\"),\"\",VLOOKUP(Q721&\" Cost & \"&Z721&\" Benefit\",'Overall Priority'!$D$21:$E$45,2,FALSE))","v":""}]
[null,null,null,null,null,null,null,null,null,null,null,null,null,null,null,{"$f":"IF(O722=\"\",\"\",IF(O722<'Cost Band & Priority'!$E$12,5,IF(O722<'Cost Band & Priority'!$E$11,4,IF(O722<'Cost Band & Priority'!$E$10,3,IF(O722<'Cost Band & Priority'!$E$9,2,1)))))","v":""},{"$f":"IF(P722=\"\",\"\",VLOOKUP(P722,'Cost Band & Priority'!$B$8:$E$12,2,FALSE))","v":""},null,null,null,null,null,null,null,"",{"$f":"IF(Y722=\"\",\"\",VLOOKUP(Y722,'Benefit Priority'!$B$25:$C$47,2,FALSE))","v":""},{"$f":"IF(OR(Q722=\"\",Z722=\"\"),\"\",VLOOKUP(VLOOKUP(Q722&\" Cost & \"&Z722&\" Benefit\",'Overall Priority'!$D$21:$E$45,2,FALSE),'Overall Priority'!$B$8:$E$16,4,FALSE))","v":""},{"$f":"IF(OR(Q722=\"\",Z722=\"\"),\"\",VLOOKUP(Q722&\" Cost & \"&Z722&\" Benefit\",'Overall Priority'!$D$21:$E$45,2,FALSE))","v":""}]
[null,null,null,null,null,null,null,null,null,null,null,null,null,null,null,{"$f":"IF(O723=\"\",\"\",IF(O723<'Cost Band & Priority'!$E$12,5,IF(O723<'Cost Band & Priority'!$E$11,4,IF(O723<'Cost Band & Priority'!$E$10,3,IF(O723<'Cost Band & Priority'!$E$9,2,1)))))","v":""},{"$f":"IF(P723=\"\",\"\",VLOOKUP(P723,'Cost Band & Priority'!$B$8:$E$12,2,FALSE))","v":""},null,null,null,null,null,null,null,"",{"$f":"IF(Y723=\"\",\"\",VLOOKUP(Y723,'Benefit Priority'!$B$25:$C$47,2,FALSE))","v":""},{"$f":"IF(OR(Q723=\"\",Z723=\"\"),\"\",VLOOKUP(VLOOKUP(Q723&\" Cost & \"&Z723&\" Benefit\",'Overall Priority'!$D$21:$E$45,2,FALSE),'Overall Priority'!$B$8:$E$16,4,FALSE))","v":""},{"$f":"IF(OR(Q723=\"\",Z723=\"\"),\"\",VLOOKUP(Q723&\" Cost & \"&Z723&\" Benefit\",'Overall Priority'!$D$21:$E$45,2,FALSE))","v":""}]
[null,null,null,null,null,null,null,null,null,null,null,null,null,null,null,{"$f":"IF(O724=\"\",\"\",IF(O724<'Cost Band & Priority'!$E$12,5,IF(O724<'Cost Band & Priority'!$E$11,4,IF(O724<'Cost Band & Priority'!$E$10,3,IF(O724<'Cost Band & Priority'!$E$9,2,1)))))","v":""},{"$f":"IF(P724=\"\",\"\",VLOOKUP(P724,'Cost Band & Priority'!$B$8:$E$12,2,FALSE))","v":""},null,null,null,null,null,null,null,"",{"$f":"IF(Y724=\"\",\"\",VLOOKUP(Y724,'Benefit Priority'!$B$25:$C$47,2,FALSE))","v":""},{"$f":"IF(OR(Q724=\"\",Z724=\"\"),\"\",VLOOKUP(VLOOKUP(Q724&\" Cost & \"&Z724&\" Benefit\",'Overall Priority'!$D$21:$E$45,2,FALSE),'Overall Priority'!$B$8:$E$16,4,FALSE))","v":""},{"$f":"IF(OR(Q724=\"\",Z724=\"\"),\"\",VLOOKUP(Q724&\" Cost & \"&Z724&\" Benefit\",'Overall Priority'!$D$21:$E$45,2,FALSE))","v":""}]
[null,null,null,null,null,null,null,null,null,null,null,null,null,null,null,{"$f":"IF(O725=\"\",\"\",IF(O725<'Cost Band & Priority'!$E$12,5,IF(O725<'Cost Band & Priority'!$E$11,4,IF(O725<'Cost Band & Priority'!$E$10,3,IF(O725<'Cost Band & Priority'!$E$9,2,1)))))","v":""},{"$f":"IF(P725=\"\",\"\",VLOOKUP(P725,'Cost Band & Priority'!$B$8:$E$12,2,FALSE))","v":""},null,null,null,null,null,null,null,"",{"$f":"IF(Y725=\"\",\"\",VLOOKUP(Y725,'Benefit Priority'!$B$25:$C$47,2,FALSE))","v":""},{"$f":"IF(OR(Q725=\"\",Z725=\"\"),\"\",VLOOKUP(VLOOKUP(Q725&\" Cost & \"&Z725&\" Benefit\",'Overall Priority'!$D$21:$E$45,2,FALSE),'Overall Priority'!$B$8:$E$16,4,FALSE))","v":""},{"$f":"IF(OR(Q725=\"\",Z725=\"\"),\"\",VLOOKUP(Q725&\" Cost & \"&Z725&\" Benefit\",'Overall Priority'!$D$21:$E$45,2,FALSE))","v":""}]
[null,null,null,null,null,null,null,null,null,null,null,null,null,null,null,{"$f":"IF(O726=\"\",\"\",IF(O726<'Cost Band & Priority'!$E$12,5,IF(O726<'Cost Band & Priority'!$E$11,4,IF(O726<'Cost Band & Priority'!$E$10,3,IF(O726<'Cost Band & Priority'!$E$9,2,1)))))","v":""},{"$f":"IF(P726=\"\",\"\",VLOOKUP(P726,'Cost Band & Priority'!$B$8:$E$12,2,FALSE))","v":""},null,null,null,null,null,null,null,"",{"$f":"IF(Y726=\"\",\"\",VLOOKUP(Y726,'Benefit Priority'!$B$25:$C$47,2,FALSE))","v":""},{"$f":"IF(OR(Q726=\"\",Z726=\"\"),\"\",VLOOKUP(VLOOKUP(Q726&\" Cost & \"&Z726&\" Benefit\",'Overall Priority'!$D$21:$E$45,2,FALSE),'Overall Priority'!$B$8:$E$16,4,FALSE))","v":""},{"$f":"IF(OR(Q726=\"\",Z726=\"\"),\"\",VLOOKUP(Q726&\" Cost & \"&Z726&\" Benefit\",'Overall Priority'!$D$21:$E$45,2,FALSE))","v":""}]
[null,null,null,null,null,null,null,null,null,null,null,null,null,null,null,{"$f":"IF(O727=\"\",\"\",IF(O727<'Cost Band & Priority'!$E$12,5,IF(O727<'Cost Band & Priority'!$E$11,4,IF(O727<'Cost Band & Priority'!$E$10,3,IF(O727<'Cost Band & Priority'!$E$9,2,1)))))","v":""},{"$f":"IF(P727=\"\",\"\",VLOOKUP(P727,'Cost Band & Priority'!$B$8:$E$12,2,FALSE))","v":""},null,null,null,null,null,null,null,"",{"$f":"IF(Y727=\"\",\"\",VLOOKUP(Y727,'Benefit Priority'!$B$25:$C$47,2,FALSE))","v":""},{"$f":"IF(OR(Q727=\"\",Z727=\"\"),\"\",VLOOKUP(VLOOKUP(Q727&\" Cost & \"&Z727&\" Benefit\",'Overall Priority'!$D$21:$E$45,2,FALSE),'Overall Priority'!$B$8:$E$16,4,FALSE))","v":""},{"$f":"IF(OR(Q727=\"\",Z727=\"\"),\"\",VLOOKUP(Q727&\" Cost & \"&Z727&\" Benefit\",'Overall Priority'!$D$21:$E$45,2,FALSE))","v":""}]
[null,null,null,null,null,null,null,null,null,null,null,null,null,null,null,{"$f":"IF(O728=\"\",\"\",IF(O728<'Cost Band & Priority'!$E$12,5,IF(O728<'Cost Band & Priority'!$E$11,4,IF(O728<'Cost Band & Priority'!$E$10,3,IF(O728<'Cost Band & Priority'!$E$9,2,1)))))","v":""},{"$f":"IF(P728=\"\",\"\",VLOOKUP(P728,'Cost Band & Priority'!$B$8:$E$12,2,FALSE))","v":""},null,null,null,null,null,null,null,"",{"$f":"IF(Y728=\"\",\"\",VLOOKUP(Y728,'Benefit Priority'!$B$25:$C$47,2,FALSE))","v":""},{"$f":"IF(OR(Q728=\"\",Z728=\"\"),\"\",VLOOKUP(VLOOKUP(Q728&\" Cost & \"&Z728&\" Benefit\",'Overall Priority'!$D$21:$E$45,2,FALSE),'Overall Priority'!$B$8:$E$16,4,FALSE))","v":""},{"$f":"IF(OR(Q728=\"\",Z728=\"\"),\"\",VLOOKUP(Q728&\" Cost & \"&Z728&\" Benefit\",'Overall Priority'!$D$21:$E$45,2,FALSE))","v":""}]
[null,null,null,null,null,null,null,null,null,null,null,null,null,null,null,{"$f":"IF(O729=\"\",\"\",IF(O729<'Cost Band & Priority'!$E$12,5,IF(O729<'Cost Band & Priority'!$E$11,4,IF(O729<'Cost Band & Priority'!$E$10,3,IF(O729<'Cost Band & Priority'!$E$9,2,1)))))","v":""},{"$f":"IF(P729=\"\",\"\",VLOOKUP(P729,'Cost Band & Priority'!$B$8:$E$12,2,FALSE))","v":""},null,null,null,null,null,null,null,"",{"$f":"IF(Y729=\"\",\"\",VLOOKUP(Y729,'Benefit Priority'!$B$25:$C$47,2,FALSE))","v":""},{"$f":"IF(OR(Q729=\"\",Z729=\"\"),\"\",VLOOKUP(VLOOKUP(Q729&\" Cost & \"&Z729&\" Benefit\",'Overall Priority'!$D$21:$E$45,2,FALSE),'Overall Priority'!$B$8:$E$16,4,FALSE))","v":""},{"$f":"IF(OR(Q729=\"\",Z729=\"\"),\"\",VLOOKUP(Q729&\" Cost & \"&Z729&\" Benefit\",'Overall Priority'!$D$21:$E$45,2,FALSE))","v":""}]
[null,null,null,null,null,null,null,null,null,null,null,null,null,null,null,{"$f":"IF(O730=\"\",\"\",IF(O730<'Cost Band & Priority'!$E$12,5,IF(O730<'Cost Band & Priority'!$E$11,4,IF(O730<'Cost Band & Priority'!$E$10,3,IF(O730<'Cost Band & Priority'!$E$9,2,1)))))","v":""},{"$f":"IF(P730=\"\",\"\",VLOOKUP(P730,'Cost Band & Priority'!$B$8:$E$12,2,FALSE))","v":""},null,null,null,null,null,null,null,"",{"$f":"IF(Y730=\"\",\"\",VLOOKUP(Y730,'Benefit Priority'!$B$25:$C$47,2,FALSE))","v":""},{"$f":"IF(OR(Q730=\"\",Z730=\"\"),\"\",VLOOKUP(VLOOKUP(Q730&\" Cost & \"&Z730&\" Benefit\",'Overall Priority'!$D$21:$E$45,2,FALSE),'Overall Priority'!$B$8:$E$16,4,FALSE))","v":""},{"$f":"IF(OR(Q730=\"\",Z730=\"\"),\"\",VLOOKUP(Q730&\" Cost & \"&Z730&\" Benefit\",'Overall Priority'!$D$21:$E$45,2,FALSE))","v":""}]
[null,null,null,null,null,null,null,null,null,null,null,null,null,null,null,{"$f":"IF(O731=\"\",\"\",IF(O731<'Cost Band & Priority'!$E$12,5,IF(O731<'Cost Band & Priority'!$E$11,4,IF(O731<'Cost Band & Priority'!$E$10,3,IF(O731<'Cost Band & Priority'!$E$9,2,1)))))","v":""},{"$f":"IF(P731=\"\",\"\",VLOOKUP(P731,'Cost Band & Priority'!$B$8:$E$12,2,FALSE))","v":""},null,null,null,null,null,null,null,"",{"$f":"IF(Y731=\"\",\"\",VLOOKUP(Y731,'Benefit Priority'!$B$25:$C$47,2,FALSE))","v":""},{"$f":"IF(OR(Q731=\"\",Z731=\"\"),\"\",VLOOKUP(VLOOKUP(Q731&\" Cost & \"&Z731&\" Benefit\",'Overall Priority'!$D$21:$E$45,2,FALSE),'Overall Priority'!$B$8:$E$16,4,FALSE))","v":""},{"$f":"IF(OR(Q731=\"\",Z731=\"\"),\"\",VLOOKUP(Q731&\" Cost & \"&Z731&\" Benefit\",'Overall Priority'!$D$21:$E$45,2,FALSE))","v":""}]
[null,null,null,null,null,null,null,null,null,null,null,null,null,null,null,{"$f":"IF(O732=\"\",\"\",IF(O732<'Cost Band & Priority'!$E$12,5,IF(O732<'Cost Band & Priority'!$E$11,4,IF(O732<'Cost Band & Priority'!$E$10,3,IF(O732<'Cost Band & Priority'!$E$9,2,1)))))","v":""},{"$f":"IF(P732=\"\",\"\",VLOOKUP(P732,'Cost Band & Priority'!$B$8:$E$12,2,FALSE))","v":""},null,null,null,null,null,null,null,"",{"$f":"IF(Y732=\"\",\"\",VLOOKUP(Y732,'Benefit Priority'!$B$25:$C$47,2,FALSE))","v":""},{"$f":"IF(OR(Q732=\"\",Z732=\"\"),\"\",VLOOKUP(VLOOKUP(Q732&\" Cost & \"&Z732&\" Benefit\",'Overall Priority'!$D$21:$E$45,2,FALSE),'Overall Priority'!$B$8:$E$16,4,FALSE))","v":""},{"$f":"IF(OR(Q732=\"\",Z732=\"\"),\"\",VLOOKUP(Q732&\" Cost & \"&Z732&\" Benefit\",'Overall Priority'!$D$21:$E$45,2,FALSE))","v":""}]
[null,null,null,null,null,null,null,null,null,null,null,null,null,null,null,{"$f":"IF(O733=\"\",\"\",IF(O733<'Cost Band & Priority'!$E$12,5,IF(O733<'Cost Band & Priority'!$E$11,4,IF(O733<'Cost Band & Priority'!$E$10,3,IF(O733<'Cost Band & Priority'!$E$9,2,1)))))","v":""},{"$f":"IF(P733=\"\",\"\",VLOOKUP(P733,'Cost Band & Priority'!$B$8:$E$12,2,FALSE))","v":""},null,null,null,null,null,null,null,"",{"$f":"IF(Y733=\"\",\"\",VLOOKUP(Y733,'Benefit Priority'!$B$25:$C$47,2,FALSE))","v":""},{"$f":"IF(OR(Q733=\"\",Z733=\"\"),\"\",VLOOKUP(VLOOKUP(Q733&\" Cost & \"&Z733&\" Benefit\",'Overall Priority'!$D$21:$E$45,2,FALSE),'Overall Priority'!$B$8:$E$16,4,FALSE))","v":""},{"$f":"IF(OR(Q733=\"\",Z733=\"\"),\"\",VLOOKUP(Q733&\" Cost & \"&Z733&\" Benefit\",'Overall Priority'!$D$21:$E$45,2,FALSE))","v":""}]
[null,null,null,null,null,null,null,null,null,null,null,null,null,null,null,{"$f":"IF(O734=\"\",\"\",IF(O734<'Cost Band & Priority'!$E$12,5,IF(O734<'Cost Band & Priority'!$E$11,4,IF(O734<'Cost Band & Priority'!$E$10,3,IF(O734<'Cost Band & Priority'!$E$9,2,1)))))","v":""},{"$f":"IF(P734=\"\",\"\",VLOOKUP(P734,'Cost Band & Priority'!$B$8:$E$12,2,FALSE))","v":""},null,null,null,null,null,null,null,"",{"$f":"IF(Y734=\"\",\"\",VLOOKUP(Y734,'Benefit Priority'!$B$25:$C$47,2,FALSE))","v":""},{"$f":"IF(OR(Q734=\"\",Z734=\"\"),\"\",VLOOKUP(VLOOKUP(Q734&\" Cost & \"&Z734&\" Benefit\",'Overall Priority'!$D$21:$E$45,2,FALSE),'Overall Priority'!$B$8:$E$16,4,FALSE))","v":""},{"$f":"IF(OR(Q734=\"\",Z734=\"\"),\"\",VLOOKUP(Q734&\" Cost & \"&Z734&\" Benefit\",'Overall Priority'!$D$21:$E$45,2,FALSE))","v":""}]
[null,null,null,null,null,null,null,null,null,null,null,null,null,null,null,{"$f":"IF(O735=\"\",\"\",IF(O735<'Cost Band & Priority'!$E$12,5,IF(O735<'Cost Band & Priority'!$E$11,4,IF(O735<'Cost Band & Priority'!$E$10,3,IF(O735<'Cost Band & Priority'!$E$9,2,1)))))","v":""},{"$f":"IF(P735=\"\",\"\",VLOOKUP(P735,'Cost Band & Priority'!$B$8:$E$12,2,FALSE))","v":""},null,null,null,null,null,null,null,"",{"$f":"IF(Y735=\"\",\"\",VLOOKUP(Y735,'Benefit Priority'!$B$25:$C$47,2,FALSE))","v":""},{"$f":"IF(OR(Q735=\"\",Z735=\"\"),\"\",VLOOKUP(VLOOKUP(Q735&\" Cost & \"&Z735&\" Benefit\",'Overall Priority'!$D$21:$E$45,2,FALSE),'Overall Priority'!$B$8:$E$16,4,FALSE))","v":""},{"$f":"IF(OR(Q735=\"\",Z735=\"\"),\"\",VLOOKUP(Q735&\" Cost & \"&Z735&\" Benefit\",'Overall Priority'!$D$21:$E$45,2,FALSE))","v":""}]
[null,null,null,null,null,null,null,null,null,null,null,null,null,null,null,{"$f":"IF(O736=\"\",\"\",IF(O736<'Cost Band & Priority'!$E$12,5,IF(O736<'Cost Band & Priority'!$E$11,4,IF(O736<'Cost Band & Priority'!$E$10,3,IF(O736<'Cost Band & Priority'!$E$9,2,1)))))","v":""},{"$f":"IF(P736=\"\",\"\",VLOOKUP(P736,'Cost Band & Priority'!$B$8:$E$12,2,FALSE))","v":""},null,null,null,null,null,null,null,"",{"$f":"IF(Y736=\"\",\"\",VLOOKUP(Y736,'Benefit Priority'!$B$25:$C$47,2,FALSE))","v":""},{"$f":"IF(OR(Q736=\"\",Z736=\"\"),\"\",VLOOKUP(VLOOKUP(Q736&\" Cost & \"&Z736&\" Benefit\",'Overall Priority'!$D$21:$E$45,2,FALSE),'Overall Priority'!$B$8:$E$16,4,FALSE))","v":""},{"$f":"IF(OR(Q736=\"\",Z736=\"\"),\"\",VLOOKUP(Q736&\" Cost & \"&Z736&\" Benefit\",'Overall Priority'!$D$21:$E$45,2,FALSE))","v":""}]
[null,null,null,null,null,null,null,null,null,null,null,null,null,null,null,{"$f":"IF(O737=\"\",\"\",IF(O737<'Cost Band & Priority'!$E$12,5,IF(O737<'Cost Band & Priority'!$E$11,4,IF(O737<'Cost Band & Priority'!$E$10,3,IF(O737<'Cost Band & Priority'!$E$9,2,1)))))","v":""},{"$f":"IF(P737=\"\",\"\",VLOOKUP(P737,'Cost Band & Priority'!$B$8:$E$12,2,FALSE))","v":""},null,null,null,null,null,null,null,"",{"$f":"IF(Y737=\"\",\"\",VLOOKUP(Y737,'Benefit Priority'!$B$25:$C$47,2,FALSE))","v":""},{"$f":"IF(OR(Q737=\"\",Z737=\"\"),\"\",VLOOKUP(VLOOKUP(Q737&\" Cost & \"&Z737&\" Benefit\",'Overall Priority'!$D$21:$E$45,2,FALSE),'Overall Priority'!$B$8:$E$16,4,FALSE))","v":""},{"$f":"IF(OR(Q737=\"\",Z737=\"\"),\"\",VLOOKUP(Q737&\" Cost & \"&Z737&\" Benefit\",'Overall Priority'!$D$21:$E$45,2,FALSE))","v":""}]
[null,null,null,null,null,null,null,null,null,null,null,null,null,null,null,{"$f":"IF(O738=\"\",\"\",IF(O738<'Cost Band & Priority'!$E$12,5,IF(O738<'Cost Band & Priority'!$E$11,4,IF(O738<'Cost Band & Priority'!$E$10,3,IF(O738<'Cost Band & Priority'!$E$9,2,1)))))","v":""},{"$f":"IF(P738=\"\",\"\",VLOOKUP(P738,'Cost Band & Priority'!$B$8:$E$12,2,FALSE))","v":""},null,null,null,null,null,null,null,"",{"$f":"IF(Y738=\"\",\"\",VLOOKUP(Y738,'Benefit Priority'!$B$25:$C$47,2,FALSE))","v":""},{"$f":"IF(OR(Q738=\"\",Z738=\"\"),\"\",VLOOKUP(VLOOKUP(Q738&\" Cost & \"&Z738&\" Benefit\",'Overall Priority'!$D$21:$E$45,2,FALSE),'Overall Priority'!$B$8:$E$16,4,FALSE))","v":""},{"$f":"IF(OR(Q738=\"\",Z738=\"\"),\"\",VLOOKUP(Q738&\" Cost & \"&Z738&\" Benefit\",'Overall Priority'!$D$21:$E$45,2,FALSE))","v":""}]
[null,null,null,null,null,null,null,null,null,null,null,null,null,null,null,{"$f":"IF(O739=\"\",\"\",IF(O739<'Cost Band & Priority'!$E$12,5,IF(O739<'Cost Band & Priority'!$E$11,4,IF(O739<'Cost Band & Priority'!$E$10,3,IF(O739<'Cost Band & Priority'!$E$9,2,1)))))","v":""},{"$f":"IF(P739=\"\",\"\",VLOOKUP(P739,'Cost Band & Priority'!$B$8:$E$12,2,FALSE))","v":""},null,null,null,null,null,null,null,"",{"$f":"IF(Y739=\"\",\"\",VLOOKUP(Y739,'Benefit Priority'!$B$25:$C$47,2,FALSE))","v":""},{"$f":"IF(OR(Q739=\"\",Z739=\"\"),\"\",VLOOKUP(VLOOKUP(Q739&\" Cost & \"&Z739&\" Benefit\",'Overall Priority'!$D$21:$E$45,2,FALSE),'Overall Priority'!$B$8:$E$16,4,FALSE))","v":""},{"$f":"IF(OR(Q739=\"\",Z739=\"\"),\"\",VLOOKUP(Q739&\" Cost & \"&Z739&\" Benefit\",'Overall Priority'!$D$21:$E$45,2,FALSE))","v":""}]
[null,null,null,null,null,null,null,null,null,null,null,null,null,null,null,{"$f":"IF(O740=\"\",\"\",IF(O740<'Cost Band & Priority'!$E$12,5,IF(O740<'Cost Band & Priority'!$E$11,4,IF(O740<'Cost Band & Priority'!$E$10,3,IF(O740<'Cost Band & Priority'!$E$9,2,1)))))","v":""},{"$f":"IF(P740=\"\",\"\",VLOOKUP(P740,'Cost Band & Priority'!$B$8:$E$12,2,FALSE))","v":""},null,null,null,null,null,null,null,"",{"$f":"IF(Y740=\"\",\"\",VLOOKUP(Y740,'Benefit Priority'!$B$25:$C$47,2,FALSE))","v":""},{"$f":"IF(OR(Q740=\"\",Z740=\"\"),\"\",VLOOKUP(VLOOKUP(Q740&\" Cost & \"&Z740&\" Benefit\",'Overall Priority'!$D$21:$E$45,2,FALSE),'Overall Priority'!$B$8:$E$16,4,FALSE))","v":""},{"$f":"IF(OR(Q740=\"\",Z740=\"\"),\"\",VLOOKUP(Q740&\" Cost & \"&Z740&\" Benefit\",'Overall Priority'!$D$21:$E$45,2,FALSE))","v":""}]
[null,null,null,null,null,null,null,null,null,null,null,null,null,null,null,{"$f":"IF(O741=\"\",\"\",IF(O741<'Cost Band & Priority'!$E$12,5,IF(O741<'Cost Band & Priority'!$E$11,4,IF(O741<'Cost Band & Priority'!$E$10,3,IF(O741<'Cost Band & Priority'!$E$9,2,1)))))","v":""},{"$f":"IF(P741=\"\",\"\",VLOOKUP(P741,'Cost Band & Priority'!$B$8:$E$12,2,FALSE))","v":""},null,null,null,null,null,null,null,"",{"$f":"IF(Y741=\"\",\"\",VLOOKUP(Y741,'Benefit Priority'!$B$25:$C$47,2,FALSE))","v":""},{"$f":"IF(OR(Q741=\"\",Z741=\"\"),\"\",VLOOKUP(VLOOKUP(Q741&\" Cost & \"&Z741&\" Benefit\",'Overall Priority'!$D$21:$E$45,2,FALSE),'Overall Priority'!$B$8:$E$16,4,FALSE))","v":""},{"$f":"IF(OR(Q741=\"\",Z741=\"\"),\"\",VLOOKUP(Q741&\" Cost & \"&Z741&\" Benefit\",'Overall Priority'!$D$21:$E$45,2,FALSE))","v":""}]
[null,null,null,null,null,null,null,null,null,null,null,null,null,null,null,{"$f":"IF(O742=\"\",\"\",IF(O742<'Cost Band & Priority'!$E$12,5,IF(O742<'Cost Band & Priority'!$E$11,4,IF(O742<'Cost Band & Priority'!$E$10,3,IF(O742<'Cost Band & Priority'!$E$9,2,1)))))","v":""},{"$f":"IF(P742=\"\",\"\",VLOOKUP(P742,'Cost Band & Priority'!$B$8:$E$12,2,FALSE))","v":""},null,null,null,null,null,null,null,"",{"$f":"IF(Y742=\"\",\"\",VLOOKUP(Y742,'Benefit Priority'!$B$25:$C$47,2,FALSE))","v":""},{"$f":"IF(OR(Q742=\"\",Z742=\"\"),\"\",VLOOKUP(VLOOKUP(Q742&\" Cost & \"&Z742&\" Benefit\",'Overall Priority'!$D$21:$E$45,2,FALSE),'Overall Priority'!$B$8:$E$16,4,FALSE))","v":""},{"$f":"IF(OR(Q742=\"\",Z742=\"\"),\"\",VLOOKUP(Q742&\" Cost & \"&Z742&\" Benefit\",'Overall Priority'!$D$21:$E$45,2,FALSE))","v":""}]
[null,null,null,null,null,null,null,null,null,null,null,null,null,null,null,{"$f":"IF(O743=\"\",\"\",IF(O743<'Cost Band & Priority'!$E$12,5,IF(O743<'Cost Band & Priority'!$E$11,4,IF(O743<'Cost Band & Priority'!$E$10,3,IF(O743<'Cost Band & Priority'!$E$9,2,1)))))","v":""},{"$f":"IF(P743=\"\",\"\",VLOOKUP(P743,'Cost Band & Priority'!$B$8:$E$12,2,FALSE))","v":""},null,null,null,null,null,null,null,"",{"$f":"IF(Y743=\"\",\"\",VLOOKUP(Y743,'Benefit Priority'!$B$25:$C$47,2,FALSE))","v":""},{"$f":"IF(OR(Q743=\"\",Z743=\"\"),\"\",VLOOKUP(VLOOKUP(Q743&\" Cost & \"&Z743&\" Benefit\",'Overall Priority'!$D$21:$E$45,2,FALSE),'Overall Priority'!$B$8:$E$16,4,FALSE))","v":""},{"$f":"IF(OR(Q743=\"\",Z743=\"\"),\"\",VLOOKUP(Q743&\" Cost & \"&Z743&\" Benefit\",'Overall Priority'!$D$21:$E$45,2,FALSE))","v":""}]
[null,null,null,null,null,null,null,null,null,null,null,null,null,null,null,{"$f":"IF(O744=\"\",\"\",IF(O744<'Cost Band & Priority'!$E$12,5,IF(O744<'Cost Band & Priority'!$E$11,4,IF(O744<'Cost Band & Priority'!$E$10,3,IF(O744<'Cost Band & Priority'!$E$9,2,1)))))","v":""},{"$f":"IF(P744=\"\",\"\",VLOOKUP(P744,'Cost Band & Priority'!$B$8:$E$12,2,FALSE))","v":""},null,null,null,null,null,null,null,"",{"$f":"IF(Y744=\"\",\"\",VLOOKUP(Y744,'Benefit Priority'!$B$25:$C$47,2,FALSE))","v":""},{"$f":"IF(OR(Q744=\"\",Z744=\"\"),\"\",VLOOKUP(VLOOKUP(Q744&\" Cost & \"&Z744&\" Benefit\",'Overall Priority'!$D$21:$E$45,2,FALSE),'Overall Priority'!$B$8:$E$16,4,FALSE))","v":""},{"$f":"IF(OR(Q744=\"\",Z744=\"\"),\"\",VLOOKUP(Q744&\" Cost & \"&Z744&\" Benefit\",'Overall Priority'!$D$21:$E$45,2,FALSE))","v":""}]
[null,null,null,null,null,null,null,null,null,null,null,null,null,null,null,{"$f":"IF(O745=\"\",\"\",IF(O745<'Cost Band & Priority'!$E$12,5,IF(O745<'Cost Band & Priority'!$E$11,4,IF(O745<'Cost Band & Priority'!$E$10,3,IF(O745<'Cost Band & Priority'!$E$9,2,1)))))","v":""},{"$f":"IF(P745=\"\",\"\",VLOOKUP(P745,'Cost Band & Priority'!$B$8:$E$12,2,FALSE))","v":""},null,null,null,null,null,null,null,"",{"$f":"IF(Y745=\"\",\"\",VLOOKUP(Y745,'Benefit Priority'!$B$25:$C$47,2,FALSE))","v":""},{"$f":"IF(OR(Q745=\"\",Z745=\"\"),\"\",VLOOKUP(VLOOKUP(Q745&\" Cost & \"&Z745&\" Benefit\",'Overall Priority'!$D$21:$E$45,2,FALSE),'Overall Priority'!$B$8:$E$16,4,FALSE))","v":""},{"$f":"IF(OR(Q745=\"\",Z745=\"\"),\"\",VLOOKUP(Q745&\" Cost & \"&Z745&\" Benefit\",'Overall Priority'!$D$21:$E$45,2,FALSE))","v":""}]
[null,null,null,null,null,null,null,null,null,null,null,null,null,null,null,{"$f":"IF(O746=\"\",\"\",IF(O746<'Cost Band & Priority'!$E$12,5,IF(O746<'Cost Band & Priority'!$E$11,4,IF(O746<'Cost Band & Priority'!$E$10,3,IF(O746<'Cost Band & Priority'!$E$9,2,1)))))","v":""},{"$f":"IF(P746=\"\",\"\",VLOOKUP(P746,'Cost Band & Priority'!$B$8:$E$12,2,FALSE))","v":""},null,null,null,null,null,null,null,"",{"$f":"IF(Y746=\"\",\"\",VLOOKUP(Y746,'Benefit Priority'!$B$25:$C$47,2,FALSE))","v":""},{"$f":"IF(OR(Q746=\"\",Z746=\"\"),\"\",VLOOKUP(VLOOKUP(Q746&\" Cost & \"&Z746&\" Benefit\",'Overall Priority'!$D$21:$E$45,2,FALSE),'Overall Priority'!$B$8:$E$16,4,FALSE))","v":""},{"$f":"IF(OR(Q746=\"\",Z746=\"\"),\"\",VLOOKUP(Q746&\" Cost & \"&Z746&\" Benefit\",'Overall Priority'!$D$21:$E$45,2,FALSE))","v":""}]
[null,null,null,null,null,null,null,null,null,null,null,null,null,null,null,{"$f":"IF(O747=\"\",\"\",IF(O747<'Cost Band & Priority'!$E$12,5,IF(O747<'Cost Band & Priority'!$E$11,4,IF(O747<'Cost Band & Priority'!$E$10,3,IF(O747<'Cost Band & Priority'!$E$9,2,1)))))","v":""},{"$f":"IF(P747=\"\",\"\",VLOOKUP(P747,'Cost Band & Priority'!$B$8:$E$12,2,FALSE))","v":""},null,null,null,null,null,null,null,"",{"$f":"IF(Y747=\"\",\"\",VLOOKUP(Y747,'Benefit Priority'!$B$25:$C$47,2,FALSE))","v":""},{"$f":"IF(OR(Q747=\"\",Z747=\"\"),\"\",VLOOKUP(VLOOKUP(Q747&\" Cost & \"&Z747&\" Benefit\",'Overall Priority'!$D$21:$E$45,2,FALSE),'Overall Priority'!$B$8:$E$16,4,FALSE))","v":""},{"$f":"IF(OR(Q747=\"\",Z747=\"\"),\"\",VLOOKUP(Q747&\" Cost & \"&Z747&\" Benefit\",'Overall Priority'!$D$21:$E$45,2,FALSE))","v":""}]
[null,null,null,null,null,null,null,null,null,null,null,null,null,null,null,{"$f":"IF(O748=\"\",\"\",IF(O748<'Cost Band & Priority'!$E$12,5,IF(O748<'Cost Band & Priority'!$E$11,4,IF(O748<'Cost Band & Priority'!$E$10,3,IF(O748<'Cost Band & Priority'!$E$9,2,1)))))","v":""},{"$f":"IF(P748=\"\",\"\",VLOOKUP(P748,'Cost Band & Priority'!$B$8:$E$12,2,FALSE))","v":""},null,null,null,null,null,null,null,"",{"$f":"IF(Y748=\"\",\"\",VLOOKUP(Y748,'Benefit Priority'!$B$25:$C$47,2,FALSE))","v":""},{"$f":"IF(OR(Q748=\"\",Z748=\"\"),\"\",VLOOKUP(VLOOKUP(Q748&\" Cost & \"&Z748&\" Benefit\",'Overall Priority'!$D$21:$E$45,2,FALSE),'Overall Priority'!$B$8:$E$16,4,FALSE))","v":""},{"$f":"IF(OR(Q748=\"\",Z748=\"\"),\"\",VLOOKUP(Q748&\" Cost & \"&Z748&\" Benefit\",'Overall Priority'!$D$21:$E$45,2,FALSE))","v":""}]
[null,null,null,null,null,null,null,null,null,null,null,null,null,null,null,{"$f":"IF(O749=\"\",\"\",IF(O749<'Cost Band & Priority'!$E$12,5,IF(O749<'Cost Band & Priority'!$E$11,4,IF(O749<'Cost Band & Priority'!$E$10,3,IF(O749<'Cost Band & Priority'!$E$9,2,1)))))","v":""},{"$f":"IF(P749=\"\",\"\",VLOOKUP(P749,'Cost Band & Priority'!$B$8:$E$12,2,FALSE))","v":""},null,null,null,null,null,null,null,"",{"$f":"IF(Y749=\"\",\"\",VLOOKUP(Y749,'Benefit Priority'!$B$25:$C$47,2,FALSE))","v":""},{"$f":"IF(OR(Q749=\"\",Z749=\"\"),\"\",VLOOKUP(VLOOKUP(Q749&\" Cost & \"&Z749&\" Benefit\",'Overall Priority'!$D$21:$E$45,2,FALSE),'Overall Priority'!$B$8:$E$16,4,FALSE))","v":""},{"$f":"IF(OR(Q749=\"\",Z749=\"\"),\"\",VLOOKUP(Q749&\" Cost & \"&Z749&\" Benefit\",'Overall Priority'!$D$21:$E$45,2,FALSE))","v":""}]
[null,null,null,null,null,null,null,null,null,null,null,null,null,null,null,{"$f":"IF(O750=\"\",\"\",IF(O750<'Cost Band & Priority'!$E$12,5,IF(O750<'Cost Band & Priority'!$E$11,4,IF(O750<'Cost Band & Priority'!$E$10,3,IF(O750<'Cost Band & Priority'!$E$9,2,1)))))","v":""},{"$f":"IF(P750=\"\",\"\",VLOOKUP(P750,'Cost Band & Priority'!$B$8:$E$12,2,FALSE))","v":""},null,null,null,null,null,null,null,"",{"$f":"IF(Y750=\"\",\"\",VLOOKUP(Y750,'Benefit Priority'!$B$25:$C$47,2,FALSE))","v":""},{"$f":"IF(OR(Q750=\"\",Z750=\"\"),\"\",VLOOKUP(VLOOKUP(Q750&\" Cost & \"&Z750&\" Benefit\",'Overall Priority'!$D$21:$E$45,2,FALSE),'Overall Priority'!$B$8:$E$16,4,FALSE))","v":""},{"$f":"IF(OR(Q750=\"\",Z750=\"\"),\"\",VLOOKUP(Q750&\" Cost & \"&Z750&\" Benefit\",'Overall Priority'!$D$21:$E$45,2,FALSE))","v":""}]
[null,null,null,null,null,null,null,null,null,null,null,null,null,null,null,{"$f":"IF(O751=\"\",\"\",IF(O751<'Cost Band & Priority'!$E$12,5,IF(O751<'Cost Band & Priority'!$E$11,4,IF(O751<'Cost Band & Priority'!$E$10,3,IF(O751<'Cost Band & Priority'!$E$9,2,1)))))","v":""},{"$f":"IF(P751=\"\",\"\",VLOOKUP(P751,'Cost Band & Priority'!$B$8:$E$12,2,FALSE))","v":""},null,null,null,null,null,null,null,"",{"$f":"IF(Y751=\"\",\"\",VLOOKUP(Y751,'Benefit Priority'!$B$25:$C$47,2,FALSE))","v":""},{"$f":"IF(OR(Q751=\"\",Z751=\"\"),\"\",VLOOKUP(VLOOKUP(Q751&\" Cost & \"&Z751&\" Benefit\",'Overall Priority'!$D$21:$E$45,2,FALSE),'Overall Priority'!$B$8:$E$16,4,FALSE))","v":""},{"$f":"IF(OR(Q751=\"\",Z751=\"\"),\"\",VLOOKUP(Q751&\" Cost & \"&Z751&\" Benefit\",'Overall Priority'!$D$21:$E$45,2,FALSE))","v":""}]
[null,null,null,null,null,null,null,null,null,null,null,null,null,null,null,{"$f":"IF(O752=\"\",\"\",IF(O752<'Cost Band & Priority'!$E$12,5,IF(O752<'Cost Band & Priority'!$E$11,4,IF(O752<'Cost Band & Priority'!$E$10,3,IF(O752<'Cost Band & Priority'!$E$9,2,1)))))","v":""},{"$f":"IF(P752=\"\",\"\",VLOOKUP(P752,'Cost Band & Priority'!$B$8:$E$12,2,FALSE))","v":""},null,null,null,null,null,null,null,"",{"$f":"IF(Y752=\"\",\"\",VLOOKUP(Y752,'Benefit Priority'!$B$25:$C$47,2,FALSE))","v":""},{"$f":"IF(OR(Q752=\"\",Z752=\"\"),\"\",VLOOKUP(VLOOKUP(Q752&\" Cost & \"&Z752&\" Benefit\",'Overall Priority'!$D$21:$E$45,2,FALSE),'Overall Priority'!$B$8:$E$16,4,FALSE))","v":""},{"$f":"IF(OR(Q752=\"\",Z752=\"\"),\"\",VLOOKUP(Q752&\" Cost & \"&Z752&\" Benefit\",'Overall Priority'!$D$21:$E$45,2,FALSE))","v":""}]
[null,null,null,null,null,null,null,null,null,null,null,null,null,null,null,{"$f":"IF(O753=\"\",\"\",IF(O753<'Cost Band & Priority'!$E$12,5,IF(O753<'Cost Band & Priority'!$E$11,4,IF(O753<'Cost Band & Priority'!$E$10,3,IF(O753<'Cost Band & Priority'!$E$9,2,1)))))","v":""},{"$f":"IF(P753=\"\",\"\",VLOOKUP(P753,'Cost Band & Priority'!$B$8:$E$12,2,FALSE))","v":""},null,null,null,null,null,null,null,"",{"$f":"IF(Y753=\"\",\"\",VLOOKUP(Y753,'Benefit Priority'!$B$25:$C$47,2,FALSE))","v":""},{"$f":"IF(OR(Q753=\"\",Z753=\"\"),\"\",VLOOKUP(VLOOKUP(Q753&\" Cost & \"&Z753&\" Benefit\",'Overall Priority'!$D$21:$E$45,2,FALSE),'Overall Priority'!$B$8:$E$16,4,FALSE))","v":""},{"$f":"IF(OR(Q753=\"\",Z753=\"\"),\"\",VLOOKUP(Q753&\" Cost & \"&Z753&\" Benefit\",'Overall Priority'!$D$21:$E$45,2,FALSE))","v":""}]
[null,null,null,null,null,null,null,null,null,null,null,null,null,null,null,{"$f":"IF(O754=\"\",\"\",IF(O754<'Cost Band & Priority'!$E$12,5,IF(O754<'Cost Band & Priority'!$E$11,4,IF(O754<'Cost Band & Priority'!$E$10,3,IF(O754<'Cost Band & Priority'!$E$9,2,1)))))","v":""},{"$f":"IF(P754=\"\",\"\",VLOOKUP(P754,'Cost Band & Priority'!$B$8:$E$12,2,FALSE))","v":""},null,null,null,null,null,null,null,"",{"$f":"IF(Y754=\"\",\"\",VLOOKUP(Y754,'Benefit Priority'!$B$25:$C$47,2,FALSE))","v":""},{"$f":"IF(OR(Q754=\"\",Z754=\"\"),\"\",VLOOKUP(VLOOKUP(Q754&\" Cost & \"&Z754&\" Benefit\",'Overall Priority'!$D$21:$E$45,2,FALSE),'Overall Priority'!$B$8:$E$16,4,FALSE))","v":""},{"$f":"IF(OR(Q754=\"\",Z754=\"\"),\"\",VLOOKUP(Q754&\" Cost & \"&Z754&\" Benefit\",'Overall Priority'!$D$21:$E$45,2,FALSE))","v":""}]
[null,null,null,null,null,null,null,null,null,null,null,null,null,null,null,{"$f":"IF(O755=\"\",\"\",IF(O755<'Cost Band & Priority'!$E$12,5,IF(O755<'Cost Band & Priority'!$E$11,4,IF(O755<'Cost Band & Priority'!$E$10,3,IF(O755<'Cost Band & Priority'!$E$9,2,1)))))","v":""},{"$f":"IF(P755=\"\",\"\",VLOOKUP(P755,'Cost Band & Priority'!$B$8:$E$12,2,FALSE))","v":""},null,null,null,null,null,null,null,"",{"$f":"IF(Y755=\"\",\"\",VLOOKUP(Y755,'Benefit Priority'!$B$25:$C$47,2,FALSE))","v":""},{"$f":"IF(OR(Q755=\"\",Z755=\"\"),\"\",VLOOKUP(VLOOKUP(Q755&\" Cost & \"&Z755&\" Benefit\",'Overall Priority'!$D$21:$E$45,2,FALSE),'Overall Priority'!$B$8:$E$16,4,FALSE))","v":""},{"$f":"IF(OR(Q755=\"\",Z755=\"\"),\"\",VLOOKUP(Q755&\" Cost & \"&Z755&\" Benefit\",'Overall Priority'!$D$21:$E$45,2,FALSE))","v":""}]
[null,null,null,null,null,null,null,null,null,null,null,null,null,null,null,{"$f":"IF(O756=\"\",\"\",IF(O756<'Cost Band & Priority'!$E$12,5,IF(O756<'Cost Band & Priority'!$E$11,4,IF(O756<'Cost Band & Priority'!$E$10,3,IF(O756<'Cost Band & Priority'!$E$9,2,1)))))","v":""},{"$f":"IF(P756=\"\",\"\",VLOOKUP(P756,'Cost Band & Priority'!$B$8:$E$12,2,FALSE))","v":""},null,null,null,null,null,null,null,"",{"$f":"IF(Y756=\"\",\"\",VLOOKUP(Y756,'Benefit Priority'!$B$25:$C$47,2,FALSE))","v":""},{"$f":"IF(OR(Q756=\"\",Z756=\"\"),\"\",VLOOKUP(VLOOKUP(Q756&\" Cost & \"&Z756&\" Benefit\",'Overall Priority'!$D$21:$E$45,2,FALSE),'Overall Priority'!$B$8:$E$16,4,FALSE))","v":""},{"$f":"IF(OR(Q756=\"\",Z756=\"\"),\"\",VLOOKUP(Q756&\" Cost & \"&Z756&\" Benefit\",'Overall Priority'!$D$21:$E$45,2,FALSE))","v":""}]
[null,null,null,null,null,null,null,null,null,null,null,null,null,null,null,{"$f":"IF(O757=\"\",\"\",IF(O757<'Cost Band & Priority'!$E$12,5,IF(O757<'Cost Band & Priority'!$E$11,4,IF(O757<'Cost Band & Priority'!$E$10,3,IF(O757<'Cost Band & Priority'!$E$9,2,1)))))","v":""},{"$f":"IF(P757=\"\",\"\",VLOOKUP(P757,'Cost Band & Priority'!$B$8:$E$12,2,FALSE))","v":""},null,null,null,null,null,null,null,"",{"$f":"IF(Y757=\"\",\"\",VLOOKUP(Y757,'Benefit Priority'!$B$25:$C$47,2,FALSE))","v":""},{"$f":"IF(OR(Q757=\"\",Z757=\"\"),\"\",VLOOKUP(VLOOKUP(Q757&\" Cost & \"&Z757&\" Benefit\",'Overall Priority'!$D$21:$E$45,2,FALSE),'Overall Priority'!$B$8:$E$16,4,FALSE))","v":""},{"$f":"IF(OR(Q757=\"\",Z757=\"\"),\"\",VLOOKUP(Q757&\" Cost & \"&Z757&\" Benefit\",'Overall Priority'!$D$21:$E$45,2,FALSE))","v":""}]
[null,null,null,null,null,null,null,null,null,null,null,null,null,null,null,{"$f":"IF(O758=\"\",\"\",IF(O758<'Cost Band & Priority'!$E$12,5,IF(O758<'Cost Band & Priority'!$E$11,4,IF(O758<'Cost Band & Priority'!$E$10,3,IF(O758<'Cost Band & Priority'!$E$9,2,1)))))","v":""},{"$f":"IF(P758=\"\",\"\",VLOOKUP(P758,'Cost Band & Priority'!$B$8:$E$12,2,FALSE))","v":""},null,null,null,null,null,null,null,"",{"$f":"IF(Y758=\"\",\"\",VLOOKUP(Y758,'Benefit Priority'!$B$25:$C$47,2,FALSE))","v":""},{"$f":"IF(OR(Q758=\"\",Z758=\"\"),\"\",VLOOKUP(VLOOKUP(Q758&\" Cost & \"&Z758&\" Benefit\",'Overall Priority'!$D$21:$E$45,2,FALSE),'Overall Priority'!$B$8:$E$16,4,FALSE))","v":""},{"$f":"IF(OR(Q758=\"\",Z758=\"\"),\"\",VLOOKUP(Q758&\" Cost & \"&Z758&\" Benefit\",'Overall Priority'!$D$21:$E$45,2,FALSE))","v":""}]
[null,null,null,null,null,null,null,null,null,null,null,null,null,null,null,{"$f":"IF(O759=\"\",\"\",IF(O759<'Cost Band & Priority'!$E$12,5,IF(O759<'Cost Band & Priority'!$E$11,4,IF(O759<'Cost Band & Priority'!$E$10,3,IF(O759<'Cost Band & Priority'!$E$9,2,1)))))","v":""},{"$f":"IF(P759=\"\",\"\",VLOOKUP(P759,'Cost Band & Priority'!$B$8:$E$12,2,FALSE))","v":""},null,null,null,null,null,null,null,"",{"$f":"IF(Y759=\"\",\"\",VLOOKUP(Y759,'Benefit Priority'!$B$25:$C$47,2,FALSE))","v":""},{"$f":"IF(OR(Q759=\"\",Z759=\"\"),\"\",VLOOKUP(VLOOKUP(Q759&\" Cost & \"&Z759&\" Benefit\",'Overall Priority'!$D$21:$E$45,2,FALSE),'Overall Priority'!$B$8:$E$16,4,FALSE))","v":""},{"$f":"IF(OR(Q759=\"\",Z759=\"\"),\"\",VLOOKUP(Q759&\" Cost & \"&Z759&\" Benefit\",'Overall Priority'!$D$21:$E$45,2,FALSE))","v":""}]
[null,null,null,null,null,null,null,null,null,null,null,null,null,null,null,{"$f":"IF(O760=\"\",\"\",IF(O760<'Cost Band & Priority'!$E$12,5,IF(O760<'Cost Band & Priority'!$E$11,4,IF(O760<'Cost Band & Priority'!$E$10,3,IF(O760<'Cost Band & Priority'!$E$9,2,1)))))","v":""},{"$f":"IF(P760=\"\",\"\",VLOOKUP(P760,'Cost Band & Priority'!$B$8:$E$12,2,FALSE))","v":""},null,null,null,null,null,null,null,"",{"$f":"IF(Y760=\"\",\"\",VLOOKUP(Y760,'Benefit Priority'!$B$25:$C$47,2,FALSE))","v":""},{"$f":"IF(OR(Q760=\"\",Z760=\"\"),\"\",VLOOKUP(VLOOKUP(Q760&\" Cost & \"&Z760&\" Benefit\",'Overall Priority'!$D$21:$E$45,2,FALSE),'Overall Priority'!$B$8:$E$16,4,FALSE))","v":""},{"$f":"IF(OR(Q760=\"\",Z760=\"\"),\"\",VLOOKUP(Q760&\" Cost & \"&Z760&\" Benefit\",'Overall Priority'!$D$21:$E$45,2,FALSE))","v":""}]
[null,null,null,null,null,null,null,null,null,null,null,null,null,null,null,{"$f":"IF(O761=\"\",\"\",IF(O761<'Cost Band & Priority'!$E$12,5,IF(O761<'Cost Band & Priority'!$E$11,4,IF(O761<'Cost Band & Priority'!$E$10,3,IF(O761<'Cost Band & Priority'!$E$9,2,1)))))","v":""},{"$f":"IF(P761=\"\",\"\",VLOOKUP(P761,'Cost Band & Priority'!$B$8:$E$12,2,FALSE))","v":""},null,null,null,null,null,null,null,"",{"$f":"IF(Y761=\"\",\"\",VLOOKUP(Y761,'Benefit Priority'!$B$25:$C$47,2,FALSE))","v":""},{"$f":"IF(OR(Q761=\"\",Z761=\"\"),\"\",VLOOKUP(VLOOKUP(Q761&\" Cost & \"&Z761&\" Benefit\",'Overall Priority'!$D$21:$E$45,2,FALSE),'Overall Priority'!$B$8:$E$16,4,FALSE))","v":""},{"$f":"IF(OR(Q761=\"\",Z761=\"\"),\"\",VLOOKUP(Q761&\" Cost & \"&Z761&\" Benefit\",'Overall Priority'!$D$21:$E$45,2,FALSE))","v":""}]
[null,null,null,null,null,null,null,null,null,null,null,null,null,null,null,{"$f":"IF(O762=\"\",\"\",IF(O762<'Cost Band & Priority'!$E$12,5,IF(O762<'Cost Band & Priority'!$E$11,4,IF(O762<'Cost Band & Priority'!$E$10,3,IF(O762<'Cost Band & Priority'!$E$9,2,1)))))","v":""},{"$f":"IF(P762=\"\",\"\",VLOOKUP(P762,'Cost Band & Priority'!$B$8:$E$12,2,FALSE))","v":""},null,null,null,null,null,null,null,"",{"$f":"IF(Y762=\"\",\"\",VLOOKUP(Y762,'Benefit Priority'!$B$25:$C$47,2,FALSE))","v":""},{"$f":"IF(OR(Q762=\"\",Z762=\"\"),\"\",VLOOKUP(VLOOKUP(Q762&\" Cost & \"&Z762&\" Benefit\",'Overall Priority'!$D$21:$E$45,2,FALSE),'Overall Priority'!$B$8:$E$16,4,FALSE))","v":""},{"$f":"IF(OR(Q762=\"\",Z762=\"\"),\"\",VLOOKUP(Q762&\" Cost & \"&Z762&\" Benefit\",'Overall Priority'!$D$21:$E$45,2,FALSE))","v":""}]
[null,null,null,null,null,null,null,null,null,null,null,null,null,null,null,{"$f":"IF(O763=\"\",\"\",IF(O763<'Cost Band & Priority'!$E$12,5,IF(O763<'Cost Band & Priority'!$E$11,4,IF(O763<'Cost Band & Priority'!$E$10,3,IF(O763<'Cost Band & Priority'!$E$9,2,1)))))","v":""},{"$f":"IF(P763=\"\",\"\",VLOOKUP(P763,'Cost Band & Priority'!$B$8:$E$12,2,FALSE))","v":""},null,null,null,null,null,null,null,"",{"$f":"IF(Y763=\"\",\"\",VLOOKUP(Y763,'Benefit Priority'!$B$25:$C$47,2,FALSE))","v":""},{"$f":"IF(OR(Q763=\"\",Z763=\"\"),\"\",VLOOKUP(VLOOKUP(Q763&\" Cost & \"&Z763&\" Benefit\",'Overall Priority'!$D$21:$E$45,2,FALSE),'Overall Priority'!$B$8:$E$16,4,FALSE))","v":""},{"$f":"IF(OR(Q763=\"\",Z763=\"\"),\"\",VLOOKUP(Q763&\" Cost & \"&Z763&\" Benefit\",'Overall Priority'!$D$21:$E$45,2,FALSE))","v":""}]
[null,null,null,null,null,null,null,null,null,null,null,null,null,null,null,{"$f":"IF(O764=\"\",\"\",IF(O764<'Cost Band & Priority'!$E$12,5,IF(O764<'Cost Band & Priority'!$E$11,4,IF(O764<'Cost Band & Priority'!$E$10,3,IF(O764<'Cost Band & Priority'!$E$9,2,1)))))","v":""},{"$f":"IF(P764=\"\",\"\",VLOOKUP(P764,'Cost Band & Priority'!$B$8:$E$12,2,FALSE))","v":""},null,null,null,null,null,null,null,"",{"$f":"IF(Y764=\"\",\"\",VLOOKUP(Y764,'Benefit Priority'!$B$25:$C$47,2,FALSE))","v":""},{"$f":"IF(OR(Q764=\"\",Z764=\"\"),\"\",VLOOKUP(VLOOKUP(Q764&\" Cost & \"&Z764&\" Benefit\",'Overall Priority'!$D$21:$E$45,2,FALSE),'Overall Priority'!$B$8:$E$16,4,FALSE))","v":""},{"$f":"IF(OR(Q764=\"\",Z764=\"\"),\"\",VLOOKUP(Q764&\" Cost & \"&Z764&\" Benefit\",'Overall Priority'!$D$21:$E$45,2,FALSE))","v":""}]
[null,null,null,null,null,null,null,null,null,null,null,null,null,null,null,{"$f":"IF(O765=\"\",\"\",IF(O765<'Cost Band & Priority'!$E$12,5,IF(O765<'Cost Band & Priority'!$E$11,4,IF(O765<'Cost Band & Priority'!$E$10,3,IF(O765<'Cost Band & Priority'!$E$9,2,1)))))","v":""},{"$f":"IF(P765=\"\",\"\",VLOOKUP(P765,'Cost Band & Priority'!$B$8:$E$12,2,FALSE))","v":""},null,null,null,null,null,null,null,"",{"$f":"IF(Y765=\"\",\"\",VLOOKUP(Y765,'Benefit Priority'!$B$25:$C$47,2,FALSE))","v":""},{"$f":"IF(OR(Q765=\"\",Z765=\"\"),\"\",VLOOKUP(VLOOKUP(Q765&\" Cost & \"&Z765&\" Benefit\",'Overall Priority'!$D$21:$E$45,2,FALSE),'Overall Priority'!$B$8:$E$16,4,FALSE))","v":""},{"$f":"IF(OR(Q765=\"\",Z765=\"\"),\"\",VLOOKUP(Q765&\" Cost & \"&Z765&\" Benefit\",'Overall Priority'!$D$21:$E$45,2,FALSE))","v":""}]
[null,null,null,null,null,null,null,null,null,null,null,null,null,null,null,{"$f":"IF(O766=\"\",\"\",IF(O766<'Cost Band & Priority'!$E$12,5,IF(O766<'Cost Band & Priority'!$E$11,4,IF(O766<'Cost Band & Priority'!$E$10,3,IF(O766<'Cost Band & Priority'!$E$9,2,1)))))","v":""},{"$f":"IF(P766=\"\",\"\",VLOOKUP(P766,'Cost Band & Priority'!$B$8:$E$12,2,FALSE))","v":""},null,null,null,null,null,null,null,"",{"$f":"IF(Y766=\"\",\"\",VLOOKUP(Y766,'Benefit Priority'!$B$25:$C$47,2,FALSE))","v":""},{"$f":"IF(OR(Q766=\"\",Z766=\"\"),\"\",VLOOKUP(VLOOKUP(Q766&\" Cost & \"&Z766&\" Benefit\",'Overall Priority'!$D$21:$E$45,2,FALSE),'Overall Priority'!$B$8:$E$16,4,FALSE))","v":""},{"$f":"IF(OR(Q766=\"\",Z766=\"\"),\"\",VLOOKUP(Q766&\" Cost & \"&Z766&\" Benefit\",'Overall Priority'!$D$21:$E$45,2,FALSE))","v":""}]
[null,null,null,null,null,null,null,null,null,null,null,null,null,null,null,{"$f":"IF(O767=\"\",\"\",IF(O767<'Cost Band & Priority'!$E$12,5,IF(O767<'Cost Band & Priority'!$E$11,4,IF(O767<'Cost Band & Priority'!$E$10,3,IF(O767<'Cost Band & Priority'!$E$9,2,1)))))","v":""},{"$f":"IF(P767=\"\",\"\",VLOOKUP(P767,'Cost Band & Priority'!$B$8:$E$12,2,FALSE))","v":""},null,null,null,null,null,null,null,"",{"$f":"IF(Y767=\"\",\"\",VLOOKUP(Y767,'Benefit Priority'!$B$25:$C$47,2,FALSE))","v":""},{"$f":"IF(OR(Q767=\"\",Z767=\"\"),\"\",VLOOKUP(VLOOKUP(Q767&\" Cost & \"&Z767&\" Benefit\",'Overall Priority'!$D$21:$E$45,2,FALSE),'Overall Priority'!$B$8:$E$16,4,FALSE))","v":""},{"$f":"IF(OR(Q767=\"\",Z767=\"\"),\"\",VLOOKUP(Q767&\" Cost & \"&Z767&\" Benefit\",'Overall Priority'!$D$21:$E$45,2,FALSE))","v":""}]
[null,null,null,null,null,null,null,null,null,null,null,null,null,null,null,{"$f":"IF(O768=\"\",\"\",IF(O768<'Cost Band & Priority'!$E$12,5,IF(O768<'Cost Band & Priority'!$E$11,4,IF(O768<'Cost Band & Priority'!$E$10,3,IF(O768<'Cost Band & Priority'!$E$9,2,1)))))","v":""},{"$f":"IF(P768=\"\",\"\",VLOOKUP(P768,'Cost Band & Priority'!$B$8:$E$12,2,FALSE))","v":""},null,null,null,null,null,null,null,"",{"$f":"IF(Y768=\"\",\"\",VLOOKUP(Y768,'Benefit Priority'!$B$25:$C$47,2,FALSE))","v":""},{"$f":"IF(OR(Q768=\"\",Z768=\"\"),\"\",VLOOKUP(VLOOKUP(Q768&\" Cost & \"&Z768&\" Benefit\",'Overall Priority'!$D$21:$E$45,2,FALSE),'Overall Priority'!$B$8:$E$16,4,FALSE))","v":""},{"$f":"IF(OR(Q768=\"\",Z768=\"\"),\"\",VLOOKUP(Q768&\" Cost & \"&Z768&\" Benefit\",'Overall Priority'!$D$21:$E$45,2,FALSE))","v":""}]
[null,null,null,null,null,null,null,null,null,null,null,null,null,null,null,{"$f":"IF(O769=\"\",\"\",IF(O769<'Cost Band & Priority'!$E$12,5,IF(O769<'Cost Band & Priority'!$E$11,4,IF(O769<'Cost Band & Priority'!$E$10,3,IF(O769<'Cost Band & Priority'!$E$9,2,1)))))","v":""},{"$f":"IF(P769=\"\",\"\",VLOOKUP(P769,'Cost Band & Priority'!$B$8:$E$12,2,FALSE))","v":""},null,null,null,null,null,null,null,"",{"$f":"IF(Y769=\"\",\"\",VLOOKUP(Y769,'Benefit Priority'!$B$25:$C$47,2,FALSE))","v":""},{"$f":"IF(OR(Q769=\"\",Z769=\"\"),\"\",VLOOKUP(VLOOKUP(Q769&\" Cost & \"&Z769&\" Benefit\",'Overall Priority'!$D$21:$E$45,2,FALSE),'Overall Priority'!$B$8:$E$16,4,FALSE))","v":""},{"$f":"IF(OR(Q769=\"\",Z769=\"\"),\"\",VLOOKUP(Q769&\" Cost & \"&Z769&\" Benefit\",'Overall Priority'!$D$21:$E$45,2,FALSE))","v":""}]
[null,null,null,null,null,null,null,null,null,null,null,null,null,null,null,{"$f":"IF(O770=\"\",\"\",IF(O770<'Cost Band & Priority'!$E$12,5,IF(O770<'Cost Band & Priority'!$E$11,4,IF(O770<'Cost Band & Priority'!$E$10,3,IF(O770<'Cost Band & Priority'!$E$9,2,1)))))","v":""},{"$f":"IF(P770=\"\",\"\",VLOOKUP(P770,'Cost Band & Priority'!$B$8:$E$12,2,FALSE))","v":""},null,null,null,null,null,null,null,{"$f":"IF(AND(R770>0,S770>0,T770>0,U770>0,V770>0,W770>0,X770>0),SUM(R770:X770),\"\")","v":""},{"$f":"IF(Y770=\"\",\"\",VLOOKUP(Y770,'Benefit Priority'!$B$25:$C$47,2,FALSE))","v":""},{"$f":"IF(OR(Q770=\"\",Z770=\"\"),\"\",VLOOKUP(VLOOKUP(Q770&\" Cost & \"&Z770&\" Benefit\",'Overall Priority'!$D$21:$E$45,2,FALSE),'Overall Priority'!$B$8:$E$16,4,FALSE))","v":""},{"$f":"IF(OR(Q770=\"\",Z770=\"\"),\"\",VLOOKUP(Q770&\" Cost & \"&Z770&\" Benefit\",'Overall Priority'!$D$21:$E$45,2,FALSE))","v":""}]
[null,null,null,null,null,null,null,null,null,null,null,null,null,null,null,{"$f":"IF(O771=\"\",\"\",IF(O771<'Cost Band & Priority'!$E$12,5,IF(O771<'Cost Band & Priority'!$E$11,4,IF(O771<'Cost Band & Priority'!$E$10,3,IF(O771<'Cost Band & Priority'!$E$9,2,1)))))","v":""},{"$f":"IF(P771=\"\",\"\",VLOOKUP(P771,'Cost Band & Priority'!$B$8:$E$12,2,FALSE))","v":""},null,null,null,null,null,null,null,"",{"$f":"IF(Y771=\"\",\"\",VLOOKUP(Y771,'Benefit Priority'!$B$25:$C$47,2,FALSE))","v":""},{"$f":"IF(OR(Q771=\"\",Z771=\"\"),\"\",VLOOKUP(VLOOKUP(Q771&\" Cost & \"&Z771&\" Benefit\",'Overall Priority'!$D$21:$E$45,2,FALSE),'Overall Priority'!$B$8:$E$16,4,FALSE))","v":""},{"$f":"IF(OR(Q771=\"\",Z771=\"\"),\"\",VLOOKUP(Q771&\" Cost & \"&Z771&\" Benefit\",'Overall Priority'!$D$21:$E$45,2,FALSE))","v":""}]
[null,null,null,null,null,null,null,null,null,null,null,null,null,null,null,{"$f":"IF(O772=\"\",\"\",IF(O772<'Cost Band & Priority'!$E$12,5,IF(O772<'Cost Band & Priority'!$E$11,4,IF(O772<'Cost Band & Priority'!$E$10,3,IF(O772<'Cost Band & Priority'!$E$9,2,1)))))","v":""},{"$f":"IF(P772=\"\",\"\",VLOOKUP(P772,'Cost Band & Priority'!$B$8:$E$12,2,FALSE))","v":""},null,null,null,null,null,null,null,"",{"$f":"IF(Y772=\"\",\"\",VLOOKUP(Y772,'Benefit Priority'!$B$25:$C$47,2,FALSE))","v":""},{"$f":"IF(OR(Q772=\"\",Z772=\"\"),\"\",VLOOKUP(VLOOKUP(Q772&\" Cost & \"&Z772&\" Benefit\",'Overall Priority'!$D$21:$E$45,2,FALSE),'Overall Priority'!$B$8:$E$16,4,FALSE))","v":""},{"$f":"IF(OR(Q772=\"\",Z772=\"\"),\"\",VLOOKUP(Q772&\" Cost & \"&Z772&\" Benefit\",'Overall Priority'!$D$21:$E$45,2,FALSE))","v":""}]
[null,null,null,null,null,null,null,null,null,null,null,null,null,null,null,{"$f":"IF(O773=\"\",\"\",IF(O773<'Cost Band & Priority'!$E$12,5,IF(O773<'Cost Band & Priority'!$E$11,4,IF(O773<'Cost Band & Priority'!$E$10,3,IF(O773<'Cost Band & Priority'!$E$9,2,1)))))","v":""},{"$f":"IF(P773=\"\",\"\",VLOOKUP(P773,'Cost Band & Priority'!$B$8:$E$12,2,FALSE))","v":""},null,null,null,null,null,null,null,"",{"$f":"IF(Y773=\"\",\"\",VLOOKUP(Y773,'Benefit Priority'!$B$25:$C$47,2,FALSE))","v":""},{"$f":"IF(OR(Q773=\"\",Z773=\"\"),\"\",VLOOKUP(VLOOKUP(Q773&\" Cost & \"&Z773&\" Benefit\",'Overall Priority'!$D$21:$E$45,2,FALSE),'Overall Priority'!$B$8:$E$16,4,FALSE))","v":""},{"$f":"IF(OR(Q773=\"\",Z773=\"\"),\"\",VLOOKUP(Q773&\" Cost & \"&Z773&\" Benefit\",'Overall Priority'!$D$21:$E$45,2,FALSE))","v":""}]
[null,null,null,null,null,null,null,null,null,null,null,null,null,null,null,{"$f":"IF(O774=\"\",\"\",IF(O774<'Cost Band & Priority'!$E$12,5,IF(O774<'Cost Band & Priority'!$E$11,4,IF(O774<'Cost Band & Priority'!$E$10,3,IF(O774<'Cost Band & Priority'!$E$9,2,1)))))","v":""},{"$f":"IF(P774=\"\",\"\",VLOOKUP(P774,'Cost Band & Priority'!$B$8:$E$12,2,FALSE))","v":""},null,null,null,null,null,null,null,"",{"$f":"IF(Y774=\"\",\"\",VLOOKUP(Y774,'Benefit Priority'!$B$25:$C$47,2,FALSE))","v":""},{"$f":"IF(OR(Q774=\"\",Z774=\"\"),\"\",VLOOKUP(VLOOKUP(Q774&\" Cost & \"&Z774&\" Benefit\",'Overall Priority'!$D$21:$E$45,2,FALSE),'Overall Priority'!$B$8:$E$16,4,FALSE))","v":""},{"$f":"IF(OR(Q774=\"\",Z774=\"\"),\"\",VLOOKUP(Q774&\" Cost & \"&Z774&\" Benefit\",'Overall Priority'!$D$21:$E$45,2,FALSE))","v":""}]
[null,null,null,null,null,null,null,null,null,null,null,null,null,null,null,{"$f":"IF(O775=\"\",\"\",IF(O775<'Cost Band & Priority'!$E$12,5,IF(O775<'Cost Band & Priority'!$E$11,4,IF(O775<'Cost Band & Priority'!$E$10,3,IF(O775<'Cost Band & Priority'!$E$9,2,1)))))","v":""},{"$f":"IF(P775=\"\",\"\",VLOOKUP(P775,'Cost Band & Priority'!$B$8:$E$12,2,FALSE))","v":""},null,null,null,null,null,null,null,"",{"$f":"IF(Y775=\"\",\"\",VLOOKUP(Y775,'Benefit Priority'!$B$25:$C$47,2,FALSE))","v":""},{"$f":"IF(OR(Q775=\"\",Z775=\"\"),\"\",VLOOKUP(VLOOKUP(Q775&\" Cost & \"&Z775&\" Benefit\",'Overall Priority'!$D$21:$E$45,2,FALSE),'Overall Priority'!$B$8:$E$16,4,FALSE))","v":""},{"$f":"IF(OR(Q775=\"\",Z775=\"\"),\"\",VLOOKUP(Q775&\" Cost & \"&Z775&\" Benefit\",'Overall Priority'!$D$21:$E$45,2,FALSE))","v":""}]
[null,null,null,null,null,null,null,null,null,null,null,null,null,null,null,{"$f":"IF(O776=\"\",\"\",IF(O776<'Cost Band & Priority'!$E$12,5,IF(O776<'Cost Band & Priority'!$E$11,4,IF(O776<'Cost Band & Priority'!$E$10,3,IF(O776<'Cost Band & Priority'!$E$9,2,1)))))","v":""},{"$f":"IF(P776=\"\",\"\",VLOOKUP(P776,'Cost Band & Priority'!$B$8:$E$12,2,FALSE))","v":""},null,null,null,null,null,null,null,"",{"$f":"IF(Y776=\"\",\"\",VLOOKUP(Y776,'Benefit Priority'!$B$25:$C$47,2,FALSE))","v":""},{"$f":"IF(OR(Q776=\"\",Z776=\"\"),\"\",VLOOKUP(VLOOKUP(Q776&\" Cost & \"&Z776&\" Benefit\",'Overall Priority'!$D$21:$E$45,2,FALSE),'Overall Priority'!$B$8:$E$16,4,FALSE))","v":""},{"$f":"IF(OR(Q776=\"\",Z776=\"\"),\"\",VLOOKUP(Q776&\" Cost & \"&Z776&\" Benefit\",'Overall Priority'!$D$21:$E$45,2,FALSE))","v":""}]
[null,null,null,null,null,null,null,null,null,null,null,null,null,null,null,{"$f":"IF(O777=\"\",\"\",IF(O777<'Cost Band & Priority'!$E$12,5,IF(O777<'Cost Band & Priority'!$E$11,4,IF(O777<'Cost Band & Priority'!$E$10,3,IF(O777<'Cost Band & Priority'!$E$9,2,1)))))","v":""},{"$f":"IF(P777=\"\",\"\",VLOOKUP(P777,'Cost Band & Priority'!$B$8:$E$12,2,FALSE))","v":""},null,null,null,null,null,null,null,"",{"$f":"IF(Y777=\"\",\"\",VLOOKUP(Y777,'Benefit Priority'!$B$25:$C$47,2,FALSE))","v":""},{"$f":"IF(OR(Q777=\"\",Z777=\"\"),\"\",VLOOKUP(VLOOKUP(Q777&\" Cost & \"&Z777&\" Benefit\",'Overall Priority'!$D$21:$E$45,2,FALSE),'Overall Priority'!$B$8:$E$16,4,FALSE))","v":""},{"$f":"IF(OR(Q777=\"\",Z777=\"\"),\"\",VLOOKUP(Q777&\" Cost & \"&Z777&\" Benefit\",'Overall Priority'!$D$21:$E$45,2,FALSE))","v":""}]
[null,null,null,null,null,null,null,null,null,null,null,null,null,null,null,{"$f":"IF(O778=\"\",\"\",IF(O778<'Cost Band & Priority'!$E$12,5,IF(O778<'Cost Band & Priority'!$E$11,4,IF(O778<'Cost Band & Priority'!$E$10,3,IF(O778<'Cost Band & Priority'!$E$9,2,1)))))","v":""},{"$f":"IF(P778=\"\",\"\",VLOOKUP(P778,'Cost Band & Priority'!$B$8:$E$12,2,FALSE))","v":""},null,null,null,null,null,null,null,"",{"$f":"IF(Y778=\"\",\"\",VLOOKUP(Y778,'Benefit Priority'!$B$25:$C$47,2,FALSE))","v":""},{"$f":"IF(OR(Q778=\"\",Z778=\"\"),\"\",VLOOKUP(VLOOKUP(Q778&\" Cost & \"&Z778&\" Benefit\",'Overall Priority'!$D$21:$E$45,2,FALSE),'Overall Priority'!$B$8:$E$16,4,FALSE))","v":""},{"$f":"IF(OR(Q778=\"\",Z778=\"\"),\"\",VLOOKUP(Q778&\" Cost & \"&Z778&\" Benefit\",'Overall Priority'!$D$21:$E$45,2,FALSE))","v":""}]
[null,null,null,null,null,null,null,null,null,null,null,null,null,null,null,{"$f":"IF(O779=\"\",\"\",IF(O779<'Cost Band & Priority'!$E$12,5,IF(O779<'Cost Band & Priority'!$E$11,4,IF(O779<'Cost Band & Priority'!$E$10,3,IF(O779<'Cost Band & Priority'!$E$9,2,1)))))","v":""},{"$f":"IF(P779=\"\",\"\",VLOOKUP(P779,'Cost Band & Priority'!$B$8:$E$12,2,FALSE))","v":""},null,null,null,null,null,null,null,"",{"$f":"IF(Y779=\"\",\"\",VLOOKUP(Y779,'Benefit Priority'!$B$25:$C$47,2,FALSE))","v":""},{"$f":"IF(OR(Q779=\"\",Z779=\"\"),\"\",VLOOKUP(VLOOKUP(Q779&\" Cost & \"&Z779&\" Benefit\",'Overall Priority'!$D$21:$E$45,2,FALSE),'Overall Priority'!$B$8:$E$16,4,FALSE))","v":""},{"$f":"IF(OR(Q779=\"\",Z779=\"\"),\"\",VLOOKUP(Q779&\" Cost & \"&Z779&\" Benefit\",'Overall Priority'!$D$21:$E$45,2,FALSE))","v":""}]
[null,null,null,null,null,null,null,null,null,null,null,null,null,null,null,{"$f":"IF(O780=\"\",\"\",IF(O780<'Cost Band & Priority'!$E$12,5,IF(O780<'Cost Band & Priority'!$E$11,4,IF(O780<'Cost Band & Priority'!$E$10,3,IF(O780<'Cost Band & Priority'!$E$9,2,1)))))","v":""},{"$f":"IF(P780=\"\",\"\",VLOOKUP(P780,'Cost Band & Priority'!$B$8:$E$12,2,FALSE))","v":""},null,null,null,null,null,null,null,"",{"$f":"IF(Y780=\"\",\"\",VLOOKUP(Y780,'Benefit Priority'!$B$25:$C$47,2,FALSE))","v":""},{"$f":"IF(OR(Q780=\"\",Z780=\"\"),\"\",VLOOKUP(VLOOKUP(Q780&\" Cost & \"&Z780&\" Benefit\",'Overall Priority'!$D$21:$E$45,2,FALSE),'Overall Priority'!$B$8:$E$16,4,FALSE))","v":""},{"$f":"IF(OR(Q780=\"\",Z780=\"\"),\"\",VLOOKUP(Q780&\" Cost & \"&Z780&\" Benefit\",'Overall Priority'!$D$21:$E$45,2,FALSE))","v":""}]
[null,null,null,null,null,null,null,null,null,null,null,null,null,null,null,{"$f":"IF(O781=\"\",\"\",IF(O781<'Cost Band & Priority'!$E$12,5,IF(O781<'Cost Band & Priority'!$E$11,4,IF(O781<'Cost Band & Priority'!$E$10,3,IF(O781<'Cost Band & Priority'!$E$9,2,1)))))","v":""},{"$f":"IF(P781=\"\",\"\",VLOOKUP(P781,'Cost Band & Priority'!$B$8:$E$12,2,FALSE))","v":""},null,null,null,null,null,null,null,"",{"$f":"IF(Y781=\"\",\"\",VLOOKUP(Y781,'Benefit Priority'!$B$25:$C$47,2,FALSE))","v":""},{"$f":"IF(OR(Q781=\"\",Z781=\"\"),\"\",VLOOKUP(VLOOKUP(Q781&\" Cost & \"&Z781&\" Benefit\",'Overall Priority'!$D$21:$E$45,2,FALSE),'Overall Priority'!$B$8:$E$16,4,FALSE))","v":""},{"$f":"IF(OR(Q781=\"\",Z781=\"\"),\"\",VLOOKUP(Q781&\" Cost & \"&Z781&\" Benefit\",'Overall Priority'!$D$21:$E$45,2,FALSE))","v":""}]
[null,null,null,null,null,null,null,null,null,null,null,null,null,null,null,{"$f":"IF(O782=\"\",\"\",IF(O782<'Cost Band & Priority'!$E$12,5,IF(O782<'Cost Band & Priority'!$E$11,4,IF(O782<'Cost Band & Priority'!$E$10,3,IF(O782<'Cost Band & Priority'!$E$9,2,1)))))","v":""},{"$f":"IF(P782=\"\",\"\",VLOOKUP(P782,'Cost Band & Priority'!$B$8:$E$12,2,FALSE))","v":""},null,null,null,null,null,null,null,"",{"$f":"IF(Y782=\"\",\"\",VLOOKUP(Y782,'Benefit Priority'!$B$25:$C$47,2,FALSE))","v":""},{"$f":"IF(OR(Q782=\"\",Z782=\"\"),\"\",VLOOKUP(VLOOKUP(Q782&\" Cost & \"&Z782&\" Benefit\",'Overall Priority'!$D$21:$E$45,2,FALSE),'Overall Priority'!$B$8:$E$16,4,FALSE))","v":""},{"$f":"IF(OR(Q782=\"\",Z782=\"\"),\"\",VLOOKUP(Q782&\" Cost & \"&Z782&\" Benefit\",'Overall Priority'!$D$21:$E$45,2,FALSE))","v":""}]
[null,null,null,null,null,null,null,null,null,null,null,null,null,null,null,{"$f":"IF(O783=\"\",\"\",IF(O783<'Cost Band & Priority'!$E$12,5,IF(O783<'Cost Band & Priority'!$E$11,4,IF(O783<'Cost Band & Priority'!$E$10,3,IF(O783<'Cost Band & Priority'!$E$9,2,1)))))","v":""},{"$f":"IF(P783=\"\",\"\",VLOOKUP(P783,'Cost Band & Priority'!$B$8:$E$12,2,FALSE))","v":""},null,null,null,null,null,null,null,"",{"$f":"IF(Y783=\"\",\"\",VLOOKUP(Y783,'Benefit Priority'!$B$25:$C$47,2,FALSE))","v":""},{"$f":"IF(OR(Q783=\"\",Z783=\"\"),\"\",VLOOKUP(VLOOKUP(Q783&\" Cost & \"&Z783&\" Benefit\",'Overall Priority'!$D$21:$E$45,2,FALSE),'Overall Priority'!$B$8:$E$16,4,FALSE))","v":""},{"$f":"IF(OR(Q783=\"\",Z783=\"\"),\"\",VLOOKUP(Q783&\" Cost & \"&Z783&\" Benefit\",'Overall Priority'!$D$21:$E$45,2,FALSE))","v":""}]
[null,null,null,null,null,null,null,null,null,null,null,null,null,null,null,{"$f":"IF(O784=\"\",\"\",IF(O784<'Cost Band & Priority'!$E$12,5,IF(O784<'Cost Band & Priority'!$E$11,4,IF(O784<'Cost Band & Priority'!$E$10,3,IF(O784<'Cost Band & Priority'!$E$9,2,1)))))","v":""},{"$f":"IF(P784=\"\",\"\",VLOOKUP(P784,'Cost Band & Priority'!$B$8:$E$12,2,FALSE))","v":""},null,null,null,null,null,null,null,"",{"$f":"IF(Y784=\"\",\"\",VLOOKUP(Y784,'Benefit Priority'!$B$25:$C$47,2,FALSE))","v":""},{"$f":"IF(OR(Q784=\"\",Z784=\"\"),\"\",VLOOKUP(VLOOKUP(Q784&\" Cost & \"&Z784&\" Benefit\",'Overall Priority'!$D$21:$E$45,2,FALSE),'Overall Priority'!$B$8:$E$16,4,FALSE))","v":""},{"$f":"IF(OR(Q784=\"\",Z784=\"\"),\"\",VLOOKUP(Q784&\" Cost & \"&Z784&\" Benefit\",'Overall Priority'!$D$21:$E$45,2,FALSE))","v":""}]
[null,null,null,null,null,null,null,null,null,null,null,null,null,null,null,{"$f":"IF(O785=\"\",\"\",IF(O785<'Cost Band & Priority'!$E$12,5,IF(O785<'Cost Band & Priority'!$E$11,4,IF(O785<'Cost Band & Priority'!$E$10,3,IF(O785<'Cost Band & Priority'!$E$9,2,1)))))","v":""},{"$f":"IF(P785=\"\",\"\",VLOOKUP(P785,'Cost Band & Priority'!$B$8:$E$12,2,FALSE))","v":""},null,null,null,null,null,null,null,"",{"$f":"IF(Y785=\"\",\"\",VLOOKUP(Y785,'Benefit Priority'!$B$25:$C$47,2,FALSE))","v":""},{"$f":"IF(OR(Q785=\"\",Z785=\"\"),\"\",VLOOKUP(VLOOKUP(Q785&\" Cost & \"&Z785&\" Benefit\",'Overall Priority'!$D$21:$E$45,2,FALSE),'Overall Priority'!$B$8:$E$16,4,FALSE))","v":""},{"$f":"IF(OR(Q785=\"\",Z785=\"\"),\"\",VLOOKUP(Q785&\" Cost & \"&Z785&\" Benefit\",'Overall Priority'!$D$21:$E$45,2,FALSE))","v":""}]
[null,null,null,null,null,null,null,null,null,null,null,null,null,null,null,{"$f":"IF(O786=\"\",\"\",IF(O786<'Cost Band & Priority'!$E$12,5,IF(O786<'Cost Band & Priority'!$E$11,4,IF(O786<'Cost Band & Priority'!$E$10,3,IF(O786<'Cost Band & Priority'!$E$9,2,1)))))","v":""},{"$f":"IF(P786=\"\",\"\",VLOOKUP(P786,'Cost Band & Priority'!$B$8:$E$12,2,FALSE))","v":""},null,null,null,null,null,null,null,"",{"$f":"IF(Y786=\"\",\"\",VLOOKUP(Y786,'Benefit Priority'!$B$25:$C$47,2,FALSE))","v":""},{"$f":"IF(OR(Q786=\"\",Z786=\"\"),\"\",VLOOKUP(VLOOKUP(Q786&\" Cost & \"&Z786&\" Benefit\",'Overall Priority'!$D$21:$E$45,2,FALSE),'Overall Priority'!$B$8:$E$16,4,FALSE))","v":""},{"$f":"IF(OR(Q786=\"\",Z786=\"\"),\"\",VLOOKUP(Q786&\" Cost & \"&Z786&\" Benefit\",'Overall Priority'!$D$21:$E$45,2,FALSE))","v":""}]
[null,null,null,null,null,null,null,null,null,null,null,null,null,null,null,{"$f":"IF(O787=\"\",\"\",IF(O787<'Cost Band & Priority'!$E$12,5,IF(O787<'Cost Band & Priority'!$E$11,4,IF(O787<'Cost Band & Priority'!$E$10,3,IF(O787<'Cost Band & Priority'!$E$9,2,1)))))","v":""},{"$f":"IF(P787=\"\",\"\",VLOOKUP(P787,'Cost Band & Priority'!$B$8:$E$12,2,FALSE))","v":""},null,null,null,null,null,null,null,"",{"$f":"IF(Y787=\"\",\"\",VLOOKUP(Y787,'Benefit Priority'!$B$25:$C$47,2,FALSE))","v":""},{"$f":"IF(OR(Q787=\"\",Z787=\"\"),\"\",VLOOKUP(VLOOKUP(Q787&\" Cost & \"&Z787&\" Benefit\",'Overall Priority'!$D$21:$E$45,2,FALSE),'Overall Priority'!$B$8:$E$16,4,FALSE))","v":""},{"$f":"IF(OR(Q787=\"\",Z787=\"\"),\"\",VLOOKUP(Q787&\" Cost & \"&Z787&\" Benefit\",'Overall Priority'!$D$21:$E$45,2,FALSE))","v":""}]
[null,null,null,null,null,null,null,null,null,null,null,null,null,null,null,{"$f":"IF(O788=\"\",\"\",IF(O788<'Cost Band & Priority'!$E$12,5,IF(O788<'Cost Band & Priority'!$E$11,4,IF(O788<'Cost Band & Priority'!$E$10,3,IF(O788<'Cost Band & Priority'!$E$9,2,1)))))","v":""},{"$f":"IF(P788=\"\",\"\",VLOOKUP(P788,'Cost Band & Priority'!$B$8:$E$12,2,FALSE))","v":""},null,null,null,null,null,null,null,"",{"$f":"IF(Y788=\"\",\"\",VLOOKUP(Y788,'Benefit Priority'!$B$25:$C$47,2,FALSE))","v":""},{"$f":"IF(OR(Q788=\"\",Z788=\"\"),\"\",VLOOKUP(VLOOKUP(Q788&\" Cost & \"&Z788&\" Benefit\",'Overall Priority'!$D$21:$E$45,2,FALSE),'Overall Priority'!$B$8:$E$16,4,FALSE))","v":""},{"$f":"IF(OR(Q788=\"\",Z788=\"\"),\"\",VLOOKUP(Q788&\" Cost & \"&Z788&\" Benefit\",'Overall Priority'!$D$21:$E$45,2,FALSE))","v":""}]
[null,null,null,null,null,null,null,null,null,null,null,null,null,null,null,{"$f":"IF(O789=\"\",\"\",IF(O789<'Cost Band & Priority'!$E$12,5,IF(O789<'Cost Band & Priority'!$E$11,4,IF(O789<'Cost Band & Priority'!$E$10,3,IF(O789<'Cost Band & Priority'!$E$9,2,1)))))","v":""},{"$f":"IF(P789=\"\",\"\",VLOOKUP(P789,'Cost Band & Priority'!$B$8:$E$12,2,FALSE))","v":""},null,null,null,null,null,null,null,"",{"$f":"IF(Y789=\"\",\"\",VLOOKUP(Y789,'Benefit Priority'!$B$25:$C$47,2,FALSE))","v":""},{"$f":"IF(OR(Q789=\"\",Z789=\"\"),\"\",VLOOKUP(VLOOKUP(Q789&\" Cost & \"&Z789&\" Benefit\",'Overall Priority'!$D$21:$E$45,2,FALSE),'Overall Priority'!$B$8:$E$16,4,FALSE))","v":""},{"$f":"IF(OR(Q789=\"\",Z789=\"\"),\"\",VLOOKUP(Q789&\" Cost & \"&Z789&\" Benefit\",'Overall Priority'!$D$21:$E$45,2,FALSE))","v":""}]
[null,null,null,null,null,null,null,null,null,null,null,null,null,null,null,{"$f":"IF(O790=\"\",\"\",IF(O790<'Cost Band & Priority'!$E$12,5,IF(O790<'Cost Band & Priority'!$E$11,4,IF(O790<'Cost Band & Priority'!$E$10,3,IF(O790<'Cost Band & Priority'!$E$9,2,1)))))","v":""},{"$f":"IF(P790=\"\",\"\",VLOOKUP(P790,'Cost Band & Priority'!$B$8:$E$12,2,FALSE))","v":""},null,null,null,null,null,null,null,"",{"$f":"IF(Y790=\"\",\"\",VLOOKUP(Y790,'Benefit Priority'!$B$25:$C$47,2,FALSE))","v":""},{"$f":"IF(OR(Q790=\"\",Z790=\"\"),\"\",VLOOKUP(VLOOKUP(Q790&\" Cost & \"&Z790&\" Benefit\",'Overall Priority'!$D$21:$E$45,2,FALSE),'Overall Priority'!$B$8:$E$16,4,FALSE))","v":""},{"$f":"IF(OR(Q790=\"\",Z790=\"\"),\"\",VLOOKUP(Q790&\" Cost & \"&Z790&\" Benefit\",'Overall Priority'!$D$21:$E$45,2,FALSE))","v":""}]
[null,null,null,null,null,null,null,null,null,null,null,null,null,null,null,{"$f":"IF(O791=\"\",\"\",IF(O791<'Cost Band & Priority'!$E$12,5,IF(O791<'Cost Band & Priority'!$E$11,4,IF(O791<'Cost Band & Priority'!$E$10,3,IF(O791<'Cost Band & Priority'!$E$9,2,1)))))","v":""},{"$f":"IF(P791=\"\",\"\",VLOOKUP(P791,'Cost Band & Priority'!$B$8:$E$12,2,FALSE))","v":""},null,null,null,null,null,null,null,"",{"$f":"IF(Y791=\"\",\"\",VLOOKUP(Y791,'Benefit Priority'!$B$25:$C$47,2,FALSE))","v":""},{"$f":"IF(OR(Q791=\"\",Z791=\"\"),\"\",VLOOKUP(VLOOKUP(Q791&\" Cost & \"&Z791&\" Benefit\",'Overall Priority'!$D$21:$E$45,2,FALSE),'Overall Priority'!$B$8:$E$16,4,FALSE))","v":""},{"$f":"IF(OR(Q791=\"\",Z791=\"\"),\"\",VLOOKUP(Q791&\" Cost & \"&Z791&\" Benefit\",'Overall Priority'!$D$21:$E$45,2,FALSE))","v":""}]
[null,null,null,null,null,null,null,null,null,null,null,null,null,null,null,{"$f":"IF(O792=\"\",\"\",IF(O792<'Cost Band & Priority'!$E$12,5,IF(O792<'Cost Band & Priority'!$E$11,4,IF(O792<'Cost Band & Priority'!$E$10,3,IF(O792<'Cost Band & Priority'!$E$9,2,1)))))","v":""},{"$f":"IF(P792=\"\",\"\",VLOOKUP(P792,'Cost Band & Priority'!$B$8:$E$12,2,FALSE))","v":""},null,null,null,null,null,null,null,"",{"$f":"IF(Y792=\"\",\"\",VLOOKUP(Y792,'Benefit Priority'!$B$25:$C$47,2,FALSE))","v":""},{"$f":"IF(OR(Q792=\"\",Z792=\"\"),\"\",VLOOKUP(VLOOKUP(Q792&\" Cost & \"&Z792&\" Benefit\",'Overall Priority'!$D$21:$E$45,2,FALSE),'Overall Priority'!$B$8:$E$16,4,FALSE))","v":""},{"$f":"IF(OR(Q792=\"\",Z792=\"\"),\"\",VLOOKUP(Q792&\" Cost & \"&Z792&\" Benefit\",'Overall Priority'!$D$21:$E$45,2,FALSE))","v":""}]
[null,null,null,null,null,null,null,null,null,null,null,null,null,null,null,{"$f":"IF(O793=\"\",\"\",IF(O793<'Cost Band & Priority'!$E$12,5,IF(O793<'Cost Band & Priority'!$E$11,4,IF(O793<'Cost Band & Priority'!$E$10,3,IF(O793<'Cost Band & Priority'!$E$9,2,1)))))","v":""},{"$f":"IF(P793=\"\",\"\",VLOOKUP(P793,'Cost Band & Priority'!$B$8:$E$12,2,FALSE))","v":""},null,null,null,null,null,null,null,"",{"$f":"IF(Y793=\"\",\"\",VLOOKUP(Y793,'Benefit Priority'!$B$25:$C$47,2,FALSE))","v":""},{"$f":"IF(OR(Q793=\"\",Z793=\"\"),\"\",VLOOKUP(VLOOKUP(Q793&\" Cost & \"&Z793&\" Benefit\",'Overall Priority'!$D$21:$E$45,2,FALSE),'Overall Priority'!$B$8:$E$16,4,FALSE))","v":""},{"$f":"IF(OR(Q793=\"\",Z793=\"\"),\"\",VLOOKUP(Q793&\" Cost & \"&Z793&\" Benefit\",'Overall Priority'!$D$21:$E$45,2,FALSE))","v":""}]
[null,null,null,null,null,null,null,null,null,null,null,null,null,null,null,{"$f":"IF(O794=\"\",\"\",IF(O794<'Cost Band & Priority'!$E$12,5,IF(O794<'Cost Band & Priority'!$E$11,4,IF(O794<'Cost Band & Priority'!$E$10,3,IF(O794<'Cost Band & Priority'!$E$9,2,1)))))","v":""},{"$f":"IF(P794=\"\",\"\",VLOOKUP(P794,'Cost Band & Priority'!$B$8:$E$12,2,FALSE))","v":""},null,null,null,null,null,null,null,"",{"$f":"IF(Y794=\"\",\"\",VLOOKUP(Y794,'Benefit Priority'!$B$25:$C$47,2,FALSE))","v":""},{"$f":"IF(OR(Q794=\"\",Z794=\"\"),\"\",VLOOKUP(VLOOKUP(Q794&\" Cost & \"&Z794&\" Benefit\",'Overall Priority'!$D$21:$E$45,2,FALSE),'Overall Priority'!$B$8:$E$16,4,FALSE))","v":""},{"$f":"IF(OR(Q794=\"\",Z794=\"\"),\"\",VLOOKUP(Q794&\" Cost & \"&Z794&\" Benefit\",'Overall Priority'!$D$21:$E$45,2,FALSE))","v":""}]
[null,null,null,null,null,null,null,null,null,null,null,null,null,null,null,{"$f":"IF(O795=\"\",\"\",IF(O795<'Cost Band & Priority'!$E$12,5,IF(O795<'Cost Band & Priority'!$E$11,4,IF(O795<'Cost Band & Priority'!$E$10,3,IF(O795<'Cost Band & Priority'!$E$9,2,1)))))","v":""},{"$f":"IF(P795=\"\",\"\",VLOOKUP(P795,'Cost Band & Priority'!$B$8:$E$12,2,FALSE))","v":""},null,null,null,null,null,null,null,"",{"$f":"IF(Y795=\"\",\"\",VLOOKUP(Y795,'Benefit Priority'!$B$25:$C$47,2,FALSE))","v":""},{"$f":"IF(OR(Q795=\"\",Z795=\"\"),\"\",VLOOKUP(VLOOKUP(Q795&\" Cost & \"&Z795&\" Benefit\",'Overall Priority'!$D$21:$E$45,2,FALSE),'Overall Priority'!$B$8:$E$16,4,FALSE))","v":""},{"$f":"IF(OR(Q795=\"\",Z795=\"\"),\"\",VLOOKUP(Q795&\" Cost & \"&Z795&\" Benefit\",'Overall Priority'!$D$21:$E$45,2,FALSE))","v":""}]
[null,null,null,null,null,null,null,null,null,null,null,null,null,null,null,{"$f":"IF(O796=\"\",\"\",IF(O796<'Cost Band & Priority'!$E$12,5,IF(O796<'Cost Band & Priority'!$E$11,4,IF(O796<'Cost Band & Priority'!$E$10,3,IF(O796<'Cost Band & Priority'!$E$9,2,1)))))","v":""},{"$f":"IF(P796=\"\",\"\",VLOOKUP(P796,'Cost Band & Priority'!$B$8:$E$12,2,FALSE))","v":""},null,null,null,null,null,null,null,"",{"$f":"IF(Y796=\"\",\"\",VLOOKUP(Y796,'Benefit Priority'!$B$25:$C$47,2,FALSE))","v":""},{"$f":"IF(OR(Q796=\"\",Z796=\"\"),\"\",VLOOKUP(VLOOKUP(Q796&\" Cost & \"&Z796&\" Benefit\",'Overall Priority'!$D$21:$E$45,2,FALSE),'Overall Priority'!$B$8:$E$16,4,FALSE))","v":""},{"$f":"IF(OR(Q796=\"\",Z796=\"\"),\"\",VLOOKUP(Q796&\" Cost & \"&Z796&\" Benefit\",'Overall Priority'!$D$21:$E$45,2,FALSE))","v":""}]
[null,null,null,null,null,null,null,null,null,null,null,null,null,null,null,{"$f":"IF(O797=\"\",\"\",IF(O797<'Cost Band & Priority'!$E$12,5,IF(O797<'Cost Band & Priority'!$E$11,4,IF(O797<'Cost Band & Priority'!$E$10,3,IF(O797<'Cost Band & Priority'!$E$9,2,1)))))","v":""},{"$f":"IF(P797=\"\",\"\",VLOOKUP(P797,'Cost Band & Priority'!$B$8:$E$12,2,FALSE))","v":""},null,null,null,null,null,null,null,"",{"$f":"IF(Y797=\"\",\"\",VLOOKUP(Y797,'Benefit Priority'!$B$25:$C$47,2,FALSE))","v":""},{"$f":"IF(OR(Q797=\"\",Z797=\"\"),\"\",VLOOKUP(VLOOKUP(Q797&\" Cost & \"&Z797&\" Benefit\",'Overall Priority'!$D$21:$E$45,2,FALSE),'Overall Priority'!$B$8:$E$16,4,FALSE))","v":""},{"$f":"IF(OR(Q797=\"\",Z797=\"\"),\"\",VLOOKUP(Q797&\" Cost & \"&Z797&\" Benefit\",'Overall Priority'!$D$21:$E$45,2,FALSE))","v":""}]
[null,null,null,null,null,null,null,null,null,null,null,null,null,null,null,{"$f":"IF(O798=\"\",\"\",IF(O798<'Cost Band & Priority'!$E$12,5,IF(O798<'Cost Band & Priority'!$E$11,4,IF(O798<'Cost Band & Priority'!$E$10,3,IF(O798<'Cost Band & Priority'!$E$9,2,1)))))","v":""},{"$f":"IF(P798=\"\",\"\",VLOOKUP(P798,'Cost Band & Priority'!$B$8:$E$12,2,FALSE))","v":""},null,null,null,null,null,null,null,"",{"$f":"IF(Y798=\"\",\"\",VLOOKUP(Y798,'Benefit Priority'!$B$25:$C$47,2,FALSE))","v":""},{"$f":"IF(OR(Q798=\"\",Z798=\"\"),\"\",VLOOKUP(VLOOKUP(Q798&\" Cost & \"&Z798&\" Benefit\",'Overall Priority'!$D$21:$E$45,2,FALSE),'Overall Priority'!$B$8:$E$16,4,FALSE))","v":""},{"$f":"IF(OR(Q798=\"\",Z798=\"\"),\"\",VLOOKUP(Q798&\" Cost & \"&Z798&\" Benefit\",'Overall Priority'!$D$21:$E$45,2,FALSE))","v":""}]
[null,null,null,null,null,null,null,null,null,null,null,null,null,null,null,{"$f":"IF(O799=\"\",\"\",IF(O799<'Cost Band & Priority'!$E$12,5,IF(O799<'Cost Band & Priority'!$E$11,4,IF(O799<'Cost Band & Priority'!$E$10,3,IF(O799<'Cost Band & Priority'!$E$9,2,1)))))","v":""},{"$f":"IF(P799=\"\",\"\",VLOOKUP(P799,'Cost Band & Priority'!$B$8:$E$12,2,FALSE))","v":""},null,null,null,null,null,null,null,"",{"$f":"IF(Y799=\"\",\"\",VLOOKUP(Y799,'Benefit Priority'!$B$25:$C$47,2,FALSE))","v":""},{"$f":"IF(OR(Q799=\"\",Z799=\"\"),\"\",VLOOKUP(VLOOKUP(Q799&\" Cost & \"&Z799&\" Benefit\",'Overall Priority'!$D$21:$E$45,2,FALSE),'Overall Priority'!$B$8:$E$16,4,FALSE))","v":""},{"$f":"IF(OR(Q799=\"\",Z799=\"\"),\"\",VLOOKUP(Q799&\" Cost & \"&Z799&\" Benefit\",'Overall Priority'!$D$21:$E$45,2,FALSE))","v":""}]
[null,null,null,null,null,null,null,null,null,null,null,null,null,null,null,{"$f":"IF(O800=\"\",\"\",IF(O800<'Cost Band & Priority'!$E$12,5,IF(O800<'Cost Band & Priority'!$E$11,4,IF(O800<'Cost Band & Priority'!$E$10,3,IF(O800<'Cost Band & Priority'!$E$9,2,1)))))","v":""},{"$f":"IF(P800=\"\",\"\",VLOOKUP(P800,'Cost Band & Priority'!$B$8:$E$12,2,FALSE))","v":""},null,null,null,null,null,null,null,"",{"$f":"IF(Y800=\"\",\"\",VLOOKUP(Y800,'Benefit Priority'!$B$25:$C$47,2,FALSE))","v":""},{"$f":"IF(OR(Q800=\"\",Z800=\"\"),\"\",VLOOKUP(VLOOKUP(Q800&\" Cost & \"&Z800&\" Benefit\",'Overall Priority'!$D$21:$E$45,2,FALSE),'Overall Priority'!$B$8:$E$16,4,FALSE))","v":""},{"$f":"IF(OR(Q800=\"\",Z800=\"\"),\"\",VLOOKUP(Q800&\" Cost & \"&Z800&\" Benefit\",'Overall Priority'!$D$21:$E$45,2,FALSE))","v":""}]
[null,null,null,null,null,null,null,null,null,null,null,null,null,null,null,{"$f":"IF(O801=\"\",\"\",IF(O801<'Cost Band & Priority'!$E$12,5,IF(O801<'Cost Band & Priority'!$E$11,4,IF(O801<'Cost Band & Priority'!$E$10,3,IF(O801<'Cost Band & Priority'!$E$9,2,1)))))","v":""},{"$f":"IF(P801=\"\",\"\",VLOOKUP(P801,'Cost Band & Priority'!$B$8:$E$12,2,FALSE))","v":""},null,null,null,null,null,null,null,"",{"$f":"IF(Y801=\"\",\"\",VLOOKUP(Y801,'Benefit Priority'!$B$25:$C$47,2,FALSE))","v":""},{"$f":"IF(OR(Q801=\"\",Z801=\"\"),\"\",VLOOKUP(VLOOKUP(Q801&\" Cost & \"&Z801&\" Benefit\",'Overall Priority'!$D$21:$E$45,2,FALSE),'Overall Priority'!$B$8:$E$16,4,FALSE))","v":""},{"$f":"IF(OR(Q801=\"\",Z801=\"\"),\"\",VLOOKUP(Q801&\" Cost & \"&Z801&\" Benefit\",'Overall Priority'!$D$21:$E$45,2,FALSE))","v":""}]
[null,null,null,null,null,null,null,null,null,null,null,null,null,null,null,{"$f":"IF(O802=\"\",\"\",IF(O802<'Cost Band & Priority'!$E$12,5,IF(O802<'Cost Band & Priority'!$E$11,4,IF(O802<'Cost Band & Priority'!$E$10,3,IF(O802<'Cost Band & Priority'!$E$9,2,1)))))","v":""},{"$f":"IF(P802=\"\",\"\",VLOOKUP(P802,'Cost Band & Priority'!$B$8:$E$12,2,FALSE))","v":""},null,null,null,null,null,null,null,"",{"$f":"IF(Y802=\"\",\"\",VLOOKUP(Y802,'Benefit Priority'!$B$25:$C$47,2,FALSE))","v":""},{"$f":"IF(OR(Q802=\"\",Z802=\"\"),\"\",VLOOKUP(VLOOKUP(Q802&\" Cost & \"&Z802&\" Benefit\",'Overall Priority'!$D$21:$E$45,2,FALSE),'Overall Priority'!$B$8:$E$16,4,FALSE))","v":""},{"$f":"IF(OR(Q802=\"\",Z802=\"\"),\"\",VLOOKUP(Q802&\" Cost & \"&Z802&\" Benefit\",'Overall Priority'!$D$21:$E$45,2,FALSE))","v":""}]
[null,null,null,null,null,null,null,null,null,null,null,null,null,null,null,{"$f":"IF(O803=\"\",\"\",IF(O803<'Cost Band & Priority'!$E$12,5,IF(O803<'Cost Band & Priority'!$E$11,4,IF(O803<'Cost Band & Priority'!$E$10,3,IF(O803<'Cost Band & Priority'!$E$9,2,1)))))","v":""},{"$f":"IF(P803=\"\",\"\",VLOOKUP(P803,'Cost Band & Priority'!$B$8:$E$12,2,FALSE))","v":""},null,null,null,null,null,null,null,"",{"$f":"IF(Y803=\"\",\"\",VLOOKUP(Y803,'Benefit Priority'!$B$25:$C$47,2,FALSE))","v":""},{"$f":"IF(OR(Q803=\"\",Z803=\"\"),\"\",VLOOKUP(VLOOKUP(Q803&\" Cost & \"&Z803&\" Benefit\",'Overall Priority'!$D$21:$E$45,2,FALSE),'Overall Priority'!$B$8:$E$16,4,FALSE))","v":""},{"$f":"IF(OR(Q803=\"\",Z803=\"\"),\"\",VLOOKUP(Q803&\" Cost & \"&Z803&\" Benefit\",'Overall Priority'!$D$21:$E$45,2,FALSE))","v":""}]
[null,null,null,null,null,null,null,null,null,null,null,null,null,null,null,{"$f":"IF(O804=\"\",\"\",IF(O804<'Cost Band & Priority'!$E$12,5,IF(O804<'Cost Band & Priority'!$E$11,4,IF(O804<'Cost Band & Priority'!$E$10,3,IF(O804<'Cost Band & Priority'!$E$9,2,1)))))","v":""},{"$f":"IF(P804=\"\",\"\",VLOOKUP(P804,'Cost Band & Priority'!$B$8:$E$12,2,FALSE))","v":""},null,null,null,null,null,null,null,"",{"$f":"IF(Y804=\"\",\"\",VLOOKUP(Y804,'Benefit Priority'!$B$25:$C$47,2,FALSE))","v":""},{"$f":"IF(OR(Q804=\"\",Z804=\"\"),\"\",VLOOKUP(VLOOKUP(Q804&\" Cost & \"&Z804&\" Benefit\",'Overall Priority'!$D$21:$E$45,2,FALSE),'Overall Priority'!$B$8:$E$16,4,FALSE))","v":""},{"$f":"IF(OR(Q804=\"\",Z804=\"\"),\"\",VLOOKUP(Q804&\" Cost & \"&Z804&\" Benefit\",'Overall Priority'!$D$21:$E$45,2,FALSE))","v":""}]
[null,null,null,null,null,null,null,null,null,null,null,null,null,null,null,{"$f":"IF(O805=\"\",\"\",IF(O805<'Cost Band & Priority'!$E$12,5,IF(O805<'Cost Band & Priority'!$E$11,4,IF(O805<'Cost Band & Priority'!$E$10,3,IF(O805<'Cost Band & Priority'!$E$9,2,1)))))","v":""},{"$f":"IF(P805=\"\",\"\",VLOOKUP(P805,'Cost Band & Priority'!$B$8:$E$12,2,FALSE))","v":""},null,null,null,null,null,null,null,"",{"$f":"IF(Y805=\"\",\"\",VLOOKUP(Y805,'Benefit Priority'!$B$25:$C$47,2,FALSE))","v":""},{"$f":"IF(OR(Q805=\"\",Z805=\"\"),\"\",VLOOKUP(VLOOKUP(Q805&\" Cost & \"&Z805&\" Benefit\",'Overall Priority'!$D$21:$E$45,2,FALSE),'Overall Priority'!$B$8:$E$16,4,FALSE))","v":""},{"$f":"IF(OR(Q805=\"\",Z805=\"\"),\"\",VLOOKUP(Q805&\" Cost & \"&Z805&\" Benefit\",'Overall Priority'!$D$21:$E$45,2,FALSE))","v":""}]
[null,null,null,null,null,null,null,null,null,null,null,null,null,null,null,{"$f":"IF(O806=\"\",\"\",IF(O806<'Cost Band & Priority'!$E$12,5,IF(O806<'Cost Band & Priority'!$E$11,4,IF(O806<'Cost Band & Priority'!$E$10,3,IF(O806<'Cost Band & Priority'!$E$9,2,1)))))","v":""},{"$f":"IF(P806=\"\",\"\",VLOOKUP(P806,'Cost Band & Priority'!$B$8:$E$12,2,FALSE))","v":""},null,null,null,null,null,null,null,"",{"$f":"IF(Y806=\"\",\"\",VLOOKUP(Y806,'Benefit Priority'!$B$25:$C$47,2,FALSE))","v":""},{"$f":"IF(OR(Q806=\"\",Z806=\"\"),\"\",VLOOKUP(VLOOKUP(Q806&\" Cost & \"&Z806&\" Benefit\",'Overall Priority'!$D$21:$E$45,2,FALSE),'Overall Priority'!$B$8:$E$16,4,FALSE))","v":""},{"$f":"IF(OR(Q806=\"\",Z806=\"\"),\"\",VLOOKUP(Q806&\" Cost & \"&Z806&\" Benefit\",'Overall Priority'!$D$21:$E$45,2,FALSE))","v":""}]
[null,null,null,null,null,null,null,null,null,null,null,null,null,null,null,{"$f":"IF(O807=\"\",\"\",IF(O807<'Cost Band & Priority'!$E$12,5,IF(O807<'Cost Band & Priority'!$E$11,4,IF(O807<'Cost Band & Priority'!$E$10,3,IF(O807<'Cost Band & Priority'!$E$9,2,1)))))","v":""},{"$f":"IF(P807=\"\",\"\",VLOOKUP(P807,'Cost Band & Priority'!$B$8:$E$12,2,FALSE))","v":""},null,null,null,null,null,null,null,"",{"$f":"IF(Y807=\"\",\"\",VLOOKUP(Y807,'Benefit Priority'!$B$25:$C$47,2,FALSE))","v":""},{"$f":"IF(OR(Q807=\"\",Z807=\"\"),\"\",VLOOKUP(VLOOKUP(Q807&\" Cost & \"&Z807&\" Benefit\",'Overall Priority'!$D$21:$E$45,2,FALSE),'Overall Priority'!$B$8:$E$16,4,FALSE))","v":""},{"$f":"IF(OR(Q807=\"\",Z807=\"\"),\"\",VLOOKUP(Q807&\" Cost & \"&Z807&\" Benefit\",'Overall Priority'!$D$21:$E$45,2,FALSE))","v":""}]
[null,null,null,null,null,null,null,null,null,null,null,null,null,null,null,{"$f":"IF(O808=\"\",\"\",IF(O808<'Cost Band & Priority'!$E$12,5,IF(O808<'Cost Band & Priority'!$E$11,4,IF(O808<'Cost Band & Priority'!$E$10,3,IF(O808<'Cost Band & Priority'!$E$9,2,1)))))","v":""},{"$f":"IF(P808=\"\",\"\",VLOOKUP(P808,'Cost Band & Priority'!$B$8:$E$12,2,FALSE))","v":""},null,null,null,null,null,null,null,"",{"$f":"IF(Y808=\"\",\"\",VLOOKUP(Y808,'Benefit Priority'!$B$25:$C$47,2,FALSE))","v":""},{"$f":"IF(OR(Q808=\"\",Z808=\"\"),\"\",VLOOKUP(VLOOKUP(Q808&\" Cost & \"&Z808&\" Benefit\",'Overall Priority'!$D$21:$E$45,2,FALSE),'Overall Priority'!$B$8:$E$16,4,FALSE))","v":""},{"$f":"IF(OR(Q808=\"\",Z808=\"\"),\"\",VLOOKUP(Q808&\" Cost & \"&Z808&\" Benefit\",'Overall Priority'!$D$21:$E$45,2,FALSE))","v":""}]
[null,null,null,null,null,null,null,null,null,null,null,null,null,null,null,{"$f":"IF(O809=\"\",\"\",IF(O809<'Cost Band & Priority'!$E$12,5,IF(O809<'Cost Band & Priority'!$E$11,4,IF(O809<'Cost Band & Priority'!$E$10,3,IF(O809<'Cost Band & Priority'!$E$9,2,1)))))","v":""},{"$f":"IF(P809=\"\",\"\",VLOOKUP(P809,'Cost Band & Priority'!$B$8:$E$12,2,FALSE))","v":""},null,null,null,null,null,null,null,"",{"$f":"IF(Y809=\"\",\"\",VLOOKUP(Y809,'Benefit Priority'!$B$25:$C$47,2,FALSE))","v":""},{"$f":"IF(OR(Q809=\"\",Z809=\"\"),\"\",VLOOKUP(VLOOKUP(Q809&\" Cost & \"&Z809&\" Benefit\",'Overall Priority'!$D$21:$E$45,2,FALSE),'Overall Priority'!$B$8:$E$16,4,FALSE))","v":""},{"$f":"IF(OR(Q809=\"\",Z809=\"\"),\"\",VLOOKUP(Q809&\" Cost & \"&Z809&\" Benefit\",'Overall Priority'!$D$21:$E$45,2,FALSE))","v":""}]
[null,null,null,null,null,null,null,null,null,null,null,null,null,null,null,{"$f":"IF(O810=\"\",\"\",IF(O810<'Cost Band & Priority'!$E$12,5,IF(O810<'Cost Band & Priority'!$E$11,4,IF(O810<'Cost Band & Priority'!$E$10,3,IF(O810<'Cost Band & Priority'!$E$9,2,1)))))","v":""},{"$f":"IF(P810=\"\",\"\",VLOOKUP(P810,'Cost Band & Priority'!$B$8:$E$12,2,FALSE))","v":""},null,null,null,null,null,null,null,"",{"$f":"IF(Y810=\"\",\"\",VLOOKUP(Y810,'Benefit Priority'!$B$25:$C$47,2,FALSE))","v":""},{"$f":"IF(OR(Q810=\"\",Z810=\"\"),\"\",VLOOKUP(VLOOKUP(Q810&\" Cost & \"&Z810&\" Benefit\",'Overall Priority'!$D$21:$E$45,2,FALSE),'Overall Priority'!$B$8:$E$16,4,FALSE))","v":""},{"$f":"IF(OR(Q810=\"\",Z810=\"\"),\"\",VLOOKUP(Q810&\" Cost & \"&Z810&\" Benefit\",'Overall Priority'!$D$21:$E$45,2,FALSE))","v":""}]
[null,null,null,null,null,null,null,null,null,null,null,null,null,null,null,{"$f":"IF(O811=\"\",\"\",IF(O811<'Cost Band & Priority'!$E$12,5,IF(O811<'Cost Band & Priority'!$E$11,4,IF(O811<'Cost Band & Priority'!$E$10,3,IF(O811<'Cost Band & Priority'!$E$9,2,1)))))","v":""},{"$f":"IF(P811=\"\",\"\",VLOOKUP(P811,'Cost Band & Priority'!$B$8:$E$12,2,FALSE))","v":""},null,null,null,null,null,null,null,"",{"$f":"IF(Y811=\"\",\"\",VLOOKUP(Y811,'Benefit Priority'!$B$25:$C$47,2,FALSE))","v":""},{"$f":"IF(OR(Q811=\"\",Z811=\"\"),\"\",VLOOKUP(VLOOKUP(Q811&\" Cost & \"&Z811&\" Benefit\",'Overall Priority'!$D$21:$E$45,2,FALSE),'Overall Priority'!$B$8:$E$16,4,FALSE))","v":""},{"$f":"IF(OR(Q811=\"\",Z811=\"\"),\"\",VLOOKUP(Q811&\" Cost & \"&Z811&\" Benefit\",'Overall Priority'!$D$21:$E$45,2,FALSE))","v":""}]
[null,null,null,null,null,null,null,null,null,null,null,null,null,null,null,{"$f":"IF(O812=\"\",\"\",IF(O812<'Cost Band & Priority'!$E$12,5,IF(O812<'Cost Band & Priority'!$E$11,4,IF(O812<'Cost Band & Priority'!$E$10,3,IF(O812<'Cost Band & Priority'!$E$9,2,1)))))","v":""},{"$f":"IF(P812=\"\",\"\",VLOOKUP(P812,'Cost Band & Priority'!$B$8:$E$12,2,FALSE))","v":""},null,null,null,null,null,null,null,"",{"$f":"IF(Y812=\"\",\"\",VLOOKUP(Y812,'Benefit Priority'!$B$25:$C$47,2,FALSE))","v":""},{"$f":"IF(OR(Q812=\"\",Z812=\"\"),\"\",VLOOKUP(VLOOKUP(Q812&\" Cost & \"&Z812&\" Benefit\",'Overall Priority'!$D$21:$E$45,2,FALSE),'Overall Priority'!$B$8:$E$16,4,FALSE))","v":""},{"$f":"IF(OR(Q812=\"\",Z812=\"\"),\"\",VLOOKUP(Q812&\" Cost & \"&Z812&\" Benefit\",'Overall Priority'!$D$21:$E$45,2,FALSE))","v":""}]
[null,null,null,null,null,null,null,null,null,null,null,null,null,null,null,{"$f":"IF(O813=\"\",\"\",IF(O813<'Cost Band & Priority'!$E$12,5,IF(O813<'Cost Band & Priority'!$E$11,4,IF(O813<'Cost Band & Priority'!$E$10,3,IF(O813<'Cost Band & Priority'!$E$9,2,1)))))","v":""},{"$f":"IF(P813=\"\",\"\",VLOOKUP(P813,'Cost Band & Priority'!$B$8:$E$12,2,FALSE))","v":""},null,null,null,null,null,null,null,"",{"$f":"IF(Y813=\"\",\"\",VLOOKUP(Y813,'Benefit Priority'!$B$25:$C$47,2,FALSE))","v":""},{"$f":"IF(OR(Q813=\"\",Z813=\"\"),\"\",VLOOKUP(VLOOKUP(Q813&\" Cost & \"&Z813&\" Benefit\",'Overall Priority'!$D$21:$E$45,2,FALSE),'Overall Priority'!$B$8:$E$16,4,FALSE))","v":""},{"$f":"IF(OR(Q813=\"\",Z813=\"\"),\"\",VLOOKUP(Q813&\" Cost & \"&Z813&\" Benefit\",'Overall Priority'!$D$21:$E$45,2,FALSE))","v":""}]
[null,null,null,null,null,null,null,null,null,null,null,null,null,null,null,{"$f":"IF(O814=\"\",\"\",IF(O814<'Cost Band & Priority'!$E$12,5,IF(O814<'Cost Band & Priority'!$E$11,4,IF(O814<'Cost Band & Priority'!$E$10,3,IF(O814<'Cost Band & Priority'!$E$9,2,1)))))","v":""},{"$f":"IF(P814=\"\",\"\",VLOOKUP(P814,'Cost Band & Priority'!$B$8:$E$12,2,FALSE))","v":""},null,null,null,null,null,null,null,"",{"$f":"IF(Y814=\"\",\"\",VLOOKUP(Y814,'Benefit Priority'!$B$25:$C$47,2,FALSE))","v":""},{"$f":"IF(OR(Q814=\"\",Z814=\"\"),\"\",VLOOKUP(VLOOKUP(Q814&\" Cost & \"&Z814&\" Benefit\",'Overall Priority'!$D$21:$E$45,2,FALSE),'Overall Priority'!$B$8:$E$16,4,FALSE))","v":""},{"$f":"IF(OR(Q814=\"\",Z814=\"\"),\"\",VLOOKUP(Q814&\" Cost & \"&Z814&\" Benefit\",'Overall Priority'!$D$21:$E$45,2,FALSE))","v":""}]
[null,null,null,null,null,null,null,null,null,null,null,null,null,null,null,{"$f":"IF(O815=\"\",\"\",IF(O815<'Cost Band & Priority'!$E$12,5,IF(O815<'Cost Band & Priority'!$E$11,4,IF(O815<'Cost Band & Priority'!$E$10,3,IF(O815<'Cost Band & Priority'!$E$9,2,1)))))","v":""},{"$f":"IF(P815=\"\",\"\",VLOOKUP(P815,'Cost Band & Priority'!$B$8:$E$12,2,FALSE))","v":""},null,null,null,null,null,null,null,"",{"$f":"IF(Y815=\"\",\"\",VLOOKUP(Y815,'Benefit Priority'!$B$25:$C$47,2,FALSE))","v":""},{"$f":"IF(OR(Q815=\"\",Z815=\"\"),\"\",VLOOKUP(VLOOKUP(Q815&\" Cost & \"&Z815&\" Benefit\",'Overall Priority'!$D$21:$E$45,2,FALSE),'Overall Priority'!$B$8:$E$16,4,FALSE))","v":""},{"$f":"IF(OR(Q815=\"\",Z815=\"\"),\"\",VLOOKUP(Q815&\" Cost & \"&Z815&\" Benefit\",'Overall Priority'!$D$21:$E$45,2,FALSE))","v":""}]
[null,null,null,null,null,null,null,null,null,null,null,null,null,null,null,{"$f":"IF(O816=\"\",\"\",IF(O816<'Cost Band & Priority'!$E$12,5,IF(O816<'Cost Band & Priority'!$E$11,4,IF(O816<'Cost Band & Priority'!$E$10,3,IF(O816<'Cost Band & Priority'!$E$9,2,1)))))","v":""},{"$f":"IF(P816=\"\",\"\",VLOOKUP(P816,'Cost Band & Priority'!$B$8:$E$12,2,FALSE))","v":""},null,null,null,null,null,null,null,"",{"$f":"IF(Y816=\"\",\"\",VLOOKUP(Y816,'Benefit Priority'!$B$25:$C$47,2,FALSE))","v":""},{"$f":"IF(OR(Q816=\"\",Z816=\"\"),\"\",VLOOKUP(VLOOKUP(Q816&\" Cost & \"&Z816&\" Benefit\",'Overall Priority'!$D$21:$E$45,2,FALSE),'Overall Priority'!$B$8:$E$16,4,FALSE))","v":""},{"$f":"IF(OR(Q816=\"\",Z816=\"\"),\"\",VLOOKUP(Q816&\" Cost & \"&Z816&\" Benefit\",'Overall Priority'!$D$21:$E$45,2,FALSE))","v":""}]
[null,null,null,null,null,null,null,null,null,null,null,null,null,null,null,{"$f":"IF(O817=\"\",\"\",IF(O817<'Cost Band & Priority'!$E$12,5,IF(O817<'Cost Band & Priority'!$E$11,4,IF(O817<'Cost Band & Priority'!$E$10,3,IF(O817<'Cost Band & Priority'!$E$9,2,1)))))","v":""},{"$f":"IF(P817=\"\",\"\",VLOOKUP(P817,'Cost Band & Priority'!$B$8:$E$12,2,FALSE))","v":""},null,null,null,null,null,null,null,"",{"$f":"IF(Y817=\"\",\"\",VLOOKUP(Y817,'Benefit Priority'!$B$25:$C$47,2,FALSE))","v":""},{"$f":"IF(OR(Q817=\"\",Z817=\"\"),\"\",VLOOKUP(VLOOKUP(Q817&\" Cost & \"&Z817&\" Benefit\",'Overall Priority'!$D$21:$E$45,2,FALSE),'Overall Priority'!$B$8:$E$16,4,FALSE))","v":""},{"$f":"IF(OR(Q817=\"\",Z817=\"\"),\"\",VLOOKUP(Q817&\" Cost & \"&Z817&\" Benefit\",'Overall Priority'!$D$21:$E$45,2,FALSE))","v":""}]
[null,null,null,null,null,null,null,null,null,null,null,null,null,null,null,{"$f":"IF(O818=\"\",\"\",IF(O818<'Cost Band & Priority'!$E$12,5,IF(O818<'Cost Band & Priority'!$E$11,4,IF(O818<'Cost Band & Priority'!$E$10,3,IF(O818<'Cost Band & Priority'!$E$9,2,1)))))","v":""},{"$f":"IF(P818=\"\",\"\",VLOOKUP(P818,'Cost Band & Priority'!$B$8:$E$12,2,FALSE))","v":""},null,null,null,null,null,null,null,"",{"$f":"IF(Y818=\"\",\"\",VLOOKUP(Y818,'Benefit Priority'!$B$25:$C$47,2,FALSE))","v":""},{"$f":"IF(OR(Q818=\"\",Z818=\"\"),\"\",VLOOKUP(VLOOKUP(Q818&\" Cost & \"&Z818&\" Benefit\",'Overall Priority'!$D$21:$E$45,2,FALSE),'Overall Priority'!$B$8:$E$16,4,FALSE))","v":""},{"$f":"IF(OR(Q818=\"\",Z818=\"\"),\"\",VLOOKUP(Q818&\" Cost & \"&Z818&\" Benefit\",'Overall Priority'!$D$21:$E$45,2,FALSE))","v":""}]
[null,null,null,null,null,null,null,null,null,null,null,null,null,null,null,{"$f":"IF(O819=\"\",\"\",IF(O819<'Cost Band & Priority'!$E$12,5,IF(O819<'Cost Band & Priority'!$E$11,4,IF(O819<'Cost Band & Priority'!$E$10,3,IF(O819<'Cost Band & Priority'!$E$9,2,1)))))","v":""},{"$f":"IF(P819=\"\",\"\",VLOOKUP(P819,'Cost Band & Priority'!$B$8:$E$12,2,FALSE))","v":""},null,null,null,null,null,null,null,"",{"$f":"IF(Y819=\"\",\"\",VLOOKUP(Y819,'Benefit Priority'!$B$25:$C$47,2,FALSE))","v":""},{"$f":"IF(OR(Q819=\"\",Z819=\"\"),\"\",VLOOKUP(VLOOKUP(Q819&\" Cost & \"&Z819&\" Benefit\",'Overall Priority'!$D$21:$E$45,2,FALSE),'Overall Priority'!$B$8:$E$16,4,FALSE))","v":""},{"$f":"IF(OR(Q819=\"\",Z819=\"\"),\"\",VLOOKUP(Q819&\" Cost & \"&Z819&\" Benefit\",'Overall Priority'!$D$21:$E$45,2,FALSE))","v":""}]
[null,null,null,null,null,null,null,null,null,null,null,null,null,null,null,{"$f":"IF(O820=\"\",\"\",IF(O820<'Cost Band & Priority'!$E$12,5,IF(O820<'Cost Band & Priority'!$E$11,4,IF(O820<'Cost Band & Priority'!$E$10,3,IF(O820<'Cost Band & Priority'!$E$9,2,1)))))","v":""},{"$f":"IF(P820=\"\",\"\",VLOOKUP(P820,'Cost Band & Priority'!$B$8:$E$12,2,FALSE))","v":""},null,null,null,null,null,null,null,"",{"$f":"IF(Y820=\"\",\"\",VLOOKUP(Y820,'Benefit Priority'!$B$25:$C$47,2,FALSE))","v":""},{"$f":"IF(OR(Q820=\"\",Z820=\"\"),\"\",VLOOKUP(VLOOKUP(Q820&\" Cost & \"&Z820&\" Benefit\",'Overall Priority'!$D$21:$E$45,2,FALSE),'Overall Priority'!$B$8:$E$16,4,FALSE))","v":""},{"$f":"IF(OR(Q820=\"\",Z820=\"\"),\"\",VLOOKUP(Q820&\" Cost & \"&Z820&\" Benefit\",'Overall Priority'!$D$21:$E$45,2,FALSE))","v":""}]
[null,null,null,null,null,null,null,null,null,null,null,null,null,null,null,{"$f":"IF(O821=\"\",\"\",IF(O821<'Cost Band & Priority'!$E$12,5,IF(O821<'Cost Band & Priority'!$E$11,4,IF(O821<'Cost Band & Priority'!$E$10,3,IF(O821<'Cost Band & Priority'!$E$9,2,1)))))","v":""},{"$f":"IF(P821=\"\",\"\",VLOOKUP(P821,'Cost Band & Priority'!$B$8:$E$12,2,FALSE))","v":""},null,null,null,null,null,null,null,"",{"$f":"IF(Y821=\"\",\"\",VLOOKUP(Y821,'Benefit Priority'!$B$25:$C$47,2,FALSE))","v":""},{"$f":"IF(OR(Q821=\"\",Z821=\"\"),\"\",VLOOKUP(VLOOKUP(Q821&\" Cost & \"&Z821&\" Benefit\",'Overall Priority'!$D$21:$E$45,2,FALSE),'Overall Priority'!$B$8:$E$16,4,FALSE))","v":""},{"$f":"IF(OR(Q821=\"\",Z821=\"\"),\"\",VLOOKUP(Q821&\" Cost & \"&Z821&\" Benefit\",'Overall Priority'!$D$21:$E$45,2,FALSE))","v":""}]
[null,null,null,null,null,null,null,null,null,null,null,null,null,null,null,{"$f":"IF(O822=\"\",\"\",IF(O822<'Cost Band & Priority'!$E$12,5,IF(O822<'Cost Band & Priority'!$E$11,4,IF(O822<'Cost Band & Priority'!$E$10,3,IF(O822<'Cost Band & Priority'!$E$9,2,1)))))","v":""},{"$f":"IF(P822=\"\",\"\",VLOOKUP(P822,'Cost Band & Priority'!$B$8:$E$12,2,FALSE))","v":""},null,null,null,null,null,null,null,"",{"$f":"IF(Y822=\"\",\"\",VLOOKUP(Y822,'Benefit Priority'!$B$25:$C$47,2,FALSE))","v":""},{"$f":"IF(OR(Q822=\"\",Z822=\"\"),\"\",VLOOKUP(VLOOKUP(Q822&\" Cost & \"&Z822&\" Benefit\",'Overall Priority'!$D$21:$E$45,2,FALSE),'Overall Priority'!$B$8:$E$16,4,FALSE))","v":""},{"$f":"IF(OR(Q822=\"\",Z822=\"\"),\"\",VLOOKUP(Q822&\" Cost & \"&Z822&\" Benefit\",'Overall Priority'!$D$21:$E$45,2,FALSE))","v":""}]
[null,null,null,null,null,null,null,null,null,null,null,null,null,null,null,{"$f":"IF(O823=\"\",\"\",IF(O823<'Cost Band & Priority'!$E$12,5,IF(O823<'Cost Band & Priority'!$E$11,4,IF(O823<'Cost Band & Priority'!$E$10,3,IF(O823<'Cost Band & Priority'!$E$9,2,1)))))","v":""},{"$f":"IF(P823=\"\",\"\",VLOOKUP(P823,'Cost Band & Priority'!$B$8:$E$12,2,FALSE))","v":""},null,null,null,null,null,null,null,"",{"$f":"IF(Y823=\"\",\"\",VLOOKUP(Y823,'Benefit Priority'!$B$25:$C$47,2,FALSE))","v":""},{"$f":"IF(OR(Q823=\"\",Z823=\"\"),\"\",VLOOKUP(VLOOKUP(Q823&\" Cost & \"&Z823&\" Benefit\",'Overall Priority'!$D$21:$E$45,2,FALSE),'Overall Priority'!$B$8:$E$16,4,FALSE))","v":""},{"$f":"IF(OR(Q823=\"\",Z823=\"\"),\"\",VLOOKUP(Q823&\" Cost & \"&Z823&\" Benefit\",'Overall Priority'!$D$21:$E$45,2,FALSE))","v":""}]
[null,null,null,null,null,null,null,null,null,null,null,null,null,null,null,{"$f":"IF(O824=\"\",\"\",IF(O824<'Cost Band & Priority'!$E$12,5,IF(O824<'Cost Band & Priority'!$E$11,4,IF(O824<'Cost Band & Priority'!$E$10,3,IF(O824<'Cost Band & Priority'!$E$9,2,1)))))","v":""},{"$f":"IF(P824=\"\",\"\",VLOOKUP(P824,'Cost Band & Priority'!$B$8:$E$12,2,FALSE))","v":""},null,null,null,null,null,null,null,"",{"$f":"IF(Y824=\"\",\"\",VLOOKUP(Y824,'Benefit Priority'!$B$25:$C$47,2,FALSE))","v":""},{"$f":"IF(OR(Q824=\"\",Z824=\"\"),\"\",VLOOKUP(VLOOKUP(Q824&\" Cost & \"&Z824&\" Benefit\",'Overall Priority'!$D$21:$E$45,2,FALSE),'Overall Priority'!$B$8:$E$16,4,FALSE))","v":""},{"$f":"IF(OR(Q824=\"\",Z824=\"\"),\"\",VLOOKUP(Q824&\" Cost & \"&Z824&\" Benefit\",'Overall Priority'!$D$21:$E$45,2,FALSE))","v":""}]
[null,null,null,null,null,null,null,null,null,null,null,null,null,null,null,{"$f":"IF(O825=\"\",\"\",IF(O825<'Cost Band & Priority'!$E$12,5,IF(O825<'Cost Band & Priority'!$E$11,4,IF(O825<'Cost Band & Priority'!$E$10,3,IF(O825<'Cost Band & Priority'!$E$9,2,1)))))","v":""},{"$f":"IF(P825=\"\",\"\",VLOOKUP(P825,'Cost Band & Priority'!$B$8:$E$12,2,FALSE))","v":""},null,null,null,null,null,null,null,"",{"$f":"IF(Y825=\"\",\"\",VLOOKUP(Y825,'Benefit Priority'!$B$25:$C$47,2,FALSE))","v":""},{"$f":"IF(OR(Q825=\"\",Z825=\"\"),\"\",VLOOKUP(VLOOKUP(Q825&\" Cost & \"&Z825&\" Benefit\",'Overall Priority'!$D$21:$E$45,2,FALSE),'Overall Priority'!$B$8:$E$16,4,FALSE))","v":""},{"$f":"IF(OR(Q825=\"\",Z825=\"\"),\"\",VLOOKUP(Q825&\" Cost & \"&Z825&\" Benefit\",'Overall Priority'!$D$21:$E$45,2,FALSE))","v":""}]
[null,null,null,null,null,null,null,null,null,null,null,null,null,null,null,{"$f":"IF(O826=\"\",\"\",IF(O826<'Cost Band & Priority'!$E$12,5,IF(O826<'Cost Band & Priority'!$E$11,4,IF(O826<'Cost Band & Priority'!$E$10,3,IF(O826<'Cost Band & Priority'!$E$9,2,1)))))","v":""},{"$f":"IF(P826=\"\",\"\",VLOOKUP(P826,'Cost Band & Priority'!$B$8:$E$12,2,FALSE))","v":""},null,null,null,null,null,null,null,"",{"$f":"IF(Y826=\"\",\"\",VLOOKUP(Y826,'Benefit Priority'!$B$25:$C$47,2,FALSE))","v":""},{"$f":"IF(OR(Q826=\"\",Z826=\"\"),\"\",VLOOKUP(VLOOKUP(Q826&\" Cost & \"&Z826&\" Benefit\",'Overall Priority'!$D$21:$E$45,2,FALSE),'Overall Priority'!$B$8:$E$16,4,FALSE))","v":""},{"$f":"IF(OR(Q826=\"\",Z826=\"\"),\"\",VLOOKUP(Q826&\" Cost & \"&Z826&\" Benefit\",'Overall Priority'!$D$21:$E$45,2,FALSE))","v":""}]
[null,null,null,null,null,null,null,null,null,null,null,null,null,null,null,{"$f":"IF(O827=\"\",\"\",IF(O827<'Cost Band & Priority'!$E$12,5,IF(O827<'Cost Band & Priority'!$E$11,4,IF(O827<'Cost Band & Priority'!$E$10,3,IF(O827<'Cost Band & Priority'!$E$9,2,1)))))","v":""},{"$f":"IF(P827=\"\",\"\",VLOOKUP(P827,'Cost Band & Priority'!$B$8:$E$12,2,FALSE))","v":""},null,null,null,null,null,null,null,"",{"$f":"IF(Y827=\"\",\"\",VLOOKUP(Y827,'Benefit Priority'!$B$25:$C$47,2,FALSE))","v":""},{"$f":"IF(OR(Q827=\"\",Z827=\"\"),\"\",VLOOKUP(VLOOKUP(Q827&\" Cost & \"&Z827&\" Benefit\",'Overall Priority'!$D$21:$E$45,2,FALSE),'Overall Priority'!$B$8:$E$16,4,FALSE))","v":""},{"$f":"IF(OR(Q827=\"\",Z827=\"\"),\"\",VLOOKUP(Q827&\" Cost & \"&Z827&\" Benefit\",'Overall Priority'!$D$21:$E$45,2,FALSE))","v":""}]
[null,null,null,null,null,null,null,null,null,null,null,null,null,null,null,{"$f":"IF(O828=\"\",\"\",IF(O828<'Cost Band & Priority'!$E$12,5,IF(O828<'Cost Band & Priority'!$E$11,4,IF(O828<'Cost Band & Priority'!$E$10,3,IF(O828<'Cost Band & Priority'!$E$9,2,1)))))","v":""},{"$f":"IF(P828=\"\",\"\",VLOOKUP(P828,'Cost Band & Priority'!$B$8:$E$12,2,FALSE))","v":""},null,null,null,null,null,null,null,"",{"$f":"IF(Y828=\"\",\"\",VLOOKUP(Y828,'Benefit Priority'!$B$25:$C$47,2,FALSE))","v":""},{"$f":"IF(OR(Q828=\"\",Z828=\"\"),\"\",VLOOKUP(VLOOKUP(Q828&\" Cost & \"&Z828&\" Benefit\",'Overall Priority'!$D$21:$E$45,2,FALSE),'Overall Priority'!$B$8:$E$16,4,FALSE))","v":""},{"$f":"IF(OR(Q828=\"\",Z828=\"\"),\"\",VLOOKUP(Q828&\" Cost & \"&Z828&\" Benefit\",'Overall Priority'!$D$21:$E$45,2,FALSE))","v":""}]
[null,null,null,null,null,null,null,null,null,null,null,null,null,null,null,{"$f":"IF(O829=\"\",\"\",IF(O829<'Cost Band & Priority'!$E$12,5,IF(O829<'Cost Band & Priority'!$E$11,4,IF(O829<'Cost Band & Priority'!$E$10,3,IF(O829<'Cost Band & Priority'!$E$9,2,1)))))","v":""},{"$f":"IF(P829=\"\",\"\",VLOOKUP(P829,'Cost Band & Priority'!$B$8:$E$12,2,FALSE))","v":""},null,null,null,null,null,null,null,"",{"$f":"IF(Y829=\"\",\"\",VLOOKUP(Y829,'Benefit Priority'!$B$25:$C$47,2,FALSE))","v":""},{"$f":"IF(OR(Q829=\"\",Z829=\"\"),\"\",VLOOKUP(VLOOKUP(Q829&\" Cost & \"&Z829&\" Benefit\",'Overall Priority'!$D$21:$E$45,2,FALSE),'Overall Priority'!$B$8:$E$16,4,FALSE))","v":""},{"$f":"IF(OR(Q829=\"\",Z829=\"\"),\"\",VLOOKUP(Q829&\" Cost & \"&Z829&\" Benefit\",'Overall Priority'!$D$21:$E$45,2,FALSE))","v":""}]
[null,null,null,null,null,null,null,null,null,null,null,null,null,null,null,{"$f":"IF(O830=\"\",\"\",IF(O830<'Cost Band & Priority'!$E$12,5,IF(O830<'Cost Band & Priority'!$E$11,4,IF(O830<'Cost Band & Priority'!$E$10,3,IF(O830<'Cost Band & Priority'!$E$9,2,1)))))","v":""},{"$f":"IF(P830=\"\",\"\",VLOOKUP(P830,'Cost Band & Priority'!$B$8:$E$12,2,FALSE))","v":""},null,null,null,null,null,null,null,"",{"$f":"IF(Y830=\"\",\"\",VLOOKUP(Y830,'Benefit Priority'!$B$25:$C$47,2,FALSE))","v":""},{"$f":"IF(OR(Q830=\"\",Z830=\"\"),\"\",VLOOKUP(VLOOKUP(Q830&\" Cost & \"&Z830&\" Benefit\",'Overall Priority'!$D$21:$E$45,2,FALSE),'Overall Priority'!$B$8:$E$16,4,FALSE))","v":""},{"$f":"IF(OR(Q830=\"\",Z830=\"\"),\"\",VLOOKUP(Q830&\" Cost & \"&Z830&\" Benefit\",'Overall Priority'!$D$21:$E$45,2,FALSE))","v":""}]
[null,null,null,null,null,null,null,null,null,null,null,null,null,null,null,{"$f":"IF(O831=\"\",\"\",IF(O831<'Cost Band & Priority'!$E$12,5,IF(O831<'Cost Band & Priority'!$E$11,4,IF(O831<'Cost Band & Priority'!$E$10,3,IF(O831<'Cost Band & Priority'!$E$9,2,1)))))","v":""},{"$f":"IF(P831=\"\",\"\",VLOOKUP(P831,'Cost Band & Priority'!$B$8:$E$12,2,FALSE))","v":""},null,null,null,null,null,null,null,"",{"$f":"IF(Y831=\"\",\"\",VLOOKUP(Y831,'Benefit Priority'!$B$25:$C$47,2,FALSE))","v":""},{"$f":"IF(OR(Q831=\"\",Z831=\"\"),\"\",VLOOKUP(VLOOKUP(Q831&\" Cost & \"&Z831&\" Benefit\",'Overall Priority'!$D$21:$E$45,2,FALSE),'Overall Priority'!$B$8:$E$16,4,FALSE))","v":""},{"$f":"IF(OR(Q831=\"\",Z831=\"\"),\"\",VLOOKUP(Q831&\" Cost & \"&Z831&\" Benefit\",'Overall Priority'!$D$21:$E$45,2,FALSE))","v":""}]
[null,null,null,null,null,null,null,null,null,null,null,null,null,null,null,{"$f":"IF(O832=\"\",\"\",IF(O832<'Cost Band & Priority'!$E$12,5,IF(O832<'Cost Band & Priority'!$E$11,4,IF(O832<'Cost Band & Priority'!$E$10,3,IF(O832<'Cost Band & Priority'!$E$9,2,1)))))","v":""},{"$f":"IF(P832=\"\",\"\",VLOOKUP(P832,'Cost Band & Priority'!$B$8:$E$12,2,FALSE))","v":""},null,null,null,null,null,null,null,"",{"$f":"IF(Y832=\"\",\"\",VLOOKUP(Y832,'Benefit Priority'!$B$25:$C$47,2,FALSE))","v":""},{"$f":"IF(OR(Q832=\"\",Z832=\"\"),\"\",VLOOKUP(VLOOKUP(Q832&\" Cost & \"&Z832&\" Benefit\",'Overall Priority'!$D$21:$E$45,2,FALSE),'Overall Priority'!$B$8:$E$16,4,FALSE))","v":""},{"$f":"IF(OR(Q832=\"\",Z832=\"\"),\"\",VLOOKUP(Q832&\" Cost & \"&Z832&\" Benefit\",'Overall Priority'!$D$21:$E$45,2,FALSE))","v":""}]
[null,null,null,null,null,null,null,null,null,null,null,null,null,null,null,{"$f":"IF(O833=\"\",\"\",IF(O833<'Cost Band & Priority'!$E$12,5,IF(O833<'Cost Band & Priority'!$E$11,4,IF(O833<'Cost Band & Priority'!$E$10,3,IF(O833<'Cost Band & Priority'!$E$9,2,1)))))","v":""},{"$f":"IF(P833=\"\",\"\",VLOOKUP(P833,'Cost Band & Priority'!$B$8:$E$12,2,FALSE))","v":""},null,null,null,null,null,null,null,"",{"$f":"IF(Y833=\"\",\"\",VLOOKUP(Y833,'Benefit Priority'!$B$25:$C$47,2,FALSE))","v":""},{"$f":"IF(OR(Q833=\"\",Z833=\"\"),\"\",VLOOKUP(VLOOKUP(Q833&\" Cost & \"&Z833&\" Benefit\",'Overall Priority'!$D$21:$E$45,2,FALSE),'Overall Priority'!$B$8:$E$16,4,FALSE))","v":""},{"$f":"IF(OR(Q833=\"\",Z833=\"\"),\"\",VLOOKUP(Q833&\" Cost & \"&Z833&\" Benefit\",'Overall Priority'!$D$21:$E$45,2,FALSE))","v":""}]
[null,null,null,null,null,null,null,null,null,null,null,null,null,null,null,{"$f":"IF(O834=\"\",\"\",IF(O834<'Cost Band & Priority'!$E$12,5,IF(O834<'Cost Band & Priority'!$E$11,4,IF(O834<'Cost Band & Priority'!$E$10,3,IF(O834<'Cost Band & Priority'!$E$9,2,1)))))","v":""},{"$f":"IF(P834=\"\",\"\",VLOOKUP(P834,'Cost Band & Priority'!$B$8:$E$12,2,FALSE))","v":""},null,null,null,null,null,null,null,{"$f":"IF(AND(R834>0,S834>0,T834>0,U834>0,V834>0,W834>0,X834>0),SUM(R834:X834),\"\")","v":""},{"$f":"IF(Y834=\"\",\"\",VLOOKUP(Y834,'Benefit Priority'!$B$25:$C$47,2,FALSE))","v":""},{"$f":"IF(OR(Q834=\"\",Z834=\"\"),\"\",VLOOKUP(VLOOKUP(Q834&\" Cost & \"&Z834&\" Benefit\",'Overall Priority'!$D$21:$E$45,2,FALSE),'Overall Priority'!$B$8:$E$16,4,FALSE))","v":""},{"$f":"IF(OR(Q834=\"\",Z834=\"\"),\"\",VLOOKUP(Q834&\" Cost & \"&Z834&\" Benefit\",'Overall Priority'!$D$21:$E$45,2,FALSE))","v":""}]
[null,null,null,null,null,null,null,null,null,null,null,null,null,null,null,{"$f":"IF(O835=\"\",\"\",IF(O835<'Cost Band & Priority'!$E$12,5,IF(O835<'Cost Band & Priority'!$E$11,4,IF(O835<'Cost Band & Priority'!$E$10,3,IF(O835<'Cost Band & Priority'!$E$9,2,1)))))","v":""},{"$f":"IF(P835=\"\",\"\",VLOOKUP(P835,'Cost Band & Priority'!$B$8:$E$12,2,FALSE))","v":""},null,null,null,null,null,null,null,"",{"$f":"IF(Y835=\"\",\"\",VLOOKUP(Y835,'Benefit Priority'!$B$25:$C$47,2,FALSE))","v":""},{"$f":"IF(OR(Q835=\"\",Z835=\"\"),\"\",VLOOKUP(VLOOKUP(Q835&\" Cost & \"&Z835&\" Benefit\",'Overall Priority'!$D$21:$E$45,2,FALSE),'Overall Priority'!$B$8:$E$16,4,FALSE))","v":""},{"$f":"IF(OR(Q835=\"\",Z835=\"\"),\"\",VLOOKUP(Q835&\" Cost & \"&Z835&\" Benefit\",'Overall Priority'!$D$21:$E$45,2,FALSE))","v":""}]
[null,null,null,null,null,null,null,null,null,null,null,null,null,null,null,{"$f":"IF(O836=\"\",\"\",IF(O836<'Cost Band & Priority'!$E$12,5,IF(O836<'Cost Band & Priority'!$E$11,4,IF(O836<'Cost Band & Priority'!$E$10,3,IF(O836<'Cost Band & Priority'!$E$9,2,1)))))","v":""},{"$f":"IF(P836=\"\",\"\",VLOOKUP(P836,'Cost Band & Priority'!$B$8:$E$12,2,FALSE))","v":""},null,null,null,null,null,null,null,"",{"$f":"IF(Y836=\"\",\"\",VLOOKUP(Y836,'Benefit Priority'!$B$25:$C$47,2,FALSE))","v":""},{"$f":"IF(OR(Q836=\"\",Z836=\"\"),\"\",VLOOKUP(VLOOKUP(Q836&\" Cost & \"&Z836&\" Benefit\",'Overall Priority'!$D$21:$E$45,2,FALSE),'Overall Priority'!$B$8:$E$16,4,FALSE))","v":""},{"$f":"IF(OR(Q836=\"\",Z836=\"\"),\"\",VLOOKUP(Q836&\" Cost & \"&Z836&\" Benefit\",'Overall Priority'!$D$21:$E$45,2,FALSE))","v":""}]
[null,null,null,null,null,null,null,null,null,null,null,null,null,null,null,{"$f":"IF(O837=\"\",\"\",IF(O837<'Cost Band & Priority'!$E$12,5,IF(O837<'Cost Band & Priority'!$E$11,4,IF(O837<'Cost Band & Priority'!$E$10,3,IF(O837<'Cost Band & Priority'!$E$9,2,1)))))","v":""},{"$f":"IF(P837=\"\",\"\",VLOOKUP(P837,'Cost Band & Priority'!$B$8:$E$12,2,FALSE))","v":""},null,null,null,null,null,null,null,"",{"$f":"IF(Y837=\"\",\"\",VLOOKUP(Y837,'Benefit Priority'!$B$25:$C$47,2,FALSE))","v":""},{"$f":"IF(OR(Q837=\"\",Z837=\"\"),\"\",VLOOKUP(VLOOKUP(Q837&\" Cost & \"&Z837&\" Benefit\",'Overall Priority'!$D$21:$E$45,2,FALSE),'Overall Priority'!$B$8:$E$16,4,FALSE))","v":""},{"$f":"IF(OR(Q837=\"\",Z837=\"\"),\"\",VLOOKUP(Q837&\" Cost & \"&Z837&\" Benefit\",'Overall Priority'!$D$21:$E$45,2,FALSE))","v":""}]
[null,null,null,null,null,null,null,null,null,null,null,null,null,null,null,{"$f":"IF(O838=\"\",\"\",IF(O838<'Cost Band & Priority'!$E$12,5,IF(O838<'Cost Band & Priority'!$E$11,4,IF(O838<'Cost Band & Priority'!$E$10,3,IF(O838<'Cost Band & Priority'!$E$9,2,1)))))","v":""},{"$f":"IF(P838=\"\",\"\",VLOOKUP(P838,'Cost Band & Priority'!$B$8:$E$12,2,FALSE))","v":""},null,null,null,null,null,null,null,"",{"$f":"IF(Y838=\"\",\"\",VLOOKUP(Y838,'Benefit Priority'!$B$25:$C$47,2,FALSE))","v":""},{"$f":"IF(OR(Q838=\"\",Z838=\"\"),\"\",VLOOKUP(VLOOKUP(Q838&\" Cost & \"&Z838&\" Benefit\",'Overall Priority'!$D$21:$E$45,2,FALSE),'Overall Priority'!$B$8:$E$16,4,FALSE))","v":""},{"$f":"IF(OR(Q838=\"\",Z838=\"\"),\"\",VLOOKUP(Q838&\" Cost & \"&Z838&\" Benefit\",'Overall Priority'!$D$21:$E$45,2,FALSE))","v":""}]
[null,null,null,null,null,null,null,null,null,null,null,null,null,null,null,{"$f":"IF(O839=\"\",\"\",IF(O839<'Cost Band & Priority'!$E$12,5,IF(O839<'Cost Band & Priority'!$E$11,4,IF(O839<'Cost Band & Priority'!$E$10,3,IF(O839<'Cost Band & Priority'!$E$9,2,1)))))","v":""},{"$f":"IF(P839=\"\",\"\",VLOOKUP(P839,'Cost Band & Priority'!$B$8:$E$12,2,FALSE))","v":""},null,null,null,null,null,null,null,"",{"$f":"IF(Y839=\"\",\"\",VLOOKUP(Y839,'Benefit Priority'!$B$25:$C$47,2,FALSE))","v":""},{"$f":"IF(OR(Q839=\"\",Z839=\"\"),\"\",VLOOKUP(VLOOKUP(Q839&\" Cost & \"&Z839&\" Benefit\",'Overall Priority'!$D$21:$E$45,2,FALSE),'Overall Priority'!$B$8:$E$16,4,FALSE))","v":""},{"$f":"IF(OR(Q839=\"\",Z839=\"\"),\"\",VLOOKUP(Q839&\" Cost & \"&Z839&\" Benefit\",'Overall Priority'!$D$21:$E$45,2,FALSE))","v":""}]
[null,null,null,null,null,null,null,null,null,null,null,null,null,null,null,{"$f":"IF(O840=\"\",\"\",IF(O840<'Cost Band & Priority'!$E$12,5,IF(O840<'Cost Band & Priority'!$E$11,4,IF(O840<'Cost Band & Priority'!$E$10,3,IF(O840<'Cost Band & Priority'!$E$9,2,1)))))","v":""},{"$f":"IF(P840=\"\",\"\",VLOOKUP(P840,'Cost Band & Priority'!$B$8:$E$12,2,FALSE))","v":""},null,null,null,null,null,null,null,"",{"$f":"IF(Y840=\"\",\"\",VLOOKUP(Y840,'Benefit Priority'!$B$25:$C$47,2,FALSE))","v":""},{"$f":"IF(OR(Q840=\"\",Z840=\"\"),\"\",VLOOKUP(VLOOKUP(Q840&\" Cost & \"&Z840&\" Benefit\",'Overall Priority'!$D$21:$E$45,2,FALSE),'Overall Priority'!$B$8:$E$16,4,FALSE))","v":""},{"$f":"IF(OR(Q840=\"\",Z840=\"\"),\"\",VLOOKUP(Q840&\" Cost & \"&Z840&\" Benefit\",'Overall Priority'!$D$21:$E$45,2,FALSE))","v":""}]
[null,null,null,null,null,null,null,null,null,null,null,null,null,null,null,{"$f":"IF(O841=\"\",\"\",IF(O841<'Cost Band & Priority'!$E$12,5,IF(O841<'Cost Band & Priority'!$E$11,4,IF(O841<'Cost Band & Priority'!$E$10,3,IF(O841<'Cost Band & Priority'!$E$9,2,1)))))","v":""},{"$f":"IF(P841=\"\",\"\",VLOOKUP(P841,'Cost Band & Priority'!$B$8:$E$12,2,FALSE))","v":""},null,null,null,null,null,null,null,"",{"$f":"IF(Y841=\"\",\"\",VLOOKUP(Y841,'Benefit Priority'!$B$25:$C$47,2,FALSE))","v":""},{"$f":"IF(OR(Q841=\"\",Z841=\"\"),\"\",VLOOKUP(VLOOKUP(Q841&\" Cost & \"&Z841&\" Benefit\",'Overall Priority'!$D$21:$E$45,2,FALSE),'Overall Priority'!$B$8:$E$16,4,FALSE))","v":""},{"$f":"IF(OR(Q841=\"\",Z841=\"\"),\"\",VLOOKUP(Q841&\" Cost & \"&Z841&\" Benefit\",'Overall Priority'!$D$21:$E$45,2,FALSE))","v":""}]
[null,null,null,null,null,null,null,null,null,null,null,null,null,null,null,{"$f":"IF(O842=\"\",\"\",IF(O842<'Cost Band & Priority'!$E$12,5,IF(O842<'Cost Band & Priority'!$E$11,4,IF(O842<'Cost Band & Priority'!$E$10,3,IF(O842<'Cost Band & Priority'!$E$9,2,1)))))","v":""},{"$f":"IF(P842=\"\",\"\",VLOOKUP(P842,'Cost Band & Priority'!$B$8:$E$12,2,FALSE))","v":""},null,null,null,null,null,null,null,"",{"$f":"IF(Y842=\"\",\"\",VLOOKUP(Y842,'Benefit Priority'!$B$25:$C$47,2,FALSE))","v":""},{"$f":"IF(OR(Q842=\"\",Z842=\"\"),\"\",VLOOKUP(VLOOKUP(Q842&\" Cost & \"&Z842&\" Benefit\",'Overall Priority'!$D$21:$E$45,2,FALSE),'Overall Priority'!$B$8:$E$16,4,FALSE))","v":""},{"$f":"IF(OR(Q842=\"\",Z842=\"\"),\"\",VLOOKUP(Q842&\" Cost & \"&Z842&\" Benefit\",'Overall Priority'!$D$21:$E$45,2,FALSE))","v":""}]
[null,null,null,null,null,null,null,null,null,null,null,null,null,null,null,{"$f":"IF(O843=\"\",\"\",IF(O843<'Cost Band & Priority'!$E$12,5,IF(O843<'Cost Band & Priority'!$E$11,4,IF(O843<'Cost Band & Priority'!$E$10,3,IF(O843<'Cost Band & Priority'!$E$9,2,1)))))","v":""},{"$f":"IF(P843=\"\",\"\",VLOOKUP(P843,'Cost Band & Priority'!$B$8:$E$12,2,FALSE))","v":""},null,null,null,null,null,null,null,"",{"$f":"IF(Y843=\"\",\"\",VLOOKUP(Y843,'Benefit Priority'!$B$25:$C$47,2,FALSE))","v":""},{"$f":"IF(OR(Q843=\"\",Z843=\"\"),\"\",VLOOKUP(VLOOKUP(Q843&\" Cost & \"&Z843&\" Benefit\",'Overall Priority'!$D$21:$E$45,2,FALSE),'Overall Priority'!$B$8:$E$16,4,FALSE))","v":""},{"$f":"IF(OR(Q843=\"\",Z843=\"\"),\"\",VLOOKUP(Q843&\" Cost & \"&Z843&\" Benefit\",'Overall Priority'!$D$21:$E$45,2,FALSE))","v":""}]
[null,null,null,null,null,null,null,null,null,null,null,null,null,null,null,{"$f":"IF(O844=\"\",\"\",IF(O844<'Cost Band & Priority'!$E$12,5,IF(O844<'Cost Band & Priority'!$E$11,4,IF(O844<'Cost Band & Priority'!$E$10,3,IF(O844<'Cost Band & Priority'!$E$9,2,1)))))","v":""},{"$f":"IF(P844=\"\",\"\",VLOOKUP(P844,'Cost Band & Priority'!$B$8:$E$12,2,FALSE))","v":""},null,null,null,null,null,null,null,"",{"$f":"IF(Y844=\"\",\"\",VLOOKUP(Y844,'Benefit Priority'!$B$25:$C$47,2,FALSE))","v":""},{"$f":"IF(OR(Q844=\"\",Z844=\"\"),\"\",VLOOKUP(VLOOKUP(Q844&\" Cost & \"&Z844&\" Benefit\",'Overall Priority'!$D$21:$E$45,2,FALSE),'Overall Priority'!$B$8:$E$16,4,FALSE))","v":""},{"$f":"IF(OR(Q844=\"\",Z844=\"\"),\"\",VLOOKUP(Q844&\" Cost & \"&Z844&\" Benefit\",'Overall Priority'!$D$21:$E$45,2,FALSE))","v":""}]
[null,null,null,null,null,null,null,null,null,null,null,null,null,null,null,{"$f":"IF(O845=\"\",\"\",IF(O845<'Cost Band & Priority'!$E$12,5,IF(O845<'Cost Band & Priority'!$E$11,4,IF(O845<'Cost Band & Priority'!$E$10,3,IF(O845<'Cost Band & Priority'!$E$9,2,1)))))","v":""},{"$f":"IF(P845=\"\",\"\",VLOOKUP(P845,'Cost Band & Priority'!$B$8:$E$12,2,FALSE))","v":""},null,null,null,null,null,null,null,"",{"$f":"IF(Y845=\"\",\"\",VLOOKUP(Y845,'Benefit Priority'!$B$25:$C$47,2,FALSE))","v":""},{"$f":"IF(OR(Q845=\"\",Z845=\"\"),\"\",VLOOKUP(VLOOKUP(Q845&\" Cost & \"&Z845&\" Benefit\",'Overall Priority'!$D$21:$E$45,2,FALSE),'Overall Priority'!$B$8:$E$16,4,FALSE))","v":""},{"$f":"IF(OR(Q845=\"\",Z845=\"\"),\"\",VLOOKUP(Q845&\" Cost & \"&Z845&\" Benefit\",'Overall Priority'!$D$21:$E$45,2,FALSE))","v":""}]
[null,null,null,null,null,null,null,null,null,null,null,null,null,null,null,{"$f":"IF(O846=\"\",\"\",IF(O846<'Cost Band & Priority'!$E$12,5,IF(O846<'Cost Band & Priority'!$E$11,4,IF(O846<'Cost Band & Priority'!$E$10,3,IF(O846<'Cost Band & Priority'!$E$9,2,1)))))","v":""},{"$f":"IF(P846=\"\",\"\",VLOOKUP(P846,'Cost Band & Priority'!$B$8:$E$12,2,FALSE))","v":""},null,null,null,null,null,null,null,"",{"$f":"IF(Y846=\"\",\"\",VLOOKUP(Y846,'Benefit Priority'!$B$25:$C$47,2,FALSE))","v":""},{"$f":"IF(OR(Q846=\"\",Z846=\"\"),\"\",VLOOKUP(VLOOKUP(Q846&\" Cost & \"&Z846&\" Benefit\",'Overall Priority'!$D$21:$E$45,2,FALSE),'Overall Priority'!$B$8:$E$16,4,FALSE))","v":""},{"$f":"IF(OR(Q846=\"\",Z846=\"\"),\"\",VLOOKUP(Q846&\" Cost & \"&Z846&\" Benefit\",'Overall Priority'!$D$21:$E$45,2,FALSE))","v":""}]
[null,null,null,null,null,null,null,null,null,null,null,null,null,null,null,{"$f":"IF(O847=\"\",\"\",IF(O847<'Cost Band & Priority'!$E$12,5,IF(O847<'Cost Band & Priority'!$E$11,4,IF(O847<'Cost Band & Priority'!$E$10,3,IF(O847<'Cost Band & Priority'!$E$9,2,1)))))","v":""},{"$f":"IF(P847=\"\",\"\",VLOOKUP(P847,'Cost Band & Priority'!$B$8:$E$12,2,FALSE))","v":""},null,null,null,null,null,null,null,"",{"$f":"IF(Y847=\"\",\"\",VLOOKUP(Y847,'Benefit Priority'!$B$25:$C$47,2,FALSE))","v":""},{"$f":"IF(OR(Q847=\"\",Z847=\"\"),\"\",VLOOKUP(VLOOKUP(Q847&\" Cost & \"&Z847&\" Benefit\",'Overall Priority'!$D$21:$E$45,2,FALSE),'Overall Priority'!$B$8:$E$16,4,FALSE))","v":""},{"$f":"IF(OR(Q847=\"\",Z847=\"\"),\"\",VLOOKUP(Q847&\" Cost & \"&Z847&\" Benefit\",'Overall Priority'!$D$21:$E$45,2,FALSE))","v":""}]
[null,null,null,null,null,null,null,null,null,null,null,null,null,null,null,{"$f":"IF(O848=\"\",\"\",IF(O848<'Cost Band & Priority'!$E$12,5,IF(O848<'Cost Band & Priority'!$E$11,4,IF(O848<'Cost Band & Priority'!$E$10,3,IF(O848<'Cost Band & Priority'!$E$9,2,1)))))","v":""},{"$f":"IF(P848=\"\",\"\",VLOOKUP(P848,'Cost Band & Priority'!$B$8:$E$12,2,FALSE))","v":""},null,null,null,null,null,null,null,"",{"$f":"IF(Y848=\"\",\"\",VLOOKUP(Y848,'Benefit Priority'!$B$25:$C$47,2,FALSE))","v":""},{"$f":"IF(OR(Q848=\"\",Z848=\"\"),\"\",VLOOKUP(VLOOKUP(Q848&\" Cost & \"&Z848&\" Benefit\",'Overall Priority'!$D$21:$E$45,2,FALSE),'Overall Priority'!$B$8:$E$16,4,FALSE))","v":""},{"$f":"IF(OR(Q848=\"\",Z848=\"\"),\"\",VLOOKUP(Q848&\" Cost & \"&Z848&\" Benefit\",'Overall Priority'!$D$21:$E$45,2,FALSE))","v":""}]
[null,null,null,null,null,null,null,null,null,null,null,null,null,null,null,{"$f":"IF(O849=\"\",\"\",IF(O849<'Cost Band & Priority'!$E$12,5,IF(O849<'Cost Band & Priority'!$E$11,4,IF(O849<'Cost Band & Priority'!$E$10,3,IF(O849<'Cost Band & Priority'!$E$9,2,1)))))","v":""},{"$f":"IF(P849=\"\",\"\",VLOOKUP(P849,'Cost Band & Priority'!$B$8:$E$12,2,FALSE))","v":""},null,null,null,null,null,null,null,"",{"$f":"IF(Y849=\"\",\"\",VLOOKUP(Y849,'Benefit Priority'!$B$25:$C$47,2,FALSE))","v":""},{"$f":"IF(OR(Q849=\"\",Z849=\"\"),\"\",VLOOKUP(VLOOKUP(Q849&\" Cost & \"&Z849&\" Benefit\",'Overall Priority'!$D$21:$E$45,2,FALSE),'Overall Priority'!$B$8:$E$16,4,FALSE))","v":""},{"$f":"IF(OR(Q849=\"\",Z849=\"\"),\"\",VLOOKUP(Q849&\" Cost & \"&Z849&\" Benefit\",'Overall Priority'!$D$21:$E$45,2,FALSE))","v":""}]
[null,null,null,null,null,null,null,null,null,null,null,null,null,null,null,{"$f":"IF(O850=\"\",\"\",IF(O850<'Cost Band & Priority'!$E$12,5,IF(O850<'Cost Band & Priority'!$E$11,4,IF(O850<'Cost Band & Priority'!$E$10,3,IF(O850<'Cost Band & Priority'!$E$9,2,1)))))","v":""},{"$f":"IF(P850=\"\",\"\",VLOOKUP(P850,'Cost Band & Priority'!$B$8:$E$12,2,FALSE))","v":""},null,null,null,null,null,null,null,"",{"$f":"IF(Y850=\"\",\"\",VLOOKUP(Y850,'Benefit Priority'!$B$25:$C$47,2,FALSE))","v":""},{"$f":"IF(OR(Q850=\"\",Z850=\"\"),\"\",VLOOKUP(VLOOKUP(Q850&\" Cost & \"&Z850&\" Benefit\",'Overall Priority'!$D$21:$E$45,2,FALSE),'Overall Priority'!$B$8:$E$16,4,FALSE))","v":""},{"$f":"IF(OR(Q850=\"\",Z850=\"\"),\"\",VLOOKUP(Q850&\" Cost & \"&Z850&\" Benefit\",'Overall Priority'!$D$21:$E$45,2,FALSE))","v":""}]
[null,null,null,null,null,null,null,null,null,null,null,null,null,null,null,{"$f":"IF(O851=\"\",\"\",IF(O851<'Cost Band & Priority'!$E$12,5,IF(O851<'Cost Band & Priority'!$E$11,4,IF(O851<'Cost Band & Priority'!$E$10,3,IF(O851<'Cost Band & Priority'!$E$9,2,1)))))","v":""},{"$f":"IF(P851=\"\",\"\",VLOOKUP(P851,'Cost Band & Priority'!$B$8:$E$12,2,FALSE))","v":""},null,null,null,null,null,null,null,"",{"$f":"IF(Y851=\"\",\"\",VLOOKUP(Y851,'Benefit Priority'!$B$25:$C$47,2,FALSE))","v":""},{"$f":"IF(OR(Q851=\"\",Z851=\"\"),\"\",VLOOKUP(VLOOKUP(Q851&\" Cost & \"&Z851&\" Benefit\",'Overall Priority'!$D$21:$E$45,2,FALSE),'Overall Priority'!$B$8:$E$16,4,FALSE))","v":""},{"$f":"IF(OR(Q851=\"\",Z851=\"\"),\"\",VLOOKUP(Q851&\" Cost & \"&Z851&\" Benefit\",'Overall Priority'!$D$21:$E$45,2,FALSE))","v":""}]
[null,null,null,null,null,null,null,null,null,null,null,null,null,null,null,{"$f":"IF(O852=\"\",\"\",IF(O852<'Cost Band & Priority'!$E$12,5,IF(O852<'Cost Band & Priority'!$E$11,4,IF(O852<'Cost Band & Priority'!$E$10,3,IF(O852<'Cost Band & Priority'!$E$9,2,1)))))","v":""},{"$f":"IF(P852=\"\",\"\",VLOOKUP(P852,'Cost Band & Priority'!$B$8:$E$12,2,FALSE))","v":""},null,null,null,null,null,null,null,"",{"$f":"IF(Y852=\"\",\"\",VLOOKUP(Y852,'Benefit Priority'!$B$25:$C$47,2,FALSE))","v":""},{"$f":"IF(OR(Q852=\"\",Z852=\"\"),\"\",VLOOKUP(VLOOKUP(Q852&\" Cost & \"&Z852&\" Benefit\",'Overall Priority'!$D$21:$E$45,2,FALSE),'Overall Priority'!$B$8:$E$16,4,FALSE))","v":""},{"$f":"IF(OR(Q852=\"\",Z852=\"\"),\"\",VLOOKUP(Q852&\" Cost & \"&Z852&\" Benefit\",'Overall Priority'!$D$21:$E$45,2,FALSE))","v":""}]
[null,null,null,null,null,null,null,null,null,null,null,null,null,null,null,{"$f":"IF(O853=\"\",\"\",IF(O853<'Cost Band & Priority'!$E$12,5,IF(O853<'Cost Band & Priority'!$E$11,4,IF(O853<'Cost Band & Priority'!$E$10,3,IF(O853<'Cost Band & Priority'!$E$9,2,1)))))","v":""},{"$f":"IF(P853=\"\",\"\",VLOOKUP(P853,'Cost Band & Priority'!$B$8:$E$12,2,FALSE))","v":""},null,null,null,null,null,null,null,"",{"$f":"IF(Y853=\"\",\"\",VLOOKUP(Y853,'Benefit Priority'!$B$25:$C$47,2,FALSE))","v":""},{"$f":"IF(OR(Q853=\"\",Z853=\"\"),\"\",VLOOKUP(VLOOKUP(Q853&\" Cost & \"&Z853&\" Benefit\",'Overall Priority'!$D$21:$E$45,2,FALSE),'Overall Priority'!$B$8:$E$16,4,FALSE))","v":""},{"$f":"IF(OR(Q853=\"\",Z853=\"\"),\"\",VLOOKUP(Q853&\" Cost & \"&Z853&\" Benefit\",'Overall Priority'!$D$21:$E$45,2,FALSE))","v":""}]
[null,null,null,null,null,null,null,null,null,null,null,null,null,null,null,{"$f":"IF(O854=\"\",\"\",IF(O854<'Cost Band & Priority'!$E$12,5,IF(O854<'Cost Band & Priority'!$E$11,4,IF(O854<'Cost Band & Priority'!$E$10,3,IF(O854<'Cost Band & Priority'!$E$9,2,1)))))","v":""},{"$f":"IF(P854=\"\",\"\",VLOOKUP(P854,'Cost Band & Priority'!$B$8:$E$12,2,FALSE))","v":""},null,null,null,null,null,null,null,"",{"$f":"IF(Y854=\"\",\"\",VLOOKUP(Y854,'Benefit Priority'!$B$25:$C$47,2,FALSE))","v":""},{"$f":"IF(OR(Q854=\"\",Z854=\"\"),\"\",VLOOKUP(VLOOKUP(Q854&\" Cost & \"&Z854&\" Benefit\",'Overall Priority'!$D$21:$E$45,2,FALSE),'Overall Priority'!$B$8:$E$16,4,FALSE))","v":""},{"$f":"IF(OR(Q854=\"\",Z854=\"\"),\"\",VLOOKUP(Q854&\" Cost & \"&Z854&\" Benefit\",'Overall Priority'!$D$21:$E$45,2,FALSE))","v":""}]
[null,null,null,null,null,null,null,null,null,null,null,null,null,null,null,{"$f":"IF(O855=\"\",\"\",IF(O855<'Cost Band & Priority'!$E$12,5,IF(O855<'Cost Band & Priority'!$E$11,4,IF(O855<'Cost Band & Priority'!$E$10,3,IF(O855<'Cost Band & Priority'!$E$9,2,1)))))","v":""},{"$f":"IF(P855=\"\",\"\",VLOOKUP(P855,'Cost Band & Priority'!$B$8:$E$12,2,FALSE))","v":""},null,null,null,null,null,null,null,"",{"$f":"IF(Y855=\"\",\"\",VLOOKUP(Y855,'Benefit Priority'!$B$25:$C$47,2,FALSE))","v":""},{"$f":"IF(OR(Q855=\"\",Z855=\"\"),\"\",VLOOKUP(VLOOKUP(Q855&\" Cost & \"&Z855&\" Benefit\",'Overall Priority'!$D$21:$E$45,2,FALSE),'Overall Priority'!$B$8:$E$16,4,FALSE))","v":""},{"$f":"IF(OR(Q855=\"\",Z855=\"\"),\"\",VLOOKUP(Q855&\" Cost & \"&Z855&\" Benefit\",'Overall Priority'!$D$21:$E$45,2,FALSE))","v":""}]
[null,null,null,null,null,null,null,null,null,null,null,null,null,null,null,{"$f":"IF(O856=\"\",\"\",IF(O856<'Cost Band & Priority'!$E$12,5,IF(O856<'Cost Band & Priority'!$E$11,4,IF(O856<'Cost Band & Priority'!$E$10,3,IF(O856<'Cost Band & Priority'!$E$9,2,1)))))","v":""},{"$f":"IF(P856=\"\",\"\",VLOOKUP(P856,'Cost Band & Priority'!$B$8:$E$12,2,FALSE))","v":""},null,null,null,null,null,null,null,"",{"$f":"IF(Y856=\"\",\"\",VLOOKUP(Y856,'Benefit Priority'!$B$25:$C$47,2,FALSE))","v":""},{"$f":"IF(OR(Q856=\"\",Z856=\"\"),\"\",VLOOKUP(VLOOKUP(Q856&\" Cost & \"&Z856&\" Benefit\",'Overall Priority'!$D$21:$E$45,2,FALSE),'Overall Priority'!$B$8:$E$16,4,FALSE))","v":""},{"$f":"IF(OR(Q856=\"\",Z856=\"\"),\"\",VLOOKUP(Q856&\" Cost & \"&Z856&\" Benefit\",'Overall Priority'!$D$21:$E$45,2,FALSE))","v":""}]
[null,null,null,null,null,null,null,null,null,null,null,null,null,null,null,{"$f":"IF(O857=\"\",\"\",IF(O857<'Cost Band & Priority'!$E$12,5,IF(O857<'Cost Band & Priority'!$E$11,4,IF(O857<'Cost Band & Priority'!$E$10,3,IF(O857<'Cost Band & Priority'!$E$9,2,1)))))","v":""},{"$f":"IF(P857=\"\",\"\",VLOOKUP(P857,'Cost Band & Priority'!$B$8:$E$12,2,FALSE))","v":""},null,null,null,null,null,null,null,"",{"$f":"IF(Y857=\"\",\"\",VLOOKUP(Y857,'Benefit Priority'!$B$25:$C$47,2,FALSE))","v":""},{"$f":"IF(OR(Q857=\"\",Z857=\"\"),\"\",VLOOKUP(VLOOKUP(Q857&\" Cost & \"&Z857&\" Benefit\",'Overall Priority'!$D$21:$E$45,2,FALSE),'Overall Priority'!$B$8:$E$16,4,FALSE))","v":""},{"$f":"IF(OR(Q857=\"\",Z857=\"\"),\"\",VLOOKUP(Q857&\" Cost & \"&Z857&\" Benefit\",'Overall Priority'!$D$21:$E$45,2,FALSE))","v":""}]
[null,null,null,null,null,null,null,null,null,null,null,null,null,null,null,{"$f":"IF(O858=\"\",\"\",IF(O858<'Cost Band & Priority'!$E$12,5,IF(O858<'Cost Band & Priority'!$E$11,4,IF(O858<'Cost Band & Priority'!$E$10,3,IF(O858<'Cost Band & Priority'!$E$9,2,1)))))","v":""},{"$f":"IF(P858=\"\",\"\",VLOOKUP(P858,'Cost Band & Priority'!$B$8:$E$12,2,FALSE))","v":""},null,null,null,null,null,null,null,"",{"$f":"IF(Y858=\"\",\"\",VLOOKUP(Y858,'Benefit Priority'!$B$25:$C$47,2,FALSE))","v":""},{"$f":"IF(OR(Q858=\"\",Z858=\"\"),\"\",VLOOKUP(VLOOKUP(Q858&\" Cost & \"&Z858&\" Benefit\",'Overall Priority'!$D$21:$E$45,2,FALSE),'Overall Priority'!$B$8:$E$16,4,FALSE))","v":""},{"$f":"IF(OR(Q858=\"\",Z858=\"\"),\"\",VLOOKUP(Q858&\" Cost & \"&Z858&\" Benefit\",'Overall Priority'!$D$21:$E$45,2,FALSE))","v":""}]
[null,null,null,null,null,null,null,null,null,null,null,null,null,null,null,{"$f":"IF(O859=\"\",\"\",IF(O859<'Cost Band & Priority'!$E$12,5,IF(O859<'Cost Band & Priority'!$E$11,4,IF(O859<'Cost Band & Priority'!$E$10,3,IF(O859<'Cost Band & Priority'!$E$9,2,1)))))","v":""},{"$f":"IF(P859=\"\",\"\",VLOOKUP(P859,'Cost Band & Priority'!$B$8:$E$12,2,FALSE))","v":""},null,null,null,null,null,null,null,"",{"$f":"IF(Y859=\"\",\"\",VLOOKUP(Y859,'Benefit Priority'!$B$25:$C$47,2,FALSE))","v":""},{"$f":"IF(OR(Q859=\"\",Z859=\"\"),\"\",VLOOKUP(VLOOKUP(Q859&\" Cost & \"&Z859&\" Benefit\",'Overall Priority'!$D$21:$E$45,2,FALSE),'Overall Priority'!$B$8:$E$16,4,FALSE))","v":""},{"$f":"IF(OR(Q859=\"\",Z859=\"\"),\"\",VLOOKUP(Q859&\" Cost & \"&Z859&\" Benefit\",'Overall Priority'!$D$21:$E$45,2,FALSE))","v":""}]
[null,null,null,null,null,null,null,null,null,null,null,null,null,null,null,{"$f":"IF(O860=\"\",\"\",IF(O860<'Cost Band & Priority'!$E$12,5,IF(O860<'Cost Band & Priority'!$E$11,4,IF(O860<'Cost Band & Priority'!$E$10,3,IF(O860<'Cost Band & Priority'!$E$9,2,1)))))","v":""},{"$f":"IF(P860=\"\",\"\",VLOOKUP(P860,'Cost Band & Priority'!$B$8:$E$12,2,FALSE))","v":""},null,null,null,null,null,null,null,"",{"$f":"IF(Y860=\"\",\"\",VLOOKUP(Y860,'Benefit Priority'!$B$25:$C$47,2,FALSE))","v":""},{"$f":"IF(OR(Q860=\"\",Z860=\"\"),\"\",VLOOKUP(VLOOKUP(Q860&\" Cost & \"&Z860&\" Benefit\",'Overall Priority'!$D$21:$E$45,2,FALSE),'Overall Priority'!$B$8:$E$16,4,FALSE))","v":""},{"$f":"IF(OR(Q860=\"\",Z860=\"\"),\"\",VLOOKUP(Q860&\" Cost & \"&Z860&\" Benefit\",'Overall Priority'!$D$21:$E$45,2,FALSE))","v":""}]
[null,null,null,null,null,null,null,null,null,null,null,null,null,null,null,{"$f":"IF(O861=\"\",\"\",IF(O861<'Cost Band & Priority'!$E$12,5,IF(O861<'Cost Band & Priority'!$E$11,4,IF(O861<'Cost Band & Priority'!$E$10,3,IF(O861<'Cost Band & Priority'!$E$9,2,1)))))","v":""},{"$f":"IF(P861=\"\",\"\",VLOOKUP(P861,'Cost Band & Priority'!$B$8:$E$12,2,FALSE))","v":""},null,null,null,null,null,null,null,"",{"$f":"IF(Y861=\"\",\"\",VLOOKUP(Y861,'Benefit Priority'!$B$25:$C$47,2,FALSE))","v":""},{"$f":"IF(OR(Q861=\"\",Z861=\"\"),\"\",VLOOKUP(VLOOKUP(Q861&\" Cost & \"&Z861&\" Benefit\",'Overall Priority'!$D$21:$E$45,2,FALSE),'Overall Priority'!$B$8:$E$16,4,FALSE))","v":""},{"$f":"IF(OR(Q861=\"\",Z861=\"\"),\"\",VLOOKUP(Q861&\" Cost & \"&Z861&\" Benefit\",'Overall Priority'!$D$21:$E$45,2,FALSE))","v":""}]
[null,null,null,null,null,null,null,null,null,null,null,null,null,null,null,{"$f":"IF(O862=\"\",\"\",IF(O862<'Cost Band & Priority'!$E$12,5,IF(O862<'Cost Band & Priority'!$E$11,4,IF(O862<'Cost Band & Priority'!$E$10,3,IF(O862<'Cost Band & Priority'!$E$9,2,1)))))","v":""},{"$f":"IF(P862=\"\",\"\",VLOOKUP(P862,'Cost Band & Priority'!$B$8:$E$12,2,FALSE))","v":""},null,null,null,null,null,null,null,"",{"$f":"IF(Y862=\"\",\"\",VLOOKUP(Y862,'Benefit Priority'!$B$25:$C$47,2,FALSE))","v":""},{"$f":"IF(OR(Q862=\"\",Z862=\"\"),\"\",VLOOKUP(VLOOKUP(Q862&\" Cost & \"&Z862&\" Benefit\",'Overall Priority'!$D$21:$E$45,2,FALSE),'Overall Priority'!$B$8:$E$16,4,FALSE))","v":""},{"$f":"IF(OR(Q862=\"\",Z862=\"\"),\"\",VLOOKUP(Q862&\" Cost & \"&Z862&\" Benefit\",'Overall Priority'!$D$21:$E$45,2,FALSE))","v":""}]
[null,null,null,null,null,null,null,null,null,null,null,null,null,null,null,{"$f":"IF(O863=\"\",\"\",IF(O863<'Cost Band & Priority'!$E$12,5,IF(O863<'Cost Band & Priority'!$E$11,4,IF(O863<'Cost Band & Priority'!$E$10,3,IF(O863<'Cost Band & Priority'!$E$9,2,1)))))","v":""},{"$f":"IF(P863=\"\",\"\",VLOOKUP(P863,'Cost Band & Priority'!$B$8:$E$12,2,FALSE))","v":""},null,null,null,null,null,null,null,"",{"$f":"IF(Y863=\"\",\"\",VLOOKUP(Y863,'Benefit Priority'!$B$25:$C$47,2,FALSE))","v":""},{"$f":"IF(OR(Q863=\"\",Z863=\"\"),\"\",VLOOKUP(VLOOKUP(Q863&\" Cost & \"&Z863&\" Benefit\",'Overall Priority'!$D$21:$E$45,2,FALSE),'Overall Priority'!$B$8:$E$16,4,FALSE))","v":""},{"$f":"IF(OR(Q863=\"\",Z863=\"\"),\"\",VLOOKUP(Q863&\" Cost & \"&Z863&\" Benefit\",'Overall Priority'!$D$21:$E$45,2,FALSE))","v":""}]
[null,null,null,null,null,null,null,null,null,null,null,null,null,null,null,{"$f":"IF(O864=\"\",\"\",IF(O864<'Cost Band & Priority'!$E$12,5,IF(O864<'Cost Band & Priority'!$E$11,4,IF(O864<'Cost Band & Priority'!$E$10,3,IF(O864<'Cost Band & Priority'!$E$9,2,1)))))","v":""},{"$f":"IF(P864=\"\",\"\",VLOOKUP(P864,'Cost Band & Priority'!$B$8:$E$12,2,FALSE))","v":""},null,null,null,null,null,null,null,"",{"$f":"IF(Y864=\"\",\"\",VLOOKUP(Y864,'Benefit Priority'!$B$25:$C$47,2,FALSE))","v":""},{"$f":"IF(OR(Q864=\"\",Z864=\"\"),\"\",VLOOKUP(VLOOKUP(Q864&\" Cost & \"&Z864&\" Benefit\",'Overall Priority'!$D$21:$E$45,2,FALSE),'Overall Priority'!$B$8:$E$16,4,FALSE))","v":""},{"$f":"IF(OR(Q864=\"\",Z864=\"\"),\"\",VLOOKUP(Q864&\" Cost & \"&Z864&\" Benefit\",'Overall Priority'!$D$21:$E$45,2,FALSE))","v":""}]
[null,null,null,null,null,null,null,null,null,null,null,null,null,null,null,{"$f":"IF(O865=\"\",\"\",IF(O865<'Cost Band & Priority'!$E$12,5,IF(O865<'Cost Band & Priority'!$E$11,4,IF(O865<'Cost Band & Priority'!$E$10,3,IF(O865<'Cost Band & Priority'!$E$9,2,1)))))","v":""},{"$f":"IF(P865=\"\",\"\",VLOOKUP(P865,'Cost Band & Priority'!$B$8:$E$12,2,FALSE))","v":""},null,null,null,null,null,null,null,"",{"$f":"IF(Y865=\"\",\"\",VLOOKUP(Y865,'Benefit Priority'!$B$25:$C$47,2,FALSE))","v":""},{"$f":"IF(OR(Q865=\"\",Z865=\"\"),\"\",VLOOKUP(VLOOKUP(Q865&\" Cost & \"&Z865&\" Benefit\",'Overall Priority'!$D$21:$E$45,2,FALSE),'Overall Priority'!$B$8:$E$16,4,FALSE))","v":""},{"$f":"IF(OR(Q865=\"\",Z865=\"\"),\"\",VLOOKUP(Q865&\" Cost & \"&Z865&\" Benefit\",'Overall Priority'!$D$21:$E$45,2,FALSE))","v":""}]
[null,null,null,null,null,null,null,null,null,null,null,null,null,null,null,{"$f":"IF(O866=\"\",\"\",IF(O866<'Cost Band & Priority'!$E$12,5,IF(O866<'Cost Band & Priority'!$E$11,4,IF(O866<'Cost Band & Priority'!$E$10,3,IF(O866<'Cost Band & Priority'!$E$9,2,1)))))","v":""},{"$f":"IF(P866=\"\",\"\",VLOOKUP(P866,'Cost Band & Priority'!$B$8:$E$12,2,FALSE))","v":""},null,null,null,null,null,null,null,"",{"$f":"IF(Y866=\"\",\"\",VLOOKUP(Y866,'Benefit Priority'!$B$25:$C$47,2,FALSE))","v":""},{"$f":"IF(OR(Q866=\"\",Z866=\"\"),\"\",VLOOKUP(VLOOKUP(Q866&\" Cost & \"&Z866&\" Benefit\",'Overall Priority'!$D$21:$E$45,2,FALSE),'Overall Priority'!$B$8:$E$16,4,FALSE))","v":""},{"$f":"IF(OR(Q866=\"\",Z866=\"\"),\"\",VLOOKUP(Q866&\" Cost & \"&Z866&\" Benefit\",'Overall Priority'!$D$21:$E$45,2,FALSE))","v":""}]
[null,null,null,null,null,null,null,null,null,null,null,null,null,null,null,{"$f":"IF(O867=\"\",\"\",IF(O867<'Cost Band & Priority'!$E$12,5,IF(O867<'Cost Band & Priority'!$E$11,4,IF(O867<'Cost Band & Priority'!$E$10,3,IF(O867<'Cost Band & Priority'!$E$9,2,1)))))","v":""},{"$f":"IF(P867=\"\",\"\",VLOOKUP(P867,'Cost Band & Priority'!$B$8:$E$12,2,FALSE))","v":""},null,null,null,null,null,null,null,"",{"$f":"IF(Y867=\"\",\"\",VLOOKUP(Y867,'Benefit Priority'!$B$25:$C$47,2,FALSE))","v":""},{"$f":"IF(OR(Q867=\"\",Z867=\"\"),\"\",VLOOKUP(VLOOKUP(Q867&\" Cost & \"&Z867&\" Benefit\",'Overall Priority'!$D$21:$E$45,2,FALSE),'Overall Priority'!$B$8:$E$16,4,FALSE))","v":""},{"$f":"IF(OR(Q867=\"\",Z867=\"\"),\"\",VLOOKUP(Q867&\" Cost & \"&Z867&\" Benefit\",'Overall Priority'!$D$21:$E$45,2,FALSE))","v":""}]
[null,null,null,null,null,null,null,null,null,null,null,null,null,null,null,{"$f":"IF(O868=\"\",\"\",IF(O868<'Cost Band & Priority'!$E$12,5,IF(O868<'Cost Band & Priority'!$E$11,4,IF(O868<'Cost Band & Priority'!$E$10,3,IF(O868<'Cost Band & Priority'!$E$9,2,1)))))","v":""},{"$f":"IF(P868=\"\",\"\",VLOOKUP(P868,'Cost Band & Priority'!$B$8:$E$12,2,FALSE))","v":""},null,null,null,null,null,null,null,"",{"$f":"IF(Y868=\"\",\"\",VLOOKUP(Y868,'Benefit Priority'!$B$25:$C$47,2,FALSE))","v":""},{"$f":"IF(OR(Q868=\"\",Z868=\"\"),\"\",VLOOKUP(VLOOKUP(Q868&\" Cost & \"&Z868&\" Benefit\",'Overall Priority'!$D$21:$E$45,2,FALSE),'Overall Priority'!$B$8:$E$16,4,FALSE))","v":""},{"$f":"IF(OR(Q868=\"\",Z868=\"\"),\"\",VLOOKUP(Q868&\" Cost & \"&Z868&\" Benefit\",'Overall Priority'!$D$21:$E$45,2,FALSE))","v":""}]
[null,null,null,null,null,null,null,null,null,null,null,null,null,null,null,{"$f":"IF(O869=\"\",\"\",IF(O869<'Cost Band & Priority'!$E$12,5,IF(O869<'Cost Band & Priority'!$E$11,4,IF(O869<'Cost Band & Priority'!$E$10,3,IF(O869<'Cost Band & Priority'!$E$9,2,1)))))","v":""},{"$f":"IF(P869=\"\",\"\",VLOOKUP(P869,'Cost Band & Priority'!$B$8:$E$12,2,FALSE))","v":""},null,null,null,null,null,null,null,"",{"$f":"IF(Y869=\"\",\"\",VLOOKUP(Y869,'Benefit Priority'!$B$25:$C$47,2,FALSE))","v":""},{"$f":"IF(OR(Q869=\"\",Z869=\"\"),\"\",VLOOKUP(VLOOKUP(Q869&\" Cost & \"&Z869&\" Benefit\",'Overall Priority'!$D$21:$E$45,2,FALSE),'Overall Priority'!$B$8:$E$16,4,FALSE))","v":""},{"$f":"IF(OR(Q869=\"\",Z869=\"\"),\"\",VLOOKUP(Q869&\" Cost & \"&Z869&\" Benefit\",'Overall Priority'!$D$21:$E$45,2,FALSE))","v":""}]
[null,null,null,null,null,null,null,null,null,null,null,null,null,null,null,{"$f":"IF(O870=\"\",\"\",IF(O870<'Cost Band & Priority'!$E$12,5,IF(O870<'Cost Band & Priority'!$E$11,4,IF(O870<'Cost Band & Priority'!$E$10,3,IF(O870<'Cost Band & Priority'!$E$9,2,1)))))","v":""},{"$f":"IF(P870=\"\",\"\",VLOOKUP(P870,'Cost Band & Priority'!$B$8:$E$12,2,FALSE))","v":""},null,null,null,null,null,null,null,"",{"$f":"IF(Y870=\"\",\"\",VLOOKUP(Y870,'Benefit Priority'!$B$25:$C$47,2,FALSE))","v":""},{"$f":"IF(OR(Q870=\"\",Z870=\"\"),\"\",VLOOKUP(VLOOKUP(Q870&\" Cost & \"&Z870&\" Benefit\",'Overall Priority'!$D$21:$E$45,2,FALSE),'Overall Priority'!$B$8:$E$16,4,FALSE))","v":""},{"$f":"IF(OR(Q870=\"\",Z870=\"\"),\"\",VLOOKUP(Q870&\" Cost & \"&Z870&\" Benefit\",'Overall Priority'!$D$21:$E$45,2,FALSE))","v":""}]
[null,null,null,null,null,null,null,null,null,null,null,null,null,null,null,{"$f":"IF(O871=\"\",\"\",IF(O871<'Cost Band & Priority'!$E$12,5,IF(O871<'Cost Band & Priority'!$E$11,4,IF(O871<'Cost Band & Priority'!$E$10,3,IF(O871<'Cost Band & Priority'!$E$9,2,1)))))","v":""},{"$f":"IF(P871=\"\",\"\",VLOOKUP(P871,'Cost Band & Priority'!$B$8:$E$12,2,FALSE))","v":""},null,null,null,null,null,null,null,"",{"$f":"IF(Y871=\"\",\"\",VLOOKUP(Y871,'Benefit Priority'!$B$25:$C$47,2,FALSE))","v":""},{"$f":"IF(OR(Q871=\"\",Z871=\"\"),\"\",VLOOKUP(VLOOKUP(Q871&\" Cost & \"&Z871&\" Benefit\",'Overall Priority'!$D$21:$E$45,2,FALSE),'Overall Priority'!$B$8:$E$16,4,FALSE))","v":""},{"$f":"IF(OR(Q871=\"\",Z871=\"\"),\"\",VLOOKUP(Q871&\" Cost & \"&Z871&\" Benefit\",'Overall Priority'!$D$21:$E$45,2,FALSE))","v":""}]
[null,null,null,null,null,null,null,null,null,null,null,null,null,null,null,{"$f":"IF(O872=\"\",\"\",IF(O872<'Cost Band & Priority'!$E$12,5,IF(O872<'Cost Band & Priority'!$E$11,4,IF(O872<'Cost Band & Priority'!$E$10,3,IF(O872<'Cost Band & Priority'!$E$9,2,1)))))","v":""},{"$f":"IF(P872=\"\",\"\",VLOOKUP(P872,'Cost Band & Priority'!$B$8:$E$12,2,FALSE))","v":""},null,null,null,null,null,null,null,"",{"$f":"IF(Y872=\"\",\"\",VLOOKUP(Y872,'Benefit Priority'!$B$25:$C$47,2,FALSE))","v":""},{"$f":"IF(OR(Q872=\"\",Z872=\"\"),\"\",VLOOKUP(VLOOKUP(Q872&\" Cost & \"&Z872&\" Benefit\",'Overall Priority'!$D$21:$E$45,2,FALSE),'Overall Priority'!$B$8:$E$16,4,FALSE))","v":""},{"$f":"IF(OR(Q872=\"\",Z872=\"\"),\"\",VLOOKUP(Q872&\" Cost & \"&Z872&\" Benefit\",'Overall Priority'!$D$21:$E$45,2,FALSE))","v":""}]
[null,null,null,null,null,null,null,null,null,null,null,null,null,null,null,{"$f":"IF(O873=\"\",\"\",IF(O873<'Cost Band & Priority'!$E$12,5,IF(O873<'Cost Band & Priority'!$E$11,4,IF(O873<'Cost Band & Priority'!$E$10,3,IF(O873<'Cost Band & Priority'!$E$9,2,1)))))","v":""},{"$f":"IF(P873=\"\",\"\",VLOOKUP(P873,'Cost Band & Priority'!$B$8:$E$12,2,FALSE))","v":""},null,null,null,null,null,null,null,"",{"$f":"IF(Y873=\"\",\"\",VLOOKUP(Y873,'Benefit Priority'!$B$25:$C$47,2,FALSE))","v":""},{"$f":"IF(OR(Q873=\"\",Z873=\"\"),\"\",VLOOKUP(VLOOKUP(Q873&\" Cost & \"&Z873&\" Benefit\",'Overall Priority'!$D$21:$E$45,2,FALSE),'Overall Priority'!$B$8:$E$16,4,FALSE))","v":""},{"$f":"IF(OR(Q873=\"\",Z873=\"\"),\"\",VLOOKUP(Q873&\" Cost & \"&Z873&\" Benefit\",'Overall Priority'!$D$21:$E$45,2,FALSE))","v":""}]
[null,null,null,null,null,null,null,null,null,null,null,null,null,null,null,{"$f":"IF(O874=\"\",\"\",IF(O874<'Cost Band & Priority'!$E$12,5,IF(O874<'Cost Band & Priority'!$E$11,4,IF(O874<'Cost Band & Priority'!$E$10,3,IF(O874<'Cost Band & Priority'!$E$9,2,1)))))","v":""},{"$f":"IF(P874=\"\",\"\",VLOOKUP(P874,'Cost Band & Priority'!$B$8:$E$12,2,FALSE))","v":""},null,null,null,null,null,null,null,"",{"$f":"IF(Y874=\"\",\"\",VLOOKUP(Y874,'Benefit Priority'!$B$25:$C$47,2,FALSE))","v":""},{"$f":"IF(OR(Q874=\"\",Z874=\"\"),\"\",VLOOKUP(VLOOKUP(Q874&\" Cost & \"&Z874&\" Benefit\",'Overall Priority'!$D$21:$E$45,2,FALSE),'Overall Priority'!$B$8:$E$16,4,FALSE))","v":""},{"$f":"IF(OR(Q874=\"\",Z874=\"\"),\"\",VLOOKUP(Q874&\" Cost & \"&Z874&\" Benefit\",'Overall Priority'!$D$21:$E$45,2,FALSE))","v":""}]
[null,null,null,null,null,null,null,null,null,null,null,null,null,null,null,{"$f":"IF(O875=\"\",\"\",IF(O875<'Cost Band & Priority'!$E$12,5,IF(O875<'Cost Band & Priority'!$E$11,4,IF(O875<'Cost Band & Priority'!$E$10,3,IF(O875<'Cost Band & Priority'!$E$9,2,1)))))","v":""},{"$f":"IF(P875=\"\",\"\",VLOOKUP(P875,'Cost Band & Priority'!$B$8:$E$12,2,FALSE))","v":""},null,null,null,null,null,null,null,"",{"$f":"IF(Y875=\"\",\"\",VLOOKUP(Y875,'Benefit Priority'!$B$25:$C$47,2,FALSE))","v":""},{"$f":"IF(OR(Q875=\"\",Z875=\"\"),\"\",VLOOKUP(VLOOKUP(Q875&\" Cost & \"&Z875&\" Benefit\",'Overall Priority'!$D$21:$E$45,2,FALSE),'Overall Priority'!$B$8:$E$16,4,FALSE))","v":""},{"$f":"IF(OR(Q875=\"\",Z875=\"\"),\"\",VLOOKUP(Q875&\" Cost & \"&Z875&\" Benefit\",'Overall Priority'!$D$21:$E$45,2,FALSE))","v":""}]
[null,null,null,null,null,null,null,null,null,null,null,null,null,null,null,{"$f":"IF(O876=\"\",\"\",IF(O876<'Cost Band & Priority'!$E$12,5,IF(O876<'Cost Band & Priority'!$E$11,4,IF(O876<'Cost Band & Priority'!$E$10,3,IF(O876<'Cost Band & Priority'!$E$9,2,1)))))","v":""},{"$f":"IF(P876=\"\",\"\",VLOOKUP(P876,'Cost Band & Priority'!$B$8:$E$12,2,FALSE))","v":""},null,null,null,null,null,null,null,"",{"$f":"IF(Y876=\"\",\"\",VLOOKUP(Y876,'Benefit Priority'!$B$25:$C$47,2,FALSE))","v":""},{"$f":"IF(OR(Q876=\"\",Z876=\"\"),\"\",VLOOKUP(VLOOKUP(Q876&\" Cost & \"&Z876&\" Benefit\",'Overall Priority'!$D$21:$E$45,2,FALSE),'Overall Priority'!$B$8:$E$16,4,FALSE))","v":""},{"$f":"IF(OR(Q876=\"\",Z876=\"\"),\"\",VLOOKUP(Q876&\" Cost & \"&Z876&\" Benefit\",'Overall Priority'!$D$21:$E$45,2,FALSE))","v":""}]
[null,null,null,null,null,null,null,null,null,null,null,null,null,null,null,{"$f":"IF(O877=\"\",\"\",IF(O877<'Cost Band & Priority'!$E$12,5,IF(O877<'Cost Band & Priority'!$E$11,4,IF(O877<'Cost Band & Priority'!$E$10,3,IF(O877<'Cost Band & Priority'!$E$9,2,1)))))","v":""},{"$f":"IF(P877=\"\",\"\",VLOOKUP(P877,'Cost Band & Priority'!$B$8:$E$12,2,FALSE))","v":""},null,null,null,null,null,null,null,"",{"$f":"IF(Y877=\"\",\"\",VLOOKUP(Y877,'Benefit Priority'!$B$25:$C$47,2,FALSE))","v":""},{"$f":"IF(OR(Q877=\"\",Z877=\"\"),\"\",VLOOKUP(VLOOKUP(Q877&\" Cost & \"&Z877&\" Benefit\",'Overall Priority'!$D$21:$E$45,2,FALSE),'Overall Priority'!$B$8:$E$16,4,FALSE))","v":""},{"$f":"IF(OR(Q877=\"\",Z877=\"\"),\"\",VLOOKUP(Q877&\" Cost & \"&Z877&\" Benefit\",'Overall Priority'!$D$21:$E$45,2,FALSE))","v":""}]
[null,null,null,null,null,null,null,null,null,null,null,null,null,null,null,{"$f":"IF(O878=\"\",\"\",IF(O878<'Cost Band & Priority'!$E$12,5,IF(O878<'Cost Band & Priority'!$E$11,4,IF(O878<'Cost Band & Priority'!$E$10,3,IF(O878<'Cost Band & Priority'!$E$9,2,1)))))","v":""},{"$f":"IF(P878=\"\",\"\",VLOOKUP(P878,'Cost Band & Priority'!$B$8:$E$12,2,FALSE))","v":""},null,null,null,null,null,null,null,"",{"$f":"IF(Y878=\"\",\"\",VLOOKUP(Y878,'Benefit Priority'!$B$25:$C$47,2,FALSE))","v":""},{"$f":"IF(OR(Q878=\"\",Z878=\"\"),\"\",VLOOKUP(VLOOKUP(Q878&\" Cost & \"&Z878&\" Benefit\",'Overall Priority'!$D$21:$E$45,2,FALSE),'Overall Priority'!$B$8:$E$16,4,FALSE))","v":""},{"$f":"IF(OR(Q878=\"\",Z878=\"\"),\"\",VLOOKUP(Q878&\" Cost & \"&Z878&\" Benefit\",'Overall Priority'!$D$21:$E$45,2,FALSE))","v":""}]
[null,null,null,null,null,null,null,null,null,null,null,null,null,null,null,{"$f":"IF(O879=\"\",\"\",IF(O879<'Cost Band & Priority'!$E$12,5,IF(O879<'Cost Band & Priority'!$E$11,4,IF(O879<'Cost Band & Priority'!$E$10,3,IF(O879<'Cost Band & Priority'!$E$9,2,1)))))","v":""},{"$f":"IF(P879=\"\",\"\",VLOOKUP(P879,'Cost Band & Priority'!$B$8:$E$12,2,FALSE))","v":""},null,null,null,null,null,null,null,"",{"$f":"IF(Y879=\"\",\"\",VLOOKUP(Y879,'Benefit Priority'!$B$25:$C$47,2,FALSE))","v":""},{"$f":"IF(OR(Q879=\"\",Z879=\"\"),\"\",VLOOKUP(VLOOKUP(Q879&\" Cost & \"&Z879&\" Benefit\",'Overall Priority'!$D$21:$E$45,2,FALSE),'Overall Priority'!$B$8:$E$16,4,FALSE))","v":""},{"$f":"IF(OR(Q879=\"\",Z879=\"\"),\"\",VLOOKUP(Q879&\" Cost & \"&Z879&\" Benefit\",'Overall Priority'!$D$21:$E$45,2,FALSE))","v":""}]
[null,null,null,null,null,null,null,null,null,null,null,null,null,null,null,{"$f":"IF(O880=\"\",\"\",IF(O880<'Cost Band & Priority'!$E$12,5,IF(O880<'Cost Band & Priority'!$E$11,4,IF(O880<'Cost Band & Priority'!$E$10,3,IF(O880<'Cost Band & Priority'!$E$9,2,1)))))","v":""},{"$f":"IF(P880=\"\",\"\",VLOOKUP(P880,'Cost Band & Priority'!$B$8:$E$12,2,FALSE))","v":""},null,null,null,null,null,null,null,"",{"$f":"IF(Y880=\"\",\"\",VLOOKUP(Y880,'Benefit Priority'!$B$25:$C$47,2,FALSE))","v":""},{"$f":"IF(OR(Q880=\"\",Z880=\"\"),\"\",VLOOKUP(VLOOKUP(Q880&\" Cost & \"&Z880&\" Benefit\",'Overall Priority'!$D$21:$E$45,2,FALSE),'Overall Priority'!$B$8:$E$16,4,FALSE))","v":""},{"$f":"IF(OR(Q880=\"\",Z880=\"\"),\"\",VLOOKUP(Q880&\" Cost & \"&Z880&\" Benefit\",'Overall Priority'!$D$21:$E$45,2,FALSE))","v":""}]
[null,null,null,null,null,null,null,null,null,null,null,null,null,null,null,{"$f":"IF(O881=\"\",\"\",IF(O881<'Cost Band & Priority'!$E$12,5,IF(O881<'Cost Band & Priority'!$E$11,4,IF(O881<'Cost Band & Priority'!$E$10,3,IF(O881<'Cost Band & Priority'!$E$9,2,1)))))","v":""},{"$f":"IF(P881=\"\",\"\",VLOOKUP(P881,'Cost Band & Priority'!$B$8:$E$12,2,FALSE))","v":""},null,null,null,null,null,null,null,"",{"$f":"IF(Y881=\"\",\"\",VLOOKUP(Y881,'Benefit Priority'!$B$25:$C$47,2,FALSE))","v":""},{"$f":"IF(OR(Q881=\"\",Z881=\"\"),\"\",VLOOKUP(VLOOKUP(Q881&\" Cost & \"&Z881&\" Benefit\",'Overall Priority'!$D$21:$E$45,2,FALSE),'Overall Priority'!$B$8:$E$16,4,FALSE))","v":""},{"$f":"IF(OR(Q881=\"\",Z881=\"\"),\"\",VLOOKUP(Q881&\" Cost & \"&Z881&\" Benefit\",'Overall Priority'!$D$21:$E$45,2,FALSE))","v":""}]
[null,null,null,null,null,null,null,null,null,null,null,null,null,null,null,{"$f":"IF(O882=\"\",\"\",IF(O882<'Cost Band & Priority'!$E$12,5,IF(O882<'Cost Band & Priority'!$E$11,4,IF(O882<'Cost Band & Priority'!$E$10,3,IF(O882<'Cost Band & Priority'!$E$9,2,1)))))","v":""},{"$f":"IF(P882=\"\",\"\",VLOOKUP(P882,'Cost Band & Priority'!$B$8:$E$12,2,FALSE))","v":""},null,null,null,null,null,null,null,"",{"$f":"IF(Y882=\"\",\"\",VLOOKUP(Y882,'Benefit Priority'!$B$25:$C$47,2,FALSE))","v":""},{"$f":"IF(OR(Q882=\"\",Z882=\"\"),\"\",VLOOKUP(VLOOKUP(Q882&\" Cost & \"&Z882&\" Benefit\",'Overall Priority'!$D$21:$E$45,2,FALSE),'Overall Priority'!$B$8:$E$16,4,FALSE))","v":""},{"$f":"IF(OR(Q882=\"\",Z882=\"\"),\"\",VLOOKUP(Q882&\" Cost & \"&Z882&\" Benefit\",'Overall Priority'!$D$21:$E$45,2,FALSE))","v":""}]
[null,null,null,null,null,null,null,null,null,null,null,null,null,null,null,{"$f":"IF(O883=\"\",\"\",IF(O883<'Cost Band & Priority'!$E$12,5,IF(O883<'Cost Band & Priority'!$E$11,4,IF(O883<'Cost Band & Priority'!$E$10,3,IF(O883<'Cost Band & Priority'!$E$9,2,1)))))","v":""},{"$f":"IF(P883=\"\",\"\",VLOOKUP(P883,'Cost Band & Priority'!$B$8:$E$12,2,FALSE))","v":""},null,null,null,null,null,null,null,"",{"$f":"IF(Y883=\"\",\"\",VLOOKUP(Y883,'Benefit Priority'!$B$25:$C$47,2,FALSE))","v":""},{"$f":"IF(OR(Q883=\"\",Z883=\"\"),\"\",VLOOKUP(VLOOKUP(Q883&\" Cost & \"&Z883&\" Benefit\",'Overall Priority'!$D$21:$E$45,2,FALSE),'Overall Priority'!$B$8:$E$16,4,FALSE))","v":""},{"$f":"IF(OR(Q883=\"\",Z883=\"\"),\"\",VLOOKUP(Q883&\" Cost & \"&Z883&\" Benefit\",'Overall Priority'!$D$21:$E$45,2,FALSE))","v":""}]
[null,null,null,null,null,null,null,null,null,null,null,null,null,null,null,{"$f":"IF(O884=\"\",\"\",IF(O884<'Cost Band & Priority'!$E$12,5,IF(O884<'Cost Band & Priority'!$E$11,4,IF(O884<'Cost Band & Priority'!$E$10,3,IF(O884<'Cost Band & Priority'!$E$9,2,1)))))","v":""},{"$f":"IF(P884=\"\",\"\",VLOOKUP(P884,'Cost Band & Priority'!$B$8:$E$12,2,FALSE))","v":""},null,null,null,null,null,null,null,"",{"$f":"IF(Y884=\"\",\"\",VLOOKUP(Y884,'Benefit Priority'!$B$25:$C$47,2,FALSE))","v":""},{"$f":"IF(OR(Q884=\"\",Z884=\"\"),\"\",VLOOKUP(VLOOKUP(Q884&\" Cost & \"&Z884&\" Benefit\",'Overall Priority'!$D$21:$E$45,2,FALSE),'Overall Priority'!$B$8:$E$16,4,FALSE))","v":""},{"$f":"IF(OR(Q884=\"\",Z884=\"\"),\"\",VLOOKUP(Q884&\" Cost & \"&Z884&\" Benefit\",'Overall Priority'!$D$21:$E$45,2,FALSE))","v":""}]
[null,null,null,null,null,null,null,null,null,null,null,null,null,null,null,{"$f":"IF(O885=\"\",\"\",IF(O885<'Cost Band & Priority'!$E$12,5,IF(O885<'Cost Band & Priority'!$E$11,4,IF(O885<'Cost Band & Priority'!$E$10,3,IF(O885<'Cost Band & Priority'!$E$9,2,1)))))","v":""},{"$f":"IF(P885=\"\",\"\",VLOOKUP(P885,'Cost Band & Priority'!$B$8:$E$12,2,FALSE))","v":""},null,null,null,null,null,null,null,"",{"$f":"IF(Y885=\"\",\"\",VLOOKUP(Y885,'Benefit Priority'!$B$25:$C$47,2,FALSE))","v":""},{"$f":"IF(OR(Q885=\"\",Z885=\"\"),\"\",VLOOKUP(VLOOKUP(Q885&\" Cost & \"&Z885&\" Benefit\",'Overall Priority'!$D$21:$E$45,2,FALSE),'Overall Priority'!$B$8:$E$16,4,FALSE))","v":""},{"$f":"IF(OR(Q885=\"\",Z885=\"\"),\"\",VLOOKUP(Q885&\" Cost & \"&Z885&\" Benefit\",'Overall Priority'!$D$21:$E$45,2,FALSE))","v":""}]
[null,null,null,null,null,null,null,null,null,null,null,null,null,null,null,{"$f":"IF(O886=\"\",\"\",IF(O886<'Cost Band & Priority'!$E$12,5,IF(O886<'Cost Band & Priority'!$E$11,4,IF(O886<'Cost Band & Priority'!$E$10,3,IF(O886<'Cost Band & Priority'!$E$9,2,1)))))","v":""},{"$f":"IF(P886=\"\",\"\",VLOOKUP(P886,'Cost Band & Priority'!$B$8:$E$12,2,FALSE))","v":""},null,null,null,null,null,null,null,"",{"$f":"IF(Y886=\"\",\"\",VLOOKUP(Y886,'Benefit Priority'!$B$25:$C$47,2,FALSE))","v":""},{"$f":"IF(OR(Q886=\"\",Z886=\"\"),\"\",VLOOKUP(VLOOKUP(Q886&\" Cost & \"&Z886&\" Benefit\",'Overall Priority'!$D$21:$E$45,2,FALSE),'Overall Priority'!$B$8:$E$16,4,FALSE))","v":""},{"$f":"IF(OR(Q886=\"\",Z886=\"\"),\"\",VLOOKUP(Q886&\" Cost & \"&Z886&\" Benefit\",'Overall Priority'!$D$21:$E$45,2,FALSE))","v":""}]
[null,null,null,null,null,null,null,null,null,null,null,null,null,null,null,{"$f":"IF(O887=\"\",\"\",IF(O887<'Cost Band & Priority'!$E$12,5,IF(O887<'Cost Band & Priority'!$E$11,4,IF(O887<'Cost Band & Priority'!$E$10,3,IF(O887<'Cost Band & Priority'!$E$9,2,1)))))","v":""},{"$f":"IF(P887=\"\",\"\",VLOOKUP(P887,'Cost Band & Priority'!$B$8:$E$12,2,FALSE))","v":""},null,null,null,null,null,null,null,"",{"$f":"IF(Y887=\"\",\"\",VLOOKUP(Y887,'Benefit Priority'!$B$25:$C$47,2,FALSE))","v":""},{"$f":"IF(OR(Q887=\"\",Z887=\"\"),\"\",VLOOKUP(VLOOKUP(Q887&\" Cost & \"&Z887&\" Benefit\",'Overall Priority'!$D$21:$E$45,2,FALSE),'Overall Priority'!$B$8:$E$16,4,FALSE))","v":""},{"$f":"IF(OR(Q887=\"\",Z887=\"\"),\"\",VLOOKUP(Q887&\" Cost & \"&Z887&\" Benefit\",'Overall Priority'!$D$21:$E$45,2,FALSE))","v":""}]
[null,null,null,null,null,null,null,null,null,null,null,null,null,null,null,{"$f":"IF(O888=\"\",\"\",IF(O888<'Cost Band & Priority'!$E$12,5,IF(O888<'Cost Band & Priority'!$E$11,4,IF(O888<'Cost Band & Priority'!$E$10,3,IF(O888<'Cost Band & Priority'!$E$9,2,1)))))","v":""},{"$f":"IF(P888=\"\",\"\",VLOOKUP(P888,'Cost Band & Priority'!$B$8:$E$12,2,FALSE))","v":""},null,null,null,null,null,null,null,"",{"$f":"IF(Y888=\"\",\"\",VLOOKUP(Y888,'Benefit Priority'!$B$25:$C$47,2,FALSE))","v":""},{"$f":"IF(OR(Q888=\"\",Z888=\"\"),\"\",VLOOKUP(VLOOKUP(Q888&\" Cost & \"&Z888&\" Benefit\",'Overall Priority'!$D$21:$E$45,2,FALSE),'Overall Priority'!$B$8:$E$16,4,FALSE))","v":""},{"$f":"IF(OR(Q888=\"\",Z888=\"\"),\"\",VLOOKUP(Q888&\" Cost & \"&Z888&\" Benefit\",'Overall Priority'!$D$21:$E$45,2,FALSE))","v":""}]
[null,null,null,null,null,null,null,null,null,null,null,null,null,null,null,{"$f":"IF(O889=\"\",\"\",IF(O889<'Cost Band & Priority'!$E$12,5,IF(O889<'Cost Band & Priority'!$E$11,4,IF(O889<'Cost Band & Priority'!$E$10,3,IF(O889<'Cost Band & Priority'!$E$9,2,1)))))","v":""},{"$f":"IF(P889=\"\",\"\",VLOOKUP(P889,'Cost Band & Priority'!$B$8:$E$12,2,FALSE))","v":""},null,null,null,null,null,null,null,"",{"$f":"IF(Y889=\"\",\"\",VLOOKUP(Y889,'Benefit Priority'!$B$25:$C$47,2,FALSE))","v":""},{"$f":"IF(OR(Q889=\"\",Z889=\"\"),\"\",VLOOKUP(VLOOKUP(Q889&\" Cost & \"&Z889&\" Benefit\",'Overall Priority'!$D$21:$E$45,2,FALSE),'Overall Priority'!$B$8:$E$16,4,FALSE))","v":""},{"$f":"IF(OR(Q889=\"\",Z889=\"\"),\"\",VLOOKUP(Q889&\" Cost & \"&Z889&\" Benefit\",'Overall Priority'!$D$21:$E$45,2,FALSE))","v":""}]
[null,null,null,null,null,null,null,null,null,null,null,null,null,null,null,{"$f":"IF(O890=\"\",\"\",IF(O890<'Cost Band & Priority'!$E$12,5,IF(O890<'Cost Band & Priority'!$E$11,4,IF(O890<'Cost Band & Priority'!$E$10,3,IF(O890<'Cost Band & Priority'!$E$9,2,1)))))","v":""},{"$f":"IF(P890=\"\",\"\",VLOOKUP(P890,'Cost Band & Priority'!$B$8:$E$12,2,FALSE))","v":""},null,null,null,null,null,null,null,"",{"$f":"IF(Y890=\"\",\"\",VLOOKUP(Y890,'Benefit Priority'!$B$25:$C$47,2,FALSE))","v":""},{"$f":"IF(OR(Q890=\"\",Z890=\"\"),\"\",VLOOKUP(VLOOKUP(Q890&\" Cost & \"&Z890&\" Benefit\",'Overall Priority'!$D$21:$E$45,2,FALSE),'Overall Priority'!$B$8:$E$16,4,FALSE))","v":""},{"$f":"IF(OR(Q890=\"\",Z890=\"\"),\"\",VLOOKUP(Q890&\" Cost & \"&Z890&\" Benefit\",'Overall Priority'!$D$21:$E$45,2,FALSE))","v":""}]
[null,null,null,null,null,null,null,null,null,null,null,null,null,null,null,{"$f":"IF(O891=\"\",\"\",IF(O891<'Cost Band & Priority'!$E$12,5,IF(O891<'Cost Band & Priority'!$E$11,4,IF(O891<'Cost Band & Priority'!$E$10,3,IF(O891<'Cost Band & Priority'!$E$9,2,1)))))","v":""},{"$f":"IF(P891=\"\",\"\",VLOOKUP(P891,'Cost Band & Priority'!$B$8:$E$12,2,FALSE))","v":""},null,null,null,null,null,null,null,"",{"$f":"IF(Y891=\"\",\"\",VLOOKUP(Y891,'Benefit Priority'!$B$25:$C$47,2,FALSE))","v":""},{"$f":"IF(OR(Q891=\"\",Z891=\"\"),\"\",VLOOKUP(VLOOKUP(Q891&\" Cost & \"&Z891&\" Benefit\",'Overall Priority'!$D$21:$E$45,2,FALSE),'Overall Priority'!$B$8:$E$16,4,FALSE))","v":""},{"$f":"IF(OR(Q891=\"\",Z891=\"\"),\"\",VLOOKUP(Q891&\" Cost & \"&Z891&\" Benefit\",'Overall Priority'!$D$21:$E$45,2,FALSE))","v":""}]
[null,null,null,null,null,null,null,null,null,null,null,null,null,null,null,{"$f":"IF(O892=\"\",\"\",IF(O892<'Cost Band & Priority'!$E$12,5,IF(O892<'Cost Band & Priority'!$E$11,4,IF(O892<'Cost Band & Priority'!$E$10,3,IF(O892<'Cost Band & Priority'!$E$9,2,1)))))","v":""},{"$f":"IF(P892=\"\",\"\",VLOOKUP(P892,'Cost Band & Priority'!$B$8:$E$12,2,FALSE))","v":""},null,null,null,null,null,null,null,"",{"$f":"IF(Y892=\"\",\"\",VLOOKUP(Y892,'Benefit Priority'!$B$25:$C$47,2,FALSE))","v":""},{"$f":"IF(OR(Q892=\"\",Z892=\"\"),\"\",VLOOKUP(VLOOKUP(Q892&\" Cost & \"&Z892&\" Benefit\",'Overall Priority'!$D$21:$E$45,2,FALSE),'Overall Priority'!$B$8:$E$16,4,FALSE))","v":""},{"$f":"IF(OR(Q892=\"\",Z892=\"\"),\"\",VLOOKUP(Q892&\" Cost & \"&Z892&\" Benefit\",'Overall Priority'!$D$21:$E$45,2,FALSE))","v":""}]
[null,null,null,null,null,null,null,null,null,null,null,null,null,null,null,{"$f":"IF(O893=\"\",\"\",IF(O893<'Cost Band & Priority'!$E$12,5,IF(O893<'Cost Band & Priority'!$E$11,4,IF(O893<'Cost Band & Priority'!$E$10,3,IF(O893<'Cost Band & Priority'!$E$9,2,1)))))","v":""},{"$f":"IF(P893=\"\",\"\",VLOOKUP(P893,'Cost Band & Priority'!$B$8:$E$12,2,FALSE))","v":""},null,null,null,null,null,null,null,"",{"$f":"IF(Y893=\"\",\"\",VLOOKUP(Y893,'Benefit Priority'!$B$25:$C$47,2,FALSE))","v":""},{"$f":"IF(OR(Q893=\"\",Z893=\"\"),\"\",VLOOKUP(VLOOKUP(Q893&\" Cost & \"&Z893&\" Benefit\",'Overall Priority'!$D$21:$E$45,2,FALSE),'Overall Priority'!$B$8:$E$16,4,FALSE))","v":""},{"$f":"IF(OR(Q893=\"\",Z893=\"\"),\"\",VLOOKUP(Q893&\" Cost & \"&Z893&\" Benefit\",'Overall Priority'!$D$21:$E$45,2,FALSE))","v":""}]
[null,null,null,null,null,null,null,null,null,null,null,null,null,null,null,{"$f":"IF(O894=\"\",\"\",IF(O894<'Cost Band & Priority'!$E$12,5,IF(O894<'Cost Band & Priority'!$E$11,4,IF(O894<'Cost Band & Priority'!$E$10,3,IF(O894<'Cost Band & Priority'!$E$9,2,1)))))","v":""},{"$f":"IF(P894=\"\",\"\",VLOOKUP(P894,'Cost Band & Priority'!$B$8:$E$12,2,FALSE))","v":""},null,null,null,null,null,null,null,"",{"$f":"IF(Y894=\"\",\"\",VLOOKUP(Y894,'Benefit Priority'!$B$25:$C$47,2,FALSE))","v":""},{"$f":"IF(OR(Q894=\"\",Z894=\"\"),\"\",VLOOKUP(VLOOKUP(Q894&\" Cost & \"&Z894&\" Benefit\",'Overall Priority'!$D$21:$E$45,2,FALSE),'Overall Priority'!$B$8:$E$16,4,FALSE))","v":""},{"$f":"IF(OR(Q894=\"\",Z894=\"\"),\"\",VLOOKUP(Q894&\" Cost & \"&Z894&\" Benefit\",'Overall Priority'!$D$21:$E$45,2,FALSE))","v":""}]
[null,null,null,null,null,null,null,null,null,null,null,null,null,null,null,{"$f":"IF(O895=\"\",\"\",IF(O895<'Cost Band & Priority'!$E$12,5,IF(O895<'Cost Band & Priority'!$E$11,4,IF(O895<'Cost Band & Priority'!$E$10,3,IF(O895<'Cost Band & Priority'!$E$9,2,1)))))","v":""},{"$f":"IF(P895=\"\",\"\",VLOOKUP(P895,'Cost Band & Priority'!$B$8:$E$12,2,FALSE))","v":""},null,null,null,null,null,null,null,"",{"$f":"IF(Y895=\"\",\"\",VLOOKUP(Y895,'Benefit Priority'!$B$25:$C$47,2,FALSE))","v":""},{"$f":"IF(OR(Q895=\"\",Z895=\"\"),\"\",VLOOKUP(VLOOKUP(Q895&\" Cost & \"&Z895&\" Benefit\",'Overall Priority'!$D$21:$E$45,2,FALSE),'Overall Priority'!$B$8:$E$16,4,FALSE))","v":""},{"$f":"IF(OR(Q895=\"\",Z895=\"\"),\"\",VLOOKUP(Q895&\" Cost & \"&Z895&\" Benefit\",'Overall Priority'!$D$21:$E$45,2,FALSE))","v":""}]
[null,null,null,null,null,null,null,null,null,null,null,null,null,null,null,{"$f":"IF(O896=\"\",\"\",IF(O896<'Cost Band & Priority'!$E$12,5,IF(O896<'Cost Band & Priority'!$E$11,4,IF(O896<'Cost Band & Priority'!$E$10,3,IF(O896<'Cost Band & Priority'!$E$9,2,1)))))","v":""},{"$f":"IF(P896=\"\",\"\",VLOOKUP(P896,'Cost Band & Priority'!$B$8:$E$12,2,FALSE))","v":""},null,null,null,null,null,null,null,"",{"$f":"IF(Y896=\"\",\"\",VLOOKUP(Y896,'Benefit Priority'!$B$25:$C$47,2,FALSE))","v":""},{"$f":"IF(OR(Q896=\"\",Z896=\"\"),\"\",VLOOKUP(VLOOKUP(Q896&\" Cost & \"&Z896&\" Benefit\",'Overall Priority'!$D$21:$E$45,2,FALSE),'Overall Priority'!$B$8:$E$16,4,FALSE))","v":""},{"$f":"IF(OR(Q896=\"\",Z896=\"\"),\"\",VLOOKUP(Q896&\" Cost & \"&Z896&\" Benefit\",'Overall Priority'!$D$21:$E$45,2,FALSE))","v":""}]
[null,null,null,null,null,null,null,null,null,null,null,null,null,null,null,{"$f":"IF(O897=\"\",\"\",IF(O897<'Cost Band & Priority'!$E$12,5,IF(O897<'Cost Band & Priority'!$E$11,4,IF(O897<'Cost Band & Priority'!$E$10,3,IF(O897<'Cost Band & Priority'!$E$9,2,1)))))","v":""},{"$f":"IF(P897=\"\",\"\",VLOOKUP(P897,'Cost Band & Priority'!$B$8:$E$12,2,FALSE))","v":""},null,null,null,null,null,null,null,"",{"$f":"IF(Y897=\"\",\"\",VLOOKUP(Y897,'Benefit Priority'!$B$25:$C$47,2,FALSE))","v":""},{"$f":"IF(OR(Q897=\"\",Z897=\"\"),\"\",VLOOKUP(VLOOKUP(Q897&\" Cost & \"&Z897&\" Benefit\",'Overall Priority'!$D$21:$E$45,2,FALSE),'Overall Priority'!$B$8:$E$16,4,FALSE))","v":""},{"$f":"IF(OR(Q897=\"\",Z897=\"\"),\"\",VLOOKUP(Q897&\" Cost & \"&Z897&\" Benefit\",'Overall Priority'!$D$21:$E$45,2,FALSE))","v":""}]
[null,null,null,null,null,null,null,null,null,null,null,null,null,null,null,{"$f":"IF(O898=\"\",\"\",IF(O898<'Cost Band & Priority'!$E$12,5,IF(O898<'Cost Band & Priority'!$E$11,4,IF(O898<'Cost Band & Priority'!$E$10,3,IF(O898<'Cost Band & Priority'!$E$9,2,1)))))","v":""},{"$f":"IF(P898=\"\",\"\",VLOOKUP(P898,'Cost Band & Priority'!$B$8:$E$12,2,FALSE))","v":""},null,null,null,null,null,null,null,{"$f":"IF(AND(R898>0,S898>0,T898>0,U898>0,V898>0,W898>0,X898>0),SUM(R898:X898),\"\")","v":""},{"$f":"IF(Y898=\"\",\"\",VLOOKUP(Y898,'Benefit Priority'!$B$25:$C$47,2,FALSE))","v":""},{"$f":"IF(OR(Q898=\"\",Z898=\"\"),\"\",VLOOKUP(VLOOKUP(Q898&\" Cost & \"&Z898&\" Benefit\",'Overall Priority'!$D$21:$E$45,2,FALSE),'Overall Priority'!$B$8:$E$16,4,FALSE))","v":""},{"$f":"IF(OR(Q898=\"\",Z898=\"\"),\"\",VLOOKUP(Q898&\" Cost & \"&Z898&\" Benefit\",'Overall Priority'!$D$21:$E$45,2,FALSE))","v":""}]
[null,null,null,null,null,null,null,null,null,null,null,null,null,null,null,{"$f":"IF(O899=\"\",\"\",IF(O899<'Cost Band & Priority'!$E$12,5,IF(O899<'Cost Band & Priority'!$E$11,4,IF(O899<'Cost Band & Priority'!$E$10,3,IF(O899<'Cost Band & Priority'!$E$9,2,1)))))","v":""},{"$f":"IF(P899=\"\",\"\",VLOOKUP(P899,'Cost Band & Priority'!$B$8:$E$12,2,FALSE))","v":""},null,null,null,null,null,null,null,"",{"$f":"IF(Y899=\"\",\"\",VLOOKUP(Y899,'Benefit Priority'!$B$25:$C$47,2,FALSE))","v":""},{"$f":"IF(OR(Q899=\"\",Z899=\"\"),\"\",VLOOKUP(VLOOKUP(Q899&\" Cost & \"&Z899&\" Benefit\",'Overall Priority'!$D$21:$E$45,2,FALSE),'Overall Priority'!$B$8:$E$16,4,FALSE))","v":""},{"$f":"IF(OR(Q899=\"\",Z899=\"\"),\"\",VLOOKUP(Q899&\" Cost & \"&Z899&\" Benefit\",'Overall Priority'!$D$21:$E$45,2,FALSE))","v":""}]
[null,null,null,null,null,null,null,null,null,null,null,null,null,null,null,{"$f":"IF(O900=\"\",\"\",IF(O900<'Cost Band & Priority'!$E$12,5,IF(O900<'Cost Band & Priority'!$E$11,4,IF(O900<'Cost Band & Priority'!$E$10,3,IF(O900<'Cost Band & Priority'!$E$9,2,1)))))","v":""},{"$f":"IF(P900=\"\",\"\",VLOOKUP(P900,'Cost Band & Priority'!$B$8:$E$12,2,FALSE))","v":""},null,null,null,null,null,null,null,"",{"$f":"IF(Y900=\"\",\"\",VLOOKUP(Y900,'Benefit Priority'!$B$25:$C$47,2,FALSE))","v":""},{"$f":"IF(OR(Q900=\"\",Z900=\"\"),\"\",VLOOKUP(VLOOKUP(Q900&\" Cost & \"&Z900&\" Benefit\",'Overall Priority'!$D$21:$E$45,2,FALSE),'Overall Priority'!$B$8:$E$16,4,FALSE))","v":""},{"$f":"IF(OR(Q900=\"\",Z900=\"\"),\"\",VLOOKUP(Q900&\" Cost & \"&Z900&\" Benefit\",'Overall Priority'!$D$21:$E$45,2,FALSE))","v":""}]
[null,null,null,null,null,null,null,null,null,null,null,null,null,null,null,{"$f":"IF(O901=\"\",\"\",IF(O901<'Cost Band & Priority'!$E$12,5,IF(O901<'Cost Band & Priority'!$E$11,4,IF(O901<'Cost Band & Priority'!$E$10,3,IF(O901<'Cost Band & Priority'!$E$9,2,1)))))","v":""},{"$f":"IF(P901=\"\",\"\",VLOOKUP(P901,'Cost Band & Priority'!$B$8:$E$12,2,FALSE))","v":""},null,null,null,null,null,null,null,"",{"$f":"IF(Y901=\"\",\"\",VLOOKUP(Y901,'Benefit Priority'!$B$25:$C$47,2,FALSE))","v":""},{"$f":"IF(OR(Q901=\"\",Z901=\"\"),\"\",VLOOKUP(VLOOKUP(Q901&\" Cost & \"&Z901&\" Benefit\",'Overall Priority'!$D$21:$E$45,2,FALSE),'Overall Priority'!$B$8:$E$16,4,FALSE))","v":""},{"$f":"IF(OR(Q901=\"\",Z901=\"\"),\"\",VLOOKUP(Q901&\" Cost & \"&Z901&\" Benefit\",'Overall Priority'!$D$21:$E$45,2,FALSE))","v":""}]

{"sheet":"Summary Sheets - Estimated Cost","index":2,"n_rows":104,"n_cols":20,"rows_kept":104,"cut":false,"hidden":false,"merged":[[9,1,9,19],[24,1,24,19],[38,1,38,19],[50,1,50,19]]}
[]
[null,"Criteria Builder"]
[null,"Date From",null,null,"Earliest:",{"$f":"MIN('Future Requirements'!$B:$B)","v":"2016-11-07"},null,"Overall Priority:","Very High","Include"]
[null,"Date To",null,null,"Latest:",{"$f":"MAX('Future Requirements'!$B:$B)","v":"2017-11-21"},null,null,"High","Include"]
[null,"Resilience Network","All Entries",null,null,null,null,null,"Med","Include"]
[null,"Cabinet Status","All Entries",null,null,null,null,null,"Low","Include"]
[null,null,null,null,null,null,null,null,"Very low","Include"]
[]
[]
[null,{"$f":"\"Count of entry by \"&B11&\" by Ward\"&IF($C$5=\"No\",\" not in the Resilience Network\",IF($C$5=\"Yes\",\" in the Resilience Network\",\"\"))&IF($C$6=\"Agreed\",\" where the Cabinet has agreed the works\",IF($C$6=\"C/Fwd\",\" where the works are being carried forward\",\"\"))","v":"Count of entry by Key Asset Group by Ward"}]
[null,"Key Asset Group","Belfairs","Blenheim Park","Chalkwell","Eastwood Park","Kursaal","Leigh","Milton","Prittlewell","Shoeburyness","Southchurch","St Laurence","St Luke's","Thorpe","Victoria","West Leigh","West Shoebury","Westborough","Total"]
[null,"Bridges & Structures",{"$f":"IF($J$3=\"Include\",SUMIFS('Future Requirements'!$O:$O,'Future Requirements'!$D:$D,$B12,'Future Requirements'!$G:$G,C$11,'Future Requirements'!$B:$B,IF($C$3=\"\",\">=\"&$F$3,\">=\"&$C$3),'Future Requirements'!$B:$B,IF($C$4=\"\",\"<=\"&$F$4,\"<=\"&$C$4),'Future Requirements'!$J:$J,IF($C$5=\"Yes\",\"Yes\",IF($C$5=\"No\",\"No\",\"<>Luke\")),'Future Requirements'!$AC:$AC,IF($C$6=\"Agreed\",\"Agreed\",IF($C$6=\"C/Fwd\",\"C/Fwd\",\"<>Luke\")),'Future Requirements'!$AA:$AA,$I$3),0)+\nIF($J$4=\"Include\",SUMIFS('Future Requirements'!$O:$O,'Future Requirements'!$D:$D,$B12,'Future Requirements'!$G:$G,C$11,'Future Requirements'!$B:$B,IF($C$3=\"\",\">=\"&$F$3,\">=\"&$C$3),'Future Requirements'!$B:$B,IF($C$4=\"\",\"<=\"&$F$4,\"<=\"&$C$4),'Future Requirements'!$J:$J,IF($C$5=\"Yes\",\"Yes\",IF($C$5=\"No\",\"No\",\"<>Luke\")),'Future Requirements'!$AC:$AC,IF($C$6=\"Agreed\",\"Agreed\",IF($C$6=\"C/Fwd\",\"C/Fwd\",\"<>Luke\")),'Future Requirements'!$AA:$AA,$I$4),0)+\nIF($J$5=\"Include\",SUMIFS('Future Requirements'!$O:$O,'Future Requirements'!$D:$D,$B12,'Future Requirements'!$G:$G,C$11,'Future Requirements'!$B:$B,IF($C$3=\"\",\">=\"&$F$3,\">=\"&$C$3),'Future Requirements'!$B:$B,IF($C$4=\"\",\"<=\"&$F$4,\"<=\"&$C$4),'Future Requirements'!$J:$J,IF($C$5=\"Yes\",\"Yes\",IF($C$5=\"No\",\"No\",\"<>Luke\")),'Future Requirements'!$AC:$AC,IF($C$6=\"Agreed\",\"Agreed\",IF($C$6=\"C/Fwd\",\"C/Fwd\",\"<>Luke\")),'Future Requirements'!$AA:$AA,$I$5),0)+\nIF($J$6=\"Include\",SUMIFS('Future Requirements'!$O:$O,'Future Requirements'!$D:$D,$B12,'Future Requirements'!$G:$G,C$11,'Future Requirements'!$B:$B,IF($C$3=\"\",\">=\"&$F$3,\">=\"&$C$3),'Future Requirements'!$B:$B,IF($C$4=\"\",\"<=\"&$F$4,\"<=\"&$C$4),'Future Requirements'!$J:$J,IF($C$5=\"Yes\",\"Yes\",IF($C$5=\"No\",\"No\",\"<>Luke\")),'Future Requirements'!$AC:$AC,IF($C$6=\"Agreed\",\"Agreed\",IF($C$6=\"C/Fwd\",\"C/Fwd\",\"<>Luke\")),'Future Requirements'!$AA:$AA,$I$6),0)+\nIF($J$7=\"Include\",SUMIFS('Future Requirements'!$O:$O,'Future Requirements'!$D:$D,$B12,'Future Requirements'!$G:$G,C$11,'Future Requirements'!$B:$B,IF($C$3=\"\",\">=\"&$F$3,\">=\"&$C$3),'Future Requirements'!$B:$B,IF($C$4=\"\",\"<=\"&$F$4,\"<=\"&$C$4),'Future Requirements'!$J:$J,IF($C$5=\"Yes\",\"Yes\",IF($C$5=\"No\",\"No\",\"<>Luke\")),'Future Requirements'!$AC:$AC,IF($C$6=\"Agreed\",\"Agreed\",IF($C$6=\"C/Fwd\",\"C/Fwd\",\"<>Luke\")),'Future Requirements'!$AA:$AA,$I$7),0)","v":0},{"$f":"IF($J$3=\"Include\",SUMIFS('Future Requirements'!$O:$O,'Future Requirements'!$D:$D,$B12,'Future Requirements'!$G:$G,D$11,'Future Requirements'!$B:$B,IF($C$3=\"\",\">=\"&$F$3,\">=\"&$C$3),'Future Requirements'!$B:$B,IF($C$4=\"\",\"<=\"&$F$4,\"<=\"&$C$4),'Future Requirements'!$J:$J,IF($C$5=\"Yes\",\"Yes\",IF($C$5=\"No\",\"No\",\"<>Luke\")),'Future Requirements'!$AC:$AC,IF($C$6=\"Agreed\",\"Agreed\",IF($C$6=\"C/Fwd\",\"C/Fwd\",\"<>Luke\")),'Future Requirements'!$AA:$AA,$I$3),0)+\nIF($J$4=\"Include\",SUMIFS('Future Requirements'!$O:$O,'Future Requirements'!$D:$D,$B12,'Future Requirements'!$G:$G,D$11,'Future Requirements'!$B:$B,IF($C$3=\"\",\">=\"&$F$3,\">=\"&$C$3),'Future Requirements'!$B:$B,IF($C$4=\"\",\"<=\"&$F$4,\"<=\"&$C$4),'Future Requirements'!$J:$J,IF($C$5=\"Yes\",\"Yes\",IF($C$5=\"No\",\"No\",\"<>Luke\")),'Future Requirements'!$AC:$AC,IF($C$6=\"Agreed\",\"Agreed\",IF($C$6=\"C/Fwd\",\"C/Fwd\",\"<>Luke\")),'Future Requirements'!$AA:$AA,$I$4),0)+\nIF($J$5=\"Include\",SUMIFS('Future Requirements'!$O:$O,'Future Requirements'!$D:$D,$B12,'Future Requirements'!$G:$G,D$11,'Future Requirements'!$B:$B,IF($C$3=\"\",\">=\"&$F$3,\">=\"&$C$3),'Future Requirements'!$B:$B,IF($C$4=\"\",\"<=\"&$F$4,\"<=\"&$C$4),'Future Requirements'!$J:$J,IF($C$5=\"Yes\",\"Yes\",IF($C$5=\"No\",\"No\",\"<>Luke\")),'Future Requirements'!$AC:$AC,IF($C$6=\"Agreed\",\"Agreed\",IF($C$6=\"C/Fwd\",\"C/Fwd\",\"<>Luke\")),'Future Requirements'!$AA:$AA,$I$5),0)+\nIF($J$6=\"Include\",SUMIFS('Future Requirements'!$O:$O,'Future Requirements'!$D:$D,$B12,'Future Requirements'!$G:$G,D$11,'Future Requirements'!$B:$B,IF($C$3=\"\",\">=\"&$F$3,\">=\"&$C$3),'Future Requirements'!$B:$B,IF($C$4=\"\",\"<=\"&$F$4,\"<=\"&$C$4),'Future Requirements'!$J:$J,IF($C$5=\"Yes\",\"Yes\",IF($C$5=\"No\",\"No\",\"<>Luke\")),'Future Requirements'!$AC:$AC,IF($C$6=\"Agreed\",\"Agreed\",IF($C$6=\"C/Fwd\",\"C/Fwd\",\"<>Luke\")),'Future Requirements'!$AA:$AA,$I$6),0)+\nIF($J$7=\"Include\",SUMIFS('Future Requirements'!$O:$O,'Future Requirements'!$D:$D,$B12,'Future Requirements'!$G:$G,D$11,'Future Requirements'!$B:$B,IF($C$3=\"\",\">=\"&$F$3,\">=\"&$C$3),'Future Requirements'!$B:$B,IF($C$4=\"\",\"<=\"&$F$4,\"<=\"&$C$4),'Future Requirements'!$J:$J,IF($C$5=\"Yes\",\"Yes\",IF($C$5=\"No\",\"No\",\"<>Luke\")),'Future Requirements'!$AC:$AC,IF($C$6=\"Agreed\",\"Agreed\",IF($C$6=\"C/Fwd\",\"C/Fwd\",\"<>Luke\")),'Future Requirements'!$AA:$AA,$I$7),0)","v":0},{"$f":"IF($J$3=\"Include\",SUMIFS('Future Requirements'!$O:$O,'Future Requirements'!$D:$D,$B12,'Future Requirements'!$G:$G,E$11,'Future Requirements'!$B:$B,IF($C$3=\"\",\">=\"&$F$3,\">=\"&$C$3),'Future Requirements'!$B:$B,IF($C$4=\"\",\"<=\"&$F$4,\"<=\"&$C$4),'Future Requirements'!$J:$J,IF($C$5=\"Yes\",\"Yes\",IF($C$5=\"No\",\"No\",\"<>Luke\")),'Future Requirements'!$AC:$AC,IF($C$6=\"Agreed\",\"Agreed\",IF($C$6=\"C/Fwd\",\"C/Fwd\",\"<>Luke\")),'Future Requirements'!$AA:$AA,$I$3),0)+\nIF($J$4=\"Include\",SUMIFS('Future Requirements'!$O:$O,'Future Requirements'!$D:$D,$B12,'Future Requirements'!$G:$G,E$11,'Future Requirements'!$B:$B,IF($C$3=\"\",\">=\"&$F$3,\">=\"&$C$3),'Future Requirements'!$B:$B,IF($C$4=\"\",\"<=\"&$F$4,\"<=\"&$C$4),'Future Requirements'!$J:$J,IF($C$5=\"Yes\",\"Yes\",IF($C$5=\"No\",\"No\",\"<>Luke\")),'Future Requirements'!$AC:$AC,IF($C$6=\"Agreed\",\"Agreed\",IF($C$6=\"C/Fwd\",\"C/Fwd\",\"<>Luke\")),'Future Requirements'!$AA:$AA,$I$4),0)+\nIF($J$5=\"Include\",SUMIFS('Future Requirements'!$O:$O,'Future Requirements'!$D:$D,$B12,'Future Requirements'!$G:$G,E$11,'Future Requirements'!$B:$B,IF($C$3=\"\",\">=\"&$F$3,\">=\"&$C$3),'Future Requirements'!$B:$B,IF($C$4=\"\",\"<=\"&$F$4,\"<=\"&$C$4),'Future Requirements'!$J:$J,IF($C$5=\"Yes\",\"Yes\",IF($C$5=\"No\",\"No\",\"<>Luke\")),'Future Requirements'!$AC:$AC,IF($C$6=\"Agreed\",\"Agreed\",IF($C$6=\"C/Fwd\",\"C/Fwd\",\"<>Luke\")),'Future Requirements'!$AA:$AA,$I$5),0)+\nIF($J$6=\"Include\",SUMIFS('Future Requirements'!$O:$O,'Future Requirements'!$D:$D,$B12,'Future Requirements'!$G:$G,E$11,'Future Requirements'!$B:$B,IF($C$3=\"\",\">=\"&$F$3,\">=\"&$C$3),'Future Requirements'!$B:$B,IF($C$4=\"\",\"<=\"&$F$4,\"<=\"&$C$4),'Future Requirements'!$J:$J,IF($C$5=\"Yes\",\"Yes\",IF($C$5=\"No\",\"No\",\"<>Luke\")),'Future Requirements'!$AC:$AC,IF($C$6=\"Agreed\",\"Agreed\",IF($C$6=\"C/Fwd\",\"C/Fwd\",\"<>Luke\")),'Future Requirements'!$AA:$AA,$I$6),0)+\nIF($J$7=\"Include\",SUMIFS('Future Requirements'!$O:$O,'Future Requirements'!$D:$D,$B12,'Future Requirements'!$G:$G,E$11,'Future Requirements'!$B:$B,IF($C$3=\"\",\">=\"&$F$3,\">=\"&$C$3),'Future Requirements'!$B:$B,IF($C$4=\"\",\"<=\"&$F$4,\"<=\"&$C$4),'Future Requirements'!$J:$J,IF($C$5=\"Yes\",\"Yes\",IF($C$5=\"No\",\"No\",\"<>Luke\")),'Future Requirements'!$AC:$AC,IF($C$6=\"Agreed\",\"Agreed\",IF($C$6=\"C/Fwd\",\"C/Fwd\",\"<>Luke\")),'Future Requirements'!$AA:$AA,$I$7),0)","v":0},{"$f":"IF($J$3=\"Include\",SUMIFS('Future Requirements'!$O:$O,'Future Requirements'!$D:$D,$B12,'Future Requirements'!$G:$G,F$11,'Future Requirements'!$B:$B,IF($C$3=\"\",\">=\"&$F$3,\">=\"&$C$3),'Future Requirements'!$B:$B,IF($C$4=\"\",\"<=\"&$F$4,\"<=\"&$C$4),'Future Requirements'!$J:$J,IF($C$5=\"Yes\",\"Yes\",IF($C$5=\"No\",\"No\",\"<>Luke\")),'Future Requirements'!$AC:$AC,IF($C$6=\"Agreed\",\"Agreed\",IF($C$6=\"C/Fwd\",\"C/Fwd\",\"<>Luke\")),'Future Requirements'!$AA:$AA,$I$3),0)+\nIF($J$4=\"Include\",SUMIFS('Future Requirements'!$O:$O,'Future Requirements'!$D:$D,$B12,'Future Requirements'!$G:$G,F$11,'Future Requirements'!$B:$B,IF($C$3=\"\",\">=\"&$F$3,\">=\"&$C$3),'Future Requirements'!$B:$B,IF($C$4=\"\",\"<=\"&$F$4,\"<=\"&$C$4),'Future Requirements'!$J:$J,IF($C$5=\"Yes\",\"Yes\",IF($C$5=\"No\",\"No\",\"<>Luke\")),'Future Requirements'!$AC:$AC,IF($C$6=\"Agreed\",\"Agreed\",IF($C$6=\"C/Fwd\",\"C/Fwd\",\"<>Luke\")),'Future Requirements'!$AA:$AA,$I$4),0)+\nIF($J$5=\"Include\",SUMIFS('Future Requirements'!$O:$O,'Future Requirements'!$D:$D,$B12,'Future Requirements'!$G:$G,F$11,'Future Requirements'!$B:$B,IF($C$3=\"\",\">=\"&$F$3,\">=\"&$C$3),'Future Requirements'!$B:$B,IF($C$4=\"\",\"<=\"&$F$4,\"<=\"&$C$4),'Future Requirements'!$J:$J,IF($C$5=\"Yes\",\"Yes\",IF($C$5=\"No\",\"No\",\"<>Luke\")),'Future Requirements'!$AC:$AC,IF($C$6=\"Agreed\",\"Agreed\",IF($C$6=\"C/Fwd\",\"C/Fwd\",\"<>Luke\")),'Future Requirements'!$AA:$AA,$I$5),0)+\nIF($J$6=\"Include\",SUMIFS('Future Requirements'!$O:$O,'Future Requirements'!$D:$D,$B12,'Future Requirements'!$G:$G,F$11,'Future Requirements'!$B:$B,IF($C$3=\"\",\">=\"&$F$3,\">=\"&$C$3),'Future Requirements'!$B:$B,IF($C$4=\"\",\"<=\"&$F$4,\"<=\"&$C$4),'Future Requirements'!$J:$J,IF($C$5=\"Yes\",\"Yes\",IF($C$5=\"No\",\"No\",\"<>Luke\")),'Future Requirements'!$AC:$AC,IF($C$6=\"Agreed\",\"Agreed\",IF($C$6=\"C/Fwd\",\"C/Fwd\",\"<>Luke\")),'Future Requirements'!$AA:$AA,$I$6),0)+\nIF($J$7=\"Include\",SUMIFS('Future Requirements'!$O:$O,'Future Requirements'!$D:$D,$B12,'Future Requirements'!$G:$G,F$11,'Future Requirements'!$B:$B,IF($C$3=\"\",\">=\"&$F$3,\">=\"&$C$3),'Future Requirements'!$B:$B,IF($C$4=\"\",\"<=\"&$F$4,\"<=\"&$C$4),'Future Requirements'!$J:$J,IF($C$5=\"Yes\",\"Yes\",IF($C$5=\"No\",\"No\",\"<>Luke\")),'Future Requirements'!$AC:$AC,IF($C$6=\"Agreed\",\"Agreed\",IF($C$6=\"C/Fwd\",\"C/Fwd\",\"<>Luke\")),'Future Requirements'!$AA:$AA,$I$7),0)","v":0},{"$f":"IF($J$3=\"Include\",SUMIFS('Future Requirements'!$O:$O,'Future Requirements'!$D:$D,$B12,'Future Requirements'!$G:$G,G$11,'Future Requirements'!$B:$B,IF($C$3=\"\",\">=\"&$F$3,\">=\"&$C$3),'Future Requirements'!$B:$B,IF($C$4=\"\",\"<=\"&$F$4,\"<=\"&$C$4),'Future Requirements'!$J:$J,IF($C$5=\"Yes\",\"Yes\",IF($C$5=\"No\",\"No\",\"<>Luke\")),'Future Requirements'!$AC:$AC,IF($C$6=\"Agreed\",\"Agreed\",IF($C$6=\"C/Fwd\",\"C/Fwd\",\"<>Luke\")),'Future Requirements'!$AA:$AA,$I$3),0)+\nIF($J$4=\"Include\",SUMIFS('Future Requirements'!$O:$O,'Future Requirements'!$D:$D,$B12,'Future Requirements'!$G:$G,G$11,'Future Requirements'!$B:$B,IF($C$3=\"\",\">=\"&$F$3,\">=\"&$C$3),'Future Requirements'!$B:$B,IF($C$4=\"\",\"<=\"&$F$4,\"<=\"&$C$4),'Future Requirements'!$J:$J,IF($C$5=\"Yes\",\"Yes\",IF($C$5=\"No\",\"No\",\"<>Luke\")),'Future Requirements'!$AC:$AC,IF($C$6=\"Agreed\",\"Agreed\",IF($C$6=\"C/Fwd\",\"C/Fwd\",\"<>Luke\")),'Future Requirements'!$AA:$AA,$I$4),0)+\nIF($J$5=\"Include\",SUMIFS('Future Requirements'!$O:$O,'Future Requirements'!$D:$D,$B12,'Future Requirements'!$G:$G,G$11,'Future Requirements'!$B:$B,IF($C$3=\"\",\">=\"&$F$3,\">=\"&$C$3),'Future Requirements'!$B:$B,IF($C$4=\"\",\"<=\"&$F$4,\"<=\"&$C$4),'Future Requirements'!$J:$J,IF($C$5=\"Yes\",\"Yes\",IF($C$5=\"No\",\"No\",\"<>Luke\")),'Future Requirements'!$AC:$AC,IF($C$6=\"Agreed\",\"Agreed\",IF($C$6=\"C/Fwd\",\"C/Fwd\",\"<>Luke\")),'Future Requirements'!$AA:$AA,$I$5),0)+\nIF($J$6=\"Include\",SUMIFS('Future Requirements'!$O:$O,'Future Requirements'!$D:$D,$B12,'Future Requirements'!$G:$G,G$11,'Future Requirements'!$B:$B,IF($C$3=\"\",\">=\"&$F$3,\">=\"&$C$3),'Future Requirements'!$B:$B,IF($C$4=\"\",\"<=\"&$F$4,\"<=\"&$C$4),'Future Requirements'!$J:$J,IF($C$5=\"Yes\",\"Yes\",IF($C$5=\"No\",\"No\",\"<>Luke\")),'Future Requirements'!$AC:$AC,IF($C$6=\"Agreed\",\"Agreed\",IF($C$6=\"C/Fwd\",\"C/Fwd\",\"<>Luke\")),'Future Requirements'!$AA:$AA,$I$6),0)+\nIF($J$7=\"Include\",SUMIFS('Future Requirements'!$O:$O,'Future Requirements'!$D:$D,$B12,'Future Requirements'!$G:$G,G$11,'Future Requirements'!$B:$B,IF($C$3=\"\",\">=\"&$F$3,\">=\"&$C$3),'Future Requirements'!$B:$B,IF($C$4=\"\",\"<=\"&$F$4,\"<=\"&$C$4),'Future Requirements'!$J:$J,IF($C$5=\"Yes\",\"Yes\",IF($C$5=\"No\",\"No\",\"<>Luke\")),'Future Requirements'!$AC:$AC,IF($C$6=\"Agreed\",\"Agreed\",IF($C$6=\"C/Fwd\",\"C/Fwd\",\"<>Luke\")),'Future Requirements'!$AA:$AA,$I$7),0)","v":0},{"$f":"IF($J$3=\"Include\",SUMIFS('Future Requirements'!$O:$O,'Future Requirements'!$D:$D,$B12,'Future Requirements'!$G:$G,H$11,'Future Requirements'!$B:$B,IF($C$3=\"\",\">=\"&$F$3,\">=\"&$C$3),'Future Requirements'!$B:$B,IF($C$4=\"\",\"<=\"&$F$4,\"<=\"&$C$4),'Future Requirements'!$J:$J,IF($C$5=\"Yes\",\"Yes\",IF($C$5=\"No\",\"No\",\"<>Luke\")),'Future Requirements'!$AC:$AC,IF($C$6=\"Agreed\",\"Agreed\",IF($C$6=\"C/Fwd\",\"C/Fwd\",\"<>Luke\")),'Future Requirements'!$AA:$AA,$I$3),0)+\nIF($J$4=\"Include\",SUMIFS('Future Requirements'!$O:$O,'Future Requirements'!$D:$D,$B12,'Future Requirements'!$G:$G,H$11,'Future Requirements'!$B:$B,IF($C$3=\"\",\">=\"&$F$3,\">=\"&$C$3),'Future Requirements'!$B:$B,IF($C$4=\"\",\"<=\"&$F$4,\"<=\"&$C$4),'Future Requirements'!$J:$J,IF($C$5=\"Yes\",\"Yes\",IF($C$5=\"No\",\"No\",\"<>Luke\")),'Future Requirements'!$AC:$AC,IF($C$6=\"Agreed\",\"Agreed\",IF($C$6=\"C/Fwd\",\"C/Fwd\",\"<>Luke\")),'Future Requirements'!$AA:$AA,$I$4),0)+\nIF($J$5=\"Include\",SUMIFS('Future Requirements'!$O:$O,'Future Requirements'!$D:$D,$B12,'Future Requirements'!$G:$G,H$11,'Future Requirements'!$B:$B,IF($C$3=\"\",\">=\"&$F$3,\">=\"&$C$3),'Future Requirements'!$B:$B,IF($C$4=\"\",\"<=\"&$F$4,\"<=\"&$C$4),'Future Requirements'!$J:$J,IF($C$5=\"Yes\",\"Yes\",IF($C$5=\"No\",\"No\",\"<>Luke\")),'Future Requirements'!$AC:$AC,IF($C$6=\"Agreed\",\"Agreed\",IF($C$6=\"C/Fwd\",\"C/Fwd\",\"<>Luke\")),'Future Requirements'!$AA:$AA,$I$5),0)+\nIF($J$6=\"Include\",SUMIFS('Future Requirements'!$O:$O,'Future Requirements'!$D:$D,$B12,'Future Requirements'!$G:$G,H$11,'Future Requirements'!$B:$B,IF($C$3=\"\",\">=\"&$F$3,\">=\"&$C$3),'Future Requirements'!$B:$B,IF($C$4=\"\",\"<=\"&$F$4,\"<=\"&$C$4),'Future Requirements'!$J:$J,IF($C$5=\"Yes\",\"Yes\",IF($C$5=\"No\",\"No\",\"<>Luke\")),'Future Requirements'!$AC:$AC,IF($C$6=\"Agreed\",\"Agreed\",IF($C$6=\"C/Fwd\",\"C/Fwd\",\"<>Luke\")),'Future Requirements'!$AA:$AA,$I$6),0)+\nIF($J$7=\"Include\",SUMIFS('Future Requirements'!$O:$O,'Future Requirements'!$D:$D,$B12,'Future Requirements'!$G:$G,H$11,'Future Requirements'!$B:$B,IF($C$3=\"\",\">=\"&$F$3,\">=\"&$C$3),'Future Requirements'!$B:$B,IF($C$4=\"\",\"<=\"&$F$4,\"<=\"&$C$4),'Future Requirements'!$J:$J,IF($C$5=\"Yes\",\"Yes\",IF($C$5=\"No\",\"No\",\"<>Luke\")),'Future Requirements'!$AC:$AC,IF($C$6=\"Agreed\",\"Agreed\",IF($C$6=\"C/Fwd\",\"C/Fwd\",\"<>Luke\")),'Future Requirements'!$AA:$AA,$I$7),0)","v":0},{"$f":"IF($J$3=\"Include\",SUMIFS('Future Requirements'!$O:$O,'Future Requirements'!$D:$D,$B12,'Future Requirements'!$G:$G,I$11,'Future Requirements'!$B:$B,IF($C$3=\"\",\">=\"&$F$3,\">=\"&$C$3),'Future Requirements'!$B:$B,IF($C$4=\"\",\"<=\"&$F$4,\"<=\"&$C$4),'Future Requirements'!$J:$J,IF($C$5=\"Yes\",\"Yes\",IF($C$5=\"No\",\"No\",\"<>Luke\")),'Future Requirements'!$AC:$AC,IF($C$6=\"Agreed\",\"Agreed\",IF($C$6=\"C/Fwd\",\"C/Fwd\",\"<>Luke\")),'Future Requirements'!$AA:$AA,$I$3),0)+\nIF($J$4=\"Include\",SUMIFS('Future Requirements'!$O:$O,'Future Requirements'!$D:$D,$B12,'Future Requirements'!$G:$G,I$11,'Future Requirements'!$B:$B,IF($C$3=\"\",\">=\"&$F$3,\">=\"&$C$3),'Future Requirements'!$B:$B,IF($C$4=\"\",\"<=\"&$F$4,\"<=\"&$C$4),'Future Requirements'!$J:$J,IF($C$5=\"Yes\",\"Yes\",IF($C$5=\"No\",\"No\",\"<>Luke\")),'Future Requirements'!$AC:$AC,IF($C$6=\"Agreed\",\"Agreed\",IF($C$6=\"C/Fwd\",\"C/Fwd\",\"<>Luke\")),'Future Requirements'!$AA:$AA,$I$4),0)+\nIF($J$5=\"Include\",SUMIFS('Future Requirements'!$O:$O,'Future Requirements'!$D:$D,$B12,'Future Requirements'!$G:$G,I$11,'Future Requirements'!$B:$B,IF($C$3=\"\",\">=\"&$F$3,\">=\"&$C$3),'Future Requirements'!$B:$B,IF($C$4=\"\",\"<=\"&$F$4,\"<=\"&$C$4),'Future Requirements'!$J:$J,IF($C$5=\"Yes\",\"Yes\",IF($C$5=\"No\",\"No\",\"<>Luke\")),'Future Requirements'!$AC:$AC,IF($C$6=\"Agreed\",\"Agreed\",IF($C$6=\"C/Fwd\",\"C/Fwd\",\"<>Luke\")),'Future Requirements'!$AA:$AA,$I$5),0)+\nIF($J$6=\"Include\",SUMIFS('Future Requirements'!$O:$O,'Future Requirements'!$D:$D,$B12,'Future Requirements'!$G:$G,I$11,'Future Requirements'!$B:$B,IF($C$3=\"\",\">=\"&$F$3,\">=\"&$C$3),'Future Requirements'!$B:$B,IF($C$4=\"\",\"<=\"&$F$4,\"<=\"&$C$4),'Future Requirements'!$J:$J,IF($C$5=\"Yes\",\"Yes\",IF($C$5=\"No\",\"No\",\"<>Luke\")),'Future Requirements'!$AC:$AC,IF($C$6=\"Agreed\",\"Agreed\",IF($C$6=\"C/Fwd\",\"C/Fwd\",\"<>Luke\")),'Future Requirements'!$AA:$AA,$I$6),0)+\nIF($J$7=\"Include\",SUMIFS('Future Requirements'!$O:$O,'Future Requirements'!$D:$D,$B12,'Future Requirements'!$G:$G,I$11,'Future Requirements'!$B:$B,IF($C$3=\"\",\">=\"&$F$3,\">=\"&$C$3),'Future Requirements'!$B:$B,IF($C$4=\"\",\"<=\"&$F$4,\"<=\"&$C$4),'Future Requirements'!$J:$J,IF($C$5=\"Yes\",\"Yes\",IF($C$5=\"No\",\"No\",\"<>Luke\")),'Future Requirements'!$AC:$AC,IF($C$6=\"Agreed\",\"Agreed\",IF($C$6=\"C/Fwd\",\"C/Fwd\",\"<>Luke\")),'Future Requirements'!$AA:$AA,$I$7),0)","v":0},{"$f":"IF($J$3=\"Include\",SUMIFS('Future Requirements'!$O:$O,'Future Requirements'!$D:$D,$B12,'Future Requirements'!$G:$G,J$11,'Future Requirements'!$B:$B,IF($C$3=\"\",\">=\"&$F$3,\">=\"&$C$3),'Future Requirements'!$B:$B,IF($C$4=\"\",\"<=\"&$F$4,\"<=\"&$C$4),'Future Requirements'!$J:$J,IF($C$5=\"Yes\",\"Yes\",IF($C$5=\"No\",\"No\",\"<>Luke\")),'Future Requirements'!$AC:$AC,IF($C$6=\"Agreed\",\"Agreed\",IF($C$6=\"C/Fwd\",\"C/Fwd\",\"<>Luke\")),'Future Requirements'!$AA:$AA,$I$3),0)+\nIF($J$4=\"Include\",SUMIFS('Future Requirements'!$O:$O,'Future Requirements'!$D:$D,$B12,'Future Requirements'!$G:$G,J$11,'Future Requirements'!$B:$B,IF($C$3=\"\",\">=\"&$F$3,\">=\"&$C$3),'Future Requirements'!$B:$B,IF($C$4=\"\",\"<=\"&$F$4,\"<=\"&$C$4),'Future Requirements'!$J:$J,IF($C$5=\"Yes\",\"Yes\",IF($C$5=\"No\",\"No\",\"<>Luke\")),'Future Requirements'!$AC:$AC,IF($C$6=\"Agreed\",\"Agreed\",IF($C$6=\"C/Fwd\",\"C/Fwd\",\"<>Luke\")),'Future Requirements'!$AA:$AA,$I$4),0)+\nIF($J$5=\"Include\",SUMIFS('Future Requirements'!$O:$O,'Future Requirements'!$D:$D,$B12,'Future Requirements'!$G:$G,J$11,'Future Requirements'!$B:$B,IF($C$3=\"\",\">=\"&$F$3,\">=\"&$C$3),'Future Requirements'!$B:$B,IF($C$4=\"\",\"<=\"&$F$4,\"<=\"&$C$4),'Future Requirements'!$J:$J,IF($C$5=\"Yes\",\"Yes\",IF($C$5=\"No\",\"No\",\"<>Luke\")),'Future Requirements'!$AC:$AC,IF($C$6=\"Agreed\",\"Agreed\",IF($C$6=\"C/Fwd\",\"C/Fwd\",\"<>Luke\")),'Future Requirements'!$AA:$AA,$I$5),0)+\nIF($J$6=\"Include\",SUMIFS('Future Requirements'!$O:$O,'Future Requirements'!$D:$D,$B12,'Future Requirements'!$G:$G,J$11,'Future Requirements'!$B:$B,IF($C$3=\"\",\">=\"&$F$3,\">=\"&$C$3),'Future Requirements'!$B:$B,IF($C$4=\"\",\"<=\"&$F$4,\"<=\"&$C$4),'Future Requirements'!$J:$J,IF($C$5=\"Yes\",\"Yes\",IF($C$5=\"No\",\"No\",\"<>Luke\")),'Future Requirements'!$AC:$AC,IF($C$6=\"Agreed\",\"Agreed\",IF($C$6=\"C/Fwd\",\"C/Fwd\",\"<>Luke\")),'Future Requirements'!$AA:$AA,$I$6),0)+\nIF($J$7=\"Include\",SUMIFS('Future Requirements'!$O:$O,'Future Requirements'!$D:$D,$B12,'Future Requirements'!$G:$G,J$11,'Future Requirements'!$B:$B,IF($C$3=\"\",\">=\"&$F$3,\">=\"&$C$3),'Future Requirements'!$B:$B,IF($C$4=\"\",\"<=\"&$F$4,\"<=\"&$C$4),'Future Requirements'!$J:$J,IF($C$5=\"Yes\",\"Yes\",IF($C$5=\"No\",\"No\",\"<>Luke\")),'Future Requirements'!$AC:$AC,IF($C$6=\"Agreed\",\"Agreed\",IF($C$6=\"C/Fwd\",\"C/Fwd\",\"<>Luke\")),'Future Requirements'!$AA:$AA,$I$7),0)","v":0},{"$f":"IF($J$3=\"Include\",SUMIFS('Future Requirements'!$O:$O,'Future Requirements'!$D:$D,$B12,'Future Requirements'!$G:$G,K$11,'Future Requirements'!$B:$B,IF($C$3=\"\",\">=\"&$F$3,\">=\"&$C$3),'Future Requirements'!$B:$B,IF($C$4=\"\",\"<=\"&$F$4,\"<=\"&$C$4),'Future Requirements'!$J:$J,IF($C$5=\"Yes\",\"Yes\",IF($C$5=\"No\",\"No\",\"<>Luke\")),'Future Requirements'!$AC:$AC,IF($C$6=\"Agreed\",\"Agreed\",IF($C$6=\"C/Fwd\",\"C/Fwd\",\"<>Luke\")),'Future Requirements'!$AA:$AA,$I$3),0)+\nIF($J$4=\"Include\",SUMIFS('Future Requirements'!$O:$O,'Future Requirements'!$D:$D,$B12,'Future Requirements'!$G:$G,K$11,'Future Requirements'!$B:$B,IF($C$3=\"\",\">=\"&$F$3,\">=\"&$C$3),'Future Requirements'!$B:$B,IF($C$4=\"\",\"<=\"&$F$4,\"<=\"&$C$4),'Future Requirements'!$J:$J,IF($C$5=\"Yes\",\"Yes\",IF($C$5=\"No\",\"No\",\"<>Luke\")),'Future Requirements'!$AC:$AC,IF($C$6=\"Agreed\",\"Agreed\",IF($C$6=\"C/Fwd\",\"C/Fwd\",\"<>Luke\")),'Future Requirements'!$AA:$AA,$I$4),0)+\nIF($J$5=\"Include\",SUMIFS('Future Requirements'!$O:$O,'Future Requirements'!$D:$D,$B12,'Future Requirements'!$G:$G,K$11,'Future Requirements'!$B:$B,IF($C$3=\"\",\">=\"&$F$3,\">=\"&$C$3),'Future Requirements'!$B:$B,IF($C$4=\"\",\"<=\"&$F$4,\"<=\"&$C$4),'Future Requirements'!$J:$J,IF($C$5=\"Yes\",\"Yes\",IF($C$5=\"No\",\"No\",\"<>Luke\")),'Future Requirements'!$AC:$AC,IF($C$6=\"Agreed\",\"Agreed\",IF($C$6=\"C/Fwd\",\"C/Fwd\",\"<>Luke\")),'Future Requirements'!$AA:$AA,$I$5),0)+\nIF($J$6=\"Include\",SUMIFS('Future Requirements'!$O:$O,'Future Requirements'!$D:$D,$B12,'Future Requirements'!$G:$G,K$11,'Future Requirements'!$B:$B,IF($C$3=\"\",\">=\"&$F$3,\">=\"&$C$3),'Future Requirements'!$B:$B,IF($C$4=\"\",\"<=\"&$F$4,\"<=\"&$C$4),'Future Requirements'!$J:$J,IF($C$5=\"Yes\",\"Yes\",IF($C$5=\"No\",\"No\",\"<>Luke\")),'Future Requirements'!$AC:$AC,IF($C$6=\"Agreed\",\"Agreed\",IF($C$6=\"C/Fwd\",\"C/Fwd\",\"<>Luke\")),'Future Requirements'!$AA:$AA,$I$6),0)+\nIF($J$7=\"Include\",SUMIFS('Future Requirements'!$O:$O,'Future Requirements'!$D:$D,$B12,'Future Requirements'!$G:$G,K$11,'Future Requirements'!$B:$B,IF($C$3=\"\",\">=\"&$F$3,\">=\"&$C$3),'Future Requirements'!$B:$B,IF($C$4=\"\",\"<=\"&$F$4,\"<=\"&$C$4),'Future Requirements'!$J:$J,IF($C$5=\"Yes\",\"Yes\",IF($C$5=\"No\",\"No\",\"<>Luke\")),'Future Requirements'!$AC:$AC,IF($C$6=\"Agreed\",\"Agreed\",IF($C$6=\"C/Fwd\",\"C/Fwd\",\"<>Luke\")),'Future Requirements'!$AA:$AA,$I$7),0)","v":0},{"$f":"IF($J$3=\"Include\",SUMIFS('Future Requirements'!$O:$O,'Future Requirements'!$D:$D,$B12,'Future Requirements'!$G:$G,L$11,'Future Requirements'!$B:$B,IF($C$3=\"\",\">=\"&$F$3,\">=\"&$C$3),'Future Requirements'!$B:$B,IF($C$4=\"\",\"<=\"&$F$4,\"<=\"&$C$4),'Future Requirements'!$J:$J,IF($C$5=\"Yes\",\"Yes\",IF($C$5=\"No\",\"No\",\"<>Luke\")),'Future Requirements'!$AC:$AC,IF($C$6=\"Agreed\",\"Agreed\",IF($C$6=\"C/Fwd\",\"C/Fwd\",\"<>Luke\")),'Future Requirements'!$AA:$AA,$I$3),0)+\nIF($J$4=\"Include\",SUMIFS('Future Requirements'!$O:$O,'Future Requirements'!$D:$D,$B12,'Future Requirements'!$G:$G,L$11,'Future Requirements'!$B:$B,IF($C$3=\"\",\">=\"&$F$3,\">=\"&$C$3),'Future Requirements'!$B:$B,IF($C$4=\"\",\"<=\"&$F$4,\"<=\"&$C$4),'Future Requirements'!$J:$J,IF($C$5=\"Yes\",\"Yes\",IF($C$5=\"No\",\"No\",\"<>Luke\")),'Future Requirements'!$AC:$AC,IF($C$6=\"Agreed\",\"Agreed\",IF($C$6=\"C/Fwd\",\"C/Fwd\",\"<>Luke\")),'Future Requirements'!$AA:$AA,$I$4),0)+\nIF($J$5=\"Include\",SUMIFS('Future Requirements'!$O:$O,'Future Requirements'!$D:$D,$B12,'Future Requirements'!$G:$G,L$11,'Future Requirements'!$B:$B,IF($C$3=\"\",\">=\"&$F$3,\">=\"&$C$3),'Future Requirements'!$B:$B,IF($C$4=\"\",\"<=\"&$F$4,\"<=\"&$C$4),'Future Requirements'!$J:$J,IF($C$5=\"Yes\",\"Yes\",IF($C$5=\"No\",\"No\",\"<>Luke\")),'Future Requirements'!$AC:$AC,IF($C$6=\"Agreed\",\"Agreed\",IF($C$6=\"C/Fwd\",\"C/Fwd\",\"<>Luke\")),'Future Requirements'!$AA:$AA,$I$5),0)+\nIF($J$6=\"Include\",SUMIFS('Future Requirements'!$O:$O,'Future Requirements'!$D:$D,$B12,'Future Requirements'!$G:$G,L$11,'Future Requirements'!$B:$B,IF($C$3=\"\",\">=\"&$F$3,\">=\"&$C$3),'Future Requirements'!$B:$B,IF($C$4=\"\",\"<=\"&$F$4,\"<=\"&$C$4),'Future Requirements'!$J:$J,IF($C$5=\"Yes\",\"Yes\",IF($C$5=\"No\",\"No\",\"<>Luke\")),'Future Requirements'!$AC:$AC,IF($C$6=\"Agreed\",\"Agreed\",IF($C$6=\"C/Fwd\",\"C/Fwd\",\"<>Luke\")),'Future Requirements'!$AA:$AA,$I$6),0)+\nIF($J$7=\"Include\",SUMIFS('Future Requirements'!$O:$O,'Future Requirements'!$D:$D,$B12,'Future Requirements'!$G:$G,L$11,'Future Requirements'!$B:$B,IF($C$3=\"\",\">=\"&$F$3,\">=\"&$C$3),'Future Requirements'!$B:$B,IF($C$4=\"\",\"<=\"&$F$4,\"<=\"&$C$4),'Future Requirements'!$J:$J,IF($C$5=\"Yes\",\"Yes\",IF($C$5=\"No\",\"No\",\"<>Luke\")),'Future Requirements'!$AC:$AC,IF($C$6=\"Agreed\",\"Agreed\",IF($C$6=\"C/Fwd\",\"C/Fwd\",\"<>Luke\")),'Future Requirements'!$AA:$AA,$I$7),0)","v":0},{"$f":"IF($J$3=\"Include\",SUMIFS('Future Requirements'!$O:$O,'Future Requirements'!$D:$D,$B12,'Future Requirements'!$G:$G,M$11,'Future Requirements'!$B:$B,IF($C$3=\"\",\">=\"&$F$3,\">=\"&$C$3),'Future Requirements'!$B:$B,IF($C$4=\"\",\"<=\"&$F$4,\"<=\"&$C$4),'Future Requirements'!$J:$J,IF($C$5=\"Yes\",\"Yes\",IF($C$5=\"No\",\"No\",\"<>Luke\")),'Future Requirements'!$AC:$AC,IF($C$6=\"Agreed\",\"Agreed\",IF($C$6=\"C/Fwd\",\"C/Fwd\",\"<>Luke\")),'Future Requirements'!$AA:$AA,$I$3),0)+\nIF($J$4=\"Include\",SUMIFS('Future Requirements'!$O:$O,'Future Requirements'!$D:$D,$B12,'Future Requirements'!$G:$G,M$11,'Future Requirements'!$B:$B,IF($C$3=\"\",\">=\"&$F$3,\">=\"&$C$3),'Future Requirements'!$B:$B,IF($C$4=\"\",\"<=\"&$F$4,\"<=\"&$C$4),'Future Requirements'!$J:$J,IF($C$5=\"Yes\",\"Yes\",IF($C$5=\"No\",\"No\",\"<>Luke\")),'Future Requirements'!$AC:$AC,IF($C$6=\"Agreed\",\"Agreed\",IF($C$6=\"C/Fwd\",\"C/Fwd\",\"<>Luke\")),'Future Requirements'!$AA:$AA,$I$4),0)+\nIF($J$5=\"Include\",SUMIFS('Future Requirements'!$O:$O,'Future Requirements'!$D:$D,$B12,'Future Requirements'!$G:$G,M$11,'Future Requirements'!$B:$B,IF($C$3=\"\",\">=\"&$F$3,\">=\"&$C$3),'Future Requirements'!$B:$B,IF($C$4=\"\",\"<=\"&$F$4,\"<=\"&$C$4),'Future Requirements'!$J:$J,IF($C$5=\"Yes\",\"Yes\",IF($C$5=\"No\",\"No\",\"<>Luke\")),'Future Requirements'!$AC:$AC,IF($C$6=\"Agreed\",\"Agreed\",IF($C$6=\"C/Fwd\",\"C/Fwd\",\"<>Luke\")),'Future Requirements'!$AA:$AA,$I$5),0)+\nIF($J$6=\"Include\",SUMIFS('Future Requirements'!$O:$O,'Future Requirements'!$D:$D,$B12,'Future Requirements'!$G:$G,M$11,'Future Requirements'!$B:$B,IF($C$3=\"\",\">=\"&$F$3,\">=\"&$C$3),'Future Requirements'!$B:$B,IF($C$4=\"\",\"<=\"&$F$4,\"<=\"&$C$4),'Future Requirements'!$J:$J,IF($C$5=\"Yes\",\"Yes\",IF($C$5=\"No\",\"No\",\"<>Luke\")),'Future Requirements'!$AC:$AC,IF($C$6=\"Agreed\",\"Agreed\",IF($C$6=\"C/Fwd\",\"C/Fwd\",\"<>Luke\")),'Future Requirements'!$AA:$AA,$I$6),0)+\nIF($J$7=\"Include\",SUMIFS('Future Requirements'!$O:$O,'Future Requirements'!$D:$D,$B12,'Future Requirements'!$G:$G,M$11,'Future Requirements'!$B:$B,IF($C$3=\"\",\">=\"&$F$3,\">=\"&$C$3),'Future Requirements'!$B:$B,IF($C$4=\"\",\"<=\"&$F$4,\"<=\"&$C$4),'Future Requirements'!$J:$J,IF($C$5=\"Yes\",\"Yes\",IF($C$5=\"No\",\"No\",\"<>Luke\")),'Future Requirements'!$AC:$AC,IF($C$6=\"Agreed\",\"Agreed\",IF($C$6=\"C/Fwd\",\"C/Fwd\",\"<>Luke\")),'Future Requirements'!$AA:$AA,$I$7),0)","v":0},{"$f":"IF($J$3=\"Include\",SUMIFS('Future Requirements'!$O:$O,'Future Requirements'!$D:$D,$B12,'Future Requirements'!$G:$G,N$11,'Future Requirements'!$B:$B,IF($C$3=\"\",\">=\"&$F$3,\">=\"&$C$3),'Future Requirements'!$B:$B,IF($C$4=\"\",\"<=\"&$F$4,\"<=\"&$C$4),'Future Requirements'!$J:$J,IF($C$5=\"Yes\",\"Yes\",IF($C$5=\"No\",\"No\",\"<>Luke\")),'Future Requirements'!$AC:$AC,IF($C$6=\"Agreed\",\"Agreed\",IF($C$6=\"C/Fwd\",\"C/Fwd\",\"<>Luke\")),'Future Requirements'!$AA:$AA,$I$3),0)+\nIF($J$4=\"Include\",SUMIFS('Future Requirements'!$O:$O,'Future Requirements'!$D:$D,$B12,'Future Requirements'!$G:$G,N$11,'Future Requirements'!$B:$B,IF($C$3=\"\",\">=\"&$F$3,\">=\"&$C$3),'Future Requirements'!$B:$B,IF($C$4=\"\",\"<=\"&$F$4,\"<=\"&$C$4),'Future Requirements'!$J:$J,IF($C$5=\"Yes\",\"Yes\",IF($C$5=\"No\",\"No\",\"<>Luke\")),'Future Requirements'!$AC:$AC,IF($C$6=\"Agreed\",\"Agreed\",IF($C$6=\"C/Fwd\",\"C/Fwd\",\"<>Luke\")),'Future Requirements'!$AA:$AA,$I$4),0)+\nIF($J$5=\"Include\",SUMIFS('Future Requirements'!$O:$O,'Future Requirements'!$D:$D,$B12,'Future Requirements'!$G:$G,N$11,'Future Requirements'!$B:$B,IF($C$3=\"\",\">=\"&$F$3,\">=\"&$C$3),'Future Requirements'!$B:$B,IF($C$4=\"\",\"<=\"&$F$4,\"<=\"&$C$4),'Future Requirements'!$J:$J,IF($C$5=\"Yes\",\"Yes\",IF($C$5=\"No\",\"No\",\"<>Luke\")),'Future Requirements'!$AC:$AC,IF($C$6=\"Agreed\",\"Agreed\",IF($C$6=\"C/Fwd\",\"C/Fwd\",\"<>Luke\")),'Future Requirements'!$AA:$AA,$I$5),0)+\nIF($J$6=\"Include\",SUMIFS('Future Requirements'!$O:$O,'Future Requirements'!$D:$D,$B12,'Future Requirements'!$G:$G,N$11,'Future Requirements'!$B:$B,IF($C$3=\"\",\">=\"&$F$3,\">=\"&$C$3),'Future Requirements'!$B:$B,IF($C$4=\"\",\"<=\"&$F$4,\"<=\"&$C$4),'Future Requirements'!$J:$J,IF($C$5=\"Yes\",\"Yes\",IF($C$5=\"No\",\"No\",\"<>Luke\")),'Future Requirements'!$AC:$AC,IF($C$6=\"Agreed\",\"Agreed\",IF($C$6=\"C/Fwd\",\"C/Fwd\",\"<>Luke\")),'Future Requirements'!$AA:$AA,$I$6),0)+\nIF($J$7=\"Include\",SUMIFS('Future Requirements'!$O:$O,'Future Requirements'!$D:$D,$B12,'Future Requirements'!$G:$G,N$11,'Future Requirements'!$B:$B,IF($C$3=\"\",\">=\"&$F$3,\">=\"&$C$3),'Future Requirements'!$B:$B,IF($C$4=\"\",\"<=\"&$F$4,\"<=\"&$C$4),'Future Requirements'!$J:$J,IF($C$5=\"Yes\",\"Yes\",IF($C$5=\"No\",\"No\",\"<>Luke\")),'Future Requirements'!$AC:$AC,IF($C$6=\"Agreed\",\"Agreed\",IF($C$6=\"C/Fwd\",\"C/Fwd\",\"<>Luke\")),'Future Requirements'!$AA:$AA,$I$7),0)","v":0},{"$f":"IF($J$3=\"Include\",SUMIFS('Future Requirements'!$O:$O,'Future Requirements'!$D:$D,$B12,'Future Requirements'!$G:$G,O$11,'Future Requirements'!$B:$B,IF($C$3=\"\",\">=\"&$F$3,\">=\"&$C$3),'Future Requirements'!$B:$B,IF($C$4=\"\",\"<=\"&$F$4,\"<=\"&$C$4),'Future Requirements'!$J:$J,IF($C$5=\"Yes\",\"Yes\",IF($C$5=\"No\",\"No\",\"<>Luke\")),'Future Requirements'!$AC:$AC,IF($C$6=\"Agreed\",\"Agreed\",IF($C$6=\"C/Fwd\",\"C/Fwd\",\"<>Luke\")),'Future Requirements'!$AA:$AA,$I$3),0)+\nIF($J$4=\"Include\",SUMIFS('Future Requirements'!$O:$O,'Future Requirements'!$D:$D,$B12,'Future Requirements'!$G:$G,O$11,'Future Requirements'!$B:$B,IF($C$3=\"\",\">=\"&$F$3,\">=\"&$C$3),'Future Requirements'!$B:$B,IF($C$4=\"\",\"<=\"&$F$4,\"<=\"&$C$4),'Future Requirements'!$J:$J,IF($C$5=\"Yes\",\"Yes\",IF($C$5=\"No\",\"No\",\"<>Luke\")),'Future Requirements'!$AC:$AC,IF($C$6=\"Agreed\",\"Agreed\",IF($C$6=\"C/Fwd\",\"C/Fwd\",\"<>Luke\")),'Future Requirements'!$AA:$AA,$I$4),0)+\nIF($J$5=\"Include\",SUMIFS('Future Requirements'!$O:$O,'Future Requirements'!$D:$D,$B12,'Future Requirements'!$G:$G,O$11,'Future Requirements'!$B:$B,IF($C$3=\"\",\">=\"&$F$3,\">=\"&$C$3),'Future Requirements'!$B:$B,IF($C$4=\"\",\"<=\"&$F$4,\"<=\"&$C$4),'Future Requirements'!$J:$J,IF($C$5=\"Yes\",\"Yes\",IF($C$5=\"No\",\"No\",\"<>Luke\")),'Future Requirements'!$AC:$AC,IF($C$6=\"Agreed\",\"Agreed\",IF($C$6=\"C/Fwd\",\"C/Fwd\",\"<>Luke\")),'Future Requirements'!$AA:$AA,$I$5),0)+\nIF($J$6=\"Include\",SUMIFS('Future Requirements'!$O:$O,'Future Requirements'!$D:$D,$B12,'Future Requirements'!$G:$G,O$11,'Future Requirements'!$B:$B,IF($C$3=\"\",\">=\"&$F$3,\">=\"&$C$3),'Future Requirements'!$B:$B,IF($C$4=\"\",\"<=\"&$F$4,\"<=\"&$C$4),'Future Requirements'!$J:$J,IF($C$5=\"Yes\",\"Yes\",IF($C$5=\"No\",\"No\",\"<>Luke\")),'Future Requirements'!$AC:$AC,IF($C$6=\"Agreed\",\"Agreed\",IF($C$6=\"C/Fwd\",\"C/Fwd\",\"<>Luke\")),'Future Requirements'!$AA:$AA,$I$6),0)+\nIF($J$7=\"Include\",SUMIFS('Future Requirements'!$O:$O,'Future Requirements'!$D:$D,$B12,'Future Requirements'!$G:$G,O$11,'Future Requirements'!$B:$B,IF($C$3=\"\",\">=\"&$F$3,\">=\"&$C$3),'Future Requirements'!$B:$B,IF($C$4=\"\",\"<=\"&$F$4,\"<=\"&$C$4),'Future Requirements'!$J:$J,IF($C$5=\"Yes\",\"Yes\",IF($C$5=\"No\",\"No\",\"<>Luke\")),'Future Requirements'!$AC:$AC,IF($C$6=\"Agreed\",\"Agreed\",IF($C$6=\"C/Fwd\",\"C/Fwd\",\"<>Luke\")),'Future Requirements'!$AA:$AA,$I$7),0)","v":0},{"$f":"IF($J$3=\"Include\",SUMIFS('Future Requirements'!$O:$O,'Future Requirements'!$D:$D,$B12,'Future Requirements'!$G:$G,P$11,'Future Requirements'!$B:$B,IF($C$3=\"\",\">=\"&$F$3,\">=\"&$C$3),'Future Requirements'!$B:$B,IF($C$4=\"\",\"<=\"&$F$4,\"<=\"&$C$4),'Future Requirements'!$J:$J,IF($C$5=\"Yes\",\"Yes\",IF($C$5=\"No\",\"No\",\"<>Luke\")),'Future Requirements'!$AC:$AC,IF($C$6=\"Agreed\",\"Agreed\",IF($C$6=\"C/Fwd\",\"C/Fwd\",\"<>Luke\")),'Future Requirements'!$AA:$AA,$I$3),0)+\nIF($J$4=\"Include\",SUMIFS('Future Requirements'!$O:$O,'Future Requirements'!$D:$D,$B12,'Future Requirements'!$G:$G,P$11,'Future Requirements'!$B:$B,IF($C$3=\"\",\">=\"&$F$3,\">=\"&$C$3),'Future Requirements'!$B:$B,IF($C$4=\"\",\"<=\"&$F$4,\"<=\"&$C$4),'Future Requirements'!$J:$J,IF($C$5=\"Yes\",\"Yes\",IF($C$5=\"No\",\"No\",\"<>Luke\")),'Future Requirements'!$AC:$AC,IF($C$6=\"Agreed\",\"Agreed\",IF($C$6=\"C/Fwd\",\"C/Fwd\",\"<>Luke\")),'Future Requirements'!$AA:$AA,$I$4),0)+\nIF($J$5=\"Include\",SUMIFS('Future Requirements'!$O:$O,'Future Requirements'!$D:$D,$B12,'Future Requirements'!$G:$G,P$11,'Future Requirements'!$B:$B,IF($C$3=\"\",\">=\"&$F$3,\">=\"&$C$3),'Future Requirements'!$B:$B,IF($C$4=\"\",\"<=\"&$F$4,\"<=\"&$C$4),'Future Requirements'!$J:$J,IF($C$5=\"Yes\",\"Yes\",IF($C$5=\"No\",\"No\",\"<>Luke\")),'Future Requirements'!$AC:$AC,IF($C$6=\"Agreed\",\"Agreed\",IF($C$6=\"C/Fwd\",\"C/Fwd\",\"<>Luke\")),'Future Requirements'!$AA:$AA,$I$5),0)+\nIF($J$6=\"Include\",SUMIFS('Future Requirements'!$O:$O,'Future Requirements'!$D:$D,$B12,'Future Requirements'!$G:$G,P$11,'Future Requirements'!$B:$B,IF($C$3=\"\",\">=\"&$F$3,\">=\"&$C$3),'Future Requirements'!$B:$B,IF($C$4=\"\",\"<=\"&$F$4,\"<=\"&$C$4),'Future Requirements'!$J:$J,IF($C$5=\"Yes\",\"Yes\",IF($C$5=\"No\",\"No\",\"<>Luke\")),'Future Requirements'!$AC:$AC,IF($C$6=\"Agreed\",\"Agreed\",IF($C$6=\"C/Fwd\",\"C/Fwd\",\"<>Luke\")),'Future Requirements'!$AA:$AA,$I$6),0)+\nIF($J$7=\"Include\",SUMIFS('Future Requirements'!$O:$O,'Future Requirements'!$D:$D,$B12,'Future Requirements'!$G:$G,P$11,'Future Requirements'!$B:$B,IF($C$3=\"\",\">=\"&$F$3,\">=\"&$C$3),'Future Requirements'!$B:$B,IF($C$4=\"\",\"<=\"&$F$4,\"<=\"&$C$4),'Future Requirements'!$J:$J,IF($C$5=\"Yes\",\"Yes\",IF($C$5=\"No\",\"No\",\"<>Luke\")),'Future Requirements'!$AC:$AC,IF($C$6=\"Agreed\",\"Agreed\",IF($C$6=\"C/Fwd\",\"C/Fwd\",\"<>Luke\")),'Future Requirements'!$AA:$AA,$I$7),0)","v":0},{"$f":"IF($J$3=\"Include\",SUMIFS('Future Requirements'!$O:$O,'Future Requirements'!$D:$D,$B12,'Future Requirements'!$G:$G,Q$11,'Future Requirements'!$B:$B,IF($C$3=\"\",\">=\"&$F$3,\">=\"&$C$3),'Future Requirements'!$B:$B,IF($C$4=\"\",\"<=\"&$F$4,\"<=\"&$C$4),'Future Requirements'!$J:$J,IF($C$5=\"Yes\",\"Yes\",IF($C$5=\"No\",\"No\",\"<>Luke\")),'Future Requirements'!$AC:$AC,IF($C$6=\"Agreed\",\"Agreed\",IF($C$6=\"C/Fwd\",\"C/Fwd\",\"<>Luke\")),'Future Requirements'!$AA:$AA,$I$3),0)+\nIF($J$4=\"Include\",SUMIFS('Future Requirements'!$O:$O,'Future Requirements'!$D:$D,$B12,'Future Requirements'!$G:$G,Q$11,'Future Requirements'!$B:$B,IF($C$3=\"\",\">=\"&$F$3,\">=\"&$C$3),'Future Requirements'!$B:$B,IF($C$4=\"\",\"<=\"&$F$4,\"<=\"&$C$4),'Future Requirements'!$J:$J,IF($C$5=\"Yes\",\"Yes\",IF($C$5=\"No\",\"No\",\"<>Luke\")),'Future Requirements'!$AC:$AC,IF($C$6=\"Agreed\",\"Agreed\",IF($C$6=\"C/Fwd\",\"C/Fwd\",\"<>Luke\")),'Future Requirements'!$AA:$AA,$I$4),0)+\nIF($J$5=\"Include\",SUMIFS('Future Requirements'!$O:$O,'Future Requirements'!$D:$D,$B12,'Future Requirements'!$G:$G,Q$11,'Future Requirements'!$B:$B,IF($C$3=\"\",\">=\"&$F$3,\">=\"&$C$3),'Future Requirements'!$B:$B,IF($C$4=\"\",\"<=\"&$F$4,\"<=\"&$C$4),'Future Requirements'!$J:$J,IF($C$5=\"Yes\",\"Yes\",IF($C$5=\"No\",\"No\",\"<>Luke\")),'Future Requirements'!$AC:$AC,IF($C$6=\"Agreed\",\"Agreed\",IF($C$6=\"C/Fwd\",\"C/Fwd\",\"<>Luke\")),'Future Requirements'!$AA:$AA,$I$5),0)+\nIF($J$6=\"Include\",SUMIFS('Future Requirements'!$O:$O,'Future Requirements'!$D:$D,$B12,'Future Requirements'!$G:$G,Q$11,'Future Requirements'!$B:$B,IF($C$3=\"\",\">=\"&$F$3,\">=\"&$C$3),'Future Requirements'!$B:$B,IF($C$4=\"\",\"<=\"&$F$4,\"<=\"&$C$4),'Future Requirements'!$J:$J,IF($C$5=\"Yes\",\"Yes\",IF($C$5=\"No\",\"No\",\"<>Luke\")),'Future Requirements'!$AC:$AC,IF($C$6=\"Agreed\",\"Agreed\",IF($C$6=\"C/Fwd\",\"C/Fwd\",\"<>Luke\")),'Future Requirements'!$AA:$AA,$I$6),0)+\nIF($J$7=\"Include\",SUMIFS('Future Requirements'!$O:$O,'Future Requirements'!$D:$D,$B12,'Future Requirements'!$G:$G,Q$11,'Future Requirements'!$B:$B,IF($C$3=\"\",\">=\"&$F$3,\">=\"&$C$3),'Future Requirements'!$B:$B,IF($C$4=\"\",\"<=\"&$F$4,\"<=\"&$C$4),'Future Requirements'!$J:$J,IF($C$5=\"Yes\",\"Yes\",IF($C$5=\"No\",\"No\",\"<>Luke\")),'Future Requirements'!$AC:$AC,IF($C$6=\"Agreed\",\"Agreed\",IF($C$6=\"C/Fwd\",\"C/Fwd\",\"<>Luke\")),'Future Requirements'!$AA:$AA,$I$7),0)","v":0},{"$f":"IF($J$3=\"Include\",SUMIFS('Future Requirements'!$O:$O,'Future Requirements'!$D:$D,$B12,'Future Requirements'!$G:$G,R$11,'Future Requirements'!$B:$B,IF($C$3=\"\",\">=\"&$F$3,\">=\"&$C$3),'Future Requirements'!$B:$B,IF($C$4=\"\",\"<=\"&$F$4,\"<=\"&$C$4),'Future Requirements'!$J:$J,IF($C$5=\"Yes\",\"Yes\",IF($C$5=\"No\",\"No\",\"<>Luke\")),'Future Requirements'!$AC:$AC,IF($C$6=\"Agreed\",\"Agreed\",IF($C$6=\"C/Fwd\",\"C/Fwd\",\"<>Luke\")),'Future Requirements'!$AA:$AA,$I$3),0)+\nIF($J$4=\"Include\",SUMIFS('Future Requirements'!$O:$O,'Future Requirements'!$D:$D,$B12,'Future Requirements'!$G:$G,R$11,'Future Requirements'!$B:$B,IF($C$3=\"\",\">=\"&$F$3,\">=\"&$C$3),'Future Requirements'!$B:$B,IF($C$4=\"\",\"<=\"&$F$4,\"<=\"&$C$4),'Future Requirements'!$J:$J,IF($C$5=\"Yes\",\"Yes\",IF($C$5=\"No\",\"No\",\"<>Luke\")),'Future Requirements'!$AC:$AC,IF($C$6=\"Agreed\",\"Agreed\",IF($C$6=\"C/Fwd\",\"C/Fwd\",\"<>Luke\")),'Future Requirements'!$AA:$AA,$I$4),0)+\nIF($J$5=\"Include\",SUMIFS('Future Requirements'!$O:$O,'Future Requirements'!$D:$D,$B12,'Future Requirements'!$G:$G,R$11,'Future Requirements'!$B:$B,IF($C$3=\"\",\">=\"&$F$3,\">=\"&$C$3),'Future Requirements'!$B:$B,IF($C$4=\"\",\"<=\"&$F$4,\"<=\"&$C$4),'Future Requirements'!$J:$J,IF($C$5=\"Yes\",\"Yes\",IF($C$5=\"No\",\"No\",\"<>Luke\")),'Future Requirements'!$AC:$AC,IF($C$6=\"Agreed\",\"Agreed\",IF($C$6=\"C/Fwd\",\"C/Fwd\",\"<>Luke\")),'Future Requirements'!$AA:$AA,$I$5),0)+\nIF($J$6=\"Include\",SUMIFS('Future Requirements'!$O:$O,'Future Requirements'!$D:$D,$B12,'Future Requirements'!$G:$G,R$11,'Future Requirements'!$B:$B,IF($C$3=\"\",\">=\"&$F$3,\">=\"&$C$3),'Future Requirements'!$B:$B,IF($C$4=\"\",\"<=\"&$F$4,\"<=\"&$C$4),'Future Requirements'!$J:$J,IF($C$5=\"Yes\",\"Yes\",IF($C$5=\"No\",\"No\",\"<>Luke\")),'Future Requirements'!$AC:$AC,IF($C$6=\"Agreed\",\"Agreed\",IF($C$6=\"C/Fwd\",\"C/Fwd\",\"<>Luke\")),'Future Requirements'!$AA:$AA,$I$6),0)+\nIF($J$7=\"Include\",SUMIFS('Future Requirements'!$O:$O,'Future Requirements'!$D:$D,$B12,'Future Requirements'!$G:$G,R$11,'Future Requirements'!$B:$B,IF($C$3=\"\",\">=\"&$F$3,\">=\"&$C$3),'Future Requirements'!$B:$B,IF($C$4=\"\",\"<=\"&$F$4,\"<=\"&$C$4),'Future Requirements'!$J:$J,IF($C$5=\"Yes\",\"Yes\",IF($C$5=\"No\",\"No\",\"<>Luke\")),'Future Requirements'!$AC:$AC,IF($C$6=\"Agreed\",\"Agreed\",IF($C$6=\"C/Fwd\",\"C/Fwd\",\"<>Luke\")),'Future Requirements'!$AA:$AA,$I$7),0)","v":0},{"$f":"IF($J$3=\"Include\",SUMIFS('Future Requirements'!$O:$O,'Future Requirements'!$D:$D,$B12,'Future Requirements'!$G:$G,S$11,'Future Requirements'!$B:$B,IF($C$3=\"\",\">=\"&$F$3,\">=\"&$C$3),'Future Requirements'!$B:$B,IF($C$4=\"\",\"<=\"&$F$4,\"<=\"&$C$4),'Future Requirements'!$J:$J,IF($C$5=\"Yes\",\"Yes\",IF($C$5=\"No\",\"No\",\"<>Luke\")),'Future Requirements'!$AC:$AC,IF($C$6=\"Agreed\",\"Agreed\",IF($C$6=\"C/Fwd\",\"C/Fwd\",\"<>Luke\")),'Future Requirements'!$AA:$AA,$I$3),0)+\nIF($J$4=\"Include\",SUMIFS('Future Requirements'!$O:$O,'Future Requirements'!$D:$D,$B12,'Future Requirements'!$G:$G,S$11,'Future Requirements'!$B:$B,IF($C$3=\"\",\">=\"&$F$3,\">=\"&$C$3),'Future Requirements'!$B:$B,IF($C$4=\"\",\"<=\"&$F$4,\"<=\"&$C$4),'Future Requirements'!$J:$J,IF($C$5=\"Yes\",\"Yes\",IF($C$5=\"No\",\"No\",\"<>Luke\")),'Future Requirements'!$AC:$AC,IF($C$6=\"Agreed\",\"Agreed\",IF($C$6=\"C/Fwd\",\"C/Fwd\",\"<>Luke\")),'Future Requirements'!$AA:$AA,$I$4),0)+\nIF($J$5=\"Include\",SUMIFS('Future Requirements'!$O:$O,'Future Requirements'!$D:$D,$B12,'Future Requirements'!$G:$G,S$11,'Future Requirements'!$B:$B,IF($C$3=\"\",\">=\"&$F$3,\">=\"&$C$3),'Future Requirements'!$B:$B,IF($C$4=\"\",\"<=\"&$F$4,\"<=\"&$C$4),'Future Requirements'!$J:$J,IF($C$5=\"Yes\",\"Yes\",IF($C$5=\"No\",\"No\",\"<>Luke\")),'Future Requirements'!$AC:$AC,IF($C$6=\"Agreed\",\"Agreed\",IF($C$6=\"C/Fwd\",\"C/Fwd\",\"<>Luke\")),'Future Requirements'!$AA:$AA,$I$5),0)+\nIF($J$6=\"Include\",SUMIFS('Future Requirements'!$O:$O,'Future Requirements'!$D:$D,$B12,'Future Requirements'!$G:$G,S$11,'Future Requirements'!$B:$B,IF($C$3=\"\",\">=\"&$F$3,\">=\"&$C$3),'Future Requirements'!$B:$B,IF($C$4=\"\",\"<=\"&$F$4,\"<=\"&$C$4),'Future Requirements'!$J:$J,IF($C$5=\"Yes\",\"Yes\",IF($C$5=\"No\",\"No\",\"<>Luke\")),'Future Requirements'!$AC:$AC,IF($C$6=\"Agreed\",\"Agreed\",IF($C$6=\"C/Fwd\",\"C/Fwd\",\"<>Luke\")),'Future Requirements'!$AA:$AA,$I$6),0)+\nIF($J$7=\"Include\",SUMIFS('Future Requirements'!$O:$O,'Future Requirements'!$D:$D,$B12,'Future Requirements'!$G:$G,S$11,'Future Requirements'!$B:$B,IF($C$3=\"\",\">=\"&$F$3,\">=\"&$C$3),'Future Requirements'!$B:$B,IF($C$4=\"\",\"<=\"&$F$4,\"<=\"&$C$4),'Future Requirements'!$J:$J,IF($C$5=\"Yes\",\"Yes\",IF($C$5=\"No\",\"No\",\"<>Luke\")),'Future Requirements'!$AC:$AC,IF($C$6=\"Agreed\",\"Agreed\",IF($C$6=\"C/Fwd\",\"C/Fwd\",\"<>Luke\")),'Future Requirements'!$AA:$AA,$I$7),0)","v":0},{"$f":"SUM(C12:S12)","v":0}]
[null,"Carriageways ",{"$f":"IF($J$3=\"Include\",SUMIFS('Future Requirements'!$O:$O,'Future Requirements'!$D:$D,$B13,'Future Requirements'!$G:$G,C$11,'Future Requirements'!$B:$B,IF($C$3=\"\",\">=\"&$F$3,\">=\"&$C$3),'Future Requirements'!$B:$B,IF($C$4=\"\",\"<=\"&$F$4,\"<=\"&$C$4),'Future Requirements'!$J:$J,IF($C$5=\"Yes\",\"Yes\",IF($C$5=\"No\",\"No\",\"<>Luke\")),'Future Requirements'!$AC:$AC,IF($C$6=\"Agreed\",\"Agreed\",IF($C$6=\"C/Fwd\",\"C/Fwd\",\"<>Luke\")),'Future Requirements'!$AA:$AA,$I$3),0)+\nIF($J$4=\"Include\",SUMIFS('Future Requirements'!$O:$O,'Future Requirements'!$D:$D,$B13,'Future Requirements'!$G:$G,C$11,'Future Requirements'!$B:$B,IF($C$3=\"\",\">=\"&$F$3,\">=\"&$C$3),'Future Requirements'!$B:$B,IF($C$4=\"\",\"<=\"&$F$4,\"<=\"&$C$4),'Future Requirements'!$J:$J,IF($C$5=\"Yes\",\"Yes\",IF($C$5=\"No\",\"No\",\"<>Luke\")),'Future Requirements'!$AC:$AC,IF($C$6=\"Agreed\",\"Agreed\",IF($C$6=\"C/Fwd\",\"C/Fwd\",\"<>Luke\")),'Future Requirements'!$AA:$AA,$I$4),0)+\nIF($J$5=\"Include\",SUMIFS('Future Requirements'!$O:$O,'Future Requirements'!$D:$D,$B13,'Future Requirements'!$G:$G,C$11,'Future Requirements'!$B:$B,IF($C$3=\"\",\">=\"&$F$3,\">=\"&$C$3),'Future Requirements'!$B:$B,IF($C$4=\"\",\"<=\"&$F$4,\"<=\"&$C$4),'Future Requirements'!$J:$J,IF($C$5=\"Yes\",\"Yes\",IF($C$5=\"No\",\"No\",\"<>Luke\")),'Future Requirements'!$AC:$AC,IF($C$6=\"Agreed\",\"Agreed\",IF($C$6=\"C/Fwd\",\"C/Fwd\",\"<>Luke\")),'Future Requirements'!$AA:$AA,$I$5),0)+\nIF($J$6=\"Include\",SUMIFS('Future Requirements'!$O:$O,'Future Requirements'!$D:$D,$B13,'Future Requirements'!$G:$G,C$11,'Future Requirements'!$B:$B,IF($C$3=\"\",\">=\"&$F$3,\">=\"&$C$3),'Future Requirements'!$B:$B,IF($C$4=\"\",\"<=\"&$F$4,\"<=\"&$C$4),'Future Requirements'!$J:$J,IF($C$5=\"Yes\",\"Yes\",IF($C$5=\"No\",\"No\",\"<>Luke\")),'Future Requirements'!$AC:$AC,IF($C$6=\"Agreed\",\"Agreed\",IF($C$6=\"C/Fwd\",\"C/Fwd\",\"<>Luke\")),'Future Requirements'!$AA:$AA,$I$6),0)+\nIF($J$7=\"Include\",SUMIFS('Future Requirements'!$O:$O,'Future Requirements'!$D:$D,$B13,'Future Requirements'!$G:$G,C$11,'Future Requirements'!$B:$B,IF($C$3=\"\",\">=\"&$F$3,\">=\"&$C$3),'Future Requirements'!$B:$B,IF($C$4=\"\",\"<=\"&$F$4,\"<=\"&$C$4),'Future Requirements'!$J:$J,IF($C$5=\"Yes\",\"Yes\",IF($C$5=\"No\",\"No\",\"<>Luke\")),'Future Requirements'!$AC:$AC,IF($C$6=\"Agreed\",\"Agreed\",IF($C$6=\"C/Fwd\",\"C/Fwd\",\"<>Luke\")),'Future Requirements'!$AA:$AA,$I$7),0)","v":1265000},{"$f":"IF($J$3=\"Include\",SUMIFS('Future Requirements'!$O:$O,'Future Requirements'!$D:$D,$B13,'Future Requirements'!$G:$G,D$11,'Future Requirements'!$B:$B,IF($C$3=\"\",\">=\"&$F$3,\">=\"&$C$3),'Future Requirements'!$B:$B,IF($C$4=\"\",\"<=\"&$F$4,\"<=\"&$C$4),'Future Requirements'!$J:$J,IF($C$5=\"Yes\",\"Yes\",IF($C$5=\"No\",\"No\",\"<>Luke\")),'Future Requirements'!$AC:$AC,IF($C$6=\"Agreed\",\"Agreed\",IF($C$6=\"C/Fwd\",\"C/Fwd\",\"<>Luke\")),'Future Requirements'!$AA:$AA,$I$3),0)+\nIF($J$4=\"Include\",SUMIFS('Future Requirements'!$O:$O,'Future Requirements'!$D:$D,$B13,'Future Requirements'!$G:$G,D$11,'Future Requirements'!$B:$B,IF($C$3=\"\",\">=\"&$F$3,\">=\"&$C$3),'Future Requirements'!$B:$B,IF($C$4=\"\",\"<=\"&$F$4,\"<=\"&$C$4),'Future Requirements'!$J:$J,IF($C$5=\"Yes\",\"Yes\",IF($C$5=\"No\",\"No\",\"<>Luke\")),'Future Requirements'!$AC:$AC,IF($C$6=\"Agreed\",\"Agreed\",IF($C$6=\"C/Fwd\",\"C/Fwd\",\"<>Luke\")),'Future Requirements'!$AA:$AA,$I$4),0)+\nIF($J$5=\"Include\",SUMIFS('Future Requirements'!$O:$O,'Future Requirements'!$D:$D,$B13,'Future Requirements'!$G:$G,D$11,'Future Requirements'!$B:$B,IF($C$3=\"\",\">=\"&$F$3,\">=\"&$C$3),'Future Requirements'!$B:$B,IF($C$4=\"\",\"<=\"&$F$4,\"<=\"&$C$4),'Future Requirements'!$J:$J,IF($C$5=\"Yes\",\"Yes\",IF($C$5=\"No\",\"No\",\"<>Luke\")),'Future Requirements'!$AC:$AC,IF($C$6=\"Agreed\",\"Agreed\",IF($C$6=\"C/Fwd\",\"C/Fwd\",\"<>Luke\")),'Future Requirements'!$AA:$AA,$I$5),0)+\nIF($J$6=\"Include\",SUMIFS('Future Requirements'!$O:$O,'Future Requirements'!$D:$D,$B13,'Future Requirements'!$G:$G,D$11,'Future Requirements'!$B:$B,IF($C$3=\"\",\">=\"&$F$3,\">=\"&$C$3),'Future Requirements'!$B:$B,IF($C$4=\"\",\"<=\"&$F$4,\"<=\"&$C$4),'Future Requirements'!$J:$J,IF($C$5=\"Yes\",\"Yes\",IF($C$5=\"No\",\"No\",\"<>Luke\")),'Future Requirements'!$AC:$AC,IF($C$6=\"Agreed\",\"Agreed\",IF($C$6=\"C/Fwd\",\"C/Fwd\",\"<>Luke\")),'Future Requirements'!$AA:$AA,$I$6),0)+\nIF($J$7=\"Include\",SUMIFS('Future Requirements'!$O:$O,'Future Requirements'!$D:$D,$B13,'Future Requirements'!$G:$G,D$11,'Future Requirements'!$B:$B,IF($C$3=\"\",\">=\"&$F$3,\">=\"&$C$3),'Future Requirements'!$B:$B,IF($C$4=\"\",\"<=\"&$F$4,\"<=\"&$C$4),'Future Requirements'!$J:$J,IF($C$5=\"Yes\",\"Yes\",IF($C$5=\"No\",\"No\",\"<>Luke\")),'Future Requirements'!$AC:$AC,IF($C$6=\"Agreed\",\"Agreed\",IF($C$6=\"C/Fwd\",\"C/Fwd\",\"<>Luke\")),'Future Requirements'!$AA:$AA,$I$7),0)","v":720000},{"$f":"IF($J$3=\"Include\",SUMIFS('Future Requirements'!$O:$O,'Future Requirements'!$D:$D,$B13,'Future Requirements'!$G:$G,E$11,'Future Requirements'!$B:$B,IF($C$3=\"\",\">=\"&$F$3,\">=\"&$C$3),'Future Requirements'!$B:$B,IF($C$4=\"\",\"<=\"&$F$4,\"<=\"&$C$4),'Future Requirements'!$J:$J,IF($C$5=\"Yes\",\"Yes\",IF($C$5=\"No\",\"No\",\"<>Luke\")),'Future Requirements'!$AC:$AC,IF($C$6=\"Agreed\",\"Agreed\",IF($C$6=\"C/Fwd\",\"C/Fwd\",\"<>Luke\")),'Future Requirements'!$AA:$AA,$I$3),0)+\nIF($J$4=\"Include\",SUMIFS('Future Requirements'!$O:$O,'Future Requirements'!$D:$D,$B13,'Future Requirements'!$G:$G,E$11,'Future Requirements'!$B:$B,IF($C$3=\"\",\">=\"&$F$3,\">=\"&$C$3),'Future Requirements'!$B:$B,IF($C$4=\"\",\"<=\"&$F$4,\"<=\"&$C$4),'Future Requirements'!$J:$J,IF($C$5=\"Yes\",\"Yes\",IF($C$5=\"No\",\"No\",\"<>Luke\")),'Future Requirements'!$AC:$AC,IF($C$6=\"Agreed\",\"Agreed\",IF($C$6=\"C/Fwd\",\"C/Fwd\",\"<>Luke\")),'Future Requirements'!$AA:$AA,$I$4),0)+\nIF($J$5=\"Include\",SUMIFS('Future Requirements'!$O:$O,'Future Requirements'!$D:$D,$B13,'Future Requirements'!$G:$G,E$11,'Future Requirements'!$B:$B,IF($C$3=\"\",\">=\"&$F$3,\">=\"&$C$3),'Future Requirements'!$B:$B,IF($C$4=\"\",\"<=\"&$F$4,\"<=\"&$C$4),'Future Requirements'!$J:$J,IF($C$5=\"Yes\",\"Yes\",IF($C$5=\"No\",\"No\",\"<>Luke\")),'Future Requirements'!$AC:$AC,IF($C$6=\"Agreed\",\"Agreed\",IF($C$6=\"C/Fwd\",\"C/Fwd\",\"<>Luke\")),'Future Requirements'!$AA:$AA,$I$5),0)+\nIF($J$6=\"Include\",SUMIFS('Future Requirements'!$O:$O,'Future Requirements'!$D:$D,$B13,'Future Requirements'!$G:$G,E$11,'Future Requirements'!$B:$B,IF($C$3=\"\",\">=\"&$F$3,\">=\"&$C$3),'Future Requirements'!$B:$B,IF($C$4=\"\",\"<=\"&$F$4,\"<=\"&$C$4),'Future Requirements'!$J:$J,IF($C$5=\"Yes\",\"Yes\",IF($C$5=\"No\",\"No\",\"<>Luke\")),'Future Requirements'!$AC:$AC,IF($C$6=\"Agreed\",\"Agreed\",IF($C$6=\"C/Fwd\",\"C/Fwd\",\"<>Luke\")),'Future Requirements'!$AA:$AA,$I$6),0)+\nIF($J$7=\"Include\",SUMIFS('Future Requirements'!$O:$O,'Future Requirements'!$D:$D,$B13,'Future Requirements'!$G:$G,E$11,'Future Requirements'!$B:$B,IF($C$3=\"\",\">=\"&$F$3,\">=\"&$C$3),'Future Requirements'!$B:$B,IF($C$4=\"\",\"<=\"&$F$4,\"<=\"&$C$4),'Future Requirements'!$J:$J,IF($C$5=\"Yes\",\"Yes\",IF($C$5=\"No\",\"No\",\"<>Luke\")),'Future Requirements'!$AC:$AC,IF($C$6=\"Agreed\",\"Agreed\",IF($C$6=\"C/Fwd\",\"C/Fwd\",\"<>Luke\")),'Future Requirements'!$AA:$AA,$I$7),0)","v":760000},{"$f":"IF($J$3=\"Include\",SUMIFS('Future Requirements'!$O:$O,'Future Requirements'!$D:$D,$B13,'Future Requirements'!$G:$G,F$11,'Future Requirements'!$B:$B,IF($C$3=\"\",\">=\"&$F$3,\">=\"&$C$3),'Future Requirements'!$B:$B,IF($C$4=\"\",\"<=\"&$F$4,\"<=\"&$C$4),'Future Requirements'!$J:$J,IF($C$5=\"Yes\",\"Yes\",IF($C$5=\"No\",\"No\",\"<>Luke\")),'Future Requirements'!$AC:$AC,IF($C$6=\"Agreed\",\"Agreed\",IF($C$6=\"C/Fwd\",\"C/Fwd\",\"<>Luke\")),'Future Requirements'!$AA:$AA,$I$3),0)+\nIF($J$4=\"Include\",SUMIFS('Future Requirements'!$O:$O,'Future Requirements'!$D:$D,$B13,'Future Requirements'!$G:$G,F$11,'Future Requirements'!$B:$B,IF($C$3=\"\",\">=\"&$F$3,\">=\"&$C$3),'Future Requirements'!$B:$B,IF($C$4=\"\",\"<=\"&$F$4,\"<=\"&$C$4),'Future Requirements'!$J:$J,IF($C$5=\"Yes\",\"Yes\",IF($C$5=\"No\",\"No\",\"<>Luke\")),'Future Requirements'!$AC:$AC,IF($C$6=\"Agreed\",\"Agreed\",IF($C$6=\"C/Fwd\",\"C/Fwd\",\"<>Luke\")),'Future Requirements'!$AA:$AA,$I$4),0)+\nIF($J$5=\"Include\",SUMIFS('Future Requirements'!$O:$O,'Future Requirements'!$D:$D,$B13,'Future Requirements'!$G:$G,F$11,'Future Requirements'!$B:$B,IF($C$3=\"\",\">=\"&$F$3,\">=\"&$C$3),'Future Requirements'!$B:$B,IF($C$4=\"\",\"<=\"&$F$4,\"<=\"&$C$4),'Future Requirements'!$J:$J,IF($C$5=\"Yes\",\"Yes\",IF($C$5=\"No\",\"No\",\"<>Luke\")),'Future Requirements'!$AC:$AC,IF($C$6=\"Agreed\",\"Agreed\",IF($C$6=\"C/Fwd\",\"C/Fwd\",\"<>Luke\")),'Future Requirements'!$AA:$AA,$I$5),0)+\nIF($J$6=\"Include\",SUMIFS('Future Requirements'!$O:$O,'Future Requirements'!$D:$D,$B13,'Future Requirements'!$G:$G,F$11,'Future Requirements'!$B:$B,IF($C$3=\"\",\">=\"&$F$3,\">=\"&$C$3),'Future Requirements'!$B:$B,IF($C$4=\"\",\"<=\"&$F$4,\"<=\"&$C$4),'Future Requirements'!$J:$J,IF($C$5=\"Yes\",\"Yes\",IF($C$5=\"No\",\"No\",\"<>Luke\")),'Future Requirements'!$AC:$AC,IF($C$6=\"Agreed\",\"Agreed\",IF($C$6=\"C/Fwd\",\"C/Fwd\",\"<>Luke\")),'Future Requirements'!$AA:$AA,$I$6),0)+\nIF($J$7=\"Include\",SUMIFS('Future Requirements'!$O:$O,'Future Requirements'!$D:$D,$B13,'Future Requirements'!$G:$G,F$11,'Future Requirements'!$B:$B,IF($C$3=\"\",\">=\"&$F$3,\">=\"&$C$3),'Future Requirements'!$B:$B,IF($C$4=\"\",\"<=\"&$F$4,\"<=\"&$C$4),'Future Requirements'!$J:$J,IF($C$5=\"Yes\",\"Yes\",IF($C$5=\"No\",\"No\",\"<>Luke\")),'Future Requirements'!$AC:$AC,IF($C$6=\"Agreed\",\"Agreed\",IF($C$6=\"C/Fwd\",\"C/Fwd\",\"<>Luke\")),'Future Requirements'!$AA:$AA,$I$7),0)","v":270000},{"$f":"IF($J$3=\"Include\",SUMIFS('Future Requirements'!$O:$O,'Future Requirements'!$D:$D,$B13,'Future Requirements'!$G:$G,G$11,'Future Requirements'!$B:$B,IF($C$3=\"\",\">=\"&$F$3,\">=\"&$C$3),'Future Requirements'!$B:$B,IF($C$4=\"\",\"<=\"&$F$4,\"<=\"&$C$4),'Future Requirements'!$J:$J,IF($C$5=\"Yes\",\"Yes\",IF($C$5=\"No\",\"No\",\"<>Luke\")),'Future Requirements'!$AC:$AC,IF($C$6=\"Agreed\",\"Agreed\",IF($C$6=\"C/Fwd\",\"C/Fwd\",\"<>Luke\")),'Future Requirements'!$AA:$AA,$I$3),0)+\nIF($J$4=\"Include\",SUMIFS('Future Requirements'!$O:$O,'Future Requirements'!$D:$D,$B13,'Future Requirements'!$G:$G,G$11,'Future Requirements'!$B:$B,IF($C$3=\"\",\">=\"&$F$3,\">=\"&$C$3),'Future Requirements'!$B:$B,IF($C$4=\"\",\"<=\"&$F$4,\"<=\"&$C$4),'Future Requirements'!$J:$J,IF($C$5=\"Yes\",\"Yes\",IF($C$5=\"No\",\"No\",\"<>Luke\")),'Future Requirements'!$AC:$AC,IF($C$6=\"Agreed\",\"Agreed\",IF($C$6=\"C/Fwd\",\"C/Fwd\",\"<>Luke\")),'Future Requirements'!$AA:$AA,$I$4),0)+\nIF($J$5=\"Include\",SUMIFS('Future Requirements'!$O:$O,'Future Requirements'!$D:$D,$B13,'Future Requirements'!$G:$G,G$11,'Future Requirements'!$B:$B,IF($C$3=\"\",\">=\"&$F$3,\">=\"&$C$3),'Future Requirements'!$B:$B,IF($C$4=\"\",\"<=\"&$F$4,\"<=\"&$C$4),'Future Requirements'!$J:$J,IF($C$5=\"Yes\",\"Yes\",IF($C$5=\"No\",\"No\",\"<>Luke\")),'Future Requirements'!$AC:$AC,IF($C$6=\"Agreed\",\"Agreed\",IF($C$6=\"C/Fwd\",\"C/Fwd\",\"<>Luke\")),'Future Requirements'!$AA:$AA,$I$5),0)+\nIF($J$6=\"Include\",SUMIFS('Future Requirements'!$O:$O,'Future Requirements'!$D:$D,$B13,'Future Requirements'!$G:$G,G$11,'Future Requirements'!$B:$B,IF($C$3=\"\",\">=\"&$F$3,\">=\"&$C$3),'Future Requirements'!$B:$B,IF($C$4=\"\",\"<=\"&$F$4,\"<=\"&$C$4),'Future Requirements'!$J:$J,IF($C$5=\"Yes\",\"Yes\",IF($C$5=\"No\",\"No\",\"<>Luke\")),'Future Requirements'!$AC:$AC,IF($C$6=\"Agreed\",\"Agreed\",IF($C$6=\"C/Fwd\",\"C/Fwd\",\"<>Luke\")),'Future Requirements'!$AA:$AA,$I$6),0)+\nIF($J$7=\"Include\",SUMIFS('Future Requirements'!$O:$O,'Future Requirements'!$D:$D,$B13,'Future Requirements'!$G:$G,G$11,'Future Requirements'!$B:$B,IF($C$3=\"\",\">=\"&$F$3,\">=\"&$C$3),'Future Requirements'!$B:$B,IF($C$4=\"\",\"<=\"&$F$4,\"<=\"&$C$4),'Future Requirements'!$J:$J,IF($C$5=\"Yes\",\"Yes\",IF($C$5=\"No\",\"No\",\"<>Luke\")),'Future Requirements'!$AC:$AC,IF($C$6=\"Agreed\",\"Agreed\",IF($C$6=\"C/Fwd\",\"C/Fwd\",\"<>Luke\")),'Future Requirements'!$AA:$AA,$I$7),0)","v":140000},{"$f":"IF($J$3=\"Include\",SUMIFS('Future Requirements'!$O:$O,'Future Requirements'!$D:$D,$B13,'Future Requirements'!$G:$G,H$11,'Future Requirements'!$B:$B,IF($C$3=\"\",\">=\"&$F$3,\">=\"&$C$3),'Future Requirements'!$B:$B,IF($C$4=\"\",\"<=\"&$F$4,\"<=\"&$C$4),'Future Requirements'!$J:$J,IF($C$5=\"Yes\",\"Yes\",IF($C$5=\"No\",\"No\",\"<>Luke\")),'Future Requirements'!$AC:$AC,IF($C$6=\"Agreed\",\"Agreed\",IF($C$6=\"C/Fwd\",\"C/Fwd\",\"<>Luke\")),'Future Requirements'!$AA:$AA,$I$3),0)+\nIF($J$4=\"Include\",SUMIFS('Future Requirements'!$O:$O,'Future Requirements'!$D:$D,$B13,'Future Requirements'!$G:$G,H$11,'Future Requirements'!$B:$B,IF($C$3=\"\",\">=\"&$F$3,\">=\"&$C$3),'Future Requirements'!$B:$B,IF($C$4=\"\",\"<=\"&$F$4,\"<=\"&$C$4),'Future Requirements'!$J:$J,IF($C$5=\"Yes\",\"Yes\",IF($C$5=\"No\",\"No\",\"<>Luke\")),'Future Requirements'!$AC:$AC,IF($C$6=\"Agreed\",\"Agreed\",IF($C$6=\"C/Fwd\",\"C/Fwd\",\"<>Luke\")),'Future Requirements'!$AA:$AA,$I$4),0)+\nIF($J$5=\"Include\",SUMIFS('Future Requirements'!$O:$O,'Future Requirements'!$D:$D,$B13,'Future Requirements'!$G:$G,H$11,'Future Requirements'!$B:$B,IF($C$3=\"\",\">=\"&$F$3,\">=\"&$C$3),'Future Requirements'!$B:$B,IF($C$4=\"\",\"<=\"&$F$4,\"<=\"&$C$4),'Future Requirements'!$J:$J,IF($C$5=\"Yes\",\"Yes\",IF($C$5=\"No\",\"No\",\"<>Luke\")),'Future Requirements'!$AC:$AC,IF($C$6=\"Agreed\",\"Agreed\",IF($C$6=\"C/Fwd\",\"C/Fwd\",\"<>Luke\")),'Future Requirements'!$AA:$AA,$I$5),0)+\nIF($J$6=\"Include\",SUMIFS('Future Requirements'!$O:$O,'Future Requirements'!$D:$D,$B13,'Future Requirements'!$G:$G,H$11,'Future Requirements'!$B:$B,IF($C$3=\"\",\">=\"&$F$3,\">=\"&$C$3),'Future Requirements'!$B:$B,IF($C$4=\"\",\"<=\"&$F$4,\"<=\"&$C$4),'Future Requirements'!$J:$J,IF($C$5=\"Yes\",\"Yes\",IF($C$5=\"No\",\"No\",\"<>Luke\")),'Future Requirements'!$AC:$AC,IF($C$6=\"Agreed\",\"Agreed\",IF($C$6=\"C/Fwd\",\"C/Fwd\",\"<>Luke\")),'Future Requirements'!$AA:$AA,$I$6),0)+\nIF($J$7=\"Include\",SUMIFS('Future Requirements'!$O:$O,'Future Requirements'!$D:$D,$B13,'Future Requirements'!$G:$G,H$11,'Future Requirements'!$B:$B,IF($C$3=\"\",\">=\"&$F$3,\">=\"&$C$3),'Future Requirements'!$B:$B,IF($C$4=\"\",\"<=\"&$F$4,\"<=\"&$C$4),'Future Requirements'!$J:$J,IF($C$5=\"Yes\",\"Yes\",IF($C$5=\"No\",\"No\",\"<>Luke\")),'Future Requirements'!$AC:$AC,IF($C$6=\"Agreed\",\"Agreed\",IF($C$6=\"C/Fwd\",\"C/Fwd\",\"<>Luke\")),'Future Requirements'!$AA:$AA,$I$7),0)","v":790000},{"$f":"IF($J$3=\"Include\",SUMIFS('Future Requirements'!$O:$O,'Future Requirements'!$D:$D,$B13,'Future Requirements'!$G:$G,I$11,'Future Requirements'!$B:$B,IF($C$3=\"\",\">=\"&$F$3,\">=\"&$C$3),'Future Requirements'!$B:$B,IF($C$4=\"\",\"<=\"&$F$4,\"<=\"&$C$4),'Future Requirements'!$J:$J,IF($C$5=\"Yes\",\"Yes\",IF($C$5=\"No\",\"No\",\"<>Luke\")),'Future Requirements'!$AC:$AC,IF($C$6=\"Agreed\",\"Agreed\",IF($C$6=\"C/Fwd\",\"C/Fwd\",\"<>Luke\")),'Future Requirements'!$AA:$AA,$I$3),0)+\nIF($J$4=\"Include\",SUMIFS('Future Requirements'!$O:$O,'Future Requirements'!$D:$D,$B13,'Future Requirements'!$G:$G,I$11,'Future Requirements'!$B:$B,IF($C$3=\"\",\">=\"&$F$3,\">=\"&$C$3),'Future Requirements'!$B:$B,IF($C$4=\"\",\"<=\"&$F$4,\"<=\"&$C$4),'Future Requirements'!$J:$J,IF($C$5=\"Yes\",\"Yes\",IF($C$5=\"No\",\"No\",\"<>Luke\")),'Future Requirements'!$AC:$AC,IF($C$6=\"Agreed\",\"Agreed\",IF($C$6=\"C/Fwd\",\"C/Fwd\",\"<>Luke\")),'Future Requirements'!$AA:$AA,$I$4),0)+\nIF($J$5=\"Include\",SUMIFS('Future Requirements'!$O:$O,'Future Requirements'!$D:$D,$B13,'Future Requirements'!$G:$G,I$11,'Future Requirements'!$B:$B,IF($C$3=\"\",\">=\"&$F$3,\">=\"&$C$3),'Future Requirements'!$B:$B,IF($C$4=\"\",\"<=\"&$F$4,\"<=\"&$C$4),'Future Requirements'!$J:$J,IF($C$5=\"Yes\",\"Yes\",IF($C$5=\"No\",\"No\",\"<>Luke\")),'Future Requirements'!$AC:$AC,IF($C$6=\"Agreed\",\"Agreed\",IF($C$6=\"C/Fwd\",\"C/Fwd\",\"<>Luke\")),'Future Requirements'!$AA:$AA,$I$5),0)+\nIF($J$6=\"Include\",SUMIFS('Future Requirements'!$O:$O,'Future Requirements'!$D:$D,$B13,'Future Requirements'!$G:$G,I$11,'Future Requirements'!$B:$B,IF($C$3=\"\",\">=\"&$F$3,\">=\"&$C$3),'Future Requirements'!$B:$B,IF($C$4=\"\",\"<=\"&$F$4,\"<=\"&$C$4),'Future Requirements'!$J:$J,IF($C$5=\"Yes\",\"Yes\",IF($C$5=\"No\",\"No\",\"<>Luke\")),'Future Requirements'!$AC:$AC,IF($C$6=\"Agreed\",\"Agreed\",IF($C$6=\"C/Fwd\",\"C/Fwd\",\"<>Luke\")),'Future Requirements'!$AA:$AA,$I$6),0)+\nIF($J$7=\"Include\",SUMIFS('Future Requirements'!$O:$O,'Future Requirements'!$D:$D,$B13,'Future Requirements'!$G:$G,I$11,'Future Requirements'!$B:$B,IF($C$3=\"\",\">=\"&$F$3,\">=\"&$C$3),'Future Requirements'!$B:$B,IF($C$4=\"\",\"<=\"&$F$4,\"<=\"&$C$4),'Future Requirements'!$J:$J,IF($C$5=\"Yes\",\"Yes\",IF($C$5=\"No\",\"No\",\"<>Luke\")),'Future Requirements'!$AC:$AC,IF($C$6=\"Agreed\",\"Agreed\",IF($C$6=\"C/Fwd\",\"C/Fwd\",\"<>Luke\")),'Future Requirements'!$AA:$AA,$I$7),0)","v":640000},{"$f":"IF($J$3=\"Include\",SUMIFS('Future Requirements'!$O:$O,'Future Requirements'!$D:$D,$B13,'Future Requirements'!$G:$G,J$11,'Future Requirements'!$B:$B,IF($C$3=\"\",\">=\"&$F$3,\">=\"&$C$3),'Future Requirements'!$B:$B,IF($C$4=\"\",\"<=\"&$F$4,\"<=\"&$C$4),'Future Requirements'!$J:$J,IF($C$5=\"Yes\",\"Yes\",IF($C$5=\"No\",\"No\",\"<>Luke\")),'Future Requirements'!$AC:$AC,IF($C$6=\"Agreed\",\"Agreed\",IF($C$6=\"C/Fwd\",\"C/Fwd\",\"<>Luke\")),'Future Requirements'!$AA:$AA,$I$3),0)+\nIF($J$4=\"Include\",SUMIFS('Future Requirements'!$O:$O,'Future Requirements'!$D:$D,$B13,'Future Requirements'!$G:$G,J$11,'Future Requirements'!$B:$B,IF($C$3=\"\",\">=\"&$F$3,\">=\"&$C$3),'Future Requirements'!$B:$B,IF($C$4=\"\",\"<=\"&$F$4,\"<=\"&$C$4),'Future Requirements'!$J:$J,IF($C$5=\"Yes\",\"Yes\",IF($C$5=\"No\",\"No\",\"<>Luke\")),'Future Requirements'!$AC:$AC,IF($C$6=\"Agreed\",\"Agreed\",IF($C$6=\"C/Fwd\",\"C/Fwd\",\"<>Luke\")),'Future Requirements'!$AA:$AA,$I$4),0)+\nIF($J$5=\"Include\",SUMIFS('Future Requirements'!$O:$O,'Future Requirements'!$D:$D,$B13,'Future Requirements'!$G:$G,J$11,'Future Requirements'!$B:$B,IF($C$3=\"\",\">=\"&$F$3,\">=\"&$C$3),'Future Requirements'!$B:$B,IF($C$4=\"\",\"<=\"&$F$4,\"<=\"&$C$4),'Future Requirements'!$J:$J,IF($C$5=\"Yes\",\"Yes\",IF($C$5=\"No\",\"No\",\"<>Luke\")),'Future Requirements'!$AC:$AC,IF($C$6=\"Agreed\",\"Agreed\",IF($C$6=\"C/Fwd\",\"C/Fwd\",\"<>Luke\")),'Future Requirements'!$AA:$AA,$I$5),0)+\nIF($J$6=\"Include\",SUMIFS('Future Requirements'!$O:$O,'Future Requirements'!$D:$D,$B13,'Future Requirements'!$G:$G,J$11,'Future Requirements'!$B:$B,IF($C$3=\"\",\">=\"&$F$3,\">=\"&$C$3),'Future Requirements'!$B:$B,IF($C$4=\"\",\"<=\"&$F$4,\"<=\"&$C$4),'Future Requirements'!$J:$J,IF($C$5=\"Yes\",\"Yes\",IF($C$5=\"No\",\"No\",\"<>Luke\")),'Future Requirements'!$AC:$AC,IF($C$6=\"Agreed\",\"Agreed\",IF($C$6=\"C/Fwd\",\"C/Fwd\",\"<>Luke\")),'Future Requirements'!$AA:$AA,$I$6),0)+\nIF($J$7=\"Include\",SUMIFS('Future Requirements'!$O:$O,'Future Requirements'!$D:$D,$B13,'Future Requirements'!$G:$G,J$11,'Future Requirements'!$B:$B,IF($C$3=\"\",\">=\"&$F$3,\">=\"&$C$3),'Future Requirements'!$B:$B,IF($C$4=\"\",\"<=\"&$F$4,\"<=\"&$C$4),'Future Requirements'!$J:$J,IF($C$5=\"Yes\",\"Yes\",IF($C$5=\"No\",\"No\",\"<>Luke\")),'Future Requirements'!$AC:$AC,IF($C$6=\"Agreed\",\"Agreed\",IF($C$6=\"C/Fwd\",\"C/Fwd\",\"<>Luke\")),'Future Requirements'!$AA:$AA,$I$7),0)","v":745000},{"$f":"IF($J$3=\"Include\",SUMIFS('Future Requirements'!$O:$O,'Future Requirements'!$D:$D,$B13,'Future Requirements'!$G:$G,K$11,'Future Requirements'!$B:$B,IF($C$3=\"\",\">=\"&$F$3,\">=\"&$C$3),'Future Requirements'!$B:$B,IF($C$4=\"\",\"<=\"&$F$4,\"<=\"&$C$4),'Future Requirements'!$J:$J,IF($C$5=\"Yes\",\"Yes\",IF($C$5=\"No\",\"No\",\"<>Luke\")),'Future Requirements'!$AC:$AC,IF($C$6=\"Agreed\",\"Agreed\",IF($C$6=\"C/Fwd\",\"C/Fwd\",\"<>Luke\")),'Future Requirements'!$AA:$AA,$I$3),0)+\nIF($J$4=\"Include\",SUMIFS('Future Requirements'!$O:$O,'Future Requirements'!$D:$D,$B13,'Future Requirements'!$G:$G,K$11,'Future Requirements'!$B:$B,IF($C$3=\"\",\">=\"&$F$3,\">=\"&$C$3),'Future Requirements'!$B:$B,IF($C$4=\"\",\"<=\"&$F$4,\"<=\"&$C$4),'Future Requirements'!$J:$J,IF($C$5=\"Yes\",\"Yes\",IF($C$5=\"No\",\"No\",\"<>Luke\")),'Future Requirements'!$AC:$AC,IF($C$6=\"Agreed\",\"Agreed\",IF($C$6=\"C/Fwd\",\"C/Fwd\",\"<>Luke\")),'Future Requirements'!$AA:$AA,$I$4),0)+\nIF($J$5=\"Include\",SUMIFS('Future Requirements'!$O:$O,'Future Requirements'!$D:$D,$B13,'Future Requirements'!$G:$G,K$11,'Future Requirements'!$B:$B,IF($C$3=\"\",\">=\"&$F$3,\">=\"&$C$3),'Future Requirements'!$B:$B,IF($C$4=\"\",\"<=\"&$F$4,\"<=\"&$C$4),'Future Requirements'!$J:$J,IF($C$5=\"Yes\",\"Yes\",IF($C$5=\"No\",\"No\",\"<>Luke\")),'Future Requirements'!$AC:$AC,IF($C$6=\"Agreed\",\"Agreed\",IF($C$6=\"C/Fwd\",\"C/Fwd\",\"<>Luke\")),'Future Requirements'!$AA:$AA,$I$5),0)+\nIF($J$6=\"Include\",SUMIFS('Future Requirements'!$O:$O,'Future Requirements'!$D:$D,$B13,'Future Requirements'!$G:$G,K$11,'Future Requirements'!$B:$B,IF($C$3=\"\",\">=\"&$F$3,\">=\"&$C$3),'Future Requirements'!$B:$B,IF($C$4=\"\",\"<=\"&$F$4,\"<=\"&$C$4),'Future Requirements'!$J:$J,IF($C$5=\"Yes\",\"Yes\",IF($C$5=\"No\",\"No\",\"<>Luke\")),'Future Requirements'!$AC:$AC,IF($C$6=\"Agreed\",\"Agreed\",IF($C$6=\"C/Fwd\",\"C/Fwd\",\"<>Luke\")),'Future Requirements'!$AA:$AA,$I$6),0)+\nIF($J$7=\"Include\",SUMIFS('Future Requirements'!$O:$O,'Future Requirements'!$D:$D,$B13,'Future Requirements'!$G:$G,K$11,'Future Requirements'!$B:$B,IF($C$3=\"\",\">=\"&$F$3,\">=\"&$C$3),'Future Requirements'!$B:$B,IF($C$4=\"\",\"<=\"&$F$4,\"<=\"&$C$4),'Future Requirements'!$J:$J,IF($C$5=\"Yes\",\"Yes\",IF($C$5=\"No\",\"No\",\"<>Luke\")),'Future Requirements'!$AC:$AC,IF($C$6=\"Agreed\",\"Agreed\",IF($C$6=\"C/Fwd\",\"C/Fwd\",\"<>Luke\")),'Future Requirements'!$AA:$AA,$I$7),0)","v":375000},{"$f":"IF($J$3=\"Include\",SUMIFS('Future Requirements'!$O:$O,'Future Requirements'!$D:$D,$B13,'Future Requirements'!$G:$G,L$11,'Future Requirements'!$B:$B,IF($C$3=\"\",\">=\"&$F$3,\">=\"&$C$3),'Future Requirements'!$B:$B,IF($C$4=\"\",\"<=\"&$F$4,\"<=\"&$C$4),'Future Requirements'!$J:$J,IF($C$5=\"Yes\",\"Yes\",IF($C$5=\"No\",\"No\",\"<>Luke\")),'Future Requirements'!$AC:$AC,IF($C$6=\"Agreed\",\"Agreed\",IF($C$6=\"C/Fwd\",\"C/Fwd\",\"<>Luke\")),'Future Requirements'!$AA:$AA,$I$3),0)+\nIF($J$4=\"Include\",SUMIFS('Future Requirements'!$O:$O,'Future Requirements'!$D:$D,$B13,'Future Requirements'!$G:$G,L$11,'Future Requirements'!$B:$B,IF($C$3=\"\",\">=\"&$F$3,\">=\"&$C$3),'Future Requirements'!$B:$B,IF($C$4=\"\",\"<=\"&$F$4,\"<=\"&$C$4),'Future Requirements'!$J:$J,IF($C$5=\"Yes\",\"Yes\",IF($C$5=\"No\",\"No\",\"<>Luke\")),'Future Requirements'!$AC:$AC,IF($C$6=\"Agreed\",\"Agreed\",IF($C$6=\"C/Fwd\",\"C/Fwd\",\"<>Luke\")),'Future Requirements'!$AA:$AA,$I$4),0)+\nIF($J$5=\"Include\",SUMIFS('Future Requirements'!$O:$O,'Future Requirements'!$D:$D,$B13,'Future Requirements'!$G:$G,L$11,'Future Requirements'!$B:$B,IF($C$3=\"\",\">=\"&$F$3,\">=\"&$C$3),'Future Requirements'!$B:$B,IF($C$4=\"\",\"<=\"&$F$4,\"<=\"&$C$4),'Future Requirements'!$J:$J,IF($C$5=\"Yes\",\"Yes\",IF($C$5=\"No\",\"No\",\"<>Luke\")),'Future Requirements'!$AC:$AC,IF($C$6=\"Agreed\",\"Agreed\",IF($C$6=\"C/Fwd\",\"C/Fwd\",\"<>Luke\")),'Future Requirements'!$AA:$AA,$I$5),0)+\nIF($J$6=\"Include\",SUMIFS('Future Requirements'!$O:$O,'Future Requirements'!$D:$D,$B13,'Future Requirements'!$G:$G,L$11,'Future Requirements'!$B:$B,IF($C$3=\"\",\">=\"&$F$3,\">=\"&$C$3),'Future Requirements'!$B:$B,IF($C$4=\"\",\"<=\"&$F$4,\"<=\"&$C$4),'Future Requirements'!$J:$J,IF($C$5=\"Yes\",\"Yes\",IF($C$5=\"No\",\"No\",\"<>Luke\")),'Future Requirements'!$AC:$AC,IF($C$6=\"Agreed\",\"Agreed\",IF($C$6=\"C/Fwd\",\"C/Fwd\",\"<>Luke\")),'Future Requirements'!$AA:$AA,$I$6),0)+\nIF($J$7=\"Include\",SUMIFS('Future Requirements'!$O:$O,'Future Requirements'!$D:$D,$B13,'Future Requirements'!$G:$G,L$11,'Future Requirements'!$B:$B,IF($C$3=\"\",\">=\"&$F$3,\">=\"&$C$3),'Future Requirements'!$B:$B,IF($C$4=\"\",\"<=\"&$F$4,\"<=\"&$C$4),'Future Requirements'!$J:$J,IF($C$5=\"Yes\",\"Yes\",IF($C$5=\"No\",\"No\",\"<>Luke\")),'Future Requirements'!$AC:$AC,IF($C$6=\"Agreed\",\"Agreed\",IF($C$6=\"C/Fwd\",\"C/Fwd\",\"<>Luke\")),'Future Requirements'!$AA:$AA,$I$7),0)","v":410000},{"$f":"IF($J$3=\"Include\",SUMIFS('Future Requirements'!$O:$O,'Future Requirements'!$D:$D,$B13,'Future Requirements'!$G:$G,M$11,'Future Requirements'!$B:$B,IF($C$3=\"\",\">=\"&$F$3,\">=\"&$C$3),'Future Requirements'!$B:$B,IF($C$4=\"\",\"<=\"&$F$4,\"<=\"&$C$4),'Future Requirements'!$J:$J,IF($C$5=\"Yes\",\"Yes\",IF($C$5=\"No\",\"No\",\"<>Luke\")),'Future Requirements'!$AC:$AC,IF($C$6=\"Agreed\",\"Agreed\",IF($C$6=\"C/Fwd\",\"C/Fwd\",\"<>Luke\")),'Future Requirements'!$AA:$AA,$I$3),0)+\nIF($J$4=\"Include\",SUMIFS('Future Requirements'!$O:$O,'Future Requirements'!$D:$D,$B13,'Future Requirements'!$G:$G,M$11,'Future Requirements'!$B:$B,IF($C$3=\"\",\">=\"&$F$3,\">=\"&$C$3),'Future Requirements'!$B:$B,IF($C$4=\"\",\"<=\"&$F$4,\"<=\"&$C$4),'Future Requirements'!$J:$J,IF($C$5=\"Yes\",\"Yes\",IF($C$5=\"No\",\"No\",\"<>Luke\")),'Future Requirements'!$AC:$AC,IF($C$6=\"Agreed\",\"Agreed\",IF($C$6=\"C/Fwd\",\"C/Fwd\",\"<>Luke\")),'Future Requirements'!$AA:$AA,$I$4),0)+\nIF($J$5=\"Include\",SUMIFS('Future Requirements'!$O:$O,'Future Requirements'!$D:$D,$B13,'Future Requirements'!$G:$G,M$11,'Future Requirements'!$B:$B,IF($C$3=\"\",\">=\"&$F$3,\">=\"&$C$3),'Future Requirements'!$B:$B,IF($C$4=\"\",\"<=\"&$F$4,\"<=\"&$C$4),'Future Requirements'!$J:$J,IF($C$5=\"Yes\",\"Yes\",IF($C$5=\"No\",\"No\",\"<>Luke\")),'Future Requirements'!$AC:$AC,IF($C$6=\"Agreed\",\"Agreed\",IF($C$6=\"C/Fwd\",\"C/Fwd\",\"<>Luke\")),'Future Requirements'!$AA:$AA,$I$5),0)+\nIF($J$6=\"Include\",SUMIFS('Future Requirements'!$O:$O,'Future Requirements'!$D:$D,$B13,'Future Requirements'!$G:$G,M$11,'Future Requirements'!$B:$B,IF($C$3=\"\",\">=\"&$F$3,\">=\"&$C$3),'Future Requirements'!$B:$B,IF($C$4=\"\",\"<=\"&$F$4,\"<=\"&$C$4),'Future Requirements'!$J:$J,IF($C$5=\"Yes\",\"Yes\",IF($C$5=\"No\",\"No\",\"<>Luke\")),'Future Requirements'!$AC:$AC,IF($C$6=\"Agreed\",\"Agreed\",IF($C$6=\"C/Fwd\",\"C/Fwd\",\"<>Luke\")),'Future Requirements'!$AA:$AA,$I$6),0)+\nIF($J$7=\"Include\",SUMIFS('Future Requirements'!$O:$O,'Future Requirements'!$D:$D,$B13,'Future Requirements'!$G:$G,M$11,'Future Requirements'!$B:$B,IF($C$3=\"\",\">=\"&$F$3,\">=\"&$C$3),'Future Requirements'!$B:$B,IF($C$4=\"\",\"<=\"&$F$4,\"<=\"&$C$4),'Future Requirements'!$J:$J,IF($C$5=\"Yes\",\"Yes\",IF($C$5=\"No\",\"No\",\"<>Luke\")),'Future Requirements'!$AC:$AC,IF($C$6=\"Agreed\",\"Agreed\",IF($C$6=\"C/Fwd\",\"C/Fwd\",\"<>Luke\")),'Future Requirements'!$AA:$AA,$I$7),0)","v":335000},{"$f":"IF($J$3=\"Include\",SUMIFS('Future Requirements'!$O:$O,'Future Requirements'!$D:$D,$B13,'Future Requirements'!$G:$G,N$11,'Future Requirements'!$B:$B,IF($C$3=\"\",\">=\"&$F$3,\">=\"&$C$3),'Future Requirements'!$B:$B,IF($C$4=\"\",\"<=\"&$F$4,\"<=\"&$C$4),'Future Requirements'!$J:$J,IF($C$5=\"Yes\",\"Yes\",IF($C$5=\"No\",\"No\",\"<>Luke\")),'Future Requirements'!$AC:$AC,IF($C$6=\"Agreed\",\"Agreed\",IF($C$6=\"C/Fwd\",\"C/Fwd\",\"<>Luke\")),'Future Requirements'!$AA:$AA,$I$3),0)+\nIF($J$4=\"Include\",SUMIFS('Future Requirements'!$O:$O,'Future Requirements'!$D:$D,$B13,'Future Requirements'!$G:$G,N$11,'Future Requirements'!$B:$B,IF($C$3=\"\",\">=\"&$F$3,\">=\"&$C$3),'Future Requirements'!$B:$B,IF($C$4=\"\",\"<=\"&$F$4,\"<=\"&$C$4),'Future Requirements'!$J:$J,IF($C$5=\"Yes\",\"Yes\",IF($C$5=\"No\",\"No\",\"<>Luke\")),'Future Requirements'!$AC:$AC,IF($C$6=\"Agreed\",\"Agreed\",IF($C$6=\"C/Fwd\",\"C/Fwd\",\"<>Luke\")),'Future Requirements'!$AA:$AA,$I$4),0)+\nIF($J$5=\"Include\",SUMIFS('Future Requirements'!$O:$O,'Future Requirements'!$D:$D,$B13,'Future Requirements'!$G:$G,N$11,'Future Requirements'!$B:$B,IF($C$3=\"\",\">=\"&$F$3,\">=\"&$C$3),'Future Requirements'!$B:$B,IF($C$4=\"\",\"<=\"&$F$4,\"<=\"&$C$4),'Future Requirements'!$J:$J,IF($C$5=\"Yes\",\"Yes\",IF($C$5=\"No\",\"No\",\"<>Luke\")),'Future Requirements'!$AC:$AC,IF($C$6=\"Agreed\",\"Agreed\",IF($C$6=\"C/Fwd\",\"C/Fwd\",\"<>Luke\")),'Future Requirements'!$AA:$AA,$I$5),0)+\nIF($J$6=\"Include\",SUMIFS('Future Requirements'!$O:$O,'Future Requirements'!$D:$D,$B13,'Future Requirements'!$G:$G,N$11,'Future Requirements'!$B:$B,IF($C$3=\"\",\">=\"&$F$3,\">=\"&$C$3),'Future Requirements'!$B:$B,IF($C$4=\"\",\"<=\"&$F$4,\"<=\"&$C$4),'Future Requirements'!$J:$J,IF($C$5=\"Yes\",\"Yes\",IF($C$5=\"No\",\"No\",\"<>Luke\")),'Future Requirements'!$AC:$AC,IF($C$6=\"Agreed\",\"Agreed\",IF($C$6=\"C/Fwd\",\"C/Fwd\",\"<>Luke\")),'Future Requirements'!$AA:$AA,$I$6),0)+\nIF($J$7=\"Include\",SUMIFS('Future Requirements'!$O:$O,'Future Requirements'!$D:$D,$B13,'Future Requirements'!$G:$G,N$11,'Future Requirements'!$B:$B,IF($C$3=\"\",\">=\"&$F$3,\">=\"&$C$3),'Future Requirements'!$B:$B,IF($C$4=\"\",\"<=\"&$F$4,\"<=\"&$C$4),'Future Requirements'!$J:$J,IF($C$5=\"Yes\",\"Yes\",IF($C$5=\"No\",\"No\",\"<>Luke\")),'Future Requirements'!$AC:$AC,IF($C$6=\"Agreed\",\"Agreed\",IF($C$6=\"C/Fwd\",\"C/Fwd\",\"<>Luke\")),'Future Requirements'!$AA:$AA,$I$7),0)","v":625000},{"$f":"IF($J$3=\"Include\",SUMIFS('Future Requirements'!$O:$O,'Future Requirements'!$D:$D,$B13,'Future Requirements'!$G:$G,O$11,'Future Requirements'!$B:$B,IF($C$3=\"\",\">=\"&$F$3,\">=\"&$C$3),'Future Requirements'!$B:$B,IF($C$4=\"\",\"<=\"&$F$4,\"<=\"&$C$4),'Future Requirements'!$J:$J,IF($C$5=\"Yes\",\"Yes\",IF($C$5=\"No\",\"No\",\"<>Luke\")),'Future Requirements'!$AC:$AC,IF($C$6=\"Agreed\",\"Agreed\",IF($C$6=\"C/Fwd\",\"C/Fwd\",\"<>Luke\")),'Future Requirements'!$AA:$AA,$I$3),0)+\nIF($J$4=\"Include\",SUMIFS('Future Requirements'!$O:$O,'Future Requirements'!$D:$D,$B13,'Future Requirements'!$G:$G,O$11,'Future Requirements'!$B:$B,IF($C$3=\"\",\">=\"&$F$3,\">=\"&$C$3),'Future Requirements'!$B:$B,IF($C$4=\"\",\"<=\"&$F$4,\"<=\"&$C$4),'Future Requirements'!$J:$J,IF($C$5=\"Yes\",\"Yes\",IF($C$5=\"No\",\"No\",\"<>Luke\")),'Future Requirements'!$AC:$AC,IF($C$6=\"Agreed\",\"Agreed\",IF($C$6=\"C/Fwd\",\"C/Fwd\",\"<>Luke\")),'Future Requirements'!$AA:$AA,$I$4),0)+\nIF($J$5=\"Include\",SUMIFS('Future Requirements'!$O:$O,'Future Requirements'!$D:$D,$B13,'Future Requirements'!$G:$G,O$11,'Future Requirements'!$B:$B,IF($C$3=\"\",\">=\"&$F$3,\">=\"&$C$3),'Future Requirements'!$B:$B,IF($C$4=\"\",\"<=\"&$F$4,\"<=\"&$C$4),'Future Requirements'!$J:$J,IF($C$5=\"Yes\",\"Yes\",IF($C$5=\"No\",\"No\",\"<>Luke\")),'Future Requirements'!$AC:$AC,IF($C$6=\"Agreed\",\"Agreed\",IF($C$6=\"C/Fwd\",\"C/Fwd\",\"<>Luke\")),'Future Requirements'!$AA:$AA,$I$5),0)+\nIF($J$6=\"Include\",SUMIFS('Future Requirements'!$O:$O,'Future Requirements'!$D:$D,$B13,'Future Requirements'!$G:$G,O$11,'Future Requirements'!$B:$B,IF($C$3=\"\",\">=\"&$F$3,\">=\"&$C$3),'Future Requirements'!$B:$B,IF($C$4=\"\",\"<=\"&$F$4,\"<=\"&$C$4),'Future Requirements'!$J:$J,IF($C$5=\"Yes\",\"Yes\",IF($C$5=\"No\",\"No\",\"<>Luke\")),'Future Requirements'!$AC:$AC,IF($C$6=\"Agreed\",\"Agreed\",IF($C$6=\"C/Fwd\",\"C/Fwd\",\"<>Luke\")),'Future Requirements'!$AA:$AA,$I$6),0)+\nIF($J$7=\"Include\",SUMIFS('Future Requirements'!$O:$O,'Future Requirements'!$D:$D,$B13,'Future Requirements'!$G:$G,O$11,'Future Requirements'!$B:$B,IF($C$3=\"\",\">=\"&$F$3,\">=\"&$C$3),'Future Requirements'!$B:$B,IF($C$4=\"\",\"<=\"&$F$4,\"<=\"&$C$4),'Future Requirements'!$J:$J,IF($C$5=\"Yes\",\"Yes\",IF($C$5=\"No\",\"No\",\"<>Luke\")),'Future Requirements'!$AC:$AC,IF($C$6=\"Agreed\",\"Agreed\",IF($C$6=\"C/Fwd\",\"C/Fwd\",\"<>Luke\")),'Future Requirements'!$AA:$AA,$I$7),0)","v":1310000},{"$f":"IF($J$3=\"Include\",SUMIFS('Future Requirements'!$O:$O,'Future Requirements'!$D:$D,$B13,'Future Requirements'!$G:$G,P$11,'Future Requirements'!$B:$B,IF($C$3=\"\",\">=\"&$F$3,\">=\"&$C$3),'Future Requirements'!$B:$B,IF($C$4=\"\",\"<=\"&$F$4,\"<=\"&$C$4),'Future Requirements'!$J:$J,IF($C$5=\"Yes\",\"Yes\",IF($C$5=\"No\",\"No\",\"<>Luke\")),'Future Requirements'!$AC:$AC,IF($C$6=\"Agreed\",\"Agreed\",IF($C$6=\"C/Fwd\",\"C/Fwd\",\"<>Luke\")),'Future Requirements'!$AA:$AA,$I$3),0)+\nIF($J$4=\"Include\",SUMIFS('Future Requirements'!$O:$O,'Future Requirements'!$D:$D,$B13,'Future Requirements'!$G:$G,P$11,'Future Requirements'!$B:$B,IF($C$3=\"\",\">=\"&$F$3,\">=\"&$C$3),'Future Requirements'!$B:$B,IF($C$4=\"\",\"<=\"&$F$4,\"<=\"&$C$4),'Future Requirements'!$J:$J,IF($C$5=\"Yes\",\"Yes\",IF($C$5=\"No\",\"No\",\"<>Luke\")),'Future Requirements'!$AC:$AC,IF($C$6=\"Agreed\",\"Agreed\",IF($C$6=\"C/Fwd\",\"C/Fwd\",\"<>Luke\")),'Future Requirements'!$AA:$AA,$I$4),0)+\nIF($J$5=\"Include\",SUMIFS('Future Requirements'!$O:$O,'Future Requirements'!$D:$D,$B13,'Future Requirements'!$G:$G,P$11,'Future Requirements'!$B:$B,IF($C$3=\"\",\">=\"&$F$3,\">=\"&$C$3),'Future Requirements'!$B:$B,IF($C$4=\"\",\"<=\"&$F$4,\"<=\"&$C$4),'Future Requirements'!$J:$J,IF($C$5=\"Yes\",\"Yes\",IF($C$5=\"No\",\"No\",\"<>Luke\")),'Future Requirements'!$AC:$AC,IF($C$6=\"Agreed\",\"Agreed\",IF($C$6=\"C/Fwd\",\"C/Fwd\",\"<>Luke\")),'Future Requirements'!$AA:$AA,$I$5),0)+\nIF($J$6=\"Include\",SUMIFS('Future Requirements'!$O:$O,'Future Requirements'!$D:$D,$B13,'Future Requirements'!$G:$G,P$11,'Future Requirements'!$B:$B,IF($C$3=\"\",\">=\"&$F$3,\">=\"&$C$3),'Future Requirements'!$B:$B,IF($C$4=\"\",\"<=\"&$F$4,\"<=\"&$C$4),'Future Requirements'!$J:$J,IF($C$5=\"Yes\",\"Yes\",IF($C$5=\"No\",\"No\",\"<>Luke\")),'Future Requirements'!$AC:$AC,IF($C$6=\"Agreed\",\"Agreed\",IF($C$6=\"C/Fwd\",\"C/Fwd\",\"<>Luke\")),'Future Requirements'!$AA:$AA,$I$6),0)+\nIF($J$7=\"Include\",SUMIFS('Future Requirements'!$O:$O,'Future Requirements'!$D:$D,$B13,'Future Requirements'!$G:$G,P$11,'Future Requirements'!$B:$B,IF($C$3=\"\",\">=\"&$F$3,\">=\"&$C$3),'Future Requirements'!$B:$B,IF($C$4=\"\",\"<=\"&$F$4,\"<=\"&$C$4),'Future Requirements'!$J:$J,IF($C$5=\"Yes\",\"Yes\",IF($C$5=\"No\",\"No\",\"<>Luke\")),'Future Requirements'!$AC:$AC,IF($C$6=\"Agreed\",\"Agreed\",IF($C$6=\"C/Fwd\",\"C/Fwd\",\"<>Luke\")),'Future Requirements'!$AA:$AA,$I$7),0)","v":510000},{"$f":"IF($J$3=\"Include\",SUMIFS('Future Requirements'!$O:$O,'Future Requirements'!$D:$D,$B13,'Future Requirements'!$G:$G,Q$11,'Future Requirements'!$B:$B,IF($C$3=\"\",\">=\"&$F$3,\">=\"&$C$3),'Future Requirements'!$B:$B,IF($C$4=\"\",\"<=\"&$F$4,\"<=\"&$C$4),'Future Requirements'!$J:$J,IF($C$5=\"Yes\",\"Yes\",IF($C$5=\"No\",\"No\",\"<>Luke\")),'Future Requirements'!$AC:$AC,IF($C$6=\"Agreed\",\"Agreed\",IF($C$6=\"C/Fwd\",\"C/Fwd\",\"<>Luke\")),'Future Requirements'!$AA:$AA,$I$3),0)+\nIF($J$4=\"Include\",SUMIFS('Future Requirements'!$O:$O,'Future Requirements'!$D:$D,$B13,'Future Requirements'!$G:$G,Q$11,'Future Requirements'!$B:$B,IF($C$3=\"\",\">=\"&$F$3,\">=\"&$C$3),'Future Requirements'!$B:$B,IF($C$4=\"\",\"<=\"&$F$4,\"<=\"&$C$4),'Future Requirements'!$J:$J,IF($C$5=\"Yes\",\"Yes\",IF($C$5=\"No\",\"No\",\"<>Luke\")),'Future Requirements'!$AC:$AC,IF($C$6=\"Agreed\",\"Agreed\",IF($C$6=\"C/Fwd\",\"C/Fwd\",\"<>Luke\")),'Future Requirements'!$AA:$AA,$I$4),0)+\nIF($J$5=\"Include\",SUMIFS('Future Requirements'!$O:$O,'Future Requirements'!$D:$D,$B13,'Future Requirements'!$G:$G,Q$11,'Future Requirements'!$B:$B,IF($C$3=\"\",\">=\"&$F$3,\">=\"&$C$3),'Future Requirements'!$B:$B,IF($C$4=\"\",\"<=\"&$F$4,\"<=\"&$C$4),'Future Requirements'!$J:$J,IF($C$5=\"Yes\",\"Yes\",IF($C$5=\"No\",\"No\",\"<>Luke\")),'Future Requirements'!$AC:$AC,IF($C$6=\"Agreed\",\"Agreed\",IF($C$6=\"C/Fwd\",\"C/Fwd\",\"<>Luke\")),'Future Requirements'!$AA:$AA,$I$5),0)+\nIF($J$6=\"Include\",SUMIFS('Future Requirements'!$O:$O,'Future Requirements'!$D:$D,$B13,'Future Requirements'!$G:$G,Q$11,'Future Requirements'!$B:$B,IF($C$3=\"\",\">=\"&$F$3,\">=\"&$C$3),'Future Requirements'!$B:$B,IF($C$4=\"\",\"<=\"&$F$4,\"<=\"&$C$4),'Future Requirements'!$J:$J,IF($C$5=\"Yes\",\"Yes\",IF($C$5=\"No\",\"No\",\"<>Luke\")),'Future Requirements'!$AC:$AC,IF($C$6=\"Agreed\",\"Agreed\",IF($C$6=\"C/Fwd\",\"C/Fwd\",\"<>Luke\")),'Future Requirements'!$AA:$AA,$I$6),0)+\nIF($J$7=\"Include\",SUMIFS('Future Requirements'!$O:$O,'Future Requirements'!$D:$D,$B13,'Future Requirements'!$G:$G,Q$11,'Future Requirements'!$B:$B,IF($C$3=\"\",\">=\"&$F$3,\">=\"&$C$3),'Future Requirements'!$B:$B,IF($C$4=\"\",\"<=\"&$F$4,\"<=\"&$C$4),'Future Requirements'!$J:$J,IF($C$5=\"Yes\",\"Yes\",IF($C$5=\"No\",\"No\",\"<>Luke\")),'Future Requirements'!$AC:$AC,IF($C$6=\"Agreed\",\"Agreed\",IF($C$6=\"C/Fwd\",\"C/Fwd\",\"<>Luke\")),'Future Requirements'!$AA:$AA,$I$7),0)","v":175000},{"$f":"IF($J$3=\"Include\",SUMIFS('Future Requirements'!$O:$O,'Future Requirements'!$D:$D,$B13,'Future Requirements'!$G:$G,R$11,'Future Requirements'!$B:$B,IF($C$3=\"\",\">=\"&$F$3,\">=\"&$C$3),'Future Requirements'!$B:$B,IF($C$4=\"\",\"<=\"&$F$4,\"<=\"&$C$4),'Future Requirements'!$J:$J,IF($C$5=\"Yes\",\"Yes\",IF($C$5=\"No\",\"No\",\"<>Luke\")),'Future Requirements'!$AC:$AC,IF($C$6=\"Agreed\",\"Agreed\",IF($C$6=\"C/Fwd\",\"C/Fwd\",\"<>Luke\")),'Future Requirements'!$AA:$AA,$I$3),0)+\nIF($J$4=\"Include\",SUMIFS('Future Requirements'!$O:$O,'Future Requirements'!$D:$D,$B13,'Future Requirements'!$G:$G,R$11,'Future Requirements'!$B:$B,IF($C$3=\"\",\">=\"&$F$3,\">=\"&$C$3),'Future Requirements'!$B:$B,IF($C$4=\"\",\"<=\"&$F$4,\"<=\"&$C$4),'Future Requirements'!$J:$J,IF($C$5=\"Yes\",\"Yes\",IF($C$5=\"No\",\"No\",\"<>Luke\")),'Future Requirements'!$AC:$AC,IF($C$6=\"Agreed\",\"Agreed\",IF($C$6=\"C/Fwd\",\"C/Fwd\",\"<>Luke\")),'Future Requirements'!$AA:$AA,$I$4),0)+\nIF($J$5=\"Include\",SUMIFS('Future Requirements'!$O:$O,'Future Requirements'!$D:$D,$B13,'Future Requirements'!$G:$G,R$11,'Future Requirements'!$B:$B,IF($C$3=\"\",\">=\"&$F$3,\">=\"&$C$3),'Future Requirements'!$B:$B,IF($C$4=\"\",\"<=\"&$F$4,\"<=\"&$C$4),'Future Requirements'!$J:$J,IF($C$5=\"Yes\",\"Yes\",IF($C$5=\"No\",\"No\",\"<>Luke\")),'Future Requirements'!$AC:$AC,IF($C$6=\"Agreed\",\"Agreed\",IF($C$6=\"C/Fwd\",\"C/Fwd\",\"<>Luke\")),'Future Requirements'!$AA:$AA,$I$5),0)+\nIF($J$6=\"Include\",SUMIFS('Future Requirements'!$O:$O,'Future Requirements'!$D:$D,$B13,'Future Requirements'!$G:$G,R$11,'Future Requirements'!$B:$B,IF($C$3=\"\",\">=\"&$F$3,\">=\"&$C$3),'Future Requirements'!$B:$B,IF($C$4=\"\",\"<=\"&$F$4,\"<=\"&$C$4),'Future Requirements'!$J:$J,IF($C$5=\"Yes\",\"Yes\",IF($C$5=\"No\",\"No\",\"<>Luke\")),'Future Requirements'!$AC:$AC,IF($C$6=\"Agreed\",\"Agreed\",IF($C$6=\"C/Fwd\",\"C/Fwd\",\"<>Luke\")),'Future Requirements'!$AA:$AA,$I$6),0)+\nIF($J$7=\"Include\",SUMIFS('Future Requirements'!$O:$O,'Future Requirements'!$D:$D,$B13,'Future Requirements'!$G:$G,R$11,'Future Requirements'!$B:$B,IF($C$3=\"\",\">=\"&$F$3,\">=\"&$C$3),'Future Requirements'!$B:$B,IF($C$4=\"\",\"<=\"&$F$4,\"<=\"&$C$4),'Future Requirements'!$J:$J,IF($C$5=\"Yes\",\"Yes\",IF($C$5=\"No\",\"No\",\"<>Luke\")),'Future Requirements'!$AC:$AC,IF($C$6=\"Agreed\",\"Agreed\",IF($C$6=\"C/Fwd\",\"C/Fwd\",\"<>Luke\")),'Future Requirements'!$AA:$AA,$I$7),0)","v":220000},{"$f":"IF($J$3=\"Include\",SUMIFS('Future Requirements'!$O:$O,'Future Requirements'!$D:$D,$B13,'Future Requirements'!$G:$G,S$11,'Future Requirements'!$B:$B,IF($C$3=\"\",\">=\"&$F$3,\">=\"&$C$3),'Future Requirements'!$B:$B,IF($C$4=\"\",\"<=\"&$F$4,\"<=\"&$C$4),'Future Requirements'!$J:$J,IF($C$5=\"Yes\",\"Yes\",IF($C$5=\"No\",\"No\",\"<>Luke\")),'Future Requirements'!$AC:$AC,IF($C$6=\"Agreed\",\"Agreed\",IF($C$6=\"C/Fwd\",\"C/Fwd\",\"<>Luke\")),'Future Requirements'!$AA:$AA,$I$3),0)+\nIF($J$4=\"Include\",SUMIFS('Future Requirements'!$O:$O,'Future Requirements'!$D:$D,$B13,'Future Requirements'!$G:$G,S$11,'Future Requirements'!$B:$B,IF($C$3=\"\",\">=\"&$F$3,\">=\"&$C$3),'Future Requirements'!$B:$B,IF($C$4=\"\",\"<=\"&$F$4,\"<=\"&$C$4),'Future Requirements'!$J:$J,IF($C$5=\"Yes\",\"Yes\",IF($C$5=\"No\",\"No\",\"<>Luke\")),'Future Requirements'!$AC:$AC,IF($C$6=\"Agreed\",\"Agreed\",IF($C$6=\"C/Fwd\",\"C/Fwd\",\"<>Luke\")),'Future Requirements'!$AA:$AA,$I$4),0)+\nIF($J$5=\"Include\",SUMIFS('Future Requirements'!$O:$O,'Future Requirements'!$D:$D,$B13,'Future Requirements'!$G:$G,S$11,'Future Requirements'!$B:$B,IF($C$3=\"\",\">=\"&$F$3,\">=\"&$C$3),'Future Requirements'!$B:$B,IF($C$4=\"\",\"<=\"&$F$4,\"<=\"&$C$4),'Future Requirements'!$J:$J,IF($C$5=\"Yes\",\"Yes\",IF($C$5=\"No\",\"No\",\"<>Luke\")),'Future Requirements'!$AC:$AC,IF($C$6=\"Agreed\",\"Agreed\",IF($C$6=\"C/Fwd\",\"C/Fwd\",\"<>Luke\")),'Future Requirements'!$AA:$AA,$I$5),0)+\nIF($J$6=\"Include\",SUMIFS('Future Requirements'!$O:$O,'Future Requirements'!$D:$D,$B13,'Future Requirements'!$G:$G,S$11,'Future Requirements'!$B:$B,IF($C$3=\"\",\">=\"&$F$3,\">=\"&$C$3),'Future Requirements'!$B:$B,IF($C$4=\"\",\"<=\"&$F$4,\"<=\"&$C$4),'Future Requirements'!$J:$J,IF($C$5=\"Yes\",\"Yes\",IF($C$5=\"No\",\"No\",\"<>Luke\")),'Future Requirements'!$AC:$AC,IF($C$6=\"Agreed\",\"Agreed\",IF($C$6=\"C/Fwd\",\"C/Fwd\",\"<>Luke\")),'Future Requirements'!$AA:$AA,$I$6),0)+\nIF($J$7=\"Include\",SUMIFS('Future Requirements'!$O:$O,'Future Requirements'!$D:$D,$B13,'Future Requirements'!$G:$G,S$11,'Future Requirements'!$B:$B,IF($C$3=\"\",\">=\"&$F$3,\">=\"&$C$3),'Future Requirements'!$B:$B,IF($C$4=\"\",\"<=\"&$F$4,\"<=\"&$C$4),'Future Requirements'!$J:$J,IF($C$5=\"Yes\",\"Yes\",IF($C$5=\"No\",\"No\",\"<>Luke\")),'Future Requirements'!$AC:$AC,IF($C$6=\"Agreed\",\"Agreed\",IF($C$6=\"C/Fwd\",\"C/Fwd\",\"<>Luke\")),'Future Requirements'!$AA:$AA,$I$7),0)","v":305000},{"$f":"SUM(C13:S13)","v":9595000}]
[null,"Drainage",{"$f":"IF($J$3=\"Include\",SUMIFS('Future Requirements'!$O:$O,'Future Requirements'!$D:$D,$B14,'Future Requirements'!$G:$G,C$11,'Future Requirements'!$B:$B,IF($C$3=\"\",\">=\"&$F$3,\">=\"&$C$3),'Future Requirements'!$B:$B,IF($C$4=\"\",\"<=\"&$F$4,\"<=\"&$C$4),'Future Requirements'!$J:$J,IF($C$5=\"Yes\",\"Yes\",IF($C$5=\"No\",\"No\",\"<>Luke\")),'Future Requirements'!$AC:$AC,IF($C$6=\"Agreed\",\"Agreed\",IF($C$6=\"C/Fwd\",\"C/Fwd\",\"<>Luke\")),'Future Requirements'!$AA:$AA,$I$3),0)+\nIF($J$4=\"Include\",SUMIFS('Future Requirements'!$O:$O,'Future Requirements'!$D:$D,$B14,'Future Requirements'!$G:$G,C$11,'Future Requirements'!$B:$B,IF($C$3=\"\",\">=\"&$F$3,\">=\"&$C$3),'Future Requirements'!$B:$B,IF($C$4=\"\",\"<=\"&$F$4,\"<=\"&$C$4),'Future Requirements'!$J:$J,IF($C$5=\"Yes\",\"Yes\",IF($C$5=\"No\",\"No\",\"<>Luke\")),'Future Requirements'!$AC:$AC,IF($C$6=\"Agreed\",\"Agreed\",IF($C$6=\"C/Fwd\",\"C/Fwd\",\"<>Luke\")),'Future Requirements'!$AA:$AA,$I$4),0)+\nIF($J$5=\"Include\",SUMIFS('Future Requirements'!$O:$O,'Future Requirements'!$D:$D,$B14,'Future Requirements'!$G:$G,C$11,'Future Requirements'!$B:$B,IF($C$3=\"\",\">=\"&$F$3,\">=\"&$C$3),'Future Requirements'!$B:$B,IF($C$4=\"\",\"<=\"&$F$4,\"<=\"&$C$4),'Future Requirements'!$J:$J,IF($C$5=\"Yes\",\"Yes\",IF($C$5=\"No\",\"No\",\"<>Luke\")),'Future Requirements'!$AC:$AC,IF($C$6=\"Agreed\",\"Agreed\",IF($C$6=\"C/Fwd\",\"C/Fwd\",\"<>Luke\")),'Future Requirements'!$AA:$AA,$I$5),0)+\nIF($J$6=\"Include\",SUMIFS('Future Requirements'!$O:$O,'Future Requirements'!$D:$D,$B14,'Future Requirements'!$G:$G,C$11,'Future Requirements'!$B:$B,IF($C$3=\"\",\">=\"&$F$3,\">=\"&$C$3),'Future Requirements'!$B:$B,IF($C$4=\"\",\"<=\"&$F$4,\"<=\"&$C$4),'Future Requirements'!$J:$J,IF($C$5=\"Yes\",\"Yes\",IF($C$5=\"No\",\"No\",\"<>Luke\")),'Future Requirements'!$AC:$AC,IF($C$6=\"Agreed\",\"Agreed\",IF($C$6=\"C/Fwd\",\"C/Fwd\",\"<>Luke\")),'Future Requirements'!$AA:$AA,$I$6),0)+\nIF($J$7=\"Include\",SUMIFS('Future Requirements'!$O:$O,'Future Requirements'!$D:$D,$B14,'Future Requirements'!$G:$G,C$11,'Future Requirements'!$B:$B,IF($C$3=\"\",\">=\"&$F$3,\">=\"&$C$3),'Future Requirements'!$B:$B,IF($C$4=\"\",\"<=\"&$F$4,\"<=\"&$C$4),'Future Requirements'!$J:$J,IF($C$5=\"Yes\",\"Yes\",IF($C$5=\"No\",\"No\",\"<>Luke\")),'Future Requirements'!$AC:$AC,IF($C$6=\"Agreed\",\"Agreed\",IF($C$6=\"C/Fwd\",\"C/Fwd\",\"<>Luke\")),'Future Requirements'!$AA:$AA,$I$7),0)","v":0},{"$f":"IF($J$3=\"Include\",SUMIFS('Future Requirements'!$O:$O,'Future Requirements'!$D:$D,$B14,'Future Requirements'!$G:$G,D$11,'Future Requirements'!$B:$B,IF($C$3=\"\",\">=\"&$F$3,\">=\"&$C$3),'Future Requirements'!$B:$B,IF($C$4=\"\",\"<=\"&$F$4,\"<=\"&$C$4),'Future Requirements'!$J:$J,IF($C$5=\"Yes\",\"Yes\",IF($C$5=\"No\",\"No\",\"<>Luke\")),'Future Requirements'!$AC:$AC,IF($C$6=\"Agreed\",\"Agreed\",IF($C$6=\"C/Fwd\",\"C/Fwd\",\"<>Luke\")),'Future Requirements'!$AA:$AA,$I$3),0)+\nIF($J$4=\"Include\",SUMIFS('Future Requirements'!$O:$O,'Future Requirements'!$D:$D,$B14,'Future Requirements'!$G:$G,D$11,'Future Requirements'!$B:$B,IF($C$3=\"\",\">=\"&$F$3,\">=\"&$C$3),'Future Requirements'!$B:$B,IF($C$4=\"\",\"<=\"&$F$4,\"<=\"&$C$4),'Future Requirements'!$J:$J,IF($C$5=\"Yes\",\"Yes\",IF($C$5=\"No\",\"No\",\"<>Luke\")),'Future Requirements'!$AC:$AC,IF($C$6=\"Agreed\",\"Agreed\",IF($C$6=\"C/Fwd\",\"C/Fwd\",\"<>Luke\")),'Future Requirements'!$AA:$AA,$I$4),0)+\nIF($J$5=\"Include\",SUMIFS('Future Requirements'!$O:$O,'Future Requirements'!$D:$D,$B14,'Future Requirements'!$G:$G,D$11,'Future Requirements'!$B:$B,IF($C$3=\"\",\">=\"&$F$3,\">=\"&$C$3),'Future Requirements'!$B:$B,IF($C$4=\"\",\"<=\"&$F$4,\"<=\"&$C$4),'Future Requirements'!$J:$J,IF($C$5=\"Yes\",\"Yes\",IF($C$5=\"No\",\"No\",\"<>Luke\")),'Future Requirements'!$AC:$AC,IF($C$6=\"Agreed\",\"Agreed\",IF($C$6=\"C/Fwd\",\"C/Fwd\",\"<>Luke\")),'Future Requirements'!$AA:$AA,$I$5),0)+\nIF($J$6=\"Include\",SUMIFS('Future Requirements'!$O:$O,'Future Requirements'!$D:$D,$B14,'Future Requirements'!$G:$G,D$11,'Future Requirements'!$B:$B,IF($C$3=\"\",\">=\"&$F$3,\">=\"&$C$3),'Future Requirements'!$B:$B,IF($C$4=\"\",\"<=\"&$F$4,\"<=\"&$C$4),'Future Requirements'!$J:$J,IF($C$5=\"Yes\",\"Yes\",IF($C$5=\"No\",\"No\",\"<>Luke\")),'Future Requirements'!$AC:$AC,IF($C$6=\"Agreed\",\"Agreed\",IF($C$6=\"C/Fwd\",\"C/Fwd\",\"<>Luke\")),'Future Requirements'!$AA:$AA,$I$6),0)+\nIF($J$7=\"Include\",SUMIFS('Future Requirements'!$O:$O,'Future Requirements'!$D:$D,$B14,'Future Requirements'!$G:$G,D$11,'Future Requirements'!$B:$B,IF($C$3=\"\",\">=\"&$F$3,\">=\"&$C$3),'Future Requirements'!$B:$B,IF($C$4=\"\",\"<=\"&$F$4,\"<=\"&$C$4),'Future Requirements'!$J:$J,IF($C$5=\"Yes\",\"Yes\",IF($C$5=\"No\",\"No\",\"<>Luke\")),'Future Requirements'!$AC:$AC,IF($C$6=\"Agreed\",\"Agreed\",IF($C$6=\"C/Fwd\",\"C/Fwd\",\"<>Luke\")),'Future Requirements'!$AA:$AA,$I$7),0)","v":0},{"$f":"IF($J$3=\"Include\",SUMIFS('Future Requirements'!$O:$O,'Future Requirements'!$D:$D,$B14,'Future Requirements'!$G:$G,E$11,'Future Requirements'!$B:$B,IF($C$3=\"\",\">=\"&$F$3,\">=\"&$C$3),'Future Requirements'!$B:$B,IF($C$4=\"\",\"<=\"&$F$4,\"<=\"&$C$4),'Future Requirements'!$J:$J,IF($C$5=\"Yes\",\"Yes\",IF($C$5=\"No\",\"No\",\"<>Luke\")),'Future Requirements'!$AC:$AC,IF($C$6=\"Agreed\",\"Agreed\",IF($C$6=\"C/Fwd\",\"C/Fwd\",\"<>Luke\")),'Future Requirements'!$AA:$AA,$I$3),0)+\nIF($J$4=\"Include\",SUMIFS('Future Requirements'!$O:$O,'Future Requirements'!$D:$D,$B14,'Future Requirements'!$G:$G,E$11,'Future Requirements'!$B:$B,IF($C$3=\"\",\">=\"&$F$3,\">=\"&$C$3),'Future Requirements'!$B:$B,IF($C$4=\"\",\"<=\"&$F$4,\"<=\"&$C$4),'Future Requirements'!$J:$J,IF($C$5=\"Yes\",\"Yes\",IF($C$5=\"No\",\"No\",\"<>Luke\")),'Future Requirements'!$AC:$AC,IF($C$6=\"Agreed\",\"Agreed\",IF($C$6=\"C/Fwd\",\"C/Fwd\",\"<>Luke\")),'Future Requirements'!$AA:$AA,$I$4),0)+\nIF($J$5=\"Include\",SUMIFS('Future Requirements'!$O:$O,'Future Requirements'!$D:$D,$B14,'Future Requirements'!$G:$G,E$11,'Future Requirements'!$B:$B,IF($C$3=\"\",\">=\"&$F$3,\">=\"&$C$3),'Future Requirements'!$B:$B,IF($C$4=\"\",\"<=\"&$F$4,\"<=\"&$C$4),'Future Requirements'!$J:$J,IF($C$5=\"Yes\",\"Yes\",IF($C$5=\"No\",\"No\",\"<>Luke\")),'Future Requirements'!$AC:$AC,IF($C$6=\"Agreed\",\"Agreed\",IF($C$6=\"C/Fwd\",\"C/Fwd\",\"<>Luke\")),'Future Requirements'!$AA:$AA,$I$5),0)+\nIF($J$6=\"Include\",SUMIFS('Future Requirements'!$O:$O,'Future Requirements'!$D:$D,$B14,'Future Requirements'!$G:$G,E$11,'Future Requirements'!$B:$B,IF($C$3=\"\",\">=\"&$F$3,\">=\"&$C$3),'Future Requirements'!$B:$B,IF($C$4=\"\",\"<=\"&$F$4,\"<=\"&$C$4),'Future Requirements'!$J:$J,IF($C$5=\"Yes\",\"Yes\",IF($C$5=\"No\",\"No\",\"<>Luke\")),'Future Requirements'!$AC:$AC,IF($C$6=\"Agreed\",\"Agreed\",IF($C$6=\"C/Fwd\",\"C/Fwd\",\"<>Luke\")),'Future Requirements'!$AA:$AA,$I$6),0)+\nIF($J$7=\"Include\",SUMIFS('Future Requirements'!$O:$O,'Future Requirements'!$D:$D,$B14,'Future Requirements'!$G:$G,E$11,'Future Requirements'!$B:$B,IF($C$3=\"\",\">=\"&$F$3,\">=\"&$C$3),'Future Requirements'!$B:$B,IF($C$4=\"\",\"<=\"&$F$4,\"<=\"&$C$4),'Future Requirements'!$J:$J,IF($C$5=\"Yes\",\"Yes\",IF($C$5=\"No\",\"No\",\"<>Luke\")),'Future Requirements'!$AC:$AC,IF($C$6=\"Agreed\",\"Agreed\",IF($C$6=\"C/Fwd\",\"C/Fwd\",\"<>Luke\")),'Future Requirements'!$AA:$AA,$I$7),0)","v":0},{"$f":"IF($J$3=\"Include\",SUMIFS('Future Requirements'!$O:$O,'Future Requirements'!$D:$D,$B14,'Future Requirements'!$G:$G,F$11,'Future Requirements'!$B:$B,IF($C$3=\"\",\">=\"&$F$3,\">=\"&$C$3),'Future Requirements'!$B:$B,IF($C$4=\"\",\"<=\"&$F$4,\"<=\"&$C$4),'Future Requirements'!$J:$J,IF($C$5=\"Yes\",\"Yes\",IF($C$5=\"No\",\"No\",\"<>Luke\")),'Future Requirements'!$AC:$AC,IF($C$6=\"Agreed\",\"Agreed\",IF($C$6=\"C/Fwd\",\"C/Fwd\",\"<>Luke\")),'Future Requirements'!$AA:$AA,$I$3),0)+\nIF($J$4=\"Include\",SUMIFS('Future Requirements'!$O:$O,'Future Requirements'!$D:$D,$B14,'Future Requirements'!$G:$G,F$11,'Future Requirements'!$B:$B,IF($C$3=\"\",\">=\"&$F$3,\">=\"&$C$3),'Future Requirements'!$B:$B,IF($C$4=\"\",\"<=\"&$F$4,\"<=\"&$C$4),'Future Requirements'!$J:$J,IF($C$5=\"Yes\",\"Yes\",IF($C$5=\"No\",\"No\",\"<>Luke\")),'Future Requirements'!$AC:$AC,IF($C$6=\"Agreed\",\"Agreed\",IF($C$6=\"C/Fwd\",\"C/Fwd\",\"<>Luke\")),'Future Requirements'!$AA:$AA,$I$4),0)+\nIF($J$5=\"Include\",SUMIFS('Future Requirements'!$O:$O,'Future Requirements'!$D:$D,$B14,'Future Requirements'!$G:$G,F$11,'Future Requirements'!$B:$B,IF($C$3=\"\",\">=\"&$F$3,\">=\"&$C$3),'Future Requirements'!$B:$B,IF($C$4=\"\",\"<=\"&$F$4,\"<=\"&$C$4),'Future Requirements'!$J:$J,IF($C$5=\"Yes\",\"Yes\",IF($C$5=\"No\",\"No\",\"<>Luke\")),'Future Requirements'!$AC:$AC,IF($C$6=\"Agreed\",\"Agreed\",IF($C$6=\"C/Fwd\",\"C/Fwd\",\"<>Luke\")),'Future Requirements'!$AA:$AA,$I$5),0)+\nIF($J$6=\"Include\",SUMIFS('Future Requirements'!$O:$O,'Future Requirements'!$D:$D,$B14,'Future Requirements'!$G:$G,F$11,'Future Requirements'!$B:$B,IF($C$3=\"\",\">=\"&$F$3,\">=\"&$C$3),'Future Requirements'!$B:$B,IF($C$4=\"\",\"<=\"&$F$4,\"<=\"&$C$4),'Future Requirements'!$J:$J,IF($C$5=\"Yes\",\"Yes\",IF($C$5=\"No\",\"No\",\"<>Luke\")),'Future Requirements'!$AC:$AC,IF($C$6=\"Agreed\",\"Agreed\",IF($C$6=\"C/Fwd\",\"C/Fwd\",\"<>Luke\")),'Future Requirements'!$AA:$AA,$I$6),0)+\nIF($J$7=\"Include\",SUMIFS('Future Requirements'!$O:$O,'Future Requirements'!$D:$D,$B14,'Future Requirements'!$G:$G,F$11,'Future Requirements'!$B:$B,IF($C$3=\"\",\">=\"&$F$3,\">=\"&$C$3),'Future Requirements'!$B:$B,IF($C$4=\"\",\"<=\"&$F$4,\"<=\"&$C$4),'Future Requirements'!$J:$J,IF($C$5=\"Yes\",\"Yes\",IF($C$5=\"No\",\"No\",\"<>Luke\")),'Future Requirements'!$AC:$AC,IF($C$6=\"Agreed\",\"Agreed\",IF($C$6=\"C/Fwd\",\"C/Fwd\",\"<>Luke\")),'Future Requirements'!$AA:$AA,$I$7),0)","v":0},{"$f":"IF($J$3=\"Include\",SUMIFS('Future Requirements'!$O:$O,'Future Requirements'!$D:$D,$B14,'Future Requirements'!$G:$G,G$11,'Future Requirements'!$B:$B,IF($C$3=\"\",\">=\"&$F$3,\">=\"&$C$3),'Future Requirements'!$B:$B,IF($C$4=\"\",\"<=\"&$F$4,\"<=\"&$C$4),'Future Requirements'!$J:$J,IF($C$5=\"Yes\",\"Yes\",IF($C$5=\"No\",\"No\",\"<>Luke\")),'Future Requirements'!$AC:$AC,IF($C$6=\"Agreed\",\"Agreed\",IF($C$6=\"C/Fwd\",\"C/Fwd\",\"<>Luke\")),'Future Requirements'!$AA:$AA,$I$3),0)+\nIF($J$4=\"Include\",SUMIFS('Future Requirements'!$O:$O,'Future Requirements'!$D:$D,$B14,'Future Requirements'!$G:$G,G$11,'Future Requirements'!$B:$B,IF($C$3=\"\",\">=\"&$F$3,\">=\"&$C$3),'Future Requirements'!$B:$B,IF($C$4=\"\",\"<=\"&$F$4,\"<=\"&$C$4),'Future Requirements'!$J:$J,IF($C$5=\"Yes\",\"Yes\",IF($C$5=\"No\",\"No\",\"<>Luke\")),'Future Requirements'!$AC:$AC,IF($C$6=\"Agreed\",\"Agreed\",IF($C$6=\"C/Fwd\",\"C/Fwd\",\"<>Luke\")),'Future Requirements'!$AA:$AA,$I$4),0)+\nIF($J$5=\"Include\",SUMIFS('Future Requirements'!$O:$O,'Future Requirements'!$D:$D,$B14,'Future Requirements'!$G:$G,G$11,'Future Requirements'!$B:$B,IF($C$3=\"\",\">=\"&$F$3,\">=\"&$C$3),'Future Requirements'!$B:$B,IF($C$4=\"\",\"<=\"&$F$4,\"<=\"&$C$4),'Future Requirements'!$J:$J,IF($C$5=\"Yes\",\"Yes\",IF($C$5=\"No\",\"No\",\"<>Luke\")),'Future Requirements'!$AC:$AC,IF($C$6=\"Agreed\",\"Agreed\",IF($C$6=\"C/Fwd\",\"C/Fwd\",\"<>Luke\")),'Future Requirements'!$AA:$AA,$I$5),0)+\nIF($J$6=\"Include\",SUMIFS('Future Requirements'!$O:$O,'Future Requirements'!$D:$D,$B14,'Future Requirements'!$G:$G,G$11,'Future Requirements'!$B:$B,IF($C$3=\"\",\">=\"&$F$3,\">=\"&$C$3),'Future Requirements'!$B:$B,IF($C$4=\"\",\"<=\"&$F$4,\"<=\"&$C$4),'Future Requirements'!$J:$J,IF($C$5=\"Yes\",\"Yes\",IF($C$5=\"No\",\"No\",\"<>Luke\")),'Future Requirements'!$AC:$AC,IF($C$6=\"Agreed\",\"Agreed\",IF($C$6=\"C/Fwd\",\"C/Fwd\",\"<>Luke\")),'Future Requirements'!$AA:$AA,$I$6),0)+\nIF($J$7=\"Include\",SUMIFS('Future Requirements'!$O:$O,'Future Requirements'!$D:$D,$B14,'Future Requirements'!$G:$G,G$11,'Future Requirements'!$B:$B,IF($C$3=\"\",\">=\"&$F$3,\">=\"&$C$3),'Future Requirements'!$B:$B,IF($C$4=\"\",\"<=\"&$F$4,\"<=\"&$C$4),'Future Requirements'!$J:$J,IF($C$5=\"Yes\",\"Yes\",IF($C$5=\"No\",\"No\",\"<>Luke\")),'Future Requirements'!$AC:$AC,IF($C$6=\"Agreed\",\"Agreed\",IF($C$6=\"C/Fwd\",\"C/Fwd\",\"<>Luke\")),'Future Requirements'!$AA:$AA,$I$7),0)","v":0},{"$f":"IF($J$3=\"Include\",SUMIFS('Future Requirements'!$O:$O,'Future Requirements'!$D:$D,$B14,'Future Requirements'!$G:$G,H$11,'Future Requirements'!$B:$B,IF($C$3=\"\",\">=\"&$F$3,\">=\"&$C$3),'Future Requirements'!$B:$B,IF($C$4=\"\",\"<=\"&$F$4,\"<=\"&$C$4),'Future Requirements'!$J:$J,IF($C$5=\"Yes\",\"Yes\",IF($C$5=\"No\",\"No\",\"<>Luke\")),'Future Requirements'!$AC:$AC,IF($C$6=\"Agreed\",\"Agreed\",IF($C$6=\"C/Fwd\",\"C/Fwd\",\"<>Luke\")),'Future Requirements'!$AA:$AA,$I$3),0)+\nIF($J$4=\"Include\",SUMIFS('Future Requirements'!$O:$O,'Future Requirements'!$D:$D,$B14,'Future Requirements'!$G:$G,H$11,'Future Requirements'!$B:$B,IF($C$3=\"\",\">=\"&$F$3,\">=\"&$C$3),'Future Requirements'!$B:$B,IF($C$4=\"\",\"<=\"&$F$4,\"<=\"&$C$4),'Future Requirements'!$J:$J,IF($C$5=\"Yes\",\"Yes\",IF($C$5=\"No\",\"No\",\"<>Luke\")),'Future Requirements'!$AC:$AC,IF($C$6=\"Agreed\",\"Agreed\",IF($C$6=\"C/Fwd\",\"C/Fwd\",\"<>Luke\")),'Future Requirements'!$AA:$AA,$I$4),0)+\nIF($J$5=\"Include\",SUMIFS('Future Requirements'!$O:$O,'Future Requirements'!$D:$D,$B14,'Future Requirements'!$G:$G,H$11,'Future Requirements'!$B:$B,IF($C$3=\"\",\">=\"&$F$3,\">=\"&$C$3),'Future Requirements'!$B:$B,IF($C$4=\"\",\"<=\"&$F$4,\"<=\"&$C$4),'Future Requirements'!$J:$J,IF($C$5=\"Yes\",\"Yes\",IF($C$5=\"No\",\"No\",\"<>Luke\")),'Future Requirements'!$AC:$AC,IF($C$6=\"Agreed\",\"Agreed\",IF($C$6=\"C/Fwd\",\"C/Fwd\",\"<>Luke\")),'Future Requirements'!$AA:$AA,$I$5),0)+\nIF($J$6=\"Include\",SUMIFS('Future Requirements'!$O:$O,'Future Requirements'!$D:$D,$B14,'Future Requirements'!$G:$G,H$11,'Future Requirements'!$B:$B,IF($C$3=\"\",\">=\"&$F$3,\">=\"&$C$3),'Future Requirements'!$B:$B,IF($C$4=\"\",\"<=\"&$F$4,\"<=\"&$C$4),'Future Requirements'!$J:$J,IF($C$5=\"Yes\",\"Yes\",IF($C$5=\"No\",\"No\",\"<>Luke\")),'Future Requirements'!$AC:$AC,IF($C$6=\"Agreed\",\"Agreed\",IF($C$6=\"C/Fwd\",\"C/Fwd\",\"<>Luke\")),'Future Requirements'!$AA:$AA,$I$6),0)+\nIF($J$7=\"Include\",SUMIFS('Future Requirements'!$O:$O,'Future Requirements'!$D:$D,$B14,'Future Requirements'!$G:$G,H$11,'Future Requirements'!$B:$B,IF($C$3=\"\",\">=\"&$F$3,\">=\"&$C$3),'Future Requirements'!$B:$B,IF($C$4=\"\",\"<=\"&$F$4,\"<=\"&$C$4),'Future Requirements'!$J:$J,IF($C$5=\"Yes\",\"Yes\",IF($C$5=\"No\",\"No\",\"<>Luke\")),'Future Requirements'!$AC:$AC,IF($C$6=\"Agreed\",\"Agreed\",IF($C$6=\"C/Fwd\",\"C/Fwd\",\"<>Luke\")),'Future Requirements'!$AA:$AA,$I$7),0)","v":0},{"$f":"IF($J$3=\"Include\",SUMIFS('Future Requirements'!$O:$O,'Future Requirements'!$D:$D,$B14,'Future Requirements'!$G:$G,I$11,'Future Requirements'!$B:$B,IF($C$3=\"\",\">=\"&$F$3,\">=\"&$C$3),'Future Requirements'!$B:$B,IF($C$4=\"\",\"<=\"&$F$4,\"<=\"&$C$4),'Future Requirements'!$J:$J,IF($C$5=\"Yes\",\"Yes\",IF($C$5=\"No\",\"No\",\"<>Luke\")),'Future Requirements'!$AC:$AC,IF($C$6=\"Agreed\",\"Agreed\",IF($C$6=\"C/Fwd\",\"C/Fwd\",\"<>Luke\")),'Future Requirements'!$AA:$AA,$I$3),0)+\nIF($J$4=\"Include\",SUMIFS('Future Requirements'!$O:$O,'Future Requirements'!$D:$D,$B14,'Future Requirements'!$G:$G,I$11,'Future Requirements'!$B:$B,IF($C$3=\"\",\">=\"&$F$3,\">=\"&$C$3),'Future Requirements'!$B:$B,IF($C$4=\"\",\"<=\"&$F$4,\"<=\"&$C$4),'Future Requirements'!$J:$J,IF($C$5=\"Yes\",\"Yes\",IF($C$5=\"No\",\"No\",\"<>Luke\")),'Future Requirements'!$AC:$AC,IF($C$6=\"Agreed\",\"Agreed\",IF($C$6=\"C/Fwd\",\"C/Fwd\",\"<>Luke\")),'Future Requirements'!$AA:$AA,$I$4),0)+\nIF($J$5=\"Include\",SUMIFS('Future Requirements'!$O:$O,'Future Requirements'!$D:$D,$B14,'Future Requirements'!$G:$G,I$11,'Future Requirements'!$B:$B,IF($C$3=\"\",\">=\"&$F$3,\">=\"&$C$3),'Future Requirements'!$B:$B,IF($C$4=\"\",\"<=\"&$F$4,\"<=\"&$C$4),'Future Requirements'!$J:$J,IF($C$5=\"Yes\",\"Yes\",IF($C$5=\"No\",\"No\",\"<>Luke\")),'Future Requirements'!$AC:$AC,IF($C$6=\"Agreed\",\"Agreed\",IF($C$6=\"C/Fwd\",\"C/Fwd\",\"<>Luke\")),'Future Requirements'!$AA:$AA,$I$5),0)+\nIF($J$6=\"Include\",SUMIFS('Future Requirements'!$O:$O,'Future Requirements'!$D:$D,$B14,'Future Requirements'!$G:$G,I$11,'Future Requirements'!$B:$B,IF($C$3=\"\",\">=\"&$F$3,\">=\"&$C$3),'Future Requirements'!$B:$B,IF($C$4=\"\",\"<=\"&$F$4,\"<=\"&$C$4),'Future Requirements'!$J:$J,IF($C$5=\"Yes\",\"Yes\",IF($C$5=\"No\",\"No\",\"<>Luke\")),'Future Requirements'!$AC:$AC,IF($C$6=\"Agreed\",\"Agreed\",IF($C$6=\"C/Fwd\",\"C/Fwd\",\"<>Luke\")),'Future Requirements'!$AA:$AA,$I$6),0)+\nIF($J$7=\"Include\",SUMIFS('Future Requirements'!$O:$O,'Future Requirements'!$D:$D,$B14,'Future Requirements'!$G:$G,I$11,'Future Requirements'!$B:$B,IF($C$3=\"\",\">=\"&$F$3,\">=\"&$C$3),'Future Requirements'!$B:$B,IF($C$4=\"\",\"<=\"&$F$4,\"<=\"&$C$4),'Future Requirements'!$J:$J,IF($C$5=\"Yes\",\"Yes\",IF($C$5=\"No\",\"No\",\"<>Luke\")),'Future Requirements'!$AC:$AC,IF($C$6=\"Agreed\",\"Agreed\",IF($C$6=\"C/Fwd\",\"C/Fwd\",\"<>Luke\")),'Future Requirements'!$AA:$AA,$I$7),0)","v":0},{"$f":"IF($J$3=\"Include\",SUMIFS('Future Requirements'!$O:$O,'Future Requirements'!$D:$D,$B14,'Future Requirements'!$G:$G,J$11,'Future Requirements'!$B:$B,IF($C$3=\"\",\">=\"&$F$3,\">=\"&$C$3),'Future Requirements'!$B:$B,IF($C$4=\"\",\"<=\"&$F$4,\"<=\"&$C$4),'Future Requirements'!$J:$J,IF($C$5=\"Yes\",\"Yes\",IF($C$5=\"No\",\"No\",\"<>Luke\")),'Future Requirements'!$AC:$AC,IF($C$6=\"Agreed\",\"Agreed\",IF($C$6=\"C/Fwd\",\"C/Fwd\",\"<>Luke\")),'Future Requirements'!$AA:$AA,$I$3),0)+\nIF($J$4=\"Include\",SUMIFS('Future Requirements'!$O:$O,'Future Requirements'!$D:$D,$B14,'Future Requirements'!$G:$G,J$11,'Future Requirements'!$B:$B,IF($C$3=\"\",\">=\"&$F$3,\">=\"&$C$3),'Future Requirements'!$B:$B,IF($C$4=\"\",\"<=\"&$F$4,\"<=\"&$C$4),'Future Requirements'!$J:$J,IF($C$5=\"Yes\",\"Yes\",IF($C$5=\"No\",\"No\",\"<>Luke\")),'Future Requirements'!$AC:$AC,IF($C$6=\"Agreed\",\"Agreed\",IF($C$6=\"C/Fwd\",\"C/Fwd\",\"<>Luke\")),'Future Requirements'!$AA:$AA,$I$4),0)+\nIF($J$5=\"Include\",SUMIFS('Future Requirements'!$O:$O,'Future Requirements'!$D:$D,$B14,'Future Requirements'!$G:$G,J$11,'Future Requirements'!$B:$B,IF($C$3=\"\",\">=\"&$F$3,\">=\"&$C$3),'Future Requirements'!$B:$B,IF($C$4=\"\",\"<=\"&$F$4,\"<=\"&$C$4),'Future Requirements'!$J:$J,IF($C$5=\"Yes\",\"Yes\",IF($C$5=\"No\",\"No\",\"<>Luke\")),'Future Requirements'!$AC:$AC,IF($C$6=\"Agreed\",\"Agreed\",IF($C$6=\"C/Fwd\",\"C/Fwd\",\"<>Luke\")),'Future Requirements'!$AA:$AA,$I$5),0)+\nIF($J$6=\"Include\",SUMIFS('Future Requirements'!$O:$O,'Future Requirements'!$D:$D,$B14,'Future Requirements'!$G:$G,J$11,'Future Requirements'!$B:$B,IF($C$3=\"\",\">=\"&$F$3,\">=\"&$C$3),'Future Requirements'!$B:$B,IF($C$4=\"\",\"<=\"&$F$4,\"<=\"&$C$4),'Future Requirements'!$J:$J,IF($C$5=\"Yes\",\"Yes\",IF($C$5=\"No\",\"No\",\"<>Luke\")),'Future Requirements'!$AC:$AC,IF($C$6=\"Agreed\",\"Agreed\",IF($C$6=\"C/Fwd\",\"C/Fwd\",\"<>Luke\")),'Future Requirements'!$AA:$AA,$I$6),0)+\nIF($J$7=\"Include\",SUMIFS('Future Requirements'!$O:$O,'Future Requirements'!$D:$D,$B14,'Future Requirements'!$G:$G,J$11,'Future Requirements'!$B:$B,IF($C$3=\"\",\">=\"&$F$3,\">=\"&$C$3),'Future Requirements'!$B:$B,IF($C$4=\"\",\"<=\"&$F$4,\"<=\"&$C$4),'Future Requirements'!$J:$J,IF($C$5=\"Yes\",\"Yes\",IF($C$5=\"No\",\"No\",\"<>Luke\")),'Future Requirements'!$AC:$AC,IF($C$6=\"Agreed\",\"Agreed\",IF($C$6=\"C/Fwd\",\"C/Fwd\",\"<>Luke\")),'Future Requirements'!$AA:$AA,$I$7),0)","v":0},{"$f":"IF($J$3=\"Include\",SUMIFS('Future Requirements'!$O:$O,'Future Requirements'!$D:$D,$B14,'Future Requirements'!$G:$G,K$11,'Future Requirements'!$B:$B,IF($C$3=\"\",\">=\"&$F$3,\">=\"&$C$3),'Future Requirements'!$B:$B,IF($C$4=\"\",\"<=\"&$F$4,\"<=\"&$C$4),'Future Requirements'!$J:$J,IF($C$5=\"Yes\",\"Yes\",IF($C$5=\"No\",\"No\",\"<>Luke\")),'Future Requirements'!$AC:$AC,IF($C$6=\"Agreed\",\"Agreed\",IF($C$6=\"C/Fwd\",\"C/Fwd\",\"<>Luke\")),'Future Requirements'!$AA:$AA,$I$3),0)+\nIF($J$4=\"Include\",SUMIFS('Future Requirements'!$O:$O,'Future Requirements'!$D:$D,$B14,'Future Requirements'!$G:$G,K$11,'Future Requirements'!$B:$B,IF($C$3=\"\",\">=\"&$F$3,\">=\"&$C$3),'Future Requirements'!$B:$B,IF($C$4=\"\",\"<=\"&$F$4,\"<=\"&$C$4),'Future Requirements'!$J:$J,IF($C$5=\"Yes\",\"Yes\",IF($C$5=\"No\",\"No\",\"<>Luke\")),'Future Requirements'!$AC:$AC,IF($C$6=\"Agreed\",\"Agreed\",IF($C$6=\"C/Fwd\",\"C/Fwd\",\"<>Luke\")),'Future Requirements'!$AA:$AA,$I$4),0)+\nIF($J$5=\"Include\",SUMIFS('Future Requirements'!$O:$O,'Future Requirements'!$D:$D,$B14,'Future Requirements'!$G:$G,K$11,'Future Requirements'!$B:$B,IF($C$3=\"\",\">=\"&$F$3,\">=\"&$C$3),'Future Requirements'!$B:$B,IF($C$4=\"\",\"<=\"&$F$4,\"<=\"&$C$4),'Future Requirements'!$J:$J,IF($C$5=\"Yes\",\"Yes\",IF($C$5=\"No\",\"No\",\"<>Luke\")),'Future Requirements'!$AC:$AC,IF($C$6=\"Agreed\",\"Agreed\",IF($C$6=\"C/Fwd\",\"C/Fwd\",\"<>Luke\")),'Future Requirements'!$AA:$AA,$I$5),0)+\nIF($J$6=\"Include\",SUMIFS('Future Requirements'!$O:$O,'Future Requirements'!$D:$D,$B14,'Future Requirements'!$G:$G,K$11,'Future Requirements'!$B:$B,IF($C$3=\"\",\">=\"&$F$3,\">=\"&$C$3),'Future Requirements'!$B:$B,IF($C$4=\"\",\"<=\"&$F$4,\"<=\"&$C$4),'Future Requirements'!$J:$J,IF($C$5=\"Yes\",\"Yes\",IF($C$5=\"No\",\"No\",\"<>Luke\")),'Future Requirements'!$AC:$AC,IF($C$6=\"Agreed\",\"Agreed\",IF($C$6=\"C/Fwd\",\"C/Fwd\",\"<>Luke\")),'Future Requirements'!$AA:$AA,$I$6),0)+\nIF($J$7=\"Include\",SUMIFS('Future Requirements'!$O:$O,'Future Requirements'!$D:$D,$B14,'Future Requirements'!$G:$G,K$11,'Future Requirements'!$B:$B,IF($C$3=\"\",\">=\"&$F$3,\">=\"&$C$3),'Future Requirements'!$B:$B,IF($C$4=\"\",\"<=\"&$F$4,\"<=\"&$C$4),'Future Requirements'!$J:$J,IF($C$5=\"Yes\",\"Yes\",IF($C$5=\"No\",\"No\",\"<>Luke\")),'Future Requirements'!$AC:$AC,IF($C$6=\"Agreed\",\"Agreed\",IF($C$6=\"C/Fwd\",\"C/Fwd\",\"<>Luke\")),'Future Requirements'!$AA:$AA,$I$7),0)","v":0},{"$f":"IF($J$3=\"Include\",SUMIFS('Future Requirements'!$O:$O,'Future Requirements'!$D:$D,$B14,'Future Requirements'!$G:$G,L$11,'Future Requirements'!$B:$B,IF($C$3=\"\",\">=\"&$F$3,\">=\"&$C$3),'Future Requirements'!$B:$B,IF($C$4=\"\",\"<=\"&$F$4,\"<=\"&$C$4),'Future Requirements'!$J:$J,IF($C$5=\"Yes\",\"Yes\",IF($C$5=\"No\",\"No\",\"<>Luke\")),'Future Requirements'!$AC:$AC,IF($C$6=\"Agreed\",\"Agreed\",IF($C$6=\"C/Fwd\",\"C/Fwd\",\"<>Luke\")),'Future Requirements'!$AA:$AA,$I$3),0)+\nIF($J$4=\"Include\",SUMIFS('Future Requirements'!$O:$O,'Future Requirements'!$D:$D,$B14,'Future Requirements'!$G:$G,L$11,'Future Requirements'!$B:$B,IF($C$3=\"\",\">=\"&$F$3,\">=\"&$C$3),'Future Requirements'!$B:$B,IF($C$4=\"\",\"<=\"&$F$4,\"<=\"&$C$4),'Future Requirements'!$J:$J,IF($C$5=\"Yes\",\"Yes\",IF($C$5=\"No\",\"No\",\"<>Luke\")),'Future Requirements'!$AC:$AC,IF($C$6=\"Agreed\",\"Agreed\",IF($C$6=\"C/Fwd\",\"C/Fwd\",\"<>Luke\")),'Future Requirements'!$AA:$AA,$I$4),0)+\nIF($J$5=\"Include\",SUMIFS('Future Requirements'!$O:$O,'Future Requirements'!$D:$D,$B14,'Future Requirements'!$G:$G,L$11,'Future Requirements'!$B:$B,IF($C$3=\"\",\">=\"&$F$3,\">=\"&$C$3),'Future Requirements'!$B:$B,IF($C$4=\"\",\"<=\"&$F$4,\"<=\"&$C$4),'Future Requirements'!$J:$J,IF($C$5=\"Yes\",\"Yes\",IF($C$5=\"No\",\"No\",\"<>Luke\")),'Future Requirements'!$AC:$AC,IF($C$6=\"Agreed\",\"Agreed\",IF($C$6=\"C/Fwd\",\"C/Fwd\",\"<>Luke\")),'Future Requirements'!$AA:$AA,$I$5),0)+\nIF($J$6=\"Include\",SUMIFS('Future Requirements'!$O:$O,'Future Requirements'!$D:$D,$B14,'Future Requirements'!$G:$G,L$11,'Future Requirements'!$B:$B,IF($C$3=\"\",\">=\"&$F$3,\">=\"&$C$3),'Future Requirements'!$B:$B,IF($C$4=\"\",\"<=\"&$F$4,\"<=\"&$C$4),'Future Requirements'!$J:$J,IF($C$5=\"Yes\",\"Yes\",IF($C$5=\"No\",\"No\",\"<>Luke\")),'Future Requirements'!$AC:$AC,IF($C$6=\"Agreed\",\"Agreed\",IF($C$6=\"C/Fwd\",\"C/Fwd\",\"<>Luke\")),'Future Requirements'!$AA:$AA,$I$6),0)+\nIF($J$7=\"Include\",SUMIFS('Future Requirements'!$O:$O,'Future Requirements'!$D:$D,$B14,'Future Requirements'!$G:$G,L$11,'Future Requirements'!$B:$B,IF($C$3=\"\",\">=\"&$F$3,\">=\"&$C$3),'Future Requirements'!$B:$B,IF($C$4=\"\",\"<=\"&$F$4,\"<=\"&$C$4),'Future Requirements'!$J:$J,IF($C$5=\"Yes\",\"Yes\",IF($C$5=\"No\",\"No\",\"<>Luke\")),'Future Requirements'!$AC:$AC,IF($C$6=\"Agreed\",\"Agreed\",IF($C$6=\"C/Fwd\",\"C/Fwd\",\"<>Luke\")),'Future Requirements'!$AA:$AA,$I$7),0)","v":0},{"$f":"IF($J$3=\"Include\",SUMIFS('Future Requirements'!$O:$O,'Future Requirements'!$D:$D,$B14,'Future Requirements'!$G:$G,M$11,'Future Requirements'!$B:$B,IF($C$3=\"\",\">=\"&$F$3,\">=\"&$C$3),'Future Requirements'!$B:$B,IF($C$4=\"\",\"<=\"&$F$4,\"<=\"&$C$4),'Future Requirements'!$J:$J,IF($C$5=\"Yes\",\"Yes\",IF($C$5=\"No\",\"No\",\"<>Luke\")),'Future Requirements'!$AC:$AC,IF($C$6=\"Agreed\",\"Agreed\",IF($C$6=\"C/Fwd\",\"C/Fwd\",\"<>Luke\")),'Future Requirements'!$AA:$AA,$I$3),0)+\nIF($J$4=\"Include\",SUMIFS('Future Requirements'!$O:$O,'Future Requirements'!$D:$D,$B14,'Future Requirements'!$G:$G,M$11,'Future Requirements'!$B:$B,IF($C$3=\"\",\">=\"&$F$3,\">=\"&$C$3),'Future Requirements'!$B:$B,IF($C$4=\"\",\"<=\"&$F$4,\"<=\"&$C$4),'Future Requirements'!$J:$J,IF($C$5=\"Yes\",\"Yes\",IF($C$5=\"No\",\"No\",\"<>Luke\")),'Future Requirements'!$AC:$AC,IF($C$6=\"Agreed\",\"Agreed\",IF($C$6=\"C/Fwd\",\"C/Fwd\",\"<>Luke\")),'Future Requirements'!$AA:$AA,$I$4),0)+\nIF($J$5=\"Include\",SUMIFS('Future Requirements'!$O:$O,'Future Requirements'!$D:$D,$B14,'Future Requirements'!$G:$G,M$11,'Future Requirements'!$B:$B,IF($C$3=\"\",\">=\"&$F$3,\">=\"&$C$3),'Future Requirements'!$B:$B,IF($C$4=\"\",\"<=\"&$F$4,\"<=\"&$C$4),'Future Requirements'!$J:$J,IF($C$5=\"Yes\",\"Yes\",IF($C$5=\"No\",\"No\",\"<>Luke\")),'Future Requirements'!$AC:$AC,IF($C$6=\"Agreed\",\"Agreed\",IF($C$6=\"C/Fwd\",\"C/Fwd\",\"<>Luke\")),'Future Requirements'!$AA:$AA,$I$5),0)+\nIF($J$6=\"Include\",SUMIFS('Future Requirements'!$O:$O,'Future Requirements'!$D:$D,$B14,'Future Requirements'!$G:$G,M$11,'Future Requirements'!$B:$B,IF($C$3=\"\",\">=\"&$F$3,\">=\"&$C$3),'Future Requirements'!$B:$B,IF($C$4=\"\",\"<=\"&$F$4,\"<=\"&$C$4),'Future Requirements'!$J:$J,IF($C$5=\"Yes\",\"Yes\",IF($C$5=\"No\",\"No\",\"<>Luke\")),'Future Requirements'!$AC:$AC,IF($C$6=\"Agreed\",\"Agreed\",IF($C$6=\"C/Fwd\",\"C/Fwd\",\"<>Luke\")),'Future Requirements'!$AA:$AA,$I$6),0)+\nIF($J$7=\"Include\",SUMIFS('Future Requirements'!$O:$O,'Future Requirements'!$D:$D,$B14,'Future Requirements'!$G:$G,M$11,'Future Requirements'!$B:$B,IF($C$3=\"\",\">=\"&$F$3,\">=\"&$C$3),'Future Requirements'!$B:$B,IF($C$4=\"\",\"<=\"&$F$4,\"<=\"&$C$4),'Future Requirements'!$J:$J,IF($C$5=\"Yes\",\"Yes\",IF($C$5=\"No\",\"No\",\"<>Luke\")),'Future Requirements'!$AC:$AC,IF($C$6=\"Agreed\",\"Agreed\",IF($C$6=\"C/Fwd\",\"C/Fwd\",\"<>Luke\")),'Future Requirements'!$AA:$AA,$I$7),0)","v":0},{"$f":"IF($J$3=\"Include\",SUMIFS('Future Requirements'!$O:$O,'Future Requirements'!$D:$D,$B14,'Future Requirements'!$G:$G,N$11,'Future Requirements'!$B:$B,IF($C$3=\"\",\">=\"&$F$3,\">=\"&$C$3),'Future Requirements'!$B:$B,IF($C$4=\"\",\"<=\"&$F$4,\"<=\"&$C$4),'Future Requirements'!$J:$J,IF($C$5=\"Yes\",\"Yes\",IF($C$5=\"No\",\"No\",\"<>Luke\")),'Future Requirements'!$AC:$AC,IF($C$6=\"Agreed\",\"Agreed\",IF($C$6=\"C/Fwd\",\"C/Fwd\",\"<>Luke\")),'Future Requirements'!$AA:$AA,$I$3),0)+\nIF($J$4=\"Include\",SUMIFS('Future Requirements'!$O:$O,'Future Requirements'!$D:$D,$B14,'Future Requirements'!$G:$G,N$11,'Future Requirements'!$B:$B,IF($C$3=\"\",\">=\"&$F$3,\">=\"&$C$3),'Future Requirements'!$B:$B,IF($C$4=\"\",\"<=\"&$F$4,\"<=\"&$C$4),'Future Requirements'!$J:$J,IF($C$5=\"Yes\",\"Yes\",IF($C$5=\"No\",\"No\",\"<>Luke\")),'Future Requirements'!$AC:$AC,IF($C$6=\"Agreed\",\"Agreed\",IF($C$6=\"C/Fwd\",\"C/Fwd\",\"<>Luke\")),'Future Requirements'!$AA:$AA,$I$4),0)+\nIF($J$5=\"Include\",SUMIFS('Future Requirements'!$O:$O,'Future Requirements'!$D:$D,$B14,'Future Requirements'!$G:$G,N$11,'Future Requirements'!$B:$B,IF($C$3=\"\",\">=\"&$F$3,\">=\"&$C$3),'Future Requirements'!$B:$B,IF($C$4=\"\",\"<=\"&$F$4,\"<=\"&$C$4),'Future Requirements'!$J:$J,IF($C$5=\"Yes\",\"Yes\",IF($C$5=\"No\",\"No\",\"<>Luke\")),'Future Requirements'!$AC:$AC,IF($C$6=\"Agreed\",\"Agreed\",IF($C$6=\"C/Fwd\",\"C/Fwd\",\"<>Luke\")),'Future Requirements'!$AA:$AA,$I$5),0)+\nIF($J$6=\"Include\",SUMIFS('Future Requirements'!$O:$O,'Future Requirements'!$D:$D,$B14,'Future Requirements'!$G:$G,N$11,'Future Requirements'!$B:$B,IF($C$3=\"\",\">=\"&$F$3,\">=\"&$C$3),'Future Requirements'!$B:$B,IF($C$4=\"\",\"<=\"&$F$4,\"<=\"&$C$4),'Future Requirements'!$J:$J,IF($C$5=\"Yes\",\"Yes\",IF($C$5=\"No\",\"No\",\"<>Luke\")),'Future Requirements'!$AC:$AC,IF($C$6=\"Agreed\",\"Agreed\",IF($C$6=\"C/Fwd\",\"C/Fwd\",\"<>Luke\")),'Future Requirements'!$AA:$AA,$I$6),0)+\nIF($J$7=\"Include\",SUMIFS('Future Requirements'!$O:$O,'Future Requirements'!$D:$D,$B14,'Future Requirements'!$G:$G,N$11,'Future Requirements'!$B:$B,IF($C$3=\"\",\">=\"&$F$3,\">=\"&$C$3),'Future Requirements'!$B:$B,IF($C$4=\"\",\"<=\"&$F$4,\"<=\"&$C$4),'Future Requirements'!$J:$J,IF($C$5=\"Yes\",\"Yes\",IF($C$5=\"No\",\"No\",\"<>Luke\")),'Future Requirements'!$AC:$AC,IF($C$6=\"Agreed\",\"Agreed\",IF($C$6=\"C/Fwd\",\"C/Fwd\",\"<>Luke\")),'Future Requirements'!$AA:$AA,$I$7),0)","v":0},{"$f":"IF($J$3=\"Include\",SUMIFS('Future Requirements'!$O:$O,'Future Requirements'!$D:$D,$B14,'Future Requirements'!$G:$G,O$11,'Future Requirements'!$B:$B,IF($C$3=\"\",\">=\"&$F$3,\">=\"&$C$3),'Future Requirements'!$B:$B,IF($C$4=\"\",\"<=\"&$F$4,\"<=\"&$C$4),'Future Requirements'!$J:$J,IF($C$5=\"Yes\",\"Yes\",IF($C$5=\"No\",\"No\",\"<>Luke\")),'Future Requirements'!$AC:$AC,IF($C$6=\"Agreed\",\"Agreed\",IF($C$6=\"C/Fwd\",\"C/Fwd\",\"<>Luke\")),'Future Requirements'!$AA:$AA,$I$3),0)+\nIF($J$4=\"Include\",SUMIFS('Future Requirements'!$O:$O,'Future Requirements'!$D:$D,$B14,'Future Requirements'!$G:$G,O$11,'Future Requirements'!$B:$B,IF($C$3=\"\",\">=\"&$F$3,\">=\"&$C$3),'Future Requirements'!$B:$B,IF($C$4=\"\",\"<=\"&$F$4,\"<=\"&$C$4),'Future Requirements'!$J:$J,IF($C$5=\"Yes\",\"Yes\",IF($C$5=\"No\",\"No\",\"<>Luke\")),'Future Requirements'!$AC:$AC,IF($C$6=\"Agreed\",\"Agreed\",IF($C$6=\"C/Fwd\",\"C/Fwd\",\"<>Luke\")),'Future Requirements'!$AA:$AA,$I$4),0)+\nIF($J$5=\"Include\",SUMIFS('Future Requirements'!$O:$O,'Future Requirements'!$D:$D,$B14,'Future Requirements'!$G:$G,O$11,'Future Requirements'!$B:$B,IF($C$3=\"\",\">=\"&$F$3,\">=\"&$C$3),'Future Requirements'!$B:$B,IF($C$4=\"\",\"<=\"&$F$4,\"<=\"&$C$4),'Future Requirements'!$J:$J,IF($C$5=\"Yes\",\"Yes\",IF($C$5=\"No\",\"No\",\"<>Luke\")),'Future Requirements'!$AC:$AC,IF($C$6=\"Agreed\",\"Agreed\",IF($C$6=\"C/Fwd\",\"C/Fwd\",\"<>Luke\")),'Future Requirements'!$AA:$AA,$I$5),0)+\nIF($J$6=\"Include\",SUMIFS('Future Requirements'!$O:$O,'Future Requirements'!$D:$D,$B14,'Future Requirements'!$G:$G,O$11,'Future Requirements'!$B:$B,IF($C$3=\"\",\">=\"&$F$3,\">=\"&$C$3),'Future Requirements'!$B:$B,IF($C$4=\"\",\"<=\"&$F$4,\"<=\"&$C$4),'Future Requirements'!$J:$J,IF($C$5=\"Yes\",\"Yes\",IF($C$5=\"No\",\"No\",\"<>Luke\")),'Future Requirements'!$AC:$AC,IF($C$6=\"Agreed\",\"Agreed\",IF($C$6=\"C/Fwd\",\"C/Fwd\",\"<>Luke\")),'Future Requirements'!$AA:$AA,$I$6),0)+\nIF($J$7=\"Include\",SUMIFS('Future Requirements'!$O:$O,'Future Requirements'!$D:$D,$B14,'Future Requirements'!$G:$G,O$11,'Future Requirements'!$B:$B,IF($C$3=\"\",\">=\"&$F$3,\">=\"&$C$3),'Future Requirements'!$B:$B,IF($C$4=\"\",\"<=\"&$F$4,\"<=\"&$C$4),'Future Requirements'!$J:$J,IF($C$5=\"Yes\",\"Yes\",IF($C$5=\"No\",\"No\",\"<>Luke\")),'Future Requirements'!$AC:$AC,IF($C$6=\"Agreed\",\"Agreed\",IF($C$6=\"C/Fwd\",\"C/Fwd\",\"<>Luke\")),'Future Requirements'!$AA:$AA,$I$7),0)","v":0},{"$f":"IF($J$3=\"Include\",SUMIFS('Future Requirements'!$O:$O,'Future Requirements'!$D:$D,$B14,'Future Requirements'!$G:$G,P$11,'Future Requirements'!$B:$B,IF($C$3=\"\",\">=\"&$F$3,\">=\"&$C$3),'Future Requirements'!$B:$B,IF($C$4=\"\",\"<=\"&$F$4,\"<=\"&$C$4),'Future Requirements'!$J:$J,IF($C$5=\"Yes\",\"Yes\",IF($C$5=\"No\",\"No\",\"<>Luke\")),'Future Requirements'!$AC:$AC,IF($C$6=\"Agreed\",\"Agreed\",IF($C$6=\"C/Fwd\",\"C/Fwd\",\"<>Luke\")),'Future Requirements'!$AA:$AA,$I$3),0)+\nIF($J$4=\"Include\",SUMIFS('Future Requirements'!$O:$O,'Future Requirements'!$D:$D,$B14,'Future Requirements'!$G:$G,P$11,'Future Requirements'!$B:$B,IF($C$3=\"\",\">=\"&$F$3,\">=\"&$C$3),'Future Requirements'!$B:$B,IF($C$4=\"\",\"<=\"&$F$4,\"<=\"&$C$4),'Future Requirements'!$J:$J,IF($C$5=\"Yes\",\"Yes\",IF($C$5=\"No\",\"No\",\"<>Luke\")),'Future Requirements'!$AC:$AC,IF($C$6=\"Agreed\",\"Agreed\",IF($C$6=\"C/Fwd\",\"C/Fwd\",\"<>Luke\")),'Future Requirements'!$AA:$AA,$I$4),0)+\nIF($J$5=\"Include\",SUMIFS('Future Requirements'!$O:$O,'Future Requirements'!$D:$D,$B14,'Future Requirements'!$G:$G,P$11,'Future Requirements'!$B:$B,IF($C$3=\"\",\">=\"&$F$3,\">=\"&$C$3),'Future Requirements'!$B:$B,IF($C$4=\"\",\"<=\"&$F$4,\"<=\"&$C$4),'Future Requirements'!$J:$J,IF($C$5=\"Yes\",\"Yes\",IF($C$5=\"No\",\"No\",\"<>Luke\")),'Future Requirements'!$AC:$AC,IF($C$6=\"Agreed\",\"Agreed\",IF($C$6=\"C/Fwd\",\"C/Fwd\",\"<>Luke\")),'Future Requirements'!$AA:$AA,$I$5),0)+\nIF($J$6=\"Include\",SUMIFS('Future Requirements'!$O:$O,'Future Requirements'!$D:$D,$B14,'Future Requirements'!$G:$G,P$11,'Future Requirements'!$B:$B,IF($C$3=\"\",\">=\"&$F$3,\">=\"&$C$3),'Future Requirements'!$B:$B,IF($C$4=\"\",\"<=\"&$F$4,\"<=\"&$C$4),'Future Requirements'!$J:$J,IF($C$5=\"Yes\",\"Yes\",IF($C$5=\"No\",\"No\",\"<>Luke\")),'Future Requirements'!$AC:$AC,IF($C$6=\"Agreed\",\"Agreed\",IF($C$6=\"C/Fwd\",\"C/Fwd\",\"<>Luke\")),'Future Requirements'!$AA:$AA,$I$6),0)+\nIF($J$7=\"Include\",SUMIFS('Future Requirements'!$O:$O,'Future Requirements'!$D:$D,$B14,'Future Requirements'!$G:$G,P$11,'Future Requirements'!$B:$B,IF($C$3=\"\",\">=\"&$F$3,\">=\"&$C$3),'Future Requirements'!$B:$B,IF($C$4=\"\",\"<=\"&$F$4,\"<=\"&$C$4),'Future Requirements'!$J:$J,IF($C$5=\"Yes\",\"Yes\",IF($C$5=\"No\",\"No\",\"<>Luke\")),'Future Requirements'!$AC:$AC,IF($C$6=\"Agreed\",\"Agreed\",IF($C$6=\"C/Fwd\",\"C/Fwd\",\"<>Luke\")),'Future Requirements'!$AA:$AA,$I$7),0)","v":0},{"$f":"IF($J$3=\"Include\",SUMIFS('Future Requirements'!$O:$O,'Future Requirements'!$D:$D,$B14,'Future Requirements'!$G:$G,Q$11,'Future Requirements'!$B:$B,IF($C$3=\"\",\">=\"&$F$3,\">=\"&$C$3),'Future Requirements'!$B:$B,IF($C$4=\"\",\"<=\"&$F$4,\"<=\"&$C$4),'Future Requirements'!$J:$J,IF($C$5=\"Yes\",\"Yes\",IF($C$5=\"No\",\"No\",\"<>Luke\")),'Future Requirements'!$AC:$AC,IF($C$6=\"Agreed\",\"Agreed\",IF($C$6=\"C/Fwd\",\"C/Fwd\",\"<>Luke\")),'Future Requirements'!$AA:$AA,$I$3),0)+\nIF($J$4=\"Include\",SUMIFS('Future Requirements'!$O:$O,'Future Requirements'!$D:$D,$B14,'Future Requirements'!$G:$G,Q$11,'Future Requirements'!$B:$B,IF($C$3=\"\",\">=\"&$F$3,\">=\"&$C$3),'Future Requirements'!$B:$B,IF($C$4=\"\",\"<=\"&$F$4,\"<=\"&$C$4),'Future Requirements'!$J:$J,IF($C$5=\"Yes\",\"Yes\",IF($C$5=\"No\",\"No\",\"<>Luke\")),'Future Requirements'!$AC:$AC,IF($C$6=\"Agreed\",\"Agreed\",IF($C$6=\"C/Fwd\",\"C/Fwd\",\"<>Luke\")),'Future Requirements'!$AA:$AA,$I$4),0)+\nIF($J$5=\"Include\",SUMIFS('Future Requirements'!$O:$O,'Future Requirements'!$D:$D,$B14,'Future Requirements'!$G:$G,Q$11,'Future Requirements'!$B:$B,IF($C$3=\"\",\">=\"&$F$3,\">=\"&$C$3),'Future Requirements'!$B:$B,IF($C$4=\"\",\"<=\"&$F$4,\"<=\"&$C$4),'Future Requirements'!$J:$J,IF($C$5=\"Yes\",\"Yes\",IF($C$5=\"No\",\"No\",\"<>Luke\")),'Future Requirements'!$AC:$AC,IF($C$6=\"Agreed\",\"Agreed\",IF($C$6=\"C/Fwd\",\"C/Fwd\",\"<>Luke\")),'Future Requirements'!$AA:$AA,$I$5),0)+\nIF($J$6=\"Include\",SUMIFS('Future Requirements'!$O:$O,'Future Requirements'!$D:$D,$B14,'Future Requirements'!$G:$G,Q$11,'Future Requirements'!$B:$B,IF($C$3=\"\",\">=\"&$F$3,\">=\"&$C$3),'Future Requirements'!$B:$B,IF($C$4=\"\",\"<=\"&$F$4,\"<=\"&$C$4),'Future Requirements'!$J:$J,IF($C$5=\"Yes\",\"Yes\",IF($C$5=\"No\",\"No\",\"<>Luke\")),'Future Requirements'!$AC:$AC,IF($C$6=\"Agreed\",\"Agreed\",IF($C$6=\"C/Fwd\",\"C/Fwd\",\"<>Luke\")),'Future Requirements'!$AA:$AA,$I$6),0)+\nIF($J$7=\"Include\",SUMIFS('Future Requirements'!$O:$O,'Future Requirements'!$D:$D,$B14,'Future Requirements'!$G:$G,Q$11,'Future Requirements'!$B:$B,IF($C$3=\"\",\">=\"&$F$3,\">=\"&$C$3),'Future Requirements'!$B:$B,IF($C$4=\"\",\"<=\"&$F$4,\"<=\"&$C$4),'Future Requirements'!$J:$J,IF($C$5=\"Yes\",\"Yes\",IF($C$5=\"No\",\"No\",\"<>Luke\")),'Future Requirements'!$AC:$AC,IF($C$6=\"Agreed\",\"Agreed\",IF($C$6=\"C/Fwd\",\"C/Fwd\",\"<>Luke\")),'Future Requirements'!$AA:$AA,$I$7),0)","v":0},{"$f":"IF($J$3=\"Include\",SUMIFS('Future Requirements'!$O:$O,'Future Requirements'!$D:$D,$B14,'Future Requirements'!$G:$G,R$11,'Future Requirements'!$B:$B,IF($C$3=\"\",\">=\"&$F$3,\">=\"&$C$3),'Future Requirements'!$B:$B,IF($C$4=\"\",\"<=\"&$F$4,\"<=\"&$C$4),'Future Requirements'!$J:$J,IF($C$5=\"Yes\",\"Yes\",IF($C$5=\"No\",\"No\",\"<>Luke\")),'Future Requirements'!$AC:$AC,IF($C$6=\"Agreed\",\"Agreed\",IF($C$6=\"C/Fwd\",\"C/Fwd\",\"<>Luke\")),'Future Requirements'!$AA:$AA,$I$3),0)+\nIF($J$4=\"Include\",SUMIFS('Future Requirements'!$O:$O,'Future Requirements'!$D:$D,$B14,'Future Requirements'!$G:$G,R$11,'Future Requirements'!$B:$B,IF($C$3=\"\",\">=\"&$F$3,\">=\"&$C$3),'Future Requirements'!$B:$B,IF($C$4=\"\",\"<=\"&$F$4,\"<=\"&$C$4),'Future Requirements'!$J:$J,IF($C$5=\"Yes\",\"Yes\",IF($C$5=\"No\",\"No\",\"<>Luke\")),'Future Requirements'!$AC:$AC,IF($C$6=\"Agreed\",\"Agreed\",IF($C$6=\"C/Fwd\",\"C/Fwd\",\"<>Luke\")),'Future Requirements'!$AA:$AA,$I$4),0)+\nIF($J$5=\"Include\",SUMIFS('Future Requirements'!$O:$O,'Future Requirements'!$D:$D,$B14,'Future Requirements'!$G:$G,R$11,'Future Requirements'!$B:$B,IF($C$3=\"\",\">=\"&$F$3,\">=\"&$C$3),'Future Requirements'!$B:$B,IF($C$4=\"\",\"<=\"&$F$4,\"<=\"&$C$4),'Future Requirements'!$J:$J,IF($C$5=\"Yes\",\"Yes\",IF($C$5=\"No\",\"No\",\"<>Luke\")),'Future Requirements'!$AC:$AC,IF($C$6=\"Agreed\",\"Agreed\",IF($C$6=\"C/Fwd\",\"C/Fwd\",\"<>Luke\")),'Future Requirements'!$AA:$AA,$I$5),0)+\nIF($J$6=\"Include\",SUMIFS('Future Requirements'!$O:$O,'Future Requirements'!$D:$D,$B14,'Future Requirements'!$G:$G,R$11,'Future Requirements'!$B:$B,IF($C$3=\"\",\">=\"&$F$3,\">=\"&$C$3),'Future Requirements'!$B:$B,IF($C$4=\"\",\"<=\"&$F$4,\"<=\"&$C$4),'Future Requirements'!$J:$J,IF($C$5=\"Yes\",\"Yes\",IF($C$5=\"No\",\"No\",\"<>Luke\")),'Future Requirements'!$AC:$AC,IF($C$6=\"Agreed\",\"Agreed\",IF($C$6=\"C/Fwd\",\"C/Fwd\",\"<>Luke\")),'Future Requirements'!$AA:$AA,$I$6),0)+\nIF($J$7=\"Include\",SUMIFS('Future Requirements'!$O:$O,'Future Requirements'!$D:$D,$B14,'Future Requirements'!$G:$G,R$11,'Future Requirements'!$B:$B,IF($C$3=\"\",\">=\"&$F$3,\">=\"&$C$3),'Future Requirements'!$B:$B,IF($C$4=\"\",\"<=\"&$F$4,\"<=\"&$C$4),'Future Requirements'!$J:$J,IF($C$5=\"Yes\",\"Yes\",IF($C$5=\"No\",\"No\",\"<>Luke\")),'Future Requirements'!$AC:$AC,IF($C$6=\"Agreed\",\"Agreed\",IF($C$6=\"C/Fwd\",\"C/Fwd\",\"<>Luke\")),'Future Requirements'!$AA:$AA,$I$7),0)","v":0},{"$f":"IF($J$3=\"Include\",SUMIFS('Future Requirements'!$O:$O,'Future Requirements'!$D:$D,$B14,'Future Requirements'!$G:$G,S$11,'Future Requirements'!$B:$B,IF($C$3=\"\",\">=\"&$F$3,\">=\"&$C$3),'Future Requirements'!$B:$B,IF($C$4=\"\",\"<=\"&$F$4,\"<=\"&$C$4),'Future Requirements'!$J:$J,IF($C$5=\"Yes\",\"Yes\",IF($C$5=\"No\",\"No\",\"<>Luke\")),'Future Requirements'!$AC:$AC,IF($C$6=\"Agreed\",\"Agreed\",IF($C$6=\"C/Fwd\",\"C/Fwd\",\"<>Luke\")),'Future Requirements'!$AA:$AA,$I$3),0)+\nIF($J$4=\"Include\",SUMIFS('Future Requirements'!$O:$O,'Future Requirements'!$D:$D,$B14,'Future Requirements'!$G:$G,S$11,'Future Requirements'!$B:$B,IF($C$3=\"\",\">=\"&$F$3,\">=\"&$C$3),'Future Requirements'!$B:$B,IF($C$4=\"\",\"<=\"&$F$4,\"<=\"&$C$4),'Future Requirements'!$J:$J,IF($C$5=\"Yes\",\"Yes\",IF($C$5=\"No\",\"No\",\"<>Luke\")),'Future Requirements'!$AC:$AC,IF($C$6=\"Agreed\",\"Agreed\",IF($C$6=\"C/Fwd\",\"C/Fwd\",\"<>Luke\")),'Future Requirements'!$AA:$AA,$I$4),0)+\nIF($J$5=\"Include\",SUMIFS('Future Requirements'!$O:$O,'Future Requirements'!$D:$D,$B14,'Future Requirements'!$G:$G,S$11,'Future Requirements'!$B:$B,IF($C$3=\"\",\">=\"&$F$3,\">=\"&$C$3),'Future Requirements'!$B:$B,IF($C$4=\"\",\"<=\"&$F$4,\"<=\"&$C$4),'Future Requirements'!$J:$J,IF($C$5=\"Yes\",\"Yes\",IF($C$5=\"No\",\"No\",\"<>Luke\")),'Future Requirements'!$AC:$AC,IF($C$6=\"Agreed\",\"Agreed\",IF($C$6=\"C/Fwd\",\"C/Fwd\",\"<>Luke\")),'Future Requirements'!$AA:$AA,$I$5),0)+\nIF($J$6=\"Include\",SUMIFS('Future Requirements'!$O:$O,'Future Requirements'!$D:$D,$B14,'Future Requirements'!$G:$G,S$11,'Future Requirements'!$B:$B,IF($C$3=\"\",\">=\"&$F$3,\">=\"&$C$3),'Future Requirements'!$B:$B,IF($C$4=\"\",\"<=\"&$F$4,\"<=\"&$C$4),'Future Requirements'!$J:$J,IF($C$5=\"Yes\",\"Yes\",IF($C$5=\"No\",\"No\",\"<>Luke\")),'Future Requirements'!$AC:$AC,IF($C$6=\"Agreed\",\"Agreed\",IF($C$6=\"C/Fwd\",\"C/Fwd\",\"<>Luke\")),'Future Requirements'!$AA:$AA,$I$6),0)+\nIF($J$7=\"Include\",SUMIFS('Future Requirements'!$O:$O,'Future Requirements'!$D:$D,$B14,'Future Requirements'!$G:$G,S$11,'Future Requirements'!$B:$B,IF($C$3=\"\",\">=\"&$F$3,\">=\"&$C$3),'Future Requirements'!$B:$B,IF($C$4=\"\",\"<=\"&$F$4,\"<=\"&$C$4),'Future Requirements'!$J:$J,IF($C$5=\"Yes\",\"Yes\",IF($C$5=\"No\",\"No\",\"<>Luke\")),'Future Requirements'!$AC:$AC,IF($C$6=\"Agreed\",\"Agreed\",IF($C$6=\"C/Fwd\",\"C/Fwd\",\"<>Luke\")),'Future Requirements'!$AA:$AA,$I$7),0)","v":0},0]
[null,"Illuminated",{"$f":"IF($J$3=\"Include\",SUMIFS('Future Requirements'!$O:$O,'Future Requirements'!$D:$D,$B15,'Future Requirements'!$G:$G,C$11,'Future Requirements'!$B:$B,IF($C$3=\"\",\">=\"&$F$3,\">=\"&$C$3),'Future Requirements'!$B:$B,IF($C$4=\"\",\"<=\"&$F$4,\"<=\"&$C$4),'Future Requirements'!$J:$J,IF($C$5=\"Yes\",\"Yes\",IF($C$5=\"No\",\"No\",\"<>Luke\")),'Future Requirements'!$AC:$AC,IF($C$6=\"Agreed\",\"Agreed\",IF($C$6=\"C/Fwd\",\"C/Fwd\",\"<>Luke\")),'Future Requirements'!$AA:$AA,$I$3),0)+\nIF($J$4=\"Include\",SUMIFS('Future Requirements'!$O:$O,'Future Requirements'!$D:$D,$B15,'Future Requirements'!$G:$G,C$11,'Future Requirements'!$B:$B,IF($C$3=\"\",\">=\"&$F$3,\">=\"&$C$3),'Future Requirements'!$B:$B,IF($C$4=\"\",\"<=\"&$F$4,\"<=\"&$C$4),'Future Requirements'!$J:$J,IF($C$5=\"Yes\",\"Yes\",IF($C$5=\"No\",\"No\",\"<>Luke\")),'Future Requirements'!$AC:$AC,IF($C$6=\"Agreed\",\"Agreed\",IF($C$6=\"C/Fwd\",\"C/Fwd\",\"<>Luke\")),'Future Requirements'!$AA:$AA,$I$4),0)+\nIF($J$5=\"Include\",SUMIFS('Future Requirements'!$O:$O,'Future Requirements'!$D:$D,$B15,'Future Requirements'!$G:$G,C$11,'Future Requirements'!$B:$B,IF($C$3=\"\",\">=\"&$F$3,\">=\"&$C$3),'Future Requirements'!$B:$B,IF($C$4=\"\",\"<=\"&$F$4,\"<=\"&$C$4),'Future Requirements'!$J:$J,IF($C$5=\"Yes\",\"Yes\",IF($C$5=\"No\",\"No\",\"<>Luke\")),'Future Requirements'!$AC:$AC,IF($C$6=\"Agreed\",\"Agreed\",IF($C$6=\"C/Fwd\",\"C/Fwd\",\"<>Luke\")),'Future Requirements'!$AA:$AA,$I$5),0)+\nIF($J$6=\"Include\",SUMIFS('Future Requirements'!$O:$O,'Future Requirements'!$D:$D,$B15,'Future Requirements'!$G:$G,C$11,'Future Requirements'!$B:$B,IF($C$3=\"\",\">=\"&$F$3,\">=\"&$C$3),'Future Requirements'!$B:$B,IF($C$4=\"\",\"<=\"&$F$4,\"<=\"&$C$4),'Future Requirements'!$J:$J,IF($C$5=\"Yes\",\"Yes\",IF($C$5=\"No\",\"No\",\"<>Luke\")),'Future Requirements'!$AC:$AC,IF($C$6=\"Agreed\",\"Agreed\",IF($C$6=\"C/Fwd\",\"C/Fwd\",\"<>Luke\")),'Future Requirements'!$AA:$AA,$I$6),0)+\nIF($J$7=\"Include\",SUMIFS('Future Requirements'!$O:$O,'Future Requirements'!$D:$D,$B15,'Future Requirements'!$G:$G,C$11,'Future Requirements'!$B:$B,IF($C$3=\"\",\">=\"&$F$3,\">=\"&$C$3),'Future Requirements'!$B:$B,IF($C$4=\"\",\"<=\"&$F$4,\"<=\"&$C$4),'Future Requirements'!$J:$J,IF($C$5=\"Yes\",\"Yes\",IF($C$5=\"No\",\"No\",\"<>Luke\")),'Future Requirements'!$AC:$AC,IF($C$6=\"Agreed\",\"Agreed\",IF($C$6=\"C/Fwd\",\"C/Fwd\",\"<>Luke\")),'Future Requirements'!$AA:$AA,$I$7),0)","v":0},{"$f":"IF($J$3=\"Include\",SUMIFS('Future Requirements'!$O:$O,'Future Requirements'!$D:$D,$B15,'Future Requirements'!$G:$G,D$11,'Future Requirements'!$B:$B,IF($C$3=\"\",\">=\"&$F$3,\">=\"&$C$3),'Future Requirements'!$B:$B,IF($C$4=\"\",\"<=\"&$F$4,\"<=\"&$C$4),'Future Requirements'!$J:$J,IF($C$5=\"Yes\",\"Yes\",IF($C$5=\"No\",\"No\",\"<>Luke\")),'Future Requirements'!$AC:$AC,IF($C$6=\"Agreed\",\"Agreed\",IF($C$6=\"C/Fwd\",\"C/Fwd\",\"<>Luke\")),'Future Requirements'!$AA:$AA,$I$3),0)+\nIF($J$4=\"Include\",SUMIFS('Future Requirements'!$O:$O,'Future Requirements'!$D:$D,$B15,'Future Requirements'!$G:$G,D$11,'Future Requirements'!$B:$B,IF($C$3=\"\",\">=\"&$F$3,\">=\"&$C$3),'Future Requirements'!$B:$B,IF($C$4=\"\",\"<=\"&$F$4,\"<=\"&$C$4),'Future Requirements'!$J:$J,IF($C$5=\"Yes\",\"Yes\",IF($C$5=\"No\",\"No\",\"<>Luke\")),'Future Requirements'!$AC:$AC,IF($C$6=\"Agreed\",\"Agreed\",IF($C$6=\"C/Fwd\",\"C/Fwd\",\"<>Luke\")),'Future Requirements'!$AA:$AA,$I$4),0)+\nIF($J$5=\"Include\",SUMIFS('Future Requirements'!$O:$O,'Future Requirements'!$D:$D,$B15,'Future Requirements'!$G:$G,D$11,'Future Requirements'!$B:$B,IF($C$3=\"\",\">=\"&$F$3,\">=\"&$C$3),'Future Requirements'!$B:$B,IF($C$4=\"\",\"<=\"&$F$4,\"<=\"&$C$4),'Future Requirements'!$J:$J,IF($C$5=\"Yes\",\"Yes\",IF($C$5=\"No\",\"No\",\"<>Luke\")),'Future Requirements'!$AC:$AC,IF($C$6=\"Agreed\",\"Agreed\",IF($C$6=\"C/Fwd\",\"C/Fwd\",\"<>Luke\")),'Future Requirements'!$AA:$AA,$I$5),0)+\nIF($J$6=\"Include\",SUMIFS('Future Requirements'!$O:$O,'Future Requirements'!$D:$D,$B15,'Future Requirements'!$G:$G,D$11,'Future Requirements'!$B:$B,IF($C$3=\"\",\">=\"&$F$3,\">=\"&$C$3),'Future Requirements'!$B:$B,IF($C$4=\"\",\"<=\"&$F$4,\"<=\"&$C$4),'Future Requirements'!$J:$J,IF($C$5=\"Yes\",\"Yes\",IF($C$5=\"No\",\"No\",\"<>Luke\")),'Future Requirements'!$AC:$AC,IF($C$6=\"Agreed\",\"Agreed\",IF($C$6=\"C/Fwd\",\"C/Fwd\",\"<>Luke\")),'Future Requirements'!$AA:$AA,$I$6),0)+\nIF($J$7=\"Include\",SUMIFS('Future Requirements'!$O:$O,'Future Requirements'!$D:$D,$B15,'Future Requirements'!$G:$G,D$11,'Future Requirements'!$B:$B,IF($C$3=\"\",\">=\"&$F$3,\">=\"&$C$3),'Future Requirements'!$B:$B,IF($C$4=\"\",\"<=\"&$F$4,\"<=\"&$C$4),'Future Requirements'!$J:$J,IF($C$5=\"Yes\",\"Yes\",IF($C$5=\"No\",\"No\",\"<>Luke\")),'Future Requirements'!$AC:$AC,IF($C$6=\"Agreed\",\"Agreed\",IF($C$6=\"C/Fwd\",\"C/Fwd\",\"<>Luke\")),'Future Requirements'!$AA:$AA,$I$7),0)","v":0},{"$f":"IF($J$3=\"Include\",SUMIFS('Future Requirements'!$O:$O,'Future Requirements'!$D:$D,$B15,'Future Requirements'!$G:$G,E$11,'Future Requirements'!$B:$B,IF($C$3=\"\",\">=\"&$F$3,\">=\"&$C$3),'Future Requirements'!$B:$B,IF($C$4=\"\",\"<=\"&$F$4,\"<=\"&$C$4),'Future Requirements'!$J:$J,IF($C$5=\"Yes\",\"Yes\",IF($C$5=\"No\",\"No\",\"<>Luke\")),'Future Requirements'!$AC:$AC,IF($C$6=\"Agreed\",\"Agreed\",IF($C$6=\"C/Fwd\",\"C/Fwd\",\"<>Luke\")),'Future Requirements'!$AA:$AA,$I$3),0)+\nIF($J$4=\"Include\",SUMIFS('Future Requirements'!$O:$O,'Future Requirements'!$D:$D,$B15,'Future Requirements'!$G:$G,E$11,'Future Requirements'!$B:$B,IF($C$3=\"\",\">=\"&$F$3,\">=\"&$C$3),'Future Requirements'!$B:$B,IF($C$4=\"\",\"<=\"&$F$4,\"<=\"&$C$4),'Future Requirements'!$J:$J,IF($C$5=\"Yes\",\"Yes\",IF($C$5=\"No\",\"No\",\"<>Luke\")),'Future Requirements'!$AC:$AC,IF($C$6=\"Agreed\",\"Agreed\",IF($C$6=\"C/Fwd\",\"C/Fwd\",\"<>Luke\")),'Future Requirements'!$AA:$AA,$I$4),0)+\nIF($J$5=\"Include\",SUMIFS('Future Requirements'!$O:$O,'Future Requirements'!$D:$D,$B15,'Future Requirements'!$G:$G,E$11,'Future Requirements'!$B:$B,IF($C$3=\"\",\">=\"&$F$3,\">=\"&$C$3),'Future Requirements'!$B:$B,IF($C$4=\"\",\"<=\"&$F$4,\"<=\"&$C$4),'Future Requirements'!$J:$J,IF($C$5=\"Yes\",\"Yes\",IF($C$5=\"No\",\"No\",\"<>Luke\")),'Future Requirements'!$AC:$AC,IF($C$6=\"Agreed\",\"Agreed\",IF($C$6=\"C/Fwd\",\"C/Fwd\",\"<>Luke\")),'Future Requirements'!$AA:$AA,$I$5),0)+\nIF($J$6=\"Include\",SUMIFS('Future Requirements'!$O:$O,'Future Requirements'!$D:$D,$B15,'Future Requirements'!$G:$G,E$11,'Future Requirements'!$B:$B,IF($C$3=\"\",\">=\"&$F$3,\">=\"&$C$3),'Future Requirements'!$B:$B,IF($C$4=\"\",\"<=\"&$F$4,\"<=\"&$C$4),'Future Requirements'!$J:$J,IF($C$5=\"Yes\",\"Yes\",IF($C$5=\"No\",\"No\",\"<>Luke\")),'Future Requirements'!$AC:$AC,IF($C$6=\"Agreed\",\"Agreed\",IF($C$6=\"C/Fwd\",\"C/Fwd\",\"<>Luke\")),'Future Requirements'!$AA:$AA,$I$6),0)+\nIF($J$7=\"Include\",SUMIFS('Future Requirements'!$O:$O,'Future Requirements'!$D:$D,$B15,'Future Requirements'!$G:$G,E$11,'Future Requirements'!$B:$B,IF($C$3=\"\",\">=\"&$F$3,\">=\"&$C$3),'Future Requirements'!$B:$B,IF($C$4=\"\",\"<=\"&$F$4,\"<=\"&$C$4),'Future Requirements'!$J:$J,IF($C$5=\"Yes\",\"Yes\",IF($C$5=\"No\",\"No\",\"<>Luke\")),'Future Requirements'!$AC:$AC,IF($C$6=\"Agreed\",\"Agreed\",IF($C$6=\"C/Fwd\",\"C/Fwd\",\"<>Luke\")),'Future Requirements'!$AA:$AA,$I$7),0)","v":0},{"$f":"IF($J$3=\"Include\",SUMIFS('Future Requirements'!$O:$O,'Future Requirements'!$D:$D,$B15,'Future Requirements'!$G:$G,F$11,'Future Requirements'!$B:$B,IF($C$3=\"\",\">=\"&$F$3,\">=\"&$C$3),'Future Requirements'!$B:$B,IF($C$4=\"\",\"<=\"&$F$4,\"<=\"&$C$4),'Future Requirements'!$J:$J,IF($C$5=\"Yes\",\"Yes\",IF($C$5=\"No\",\"No\",\"<>Luke\")),'Future Requirements'!$AC:$AC,IF($C$6=\"Agreed\",\"Agreed\",IF($C$6=\"C/Fwd\",\"C/Fwd\",\"<>Luke\")),'Future Requirements'!$AA:$AA,$I$3),0)+\nIF($J$4=\"Include\",SUMIFS('Future Requirements'!$O:$O,'Future Requirements'!$D:$D,$B15,'Future Requirements'!$G:$G,F$11,'Future Requirements'!$B:$B,IF($C$3=\"\",\">=\"&$F$3,\">=\"&$C$3),'Future Requirements'!$B:$B,IF($C$4=\"\",\"<=\"&$F$4,\"<=\"&$C$4),'Future Requirements'!$J:$J,IF($C$5=\"Yes\",\"Yes\",IF($C$5=\"No\",\"No\",\"<>Luke\")),'Future Requirements'!$AC:$AC,IF($C$6=\"Agreed\",\"Agreed\",IF($C$6=\"C/Fwd\",\"C/Fwd\",\"<>Luke\")),'Future Requirements'!$AA:$AA,$I$4),0)+\nIF($J$5=\"Include\",SUMIFS('Future Requirements'!$O:$O,'Future Requirements'!$D:$D,$B15,'Future Requirements'!$G:$G,F$11,'Future Requirements'!$B:$B,IF($C$3=\"\",\">=\"&$F$3,\">=\"&$C$3),'Future Requirements'!$B:$B,IF($C$4=\"\",\"<=\"&$F$4,\"<=\"&$C$4),'Future Requirements'!$J:$J,IF($C$5=\"Yes\",\"Yes\",IF($C$5=\"No\",\"No\",\"<>Luke\")),'Future Requirements'!$AC:$AC,IF($C$6=\"Agreed\",\"Agreed\",IF($C$6=\"C/Fwd\",\"C/Fwd\",\"<>Luke\")),'Future Requirements'!$AA:$AA,$I$5),0)+\nIF($J$6=\"Include\",SUMIFS('Future Requirements'!$O:$O,'Future Requirements'!$D:$D,$B15,'Future Requirements'!$G:$G,F$11,'Future Requirements'!$B:$B,IF($C$3=\"\",\">=\"&$F$3,\">=\"&$C$3),'Future Requirements'!$B:$B,IF($C$4=\"\",\"<=\"&$F$4,\"<=\"&$C$4),'Future Requirements'!$J:$J,IF($C$5=\"Yes\",\"Yes\",IF($C$5=\"No\",\"No\",\"<>Luke\")),'Future Requirements'!$AC:$AC,IF($C$6=\"Agreed\",\"Agreed\",IF($C$6=\"C/Fwd\",\"C/Fwd\",\"<>Luke\")),'Future Requirements'!$AA:$AA,$I$6),0)+\nIF($J$7=\"Include\",SUMIFS('Future Requirements'!$O:$O,'Future Requirements'!$D:$D,$B15,'Future Requirements'!$G:$G,F$11,'Future Requirements'!$B:$B,IF($C$3=\"\",\">=\"&$F$3,\">=\"&$C$3),'Future Requirements'!$B:$B,IF($C$4=\"\",\"<=\"&$F$4,\"<=\"&$C$4),'Future Requirements'!$J:$J,IF($C$5=\"Yes\",\"Yes\",IF($C$5=\"No\",\"No\",\"<>Luke\")),'Future Requirements'!$AC:$AC,IF($C$6=\"Agreed\",\"Agreed\",IF($C$6=\"C/Fwd\",\"C/Fwd\",\"<>Luke\")),'Future Requirements'!$AA:$AA,$I$7),0)","v":0},{"$f":"IF($J$3=\"Include\",SUMIFS('Future Requirements'!$O:$O,'Future Requirements'!$D:$D,$B15,'Future Requirements'!$G:$G,G$11,'Future Requirements'!$B:$B,IF($C$3=\"\",\">=\"&$F$3,\">=\"&$C$3),'Future Requirements'!$B:$B,IF($C$4=\"\",\"<=\"&$F$4,\"<=\"&$C$4),'Future Requirements'!$J:$J,IF($C$5=\"Yes\",\"Yes\",IF($C$5=\"No\",\"No\",\"<>Luke\")),'Future Requirements'!$AC:$AC,IF($C$6=\"Agreed\",\"Agreed\",IF($C$6=\"C/Fwd\",\"C/Fwd\",\"<>Luke\")),'Future Requirements'!$AA:$AA,$I$3),0)+\nIF($J$4=\"Include\",SUMIFS('Future Requirements'!$O:$O,'Future Requirements'!$D:$D,$B15,'Future Requirements'!$G:$G,G$11,'Future Requirements'!$B:$B,IF($C$3=\"\",\">=\"&$F$3,\">=\"&$C$3),'Future Requirements'!$B:$B,IF($C$4=\"\",\"<=\"&$F$4,\"<=\"&$C$4),'Future Requirements'!$J:$J,IF($C$5=\"Yes\",\"Yes\",IF($C$5=\"No\",\"No\",\"<>Luke\")),'Future Requirements'!$AC:$AC,IF($C$6=\"Agreed\",\"Agreed\",IF($C$6=\"C/Fwd\",\"C/Fwd\",\"<>Luke\")),'Future Requirements'!$AA:$AA,$I$4),0)+\nIF($J$5=\"Include\",SUMIFS('Future Requirements'!$O:$O,'Future Requirements'!$D:$D,$B15,'Future Requirements'!$G:$G,G$11,'Future Requirements'!$B:$B,IF($C$3=\"\",\">=\"&$F$3,\">=\"&$C$3),'Future Requirements'!$B:$B,IF($C$4=\"\",\"<=\"&$F$4,\"<=\"&$C$4),'Future Requirements'!$J:$J,IF($C$5=\"Yes\",\"Yes\",IF($C$5=\"No\",\"No\",\"<>Luke\")),'Future Requirements'!$AC:$AC,IF($C$6=\"Agreed\",\"Agreed\",IF($C$6=\"C/Fwd\",\"C/Fwd\",\"<>Luke\")),'Future Requirements'!$AA:$AA,$I$5),0)+\nIF($J$6=\"Include\",SUMIFS('Future Requirements'!$O:$O,'Future Requirements'!$D:$D,$B15,'Future Requirements'!$G:$G,G$11,'Future Requirements'!$B:$B,IF($C$3=\"\",\">=\"&$F$3,\">=\"&$C$3),'Future Requirements'!$B:$B,IF($C$4=\"\",\"<=\"&$F$4,\"<=\"&$C$4),'Future Requirements'!$J:$J,IF($C$5=\"Yes\",\"Yes\",IF($C$5=\"No\",\"No\",\"<>Luke\")),'Future Requirements'!$AC:$AC,IF($C$6=\"Agreed\",\"Agreed\",IF($C$6=\"C/Fwd\",\"C/Fwd\",\"<>Luke\")),'Future Requirements'!$AA:$AA,$I$6),0)+\nIF($J$7=\"Include\",SUMIFS('Future Requirements'!$O:$O,'Future Requirements'!$D:$D,$B15,'Future Requirements'!$G:$G,G$11,'Future Requirements'!$B:$B,IF($C$3=\"\",\">=\"&$F$3,\">=\"&$C$3),'Future Requirements'!$B:$B,IF($C$4=\"\",\"<=\"&$F$4,\"<=\"&$C$4),'Future Requirements'!$J:$J,IF($C$5=\"Yes\",\"Yes\",IF($C$5=\"No\",\"No\",\"<>Luke\")),'Future Requirements'!$AC:$AC,IF($C$6=\"Agreed\",\"Agreed\",IF($C$6=\"C/Fwd\",\"C/Fwd\",\"<>Luke\")),'Future Requirements'!$AA:$AA,$I$7),0)","v":0},{"$f":"IF($J$3=\"Include\",SUMIFS('Future Requirements'!$O:$O,'Future Requirements'!$D:$D,$B15,'Future Requirements'!$G:$G,H$11,'Future Requirements'!$B:$B,IF($C$3=\"\",\">=\"&$F$3,\">=\"&$C$3),'Future Requirements'!$B:$B,IF($C$4=\"\",\"<=\"&$F$4,\"<=\"&$C$4),'Future Requirements'!$J:$J,IF($C$5=\"Yes\",\"Yes\",IF($C$5=\"No\",\"No\",\"<>Luke\")),'Future Requirements'!$AC:$AC,IF($C$6=\"Agreed\",\"Agreed\",IF($C$6=\"C/Fwd\",\"C/Fwd\",\"<>Luke\")),'Future Requirements'!$AA:$AA,$I$3),0)+\nIF($J$4=\"Include\",SUMIFS('Future Requirements'!$O:$O,'Future Requirements'!$D:$D,$B15,'Future Requirements'!$G:$G,H$11,'Future Requirements'!$B:$B,IF($C$3=\"\",\">=\"&$F$3,\">=\"&$C$3),'Future Requirements'!$B:$B,IF($C$4=\"\",\"<=\"&$F$4,\"<=\"&$C$4),'Future Requirements'!$J:$J,IF($C$5=\"Yes\",\"Yes\",IF($C$5=\"No\",\"No\",\"<>Luke\")),'Future Requirements'!$AC:$AC,IF($C$6=\"Agreed\",\"Agreed\",IF($C$6=\"C/Fwd\",\"C/Fwd\",\"<>Luke\")),'Future Requirements'!$AA:$AA,$I$4),0)+\nIF($J$5=\"Include\",SUMIFS('Future Requirements'!$O:$O,'Future Requirements'!$D:$D,$B15,'Future Requirements'!$G:$G,H$11,'Future Requirements'!$B:$B,IF($C$3=\"\",\">=\"&$F$3,\">=\"&$C$3),'Future Requirements'!$B:$B,IF($C$4=\"\",\"<=\"&$F$4,\"<=\"&$C$4),'Future Requirements'!$J:$J,IF($C$5=\"Yes\",\"Yes\",IF($C$5=\"No\",\"No\",\"<>Luke\")),'Future Requirements'!$AC:$AC,IF($C$6=\"Agreed\",\"Agreed\",IF($C$6=\"C/Fwd\",\"C/Fwd\",\"<>Luke\")),'Future Requirements'!$AA:$AA,$I$5),0)+\nIF($J$6=\"Include\",SUMIFS('Future Requirements'!$O:$O,'Future Requirements'!$D:$D,$B15,'Future Requirements'!$G:$G,H$11,'Future Requirements'!$B:$B,IF($C$3=\"\",\">=\"&$F$3,\">=\"&$C$3),'Future Requirements'!$B:$B,IF($C$4=\"\",\"<=\"&$F$4,\"<=\"&$C$4),'Future Requirements'!$J:$J,IF($C$5=\"Yes\",\"Yes\",IF($C$5=\"No\",\"No\",\"<>Luke\")),'Future Requirements'!$AC:$AC,IF($C$6=\"Agreed\",\"Agreed\",IF($C$6=\"C/Fwd\",\"C/Fwd\",\"<>Luke\")),'Future Requirements'!$AA:$AA,$I$6),0)+\nIF($J$7=\"Include\",SUMIFS('Future Requirements'!$O:$O,'Future Requirements'!$D:$D,$B15,'Future Requirements'!$G:$G,H$11,'Future Requirements'!$B:$B,IF($C$3=\"\",\">=\"&$F$3,\">=\"&$C$3),'Future Requirements'!$B:$B,IF($C$4=\"\",\"<=\"&$F$4,\"<=\"&$C$4),'Future Requirements'!$J:$J,IF($C$5=\"Yes\",\"Yes\",IF($C$5=\"No\",\"No\",\"<>Luke\")),'Future Requirements'!$AC:$AC,IF($C$6=\"Agreed\",\"Agreed\",IF($C$6=\"C/Fwd\",\"C/Fwd\",\"<>Luke\")),'Future Requirements'!$AA:$AA,$I$7),0)","v":0},{"$f":"IF($J$3=\"Include\",SUMIFS('Future Requirements'!$O:$O,'Future Requirements'!$D:$D,$B15,'Future Requirements'!$G:$G,I$11,'Future Requirements'!$B:$B,IF($C$3=\"\",\">=\"&$F$3,\">=\"&$C$3),'Future Requirements'!$B:$B,IF($C$4=\"\",\"<=\"&$F$4,\"<=\"&$C$4),'Future Requirements'!$J:$J,IF($C$5=\"Yes\",\"Yes\",IF($C$5=\"No\",\"No\",\"<>Luke\")),'Future Requirements'!$AC:$AC,IF($C$6=\"Agreed\",\"Agreed\",IF($C$6=\"C/Fwd\",\"C/Fwd\",\"<>Luke\")),'Future Requirements'!$AA:$AA,$I$3),0)+\nIF($J$4=\"Include\",SUMIFS('Future Requirements'!$O:$O,'Future Requirements'!$D:$D,$B15,'Future Requirements'!$G:$G,I$11,'Future Requirements'!$B:$B,IF($C$3=\"\",\">=\"&$F$3,\">=\"&$C$3),'Future Requirements'!$B:$B,IF($C$4=\"\",\"<=\"&$F$4,\"<=\"&$C$4),'Future Requirements'!$J:$J,IF($C$5=\"Yes\",\"Yes\",IF($C$5=\"No\",\"No\",\"<>Luke\")),'Future Requirements'!$AC:$AC,IF($C$6=\"Agreed\",\"Agreed\",IF($C$6=\"C/Fwd\",\"C/Fwd\",\"<>Luke\")),'Future Requirements'!$AA:$AA,$I$4),0)+\nIF($J$5=\"Include\",SUMIFS('Future Requirements'!$O:$O,'Future Requirements'!$D:$D,$B15,'Future Requirements'!$G:$G,I$11,'Future Requirements'!$B:$B,IF($C$3=\"\",\">=\"&$F$3,\">=\"&$C$3),'Future Requirements'!$B:$B,IF($C$4=\"\",\"<=\"&$F$4,\"<=\"&$C$4),'Future Requirements'!$J:$J,IF($C$5=\"Yes\",\"Yes\",IF($C$5=\"No\",\"No\",\"<>Luke\")),'Future Requirements'!$AC:$AC,IF($C$6=\"Agreed\",\"Agreed\",IF($C$6=\"C/Fwd\",\"C/Fwd\",\"<>Luke\")),'Future Requirements'!$AA:$AA,$I$5),0)+\nIF($J$6=\"Include\",SUMIFS('Future Requirements'!$O:$O,'Future Requirements'!$D:$D,$B15,'Future Requirements'!$G:$G,I$11,'Future Requirements'!$B:$B,IF($C$3=\"\",\">=\"&$F$3,\">=\"&$C$3),'Future Requirements'!$B:$B,IF($C$4=\"\",\"<=\"&$F$4,\"<=\"&$C$4),'Future Requirements'!$J:$J,IF($C$5=\"Yes\",\"Yes\",IF($C$5=\"No\",\"No\",\"<>Luke\")),'Future Requirements'!$AC:$AC,IF($C$6=\"Agreed\",\"Agreed\",IF($C$6=\"C/Fwd\",\"C/Fwd\",\"<>Luke\")),'Future Requirements'!$AA:$AA,$I$6),0)+\nIF($J$7=\"Include\",SUMIFS('Future Requirements'!$O:$O,'Future Requirements'!$D:$D,$B15,'Future Requirements'!$G:$G,I$11,'Future Requirements'!$B:$B,IF($C$3=\"\",\">=\"&$F$3,\">=\"&$C$3),'Future Requirements'!$B:$B,IF($C$4=\"\",\"<=\"&$F$4,\"<=\"&$C$4),'Future Requirements'!$J:$J,IF($C$5=\"Yes\",\"Yes\",IF($C$5=\"No\",\"No\",\"<>Luke\")),'Future Requirements'!$AC:$AC,IF($C$6=\"Agreed\",\"Agreed\",IF($C$6=\"C/Fwd\",\"C/Fwd\",\"<>Luke\")),'Future Requirements'!$AA:$AA,$I$7),0)","v":0},{"$f":"IF($J$3=\"Include\",SUMIFS('Future Requirements'!$O:$O,'Future Requirements'!$D:$D,$B15,'Future Requirements'!$G:$G,J$11,'Future Requirements'!$B:$B,IF($C$3=\"\",\">=\"&$F$3,\">=\"&$C$3),'Future Requirements'!$B:$B,IF($C$4=\"\",\"<=\"&$F$4,\"<=\"&$C$4),'Future Requirements'!$J:$J,IF($C$5=\"Yes\",\"Yes\",IF($C$5=\"No\",\"No\",\"<>Luke\")),'Future Requirements'!$AC:$AC,IF($C$6=\"Agreed\",\"Agreed\",IF($C$6=\"C/Fwd\",\"C/Fwd\",\"<>Luke\")),'Future Requirements'!$AA:$AA,$I$3),0)+\nIF($J$4=\"Include\",SUMIFS('Future Requirements'!$O:$O,'Future Requirements'!$D:$D,$B15,'Future Requirements'!$G:$G,J$11,'Future Requirements'!$B:$B,IF($C$3=\"\",\">=\"&$F$3,\">=\"&$C$3),'Future Requirements'!$B:$B,IF($C$4=\"\",\"<=\"&$F$4,\"<=\"&$C$4),'Future Requirements'!$J:$J,IF($C$5=\"Yes\",\"Yes\",IF($C$5=\"No\",\"No\",\"<>Luke\")),'Future Requirements'!$AC:$AC,IF($C$6=\"Agreed\",\"Agreed\",IF($C$6=\"C/Fwd\",\"C/Fwd\",\"<>Luke\")),'Future Requirements'!$AA:$AA,$I$4),0)+\nIF($J$5=\"Include\",SUMIFS('Future Requirements'!$O:$O,'Future Requirements'!$D:$D,$B15,'Future Requirements'!$G:$G,J$11,'Future Requirements'!$B:$B,IF($C$3=\"\",\">=\"&$F$3,\">=\"&$C$3),'Future Requirements'!$B:$B,IF($C$4=\"\",\"<=\"&$F$4,\"<=\"&$C$4),'Future Requirements'!$J:$J,IF($C$5=\"Yes\",\"Yes\",IF($C$5=\"No\",\"No\",\"<>Luke\")),'Future Requirements'!$AC:$AC,IF($C$6=\"Agreed\",\"Agreed\",IF($C$6=\"C/Fwd\",\"C/Fwd\",\"<>Luke\")),'Future Requirements'!$AA:$AA,$I$5),0)+\nIF($J$6=\"Include\",SUMIFS('Future Requirements'!$O:$O,'Future Requirements'!$D:$D,$B15,'Future Requirements'!$G:$G,J$11,'Future Requirements'!$B:$B,IF($C$3=\"\",\">=\"&$F$3,\">=\"&$C$3),'Future Requirements'!$B:$B,IF($C$4=\"\",\"<=\"&$F$4,\"<=\"&$C$4),'Future Requirements'!$J:$J,IF($C$5=\"Yes\",\"Yes\",IF($C$5=\"No\",\"No\",\"<>Luke\")),'Future Requirements'!$AC:$AC,IF($C$6=\"Agreed\",\"Agreed\",IF($C$6=\"C/Fwd\",\"C/Fwd\",\"<>Luke\")),'Future Requirements'!$AA:$AA,$I$6),0)+\nIF($J$7=\"Include\",SUMIFS('Future Requirements'!$O:$O,'Future Requirements'!$D:$D,$B15,'Future Requirements'!$G:$G,J$11,'Future Requirements'!$B:$B,IF($C$3=\"\",\">=\"&$F$3,\">=\"&$C$3),'Future Requirements'!$B:$B,IF($C$4=\"\",\"<=\"&$F$4,\"<=\"&$C$4),'Future Requirements'!$J:$J,IF($C$5=\"Yes\",\"Yes\",IF($C$5=\"No\",\"No\",\"<>Luke\")),'Future Requirements'!$AC:$AC,IF($C$6=\"Agreed\",\"Agreed\",IF($C$6=\"C/Fwd\",\"C/Fwd\",\"<>Luke\")),'Future Requirements'!$AA:$AA,$I$7),0)","v":0},{"$f":"IF($J$3=\"Include\",SUMIFS('Future Requirements'!$O:$O,'Future Requirements'!$D:$D,$B15,'Future Requirements'!$G:$G,K$11,'Future Requirements'!$B:$B,IF($C$3=\"\",\">=\"&$F$3,\">=\"&$C$3),'Future Requirements'!$B:$B,IF($C$4=\"\",\"<=\"&$F$4,\"<=\"&$C$4),'Future Requirements'!$J:$J,IF($C$5=\"Yes\",\"Yes\",IF($C$5=\"No\",\"No\",\"<>Luke\")),'Future Requirements'!$AC:$AC,IF($C$6=\"Agreed\",\"Agreed\",IF($C$6=\"C/Fwd\",\"C/Fwd\",\"<>Luke\")),'Future Requirements'!$AA:$AA,$I$3),0)+\nIF($J$4=\"Include\",SUMIFS('Future Requirements'!$O:$O,'Future Requirements'!$D:$D,$B15,'Future Requirements'!$G:$G,K$11,'Future Requirements'!$B:$B,IF($C$3=\"\",\">=\"&$F$3,\">=\"&$C$3),'Future Requirements'!$B:$B,IF($C$4=\"\",\"<=\"&$F$4,\"<=\"&$C$4),'Future Requirements'!$J:$J,IF($C$5=\"Yes\",\"Yes\",IF($C$5=\"No\",\"No\",\"<>Luke\")),'Future Requirements'!$AC:$AC,IF($C$6=\"Agreed\",\"Agreed\",IF($C$6=\"C/Fwd\",\"C/Fwd\",\"<>Luke\")),'Future Requirements'!$AA:$AA,$I$4),0)+\nIF($J$5=\"Include\",SUMIFS('Future Requirements'!$O:$O,'Future Requirements'!$D:$D,$B15,'Future Requirements'!$G:$G,K$11,'Future Requirements'!$B:$B,IF($C$3=\"\",\">=\"&$F$3,\">=\"&$C$3),'Future Requirements'!$B:$B,IF($C$4=\"\",\"<=\"&$F$4,\"<=\"&$C$4),'Future Requirements'!$J:$J,IF($C$5=\"Yes\",\"Yes\",IF($C$5=\"No\",\"No\",\"<>Luke\")),'Future Requirements'!$AC:$AC,IF($C$6=\"Agreed\",\"Agreed\",IF($C$6=\"C/Fwd\",\"C/Fwd\",\"<>Luke\")),'Future Requirements'!$AA:$AA,$I$5),0)+\nIF($J$6=\"Include\",SUMIFS('Future Requirements'!$O:$O,'Future Requirements'!$D:$D,$B15,'Future Requirements'!$G:$G,K$11,'Future Requirements'!$B:$B,IF($C$3=\"\",\">=\"&$F$3,\">=\"&$C$3),'Future Requirements'!$B:$B,IF($C$4=\"\",\"<=\"&$F$4,\"<=\"&$C$4),'Future Requirements'!$J:$J,IF($C$5=\"Yes\",\"Yes\",IF($C$5=\"No\",\"No\",\"<>Luke\")),'Future Requirements'!$AC:$AC,IF($C$6=\"Agreed\",\"Agreed\",IF($C$6=\"C/Fwd\",\"C/Fwd\",\"<>Luke\")),'Future Requirements'!$AA:$AA,$I$6),0)+\nIF($J$7=\"Include\",SUMIFS('Future Requirements'!$O:$O,'Future Requirements'!$D:$D,$B15,'Future Requirements'!$G:$G,K$11,'Future Requirements'!$B:$B,IF($C$3=\"\",\">=\"&$F$3,\">=\"&$C$3),'Future Requirements'!$B:$B,IF($C$4=\"\",\"<=\"&$F$4,\"<=\"&$C$4),'Future Requirements'!$J:$J,IF($C$5=\"Yes\",\"Yes\",IF($C$5=\"No\",\"No\",\"<>Luke\")),'Future Requirements'!$AC:$AC,IF($C$6=\"Agreed\",\"Agreed\",IF($C$6=\"C/Fwd\",\"C/Fwd\",\"<>Luke\")),'Future Requirements'!$AA:$AA,$I$7),0)","v":0},{"$f":"IF($J$3=\"Include\",SUMIFS('Future Requirements'!$O:$O,'Future Requirements'!$D:$D,$B15,'Future Requirements'!$G:$G,L$11,'Future Requirements'!$B:$B,IF($C$3=\"\",\">=\"&$F$3,\">=\"&$C$3),'Future Requirements'!$B:$B,IF($C$4=\"\",\"<=\"&$F$4,\"<=\"&$C$4),'Future Requirements'!$J:$J,IF($C$5=\"Yes\",\"Yes\",IF($C$5=\"No\",\"No\",\"<>Luke\")),'Future Requirements'!$AC:$AC,IF($C$6=\"Agreed\",\"Agreed\",IF($C$6=\"C/Fwd\",\"C/Fwd\",\"<>Luke\")),'Future Requirements'!$AA:$AA,$I$3),0)+\nIF($J$4=\"Include\",SUMIFS('Future Requirements'!$O:$O,'Future Requirements'!$D:$D,$B15,'Future Requirements'!$G:$G,L$11,'Future Requirements'!$B:$B,IF($C$3=\"\",\">=\"&$F$3,\">=\"&$C$3),'Future Requirements'!$B:$B,IF($C$4=\"\",\"<=\"&$F$4,\"<=\"&$C$4),'Future Requirements'!$J:$J,IF($C$5=\"Yes\",\"Yes\",IF($C$5=\"No\",\"No\",\"<>Luke\")),'Future Requirements'!$AC:$AC,IF($C$6=\"Agreed\",\"Agreed\",IF($C$6=\"C/Fwd\",\"C/Fwd\",\"<>Luke\")),'Future Requirements'!$AA:$AA,$I$4),0)+\nIF($J$5=\"Include\",SUMIFS('Future Requirements'!$O:$O,'Future Requirements'!$D:$D,$B15,'Future Requirements'!$G:$G,L$11,'Future Requirements'!$B:$B,IF($C$3=\"\",\">=\"&$F$3,\">=\"&$C$3),'Future Requirements'!$B:$B,IF($C$4=\"\",\"<=\"&$F$4,\"<=\"&$C$4),'Future Requirements'!$J:$J,IF($C$5=\"Yes\",\"Yes\",IF($C$5=\"No\",\"No\",\"<>Luke\")),'Future Requirements'!$AC:$AC,IF($C$6=\"Agreed\",\"Agreed\",IF($C$6=\"C/Fwd\",\"C/Fwd\",\"<>Luke\")),'Future Requirements'!$AA:$AA,$I$5),0)+\nIF($J$6=\"Include\",SUMIFS('Future Requirements'!$O:$O,'Future Requirements'!$D:$D,$B15,'Future Requirements'!$G:$G,L$11,'Future Requirements'!$B:$B,IF($C$3=\"\",\">=\"&$F$3,\">=\"&$C$3),'Future Requirements'!$B:$B,IF($C$4=\"\",\"<=\"&$F$4,\"<=\"&$C$4),'Future Requirements'!$J:$J,IF($C$5=\"Yes\",\"Yes\",IF($C$5=\"No\",\"No\",\"<>Luke\")),'Future Requirements'!$AC:$AC,IF($C$6=\"Agreed\",\"Agreed\",IF($C$6=\"C/Fwd\",\"C/Fwd\",\"<>Luke\")),'Future Requirements'!$AA:$AA,$I$6),0)+\nIF($J$7=\"Include\",SUMIFS('Future Requirements'!$O:$O,'Future Requirements'!$D:$D,$B15,'Future Requirements'!$G:$G,L$11,'Future Requirements'!$B:$B,IF($C$3=\"\",\">=\"&$F$3,\">=\"&$C$3),'Future Requirements'!$B:$B,IF($C$4=\"\",\"<=\"&$F$4,\"<=\"&$C$4),'Future Requirements'!$J:$J,IF($C$5=\"Yes\",\"Yes\",IF($C$5=\"No\",\"No\",\"<>Luke\")),'Future Requirements'!$AC:$AC,IF($C$6=\"Agreed\",\"Agreed\",IF($C$6=\"C/Fwd\",\"C/Fwd\",\"<>Luke\")),'Future Requirements'!$AA:$AA,$I$7),0)","v":0},{"$f":"IF($J$3=\"Include\",SUMIFS('Future Requirements'!$O:$O,'Future Requirements'!$D:$D,$B15,'Future Requirements'!$G:$G,M$11,'Future Requirements'!$B:$B,IF($C$3=\"\",\">=\"&$F$3,\">=\"&$C$3),'Future Requirements'!$B:$B,IF($C$4=\"\",\"<=\"&$F$4,\"<=\"&$C$4),'Future Requirements'!$J:$J,IF($C$5=\"Yes\",\"Yes\",IF($C$5=\"No\",\"No\",\"<>Luke\")),'Future Requirements'!$AC:$AC,IF($C$6=\"Agreed\",\"Agreed\",IF($C$6=\"C/Fwd\",\"C/Fwd\",\"<>Luke\")),'Future Requirements'!$AA:$AA,$I$3),0)+\nIF($J$4=\"Include\",SUMIFS('Future Requirements'!$O:$O,'Future Requirements'!$D:$D,$B15,'Future Requirements'!$G:$G,M$11,'Future Requirements'!$B:$B,IF($C$3=\"\",\">=\"&$F$3,\">=\"&$C$3),'Future Requirements'!$B:$B,IF($C$4=\"\",\"<=\"&$F$4,\"<=\"&$C$4),'Future Requirements'!$J:$J,IF($C$5=\"Yes\",\"Yes\",IF($C$5=\"No\",\"No\",\"<>Luke\")),'Future Requirements'!$AC:$AC,IF($C$6=\"Agreed\",\"Agreed\",IF($C$6=\"C/Fwd\",\"C/Fwd\",\"<>Luke\")),'Future Requirements'!$AA:$AA,$I$4),0)+\nIF($J$5=\"Include\",SUMIFS('Future Requirements'!$O:$O,'Future Requirements'!$D:$D,$B15,'Future Requirements'!$G:$G,M$11,'Future Requirements'!$B:$B,IF($C$3=\"\",\">=\"&$F$3,\">=\"&$C$3),'Future Requirements'!$B:$B,IF($C$4=\"\",\"<=\"&$F$4,\"<=\"&$C$4),'Future Requirements'!$J:$J,IF($C$5=\"Yes\",\"Yes\",IF($C$5=\"No\",\"No\",\"<>Luke\")),'Future Requirements'!$AC:$AC,IF($C$6=\"Agreed\",\"Agreed\",IF($C$6=\"C/Fwd\",\"C/Fwd\",\"<>Luke\")),'Future Requirements'!$AA:$AA,$I$5),0)+\nIF($J$6=\"Include\",SUMIFS('Future Requirements'!$O:$O,'Future Requirements'!$D:$D,$B15,'Future Requirements'!$G:$G,M$11,'Future Requirements'!$B:$B,IF($C$3=\"\",\">=\"&$F$3,\">=\"&$C$3),'Future Requirements'!$B:$B,IF($C$4=\"\",\"<=\"&$F$4,\"<=\"&$C$4),'Future Requirements'!$J:$J,IF($C$5=\"Yes\",\"Yes\",IF($C$5=\"No\",\"No\",\"<>Luke\")),'Future Requirements'!$AC:$AC,IF($C$6=\"Agreed\",\"Agreed\",IF($C$6=\"C/Fwd\",\"C/Fwd\",\"<>Luke\")),'Future Requirements'!$AA:$AA,$I$6),0)+\nIF($J$7=\"Include\",SUMIFS('Future Requirements'!$O:$O,'Future Requirements'!$D:$D,$B15,'Future Requirements'!$G:$G,M$11,'Future Requirements'!$B:$B,IF($C$3=\"\",\">=\"&$F$3,\">=\"&$C$3),'Future Requirements'!$B:$B,IF($C$4=\"\",\"<=\"&$F$4,\"<=\"&$C$4),'Future Requirements'!$J:$J,IF($C$5=\"Yes\",\"Yes\",IF($C$5=\"No\",\"No\",\"<>Luke\")),'Future Requirements'!$AC:$AC,IF($C$6=\"Agreed\",\"Agreed\",IF($C$6=\"C/Fwd\",\"C/Fwd\",\"<>Luke\")),'Future Requirements'!$AA:$AA,$I$7),0)","v":0},{"$f":"IF($J$3=\"Include\",SUMIFS('Future Requirements'!$O:$O,'Future Requirements'!$D:$D,$B15,'Future Requirements'!$G:$G,N$11,'Future Requirements'!$B:$B,IF($C$3=\"\",\">=\"&$F$3,\">=\"&$C$3),'Future Requirements'!$B:$B,IF($C$4=\"\",\"<=\"&$F$4,\"<=\"&$C$4),'Future Requirements'!$J:$J,IF($C$5=\"Yes\",\"Yes\",IF($C$5=\"No\",\"No\",\"<>Luke\")),'Future Requirements'!$AC:$AC,IF($C$6=\"Agreed\",\"Agreed\",IF($C$6=\"C/Fwd\",\"C/Fwd\",\"<>Luke\")),'Future Requirements'!$AA:$AA,$I$3),0)+\nIF($J$4=\"Include\",SUMIFS('Future Requirements'!$O:$O,'Future Requirements'!$D:$D,$B15,'Future Requirements'!$G:$G,N$11,'Future Requirements'!$B:$B,IF($C$3=\"\",\">=\"&$F$3,\">=\"&$C$3),'Future Requirements'!$B:$B,IF($C$4=\"\",\"<=\"&$F$4,\"<=\"&$C$4),'Future Requirements'!$J:$J,IF($C$5=\"Yes\",\"Yes\",IF($C$5=\"No\",\"No\",\"<>Luke\")),'Future Requirements'!$AC:$AC,IF($C$6=\"Agreed\",\"Agreed\",IF($C$6=\"C/Fwd\",\"C/Fwd\",\"<>Luke\")),'Future Requirements'!$AA:$AA,$I$4),0)+\nIF($J$5=\"Include\",SUMIFS('Future Requirements'!$O:$O,'Future Requirements'!$D:$D,$B15,'Future Requirements'!$G:$G,N$11,'Future Requirements'!$B:$B,IF($C$3=\"\",\">=\"&$F$3,\">=\"&$C$3),'Future Requirements'!$B:$B,IF($C$4=\"\",\"<=\"&$F$4,\"<=\"&$C$4),'Future Requirements'!$J:$J,IF($C$5=\"Yes\",\"Yes\",IF($C$5=\"No\",\"No\",\"<>Luke\")),'Future Requirements'!$AC:$AC,IF($C$6=\"Agreed\",\"Agreed\",IF($C$6=\"C/Fwd\",\"C/Fwd\",\"<>Luke\")),'Future Requirements'!$AA:$AA,$I$5),0)+\nIF($J$6=\"Include\",SUMIFS('Future Requirements'!$O:$O,'Future Requirements'!$D:$D,$B15,'Future Requirements'!$G:$G,N$11,'Future Requirements'!$B:$B,IF($C$3=\"\",\">=\"&$F$3,\">=\"&$C$3),'Future Requirements'!$B:$B,IF($C$4=\"\",\"<=\"&$F$4,\"<=\"&$C$4),'Future Requirements'!$J:$J,IF($C$5=\"Yes\",\"Yes\",IF($C$5=\"No\",\"No\",\"<>Luke\")),'Future Requirements'!$AC:$AC,IF($C$6=\"Agreed\",\"Agreed\",IF($C$6=\"C/Fwd\",\"C/Fwd\",\"<>Luke\")),'Future Requirements'!$AA:$AA,$I$6),0)+\nIF($J$7=\"Include\",SUMIFS('Future Requirements'!$O:$O,'Future Requirements'!$D:$D,$B15,'Future Requirements'!$G:$G,N$11,'Future Requirements'!$B:$B,IF($C$3=\"\",\">=\"&$F$3,\">=\"&$C$3),'Future Requirements'!$B:$B,IF($C$4=\"\",\"<=\"&$F$4,\"<=\"&$C$4),'Future Requirements'!$J:$J,IF($C$5=\"Yes\",\"Yes\",IF($C$5=\"No\",\"No\",\"<>Luke\")),'Future Requirements'!$AC:$AC,IF($C$6=\"Agreed\",\"Agreed\",IF($C$6=\"C/Fwd\",\"C/Fwd\",\"<>Luke\")),'Future Requirements'!$AA:$AA,$I$7),0)","v":0},{"$f":"IF($J$3=\"Include\",SUMIFS('Future Requirements'!$O:$O,'Future Requirements'!$D:$D,$B15,'Future Requirements'!$G:$G,O$11,'Future Requirements'!$B:$B,IF($C$3=\"\",\">=\"&$F$3,\">=\"&$C$3),'Future Requirements'!$B:$B,IF($C$4=\"\",\"<=\"&$F$4,\"<=\"&$C$4),'Future Requirements'!$J:$J,IF($C$5=\"Yes\",\"Yes\",IF($C$5=\"No\",\"No\",\"<>Luke\")),'Future Requirements'!$AC:$AC,IF($C$6=\"Agreed\",\"Agreed\",IF($C$6=\"C/Fwd\",\"C/Fwd\",\"<>Luke\")),'Future Requirements'!$AA:$AA,$I$3),0)+\nIF($J$4=\"Include\",SUMIFS('Future Requirements'!$O:$O,'Future Requirements'!$D:$D,$B15,'Future Requirements'!$G:$G,O$11,'Future Requirements'!$B:$B,IF($C$3=\"\",\">=\"&$F$3,\">=\"&$C$3),'Future Requirements'!$B:$B,IF($C$4=\"\",\"<=\"&$F$4,\"<=\"&$C$4),'Future Requirements'!$J:$J,IF($C$5=\"Yes\",\"Yes\",IF($C$5=\"No\",\"No\",\"<>Luke\")),'Future Requirements'!$AC:$AC,IF($C$6=\"Agreed\",\"Agreed\",IF($C$6=\"C/Fwd\",\"C/Fwd\",\"<>Luke\")),'Future Requirements'!$AA:$AA,$I$4),0)+\nIF($J$5=\"Include\",SUMIFS('Future Requirements'!$O:$O,'Future Requirements'!$D:$D,$B15,'Future Requirements'!$G:$G,O$11,'Future Requirements'!$B:$B,IF($C$3=\"\",\">=\"&$F$3,\">=\"&$C$3),'Future Requirements'!$B:$B,IF($C$4=\"\",\"<=\"&$F$4,\"<=\"&$C$4),'Future Requirements'!$J:$J,IF($C$5=\"Yes\",\"Yes\",IF($C$5=\"No\",\"No\",\"<>Luke\")),'Future Requirements'!$AC:$AC,IF($C$6=\"Agreed\",\"Agreed\",IF($C$6=\"C/Fwd\",\"C/Fwd\",\"<>Luke\")),'Future Requirements'!$AA:$AA,$I$5),0)+\nIF($J$6=\"Include\",SUMIFS('Future Requirements'!$O:$O,'Future Requirements'!$D:$D,$B15,'Future Requirements'!$G:$G,O$11,'Future Requirements'!$B:$B,IF($C$3=\"\",\">=\"&$F$3,\">=\"&$C$3),'Future Requirements'!$B:$B,IF($C$4=\"\",\"<=\"&$F$4,\"<=\"&$C$4),'Future Requirements'!$J:$J,IF($C$5=\"Yes\",\"Yes\",IF($C$5=\"No\",\"No\",\"<>Luke\")),'Future Requirements'!$AC:$AC,IF($C$6=\"Agreed\",\"Agreed\",IF($C$6=\"C/Fwd\",\"C/Fwd\",\"<>Luke\")),'Future Requirements'!$AA:$AA,$I$6),0)+\nIF($J$7=\"Include\",SUMIFS('Future Requirements'!$O:$O,'Future Requirements'!$D:$D,$B15,'Future Requirements'!$G:$G,O$11,'Future Requirements'!$B:$B,IF($C$3=\"\",\">=\"&$F$3,\">=\"&$C$3),'Future Requirements'!$B:$B,IF($C$4=\"\",\"<=\"&$F$4,\"<=\"&$C$4),'Future Requirements'!$J:$J,IF($C$5=\"Yes\",\"Yes\",IF($C$5=\"No\",\"No\",\"<>Luke\")),'Future Requirements'!$AC:$AC,IF($C$6=\"Agreed\",\"Agreed\",IF($C$6=\"C/Fwd\",\"C/Fwd\",\"<>Luke\")),'Future Requirements'!$AA:$AA,$I$7),0)","v":0},{"$f":"IF($J$3=\"Include\",SUMIFS('Future Requirements'!$O:$O,'Future Requirements'!$D:$D,$B15,'Future Requirements'!$G:$G,P$11,'Future Requirements'!$B:$B,IF($C$3=\"\",\">=\"&$F$3,\">=\"&$C$3),'Future Requirements'!$B:$B,IF($C$4=\"\",\"<=\"&$F$4,\"<=\"&$C$4),'Future Requirements'!$J:$J,IF($C$5=\"Yes\",\"Yes\",IF($C$5=\"No\",\"No\",\"<>Luke\")),'Future Requirements'!$AC:$AC,IF($C$6=\"Agreed\",\"Agreed\",IF($C$6=\"C/Fwd\",\"C/Fwd\",\"<>Luke\")),'Future Requirements'!$AA:$AA,$I$3),0)+\nIF($J$4=\"Include\",SUMIFS('Future Requirements'!$O:$O,'Future Requirements'!$D:$D,$B15,'Future Requirements'!$G:$G,P$11,'Future Requirements'!$B:$B,IF($C$3=\"\",\">=\"&$F$3,\">=\"&$C$3),'Future Requirements'!$B:$B,IF($C$4=\"\",\"<=\"&$F$4,\"<=\"&$C$4),'Future Requirements'!$J:$J,IF($C$5=\"Yes\",\"Yes\",IF($C$5=\"No\",\"No\",\"<>Luke\")),'Future Requirements'!$AC:$AC,IF($C$6=\"Agreed\",\"Agreed\",IF($C$6=\"C/Fwd\",\"C/Fwd\",\"<>Luke\")),'Future Requirements'!$AA:$AA,$I$4),0)+\nIF($J$5=\"Include\",SUMIFS('Future Requirements'!$O:$O,'Future Requirements'!$D:$D,$B15,'Future Requirements'!$G:$G,P$11,'Future Requirements'!$B:$B,IF($C$3=\"\",\">=\"&$F$3,\">=\"&$C$3),'Future Requirements'!$B:$B,IF($C$4=\"\",\"<=\"&$F$4,\"<=\"&$C$4),'Future Requirements'!$J:$J,IF($C$5=\"Yes\",\"Yes\",IF($C$5=\"No\",\"No\",\"<>Luke\")),'Future Requirements'!$AC:$AC,IF($C$6=\"Agreed\",\"Agreed\",IF($C$6=\"C/Fwd\",\"C/Fwd\",\"<>Luke\")),'Future Requirements'!$AA:$AA,$I$5),0)+\nIF($J$6=\"Include\",SUMIFS('Future Requirements'!$O:$O,'Future Requirements'!$D:$D,$B15,'Future Requirements'!$G:$G,P$11,'Future Requirements'!$B:$B,IF($C$3=\"\",\">=\"&$F$3,\">=\"&$C$3),'Future Requirements'!$B:$B,IF($C$4=\"\",\"<=\"&$F$4,\"<=\"&$C$4),'Future Requirements'!$J:$J,IF($C$5=\"Yes\",\"Yes\",IF($C$5=\"No\",\"No\",\"<>Luke\")),'Future Requirements'!$AC:$AC,IF($C$6=\"Agreed\",\"Agreed\",IF($C$6=\"C/Fwd\",\"C/Fwd\",\"<>Luke\")),'Future Requirements'!$AA:$AA,$I$6),0)+\nIF($J$7=\"Include\",SUMIFS('Future Requirements'!$O:$O,'Future Requirements'!$D:$D,$B15,'Future Requirements'!$G:$G,P$11,'Future Requirements'!$B:$B,IF($C$3=\"\",\">=\"&$F$3,\">=\"&$C$3),'Future Requirements'!$B:$B,IF($C$4=\"\",\"<=\"&$F$4,\"<=\"&$C$4),'Future Requirements'!$J:$J,IF($C$5=\"Yes\",\"Yes\",IF($C$5=\"No\",\"No\",\"<>Luke\")),'Future Requirements'!$AC:$AC,IF($C$6=\"Agreed\",\"Agreed\",IF($C$6=\"C/Fwd\",\"C/Fwd\",\"<>Luke\")),'Future Requirements'!$AA:$AA,$I$7),0)","v":0},{"$f":"IF($J$3=\"Include\",SUMIFS('Future Requirements'!$O:$O,'Future Requirements'!$D:$D,$B15,'Future Requirements'!$G:$G,Q$11,'Future Requirements'!$B:$B,IF($C$3=\"\",\">=\"&$F$3,\">=\"&$C$3),'Future Requirements'!$B:$B,IF($C$4=\"\",\"<=\"&$F$4,\"<=\"&$C$4),'Future Requirements'!$J:$J,IF($C$5=\"Yes\",\"Yes\",IF($C$5=\"No\",\"No\",\"<>Luke\")),'Future Requirements'!$AC:$AC,IF($C$6=\"Agreed\",\"Agreed\",IF($C$6=\"C/Fwd\",\"C/Fwd\",\"<>Luke\")),'Future Requirements'!$AA:$AA,$I$3),0)+\nIF($J$4=\"Include\",SUMIFS('Future Requirements'!$O:$O,'Future Requirements'!$D:$D,$B15,'Future Requirements'!$G:$G,Q$11,'Future Requirements'!$B:$B,IF($C$3=\"\",\">=\"&$F$3,\">=\"&$C$3),'Future Requirements'!$B:$B,IF($C$4=\"\",\"<=\"&$F$4,\"<=\"&$C$4),'Future Requirements'!$J:$J,IF($C$5=\"Yes\",\"Yes\",IF($C$5=\"No\",\"No\",\"<>Luke\")),'Future Requirements'!$AC:$AC,IF($C$6=\"Agreed\",\"Agreed\",IF($C$6=\"C/Fwd\",\"C/Fwd\",\"<>Luke\")),'Future Requirements'!$AA:$AA,$I$4),0)+\nIF($J$5=\"Include\",SUMIFS('Future Requirements'!$O:$O,'Future Requirements'!$D:$D,$B15,'Future Requirements'!$G:$G,Q$11,'Future Requirements'!$B:$B,IF($C$3=\"\",\">=\"&$F$3,\">=\"&$C$3),'Future Requirements'!$B:$B,IF($C$4=\"\",\"<=\"&$F$4,\"<=\"&$C$4),'Future Requirements'!$J:$J,IF($C$5=\"Yes\",\"Yes\",IF($C$5=\"No\",\"No\",\"<>Luke\")),'Future Requirements'!$AC:$AC,IF($C$6=\"Agreed\",\"Agreed\",IF($C$6=\"C/Fwd\",\"C/Fwd\",\"<>Luke\")),'Future Requirements'!$AA:$AA,$I$5),0)+\nIF($J$6=\"Include\",SUMIFS('Future Requirements'!$O:$O,'Future Requirements'!$D:$D,$B15,'Future Requirements'!$G:$G,Q$11,'Future Requirements'!$B:$B,IF($C$3=\"\",\">=\"&$F$3,\">=\"&$C$3),'Future Requirements'!$B:$B,IF($C$4=\"\",\"<=\"&$F$4,\"<=\"&$C$4),'Future Requirements'!$J:$J,IF($C$5=\"Yes\",\"Yes\",IF($C$5=\"No\",\"No\",\"<>Luke\")),'Future Requirements'!$AC:$AC,IF($C$6=\"Agreed\",\"Agreed\",IF($C$6=\"C/Fwd\",\"C/Fwd\",\"<>Luke\")),'Future Requirements'!$AA:$AA,$I$6),0)+\nIF($J$7=\"Include\",SUMIFS('Future Requirements'!$O:$O,'Future Requirements'!$D:$D,$B15,'Future Requirements'!$G:$G,Q$11,'Future Requirements'!$B:$B,IF($C$3=\"\",\">=\"&$F$3,\">=\"&$C$3),'Future Requirements'!$B:$B,IF($C$4=\"\",\"<=\"&$F$4,\"<=\"&$C$4),'Future Requirements'!$J:$J,IF($C$5=\"Yes\",\"Yes\",IF($C$5=\"No\",\"No\",\"<>Luke\")),'Future Requirements'!$AC:$AC,IF($C$6=\"Agreed\",\"Agreed\",IF($C$6=\"C/Fwd\",\"C/Fwd\",\"<>Luke\")),'Future Requirements'!$AA:$AA,$I$7),0)","v":0},{"$f":"IF($J$3=\"Include\",SUMIFS('Future Requirements'!$O:$O,'Future Requirements'!$D:$D,$B15,'Future Requirements'!$G:$G,R$11,'Future Requirements'!$B:$B,IF($C$3=\"\",\">=\"&$F$3,\">=\"&$C$3),'Future Requirements'!$B:$B,IF($C$4=\"\",\"<=\"&$F$4,\"<=\"&$C$4),'Future Requirements'!$J:$J,IF($C$5=\"Yes\",\"Yes\",IF($C$5=\"No\",\"No\",\"<>Luke\")),'Future Requirements'!$AC:$AC,IF($C$6=\"Agreed\",\"Agreed\",IF($C$6=\"C/Fwd\",\"C/Fwd\",\"<>Luke\")),'Future Requirements'!$AA:$AA,$I$3),0)+\nIF($J$4=\"Include\",SUMIFS('Future Requirements'!$O:$O,'Future Requirements'!$D:$D,$B15,'Future Requirements'!$G:$G,R$11,'Future Requirements'!$B:$B,IF($C$3=\"\",\">=\"&$F$3,\">=\"&$C$3),'Future Requirements'!$B:$B,IF($C$4=\"\",\"<=\"&$F$4,\"<=\"&$C$4),'Future Requirements'!$J:$J,IF($C$5=\"Yes\",\"Yes\",IF($C$5=\"No\",\"No\",\"<>Luke\")),'Future Requirements'!$AC:$AC,IF($C$6=\"Agreed\",\"Agreed\",IF($C$6=\"C/Fwd\",\"C/Fwd\",\"<>Luke\")),'Future Requirements'!$AA:$AA,$I$4),0)+\nIF($J$5=\"Include\",SUMIFS('Future Requirements'!$O:$O,'Future Requirements'!$D:$D,$B15,'Future Requirements'!$G:$G,R$11,'Future Requirements'!$B:$B,IF($C$3=\"\",\">=\"&$F$3,\">=\"&$C$3),'Future Requirements'!$B:$B,IF($C$4=\"\",\"<=\"&$F$4,\"<=\"&$C$4),'Future Requirements'!$J:$J,IF($C$5=\"Yes\",\"Yes\",IF($C$5=\"No\",\"No\",\"<>Luke\")),'Future Requirements'!$AC:$AC,IF($C$6=\"Agreed\",\"Agreed\",IF($C$6=\"C/Fwd\",\"C/Fwd\",\"<>Luke\")),'Future Requirements'!$AA:$AA,$I$5),0)+\nIF($J$6=\"Include\",SUMIFS('Future Requirements'!$O:$O,'Future Requirements'!$D:$D,$B15,'Future Requirements'!$G:$G,R$11,'Future Requirements'!$B:$B,IF($C$3=\"\",\">=\"&$F$3,\">=\"&$C$3),'Future Requirements'!$B:$B,IF($C$4=\"\",\"<=\"&$F$4,\"<=\"&$C$4),'Future Requirements'!$J:$J,IF($C$5=\"Yes\",\"Yes\",IF($C$5=\"No\",\"No\",\"<>Luke\")),'Future Requirements'!$AC:$AC,IF($C$6=\"Agreed\",\"Agreed\",IF($C$6=\"C/Fwd\",\"C/Fwd\",\"<>Luke\")),'Future Requirements'!$AA:$AA,$I$6),0)+\nIF($J$7=\"Include\",SUMIFS('Future Requirements'!$O:$O,'Future Requirements'!$D:$D,$B15,'Future Requirements'!$G:$G,R$11,'Future Requirements'!$B:$B,IF($C$3=\"\",\">=\"&$F$3,\">=\"&$C$3),'Future Requirements'!$B:$B,IF($C$4=\"\",\"<=\"&$F$4,\"<=\"&$C$4),'Future Requirements'!$J:$J,IF($C$5=\"Yes\",\"Yes\",IF($C$5=\"No\",\"No\",\"<>Luke\")),'Future Requirements'!$AC:$AC,IF($C$6=\"Agreed\",\"Agreed\",IF($C$6=\"C/Fwd\",\"C/Fwd\",\"<>Luke\")),'Future Requirements'!$AA:$AA,$I$7),0)","v":0},{"$f":"IF($J$3=\"Include\",SUMIFS('Future Requirements'!$O:$O,'Future Requirements'!$D:$D,$B15,'Future Requirements'!$G:$G,S$11,'Future Requirements'!$B:$B,IF($C$3=\"\",\">=\"&$F$3,\">=\"&$C$3),'Future Requirements'!$B:$B,IF($C$4=\"\",\"<=\"&$F$4,\"<=\"&$C$4),'Future Requirements'!$J:$J,IF($C$5=\"Yes\",\"Yes\",IF($C$5=\"No\",\"No\",\"<>Luke\")),'Future Requirements'!$AC:$AC,IF($C$6=\"Agreed\",\"Agreed\",IF($C$6=\"C/Fwd\",\"C/Fwd\",\"<>Luke\")),'Future Requirements'!$AA:$AA,$I$3),0)+\nIF($J$4=\"Include\",SUMIFS('Future Requirements'!$O:$O,'Future Requirements'!$D:$D,$B15,'Future Requirements'!$G:$G,S$11,'Future Requirements'!$B:$B,IF($C$3=\"\",\">=\"&$F$3,\">=\"&$C$3),'Future Requirements'!$B:$B,IF($C$4=\"\",\"<=\"&$F$4,\"<=\"&$C$4),'Future Requirements'!$J:$J,IF($C$5=\"Yes\",\"Yes\",IF($C$5=\"No\",\"No\",\"<>Luke\")),'Future Requirements'!$AC:$AC,IF($C$6=\"Agreed\",\"Agreed\",IF($C$6=\"C/Fwd\",\"C/Fwd\",\"<>Luke\")),'Future Requirements'!$AA:$AA,$I$4),0)+\nIF($J$5=\"Include\",SUMIFS('Future Requirements'!$O:$O,'Future Requirements'!$D:$D,$B15,'Future Requirements'!$G:$G,S$11,'Future Requirements'!$B:$B,IF($C$3=\"\",\">=\"&$F$3,\">=\"&$C$3),'Future Requirements'!$B:$B,IF($C$4=\"\",\"<=\"&$F$4,\"<=\"&$C$4),'Future Requirements'!$J:$J,IF($C$5=\"Yes\",\"Yes\",IF($C$5=\"No\",\"No\",\"<>Luke\")),'Future Requirements'!$AC:$AC,IF($C$6=\"Agreed\",\"Agreed\",IF($C$6=\"C/Fwd\",\"C/Fwd\",\"<>Luke\")),'Future Requirements'!$AA:$AA,$I$5),0)+\nIF($J$6=\"Include\",SUMIFS('Future Requirements'!$O:$O,'Future Requirements'!$D:$D,$B15,'Future Requirements'!$G:$G,S$11,'Future Requirements'!$B:$B,IF($C$3=\"\",\">=\"&$F$3,\">=\"&$C$3),'Future Requirements'!$B:$B,IF($C$4=\"\",\"<=\"&$F$4,\"<=\"&$C$4),'Future Requirements'!$J:$J,IF($C$5=\"Yes\",\"Yes\",IF($C$5=\"No\",\"No\",\"<>Luke\")),'Future Requirements'!$AC:$AC,IF($C$6=\"Agreed\",\"Agreed\",IF($C$6=\"C/Fwd\",\"C/Fwd\",\"<>Luke\")),'Future Requirements'!$AA:$AA,$I$6),0)+\nIF($J$7=\"Include\",SUMIFS('Future Requirements'!$O:$O,'Future Requirements'!$D:$D,$B15,'Future Requirements'!$G:$G,S$11,'Future Requirements'!$B:$B,IF($C$3=\"\",\">=\"&$F$3,\">=\"&$C$3),'Future Requirements'!$B:$B,IF($C$4=\"\",\"<=\"&$F$4,\"<=\"&$C$4),'Future Requirements'!$J:$J,IF($C$5=\"Yes\",\"Yes\",IF($C$5=\"No\",\"No\",\"<>Luke\")),'Future Requirements'!$AC:$AC,IF($C$6=\"Agreed\",\"Agreed\",IF($C$6=\"C/Fwd\",\"C/Fwd\",\"<>Luke\")),'Future Requirements'!$AA:$AA,$I$7),0)","v":0},0]
[null,"Signals",{"$f":"IF($J$3=\"Include\",SUMIFS('Future Requirements'!$O:$O,'Future Requirements'!$D:$D,$B16,'Future Requirements'!$G:$G,C$11,'Future Requirements'!$B:$B,IF($C$3=\"\",\">=\"&$F$3,\">=\"&$C$3),'Future Requirements'!$B:$B,IF($C$4=\"\",\"<=\"&$F$4,\"<=\"&$C$4),'Future Requirements'!$J:$J,IF($C$5=\"Yes\",\"Yes\",IF($C$5=\"No\",\"No\",\"<>Luke\")),'Future Requirements'!$AC:$AC,IF($C$6=\"Agreed\",\"Agreed\",IF($C$6=\"C/Fwd\",\"C/Fwd\",\"<>Luke\")),'Future Requirements'!$AA:$AA,$I$3),0)+\nIF($J$4=\"Include\",SUMIFS('Future Requirements'!$O:$O,'Future Requirements'!$D:$D,$B16,'Future Requirements'!$G:$G,C$11,'Future Requirements'!$B:$B,IF($C$3=\"\",\">=\"&$F$3,\">=\"&$C$3),'Future Requirements'!$B:$B,IF($C$4=\"\",\"<=\"&$F$4,\"<=\"&$C$4),'Future Requirements'!$J:$J,IF($C$5=\"Yes\",\"Yes\",IF($C$5=\"No\",\"No\",\"<>Luke\")),'Future Requirements'!$AC:$AC,IF($C$6=\"Agreed\",\"Agreed\",IF($C$6=\"C/Fwd\",\"C/Fwd\",\"<>Luke\")),'Future Requirements'!$AA:$AA,$I$4),0)+\nIF($J$5=\"Include\",SUMIFS('Future Requirements'!$O:$O,'Future Requirements'!$D:$D,$B16,'Future Requirements'!$G:$G,C$11,'Future Requirements'!$B:$B,IF($C$3=\"\",\">=\"&$F$3,\">=\"&$C$3),'Future Requirements'!$B:$B,IF($C$4=\"\",\"<=\"&$F$4,\"<=\"&$C$4),'Future Requirements'!$J:$J,IF($C$5=\"Yes\",\"Yes\",IF($C$5=\"No\",\"No\",\"<>Luke\")),'Future Requirements'!$AC:$AC,IF($C$6=\"Agreed\",\"Agreed\",IF($C$6=\"C/Fwd\",\"C/Fwd\",\"<>Luke\")),'Future Requirements'!$AA:$AA,$I$5),0)+\nIF($J$6=\"Include\",SUMIFS('Future Requirements'!$O:$O,'Future Requirements'!$D:$D,$B16,'Future Requirements'!$G:$G,C$11,'Future Requirements'!$B:$B,IF($C$3=\"\",\">=\"&$F$3,\">=\"&$C$3),'Future Requirements'!$B:$B,IF($C$4=\"\",\"<=\"&$F$4,\"<=\"&$C$4),'Future Requirements'!$J:$J,IF($C$5=\"Yes\",\"Yes\",IF($C$5=\"No\",\"No\",\"<>Luke\")),'Future Requirements'!$AC:$AC,IF($C$6=\"Agreed\",\"Agreed\",IF($C$6=\"C/Fwd\",\"C/Fwd\",\"<>Luke\")),'Future Requirements'!$AA:$AA,$I$6),0)+\nIF($J$7=\"Include\",SUMIFS('Future Requirements'!$O:$O,'Future Requirements'!$D:$D,$B16,'Future Requirements'!$G:$G,C$11,'Future Requirements'!$B:$B,IF($C$3=\"\",\">=\"&$F$3,\">=\"&$C$3),'Future Requirements'!$B:$B,IF($C$4=\"\",\"<=\"&$F$4,\"<=\"&$C$4),'Future Requirements'!$J:$J,IF($C$5=\"Yes\",\"Yes\",IF($C$5=\"No\",\"No\",\"<>Luke\")),'Future Requirements'!$AC:$AC,IF($C$6=\"Agreed\",\"Agreed\",IF($C$6=\"C/Fwd\",\"C/Fwd\",\"<>Luke\")),'Future Requirements'!$AA:$AA,$I$7),0)","v":0},{"$f":"IF($J$3=\"Include\",SUMIFS('Future Requirements'!$O:$O,'Future Requirements'!$D:$D,$B16,'Future Requirements'!$G:$G,D$11,'Future Requirements'!$B:$B,IF($C$3=\"\",\">=\"&$F$3,\">=\"&$C$3),'Future Requirements'!$B:$B,IF($C$4=\"\",\"<=\"&$F$4,\"<=\"&$C$4),'Future Requirements'!$J:$J,IF($C$5=\"Yes\",\"Yes\",IF($C$5=\"No\",\"No\",\"<>Luke\")),'Future Requirements'!$AC:$AC,IF($C$6=\"Agreed\",\"Agreed\",IF($C$6=\"C/Fwd\",\"C/Fwd\",\"<>Luke\")),'Future Requirements'!$AA:$AA,$I$3),0)+\nIF($J$4=\"Include\",SUMIFS('Future Requirements'!$O:$O,'Future Requirements'!$D:$D,$B16,'Future Requirements'!$G:$G,D$11,'Future Requirements'!$B:$B,IF($C$3=\"\",\">=\"&$F$3,\">=\"&$C$3),'Future Requirements'!$B:$B,IF($C$4=\"\",\"<=\"&$F$4,\"<=\"&$C$4),'Future Requirements'!$J:$J,IF($C$5=\"Yes\",\"Yes\",IF($C$5=\"No\",\"No\",\"<>Luke\")),'Future Requirements'!$AC:$AC,IF($C$6=\"Agreed\",\"Agreed\",IF($C$6=\"C/Fwd\",\"C/Fwd\",\"<>Luke\")),'Future Requirements'!$AA:$AA,$I$4),0)+\nIF($J$5=\"Include\",SUMIFS('Future Requirements'!$O:$O,'Future Requirements'!$D:$D,$B16,'Future Requirements'!$G:$G,D$11,'Future Requirements'!$B:$B,IF($C$3=\"\",\">=\"&$F$3,\">=\"&$C$3),'Future Requirements'!$B:$B,IF($C$4=\"\",\"<=\"&$F$4,\"<=\"&$C$4),'Future Requirements'!$J:$J,IF($C$5=\"Yes\",\"Yes\",IF($C$5=\"No\",\"No\",\"<>Luke\")),'Future Requirements'!$AC:$AC,IF($C$6=\"Agreed\",\"Agreed\",IF($C$6=\"C/Fwd\",\"C/Fwd\",\"<>Luke\")),'Future Requirements'!$AA:$AA,$I$5),0)+\nIF($J$6=\"Include\",SUMIFS('Future Requirements'!$O:$O,'Future Requirements'!$D:$D,$B16,'Future Requirements'!$G:$G,D$11,'Future Requirements'!$B:$B,IF($C$3=\"\",\">=\"&$F$3,\">=\"&$C$3),'Future Requirements'!$B:$B,IF($C$4=\"\",\"<=\"&$F$4,\"<=\"&$C$4),'Future Requirements'!$J:$J,IF($C$5=\"Yes\",\"Yes\",IF($C$5=\"No\",\"No\",\"<>Luke\")),'Future Requirements'!$AC:$AC,IF($C$6=\"Agreed\",\"Agreed\",IF($C$6=\"C/Fwd\",\"C/Fwd\",\"<>Luke\")),'Future Requirements'!$AA:$AA,$I$6),0)+\nIF($J$7=\"Include\",SUMIFS('Future Requirements'!$O:$O,'Future Requirements'!$D:$D,$B16,'Future Requirements'!$G:$G,D$11,'Future Requirements'!$B:$B,IF($C$3=\"\",\">=\"&$F$3,\">=\"&$C$3),'Future Requirements'!$B:$B,IF($C$4=\"\",\"<=\"&$F$4,\"<=\"&$C$4),'Future Requirements'!$J:$J,IF($C$5=\"Yes\",\"Yes\",IF($C$5=\"No\",\"No\",\"<>Luke\")),'Future Requirements'!$AC:$AC,IF($C$6=\"Agreed\",\"Agreed\",IF($C$6=\"C/Fwd\",\"C/Fwd\",\"<>Luke\")),'Future Requirements'!$AA:$AA,$I$7),0)","v":0},{"$f":"IF($J$3=\"Include\",SUMIFS('Future Requirements'!$O:$O,'Future Requirements'!$D:$D,$B16,'Future Requirements'!$G:$G,E$11,'Future Requirements'!$B:$B,IF($C$3=\"\",\">=\"&$F$3,\">=\"&$C$3),'Future Requirements'!$B:$B,IF($C$4=\"\",\"<=\"&$F$4,\"<=\"&$C$4),'Future Requirements'!$J:$J,IF($C$5=\"Yes\",\"Yes\",IF($C$5=\"No\",\"No\",\"<>Luke\")),'Future Requirements'!$AC:$AC,IF($C$6=\"Agreed\",\"Agreed\",IF($C$6=\"C/Fwd\",\"C/Fwd\",\"<>Luke\")),'Future Requirements'!$AA:$AA,$I$3),0)+\nIF($J$4=\"Include\",SUMIFS('Future Requirements'!$O:$O,'Future Requirements'!$D:$D,$B16,'Future Requirements'!$G:$G,E$11,'Future Requirements'!$B:$B,IF($C$3=\"\",\">=\"&$F$3,\">=\"&$C$3),'Future Requirements'!$B:$B,IF($C$4=\"\",\"<=\"&$F$4,\"<=\"&$C$4),'Future Requirements'!$J:$J,IF($C$5=\"Yes\",\"Yes\",IF($C$5=\"No\",\"No\",\"<>Luke\")),'Future Requirements'!$AC:$AC,IF($C$6=\"Agreed\",\"Agreed\",IF($C$6=\"C/Fwd\",\"C/Fwd\",\"<>Luke\")),'Future Requirements'!$AA:$AA,$I$4),0)+\nIF($J$5=\"Include\",SUMIFS('Future Requirements'!$O:$O,'Future Requirements'!$D:$D,$B16,'Future Requirements'!$G:$G,E$11,'Future Requirements'!$B:$B,IF($C$3=\"\",\">=\"&$F$3,\">=\"&$C$3),'Future Requirements'!$B:$B,IF($C$4=\"\",\"<=\"&$F$4,\"<=\"&$C$4),'Future Requirements'!$J:$J,IF($C$5=\"Yes\",\"Yes\",IF($C$5=\"No\",\"No\",\"<>Luke\")),'Future Requirements'!$AC:$AC,IF($C$6=\"Agreed\",\"Agreed\",IF($C$6=\"C/Fwd\",\"C/Fwd\",\"<>Luke\")),'Future Requirements'!$AA:$AA,$I$5),0)+\nIF($J$6=\"Include\",SUMIFS('Future Requirements'!$O:$O,'Future Requirements'!$D:$D,$B16,'Future Requirements'!$G:$G,E$11,'Future Requirements'!$B:$B,IF($C$3=\"\",\">=\"&$F$3,\">=\"&$C$3),'Future Requirements'!$B:$B,IF($C$4=\"\",\"<=\"&$F$4,\"<=\"&$C$4),'Future Requirements'!$J:$J,IF($C$5=\"Yes\",\"Yes\",IF($C$5=\"No\",\"No\",\"<>Luke\")),'Future Requirements'!$AC:$AC,IF($C$6=\"Agreed\",\"Agreed\",IF($C$6=\"C/Fwd\",\"C/Fwd\",\"<>Luke\")),'Future Requirements'!$AA:$AA,$I$6),0)+\nIF($J$7=\"Include\",SUMIFS('Future Requirements'!$O:$O,'Future Requirements'!$D:$D,$B16,'Future Requirements'!$G:$G,E$11,'Future Requirements'!$B:$B,IF($C$3=\"\",\">=\"&$F$3,\">=\"&$C$3),'Future Requirements'!$B:$B,IF($C$4=\"\",\"<=\"&$F$4,\"<=\"&$C$4),'Future Requirements'!$J:$J,IF($C$5=\"Yes\",\"Yes\",IF($C$5=\"No\",\"No\",\"<>Luke\")),'Future Requirements'!$AC:$AC,IF($C$6=\"Agreed\",\"Agreed\",IF($C$6=\"C/Fwd\",\"C/Fwd\",\"<>Luke\")),'Future Requirements'!$AA:$AA,$I$7),0)","v":0},{"$f":"IF($J$3=\"Include\",SUMIFS('Future Requirements'!$O:$O,'Future Requirements'!$D:$D,$B16,'Future Requirements'!$G:$G,F$11,'Future Requirements'!$B:$B,IF($C$3=\"\",\">=\"&$F$3,\">=\"&$C$3),'Future Requirements'!$B:$B,IF($C$4=\"\",\"<=\"&$F$4,\"<=\"&$C$4),'Future Requirements'!$J:$J,IF($C$5=\"Yes\",\"Yes\",IF($C$5=\"No\",\"No\",\"<>Luke\")),'Future Requirements'!$AC:$AC,IF($C$6=\"Agreed\",\"Agreed\",IF($C$6=\"C/Fwd\",\"C/Fwd\",\"<>Luke\")),'Future Requirements'!$AA:$AA,$I$3),0)+\nIF($J$4=\"Include\",SUMIFS('Future Requirements'!$O:$O,'Future Requirements'!$D:$D,$B16,'Future Requirements'!$G:$G,F$11,'Future Requirements'!$B:$B,IF($C$3=\"\",\">=\"&$F$3,\">=\"&$C$3),'Future Requirements'!$B:$B,IF($C$4=\"\",\"<=\"&$F$4,\"<=\"&$C$4),'Future Requirements'!$J:$J,IF($C$5=\"Yes\",\"Yes\",IF($C$5=\"No\",\"No\",\"<>Luke\")),'Future Requirements'!$AC:$AC,IF($C$6=\"Agreed\",\"Agreed\",IF($C$6=\"C/Fwd\",\"C/Fwd\",\"<>Luke\")),'Future Requirements'!$AA:$AA,$I$4),0)+\nIF($J$5=\"Include\",SUMIFS('Future Requirements'!$O:$O,'Future Requirements'!$D:$D,$B16,'Future Requirements'!$G:$G,F$11,'Future Requirements'!$B:$B,IF($C$3=\"\",\">=\"&$F$3,\">=\"&$C$3),'Future Requirements'!$B:$B,IF($C$4=\"\",\"<=\"&$F$4,\"<=\"&$C$4),'Future Requirements'!$J:$J,IF($C$5=\"Yes\",\"Yes\",IF($C$5=\"No\",\"No\",\"<>Luke\")),'Future Requirements'!$AC:$AC,IF($C$6=\"Agreed\",\"Agreed\",IF($C$6=\"C/Fwd\",\"C/Fwd\",\"<>Luke\")),'Future Requirements'!$AA:$AA,$I$5),0)+\nIF($J$6=\"Include\",SUMIFS('Future Requirements'!$O:$O,'Future Requirements'!$D:$D,$B16,'Future Requirements'!$G:$G,F$11,'Future Requirements'!$B:$B,IF($C$3=\"\",\">=\"&$F$3,\">=\"&$C$3),'Future Requirements'!$B:$B,IF($C$4=\"\",\"<=\"&$F$4,\"<=\"&$C$4),'Future Requirements'!$J:$J,IF($C$5=\"Yes\",\"Yes\",IF($C$5=\"No\",\"No\",\"<>Luke\")),'Future Requirements'!$AC:$AC,IF($C$6=\"Agreed\",\"Agreed\",IF($C$6=\"C/Fwd\",\"C/Fwd\",\"<>Luke\")),'Future Requirements'!$AA:$AA,$I$6),0)+\nIF($J$7=\"Include\",SUMIFS('Future Requirements'!$O:$O,'Future Requirements'!$D:$D,$B16,'Future Requirements'!$G:$G,F$11,'Future Requirements'!$B:$B,IF($C$3=\"\",\">=\"&$F$3,\">=\"&$C$3),'Future Requirements'!$B:$B,IF($C$4=\"\",\"<=\"&$F$4,\"<=\"&$C$4),'Future Requirements'!$J:$J,IF($C$5=\"Yes\",\"Yes\",IF($C$5=\"No\",\"No\",\"<>Luke\")),'Future Requirements'!$AC:$AC,IF($C$6=\"Agreed\",\"Agreed\",IF($C$6=\"C/Fwd\",\"C/Fwd\",\"<>Luke\")),'Future Requirements'!$AA:$AA,$I$7),0)","v":0},{"$f":"IF($J$3=\"Include\",SUMIFS('Future Requirements'!$O:$O,'Future Requirements'!$D:$D,$B16,'Future Requirements'!$G:$G,G$11,'Future Requirements'!$B:$B,IF($C$3=\"\",\">=\"&$F$3,\">=\"&$C$3),'Future Requirements'!$B:$B,IF($C$4=\"\",\"<=\"&$F$4,\"<=\"&$C$4),'Future Requirements'!$J:$J,IF($C$5=\"Yes\",\"Yes\",IF($C$5=\"No\",\"No\",\"<>Luke\")),'Future Requirements'!$AC:$AC,IF($C$6=\"Agreed\",\"Agreed\",IF($C$6=\"C/Fwd\",\"C/Fwd\",\"<>Luke\")),'Future Requirements'!$AA:$AA,$I$3),0)+\nIF($J$4=\"Include\",SUMIFS('Future Requirements'!$O:$O,'Future Requirements'!$D:$D,$B16,'Future Requirements'!$G:$G,G$11,'Future Requirements'!$B:$B,IF($C$3=\"\",\">=\"&$F$3,\">=\"&$C$3),'Future Requirements'!$B:$B,IF($C$4=\"\",\"<=\"&$F$4,\"<=\"&$C$4),'Future Requirements'!$J:$J,IF($C$5=\"Yes\",\"Yes\",IF($C$5=\"No\",\"No\",\"<>Luke\")),'Future Requirements'!$AC:$AC,IF($C$6=\"Agreed\",\"Agreed\",IF($C$6=\"C/Fwd\",\"C/Fwd\",\"<>Luke\")),'Future Requirements'!$AA:$AA,$I$4),0)+\nIF($J$5=\"Include\",SUMIFS('Future Requirements'!$O:$O,'Future Requirements'!$D:$D,$B16,'Future Requirements'!$G:$G,G$11,'Future Requirements'!$B:$B,IF($C$3=\"\",\">=\"&$F$3,\">=\"&$C$3),'Future Requirements'!$B:$B,IF($C$4=\"\",\"<=\"&$F$4,\"<=\"&$C$4),'Future Requirements'!$J:$J,IF($C$5=\"Yes\",\"Yes\",IF($C$5=\"No\",\"No\",\"<>Luke\")),'Future Requirements'!$AC:$AC,IF($C$6=\"Agreed\",\"Agreed\",IF($C$6=\"C/Fwd\",\"C/Fwd\",\"<>Luke\")),'Future Requirements'!$AA:$AA,$I$5),0)+\nIF($J$6=\"Include\",SUMIFS('Future Requirements'!$O:$O,'Future Requirements'!$D:$D,$B16,'Future Requirements'!$G:$G,G$11,'Future Requirements'!$B:$B,IF($C$3=\"\",\">=\"&$F$3,\">=\"&$C$3),'Future Requirements'!$B:$B,IF($C$4=\"\",\"<=\"&$F$4,\"<=\"&$C$4),'Future Requirements'!$J:$J,IF($C$5=\"Yes\",\"Yes\",IF($C$5=\"No\",\"No\",\"<>Luke\")),'Future Requirements'!$AC:$AC,IF($C$6=\"Agreed\",\"Agreed\",IF($C$6=\"C/Fwd\",\"C/Fwd\",\"<>Luke\")),'Future Requirements'!$AA:$AA,$I$6),0)+\nIF($J$7=\"Include\",SUMIFS('Future Requirements'!$O:$O,'Future Requirements'!$D:$D,$B16,'Future Requirements'!$G:$G,G$11,'Future Requirements'!$B:$B,IF($C$3=\"\",\">=\"&$F$3,\">=\"&$C$3),'Future Requirements'!$B:$B,IF($C$4=\"\",\"<=\"&$F$4,\"<=\"&$C$4),'Future Requirements'!$J:$J,IF($C$5=\"Yes\",\"Yes\",IF($C$5=\"No\",\"No\",\"<>Luke\")),'Future Requirements'!$AC:$AC,IF($C$6=\"Agreed\",\"Agreed\",IF($C$6=\"C/Fwd\",\"C/Fwd\",\"<>Luke\")),'Future Requirements'!$AA:$AA,$I$7),0)","v":0},{"$f":"IF($J$3=\"Include\",SUMIFS('Future Requirements'!$O:$O,'Future Requirements'!$D:$D,$B16,'Future Requirements'!$G:$G,H$11,'Future Requirements'!$B:$B,IF($C$3=\"\",\">=\"&$F$3,\">=\"&$C$3),'Future Requirements'!$B:$B,IF($C$4=\"\",\"<=\"&$F$4,\"<=\"&$C$4),'Future Requirements'!$J:$J,IF($C$5=\"Yes\",\"Yes\",IF($C$5=\"No\",\"No\",\"<>Luke\")),'Future Requirements'!$AC:$AC,IF($C$6=\"Agreed\",\"Agreed\",IF($C$6=\"C/Fwd\",\"C/Fwd\",\"<>Luke\")),'Future Requirements'!$AA:$AA,$I$3),0)+\nIF($J$4=\"Include\",SUMIFS('Future Requirements'!$O:$O,'Future Requirements'!$D:$D,$B16,'Future Requirements'!$G:$G,H$11,'Future Requirements'!$B:$B,IF($C$3=\"\",\">=\"&$F$3,\">=\"&$C$3),'Future Requirements'!$B:$B,IF($C$4=\"\",\"<=\"&$F$4,\"<=\"&$C$4),'Future Requirements'!$J:$J,IF($C$5=\"Yes\",\"Yes\",IF($C$5=\"No\",\"No\",\"<>Luke\")),'Future Requirements'!$AC:$AC,IF($C$6=\"Agreed\",\"Agreed\",IF($C$6=\"C/Fwd\",\"C/Fwd\",\"<>Luke\")),'Future Requirements'!$AA:$AA,$I$4),0)+\nIF($J$5=\"Include\",SUMIFS('Future Requirements'!$O:$O,'Future Requirements'!$D:$D,$B16,'Future Requirements'!$G:$G,H$11,'Future Requirements'!$B:$B,IF($C$3=\"\",\">=\"&$F$3,\">=\"&$C$3),'Future Requirements'!$B:$B,IF($C$4=\"\",\"<=\"&$F$4,\"<=\"&$C$4),'Future Requirements'!$J:$J,IF($C$5=\"Yes\",\"Yes\",IF($C$5=\"No\",\"No\",\"<>Luke\")),'Future Requirements'!$AC:$AC,IF($C$6=\"Agreed\",\"Agreed\",IF($C$6=\"C/Fwd\",\"C/Fwd\",\"<>Luke\")),'Future Requirements'!$AA:$AA,$I$5),0)+\nIF($J$6=\"Include\",SUMIFS('Future Requirements'!$O:$O,'Future Requirements'!$D:$D,$B16,'Future Requirements'!$G:$G,H$11,'Future Requirements'!$B:$B,IF($C$3=\"\",\">=\"&$F$3,\">=\"&$C$3),'Future Requirements'!$B:$B,IF($C$4=\"\",\"<=\"&$F$4,\"<=\"&$C$4),'Future Requirements'!$J:$J,IF($C$5=\"Yes\",\"Yes\",IF($C$5=\"No\",\"No\",\"<>Luke\")),'Future Requirements'!$AC:$AC,IF($C$6=\"Agreed\",\"Agreed\",IF($C$6=\"C/Fwd\",\"C/Fwd\",\"<>Luke\")),'Future Requirements'!$AA:$AA,$I$6),0)+\nIF($J$7=\"Include\",SUMIFS('Future Requirements'!$O:$O,'Future Requirements'!$D:$D,$B16,'Future Requirements'!$G:$G,H$11,'Future Requirements'!$B:$B,IF($C$3=\"\",\">=\"&$F$3,\">=\"&$C$3),'Future Requirements'!$B:$B,IF($C$4=\"\",\"<=\"&$F$4,\"<=\"&$C$4),'Future Requirements'!$J:$J,IF($C$5=\"Yes\",\"Yes\",IF($C$5=\"No\",\"No\",\"<>Luke\")),'Future Requirements'!$AC:$AC,IF($C$6=\"Agreed\",\"Agreed\",IF($C$6=\"C/Fwd\",\"C/Fwd\",\"<>Luke\")),'Future Requirements'!$AA:$AA,$I$7),0)","v":0},{"$f":"IF($J$3=\"Include\",SUMIFS('Future Requirements'!$O:$O,'Future Requirements'!$D:$D,$B16,'Future Requirements'!$G:$G,I$11,'Future Requirements'!$B:$B,IF($C$3=\"\",\">=\"&$F$3,\">=\"&$C$3),'Future Requirements'!$B:$B,IF($C$4=\"\",\"<=\"&$F$4,\"<=\"&$C$4),'Future Requirements'!$J:$J,IF($C$5=\"Yes\",\"Yes\",IF($C$5=\"No\",\"No\",\"<>Luke\")),'Future Requirements'!$AC:$AC,IF($C$6=\"Agreed\",\"Agreed\",IF($C$6=\"C/Fwd\",\"C/Fwd\",\"<>Luke\")),'Future Requirements'!$AA:$AA,$I$3),0)+\nIF($J$4=\"Include\",SUMIFS('Future Requirements'!$O:$O,'Future Requirements'!$D:$D,$B16,'Future Requirements'!$G:$G,I$11,'Future Requirements'!$B:$B,IF($C$3=\"\",\">=\"&$F$3,\">=\"&$C$3),'Future Requirements'!$B:$B,IF($C$4=\"\",\"<=\"&$F$4,\"<=\"&$C$4),'Future Requirements'!$J:$J,IF($C$5=\"Yes\",\"Yes\",IF($C$5=\"No\",\"No\",\"<>Luke\")),'Future Requirements'!$AC:$AC,IF($C$6=\"Agreed\",\"Agreed\",IF($C$6=\"C/Fwd\",\"C/Fwd\",\"<>Luke\")),'Future Requirements'!$AA:$AA,$I$4),0)+\nIF($J$5=\"Include\",SUMIFS('Future Requirements'!$O:$O,'Future Requirements'!$D:$D,$B16,'Future Requirements'!$G:$G,I$11,'Future Requirements'!$B:$B,IF($C$3=\"\",\">=\"&$F$3,\">=\"&$C$3),'Future Requirements'!$B:$B,IF($C$4=\"\",\"<=\"&$F$4,\"<=\"&$C$4),'Future Requirements'!$J:$J,IF($C$5=\"Yes\",\"Yes\",IF($C$5=\"No\",\"No\",\"<>Luke\")),'Future Requirements'!$AC:$AC,IF($C$6=\"Agreed\",\"Agreed\",IF($C$6=\"C/Fwd\",\"C/Fwd\",\"<>Luke\")),'Future Requirements'!$AA:$AA,$I$5),0)+\nIF($J$6=\"Include\",SUMIFS('Future Requirements'!$O:$O,'Future Requirements'!$D:$D,$B16,'Future Requirements'!$G:$G,I$11,'Future Requirements'!$B:$B,IF($C$3=\"\",\">=\"&$F$3,\">=\"&$C$3),'Future Requirements'!$B:$B,IF($C$4=\"\",\"<=\"&$F$4,\"<=\"&$C$4),'Future Requirements'!$J:$J,IF($C$5=\"Yes\",\"Yes\",IF($C$5=\"No\",\"No\",\"<>Luke\")),'Future Requirements'!$AC:$AC,IF($C$6=\"Agreed\",\"Agreed\",IF($C$6=\"C/Fwd\",\"C/Fwd\",\"<>Luke\")),'Future Requirements'!$AA:$AA,$I$6),0)+\nIF($J$7=\"Include\",SUMIFS('Future Requirements'!$O:$O,'Future Requirements'!$D:$D,$B16,'Future Requirements'!$G:$G,I$11,'Future Requirements'!$B:$B,IF($C$3=\"\",\">=\"&$F$3,\">=\"&$C$3),'Future Requirements'!$B:$B,IF($C$4=\"\",\"<=\"&$F$4,\"<=\"&$C$4),'Future Requirements'!$J:$J,IF($C$5=\"Yes\",\"Yes\",IF($C$5=\"No\",\"No\",\"<>Luke\")),'Future Requirements'!$AC:$AC,IF($C$6=\"Agreed\",\"Agreed\",IF($C$6=\"C/Fwd\",\"C/Fwd\",\"<>Luke\")),'Future Requirements'!$AA:$AA,$I$7),0)","v":0},{"$f":"IF($J$3=\"Include\",SUMIFS('Future Requirements'!$O:$O,'Future Requirements'!$D:$D,$B16,'Future Requirements'!$G:$G,J$11,'Future Requirements'!$B:$B,IF($C$3=\"\",\">=\"&$F$3,\">=\"&$C$3),'Future Requirements'!$B:$B,IF($C$4=\"\",\"<=\"&$F$4,\"<=\"&$C$4),'Future Requirements'!$J:$J,IF($C$5=\"Yes\",\"Yes\",IF($C$5=\"No\",\"No\",\"<>Luke\")),'Future Requirements'!$AC:$AC,IF($C$6=\"Agreed\",\"Agreed\",IF($C$6=\"C/Fwd\",\"C/Fwd\",\"<>Luke\")),'Future Requirements'!$AA:$AA,$I$3),0)+\nIF($J$4=\"Include\",SUMIFS('Future Requirements'!$O:$O,'Future Requirements'!$D:$D,$B16,'Future Requirements'!$G:$G,J$11,'Future Requirements'!$B:$B,IF($C$3=\"\",\">=\"&$F$3,\">=\"&$C$3),'Future Requirements'!$B:$B,IF($C$4=\"\",\"<=\"&$F$4,\"<=\"&$C$4),'Future Requirements'!$J:$J,IF($C$5=\"Yes\",\"Yes\",IF($C$5=\"No\",\"No\",\"<>Luke\")),'Future Requirements'!$AC:$AC,IF($C$6=\"Agreed\",\"Agreed\",IF($C$6=\"C/Fwd\",\"C/Fwd\",\"<>Luke\")),'Future Requirements'!$AA:$AA,$I$4),0)+\nIF($J$5=\"Include\",SUMIFS('Future Requirements'!$O:$O,'Future Requirements'!$D:$D,$B16,'Future Requirements'!$G:$G,J$11,'Future Requirements'!$B:$B,IF($C$3=\"\",\">=\"&$F$3,\">=\"&$C$3),'Future Requirements'!$B:$B,IF($C$4=\"\",\"<=\"&$F$4,\"<=\"&$C$4),'Future Requirements'!$J:$J,IF($C$5=\"Yes\",\"Yes\",IF($C$5=\"No\",\"No\",\"<>Luke\")),'Future Requirements'!$AC:$AC,IF($C$6=\"Agreed\",\"Agreed\",IF($C$6=\"C/Fwd\",\"C/Fwd\",\"<>Luke\")),'Future Requirements'!$AA:$AA,$I$5),0)+\nIF($J$6=\"Include\",SUMIFS('Future Requirements'!$O:$O,'Future Requirements'!$D:$D,$B16,'Future Requirements'!$G:$G,J$11,'Future Requirements'!$B:$B,IF($C$3=\"\",\">=\"&$F$3,\">=\"&$C$3),'Future Requirements'!$B:$B,IF($C$4=\"\",\"<=\"&$F$4,\"<=\"&$C$4),'Future Requirements'!$J:$J,IF($C$5=\"Yes\",\"Yes\",IF($C$5=\"No\",\"No\",\"<>Luke\")),'Future Requirements'!$AC:$AC,IF($C$6=\"Agreed\",\"Agreed\",IF($C$6=\"C/Fwd\",\"C/Fwd\",\"<>Luke\")),'Future Requirements'!$AA:$AA,$I$6),0)+\nIF($J$7=\"Include\",SUMIFS('Future Requirements'!$O:$O,'Future Requirements'!$D:$D,$B16,'Future Requirements'!$G:$G,J$11,'Future Requirements'!$B:$B,IF($C$3=\"\",\">=\"&$F$3,\">=\"&$C$3),'Future Requirements'!$B:$B,IF($C$4=\"\",\"<=\"&$F$4,\"<=\"&$C$4),'Future Requirements'!$J:$J,IF($C$5=\"Yes\",\"Yes\",IF($C$5=\"No\",\"No\",\"<>Luke\")),'Future Requirements'!$AC:$AC,IF($C$6=\"Agreed\",\"Agreed\",IF($C$6=\"C/Fwd\",\"C/Fwd\",\"<>Luke\")),'Future Requirements'!$AA:$AA,$I$7),0)","v":0},{"$f":"IF($J$3=\"Include\",SUMIFS('Future Requirements'!$O:$O,'Future Requirements'!$D:$D,$B16,'Future Requirements'!$G:$G,K$11,'Future Requirements'!$B:$B,IF($C$3=\"\",\">=\"&$F$3,\">=\"&$C$3),'Future Requirements'!$B:$B,IF($C$4=\"\",\"<=\"&$F$4,\"<=\"&$C$4),'Future Requirements'!$J:$J,IF($C$5=\"Yes\",\"Yes\",IF($C$5=\"No\",\"No\",\"<>Luke\")),'Future Requirements'!$AC:$AC,IF($C$6=\"Agreed\",\"Agreed\",IF($C$6=\"C/Fwd\",\"C/Fwd\",\"<>Luke\")),'Future Requirements'!$AA:$AA,$I$3),0)+\nIF($J$4=\"Include\",SUMIFS('Future Requirements'!$O:$O,'Future Requirements'!$D:$D,$B16,'Future Requirements'!$G:$G,K$11,'Future Requirements'!$B:$B,IF($C$3=\"\",\">=\"&$F$3,\">=\"&$C$3),'Future Requirements'!$B:$B,IF($C$4=\"\",\"<=\"&$F$4,\"<=\"&$C$4),'Future Requirements'!$J:$J,IF($C$5=\"Yes\",\"Yes\",IF($C$5=\"No\",\"No\",\"<>Luke\")),'Future Requirements'!$AC:$AC,IF($C$6=\"Agreed\",\"Agreed\",IF($C$6=\"C/Fwd\",\"C/Fwd\",\"<>Luke\")),'Future Requirements'!$AA:$AA,$I$4),0)+\nIF($J$5=\"Include\",SUMIFS('Future Requirements'!$O:$O,'Future Requirements'!$D:$D,$B16,'Future Requirements'!$G:$G,K$11,'Future Requirements'!$B:$B,IF($C$3=\"\",\">=\"&$F$3,\">=\"&$C$3),'Future Requirements'!$B:$B,IF($C$4=\"\",\"<=\"&$F$4,\"<=\"&$C$4),'Future Requirements'!$J:$J,IF($C$5=\"Yes\",\"Yes\",IF($C$5=\"No\",\"No\",\"<>Luke\")),'Future Requirements'!$AC:$AC,IF($C$6=\"Agreed\",\"Agreed\",IF($C$6=\"C/Fwd\",\"C/Fwd\",\"<>Luke\")),'Future Requirements'!$AA:$AA,$I$5),0)+\nIF($J$6=\"Include\",SUMIFS('Future Requirements'!$O:$O,'Future Requirements'!$D:$D,$B16,'Future Requirements'!$G:$G,K$11,'Future Requirements'!$B:$B,IF($C$3=\"\",\">=\"&$F$3,\">=\"&$C$3),'Future Requirements'!$B:$B,IF($C$4=\"\",\"<=\"&$F$4,\"<=\"&$C$4),'Future Requirements'!$J:$J,IF($C$5=\"Yes\",\"Yes\",IF($C$5=\"No\",\"No\",\"<>Luke\")),'Future Requirements'!$AC:$AC,IF($C$6=\"Agreed\",\"Agreed\",IF($C$6=\"C/Fwd\",\"C/Fwd\",\"<>Luke\")),'Future Requirements'!$AA:$AA,$I$6),0)+\nIF($J$7=\"Include\",SUMIFS('Future Requirements'!$O:$O,'Future Requirements'!$D:$D,$B16,'Future Requirements'!$G:$G,K$11,'Future Requirements'!$B:$B,IF($C$3=\"\",\">=\"&$F$3,\">=\"&$C$3),'Future Requirements'!$B:$B,IF($C$4=\"\",\"<=\"&$F$4,\"<=\"&$C$4),'Future Requirements'!$J:$J,IF($C$5=\"Yes\",\"Yes\",IF($C$5=\"No\",\"No\",\"<>Luke\")),'Future Requirements'!$AC:$AC,IF($C$6=\"Agreed\",\"Agreed\",IF($C$6=\"C/Fwd\",\"C/Fwd\",\"<>Luke\")),'Future Requirements'!$AA:$AA,$I$7),0)","v":0},{"$f":"IF($J$3=\"Include\",SUMIFS('Future Requirements'!$O:$O,'Future Requirements'!$D:$D,$B16,'Future Requirements'!$G:$G,L$11,'Future Requirements'!$B:$B,IF($C$3=\"\",\">=\"&$F$3,\">=\"&$C$3),'Future Requirements'!$B:$B,IF($C$4=\"\",\"<=\"&$F$4,\"<=\"&$C$4),'Future Requirements'!$J:$J,IF($C$5=\"Yes\",\"Yes\",IF($C$5=\"No\",\"No\",\"<>Luke\")),'Future Requirements'!$AC:$AC,IF($C$6=\"Agreed\",\"Agreed\",IF($C$6=\"C/Fwd\",\"C/Fwd\",\"<>Luke\")),'Future Requirements'!$AA:$AA,$I$3),0)+\nIF($J$4=\"Include\",SUMIFS('Future Requirements'!$O:$O,'Future Requirements'!$D:$D,$B16,'Future Requirements'!$G:$G,L$11,'Future Requirements'!$B:$B,IF($C$3=\"\",\">=\"&$F$3,\">=\"&$C$3),'Future Requirements'!$B:$B,IF($C$4=\"\",\"<=\"&$F$4,\"<=\"&$C$4),'Future Requirements'!$J:$J,IF($C$5=\"Yes\",\"Yes\",IF($C$5=\"No\",\"No\",\"<>Luke\")),'Future Requirements'!$AC:$AC,IF($C$6=\"Agreed\",\"Agreed\",IF($C$6=\"C/Fwd\",\"C/Fwd\",\"<>Luke\")),'Future Requirements'!$AA:$AA,$I$4),0)+\nIF($J$5=\"Include\",SUMIFS('Future Requirements'!$O:$O,'Future Requirements'!$D:$D,$B16,'Future Requirements'!$G:$G,L$11,'Future Requirements'!$B:$B,IF($C$3=\"\",\">=\"&$F$3,\">=\"&$C$3),'Future Requirements'!$B:$B,IF($C$4=\"\",\"<=\"&$F$4,\"<=\"&$C$4),'Future Requirements'!$J:$J,IF($C$5=\"Yes\",\"Yes\",IF($C$5=\"No\",\"No\",\"<>Luke\")),'Future Requirements'!$AC:$AC,IF($C$6=\"Agreed\",\"Agreed\",IF($C$6=\"C/Fwd\",\"C/Fwd\",\"<>Luke\")),'Future Requirements'!$AA:$AA,$I$5),0)+\nIF($J$6=\"Include\",SUMIFS('Future Requirements'!$O:$O,'Future Requirements'!$D:$D,$B16,'Future Requirements'!$G:$G,L$11,'Future Requirements'!$B:$B,IF($C$3=\"\",\">=\"&$F$3,\">=\"&$C$3),'Future Requirements'!$B:$B,IF($C$4=\"\",\"<=\"&$F$4,\"<=\"&$C$4),'Future Requirements'!$J:$J,IF($C$5=\"Yes\",\"Yes\",IF($C$5=\"No\",\"No\",\"<>Luke\")),'Future Requirements'!$AC:$AC,IF($C$6=\"Agreed\",\"Agreed\",IF($C$6=\"C/Fwd\",\"C/Fwd\",\"<>Luke\")),'Future Requirements'!$AA:$AA,$I$6),0)+\nIF($J$7=\"Include\",SUMIFS('Future Requirements'!$O:$O,'Future Requirements'!$D:$D,$B16,'Future Requirements'!$G:$G,L$11,'Future Requirements'!$B:$B,IF($C$3=\"\",\">=\"&$F$3,\">=\"&$C$3),'Future Requirements'!$B:$B,IF($C$4=\"\",\"<=\"&$F$4,\"<=\"&$C$4),'Future Requirements'!$J:$J,IF($C$5=\"Yes\",\"Yes\",IF($C$5=\"No\",\"No\",\"<>Luke\")),'Future Requirements'!$AC:$AC,IF($C$6=\"Agreed\",\"Agreed\",IF($C$6=\"C/Fwd\",\"C/Fwd\",\"<>Luke\")),'Future Requirements'!$AA:$AA,$I$7),0)","v":0},{"$f":"IF($J$3=\"Include\",SUMIFS('Future Requirements'!$O:$O,'Future Requirements'!$D:$D,$B16,'Future Requirements'!$G:$G,M$11,'Future Requirements'!$B:$B,IF($C$3=\"\",\">=\"&$F$3,\">=\"&$C$3),'Future Requirements'!$B:$B,IF($C$4=\"\",\"<=\"&$F$4,\"<=\"&$C$4),'Future Requirements'!$J:$J,IF($C$5=\"Yes\",\"Yes\",IF($C$5=\"No\",\"No\",\"<>Luke\")),'Future Requirements'!$AC:$AC,IF($C$6=\"Agreed\",\"Agreed\",IF($C$6=\"C/Fwd\",\"C/Fwd\",\"<>Luke\")),'Future Requirements'!$AA:$AA,$I$3),0)+\nIF($J$4=\"Include\",SUMIFS('Future Requirements'!$O:$O,'Future Requirements'!$D:$D,$B16,'Future Requirements'!$G:$G,M$11,'Future Requirements'!$B:$B,IF($C$3=\"\",\">=\"&$F$3,\">=\"&$C$3),'Future Requirements'!$B:$B,IF($C$4=\"\",\"<=\"&$F$4,\"<=\"&$C$4),'Future Requirements'!$J:$J,IF($C$5=\"Yes\",\"Yes\",IF($C$5=\"No\",\"No\",\"<>Luke\")),'Future Requirements'!$AC:$AC,IF($C$6=\"Agreed\",\"Agreed\",IF($C$6=\"C/Fwd\",\"C/Fwd\",\"<>Luke\")),'Future Requirements'!$AA:$AA,$I$4),0)+\nIF($J$5=\"Include\",SUMIFS('Future Requirements'!$O:$O,'Future Requirements'!$D:$D,$B16,'Future Requirements'!$G:$G,M$11,'Future Requirements'!$B:$B,IF($C$3=\"\",\">=\"&$F$3,\">=\"&$C$3),'Future Requirements'!$B:$B,IF($C$4=\"\",\"<=\"&$F$4,\"<=\"&$C$4),'Future Requirements'!$J:$J,IF($C$5=\"Yes\",\"Yes\",IF($C$5=\"No\",\"No\",\"<>Luke\")),'Future Requirements'!$AC:$AC,IF($C$6=\"Agreed\",\"Agreed\",IF($C$6=\"C/Fwd\",\"C/Fwd\",\"<>Luke\")),'Future Requirements'!$AA:$AA,$I$5),0)+\nIF($J$6=\"Include\",SUMIFS('Future Requirements'!$O:$O,'Future Requirements'!$D:$D,$B16,'Future Requirements'!$G:$G,M$11,'Future Requirements'!$B:$B,IF($C$3=\"\",\">=\"&$F$3,\">=\"&$C$3),'Future Requirements'!$B:$B,IF($C$4=\"\",\"<=\"&$F$4,\"<=\"&$C$4),'Future Requirements'!$J:$J,IF($C$5=\"Yes\",\"Yes\",IF($C$5=\"No\",\"No\",\"<>Luke\")),'Future Requirements'!$AC:$AC,IF($C$6=\"Agreed\",\"Agreed\",IF($C$6=\"C/Fwd\",\"C/Fwd\",\"<>Luke\")),'Future Requirements'!$AA:$AA,$I$6),0)+\nIF($J$7=\"Include\",SUMIFS('Future Requirements'!$O:$O,'Future Requirements'!$D:$D,$B16,'Future Requirements'!$G:$G,M$11,'Future Requirements'!$B:$B,IF($C$3=\"\",\">=\"&$F$3,\">=\"&$C$3),'Future Requirements'!$B:$B,IF($C$4=\"\",\"<=\"&$F$4,\"<=\"&$C$4),'Future Requirements'!$J:$J,IF($C$5=\"Yes\",\"Yes\",IF($C$5=\"No\",\"No\",\"<>Luke\")),'Future Requirements'!$AC:$AC,IF($C$6=\"Agreed\",\"Agreed\",IF($C$6=\"C/Fwd\",\"C/Fwd\",\"<>Luke\")),'Future Requirements'!$AA:$AA,$I$7),0)","v":0},{"$f":"IF($J$3=\"Include\",SUMIFS('Future Requirements'!$O:$O,'Future Requirements'!$D:$D,$B16,'Future Requirements'!$G:$G,N$11,'Future Requirements'!$B:$B,IF($C$3=\"\",\">=\"&$F$3,\">=\"&$C$3),'Future Requirements'!$B:$B,IF($C$4=\"\",\"<=\"&$F$4,\"<=\"&$C$4),'Future Requirements'!$J:$J,IF($C$5=\"Yes\",\"Yes\",IF($C$5=\"No\",\"No\",\"<>Luke\")),'Future Requirements'!$AC:$AC,IF($C$6=\"Agreed\",\"Agreed\",IF($C$6=\"C/Fwd\",\"C/Fwd\",\"<>Luke\")),'Future Requirements'!$AA:$AA,$I$3),0)+\nIF($J$4=\"Include\",SUMIFS('Future Requirements'!$O:$O,'Future Requirements'!$D:$D,$B16,'Future Requirements'!$G:$G,N$11,'Future Requirements'!$B:$B,IF($C$3=\"\",\">=\"&$F$3,\">=\"&$C$3),'Future Requirements'!$B:$B,IF($C$4=\"\",\"<=\"&$F$4,\"<=\"&$C$4),'Future Requirements'!$J:$J,IF($C$5=\"Yes\",\"Yes\",IF($C$5=\"No\",\"No\",\"<>Luke\")),'Future Requirements'!$AC:$AC,IF($C$6=\"Agreed\",\"Agreed\",IF($C$6=\"C/Fwd\",\"C/Fwd\",\"<>Luke\")),'Future Requirements'!$AA:$AA,$I$4),0)+\nIF($J$5=\"Include\",SUMIFS('Future Requirements'!$O:$O,'Future Requirements'!$D:$D,$B16,'Future Requirements'!$G:$G,N$11,'Future Requirements'!$B:$B,IF($C$3=\"\",\">=\"&$F$3,\">=\"&$C$3),'Future Requirements'!$B:$B,IF($C$4=\"\",\"<=\"&$F$4,\"<=\"&$C$4),'Future Requirements'!$J:$J,IF($C$5=\"Yes\",\"Yes\",IF($C$5=\"No\",\"No\",\"<>Luke\")),'Future Requirements'!$AC:$AC,IF($C$6=\"Agreed\",\"Agreed\",IF($C$6=\"C/Fwd\",\"C/Fwd\",\"<>Luke\")),'Future Requirements'!$AA:$AA,$I$5),0)+\nIF($J$6=\"Include\",SUMIFS('Future Requirements'!$O:$O,'Future Requirements'!$D:$D,$B16,'Future Requirements'!$G:$G,N$11,'Future Requirements'!$B:$B,IF($C$3=\"\",\">=\"&$F$3,\">=\"&$C$3),'Future Requirements'!$B:$B,IF($C$4=\"\",\"<=\"&$F$4,\"<=\"&$C$4),'Future Requirements'!$J:$J,IF($C$5=\"Yes\",\"Yes\",IF($C$5=\"No\",\"No\",\"<>Luke\")),'Future Requirements'!$AC:$AC,IF($C$6=\"Agreed\",\"Agreed\",IF($C$6=\"C/Fwd\",\"C/Fwd\",\"<>Luke\")),'Future Requirements'!$AA:$AA,$I$6),0)+\nIF($J$7=\"Include\",SUMIFS('Future Requirements'!$O:$O,'Future Requirements'!$D:$D,$B16,'Future Requirements'!$G:$G,N$11,'Future Requirements'!$B:$B,IF($C$3=\"\",\">=\"&$F$3,\">=\"&$C$3),'Future Requirements'!$B:$B,IF($C$4=\"\",\"<=\"&$F$4,\"<=\"&$C$4),'Future Requirements'!$J:$J,IF($C$5=\"Yes\",\"Yes\",IF($C$5=\"No\",\"No\",\"<>Luke\")),'Future Requirements'!$AC:$AC,IF($C$6=\"Agreed\",\"Agreed\",IF($C$6=\"C/Fwd\",\"C/Fwd\",\"<>Luke\")),'Future Requirements'!$AA:$AA,$I$7),0)","v":0},{"$f":"IF($J$3=\"Include\",SUMIFS('Future Requirements'!$O:$O,'Future Requirements'!$D:$D,$B16,'Future Requirements'!$G:$G,O$11,'Future Requirements'!$B:$B,IF($C$3=\"\",\">=\"&$F$3,\">=\"&$C$3),'Future Requirements'!$B:$B,IF($C$4=\"\",\"<=\"&$F$4,\"<=\"&$C$4),'Future Requirements'!$J:$J,IF($C$5=\"Yes\",\"Yes\",IF($C$5=\"No\",\"No\",\"<>Luke\")),'Future Requirements'!$AC:$AC,IF($C$6=\"Agreed\",\"Agreed\",IF($C$6=\"C/Fwd\",\"C/Fwd\",\"<>Luke\")),'Future Requirements'!$AA:$AA,$I$3),0)+\nIF($J$4=\"Include\",SUMIFS('Future Requirements'!$O:$O,'Future Requirements'!$D:$D,$B16,'Future Requirements'!$G:$G,O$11,'Future Requirements'!$B:$B,IF($C$3=\"\",\">=\"&$F$3,\">=\"&$C$3),'Future Requirements'!$B:$B,IF($C$4=\"\",\"<=\"&$F$4,\"<=\"&$C$4),'Future Requirements'!$J:$J,IF($C$5=\"Yes\",\"Yes\",IF($C$5=\"No\",\"No\",\"<>Luke\")),'Future Requirements'!$AC:$AC,IF($C$6=\"Agreed\",\"Agreed\",IF($C$6=\"C/Fwd\",\"C/Fwd\",\"<>Luke\")),'Future Requirements'!$AA:$AA,$I$4),0)+\nIF($J$5=\"Include\",SUMIFS('Future Requirements'!$O:$O,'Future Requirements'!$D:$D,$B16,'Future Requirements'!$G:$G,O$11,'Future Requirements'!$B:$B,IF($C$3=\"\",\">=\"&$F$3,\">=\"&$C$3),'Future Requirements'!$B:$B,IF($C$4=\"\",\"<=\"&$F$4,\"<=\"&$C$4),'Future Requirements'!$J:$J,IF($C$5=\"Yes\",\"Yes\",IF($C$5=\"No\",\"No\",\"<>Luke\")),'Future Requirements'!$AC:$AC,IF($C$6=\"Agreed\",\"Agreed\",IF($C$6=\"C/Fwd\",\"C/Fwd\",\"<>Luke\")),'Future Requirements'!$AA:$AA,$I$5),0)+\nIF($J$6=\"Include\",SUMIFS('Future Requirements'!$O:$O,'Future Requirements'!$D:$D,$B16,'Future Requirements'!$G:$G,O$11,'Future Requirements'!$B:$B,IF($C$3=\"\",\">=\"&$F$3,\">=\"&$C$3),'Future Requirements'!$B:$B,IF($C$4=\"\",\"<=\"&$F$4,\"<=\"&$C$4),'Future Requirements'!$J:$J,IF($C$5=\"Yes\",\"Yes\",IF($C$5=\"No\",\"No\",\"<>Luke\")),'Future Requirements'!$AC:$AC,IF($C$6=\"Agreed\",\"Agreed\",IF($C$6=\"C/Fwd\",\"C/Fwd\",\"<>Luke\")),'Future Requirements'!$AA:$AA,$I$6),0)+\nIF($J$7=\"Include\",SUMIFS('Future Requirements'!$O:$O,'Future Requirements'!$D:$D,$B16,'Future Requirements'!$G:$G,O$11,'Future Requirements'!$B:$B,IF($C$3=\"\",\">=\"&$F$3,\">=\"&$C$3),'Future Requirements'!$B:$B,IF($C$4=\"\",\"<=\"&$F$4,\"<=\"&$C$4),'Future Requirements'!$J:$J,IF($C$5=\"Yes\",\"Yes\",IF($C$5=\"No\",\"No\",\"<>Luke\")),'Future Requirements'!$AC:$AC,IF($C$6=\"Agreed\",\"Agreed\",IF($C$6=\"C/Fwd\",\"C/Fwd\",\"<>Luke\")),'Future Requirements'!$AA:$AA,$I$7),0)","v":0},{"$f":"IF($J$3=\"Include\",SUMIFS('Future Requirements'!$O:$O,'Future Requirements'!$D:$D,$B16,'Future Requirements'!$G:$G,P$11,'Future Requirements'!$B:$B,IF($C$3=\"\",\">=\"&$F$3,\">=\"&$C$3),'Future Requirements'!$B:$B,IF($C$4=\"\",\"<=\"&$F$4,\"<=\"&$C$4),'Future Requirements'!$J:$J,IF($C$5=\"Yes\",\"Yes\",IF($C$5=\"No\",\"No\",\"<>Luke\")),'Future Requirements'!$AC:$AC,IF($C$6=\"Agreed\",\"Agreed\",IF($C$6=\"C/Fwd\",\"C/Fwd\",\"<>Luke\")),'Future Requirements'!$AA:$AA,$I$3),0)+\nIF($J$4=\"Include\",SUMIFS('Future Requirements'!$O:$O,'Future Requirements'!$D:$D,$B16,'Future Requirements'!$G:$G,P$11,'Future Requirements'!$B:$B,IF($C$3=\"\",\">=\"&$F$3,\">=\"&$C$3),'Future Requirements'!$B:$B,IF($C$4=\"\",\"<=\"&$F$4,\"<=\"&$C$4),'Future Requirements'!$J:$J,IF($C$5=\"Yes\",\"Yes\",IF($C$5=\"No\",\"No\",\"<>Luke\")),'Future Requirements'!$AC:$AC,IF($C$6=\"Agreed\",\"Agreed\",IF($C$6=\"C/Fwd\",\"C/Fwd\",\"<>Luke\")),'Future Requirements'!$AA:$AA,$I$4),0)+\nIF($J$5=\"Include\",SUMIFS('Future Requirements'!$O:$O,'Future Requirements'!$D:$D,$B16,'Future Requirements'!$G:$G,P$11,'Future Requirements'!$B:$B,IF($C$3=\"\",\">=\"&$F$3,\">=\"&$C$3),'Future Requirements'!$B:$B,IF($C$4=\"\",\"<=\"&$F$4,\"<=\"&$C$4),'Future Requirements'!$J:$J,IF($C$5=\"Yes\",\"Yes\",IF($C$5=\"No\",\"No\",\"<>Luke\")),'Future Requirements'!$AC:$AC,IF($C$6=\"Agreed\",\"Agreed\",IF($C$6=\"C/Fwd\",\"C/Fwd\",\"<>Luke\")),'Future Requirements'!$AA:$AA,$I$5),0)+\nIF($J$6=\"Include\",SUMIFS('Future Requirements'!$O:$O,'Future Requirements'!$D:$D,$B16,'Future Requirements'!$G:$G,P$11,'Future Requirements'!$B:$B,IF($C$3=\"\",\">=\"&$F$3,\">=\"&$C$3),'Future Requirements'!$B:$B,IF($C$4=\"\",\"<=\"&$F$4,\"<=\"&$C$4),'Future Requirements'!$J:$J,IF($C$5=\"Yes\",\"Yes\",IF($C$5=\"No\",\"No\",\"<>Luke\")),'Future Requirements'!$AC:$AC,IF($C$6=\"Agreed\",\"Agreed\",IF($C$6=\"C/Fwd\",\"C/Fwd\",\"<>Luke\")),'Future Requirements'!$AA:$AA,$I$6),0)+\nIF($J$7=\"Include\",SUMIFS('Future Requirements'!$O:$O,'Future Requirements'!$D:$D,$B16,'Future Requirements'!$G:$G,P$11,'Future Requirements'!$B:$B,IF($C$3=\"\",\">=\"&$F$3,\">=\"&$C$3),'Future Requirements'!$B:$B,IF($C$4=\"\",\"<=\"&$F$4,\"<=\"&$C$4),'Future Requirements'!$J:$J,IF($C$5=\"Yes\",\"Yes\",IF($C$5=\"No\",\"No\",\"<>Luke\")),'Future Requirements'!$AC:$AC,IF($C$6=\"Agreed\",\"Agreed\",IF($C$6=\"C/Fwd\",\"C/Fwd\",\"<>Luke\")),'Future Requirements'!$AA:$AA,$I$7),0)","v":0},{"$f":"IF($J$3=\"Include\",SUMIFS('Future Requirements'!$O:$O,'Future Requirements'!$D:$D,$B16,'Future Requirements'!$G:$G,Q$11,'Future Requirements'!$B:$B,IF($C$3=\"\",\">=\"&$F$3,\">=\"&$C$3),'Future Requirements'!$B:$B,IF($C$4=\"\",\"<=\"&$F$4,\"<=\"&$C$4),'Future Requirements'!$J:$J,IF($C$5=\"Yes\",\"Yes\",IF($C$5=\"No\",\"No\",\"<>Luke\")),'Future Requirements'!$AC:$AC,IF($C$6=\"Agreed\",\"Agreed\",IF($C$6=\"C/Fwd\",\"C/Fwd\",\"<>Luke\")),'Future Requirements'!$AA:$AA,$I$3),0)+\nIF($J$4=\"Include\",SUMIFS('Future Requirements'!$O:$O,'Future Requirements'!$D:$D,$B16,'Future Requirements'!$G:$G,Q$11,'Future Requirements'!$B:$B,IF($C$3=\"\",\">=\"&$F$3,\">=\"&$C$3),'Future Requirements'!$B:$B,IF($C$4=\"\",\"<=\"&$F$4,\"<=\"&$C$4),'Future Requirements'!$J:$J,IF($C$5=\"Yes\",\"Yes\",IF($C$5=\"No\",\"No\",\"<>Luke\")),'Future Requirements'!$AC:$AC,IF($C$6=\"Agreed\",\"Agreed\",IF($C$6=\"C/Fwd\",\"C/Fwd\",\"<>Luke\")),'Future Requirements'!$AA:$AA,$I$4),0)+\nIF($J$5=\"Include\",SUMIFS('Future Requirements'!$O:$O,'Future Requirements'!$D:$D,$B16,'Future Requirements'!$G:$G,Q$11,'Future Requirements'!$B:$B,IF($C$3=\"\",\">=\"&$F$3,\">=\"&$C$3),'Future Requirements'!$B:$B,IF($C$4=\"\",\"<=\"&$F$4,\"<=\"&$C$4),'Future Requirements'!$J:$J,IF($C$5=\"Yes\",\"Yes\",IF($C$5=\"No\",\"No\",\"<>Luke\")),'Future Requirements'!$AC:$AC,IF($C$6=\"Agreed\",\"Agreed\",IF($C$6=\"C/Fwd\",\"C/Fwd\",\"<>Luke\")),'Future Requirements'!$AA:$AA,$I$5),0)+\nIF($J$6=\"Include\",SUMIFS('Future Requirements'!$O:$O,'Future Requirements'!$D:$D,$B16,'Future Requirements'!$G:$G,Q$11,'Future Requirements'!$B:$B,IF($C$3=\"\",\">=\"&$F$3,\">=\"&$C$3),'Future Requirements'!$B:$B,IF($C$4=\"\",\"<=\"&$F$4,\"<=\"&$C$4),'Future Requirements'!$J:$J,IF($C$5=\"Yes\",\"Yes\",IF($C$5=\"No\",\"No\",\"<>Luke\")),'Future Requirements'!$AC:$AC,IF($C$6=\"Agreed\",\"Agreed\",IF($C$6=\"C/Fwd\",\"C/Fwd\",\"<>Luke\")),'Future Requirements'!$AA:$AA,$I$6),0)+\nIF($J$7=\"Include\",SUMIFS('Future Requirements'!$O:$O,'Future Requirements'!$D:$D,$B16,'Future Requirements'!$G:$G,Q$11,'Future Requirements'!$B:$B,IF($C$3=\"\",\">=\"&$F$3,\">=\"&$C$3),'Future Requirements'!$B:$B,IF($C$4=\"\",\"<=\"&$F$4,\"<=\"&$C$4),'Future Requirements'!$J:$J,IF($C$5=\"Yes\",\"Yes\",IF($C$5=\"No\",\"No\",\"<>Luke\")),'Future Requirements'!$AC:$AC,IF($C$6=\"Agreed\",\"Agreed\",IF($C$6=\"C/Fwd\",\"C/Fwd\",\"<>Luke\")),'Future Requirements'!$AA:$AA,$I$7),0)","v":0},{"$f":"IF($J$3=\"Include\",SUMIFS('Future Requirements'!$O:$O,'Future Requirements'!$D:$D,$B16,'Future Requirements'!$G:$G,R$11,'Future Requirements'!$B:$B,IF($C$3=\"\",\">=\"&$F$3,\">=\"&$C$3),'Future Requirements'!$B:$B,IF($C$4=\"\",\"<=\"&$F$4,\"<=\"&$C$4),'Future Requirements'!$J:$J,IF($C$5=\"Yes\",\"Yes\",IF($C$5=\"No\",\"No\",\"<>Luke\")),'Future Requirements'!$AC:$AC,IF($C$6=\"Agreed\",\"Agreed\",IF($C$6=\"C/Fwd\",\"C/Fwd\",\"<>Luke\")),'Future Requirements'!$AA:$AA,$I$3),0)+\nIF($J$4=\"Include\",SUMIFS('Future Requirements'!$O:$O,'Future Requirements'!$D:$D,$B16,'Future Requirements'!$G:$G,R$11,'Future Requirements'!$B:$B,IF($C$3=\"\",\">=\"&$F$3,\">=\"&$C$3),'Future Requirements'!$B:$B,IF($C$4=\"\",\"<=\"&$F$4,\"<=\"&$C$4),'Future Requirements'!$J:$J,IF($C$5=\"Yes\",\"Yes\",IF($C$5=\"No\",\"No\",\"<>Luke\")),'Future Requirements'!$AC:$AC,IF($C$6=\"Agreed\",\"Agreed\",IF($C$6=\"C/Fwd\",\"C/Fwd\",\"<>Luke\")),'Future Requirements'!$AA:$AA,$I$4),0)+\nIF($J$5=\"Include\",SUMIFS('Future Requirements'!$O:$O,'Future Requirements'!$D:$D,$B16,'Future Requirements'!$G:$G,R$11,'Future Requirements'!$B:$B,IF($C$3=\"\",\">=\"&$F$3,\">=\"&$C$3),'Future Requirements'!$B:$B,IF($C$4=\"\",\"<=\"&$F$4,\"<=\"&$C$4),'Future Requirements'!$J:$J,IF($C$5=\"Yes\",\"Yes\",IF($C$5=\"No\",\"No\",\"<>Luke\")),'Future Requirements'!$AC:$AC,IF($C$6=\"Agreed\",\"Agreed\",IF($C$6=\"C/Fwd\",\"C/Fwd\",\"<>Luke\")),'Future Requirements'!$AA:$AA,$I$5),0)+\nIF($J$6=\"Include\",SUMIFS('Future Requirements'!$O:$O,'Future Requirements'!$D:$D,$B16,'Future Requirements'!$G:$G,R$11,'Future Requirements'!$B:$B,IF($C$3=\"\",\">=\"&$F$3,\">=\"&$C$3),'Future Requirements'!$B:$B,IF($C$4=\"\",\"<=\"&$F$4,\"<=\"&$C$4),'Future Requirements'!$J:$J,IF($C$5=\"Yes\",\"Yes\",IF($C$5=\"No\",\"No\",\"<>Luke\")),'Future Requirements'!$AC:$AC,IF($C$6=\"Agreed\",\"Agreed\",IF($C$6=\"C/Fwd\",\"C/Fwd\",\"<>Luke\")),'Future Requirements'!$AA:$AA,$I$6),0)+\nIF($J$7=\"Include\",SUMIFS('Future Requirements'!$O:$O,'Future Requirements'!$D:$D,$B16,'Future Requirements'!$G:$G,R$11,'Future Requirements'!$B:$B,IF($C$3=\"\",\">=\"&$F$3,\">=\"&$C$3),'Future Requirements'!$B:$B,IF($C$4=\"\",\"<=\"&$F$4,\"<=\"&$C$4),'Future Requirements'!$J:$J,IF($C$5=\"Yes\",\"Yes\",IF($C$5=\"No\",\"No\",\"<>Luke\")),'Future Requirements'!$AC:$AC,IF($C$6=\"Agreed\",\"Agreed\",IF($C$6=\"C/Fwd\",\"C/Fwd\",\"<>Luke\")),'Future Requirements'!$AA:$AA,$I$7),0)","v":0},{"$f":"IF($J$3=\"Include\",SUMIFS('Future Requirements'!$O:$O,'Future Requirements'!$D:$D,$B16,'Future Requirements'!$G:$G,S$11,'Future Requirements'!$B:$B,IF($C$3=\"\",\">=\"&$F$3,\">=\"&$C$3),'Future Requirements'!$B:$B,IF($C$4=\"\",\"<=\"&$F$4,\"<=\"&$C$4),'Future Requirements'!$J:$J,IF($C$5=\"Yes\",\"Yes\",IF($C$5=\"No\",\"No\",\"<>Luke\")),'Future Requirements'!$AC:$AC,IF($C$6=\"Agreed\",\"Agreed\",IF($C$6=\"C/Fwd\",\"C/Fwd\",\"<>Luke\")),'Future Requirements'!$AA:$AA,$I$3),0)+\nIF($J$4=\"Include\",SUMIFS('Future Requirements'!$O:$O,'Future Requirements'!$D:$D,$B16,'Future Requirements'!$G:$G,S$11,'Future Requirements'!$B:$B,IF($C$3=\"\",\">=\"&$F$3,\">=\"&$C$3),'Future Requirements'!$B:$B,IF($C$4=\"\",\"<=\"&$F$4,\"<=\"&$C$4),'Future Requirements'!$J:$J,IF($C$5=\"Yes\",\"Yes\",IF($C$5=\"No\",\"No\",\"<>Luke\")),'Future Requirements'!$AC:$AC,IF($C$6=\"Agreed\",\"Agreed\",IF($C$6=\"C/Fwd\",\"C/Fwd\",\"<>Luke\")),'Future Requirements'!$AA:$AA,$I$4),0)+\nIF($J$5=\"Include\",SUMIFS('Future Requirements'!$O:$O,'Future Requirements'!$D:$D,$B16,'Future Requirements'!$G:$G,S$11,'Future Requirements'!$B:$B,IF($C$3=\"\",\">=\"&$F$3,\">=\"&$C$3),'Future Requirements'!$B:$B,IF($C$4=\"\",\"<=\"&$F$4,\"<=\"&$C$4),'Future Requirements'!$J:$J,IF($C$5=\"Yes\",\"Yes\",IF($C$5=\"No\",\"No\",\"<>Luke\")),'Future Requirements'!$AC:$AC,IF($C$6=\"Agreed\",\"Agreed\",IF($C$6=\"C/Fwd\",\"C/Fwd\",\"<>Luke\")),'Future Requirements'!$AA:$AA,$I$5),0)+\nIF($J$6=\"Include\",SUMIFS('Future Requirements'!$O:$O,'Future Requirements'!$D:$D,$B16,'Future Requirements'!$G:$G,S$11,'Future Requirements'!$B:$B,IF($C$3=\"\",\">=\"&$F$3,\">=\"&$C$3),'Future Requirements'!$B:$B,IF($C$4=\"\",\"<=\"&$F$4,\"<=\"&$C$4),'Future Requirements'!$J:$J,IF($C$5=\"Yes\",\"Yes\",IF($C$5=\"No\",\"No\",\"<>Luke\")),'Future Requirements'!$AC:$AC,IF($C$6=\"Agreed\",\"Agreed\",IF($C$6=\"C/Fwd\",\"C/Fwd\",\"<>Luke\")),'Future Requirements'!$AA:$AA,$I$6),0)+\nIF($J$7=\"Include\",SUMIFS('Future Requirements'!$O:$O,'Future Requirements'!$D:$D,$B16,'Future Requirements'!$G:$G,S$11,'Future Requirements'!$B:$B,IF($C$3=\"\",\">=\"&$F$3,\">=\"&$C$3),'Future Requirements'!$B:$B,IF($C$4=\"\",\"<=\"&$F$4,\"<=\"&$C$4),'Future Requirements'!$J:$J,IF($C$5=\"Yes\",\"Yes\",IF($C$5=\"No\",\"No\",\"<>Luke\")),'Future Requirements'!$AC:$AC,IF($C$6=\"Agreed\",\"Agreed\",IF($C$6=\"C/Fwd\",\"C/Fwd\",\"<>Luke\")),'Future Requirements'!$AA:$AA,$I$7),0)","v":0},0]
[null,"Footways",{"$f":"IF($J$3=\"Include\",SUMIFS('Future Requirements'!$O:$O,'Future Requirements'!$D:$D,$B17,'Future Requirements'!$G:$G,C$11,'Future Requirements'!$B:$B,IF($C$3=\"\",\">=\"&$F$3,\">=\"&$C$3),'Future Requirements'!$B:$B,IF($C$4=\"\",\"<=\"&$F$4,\"<=\"&$C$4),'Future Requirements'!$J:$J,IF($C$5=\"Yes\",\"Yes\",IF($C$5=\"No\",\"No\",\"<>Luke\")),'Future Requirements'!$AC:$AC,IF($C$6=\"Agreed\",\"Agreed\",IF($C$6=\"C/Fwd\",\"C/Fwd\",\"<>Luke\")),'Future Requirements'!$AA:$AA,$I$3),0)+\nIF($J$4=\"Include\",SUMIFS('Future Requirements'!$O:$O,'Future Requirements'!$D:$D,$B17,'Future Requirements'!$G:$G,C$11,'Future Requirements'!$B:$B,IF($C$3=\"\",\">=\"&$F$3,\">=\"&$C$3),'Future Requirements'!$B:$B,IF($C$4=\"\",\"<=\"&$F$4,\"<=\"&$C$4),'Future Requirements'!$J:$J,IF($C$5=\"Yes\",\"Yes\",IF($C$5=\"No\",\"No\",\"<>Luke\")),'Future Requirements'!$AC:$AC,IF($C$6=\"Agreed\",\"Agreed\",IF($C$6=\"C/Fwd\",\"C/Fwd\",\"<>Luke\")),'Future Requirements'!$AA:$AA,$I$4),0)+\nIF($J$5=\"Include\",SUMIFS('Future Requirements'!$O:$O,'Future Requirements'!$D:$D,$B17,'Future Requirements'!$G:$G,C$11,'Future Requirements'!$B:$B,IF($C$3=\"\",\">=\"&$F$3,\">=\"&$C$3),'Future Requirements'!$B:$B,IF($C$4=\"\",\"<=\"&$F$4,\"<=\"&$C$4),'Future Requirements'!$J:$J,IF($C$5=\"Yes\",\"Yes\",IF($C$5=\"No\",\"No\",\"<>Luke\")),'Future Requirements'!$AC:$AC,IF($C$6=\"Agreed\",\"Agreed\",IF($C$6=\"C/Fwd\",\"C/Fwd\",\"<>Luke\")),'Future Requirements'!$AA:$AA,$I$5),0)+\nIF($J$6=\"Include\",SUMIFS('Future Requirements'!$O:$O,'Future Requirements'!$D:$D,$B17,'Future Requirements'!$G:$G,C$11,'Future Requirements'!$B:$B,IF($C$3=\"\",\">=\"&$F$3,\">=\"&$C$3),'Future Requirements'!$B:$B,IF($C$4=\"\",\"<=\"&$F$4,\"<=\"&$C$4),'Future Requirements'!$J:$J,IF($C$5=\"Yes\",\"Yes\",IF($C$5=\"No\",\"No\",\"<>Luke\")),'Future Requirements'!$AC:$AC,IF($C$6=\"Agreed\",\"Agreed\",IF($C$6=\"C/Fwd\",\"C/Fwd\",\"<>Luke\")),'Future Requirements'!$AA:$AA,$I$6),0)+\nIF($J$7=\"Include\",SUMIFS('Future Requirements'!$O:$O,'Future Requirements'!$D:$D,$B17,'Future Requirements'!$G:$G,C$11,'Future Requirements'!$B:$B,IF($C$3=\"\",\">=\"&$F$3,\">=\"&$C$3),'Future Requirements'!$B:$B,IF($C$4=\"\",\"<=\"&$F$4,\"<=\"&$C$4),'Future Requirements'!$J:$J,IF($C$5=\"Yes\",\"Yes\",IF($C$5=\"No\",\"No\",\"<>Luke\")),'Future Requirements'!$AC:$AC,IF($C$6=\"Agreed\",\"Agreed\",IF($C$6=\"C/Fwd\",\"C/Fwd\",\"<>Luke\")),'Future Requirements'!$AA:$AA,$I$7),0)","v":0},{"$f":"IF($J$3=\"Include\",SUMIFS('Future Requirements'!$O:$O,'Future Requirements'!$D:$D,$B17,'Future Requirements'!$G:$G,D$11,'Future Requirements'!$B:$B,IF($C$3=\"\",\">=\"&$F$3,\">=\"&$C$3),'Future Requirements'!$B:$B,IF($C$4=\"\",\"<=\"&$F$4,\"<=\"&$C$4),'Future Requirements'!$J:$J,IF($C$5=\"Yes\",\"Yes\",IF($C$5=\"No\",\"No\",\"<>Luke\")),'Future Requirements'!$AC:$AC,IF($C$6=\"Agreed\",\"Agreed\",IF($C$6=\"C/Fwd\",\"C/Fwd\",\"<>Luke\")),'Future Requirements'!$AA:$AA,$I$3),0)+\nIF($J$4=\"Include\",SUMIFS('Future Requirements'!$O:$O,'Future Requirements'!$D:$D,$B17,'Future Requirements'!$G:$G,D$11,'Future Requirements'!$B:$B,IF($C$3=\"\",\">=\"&$F$3,\">=\"&$C$3),'Future Requirements'!$B:$B,IF($C$4=\"\",\"<=\"&$F$4,\"<=\"&$C$4),'Future Requirements'!$J:$J,IF($C$5=\"Yes\",\"Yes\",IF($C$5=\"No\",\"No\",\"<>Luke\")),'Future Requirements'!$AC:$AC,IF($C$6=\"Agreed\",\"Agreed\",IF($C$6=\"C/Fwd\",\"C/Fwd\",\"<>Luke\")),'Future Requirements'!$AA:$AA,$I$4),0)+\nIF($J$5=\"Include\",SUMIFS('Future Requirements'!$O:$O,'Future Requirements'!$D:$D,$B17,'Future Requirements'!$G:$G,D$11,'Future Requirements'!$B:$B,IF($C$3=\"\",\">=\"&$F$3,\">=\"&$C$3),'Future Requirements'!$B:$B,IF($C$4=\"\",\"<=\"&$F$4,\"<=\"&$C$4),'Future Requirements'!$J:$J,IF($C$5=\"Yes\",\"Yes\",IF($C$5=\"No\",\"No\",\"<>Luke\")),'Future Requirements'!$AC:$AC,IF($C$6=\"Agreed\",\"Agreed\",IF($C$6=\"C/Fwd\",\"C/Fwd\",\"<>Luke\")),'Future Requirements'!$AA:$AA,$I$5),0)+\nIF($J$6=\"Include\",SUMIFS('Future Requirements'!$O:$O,'Future Requirements'!$D:$D,$B17,'Future Requirements'!$G:$G,D$11,'Future Requirements'!$B:$B,IF($C$3=\"\",\">=\"&$F$3,\">=\"&$C$3),'Future Requirements'!$B:$B,IF($C$4=\"\",\"<=\"&$F$4,\"<=\"&$C$4),'Future Requirements'!$J:$J,IF($C$5=\"Yes\",\"Yes\",IF($C$5=\"No\",\"No\",\"<>Luke\")),'Future Requirements'!$AC:$AC,IF($C$6=\"Agreed\",\"Agreed\",IF($C$6=\"C/Fwd\",\"C/Fwd\",\"<>Luke\")),'Future Requirements'!$AA:$AA,$I$6),0)+\nIF($J$7=\"Include\",SUMIFS('Future Requirements'!$O:$O,'Future Requirements'!$D:$D,$B17,'Future Requirements'!$G:$G,D$11,'Future Requirements'!$B:$B,IF($C$3=\"\",\">=\"&$F$3,\">=\"&$C$3),'Future Requirements'!$B:$B,IF($C$4=\"\",\"<=\"&$F$4,\"<=\"&$C$4),'Future Requirements'!$J:$J,IF($C$5=\"Yes\",\"Yes\",IF($C$5=\"No\",\"No\",\"<>Luke\")),'Future Requirements'!$AC:$AC,IF($C$6=\"Agreed\",\"Agreed\",IF($C$6=\"C/Fwd\",\"C/Fwd\",\"<>Luke\")),'Future Requirements'!$AA:$AA,$I$7),0)","v":0},{"$f":"IF($J$3=\"Include\",SUMIFS('Future Requirements'!$O:$O,'Future Requirements'!$D:$D,$B17,'Future Requirements'!$G:$G,E$11,'Future Requirements'!$B:$B,IF($C$3=\"\",\">=\"&$F$3,\">=\"&$C$3),'Future Requirements'!$B:$B,IF($C$4=\"\",\"<=\"&$F$4,\"<=\"&$C$4),'Future Requirements'!$J:$J,IF($C$5=\"Yes\",\"Yes\",IF($C$5=\"No\",\"No\",\"<>Luke\")),'Future Requirements'!$AC:$AC,IF($C$6=\"Agreed\",\"Agreed\",IF($C$6=\"C/Fwd\",\"C/Fwd\",\"<>Luke\")),'Future Requirements'!$AA:$AA,$I$3),0)+\nIF($J$4=\"Include\",SUMIFS('Future Requirements'!$O:$O,'Future Requirements'!$D:$D,$B17,'Future Requirements'!$G:$G,E$11,'Future Requirements'!$B:$B,IF($C$3=\"\",\">=\"&$F$3,\">=\"&$C$3),'Future Requirements'!$B:$B,IF($C$4=\"\",\"<=\"&$F$4,\"<=\"&$C$4),'Future Requirements'!$J:$J,IF($C$5=\"Yes\",\"Yes\",IF($C$5=\"No\",\"No\",\"<>Luke\")),'Future Requirements'!$AC:$AC,IF($C$6=\"Agreed\",\"Agreed\",IF($C$6=\"C/Fwd\",\"C/Fwd\",\"<>Luke\")),'Future Requirements'!$AA:$AA,$I$4),0)+\nIF($J$5=\"Include\",SUMIFS('Future Requirements'!$O:$O,'Future Requirements'!$D:$D,$B17,'Future Requirements'!$G:$G,E$11,'Future Requirements'!$B:$B,IF($C$3=\"\",\">=\"&$F$3,\">=\"&$C$3),'Future Requirements'!$B:$B,IF($C$4=\"\",\"<=\"&$F$4,\"<=\"&$C$4),'Future Requirements'!$J:$J,IF($C$5=\"Yes\",\"Yes\",IF($C$5=\"No\",\"No\",\"<>Luke\")),'Future Requirements'!$AC:$AC,IF($C$6=\"Agreed\",\"Agreed\",IF($C$6=\"C/Fwd\",\"C/Fwd\",\"<>Luke\")),'Future Requirements'!$AA:$AA,$I$5),0)+\nIF($J$6=\"Include\",SUMIFS('Future Requirements'!$O:$O,'Future Requirements'!$D:$D,$B17,'Future Requirements'!$G:$G,E$11,'Future Requirements'!$B:$B,IF($C$3=\"\",\">=\"&$F$3,\">=\"&$C$3),'Future Requirements'!$B:$B,IF($C$4=\"\",\"<=\"&$F$4,\"<=\"&$C$4),'Future Requirements'!$J:$J,IF($C$5=\"Yes\",\"Yes\",IF($C$5=\"No\",\"No\",\"<>Luke\")),'Future Requirements'!$AC:$AC,IF($C$6=\"Agreed\",\"Agreed\",IF($C$6=\"C/Fwd\",\"C/Fwd\",\"<>Luke\")),'Future Requirements'!$AA:$AA,$I$6),0)+\nIF($J$7=\"Include\",SUMIFS('Future Requirements'!$O:$O,'Future Requirements'!$D:$D,$B17,'Future Requirements'!$G:$G,E$11,'Future Requirements'!$B:$B,IF($C$3=\"\",\">=\"&$F$3,\">=\"&$C$3),'Future Requirements'!$B:$B,IF($C$4=\"\",\"<=\"&$F$4,\"<=\"&$C$4),'Future Requirements'!$J:$J,IF($C$5=\"Yes\",\"Yes\",IF($C$5=\"No\",\"No\",\"<>Luke\")),'Future Requirements'!$AC:$AC,IF($C$6=\"Agreed\",\"Agreed\",IF($C$6=\"C/Fwd\",\"C/Fwd\",\"<>Luke\")),'Future Requirements'!$AA:$AA,$I$7),0)","v":0},{"$f":"IF($J$3=\"Include\",SUMIFS('Future Requirements'!$O:$O,'Future Requirements'!$D:$D,$B17,'Future Requirements'!$G:$G,F$11,'Future Requirements'!$B:$B,IF($C$3=\"\",\">=\"&$F$3,\">=\"&$C$3),'Future Requirements'!$B:$B,IF($C$4=\"\",\"<=\"&$F$4,\"<=\"&$C$4),'Future Requirements'!$J:$J,IF($C$5=\"Yes\",\"Yes\",IF($C$5=\"No\",\"No\",\"<>Luke\")),'Future Requirements'!$AC:$AC,IF($C$6=\"Agreed\",\"Agreed\",IF($C$6=\"C/Fwd\",\"C/Fwd\",\"<>Luke\")),'Future Requirements'!$AA:$AA,$I$3),0)+\nIF($J$4=\"Include\",SUMIFS('Future Requirements'!$O:$O,'Future Requirements'!$D:$D,$B17,'Future Requirements'!$G:$G,F$11,'Future Requirements'!$B:$B,IF($C$3=\"\",\">=\"&$F$3,\">=\"&$C$3),'Future Requirements'!$B:$B,IF($C$4=\"\",\"<=\"&$F$4,\"<=\"&$C$4),'Future Requirements'!$J:$J,IF($C$5=\"Yes\",\"Yes\",IF($C$5=\"No\",\"No\",\"<>Luke\")),'Future Requirements'!$AC:$AC,IF($C$6=\"Agreed\",\"Agreed\",IF($C$6=\"C/Fwd\",\"C/Fwd\",\"<>Luke\")),'Future Requirements'!$AA:$AA,$I$4),0)+\nIF($J$5=\"Include\",SUMIFS('Future Requirements'!$O:$O,'Future Requirements'!$D:$D,$B17,'Future Requirements'!$G:$G,F$11,'Future Requirements'!$B:$B,IF($C$3=\"\",\">=\"&$F$3,\">=\"&$C$3),'Future Requirements'!$B:$B,IF($C$4=\"\",\"<=\"&$F$4,\"<=\"&$C$4),'Future Requirements'!$J:$J,IF($C$5=\"Yes\",\"Yes\",IF($C$5=\"No\",\"No\",\"<>Luke\")),'Future Requirements'!$AC:$AC,IF($C$6=\"Agreed\",\"Agreed\",IF($C$6=\"C/Fwd\",\"C/Fwd\",\"<>Luke\")),'Future Requirements'!$AA:$AA,$I$5),0)+\nIF($J$6=\"Include\",SUMIFS('Future Requirements'!$O:$O,'Future Requirements'!$D:$D,$B17,'Future Requirements'!$G:$G,F$11,'Future Requirements'!$B:$B,IF($C$3=\"\",\">=\"&$F$3,\">=\"&$C$3),'Future Requirements'!$B:$B,IF($C$4=\"\",\"<=\"&$F$4,\"<=\"&$C$4),'Future Requirements'!$J:$J,IF($C$5=\"Yes\",\"Yes\",IF($C$5=\"No\",\"No\",\"<>Luke\")),'Future Requirements'!$AC:$AC,IF($C$6=\"Agreed\",\"Agreed\",IF($C$6=\"C/Fwd\",\"C/Fwd\",\"<>Luke\")),'Future Requirements'!$AA:$AA,$I$6),0)+\nIF($J$7=\"Include\",SUMIFS('Future Requirements'!$O:$O,'Future Requirements'!$D:$D,$B17,'Future Requirements'!$G:$G,F$11,'Future Requirements'!$B:$B,IF($C$3=\"\",\">=\"&$F$3,\">=\"&$C$3),'Future Requirements'!$B:$B,IF($C$4=\"\",\"<=\"&$F$4,\"<=\"&$C$4),'Future Requirements'!$J:$J,IF($C$5=\"Yes\",\"Yes\",IF($C$5=\"No\",\"No\",\"<>Luke\")),'Future Requirements'!$AC:$AC,IF($C$6=\"Agreed\",\"Agreed\",IF($C$6=\"C/Fwd\",\"C/Fwd\",\"<>Luke\")),'Future Requirements'!$AA:$AA,$I$7),0)","v":0},{"$f":"IF($J$3=\"Include\",SUMIFS('Future Requirements'!$O:$O,'Future Requirements'!$D:$D,$B17,'Future Requirements'!$G:$G,G$11,'Future Requirements'!$B:$B,IF($C$3=\"\",\">=\"&$F$3,\">=\"&$C$3),'Future Requirements'!$B:$B,IF($C$4=\"\",\"<=\"&$F$4,\"<=\"&$C$4),'Future Requirements'!$J:$J,IF($C$5=\"Yes\",\"Yes\",IF($C$5=\"No\",\"No\",\"<>Luke\")),'Future Requirements'!$AC:$AC,IF($C$6=\"Agreed\",\"Agreed\",IF($C$6=\"C/Fwd\",\"C/Fwd\",\"<>Luke\")),'Future Requirements'!$AA:$AA,$I$3),0)+\nIF($J$4=\"Include\",SUMIFS('Future Requirements'!$O:$O,'Future Requirements'!$D:$D,$B17,'Future Requirements'!$G:$G,G$11,'Future Requirements'!$B:$B,IF($C$3=\"\",\">=\"&$F$3,\">=\"&$C$3),'Future Requirements'!$B:$B,IF($C$4=\"\",\"<=\"&$F$4,\"<=\"&$C$4),'Future Requirements'!$J:$J,IF($C$5=\"Yes\",\"Yes\",IF($C$5=\"No\",\"No\",\"<>Luke\")),'Future Requirements'!$AC:$AC,IF($C$6=\"Agreed\",\"Agreed\",IF($C$6=\"C/Fwd\",\"C/Fwd\",\"<>Luke\")),'Future Requirements'!$AA:$AA,$I$4),0)+\nIF($J$5=\"Include\",SUMIFS('Future Requirements'!$O:$O,'Future Requirements'!$D:$D,$B17,'Future Requirements'!$G:$G,G$11,'Future Requirements'!$B:$B,IF($C$3=\"\",\">=\"&$F$3,\">=\"&$C$3),'Future Requirements'!$B:$B,IF($C$4=\"\",\"<=\"&$F$4,\"<=\"&$C$4),'Future Requirements'!$J:$J,IF($C$5=\"Yes\",\"Yes\",IF($C$5=\"No\",\"No\",\"<>Luke\")),'Future Requirements'!$AC:$AC,IF($C$6=\"Agreed\",\"Agreed\",IF($C$6=\"C/Fwd\",\"C/Fwd\",\"<>Luke\")),'Future Requirements'!$AA:$AA,$I$5),0)+\nIF($J$6=\"Include\",SUMIFS('Future Requirements'!$O:$O,'Future Requirements'!$D:$D,$B17,'Future Requirements'!$G:$G,G$11,'Future Requirements'!$B:$B,IF($C$3=\"\",\">=\"&$F$3,\">=\"&$C$3),'Future Requirements'!$B:$B,IF($C$4=\"\",\"<=\"&$F$4,\"<=\"&$C$4),'Future Requirements'!$J:$J,IF($C$5=\"Yes\",\"Yes\",IF($C$5=\"No\",\"No\",\"<>Luke\")),'Future Requirements'!$AC:$AC,IF($C$6=\"Agreed\",\"Agreed\",IF($C$6=\"C/Fwd\",\"C/Fwd\",\"<>Luke\")),'Future Requirements'!$AA:$AA,$I$6),0)+\nIF($J$7=\"Include\",SUMIFS('Future Requirements'!$O:$O,'Future Requirements'!$D:$D,$B17,'Future Requirements'!$G:$G,G$11,'Future Requirements'!$B:$B,IF($C$3=\"\",\">=\"&$F$3,\">=\"&$C$3),'Future Requirements'!$B:$B,IF($C$4=\"\",\"<=\"&$F$4,\"<=\"&$C$4),'Future Requirements'!$J:$J,IF($C$5=\"Yes\",\"Yes\",IF($C$5=\"No\",\"No\",\"<>Luke\")),'Future Requirements'!$AC:$AC,IF($C$6=\"Agreed\",\"Agreed\",IF($C$6=\"C/Fwd\",\"C/Fwd\",\"<>Luke\")),'Future Requirements'!$AA:$AA,$I$7),0)","v":0},{"$f":"IF($J$3=\"Include\",SUMIFS('Future Requirements'!$O:$O,'Future Requirements'!$D:$D,$B17,'Future Requirements'!$G:$G,H$11,'Future Requirements'!$B:$B,IF($C$3=\"\",\">=\"&$F$3,\">=\"&$C$3),'Future Requirements'!$B:$B,IF($C$4=\"\",\"<=\"&$F$4,\"<=\"&$C$4),'Future Requirements'!$J:$J,IF($C$5=\"Yes\",\"Yes\",IF($C$5=\"No\",\"No\",\"<>Luke\")),'Future Requirements'!$AC:$AC,IF($C$6=\"Agreed\",\"Agreed\",IF($C$6=\"C/Fwd\",\"C/Fwd\",\"<>Luke\")),'Future Requirements'!$AA:$AA,$I$3),0)+\nIF($J$4=\"Include\",SUMIFS('Future Requirements'!$O:$O,'Future Requirements'!$D:$D,$B17,'Future Requirements'!$G:$G,H$11,'Future Requirements'!$B:$B,IF($C$3=\"\",\">=\"&$F$3,\">=\"&$C$3),'Future Requirements'!$B:$B,IF($C$4=\"\",\"<=\"&$F$4,\"<=\"&$C$4),'Future Requirements'!$J:$J,IF($C$5=\"Yes\",\"Yes\",IF($C$5=\"No\",\"No\",\"<>Luke\")),'Future Requirements'!$AC:$AC,IF($C$6=\"Agreed\",\"Agreed\",IF($C$6=\"C/Fwd\",\"C/Fwd\",\"<>Luke\")),'Future Requirements'!$AA:$AA,$I$4),0)+\nIF($J$5=\"Include\",SUMIFS('Future Requirements'!$O:$O,'Future Requirements'!$D:$D,$B17,'Future Requirements'!$G:$G,H$11,'Future Requirements'!$B:$B,IF($C$3=\"\",\">=\"&$F$3,\">=\"&$C$3),'Future Requirements'!$B:$B,IF($C$4=\"\",\"<=\"&$F$4,\"<=\"&$C$4),'Future Requirements'!$J:$J,IF($C$5=\"Yes\",\"Yes\",IF($C$5=\"No\",\"No\",\"<>Luke\")),'Future Requirements'!$AC:$AC,IF($C$6=\"Agreed\",\"Agreed\",IF($C$6=\"C/Fwd\",\"C/Fwd\",\"<>Luke\")),'Future Requirements'!$AA:$AA,$I$5),0)+\nIF($J$6=\"Include\",SUMIFS('Future Requirements'!$O:$O,'Future Requirements'!$D:$D,$B17,'Future Requirements'!$G:$G,H$11,'Future Requirements'!$B:$B,IF($C$3=\"\",\">=\"&$F$3,\">=\"&$C$3),'Future Requirements'!$B:$B,IF($C$4=\"\",\"<=\"&$F$4,\"<=\"&$C$4),'Future Requirements'!$J:$J,IF($C$5=\"Yes\",\"Yes\",IF($C$5=\"No\",\"No\",\"<>Luke\")),'Future Requirements'!$AC:$AC,IF($C$6=\"Agreed\",\"Agreed\",IF($C$6=\"C/Fwd\",\"C/Fwd\",\"<>Luke\")),'Future Requirements'!$AA:$AA,$I$6),0)+\nIF($J$7=\"Include\",SUMIFS('Future Requirements'!$O:$O,'Future Requirements'!$D:$D,$B17,'Future Requirements'!$G:$G,H$11,'Future Requirements'!$B:$B,IF($C$3=\"\",\">=\"&$F$3,\">=\"&$C$3),'Future Requirements'!$B:$B,IF($C$4=\"\",\"<=\"&$F$4,\"<=\"&$C$4),'Future Requirements'!$J:$J,IF($C$5=\"Yes\",\"Yes\",IF($C$5=\"No\",\"No\",\"<>Luke\")),'Future Requirements'!$AC:$AC,IF($C$6=\"Agreed\",\"Agreed\",IF($C$6=\"C/Fwd\",\"C/Fwd\",\"<>Luke\")),'Future Requirements'!$AA:$AA,$I$7),0)","v":0},{"$f":"IF($J$3=\"Include\",SUMIFS('Future Requirements'!$O:$O,'Future Requirements'!$D:$D,$B17,'Future Requirements'!$G:$G,I$11,'Future Requirements'!$B:$B,IF($C$3=\"\",\">=\"&$F$3,\">=\"&$C$3),'Future Requirements'!$B:$B,IF($C$4=\"\",\"<=\"&$F$4,\"<=\"&$C$4),'Future Requirements'!$J:$J,IF($C$5=\"Yes\",\"Yes\",IF($C$5=\"No\",\"No\",\"<>Luke\")),'Future Requirements'!$AC:$AC,IF($C$6=\"Agreed\",\"Agreed\",IF($C$6=\"C/Fwd\",\"C/Fwd\",\"<>Luke\")),'Future Requirements'!$AA:$AA,$I$3),0)+\nIF($J$4=\"Include\",SUMIFS('Future Requirements'!$O:$O,'Future Requirements'!$D:$D,$B17,'Future Requirements'!$G:$G,I$11,'Future Requirements'!$B:$B,IF($C$3=\"\",\">=\"&$F$3,\">=\"&$C$3),'Future Requirements'!$B:$B,IF($C$4=\"\",\"<=\"&$F$4,\"<=\"&$C$4),'Future Requirements'!$J:$J,IF($C$5=\"Yes\",\"Yes\",IF($C$5=\"No\",\"No\",\"<>Luke\")),'Future Requirements'!$AC:$AC,IF($C$6=\"Agreed\",\"Agreed\",IF($C$6=\"C/Fwd\",\"C/Fwd\",\"<>Luke\")),'Future Requirements'!$AA:$AA,$I$4),0)+\nIF($J$5=\"Include\",SUMIFS('Future Requirements'!$O:$O,'Future Requirements'!$D:$D,$B17,'Future Requirements'!$G:$G,I$11,'Future Requirements'!$B:$B,IF($C$3=\"\",\">=\"&$F$3,\">=\"&$C$3),'Future Requirements'!$B:$B,IF($C$4=\"\",\"<=\"&$F$4,\"<=\"&$C$4),'Future Requirements'!$J:$J,IF($C$5=\"Yes\",\"Yes\",IF($C$5=\"No\",\"No\",\"<>Luke\")),'Future Requirements'!$AC:$AC,IF($C$6=\"Agreed\",\"Agreed\",IF($C$6=\"C/Fwd\",\"C/Fwd\",\"<>Luke\")),'Future Requirements'!$AA:$AA,$I$5),0)+\nIF($J$6=\"Include\",SUMIFS('Future Requirements'!$O:$O,'Future Requirements'!$D:$D,$B17,'Future Requirements'!$G:$G,I$11,'Future Requirements'!$B:$B,IF($C$3=\"\",\">=\"&$F$3,\">=\"&$C$3),'Future Requirements'!$B:$B,IF($C$4=\"\",\"<=\"&$F$4,\"<=\"&$C$4),'Future Requirements'!$J:$J,IF($C$5=\"Yes\",\"Yes\",IF($C$5=\"No\",\"No\",\"<>Luke\")),'Future Requirements'!$AC:$AC,IF($C$6=\"Agreed\",\"Agreed\",IF($C$6=\"C/Fwd\",\"C/Fwd\",\"<>Luke\")),'Future Requirements'!$AA:$AA,$I$6),0)+\nIF($J$7=\"Include\",SUMIFS('Future Requirements'!$O:$O,'Future Requirements'!$D:$D,$B17,'Future Requirements'!$G:$G,I$11,'Future Requirements'!$B:$B,IF($C$3=\"\",\">=\"&$F$3,\">=\"&$C$3),'Future Requirements'!$B:$B,IF($C$4=\"\",\"<=\"&$F$4,\"<=\"&$C$4),'Future Requirements'!$J:$J,IF($C$5=\"Yes\",\"Yes\",IF($C$5=\"No\",\"No\",\"<>Luke\")),'Future Requirements'!$AC:$AC,IF($C$6=\"Agreed\",\"Agreed\",IF($C$6=\"C/Fwd\",\"C/Fwd\",\"<>Luke\")),'Future Requirements'!$AA:$AA,$I$7),0)","v":0},{"$f":"IF($J$3=\"Include\",SUMIFS('Future Requirements'!$O:$O,'Future Requirements'!$D:$D,$B17,'Future Requirements'!$G:$G,J$11,'Future Requirements'!$B:$B,IF($C$3=\"\",\">=\"&$F$3,\">=\"&$C$3),'Future Requirements'!$B:$B,IF($C$4=\"\",\"<=\"&$F$4,\"<=\"&$C$4),'Future Requirements'!$J:$J,IF($C$5=\"Yes\",\"Yes\",IF($C$5=\"No\",\"No\",\"<>Luke\")),'Future Requirements'!$AC:$AC,IF($C$6=\"Agreed\",\"Agreed\",IF($C$6=\"C/Fwd\",\"C/Fwd\",\"<>Luke\")),'Future Requirements'!$AA:$AA,$I$3),0)+\nIF($J$4=\"Include\",SUMIFS('Future Requirements'!$O:$O,'Future Requirements'!$D:$D,$B17,'Future Requirements'!$G:$G,J$11,'Future Requirements'!$B:$B,IF($C$3=\"\",\">=\"&$F$3,\">=\"&$C$3),'Future Requirements'!$B:$B,IF($C$4=\"\",\"<=\"&$F$4,\"<=\"&$C$4),'Future Requirements'!$J:$J,IF($C$5=\"Yes\",\"Yes\",IF($C$5=\"No\",\"No\",\"<>Luke\")),'Future Requirements'!$AC:$AC,IF($C$6=\"Agreed\",\"Agreed\",IF($C$6=\"C/Fwd\",\"C/Fwd\",\"<>Luke\")),'Future Requirements'!$AA:$AA,$I$4),0)+\nIF($J$5=\"Include\",SUMIFS('Future Requirements'!$O:$O,'Future Requirements'!$D:$D,$B17,'Future Requirements'!$G:$G,J$11,'Future Requirements'!$B:$B,IF($C$3=\"\",\">=\"&$F$3,\">=\"&$C$3),'Future Requirements'!$B:$B,IF($C$4=\"\",\"<=\"&$F$4,\"<=\"&$C$4),'Future Requirements'!$J:$J,IF($C$5=\"Yes\",\"Yes\",IF($C$5=\"No\",\"No\",\"<>Luke\")),'Future Requirements'!$AC:$AC,IF($C$6=\"Agreed\",\"Agreed\",IF($C$6=\"C/Fwd\",\"C/Fwd\",\"<>Luke\")),'Future Requirements'!$AA:$AA,$I$5),0)+\nIF($J$6=\"Include\",SUMIFS('Future Requirements'!$O:$O,'Future Requirements'!$D:$D,$B17,'Future Requirements'!$G:$G,J$11,'Future Requirements'!$B:$B,IF($C$3=\"\",\">=\"&$F$3,\">=\"&$C$3),'Future Requirements'!$B:$B,IF($C$4=\"\",\"<=\"&$F$4,\"<=\"&$C$4),'Future Requirements'!$J:$J,IF($C$5=\"Yes\",\"Yes\",IF($C$5=\"No\",\"No\",\"<>Luke\")),'Future Requirements'!$AC:$AC,IF($C$6=\"Agreed\",\"Agreed\",IF($C$6=\"C/Fwd\",\"C/Fwd\",\"<>Luke\")),'Future Requirements'!$AA:$AA,$I$6),0)+\nIF($J$7=\"Include\",SUMIFS('Future Requirements'!$O:$O,'Future Requirements'!$D:$D,$B17,'Future Requirements'!$G:$G,J$11,'Future Requirements'!$B:$B,IF($C$3=\"\",\">=\"&$F$3,\">=\"&$C$3),'Future Requirements'!$B:$B,IF($C$4=\"\",\"<=\"&$F$4,\"<=\"&$C$4),'Future Requirements'!$J:$J,IF($C$5=\"Yes\",\"Yes\",IF($C$5=\"No\",\"No\",\"<>Luke\")),'Future Requirements'!$AC:$AC,IF($C$6=\"Agreed\",\"Agreed\",IF($C$6=\"C/Fwd\",\"C/Fwd\",\"<>Luke\")),'Future Requirements'!$AA:$AA,$I$7),0)","v":0},{"$f":"IF($J$3=\"Include\",SUMIFS('Future Requirements'!$O:$O,'Future Requirements'!$D:$D,$B17,'Future Requirements'!$G:$G,K$11,'Future Requirements'!$B:$B,IF($C$3=\"\",\">=\"&$F$3,\">=\"&$C$3),'Future Requirements'!$B:$B,IF($C$4=\"\",\"<=\"&$F$4,\"<=\"&$C$4),'Future Requirements'!$J:$J,IF($C$5=\"Yes\",\"Yes\",IF($C$5=\"No\",\"No\",\"<>Luke\")),'Future Requirements'!$AC:$AC,IF($C$6=\"Agreed\",\"Agreed\",IF($C$6=\"C/Fwd\",\"C/Fwd\",\"<>Luke\")),'Future Requirements'!$AA:$AA,$I$3),0)+\nIF($J$4=\"Include\",SUMIFS('Future Requirements'!$O:$O,'Future Requirements'!$D:$D,$B17,'Future Requirements'!$G:$G,K$11,'Future Requirements'!$B:$B,IF($C$3=\"\",\">=\"&$F$3,\">=\"&$C$3),'Future Requirements'!$B:$B,IF($C$4=\"\",\"<=\"&$F$4,\"<=\"&$C$4),'Future Requirements'!$J:$J,IF($C$5=\"Yes\",\"Yes\",IF($C$5=\"No\",\"No\",\"<>Luke\")),'Future Requirements'!$AC:$AC,IF($C$6=\"Agreed\",\"Agreed\",IF($C$6=\"C/Fwd\",\"C/Fwd\",\"<>Luke\")),'Future Requirements'!$AA:$AA,$I$4),0)+\nIF($J$5=\"Include\",SUMIFS('Future Requirements'!$O:$O,'Future Requirements'!$D:$D,$B17,'Future Requirements'!$G:$G,K$11,'Future Requirements'!$B:$B,IF($C$3=\"\",\">=\"&$F$3,\">=\"&$C$3),'Future Requirements'!$B:$B,IF($C$4=\"\",\"<=\"&$F$4,\"<=\"&$C$4),'Future Requirements'!$J:$J,IF($C$5=\"Yes\",\"Yes\",IF($C$5=\"No\",\"No\",\"<>Luke\")),'Future Requirements'!$AC:$AC,IF($C$6=\"Agreed\",\"Agreed\",IF($C$6=\"C/Fwd\",\"C/Fwd\",\"<>Luke\")),'Future Requirements'!$AA:$AA,$I$5),0)+\nIF($J$6=\"Include\",SUMIFS('Future Requirements'!$O:$O,'Future Requirements'!$D:$D,$B17,'Future Requirements'!$G:$G,K$11,'Future Requirements'!$B:$B,IF($C$3=\"\",\">=\"&$F$3,\">=\"&$C$3),'Future Requirements'!$B:$B,IF($C$4=\"\",\"<=\"&$F$4,\"<=\"&$C$4),'Future Requirements'!$J:$J,IF($C$5=\"Yes\",\"Yes\",IF($C$5=\"No\",\"No\",\"<>Luke\")),'Future Requirements'!$AC:$AC,IF($C$6=\"Agreed\",\"Agreed\",IF($C$6=\"C/Fwd\",\"C/Fwd\",\"<>Luke\")),'Future Requirements'!$AA:$AA,$I$6),0)+\nIF($J$7=\"Include\",SUMIFS('Future Requirements'!$O:$O,'Future Requirements'!$D:$D,$B17,'Future Requirements'!$G:$G,K$11,'Future Requirements'!$B:$B,IF($C$3=\"\",\">=\"&$F$3,\">=\"&$C$3),'Future Requirements'!$B:$B,IF($C$4=\"\",\"<=\"&$F$4,\"<=\"&$C$4),'Future Requirements'!$J:$J,IF($C$5=\"Yes\",\"Yes\",IF($C$5=\"No\",\"No\",\"<>Luke\")),'Future Requirements'!$AC:$AC,IF($C$6=\"Agreed\",\"Agreed\",IF($C$6=\"C/Fwd\",\"C/Fwd\",\"<>Luke\")),'Future Requirements'!$AA:$AA,$I$7),0)","v":0},{"$f":"IF($J$3=\"Include\",SUMIFS('Future Requirements'!$O:$O,'Future Requirements'!$D:$D,$B17,'Future Requirements'!$G:$G,L$11,'Future Requirements'!$B:$B,IF($C$3=\"\",\">=\"&$F$3,\">=\"&$C$3),'Future Requirements'!$B:$B,IF($C$4=\"\",\"<=\"&$F$4,\"<=\"&$C$4),'Future Requirements'!$J:$J,IF($C$5=\"Yes\",\"Yes\",IF($C$5=\"No\",\"No\",\"<>Luke\")),'Future Requirements'!$AC:$AC,IF($C$6=\"Agreed\",\"Agreed\",IF($C$6=\"C/Fwd\",\"C/Fwd\",\"<>Luke\")),'Future Requirements'!$AA:$AA,$I$3),0)+\nIF($J$4=\"Include\",SUMIFS('Future Requirements'!$O:$O,'Future Requirements'!$D:$D,$B17,'Future Requirements'!$G:$G,L$11,'Future Requirements'!$B:$B,IF($C$3=\"\",\">=\"&$F$3,\">=\"&$C$3),'Future Requirements'!$B:$B,IF($C$4=\"\",\"<=\"&$F$4,\"<=\"&$C$4),'Future Requirements'!$J:$J,IF($C$5=\"Yes\",\"Yes\",IF($C$5=\"No\",\"No\",\"<>Luke\")),'Future Requirements'!$AC:$AC,IF($C$6=\"Agreed\",\"Agreed\",IF($C$6=\"C/Fwd\",\"C/Fwd\",\"<>Luke\")),'Future Requirements'!$AA:$AA,$I$4),0)+\nIF($J$5=\"Include\",SUMIFS('Future Requirements'!$O:$O,'Future Requirements'!$D:$D,$B17,'Future Requirements'!$G:$G,L$11,'Future Requirements'!$B:$B,IF($C$3=\"\",\">=\"&$F$3,\">=\"&$C$3),'Future Requirements'!$B:$B,IF($C$4=\"\",\"<=\"&$F$4,\"<=\"&$C$4),'Future Requirements'!$J:$J,IF($C$5=\"Yes\",\"Yes\",IF($C$5=\"No\",\"No\",\"<>Luke\")),'Future Requirements'!$AC:$AC,IF($C$6=\"Agreed\",\"Agreed\",IF($C$6=\"C/Fwd\",\"C/Fwd\",\"<>Luke\")),'Future Requirements'!$AA:$AA,$I$5),0)+\nIF($J$6=\"Include\",SUMIFS('Future Requirements'!$O:$O,'Future Requirements'!$D:$D,$B17,'Future Requirements'!$G:$G,L$11,'Future Requirements'!$B:$B,IF($C$3=\"\",\">=\"&$F$3,\">=\"&$C$3),'Future Requirements'!$B:$B,IF($C$4=\"\",\"<=\"&$F$4,\"<=\"&$C$4),'Future Requirements'!$J:$J,IF($C$5=\"Yes\",\"Yes\",IF($C$5=\"No\",\"No\",\"<>Luke\")),'Future Requirements'!$AC:$AC,IF($C$6=\"Agreed\",\"Agreed\",IF($C$6=\"C/Fwd\",\"C/Fwd\",\"<>Luke\")),'Future Requirements'!$AA:$AA,$I$6),0)+\nIF($J$7=\"Include\",SUMIFS('Future Requirements'!$O:$O,'Future Requirements'!$D:$D,$B17,'Future Requirements'!$G:$G,L$11,'Future Requirements'!$B:$B,IF($C$3=\"\",\">=\"&$F$3,\">=\"&$C$3),'Future Requirements'!$B:$B,IF($C$4=\"\",\"<=\"&$F$4,\"<=\"&$C$4),'Future Requirements'!$J:$J,IF($C$5=\"Yes\",\"Yes\",IF($C$5=\"No\",\"No\",\"<>Luke\")),'Future Requirements'!$AC:$AC,IF($C$6=\"Agreed\",\"Agreed\",IF($C$6=\"C/Fwd\",\"C/Fwd\",\"<>Luke\")),'Future Requirements'!$AA:$AA,$I$7),0)","v":0},{"$f":"IF($J$3=\"Include\",SUMIFS('Future Requirements'!$O:$O,'Future Requirements'!$D:$D,$B17,'Future Requirements'!$G:$G,M$11,'Future Requirements'!$B:$B,IF($C$3=\"\",\">=\"&$F$3,\">=\"&$C$3),'Future Requirements'!$B:$B,IF($C$4=\"\",\"<=\"&$F$4,\"<=\"&$C$4),'Future Requirements'!$J:$J,IF($C$5=\"Yes\",\"Yes\",IF($C$5=\"No\",\"No\",\"<>Luke\")),'Future Requirements'!$AC:$AC,IF($C$6=\"Agreed\",\"Agreed\",IF($C$6=\"C/Fwd\",\"C/Fwd\",\"<>Luke\")),'Future Requirements'!$AA:$AA,$I$3),0)+\nIF($J$4=\"Include\",SUMIFS('Future Requirements'!$O:$O,'Future Requirements'!$D:$D,$B17,'Future Requirements'!$G:$G,M$11,'Future Requirements'!$B:$B,IF($C$3=\"\",\">=\"&$F$3,\">=\"&$C$3),'Future Requirements'!$B:$B,IF($C$4=\"\",\"<=\"&$F$4,\"<=\"&$C$4),'Future Requirements'!$J:$J,IF($C$5=\"Yes\",\"Yes\",IF($C$5=\"No\",\"No\",\"<>Luke\")),'Future Requirements'!$AC:$AC,IF($C$6=\"Agreed\",\"Agreed\",IF($C$6=\"C/Fwd\",\"C/Fwd\",\"<>Luke\")),'Future Requirements'!$AA:$AA,$I$4),0)+\nIF($J$5=\"Include\",SUMIFS('Future Requirements'!$O:$O,'Future Requirements'!$D:$D,$B17,'Future Requirements'!$G:$G,M$11,'Future Requirements'!$B:$B,IF($C$3=\"\",\">=\"&$F$3,\">=\"&$C$3),'Future Requirements'!$B:$B,IF($C$4=\"\",\"<=\"&$F$4,\"<=\"&$C$4),'Future Requirements'!$J:$J,IF($C$5=\"Yes\",\"Yes\",IF($C$5=\"No\",\"No\",\"<>Luke\")),'Future Requirements'!$AC:$AC,IF($C$6=\"Agreed\",\"Agreed\",IF($C$6=\"C/Fwd\",\"C/Fwd\",\"<>Luke\")),'Future Requirements'!$AA:$AA,$I$5),0)+\nIF($J$6=\"Include\",SUMIFS('Future Requirements'!$O:$O,'Future Requirements'!$D:$D,$B17,'Future Requirements'!$G:$G,M$11,'Future Requirements'!$B:$B,IF($C$3=\"\",\">=\"&$F$3,\">=\"&$C$3),'Future Requirements'!$B:$B,IF($C$4=\"\",\"<=\"&$F$4,\"<=\"&$C$4),'Future Requirements'!$J:$J,IF($C$5=\"Yes\",\"Yes\",IF($C$5=\"No\",\"No\",\"<>Luke\")),'Future Requirements'!$AC:$AC,IF($C$6=\"Agreed\",\"Agreed\",IF($C$6=\"C/Fwd\",\"C/Fwd\",\"<>Luke\")),'Future Requirements'!$AA:$AA,$I$6),0)+\nIF($J$7=\"Include\",SUMIFS('Future Requirements'!$O:$O,'Future Requirements'!$D:$D,$B17,'Future Requirements'!$G:$G,M$11,'Future Requirements'!$B:$B,IF($C$3=\"\",\">=\"&$F$3,\">=\"&$C$3),'Future Requirements'!$B:$B,IF($C$4=\"\",\"<=\"&$F$4,\"<=\"&$C$4),'Future Requirements'!$J:$J,IF($C$5=\"Yes\",\"Yes\",IF($C$5=\"No\",\"No\",\"<>Luke\")),'Future Requirements'!$AC:$AC,IF($C$6=\"Agreed\",\"Agreed\",IF($C$6=\"C/Fwd\",\"C/Fwd\",\"<>Luke\")),'Future Requirements'!$AA:$AA,$I$7),0)","v":0},{"$f":"IF($J$3=\"Include\",SUMIFS('Future Requirements'!$O:$O,'Future Requirements'!$D:$D,$B17,'Future Requirements'!$G:$G,N$11,'Future Requirements'!$B:$B,IF($C$3=\"\",\">=\"&$F$3,\">=\"&$C$3),'Future Requirements'!$B:$B,IF($C$4=\"\",\"<=\"&$F$4,\"<=\"&$C$4),'Future Requirements'!$J:$J,IF($C$5=\"Yes\",\"Yes\",IF($C$5=\"No\",\"No\",\"<>Luke\")),'Future Requirements'!$AC:$AC,IF($C$6=\"Agreed\",\"Agreed\",IF($C$6=\"C/Fwd\",\"C/Fwd\",\"<>Luke\")),'Future Requirements'!$AA:$AA,$I$3),0)+\nIF($J$4=\"Include\",SUMIFS('Future Requirements'!$O:$O,'Future Requirements'!$D:$D,$B17,'Future Requirements'!$G:$G,N$11,'Future Requirements'!$B:$B,IF($C$3=\"\",\">=\"&$F$3,\">=\"&$C$3),'Future Requirements'!$B:$B,IF($C$4=\"\",\"<=\"&$F$4,\"<=\"&$C$4),'Future Requirements'!$J:$J,IF($C$5=\"Yes\",\"Yes\",IF($C$5=\"No\",\"No\",\"<>Luke\")),'Future Requirements'!$AC:$AC,IF($C$6=\"Agreed\",\"Agreed\",IF($C$6=\"C/Fwd\",\"C/Fwd\",\"<>Luke\")),'Future Requirements'!$AA:$AA,$I$4),0)+\nIF($J$5=\"Include\",SUMIFS('Future Requirements'!$O:$O,'Future Requirements'!$D:$D,$B17,'Future Requirements'!$G:$G,N$11,'Future Requirements'!$B:$B,IF($C$3=\"\",\">=\"&$F$3,\">=\"&$C$3),'Future Requirements'!$B:$B,IF($C$4=\"\",\"<=\"&$F$4,\"<=\"&$C$4),'Future Requirements'!$J:$J,IF($C$5=\"Yes\",\"Yes\",IF($C$5=\"No\",\"No\",\"<>Luke\")),'Future Requirements'!$AC:$AC,IF($C$6=\"Agreed\",\"Agreed\",IF($C$6=\"C/Fwd\",\"C/Fwd\",\"<>Luke\")),'Future Requirements'!$AA:$AA,$I$5),0)+\nIF($J$6=\"Include\",SUMIFS('Future Requirements'!$O:$O,'Future Requirements'!$D:$D,$B17,'Future Requirements'!$G:$G,N$11,'Future Requirements'!$B:$B,IF($C$3=\"\",\">=\"&$F$3,\">=\"&$C$3),'Future Requirements'!$B:$B,IF($C$4=\"\",\"<=\"&$F$4,\"<=\"&$C$4),'Future Requirements'!$J:$J,IF($C$5=\"Yes\",\"Yes\",IF($C$5=\"No\",\"No\",\"<>Luke\")),'Future Requirements'!$AC:$AC,IF($C$6=\"Agreed\",\"Agreed\",IF($C$6=\"C/Fwd\",\"C/Fwd\",\"<>Luke\")),'Future Requirements'!$AA:$AA,$I$6),0)+\nIF($J$7=\"Include\",SUMIFS('Future Requirements'!$O:$O,'Future Requirements'!$D:$D,$B17,'Future Requirements'!$G:$G,N$11,'Future Requirements'!$B:$B,IF($C$3=\"\",\">=\"&$F$3,\">=\"&$C$3),'Future Requirements'!$B:$B,IF($C$4=\"\",\"<=\"&$F$4,\"<=\"&$C$4),'Future Requirements'!$J:$J,IF($C$5=\"Yes\",\"Yes\",IF($C$5=\"No\",\"No\",\"<>Luke\")),'Future Requirements'!$AC:$AC,IF($C$6=\"Agreed\",\"Agreed\",IF($C$6=\"C/Fwd\",\"C/Fwd\",\"<>Luke\")),'Future Requirements'!$AA:$AA,$I$7),0)","v":0},{"$f":"IF($J$3=\"Include\",SUMIFS('Future Requirements'!$O:$O,'Future Requirements'!$D:$D,$B17,'Future Requirements'!$G:$G,O$11,'Future Requirements'!$B:$B,IF($C$3=\"\",\">=\"&$F$3,\">=\"&$C$3),'Future Requirements'!$B:$B,IF($C$4=\"\",\"<=\"&$F$4,\"<=\"&$C$4),'Future Requirements'!$J:$J,IF($C$5=\"Yes\",\"Yes\",IF($C$5=\"No\",\"No\",\"<>Luke\")),'Future Requirements'!$AC:$AC,IF($C$6=\"Agreed\",\"Agreed\",IF($C$6=\"C/Fwd\",\"C/Fwd\",\"<>Luke\")),'Future Requirements'!$AA:$AA,$I$3),0)+\nIF($J$4=\"Include\",SUMIFS('Future Requirements'!$O:$O,'Future Requirements'!$D:$D,$B17,'Future Requirements'!$G:$G,O$11,'Future Requirements'!$B:$B,IF($C$3=\"\",\">=\"&$F$3,\">=\"&$C$3),'Future Requirements'!$B:$B,IF($C$4=\"\",\"<=\"&$F$4,\"<=\"&$C$4),'Future Requirements'!$J:$J,IF($C$5=\"Yes\",\"Yes\",IF($C$5=\"No\",\"No\",\"<>Luke\")),'Future Requirements'!$AC:$AC,IF($C$6=\"Agreed\",\"Agreed\",IF($C$6=\"C/Fwd\",\"C/Fwd\",\"<>Luke\")),'Future Requirements'!$AA:$AA,$I$4),0)+\nIF($J$5=\"Include\",SUMIFS('Future Requirements'!$O:$O,'Future Requirements'!$D:$D,$B17,'Future Requirements'!$G:$G,O$11,'Future Requirements'!$B:$B,IF($C$3=\"\",\">=\"&$F$3,\">=\"&$C$3),'Future Requirements'!$B:$B,IF($C$4=\"\",\"<=\"&$F$4,\"<=\"&$C$4),'Future Requirements'!$J:$J,IF($C$5=\"Yes\",\"Yes\",IF($C$5=\"No\",\"No\",\"<>Luke\")),'Future Requirements'!$AC:$AC,IF($C$6=\"Agreed\",\"Agreed\",IF($C$6=\"C/Fwd\",\"C/Fwd\",\"<>Luke\")),'Future Requirements'!$AA:$AA,$I$5),0)+\nIF($J$6=\"Include\",SUMIFS('Future Requirements'!$O:$O,'Future Requirements'!$D:$D,$B17,'Future Requirements'!$G:$G,O$11,'Future Requirements'!$B:$B,IF($C$3=\"\",\">=\"&$F$3,\">=\"&$C$3),'Future Requirements'!$B:$B,IF($C$4=\"\",\"<=\"&$F$4,\"<=\"&$C$4),'Future Requirements'!$J:$J,IF($C$5=\"Yes\",\"Yes\",IF($C$5=\"No\",\"No\",\"<>Luke\")),'Future Requirements'!$AC:$AC,IF($C$6=\"Agreed\",\"Agreed\",IF($C$6=\"C/Fwd\",\"C/Fwd\",\"<>Luke\")),'Future Requirements'!$AA:$AA,$I$6),0)+\nIF($J$7=\"Include\",SUMIFS('Future Requirements'!$O:$O,'Future Requirements'!$D:$D,$B17,'Future Requirements'!$G:$G,O$11,'Future Requirements'!$B:$B,IF($C$3=\"\",\">=\"&$F$3,\">=\"&$C$3),'Future Requirements'!$B:$B,IF($C$4=\"\",\"<=\"&$F$4,\"<=\"&$C$4),'Future Requirements'!$J:$J,IF($C$5=\"Yes\",\"Yes\",IF($C$5=\"No\",\"No\",\"<>Luke\")),'Future Requirements'!$AC:$AC,IF($C$6=\"Agreed\",\"Agreed\",IF($C$6=\"C/Fwd\",\"C/Fwd\",\"<>Luke\")),'Future Requirements'!$AA:$AA,$I$7),0)","v":0},{"$f":"IF($J$3=\"Include\",SUMIFS('Future Requirements'!$O:$O,'Future Requirements'!$D:$D,$B17,'Future Requirements'!$G:$G,P$11,'Future Requirements'!$B:$B,IF($C$3=\"\",\">=\"&$F$3,\">=\"&$C$3),'Future Requirements'!$B:$B,IF($C$4=\"\",\"<=\"&$F$4,\"<=\"&$C$4),'Future Requirements'!$J:$J,IF($C$5=\"Yes\",\"Yes\",IF($C$5=\"No\",\"No\",\"<>Luke\")),'Future Requirements'!$AC:$AC,IF($C$6=\"Agreed\",\"Agreed\",IF($C$6=\"C/Fwd\",\"C/Fwd\",\"<>Luke\")),'Future Requirements'!$AA:$AA,$I$3),0)+\nIF($J$4=\"Include\",SUMIFS('Future Requirements'!$O:$O,'Future Requirements'!$D:$D,$B17,'Future Requirements'!$G:$G,P$11,'Future Requirements'!$B:$B,IF($C$3=\"\",\">=\"&$F$3,\">=\"&$C$3),'Future Requirements'!$B:$B,IF($C$4=\"\",\"<=\"&$F$4,\"<=\"&$C$4),'Future Requirements'!$J:$J,IF($C$5=\"Yes\",\"Yes\",IF($C$5=\"No\",\"No\",\"<>Luke\")),'Future Requirements'!$AC:$AC,IF($C$6=\"Agreed\",\"Agreed\",IF($C$6=\"C/Fwd\",\"C/Fwd\",\"<>Luke\")),'Future Requirements'!$AA:$AA,$I$4),0)+\nIF($J$5=\"Include\",SUMIFS('Future Requirements'!$O:$O,'Future Requirements'!$D:$D,$B17,'Future Requirements'!$G:$G,P$11,'Future Requirements'!$B:$B,IF($C$3=\"\",\">=\"&$F$3,\">=\"&$C$3),'Future Requirements'!$B:$B,IF($C$4=\"\",\"<=\"&$F$4,\"<=\"&$C$4),'Future Requirements'!$J:$J,IF($C$5=\"Yes\",\"Yes\",IF($C$5=\"No\",\"No\",\"<>Luke\")),'Future Requirements'!$AC:$AC,IF($C$6=\"Agreed\",\"Agreed\",IF($C$6=\"C/Fwd\",\"C/Fwd\",\"<>Luke\")),'Future Requirements'!$AA:$AA,$I$5),0)+\nIF($J$6=\"Include\",SUMIFS('Future Requirements'!$O:$O,'Future Requirements'!$D:$D,$B17,'Future Requirements'!$G:$G,P$11,'Future Requirements'!$B:$B,IF($C$3=\"\",\">=\"&$F$3,\">=\"&$C$3),'Future Requirements'!$B:$B,IF($C$4=\"\",\"<=\"&$F$4,\"<=\"&$C$4),'Future Requirements'!$J:$J,IF($C$5=\"Yes\",\"Yes\",IF($C$5=\"No\",\"No\",\"<>Luke\")),'Future Requirements'!$AC:$AC,IF($C$6=\"Agreed\",\"Agreed\",IF($C$6=\"C/Fwd\",\"C/Fwd\",\"<>Luke\")),'Future Requirements'!$AA:$AA,$I$6),0)+\nIF($J$7=\"Include\",SUMIFS('Future Requirements'!$O:$O,'Future Requirements'!$D:$D,$B17,'Future Requirements'!$G:$G,P$11,'Future Requirements'!$B:$B,IF($C$3=\"\",\">=\"&$F$3,\">=\"&$C$3),'Future Requirements'!$B:$B,IF($C$4=\"\",\"<=\"&$F$4,\"<=\"&$C$4),'Future Requirements'!$J:$J,IF($C$5=\"Yes\",\"Yes\",IF($C$5=\"No\",\"No\",\"<>Luke\")),'Future Requirements'!$AC:$AC,IF($C$6=\"Agreed\",\"Agreed\",IF($C$6=\"C/Fwd\",\"C/Fwd\",\"<>Luke\")),'Future Requirements'!$AA:$AA,$I$7),0)","v":0},{"$f":"IF($J$3=\"Include\",SUMIFS('Future Requirements'!$O:$O,'Future Requirements'!$D:$D,$B17,'Future Requirements'!$G:$G,Q$11,'Future Requirements'!$B:$B,IF($C$3=\"\",\">=\"&$F$3,\">=\"&$C$3),'Future Requirements'!$B:$B,IF($C$4=\"\",\"<=\"&$F$4,\"<=\"&$C$4),'Future Requirements'!$J:$J,IF($C$5=\"Yes\",\"Yes\",IF($C$5=\"No\",\"No\",\"<>Luke\")),'Future Requirements'!$AC:$AC,IF($C$6=\"Agreed\",\"Agreed\",IF($C$6=\"C/Fwd\",\"C/Fwd\",\"<>Luke\")),'Future Requirements'!$AA:$AA,$I$3),0)+\nIF($J$4=\"Include\",SUMIFS('Future Requirements'!$O:$O,'Future Requirements'!$D:$D,$B17,'Future Requirements'!$G:$G,Q$11,'Future Requirements'!$B:$B,IF($C$3=\"\",\">=\"&$F$3,\">=\"&$C$3),'Future Requirements'!$B:$B,IF($C$4=\"\",\"<=\"&$F$4,\"<=\"&$C$4),'Future Requirements'!$J:$J,IF($C$5=\"Yes\",\"Yes\",IF($C$5=\"No\",\"No\",\"<>Luke\")),'Future Requirements'!$AC:$AC,IF($C$6=\"Agreed\",\"Agreed\",IF($C$6=\"C/Fwd\",\"C/Fwd\",\"<>Luke\")),'Future Requirements'!$AA:$AA,$I$4),0)+\nIF($J$5=\"Include\",SUMIFS('Future Requirements'!$O:$O,'Future Requirements'!$D:$D,$B17,'Future Requirements'!$G:$G,Q$11,'Future Requirements'!$B:$B,IF($C$3=\"\",\">=\"&$F$3,\">=\"&$C$3),'Future Requirements'!$B:$B,IF($C$4=\"\",\"<=\"&$F$4,\"<=\"&$C$4),'Future Requirements'!$J:$J,IF($C$5=\"Yes\",\"Yes\",IF($C$5=\"No\",\"No\",\"<>Luke\")),'Future Requirements'!$AC:$AC,IF($C$6=\"Agreed\",\"Agreed\",IF($C$6=\"C/Fwd\",\"C/Fwd\",\"<>Luke\")),'Future Requirements'!$AA:$AA,$I$5),0)+\nIF($J$6=\"Include\",SUMIFS('Future Requirements'!$O:$O,'Future Requirements'!$D:$D,$B17,'Future Requirements'!$G:$G,Q$11,'Future Requirements'!$B:$B,IF($C$3=\"\",\">=\"&$F$3,\">=\"&$C$3),'Future Requirements'!$B:$B,IF($C$4=\"\",\"<=\"&$F$4,\"<=\"&$C$4),'Future Requirements'!$J:$J,IF($C$5=\"Yes\",\"Yes\",IF($C$5=\"No\",\"No\",\"<>Luke\")),'Future Requirements'!$AC:$AC,IF($C$6=\"Agreed\",\"Agreed\",IF($C$6=\"C/Fwd\",\"C/Fwd\",\"<>Luke\")),'Future Requirements'!$AA:$AA,$I$6),0)+\nIF($J$7=\"Include\",SUMIFS('Future Requirements'!$O:$O,'Future Requirements'!$D:$D,$B17,'Future Requirements'!$G:$G,Q$11,'Future Requirements'!$B:$B,IF($C$3=\"\",\">=\"&$F$3,\">=\"&$C$3),'Future Requirements'!$B:$B,IF($C$4=\"\",\"<=\"&$F$4,\"<=\"&$C$4),'Future Requirements'!$J:$J,IF($C$5=\"Yes\",\"Yes\",IF($C$5=\"No\",\"No\",\"<>Luke\")),'Future Requirements'!$AC:$AC,IF($C$6=\"Agreed\",\"Agreed\",IF($C$6=\"C/Fwd\",\"C/Fwd\",\"<>Luke\")),'Future Requirements'!$AA:$AA,$I$7),0)","v":0},{"$f":"IF($J$3=\"Include\",SUMIFS('Future Requirements'!$O:$O,'Future Requirements'!$D:$D,$B17,'Future Requirements'!$G:$G,R$11,'Future Requirements'!$B:$B,IF($C$3=\"\",\">=\"&$F$3,\">=\"&$C$3),'Future Requirements'!$B:$B,IF($C$4=\"\",\"<=\"&$F$4,\"<=\"&$C$4),'Future Requirements'!$J:$J,IF($C$5=\"Yes\",\"Yes\",IF($C$5=\"No\",\"No\",\"<>Luke\")),'Future Requirements'!$AC:$AC,IF($C$6=\"Agreed\",\"Agreed\",IF($C$6=\"C/Fwd\",\"C/Fwd\",\"<>Luke\")),'Future Requirements'!$AA:$AA,$I$3),0)+\nIF($J$4=\"Include\",SUMIFS('Future Requirements'!$O:$O,'Future Requirements'!$D:$D,$B17,'Future Requirements'!$G:$G,R$11,'Future Requirements'!$B:$B,IF($C$3=\"\",\">=\"&$F$3,\">=\"&$C$3),'Future Requirements'!$B:$B,IF($C$4=\"\",\"<=\"&$F$4,\"<=\"&$C$4),'Future Requirements'!$J:$J,IF($C$5=\"Yes\",\"Yes\",IF($C$5=\"No\",\"No\",\"<>Luke\")),'Future Requirements'!$AC:$AC,IF($C$6=\"Agreed\",\"Agreed\",IF($C$6=\"C/Fwd\",\"C/Fwd\",\"<>Luke\")),'Future Requirements'!$AA:$AA,$I$4),0)+\nIF($J$5=\"Include\",SUMIFS('Future Requirements'!$O:$O,'Future Requirements'!$D:$D,$B17,'Future Requirements'!$G:$G,R$11,'Future Requirements'!$B:$B,IF($C$3=\"\",\">=\"&$F$3,\">=\"&$C$3),'Future Requirements'!$B:$B,IF($C$4=\"\",\"<=\"&$F$4,\"<=\"&$C$4),'Future Requirements'!$J:$J,IF($C$5=\"Yes\",\"Yes\",IF($C$5=\"No\",\"No\",\"<>Luke\")),'Future Requirements'!$AC:$AC,IF($C$6=\"Agreed\",\"Agreed\",IF($C$6=\"C/Fwd\",\"C/Fwd\",\"<>Luke\")),'Future Requirements'!$AA:$AA,$I$5),0)+\nIF($J$6=\"Include\",SUMIFS('Future Requirements'!$O:$O,'Future Requirements'!$D:$D,$B17,'Future Requirements'!$G:$G,R$11,'Future Requirements'!$B:$B,IF($C$3=\"\",\">=\"&$F$3,\">=\"&$C$3),'Future Requirements'!$B:$B,IF($C$4=\"\",\"<=\"&$F$4,\"<=\"&$C$4),'Future Requirements'!$J:$J,IF($C$5=\"Yes\",\"Yes\",IF($C$5=\"No\",\"No\",\"<>Luke\")),'Future Requirements'!$AC:$AC,IF($C$6=\"Agreed\",\"Agreed\",IF($C$6=\"C/Fwd\",\"C/Fwd\",\"<>Luke\")),'Future Requirements'!$AA:$AA,$I$6),0)+\nIF($J$7=\"Include\",SUMIFS('Future Requirements'!$O:$O,'Future Requirements'!$D:$D,$B17,'Future Requirements'!$G:$G,R$11,'Future Requirements'!$B:$B,IF($C$3=\"\",\">=\"&$F$3,\">=\"&$C$3),'Future Requirements'!$B:$B,IF($C$4=\"\",\"<=\"&$F$4,\"<=\"&$C$4),'Future Requirements'!$J:$J,IF($C$5=\"Yes\",\"Yes\",IF($C$5=\"No\",\"No\",\"<>Luke\")),'Future Requirements'!$AC:$AC,IF($C$6=\"Agreed\",\"Agreed\",IF($C$6=\"C/Fwd\",\"C/Fwd\",\"<>Luke\")),'Future Requirements'!$AA:$AA,$I$7),0)","v":0},{"$f":"IF($J$3=\"Include\",SUMIFS('Future Requirements'!$O:$O,'Future Requirements'!$D:$D,$B17,'Future Requirements'!$G:$G,S$11,'Future Requirements'!$B:$B,IF($C$3=\"\",\">=\"&$F$3,\">=\"&$C$3),'Future Requirements'!$B:$B,IF($C$4=\"\",\"<=\"&$F$4,\"<=\"&$C$4),'Future Requirements'!$J:$J,IF($C$5=\"Yes\",\"Yes\",IF($C$5=\"No\",\"No\",\"<>Luke\")),'Future Requirements'!$AC:$AC,IF($C$6=\"Agreed\",\"Agreed\",IF($C$6=\"C/Fwd\",\"C/Fwd\",\"<>Luke\")),'Future Requirements'!$AA:$AA,$I$3),0)+\nIF($J$4=\"Include\",SUMIFS('Future Requirements'!$O:$O,'Future Requirements'!$D:$D,$B17,'Future Requirements'!$G:$G,S$11,'Future Requirements'!$B:$B,IF($C$3=\"\",\">=\"&$F$3,\">=\"&$C$3),'Future Requirements'!$B:$B,IF($C$4=\"\",\"<=\"&$F$4,\"<=\"&$C$4),'Future Requirements'!$J:$J,IF($C$5=\"Yes\",\"Yes\",IF($C$5=\"No\",\"No\",\"<>Luke\")),'Future Requirements'!$AC:$AC,IF($C$6=\"Agreed\",\"Agreed\",IF($C$6=\"C/Fwd\",\"C/Fwd\",\"<>Luke\")),'Future Requirements'!$AA:$AA,$I$4),0)+\nIF($J$5=\"Include\",SUMIFS('Future Requirements'!$O:$O,'Future Requirements'!$D:$D,$B17,'Future Requirements'!$G:$G,S$11,'Future Requirements'!$B:$B,IF($C$3=\"\",\">=\"&$F$3,\">=\"&$C$3),'Future Requirements'!$B:$B,IF($C$4=\"\",\"<=\"&$F$4,\"<=\"&$C$4),'Future Requirements'!$J:$J,IF($C$5=\"Yes\",\"Yes\",IF($C$5=\"No\",\"No\",\"<>Luke\")),'Future Requirements'!$AC:$AC,IF($C$6=\"Agreed\",\"Agreed\",IF($C$6=\"C/Fwd\",\"C/Fwd\",\"<>Luke\")),'Future Requirements'!$AA:$AA,$I$5),0)+\nIF($J$6=\"Include\",SUMIFS('Future Requirements'!$O:$O,'Future Requirements'!$D:$D,$B17,'Future Requirements'!$G:$G,S$11,'Future Requirements'!$B:$B,IF($C$3=\"\",\">=\"&$F$3,\">=\"&$C$3),'Future Requirements'!$B:$B,IF($C$4=\"\",\"<=\"&$F$4,\"<=\"&$C$4),'Future Requirements'!$J:$J,IF($C$5=\"Yes\",\"Yes\",IF($C$5=\"No\",\"No\",\"<>Luke\")),'Future Requirements'!$AC:$AC,IF($C$6=\"Agreed\",\"Agreed\",IF($C$6=\"C/Fwd\",\"C/Fwd\",\"<>Luke\")),'Future Requirements'!$AA:$AA,$I$6),0)+\nIF($J$7=\"Include\",SUMIFS('Future Requirements'!$O:$O,'Future Requirements'!$D:$D,$B17,'Future Requirements'!$G:$G,S$11,'Future Requirements'!$B:$B,IF($C$3=\"\",\">=\"&$F$3,\">=\"&$C$3),'Future Requirements'!$B:$B,IF($C$4=\"\",\"<=\"&$F$4,\"<=\"&$C$4),'Future Requirements'!$J:$J,IF($C$5=\"Yes\",\"Yes\",IF($C$5=\"No\",\"No\",\"<>Luke\")),'Future Requirements'!$AC:$AC,IF($C$6=\"Agreed\",\"Agreed\",IF($C$6=\"C/Fwd\",\"C/Fwd\",\"<>Luke\")),'Future Requirements'!$AA:$AA,$I$7),0)","v":0},0]
[null,"Cycle Tracks",{"$f":"IF($J$3=\"Include\",SUMIFS('Future Requirements'!$O:$O,'Future Requirements'!$D:$D,$B18,'Future Requirements'!$G:$G,C$11,'Future Requirements'!$B:$B,IF($C$3=\"\",\">=\"&$F$3,\">=\"&$C$3),'Future Requirements'!$B:$B,IF($C$4=\"\",\"<=\"&$F$4,\"<=\"&$C$4),'Future Requirements'!$J:$J,IF($C$5=\"Yes\",\"Yes\",IF($C$5=\"No\",\"No\",\"<>Luke\")),'Future Requirements'!$AC:$AC,IF($C$6=\"Agreed\",\"Agreed\",IF($C$6=\"C/Fwd\",\"C/Fwd\",\"<>Luke\")),'Future Requirements'!$AA:$AA,$I$3),0)+\nIF($J$4=\"Include\",SUMIFS('Future Requirements'!$O:$O,'Future Requirements'!$D:$D,$B18,'Future Requirements'!$G:$G,C$11,'Future Requirements'!$B:$B,IF($C$3=\"\",\">=\"&$F$3,\">=\"&$C$3),'Future Requirements'!$B:$B,IF($C$4=\"\",\"<=\"&$F$4,\"<=\"&$C$4),'Future Requirements'!$J:$J,IF($C$5=\"Yes\",\"Yes\",IF($C$5=\"No\",\"No\",\"<>Luke\")),'Future Requirements'!$AC:$AC,IF($C$6=\"Agreed\",\"Agreed\",IF($C$6=\"C/Fwd\",\"C/Fwd\",\"<>Luke\")),'Future Requirements'!$AA:$AA,$I$4),0)+\nIF($J$5=\"Include\",SUMIFS('Future Requirements'!$O:$O,'Future Requirements'!$D:$D,$B18,'Future Requirements'!$G:$G,C$11,'Future Requirements'!$B:$B,IF($C$3=\"\",\">=\"&$F$3,\">=\"&$C$3),'Future Requirements'!$B:$B,IF($C$4=\"\",\"<=\"&$F$4,\"<=\"&$C$4),'Future Requirements'!$J:$J,IF($C$5=\"Yes\",\"Yes\",IF($C$5=\"No\",\"No\",\"<>Luke\")),'Future Requirements'!$AC:$AC,IF($C$6=\"Agreed\",\"Agreed\",IF($C$6=\"C/Fwd\",\"C/Fwd\",\"<>Luke\")),'Future Requirements'!$AA:$AA,$I$5),0)+\nIF($J$6=\"Include\",SUMIFS('Future Requirements'!$O:$O,'Future Requirements'!$D:$D,$B18,'Future Requirements'!$G:$G,C$11,'Future Requirements'!$B:$B,IF($C$3=\"\",\">=\"&$F$3,\">=\"&$C$3),'Future Requirements'!$B:$B,IF($C$4=\"\",\"<=\"&$F$4,\"<=\"&$C$4),'Future Requirements'!$J:$J,IF($C$5=\"Yes\",\"Yes\",IF($C$5=\"No\",\"No\",\"<>Luke\")),'Future Requirements'!$AC:$AC,IF($C$6=\"Agreed\",\"Agreed\",IF($C$6=\"C/Fwd\",\"C/Fwd\",\"<>Luke\")),'Future Requirements'!$AA:$AA,$I$6),0)+\nIF($J$7=\"Include\",SUMIFS('Future Requirements'!$O:$O,'Future Requirements'!$D:$D,$B18,'Future Requirements'!$G:$G,C$11,'Future Requirements'!$B:$B,IF($C$3=\"\",\">=\"&$F$3,\">=\"&$C$3),'Future Requirements'!$B:$B,IF($C$4=\"\",\"<=\"&$F$4,\"<=\"&$C$4),'Future Requirements'!$J:$J,IF($C$5=\"Yes\",\"Yes\",IF($C$5=\"No\",\"No\",\"<>Luke\")),'Future Requirements'!$AC:$AC,IF($C$6=\"Agreed\",\"Agreed\",IF($C$6=\"C/Fwd\",\"C/Fwd\",\"<>Luke\")),'Future Requirements'!$AA:$AA,$I$7),0)","v":0},{"$f":"IF($J$3=\"Include\",SUMIFS('Future Requirements'!$O:$O,'Future Requirements'!$D:$D,$B18,'Future Requirements'!$G:$G,D$11,'Future Requirements'!$B:$B,IF($C$3=\"\",\">=\"&$F$3,\">=\"&$C$3),'Future Requirements'!$B:$B,IF($C$4=\"\",\"<=\"&$F$4,\"<=\"&$C$4),'Future Requirements'!$J:$J,IF($C$5=\"Yes\",\"Yes\",IF($C$5=\"No\",\"No\",\"<>Luke\")),'Future Requirements'!$AC:$AC,IF($C$6=\"Agreed\",\"Agreed\",IF($C$6=\"C/Fwd\",\"C/Fwd\",\"<>Luke\")),'Future Requirements'!$AA:$AA,$I$3),0)+\nIF($J$4=\"Include\",SUMIFS('Future Requirements'!$O:$O,'Future Requirements'!$D:$D,$B18,'Future Requirements'!$G:$G,D$11,'Future Requirements'!$B:$B,IF($C$3=\"\",\">=\"&$F$3,\">=\"&$C$3),'Future Requirements'!$B:$B,IF($C$4=\"\",\"<=\"&$F$4,\"<=\"&$C$4),'Future Requirements'!$J:$J,IF($C$5=\"Yes\",\"Yes\",IF($C$5=\"No\",\"No\",\"<>Luke\")),'Future Requirements'!$AC:$AC,IF($C$6=\"Agreed\",\"Agreed\",IF($C$6=\"C/Fwd\",\"C/Fwd\",\"<>Luke\")),'Future Requirements'!$AA:$AA,$I$4),0)+\nIF($J$5=\"Include\",SUMIFS('Future Requirements'!$O:$O,'Future Requirements'!$D:$D,$B18,'Future Requirements'!$G:$G,D$11,'Future Requirements'!$B:$B,IF($C$3=\"\",\">=\"&$F$3,\">=\"&$C$3),'Future Requirements'!$B:$B,IF($C$4=\"\",\"<=\"&$F$4,\"<=\"&$C$4),'Future Requirements'!$J:$J,IF($C$5=\"Yes\",\"Yes\",IF($C$5=\"No\",\"No\",\"<>Luke\")),'Future Requirements'!$AC:$AC,IF($C$6=\"Agreed\",\"Agreed\",IF($C$6=\"C/Fwd\",\"C/Fwd\",\"<>Luke\")),'Future Requirements'!$AA:$AA,$I$5),0)+\nIF($J$6=\"Include\",SUMIFS('Future Requirements'!$O:$O,'Future Requirements'!$D:$D,$B18,'Future Requirements'!$G:$G,D$11,'Future Requirements'!$B:$B,IF($C$3=\"\",\">=\"&$F$3,\">=\"&$C$3),'Future Requirements'!$B:$B,IF($C$4=\"\",\"<=\"&$F$4,\"<=\"&$C$4),'Future Requirements'!$J:$J,IF($C$5=\"Yes\",\"Yes\",IF($C$5=\"No\",\"No\",\"<>Luke\")),'Future Requirements'!$AC:$AC,IF($C$6=\"Agreed\",\"Agreed\",IF($C$6=\"C/Fwd\",\"C/Fwd\",\"<>Luke\")),'Future Requirements'!$AA:$AA,$I$6),0)+\nIF($J$7=\"Include\",SUMIFS('Future Requirements'!$O:$O,'Future Requirements'!$D:$D,$B18,'Future Requirements'!$G:$G,D$11,'Future Requirements'!$B:$B,IF($C$3=\"\",\">=\"&$F$3,\">=\"&$C$3),'Future Requirements'!$B:$B,IF($C$4=\"\",\"<=\"&$F$4,\"<=\"&$C$4),'Future Requirements'!$J:$J,IF($C$5=\"Yes\",\"Yes\",IF($C$5=\"No\",\"No\",\"<>Luke\")),'Future Requirements'!$AC:$AC,IF($C$6=\"Agreed\",\"Agreed\",IF($C$6=\"C/Fwd\",\"C/Fwd\",\"<>Luke\")),'Future Requirements'!$AA:$AA,$I$7),0)","v":0},{"$f":"IF($J$3=\"Include\",SUMIFS('Future Requirements'!$O:$O,'Future Requirements'!$D:$D,$B18,'Future Requirements'!$G:$G,E$11,'Future Requirements'!$B:$B,IF($C$3=\"\",\">=\"&$F$3,\">=\"&$C$3),'Future Requirements'!$B:$B,IF($C$4=\"\",\"<=\"&$F$4,\"<=\"&$C$4),'Future Requirements'!$J:$J,IF($C$5=\"Yes\",\"Yes\",IF($C$5=\"No\",\"No\",\"<>Luke\")),'Future Requirements'!$AC:$AC,IF($C$6=\"Agreed\",\"Agreed\",IF($C$6=\"C/Fwd\",\"C/Fwd\",\"<>Luke\")),'Future Requirements'!$AA:$AA,$I$3),0)+\nIF($J$4=\"Include\",SUMIFS('Future Requirements'!$O:$O,'Future Requirements'!$D:$D,$B18,'Future Requirements'!$G:$G,E$11,'Future Requirements'!$B:$B,IF($C$3=\"\",\">=\"&$F$3,\">=\"&$C$3),'Future Requirements'!$B:$B,IF($C$4=\"\",\"<=\"&$F$4,\"<=\"&$C$4),'Future Requirements'!$J:$J,IF($C$5=\"Yes\",\"Yes\",IF($C$5=\"No\",\"No\",\"<>Luke\")),'Future Requirements'!$AC:$AC,IF($C$6=\"Agreed\",\"Agreed\",IF($C$6=\"C/Fwd\",\"C/Fwd\",\"<>Luke\")),'Future Requirements'!$AA:$AA,$I$4),0)+\nIF($J$5=\"Include\",SUMIFS('Future Requirements'!$O:$O,'Future Requirements'!$D:$D,$B18,'Future Requirements'!$G:$G,E$11,'Future Requirements'!$B:$B,IF($C$3=\"\",\">=\"&$F$3,\">=\"&$C$3),'Future Requirements'!$B:$B,IF($C$4=\"\",\"<=\"&$F$4,\"<=\"&$C$4),'Future Requirements'!$J:$J,IF($C$5=\"Yes\",\"Yes\",IF($C$5=\"No\",\"No\",\"<>Luke\")),'Future Requirements'!$AC:$AC,IF($C$6=\"Agreed\",\"Agreed\",IF($C$6=\"C/Fwd\",\"C/Fwd\",\"<>Luke\")),'Future Requirements'!$AA:$AA,$I$5),0)+\nIF($J$6=\"Include\",SUMIFS('Future Requirements'!$O:$O,'Future Requirements'!$D:$D,$B18,'Future Requirements'!$G:$G,E$11,'Future Requirements'!$B:$B,IF($C$3=\"\",\">=\"&$F$3,\">=\"&$C$3),'Future Requirements'!$B:$B,IF($C$4=\"\",\"<=\"&$F$4,\"<=\"&$C$4),'Future Requirements'!$J:$J,IF($C$5=\"Yes\",\"Yes\",IF($C$5=\"No\",\"No\",\"<>Luke\")),'Future Requirements'!$AC:$AC,IF($C$6=\"Agreed\",\"Agreed\",IF($C$6=\"C/Fwd\",\"C/Fwd\",\"<>Luke\")),'Future Requirements'!$AA:$AA,$I$6),0)+\nIF($J$7=\"Include\",SUMIFS('Future Requirements'!$O:$O,'Future Requirements'!$D:$D,$B18,'Future Requirements'!$G:$G,E$11,'Future Requirements'!$B:$B,IF($C$3=\"\",\">=\"&$F$3,\">=\"&$C$3),'Future Requirements'!$B:$B,IF($C$4=\"\",\"<=\"&$F$4,\"<=\"&$C$4),'Future Requirements'!$J:$J,IF($C$5=\"Yes\",\"Yes\",IF($C$5=\"No\",\"No\",\"<>Luke\")),'Future Requirements'!$AC:$AC,IF($C$6=\"Agreed\",\"Agreed\",IF($C$6=\"C/Fwd\",\"C/Fwd\",\"<>Luke\")),'Future Requirements'!$AA:$AA,$I$7),0)","v":0},{"$f":"IF($J$3=\"Include\",SUMIFS('Future Requirements'!$O:$O,'Future Requirements'!$D:$D,$B18,'Future Requirements'!$G:$G,F$11,'Future Requirements'!$B:$B,IF($C$3=\"\",\">=\"&$F$3,\">=\"&$C$3),'Future Requirements'!$B:$B,IF($C$4=\"\",\"<=\"&$F$4,\"<=\"&$C$4),'Future Requirements'!$J:$J,IF($C$5=\"Yes\",\"Yes\",IF($C$5=\"No\",\"No\",\"<>Luke\")),'Future Requirements'!$AC:$AC,IF($C$6=\"Agreed\",\"Agreed\",IF($C$6=\"C/Fwd\",\"C/Fwd\",\"<>Luke\")),'Future Requirements'!$AA:$AA,$I$3),0)+\nIF($J$4=\"Include\",SUMIFS('Future Requirements'!$O:$O,'Future Requirements'!$D:$D,$B18,'Future Requirements'!$G:$G,F$11,'Future Requirements'!$B:$B,IF($C$3=\"\",\">=\"&$F$3,\">=\"&$C$3),'Future Requirements'!$B:$B,IF($C$4=\"\",\"<=\"&$F$4,\"<=\"&$C$4),'Future Requirements'!$J:$J,IF($C$5=\"Yes\",\"Yes\",IF($C$5=\"No\",\"No\",\"<>Luke\")),'Future Requirements'!$AC:$AC,IF($C$6=\"Agreed\",\"Agreed\",IF($C$6=\"C/Fwd\",\"C/Fwd\",\"<>Luke\")),'Future Requirements'!$AA:$AA,$I$4),0)+\nIF($J$5=\"Include\",SUMIFS('Future Requirements'!$O:$O,'Future Requirements'!$D:$D,$B18,'Future Requirements'!$G:$G,F$11,'Future Requirements'!$B:$B,IF($C$3=\"\",\">=\"&$F$3,\">=\"&$C$3),'Future Requirements'!$B:$B,IF($C$4=\"\",\"<=\"&$F$4,\"<=\"&$C$4),'Future Requirements'!$J:$J,IF($C$5=\"Yes\",\"Yes\",IF($C$5=\"No\",\"No\",\"<>Luke\")),'Future Requirements'!$AC:$AC,IF($C$6=\"Agreed\",\"Agreed\",IF($C$6=\"C/Fwd\",\"C/Fwd\",\"<>Luke\")),'Future Requirements'!$AA:$AA,$I$5),0)+\nIF($J$6=\"Include\",SUMIFS('Future Requirements'!$O:$O,'Future Requirements'!$D:$D,$B18,'Future Requirements'!$G:$G,F$11,'Future Requirements'!$B:$B,IF($C$3=\"\",\">=\"&$F$3,\">=\"&$C$3),'Future Requirements'!$B:$B,IF($C$4=\"\",\"<=\"&$F$4,\"<=\"&$C$4),'Future Requirements'!$J:$J,IF($C$5=\"Yes\",\"Yes\",IF($C$5=\"No\",\"No\",\"<>Luke\")),'Future Requirements'!$AC:$AC,IF($C$6=\"Agreed\",\"Agreed\",IF($C$6=\"C/Fwd\",\"C/Fwd\",\"<>Luke\")),'Future Requirements'!$AA:$AA,$I$6),0)+\nIF($J$7=\"Include\",SUMIFS('Future Requirements'!$O:$O,'Future Requirements'!$D:$D,$B18,'Future Requirements'!$G:$G,F$11,'Future Requirements'!$B:$B,IF($C$3=\"\",\">=\"&$F$3,\">=\"&$C$3),'Future Requirements'!$B:$B,IF($C$4=\"\",\"<=\"&$F$4,\"<=\"&$C$4),'Future Requirements'!$J:$J,IF($C$5=\"Yes\",\"Yes\",IF($C$5=\"No\",\"No\",\"<>Luke\")),'Future Requirements'!$AC:$AC,IF($C$6=\"Agreed\",\"Agreed\",IF($C$6=\"C/Fwd\",\"C/Fwd\",\"<>Luke\")),'Future Requirements'!$AA:$AA,$I$7),0)","v":0},{"$f":"IF($J$3=\"Include\",SUMIFS('Future Requirements'!$O:$O,'Future Requirements'!$D:$D,$B18,'Future Requirements'!$G:$G,G$11,'Future Requirements'!$B:$B,IF($C$3=\"\",\">=\"&$F$3,\">=\"&$C$3),'Future Requirements'!$B:$B,IF($C$4=\"\",\"<=\"&$F$4,\"<=\"&$C$4),'Future Requirements'!$J:$J,IF($C$5=\"Yes\",\"Yes\",IF($C$5=\"No\",\"No\",\"<>Luke\")),'Future Requirements'!$AC:$AC,IF($C$6=\"Agreed\",\"Agreed\",IF($C$6=\"C/Fwd\",\"C/Fwd\",\"<>Luke\")),'Future Requirements'!$AA:$AA,$I$3),0)+\nIF($J$4=\"Include\",SUMIFS('Future Requirements'!$O:$O,'Future Requirements'!$D:$D,$B18,'Future Requirements'!$G:$G,G$11,'Future Requirements'!$B:$B,IF($C$3=\"\",\">=\"&$F$3,\">=\"&$C$3),'Future Requirements'!$B:$B,IF($C$4=\"\",\"<=\"&$F$4,\"<=\"&$C$4),'Future Requirements'!$J:$J,IF($C$5=\"Yes\",\"Yes\",IF($C$5=\"No\",\"No\",\"<>Luke\")),'Future Requirements'!$AC:$AC,IF($C$6=\"Agreed\",\"Agreed\",IF($C$6=\"C/Fwd\",\"C/Fwd\",\"<>Luke\")),'Future Requirements'!$AA:$AA,$I$4),0)+\nIF($J$5=\"Include\",SUMIFS('Future Requirements'!$O:$O,'Future Requirements'!$D:$D,$B18,'Future Requirements'!$G:$G,G$11,'Future Requirements'!$B:$B,IF($C$3=\"\",\">=\"&$F$3,\">=\"&$C$3),'Future Requirements'!$B:$B,IF($C$4=\"\",\"<=\"&$F$4,\"<=\"&$C$4),'Future Requirements'!$J:$J,IF($C$5=\"Yes\",\"Yes\",IF($C$5=\"No\",\"No\",\"<>Luke\")),'Future Requirements'!$AC:$AC,IF($C$6=\"Agreed\",\"Agreed\",IF($C$6=\"C/Fwd\",\"C/Fwd\",\"<>Luke\")),'Future Requirements'!$AA:$AA,$I$5),0)+\nIF($J$6=\"Include\",SUMIFS('Future Requirements'!$O:$O,'Future Requirements'!$D:$D,$B18,'Future Requirements'!$G:$G,G$11,'Future Requirements'!$B:$B,IF($C$3=\"\",\">=\"&$F$3,\">=\"&$C$3),'Future Requirements'!$B:$B,IF($C$4=\"\",\"<=\"&$F$4,\"<=\"&$C$4),'Future Requirements'!$J:$J,IF($C$5=\"Yes\",\"Yes\",IF($C$5=\"No\",\"No\",\"<>Luke\")),'Future Requirements'!$AC:$AC,IF($C$6=\"Agreed\",\"Agreed\",IF($C$6=\"C/Fwd\",\"C/Fwd\",\"<>Luke\")),'Future Requirements'!$AA:$AA,$I$6),0)+\nIF($J$7=\"Include\",SUMIFS('Future Requirements'!$O:$O,'Future Requirements'!$D:$D,$B18,'Future Requirements'!$G:$G,G$11,'Future Requirements'!$B:$B,IF($C$3=\"\",\">=\"&$F$3,\">=\"&$C$3),'Future Requirements'!$B:$B,IF($C$4=\"\",\"<=\"&$F$4,\"<=\"&$C$4),'Future Requirements'!$J:$J,IF($C$5=\"Yes\",\"Yes\",IF($C$5=\"No\",\"No\",\"<>Luke\")),'Future Requirements'!$AC:$AC,IF($C$6=\"Agreed\",\"Agreed\",IF($C$6=\"C/Fwd\",\"C/Fwd\",\"<>Luke\")),'Future Requirements'!$AA:$AA,$I$7),0)","v":0},{"$f":"IF($J$3=\"Include\",SUMIFS('Future Requirements'!$O:$O,'Future Requirements'!$D:$D,$B18,'Future Requirements'!$G:$G,H$11,'Future Requirements'!$B:$B,IF($C$3=\"\",\">=\"&$F$3,\">=\"&$C$3),'Future Requirements'!$B:$B,IF($C$4=\"\",\"<=\"&$F$4,\"<=\"&$C$4),'Future Requirements'!$J:$J,IF($C$5=\"Yes\",\"Yes\",IF($C$5=\"No\",\"No\",\"<>Luke\")),'Future Requirements'!$AC:$AC,IF($C$6=\"Agreed\",\"Agreed\",IF($C$6=\"C/Fwd\",\"C/Fwd\",\"<>Luke\")),'Future Requirements'!$AA:$AA,$I$3),0)+\nIF($J$4=\"Include\",SUMIFS('Future Requirements'!$O:$O,'Future Requirements'!$D:$D,$B18,'Future Requirements'!$G:$G,H$11,'Future Requirements'!$B:$B,IF($C$3=\"\",\">=\"&$F$3,\">=\"&$C$3),'Future Requirements'!$B:$B,IF($C$4=\"\",\"<=\"&$F$4,\"<=\"&$C$4),'Future Requirements'!$J:$J,IF($C$5=\"Yes\",\"Yes\",IF($C$5=\"No\",\"No\",\"<>Luke\")),'Future Requirements'!$AC:$AC,IF($C$6=\"Agreed\",\"Agreed\",IF($C$6=\"C/Fwd\",\"C/Fwd\",\"<>Luke\")),'Future Requirements'!$AA:$AA,$I$4),0)+\nIF($J$5=\"Include\",SUMIFS('Future Requirements'!$O:$O,'Future Requirements'!$D:$D,$B18,'Future Requirements'!$G:$G,H$11,'Future Requirements'!$B:$B,IF($C$3=\"\",\">=\"&$F$3,\">=\"&$C$3),'Future Requirements'!$B:$B,IF($C$4=\"\",\"<=\"&$F$4,\"<=\"&$C$4),'Future Requirements'!$J:$J,IF($C$5=\"Yes\",\"Yes\",IF($C$5=\"No\",\"No\",\"<>Luke\")),'Future Requirements'!$AC:$AC,IF($C$6=\"Agreed\",\"Agreed\",IF($C$6=\"C/Fwd\",\"C/Fwd\",\"<>Luke\")),'Future Requirements'!$AA:$AA,$I$5),0)+\nIF($J$6=\"Include\",SUMIFS('Future Requirements'!$O:$O,'Future Requirements'!$D:$D,$B18,'Future Requirements'!$G:$G,H$11,'Future Requirements'!$B:$B,IF($C$3=\"\",\">=\"&$F$3,\">=\"&$C$3),'Future Requirements'!$B:$B,IF($C$4=\"\",\"<=\"&$F$4,\"<=\"&$C$4),'Future Requirements'!$J:$J,IF($C$5=\"Yes\",\"Yes\",IF($C$5=\"No\",\"No\",\"<>Luke\")),'Future Requirements'!$AC:$AC,IF($C$6=\"Agreed\",\"Agreed\",IF($C$6=\"C/Fwd\",\"C/Fwd\",\"<>Luke\")),'Future Requirements'!$AA:$AA,$I$6),0)+\nIF($J$7=\"Include\",SUMIFS('Future Requirements'!$O:$O,'Future Requirements'!$D:$D,$B18,'Future Requirements'!$G:$G,H$11,'Future Requirements'!$B:$B,IF($C$3=\"\",\">=\"&$F$3,\">=\"&$C$3),'Future Requirements'!$B:$B,IF($C$4=\"\",\"<=\"&$F$4,\"<=\"&$C$4),'Future Requirements'!$J:$J,IF($C$5=\"Yes\",\"Yes\",IF($C$5=\"No\",\"No\",\"<>Luke\")),'Future Requirements'!$AC:$AC,IF($C$6=\"Agreed\",\"Agreed\",IF($C$6=\"C/Fwd\",\"C/Fwd\",\"<>Luke\")),'Future Requirements'!$AA:$AA,$I$7),0)","v":0},{"$f":"IF($J$3=\"Include\",SUMIFS('Future Requirements'!$O:$O,'Future Requirements'!$D:$D,$B18,'Future Requirements'!$G:$G,I$11,'Future Requirements'!$B:$B,IF($C$3=\"\",\">=\"&$F$3,\">=\"&$C$3),'Future Requirements'!$B:$B,IF($C$4=\"\",\"<=\"&$F$4,\"<=\"&$C$4),'Future Requirements'!$J:$J,IF($C$5=\"Yes\",\"Yes\",IF($C$5=\"No\",\"No\",\"<>Luke\")),'Future Requirements'!$AC:$AC,IF($C$6=\"Agreed\",\"Agreed\",IF($C$6=\"C/Fwd\",\"C/Fwd\",\"<>Luke\")),'Future Requirements'!$AA:$AA,$I$3),0)+\nIF($J$4=\"Include\",SUMIFS('Future Requirements'!$O:$O,'Future Requirements'!$D:$D,$B18,'Future Requirements'!$G:$G,I$11,'Future Requirements'!$B:$B,IF($C$3=\"\",\">=\"&$F$3,\">=\"&$C$3),'Future Requirements'!$B:$B,IF($C$4=\"\",\"<=\"&$F$4,\"<=\"&$C$4),'Future Requirements'!$J:$J,IF($C$5=\"Yes\",\"Yes\",IF($C$5=\"No\",\"No\",\"<>Luke\")),'Future Requirements'!$AC:$AC,IF($C$6=\"Agreed\",\"Agreed\",IF($C$6=\"C/Fwd\",\"C/Fwd\",\"<>Luke\")),'Future Requirements'!$AA:$AA,$I$4),0)+\nIF($J$5=\"Include\",SUMIFS('Future Requirements'!$O:$O,'Future Requirements'!$D:$D,$B18,'Future Requirements'!$G:$G,I$11,'Future Requirements'!$B:$B,IF($C$3=\"\",\">=\"&$F$3,\">=\"&$C$3),'Future Requirements'!$B:$B,IF($C$4=\"\",\"<=\"&$F$4,\"<=\"&$C$4),'Future Requirements'!$J:$J,IF($C$5=\"Yes\",\"Yes\",IF($C$5=\"No\",\"No\",\"<>Luke\")),'Future Requirements'!$AC:$AC,IF($C$6=\"Agreed\",\"Agreed\",IF($C$6=\"C/Fwd\",\"C/Fwd\",\"<>Luke\")),'Future Requirements'!$AA:$AA,$I$5),0)+\nIF($J$6=\"Include\",SUMIFS('Future Requirements'!$O:$O,'Future Requirements'!$D:$D,$B18,'Future Requirements'!$G:$G,I$11,'Future Requirements'!$B:$B,IF($C$3=\"\",\">=\"&$F$3,\">=\"&$C$3),'Future Requirements'!$B:$B,IF($C$4=\"\",\"<=\"&$F$4,\"<=\"&$C$4),'Future Requirements'!$J:$J,IF($C$5=\"Yes\",\"Yes\",IF($C$5=\"No\",\"No\",\"<>Luke\")),'Future Requirements'!$AC:$AC,IF($C$6=\"Agreed\",\"Agreed\",IF($C$6=\"C/Fwd\",\"C/Fwd\",\"<>Luke\")),'Future Requirements'!$AA:$AA,$I$6),0)+\nIF($J$7=\"Include\",SUMIFS('Future Requirements'!$O:$O,'Future Requirements'!$D:$D,$B18,'Future Requirements'!$G:$G,I$11,'Future Requirements'!$B:$B,IF($C$3=\"\",\">=\"&$F$3,\">=\"&$C$3),'Future Requirements'!$B:$B,IF($C$4=\"\",\"<=\"&$F$4,\"<=\"&$C$4),'Future Requirements'!$J:$J,IF($C$5=\"Yes\",\"Yes\",IF($C$5=\"No\",\"No\",\"<>Luke\")),'Future Requirements'!$AC:$AC,IF($C$6=\"Agreed\",\"Agreed\",IF($C$6=\"C/Fwd\",\"C/Fwd\",\"<>Luke\")),'Future Requirements'!$AA:$AA,$I$7),0)","v":0},{"$f":"IF($J$3=\"Include\",SUMIFS('Future Requirements'!$O:$O,'Future Requirements'!$D:$D,$B18,'Future Requirements'!$G:$G,J$11,'Future Requirements'!$B:$B,IF($C$3=\"\",\">=\"&$F$3,\">=\"&$C$3),'Future Requirements'!$B:$B,IF($C$4=\"\",\"<=\"&$F$4,\"<=\"&$C$4),'Future Requirements'!$J:$J,IF($C$5=\"Yes\",\"Yes\",IF($C$5=\"No\",\"No\",\"<>Luke\")),'Future Requirements'!$AC:$AC,IF($C$6=\"Agreed\",\"Agreed\",IF($C$6=\"C/Fwd\",\"C/Fwd\",\"<>Luke\")),'Future Requirements'!$AA:$AA,$I$3),0)+\nIF($J$4=\"Include\",SUMIFS('Future Requirements'!$O:$O,'Future Requirements'!$D:$D,$B18,'Future Requirements'!$G:$G,J$11,'Future Requirements'!$B:$B,IF($C$3=\"\",\">=\"&$F$3,\">=\"&$C$3),'Future Requirements'!$B:$B,IF($C$4=\"\",\"<=\"&$F$4,\"<=\"&$C$4),'Future Requirements'!$J:$J,IF($C$5=\"Yes\",\"Yes\",IF($C$5=\"No\",\"No\",\"<>Luke\")),'Future Requirements'!$AC:$AC,IF($C$6=\"Agreed\",\"Agreed\",IF($C$6=\"C/Fwd\",\"C/Fwd\",\"<>Luke\")),'Future Requirements'!$AA:$AA,$I$4),0)+\nIF($J$5=\"Include\",SUMIFS('Future Requirements'!$O:$O,'Future Requirements'!$D:$D,$B18,'Future Requirements'!$G:$G,J$11,'Future Requirements'!$B:$B,IF($C$3=\"\",\">=\"&$F$3,\">=\"&$C$3),'Future Requirements'!$B:$B,IF($C$4=\"\",\"<=\"&$F$4,\"<=\"&$C$4),'Future Requirements'!$J:$J,IF($C$5=\"Yes\",\"Yes\",IF($C$5=\"No\",\"No\",\"<>Luke\")),'Future Requirements'!$AC:$AC,IF($C$6=\"Agreed\",\"Agreed\",IF($C$6=\"C/Fwd\",\"C/Fwd\",\"<>Luke\")),'Future Requirements'!$AA:$AA,$I$5),0)+\nIF($J$6=\"Include\",SUMIFS('Future Requirements'!$O:$O,'Future Requirements'!$D:$D,$B18,'Future Requirements'!$G:$G,J$11,'Future Requirements'!$B:$B,IF($C$3=\"\",\">=\"&$F$3,\">=\"&$C$3),'Future Requirements'!$B:$B,IF($C$4=\"\",\"<=\"&$F$4,\"<=\"&$C$4),'Future Requirements'!$J:$J,IF($C$5=\"Yes\",\"Yes\",IF($C$5=\"No\",\"No\",\"<>Luke\")),'Future Requirements'!$AC:$AC,IF($C$6=\"Agreed\",\"Agreed\",IF($C$6=\"C/Fwd\",\"C/Fwd\",\"<>Luke\")),'Future Requirements'!$AA:$AA,$I$6),0)+\nIF($J$7=\"Include\",SUMIFS('Future Requirements'!$O:$O,'Future Requirements'!$D:$D,$B18,'Future Requirements'!$G:$G,J$11,'Future Requirements'!$B:$B,IF($C$3=\"\",\">=\"&$F$3,\">=\"&$C$3),'Future Requirements'!$B:$B,IF($C$4=\"\",\"<=\"&$F$4,\"<=\"&$C$4),'Future Requirements'!$J:$J,IF($C$5=\"Yes\",\"Yes\",IF($C$5=\"No\",\"No\",\"<>Luke\")),'Future Requirements'!$AC:$AC,IF($C$6=\"Agreed\",\"Agreed\",IF($C$6=\"C/Fwd\",\"C/Fwd\",\"<>Luke\")),'Future Requirements'!$AA:$AA,$I$7),0)","v":0},{"$f":"IF($J$3=\"Include\",SUMIFS('Future Requirements'!$O:$O,'Future Requirements'!$D:$D,$B18,'Future Requirements'!$G:$G,K$11,'Future Requirements'!$B:$B,IF($C$3=\"\",\">=\"&$F$3,\">=\"&$C$3),'Future Requirements'!$B:$B,IF($C$4=\"\",\"<=\"&$F$4,\"<=\"&$C$4),'Future Requirements'!$J:$J,IF($C$5=\"Yes\",\"Yes\",IF($C$5=\"No\",\"No\",\"<>Luke\")),'Future Requirements'!$AC:$AC,IF($C$6=\"Agreed\",\"Agreed\",IF($C$6=\"C/Fwd\",\"C/Fwd\",\"<>Luke\")),'Future Requirements'!$AA:$AA,$I$3),0)+\nIF($J$4=\"Include\",SUMIFS('Future Requirements'!$O:$O,'Future Requirements'!$D:$D,$B18,'Future Requirements'!$G:$G,K$11,'Future Requirements'!$B:$B,IF($C$3=\"\",\">=\"&$F$3,\">=\"&$C$3),'Future Requirements'!$B:$B,IF($C$4=\"\",\"<=\"&$F$4,\"<=\"&$C$4),'Future Requirements'!$J:$J,IF($C$5=\"Yes\",\"Yes\",IF($C$5=\"No\",\"No\",\"<>Luke\")),'Future Requirements'!$AC:$AC,IF($C$6=\"Agreed\",\"Agreed\",IF($C$6=\"C/Fwd\",\"C/Fwd\",\"<>Luke\")),'Future Requirements'!$AA:$AA,$I$4),0)+\nIF($J$5=\"Include\",SUMIFS('Future Requirements'!$O:$O,'Future Requirements'!$D:$D,$B18,'Future Requirements'!$G:$G,K$11,'Future Requirements'!$B:$B,IF($C$3=\"\",\">=\"&$F$3,\">=\"&$C$3),'Future Requirements'!$B:$B,IF($C$4=\"\",\"<=\"&$F$4,\"<=\"&$C$4),'Future Requirements'!$J:$J,IF($C$5=\"Yes\",\"Yes\",IF($C$5=\"No\",\"No\",\"<>Luke\")),'Future Requirements'!$AC:$AC,IF($C$6=\"Agreed\",\"Agreed\",IF($C$6=\"C/Fwd\",\"C/Fwd\",\"<>Luke\")),'Future Requirements'!$AA:$AA,$I$5),0)+\nIF($J$6=\"Include\",SUMIFS('Future Requirements'!$O:$O,'Future Requirements'!$D:$D,$B18,'Future Requirements'!$G:$G,K$11,'Future Requirements'!$B:$B,IF($C$3=\"\",\">=\"&$F$3,\">=\"&$C$3),'Future Requirements'!$B:$B,IF($C$4=\"\",\"<=\"&$F$4,\"<=\"&$C$4),'Future Requirements'!$J:$J,IF($C$5=\"Yes\",\"Yes\",IF($C$5=\"No\",\"No\",\"<>Luke\")),'Future Requirements'!$AC:$AC,IF($C$6=\"Agreed\",\"Agreed\",IF($C$6=\"C/Fwd\",\"C/Fwd\",\"<>Luke\")),'Future Requirements'!$AA:$AA,$I$6),0)+\nIF($J$7=\"Include\",SUMIFS('Future Requirements'!$O:$O,'Future Requirements'!$D:$D,$B18,'Future Requirements'!$G:$G,K$11,'Future Requirements'!$B:$B,IF($C$3=\"\",\">=\"&$F$3,\">=\"&$C$3),'Future Requirements'!$B:$B,IF($C$4=\"\",\"<=\"&$F$4,\"<=\"&$C$4),'Future Requirements'!$J:$J,IF($C$5=\"Yes\",\"Yes\",IF($C$5=\"No\",\"No\",\"<>Luke\")),'Future Requirements'!$AC:$AC,IF($C$6=\"Agreed\",\"Agreed\",IF($C$6=\"C/Fwd\",\"C/Fwd\",\"<>Luke\")),'Future Requirements'!$AA:$AA,$I$7),0)","v":0},{"$f":"IF($J$3=\"Include\",SUMIFS('Future Requirements'!$O:$O,'Future Requirements'!$D:$D,$B18,'Future Requirements'!$G:$G,L$11,'Future Requirements'!$B:$B,IF($C$3=\"\",\">=\"&$F$3,\">=\"&$C$3),'Future Requirements'!$B:$B,IF($C$4=\"\",\"<=\"&$F$4,\"<=\"&$C$4),'Future Requirements'!$J:$J,IF($C$5=\"Yes\",\"Yes\",IF($C$5=\"No\",\"No\",\"<>Luke\")),'Future Requirements'!$AC:$AC,IF($C$6=\"Agreed\",\"Agreed\",IF($C$6=\"C/Fwd\",\"C/Fwd\",\"<>Luke\")),'Future Requirements'!$AA:$AA,$I$3),0)+\nIF($J$4=\"Include\",SUMIFS('Future Requirements'!$O:$O,'Future Requirements'!$D:$D,$B18,'Future Requirements'!$G:$G,L$11,'Future Requirements'!$B:$B,IF($C$3=\"\",\">=\"&$F$3,\">=\"&$C$3),'Future Requirements'!$B:$B,IF($C$4=\"\",\"<=\"&$F$4,\"<=\"&$C$4),'Future Requirements'!$J:$J,IF($C$5=\"Yes\",\"Yes\",IF($C$5=\"No\",\"No\",\"<>Luke\")),'Future Requirements'!$AC:$AC,IF($C$6=\"Agreed\",\"Agreed\",IF($C$6=\"C/Fwd\",\"C/Fwd\",\"<>Luke\")),'Future Requirements'!$AA:$AA,$I$4),0)+\nIF($J$5=\"Include\",SUMIFS('Future Requirements'!$O:$O,'Future Requirements'!$D:$D,$B18,'Future Requirements'!$G:$G,L$11,'Future Requirements'!$B:$B,IF($C$3=\"\",\">=\"&$F$3,\">=\"&$C$3),'Future Requirements'!$B:$B,IF($C$4=\"\",\"<=\"&$F$4,\"<=\"&$C$4),'Future Requirements'!$J:$J,IF($C$5=\"Yes\",\"Yes\",IF($C$5=\"No\",\"No\",\"<>Luke\")),'Future Requirements'!$AC:$AC,IF($C$6=\"Agreed\",\"Agreed\",IF($C$6=\"C/Fwd\",\"C/Fwd\",\"<>Luke\")),'Future Requirements'!$AA:$AA,$I$5),0)+\nIF($J$6=\"Include\",SUMIFS('Future Requirements'!$O:$O,'Future Requirements'!$D:$D,$B18,'Future Requirements'!$G:$G,L$11,'Future Requirements'!$B:$B,IF($C$3=\"\",\">=\"&$F$3,\">=\"&$C$3),'Future Requirements'!$B:$B,IF($C$4=\"\",\"<=\"&$F$4,\"<=\"&$C$4),'Future Requirements'!$J:$J,IF($C$5=\"Yes\",\"Yes\",IF($C$5=\"No\",\"No\",\"<>Luke\")),'Future Requirements'!$AC:$AC,IF($C$6=\"Agreed\",\"Agreed\",IF($C$6=\"C/Fwd\",\"C/Fwd\",\"<>Luke\")),'Future Requirements'!$AA:$AA,$I$6),0)+\nIF($J$7=\"Include\",SUMIFS('Future Requirements'!$O:$O,'Future Requirements'!$D:$D,$B18,'Future Requirements'!$G:$G,L$11,'Future Requirements'!$B:$B,IF($C$3=\"\",\">=\"&$F$3,\">=\"&$C$3),'Future Requirements'!$B:$B,IF($C$4=\"\",\"<=\"&$F$4,\"<=\"&$C$4),'Future Requirements'!$J:$J,IF($C$5=\"Yes\",\"Yes\",IF($C$5=\"No\",\"No\",\"<>Luke\")),'Future Requirements'!$AC:$AC,IF($C$6=\"Agreed\",\"Agreed\",IF($C$6=\"C/Fwd\",\"C/Fwd\",\"<>Luke\")),'Future Requirements'!$AA:$AA,$I$7),0)","v":0},{"$f":"IF($J$3=\"Include\",SUMIFS('Future Requirements'!$O:$O,'Future Requirements'!$D:$D,$B18,'Future Requirements'!$G:$G,M$11,'Future Requirements'!$B:$B,IF($C$3=\"\",\">=\"&$F$3,\">=\"&$C$3),'Future Requirements'!$B:$B,IF($C$4=\"\",\"<=\"&$F$4,\"<=\"&$C$4),'Future Requirements'!$J:$J,IF($C$5=\"Yes\",\"Yes\",IF($C$5=\"No\",\"No\",\"<>Luke\")),'Future Requirements'!$AC:$AC,IF($C$6=\"Agreed\",\"Agreed\",IF($C$6=\"C/Fwd\",\"C/Fwd\",\"<>Luke\")),'Future Requirements'!$AA:$AA,$I$3),0)+\nIF($J$4=\"Include\",SUMIFS('Future Requirements'!$O:$O,'Future Requirements'!$D:$D,$B18,'Future Requirements'!$G:$G,M$11,'Future Requirements'!$B:$B,IF($C$3=\"\",\">=\"&$F$3,\">=\"&$C$3),'Future Requirements'!$B:$B,IF($C$4=\"\",\"<=\"&$F$4,\"<=\"&$C$4),'Future Requirements'!$J:$J,IF($C$5=\"Yes\",\"Yes\",IF($C$5=\"No\",\"No\",\"<>Luke\")),'Future Requirements'!$AC:$AC,IF($C$6=\"Agreed\",\"Agreed\",IF($C$6=\"C/Fwd\",\"C/Fwd\",\"<>Luke\")),'Future Requirements'!$AA:$AA,$I$4),0)+\nIF($J$5=\"Include\",SUMIFS('Future Requirements'!$O:$O,'Future Requirements'!$D:$D,$B18,'Future Requirements'!$G:$G,M$11,'Future Requirements'!$B:$B,IF($C$3=\"\",\">=\"&$F$3,\">=\"&$C$3),'Future Requirements'!$B:$B,IF($C$4=\"\",\"<=\"&$F$4,\"<=\"&$C$4),'Future Requirements'!$J:$J,IF($C$5=\"Yes\",\"Yes\",IF($C$5=\"No\",\"No\",\"<>Luke\")),'Future Requirements'!$AC:$AC,IF($C$6=\"Agreed\",\"Agreed\",IF($C$6=\"C/Fwd\",\"C/Fwd\",\"<>Luke\")),'Future Requirements'!$AA:$AA,$I$5),0)+\nIF($J$6=\"Include\",SUMIFS('Future Requirements'!$O:$O,'Future Requirements'!$D:$D,$B18,'Future Requirements'!$G:$G,M$11,'Future Requirements'!$B:$B,IF($C$3=\"\",\">=\"&$F$3,\">=\"&$C$3),'Future Requirements'!$B:$B,IF($C$4=\"\",\"<=\"&$F$4,\"<=\"&$C$4),'Future Requirements'!$J:$J,IF($C$5=\"Yes\",\"Yes\",IF($C$5=\"No\",\"No\",\"<>Luke\")),'Future Requirements'!$AC:$AC,IF($C$6=\"Agreed\",\"Agreed\",IF($C$6=\"C/Fwd\",\"C/Fwd\",\"<>Luke\")),'Future Requirements'!$AA:$AA,$I$6),0)+\nIF($J$7=\"Include\",SUMIFS('Future Requirements'!$O:$O,'Future Requirements'!$D:$D,$B18,'Future Requirements'!$G:$G,M$11,'Future Requirements'!$B:$B,IF($C$3=\"\",\">=\"&$F$3,\">=\"&$C$3),'Future Requirements'!$B:$B,IF($C$4=\"\",\"<=\"&$F$4,\"<=\"&$C$4),'Future Requirements'!$J:$J,IF($C$5=\"Yes\",\"Yes\",IF($C$5=\"No\",\"No\",\"<>Luke\")),'Future Requirements'!$AC:$AC,IF($C$6=\"Agreed\",\"Agreed\",IF($C$6=\"C/Fwd\",\"C/Fwd\",\"<>Luke\")),'Future Requirements'!$AA:$AA,$I$7),0)","v":0},{"$f":"IF($J$3=\"Include\",SUMIFS('Future Requirements'!$O:$O,'Future Requirements'!$D:$D,$B18,'Future Requirements'!$G:$G,N$11,'Future Requirements'!$B:$B,IF($C$3=\"\",\">=\"&$F$3,\">=\"&$C$3),'Future Requirements'!$B:$B,IF($C$4=\"\",\"<=\"&$F$4,\"<=\"&$C$4),'Future Requirements'!$J:$J,IF($C$5=\"Yes\",\"Yes\",IF($C$5=\"No\",\"No\",\"<>Luke\")),'Future Requirements'!$AC:$AC,IF($C$6=\"Agreed\",\"Agreed\",IF($C$6=\"C/Fwd\",\"C/Fwd\",\"<>Luke\")),'Future Requirements'!$AA:$AA,$I$3),0)+\nIF($J$4=\"Include\",SUMIFS('Future Requirements'!$O:$O,'Future Requirements'!$D:$D,$B18,'Future Requirements'!$G:$G,N$11,'Future Requirements'!$B:$B,IF($C$3=\"\",\">=\"&$F$3,\">=\"&$C$3),'Future Requirements'!$B:$B,IF($C$4=\"\",\"<=\"&$F$4,\"<=\"&$C$4),'Future Requirements'!$J:$J,IF($C$5=\"Yes\",\"Yes\",IF($C$5=\"No\",\"No\",\"<>Luke\")),'Future Requirements'!$AC:$AC,IF($C$6=\"Agreed\",\"Agreed\",IF($C$6=\"C/Fwd\",\"C/Fwd\",\"<>Luke\")),'Future Requirements'!$AA:$AA,$I$4),0)+\nIF($J$5=\"Include\",SUMIFS('Future Requirements'!$O:$O,'Future Requirements'!$D:$D,$B18,'Future Requirements'!$G:$G,N$11,'Future Requirements'!$B:$B,IF($C$3=\"\",\">=\"&$F$3,\">=\"&$C$3),'Future Requirements'!$B:$B,IF($C$4=\"\",\"<=\"&$F$4,\"<=\"&$C$4),'Future Requirements'!$J:$J,IF($C$5=\"Yes\",\"Yes\",IF($C$5=\"No\",\"No\",\"<>Luke\")),'Future Requirements'!$AC:$AC,IF($C$6=\"Agreed\",\"Agreed\",IF($C$6=\"C/Fwd\",\"C/Fwd\",\"<>Luke\")),'Future Requirements'!$AA:$AA,$I$5),0)+\nIF($J$6=\"Include\",SUMIFS('Future Requirements'!$O:$O,'Future Requirements'!$D:$D,$B18,'Future Requirements'!$G:$G,N$11,'Future Requirements'!$B:$B,IF($C$3=\"\",\">=\"&$F$3,\">=\"&$C$3),'Future Requirements'!$B:$B,IF($C$4=\"\",\"<=\"&$F$4,\"<=\"&$C$4),'Future Requirements'!$J:$J,IF($C$5=\"Yes\",\"Yes\",IF($C$5=\"No\",\"No\",\"<>Luke\")),'Future Requirements'!$AC:$AC,IF($C$6=\"Agreed\",\"Agreed\",IF($C$6=\"C/Fwd\",\"C/Fwd\",\"<>Luke\")),'Future Requirements'!$AA:$AA,$I$6),0)+\nIF($J$7=\"Include\",SUMIFS('Future Requirements'!$O:$O,'Future Requirements'!$D:$D,$B18,'Future Requirements'!$G:$G,N$11,'Future Requirements'!$B:$B,IF($C$3=\"\",\">=\"&$F$3,\">=\"&$C$3),'Future Requirements'!$B:$B,IF($C$4=\"\",\"<=\"&$F$4,\"<=\"&$C$4),'Future Requirements'!$J:$J,IF($C$5=\"Yes\",\"Yes\",IF($C$5=\"No\",\"No\",\"<>Luke\")),'Future Requirements'!$AC:$AC,IF($C$6=\"Agreed\",\"Agreed\",IF($C$6=\"C/Fwd\",\"C/Fwd\",\"<>Luke\")),'Future Requirements'!$AA:$AA,$I$7),0)","v":0},{"$f":"IF($J$3=\"Include\",SUMIFS('Future Requirements'!$O:$O,'Future Requirements'!$D:$D,$B18,'Future Requirements'!$G:$G,O$11,'Future Requirements'!$B:$B,IF($C$3=\"\",\">=\"&$F$3,\">=\"&$C$3),'Future Requirements'!$B:$B,IF($C$4=\"\",\"<=\"&$F$4,\"<=\"&$C$4),'Future Requirements'!$J:$J,IF($C$5=\"Yes\",\"Yes\",IF($C$5=\"No\",\"No\",\"<>Luke\")),'Future Requirements'!$AC:$AC,IF($C$6=\"Agreed\",\"Agreed\",IF($C$6=\"C/Fwd\",\"C/Fwd\",\"<>Luke\")),'Future Requirements'!$AA:$AA,$I$3),0)+\nIF($J$4=\"Include\",SUMIFS('Future Requirements'!$O:$O,'Future Requirements'!$D:$D,$B18,'Future Requirements'!$G:$G,O$11,'Future Requirements'!$B:$B,IF($C$3=\"\",\">=\"&$F$3,\">=\"&$C$3),'Future Requirements'!$B:$B,IF($C$4=\"\",\"<=\"&$F$4,\"<=\"&$C$4),'Future Requirements'!$J:$J,IF($C$5=\"Yes\",\"Yes\",IF($C$5=\"No\",\"No\",\"<>Luke\")),'Future Requirements'!$AC:$AC,IF($C$6=\"Agreed\",\"Agreed\",IF($C$6=\"C/Fwd\",\"C/Fwd\",\"<>Luke\")),'Future Requirements'!$AA:$AA,$I$4),0)+\nIF($J$5=\"Include\",SUMIFS('Future Requirements'!$O:$O,'Future Requirements'!$D:$D,$B18,'Future Requirements'!$G:$G,O$11,'Future Requirements'!$B:$B,IF($C$3=\"\",\">=\"&$F$3,\">=\"&$C$3),'Future Requirements'!$B:$B,IF($C$4=\"\",\"<=\"&$F$4,\"<=\"&$C$4),'Future Requirements'!$J:$J,IF($C$5=\"Yes\",\"Yes\",IF($C$5=\"No\",\"No\",\"<>Luke\")),'Future Requirements'!$AC:$AC,IF($C$6=\"Agreed\",\"Agreed\",IF($C$6=\"C/Fwd\",\"C/Fwd\",\"<>Luke\")),'Future Requirements'!$AA:$AA,$I$5),0)+\nIF($J$6=\"Include\",SUMIFS('Future Requirements'!$O:$O,'Future Requirements'!$D:$D,$B18,'Future Requirements'!$G:$G,O$11,'Future Requirements'!$B:$B,IF($C$3=\"\",\">=\"&$F$3,\">=\"&$C$3),'Future Requirements'!$B:$B,IF($C$4=\"\",\"<=\"&$F$4,\"<=\"&$C$4),'Future Requirements'!$J:$J,IF($C$5=\"Yes\",\"Yes\",IF($C$5=\"No\",\"No\",\"<>Luke\")),'Future Requirements'!$AC:$AC,IF($C$6=\"Agreed\",\"Agreed\",IF($C$6=\"C/Fwd\",\"C/Fwd\",\"<>Luke\")),'Future Requirements'!$AA:$AA,$I$6),0)+\nIF($J$7=\"Include\",SUMIFS('Future Requirements'!$O:$O,'Future Requirements'!$D:$D,$B18,'Future Requirements'!$G:$G,O$11,'Future Requirements'!$B:$B,IF($C$3=\"\",\">=\"&$F$3,\">=\"&$C$3),'Future Requirements'!$B:$B,IF($C$4=\"\",\"<=\"&$F$4,\"<=\"&$C$4),'Future Requirements'!$J:$J,IF($C$5=\"Yes\",\"Yes\",IF($C$5=\"No\",\"No\",\"<>Luke\")),'Future Requirements'!$AC:$AC,IF($C$6=\"Agreed\",\"Agreed\",IF($C$6=\"C/Fwd\",\"C/Fwd\",\"<>Luke\")),'Future Requirements'!$AA:$AA,$I$7),0)","v":0},{"$f":"IF($J$3=\"Include\",SUMIFS('Future Requirements'!$O:$O,'Future Requirements'!$D:$D,$B18,'Future Requirements'!$G:$G,P$11,'Future Requirements'!$B:$B,IF($C$3=\"\",\">=\"&$F$3,\">=\"&$C$3),'Future Requirements'!$B:$B,IF($C$4=\"\",\"<=\"&$F$4,\"<=\"&$C$4),'Future Requirements'!$J:$J,IF($C$5=\"Yes\",\"Yes\",IF($C$5=\"No\",\"No\",\"<>Luke\")),'Future Requirements'!$AC:$AC,IF($C$6=\"Agreed\",\"Agreed\",IF($C$6=\"C/Fwd\",\"C/Fwd\",\"<>Luke\")),'Future Requirements'!$AA:$AA,$I$3),0)+\nIF($J$4=\"Include\",SUMIFS('Future Requirements'!$O:$O,'Future Requirements'!$D:$D,$B18,'Future Requirements'!$G:$G,P$11,'Future Requirements'!$B:$B,IF($C$3=\"\",\">=\"&$F$3,\">=\"&$C$3),'Future Requirements'!$B:$B,IF($C$4=\"\",\"<=\"&$F$4,\"<=\"&$C$4),'Future Requirements'!$J:$J,IF($C$5=\"Yes\",\"Yes\",IF($C$5=\"No\",\"No\",\"<>Luke\")),'Future Requirements'!$AC:$AC,IF($C$6=\"Agreed\",\"Agreed\",IF($C$6=\"C/Fwd\",\"C/Fwd\",\"<>Luke\")),'Future Requirements'!$AA:$AA,$I$4),0)+\nIF($J$5=\"Include\",SUMIFS('Future Requirements'!$O:$O,'Future Requirements'!$D:$D,$B18,'Future Requirements'!$G:$G,P$11,'Future Requirements'!$B:$B,IF($C$3=\"\",\">=\"&$F$3,\">=\"&$C$3),'Future Requirements'!$B:$B,IF($C$4=\"\",\"<=\"&$F$4,\"<=\"&$C$4),'Future Requirements'!$J:$J,IF($C$5=\"Yes\",\"Yes\",IF($C$5=\"No\",\"No\",\"<>Luke\")),'Future Requirements'!$AC:$AC,IF($C$6=\"Agreed\",\"Agreed\",IF($C$6=\"C/Fwd\",\"C/Fwd\",\"<>Luke\")),'Future Requirements'!$AA:$AA,$I$5),0)+\nIF($J$6=\"Include\",SUMIFS('Future Requirements'!$O:$O,'Future Requirements'!$D:$D,$B18,'Future Requirements'!$G:$G,P$11,'Future Requirements'!$B:$B,IF($C$3=\"\",\">=\"&$F$3,\">=\"&$C$3),'Future Requirements'!$B:$B,IF($C$4=\"\",\"<=\"&$F$4,\"<=\"&$C$4),'Future Requirements'!$J:$J,IF($C$5=\"Yes\",\"Yes\",IF($C$5=\"No\",\"No\",\"<>Luke\")),'Future Requirements'!$AC:$AC,IF($C$6=\"Agreed\",\"Agreed\",IF($C$6=\"C/Fwd\",\"C/Fwd\",\"<>Luke\")),'Future Requirements'!$AA:$AA,$I$6),0)+\nIF($J$7=\"Include\",SUMIFS('Future Requirements'!$O:$O,'Future Requirements'!$D:$D,$B18,'Future Requirements'!$G:$G,P$11,'Future Requirements'!$B:$B,IF($C$3=\"\",\">=\"&$F$3,\">=\"&$C$3),'Future Requirements'!$B:$B,IF($C$4=\"\",\"<=\"&$F$4,\"<=\"&$C$4),'Future Requirements'!$J:$J,IF($C$5=\"Yes\",\"Yes\",IF($C$5=\"No\",\"No\",\"<>Luke\")),'Future Requirements'!$AC:$AC,IF($C$6=\"Agreed\",\"Agreed\",IF($C$6=\"C/Fwd\",\"C/Fwd\",\"<>Luke\")),'Future Requirements'!$AA:$AA,$I$7),0)","v":0},{"$f":"IF($J$3=\"Include\",SUMIFS('Future Requirements'!$O:$O,'Future Requirements'!$D:$D,$B18,'Future Requirements'!$G:$G,Q$11,'Future Requirements'!$B:$B,IF($C$3=\"\",\">=\"&$F$3,\">=\"&$C$3),'Future Requirements'!$B:$B,IF($C$4=\"\",\"<=\"&$F$4,\"<=\"&$C$4),'Future Requirements'!$J:$J,IF($C$5=\"Yes\",\"Yes\",IF($C$5=\"No\",\"No\",\"<>Luke\")),'Future Requirements'!$AC:$AC,IF($C$6=\"Agreed\",\"Agreed\",IF($C$6=\"C/Fwd\",\"C/Fwd\",\"<>Luke\")),'Future Requirements'!$AA:$AA,$I$3),0)+\nIF($J$4=\"Include\",SUMIFS('Future Requirements'!$O:$O,'Future Requirements'!$D:$D,$B18,'Future Requirements'!$G:$G,Q$11,'Future Requirements'!$B:$B,IF($C$3=\"\",\">=\"&$F$3,\">=\"&$C$3),'Future Requirements'!$B:$B,IF($C$4=\"\",\"<=\"&$F$4,\"<=\"&$C$4),'Future Requirements'!$J:$J,IF($C$5=\"Yes\",\"Yes\",IF($C$5=\"No\",\"No\",\"<>Luke\")),'Future Requirements'!$AC:$AC,IF($C$6=\"Agreed\",\"Agreed\",IF($C$6=\"C/Fwd\",\"C/Fwd\",\"<>Luke\")),'Future Requirements'!$AA:$AA,$I$4),0)+\nIF($J$5=\"Include\",SUMIFS('Future Requirements'!$O:$O,'Future Requirements'!$D:$D,$B18,'Future Requirements'!$G:$G,Q$11,'Future Requirements'!$B:$B,IF($C$3=\"\",\">=\"&$F$3,\">=\"&$C$3),'Future Requirements'!$B:$B,IF($C$4=\"\",\"<=\"&$F$4,\"<=\"&$C$4),'Future Requirements'!$J:$J,IF($C$5=\"Yes\",\"Yes\",IF($C$5=\"No\",\"No\",\"<>Luke\")),'Future Requirements'!$AC:$AC,IF($C$6=\"Agreed\",\"Agreed\",IF($C$6=\"C/Fwd\",\"C/Fwd\",\"<>Luke\")),'Future Requirements'!$AA:$AA,$I$5),0)+\nIF($J$6=\"Include\",SUMIFS('Future Requirements'!$O:$O,'Future Requirements'!$D:$D,$B18,'Future Requirements'!$G:$G,Q$11,'Future Requirements'!$B:$B,IF($C$3=\"\",\">=\"&$F$3,\">=\"&$C$3),'Future Requirements'!$B:$B,IF($C$4=\"\",\"<=\"&$F$4,\"<=\"&$C$4),'Future Requirements'!$J:$J,IF($C$5=\"Yes\",\"Yes\",IF($C$5=\"No\",\"No\",\"<>Luke\")),'Future Requirements'!$AC:$AC,IF($C$6=\"Agreed\",\"Agreed\",IF($C$6=\"C/Fwd\",\"C/Fwd\",\"<>Luke\")),'Future Requirements'!$AA:$AA,$I$6),0)+\nIF($J$7=\"Include\",SUMIFS('Future Requirements'!$O:$O,'Future Requirements'!$D:$D,$B18,'Future Requirements'!$G:$G,Q$11,'Future Requirements'!$B:$B,IF($C$3=\"\",\">=\"&$F$3,\">=\"&$C$3),'Future Requirements'!$B:$B,IF($C$4=\"\",\"<=\"&$F$4,\"<=\"&$C$4),'Future Requirements'!$J:$J,IF($C$5=\"Yes\",\"Yes\",IF($C$5=\"No\",\"No\",\"<>Luke\")),'Future Requirements'!$AC:$AC,IF($C$6=\"Agreed\",\"Agreed\",IF($C$6=\"C/Fwd\",\"C/Fwd\",\"<>Luke\")),'Future Requirements'!$AA:$AA,$I$7),0)","v":0},{"$f":"IF($J$3=\"Include\",SUMIFS('Future Requirements'!$O:$O,'Future Requirements'!$D:$D,$B18,'Future Requirements'!$G:$G,R$11,'Future Requirements'!$B:$B,IF($C$3=\"\",\">=\"&$F$3,\">=\"&$C$3),'Future Requirements'!$B:$B,IF($C$4=\"\",\"<=\"&$F$4,\"<=\"&$C$4),'Future Requirements'!$J:$J,IF($C$5=\"Yes\",\"Yes\",IF($C$5=\"No\",\"No\",\"<>Luke\")),'Future Requirements'!$AC:$AC,IF($C$6=\"Agreed\",\"Agreed\",IF($C$6=\"C/Fwd\",\"C/Fwd\",\"<>Luke\")),'Future Requirements'!$AA:$AA,$I$3),0)+\nIF($J$4=\"Include\",SUMIFS('Future Requirements'!$O:$O,'Future Requirements'!$D:$D,$B18,'Future Requirements'!$G:$G,R$11,'Future Requirements'!$B:$B,IF($C$3=\"\",\">=\"&$F$3,\">=\"&$C$3),'Future Requirements'!$B:$B,IF($C$4=\"\",\"<=\"&$F$4,\"<=\"&$C$4),'Future Requirements'!$J:$J,IF($C$5=\"Yes\",\"Yes\",IF($C$5=\"No\",\"No\",\"<>Luke\")),'Future Requirements'!$AC:$AC,IF($C$6=\"Agreed\",\"Agreed\",IF($C$6=\"C/Fwd\",\"C/Fwd\",\"<>Luke\")),'Future Requirements'!$AA:$AA,$I$4),0)+\nIF($J$5=\"Include\",SUMIFS('Future Requirements'!$O:$O,'Future Requirements'!$D:$D,$B18,'Future Requirements'!$G:$G,R$11,'Future Requirements'!$B:$B,IF($C$3=\"\",\">=\"&$F$3,\">=\"&$C$3),'Future Requirements'!$B:$B,IF($C$4=\"\",\"<=\"&$F$4,\"<=\"&$C$4),'Future Requirements'!$J:$J,IF($C$5=\"Yes\",\"Yes\",IF($C$5=\"No\",\"No\",\"<>Luke\")),'Future Requirements'!$AC:$AC,IF($C$6=\"Agreed\",\"Agreed\",IF($C$6=\"C/Fwd\",\"C/Fwd\",\"<>Luke\")),'Future Requirements'!$AA:$AA,$I$5),0)+\nIF($J$6=\"Include\",SUMIFS('Future Requirements'!$O:$O,'Future Requirements'!$D:$D,$B18,'Future Requirements'!$G:$G,R$11,'Future Requirements'!$B:$B,IF($C$3=\"\",\">=\"&$F$3,\">=\"&$C$3),'Future Requirements'!$B:$B,IF($C$4=\"\",\"<=\"&$F$4,\"<=\"&$C$4),'Future Requirements'!$J:$J,IF($C$5=\"Yes\",\"Yes\",IF($C$5=\"No\",\"No\",\"<>Luke\")),'Future Requirements'!$AC:$AC,IF($C$6=\"Agreed\",\"Agreed\",IF($C$6=\"C/Fwd\",\"C/Fwd\",\"<>Luke\")),'Future Requirements'!$AA:$AA,$I$6),0)+\nIF($J$7=\"Include\",SUMIFS('Future Requirements'!$O:$O,'Future Requirements'!$D:$D,$B18,'Future Requirements'!$G:$G,R$11,'Future Requirements'!$B:$B,IF($C$3=\"\",\">=\"&$F$3,\">=\"&$C$3),'Future Requirements'!$B:$B,IF($C$4=\"\",\"<=\"&$F$4,\"<=\"&$C$4),'Future Requirements'!$J:$J,IF($C$5=\"Yes\",\"Yes\",IF($C$5=\"No\",\"No\",\"<>Luke\")),'Future Requirements'!$AC:$AC,IF($C$6=\"Agreed\",\"Agreed\",IF($C$6=\"C/Fwd\",\"C/Fwd\",\"<>Luke\")),'Future Requirements'!$AA:$AA,$I$7),0)","v":0},{"$f":"IF($J$3=\"Include\",SUMIFS('Future Requirements'!$O:$O,'Future Requirements'!$D:$D,$B18,'Future Requirements'!$G:$G,S$11,'Future Requirements'!$B:$B,IF($C$3=\"\",\">=\"&$F$3,\">=\"&$C$3),'Future Requirements'!$B:$B,IF($C$4=\"\",\"<=\"&$F$4,\"<=\"&$C$4),'Future Requirements'!$J:$J,IF($C$5=\"Yes\",\"Yes\",IF($C$5=\"No\",\"No\",\"<>Luke\")),'Future Requirements'!$AC:$AC,IF($C$6=\"Agreed\",\"Agreed\",IF($C$6=\"C/Fwd\",\"C/Fwd\",\"<>Luke\")),'Future Requirements'!$AA:$AA,$I$3),0)+\nIF($J$4=\"Include\",SUMIFS('Future Requirements'!$O:$O,'Future Requirements'!$D:$D,$B18,'Future Requirements'!$G:$G,S$11,'Future Requirements'!$B:$B,IF($C$3=\"\",\">=\"&$F$3,\">=\"&$C$3),'Future Requirements'!$B:$B,IF($C$4=\"\",\"<=\"&$F$4,\"<=\"&$C$4),'Future Requirements'!$J:$J,IF($C$5=\"Yes\",\"Yes\",IF($C$5=\"No\",\"No\",\"<>Luke\")),'Future Requirements'!$AC:$AC,IF($C$6=\"Agreed\",\"Agreed\",IF($C$6=\"C/Fwd\",\"C/Fwd\",\"<>Luke\")),'Future Requirements'!$AA:$AA,$I$4),0)+\nIF($J$5=\"Include\",SUMIFS('Future Requirements'!$O:$O,'Future Requirements'!$D:$D,$B18,'Future Requirements'!$G:$G,S$11,'Future Requirements'!$B:$B,IF($C$3=\"\",\">=\"&$F$3,\">=\"&$C$3),'Future Requirements'!$B:$B,IF($C$4=\"\",\"<=\"&$F$4,\"<=\"&$C$4),'Future Requirements'!$J:$J,IF($C$5=\"Yes\",\"Yes\",IF($C$5=\"No\",\"No\",\"<>Luke\")),'Future Requirements'!$AC:$AC,IF($C$6=\"Agreed\",\"Agreed\",IF($C$6=\"C/Fwd\",\"C/Fwd\",\"<>Luke\")),'Future Requirements'!$AA:$AA,$I$5),0)+\nIF($J$6=\"Include\",SUMIFS('Future Requirements'!$O:$O,'Future Requirements'!$D:$D,$B18,'Future Requirements'!$G:$G,S$11,'Future Requirements'!$B:$B,IF($C$3=\"\",\">=\"&$F$3,\">=\"&$C$3),'Future Requirements'!$B:$B,IF($C$4=\"\",\"<=\"&$F$4,\"<=\"&$C$4),'Future Requirements'!$J:$J,IF($C$5=\"Yes\",\"Yes\",IF($C$5=\"No\",\"No\",\"<>Luke\")),'Future Requirements'!$AC:$AC,IF($C$6=\"Agreed\",\"Agreed\",IF($C$6=\"C/Fwd\",\"C/Fwd\",\"<>Luke\")),'Future Requirements'!$AA:$AA,$I$6),0)+\nIF($J$7=\"Include\",SUMIFS('Future Requirements'!$O:$O,'Future Requirements'!$D:$D,$B18,'Future Requirements'!$G:$G,S$11,'Future Requirements'!$B:$B,IF($C$3=\"\",\">=\"&$F$3,\">=\"&$C$3),'Future Requirements'!$B:$B,IF($C$4=\"\",\"<=\"&$F$4,\"<=\"&$C$4),'Future Requirements'!$J:$J,IF($C$5=\"Yes\",\"Yes\",IF($C$5=\"No\",\"No\",\"<>Luke\")),'Future Requirements'!$AC:$AC,IF($C$6=\"Agreed\",\"Agreed\",IF($C$6=\"C/Fwd\",\"C/Fwd\",\"<>Luke\")),'Future Requirements'!$AA:$AA,$I$7),0)","v":0},0]
[null,"Sea Defence",{"$f":"IF($J$3=\"Include\",SUMIFS('Future Requirements'!$O:$O,'Future Requirements'!$D:$D,$B19,'Future Requirements'!$G:$G,C$11,'Future Requirements'!$B:$B,IF($C$3=\"\",\">=\"&$F$3,\">=\"&$C$3),'Future Requirements'!$B:$B,IF($C$4=\"\",\"<=\"&$F$4,\"<=\"&$C$4),'Future Requirements'!$J:$J,IF($C$5=\"Yes\",\"Yes\",IF($C$5=\"No\",\"No\",\"<>Luke\")),'Future Requirements'!$AC:$AC,IF($C$6=\"Agreed\",\"Agreed\",IF($C$6=\"C/Fwd\",\"C/Fwd\",\"<>Luke\")),'Future Requirements'!$AA:$AA,$I$3),0)+\nIF($J$4=\"Include\",SUMIFS('Future Requirements'!$O:$O,'Future Requirements'!$D:$D,$B19,'Future Requirements'!$G:$G,C$11,'Future Requirements'!$B:$B,IF($C$3=\"\",\">=\"&$F$3,\">=\"&$C$3),'Future Requirements'!$B:$B,IF($C$4=\"\",\"<=\"&$F$4,\"<=\"&$C$4),'Future Requirements'!$J:$J,IF($C$5=\"Yes\",\"Yes\",IF($C$5=\"No\",\"No\",\"<>Luke\")),'Future Requirements'!$AC:$AC,IF($C$6=\"Agreed\",\"Agreed\",IF($C$6=\"C/Fwd\",\"C/Fwd\",\"<>Luke\")),'Future Requirements'!$AA:$AA,$I$4),0)+\nIF($J$5=\"Include\",SUMIFS('Future Requirements'!$O:$O,'Future Requirements'!$D:$D,$B19,'Future Requirements'!$G:$G,C$11,'Future Requirements'!$B:$B,IF($C$3=\"\",\">=\"&$F$3,\">=\"&$C$3),'Future Requirements'!$B:$B,IF($C$4=\"\",\"<=\"&$F$4,\"<=\"&$C$4),'Future Requirements'!$J:$J,IF($C$5=\"Yes\",\"Yes\",IF($C$5=\"No\",\"No\",\"<>Luke\")),'Future Requirements'!$AC:$AC,IF($C$6=\"Agreed\",\"Agreed\",IF($C$6=\"C/Fwd\",\"C/Fwd\",\"<>Luke\")),'Future Requirements'!$AA:$AA,$I$5),0)+\nIF($J$6=\"Include\",SUMIFS('Future Requirements'!$O:$O,'Future Requirements'!$D:$D,$B19,'Future Requirements'!$G:$G,C$11,'Future Requirements'!$B:$B,IF($C$3=\"\",\">=\"&$F$3,\">=\"&$C$3),'Future Requirements'!$B:$B,IF($C$4=\"\",\"<=\"&$F$4,\"<=\"&$C$4),'Future Requirements'!$J:$J,IF($C$5=\"Yes\",\"Yes\",IF($C$5=\"No\",\"No\",\"<>Luke\")),'Future Requirements'!$AC:$AC,IF($C$6=\"Agreed\",\"Agreed\",IF($C$6=\"C/Fwd\",\"C/Fwd\",\"<>Luke\")),'Future Requirements'!$AA:$AA,$I$6),0)+\nIF($J$7=\"Include\",SUMIFS('Future Requirements'!$O:$O,'Future Requirements'!$D:$D,$B19,'Future Requirements'!$G:$G,C$11,'Future Requirements'!$B:$B,IF($C$3=\"\",\">=\"&$F$3,\">=\"&$C$3),'Future Requirements'!$B:$B,IF($C$4=\"\",\"<=\"&$F$4,\"<=\"&$C$4),'Future Requirements'!$J:$J,IF($C$5=\"Yes\",\"Yes\",IF($C$5=\"No\",\"No\",\"<>Luke\")),'Future Requirements'!$AC:$AC,IF($C$6=\"Agreed\",\"Agreed\",IF($C$6=\"C/Fwd\",\"C/Fwd\",\"<>Luke\")),'Future Requirements'!$AA:$AA,$I$7),0)","v":0},{"$f":"IF($J$3=\"Include\",SUMIFS('Future Requirements'!$O:$O,'Future Requirements'!$D:$D,$B19,'Future Requirements'!$G:$G,D$11,'Future Requirements'!$B:$B,IF($C$3=\"\",\">=\"&$F$3,\">=\"&$C$3),'Future Requirements'!$B:$B,IF($C$4=\"\",\"<=\"&$F$4,\"<=\"&$C$4),'Future Requirements'!$J:$J,IF($C$5=\"Yes\",\"Yes\",IF($C$5=\"No\",\"No\",\"<>Luke\")),'Future Requirements'!$AC:$AC,IF($C$6=\"Agreed\",\"Agreed\",IF($C$6=\"C/Fwd\",\"C/Fwd\",\"<>Luke\")),'Future Requirements'!$AA:$AA,$I$3),0)+\nIF($J$4=\"Include\",SUMIFS('Future Requirements'!$O:$O,'Future Requirements'!$D:$D,$B19,'Future Requirements'!$G:$G,D$11,'Future Requirements'!$B:$B,IF($C$3=\"\",\">=\"&$F$3,\">=\"&$C$3),'Future Requirements'!$B:$B,IF($C$4=\"\",\"<=\"&$F$4,\"<=\"&$C$4),'Future Requirements'!$J:$J,IF($C$5=\"Yes\",\"Yes\",IF($C$5=\"No\",\"No\",\"<>Luke\")),'Future Requirements'!$AC:$AC,IF($C$6=\"Agreed\",\"Agreed\",IF($C$6=\"C/Fwd\",\"C/Fwd\",\"<>Luke\")),'Future Requirements'!$AA:$AA,$I$4),0)+\nIF($J$5=\"Include\",SUMIFS('Future Requirements'!$O:$O,'Future Requirements'!$D:$D,$B19,'Future Requirements'!$G:$G,D$11,'Future Requirements'!$B:$B,IF($C$3=\"\",\">=\"&$F$3,\">=\"&$C$3),'Future Requirements'!$B:$B,IF($C$4=\"\",\"<=\"&$F$4,\"<=\"&$C$4),'Future Requirements'!$J:$J,IF($C$5=\"Yes\",\"Yes\",IF($C$5=\"No\",\"No\",\"<>Luke\")),'Future Requirements'!$AC:$AC,IF($C$6=\"Agreed\",\"Agreed\",IF($C$6=\"C/Fwd\",\"C/Fwd\",\"<>Luke\")),'Future Requirements'!$AA:$AA,$I$5),0)+\nIF($J$6=\"Include\",SUMIFS('Future Requirements'!$O:$O,'Future Requirements'!$D:$D,$B19,'Future Requirements'!$G:$G,D$11,'Future Requirements'!$B:$B,IF($C$3=\"\",\">=\"&$F$3,\">=\"&$C$3),'Future Requirements'!$B:$B,IF($C$4=\"\",\"<=\"&$F$4,\"<=\"&$C$4),'Future Requirements'!$J:$J,IF($C$5=\"Yes\",\"Yes\",IF($C$5=\"No\",\"No\",\"<>Luke\")),'Future Requirements'!$AC:$AC,IF($C$6=\"Agreed\",\"Agreed\",IF($C$6=\"C/Fwd\",\"C/Fwd\",\"<>Luke\")),'Future Requirements'!$AA:$AA,$I$6),0)+\nIF($J$7=\"Include\",SUMIFS('Future Requirements'!$O:$O,'Future Requirements'!$D:$D,$B19,'Future Requirements'!$G:$G,D$11,'Future Requirements'!$B:$B,IF($C$3=\"\",\">=\"&$F$3,\">=\"&$C$3),'Future Requirements'!$B:$B,IF($C$4=\"\",\"<=\"&$F$4,\"<=\"&$C$4),'Future Requirements'!$J:$J,IF($C$5=\"Yes\",\"Yes\",IF($C$5=\"No\",\"No\",\"<>Luke\")),'Future Requirements'!$AC:$AC,IF($C$6=\"Agreed\",\"Agreed\",IF($C$6=\"C/Fwd\",\"C/Fwd\",\"<>Luke\")),'Future Requirements'!$AA:$AA,$I$7),0)","v":0},{"$f":"IF($J$3=\"Include\",SUMIFS('Future Requirements'!$O:$O,'Future Requirements'!$D:$D,$B19,'Future Requirements'!$G:$G,E$11,'Future Requirements'!$B:$B,IF($C$3=\"\",\">=\"&$F$3,\">=\"&$C$3),'Future Requirements'!$B:$B,IF($C$4=\"\",\"<=\"&$F$4,\"<=\"&$C$4),'Future Requirements'!$J:$J,IF($C$5=\"Yes\",\"Yes\",IF($C$5=\"No\",\"No\",\"<>Luke\")),'Future Requirements'!$AC:$AC,IF($C$6=\"Agreed\",\"Agreed\",IF($C$6=\"C/Fwd\",\"C/Fwd\",\"<>Luke\")),'Future Requirements'!$AA:$AA,$I$3),0)+\nIF($J$4=\"Include\",SUMIFS('Future Requirements'!$O:$O,'Future Requirements'!$D:$D,$B19,'Future Requirements'!$G:$G,E$11,'Future Requirements'!$B:$B,IF($C$3=\"\",\">=\"&$F$3,\">=\"&$C$3),'Future Requirements'!$B:$B,IF($C$4=\"\",\"<=\"&$F$4,\"<=\"&$C$4),'Future Requirements'!$J:$J,IF($C$5=\"Yes\",\"Yes\",IF($C$5=\"No\",\"No\",\"<>Luke\")),'Future Requirements'!$AC:$AC,IF($C$6=\"Agreed\",\"Agreed\",IF($C$6=\"C/Fwd\",\"C/Fwd\",\"<>Luke\")),'Future Requirements'!$AA:$AA,$I$4),0)+\nIF($J$5=\"Include\",SUMIFS('Future Requirements'!$O:$O,'Future Requirements'!$D:$D,$B19,'Future Requirements'!$G:$G,E$11,'Future Requirements'!$B:$B,IF($C$3=\"\",\">=\"&$F$3,\">=\"&$C$3),'Future Requirements'!$B:$B,IF($C$4=\"\",\"<=\"&$F$4,\"<=\"&$C$4),'Future Requirements'!$J:$J,IF($C$5=\"Yes\",\"Yes\",IF($C$5=\"No\",\"No\",\"<>Luke\")),'Future Requirements'!$AC:$AC,IF($C$6=\"Agreed\",\"Agreed\",IF($C$6=\"C/Fwd\",\"C/Fwd\",\"<>Luke\")),'Future Requirements'!$AA:$AA,$I$5),0)+\nIF($J$6=\"Include\",SUMIFS('Future Requirements'!$O:$O,'Future Requirements'!$D:$D,$B19,'Future Requirements'!$G:$G,E$11,'Future Requirements'!$B:$B,IF($C$3=\"\",\">=\"&$F$3,\">=\"&$C$3),'Future Requirements'!$B:$B,IF($C$4=\"\",\"<=\"&$F$4,\"<=\"&$C$4),'Future Requirements'!$J:$J,IF($C$5=\"Yes\",\"Yes\",IF($C$5=\"No\",\"No\",\"<>Luke\")),'Future Requirements'!$AC:$AC,IF($C$6=\"Agreed\",\"Agreed\",IF($C$6=\"C/Fwd\",\"C/Fwd\",\"<>Luke\")),'Future Requirements'!$AA:$AA,$I$6),0)+\nIF($J$7=\"Include\",SUMIFS('Future Requirements'!$O:$O,'Future Requirements'!$D:$D,$B19,'Future Requirements'!$G:$G,E$11,'Future Requirements'!$B:$B,IF($C$3=\"\",\">=\"&$F$3,\">=\"&$C$3),'Future Requirements'!$B:$B,IF($C$4=\"\",\"<=\"&$F$4,\"<=\"&$C$4),'Future Requirements'!$J:$J,IF($C$5=\"Yes\",\"Yes\",IF($C$5=\"No\",\"No\",\"<>Luke\")),'Future Requirements'!$AC:$AC,IF($C$6=\"Agreed\",\"Agreed\",IF($C$6=\"C/Fwd\",\"C/Fwd\",\"<>Luke\")),'Future Requirements'!$AA:$AA,$I$7),0)","v":0},{"$f":"IF($J$3=\"Include\",SUMIFS('Future Requirements'!$O:$O,'Future Requirements'!$D:$D,$B19,'Future Requirements'!$G:$G,F$11,'Future Requirements'!$B:$B,IF($C$3=\"\",\">=\"&$F$3,\">=\"&$C$3),'Future Requirements'!$B:$B,IF($C$4=\"\",\"<=\"&$F$4,\"<=\"&$C$4),'Future Requirements'!$J:$J,IF($C$5=\"Yes\",\"Yes\",IF($C$5=\"No\",\"No\",\"<>Luke\")),'Future Requirements'!$AC:$AC,IF($C$6=\"Agreed\",\"Agreed\",IF($C$6=\"C/Fwd\",\"C/Fwd\",\"<>Luke\")),'Future Requirements'!$AA:$AA,$I$3),0)+\nIF($J$4=\"Include\",SUMIFS('Future Requirements'!$O:$O,'Future Requirements'!$D:$D,$B19,'Future Requirements'!$G:$G,F$11,'Future Requirements'!$B:$B,IF($C$3=\"\",\">=\"&$F$3,\">=\"&$C$3),'Future Requirements'!$B:$B,IF($C$4=\"\",\"<=\"&$F$4,\"<=\"&$C$4),'Future Requirements'!$J:$J,IF($C$5=\"Yes\",\"Yes\",IF($C$5=\"No\",\"No\",\"<>Luke\")),'Future Requirements'!$AC:$AC,IF($C$6=\"Agreed\",\"Agreed\",IF($C$6=\"C/Fwd\",\"C/Fwd\",\"<>Luke\")),'Future Requirements'!$AA:$AA,$I$4),0)+\nIF($J$5=\"Include\",SUMIFS('Future Requirements'!$O:$O,'Future Requirements'!$D:$D,$B19,'Future Requirements'!$G:$G,F$11,'Future Requirements'!$B:$B,IF($C$3=\"\",\">=\"&$F$3,\">=\"&$C$3),'Future Requirements'!$B:$B,IF($C$4=\"\",\"<=\"&$F$4,\"<=\"&$C$4),'Future Requirements'!$J:$J,IF($C$5=\"Yes\",\"Yes\",IF($C$5=\"No\",\"No\",\"<>Luke\")),'Future Requirements'!$AC:$AC,IF($C$6=\"Agreed\",\"Agreed\",IF($C$6=\"C/Fwd\",\"C/Fwd\",\"<>Luke\")),'Future Requirements'!$AA:$AA,$I$5),0)+\nIF($J$6=\"Include\",SUMIFS('Future Requirements'!$O:$O,'Future Requirements'!$D:$D,$B19,'Future Requirements'!$G:$G,F$11,'Future Requirements'!$B:$B,IF($C$3=\"\",\">=\"&$F$3,\">=\"&$C$3),'Future Requirements'!$B:$B,IF($C$4=\"\",\"<=\"&$F$4,\"<=\"&$C$4),'Future Requirements'!$J:$J,IF($C$5=\"Yes\",\"Yes\",IF($C$5=\"No\",\"No\",\"<>Luke\")),'Future Requirements'!$AC:$AC,IF($C$6=\"Agreed\",\"Agreed\",IF($C$6=\"C/Fwd\",\"C/Fwd\",\"<>Luke\")),'Future Requirements'!$AA:$AA,$I$6),0)+\nIF($J$7=\"Include\",SUMIFS('Future Requirements'!$O:$O,'Future Requirements'!$D:$D,$B19,'Future Requirements'!$G:$G,F$11,'Future Requirements'!$B:$B,IF($C$3=\"\",\">=\"&$F$3,\">=\"&$C$3),'Future Requirements'!$B:$B,IF($C$4=\"\",\"<=\"&$F$4,\"<=\"&$C$4),'Future Requirements'!$J:$J,IF($C$5=\"Yes\",\"Yes\",IF($C$5=\"No\",\"No\",\"<>Luke\")),'Future Requirements'!$AC:$AC,IF($C$6=\"Agreed\",\"Agreed\",IF($C$6=\"C/Fwd\",\"C/Fwd\",\"<>Luke\")),'Future Requirements'!$AA:$AA,$I$7),0)","v":0},{"$f":"IF($J$3=\"Include\",SUMIFS('Future Requirements'!$O:$O,'Future Requirements'!$D:$D,$B19,'Future Requirements'!$G:$G,G$11,'Future Requirements'!$B:$B,IF($C$3=\"\",\">=\"&$F$3,\">=\"&$C$3),'Future Requirements'!$B:$B,IF($C$4=\"\",\"<=\"&$F$4,\"<=\"&$C$4),'Future Requirements'!$J:$J,IF($C$5=\"Yes\",\"Yes\",IF($C$5=\"No\",\"No\",\"<>Luke\")),'Future Requirements'!$AC:$AC,IF($C$6=\"Agreed\",\"Agreed\",IF($C$6=\"C/Fwd\",\"C/Fwd\",\"<>Luke\")),'Future Requirements'!$AA:$AA,$I$3),0)+\nIF($J$4=\"Include\",SUMIFS('Future Requirements'!$O:$O,'Future Requirements'!$D:$D,$B19,'Future Requirements'!$G:$G,G$11,'Future Requirements'!$B:$B,IF($C$3=\"\",\">=\"&$F$3,\">=\"&$C$3),'Future Requirements'!$B:$B,IF($C$4=\"\",\"<=\"&$F$4,\"<=\"&$C$4),'Future Requirements'!$J:$J,IF($C$5=\"Yes\",\"Yes\",IF($C$5=\"No\",\"No\",\"<>Luke\")),'Future Requirements'!$AC:$AC,IF($C$6=\"Agreed\",\"Agreed\",IF($C$6=\"C/Fwd\",\"C/Fwd\",\"<>Luke\")),'Future Requirements'!$AA:$AA,$I$4),0)+\nIF($J$5=\"Include\",SUMIFS('Future Requirements'!$O:$O,'Future Requirements'!$D:$D,$B19,'Future Requirements'!$G:$G,G$11,'Future Requirements'!$B:$B,IF($C$3=\"\",\">=\"&$F$3,\">=\"&$C$3),'Future Requirements'!$B:$B,IF($C$4=\"\",\"<=\"&$F$4,\"<=\"&$C$4),'Future Requirements'!$J:$J,IF($C$5=\"Yes\",\"Yes\",IF($C$5=\"No\",\"No\",\"<>Luke\")),'Future Requirements'!$AC:$AC,IF($C$6=\"Agreed\",\"Agreed\",IF($C$6=\"C/Fwd\",\"C/Fwd\",\"<>Luke\")),'Future Requirements'!$AA:$AA,$I$5),0)+\nIF($J$6=\"Include\",SUMIFS('Future Requirements'!$O:$O,'Future Requirements'!$D:$D,$B19,'Future Requirements'!$G:$G,G$11,'Future Requirements'!$B:$B,IF($C$3=\"\",\">=\"&$F$3,\">=\"&$C$3),'Future Requirements'!$B:$B,IF($C$4=\"\",\"<=\"&$F$4,\"<=\"&$C$4),'Future Requirements'!$J:$J,IF($C$5=\"Yes\",\"Yes\",IF($C$5=\"No\",\"No\",\"<>Luke\")),'Future Requirements'!$AC:$AC,IF($C$6=\"Agreed\",\"Agreed\",IF($C$6=\"C/Fwd\",\"C/Fwd\",\"<>Luke\")),'Future Requirements'!$AA:$AA,$I$6),0)+\nIF($J$7=\"Include\",SUMIFS('Future Requirements'!$O:$O,'Future Requirements'!$D:$D,$B19,'Future Requirements'!$G:$G,G$11,'Future Requirements'!$B:$B,IF($C$3=\"\",\">=\"&$F$3,\">=\"&$C$3),'Future Requirements'!$B:$B,IF($C$4=\"\",\"<=\"&$F$4,\"<=\"&$C$4),'Future Requirements'!$J:$J,IF($C$5=\"Yes\",\"Yes\",IF($C$5=\"No\",\"No\",\"<>Luke\")),'Future Requirements'!$AC:$AC,IF($C$6=\"Agreed\",\"Agreed\",IF($C$6=\"C/Fwd\",\"C/Fwd\",\"<>Luke\")),'Future Requirements'!$AA:$AA,$I$7),0)","v":0},{"$f":"IF($J$3=\"Include\",SUMIFS('Future Requirements'!$O:$O,'Future Requirements'!$D:$D,$B19,'Future Requirements'!$G:$G,H$11,'Future Requirements'!$B:$B,IF($C$3=\"\",\">=\"&$F$3,\">=\"&$C$3),'Future Requirements'!$B:$B,IF($C$4=\"\",\"<=\"&$F$4,\"<=\"&$C$4),'Future Requirements'!$J:$J,IF($C$5=\"Yes\",\"Yes\",IF($C$5=\"No\",\"No\",\"<>Luke\")),'Future Requirements'!$AC:$AC,IF($C$6=\"Agreed\",\"Agreed\",IF($C$6=\"C/Fwd\",\"C/Fwd\",\"<>Luke\")),'Future Requirements'!$AA:$AA,$I$3),0)+\nIF($J$4=\"Include\",SUMIFS('Future Requirements'!$O:$O,'Future Requirements'!$D:$D,$B19,'Future Requirements'!$G:$G,H$11,'Future Requirements'!$B:$B,IF($C$3=\"\",\">=\"&$F$3,\">=\"&$C$3),'Future Requirements'!$B:$B,IF($C$4=\"\",\"<=\"&$F$4,\"<=\"&$C$4),'Future Requirements'!$J:$J,IF($C$5=\"Yes\",\"Yes\",IF($C$5=\"No\",\"No\",\"<>Luke\")),'Future Requirements'!$AC:$AC,IF($C$6=\"Agreed\",\"Agreed\",IF($C$6=\"C/Fwd\",\"C/Fwd\",\"<>Luke\")),'Future Requirements'!$AA:$AA,$I$4),0)+\nIF($J$5=\"Include\",SUMIFS('Future Requirements'!$O:$O,'Future Requirements'!$D:$D,$B19,'Future Requirements'!$G:$G,H$11,'Future Requirements'!$B:$B,IF($C$3=\"\",\">=\"&$F$3,\">=\"&$C$3),'Future Requirements'!$B:$B,IF($C$4=\"\",\"<=\"&$F$4,\"<=\"&$C$4),'Future Requirements'!$J:$J,IF($C$5=\"Yes\",\"Yes\",IF($C$5=\"No\",\"No\",\"<>Luke\")),'Future Requirements'!$AC:$AC,IF($C$6=\"Agreed\",\"Agreed\",IF($C$6=\"C/Fwd\",\"C/Fwd\",\"<>Luke\")),'Future Requirements'!$AA:$AA,$I$5),0)+\nIF($J$6=\"Include\",SUMIFS('Future Requirements'!$O:$O,'Future Requirements'!$D:$D,$B19,'Future Requirements'!$G:$G,H$11,'Future Requirements'!$B:$B,IF($C$3=\"\",\">=\"&$F$3,\">=\"&$C$3),'Future Requirements'!$B:$B,IF($C$4=\"\",\"<=\"&$F$4,\"<=\"&$C$4),'Future Requirements'!$J:$J,IF($C$5=\"Yes\",\"Yes\",IF($C$5=\"No\",\"No\",\"<>Luke\")),'Future Requirements'!$AC:$AC,IF($C$6=\"Agreed\",\"Agreed\",IF($C$6=\"C/Fwd\",\"C/Fwd\",\"<>Luke\")),'Future Requirements'!$AA:$AA,$I$6),0)+\nIF($J$7=\"Include\",SUMIFS('Future Requirements'!$O:$O,'Future Requirements'!$D:$D,$B19,'Future Requirements'!$G:$G,H$11,'Future Requirements'!$B:$B,IF($C$3=\"\",\">=\"&$F$3,\">=\"&$C$3),'Future Requirements'!$B:$B,IF($C$4=\"\",\"<=\"&$F$4,\"<=\"&$C$4),'Future Requirements'!$J:$J,IF($C$5=\"Yes\",\"Yes\",IF($C$5=\"No\",\"No\",\"<>Luke\")),'Future Requirements'!$AC:$AC,IF($C$6=\"Agreed\",\"Agreed\",IF($C$6=\"C/Fwd\",\"C/Fwd\",\"<>Luke\")),'Future Requirements'!$AA:$AA,$I$7),0)","v":0},{"$f":"IF($J$3=\"Include\",SUMIFS('Future Requirements'!$O:$O,'Future Requirements'!$D:$D,$B19,'Future Requirements'!$G:$G,I$11,'Future Requirements'!$B:$B,IF($C$3=\"\",\">=\"&$F$3,\">=\"&$C$3),'Future Requirements'!$B:$B,IF($C$4=\"\",\"<=\"&$F$4,\"<=\"&$C$4),'Future Requirements'!$J:$J,IF($C$5=\"Yes\",\"Yes\",IF($C$5=\"No\",\"No\",\"<>Luke\")),'Future Requirements'!$AC:$AC,IF($C$6=\"Agreed\",\"Agreed\",IF($C$6=\"C/Fwd\",\"C/Fwd\",\"<>Luke\")),'Future Requirements'!$AA:$AA,$I$3),0)+\nIF($J$4=\"Include\",SUMIFS('Future Requirements'!$O:$O,'Future Requirements'!$D:$D,$B19,'Future Requirements'!$G:$G,I$11,'Future Requirements'!$B:$B,IF($C$3=\"\",\">=\"&$F$3,\">=\"&$C$3),'Future Requirements'!$B:$B,IF($C$4=\"\",\"<=\"&$F$4,\"<=\"&$C$4),'Future Requirements'!$J:$J,IF($C$5=\"Yes\",\"Yes\",IF($C$5=\"No\",\"No\",\"<>Luke\")),'Future Requirements'!$AC:$AC,IF($C$6=\"Agreed\",\"Agreed\",IF($C$6=\"C/Fwd\",\"C/Fwd\",\"<>Luke\")),'Future Requirements'!$AA:$AA,$I$4),0)+\nIF($J$5=\"Include\",SUMIFS('Future Requirements'!$O:$O,'Future Requirements'!$D:$D,$B19,'Future Requirements'!$G:$G,I$11,'Future Requirements'!$B:$B,IF($C$3=\"\",\">=\"&$F$3,\">=\"&$C$3),'Future Requirements'!$B:$B,IF($C$4=\"\",\"<=\"&$F$4,\"<=\"&$C$4),'Future Requirements'!$J:$J,IF($C$5=\"Yes\",\"Yes\",IF($C$5=\"No\",\"No\",\"<>Luke\")),'Future Requirements'!$AC:$AC,IF($C$6=\"Agreed\",\"Agreed\",IF($C$6=\"C/Fwd\",\"C/Fwd\",\"<>Luke\")),'Future Requirements'!$AA:$AA,$I$5),0)+\nIF($J$6=\"Include\",SUMIFS('Future Requirements'!$O:$O,'Future Requirements'!$D:$D,$B19,'Future Requirements'!$G:$G,I$11,'Future Requirements'!$B:$B,IF($C$3=\"\",\">=\"&$F$3,\">=\"&$C$3),'Future Requirements'!$B:$B,IF($C$4=\"\",\"<=\"&$F$4,\"<=\"&$C$4),'Future Requirements'!$J:$J,IF($C$5=\"Yes\",\"Yes\",IF($C$5=\"No\",\"No\",\"<>Luke\")),'Future Requirements'!$AC:$AC,IF($C$6=\"Agreed\",\"Agreed\",IF($C$6=\"C/Fwd\",\"C/Fwd\",\"<>Luke\")),'Future Requirements'!$AA:$AA,$I$6),0)+\nIF($J$7=\"Include\",SUMIFS('Future Requirements'!$O:$O,'Future Requirements'!$D:$D,$B19,'Future Requirements'!$G:$G,I$11,'Future Requirements'!$B:$B,IF($C$3=\"\",\">=\"&$F$3,\">=\"&$C$3),'Future Requirements'!$B:$B,IF($C$4=\"\",\"<=\"&$F$4,\"<=\"&$C$4),'Future Requirements'!$J:$J,IF($C$5=\"Yes\",\"Yes\",IF($C$5=\"No\",\"No\",\"<>Luke\")),'Future Requirements'!$AC:$AC,IF($C$6=\"Agreed\",\"Agreed\",IF($C$6=\"C/Fwd\",\"C/Fwd\",\"<>Luke\")),'Future Requirements'!$AA:$AA,$I$7),0)","v":0},{"$f":"IF($J$3=\"Include\",SUMIFS('Future Requirements'!$O:$O,'Future Requirements'!$D:$D,$B19,'Future Requirements'!$G:$G,J$11,'Future Requirements'!$B:$B,IF($C$3=\"\",\">=\"&$F$3,\">=\"&$C$3),'Future Requirements'!$B:$B,IF($C$4=\"\",\"<=\"&$F$4,\"<=\"&$C$4),'Future Requirements'!$J:$J,IF($C$5=\"Yes\",\"Yes\",IF($C$5=\"No\",\"No\",\"<>Luke\")),'Future Requirements'!$AC:$AC,IF($C$6=\"Agreed\",\"Agreed\",IF($C$6=\"C/Fwd\",\"C/Fwd\",\"<>Luke\")),'Future Requirements'!$AA:$AA,$I$3),0)+\nIF($J$4=\"Include\",SUMIFS('Future Requirements'!$O:$O,'Future Requirements'!$D:$D,$B19,'Future Requirements'!$G:$G,J$11,'Future Requirements'!$B:$B,IF($C$3=\"\",\">=\"&$F$3,\">=\"&$C$3),'Future Requirements'!$B:$B,IF($C$4=\"\",\"<=\"&$F$4,\"<=\"&$C$4),'Future Requirements'!$J:$J,IF($C$5=\"Yes\",\"Yes\",IF($C$5=\"No\",\"No\",\"<>Luke\")),'Future Requirements'!$AC:$AC,IF($C$6=\"Agreed\",\"Agreed\",IF($C$6=\"C/Fwd\",\"C/Fwd\",\"<>Luke\")),'Future Requirements'!$AA:$AA,$I$4),0)+\nIF($J$5=\"Include\",SUMIFS('Future Requirements'!$O:$O,'Future Requirements'!$D:$D,$B19,'Future Requirements'!$G:$G,J$11,'Future Requirements'!$B:$B,IF($C$3=\"\",\">=\"&$F$3,\">=\"&$C$3),'Future Requirements'!$B:$B,IF($C$4=\"\",\"<=\"&$F$4,\"<=\"&$C$4),'Future Requirements'!$J:$J,IF($C$5=\"Yes\",\"Yes\",IF($C$5=\"No\",\"No\",\"<>Luke\")),'Future Requirements'!$AC:$AC,IF($C$6=\"Agreed\",\"Agreed\",IF($C$6=\"C/Fwd\",\"C/Fwd\",\"<>Luke\")),'Future Requirements'!$AA:$AA,$I$5),0)+\nIF($J$6=\"Include\",SUMIFS('Future Requirements'!$O:$O,'Future Requirements'!$D:$D,$B19,'Future Requirements'!$G:$G,J$11,'Future Requirements'!$B:$B,IF($C$3=\"\",\">=\"&$F$3,\">=\"&$C$3),'Future Requirements'!$B:$B,IF($C$4=\"\",\"<=\"&$F$4,\"<=\"&$C$4),'Future Requirements'!$J:$J,IF($C$5=\"Yes\",\"Yes\",IF($C$5=\"No\",\"No\",\"<>Luke\")),'Future Requirements'!$AC:$AC,IF($C$6=\"Agreed\",\"Agreed\",IF($C$6=\"C/Fwd\",\"C/Fwd\",\"<>Luke\")),'Future Requirements'!$AA:$AA,$I$6),0)+\nIF($J$7=\"Include\",SUMIFS('Future Requirements'!$O:$O,'Future Requirements'!$D:$D,$B19,'Future Requirements'!$G:$G,J$11,'Future Requirements'!$B:$B,IF($C$3=\"\",\">=\"&$F$3,\">=\"&$C$3),'Future Requirements'!$B:$B,IF($C$4=\"\",\"<=\"&$F$4,\"<=\"&$C$4),'Future Requirements'!$J:$J,IF($C$5=\"Yes\",\"Yes\",IF($C$5=\"No\",\"No\",\"<>Luke\")),'Future Requirements'!$AC:$AC,IF($C$6=\"Agreed\",\"Agreed\",IF($C$6=\"C/Fwd\",\"C/Fwd\",\"<>Luke\")),'Future Requirements'!$AA:$AA,$I$7),0)","v":0},{"$f":"IF($J$3=\"Include\",SUMIFS('Future Requirements'!$O:$O,'Future Requirements'!$D:$D,$B19,'Future Requirements'!$G:$G,K$11,'Future Requirements'!$B:$B,IF($C$3=\"\",\">=\"&$F$3,\">=\"&$C$3),'Future Requirements'!$B:$B,IF($C$4=\"\",\"<=\"&$F$4,\"<=\"&$C$4),'Future Requirements'!$J:$J,IF($C$5=\"Yes\",\"Yes\",IF($C$5=\"No\",\"No\",\"<>Luke\")),'Future Requirements'!$AC:$AC,IF($C$6=\"Agreed\",\"Agreed\",IF($C$6=\"C/Fwd\",\"C/Fwd\",\"<>Luke\")),'Future Requirements'!$AA:$AA,$I$3),0)+\nIF($J$4=\"Include\",SUMIFS('Future Requirements'!$O:$O,'Future Requirements'!$D:$D,$B19,'Future Requirements'!$G:$G,K$11,'Future Requirements'!$B:$B,IF($C$3=\"\",\">=\"&$F$3,\">=\"&$C$3),'Future Requirements'!$B:$B,IF($C$4=\"\",\"<=\"&$F$4,\"<=\"&$C$4),'Future Requirements'!$J:$J,IF($C$5=\"Yes\",\"Yes\",IF($C$5=\"No\",\"No\",\"<>Luke\")),'Future Requirements'!$AC:$AC,IF($C$6=\"Agreed\",\"Agreed\",IF($C$6=\"C/Fwd\",\"C/Fwd\",\"<>Luke\")),'Future Requirements'!$AA:$AA,$I$4),0)+\nIF($J$5=\"Include\",SUMIFS('Future Requirements'!$O:$O,'Future Requirements'!$D:$D,$B19,'Future Requirements'!$G:$G,K$11,'Future Requirements'!$B:$B,IF($C$3=\"\",\">=\"&$F$3,\">=\"&$C$3),'Future Requirements'!$B:$B,IF($C$4=\"\",\"<=\"&$F$4,\"<=\"&$C$4),'Future Requirements'!$J:$J,IF($C$5=\"Yes\",\"Yes\",IF($C$5=\"No\",\"No\",\"<>Luke\")),'Future Requirements'!$AC:$AC,IF($C$6=\"Agreed\",\"Agreed\",IF($C$6=\"C/Fwd\",\"C/Fwd\",\"<>Luke\")),'Future Requirements'!$AA:$AA,$I$5),0)+\nIF($J$6=\"Include\",SUMIFS('Future Requirements'!$O:$O,'Future Requirements'!$D:$D,$B19,'Future Requirements'!$G:$G,K$11,'Future Requirements'!$B:$B,IF($C$3=\"\",\">=\"&$F$3,\">=\"&$C$3),'Future Requirements'!$B:$B,IF($C$4=\"\",\"<=\"&$F$4,\"<=\"&$C$4),'Future Requirements'!$J:$J,IF($C$5=\"Yes\",\"Yes\",IF($C$5=\"No\",\"No\",\"<>Luke\")),'Future Requirements'!$AC:$AC,IF($C$6=\"Agreed\",\"Agreed\",IF($C$6=\"C/Fwd\",\"C/Fwd\",\"<>Luke\")),'Future Requirements'!$AA:$AA,$I$6),0)+\nIF($J$7=\"Include\",SUMIFS('Future Requirements'!$O:$O,'Future Requirements'!$D:$D,$B19,'Future Requirements'!$G:$G,K$11,'Future Requirements'!$B:$B,IF($C$3=\"\",\">=\"&$F$3,\">=\"&$C$3),'Future Requirements'!$B:$B,IF($C$4=\"\",\"<=\"&$F$4,\"<=\"&$C$4),'Future Requirements'!$J:$J,IF($C$5=\"Yes\",\"Yes\",IF($C$5=\"No\",\"No\",\"<>Luke\")),'Future Requirements'!$AC:$AC,IF($C$6=\"Agreed\",\"Agreed\",IF($C$6=\"C/Fwd\",\"C/Fwd\",\"<>Luke\")),'Future Requirements'!$AA:$AA,$I$7),0)","v":0},{"$f":"IF($J$3=\"Include\",SUMIFS('Future Requirements'!$O:$O,'Future Requirements'!$D:$D,$B19,'Future Requirements'!$G:$G,L$11,'Future Requirements'!$B:$B,IF($C$3=\"\",\">=\"&$F$3,\">=\"&$C$3),'Future Requirements'!$B:$B,IF($C$4=\"\",\"<=\"&$F$4,\"<=\"&$C$4),'Future Requirements'!$J:$J,IF($C$5=\"Yes\",\"Yes\",IF($C$5=\"No\",\"No\",\"<>Luke\")),'Future Requirements'!$AC:$AC,IF($C$6=\"Agreed\",\"Agreed\",IF($C$6=\"C/Fwd\",\"C/Fwd\",\"<>Luke\")),'Future Requirements'!$AA:$AA,$I$3),0)+\nIF($J$4=\"Include\",SUMIFS('Future Requirements'!$O:$O,'Future Requirements'!$D:$D,$B19,'Future Requirements'!$G:$G,L$11,'Future Requirements'!$B:$B,IF($C$3=\"\",\">=\"&$F$3,\">=\"&$C$3),'Future Requirements'!$B:$B,IF($C$4=\"\",\"<=\"&$F$4,\"<=\"&$C$4),'Future Requirements'!$J:$J,IF($C$5=\"Yes\",\"Yes\",IF($C$5=\"No\",\"No\",\"<>Luke\")),'Future Requirements'!$AC:$AC,IF($C$6=\"Agreed\",\"Agreed\",IF($C$6=\"C/Fwd\",\"C/Fwd\",\"<>Luke\")),'Future Requirements'!$AA:$AA,$I$4),0)+\nIF($J$5=\"Include\",SUMIFS('Future Requirements'!$O:$O,'Future Requirements'!$D:$D,$B19,'Future Requirements'!$G:$G,L$11,'Future Requirements'!$B:$B,IF($C$3=\"\",\">=\"&$F$3,\">=\"&$C$3),'Future Requirements'!$B:$B,IF($C$4=\"\",\"<=\"&$F$4,\"<=\"&$C$4),'Future Requirements'!$J:$J,IF($C$5=\"Yes\",\"Yes\",IF($C$5=\"No\",\"No\",\"<>Luke\")),'Future Requirements'!$AC:$AC,IF($C$6=\"Agreed\",\"Agreed\",IF($C$6=\"C/Fwd\",\"C/Fwd\",\"<>Luke\")),'Future Requirements'!$AA:$AA,$I$5),0)+\nIF($J$6=\"Include\",SUMIFS('Future Requirements'!$O:$O,'Future Requirements'!$D:$D,$B19,'Future Requirements'!$G:$G,L$11,'Future Requirements'!$B:$B,IF($C$3=\"\",\">=\"&$F$3,\">=\"&$C$3),'Future Requirements'!$B:$B,IF($C$4=\"\",\"<=\"&$F$4,\"<=\"&$C$4),'Future Requirements'!$J:$J,IF($C$5=\"Yes\",\"Yes\",IF($C$5=\"No\",\"No\",\"<>Luke\")),'Future Requirements'!$AC:$AC,IF($C$6=\"Agreed\",\"Agreed\",IF($C$6=\"C/Fwd\",\"C/Fwd\",\"<>Luke\")),'Future Requirements'!$AA:$AA,$I$6),0)+\nIF($J$7=\"Include\",SUMIFS('Future Requirements'!$O:$O,'Future Requirements'!$D:$D,$B19,'Future Requirements'!$G:$G,L$11,'Future Requirements'!$B:$B,IF($C$3=\"\",\">=\"&$F$3,\">=\"&$C$3),'Future Requirements'!$B:$B,IF($C$4=\"\",\"<=\"&$F$4,\"<=\"&$C$4),'Future Requirements'!$J:$J,IF($C$5=\"Yes\",\"Yes\",IF($C$5=\"No\",\"No\",\"<>Luke\")),'Future Requirements'!$AC:$AC,IF($C$6=\"Agreed\",\"Agreed\",IF($C$6=\"C/Fwd\",\"C/Fwd\",\"<>Luke\")),'Future Requirements'!$AA:$AA,$I$7),0)","v":0},{"$f":"IF($J$3=\"Include\",SUMIFS('Future Requirements'!$O:$O,'Future Requirements'!$D:$D,$B19,'Future Requirements'!$G:$G,M$11,'Future Requirements'!$B:$B,IF($C$3=\"\",\">=\"&$F$3,\">=\"&$C$3),'Future Requirements'!$B:$B,IF($C$4=\"\",\"<=\"&$F$4,\"<=\"&$C$4),'Future Requirements'!$J:$J,IF($C$5=\"Yes\",\"Yes\",IF($C$5=\"No\",\"No\",\"<>Luke\")),'Future Requirements'!$AC:$AC,IF($C$6=\"Agreed\",\"Agreed\",IF($C$6=\"C/Fwd\",\"C/Fwd\",\"<>Luke\")),'Future Requirements'!$AA:$AA,$I$3),0)+\nIF($J$4=\"Include\",SUMIFS('Future Requirements'!$O:$O,'Future Requirements'!$D:$D,$B19,'Future Requirements'!$G:$G,M$11,'Future Requirements'!$B:$B,IF($C$3=\"\",\">=\"&$F$3,\">=\"&$C$3),'Future Requirements'!$B:$B,IF($C$4=\"\",\"<=\"&$F$4,\"<=\"&$C$4),'Future Requirements'!$J:$J,IF($C$5=\"Yes\",\"Yes\",IF($C$5=\"No\",\"No\",\"<>Luke\")),'Future Requirements'!$AC:$AC,IF($C$6=\"Agreed\",\"Agreed\",IF($C$6=\"C/Fwd\",\"C/Fwd\",\"<>Luke\")),'Future Requirements'!$AA:$AA,$I$4),0)+\nIF($J$5=\"Include\",SUMIFS('Future Requirements'!$O:$O,'Future Requirements'!$D:$D,$B19,'Future Requirements'!$G:$G,M$11,'Future Requirements'!$B:$B,IF($C$3=\"\",\">=\"&$F$3,\">=\"&$C$3),'Future Requirements'!$B:$B,IF($C$4=\"\",\"<=\"&$F$4,\"<=\"&$C$4),'Future Requirements'!$J:$J,IF($C$5=\"Yes\",\"Yes\",IF($C$5=\"No\",\"No\",\"<>Luke\")),'Future Requirements'!$AC:$AC,IF($C$6=\"Agreed\",\"Agreed\",IF($C$6=\"C/Fwd\",\"C/Fwd\",\"<>Luke\")),'Future Requirements'!$AA:$AA,$I$5),0)+\nIF($J$6=\"Include\",SUMIFS('Future Requirements'!$O:$O,'Future Requirements'!$D:$D,$B19,'Future Requirements'!$G:$G,M$11,'Future Requirements'!$B:$B,IF($C$3=\"\",\">=\"&$F$3,\">=\"&$C$3),'Future Requirements'!$B:$B,IF($C$4=\"\",\"<=\"&$F$4,\"<=\"&$C$4),'Future Requirements'!$J:$J,IF($C$5=\"Yes\",\"Yes\",IF($C$5=\"No\",\"No\",\"<>Luke\")),'Future Requirements'!$AC:$AC,IF($C$6=\"Agreed\",\"Agreed\",IF($C$6=\"C/Fwd\",\"C/Fwd\",\"<>Luke\")),'Future Requirements'!$AA:$AA,$I$6),0)+\nIF($J$7=\"Include\",SUMIFS('Future Requirements'!$O:$O,'Future Requirements'!$D:$D,$B19,'Future Requirements'!$G:$G,M$11,'Future Requirements'!$B:$B,IF($C$3=\"\",\">=\"&$F$3,\">=\"&$C$3),'Future Requirements'!$B:$B,IF($C$4=\"\",\"<=\"&$F$4,\"<=\"&$C$4),'Future Requirements'!$J:$J,IF($C$5=\"Yes\",\"Yes\",IF($C$5=\"No\",\"No\",\"<>Luke\")),'Future Requirements'!$AC:$AC,IF($C$6=\"Agreed\",\"Agreed\",IF($C$6=\"C/Fwd\",\"C/Fwd\",\"<>Luke\")),'Future Requirements'!$AA:$AA,$I$7),0)","v":0},{"$f":"IF($J$3=\"Include\",SUMIFS('Future Requirements'!$O:$O,'Future Requirements'!$D:$D,$B19,'Future Requirements'!$G:$G,N$11,'Future Requirements'!$B:$B,IF($C$3=\"\",\">=\"&$F$3,\">=\"&$C$3),'Future Requirements'!$B:$B,IF($C$4=\"\",\"<=\"&$F$4,\"<=\"&$C$4),'Future Requirements'!$J:$J,IF($C$5=\"Yes\",\"Yes\",IF($C$5=\"No\",\"No\",\"<>Luke\")),'Future Requirements'!$AC:$AC,IF($C$6=\"Agreed\",\"Agreed\",IF($C$6=\"C/Fwd\",\"C/Fwd\",\"<>Luke\")),'Future Requirements'!$AA:$AA,$I$3),0)+\nIF($J$4=\"Include\",SUMIFS('Future Requirements'!$O:$O,'Future Requirements'!$D:$D,$B19,'Future Requirements'!$G:$G,N$11,'Future Requirements'!$B:$B,IF($C$3=\"\",\">=\"&$F$3,\">=\"&$C$3),'Future Requirements'!$B:$B,IF($C$4=\"\",\"<=\"&$F$4,\"<=\"&$C$4),'Future Requirements'!$J:$J,IF($C$5=\"Yes\",\"Yes\",IF($C$5=\"No\",\"No\",\"<>Luke\")),'Future Requirements'!$AC:$AC,IF($C$6=\"Agreed\",\"Agreed\",IF($C$6=\"C/Fwd\",\"C/Fwd\",\"<>Luke\")),'Future Requirements'!$AA:$AA,$I$4),0)+\nIF($J$5=\"Include\",SUMIFS('Future Requirements'!$O:$O,'Future Requirements'!$D:$D,$B19,'Future Requirements'!$G:$G,N$11,'Future Requirements'!$B:$B,IF($C$3=\"\",\">=\"&$F$3,\">=\"&$C$3),'Future Requirements'!$B:$B,IF($C$4=\"\",\"<=\"&$F$4,\"<=\"&$C$4),'Future Requirements'!$J:$J,IF($C$5=\"Yes\",\"Yes\",IF($C$5=\"No\",\"No\",\"<>Luke\")),'Future Requirements'!$AC:$AC,IF($C$6=\"Agreed\",\"Agreed\",IF($C$6=\"C/Fwd\",\"C/Fwd\",\"<>Luke\")),'Future Requirements'!$AA:$AA,$I$5),0)+\nIF($J$6=\"Include\",SUMIFS('Future Requirements'!$O:$O,'Future Requirements'!$D:$D,$B19,'Future Requirements'!$G:$G,N$11,'Future Requirements'!$B:$B,IF($C$3=\"\",\">=\"&$F$3,\">=\"&$C$3),'Future Requirements'!$B:$B,IF($C$4=\"\",\"<=\"&$F$4,\"<=\"&$C$4),'Future Requirements'!$J:$J,IF($C$5=\"Yes\",\"Yes\",IF($C$5=\"No\",\"No\",\"<>Luke\")),'Future Requirements'!$AC:$AC,IF($C$6=\"Agreed\",\"Agreed\",IF($C$6=\"C/Fwd\",\"C/Fwd\",\"<>Luke\")),'Future Requirements'!$AA:$AA,$I$6),0)+\nIF($J$7=\"Include\",SUMIFS('Future Requirements'!$O:$O,'Future Requirements'!$D:$D,$B19,'Future Requirements'!$G:$G,N$11,'Future Requirements'!$B:$B,IF($C$3=\"\",\">=\"&$F$3,\">=\"&$C$3),'Future Requirements'!$B:$B,IF($C$4=\"\",\"<=\"&$F$4,\"<=\"&$C$4),'Future Requirements'!$J:$J,IF($C$5=\"Yes\",\"Yes\",IF($C$5=\"No\",\"No\",\"<>Luke\")),'Future Requirements'!$AC:$AC,IF($C$6=\"Agreed\",\"Agreed\",IF($C$6=\"C/Fwd\",\"C/Fwd\",\"<>Luke\")),'Future Requirements'!$AA:$AA,$I$7),0)","v":0},{"$f":"IF($J$3=\"Include\",SUMIFS('Future Requirements'!$O:$O,'Future Requirements'!$D:$D,$B19,'Future Requirements'!$G:$G,O$11,'Future Requirements'!$B:$B,IF($C$3=\"\",\">=\"&$F$3,\">=\"&$C$3),'Future Requirements'!$B:$B,IF($C$4=\"\",\"<=\"&$F$4,\"<=\"&$C$4),'Future Requirements'!$J:$J,IF($C$5=\"Yes\",\"Yes\",IF($C$5=\"No\",\"No\",\"<>Luke\")),'Future Requirements'!$AC:$AC,IF($C$6=\"Agreed\",\"Agreed\",IF($C$6=\"C/Fwd\",\"C/Fwd\",\"<>Luke\")),'Future Requirements'!$AA:$AA,$I$3),0)+\nIF($J$4=\"Include\",SUMIFS('Future Requirements'!$O:$O,'Future Requirements'!$D:$D,$B19,'Future Requirements'!$G:$G,O$11,'Future Requirements'!$B:$B,IF($C$3=\"\",\">=\"&$F$3,\">=\"&$C$3),'Future Requirements'!$B:$B,IF($C$4=\"\",\"<=\"&$F$4,\"<=\"&$C$4),'Future Requirements'!$J:$J,IF($C$5=\"Yes\",\"Yes\",IF($C$5=\"No\",\"No\",\"<>Luke\")),'Future Requirements'!$AC:$AC,IF($C$6=\"Agreed\",\"Agreed\",IF($C$6=\"C/Fwd\",\"C/Fwd\",\"<>Luke\")),'Future Requirements'!$AA:$AA,$I$4),0)+\nIF($J$5=\"Include\",SUMIFS('Future Requirements'!$O:$O,'Future Requirements'!$D:$D,$B19,'Future Requirements'!$G:$G,O$11,'Future Requirements'!$B:$B,IF($C$3=\"\",\">=\"&$F$3,\">=\"&$C$3),'Future Requirements'!$B:$B,IF($C$4=\"\",\"<=\"&$F$4,\"<=\"&$C$4),'Future Requirements'!$J:$J,IF($C$5=\"Yes\",\"Yes\",IF($C$5=\"No\",\"No\",\"<>Luke\")),'Future Requirements'!$AC:$AC,IF($C$6=\"Agreed\",\"Agreed\",IF($C$6=\"C/Fwd\",\"C/Fwd\",\"<>Luke\")),'Future Requirements'!$AA:$AA,$I$5),0)+\nIF($J$6=\"Include\",SUMIFS('Future Requirements'!$O:$O,'Future Requirements'!$D:$D,$B19,'Future Requirements'!$G:$G,O$11,'Future Requirements'!$B:$B,IF($C$3=\"\",\">=\"&$F$3,\">=\"&$C$3),'Future Requirements'!$B:$B,IF($C$4=\"\",\"<=\"&$F$4,\"<=\"&$C$4),'Future Requirements'!$J:$J,IF($C$5=\"Yes\",\"Yes\",IF($C$5=\"No\",\"No\",\"<>Luke\")),'Future Requirements'!$AC:$AC,IF($C$6=\"Agreed\",\"Agreed\",IF($C$6=\"C/Fwd\",\"C/Fwd\",\"<>Luke\")),'Future Requirements'!$AA:$AA,$I$6),0)+\nIF($J$7=\"Include\",SUMIFS('Future Requirements'!$O:$O,'Future Requirements'!$D:$D,$B19,'Future Requirements'!$G:$G,O$11,'Future Requirements'!$B:$B,IF($C$3=\"\",\">=\"&$F$3,\">=\"&$C$3),'Future Requirements'!$B:$B,IF($C$4=\"\",\"<=\"&$F$4,\"<=\"&$C$4),'Future Requirements'!$J:$J,IF($C$5=\"Yes\",\"Yes\",IF($C$5=\"No\",\"No\",\"<>Luke\")),'Future Requirements'!$AC:$AC,IF($C$6=\"Agreed\",\"Agreed\",IF($C$6=\"C/Fwd\",\"C/Fwd\",\"<>Luke\")),'Future Requirements'!$AA:$AA,$I$7),0)","v":0},{"$f":"IF($J$3=\"Include\",SUMIFS('Future Requirements'!$O:$O,'Future Requirements'!$D:$D,$B19,'Future Requirements'!$G:$G,P$11,'Future Requirements'!$B:$B,IF($C$3=\"\",\">=\"&$F$3,\">=\"&$C$3),'Future Requirements'!$B:$B,IF($C$4=\"\",\"<=\"&$F$4,\"<=\"&$C$4),'Future Requirements'!$J:$J,IF($C$5=\"Yes\",\"Yes\",IF($C$5=\"No\",\"No\",\"<>Luke\")),'Future Requirements'!$AC:$AC,IF($C$6=\"Agreed\",\"Agreed\",IF($C$6=\"C/Fwd\",\"C/Fwd\",\"<>Luke\")),'Future Requirements'!$AA:$AA,$I$3),0)+\nIF($J$4=\"Include\",SUMIFS('Future Requirements'!$O:$O,'Future Requirements'!$D:$D,$B19,'Future Requirements'!$G:$G,P$11,'Future Requirements'!$B:$B,IF($C$3=\"\",\">=\"&$F$3,\">=\"&$C$3),'Future Requirements'!$B:$B,IF($C$4=\"\",\"<=\"&$F$4,\"<=\"&$C$4),'Future Requirements'!$J:$J,IF($C$5=\"Yes\",\"Yes\",IF($C$5=\"No\",\"No\",\"<>Luke\")),'Future Requirements'!$AC:$AC,IF($C$6=\"Agreed\",\"Agreed\",IF($C$6=\"C/Fwd\",\"C/Fwd\",\"<>Luke\")),'Future Requirements'!$AA:$AA,$I$4),0)+\nIF($J$5=\"Include\",SUMIFS('Future Requirements'!$O:$O,'Future Requirements'!$D:$D,$B19,'Future Requirements'!$G:$G,P$11,'Future Requirements'!$B:$B,IF($C$3=\"\",\">=\"&$F$3,\">=\"&$C$3),'Future Requirements'!$B:$B,IF($C$4=\"\",\"<=\"&$F$4,\"<=\"&$C$4),'Future Requirements'!$J:$J,IF($C$5=\"Yes\",\"Yes\",IF($C$5=\"No\",\"No\",\"<>Luke\")),'Future Requirements'!$AC:$AC,IF($C$6=\"Agreed\",\"Agreed\",IF($C$6=\"C/Fwd\",\"C/Fwd\",\"<>Luke\")),'Future Requirements'!$AA:$AA,$I$5),0)+\nIF($J$6=\"Include\",SUMIFS('Future Requirements'!$O:$O,'Future Requirements'!$D:$D,$B19,'Future Requirements'!$G:$G,P$11,'Future Requirements'!$B:$B,IF($C$3=\"\",\">=\"&$F$3,\">=\"&$C$3),'Future Requirements'!$B:$B,IF($C$4=\"\",\"<=\"&$F$4,\"<=\"&$C$4),'Future Requirements'!$J:$J,IF($C$5=\"Yes\",\"Yes\",IF($C$5=\"No\",\"No\",\"<>Luke\")),'Future Requirements'!$AC:$AC,IF($C$6=\"Agreed\",\"Agreed\",IF($C$6=\"C/Fwd\",\"C/Fwd\",\"<>Luke\")),'Future Requirements'!$AA:$AA,$I$6),0)+\nIF($J$7=\"Include\",SUMIFS('Future Requirements'!$O:$O,'Future Requirements'!$D:$D,$B19,'Future Requirements'!$G:$G,P$11,'Future Requirements'!$B:$B,IF($C$3=\"\",\">=\"&$F$3,\">=\"&$C$3),'Future Requirements'!$B:$B,IF($C$4=\"\",\"<=\"&$F$4,\"<=\"&$C$4),'Future Requirements'!$J:$J,IF($C$5=\"Yes\",\"Yes\",IF($C$5=\"No\",\"No\",\"<>Luke\")),'Future Requirements'!$AC:$AC,IF($C$6=\"Agreed\",\"Agreed\",IF($C$6=\"C/Fwd\",\"C/Fwd\",\"<>Luke\")),'Future Requirements'!$AA:$AA,$I$7),0)","v":0},{"$f":"IF($J$3=\"Include\",SUMIFS('Future Requirements'!$O:$O,'Future Requirements'!$D:$D,$B19,'Future Requirements'!$G:$G,Q$11,'Future Requirements'!$B:$B,IF($C$3=\"\",\">=\"&$F$3,\">=\"&$C$3),'Future Requirements'!$B:$B,IF($C$4=\"\",\"<=\"&$F$4,\"<=\"&$C$4),'Future Requirements'!$J:$J,IF($C$5=\"Yes\",\"Yes\",IF($C$5=\"No\",\"No\",\"<>Luke\")),'Future Requirements'!$AC:$AC,IF($C$6=\"Agreed\",\"Agreed\",IF($C$6=\"C/Fwd\",\"C/Fwd\",\"<>Luke\")),'Future Requirements'!$AA:$AA,$I$3),0)+\nIF($J$4=\"Include\",SUMIFS('Future Requirements'!$O:$O,'Future Requirements'!$D:$D,$B19,'Future Requirements'!$G:$G,Q$11,'Future Requirements'!$B:$B,IF($C$3=\"\",\">=\"&$F$3,\">=\"&$C$3),'Future Requirements'!$B:$B,IF($C$4=\"\",\"<=\"&$F$4,\"<=\"&$C$4),'Future Requirements'!$J:$J,IF($C$5=\"Yes\",\"Yes\",IF($C$5=\"No\",\"No\",\"<>Luke\")),'Future Requirements'!$AC:$AC,IF($C$6=\"Agreed\",\"Agreed\",IF($C$6=\"C/Fwd\",\"C/Fwd\",\"<>Luke\")),'Future Requirements'!$AA:$AA,$I$4),0)+\nIF($J$5=\"Include\",SUMIFS('Future Requirements'!$O:$O,'Future Requirements'!$D:$D,$B19,'Future Requirements'!$G:$G,Q$11,'Future Requirements'!$B:$B,IF($C$3=\"\",\">=\"&$F$3,\">=\"&$C$3),'Future Requirements'!$B:$B,IF($C$4=\"\",\"<=\"&$F$4,\"<=\"&$C$4),'Future Requirements'!$J:$J,IF($C$5=\"Yes\",\"Yes\",IF($C$5=\"No\",\"No\",\"<>Luke\")),'Future Requirements'!$AC:$AC,IF($C$6=\"Agreed\",\"Agreed\",IF($C$6=\"C/Fwd\",\"C/Fwd\",\"<>Luke\")),'Future Requirements'!$AA:$AA,$I$5),0)+\nIF($J$6=\"Include\",SUMIFS('Future Requirements'!$O:$O,'Future Requirements'!$D:$D,$B19,'Future Requirements'!$G:$G,Q$11,'Future Requirements'!$B:$B,IF($C$3=\"\",\">=\"&$F$3,\">=\"&$C$3),'Future Requirements'!$B:$B,IF($C$4=\"\",\"<=\"&$F$4,\"<=\"&$C$4),'Future Requirements'!$J:$J,IF($C$5=\"Yes\",\"Yes\",IF($C$5=\"No\",\"No\",\"<>Luke\")),'Future Requirements'!$AC:$AC,IF($C$6=\"Agreed\",\"Agreed\",IF($C$6=\"C/Fwd\",\"C/Fwd\",\"<>Luke\")),'Future Requirements'!$AA:$AA,$I$6),0)+\nIF($J$7=\"Include\",SUMIFS('Future Requirements'!$O:$O,'Future Requirements'!$D:$D,$B19,'Future Requirements'!$G:$G,Q$11,'Future Requirements'!$B:$B,IF($C$3=\"\",\">=\"&$F$3,\">=\"&$C$3),'Future Requirements'!$B:$B,IF($C$4=\"\",\"<=\"&$F$4,\"<=\"&$C$4),'Future Requirements'!$J:$J,IF($C$5=\"Yes\",\"Yes\",IF($C$5=\"No\",\"No\",\"<>Luke\")),'Future Requirements'!$AC:$AC,IF($C$6=\"Agreed\",\"Agreed\",IF($C$6=\"C/Fwd\",\"C/Fwd\",\"<>Luke\")),'Future Requirements'!$AA:$AA,$I$7),0)","v":0},{"$f":"IF($J$3=\"Include\",SUMIFS('Future Requirements'!$O:$O,'Future Requirements'!$D:$D,$B19,'Future Requirements'!$G:$G,R$11,'Future Requirements'!$B:$B,IF($C$3=\"\",\">=\"&$F$3,\">=\"&$C$3),'Future Requirements'!$B:$B,IF($C$4=\"\",\"<=\"&$F$4,\"<=\"&$C$4),'Future Requirements'!$J:$J,IF($C$5=\"Yes\",\"Yes\",IF($C$5=\"No\",\"No\",\"<>Luke\")),'Future Requirements'!$AC:$AC,IF($C$6=\"Agreed\",\"Agreed\",IF($C$6=\"C/Fwd\",\"C/Fwd\",\"<>Luke\")),'Future Requirements'!$AA:$AA,$I$3),0)+\nIF($J$4=\"Include\",SUMIFS('Future Requirements'!$O:$O,'Future Requirements'!$D:$D,$B19,'Future Requirements'!$G:$G,R$11,'Future Requirements'!$B:$B,IF($C$3=\"\",\">=\"&$F$3,\">=\"&$C$3),'Future Requirements'!$B:$B,IF($C$4=\"\",\"<=\"&$F$4,\"<=\"&$C$4),'Future Requirements'!$J:$J,IF($C$5=\"Yes\",\"Yes\",IF($C$5=\"No\",\"No\",\"<>Luke\")),'Future Requirements'!$AC:$AC,IF($C$6=\"Agreed\",\"Agreed\",IF($C$6=\"C/Fwd\",\"C/Fwd\",\"<>Luke\")),'Future Requirements'!$AA:$AA,$I$4),0)+\nIF($J$5=\"Include\",SUMIFS('Future Requirements'!$O:$O,'Future Requirements'!$D:$D,$B19,'Future Requirements'!$G:$G,R$11,'Future Requirements'!$B:$B,IF($C$3=\"\",\">=\"&$F$3,\">=\"&$C$3),'Future Requirements'!$B:$B,IF($C$4=\"\",\"<=\"&$F$4,\"<=\"&$C$4),'Future Requirements'!$J:$J,IF($C$5=\"Yes\",\"Yes\",IF($C$5=\"No\",\"No\",\"<>Luke\")),'Future Requirements'!$AC:$AC,IF($C$6=\"Agreed\",\"Agreed\",IF($C$6=\"C/Fwd\",\"C/Fwd\",\"<>Luke\")),'Future Requirements'!$AA:$AA,$I$5),0)+\nIF($J$6=\"Include\",SUMIFS('Future Requirements'!$O:$O,'Future Requirements'!$D:$D,$B19,'Future Requirements'!$G:$G,R$11,'Future Requirements'!$B:$B,IF($C$3=\"\",\">=\"&$F$3,\">=\"&$C$3),'Future Requirements'!$B:$B,IF($C$4=\"\",\"<=\"&$F$4,\"<=\"&$C$4),'Future Requirements'!$J:$J,IF($C$5=\"Yes\",\"Yes\",IF($C$5=\"No\",\"No\",\"<>Luke\")),'Future Requirements'!$AC:$AC,IF($C$6=\"Agreed\",\"Agreed\",IF($C$6=\"C/Fwd\",\"C/Fwd\",\"<>Luke\")),'Future Requirements'!$AA:$AA,$I$6),0)+\nIF($J$7=\"Include\",SUMIFS('Future Requirements'!$O:$O,'Future Requirements'!$D:$D,$B19,'Future Requirements'!$G:$G,R$11,'Future Requirements'!$B:$B,IF($C$3=\"\",\">=\"&$F$3,\">=\"&$C$3),'Future Requirements'!$B:$B,IF($C$4=\"\",\"<=\"&$F$4,\"<=\"&$C$4),'Future Requirements'!$J:$J,IF($C$5=\"Yes\",\"Yes\",IF($C$5=\"No\",\"No\",\"<>Luke\")),'Future Requirements'!$AC:$AC,IF($C$6=\"Agreed\",\"Agreed\",IF($C$6=\"C/Fwd\",\"C/Fwd\",\"<>Luke\")),'Future Requirements'!$AA:$AA,$I$7),0)","v":0},{"$f":"IF($J$3=\"Include\",SUMIFS('Future Requirements'!$O:$O,'Future Requirements'!$D:$D,$B19,'Future Requirements'!$G:$G,S$11,'Future Requirements'!$B:$B,IF($C$3=\"\",\">=\"&$F$3,\">=\"&$C$3),'Future Requirements'!$B:$B,IF($C$4=\"\",\"<=\"&$F$4,\"<=\"&$C$4),'Future Requirements'!$J:$J,IF($C$5=\"Yes\",\"Yes\",IF($C$5=\"No\",\"No\",\"<>Luke\")),'Future Requirements'!$AC:$AC,IF($C$6=\"Agreed\",\"Agreed\",IF($C$6=\"C/Fwd\",\"C/Fwd\",\"<>Luke\")),'Future Requirements'!$AA:$AA,$I$3),0)+\nIF($J$4=\"Include\",SUMIFS('Future Requirements'!$O:$O,'Future Requirements'!$D:$D,$B19,'Future Requirements'!$G:$G,S$11,'Future Requirements'!$B:$B,IF($C$3=\"\",\">=\"&$F$3,\">=\"&$C$3),'Future Requirements'!$B:$B,IF($C$4=\"\",\"<=\"&$F$4,\"<=\"&$C$4),'Future Requirements'!$J:$J,IF($C$5=\"Yes\",\"Yes\",IF($C$5=\"No\",\"No\",\"<>Luke\")),'Future Requirements'!$AC:$AC,IF($C$6=\"Agreed\",\"Agreed\",IF($C$6=\"C/Fwd\",\"C/Fwd\",\"<>Luke\")),'Future Requirements'!$AA:$AA,$I$4),0)+\nIF($J$5=\"Include\",SUMIFS('Future Requirements'!$O:$O,'Future Requirements'!$D:$D,$B19,'Future Requirements'!$G:$G,S$11,'Future Requirements'!$B:$B,IF($C$3=\"\",\">=\"&$F$3,\">=\"&$C$3),'Future Requirements'!$B:$B,IF($C$4=\"\",\"<=\"&$F$4,\"<=\"&$C$4),'Future Requirements'!$J:$J,IF($C$5=\"Yes\",\"Yes\",IF($C$5=\"No\",\"No\",\"<>Luke\")),'Future Requirements'!$AC:$AC,IF($C$6=\"Agreed\",\"Agreed\",IF($C$6=\"C/Fwd\",\"C/Fwd\",\"<>Luke\")),'Future Requirements'!$AA:$AA,$I$5),0)+\nIF($J$6=\"Include\",SUMIFS('Future Requirements'!$O:$O,'Future Requirements'!$D:$D,$B19,'Future Requirements'!$G:$G,S$11,'Future Requirements'!$B:$B,IF($C$3=\"\",\">=\"&$F$3,\">=\"&$C$3),'Future Requirements'!$B:$B,IF($C$4=\"\",\"<=\"&$F$4,\"<=\"&$C$4),'Future Requirements'!$J:$J,IF($C$5=\"Yes\",\"Yes\",IF($C$5=\"No\",\"No\",\"<>Luke\")),'Future Requirements'!$AC:$AC,IF($C$6=\"Agreed\",\"Agreed\",IF($C$6=\"C/Fwd\",\"C/Fwd\",\"<>Luke\")),'Future Requirements'!$AA:$AA,$I$6),0)+\nIF($J$7=\"Include\",SUMIFS('Future Requirements'!$O:$O,'Future Requirements'!$D:$D,$B19,'Future Requirements'!$G:$G,S$11,'Future Requirements'!$B:$B,IF($C$3=\"\",\">=\"&$F$3,\">=\"&$C$3),'Future Requirements'!$B:$B,IF($C$4=\"\",\"<=\"&$F$4,\"<=\"&$C$4),'Future Requirements'!$J:$J,IF($C$5=\"Yes\",\"Yes\",IF($C$5=\"No\",\"No\",\"<>Luke\")),'Future Requirements'!$AC:$AC,IF($C$6=\"Agreed\",\"Agreed\",IF($C$6=\"C/Fwd\",\"C/Fwd\",\"<>Luke\")),'Future Requirements'!$AA:$AA,$I$7),0)","v":0},0]
[null,"Flood Defence",{"$f":"IF($J$3=\"Include\",SUMIFS('Future Requirements'!$O:$O,'Future Requirements'!$D:$D,$B20,'Future Requirements'!$G:$G,C$11,'Future Requirements'!$B:$B,IF($C$3=\"\",\">=\"&$F$3,\">=\"&$C$3),'Future Requirements'!$B:$B,IF($C$4=\"\",\"<=\"&$F$4,\"<=\"&$C$4),'Future Requirements'!$J:$J,IF($C$5=\"Yes\",\"Yes\",IF($C$5=\"No\",\"No\",\"<>Luke\")),'Future Requirements'!$AC:$AC,IF($C$6=\"Agreed\",\"Agreed\",IF($C$6=\"C/Fwd\",\"C/Fwd\",\"<>Luke\")),'Future Requirements'!$AA:$AA,$I$3),0)+\nIF($J$4=\"Include\",SUMIFS('Future Requirements'!$O:$O,'Future Requirements'!$D:$D,$B20,'Future Requirements'!$G:$G,C$11,'Future Requirements'!$B:$B,IF($C$3=\"\",\">=\"&$F$3,\">=\"&$C$3),'Future Requirements'!$B:$B,IF($C$4=\"\",\"<=\"&$F$4,\"<=\"&$C$4),'Future Requirements'!$J:$J,IF($C$5=\"Yes\",\"Yes\",IF($C$5=\"No\",\"No\",\"<>Luke\")),'Future Requirements'!$AC:$AC,IF($C$6=\"Agreed\",\"Agreed\",IF($C$6=\"C/Fwd\",\"C/Fwd\",\"<>Luke\")),'Future Requirements'!$AA:$AA,$I$4),0)+\nIF($J$5=\"Include\",SUMIFS('Future Requirements'!$O:$O,'Future Requirements'!$D:$D,$B20,'Future Requirements'!$G:$G,C$11,'Future Requirements'!$B:$B,IF($C$3=\"\",\">=\"&$F$3,\">=\"&$C$3),'Future Requirements'!$B:$B,IF($C$4=\"\",\"<=\"&$F$4,\"<=\"&$C$4),'Future Requirements'!$J:$J,IF($C$5=\"Yes\",\"Yes\",IF($C$5=\"No\",\"No\",\"<>Luke\")),'Future Requirements'!$AC:$AC,IF($C$6=\"Agreed\",\"Agreed\",IF($C$6=\"C/Fwd\",\"C/Fwd\",\"<>Luke\")),'Future Requirements'!$AA:$AA,$I$5),0)+\nIF($J$6=\"Include\",SUMIFS('Future Requirements'!$O:$O,'Future Requirements'!$D:$D,$B20,'Future Requirements'!$G:$G,C$11,'Future Requirements'!$B:$B,IF($C$3=\"\",\">=\"&$F$3,\">=\"&$C$3),'Future Requirements'!$B:$B,IF($C$4=\"\",\"<=\"&$F$4,\"<=\"&$C$4),'Future Requirements'!$J:$J,IF($C$5=\"Yes\",\"Yes\",IF($C$5=\"No\",\"No\",\"<>Luke\")),'Future Requirements'!$AC:$AC,IF($C$6=\"Agreed\",\"Agreed\",IF($C$6=\"C/Fwd\",\"C/Fwd\",\"<>Luke\")),'Future Requirements'!$AA:$AA,$I$6),0)+\nIF($J$7=\"Include\",SUMIFS('Future Requirements'!$O:$O,'Future Requirements'!$D:$D,$B20,'Future Requirements'!$G:$G,C$11,'Future Requirements'!$B:$B,IF($C$3=\"\",\">=\"&$F$3,\">=\"&$C$3),'Future Requirements'!$B:$B,IF($C$4=\"\",\"<=\"&$F$4,\"<=\"&$C$4),'Future Requirements'!$J:$J,IF($C$5=\"Yes\",\"Yes\",IF($C$5=\"No\",\"No\",\"<>Luke\")),'Future Requirements'!$AC:$AC,IF($C$6=\"Agreed\",\"Agreed\",IF($C$6=\"C/Fwd\",\"C/Fwd\",\"<>Luke\")),'Future Requirements'!$AA:$AA,$I$7),0)","v":0},{"$f":"IF($J$3=\"Include\",SUMIFS('Future Requirements'!$O:$O,'Future Requirements'!$D:$D,$B20,'Future Requirements'!$G:$G,D$11,'Future Requirements'!$B:$B,IF($C$3=\"\",\">=\"&$F$3,\">=\"&$C$3),'Future Requirements'!$B:$B,IF($C$4=\"\",\"<=\"&$F$4,\"<=\"&$C$4),'Future Requirements'!$J:$J,IF($C$5=\"Yes\",\"Yes\",IF($C$5=\"No\",\"No\",\"<>Luke\")),'Future Requirements'!$AC:$AC,IF($C$6=\"Agreed\",\"Agreed\",IF($C$6=\"C/Fwd\",\"C/Fwd\",\"<>Luke\")),'Future Requirements'!$AA:$AA,$I$3),0)+\nIF($J$4=\"Include\",SUMIFS('Future Requirements'!$O:$O,'Future Requirements'!$D:$D,$B20,'Future Requirements'!$G:$G,D$11,'Future Requirements'!$B:$B,IF($C$3=\"\",\">=\"&$F$3,\">=\"&$C$3),'Future Requirements'!$B:$B,IF($C$4=\"\",\"<=\"&$F$4,\"<=\"&$C$4),'Future Requirements'!$J:$J,IF($C$5=\"Yes\",\"Yes\",IF($C$5=\"No\",\"No\",\"<>Luke\")),'Future Requirements'!$AC:$AC,IF($C$6=\"Agreed\",\"Agreed\",IF($C$6=\"C/Fwd\",\"C/Fwd\",\"<>Luke\")),'Future Requirements'!$AA:$AA,$I$4),0)+\nIF($J$5=\"Include\",SUMIFS('Future Requirements'!$O:$O,'Future Requirements'!$D:$D,$B20,'Future Requirements'!$G:$G,D$11,'Future Requirements'!$B:$B,IF($C$3=\"\",\">=\"&$F$3,\">=\"&$C$3),'Future Requirements'!$B:$B,IF($C$4=\"\",\"<=\"&$F$4,\"<=\"&$C$4),'Future Requirements'!$J:$J,IF($C$5=\"Yes\",\"Yes\",IF($C$5=\"No\",\"No\",\"<>Luke\")),'Future Requirements'!$AC:$AC,IF($C$6=\"Agreed\",\"Agreed\",IF($C$6=\"C/Fwd\",\"C/Fwd\",\"<>Luke\")),'Future Requirements'!$AA:$AA,$I$5),0)+\nIF($J$6=\"Include\",SUMIFS('Future Requirements'!$O:$O,'Future Requirements'!$D:$D,$B20,'Future Requirements'!$G:$G,D$11,'Future Requirements'!$B:$B,IF($C$3=\"\",\">=\"&$F$3,\">=\"&$C$3),'Future Requirements'!$B:$B,IF($C$4=\"\",\"<=\"&$F$4,\"<=\"&$C$4),'Future Requirements'!$J:$J,IF($C$5=\"Yes\",\"Yes\",IF($C$5=\"No\",\"No\",\"<>Luke\")),'Future Requirements'!$AC:$AC,IF($C$6=\"Agreed\",\"Agreed\",IF($C$6=\"C/Fwd\",\"C/Fwd\",\"<>Luke\")),'Future Requirements'!$AA:$AA,$I$6),0)+\nIF($J$7=\"Include\",SUMIFS('Future Requirements'!$O:$O,'Future Requirements'!$D:$D,$B20,'Future Requirements'!$G:$G,D$11,'Future Requirements'!$B:$B,IF($C$3=\"\",\">=\"&$F$3,\">=\"&$C$3),'Future Requirements'!$B:$B,IF($C$4=\"\",\"<=\"&$F$4,\"<=\"&$C$4),'Future Requirements'!$J:$J,IF($C$5=\"Yes\",\"Yes\",IF($C$5=\"No\",\"No\",\"<>Luke\")),'Future Requirements'!$AC:$AC,IF($C$6=\"Agreed\",\"Agreed\",IF($C$6=\"C/Fwd\",\"C/Fwd\",\"<>Luke\")),'Future Requirements'!$AA:$AA,$I$7),0)","v":0},{"$f":"IF($J$3=\"Include\",SUMIFS('Future Requirements'!$O:$O,'Future Requirements'!$D:$D,$B20,'Future Requirements'!$G:$G,E$11,'Future Requirements'!$B:$B,IF($C$3=\"\",\">=\"&$F$3,\">=\"&$C$3),'Future Requirements'!$B:$B,IF($C$4=\"\",\"<=\"&$F$4,\"<=\"&$C$4),'Future Requirements'!$J:$J,IF($C$5=\"Yes\",\"Yes\",IF($C$5=\"No\",\"No\",\"<>Luke\")),'Future Requirements'!$AC:$AC,IF($C$6=\"Agreed\",\"Agreed\",IF($C$6=\"C/Fwd\",\"C/Fwd\",\"<>Luke\")),'Future Requirements'!$AA:$AA,$I$3),0)+\nIF($J$4=\"Include\",SUMIFS('Future Requirements'!$O:$O,'Future Requirements'!$D:$D,$B20,'Future Requirements'!$G:$G,E$11,'Future Requirements'!$B:$B,IF($C$3=\"\",\">=\"&$F$3,\">=\"&$C$3),'Future Requirements'!$B:$B,IF($C$4=\"\",\"<=\"&$F$4,\"<=\"&$C$4),'Future Requirements'!$J:$J,IF($C$5=\"Yes\",\"Yes\",IF($C$5=\"No\",\"No\",\"<>Luke\")),'Future Requirements'!$AC:$AC,IF($C$6=\"Agreed\",\"Agreed\",IF($C$6=\"C/Fwd\",\"C/Fwd\",\"<>Luke\")),'Future Requirements'!$AA:$AA,$I$4),0)+\nIF($J$5=\"Include\",SUMIFS('Future Requirements'!$O:$O,'Future Requirements'!$D:$D,$B20,'Future Requirements'!$G:$G,E$11,'Future Requirements'!$B:$B,IF($C$3=\"\",\">=\"&$F$3,\">=\"&$C$3),'Future Requirements'!$B:$B,IF($C$4=\"\",\"<=\"&$F$4,\"<=\"&$C$4),'Future Requirements'!$J:$J,IF($C$5=\"Yes\",\"Yes\",IF($C$5=\"No\",\"No\",\"<>Luke\")),'Future Requirements'!$AC:$AC,IF($C$6=\"Agreed\",\"Agreed\",IF($C$6=\"C/Fwd\",\"C/Fwd\",\"<>Luke\")),'Future Requirements'!$AA:$AA,$I$5),0)+\nIF($J$6=\"Include\",SUMIFS('Future Requirements'!$O:$O,'Future Requirements'!$D:$D,$B20,'Future Requirements'!$G:$G,E$11,'Future Requirements'!$B:$B,IF($C$3=\"\",\">=\"&$F$3,\">=\"&$C$3),'Future Requirements'!$B:$B,IF($C$4=\"\",\"<=\"&$F$4,\"<=\"&$C$4),'Future Requirements'!$J:$J,IF($C$5=\"Yes\",\"Yes\",IF($C$5=\"No\",\"No\",\"<>Luke\")),'Future Requirements'!$AC:$AC,IF($C$6=\"Agreed\",\"Agreed\",IF($C$6=\"C/Fwd\",\"C/Fwd\",\"<>Luke\")),'Future Requirements'!$AA:$AA,$I$6),0)+\nIF($J$7=\"Include\",SUMIFS('Future Requirements'!$O:$O,'Future Requirements'!$D:$D,$B20,'Future Requirements'!$G:$G,E$11,'Future Requirements'!$B:$B,IF($C$3=\"\",\">=\"&$F$3,\">=\"&$C$3),'Future Requirements'!$B:$B,IF($C$4=\"\",\"<=\"&$F$4,\"<=\"&$C$4),'Future Requirements'!$J:$J,IF($C$5=\"Yes\",\"Yes\",IF($C$5=\"No\",\"No\",\"<>Luke\")),'Future Requirements'!$AC:$AC,IF($C$6=\"Agreed\",\"Agreed\",IF($C$6=\"C/Fwd\",\"C/Fwd\",\"<>Luke\")),'Future Requirements'!$AA:$AA,$I$7),0)","v":0},{"$f":"IF($J$3=\"Include\",SUMIFS('Future Requirements'!$O:$O,'Future Requirements'!$D:$D,$B20,'Future Requirements'!$G:$G,F$11,'Future Requirements'!$B:$B,IF($C$3=\"\",\">=\"&$F$3,\">=\"&$C$3),'Future Requirements'!$B:$B,IF($C$4=\"\",\"<=\"&$F$4,\"<=\"&$C$4),'Future Requirements'!$J:$J,IF($C$5=\"Yes\",\"Yes\",IF($C$5=\"No\",\"No\",\"<>Luke\")),'Future Requirements'!$AC:$AC,IF($C$6=\"Agreed\",\"Agreed\",IF($C$6=\"C/Fwd\",\"C/Fwd\",\"<>Luke\")),'Future Requirements'!$AA:$AA,$I$3),0)+\nIF($J$4=\"Include\",SUMIFS('Future Requirements'!$O:$O,'Future Requirements'!$D:$D,$B20,'Future Requirements'!$G:$G,F$11,'Future Requirements'!$B:$B,IF($C$3=\"\",\">=\"&$F$3,\">=\"&$C$3),'Future Requirements'!$B:$B,IF($C$4=\"\",\"<=\"&$F$4,\"<=\"&$C$4),'Future Requirements'!$J:$J,IF($C$5=\"Yes\",\"Yes\",IF($C$5=\"No\",\"No\",\"<>Luke\")),'Future Requirements'!$AC:$AC,IF($C$6=\"Agreed\",\"Agreed\",IF($C$6=\"C/Fwd\",\"C/Fwd\",\"<>Luke\")),'Future Requirements'!$AA:$AA,$I$4),0)+\nIF($J$5=\"Include\",SUMIFS('Future Requirements'!$O:$O,'Future Requirements'!$D:$D,$B20,'Future Requirements'!$G:$G,F$11,'Future Requirements'!$B:$B,IF($C$3=\"\",\">=\"&$F$3,\">=\"&$C$3),'Future Requirements'!$B:$B,IF($C$4=\"\",\"<=\"&$F$4,\"<=\"&$C$4),'Future Requirements'!$J:$J,IF($C$5=\"Yes\",\"Yes\",IF($C$5=\"No\",\"No\",\"<>Luke\")),'Future Requirements'!$AC:$AC,IF($C$6=\"Agreed\",\"Agreed\",IF($C$6=\"C/Fwd\",\"C/Fwd\",\"<>Luke\")),'Future Requirements'!$AA:$AA,$I$5),0)+\nIF($J$6=\"Include\",SUMIFS('Future Requirements'!$O:$O,'Future Requirements'!$D:$D,$B20,'Future Requirements'!$G:$G,F$11,'Future Requirements'!$B:$B,IF($C$3=\"\",\">=\"&$F$3,\">=\"&$C$3),'Future Requirements'!$B:$B,IF($C$4=\"\",\"<=\"&$F$4,\"<=\"&$C$4),'Future Requirements'!$J:$J,IF($C$5=\"Yes\",\"Yes\",IF($C$5=\"No\",\"No\",\"<>Luke\")),'Future Requirements'!$AC:$AC,IF($C$6=\"Agreed\",\"Agreed\",IF($C$6=\"C/Fwd\",\"C/Fwd\",\"<>Luke\")),'Future Requirements'!$AA:$AA,$I$6),0)+\nIF($J$7=\"Include\",SUMIFS('Future Requirements'!$O:$O,'Future Requirements'!$D:$D,$B20,'Future Requirements'!$G:$G,F$11,'Future Requirements'!$B:$B,IF($C$3=\"\",\">=\"&$F$3,\">=\"&$C$3),'Future Requirements'!$B:$B,IF($C$4=\"\",\"<=\"&$F$4,\"<=\"&$C$4),'Future Requirements'!$J:$J,IF($C$5=\"Yes\",\"Yes\",IF($C$5=\"No\",\"No\",\"<>Luke\")),'Future Requirements'!$AC:$AC,IF($C$6=\"Agreed\",\"Agreed\",IF($C$6=\"C/Fwd\",\"C/Fwd\",\"<>Luke\")),'Future Requirements'!$AA:$AA,$I$7),0)","v":0},{"$f":"IF($J$3=\"Include\",SUMIFS('Future Requirements'!$O:$O,'Future Requirements'!$D:$D,$B20,'Future Requirements'!$G:$G,G$11,'Future Requirements'!$B:$B,IF($C$3=\"\",\">=\"&$F$3,\">=\"&$C$3),'Future Requirements'!$B:$B,IF($C$4=\"\",\"<=\"&$F$4,\"<=\"&$C$4),'Future Requirements'!$J:$J,IF($C$5=\"Yes\",\"Yes\",IF($C$5=\"No\",\"No\",\"<>Luke\")),'Future Requirements'!$AC:$AC,IF($C$6=\"Agreed\",\"Agreed\",IF($C$6=\"C/Fwd\",\"C/Fwd\",\"<>Luke\")),'Future Requirements'!$AA:$AA,$I$3),0)+\nIF($J$4=\"Include\",SUMIFS('Future Requirements'!$O:$O,'Future Requirements'!$D:$D,$B20,'Future Requirements'!$G:$G,G$11,'Future Requirements'!$B:$B,IF($C$3=\"\",\">=\"&$F$3,\">=\"&$C$3),'Future Requirements'!$B:$B,IF($C$4=\"\",\"<=\"&$F$4,\"<=\"&$C$4),'Future Requirements'!$J:$J,IF($C$5=\"Yes\",\"Yes\",IF($C$5=\"No\",\"No\",\"<>Luke\")),'Future Requirements'!$AC:$AC,IF($C$6=\"Agreed\",\"Agreed\",IF($C$6=\"C/Fwd\",\"C/Fwd\",\"<>Luke\")),'Future Requirements'!$AA:$AA,$I$4),0)+\nIF($J$5=\"Include\",SUMIFS('Future Requirements'!$O:$O,'Future Requirements'!$D:$D,$B20,'Future Requirements'!$G:$G,G$11,'Future Requirements'!$B:$B,IF($C$3=\"\",\">=\"&$F$3,\">=\"&$C$3),'Future Requirements'!$B:$B,IF($C$4=\"\",\"<=\"&$F$4,\"<=\"&$C$4),'Future Requirements'!$J:$J,IF($C$5=\"Yes\",\"Yes\",IF($C$5=\"No\",\"No\",\"<>Luke\")),'Future Requirements'!$AC:$AC,IF($C$6=\"Agreed\",\"Agreed\",IF($C$6=\"C/Fwd\",\"C/Fwd\",\"<>Luke\")),'Future Requirements'!$AA:$AA,$I$5),0)+\nIF($J$6=\"Include\",SUMIFS('Future Requirements'!$O:$O,'Future Requirements'!$D:$D,$B20,'Future Requirements'!$G:$G,G$11,'Future Requirements'!$B:$B,IF($C$3=\"\",\">=\"&$F$3,\">=\"&$C$3),'Future Requirements'!$B:$B,IF($C$4=\"\",\"<=\"&$F$4,\"<=\"&$C$4),'Future Requirements'!$J:$J,IF($C$5=\"Yes\",\"Yes\",IF($C$5=\"No\",\"No\",\"<>Luke\")),'Future Requirements'!$AC:$AC,IF($C$6=\"Agreed\",\"Agreed\",IF($C$6=\"C/Fwd\",\"C/Fwd\",\"<>Luke\")),'Future Requirements'!$AA:$AA,$I$6),0)+\nIF($J$7=\"Include\",SUMIFS('Future Requirements'!$O:$O,'Future Requirements'!$D:$D,$B20,'Future Requirements'!$G:$G,G$11,'Future Requirements'!$B:$B,IF($C$3=\"\",\">=\"&$F$3,\">=\"&$C$3),'Future Requirements'!$B:$B,IF($C$4=\"\",\"<=\"&$F$4,\"<=\"&$C$4),'Future Requirements'!$J:$J,IF($C$5=\"Yes\",\"Yes\",IF($C$5=\"No\",\"No\",\"<>Luke\")),'Future Requirements'!$AC:$AC,IF($C$6=\"Agreed\",\"Agreed\",IF($C$6=\"C/Fwd\",\"C/Fwd\",\"<>Luke\")),'Future Requirements'!$AA:$AA,$I$7),0)","v":0},{"$f":"IF($J$3=\"Include\",SUMIFS('Future Requirements'!$O:$O,'Future Requirements'!$D:$D,$B20,'Future Requirements'!$G:$G,H$11,'Future Requirements'!$B:$B,IF($C$3=\"\",\">=\"&$F$3,\">=\"&$C$3),'Future Requirements'!$B:$B,IF($C$4=\"\",\"<=\"&$F$4,\"<=\"&$C$4),'Future Requirements'!$J:$J,IF($C$5=\"Yes\",\"Yes\",IF($C$5=\"No\",\"No\",\"<>Luke\")),'Future Requirements'!$AC:$AC,IF($C$6=\"Agreed\",\"Agreed\",IF($C$6=\"C/Fwd\",\"C/Fwd\",\"<>Luke\")),'Future Requirements'!$AA:$AA,$I$3),0)+\nIF($J$4=\"Include\",SUMIFS('Future Requirements'!$O:$O,'Future Requirements'!$D:$D,$B20,'Future Requirements'!$G:$G,H$11,'Future Requirements'!$B:$B,IF($C$3=\"\",\">=\"&$F$3,\">=\"&$C$3),'Future Requirements'!$B:$B,IF($C$4=\"\",\"<=\"&$F$4,\"<=\"&$C$4),'Future Requirements'!$J:$J,IF($C$5=\"Yes\",\"Yes\",IF($C$5=\"No\",\"No\",\"<>Luke\")),'Future Requirements'!$AC:$AC,IF($C$6=\"Agreed\",\"Agreed\",IF($C$6=\"C/Fwd\",\"C/Fwd\",\"<>Luke\")),'Future Requirements'!$AA:$AA,$I$4),0)+\nIF($J$5=\"Include\",SUMIFS('Future Requirements'!$O:$O,'Future Requirements'!$D:$D,$B20,'Future Requirements'!$G:$G,H$11,'Future Requirements'!$B:$B,IF($C$3=\"\",\">=\"&$F$3,\">=\"&$C$3),'Future Requirements'!$B:$B,IF($C$4=\"\",\"<=\"&$F$4,\"<=\"&$C$4),'Future Requirements'!$J:$J,IF($C$5=\"Yes\",\"Yes\",IF($C$5=\"No\",\"No\",\"<>Luke\")),'Future Requirements'!$AC:$AC,IF($C$6=\"Agreed\",\"Agreed\",IF($C$6=\"C/Fwd\",\"C/Fwd\",\"<>Luke\")),'Future Requirements'!$AA:$AA,$I$5),0)+\nIF($J$6=\"Include\",SUMIFS('Future Requirements'!$O:$O,'Future Requirements'!$D:$D,$B20,'Future Requirements'!$G:$G,H$11,'Future Requirements'!$B:$B,IF($C$3=\"\",\">=\"&$F$3,\">=\"&$C$3),'Future Requirements'!$B:$B,IF($C$4=\"\",\"<=\"&$F$4,\"<=\"&$C$4),'Future Requirements'!$J:$J,IF($C$5=\"Yes\",\"Yes\",IF($C$5=\"No\",\"No\",\"<>Luke\")),'Future Requirements'!$AC:$AC,IF($C$6=\"Agreed\",\"Agreed\",IF($C$6=\"C/Fwd\",\"C/Fwd\",\"<>Luke\")),'Future Requirements'!$AA:$AA,$I$6),0)+\nIF($J$7=\"Include\",SUMIFS('Future Requirements'!$O:$O,'Future Requirements'!$D:$D,$B20,'Future Requirements'!$G:$G,H$11,'Future Requirements'!$B:$B,IF($C$3=\"\",\">=\"&$F$3,\">=\"&$C$3),'Future Requirements'!$B:$B,IF($C$4=\"\",\"<=\"&$F$4,\"<=\"&$C$4),'Future Requirements'!$J:$J,IF($C$5=\"Yes\",\"Yes\",IF($C$5=\"No\",\"No\",\"<>Luke\")),'Future Requirements'!$AC:$AC,IF($C$6=\"Agreed\",\"Agreed\",IF($C$6=\"C/Fwd\",\"C/Fwd\",\"<>Luke\")),'Future Requirements'!$AA:$AA,$I$7),0)","v":0},{"$f":"IF($J$3=\"Include\",SUMIFS('Future Requirements'!$O:$O,'Future Requirements'!$D:$D,$B20,'Future Requirements'!$G:$G,I$11,'Future Requirements'!$B:$B,IF($C$3=\"\",\">=\"&$F$3,\">=\"&$C$3),'Future Requirements'!$B:$B,IF($C$4=\"\",\"<=\"&$F$4,\"<=\"&$C$4),'Future Requirements'!$J:$J,IF($C$5=\"Yes\",\"Yes\",IF($C$5=\"No\",\"No\",\"<>Luke\")),'Future Requirements'!$AC:$AC,IF($C$6=\"Agreed\",\"Agreed\",IF($C$6=\"C/Fwd\",\"C/Fwd\",\"<>Luke\")),'Future Requirements'!$AA:$AA,$I$3),0)+\nIF($J$4=\"Include\",SUMIFS('Future Requirements'!$O:$O,'Future Requirements'!$D:$D,$B20,'Future Requirements'!$G:$G,I$11,'Future Requirements'!$B:$B,IF($C$3=\"\",\">=\"&$F$3,\">=\"&$C$3),'Future Requirements'!$B:$B,IF($C$4=\"\",\"<=\"&$F$4,\"<=\"&$C$4),'Future Requirements'!$J:$J,IF($C$5=\"Yes\",\"Yes\",IF($C$5=\"No\",\"No\",\"<>Luke\")),'Future Requirements'!$AC:$AC,IF($C$6=\"Agreed\",\"Agreed\",IF($C$6=\"C/Fwd\",\"C/Fwd\",\"<>Luke\")),'Future Requirements'!$AA:$AA,$I$4),0)+\nIF($J$5=\"Include\",SUMIFS('Future Requirements'!$O:$O,'Future Requirements'!$D:$D,$B20,'Future Requirements'!$G:$G,I$11,'Future Requirements'!$B:$B,IF($C$3=\"\",\">=\"&$F$3,\">=\"&$C$3),'Future Requirements'!$B:$B,IF($C$4=\"\",\"<=\"&$F$4,\"<=\"&$C$4),'Future Requirements'!$J:$J,IF($C$5=\"Yes\",\"Yes\",IF($C$5=\"No\",\"No\",\"<>Luke\")),'Future Requirements'!$AC:$AC,IF($C$6=\"Agreed\",\"Agreed\",IF($C$6=\"C/Fwd\",\"C/Fwd\",\"<>Luke\")),'Future Requirements'!$AA:$AA,$I$5),0)+\nIF($J$6=\"Include\",SUMIFS('Future Requirements'!$O:$O,'Future Requirements'!$D:$D,$B20,'Future Requirements'!$G:$G,I$11,'Future Requirements'!$B:$B,IF($C$3=\"\",\">=\"&$F$3,\">=\"&$C$3),'Future Requirements'!$B:$B,IF($C$4=\"\",\"<=\"&$F$4,\"<=\"&$C$4),'Future Requirements'!$J:$J,IF($C$5=\"Yes\",\"Yes\",IF($C$5=\"No\",\"No\",\"<>Luke\")),'Future Requirements'!$AC:$AC,IF($C$6=\"Agreed\",\"Agreed\",IF($C$6=\"C/Fwd\",\"C/Fwd\",\"<>Luke\")),'Future Requirements'!$AA:$AA,$I$6),0)+\nIF($J$7=\"Include\",SUMIFS('Future Requirements'!$O:$O,'Future Requirements'!$D:$D,$B20,'Future Requirements'!$G:$G,I$11,'Future Requirements'!$B:$B,IF($C$3=\"\",\">=\"&$F$3,\">=\"&$C$3),'Future Requirements'!$B:$B,IF($C$4=\"\",\"<=\"&$F$4,\"<=\"&$C$4),'Future Requirements'!$J:$J,IF($C$5=\"Yes\",\"Yes\",IF($C$5=\"No\",\"No\",\"<>Luke\")),'Future Requirements'!$AC:$AC,IF($C$6=\"Agreed\",\"Agreed\",IF($C$6=\"C/Fwd\",\"C/Fwd\",\"<>Luke\")),'Future Requirements'!$AA:$AA,$I$7),0)","v":0},{"$f":"IF($J$3=\"Include\",SUMIFS('Future Requirements'!$O:$O,'Future Requirements'!$D:$D,$B20,'Future Requirements'!$G:$G,J$11,'Future Requirements'!$B:$B,IF($C$3=\"\",\">=\"&$F$3,\">=\"&$C$3),'Future Requirements'!$B:$B,IF($C$4=\"\",\"<=\"&$F$4,\"<=\"&$C$4),'Future Requirements'!$J:$J,IF($C$5=\"Yes\",\"Yes\",IF($C$5=\"No\",\"No\",\"<>Luke\")),'Future Requirements'!$AC:$AC,IF($C$6=\"Agreed\",\"Agreed\",IF($C$6=\"C/Fwd\",\"C/Fwd\",\"<>Luke\")),'Future Requirements'!$AA:$AA,$I$3),0)+\nIF($J$4=\"Include\",SUMIFS('Future Requirements'!$O:$O,'Future Requirements'!$D:$D,$B20,'Future Requirements'!$G:$G,J$11,'Future Requirements'!$B:$B,IF($C$3=\"\",\">=\"&$F$3,\">=\"&$C$3),'Future Requirements'!$B:$B,IF($C$4=\"\",\"<=\"&$F$4,\"<=\"&$C$4),'Future Requirements'!$J:$J,IF($C$5=\"Yes\",\"Yes\",IF($C$5=\"No\",\"No\",\"<>Luke\")),'Future Requirements'!$AC:$AC,IF($C$6=\"Agreed\",\"Agreed\",IF($C$6=\"C/Fwd\",\"C/Fwd\",\"<>Luke\")),'Future Requirements'!$AA:$AA,$I$4),0)+\nIF($J$5=\"Include\",SUMIFS('Future Requirements'!$O:$O,'Future Requirements'!$D:$D,$B20,'Future Requirements'!$G:$G,J$11,'Future Requirements'!$B:$B,IF($C$3=\"\",\">=\"&$F$3,\">=\"&$C$3),'Future Requirements'!$B:$B,IF($C$4=\"\",\"<=\"&$F$4,\"<=\"&$C$4),'Future Requirements'!$J:$J,IF($C$5=\"Yes\",\"Yes\",IF($C$5=\"No\",\"No\",\"<>Luke\")),'Future Requirements'!$AC:$AC,IF($C$6=\"Agreed\",\"Agreed\",IF($C$6=\"C/Fwd\",\"C/Fwd\",\"<>Luke\")),'Future Requirements'!$AA:$AA,$I$5),0)+\nIF($J$6=\"Include\",SUMIFS('Future Requirements'!$O:$O,'Future Requirements'!$D:$D,$B20,'Future Requirements'!$G:$G,J$11,'Future Requirements'!$B:$B,IF($C$3=\"\",\">=\"&$F$3,\">=\"&$C$3),'Future Requirements'!$B:$B,IF($C$4=\"\",\"<=\"&$F$4,\"<=\"&$C$4),'Future Requirements'!$J:$J,IF($C$5=\"Yes\",\"Yes\",IF($C$5=\"No\",\"No\",\"<>Luke\")),'Future Requirements'!$AC:$AC,IF($C$6=\"Agreed\",\"Agreed\",IF($C$6=\"C/Fwd\",\"C/Fwd\",\"<>Luke\")),'Future Requirements'!$AA:$AA,$I$6),0)+\nIF($J$7=\"Include\",SUMIFS('Future Requirements'!$O:$O,'Future Requirements'!$D:$D,$B20,'Future Requirements'!$G:$G,J$11,'Future Requirements'!$B:$B,IF($C$3=\"\",\">=\"&$F$3,\">=\"&$C$3),'Future Requirements'!$B:$B,IF($C$4=\"\",\"<=\"&$F$4,\"<=\"&$C$4),'Future Requirements'!$J:$J,IF($C$5=\"Yes\",\"Yes\",IF($C$5=\"No\",\"No\",\"<>Luke\")),'Future Requirements'!$AC:$AC,IF($C$6=\"Agreed\",\"Agreed\",IF($C$6=\"C/Fwd\",\"C/Fwd\",\"<>Luke\")),'Future Requirements'!$AA:$AA,$I$7),0)","v":0},{"$f":"IF($J$3=\"Include\",SUMIFS('Future Requirements'!$O:$O,'Future Requirements'!$D:$D,$B20,'Future Requirements'!$G:$G,K$11,'Future Requirements'!$B:$B,IF($C$3=\"\",\">=\"&$F$3,\">=\"&$C$3),'Future Requirements'!$B:$B,IF($C$4=\"\",\"<=\"&$F$4,\"<=\"&$C$4),'Future Requirements'!$J:$J,IF($C$5=\"Yes\",\"Yes\",IF($C$5=\"No\",\"No\",\"<>Luke\")),'Future Requirements'!$AC:$AC,IF($C$6=\"Agreed\",\"Agreed\",IF($C$6=\"C/Fwd\",\"C/Fwd\",\"<>Luke\")),'Future Requirements'!$AA:$AA,$I$3),0)+\nIF($J$4=\"Include\",SUMIFS('Future Requirements'!$O:$O,'Future Requirements'!$D:$D,$B20,'Future Requirements'!$G:$G,K$11,'Future Requirements'!$B:$B,IF($C$3=\"\",\">=\"&$F$3,\">=\"&$C$3),'Future Requirements'!$B:$B,IF($C$4=\"\",\"<=\"&$F$4,\"<=\"&$C$4),'Future Requirements'!$J:$J,IF($C$5=\"Yes\",\"Yes\",IF($C$5=\"No\",\"No\",\"<>Luke\")),'Future Requirements'!$AC:$AC,IF($C$6=\"Agreed\",\"Agreed\",IF($C$6=\"C/Fwd\",\"C/Fwd\",\"<>Luke\")),'Future Requirements'!$AA:$AA,$I$4),0)+\nIF($J$5=\"Include\",SUMIFS('Future Requirements'!$O:$O,'Future Requirements'!$D:$D,$B20,'Future Requirements'!$G:$G,K$11,'Future Requirements'!$B:$B,IF($C$3=\"\",\">=\"&$F$3,\">=\"&$C$3),'Future Requirements'!$B:$B,IF($C$4=\"\",\"<=\"&$F$4,\"<=\"&$C$4),'Future Requirements'!$J:$J,IF($C$5=\"Yes\",\"Yes\",IF($C$5=\"No\",\"No\",\"<>Luke\")),'Future Requirements'!$AC:$AC,IF($C$6=\"Agreed\",\"Agreed\",IF($C$6=\"C/Fwd\",\"C/Fwd\",\"<>Luke\")),'Future Requirements'!$AA:$AA,$I$5),0)+\nIF($J$6=\"Include\",SUMIFS('Future Requirements'!$O:$O,'Future Requirements'!$D:$D,$B20,'Future Requirements'!$G:$G,K$11,'Future Requirements'!$B:$B,IF($C$3=\"\",\">=\"&$F$3,\">=\"&$C$3),'Future Requirements'!$B:$B,IF($C$4=\"\",\"<=\"&$F$4,\"<=\"&$C$4),'Future Requirements'!$J:$J,IF($C$5=\"Yes\",\"Yes\",IF($C$5=\"No\",\"No\",\"<>Luke\")),'Future Requirements'!$AC:$AC,IF($C$6=\"Agreed\",\"Agreed\",IF($C$6=\"C/Fwd\",\"C/Fwd\",\"<>Luke\")),'Future Requirements'!$AA:$AA,$I$6),0)+\nIF($J$7=\"Include\",SUMIFS('Future Requirements'!$O:$O,'Future Requirements'!$D:$D,$B20,'Future Requirements'!$G:$G,K$11,'Future Requirements'!$B:$B,IF($C$3=\"\",\">=\"&$F$3,\">=\"&$C$3),'Future Requirements'!$B:$B,IF($C$4=\"\",\"<=\"&$F$4,\"<=\"&$C$4),'Future Requirements'!$J:$J,IF($C$5=\"Yes\",\"Yes\",IF($C$5=\"No\",\"No\",\"<>Luke\")),'Future Requirements'!$AC:$AC,IF($C$6=\"Agreed\",\"Agreed\",IF($C$6=\"C/Fwd\",\"C/Fwd\",\"<>Luke\")),'Future Requirements'!$AA:$AA,$I$7),0)","v":0},{"$f":"IF($J$3=\"Include\",SUMIFS('Future Requirements'!$O:$O,'Future Requirements'!$D:$D,$B20,'Future Requirements'!$G:$G,L$11,'Future Requirements'!$B:$B,IF($C$3=\"\",\">=\"&$F$3,\">=\"&$C$3),'Future Requirements'!$B:$B,IF($C$4=\"\",\"<=\"&$F$4,\"<=\"&$C$4),'Future Requirements'!$J:$J,IF($C$5=\"Yes\",\"Yes\",IF($C$5=\"No\",\"No\",\"<>Luke\")),'Future Requirements'!$AC:$AC,IF($C$6=\"Agreed\",\"Agreed\",IF($C$6=\"C/Fwd\",\"C/Fwd\",\"<>Luke\")),'Future Requirements'!$AA:$AA,$I$3),0)+\nIF($J$4=\"Include\",SUMIFS('Future Requirements'!$O:$O,'Future Requirements'!$D:$D,$B20,'Future Requirements'!$G:$G,L$11,'Future Requirements'!$B:$B,IF($C$3=\"\",\">=\"&$F$3,\">=\"&$C$3),'Future Requirements'!$B:$B,IF($C$4=\"\",\"<=\"&$F$4,\"<=\"&$C$4),'Future Requirements'!$J:$J,IF($C$5=\"Yes\",\"Yes\",IF($C$5=\"No\",\"No\",\"<>Luke\")),'Future Requirements'!$AC:$AC,IF($C$6=\"Agreed\",\"Agreed\",IF($C$6=\"C/Fwd\",\"C/Fwd\",\"<>Luke\")),'Future Requirements'!$AA:$AA,$I$4),0)+\nIF($J$5=\"Include\",SUMIFS('Future Requirements'!$O:$O,'Future Requirements'!$D:$D,$B20,'Future Requirements'!$G:$G,L$11,'Future Requirements'!$B:$B,IF($C$3=\"\",\">=\"&$F$3,\">=\"&$C$3),'Future Requirements'!$B:$B,IF($C$4=\"\",\"<=\"&$F$4,\"<=\"&$C$4),'Future Requirements'!$J:$J,IF($C$5=\"Yes\",\"Yes\",IF($C$5=\"No\",\"No\",\"<>Luke\")),'Future Requirements'!$AC:$AC,IF($C$6=\"Agreed\",\"Agreed\",IF($C$6=\"C/Fwd\",\"C/Fwd\",\"<>Luke\")),'Future Requirements'!$AA:$AA,$I$5),0)+\nIF($J$6=\"Include\",SUMIFS('Future Requirements'!$O:$O,'Future Requirements'!$D:$D,$B20,'Future Requirements'!$G:$G,L$11,'Future Requirements'!$B:$B,IF($C$3=\"\",\">=\"&$F$3,\">=\"&$C$3),'Future Requirements'!$B:$B,IF($C$4=\"\",\"<=\"&$F$4,\"<=\"&$C$4),'Future Requirements'!$J:$J,IF($C$5=\"Yes\",\"Yes\",IF($C$5=\"No\",\"No\",\"<>Luke\")),'Future Requirements'!$AC:$AC,IF($C$6=\"Agreed\",\"Agreed\",IF($C$6=\"C/Fwd\",\"C/Fwd\",\"<>Luke\")),'Future Requirements'!$AA:$AA,$I$6),0)+\nIF($J$7=\"Include\",SUMIFS('Future Requirements'!$O:$O,'Future Requirements'!$D:$D,$B20,'Future Requirements'!$G:$G,L$11,'Future Requirements'!$B:$B,IF($C$3=\"\",\">=\"&$F$3,\">=\"&$C$3),'Future Requirements'!$B:$B,IF($C$4=\"\",\"<=\"&$F$4,\"<=\"&$C$4),'Future Requirements'!$J:$J,IF($C$5=\"Yes\",\"Yes\",IF($C$5=\"No\",\"No\",\"<>Luke\")),'Future Requirements'!$AC:$AC,IF($C$6=\"Agreed\",\"Agreed\",IF($C$6=\"C/Fwd\",\"C/Fwd\",\"<>Luke\")),'Future Requirements'!$AA:$AA,$I$7),0)","v":0},{"$f":"IF($J$3=\"Include\",SUMIFS('Future Requirements'!$O:$O,'Future Requirements'!$D:$D,$B20,'Future Requirements'!$G:$G,M$11,'Future Requirements'!$B:$B,IF($C$3=\"\",\">=\"&$F$3,\">=\"&$C$3),'Future Requirements'!$B:$B,IF($C$4=\"\",\"<=\"&$F$4,\"<=\"&$C$4),'Future Requirements'!$J:$J,IF($C$5=\"Yes\",\"Yes\",IF($C$5=\"No\",\"No\",\"<>Luke\")),'Future Requirements'!$AC:$AC,IF($C$6=\"Agreed\",\"Agreed\",IF($C$6=\"C/Fwd\",\"C/Fwd\",\"<>Luke\")),'Future Requirements'!$AA:$AA,$I$3),0)+\nIF($J$4=\"Include\",SUMIFS('Future Requirements'!$O:$O,'Future Requirements'!$D:$D,$B20,'Future Requirements'!$G:$G,M$11,'Future Requirements'!$B:$B,IF($C$3=\"\",\">=\"&$F$3,\">=\"&$C$3),'Future Requirements'!$B:$B,IF($C$4=\"\",\"<=\"&$F$4,\"<=\"&$C$4),'Future Requirements'!$J:$J,IF($C$5=\"Yes\",\"Yes\",IF($C$5=\"No\",\"No\",\"<>Luke\")),'Future Requirements'!$AC:$AC,IF($C$6=\"Agreed\",\"Agreed\",IF($C$6=\"C/Fwd\",\"C/Fwd\",\"<>Luke\")),'Future Requirements'!$AA:$AA,$I$4),0)+\nIF($J$5=\"Include\",SUMIFS('Future Requirements'!$O:$O,'Future Requirements'!$D:$D,$B20,'Future Requirements'!$G:$G,M$11,'Future Requirements'!$B:$B,IF($C$3=\"\",\">=\"&$F$3,\">=\"&$C$3),'Future Requirements'!$B:$B,IF($C$4=\"\",\"<=\"&$F$4,\"<=\"&$C$4),'Future Requirements'!$J:$J,IF($C$5=\"Yes\",\"Yes\",IF($C$5=\"No\",\"No\",\"<>Luke\")),'Future Requirements'!$AC:$AC,IF($C$6=\"Agreed\",\"Agreed\",IF($C$6=\"C/Fwd\",\"C/Fwd\",\"<>Luke\")),'Future Requirements'!$AA:$AA,$I$5),0)+\nIF($J$6=\"Include\",SUMIFS('Future Requirements'!$O:$O,'Future Requirements'!$D:$D,$B20,'Future Requirements'!$G:$G,M$11,'Future Requirements'!$B:$B,IF($C$3=\"\",\">=\"&$F$3,\">=\"&$C$3),'Future Requirements'!$B:$B,IF($C$4=\"\",\"<=\"&$F$4,\"<=\"&$C$4),'Future Requirements'!$J:$J,IF($C$5=\"Yes\",\"Yes\",IF($C$5=\"No\",\"No\",\"<>Luke\")),'Future Requirements'!$AC:$AC,IF($C$6=\"Agreed\",\"Agreed\",IF($C$6=\"C/Fwd\",\"C/Fwd\",\"<>Luke\")),'Future Requirements'!$AA:$AA,$I$6),0)+\nIF($J$7=\"Include\",SUMIFS('Future Requirements'!$O:$O,'Future Requirements'!$D:$D,$B20,'Future Requirements'!$G:$G,M$11,'Future Requirements'!$B:$B,IF($C$3=\"\",\">=\"&$F$3,\">=\"&$C$3),'Future Requirements'!$B:$B,IF($C$4=\"\",\"<=\"&$F$4,\"<=\"&$C$4),'Future Requirements'!$J:$J,IF($C$5=\"Yes\",\"Yes\",IF($C$5=\"No\",\"No\",\"<>Luke\")),'Future Requirements'!$AC:$AC,IF($C$6=\"Agreed\",\"Agreed\",IF($C$6=\"C/Fwd\",\"C/Fwd\",\"<>Luke\")),'Future Requirements'!$AA:$AA,$I$7),0)","v":0},{"$f":"IF($J$3=\"Include\",SUMIFS('Future Requirements'!$O:$O,'Future Requirements'!$D:$D,$B20,'Future Requirements'!$G:$G,N$11,'Future Requirements'!$B:$B,IF($C$3=\"\",\">=\"&$F$3,\">=\"&$C$3),'Future Requirements'!$B:$B,IF($C$4=\"\",\"<=\"&$F$4,\"<=\"&$C$4),'Future Requirements'!$J:$J,IF($C$5=\"Yes\",\"Yes\",IF($C$5=\"No\",\"No\",\"<>Luke\")),'Future Requirements'!$AC:$AC,IF($C$6=\"Agreed\",\"Agreed\",IF($C$6=\"C/Fwd\",\"C/Fwd\",\"<>Luke\")),'Future Requirements'!$AA:$AA,$I$3),0)+\nIF($J$4=\"Include\",SUMIFS('Future Requirements'!$O:$O,'Future Requirements'!$D:$D,$B20,'Future Requirements'!$G:$G,N$11,'Future Requirements'!$B:$B,IF($C$3=\"\",\">=\"&$F$3,\">=\"&$C$3),'Future Requirements'!$B:$B,IF($C$4=\"\",\"<=\"&$F$4,\"<=\"&$C$4),'Future Requirements'!$J:$J,IF($C$5=\"Yes\",\"Yes\",IF($C$5=\"No\",\"No\",\"<>Luke\")),'Future Requirements'!$AC:$AC,IF($C$6=\"Agreed\",\"Agreed\",IF($C$6=\"C/Fwd\",\"C/Fwd\",\"<>Luke\")),'Future Requirements'!$AA:$AA,$I$4),0)+\nIF($J$5=\"Include\",SUMIFS('Future Requirements'!$O:$O,'Future Requirements'!$D:$D,$B20,'Future Requirements'!$G:$G,N$11,'Future Requirements'!$B:$B,IF($C$3=\"\",\">=\"&$F$3,\">=\"&$C$3),'Future Requirements'!$B:$B,IF($C$4=\"\",\"<=\"&$F$4,\"<=\"&$C$4),'Future Requirements'!$J:$J,IF($C$5=\"Yes\",\"Yes\",IF($C$5=\"No\",\"No\",\"<>Luke\")),'Future Requirements'!$AC:$AC,IF($C$6=\"Agreed\",\"Agreed\",IF($C$6=\"C/Fwd\",\"C/Fwd\",\"<>Luke\")),'Future Requirements'!$AA:$AA,$I$5),0)+\nIF($J$6=\"Include\",SUMIFS('Future Requirements'!$O:$O,'Future Requirements'!$D:$D,$B20,'Future Requirements'!$G:$G,N$11,'Future Requirements'!$B:$B,IF($C$3=\"\",\">=\"&$F$3,\">=\"&$C$3),'Future Requirements'!$B:$B,IF($C$4=\"\",\"<=\"&$F$4,\"<=\"&$C$4),'Future Requirements'!$J:$J,IF($C$5=\"Yes\",\"Yes\",IF($C$5=\"No\",\"No\",\"<>Luke\")),'Future Requirements'!$AC:$AC,IF($C$6=\"Agreed\",\"Agreed\",IF($C$6=\"C/Fwd\",\"C/Fwd\",\"<>Luke\")),'Future Requirements'!$AA:$AA,$I$6),0)+\nIF($J$7=\"Include\",SUMIFS('Future Requirements'!$O:$O,'Future Requirements'!$D:$D,$B20,'Future Requirements'!$G:$G,N$11,'Future Requirements'!$B:$B,IF($C$3=\"\",\">=\"&$F$3,\">=\"&$C$3),'Future Requirements'!$B:$B,IF($C$4=\"\",\"<=\"&$F$4,\"<=\"&$C$4),'Future Requirements'!$J:$J,IF($C$5=\"Yes\",\"Yes\",IF($C$5=\"No\",\"No\",\"<>Luke\")),'Future Requirements'!$AC:$AC,IF($C$6=\"Agreed\",\"Agreed\",IF($C$6=\"C/Fwd\",\"C/Fwd\",\"<>Luke\")),'Future Requirements'!$AA:$AA,$I$7),0)","v":0},{"$f":"IF($J$3=\"Include\",SUMIFS('Future Requirements'!$O:$O,'Future Requirements'!$D:$D,$B20,'Future Requirements'!$G:$G,O$11,'Future Requirements'!$B:$B,IF($C$3=\"\",\">=\"&$F$3,\">=\"&$C$3),'Future Requirements'!$B:$B,IF($C$4=\"\",\"<=\"&$F$4,\"<=\"&$C$4),'Future Requirements'!$J:$J,IF($C$5=\"Yes\",\"Yes\",IF($C$5=\"No\",\"No\",\"<>Luke\")),'Future Requirements'!$AC:$AC,IF($C$6=\"Agreed\",\"Agreed\",IF($C$6=\"C/Fwd\",\"C/Fwd\",\"<>Luke\")),'Future Requirements'!$AA:$AA,$I$3),0)+\nIF($J$4=\"Include\",SUMIFS('Future Requirements'!$O:$O,'Future Requirements'!$D:$D,$B20,'Future Requirements'!$G:$G,O$11,'Future Requirements'!$B:$B,IF($C$3=\"\",\">=\"&$F$3,\">=\"&$C$3),'Future Requirements'!$B:$B,IF($C$4=\"\",\"<=\"&$F$4,\"<=\"&$C$4),'Future Requirements'!$J:$J,IF($C$5=\"Yes\",\"Yes\",IF($C$5=\"No\",\"No\",\"<>Luke\")),'Future Requirements'!$AC:$AC,IF($C$6=\"Agreed\",\"Agreed\",IF($C$6=\"C/Fwd\",\"C/Fwd\",\"<>Luke\")),'Future Requirements'!$AA:$AA,$I$4),0)+\nIF($J$5=\"Include\",SUMIFS('Future Requirements'!$O:$O,'Future Requirements'!$D:$D,$B20,'Future Requirements'!$G:$G,O$11,'Future Requirements'!$B:$B,IF($C$3=\"\",\">=\"&$F$3,\">=\"&$C$3),'Future Requirements'!$B:$B,IF($C$4=\"\",\"<=\"&$F$4,\"<=\"&$C$4),'Future Requirements'!$J:$J,IF($C$5=\"Yes\",\"Yes\",IF($C$5=\"No\",\"No\",\"<>Luke\")),'Future Requirements'!$AC:$AC,IF($C$6=\"Agreed\",\"Agreed\",IF($C$6=\"C/Fwd\",\"C/Fwd\",\"<>Luke\")),'Future Requirements'!$AA:$AA,$I$5),0)+\nIF($J$6=\"Include\",SUMIFS('Future Requirements'!$O:$O,'Future Requirements'!$D:$D,$B20,'Future Requirements'!$G:$G,O$11,'Future Requirements'!$B:$B,IF($C$3=\"\",\">=\"&$F$3,\">=\"&$C$3),'Future Requirements'!$B:$B,IF($C$4=\"\",\"<=\"&$F$4,\"<=\"&$C$4),'Future Requirements'!$J:$J,IF($C$5=\"Yes\",\"Yes\",IF($C$5=\"No\",\"No\",\"<>Luke\")),'Future Requirements'!$AC:$AC,IF($C$6=\"Agreed\",\"Agreed\",IF($C$6=\"C/Fwd\",\"C/Fwd\",\"<>Luke\")),'Future Requirements'!$AA:$AA,$I$6),0)+\nIF($J$7=\"Include\",SUMIFS('Future Requirements'!$O:$O,'Future Requirements'!$D:$D,$B20,'Future Requirements'!$G:$G,O$11,'Future Requirements'!$B:$B,IF($C$3=\"\",\">=\"&$F$3,\">=\"&$C$3),'Future Requirements'!$B:$B,IF($C$4=\"\",\"<=\"&$F$4,\"<=\"&$C$4),'Future Requirements'!$J:$J,IF($C$5=\"Yes\",\"Yes\",IF($C$5=\"No\",\"No\",\"<>Luke\")),'Future Requirements'!$AC:$AC,IF($C$6=\"Agreed\",\"Agreed\",IF($C$6=\"C/Fwd\",\"C/Fwd\",\"<>Luke\")),'Future Requirements'!$AA:$AA,$I$7),0)","v":0},{"$f":"IF($J$3=\"Include\",SUMIFS('Future Requirements'!$O:$O,'Future Requirements'!$D:$D,$B20,'Future Requirements'!$G:$G,P$11,'Future Requirements'!$B:$B,IF($C$3=\"\",\">=\"&$F$3,\">=\"&$C$3),'Future Requirements'!$B:$B,IF($C$4=\"\",\"<=\"&$F$4,\"<=\"&$C$4),'Future Requirements'!$J:$J,IF($C$5=\"Yes\",\"Yes\",IF($C$5=\"No\",\"No\",\"<>Luke\")),'Future Requirements'!$AC:$AC,IF($C$6=\"Agreed\",\"Agreed\",IF($C$6=\"C/Fwd\",\"C/Fwd\",\"<>Luke\")),'Future Requirements'!$AA:$AA,$I$3),0)+\nIF($J$4=\"Include\",SUMIFS('Future Requirements'!$O:$O,'Future Requirements'!$D:$D,$B20,'Future Requirements'!$G:$G,P$11,'Future Requirements'!$B:$B,IF($C$3=\"\",\">=\"&$F$3,\">=\"&$C$3),'Future Requirements'!$B:$B,IF($C$4=\"\",\"<=\"&$F$4,\"<=\"&$C$4),'Future Requirements'!$J:$J,IF($C$5=\"Yes\",\"Yes\",IF($C$5=\"No\",\"No\",\"<>Luke\")),'Future Requirements'!$AC:$AC,IF($C$6=\"Agreed\",\"Agreed\",IF($C$6=\"C/Fwd\",\"C/Fwd\",\"<>Luke\")),'Future Requirements'!$AA:$AA,$I$4),0)+\nIF($J$5=\"Include\",SUMIFS('Future Requirements'!$O:$O,'Future Requirements'!$D:$D,$B20,'Future Requirements'!$G:$G,P$11,'Future Requirements'!$B:$B,IF($C$3=\"\",\">=\"&$F$3,\">=\"&$C$3),'Future Requirements'!$B:$B,IF($C$4=\"\",\"<=\"&$F$4,\"<=\"&$C$4),'Future Requirements'!$J:$J,IF($C$5=\"Yes\",\"Yes\",IF($C$5=\"No\",\"No\",\"<>Luke\")),'Future Requirements'!$AC:$AC,IF($C$6=\"Agreed\",\"Agreed\",IF($C$6=\"C/Fwd\",\"C/Fwd\",\"<>Luke\")),'Future Requirements'!$AA:$AA,$I$5),0)+\nIF($J$6=\"Include\",SUMIFS('Future Requirements'!$O:$O,'Future Requirements'!$D:$D,$B20,'Future Requirements'!$G:$G,P$11,'Future Requirements'!$B:$B,IF($C$3=\"\",\">=\"&$F$3,\">=\"&$C$3),'Future Requirements'!$B:$B,IF($C$4=\"\",\"<=\"&$F$4,\"<=\"&$C$4),'Future Requirements'!$J:$J,IF($C$5=\"Yes\",\"Yes\",IF($C$5=\"No\",\"No\",\"<>Luke\")),'Future Requirements'!$AC:$AC,IF($C$6=\"Agreed\",\"Agreed\",IF($C$6=\"C/Fwd\",\"C/Fwd\",\"<>Luke\")),'Future Requirements'!$AA:$AA,$I$6),0)+\nIF($J$7=\"Include\",SUMIFS('Future Requirements'!$O:$O,'Future Requirements'!$D:$D,$B20,'Future Requirements'!$G:$G,P$11,'Future Requirements'!$B:$B,IF($C$3=\"\",\">=\"&$F$3,\">=\"&$C$3),'Future Requirements'!$B:$B,IF($C$4=\"\",\"<=\"&$F$4,\"<=\"&$C$4),'Future Requirements'!$J:$J,IF($C$5=\"Yes\",\"Yes\",IF($C$5=\"No\",\"No\",\"<>Luke\")),'Future Requirements'!$AC:$AC,IF($C$6=\"Agreed\",\"Agreed\",IF($C$6=\"C/Fwd\",\"C/Fwd\",\"<>Luke\")),'Future Requirements'!$AA:$AA,$I$7),0)","v":0},{"$f":"IF($J$3=\"Include\",SUMIFS('Future Requirements'!$O:$O,'Future Requirements'!$D:$D,$B20,'Future Requirements'!$G:$G,Q$11,'Future Requirements'!$B:$B,IF($C$3=\"\",\">=\"&$F$3,\">=\"&$C$3),'Future Requirements'!$B:$B,IF($C$4=\"\",\"<=\"&$F$4,\"<=\"&$C$4),'Future Requirements'!$J:$J,IF($C$5=\"Yes\",\"Yes\",IF($C$5=\"No\",\"No\",\"<>Luke\")),'Future Requirements'!$AC:$AC,IF($C$6=\"Agreed\",\"Agreed\",IF($C$6=\"C/Fwd\",\"C/Fwd\",\"<>Luke\")),'Future Requirements'!$AA:$AA,$I$3),0)+\nIF($J$4=\"Include\",SUMIFS('Future Requirements'!$O:$O,'Future Requirements'!$D:$D,$B20,'Future Requirements'!$G:$G,Q$11,'Future Requirements'!$B:$B,IF($C$3=\"\",\">=\"&$F$3,\">=\"&$C$3),'Future Requirements'!$B:$B,IF($C$4=\"\",\"<=\"&$F$4,\"<=\"&$C$4),'Future Requirements'!$J:$J,IF($C$5=\"Yes\",\"Yes\",IF($C$5=\"No\",\"No\",\"<>Luke\")),'Future Requirements'!$AC:$AC,IF($C$6=\"Agreed\",\"Agreed\",IF($C$6=\"C/Fwd\",\"C/Fwd\",\"<>Luke\")),'Future Requirements'!$AA:$AA,$I$4),0)+\nIF($J$5=\"Include\",SUMIFS('Future Requirements'!$O:$O,'Future Requirements'!$D:$D,$B20,'Future Requirements'!$G:$G,Q$11,'Future Requirements'!$B:$B,IF($C$3=\"\",\">=\"&$F$3,\">=\"&$C$3),'Future Requirements'!$B:$B,IF($C$4=\"\",\"<=\"&$F$4,\"<=\"&$C$4),'Future Requirements'!$J:$J,IF($C$5=\"Yes\",\"Yes\",IF($C$5=\"No\",\"No\",\"<>Luke\")),'Future Requirements'!$AC:$AC,IF($C$6=\"Agreed\",\"Agreed\",IF($C$6=\"C/Fwd\",\"C/Fwd\",\"<>Luke\")),'Future Requirements'!$AA:$AA,$I$5),0)+\nIF($J$6=\"Include\",SUMIFS('Future Requirements'!$O:$O,'Future Requirements'!$D:$D,$B20,'Future Requirements'!$G:$G,Q$11,'Future Requirements'!$B:$B,IF($C$3=\"\",\">=\"&$F$3,\">=\"&$C$3),'Future Requirements'!$B:$B,IF($C$4=\"\",\"<=\"&$F$4,\"<=\"&$C$4),'Future Requirements'!$J:$J,IF($C$5=\"Yes\",\"Yes\",IF($C$5=\"No\",\"No\",\"<>Luke\")),'Future Requirements'!$AC:$AC,IF($C$6=\"Agreed\",\"Agreed\",IF($C$6=\"C/Fwd\",\"C/Fwd\",\"<>Luke\")),'Future Requirements'!$AA:$AA,$I$6),0)+\nIF($J$7=\"Include\",SUMIFS('Future Requirements'!$O:$O,'Future Requirements'!$D:$D,$B20,'Future Requirements'!$G:$G,Q$11,'Future Requirements'!$B:$B,IF($C$3=\"\",\">=\"&$F$3,\">=\"&$C$3),'Future Requirements'!$B:$B,IF($C$4=\"\",\"<=\"&$F$4,\"<=\"&$C$4),'Future Requirements'!$J:$J,IF($C$5=\"Yes\",\"Yes\",IF($C$5=\"No\",\"No\",\"<>Luke\")),'Future Requirements'!$AC:$AC,IF($C$6=\"Agreed\",\"Agreed\",IF($C$6=\"C/Fwd\",\"C/Fwd\",\"<>Luke\")),'Future Requirements'!$AA:$AA,$I$7),0)","v":0},{"$f":"IF($J$3=\"Include\",SUMIFS('Future Requirements'!$O:$O,'Future Requirements'!$D:$D,$B20,'Future Requirements'!$G:$G,R$11,'Future Requirements'!$B:$B,IF($C$3=\"\",\">=\"&$F$3,\">=\"&$C$3),'Future Requirements'!$B:$B,IF($C$4=\"\",\"<=\"&$F$4,\"<=\"&$C$4),'Future Requirements'!$J:$J,IF($C$5=\"Yes\",\"Yes\",IF($C$5=\"No\",\"No\",\"<>Luke\")),'Future Requirements'!$AC:$AC,IF($C$6=\"Agreed\",\"Agreed\",IF($C$6=\"C/Fwd\",\"C/Fwd\",\"<>Luke\")),'Future Requirements'!$AA:$AA,$I$3),0)+\nIF($J$4=\"Include\",SUMIFS('Future Requirements'!$O:$O,'Future Requirements'!$D:$D,$B20,'Future Requirements'!$G:$G,R$11,'Future Requirements'!$B:$B,IF($C$3=\"\",\">=\"&$F$3,\">=\"&$C$3),'Future Requirements'!$B:$B,IF($C$4=\"\",\"<=\"&$F$4,\"<=\"&$C$4),'Future Requirements'!$J:$J,IF($C$5=\"Yes\",\"Yes\",IF($C$5=\"No\",\"No\",\"<>Luke\")),'Future Requirements'!$AC:$AC,IF($C$6=\"Agreed\",\"Agreed\",IF($C$6=\"C/Fwd\",\"C/Fwd\",\"<>Luke\")),'Future Requirements'!$AA:$AA,$I$4),0)+\nIF($J$5=\"Include\",SUMIFS('Future Requirements'!$O:$O,'Future Requirements'!$D:$D,$B20,'Future Requirements'!$G:$G,R$11,'Future Requirements'!$B:$B,IF($C$3=\"\",\">=\"&$F$3,\">=\"&$C$3),'Future Requirements'!$B:$B,IF($C$4=\"\",\"<=\"&$F$4,\"<=\"&$C$4),'Future Requirements'!$J:$J,IF($C$5=\"Yes\",\"Yes\",IF($C$5=\"No\",\"No\",\"<>Luke\")),'Future Requirements'!$AC:$AC,IF($C$6=\"Agreed\",\"Agreed\",IF($C$6=\"C/Fwd\",\"C/Fwd\",\"<>Luke\")),'Future Requirements'!$AA:$AA,$I$5),0)+\nIF($J$6=\"Include\",SUMIFS('Future Requirements'!$O:$O,'Future Requirements'!$D:$D,$B20,'Future Requirements'!$G:$G,R$11,'Future Requirements'!$B:$B,IF($C$3=\"\",\">=\"&$F$3,\">=\"&$C$3),'Future Requirements'!$B:$B,IF($C$4=\"\",\"<=\"&$F$4,\"<=\"&$C$4),'Future Requirements'!$J:$J,IF($C$5=\"Yes\",\"Yes\",IF($C$5=\"No\",\"No\",\"<>Luke\")),'Future Requirements'!$AC:$AC,IF($C$6=\"Agreed\",\"Agreed\",IF($C$6=\"C/Fwd\",\"C/Fwd\",\"<>Luke\")),'Future Requirements'!$AA:$AA,$I$6),0)+\nIF($J$7=\"Include\",SUMIFS('Future Requirements'!$O:$O,'Future Requirements'!$D:$D,$B20,'Future Requirements'!$G:$G,R$11,'Future Requirements'!$B:$B,IF($C$3=\"\",\">=\"&$F$3,\">=\"&$C$3),'Future Requirements'!$B:$B,IF($C$4=\"\",\"<=\"&$F$4,\"<=\"&$C$4),'Future Requirements'!$J:$J,IF($C$5=\"Yes\",\"Yes\",IF($C$5=\"No\",\"No\",\"<>Luke\")),'Future Requirements'!$AC:$AC,IF($C$6=\"Agreed\",\"Agreed\",IF($C$6=\"C/Fwd\",\"C/Fwd\",\"<>Luke\")),'Future Requirements'!$AA:$AA,$I$7),0)","v":0},{"$f":"IF($J$3=\"Include\",SUMIFS('Future Requirements'!$O:$O,'Future Requirements'!$D:$D,$B20,'Future Requirements'!$G:$G,S$11,'Future Requirements'!$B:$B,IF($C$3=\"\",\">=\"&$F$3,\">=\"&$C$3),'Future Requirements'!$B:$B,IF($C$4=\"\",\"<=\"&$F$4,\"<=\"&$C$4),'Future Requirements'!$J:$J,IF($C$5=\"Yes\",\"Yes\",IF($C$5=\"No\",\"No\",\"<>Luke\")),'Future Requirements'!$AC:$AC,IF($C$6=\"Agreed\",\"Agreed\",IF($C$6=\"C/Fwd\",\"C/Fwd\",\"<>Luke\")),'Future Requirements'!$AA:$AA,$I$3),0)+\nIF($J$4=\"Include\",SUMIFS('Future Requirements'!$O:$O,'Future Requirements'!$D:$D,$B20,'Future Requirements'!$G:$G,S$11,'Future Requirements'!$B:$B,IF($C$3=\"\",\">=\"&$F$3,\">=\"&$C$3),'Future Requirements'!$B:$B,IF($C$4=\"\",\"<=\"&$F$4,\"<=\"&$C$4),'Future Requirements'!$J:$J,IF($C$5=\"Yes\",\"Yes\",IF($C$5=\"No\",\"No\",\"<>Luke\")),'Future Requirements'!$AC:$AC,IF($C$6=\"Agreed\",\"Agreed\",IF($C$6=\"C/Fwd\",\"C/Fwd\",\"<>Luke\")),'Future Requirements'!$AA:$AA,$I$4),0)+\nIF($J$5=\"Include\",SUMIFS('Future Requirements'!$O:$O,'Future Requirements'!$D:$D,$B20,'Future Requirements'!$G:$G,S$11,'Future Requirements'!$B:$B,IF($C$3=\"\",\">=\"&$F$3,\">=\"&$C$3),'Future Requirements'!$B:$B,IF($C$4=\"\",\"<=\"&$F$4,\"<=\"&$C$4),'Future Requirements'!$J:$J,IF($C$5=\"Yes\",\"Yes\",IF($C$5=\"No\",\"No\",\"<>Luke\")),'Future Requirements'!$AC:$AC,IF($C$6=\"Agreed\",\"Agreed\",IF($C$6=\"C/Fwd\",\"C/Fwd\",\"<>Luke\")),'Future Requirements'!$AA:$AA,$I$5),0)+\nIF($J$6=\"Include\",SUMIFS('Future Requirements'!$O:$O,'Future Requirements'!$D:$D,$B20,'Future Requirements'!$G:$G,S$11,'Future Requirements'!$B:$B,IF($C$3=\"\",\">=\"&$F$3,\">=\"&$C$3),'Future Requirements'!$B:$B,IF($C$4=\"\",\"<=\"&$F$4,\"<=\"&$C$4),'Future Requirements'!$J:$J,IF($C$5=\"Yes\",\"Yes\",IF($C$5=\"No\",\"No\",\"<>Luke\")),'Future Requirements'!$AC:$AC,IF($C$6=\"Agreed\",\"Agreed\",IF($C$6=\"C/Fwd\",\"C/Fwd\",\"<>Luke\")),'Future Requirements'!$AA:$AA,$I$6),0)+\nIF($J$7=\"Include\",SUMIFS('Future Requirements'!$O:$O,'Future Requirements'!$D:$D,$B20,'Future Requirements'!$G:$G,S$11,'Future Requirements'!$B:$B,IF($C$3=\"\",\">=\"&$F$3,\">=\"&$C$3),'Future Requirements'!$B:$B,IF($C$4=\"\",\"<=\"&$F$4,\"<=\"&$C$4),'Future Requirements'!$J:$J,IF($C$5=\"Yes\",\"Yes\",IF($C$5=\"No\",\"No\",\"<>Luke\")),'Future Requirements'!$AC:$AC,IF($C$6=\"Agreed\",\"Agreed\",IF($C$6=\"C/Fwd\",\"C/Fwd\",\"<>Luke\")),'Future Requirements'!$AA:$AA,$I$7),0)","v":0},0]
[null,"Traffic Signals",{"$f":"IF($J$3=\"Include\",SUMIFS('Future Requirements'!$O:$O,'Future Requirements'!$D:$D,$B21,'Future Requirements'!$G:$G,C$11,'Future Requirements'!$B:$B,IF($C$3=\"\",\">=\"&$F$3,\">=\"&$C$3),'Future Requirements'!$B:$B,IF($C$4=\"\",\"<=\"&$F$4,\"<=\"&$C$4),'Future Requirements'!$J:$J,IF($C$5=\"Yes\",\"Yes\",IF($C$5=\"No\",\"No\",\"<>Luke\")),'Future Requirements'!$AC:$AC,IF($C$6=\"Agreed\",\"Agreed\",IF($C$6=\"C/Fwd\",\"C/Fwd\",\"<>Luke\")),'Future Requirements'!$AA:$AA,$I$3),0)+\nIF($J$4=\"Include\",SUMIFS('Future Requirements'!$O:$O,'Future Requirements'!$D:$D,$B21,'Future Requirements'!$G:$G,C$11,'Future Requirements'!$B:$B,IF($C$3=\"\",\">=\"&$F$3,\">=\"&$C$3),'Future Requirements'!$B:$B,IF($C$4=\"\",\"<=\"&$F$4,\"<=\"&$C$4),'Future Requirements'!$J:$J,IF($C$5=\"Yes\",\"Yes\",IF($C$5=\"No\",\"No\",\"<>Luke\")),'Future Requirements'!$AC:$AC,IF($C$6=\"Agreed\",\"Agreed\",IF($C$6=\"C/Fwd\",\"C/Fwd\",\"<>Luke\")),'Future Requirements'!$AA:$AA,$I$4),0)+\nIF($J$5=\"Include\",SUMIFS('Future Requirements'!$O:$O,'Future Requirements'!$D:$D,$B21,'Future Requirements'!$G:$G,C$11,'Future Requirements'!$B:$B,IF($C$3=\"\",\">=\"&$F$3,\">=\"&$C$3),'Future Requirements'!$B:$B,IF($C$4=\"\",\"<=\"&$F$4,\"<=\"&$C$4),'Future Requirements'!$J:$J,IF($C$5=\"Yes\",\"Yes\",IF($C$5=\"No\",\"No\",\"<>Luke\")),'Future Requirements'!$AC:$AC,IF($C$6=\"Agreed\",\"Agreed\",IF($C$6=\"C/Fwd\",\"C/Fwd\",\"<>Luke\")),'Future Requirements'!$AA:$AA,$I$5),0)+\nIF($J$6=\"Include\",SUMIFS('Future Requirements'!$O:$O,'Future Requirements'!$D:$D,$B21,'Future Requirements'!$G:$G,C$11,'Future Requirements'!$B:$B,IF($C$3=\"\",\">=\"&$F$3,\">=\"&$C$3),'Future Requirements'!$B:$B,IF($C$4=\"\",\"<=\"&$F$4,\"<=\"&$C$4),'Future Requirements'!$J:$J,IF($C$5=\"Yes\",\"Yes\",IF($C$5=\"No\",\"No\",\"<>Luke\")),'Future Requirements'!$AC:$AC,IF($C$6=\"Agreed\",\"Agreed\",IF($C$6=\"C/Fwd\",\"C/Fwd\",\"<>Luke\")),'Future Requirements'!$AA:$AA,$I$6),0)+\nIF($J$7=\"Include\",SUMIFS('Future Requirements'!$O:$O,'Future Requirements'!$D:$D,$B21,'Future Requirements'!$G:$G,C$11,'Future Requirements'!$B:$B,IF($C$3=\"\",\">=\"&$F$3,\">=\"&$C$3),'Future Requirements'!$B:$B,IF($C$4=\"\",\"<=\"&$F$4,\"<=\"&$C$4),'Future Requirements'!$J:$J,IF($C$5=\"Yes\",\"Yes\",IF($C$5=\"No\",\"No\",\"<>Luke\")),'Future Requirements'!$AC:$AC,IF($C$6=\"Agreed\",\"Agreed\",IF($C$6=\"C/Fwd\",\"C/Fwd\",\"<>Luke\")),'Future Requirements'!$AA:$AA,$I$7),0)","v":0},{"$f":"IF($J$3=\"Include\",SUMIFS('Future Requirements'!$O:$O,'Future Requirements'!$D:$D,$B21,'Future Requirements'!$G:$G,D$11,'Future Requirements'!$B:$B,IF($C$3=\"\",\">=\"&$F$3,\">=\"&$C$3),'Future Requirements'!$B:$B,IF($C$4=\"\",\"<=\"&$F$4,\"<=\"&$C$4),'Future Requirements'!$J:$J,IF($C$5=\"Yes\",\"Yes\",IF($C$5=\"No\",\"No\",\"<>Luke\")),'Future Requirements'!$AC:$AC,IF($C$6=\"Agreed\",\"Agreed\",IF($C$6=\"C/Fwd\",\"C/Fwd\",\"<>Luke\")),'Future Requirements'!$AA:$AA,$I$3),0)+\nIF($J$4=\"Include\",SUMIFS('Future Requirements'!$O:$O,'Future Requirements'!$D:$D,$B21,'Future Requirements'!$G:$G,D$11,'Future Requirements'!$B:$B,IF($C$3=\"\",\">=\"&$F$3,\">=\"&$C$3),'Future Requirements'!$B:$B,IF($C$4=\"\",\"<=\"&$F$4,\"<=\"&$C$4),'Future Requirements'!$J:$J,IF($C$5=\"Yes\",\"Yes\",IF($C$5=\"No\",\"No\",\"<>Luke\")),'Future Requirements'!$AC:$AC,IF($C$6=\"Agreed\",\"Agreed\",IF($C$6=\"C/Fwd\",\"C/Fwd\",\"<>Luke\")),'Future Requirements'!$AA:$AA,$I$4),0)+\nIF($J$5=\"Include\",SUMIFS('Future Requirements'!$O:$O,'Future Requirements'!$D:$D,$B21,'Future Requirements'!$G:$G,D$11,'Future Requirements'!$B:$B,IF($C$3=\"\",\">=\"&$F$3,\">=\"&$C$3),'Future Requirements'!$B:$B,IF($C$4=\"\",\"<=\"&$F$4,\"<=\"&$C$4),'Future Requirements'!$J:$J,IF($C$5=\"Yes\",\"Yes\",IF($C$5=\"No\",\"No\",\"<>Luke\")),'Future Requirements'!$AC:$AC,IF($C$6=\"Agreed\",\"Agreed\",IF($C$6=\"C/Fwd\",\"C/Fwd\",\"<>Luke\")),'Future Requirements'!$AA:$AA,$I$5),0)+\nIF($J$6=\"Include\",SUMIFS('Future Requirements'!$O:$O,'Future Requirements'!$D:$D,$B21,'Future Requirements'!$G:$G,D$11,'Future Requirements'!$B:$B,IF($C$3=\"\",\">=\"&$F$3,\">=\"&$C$3),'Future Requirements'!$B:$B,IF($C$4=\"\",\"<=\"&$F$4,\"<=\"&$C$4),'Future Requirements'!$J:$J,IF($C$5=\"Yes\",\"Yes\",IF($C$5=\"No\",\"No\",\"<>Luke\")),'Future Requirements'!$AC:$AC,IF($C$6=\"Agreed\",\"Agreed\",IF($C$6=\"C/Fwd\",\"C/Fwd\",\"<>Luke\")),'Future Requirements'!$AA:$AA,$I$6),0)+\nIF($J$7=\"Include\",SUMIFS('Future Requirements'!$O:$O,'Future Requirements'!$D:$D,$B21,'Future Requirements'!$G:$G,D$11,'Future Requirements'!$B:$B,IF($C$3=\"\",\">=\"&$F$3,\">=\"&$C$3),'Future Requirements'!$B:$B,IF($C$4=\"\",\"<=\"&$F$4,\"<=\"&$C$4),'Future Requirements'!$J:$J,IF($C$5=\"Yes\",\"Yes\",IF($C$5=\"No\",\"No\",\"<>Luke\")),'Future Requirements'!$AC:$AC,IF($C$6=\"Agreed\",\"Agreed\",IF($C$6=\"C/Fwd\",\"C/Fwd\",\"<>Luke\")),'Future Requirements'!$AA:$AA,$I$7),0)","v":0},{"$f":"IF($J$3=\"Include\",SUMIFS('Future Requirements'!$O:$O,'Future Requirements'!$D:$D,$B21,'Future Requirements'!$G:$G,E$11,'Future Requirements'!$B:$B,IF($C$3=\"\",\">=\"&$F$3,\">=\"&$C$3),'Future Requirements'!$B:$B,IF($C$4=\"\",\"<=\"&$F$4,\"<=\"&$C$4),'Future Requirements'!$J:$J,IF($C$5=\"Yes\",\"Yes\",IF($C$5=\"No\",\"No\",\"<>Luke\")),'Future Requirements'!$AC:$AC,IF($C$6=\"Agreed\",\"Agreed\",IF($C$6=\"C/Fwd\",\"C/Fwd\",\"<>Luke\")),'Future Requirements'!$AA:$AA,$I$3),0)+\nIF($J$4=\"Include\",SUMIFS('Future Requirements'!$O:$O,'Future Requirements'!$D:$D,$B21,'Future Requirements'!$G:$G,E$11,'Future Requirements'!$B:$B,IF($C$3=\"\",\">=\"&$F$3,\">=\"&$C$3),'Future Requirements'!$B:$B,IF($C$4=\"\",\"<=\"&$F$4,\"<=\"&$C$4),'Future Requirements'!$J:$J,IF($C$5=\"Yes\",\"Yes\",IF($C$5=\"No\",\"No\",\"<>Luke\")),'Future Requirements'!$AC:$AC,IF($C$6=\"Agreed\",\"Agreed\",IF($C$6=\"C/Fwd\",\"C/Fwd\",\"<>Luke\")),'Future Requirements'!$AA:$AA,$I$4),0)+\nIF($J$5=\"Include\",SUMIFS('Future Requirements'!$O:$O,'Future Requirements'!$D:$D,$B21,'Future Requirements'!$G:$G,E$11,'Future Requirements'!$B:$B,IF($C$3=\"\",\">=\"&$F$3,\">=\"&$C$3),'Future Requirements'!$B:$B,IF($C$4=\"\",\"<=\"&$F$4,\"<=\"&$C$4),'Future Requirements'!$J:$J,IF($C$5=\"Yes\",\"Yes\",IF($C$5=\"No\",\"No\",\"<>Luke\")),'Future Requirements'!$AC:$AC,IF($C$6=\"Agreed\",\"Agreed\",IF($C$6=\"C/Fwd\",\"C/Fwd\",\"<>Luke\")),'Future Requirements'!$AA:$AA,$I$5),0)+\nIF($J$6=\"Include\",SUMIFS('Future Requirements'!$O:$O,'Future Requirements'!$D:$D,$B21,'Future Requirements'!$G:$G,E$11,'Future Requirements'!$B:$B,IF($C$3=\"\",\">=\"&$F$3,\">=\"&$C$3),'Future Requirements'!$B:$B,IF($C$4=\"\",\"<=\"&$F$4,\"<=\"&$C$4),'Future Requirements'!$J:$J,IF($C$5=\"Yes\",\"Yes\",IF($C$5=\"No\",\"No\",\"<>Luke\")),'Future Requirements'!$AC:$AC,IF($C$6=\"Agreed\",\"Agreed\",IF($C$6=\"C/Fwd\",\"C/Fwd\",\"<>Luke\")),'Future Requirements'!$AA:$AA,$I$6),0)+\nIF($J$7=\"Include\",SUMIFS('Future Requirements'!$O:$O,'Future Requirements'!$D:$D,$B21,'Future Requirements'!$G:$G,E$11,'Future Requirements'!$B:$B,IF($C$3=\"\",\">=\"&$F$3,\">=\"&$C$3),'Future Requirements'!$B:$B,IF($C$4=\"\",\"<=\"&$F$4,\"<=\"&$C$4),'Future Requirements'!$J:$J,IF($C$5=\"Yes\",\"Yes\",IF($C$5=\"No\",\"No\",\"<>Luke\")),'Future Requirements'!$AC:$AC,IF($C$6=\"Agreed\",\"Agreed\",IF($C$6=\"C/Fwd\",\"C/Fwd\",\"<>Luke\")),'Future Requirements'!$AA:$AA,$I$7),0)","v":0},{"$f":"IF($J$3=\"Include\",SUMIFS('Future Requirements'!$O:$O,'Future Requirements'!$D:$D,$B21,'Future Requirements'!$G:$G,F$11,'Future Requirements'!$B:$B,IF($C$3=\"\",\">=\"&$F$3,\">=\"&$C$3),'Future Requirements'!$B:$B,IF($C$4=\"\",\"<=\"&$F$4,\"<=\"&$C$4),'Future Requirements'!$J:$J,IF($C$5=\"Yes\",\"Yes\",IF($C$5=\"No\",\"No\",\"<>Luke\")),'Future Requirements'!$AC:$AC,IF($C$6=\"Agreed\",\"Agreed\",IF($C$6=\"C/Fwd\",\"C/Fwd\",\"<>Luke\")),'Future Requirements'!$AA:$AA,$I$3),0)+\nIF($J$4=\"Include\",SUMIFS('Future Requirements'!$O:$O,'Future Requirements'!$D:$D,$B21,'Future Requirements'!$G:$G,F$11,'Future Requirements'!$B:$B,IF($C$3=\"\",\">=\"&$F$3,\">=\"&$C$3),'Future Requirements'!$B:$B,IF($C$4=\"\",\"<=\"&$F$4,\"<=\"&$C$4),'Future Requirements'!$J:$J,IF($C$5=\"Yes\",\"Yes\",IF($C$5=\"No\",\"No\",\"<>Luke\")),'Future Requirements'!$AC:$AC,IF($C$6=\"Agreed\",\"Agreed\",IF($C$6=\"C/Fwd\",\"C/Fwd\",\"<>Luke\")),'Future Requirements'!$AA:$AA,$I$4),0)+\nIF($J$5=\"Include\",SUMIFS('Future Requirements'!$O:$O,'Future Requirements'!$D:$D,$B21,'Future Requirements'!$G:$G,F$11,'Future Requirements'!$B:$B,IF($C$3=\"\",\">=\"&$F$3,\">=\"&$C$3),'Future Requirements'!$B:$B,IF($C$4=\"\",\"<=\"&$F$4,\"<=\"&$C$4),'Future Requirements'!$J:$J,IF($C$5=\"Yes\",\"Yes\",IF($C$5=\"No\",\"No\",\"<>Luke\")),'Future Requirements'!$AC:$AC,IF($C$6=\"Agreed\",\"Agreed\",IF($C$6=\"C/Fwd\",\"C/Fwd\",\"<>Luke\")),'Future Requirements'!$AA:$AA,$I$5),0)+\nIF($J$6=\"Include\",SUMIFS('Future Requirements'!$O:$O,'Future Requirements'!$D:$D,$B21,'Future Requirements'!$G:$G,F$11,'Future Requirements'!$B:$B,IF($C$3=\"\",\">=\"&$F$3,\">=\"&$C$3),'Future Requirements'!$B:$B,IF($C$4=\"\",\"<=\"&$F$4,\"<=\"&$C$4),'Future Requirements'!$J:$J,IF($C$5=\"Yes\",\"Yes\",IF($C$5=\"No\",\"No\",\"<>Luke\")),'Future Requirements'!$AC:$AC,IF($C$6=\"Agreed\",\"Agreed\",IF($C$6=\"C/Fwd\",\"C/Fwd\",\"<>Luke\")),'Future Requirements'!$AA:$AA,$I$6),0)+\nIF($J$7=\"Include\",SUMIFS('Future Requirements'!$O:$O,'Future Requirements'!$D:$D,$B21,'Future Requirements'!$G:$G,F$11,'Future Requirements'!$B:$B,IF($C$3=\"\",\">=\"&$F$3,\">=\"&$C$3),'Future Requirements'!$B:$B,IF($C$4=\"\",\"<=\"&$F$4,\"<=\"&$C$4),'Future Requirements'!$J:$J,IF($C$5=\"Yes\",\"Yes\",IF($C$5=\"No\",\"No\",\"<>Luke\")),'Future Requirements'!$AC:$AC,IF($C$6=\"Agreed\",\"Agreed\",IF($C$6=\"C/Fwd\",\"C/Fwd\",\"<>Luke\")),'Future Requirements'!$AA:$AA,$I$7),0)","v":0},{"$f":"IF($J$3=\"Include\",SUMIFS('Future Requirements'!$O:$O,'Future Requirements'!$D:$D,$B21,'Future Requirements'!$G:$G,G$11,'Future Requirements'!$B:$B,IF($C$3=\"\",\">=\"&$F$3,\">=\"&$C$3),'Future Requirements'!$B:$B,IF($C$4=\"\",\"<=\"&$F$4,\"<=\"&$C$4),'Future Requirements'!$J:$J,IF($C$5=\"Yes\",\"Yes\",IF($C$5=\"No\",\"No\",\"<>Luke\")),'Future Requirements'!$AC:$AC,IF($C$6=\"Agreed\",\"Agreed\",IF($C$6=\"C/Fwd\",\"C/Fwd\",\"<>Luke\")),'Future Requirements'!$AA:$AA,$I$3),0)+\nIF($J$4=\"Include\",SUMIFS('Future Requirements'!$O:$O,'Future Requirements'!$D:$D,$B21,'Future Requirements'!$G:$G,G$11,'Future Requirements'!$B:$B,IF($C$3=\"\",\">=\"&$F$3,\">=\"&$C$3),'Future Requirements'!$B:$B,IF($C$4=\"\",\"<=\"&$F$4,\"<=\"&$C$4),'Future Requirements'!$J:$J,IF($C$5=\"Yes\",\"Yes\",IF($C$5=\"No\",\"No\",\"<>Luke\")),'Future Requirements'!$AC:$AC,IF($C$6=\"Agreed\",\"Agreed\",IF($C$6=\"C/Fwd\",\"C/Fwd\",\"<>Luke\")),'Future Requirements'!$AA:$AA,$I$4),0)+\nIF($J$5=\"Include\",SUMIFS('Future Requirements'!$O:$O,'Future Requirements'!$D:$D,$B21,'Future Requirements'!$G:$G,G$11,'Future Requirements'!$B:$B,IF($C$3=\"\",\">=\"&$F$3,\">=\"&$C$3),'Future Requirements'!$B:$B,IF($C$4=\"\",\"<=\"&$F$4,\"<=\"&$C$4),'Future Requirements'!$J:$J,IF($C$5=\"Yes\",\"Yes\",IF($C$5=\"No\",\"No\",\"<>Luke\")),'Future Requirements'!$AC:$AC,IF($C$6=\"Agreed\",\"Agreed\",IF($C$6=\"C/Fwd\",\"C/Fwd\",\"<>Luke\")),'Future Requirements'!$AA:$AA,$I$5),0)+\nIF($J$6=\"Include\",SUMIFS('Future Requirements'!$O:$O,'Future Requirements'!$D:$D,$B21,'Future Requirements'!$G:$G,G$11,'Future Requirements'!$B:$B,IF($C$3=\"\",\">=\"&$F$3,\">=\"&$C$3),'Future Requirements'!$B:$B,IF($C$4=\"\",\"<=\"&$F$4,\"<=\"&$C$4),'Future Requirements'!$J:$J,IF($C$5=\"Yes\",\"Yes\",IF($C$5=\"No\",\"No\",\"<>Luke\")),'Future Requirements'!$AC:$AC,IF($C$6=\"Agreed\",\"Agreed\",IF($C$6=\"C/Fwd\",\"C/Fwd\",\"<>Luke\")),'Future Requirements'!$AA:$AA,$I$6),0)+\nIF($J$7=\"Include\",SUMIFS('Future Requirements'!$O:$O,'Future Requirements'!$D:$D,$B21,'Future Requirements'!$G:$G,G$11,'Future Requirements'!$B:$B,IF($C$3=\"\",\">=\"&$F$3,\">=\"&$C$3),'Future Requirements'!$B:$B,IF($C$4=\"\",\"<=\"&$F$4,\"<=\"&$C$4),'Future Requirements'!$J:$J,IF($C$5=\"Yes\",\"Yes\",IF($C$5=\"No\",\"No\",\"<>Luke\")),'Future Requirements'!$AC:$AC,IF($C$6=\"Agreed\",\"Agreed\",IF($C$6=\"C/Fwd\",\"C/Fwd\",\"<>Luke\")),'Future Requirements'!$AA:$AA,$I$7),0)","v":0},{"$f":"IF($J$3=\"Include\",SUMIFS('Future Requirements'!$O:$O,'Future Requirements'!$D:$D,$B21,'Future Requirements'!$G:$G,H$11,'Future Requirements'!$B:$B,IF($C$3=\"\",\">=\"&$F$3,\">=\"&$C$3),'Future Requirements'!$B:$B,IF($C$4=\"\",\"<=\"&$F$4,\"<=\"&$C$4),'Future Requirements'!$J:$J,IF($C$5=\"Yes\",\"Yes\",IF($C$5=\"No\",\"No\",\"<>Luke\")),'Future Requirements'!$AC:$AC,IF($C$6=\"Agreed\",\"Agreed\",IF($C$6=\"C/Fwd\",\"C/Fwd\",\"<>Luke\")),'Future Requirements'!$AA:$AA,$I$3),0)+\nIF($J$4=\"Include\",SUMIFS('Future Requirements'!$O:$O,'Future Requirements'!$D:$D,$B21,'Future Requirements'!$G:$G,H$11,'Future Requirements'!$B:$B,IF($C$3=\"\",\">=\"&$F$3,\">=\"&$C$3),'Future Requirements'!$B:$B,IF($C$4=\"\",\"<=\"&$F$4,\"<=\"&$C$4),'Future Requirements'!$J:$J,IF($C$5=\"Yes\",\"Yes\",IF($C$5=\"No\",\"No\",\"<>Luke\")),'Future Requirements'!$AC:$AC,IF($C$6=\"Agreed\",\"Agreed\",IF($C$6=\"C/Fwd\",\"C/Fwd\",\"<>Luke\")),'Future Requirements'!$AA:$AA,$I$4),0)+\nIF($J$5=\"Include\",SUMIFS('Future Requirements'!$O:$O,'Future Requirements'!$D:$D,$B21,'Future Requirements'!$G:$G,H$11,'Future Requirements'!$B:$B,IF($C$3=\"\",\">=\"&$F$3,\">=\"&$C$3),'Future Requirements'!$B:$B,IF($C$4=\"\",\"<=\"&$F$4,\"<=\"&$C$4),'Future Requirements'!$J:$J,IF($C$5=\"Yes\",\"Yes\",IF($C$5=\"No\",\"No\",\"<>Luke\")),'Future Requirements'!$AC:$AC,IF($C$6=\"Agreed\",\"Agreed\",IF($C$6=\"C/Fwd\",\"C/Fwd\",\"<>Luke\")),'Future Requirements'!$AA:$AA,$I$5),0)+\nIF($J$6=\"Include\",SUMIFS('Future Requirements'!$O:$O,'Future Requirements'!$D:$D,$B21,'Future Requirements'!$G:$G,H$11,'Future Requirements'!$B:$B,IF($C$3=\"\",\">=\"&$F$3,\">=\"&$C$3),'Future Requirements'!$B:$B,IF($C$4=\"\",\"<=\"&$F$4,\"<=\"&$C$4),'Future Requirements'!$J:$J,IF($C$5=\"Yes\",\"Yes\",IF($C$5=\"No\",\"No\",\"<>Luke\")),'Future Requirements'!$AC:$AC,IF($C$6=\"Agreed\",\"Agreed\",IF($C$6=\"C/Fwd\",\"C/Fwd\",\"<>Luke\")),'Future Requirements'!$AA:$AA,$I$6),0)+\nIF($J$7=\"Include\",SUMIFS('Future Requirements'!$O:$O,'Future Requirements'!$D:$D,$B21,'Future Requirements'!$G:$G,H$11,'Future Requirements'!$B:$B,IF($C$3=\"\",\">=\"&$F$3,\">=\"&$C$3),'Future Requirements'!$B:$B,IF($C$4=\"\",\"<=\"&$F$4,\"<=\"&$C$4),'Future Requirements'!$J:$J,IF($C$5=\"Yes\",\"Yes\",IF($C$5=\"No\",\"No\",\"<>Luke\")),'Future Requirements'!$AC:$AC,IF($C$6=\"Agreed\",\"Agreed\",IF($C$6=\"C/Fwd\",\"C/Fwd\",\"<>Luke\")),'Future Requirements'!$AA:$AA,$I$7),0)","v":0},{"$f":"IF($J$3=\"Include\",SUMIFS('Future Requirements'!$O:$O,'Future Requirements'!$D:$D,$B21,'Future Requirements'!$G:$G,I$11,'Future Requirements'!$B:$B,IF($C$3=\"\",\">=\"&$F$3,\">=\"&$C$3),'Future Requirements'!$B:$B,IF($C$4=\"\",\"<=\"&$F$4,\"<=\"&$C$4),'Future Requirements'!$J:$J,IF($C$5=\"Yes\",\"Yes\",IF($C$5=\"No\",\"No\",\"<>Luke\")),'Future Requirements'!$AC:$AC,IF($C$6=\"Agreed\",\"Agreed\",IF($C$6=\"C/Fwd\",\"C/Fwd\",\"<>Luke\")),'Future Requirements'!$AA:$AA,$I$3),0)+\nIF($J$4=\"Include\",SUMIFS('Future Requirements'!$O:$O,'Future Requirements'!$D:$D,$B21,'Future Requirements'!$G:$G,I$11,'Future Requirements'!$B:$B,IF($C$3=\"\",\">=\"&$F$3,\">=\"&$C$3),'Future Requirements'!$B:$B,IF($C$4=\"\",\"<=\"&$F$4,\"<=\"&$C$4),'Future Requirements'!$J:$J,IF($C$5=\"Yes\",\"Yes\",IF($C$5=\"No\",\"No\",\"<>Luke\")),'Future Requirements'!$AC:$AC,IF($C$6=\"Agreed\",\"Agreed\",IF($C$6=\"C/Fwd\",\"C/Fwd\",\"<>Luke\")),'Future Requirements'!$AA:$AA,$I$4),0)+\nIF($J$5=\"Include\",SUMIFS('Future Requirements'!$O:$O,'Future Requirements'!$D:$D,$B21,'Future Requirements'!$G:$G,I$11,'Future Requirements'!$B:$B,IF($C$3=\"\",\">=\"&$F$3,\">=\"&$C$3),'Future Requirements'!$B:$B,IF($C$4=\"\",\"<=\"&$F$4,\"<=\"&$C$4),'Future Requirements'!$J:$J,IF($C$5=\"Yes\",\"Yes\",IF($C$5=\"No\",\"No\",\"<>Luke\")),'Future Requirements'!$AC:$AC,IF($C$6=\"Agreed\",\"Agreed\",IF($C$6=\"C/Fwd\",\"C/Fwd\",\"<>Luke\")),'Future Requirements'!$AA:$AA,$I$5),0)+\nIF($J$6=\"Include\",SUMIFS('Future Requirements'!$O:$O,'Future Requirements'!$D:$D,$B21,'Future Requirements'!$G:$G,I$11,'Future Requirements'!$B:$B,IF($C$3=\"\",\">=\"&$F$3,\">=\"&$C$3),'Future Requirements'!$B:$B,IF($C$4=\"\",\"<=\"&$F$4,\"<=\"&$C$4),'Future Requirements'!$J:$J,IF($C$5=\"Yes\",\"Yes\",IF($C$5=\"No\",\"No\",\"<>Luke\")),'Future Requirements'!$AC:$AC,IF($C$6=\"Agreed\",\"Agreed\",IF($C$6=\"C/Fwd\",\"C/Fwd\",\"<>Luke\")),'Future Requirements'!$AA:$AA,$I$6),0)+\nIF($J$7=\"Include\",SUMIFS('Future Requirements'!$O:$O,'Future Requirements'!$D:$D,$B21,'Future Requirements'!$G:$G,I$11,'Future Requirements'!$B:$B,IF($C$3=\"\",\">=\"&$F$3,\">=\"&$C$3),'Future Requirements'!$B:$B,IF($C$4=\"\",\"<=\"&$F$4,\"<=\"&$C$4),'Future Requirements'!$J:$J,IF($C$5=\"Yes\",\"Yes\",IF($C$5=\"No\",\"No\",\"<>Luke\")),'Future Requirements'!$AC:$AC,IF($C$6=\"Agreed\",\"Agreed\",IF($C$6=\"C/Fwd\",\"C/Fwd\",\"<>Luke\")),'Future Requirements'!$AA:$AA,$I$7),0)","v":0},{"$f":"IF($J$3=\"Include\",SUMIFS('Future Requirements'!$O:$O,'Future Requirements'!$D:$D,$B21,'Future Requirements'!$G:$G,J$11,'Future Requirements'!$B:$B,IF($C$3=\"\",\">=\"&$F$3,\">=\"&$C$3),'Future Requirements'!$B:$B,IF($C$4=\"\",\"<=\"&$F$4,\"<=\"&$C$4),'Future Requirements'!$J:$J,IF($C$5=\"Yes\",\"Yes\",IF($C$5=\"No\",\"No\",\"<>Luke\")),'Future Requirements'!$AC:$AC,IF($C$6=\"Agreed\",\"Agreed\",IF($C$6=\"C/Fwd\",\"C/Fwd\",\"<>Luke\")),'Future Requirements'!$AA:$AA,$I$3),0)+\nIF($J$4=\"Include\",SUMIFS('Future Requirements'!$O:$O,'Future Requirements'!$D:$D,$B21,'Future Requirements'!$G:$G,J$11,'Future Requirements'!$B:$B,IF($C$3=\"\",\">=\"&$F$3,\">=\"&$C$3),'Future Requirements'!$B:$B,IF($C$4=\"\",\"<=\"&$F$4,\"<=\"&$C$4),'Future Requirements'!$J:$J,IF($C$5=\"Yes\",\"Yes\",IF($C$5=\"No\",\"No\",\"<>Luke\")),'Future Requirements'!$AC:$AC,IF($C$6=\"Agreed\",\"Agreed\",IF($C$6=\"C/Fwd\",\"C/Fwd\",\"<>Luke\")),'Future Requirements'!$AA:$AA,$I$4),0)+\nIF($J$5=\"Include\",SUMIFS('Future Requirements'!$O:$O,'Future Requirements'!$D:$D,$B21,'Future Requirements'!$G:$G,J$11,'Future Requirements'!$B:$B,IF($C$3=\"\",\">=\"&$F$3,\">=\"&$C$3),'Future Requirements'!$B:$B,IF($C$4=\"\",\"<=\"&$F$4,\"<=\"&$C$4),'Future Requirements'!$J:$J,IF($C$5=\"Yes\",\"Yes\",IF($C$5=\"No\",\"No\",\"<>Luke\")),'Future Requirements'!$AC:$AC,IF($C$6=\"Agreed\",\"Agreed\",IF($C$6=\"C/Fwd\",\"C/Fwd\",\"<>Luke\")),'Future Requirements'!$AA:$AA,$I$5),0)+\nIF($J$6=\"Include\",SUMIFS('Future Requirements'!$O:$O,'Future Requirements'!$D:$D,$B21,'Future Requirements'!$G:$G,J$11,'Future Requirements'!$B:$B,IF($C$3=\"\",\">=\"&$F$3,\">=\"&$C$3),'Future Requirements'!$B:$B,IF($C$4=\"\",\"<=\"&$F$4,\"<=\"&$C$4),'Future Requirements'!$J:$J,IF($C$5=\"Yes\",\"Yes\",IF($C$5=\"No\",\"No\",\"<>Luke\")),'Future Requirements'!$AC:$AC,IF($C$6=\"Agreed\",\"Agreed\",IF($C$6=\"C/Fwd\",\"C/Fwd\",\"<>Luke\")),'Future Requirements'!$AA:$AA,$I$6),0)+\nIF($J$7=\"Include\",SUMIFS('Future Requirements'!$O:$O,'Future Requirements'!$D:$D,$B21,'Future Requirements'!$G:$G,J$11,'Future Requirements'!$B:$B,IF($C$3=\"\",\">=\"&$F$3,\">=\"&$C$3),'Future Requirements'!$B:$B,IF($C$4=\"\",\"<=\"&$F$4,\"<=\"&$C$4),'Future Requirements'!$J:$J,IF($C$5=\"Yes\",\"Yes\",IF($C$5=\"No\",\"No\",\"<>Luke\")),'Future Requirements'!$AC:$AC,IF($C$6=\"Agreed\",\"Agreed\",IF($C$6=\"C/Fwd\",\"C/Fwd\",\"<>Luke\")),'Future Requirements'!$AA:$AA,$I$7),0)","v":0},{"$f":"IF($J$3=\"Include\",SUMIFS('Future Requirements'!$O:$O,'Future Requirements'!$D:$D,$B21,'Future Requirements'!$G:$G,K$11,'Future Requirements'!$B:$B,IF($C$3=\"\",\">=\"&$F$3,\">=\"&$C$3),'Future Requirements'!$B:$B,IF($C$4=\"\",\"<=\"&$F$4,\"<=\"&$C$4),'Future Requirements'!$J:$J,IF($C$5=\"Yes\",\"Yes\",IF($C$5=\"No\",\"No\",\"<>Luke\")),'Future Requirements'!$AC:$AC,IF($C$6=\"Agreed\",\"Agreed\",IF($C$6=\"C/Fwd\",\"C/Fwd\",\"<>Luke\")),'Future Requirements'!$AA:$AA,$I$3),0)+\nIF($J$4=\"Include\",SUMIFS('Future Requirements'!$O:$O,'Future Requirements'!$D:$D,$B21,'Future Requirements'!$G:$G,K$11,'Future Requirements'!$B:$B,IF($C$3=\"\",\">=\"&$F$3,\">=\"&$C$3),'Future Requirements'!$B:$B,IF($C$4=\"\",\"<=\"&$F$4,\"<=\"&$C$4),'Future Requirements'!$J:$J,IF($C$5=\"Yes\",\"Yes\",IF($C$5=\"No\",\"No\",\"<>Luke\")),'Future Requirements'!$AC:$AC,IF($C$6=\"Agreed\",\"Agreed\",IF($C$6=\"C/Fwd\",\"C/Fwd\",\"<>Luke\")),'Future Requirements'!$AA:$AA,$I$4),0)+\nIF($J$5=\"Include\",SUMIFS('Future Requirements'!$O:$O,'Future Requirements'!$D:$D,$B21,'Future Requirements'!$G:$G,K$11,'Future Requirements'!$B:$B,IF($C$3=\"\",\">=\"&$F$3,\">=\"&$C$3),'Future Requirements'!$B:$B,IF($C$4=\"\",\"<=\"&$F$4,\"<=\"&$C$4),'Future Requirements'!$J:$J,IF($C$5=\"Yes\",\"Yes\",IF($C$5=\"No\",\"No\",\"<>Luke\")),'Future Requirements'!$AC:$AC,IF($C$6=\"Agreed\",\"Agreed\",IF($C$6=\"C/Fwd\",\"C/Fwd\",\"<>Luke\")),'Future Requirements'!$AA:$AA,$I$5),0)+\nIF($J$6=\"Include\",SUMIFS('Future Requirements'!$O:$O,'Future Requirements'!$D:$D,$B21,'Future Requirements'!$G:$G,K$11,'Future Requirements'!$B:$B,IF($C$3=\"\",\">=\"&$F$3,\">=\"&$C$3),'Future Requirements'!$B:$B,IF($C$4=\"\",\"<=\"&$F$4,\"<=\"&$C$4),'Future Requirements'!$J:$J,IF($C$5=\"Yes\",\"Yes\",IF($C$5=\"No\",\"No\",\"<>Luke\")),'Future Requirements'!$AC:$AC,IF($C$6=\"Agreed\",\"Agreed\",IF($C$6=\"C/Fwd\",\"C/Fwd\",\"<>Luke\")),'Future Requirements'!$AA:$AA,$I$6),0)+\nIF($J$7=\"Include\",SUMIFS('Future Requirements'!$O:$O,'Future Requirements'!$D:$D,$B21,'Future Requirements'!$G:$G,K$11,'Future Requirements'!$B:$B,IF($C$3=\"\",\">=\"&$F$3,\">=\"&$C$3),'Future Requirements'!$B:$B,IF($C$4=\"\",\"<=\"&$F$4,\"<=\"&$C$4),'Future Requirements'!$J:$J,IF($C$5=\"Yes\",\"Yes\",IF($C$5=\"No\",\"No\",\"<>Luke\")),'Future Requirements'!$AC:$AC,IF($C$6=\"Agreed\",\"Agreed\",IF($C$6=\"C/Fwd\",\"C/Fwd\",\"<>Luke\")),'Future Requirements'!$AA:$AA,$I$7),0)","v":0},{"$f":"IF($J$3=\"Include\",SUMIFS('Future Requirements'!$O:$O,'Future Requirements'!$D:$D,$B21,'Future Requirements'!$G:$G,L$11,'Future Requirements'!$B:$B,IF($C$3=\"\",\">=\"&$F$3,\">=\"&$C$3),'Future Requirements'!$B:$B,IF($C$4=\"\",\"<=\"&$F$4,\"<=\"&$C$4),'Future Requirements'!$J:$J,IF($C$5=\"Yes\",\"Yes\",IF($C$5=\"No\",\"No\",\"<>Luke\")),'Future Requirements'!$AC:$AC,IF($C$6=\"Agreed\",\"Agreed\",IF($C$6=\"C/Fwd\",\"C/Fwd\",\"<>Luke\")),'Future Requirements'!$AA:$AA,$I$3),0)+\nIF($J$4=\"Include\",SUMIFS('Future Requirements'!$O:$O,'Future Requirements'!$D:$D,$B21,'Future Requirements'!$G:$G,L$11,'Future Requirements'!$B:$B,IF($C$3=\"\",\">=\"&$F$3,\">=\"&$C$3),'Future Requirements'!$B:$B,IF($C$4=\"\",\"<=\"&$F$4,\"<=\"&$C$4),'Future Requirements'!$J:$J,IF($C$5=\"Yes\",\"Yes\",IF($C$5=\"No\",\"No\",\"<>Luke\")),'Future Requirements'!$AC:$AC,IF($C$6=\"Agreed\",\"Agreed\",IF($C$6=\"C/Fwd\",\"C/Fwd\",\"<>Luke\")),'Future Requirements'!$AA:$AA,$I$4),0)+\nIF($J$5=\"Include\",SUMIFS('Future Requirements'!$O:$O,'Future Requirements'!$D:$D,$B21,'Future Requirements'!$G:$G,L$11,'Future Requirements'!$B:$B,IF($C$3=\"\",\">=\"&$F$3,\">=\"&$C$3),'Future Requirements'!$B:$B,IF($C$4=\"\",\"<=\"&$F$4,\"<=\"&$C$4),'Future Requirements'!$J:$J,IF($C$5=\"Yes\",\"Yes\",IF($C$5=\"No\",\"No\",\"<>Luke\")),'Future Requirements'!$AC:$AC,IF($C$6=\"Agreed\",\"Agreed\",IF($C$6=\"C/Fwd\",\"C/Fwd\",\"<>Luke\")),'Future Requirements'!$AA:$AA,$I$5),0)+\nIF($J$6=\"Include\",SUMIFS('Future Requirements'!$O:$O,'Future Requirements'!$D:$D,$B21,'Future Requirements'!$G:$G,L$11,'Future Requirements'!$B:$B,IF($C$3=\"\",\">=\"&$F$3,\">=\"&$C$3),'Future Requirements'!$B:$B,IF($C$4=\"\",\"<=\"&$F$4,\"<=\"&$C$4),'Future Requirements'!$J:$J,IF($C$5=\"Yes\",\"Yes\",IF($C$5=\"No\",\"No\",\"<>Luke\")),'Future Requirements'!$AC:$AC,IF($C$6=\"Agreed\",\"Agreed\",IF($C$6=\"C/Fwd\",\"C/Fwd\",\"<>Luke\")),'Future Requirements'!$AA:$AA,$I$6),0)+\nIF($J$7=\"Include\",SUMIFS('Future Requirements'!$O:$O,'Future Requirements'!$D:$D,$B21,'Future Requirements'!$G:$G,L$11,'Future Requirements'!$B:$B,IF($C$3=\"\",\">=\"&$F$3,\">=\"&$C$3),'Future Requirements'!$B:$B,IF($C$4=\"\",\"<=\"&$F$4,\"<=\"&$C$4),'Future Requirements'!$J:$J,IF($C$5=\"Yes\",\"Yes\",IF($C$5=\"No\",\"No\",\"<>Luke\")),'Future Requirements'!$AC:$AC,IF($C$6=\"Agreed\",\"Agreed\",IF($C$6=\"C/Fwd\",\"C/Fwd\",\"<>Luke\")),'Future Requirements'!$AA:$AA,$I$7),0)","v":0},{"$f":"IF($J$3=\"Include\",SUMIFS('Future Requirements'!$O:$O,'Future Requirements'!$D:$D,$B21,'Future Requirements'!$G:$G,M$11,'Future Requirements'!$B:$B,IF($C$3=\"\",\">=\"&$F$3,\">=\"&$C$3),'Future Requirements'!$B:$B,IF($C$4=\"\",\"<=\"&$F$4,\"<=\"&$C$4),'Future Requirements'!$J:$J,IF($C$5=\"Yes\",\"Yes\",IF($C$5=\"No\",\"No\",\"<>Luke\")),'Future Requirements'!$AC:$AC,IF($C$6=\"Agreed\",\"Agreed\",IF($C$6=\"C/Fwd\",\"C/Fwd\",\"<>Luke\")),'Future Requirements'!$AA:$AA,$I$3),0)+\nIF($J$4=\"Include\",SUMIFS('Future Requirements'!$O:$O,'Future Requirements'!$D:$D,$B21,'Future Requirements'!$G:$G,M$11,'Future Requirements'!$B:$B,IF($C$3=\"\",\">=\"&$F$3,\">=\"&$C$3),'Future Requirements'!$B:$B,IF($C$4=\"\",\"<=\"&$F$4,\"<=\"&$C$4),'Future Requirements'!$J:$J,IF($C$5=\"Yes\",\"Yes\",IF($C$5=\"No\",\"No\",\"<>Luke\")),'Future Requirements'!$AC:$AC,IF($C$6=\"Agreed\",\"Agreed\",IF($C$6=\"C/Fwd\",\"C/Fwd\",\"<>Luke\")),'Future Requirements'!$AA:$AA,$I$4),0)+\nIF($J$5=\"Include\",SUMIFS('Future Requirements'!$O:$O,'Future Requirements'!$D:$D,$B21,'Future Requirements'!$G:$G,M$11,'Future Requirements'!$B:$B,IF($C$3=\"\",\">=\"&$F$3,\">=\"&$C$3),'Future Requirements'!$B:$B,IF($C$4=\"\",\"<=\"&$F$4,\"<=\"&$C$4),'Future Requirements'!$J:$J,IF($C$5=\"Yes\",\"Yes\",IF($C$5=\"No\",\"No\",\"<>Luke\")),'Future Requirements'!$AC:$AC,IF($C$6=\"Agreed\",\"Agreed\",IF($C$6=\"C/Fwd\",\"C/Fwd\",\"<>Luke\")),'Future Requirements'!$AA:$AA,$I$5),0)+\nIF($J$6=\"Include\",SUMIFS('Future Requirements'!$O:$O,'Future Requirements'!$D:$D,$B21,'Future Requirements'!$G:$G,M$11,'Future Requirements'!$B:$B,IF($C$3=\"\",\">=\"&$F$3,\">=\"&$C$3),'Future Requirements'!$B:$B,IF($C$4=\"\",\"<=\"&$F$4,\"<=\"&$C$4),'Future Requirements'!$J:$J,IF($C$5=\"Yes\",\"Yes\",IF($C$5=\"No\",\"No\",\"<>Luke\")),'Future Requirements'!$AC:$AC,IF($C$6=\"Agreed\",\"Agreed\",IF($C$6=\"C/Fwd\",\"C/Fwd\",\"<>Luke\")),'Future Requirements'!$AA:$AA,$I$6),0)+\nIF($J$7=\"Include\",SUMIFS('Future Requirements'!$O:$O,'Future Requirements'!$D:$D,$B21,'Future Requirements'!$G:$G,M$11,'Future Requirements'!$B:$B,IF($C$3=\"\",\">=\"&$F$3,\">=\"&$C$3),'Future Requirements'!$B:$B,IF($C$4=\"\",\"<=\"&$F$4,\"<=\"&$C$4),'Future Requirements'!$J:$J,IF($C$5=\"Yes\",\"Yes\",IF($C$5=\"No\",\"No\",\"<>Luke\")),'Future Requirements'!$AC:$AC,IF($C$6=\"Agreed\",\"Agreed\",IF($C$6=\"C/Fwd\",\"C/Fwd\",\"<>Luke\")),'Future Requirements'!$AA:$AA,$I$7),0)","v":0},{"$f":"IF($J$3=\"Include\",SUMIFS('Future Requirements'!$O:$O,'Future Requirements'!$D:$D,$B21,'Future Requirements'!$G:$G,N$11,'Future Requirements'!$B:$B,IF($C$3=\"\",\">=\"&$F$3,\">=\"&$C$3),'Future Requirements'!$B:$B,IF($C$4=\"\",\"<=\"&$F$4,\"<=\"&$C$4),'Future Requirements'!$J:$J,IF($C$5=\"Yes\",\"Yes\",IF($C$5=\"No\",\"No\",\"<>Luke\")),'Future Requirements'!$AC:$AC,IF($C$6=\"Agreed\",\"Agreed\",IF($C$6=\"C/Fwd\",\"C/Fwd\",\"<>Luke\")),'Future Requirements'!$AA:$AA,$I$3),0)+\nIF($J$4=\"Include\",SUMIFS('Future Requirements'!$O:$O,'Future Requirements'!$D:$D,$B21,'Future Requirements'!$G:$G,N$11,'Future Requirements'!$B:$B,IF($C$3=\"\",\">=\"&$F$3,\">=\"&$C$3),'Future Requirements'!$B:$B,IF($C$4=\"\",\"<=\"&$F$4,\"<=\"&$C$4),'Future Requirements'!$J:$J,IF($C$5=\"Yes\",\"Yes\",IF($C$5=\"No\",\"No\",\"<>Luke\")),'Future Requirements'!$AC:$AC,IF($C$6=\"Agreed\",\"Agreed\",IF($C$6=\"C/Fwd\",\"C/Fwd\",\"<>Luke\")),'Future Requirements'!$AA:$AA,$I$4),0)+\nIF($J$5=\"Include\",SUMIFS('Future Requirements'!$O:$O,'Future Requirements'!$D:$D,$B21,'Future Requirements'!$G:$G,N$11,'Future Requirements'!$B:$B,IF($C$3=\"\",\">=\"&$F$3,\">=\"&$C$3),'Future Requirements'!$B:$B,IF($C$4=\"\",\"<=\"&$F$4,\"<=\"&$C$4),'Future Requirements'!$J:$J,IF($C$5=\"Yes\",\"Yes\",IF($C$5=\"No\",\"No\",\"<>Luke\")),'Future Requirements'!$AC:$AC,IF($C$6=\"Agreed\",\"Agreed\",IF($C$6=\"C/Fwd\",\"C/Fwd\",\"<>Luke\")),'Future Requirements'!$AA:$AA,$I$5),0)+\nIF($J$6=\"Include\",SUMIFS('Future Requirements'!$O:$O,'Future Requirements'!$D:$D,$B21,'Future Requirements'!$G:$G,N$11,'Future Requirements'!$B:$B,IF($C$3=\"\",\">=\"&$F$3,\">=\"&$C$3),'Future Requirements'!$B:$B,IF($C$4=\"\",\"<=\"&$F$4,\"<=\"&$C$4),'Future Requirements'!$J:$J,IF($C$5=\"Yes\",\"Yes\",IF($C$5=\"No\",\"No\",\"<>Luke\")),'Future Requirements'!$AC:$AC,IF($C$6=\"Agreed\",\"Agreed\",IF($C$6=\"C/Fwd\",\"C/Fwd\",\"<>Luke\")),'Future Requirements'!$AA:$AA,$I$6),0)+\nIF($J$7=\"Include\",SUMIFS('Future Requirements'!$O:$O,'Future Requirements'!$D:$D,$B21,'Future Requirements'!$G:$G,N$11,'Future Requirements'!$B:$B,IF($C$3=\"\",\">=\"&$F$3,\">=\"&$C$3),'Future Requirements'!$B:$B,IF($C$4=\"\",\"<=\"&$F$4,\"<=\"&$C$4),'Future Requirements'!$J:$J,IF($C$5=\"Yes\",\"Yes\",IF($C$5=\"No\",\"No\",\"<>Luke\")),'Future Requirements'!$AC:$AC,IF($C$6=\"Agreed\",\"Agreed\",IF($C$6=\"C/Fwd\",\"C/Fwd\",\"<>Luke\")),'Future Requirements'!$AA:$AA,$I$7),0)","v":0},{"$f":"IF($J$3=\"Include\",SUMIFS('Future Requirements'!$O:$O,'Future Requirements'!$D:$D,$B21,'Future Requirements'!$G:$G,O$11,'Future Requirements'!$B:$B,IF($C$3=\"\",\">=\"&$F$3,\">=\"&$C$3),'Future Requirements'!$B:$B,IF($C$4=\"\",\"<=\"&$F$4,\"<=\"&$C$4),'Future Requirements'!$J:$J,IF($C$5=\"Yes\",\"Yes\",IF($C$5=\"No\",\"No\",\"<>Luke\")),'Future Requirements'!$AC:$AC,IF($C$6=\"Agreed\",\"Agreed\",IF($C$6=\"C/Fwd\",\"C/Fwd\",\"<>Luke\")),'Future Requirements'!$AA:$AA,$I$3),0)+\nIF($J$4=\"Include\",SUMIFS('Future Requirements'!$O:$O,'Future Requirements'!$D:$D,$B21,'Future Requirements'!$G:$G,O$11,'Future Requirements'!$B:$B,IF($C$3=\"\",\">=\"&$F$3,\">=\"&$C$3),'Future Requirements'!$B:$B,IF($C$4=\"\",\"<=\"&$F$4,\"<=\"&$C$4),'Future Requirements'!$J:$J,IF($C$5=\"Yes\",\"Yes\",IF($C$5=\"No\",\"No\",\"<>Luke\")),'Future Requirements'!$AC:$AC,IF($C$6=\"Agreed\",\"Agreed\",IF($C$6=\"C/Fwd\",\"C/Fwd\",\"<>Luke\")),'Future Requirements'!$AA:$AA,$I$4),0)+\nIF($J$5=\"Include\",SUMIFS('Future Requirements'!$O:$O,'Future Requirements'!$D:$D,$B21,'Future Requirements'!$G:$G,O$11,'Future Requirements'!$B:$B,IF($C$3=\"\",\">=\"&$F$3,\">=\"&$C$3),'Future Requirements'!$B:$B,IF($C$4=\"\",\"<=\"&$F$4,\"<=\"&$C$4),'Future Requirements'!$J:$J,IF($C$5=\"Yes\",\"Yes\",IF($C$5=\"No\",\"No\",\"<>Luke\")),'Future Requirements'!$AC:$AC,IF($C$6=\"Agreed\",\"Agreed\",IF($C$6=\"C/Fwd\",\"C/Fwd\",\"<>Luke\")),'Future Requirements'!$AA:$AA,$I$5),0)+\nIF($J$6=\"Include\",SUMIFS('Future Requirements'!$O:$O,'Future Requirements'!$D:$D,$B21,'Future Requirements'!$G:$G,O$11,'Future Requirements'!$B:$B,IF($C$3=\"\",\">=\"&$F$3,\">=\"&$C$3),'Future Requirements'!$B:$B,IF($C$4=\"\",\"<=\"&$F$4,\"<=\"&$C$4),'Future Requirements'!$J:$J,IF($C$5=\"Yes\",\"Yes\",IF($C$5=\"No\",\"No\",\"<>Luke\")),'Future Requirements'!$AC:$AC,IF($C$6=\"Agreed\",\"Agreed\",IF($C$6=\"C/Fwd\",\"C/Fwd\",\"<>Luke\")),'Future Requirements'!$AA:$AA,$I$6),0)+\nIF($J$7=\"Include\",SUMIFS('Future Requirements'!$O:$O,'Future Requirements'!$D:$D,$B21,'Future Requirements'!$G:$G,O$11,'Future Requirements'!$B:$B,IF($C$3=\"\",\">=\"&$F$3,\">=\"&$C$3),'Future Requirements'!$B:$B,IF($C$4=\"\",\"<=\"&$F$4,\"<=\"&$C$4),'Future Requirements'!$J:$J,IF($C$5=\"Yes\",\"Yes\",IF($C$5=\"No\",\"No\",\"<>Luke\")),'Future Requirements'!$AC:$AC,IF($C$6=\"Agreed\",\"Agreed\",IF($C$6=\"C/Fwd\",\"C/Fwd\",\"<>Luke\")),'Future Requirements'!$AA:$AA,$I$7),0)","v":0},{"$f":"IF($J$3=\"Include\",SUMIFS('Future Requirements'!$O:$O,'Future Requirements'!$D:$D,$B21,'Future Requirements'!$G:$G,P$11,'Future Requirements'!$B:$B,IF($C$3=\"\",\">=\"&$F$3,\">=\"&$C$3),'Future Requirements'!$B:$B,IF($C$4=\"\",\"<=\"&$F$4,\"<=\"&$C$4),'Future Requirements'!$J:$J,IF($C$5=\"Yes\",\"Yes\",IF($C$5=\"No\",\"No\",\"<>Luke\")),'Future Requirements'!$AC:$AC,IF($C$6=\"Agreed\",\"Agreed\",IF($C$6=\"C/Fwd\",\"C/Fwd\",\"<>Luke\")),'Future Requirements'!$AA:$AA,$I$3),0)+\nIF($J$4=\"Include\",SUMIFS('Future Requirements'!$O:$O,'Future Requirements'!$D:$D,$B21,'Future Requirements'!$G:$G,P$11,'Future Requirements'!$B:$B,IF($C$3=\"\",\">=\"&$F$3,\">=\"&$C$3),'Future Requirements'!$B:$B,IF($C$4=\"\",\"<=\"&$F$4,\"<=\"&$C$4),'Future Requirements'!$J:$J,IF($C$5=\"Yes\",\"Yes\",IF($C$5=\"No\",\"No\",\"<>Luke\")),'Future Requirements'!$AC:$AC,IF($C$6=\"Agreed\",\"Agreed\",IF($C$6=\"C/Fwd\",\"C/Fwd\",\"<>Luke\")),'Future Requirements'!$AA:$AA,$I$4),0)+\nIF($J$5=\"Include\",SUMIFS('Future Requirements'!$O:$O,'Future Requirements'!$D:$D,$B21,'Future Requirements'!$G:$G,P$11,'Future Requirements'!$B:$B,IF($C$3=\"\",\">=\"&$F$3,\">=\"&$C$3),'Future Requirements'!$B:$B,IF($C$4=\"\",\"<=\"&$F$4,\"<=\"&$C$4),'Future Requirements'!$J:$J,IF($C$5=\"Yes\",\"Yes\",IF($C$5=\"No\",\"No\",\"<>Luke\")),'Future Requirements'!$AC:$AC,IF($C$6=\"Agreed\",\"Agreed\",IF($C$6=\"C/Fwd\",\"C/Fwd\",\"<>Luke\")),'Future Requirements'!$AA:$AA,$I$5),0)+\nIF($J$6=\"Include\",SUMIFS('Future Requirements'!$O:$O,'Future Requirements'!$D:$D,$B21,'Future Requirements'!$G:$G,P$11,'Future Requirements'!$B:$B,IF($C$3=\"\",\">=\"&$F$3,\">=\"&$C$3),'Future Requirements'!$B:$B,IF($C$4=\"\",\"<=\"&$F$4,\"<=\"&$C$4),'Future Requirements'!$J:$J,IF($C$5=\"Yes\",\"Yes\",IF($C$5=\"No\",\"No\",\"<>Luke\")),'Future Requirements'!$AC:$AC,IF($C$6=\"Agreed\",\"Agreed\",IF($C$6=\"C/Fwd\",\"C/Fwd\",\"<>Luke\")),'Future Requirements'!$AA:$AA,$I$6),0)+\nIF($J$7=\"Include\",SUMIFS('Future Requirements'!$O:$O,'Future Requirements'!$D:$D,$B21,'Future Requirements'!$G:$G,P$11,'Future Requirements'!$B:$B,IF($C$3=\"\",\">=\"&$F$3,\">=\"&$C$3),'Future Requirements'!$B:$B,IF($C$4=\"\",\"<=\"&$F$4,\"<=\"&$C$4),'Future Requirements'!$J:$J,IF($C$5=\"Yes\",\"Yes\",IF($C$5=\"No\",\"No\",\"<>Luke\")),'Future Requirements'!$AC:$AC,IF($C$6=\"Agreed\",\"Agreed\",IF($C$6=\"C/Fwd\",\"C/Fwd\",\"<>Luke\")),'Future Requirements'!$AA:$AA,$I$7),0)","v":0},{"$f":"IF($J$3=\"Include\",SUMIFS('Future Requirements'!$O:$O,'Future Requirements'!$D:$D,$B21,'Future Requirements'!$G:$G,Q$11,'Future Requirements'!$B:$B,IF($C$3=\"\",\">=\"&$F$3,\">=\"&$C$3),'Future Requirements'!$B:$B,IF($C$4=\"\",\"<=\"&$F$4,\"<=\"&$C$4),'Future Requirements'!$J:$J,IF($C$5=\"Yes\",\"Yes\",IF($C$5=\"No\",\"No\",\"<>Luke\")),'Future Requirements'!$AC:$AC,IF($C$6=\"Agreed\",\"Agreed\",IF($C$6=\"C/Fwd\",\"C/Fwd\",\"<>Luke\")),'Future Requirements'!$AA:$AA,$I$3),0)+\nIF($J$4=\"Include\",SUMIFS('Future Requirements'!$O:$O,'Future Requirements'!$D:$D,$B21,'Future Requirements'!$G:$G,Q$11,'Future Requirements'!$B:$B,IF($C$3=\"\",\">=\"&$F$3,\">=\"&$C$3),'Future Requirements'!$B:$B,IF($C$4=\"\",\"<=\"&$F$4,\"<=\"&$C$4),'Future Requirements'!$J:$J,IF($C$5=\"Yes\",\"Yes\",IF($C$5=\"No\",\"No\",\"<>Luke\")),'Future Requirements'!$AC:$AC,IF($C$6=\"Agreed\",\"Agreed\",IF($C$6=\"C/Fwd\",\"C/Fwd\",\"<>Luke\")),'Future Requirements'!$AA:$AA,$I$4),0)+\nIF($J$5=\"Include\",SUMIFS('Future Requirements'!$O:$O,'Future Requirements'!$D:$D,$B21,'Future Requirements'!$G:$G,Q$11,'Future Requirements'!$B:$B,IF($C$3=\"\",\">=\"&$F$3,\">=\"&$C$3),'Future Requirements'!$B:$B,IF($C$4=\"\",\"<=\"&$F$4,\"<=\"&$C$4),'Future Requirements'!$J:$J,IF($C$5=\"Yes\",\"Yes\",IF($C$5=\"No\",\"No\",\"<>Luke\")),'Future Requirements'!$AC:$AC,IF($C$6=\"Agreed\",\"Agreed\",IF($C$6=\"C/Fwd\",\"C/Fwd\",\"<>Luke\")),'Future Requirements'!$AA:$AA,$I$5),0)+\nIF($J$6=\"Include\",SUMIFS('Future Requirements'!$O:$O,'Future Requirements'!$D:$D,$B21,'Future Requirements'!$G:$G,Q$11,'Future Requirements'!$B:$B,IF($C$3=\"\",\">=\"&$F$3,\">=\"&$C$3),'Future Requirements'!$B:$B,IF($C$4=\"\",\"<=\"&$F$4,\"<=\"&$C$4),'Future Requirements'!$J:$J,IF($C$5=\"Yes\",\"Yes\",IF($C$5=\"No\",\"No\",\"<>Luke\")),'Future Requirements'!$AC:$AC,IF($C$6=\"Agreed\",\"Agreed\",IF($C$6=\"C/Fwd\",\"C/Fwd\",\"<>Luke\")),'Future Requirements'!$AA:$AA,$I$6),0)+\nIF($J$7=\"Include\",SUMIFS('Future Requirements'!$O:$O,'Future Requirements'!$D:$D,$B21,'Future Requirements'!$G:$G,Q$11,'Future Requirements'!$B:$B,IF($C$3=\"\",\">=\"&$F$3,\">=\"&$C$3),'Future Requirements'!$B:$B,IF($C$4=\"\",\"<=\"&$F$4,\"<=\"&$C$4),'Future Requirements'!$J:$J,IF($C$5=\"Yes\",\"Yes\",IF($C$5=\"No\",\"No\",\"<>Luke\")),'Future Requirements'!$AC:$AC,IF($C$6=\"Agreed\",\"Agreed\",IF($C$6=\"C/Fwd\",\"C/Fwd\",\"<>Luke\")),'Future Requirements'!$AA:$AA,$I$7),0)","v":0},{"$f":"IF($J$3=\"Include\",SUMIFS('Future Requirements'!$O:$O,'Future Requirements'!$D:$D,$B21,'Future Requirements'!$G:$G,R$11,'Future Requirements'!$B:$B,IF($C$3=\"\",\">=\"&$F$3,\">=\"&$C$3),'Future Requirements'!$B:$B,IF($C$4=\"\",\"<=\"&$F$4,\"<=\"&$C$4),'Future Requirements'!$J:$J,IF($C$5=\"Yes\",\"Yes\",IF($C$5=\"No\",\"No\",\"<>Luke\")),'Future Requirements'!$AC:$AC,IF($C$6=\"Agreed\",\"Agreed\",IF($C$6=\"C/Fwd\",\"C/Fwd\",\"<>Luke\")),'Future Requirements'!$AA:$AA,$I$3),0)+\nIF($J$4=\"Include\",SUMIFS('Future Requirements'!$O:$O,'Future Requirements'!$D:$D,$B21,'Future Requirements'!$G:$G,R$11,'Future Requirements'!$B:$B,IF($C$3=\"\",\">=\"&$F$3,\">=\"&$C$3),'Future Requirements'!$B:$B,IF($C$4=\"\",\"<=\"&$F$4,\"<=\"&$C$4),'Future Requirements'!$J:$J,IF($C$5=\"Yes\",\"Yes\",IF($C$5=\"No\",\"No\",\"<>Luke\")),'Future Requirements'!$AC:$AC,IF($C$6=\"Agreed\",\"Agreed\",IF($C$6=\"C/Fwd\",\"C/Fwd\",\"<>Luke\")),'Future Requirements'!$AA:$AA,$I$4),0)+\nIF($J$5=\"Include\",SUMIFS('Future Requirements'!$O:$O,'Future Requirements'!$D:$D,$B21,'Future Requirements'!$G:$G,R$11,'Future Requirements'!$B:$B,IF($C$3=\"\",\">=\"&$F$3,\">=\"&$C$3),'Future Requirements'!$B:$B,IF($C$4=\"\",\"<=\"&$F$4,\"<=\"&$C$4),'Future Requirements'!$J:$J,IF($C$5=\"Yes\",\"Yes\",IF($C$5=\"No\",\"No\",\"<>Luke\")),'Future Requirements'!$AC:$AC,IF($C$6=\"Agreed\",\"Agreed\",IF($C$6=\"C/Fwd\",\"C/Fwd\",\"<>Luke\")),'Future Requirements'!$AA:$AA,$I$5),0)+\nIF($J$6=\"Include\",SUMIFS('Future Requirements'!$O:$O,'Future Requirements'!$D:$D,$B21,'Future Requirements'!$G:$G,R$11,'Future Requirements'!$B:$B,IF($C$3=\"\",\">=\"&$F$3,\">=\"&$C$3),'Future Requirements'!$B:$B,IF($C$4=\"\",\"<=\"&$F$4,\"<=\"&$C$4),'Future Requirements'!$J:$J,IF($C$5=\"Yes\",\"Yes\",IF($C$5=\"No\",\"No\",\"<>Luke\")),'Future Requirements'!$AC:$AC,IF($C$6=\"Agreed\",\"Agreed\",IF($C$6=\"C/Fwd\",\"C/Fwd\",\"<>Luke\")),'Future Requirements'!$AA:$AA,$I$6),0)+\nIF($J$7=\"Include\",SUMIFS('Future Requirements'!$O:$O,'Future Requirements'!$D:$D,$B21,'Future Requirements'!$G:$G,R$11,'Future Requirements'!$B:$B,IF($C$3=\"\",\">=\"&$F$3,\">=\"&$C$3),'Future Requirements'!$B:$B,IF($C$4=\"\",\"<=\"&$F$4,\"<=\"&$C$4),'Future Requirements'!$J:$J,IF($C$5=\"Yes\",\"Yes\",IF($C$5=\"No\",\"No\",\"<>Luke\")),'Future Requirements'!$AC:$AC,IF($C$6=\"Agreed\",\"Agreed\",IF($C$6=\"C/Fwd\",\"C/Fwd\",\"<>Luke\")),'Future Requirements'!$AA:$AA,$I$7),0)","v":0},{"$f":"IF($J$3=\"Include\",SUMIFS('Future Requirements'!$O:$O,'Future Requirements'!$D:$D,$B21,'Future Requirements'!$G:$G,S$11,'Future Requirements'!$B:$B,IF($C$3=\"\",\">=\"&$F$3,\">=\"&$C$3),'Future Requirements'!$B:$B,IF($C$4=\"\",\"<=\"&$F$4,\"<=\"&$C$4),'Future Requirements'!$J:$J,IF($C$5=\"Yes\",\"Yes\",IF($C$5=\"No\",\"No\",\"<>Luke\")),'Future Requirements'!$AC:$AC,IF($C$6=\"Agreed\",\"Agreed\",IF($C$6=\"C/Fwd\",\"C/Fwd\",\"<>Luke\")),'Future Requirements'!$AA:$AA,$I$3),0)+\nIF($J$4=\"Include\",SUMIFS('Future Requirements'!$O:$O,'Future Requirements'!$D:$D,$B21,'Future Requirements'!$G:$G,S$11,'Future Requirements'!$B:$B,IF($C$3=\"\",\">=\"&$F$3,\">=\"&$C$3),'Future Requirements'!$B:$B,IF($C$4=\"\",\"<=\"&$F$4,\"<=\"&$C$4),'Future Requirements'!$J:$J,IF($C$5=\"Yes\",\"Yes\",IF($C$5=\"No\",\"No\",\"<>Luke\")),'Future Requirements'!$AC:$AC,IF($C$6=\"Agreed\",\"Agreed\",IF($C$6=\"C/Fwd\",\"C/Fwd\",\"<>Luke\")),'Future Requirements'!$AA:$AA,$I$4),0)+\nIF($J$5=\"Include\",SUMIFS('Future Requirements'!$O:$O,'Future Requirements'!$D:$D,$B21,'Future Requirements'!$G:$G,S$11,'Future Requirements'!$B:$B,IF($C$3=\"\",\">=\"&$F$3,\">=\"&$C$3),'Future Requirements'!$B:$B,IF($C$4=\"\",\"<=\"&$F$4,\"<=\"&$C$4),'Future Requirements'!$J:$J,IF($C$5=\"Yes\",\"Yes\",IF($C$5=\"No\",\"No\",\"<>Luke\")),'Future Requirements'!$AC:$AC,IF($C$6=\"Agreed\",\"Agreed\",IF($C$6=\"C/Fwd\",\"C/Fwd\",\"<>Luke\")),'Future Requirements'!$AA:$AA,$I$5),0)+\nIF($J$6=\"Include\",SUMIFS('Future Requirements'!$O:$O,'Future Requirements'!$D:$D,$B21,'Future Requirements'!$G:$G,S$11,'Future Requirements'!$B:$B,IF($C$3=\"\",\">=\"&$F$3,\">=\"&$C$3),'Future Requirements'!$B:$B,IF($C$4=\"\",\"<=\"&$F$4,\"<=\"&$C$4),'Future Requirements'!$J:$J,IF($C$5=\"Yes\",\"Yes\",IF($C$5=\"No\",\"No\",\"<>Luke\")),'Future Requirements'!$AC:$AC,IF($C$6=\"Agreed\",\"Agreed\",IF($C$6=\"C/Fwd\",\"C/Fwd\",\"<>Luke\")),'Future Requirements'!$AA:$AA,$I$6),0)+\nIF($J$7=\"Include\",SUMIFS('Future Requirements'!$O:$O,'Future Requirements'!$D:$D,$B21,'Future Requirements'!$G:$G,S$11,'Future Requirements'!$B:$B,IF($C$3=\"\",\">=\"&$F$3,\">=\"&$C$3),'Future Requirements'!$B:$B,IF($C$4=\"\",\"<=\"&$F$4,\"<=\"&$C$4),'Future Requirements'!$J:$J,IF($C$5=\"Yes\",\"Yes\",IF($C$5=\"No\",\"No\",\"<>Luke\")),'Future Requirements'!$AC:$AC,IF($C$6=\"Agreed\",\"Agreed\",IF($C$6=\"C/Fwd\",\"C/Fwd\",\"<>Luke\")),'Future Requirements'!$AA:$AA,$I$7),0)","v":0},0]
[null,"Total",{"$f":"SUM(C12:C21)","v":1265000},{"$f":"SUM(D12:D21)","v":720000},760000,270000,140000,790000,640000,745000,375000,410000,335000,625000,1310000,510000,175000,220000,305000,{"$f":"SUM(T12:T21)","v":9595000}]
[null,{"$f":"\"Date Span = from \"&IF($C$3=\"\",TEXT($F$3,\"DD/MM/YYYY\"),TEXT($C$3,\"DD/MM/YYYY\"))&\" to \"&IF($C$4=\"\",TEXT($F$4,\"DD/MM/YYYY\"),TEXT($C$4,\"DD/MM/YYYY\"))","v":"Date Span = from 07/11/2016 to 21/11/2017"}]
[]
[null,{"$f":"\"Count of entry by \"&B26&\" by Ward\"&IF($C$5=\"No\",\" not in the Resilience Network\",IF($C$5=\"Yes\",\" in the Resilience Network\",\"\"))&IF($C$6=\"Agreed\",\" where the Cabinet has agreed the works\",IF($C$6=\"C/Fwd\",\" where the works are being carried forward\",\"\"))","v":"Count of entry by Key Asset Group by Ward"}]
[null,"Key Asset Group","Belfairs","Blenheim Park","Chalkwell","Eastwood Park","Kursaal","Leigh","Milton","Prittlewell","Shoeburyness","Southchurch","St Laurence","St Luke's","Thorpe","Victoria","West Leigh","West Shoebury","Westborough","Total"]
[null,"A",{"$f":"IF($J$3=\"Include\",SUMIFS('Future Requirements'!$O:$O,'Future Requirements'!$H:$H,$B27,'Future Requirements'!$G:$G,C$26,'Future Requirements'!$B:$B,IF($C$3=\"\",\">=\"&$F$3,\">=\"&$C$3),'Future Requirements'!$B:$B,IF($C$4=\"\",\"<=\"&$F$4,\"<=\"&$C$4),'Future Requirements'!$J:$J,IF($C$5=\"Yes\",\"Yes\",IF($C$5=\"No\",\"No\",\"<>Luke\")),'Future Requirements'!$AC:$AC,IF($C$6=\"Agreed\",\"Agreed\",IF($C$6=\"C/Fwd\",\"C/Fwd\",\"<>Luke\")),'Future Requirements'!$AA:$AA,$I$3),0)+\nIF($J$4=\"Include\",SUMIFS('Future Requirements'!$O:$O,'Future Requirements'!$H:$H,$B27,'Future Requirements'!$G:$G,C$26,'Future Requirements'!$B:$B,IF($C$3=\"\",\">=\"&$F$3,\">=\"&$C$3),'Future Requirements'!$B:$B,IF($C$4=\"\",\"<=\"&$F$4,\"<=\"&$C$4),'Future Requirements'!$J:$J,IF($C$5=\"Yes\",\"Yes\",IF($C$5=\"No\",\"No\",\"<>Luke\")),'Future Requirements'!$AC:$AC,IF($C$6=\"Agreed\",\"Agreed\",IF($C$6=\"C/Fwd\",\"C/Fwd\",\"<>Luke\")),'Future Requirements'!$AA:$AA,$I$4),0)+\nIF($J$5=\"Include\",SUMIFS('Future Requirements'!$O:$O,'Future Requirements'!$H:$H,$B27,'Future Requirements'!$G:$G,C$26,'Future Requirements'!$B:$B,IF($C$3=\"\",\">=\"&$F$3,\">=\"&$C$3),'Future Requirements'!$B:$B,IF($C$4=\"\",\"<=\"&$F$4,\"<=\"&$C$4),'Future Requirements'!$J:$J,IF($C$5=\"Yes\",\"Yes\",IF($C$5=\"No\",\"No\",\"<>Luke\")),'Future Requirements'!$AC:$AC,IF($C$6=\"Agreed\",\"Agreed\",IF($C$6=\"C/Fwd\",\"C/Fwd\",\"<>Luke\")),'Future Requirements'!$AA:$AA,$I$5),0)+\nIF($J$6=\"Include\",SUMIFS('Future Requirements'!$O:$O,'Future Requirements'!$H:$H,$B27,'Future Requirements'!$G:$G,C$26,'Future Requirements'!$B:$B,IF($C$3=\"\",\">=\"&$F$3,\">=\"&$C$3),'Future Requirements'!$B:$B,IF($C$4=\"\",\"<=\"&$F$4,\"<=\"&$C$4),'Future Requirements'!$J:$J,IF($C$5=\"Yes\",\"Yes\",IF($C$5=\"No\",\"No\",\"<>Luke\")),'Future Requirements'!$AC:$AC,IF($C$6=\"Agreed\",\"Agreed\",IF($C$6=\"C/Fwd\",\"C/Fwd\",\"<>Luke\")),'Future Requirements'!$AA:$AA,$I$6),0)+\nIF($J$7=\"Include\",SUMIFS('Future Requirements'!$O:$O,'Future Requirements'!$H:$H,$B27,'Future Requirements'!$G:$G,C$26,'Future Requirements'!$B:$B,IF($C$3=\"\",\">=\"&$F$3,\">=\"&$C$3),'Future Requirements'!$B:$B,IF($C$4=\"\",\"<=\"&$F$4,\"<=\"&$C$4),'Future Requirements'!$J:$J,IF($C$5=\"Yes\",\"Yes\",IF($C$5=\"No\",\"No\",\"<>Luke\")),'Future Requirements'!$AC:$AC,IF($C$6=\"Agreed\",\"Agreed\",IF($C$6=\"C/Fwd\",\"C/Fwd\",\"<>Luke\")),'Future Requirements'!$AA:$AA,$I$7),0)","v":0},{"$f":"IF($J$3=\"Include\",SUMIFS('Future Requirements'!$O:$O,'Future Requirements'!$H:$H,$B27,'Future Requirements'!$G:$G,D$26,'Future Requirements'!$B:$B,IF($C$3=\"\",\">=\"&$F$3,\">=\"&$C$3),'Future Requirements'!$B:$B,IF($C$4=\"\",\"<=\"&$F$4,\"<=\"&$C$4),'Future Requirements'!$J:$J,IF($C$5=\"Yes\",\"Yes\",IF($C$5=\"No\",\"No\",\"<>Luke\")),'Future Requirements'!$AC:$AC,IF($C$6=\"Agreed\",\"Agreed\",IF($C$6=\"C/Fwd\",\"C/Fwd\",\"<>Luke\")),'Future Requirements'!$AA:$AA,$I$3),0)+\nIF($J$4=\"Include\",SUMIFS('Future Requirements'!$O:$O,'Future Requirements'!$H:$H,$B27,'Future Requirements'!$G:$G,D$26,'Future Requirements'!$B:$B,IF($C$3=\"\",\">=\"&$F$3,\">=\"&$C$3),'Future Requirements'!$B:$B,IF($C$4=\"\",\"<=\"&$F$4,\"<=\"&$C$4),'Future Requirements'!$J:$J,IF($C$5=\"Yes\",\"Yes\",IF($C$5=\"No\",\"No\",\"<>Luke\")),'Future Requirements'!$AC:$AC,IF($C$6=\"Agreed\",\"Agreed\",IF($C$6=\"C/Fwd\",\"C/Fwd\",\"<>Luke\")),'Future Requirements'!$AA:$AA,$I$4),0)+\nIF($J$5=\"Include\",SUMIFS('Future Requirements'!$O:$O,'Future Requirements'!$H:$H,$B27,'Future Requirements'!$G:$G,D$26,'Future Requirements'!$B:$B,IF($C$3=\"\",\">=\"&$F$3,\">=\"&$C$3),'Future Requirements'!$B:$B,IF($C$4=\"\",\"<=\"&$F$4,\"<=\"&$C$4),'Future Requirements'!$J:$J,IF($C$5=\"Yes\",\"Yes\",IF($C$5=\"No\",\"No\",\"<>Luke\")),'Future Requirements'!$AC:$AC,IF($C$6=\"Agreed\",\"Agreed\",IF($C$6=\"C/Fwd\",\"C/Fwd\",\"<>Luke\")),'Future Requirements'!$AA:$AA,$I$5),0)+\nIF($J$6=\"Include\",SUMIFS('Future Requirements'!$O:$O,'Future Requirements'!$H:$H,$B27,'Future Requirements'!$G:$G,D$26,'Future Requirements'!$B:$B,IF($C$3=\"\",\">=\"&$F$3,\">=\"&$C$3),'Future Requirements'!$B:$B,IF($C$4=\"\",\"<=\"&$F$4,\"<=\"&$C$4),'Future Requirements'!$J:$J,IF($C$5=\"Yes\",\"Yes\",IF($C$5=\"No\",\"No\",\"<>Luke\")),'Future Requirements'!$AC:$AC,IF($C$6=\"Agreed\",\"Agreed\",IF($C$6=\"C/Fwd\",\"C/Fwd\",\"<>Luke\")),'Future Requirements'!$AA:$AA,$I$6),0)+\nIF($J$7=\"Include\",SUMIFS('Future Requirements'!$O:$O,'Future Requirements'!$H:$H,$B27,'Future Requirements'!$G:$G,D$26,'Future Requirements'!$B:$B,IF($C$3=\"\",\">=\"&$F$3,\">=\"&$C$3),'Future Requirements'!$B:$B,IF($C$4=\"\",\"<=\"&$F$4,\"<=\"&$C$4),'Future Requirements'!$J:$J,IF($C$5=\"Yes\",\"Yes\",IF($C$5=\"No\",\"No\",\"<>Luke\")),'Future Requirements'!$AC:$AC,IF($C$6=\"Agreed\",\"Agreed\",IF($C$6=\"C/Fwd\",\"C/Fwd\",\"<>Luke\")),'Future Requirements'!$AA:$AA,$I$7),0)","v":0},{"$f":"IF($J$3=\"Include\",SUMIFS('Future Requirements'!$O:$O,'Future Requirements'!$H:$H,$B27,'Future Requirements'!$G:$G,E$26,'Future Requirements'!$B:$B,IF($C$3=\"\",\">=\"&$F$3,\">=\"&$C$3),'Future Requirements'!$B:$B,IF($C$4=\"\",\"<=\"&$F$4,\"<=\"&$C$4),'Future Requirements'!$J:$J,IF($C$5=\"Yes\",\"Yes\",IF($C$5=\"No\",\"No\",\"<>Luke\")),'Future Requirements'!$AC:$AC,IF($C$6=\"Agreed\",\"Agreed\",IF($C$6=\"C/Fwd\",\"C/Fwd\",\"<>Luke\")),'Future Requirements'!$AA:$AA,$I$3),0)+\nIF($J$4=\"Include\",SUMIFS('Future Requirements'!$O:$O,'Future Requirements'!$H:$H,$B27,'Future Requirements'!$G:$G,E$26,'Future Requirements'!$B:$B,IF($C$3=\"\",\">=\"&$F$3,\">=\"&$C$3),'Future Requirements'!$B:$B,IF($C$4=\"\",\"<=\"&$F$4,\"<=\"&$C$4),'Future Requirements'!$J:$J,IF($C$5=\"Yes\",\"Yes\",IF($C$5=\"No\",\"No\",\"<>Luke\")),'Future Requirements'!$AC:$AC,IF($C$6=\"Agreed\",\"Agreed\",IF($C$6=\"C/Fwd\",\"C/Fwd\",\"<>Luke\")),'Future Requirements'!$AA:$AA,$I$4),0)+\nIF($J$5=\"Include\",SUMIFS('Future Requirements'!$O:$O,'Future Requirements'!$H:$H,$B27,'Future Requirements'!$G:$G,E$26,'Future Requirements'!$B:$B,IF($C$3=\"\",\">=\"&$F$3,\">=\"&$C$3),'Future Requirements'!$B:$B,IF($C$4=\"\",\"<=\"&$F$4,\"<=\"&$C$4),'Future Requirements'!$J:$J,IF($C$5=\"Yes\",\"Yes\",IF($C$5=\"No\",\"No\",\"<>Luke\")),'Future Requirements'!$AC:$AC,IF($C$6=\"Agreed\",\"Agreed\",IF($C$6=\"C/Fwd\",\"C/Fwd\",\"<>Luke\")),'Future Requirements'!$AA:$AA,$I$5),0)+\nIF($J$6=\"Include\",SUMIFS('Future Requirements'!$O:$O,'Future Requirements'!$H:$H,$B27,'Future Requirements'!$G:$G,E$26,'Future Requirements'!$B:$B,IF($C$3=\"\",\">=\"&$F$3,\">=\"&$C$3),'Future Requirements'!$B:$B,IF($C$4=\"\",\"<=\"&$F$4,\"<=\"&$C$4),'Future Requirements'!$J:$J,IF($C$5=\"Yes\",\"Yes\",IF($C$5=\"No\",\"No\",\"<>Luke\")),'Future Requirements'!$AC:$AC,IF($C$6=\"Agreed\",\"Agreed\",IF($C$6=\"C/Fwd\",\"C/Fwd\",\"<>Luke\")),'Future Requirements'!$AA:$AA,$I$6),0)+\nIF($J$7=\"Include\",SUMIFS('Future Requirements'!$O:$O,'Future Requirements'!$H:$H,$B27,'Future Requirements'!$G:$G,E$26,'Future Requirements'!$B:$B,IF($C$3=\"\",\">=\"&$F$3,\">=\"&$C$3),'Future Requirements'!$B:$B,IF($C$4=\"\",\"<=\"&$F$4,\"<=\"&$C$4),'Future Requirements'!$J:$J,IF($C$5=\"Yes\",\"Yes\",IF($C$5=\"No\",\"No\",\"<>Luke\")),'Future Requirements'!$AC:$AC,IF($C$6=\"Agreed\",\"Agreed\",IF($C$6=\"C/Fwd\",\"C/Fwd\",\"<>Luke\")),'Future Requirements'!$AA:$AA,$I$7),0)","v":150000},{"$f":"IF($J$3=\"Include\",SUMIFS('Future Requirements'!$O:$O,'Future Requirements'!$H:$H,$B27,'Future Requirements'!$G:$G,F$26,'Future Requirements'!$B:$B,IF($C$3=\"\",\">=\"&$F$3,\">=\"&$C$3),'Future Requirements'!$B:$B,IF($C$4=\"\",\"<=\"&$F$4,\"<=\"&$C$4),'Future Requirements'!$J:$J,IF($C$5=\"Yes\",\"Yes\",IF($C$5=\"No\",\"No\",\"<>Luke\")),'Future Requirements'!$AC:$AC,IF($C$6=\"Agreed\",\"Agreed\",IF($C$6=\"C/Fwd\",\"C/Fwd\",\"<>Luke\")),'Future Requirements'!$AA:$AA,$I$3),0)+\nIF($J$4=\"Include\",SUMIFS('Future Requirements'!$O:$O,'Future Requirements'!$H:$H,$B27,'Future Requirements'!$G:$G,F$26,'Future Requirements'!$B:$B,IF($C$3=\"\",\">=\"&$F$3,\">=\"&$C$3),'Future Requirements'!$B:$B,IF($C$4=\"\",\"<=\"&$F$4,\"<=\"&$C$4),'Future Requirements'!$J:$J,IF($C$5=\"Yes\",\"Yes\",IF($C$5=\"No\",\"No\",\"<>Luke\")),'Future Requirements'!$AC:$AC,IF($C$6=\"Agreed\",\"Agreed\",IF($C$6=\"C/Fwd\",\"C/Fwd\",\"<>Luke\")),'Future Requirements'!$AA:$AA,$I$4),0)+\nIF($J$5=\"Include\",SUMIFS('Future Requirements'!$O:$O,'Future Requirements'!$H:$H,$B27,'Future Requirements'!$G:$G,F$26,'Future Requirements'!$B:$B,IF($C$3=\"\",\">=\"&$F$3,\">=\"&$C$3),'Future Requirements'!$B:$B,IF($C$4=\"\",\"<=\"&$F$4,\"<=\"&$C$4),'Future Requirements'!$J:$J,IF($C$5=\"Yes\",\"Yes\",IF($C$5=\"No\",\"No\",\"<>Luke\")),'Future Requirements'!$AC:$AC,IF($C$6=\"Agreed\",\"Agreed\",IF($C$6=\"C/Fwd\",\"C/Fwd\",\"<>Luke\")),'Future Requirements'!$AA:$AA,$I$5),0)+\nIF($J$6=\"Include\",SUMIFS('Future Requirements'!$O:$O,'Future Requirements'!$H:$H,$B27,'Future Requirements'!$G:$G,F$26,'Future Requirements'!$B:$B,IF($C$3=\"\",\">=\"&$F$3,\">=\"&$C$3),'Future Requirements'!$B:$B,IF($C$4=\"\",\"<=\"&$F$4,\"<=\"&$C$4),'Future Requirements'!$J:$J,IF($C$5=\"Yes\",\"Yes\",IF($C$5=\"No\",\"No\",\"<>Luke\")),'Future Requirements'!$AC:$AC,IF($C$6=\"Agreed\",\"Agreed\",IF($C$6=\"C/Fwd\",\"C/Fwd\",\"<>Luke\")),'Future Requirements'!$AA:$AA,$I$6),0)+\nIF($J$7=\"Include\",SUMIFS('Future Requirements'!$O:$O,'Future Requirements'!$H:$H,$B27,'Future Requirements'!$G:$G,F$26,'Future Requirements'!$B:$B,IF($C$3=\"\",\">=\"&$F$3,\">=\"&$C$3),'Future Requirements'!$B:$B,IF($C$4=\"\",\"<=\"&$F$4,\"<=\"&$C$4),'Future Requirements'!$J:$J,IF($C$5=\"Yes\",\"Yes\",IF($C$5=\"No\",\"No\",\"<>Luke\")),'Future Requirements'!$AC:$AC,IF($C$6=\"Agreed\",\"Agreed\",IF($C$6=\"C/Fwd\",\"C/Fwd\",\"<>Luke\")),'Future Requirements'!$AA:$AA,$I$7),0)","v":0},{"$f":"IF($J$3=\"Include\",SUMIFS('Future Requirements'!$O:$O,'Future Requirements'!$H:$H,$B27,'Future Requirements'!$G:$G,G$26,'Future Requirements'!$B:$B,IF($C$3=\"\",\">=\"&$F$3,\">=\"&$C$3),'Future Requirements'!$B:$B,IF($C$4=\"\",\"<=\"&$F$4,\"<=\"&$C$4),'Future Requirements'!$J:$J,IF($C$5=\"Yes\",\"Yes\",IF($C$5=\"No\",\"No\",\"<>Luke\")),'Future Requirements'!$AC:$AC,IF($C$6=\"Agreed\",\"Agreed\",IF($C$6=\"C/Fwd\",\"C/Fwd\",\"<>Luke\")),'Future Requirements'!$AA:$AA,$I$3),0)+\nIF($J$4=\"Include\",SUMIFS('Future Requirements'!$O:$O,'Future Requirements'!$H:$H,$B27,'Future Requirements'!$G:$G,G$26,'Future Requirements'!$B:$B,IF($C$3=\"\",\">=\"&$F$3,\">=\"&$C$3),'Future Requirements'!$B:$B,IF($C$4=\"\",\"<=\"&$F$4,\"<=\"&$C$4),'Future Requirements'!$J:$J,IF($C$5=\"Yes\",\"Yes\",IF($C$5=\"No\",\"No\",\"<>Luke\")),'Future Requirements'!$AC:$AC,IF($C$6=\"Agreed\",\"Agreed\",IF($C$6=\"C/Fwd\",\"C/Fwd\",\"<>Luke\")),'Future Requirements'!$AA:$AA,$I$4),0)+\nIF($J$5=\"Include\",SUMIFS('Future Requirements'!$O:$O,'Future Requirements'!$H:$H,$B27,'Future Requirements'!$G:$G,G$26,'Future Requirements'!$B:$B,IF($C$3=\"\",\">=\"&$F$3,\">=\"&$C$3),'Future Requirements'!$B:$B,IF($C$4=\"\",\"<=\"&$F$4,\"<=\"&$C$4),'Future Requirements'!$J:$J,IF($C$5=\"Yes\",\"Yes\",IF($C$5=\"No\",\"No\",\"<>Luke\")),'Future Requirements'!$AC:$AC,IF($C$6=\"Agreed\",\"Agreed\",IF($C$6=\"C/Fwd\",\"C/Fwd\",\"<>Luke\")),'Future Requirements'!$AA:$AA,$I$5),0)+\nIF($J$6=\"Include\",SUMIFS('Future Requirements'!$O:$O,'Future Requirements'!$H:$H,$B27,'Future Requirements'!$G:$G,G$26,'Future Requirements'!$B:$B,IF($C$3=\"\",\">=\"&$F$3,\">=\"&$C$3),'Future Requirements'!$B:$B,IF($C$4=\"\",\"<=\"&$F$4,\"<=\"&$C$4),'Future Requirements'!$J:$J,IF($C$5=\"Yes\",\"Yes\",IF($C$5=\"No\",\"No\",\"<>Luke\")),'Future Requirements'!$AC:$AC,IF($C$6=\"Agreed\",\"Agreed\",IF($C$6=\"C/Fwd\",\"C/Fwd\",\"<>Luke\")),'Future Requirements'!$AA:$AA,$I$6),0)+\nIF($J$7=\"Include\",SUMIFS('Future Requirements'!$O:$O,'Future Requirements'!$H:$H,$B27,'Future Requirements'!$G:$G,G$26,'Future Requirements'!$B:$B,IF($C$3=\"\",\">=\"&$F$3,\">=\"&$C$3),'Future Requirements'!$B:$B,IF($C$4=\"\",\"<=\"&$F$4,\"<=\"&$C$4),'Future Requirements'!$J:$J,IF($C$5=\"Yes\",\"Yes\",IF($C$5=\"No\",\"No\",\"<>Luke\")),'Future Requirements'!$AC:$AC,IF($C$6=\"Agreed\",\"Agreed\",IF($C$6=\"C/Fwd\",\"C/Fwd\",\"<>Luke\")),'Future Requirements'!$AA:$AA,$I$7),0)","v":0},{"$f":"IF($J$3=\"Include\",SUMIFS('Future Requirements'!$O:$O,'Future Requirements'!$H:$H,$B27,'Future Requirements'!$G:$G,H$26,'Future Requirements'!$B:$B,IF($C$3=\"\",\">=\"&$F$3,\">=\"&$C$3),'Future Requirements'!$B:$B,IF($C$4=\"\",\"<=\"&$F$4,\"<=\"&$C$4),'Future Requirements'!$J:$J,IF($C$5=\"Yes\",\"Yes\",IF($C$5=\"No\",\"No\",\"<>Luke\")),'Future Requirements'!$AC:$AC,IF($C$6=\"Agreed\",\"Agreed\",IF($C$6=\"C/Fwd\",\"C/Fwd\",\"<>Luke\")),'Future Requirements'!$AA:$AA,$I$3),0)+\nIF($J$4=\"Include\",SUMIFS('Future Requirements'!$O:$O,'Future Requirements'!$H:$H,$B27,'Future Requirements'!$G:$G,H$26,'Future Requirements'!$B:$B,IF($C$3=\"\",\">=\"&$F$3,\">=\"&$C$3),'Future Requirements'!$B:$B,IF($C$4=\"\",\"<=\"&$F$4,\"<=\"&$C$4),'Future Requirements'!$J:$J,IF($C$5=\"Yes\",\"Yes\",IF($C$5=\"No\",\"No\",\"<>Luke\")),'Future Requirements'!$AC:$AC,IF($C$6=\"Agreed\",\"Agreed\",IF($C$6=\"C/Fwd\",\"C/Fwd\",\"<>Luke\")),'Future Requirements'!$AA:$AA,$I$4),0)+\nIF($J$5=\"Include\",SUMIFS('Future Requirements'!$O:$O,'Future Requirements'!$H:$H,$B27,'Future Requirements'!$G:$G,H$26,'Future Requirements'!$B:$B,IF($C$3=\"\",\">=\"&$F$3,\">=\"&$C$3),'Future Requirements'!$B:$B,IF($C$4=\"\",\"<=\"&$F$4,\"<=\"&$C$4),'Future Requirements'!$J:$J,IF($C$5=\"Yes\",\"Yes\",IF($C$5=\"No\",\"No\",\"<>Luke\")),'Future Requirements'!$AC:$AC,IF($C$6=\"Agreed\",\"Agreed\",IF($C$6=\"C/Fwd\",\"C/Fwd\",\"<>Luke\")),'Future Requirements'!$AA:$AA,$I$5),0)+\nIF($J$6=\"Include\",SUMIFS('Future Requirements'!$O:$O,'Future Requirements'!$H:$H,$B27,'Future Requirements'!$G:$G,H$26,'Future Requirements'!$B:$B,IF($C$3=\"\",\">=\"&$F$3,\">=\"&$C$3),'Future Requirements'!$B:$B,IF($C$4=\"\",\"<=\"&$F$4,\"<=\"&$C$4),'Future Requirements'!$J:$J,IF($C$5=\"Yes\",\"Yes\",IF($C$5=\"No\",\"No\",\"<>Luke\")),'Future Requirements'!$AC:$AC,IF($C$6=\"Agreed\",\"Agreed\",IF($C$6=\"C/Fwd\",\"C/Fwd\",\"<>Luke\")),'Future Requirements'!$AA:$AA,$I$6),0)+\nIF($J$7=\"Include\",SUMIFS('Future Requirements'!$O:$O,'Future Requirements'!$H:$H,$B27,'Future Requirements'!$G:$G,H$26,'Future Requirements'!$B:$B,IF($C$3=\"\",\">=\"&$F$3,\">=\"&$C$3),'Future Requirements'!$B:$B,IF($C$4=\"\",\"<=\"&$F$4,\"<=\"&$C$4),'Future Requirements'!$J:$J,IF($C$5=\"Yes\",\"Yes\",IF($C$5=\"No\",\"No\",\"<>Luke\")),'Future Requirements'!$AC:$AC,IF($C$6=\"Agreed\",\"Agreed\",IF($C$6=\"C/Fwd\",\"C/Fwd\",\"<>Luke\")),'Future Requirements'!$AA:$AA,$I$7),0)","v":150000},{"$f":"IF($J$3=\"Include\",SUMIFS('Future Requirements'!$O:$O,'Future Requirements'!$H:$H,$B27,'Future Requirements'!$G:$G,I$26,'Future Requirements'!$B:$B,IF($C$3=\"\",\">=\"&$F$3,\">=\"&$C$3),'Future Requirements'!$B:$B,IF($C$4=\"\",\"<=\"&$F$4,\"<=\"&$C$4),'Future Requirements'!$J:$J,IF($C$5=\"Yes\",\"Yes\",IF($C$5=\"No\",\"No\",\"<>Luke\")),'Future Requirements'!$AC:$AC,IF($C$6=\"Agreed\",\"Agreed\",IF($C$6=\"C/Fwd\",\"C/Fwd\",\"<>Luke\")),'Future Requirements'!$AA:$AA,$I$3),0)+\nIF($J$4=\"Include\",SUMIFS('Future Requirements'!$O:$O,'Future Requirements'!$H:$H,$B27,'Future Requirements'!$G:$G,I$26,'Future Requirements'!$B:$B,IF($C$3=\"\",\">=\"&$F$3,\">=\"&$C$3),'Future Requirements'!$B:$B,IF($C$4=\"\",\"<=\"&$F$4,\"<=\"&$C$4),'Future Requirements'!$J:$J,IF($C$5=\"Yes\",\"Yes\",IF($C$5=\"No\",\"No\",\"<>Luke\")),'Future Requirements'!$AC:$AC,IF($C$6=\"Agreed\",\"Agreed\",IF($C$6=\"C/Fwd\",\"C/Fwd\",\"<>Luke\")),'Future Requirements'!$AA:$AA,$I$4),0)+\nIF($J$5=\"Include\",SUMIFS('Future Requirements'!$O:$O,'Future Requirements'!$H:$H,$B27,'Future Requirements'!$G:$G,I$26,'Future Requirements'!$B:$B,IF($C$3=\"\",\">=\"&$F$3,\">=\"&$C$3),'Future Requirements'!$B:$B,IF($C$4=\"\",\"<=\"&$F$4,\"<=\"&$C$4),'Future Requirements'!$J:$J,IF($C$5=\"Yes\",\"Yes\",IF($C$5=\"No\",\"No\",\"<>Luke\")),'Future Requirements'!$AC:$AC,IF($C$6=\"Agreed\",\"Agreed\",IF($C$6=\"C/Fwd\",\"C/Fwd\",\"<>Luke\")),'Future Requirements'!$AA:$AA,$I$5),0)+\nIF($J$6=\"Include\",SUMIFS('Future Requirements'!$O:$O,'Future Requirements'!$H:$H,$B27,'Future Requirements'!$G:$G,I$26,'Future Requirements'!$B:$B,IF($C$3=\"\",\">=\"&$F$3,\">=\"&$C$3),'Future Requirements'!$B:$B,IF($C$4=\"\",\"<=\"&$F$4,\"<=\"&$C$4),'Future Requirements'!$J:$J,IF($C$5=\"Yes\",\"Yes\",IF($C$5=\"No\",\"No\",\"<>Luke\")),'Future Requirements'!$AC:$AC,IF($C$6=\"Agreed\",\"Agreed\",IF($C$6=\"C/Fwd\",\"C/Fwd\",\"<>Luke\")),'Future Requirements'!$AA:$AA,$I$6),0)+\nIF($J$7=\"Include\",SUMIFS('Future Requirements'!$O:$O,'Future Requirements'!$H:$H,$B27,'Future Requirements'!$G:$G,I$26,'Future Requirements'!$B:$B,IF($C$3=\"\",\">=\"&$F$3,\">=\"&$C$3),'Future Requirements'!$B:$B,IF($C$4=\"\",\"<=\"&$F$4,\"<=\"&$C$4),'Future Requirements'!$J:$J,IF($C$5=\"Yes\",\"Yes\",IF($C$5=\"No\",\"No\",\"<>Luke\")),'Future Requirements'!$AC:$AC,IF($C$6=\"Agreed\",\"Agreed\",IF($C$6=\"C/Fwd\",\"C/Fwd\",\"<>Luke\")),'Future Requirements'!$AA:$AA,$I$7),0)","v":150000},{"$f":"IF($J$3=\"Include\",SUMIFS('Future Requirements'!$O:$O,'Future Requirements'!$H:$H,$B27,'Future Requirements'!$G:$G,J$26,'Future Requirements'!$B:$B,IF($C$3=\"\",\">=\"&$F$3,\">=\"&$C$3),'Future Requirements'!$B:$B,IF($C$4=\"\",\"<=\"&$F$4,\"<=\"&$C$4),'Future Requirements'!$J:$J,IF($C$5=\"Yes\",\"Yes\",IF($C$5=\"No\",\"No\",\"<>Luke\")),'Future Requirements'!$AC:$AC,IF($C$6=\"Agreed\",\"Agreed\",IF($C$6=\"C/Fwd\",\"C/Fwd\",\"<>Luke\")),'Future Requirements'!$AA:$AA,$I$3),0)+\nIF($J$4=\"Include\",SUMIFS('Future Requirements'!$O:$O,'Future Requirements'!$H:$H,$B27,'Future Requirements'!$G:$G,J$26,'Future Requirements'!$B:$B,IF($C$3=\"\",\">=\"&$F$3,\">=\"&$C$3),'Future Requirements'!$B:$B,IF($C$4=\"\",\"<=\"&$F$4,\"<=\"&$C$4),'Future Requirements'!$J:$J,IF($C$5=\"Yes\",\"Yes\",IF($C$5=\"No\",\"No\",\"<>Luke\")),'Future Requirements'!$AC:$AC,IF($C$6=\"Agreed\",\"Agreed\",IF($C$6=\"C/Fwd\",\"C/Fwd\",\"<>Luke\")),'Future Requirements'!$AA:$AA,$I$4),0)+\nIF($J$5=\"Include\",SUMIFS('Future Requirements'!$O:$O,'Future Requirements'!$H:$H,$B27,'Future Requirements'!$G:$G,J$26,'Future Requirements'!$B:$B,IF($C$3=\"\",\">=\"&$F$3,\">=\"&$C$3),'Future Requirements'!$B:$B,IF($C$4=\"\",\"<=\"&$F$4,\"<=\"&$C$4),'Future Requirements'!$J:$J,IF($C$5=\"Yes\",\"Yes\",IF($C$5=\"No\",\"No\",\"<>Luke\")),'Future Requirements'!$AC:$AC,IF($C$6=\"Agreed\",\"Agreed\",IF($C$6=\"C/Fwd\",\"C/Fwd\",\"<>Luke\")),'Future Requirements'!$AA:$AA,$I$5),0)+\nIF($J$6=\"Include\",SUMIFS('Future Requirements'!$O:$O,'Future Requirements'!$H:$H,$B27,'Future Requirements'!$G:$G,J$26,'Future Requirements'!$B:$B,IF($C$3=\"\",\">=\"&$F$3,\">=\"&$C$3),'Future Requirements'!$B:$B,IF($C$4=\"\",\"<=\"&$F$4,\"<=\"&$C$4),'Future Requirements'!$J:$J,IF($C$5=\"Yes\",\"Yes\",IF($C$5=\"No\",\"No\",\"<>Luke\")),'Future Requirements'!$AC:$AC,IF($C$6=\"Agreed\",\"Agreed\",IF($C$6=\"C/Fwd\",\"C/Fwd\",\"<>Luke\")),'Future Requirements'!$AA:$AA,$I$6),0)+\nIF($J$7=\"Include\",SUMIFS('Future Requirements'!$O:$O,'Future Requirements'!$H:$H,$B27,'Future Requirements'!$G:$G,J$26,'Future Requirements'!$B:$B,IF($C$3=\"\",\">=\"&$F$3,\">=\"&$C$3),'Future Requirements'!$B:$B,IF($C$4=\"\",\"<=\"&$F$4,\"<=\"&$C$4),'Future Requirements'!$J:$J,IF($C$5=\"Yes\",\"Yes\",IF($C$5=\"No\",\"No\",\"<>Luke\")),'Future Requirements'!$AC:$AC,IF($C$6=\"Agreed\",\"Agreed\",IF($C$6=\"C/Fwd\",\"C/Fwd\",\"<>Luke\")),'Future Requirements'!$AA:$AA,$I$7),0)","v":0},{"$f":"IF($J$3=\"Include\",SUMIFS('Future Requirements'!$O:$O,'Future Requirements'!$H:$H,$B27,'Future Requirements'!$G:$G,K$26,'Future Requirements'!$B:$B,IF($C$3=\"\",\">=\"&$F$3,\">=\"&$C$3),'Future Requirements'!$B:$B,IF($C$4=\"\",\"<=\"&$F$4,\"<=\"&$C$4),'Future Requirements'!$J:$J,IF($C$5=\"Yes\",\"Yes\",IF($C$5=\"No\",\"No\",\"<>Luke\")),'Future Requirements'!$AC:$AC,IF($C$6=\"Agreed\",\"Agreed\",IF($C$6=\"C/Fwd\",\"C/Fwd\",\"<>Luke\")),'Future Requirements'!$AA:$AA,$I$3),0)+\nIF($J$4=\"Include\",SUMIFS('Future Requirements'!$O:$O,'Future Requirements'!$H:$H,$B27,'Future Requirements'!$G:$G,K$26,'Future Requirements'!$B:$B,IF($C$3=\"\",\">=\"&$F$3,\">=\"&$C$3),'Future Requirements'!$B:$B,IF($C$4=\"\",\"<=\"&$F$4,\"<=\"&$C$4),'Future Requirements'!$J:$J,IF($C$5=\"Yes\",\"Yes\",IF($C$5=\"No\",\"No\",\"<>Luke\")),'Future Requirements'!$AC:$AC,IF($C$6=\"Agreed\",\"Agreed\",IF($C$6=\"C/Fwd\",\"C/Fwd\",\"<>Luke\")),'Future Requirements'!$AA:$AA,$I$4),0)+\nIF($J$5=\"Include\",SUMIFS('Future Requirements'!$O:$O,'Future Requirements'!$H:$H,$B27,'Future Requirements'!$G:$G,K$26,'Future Requirements'!$B:$B,IF($C$3=\"\",\">=\"&$F$3,\">=\"&$C$3),'Future Requirements'!$B:$B,IF($C$4=\"\",\"<=\"&$F$4,\"<=\"&$C$4),'Future Requirements'!$J:$J,IF($C$5=\"Yes\",\"Yes\",IF($C$5=\"No\",\"No\",\"<>Luke\")),'Future Requirements'!$AC:$AC,IF($C$6=\"Agreed\",\"Agreed\",IF($C$6=\"C/Fwd\",\"C/Fwd\",\"<>Luke\")),'Future Requirements'!$AA:$AA,$I$5),0)+\nIF($J$6=\"Include\",SUMIFS('Future Requirements'!$O:$O,'Future Requirements'!$H:$H,$B27,'Future Requirements'!$G:$G,K$26,'Future Requirements'!$B:$B,IF($C$3=\"\",\">=\"&$F$3,\">=\"&$C$3),'Future Requirements'!$B:$B,IF($C$4=\"\",\"<=\"&$F$4,\"<=\"&$C$4),'Future Requirements'!$J:$J,IF($C$5=\"Yes\",\"Yes\",IF($C$5=\"No\",\"No\",\"<>Luke\")),'Future Requirements'!$AC:$AC,IF($C$6=\"Agreed\",\"Agreed\",IF($C$6=\"C/Fwd\",\"C/Fwd\",\"<>Luke\")),'Future Requirements'!$AA:$AA,$I$6),0)+\nIF($J$7=\"Include\",SUMIFS('Future Requirements'!$O:$O,'Future Requirements'!$H:$H,$B27,'Future Requirements'!$G:$G,K$26,'Future Requirements'!$B:$B,IF($C$3=\"\",\">=\"&$F$3,\">=\"&$C$3),'Future Requirements'!$B:$B,IF($C$4=\"\",\"<=\"&$F$4,\"<=\"&$C$4),'Future Requirements'!$J:$J,IF($C$5=\"Yes\",\"Yes\",IF($C$5=\"No\",\"No\",\"<>Luke\")),'Future Requirements'!$AC:$AC,IF($C$6=\"Agreed\",\"Agreed\",IF($C$6=\"C/Fwd\",\"C/Fwd\",\"<>Luke\")),'Future Requirements'!$AA:$AA,$I$7),0)","v":0},{"$f":"IF($J$3=\"Include\",SUMIFS('Future Requirements'!$O:$O,'Future Requirements'!$H:$H,$B27,'Future Requirements'!$G:$G,L$26,'Future Requirements'!$B:$B,IF($C$3=\"\",\">=\"&$F$3,\">=\"&$C$3),'Future Requirements'!$B:$B,IF($C$4=\"\",\"<=\"&$F$4,\"<=\"&$C$4),'Future Requirements'!$J:$J,IF($C$5=\"Yes\",\"Yes\",IF($C$5=\"No\",\"No\",\"<>Luke\")),'Future Requirements'!$AC:$AC,IF($C$6=\"Agreed\",\"Agreed\",IF($C$6=\"C/Fwd\",\"C/Fwd\",\"<>Luke\")),'Future Requirements'!$AA:$AA,$I$3),0)+\nIF($J$4=\"Include\",SUMIFS('Future Requirements'!$O:$O,'Future Requirements'!$H:$H,$B27,'Future Requirements'!$G:$G,L$26,'Future Requirements'!$B:$B,IF($C$3=\"\",\">=\"&$F$3,\">=\"&$C$3),'Future Requirements'!$B:$B,IF($C$4=\"\",\"<=\"&$F$4,\"<=\"&$C$4),'Future Requirements'!$J:$J,IF($C$5=\"Yes\",\"Yes\",IF($C$5=\"No\",\"No\",\"<>Luke\")),'Future Requirements'!$AC:$AC,IF($C$6=\"Agreed\",\"Agreed\",IF($C$6=\"C/Fwd\",\"C/Fwd\",\"<>Luke\")),'Future Requirements'!$AA:$AA,$I$4),0)+\nIF($J$5=\"Include\",SUMIFS('Future Requirements'!$O:$O,'Future Requirements'!$H:$H,$B27,'Future Requirements'!$G:$G,L$26,'Future Requirements'!$B:$B,IF($C$3=\"\",\">=\"&$F$3,\">=\"&$C$3),'Future Requirements'!$B:$B,IF($C$4=\"\",\"<=\"&$F$4,\"<=\"&$C$4),'Future Requirements'!$J:$J,IF($C$5=\"Yes\",\"Yes\",IF($C$5=\"No\",\"No\",\"<>Luke\")),'Future Requirements'!$AC:$AC,IF($C$6=\"Agreed\",\"Agreed\",IF($C$6=\"C/Fwd\",\"C/Fwd\",\"<>Luke\")),'Future Requirements'!$AA:$AA,$I$5),0)+\nIF($J$6=\"Include\",SUMIFS('Future Requirements'!$O:$O,'Future Requirements'!$H:$H,$B27,'Future Requirements'!$G:$G,L$26,'Future Requirements'!$B:$B,IF($C$3=\"\",\">=\"&$F$3,\">=\"&$C$3),'Future Requirements'!$B:$B,IF($C$4=\"\",\"<=\"&$F$4,\"<=\"&$C$4),'Future Requirements'!$J:$J,IF($C$5=\"Yes\",\"Yes\",IF($C$5=\"No\",\"No\",\"<>Luke\")),'Future Requirements'!$AC:$AC,IF($C$6=\"Agreed\",\"Agreed\",IF($C$6=\"C/Fwd\",\"C/Fwd\",\"<>Luke\")),'Future Requirements'!$AA:$AA,$I$6),0)+\nIF($J$7=\"Include\",SUMIFS('Future Requirements'!$O:$O,'Future Requirements'!$H:$H,$B27,'Future Requirements'!$G:$G,L$26,'Future Requirements'!$B:$B,IF($C$3=\"\",\">=\"&$F$3,\">=\"&$C$3),'Future Requirements'!$B:$B,IF($C$4=\"\",\"<=\"&$F$4,\"<=\"&$C$4),'Future Requirements'!$J:$J,IF($C$5=\"Yes\",\"Yes\",IF($C$5=\"No\",\"No\",\"<>Luke\")),'Future Requirements'!$AC:$AC,IF($C$6=\"Agreed\",\"Agreed\",IF($C$6=\"C/Fwd\",\"C/Fwd\",\"<>Luke\")),'Future Requirements'!$AA:$AA,$I$7),0)","v":90000},{"$f":"IF($J$3=\"Include\",SUMIFS('Future Requirements'!$O:$O,'Future Requirements'!$H:$H,$B27,'Future Requirements'!$G:$G,M$26,'Future Requirements'!$B:$B,IF($C$3=\"\",\">=\"&$F$3,\">=\"&$C$3),'Future Requirements'!$B:$B,IF($C$4=\"\",\"<=\"&$F$4,\"<=\"&$C$4),'Future Requirements'!$J:$J,IF($C$5=\"Yes\",\"Yes\",IF($C$5=\"No\",\"No\",\"<>Luke\")),'Future Requirements'!$AC:$AC,IF($C$6=\"Agreed\",\"Agreed\",IF($C$6=\"C/Fwd\",\"C/Fwd\",\"<>Luke\")),'Future Requirements'!$AA:$AA,$I$3),0)+\nIF($J$4=\"Include\",SUMIFS('Future Requirements'!$O:$O,'Future Requirements'!$H:$H,$B27,'Future Requirements'!$G:$G,M$26,'Future Requirements'!$B:$B,IF($C$3=\"\",\">=\"&$F$3,\">=\"&$C$3),'Future Requirements'!$B:$B,IF($C$4=\"\",\"<=\"&$F$4,\"<=\"&$C$4),'Future Requirements'!$J:$J,IF($C$5=\"Yes\",\"Yes\",IF($C$5=\"No\",\"No\",\"<>Luke\")),'Future Requirements'!$AC:$AC,IF($C$6=\"Agreed\",\"Agreed\",IF($C$6=\"C/Fwd\",\"C/Fwd\",\"<>Luke\")),'Future Requirements'!$AA:$AA,$I$4),0)+\nIF($J$5=\"Include\",SUMIFS('Future Requirements'!$O:$O,'Future Requirements'!$H:$H,$B27,'Future Requirements'!$G:$G,M$26,'Future Requirements'!$B:$B,IF($C$3=\"\",\">=\"&$F$3,\">=\"&$C$3),'Future Requirements'!$B:$B,IF($C$4=\"\",\"<=\"&$F$4,\"<=\"&$C$4),'Future Requirements'!$J:$J,IF($C$5=\"Yes\",\"Yes\",IF($C$5=\"No\",\"No\",\"<>Luke\")),'Future Requirements'!$AC:$AC,IF($C$6=\"Agreed\",\"Agreed\",IF($C$6=\"C/Fwd\",\"C/Fwd\",\"<>Luke\")),'Future Requirements'!$AA:$AA,$I$5),0)+\nIF($J$6=\"Include\",SUMIFS('Future Requirements'!$O:$O,'Future Requirements'!$H:$H,$B27,'Future Requirements'!$G:$G,M$26,'Future Requirements'!$B:$B,IF($C$3=\"\",\">=\"&$F$3,\">=\"&$C$3),'Future Requirements'!$B:$B,IF($C$4=\"\",\"<=\"&$F$4,\"<=\"&$C$4),'Future Requirements'!$J:$J,IF($C$5=\"Yes\",\"Yes\",IF($C$5=\"No\",\"No\",\"<>Luke\")),'Future Requirements'!$AC:$AC,IF($C$6=\"Agreed\",\"Agreed\",IF($C$6=\"C/Fwd\",\"C/Fwd\",\"<>Luke\")),'Future Requirements'!$AA:$AA,$I$6),0)+\nIF($J$7=\"Include\",SUMIFS('Future Requirements'!$O:$O,'Future Requirements'!$H:$H,$B27,'Future Requirements'!$G:$G,M$26,'Future Requirements'!$B:$B,IF($C$3=\"\",\">=\"&$F$3,\">=\"&$C$3),'Future Requirements'!$B:$B,IF($C$4=\"\",\"<=\"&$F$4,\"<=\"&$C$4),'Future Requirements'!$J:$J,IF($C$5=\"Yes\",\"Yes\",IF($C$5=\"No\",\"No\",\"<>Luke\")),'Future Requirements'!$AC:$AC,IF($C$6=\"Agreed\",\"Agreed\",IF($C$6=\"C/Fwd\",\"C/Fwd\",\"<>Luke\")),'Future Requirements'!$AA:$AA,$I$7),0)","v":0},{"$f":"IF($J$3=\"Include\",SUMIFS('Future Requirements'!$O:$O,'Future Requirements'!$H:$H,$B27,'Future Requirements'!$G:$G,N$26,'Future Requirements'!$B:$B,IF($C$3=\"\",\">=\"&$F$3,\">=\"&$C$3),'Future Requirements'!$B:$B,IF($C$4=\"\",\"<=\"&$F$4,\"<=\"&$C$4),'Future Requirements'!$J:$J,IF($C$5=\"Yes\",\"Yes\",IF($C$5=\"No\",\"No\",\"<>Luke\")),'Future Requirements'!$AC:$AC,IF($C$6=\"Agreed\",\"Agreed\",IF($C$6=\"C/Fwd\",\"C/Fwd\",\"<>Luke\")),'Future Requirements'!$AA:$AA,$I$3),0)+\nIF($J$4=\"Include\",SUMIFS('Future Requirements'!$O:$O,'Future Requirements'!$H:$H,$B27,'Future Requirements'!$G:$G,N$26,'Future Requirements'!$B:$B,IF($C$3=\"\",\">=\"&$F$3,\">=\"&$C$3),'Future Requirements'!$B:$B,IF($C$4=\"\",\"<=\"&$F$4,\"<=\"&$C$4),'Future Requirements'!$J:$J,IF($C$5=\"Yes\",\"Yes\",IF($C$5=\"No\",\"No\",\"<>Luke\")),'Future Requirements'!$AC:$AC,IF($C$6=\"Agreed\",\"Agreed\",IF($C$6=\"C/Fwd\",\"C/Fwd\",\"<>Luke\")),'Future Requirements'!$AA:$AA,$I$4),0)+\nIF($J$5=\"Include\",SUMIFS('Future Requirements'!$O:$O,'Future Requirements'!$H:$H,$B27,'Future Requirements'!$G:$G,N$26,'Future Requirements'!$B:$B,IF($C$3=\"\",\">=\"&$F$3,\">=\"&$C$3),'Future Requirements'!$B:$B,IF($C$4=\"\",\"<=\"&$F$4,\"<=\"&$C$4),'Future Requirements'!$J:$J,IF($C$5=\"Yes\",\"Yes\",IF($C$5=\"No\",\"No\",\"<>Luke\")),'Future Requirements'!$AC:$AC,IF($C$6=\"Agreed\",\"Agreed\",IF($C$6=\"C/Fwd\",\"C/Fwd\",\"<>Luke\")),'Future Requirements'!$AA:$AA,$I$5),0)+\nIF($J$6=\"Include\",SUMIFS('Future Requirements'!$O:$O,'Future Requirements'!$H:$H,$B27,'Future Requirements'!$G:$G,N$26,'Future Requirements'!$B:$B,IF($C$3=\"\",\">=\"&$F$3,\">=\"&$C$3),'Future Requirements'!$B:$B,IF($C$4=\"\",\"<=\"&$F$4,\"<=\"&$C$4),'Future Requirements'!$J:$J,IF($C$5=\"Yes\",\"Yes\",IF($C$5=\"No\",\"No\",\"<>Luke\")),'Future Requirements'!$AC:$AC,IF($C$6=\"Agreed\",\"Agreed\",IF($C$6=\"C/Fwd\",\"C/Fwd\",\"<>Luke\")),'Future Requirements'!$AA:$AA,$I$6),0)+\nIF($J$7=\"Include\",SUMIFS('Future Requirements'!$O:$O,'Future Requirements'!$H:$H,$B27,'Future Requirements'!$G:$G,N$26,'Future Requirements'!$B:$B,IF($C$3=\"\",\">=\"&$F$3,\">=\"&$C$3),'Future Requirements'!$B:$B,IF($C$4=\"\",\"<=\"&$F$4,\"<=\"&$C$4),'Future Requirements'!$J:$J,IF($C$5=\"Yes\",\"Yes\",IF($C$5=\"No\",\"No\",\"<>Luke\")),'Future Requirements'!$AC:$AC,IF($C$6=\"Agreed\",\"Agreed\",IF($C$6=\"C/Fwd\",\"C/Fwd\",\"<>Luke\")),'Future Requirements'!$AA:$AA,$I$7),0)","v":200000},{"$f":"IF($J$3=\"Include\",SUMIFS('Future Requirements'!$O:$O,'Future Requirements'!$H:$H,$B27,'Future Requirements'!$G:$G,O$26,'Future Requirements'!$B:$B,IF($C$3=\"\",\">=\"&$F$3,\">=\"&$C$3),'Future Requirements'!$B:$B,IF($C$4=\"\",\"<=\"&$F$4,\"<=\"&$C$4),'Future Requirements'!$J:$J,IF($C$5=\"Yes\",\"Yes\",IF($C$5=\"No\",\"No\",\"<>Luke\")),'Future Requirements'!$AC:$AC,IF($C$6=\"Agreed\",\"Agreed\",IF($C$6=\"C/Fwd\",\"C/Fwd\",\"<>Luke\")),'Future Requirements'!$AA:$AA,$I$3),0)+\nIF($J$4=\"Include\",SUMIFS('Future Requirements'!$O:$O,'Future Requirements'!$H:$H,$B27,'Future Requirements'!$G:$G,O$26,'Future Requirements'!$B:$B,IF($C$3=\"\",\">=\"&$F$3,\">=\"&$C$3),'Future Requirements'!$B:$B,IF($C$4=\"\",\"<=\"&$F$4,\"<=\"&$C$4),'Future Requirements'!$J:$J,IF($C$5=\"Yes\",\"Yes\",IF($C$5=\"No\",\"No\",\"<>Luke\")),'Future Requirements'!$AC:$AC,IF($C$6=\"Agreed\",\"Agreed\",IF($C$6=\"C/Fwd\",\"C/Fwd\",\"<>Luke\")),'Future Requirements'!$AA:$AA,$I$4),0)+\nIF($J$5=\"Include\",SUMIFS('Future Requirements'!$O:$O,'Future Requirements'!$H:$H,$B27,'Future Requirements'!$G:$G,O$26,'Future Requirements'!$B:$B,IF($C$3=\"\",\">=\"&$F$3,\">=\"&$C$3),'Future Requirements'!$B:$B,IF($C$4=\"\",\"<=\"&$F$4,\"<=\"&$C$4),'Future Requirements'!$J:$J,IF($C$5=\"Yes\",\"Yes\",IF($C$5=\"No\",\"No\",\"<>Luke\")),'Future Requirements'!$AC:$AC,IF($C$6=\"Agreed\",\"Agreed\",IF($C$6=\"C/Fwd\",\"C/Fwd\",\"<>Luke\")),'Future Requirements'!$AA:$AA,$I$5),0)+\nIF($J$6=\"Include\",SUMIFS('Future Requirements'!$O:$O,'Future Requirements'!$H:$H,$B27,'Future Requirements'!$G:$G,O$26,'Future Requirements'!$B:$B,IF($C$3=\"\",\">=\"&$F$3,\">=\"&$C$3),'Future Requirements'!$B:$B,IF($C$4=\"\",\"<=\"&$F$4,\"<=\"&$C$4),'Future Requirements'!$J:$J,IF($C$5=\"Yes\",\"Yes\",IF($C$5=\"No\",\"No\",\"<>Luke\")),'Future Requirements'!$AC:$AC,IF($C$6=\"Agreed\",\"Agreed\",IF($C$6=\"C/Fwd\",\"C/Fwd\",\"<>Luke\")),'Future Requirements'!$AA:$AA,$I$6),0)+\nIF($J$7=\"Include\",SUMIFS('Future Requirements'!$O:$O,'Future Requirements'!$H:$H,$B27,'Future Requirements'!$G:$G,O$26,'Future Requirements'!$B:$B,IF($C$3=\"\",\">=\"&$F$3,\">=\"&$C$3),'Future Requirements'!$B:$B,IF($C$4=\"\",\"<=\"&$F$4,\"<=\"&$C$4),'Future Requirements'!$J:$J,IF($C$5=\"Yes\",\"Yes\",IF($C$5=\"No\",\"No\",\"<>Luke\")),'Future Requirements'!$AC:$AC,IF($C$6=\"Agreed\",\"Agreed\",IF($C$6=\"C/Fwd\",\"C/Fwd\",\"<>Luke\")),'Future Requirements'!$AA:$AA,$I$7),0)","v":0},{"$f":"IF($J$3=\"Include\",SUMIFS('Future Requirements'!$O:$O,'Future Requirements'!$H:$H,$B27,'Future Requirements'!$G:$G,P$26,'Future Requirements'!$B:$B,IF($C$3=\"\",\">=\"&$F$3,\">=\"&$C$3),'Future Requirements'!$B:$B,IF($C$4=\"\",\"<=\"&$F$4,\"<=\"&$C$4),'Future Requirements'!$J:$J,IF($C$5=\"Yes\",\"Yes\",IF($C$5=\"No\",\"No\",\"<>Luke\")),'Future Requirements'!$AC:$AC,IF($C$6=\"Agreed\",\"Agreed\",IF($C$6=\"C/Fwd\",\"C/Fwd\",\"<>Luke\")),'Future Requirements'!$AA:$AA,$I$3),0)+\nIF($J$4=\"Include\",SUMIFS('Future Requirements'!$O:$O,'Future Requirements'!$H:$H,$B27,'Future Requirements'!$G:$G,P$26,'Future Requirements'!$B:$B,IF($C$3=\"\",\">=\"&$F$3,\">=\"&$C$3),'Future Requirements'!$B:$B,IF($C$4=\"\",\"<=\"&$F$4,\"<=\"&$C$4),'Future Requirements'!$J:$J,IF($C$5=\"Yes\",\"Yes\",IF($C$5=\"No\",\"No\",\"<>Luke\")),'Future Requirements'!$AC:$AC,IF($C$6=\"Agreed\",\"Agreed\",IF($C$6=\"C/Fwd\",\"C/Fwd\",\"<>Luke\")),'Future Requirements'!$AA:$AA,$I$4),0)+\nIF($J$5=\"Include\",SUMIFS('Future Requirements'!$O:$O,'Future Requirements'!$H:$H,$B27,'Future Requirements'!$G:$G,P$26,'Future Requirements'!$B:$B,IF($C$3=\"\",\">=\"&$F$3,\">=\"&$C$3),'Future Requirements'!$B:$B,IF($C$4=\"\",\"<=\"&$F$4,\"<=\"&$C$4),'Future Requirements'!$J:$J,IF($C$5=\"Yes\",\"Yes\",IF($C$5=\"No\",\"No\",\"<>Luke\")),'Future Requirements'!$AC:$AC,IF($C$6=\"Agreed\",\"Agreed\",IF($C$6=\"C/Fwd\",\"C/Fwd\",\"<>Luke\")),'Future Requirements'!$AA:$AA,$I$5),0)+\nIF($J$6=\"Include\",SUMIFS('Future Requirements'!$O:$O,'Future Requirements'!$H:$H,$B27,'Future Requirements'!$G:$G,P$26,'Future Requirements'!$B:$B,IF($C$3=\"\",\">=\"&$F$3,\">=\"&$C$3),'Future Requirements'!$B:$B,IF($C$4=\"\",\"<=\"&$F$4,\"<=\"&$C$4),'Future Requirements'!$J:$J,IF($C$5=\"Yes\",\"Yes\",IF($C$5=\"No\",\"No\",\"<>Luke\")),'Future Requirements'!$AC:$AC,IF($C$6=\"Agreed\",\"Agreed\",IF($C$6=\"C/Fwd\",\"C/Fwd\",\"<>Luke\")),'Future Requirements'!$AA:$AA,$I$6),0)+\nIF($J$7=\"Include\",SUMIFS('Future Requirements'!$O:$O,'Future Requirements'!$H:$H,$B27,'Future Requirements'!$G:$G,P$26,'Future Requirements'!$B:$B,IF($C$3=\"\",\">=\"&$F$3,\">=\"&$C$3),'Future Requirements'!$B:$B,IF($C$4=\"\",\"<=\"&$F$4,\"<=\"&$C$4),'Future Requirements'!$J:$J,IF($C$5=\"Yes\",\"Yes\",IF($C$5=\"No\",\"No\",\"<>Luke\")),'Future Requirements'!$AC:$AC,IF($C$6=\"Agreed\",\"Agreed\",IF($C$6=\"C/Fwd\",\"C/Fwd\",\"<>Luke\")),'Future Requirements'!$AA:$AA,$I$7),0)","v":0},{"$f":"IF($J$3=\"Include\",SUMIFS('Future Requirements'!$O:$O,'Future Requirements'!$H:$H,$B27,'Future Requirements'!$G:$G,Q$26,'Future Requirements'!$B:$B,IF($C$3=\"\",\">=\"&$F$3,\">=\"&$C$3),'Future Requirements'!$B:$B,IF($C$4=\"\",\"<=\"&$F$4,\"<=\"&$C$4),'Future Requirements'!$J:$J,IF($C$5=\"Yes\",\"Yes\",IF($C$5=\"No\",\"No\",\"<>Luke\")),'Future Requirements'!$AC:$AC,IF($C$6=\"Agreed\",\"Agreed\",IF($C$6=\"C/Fwd\",\"C/Fwd\",\"<>Luke\")),'Future Requirements'!$AA:$AA,$I$3),0)+\nIF($J$4=\"Include\",SUMIFS('Future Requirements'!$O:$O,'Future Requirements'!$H:$H,$B27,'Future Requirements'!$G:$G,Q$26,'Future Requirements'!$B:$B,IF($C$3=\"\",\">=\"&$F$3,\">=\"&$C$3),'Future Requirements'!$B:$B,IF($C$4=\"\",\"<=\"&$F$4,\"<=\"&$C$4),'Future Requirements'!$J:$J,IF($C$5=\"Yes\",\"Yes\",IF($C$5=\"No\",\"No\",\"<>Luke\")),'Future Requirements'!$AC:$AC,IF($C$6=\"Agreed\",\"Agreed\",IF($C$6=\"C/Fwd\",\"C/Fwd\",\"<>Luke\")),'Future Requirements'!$AA:$AA,$I$4),0)+\nIF($J$5=\"Include\",SUMIFS('Future Requirements'!$O:$O,'Future Requirements'!$H:$H,$B27,'Future Requirements'!$G:$G,Q$26,'Future Requirements'!$B:$B,IF($C$3=\"\",\">=\"&$F$3,\">=\"&$C$3),'Future Requirements'!$B:$B,IF($C$4=\"\",\"<=\"&$F$4,\"<=\"&$C$4),'Future Requirements'!$J:$J,IF($C$5=\"Yes\",\"Yes\",IF($C$5=\"No\",\"No\",\"<>Luke\")),'Future Requirements'!$AC:$AC,IF($C$6=\"Agreed\",\"Agreed\",IF($C$6=\"C/Fwd\",\"C/Fwd\",\"<>Luke\")),'Future Requirements'!$AA:$AA,$I$5),0)+\nIF($J$6=\"Include\",SUMIFS('Future Requirements'!$O:$O,'Future Requirements'!$H:$H,$B27,'Future Requirements'!$G:$G,Q$26,'Future Requirements'!$B:$B,IF($C$3=\"\",\">=\"&$F$3,\">=\"&$C$3),'Future Requirements'!$B:$B,IF($C$4=\"\",\"<=\"&$F$4,\"<=\"&$C$4),'Future Requirements'!$J:$J,IF($C$5=\"Yes\",\"Yes\",IF($C$5=\"No\",\"No\",\"<>Luke\")),'Future Requirements'!$AC:$AC,IF($C$6=\"Agreed\",\"Agreed\",IF($C$6=\"C/Fwd\",\"C/Fwd\",\"<>Luke\")),'Future Requirements'!$AA:$AA,$I$6),0)+\nIF($J$7=\"Include\",SUMIFS('Future Requirements'!$O:$O,'Future Requirements'!$H:$H,$B27,'Future Requirements'!$G:$G,Q$26,'Future Requirements'!$B:$B,IF($C$3=\"\",\">=\"&$F$3,\">=\"&$C$3),'Future Requirements'!$B:$B,IF($C$4=\"\",\"<=\"&$F$4,\"<=\"&$C$4),'Future Requirements'!$J:$J,IF($C$5=\"Yes\",\"Yes\",IF($C$5=\"No\",\"No\",\"<>Luke\")),'Future Requirements'!$AC:$AC,IF($C$6=\"Agreed\",\"Agreed\",IF($C$6=\"C/Fwd\",\"C/Fwd\",\"<>Luke\")),'Future Requirements'!$AA:$AA,$I$7),0)","v":0},{"$f":"IF($J$3=\"Include\",SUMIFS('Future Requirements'!$O:$O,'Future Requirements'!$H:$H,$B27,'Future Requirements'!$G:$G,R$26,'Future Requirements'!$B:$B,IF($C$3=\"\",\">=\"&$F$3,\">=\"&$C$3),'Future Requirements'!$B:$B,IF($C$4=\"\",\"<=\"&$F$4,\"<=\"&$C$4),'Future Requirements'!$J:$J,IF($C$5=\"Yes\",\"Yes\",IF($C$5=\"No\",\"No\",\"<>Luke\")),'Future Requirements'!$AC:$AC,IF($C$6=\"Agreed\",\"Agreed\",IF($C$6=\"C/Fwd\",\"C/Fwd\",\"<>Luke\")),'Future Requirements'!$AA:$AA,$I$3),0)+\nIF($J$4=\"Include\",SUMIFS('Future Requirements'!$O:$O,'Future Requirements'!$H:$H,$B27,'Future Requirements'!$G:$G,R$26,'Future Requirements'!$B:$B,IF($C$3=\"\",\">=\"&$F$3,\">=\"&$C$3),'Future Requirements'!$B:$B,IF($C$4=\"\",\"<=\"&$F$4,\"<=\"&$C$4),'Future Requirements'!$J:$J,IF($C$5=\"Yes\",\"Yes\",IF($C$5=\"No\",\"No\",\"<>Luke\")),'Future Requirements'!$AC:$AC,IF($C$6=\"Agreed\",\"Agreed\",IF($C$6=\"C/Fwd\",\"C/Fwd\",\"<>Luke\")),'Future Requirements'!$AA:$AA,$I$4),0)+\nIF($J$5=\"Include\",SUMIFS('Future Requirements'!$O:$O,'Future Requirements'!$H:$H,$B27,'Future Requirements'!$G:$G,R$26,'Future Requirements'!$B:$B,IF($C$3=\"\",\">=\"&$F$3,\">=\"&$C$3),'Future Requirements'!$B:$B,IF($C$4=\"\",\"<=\"&$F$4,\"<=\"&$C$4),'Future Requirements'!$J:$J,IF($C$5=\"Yes\",\"Yes\",IF($C$5=\"No\",\"No\",\"<>Luke\")),'Future Requirements'!$AC:$AC,IF($C$6=\"Agreed\",\"Agreed\",IF($C$6=\"C/Fwd\",\"C/Fwd\",\"<>Luke\")),'Future Requirements'!$AA:$AA,$I$5),0)+\nIF($J$6=\"Include\",SUMIFS('Future Requirements'!$O:$O,'Future Requirements'!$H:$H,$B27,'Future Requirements'!$G:$G,R$26,'Future Requirements'!$B:$B,IF($C$3=\"\",\">=\"&$F$3,\">=\"&$C$3),'Future Requirements'!$B:$B,IF($C$4=\"\",\"<=\"&$F$4,\"<=\"&$C$4),'Future Requirements'!$J:$J,IF($C$5=\"Yes\",\"Yes\",IF($C$5=\"No\",\"No\",\"<>Luke\")),'Future Requirements'!$AC:$AC,IF($C$6=\"Agreed\",\"Agreed\",IF($C$6=\"C/Fwd\",\"C/Fwd\",\"<>Luke\")),'Future Requirements'!$AA:$AA,$I$6),0)+\nIF($J$7=\"Include\",SUMIFS('Future Requirements'!$O:$O,'Future Requirements'!$H:$H,$B27,'Future Requirements'!$G:$G,R$26,'Future Requirements'!$B:$B,IF($C$3=\"\",\">=\"&$F$3,\">=\"&$C$3),'Future Requirements'!$B:$B,IF($C$4=\"\",\"<=\"&$F$4,\"<=\"&$C$4),'Future Requirements'!$J:$J,IF($C$5=\"Yes\",\"Yes\",IF($C$5=\"No\",\"No\",\"<>Luke\")),'Future Requirements'!$AC:$AC,IF($C$6=\"Agreed\",\"Agreed\",IF($C$6=\"C/Fwd\",\"C/Fwd\",\"<>Luke\")),'Future Requirements'!$AA:$AA,$I$7),0)","v":0},{"$f":"IF($J$3=\"Include\",SUMIFS('Future Requirements'!$O:$O,'Future Requirements'!$H:$H,$B27,'Future Requirements'!$G:$G,S$26,'Future Requirements'!$B:$B,IF($C$3=\"\",\">=\"&$F$3,\">=\"&$C$3),'Future Requirements'!$B:$B,IF($C$4=\"\",\"<=\"&$F$4,\"<=\"&$C$4),'Future Requirements'!$J:$J,IF($C$5=\"Yes\",\"Yes\",IF($C$5=\"No\",\"No\",\"<>Luke\")),'Future Requirements'!$AC:$AC,IF($C$6=\"Agreed\",\"Agreed\",IF($C$6=\"C/Fwd\",\"C/Fwd\",\"<>Luke\")),'Future Requirements'!$AA:$AA,$I$3),0)+\nIF($J$4=\"Include\",SUMIFS('Future Requirements'!$O:$O,'Future Requirements'!$H:$H,$B27,'Future Requirements'!$G:$G,S$26,'Future Requirements'!$B:$B,IF($C$3=\"\",\">=\"&$F$3,\">=\"&$C$3),'Future Requirements'!$B:$B,IF($C$4=\"\",\"<=\"&$F$4,\"<=\"&$C$4),'Future Requirements'!$J:$J,IF($C$5=\"Yes\",\"Yes\",IF($C$5=\"No\",\"No\",\"<>Luke\")),'Future Requirements'!$AC:$AC,IF($C$6=\"Agreed\",\"Agreed\",IF($C$6=\"C/Fwd\",\"C/Fwd\",\"<>Luke\")),'Future Requirements'!$AA:$AA,$I$4),0)+\nIF($J$5=\"Include\",SUMIFS('Future Requirements'!$O:$O,'Future Requirements'!$H:$H,$B27,'Future Requirements'!$G:$G,S$26,'Future Requirements'!$B:$B,IF($C$3=\"\",\">=\"&$F$3,\">=\"&$C$3),'Future Requirements'!$B:$B,IF($C$4=\"\",\"<=\"&$F$4,\"<=\"&$C$4),'Future Requirements'!$J:$J,IF($C$5=\"Yes\",\"Yes\",IF($C$5=\"No\",\"No\",\"<>Luke\")),'Future Requirements'!$AC:$AC,IF($C$6=\"Agreed\",\"Agreed\",IF($C$6=\"C/Fwd\",\"C/Fwd\",\"<>Luke\")),'Future Requirements'!$AA:$AA,$I$5),0)+\nIF($J$6=\"Include\",SUMIFS('Future Requirements'!$O:$O,'Future Requirements'!$H:$H,$B27,'Future Requirements'!$G:$G,S$26,'Future Requirements'!$B:$B,IF($C$3=\"\",\">=\"&$F$3,\">=\"&$C$3),'Future Requirements'!$B:$B,IF($C$4=\"\",\"<=\"&$F$4,\"<=\"&$C$4),'Future Requirements'!$J:$J,IF($C$5=\"Yes\",\"Yes\",IF($C$5=\"No\",\"No\",\"<>Luke\")),'Future Requirements'!$AC:$AC,IF($C$6=\"Agreed\",\"Agreed\",IF($C$6=\"C/Fwd\",\"C/Fwd\",\"<>Luke\")),'Future Requirements'!$AA:$AA,$I$6),0)+\nIF($J$7=\"Include\",SUMIFS('Future Requirements'!$O:$O,'Future Requirements'!$H:$H,$B27,'Future Requirements'!$G:$G,S$26,'Future Requirements'!$B:$B,IF($C$3=\"\",\">=\"&$F$3,\">=\"&$C$3),'Future Requirements'!$B:$B,IF($C$4=\"\",\"<=\"&$F$4,\"<=\"&$C$4),'Future Requirements'!$J:$J,IF($C$5=\"Yes\",\"Yes\",IF($C$5=\"No\",\"No\",\"<>Luke\")),'Future Requirements'!$AC:$AC,IF($C$6=\"Agreed\",\"Agreed\",IF($C$6=\"C/Fwd\",\"C/Fwd\",\"<>Luke\")),'Future Requirements'!$AA:$AA,$I$7),0)","v":0},{"$f":"SUM(C27:S27)","v":740000}]
[null,"B",{"$f":"IF($J$3=\"Include\",SUMIFS('Future Requirements'!$O:$O,'Future Requirements'!$H:$H,$B28,'Future Requirements'!$G:$G,C$26,'Future Requirements'!$B:$B,IF($C$3=\"\",\">=\"&$F$3,\">=\"&$C$3),'Future Requirements'!$B:$B,IF($C$4=\"\",\"<=\"&$F$4,\"<=\"&$C$4),'Future Requirements'!$J:$J,IF($C$5=\"Yes\",\"Yes\",IF($C$5=\"No\",\"No\",\"<>Luke\")),'Future Requirements'!$AC:$AC,IF($C$6=\"Agreed\",\"Agreed\",IF($C$6=\"C/Fwd\",\"C/Fwd\",\"<>Luke\")),'Future Requirements'!$AA:$AA,$I$3),0)+\nIF($J$4=\"Include\",SUMIFS('Future Requirements'!$O:$O,'Future Requirements'!$H:$H,$B28,'Future Requirements'!$G:$G,C$26,'Future Requirements'!$B:$B,IF($C$3=\"\",\">=\"&$F$3,\">=\"&$C$3),'Future Requirements'!$B:$B,IF($C$4=\"\",\"<=\"&$F$4,\"<=\"&$C$4),'Future Requirements'!$J:$J,IF($C$5=\"Yes\",\"Yes\",IF($C$5=\"No\",\"No\",\"<>Luke\")),'Future Requirements'!$AC:$AC,IF($C$6=\"Agreed\",\"Agreed\",IF($C$6=\"C/Fwd\",\"C/Fwd\",\"<>Luke\")),'Future Requirements'!$AA:$AA,$I$4),0)+\nIF($J$5=\"Include\",SUMIFS('Future Requirements'!$O:$O,'Future Requirements'!$H:$H,$B28,'Future Requirements'!$G:$G,C$26,'Future Requirements'!$B:$B,IF($C$3=\"\",\">=\"&$F$3,\">=\"&$C$3),'Future Requirements'!$B:$B,IF($C$4=\"\",\"<=\"&$F$4,\"<=\"&$C$4),'Future Requirements'!$J:$J,IF($C$5=\"Yes\",\"Yes\",IF($C$5=\"No\",\"No\",\"<>Luke\")),'Future Requirements'!$AC:$AC,IF($C$6=\"Agreed\",\"Agreed\",IF($C$6=\"C/Fwd\",\"C/Fwd\",\"<>Luke\")),'Future Requirements'!$AA:$AA,$I$5),0)+\nIF($J$6=\"Include\",SUMIFS('Future Requirements'!$O:$O,'Future Requirements'!$H:$H,$B28,'Future Requirements'!$G:$G,C$26,'Future Requirements'!$B:$B,IF($C$3=\"\",\">=\"&$F$3,\">=\"&$C$3),'Future Requirements'!$B:$B,IF($C$4=\"\",\"<=\"&$F$4,\"<=\"&$C$4),'Future Requirements'!$J:$J,IF($C$5=\"Yes\",\"Yes\",IF($C$5=\"No\",\"No\",\"<>Luke\")),'Future Requirements'!$AC:$AC,IF($C$6=\"Agreed\",\"Agreed\",IF($C$6=\"C/Fwd\",\"C/Fwd\",\"<>Luke\")),'Future Requirements'!$AA:$AA,$I$6),0)+\nIF($J$7=\"Include\",SUMIFS('Future Requirements'!$O:$O,'Future Requirements'!$H:$H,$B28,'Future Requirements'!$G:$G,C$26,'Future Requirements'!$B:$B,IF($C$3=\"\",\">=\"&$F$3,\">=\"&$C$3),'Future Requirements'!$B:$B,IF($C$4=\"\",\"<=\"&$F$4,\"<=\"&$C$4),'Future Requirements'!$J:$J,IF($C$5=\"Yes\",\"Yes\",IF($C$5=\"No\",\"No\",\"<>Luke\")),'Future Requirements'!$AC:$AC,IF($C$6=\"Agreed\",\"Agreed\",IF($C$6=\"C/Fwd\",\"C/Fwd\",\"<>Luke\")),'Future Requirements'!$AA:$AA,$I$7),0)","v":0},{"$f":"IF($J$3=\"Include\",SUMIFS('Future Requirements'!$O:$O,'Future Requirements'!$H:$H,$B28,'Future Requirements'!$G:$G,D$26,'Future Requirements'!$B:$B,IF($C$3=\"\",\">=\"&$F$3,\">=\"&$C$3),'Future Requirements'!$B:$B,IF($C$4=\"\",\"<=\"&$F$4,\"<=\"&$C$4),'Future Requirements'!$J:$J,IF($C$5=\"Yes\",\"Yes\",IF($C$5=\"No\",\"No\",\"<>Luke\")),'Future Requirements'!$AC:$AC,IF($C$6=\"Agreed\",\"Agreed\",IF($C$6=\"C/Fwd\",\"C/Fwd\",\"<>Luke\")),'Future Requirements'!$AA:$AA,$I$3),0)+\nIF($J$4=\"Include\",SUMIFS('Future Requirements'!$O:$O,'Future Requirements'!$H:$H,$B28,'Future Requirements'!$G:$G,D$26,'Future Requirements'!$B:$B,IF($C$3=\"\",\">=\"&$F$3,\">=\"&$C$3),'Future Requirements'!$B:$B,IF($C$4=\"\",\"<=\"&$F$4,\"<=\"&$C$4),'Future Requirements'!$J:$J,IF($C$5=\"Yes\",\"Yes\",IF($C$5=\"No\",\"No\",\"<>Luke\")),'Future Requirements'!$AC:$AC,IF($C$6=\"Agreed\",\"Agreed\",IF($C$6=\"C/Fwd\",\"C/Fwd\",\"<>Luke\")),'Future Requirements'!$AA:$AA,$I$4),0)+\nIF($J$5=\"Include\",SUMIFS('Future Requirements'!$O:$O,'Future Requirements'!$H:$H,$B28,'Future Requirements'!$G:$G,D$26,'Future Requirements'!$B:$B,IF($C$3=\"\",\">=\"&$F$3,\">=\"&$C$3),'Future Requirements'!$B:$B,IF($C$4=\"\",\"<=\"&$F$4,\"<=\"&$C$4),'Future Requirements'!$J:$J,IF($C$5=\"Yes\",\"Yes\",IF($C$5=\"No\",\"No\",\"<>Luke\")),'Future Requirements'!$AC:$AC,IF($C$6=\"Agreed\",\"Agreed\",IF($C$6=\"C/Fwd\",\"C/Fwd\",\"<>Luke\")),'Future Requirements'!$AA:$AA,$I$5),0)+\nIF($J$6=\"Include\",SUMIFS('Future Requirements'!$O:$O,'Future Requirements'!$H:$H,$B28,'Future Requirements'!$G:$G,D$26,'Future Requirements'!$B:$B,IF($C$3=\"\",\">=\"&$F$3,\">=\"&$C$3),'Future Requirements'!$B:$B,IF($C$4=\"\",\"<=\"&$F$4,\"<=\"&$C$4),'Future Requirements'!$J:$J,IF($C$5=\"Yes\",\"Yes\",IF($C$5=\"No\",\"No\",\"<>Luke\")),'Future Requirements'!$AC:$AC,IF($C$6=\"Agreed\",\"Agreed\",IF($C$6=\"C/Fwd\",\"C/Fwd\",\"<>Luke\")),'Future Requirements'!$AA:$AA,$I$6),0)+\nIF($J$7=\"Include\",SUMIFS('Future Requirements'!$O:$O,'Future Requirements'!$H:$H,$B28,'Future Requirements'!$G:$G,D$26,'Future Requirements'!$B:$B,IF($C$3=\"\",\">=\"&$F$3,\">=\"&$C$3),'Future Requirements'!$B:$B,IF($C$4=\"\",\"<=\"&$F$4,\"<=\"&$C$4),'Future Requirements'!$J:$J,IF($C$5=\"Yes\",\"Yes\",IF($C$5=\"No\",\"No\",\"<>Luke\")),'Future Requirements'!$AC:$AC,IF($C$6=\"Agreed\",\"Agreed\",IF($C$6=\"C/Fwd\",\"C/Fwd\",\"<>Luke\")),'Future Requirements'!$AA:$AA,$I$7),0)","v":0},{"$f":"IF($J$3=\"Include\",SUMIFS('Future Requirements'!$O:$O,'Future Requirements'!$H:$H,$B28,'Future Requirements'!$G:$G,E$26,'Future Requirements'!$B:$B,IF($C$3=\"\",\">=\"&$F$3,\">=\"&$C$3),'Future Requirements'!$B:$B,IF($C$4=\"\",\"<=\"&$F$4,\"<=\"&$C$4),'Future Requirements'!$J:$J,IF($C$5=\"Yes\",\"Yes\",IF($C$5=\"No\",\"No\",\"<>Luke\")),'Future Requirements'!$AC:$AC,IF($C$6=\"Agreed\",\"Agreed\",IF($C$6=\"C/Fwd\",\"C/Fwd\",\"<>Luke\")),'Future Requirements'!$AA:$AA,$I$3),0)+\nIF($J$4=\"Include\",SUMIFS('Future Requirements'!$O:$O,'Future Requirements'!$H:$H,$B28,'Future Requirements'!$G:$G,E$26,'Future Requirements'!$B:$B,IF($C$3=\"\",\">=\"&$F$3,\">=\"&$C$3),'Future Requirements'!$B:$B,IF($C$4=\"\",\"<=\"&$F$4,\"<=\"&$C$4),'Future Requirements'!$J:$J,IF($C$5=\"Yes\",\"Yes\",IF($C$5=\"No\",\"No\",\"<>Luke\")),'Future Requirements'!$AC:$AC,IF($C$6=\"Agreed\",\"Agreed\",IF($C$6=\"C/Fwd\",\"C/Fwd\",\"<>Luke\")),'Future Requirements'!$AA:$AA,$I$4),0)+\nIF($J$5=\"Include\",SUMIFS('Future Requirements'!$O:$O,'Future Requirements'!$H:$H,$B28,'Future Requirements'!$G:$G,E$26,'Future Requirements'!$B:$B,IF($C$3=\"\",\">=\"&$F$3,\">=\"&$C$3),'Future Requirements'!$B:$B,IF($C$4=\"\",\"<=\"&$F$4,\"<=\"&$C$4),'Future Requirements'!$J:$J,IF($C$5=\"Yes\",\"Yes\",IF($C$5=\"No\",\"No\",\"<>Luke\")),'Future Requirements'!$AC:$AC,IF($C$6=\"Agreed\",\"Agreed\",IF($C$6=\"C/Fwd\",\"C/Fwd\",\"<>Luke\")),'Future Requirements'!$AA:$AA,$I$5),0)+\nIF($J$6=\"Include\",SUMIFS('Future Requirements'!$O:$O,'Future Requirements'!$H:$H,$B28,'Future Requirements'!$G:$G,E$26,'Future Requirements'!$B:$B,IF($C$3=\"\",\">=\"&$F$3,\">=\"&$C$3),'Future Requirements'!$B:$B,IF($C$4=\"\",\"<=\"&$F$4,\"<=\"&$C$4),'Future Requirements'!$J:$J,IF($C$5=\"Yes\",\"Yes\",IF($C$5=\"No\",\"No\",\"<>Luke\")),'Future Requirements'!$AC:$AC,IF($C$6=\"Agreed\",\"Agreed\",IF($C$6=\"C/Fwd\",\"C/Fwd\",\"<>Luke\")),'Future Requirements'!$AA:$AA,$I$6),0)+\nIF($J$7=\"Include\",SUMIFS('Future Requirements'!$O:$O,'Future Requirements'!$H:$H,$B28,'Future Requirements'!$G:$G,E$26,'Future Requirements'!$B:$B,IF($C$3=\"\",\">=\"&$F$3,\">=\"&$C$3),'Future Requirements'!$B:$B,IF($C$4=\"\",\"<=\"&$F$4,\"<=\"&$C$4),'Future Requirements'!$J:$J,IF($C$5=\"Yes\",\"Yes\",IF($C$5=\"No\",\"No\",\"<>Luke\")),'Future Requirements'!$AC:$AC,IF($C$6=\"Agreed\",\"Agreed\",IF($C$6=\"C/Fwd\",\"C/Fwd\",\"<>Luke\")),'Future Requirements'!$AA:$AA,$I$7),0)","v":0},{"$f":"IF($J$3=\"Include\",SUMIFS('Future Requirements'!$O:$O,'Future Requirements'!$H:$H,$B28,'Future Requirements'!$G:$G,F$26,'Future Requirements'!$B:$B,IF($C$3=\"\",\">=\"&$F$3,\">=\"&$C$3),'Future Requirements'!$B:$B,IF($C$4=\"\",\"<=\"&$F$4,\"<=\"&$C$4),'Future Requirements'!$J:$J,IF($C$5=\"Yes\",\"Yes\",IF($C$5=\"No\",\"No\",\"<>Luke\")),'Future Requirements'!$AC:$AC,IF($C$6=\"Agreed\",\"Agreed\",IF($C$6=\"C/Fwd\",\"C/Fwd\",\"<>Luke\")),'Future Requirements'!$AA:$AA,$I$3),0)+\nIF($J$4=\"Include\",SUMIFS('Future Requirements'!$O:$O,'Future Requirements'!$H:$H,$B28,'Future Requirements'!$G:$G,F$26,'Future Requirements'!$B:$B,IF($C$3=\"\",\">=\"&$F$3,\">=\"&$C$3),'Future Requirements'!$B:$B,IF($C$4=\"\",\"<=\"&$F$4,\"<=\"&$C$4),'Future Requirements'!$J:$J,IF($C$5=\"Yes\",\"Yes\",IF($C$5=\"No\",\"No\",\"<>Luke\")),'Future Requirements'!$AC:$AC,IF($C$6=\"Agreed\",\"Agreed\",IF($C$6=\"C/Fwd\",\"C/Fwd\",\"<>Luke\")),'Future Requirements'!$AA:$AA,$I$4),0)+\nIF($J$5=\"Include\",SUMIFS('Future Requirements'!$O:$O,'Future Requirements'!$H:$H,$B28,'Future Requirements'!$G:$G,F$26,'Future Requirements'!$B:$B,IF($C$3=\"\",\">=\"&$F$3,\">=\"&$C$3),'Future Requirements'!$B:$B,IF($C$4=\"\",\"<=\"&$F$4,\"<=\"&$C$4),'Future Requirements'!$J:$J,IF($C$5=\"Yes\",\"Yes\",IF($C$5=\"No\",\"No\",\"<>Luke\")),'Future Requirements'!$AC:$AC,IF($C$6=\"Agreed\",\"Agreed\",IF($C$6=\"C/Fwd\",\"C/Fwd\",\"<>Luke\")),'Future Requirements'!$AA:$AA,$I$5),0)+\nIF($J$6=\"Include\",SUMIFS('Future Requirements'!$O:$O,'Future Requirements'!$H:$H,$B28,'Future Requirements'!$G:$G,F$26,'Future Requirements'!$B:$B,IF($C$3=\"\",\">=\"&$F$3,\">=\"&$C$3),'Future Requirements'!$B:$B,IF($C$4=\"\",\"<=\"&$F$4,\"<=\"&$C$4),'Future Requirements'!$J:$J,IF($C$5=\"Yes\",\"Yes\",IF($C$5=\"No\",\"No\",\"<>Luke\")),'Future Requirements'!$AC:$AC,IF($C$6=\"Agreed\",\"Agreed\",IF($C$6=\"C/Fwd\",\"C/Fwd\",\"<>Luke\")),'Future Requirements'!$AA:$AA,$I$6),0)+\nIF($J$7=\"Include\",SUMIFS('Future Requirements'!$O:$O,'Future Requirements'!$H:$H,$B28,'Future Requirements'!$G:$G,F$26,'Future Requirements'!$B:$B,IF($C$3=\"\",\">=\"&$F$3,\">=\"&$C$3),'Future Requirements'!$B:$B,IF($C$4=\"\",\"<=\"&$F$4,\"<=\"&$C$4),'Future Requirements'!$J:$J,IF($C$5=\"Yes\",\"Yes\",IF($C$5=\"No\",\"No\",\"<>Luke\")),'Future Requirements'!$AC:$AC,IF($C$6=\"Agreed\",\"Agreed\",IF($C$6=\"C/Fwd\",\"C/Fwd\",\"<>Luke\")),'Future Requirements'!$AA:$AA,$I$7),0)","v":0},{"$f":"IF($J$3=\"Include\",SUMIFS('Future Requirements'!$O:$O,'Future Requirements'!$H:$H,$B28,'Future Requirements'!$G:$G,G$26,'Future Requirements'!$B:$B,IF($C$3=\"\",\">=\"&$F$3,\">=\"&$C$3),'Future Requirements'!$B:$B,IF($C$4=\"\",\"<=\"&$F$4,\"<=\"&$C$4),'Future Requirements'!$J:$J,IF($C$5=\"Yes\",\"Yes\",IF($C$5=\"No\",\"No\",\"<>Luke\")),'Future Requirements'!$AC:$AC,IF($C$6=\"Agreed\",\"Agreed\",IF($C$6=\"C/Fwd\",\"C/Fwd\",\"<>Luke\")),'Future Requirements'!$AA:$AA,$I$3),0)+\nIF($J$4=\"Include\",SUMIFS('Future Requirements'!$O:$O,'Future Requirements'!$H:$H,$B28,'Future Requirements'!$G:$G,G$26,'Future Requirements'!$B:$B,IF($C$3=\"\",\">=\"&$F$3,\">=\"&$C$3),'Future Requirements'!$B:$B,IF($C$4=\"\",\"<=\"&$F$4,\"<=\"&$C$4),'Future Requirements'!$J:$J,IF($C$5=\"Yes\",\"Yes\",IF($C$5=\"No\",\"No\",\"<>Luke\")),'Future Requirements'!$AC:$AC,IF($C$6=\"Agreed\",\"Agreed\",IF($C$6=\"C/Fwd\",\"C/Fwd\",\"<>Luke\")),'Future Requirements'!$AA:$AA,$I$4),0)+\nIF($J$5=\"Include\",SUMIFS('Future Requirements'!$O:$O,'Future Requirements'!$H:$H,$B28,'Future Requirements'!$G:$G,G$26,'Future Requirements'!$B:$B,IF($C$3=\"\",\">=\"&$F$3,\">=\"&$C$3),'Future Requirements'!$B:$B,IF($C$4=\"\",\"<=\"&$F$4,\"<=\"&$C$4),'Future Requirements'!$J:$J,IF($C$5=\"Yes\",\"Yes\",IF($C$5=\"No\",\"No\",\"<>Luke\")),'Future Requirements'!$AC:$AC,IF($C$6=\"Agreed\",\"Agreed\",IF($C$6=\"C/Fwd\",\"C/Fwd\",\"<>Luke\")),'Future Requirements'!$AA:$AA,$I$5),0)+\nIF($J$6=\"Include\",SUMIFS('Future Requirements'!$O:$O,'Future Requirements'!$H:$H,$B28,'Future Requirements'!$G:$G,G$26,'Future Requirements'!$B:$B,IF($C$3=\"\",\">=\"&$F$3,\">=\"&$C$3),'Future Requirements'!$B:$B,IF($C$4=\"\",\"<=\"&$F$4,\"<=\"&$C$4),'Future Requirements'!$J:$J,IF($C$5=\"Yes\",\"Yes\",IF($C$5=\"No\",\"No\",\"<>Luke\")),'Future Requirements'!$AC:$AC,IF($C$6=\"Agreed\",\"Agreed\",IF($C$6=\"C/Fwd\",\"C/Fwd\",\"<>Luke\")),'Future Requirements'!$AA:$AA,$I$6),0)+\nIF($J$7=\"Include\",SUMIFS('Future Requirements'!$O:$O,'Future Requirements'!$H:$H,$B28,'Future Requirements'!$G:$G,G$26,'Future Requirements'!$B:$B,IF($C$3=\"\",\">=\"&$F$3,\">=\"&$C$3),'Future Requirements'!$B:$B,IF($C$4=\"\",\"<=\"&$F$4,\"<=\"&$C$4),'Future Requirements'!$J:$J,IF($C$5=\"Yes\",\"Yes\",IF($C$5=\"No\",\"No\",\"<>Luke\")),'Future Requirements'!$AC:$AC,IF($C$6=\"Agreed\",\"Agreed\",IF($C$6=\"C/Fwd\",\"C/Fwd\",\"<>Luke\")),'Future Requirements'!$AA:$AA,$I$7),0)","v":0},{"$f":"IF($J$3=\"Include\",SUMIFS('Future Requirements'!$O:$O,'Future Requirements'!$H:$H,$B28,'Future Requirements'!$G:$G,H$26,'Future Requirements'!$B:$B,IF($C$3=\"\",\">=\"&$F$3,\">=\"&$C$3),'Future Requirements'!$B:$B,IF($C$4=\"\",\"<=\"&$F$4,\"<=\"&$C$4),'Future Requirements'!$J:$J,IF($C$5=\"Yes\",\"Yes\",IF($C$5=\"No\",\"No\",\"<>Luke\")),'Future Requirements'!$AC:$AC,IF($C$6=\"Agreed\",\"Agreed\",IF($C$6=\"C/Fwd\",\"C/Fwd\",\"<>Luke\")),'Future Requirements'!$AA:$AA,$I$3),0)+\nIF($J$4=\"Include\",SUMIFS('Future Requirements'!$O:$O,'Future Requirements'!$H:$H,$B28,'Future Requirements'!$G:$G,H$26,'Future Requirements'!$B:$B,IF($C$3=\"\",\">=\"&$F$3,\">=\"&$C$3),'Future Requirements'!$B:$B,IF($C$4=\"\",\"<=\"&$F$4,\"<=\"&$C$4),'Future Requirements'!$J:$J,IF($C$5=\"Yes\",\"Yes\",IF($C$5=\"No\",\"No\",\"<>Luke\")),'Future Requirements'!$AC:$AC,IF($C$6=\"Agreed\",\"Agreed\",IF($C$6=\"C/Fwd\",\"C/Fwd\",\"<>Luke\")),'Future Requirements'!$AA:$AA,$I$4),0)+\nIF($J$5=\"Include\",SUMIFS('Future Requirements'!$O:$O,'Future Requirements'!$H:$H,$B28,'Future Requirements'!$G:$G,H$26,'Future Requirements'!$B:$B,IF($C$3=\"\",\">=\"&$F$3,\">=\"&$C$3),'Future Requirements'!$B:$B,IF($C$4=\"\",\"<=\"&$F$4,\"<=\"&$C$4),'Future Requirements'!$J:$J,IF($C$5=\"Yes\",\"Yes\",IF($C$5=\"No\",\"No\",\"<>Luke\")),'Future Requirements'!$AC:$AC,IF($C$6=\"Agreed\",\"Agreed\",IF($C$6=\"C/Fwd\",\"C/Fwd\",\"<>Luke\")),'Future Requirements'!$AA:$AA,$I$5),0)+\nIF($J$6=\"Include\",SUMIFS('Future Requirements'!$O:$O,'Future Requirements'!$H:$H,$B28,'Future Requirements'!$G:$G,H$26,'Future Requirements'!$B:$B,IF($C$3=\"\",\">=\"&$F$3,\">=\"&$C$3),'Future Requirements'!$B:$B,IF($C$4=\"\",\"<=\"&$F$4,\"<=\"&$C$4),'Future Requirements'!$J:$J,IF($C$5=\"Yes\",\"Yes\",IF($C$5=\"No\",\"No\",\"<>Luke\")),'Future Requirements'!$AC:$AC,IF($C$6=\"Agreed\",\"Agreed\",IF($C$6=\"C/Fwd\",\"C/Fwd\",\"<>Luke\")),'Future Requirements'!$AA:$AA,$I$6),0)+\nIF($J$7=\"Include\",SUMIFS('Future Requirements'!$O:$O,'Future Requirements'!$H:$H,$B28,'Future Requirements'!$G:$G,H$26,'Future Requirements'!$B:$B,IF($C$3=\"\",\">=\"&$F$3,\">=\"&$C$3),'Future Requirements'!$B:$B,IF($C$4=\"\",\"<=\"&$F$4,\"<=\"&$C$4),'Future Requirements'!$J:$J,IF($C$5=\"Yes\",\"Yes\",IF($C$5=\"No\",\"No\",\"<>Luke\")),'Future Requirements'!$AC:$AC,IF($C$6=\"Agreed\",\"Agreed\",IF($C$6=\"C/Fwd\",\"C/Fwd\",\"<>Luke\")),'Future Requirements'!$AA:$AA,$I$7),0)","v":0},{"$f":"IF($J$3=\"Include\",SUMIFS('Future Requirements'!$O:$O,'Future Requirements'!$H:$H,$B28,'Future Requirements'!$G:$G,I$26,'Future Requirements'!$B:$B,IF($C$3=\"\",\">=\"&$F$3,\">=\"&$C$3),'Future Requirements'!$B:$B,IF($C$4=\"\",\"<=\"&$F$4,\"<=\"&$C$4),'Future Requirements'!$J:$J,IF($C$5=\"Yes\",\"Yes\",IF($C$5=\"No\",\"No\",\"<>Luke\")),'Future Requirements'!$AC:$AC,IF($C$6=\"Agreed\",\"Agreed\",IF($C$6=\"C/Fwd\",\"C/Fwd\",\"<>Luke\")),'Future Requirements'!$AA:$AA,$I$3),0)+\nIF($J$4=\"Include\",SUMIFS('Future Requirements'!$O:$O,'Future Requirements'!$H:$H,$B28,'Future Requirements'!$G:$G,I$26,'Future Requirements'!$B:$B,IF($C$3=\"\",\">=\"&$F$3,\">=\"&$C$3),'Future Requirements'!$B:$B,IF($C$4=\"\",\"<=\"&$F$4,\"<=\"&$C$4),'Future Requirements'!$J:$J,IF($C$5=\"Yes\",\"Yes\",IF($C$5=\"No\",\"No\",\"<>Luke\")),'Future Requirements'!$AC:$AC,IF($C$6=\"Agreed\",\"Agreed\",IF($C$6=\"C/Fwd\",\"C/Fwd\",\"<>Luke\")),'Future Requirements'!$AA:$AA,$I$4),0)+\nIF($J$5=\"Include\",SUMIFS('Future Requirements'!$O:$O,'Future Requirements'!$H:$H,$B28,'Future Requirements'!$G:$G,I$26,'Future Requirements'!$B:$B,IF($C$3=\"\",\">=\"&$F$3,\">=\"&$C$3),'Future Requirements'!$B:$B,IF($C$4=\"\",\"<=\"&$F$4,\"<=\"&$C$4),'Future Requirements'!$J:$J,IF($C$5=\"Yes\",\"Yes\",IF($C$5=\"No\",\"No\",\"<>Luke\")),'Future Requirements'!$AC:$AC,IF($C$6=\"Agreed\",\"Agreed\",IF($C$6=\"C/Fwd\",\"C/Fwd\",\"<>Luke\")),'Future Requirements'!$AA:$AA,$I$5),0)+\nIF($J$6=\"Include\",SUMIFS('Future Requirements'!$O:$O,'Future Requirements'!$H:$H,$B28,'Future Requirements'!$G:$G,I$26,'Future Requirements'!$B:$B,IF($C$3=\"\",\">=\"&$F$3,\">=\"&$C$3),'Future Requirements'!$B:$B,IF($C$4=\"\",\"<=\"&$F$4,\"<=\"&$C$4),'Future Requirements'!$J:$J,IF($C$5=\"Yes\",\"Yes\",IF($C$5=\"No\",\"No\",\"<>Luke\")),'Future Requirements'!$AC:$AC,IF($C$6=\"Agreed\",\"Agreed\",IF($C$6=\"C/Fwd\",\"C/Fwd\",\"<>Luke\")),'Future Requirements'!$AA:$AA,$I$6),0)+\nIF($J$7=\"Include\",SUMIFS('Future Requirements'!$O:$O,'Future Requirements'!$H:$H,$B28,'Future Requirements'!$G:$G,I$26,'Future Requirements'!$B:$B,IF($C$3=\"\",\">=\"&$F$3,\">=\"&$C$3),'Future Requirements'!$B:$B,IF($C$4=\"\",\"<=\"&$F$4,\"<=\"&$C$4),'Future Requirements'!$J:$J,IF($C$5=\"Yes\",\"Yes\",IF($C$5=\"No\",\"No\",\"<>Luke\")),'Future Requirements'!$AC:$AC,IF($C$6=\"Agreed\",\"Agreed\",IF($C$6=\"C/Fwd\",\"C/Fwd\",\"<>Luke\")),'Future Requirements'!$AA:$AA,$I$7),0)","v":0},{"$f":"IF($J$3=\"Include\",SUMIFS('Future Requirements'!$O:$O,'Future Requirements'!$H:$H,$B28,'Future Requirements'!$G:$G,J$26,'Future Requirements'!$B:$B,IF($C$3=\"\",\">=\"&$F$3,\">=\"&$C$3),'Future Requirements'!$B:$B,IF($C$4=\"\",\"<=\"&$F$4,\"<=\"&$C$4),'Future Requirements'!$J:$J,IF($C$5=\"Yes\",\"Yes\",IF($C$5=\"No\",\"No\",\"<>Luke\")),'Future Requirements'!$AC:$AC,IF($C$6=\"Agreed\",\"Agreed\",IF($C$6=\"C/Fwd\",\"C/Fwd\",\"<>Luke\")),'Future Requirements'!$AA:$AA,$I$3),0)+\nIF($J$4=\"Include\",SUMIFS('Future Requirements'!$O:$O,'Future Requirements'!$H:$H,$B28,'Future Requirements'!$G:$G,J$26,'Future Requirements'!$B:$B,IF($C$3=\"\",\">=\"&$F$3,\">=\"&$C$3),'Future Requirements'!$B:$B,IF($C$4=\"\",\"<=\"&$F$4,\"<=\"&$C$4),'Future Requirements'!$J:$J,IF($C$5=\"Yes\",\"Yes\",IF($C$5=\"No\",\"No\",\"<>Luke\")),'Future Requirements'!$AC:$AC,IF($C$6=\"Agreed\",\"Agreed\",IF($C$6=\"C/Fwd\",\"C/Fwd\",\"<>Luke\")),'Future Requirements'!$AA:$AA,$I$4),0)+\nIF($J$5=\"Include\",SUMIFS('Future Requirements'!$O:$O,'Future Requirements'!$H:$H,$B28,'Future Requirements'!$G:$G,J$26,'Future Requirements'!$B:$B,IF($C$3=\"\",\">=\"&$F$3,\">=\"&$C$3),'Future Requirements'!$B:$B,IF($C$4=\"\",\"<=\"&$F$4,\"<=\"&$C$4),'Future Requirements'!$J:$J,IF($C$5=\"Yes\",\"Yes\",IF($C$5=\"No\",\"No\",\"<>Luke\")),'Future Requirements'!$AC:$AC,IF($C$6=\"Agreed\",\"Agreed\",IF($C$6=\"C/Fwd\",\"C/Fwd\",\"<>Luke\")),'Future Requirements'!$AA:$AA,$I$5),0)+\nIF($J$6=\"Include\",SUMIFS('Future Requirements'!$O:$O,'Future Requirements'!$H:$H,$B28,'Future Requirements'!$G:$G,J$26,'Future Requirements'!$B:$B,IF($C$3=\"\",\">=\"&$F$3,\">=\"&$C$3),'Future Requirements'!$B:$B,IF($C$4=\"\",\"<=\"&$F$4,\"<=\"&$C$4),'Future Requirements'!$J:$J,IF($C$5=\"Yes\",\"Yes\",IF($C$5=\"No\",\"No\",\"<>Luke\")),'Future Requirements'!$AC:$AC,IF($C$6=\"Agreed\",\"Agreed\",IF($C$6=\"C/Fwd\",\"C/Fwd\",\"<>Luke\")),'Future Requirements'!$AA:$AA,$I$6),0)+\nIF($J$7=\"Include\",SUMIFS('Future Requirements'!$O:$O,'Future Requirements'!$H:$H,$B28,'Future Requirements'!$G:$G,J$26,'Future Requirements'!$B:$B,IF($C$3=\"\",\">=\"&$F$3,\">=\"&$C$3),'Future Requirements'!$B:$B,IF($C$4=\"\",\"<=\"&$F$4,\"<=\"&$C$4),'Future Requirements'!$J:$J,IF($C$5=\"Yes\",\"Yes\",IF($C$5=\"No\",\"No\",\"<>Luke\")),'Future Requirements'!$AC:$AC,IF($C$6=\"Agreed\",\"Agreed\",IF($C$6=\"C/Fwd\",\"C/Fwd\",\"<>Luke\")),'Future Requirements'!$AA:$AA,$I$7),0)","v":0},{"$f":"IF($J$3=\"Include\",SUMIFS('Future Requirements'!$O:$O,'Future Requirements'!$H:$H,$B28,'Future Requirements'!$G:$G,K$26,'Future Requirements'!$B:$B,IF($C$3=\"\",\">=\"&$F$3,\">=\"&$C$3),'Future Requirements'!$B:$B,IF($C$4=\"\",\"<=\"&$F$4,\"<=\"&$C$4),'Future Requirements'!$J:$J,IF($C$5=\"Yes\",\"Yes\",IF($C$5=\"No\",\"No\",\"<>Luke\")),'Future Requirements'!$AC:$AC,IF($C$6=\"Agreed\",\"Agreed\",IF($C$6=\"C/Fwd\",\"C/Fwd\",\"<>Luke\")),'Future Requirements'!$AA:$AA,$I$3),0)+\nIF($J$4=\"Include\",SUMIFS('Future Requirements'!$O:$O,'Future Requirements'!$H:$H,$B28,'Future Requirements'!$G:$G,K$26,'Future Requirements'!$B:$B,IF($C$3=\"\",\">=\"&$F$3,\">=\"&$C$3),'Future Requirements'!$B:$B,IF($C$4=\"\",\"<=\"&$F$4,\"<=\"&$C$4),'Future Requirements'!$J:$J,IF($C$5=\"Yes\",\"Yes\",IF($C$5=\"No\",\"No\",\"<>Luke\")),'Future Requirements'!$AC:$AC,IF($C$6=\"Agreed\",\"Agreed\",IF($C$6=\"C/Fwd\",\"C/Fwd\",\"<>Luke\")),'Future Requirements'!$AA:$AA,$I$4),0)+\nIF($J$5=\"Include\",SUMIFS('Future Requirements'!$O:$O,'Future Requirements'!$H:$H,$B28,'Future Requirements'!$G:$G,K$26,'Future Requirements'!$B:$B,IF($C$3=\"\",\">=\"&$F$3,\">=\"&$C$3),'Future Requirements'!$B:$B,IF($C$4=\"\",\"<=\"&$F$4,\"<=\"&$C$4),'Future Requirements'!$J:$J,IF($C$5=\"Yes\",\"Yes\",IF($C$5=\"No\",\"No\",\"<>Luke\")),'Future Requirements'!$AC:$AC,IF($C$6=\"Agreed\",\"Agreed\",IF($C$6=\"C/Fwd\",\"C/Fwd\",\"<>Luke\")),'Future Requirements'!$AA:$AA,$I$5),0)+\nIF($J$6=\"Include\",SUMIFS('Future Requirements'!$O:$O,'Future Requirements'!$H:$H,$B28,'Future Requirements'!$G:$G,K$26,'Future Requirements'!$B:$B,IF($C$3=\"\",\">=\"&$F$3,\">=\"&$C$3),'Future Requirements'!$B:$B,IF($C$4=\"\",\"<=\"&$F$4,\"<=\"&$C$4),'Future Requirements'!$J:$J,IF($C$5=\"Yes\",\"Yes\",IF($C$5=\"No\",\"No\",\"<>Luke\")),'Future Requirements'!$AC:$AC,IF($C$6=\"Agreed\",\"Agreed\",IF($C$6=\"C/Fwd\",\"C/Fwd\",\"<>Luke\")),'Future Requirements'!$AA:$AA,$I$6),0)+\nIF($J$7=\"Include\",SUMIFS('Future Requirements'!$O:$O,'Future Requirements'!$H:$H,$B28,'Future Requirements'!$G:$G,K$26,'Future Requirements'!$B:$B,IF($C$3=\"\",\">=\"&$F$3,\">=\"&$C$3),'Future Requirements'!$B:$B,IF($C$4=\"\",\"<=\"&$F$4,\"<=\"&$C$4),'Future Requirements'!$J:$J,IF($C$5=\"Yes\",\"Yes\",IF($C$5=\"No\",\"No\",\"<>Luke\")),'Future Requirements'!$AC:$AC,IF($C$6=\"Agreed\",\"Agreed\",IF($C$6=\"C/Fwd\",\"C/Fwd\",\"<>Luke\")),'Future Requirements'!$AA:$AA,$I$7),0)","v":0},{"$f":"IF($J$3=\"Include\",SUMIFS('Future Requirements'!$O:$O,'Future Requirements'!$H:$H,$B28,'Future Requirements'!$G:$G,L$26,'Future Requirements'!$B:$B,IF($C$3=\"\",\">=\"&$F$3,\">=\"&$C$3),'Future Requirements'!$B:$B,IF($C$4=\"\",\"<=\"&$F$4,\"<=\"&$C$4),'Future Requirements'!$J:$J,IF($C$5=\"Yes\",\"Yes\",IF($C$5=\"No\",\"No\",\"<>Luke\")),'Future Requirements'!$AC:$AC,IF($C$6=\"Agreed\",\"Agreed\",IF($C$6=\"C/Fwd\",\"C/Fwd\",\"<>Luke\")),'Future Requirements'!$AA:$AA,$I$3),0)+\nIF($J$4=\"Include\",SUMIFS('Future Requirements'!$O:$O,'Future Requirements'!$H:$H,$B28,'Future Requirements'!$G:$G,L$26,'Future Requirements'!$B:$B,IF($C$3=\"\",\">=\"&$F$3,\">=\"&$C$3),'Future Requirements'!$B:$B,IF($C$4=\"\",\"<=\"&$F$4,\"<=\"&$C$4),'Future Requirements'!$J:$J,IF($C$5=\"Yes\",\"Yes\",IF($C$5=\"No\",\"No\",\"<>Luke\")),'Future Requirements'!$AC:$AC,IF($C$6=\"Agreed\",\"Agreed\",IF($C$6=\"C/Fwd\",\"C/Fwd\",\"<>Luke\")),'Future Requirements'!$AA:$AA,$I$4),0)+\nIF($J$5=\"Include\",SUMIFS('Future Requirements'!$O:$O,'Future Requirements'!$H:$H,$B28,'Future Requirements'!$G:$G,L$26,'Future Requirements'!$B:$B,IF($C$3=\"\",\">=\"&$F$3,\">=\"&$C$3),'Future Requirements'!$B:$B,IF($C$4=\"\",\"<=\"&$F$4,\"<=\"&$C$4),'Future Requirements'!$J:$J,IF($C$5=\"Yes\",\"Yes\",IF($C$5=\"No\",\"No\",\"<>Luke\")),'Future Requirements'!$AC:$AC,IF($C$6=\"Agreed\",\"Agreed\",IF($C$6=\"C/Fwd\",\"C/Fwd\",\"<>Luke\")),'Future Requirements'!$AA:$AA,$I$5),0)+\nIF($J$6=\"Include\",SUMIFS('Future Requirements'!$O:$O,'Future Requirements'!$H:$H,$B28,'Future Requirements'!$G:$G,L$26,'Future Requirements'!$B:$B,IF($C$3=\"\",\">=\"&$F$3,\">=\"&$C$3),'Future Requirements'!$B:$B,IF($C$4=\"\",\"<=\"&$F$4,\"<=\"&$C$4),'Future Requirements'!$J:$J,IF($C$5=\"Yes\",\"Yes\",IF($C$5=\"No\",\"No\",\"<>Luke\")),'Future Requirements'!$AC:$AC,IF($C$6=\"Agreed\",\"Agreed\",IF($C$6=\"C/Fwd\",\"C/Fwd\",\"<>Luke\")),'Future Requirements'!$AA:$AA,$I$6),0)+\nIF($J$7=\"Include\",SUMIFS('Future Requirements'!$O:$O,'Future Requirements'!$H:$H,$B28,'Future Requirements'!$G:$G,L$26,'Future Requirements'!$B:$B,IF($C$3=\"\",\">=\"&$F$3,\">=\"&$C$3),'Future Requirements'!$B:$B,IF($C$4=\"\",\"<=\"&$F$4,\"<=\"&$C$4),'Future Requirements'!$J:$J,IF($C$5=\"Yes\",\"Yes\",IF($C$5=\"No\",\"No\",\"<>Luke\")),'Future Requirements'!$AC:$AC,IF($C$6=\"Agreed\",\"Agreed\",IF($C$6=\"C/Fwd\",\"C/Fwd\",\"<>Luke\")),'Future Requirements'!$AA:$AA,$I$7),0)","v":0},{"$f":"IF($J$3=\"Include\",SUMIFS('Future Requirements'!$O:$O,'Future Requirements'!$H:$H,$B28,'Future Requirements'!$G:$G,M$26,'Future Requirements'!$B:$B,IF($C$3=\"\",\">=\"&$F$3,\">=\"&$C$3),'Future Requirements'!$B:$B,IF($C$4=\"\",\"<=\"&$F$4,\"<=\"&$C$4),'Future Requirements'!$J:$J,IF($C$5=\"Yes\",\"Yes\",IF($C$5=\"No\",\"No\",\"<>Luke\")),'Future Requirements'!$AC:$AC,IF($C$6=\"Agreed\",\"Agreed\",IF($C$6=\"C/Fwd\",\"C/Fwd\",\"<>Luke\")),'Future Requirements'!$AA:$AA,$I$3),0)+\nIF($J$4=\"Include\",SUMIFS('Future Requirements'!$O:$O,'Future Requirements'!$H:$H,$B28,'Future Requirements'!$G:$G,M$26,'Future Requirements'!$B:$B,IF($C$3=\"\",\">=\"&$F$3,\">=\"&$C$3),'Future Requirements'!$B:$B,IF($C$4=\"\",\"<=\"&$F$4,\"<=\"&$C$4),'Future Requirements'!$J:$J,IF($C$5=\"Yes\",\"Yes\",IF($C$5=\"No\",\"No\",\"<>Luke\")),'Future Requirements'!$AC:$AC,IF($C$6=\"Agreed\",\"Agreed\",IF($C$6=\"C/Fwd\",\"C/Fwd\",\"<>Luke\")),'Future Requirements'!$AA:$AA,$I$4),0)+\nIF($J$5=\"Include\",SUMIFS('Future Requirements'!$O:$O,'Future Requirements'!$H:$H,$B28,'Future Requirements'!$G:$G,M$26,'Future Requirements'!$B:$B,IF($C$3=\"\",\">=\"&$F$3,\">=\"&$C$3),'Future Requirements'!$B:$B,IF($C$4=\"\",\"<=\"&$F$4,\"<=\"&$C$4),'Future Requirements'!$J:$J,IF($C$5=\"Yes\",\"Yes\",IF($C$5=\"No\",\"No\",\"<>Luke\")),'Future Requirements'!$AC:$AC,IF($C$6=\"Agreed\",\"Agreed\",IF($C$6=\"C/Fwd\",\"C/Fwd\",\"<>Luke\")),'Future Requirements'!$AA:$AA,$I$5),0)+\nIF($J$6=\"Include\",SUMIFS('Future Requirements'!$O:$O,'Future Requirements'!$H:$H,$B28,'Future Requirements'!$G:$G,M$26,'Future Requirements'!$B:$B,IF($C$3=\"\",\">=\"&$F$3,\">=\"&$C$3),'Future Requirements'!$B:$B,IF($C$4=\"\",\"<=\"&$F$4,\"<=\"&$C$4),'Future Requirements'!$J:$J,IF($C$5=\"Yes\",\"Yes\",IF($C$5=\"No\",\"No\",\"<>Luke\")),'Future Requirements'!$AC:$AC,IF($C$6=\"Agreed\",\"Agreed\",IF($C$6=\"C/Fwd\",\"C/Fwd\",\"<>Luke\")),'Future Requirements'!$AA:$AA,$I$6),0)+\nIF($J$7=\"Include\",SUMIFS('Future Requirements'!$O:$O,'Future Requirements'!$H:$H,$B28,'Future Requirements'!$G:$G,M$26,'Future Requirements'!$B:$B,IF($C$3=\"\",\">=\"&$F$3,\">=\"&$C$3),'Future Requirements'!$B:$B,IF($C$4=\"\",\"<=\"&$F$4,\"<=\"&$C$4),'Future Requirements'!$J:$J,IF($C$5=\"Yes\",\"Yes\",IF($C$5=\"No\",\"No\",\"<>Luke\")),'Future Requirements'!$AC:$AC,IF($C$6=\"Agreed\",\"Agreed\",IF($C$6=\"C/Fwd\",\"C/Fwd\",\"<>Luke\")),'Future Requirements'!$AA:$AA,$I$7),0)","v":0},{"$f":"IF($J$3=\"Include\",SUMIFS('Future Requirements'!$O:$O,'Future Requirements'!$H:$H,$B28,'Future Requirements'!$G:$G,N$26,'Future Requirements'!$B:$B,IF($C$3=\"\",\">=\"&$F$3,\">=\"&$C$3),'Future Requirements'!$B:$B,IF($C$4=\"\",\"<=\"&$F$4,\"<=\"&$C$4),'Future Requirements'!$J:$J,IF($C$5=\"Yes\",\"Yes\",IF($C$5=\"No\",\"No\",\"<>Luke\")),'Future Requirements'!$AC:$AC,IF($C$6=\"Agreed\",\"Agreed\",IF($C$6=\"C/Fwd\",\"C/Fwd\",\"<>Luke\")),'Future Requirements'!$AA:$AA,$I$3),0)+\nIF($J$4=\"Include\",SUMIFS('Future Requirements'!$O:$O,'Future Requirements'!$H:$H,$B28,'Future Requirements'!$G:$G,N$26,'Future Requirements'!$B:$B,IF($C$3=\"\",\">=\"&$F$3,\">=\"&$C$3),'Future Requirements'!$B:$B,IF($C$4=\"\",\"<=\"&$F$4,\"<=\"&$C$4),'Future Requirements'!$J:$J,IF($C$5=\"Yes\",\"Yes\",IF($C$5=\"No\",\"No\",\"<>Luke\")),'Future Requirements'!$AC:$AC,IF($C$6=\"Agreed\",\"Agreed\",IF($C$6=\"C/Fwd\",\"C/Fwd\",\"<>Luke\")),'Future Requirements'!$AA:$AA,$I$4),0)+\nIF($J$5=\"Include\",SUMIFS('Future Requirements'!$O:$O,'Future Requirements'!$H:$H,$B28,'Future Requirements'!$G:$G,N$26,'Future Requirements'!$B:$B,IF($C$3=\"\",\">=\"&$F$3,\">=\"&$C$3),'Future Requirements'!$B:$B,IF($C$4=\"\",\"<=\"&$F$4,\"<=\"&$C$4),'Future Requirements'!$J:$J,IF($C$5=\"Yes\",\"Yes\",IF($C$5=\"No\",\"No\",\"<>Luke\")),'Future Requirements'!$AC:$AC,IF($C$6=\"Agreed\",\"Agreed\",IF($C$6=\"C/Fwd\",\"C/Fwd\",\"<>Luke\")),'Future Requirements'!$AA:$AA,$I$5),0)+\nIF($J$6=\"Include\",SUMIFS('Future Requirements'!$O:$O,'Future Requirements'!$H:$H,$B28,'Future Requirements'!$G:$G,N$26,'Future Requirements'!$B:$B,IF($C$3=\"\",\">=\"&$F$3,\">=\"&$C$3),'Future Requirements'!$B:$B,IF($C$4=\"\",\"<=\"&$F$4,\"<=\"&$C$4),'Future Requirements'!$J:$J,IF($C$5=\"Yes\",\"Yes\",IF($C$5=\"No\",\"No\",\"<>Luke\")),'Future Requirements'!$AC:$AC,IF($C$6=\"Agreed\",\"Agreed\",IF($C$6=\"C/Fwd\",\"C/Fwd\",\"<>Luke\")),'Future Requirements'!$AA:$AA,$I$6),0)+\nIF($J$7=\"Include\",SUMIFS('Future Requirements'!$O:$O,'Future Requirements'!$H:$H,$B28,'Future Requirements'!$G:$G,N$26,'Future Requirements'!$B:$B,IF($C$3=\"\",\">=\"&$F$3,\">=\"&$C$3),'Future Requirements'!$B:$B,IF($C$4=\"\",\"<=\"&$F$4,\"<=\"&$C$4),'Future Requirements'!$J:$J,IF($C$5=\"Yes\",\"Yes\",IF($C$5=\"No\",\"No\",\"<>Luke\")),'Future Requirements'!$AC:$AC,IF($C$6=\"Agreed\",\"Agreed\",IF($C$6=\"C/Fwd\",\"C/Fwd\",\"<>Luke\")),'Future Requirements'!$AA:$AA,$I$7),0)","v":0},{"$f":"IF($J$3=\"Include\",SUMIFS('Future Requirements'!$O:$O,'Future Requirements'!$H:$H,$B28,'Future Requirements'!$G:$G,O$26,'Future Requirements'!$B:$B,IF($C$3=\"\",\">=\"&$F$3,\">=\"&$C$3),'Future Requirements'!$B:$B,IF($C$4=\"\",\"<=\"&$F$4,\"<=\"&$C$4),'Future Requirements'!$J:$J,IF($C$5=\"Yes\",\"Yes\",IF($C$5=\"No\",\"No\",\"<>Luke\")),'Future Requirements'!$AC:$AC,IF($C$6=\"Agreed\",\"Agreed\",IF($C$6=\"C/Fwd\",\"C/Fwd\",\"<>Luke\")),'Future Requirements'!$AA:$AA,$I$3),0)+\nIF($J$4=\"Include\",SUMIFS('Future Requirements'!$O:$O,'Future Requirements'!$H:$H,$B28,'Future Requirements'!$G:$G,O$26,'Future Requirements'!$B:$B,IF($C$3=\"\",\">=\"&$F$3,\">=\"&$C$3),'Future Requirements'!$B:$B,IF($C$4=\"\",\"<=\"&$F$4,\"<=\"&$C$4),'Future Requirements'!$J:$J,IF($C$5=\"Yes\",\"Yes\",IF($C$5=\"No\",\"No\",\"<>Luke\")),'Future Requirements'!$AC:$AC,IF($C$6=\"Agreed\",\"Agreed\",IF($C$6=\"C/Fwd\",\"C/Fwd\",\"<>Luke\")),'Future Requirements'!$AA:$AA,$I$4),0)+\nIF($J$5=\"Include\",SUMIFS('Future Requirements'!$O:$O,'Future Requirements'!$H:$H,$B28,'Future Requirements'!$G:$G,O$26,'Future Requirements'!$B:$B,IF($C$3=\"\",\">=\"&$F$3,\">=\"&$C$3),'Future Requirements'!$B:$B,IF($C$4=\"\",\"<=\"&$F$4,\"<=\"&$C$4),'Future Requirements'!$J:$J,IF($C$5=\"Yes\",\"Yes\",IF($C$5=\"No\",\"No\",\"<>Luke\")),'Future Requirements'!$AC:$AC,IF($C$6=\"Agreed\",\"Agreed\",IF($C$6=\"C/Fwd\",\"C/Fwd\",\"<>Luke\")),'Future Requirements'!$AA:$AA,$I$5),0)+\nIF($J$6=\"Include\",SUMIFS('Future Requirements'!$O:$O,'Future Requirements'!$H:$H,$B28,'Future Requirements'!$G:$G,O$26,'Future Requirements'!$B:$B,IF($C$3=\"\",\">=\"&$F$3,\">=\"&$C$3),'Future Requirements'!$B:$B,IF($C$4=\"\",\"<=\"&$F$4,\"<=\"&$C$4),'Future Requirements'!$J:$J,IF($C$5=\"Yes\",\"Yes\",IF($C$5=\"No\",\"No\",\"<>Luke\")),'Future Requirements'!$AC:$AC,IF($C$6=\"Agreed\",\"Agreed\",IF($C$6=\"C/Fwd\",\"C/Fwd\",\"<>Luke\")),'Future Requirements'!$AA:$AA,$I$6),0)+\nIF($J$7=\"Include\",SUMIFS('Future Requirements'!$O:$O,'Future Requirements'!$H:$H,$B28,'Future Requirements'!$G:$G,O$26,'Future Requirements'!$B:$B,IF($C$3=\"\",\">=\"&$F$3,\">=\"&$C$3),'Future Requirements'!$B:$B,IF($C$4=\"\",\"<=\"&$F$4,\"<=\"&$C$4),'Future Requirements'!$J:$J,IF($C$5=\"Yes\",\"Yes\",IF($C$5=\"No\",\"No\",\"<>Luke\")),'Future Requirements'!$AC:$AC,IF($C$6=\"Agreed\",\"Agreed\",IF($C$6=\"C/Fwd\",\"C/Fwd\",\"<>Luke\")),'Future Requirements'!$AA:$AA,$I$7),0)","v":220000},{"$f":"IF($J$3=\"Include\",SUMIFS('Future Requirements'!$O:$O,'Future Requirements'!$H:$H,$B28,'Future Requirements'!$G:$G,P$26,'Future Requirements'!$B:$B,IF($C$3=\"\",\">=\"&$F$3,\">=\"&$C$3),'Future Requirements'!$B:$B,IF($C$4=\"\",\"<=\"&$F$4,\"<=\"&$C$4),'Future Requirements'!$J:$J,IF($C$5=\"Yes\",\"Yes\",IF($C$5=\"No\",\"No\",\"<>Luke\")),'Future Requirements'!$AC:$AC,IF($C$6=\"Agreed\",\"Agreed\",IF($C$6=\"C/Fwd\",\"C/Fwd\",\"<>Luke\")),'Future Requirements'!$AA:$AA,$I$3),0)+\nIF($J$4=\"Include\",SUMIFS('Future Requirements'!$O:$O,'Future Requirements'!$H:$H,$B28,'Future Requirements'!$G:$G,P$26,'Future Requirements'!$B:$B,IF($C$3=\"\",\">=\"&$F$3,\">=\"&$C$3),'Future Requirements'!$B:$B,IF($C$4=\"\",\"<=\"&$F$4,\"<=\"&$C$4),'Future Requirements'!$J:$J,IF($C$5=\"Yes\",\"Yes\",IF($C$5=\"No\",\"No\",\"<>Luke\")),'Future Requirements'!$AC:$AC,IF($C$6=\"Agreed\",\"Agreed\",IF($C$6=\"C/Fwd\",\"C/Fwd\",\"<>Luke\")),'Future Requirements'!$AA:$AA,$I$4),0)+\nIF($J$5=\"Include\",SUMIFS('Future Requirements'!$O:$O,'Future Requirements'!$H:$H,$B28,'Future Requirements'!$G:$G,P$26,'Future Requirements'!$B:$B,IF($C$3=\"\",\">=\"&$F$3,\">=\"&$C$3),'Future Requirements'!$B:$B,IF($C$4=\"\",\"<=\"&$F$4,\"<=\"&$C$4),'Future Requirements'!$J:$J,IF($C$5=\"Yes\",\"Yes\",IF($C$5=\"No\",\"No\",\"<>Luke\")),'Future Requirements'!$AC:$AC,IF($C$6=\"Agreed\",\"Agreed\",IF($C$6=\"C/Fwd\",\"C/Fwd\",\"<>Luke\")),'Future Requirements'!$AA:$AA,$I$5),0)+\nIF($J$6=\"Include\",SUMIFS('Future Requirements'!$O:$O,'Future Requirements'!$H:$H,$B28,'Future Requirements'!$G:$G,P$26,'Future Requirements'!$B:$B,IF($C$3=\"\",\">=\"&$F$3,\">=\"&$C$3),'Future Requirements'!$B:$B,IF($C$4=\"\",\"<=\"&$F$4,\"<=\"&$C$4),'Future Requirements'!$J:$J,IF($C$5=\"Yes\",\"Yes\",IF($C$5=\"No\",\"No\",\"<>Luke\")),'Future Requirements'!$AC:$AC,IF($C$6=\"Agreed\",\"Agreed\",IF($C$6=\"C/Fwd\",\"C/Fwd\",\"<>Luke\")),'Future Requirements'!$AA:$AA,$I$6),0)+\nIF($J$7=\"Include\",SUMIFS('Future Requirements'!$O:$O,'Future Requirements'!$H:$H,$B28,'Future Requirements'!$G:$G,P$26,'Future Requirements'!$B:$B,IF($C$3=\"\",\">=\"&$F$3,\">=\"&$C$3),'Future Requirements'!$B:$B,IF($C$4=\"\",\"<=\"&$F$4,\"<=\"&$C$4),'Future Requirements'!$J:$J,IF($C$5=\"Yes\",\"Yes\",IF($C$5=\"No\",\"No\",\"<>Luke\")),'Future Requirements'!$AC:$AC,IF($C$6=\"Agreed\",\"Agreed\",IF($C$6=\"C/Fwd\",\"C/Fwd\",\"<>Luke\")),'Future Requirements'!$AA:$AA,$I$7),0)","v":0},{"$f":"IF($J$3=\"Include\",SUMIFS('Future Requirements'!$O:$O,'Future Requirements'!$H:$H,$B28,'Future Requirements'!$G:$G,Q$26,'Future Requirements'!$B:$B,IF($C$3=\"\",\">=\"&$F$3,\">=\"&$C$3),'Future Requirements'!$B:$B,IF($C$4=\"\",\"<=\"&$F$4,\"<=\"&$C$4),'Future Requirements'!$J:$J,IF($C$5=\"Yes\",\"Yes\",IF($C$5=\"No\",\"No\",\"<>Luke\")),'Future Requirements'!$AC:$AC,IF($C$6=\"Agreed\",\"Agreed\",IF($C$6=\"C/Fwd\",\"C/Fwd\",\"<>Luke\")),'Future Requirements'!$AA:$AA,$I$3),0)+\nIF($J$4=\"Include\",SUMIFS('Future Requirements'!$O:$O,'Future Requirements'!$H:$H,$B28,'Future Requirements'!$G:$G,Q$26,'Future Requirements'!$B:$B,IF($C$3=\"\",\">=\"&$F$3,\">=\"&$C$3),'Future Requirements'!$B:$B,IF($C$4=\"\",\"<=\"&$F$4,\"<=\"&$C$4),'Future Requirements'!$J:$J,IF($C$5=\"Yes\",\"Yes\",IF($C$5=\"No\",\"No\",\"<>Luke\")),'Future Requirements'!$AC:$AC,IF($C$6=\"Agreed\",\"Agreed\",IF($C$6=\"C/Fwd\",\"C/Fwd\",\"<>Luke\")),'Future Requirements'!$AA:$AA,$I$4),0)+\nIF($J$5=\"Include\",SUMIFS('Future Requirements'!$O:$O,'Future Requirements'!$H:$H,$B28,'Future Requirements'!$G:$G,Q$26,'Future Requirements'!$B:$B,IF($C$3=\"\",\">=\"&$F$3,\">=\"&$C$3),'Future Requirements'!$B:$B,IF($C$4=\"\",\"<=\"&$F$4,\"<=\"&$C$4),'Future Requirements'!$J:$J,IF($C$5=\"Yes\",\"Yes\",IF($C$5=\"No\",\"No\",\"<>Luke\")),'Future Requirements'!$AC:$AC,IF($C$6=\"Agreed\",\"Agreed\",IF($C$6=\"C/Fwd\",\"C/Fwd\",\"<>Luke\")),'Future Requirements'!$AA:$AA,$I$5),0)+\nIF($J$6=\"Include\",SUMIFS('Future Requirements'!$O:$O,'Future Requirements'!$H:$H,$B28,'Future Requirements'!$G:$G,Q$26,'Future Requirements'!$B:$B,IF($C$3=\"\",\">=\"&$F$3,\">=\"&$C$3),'Future Requirements'!$B:$B,IF($C$4=\"\",\"<=\"&$F$4,\"<=\"&$C$4),'Future Requirements'!$J:$J,IF($C$5=\"Yes\",\"Yes\",IF($C$5=\"No\",\"No\",\"<>Luke\")),'Future Requirements'!$AC:$AC,IF($C$6=\"Agreed\",\"Agreed\",IF($C$6=\"C/Fwd\",\"C/Fwd\",\"<>Luke\")),'Future Requirements'!$AA:$AA,$I$6),0)+\nIF($J$7=\"Include\",SUMIFS('Future Requirements'!$O:$O,'Future Requirements'!$H:$H,$B28,'Future Requirements'!$G:$G,Q$26,'Future Requirements'!$B:$B,IF($C$3=\"\",\">=\"&$F$3,\">=\"&$C$3),'Future Requirements'!$B:$B,IF($C$4=\"\",\"<=\"&$F$4,\"<=\"&$C$4),'Future Requirements'!$J:$J,IF($C$5=\"Yes\",\"Yes\",IF($C$5=\"No\",\"No\",\"<>Luke\")),'Future Requirements'!$AC:$AC,IF($C$6=\"Agreed\",\"Agreed\",IF($C$6=\"C/Fwd\",\"C/Fwd\",\"<>Luke\")),'Future Requirements'!$AA:$AA,$I$7),0)","v":0},{"$f":"IF($J$3=\"Include\",SUMIFS('Future Requirements'!$O:$O,'Future Requirements'!$H:$H,$B28,'Future Requirements'!$G:$G,R$26,'Future Requirements'!$B:$B,IF($C$3=\"\",\">=\"&$F$3,\">=\"&$C$3),'Future Requirements'!$B:$B,IF($C$4=\"\",\"<=\"&$F$4,\"<=\"&$C$4),'Future Requirements'!$J:$J,IF($C$5=\"Yes\",\"Yes\",IF($C$5=\"No\",\"No\",\"<>Luke\")),'Future Requirements'!$AC:$AC,IF($C$6=\"Agreed\",\"Agreed\",IF($C$6=\"C/Fwd\",\"C/Fwd\",\"<>Luke\")),'Future Requirements'!$AA:$AA,$I$3),0)+\nIF($J$4=\"Include\",SUMIFS('Future Requirements'!$O:$O,'Future Requirements'!$H:$H,$B28,'Future Requirements'!$G:$G,R$26,'Future Requirements'!$B:$B,IF($C$3=\"\",\">=\"&$F$3,\">=\"&$C$3),'Future Requirements'!$B:$B,IF($C$4=\"\",\"<=\"&$F$4,\"<=\"&$C$4),'Future Requirements'!$J:$J,IF($C$5=\"Yes\",\"Yes\",IF($C$5=\"No\",\"No\",\"<>Luke\")),'Future Requirements'!$AC:$AC,IF($C$6=\"Agreed\",\"Agreed\",IF($C$6=\"C/Fwd\",\"C/Fwd\",\"<>Luke\")),'Future Requirements'!$AA:$AA,$I$4),0)+\nIF($J$5=\"Include\",SUMIFS('Future Requirements'!$O:$O,'Future Requirements'!$H:$H,$B28,'Future Requirements'!$G:$G,R$26,'Future Requirements'!$B:$B,IF($C$3=\"\",\">=\"&$F$3,\">=\"&$C$3),'Future Requirements'!$B:$B,IF($C$4=\"\",\"<=\"&$F$4,\"<=\"&$C$4),'Future Requirements'!$J:$J,IF($C$5=\"Yes\",\"Yes\",IF($C$5=\"No\",\"No\",\"<>Luke\")),'Future Requirements'!$AC:$AC,IF($C$6=\"Agreed\",\"Agreed\",IF($C$6=\"C/Fwd\",\"C/Fwd\",\"<>Luke\")),'Future Requirements'!$AA:$AA,$I$5),0)+\nIF($J$6=\"Include\",SUMIFS('Future Requirements'!$O:$O,'Future Requirements'!$H:$H,$B28,'Future Requirements'!$G:$G,R$26,'Future Requirements'!$B:$B,IF($C$3=\"\",\">=\"&$F$3,\">=\"&$C$3),'Future Requirements'!$B:$B,IF($C$4=\"\",\"<=\"&$F$4,\"<=\"&$C$4),'Future Requirements'!$J:$J,IF($C$5=\"Yes\",\"Yes\",IF($C$5=\"No\",\"No\",\"<>Luke\")),'Future Requirements'!$AC:$AC,IF($C$6=\"Agreed\",\"Agreed\",IF($C$6=\"C/Fwd\",\"C/Fwd\",\"<>Luke\")),'Future Requirements'!$AA:$AA,$I$6),0)+\nIF($J$7=\"Include\",SUMIFS('Future Requirements'!$O:$O,'Future Requirements'!$H:$H,$B28,'Future Requirements'!$G:$G,R$26,'Future Requirements'!$B:$B,IF($C$3=\"\",\">=\"&$F$3,\">=\"&$C$3),'Future Requirements'!$B:$B,IF($C$4=\"\",\"<=\"&$F$4,\"<=\"&$C$4),'Future Requirements'!$J:$J,IF($C$5=\"Yes\",\"Yes\",IF($C$5=\"No\",\"No\",\"<>Luke\")),'Future Requirements'!$AC:$AC,IF($C$6=\"Agreed\",\"Agreed\",IF($C$6=\"C/Fwd\",\"C/Fwd\",\"<>Luke\")),'Future Requirements'!$AA:$AA,$I$7),0)","v":0},{"$f":"IF($J$3=\"Include\",SUMIFS('Future Requirements'!$O:$O,'Future Requirements'!$H:$H,$B28,'Future Requirements'!$G:$G,S$26,'Future Requirements'!$B:$B,IF($C$3=\"\",\">=\"&$F$3,\">=\"&$C$3),'Future Requirements'!$B:$B,IF($C$4=\"\",\"<=\"&$F$4,\"<=\"&$C$4),'Future Requirements'!$J:$J,IF($C$5=\"Yes\",\"Yes\",IF($C$5=\"No\",\"No\",\"<>Luke\")),'Future Requirements'!$AC:$AC,IF($C$6=\"Agreed\",\"Agreed\",IF($C$6=\"C/Fwd\",\"C/Fwd\",\"<>Luke\")),'Future Requirements'!$AA:$AA,$I$3),0)+\nIF($J$4=\"Include\",SUMIFS('Future Requirements'!$O:$O,'Future Requirements'!$H:$H,$B28,'Future Requirements'!$G:$G,S$26,'Future Requirements'!$B:$B,IF($C$3=\"\",\">=\"&$F$3,\">=\"&$C$3),'Future Requirements'!$B:$B,IF($C$4=\"\",\"<=\"&$F$4,\"<=\"&$C$4),'Future Requirements'!$J:$J,IF($C$5=\"Yes\",\"Yes\",IF($C$5=\"No\",\"No\",\"<>Luke\")),'Future Requirements'!$AC:$AC,IF($C$6=\"Agreed\",\"Agreed\",IF($C$6=\"C/Fwd\",\"C/Fwd\",\"<>Luke\")),'Future Requirements'!$AA:$AA,$I$4),0)+\nIF($J$5=\"Include\",SUMIFS('Future Requirements'!$O:$O,'Future Requirements'!$H:$H,$B28,'Future Requirements'!$G:$G,S$26,'Future Requirements'!$B:$B,IF($C$3=\"\",\">=\"&$F$3,\">=\"&$C$3),'Future Requirements'!$B:$B,IF($C$4=\"\",\"<=\"&$F$4,\"<=\"&$C$4),'Future Requirements'!$J:$J,IF($C$5=\"Yes\",\"Yes\",IF($C$5=\"No\",\"No\",\"<>Luke\")),'Future Requirements'!$AC:$AC,IF($C$6=\"Agreed\",\"Agreed\",IF($C$6=\"C/Fwd\",\"C/Fwd\",\"<>Luke\")),'Future Requirements'!$AA:$AA,$I$5),0)+\nIF($J$6=\"Include\",SUMIFS('Future Requirements'!$O:$O,'Future Requirements'!$H:$H,$B28,'Future Requirements'!$G:$G,S$26,'Future Requirements'!$B:$B,IF($C$3=\"\",\">=\"&$F$3,\">=\"&$C$3),'Future Requirements'!$B:$B,IF($C$4=\"\",\"<=\"&$F$4,\"<=\"&$C$4),'Future Requirements'!$J:$J,IF($C$5=\"Yes\",\"Yes\",IF($C$5=\"No\",\"No\",\"<>Luke\")),'Future Requirements'!$AC:$AC,IF($C$6=\"Agreed\",\"Agreed\",IF($C$6=\"C/Fwd\",\"C/Fwd\",\"<>Luke\")),'Future Requirements'!$AA:$AA,$I$6),0)+\nIF($J$7=\"Include\",SUMIFS('Future Requirements'!$O:$O,'Future Requirements'!$H:$H,$B28,'Future Requirements'!$G:$G,S$26,'Future Requirements'!$B:$B,IF($C$3=\"\",\">=\"&$F$3,\">=\"&$C$3),'Future Requirements'!$B:$B,IF($C$4=\"\",\"<=\"&$F$4,\"<=\"&$C$4),'Future Requirements'!$J:$J,IF($C$5=\"Yes\",\"Yes\",IF($C$5=\"No\",\"No\",\"<>Luke\")),'Future Requirements'!$AC:$AC,IF($C$6=\"Agreed\",\"Agreed\",IF($C$6=\"C/Fwd\",\"C/Fwd\",\"<>Luke\")),'Future Requirements'!$AA:$AA,$I$7),0)","v":0},{"$f":"SUM(C28:S28)","v":220000}]
[null,"C",{"$f":"IF($J$3=\"Include\",SUMIFS('Future Requirements'!$O:$O,'Future Requirements'!$H:$H,$B29,'Future Requirements'!$G:$G,C$26,'Future Requirements'!$B:$B,IF($C$3=\"\",\">=\"&$F$3,\">=\"&$C$3),'Future Requirements'!$B:$B,IF($C$4=\"\",\"<=\"&$F$4,\"<=\"&$C$4),'Future Requirements'!$J:$J,IF($C$5=\"Yes\",\"Yes\",IF($C$5=\"No\",\"No\",\"<>Luke\")),'Future Requirements'!$AC:$AC,IF($C$6=\"Agreed\",\"Agreed\",IF($C$6=\"C/Fwd\",\"C/Fwd\",\"<>Luke\")),'Future Requirements'!$AA:$AA,$I$3),0)+\nIF($J$4=\"Include\",SUMIFS('Future Requirements'!$O:$O,'Future Requirements'!$H:$H,$B29,'Future Requirements'!$G:$G,C$26,'Future Requirements'!$B:$B,IF($C$3=\"\",\">=\"&$F$3,\">=\"&$C$3),'Future Requirements'!$B:$B,IF($C$4=\"\",\"<=\"&$F$4,\"<=\"&$C$4),'Future Requirements'!$J:$J,IF($C$5=\"Yes\",\"Yes\",IF($C$5=\"No\",\"No\",\"<>Luke\")),'Future Requirements'!$AC:$AC,IF($C$6=\"Agreed\",\"Agreed\",IF($C$6=\"C/Fwd\",\"C/Fwd\",\"<>Luke\")),'Future Requirements'!$AA:$AA,$I$4),0)+\nIF($J$5=\"Include\",SUMIFS('Future Requirements'!$O:$O,'Future Requirements'!$H:$H,$B29,'Future Requirements'!$G:$G,C$26,'Future Requirements'!$B:$B,IF($C$3=\"\",\">=\"&$F$3,\">=\"&$C$3),'Future Requirements'!$B:$B,IF($C$4=\"\",\"<=\"&$F$4,\"<=\"&$C$4),'Future Requirements'!$J:$J,IF($C$5=\"Yes\",\"Yes\",IF($C$5=\"No\",\"No\",\"<>Luke\")),'Future Requirements'!$AC:$AC,IF($C$6=\"Agreed\",\"Agreed\",IF($C$6=\"C/Fwd\",\"C/Fwd\",\"<>Luke\")),'Future Requirements'!$AA:$AA,$I$5),0)+\nIF($J$6=\"Include\",SUMIFS('Future Requirements'!$O:$O,'Future Requirements'!$H:$H,$B29,'Future Requirements'!$G:$G,C$26,'Future Requirements'!$B:$B,IF($C$3=\"\",\">=\"&$F$3,\">=\"&$C$3),'Future Requirements'!$B:$B,IF($C$4=\"\",\"<=\"&$F$4,\"<=\"&$C$4),'Future Requirements'!$J:$J,IF($C$5=\"Yes\",\"Yes\",IF($C$5=\"No\",\"No\",\"<>Luke\")),'Future Requirements'!$AC:$AC,IF($C$6=\"Agreed\",\"Agreed\",IF($C$6=\"C/Fwd\",\"C/Fwd\",\"<>Luke\")),'Future Requirements'!$AA:$AA,$I$6),0)+\nIF($J$7=\"Include\",SUMIFS('Future Requirements'!$O:$O,'Future Requirements'!$H:$H,$B29,'Future Requirements'!$G:$G,C$26,'Future Requirements'!$B:$B,IF($C$3=\"\",\">=\"&$F$3,\">=\"&$C$3),'Future Requirements'!$B:$B,IF($C$4=\"\",\"<=\"&$F$4,\"<=\"&$C$4),'Future Requirements'!$J:$J,IF($C$5=\"Yes\",\"Yes\",IF($C$5=\"No\",\"No\",\"<>Luke\")),'Future Requirements'!$AC:$AC,IF($C$6=\"Agreed\",\"Agreed\",IF($C$6=\"C/Fwd\",\"C/Fwd\",\"<>Luke\")),'Future Requirements'!$AA:$AA,$I$7),0)","v":0},{"$f":"IF($J$3=\"Include\",SUMIFS('Future Requirements'!$O:$O,'Future Requirements'!$H:$H,$B29,'Future Requirements'!$G:$G,D$26,'Future Requirements'!$B:$B,IF($C$3=\"\",\">=\"&$F$3,\">=\"&$C$3),'Future Requirements'!$B:$B,IF($C$4=\"\",\"<=\"&$F$4,\"<=\"&$C$4),'Future Requirements'!$J:$J,IF($C$5=\"Yes\",\"Yes\",IF($C$5=\"No\",\"No\",\"<>Luke\")),'Future Requirements'!$AC:$AC,IF($C$6=\"Agreed\",\"Agreed\",IF($C$6=\"C/Fwd\",\"C/Fwd\",\"<>Luke\")),'Future Requirements'!$AA:$AA,$I$3),0)+\nIF($J$4=\"Include\",SUMIFS('Future Requirements'!$O:$O,'Future Requirements'!$H:$H,$B29,'Future Requirements'!$G:$G,D$26,'Future Requirements'!$B:$B,IF($C$3=\"\",\">=\"&$F$3,\">=\"&$C$3),'Future Requirements'!$B:$B,IF($C$4=\"\",\"<=\"&$F$4,\"<=\"&$C$4),'Future Requirements'!$J:$J,IF($C$5=\"Yes\",\"Yes\",IF($C$5=\"No\",\"No\",\"<>Luke\")),'Future Requirements'!$AC:$AC,IF($C$6=\"Agreed\",\"Agreed\",IF($C$6=\"C/Fwd\",\"C/Fwd\",\"<>Luke\")),'Future Requirements'!$AA:$AA,$I$4),0)+\nIF($J$5=\"Include\",SUMIFS('Future Requirements'!$O:$O,'Future Requirements'!$H:$H,$B29,'Future Requirements'!$G:$G,D$26,'Future Requirements'!$B:$B,IF($C$3=\"\",\">=\"&$F$3,\">=\"&$C$3),'Future Requirements'!$B:$B,IF($C$4=\"\",\"<=\"&$F$4,\"<=\"&$C$4),'Future Requirements'!$J:$J,IF($C$5=\"Yes\",\"Yes\",IF($C$5=\"No\",\"No\",\"<>Luke\")),'Future Requirements'!$AC:$AC,IF($C$6=\"Agreed\",\"Agreed\",IF($C$6=\"C/Fwd\",\"C/Fwd\",\"<>Luke\")),'Future Requirements'!$AA:$AA,$I$5),0)+\nIF($J$6=\"Include\",SUMIFS('Future Requirements'!$O:$O,'Future Requirements'!$H:$H,$B29,'Future Requirements'!$G:$G,D$26,'Future Requirements'!$B:$B,IF($C$3=\"\",\">=\"&$F$3,\">=\"&$C$3),'Future Requirements'!$B:$B,IF($C$4=\"\",\"<=\"&$F$4,\"<=\"&$C$4),'Future Requirements'!$J:$J,IF($C$5=\"Yes\",\"Yes\",IF($C$5=\"No\",\"No\",\"<>Luke\")),'Future Requirements'!$AC:$AC,IF($C$6=\"Agreed\",\"Agreed\",IF($C$6=\"C/Fwd\",\"C/Fwd\",\"<>Luke\")),'Future Requirements'!$AA:$AA,$I$6),0)+\nIF($J$7=\"Include\",SUMIFS('Future Requirements'!$O:$O,'Future Requirements'!$H:$H,$B29,'Future Requirements'!$G:$G,D$26,'Future Requirements'!$B:$B,IF($C$3=\"\",\">=\"&$F$3,\">=\"&$C$3),'Future Requirements'!$B:$B,IF($C$4=\"\",\"<=\"&$F$4,\"<=\"&$C$4),'Future Requirements'!$J:$J,IF($C$5=\"Yes\",\"Yes\",IF($C$5=\"No\",\"No\",\"<>Luke\")),'Future Requirements'!$AC:$AC,IF($C$6=\"Agreed\",\"Agreed\",IF($C$6=\"C/Fwd\",\"C/Fwd\",\"<>Luke\")),'Future Requirements'!$AA:$AA,$I$7),0)","v":0},{"$f":"IF($J$3=\"Include\",SUMIFS('Future Requirements'!$O:$O,'Future Requirements'!$H:$H,$B29,'Future Requirements'!$G:$G,E$26,'Future Requirements'!$B:$B,IF($C$3=\"\",\">=\"&$F$3,\">=\"&$C$3),'Future Requirements'!$B:$B,IF($C$4=\"\",\"<=\"&$F$4,\"<=\"&$C$4),'Future Requirements'!$J:$J,IF($C$5=\"Yes\",\"Yes\",IF($C$5=\"No\",\"No\",\"<>Luke\")),'Future Requirements'!$AC:$AC,IF($C$6=\"Agreed\",\"Agreed\",IF($C$6=\"C/Fwd\",\"C/Fwd\",\"<>Luke\")),'Future Requirements'!$AA:$AA,$I$3),0)+\nIF($J$4=\"Include\",SUMIFS('Future Requirements'!$O:$O,'Future Requirements'!$H:$H,$B29,'Future Requirements'!$G:$G,E$26,'Future Requirements'!$B:$B,IF($C$3=\"\",\">=\"&$F$3,\">=\"&$C$3),'Future Requirements'!$B:$B,IF($C$4=\"\",\"<=\"&$F$4,\"<=\"&$C$4),'Future Requirements'!$J:$J,IF($C$5=\"Yes\",\"Yes\",IF($C$5=\"No\",\"No\",\"<>Luke\")),'Future Requirements'!$AC:$AC,IF($C$6=\"Agreed\",\"Agreed\",IF($C$6=\"C/Fwd\",\"C/Fwd\",\"<>Luke\")),'Future Requirements'!$AA:$AA,$I$4),0)+\nIF($J$5=\"Include\",SUMIFS('Future Requirements'!$O:$O,'Future Requirements'!$H:$H,$B29,'Future Requirements'!$G:$G,E$26,'Future Requirements'!$B:$B,IF($C$3=\"\",\">=\"&$F$3,\">=\"&$C$3),'Future Requirements'!$B:$B,IF($C$4=\"\",\"<=\"&$F$4,\"<=\"&$C$4),'Future Requirements'!$J:$J,IF($C$5=\"Yes\",\"Yes\",IF($C$5=\"No\",\"No\",\"<>Luke\")),'Future Requirements'!$AC:$AC,IF($C$6=\"Agreed\",\"Agreed\",IF($C$6=\"C/Fwd\",\"C/Fwd\",\"<>Luke\")),'Future Requirements'!$AA:$AA,$I$5),0)+\nIF($J$6=\"Include\",SUMIFS('Future Requirements'!$O:$O,'Future Requirements'!$H:$H,$B29,'Future Requirements'!$G:$G,E$26,'Future Requirements'!$B:$B,IF($C$3=\"\",\">=\"&$F$3,\">=\"&$C$3),'Future Requirements'!$B:$B,IF($C$4=\"\",\"<=\"&$F$4,\"<=\"&$C$4),'Future Requirements'!$J:$J,IF($C$5=\"Yes\",\"Yes\",IF($C$5=\"No\",\"No\",\"<>Luke\")),'Future Requirements'!$AC:$AC,IF($C$6=\"Agreed\",\"Agreed\",IF($C$6=\"C/Fwd\",\"C/Fwd\",\"<>Luke\")),'Future Requirements'!$AA:$AA,$I$6),0)+\nIF($J$7=\"Include\",SUMIFS('Future Requirements'!$O:$O,'Future Requirements'!$H:$H,$B29,'Future Requirements'!$G:$G,E$26,'Future Requirements'!$B:$B,IF($C$3=\"\",\">=\"&$F$3,\">=\"&$C$3),'Future Requirements'!$B:$B,IF($C$4=\"\",\"<=\"&$F$4,\"<=\"&$C$4),'Future Requirements'!$J:$J,IF($C$5=\"Yes\",\"Yes\",IF($C$5=\"No\",\"No\",\"<>Luke\")),'Future Requirements'!$AC:$AC,IF($C$6=\"Agreed\",\"Agreed\",IF($C$6=\"C/Fwd\",\"C/Fwd\",\"<>Luke\")),'Future Requirements'!$AA:$AA,$I$7),0)","v":0},{"$f":"IF($J$3=\"Include\",SUMIFS('Future Requirements'!$O:$O,'Future Requirements'!$H:$H,$B29,'Future Requirements'!$G:$G,F$26,'Future Requirements'!$B:$B,IF($C$3=\"\",\">=\"&$F$3,\">=\"&$C$3),'Future Requirements'!$B:$B,IF($C$4=\"\",\"<=\"&$F$4,\"<=\"&$C$4),'Future Requirements'!$J:$J,IF($C$5=\"Yes\",\"Yes\",IF($C$5=\"No\",\"No\",\"<>Luke\")),'Future Requirements'!$AC:$AC,IF($C$6=\"Agreed\",\"Agreed\",IF($C$6=\"C/Fwd\",\"C/Fwd\",\"<>Luke\")),'Future Requirements'!$AA:$AA,$I$3),0)+\nIF($J$4=\"Include\",SUMIFS('Future Requirements'!$O:$O,'Future Requirements'!$H:$H,$B29,'Future Requirements'!$G:$G,F$26,'Future Requirements'!$B:$B,IF($C$3=\"\",\">=\"&$F$3,\">=\"&$C$3),'Future Requirements'!$B:$B,IF($C$4=\"\",\"<=\"&$F$4,\"<=\"&$C$4),'Future Requirements'!$J:$J,IF($C$5=\"Yes\",\"Yes\",IF($C$5=\"No\",\"No\",\"<>Luke\")),'Future Requirements'!$AC:$AC,IF($C$6=\"Agreed\",\"Agreed\",IF($C$6=\"C/Fwd\",\"C/Fwd\",\"<>Luke\")),'Future Requirements'!$AA:$AA,$I$4),0)+\nIF($J$5=\"Include\",SUMIFS('Future Requirements'!$O:$O,'Future Requirements'!$H:$H,$B29,'Future Requirements'!$G:$G,F$26,'Future Requirements'!$B:$B,IF($C$3=\"\",\">=\"&$F$3,\">=\"&$C$3),'Future Requirements'!$B:$B,IF($C$4=\"\",\"<=\"&$F$4,\"<=\"&$C$4),'Future Requirements'!$J:$J,IF($C$5=\"Yes\",\"Yes\",IF($C$5=\"No\",\"No\",\"<>Luke\")),'Future Requirements'!$AC:$AC,IF($C$6=\"Agreed\",\"Agreed\",IF($C$6=\"C/Fwd\",\"C/Fwd\",\"<>Luke\")),'Future Requirements'!$AA:$AA,$I$5),0)+\nIF($J$6=\"Include\",SUMIFS('Future Requirements'!$O:$O,'Future Requirements'!$H:$H,$B29,'Future Requirements'!$G:$G,F$26,'Future Requirements'!$B:$B,IF($C$3=\"\",\">=\"&$F$3,\">=\"&$C$3),'Future Requirements'!$B:$B,IF($C$4=\"\",\"<=\"&$F$4,\"<=\"&$C$4),'Future Requirements'!$J:$J,IF($C$5=\"Yes\",\"Yes\",IF($C$5=\"No\",\"No\",\"<>Luke\")),'Future Requirements'!$AC:$AC,IF($C$6=\"Agreed\",\"Agreed\",IF($C$6=\"C/Fwd\",\"C/Fwd\",\"<>Luke\")),'Future Requirements'!$AA:$AA,$I$6),0)+\nIF($J$7=\"Include\",SUMIFS('Future Requirements'!$O:$O,'Future Requirements'!$H:$H,$B29,'Future Requirements'!$G:$G,F$26,'Future Requirements'!$B:$B,IF($C$3=\"\",\">=\"&$F$3,\">=\"&$C$3),'Future Requirements'!$B:$B,IF($C$4=\"\",\"<=\"&$F$4,\"<=\"&$C$4),'Future Requirements'!$J:$J,IF($C$5=\"Yes\",\"Yes\",IF($C$5=\"No\",\"No\",\"<>Luke\")),'Future Requirements'!$AC:$AC,IF($C$6=\"Agreed\",\"Agreed\",IF($C$6=\"C/Fwd\",\"C/Fwd\",\"<>Luke\")),'Future Requirements'!$AA:$AA,$I$7),0)","v":85000},{"$f":"IF($J$3=\"Include\",SUMIFS('Future Requirements'!$O:$O,'Future Requirements'!$H:$H,$B29,'Future Requirements'!$G:$G,G$26,'Future Requirements'!$B:$B,IF($C$3=\"\",\">=\"&$F$3,\">=\"&$C$3),'Future Requirements'!$B:$B,IF($C$4=\"\",\"<=\"&$F$4,\"<=\"&$C$4),'Future Requirements'!$J:$J,IF($C$5=\"Yes\",\"Yes\",IF($C$5=\"No\",\"No\",\"<>Luke\")),'Future Requirements'!$AC:$AC,IF($C$6=\"Agreed\",\"Agreed\",IF($C$6=\"C/Fwd\",\"C/Fwd\",\"<>Luke\")),'Future Requirements'!$AA:$AA,$I$3),0)+\nIF($J$4=\"Include\",SUMIFS('Future Requirements'!$O:$O,'Future Requirements'!$H:$H,$B29,'Future Requirements'!$G:$G,G$26,'Future Requirements'!$B:$B,IF($C$3=\"\",\">=\"&$F$3,\">=\"&$C$3),'Future Requirements'!$B:$B,IF($C$4=\"\",\"<=\"&$F$4,\"<=\"&$C$4),'Future Requirements'!$J:$J,IF($C$5=\"Yes\",\"Yes\",IF($C$5=\"No\",\"No\",\"<>Luke\")),'Future Requirements'!$AC:$AC,IF($C$6=\"Agreed\",\"Agreed\",IF($C$6=\"C/Fwd\",\"C/Fwd\",\"<>Luke\")),'Future Requirements'!$AA:$AA,$I$4),0)+\nIF($J$5=\"Include\",SUMIFS('Future Requirements'!$O:$O,'Future Requirements'!$H:$H,$B29,'Future Requirements'!$G:$G,G$26,'Future Requirements'!$B:$B,IF($C$3=\"\",\">=\"&$F$3,\">=\"&$C$3),'Future Requirements'!$B:$B,IF($C$4=\"\",\"<=\"&$F$4,\"<=\"&$C$4),'Future Requirements'!$J:$J,IF($C$5=\"Yes\",\"Yes\",IF($C$5=\"No\",\"No\",\"<>Luke\")),'Future Requirements'!$AC:$AC,IF($C$6=\"Agreed\",\"Agreed\",IF($C$6=\"C/Fwd\",\"C/Fwd\",\"<>Luke\")),'Future Requirements'!$AA:$AA,$I$5),0)+\nIF($J$6=\"Include\",SUMIFS('Future Requirements'!$O:$O,'Future Requirements'!$H:$H,$B29,'Future Requirements'!$G:$G,G$26,'Future Requirements'!$B:$B,IF($C$3=\"\",\">=\"&$F$3,\">=\"&$C$3),'Future Requirements'!$B:$B,IF($C$4=\"\",\"<=\"&$F$4,\"<=\"&$C$4),'Future Requirements'!$J:$J,IF($C$5=\"Yes\",\"Yes\",IF($C$5=\"No\",\"No\",\"<>Luke\")),'Future Requirements'!$AC:$AC,IF($C$6=\"Agreed\",\"Agreed\",IF($C$6=\"C/Fwd\",\"C/Fwd\",\"<>Luke\")),'Future Requirements'!$AA:$AA,$I$6),0)+\nIF($J$7=\"Include\",SUMIFS('Future Requirements'!$O:$O,'Future Requirements'!$H:$H,$B29,'Future Requirements'!$G:$G,G$26,'Future Requirements'!$B:$B,IF($C$3=\"\",\">=\"&$F$3,\">=\"&$C$3),'Future Requirements'!$B:$B,IF($C$4=\"\",\"<=\"&$F$4,\"<=\"&$C$4),'Future Requirements'!$J:$J,IF($C$5=\"Yes\",\"Yes\",IF($C$5=\"No\",\"No\",\"<>Luke\")),'Future Requirements'!$AC:$AC,IF($C$6=\"Agreed\",\"Agreed\",IF($C$6=\"C/Fwd\",\"C/Fwd\",\"<>Luke\")),'Future Requirements'!$AA:$AA,$I$7),0)","v":0},{"$f":"IF($J$3=\"Include\",SUMIFS('Future Requirements'!$O:$O,'Future Requirements'!$H:$H,$B29,'Future Requirements'!$G:$G,H$26,'Future Requirements'!$B:$B,IF($C$3=\"\",\">=\"&$F$3,\">=\"&$C$3),'Future Requirements'!$B:$B,IF($C$4=\"\",\"<=\"&$F$4,\"<=\"&$C$4),'Future Requirements'!$J:$J,IF($C$5=\"Yes\",\"Yes\",IF($C$5=\"No\",\"No\",\"<>Luke\")),'Future Requirements'!$AC:$AC,IF($C$6=\"Agreed\",\"Agreed\",IF($C$6=\"C/Fwd\",\"C/Fwd\",\"<>Luke\")),'Future Requirements'!$AA:$AA,$I$3),0)+\nIF($J$4=\"Include\",SUMIFS('Future Requirements'!$O:$O,'Future Requirements'!$H:$H,$B29,'Future Requirements'!$G:$G,H$26,'Future Requirements'!$B:$B,IF($C$3=\"\",\">=\"&$F$3,\">=\"&$C$3),'Future Requirements'!$B:$B,IF($C$4=\"\",\"<=\"&$F$4,\"<=\"&$C$4),'Future Requirements'!$J:$J,IF($C$5=\"Yes\",\"Yes\",IF($C$5=\"No\",\"No\",\"<>Luke\")),'Future Requirements'!$AC:$AC,IF($C$6=\"Agreed\",\"Agreed\",IF($C$6=\"C/Fwd\",\"C/Fwd\",\"<>Luke\")),'Future Requirements'!$AA:$AA,$I$4),0)+\nIF($J$5=\"Include\",SUMIFS('Future Requirements'!$O:$O,'Future Requirements'!$H:$H,$B29,'Future Requirements'!$G:$G,H$26,'Future Requirements'!$B:$B,IF($C$3=\"\",\">=\"&$F$3,\">=\"&$C$3),'Future Requirements'!$B:$B,IF($C$4=\"\",\"<=\"&$F$4,\"<=\"&$C$4),'Future Requirements'!$J:$J,IF($C$5=\"Yes\",\"Yes\",IF($C$5=\"No\",\"No\",\"<>Luke\")),'Future Requirements'!$AC:$AC,IF($C$6=\"Agreed\",\"Agreed\",IF($C$6=\"C/Fwd\",\"C/Fwd\",\"<>Luke\")),'Future Requirements'!$AA:$AA,$I$5),0)+\nIF($J$6=\"Include\",SUMIFS('Future Requirements'!$O:$O,'Future Requirements'!$H:$H,$B29,'Future Requirements'!$G:$G,H$26,'Future Requirements'!$B:$B,IF($C$3=\"\",\">=\"&$F$3,\">=\"&$C$3),'Future Requirements'!$B:$B,IF($C$4=\"\",\"<=\"&$F$4,\"<=\"&$C$4),'Future Requirements'!$J:$J,IF($C$5=\"Yes\",\"Yes\",IF($C$5=\"No\",\"No\",\"<>Luke\")),'Future Requirements'!$AC:$AC,IF($C$6=\"Agreed\",\"Agreed\",IF($C$6=\"C/Fwd\",\"C/Fwd\",\"<>Luke\")),'Future Requirements'!$AA:$AA,$I$6),0)+\nIF($J$7=\"Include\",SUMIFS('Future Requirements'!$O:$O,'Future Requirements'!$H:$H,$B29,'Future Requirements'!$G:$G,H$26,'Future Requirements'!$B:$B,IF($C$3=\"\",\">=\"&$F$3,\">=\"&$C$3),'Future Requirements'!$B:$B,IF($C$4=\"\",\"<=\"&$F$4,\"<=\"&$C$4),'Future Requirements'!$J:$J,IF($C$5=\"Yes\",\"Yes\",IF($C$5=\"No\",\"No\",\"<>Luke\")),'Future Requirements'!$AC:$AC,IF($C$6=\"Agreed\",\"Agreed\",IF($C$6=\"C/Fwd\",\"C/Fwd\",\"<>Luke\")),'Future Requirements'!$AA:$AA,$I$7),0)","v":0},{"$f":"IF($J$3=\"Include\",SUMIFS('Future Requirements'!$O:$O,'Future Requirements'!$H:$H,$B29,'Future Requirements'!$G:$G,I$26,'Future Requirements'!$B:$B,IF($C$3=\"\",\">=\"&$F$3,\">=\"&$C$3),'Future Requirements'!$B:$B,IF($C$4=\"\",\"<=\"&$F$4,\"<=\"&$C$4),'Future Requirements'!$J:$J,IF($C$5=\"Yes\",\"Yes\",IF($C$5=\"No\",\"No\",\"<>Luke\")),'Future Requirements'!$AC:$AC,IF($C$6=\"Agreed\",\"Agreed\",IF($C$6=\"C/Fwd\",\"C/Fwd\",\"<>Luke\")),'Future Requirements'!$AA:$AA,$I$3),0)+\nIF($J$4=\"Include\",SUMIFS('Future Requirements'!$O:$O,'Future Requirements'!$H:$H,$B29,'Future Requirements'!$G:$G,I$26,'Future Requirements'!$B:$B,IF($C$3=\"\",\">=\"&$F$3,\">=\"&$C$3),'Future Requirements'!$B:$B,IF($C$4=\"\",\"<=\"&$F$4,\"<=\"&$C$4),'Future Requirements'!$J:$J,IF($C$5=\"Yes\",\"Yes\",IF($C$5=\"No\",\"No\",\"<>Luke\")),'Future Requirements'!$AC:$AC,IF($C$6=\"Agreed\",\"Agreed\",IF($C$6=\"C/Fwd\",\"C/Fwd\",\"<>Luke\")),'Future Requirements'!$AA:$AA,$I$4),0)+\nIF($J$5=\"Include\",SUMIFS('Future Requirements'!$O:$O,'Future Requirements'!$H:$H,$B29,'Future Requirements'!$G:$G,I$26,'Future Requirements'!$B:$B,IF($C$3=\"\",\">=\"&$F$3,\">=\"&$C$3),'Future Requirements'!$B:$B,IF($C$4=\"\",\"<=\"&$F$4,\"<=\"&$C$4),'Future Requirements'!$J:$J,IF($C$5=\"Yes\",\"Yes\",IF($C$5=\"No\",\"No\",\"<>Luke\")),'Future Requirements'!$AC:$AC,IF($C$6=\"Agreed\",\"Agreed\",IF($C$6=\"C/Fwd\",\"C/Fwd\",\"<>Luke\")),'Future Requirements'!$AA:$AA,$I$5),0)+\nIF($J$6=\"Include\",SUMIFS('Future Requirements'!$O:$O,'Future Requirements'!$H:$H,$B29,'Future Requirements'!$G:$G,I$26,'Future Requirements'!$B:$B,IF($C$3=\"\",\">=\"&$F$3,\">=\"&$C$3),'Future Requirements'!$B:$B,IF($C$4=\"\",\"<=\"&$F$4,\"<=\"&$C$4),'Future Requirements'!$J:$J,IF($C$5=\"Yes\",\"Yes\",IF($C$5=\"No\",\"No\",\"<>Luke\")),'Future Requirements'!$AC:$AC,IF($C$6=\"Agreed\",\"Agreed\",IF($C$6=\"C/Fwd\",\"C/Fwd\",\"<>Luke\")),'Future Requirements'!$AA:$AA,$I$6),0)+\nIF($J$7=\"Include\",SUMIFS('Future Requirements'!$O:$O,'Future Requirements'!$H:$H,$B29,'Future Requirements'!$G:$G,I$26,'Future Requirements'!$B:$B,IF($C$3=\"\",\">=\"&$F$3,\">=\"&$C$3),'Future Requirements'!$B:$B,IF($C$4=\"\",\"<=\"&$F$4,\"<=\"&$C$4),'Future Requirements'!$J:$J,IF($C$5=\"Yes\",\"Yes\",IF($C$5=\"No\",\"No\",\"<>Luke\")),'Future Requirements'!$AC:$AC,IF($C$6=\"Agreed\",\"Agreed\",IF($C$6=\"C/Fwd\",\"C/Fwd\",\"<>Luke\")),'Future Requirements'!$AA:$AA,$I$7),0)","v":0},{"$f":"IF($J$3=\"Include\",SUMIFS('Future Requirements'!$O:$O,'Future Requirements'!$H:$H,$B29,'Future Requirements'!$G:$G,J$26,'Future Requirements'!$B:$B,IF($C$3=\"\",\">=\"&$F$3,\">=\"&$C$3),'Future Requirements'!$B:$B,IF($C$4=\"\",\"<=\"&$F$4,\"<=\"&$C$4),'Future Requirements'!$J:$J,IF($C$5=\"Yes\",\"Yes\",IF($C$5=\"No\",\"No\",\"<>Luke\")),'Future Requirements'!$AC:$AC,IF($C$6=\"Agreed\",\"Agreed\",IF($C$6=\"C/Fwd\",\"C/Fwd\",\"<>Luke\")),'Future Requirements'!$AA:$AA,$I$3),0)+\nIF($J$4=\"Include\",SUMIFS('Future Requirements'!$O:$O,'Future Requirements'!$H:$H,$B29,'Future Requirements'!$G:$G,J$26,'Future Requirements'!$B:$B,IF($C$3=\"\",\">=\"&$F$3,\">=\"&$C$3),'Future Requirements'!$B:$B,IF($C$4=\"\",\"<=\"&$F$4,\"<=\"&$C$4),'Future Requirements'!$J:$J,IF($C$5=\"Yes\",\"Yes\",IF($C$5=\"No\",\"No\",\"<>Luke\")),'Future Requirements'!$AC:$AC,IF($C$6=\"Agreed\",\"Agreed\",IF($C$6=\"C/Fwd\",\"C/Fwd\",\"<>Luke\")),'Future Requirements'!$AA:$AA,$I$4),0)+\nIF($J$5=\"Include\",SUMIFS('Future Requirements'!$O:$O,'Future Requirements'!$H:$H,$B29,'Future Requirements'!$G:$G,J$26,'Future Requirements'!$B:$B,IF($C$3=\"\",\">=\"&$F$3,\">=\"&$C$3),'Future Requirements'!$B:$B,IF($C$4=\"\",\"<=\"&$F$4,\"<=\"&$C$4),'Future Requirements'!$J:$J,IF($C$5=\"Yes\",\"Yes\",IF($C$5=\"No\",\"No\",\"<>Luke\")),'Future Requirements'!$AC:$AC,IF($C$6=\"Agreed\",\"Agreed\",IF($C$6=\"C/Fwd\",\"C/Fwd\",\"<>Luke\")),'Future Requirements'!$AA:$AA,$I$5),0)+\nIF($J$6=\"Include\",SUMIFS('Future Requirements'!$O:$O,'Future Requirements'!$H:$H,$B29,'Future Requirements'!$G:$G,J$26,'Future Requirements'!$B:$B,IF($C$3=\"\",\">=\"&$F$3,\">=\"&$C$3),'Future Requirements'!$B:$B,IF($C$4=\"\",\"<=\"&$F$4,\"<=\"&$C$4),'Future Requirements'!$J:$J,IF($C$5=\"Yes\",\"Yes\",IF($C$5=\"No\",\"No\",\"<>Luke\")),'Future Requirements'!$AC:$AC,IF($C$6=\"Agreed\",\"Agreed\",IF($C$6=\"C/Fwd\",\"C/Fwd\",\"<>Luke\")),'Future Requirements'!$AA:$AA,$I$6),0)+\nIF($J$7=\"Include\",SUMIFS('Future Requirements'!$O:$O,'Future Requirements'!$H:$H,$B29,'Future Requirements'!$G:$G,J$26,'Future Requirements'!$B:$B,IF($C$3=\"\",\">=\"&$F$3,\">=\"&$C$3),'Future Requirements'!$B:$B,IF($C$4=\"\",\"<=\"&$F$4,\"<=\"&$C$4),'Future Requirements'!$J:$J,IF($C$5=\"Yes\",\"Yes\",IF($C$5=\"No\",\"No\",\"<>Luke\")),'Future Requirements'!$AC:$AC,IF($C$6=\"Agreed\",\"Agreed\",IF($C$6=\"C/Fwd\",\"C/Fwd\",\"<>Luke\")),'Future Requirements'!$AA:$AA,$I$7),0)","v":0},{"$f":"IF($J$3=\"Include\",SUMIFS('Future Requirements'!$O:$O,'Future Requirements'!$H:$H,$B29,'Future Requirements'!$G:$G,K$26,'Future Requirements'!$B:$B,IF($C$3=\"\",\">=\"&$F$3,\">=\"&$C$3),'Future Requirements'!$B:$B,IF($C$4=\"\",\"<=\"&$F$4,\"<=\"&$C$4),'Future Requirements'!$J:$J,IF($C$5=\"Yes\",\"Yes\",IF($C$5=\"No\",\"No\",\"<>Luke\")),'Future Requirements'!$AC:$AC,IF($C$6=\"Agreed\",\"Agreed\",IF($C$6=\"C/Fwd\",\"C/Fwd\",\"<>Luke\")),'Future Requirements'!$AA:$AA,$I$3),0)+\nIF($J$4=\"Include\",SUMIFS('Future Requirements'!$O:$O,'Future Requirements'!$H:$H,$B29,'Future Requirements'!$G:$G,K$26,'Future Requirements'!$B:$B,IF($C$3=\"\",\">=\"&$F$3,\">=\"&$C$3),'Future Requirements'!$B:$B,IF($C$4=\"\",\"<=\"&$F$4,\"<=\"&$C$4),'Future Requirements'!$J:$J,IF($C$5=\"Yes\",\"Yes\",IF($C$5=\"No\",\"No\",\"<>Luke\")),'Future Requirements'!$AC:$AC,IF($C$6=\"Agreed\",\"Agreed\",IF($C$6=\"C/Fwd\",\"C/Fwd\",\"<>Luke\")),'Future Requirements'!$AA:$AA,$I$4),0)+\nIF($J$5=\"Include\",SUMIFS('Future Requirements'!$O:$O,'Future Requirements'!$H:$H,$B29,'Future Requirements'!$G:$G,K$26,'Future Requirements'!$B:$B,IF($C$3=\"\",\">=\"&$F$3,\">=\"&$C$3),'Future Requirements'!$B:$B,IF($C$4=\"\",\"<=\"&$F$4,\"<=\"&$C$4),'Future Requirements'!$J:$J,IF($C$5=\"Yes\",\"Yes\",IF($C$5=\"No\",\"No\",\"<>Luke\")),'Future Requirements'!$AC:$AC,IF($C$6=\"Agreed\",\"Agreed\",IF($C$6=\"C/Fwd\",\"C/Fwd\",\"<>Luke\")),'Future Requirements'!$AA:$AA,$I$5),0)+\nIF($J$6=\"Include\",SUMIFS('Future Requirements'!$O:$O,'Future Requirements'!$H:$H,$B29,'Future Requirements'!$G:$G,K$26,'Future Requirements'!$B:$B,IF($C$3=\"\",\">=\"&$F$3,\">=\"&$C$3),'Future Requirements'!$B:$B,IF($C$4=\"\",\"<=\"&$F$4,\"<=\"&$C$4),'Future Requirements'!$J:$J,IF($C$5=\"Yes\",\"Yes\",IF($C$5=\"No\",\"No\",\"<>Luke\")),'Future Requirements'!$AC:$AC,IF($C$6=\"Agreed\",\"Agreed\",IF($C$6=\"C/Fwd\",\"C/Fwd\",\"<>Luke\")),'Future Requirements'!$AA:$AA,$I$6),0)+\nIF($J$7=\"Include\",SUMIFS('Future Requirements'!$O:$O,'Future Requirements'!$H:$H,$B29,'Future Requirements'!$G:$G,K$26,'Future Requirements'!$B:$B,IF($C$3=\"\",\">=\"&$F$3,\">=\"&$C$3),'Future Requirements'!$B:$B,IF($C$4=\"\",\"<=\"&$F$4,\"<=\"&$C$4),'Future Requirements'!$J:$J,IF($C$5=\"Yes\",\"Yes\",IF($C$5=\"No\",\"No\",\"<>Luke\")),'Future Requirements'!$AC:$AC,IF($C$6=\"Agreed\",\"Agreed\",IF($C$6=\"C/Fwd\",\"C/Fwd\",\"<>Luke\")),'Future Requirements'!$AA:$AA,$I$7),0)","v":0},{"$f":"IF($J$3=\"Include\",SUMIFS('Future Requirements'!$O:$O,'Future Requirements'!$H:$H,$B29,'Future Requirements'!$G:$G,L$26,'Future Requirements'!$B:$B,IF($C$3=\"\",\">=\"&$F$3,\">=\"&$C$3),'Future Requirements'!$B:$B,IF($C$4=\"\",\"<=\"&$F$4,\"<=\"&$C$4),'Future Requirements'!$J:$J,IF($C$5=\"Yes\",\"Yes\",IF($C$5=\"No\",\"No\",\"<>Luke\")),'Future Requirements'!$AC:$AC,IF($C$6=\"Agreed\",\"Agreed\",IF($C$6=\"C/Fwd\",\"C/Fwd\",\"<>Luke\")),'Future Requirements'!$AA:$AA,$I$3),0)+\nIF($J$4=\"Include\",SUMIFS('Future Requirements'!$O:$O,'Future Requirements'!$H:$H,$B29,'Future Requirements'!$G:$G,L$26,'Future Requirements'!$B:$B,IF($C$3=\"\",\">=\"&$F$3,\">=\"&$C$3),'Future Requirements'!$B:$B,IF($C$4=\"\",\"<=\"&$F$4,\"<=\"&$C$4),'Future Requirements'!$J:$J,IF($C$5=\"Yes\",\"Yes\",IF($C$5=\"No\",\"No\",\"<>Luke\")),'Future Requirements'!$AC:$AC,IF($C$6=\"Agreed\",\"Agreed\",IF($C$6=\"C/Fwd\",\"C/Fwd\",\"<>Luke\")),'Future Requirements'!$AA:$AA,$I$4),0)+\nIF($J$5=\"Include\",SUMIFS('Future Requirements'!$O:$O,'Future Requirements'!$H:$H,$B29,'Future Requirements'!$G:$G,L$26,'Future Requirements'!$B:$B,IF($C$3=\"\",\">=\"&$F$3,\">=\"&$C$3),'Future Requirements'!$B:$B,IF($C$4=\"\",\"<=\"&$F$4,\"<=\"&$C$4),'Future Requirements'!$J:$J,IF($C$5=\"Yes\",\"Yes\",IF($C$5=\"No\",\"No\",\"<>Luke\")),'Future Requirements'!$AC:$AC,IF($C$6=\"Agreed\",\"Agreed\",IF($C$6=\"C/Fwd\",\"C/Fwd\",\"<>Luke\")),'Future Requirements'!$AA:$AA,$I$5),0)+\nIF($J$6=\"Include\",SUMIFS('Future Requirements'!$O:$O,'Future Requirements'!$H:$H,$B29,'Future Requirements'!$G:$G,L$26,'Future Requirements'!$B:$B,IF($C$3=\"\",\">=\"&$F$3,\">=\"&$C$3),'Future Requirements'!$B:$B,IF($C$4=\"\",\"<=\"&$F$4,\"<=\"&$C$4),'Future Requirements'!$J:$J,IF($C$5=\"Yes\",\"Yes\",IF($C$5=\"No\",\"No\",\"<>Luke\")),'Future Requirements'!$AC:$AC,IF($C$6=\"Agreed\",\"Agreed\",IF($C$6=\"C/Fwd\",\"C/Fwd\",\"<>Luke\")),'Future Requirements'!$AA:$AA,$I$6),0)+\nIF($J$7=\"Include\",SUMIFS('Future Requirements'!$O:$O,'Future Requirements'!$H:$H,$B29,'Future Requirements'!$G:$G,L$26,'Future Requirements'!$B:$B,IF($C$3=\"\",\">=\"&$F$3,\">=\"&$C$3),'Future Requirements'!$B:$B,IF($C$4=\"\",\"<=\"&$F$4,\"<=\"&$C$4),'Future Requirements'!$J:$J,IF($C$5=\"Yes\",\"Yes\",IF($C$5=\"No\",\"No\",\"<>Luke\")),'Future Requirements'!$AC:$AC,IF($C$6=\"Agreed\",\"Agreed\",IF($C$6=\"C/Fwd\",\"C/Fwd\",\"<>Luke\")),'Future Requirements'!$AA:$AA,$I$7),0)","v":0},{"$f":"IF($J$3=\"Include\",SUMIFS('Future Requirements'!$O:$O,'Future Requirements'!$H:$H,$B29,'Future Requirements'!$G:$G,M$26,'Future Requirements'!$B:$B,IF($C$3=\"\",\">=\"&$F$3,\">=\"&$C$3),'Future Requirements'!$B:$B,IF($C$4=\"\",\"<=\"&$F$4,\"<=\"&$C$4),'Future Requirements'!$J:$J,IF($C$5=\"Yes\",\"Yes\",IF($C$5=\"No\",\"No\",\"<>Luke\")),'Future Requirements'!$AC:$AC,IF($C$6=\"Agreed\",\"Agreed\",IF($C$6=\"C/Fwd\",\"C/Fwd\",\"<>Luke\")),'Future Requirements'!$AA:$AA,$I$3),0)+\nIF($J$4=\"Include\",SUMIFS('Future Requirements'!$O:$O,'Future Requirements'!$H:$H,$B29,'Future Requirements'!$G:$G,M$26,'Future Requirements'!$B:$B,IF($C$3=\"\",\">=\"&$F$3,\">=\"&$C$3),'Future Requirements'!$B:$B,IF($C$4=\"\",\"<=\"&$F$4,\"<=\"&$C$4),'Future Requirements'!$J:$J,IF($C$5=\"Yes\",\"Yes\",IF($C$5=\"No\",\"No\",\"<>Luke\")),'Future Requirements'!$AC:$AC,IF($C$6=\"Agreed\",\"Agreed\",IF($C$6=\"C/Fwd\",\"C/Fwd\",\"<>Luke\")),'Future Requirements'!$AA:$AA,$I$4),0)+\nIF($J$5=\"Include\",SUMIFS('Future Requirements'!$O:$O,'Future Requirements'!$H:$H,$B29,'Future Requirements'!$G:$G,M$26,'Future Requirements'!$B:$B,IF($C$3=\"\",\">=\"&$F$3,\">=\"&$C$3),'Future Requirements'!$B:$B,IF($C$4=\"\",\"<=\"&$F$4,\"<=\"&$C$4),'Future Requirements'!$J:$J,IF($C$5=\"Yes\",\"Yes\",IF($C$5=\"No\",\"No\",\"<>Luke\")),'Future Requirements'!$AC:$AC,IF($C$6=\"Agreed\",\"Agreed\",IF($C$6=\"C/Fwd\",\"C/Fwd\",\"<>Luke\")),'Future Requirements'!$AA:$AA,$I$5),0)+\nIF($J$6=\"Include\",SUMIFS('Future Requirements'!$O:$O,'Future Requirements'!$H:$H,$B29,'Future Requirements'!$G:$G,M$26,'Future Requirements'!$B:$B,IF($C$3=\"\",\">=\"&$F$3,\">=\"&$C$3),'Future Requirements'!$B:$B,IF($C$4=\"\",\"<=\"&$F$4,\"<=\"&$C$4),'Future Requirements'!$J:$J,IF($C$5=\"Yes\",\"Yes\",IF($C$5=\"No\",\"No\",\"<>Luke\")),'Future Requirements'!$AC:$AC,IF($C$6=\"Agreed\",\"Agreed\",IF($C$6=\"C/Fwd\",\"C/Fwd\",\"<>Luke\")),'Future Requirements'!$AA:$AA,$I$6),0)+\nIF($J$7=\"Include\",SUMIFS('Future Requirements'!$O:$O,'Future Requirements'!$H:$H,$B29,'Future Requirements'!$G:$G,M$26,'Future Requirements'!$B:$B,IF($C$3=\"\",\">=\"&$F$3,\">=\"&$C$3),'Future Requirements'!$B:$B,IF($C$4=\"\",\"<=\"&$F$4,\"<=\"&$C$4),'Future Requirements'!$J:$J,IF($C$5=\"Yes\",\"Yes\",IF($C$5=\"No\",\"No\",\"<>Luke\")),'Future Requirements'!$AC:$AC,IF($C$6=\"Agreed\",\"Agreed\",IF($C$6=\"C/Fwd\",\"C/Fwd\",\"<>Luke\")),'Future Requirements'!$AA:$AA,$I$7),0)","v":0},{"$f":"IF($J$3=\"Include\",SUMIFS('Future Requirements'!$O:$O,'Future Requirements'!$H:$H,$B29,'Future Requirements'!$G:$G,N$26,'Future Requirements'!$B:$B,IF($C$3=\"\",\">=\"&$F$3,\">=\"&$C$3),'Future Requirements'!$B:$B,IF($C$4=\"\",\"<=\"&$F$4,\"<=\"&$C$4),'Future Requirements'!$J:$J,IF($C$5=\"Yes\",\"Yes\",IF($C$5=\"No\",\"No\",\"<>Luke\")),'Future Requirements'!$AC:$AC,IF($C$6=\"Agreed\",\"Agreed\",IF($C$6=\"C/Fwd\",\"C/Fwd\",\"<>Luke\")),'Future Requirements'!$AA:$AA,$I$3),0)+\nIF($J$4=\"Include\",SUMIFS('Future Requirements'!$O:$O,'Future Requirements'!$H:$H,$B29,'Future Requirements'!$G:$G,N$26,'Future Requirements'!$B:$B,IF($C$3=\"\",\">=\"&$F$3,\">=\"&$C$3),'Future Requirements'!$B:$B,IF($C$4=\"\",\"<=\"&$F$4,\"<=\"&$C$4),'Future Requirements'!$J:$J,IF($C$5=\"Yes\",\"Yes\",IF($C$5=\"No\",\"No\",\"<>Luke\")),'Future Requirements'!$AC:$AC,IF($C$6=\"Agreed\",\"Agreed\",IF($C$6=\"C/Fwd\",\"C/Fwd\",\"<>Luke\")),'Future Requirements'!$AA:$AA,$I$4),0)+\nIF($J$5=\"Include\",SUMIFS('Future Requirements'!$O:$O,'Future Requirements'!$H:$H,$B29,'Future Requirements'!$G:$G,N$26,'Future Requirements'!$B:$B,IF($C$3=\"\",\">=\"&$F$3,\">=\"&$C$3),'Future Requirements'!$B:$B,IF($C$4=\"\",\"<=\"&$F$4,\"<=\"&$C$4),'Future Requirements'!$J:$J,IF($C$5=\"Yes\",\"Yes\",IF($C$5=\"No\",\"No\",\"<>Luke\")),'Future Requirements'!$AC:$AC,IF($C$6=\"Agreed\",\"Agreed\",IF($C$6=\"C/Fwd\",\"C/Fwd\",\"<>Luke\")),'Future Requirements'!$AA:$AA,$I$5),0)+\nIF($J$6=\"Include\",SUMIFS('Future Requirements'!$O:$O,'Future Requirements'!$H:$H,$B29,'Future Requirements'!$G:$G,N$26,'Future Requirements'!$B:$B,IF($C$3=\"\",\">=\"&$F$3,\">=\"&$C$3),'Future Requirements'!$B:$B,IF($C$4=\"\",\"<=\"&$F$4,\"<=\"&$C$4),'Future Requirements'!$J:$J,IF($C$5=\"Yes\",\"Yes\",IF($C$5=\"No\",\"No\",\"<>Luke\")),'Future Requirements'!$AC:$AC,IF($C$6=\"Agreed\",\"Agreed\",IF($C$6=\"C/Fwd\",\"C/Fwd\",\"<>Luke\")),'Future Requirements'!$AA:$AA,$I$6),0)+\nIF($J$7=\"Include\",SUMIFS('Future Requirements'!$O:$O,'Future Requirements'!$H:$H,$B29,'Future Requirements'!$G:$G,N$26,'Future Requirements'!$B:$B,IF($C$3=\"\",\">=\"&$F$3,\">=\"&$C$3),'Future Requirements'!$B:$B,IF($C$4=\"\",\"<=\"&$F$4,\"<=\"&$C$4),'Future Requirements'!$J:$J,IF($C$5=\"Yes\",\"Yes\",IF($C$5=\"No\",\"No\",\"<>Luke\")),'Future Requirements'!$AC:$AC,IF($C$6=\"Agreed\",\"Agreed\",IF($C$6=\"C/Fwd\",\"C/Fwd\",\"<>Luke\")),'Future Requirements'!$AA:$AA,$I$7),0)","v":0},{"$f":"IF($J$3=\"Include\",SUMIFS('Future Requirements'!$O:$O,'Future Requirements'!$H:$H,$B29,'Future Requirements'!$G:$G,O$26,'Future Requirements'!$B:$B,IF($C$3=\"\",\">=\"&$F$3,\">=\"&$C$3),'Future Requirements'!$B:$B,IF($C$4=\"\",\"<=\"&$F$4,\"<=\"&$C$4),'Future Requirements'!$J:$J,IF($C$5=\"Yes\",\"Yes\",IF($C$5=\"No\",\"No\",\"<>Luke\")),'Future Requirements'!$AC:$AC,IF($C$6=\"Agreed\",\"Agreed\",IF($C$6=\"C/Fwd\",\"C/Fwd\",\"<>Luke\")),'Future Requirements'!$AA:$AA,$I$3),0)+\nIF($J$4=\"Include\",SUMIFS('Future Requirements'!$O:$O,'Future Requirements'!$H:$H,$B29,'Future Requirements'!$G:$G,O$26,'Future Requirements'!$B:$B,IF($C$3=\"\",\">=\"&$F$3,\">=\"&$C$3),'Future Requirements'!$B:$B,IF($C$4=\"\",\"<=\"&$F$4,\"<=\"&$C$4),'Future Requirements'!$J:$J,IF($C$5=\"Yes\",\"Yes\",IF($C$5=\"No\",\"No\",\"<>Luke\")),'Future Requirements'!$AC:$AC,IF($C$6=\"Agreed\",\"Agreed\",IF($C$6=\"C/Fwd\",\"C/Fwd\",\"<>Luke\")),'Future Requirements'!$AA:$AA,$I$4),0)+\nIF($J$5=\"Include\",SUMIFS('Future Requirements'!$O:$O,'Future Requirements'!$H:$H,$B29,'Future Requirements'!$G:$G,O$26,'Future Requirements'!$B:$B,IF($C$3=\"\",\">=\"&$F$3,\">=\"&$C$3),'Future Requirements'!$B:$B,IF($C$4=\"\",\"<=\"&$F$4,\"<=\"&$C$4),'Future Requirements'!$J:$J,IF($C$5=\"Yes\",\"Yes\",IF($C$5=\"No\",\"No\",\"<>Luke\")),'Future Requirements'!$AC:$AC,IF($C$6=\"Agreed\",\"Agreed\",IF($C$6=\"C/Fwd\",\"C/Fwd\",\"<>Luke\")),'Future Requirements'!$AA:$AA,$I$5),0)+\nIF($J$6=\"Include\",SUMIFS('Future Requirements'!$O:$O,'Future Requirements'!$H:$H,$B29,'Future Requirements'!$G:$G,O$26,'Future Requirements'!$B:$B,IF($C$3=\"\",\">=\"&$F$3,\">=\"&$C$3),'Future Requirements'!$B:$B,IF($C$4=\"\",\"<=\"&$F$4,\"<=\"&$C$4),'Future Requirements'!$J:$J,IF($C$5=\"Yes\",\"Yes\",IF($C$5=\"No\",\"No\",\"<>Luke\")),'Future Requirements'!$AC:$AC,IF($C$6=\"Agreed\",\"Agreed\",IF($C$6=\"C/Fwd\",\"C/Fwd\",\"<>Luke\")),'Future Requirements'!$AA:$AA,$I$6),0)+\nIF($J$7=\"Include\",SUMIFS('Future Requirements'!$O:$O,'Future Requirements'!$H:$H,$B29,'Future Requirements'!$G:$G,O$26,'Future Requirements'!$B:$B,IF($C$3=\"\",\">=\"&$F$3,\">=\"&$C$3),'Future Requirements'!$B:$B,IF($C$4=\"\",\"<=\"&$F$4,\"<=\"&$C$4),'Future Requirements'!$J:$J,IF($C$5=\"Yes\",\"Yes\",IF($C$5=\"No\",\"No\",\"<>Luke\")),'Future Requirements'!$AC:$AC,IF($C$6=\"Agreed\",\"Agreed\",IF($C$6=\"C/Fwd\",\"C/Fwd\",\"<>Luke\")),'Future Requirements'!$AA:$AA,$I$7),0)","v":0},{"$f":"IF($J$3=\"Include\",SUMIFS('Future Requirements'!$O:$O,'Future Requirements'!$H:$H,$B29,'Future Requirements'!$G:$G,P$26,'Future Requirements'!$B:$B,IF($C$3=\"\",\">=\"&$F$3,\">=\"&$C$3),'Future Requirements'!$B:$B,IF($C$4=\"\",\"<=\"&$F$4,\"<=\"&$C$4),'Future Requirements'!$J:$J,IF($C$5=\"Yes\",\"Yes\",IF($C$5=\"No\",\"No\",\"<>Luke\")),'Future Requirements'!$AC:$AC,IF($C$6=\"Agreed\",\"Agreed\",IF($C$6=\"C/Fwd\",\"C/Fwd\",\"<>Luke\")),'Future Requirements'!$AA:$AA,$I$3),0)+\nIF($J$4=\"Include\",SUMIFS('Future Requirements'!$O:$O,'Future Requirements'!$H:$H,$B29,'Future Requirements'!$G:$G,P$26,'Future Requirements'!$B:$B,IF($C$3=\"\",\">=\"&$F$3,\">=\"&$C$3),'Future Requirements'!$B:$B,IF($C$4=\"\",\"<=\"&$F$4,\"<=\"&$C$4),'Future Requirements'!$J:$J,IF($C$5=\"Yes\",\"Yes\",IF($C$5=\"No\",\"No\",\"<>Luke\")),'Future Requirements'!$AC:$AC,IF($C$6=\"Agreed\",\"Agreed\",IF($C$6=\"C/Fwd\",\"C/Fwd\",\"<>Luke\")),'Future Requirements'!$AA:$AA,$I$4),0)+\nIF($J$5=\"Include\",SUMIFS('Future Requirements'!$O:$O,'Future Requirements'!$H:$H,$B29,'Future Requirements'!$G:$G,P$26,'Future Requirements'!$B:$B,IF($C$3=\"\",\">=\"&$F$3,\">=\"&$C$3),'Future Requirements'!$B:$B,IF($C$4=\"\",\"<=\"&$F$4,\"<=\"&$C$4),'Future Requirements'!$J:$J,IF($C$5=\"Yes\",\"Yes\",IF($C$5=\"No\",\"No\",\"<>Luke\")),'Future Requirements'!$AC:$AC,IF($C$6=\"Agreed\",\"Agreed\",IF($C$6=\"C/Fwd\",\"C/Fwd\",\"<>Luke\")),'Future Requirements'!$AA:$AA,$I$5),0)+\nIF($J$6=\"Include\",SUMIFS('Future Requirements'!$O:$O,'Future Requirements'!$H:$H,$B29,'Future Requirements'!$G:$G,P$26,'Future Requirements'!$B:$B,IF($C$3=\"\",\">=\"&$F$3,\">=\"&$C$3),'Future Requirements'!$B:$B,IF($C$4=\"\",\"<=\"&$F$4,\"<=\"&$C$4),'Future Requirements'!$J:$J,IF($C$5=\"Yes\",\"Yes\",IF($C$5=\"No\",\"No\",\"<>Luke\")),'Future Requirements'!$AC:$AC,IF($C$6=\"Agreed\",\"Agreed\",IF($C$6=\"C/Fwd\",\"C/Fwd\",\"<>Luke\")),'Future Requirements'!$AA:$AA,$I$6),0)+\nIF($J$7=\"Include\",SUMIFS('Future Requirements'!$O:$O,'Future Requirements'!$H:$H,$B29,'Future Requirements'!$G:$G,P$26,'Future Requirements'!$B:$B,IF($C$3=\"\",\">=\"&$F$3,\">=\"&$C$3),'Future Requirements'!$B:$B,IF($C$4=\"\",\"<=\"&$F$4,\"<=\"&$C$4),'Future Requirements'!$J:$J,IF($C$5=\"Yes\",\"Yes\",IF($C$5=\"No\",\"No\",\"<>Luke\")),'Future Requirements'!$AC:$AC,IF($C$6=\"Agreed\",\"Agreed\",IF($C$6=\"C/Fwd\",\"C/Fwd\",\"<>Luke\")),'Future Requirements'!$AA:$AA,$I$7),0)","v":0},{"$f":"IF($J$3=\"Include\",SUMIFS('Future Requirements'!$O:$O,'Future Requirements'!$H:$H,$B29,'Future Requirements'!$G:$G,Q$26,'Future Requirements'!$B:$B,IF($C$3=\"\",\">=\"&$F$3,\">=\"&$C$3),'Future Requirements'!$B:$B,IF($C$4=\"\",\"<=\"&$F$4,\"<=\"&$C$4),'Future Requirements'!$J:$J,IF($C$5=\"Yes\",\"Yes\",IF($C$5=\"No\",\"No\",\"<>Luke\")),'Future Requirements'!$AC:$AC,IF($C$6=\"Agreed\",\"Agreed\",IF($C$6=\"C/Fwd\",\"C/Fwd\",\"<>Luke\")),'Future Requirements'!$AA:$AA,$I$3),0)+\nIF($J$4=\"Include\",SUMIFS('Future Requirements'!$O:$O,'Future Requirements'!$H:$H,$B29,'Future Requirements'!$G:$G,Q$26,'Future Requirements'!$B:$B,IF($C$3=\"\",\">=\"&$F$3,\">=\"&$C$3),'Future Requirements'!$B:$B,IF($C$4=\"\",\"<=\"&$F$4,\"<=\"&$C$4),'Future Requirements'!$J:$J,IF($C$5=\"Yes\",\"Yes\",IF($C$5=\"No\",\"No\",\"<>Luke\")),'Future Requirements'!$AC:$AC,IF($C$6=\"Agreed\",\"Agreed\",IF($C$6=\"C/Fwd\",\"C/Fwd\",\"<>Luke\")),'Future Requirements'!$AA:$AA,$I$4),0)+\nIF($J$5=\"Include\",SUMIFS('Future Requirements'!$O:$O,'Future Requirements'!$H:$H,$B29,'Future Requirements'!$G:$G,Q$26,'Future Requirements'!$B:$B,IF($C$3=\"\",\">=\"&$F$3,\">=\"&$C$3),'Future Requirements'!$B:$B,IF($C$4=\"\",\"<=\"&$F$4,\"<=\"&$C$4),'Future Requirements'!$J:$J,IF($C$5=\"Yes\",\"Yes\",IF($C$5=\"No\",\"No\",\"<>Luke\")),'Future Requirements'!$AC:$AC,IF($C$6=\"Agreed\",\"Agreed\",IF($C$6=\"C/Fwd\",\"C/Fwd\",\"<>Luke\")),'Future Requirements'!$AA:$AA,$I$5),0)+\nIF($J$6=\"Include\",SUMIFS('Future Requirements'!$O:$O,'Future Requirements'!$H:$H,$B29,'Future Requirements'!$G:$G,Q$26,'Future Requirements'!$B:$B,IF($C$3=\"\",\">=\"&$F$3,\">=\"&$C$3),'Future Requirements'!$B:$B,IF($C$4=\"\",\"<=\"&$F$4,\"<=\"&$C$4),'Future Requirements'!$J:$J,IF($C$5=\"Yes\",\"Yes\",IF($C$5=\"No\",\"No\",\"<>Luke\")),'Future Requirements'!$AC:$AC,IF($C$6=\"Agreed\",\"Agreed\",IF($C$6=\"C/Fwd\",\"C/Fwd\",\"<>Luke\")),'Future Requirements'!$AA:$AA,$I$6),0)+\nIF($J$7=\"Include\",SUMIFS('Future Requirements'!$O:$O,'Future Requirements'!$H:$H,$B29,'Future Requirements'!$G:$G,Q$26,'Future Requirements'!$B:$B,IF($C$3=\"\",\">=\"&$F$3,\">=\"&$C$3),'Future Requirements'!$B:$B,IF($C$4=\"\",\"<=\"&$F$4,\"<=\"&$C$4),'Future Requirements'!$J:$J,IF($C$5=\"Yes\",\"Yes\",IF($C$5=\"No\",\"No\",\"<>Luke\")),'Future Requirements'!$AC:$AC,IF($C$6=\"Agreed\",\"Agreed\",IF($C$6=\"C/Fwd\",\"C/Fwd\",\"<>Luke\")),'Future Requirements'!$AA:$AA,$I$7),0)","v":0},{"$f":"IF($J$3=\"Include\",SUMIFS('Future Requirements'!$O:$O,'Future Requirements'!$H:$H,$B29,'Future Requirements'!$G:$G,R$26,'Future Requirements'!$B:$B,IF($C$3=\"\",\">=\"&$F$3,\">=\"&$C$3),'Future Requirements'!$B:$B,IF($C$4=\"\",\"<=\"&$F$4,\"<=\"&$C$4),'Future Requirements'!$J:$J,IF($C$5=\"Yes\",\"Yes\",IF($C$5=\"No\",\"No\",\"<>Luke\")),'Future Requirements'!$AC:$AC,IF($C$6=\"Agreed\",\"Agreed\",IF($C$6=\"C/Fwd\",\"C/Fwd\",\"<>Luke\")),'Future Requirements'!$AA:$AA,$I$3),0)+\nIF($J$4=\"Include\",SUMIFS('Future Requirements'!$O:$O,'Future Requirements'!$H:$H,$B29,'Future Requirements'!$G:$G,R$26,'Future Requirements'!$B:$B,IF($C$3=\"\",\">=\"&$F$3,\">=\"&$C$3),'Future Requirements'!$B:$B,IF($C$4=\"\",\"<=\"&$F$4,\"<=\"&$C$4),'Future Requirements'!$J:$J,IF($C$5=\"Yes\",\"Yes\",IF($C$5=\"No\",\"No\",\"<>Luke\")),'Future Requirements'!$AC:$AC,IF($C$6=\"Agreed\",\"Agreed\",IF($C$6=\"C/Fwd\",\"C/Fwd\",\"<>Luke\")),'Future Requirements'!$AA:$AA,$I$4),0)+\nIF($J$5=\"Include\",SUMIFS('Future Requirements'!$O:$O,'Future Requirements'!$H:$H,$B29,'Future Requirements'!$G:$G,R$26,'Future Requirements'!$B:$B,IF($C$3=\"\",\">=\"&$F$3,\">=\"&$C$3),'Future Requirements'!$B:$B,IF($C$4=\"\",\"<=\"&$F$4,\"<=\"&$C$4),'Future Requirements'!$J:$J,IF($C$5=\"Yes\",\"Yes\",IF($C$5=\"No\",\"No\",\"<>Luke\")),'Future Requirements'!$AC:$AC,IF($C$6=\"Agreed\",\"Agreed\",IF($C$6=\"C/Fwd\",\"C/Fwd\",\"<>Luke\")),'Future Requirements'!$AA:$AA,$I$5),0)+\nIF($J$6=\"Include\",SUMIFS('Future Requirements'!$O:$O,'Future Requirements'!$H:$H,$B29,'Future Requirements'!$G:$G,R$26,'Future Requirements'!$B:$B,IF($C$3=\"\",\">=\"&$F$3,\">=\"&$C$3),'Future Requirements'!$B:$B,IF($C$4=\"\",\"<=\"&$F$4,\"<=\"&$C$4),'Future Requirements'!$J:$J,IF($C$5=\"Yes\",\"Yes\",IF($C$5=\"No\",\"No\",\"<>Luke\")),'Future Requirements'!$AC:$AC,IF($C$6=\"Agreed\",\"Agreed\",IF($C$6=\"C/Fwd\",\"C/Fwd\",\"<>Luke\")),'Future Requirements'!$AA:$AA,$I$6),0)+\nIF($J$7=\"Include\",SUMIFS('Future Requirements'!$O:$O,'Future Requirements'!$H:$H,$B29,'Future Requirements'!$G:$G,R$26,'Future Requirements'!$B:$B,IF($C$3=\"\",\">=\"&$F$3,\">=\"&$C$3),'Future Requirements'!$B:$B,IF($C$4=\"\",\"<=\"&$F$4,\"<=\"&$C$4),'Future Requirements'!$J:$J,IF($C$5=\"Yes\",\"Yes\",IF($C$5=\"No\",\"No\",\"<>Luke\")),'Future Requirements'!$AC:$AC,IF($C$6=\"Agreed\",\"Agreed\",IF($C$6=\"C/Fwd\",\"C/Fwd\",\"<>Luke\")),'Future Requirements'!$AA:$AA,$I$7),0)","v":0},{"$f":"IF($J$3=\"Include\",SUMIFS('Future Requirements'!$O:$O,'Future Requirements'!$H:$H,$B29,'Future Requirements'!$G:$G,S$26,'Future Requirements'!$B:$B,IF($C$3=\"\",\">=\"&$F$3,\">=\"&$C$3),'Future Requirements'!$B:$B,IF($C$4=\"\",\"<=\"&$F$4,\"<=\"&$C$4),'Future Requirements'!$J:$J,IF($C$5=\"Yes\",\"Yes\",IF($C$5=\"No\",\"No\",\"<>Luke\")),'Future Requirements'!$AC:$AC,IF($C$6=\"Agreed\",\"Agreed\",IF($C$6=\"C/Fwd\",\"C/Fwd\",\"<>Luke\")),'Future Requirements'!$AA:$AA,$I$3),0)+\nIF($J$4=\"Include\",SUMIFS('Future Requirements'!$O:$O,'Future Requirements'!$H:$H,$B29,'Future Requirements'!$G:$G,S$26,'Future Requirements'!$B:$B,IF($C$3=\"\",\">=\"&$F$3,\">=\"&$C$3),'Future Requirements'!$B:$B,IF($C$4=\"\",\"<=\"&$F$4,\"<=\"&$C$4),'Future Requirements'!$J:$J,IF($C$5=\"Yes\",\"Yes\",IF($C$5=\"No\",\"No\",\"<>Luke\")),'Future Requirements'!$AC:$AC,IF($C$6=\"Agreed\",\"Agreed\",IF($C$6=\"C/Fwd\",\"C/Fwd\",\"<>Luke\")),'Future Requirements'!$AA:$AA,$I$4),0)+\nIF($J$5=\"Include\",SUMIFS('Future Requirements'!$O:$O,'Future Requirements'!$H:$H,$B29,'Future Requirements'!$G:$G,S$26,'Future Requirements'!$B:$B,IF($C$3=\"\",\">=\"&$F$3,\">=\"&$C$3),'Future Requirements'!$B:$B,IF($C$4=\"\",\"<=\"&$F$4,\"<=\"&$C$4),'Future Requirements'!$J:$J,IF($C$5=\"Yes\",\"Yes\",IF($C$5=\"No\",\"No\",\"<>Luke\")),'Future Requirements'!$AC:$AC,IF($C$6=\"Agreed\",\"Agreed\",IF($C$6=\"C/Fwd\",\"C/Fwd\",\"<>Luke\")),'Future Requirements'!$AA:$AA,$I$5),0)+\nIF($J$6=\"Include\",SUMIFS('Future Requirements'!$O:$O,'Future Requirements'!$H:$H,$B29,'Future Requirements'!$G:$G,S$26,'Future Requirements'!$B:$B,IF($C$3=\"\",\">=\"&$F$3,\">=\"&$C$3),'Future Requirements'!$B:$B,IF($C$4=\"\",\"<=\"&$F$4,\"<=\"&$C$4),'Future Requirements'!$J:$J,IF($C$5=\"Yes\",\"Yes\",IF($C$5=\"No\",\"No\",\"<>Luke\")),'Future Requirements'!$AC:$AC,IF($C$6=\"Agreed\",\"Agreed\",IF($C$6=\"C/Fwd\",\"C/Fwd\",\"<>Luke\")),'Future Requirements'!$AA:$AA,$I$6),0)+\nIF($J$7=\"Include\",SUMIFS('Future Requirements'!$O:$O,'Future Requirements'!$H:$H,$B29,'Future Requirements'!$G:$G,S$26,'Future Requirements'!$B:$B,IF($C$3=\"\",\">=\"&$F$3,\">=\"&$C$3),'Future Requirements'!$B:$B,IF($C$4=\"\",\"<=\"&$F$4,\"<=\"&$C$4),'Future Requirements'!$J:$J,IF($C$5=\"Yes\",\"Yes\",IF($C$5=\"No\",\"No\",\"<>Luke\")),'Future Requirements'!$AC:$AC,IF($C$6=\"Agreed\",\"Agreed\",IF($C$6=\"C/Fwd\",\"C/Fwd\",\"<>Luke\")),'Future Requirements'!$AA:$AA,$I$7),0)","v":0},85000]
[null,"F",{"$f":"IF($J$3=\"Include\",SUMIFS('Future Requirements'!$O:$O,'Future Requirements'!$H:$H,$B30,'Future Requirements'!$G:$G,C$26,'Future Requirements'!$B:$B,IF($C$3=\"\",\">=\"&$F$3,\">=\"&$C$3),'Future Requirements'!$B:$B,IF($C$4=\"\",\"<=\"&$F$4,\"<=\"&$C$4),'Future Requirements'!$J:$J,IF($C$5=\"Yes\",\"Yes\",IF($C$5=\"No\",\"No\",\"<>Luke\")),'Future Requirements'!$AC:$AC,IF($C$6=\"Agreed\",\"Agreed\",IF($C$6=\"C/Fwd\",\"C/Fwd\",\"<>Luke\")),'Future Requirements'!$AA:$AA,$I$3),0)+\nIF($J$4=\"Include\",SUMIFS('Future Requirements'!$O:$O,'Future Requirements'!$H:$H,$B30,'Future Requirements'!$G:$G,C$26,'Future Requirements'!$B:$B,IF($C$3=\"\",\">=\"&$F$3,\">=\"&$C$3),'Future Requirements'!$B:$B,IF($C$4=\"\",\"<=\"&$F$4,\"<=\"&$C$4),'Future Requirements'!$J:$J,IF($C$5=\"Yes\",\"Yes\",IF($C$5=\"No\",\"No\",\"<>Luke\")),'Future Requirements'!$AC:$AC,IF($C$6=\"Agreed\",\"Agreed\",IF($C$6=\"C/Fwd\",\"C/Fwd\",\"<>Luke\")),'Future Requirements'!$AA:$AA,$I$4),0)+\nIF($J$5=\"Include\",SUMIFS('Future Requirements'!$O:$O,'Future Requirements'!$H:$H,$B30,'Future Requirements'!$G:$G,C$26,'Future Requirements'!$B:$B,IF($C$3=\"\",\">=\"&$F$3,\">=\"&$C$3),'Future Requirements'!$B:$B,IF($C$4=\"\",\"<=\"&$F$4,\"<=\"&$C$4),'Future Requirements'!$J:$J,IF($C$5=\"Yes\",\"Yes\",IF($C$5=\"No\",\"No\",\"<>Luke\")),'Future Requirements'!$AC:$AC,IF($C$6=\"Agreed\",\"Agreed\",IF($C$6=\"C/Fwd\",\"C/Fwd\",\"<>Luke\")),'Future Requirements'!$AA:$AA,$I$5),0)+\nIF($J$6=\"Include\",SUMIFS('Future Requirements'!$O:$O,'Future Requirements'!$H:$H,$B30,'Future Requirements'!$G:$G,C$26,'Future Requirements'!$B:$B,IF($C$3=\"\",\">=\"&$F$3,\">=\"&$C$3),'Future Requirements'!$B:$B,IF($C$4=\"\",\"<=\"&$F$4,\"<=\"&$C$4),'Future Requirements'!$J:$J,IF($C$5=\"Yes\",\"Yes\",IF($C$5=\"No\",\"No\",\"<>Luke\")),'Future Requirements'!$AC:$AC,IF($C$6=\"Agreed\",\"Agreed\",IF($C$6=\"C/Fwd\",\"C/Fwd\",\"<>Luke\")),'Future Requirements'!$AA:$AA,$I$6),0)+\nIF($J$7=\"Include\",SUMIFS('Future Requirements'!$O:$O,'Future Requirements'!$H:$H,$B30,'Future Requirements'!$G:$G,C$26,'Future Requirements'!$B:$B,IF($C$3=\"\",\">=\"&$F$3,\">=\"&$C$3),'Future Requirements'!$B:$B,IF($C$4=\"\",\"<=\"&$F$4,\"<=\"&$C$4),'Future Requirements'!$J:$J,IF($C$5=\"Yes\",\"Yes\",IF($C$5=\"No\",\"No\",\"<>Luke\")),'Future Requirements'!$AC:$AC,IF($C$6=\"Agreed\",\"Agreed\",IF($C$6=\"C/Fwd\",\"C/Fwd\",\"<>Luke\")),'Future Requirements'!$AA:$AA,$I$7),0)","v":0},{"$f":"IF($J$3=\"Include\",SUMIFS('Future Requirements'!$O:$O,'Future Requirements'!$H:$H,$B30,'Future Requirements'!$G:$G,D$26,'Future Requirements'!$B:$B,IF($C$3=\"\",\">=\"&$F$3,\">=\"&$C$3),'Future Requirements'!$B:$B,IF($C$4=\"\",\"<=\"&$F$4,\"<=\"&$C$4),'Future Requirements'!$J:$J,IF($C$5=\"Yes\",\"Yes\",IF($C$5=\"No\",\"No\",\"<>Luke\")),'Future Requirements'!$AC:$AC,IF($C$6=\"Agreed\",\"Agreed\",IF($C$6=\"C/Fwd\",\"C/Fwd\",\"<>Luke\")),'Future Requirements'!$AA:$AA,$I$3),0)+\nIF($J$4=\"Include\",SUMIFS('Future Requirements'!$O:$O,'Future Requirements'!$H:$H,$B30,'Future Requirements'!$G:$G,D$26,'Future Requirements'!$B:$B,IF($C$3=\"\",\">=\"&$F$3,\">=\"&$C$3),'Future Requirements'!$B:$B,IF($C$4=\"\",\"<=\"&$F$4,\"<=\"&$C$4),'Future Requirements'!$J:$J,IF($C$5=\"Yes\",\"Yes\",IF($C$5=\"No\",\"No\",\"<>Luke\")),'Future Requirements'!$AC:$AC,IF($C$6=\"Agreed\",\"Agreed\",IF($C$6=\"C/Fwd\",\"C/Fwd\",\"<>Luke\")),'Future Requirements'!$AA:$AA,$I$4),0)+\nIF($J$5=\"Include\",SUMIFS('Future Requirements'!$O:$O,'Future Requirements'!$H:$H,$B30,'Future Requirements'!$G:$G,D$26,'Future Requirements'!$B:$B,IF($C$3=\"\",\">=\"&$F$3,\">=\"&$C$3),'Future Requirements'!$B:$B,IF($C$4=\"\",\"<=\"&$F$4,\"<=\"&$C$4),'Future Requirements'!$J:$J,IF($C$5=\"Yes\",\"Yes\",IF($C$5=\"No\",\"No\",\"<>Luke\")),'Future Requirements'!$AC:$AC,IF($C$6=\"Agreed\",\"Agreed\",IF($C$6=\"C/Fwd\",\"C/Fwd\",\"<>Luke\")),'Future Requirements'!$AA:$AA,$I$5),0)+\nIF($J$6=\"Include\",SUMIFS('Future Requirements'!$O:$O,'Future Requirements'!$H:$H,$B30,'Future Requirements'!$G:$G,D$26,'Future Requirements'!$B:$B,IF($C$3=\"\",\">=\"&$F$3,\">=\"&$C$3),'Future Requirements'!$B:$B,IF($C$4=\"\",\"<=\"&$F$4,\"<=\"&$C$4),'Future Requirements'!$J:$J,IF($C$5=\"Yes\",\"Yes\",IF($C$5=\"No\",\"No\",\"<>Luke\")),'Future Requirements'!$AC:$AC,IF($C$6=\"Agreed\",\"Agreed\",IF($C$6=\"C/Fwd\",\"C/Fwd\",\"<>Luke\")),'Future Requirements'!$AA:$AA,$I$6),0)+\nIF($J$7=\"Include\",SUMIFS('Future Requirements'!$O:$O,'Future Requirements'!$H:$H,$B30,'Future Requirements'!$G:$G,D$26,'Future Requirements'!$B:$B,IF($C$3=\"\",\">=\"&$F$3,\">=\"&$C$3),'Future Requirements'!$B:$B,IF($C$4=\"\",\"<=\"&$F$4,\"<=\"&$C$4),'Future Requirements'!$J:$J,IF($C$5=\"Yes\",\"Yes\",IF($C$5=\"No\",\"No\",\"<>Luke\")),'Future Requirements'!$AC:$AC,IF($C$6=\"Agreed\",\"Agreed\",IF($C$6=\"C/Fwd\",\"C/Fwd\",\"<>Luke\")),'Future Requirements'!$AA:$AA,$I$7),0)","v":0},{"$f":"IF($J$3=\"Include\",SUMIFS('Future Requirements'!$O:$O,'Future Requirements'!$H:$H,$B30,'Future Requirements'!$G:$G,E$26,'Future Requirements'!$B:$B,IF($C$3=\"\",\">=\"&$F$3,\">=\"&$C$3),'Future Requirements'!$B:$B,IF($C$4=\"\",\"<=\"&$F$4,\"<=\"&$C$4),'Future Requirements'!$J:$J,IF($C$5=\"Yes\",\"Yes\",IF($C$5=\"No\",\"No\",\"<>Luke\")),'Future Requirements'!$AC:$AC,IF($C$6=\"Agreed\",\"Agreed\",IF($C$6=\"C/Fwd\",\"C/Fwd\",\"<>Luke\")),'Future Requirements'!$AA:$AA,$I$3),0)+\nIF($J$4=\"Include\",SUMIFS('Future Requirements'!$O:$O,'Future Requirements'!$H:$H,$B30,'Future Requirements'!$G:$G,E$26,'Future Requirements'!$B:$B,IF($C$3=\"\",\">=\"&$F$3,\">=\"&$C$3),'Future Requirements'!$B:$B,IF($C$4=\"\",\"<=\"&$F$4,\"<=\"&$C$4),'Future Requirements'!$J:$J,IF($C$5=\"Yes\",\"Yes\",IF($C$5=\"No\",\"No\",\"<>Luke\")),'Future Requirements'!$AC:$AC,IF($C$6=\"Agreed\",\"Agreed\",IF($C$6=\"C/Fwd\",\"C/Fwd\",\"<>Luke\")),'Future Requirements'!$AA:$AA,$I$4),0)+\nIF($J$5=\"Include\",SUMIFS('Future Requirements'!$O:$O,'Future Requirements'!$H:$H,$B30,'Future Requirements'!$G:$G,E$26,'Future Requirements'!$B:$B,IF($C$3=\"\",\">=\"&$F$3,\">=\"&$C$3),'Future Requirements'!$B:$B,IF($C$4=\"\",\"<=\"&$F$4,\"<=\"&$C$4),'Future Requirements'!$J:$J,IF($C$5=\"Yes\",\"Yes\",IF($C$5=\"No\",\"No\",\"<>Luke\")),'Future Requirements'!$AC:$AC,IF($C$6=\"Agreed\",\"Agreed\",IF($C$6=\"C/Fwd\",\"C/Fwd\",\"<>Luke\")),'Future Requirements'!$AA:$AA,$I$5),0)+\nIF($J$6=\"Include\",SUMIFS('Future Requirements'!$O:$O,'Future Requirements'!$H:$H,$B30,'Future Requirements'!$G:$G,E$26,'Future Requirements'!$B:$B,IF($C$3=\"\",\">=\"&$F$3,\">=\"&$C$3),'Future Requirements'!$B:$B,IF($C$4=\"\",\"<=\"&$F$4,\"<=\"&$C$4),'Future Requirements'!$J:$J,IF($C$5=\"Yes\",\"Yes\",IF($C$5=\"No\",\"No\",\"<>Luke\")),'Future Requirements'!$AC:$AC,IF($C$6=\"Agreed\",\"Agreed\",IF($C$6=\"C/Fwd\",\"C/Fwd\",\"<>Luke\")),'Future Requirements'!$AA:$AA,$I$6),0)+\nIF($J$7=\"Include\",SUMIFS('Future Requirements'!$O:$O,'Future Requirements'!$H:$H,$B30,'Future Requirements'!$G:$G,E$26,'Future Requirements'!$B:$B,IF($C$3=\"\",\">=\"&$F$3,\">=\"&$C$3),'Future Requirements'!$B:$B,IF($C$4=\"\",\"<=\"&$F$4,\"<=\"&$C$4),'Future Requirements'!$J:$J,IF($C$5=\"Yes\",\"Yes\",IF($C$5=\"No\",\"No\",\"<>Luke\")),'Future Requirements'!$AC:$AC,IF($C$6=\"Agreed\",\"Agreed\",IF($C$6=\"C/Fwd\",\"C/Fwd\",\"<>Luke\")),'Future Requirements'!$AA:$AA,$I$7),0)","v":0},{"$f":"IF($J$3=\"Include\",SUMIFS('Future Requirements'!$O:$O,'Future Requirements'!$H:$H,$B30,'Future Requirements'!$G:$G,F$26,'Future Requirements'!$B:$B,IF($C$3=\"\",\">=\"&$F$3,\">=\"&$C$3),'Future Requirements'!$B:$B,IF($C$4=\"\",\"<=\"&$F$4,\"<=\"&$C$4),'Future Requirements'!$J:$J,IF($C$5=\"Yes\",\"Yes\",IF($C$5=\"No\",\"No\",\"<>Luke\")),'Future Requirements'!$AC:$AC,IF($C$6=\"Agreed\",\"Agreed\",IF($C$6=\"C/Fwd\",\"C/Fwd\",\"<>Luke\")),'Future Requirements'!$AA:$AA,$I$3),0)+\nIF($J$4=\"Include\",SUMIFS('Future Requirements'!$O:$O,'Future Requirements'!$H:$H,$B30,'Future Requirements'!$G:$G,F$26,'Future Requirements'!$B:$B,IF($C$3=\"\",\">=\"&$F$3,\">=\"&$C$3),'Future Requirements'!$B:$B,IF($C$4=\"\",\"<=\"&$F$4,\"<=\"&$C$4),'Future Requirements'!$J:$J,IF($C$5=\"Yes\",\"Yes\",IF($C$5=\"No\",\"No\",\"<>Luke\")),'Future Requirements'!$AC:$AC,IF($C$6=\"Agreed\",\"Agreed\",IF($C$6=\"C/Fwd\",\"C/Fwd\",\"<>Luke\")),'Future Requirements'!$AA:$AA,$I$4),0)+\nIF($J$5=\"Include\",SUMIFS('Future Requirements'!$O:$O,'Future Requirements'!$H:$H,$B30,'Future Requirements'!$G:$G,F$26,'Future Requirements'!$B:$B,IF($C$3=\"\",\">=\"&$F$3,\">=\"&$C$3),'Future Requirements'!$B:$B,IF($C$4=\"\",\"<=\"&$F$4,\"<=\"&$C$4),'Future Requirements'!$J:$J,IF($C$5=\"Yes\",\"Yes\",IF($C$5=\"No\",\"No\",\"<>Luke\")),'Future Requirements'!$AC:$AC,IF($C$6=\"Agreed\",\"Agreed\",IF($C$6=\"C/Fwd\",\"C/Fwd\",\"<>Luke\")),'Future Requirements'!$AA:$AA,$I$5),0)+\nIF($J$6=\"Include\",SUMIFS('Future Requirements'!$O:$O,'Future Requirements'!$H:$H,$B30,'Future Requirements'!$G:$G,F$26,'Future Requirements'!$B:$B,IF($C$3=\"\",\">=\"&$F$3,\">=\"&$C$3),'Future Requirements'!$B:$B,IF($C$4=\"\",\"<=\"&$F$4,\"<=\"&$C$4),'Future Requirements'!$J:$J,IF($C$5=\"Yes\",\"Yes\",IF($C$5=\"No\",\"No\",\"<>Luke\")),'Future Requirements'!$AC:$AC,IF($C$6=\"Agreed\",\"Agreed\",IF($C$6=\"C/Fwd\",\"C/Fwd\",\"<>Luke\")),'Future Requirements'!$AA:$AA,$I$6),0)+\nIF($J$7=\"Include\",SUMIFS('Future Requirements'!$O:$O,'Future Requirements'!$H:$H,$B30,'Future Requirements'!$G:$G,F$26,'Future Requirements'!$B:$B,IF($C$3=\"\",\">=\"&$F$3,\">=\"&$C$3),'Future Requirements'!$B:$B,IF($C$4=\"\",\"<=\"&$F$4,\"<=\"&$C$4),'Future Requirements'!$J:$J,IF($C$5=\"Yes\",\"Yes\",IF($C$5=\"No\",\"No\",\"<>Luke\")),'Future Requirements'!$AC:$AC,IF($C$6=\"Agreed\",\"Agreed\",IF($C$6=\"C/Fwd\",\"C/Fwd\",\"<>Luke\")),'Future Requirements'!$AA:$AA,$I$7),0)","v":0},{"$f":"IF($J$3=\"Include\",SUMIFS('Future Requirements'!$O:$O,'Future Requirements'!$H:$H,$B30,'Future Requirements'!$G:$G,G$26,'Future Requirements'!$B:$B,IF($C$3=\"\",\">=\"&$F$3,\">=\"&$C$3),'Future Requirements'!$B:$B,IF($C$4=\"\",\"<=\"&$F$4,\"<=\"&$C$4),'Future Requirements'!$J:$J,IF($C$5=\"Yes\",\"Yes\",IF($C$5=\"No\",\"No\",\"<>Luke\")),'Future Requirements'!$AC:$AC,IF($C$6=\"Agreed\",\"Agreed\",IF($C$6=\"C/Fwd\",\"C/Fwd\",\"<>Luke\")),'Future Requirements'!$AA:$AA,$I$3),0)+\nIF($J$4=\"Include\",SUMIFS('Future Requirements'!$O:$O,'Future Requirements'!$H:$H,$B30,'Future Requirements'!$G:$G,G$26,'Future Requirements'!$B:$B,IF($C$3=\"\",\">=\"&$F$3,\">=\"&$C$3),'Future Requirements'!$B:$B,IF($C$4=\"\",\"<=\"&$F$4,\"<=\"&$C$4),'Future Requirements'!$J:$J,IF($C$5=\"Yes\",\"Yes\",IF($C$5=\"No\",\"No\",\"<>Luke\")),'Future Requirements'!$AC:$AC,IF($C$6=\"Agreed\",\"Agreed\",IF($C$6=\"C/Fwd\",\"C/Fwd\",\"<>Luke\")),'Future Requirements'!$AA:$AA,$I$4),0)+\nIF($J$5=\"Include\",SUMIFS('Future Requirements'!$O:$O,'Future Requirements'!$H:$H,$B30,'Future Requirements'!$G:$G,G$26,'Future Requirements'!$B:$B,IF($C$3=\"\",\">=\"&$F$3,\">=\"&$C$3),'Future Requirements'!$B:$B,IF($C$4=\"\",\"<=\"&$F$4,\"<=\"&$C$4),'Future Requirements'!$J:$J,IF($C$5=\"Yes\",\"Yes\",IF($C$5=\"No\",\"No\",\"<>Luke\")),'Future Requirements'!$AC:$AC,IF($C$6=\"Agreed\",\"Agreed\",IF($C$6=\"C/Fwd\",\"C/Fwd\",\"<>Luke\")),'Future Requirements'!$AA:$AA,$I$5),0)+\nIF($J$6=\"Include\",SUMIFS('Future Requirements'!$O:$O,'Future Requirements'!$H:$H,$B30,'Future Requirements'!$G:$G,G$26,'Future Requirements'!$B:$B,IF($C$3=\"\",\">=\"&$F$3,\">=\"&$C$3),'Future Requirements'!$B:$B,IF($C$4=\"\",\"<=\"&$F$4,\"<=\"&$C$4),'Future Requirements'!$J:$J,IF($C$5=\"Yes\",\"Yes\",IF($C$5=\"No\",\"No\",\"<>Luke\")),'Future Requirements'!$AC:$AC,IF($C$6=\"Agreed\",\"Agreed\",IF($C$6=\"C/Fwd\",\"C/Fwd\",\"<>Luke\")),'Future Requirements'!$AA:$AA,$I$6),0)+\nIF($J$7=\"Include\",SUMIFS('Future Requirements'!$O:$O,'Future Requirements'!$H:$H,$B30,'Future Requirements'!$G:$G,G$26,'Future Requirements'!$B:$B,IF($C$3=\"\",\">=\"&$F$3,\">=\"&$C$3),'Future Requirements'!$B:$B,IF($C$4=\"\",\"<=\"&$F$4,\"<=\"&$C$4),'Future Requirements'!$J:$J,IF($C$5=\"Yes\",\"Yes\",IF($C$5=\"No\",\"No\",\"<>Luke\")),'Future Requirements'!$AC:$AC,IF($C$6=\"Agreed\",\"Agreed\",IF($C$6=\"C/Fwd\",\"C/Fwd\",\"<>Luke\")),'Future Requirements'!$AA:$AA,$I$7),0)","v":0},{"$f":"IF($J$3=\"Include\",SUMIFS('Future Requirements'!$O:$O,'Future Requirements'!$H:$H,$B30,'Future Requirements'!$G:$G,H$26,'Future Requirements'!$B:$B,IF($C$3=\"\",\">=\"&$F$3,\">=\"&$C$3),'Future Requirements'!$B:$B,IF($C$4=\"\",\"<=\"&$F$4,\"<=\"&$C$4),'Future Requirements'!$J:$J,IF($C$5=\"Yes\",\"Yes\",IF($C$5=\"No\",\"No\",\"<>Luke\")),'Future Requirements'!$AC:$AC,IF($C$6=\"Agreed\",\"Agreed\",IF($C$6=\"C/Fwd\",\"C/Fwd\",\"<>Luke\")),'Future Requirements'!$AA:$AA,$I$3),0)+\nIF($J$4=\"Include\",SUMIFS('Future Requirements'!$O:$O,'Future Requirements'!$H:$H,$B30,'Future Requirements'!$G:$G,H$26,'Future Requirements'!$B:$B,IF($C$3=\"\",\">=\"&$F$3,\">=\"&$C$3),'Future Requirements'!$B:$B,IF($C$4=\"\",\"<=\"&$F$4,\"<=\"&$C$4),'Future Requirements'!$J:$J,IF($C$5=\"Yes\",\"Yes\",IF($C$5=\"No\",\"No\",\"<>Luke\")),'Future Requirements'!$AC:$AC,IF($C$6=\"Agreed\",\"Agreed\",IF($C$6=\"C/Fwd\",\"C/Fwd\",\"<>Luke\")),'Future Requirements'!$AA:$AA,$I$4),0)+\nIF($J$5=\"Include\",SUMIFS('Future Requirements'!$O:$O,'Future Requirements'!$H:$H,$B30,'Future Requirements'!$G:$G,H$26,'Future Requirements'!$B:$B,IF($C$3=\"\",\">=\"&$F$3,\">=\"&$C$3),'Future Requirements'!$B:$B,IF($C$4=\"\",\"<=\"&$F$4,\"<=\"&$C$4),'Future Requirements'!$J:$J,IF($C$5=\"Yes\",\"Yes\",IF($C$5=\"No\",\"No\",\"<>Luke\")),'Future Requirements'!$AC:$AC,IF($C$6=\"Agreed\",\"Agreed\",IF($C$6=\"C/Fwd\",\"C/Fwd\",\"<>Luke\")),'Future Requirements'!$AA:$AA,$I$5),0)+\nIF($J$6=\"Include\",SUMIFS('Future Requirements'!$O:$O,'Future Requirements'!$H:$H,$B30,'Future Requirements'!$G:$G,H$26,'Future Requirements'!$B:$B,IF($C$3=\"\",\">=\"&$F$3,\">=\"&$C$3),'Future Requirements'!$B:$B,IF($C$4=\"\",\"<=\"&$F$4,\"<=\"&$C$4),'Future Requirements'!$J:$J,IF($C$5=\"Yes\",\"Yes\",IF($C$5=\"No\",\"No\",\"<>Luke\")),'Future Requirements'!$AC:$AC,IF($C$6=\"Agreed\",\"Agreed\",IF($C$6=\"C/Fwd\",\"C/Fwd\",\"<>Luke\")),'Future Requirements'!$AA:$AA,$I$6),0)+\nIF($J$7=\"Include\",SUMIFS('Future Requirements'!$O:$O,'Future Requirements'!$H:$H,$B30,'Future Requirements'!$G:$G,H$26,'Future Requirements'!$B:$B,IF($C$3=\"\",\">=\"&$F$3,\">=\"&$C$3),'Future Requirements'!$B:$B,IF($C$4=\"\",\"<=\"&$F$4,\"<=\"&$C$4),'Future Requirements'!$J:$J,IF($C$5=\"Yes\",\"Yes\",IF($C$5=\"No\",\"No\",\"<>Luke\")),'Future Requirements'!$AC:$AC,IF($C$6=\"Agreed\",\"Agreed\",IF($C$6=\"C/Fwd\",\"C/Fwd\",\"<>Luke\")),'Future Requirements'!$AA:$AA,$I$7),0)","v":0},{"$f":"IF($J$3=\"Include\",SUMIFS('Future Requirements'!$O:$O,'Future Requirements'!$H:$H,$B30,'Future Requirements'!$G:$G,I$26,'Future Requirements'!$B:$B,IF($C$3=\"\",\">=\"&$F$3,\">=\"&$C$3),'Future Requirements'!$B:$B,IF($C$4=\"\",\"<=\"&$F$4,\"<=\"&$C$4),'Future Requirements'!$J:$J,IF($C$5=\"Yes\",\"Yes\",IF($C$5=\"No\",\"No\",\"<>Luke\")),'Future Requirements'!$AC:$AC,IF($C$6=\"Agreed\",\"Agreed\",IF($C$6=\"C/Fwd\",\"C/Fwd\",\"<>Luke\")),'Future Requirements'!$AA:$AA,$I$3),0)+\nIF($J$4=\"Include\",SUMIFS('Future Requirements'!$O:$O,'Future Requirements'!$H:$H,$B30,'Future Requirements'!$G:$G,I$26,'Future Requirements'!$B:$B,IF($C$3=\"\",\">=\"&$F$3,\">=\"&$C$3),'Future Requirements'!$B:$B,IF($C$4=\"\",\"<=\"&$F$4,\"<=\"&$C$4),'Future Requirements'!$J:$J,IF($C$5=\"Yes\",\"Yes\",IF($C$5=\"No\",\"No\",\"<>Luke\")),'Future Requirements'!$AC:$AC,IF($C$6=\"Agreed\",\"Agreed\",IF($C$6=\"C/Fwd\",\"C/Fwd\",\"<>Luke\")),'Future Requirements'!$AA:$AA,$I$4),0)+\nIF($J$5=\"Include\",SUMIFS('Future Requirements'!$O:$O,'Future Requirements'!$H:$H,$B30,'Future Requirements'!$G:$G,I$26,'Future Requirements'!$B:$B,IF($C$3=\"\",\">=\"&$F$3,\">=\"&$C$3),'Future Requirements'!$B:$B,IF($C$4=\"\",\"<=\"&$F$4,\"<=\"&$C$4),'Future Requirements'!$J:$J,IF($C$5=\"Yes\",\"Yes\",IF($C$5=\"No\",\"No\",\"<>Luke\")),'Future Requirements'!$AC:$AC,IF($C$6=\"Agreed\",\"Agreed\",IF($C$6=\"C/Fwd\",\"C/Fwd\",\"<>Luke\")),'Future Requirements'!$AA:$AA,$I$5),0)+\nIF($J$6=\"Include\",SUMIFS('Future Requirements'!$O:$O,'Future Requirements'!$H:$H,$B30,'Future Requirements'!$G:$G,I$26,'Future Requirements'!$B:$B,IF($C$3=\"\",\">=\"&$F$3,\">=\"&$C$3),'Future Requirements'!$B:$B,IF($C$4=\"\",\"<=\"&$F$4,\"<=\"&$C$4),'Future Requirements'!$J:$J,IF($C$5=\"Yes\",\"Yes\",IF($C$5=\"No\",\"No\",\"<>Luke\")),'Future Requirements'!$AC:$AC,IF($C$6=\"Agreed\",\"Agreed\",IF($C$6=\"C/Fwd\",\"C/Fwd\",\"<>Luke\")),'Future Requirements'!$AA:$AA,$I$6),0)+\nIF($J$7=\"Include\",SUMIFS('Future Requirements'!$O:$O,'Future Requirements'!$H:$H,$B30,'Future Requirements'!$G:$G,I$26,'Future Requirements'!$B:$B,IF($C$3=\"\",\">=\"&$F$3,\">=\"&$C$3),'Future Requirements'!$B:$B,IF($C$4=\"\",\"<=\"&$F$4,\"<=\"&$C$4),'Future Requirements'!$J:$J,IF($C$5=\"Yes\",\"Yes\",IF($C$5=\"No\",\"No\",\"<>Luke\")),'Future Requirements'!$AC:$AC,IF($C$6=\"Agreed\",\"Agreed\",IF($C$6=\"C/Fwd\",\"C/Fwd\",\"<>Luke\")),'Future Requirements'!$AA:$AA,$I$7),0)","v":0},{"$f":"IF($J$3=\"Include\",SUMIFS('Future Requirements'!$O:$O,'Future Requirements'!$H:$H,$B30,'Future Requirements'!$G:$G,J$26,'Future Requirements'!$B:$B,IF($C$3=\"\",\">=\"&$F$3,\">=\"&$C$3),'Future Requirements'!$B:$B,IF($C$4=\"\",\"<=\"&$F$4,\"<=\"&$C$4),'Future Requirements'!$J:$J,IF($C$5=\"Yes\",\"Yes\",IF($C$5=\"No\",\"No\",\"<>Luke\")),'Future Requirements'!$AC:$AC,IF($C$6=\"Agreed\",\"Agreed\",IF($C$6=\"C/Fwd\",\"C/Fwd\",\"<>Luke\")),'Future Requirements'!$AA:$AA,$I$3),0)+\nIF($J$4=\"Include\",SUMIFS('Future Requirements'!$O:$O,'Future Requirements'!$H:$H,$B30,'Future Requirements'!$G:$G,J$26,'Future Requirements'!$B:$B,IF($C$3=\"\",\">=\"&$F$3,\">=\"&$C$3),'Future Requirements'!$B:$B,IF($C$4=\"\",\"<=\"&$F$4,\"<=\"&$C$4),'Future Requirements'!$J:$J,IF($C$5=\"Yes\",\"Yes\",IF($C$5=\"No\",\"No\",\"<>Luke\")),'Future Requirements'!$AC:$AC,IF($C$6=\"Agreed\",\"Agreed\",IF($C$6=\"C/Fwd\",\"C/Fwd\",\"<>Luke\")),'Future Requirements'!$AA:$AA,$I$4),0)+\nIF($J$5=\"Include\",SUMIFS('Future Requirements'!$O:$O,'Future Requirements'!$H:$H,$B30,'Future Requirements'!$G:$G,J$26,'Future Requirements'!$B:$B,IF($C$3=\"\",\">=\"&$F$3,\">=\"&$C$3),'Future Requirements'!$B:$B,IF($C$4=\"\",\"<=\"&$F$4,\"<=\"&$C$4),'Future Requirements'!$J:$J,IF($C$5=\"Yes\",\"Yes\",IF($C$5=\"No\",\"No\",\"<>Luke\")),'Future Requirements'!$AC:$AC,IF($C$6=\"Agreed\",\"Agreed\",IF($C$6=\"C/Fwd\",\"C/Fwd\",\"<>Luke\")),'Future Requirements'!$AA:$AA,$I$5),0)+\nIF($J$6=\"Include\",SUMIFS('Future Requirements'!$O:$O,'Future Requirements'!$H:$H,$B30,'Future Requirements'!$G:$G,J$26,'Future Requirements'!$B:$B,IF($C$3=\"\",\">=\"&$F$3,\">=\"&$C$3),'Future Requirements'!$B:$B,IF($C$4=\"\",\"<=\"&$F$4,\"<=\"&$C$4),'Future Requirements'!$J:$J,IF($C$5=\"Yes\",\"Yes\",IF($C$5=\"No\",\"No\",\"<>Luke\")),'Future Requirements'!$AC:$AC,IF($C$6=\"Agreed\",\"Agreed\",IF($C$6=\"C/Fwd\",\"C/Fwd\",\"<>Luke\")),'Future Requirements'!$AA:$AA,$I$6),0)+\nIF($J$7=\"Include\",SUMIFS('Future Requirements'!$O:$O,'Future Requirements'!$H:$H,$B30,'Future Requirements'!$G:$G,J$26,'Future Requirements'!$B:$B,IF($C$3=\"\",\">=\"&$F$3,\">=\"&$C$3),'Future Requirements'!$B:$B,IF($C$4=\"\",\"<=\"&$F$4,\"<=\"&$C$4),'Future Requirements'!$J:$J,IF($C$5=\"Yes\",\"Yes\",IF($C$5=\"No\",\"No\",\"<>Luke\")),'Future Requirements'!$AC:$AC,IF($C$6=\"Agreed\",\"Agreed\",IF($C$6=\"C/Fwd\",\"C/Fwd\",\"<>Luke\")),'Future Requirements'!$AA:$AA,$I$7),0)","v":0},{"$f":"IF($J$3=\"Include\",SUMIFS('Future Requirements'!$O:$O,'Future Requirements'!$H:$H,$B30,'Future Requirements'!$G:$G,K$26,'Future Requirements'!$B:$B,IF($C$3=\"\",\">=\"&$F$3,\">=\"&$C$3),'Future Requirements'!$B:$B,IF($C$4=\"\",\"<=\"&$F$4,\"<=\"&$C$4),'Future Requirements'!$J:$J,IF($C$5=\"Yes\",\"Yes\",IF($C$5=\"No\",\"No\",\"<>Luke\")),'Future Requirements'!$AC:$AC,IF($C$6=\"Agreed\",\"Agreed\",IF($C$6=\"C/Fwd\",\"C/Fwd\",\"<>Luke\")),'Future Requirements'!$AA:$AA,$I$3),0)+\nIF($J$4=\"Include\",SUMIFS('Future Requirements'!$O:$O,'Future Requirements'!$H:$H,$B30,'Future Requirements'!$G:$G,K$26,'Future Requirements'!$B:$B,IF($C$3=\"\",\">=\"&$F$3,\">=\"&$C$3),'Future Requirements'!$B:$B,IF($C$4=\"\",\"<=\"&$F$4,\"<=\"&$C$4),'Future Requirements'!$J:$J,IF($C$5=\"Yes\",\"Yes\",IF($C$5=\"No\",\"No\",\"<>Luke\")),'Future Requirements'!$AC:$AC,IF($C$6=\"Agreed\",\"Agreed\",IF($C$6=\"C/Fwd\",\"C/Fwd\",\"<>Luke\")),'Future Requirements'!$AA:$AA,$I$4),0)+\nIF($J$5=\"Include\",SUMIFS('Future Requirements'!$O:$O,'Future Requirements'!$H:$H,$B30,'Future Requirements'!$G:$G,K$26,'Future Requirements'!$B:$B,IF($C$3=\"\",\">=\"&$F$3,\">=\"&$C$3),'Future Requirements'!$B:$B,IF($C$4=\"\",\"<=\"&$F$4,\"<=\"&$C$4),'Future Requirements'!$J:$J,IF($C$5=\"Yes\",\"Yes\",IF($C$5=\"No\",\"No\",\"<>Luke\")),'Future Requirements'!$AC:$AC,IF($C$6=\"Agreed\",\"Agreed\",IF($C$6=\"C/Fwd\",\"C/Fwd\",\"<>Luke\")),'Future Requirements'!$AA:$AA,$I$5),0)+\nIF($J$6=\"Include\",SUMIFS('Future Requirements'!$O:$O,'Future Requirements'!$H:$H,$B30,'Future Requirements'!$G:$G,K$26,'Future Requirements'!$B:$B,IF($C$3=\"\",\">=\"&$F$3,\">=\"&$C$3),'Future Requirements'!$B:$B,IF($C$4=\"\",\"<=\"&$F$4,\"<=\"&$C$4),'Future Requirements'!$J:$J,IF($C$5=\"Yes\",\"Yes\",IF($C$5=\"No\",\"No\",\"<>Luke\")),'Future Requirements'!$AC:$AC,IF($C$6=\"Agreed\",\"Agreed\",IF($C$6=\"C/Fwd\",\"C/Fwd\",\"<>Luke\")),'Future Requirements'!$AA:$AA,$I$6),0)+\nIF($J$7=\"Include\",SUMIFS('Future Requirements'!$O:$O,'Future Requirements'!$H:$H,$B30,'Future Requirements'!$G:$G,K$26,'Future Requirements'!$B:$B,IF($C$3=\"\",\">=\"&$F$3,\">=\"&$C$3),'Future Requirements'!$B:$B,IF($C$4=\"\",\"<=\"&$F$4,\"<=\"&$C$4),'Future Requirements'!$J:$J,IF($C$5=\"Yes\",\"Yes\",IF($C$5=\"No\",\"No\",\"<>Luke\")),'Future Requirements'!$AC:$AC,IF($C$6=\"Agreed\",\"Agreed\",IF($C$6=\"C/Fwd\",\"C/Fwd\",\"<>Luke\")),'Future Requirements'!$AA:$AA,$I$7),0)","v":0},{"$f":"IF($J$3=\"Include\",SUMIFS('Future Requirements'!$O:$O,'Future Requirements'!$H:$H,$B30,'Future Requirements'!$G:$G,L$26,'Future Requirements'!$B:$B,IF($C$3=\"\",\">=\"&$F$3,\">=\"&$C$3),'Future Requirements'!$B:$B,IF($C$4=\"\",\"<=\"&$F$4,\"<=\"&$C$4),'Future Requirements'!$J:$J,IF($C$5=\"Yes\",\"Yes\",IF($C$5=\"No\",\"No\",\"<>Luke\")),'Future Requirements'!$AC:$AC,IF($C$6=\"Agreed\",\"Agreed\",IF($C$6=\"C/Fwd\",\"C/Fwd\",\"<>Luke\")),'Future Requirements'!$AA:$AA,$I$3),0)+\nIF($J$4=\"Include\",SUMIFS('Future Requirements'!$O:$O,'Future Requirements'!$H:$H,$B30,'Future Requirements'!$G:$G,L$26,'Future Requirements'!$B:$B,IF($C$3=\"\",\">=\"&$F$3,\">=\"&$C$3),'Future Requirements'!$B:$B,IF($C$4=\"\",\"<=\"&$F$4,\"<=\"&$C$4),'Future Requirements'!$J:$J,IF($C$5=\"Yes\",\"Yes\",IF($C$5=\"No\",\"No\",\"<>Luke\")),'Future Requirements'!$AC:$AC,IF($C$6=\"Agreed\",\"Agreed\",IF($C$6=\"C/Fwd\",\"C/Fwd\",\"<>Luke\")),'Future Requirements'!$AA:$AA,$I$4),0)+\nIF($J$5=\"Include\",SUMIFS('Future Requirements'!$O:$O,'Future Requirements'!$H:$H,$B30,'Future Requirements'!$G:$G,L$26,'Future Requirements'!$B:$B,IF($C$3=\"\",\">=\"&$F$3,\">=\"&$C$3),'Future Requirements'!$B:$B,IF($C$4=\"\",\"<=\"&$F$4,\"<=\"&$C$4),'Future Requirements'!$J:$J,IF($C$5=\"Yes\",\"Yes\",IF($C$5=\"No\",\"No\",\"<>Luke\")),'Future Requirements'!$AC:$AC,IF($C$6=\"Agreed\",\"Agreed\",IF($C$6=\"C/Fwd\",\"C/Fwd\",\"<>Luke\")),'Future Requirements'!$AA:$AA,$I$5),0)+\nIF($J$6=\"Include\",SUMIFS('Future Requirements'!$O:$O,'Future Requirements'!$H:$H,$B30,'Future Requirements'!$G:$G,L$26,'Future Requirements'!$B:$B,IF($C$3=\"\",\">=\"&$F$3,\">=\"&$C$3),'Future Requirements'!$B:$B,IF($C$4=\"\",\"<=\"&$F$4,\"<=\"&$C$4),'Future Requirements'!$J:$J,IF($C$5=\"Yes\",\"Yes\",IF($C$5=\"No\",\"No\",\"<>Luke\")),'Future Requirements'!$AC:$AC,IF($C$6=\"Agreed\",\"Agreed\",IF($C$6=\"C/Fwd\",\"C/Fwd\",\"<>Luke\")),'Future Requirements'!$AA:$AA,$I$6),0)+\nIF($J$7=\"Include\",SUMIFS('Future Requirements'!$O:$O,'Future Requirements'!$H:$H,$B30,'Future Requirements'!$G:$G,L$26,'Future Requirements'!$B:$B,IF($C$3=\"\",\">=\"&$F$3,\">=\"&$C$3),'Future Requirements'!$B:$B,IF($C$4=\"\",\"<=\"&$F$4,\"<=\"&$C$4),'Future Requirements'!$J:$J,IF($C$5=\"Yes\",\"Yes\",IF($C$5=\"No\",\"No\",\"<>Luke\")),'Future Requirements'!$AC:$AC,IF($C$6=\"Agreed\",\"Agreed\",IF($C$6=\"C/Fwd\",\"C/Fwd\",\"<>Luke\")),'Future Requirements'!$AA:$AA,$I$7),0)","v":0},{"$f":"IF($J$3=\"Include\",SUMIFS('Future Requirements'!$O:$O,'Future Requirements'!$H:$H,$B30,'Future Requirements'!$G:$G,M$26,'Future Requirements'!$B:$B,IF($C$3=\"\",\">=\"&$F$3,\">=\"&$C$3),'Future Requirements'!$B:$B,IF($C$4=\"\",\"<=\"&$F$4,\"<=\"&$C$4),'Future Requirements'!$J:$J,IF($C$5=\"Yes\",\"Yes\",IF($C$5=\"No\",\"No\",\"<>Luke\")),'Future Requirements'!$AC:$AC,IF($C$6=\"Agreed\",\"Agreed\",IF($C$6=\"C/Fwd\",\"C/Fwd\",\"<>Luke\")),'Future Requirements'!$AA:$AA,$I$3),0)+\nIF($J$4=\"Include\",SUMIFS('Future Requirements'!$O:$O,'Future Requirements'!$H:$H,$B30,'Future Requirements'!$G:$G,M$26,'Future Requirements'!$B:$B,IF($C$3=\"\",\">=\"&$F$3,\">=\"&$C$3),'Future Requirements'!$B:$B,IF($C$4=\"\",\"<=\"&$F$4,\"<=\"&$C$4),'Future Requirements'!$J:$J,IF($C$5=\"Yes\",\"Yes\",IF($C$5=\"No\",\"No\",\"<>Luke\")),'Future Requirements'!$AC:$AC,IF($C$6=\"Agreed\",\"Agreed\",IF($C$6=\"C/Fwd\",\"C/Fwd\",\"<>Luke\")),'Future Requirements'!$AA:$AA,$I$4),0)+\nIF($J$5=\"Include\",SUMIFS('Future Requirements'!$O:$O,'Future Requirements'!$H:$H,$B30,'Future Requirements'!$G:$G,M$26,'Future Requirements'!$B:$B,IF($C$3=\"\",\">=\"&$F$3,\">=\"&$C$3),'Future Requirements'!$B:$B,IF($C$4=\"\",\"<=\"&$F$4,\"<=\"&$C$4),'Future Requirements'!$J:$J,IF($C$5=\"Yes\",\"Yes\",IF($C$5=\"No\",\"No\",\"<>Luke\")),'Future Requirements'!$AC:$AC,IF($C$6=\"Agreed\",\"Agreed\",IF($C$6=\"C/Fwd\",\"C/Fwd\",\"<>Luke\")),'Future Requirements'!$AA:$AA,$I$5),0)+\nIF($J$6=\"Include\",SUMIFS('Future Requirements'!$O:$O,'Future Requirements'!$H:$H,$B30,'Future Requirements'!$G:$G,M$26,'Future Requirements'!$B:$B,IF($C$3=\"\",\">=\"&$F$3,\">=\"&$C$3),'Future Requirements'!$B:$B,IF($C$4=\"\",\"<=\"&$F$4,\"<=\"&$C$4),'Future Requirements'!$J:$J,IF($C$5=\"Yes\",\"Yes\",IF($C$5=\"No\",\"No\",\"<>Luke\")),'Future Requirements'!$AC:$AC,IF($C$6=\"Agreed\",\"Agreed\",IF($C$6=\"C/Fwd\",\"C/Fwd\",\"<>Luke\")),'Future Requirements'!$AA:$AA,$I$6),0)+\nIF($J$7=\"Include\",SUMIFS('Future Requirements'!$O:$O,'Future Requirements'!$H:$H,$B30,'Future Requirements'!$G:$G,M$26,'Future Requirements'!$B:$B,IF($C$3=\"\",\">=\"&$F$3,\">=\"&$C$3),'Future Requirements'!$B:$B,IF($C$4=\"\",\"<=\"&$F$4,\"<=\"&$C$4),'Future Requirements'!$J:$J,IF($C$5=\"Yes\",\"Yes\",IF($C$5=\"No\",\"No\",\"<>Luke\")),'Future Requirements'!$AC:$AC,IF($C$6=\"Agreed\",\"Agreed\",IF($C$6=\"C/Fwd\",\"C/Fwd\",\"<>Luke\")),'Future Requirements'!$AA:$AA,$I$7),0)","v":0},{"$f":"IF($J$3=\"Include\",SUMIFS('Future Requirements'!$O:$O,'Future Requirements'!$H:$H,$B30,'Future Requirements'!$G:$G,N$26,'Future Requirements'!$B:$B,IF($C$3=\"\",\">=\"&$F$3,\">=\"&$C$3),'Future Requirements'!$B:$B,IF($C$4=\"\",\"<=\"&$F$4,\"<=\"&$C$4),'Future Requirements'!$J:$J,IF($C$5=\"Yes\",\"Yes\",IF($C$5=\"No\",\"No\",\"<>Luke\")),'Future Requirements'!$AC:$AC,IF($C$6=\"Agreed\",\"Agreed\",IF($C$6=\"C/Fwd\",\"C/Fwd\",\"<>Luke\")),'Future Requirements'!$AA:$AA,$I$3),0)+\nIF($J$4=\"Include\",SUMIFS('Future Requirements'!$O:$O,'Future Requirements'!$H:$H,$B30,'Future Requirements'!$G:$G,N$26,'Future Requirements'!$B:$B,IF($C$3=\"\",\">=\"&$F$3,\">=\"&$C$3),'Future Requirements'!$B:$B,IF($C$4=\"\",\"<=\"&$F$4,\"<=\"&$C$4),'Future Requirements'!$J:$J,IF($C$5=\"Yes\",\"Yes\",IF($C$5=\"No\",\"No\",\"<>Luke\")),'Future Requirements'!$AC:$AC,IF($C$6=\"Agreed\",\"Agreed\",IF($C$6=\"C/Fwd\",\"C/Fwd\",\"<>Luke\")),'Future Requirements'!$AA:$AA,$I$4),0)+\nIF($J$5=\"Include\",SUMIFS('Future Requirements'!$O:$O,'Future Requirements'!$H:$H,$B30,'Future Requirements'!$G:$G,N$26,'Future Requirements'!$B:$B,IF($C$3=\"\",\">=\"&$F$3,\">=\"&$C$3),'Future Requirements'!$B:$B,IF($C$4=\"\",\"<=\"&$F$4,\"<=\"&$C$4),'Future Requirements'!$J:$J,IF($C$5=\"Yes\",\"Yes\",IF($C$5=\"No\",\"No\",\"<>Luke\")),'Future Requirements'!$AC:$AC,IF($C$6=\"Agreed\",\"Agreed\",IF($C$6=\"C/Fwd\",\"C/Fwd\",\"<>Luke\")),'Future Requirements'!$AA:$AA,$I$5),0)+\nIF($J$6=\"Include\",SUMIFS('Future Requirements'!$O:$O,'Future Requirements'!$H:$H,$B30,'Future Requirements'!$G:$G,N$26,'Future Requirements'!$B:$B,IF($C$3=\"\",\">=\"&$F$3,\">=\"&$C$3),'Future Requirements'!$B:$B,IF($C$4=\"\",\"<=\"&$F$4,\"<=\"&$C$4),'Future Requirements'!$J:$J,IF($C$5=\"Yes\",\"Yes\",IF($C$5=\"No\",\"No\",\"<>Luke\")),'Future Requirements'!$AC:$AC,IF($C$6=\"Agreed\",\"Agreed\",IF($C$6=\"C/Fwd\",\"C/Fwd\",\"<>Luke\")),'Future Requirements'!$AA:$AA,$I$6),0)+\nIF($J$7=\"Include\",SUMIFS('Future Requirements'!$O:$O,'Future Requirements'!$H:$H,$B30,'Future Requirements'!$G:$G,N$26,'Future Requirements'!$B:$B,IF($C$3=\"\",\">=\"&$F$3,\">=\"&$C$3),'Future Requirements'!$B:$B,IF($C$4=\"\",\"<=\"&$F$4,\"<=\"&$C$4),'Future Requirements'!$J:$J,IF($C$5=\"Yes\",\"Yes\",IF($C$5=\"No\",\"No\",\"<>Luke\")),'Future Requirements'!$AC:$AC,IF($C$6=\"Agreed\",\"Agreed\",IF($C$6=\"C/Fwd\",\"C/Fwd\",\"<>Luke\")),'Future Requirements'!$AA:$AA,$I$7),0)","v":0},{"$f":"IF($J$3=\"Include\",SUMIFS('Future Requirements'!$O:$O,'Future Requirements'!$H:$H,$B30,'Future Requirements'!$G:$G,O$26,'Future Requirements'!$B:$B,IF($C$3=\"\",\">=\"&$F$3,\">=\"&$C$3),'Future Requirements'!$B:$B,IF($C$4=\"\",\"<=\"&$F$4,\"<=\"&$C$4),'Future Requirements'!$J:$J,IF($C$5=\"Yes\",\"Yes\",IF($C$5=\"No\",\"No\",\"<>Luke\")),'Future Requirements'!$AC:$AC,IF($C$6=\"Agreed\",\"Agreed\",IF($C$6=\"C/Fwd\",\"C/Fwd\",\"<>Luke\")),'Future Requirements'!$AA:$AA,$I$3),0)+\nIF($J$4=\"Include\",SUMIFS('Future Requirements'!$O:$O,'Future Requirements'!$H:$H,$B30,'Future Requirements'!$G:$G,O$26,'Future Requirements'!$B:$B,IF($C$3=\"\",\">=\"&$F$3,\">=\"&$C$3),'Future Requirements'!$B:$B,IF($C$4=\"\",\"<=\"&$F$4,\"<=\"&$C$4),'Future Requirements'!$J:$J,IF($C$5=\"Yes\",\"Yes\",IF($C$5=\"No\",\"No\",\"<>Luke\")),'Future Requirements'!$AC:$AC,IF($C$6=\"Agreed\",\"Agreed\",IF($C$6=\"C/Fwd\",\"C/Fwd\",\"<>Luke\")),'Future Requirements'!$AA:$AA,$I$4),0)+\nIF($J$5=\"Include\",SUMIFS('Future Requirements'!$O:$O,'Future Requirements'!$H:$H,$B30,'Future Requirements'!$G:$G,O$26,'Future Requirements'!$B:$B,IF($C$3=\"\",\">=\"&$F$3,\">=\"&$C$3),'Future Requirements'!$B:$B,IF($C$4=\"\",\"<=\"&$F$4,\"<=\"&$C$4),'Future Requirements'!$J:$J,IF($C$5=\"Yes\",\"Yes\",IF($C$5=\"No\",\"No\",\"<>Luke\")),'Future Requirements'!$AC:$AC,IF($C$6=\"Agreed\",\"Agreed\",IF($C$6=\"C/Fwd\",\"C/Fwd\",\"<>Luke\")),'Future Requirements'!$AA:$AA,$I$5),0)+\nIF($J$6=\"Include\",SUMIFS('Future Requirements'!$O:$O,'Future Requirements'!$H:$H,$B30,'Future Requirements'!$G:$G,O$26,'Future Requirements'!$B:$B,IF($C$3=\"\",\">=\"&$F$3,\">=\"&$C$3),'Future Requirements'!$B:$B,IF($C$4=\"\",\"<=\"&$F$4,\"<=\"&$C$4),'Future Requirements'!$J:$J,IF($C$5=\"Yes\",\"Yes\",IF($C$5=\"No\",\"No\",\"<>Luke\")),'Future Requirements'!$AC:$AC,IF($C$6=\"Agreed\",\"Agreed\",IF($C$6=\"C/Fwd\",\"C/Fwd\",\"<>Luke\")),'Future Requirements'!$AA:$AA,$I$6),0)+\nIF($J$7=\"Include\",SUMIFS('Future Requirements'!$O:$O,'Future Requirements'!$H:$H,$B30,'Future Requirements'!$G:$G,O$26,'Future Requirements'!$B:$B,IF($C$3=\"\",\">=\"&$F$3,\">=\"&$C$3),'Future Requirements'!$B:$B,IF($C$4=\"\",\"<=\"&$F$4,\"<=\"&$C$4),'Future Requirements'!$J:$J,IF($C$5=\"Yes\",\"Yes\",IF($C$5=\"No\",\"No\",\"<>Luke\")),'Future Requirements'!$AC:$AC,IF($C$6=\"Agreed\",\"Agreed\",IF($C$6=\"C/Fwd\",\"C/Fwd\",\"<>Luke\")),'Future Requirements'!$AA:$AA,$I$7),0)","v":0},{"$f":"IF($J$3=\"Include\",SUMIFS('Future Requirements'!$O:$O,'Future Requirements'!$H:$H,$B30,'Future Requirements'!$G:$G,P$26,'Future Requirements'!$B:$B,IF($C$3=\"\",\">=\"&$F$3,\">=\"&$C$3),'Future Requirements'!$B:$B,IF($C$4=\"\",\"<=\"&$F$4,\"<=\"&$C$4),'Future Requirements'!$J:$J,IF($C$5=\"Yes\",\"Yes\",IF($C$5=\"No\",\"No\",\"<>Luke\")),'Future Requirements'!$AC:$AC,IF($C$6=\"Agreed\",\"Agreed\",IF($C$6=\"C/Fwd\",\"C/Fwd\",\"<>Luke\")),'Future Requirements'!$AA:$AA,$I$3),0)+\nIF($J$4=\"Include\",SUMIFS('Future Requirements'!$O:$O,'Future Requirements'!$H:$H,$B30,'Future Requirements'!$G:$G,P$26,'Future Requirements'!$B:$B,IF($C$3=\"\",\">=\"&$F$3,\">=\"&$C$3),'Future Requirements'!$B:$B,IF($C$4=\"\",\"<=\"&$F$4,\"<=\"&$C$4),'Future Requirements'!$J:$J,IF($C$5=\"Yes\",\"Yes\",IF($C$5=\"No\",\"No\",\"<>Luke\")),'Future Requirements'!$AC:$AC,IF($C$6=\"Agreed\",\"Agreed\",IF($C$6=\"C/Fwd\",\"C/Fwd\",\"<>Luke\")),'Future Requirements'!$AA:$AA,$I$4),0)+\nIF($J$5=\"Include\",SUMIFS('Future Requirements'!$O:$O,'Future Requirements'!$H:$H,$B30,'Future Requirements'!$G:$G,P$26,'Future Requirements'!$B:$B,IF($C$3=\"\",\">=\"&$F$3,\">=\"&$C$3),'Future Requirements'!$B:$B,IF($C$4=\"\",\"<=\"&$F$4,\"<=\"&$C$4),'Future Requirements'!$J:$J,IF($C$5=\"Yes\",\"Yes\",IF($C$5=\"No\",\"No\",\"<>Luke\")),'Future Requirements'!$AC:$AC,IF($C$6=\"Agreed\",\"Agreed\",IF($C$6=\"C/Fwd\",\"C/Fwd\",\"<>Luke\")),'Future Requirements'!$AA:$AA,$I$5),0)+\nIF($J$6=\"Include\",SUMIFS('Future Requirements'!$O:$O,'Future Requirements'!$H:$H,$B30,'Future Requirements'!$G:$G,P$26,'Future Requirements'!$B:$B,IF($C$3=\"\",\">=\"&$F$3,\">=\"&$C$3),'Future Requirements'!$B:$B,IF($C$4=\"\",\"<=\"&$F$4,\"<=\"&$C$4),'Future Requirements'!$J:$J,IF($C$5=\"Yes\",\"Yes\",IF($C$5=\"No\",\"No\",\"<>Luke\")),'Future Requirements'!$AC:$AC,IF($C$6=\"Agreed\",\"Agreed\",IF($C$6=\"C/Fwd\",\"C/Fwd\",\"<>Luke\")),'Future Requirements'!$AA:$AA,$I$6),0)+\nIF($J$7=\"Include\",SUMIFS('Future Requirements'!$O:$O,'Future Requirements'!$H:$H,$B30,'Future Requirements'!$G:$G,P$26,'Future Requirements'!$B:$B,IF($C$3=\"\",\">=\"&$F$3,\">=\"&$C$3),'Future Requirements'!$B:$B,IF($C$4=\"\",\"<=\"&$F$4,\"<=\"&$C$4),'Future Requirements'!$J:$J,IF($C$5=\"Yes\",\"Yes\",IF($C$5=\"No\",\"No\",\"<>Luke\")),'Future Requirements'!$AC:$AC,IF($C$6=\"Agreed\",\"Agreed\",IF($C$6=\"C/Fwd\",\"C/Fwd\",\"<>Luke\")),'Future Requirements'!$AA:$AA,$I$7),0)","v":0},{"$f":"IF($J$3=\"Include\",SUMIFS('Future Requirements'!$O:$O,'Future Requirements'!$H:$H,$B30,'Future Requirements'!$G:$G,Q$26,'Future Requirements'!$B:$B,IF($C$3=\"\",\">=\"&$F$3,\">=\"&$C$3),'Future Requirements'!$B:$B,IF($C$4=\"\",\"<=\"&$F$4,\"<=\"&$C$4),'Future Requirements'!$J:$J,IF($C$5=\"Yes\",\"Yes\",IF($C$5=\"No\",\"No\",\"<>Luke\")),'Future Requirements'!$AC:$AC,IF($C$6=\"Agreed\",\"Agreed\",IF($C$6=\"C/Fwd\",\"C/Fwd\",\"<>Luke\")),'Future Requirements'!$AA:$AA,$I$3),0)+\nIF($J$4=\"Include\",SUMIFS('Future Requirements'!$O:$O,'Future Requirements'!$H:$H,$B30,'Future Requirements'!$G:$G,Q$26,'Future Requirements'!$B:$B,IF($C$3=\"\",\">=\"&$F$3,\">=\"&$C$3),'Future Requirements'!$B:$B,IF($C$4=\"\",\"<=\"&$F$4,\"<=\"&$C$4),'Future Requirements'!$J:$J,IF($C$5=\"Yes\",\"Yes\",IF($C$5=\"No\",\"No\",\"<>Luke\")),'Future Requirements'!$AC:$AC,IF($C$6=\"Agreed\",\"Agreed\",IF($C$6=\"C/Fwd\",\"C/Fwd\",\"<>Luke\")),'Future Requirements'!$AA:$AA,$I$4),0)+\nIF($J$5=\"Include\",SUMIFS('Future Requirements'!$O:$O,'Future Requirements'!$H:$H,$B30,'Future Requirements'!$G:$G,Q$26,'Future Requirements'!$B:$B,IF($C$3=\"\",\">=\"&$F$3,\">=\"&$C$3),'Future Requirements'!$B:$B,IF($C$4=\"\",\"<=\"&$F$4,\"<=\"&$C$4),'Future Requirements'!$J:$J,IF($C$5=\"Yes\",\"Yes\",IF($C$5=\"No\",\"No\",\"<>Luke\")),'Future Requirements'!$AC:$AC,IF($C$6=\"Agreed\",\"Agreed\",IF($C$6=\"C/Fwd\",\"C/Fwd\",\"<>Luke\")),'Future Requirements'!$AA:$AA,$I$5),0)+\nIF($J$6=\"Include\",SUMIFS('Future Requirements'!$O:$O,'Future Requirements'!$H:$H,$B30,'Future Requirements'!$G:$G,Q$26,'Future Requirements'!$B:$B,IF($C$3=\"\",\">=\"&$F$3,\">=\"&$C$3),'Future Requirements'!$B:$B,IF($C$4=\"\",\"<=\"&$F$4,\"<=\"&$C$4),'Future Requirements'!$J:$J,IF($C$5=\"Yes\",\"Yes\",IF($C$5=\"No\",\"No\",\"<>Luke\")),'Future Requirements'!$AC:$AC,IF($C$6=\"Agreed\",\"Agreed\",IF($C$6=\"C/Fwd\",\"C/Fwd\",\"<>Luke\")),'Future Requirements'!$AA:$AA,$I$6),0)+\nIF($J$7=\"Include\",SUMIFS('Future Requirements'!$O:$O,'Future Requirements'!$H:$H,$B30,'Future Requirements'!$G:$G,Q$26,'Future Requirements'!$B:$B,IF($C$3=\"\",\">=\"&$F$3,\">=\"&$C$3),'Future Requirements'!$B:$B,IF($C$4=\"\",\"<=\"&$F$4,\"<=\"&$C$4),'Future Requirements'!$J:$J,IF($C$5=\"Yes\",\"Yes\",IF($C$5=\"No\",\"No\",\"<>Luke\")),'Future Requirements'!$AC:$AC,IF($C$6=\"Agreed\",\"Agreed\",IF($C$6=\"C/Fwd\",\"C/Fwd\",\"<>Luke\")),'Future Requirements'!$AA:$AA,$I$7),0)","v":0},{"$f":"IF($J$3=\"Include\",SUMIFS('Future Requirements'!$O:$O,'Future Requirements'!$H:$H,$B30,'Future Requirements'!$G:$G,R$26,'Future Requirements'!$B:$B,IF($C$3=\"\",\">=\"&$F$3,\">=\"&$C$3),'Future Requirements'!$B:$B,IF($C$4=\"\",\"<=\"&$F$4,\"<=\"&$C$4),'Future Requirements'!$J:$J,IF($C$5=\"Yes\",\"Yes\",IF($C$5=\"No\",\"No\",\"<>Luke\")),'Future Requirements'!$AC:$AC,IF($C$6=\"Agreed\",\"Agreed\",IF($C$6=\"C/Fwd\",\"C/Fwd\",\"<>Luke\")),'Future Requirements'!$AA:$AA,$I$3),0)+\nIF($J$4=\"Include\",SUMIFS('Future Requirements'!$O:$O,'Future Requirements'!$H:$H,$B30,'Future Requirements'!$G:$G,R$26,'Future Requirements'!$B:$B,IF($C$3=\"\",\">=\"&$F$3,\">=\"&$C$3),'Future Requirements'!$B:$B,IF($C$4=\"\",\"<=\"&$F$4,\"<=\"&$C$4),'Future Requirements'!$J:$J,IF($C$5=\"Yes\",\"Yes\",IF($C$5=\"No\",\"No\",\"<>Luke\")),'Future Requirements'!$AC:$AC,IF($C$6=\"Agreed\",\"Agreed\",IF($C$6=\"C/Fwd\",\"C/Fwd\",\"<>Luke\")),'Future Requirements'!$AA:$AA,$I$4),0)+\nIF($J$5=\"Include\",SUMIFS('Future Requirements'!$O:$O,'Future Requirements'!$H:$H,$B30,'Future Requirements'!$G:$G,R$26,'Future Requirements'!$B:$B,IF($C$3=\"\",\">=\"&$F$3,\">=\"&$C$3),'Future Requirements'!$B:$B,IF($C$4=\"\",\"<=\"&$F$4,\"<=\"&$C$4),'Future Requirements'!$J:$J,IF($C$5=\"Yes\",\"Yes\",IF($C$5=\"No\",\"No\",\"<>Luke\")),'Future Requirements'!$AC:$AC,IF($C$6=\"Agreed\",\"Agreed\",IF($C$6=\"C/Fwd\",\"C/Fwd\",\"<>Luke\")),'Future Requirements'!$AA:$AA,$I$5),0)+\nIF($J$6=\"Include\",SUMIFS('Future Requirements'!$O:$O,'Future Requirements'!$H:$H,$B30,'Future Requirements'!$G:$G,R$26,'Future Requirements'!$B:$B,IF($C$3=\"\",\">=\"&$F$3,\">=\"&$C$3),'Future Requirements'!$B:$B,IF($C$4=\"\",\"<=\"&$F$4,\"<=\"&$C$4),'Future Requirements'!$J:$J,IF($C$5=\"Yes\",\"Yes\",IF($C$5=\"No\",\"No\",\"<>Luke\")),'Future Requirements'!$AC:$AC,IF($C$6=\"Agreed\",\"Agreed\",IF($C$6=\"C/Fwd\",\"C/Fwd\",\"<>Luke\")),'Future Requirements'!$AA:$AA,$I$6),0)+\nIF($J$7=\"Include\",SUMIFS('Future Requirements'!$O:$O,'Future Requirements'!$H:$H,$B30,'Future Requirements'!$G:$G,R$26,'Future Requirements'!$B:$B,IF($C$3=\"\",\">=\"&$F$3,\">=\"&$C$3),'Future Requirements'!$B:$B,IF($C$4=\"\",\"<=\"&$F$4,\"<=\"&$C$4),'Future Requirements'!$J:$J,IF($C$5=\"Yes\",\"Yes\",IF($C$5=\"No\",\"No\",\"<>Luke\")),'Future Requirements'!$AC:$AC,IF($C$6=\"Agreed\",\"Agreed\",IF($C$6=\"C/Fwd\",\"C/Fwd\",\"<>Luke\")),'Future Requirements'!$AA:$AA,$I$7),0)","v":0},{"$f":"IF($J$3=\"Include\",SUMIFS('Future Requirements'!$O:$O,'Future Requirements'!$H:$H,$B30,'Future Requirements'!$G:$G,S$26,'Future Requirements'!$B:$B,IF($C$3=\"\",\">=\"&$F$3,\">=\"&$C$3),'Future Requirements'!$B:$B,IF($C$4=\"\",\"<=\"&$F$4,\"<=\"&$C$4),'Future Requirements'!$J:$J,IF($C$5=\"Yes\",\"Yes\",IF($C$5=\"No\",\"No\",\"<>Luke\")),'Future Requirements'!$AC:$AC,IF($C$6=\"Agreed\",\"Agreed\",IF($C$6=\"C/Fwd\",\"C/Fwd\",\"<>Luke\")),'Future Requirements'!$AA:$AA,$I$3),0)+\nIF($J$4=\"Include\",SUMIFS('Future Requirements'!$O:$O,'Future Requirements'!$H:$H,$B30,'Future Requirements'!$G:$G,S$26,'Future Requirements'!$B:$B,IF($C$3=\"\",\">=\"&$F$3,\">=\"&$C$3),'Future Requirements'!$B:$B,IF($C$4=\"\",\"<=\"&$F$4,\"<=\"&$C$4),'Future Requirements'!$J:$J,IF($C$5=\"Yes\",\"Yes\",IF($C$5=\"No\",\"No\",\"<>Luke\")),'Future Requirements'!$AC:$AC,IF($C$6=\"Agreed\",\"Agreed\",IF($C$6=\"C/Fwd\",\"C/Fwd\",\"<>Luke\")),'Future Requirements'!$AA:$AA,$I$4),0)+\nIF($J$5=\"Include\",SUMIFS('Future Requirements'!$O:$O,'Future Requirements'!$H:$H,$B30,'Future Requirements'!$G:$G,S$26,'Future Requirements'!$B:$B,IF($C$3=\"\",\">=\"&$F$3,\">=\"&$C$3),'Future Requirements'!$B:$B,IF($C$4=\"\",\"<=\"&$F$4,\"<=\"&$C$4),'Future Requirements'!$J:$J,IF($C$5=\"Yes\",\"Yes\",IF($C$5=\"No\",\"No\",\"<>Luke\")),'Future Requirements'!$AC:$AC,IF($C$6=\"Agreed\",\"Agreed\",IF($C$6=\"C/Fwd\",\"C/Fwd\",\"<>Luke\")),'Future Requirements'!$AA:$AA,$I$5),0)+\nIF($J$6=\"Include\",SUMIFS('Future Requirements'!$O:$O,'Future Requirements'!$H:$H,$B30,'Future Requirements'!$G:$G,S$26,'Future Requirements'!$B:$B,IF($C$3=\"\",\">=\"&$F$3,\">=\"&$C$3),'Future Requirements'!$B:$B,IF($C$4=\"\",\"<=\"&$F$4,\"<=\"&$C$4),'Future Requirements'!$J:$J,IF($C$5=\"Yes\",\"Yes\",IF($C$5=\"No\",\"No\",\"<>Luke\")),'Future Requirements'!$AC:$AC,IF($C$6=\"Agreed\",\"Agreed\",IF($C$6=\"C/Fwd\",\"C/Fwd\",\"<>Luke\")),'Future Requirements'!$AA:$AA,$I$6),0)+\nIF($J$7=\"Include\",SUMIFS('Future Requirements'!$O:$O,'Future Requirements'!$H:$H,$B30,'Future Requirements'!$G:$G,S$26,'Future Requirements'!$B:$B,IF($C$3=\"\",\">=\"&$F$3,\">=\"&$C$3),'Future Requirements'!$B:$B,IF($C$4=\"\",\"<=\"&$F$4,\"<=\"&$C$4),'Future Requirements'!$J:$J,IF($C$5=\"Yes\",\"Yes\",IF($C$5=\"No\",\"No\",\"<>Luke\")),'Future Requirements'!$AC:$AC,IF($C$6=\"Agreed\",\"Agreed\",IF($C$6=\"C/Fwd\",\"C/Fwd\",\"<>Luke\")),'Future Requirements'!$AA:$AA,$I$7),0)","v":0},0]
[null,"I",{"$f":"IF($J$3=\"Include\",SUMIFS('Future Requirements'!$O:$O,'Future Requirements'!$H:$H,$B31,'Future Requirements'!$G:$G,C$26,'Future Requirements'!$B:$B,IF($C$3=\"\",\">=\"&$F$3,\">=\"&$C$3),'Future Requirements'!$B:$B,IF($C$4=\"\",\"<=\"&$F$4,\"<=\"&$C$4),'Future Requirements'!$J:$J,IF($C$5=\"Yes\",\"Yes\",IF($C$5=\"No\",\"No\",\"<>Luke\")),'Future Requirements'!$AC:$AC,IF($C$6=\"Agreed\",\"Agreed\",IF($C$6=\"C/Fwd\",\"C/Fwd\",\"<>Luke\")),'Future Requirements'!$AA:$AA,$I$3),0)+\nIF($J$4=\"Include\",SUMIFS('Future Requirements'!$O:$O,'Future Requirements'!$H:$H,$B31,'Future Requirements'!$G:$G,C$26,'Future Requirements'!$B:$B,IF($C$3=\"\",\">=\"&$F$3,\">=\"&$C$3),'Future Requirements'!$B:$B,IF($C$4=\"\",\"<=\"&$F$4,\"<=\"&$C$4),'Future Requirements'!$J:$J,IF($C$5=\"Yes\",\"Yes\",IF($C$5=\"No\",\"No\",\"<>Luke\")),'Future Requirements'!$AC:$AC,IF($C$6=\"Agreed\",\"Agreed\",IF($C$6=\"C/Fwd\",\"C/Fwd\",\"<>Luke\")),'Future Requirements'!$AA:$AA,$I$4),0)+\nIF($J$5=\"Include\",SUMIFS('Future Requirements'!$O:$O,'Future Requirements'!$H:$H,$B31,'Future Requirements'!$G:$G,C$26,'Future Requirements'!$B:$B,IF($C$3=\"\",\">=\"&$F$3,\">=\"&$C$3),'Future Requirements'!$B:$B,IF($C$4=\"\",\"<=\"&$F$4,\"<=\"&$C$4),'Future Requirements'!$J:$J,IF($C$5=\"Yes\",\"Yes\",IF($C$5=\"No\",\"No\",\"<>Luke\")),'Future Requirements'!$AC:$AC,IF($C$6=\"Agreed\",\"Agreed\",IF($C$6=\"C/Fwd\",\"C/Fwd\",\"<>Luke\")),'Future Requirements'!$AA:$AA,$I$5),0)+\nIF($J$6=\"Include\",SUMIFS('Future Requirements'!$O:$O,'Future Requirements'!$H:$H,$B31,'Future Requirements'!$G:$G,C$26,'Future Requirements'!$B:$B,IF($C$3=\"\",\">=\"&$F$3,\">=\"&$C$3),'Future Requirements'!$B:$B,IF($C$4=\"\",\"<=\"&$F$4,\"<=\"&$C$4),'Future Requirements'!$J:$J,IF($C$5=\"Yes\",\"Yes\",IF($C$5=\"No\",\"No\",\"<>Luke\")),'Future Requirements'!$AC:$AC,IF($C$6=\"Agreed\",\"Agreed\",IF($C$6=\"C/Fwd\",\"C/Fwd\",\"<>Luke\")),'Future Requirements'!$AA:$AA,$I$6),0)+\nIF($J$7=\"Include\",SUMIFS('Future Requirements'!$O:$O,'Future Requirements'!$H:$H,$B31,'Future Requirements'!$G:$G,C$26,'Future Requirements'!$B:$B,IF($C$3=\"\",\">=\"&$F$3,\">=\"&$C$3),'Future Requirements'!$B:$B,IF($C$4=\"\",\"<=\"&$F$4,\"<=\"&$C$4),'Future Requirements'!$J:$J,IF($C$5=\"Yes\",\"Yes\",IF($C$5=\"No\",\"No\",\"<>Luke\")),'Future Requirements'!$AC:$AC,IF($C$6=\"Agreed\",\"Agreed\",IF($C$6=\"C/Fwd\",\"C/Fwd\",\"<>Luke\")),'Future Requirements'!$AA:$AA,$I$7),0)","v":0},{"$f":"IF($J$3=\"Include\",SUMIFS('Future Requirements'!$O:$O,'Future Requirements'!$H:$H,$B31,'Future Requirements'!$G:$G,D$26,'Future Requirements'!$B:$B,IF($C$3=\"\",\">=\"&$F$3,\">=\"&$C$3),'Future Requirements'!$B:$B,IF($C$4=\"\",\"<=\"&$F$4,\"<=\"&$C$4),'Future Requirements'!$J:$J,IF($C$5=\"Yes\",\"Yes\",IF($C$5=\"No\",\"No\",\"<>Luke\")),'Future Requirements'!$AC:$AC,IF($C$6=\"Agreed\",\"Agreed\",IF($C$6=\"C/Fwd\",\"C/Fwd\",\"<>Luke\")),'Future Requirements'!$AA:$AA,$I$3),0)+\nIF($J$4=\"Include\",SUMIFS('Future Requirements'!$O:$O,'Future Requirements'!$H:$H,$B31,'Future Requirements'!$G:$G,D$26,'Future Requirements'!$B:$B,IF($C$3=\"\",\">=\"&$F$3,\">=\"&$C$3),'Future Requirements'!$B:$B,IF($C$4=\"\",\"<=\"&$F$4,\"<=\"&$C$4),'Future Requirements'!$J:$J,IF($C$5=\"Yes\",\"Yes\",IF($C$5=\"No\",\"No\",\"<>Luke\")),'Future Requirements'!$AC:$AC,IF($C$6=\"Agreed\",\"Agreed\",IF($C$6=\"C/Fwd\",\"C/Fwd\",\"<>Luke\")),'Future Requirements'!$AA:$AA,$I$4),0)+\nIF($J$5=\"Include\",SUMIFS('Future Requirements'!$O:$O,'Future Requirements'!$H:$H,$B31,'Future Requirements'!$G:$G,D$26,'Future Requirements'!$B:$B,IF($C$3=\"\",\">=\"&$F$3,\">=\"&$C$3),'Future Requirements'!$B:$B,IF($C$4=\"\",\"<=\"&$F$4,\"<=\"&$C$4),'Future Requirements'!$J:$J,IF($C$5=\"Yes\",\"Yes\",IF($C$5=\"No\",\"No\",\"<>Luke\")),'Future Requirements'!$AC:$AC,IF($C$6=\"Agreed\",\"Agreed\",IF($C$6=\"C/Fwd\",\"C/Fwd\",\"<>Luke\")),'Future Requirements'!$AA:$AA,$I$5),0)+\nIF($J$6=\"Include\",SUMIFS('Future Requirements'!$O:$O,'Future Requirements'!$H:$H,$B31,'Future Requirements'!$G:$G,D$26,'Future Requirements'!$B:$B,IF($C$3=\"\",\">=\"&$F$3,\">=\"&$C$3),'Future Requirements'!$B:$B,IF($C$4=\"\",\"<=\"&$F$4,\"<=\"&$C$4),'Future Requirements'!$J:$J,IF($C$5=\"Yes\",\"Yes\",IF($C$5=\"No\",\"No\",\"<>Luke\")),'Future Requirements'!$AC:$AC,IF($C$6=\"Agreed\",\"Agreed\",IF($C$6=\"C/Fwd\",\"C/Fwd\",\"<>Luke\")),'Future Requirements'!$AA:$AA,$I$6),0)+\nIF($J$7=\"Include\",SUMIFS('Future Requirements'!$O:$O,'Future Requirements'!$H:$H,$B31,'Future Requirements'!$G:$G,D$26,'Future Requirements'!$B:$B,IF($C$3=\"\",\">=\"&$F$3,\">=\"&$C$3),'Future Requirements'!$B:$B,IF($C$4=\"\",\"<=\"&$F$4,\"<=\"&$C$4),'Future Requirements'!$J:$J,IF($C$5=\"Yes\",\"Yes\",IF($C$5=\"No\",\"No\",\"<>Luke\")),'Future Requirements'!$AC:$AC,IF($C$6=\"Agreed\",\"Agreed\",IF($C$6=\"C/Fwd\",\"C/Fwd\",\"<>Luke\")),'Future Requirements'!$AA:$AA,$I$7),0)","v":0},{"$f":"IF($J$3=\"Include\",SUMIFS('Future Requirements'!$O:$O,'Future Requirements'!$H:$H,$B31,'Future Requirements'!$G:$G,E$26,'Future Requirements'!$B:$B,IF($C$3=\"\",\">=\"&$F$3,\">=\"&$C$3),'Future Requirements'!$B:$B,IF($C$4=\"\",\"<=\"&$F$4,\"<=\"&$C$4),'Future Requirements'!$J:$J,IF($C$5=\"Yes\",\"Yes\",IF($C$5=\"No\",\"No\",\"<>Luke\")),'Future Requirements'!$AC:$AC,IF($C$6=\"Agreed\",\"Agreed\",IF($C$6=\"C/Fwd\",\"C/Fwd\",\"<>Luke\")),'Future Requirements'!$AA:$AA,$I$3),0)+\nIF($J$4=\"Include\",SUMIFS('Future Requirements'!$O:$O,'Future Requirements'!$H:$H,$B31,'Future Requirements'!$G:$G,E$26,'Future Requirements'!$B:$B,IF($C$3=\"\",\">=\"&$F$3,\">=\"&$C$3),'Future Requirements'!$B:$B,IF($C$4=\"\",\"<=\"&$F$4,\"<=\"&$C$4),'Future Requirements'!$J:$J,IF($C$5=\"Yes\",\"Yes\",IF($C$5=\"No\",\"No\",\"<>Luke\")),'Future Requirements'!$AC:$AC,IF($C$6=\"Agreed\",\"Agreed\",IF($C$6=\"C/Fwd\",\"C/Fwd\",\"<>Luke\")),'Future Requirements'!$AA:$AA,$I$4),0)+\nIF($J$5=\"Include\",SUMIFS('Future Requirements'!$O:$O,'Future Requirements'!$H:$H,$B31,'Future Requirements'!$G:$G,E$26,'Future Requirements'!$B:$B,IF($C$3=\"\",\">=\"&$F$3,\">=\"&$C$3),'Future Requirements'!$B:$B,IF($C$4=\"\",\"<=\"&$F$4,\"<=\"&$C$4),'Future Requirements'!$J:$J,IF($C$5=\"Yes\",\"Yes\",IF($C$5=\"No\",\"No\",\"<>Luke\")),'Future Requirements'!$AC:$AC,IF($C$6=\"Agreed\",\"Agreed\",IF($C$6=\"C/Fwd\",\"C/Fwd\",\"<>Luke\")),'Future Requirements'!$AA:$AA,$I$5),0)+\nIF($J$6=\"Include\",SUMIFS('Future Requirements'!$O:$O,'Future Requirements'!$H:$H,$B31,'Future Requirements'!$G:$G,E$26,'Future Requirements'!$B:$B,IF($C$3=\"\",\">=\"&$F$3,\">=\"&$C$3),'Future Requirements'!$B:$B,IF($C$4=\"\",\"<=\"&$F$4,\"<=\"&$C$4),'Future Requirements'!$J:$J,IF($C$5=\"Yes\",\"Yes\",IF($C$5=\"No\",\"No\",\"<>Luke\")),'Future Requirements'!$AC:$AC,IF($C$6=\"Agreed\",\"Agreed\",IF($C$6=\"C/Fwd\",\"C/Fwd\",\"<>Luke\")),'Future Requirements'!$AA:$AA,$I$6),0)+\nIF($J$7=\"Include\",SUMIFS('Future Requirements'!$O:$O,'Future Requirements'!$H:$H,$B31,'Future Requirements'!$G:$G,E$26,'Future Requirements'!$B:$B,IF($C$3=\"\",\">=\"&$F$3,\">=\"&$C$3),'Future Requirements'!$B:$B,IF($C$4=\"\",\"<=\"&$F$4,\"<=\"&$C$4),'Future Requirements'!$J:$J,IF($C$5=\"Yes\",\"Yes\",IF($C$5=\"No\",\"No\",\"<>Luke\")),'Future Requirements'!$AC:$AC,IF($C$6=\"Agreed\",\"Agreed\",IF($C$6=\"C/Fwd\",\"C/Fwd\",\"<>Luke\")),'Future Requirements'!$AA:$AA,$I$7),0)","v":0},{"$f":"IF($J$3=\"Include\",SUMIFS('Future Requirements'!$O:$O,'Future Requirements'!$H:$H,$B31,'Future Requirements'!$G:$G,F$26,'Future Requirements'!$B:$B,IF($C$3=\"\",\">=\"&$F$3,\">=\"&$C$3),'Future Requirements'!$B:$B,IF($C$4=\"\",\"<=\"&$F$4,\"<=\"&$C$4),'Future Requirements'!$J:$J,IF($C$5=\"Yes\",\"Yes\",IF($C$5=\"No\",\"No\",\"<>Luke\")),'Future Requirements'!$AC:$AC,IF($C$6=\"Agreed\",\"Agreed\",IF($C$6=\"C/Fwd\",\"C/Fwd\",\"<>Luke\")),'Future Requirements'!$AA:$AA,$I$3),0)+\nIF($J$4=\"Include\",SUMIFS('Future Requirements'!$O:$O,'Future Requirements'!$H:$H,$B31,'Future Requirements'!$G:$G,F$26,'Future Requirements'!$B:$B,IF($C$3=\"\",\">=\"&$F$3,\">=\"&$C$3),'Future Requirements'!$B:$B,IF($C$4=\"\",\"<=\"&$F$4,\"<=\"&$C$4),'Future Requirements'!$J:$J,IF($C$5=\"Yes\",\"Yes\",IF($C$5=\"No\",\"No\",\"<>Luke\")),'Future Requirements'!$AC:$AC,IF($C$6=\"Agreed\",\"Agreed\",IF($C$6=\"C/Fwd\",\"C/Fwd\",\"<>Luke\")),'Future Requirements'!$AA:$AA,$I$4),0)+\nIF($J$5=\"Include\",SUMIFS('Future Requirements'!$O:$O,'Future Requirements'!$H:$H,$B31,'Future Requirements'!$G:$G,F$26,'Future Requirements'!$B:$B,IF($C$3=\"\",\">=\"&$F$3,\">=\"&$C$3),'Future Requirements'!$B:$B,IF($C$4=\"\",\"<=\"&$F$4,\"<=\"&$C$4),'Future Requirements'!$J:$J,IF($C$5=\"Yes\",\"Yes\",IF($C$5=\"No\",\"No\",\"<>Luke\")),'Future Requirements'!$AC:$AC,IF($C$6=\"Agreed\",\"Agreed\",IF($C$6=\"C/Fwd\",\"C/Fwd\",\"<>Luke\")),'Future Requirements'!$AA:$AA,$I$5),0)+\nIF($J$6=\"Include\",SUMIFS('Future Requirements'!$O:$O,'Future Requirements'!$H:$H,$B31,'Future Requirements'!$G:$G,F$26,'Future Requirements'!$B:$B,IF($C$3=\"\",\">=\"&$F$3,\">=\"&$C$3),'Future Requirements'!$B:$B,IF($C$4=\"\",\"<=\"&$F$4,\"<=\"&$C$4),'Future Requirements'!$J:$J,IF($C$5=\"Yes\",\"Yes\",IF($C$5=\"No\",\"No\",\"<>Luke\")),'Future Requirements'!$AC:$AC,IF($C$6=\"Agreed\",\"Agreed\",IF($C$6=\"C/Fwd\",\"C/Fwd\",\"<>Luke\")),'Future Requirements'!$AA:$AA,$I$6),0)+\nIF($J$7=\"Include\",SUMIFS('Future Requirements'!$O:$O,'Future Requirements'!$H:$H,$B31,'Future Requirements'!$G:$G,F$26,'Future Requirements'!$B:$B,IF($C$3=\"\",\">=\"&$F$3,\">=\"&$C$3),'Future Requirements'!$B:$B,IF($C$4=\"\",\"<=\"&$F$4,\"<=\"&$C$4),'Future Requirements'!$J:$J,IF($C$5=\"Yes\",\"Yes\",IF($C$5=\"No\",\"No\",\"<>Luke\")),'Future Requirements'!$AC:$AC,IF($C$6=\"Agreed\",\"Agreed\",IF($C$6=\"C/Fwd\",\"C/Fwd\",\"<>Luke\")),'Future Requirements'!$AA:$AA,$I$7),0)","v":0},{"$f":"IF($J$3=\"Include\",SUMIFS('Future Requirements'!$O:$O,'Future Requirements'!$H:$H,$B31,'Future Requirements'!$G:$G,G$26,'Future Requirements'!$B:$B,IF($C$3=\"\",\">=\"&$F$3,\">=\"&$C$3),'Future Requirements'!$B:$B,IF($C$4=\"\",\"<=\"&$F$4,\"<=\"&$C$4),'Future Requirements'!$J:$J,IF($C$5=\"Yes\",\"Yes\",IF($C$5=\"No\",\"No\",\"<>Luke\")),'Future Requirements'!$AC:$AC,IF($C$6=\"Agreed\",\"Agreed\",IF($C$6=\"C/Fwd\",\"C/Fwd\",\"<>Luke\")),'Future Requirements'!$AA:$AA,$I$3),0)+\nIF($J$4=\"Include\",SUMIFS('Future Requirements'!$O:$O,'Future Requirements'!$H:$H,$B31,'Future Requirements'!$G:$G,G$26,'Future Requirements'!$B:$B,IF($C$3=\"\",\">=\"&$F$3,\">=\"&$C$3),'Future Requirements'!$B:$B,IF($C$4=\"\",\"<=\"&$F$4,\"<=\"&$C$4),'Future Requirements'!$J:$J,IF($C$5=\"Yes\",\"Yes\",IF($C$5=\"No\",\"No\",\"<>Luke\")),'Future Requirements'!$AC:$AC,IF($C$6=\"Agreed\",\"Agreed\",IF($C$6=\"C/Fwd\",\"C/Fwd\",\"<>Luke\")),'Future Requirements'!$AA:$AA,$I$4),0)+\nIF($J$5=\"Include\",SUMIFS('Future Requirements'!$O:$O,'Future Requirements'!$H:$H,$B31,'Future Requirements'!$G:$G,G$26,'Future Requirements'!$B:$B,IF($C$3=\"\",\">=\"&$F$3,\">=\"&$C$3),'Future Requirements'!$B:$B,IF($C$4=\"\",\"<=\"&$F$4,\"<=\"&$C$4),'Future Requirements'!$J:$J,IF($C$5=\"Yes\",\"Yes\",IF($C$5=\"No\",\"No\",\"<>Luke\")),'Future Requirements'!$AC:$AC,IF($C$6=\"Agreed\",\"Agreed\",IF($C$6=\"C/Fwd\",\"C/Fwd\",\"<>Luke\")),'Future Requirements'!$AA:$AA,$I$5),0)+\nIF($J$6=\"Include\",SUMIFS('Future Requirements'!$O:$O,'Future Requirements'!$H:$H,$B31,'Future Requirements'!$G:$G,G$26,'Future Requirements'!$B:$B,IF($C$3=\"\",\">=\"&$F$3,\">=\"&$C$3),'Future Requirements'!$B:$B,IF($C$4=\"\",\"<=\"&$F$4,\"<=\"&$C$4),'Future Requirements'!$J:$J,IF($C$5=\"Yes\",\"Yes\",IF($C$5=\"No\",\"No\",\"<>Luke\")),'Future Requirements'!$AC:$AC,IF($C$6=\"Agreed\",\"Agreed\",IF($C$6=\"C/Fwd\",\"C/Fwd\",\"<>Luke\")),'Future Requirements'!$AA:$AA,$I$6),0)+\nIF($J$7=\"Include\",SUMIFS('Future Requirements'!$O:$O,'Future Requirements'!$H:$H,$B31,'Future Requirements'!$G:$G,G$26,'Future Requirements'!$B:$B,IF($C$3=\"\",\">=\"&$F$3,\">=\"&$C$3),'Future Requirements'!$B:$B,IF($C$4=\"\",\"<=\"&$F$4,\"<=\"&$C$4),'Future Requirements'!$J:$J,IF($C$5=\"Yes\",\"Yes\",IF($C$5=\"No\",\"No\",\"<>Luke\")),'Future Requirements'!$AC:$AC,IF($C$6=\"Agreed\",\"Agreed\",IF($C$6=\"C/Fwd\",\"C/Fwd\",\"<>Luke\")),'Future Requirements'!$AA:$AA,$I$7),0)","v":0},{"$f":"IF($J$3=\"Include\",SUMIFS('Future Requirements'!$O:$O,'Future Requirements'!$H:$H,$B31,'Future Requirements'!$G:$G,H$26,'Future Requirements'!$B:$B,IF($C$3=\"\",\">=\"&$F$3,\">=\"&$C$3),'Future Requirements'!$B:$B,IF($C$4=\"\",\"<=\"&$F$4,\"<=\"&$C$4),'Future Requirements'!$J:$J,IF($C$5=\"Yes\",\"Yes\",IF($C$5=\"No\",\"No\",\"<>Luke\")),'Future Requirements'!$AC:$AC,IF($C$6=\"Agreed\",\"Agreed\",IF($C$6=\"C/Fwd\",\"C/Fwd\",\"<>Luke\")),'Future Requirements'!$AA:$AA,$I$3),0)+\nIF($J$4=\"Include\",SUMIFS('Future Requirements'!$O:$O,'Future Requirements'!$H:$H,$B31,'Future Requirements'!$G:$G,H$26,'Future Requirements'!$B:$B,IF($C$3=\"\",\">=\"&$F$3,\">=\"&$C$3),'Future Requirements'!$B:$B,IF($C$4=\"\",\"<=\"&$F$4,\"<=\"&$C$4),'Future Requirements'!$J:$J,IF($C$5=\"Yes\",\"Yes\",IF($C$5=\"No\",\"No\",\"<>Luke\")),'Future Requirements'!$AC:$AC,IF($C$6=\"Agreed\",\"Agreed\",IF($C$6=\"C/Fwd\",\"C/Fwd\",\"<>Luke\")),'Future Requirements'!$AA:$AA,$I$4),0)+\nIF($J$5=\"Include\",SUMIFS('Future Requirements'!$O:$O,'Future Requirements'!$H:$H,$B31,'Future Requirements'!$G:$G,H$26,'Future Requirements'!$B:$B,IF($C$3=\"\",\">=\"&$F$3,\">=\"&$C$3),'Future Requirements'!$B:$B,IF($C$4=\"\",\"<=\"&$F$4,\"<=\"&$C$4),'Future Requirements'!$J:$J,IF($C$5=\"Yes\",\"Yes\",IF($C$5=\"No\",\"No\",\"<>Luke\")),'Future Requirements'!$AC:$AC,IF($C$6=\"Agreed\",\"Agreed\",IF($C$6=\"C/Fwd\",\"C/Fwd\",\"<>Luke\")),'Future Requirements'!$AA:$AA,$I$5),0)+\nIF($J$6=\"Include\",SUMIFS('Future Requirements'!$O:$O,'Future Requirements'!$H:$H,$B31,'Future Requirements'!$G:$G,H$26,'Future Requirements'!$B:$B,IF($C$3=\"\",\">=\"&$F$3,\">=\"&$C$3),'Future Requirements'!$B:$B,IF($C$4=\"\",\"<=\"&$F$4,\"<=\"&$C$4),'Future Requirements'!$J:$J,IF($C$5=\"Yes\",\"Yes\",IF($C$5=\"No\",\"No\",\"<>Luke\")),'Future Requirements'!$AC:$AC,IF($C$6=\"Agreed\",\"Agreed\",IF($C$6=\"C/Fwd\",\"C/Fwd\",\"<>Luke\")),'Future Requirements'!$AA:$AA,$I$6),0)+\nIF($J$7=\"Include\",SUMIFS('Future Requirements'!$O:$O,'Future Requirements'!$H:$H,$B31,'Future Requirements'!$G:$G,H$26,'Future Requirements'!$B:$B,IF($C$3=\"\",\">=\"&$F$3,\">=\"&$C$3),'Future Requirements'!$B:$B,IF($C$4=\"\",\"<=\"&$F$4,\"<=\"&$C$4),'Future Requirements'!$J:$J,IF($C$5=\"Yes\",\"Yes\",IF($C$5=\"No\",\"No\",\"<>Luke\")),'Future Requirements'!$AC:$AC,IF($C$6=\"Agreed\",\"Agreed\",IF($C$6=\"C/Fwd\",\"C/Fwd\",\"<>Luke\")),'Future Requirements'!$AA:$AA,$I$7),0)","v":0},{"$f":"IF($J$3=\"Include\",SUMIFS('Future Requirements'!$O:$O,'Future Requirements'!$H:$H,$B31,'Future Requirements'!$G:$G,I$26,'Future Requirements'!$B:$B,IF($C$3=\"\",\">=\"&$F$3,\">=\"&$C$3),'Future Requirements'!$B:$B,IF($C$4=\"\",\"<=\"&$F$4,\"<=\"&$C$4),'Future Requirements'!$J:$J,IF($C$5=\"Yes\",\"Yes\",IF($C$5=\"No\",\"No\",\"<>Luke\")),'Future Requirements'!$AC:$AC,IF($C$6=\"Agreed\",\"Agreed\",IF($C$6=\"C/Fwd\",\"C/Fwd\",\"<>Luke\")),'Future Requirements'!$AA:$AA,$I$3),0)+\nIF($J$4=\"Include\",SUMIFS('Future Requirements'!$O:$O,'Future Requirements'!$H:$H,$B31,'Future Requirements'!$G:$G,I$26,'Future Requirements'!$B:$B,IF($C$3=\"\",\">=\"&$F$3,\">=\"&$C$3),'Future Requirements'!$B:$B,IF($C$4=\"\",\"<=\"&$F$4,\"<=\"&$C$4),'Future Requirements'!$J:$J,IF($C$5=\"Yes\",\"Yes\",IF($C$5=\"No\",\"No\",\"<>Luke\")),'Future Requirements'!$AC:$AC,IF($C$6=\"Agreed\",\"Agreed\",IF($C$6=\"C/Fwd\",\"C/Fwd\",\"<>Luke\")),'Future Requirements'!$AA:$AA,$I$4),0)+\nIF($J$5=\"Include\",SUMIFS('Future Requirements'!$O:$O,'Future Requirements'!$H:$H,$B31,'Future Requirements'!$G:$G,I$26,'Future Requirements'!$B:$B,IF($C$3=\"\",\">=\"&$F$3,\">=\"&$C$3),'Future Requirements'!$B:$B,IF($C$4=\"\",\"<=\"&$F$4,\"<=\"&$C$4),'Future Requirements'!$J:$J,IF($C$5=\"Yes\",\"Yes\",IF($C$5=\"No\",\"No\",\"<>Luke\")),'Future Requirements'!$AC:$AC,IF($C$6=\"Agreed\",\"Agreed\",IF($C$6=\"C/Fwd\",\"C/Fwd\",\"<>Luke\")),'Future Requirements'!$AA:$AA,$I$5),0)+\nIF($J$6=\"Include\",SUMIFS('Future Requirements'!$O:$O,'Future Requirements'!$H:$H,$B31,'Future Requirements'!$G:$G,I$26,'Future Requirements'!$B:$B,IF($C$3=\"\",\">=\"&$F$3,\">=\"&$C$3),'Future Requirements'!$B:$B,IF($C$4=\"\",\"<=\"&$F$4,\"<=\"&$C$4),'Future Requirements'!$J:$J,IF($C$5=\"Yes\",\"Yes\",IF($C$5=\"No\",\"No\",\"<>Luke\")),'Future Requirements'!$AC:$AC,IF($C$6=\"Agreed\",\"Agreed\",IF($C$6=\"C/Fwd\",\"C/Fwd\",\"<>Luke\")),'Future Requirements'!$AA:$AA,$I$6),0)+\nIF($J$7=\"Include\",SUMIFS('Future Requirements'!$O:$O,'Future Requirements'!$H:$H,$B31,'Future Requirements'!$G:$G,I$26,'Future Requirements'!$B:$B,IF($C$3=\"\",\">=\"&$F$3,\">=\"&$C$3),'Future Requirements'!$B:$B,IF($C$4=\"\",\"<=\"&$F$4,\"<=\"&$C$4),'Future Requirements'!$J:$J,IF($C$5=\"Yes\",\"Yes\",IF($C$5=\"No\",\"No\",\"<>Luke\")),'Future Requirements'!$AC:$AC,IF($C$6=\"Agreed\",\"Agreed\",IF($C$6=\"C/Fwd\",\"C/Fwd\",\"<>Luke\")),'Future Requirements'!$AA:$AA,$I$7),0)","v":0},{"$f":"IF($J$3=\"Include\",SUMIFS('Future Requirements'!$O:$O,'Future Requirements'!$H:$H,$B31,'Future Requirements'!$G:$G,J$26,'Future Requirements'!$B:$B,IF($C$3=\"\",\">=\"&$F$3,\">=\"&$C$3),'Future Requirements'!$B:$B,IF($C$4=\"\",\"<=\"&$F$4,\"<=\"&$C$4),'Future Requirements'!$J:$J,IF($C$5=\"Yes\",\"Yes\",IF($C$5=\"No\",\"No\",\"<>Luke\")),'Future Requirements'!$AC:$AC,IF($C$6=\"Agreed\",\"Agreed\",IF($C$6=\"C/Fwd\",\"C/Fwd\",\"<>Luke\")),'Future Requirements'!$AA:$AA,$I$3),0)+\nIF($J$4=\"Include\",SUMIFS('Future Requirements'!$O:$O,'Future Requirements'!$H:$H,$B31,'Future Requirements'!$G:$G,J$26,'Future Requirements'!$B:$B,IF($C$3=\"\",\">=\"&$F$3,\">=\"&$C$3),'Future Requirements'!$B:$B,IF($C$4=\"\",\"<=\"&$F$4,\"<=\"&$C$4),'Future Requirements'!$J:$J,IF($C$5=\"Yes\",\"Yes\",IF($C$5=\"No\",\"No\",\"<>Luke\")),'Future Requirements'!$AC:$AC,IF($C$6=\"Agreed\",\"Agreed\",IF($C$6=\"C/Fwd\",\"C/Fwd\",\"<>Luke\")),'Future Requirements'!$AA:$AA,$I$4),0)+\nIF($J$5=\"Include\",SUMIFS('Future Requirements'!$O:$O,'Future Requirements'!$H:$H,$B31,'Future Requirements'!$G:$G,J$26,'Future Requirements'!$B:$B,IF($C$3=\"\",\">=\"&$F$3,\">=\"&$C$3),'Future Requirements'!$B:$B,IF($C$4=\"\",\"<=\"&$F$4,\"<=\"&$C$4),'Future Requirements'!$J:$J,IF($C$5=\"Yes\",\"Yes\",IF($C$5=\"No\",\"No\",\"<>Luke\")),'Future Requirements'!$AC:$AC,IF($C$6=\"Agreed\",\"Agreed\",IF($C$6=\"C/Fwd\",\"C/Fwd\",\"<>Luke\")),'Future Requirements'!$AA:$AA,$I$5),0)+\nIF($J$6=\"Include\",SUMIFS('Future Requirements'!$O:$O,'Future Requirements'!$H:$H,$B31,'Future Requirements'!$G:$G,J$26,'Future Requirements'!$B:$B,IF($C$3=\"\",\">=\"&$F$3,\">=\"&$C$3),'Future Requirements'!$B:$B,IF($C$4=\"\",\"<=\"&$F$4,\"<=\"&$C$4),'Future Requirements'!$J:$J,IF($C$5=\"Yes\",\"Yes\",IF($C$5=\"No\",\"No\",\"<>Luke\")),'Future Requirements'!$AC:$AC,IF($C$6=\"Agreed\",\"Agreed\",IF($C$6=\"C/Fwd\",\"C/Fwd\",\"<>Luke\")),'Future Requirements'!$AA:$AA,$I$6),0)+\nIF($J$7=\"Include\",SUMIFS('Future Requirements'!$O:$O,'Future Requirements'!$H:$H,$B31,'Future Requirements'!$G:$G,J$26,'Future Requirements'!$B:$B,IF($C$3=\"\",\">=\"&$F$3,\">=\"&$C$3),'Future Requirements'!$B:$B,IF($C$4=\"\",\"<=\"&$F$4,\"<=\"&$C$4),'Future Requirements'!$J:$J,IF($C$5=\"Yes\",\"Yes\",IF($C$5=\"No\",\"No\",\"<>Luke\")),'Future Requirements'!$AC:$AC,IF($C$6=\"Agreed\",\"Agreed\",IF($C$6=\"C/Fwd\",\"C/Fwd\",\"<>Luke\")),'Future Requirements'!$AA:$AA,$I$7),0)","v":0},{"$f":"IF($J$3=\"Include\",SUMIFS('Future Requirements'!$O:$O,'Future Requirements'!$H:$H,$B31,'Future Requirements'!$G:$G,K$26,'Future Requirements'!$B:$B,IF($C$3=\"\",\">=\"&$F$3,\">=\"&$C$3),'Future Requirements'!$B:$B,IF($C$4=\"\",\"<=\"&$F$4,\"<=\"&$C$4),'Future Requirements'!$J:$J,IF($C$5=\"Yes\",\"Yes\",IF($C$5=\"No\",\"No\",\"<>Luke\")),'Future Requirements'!$AC:$AC,IF($C$6=\"Agreed\",\"Agreed\",IF($C$6=\"C/Fwd\",\"C/Fwd\",\"<>Luke\")),'Future Requirements'!$AA:$AA,$I$3),0)+\nIF($J$4=\"Include\",SUMIFS('Future Requirements'!$O:$O,'Future Requirements'!$H:$H,$B31,'Future Requirements'!$G:$G,K$26,'Future Requirements'!$B:$B,IF($C$3=\"\",\">=\"&$F$3,\">=\"&$C$3),'Future Requirements'!$B:$B,IF($C$4=\"\",\"<=\"&$F$4,\"<=\"&$C$4),'Future Requirements'!$J:$J,IF($C$5=\"Yes\",\"Yes\",IF($C$5=\"No\",\"No\",\"<>Luke\")),'Future Requirements'!$AC:$AC,IF($C$6=\"Agreed\",\"Agreed\",IF($C$6=\"C/Fwd\",\"C/Fwd\",\"<>Luke\")),'Future Requirements'!$AA:$AA,$I$4),0)+\nIF($J$5=\"Include\",SUMIFS('Future Requirements'!$O:$O,'Future Requirements'!$H:$H,$B31,'Future Requirements'!$G:$G,K$26,'Future Requirements'!$B:$B,IF($C$3=\"\",\">=\"&$F$3,\">=\"&$C$3),'Future Requirements'!$B:$B,IF($C$4=\"\",\"<=\"&$F$4,\"<=\"&$C$4),'Future Requirements'!$J:$J,IF($C$5=\"Yes\",\"Yes\",IF($C$5=\"No\",\"No\",\"<>Luke\")),'Future Requirements'!$AC:$AC,IF($C$6=\"Agreed\",\"Agreed\",IF($C$6=\"C/Fwd\",\"C/Fwd\",\"<>Luke\")),'Future Requirements'!$AA:$AA,$I$5),0)+\nIF($J$6=\"Include\",SUMIFS('Future Requirements'!$O:$O,'Future Requirements'!$H:$H,$B31,'Future Requirements'!$G:$G,K$26,'Future Requirements'!$B:$B,IF($C$3=\"\",\">=\"&$F$3,\">=\"&$C$3),'Future Requirements'!$B:$B,IF($C$4=\"\",\"<=\"&$F$4,\"<=\"&$C$4),'Future Requirements'!$J:$J,IF($C$5=\"Yes\",\"Yes\",IF($C$5=\"No\",\"No\",\"<>Luke\")),'Future Requirements'!$AC:$AC,IF($C$6=\"Agreed\",\"Agreed\",IF($C$6=\"C/Fwd\",\"C/Fwd\",\"<>Luke\")),'Future Requirements'!$AA:$AA,$I$6),0)+\nIF($J$7=\"Include\",SUMIFS('Future Requirements'!$O:$O,'Future Requirements'!$H:$H,$B31,'Future Requirements'!$G:$G,K$26,'Future Requirements'!$B:$B,IF($C$3=\"\",\">=\"&$F$3,\">=\"&$C$3),'Future Requirements'!$B:$B,IF($C$4=\"\",\"<=\"&$F$4,\"<=\"&$C$4),'Future Requirements'!$J:$J,IF($C$5=\"Yes\",\"Yes\",IF($C$5=\"No\",\"No\",\"<>Luke\")),'Future Requirements'!$AC:$AC,IF($C$6=\"Agreed\",\"Agreed\",IF($C$6=\"C/Fwd\",\"C/Fwd\",\"<>Luke\")),'Future Requirements'!$AA:$AA,$I$7),0)","v":0},{"$f":"IF($J$3=\"Include\",SUMIFS('Future Requirements'!$O:$O,'Future Requirements'!$H:$H,$B31,'Future Requirements'!$G:$G,L$26,'Future Requirements'!$B:$B,IF($C$3=\"\",\">=\"&$F$3,\">=\"&$C$3),'Future Requirements'!$B:$B,IF($C$4=\"\",\"<=\"&$F$4,\"<=\"&$C$4),'Future Requirements'!$J:$J,IF($C$5=\"Yes\",\"Yes\",IF($C$5=\"No\",\"No\",\"<>Luke\")),'Future Requirements'!$AC:$AC,IF($C$6=\"Agreed\",\"Agreed\",IF($C$6=\"C/Fwd\",\"C/Fwd\",\"<>Luke\")),'Future Requirements'!$AA:$AA,$I$3),0)+\nIF($J$4=\"Include\",SUMIFS('Future Requirements'!$O:$O,'Future Requirements'!$H:$H,$B31,'Future Requirements'!$G:$G,L$26,'Future Requirements'!$B:$B,IF($C$3=\"\",\">=\"&$F$3,\">=\"&$C$3),'Future Requirements'!$B:$B,IF($C$4=\"\",\"<=\"&$F$4,\"<=\"&$C$4),'Future Requirements'!$J:$J,IF($C$5=\"Yes\",\"Yes\",IF($C$5=\"No\",\"No\",\"<>Luke\")),'Future Requirements'!$AC:$AC,IF($C$6=\"Agreed\",\"Agreed\",IF($C$6=\"C/Fwd\",\"C/Fwd\",\"<>Luke\")),'Future Requirements'!$AA:$AA,$I$4),0)+\nIF($J$5=\"Include\",SUMIFS('Future Requirements'!$O:$O,'Future Requirements'!$H:$H,$B31,'Future Requirements'!$G:$G,L$26,'Future Requirements'!$B:$B,IF($C$3=\"\",\">=\"&$F$3,\">=\"&$C$3),'Future Requirements'!$B:$B,IF($C$4=\"\",\"<=\"&$F$4,\"<=\"&$C$4),'Future Requirements'!$J:$J,IF($C$5=\"Yes\",\"Yes\",IF($C$5=\"No\",\"No\",\"<>Luke\")),'Future Requirements'!$AC:$AC,IF($C$6=\"Agreed\",\"Agreed\",IF($C$6=\"C/Fwd\",\"C/Fwd\",\"<>Luke\")),'Future Requirements'!$AA:$AA,$I$5),0)+\nIF($J$6=\"Include\",SUMIFS('Future Requirements'!$O:$O,'Future Requirements'!$H:$H,$B31,'Future Requirements'!$G:$G,L$26,'Future Requirements'!$B:$B,IF($C$3=\"\",\">=\"&$F$3,\">=\"&$C$3),'Future Requirements'!$B:$B,IF($C$4=\"\",\"<=\"&$F$4,\"<=\"&$C$4),'Future Requirements'!$J:$J,IF($C$5=\"Yes\",\"Yes\",IF($C$5=\"No\",\"No\",\"<>Luke\")),'Future Requirements'!$AC:$AC,IF($C$6=\"Agreed\",\"Agreed\",IF($C$6=\"C/Fwd\",\"C/Fwd\",\"<>Luke\")),'Future Requirements'!$AA:$AA,$I$6),0)+\nIF($J$7=\"Include\",SUMIFS('Future Requirements'!$O:$O,'Future Requirements'!$H:$H,$B31,'Future Requirements'!$G:$G,L$26,'Future Requirements'!$B:$B,IF($C$3=\"\",\">=\"&$F$3,\">=\"&$C$3),'Future Requirements'!$B:$B,IF($C$4=\"\",\"<=\"&$F$4,\"<=\"&$C$4),'Future Requirements'!$J:$J,IF($C$5=\"Yes\",\"Yes\",IF($C$5=\"No\",\"No\",\"<>Luke\")),'Future Requirements'!$AC:$AC,IF($C$6=\"Agreed\",\"Agreed\",IF($C$6=\"C/Fwd\",\"C/Fwd\",\"<>Luke\")),'Future Requirements'!$AA:$AA,$I$7),0)","v":0},{"$f":"IF($J$3=\"Include\",SUMIFS('Future Requirements'!$O:$O,'Future Requirements'!$H:$H,$B31,'Future Requirements'!$G:$G,M$26,'Future Requirements'!$B:$B,IF($C$3=\"\",\">=\"&$F$3,\">=\"&$C$3),'Future Requirements'!$B:$B,IF($C$4=\"\",\"<=\"&$F$4,\"<=\"&$C$4),'Future Requirements'!$J:$J,IF($C$5=\"Yes\",\"Yes\",IF($C$5=\"No\",\"No\",\"<>Luke\")),'Future Requirements'!$AC:$AC,IF($C$6=\"Agreed\",\"Agreed\",IF($C$6=\"C/Fwd\",\"C/Fwd\",\"<>Luke\")),'Future Requirements'!$AA:$AA,$I$3),0)+\nIF($J$4=\"Include\",SUMIFS('Future Requirements'!$O:$O,'Future Requirements'!$H:$H,$B31,'Future Requirements'!$G:$G,M$26,'Future Requirements'!$B:$B,IF($C$3=\"\",\">=\"&$F$3,\">=\"&$C$3),'Future Requirements'!$B:$B,IF($C$4=\"\",\"<=\"&$F$4,\"<=\"&$C$4),'Future Requirements'!$J:$J,IF($C$5=\"Yes\",\"Yes\",IF($C$5=\"No\",\"No\",\"<>Luke\")),'Future Requirements'!$AC:$AC,IF($C$6=\"Agreed\",\"Agreed\",IF($C$6=\"C/Fwd\",\"C/Fwd\",\"<>Luke\")),'Future Requirements'!$AA:$AA,$I$4),0)+\nIF($J$5=\"Include\",SUMIFS('Future Requirements'!$O:$O,'Future Requirements'!$H:$H,$B31,'Future Requirements'!$G:$G,M$26,'Future Requirements'!$B:$B,IF($C$3=\"\",\">=\"&$F$3,\">=\"&$C$3),'Future Requirements'!$B:$B,IF($C$4=\"\",\"<=\"&$F$4,\"<=\"&$C$4),'Future Requirements'!$J:$J,IF($C$5=\"Yes\",\"Yes\",IF($C$5=\"No\",\"No\",\"<>Luke\")),'Future Requirements'!$AC:$AC,IF($C$6=\"Agreed\",\"Agreed\",IF($C$6=\"C/Fwd\",\"C/Fwd\",\"<>Luke\")),'Future Requirements'!$AA:$AA,$I$5),0)+\nIF($J$6=\"Include\",SUMIFS('Future Requirements'!$O:$O,'Future Requirements'!$H:$H,$B31,'Future Requirements'!$G:$G,M$26,'Future Requirements'!$B:$B,IF($C$3=\"\",\">=\"&$F$3,\">=\"&$C$3),'Future Requirements'!$B:$B,IF($C$4=\"\",\"<=\"&$F$4,\"<=\"&$C$4),'Future Requirements'!$J:$J,IF($C$5=\"Yes\",\"Yes\",IF($C$5=\"No\",\"No\",\"<>Luke\")),'Future Requirements'!$AC:$AC,IF($C$6=\"Agreed\",\"Agreed\",IF($C$6=\"C/Fwd\",\"C/Fwd\",\"<>Luke\")),'Future Requirements'!$AA:$AA,$I$6),0)+\nIF($J$7=\"Include\",SUMIFS('Future Requirements'!$O:$O,'Future Requirements'!$H:$H,$B31,'Future Requirements'!$G:$G,M$26,'Future Requirements'!$B:$B,IF($C$3=\"\",\">=\"&$F$3,\">=\"&$C$3),'Future Requirements'!$B:$B,IF($C$4=\"\",\"<=\"&$F$4,\"<=\"&$C$4),'Future Requirements'!$J:$J,IF($C$5=\"Yes\",\"Yes\",IF($C$5=\"No\",\"No\",\"<>Luke\")),'Future Requirements'!$AC:$AC,IF($C$6=\"Agreed\",\"Agreed\",IF($C$6=\"C/Fwd\",\"C/Fwd\",\"<>Luke\")),'Future Requirements'!$AA:$AA,$I$7),0)","v":0},{"$f":"IF($J$3=\"Include\",SUMIFS('Future Requirements'!$O:$O,'Future Requirements'!$H:$H,$B31,'Future Requirements'!$G:$G,N$26,'Future Requirements'!$B:$B,IF($C$3=\"\",\">=\"&$F$3,\">=\"&$C$3),'Future Requirements'!$B:$B,IF($C$4=\"\",\"<=\"&$F$4,\"<=\"&$C$4),'Future Requirements'!$J:$J,IF($C$5=\"Yes\",\"Yes\",IF($C$5=\"No\",\"No\",\"<>Luke\")),'Future Requirements'!$AC:$AC,IF($C$6=\"Agreed\",\"Agreed\",IF($C$6=\"C/Fwd\",\"C/Fwd\",\"<>Luke\")),'Future Requirements'!$AA:$AA,$I$3),0)+\nIF($J$4=\"Include\",SUMIFS('Future Requirements'!$O:$O,'Future Requirements'!$H:$H,$B31,'Future Requirements'!$G:$G,N$26,'Future Requirements'!$B:$B,IF($C$3=\"\",\">=\"&$F$3,\">=\"&$C$3),'Future Requirements'!$B:$B,IF($C$4=\"\",\"<=\"&$F$4,\"<=\"&$C$4),'Future Requirements'!$J:$J,IF($C$5=\"Yes\",\"Yes\",IF($C$5=\"No\",\"No\",\"<>Luke\")),'Future Requirements'!$AC:$AC,IF($C$6=\"Agreed\",\"Agreed\",IF($C$6=\"C/Fwd\",\"C/Fwd\",\"<>Luke\")),'Future Requirements'!$AA:$AA,$I$4),0)+\nIF($J$5=\"Include\",SUMIFS('Future Requirements'!$O:$O,'Future Requirements'!$H:$H,$B31,'Future Requirements'!$G:$G,N$26,'Future Requirements'!$B:$B,IF($C$3=\"\",\">=\"&$F$3,\">=\"&$C$3),'Future Requirements'!$B:$B,IF($C$4=\"\",\"<=\"&$F$4,\"<=\"&$C$4),'Future Requirements'!$J:$J,IF($C$5=\"Yes\",\"Yes\",IF($C$5=\"No\",\"No\",\"<>Luke\")),'Future Requirements'!$AC:$AC,IF($C$6=\"Agreed\",\"Agreed\",IF($C$6=\"C/Fwd\",\"C/Fwd\",\"<>Luke\")),'Future Requirements'!$AA:$AA,$I$5),0)+\nIF($J$6=\"Include\",SUMIFS('Future Requirements'!$O:$O,'Future Requirements'!$H:$H,$B31,'Future Requirements'!$G:$G,N$26,'Future Requirements'!$B:$B,IF($C$3=\"\",\">=\"&$F$3,\">=\"&$C$3),'Future Requirements'!$B:$B,IF($C$4=\"\",\"<=\"&$F$4,\"<=\"&$C$4),'Future Requirements'!$J:$J,IF($C$5=\"Yes\",\"Yes\",IF($C$5=\"No\",\"No\",\"<>Luke\")),'Future Requirements'!$AC:$AC,IF($C$6=\"Agreed\",\"Agreed\",IF($C$6=\"C/Fwd\",\"C/Fwd\",\"<>Luke\")),'Future Requirements'!$AA:$AA,$I$6),0)+\nIF($J$7=\"Include\",SUMIFS('Future Requirements'!$O:$O,'Future Requirements'!$H:$H,$B31,'Future Requirements'!$G:$G,N$26,'Future Requirements'!$B:$B,IF($C$3=\"\",\">=\"&$F$3,\">=\"&$C$3),'Future Requirements'!$B:$B,IF($C$4=\"\",\"<=\"&$F$4,\"<=\"&$C$4),'Future Requirements'!$J:$J,IF($C$5=\"Yes\",\"Yes\",IF($C$5=\"No\",\"No\",\"<>Luke\")),'Future Requirements'!$AC:$AC,IF($C$6=\"Agreed\",\"Agreed\",IF($C$6=\"C/Fwd\",\"C/Fwd\",\"<>Luke\")),'Future Requirements'!$AA:$AA,$I$7),0)","v":0},{"$f":"IF($J$3=\"Include\",SUMIFS('Future Requirements'!$O:$O,'Future Requirements'!$H:$H,$B31,'Future Requirements'!$G:$G,O$26,'Future Requirements'!$B:$B,IF($C$3=\"\",\">=\"&$F$3,\">=\"&$C$3),'Future Requirements'!$B:$B,IF($C$4=\"\",\"<=\"&$F$4,\"<=\"&$C$4),'Future Requirements'!$J:$J,IF($C$5=\"Yes\",\"Yes\",IF($C$5=\"No\",\"No\",\"<>Luke\")),'Future Requirements'!$AC:$AC,IF($C$6=\"Agreed\",\"Agreed\",IF($C$6=\"C/Fwd\",\"C/Fwd\",\"<>Luke\")),'Future Requirements'!$AA:$AA,$I$3),0)+\nIF($J$4=\"Include\",SUMIFS('Future Requirements'!$O:$O,'Future Requirements'!$H:$H,$B31,'Future Requirements'!$G:$G,O$26,'Future Requirements'!$B:$B,IF($C$3=\"\",\">=\"&$F$3,\">=\"&$C$3),'Future Requirements'!$B:$B,IF($C$4=\"\",\"<=\"&$F$4,\"<=\"&$C$4),'Future Requirements'!$J:$J,IF($C$5=\"Yes\",\"Yes\",IF($C$5=\"No\",\"No\",\"<>Luke\")),'Future Requirements'!$AC:$AC,IF($C$6=\"Agreed\",\"Agreed\",IF($C$6=\"C/Fwd\",\"C/Fwd\",\"<>Luke\")),'Future Requirements'!$AA:$AA,$I$4),0)+\nIF($J$5=\"Include\",SUMIFS('Future Requirements'!$O:$O,'Future Requirements'!$H:$H,$B31,'Future Requirements'!$G:$G,O$26,'Future Requirements'!$B:$B,IF($C$3=\"\",\">=\"&$F$3,\">=\"&$C$3),'Future Requirements'!$B:$B,IF($C$4=\"\",\"<=\"&$F$4,\"<=\"&$C$4),'Future Requirements'!$J:$J,IF($C$5=\"Yes\",\"Yes\",IF($C$5=\"No\",\"No\",\"<>Luke\")),'Future Requirements'!$AC:$AC,IF($C$6=\"Agreed\",\"Agreed\",IF($C$6=\"C/Fwd\",\"C/Fwd\",\"<>Luke\")),'Future Requirements'!$AA:$AA,$I$5),0)+\nIF($J$6=\"Include\",SUMIFS('Future Requirements'!$O:$O,'Future Requirements'!$H:$H,$B31,'Future Requirements'!$G:$G,O$26,'Future Requirements'!$B:$B,IF($C$3=\"\",\">=\"&$F$3,\">=\"&$C$3),'Future Requirements'!$B:$B,IF($C$4=\"\",\"<=\"&$F$4,\"<=\"&$C$4),'Future Requirements'!$J:$J,IF($C$5=\"Yes\",\"Yes\",IF($C$5=\"No\",\"No\",\"<>Luke\")),'Future Requirements'!$AC:$AC,IF($C$6=\"Agreed\",\"Agreed\",IF($C$6=\"C/Fwd\",\"C/Fwd\",\"<>Luke\")),'Future Requirements'!$AA:$AA,$I$6),0)+\nIF($J$7=\"Include\",SUMIFS('Future Requirements'!$O:$O,'Future Requirements'!$H:$H,$B31,'Future Requirements'!$G:$G,O$26,'Future Requirements'!$B:$B,IF($C$3=\"\",\">=\"&$F$3,\">=\"&$C$3),'Future Requirements'!$B:$B,IF($C$4=\"\",\"<=\"&$F$4,\"<=\"&$C$4),'Future Requirements'!$J:$J,IF($C$5=\"Yes\",\"Yes\",IF($C$5=\"No\",\"No\",\"<>Luke\")),'Future Requirements'!$AC:$AC,IF($C$6=\"Agreed\",\"Agreed\",IF($C$6=\"C/Fwd\",\"C/Fwd\",\"<>Luke\")),'Future Requirements'!$AA:$AA,$I$7),0)","v":0},{"$f":"IF($J$3=\"Include\",SUMIFS('Future Requirements'!$O:$O,'Future Requirements'!$H:$H,$B31,'Future Requirements'!$G:$G,P$26,'Future Requirements'!$B:$B,IF($C$3=\"\",\">=\"&$F$3,\">=\"&$C$3),'Future Requirements'!$B:$B,IF($C$4=\"\",\"<=\"&$F$4,\"<=\"&$C$4),'Future Requirements'!$J:$J,IF($C$5=\"Yes\",\"Yes\",IF($C$5=\"No\",\"No\",\"<>Luke\")),'Future Requirements'!$AC:$AC,IF($C$6=\"Agreed\",\"Agreed\",IF($C$6=\"C/Fwd\",\"C/Fwd\",\"<>Luke\")),'Future Requirements'!$AA:$AA,$I$3),0)+\nIF($J$4=\"Include\",SUMIFS('Future Requirements'!$O:$O,'Future Requirements'!$H:$H,$B31,'Future Requirements'!$G:$G,P$26,'Future Requirements'!$B:$B,IF($C$3=\"\",\">=\"&$F$3,\">=\"&$C$3),'Future Requirements'!$B:$B,IF($C$4=\"\",\"<=\"&$F$4,\"<=\"&$C$4),'Future Requirements'!$J:$J,IF($C$5=\"Yes\",\"Yes\",IF($C$5=\"No\",\"No\",\"<>Luke\")),'Future Requirements'!$AC:$AC,IF($C$6=\"Agreed\",\"Agreed\",IF($C$6=\"C/Fwd\",\"C/Fwd\",\"<>Luke\")),'Future Requirements'!$AA:$AA,$I$4),0)+\nIF($J$5=\"Include\",SUMIFS('Future Requirements'!$O:$O,'Future Requirements'!$H:$H,$B31,'Future Requirements'!$G:$G,P$26,'Future Requirements'!$B:$B,IF($C$3=\"\",\">=\"&$F$3,\">=\"&$C$3),'Future Requirements'!$B:$B,IF($C$4=\"\",\"<=\"&$F$4,\"<=\"&$C$4),'Future Requirements'!$J:$J,IF($C$5=\"Yes\",\"Yes\",IF($C$5=\"No\",\"No\",\"<>Luke\")),'Future Requirements'!$AC:$AC,IF($C$6=\"Agreed\",\"Agreed\",IF($C$6=\"C/Fwd\",\"C/Fwd\",\"<>Luke\")),'Future Requirements'!$AA:$AA,$I$5),0)+\nIF($J$6=\"Include\",SUMIFS('Future Requirements'!$O:$O,'Future Requirements'!$H:$H,$B31,'Future Requirements'!$G:$G,P$26,'Future Requirements'!$B:$B,IF($C$3=\"\",\">=\"&$F$3,\">=\"&$C$3),'Future Requirements'!$B:$B,IF($C$4=\"\",\"<=\"&$F$4,\"<=\"&$C$4),'Future Requirements'!$J:$J,IF($C$5=\"Yes\",\"Yes\",IF($C$5=\"No\",\"No\",\"<>Luke\")),'Future Requirements'!$AC:$AC,IF($C$6=\"Agreed\",\"Agreed\",IF($C$6=\"C/Fwd\",\"C/Fwd\",\"<>Luke\")),'Future Requirements'!$AA:$AA,$I$6),0)+\nIF($J$7=\"Include\",SUMIFS('Future Requirements'!$O:$O,'Future Requirements'!$H:$H,$B31,'Future Requirements'!$G:$G,P$26,'Future Requirements'!$B:$B,IF($C$3=\"\",\">=\"&$F$3,\">=\"&$C$3),'Future Requirements'!$B:$B,IF($C$4=\"\",\"<=\"&$F$4,\"<=\"&$C$4),'Future Requirements'!$J:$J,IF($C$5=\"Yes\",\"Yes\",IF($C$5=\"No\",\"No\",\"<>Luke\")),'Future Requirements'!$AC:$AC,IF($C$6=\"Agreed\",\"Agreed\",IF($C$6=\"C/Fwd\",\"C/Fwd\",\"<>Luke\")),'Future Requirements'!$AA:$AA,$I$7),0)","v":0},{"$f":"IF($J$3=\"Include\",SUMIFS('Future Requirements'!$O:$O,'Future Requirements'!$H:$H,$B31,'Future Requirements'!$G:$G,Q$26,'Future Requirements'!$B:$B,IF($C$3=\"\",\">=\"&$F$3,\">=\"&$C$3),'Future Requirements'!$B:$B,IF($C$4=\"\",\"<=\"&$F$4,\"<=\"&$C$4),'Future Requirements'!$J:$J,IF($C$5=\"Yes\",\"Yes\",IF($C$5=\"No\",\"No\",\"<>Luke\")),'Future Requirements'!$AC:$AC,IF($C$6=\"Agreed\",\"Agreed\",IF($C$6=\"C/Fwd\",\"C/Fwd\",\"<>Luke\")),'Future Requirements'!$AA:$AA,$I$3),0)+\nIF($J$4=\"Include\",SUMIFS('Future Requirements'!$O:$O,'Future Requirements'!$H:$H,$B31,'Future Requirements'!$G:$G,Q$26,'Future Requirements'!$B:$B,IF($C$3=\"\",\">=\"&$F$3,\">=\"&$C$3),'Future Requirements'!$B:$B,IF($C$4=\"\",\"<=\"&$F$4,\"<=\"&$C$4),'Future Requirements'!$J:$J,IF($C$5=\"Yes\",\"Yes\",IF($C$5=\"No\",\"No\",\"<>Luke\")),'Future Requirements'!$AC:$AC,IF($C$6=\"Agreed\",\"Agreed\",IF($C$6=\"C/Fwd\",\"C/Fwd\",\"<>Luke\")),'Future Requirements'!$AA:$AA,$I$4),0)+\nIF($J$5=\"Include\",SUMIFS('Future Requirements'!$O:$O,'Future Requirements'!$H:$H,$B31,'Future Requirements'!$G:$G,Q$26,'Future Requirements'!$B:$B,IF($C$3=\"\",\">=\"&$F$3,\">=\"&$C$3),'Future Requirements'!$B:$B,IF($C$4=\"\",\"<=\"&$F$4,\"<=\"&$C$4),'Future Requirements'!$J:$J,IF($C$5=\"Yes\",\"Yes\",IF($C$5=\"No\",\"No\",\"<>Luke\")),'Future Requirements'!$AC:$AC,IF($C$6=\"Agreed\",\"Agreed\",IF($C$6=\"C/Fwd\",\"C/Fwd\",\"<>Luke\")),'Future Requirements'!$AA:$AA,$I$5),0)+\nIF($J$6=\"Include\",SUMIFS('Future Requirements'!$O:$O,'Future Requirements'!$H:$H,$B31,'Future Requirements'!$G:$G,Q$26,'Future Requirements'!$B:$B,IF($C$3=\"\",\">=\"&$F$3,\">=\"&$C$3),'Future Requirements'!$B:$B,IF($C$4=\"\",\"<=\"&$F$4,\"<=\"&$C$4),'Future Requirements'!$J:$J,IF($C$5=\"Yes\",\"Yes\",IF($C$5=\"No\",\"No\",\"<>Luke\")),'Future Requirements'!$AC:$AC,IF($C$6=\"Agreed\",\"Agreed\",IF($C$6=\"C/Fwd\",\"C/Fwd\",\"<>Luke\")),'Future Requirements'!$AA:$AA,$I$6),0)+\nIF($J$7=\"Include\",SUMIFS('Future Requirements'!$O:$O,'Future Requirements'!$H:$H,$B31,'Future Requirements'!$G:$G,Q$26,'Future Requirements'!$B:$B,IF($C$3=\"\",\">=\"&$F$3,\">=\"&$C$3),'Future Requirements'!$B:$B,IF($C$4=\"\",\"<=\"&$F$4,\"<=\"&$C$4),'Future Requirements'!$J:$J,IF($C$5=\"Yes\",\"Yes\",IF($C$5=\"No\",\"No\",\"<>Luke\")),'Future Requirements'!$AC:$AC,IF($C$6=\"Agreed\",\"Agreed\",IF($C$6=\"C/Fwd\",\"C/Fwd\",\"<>Luke\")),'Future Requirements'!$AA:$AA,$I$7),0)","v":0},{"$f":"IF($J$3=\"Include\",SUMIFS('Future Requirements'!$O:$O,'Future Requirements'!$H:$H,$B31,'Future Requirements'!$G:$G,R$26,'Future Requirements'!$B:$B,IF($C$3=\"\",\">=\"&$F$3,\">=\"&$C$3),'Future Requirements'!$B:$B,IF($C$4=\"\",\"<=\"&$F$4,\"<=\"&$C$4),'Future Requirements'!$J:$J,IF($C$5=\"Yes\",\"Yes\",IF($C$5=\"No\",\"No\",\"<>Luke\")),'Future Requirements'!$AC:$AC,IF($C$6=\"Agreed\",\"Agreed\",IF($C$6=\"C/Fwd\",\"C/Fwd\",\"<>Luke\")),'Future Requirements'!$AA:$AA,$I$3),0)+\nIF($J$4=\"Include\",SUMIFS('Future Requirements'!$O:$O,'Future Requirements'!$H:$H,$B31,'Future Requirements'!$G:$G,R$26,'Future Requirements'!$B:$B,IF($C$3=\"\",\">=\"&$F$3,\">=\"&$C$3),'Future Requirements'!$B:$B,IF($C$4=\"\",\"<=\"&$F$4,\"<=\"&$C$4),'Future Requirements'!$J:$J,IF($C$5=\"Yes\",\"Yes\",IF($C$5=\"No\",\"No\",\"<>Luke\")),'Future Requirements'!$AC:$AC,IF($C$6=\"Agreed\",\"Agreed\",IF($C$6=\"C/Fwd\",\"C/Fwd\",\"<>Luke\")),'Future Requirements'!$AA:$AA,$I$4),0)+\nIF($J$5=\"Include\",SUMIFS('Future Requirements'!$O:$O,'Future Requirements'!$H:$H,$B31,'Future Requirements'!$G:$G,R$26,'Future Requirements'!$B:$B,IF($C$3=\"\",\">=\"&$F$3,\">=\"&$C$3),'Future Requirements'!$B:$B,IF($C$4=\"\",\"<=\"&$F$4,\"<=\"&$C$4),'Future Requirements'!$J:$J,IF($C$5=\"Yes\",\"Yes\",IF($C$5=\"No\",\"No\",\"<>Luke\")),'Future Requirements'!$AC:$AC,IF($C$6=\"Agreed\",\"Agreed\",IF($C$6=\"C/Fwd\",\"C/Fwd\",\"<>Luke\")),'Future Requirements'!$AA:$AA,$I$5),0)+\nIF($J$6=\"Include\",SUMIFS('Future Requirements'!$O:$O,'Future Requirements'!$H:$H,$B31,'Future Requirements'!$G:$G,R$26,'Future Requirements'!$B:$B,IF($C$3=\"\",\">=\"&$F$3,\">=\"&$C$3),'Future Requirements'!$B:$B,IF($C$4=\"\",\"<=\"&$F$4,\"<=\"&$C$4),'Future Requirements'!$J:$J,IF($C$5=\"Yes\",\"Yes\",IF($C$5=\"No\",\"No\",\"<>Luke\")),'Future Requirements'!$AC:$AC,IF($C$6=\"Agreed\",\"Agreed\",IF($C$6=\"C/Fwd\",\"C/Fwd\",\"<>Luke\")),'Future Requirements'!$AA:$AA,$I$6),0)+\nIF($J$7=\"Include\",SUMIFS('Future Requirements'!$O:$O,'Future Requirements'!$H:$H,$B31,'Future Requirements'!$G:$G,R$26,'Future Requirements'!$B:$B,IF($C$3=\"\",\">=\"&$F$3,\">=\"&$C$3),'Future Requirements'!$B:$B,IF($C$4=\"\",\"<=\"&$F$4,\"<=\"&$C$4),'Future Requirements'!$J:$J,IF($C$5=\"Yes\",\"Yes\",IF($C$5=\"No\",\"No\",\"<>Luke\")),'Future Requirements'!$AC:$AC,IF($C$6=\"Agreed\",\"Agreed\",IF($C$6=\"C/Fwd\",\"C/Fwd\",\"<>Luke\")),'Future Requirements'!$AA:$AA,$I$7),0)","v":0},{"$f":"IF($J$3=\"Include\",SUMIFS('Future Requirements'!$O:$O,'Future Requirements'!$H:$H,$B31,'Future Requirements'!$G:$G,S$26,'Future Requirements'!$B:$B,IF($C$3=\"\",\">=\"&$F$3,\">=\"&$C$3),'Future Requirements'!$B:$B,IF($C$4=\"\",\"<=\"&$F$4,\"<=\"&$C$4),'Future Requirements'!$J:$J,IF($C$5=\"Yes\",\"Yes\",IF($C$5=\"No\",\"No\",\"<>Luke\")),'Future Requirements'!$AC:$AC,IF($C$6=\"Agreed\",\"Agreed\",IF($C$6=\"C/Fwd\",\"C/Fwd\",\"<>Luke\")),'Future Requirements'!$AA:$AA,$I$3),0)+\nIF($J$4=\"Include\",SUMIFS('Future Requirements'!$O:$O,'Future Requirements'!$H:$H,$B31,'Future Requirements'!$G:$G,S$26,'Future Requirements'!$B:$B,IF($C$3=\"\",\">=\"&$F$3,\">=\"&$C$3),'Future Requirements'!$B:$B,IF($C$4=\"\",\"<=\"&$F$4,\"<=\"&$C$4),'Future Requirements'!$J:$J,IF($C$5=\"Yes\",\"Yes\",IF($C$5=\"No\",\"No\",\"<>Luke\")),'Future Requirements'!$AC:$AC,IF($C$6=\"Agreed\",\"Agreed\",IF($C$6=\"C/Fwd\",\"C/Fwd\",\"<>Luke\")),'Future Requirements'!$AA:$AA,$I$4),0)+\nIF($J$5=\"Include\",SUMIFS('Future Requirements'!$O:$O,'Future Requirements'!$H:$H,$B31,'Future Requirements'!$G:$G,S$26,'Future Requirements'!$B:$B,IF($C$3=\"\",\">=\"&$F$3,\">=\"&$C$3),'Future Requirements'!$B:$B,IF($C$4=\"\",\"<=\"&$F$4,\"<=\"&$C$4),'Future Requirements'!$J:$J,IF($C$5=\"Yes\",\"Yes\",IF($C$5=\"No\",\"No\",\"<>Luke\")),'Future Requirements'!$AC:$AC,IF($C$6=\"Agreed\",\"Agreed\",IF($C$6=\"C/Fwd\",\"C/Fwd\",\"<>Luke\")),'Future Requirements'!$AA:$AA,$I$5),0)+\nIF($J$6=\"Include\",SUMIFS('Future Requirements'!$O:$O,'Future Requirements'!$H:$H,$B31,'Future Requirements'!$G:$G,S$26,'Future Requirements'!$B:$B,IF($C$3=\"\",\">=\"&$F$3,\">=\"&$C$3),'Future Requirements'!$B:$B,IF($C$4=\"\",\"<=\"&$F$4,\"<=\"&$C$4),'Future Requirements'!$J:$J,IF($C$5=\"Yes\",\"Yes\",IF($C$5=\"No\",\"No\",\"<>Luke\")),'Future Requirements'!$AC:$AC,IF($C$6=\"Agreed\",\"Agreed\",IF($C$6=\"C/Fwd\",\"C/Fwd\",\"<>Luke\")),'Future Requirements'!$AA:$AA,$I$6),0)+\nIF($J$7=\"Include\",SUMIFS('Future Requirements'!$O:$O,'Future Requirements'!$H:$H,$B31,'Future Requirements'!$G:$G,S$26,'Future Requirements'!$B:$B,IF($C$3=\"\",\">=\"&$F$3,\">=\"&$C$3),'Future Requirements'!$B:$B,IF($C$4=\"\",\"<=\"&$F$4,\"<=\"&$C$4),'Future Requirements'!$J:$J,IF($C$5=\"Yes\",\"Yes\",IF($C$5=\"No\",\"No\",\"<>Luke\")),'Future Requirements'!$AC:$AC,IF($C$6=\"Agreed\",\"Agreed\",IF($C$6=\"C/Fwd\",\"C/Fwd\",\"<>Luke\")),'Future Requirements'!$AA:$AA,$I$7),0)","v":0},0]
[null,"P",{"$f":"IF($J$3=\"Include\",SUMIFS('Future Requirements'!$O:$O,'Future Requirements'!$H:$H,$B32,'Future Requirements'!$G:$G,C$26,'Future Requirements'!$B:$B,IF($C$3=\"\",\">=\"&$F$3,\">=\"&$C$3),'Future Requirements'!$B:$B,IF($C$4=\"\",\"<=\"&$F$4,\"<=\"&$C$4),'Future Requirements'!$J:$J,IF($C$5=\"Yes\",\"Yes\",IF($C$5=\"No\",\"No\",\"<>Luke\")),'Future Requirements'!$AC:$AC,IF($C$6=\"Agreed\",\"Agreed\",IF($C$6=\"C/Fwd\",\"C/Fwd\",\"<>Luke\")),'Future Requirements'!$AA:$AA,$I$3),0)+\nIF($J$4=\"Include\",SUMIFS('Future Requirements'!$O:$O,'Future Requirements'!$H:$H,$B32,'Future Requirements'!$G:$G,C$26,'Future Requirements'!$B:$B,IF($C$3=\"\",\">=\"&$F$3,\">=\"&$C$3),'Future Requirements'!$B:$B,IF($C$4=\"\",\"<=\"&$F$4,\"<=\"&$C$4),'Future Requirements'!$J:$J,IF($C$5=\"Yes\",\"Yes\",IF($C$5=\"No\",\"No\",\"<>Luke\")),'Future Requirements'!$AC:$AC,IF($C$6=\"Agreed\",\"Agreed\",IF($C$6=\"C/Fwd\",\"C/Fwd\",\"<>Luke\")),'Future Requirements'!$AA:$AA,$I$4),0)+\nIF($J$5=\"Include\",SUMIFS('Future Requirements'!$O:$O,'Future Requirements'!$H:$H,$B32,'Future Requirements'!$G:$G,C$26,'Future Requirements'!$B:$B,IF($C$3=\"\",\">=\"&$F$3,\">=\"&$C$3),'Future Requirements'!$B:$B,IF($C$4=\"\",\"<=\"&$F$4,\"<=\"&$C$4),'Future Requirements'!$J:$J,IF($C$5=\"Yes\",\"Yes\",IF($C$5=\"No\",\"No\",\"<>Luke\")),'Future Requirements'!$AC:$AC,IF($C$6=\"Agreed\",\"Agreed\",IF($C$6=\"C/Fwd\",\"C/Fwd\",\"<>Luke\")),'Future Requirements'!$AA:$AA,$I$5),0)+\nIF($J$6=\"Include\",SUMIFS('Future Requirements'!$O:$O,'Future Requirements'!$H:$H,$B32,'Future Requirements'!$G:$G,C$26,'Future Requirements'!$B:$B,IF($C$3=\"\",\">=\"&$F$3,\">=\"&$C$3),'Future Requirements'!$B:$B,IF($C$4=\"\",\"<=\"&$F$4,\"<=\"&$C$4),'Future Requirements'!$J:$J,IF($C$5=\"Yes\",\"Yes\",IF($C$5=\"No\",\"No\",\"<>Luke\")),'Future Requirements'!$AC:$AC,IF($C$6=\"Agreed\",\"Agreed\",IF($C$6=\"C/Fwd\",\"C/Fwd\",\"<>Luke\")),'Future Requirements'!$AA:$AA,$I$6),0)+\nIF($J$7=\"Include\",SUMIFS('Future Requirements'!$O:$O,'Future Requirements'!$H:$H,$B32,'Future Requirements'!$G:$G,C$26,'Future Requirements'!$B:$B,IF($C$3=\"\",\">=\"&$F$3,\">=\"&$C$3),'Future Requirements'!$B:$B,IF($C$4=\"\",\"<=\"&$F$4,\"<=\"&$C$4),'Future Requirements'!$J:$J,IF($C$5=\"Yes\",\"Yes\",IF($C$5=\"No\",\"No\",\"<>Luke\")),'Future Requirements'!$AC:$AC,IF($C$6=\"Agreed\",\"Agreed\",IF($C$6=\"C/Fwd\",\"C/Fwd\",\"<>Luke\")),'Future Requirements'!$AA:$AA,$I$7),0)","v":0},{"$f":"IF($J$3=\"Include\",SUMIFS('Future Requirements'!$O:$O,'Future Requirements'!$H:$H,$B32,'Future Requirements'!$G:$G,D$26,'Future Requirements'!$B:$B,IF($C$3=\"\",\">=\"&$F$3,\">=\"&$C$3),'Future Requirements'!$B:$B,IF($C$4=\"\",\"<=\"&$F$4,\"<=\"&$C$4),'Future Requirements'!$J:$J,IF($C$5=\"Yes\",\"Yes\",IF($C$5=\"No\",\"No\",\"<>Luke\")),'Future Requirements'!$AC:$AC,IF($C$6=\"Agreed\",\"Agreed\",IF($C$6=\"C/Fwd\",\"C/Fwd\",\"<>Luke\")),'Future Requirements'!$AA:$AA,$I$3),0)+\nIF($J$4=\"Include\",SUMIFS('Future Requirements'!$O:$O,'Future Requirements'!$H:$H,$B32,'Future Requirements'!$G:$G,D$26,'Future Requirements'!$B:$B,IF($C$3=\"\",\">=\"&$F$3,\">=\"&$C$3),'Future Requirements'!$B:$B,IF($C$4=\"\",\"<=\"&$F$4,\"<=\"&$C$4),'Future Requirements'!$J:$J,IF($C$5=\"Yes\",\"Yes\",IF($C$5=\"No\",\"No\",\"<>Luke\")),'Future Requirements'!$AC:$AC,IF($C$6=\"Agreed\",\"Agreed\",IF($C$6=\"C/Fwd\",\"C/Fwd\",\"<>Luke\")),'Future Requirements'!$AA:$AA,$I$4),0)+\nIF($J$5=\"Include\",SUMIFS('Future Requirements'!$O:$O,'Future Requirements'!$H:$H,$B32,'Future Requirements'!$G:$G,D$26,'Future Requirements'!$B:$B,IF($C$3=\"\",\">=\"&$F$3,\">=\"&$C$3),'Future Requirements'!$B:$B,IF($C$4=\"\",\"<=\"&$F$4,\"<=\"&$C$4),'Future Requirements'!$J:$J,IF($C$5=\"Yes\",\"Yes\",IF($C$5=\"No\",\"No\",\"<>Luke\")),'Future Requirements'!$AC:$AC,IF($C$6=\"Agreed\",\"Agreed\",IF($C$6=\"C/Fwd\",\"C/Fwd\",\"<>Luke\")),'Future Requirements'!$AA:$AA,$I$5),0)+\nIF($J$6=\"Include\",SUMIFS('Future Requirements'!$O:$O,'Future Requirements'!$H:$H,$B32,'Future Requirements'!$G:$G,D$26,'Future Requirements'!$B:$B,IF($C$3=\"\",\">=\"&$F$3,\">=\"&$C$3),'Future Requirements'!$B:$B,IF($C$4=\"\",\"<=\"&$F$4,\"<=\"&$C$4),'Future Requirements'!$J:$J,IF($C$5=\"Yes\",\"Yes\",IF($C$5=\"No\",\"No\",\"<>Luke\")),'Future Requirements'!$AC:$AC,IF($C$6=\"Agreed\",\"Agreed\",IF($C$6=\"C/Fwd\",\"C/Fwd\",\"<>Luke\")),'Future Requirements'!$AA:$AA,$I$6),0)+\nIF($J$7=\"Include\",SUMIFS('Future Requirements'!$O:$O,'Future Requirements'!$H:$H,$B32,'Future Requirements'!$G:$G,D$26,'Future Requirements'!$B:$B,IF($C$3=\"\",\">=\"&$F$3,\">=\"&$C$3),'Future Requirements'!$B:$B,IF($C$4=\"\",\"<=\"&$F$4,\"<=\"&$C$4),'Future Requirements'!$J:$J,IF($C$5=\"Yes\",\"Yes\",IF($C$5=\"No\",\"No\",\"<>Luke\")),'Future Requirements'!$AC:$AC,IF($C$6=\"Agreed\",\"Agreed\",IF($C$6=\"C/Fwd\",\"C/Fwd\",\"<>Luke\")),'Future Requirements'!$AA:$AA,$I$7),0)","v":0},{"$f":"IF($J$3=\"Include\",SUMIFS('Future Requirements'!$O:$O,'Future Requirements'!$H:$H,$B32,'Future Requirements'!$G:$G,E$26,'Future Requirements'!$B:$B,IF($C$3=\"\",\">=\"&$F$3,\">=\"&$C$3),'Future Requirements'!$B:$B,IF($C$4=\"\",\"<=\"&$F$4,\"<=\"&$C$4),'Future Requirements'!$J:$J,IF($C$5=\"Yes\",\"Yes\",IF($C$5=\"No\",\"No\",\"<>Luke\")),'Future Requirements'!$AC:$AC,IF($C$6=\"Agreed\",\"Agreed\",IF($C$6=\"C/Fwd\",\"C/Fwd\",\"<>Luke\")),'Future Requirements'!$AA:$AA,$I$3),0)+\nIF($J$4=\"Include\",SUMIFS('Future Requirements'!$O:$O,'Future Requirements'!$H:$H,$B32,'Future Requirements'!$G:$G,E$26,'Future Requirements'!$B:$B,IF($C$3=\"\",\">=\"&$F$3,\">=\"&$C$3),'Future Requirements'!$B:$B,IF($C$4=\"\",\"<=\"&$F$4,\"<=\"&$C$4),'Future Requirements'!$J:$J,IF($C$5=\"Yes\",\"Yes\",IF($C$5=\"No\",\"No\",\"<>Luke\")),'Future Requirements'!$AC:$AC,IF($C$6=\"Agreed\",\"Agreed\",IF($C$6=\"C/Fwd\",\"C/Fwd\",\"<>Luke\")),'Future Requirements'!$AA:$AA,$I$4),0)+\nIF($J$5=\"Include\",SUMIFS('Future Requirements'!$O:$O,'Future Requirements'!$H:$H,$B32,'Future Requirements'!$G:$G,E$26,'Future Requirements'!$B:$B,IF($C$3=\"\",\">=\"&$F$3,\">=\"&$C$3),'Future Requirements'!$B:$B,IF($C$4=\"\",\"<=\"&$F$4,\"<=\"&$C$4),'Future Requirements'!$J:$J,IF($C$5=\"Yes\",\"Yes\",IF($C$5=\"No\",\"No\",\"<>Luke\")),'Future Requirements'!$AC:$AC,IF($C$6=\"Agreed\",\"Agreed\",IF($C$6=\"C/Fwd\",\"C/Fwd\",\"<>Luke\")),'Future Requirements'!$AA:$AA,$I$5),0)+\nIF($J$6=\"Include\",SUMIFS('Future Requirements'!$O:$O,'Future Requirements'!$H:$H,$B32,'Future Requirements'!$G:$G,E$26,'Future Requirements'!$B:$B,IF($C$3=\"\",\">=\"&$F$3,\">=\"&$C$3),'Future Requirements'!$B:$B,IF($C$4=\"\",\"<=\"&$F$4,\"<=\"&$C$4),'Future Requirements'!$J:$J,IF($C$5=\"Yes\",\"Yes\",IF($C$5=\"No\",\"No\",\"<>Luke\")),'Future Requirements'!$AC:$AC,IF($C$6=\"Agreed\",\"Agreed\",IF($C$6=\"C/Fwd\",\"C/Fwd\",\"<>Luke\")),'Future Requirements'!$AA:$AA,$I$6),0)+\nIF($J$7=\"Include\",SUMIFS('Future Requirements'!$O:$O,'Future Requirements'!$H:$H,$B32,'Future Requirements'!$G:$G,E$26,'Future Requirements'!$B:$B,IF($C$3=\"\",\">=\"&$F$3,\">=\"&$C$3),'Future Requirements'!$B:$B,IF($C$4=\"\",\"<=\"&$F$4,\"<=\"&$C$4),'Future Requirements'!$J:$J,IF($C$5=\"Yes\",\"Yes\",IF($C$5=\"No\",\"No\",\"<>Luke\")),'Future Requirements'!$AC:$AC,IF($C$6=\"Agreed\",\"Agreed\",IF($C$6=\"C/Fwd\",\"C/Fwd\",\"<>Luke\")),'Future Requirements'!$AA:$AA,$I$7),0)","v":0},{"$f":"IF($J$3=\"Include\",SUMIFS('Future Requirements'!$O:$O,'Future Requirements'!$H:$H,$B32,'Future Requirements'!$G:$G,F$26,'Future Requirements'!$B:$B,IF($C$3=\"\",\">=\"&$F$3,\">=\"&$C$3),'Future Requirements'!$B:$B,IF($C$4=\"\",\"<=\"&$F$4,\"<=\"&$C$4),'Future Requirements'!$J:$J,IF($C$5=\"Yes\",\"Yes\",IF($C$5=\"No\",\"No\",\"<>Luke\")),'Future Requirements'!$AC:$AC,IF($C$6=\"Agreed\",\"Agreed\",IF($C$6=\"C/Fwd\",\"C/Fwd\",\"<>Luke\")),'Future Requirements'!$AA:$AA,$I$3),0)+\nIF($J$4=\"Include\",SUMIFS('Future Requirements'!$O:$O,'Future Requirements'!$H:$H,$B32,'Future Requirements'!$G:$G,F$26,'Future Requirements'!$B:$B,IF($C$3=\"\",\">=\"&$F$3,\">=\"&$C$3),'Future Requirements'!$B:$B,IF($C$4=\"\",\"<=\"&$F$4,\"<=\"&$C$4),'Future Requirements'!$J:$J,IF($C$5=\"Yes\",\"Yes\",IF($C$5=\"No\",\"No\",\"<>Luke\")),'Future Requirements'!$AC:$AC,IF($C$6=\"Agreed\",\"Agreed\",IF($C$6=\"C/Fwd\",\"C/Fwd\",\"<>Luke\")),'Future Requirements'!$AA:$AA,$I$4),0)+\nIF($J$5=\"Include\",SUMIFS('Future Requirements'!$O:$O,'Future Requirements'!$H:$H,$B32,'Future Requirements'!$G:$G,F$26,'Future Requirements'!$B:$B,IF($C$3=\"\",\">=\"&$F$3,\">=\"&$C$3),'Future Requirements'!$B:$B,IF($C$4=\"\",\"<=\"&$F$4,\"<=\"&$C$4),'Future Requirements'!$J:$J,IF($C$5=\"Yes\",\"Yes\",IF($C$5=\"No\",\"No\",\"<>Luke\")),'Future Requirements'!$AC:$AC,IF($C$6=\"Agreed\",\"Agreed\",IF($C$6=\"C/Fwd\",\"C/Fwd\",\"<>Luke\")),'Future Requirements'!$AA:$AA,$I$5),0)+\nIF($J$6=\"Include\",SUMIFS('Future Requirements'!$O:$O,'Future Requirements'!$H:$H,$B32,'Future Requirements'!$G:$G,F$26,'Future Requirements'!$B:$B,IF($C$3=\"\",\">=\"&$F$3,\">=\"&$C$3),'Future Requirements'!$B:$B,IF($C$4=\"\",\"<=\"&$F$4,\"<=\"&$C$4),'Future Requirements'!$J:$J,IF($C$5=\"Yes\",\"Yes\",IF($C$5=\"No\",\"No\",\"<>Luke\")),'Future Requirements'!$AC:$AC,IF($C$6=\"Agreed\",\"Agreed\",IF($C$6=\"C/Fwd\",\"C/Fwd\",\"<>Luke\")),'Future Requirements'!$AA:$AA,$I$6),0)+\nIF($J$7=\"Include\",SUMIFS('Future Requirements'!$O:$O,'Future Requirements'!$H:$H,$B32,'Future Requirements'!$G:$G,F$26,'Future Requirements'!$B:$B,IF($C$3=\"\",\">=\"&$F$3,\">=\"&$C$3),'Future Requirements'!$B:$B,IF($C$4=\"\",\"<=\"&$F$4,\"<=\"&$C$4),'Future Requirements'!$J:$J,IF($C$5=\"Yes\",\"Yes\",IF($C$5=\"No\",\"No\",\"<>Luke\")),'Future Requirements'!$AC:$AC,IF($C$6=\"Agreed\",\"Agreed\",IF($C$6=\"C/Fwd\",\"C/Fwd\",\"<>Luke\")),'Future Requirements'!$AA:$AA,$I$7),0)","v":0},{"$f":"IF($J$3=\"Include\",SUMIFS('Future Requirements'!$O:$O,'Future Requirements'!$H:$H,$B32,'Future Requirements'!$G:$G,G$26,'Future Requirements'!$B:$B,IF($C$3=\"\",\">=\"&$F$3,\">=\"&$C$3),'Future Requirements'!$B:$B,IF($C$4=\"\",\"<=\"&$F$4,\"<=\"&$C$4),'Future Requirements'!$J:$J,IF($C$5=\"Yes\",\"Yes\",IF($C$5=\"No\",\"No\",\"<>Luke\")),'Future Requirements'!$AC:$AC,IF($C$6=\"Agreed\",\"Agreed\",IF($C$6=\"C/Fwd\",\"C/Fwd\",\"<>Luke\")),'Future Requirements'!$AA:$AA,$I$3),0)+\nIF($J$4=\"Include\",SUMIFS('Future Requirements'!$O:$O,'Future Requirements'!$H:$H,$B32,'Future Requirements'!$G:$G,G$26,'Future Requirements'!$B:$B,IF($C$3=\"\",\">=\"&$F$3,\">=\"&$C$3),'Future Requirements'!$B:$B,IF($C$4=\"\",\"<=\"&$F$4,\"<=\"&$C$4),'Future Requirements'!$J:$J,IF($C$5=\"Yes\",\"Yes\",IF($C$5=\"No\",\"No\",\"<>Luke\")),'Future Requirements'!$AC:$AC,IF($C$6=\"Agreed\",\"Agreed\",IF($C$6=\"C/Fwd\",\"C/Fwd\",\"<>Luke\")),'Future Requirements'!$AA:$AA,$I$4),0)+\nIF($J$5=\"Include\",SUMIFS('Future Requirements'!$O:$O,'Future Requirements'!$H:$H,$B32,'Future Requirements'!$G:$G,G$26,'Future Requirements'!$B:$B,IF($C$3=\"\",\">=\"&$F$3,\">=\"&$C$3),'Future Requirements'!$B:$B,IF($C$4=\"\",\"<=\"&$F$4,\"<=\"&$C$4),'Future Requirements'!$J:$J,IF($C$5=\"Yes\",\"Yes\",IF($C$5=\"No\",\"No\",\"<>Luke\")),'Future Requirements'!$AC:$AC,IF($C$6=\"Agreed\",\"Agreed\",IF($C$6=\"C/Fwd\",\"C/Fwd\",\"<>Luke\")),'Future Requirements'!$AA:$AA,$I$5),0)+\nIF($J$6=\"Include\",SUMIFS('Future Requirements'!$O:$O,'Future Requirements'!$H:$H,$B32,'Future Requirements'!$G:$G,G$26,'Future Requirements'!$B:$B,IF($C$3=\"\",\">=\"&$F$3,\">=\"&$C$3),'Future Requirements'!$B:$B,IF($C$4=\"\",\"<=\"&$F$4,\"<=\"&$C$4),'Future Requirements'!$J:$J,IF($C$5=\"Yes\",\"Yes\",IF($C$5=\"No\",\"No\",\"<>Luke\")),'Future Requirements'!$AC:$AC,IF($C$6=\"Agreed\",\"Agreed\",IF($C$6=\"C/Fwd\",\"C/Fwd\",\"<>Luke\")),'Future Requirements'!$AA:$AA,$I$6),0)+\nIF($J$7=\"Include\",SUMIFS('Future Requirements'!$O:$O,'Future Requirements'!$H:$H,$B32,'Future Requirements'!$G:$G,G$26,'Future Requirements'!$B:$B,IF($C$3=\"\",\">=\"&$F$3,\">=\"&$C$3),'Future Requirements'!$B:$B,IF($C$4=\"\",\"<=\"&$F$4,\"<=\"&$C$4),'Future Requirements'!$J:$J,IF($C$5=\"Yes\",\"Yes\",IF($C$5=\"No\",\"No\",\"<>Luke\")),'Future Requirements'!$AC:$AC,IF($C$6=\"Agreed\",\"Agreed\",IF($C$6=\"C/Fwd\",\"C/Fwd\",\"<>Luke\")),'Future Requirements'!$AA:$AA,$I$7),0)","v":0},{"$f":"IF($J$3=\"Include\",SUMIFS('Future Requirements'!$O:$O,'Future Requirements'!$H:$H,$B32,'Future Requirements'!$G:$G,H$26,'Future Requirements'!$B:$B,IF($C$3=\"\",\">=\"&$F$3,\">=\"&$C$3),'Future Requirements'!$B:$B,IF($C$4=\"\",\"<=\"&$F$4,\"<=\"&$C$4),'Future Requirements'!$J:$J,IF($C$5=\"Yes\",\"Yes\",IF($C$5=\"No\",\"No\",\"<>Luke\")),'Future Requirements'!$AC:$AC,IF($C$6=\"Agreed\",\"Agreed\",IF($C$6=\"C/Fwd\",\"C/Fwd\",\"<>Luke\")),'Future Requirements'!$AA:$AA,$I$3),0)+\nIF($J$4=\"Include\",SUMIFS('Future Requirements'!$O:$O,'Future Requirements'!$H:$H,$B32,'Future Requirements'!$G:$G,H$26,'Future Requirements'!$B:$B,IF($C$3=\"\",\">=\"&$F$3,\">=\"&$C$3),'Future Requirements'!$B:$B,IF($C$4=\"\",\"<=\"&$F$4,\"<=\"&$C$4),'Future Requirements'!$J:$J,IF($C$5=\"Yes\",\"Yes\",IF($C$5=\"No\",\"No\",\"<>Luke\")),'Future Requirements'!$AC:$AC,IF($C$6=\"Agreed\",\"Agreed\",IF($C$6=\"C/Fwd\",\"C/Fwd\",\"<>Luke\")),'Future Requirements'!$AA:$AA,$I$4),0)+\nIF($J$5=\"Include\",SUMIFS('Future Requirements'!$O:$O,'Future Requirements'!$H:$H,$B32,'Future Requirements'!$G:$G,H$26,'Future Requirements'!$B:$B,IF($C$3=\"\",\">=\"&$F$3,\">=\"&$C$3),'Future Requirements'!$B:$B,IF($C$4=\"\",\"<=\"&$F$4,\"<=\"&$C$4),'Future Requirements'!$J:$J,IF($C$5=\"Yes\",\"Yes\",IF($C$5=\"No\",\"No\",\"<>Luke\")),'Future Requirements'!$AC:$AC,IF($C$6=\"Agreed\",\"Agreed\",IF($C$6=\"C/Fwd\",\"C/Fwd\",\"<>Luke\")),'Future Requirements'!$AA:$AA,$I$5),0)+\nIF($J$6=\"Include\",SUMIFS('Future Requirements'!$O:$O,'Future Requirements'!$H:$H,$B32,'Future Requirements'!$G:$G,H$26,'Future Requirements'!$B:$B,IF($C$3=\"\",\">=\"&$F$3,\">=\"&$C$3),'Future Requirements'!$B:$B,IF($C$4=\"\",\"<=\"&$F$4,\"<=\"&$C$4),'Future Requirements'!$J:$J,IF($C$5=\"Yes\",\"Yes\",IF($C$5=\"No\",\"No\",\"<>Luke\")),'Future Requirements'!$AC:$AC,IF($C$6=\"Agreed\",\"Agreed\",IF($C$6=\"C/Fwd\",\"C/Fwd\",\"<>Luke\")),'Future Requirements'!$AA:$AA,$I$6),0)+\nIF($J$7=\"Include\",SUMIFS('Future Requirements'!$O:$O,'Future Requirements'!$H:$H,$B32,'Future Requirements'!$G:$G,H$26,'Future Requirements'!$B:$B,IF($C$3=\"\",\">=\"&$F$3,\">=\"&$C$3),'Future Requirements'!$B:$B,IF($C$4=\"\",\"<=\"&$F$4,\"<=\"&$C$4),'Future Requirements'!$J:$J,IF($C$5=\"Yes\",\"Yes\",IF($C$5=\"No\",\"No\",\"<>Luke\")),'Future Requirements'!$AC:$AC,IF($C$6=\"Agreed\",\"Agreed\",IF($C$6=\"C/Fwd\",\"C/Fwd\",\"<>Luke\")),'Future Requirements'!$AA:$AA,$I$7),0)","v":0},{"$f":"IF($J$3=\"Include\",SUMIFS('Future Requirements'!$O:$O,'Future Requirements'!$H:$H,$B32,'Future Requirements'!$G:$G,I$26,'Future Requirements'!$B:$B,IF($C$3=\"\",\">=\"&$F$3,\">=\"&$C$3),'Future Requirements'!$B:$B,IF($C$4=\"\",\"<=\"&$F$4,\"<=\"&$C$4),'Future Requirements'!$J:$J,IF($C$5=\"Yes\",\"Yes\",IF($C$5=\"No\",\"No\",\"<>Luke\")),'Future Requirements'!$AC:$AC,IF($C$6=\"Agreed\",\"Agreed\",IF($C$6=\"C/Fwd\",\"C/Fwd\",\"<>Luke\")),'Future Requirements'!$AA:$AA,$I$3),0)+\nIF($J$4=\"Include\",SUMIFS('Future Requirements'!$O:$O,'Future Requirements'!$H:$H,$B32,'Future Requirements'!$G:$G,I$26,'Future Requirements'!$B:$B,IF($C$3=\"\",\">=\"&$F$3,\">=\"&$C$3),'Future Requirements'!$B:$B,IF($C$4=\"\",\"<=\"&$F$4,\"<=\"&$C$4),'Future Requirements'!$J:$J,IF($C$5=\"Yes\",\"Yes\",IF($C$5=\"No\",\"No\",\"<>Luke\")),'Future Requirements'!$AC:$AC,IF($C$6=\"Agreed\",\"Agreed\",IF($C$6=\"C/Fwd\",\"C/Fwd\",\"<>Luke\")),'Future Requirements'!$AA:$AA,$I$4),0)+\nIF($J$5=\"Include\",SUMIFS('Future Requirements'!$O:$O,'Future Requirements'!$H:$H,$B32,'Future Requirements'!$G:$G,I$26,'Future Requirements'!$B:$B,IF($C$3=\"\",\">=\"&$F$3,\">=\"&$C$3),'Future Requirements'!$B:$B,IF($C$4=\"\",\"<=\"&$F$4,\"<=\"&$C$4),'Future Requirements'!$J:$J,IF($C$5=\"Yes\",\"Yes\",IF($C$5=\"No\",\"No\",\"<>Luke\")),'Future Requirements'!$AC:$AC,IF($C$6=\"Agreed\",\"Agreed\",IF($C$6=\"C/Fwd\",\"C/Fwd\",\"<>Luke\")),'Future Requirements'!$AA:$AA,$I$5),0)+\nIF($J$6=\"Include\",SUMIFS('Future Requirements'!$O:$O,'Future Requirements'!$H:$H,$B32,'Future Requirements'!$G:$G,I$26,'Future Requirements'!$B:$B,IF($C$3=\"\",\">=\"&$F$3,\">=\"&$C$3),'Future Requirements'!$B:$B,IF($C$4=\"\",\"<=\"&$F$4,\"<=\"&$C$4),'Future Requirements'!$J:$J,IF($C$5=\"Yes\",\"Yes\",IF($C$5=\"No\",\"No\",\"<>Luke\")),'Future Requirements'!$AC:$AC,IF($C$6=\"Agreed\",\"Agreed\",IF($C$6=\"C/Fwd\",\"C/Fwd\",\"<>Luke\")),'Future Requirements'!$AA:$AA,$I$6),0)+\nIF($J$7=\"Include\",SUMIFS('Future Requirements'!$O:$O,'Future Requirements'!$H:$H,$B32,'Future Requirements'!$G:$G,I$26,'Future Requirements'!$B:$B,IF($C$3=\"\",\">=\"&$F$3,\">=\"&$C$3),'Future Requirements'!$B:$B,IF($C$4=\"\",\"<=\"&$F$4,\"<=\"&$C$4),'Future Requirements'!$J:$J,IF($C$5=\"Yes\",\"Yes\",IF($C$5=\"No\",\"No\",\"<>Luke\")),'Future Requirements'!$AC:$AC,IF($C$6=\"Agreed\",\"Agreed\",IF($C$6=\"C/Fwd\",\"C/Fwd\",\"<>Luke\")),'Future Requirements'!$AA:$AA,$I$7),0)","v":0},{"$f":"IF($J$3=\"Include\",SUMIFS('Future Requirements'!$O:$O,'Future Requirements'!$H:$H,$B32,'Future Requirements'!$G:$G,J$26,'Future Requirements'!$B:$B,IF($C$3=\"\",\">=\"&$F$3,\">=\"&$C$3),'Future Requirements'!$B:$B,IF($C$4=\"\",\"<=\"&$F$4,\"<=\"&$C$4),'Future Requirements'!$J:$J,IF($C$5=\"Yes\",\"Yes\",IF($C$5=\"No\",\"No\",\"<>Luke\")),'Future Requirements'!$AC:$AC,IF($C$6=\"Agreed\",\"Agreed\",IF($C$6=\"C/Fwd\",\"C/Fwd\",\"<>Luke\")),'Future Requirements'!$AA:$AA,$I$3),0)+\nIF($J$4=\"Include\",SUMIFS('Future Requirements'!$O:$O,'Future Requirements'!$H:$H,$B32,'Future Requirements'!$G:$G,J$26,'Future Requirements'!$B:$B,IF($C$3=\"\",\">=\"&$F$3,\">=\"&$C$3),'Future Requirements'!$B:$B,IF($C$4=\"\",\"<=\"&$F$4,\"<=\"&$C$4),'Future Requirements'!$J:$J,IF($C$5=\"Yes\",\"Yes\",IF($C$5=\"No\",\"No\",\"<>Luke\")),'Future Requirements'!$AC:$AC,IF($C$6=\"Agreed\",\"Agreed\",IF($C$6=\"C/Fwd\",\"C/Fwd\",\"<>Luke\")),'Future Requirements'!$AA:$AA,$I$4),0)+\nIF($J$5=\"Include\",SUMIFS('Future Requirements'!$O:$O,'Future Requirements'!$H:$H,$B32,'Future Requirements'!$G:$G,J$26,'Future Requirements'!$B:$B,IF($C$3=\"\",\">=\"&$F$3,\">=\"&$C$3),'Future Requirements'!$B:$B,IF($C$4=\"\",\"<=\"&$F$4,\"<=\"&$C$4),'Future Requirements'!$J:$J,IF($C$5=\"Yes\",\"Yes\",IF($C$5=\"No\",\"No\",\"<>Luke\")),'Future Requirements'!$AC:$AC,IF($C$6=\"Agreed\",\"Agreed\",IF($C$6=\"C/Fwd\",\"C/Fwd\",\"<>Luke\")),'Future Requirements'!$AA:$AA,$I$5),0)+\nIF($J$6=\"Include\",SUMIFS('Future Requirements'!$O:$O,'Future Requirements'!$H:$H,$B32,'Future Requirements'!$G:$G,J$26,'Future Requirements'!$B:$B,IF($C$3=\"\",\">=\"&$F$3,\">=\"&$C$3),'Future Requirements'!$B:$B,IF($C$4=\"\",\"<=\"&$F$4,\"<=\"&$C$4),'Future Requirements'!$J:$J,IF($C$5=\"Yes\",\"Yes\",IF($C$5=\"No\",\"No\",\"<>Luke\")),'Future Requirements'!$AC:$AC,IF($C$6=\"Agreed\",\"Agreed\",IF($C$6=\"C/Fwd\",\"C/Fwd\",\"<>Luke\")),'Future Requirements'!$AA:$AA,$I$6),0)+\nIF($J$7=\"Include\",SUMIFS('Future Requirements'!$O:$O,'Future Requirements'!$H:$H,$B32,'Future Requirements'!$G:$G,J$26,'Future Requirements'!$B:$B,IF($C$3=\"\",\">=\"&$F$3,\">=\"&$C$3),'Future Requirements'!$B:$B,IF($C$4=\"\",\"<=\"&$F$4,\"<=\"&$C$4),'Future Requirements'!$J:$J,IF($C$5=\"Yes\",\"Yes\",IF($C$5=\"No\",\"No\",\"<>Luke\")),'Future Requirements'!$AC:$AC,IF($C$6=\"Agreed\",\"Agreed\",IF($C$6=\"C/Fwd\",\"C/Fwd\",\"<>Luke\")),'Future Requirements'!$AA:$AA,$I$7),0)","v":0},{"$f":"IF($J$3=\"Include\",SUMIFS('Future Requirements'!$O:$O,'Future Requirements'!$H:$H,$B32,'Future Requirements'!$G:$G,K$26,'Future Requirements'!$B:$B,IF($C$3=\"\",\">=\"&$F$3,\">=\"&$C$3),'Future Requirements'!$B:$B,IF($C$4=\"\",\"<=\"&$F$4,\"<=\"&$C$4),'Future Requirements'!$J:$J,IF($C$5=\"Yes\",\"Yes\",IF($C$5=\"No\",\"No\",\"<>Luke\")),'Future Requirements'!$AC:$AC,IF($C$6=\"Agreed\",\"Agreed\",IF($C$6=\"C/Fwd\",\"C/Fwd\",\"<>Luke\")),'Future Requirements'!$AA:$AA,$I$3),0)+\nIF($J$4=\"Include\",SUMIFS('Future Requirements'!$O:$O,'Future Requirements'!$H:$H,$B32,'Future Requirements'!$G:$G,K$26,'Future Requirements'!$B:$B,IF($C$3=\"\",\">=\"&$F$3,\">=\"&$C$3),'Future Requirements'!$B:$B,IF($C$4=\"\",\"<=\"&$F$4,\"<=\"&$C$4),'Future Requirements'!$J:$J,IF($C$5=\"Yes\",\"Yes\",IF($C$5=\"No\",\"No\",\"<>Luke\")),'Future Requirements'!$AC:$AC,IF($C$6=\"Agreed\",\"Agreed\",IF($C$6=\"C/Fwd\",\"C/Fwd\",\"<>Luke\")),'Future Requirements'!$AA:$AA,$I$4),0)+\nIF($J$5=\"Include\",SUMIFS('Future Requirements'!$O:$O,'Future Requirements'!$H:$H,$B32,'Future Requirements'!$G:$G,K$26,'Future Requirements'!$B:$B,IF($C$3=\"\",\">=\"&$F$3,\">=\"&$C$3),'Future Requirements'!$B:$B,IF($C$4=\"\",\"<=\"&$F$4,\"<=\"&$C$4),'Future Requirements'!$J:$J,IF($C$5=\"Yes\",\"Yes\",IF($C$5=\"No\",\"No\",\"<>Luke\")),'Future Requirements'!$AC:$AC,IF($C$6=\"Agreed\",\"Agreed\",IF($C$6=\"C/Fwd\",\"C/Fwd\",\"<>Luke\")),'Future Requirements'!$AA:$AA,$I$5),0)+\nIF($J$6=\"Include\",SUMIFS('Future Requirements'!$O:$O,'Future Requirements'!$H:$H,$B32,'Future Requirements'!$G:$G,K$26,'Future Requirements'!$B:$B,IF($C$3=\"\",\">=\"&$F$3,\">=\"&$C$3),'Future Requirements'!$B:$B,IF($C$4=\"\",\"<=\"&$F$4,\"<=\"&$C$4),'Future Requirements'!$J:$J,IF($C$5=\"Yes\",\"Yes\",IF($C$5=\"No\",\"No\",\"<>Luke\")),'Future Requirements'!$AC:$AC,IF($C$6=\"Agreed\",\"Agreed\",IF($C$6=\"C/Fwd\",\"C/Fwd\",\"<>Luke\")),'Future Requirements'!$AA:$AA,$I$6),0)+\nIF($J$7=\"Include\",SUMIFS('Future Requirements'!$O:$O,'Future Requirements'!$H:$H,$B32,'Future Requirements'!$G:$G,K$26,'Future Requirements'!$B:$B,IF($C$3=\"\",\">=\"&$F$3,\">=\"&$C$3),'Future Requirements'!$B:$B,IF($C$4=\"\",\"<=\"&$F$4,\"<=\"&$C$4),'Future Requirements'!$J:$J,IF($C$5=\"Yes\",\"Yes\",IF($C$5=\"No\",\"No\",\"<>Luke\")),'Future Requirements'!$AC:$AC,IF($C$6=\"Agreed\",\"Agreed\",IF($C$6=\"C/Fwd\",\"C/Fwd\",\"<>Luke\")),'Future Requirements'!$AA:$AA,$I$7),0)","v":0},{"$f":"IF($J$3=\"Include\",SUMIFS('Future Requirements'!$O:$O,'Future Requirements'!$H:$H,$B32,'Future Requirements'!$G:$G,L$26,'Future Requirements'!$B:$B,IF($C$3=\"\",\">=\"&$F$3,\">=\"&$C$3),'Future Requirements'!$B:$B,IF($C$4=\"\",\"<=\"&$F$4,\"<=\"&$C$4),'Future Requirements'!$J:$J,IF($C$5=\"Yes\",\"Yes\",IF($C$5=\"No\",\"No\",\"<>Luke\")),'Future Requirements'!$AC:$AC,IF($C$6=\"Agreed\",\"Agreed\",IF($C$6=\"C/Fwd\",\"C/Fwd\",\"<>Luke\")),'Future Requirements'!$AA:$AA,$I$3),0)+\nIF($J$4=\"Include\",SUMIFS('Future Requirements'!$O:$O,'Future Requirements'!$H:$H,$B32,'Future Requirements'!$G:$G,L$26,'Future Requirements'!$B:$B,IF($C$3=\"\",\">=\"&$F$3,\">=\"&$C$3),'Future Requirements'!$B:$B,IF($C$4=\"\",\"<=\"&$F$4,\"<=\"&$C$4),'Future Requirements'!$J:$J,IF($C$5=\"Yes\",\"Yes\",IF($C$5=\"No\",\"No\",\"<>Luke\")),'Future Requirements'!$AC:$AC,IF($C$6=\"Agreed\",\"Agreed\",IF($C$6=\"C/Fwd\",\"C/Fwd\",\"<>Luke\")),'Future Requirements'!$AA:$AA,$I$4),0)+\nIF($J$5=\"Include\",SUMIFS('Future Requirements'!$O:$O,'Future Requirements'!$H:$H,$B32,'Future Requirements'!$G:$G,L$26,'Future Requirements'!$B:$B,IF($C$3=\"\",\">=\"&$F$3,\">=\"&$C$3),'Future Requirements'!$B:$B,IF($C$4=\"\",\"<=\"&$F$4,\"<=\"&$C$4),'Future Requirements'!$J:$J,IF($C$5=\"Yes\",\"Yes\",IF($C$5=\"No\",\"No\",\"<>Luke\")),'Future Requirements'!$AC:$AC,IF($C$6=\"Agreed\",\"Agreed\",IF($C$6=\"C/Fwd\",\"C/Fwd\",\"<>Luke\")),'Future Requirements'!$AA:$AA,$I$5),0)+\nIF($J$6=\"Include\",SUMIFS('Future Requirements'!$O:$O,'Future Requirements'!$H:$H,$B32,'Future Requirements'!$G:$G,L$26,'Future Requirements'!$B:$B,IF($C$3=\"\",\">=\"&$F$3,\">=\"&$C$3),'Future Requirements'!$B:$B,IF($C$4=\"\",\"<=\"&$F$4,\"<=\"&$C$4),'Future Requirements'!$J:$J,IF($C$5=\"Yes\",\"Yes\",IF($C$5=\"No\",\"No\",\"<>Luke\")),'Future Requirements'!$AC:$AC,IF($C$6=\"Agreed\",\"Agreed\",IF($C$6=\"C/Fwd\",\"C/Fwd\",\"<>Luke\")),'Future Requirements'!$AA:$AA,$I$6),0)+\nIF($J$7=\"Include\",SUMIFS('Future Requirements'!$O:$O,'Future Requirements'!$H:$H,$B32,'Future Requirements'!$G:$G,L$26,'Future Requirements'!$B:$B,IF($C$3=\"\",\">=\"&$F$3,\">=\"&$C$3),'Future Requirements'!$B:$B,IF($C$4=\"\",\"<=\"&$F$4,\"<=\"&$C$4),'Future Requirements'!$J:$J,IF($C$5=\"Yes\",\"Yes\",IF($C$5=\"No\",\"No\",\"<>Luke\")),'Future Requirements'!$AC:$AC,IF($C$6=\"Agreed\",\"Agreed\",IF($C$6=\"C/Fwd\",\"C/Fwd\",\"<>Luke\")),'Future Requirements'!$AA:$AA,$I$7),0)","v":0},{"$f":"IF($J$3=\"Include\",SUMIFS('Future Requirements'!$O:$O,'Future Requirements'!$H:$H,$B32,'Future Requirements'!$G:$G,M$26,'Future Requirements'!$B:$B,IF($C$3=\"\",\">=\"&$F$3,\">=\"&$C$3),'Future Requirements'!$B:$B,IF($C$4=\"\",\"<=\"&$F$4,\"<=\"&$C$4),'Future Requirements'!$J:$J,IF($C$5=\"Yes\",\"Yes\",IF($C$5=\"No\",\"No\",\"<>Luke\")),'Future Requirements'!$AC:$AC,IF($C$6=\"Agreed\",\"Agreed\",IF($C$6=\"C/Fwd\",\"C/Fwd\",\"<>Luke\")),'Future Requirements'!$AA:$AA,$I$3),0)+\nIF($J$4=\"Include\",SUMIFS('Future Requirements'!$O:$O,'Future Requirements'!$H:$H,$B32,'Future Requirements'!$G:$G,M$26,'Future Requirements'!$B:$B,IF($C$3=\"\",\">=\"&$F$3,\">=\"&$C$3),'Future Requirements'!$B:$B,IF($C$4=\"\",\"<=\"&$F$4,\"<=\"&$C$4),'Future Requirements'!$J:$J,IF($C$5=\"Yes\",\"Yes\",IF($C$5=\"No\",\"No\",\"<>Luke\")),'Future Requirements'!$AC:$AC,IF($C$6=\"Agreed\",\"Agreed\",IF($C$6=\"C/Fwd\",\"C/Fwd\",\"<>Luke\")),'Future Requirements'!$AA:$AA,$I$4),0)+\nIF($J$5=\"Include\",SUMIFS('Future Requirements'!$O:$O,'Future Requirements'!$H:$H,$B32,'Future Requirements'!$G:$G,M$26,'Future Requirements'!$B:$B,IF($C$3=\"\",\">=\"&$F$3,\">=\"&$C$3),'Future Requirements'!$B:$B,IF($C$4=\"\",\"<=\"&$F$4,\"<=\"&$C$4),'Future Requirements'!$J:$J,IF($C$5=\"Yes\",\"Yes\",IF($C$5=\"No\",\"No\",\"<>Luke\")),'Future Requirements'!$AC:$AC,IF($C$6=\"Agreed\",\"Agreed\",IF($C$6=\"C/Fwd\",\"C/Fwd\",\"<>Luke\")),'Future Requirements'!$AA:$AA,$I$5),0)+\nIF($J$6=\"Include\",SUMIFS('Future Requirements'!$O:$O,'Future Requirements'!$H:$H,$B32,'Future Requirements'!$G:$G,M$26,'Future Requirements'!$B:$B,IF($C$3=\"\",\">=\"&$F$3,\">=\"&$C$3),'Future Requirements'!$B:$B,IF($C$4=\"\",\"<=\"&$F$4,\"<=\"&$C$4),'Future Requirements'!$J:$J,IF($C$5=\"Yes\",\"Yes\",IF($C$5=\"No\",\"No\",\"<>Luke\")),'Future Requirements'!$AC:$AC,IF($C$6=\"Agreed\",\"Agreed\",IF($C$6=\"C/Fwd\",\"C/Fwd\",\"<>Luke\")),'Future Requirements'!$AA:$AA,$I$6),0)+\nIF($J$7=\"Include\",SUMIFS('Future Requirements'!$O:$O,'Future Requirements'!$H:$H,$B32,'Future Requirements'!$G:$G,M$26,'Future Requirements'!$B:$B,IF($C$3=\"\",\">=\"&$F$3,\">=\"&$C$3),'Future Requirements'!$B:$B,IF($C$4=\"\",\"<=\"&$F$4,\"<=\"&$C$4),'Future Requirements'!$J:$J,IF($C$5=\"Yes\",\"Yes\",IF($C$5=\"No\",\"No\",\"<>Luke\")),'Future Requirements'!$AC:$AC,IF($C$6=\"Agreed\",\"Agreed\",IF($C$6=\"C/Fwd\",\"C/Fwd\",\"<>Luke\")),'Future Requirements'!$AA:$AA,$I$7),0)","v":0},{"$f":"IF($J$3=\"Include\",SUMIFS('Future Requirements'!$O:$O,'Future Requirements'!$H:$H,$B32,'Future Requirements'!$G:$G,N$26,'Future Requirements'!$B:$B,IF($C$3=\"\",\">=\"&$F$3,\">=\"&$C$3),'Future Requirements'!$B:$B,IF($C$4=\"\",\"<=\"&$F$4,\"<=\"&$C$4),'Future Requirements'!$J:$J,IF($C$5=\"Yes\",\"Yes\",IF($C$5=\"No\",\"No\",\"<>Luke\")),'Future Requirements'!$AC:$AC,IF($C$6=\"Agreed\",\"Agreed\",IF($C$6=\"C/Fwd\",\"C/Fwd\",\"<>Luke\")),'Future Requirements'!$AA:$AA,$I$3),0)+\nIF($J$4=\"Include\",SUMIFS('Future Requirements'!$O:$O,'Future Requirements'!$H:$H,$B32,'Future Requirements'!$G:$G,N$26,'Future Requirements'!$B:$B,IF($C$3=\"\",\">=\"&$F$3,\">=\"&$C$3),'Future Requirements'!$B:$B,IF($C$4=\"\",\"<=\"&$F$4,\"<=\"&$C$4),'Future Requirements'!$J:$J,IF($C$5=\"Yes\",\"Yes\",IF($C$5=\"No\",\"No\",\"<>Luke\")),'Future Requirements'!$AC:$AC,IF($C$6=\"Agreed\",\"Agreed\",IF($C$6=\"C/Fwd\",\"C/Fwd\",\"<>Luke\")),'Future Requirements'!$AA:$AA,$I$4),0)+\nIF($J$5=\"Include\",SUMIFS('Future Requirements'!$O:$O,'Future Requirements'!$H:$H,$B32,'Future Requirements'!$G:$G,N$26,'Future Requirements'!$B:$B,IF($C$3=\"\",\">=\"&$F$3,\">=\"&$C$3),'Future Requirements'!$B:$B,IF($C$4=\"\",\"<=\"&$F$4,\"<=\"&$C$4),'Future Requirements'!$J:$J,IF($C$5=\"Yes\",\"Yes\",IF($C$5=\"No\",\"No\",\"<>Luke\")),'Future Requirements'!$AC:$AC,IF($C$6=\"Agreed\",\"Agreed\",IF($C$6=\"C/Fwd\",\"C/Fwd\",\"<>Luke\")),'Future Requirements'!$AA:$AA,$I$5),0)+\nIF($J$6=\"Include\",SUMIFS('Future Requirements'!$O:$O,'Future Requirements'!$H:$H,$B32,'Future Requirements'!$G:$G,N$26,'Future Requirements'!$B:$B,IF($C$3=\"\",\">=\"&$F$3,\">=\"&$C$3),'Future Requirements'!$B:$B,IF($C$4=\"\",\"<=\"&$F$4,\"<=\"&$C$4),'Future Requirements'!$J:$J,IF($C$5=\"Yes\",\"Yes\",IF($C$5=\"No\",\"No\",\"<>Luke\")),'Future Requirements'!$AC:$AC,IF($C$6=\"Agreed\",\"Agreed\",IF($C$6=\"C/Fwd\",\"C/Fwd\",\"<>Luke\")),'Future Requirements'!$AA:$AA,$I$6),0)+\nIF($J$7=\"Include\",SUMIFS('Future Requirements'!$O:$O,'Future Requirements'!$H:$H,$B32,'Future Requirements'!$G:$G,N$26,'Future Requirements'!$B:$B,IF($C$3=\"\",\">=\"&$F$3,\">=\"&$C$3),'Future Requirements'!$B:$B,IF($C$4=\"\",\"<=\"&$F$4,\"<=\"&$C$4),'Future Requirements'!$J:$J,IF($C$5=\"Yes\",\"Yes\",IF($C$5=\"No\",\"No\",\"<>Luke\")),'Future Requirements'!$AC:$AC,IF($C$6=\"Agreed\",\"Agreed\",IF($C$6=\"C/Fwd\",\"C/Fwd\",\"<>Luke\")),'Future Requirements'!$AA:$AA,$I$7),0)","v":0},{"$f":"IF($J$3=\"Include\",SUMIFS('Future Requirements'!$O:$O,'Future Requirements'!$H:$H,$B32,'Future Requirements'!$G:$G,O$26,'Future Requirements'!$B:$B,IF($C$3=\"\",\">=\"&$F$3,\">=\"&$C$3),'Future Requirements'!$B:$B,IF($C$4=\"\",\"<=\"&$F$4,\"<=\"&$C$4),'Future Requirements'!$J:$J,IF($C$5=\"Yes\",\"Yes\",IF($C$5=\"No\",\"No\",\"<>Luke\")),'Future Requirements'!$AC:$AC,IF($C$6=\"Agreed\",\"Agreed\",IF($C$6=\"C/Fwd\",\"C/Fwd\",\"<>Luke\")),'Future Requirements'!$AA:$AA,$I$3),0)+\nIF($J$4=\"Include\",SUMIFS('Future Requirements'!$O:$O,'Future Requirements'!$H:$H,$B32,'Future Requirements'!$G:$G,O$26,'Future Requirements'!$B:$B,IF($C$3=\"\",\">=\"&$F$3,\">=\"&$C$3),'Future Requirements'!$B:$B,IF($C$4=\"\",\"<=\"&$F$4,\"<=\"&$C$4),'Future Requirements'!$J:$J,IF($C$5=\"Yes\",\"Yes\",IF($C$5=\"No\",\"No\",\"<>Luke\")),'Future Requirements'!$AC:$AC,IF($C$6=\"Agreed\",\"Agreed\",IF($C$6=\"C/Fwd\",\"C/Fwd\",\"<>Luke\")),'Future Requirements'!$AA:$AA,$I$4),0)+\nIF($J$5=\"Include\",SUMIFS('Future Requirements'!$O:$O,'Future Requirements'!$H:$H,$B32,'Future Requirements'!$G:$G,O$26,'Future Requirements'!$B:$B,IF($C$3=\"\",\">=\"&$F$3,\">=\"&$C$3),'Future Requirements'!$B:$B,IF($C$4=\"\",\"<=\"&$F$4,\"<=\"&$C$4),'Future Requirements'!$J:$J,IF($C$5=\"Yes\",\"Yes\",IF($C$5=\"No\",\"No\",\"<>Luke\")),'Future Requirements'!$AC:$AC,IF($C$6=\"Agreed\",\"Agreed\",IF($C$6=\"C/Fwd\",\"C/Fwd\",\"<>Luke\")),'Future Requirements'!$AA:$AA,$I$5),0)+\nIF($J$6=\"Include\",SUMIFS('Future Requirements'!$O:$O,'Future Requirements'!$H:$H,$B32,'Future Requirements'!$G:$G,O$26,'Future Requirements'!$B:$B,IF($C$3=\"\",\">=\"&$F$3,\">=\"&$C$3),'Future Requirements'!$B:$B,IF($C$4=\"\",\"<=\"&$F$4,\"<=\"&$C$4),'Future Requirements'!$J:$J,IF($C$5=\"Yes\",\"Yes\",IF($C$5=\"No\",\"No\",\"<>Luke\")),'Future Requirements'!$AC:$AC,IF($C$6=\"Agreed\",\"Agreed\",IF($C$6=\"C/Fwd\",\"C/Fwd\",\"<>Luke\")),'Future Requirements'!$AA:$AA,$I$6),0)+\nIF($J$7=\"Include\",SUMIFS('Future Requirements'!$O:$O,'Future Requirements'!$H:$H,$B32,'Future Requirements'!$G:$G,O$26,'Future Requirements'!$B:$B,IF($C$3=\"\",\">=\"&$F$3,\">=\"&$C$3),'Future Requirements'!$B:$B,IF($C$4=\"\",\"<=\"&$F$4,\"<=\"&$C$4),'Future Requirements'!$J:$J,IF($C$5=\"Yes\",\"Yes\",IF($C$5=\"No\",\"No\",\"<>Luke\")),'Future Requirements'!$AC:$AC,IF($C$6=\"Agreed\",\"Agreed\",IF($C$6=\"C/Fwd\",\"C/Fwd\",\"<>Luke\")),'Future Requirements'!$AA:$AA,$I$7),0)","v":0},{"$f":"IF($J$3=\"Include\",SUMIFS('Future Requirements'!$O:$O,'Future Requirements'!$H:$H,$B32,'Future Requirements'!$G:$G,P$26,'Future Requirements'!$B:$B,IF($C$3=\"\",\">=\"&$F$3,\">=\"&$C$3),'Future Requirements'!$B:$B,IF($C$4=\"\",\"<=\"&$F$4,\"<=\"&$C$4),'Future Requirements'!$J:$J,IF($C$5=\"Yes\",\"Yes\",IF($C$5=\"No\",\"No\",\"<>Luke\")),'Future Requirements'!$AC:$AC,IF($C$6=\"Agreed\",\"Agreed\",IF($C$6=\"C/Fwd\",\"C/Fwd\",\"<>Luke\")),'Future Requirements'!$AA:$AA,$I$3),0)+\nIF($J$4=\"Include\",SUMIFS('Future Requirements'!$O:$O,'Future Requirements'!$H:$H,$B32,'Future Requirements'!$G:$G,P$26,'Future Requirements'!$B:$B,IF($C$3=\"\",\">=\"&$F$3,\">=\"&$C$3),'Future Requirements'!$B:$B,IF($C$4=\"\",\"<=\"&$F$4,\"<=\"&$C$4),'Future Requirements'!$J:$J,IF($C$5=\"Yes\",\"Yes\",IF($C$5=\"No\",\"No\",\"<>Luke\")),'Future Requirements'!$AC:$AC,IF($C$6=\"Agreed\",\"Agreed\",IF($C$6=\"C/Fwd\",\"C/Fwd\",\"<>Luke\")),'Future Requirements'!$AA:$AA,$I$4),0)+\nIF($J$5=\"Include\",SUMIFS('Future Requirements'!$O:$O,'Future Requirements'!$H:$H,$B32,'Future Requirements'!$G:$G,P$26,'Future Requirements'!$B:$B,IF($C$3=\"\",\">=\"&$F$3,\">=\"&$C$3),'Future Requirements'!$B:$B,IF($C$4=\"\",\"<=\"&$F$4,\"<=\"&$C$4),'Future Requirements'!$J:$J,IF($C$5=\"Yes\",\"Yes\",IF($C$5=\"No\",\"No\",\"<>Luke\")),'Future Requirements'!$AC:$AC,IF($C$6=\"Agreed\",\"Agreed\",IF($C$6=\"C/Fwd\",\"C/Fwd\",\"<>Luke\")),'Future Requirements'!$AA:$AA,$I$5),0)+\nIF($J$6=\"Include\",SUMIFS('Future Requirements'!$O:$O,'Future Requirements'!$H:$H,$B32,'Future Requirements'!$G:$G,P$26,'Future Requirements'!$B:$B,IF($C$3=\"\",\">=\"&$F$3,\">=\"&$C$3),'Future Requirements'!$B:$B,IF($C$4=\"\",\"<=\"&$F$4,\"<=\"&$C$4),'Future Requirements'!$J:$J,IF($C$5=\"Yes\",\"Yes\",IF($C$5=\"No\",\"No\",\"<>Luke\")),'Future Requirements'!$AC:$AC,IF($C$6=\"Agreed\",\"Agreed\",IF($C$6=\"C/Fwd\",\"C/Fwd\",\"<>Luke\")),'Future Requirements'!$AA:$AA,$I$6),0)+\nIF($J$7=\"Include\",SUMIFS('Future Requirements'!$O:$O,'Future Requirements'!$H:$H,$B32,'Future Requirements'!$G:$G,P$26,'Future Requirements'!$B:$B,IF($C$3=\"\",\">=\"&$F$3,\">=\"&$C$3),'Future Requirements'!$B:$B,IF($C$4=\"\",\"<=\"&$F$4,\"<=\"&$C$4),'Future Requirements'!$J:$J,IF($C$5=\"Yes\",\"Yes\",IF($C$5=\"No\",\"No\",\"<>Luke\")),'Future Requirements'!$AC:$AC,IF($C$6=\"Agreed\",\"Agreed\",IF($C$6=\"C/Fwd\",\"C/Fwd\",\"<>Luke\")),'Future Requirements'!$AA:$AA,$I$7),0)","v":0},{"$f":"IF($J$3=\"Include\",SUMIFS('Future Requirements'!$O:$O,'Future Requirements'!$H:$H,$B32,'Future Requirements'!$G:$G,Q$26,'Future Requirements'!$B:$B,IF($C$3=\"\",\">=\"&$F$3,\">=\"&$C$3),'Future Requirements'!$B:$B,IF($C$4=\"\",\"<=\"&$F$4,\"<=\"&$C$4),'Future Requirements'!$J:$J,IF($C$5=\"Yes\",\"Yes\",IF($C$5=\"No\",\"No\",\"<>Luke\")),'Future Requirements'!$AC:$AC,IF($C$6=\"Agreed\",\"Agreed\",IF($C$6=\"C/Fwd\",\"C/Fwd\",\"<>Luke\")),'Future Requirements'!$AA:$AA,$I$3),0)+\nIF($J$4=\"Include\",SUMIFS('Future Requirements'!$O:$O,'Future Requirements'!$H:$H,$B32,'Future Requirements'!$G:$G,Q$26,'Future Requirements'!$B:$B,IF($C$3=\"\",\">=\"&$F$3,\">=\"&$C$3),'Future Requirements'!$B:$B,IF($C$4=\"\",\"<=\"&$F$4,\"<=\"&$C$4),'Future Requirements'!$J:$J,IF($C$5=\"Yes\",\"Yes\",IF($C$5=\"No\",\"No\",\"<>Luke\")),'Future Requirements'!$AC:$AC,IF($C$6=\"Agreed\",\"Agreed\",IF($C$6=\"C/Fwd\",\"C/Fwd\",\"<>Luke\")),'Future Requirements'!$AA:$AA,$I$4),0)+\nIF($J$5=\"Include\",SUMIFS('Future Requirements'!$O:$O,'Future Requirements'!$H:$H,$B32,'Future Requirements'!$G:$G,Q$26,'Future Requirements'!$B:$B,IF($C$3=\"\",\">=\"&$F$3,\">=\"&$C$3),'Future Requirements'!$B:$B,IF($C$4=\"\",\"<=\"&$F$4,\"<=\"&$C$4),'Future Requirements'!$J:$J,IF($C$5=\"Yes\",\"Yes\",IF($C$5=\"No\",\"No\",\"<>Luke\")),'Future Requirements'!$AC:$AC,IF($C$6=\"Agreed\",\"Agreed\",IF($C$6=\"C/Fwd\",\"C/Fwd\",\"<>Luke\")),'Future Requirements'!$AA:$AA,$I$5),0)+\nIF($J$6=\"Include\",SUMIFS('Future Requirements'!$O:$O,'Future Requirements'!$H:$H,$B32,'Future Requirements'!$G:$G,Q$26,'Future Requirements'!$B:$B,IF($C$3=\"\",\">=\"&$F$3,\">=\"&$C$3),'Future Requirements'!$B:$B,IF($C$4=\"\",\"<=\"&$F$4,\"<=\"&$C$4),'Future Requirements'!$J:$J,IF($C$5=\"Yes\",\"Yes\",IF($C$5=\"No\",\"No\",\"<>Luke\")),'Future Requirements'!$AC:$AC,IF($C$6=\"Agreed\",\"Agreed\",IF($C$6=\"C/Fwd\",\"C/Fwd\",\"<>Luke\")),'Future Requirements'!$AA:$AA,$I$6),0)+\nIF($J$7=\"Include\",SUMIFS('Future Requirements'!$O:$O,'Future Requirements'!$H:$H,$B32,'Future Requirements'!$G:$G,Q$26,'Future Requirements'!$B:$B,IF($C$3=\"\",\">=\"&$F$3,\">=\"&$C$3),'Future Requirements'!$B:$B,IF($C$4=\"\",\"<=\"&$F$4,\"<=\"&$C$4),'Future Requirements'!$J:$J,IF($C$5=\"Yes\",\"Yes\",IF($C$5=\"No\",\"No\",\"<>Luke\")),'Future Requirements'!$AC:$AC,IF($C$6=\"Agreed\",\"Agreed\",IF($C$6=\"C/Fwd\",\"C/Fwd\",\"<>Luke\")),'Future Requirements'!$AA:$AA,$I$7),0)","v":0},{"$f":"IF($J$3=\"Include\",SUMIFS('Future Requirements'!$O:$O,'Future Requirements'!$H:$H,$B32,'Future Requirements'!$G:$G,R$26,'Future Requirements'!$B:$B,IF($C$3=\"\",\">=\"&$F$3,\">=\"&$C$3),'Future Requirements'!$B:$B,IF($C$4=\"\",\"<=\"&$F$4,\"<=\"&$C$4),'Future Requirements'!$J:$J,IF($C$5=\"Yes\",\"Yes\",IF($C$5=\"No\",\"No\",\"<>Luke\")),'Future Requirements'!$AC:$AC,IF($C$6=\"Agreed\",\"Agreed\",IF($C$6=\"C/Fwd\",\"C/Fwd\",\"<>Luke\")),'Future Requirements'!$AA:$AA,$I$3),0)+\nIF($J$4=\"Include\",SUMIFS('Future Requirements'!$O:$O,'Future Requirements'!$H:$H,$B32,'Future Requirements'!$G:$G,R$26,'Future Requirements'!$B:$B,IF($C$3=\"\",\">=\"&$F$3,\">=\"&$C$3),'Future Requirements'!$B:$B,IF($C$4=\"\",\"<=\"&$F$4,\"<=\"&$C$4),'Future Requirements'!$J:$J,IF($C$5=\"Yes\",\"Yes\",IF($C$5=\"No\",\"No\",\"<>Luke\")),'Future Requirements'!$AC:$AC,IF($C$6=\"Agreed\",\"Agreed\",IF($C$6=\"C/Fwd\",\"C/Fwd\",\"<>Luke\")),'Future Requirements'!$AA:$AA,$I$4),0)+\nIF($J$5=\"Include\",SUMIFS('Future Requirements'!$O:$O,'Future Requirements'!$H:$H,$B32,'Future Requirements'!$G:$G,R$26,'Future Requirements'!$B:$B,IF($C$3=\"\",\">=\"&$F$3,\">=\"&$C$3),'Future Requirements'!$B:$B,IF($C$4=\"\",\"<=\"&$F$4,\"<=\"&$C$4),'Future Requirements'!$J:$J,IF($C$5=\"Yes\",\"Yes\",IF($C$5=\"No\",\"No\",\"<>Luke\")),'Future Requirements'!$AC:$AC,IF($C$6=\"Agreed\",\"Agreed\",IF($C$6=\"C/Fwd\",\"C/Fwd\",\"<>Luke\")),'Future Requirements'!$AA:$AA,$I$5),0)+\nIF($J$6=\"Include\",SUMIFS('Future Requirements'!$O:$O,'Future Requirements'!$H:$H,$B32,'Future Requirements'!$G:$G,R$26,'Future Requirements'!$B:$B,IF($C$3=\"\",\">=\"&$F$3,\">=\"&$C$3),'Future Requirements'!$B:$B,IF($C$4=\"\",\"<=\"&$F$4,\"<=\"&$C$4),'Future Requirements'!$J:$J,IF($C$5=\"Yes\",\"Yes\",IF($C$5=\"No\",\"No\",\"<>Luke\")),'Future Requirements'!$AC:$AC,IF($C$6=\"Agreed\",\"Agreed\",IF($C$6=\"C/Fwd\",\"C/Fwd\",\"<>Luke\")),'Future Requirements'!$AA:$AA,$I$6),0)+\nIF($J$7=\"Include\",SUMIFS('Future Requirements'!$O:$O,'Future Requirements'!$H:$H,$B32,'Future Requirements'!$G:$G,R$26,'Future Requirements'!$B:$B,IF($C$3=\"\",\">=\"&$F$3,\">=\"&$C$3),'Future Requirements'!$B:$B,IF($C$4=\"\",\"<=\"&$F$4,\"<=\"&$C$4),'Future Requirements'!$J:$J,IF($C$5=\"Yes\",\"Yes\",IF($C$5=\"No\",\"No\",\"<>Luke\")),'Future Requirements'!$AC:$AC,IF($C$6=\"Agreed\",\"Agreed\",IF($C$6=\"C/Fwd\",\"C/Fwd\",\"<>Luke\")),'Future Requirements'!$AA:$AA,$I$7),0)","v":0},{"$f":"IF($J$3=\"Include\",SUMIFS('Future Requirements'!$O:$O,'Future Requirements'!$H:$H,$B32,'Future Requirements'!$G:$G,S$26,'Future Requirements'!$B:$B,IF($C$3=\"\",\">=\"&$F$3,\">=\"&$C$3),'Future Requirements'!$B:$B,IF($C$4=\"\",\"<=\"&$F$4,\"<=\"&$C$4),'Future Requirements'!$J:$J,IF($C$5=\"Yes\",\"Yes\",IF($C$5=\"No\",\"No\",\"<>Luke\")),'Future Requirements'!$AC:$AC,IF($C$6=\"Agreed\",\"Agreed\",IF($C$6=\"C/Fwd\",\"C/Fwd\",\"<>Luke\")),'Future Requirements'!$AA:$AA,$I$3),0)+\nIF($J$4=\"Include\",SUMIFS('Future Requirements'!$O:$O,'Future Requirements'!$H:$H,$B32,'Future Requirements'!$G:$G,S$26,'Future Requirements'!$B:$B,IF($C$3=\"\",\">=\"&$F$3,\">=\"&$C$3),'Future Requirements'!$B:$B,IF($C$4=\"\",\"<=\"&$F$4,\"<=\"&$C$4),'Future Requirements'!$J:$J,IF($C$5=\"Yes\",\"Yes\",IF($C$5=\"No\",\"No\",\"<>Luke\")),'Future Requirements'!$AC:$AC,IF($C$6=\"Agreed\",\"Agreed\",IF($C$6=\"C/Fwd\",\"C/Fwd\",\"<>Luke\")),'Future Requirements'!$AA:$AA,$I$4),0)+\nIF($J$5=\"Include\",SUMIFS('Future Requirements'!$O:$O,'Future Requirements'!$H:$H,$B32,'Future Requirements'!$G:$G,S$26,'Future Requirements'!$B:$B,IF($C$3=\"\",\">=\"&$F$3,\">=\"&$C$3),'Future Requirements'!$B:$B,IF($C$4=\"\",\"<=\"&$F$4,\"<=\"&$C$4),'Future Requirements'!$J:$J,IF($C$5=\"Yes\",\"Yes\",IF($C$5=\"No\",\"No\",\"<>Luke\")),'Future Requirements'!$AC:$AC,IF($C$6=\"Agreed\",\"Agreed\",IF($C$6=\"C/Fwd\",\"C/Fwd\",\"<>Luke\")),'Future Requirements'!$AA:$AA,$I$5),0)+\nIF($J$6=\"Include\",SUMIFS('Future Requirements'!$O:$O,'Future Requirements'!$H:$H,$B32,'Future Requirements'!$G:$G,S$26,'Future Requirements'!$B:$B,IF($C$3=\"\",\">=\"&$F$3,\">=\"&$C$3),'Future Requirements'!$B:$B,IF($C$4=\"\",\"<=\"&$F$4,\"<=\"&$C$4),'Future Requirements'!$J:$J,IF($C$5=\"Yes\",\"Yes\",IF($C$5=\"No\",\"No\",\"<>Luke\")),'Future Requirements'!$AC:$AC,IF($C$6=\"Agreed\",\"Agreed\",IF($C$6=\"C/Fwd\",\"C/Fwd\",\"<>Luke\")),'Future Requirements'!$AA:$AA,$I$6),0)+\nIF($J$7=\"Include\",SUMIFS('Future Requirements'!$O:$O,'Future Requirements'!$H:$H,$B32,'Future Requirements'!$G:$G,S$26,'Future Requirements'!$B:$B,IF($C$3=\"\",\">=\"&$F$3,\">=\"&$C$3),'Future Requirements'!$B:$B,IF($C$4=\"\",\"<=\"&$F$4,\"<=\"&$C$4),'Future Requirements'!$J:$J,IF($C$5=\"Yes\",\"Yes\",IF($C$5=\"No\",\"No\",\"<>Luke\")),'Future Requirements'!$AC:$AC,IF($C$6=\"Agreed\",\"Agreed\",IF($C$6=\"C/Fwd\",\"C/Fwd\",\"<>Luke\")),'Future Requirements'!$AA:$AA,$I$7),0)","v":0},0]
[null,"S",{"$f":"IF($J$3=\"Include\",SUMIFS('Future Requirements'!$O:$O,'Future Requirements'!$H:$H,$B33,'Future Requirements'!$G:$G,C$26,'Future Requirements'!$B:$B,IF($C$3=\"\",\">=\"&$F$3,\">=\"&$C$3),'Future Requirements'!$B:$B,IF($C$4=\"\",\"<=\"&$F$4,\"<=\"&$C$4),'Future Requirements'!$J:$J,IF($C$5=\"Yes\",\"Yes\",IF($C$5=\"No\",\"No\",\"<>Luke\")),'Future Requirements'!$AC:$AC,IF($C$6=\"Agreed\",\"Agreed\",IF($C$6=\"C/Fwd\",\"C/Fwd\",\"<>Luke\")),'Future Requirements'!$AA:$AA,$I$3),0)+\nIF($J$4=\"Include\",SUMIFS('Future Requirements'!$O:$O,'Future Requirements'!$H:$H,$B33,'Future Requirements'!$G:$G,C$26,'Future Requirements'!$B:$B,IF($C$3=\"\",\">=\"&$F$3,\">=\"&$C$3),'Future Requirements'!$B:$B,IF($C$4=\"\",\"<=\"&$F$4,\"<=\"&$C$4),'Future Requirements'!$J:$J,IF($C$5=\"Yes\",\"Yes\",IF($C$5=\"No\",\"No\",\"<>Luke\")),'Future Requirements'!$AC:$AC,IF($C$6=\"Agreed\",\"Agreed\",IF($C$6=\"C/Fwd\",\"C/Fwd\",\"<>Luke\")),'Future Requirements'!$AA:$AA,$I$4),0)+\nIF($J$5=\"Include\",SUMIFS('Future Requirements'!$O:$O,'Future Requirements'!$H:$H,$B33,'Future Requirements'!$G:$G,C$26,'Future Requirements'!$B:$B,IF($C$3=\"\",\">=\"&$F$3,\">=\"&$C$3),'Future Requirements'!$B:$B,IF($C$4=\"\",\"<=\"&$F$4,\"<=\"&$C$4),'Future Requirements'!$J:$J,IF($C$5=\"Yes\",\"Yes\",IF($C$5=\"No\",\"No\",\"<>Luke\")),'Future Requirements'!$AC:$AC,IF($C$6=\"Agreed\",\"Agreed\",IF($C$6=\"C/Fwd\",\"C/Fwd\",\"<>Luke\")),'Future Requirements'!$AA:$AA,$I$5),0)+\nIF($J$6=\"Include\",SUMIFS('Future Requirements'!$O:$O,'Future Requirements'!$H:$H,$B33,'Future Requirements'!$G:$G,C$26,'Future Requirements'!$B:$B,IF($C$3=\"\",\">=\"&$F$3,\">=\"&$C$3),'Future Requirements'!$B:$B,IF($C$4=\"\",\"<=\"&$F$4,\"<=\"&$C$4),'Future Requirements'!$J:$J,IF($C$5=\"Yes\",\"Yes\",IF($C$5=\"No\",\"No\",\"<>Luke\")),'Future Requirements'!$AC:$AC,IF($C$6=\"Agreed\",\"Agreed\",IF($C$6=\"C/Fwd\",\"C/Fwd\",\"<>Luke\")),'Future Requirements'!$AA:$AA,$I$6),0)+\nIF($J$7=\"Include\",SUMIFS('Future Requirements'!$O:$O,'Future Requirements'!$H:$H,$B33,'Future Requirements'!$G:$G,C$26,'Future Requirements'!$B:$B,IF($C$3=\"\",\">=\"&$F$3,\">=\"&$C$3),'Future Requirements'!$B:$B,IF($C$4=\"\",\"<=\"&$F$4,\"<=\"&$C$4),'Future Requirements'!$J:$J,IF($C$5=\"Yes\",\"Yes\",IF($C$5=\"No\",\"No\",\"<>Luke\")),'Future Requirements'!$AC:$AC,IF($C$6=\"Agreed\",\"Agreed\",IF($C$6=\"C/Fwd\",\"C/Fwd\",\"<>Luke\")),'Future Requirements'!$AA:$AA,$I$7),0)","v":0},{"$f":"IF($J$3=\"Include\",SUMIFS('Future Requirements'!$O:$O,'Future Requirements'!$H:$H,$B33,'Future Requirements'!$G:$G,D$26,'Future Requirements'!$B:$B,IF($C$3=\"\",\">=\"&$F$3,\">=\"&$C$3),'Future Requirements'!$B:$B,IF($C$4=\"\",\"<=\"&$F$4,\"<=\"&$C$4),'Future Requirements'!$J:$J,IF($C$5=\"Yes\",\"Yes\",IF($C$5=\"No\",\"No\",\"<>Luke\")),'Future Requirements'!$AC:$AC,IF($C$6=\"Agreed\",\"Agreed\",IF($C$6=\"C/Fwd\",\"C/Fwd\",\"<>Luke\")),'Future Requirements'!$AA:$AA,$I$3),0)+\nIF($J$4=\"Include\",SUMIFS('Future Requirements'!$O:$O,'Future Requirements'!$H:$H,$B33,'Future Requirements'!$G:$G,D$26,'Future Requirements'!$B:$B,IF($C$3=\"\",\">=\"&$F$3,\">=\"&$C$3),'Future Requirements'!$B:$B,IF($C$4=\"\",\"<=\"&$F$4,\"<=\"&$C$4),'Future Requirements'!$J:$J,IF($C$5=\"Yes\",\"Yes\",IF($C$5=\"No\",\"No\",\"<>Luke\")),'Future Requirements'!$AC:$AC,IF($C$6=\"Agreed\",\"Agreed\",IF($C$6=\"C/Fwd\",\"C/Fwd\",\"<>Luke\")),'Future Requirements'!$AA:$AA,$I$4),0)+\nIF($J$5=\"Include\",SUMIFS('Future Requirements'!$O:$O,'Future Requirements'!$H:$H,$B33,'Future Requirements'!$G:$G,D$26,'Future Requirements'!$B:$B,IF($C$3=\"\",\">=\"&$F$3,\">=\"&$C$3),'Future Requirements'!$B:$B,IF($C$4=\"\",\"<=\"&$F$4,\"<=\"&$C$4),'Future Requirements'!$J:$J,IF($C$5=\"Yes\",\"Yes\",IF($C$5=\"No\",\"No\",\"<>Luke\")),'Future Requirements'!$AC:$AC,IF($C$6=\"Agreed\",\"Agreed\",IF($C$6=\"C/Fwd\",\"C/Fwd\",\"<>Luke\")),'Future Requirements'!$AA:$AA,$I$5),0)+\nIF($J$6=\"Include\",SUMIFS('Future Requirements'!$O:$O,'Future Requirements'!$H:$H,$B33,'Future Requirements'!$G:$G,D$26,'Future Requirements'!$B:$B,IF($C$3=\"\",\">=\"&$F$3,\">=\"&$C$3),'Future Requirements'!$B:$B,IF($C$4=\"\",\"<=\"&$F$4,\"<=\"&$C$4),'Future Requirements'!$J:$J,IF($C$5=\"Yes\",\"Yes\",IF($C$5=\"No\",\"No\",\"<>Luke\")),'Future Requirements'!$AC:$AC,IF($C$6=\"Agreed\",\"Agreed\",IF($C$6=\"C/Fwd\",\"C/Fwd\",\"<>Luke\")),'Future Requirements'!$AA:$AA,$I$6),0)+\nIF($J$7=\"Include\",SUMIFS('Future Requirements'!$O:$O,'Future Requirements'!$H:$H,$B33,'Future Requirements'!$G:$G,D$26,'Future Requirements'!$B:$B,IF($C$3=\"\",\">=\"&$F$3,\">=\"&$C$3),'Future Requirements'!$B:$B,IF($C$4=\"\",\"<=\"&$F$4,\"<=\"&$C$4),'Future Requirements'!$J:$J,IF($C$5=\"Yes\",\"Yes\",IF($C$5=\"No\",\"No\",\"<>Luke\")),'Future Requirements'!$AC:$AC,IF($C$6=\"Agreed\",\"Agreed\",IF($C$6=\"C/Fwd\",\"C/Fwd\",\"<>Luke\")),'Future Requirements'!$AA:$AA,$I$7),0)","v":0},{"$f":"IF($J$3=\"Include\",SUMIFS('Future Requirements'!$O:$O,'Future Requirements'!$H:$H,$B33,'Future Requirements'!$G:$G,E$26,'Future Requirements'!$B:$B,IF($C$3=\"\",\">=\"&$F$3,\">=\"&$C$3),'Future Requirements'!$B:$B,IF($C$4=\"\",\"<=\"&$F$4,\"<=\"&$C$4),'Future Requirements'!$J:$J,IF($C$5=\"Yes\",\"Yes\",IF($C$5=\"No\",\"No\",\"<>Luke\")),'Future Requirements'!$AC:$AC,IF($C$6=\"Agreed\",\"Agreed\",IF($C$6=\"C/Fwd\",\"C/Fwd\",\"<>Luke\")),'Future Requirements'!$AA:$AA,$I$3),0)+\nIF($J$4=\"Include\",SUMIFS('Future Requirements'!$O:$O,'Future Requirements'!$H:$H,$B33,'Future Requirements'!$G:$G,E$26,'Future Requirements'!$B:$B,IF($C$3=\"\",\">=\"&$F$3,\">=\"&$C$3),'Future Requirements'!$B:$B,IF($C$4=\"\",\"<=\"&$F$4,\"<=\"&$C$4),'Future Requirements'!$J:$J,IF($C$5=\"Yes\",\"Yes\",IF($C$5=\"No\",\"No\",\"<>Luke\")),'Future Requirements'!$AC:$AC,IF($C$6=\"Agreed\",\"Agreed\",IF($C$6=\"C/Fwd\",\"C/Fwd\",\"<>Luke\")),'Future Requirements'!$AA:$AA,$I$4),0)+\nIF($J$5=\"Include\",SUMIFS('Future Requirements'!$O:$O,'Future Requirements'!$H:$H,$B33,'Future Requirements'!$G:$G,E$26,'Future Requirements'!$B:$B,IF($C$3=\"\",\">=\"&$F$3,\">=\"&$C$3),'Future Requirements'!$B:$B,IF($C$4=\"\",\"<=\"&$F$4,\"<=\"&$C$4),'Future Requirements'!$J:$J,IF($C$5=\"Yes\",\"Yes\",IF($C$5=\"No\",\"No\",\"<>Luke\")),'Future Requirements'!$AC:$AC,IF($C$6=\"Agreed\",\"Agreed\",IF($C$6=\"C/Fwd\",\"C/Fwd\",\"<>Luke\")),'Future Requirements'!$AA:$AA,$I$5),0)+\nIF($J$6=\"Include\",SUMIFS('Future Requirements'!$O:$O,'Future Requirements'!$H:$H,$B33,'Future Requirements'!$G:$G,E$26,'Future Requirements'!$B:$B,IF($C$3=\"\",\">=\"&$F$3,\">=\"&$C$3),'Future Requirements'!$B:$B,IF($C$4=\"\",\"<=\"&$F$4,\"<=\"&$C$4),'Future Requirements'!$J:$J,IF($C$5=\"Yes\",\"Yes\",IF($C$5=\"No\",\"No\",\"<>Luke\")),'Future Requirements'!$AC:$AC,IF($C$6=\"Agreed\",\"Agreed\",IF($C$6=\"C/Fwd\",\"C/Fwd\",\"<>Luke\")),'Future Requirements'!$AA:$AA,$I$6),0)+\nIF($J$7=\"Include\",SUMIFS('Future Requirements'!$O:$O,'Future Requirements'!$H:$H,$B33,'Future Requirements'!$G:$G,E$26,'Future Requirements'!$B:$B,IF($C$3=\"\",\">=\"&$F$3,\">=\"&$C$3),'Future Requirements'!$B:$B,IF($C$4=\"\",\"<=\"&$F$4,\"<=\"&$C$4),'Future Requirements'!$J:$J,IF($C$5=\"Yes\",\"Yes\",IF($C$5=\"No\",\"No\",\"<>Luke\")),'Future Requirements'!$AC:$AC,IF($C$6=\"Agreed\",\"Agreed\",IF($C$6=\"C/Fwd\",\"C/Fwd\",\"<>Luke\")),'Future Requirements'!$AA:$AA,$I$7),0)","v":0},{"$f":"IF($J$3=\"Include\",SUMIFS('Future Requirements'!$O:$O,'Future Requirements'!$H:$H,$B33,'Future Requirements'!$G:$G,F$26,'Future Requirements'!$B:$B,IF($C$3=\"\",\">=\"&$F$3,\">=\"&$C$3),'Future Requirements'!$B:$B,IF($C$4=\"\",\"<=\"&$F$4,\"<=\"&$C$4),'Future Requirements'!$J:$J,IF($C$5=\"Yes\",\"Yes\",IF($C$5=\"No\",\"No\",\"<>Luke\")),'Future Requirements'!$AC:$AC,IF($C$6=\"Agreed\",\"Agreed\",IF($C$6=\"C/Fwd\",\"C/Fwd\",\"<>Luke\")),'Future Requirements'!$AA:$AA,$I$3),0)+\nIF($J$4=\"Include\",SUMIFS('Future Requirements'!$O:$O,'Future Requirements'!$H:$H,$B33,'Future Requirements'!$G:$G,F$26,'Future Requirements'!$B:$B,IF($C$3=\"\",\">=\"&$F$3,\">=\"&$C$3),'Future Requirements'!$B:$B,IF($C$4=\"\",\"<=\"&$F$4,\"<=\"&$C$4),'Future Requirements'!$J:$J,IF($C$5=\"Yes\",\"Yes\",IF($C$5=\"No\",\"No\",\"<>Luke\")),'Future Requirements'!$AC:$AC,IF($C$6=\"Agreed\",\"Agreed\",IF($C$6=\"C/Fwd\",\"C/Fwd\",\"<>Luke\")),'Future Requirements'!$AA:$AA,$I$4),0)+\nIF($J$5=\"Include\",SUMIFS('Future Requirements'!$O:$O,'Future Requirements'!$H:$H,$B33,'Future Requirements'!$G:$G,F$26,'Future Requirements'!$B:$B,IF($C$3=\"\",\">=\"&$F$3,\">=\"&$C$3),'Future Requirements'!$B:$B,IF($C$4=\"\",\"<=\"&$F$4,\"<=\"&$C$4),'Future Requirements'!$J:$J,IF($C$5=\"Yes\",\"Yes\",IF($C$5=\"No\",\"No\",\"<>Luke\")),'Future Requirements'!$AC:$AC,IF($C$6=\"Agreed\",\"Agreed\",IF($C$6=\"C/Fwd\",\"C/Fwd\",\"<>Luke\")),'Future Requirements'!$AA:$AA,$I$5),0)+\nIF($J$6=\"Include\",SUMIFS('Future Requirements'!$O:$O,'Future Requirements'!$H:$H,$B33,'Future Requirements'!$G:$G,F$26,'Future Requirements'!$B:$B,IF($C$3=\"\",\">=\"&$F$3,\">=\"&$C$3),'Future Requirements'!$B:$B,IF($C$4=\"\",\"<=\"&$F$4,\"<=\"&$C$4),'Future Requirements'!$J:$J,IF($C$5=\"Yes\",\"Yes\",IF($C$5=\"No\",\"No\",\"<>Luke\")),'Future Requirements'!$AC:$AC,IF($C$6=\"Agreed\",\"Agreed\",IF($C$6=\"C/Fwd\",\"C/Fwd\",\"<>Luke\")),'Future Requirements'!$AA:$AA,$I$6),0)+\nIF($J$7=\"Include\",SUMIFS('Future Requirements'!$O:$O,'Future Requirements'!$H:$H,$B33,'Future Requirements'!$G:$G,F$26,'Future Requirements'!$B:$B,IF($C$3=\"\",\">=\"&$F$3,\">=\"&$C$3),'Future Requirements'!$B:$B,IF($C$4=\"\",\"<=\"&$F$4,\"<=\"&$C$4),'Future Requirements'!$J:$J,IF($C$5=\"Yes\",\"Yes\",IF($C$5=\"No\",\"No\",\"<>Luke\")),'Future Requirements'!$AC:$AC,IF($C$6=\"Agreed\",\"Agreed\",IF($C$6=\"C/Fwd\",\"C/Fwd\",\"<>Luke\")),'Future Requirements'!$AA:$AA,$I$7),0)","v":0},{"$f":"IF($J$3=\"Include\",SUMIFS('Future Requirements'!$O:$O,'Future Requirements'!$H:$H,$B33,'Future Requirements'!$G:$G,G$26,'Future Requirements'!$B:$B,IF($C$3=\"\",\">=\"&$F$3,\">=\"&$C$3),'Future Requirements'!$B:$B,IF($C$4=\"\",\"<=\"&$F$4,\"<=\"&$C$4),'Future Requirements'!$J:$J,IF($C$5=\"Yes\",\"Yes\",IF($C$5=\"No\",\"No\",\"<>Luke\")),'Future Requirements'!$AC:$AC,IF($C$6=\"Agreed\",\"Agreed\",IF($C$6=\"C/Fwd\",\"C/Fwd\",\"<>Luke\")),'Future Requirements'!$AA:$AA,$I$3),0)+\nIF($J$4=\"Include\",SUMIFS('Future Requirements'!$O:$O,'Future Requirements'!$H:$H,$B33,'Future Requirements'!$G:$G,G$26,'Future Requirements'!$B:$B,IF($C$3=\"\",\">=\"&$F$3,\">=\"&$C$3),'Future Requirements'!$B:$B,IF($C$4=\"\",\"<=\"&$F$4,\"<=\"&$C$4),'Future Requirements'!$J:$J,IF($C$5=\"Yes\",\"Yes\",IF($C$5=\"No\",\"No\",\"<>Luke\")),'Future Requirements'!$AC:$AC,IF($C$6=\"Agreed\",\"Agreed\",IF($C$6=\"C/Fwd\",\"C/Fwd\",\"<>Luke\")),'Future Requirements'!$AA:$AA,$I$4),0)+\nIF($J$5=\"Include\",SUMIFS('Future Requirements'!$O:$O,'Future Requirements'!$H:$H,$B33,'Future Requirements'!$G:$G,G$26,'Future Requirements'!$B:$B,IF($C$3=\"\",\">=\"&$F$3,\">=\"&$C$3),'Future Requirements'!$B:$B,IF($C$4=\"\",\"<=\"&$F$4,\"<=\"&$C$4),'Future Requirements'!$J:$J,IF($C$5=\"Yes\",\"Yes\",IF($C$5=\"No\",\"No\",\"<>Luke\")),'Future Requirements'!$AC:$AC,IF($C$6=\"Agreed\",\"Agreed\",IF($C$6=\"C/Fwd\",\"C/Fwd\",\"<>Luke\")),'Future Requirements'!$AA:$AA,$I$5),0)+\nIF($J$6=\"Include\",SUMIFS('Future Requirements'!$O:$O,'Future Requirements'!$H:$H,$B33,'Future Requirements'!$G:$G,G$26,'Future Requirements'!$B:$B,IF($C$3=\"\",\">=\"&$F$3,\">=\"&$C$3),'Future Requirements'!$B:$B,IF($C$4=\"\",\"<=\"&$F$4,\"<=\"&$C$4),'Future Requirements'!$J:$J,IF($C$5=\"Yes\",\"Yes\",IF($C$5=\"No\",\"No\",\"<>Luke\")),'Future Requirements'!$AC:$AC,IF($C$6=\"Agreed\",\"Agreed\",IF($C$6=\"C/Fwd\",\"C/Fwd\",\"<>Luke\")),'Future Requirements'!$AA:$AA,$I$6),0)+\nIF($J$7=\"Include\",SUMIFS('Future Requirements'!$O:$O,'Future Requirements'!$H:$H,$B33,'Future Requirements'!$G:$G,G$26,'Future Requirements'!$B:$B,IF($C$3=\"\",\">=\"&$F$3,\">=\"&$C$3),'Future Requirements'!$B:$B,IF($C$4=\"\",\"<=\"&$F$4,\"<=\"&$C$4),'Future Requirements'!$J:$J,IF($C$5=\"Yes\",\"Yes\",IF($C$5=\"No\",\"No\",\"<>Luke\")),'Future Requirements'!$AC:$AC,IF($C$6=\"Agreed\",\"Agreed\",IF($C$6=\"C/Fwd\",\"C/Fwd\",\"<>Luke\")),'Future Requirements'!$AA:$AA,$I$7),0)","v":0},{"$f":"IF($J$3=\"Include\",SUMIFS('Future Requirements'!$O:$O,'Future Requirements'!$H:$H,$B33,'Future Requirements'!$G:$G,H$26,'Future Requirements'!$B:$B,IF($C$3=\"\",\">=\"&$F$3,\">=\"&$C$3),'Future Requirements'!$B:$B,IF($C$4=\"\",\"<=\"&$F$4,\"<=\"&$C$4),'Future Requirements'!$J:$J,IF($C$5=\"Yes\",\"Yes\",IF($C$5=\"No\",\"No\",\"<>Luke\")),'Future Requirements'!$AC:$AC,IF($C$6=\"Agreed\",\"Agreed\",IF($C$6=\"C/Fwd\",\"C/Fwd\",\"<>Luke\")),'Future Requirements'!$AA:$AA,$I$3),0)+\nIF($J$4=\"Include\",SUMIFS('Future Requirements'!$O:$O,'Future Requirements'!$H:$H,$B33,'Future Requirements'!$G:$G,H$26,'Future Requirements'!$B:$B,IF($C$3=\"\",\">=\"&$F$3,\">=\"&$C$3),'Future Requirements'!$B:$B,IF($C$4=\"\",\"<=\"&$F$4,\"<=\"&$C$4),'Future Requirements'!$J:$J,IF($C$5=\"Yes\",\"Yes\",IF($C$5=\"No\",\"No\",\"<>Luke\")),'Future Requirements'!$AC:$AC,IF($C$6=\"Agreed\",\"Agreed\",IF($C$6=\"C/Fwd\",\"C/Fwd\",\"<>Luke\")),'Future Requirements'!$AA:$AA,$I$4),0)+\nIF($J$5=\"Include\",SUMIFS('Future Requirements'!$O:$O,'Future Requirements'!$H:$H,$B33,'Future Requirements'!$G:$G,H$26,'Future Requirements'!$B:$B,IF($C$3=\"\",\">=\"&$F$3,\">=\"&$C$3),'Future Requirements'!$B:$B,IF($C$4=\"\",\"<=\"&$F$4,\"<=\"&$C$4),'Future Requirements'!$J:$J,IF($C$5=\"Yes\",\"Yes\",IF($C$5=\"No\",\"No\",\"<>Luke\")),'Future Requirements'!$AC:$AC,IF($C$6=\"Agreed\",\"Agreed\",IF($C$6=\"C/Fwd\",\"C/Fwd\",\"<>Luke\")),'Future Requirements'!$AA:$AA,$I$5),0)+\nIF($J$6=\"Include\",SUMIFS('Future Requirements'!$O:$O,'Future Requirements'!$H:$H,$B33,'Future Requirements'!$G:$G,H$26,'Future Requirements'!$B:$B,IF($C$3=\"\",\">=\"&$F$3,\">=\"&$C$3),'Future Requirements'!$B:$B,IF($C$4=\"\",\"<=\"&$F$4,\"<=\"&$C$4),'Future Requirements'!$J:$J,IF($C$5=\"Yes\",\"Yes\",IF($C$5=\"No\",\"No\",\"<>Luke\")),'Future Requirements'!$AC:$AC,IF($C$6=\"Agreed\",\"Agreed\",IF($C$6=\"C/Fwd\",\"C/Fwd\",\"<>Luke\")),'Future Requirements'!$AA:$AA,$I$6),0)+\nIF($J$7=\"Include\",SUMIFS('Future Requirements'!$O:$O,'Future Requirements'!$H:$H,$B33,'Future Requirements'!$G:$G,H$26,'Future Requirements'!$B:$B,IF($C$3=\"\",\">=\"&$F$3,\">=\"&$C$3),'Future Requirements'!$B:$B,IF($C$4=\"\",\"<=\"&$F$4,\"<=\"&$C$4),'Future Requirements'!$J:$J,IF($C$5=\"Yes\",\"Yes\",IF($C$5=\"No\",\"No\",\"<>Luke\")),'Future Requirements'!$AC:$AC,IF($C$6=\"Agreed\",\"Agreed\",IF($C$6=\"C/Fwd\",\"C/Fwd\",\"<>Luke\")),'Future Requirements'!$AA:$AA,$I$7),0)","v":0},{"$f":"IF($J$3=\"Include\",SUMIFS('Future Requirements'!$O:$O,'Future Requirements'!$H:$H,$B33,'Future Requirements'!$G:$G,I$26,'Future Requirements'!$B:$B,IF($C$3=\"\",\">=\"&$F$3,\">=\"&$C$3),'Future Requirements'!$B:$B,IF($C$4=\"\",\"<=\"&$F$4,\"<=\"&$C$4),'Future Requirements'!$J:$J,IF($C$5=\"Yes\",\"Yes\",IF($C$5=\"No\",\"No\",\"<>Luke\")),'Future Requirements'!$AC:$AC,IF($C$6=\"Agreed\",\"Agreed\",IF($C$6=\"C/Fwd\",\"C/Fwd\",\"<>Luke\")),'Future Requirements'!$AA:$AA,$I$3),0)+\nIF($J$4=\"Include\",SUMIFS('Future Requirements'!$O:$O,'Future Requirements'!$H:$H,$B33,'Future Requirements'!$G:$G,I$26,'Future Requirements'!$B:$B,IF($C$3=\"\",\">=\"&$F$3,\">=\"&$C$3),'Future Requirements'!$B:$B,IF($C$4=\"\",\"<=\"&$F$4,\"<=\"&$C$4),'Future Requirements'!$J:$J,IF($C$5=\"Yes\",\"Yes\",IF($C$5=\"No\",\"No\",\"<>Luke\")),'Future Requirements'!$AC:$AC,IF($C$6=\"Agreed\",\"Agreed\",IF($C$6=\"C/Fwd\",\"C/Fwd\",\"<>Luke\")),'Future Requirements'!$AA:$AA,$I$4),0)+\nIF($J$5=\"Include\",SUMIFS('Future Requirements'!$O:$O,'Future Requirements'!$H:$H,$B33,'Future Requirements'!$G:$G,I$26,'Future Requirements'!$B:$B,IF($C$3=\"\",\">=\"&$F$3,\">=\"&$C$3),'Future Requirements'!$B:$B,IF($C$4=\"\",\"<=\"&$F$4,\"<=\"&$C$4),'Future Requirements'!$J:$J,IF($C$5=\"Yes\",\"Yes\",IF($C$5=\"No\",\"No\",\"<>Luke\")),'Future Requirements'!$AC:$AC,IF($C$6=\"Agreed\",\"Agreed\",IF($C$6=\"C/Fwd\",\"C/Fwd\",\"<>Luke\")),'Future Requirements'!$AA:$AA,$I$5),0)+\nIF($J$6=\"Include\",SUMIFS('Future Requirements'!$O:$O,'Future Requirements'!$H:$H,$B33,'Future Requirements'!$G:$G,I$26,'Future Requirements'!$B:$B,IF($C$3=\"\",\">=\"&$F$3,\">=\"&$C$3),'Future Requirements'!$B:$B,IF($C$4=\"\",\"<=\"&$F$4,\"<=\"&$C$4),'Future Requirements'!$J:$J,IF($C$5=\"Yes\",\"Yes\",IF($C$5=\"No\",\"No\",\"<>Luke\")),'Future Requirements'!$AC:$AC,IF($C$6=\"Agreed\",\"Agreed\",IF($C$6=\"C/Fwd\",\"C/Fwd\",\"<>Luke\")),'Future Requirements'!$AA:$AA,$I$6),0)+\nIF($J$7=\"Include\",SUMIFS('Future Requirements'!$O:$O,'Future Requirements'!$H:$H,$B33,'Future Requirements'!$G:$G,I$26,'Future Requirements'!$B:$B,IF($C$3=\"\",\">=\"&$F$3,\">=\"&$C$3),'Future Requirements'!$B:$B,IF($C$4=\"\",\"<=\"&$F$4,\"<=\"&$C$4),'Future Requirements'!$J:$J,IF($C$5=\"Yes\",\"Yes\",IF($C$5=\"No\",\"No\",\"<>Luke\")),'Future Requirements'!$AC:$AC,IF($C$6=\"Agreed\",\"Agreed\",IF($C$6=\"C/Fwd\",\"C/Fwd\",\"<>Luke\")),'Future Requirements'!$AA:$AA,$I$7),0)","v":0},{"$f":"IF($J$3=\"Include\",SUMIFS('Future Requirements'!$O:$O,'Future Requirements'!$H:$H,$B33,'Future Requirements'!$G:$G,J$26,'Future Requirements'!$B:$B,IF($C$3=\"\",\">=\"&$F$3,\">=\"&$C$3),'Future Requirements'!$B:$B,IF($C$4=\"\",\"<=\"&$F$4,\"<=\"&$C$4),'Future Requirements'!$J:$J,IF($C$5=\"Yes\",\"Yes\",IF($C$5=\"No\",\"No\",\"<>Luke\")),'Future Requirements'!$AC:$AC,IF($C$6=\"Agreed\",\"Agreed\",IF($C$6=\"C/Fwd\",\"C/Fwd\",\"<>Luke\")),'Future Requirements'!$AA:$AA,$I$3),0)+\nIF($J$4=\"Include\",SUMIFS('Future Requirements'!$O:$O,'Future Requirements'!$H:$H,$B33,'Future Requirements'!$G:$G,J$26,'Future Requirements'!$B:$B,IF($C$3=\"\",\">=\"&$F$3,\">=\"&$C$3),'Future Requirements'!$B:$B,IF($C$4=\"\",\"<=\"&$F$4,\"<=\"&$C$4),'Future Requirements'!$J:$J,IF($C$5=\"Yes\",\"Yes\",IF($C$5=\"No\",\"No\",\"<>Luke\")),'Future Requirements'!$AC:$AC,IF($C$6=\"Agreed\",\"Agreed\",IF($C$6=\"C/Fwd\",\"C/Fwd\",\"<>Luke\")),'Future Requirements'!$AA:$AA,$I$4),0)+\nIF($J$5=\"Include\",SUMIFS('Future Requirements'!$O:$O,'Future Requirements'!$H:$H,$B33,'Future Requirements'!$G:$G,J$26,'Future Requirements'!$B:$B,IF($C$3=\"\",\">=\"&$F$3,\">=\"&$C$3),'Future Requirements'!$B:$B,IF($C$4=\"\",\"<=\"&$F$4,\"<=\"&$C$4),'Future Requirements'!$J:$J,IF($C$5=\"Yes\",\"Yes\",IF($C$5=\"No\",\"No\",\"<>Luke\")),'Future Requirements'!$AC:$AC,IF($C$6=\"Agreed\",\"Agreed\",IF($C$6=\"C/Fwd\",\"C/Fwd\",\"<>Luke\")),'Future Requirements'!$AA:$AA,$I$5),0)+\nIF($J$6=\"Include\",SUMIFS('Future Requirements'!$O:$O,'Future Requirements'!$H:$H,$B33,'Future Requirements'!$G:$G,J$26,'Future Requirements'!$B:$B,IF($C$3=\"\",\">=\"&$F$3,\">=\"&$C$3),'Future Requirements'!$B:$B,IF($C$4=\"\",\"<=\"&$F$4,\"<=\"&$C$4),'Future Requirements'!$J:$J,IF($C$5=\"Yes\",\"Yes\",IF($C$5=\"No\",\"No\",\"<>Luke\")),'Future Requirements'!$AC:$AC,IF($C$6=\"Agreed\",\"Agreed\",IF($C$6=\"C/Fwd\",\"C/Fwd\",\"<>Luke\")),'Future Requirements'!$AA:$AA,$I$6),0)+\nIF($J$7=\"Include\",SUMIFS('Future Requirements'!$O:$O,'Future Requirements'!$H:$H,$B33,'Future Requirements'!$G:$G,J$26,'Future Requirements'!$B:$B,IF($C$3=\"\",\">=\"&$F$3,\">=\"&$C$3),'Future Requirements'!$B:$B,IF($C$4=\"\",\"<=\"&$F$4,\"<=\"&$C$4),'Future Requirements'!$J:$J,IF($C$5=\"Yes\",\"Yes\",IF($C$5=\"No\",\"No\",\"<>Luke\")),'Future Requirements'!$AC:$AC,IF($C$6=\"Agreed\",\"Agreed\",IF($C$6=\"C/Fwd\",\"C/Fwd\",\"<>Luke\")),'Future Requirements'!$AA:$AA,$I$7),0)","v":0},{"$f":"IF($J$3=\"Include\",SUMIFS('Future Requirements'!$O:$O,'Future Requirements'!$H:$H,$B33,'Future Requirements'!$G:$G,K$26,'Future Requirements'!$B:$B,IF($C$3=\"\",\">=\"&$F$3,\">=\"&$C$3),'Future Requirements'!$B:$B,IF($C$4=\"\",\"<=\"&$F$4,\"<=\"&$C$4),'Future Requirements'!$J:$J,IF($C$5=\"Yes\",\"Yes\",IF($C$5=\"No\",\"No\",\"<>Luke\")),'Future Requirements'!$AC:$AC,IF($C$6=\"Agreed\",\"Agreed\",IF($C$6=\"C/Fwd\",\"C/Fwd\",\"<>Luke\")),'Future Requirements'!$AA:$AA,$I$3),0)+\nIF($J$4=\"Include\",SUMIFS('Future Requirements'!$O:$O,'Future Requirements'!$H:$H,$B33,'Future Requirements'!$G:$G,K$26,'Future Requirements'!$B:$B,IF($C$3=\"\",\">=\"&$F$3,\">=\"&$C$3),'Future Requirements'!$B:$B,IF($C$4=\"\",\"<=\"&$F$4,\"<=\"&$C$4),'Future Requirements'!$J:$J,IF($C$5=\"Yes\",\"Yes\",IF($C$5=\"No\",\"No\",\"<>Luke\")),'Future Requirements'!$AC:$AC,IF($C$6=\"Agreed\",\"Agreed\",IF($C$6=\"C/Fwd\",\"C/Fwd\",\"<>Luke\")),'Future Requirements'!$AA:$AA,$I$4),0)+\nIF($J$5=\"Include\",SUMIFS('Future Requirements'!$O:$O,'Future Requirements'!$H:$H,$B33,'Future Requirements'!$G:$G,K$26,'Future Requirements'!$B:$B,IF($C$3=\"\",\">=\"&$F$3,\">=\"&$C$3),'Future Requirements'!$B:$B,IF($C$4=\"\",\"<=\"&$F$4,\"<=\"&$C$4),'Future Requirements'!$J:$J,IF($C$5=\"Yes\",\"Yes\",IF($C$5=\"No\",\"No\",\"<>Luke\")),'Future Requirements'!$AC:$AC,IF($C$6=\"Agreed\",\"Agreed\",IF($C$6=\"C/Fwd\",\"C/Fwd\",\"<>Luke\")),'Future Requirements'!$AA:$AA,$I$5),0)+\nIF($J$6=\"Include\",SUMIFS('Future Requirements'!$O:$O,'Future Requirements'!$H:$H,$B33,'Future Requirements'!$G:$G,K$26,'Future Requirements'!$B:$B,IF($C$3=\"\",\">=\"&$F$3,\">=\"&$C$3),'Future Requirements'!$B:$B,IF($C$4=\"\",\"<=\"&$F$4,\"<=\"&$C$4),'Future Requirements'!$J:$J,IF($C$5=\"Yes\",\"Yes\",IF($C$5=\"No\",\"No\",\"<>Luke\")),'Future Requirements'!$AC:$AC,IF($C$6=\"Agreed\",\"Agreed\",IF($C$6=\"C/Fwd\",\"C/Fwd\",\"<>Luke\")),'Future Requirements'!$AA:$AA,$I$6),0)+\nIF($J$7=\"Include\",SUMIFS('Future Requirements'!$O:$O,'Future Requirements'!$H:$H,$B33,'Future Requirements'!$G:$G,K$26,'Future Requirements'!$B:$B,IF($C$3=\"\",\">=\"&$F$3,\">=\"&$C$3),'Future Requirements'!$B:$B,IF($C$4=\"\",\"<=\"&$F$4,\"<=\"&$C$4),'Future Requirements'!$J:$J,IF($C$5=\"Yes\",\"Yes\",IF($C$5=\"No\",\"No\",\"<>Luke\")),'Future Requirements'!$AC:$AC,IF($C$6=\"Agreed\",\"Agreed\",IF($C$6=\"C/Fwd\",\"C/Fwd\",\"<>Luke\")),'Future Requirements'!$AA:$AA,$I$7),0)","v":0},{"$f":"IF($J$3=\"Include\",SUMIFS('Future Requirements'!$O:$O,'Future Requirements'!$H:$H,$B33,'Future Requirements'!$G:$G,L$26,'Future Requirements'!$B:$B,IF($C$3=\"\",\">=\"&$F$3,\">=\"&$C$3),'Future Requirements'!$B:$B,IF($C$4=\"\",\"<=\"&$F$4,\"<=\"&$C$4),'Future Requirements'!$J:$J,IF($C$5=\"Yes\",\"Yes\",IF($C$5=\"No\",\"No\",\"<>Luke\")),'Future Requirements'!$AC:$AC,IF($C$6=\"Agreed\",\"Agreed\",IF($C$6=\"C/Fwd\",\"C/Fwd\",\"<>Luke\")),'Future Requirements'!$AA:$AA,$I$3),0)+\nIF($J$4=\"Include\",SUMIFS('Future Requirements'!$O:$O,'Future Requirements'!$H:$H,$B33,'Future Requirements'!$G:$G,L$26,'Future Requirements'!$B:$B,IF($C$3=\"\",\">=\"&$F$3,\">=\"&$C$3),'Future Requirements'!$B:$B,IF($C$4=\"\",\"<=\"&$F$4,\"<=\"&$C$4),'Future Requirements'!$J:$J,IF($C$5=\"Yes\",\"Yes\",IF($C$5=\"No\",\"No\",\"<>Luke\")),'Future Requirements'!$AC:$AC,IF($C$6=\"Agreed\",\"Agreed\",IF($C$6=\"C/Fwd\",\"C/Fwd\",\"<>Luke\")),'Future Requirements'!$AA:$AA,$I$4),0)+\nIF($J$5=\"Include\",SUMIFS('Future Requirements'!$O:$O,'Future Requirements'!$H:$H,$B33,'Future Requirements'!$G:$G,L$26,'Future Requirements'!$B:$B,IF($C$3=\"\",\">=\"&$F$3,\">=\"&$C$3),'Future Requirements'!$B:$B,IF($C$4=\"\",\"<=\"&$F$4,\"<=\"&$C$4),'Future Requirements'!$J:$J,IF($C$5=\"Yes\",\"Yes\",IF($C$5=\"No\",\"No\",\"<>Luke\")),'Future Requirements'!$AC:$AC,IF($C$6=\"Agreed\",\"Agreed\",IF($C$6=\"C/Fwd\",\"C/Fwd\",\"<>Luke\")),'Future Requirements'!$AA:$AA,$I$5),0)+\nIF($J$6=\"Include\",SUMIFS('Future Requirements'!$O:$O,'Future Requirements'!$H:$H,$B33,'Future Requirements'!$G:$G,L$26,'Future Requirements'!$B:$B,IF($C$3=\"\",\">=\"&$F$3,\">=\"&$C$3),'Future Requirements'!$B:$B,IF($C$4=\"\",\"<=\"&$F$4,\"<=\"&$C$4),'Future Requirements'!$J:$J,IF($C$5=\"Yes\",\"Yes\",IF($C$5=\"No\",\"No\",\"<>Luke\")),'Future Requirements'!$AC:$AC,IF($C$6=\"Agreed\",\"Agreed\",IF($C$6=\"C/Fwd\",\"C/Fwd\",\"<>Luke\")),'Future Requirements'!$AA:$AA,$I$6),0)+\nIF($J$7=\"Include\",SUMIFS('Future Requirements'!$O:$O,'Future Requirements'!$H:$H,$B33,'Future Requirements'!$G:$G,L$26,'Future Requirements'!$B:$B,IF($C$3=\"\",\">=\"&$F$3,\">=\"&$C$3),'Future Requirements'!$B:$B,IF($C$4=\"\",\"<=\"&$F$4,\"<=\"&$C$4),'Future Requirements'!$J:$J,IF($C$5=\"Yes\",\"Yes\",IF($C$5=\"No\",\"No\",\"<>Luke\")),'Future Requirements'!$AC:$AC,IF($C$6=\"Agreed\",\"Agreed\",IF($C$6=\"C/Fwd\",\"C/Fwd\",\"<>Luke\")),'Future Requirements'!$AA:$AA,$I$7),0)","v":0},{"$f":"IF($J$3=\"Include\",SUMIFS('Future Requirements'!$O:$O,'Future Requirements'!$H:$H,$B33,'Future Requirements'!$G:$G,M$26,'Future Requirements'!$B:$B,IF($C$3=\"\",\">=\"&$F$3,\">=\"&$C$3),'Future Requirements'!$B:$B,IF($C$4=\"\",\"<=\"&$F$4,\"<=\"&$C$4),'Future Requirements'!$J:$J,IF($C$5=\"Yes\",\"Yes\",IF($C$5=\"No\",\"No\",\"<>Luke\")),'Future Requirements'!$AC:$AC,IF($C$6=\"Agreed\",\"Agreed\",IF($C$6=\"C/Fwd\",\"C/Fwd\",\"<>Luke\")),'Future Requirements'!$AA:$AA,$I$3),0)+\nIF($J$4=\"Include\",SUMIFS('Future Requirements'!$O:$O,'Future Requirements'!$H:$H,$B33,'Future Requirements'!$G:$G,M$26,'Future Requirements'!$B:$B,IF($C$3=\"\",\">=\"&$F$3,\">=\"&$C$3),'Future Requirements'!$B:$B,IF($C$4=\"\",\"<=\"&$F$4,\"<=\"&$C$4),'Future Requirements'!$J:$J,IF($C$5=\"Yes\",\"Yes\",IF($C$5=\"No\",\"No\",\"<>Luke\")),'Future Requirements'!$AC:$AC,IF($C$6=\"Agreed\",\"Agreed\",IF($C$6=\"C/Fwd\",\"C/Fwd\",\"<>Luke\")),'Future Requirements'!$AA:$AA,$I$4),0)+\nIF($J$5=\"Include\",SUMIFS('Future Requirements'!$O:$O,'Future Requirements'!$H:$H,$B33,'Future Requirements'!$G:$G,M$26,'Future Requirements'!$B:$B,IF($C$3=\"\",\">=\"&$F$3,\">=\"&$C$3),'Future Requirements'!$B:$B,IF($C$4=\"\",\"<=\"&$F$4,\"<=\"&$C$4),'Future Requirements'!$J:$J,IF($C$5=\"Yes\",\"Yes\",IF($C$5=\"No\",\"No\",\"<>Luke\")),'Future Requirements'!$AC:$AC,IF($C$6=\"Agreed\",\"Agreed\",IF($C$6=\"C/Fwd\",\"C/Fwd\",\"<>Luke\")),'Future Requirements'!$AA:$AA,$I$5),0)+\nIF($J$6=\"Include\",SUMIFS('Future Requirements'!$O:$O,'Future Requirements'!$H:$H,$B33,'Future Requirements'!$G:$G,M$26,'Future Requirements'!$B:$B,IF($C$3=\"\",\">=\"&$F$3,\">=\"&$C$3),'Future Requirements'!$B:$B,IF($C$4=\"\",\"<=\"&$F$4,\"<=\"&$C$4),'Future Requirements'!$J:$J,IF($C$5=\"Yes\",\"Yes\",IF($C$5=\"No\",\"No\",\"<>Luke\")),'Future Requirements'!$AC:$AC,IF($C$6=\"Agreed\",\"Agreed\",IF($C$6=\"C/Fwd\",\"C/Fwd\",\"<>Luke\")),'Future Requirements'!$AA:$AA,$I$6),0)+\nIF($J$7=\"Include\",SUMIFS('Future Requirements'!$O:$O,'Future Requirements'!$H:$H,$B33,'Future Requirements'!$G:$G,M$26,'Future Requirements'!$B:$B,IF($C$3=\"\",\">=\"&$F$3,\">=\"&$C$3),'Future Requirements'!$B:$B,IF($C$4=\"\",\"<=\"&$F$4,\"<=\"&$C$4),'Future Requirements'!$J:$J,IF($C$5=\"Yes\",\"Yes\",IF($C$5=\"No\",\"No\",\"<>Luke\")),'Future Requirements'!$AC:$AC,IF($C$6=\"Agreed\",\"Agreed\",IF($C$6=\"C/Fwd\",\"C/Fwd\",\"<>Luke\")),'Future Requirements'!$AA:$AA,$I$7),0)","v":0},{"$f":"IF($J$3=\"Include\",SUMIFS('Future Requirements'!$O:$O,'Future Requirements'!$H:$H,$B33,'Future Requirements'!$G:$G,N$26,'Future Requirements'!$B:$B,IF($C$3=\"\",\">=\"&$F$3,\">=\"&$C$3),'Future Requirements'!$B:$B,IF($C$4=\"\",\"<=\"&$F$4,\"<=\"&$C$4),'Future Requirements'!$J:$J,IF($C$5=\"Yes\",\"Yes\",IF($C$5=\"No\",\"No\",\"<>Luke\")),'Future Requirements'!$AC:$AC,IF($C$6=\"Agreed\",\"Agreed\",IF($C$6=\"C/Fwd\",\"C/Fwd\",\"<>Luke\")),'Future Requirements'!$AA:$AA,$I$3),0)+\nIF($J$4=\"Include\",SUMIFS('Future Requirements'!$O:$O,'Future Requirements'!$H:$H,$B33,'Future Requirements'!$G:$G,N$26,'Future Requirements'!$B:$B,IF($C$3=\"\",\">=\"&$F$3,\">=\"&$C$3),'Future Requirements'!$B:$B,IF($C$4=\"\",\"<=\"&$F$4,\"<=\"&$C$4),'Future Requirements'!$J:$J,IF($C$5=\"Yes\",\"Yes\",IF($C$5=\"No\",\"No\",\"<>Luke\")),'Future Requirements'!$AC:$AC,IF($C$6=\"Agreed\",\"Agreed\",IF($C$6=\"C/Fwd\",\"C/Fwd\",\"<>Luke\")),'Future Requirements'!$AA:$AA,$I$4),0)+\nIF($J$5=\"Include\",SUMIFS('Future Requirements'!$O:$O,'Future Requirements'!$H:$H,$B33,'Future Requirements'!$G:$G,N$26,'Future Requirements'!$B:$B,IF($C$3=\"\",\">=\"&$F$3,\">=\"&$C$3),'Future Requirements'!$B:$B,IF($C$4=\"\",\"<=\"&$F$4,\"<=\"&$C$4),'Future Requirements'!$J:$J,IF($C$5=\"Yes\",\"Yes\",IF($C$5=\"No\",\"No\",\"<>Luke\")),'Future Requirements'!$AC:$AC,IF($C$6=\"Agreed\",\"Agreed\",IF($C$6=\"C/Fwd\",\"C/Fwd\",\"<>Luke\")),'Future Requirements'!$AA:$AA,$I$5),0)+\nIF($J$6=\"Include\",SUMIFS('Future Requirements'!$O:$O,'Future Requirements'!$H:$H,$B33,'Future Requirements'!$G:$G,N$26,'Future Requirements'!$B:$B,IF($C$3=\"\",\">=\"&$F$3,\">=\"&$C$3),'Future Requirements'!$B:$B,IF($C$4=\"\",\"<=\"&$F$4,\"<=\"&$C$4),'Future Requirements'!$J:$J,IF($C$5=\"Yes\",\"Yes\",IF($C$5=\"No\",\"No\",\"<>Luke\")),'Future Requirements'!$AC:$AC,IF($C$6=\"Agreed\",\"Agreed\",IF($C$6=\"C/Fwd\",\"C/Fwd\",\"<>Luke\")),'Future Requirements'!$AA:$AA,$I$6),0)+\nIF($J$7=\"Include\",SUMIFS('Future Requirements'!$O:$O,'Future Requirements'!$H:$H,$B33,'Future Requirements'!$G:$G,N$26,'Future Requirements'!$B:$B,IF($C$3=\"\",\">=\"&$F$3,\">=\"&$C$3),'Future Requirements'!$B:$B,IF($C$4=\"\",\"<=\"&$F$4,\"<=\"&$C$4),'Future Requirements'!$J:$J,IF($C$5=\"Yes\",\"Yes\",IF($C$5=\"No\",\"No\",\"<>Luke\")),'Future Requirements'!$AC:$AC,IF($C$6=\"Agreed\",\"Agreed\",IF($C$6=\"C/Fwd\",\"C/Fwd\",\"<>Luke\")),'Future Requirements'!$AA:$AA,$I$7),0)","v":0},{"$f":"IF($J$3=\"Include\",SUMIFS('Future Requirements'!$O:$O,'Future Requirements'!$H:$H,$B33,'Future Requirements'!$G:$G,O$26,'Future Requirements'!$B:$B,IF($C$3=\"\",\">=\"&$F$3,\">=\"&$C$3),'Future Requirements'!$B:$B,IF($C$4=\"\",\"<=\"&$F$4,\"<=\"&$C$4),'Future Requirements'!$J:$J,IF($C$5=\"Yes\",\"Yes\",IF($C$5=\"No\",\"No\",\"<>Luke\")),'Future Requirements'!$AC:$AC,IF($C$6=\"Agreed\",\"Agreed\",IF($C$6=\"C/Fwd\",\"C/Fwd\",\"<>Luke\")),'Future Requirements'!$AA:$AA,$I$3),0)+\nIF($J$4=\"Include\",SUMIFS('Future Requirements'!$O:$O,'Future Requirements'!$H:$H,$B33,'Future Requirements'!$G:$G,O$26,'Future Requirements'!$B:$B,IF($C$3=\"\",\">=\"&$F$3,\">=\"&$C$3),'Future Requirements'!$B:$B,IF($C$4=\"\",\"<=\"&$F$4,\"<=\"&$C$4),'Future Requirements'!$J:$J,IF($C$5=\"Yes\",\"Yes\",IF($C$5=\"No\",\"No\",\"<>Luke\")),'Future Requirements'!$AC:$AC,IF($C$6=\"Agreed\",\"Agreed\",IF($C$6=\"C/Fwd\",\"C/Fwd\",\"<>Luke\")),'Future Requirements'!$AA:$AA,$I$4),0)+\nIF($J$5=\"Include\",SUMIFS('Future Requirements'!$O:$O,'Future Requirements'!$H:$H,$B33,'Future Requirements'!$G:$G,O$26,'Future Requirements'!$B:$B,IF($C$3=\"\",\">=\"&$F$3,\">=\"&$C$3),'Future Requirements'!$B:$B,IF($C$4=\"\",\"<=\"&$F$4,\"<=\"&$C$4),'Future Requirements'!$J:$J,IF($C$5=\"Yes\",\"Yes\",IF($C$5=\"No\",\"No\",\"<>Luke\")),'Future Requirements'!$AC:$AC,IF($C$6=\"Agreed\",\"Agreed\",IF($C$6=\"C/Fwd\",\"C/Fwd\",\"<>Luke\")),'Future Requirements'!$AA:$AA,$I$5),0)+\nIF($J$6=\"Include\",SUMIFS('Future Requirements'!$O:$O,'Future Requirements'!$H:$H,$B33,'Future Requirements'!$G:$G,O$26,'Future Requirements'!$B:$B,IF($C$3=\"\",\">=\"&$F$3,\">=\"&$C$3),'Future Requirements'!$B:$B,IF($C$4=\"\",\"<=\"&$F$4,\"<=\"&$C$4),'Future Requirements'!$J:$J,IF($C$5=\"Yes\",\"Yes\",IF($C$5=\"No\",\"No\",\"<>Luke\")),'Future Requirements'!$AC:$AC,IF($C$6=\"Agreed\",\"Agreed\",IF($C$6=\"C/Fwd\",\"C/Fwd\",\"<>Luke\")),'Future Requirements'!$AA:$AA,$I$6),0)+\nIF($J$7=\"Include\",SUMIFS('Future Requirements'!$O:$O,'Future Requirements'!$H:$H,$B33,'Future Requirements'!$G:$G,O$26,'Future Requirements'!$B:$B,IF($C$3=\"\",\">=\"&$F$3,\">=\"&$C$3),'Future Requirements'!$B:$B,IF($C$4=\"\",\"<=\"&$F$4,\"<=\"&$C$4),'Future Requirements'!$J:$J,IF($C$5=\"Yes\",\"Yes\",IF($C$5=\"No\",\"No\",\"<>Luke\")),'Future Requirements'!$AC:$AC,IF($C$6=\"Agreed\",\"Agreed\",IF($C$6=\"C/Fwd\",\"C/Fwd\",\"<>Luke\")),'Future Requirements'!$AA:$AA,$I$7),0)","v":0},{"$f":"IF($J$3=\"Include\",SUMIFS('Future Requirements'!$O:$O,'Future Requirements'!$H:$H,$B33,'Future Requirements'!$G:$G,P$26,'Future Requirements'!$B:$B,IF($C$3=\"\",\">=\"&$F$3,\">=\"&$C$3),'Future Requirements'!$B:$B,IF($C$4=\"\",\"<=\"&$F$4,\"<=\"&$C$4),'Future Requirements'!$J:$J,IF($C$5=\"Yes\",\"Yes\",IF($C$5=\"No\",\"No\",\"<>Luke\")),'Future Requirements'!$AC:$AC,IF($C$6=\"Agreed\",\"Agreed\",IF($C$6=\"C/Fwd\",\"C/Fwd\",\"<>Luke\")),'Future Requirements'!$AA:$AA,$I$3),0)+\nIF($J$4=\"Include\",SUMIFS('Future Requirements'!$O:$O,'Future Requirements'!$H:$H,$B33,'Future Requirements'!$G:$G,P$26,'Future Requirements'!$B:$B,IF($C$3=\"\",\">=\"&$F$3,\">=\"&$C$3),'Future Requirements'!$B:$B,IF($C$4=\"\",\"<=\"&$F$4,\"<=\"&$C$4),'Future Requirements'!$J:$J,IF($C$5=\"Yes\",\"Yes\",IF($C$5=\"No\",\"No\",\"<>Luke\")),'Future Requirements'!$AC:$AC,IF($C$6=\"Agreed\",\"Agreed\",IF($C$6=\"C/Fwd\",\"C/Fwd\",\"<>Luke\")),'Future Requirements'!$AA:$AA,$I$4),0)+\nIF($J$5=\"Include\",SUMIFS('Future Requirements'!$O:$O,'Future Requirements'!$H:$H,$B33,'Future Requirements'!$G:$G,P$26,'Future Requirements'!$B:$B,IF($C$3=\"\",\">=\"&$F$3,\">=\"&$C$3),'Future Requirements'!$B:$B,IF($C$4=\"\",\"<=\"&$F$4,\"<=\"&$C$4),'Future Requirements'!$J:$J,IF($C$5=\"Yes\",\"Yes\",IF($C$5=\"No\",\"No\",\"<>Luke\")),'Future Requirements'!$AC:$AC,IF($C$6=\"Agreed\",\"Agreed\",IF($C$6=\"C/Fwd\",\"C/Fwd\",\"<>Luke\")),'Future Requirements'!$AA:$AA,$I$5),0)+\nIF($J$6=\"Include\",SUMIFS('Future Requirements'!$O:$O,'Future Requirements'!$H:$H,$B33,'Future Requirements'!$G:$G,P$26,'Future Requirements'!$B:$B,IF($C$3=\"\",\">=\"&$F$3,\">=\"&$C$3),'Future Requirements'!$B:$B,IF($C$4=\"\",\"<=\"&$F$4,\"<=\"&$C$4),'Future Requirements'!$J:$J,IF($C$5=\"Yes\",\"Yes\",IF($C$5=\"No\",\"No\",\"<>Luke\")),'Future Requirements'!$AC:$AC,IF($C$6=\"Agreed\",\"Agreed\",IF($C$6=\"C/Fwd\",\"C/Fwd\",\"<>Luke\")),'Future Requirements'!$AA:$AA,$I$6),0)+\nIF($J$7=\"Include\",SUMIFS('Future Requirements'!$O:$O,'Future Requirements'!$H:$H,$B33,'Future Requirements'!$G:$G,P$26,'Future Requirements'!$B:$B,IF($C$3=\"\",\">=\"&$F$3,\">=\"&$C$3),'Future Requirements'!$B:$B,IF($C$4=\"\",\"<=\"&$F$4,\"<=\"&$C$4),'Future Requirements'!$J:$J,IF($C$5=\"Yes\",\"Yes\",IF($C$5=\"No\",\"No\",\"<>Luke\")),'Future Requirements'!$AC:$AC,IF($C$6=\"Agreed\",\"Agreed\",IF($C$6=\"C/Fwd\",\"C/Fwd\",\"<>Luke\")),'Future Requirements'!$AA:$AA,$I$7),0)","v":0},{"$f":"IF($J$3=\"Include\",SUMIFS('Future Requirements'!$O:$O,'Future Requirements'!$H:$H,$B33,'Future Requirements'!$G:$G,Q$26,'Future Requirements'!$B:$B,IF($C$3=\"\",\">=\"&$F$3,\">=\"&$C$3),'Future Requirements'!$B:$B,IF($C$4=\"\",\"<=\"&$F$4,\"<=\"&$C$4),'Future Requirements'!$J:$J,IF($C$5=\"Yes\",\"Yes\",IF($C$5=\"No\",\"No\",\"<>Luke\")),'Future Requirements'!$AC:$AC,IF($C$6=\"Agreed\",\"Agreed\",IF($C$6=\"C/Fwd\",\"C/Fwd\",\"<>Luke\")),'Future Requirements'!$AA:$AA,$I$3),0)+\nIF($J$4=\"Include\",SUMIFS('Future Requirements'!$O:$O,'Future Requirements'!$H:$H,$B33,'Future Requirements'!$G:$G,Q$26,'Future Requirements'!$B:$B,IF($C$3=\"\",\">=\"&$F$3,\">=\"&$C$3),'Future Requirements'!$B:$B,IF($C$4=\"\",\"<=\"&$F$4,\"<=\"&$C$4),'Future Requirements'!$J:$J,IF($C$5=\"Yes\",\"Yes\",IF($C$5=\"No\",\"No\",\"<>Luke\")),'Future Requirements'!$AC:$AC,IF($C$6=\"Agreed\",\"Agreed\",IF($C$6=\"C/Fwd\",\"C/Fwd\",\"<>Luke\")),'Future Requirements'!$AA:$AA,$I$4),0)+\nIF($J$5=\"Include\",SUMIFS('Future Requirements'!$O:$O,'Future Requirements'!$H:$H,$B33,'Future Requirements'!$G:$G,Q$26,'Future Requirements'!$B:$B,IF($C$3=\"\",\">=\"&$F$3,\">=\"&$C$3),'Future Requirements'!$B:$B,IF($C$4=\"\",\"<=\"&$F$4,\"<=\"&$C$4),'Future Requirements'!$J:$J,IF($C$5=\"Yes\",\"Yes\",IF($C$5=\"No\",\"No\",\"<>Luke\")),'Future Requirements'!$AC:$AC,IF($C$6=\"Agreed\",\"Agreed\",IF($C$6=\"C/Fwd\",\"C/Fwd\",\"<>Luke\")),'Future Requirements'!$AA:$AA,$I$5),0)+\nIF($J$6=\"Include\",SUMIFS('Future Requirements'!$O:$O,'Future Requirements'!$H:$H,$B33,'Future Requirements'!$G:$G,Q$26,'Future Requirements'!$B:$B,IF($C$3=\"\",\">=\"&$F$3,\">=\"&$C$3),'Future Requirements'!$B:$B,IF($C$4=\"\",\"<=\"&$F$4,\"<=\"&$C$4),'Future Requirements'!$J:$J,IF($C$5=\"Yes\",\"Yes\",IF($C$5=\"No\",\"No\",\"<>Luke\")),'Future Requirements'!$AC:$AC,IF($C$6=\"Agreed\",\"Agreed\",IF($C$6=\"C/Fwd\",\"C/Fwd\",\"<>Luke\")),'Future Requirements'!$AA:$AA,$I$6),0)+\nIF($J$7=\"Include\",SUMIFS('Future Requirements'!$O:$O,'Future Requirements'!$H:$H,$B33,'Future Requirements'!$G:$G,Q$26,'Future Requirements'!$B:$B,IF($C$3=\"\",\">=\"&$F$3,\">=\"&$C$3),'Future Requirements'!$B:$B,IF($C$4=\"\",\"<=\"&$F$4,\"<=\"&$C$4),'Future Requirements'!$J:$J,IF($C$5=\"Yes\",\"Yes\",IF($C$5=\"No\",\"No\",\"<>Luke\")),'Future Requirements'!$AC:$AC,IF($C$6=\"Agreed\",\"Agreed\",IF($C$6=\"C/Fwd\",\"C/Fwd\",\"<>Luke\")),'Future Requirements'!$AA:$AA,$I$7),0)","v":0},{"$f":"IF($J$3=\"Include\",SUMIFS('Future Requirements'!$O:$O,'Future Requirements'!$H:$H,$B33,'Future Requirements'!$G:$G,R$26,'Future Requirements'!$B:$B,IF($C$3=\"\",\">=\"&$F$3,\">=\"&$C$3),'Future Requirements'!$B:$B,IF($C$4=\"\",\"<=\"&$F$4,\"<=\"&$C$4),'Future Requirements'!$J:$J,IF($C$5=\"Yes\",\"Yes\",IF($C$5=\"No\",\"No\",\"<>Luke\")),'Future Requirements'!$AC:$AC,IF($C$6=\"Agreed\",\"Agreed\",IF($C$6=\"C/Fwd\",\"C/Fwd\",\"<>Luke\")),'Future Requirements'!$AA:$AA,$I$3),0)+\nIF($J$4=\"Include\",SUMIFS('Future Requirements'!$O:$O,'Future Requirements'!$H:$H,$B33,'Future Requirements'!$G:$G,R$26,'Future Requirements'!$B:$B,IF($C$3=\"\",\">=\"&$F$3,\">=\"&$C$3),'Future Requirements'!$B:$B,IF($C$4=\"\",\"<=\"&$F$4,\"<=\"&$C$4),'Future Requirements'!$J:$J,IF($C$5=\"Yes\",\"Yes\",IF($C$5=\"No\",\"No\",\"<>Luke\")),'Future Requirements'!$AC:$AC,IF($C$6=\"Agreed\",\"Agreed\",IF($C$6=\"C/Fwd\",\"C/Fwd\",\"<>Luke\")),'Future Requirements'!$AA:$AA,$I$4),0)+\nIF($J$5=\"Include\",SUMIFS('Future Requirements'!$O:$O,'Future Requirements'!$H:$H,$B33,'Future Requirements'!$G:$G,R$26,'Future Requirements'!$B:$B,IF($C$3=\"\",\">=\"&$F$3,\">=\"&$C$3),'Future Requirements'!$B:$B,IF($C$4=\"\",\"<=\"&$F$4,\"<=\"&$C$4),'Future Requirements'!$J:$J,IF($C$5=\"Yes\",\"Yes\",IF($C$5=\"No\",\"No\",\"<>Luke\")),'Future Requirements'!$AC:$AC,IF($C$6=\"Agreed\",\"Agreed\",IF($C$6=\"C/Fwd\",\"C/Fwd\",\"<>Luke\")),'Future Requirements'!$AA:$AA,$I$5),0)+\nIF($J$6=\"Include\",SUMIFS('Future Requirements'!$O:$O,'Future Requirements'!$H:$H,$B33,'Future Requirements'!$G:$G,R$26,'Future Requirements'!$B:$B,IF($C$3=\"\",\">=\"&$F$3,\">=\"&$C$3),'Future Requirements'!$B:$B,IF($C$4=\"\",\"<=\"&$F$4,\"<=\"&$C$4),'Future Requirements'!$J:$J,IF($C$5=\"Yes\",\"Yes\",IF($C$5=\"No\",\"No\",\"<>Luke\")),'Future Requirements'!$AC:$AC,IF($C$6=\"Agreed\",\"Agreed\",IF($C$6=\"C/Fwd\",\"C/Fwd\",\"<>Luke\")),'Future Requirements'!$AA:$AA,$I$6),0)+\nIF($J$7=\"Include\",SUMIFS('Future Requirements'!$O:$O,'Future Requirements'!$H:$H,$B33,'Future Requirements'!$G:$G,R$26,'Future Requirements'!$B:$B,IF($C$3=\"\",\">=\"&$F$3,\">=\"&$C$3),'Future Requirements'!$B:$B,IF($C$4=\"\",\"<=\"&$F$4,\"<=\"&$C$4),'Future Requirements'!$J:$J,IF($C$5=\"Yes\",\"Yes\",IF($C$5=\"No\",\"No\",\"<>Luke\")),'Future Requirements'!$AC:$AC,IF($C$6=\"Agreed\",\"Agreed\",IF($C$6=\"C/Fwd\",\"C/Fwd\",\"<>Luke\")),'Future Requirements'!$AA:$AA,$I$7),0)","v":0},{"$f":"IF($J$3=\"Include\",SUMIFS('Future Requirements'!$O:$O,'Future Requirements'!$H:$H,$B33,'Future Requirements'!$G:$G,S$26,'Future Requirements'!$B:$B,IF($C$3=\"\",\">=\"&$F$3,\">=\"&$C$3),'Future Requirements'!$B:$B,IF($C$4=\"\",\"<=\"&$F$4,\"<=\"&$C$4),'Future Requirements'!$J:$J,IF($C$5=\"Yes\",\"Yes\",IF($C$5=\"No\",\"No\",\"<>Luke\")),'Future Requirements'!$AC:$AC,IF($C$6=\"Agreed\",\"Agreed\",IF($C$6=\"C/Fwd\",\"C/Fwd\",\"<>Luke\")),'Future Requirements'!$AA:$AA,$I$3),0)+\nIF($J$4=\"Include\",SUMIFS('Future Requirements'!$O:$O,'Future Requirements'!$H:$H,$B33,'Future Requirements'!$G:$G,S$26,'Future Requirements'!$B:$B,IF($C$3=\"\",\">=\"&$F$3,\">=\"&$C$3),'Future Requirements'!$B:$B,IF($C$4=\"\",\"<=\"&$F$4,\"<=\"&$C$4),'Future Requirements'!$J:$J,IF($C$5=\"Yes\",\"Yes\",IF($C$5=\"No\",\"No\",\"<>Luke\")),'Future Requirements'!$AC:$AC,IF($C$6=\"Agreed\",\"Agreed\",IF($C$6=\"C/Fwd\",\"C/Fwd\",\"<>Luke\")),'Future Requirements'!$AA:$AA,$I$4),0)+\nIF($J$5=\"Include\",SUMIFS('Future Requirements'!$O:$O,'Future Requirements'!$H:$H,$B33,'Future Requirements'!$G:$G,S$26,'Future Requirements'!$B:$B,IF($C$3=\"\",\">=\"&$F$3,\">=\"&$C$3),'Future Requirements'!$B:$B,IF($C$4=\"\",\"<=\"&$F$4,\"<=\"&$C$4),'Future Requirements'!$J:$J,IF($C$5=\"Yes\",\"Yes\",IF($C$5=\"No\",\"No\",\"<>Luke\")),'Future Requirements'!$AC:$AC,IF($C$6=\"Agreed\",\"Agreed\",IF($C$6=\"C/Fwd\",\"C/Fwd\",\"<>Luke\")),'Future Requirements'!$AA:$AA,$I$5),0)+\nIF($J$6=\"Include\",SUMIFS('Future Requirements'!$O:$O,'Future Requirements'!$H:$H,$B33,'Future Requirements'!$G:$G,S$26,'Future Requirements'!$B:$B,IF($C$3=\"\",\">=\"&$F$3,\">=\"&$C$3),'Future Requirements'!$B:$B,IF($C$4=\"\",\"<=\"&$F$4,\"<=\"&$C$4),'Future Requirements'!$J:$J,IF($C$5=\"Yes\",\"Yes\",IF($C$5=\"No\",\"No\",\"<>Luke\")),'Future Requirements'!$AC:$AC,IF($C$6=\"Agreed\",\"Agreed\",IF($C$6=\"C/Fwd\",\"C/Fwd\",\"<>Luke\")),'Future Requirements'!$AA:$AA,$I$6),0)+\nIF($J$7=\"Include\",SUMIFS('Future Requirements'!$O:$O,'Future Requirements'!$H:$H,$B33,'Future Requirements'!$G:$G,S$26,'Future Requirements'!$B:$B,IF($C$3=\"\",\">=\"&$F$3,\">=\"&$C$3),'Future Requirements'!$B:$B,IF($C$4=\"\",\"<=\"&$F$4,\"<=\"&$C$4),'Future Requirements'!$J:$J,IF($C$5=\"Yes\",\"Yes\",IF($C$5=\"No\",\"No\",\"<>Luke\")),'Future Requirements'!$AC:$AC,IF($C$6=\"Agreed\",\"Agreed\",IF($C$6=\"C/Fwd\",\"C/Fwd\",\"<>Luke\")),'Future Requirements'!$AA:$AA,$I$7),0)","v":0},0]
[null,"U",{"$f":"IF($J$3=\"Include\",SUMIFS('Future Requirements'!$O:$O,'Future Requirements'!$H:$H,$B34,'Future Requirements'!$G:$G,C$26,'Future Requirements'!$B:$B,IF($C$3=\"\",\">=\"&$F$3,\">=\"&$C$3),'Future Requirements'!$B:$B,IF($C$4=\"\",\"<=\"&$F$4,\"<=\"&$C$4),'Future Requirements'!$J:$J,IF($C$5=\"Yes\",\"Yes\",IF($C$5=\"No\",\"No\",\"<>Luke\")),'Future Requirements'!$AC:$AC,IF($C$6=\"Agreed\",\"Agreed\",IF($C$6=\"C/Fwd\",\"C/Fwd\",\"<>Luke\")),'Future Requirements'!$AA:$AA,$I$3),0)+\nIF($J$4=\"Include\",SUMIFS('Future Requirements'!$O:$O,'Future Requirements'!$H:$H,$B34,'Future Requirements'!$G:$G,C$26,'Future Requirements'!$B:$B,IF($C$3=\"\",\">=\"&$F$3,\">=\"&$C$3),'Future Requirements'!$B:$B,IF($C$4=\"\",\"<=\"&$F$4,\"<=\"&$C$4),'Future Requirements'!$J:$J,IF($C$5=\"Yes\",\"Yes\",IF($C$5=\"No\",\"No\",\"<>Luke\")),'Future Requirements'!$AC:$AC,IF($C$6=\"Agreed\",\"Agreed\",IF($C$6=\"C/Fwd\",\"C/Fwd\",\"<>Luke\")),'Future Requirements'!$AA:$AA,$I$4),0)+\nIF($J$5=\"Include\",SUMIFS('Future Requirements'!$O:$O,'Future Requirements'!$H:$H,$B34,'Future Requirements'!$G:$G,C$26,'Future Requirements'!$B:$B,IF($C$3=\"\",\">=\"&$F$3,\">=\"&$C$3),'Future Requirements'!$B:$B,IF($C$4=\"\",\"<=\"&$F$4,\"<=\"&$C$4),'Future Requirements'!$J:$J,IF($C$5=\"Yes\",\"Yes\",IF($C$5=\"No\",\"No\",\"<>Luke\")),'Future Requirements'!$AC:$AC,IF($C$6=\"Agreed\",\"Agreed\",IF($C$6=\"C/Fwd\",\"C/Fwd\",\"<>Luke\")),'Future Requirements'!$AA:$AA,$I$5),0)+\nIF($J$6=\"Include\",SUMIFS('Future Requirements'!$O:$O,'Future Requirements'!$H:$H,$B34,'Future Requirements'!$G:$G,C$26,'Future Requirements'!$B:$B,IF($C$3=\"\",\">=\"&$F$3,\">=\"&$C$3),'Future Requirements'!$B:$B,IF($C$4=\"\",\"<=\"&$F$4,\"<=\"&$C$4),'Future Requirements'!$J:$J,IF($C$5=\"Yes\",\"Yes\",IF($C$5=\"No\",\"No\",\"<>Luke\")),'Future Requirements'!$AC:$AC,IF($C$6=\"Agreed\",\"Agreed\",IF($C$6=\"C/Fwd\",\"C/Fwd\",\"<>Luke\")),'Future Requirements'!$AA:$AA,$I$6),0)+\nIF($J$7=\"Include\",SUMIFS('Future Requirements'!$O:$O,'Future Requirements'!$H:$H,$B34,'Future Requirements'!$G:$G,C$26,'Future Requirements'!$B:$B,IF($C$3=\"\",\">=\"&$F$3,\">=\"&$C$3),'Future Requirements'!$B:$B,IF($C$4=\"\",\"<=\"&$F$4,\"<=\"&$C$4),'Future Requirements'!$J:$J,IF($C$5=\"Yes\",\"Yes\",IF($C$5=\"No\",\"No\",\"<>Luke\")),'Future Requirements'!$AC:$AC,IF($C$6=\"Agreed\",\"Agreed\",IF($C$6=\"C/Fwd\",\"C/Fwd\",\"<>Luke\")),'Future Requirements'!$AA:$AA,$I$7),0)","v":1265000},{"$f":"IF($J$3=\"Include\",SUMIFS('Future Requirements'!$O:$O,'Future Requirements'!$H:$H,$B34,'Future Requirements'!$G:$G,D$26,'Future Requirements'!$B:$B,IF($C$3=\"\",\">=\"&$F$3,\">=\"&$C$3),'Future Requirements'!$B:$B,IF($C$4=\"\",\"<=\"&$F$4,\"<=\"&$C$4),'Future Requirements'!$J:$J,IF($C$5=\"Yes\",\"Yes\",IF($C$5=\"No\",\"No\",\"<>Luke\")),'Future Requirements'!$AC:$AC,IF($C$6=\"Agreed\",\"Agreed\",IF($C$6=\"C/Fwd\",\"C/Fwd\",\"<>Luke\")),'Future Requirements'!$AA:$AA,$I$3),0)+\nIF($J$4=\"Include\",SUMIFS('Future Requirements'!$O:$O,'Future Requirements'!$H:$H,$B34,'Future Requirements'!$G:$G,D$26,'Future Requirements'!$B:$B,IF($C$3=\"\",\">=\"&$F$3,\">=\"&$C$3),'Future Requirements'!$B:$B,IF($C$4=\"\",\"<=\"&$F$4,\"<=\"&$C$4),'Future Requirements'!$J:$J,IF($C$5=\"Yes\",\"Yes\",IF($C$5=\"No\",\"No\",\"<>Luke\")),'Future Requirements'!$AC:$AC,IF($C$6=\"Agreed\",\"Agreed\",IF($C$6=\"C/Fwd\",\"C/Fwd\",\"<>Luke\")),'Future Requirements'!$AA:$AA,$I$4),0)+\nIF($J$5=\"Include\",SUMIFS('Future Requirements'!$O:$O,'Future Requirements'!$H:$H,$B34,'Future Requirements'!$G:$G,D$26,'Future Requirements'!$B:$B,IF($C$3=\"\",\">=\"&$F$3,\">=\"&$C$3),'Future Requirements'!$B:$B,IF($C$4=\"\",\"<=\"&$F$4,\"<=\"&$C$4),'Future Requirements'!$J:$J,IF($C$5=\"Yes\",\"Yes\",IF($C$5=\"No\",\"No\",\"<>Luke\")),'Future Requirements'!$AC:$AC,IF($C$6=\"Agreed\",\"Agreed\",IF($C$6=\"C/Fwd\",\"C/Fwd\",\"<>Luke\")),'Future Requirements'!$AA:$AA,$I$5),0)+\nIF($J$6=\"Include\",SUMIFS('Future Requirements'!$O:$O,'Future Requirements'!$H:$H,$B34,'Future Requirements'!$G:$G,D$26,'Future Requirements'!$B:$B,IF($C$3=\"\",\">=\"&$F$3,\">=\"&$C$3),'Future Requirements'!$B:$B,IF($C$4=\"\",\"<=\"&$F$4,\"<=\"&$C$4),'Future Requirements'!$J:$J,IF($C$5=\"Yes\",\"Yes\",IF($C$5=\"No\",\"No\",\"<>Luke\")),'Future Requirements'!$AC:$AC,IF($C$6=\"Agreed\",\"Agreed\",IF($C$6=\"C/Fwd\",\"C/Fwd\",\"<>Luke\")),'Future Requirements'!$AA:$AA,$I$6),0)+\nIF($J$7=\"Include\",SUMIFS('Future Requirements'!$O:$O,'Future Requirements'!$H:$H,$B34,'Future Requirements'!$G:$G,D$26,'Future Requirements'!$B:$B,IF($C$3=\"\",\">=\"&$F$3,\">=\"&$C$3),'Future Requirements'!$B:$B,IF($C$4=\"\",\"<=\"&$F$4,\"<=\"&$C$4),'Future Requirements'!$J:$J,IF($C$5=\"Yes\",\"Yes\",IF($C$5=\"No\",\"No\",\"<>Luke\")),'Future Requirements'!$AC:$AC,IF($C$6=\"Agreed\",\"Agreed\",IF($C$6=\"C/Fwd\",\"C/Fwd\",\"<>Luke\")),'Future Requirements'!$AA:$AA,$I$7),0)","v":720000},{"$f":"IF($J$3=\"Include\",SUMIFS('Future Requirements'!$O:$O,'Future Requirements'!$H:$H,$B34,'Future Requirements'!$G:$G,E$26,'Future Requirements'!$B:$B,IF($C$3=\"\",\">=\"&$F$3,\">=\"&$C$3),'Future Requirements'!$B:$B,IF($C$4=\"\",\"<=\"&$F$4,\"<=\"&$C$4),'Future Requirements'!$J:$J,IF($C$5=\"Yes\",\"Yes\",IF($C$5=\"No\",\"No\",\"<>Luke\")),'Future Requirements'!$AC:$AC,IF($C$6=\"Agreed\",\"Agreed\",IF($C$6=\"C/Fwd\",\"C/Fwd\",\"<>Luke\")),'Future Requirements'!$AA:$AA,$I$3),0)+\nIF($J$4=\"Include\",SUMIFS('Future Requirements'!$O:$O,'Future Requirements'!$H:$H,$B34,'Future Requirements'!$G:$G,E$26,'Future Requirements'!$B:$B,IF($C$3=\"\",\">=\"&$F$3,\">=\"&$C$3),'Future Requirements'!$B:$B,IF($C$4=\"\",\"<=\"&$F$4,\"<=\"&$C$4),'Future Requirements'!$J:$J,IF($C$5=\"Yes\",\"Yes\",IF($C$5=\"No\",\"No\",\"<>Luke\")),'Future Requirements'!$AC:$AC,IF($C$6=\"Agreed\",\"Agreed\",IF($C$6=\"C/Fwd\",\"C/Fwd\",\"<>Luke\")),'Future Requirements'!$AA:$AA,$I$4),0)+\nIF($J$5=\"Include\",SUMIFS('Future Requirements'!$O:$O,'Future Requirements'!$H:$H,$B34,'Future Requirements'!$G:$G,E$26,'Future Requirements'!$B:$B,IF($C$3=\"\",\">=\"&$F$3,\">=\"&$C$3),'Future Requirements'!$B:$B,IF($C$4=\"\",\"<=\"&$F$4,\"<=\"&$C$4),'Future Requirements'!$J:$J,IF($C$5=\"Yes\",\"Yes\",IF($C$5=\"No\",\"No\",\"<>Luke\")),'Future Requirements'!$AC:$AC,IF($C$6=\"Agreed\",\"Agreed\",IF($C$6=\"C/Fwd\",\"C/Fwd\",\"<>Luke\")),'Future Requirements'!$AA:$AA,$I$5),0)+\nIF($J$6=\"Include\",SUMIFS('Future Requirements'!$O:$O,'Future Requirements'!$H:$H,$B34,'Future Requirements'!$G:$G,E$26,'Future Requirements'!$B:$B,IF($C$3=\"\",\">=\"&$F$3,\">=\"&$C$3),'Future Requirements'!$B:$B,IF($C$4=\"\",\"<=\"&$F$4,\"<=\"&$C$4),'Future Requirements'!$J:$J,IF($C$5=\"Yes\",\"Yes\",IF($C$5=\"No\",\"No\",\"<>Luke\")),'Future Requirements'!$AC:$AC,IF($C$6=\"Agreed\",\"Agreed\",IF($C$6=\"C/Fwd\",\"C/Fwd\",\"<>Luke\")),'Future Requirements'!$AA:$AA,$I$6),0)+\nIF($J$7=\"Include\",SUMIFS('Future Requirements'!$O:$O,'Future Requirements'!$H:$H,$B34,'Future Requirements'!$G:$G,E$26,'Future Requirements'!$B:$B,IF($C$3=\"\",\">=\"&$F$3,\">=\"&$C$3),'Future Requirements'!$B:$B,IF($C$4=\"\",\"<=\"&$F$4,\"<=\"&$C$4),'Future Requirements'!$J:$J,IF($C$5=\"Yes\",\"Yes\",IF($C$5=\"No\",\"No\",\"<>Luke\")),'Future Requirements'!$AC:$AC,IF($C$6=\"Agreed\",\"Agreed\",IF($C$6=\"C/Fwd\",\"C/Fwd\",\"<>Luke\")),'Future Requirements'!$AA:$AA,$I$7),0)","v":610000},{"$f":"IF($J$3=\"Include\",SUMIFS('Future Requirements'!$O:$O,'Future Requirements'!$H:$H,$B34,'Future Requirements'!$G:$G,F$26,'Future Requirements'!$B:$B,IF($C$3=\"\",\">=\"&$F$3,\">=\"&$C$3),'Future Requirements'!$B:$B,IF($C$4=\"\",\"<=\"&$F$4,\"<=\"&$C$4),'Future Requirements'!$J:$J,IF($C$5=\"Yes\",\"Yes\",IF($C$5=\"No\",\"No\",\"<>Luke\")),'Future Requirements'!$AC:$AC,IF($C$6=\"Agreed\",\"Agreed\",IF($C$6=\"C/Fwd\",\"C/Fwd\",\"<>Luke\")),'Future Requirements'!$AA:$AA,$I$3),0)+\nIF($J$4=\"Include\",SUMIFS('Future Requirements'!$O:$O,'Future Requirements'!$H:$H,$B34,'Future Requirements'!$G:$G,F$26,'Future Requirements'!$B:$B,IF($C$3=\"\",\">=\"&$F$3,\">=\"&$C$3),'Future Requirements'!$B:$B,IF($C$4=\"\",\"<=\"&$F$4,\"<=\"&$C$4),'Future Requirements'!$J:$J,IF($C$5=\"Yes\",\"Yes\",IF($C$5=\"No\",\"No\",\"<>Luke\")),'Future Requirements'!$AC:$AC,IF($C$6=\"Agreed\",\"Agreed\",IF($C$6=\"C/Fwd\",\"C/Fwd\",\"<>Luke\")),'Future Requirements'!$AA:$AA,$I$4),0)+\nIF($J$5=\"Include\",SUMIFS('Future Requirements'!$O:$O,'Future Requirements'!$H:$H,$B34,'Future Requirements'!$G:$G,F$26,'Future Requirements'!$B:$B,IF($C$3=\"\",\">=\"&$F$3,\">=\"&$C$3),'Future Requirements'!$B:$B,IF($C$4=\"\",\"<=\"&$F$4,\"<=\"&$C$4),'Future Requirements'!$J:$J,IF($C$5=\"Yes\",\"Yes\",IF($C$5=\"No\",\"No\",\"<>Luke\")),'Future Requirements'!$AC:$AC,IF($C$6=\"Agreed\",\"Agreed\",IF($C$6=\"C/Fwd\",\"C/Fwd\",\"<>Luke\")),'Future Requirements'!$AA:$AA,$I$5),0)+\nIF($J$6=\"Include\",SUMIFS('Future Requirements'!$O:$O,'Future Requirements'!$H:$H,$B34,'Future Requirements'!$G:$G,F$26,'Future Requirements'!$B:$B,IF($C$3=\"\",\">=\"&$F$3,\">=\"&$C$3),'Future Requirements'!$B:$B,IF($C$4=\"\",\"<=\"&$F$4,\"<=\"&$C$4),'Future Requirements'!$J:$J,IF($C$5=\"Yes\",\"Yes\",IF($C$5=\"No\",\"No\",\"<>Luke\")),'Future Requirements'!$AC:$AC,IF($C$6=\"Agreed\",\"Agreed\",IF($C$6=\"C/Fwd\",\"C/Fwd\",\"<>Luke\")),'Future Requirements'!$AA:$AA,$I$6),0)+\nIF($J$7=\"Include\",SUMIFS('Future Requirements'!$O:$O,'Future Requirements'!$H:$H,$B34,'Future Requirements'!$G:$G,F$26,'Future Requirements'!$B:$B,IF($C$3=\"\",\">=\"&$F$3,\">=\"&$C$3),'Future Requirements'!$B:$B,IF($C$4=\"\",\"<=\"&$F$4,\"<=\"&$C$4),'Future Requirements'!$J:$J,IF($C$5=\"Yes\",\"Yes\",IF($C$5=\"No\",\"No\",\"<>Luke\")),'Future Requirements'!$AC:$AC,IF($C$6=\"Agreed\",\"Agreed\",IF($C$6=\"C/Fwd\",\"C/Fwd\",\"<>Luke\")),'Future Requirements'!$AA:$AA,$I$7),0)","v":185000},{"$f":"IF($J$3=\"Include\",SUMIFS('Future Requirements'!$O:$O,'Future Requirements'!$H:$H,$B34,'Future Requirements'!$G:$G,G$26,'Future Requirements'!$B:$B,IF($C$3=\"\",\">=\"&$F$3,\">=\"&$C$3),'Future Requirements'!$B:$B,IF($C$4=\"\",\"<=\"&$F$4,\"<=\"&$C$4),'Future Requirements'!$J:$J,IF($C$5=\"Yes\",\"Yes\",IF($C$5=\"No\",\"No\",\"<>Luke\")),'Future Requirements'!$AC:$AC,IF($C$6=\"Agreed\",\"Agreed\",IF($C$6=\"C/Fwd\",\"C/Fwd\",\"<>Luke\")),'Future Requirements'!$AA:$AA,$I$3),0)+\nIF($J$4=\"Include\",SUMIFS('Future Requirements'!$O:$O,'Future Requirements'!$H:$H,$B34,'Future Requirements'!$G:$G,G$26,'Future Requirements'!$B:$B,IF($C$3=\"\",\">=\"&$F$3,\">=\"&$C$3),'Future Requirements'!$B:$B,IF($C$4=\"\",\"<=\"&$F$4,\"<=\"&$C$4),'Future Requirements'!$J:$J,IF($C$5=\"Yes\",\"Yes\",IF($C$5=\"No\",\"No\",\"<>Luke\")),'Future Requirements'!$AC:$AC,IF($C$6=\"Agreed\",\"Agreed\",IF($C$6=\"C/Fwd\",\"C/Fwd\",\"<>Luke\")),'Future Requirements'!$AA:$AA,$I$4),0)+\nIF($J$5=\"Include\",SUMIFS('Future Requirements'!$O:$O,'Future Requirements'!$H:$H,$B34,'Future Requirements'!$G:$G,G$26,'Future Requirements'!$B:$B,IF($C$3=\"\",\">=\"&$F$3,\">=\"&$C$3),'Future Requirements'!$B:$B,IF($C$4=\"\",\"<=\"&$F$4,\"<=\"&$C$4),'Future Requirements'!$J:$J,IF($C$5=\"Yes\",\"Yes\",IF($C$5=\"No\",\"No\",\"<>Luke\")),'Future Requirements'!$AC:$AC,IF($C$6=\"Agreed\",\"Agreed\",IF($C$6=\"C/Fwd\",\"C/Fwd\",\"<>Luke\")),'Future Requirements'!$AA:$AA,$I$5),0)+\nIF($J$6=\"Include\",SUMIFS('Future Requirements'!$O:$O,'Future Requirements'!$H:$H,$B34,'Future Requirements'!$G:$G,G$26,'Future Requirements'!$B:$B,IF($C$3=\"\",\">=\"&$F$3,\">=\"&$C$3),'Future Requirements'!$B:$B,IF($C$4=\"\",\"<=\"&$F$4,\"<=\"&$C$4),'Future Requirements'!$J:$J,IF($C$5=\"Yes\",\"Yes\",IF($C$5=\"No\",\"No\",\"<>Luke\")),'Future Requirements'!$AC:$AC,IF($C$6=\"Agreed\",\"Agreed\",IF($C$6=\"C/Fwd\",\"C/Fwd\",\"<>Luke\")),'Future Requirements'!$AA:$AA,$I$6),0)+\nIF($J$7=\"Include\",SUMIFS('Future Requirements'!$O:$O,'Future Requirements'!$H:$H,$B34,'Future Requirements'!$G:$G,G$26,'Future Requirements'!$B:$B,IF($C$3=\"\",\">=\"&$F$3,\">=\"&$C$3),'Future Requirements'!$B:$B,IF($C$4=\"\",\"<=\"&$F$4,\"<=\"&$C$4),'Future Requirements'!$J:$J,IF($C$5=\"Yes\",\"Yes\",IF($C$5=\"No\",\"No\",\"<>Luke\")),'Future Requirements'!$AC:$AC,IF($C$6=\"Agreed\",\"Agreed\",IF($C$6=\"C/Fwd\",\"C/Fwd\",\"<>Luke\")),'Future Requirements'!$AA:$AA,$I$7),0)","v":140000},{"$f":"IF($J$3=\"Include\",SUMIFS('Future Requirements'!$O:$O,'Future Requirements'!$H:$H,$B34,'Future Requirements'!$G:$G,H$26,'Future Requirements'!$B:$B,IF($C$3=\"\",\">=\"&$F$3,\">=\"&$C$3),'Future Requirements'!$B:$B,IF($C$4=\"\",\"<=\"&$F$4,\"<=\"&$C$4),'Future Requirements'!$J:$J,IF($C$5=\"Yes\",\"Yes\",IF($C$5=\"No\",\"No\",\"<>Luke\")),'Future Requirements'!$AC:$AC,IF($C$6=\"Agreed\",\"Agreed\",IF($C$6=\"C/Fwd\",\"C/Fwd\",\"<>Luke\")),'Future Requirements'!$AA:$AA,$I$3),0)+\nIF($J$4=\"Include\",SUMIFS('Future Requirements'!$O:$O,'Future Requirements'!$H:$H,$B34,'Future Requirements'!$G:$G,H$26,'Future Requirements'!$B:$B,IF($C$3=\"\",\">=\"&$F$3,\">=\"&$C$3),'Future Requirements'!$B:$B,IF($C$4=\"\",\"<=\"&$F$4,\"<=\"&$C$4),'Future Requirements'!$J:$J,IF($C$5=\"Yes\",\"Yes\",IF($C$5=\"No\",\"No\",\"<>Luke\")),'Future Requirements'!$AC:$AC,IF($C$6=\"Agreed\",\"Agreed\",IF($C$6=\"C/Fwd\",\"C/Fwd\",\"<>Luke\")),'Future Requirements'!$AA:$AA,$I$4),0)+\nIF($J$5=\"Include\",SUMIFS('Future Requirements'!$O:$O,'Future Requirements'!$H:$H,$B34,'Future Requirements'!$G:$G,H$26,'Future Requirements'!$B:$B,IF($C$3=\"\",\">=\"&$F$3,\">=\"&$C$3),'Future Requirements'!$B:$B,IF($C$4=\"\",\"<=\"&$F$4,\"<=\"&$C$4),'Future Requirements'!$J:$J,IF($C$5=\"Yes\",\"Yes\",IF($C$5=\"No\",\"No\",\"<>Luke\")),'Future Requirements'!$AC:$AC,IF($C$6=\"Agreed\",\"Agreed\",IF($C$6=\"C/Fwd\",\"C/Fwd\",\"<>Luke\")),'Future Requirements'!$AA:$AA,$I$5),0)+\nIF($J$6=\"Include\",SUMIFS('Future Requirements'!$O:$O,'Future Requirements'!$H:$H,$B34,'Future Requirements'!$G:$G,H$26,'Future Requirements'!$B:$B,IF($C$3=\"\",\">=\"&$F$3,\">=\"&$C$3),'Future Requirements'!$B:$B,IF($C$4=\"\",\"<=\"&$F$4,\"<=\"&$C$4),'Future Requirements'!$J:$J,IF($C$5=\"Yes\",\"Yes\",IF($C$5=\"No\",\"No\",\"<>Luke\")),'Future Requirements'!$AC:$AC,IF($C$6=\"Agreed\",\"Agreed\",IF($C$6=\"C/Fwd\",\"C/Fwd\",\"<>Luke\")),'Future Requirements'!$AA:$AA,$I$6),0)+\nIF($J$7=\"Include\",SUMIFS('Future Requirements'!$O:$O,'Future Requirements'!$H:$H,$B34,'Future Requirements'!$G:$G,H$26,'Future Requirements'!$B:$B,IF($C$3=\"\",\">=\"&$F$3,\">=\"&$C$3),'Future Requirements'!$B:$B,IF($C$4=\"\",\"<=\"&$F$4,\"<=\"&$C$4),'Future Requirements'!$J:$J,IF($C$5=\"Yes\",\"Yes\",IF($C$5=\"No\",\"No\",\"<>Luke\")),'Future Requirements'!$AC:$AC,IF($C$6=\"Agreed\",\"Agreed\",IF($C$6=\"C/Fwd\",\"C/Fwd\",\"<>Luke\")),'Future Requirements'!$AA:$AA,$I$7),0)","v":640000},{"$f":"IF($J$3=\"Include\",SUMIFS('Future Requirements'!$O:$O,'Future Requirements'!$H:$H,$B34,'Future Requirements'!$G:$G,I$26,'Future Requirements'!$B:$B,IF($C$3=\"\",\">=\"&$F$3,\">=\"&$C$3),'Future Requirements'!$B:$B,IF($C$4=\"\",\"<=\"&$F$4,\"<=\"&$C$4),'Future Requirements'!$J:$J,IF($C$5=\"Yes\",\"Yes\",IF($C$5=\"No\",\"No\",\"<>Luke\")),'Future Requirements'!$AC:$AC,IF($C$6=\"Agreed\",\"Agreed\",IF($C$6=\"C/Fwd\",\"C/Fwd\",\"<>Luke\")),'Future Requirements'!$AA:$AA,$I$3),0)+\nIF($J$4=\"Include\",SUMIFS('Future Requirements'!$O:$O,'Future Requirements'!$H:$H,$B34,'Future Requirements'!$G:$G,I$26,'Future Requirements'!$B:$B,IF($C$3=\"\",\">=\"&$F$3,\">=\"&$C$3),'Future Requirements'!$B:$B,IF($C$4=\"\",\"<=\"&$F$4,\"<=\"&$C$4),'Future Requirements'!$J:$J,IF($C$5=\"Yes\",\"Yes\",IF($C$5=\"No\",\"No\",\"<>Luke\")),'Future Requirements'!$AC:$AC,IF($C$6=\"Agreed\",\"Agreed\",IF($C$6=\"C/Fwd\",\"C/Fwd\",\"<>Luke\")),'Future Requirements'!$AA:$AA,$I$4),0)+\nIF($J$5=\"Include\",SUMIFS('Future Requirements'!$O:$O,'Future Requirements'!$H:$H,$B34,'Future Requirements'!$G:$G,I$26,'Future Requirements'!$B:$B,IF($C$3=\"\",\">=\"&$F$3,\">=\"&$C$3),'Future Requirements'!$B:$B,IF($C$4=\"\",\"<=\"&$F$4,\"<=\"&$C$4),'Future Requirements'!$J:$J,IF($C$5=\"Yes\",\"Yes\",IF($C$5=\"No\",\"No\",\"<>Luke\")),'Future Requirements'!$AC:$AC,IF($C$6=\"Agreed\",\"Agreed\",IF($C$6=\"C/Fwd\",\"C/Fwd\",\"<>Luke\")),'Future Requirements'!$AA:$AA,$I$5),0)+\nIF($J$6=\"Include\",SUMIFS('Future Requirements'!$O:$O,'Future Requirements'!$H:$H,$B34,'Future Requirements'!$G:$G,I$26,'Future Requirements'!$B:$B,IF($C$3=\"\",\">=\"&$F$3,\">=\"&$C$3),'Future Requirements'!$B:$B,IF($C$4=\"\",\"<=\"&$F$4,\"<=\"&$C$4),'Future Requirements'!$J:$J,IF($C$5=\"Yes\",\"Yes\",IF($C$5=\"No\",\"No\",\"<>Luke\")),'Future Requirements'!$AC:$AC,IF($C$6=\"Agreed\",\"Agreed\",IF($C$6=\"C/Fwd\",\"C/Fwd\",\"<>Luke\")),'Future Requirements'!$AA:$AA,$I$6),0)+\nIF($J$7=\"Include\",SUMIFS('Future Requirements'!$O:$O,'Future Requirements'!$H:$H,$B34,'Future Requirements'!$G:$G,I$26,'Future Requirements'!$B:$B,IF($C$3=\"\",\">=\"&$F$3,\">=\"&$C$3),'Future Requirements'!$B:$B,IF($C$4=\"\",\"<=\"&$F$4,\"<=\"&$C$4),'Future Requirements'!$J:$J,IF($C$5=\"Yes\",\"Yes\",IF($C$5=\"No\",\"No\",\"<>Luke\")),'Future Requirements'!$AC:$AC,IF($C$6=\"Agreed\",\"Agreed\",IF($C$6=\"C/Fwd\",\"C/Fwd\",\"<>Luke\")),'Future Requirements'!$AA:$AA,$I$7),0)","v":490000},{"$f":"IF($J$3=\"Include\",SUMIFS('Future Requirements'!$O:$O,'Future Requirements'!$H:$H,$B34,'Future Requirements'!$G:$G,J$26,'Future Requirements'!$B:$B,IF($C$3=\"\",\">=\"&$F$3,\">=\"&$C$3),'Future Requirements'!$B:$B,IF($C$4=\"\",\"<=\"&$F$4,\"<=\"&$C$4),'Future Requirements'!$J:$J,IF($C$5=\"Yes\",\"Yes\",IF($C$5=\"No\",\"No\",\"<>Luke\")),'Future Requirements'!$AC:$AC,IF($C$6=\"Agreed\",\"Agreed\",IF($C$6=\"C/Fwd\",\"C/Fwd\",\"<>Luke\")),'Future Requirements'!$AA:$AA,$I$3),0)+\nIF($J$4=\"Include\",SUMIFS('Future Requirements'!$O:$O,'Future Requirements'!$H:$H,$B34,'Future Requirements'!$G:$G,J$26,'Future Requirements'!$B:$B,IF($C$3=\"\",\">=\"&$F$3,\">=\"&$C$3),'Future Requirements'!$B:$B,IF($C$4=\"\",\"<=\"&$F$4,\"<=\"&$C$4),'Future Requirements'!$J:$J,IF($C$5=\"Yes\",\"Yes\",IF($C$5=\"No\",\"No\",\"<>Luke\")),'Future Requirements'!$AC:$AC,IF($C$6=\"Agreed\",\"Agreed\",IF($C$6=\"C/Fwd\",\"C/Fwd\",\"<>Luke\")),'Future Requirements'!$AA:$AA,$I$4),0)+\nIF($J$5=\"Include\",SUMIFS('Future Requirements'!$O:$O,'Future Requirements'!$H:$H,$B34,'Future Requirements'!$G:$G,J$26,'Future Requirements'!$B:$B,IF($C$3=\"\",\">=\"&$F$3,\">=\"&$C$3),'Future Requirements'!$B:$B,IF($C$4=\"\",\"<=\"&$F$4,\"<=\"&$C$4),'Future Requirements'!$J:$J,IF($C$5=\"Yes\",\"Yes\",IF($C$5=\"No\",\"No\",\"<>Luke\")),'Future Requirements'!$AC:$AC,IF($C$6=\"Agreed\",\"Agreed\",IF($C$6=\"C/Fwd\",\"C/Fwd\",\"<>Luke\")),'Future Requirements'!$AA:$AA,$I$5),0)+\nIF($J$6=\"Include\",SUMIFS('Future Requirements'!$O:$O,'Future Requirements'!$H:$H,$B34,'Future Requirements'!$G:$G,J$26,'Future Requirements'!$B:$B,IF($C$3=\"\",\">=\"&$F$3,\">=\"&$C$3),'Future Requirements'!$B:$B,IF($C$4=\"\",\"<=\"&$F$4,\"<=\"&$C$4),'Future Requirements'!$J:$J,IF($C$5=\"Yes\",\"Yes\",IF($C$5=\"No\",\"No\",\"<>Luke\")),'Future Requirements'!$AC:$AC,IF($C$6=\"Agreed\",\"Agreed\",IF($C$6=\"C/Fwd\",\"C/Fwd\",\"<>Luke\")),'Future Requirements'!$AA:$AA,$I$6),0)+\nIF($J$7=\"Include\",SUMIFS('Future Requirements'!$O:$O,'Future Requirements'!$H:$H,$B34,'Future Requirements'!$G:$G,J$26,'Future Requirements'!$B:$B,IF($C$3=\"\",\">=\"&$F$3,\">=\"&$C$3),'Future Requirements'!$B:$B,IF($C$4=\"\",\"<=\"&$F$4,\"<=\"&$C$4),'Future Requirements'!$J:$J,IF($C$5=\"Yes\",\"Yes\",IF($C$5=\"No\",\"No\",\"<>Luke\")),'Future Requirements'!$AC:$AC,IF($C$6=\"Agreed\",\"Agreed\",IF($C$6=\"C/Fwd\",\"C/Fwd\",\"<>Luke\")),'Future Requirements'!$AA:$AA,$I$7),0)","v":745000},{"$f":"IF($J$3=\"Include\",SUMIFS('Future Requirements'!$O:$O,'Future Requirements'!$H:$H,$B34,'Future Requirements'!$G:$G,K$26,'Future Requirements'!$B:$B,IF($C$3=\"\",\">=\"&$F$3,\">=\"&$C$3),'Future Requirements'!$B:$B,IF($C$4=\"\",\"<=\"&$F$4,\"<=\"&$C$4),'Future Requirements'!$J:$J,IF($C$5=\"Yes\",\"Yes\",IF($C$5=\"No\",\"No\",\"<>Luke\")),'Future Requirements'!$AC:$AC,IF($C$6=\"Agreed\",\"Agreed\",IF($C$6=\"C/Fwd\",\"C/Fwd\",\"<>Luke\")),'Future Requirements'!$AA:$AA,$I$3),0)+\nIF($J$4=\"Include\",SUMIFS('Future Requirements'!$O:$O,'Future Requirements'!$H:$H,$B34,'Future Requirements'!$G:$G,K$26,'Future Requirements'!$B:$B,IF($C$3=\"\",\">=\"&$F$3,\">=\"&$C$3),'Future Requirements'!$B:$B,IF($C$4=\"\",\"<=\"&$F$4,\"<=\"&$C$4),'Future Requirements'!$J:$J,IF($C$5=\"Yes\",\"Yes\",IF($C$5=\"No\",\"No\",\"<>Luke\")),'Future Requirements'!$AC:$AC,IF($C$6=\"Agreed\",\"Agreed\",IF($C$6=\"C/Fwd\",\"C/Fwd\",\"<>Luke\")),'Future Requirements'!$AA:$AA,$I$4),0)+\nIF($J$5=\"Include\",SUMIFS('Future Requirements'!$O:$O,'Future Requirements'!$H:$H,$B34,'Future Requirements'!$G:$G,K$26,'Future Requirements'!$B:$B,IF($C$3=\"\",\">=\"&$F$3,\">=\"&$C$3),'Future Requirements'!$B:$B,IF($C$4=\"\",\"<=\"&$F$4,\"<=\"&$C$4),'Future Requirements'!$J:$J,IF($C$5=\"Yes\",\"Yes\",IF($C$5=\"No\",\"No\",\"<>Luke\")),'Future Requirements'!$AC:$AC,IF($C$6=\"Agreed\",\"Agreed\",IF($C$6=\"C/Fwd\",\"C/Fwd\",\"<>Luke\")),'Future Requirements'!$AA:$AA,$I$5),0)+\nIF($J$6=\"Include\",SUMIFS('Future Requirements'!$O:$O,'Future Requirements'!$H:$H,$B34,'Future Requirements'!$G:$G,K$26,'Future Requirements'!$B:$B,IF($C$3=\"\",\">=\"&$F$3,\">=\"&$C$3),'Future Requirements'!$B:$B,IF($C$4=\"\",\"<=\"&$F$4,\"<=\"&$C$4),'Future Requirements'!$J:$J,IF($C$5=\"Yes\",\"Yes\",IF($C$5=\"No\",\"No\",\"<>Luke\")),'Future Requirements'!$AC:$AC,IF($C$6=\"Agreed\",\"Agreed\",IF($C$6=\"C/Fwd\",\"C/Fwd\",\"<>Luke\")),'Future Requirements'!$AA:$AA,$I$6),0)+\nIF($J$7=\"Include\",SUMIFS('Future Requirements'!$O:$O,'Future Requirements'!$H:$H,$B34,'Future Requirements'!$G:$G,K$26,'Future Requirements'!$B:$B,IF($C$3=\"\",\">=\"&$F$3,\">=\"&$C$3),'Future Requirements'!$B:$B,IF($C$4=\"\",\"<=\"&$F$4,\"<=\"&$C$4),'Future Requirements'!$J:$J,IF($C$5=\"Yes\",\"Yes\",IF($C$5=\"No\",\"No\",\"<>Luke\")),'Future Requirements'!$AC:$AC,IF($C$6=\"Agreed\",\"Agreed\",IF($C$6=\"C/Fwd\",\"C/Fwd\",\"<>Luke\")),'Future Requirements'!$AA:$AA,$I$7),0)","v":375000},{"$f":"IF($J$3=\"Include\",SUMIFS('Future Requirements'!$O:$O,'Future Requirements'!$H:$H,$B34,'Future Requirements'!$G:$G,L$26,'Future Requirements'!$B:$B,IF($C$3=\"\",\">=\"&$F$3,\">=\"&$C$3),'Future Requirements'!$B:$B,IF($C$4=\"\",\"<=\"&$F$4,\"<=\"&$C$4),'Future Requirements'!$J:$J,IF($C$5=\"Yes\",\"Yes\",IF($C$5=\"No\",\"No\",\"<>Luke\")),'Future Requirements'!$AC:$AC,IF($C$6=\"Agreed\",\"Agreed\",IF($C$6=\"C/Fwd\",\"C/Fwd\",\"<>Luke\")),'Future Requirements'!$AA:$AA,$I$3),0)+\nIF($J$4=\"Include\",SUMIFS('Future Requirements'!$O:$O,'Future Requirements'!$H:$H,$B34,'Future Requirements'!$G:$G,L$26,'Future Requirements'!$B:$B,IF($C$3=\"\",\">=\"&$F$3,\">=\"&$C$3),'Future Requirements'!$B:$B,IF($C$4=\"\",\"<=\"&$F$4,\"<=\"&$C$4),'Future Requirements'!$J:$J,IF($C$5=\"Yes\",\"Yes\",IF($C$5=\"No\",\"No\",\"<>Luke\")),'Future Requirements'!$AC:$AC,IF($C$6=\"Agreed\",\"Agreed\",IF($C$6=\"C/Fwd\",\"C/Fwd\",\"<>Luke\")),'Future Requirements'!$AA:$AA,$I$4),0)+\nIF($J$5=\"Include\",SUMIFS('Future Requirements'!$O:$O,'Future Requirements'!$H:$H,$B34,'Future Requirements'!$G:$G,L$26,'Future Requirements'!$B:$B,IF($C$3=\"\",\">=\"&$F$3,\">=\"&$C$3),'Future Requirements'!$B:$B,IF($C$4=\"\",\"<=\"&$F$4,\"<=\"&$C$4),'Future Requirements'!$J:$J,IF($C$5=\"Yes\",\"Yes\",IF($C$5=\"No\",\"No\",\"<>Luke\")),'Future Requirements'!$AC:$AC,IF($C$6=\"Agreed\",\"Agreed\",IF($C$6=\"C/Fwd\",\"C/Fwd\",\"<>Luke\")),'Future Requirements'!$AA:$AA,$I$5),0)+\nIF($J$6=\"Include\",SUMIFS('Future Requirements'!$O:$O,'Future Requirements'!$H:$H,$B34,'Future Requirements'!$G:$G,L$26,'Future Requirements'!$B:$B,IF($C$3=\"\",\">=\"&$F$3,\">=\"&$C$3),'Future Requirements'!$B:$B,IF($C$4=\"\",\"<=\"&$F$4,\"<=\"&$C$4),'Future Requirements'!$J:$J,IF($C$5=\"Yes\",\"Yes\",IF($C$5=\"No\",\"No\",\"<>Luke\")),'Future Requirements'!$AC:$AC,IF($C$6=\"Agreed\",\"Agreed\",IF($C$6=\"C/Fwd\",\"C/Fwd\",\"<>Luke\")),'Future Requirements'!$AA:$AA,$I$6),0)+\nIF($J$7=\"Include\",SUMIFS('Future Requirements'!$O:$O,'Future Requirements'!$H:$H,$B34,'Future Requirements'!$G:$G,L$26,'Future Requirements'!$B:$B,IF($C$3=\"\",\">=\"&$F$3,\">=\"&$C$3),'Future Requirements'!$B:$B,IF($C$4=\"\",\"<=\"&$F$4,\"<=\"&$C$4),'Future Requirements'!$J:$J,IF($C$5=\"Yes\",\"Yes\",IF($C$5=\"No\",\"No\",\"<>Luke\")),'Future Requirements'!$AC:$AC,IF($C$6=\"Agreed\",\"Agreed\",IF($C$6=\"C/Fwd\",\"C/Fwd\",\"<>Luke\")),'Future Requirements'!$AA:$AA,$I$7),0)","v":320000},{"$f":"IF($J$3=\"Include\",SUMIFS('Future Requirements'!$O:$O,'Future Requirements'!$H:$H,$B34,'Future Requirements'!$G:$G,M$26,'Future Requirements'!$B:$B,IF($C$3=\"\",\">=\"&$F$3,\">=\"&$C$3),'Future Requirements'!$B:$B,IF($C$4=\"\",\"<=\"&$F$4,\"<=\"&$C$4),'Future Requirements'!$J:$J,IF($C$5=\"Yes\",\"Yes\",IF($C$5=\"No\",\"No\",\"<>Luke\")),'Future Requirements'!$AC:$AC,IF($C$6=\"Agreed\",\"Agreed\",IF($C$6=\"C/Fwd\",\"C/Fwd\",\"<>Luke\")),'Future Requirements'!$AA:$AA,$I$3),0)+\nIF($J$4=\"Include\",SUMIFS('Future Requirements'!$O:$O,'Future Requirements'!$H:$H,$B34,'Future Requirements'!$G:$G,M$26,'Future Requirements'!$B:$B,IF($C$3=\"\",\">=\"&$F$3,\">=\"&$C$3),'Future Requirements'!$B:$B,IF($C$4=\"\",\"<=\"&$F$4,\"<=\"&$C$4),'Future Requirements'!$J:$J,IF($C$5=\"Yes\",\"Yes\",IF($C$5=\"No\",\"No\",\"<>Luke\")),'Future Requirements'!$AC:$AC,IF($C$6=\"Agreed\",\"Agreed\",IF($C$6=\"C/Fwd\",\"C/Fwd\",\"<>Luke\")),'Future Requirements'!$AA:$AA,$I$4),0)+\nIF($J$5=\"Include\",SUMIFS('Future Requirements'!$O:$O,'Future Requirements'!$H:$H,$B34,'Future Requirements'!$G:$G,M$26,'Future Requirements'!$B:$B,IF($C$3=\"\",\">=\"&$F$3,\">=\"&$C$3),'Future Requirements'!$B:$B,IF($C$4=\"\",\"<=\"&$F$4,\"<=\"&$C$4),'Future Requirements'!$J:$J,IF($C$5=\"Yes\",\"Yes\",IF($C$5=\"No\",\"No\",\"<>Luke\")),'Future Requirements'!$AC:$AC,IF($C$6=\"Agreed\",\"Agreed\",IF($C$6=\"C/Fwd\",\"C/Fwd\",\"<>Luke\")),'Future Requirements'!$AA:$AA,$I$5),0)+\nIF($J$6=\"Include\",SUMIFS('Future Requirements'!$O:$O,'Future Requirements'!$H:$H,$B34,'Future Requirements'!$G:$G,M$26,'Future Requirements'!$B:$B,IF($C$3=\"\",\">=\"&$F$3,\">=\"&$C$3),'Future Requirements'!$B:$B,IF($C$4=\"\",\"<=\"&$F$4,\"<=\"&$C$4),'Future Requirements'!$J:$J,IF($C$5=\"Yes\",\"Yes\",IF($C$5=\"No\",\"No\",\"<>Luke\")),'Future Requirements'!$AC:$AC,IF($C$6=\"Agreed\",\"Agreed\",IF($C$6=\"C/Fwd\",\"C/Fwd\",\"<>Luke\")),'Future Requirements'!$AA:$AA,$I$6),0)+\nIF($J$7=\"Include\",SUMIFS('Future Requirements'!$O:$O,'Future Requirements'!$H:$H,$B34,'Future Requirements'!$G:$G,M$26,'Future Requirements'!$B:$B,IF($C$3=\"\",\">=\"&$F$3,\">=\"&$C$3),'Future Requirements'!$B:$B,IF($C$4=\"\",\"<=\"&$F$4,\"<=\"&$C$4),'Future Requirements'!$J:$J,IF($C$5=\"Yes\",\"Yes\",IF($C$5=\"No\",\"No\",\"<>Luke\")),'Future Requirements'!$AC:$AC,IF($C$6=\"Agreed\",\"Agreed\",IF($C$6=\"C/Fwd\",\"C/Fwd\",\"<>Luke\")),'Future Requirements'!$AA:$AA,$I$7),0)","v":335000},{"$f":"IF($J$3=\"Include\",SUMIFS('Future Requirements'!$O:$O,'Future Requirements'!$H:$H,$B34,'Future Requirements'!$G:$G,N$26,'Future Requirements'!$B:$B,IF($C$3=\"\",\">=\"&$F$3,\">=\"&$C$3),'Future Requirements'!$B:$B,IF($C$4=\"\",\"<=\"&$F$4,\"<=\"&$C$4),'Future Requirements'!$J:$J,IF($C$5=\"Yes\",\"Yes\",IF($C$5=\"No\",\"No\",\"<>Luke\")),'Future Requirements'!$AC:$AC,IF($C$6=\"Agreed\",\"Agreed\",IF($C$6=\"C/Fwd\",\"C/Fwd\",\"<>Luke\")),'Future Requirements'!$AA:$AA,$I$3),0)+\nIF($J$4=\"Include\",SUMIFS('Future Requirements'!$O:$O,'Future Requirements'!$H:$H,$B34,'Future Requirements'!$G:$G,N$26,'Future Requirements'!$B:$B,IF($C$3=\"\",\">=\"&$F$3,\">=\"&$C$3),'Future Requirements'!$B:$B,IF($C$4=\"\",\"<=\"&$F$4,\"<=\"&$C$4),'Future Requirements'!$J:$J,IF($C$5=\"Yes\",\"Yes\",IF($C$5=\"No\",\"No\",\"<>Luke\")),'Future Requirements'!$AC:$AC,IF($C$6=\"Agreed\",\"Agreed\",IF($C$6=\"C/Fwd\",\"C/Fwd\",\"<>Luke\")),'Future Requirements'!$AA:$AA,$I$4),0)+\nIF($J$5=\"Include\",SUMIFS('Future Requirements'!$O:$O,'Future Requirements'!$H:$H,$B34,'Future Requirements'!$G:$G,N$26,'Future Requirements'!$B:$B,IF($C$3=\"\",\">=\"&$F$3,\">=\"&$C$3),'Future Requirements'!$B:$B,IF($C$4=\"\",\"<=\"&$F$4,\"<=\"&$C$4),'Future Requirements'!$J:$J,IF($C$5=\"Yes\",\"Yes\",IF($C$5=\"No\",\"No\",\"<>Luke\")),'Future Requirements'!$AC:$AC,IF($C$6=\"Agreed\",\"Agreed\",IF($C$6=\"C/Fwd\",\"C/Fwd\",\"<>Luke\")),'Future Requirements'!$AA:$AA,$I$5),0)+\nIF($J$6=\"Include\",SUMIFS('Future Requirements'!$O:$O,'Future Requirements'!$H:$H,$B34,'Future Requirements'!$G:$G,N$26,'Future Requirements'!$B:$B,IF($C$3=\"\",\">=\"&$F$3,\">=\"&$C$3),'Future Requirements'!$B:$B,IF($C$4=\"\",\"<=\"&$F$4,\"<=\"&$C$4),'Future Requirements'!$J:$J,IF($C$5=\"Yes\",\"Yes\",IF($C$5=\"No\",\"No\",\"<>Luke\")),'Future Requirements'!$AC:$AC,IF($C$6=\"Agreed\",\"Agreed\",IF($C$6=\"C/Fwd\",\"C/Fwd\",\"<>Luke\")),'Future Requirements'!$AA:$AA,$I$6),0)+\nIF($J$7=\"Include\",SUMIFS('Future Requirements'!$O:$O,'Future Requirements'!$H:$H,$B34,'Future Requirements'!$G:$G,N$26,'Future Requirements'!$B:$B,IF($C$3=\"\",\">=\"&$F$3,\">=\"&$C$3),'Future Requirements'!$B:$B,IF($C$4=\"\",\"<=\"&$F$4,\"<=\"&$C$4),'Future Requirements'!$J:$J,IF($C$5=\"Yes\",\"Yes\",IF($C$5=\"No\",\"No\",\"<>Luke\")),'Future Requirements'!$AC:$AC,IF($C$6=\"Agreed\",\"Agreed\",IF($C$6=\"C/Fwd\",\"C/Fwd\",\"<>Luke\")),'Future Requirements'!$AA:$AA,$I$7),0)","v":425000},{"$f":"IF($J$3=\"Include\",SUMIFS('Future Requirements'!$O:$O,'Future Requirements'!$H:$H,$B34,'Future Requirements'!$G:$G,O$26,'Future Requirements'!$B:$B,IF($C$3=\"\",\">=\"&$F$3,\">=\"&$C$3),'Future Requirements'!$B:$B,IF($C$4=\"\",\"<=\"&$F$4,\"<=\"&$C$4),'Future Requirements'!$J:$J,IF($C$5=\"Yes\",\"Yes\",IF($C$5=\"No\",\"No\",\"<>Luke\")),'Future Requirements'!$AC:$AC,IF($C$6=\"Agreed\",\"Agreed\",IF($C$6=\"C/Fwd\",\"C/Fwd\",\"<>Luke\")),'Future Requirements'!$AA:$AA,$I$3),0)+\nIF($J$4=\"Include\",SUMIFS('Future Requirements'!$O:$O,'Future Requirements'!$H:$H,$B34,'Future Requirements'!$G:$G,O$26,'Future Requirements'!$B:$B,IF($C$3=\"\",\">=\"&$F$3,\">=\"&$C$3),'Future Requirements'!$B:$B,IF($C$4=\"\",\"<=\"&$F$4,\"<=\"&$C$4),'Future Requirements'!$J:$J,IF($C$5=\"Yes\",\"Yes\",IF($C$5=\"No\",\"No\",\"<>Luke\")),'Future Requirements'!$AC:$AC,IF($C$6=\"Agreed\",\"Agreed\",IF($C$6=\"C/Fwd\",\"C/Fwd\",\"<>Luke\")),'Future Requirements'!$AA:$AA,$I$4),0)+\nIF($J$5=\"Include\",SUMIFS('Future Requirements'!$O:$O,'Future Requirements'!$H:$H,$B34,'Future Requirements'!$G:$G,O$26,'Future Requirements'!$B:$B,IF($C$3=\"\",\">=\"&$F$3,\">=\"&$C$3),'Future Requirements'!$B:$B,IF($C$4=\"\",\"<=\"&$F$4,\"<=\"&$C$4),'Future Requirements'!$J:$J,IF($C$5=\"Yes\",\"Yes\",IF($C$5=\"No\",\"No\",\"<>Luke\")),'Future Requirements'!$AC:$AC,IF($C$6=\"Agreed\",\"Agreed\",IF($C$6=\"C/Fwd\",\"C/Fwd\",\"<>Luke\")),'Future Requirements'!$AA:$AA,$I$5),0)+\nIF($J$6=\"Include\",SUMIFS('Future Requirements'!$O:$O,'Future Requirements'!$H:$H,$B34,'Future Requirements'!$G:$G,O$26,'Future Requirements'!$B:$B,IF($C$3=\"\",\">=\"&$F$3,\">=\"&$C$3),'Future Requirements'!$B:$B,IF($C$4=\"\",\"<=\"&$F$4,\"<=\"&$C$4),'Future Requirements'!$J:$J,IF($C$5=\"Yes\",\"Yes\",IF($C$5=\"No\",\"No\",\"<>Luke\")),'Future Requirements'!$AC:$AC,IF($C$6=\"Agreed\",\"Agreed\",IF($C$6=\"C/Fwd\",\"C/Fwd\",\"<>Luke\")),'Future Requirements'!$AA:$AA,$I$6),0)+\nIF($J$7=\"Include\",SUMIFS('Future Requirements'!$O:$O,'Future Requirements'!$H:$H,$B34,'Future Requirements'!$G:$G,O$26,'Future Requirements'!$B:$B,IF($C$3=\"\",\">=\"&$F$3,\">=\"&$C$3),'Future Requirements'!$B:$B,IF($C$4=\"\",\"<=\"&$F$4,\"<=\"&$C$4),'Future Requirements'!$J:$J,IF($C$5=\"Yes\",\"Yes\",IF($C$5=\"No\",\"No\",\"<>Luke\")),'Future Requirements'!$AC:$AC,IF($C$6=\"Agreed\",\"Agreed\",IF($C$6=\"C/Fwd\",\"C/Fwd\",\"<>Luke\")),'Future Requirements'!$AA:$AA,$I$7),0)","v":1090000},{"$f":"IF($J$3=\"Include\",SUMIFS('Future Requirements'!$O:$O,'Future Requirements'!$H:$H,$B34,'Future Requirements'!$G:$G,P$26,'Future Requirements'!$B:$B,IF($C$3=\"\",\">=\"&$F$3,\">=\"&$C$3),'Future Requirements'!$B:$B,IF($C$4=\"\",\"<=\"&$F$4,\"<=\"&$C$4),'Future Requirements'!$J:$J,IF($C$5=\"Yes\",\"Yes\",IF($C$5=\"No\",\"No\",\"<>Luke\")),'Future Requirements'!$AC:$AC,IF($C$6=\"Agreed\",\"Agreed\",IF($C$6=\"C/Fwd\",\"C/Fwd\",\"<>Luke\")),'Future Requirements'!$AA:$AA,$I$3),0)+\nIF($J$4=\"Include\",SUMIFS('Future Requirements'!$O:$O,'Future Requirements'!$H:$H,$B34,'Future Requirements'!$G:$G,P$26,'Future Requirements'!$B:$B,IF($C$3=\"\",\">=\"&$F$3,\">=\"&$C$3),'Future Requirements'!$B:$B,IF($C$4=\"\",\"<=\"&$F$4,\"<=\"&$C$4),'Future Requirements'!$J:$J,IF($C$5=\"Yes\",\"Yes\",IF($C$5=\"No\",\"No\",\"<>Luke\")),'Future Requirements'!$AC:$AC,IF($C$6=\"Agreed\",\"Agreed\",IF($C$6=\"C/Fwd\",\"C/Fwd\",\"<>Luke\")),'Future Requirements'!$AA:$AA,$I$4),0)+\nIF($J$5=\"Include\",SUMIFS('Future Requirements'!$O:$O,'Future Requirements'!$H:$H,$B34,'Future Requirements'!$G:$G,P$26,'Future Requirements'!$B:$B,IF($C$3=\"\",\">=\"&$F$3,\">=\"&$C$3),'Future Requirements'!$B:$B,IF($C$4=\"\",\"<=\"&$F$4,\"<=\"&$C$4),'Future Requirements'!$J:$J,IF($C$5=\"Yes\",\"Yes\",IF($C$5=\"No\",\"No\",\"<>Luke\")),'Future Requirements'!$AC:$AC,IF($C$6=\"Agreed\",\"Agreed\",IF($C$6=\"C/Fwd\",\"C/Fwd\",\"<>Luke\")),'Future Requirements'!$AA:$AA,$I$5),0)+\nIF($J$6=\"Include\",SUMIFS('Future Requirements'!$O:$O,'Future Requirements'!$H:$H,$B34,'Future Requirements'!$G:$G,P$26,'Future Requirements'!$B:$B,IF($C$3=\"\",\">=\"&$F$3,\">=\"&$C$3),'Future Requirements'!$B:$B,IF($C$4=\"\",\"<=\"&$F$4,\"<=\"&$C$4),'Future Requirements'!$J:$J,IF($C$5=\"Yes\",\"Yes\",IF($C$5=\"No\",\"No\",\"<>Luke\")),'Future Requirements'!$AC:$AC,IF($C$6=\"Agreed\",\"Agreed\",IF($C$6=\"C/Fwd\",\"C/Fwd\",\"<>Luke\")),'Future Requirements'!$AA:$AA,$I$6),0)+\nIF($J$7=\"Include\",SUMIFS('Future Requirements'!$O:$O,'Future Requirements'!$H:$H,$B34,'Future Requirements'!$G:$G,P$26,'Future Requirements'!$B:$B,IF($C$3=\"\",\">=\"&$F$3,\">=\"&$C$3),'Future Requirements'!$B:$B,IF($C$4=\"\",\"<=\"&$F$4,\"<=\"&$C$4),'Future Requirements'!$J:$J,IF($C$5=\"Yes\",\"Yes\",IF($C$5=\"No\",\"No\",\"<>Luke\")),'Future Requirements'!$AC:$AC,IF($C$6=\"Agreed\",\"Agreed\",IF($C$6=\"C/Fwd\",\"C/Fwd\",\"<>Luke\")),'Future Requirements'!$AA:$AA,$I$7),0)","v":510000},{"$f":"IF($J$3=\"Include\",SUMIFS('Future Requirements'!$O:$O,'Future Requirements'!$H:$H,$B34,'Future Requirements'!$G:$G,Q$26,'Future Requirements'!$B:$B,IF($C$3=\"\",\">=\"&$F$3,\">=\"&$C$3),'Future Requirements'!$B:$B,IF($C$4=\"\",\"<=\"&$F$4,\"<=\"&$C$4),'Future Requirements'!$J:$J,IF($C$5=\"Yes\",\"Yes\",IF($C$5=\"No\",\"No\",\"<>Luke\")),'Future Requirements'!$AC:$AC,IF($C$6=\"Agreed\",\"Agreed\",IF($C$6=\"C/Fwd\",\"C/Fwd\",\"<>Luke\")),'Future Requirements'!$AA:$AA,$I$3),0)+\nIF($J$4=\"Include\",SUMIFS('Future Requirements'!$O:$O,'Future Requirements'!$H:$H,$B34,'Future Requirements'!$G:$G,Q$26,'Future Requirements'!$B:$B,IF($C$3=\"\",\">=\"&$F$3,\">=\"&$C$3),'Future Requirements'!$B:$B,IF($C$4=\"\",\"<=\"&$F$4,\"<=\"&$C$4),'Future Requirements'!$J:$J,IF($C$5=\"Yes\",\"Yes\",IF($C$5=\"No\",\"No\",\"<>Luke\")),'Future Requirements'!$AC:$AC,IF($C$6=\"Agreed\",\"Agreed\",IF($C$6=\"C/Fwd\",\"C/Fwd\",\"<>Luke\")),'Future Requirements'!$AA:$AA,$I$4),0)+\nIF($J$5=\"Include\",SUMIFS('Future Requirements'!$O:$O,'Future Requirements'!$H:$H,$B34,'Future Requirements'!$G:$G,Q$26,'Future Requirements'!$B:$B,IF($C$3=\"\",\">=\"&$F$3,\">=\"&$C$3),'Future Requirements'!$B:$B,IF($C$4=\"\",\"<=\"&$F$4,\"<=\"&$C$4),'Future Requirements'!$J:$J,IF($C$5=\"Yes\",\"Yes\",IF($C$5=\"No\",\"No\",\"<>Luke\")),'Future Requirements'!$AC:$AC,IF($C$6=\"Agreed\",\"Agreed\",IF($C$6=\"C/Fwd\",\"C/Fwd\",\"<>Luke\")),'Future Requirements'!$AA:$AA,$I$5),0)+\nIF($J$6=\"Include\",SUMIFS('Future Requirements'!$O:$O,'Future Requirements'!$H:$H,$B34,'Future Requirements'!$G:$G,Q$26,'Future Requirements'!$B:$B,IF($C$3=\"\",\">=\"&$F$3,\">=\"&$C$3),'Future Requirements'!$B:$B,IF($C$4=\"\",\"<=\"&$F$4,\"<=\"&$C$4),'Future Requirements'!$J:$J,IF($C$5=\"Yes\",\"Yes\",IF($C$5=\"No\",\"No\",\"<>Luke\")),'Future Requirements'!$AC:$AC,IF($C$6=\"Agreed\",\"Agreed\",IF($C$6=\"C/Fwd\",\"C/Fwd\",\"<>Luke\")),'Future Requirements'!$AA:$AA,$I$6),0)+\nIF($J$7=\"Include\",SUMIFS('Future Requirements'!$O:$O,'Future Requirements'!$H:$H,$B34,'Future Requirements'!$G:$G,Q$26,'Future Requirements'!$B:$B,IF($C$3=\"\",\">=\"&$F$3,\">=\"&$C$3),'Future Requirements'!$B:$B,IF($C$4=\"\",\"<=\"&$F$4,\"<=\"&$C$4),'Future Requirements'!$J:$J,IF($C$5=\"Yes\",\"Yes\",IF($C$5=\"No\",\"No\",\"<>Luke\")),'Future Requirements'!$AC:$AC,IF($C$6=\"Agreed\",\"Agreed\",IF($C$6=\"C/Fwd\",\"C/Fwd\",\"<>Luke\")),'Future Requirements'!$AA:$AA,$I$7),0)","v":175000},{"$f":"IF($J$3=\"Include\",SUMIFS('Future Requirements'!$O:$O,'Future Requirements'!$H:$H,$B34,'Future Requirements'!$G:$G,R$26,'Future Requirements'!$B:$B,IF($C$3=\"\",\">=\"&$F$3,\">=\"&$C$3),'Future Requirements'!$B:$B,IF($C$4=\"\",\"<=\"&$F$4,\"<=\"&$C$4),'Future Requirements'!$J:$J,IF($C$5=\"Yes\",\"Yes\",IF($C$5=\"No\",\"No\",\"<>Luke\")),'Future Requirements'!$AC:$AC,IF($C$6=\"Agreed\",\"Agreed\",IF($C$6=\"C/Fwd\",\"C/Fwd\",\"<>Luke\")),'Future Requirements'!$AA:$AA,$I$3),0)+\nIF($J$4=\"Include\",SUMIFS('Future Requirements'!$O:$O,'Future Requirements'!$H:$H,$B34,'Future Requirements'!$G:$G,R$26,'Future Requirements'!$B:$B,IF($C$3=\"\",\">=\"&$F$3,\">=\"&$C$3),'Future Requirements'!$B:$B,IF($C$4=\"\",\"<=\"&$F$4,\"<=\"&$C$4),'Future Requirements'!$J:$J,IF($C$5=\"Yes\",\"Yes\",IF($C$5=\"No\",\"No\",\"<>Luke\")),'Future Requirements'!$AC:$AC,IF($C$6=\"Agreed\",\"Agreed\",IF($C$6=\"C/Fwd\",\"C/Fwd\",\"<>Luke\")),'Future Requirements'!$AA:$AA,$I$4),0)+\nIF($J$5=\"Include\",SUMIFS('Future Requirements'!$O:$O,'Future Requirements'!$H:$H,$B34,'Future Requirements'!$G:$G,R$26,'Future Requirements'!$B:$B,IF($C$3=\"\",\">=\"&$F$3,\">=\"&$C$3),'Future Requirements'!$B:$B,IF($C$4=\"\",\"<=\"&$F$4,\"<=\"&$C$4),'Future Requirements'!$J:$J,IF($C$5=\"Yes\",\"Yes\",IF($C$5=\"No\",\"No\",\"<>Luke\")),'Future Requirements'!$AC:$AC,IF($C$6=\"Agreed\",\"Agreed\",IF($C$6=\"C/Fwd\",\"C/Fwd\",\"<>Luke\")),'Future Requirements'!$AA:$AA,$I$5),0)+\nIF($J$6=\"Include\",SUMIFS('Future Requirements'!$O:$O,'Future Requirements'!$H:$H,$B34,'Future Requirements'!$G:$G,R$26,'Future Requirements'!$B:$B,IF($C$3=\"\",\">=\"&$F$3,\">=\"&$C$3),'Future Requirements'!$B:$B,IF($C$4=\"\",\"<=\"&$F$4,\"<=\"&$C$4),'Future Requirements'!$J:$J,IF($C$5=\"Yes\",\"Yes\",IF($C$5=\"No\",\"No\",\"<>Luke\")),'Future Requirements'!$AC:$AC,IF($C$6=\"Agreed\",\"Agreed\",IF($C$6=\"C/Fwd\",\"C/Fwd\",\"<>Luke\")),'Future Requirements'!$AA:$AA,$I$6),0)+\nIF($J$7=\"Include\",SUMIFS('Future Requirements'!$O:$O,'Future Requirements'!$H:$H,$B34,'Future Requirements'!$G:$G,R$26,'Future Requirements'!$B:$B,IF($C$3=\"\",\">=\"&$F$3,\">=\"&$C$3),'Future Requirements'!$B:$B,IF($C$4=\"\",\"<=\"&$F$4,\"<=\"&$C$4),'Future Requirements'!$J:$J,IF($C$5=\"Yes\",\"Yes\",IF($C$5=\"No\",\"No\",\"<>Luke\")),'Future Requirements'!$AC:$AC,IF($C$6=\"Agreed\",\"Agreed\",IF($C$6=\"C/Fwd\",\"C/Fwd\",\"<>Luke\")),'Future Requirements'!$AA:$AA,$I$7),0)","v":220000},{"$f":"IF($J$3=\"Include\",SUMIFS('Future Requirements'!$O:$O,'Future Requirements'!$H:$H,$B34,'Future Requirements'!$G:$G,S$26,'Future Requirements'!$B:$B,IF($C$3=\"\",\">=\"&$F$3,\">=\"&$C$3),'Future Requirements'!$B:$B,IF($C$4=\"\",\"<=\"&$F$4,\"<=\"&$C$4),'Future Requirements'!$J:$J,IF($C$5=\"Yes\",\"Yes\",IF($C$5=\"No\",\"No\",\"<>Luke\")),'Future Requirements'!$AC:$AC,IF($C$6=\"Agreed\",\"Agreed\",IF($C$6=\"C/Fwd\",\"C/Fwd\",\"<>Luke\")),'Future Requirements'!$AA:$AA,$I$3),0)+\nIF($J$4=\"Include\",SUMIFS('Future Requirements'!$O:$O,'Future Requirements'!$H:$H,$B34,'Future Requirements'!$G:$G,S$26,'Future Requirements'!$B:$B,IF($C$3=\"\",\">=\"&$F$3,\">=\"&$C$3),'Future Requirements'!$B:$B,IF($C$4=\"\",\"<=\"&$F$4,\"<=\"&$C$4),'Future Requirements'!$J:$J,IF($C$5=\"Yes\",\"Yes\",IF($C$5=\"No\",\"No\",\"<>Luke\")),'Future Requirements'!$AC:$AC,IF($C$6=\"Agreed\",\"Agreed\",IF($C$6=\"C/Fwd\",\"C/Fwd\",\"<>Luke\")),'Future Requirements'!$AA:$AA,$I$4),0)+\nIF($J$5=\"Include\",SUMIFS('Future Requirements'!$O:$O,'Future Requirements'!$H:$H,$B34,'Future Requirements'!$G:$G,S$26,'Future Requirements'!$B:$B,IF($C$3=\"\",\">=\"&$F$3,\">=\"&$C$3),'Future Requirements'!$B:$B,IF($C$4=\"\",\"<=\"&$F$4,\"<=\"&$C$4),'Future Requirements'!$J:$J,IF($C$5=\"Yes\",\"Yes\",IF($C$5=\"No\",\"No\",\"<>Luke\")),'Future Requirements'!$AC:$AC,IF($C$6=\"Agreed\",\"Agreed\",IF($C$6=\"C/Fwd\",\"C/Fwd\",\"<>Luke\")),'Future Requirements'!$AA:$AA,$I$5),0)+\nIF($J$6=\"Include\",SUMIFS('Future Requirements'!$O:$O,'Future Requirements'!$H:$H,$B34,'Future Requirements'!$G:$G,S$26,'Future Requirements'!$B:$B,IF($C$3=\"\",\">=\"&$F$3,\">=\"&$C$3),'Future Requirements'!$B:$B,IF($C$4=\"\",\"<=\"&$F$4,\"<=\"&$C$4),'Future Requirements'!$J:$J,IF($C$5=\"Yes\",\"Yes\",IF($C$5=\"No\",\"No\",\"<>Luke\")),'Future Requirements'!$AC:$AC,IF($C$6=\"Agreed\",\"Agreed\",IF($C$6=\"C/Fwd\",\"C/Fwd\",\"<>Luke\")),'Future Requirements'!$AA:$AA,$I$6),0)+\nIF($J$7=\"Include\",SUMIFS('Future Requirements'!$O:$O,'Future Requirements'!$H:$H,$B34,'Future Requirements'!$G:$G,S$26,'Future Requirements'!$B:$B,IF($C$3=\"\",\">=\"&$F$3,\">=\"&$C$3),'Future Requirements'!$B:$B,IF($C$4=\"\",\"<=\"&$F$4,\"<=\"&$C$4),'Future Requirements'!$J:$J,IF($C$5=\"Yes\",\"Yes\",IF($C$5=\"No\",\"No\",\"<>Luke\")),'Future Requirements'!$AC:$AC,IF($C$6=\"Agreed\",\"Agreed\",IF($C$6=\"C/Fwd\",\"C/Fwd\",\"<>Luke\")),'Future Requirements'!$AA:$AA,$I$7),0)","v":305000},8550000]
[null,"X",{"$f":"IF($J$3=\"Include\",SUMIFS('Future Requirements'!$O:$O,'Future Requirements'!$H:$H,$B35,'Future Requirements'!$G:$G,C$26,'Future Requirements'!$B:$B,IF($C$3=\"\",\">=\"&$F$3,\">=\"&$C$3),'Future Requirements'!$B:$B,IF($C$4=\"\",\"<=\"&$F$4,\"<=\"&$C$4),'Future Requirements'!$J:$J,IF($C$5=\"Yes\",\"Yes\",IF($C$5=\"No\",\"No\",\"<>Luke\")),'Future Requirements'!$AC:$AC,IF($C$6=\"Agreed\",\"Agreed\",IF($C$6=\"C/Fwd\",\"C/Fwd\",\"<>Luke\")),'Future Requirements'!$AA:$AA,$I$3),0)+\nIF($J$4=\"Include\",SUMIFS('Future Requirements'!$O:$O,'Future Requirements'!$H:$H,$B35,'Future Requirements'!$G:$G,C$26,'Future Requirements'!$B:$B,IF($C$3=\"\",\">=\"&$F$3,\">=\"&$C$3),'Future Requirements'!$B:$B,IF($C$4=\"\",\"<=\"&$F$4,\"<=\"&$C$4),'Future Requirements'!$J:$J,IF($C$5=\"Yes\",\"Yes\",IF($C$5=\"No\",\"No\",\"<>Luke\")),'Future Requirements'!$AC:$AC,IF($C$6=\"Agreed\",\"Agreed\",IF($C$6=\"C/Fwd\",\"C/Fwd\",\"<>Luke\")),'Future Requirements'!$AA:$AA,$I$4),0)+\nIF($J$5=\"Include\",SUMIFS('Future Requirements'!$O:$O,'Future Requirements'!$H:$H,$B35,'Future Requirements'!$G:$G,C$26,'Future Requirements'!$B:$B,IF($C$3=\"\",\">=\"&$F$3,\">=\"&$C$3),'Future Requirements'!$B:$B,IF($C$4=\"\",\"<=\"&$F$4,\"<=\"&$C$4),'Future Requirements'!$J:$J,IF($C$5=\"Yes\",\"Yes\",IF($C$5=\"No\",\"No\",\"<>Luke\")),'Future Requirements'!$AC:$AC,IF($C$6=\"Agreed\",\"Agreed\",IF($C$6=\"C/Fwd\",\"C/Fwd\",\"<>Luke\")),'Future Requirements'!$AA:$AA,$I$5),0)+\nIF($J$6=\"Include\",SUMIFS('Future Requirements'!$O:$O,'Future Requirements'!$H:$H,$B35,'Future Requirements'!$G:$G,C$26,'Future Requirements'!$B:$B,IF($C$3=\"\",\">=\"&$F$3,\">=\"&$C$3),'Future Requirements'!$B:$B,IF($C$4=\"\",\"<=\"&$F$4,\"<=\"&$C$4),'Future Requirements'!$J:$J,IF($C$5=\"Yes\",\"Yes\",IF($C$5=\"No\",\"No\",\"<>Luke\")),'Future Requirements'!$AC:$AC,IF($C$6=\"Agreed\",\"Agreed\",IF($C$6=\"C/Fwd\",\"C/Fwd\",\"<>Luke\")),'Future Requirements'!$AA:$AA,$I$6),0)+\nIF($J$7=\"Include\",SUMIFS('Future Requirements'!$O:$O,'Future Requirements'!$H:$H,$B35,'Future Requirements'!$G:$G,C$26,'Future Requirements'!$B:$B,IF($C$3=\"\",\">=\"&$F$3,\">=\"&$C$3),'Future Requirements'!$B:$B,IF($C$4=\"\",\"<=\"&$F$4,\"<=\"&$C$4),'Future Requirements'!$J:$J,IF($C$5=\"Yes\",\"Yes\",IF($C$5=\"No\",\"No\",\"<>Luke\")),'Future Requirements'!$AC:$AC,IF($C$6=\"Agreed\",\"Agreed\",IF($C$6=\"C/Fwd\",\"C/Fwd\",\"<>Luke\")),'Future Requirements'!$AA:$AA,$I$7),0)","v":0},{"$f":"IF($J$3=\"Include\",SUMIFS('Future Requirements'!$O:$O,'Future Requirements'!$H:$H,$B35,'Future Requirements'!$G:$G,D$26,'Future Requirements'!$B:$B,IF($C$3=\"\",\">=\"&$F$3,\">=\"&$C$3),'Future Requirements'!$B:$B,IF($C$4=\"\",\"<=\"&$F$4,\"<=\"&$C$4),'Future Requirements'!$J:$J,IF($C$5=\"Yes\",\"Yes\",IF($C$5=\"No\",\"No\",\"<>Luke\")),'Future Requirements'!$AC:$AC,IF($C$6=\"Agreed\",\"Agreed\",IF($C$6=\"C/Fwd\",\"C/Fwd\",\"<>Luke\")),'Future Requirements'!$AA:$AA,$I$3),0)+\nIF($J$4=\"Include\",SUMIFS('Future Requirements'!$O:$O,'Future Requirements'!$H:$H,$B35,'Future Requirements'!$G:$G,D$26,'Future Requirements'!$B:$B,IF($C$3=\"\",\">=\"&$F$3,\">=\"&$C$3),'Future Requirements'!$B:$B,IF($C$4=\"\",\"<=\"&$F$4,\"<=\"&$C$4),'Future Requirements'!$J:$J,IF($C$5=\"Yes\",\"Yes\",IF($C$5=\"No\",\"No\",\"<>Luke\")),'Future Requirements'!$AC:$AC,IF($C$6=\"Agreed\",\"Agreed\",IF($C$6=\"C/Fwd\",\"C/Fwd\",\"<>Luke\")),'Future Requirements'!$AA:$AA,$I$4),0)+\nIF($J$5=\"Include\",SUMIFS('Future Requirements'!$O:$O,'Future Requirements'!$H:$H,$B35,'Future Requirements'!$G:$G,D$26,'Future Requirements'!$B:$B,IF($C$3=\"\",\">=\"&$F$3,\">=\"&$C$3),'Future Requirements'!$B:$B,IF($C$4=\"\",\"<=\"&$F$4,\"<=\"&$C$4),'Future Requirements'!$J:$J,IF($C$5=\"Yes\",\"Yes\",IF($C$5=\"No\",\"No\",\"<>Luke\")),'Future Requirements'!$AC:$AC,IF($C$6=\"Agreed\",\"Agreed\",IF($C$6=\"C/Fwd\",\"C/Fwd\",\"<>Luke\")),'Future Requirements'!$AA:$AA,$I$5),0)+\nIF($J$6=\"Include\",SUMIFS('Future Requirements'!$O:$O,'Future Requirements'!$H:$H,$B35,'Future Requirements'!$G:$G,D$26,'Future Requirements'!$B:$B,IF($C$3=\"\",\">=\"&$F$3,\">=\"&$C$3),'Future Requirements'!$B:$B,IF($C$4=\"\",\"<=\"&$F$4,\"<=\"&$C$4),'Future Requirements'!$J:$J,IF($C$5=\"Yes\",\"Yes\",IF($C$5=\"No\",\"No\",\"<>Luke\")),'Future Requirements'!$AC:$AC,IF($C$6=\"Agreed\",\"Agreed\",IF($C$6=\"C/Fwd\",\"C/Fwd\",\"<>Luke\")),'Future Requirements'!$AA:$AA,$I$6),0)+\nIF($J$7=\"Include\",SUMIFS('Future Requirements'!$O:$O,'Future Requirements'!$H:$H,$B35,'Future Requirements'!$G:$G,D$26,'Future Requirements'!$B:$B,IF($C$3=\"\",\">=\"&$F$3,\">=\"&$C$3),'Future Requirements'!$B:$B,IF($C$4=\"\",\"<=\"&$F$4,\"<=\"&$C$4),'Future Requirements'!$J:$J,IF($C$5=\"Yes\",\"Yes\",IF($C$5=\"No\",\"No\",\"<>Luke\")),'Future Requirements'!$AC:$AC,IF($C$6=\"Agreed\",\"Agreed\",IF($C$6=\"C/Fwd\",\"C/Fwd\",\"<>Luke\")),'Future Requirements'!$AA:$AA,$I$7),0)","v":0},{"$f":"IF($J$3=\"Include\",SUMIFS('Future Requirements'!$O:$O,'Future Requirements'!$H:$H,$B35,'Future Requirements'!$G:$G,E$26,'Future Requirements'!$B:$B,IF($C$3=\"\",\">=\"&$F$3,\">=\"&$C$3),'Future Requirements'!$B:$B,IF($C$4=\"\",\"<=\"&$F$4,\"<=\"&$C$4),'Future Requirements'!$J:$J,IF($C$5=\"Yes\",\"Yes\",IF($C$5=\"No\",\"No\",\"<>Luke\")),'Future Requirements'!$AC:$AC,IF($C$6=\"Agreed\",\"Agreed\",IF($C$6=\"C/Fwd\",\"C/Fwd\",\"<>Luke\")),'Future Requirements'!$AA:$AA,$I$3),0)+\nIF($J$4=\"Include\",SUMIFS('Future Requirements'!$O:$O,'Future Requirements'!$H:$H,$B35,'Future Requirements'!$G:$G,E$26,'Future Requirements'!$B:$B,IF($C$3=\"\",\">=\"&$F$3,\">=\"&$C$3),'Future Requirements'!$B:$B,IF($C$4=\"\",\"<=\"&$F$4,\"<=\"&$C$4),'Future Requirements'!$J:$J,IF($C$5=\"Yes\",\"Yes\",IF($C$5=\"No\",\"No\",\"<>Luke\")),'Future Requirements'!$AC:$AC,IF($C$6=\"Agreed\",\"Agreed\",IF($C$6=\"C/Fwd\",\"C/Fwd\",\"<>Luke\")),'Future Requirements'!$AA:$AA,$I$4),0)+\nIF($J$5=\"Include\",SUMIFS('Future Requirements'!$O:$O,'Future Requirements'!$H:$H,$B35,'Future Requirements'!$G:$G,E$26,'Future Requirements'!$B:$B,IF($C$3=\"\",\">=\"&$F$3,\">=\"&$C$3),'Future Requirements'!$B:$B,IF($C$4=\"\",\"<=\"&$F$4,\"<=\"&$C$4),'Future Requirements'!$J:$J,IF($C$5=\"Yes\",\"Yes\",IF($C$5=\"No\",\"No\",\"<>Luke\")),'Future Requirements'!$AC:$AC,IF($C$6=\"Agreed\",\"Agreed\",IF($C$6=\"C/Fwd\",\"C/Fwd\",\"<>Luke\")),'Future Requirements'!$AA:$AA,$I$5),0)+\nIF($J$6=\"Include\",SUMIFS('Future Requirements'!$O:$O,'Future Requirements'!$H:$H,$B35,'Future Requirements'!$G:$G,E$26,'Future Requirements'!$B:$B,IF($C$3=\"\",\">=\"&$F$3,\">=\"&$C$3),'Future Requirements'!$B:$B,IF($C$4=\"\",\"<=\"&$F$4,\"<=\"&$C$4),'Future Requirements'!$J:$J,IF($C$5=\"Yes\",\"Yes\",IF($C$5=\"No\",\"No\",\"<>Luke\")),'Future Requirements'!$AC:$AC,IF($C$6=\"Agreed\",\"Agreed\",IF($C$6=\"C/Fwd\",\"C/Fwd\",\"<>Luke\")),'Future Requirements'!$AA:$AA,$I$6),0)+\nIF($J$7=\"Include\",SUMIFS('Future Requirements'!$O:$O,'Future Requirements'!$H:$H,$B35,'Future Requirements'!$G:$G,E$26,'Future Requirements'!$B:$B,IF($C$3=\"\",\">=\"&$F$3,\">=\"&$C$3),'Future Requirements'!$B:$B,IF($C$4=\"\",\"<=\"&$F$4,\"<=\"&$C$4),'Future Requirements'!$J:$J,IF($C$5=\"Yes\",\"Yes\",IF($C$5=\"No\",\"No\",\"<>Luke\")),'Future Requirements'!$AC:$AC,IF($C$6=\"Agreed\",\"Agreed\",IF($C$6=\"C/Fwd\",\"C/Fwd\",\"<>Luke\")),'Future Requirements'!$AA:$AA,$I$7),0)","v":0},{"$f":"IF($J$3=\"Include\",SUMIFS('Future Requirements'!$O:$O,'Future Requirements'!$H:$H,$B35,'Future Requirements'!$G:$G,F$26,'Future Requirements'!$B:$B,IF($C$3=\"\",\">=\"&$F$3,\">=\"&$C$3),'Future Requirements'!$B:$B,IF($C$4=\"\",\"<=\"&$F$4,\"<=\"&$C$4),'Future Requirements'!$J:$J,IF($C$5=\"Yes\",\"Yes\",IF($C$5=\"No\",\"No\",\"<>Luke\")),'Future Requirements'!$AC:$AC,IF($C$6=\"Agreed\",\"Agreed\",IF($C$6=\"C/Fwd\",\"C/Fwd\",\"<>Luke\")),'Future Requirements'!$AA:$AA,$I$3),0)+\nIF($J$4=\"Include\",SUMIFS('Future Requirements'!$O:$O,'Future Requirements'!$H:$H,$B35,'Future Requirements'!$G:$G,F$26,'Future Requirements'!$B:$B,IF($C$3=\"\",\">=\"&$F$3,\">=\"&$C$3),'Future Requirements'!$B:$B,IF($C$4=\"\",\"<=\"&$F$4,\"<=\"&$C$4),'Future Requirements'!$J:$J,IF($C$5=\"Yes\",\"Yes\",IF($C$5=\"No\",\"No\",\"<>Luke\")),'Future Requirements'!$AC:$AC,IF($C$6=\"Agreed\",\"Agreed\",IF($C$6=\"C/Fwd\",\"C/Fwd\",\"<>Luke\")),'Future Requirements'!$AA:$AA,$I$4),0)+\nIF($J$5=\"Include\",SUMIFS('Future Requirements'!$O:$O,'Future Requirements'!$H:$H,$B35,'Future Requirements'!$G:$G,F$26,'Future Requirements'!$B:$B,IF($C$3=\"\",\">=\"&$F$3,\">=\"&$C$3),'Future Requirements'!$B:$B,IF($C$4=\"\",\"<=\"&$F$4,\"<=\"&$C$4),'Future Requirements'!$J:$J,IF($C$5=\"Yes\",\"Yes\",IF($C$5=\"No\",\"No\",\"<>Luke\")),'Future Requirements'!$AC:$AC,IF($C$6=\"Agreed\",\"Agreed\",IF($C$6=\"C/Fwd\",\"C/Fwd\",\"<>Luke\")),'Future Requirements'!$AA:$AA,$I$5),0)+\nIF($J$6=\"Include\",SUMIFS('Future Requirements'!$O:$O,'Future Requirements'!$H:$H,$B35,'Future Requirements'!$G:$G,F$26,'Future Requirements'!$B:$B,IF($C$3=\"\",\">=\"&$F$3,\">=\"&$C$3),'Future Requirements'!$B:$B,IF($C$4=\"\",\"<=\"&$F$4,\"<=\"&$C$4),'Future Requirements'!$J:$J,IF($C$5=\"Yes\",\"Yes\",IF($C$5=\"No\",\"No\",\"<>Luke\")),'Future Requirements'!$AC:$AC,IF($C$6=\"Agreed\",\"Agreed\",IF($C$6=\"C/Fwd\",\"C/Fwd\",\"<>Luke\")),'Future Requirements'!$AA:$AA,$I$6),0)+\nIF($J$7=\"Include\",SUMIFS('Future Requirements'!$O:$O,'Future Requirements'!$H:$H,$B35,'Future Requirements'!$G:$G,F$26,'Future Requirements'!$B:$B,IF($C$3=\"\",\">=\"&$F$3,\">=\"&$C$3),'Future Requirements'!$B:$B,IF($C$4=\"\",\"<=\"&$F$4,\"<=\"&$C$4),'Future Requirements'!$J:$J,IF($C$5=\"Yes\",\"Yes\",IF($C$5=\"No\",\"No\",\"<>Luke\")),'Future Requirements'!$AC:$AC,IF($C$6=\"Agreed\",\"Agreed\",IF($C$6=\"C/Fwd\",\"C/Fwd\",\"<>Luke\")),'Future Requirements'!$AA:$AA,$I$7),0)","v":0},{"$f":"IF($J$3=\"Include\",SUMIFS('Future Requirements'!$O:$O,'Future Requirements'!$H:$H,$B35,'Future Requirements'!$G:$G,G$26,'Future Requirements'!$B:$B,IF($C$3=\"\",\">=\"&$F$3,\">=\"&$C$3),'Future Requirements'!$B:$B,IF($C$4=\"\",\"<=\"&$F$4,\"<=\"&$C$4),'Future Requirements'!$J:$J,IF($C$5=\"Yes\",\"Yes\",IF($C$5=\"No\",\"No\",\"<>Luke\")),'Future Requirements'!$AC:$AC,IF($C$6=\"Agreed\",\"Agreed\",IF($C$6=\"C/Fwd\",\"C/Fwd\",\"<>Luke\")),'Future Requirements'!$AA:$AA,$I$3),0)+\nIF($J$4=\"Include\",SUMIFS('Future Requirements'!$O:$O,'Future Requirements'!$H:$H,$B35,'Future Requirements'!$G:$G,G$26,'Future Requirements'!$B:$B,IF($C$3=\"\",\">=\"&$F$3,\">=\"&$C$3),'Future Requirements'!$B:$B,IF($C$4=\"\",\"<=\"&$F$4,\"<=\"&$C$4),'Future Requirements'!$J:$J,IF($C$5=\"Yes\",\"Yes\",IF($C$5=\"No\",\"No\",\"<>Luke\")),'Future Requirements'!$AC:$AC,IF($C$6=\"Agreed\",\"Agreed\",IF($C$6=\"C/Fwd\",\"C/Fwd\",\"<>Luke\")),'Future Requirements'!$AA:$AA,$I$4),0)+\nIF($J$5=\"Include\",SUMIFS('Future Requirements'!$O:$O,'Future Requirements'!$H:$H,$B35,'Future Requirements'!$G:$G,G$26,'Future Requirements'!$B:$B,IF($C$3=\"\",\">=\"&$F$3,\">=\"&$C$3),'Future Requirements'!$B:$B,IF($C$4=\"\",\"<=\"&$F$4,\"<=\"&$C$4),'Future Requirements'!$J:$J,IF($C$5=\"Yes\",\"Yes\",IF($C$5=\"No\",\"No\",\"<>Luke\")),'Future Requirements'!$AC:$AC,IF($C$6=\"Agreed\",\"Agreed\",IF($C$6=\"C/Fwd\",\"C/Fwd\",\"<>Luke\")),'Future Requirements'!$AA:$AA,$I$5),0)+\nIF($J$6=\"Include\",SUMIFS('Future Requirements'!$O:$O,'Future Requirements'!$H:$H,$B35,'Future Requirements'!$G:$G,G$26,'Future Requirements'!$B:$B,IF($C$3=\"\",\">=\"&$F$3,\">=\"&$C$3),'Future Requirements'!$B:$B,IF($C$4=\"\",\"<=\"&$F$4,\"<=\"&$C$4),'Future Requirements'!$J:$J,IF($C$5=\"Yes\",\"Yes\",IF($C$5=\"No\",\"No\",\"<>Luke\")),'Future Requirements'!$AC:$AC,IF($C$6=\"Agreed\",\"Agreed\",IF($C$6=\"C/Fwd\",\"C/Fwd\",\"<>Luke\")),'Future Requirements'!$AA:$AA,$I$6),0)+\nIF($J$7=\"Include\",SUMIFS('Future Requirements'!$O:$O,'Future Requirements'!$H:$H,$B35,'Future Requirements'!$G:$G,G$26,'Future Requirements'!$B:$B,IF($C$3=\"\",\">=\"&$F$3,\">=\"&$C$3),'Future Requirements'!$B:$B,IF($C$4=\"\",\"<=\"&$F$4,\"<=\"&$C$4),'Future Requirements'!$J:$J,IF($C$5=\"Yes\",\"Yes\",IF($C$5=\"No\",\"No\",\"<>Luke\")),'Future Requirements'!$AC:$AC,IF($C$6=\"Agreed\",\"Agreed\",IF($C$6=\"C/Fwd\",\"C/Fwd\",\"<>Luke\")),'Future Requirements'!$AA:$AA,$I$7),0)","v":0},{"$f":"IF($J$3=\"Include\",SUMIFS('Future Requirements'!$O:$O,'Future Requirements'!$H:$H,$B35,'Future Requirements'!$G:$G,H$26,'Future Requirements'!$B:$B,IF($C$3=\"\",\">=\"&$F$3,\">=\"&$C$3),'Future Requirements'!$B:$B,IF($C$4=\"\",\"<=\"&$F$4,\"<=\"&$C$4),'Future Requirements'!$J:$J,IF($C$5=\"Yes\",\"Yes\",IF($C$5=\"No\",\"No\",\"<>Luke\")),'Future Requirements'!$AC:$AC,IF($C$6=\"Agreed\",\"Agreed\",IF($C$6=\"C/Fwd\",\"C/Fwd\",\"<>Luke\")),'Future Requirements'!$AA:$AA,$I$3),0)+\nIF($J$4=\"Include\",SUMIFS('Future Requirements'!$O:$O,'Future Requirements'!$H:$H,$B35,'Future Requirements'!$G:$G,H$26,'Future Requirements'!$B:$B,IF($C$3=\"\",\">=\"&$F$3,\">=\"&$C$3),'Future Requirements'!$B:$B,IF($C$4=\"\",\"<=\"&$F$4,\"<=\"&$C$4),'Future Requirements'!$J:$J,IF($C$5=\"Yes\",\"Yes\",IF($C$5=\"No\",\"No\",\"<>Luke\")),'Future Requirements'!$AC:$AC,IF($C$6=\"Agreed\",\"Agreed\",IF($C$6=\"C/Fwd\",\"C/Fwd\",\"<>Luke\")),'Future Requirements'!$AA:$AA,$I$4),0)+\nIF($J$5=\"Include\",SUMIFS('Future Requirements'!$O:$O,'Future Requirements'!$H:$H,$B35,'Future Requirements'!$G:$G,H$26,'Future Requirements'!$B:$B,IF($C$3=\"\",\">=\"&$F$3,\">=\"&$C$3),'Future Requirements'!$B:$B,IF($C$4=\"\",\"<=\"&$F$4,\"<=\"&$C$4),'Future Requirements'!$J:$J,IF($C$5=\"Yes\",\"Yes\",IF($C$5=\"No\",\"No\",\"<>Luke\")),'Future Requirements'!$AC:$AC,IF($C$6=\"Agreed\",\"Agreed\",IF($C$6=\"C/Fwd\",\"C/Fwd\",\"<>Luke\")),'Future Requirements'!$AA:$AA,$I$5),0)+\nIF($J$6=\"Include\",SUMIFS('Future Requirements'!$O:$O,'Future Requirements'!$H:$H,$B35,'Future Requirements'!$G:$G,H$26,'Future Requirements'!$B:$B,IF($C$3=\"\",\">=\"&$F$3,\">=\"&$C$3),'Future Requirements'!$B:$B,IF($C$4=\"\",\"<=\"&$F$4,\"<=\"&$C$4),'Future Requirements'!$J:$J,IF($C$5=\"Yes\",\"Yes\",IF($C$5=\"No\",\"No\",\"<>Luke\")),'Future Requirements'!$AC:$AC,IF($C$6=\"Agreed\",\"Agreed\",IF($C$6=\"C/Fwd\",\"C/Fwd\",\"<>Luke\")),'Future Requirements'!$AA:$AA,$I$6),0)+\nIF($J$7=\"Include\",SUMIFS('Future Requirements'!$O:$O,'Future Requirements'!$H:$H,$B35,'Future Requirements'!$G:$G,H$26,'Future Requirements'!$B:$B,IF($C$3=\"\",\">=\"&$F$3,\">=\"&$C$3),'Future Requirements'!$B:$B,IF($C$4=\"\",\"<=\"&$F$4,\"<=\"&$C$4),'Future Requirements'!$J:$J,IF($C$5=\"Yes\",\"Yes\",IF($C$5=\"No\",\"No\",\"<>Luke\")),'Future Requirements'!$AC:$AC,IF($C$6=\"Agreed\",\"Agreed\",IF($C$6=\"C/Fwd\",\"C/Fwd\",\"<>Luke\")),'Future Requirements'!$AA:$AA,$I$7),0)","v":0},{"$f":"IF($J$3=\"Include\",SUMIFS('Future Requirements'!$O:$O,'Future Requirements'!$H:$H,$B35,'Future Requirements'!$G:$G,I$26,'Future Requirements'!$B:$B,IF($C$3=\"\",\">=\"&$F$3,\">=\"&$C$3),'Future Requirements'!$B:$B,IF($C$4=\"\",\"<=\"&$F$4,\"<=\"&$C$4),'Future Requirements'!$J:$J,IF($C$5=\"Yes\",\"Yes\",IF($C$5=\"No\",\"No\",\"<>Luke\")),'Future Requirements'!$AC:$AC,IF($C$6=\"Agreed\",\"Agreed\",IF($C$6=\"C/Fwd\",\"C/Fwd\",\"<>Luke\")),'Future Requirements'!$AA:$AA,$I$3),0)+\nIF($J$4=\"Include\",SUMIFS('Future Requirements'!$O:$O,'Future Requirements'!$H:$H,$B35,'Future Requirements'!$G:$G,I$26,'Future Requirements'!$B:$B,IF($C$3=\"\",\">=\"&$F$3,\">=\"&$C$3),'Future Requirements'!$B:$B,IF($C$4=\"\",\"<=\"&$F$4,\"<=\"&$C$4),'Future Requirements'!$J:$J,IF($C$5=\"Yes\",\"Yes\",IF($C$5=\"No\",\"No\",\"<>Luke\")),'Future Requirements'!$AC:$AC,IF($C$6=\"Agreed\",\"Agreed\",IF($C$6=\"C/Fwd\",\"C/Fwd\",\"<>Luke\")),'Future Requirements'!$AA:$AA,$I$4),0)+\nIF($J$5=\"Include\",SUMIFS('Future Requirements'!$O:$O,'Future Requirements'!$H:$H,$B35,'Future Requirements'!$G:$G,I$26,'Future Requirements'!$B:$B,IF($C$3=\"\",\">=\"&$F$3,\">=\"&$C$3),'Future Requirements'!$B:$B,IF($C$4=\"\",\"<=\"&$F$4,\"<=\"&$C$4),'Future Requirements'!$J:$J,IF($C$5=\"Yes\",\"Yes\",IF($C$5=\"No\",\"No\",\"<>Luke\")),'Future Requirements'!$AC:$AC,IF($C$6=\"Agreed\",\"Agreed\",IF($C$6=\"C/Fwd\",\"C/Fwd\",\"<>Luke\")),'Future Requirements'!$AA:$AA,$I$5),0)+\nIF($J$6=\"Include\",SUMIFS('Future Requirements'!$O:$O,'Future Requirements'!$H:$H,$B35,'Future Requirements'!$G:$G,I$26,'Future Requirements'!$B:$B,IF($C$3=\"\",\">=\"&$F$3,\">=\"&$C$3),'Future Requirements'!$B:$B,IF($C$4=\"\",\"<=\"&$F$4,\"<=\"&$C$4),'Future Requirements'!$J:$J,IF($C$5=\"Yes\",\"Yes\",IF($C$5=\"No\",\"No\",\"<>Luke\")),'Future Requirements'!$AC:$AC,IF($C$6=\"Agreed\",\"Agreed\",IF($C$6=\"C/Fwd\",\"C/Fwd\",\"<>Luke\")),'Future Requirements'!$AA:$AA,$I$6),0)+\nIF($J$7=\"Include\",SUMIFS('Future Requirements'!$O:$O,'Future Requirements'!$H:$H,$B35,'Future Requirements'!$G:$G,I$26,'Future Requirements'!$B:$B,IF($C$3=\"\",\">=\"&$F$3,\">=\"&$C$3),'Future Requirements'!$B:$B,IF($C$4=\"\",\"<=\"&$F$4,\"<=\"&$C$4),'Future Requirements'!$J:$J,IF($C$5=\"Yes\",\"Yes\",IF($C$5=\"No\",\"No\",\"<>Luke\")),'Future Requirements'!$AC:$AC,IF($C$6=\"Agreed\",\"Agreed\",IF($C$6=\"C/Fwd\",\"C/Fwd\",\"<>Luke\")),'Future Requirements'!$AA:$AA,$I$7),0)","v":0},{"$f":"IF($J$3=\"Include\",SUMIFS('Future Requirements'!$O:$O,'Future Requirements'!$H:$H,$B35,'Future Requirements'!$G:$G,J$26,'Future Requirements'!$B:$B,IF($C$3=\"\",\">=\"&$F$3,\">=\"&$C$3),'Future Requirements'!$B:$B,IF($C$4=\"\",\"<=\"&$F$4,\"<=\"&$C$4),'Future Requirements'!$J:$J,IF($C$5=\"Yes\",\"Yes\",IF($C$5=\"No\",\"No\",\"<>Luke\")),'Future Requirements'!$AC:$AC,IF($C$6=\"Agreed\",\"Agreed\",IF($C$6=\"C/Fwd\",\"C/Fwd\",\"<>Luke\")),'Future Requirements'!$AA:$AA,$I$3),0)+\nIF($J$4=\"Include\",SUMIFS('Future Requirements'!$O:$O,'Future Requirements'!$H:$H,$B35,'Future Requirements'!$G:$G,J$26,'Future Requirements'!$B:$B,IF($C$3=\"\",\">=\"&$F$3,\">=\"&$C$3),'Future Requirements'!$B:$B,IF($C$4=\"\",\"<=\"&$F$4,\"<=\"&$C$4),'Future Requirements'!$J:$J,IF($C$5=\"Yes\",\"Yes\",IF($C$5=\"No\",\"No\",\"<>Luke\")),'Future Requirements'!$AC:$AC,IF($C$6=\"Agreed\",\"Agreed\",IF($C$6=\"C/Fwd\",\"C/Fwd\",\"<>Luke\")),'Future Requirements'!$AA:$AA,$I$4),0)+\nIF($J$5=\"Include\",SUMIFS('Future Requirements'!$O:$O,'Future Requirements'!$H:$H,$B35,'Future Requirements'!$G:$G,J$26,'Future Requirements'!$B:$B,IF($C$3=\"\",\">=\"&$F$3,\">=\"&$C$3),'Future Requirements'!$B:$B,IF($C$4=\"\",\"<=\"&$F$4,\"<=\"&$C$4),'Future Requirements'!$J:$J,IF($C$5=\"Yes\",\"Yes\",IF($C$5=\"No\",\"No\",\"<>Luke\")),'Future Requirements'!$AC:$AC,IF($C$6=\"Agreed\",\"Agreed\",IF($C$6=\"C/Fwd\",\"C/Fwd\",\"<>Luke\")),'Future Requirements'!$AA:$AA,$I$5),0)+\nIF($J$6=\"Include\",SUMIFS('Future Requirements'!$O:$O,'Future Requirements'!$H:$H,$B35,'Future Requirements'!$G:$G,J$26,'Future Requirements'!$B:$B,IF($C$3=\"\",\">=\"&$F$3,\">=\"&$C$3),'Future Requirements'!$B:$B,IF($C$4=\"\",\"<=\"&$F$4,\"<=\"&$C$4),'Future Requirements'!$J:$J,IF($C$5=\"Yes\",\"Yes\",IF($C$5=\"No\",\"No\",\"<>Luke\")),'Future Requirements'!$AC:$AC,IF($C$6=\"Agreed\",\"Agreed\",IF($C$6=\"C/Fwd\",\"C/Fwd\",\"<>Luke\")),'Future Requirements'!$AA:$AA,$I$6),0)+\nIF($J$7=\"Include\",SUMIFS('Future Requirements'!$O:$O,'Future Requirements'!$H:$H,$B35,'Future Requirements'!$G:$G,J$26,'Future Requirements'!$B:$B,IF($C$3=\"\",\">=\"&$F$3,\">=\"&$C$3),'Future Requirements'!$B:$B,IF($C$4=\"\",\"<=\"&$F$4,\"<=\"&$C$4),'Future Requirements'!$J:$J,IF($C$5=\"Yes\",\"Yes\",IF($C$5=\"No\",\"No\",\"<>Luke\")),'Future Requirements'!$AC:$AC,IF($C$6=\"Agreed\",\"Agreed\",IF($C$6=\"C/Fwd\",\"C/Fwd\",\"<>Luke\")),'Future Requirements'!$AA:$AA,$I$7),0)","v":0},{"$f":"IF($J$3=\"Include\",SUMIFS('Future Requirements'!$O:$O,'Future Requirements'!$H:$H,$B35,'Future Requirements'!$G:$G,K$26,'Future Requirements'!$B:$B,IF($C$3=\"\",\">=\"&$F$3,\">=\"&$C$3),'Future Requirements'!$B:$B,IF($C$4=\"\",\"<=\"&$F$4,\"<=\"&$C$4),'Future Requirements'!$J:$J,IF($C$5=\"Yes\",\"Yes\",IF($C$5=\"No\",\"No\",\"<>Luke\")),'Future Requirements'!$AC:$AC,IF($C$6=\"Agreed\",\"Agreed\",IF($C$6=\"C/Fwd\",\"C/Fwd\",\"<>Luke\")),'Future Requirements'!$AA:$AA,$I$3),0)+\nIF($J$4=\"Include\",SUMIFS('Future Requirements'!$O:$O,'Future Requirements'!$H:$H,$B35,'Future Requirements'!$G:$G,K$26,'Future Requirements'!$B:$B,IF($C$3=\"\",\">=\"&$F$3,\">=\"&$C$3),'Future Requirements'!$B:$B,IF($C$4=\"\",\"<=\"&$F$4,\"<=\"&$C$4),'Future Requirements'!$J:$J,IF($C$5=\"Yes\",\"Yes\",IF($C$5=\"No\",\"No\",\"<>Luke\")),'Future Requirements'!$AC:$AC,IF($C$6=\"Agreed\",\"Agreed\",IF($C$6=\"C/Fwd\",\"C/Fwd\",\"<>Luke\")),'Future Requirements'!$AA:$AA,$I$4),0)+\nIF($J$5=\"Include\",SUMIFS('Future Requirements'!$O:$O,'Future Requirements'!$H:$H,$B35,'Future Requirements'!$G:$G,K$26,'Future Requirements'!$B:$B,IF($C$3=\"\",\">=\"&$F$3,\">=\"&$C$3),'Future Requirements'!$B:$B,IF($C$4=\"\",\"<=\"&$F$4,\"<=\"&$C$4),'Future Requirements'!$J:$J,IF($C$5=\"Yes\",\"Yes\",IF($C$5=\"No\",\"No\",\"<>Luke\")),'Future Requirements'!$AC:$AC,IF($C$6=\"Agreed\",\"Agreed\",IF($C$6=\"C/Fwd\",\"C/Fwd\",\"<>Luke\")),'Future Requirements'!$AA:$AA,$I$5),0)+\nIF($J$6=\"Include\",SUMIFS('Future Requirements'!$O:$O,'Future Requirements'!$H:$H,$B35,'Future Requirements'!$G:$G,K$26,'Future Requirements'!$B:$B,IF($C$3=\"\",\">=\"&$F$3,\">=\"&$C$3),'Future Requirements'!$B:$B,IF($C$4=\"\",\"<=\"&$F$4,\"<=\"&$C$4),'Future Requirements'!$J:$J,IF($C$5=\"Yes\",\"Yes\",IF($C$5=\"No\",\"No\",\"<>Luke\")),'Future Requirements'!$AC:$AC,IF($C$6=\"Agreed\",\"Agreed\",IF($C$6=\"C/Fwd\",\"C/Fwd\",\"<>Luke\")),'Future Requirements'!$AA:$AA,$I$6),0)+\nIF($J$7=\"Include\",SUMIFS('Future Requirements'!$O:$O,'Future Requirements'!$H:$H,$B35,'Future Requirements'!$G:$G,K$26,'Future Requirements'!$B:$B,IF($C$3=\"\",\">=\"&$F$3,\">=\"&$C$3),'Future Requirements'!$B:$B,IF($C$4=\"\",\"<=\"&$F$4,\"<=\"&$C$4),'Future Requirements'!$J:$J,IF($C$5=\"Yes\",\"Yes\",IF($C$5=\"No\",\"No\",\"<>Luke\")),'Future Requirements'!$AC:$AC,IF($C$6=\"Agreed\",\"Agreed\",IF($C$6=\"C/Fwd\",\"C/Fwd\",\"<>Luke\")),'Future Requirements'!$AA:$AA,$I$7),0)","v":0},{"$f":"IF($J$3=\"Include\",SUMIFS('Future Requirements'!$O:$O,'Future Requirements'!$H:$H,$B35,'Future Requirements'!$G:$G,L$26,'Future Requirements'!$B:$B,IF($C$3=\"\",\">=\"&$F$3,\">=\"&$C$3),'Future Requirements'!$B:$B,IF($C$4=\"\",\"<=\"&$F$4,\"<=\"&$C$4),'Future Requirements'!$J:$J,IF($C$5=\"Yes\",\"Yes\",IF($C$5=\"No\",\"No\",\"<>Luke\")),'Future Requirements'!$AC:$AC,IF($C$6=\"Agreed\",\"Agreed\",IF($C$6=\"C/Fwd\",\"C/Fwd\",\"<>Luke\")),'Future Requirements'!$AA:$AA,$I$3),0)+\nIF($J$4=\"Include\",SUMIFS('Future Requirements'!$O:$O,'Future Requirements'!$H:$H,$B35,'Future Requirements'!$G:$G,L$26,'Future Requirements'!$B:$B,IF($C$3=\"\",\">=\"&$F$3,\">=\"&$C$3),'Future Requirements'!$B:$B,IF($C$4=\"\",\"<=\"&$F$4,\"<=\"&$C$4),'Future Requirements'!$J:$J,IF($C$5=\"Yes\",\"Yes\",IF($C$5=\"No\",\"No\",\"<>Luke\")),'Future Requirements'!$AC:$AC,IF($C$6=\"Agreed\",\"Agreed\",IF($C$6=\"C/Fwd\",\"C/Fwd\",\"<>Luke\")),'Future Requirements'!$AA:$AA,$I$4),0)+\nIF($J$5=\"Include\",SUMIFS('Future Requirements'!$O:$O,'Future Requirements'!$H:$H,$B35,'Future Requirements'!$G:$G,L$26,'Future Requirements'!$B:$B,IF($C$3=\"\",\">=\"&$F$3,\">=\"&$C$3),'Future Requirements'!$B:$B,IF($C$4=\"\",\"<=\"&$F$4,\"<=\"&$C$4),'Future Requirements'!$J:$J,IF($C$5=\"Yes\",\"Yes\",IF($C$5=\"No\",\"No\",\"<>Luke\")),'Future Requirements'!$AC:$AC,IF($C$6=\"Agreed\",\"Agreed\",IF($C$6=\"C/Fwd\",\"C/Fwd\",\"<>Luke\")),'Future Requirements'!$AA:$AA,$I$5),0)+\nIF($J$6=\"Include\",SUMIFS('Future Requirements'!$O:$O,'Future Requirements'!$H:$H,$B35,'Future Requirements'!$G:$G,L$26,'Future Requirements'!$B:$B,IF($C$3=\"\",\">=\"&$F$3,\">=\"&$C$3),'Future Requirements'!$B:$B,IF($C$4=\"\",\"<=\"&$F$4,\"<=\"&$C$4),'Future Requirements'!$J:$J,IF($C$5=\"Yes\",\"Yes\",IF($C$5=\"No\",\"No\",\"<>Luke\")),'Future Requirements'!$AC:$AC,IF($C$6=\"Agreed\",\"Agreed\",IF($C$6=\"C/Fwd\",\"C/Fwd\",\"<>Luke\")),'Future Requirements'!$AA:$AA,$I$6),0)+\nIF($J$7=\"Include\",SUMIFS('Future Requirements'!$O:$O,'Future Requirements'!$H:$H,$B35,'Future Requirements'!$G:$G,L$26,'Future Requirements'!$B:$B,IF($C$3=\"\",\">=\"&$F$3,\">=\"&$C$3),'Future Requirements'!$B:$B,IF($C$4=\"\",\"<=\"&$F$4,\"<=\"&$C$4),'Future Requirements'!$J:$J,IF($C$5=\"Yes\",\"Yes\",IF($C$5=\"No\",\"No\",\"<>Luke\")),'Future Requirements'!$AC:$AC,IF($C$6=\"Agreed\",\"Agreed\",IF($C$6=\"C/Fwd\",\"C/Fwd\",\"<>Luke\")),'Future Requirements'!$AA:$AA,$I$7),0)","v":0},{"$f":"IF($J$3=\"Include\",SUMIFS('Future Requirements'!$O:$O,'Future Requirements'!$H:$H,$B35,'Future Requirements'!$G:$G,M$26,'Future Requirements'!$B:$B,IF($C$3=\"\",\">=\"&$F$3,\">=\"&$C$3),'Future Requirements'!$B:$B,IF($C$4=\"\",\"<=\"&$F$4,\"<=\"&$C$4),'Future Requirements'!$J:$J,IF($C$5=\"Yes\",\"Yes\",IF($C$5=\"No\",\"No\",\"<>Luke\")),'Future Requirements'!$AC:$AC,IF($C$6=\"Agreed\",\"Agreed\",IF($C$6=\"C/Fwd\",\"C/Fwd\",\"<>Luke\")),'Future Requirements'!$AA:$AA,$I$3),0)+\nIF($J$4=\"Include\",SUMIFS('Future Requirements'!$O:$O,'Future Requirements'!$H:$H,$B35,'Future Requirements'!$G:$G,M$26,'Future Requirements'!$B:$B,IF($C$3=\"\",\">=\"&$F$3,\">=\"&$C$3),'Future Requirements'!$B:$B,IF($C$4=\"\",\"<=\"&$F$4,\"<=\"&$C$4),'Future Requirements'!$J:$J,IF($C$5=\"Yes\",\"Yes\",IF($C$5=\"No\",\"No\",\"<>Luke\")),'Future Requirements'!$AC:$AC,IF($C$6=\"Agreed\",\"Agreed\",IF($C$6=\"C/Fwd\",\"C/Fwd\",\"<>Luke\")),'Future Requirements'!$AA:$AA,$I$4),0)+\nIF($J$5=\"Include\",SUMIFS('Future Requirements'!$O:$O,'Future Requirements'!$H:$H,$B35,'Future Requirements'!$G:$G,M$26,'Future Requirements'!$B:$B,IF($C$3=\"\",\">=\"&$F$3,\">=\"&$C$3),'Future Requirements'!$B:$B,IF($C$4=\"\",\"<=\"&$F$4,\"<=\"&$C$4),'Future Requirements'!$J:$J,IF($C$5=\"Yes\",\"Yes\",IF($C$5=\"No\",\"No\",\"<>Luke\")),'Future Requirements'!$AC:$AC,IF($C$6=\"Agreed\",\"Agreed\",IF($C$6=\"C/Fwd\",\"C/Fwd\",\"<>Luke\")),'Future Requirements'!$AA:$AA,$I$5),0)+\nIF($J$6=\"Include\",SUMIFS('Future Requirements'!$O:$O,'Future Requirements'!$H:$H,$B35,'Future Requirements'!$G:$G,M$26,'Future Requirements'!$B:$B,IF($C$3=\"\",\">=\"&$F$3,\">=\"&$C$3),'Future Requirements'!$B:$B,IF($C$4=\"\",\"<=\"&$F$4,\"<=\"&$C$4),'Future Requirements'!$J:$J,IF($C$5=\"Yes\",\"Yes\",IF($C$5=\"No\",\"No\",\"<>Luke\")),'Future Requirements'!$AC:$AC,IF($C$6=\"Agreed\",\"Agreed\",IF($C$6=\"C/Fwd\",\"C/Fwd\",\"<>Luke\")),'Future Requirements'!$AA:$AA,$I$6),0)+\nIF($J$7=\"Include\",SUMIFS('Future Requirements'!$O:$O,'Future Requirements'!$H:$H,$B35,'Future Requirements'!$G:$G,M$26,'Future Requirements'!$B:$B,IF($C$3=\"\",\">=\"&$F$3,\">=\"&$C$3),'Future Requirements'!$B:$B,IF($C$4=\"\",\"<=\"&$F$4,\"<=\"&$C$4),'Future Requirements'!$J:$J,IF($C$5=\"Yes\",\"Yes\",IF($C$5=\"No\",\"No\",\"<>Luke\")),'Future Requirements'!$AC:$AC,IF($C$6=\"Agreed\",\"Agreed\",IF($C$6=\"C/Fwd\",\"C/Fwd\",\"<>Luke\")),'Future Requirements'!$AA:$AA,$I$7),0)","v":0},{"$f":"IF($J$3=\"Include\",SUMIFS('Future Requirements'!$O:$O,'Future Requirements'!$H:$H,$B35,'Future Requirements'!$G:$G,N$26,'Future Requirements'!$B:$B,IF($C$3=\"\",\">=\"&$F$3,\">=\"&$C$3),'Future Requirements'!$B:$B,IF($C$4=\"\",\"<=\"&$F$4,\"<=\"&$C$4),'Future Requirements'!$J:$J,IF($C$5=\"Yes\",\"Yes\",IF($C$5=\"No\",\"No\",\"<>Luke\")),'Future Requirements'!$AC:$AC,IF($C$6=\"Agreed\",\"Agreed\",IF($C$6=\"C/Fwd\",\"C/Fwd\",\"<>Luke\")),'Future Requirements'!$AA:$AA,$I$3),0)+\nIF($J$4=\"Include\",SUMIFS('Future Requirements'!$O:$O,'Future Requirements'!$H:$H,$B35,'Future Requirements'!$G:$G,N$26,'Future Requirements'!$B:$B,IF($C$3=\"\",\">=\"&$F$3,\">=\"&$C$3),'Future Requirements'!$B:$B,IF($C$4=\"\",\"<=\"&$F$4,\"<=\"&$C$4),'Future Requirements'!$J:$J,IF($C$5=\"Yes\",\"Yes\",IF($C$5=\"No\",\"No\",\"<>Luke\")),'Future Requirements'!$AC:$AC,IF($C$6=\"Agreed\",\"Agreed\",IF($C$6=\"C/Fwd\",\"C/Fwd\",\"<>Luke\")),'Future Requirements'!$AA:$AA,$I$4),0)+\nIF($J$5=\"Include\",SUMIFS('Future Requirements'!$O:$O,'Future Requirements'!$H:$H,$B35,'Future Requirements'!$G:$G,N$26,'Future Requirements'!$B:$B,IF($C$3=\"\",\">=\"&$F$3,\">=\"&$C$3),'Future Requirements'!$B:$B,IF($C$4=\"\",\"<=\"&$F$4,\"<=\"&$C$4),'Future Requirements'!$J:$J,IF($C$5=\"Yes\",\"Yes\",IF($C$5=\"No\",\"No\",\"<>Luke\")),'Future Requirements'!$AC:$AC,IF($C$6=\"Agreed\",\"Agreed\",IF($C$6=\"C/Fwd\",\"C/Fwd\",\"<>Luke\")),'Future Requirements'!$AA:$AA,$I$5),0)+\nIF($J$6=\"Include\",SUMIFS('Future Requirements'!$O:$O,'Future Requirements'!$H:$H,$B35,'Future Requirements'!$G:$G,N$26,'Future Requirements'!$B:$B,IF($C$3=\"\",\">=\"&$F$3,\">=\"&$C$3),'Future Requirements'!$B:$B,IF($C$4=\"\",\"<=\"&$F$4,\"<=\"&$C$4),'Future Requirements'!$J:$J,IF($C$5=\"Yes\",\"Yes\",IF($C$5=\"No\",\"No\",\"<>Luke\")),'Future Requirements'!$AC:$AC,IF($C$6=\"Agreed\",\"Agreed\",IF($C$6=\"C/Fwd\",\"C/Fwd\",\"<>Luke\")),'Future Requirements'!$AA:$AA,$I$6),0)+\nIF($J$7=\"Include\",SUMIFS('Future Requirements'!$O:$O,'Future Requirements'!$H:$H,$B35,'Future Requirements'!$G:$G,N$26,'Future Requirements'!$B:$B,IF($C$3=\"\",\">=\"&$F$3,\">=\"&$C$3),'Future Requirements'!$B:$B,IF($C$4=\"\",\"<=\"&$F$4,\"<=\"&$C$4),'Future Requirements'!$J:$J,IF($C$5=\"Yes\",\"Yes\",IF($C$5=\"No\",\"No\",\"<>Luke\")),'Future Requirements'!$AC:$AC,IF($C$6=\"Agreed\",\"Agreed\",IF($C$6=\"C/Fwd\",\"C/Fwd\",\"<>Luke\")),'Future Requirements'!$AA:$AA,$I$7),0)","v":0},{"$f":"IF($J$3=\"Include\",SUMIFS('Future Requirements'!$O:$O,'Future Requirements'!$H:$H,$B35,'Future Requirements'!$G:$G,O$26,'Future Requirements'!$B:$B,IF($C$3=\"\",\">=\"&$F$3,\">=\"&$C$3),'Future Requirements'!$B:$B,IF($C$4=\"\",\"<=\"&$F$4,\"<=\"&$C$4),'Future Requirements'!$J:$J,IF($C$5=\"Yes\",\"Yes\",IF($C$5=\"No\",\"No\",\"<>Luke\")),'Future Requirements'!$AC:$AC,IF($C$6=\"Agreed\",\"Agreed\",IF($C$6=\"C/Fwd\",\"C/Fwd\",\"<>Luke\")),'Future Requirements'!$AA:$AA,$I$3),0)+\nIF($J$4=\"Include\",SUMIFS('Future Requirements'!$O:$O,'Future Requirements'!$H:$H,$B35,'Future Requirements'!$G:$G,O$26,'Future Requirements'!$B:$B,IF($C$3=\"\",\">=\"&$F$3,\">=\"&$C$3),'Future Requirements'!$B:$B,IF($C$4=\"\",\"<=\"&$F$4,\"<=\"&$C$4),'Future Requirements'!$J:$J,IF($C$5=\"Yes\",\"Yes\",IF($C$5=\"No\",\"No\",\"<>Luke\")),'Future Requirements'!$AC:$AC,IF($C$6=\"Agreed\",\"Agreed\",IF($C$6=\"C/Fwd\",\"C/Fwd\",\"<>Luke\")),'Future Requirements'!$AA:$AA,$I$4),0)+\nIF($J$5=\"Include\",SUMIFS('Future Requirements'!$O:$O,'Future Requirements'!$H:$H,$B35,'Future Requirements'!$G:$G,O$26,'Future Requirements'!$B:$B,IF($C$3=\"\",\">=\"&$F$3,\">=\"&$C$3),'Future Requirements'!$B:$B,IF($C$4=\"\",\"<=\"&$F$4,\"<=\"&$C$4),'Future Requirements'!$J:$J,IF($C$5=\"Yes\",\"Yes\",IF($C$5=\"No\",\"No\",\"<>Luke\")),'Future Requirements'!$AC:$AC,IF($C$6=\"Agreed\",\"Agreed\",IF($C$6=\"C/Fwd\",\"C/Fwd\",\"<>Luke\")),'Future Requirements'!$AA:$AA,$I$5),0)+\nIF($J$6=\"Include\",SUMIFS('Future Requirements'!$O:$O,'Future Requirements'!$H:$H,$B35,'Future Requirements'!$G:$G,O$26,'Future Requirements'!$B:$B,IF($C$3=\"\",\">=\"&$F$3,\">=\"&$C$3),'Future Requirements'!$B:$B,IF($C$4=\"\",\"<=\"&$F$4,\"<=\"&$C$4),'Future Requirements'!$J:$J,IF($C$5=\"Yes\",\"Yes\",IF($C$5=\"No\",\"No\",\"<>Luke\")),'Future Requirements'!$AC:$AC,IF($C$6=\"Agreed\",\"Agreed\",IF($C$6=\"C/Fwd\",\"C/Fwd\",\"<>Luke\")),'Future Requirements'!$AA:$AA,$I$6),0)+\nIF($J$7=\"Include\",SUMIFS('Future Requirements'!$O:$O,'Future Requirements'!$H:$H,$B35,'Future Requirements'!$G:$G,O$26,'Future Requirements'!$B:$B,IF($C$3=\"\",\">=\"&$F$3,\">=\"&$C$3),'Future Requirements'!$B:$B,IF($C$4=\"\",\"<=\"&$F$4,\"<=\"&$C$4),'Future Requirements'!$J:$J,IF($C$5=\"Yes\",\"Yes\",IF($C$5=\"No\",\"No\",\"<>Luke\")),'Future Requirements'!$AC:$AC,IF($C$6=\"Agreed\",\"Agreed\",IF($C$6=\"C/Fwd\",\"C/Fwd\",\"<>Luke\")),'Future Requirements'!$AA:$AA,$I$7),0)","v":0},{"$f":"IF($J$3=\"Include\",SUMIFS('Future Requirements'!$O:$O,'Future Requirements'!$H:$H,$B35,'Future Requirements'!$G:$G,P$26,'Future Requirements'!$B:$B,IF($C$3=\"\",\">=\"&$F$3,\">=\"&$C$3),'Future Requirements'!$B:$B,IF($C$4=\"\",\"<=\"&$F$4,\"<=\"&$C$4),'Future Requirements'!$J:$J,IF($C$5=\"Yes\",\"Yes\",IF($C$5=\"No\",\"No\",\"<>Luke\")),'Future Requirements'!$AC:$AC,IF($C$6=\"Agreed\",\"Agreed\",IF($C$6=\"C/Fwd\",\"C/Fwd\",\"<>Luke\")),'Future Requirements'!$AA:$AA,$I$3),0)+\nIF($J$4=\"Include\",SUMIFS('Future Requirements'!$O:$O,'Future Requirements'!$H:$H,$B35,'Future Requirements'!$G:$G,P$26,'Future Requirements'!$B:$B,IF($C$3=\"\",\">=\"&$F$3,\">=\"&$C$3),'Future Requirements'!$B:$B,IF($C$4=\"\",\"<=\"&$F$4,\"<=\"&$C$4),'Future Requirements'!$J:$J,IF($C$5=\"Yes\",\"Yes\",IF($C$5=\"No\",\"No\",\"<>Luke\")),'Future Requirements'!$AC:$AC,IF($C$6=\"Agreed\",\"Agreed\",IF($C$6=\"C/Fwd\",\"C/Fwd\",\"<>Luke\")),'Future Requirements'!$AA:$AA,$I$4),0)+\nIF($J$5=\"Include\",SUMIFS('Future Requirements'!$O:$O,'Future Requirements'!$H:$H,$B35,'Future Requirements'!$G:$G,P$26,'Future Requirements'!$B:$B,IF($C$3=\"\",\">=\"&$F$3,\">=\"&$C$3),'Future Requirements'!$B:$B,IF($C$4=\"\",\"<=\"&$F$4,\"<=\"&$C$4),'Future Requirements'!$J:$J,IF($C$5=\"Yes\",\"Yes\",IF($C$5=\"No\",\"No\",\"<>Luke\")),'Future Requirements'!$AC:$AC,IF($C$6=\"Agreed\",\"Agreed\",IF($C$6=\"C/Fwd\",\"C/Fwd\",\"<>Luke\")),'Future Requirements'!$AA:$AA,$I$5),0)+\nIF($J$6=\"Include\",SUMIFS('Future Requirements'!$O:$O,'Future Requirements'!$H:$H,$B35,'Future Requirements'!$G:$G,P$26,'Future Requirements'!$B:$B,IF($C$3=\"\",\">=\"&$F$3,\">=\"&$C$3),'Future Requirements'!$B:$B,IF($C$4=\"\",\"<=\"&$F$4,\"<=\"&$C$4),'Future Requirements'!$J:$J,IF($C$5=\"Yes\",\"Yes\",IF($C$5=\"No\",\"No\",\"<>Luke\")),'Future Requirements'!$AC:$AC,IF($C$6=\"Agreed\",\"Agreed\",IF($C$6=\"C/Fwd\",\"C/Fwd\",\"<>Luke\")),'Future Requirements'!$AA:$AA,$I$6),0)+\nIF($J$7=\"Include\",SUMIFS('Future Requirements'!$O:$O,'Future Requirements'!$H:$H,$B35,'Future Requirements'!$G:$G,P$26,'Future Requirements'!$B:$B,IF($C$3=\"\",\">=\"&$F$3,\">=\"&$C$3),'Future Requirements'!$B:$B,IF($C$4=\"\",\"<=\"&$F$4,\"<=\"&$C$4),'Future Requirements'!$J:$J,IF($C$5=\"Yes\",\"Yes\",IF($C$5=\"No\",\"No\",\"<>Luke\")),'Future Requirements'!$AC:$AC,IF($C$6=\"Agreed\",\"Agreed\",IF($C$6=\"C/Fwd\",\"C/Fwd\",\"<>Luke\")),'Future Requirements'!$AA:$AA,$I$7),0)","v":0},{"$f":"IF($J$3=\"Include\",SUMIFS('Future Requirements'!$O:$O,'Future Requirements'!$H:$H,$B35,'Future Requirements'!$G:$G,Q$26,'Future Requirements'!$B:$B,IF($C$3=\"\",\">=\"&$F$3,\">=\"&$C$3),'Future Requirements'!$B:$B,IF($C$4=\"\",\"<=\"&$F$4,\"<=\"&$C$4),'Future Requirements'!$J:$J,IF($C$5=\"Yes\",\"Yes\",IF($C$5=\"No\",\"No\",\"<>Luke\")),'Future Requirements'!$AC:$AC,IF($C$6=\"Agreed\",\"Agreed\",IF($C$6=\"C/Fwd\",\"C/Fwd\",\"<>Luke\")),'Future Requirements'!$AA:$AA,$I$3),0)+\nIF($J$4=\"Include\",SUMIFS('Future Requirements'!$O:$O,'Future Requirements'!$H:$H,$B35,'Future Requirements'!$G:$G,Q$26,'Future Requirements'!$B:$B,IF($C$3=\"\",\">=\"&$F$3,\">=\"&$C$3),'Future Requirements'!$B:$B,IF($C$4=\"\",\"<=\"&$F$4,\"<=\"&$C$4),'Future Requirements'!$J:$J,IF($C$5=\"Yes\",\"Yes\",IF($C$5=\"No\",\"No\",\"<>Luke\")),'Future Requirements'!$AC:$AC,IF($C$6=\"Agreed\",\"Agreed\",IF($C$6=\"C/Fwd\",\"C/Fwd\",\"<>Luke\")),'Future Requirements'!$AA:$AA,$I$4),0)+\nIF($J$5=\"Include\",SUMIFS('Future Requirements'!$O:$O,'Future Requirements'!$H:$H,$B35,'Future Requirements'!$G:$G,Q$26,'Future Requirements'!$B:$B,IF($C$3=\"\",\">=\"&$F$3,\">=\"&$C$3),'Future Requirements'!$B:$B,IF($C$4=\"\",\"<=\"&$F$4,\"<=\"&$C$4),'Future Requirements'!$J:$J,IF($C$5=\"Yes\",\"Yes\",IF($C$5=\"No\",\"No\",\"<>Luke\")),'Future Requirements'!$AC:$AC,IF($C$6=\"Agreed\",\"Agreed\",IF($C$6=\"C/Fwd\",\"C/Fwd\",\"<>Luke\")),'Future Requirements'!$AA:$AA,$I$5),0)+\nIF($J$6=\"Include\",SUMIFS('Future Requirements'!$O:$O,'Future Requirements'!$H:$H,$B35,'Future Requirements'!$G:$G,Q$26,'Future Requirements'!$B:$B,IF($C$3=\"\",\">=\"&$F$3,\">=\"&$C$3),'Future Requirements'!$B:$B,IF($C$4=\"\",\"<=\"&$F$4,\"<=\"&$C$4),'Future Requirements'!$J:$J,IF($C$5=\"Yes\",\"Yes\",IF($C$5=\"No\",\"No\",\"<>Luke\")),'Future Requirements'!$AC:$AC,IF($C$6=\"Agreed\",\"Agreed\",IF($C$6=\"C/Fwd\",\"C/Fwd\",\"<>Luke\")),'Future Requirements'!$AA:$AA,$I$6),0)+\nIF($J$7=\"Include\",SUMIFS('Future Requirements'!$O:$O,'Future Requirements'!$H:$H,$B35,'Future Requirements'!$G:$G,Q$26,'Future Requirements'!$B:$B,IF($C$3=\"\",\">=\"&$F$3,\">=\"&$C$3),'Future Requirements'!$B:$B,IF($C$4=\"\",\"<=\"&$F$4,\"<=\"&$C$4),'Future Requirements'!$J:$J,IF($C$5=\"Yes\",\"Yes\",IF($C$5=\"No\",\"No\",\"<>Luke\")),'Future Requirements'!$AC:$AC,IF($C$6=\"Agreed\",\"Agreed\",IF($C$6=\"C/Fwd\",\"C/Fwd\",\"<>Luke\")),'Future Requirements'!$AA:$AA,$I$7),0)","v":0},{"$f":"IF($J$3=\"Include\",SUMIFS('Future Requirements'!$O:$O,'Future Requirements'!$H:$H,$B35,'Future Requirements'!$G:$G,R$26,'Future Requirements'!$B:$B,IF($C$3=\"\",\">=\"&$F$3,\">=\"&$C$3),'Future Requirements'!$B:$B,IF($C$4=\"\",\"<=\"&$F$4,\"<=\"&$C$4),'Future Requirements'!$J:$J,IF($C$5=\"Yes\",\"Yes\",IF($C$5=\"No\",\"No\",\"<>Luke\")),'Future Requirements'!$AC:$AC,IF($C$6=\"Agreed\",\"Agreed\",IF($C$6=\"C/Fwd\",\"C/Fwd\",\"<>Luke\")),'Future Requirements'!$AA:$AA,$I$3),0)+\nIF($J$4=\"Include\",SUMIFS('Future Requirements'!$O:$O,'Future Requirements'!$H:$H,$B35,'Future Requirements'!$G:$G,R$26,'Future Requirements'!$B:$B,IF($C$3=\"\",\">=\"&$F$3,\">=\"&$C$3),'Future Requirements'!$B:$B,IF($C$4=\"\",\"<=\"&$F$4,\"<=\"&$C$4),'Future Requirements'!$J:$J,IF($C$5=\"Yes\",\"Yes\",IF($C$5=\"No\",\"No\",\"<>Luke\")),'Future Requirements'!$AC:$AC,IF($C$6=\"Agreed\",\"Agreed\",IF($C$6=\"C/Fwd\",\"C/Fwd\",\"<>Luke\")),'Future Requirements'!$AA:$AA,$I$4),0)+\nIF($J$5=\"Include\",SUMIFS('Future Requirements'!$O:$O,'Future Requirements'!$H:$H,$B35,'Future Requirements'!$G:$G,R$26,'Future Requirements'!$B:$B,IF($C$3=\"\",\">=\"&$F$3,\">=\"&$C$3),'Future Requirements'!$B:$B,IF($C$4=\"\",\"<=\"&$F$4,\"<=\"&$C$4),'Future Requirements'!$J:$J,IF($C$5=\"Yes\",\"Yes\",IF($C$5=\"No\",\"No\",\"<>Luke\")),'Future Requirements'!$AC:$AC,IF($C$6=\"Agreed\",\"Agreed\",IF($C$6=\"C/Fwd\",\"C/Fwd\",\"<>Luke\")),'Future Requirements'!$AA:$AA,$I$5),0)+\nIF($J$6=\"Include\",SUMIFS('Future Requirements'!$O:$O,'Future Requirements'!$H:$H,$B35,'Future Requirements'!$G:$G,R$26,'Future Requirements'!$B:$B,IF($C$3=\"\",\">=\"&$F$3,\">=\"&$C$3),'Future Requirements'!$B:$B,IF($C$4=\"\",\"<=\"&$F$4,\"<=\"&$C$4),'Future Requirements'!$J:$J,IF($C$5=\"Yes\",\"Yes\",IF($C$5=\"No\",\"No\",\"<>Luke\")),'Future Requirements'!$AC:$AC,IF($C$6=\"Agreed\",\"Agreed\",IF($C$6=\"C/Fwd\",\"C/Fwd\",\"<>Luke\")),'Future Requirements'!$AA:$AA,$I$6),0)+\nIF($J$7=\"Include\",SUMIFS('Future Requirements'!$O:$O,'Future Requirements'!$H:$H,$B35,'Future Requirements'!$G:$G,R$26,'Future Requirements'!$B:$B,IF($C$3=\"\",\">=\"&$F$3,\">=\"&$C$3),'Future Requirements'!$B:$B,IF($C$4=\"\",\"<=\"&$F$4,\"<=\"&$C$4),'Future Requirements'!$J:$J,IF($C$5=\"Yes\",\"Yes\",IF($C$5=\"No\",\"No\",\"<>Luke\")),'Future Requirements'!$AC:$AC,IF($C$6=\"Agreed\",\"Agreed\",IF($C$6=\"C/Fwd\",\"C/Fwd\",\"<>Luke\")),'Future Requirements'!$AA:$AA,$I$7),0)","v":0},{"$f":"IF($J$3=\"Include\",SUMIFS('Future Requirements'!$O:$O,'Future Requirements'!$H:$H,$B35,'Future Requirements'!$G:$G,S$26,'Future Requirements'!$B:$B,IF($C$3=\"\",\">=\"&$F$3,\">=\"&$C$3),'Future Requirements'!$B:$B,IF($C$4=\"\",\"<=\"&$F$4,\"<=\"&$C$4),'Future Requirements'!$J:$J,IF($C$5=\"Yes\",\"Yes\",IF($C$5=\"No\",\"No\",\"<>Luke\")),'Future Requirements'!$AC:$AC,IF($C$6=\"Agreed\",\"Agreed\",IF($C$6=\"C/Fwd\",\"C/Fwd\",\"<>Luke\")),'Future Requirements'!$AA:$AA,$I$3),0)+\nIF($J$4=\"Include\",SUMIFS('Future Requirements'!$O:$O,'Future Requirements'!$H:$H,$B35,'Future Requirements'!$G:$G,S$26,'Future Requirements'!$B:$B,IF($C$3=\"\",\">=\"&$F$3,\">=\"&$C$3),'Future Requirements'!$B:$B,IF($C$4=\"\",\"<=\"&$F$4,\"<=\"&$C$4),'Future Requirements'!$J:$J,IF($C$5=\"Yes\",\"Yes\",IF($C$5=\"No\",\"No\",\"<>Luke\")),'Future Requirements'!$AC:$AC,IF($C$6=\"Agreed\",\"Agreed\",IF($C$6=\"C/Fwd\",\"C/Fwd\",\"<>Luke\")),'Future Requirements'!$AA:$AA,$I$4),0)+\nIF($J$5=\"Include\",SUMIFS('Future Requirements'!$O:$O,'Future Requirements'!$H:$H,$B35,'Future Requirements'!$G:$G,S$26,'Future Requirements'!$B:$B,IF($C$3=\"\",\">=\"&$F$3,\">=\"&$C$3),'Future Requirements'!$B:$B,IF($C$4=\"\",\"<=\"&$F$4,\"<=\"&$C$4),'Future Requirements'!$J:$J,IF($C$5=\"Yes\",\"Yes\",IF($C$5=\"No\",\"No\",\"<>Luke\")),'Future Requirements'!$AC:$AC,IF($C$6=\"Agreed\",\"Agreed\",IF($C$6=\"C/Fwd\",\"C/Fwd\",\"<>Luke\")),'Future Requirements'!$AA:$AA,$I$5),0)+\nIF($J$6=\"Include\",SUMIFS('Future Requirements'!$O:$O,'Future Requirements'!$H:$H,$B35,'Future Requirements'!$G:$G,S$26,'Future Requirements'!$B:$B,IF($C$3=\"\",\">=\"&$F$3,\">=\"&$C$3),'Future Requirements'!$B:$B,IF($C$4=\"\",\"<=\"&$F$4,\"<=\"&$C$4),'Future Requirements'!$J:$J,IF($C$5=\"Yes\",\"Yes\",IF($C$5=\"No\",\"No\",\"<>Luke\")),'Future Requirements'!$AC:$AC,IF($C$6=\"Agreed\",\"Agreed\",IF($C$6=\"C/Fwd\",\"C/Fwd\",\"<>Luke\")),'Future Requirements'!$AA:$AA,$I$6),0)+\nIF($J$7=\"Include\",SUMIFS('Future Requirements'!$O:$O,'Future Requirements'!$H:$H,$B35,'Future Requirements'!$G:$G,S$26,'Future Requirements'!$B:$B,IF($C$3=\"\",\">=\"&$F$3,\">=\"&$C$3),'Future Requirements'!$B:$B,IF($C$4=\"\",\"<=\"&$F$4,\"<=\"&$C$4),'Future Requirements'!$J:$J,IF($C$5=\"Yes\",\"Yes\",IF($C$5=\"No\",\"No\",\"<>Luke\")),'Future Requirements'!$AC:$AC,IF($C$6=\"Agreed\",\"Agreed\",IF($C$6=\"C/Fwd\",\"C/Fwd\",\"<>Luke\")),'Future Requirements'!$AA:$AA,$I$7),0)","v":0},0]
[null,"Total",{"$f":"SUM(C27:C35)","v":1265000},{"$f":"SUM(D27:D35)","v":720000},760000,270000,140000,790000,640000,745000,375000,410000,335000,625000,1310000,510000,175000,220000,305000,{"$f":"SUM(T27:T35)","v":9595000}]
[null,{"$f":"\"Date Span = from \"&IF($C$3=\"\",TEXT($F$3,\"DD/MM/YYYY\"),TEXT($C$3,\"DD/MM/YYYY\"))&\" to \"&IF($C$4=\"\",TEXT($F$4,\"DD/MM/YYYY\"),TEXT($C$4,\"DD/MM/YYYY\"))","v":"Date Span = from 07/11/2016 to 21/11/2017"}]
[]
[null,{"$f":"\"Count of entry by \"&B40&\" by Ward\"&IF($C$5=\"No\",\" not in the Resilience Network\",IF($C$5=\"Yes\",\" in the Resilience Network\",\"\"))&IF($C$6=\"Agreed\",\" where the Cabinet has agreed the works\",IF($C$6=\"C/Fwd\",\" where the works are being carried forward\",\"\"))","v":"Count of entry by Gaist Condition Rating by Ward"}]
[null,"Gaist Condition Rating","Belfairs","Blenheim Park","Chalkwell","Eastwood Park","Kursaal","Leigh","Milton","Prittlewell","Shoeburyness","Southchurch","St Laurence","St Luke's","Thorpe","Victoria","West Leigh","West Shoebury","Westborough","Total"]
[null,"N/A",{"$f":"IF($J$3=\"Include\",SUMIFS('Future Requirements'!$O:$O,'Future Requirements'!$I:$I,$B41,'Future Requirements'!$G:$G,C$40,'Future Requirements'!$B:$B,IF($C$3=\"\",\">=\"&$F$3,\">=\"&$C$3),'Future Requirements'!$B:$B,IF($C$4=\"\",\"<=\"&$F$4,\"<=\"&$C$4),'Future Requirements'!$J:$J,IF($C$5=\"Yes\",\"Yes\",IF($C$5=\"No\",\"No\",\"<>Luke\")),'Future Requirements'!$AC:$AC,IF($C$6=\"Agreed\",\"Agreed\",IF($C$6=\"C/Fwd\",\"C/Fwd\",\"<>Luke\")),'Future Requirements'!$AA:$AA,$I$3),0)+\nIF($J$4=\"Include\",SUMIFS('Future Requirements'!$O:$O,'Future Requirements'!$I:$I,$B41,'Future Requirements'!$G:$G,C$40,'Future Requirements'!$B:$B,IF($C$3=\"\",\">=\"&$F$3,\">=\"&$C$3),'Future Requirements'!$B:$B,IF($C$4=\"\",\"<=\"&$F$4,\"<=\"&$C$4),'Future Requirements'!$J:$J,IF($C$5=\"Yes\",\"Yes\",IF($C$5=\"No\",\"No\",\"<>Luke\")),'Future Requirements'!$AC:$AC,IF($C$6=\"Agreed\",\"Agreed\",IF($C$6=\"C/Fwd\",\"C/Fwd\",\"<>Luke\")),'Future Requirements'!$AA:$AA,$I$4),0)+\nIF($J$5=\"Include\",SUMIFS('Future Requirements'!$O:$O,'Future Requirements'!$I:$I,$B41,'Future Requirements'!$G:$G,C$40,'Future Requirements'!$B:$B,IF($C$3=\"\",\">=\"&$F$3,\">=\"&$C$3),'Future Requirements'!$B:$B,IF($C$4=\"\",\"<=\"&$F$4,\"<=\"&$C$4),'Future Requirements'!$J:$J,IF($C$5=\"Yes\",\"Yes\",IF($C$5=\"No\",\"No\",\"<>Luke\")),'Future Requirements'!$AC:$AC,IF($C$6=\"Agreed\",\"Agreed\",IF($C$6=\"C/Fwd\",\"C/Fwd\",\"<>Luke\")),'Future Requirements'!$AA:$AA,$I$5),0)+\nIF($J$6=\"Include\",SUMIFS('Future Requirements'!$O:$O,'Future Requirements'!$I:$I,$B41,'Future Requirements'!$G:$G,C$40,'Future Requirements'!$B:$B,IF($C$3=\"\",\">=\"&$F$3,\">=\"&$C$3),'Future Requirements'!$B:$B,IF($C$4=\"\",\"<=\"&$F$4,\"<=\"&$C$4),'Future Requirements'!$J:$J,IF($C$5=\"Yes\",\"Yes\",IF($C$5=\"No\",\"No\",\"<>Luke\")),'Future Requirements'!$AC:$AC,IF($C$6=\"Agreed\",\"Agreed\",IF($C$6=\"C/Fwd\",\"C/Fwd\",\"<>Luke\")),'Future Requirements'!$AA:$AA,$I$6),0)+\nIF($J$7=\"Include\",SUMIFS('Future Requirements'!$O:$O,'Future Requirements'!$I:$I,$B41,'Future Requirements'!$G:$G,C$40,'Future Requirements'!$B:$B,IF($C$3=\"\",\">=\"&$F$3,\">=\"&$C$3),'Future Requirements'!$B:$B,IF($C$4=\"\",\"<=\"&$F$4,\"<=\"&$C$4),'Future Requirements'!$J:$J,IF($C$5=\"Yes\",\"Yes\",IF($C$5=\"No\",\"No\",\"<>Luke\")),'Future Requirements'!$AC:$AC,IF($C$6=\"Agreed\",\"Agreed\",IF($C$6=\"C/Fwd\",\"C/Fwd\",\"<>Luke\")),'Future Requirements'!$AA:$AA,$I$7),0)","v":0},{"$f":"IF($J$3=\"Include\",SUMIFS('Future Requirements'!$O:$O,'Future Requirements'!$I:$I,$B41,'Future Requirements'!$G:$G,D$40,'Future Requirements'!$B:$B,IF($C$3=\"\",\">=\"&$F$3,\">=\"&$C$3),'Future Requirements'!$B:$B,IF($C$4=\"\",\"<=\"&$F$4,\"<=\"&$C$4),'Future Requirements'!$J:$J,IF($C$5=\"Yes\",\"Yes\",IF($C$5=\"No\",\"No\",\"<>Luke\")),'Future Requirements'!$AC:$AC,IF($C$6=\"Agreed\",\"Agreed\",IF($C$6=\"C/Fwd\",\"C/Fwd\",\"<>Luke\")),'Future Requirements'!$AA:$AA,$I$3),0)+\nIF($J$4=\"Include\",SUMIFS('Future Requirements'!$O:$O,'Future Requirements'!$I:$I,$B41,'Future Requirements'!$G:$G,D$40,'Future Requirements'!$B:$B,IF($C$3=\"\",\">=\"&$F$3,\">=\"&$C$3),'Future Requirements'!$B:$B,IF($C$4=\"\",\"<=\"&$F$4,\"<=\"&$C$4),'Future Requirements'!$J:$J,IF($C$5=\"Yes\",\"Yes\",IF($C$5=\"No\",\"No\",\"<>Luke\")),'Future Requirements'!$AC:$AC,IF($C$6=\"Agreed\",\"Agreed\",IF($C$6=\"C/Fwd\",\"C/Fwd\",\"<>Luke\")),'Future Requirements'!$AA:$AA,$I$4),0)+\nIF($J$5=\"Include\",SUMIFS('Future Requirements'!$O:$O,'Future Requirements'!$I:$I,$B41,'Future Requirements'!$G:$G,D$40,'Future Requirements'!$B:$B,IF($C$3=\"\",\">=\"&$F$3,\">=\"&$C$3),'Future Requirements'!$B:$B,IF($C$4=\"\",\"<=\"&$F$4,\"<=\"&$C$4),'Future Requirements'!$J:$J,IF($C$5=\"Yes\",\"Yes\",IF($C$5=\"No\",\"No\",\"<>Luke\")),'Future Requirements'!$AC:$AC,IF($C$6=\"Agreed\",\"Agreed\",IF($C$6=\"C/Fwd\",\"C/Fwd\",\"<>Luke\")),'Future Requirements'!$AA:$AA,$I$5),0)+\nIF($J$6=\"Include\",SUMIFS('Future Requirements'!$O:$O,'Future Requirements'!$I:$I,$B41,'Future Requirements'!$G:$G,D$40,'Future Requirements'!$B:$B,IF($C$3=\"\",\">=\"&$F$3,\">=\"&$C$3),'Future Requirements'!$B:$B,IF($C$4=\"\",\"<=\"&$F$4,\"<=\"&$C$4),'Future Requirements'!$J:$J,IF($C$5=\"Yes\",\"Yes\",IF($C$5=\"No\",\"No\",\"<>Luke\")),'Future Requirements'!$AC:$AC,IF($C$6=\"Agreed\",\"Agreed\",IF($C$6=\"C/Fwd\",\"C/Fwd\",\"<>Luke\")),'Future Requirements'!$AA:$AA,$I$6),0)+\nIF($J$7=\"Include\",SUMIFS('Future Requirements'!$O:$O,'Future Requirements'!$I:$I,$B41,'Future Requirements'!$G:$G,D$40,'Future Requirements'!$B:$B,IF($C$3=\"\",\">=\"&$F$3,\">=\"&$C$3),'Future Requirements'!$B:$B,IF($C$4=\"\",\"<=\"&$F$4,\"<=\"&$C$4),'Future Requirements'!$J:$J,IF($C$5=\"Yes\",\"Yes\",IF($C$5=\"No\",\"No\",\"<>Luke\")),'Future Requirements'!$AC:$AC,IF($C$6=\"Agreed\",\"Agreed\",IF($C$6=\"C/Fwd\",\"C/Fwd\",\"<>Luke\")),'Future Requirements'!$AA:$AA,$I$7),0)","v":0},{"$f":"IF($J$3=\"Include\",SUMIFS('Future Requirements'!$O:$O,'Future Requirements'!$I:$I,$B41,'Future Requirements'!$G:$G,E$40,'Future Requirements'!$B:$B,IF($C$3=\"\",\">=\"&$F$3,\">=\"&$C$3),'Future Requirements'!$B:$B,IF($C$4=\"\",\"<=\"&$F$4,\"<=\"&$C$4),'Future Requirements'!$J:$J,IF($C$5=\"Yes\",\"Yes\",IF($C$5=\"No\",\"No\",\"<>Luke\")),'Future Requirements'!$AC:$AC,IF($C$6=\"Agreed\",\"Agreed\",IF($C$6=\"C/Fwd\",\"C/Fwd\",\"<>Luke\")),'Future Requirements'!$AA:$AA,$I$3),0)+\nIF($J$4=\"Include\",SUMIFS('Future Requirements'!$O:$O,'Future Requirements'!$I:$I,$B41,'Future Requirements'!$G:$G,E$40,'Future Requirements'!$B:$B,IF($C$3=\"\",\">=\"&$F$3,\">=\"&$C$3),'Future Requirements'!$B:$B,IF($C$4=\"\",\"<=\"&$F$4,\"<=\"&$C$4),'Future Requirements'!$J:$J,IF($C$5=\"Yes\",\"Yes\",IF($C$5=\"No\",\"No\",\"<>Luke\")),'Future Requirements'!$AC:$AC,IF($C$6=\"Agreed\",\"Agreed\",IF($C$6=\"C/Fwd\",\"C/Fwd\",\"<>Luke\")),'Future Requirements'!$AA:$AA,$I$4),0)+\nIF($J$5=\"Include\",SUMIFS('Future Requirements'!$O:$O,'Future Requirements'!$I:$I,$B41,'Future Requirements'!$G:$G,E$40,'Future Requirements'!$B:$B,IF($C$3=\"\",\">=\"&$F$3,\">=\"&$C$3),'Future Requirements'!$B:$B,IF($C$4=\"\",\"<=\"&$F$4,\"<=\"&$C$4),'Future Requirements'!$J:$J,IF($C$5=\"Yes\",\"Yes\",IF($C$5=\"No\",\"No\",\"<>Luke\")),'Future Requirements'!$AC:$AC,IF($C$6=\"Agreed\",\"Agreed\",IF($C$6=\"C/Fwd\",\"C/Fwd\",\"<>Luke\")),'Future Requirements'!$AA:$AA,$I$5),0)+\nIF($J$6=\"Include\",SUMIFS('Future Requirements'!$O:$O,'Future Requirements'!$I:$I,$B41,'Future Requirements'!$G:$G,E$40,'Future Requirements'!$B:$B,IF($C$3=\"\",\">=\"&$F$3,\">=\"&$C$3),'Future Requirements'!$B:$B,IF($C$4=\"\",\"<=\"&$F$4,\"<=\"&$C$4),'Future Requirements'!$J:$J,IF($C$5=\"Yes\",\"Yes\",IF($C$5=\"No\",\"No\",\"<>Luke\")),'Future Requirements'!$AC:$AC,IF($C$6=\"Agreed\",\"Agreed\",IF($C$6=\"C/Fwd\",\"C/Fwd\",\"<>Luke\")),'Future Requirements'!$AA:$AA,$I$6),0)+\nIF($J$7=\"Include\",SUMIFS('Future Requirements'!$O:$O,'Future Requirements'!$I:$I,$B41,'Future Requirements'!$G:$G,E$40,'Future Requirements'!$B:$B,IF($C$3=\"\",\">=\"&$F$3,\">=\"&$C$3),'Future Requirements'!$B:$B,IF($C$4=\"\",\"<=\"&$F$4,\"<=\"&$C$4),'Future Requirements'!$J:$J,IF($C$5=\"Yes\",\"Yes\",IF($C$5=\"No\",\"No\",\"<>Luke\")),'Future Requirements'!$AC:$AC,IF($C$6=\"Agreed\",\"Agreed\",IF($C$6=\"C/Fwd\",\"C/Fwd\",\"<>Luke\")),'Future Requirements'!$AA:$AA,$I$7),0)","v":150000},{"$f":"IF($J$3=\"Include\",SUMIFS('Future Requirements'!$O:$O,'Future Requirements'!$I:$I,$B41,'Future Requirements'!$G:$G,F$40,'Future Requirements'!$B:$B,IF($C$3=\"\",\">=\"&$F$3,\">=\"&$C$3),'Future Requirements'!$B:$B,IF($C$4=\"\",\"<=\"&$F$4,\"<=\"&$C$4),'Future Requirements'!$J:$J,IF($C$5=\"Yes\",\"Yes\",IF($C$5=\"No\",\"No\",\"<>Luke\")),'Future Requirements'!$AC:$AC,IF($C$6=\"Agreed\",\"Agreed\",IF($C$6=\"C/Fwd\",\"C/Fwd\",\"<>Luke\")),'Future Requirements'!$AA:$AA,$I$3),0)+\nIF($J$4=\"Include\",SUMIFS('Future Requirements'!$O:$O,'Future Requirements'!$I:$I,$B41,'Future Requirements'!$G:$G,F$40,'Future Requirements'!$B:$B,IF($C$3=\"\",\">=\"&$F$3,\">=\"&$C$3),'Future Requirements'!$B:$B,IF($C$4=\"\",\"<=\"&$F$4,\"<=\"&$C$4),'Future Requirements'!$J:$J,IF($C$5=\"Yes\",\"Yes\",IF($C$5=\"No\",\"No\",\"<>Luke\")),'Future Requirements'!$AC:$AC,IF($C$6=\"Agreed\",\"Agreed\",IF($C$6=\"C/Fwd\",\"C/Fwd\",\"<>Luke\")),'Future Requirements'!$AA:$AA,$I$4),0)+\nIF($J$5=\"Include\",SUMIFS('Future Requirements'!$O:$O,'Future Requirements'!$I:$I,$B41,'Future Requirements'!$G:$G,F$40,'Future Requirements'!$B:$B,IF($C$3=\"\",\">=\"&$F$3,\">=\"&$C$3),'Future Requirements'!$B:$B,IF($C$4=\"\",\"<=\"&$F$4,\"<=\"&$C$4),'Future Requirements'!$J:$J,IF($C$5=\"Yes\",\"Yes\",IF($C$5=\"No\",\"No\",\"<>Luke\")),'Future Requirements'!$AC:$AC,IF($C$6=\"Agreed\",\"Agreed\",IF($C$6=\"C/Fwd\",\"C/Fwd\",\"<>Luke\")),'Future Requirements'!$AA:$AA,$I$5),0)+\nIF($J$6=\"Include\",SUMIFS('Future Requirements'!$O:$O,'Future Requirements'!$I:$I,$B41,'Future Requirements'!$G:$G,F$40,'Future Requirements'!$B:$B,IF($C$3=\"\",\">=\"&$F$3,\">=\"&$C$3),'Future Requirements'!$B:$B,IF($C$4=\"\",\"<=\"&$F$4,\"<=\"&$C$4),'Future Requirements'!$J:$J,IF($C$5=\"Yes\",\"Yes\",IF($C$5=\"No\",\"No\",\"<>Luke\")),'Future Requirements'!$AC:$AC,IF($C$6=\"Agreed\",\"Agreed\",IF($C$6=\"C/Fwd\",\"C/Fwd\",\"<>Luke\")),'Future Requirements'!$AA:$AA,$I$6),0)+\nIF($J$7=\"Include\",SUMIFS('Future Requirements'!$O:$O,'Future Requirements'!$I:$I,$B41,'Future Requirements'!$G:$G,F$40,'Future Requirements'!$B:$B,IF($C$3=\"\",\">=\"&$F$3,\">=\"&$C$3),'Future Requirements'!$B:$B,IF($C$4=\"\",\"<=\"&$F$4,\"<=\"&$C$4),'Future Requirements'!$J:$J,IF($C$5=\"Yes\",\"Yes\",IF($C$5=\"No\",\"No\",\"<>Luke\")),'Future Requirements'!$AC:$AC,IF($C$6=\"Agreed\",\"Agreed\",IF($C$6=\"C/Fwd\",\"C/Fwd\",\"<>Luke\")),'Future Requirements'!$AA:$AA,$I$7),0)","v":0},{"$f":"IF($J$3=\"Include\",SUMIFS('Future Requirements'!$O:$O,'Future Requirements'!$I:$I,$B41,'Future Requirements'!$G:$G,G$40,'Future Requirements'!$B:$B,IF($C$3=\"\",\">=\"&$F$3,\">=\"&$C$3),'Future Requirements'!$B:$B,IF($C$4=\"\",\"<=\"&$F$4,\"<=\"&$C$4),'Future Requirements'!$J:$J,IF($C$5=\"Yes\",\"Yes\",IF($C$5=\"No\",\"No\",\"<>Luke\")),'Future Requirements'!$AC:$AC,IF($C$6=\"Agreed\",\"Agreed\",IF($C$6=\"C/Fwd\",\"C/Fwd\",\"<>Luke\")),'Future Requirements'!$AA:$AA,$I$3),0)+\nIF($J$4=\"Include\",SUMIFS('Future Requirements'!$O:$O,'Future Requirements'!$I:$I,$B41,'Future Requirements'!$G:$G,G$40,'Future Requirements'!$B:$B,IF($C$3=\"\",\">=\"&$F$3,\">=\"&$C$3),'Future Requirements'!$B:$B,IF($C$4=\"\",\"<=\"&$F$4,\"<=\"&$C$4),'Future Requirements'!$J:$J,IF($C$5=\"Yes\",\"Yes\",IF($C$5=\"No\",\"No\",\"<>Luke\")),'Future Requirements'!$AC:$AC,IF($C$6=\"Agreed\",\"Agreed\",IF($C$6=\"C/Fwd\",\"C/Fwd\",\"<>Luke\")),'Future Requirements'!$AA:$AA,$I$4),0)+\nIF($J$5=\"Include\",SUMIFS('Future Requirements'!$O:$O,'Future Requirements'!$I:$I,$B41,'Future Requirements'!$G:$G,G$40,'Future Requirements'!$B:$B,IF($C$3=\"\",\">=\"&$F$3,\">=\"&$C$3),'Future Requirements'!$B:$B,IF($C$4=\"\",\"<=\"&$F$4,\"<=\"&$C$4),'Future Requirements'!$J:$J,IF($C$5=\"Yes\",\"Yes\",IF($C$5=\"No\",\"No\",\"<>Luke\")),'Future Requirements'!$AC:$AC,IF($C$6=\"Agreed\",\"Agreed\",IF($C$6=\"C/Fwd\",\"C/Fwd\",\"<>Luke\")),'Future Requirements'!$AA:$AA,$I$5),0)+\nIF($J$6=\"Include\",SUMIFS('Future Requirements'!$O:$O,'Future Requirements'!$I:$I,$B41,'Future Requirements'!$G:$G,G$40,'Future Requirements'!$B:$B,IF($C$3=\"\",\">=\"&$F$3,\">=\"&$C$3),'Future Requirements'!$B:$B,IF($C$4=\"\",\"<=\"&$F$4,\"<=\"&$C$4),'Future Requirements'!$J:$J,IF($C$5=\"Yes\",\"Yes\",IF($C$5=\"No\",\"No\",\"<>Luke\")),'Future Requirements'!$AC:$AC,IF($C$6=\"Agreed\",\"Agreed\",IF($C$6=\"C/Fwd\",\"C/Fwd\",\"<>Luke\")),'Future Requirements'!$AA:$AA,$I$6),0)+\nIF($J$7=\"Include\",SUMIFS('Future Requirements'!$O:$O,'Future Requirements'!$I:$I,$B41,'Future Requirements'!$G:$G,G$40,'Future Requirements'!$B:$B,IF($C$3=\"\",\">=\"&$F$3,\">=\"&$C$3),'Future Requirements'!$B:$B,IF($C$4=\"\",\"<=\"&$F$4,\"<=\"&$C$4),'Future Requirements'!$J:$J,IF($C$5=\"Yes\",\"Yes\",IF($C$5=\"No\",\"No\",\"<>Luke\")),'Future Requirements'!$AC:$AC,IF($C$6=\"Agreed\",\"Agreed\",IF($C$6=\"C/Fwd\",\"C/Fwd\",\"<>Luke\")),'Future Requirements'!$AA:$AA,$I$7),0)","v":0},{"$f":"IF($J$3=\"Include\",SUMIFS('Future Requirements'!$O:$O,'Future Requirements'!$I:$I,$B41,'Future Requirements'!$G:$G,H$40,'Future Requirements'!$B:$B,IF($C$3=\"\",\">=\"&$F$3,\">=\"&$C$3),'Future Requirements'!$B:$B,IF($C$4=\"\",\"<=\"&$F$4,\"<=\"&$C$4),'Future Requirements'!$J:$J,IF($C$5=\"Yes\",\"Yes\",IF($C$5=\"No\",\"No\",\"<>Luke\")),'Future Requirements'!$AC:$AC,IF($C$6=\"Agreed\",\"Agreed\",IF($C$6=\"C/Fwd\",\"C/Fwd\",\"<>Luke\")),'Future Requirements'!$AA:$AA,$I$3),0)+\nIF($J$4=\"Include\",SUMIFS('Future Requirements'!$O:$O,'Future Requirements'!$I:$I,$B41,'Future Requirements'!$G:$G,H$40,'Future Requirements'!$B:$B,IF($C$3=\"\",\">=\"&$F$3,\">=\"&$C$3),'Future Requirements'!$B:$B,IF($C$4=\"\",\"<=\"&$F$4,\"<=\"&$C$4),'Future Requirements'!$J:$J,IF($C$5=\"Yes\",\"Yes\",IF($C$5=\"No\",\"No\",\"<>Luke\")),'Future Requirements'!$AC:$AC,IF($C$6=\"Agreed\",\"Agreed\",IF($C$6=\"C/Fwd\",\"C/Fwd\",\"<>Luke\")),'Future Requirements'!$AA:$AA,$I$4),0)+\nIF($J$5=\"Include\",SUMIFS('Future Requirements'!$O:$O,'Future Requirements'!$I:$I,$B41,'Future Requirements'!$G:$G,H$40,'Future Requirements'!$B:$B,IF($C$3=\"\",\">=\"&$F$3,\">=\"&$C$3),'Future Requirements'!$B:$B,IF($C$4=\"\",\"<=\"&$F$4,\"<=\"&$C$4),'Future Requirements'!$J:$J,IF($C$5=\"Yes\",\"Yes\",IF($C$5=\"No\",\"No\",\"<>Luke\")),'Future Requirements'!$AC:$AC,IF($C$6=\"Agreed\",\"Agreed\",IF($C$6=\"C/Fwd\",\"C/Fwd\",\"<>Luke\")),'Future Requirements'!$AA:$AA,$I$5),0)+\nIF($J$6=\"Include\",SUMIFS('Future Requirements'!$O:$O,'Future Requirements'!$I:$I,$B41,'Future Requirements'!$G:$G,H$40,'Future Requirements'!$B:$B,IF($C$3=\"\",\">=\"&$F$3,\">=\"&$C$3),'Future Requirements'!$B:$B,IF($C$4=\"\",\"<=\"&$F$4,\"<=\"&$C$4),'Future Requirements'!$J:$J,IF($C$5=\"Yes\",\"Yes\",IF($C$5=\"No\",\"No\",\"<>Luke\")),'Future Requirements'!$AC:$AC,IF($C$6=\"Agreed\",\"Agreed\",IF($C$6=\"C/Fwd\",\"C/Fwd\",\"<>Luke\")),'Future Requirements'!$AA:$AA,$I$6),0)+\nIF($J$7=\"Include\",SUMIFS('Future Requirements'!$O:$O,'Future Requirements'!$I:$I,$B41,'Future Requirements'!$G:$G,H$40,'Future Requirements'!$B:$B,IF($C$3=\"\",\">=\"&$F$3,\">=\"&$C$3),'Future Requirements'!$B:$B,IF($C$4=\"\",\"<=\"&$F$4,\"<=\"&$C$4),'Future Requirements'!$J:$J,IF($C$5=\"Yes\",\"Yes\",IF($C$5=\"No\",\"No\",\"<>Luke\")),'Future Requirements'!$AC:$AC,IF($C$6=\"Agreed\",\"Agreed\",IF($C$6=\"C/Fwd\",\"C/Fwd\",\"<>Luke\")),'Future Requirements'!$AA:$AA,$I$7),0)","v":150000},{"$f":"IF($J$3=\"Include\",SUMIFS('Future Requirements'!$O:$O,'Future Requirements'!$I:$I,$B41,'Future Requirements'!$G:$G,I$40,'Future Requirements'!$B:$B,IF($C$3=\"\",\">=\"&$F$3,\">=\"&$C$3),'Future Requirements'!$B:$B,IF($C$4=\"\",\"<=\"&$F$4,\"<=\"&$C$4),'Future Requirements'!$J:$J,IF($C$5=\"Yes\",\"Yes\",IF($C$5=\"No\",\"No\",\"<>Luke\")),'Future Requirements'!$AC:$AC,IF($C$6=\"Agreed\",\"Agreed\",IF($C$6=\"C/Fwd\",\"C/Fwd\",\"<>Luke\")),'Future Requirements'!$AA:$AA,$I$3),0)+\nIF($J$4=\"Include\",SUMIFS('Future Requirements'!$O:$O,'Future Requirements'!$I:$I,$B41,'Future Requirements'!$G:$G,I$40,'Future Requirements'!$B:$B,IF($C$3=\"\",\">=\"&$F$3,\">=\"&$C$3),'Future Requirements'!$B:$B,IF($C$4=\"\",\"<=\"&$F$4,\"<=\"&$C$4),'Future Requirements'!$J:$J,IF($C$5=\"Yes\",\"Yes\",IF($C$5=\"No\",\"No\",\"<>Luke\")),'Future Requirements'!$AC:$AC,IF($C$6=\"Agreed\",\"Agreed\",IF($C$6=\"C/Fwd\",\"C/Fwd\",\"<>Luke\")),'Future Requirements'!$AA:$AA,$I$4),0)+\nIF($J$5=\"Include\",SUMIFS('Future Requirements'!$O:$O,'Future Requirements'!$I:$I,$B41,'Future Requirements'!$G:$G,I$40,'Future Requirements'!$B:$B,IF($C$3=\"\",\">=\"&$F$3,\">=\"&$C$3),'Future Requirements'!$B:$B,IF($C$4=\"\",\"<=\"&$F$4,\"<=\"&$C$4),'Future Requirements'!$J:$J,IF($C$5=\"Yes\",\"Yes\",IF($C$5=\"No\",\"No\",\"<>Luke\")),'Future Requirements'!$AC:$AC,IF($C$6=\"Agreed\",\"Agreed\",IF($C$6=\"C/Fwd\",\"C/Fwd\",\"<>Luke\")),'Future Requirements'!$AA:$AA,$I$5),0)+\nIF($J$6=\"Include\",SUMIFS('Future Requirements'!$O:$O,'Future Requirements'!$I:$I,$B41,'Future Requirements'!$G:$G,I$40,'Future Requirements'!$B:$B,IF($C$3=\"\",\">=\"&$F$3,\">=\"&$C$3),'Future Requirements'!$B:$B,IF($C$4=\"\",\"<=\"&$F$4,\"<=\"&$C$4),'Future Requirements'!$J:$J,IF($C$5=\"Yes\",\"Yes\",IF($C$5=\"No\",\"No\",\"<>Luke\")),'Future Requirements'!$AC:$AC,IF($C$6=\"Agreed\",\"Agreed\",IF($C$6=\"C/Fwd\",\"C/Fwd\",\"<>Luke\")),'Future Requirements'!$AA:$AA,$I$6),0)+\nIF($J$7=\"Include\",SUMIFS('Future Requirements'!$O:$O,'Future Requirements'!$I:$I,$B41,'Future Requirements'!$G:$G,I$40,'Future Requirements'!$B:$B,IF($C$3=\"\",\">=\"&$F$3,\">=\"&$C$3),'Future Requirements'!$B:$B,IF($C$4=\"\",\"<=\"&$F$4,\"<=\"&$C$4),'Future Requirements'!$J:$J,IF($C$5=\"Yes\",\"Yes\",IF($C$5=\"No\",\"No\",\"<>Luke\")),'Future Requirements'!$AC:$AC,IF($C$6=\"Agreed\",\"Agreed\",IF($C$6=\"C/Fwd\",\"C/Fwd\",\"<>Luke\")),'Future Requirements'!$AA:$AA,$I$7),0)","v":150000},{"$f":"IF($J$3=\"Include\",SUMIFS('Future Requirements'!$O:$O,'Future Requirements'!$I:$I,$B41,'Future Requirements'!$G:$G,J$40,'Future Requirements'!$B:$B,IF($C$3=\"\",\">=\"&$F$3,\">=\"&$C$3),'Future Requirements'!$B:$B,IF($C$4=\"\",\"<=\"&$F$4,\"<=\"&$C$4),'Future Requirements'!$J:$J,IF($C$5=\"Yes\",\"Yes\",IF($C$5=\"No\",\"No\",\"<>Luke\")),'Future Requirements'!$AC:$AC,IF($C$6=\"Agreed\",\"Agreed\",IF($C$6=\"C/Fwd\",\"C/Fwd\",\"<>Luke\")),'Future Requirements'!$AA:$AA,$I$3),0)+\nIF($J$4=\"Include\",SUMIFS('Future Requirements'!$O:$O,'Future Requirements'!$I:$I,$B41,'Future Requirements'!$G:$G,J$40,'Future Requirements'!$B:$B,IF($C$3=\"\",\">=\"&$F$3,\">=\"&$C$3),'Future Requirements'!$B:$B,IF($C$4=\"\",\"<=\"&$F$4,\"<=\"&$C$4),'Future Requirements'!$J:$J,IF($C$5=\"Yes\",\"Yes\",IF($C$5=\"No\",\"No\",\"<>Luke\")),'Future Requirements'!$AC:$AC,IF($C$6=\"Agreed\",\"Agreed\",IF($C$6=\"C/Fwd\",\"C/Fwd\",\"<>Luke\")),'Future Requirements'!$AA:$AA,$I$4),0)+\nIF($J$5=\"Include\",SUMIFS('Future Requirements'!$O:$O,'Future Requirements'!$I:$I,$B41,'Future Requirements'!$G:$G,J$40,'Future Requirements'!$B:$B,IF($C$3=\"\",\">=\"&$F$3,\">=\"&$C$3),'Future Requirements'!$B:$B,IF($C$4=\"\",\"<=\"&$F$4,\"<=\"&$C$4),'Future Requirements'!$J:$J,IF($C$5=\"Yes\",\"Yes\",IF($C$5=\"No\",\"No\",\"<>Luke\")),'Future Requirements'!$AC:$AC,IF($C$6=\"Agreed\",\"Agreed\",IF($C$6=\"C/Fwd\",\"C/Fwd\",\"<>Luke\")),'Future Requirements'!$AA:$AA,$I$5),0)+\nIF($J$6=\"Include\",SUMIFS('Future Requirements'!$O:$O,'Future Requirements'!$I:$I,$B41,'Future Requirements'!$G:$G,J$40,'Future Requirements'!$B:$B,IF($C$3=\"\",\">=\"&$F$3,\">=\"&$C$3),'Future Requirements'!$B:$B,IF($C$4=\"\",\"<=\"&$F$4,\"<=\"&$C$4),'Future Requirements'!$J:$J,IF($C$5=\"Yes\",\"Yes\",IF($C$5=\"No\",\"No\",\"<>Luke\")),'Future Requirements'!$AC:$AC,IF($C$6=\"Agreed\",\"Agreed\",IF($C$6=\"C/Fwd\",\"C/Fwd\",\"<>Luke\")),'Future Requirements'!$AA:$AA,$I$6),0)+\nIF($J$7=\"Include\",SUMIFS('Future Requirements'!$O:$O,'Future Requirements'!$I:$I,$B41,'Future Requirements'!$G:$G,J$40,'Future Requirements'!$B:$B,IF($C$3=\"\",\">=\"&$F$3,\">=\"&$C$3),'Future Requirements'!$B:$B,IF($C$4=\"\",\"<=\"&$F$4,\"<=\"&$C$4),'Future Requirements'!$J:$J,IF($C$5=\"Yes\",\"Yes\",IF($C$5=\"No\",\"No\",\"<>Luke\")),'Future Requirements'!$AC:$AC,IF($C$6=\"Agreed\",\"Agreed\",IF($C$6=\"C/Fwd\",\"C/Fwd\",\"<>Luke\")),'Future Requirements'!$AA:$AA,$I$7),0)","v":0},{"$f":"IF($J$3=\"Include\",SUMIFS('Future Requirements'!$O:$O,'Future Requirements'!$I:$I,$B41,'Future Requirements'!$G:$G,K$40,'Future Requirements'!$B:$B,IF($C$3=\"\",\">=\"&$F$3,\">=\"&$C$3),'Future Requirements'!$B:$B,IF($C$4=\"\",\"<=\"&$F$4,\"<=\"&$C$4),'Future Requirements'!$J:$J,IF($C$5=\"Yes\",\"Yes\",IF($C$5=\"No\",\"No\",\"<>Luke\")),'Future Requirements'!$AC:$AC,IF($C$6=\"Agreed\",\"Agreed\",IF($C$6=\"C/Fwd\",\"C/Fwd\",\"<>Luke\")),'Future Requirements'!$AA:$AA,$I$3),0)+\nIF($J$4=\"Include\",SUMIFS('Future Requirements'!$O:$O,'Future Requirements'!$I:$I,$B41,'Future Requirements'!$G:$G,K$40,'Future Requirements'!$B:$B,IF($C$3=\"\",\">=\"&$F$3,\">=\"&$C$3),'Future Requirements'!$B:$B,IF($C$4=\"\",\"<=\"&$F$4,\"<=\"&$C$4),'Future Requirements'!$J:$J,IF($C$5=\"Yes\",\"Yes\",IF($C$5=\"No\",\"No\",\"<>Luke\")),'Future Requirements'!$AC:$AC,IF($C$6=\"Agreed\",\"Agreed\",IF($C$6=\"C/Fwd\",\"C/Fwd\",\"<>Luke\")),'Future Requirements'!$AA:$AA,$I$4),0)+\nIF($J$5=\"Include\",SUMIFS('Future Requirements'!$O:$O,'Future Requirements'!$I:$I,$B41,'Future Requirements'!$G:$G,K$40,'Future Requirements'!$B:$B,IF($C$3=\"\",\">=\"&$F$3,\">=\"&$C$3),'Future Requirements'!$B:$B,IF($C$4=\"\",\"<=\"&$F$4,\"<=\"&$C$4),'Future Requirements'!$J:$J,IF($C$5=\"Yes\",\"Yes\",IF($C$5=\"No\",\"No\",\"<>Luke\")),'Future Requirements'!$AC:$AC,IF($C$6=\"Agreed\",\"Agreed\",IF($C$6=\"C/Fwd\",\"C/Fwd\",\"<>Luke\")),'Future Requirements'!$AA:$AA,$I$5),0)+\nIF($J$6=\"Include\",SUMIFS('Future Requirements'!$O:$O,'Future Requirements'!$I:$I,$B41,'Future Requirements'!$G:$G,K$40,'Future Requirements'!$B:$B,IF($C$3=\"\",\">=\"&$F$3,\">=\"&$C$3),'Future Requirements'!$B:$B,IF($C$4=\"\",\"<=\"&$F$4,\"<=\"&$C$4),'Future Requirements'!$J:$J,IF($C$5=\"Yes\",\"Yes\",IF($C$5=\"No\",\"No\",\"<>Luke\")),'Future Requirements'!$AC:$AC,IF($C$6=\"Agreed\",\"Agreed\",IF($C$6=\"C/Fwd\",\"C/Fwd\",\"<>Luke\")),'Future Requirements'!$AA:$AA,$I$6),0)+\nIF($J$7=\"Include\",SUMIFS('Future Requirements'!$O:$O,'Future Requirements'!$I:$I,$B41,'Future Requirements'!$G:$G,K$40,'Future Requirements'!$B:$B,IF($C$3=\"\",\">=\"&$F$3,\">=\"&$C$3),'Future Requirements'!$B:$B,IF($C$4=\"\",\"<=\"&$F$4,\"<=\"&$C$4),'Future Requirements'!$J:$J,IF($C$5=\"Yes\",\"Yes\",IF($C$5=\"No\",\"No\",\"<>Luke\")),'Future Requirements'!$AC:$AC,IF($C$6=\"Agreed\",\"Agreed\",IF($C$6=\"C/Fwd\",\"C/Fwd\",\"<>Luke\")),'Future Requirements'!$AA:$AA,$I$7),0)","v":0},{"$f":"IF($J$3=\"Include\",SUMIFS('Future Requirements'!$O:$O,'Future Requirements'!$I:$I,$B41,'Future Requirements'!$G:$G,L$40,'Future Requirements'!$B:$B,IF($C$3=\"\",\">=\"&$F$3,\">=\"&$C$3),'Future Requirements'!$B:$B,IF($C$4=\"\",\"<=\"&$F$4,\"<=\"&$C$4),'Future Requirements'!$J:$J,IF($C$5=\"Yes\",\"Yes\",IF($C$5=\"No\",\"No\",\"<>Luke\")),'Future Requirements'!$AC:$AC,IF($C$6=\"Agreed\",\"Agreed\",IF($C$6=\"C/Fwd\",\"C/Fwd\",\"<>Luke\")),'Future Requirements'!$AA:$AA,$I$3),0)+\nIF($J$4=\"Include\",SUMIFS('Future Requirements'!$O:$O,'Future Requirements'!$I:$I,$B41,'Future Requirements'!$G:$G,L$40,'Future Requirements'!$B:$B,IF($C$3=\"\",\">=\"&$F$3,\">=\"&$C$3),'Future Requirements'!$B:$B,IF($C$4=\"\",\"<=\"&$F$4,\"<=\"&$C$4),'Future Requirements'!$J:$J,IF($C$5=\"Yes\",\"Yes\",IF($C$5=\"No\",\"No\",\"<>Luke\")),'Future Requirements'!$AC:$AC,IF($C$6=\"Agreed\",\"Agreed\",IF($C$6=\"C/Fwd\",\"C/Fwd\",\"<>Luke\")),'Future Requirements'!$AA:$AA,$I$4),0)+\nIF($J$5=\"Include\",SUMIFS('Future Requirements'!$O:$O,'Future Requirements'!$I:$I,$B41,'Future Requirements'!$G:$G,L$40,'Future Requirements'!$B:$B,IF($C$3=\"\",\">=\"&$F$3,\">=\"&$C$3),'Future Requirements'!$B:$B,IF($C$4=\"\",\"<=\"&$F$4,\"<=\"&$C$4),'Future Requirements'!$J:$J,IF($C$5=\"Yes\",\"Yes\",IF($C$5=\"No\",\"No\",\"<>Luke\")),'Future Requirements'!$AC:$AC,IF($C$6=\"Agreed\",\"Agreed\",IF($C$6=\"C/Fwd\",\"C/Fwd\",\"<>Luke\")),'Future Requirements'!$AA:$AA,$I$5),0)+\nIF($J$6=\"Include\",SUMIFS('Future Requirements'!$O:$O,'Future Requirements'!$I:$I,$B41,'Future Requirements'!$G:$G,L$40,'Future Requirements'!$B:$B,IF($C$3=\"\",\">=\"&$F$3,\">=\"&$C$3),'Future Requirements'!$B:$B,IF($C$4=\"\",\"<=\"&$F$4,\"<=\"&$C$4),'Future Requirements'!$J:$J,IF($C$5=\"Yes\",\"Yes\",IF($C$5=\"No\",\"No\",\"<>Luke\")),'Future Requirements'!$AC:$AC,IF($C$6=\"Agreed\",\"Agreed\",IF($C$6=\"C/Fwd\",\"C/Fwd\",\"<>Luke\")),'Future Requirements'!$AA:$AA,$I$6),0)+\nIF($J$7=\"Include\",SUMIFS('Future Requirements'!$O:$O,'Future Requirements'!$I:$I,$B41,'Future Requirements'!$G:$G,L$40,'Future Requirements'!$B:$B,IF($C$3=\"\",\">=\"&$F$3,\">=\"&$C$3),'Future Requirements'!$B:$B,IF($C$4=\"\",\"<=\"&$F$4,\"<=\"&$C$4),'Future Requirements'!$J:$J,IF($C$5=\"Yes\",\"Yes\",IF($C$5=\"No\",\"No\",\"<>Luke\")),'Future Requirements'!$AC:$AC,IF($C$6=\"Agreed\",\"Agreed\",IF($C$6=\"C/Fwd\",\"C/Fwd\",\"<>Luke\")),'Future Requirements'!$AA:$AA,$I$7),0)","v":0},{"$f":"IF($J$3=\"Include\",SUMIFS('Future Requirements'!$O:$O,'Future Requirements'!$I:$I,$B41,'Future Requirements'!$G:$G,M$40,'Future Requirements'!$B:$B,IF($C$3=\"\",\">=\"&$F$3,\">=\"&$C$3),'Future Requirements'!$B:$B,IF($C$4=\"\",\"<=\"&$F$4,\"<=\"&$C$4),'Future Requirements'!$J:$J,IF($C$5=\"Yes\",\"Yes\",IF($C$5=\"No\",\"No\",\"<>Luke\")),'Future Requirements'!$AC:$AC,IF($C$6=\"Agreed\",\"Agreed\",IF($C$6=\"C/Fwd\",\"C/Fwd\",\"<>Luke\")),'Future Requirements'!$AA:$AA,$I$3),0)+\nIF($J$4=\"Include\",SUMIFS('Future Requirements'!$O:$O,'Future Requirements'!$I:$I,$B41,'Future Requirements'!$G:$G,M$40,'Future Requirements'!$B:$B,IF($C$3=\"\",\">=\"&$F$3,\">=\"&$C$3),'Future Requirements'!$B:$B,IF($C$4=\"\",\"<=\"&$F$4,\"<=\"&$C$4),'Future Requirements'!$J:$J,IF($C$5=\"Yes\",\"Yes\",IF($C$5=\"No\",\"No\",\"<>Luke\")),'Future Requirements'!$AC:$AC,IF($C$6=\"Agreed\",\"Agreed\",IF($C$6=\"C/Fwd\",\"C/Fwd\",\"<>Luke\")),'Future Requirements'!$AA:$AA,$I$4),0)+\nIF($J$5=\"Include\",SUMIFS('Future Requirements'!$O:$O,'Future Requirements'!$I:$I,$B41,'Future Requirements'!$G:$G,M$40,'Future Requirements'!$B:$B,IF($C$3=\"\",\">=\"&$F$3,\">=\"&$C$3),'Future Requirements'!$B:$B,IF($C$4=\"\",\"<=\"&$F$4,\"<=\"&$C$4),'Future Requirements'!$J:$J,IF($C$5=\"Yes\",\"Yes\",IF($C$5=\"No\",\"No\",\"<>Luke\")),'Future Requirements'!$AC:$AC,IF($C$6=\"Agreed\",\"Agreed\",IF($C$6=\"C/Fwd\",\"C/Fwd\",\"<>Luke\")),'Future Requirements'!$AA:$AA,$I$5),0)+\nIF($J$6=\"Include\",SUMIFS('Future Requirements'!$O:$O,'Future Requirements'!$I:$I,$B41,'Future Requirements'!$G:$G,M$40,'Future Requirements'!$B:$B,IF($C$3=\"\",\">=\"&$F$3,\">=\"&$C$3),'Future Requirements'!$B:$B,IF($C$4=\"\",\"<=\"&$F$4,\"<=\"&$C$4),'Future Requirements'!$J:$J,IF($C$5=\"Yes\",\"Yes\",IF($C$5=\"No\",\"No\",\"<>Luke\")),'Future Requirements'!$AC:$AC,IF($C$6=\"Agreed\",\"Agreed\",IF($C$6=\"C/Fwd\",\"C/Fwd\",\"<>Luke\")),'Future Requirements'!$AA:$AA,$I$6),0)+\nIF($J$7=\"Include\",SUMIFS('Future Requirements'!$O:$O,'Future Requirements'!$I:$I,$B41,'Future Requirements'!$G:$G,M$40,'Future Requirements'!$B:$B,IF($C$3=\"\",\">=\"&$F$3,\">=\"&$C$3),'Future Requirements'!$B:$B,IF($C$4=\"\",\"<=\"&$F$4,\"<=\"&$C$4),'Future Requirements'!$J:$J,IF($C$5=\"Yes\",\"Yes\",IF($C$5=\"No\",\"No\",\"<>Luke\")),'Future Requirements'!$AC:$AC,IF($C$6=\"Agreed\",\"Agreed\",IF($C$6=\"C/Fwd\",\"C/Fwd\",\"<>Luke\")),'Future Requirements'!$AA:$AA,$I$7),0)","v":0},{"$f":"IF($J$3=\"Include\",SUMIFS('Future Requirements'!$O:$O,'Future Requirements'!$I:$I,$B41,'Future Requirements'!$G:$G,N$40,'Future Requirements'!$B:$B,IF($C$3=\"\",\">=\"&$F$3,\">=\"&$C$3),'Future Requirements'!$B:$B,IF($C$4=\"\",\"<=\"&$F$4,\"<=\"&$C$4),'Future Requirements'!$J:$J,IF($C$5=\"Yes\",\"Yes\",IF($C$5=\"No\",\"No\",\"<>Luke\")),'Future Requirements'!$AC:$AC,IF($C$6=\"Agreed\",\"Agreed\",IF($C$6=\"C/Fwd\",\"C/Fwd\",\"<>Luke\")),'Future Requirements'!$AA:$AA,$I$3),0)+\nIF($J$4=\"Include\",SUMIFS('Future Requirements'!$O:$O,'Future Requirements'!$I:$I,$B41,'Future Requirements'!$G:$G,N$40,'Future Requirements'!$B:$B,IF($C$3=\"\",\">=\"&$F$3,\">=\"&$C$3),'Future Requirements'!$B:$B,IF($C$4=\"\",\"<=\"&$F$4,\"<=\"&$C$4),'Future Requirements'!$J:$J,IF($C$5=\"Yes\",\"Yes\",IF($C$5=\"No\",\"No\",\"<>Luke\")),'Future Requirements'!$AC:$AC,IF($C$6=\"Agreed\",\"Agreed\",IF($C$6=\"C/Fwd\",\"C/Fwd\",\"<>Luke\")),'Future Requirements'!$AA:$AA,$I$4),0)+\nIF($J$5=\"Include\",SUMIFS('Future Requirements'!$O:$O,'Future Requirements'!$I:$I,$B41,'Future Requirements'!$G:$G,N$40,'Future Requirements'!$B:$B,IF($C$3=\"\",\">=\"&$F$3,\">=\"&$C$3),'Future Requirements'!$B:$B,IF($C$4=\"\",\"<=\"&$F$4,\"<=\"&$C$4),'Future Requirements'!$J:$J,IF($C$5=\"Yes\",\"Yes\",IF($C$5=\"No\",\"No\",\"<>Luke\")),'Future Requirements'!$AC:$AC,IF($C$6=\"Agreed\",\"Agreed\",IF($C$6=\"C/Fwd\",\"C/Fwd\",\"<>Luke\")),'Future Requirements'!$AA:$AA,$I$5),0)+\nIF($J$6=\"Include\",SUMIFS('Future Requirements'!$O:$O,'Future Requirements'!$I:$I,$B41,'Future Requirements'!$G:$G,N$40,'Future Requirements'!$B:$B,IF($C$3=\"\",\">=\"&$F$3,\">=\"&$C$3),'Future Requirements'!$B:$B,IF($C$4=\"\",\"<=\"&$F$4,\"<=\"&$C$4),'Future Requirements'!$J:$J,IF($C$5=\"Yes\",\"Yes\",IF($C$5=\"No\",\"No\",\"<>Luke\")),'Future Requirements'!$AC:$AC,IF($C$6=\"Agreed\",\"Agreed\",IF($C$6=\"C/Fwd\",\"C/Fwd\",\"<>Luke\")),'Future Requirements'!$AA:$AA,$I$6),0)+\nIF($J$7=\"Include\",SUMIFS('Future Requirements'!$O:$O,'Future Requirements'!$I:$I,$B41,'Future Requirements'!$G:$G,N$40,'Future Requirements'!$B:$B,IF($C$3=\"\",\">=\"&$F$3,\">=\"&$C$3),'Future Requirements'!$B:$B,IF($C$4=\"\",\"<=\"&$F$4,\"<=\"&$C$4),'Future Requirements'!$J:$J,IF($C$5=\"Yes\",\"Yes\",IF($C$5=\"No\",\"No\",\"<>Luke\")),'Future Requirements'!$AC:$AC,IF($C$6=\"Agreed\",\"Agreed\",IF($C$6=\"C/Fwd\",\"C/Fwd\",\"<>Luke\")),'Future Requirements'!$AA:$AA,$I$7),0)","v":0},{"$f":"IF($J$3=\"Include\",SUMIFS('Future Requirements'!$O:$O,'Future Requirements'!$I:$I,$B41,'Future Requirements'!$G:$G,O$40,'Future Requirements'!$B:$B,IF($C$3=\"\",\">=\"&$F$3,\">=\"&$C$3),'Future Requirements'!$B:$B,IF($C$4=\"\",\"<=\"&$F$4,\"<=\"&$C$4),'Future Requirements'!$J:$J,IF($C$5=\"Yes\",\"Yes\",IF($C$5=\"No\",\"No\",\"<>Luke\")),'Future Requirements'!$AC:$AC,IF($C$6=\"Agreed\",\"Agreed\",IF($C$6=\"C/Fwd\",\"C/Fwd\",\"<>Luke\")),'Future Requirements'!$AA:$AA,$I$3),0)+\nIF($J$4=\"Include\",SUMIFS('Future Requirements'!$O:$O,'Future Requirements'!$I:$I,$B41,'Future Requirements'!$G:$G,O$40,'Future Requirements'!$B:$B,IF($C$3=\"\",\">=\"&$F$3,\">=\"&$C$3),'Future Requirements'!$B:$B,IF($C$4=\"\",\"<=\"&$F$4,\"<=\"&$C$4),'Future Requirements'!$J:$J,IF($C$5=\"Yes\",\"Yes\",IF($C$5=\"No\",\"No\",\"<>Luke\")),'Future Requirements'!$AC:$AC,IF($C$6=\"Agreed\",\"Agreed\",IF($C$6=\"C/Fwd\",\"C/Fwd\",\"<>Luke\")),'Future Requirements'!$AA:$AA,$I$4),0)+\nIF($J$5=\"Include\",SUMIFS('Future Requirements'!$O:$O,'Future Requirements'!$I:$I,$B41,'Future Requirements'!$G:$G,O$40,'Future Requirements'!$B:$B,IF($C$3=\"\",\">=\"&$F$3,\">=\"&$C$3),'Future Requirements'!$B:$B,IF($C$4=\"\",\"<=\"&$F$4,\"<=\"&$C$4),'Future Requirements'!$J:$J,IF($C$5=\"Yes\",\"Yes\",IF($C$5=\"No\",\"No\",\"<>Luke\")),'Future Requirements'!$AC:$AC,IF($C$6=\"Agreed\",\"Agreed\",IF($C$6=\"C/Fwd\",\"C/Fwd\",\"<>Luke\")),'Future Requirements'!$AA:$AA,$I$5),0)+\nIF($J$6=\"Include\",SUMIFS('Future Requirements'!$O:$O,'Future Requirements'!$I:$I,$B41,'Future Requirements'!$G:$G,O$40,'Future Requirements'!$B:$B,IF($C$3=\"\",\">=\"&$F$3,\">=\"&$C$3),'Future Requirements'!$B:$B,IF($C$4=\"\",\"<=\"&$F$4,\"<=\"&$C$4),'Future Requirements'!$J:$J,IF($C$5=\"Yes\",\"Yes\",IF($C$5=\"No\",\"No\",\"<>Luke\")),'Future Requirements'!$AC:$AC,IF($C$6=\"Agreed\",\"Agreed\",IF($C$6=\"C/Fwd\",\"C/Fwd\",\"<>Luke\")),'Future Requirements'!$AA:$AA,$I$6),0)+\nIF($J$7=\"Include\",SUMIFS('Future Requirements'!$O:$O,'Future Requirements'!$I:$I,$B41,'Future Requirements'!$G:$G,O$40,'Future Requirements'!$B:$B,IF($C$3=\"\",\">=\"&$F$3,\">=\"&$C$3),'Future Requirements'!$B:$B,IF($C$4=\"\",\"<=\"&$F$4,\"<=\"&$C$4),'Future Requirements'!$J:$J,IF($C$5=\"Yes\",\"Yes\",IF($C$5=\"No\",\"No\",\"<>Luke\")),'Future Requirements'!$AC:$AC,IF($C$6=\"Agreed\",\"Agreed\",IF($C$6=\"C/Fwd\",\"C/Fwd\",\"<>Luke\")),'Future Requirements'!$AA:$AA,$I$7),0)","v":0},{"$f":"IF($J$3=\"Include\",SUMIFS('Future Requirements'!$O:$O,'Future Requirements'!$I:$I,$B41,'Future Requirements'!$G:$G,P$40,'Future Requirements'!$B:$B,IF($C$3=\"\",\">=\"&$F$3,\">=\"&$C$3),'Future Requirements'!$B:$B,IF($C$4=\"\",\"<=\"&$F$4,\"<=\"&$C$4),'Future Requirements'!$J:$J,IF($C$5=\"Yes\",\"Yes\",IF($C$5=\"No\",\"No\",\"<>Luke\")),'Future Requirements'!$AC:$AC,IF($C$6=\"Agreed\",\"Agreed\",IF($C$6=\"C/Fwd\",\"C/Fwd\",\"<>Luke\")),'Future Requirements'!$AA:$AA,$I$3),0)+\nIF($J$4=\"Include\",SUMIFS('Future Requirements'!$O:$O,'Future Requirements'!$I:$I,$B41,'Future Requirements'!$G:$G,P$40,'Future Requirements'!$B:$B,IF($C$3=\"\",\">=\"&$F$3,\">=\"&$C$3),'Future Requirements'!$B:$B,IF($C$4=\"\",\"<=\"&$F$4,\"<=\"&$C$4),'Future Requirements'!$J:$J,IF($C$5=\"Yes\",\"Yes\",IF($C$5=\"No\",\"No\",\"<>Luke\")),'Future Requirements'!$AC:$AC,IF($C$6=\"Agreed\",\"Agreed\",IF($C$6=\"C/Fwd\",\"C/Fwd\",\"<>Luke\")),'Future Requirements'!$AA:$AA,$I$4),0)+\nIF($J$5=\"Include\",SUMIFS('Future Requirements'!$O:$O,'Future Requirements'!$I:$I,$B41,'Future Requirements'!$G:$G,P$40,'Future Requirements'!$B:$B,IF($C$3=\"\",\">=\"&$F$3,\">=\"&$C$3),'Future Requirements'!$B:$B,IF($C$4=\"\",\"<=\"&$F$4,\"<=\"&$C$4),'Future Requirements'!$J:$J,IF($C$5=\"Yes\",\"Yes\",IF($C$5=\"No\",\"No\",\"<>Luke\")),'Future Requirements'!$AC:$AC,IF($C$6=\"Agreed\",\"Agreed\",IF($C$6=\"C/Fwd\",\"C/Fwd\",\"<>Luke\")),'Future Requirements'!$AA:$AA,$I$5),0)+\nIF($J$6=\"Include\",SUMIFS('Future Requirements'!$O:$O,'Future Requirements'!$I:$I,$B41,'Future Requirements'!$G:$G,P$40,'Future Requirements'!$B:$B,IF($C$3=\"\",\">=\"&$F$3,\">=\"&$C$3),'Future Requirements'!$B:$B,IF($C$4=\"\",\"<=\"&$F$4,\"<=\"&$C$4),'Future Requirements'!$J:$J,IF($C$5=\"Yes\",\"Yes\",IF($C$5=\"No\",\"No\",\"<>Luke\")),'Future Requirements'!$AC:$AC,IF($C$6=\"Agreed\",\"Agreed\",IF($C$6=\"C/Fwd\",\"C/Fwd\",\"<>Luke\")),'Future Requirements'!$AA:$AA,$I$6),0)+\nIF($J$7=\"Include\",SUMIFS('Future Requirements'!$O:$O,'Future Requirements'!$I:$I,$B41,'Future Requirements'!$G:$G,P$40,'Future Requirements'!$B:$B,IF($C$3=\"\",\">=\"&$F$3,\">=\"&$C$3),'Future Requirements'!$B:$B,IF($C$4=\"\",\"<=\"&$F$4,\"<=\"&$C$4),'Future Requirements'!$J:$J,IF($C$5=\"Yes\",\"Yes\",IF($C$5=\"No\",\"No\",\"<>Luke\")),'Future Requirements'!$AC:$AC,IF($C$6=\"Agreed\",\"Agreed\",IF($C$6=\"C/Fwd\",\"C/Fwd\",\"<>Luke\")),'Future Requirements'!$AA:$AA,$I$7),0)","v":0},{"$f":"IF($J$3=\"Include\",SUMIFS('Future Requirements'!$O:$O,'Future Requirements'!$I:$I,$B41,'Future Requirements'!$G:$G,Q$40,'Future Requirements'!$B:$B,IF($C$3=\"\",\">=\"&$F$3,\">=\"&$C$3),'Future Requirements'!$B:$B,IF($C$4=\"\",\"<=\"&$F$4,\"<=\"&$C$4),'Future Requirements'!$J:$J,IF($C$5=\"Yes\",\"Yes\",IF($C$5=\"No\",\"No\",\"<>Luke\")),'Future Requirements'!$AC:$AC,IF($C$6=\"Agreed\",\"Agreed\",IF($C$6=\"C/Fwd\",\"C/Fwd\",\"<>Luke\")),'Future Requirements'!$AA:$AA,$I$3),0)+\nIF($J$4=\"Include\",SUMIFS('Future Requirements'!$O:$O,'Future Requirements'!$I:$I,$B41,'Future Requirements'!$G:$G,Q$40,'Future Requirements'!$B:$B,IF($C$3=\"\",\">=\"&$F$3,\">=\"&$C$3),'Future Requirements'!$B:$B,IF($C$4=\"\",\"<=\"&$F$4,\"<=\"&$C$4),'Future Requirements'!$J:$J,IF($C$5=\"Yes\",\"Yes\",IF($C$5=\"No\",\"No\",\"<>Luke\")),'Future Requirements'!$AC:$AC,IF($C$6=\"Agreed\",\"Agreed\",IF($C$6=\"C/Fwd\",\"C/Fwd\",\"<>Luke\")),'Future Requirements'!$AA:$AA,$I$4),0)+\nIF($J$5=\"Include\",SUMIFS('Future Requirements'!$O:$O,'Future Requirements'!$I:$I,$B41,'Future Requirements'!$G:$G,Q$40,'Future Requirements'!$B:$B,IF($C$3=\"\",\">=\"&$F$3,\">=\"&$C$3),'Future Requirements'!$B:$B,IF($C$4=\"\",\"<=\"&$F$4,\"<=\"&$C$4),'Future Requirements'!$J:$J,IF($C$5=\"Yes\",\"Yes\",IF($C$5=\"No\",\"No\",\"<>Luke\")),'Future Requirements'!$AC:$AC,IF($C$6=\"Agreed\",\"Agreed\",IF($C$6=\"C/Fwd\",\"C/Fwd\",\"<>Luke\")),'Future Requirements'!$AA:$AA,$I$5),0)+\nIF($J$6=\"Include\",SUMIFS('Future Requirements'!$O:$O,'Future Requirements'!$I:$I,$B41,'Future Requirements'!$G:$G,Q$40,'Future Requirements'!$B:$B,IF($C$3=\"\",\">=\"&$F$3,\">=\"&$C$3),'Future Requirements'!$B:$B,IF($C$4=\"\",\"<=\"&$F$4,\"<=\"&$C$4),'Future Requirements'!$J:$J,IF($C$5=\"Yes\",\"Yes\",IF($C$5=\"No\",\"No\",\"<>Luke\")),'Future Requirements'!$AC:$AC,IF($C$6=\"Agreed\",\"Agreed\",IF($C$6=\"C/Fwd\",\"C/Fwd\",\"<>Luke\")),'Future Requirements'!$AA:$AA,$I$6),0)+\nIF($J$7=\"Include\",SUMIFS('Future Requirements'!$O:$O,'Future Requirements'!$I:$I,$B41,'Future Requirements'!$G:$G,Q$40,'Future Requirements'!$B:$B,IF($C$3=\"\",\">=\"&$F$3,\">=\"&$C$3),'Future Requirements'!$B:$B,IF($C$4=\"\",\"<=\"&$F$4,\"<=\"&$C$4),'Future Requirements'!$J:$J,IF($C$5=\"Yes\",\"Yes\",IF($C$5=\"No\",\"No\",\"<>Luke\")),'Future Requirements'!$AC:$AC,IF($C$6=\"Agreed\",\"Agreed\",IF($C$6=\"C/Fwd\",\"C/Fwd\",\"<>Luke\")),'Future Requirements'!$AA:$AA,$I$7),0)","v":0},{"$f":"IF($J$3=\"Include\",SUMIFS('Future Requirements'!$O:$O,'Future Requirements'!$I:$I,$B41,'Future Requirements'!$G:$G,R$40,'Future Requirements'!$B:$B,IF($C$3=\"\",\">=\"&$F$3,\">=\"&$C$3),'Future Requirements'!$B:$B,IF($C$4=\"\",\"<=\"&$F$4,\"<=\"&$C$4),'Future Requirements'!$J:$J,IF($C$5=\"Yes\",\"Yes\",IF($C$5=\"No\",\"No\",\"<>Luke\")),'Future Requirements'!$AC:$AC,IF($C$6=\"Agreed\",\"Agreed\",IF($C$6=\"C/Fwd\",\"C/Fwd\",\"<>Luke\")),'Future Requirements'!$AA:$AA,$I$3),0)+\nIF($J$4=\"Include\",SUMIFS('Future Requirements'!$O:$O,'Future Requirements'!$I:$I,$B41,'Future Requirements'!$G:$G,R$40,'Future Requirements'!$B:$B,IF($C$3=\"\",\">=\"&$F$3,\">=\"&$C$3),'Future Requirements'!$B:$B,IF($C$4=\"\",\"<=\"&$F$4,\"<=\"&$C$4),'Future Requirements'!$J:$J,IF($C$5=\"Yes\",\"Yes\",IF($C$5=\"No\",\"No\",\"<>Luke\")),'Future Requirements'!$AC:$AC,IF($C$6=\"Agreed\",\"Agreed\",IF($C$6=\"C/Fwd\",\"C/Fwd\",\"<>Luke\")),'Future Requirements'!$AA:$AA,$I$4),0)+\nIF($J$5=\"Include\",SUMIFS('Future Requirements'!$O:$O,'Future Requirements'!$I:$I,$B41,'Future Requirements'!$G:$G,R$40,'Future Requirements'!$B:$B,IF($C$3=\"\",\">=\"&$F$3,\">=\"&$C$3),'Future Requirements'!$B:$B,IF($C$4=\"\",\"<=\"&$F$4,\"<=\"&$C$4),'Future Requirements'!$J:$J,IF($C$5=\"Yes\",\"Yes\",IF($C$5=\"No\",\"No\",\"<>Luke\")),'Future Requirements'!$AC:$AC,IF($C$6=\"Agreed\",\"Agreed\",IF($C$6=\"C/Fwd\",\"C/Fwd\",\"<>Luke\")),'Future Requirements'!$AA:$AA,$I$5),0)+\nIF($J$6=\"Include\",SUMIFS('Future Requirements'!$O:$O,'Future Requirements'!$I:$I,$B41,'Future Requirements'!$G:$G,R$40,'Future Requirements'!$B:$B,IF($C$3=\"\",\">=\"&$F$3,\">=\"&$C$3),'Future Requirements'!$B:$B,IF($C$4=\"\",\"<=\"&$F$4,\"<=\"&$C$4),'Future Requirements'!$J:$J,IF($C$5=\"Yes\",\"Yes\",IF($C$5=\"No\",\"No\",\"<>Luke\")),'Future Requirements'!$AC:$AC,IF($C$6=\"Agreed\",\"Agreed\",IF($C$6=\"C/Fwd\",\"C/Fwd\",\"<>Luke\")),'Future Requirements'!$AA:$AA,$I$6),0)+\nIF($J$7=\"Include\",SUMIFS('Future Requirements'!$O:$O,'Future Requirements'!$I:$I,$B41,'Future Requirements'!$G:$G,R$40,'Future Requirements'!$B:$B,IF($C$3=\"\",\">=\"&$F$3,\">=\"&$C$3),'Future Requirements'!$B:$B,IF($C$4=\"\",\"<=\"&$F$4,\"<=\"&$C$4),'Future Requirements'!$J:$J,IF($C$5=\"Yes\",\"Yes\",IF($C$5=\"No\",\"No\",\"<>Luke\")),'Future Requirements'!$AC:$AC,IF($C$6=\"Agreed\",\"Agreed\",IF($C$6=\"C/Fwd\",\"C/Fwd\",\"<>Luke\")),'Future Requirements'!$AA:$AA,$I$7),0)","v":0},{"$f":"IF($J$3=\"Include\",SUMIFS('Future Requirements'!$O:$O,'Future Requirements'!$I:$I,$B41,'Future Requirements'!$G:$G,S$40,'Future Requirements'!$B:$B,IF($C$3=\"\",\">=\"&$F$3,\">=\"&$C$3),'Future Requirements'!$B:$B,IF($C$4=\"\",\"<=\"&$F$4,\"<=\"&$C$4),'Future Requirements'!$J:$J,IF($C$5=\"Yes\",\"Yes\",IF($C$5=\"No\",\"No\",\"<>Luke\")),'Future Requirements'!$AC:$AC,IF($C$6=\"Agreed\",\"Agreed\",IF($C$6=\"C/Fwd\",\"C/Fwd\",\"<>Luke\")),'Future Requirements'!$AA:$AA,$I$3),0)+\nIF($J$4=\"Include\",SUMIFS('Future Requirements'!$O:$O,'Future Requirements'!$I:$I,$B41,'Future Requirements'!$G:$G,S$40,'Future Requirements'!$B:$B,IF($C$3=\"\",\">=\"&$F$3,\">=\"&$C$3),'Future Requirements'!$B:$B,IF($C$4=\"\",\"<=\"&$F$4,\"<=\"&$C$4),'Future Requirements'!$J:$J,IF($C$5=\"Yes\",\"Yes\",IF($C$5=\"No\",\"No\",\"<>Luke\")),'Future Requirements'!$AC:$AC,IF($C$6=\"Agreed\",\"Agreed\",IF($C$6=\"C/Fwd\",\"C/Fwd\",\"<>Luke\")),'Future Requirements'!$AA:$AA,$I$4),0)+\nIF($J$5=\"Include\",SUMIFS('Future Requirements'!$O:$O,'Future Requirements'!$I:$I,$B41,'Future Requirements'!$G:$G,S$40,'Future Requirements'!$B:$B,IF($C$3=\"\",\">=\"&$F$3,\">=\"&$C$3),'Future Requirements'!$B:$B,IF($C$4=\"\",\"<=\"&$F$4,\"<=\"&$C$4),'Future Requirements'!$J:$J,IF($C$5=\"Yes\",\"Yes\",IF($C$5=\"No\",\"No\",\"<>Luke\")),'Future Requirements'!$AC:$AC,IF($C$6=\"Agreed\",\"Agreed\",IF($C$6=\"C/Fwd\",\"C/Fwd\",\"<>Luke\")),'Future Requirements'!$AA:$AA,$I$5),0)+\nIF($J$6=\"Include\",SUMIFS('Future Requirements'!$O:$O,'Future Requirements'!$I:$I,$B41,'Future Requirements'!$G:$G,S$40,'Future Requirements'!$B:$B,IF($C$3=\"\",\">=\"&$F$3,\">=\"&$C$3),'Future Requirements'!$B:$B,IF($C$4=\"\",\"<=\"&$F$4,\"<=\"&$C$4),'Future Requirements'!$J:$J,IF($C$5=\"Yes\",\"Yes\",IF($C$5=\"No\",\"No\",\"<>Luke\")),'Future Requirements'!$AC:$AC,IF($C$6=\"Agreed\",\"Agreed\",IF($C$6=\"C/Fwd\",\"C/Fwd\",\"<>Luke\")),'Future Requirements'!$AA:$AA,$I$6),0)+\nIF($J$7=\"Include\",SUMIFS('Future Requirements'!$O:$O,'Future Requirements'!$I:$I,$B41,'Future Requirements'!$G:$G,S$40,'Future Requirements'!$B:$B,IF($C$3=\"\",\">=\"&$F$3,\">=\"&$C$3),'Future Requirements'!$B:$B,IF($C$4=\"\",\"<=\"&$F$4,\"<=\"&$C$4),'Future Requirements'!$J:$J,IF($C$5=\"Yes\",\"Yes\",IF($C$5=\"No\",\"No\",\"<>Luke\")),'Future Requirements'!$AC:$AC,IF($C$6=\"Agreed\",\"Agreed\",IF($C$6=\"C/Fwd\",\"C/Fwd\",\"<>Luke\")),'Future Requirements'!$AA:$AA,$I$7),0)","v":0},{"$f":"SUM(C41:S41)","v":450000}]
[null,"No Grading",{"$f":"IF($J$3=\"Include\",SUMIFS('Future Requirements'!$O:$O,'Future Requirements'!$I:$I,$B42,'Future Requirements'!$G:$G,C$40,'Future Requirements'!$B:$B,IF($C$3=\"\",\">=\"&$F$3,\">=\"&$C$3),'Future Requirements'!$B:$B,IF($C$4=\"\",\"<=\"&$F$4,\"<=\"&$C$4),'Future Requirements'!$J:$J,IF($C$5=\"Yes\",\"Yes\",IF($C$5=\"No\",\"No\",\"<>Luke\")),'Future Requirements'!$AC:$AC,IF($C$6=\"Agreed\",\"Agreed\",IF($C$6=\"C/Fwd\",\"C/Fwd\",\"<>Luke\")),'Future Requirements'!$AA:$AA,$I$3),0)+\nIF($J$4=\"Include\",SUMIFS('Future Requirements'!$O:$O,'Future Requirements'!$I:$I,$B42,'Future Requirements'!$G:$G,C$40,'Future Requirements'!$B:$B,IF($C$3=\"\",\">=\"&$F$3,\">=\"&$C$3),'Future Requirements'!$B:$B,IF($C$4=\"\",\"<=\"&$F$4,\"<=\"&$C$4),'Future Requirements'!$J:$J,IF($C$5=\"Yes\",\"Yes\",IF($C$5=\"No\",\"No\",\"<>Luke\")),'Future Requirements'!$AC:$AC,IF($C$6=\"Agreed\",\"Agreed\",IF($C$6=\"C/Fwd\",\"C/Fwd\",\"<>Luke\")),'Future Requirements'!$AA:$AA,$I$4),0)+\nIF($J$5=\"Include\",SUMIFS('Future Requirements'!$O:$O,'Future Requirements'!$I:$I,$B42,'Future Requirements'!$G:$G,C$40,'Future Requirements'!$B:$B,IF($C$3=\"\",\">=\"&$F$3,\">=\"&$C$3),'Future Requirements'!$B:$B,IF($C$4=\"\",\"<=\"&$F$4,\"<=\"&$C$4),'Future Requirements'!$J:$J,IF($C$5=\"Yes\",\"Yes\",IF($C$5=\"No\",\"No\",\"<>Luke\")),'Future Requirements'!$AC:$AC,IF($C$6=\"Agreed\",\"Agreed\",IF($C$6=\"C/Fwd\",\"C/Fwd\",\"<>Luke\")),'Future Requirements'!$AA:$AA,$I$5),0)+\nIF($J$6=\"Include\",SUMIFS('Future Requirements'!$O:$O,'Future Requirements'!$I:$I,$B42,'Future Requirements'!$G:$G,C$40,'Future Requirements'!$B:$B,IF($C$3=\"\",\">=\"&$F$3,\">=\"&$C$3),'Future Requirements'!$B:$B,IF($C$4=\"\",\"<=\"&$F$4,\"<=\"&$C$4),'Future Requirements'!$J:$J,IF($C$5=\"Yes\",\"Yes\",IF($C$5=\"No\",\"No\",\"<>Luke\")),'Future Requirements'!$AC:$AC,IF($C$6=\"Agreed\",\"Agreed\",IF($C$6=\"C/Fwd\",\"C/Fwd\",\"<>Luke\")),'Future Requirements'!$AA:$AA,$I$6),0)+\nIF($J$7=\"Include\",SUMIFS('Future Requirements'!$O:$O,'Future Requirements'!$I:$I,$B42,'Future Requirements'!$G:$G,C$40,'Future Requirements'!$B:$B,IF($C$3=\"\",\">=\"&$F$3,\">=\"&$C$3),'Future Requirements'!$B:$B,IF($C$4=\"\",\"<=\"&$F$4,\"<=\"&$C$4),'Future Requirements'!$J:$J,IF($C$5=\"Yes\",\"Yes\",IF($C$5=\"No\",\"No\",\"<>Luke\")),'Future Requirements'!$AC:$AC,IF($C$6=\"Agreed\",\"Agreed\",IF($C$6=\"C/Fwd\",\"C/Fwd\",\"<>Luke\")),'Future Requirements'!$AA:$AA,$I$7),0)","v":0},{"$f":"IF($J$3=\"Include\",SUMIFS('Future Requirements'!$O:$O,'Future Requirements'!$I:$I,$B42,'Future Requirements'!$G:$G,D$40,'Future Requirements'!$B:$B,IF($C$3=\"\",\">=\"&$F$3,\">=\"&$C$3),'Future Requirements'!$B:$B,IF($C$4=\"\",\"<=\"&$F$4,\"<=\"&$C$4),'Future Requirements'!$J:$J,IF($C$5=\"Yes\",\"Yes\",IF($C$5=\"No\",\"No\",\"<>Luke\")),'Future Requirements'!$AC:$AC,IF($C$6=\"Agreed\",\"Agreed\",IF($C$6=\"C/Fwd\",\"C/Fwd\",\"<>Luke\")),'Future Requirements'!$AA:$AA,$I$3),0)+\nIF($J$4=\"Include\",SUMIFS('Future Requirements'!$O:$O,'Future Requirements'!$I:$I,$B42,'Future Requirements'!$G:$G,D$40,'Future Requirements'!$B:$B,IF($C$3=\"\",\">=\"&$F$3,\">=\"&$C$3),'Future Requirements'!$B:$B,IF($C$4=\"\",\"<=\"&$F$4,\"<=\"&$C$4),'Future Requirements'!$J:$J,IF($C$5=\"Yes\",\"Yes\",IF($C$5=\"No\",\"No\",\"<>Luke\")),'Future Requirements'!$AC:$AC,IF($C$6=\"Agreed\",\"Agreed\",IF($C$6=\"C/Fwd\",\"C/Fwd\",\"<>Luke\")),'Future Requirements'!$AA:$AA,$I$4),0)+\nIF($J$5=\"Include\",SUMIFS('Future Requirements'!$O:$O,'Future Requirements'!$I:$I,$B42,'Future Requirements'!$G:$G,D$40,'Future Requirements'!$B:$B,IF($C$3=\"\",\">=\"&$F$3,\">=\"&$C$3),'Future Requirements'!$B:$B,IF($C$4=\"\",\"<=\"&$F$4,\"<=\"&$C$4),'Future Requirements'!$J:$J,IF($C$5=\"Yes\",\"Yes\",IF($C$5=\"No\",\"No\",\"<>Luke\")),'Future Requirements'!$AC:$AC,IF($C$6=\"Agreed\",\"Agreed\",IF($C$6=\"C/Fwd\",\"C/Fwd\",\"<>Luke\")),'Future Requirements'!$AA:$AA,$I$5),0)+\nIF($J$6=\"Include\",SUMIFS('Future Requirements'!$O:$O,'Future Requirements'!$I:$I,$B42,'Future Requirements'!$G:$G,D$40,'Future Requirements'!$B:$B,IF($C$3=\"\",\">=\"&$F$3,\">=\"&$C$3),'Future Requirements'!$B:$B,IF($C$4=\"\",\"<=\"&$F$4,\"<=\"&$C$4),'Future Requirements'!$J:$J,IF($C$5=\"Yes\",\"Yes\",IF($C$5=\"No\",\"No\",\"<>Luke\")),'Future Requirements'!$AC:$AC,IF($C$6=\"Agreed\",\"Agreed\",IF($C$6=\"C/Fwd\",\"C/Fwd\",\"<>Luke\")),'Future Requirements'!$AA:$AA,$I$6),0)+\nIF($J$7=\"Include\",SUMIFS('Future Requirements'!$O:$O,'Future Requirements'!$I:$I,$B42,'Future Requirements'!$G:$G,D$40,'Future Requirements'!$B:$B,IF($C$3=\"\",\">=\"&$F$3,\">=\"&$C$3),'Future Requirements'!$B:$B,IF($C$4=\"\",\"<=\"&$F$4,\"<=\"&$C$4),'Future Requirements'!$J:$J,IF($C$5=\"Yes\",\"Yes\",IF($C$5=\"No\",\"No\",\"<>Luke\")),'Future Requirements'!$AC:$AC,IF($C$6=\"Agreed\",\"Agreed\",IF($C$6=\"C/Fwd\",\"C/Fwd\",\"<>Luke\")),'Future Requirements'!$AA:$AA,$I$7),0)","v":0},{"$f":"IF($J$3=\"Include\",SUMIFS('Future Requirements'!$O:$O,'Future Requirements'!$I:$I,$B42,'Future Requirements'!$G:$G,E$40,'Future Requirements'!$B:$B,IF($C$3=\"\",\">=\"&$F$3,\">=\"&$C$3),'Future Requirements'!$B:$B,IF($C$4=\"\",\"<=\"&$F$4,\"<=\"&$C$4),'Future Requirements'!$J:$J,IF($C$5=\"Yes\",\"Yes\",IF($C$5=\"No\",\"No\",\"<>Luke\")),'Future Requirements'!$AC:$AC,IF($C$6=\"Agreed\",\"Agreed\",IF($C$6=\"C/Fwd\",\"C/Fwd\",\"<>Luke\")),'Future Requirements'!$AA:$AA,$I$3),0)+\nIF($J$4=\"Include\",SUMIFS('Future Requirements'!$O:$O,'Future Requirements'!$I:$I,$B42,'Future Requirements'!$G:$G,E$40,'Future Requirements'!$B:$B,IF($C$3=\"\",\">=\"&$F$3,\">=\"&$C$3),'Future Requirements'!$B:$B,IF($C$4=\"\",\"<=\"&$F$4,\"<=\"&$C$4),'Future Requirements'!$J:$J,IF($C$5=\"Yes\",\"Yes\",IF($C$5=\"No\",\"No\",\"<>Luke\")),'Future Requirements'!$AC:$AC,IF($C$6=\"Agreed\",\"Agreed\",IF($C$6=\"C/Fwd\",\"C/Fwd\",\"<>Luke\")),'Future Requirements'!$AA:$AA,$I$4),0)+\nIF($J$5=\"Include\",SUMIFS('Future Requirements'!$O:$O,'Future Requirements'!$I:$I,$B42,'Future Requirements'!$G:$G,E$40,'Future Requirements'!$B:$B,IF($C$3=\"\",\">=\"&$F$3,\">=\"&$C$3),'Future Requirements'!$B:$B,IF($C$4=\"\",\"<=\"&$F$4,\"<=\"&$C$4),'Future Requirements'!$J:$J,IF($C$5=\"Yes\",\"Yes\",IF($C$5=\"No\",\"No\",\"<>Luke\")),'Future Requirements'!$AC:$AC,IF($C$6=\"Agreed\",\"Agreed\",IF($C$6=\"C/Fwd\",\"C/Fwd\",\"<>Luke\")),'Future Requirements'!$AA:$AA,$I$5),0)+\nIF($J$6=\"Include\",SUMIFS('Future Requirements'!$O:$O,'Future Requirements'!$I:$I,$B42,'Future Requirements'!$G:$G,E$40,'Future Requirements'!$B:$B,IF($C$3=\"\",\">=\"&$F$3,\">=\"&$C$3),'Future Requirements'!$B:$B,IF($C$4=\"\",\"<=\"&$F$4,\"<=\"&$C$4),'Future Requirements'!$J:$J,IF($C$5=\"Yes\",\"Yes\",IF($C$5=\"No\",\"No\",\"<>Luke\")),'Future Requirements'!$AC:$AC,IF($C$6=\"Agreed\",\"Agreed\",IF($C$6=\"C/Fwd\",\"C/Fwd\",\"<>Luke\")),'Future Requirements'!$AA:$AA,$I$6),0)+\nIF($J$7=\"Include\",SUMIFS('Future Requirements'!$O:$O,'Future Requirements'!$I:$I,$B42,'Future Requirements'!$G:$G,E$40,'Future Requirements'!$B:$B,IF($C$3=\"\",\">=\"&$F$3,\">=\"&$C$3),'Future Requirements'!$B:$B,IF($C$4=\"\",\"<=\"&$F$4,\"<=\"&$C$4),'Future Requirements'!$J:$J,IF($C$5=\"Yes\",\"Yes\",IF($C$5=\"No\",\"No\",\"<>Luke\")),'Future Requirements'!$AC:$AC,IF($C$6=\"Agreed\",\"Agreed\",IF($C$6=\"C/Fwd\",\"C/Fwd\",\"<>Luke\")),'Future Requirements'!$AA:$AA,$I$7),0)","v":0},{"$f":"IF($J$3=\"Include\",SUMIFS('Future Requirements'!$O:$O,'Future Requirements'!$I:$I,$B42,'Future Requirements'!$G:$G,F$40,'Future Requirements'!$B:$B,IF($C$3=\"\",\">=\"&$F$3,\">=\"&$C$3),'Future Requirements'!$B:$B,IF($C$4=\"\",\"<=\"&$F$4,\"<=\"&$C$4),'Future Requirements'!$J:$J,IF($C$5=\"Yes\",\"Yes\",IF($C$5=\"No\",\"No\",\"<>Luke\")),'Future Requirements'!$AC:$AC,IF($C$6=\"Agreed\",\"Agreed\",IF($C$6=\"C/Fwd\",\"C/Fwd\",\"<>Luke\")),'Future Requirements'!$AA:$AA,$I$3),0)+\nIF($J$4=\"Include\",SUMIFS('Future Requirements'!$O:$O,'Future Requirements'!$I:$I,$B42,'Future Requirements'!$G:$G,F$40,'Future Requirements'!$B:$B,IF($C$3=\"\",\">=\"&$F$3,\">=\"&$C$3),'Future Requirements'!$B:$B,IF($C$4=\"\",\"<=\"&$F$4,\"<=\"&$C$4),'Future Requirements'!$J:$J,IF($C$5=\"Yes\",\"Yes\",IF($C$5=\"No\",\"No\",\"<>Luke\")),'Future Requirements'!$AC:$AC,IF($C$6=\"Agreed\",\"Agreed\",IF($C$6=\"C/Fwd\",\"C/Fwd\",\"<>Luke\")),'Future Requirements'!$AA:$AA,$I$4),0)+\nIF($J$5=\"Include\",SUMIFS('Future Requirements'!$O:$O,'Future Requirements'!$I:$I,$B42,'Future Requirements'!$G:$G,F$40,'Future Requirements'!$B:$B,IF($C$3=\"\",\">=\"&$F$3,\">=\"&$C$3),'Future Requirements'!$B:$B,IF($C$4=\"\",\"<=\"&$F$4,\"<=\"&$C$4),'Future Requirements'!$J:$J,IF($C$5=\"Yes\",\"Yes\",IF($C$5=\"No\",\"No\",\"<>Luke\")),'Future Requirements'!$AC:$AC,IF($C$6=\"Agreed\",\"Agreed\",IF($C$6=\"C/Fwd\",\"C/Fwd\",\"<>Luke\")),'Future Requirements'!$AA:$AA,$I$5),0)+\nIF($J$6=\"Include\",SUMIFS('Future Requirements'!$O:$O,'Future Requirements'!$I:$I,$B42,'Future Requirements'!$G:$G,F$40,'Future Requirements'!$B:$B,IF($C$3=\"\",\">=\"&$F$3,\">=\"&$C$3),'Future Requirements'!$B:$B,IF($C$4=\"\",\"<=\"&$F$4,\"<=\"&$C$4),'Future Requirements'!$J:$J,IF($C$5=\"Yes\",\"Yes\",IF($C$5=\"No\",\"No\",\"<>Luke\")),'Future Requirements'!$AC:$AC,IF($C$6=\"Agreed\",\"Agreed\",IF($C$6=\"C/Fwd\",\"C/Fwd\",\"<>Luke\")),'Future Requirements'!$AA:$AA,$I$6),0)+\nIF($J$7=\"Include\",SUMIFS('Future Requirements'!$O:$O,'Future Requirements'!$I:$I,$B42,'Future Requirements'!$G:$G,F$40,'Future Requirements'!$B:$B,IF($C$3=\"\",\">=\"&$F$3,\">=\"&$C$3),'Future Requirements'!$B:$B,IF($C$4=\"\",\"<=\"&$F$4,\"<=\"&$C$4),'Future Requirements'!$J:$J,IF($C$5=\"Yes\",\"Yes\",IF($C$5=\"No\",\"No\",\"<>Luke\")),'Future Requirements'!$AC:$AC,IF($C$6=\"Agreed\",\"Agreed\",IF($C$6=\"C/Fwd\",\"C/Fwd\",\"<>Luke\")),'Future Requirements'!$AA:$AA,$I$7),0)","v":0},{"$f":"IF($J$3=\"Include\",SUMIFS('Future Requirements'!$O:$O,'Future Requirements'!$I:$I,$B42,'Future Requirements'!$G:$G,G$40,'Future Requirements'!$B:$B,IF($C$3=\"\",\">=\"&$F$3,\">=\"&$C$3),'Future Requirements'!$B:$B,IF($C$4=\"\",\"<=\"&$F$4,\"<=\"&$C$4),'Future Requirements'!$J:$J,IF($C$5=\"Yes\",\"Yes\",IF($C$5=\"No\",\"No\",\"<>Luke\")),'Future Requirements'!$AC:$AC,IF($C$6=\"Agreed\",\"Agreed\",IF($C$6=\"C/Fwd\",\"C/Fwd\",\"<>Luke\")),'Future Requirements'!$AA:$AA,$I$3),0)+\nIF($J$4=\"Include\",SUMIFS('Future Requirements'!$O:$O,'Future Requirements'!$I:$I,$B42,'Future Requirements'!$G:$G,G$40,'Future Requirements'!$B:$B,IF($C$3=\"\",\">=\"&$F$3,\">=\"&$C$3),'Future Requirements'!$B:$B,IF($C$4=\"\",\"<=\"&$F$4,\"<=\"&$C$4),'Future Requirements'!$J:$J,IF($C$5=\"Yes\",\"Yes\",IF($C$5=\"No\",\"No\",\"<>Luke\")),'Future Requirements'!$AC:$AC,IF($C$6=\"Agreed\",\"Agreed\",IF($C$6=\"C/Fwd\",\"C/Fwd\",\"<>Luke\")),'Future Requirements'!$AA:$AA,$I$4),0)+\nIF($J$5=\"Include\",SUMIFS('Future Requirements'!$O:$O,'Future Requirements'!$I:$I,$B42,'Future Requirements'!$G:$G,G$40,'Future Requirements'!$B:$B,IF($C$3=\"\",\">=\"&$F$3,\">=\"&$C$3),'Future Requirements'!$B:$B,IF($C$4=\"\",\"<=\"&$F$4,\"<=\"&$C$4),'Future Requirements'!$J:$J,IF($C$5=\"Yes\",\"Yes\",IF($C$5=\"No\",\"No\",\"<>Luke\")),'Future Requirements'!$AC:$AC,IF($C$6=\"Agreed\",\"Agreed\",IF($C$6=\"C/Fwd\",\"C/Fwd\",\"<>Luke\")),'Future Requirements'!$AA:$AA,$I$5),0)+\nIF($J$6=\"Include\",SUMIFS('Future Requirements'!$O:$O,'Future Requirements'!$I:$I,$B42,'Future Requirements'!$G:$G,G$40,'Future Requirements'!$B:$B,IF($C$3=\"\",\">=\"&$F$3,\">=\"&$C$3),'Future Requirements'!$B:$B,IF($C$4=\"\",\"<=\"&$F$4,\"<=\"&$C$4),'Future Requirements'!$J:$J,IF($C$5=\"Yes\",\"Yes\",IF($C$5=\"No\",\"No\",\"<>Luke\")),'Future Requirements'!$AC:$AC,IF($C$6=\"Agreed\",\"Agreed\",IF($C$6=\"C/Fwd\",\"C/Fwd\",\"<>Luke\")),'Future Requirements'!$AA:$AA,$I$6),0)+\nIF($J$7=\"Include\",SUMIFS('Future Requirements'!$O:$O,'Future Requirements'!$I:$I,$B42,'Future Requirements'!$G:$G,G$40,'Future Requirements'!$B:$B,IF($C$3=\"\",\">=\"&$F$3,\">=\"&$C$3),'Future Requirements'!$B:$B,IF($C$4=\"\",\"<=\"&$F$4,\"<=\"&$C$4),'Future Requirements'!$J:$J,IF($C$5=\"Yes\",\"Yes\",IF($C$5=\"No\",\"No\",\"<>Luke\")),'Future Requirements'!$AC:$AC,IF($C$6=\"Agreed\",\"Agreed\",IF($C$6=\"C/Fwd\",\"C/Fwd\",\"<>Luke\")),'Future Requirements'!$AA:$AA,$I$7),0)","v":0},{"$f":"IF($J$3=\"Include\",SUMIFS('Future Requirements'!$O:$O,'Future Requirements'!$I:$I,$B42,'Future Requirements'!$G:$G,H$40,'Future Requirements'!$B:$B,IF($C$3=\"\",\">=\"&$F$3,\">=\"&$C$3),'Future Requirements'!$B:$B,IF($C$4=\"\",\"<=\"&$F$4,\"<=\"&$C$4),'Future Requirements'!$J:$J,IF($C$5=\"Yes\",\"Yes\",IF($C$5=\"No\",\"No\",\"<>Luke\")),'Future Requirements'!$AC:$AC,IF($C$6=\"Agreed\",\"Agreed\",IF($C$6=\"C/Fwd\",\"C/Fwd\",\"<>Luke\")),'Future Requirements'!$AA:$AA,$I$3),0)+\nIF($J$4=\"Include\",SUMIFS('Future Requirements'!$O:$O,'Future Requirements'!$I:$I,$B42,'Future Requirements'!$G:$G,H$40,'Future Requirements'!$B:$B,IF($C$3=\"\",\">=\"&$F$3,\">=\"&$C$3),'Future Requirements'!$B:$B,IF($C$4=\"\",\"<=\"&$F$4,\"<=\"&$C$4),'Future Requirements'!$J:$J,IF($C$5=\"Yes\",\"Yes\",IF($C$5=\"No\",\"No\",\"<>Luke\")),'Future Requirements'!$AC:$AC,IF($C$6=\"Agreed\",\"Agreed\",IF($C$6=\"C/Fwd\",\"C/Fwd\",\"<>Luke\")),'Future Requirements'!$AA:$AA,$I$4),0)+\nIF($J$5=\"Include\",SUMIFS('Future Requirements'!$O:$O,'Future Requirements'!$I:$I,$B42,'Future Requirements'!$G:$G,H$40,'Future Requirements'!$B:$B,IF($C$3=\"\",\">=\"&$F$3,\">=\"&$C$3),'Future Requirements'!$B:$B,IF($C$4=\"\",\"<=\"&$F$4,\"<=\"&$C$4),'Future Requirements'!$J:$J,IF($C$5=\"Yes\",\"Yes\",IF($C$5=\"No\",\"No\",\"<>Luke\")),'Future Requirements'!$AC:$AC,IF($C$6=\"Agreed\",\"Agreed\",IF($C$6=\"C/Fwd\",\"C/Fwd\",\"<>Luke\")),'Future Requirements'!$AA:$AA,$I$5),0)+\nIF($J$6=\"Include\",SUMIFS('Future Requirements'!$O:$O,'Future Requirements'!$I:$I,$B42,'Future Requirements'!$G:$G,H$40,'Future Requirements'!$B:$B,IF($C$3=\"\",\">=\"&$F$3,\">=\"&$C$3),'Future Requirements'!$B:$B,IF($C$4=\"\",\"<=\"&$F$4,\"<=\"&$C$4),'Future Requirements'!$J:$J,IF($C$5=\"Yes\",\"Yes\",IF($C$5=\"No\",\"No\",\"<>Luke\")),'Future Requirements'!$AC:$AC,IF($C$6=\"Agreed\",\"Agreed\",IF($C$6=\"C/Fwd\",\"C/Fwd\",\"<>Luke\")),'Future Requirements'!$AA:$AA,$I$6),0)+\nIF($J$7=\"Include\",SUMIFS('Future Requirements'!$O:$O,'Future Requirements'!$I:$I,$B42,'Future Requirements'!$G:$G,H$40,'Future Requirements'!$B:$B,IF($C$3=\"\",\">=\"&$F$3,\">=\"&$C$3),'Future Requirements'!$B:$B,IF($C$4=\"\",\"<=\"&$F$4,\"<=\"&$C$4),'Future Requirements'!$J:$J,IF($C$5=\"Yes\",\"Yes\",IF($C$5=\"No\",\"No\",\"<>Luke\")),'Future Requirements'!$AC:$AC,IF($C$6=\"Agreed\",\"Agreed\",IF($C$6=\"C/Fwd\",\"C/Fwd\",\"<>Luke\")),'Future Requirements'!$AA:$AA,$I$7),0)","v":0},{"$f":"IF($J$3=\"Include\",SUMIFS('Future Requirements'!$O:$O,'Future Requirements'!$I:$I,$B42,'Future Requirements'!$G:$G,I$40,'Future Requirements'!$B:$B,IF($C$3=\"\",\">=\"&$F$3,\">=\"&$C$3),'Future Requirements'!$B:$B,IF($C$4=\"\",\"<=\"&$F$4,\"<=\"&$C$4),'Future Requirements'!$J:$J,IF($C$5=\"Yes\",\"Yes\",IF($C$5=\"No\",\"No\",\"<>Luke\")),'Future Requirements'!$AC:$AC,IF($C$6=\"Agreed\",\"Agreed\",IF($C$6=\"C/Fwd\",\"C/Fwd\",\"<>Luke\")),'Future Requirements'!$AA:$AA,$I$3),0)+\nIF($J$4=\"Include\",SUMIFS('Future Requirements'!$O:$O,'Future Requirements'!$I:$I,$B42,'Future Requirements'!$G:$G,I$40,'Future Requirements'!$B:$B,IF($C$3=\"\",\">=\"&$F$3,\">=\"&$C$3),'Future Requirements'!$B:$B,IF($C$4=\"\",\"<=\"&$F$4,\"<=\"&$C$4),'Future Requirements'!$J:$J,IF($C$5=\"Yes\",\"Yes\",IF($C$5=\"No\",\"No\",\"<>Luke\")),'Future Requirements'!$AC:$AC,IF($C$6=\"Agreed\",\"Agreed\",IF($C$6=\"C/Fwd\",\"C/Fwd\",\"<>Luke\")),'Future Requirements'!$AA:$AA,$I$4),0)+\nIF($J$5=\"Include\",SUMIFS('Future Requirements'!$O:$O,'Future Requirements'!$I:$I,$B42,'Future Requirements'!$G:$G,I$40,'Future Requirements'!$B:$B,IF($C$3=\"\",\">=\"&$F$3,\">=\"&$C$3),'Future Requirements'!$B:$B,IF($C$4=\"\",\"<=\"&$F$4,\"<=\"&$C$4),'Future Requirements'!$J:$J,IF($C$5=\"Yes\",\"Yes\",IF($C$5=\"No\",\"No\",\"<>Luke\")),'Future Requirements'!$AC:$AC,IF($C$6=\"Agreed\",\"Agreed\",IF($C$6=\"C/Fwd\",\"C/Fwd\",\"<>Luke\")),'Future Requirements'!$AA:$AA,$I$5),0)+\nIF($J$6=\"Include\",SUMIFS('Future Requirements'!$O:$O,'Future Requirements'!$I:$I,$B42,'Future Requirements'!$G:$G,I$40,'Future Requirements'!$B:$B,IF($C$3=\"\",\">=\"&$F$3,\">=\"&$C$3),'Future Requirements'!$B:$B,IF($C$4=\"\",\"<=\"&$F$4,\"<=\"&$C$4),'Future Requirements'!$J:$J,IF($C$5=\"Yes\",\"Yes\",IF($C$5=\"No\",\"No\",\"<>Luke\")),'Future Requirements'!$AC:$AC,IF($C$6=\"Agreed\",\"Agreed\",IF($C$6=\"C/Fwd\",\"C/Fwd\",\"<>Luke\")),'Future Requirements'!$AA:$AA,$I$6),0)+\nIF($J$7=\"Include\",SUMIFS('Future Requirements'!$O:$O,'Future Requirements'!$I:$I,$B42,'Future Requirements'!$G:$G,I$40,'Future Requirements'!$B:$B,IF($C$3=\"\",\">=\"&$F$3,\">=\"&$C$3),'Future Requirements'!$B:$B,IF($C$4=\"\",\"<=\"&$F$4,\"<=\"&$C$4),'Future Requirements'!$J:$J,IF($C$5=\"Yes\",\"Yes\",IF($C$5=\"No\",\"No\",\"<>Luke\")),'Future Requirements'!$AC:$AC,IF($C$6=\"Agreed\",\"Agreed\",IF($C$6=\"C/Fwd\",\"C/Fwd\",\"<>Luke\")),'Future Requirements'!$AA:$AA,$I$7),0)","v":0},{"$f":"IF($J$3=\"Include\",SUMIFS('Future Requirements'!$O:$O,'Future Requirements'!$I:$I,$B42,'Future Requirements'!$G:$G,J$40,'Future Requirements'!$B:$B,IF($C$3=\"\",\">=\"&$F$3,\">=\"&$C$3),'Future Requirements'!$B:$B,IF($C$4=\"\",\"<=\"&$F$4,\"<=\"&$C$4),'Future Requirements'!$J:$J,IF($C$5=\"Yes\",\"Yes\",IF($C$5=\"No\",\"No\",\"<>Luke\")),'Future Requirements'!$AC:$AC,IF($C$6=\"Agreed\",\"Agreed\",IF($C$6=\"C/Fwd\",\"C/Fwd\",\"<>Luke\")),'Future Requirements'!$AA:$AA,$I$3),0)+\nIF($J$4=\"Include\",SUMIFS('Future Requirements'!$O:$O,'Future Requirements'!$I:$I,$B42,'Future Requirements'!$G:$G,J$40,'Future Requirements'!$B:$B,IF($C$3=\"\",\">=\"&$F$3,\">=\"&$C$3),'Future Requirements'!$B:$B,IF($C$4=\"\",\"<=\"&$F$4,\"<=\"&$C$4),'Future Requirements'!$J:$J,IF($C$5=\"Yes\",\"Yes\",IF($C$5=\"No\",\"No\",\"<>Luke\")),'Future Requirements'!$AC:$AC,IF($C$6=\"Agreed\",\"Agreed\",IF($C$6=\"C/Fwd\",\"C/Fwd\",\"<>Luke\")),'Future Requirements'!$AA:$AA,$I$4),0)+\nIF($J$5=\"Include\",SUMIFS('Future Requirements'!$O:$O,'Future Requirements'!$I:$I,$B42,'Future Requirements'!$G:$G,J$40,'Future Requirements'!$B:$B,IF($C$3=\"\",\">=\"&$F$3,\">=\"&$C$3),'Future Requirements'!$B:$B,IF($C$4=\"\",\"<=\"&$F$4,\"<=\"&$C$4),'Future Requirements'!$J:$J,IF($C$5=\"Yes\",\"Yes\",IF($C$5=\"No\",\"No\",\"<>Luke\")),'Future Requirements'!$AC:$AC,IF($C$6=\"Agreed\",\"Agreed\",IF($C$6=\"C/Fwd\",\"C/Fwd\",\"<>Luke\")),'Future Requirements'!$AA:$AA,$I$5),0)+\nIF($J$6=\"Include\",SUMIFS('Future Requirements'!$O:$O,'Future Requirements'!$I:$I,$B42,'Future Requirements'!$G:$G,J$40,'Future Requirements'!$B:$B,IF($C$3=\"\",\">=\"&$F$3,\">=\"&$C$3),'Future Requirements'!$B:$B,IF($C$4=\"\",\"<=\"&$F$4,\"<=\"&$C$4),'Future Requirements'!$J:$J,IF($C$5=\"Yes\",\"Yes\",IF($C$5=\"No\",\"No\",\"<>Luke\")),'Future Requirements'!$AC:$AC,IF($C$6=\"Agreed\",\"Agreed\",IF($C$6=\"C/Fwd\",\"C/Fwd\",\"<>Luke\")),'Future Requirements'!$AA:$AA,$I$6),0)+\nIF($J$7=\"Include\",SUMIFS('Future Requirements'!$O:$O,'Future Requirements'!$I:$I,$B42,'Future Requirements'!$G:$G,J$40,'Future Requirements'!$B:$B,IF($C$3=\"\",\">=\"&$F$3,\">=\"&$C$3),'Future Requirements'!$B:$B,IF($C$4=\"\",\"<=\"&$F$4,\"<=\"&$C$4),'Future Requirements'!$J:$J,IF($C$5=\"Yes\",\"Yes\",IF($C$5=\"No\",\"No\",\"<>Luke\")),'Future Requirements'!$AC:$AC,IF($C$6=\"Agreed\",\"Agreed\",IF($C$6=\"C/Fwd\",\"C/Fwd\",\"<>Luke\")),'Future Requirements'!$AA:$AA,$I$7),0)","v":0},{"$f":"IF($J$3=\"Include\",SUMIFS('Future Requirements'!$O:$O,'Future Requirements'!$I:$I,$B42,'Future Requirements'!$G:$G,K$40,'Future Requirements'!$B:$B,IF($C$3=\"\",\">=\"&$F$3,\">=\"&$C$3),'Future Requirements'!$B:$B,IF($C$4=\"\",\"<=\"&$F$4,\"<=\"&$C$4),'Future Requirements'!$J:$J,IF($C$5=\"Yes\",\"Yes\",IF($C$5=\"No\",\"No\",\"<>Luke\")),'Future Requirements'!$AC:$AC,IF($C$6=\"Agreed\",\"Agreed\",IF($C$6=\"C/Fwd\",\"C/Fwd\",\"<>Luke\")),'Future Requirements'!$AA:$AA,$I$3),0)+\nIF($J$4=\"Include\",SUMIFS('Future Requirements'!$O:$O,'Future Requirements'!$I:$I,$B42,'Future Requirements'!$G:$G,K$40,'Future Requirements'!$B:$B,IF($C$3=\"\",\">=\"&$F$3,\">=\"&$C$3),'Future Requirements'!$B:$B,IF($C$4=\"\",\"<=\"&$F$4,\"<=\"&$C$4),'Future Requirements'!$J:$J,IF($C$5=\"Yes\",\"Yes\",IF($C$5=\"No\",\"No\",\"<>Luke\")),'Future Requirements'!$AC:$AC,IF($C$6=\"Agreed\",\"Agreed\",IF($C$6=\"C/Fwd\",\"C/Fwd\",\"<>Luke\")),'Future Requirements'!$AA:$AA,$I$4),0)+\nIF($J$5=\"Include\",SUMIFS('Future Requirements'!$O:$O,'Future Requirements'!$I:$I,$B42,'Future Requirements'!$G:$G,K$40,'Future Requirements'!$B:$B,IF($C$3=\"\",\">=\"&$F$3,\">=\"&$C$3),'Future Requirements'!$B:$B,IF($C$4=\"\",\"<=\"&$F$4,\"<=\"&$C$4),'Future Requirements'!$J:$J,IF($C$5=\"Yes\",\"Yes\",IF($C$5=\"No\",\"No\",\"<>Luke\")),'Future Requirements'!$AC:$AC,IF($C$6=\"Agreed\",\"Agreed\",IF($C$6=\"C/Fwd\",\"C/Fwd\",\"<>Luke\")),'Future Requirements'!$AA:$AA,$I$5),0)+\nIF($J$6=\"Include\",SUMIFS('Future Requirements'!$O:$O,'Future Requirements'!$I:$I,$B42,'Future Requirements'!$G:$G,K$40,'Future Requirements'!$B:$B,IF($C$3=\"\",\">=\"&$F$3,\">=\"&$C$3),'Future Requirements'!$B:$B,IF($C$4=\"\",\"<=\"&$F$4,\"<=\"&$C$4),'Future Requirements'!$J:$J,IF($C$5=\"Yes\",\"Yes\",IF($C$5=\"No\",\"No\",\"<>Luke\")),'Future Requirements'!$AC:$AC,IF($C$6=\"Agreed\",\"Agreed\",IF($C$6=\"C/Fwd\",\"C/Fwd\",\"<>Luke\")),'Future Requirements'!$AA:$AA,$I$6),0)+\nIF($J$7=\"Include\",SUMIFS('Future Requirements'!$O:$O,'Future Requirements'!$I:$I,$B42,'Future Requirements'!$G:$G,K$40,'Future Requirements'!$B:$B,IF($C$3=\"\",\">=\"&$F$3,\">=\"&$C$3),'Future Requirements'!$B:$B,IF($C$4=\"\",\"<=\"&$F$4,\"<=\"&$C$4),'Future Requirements'!$J:$J,IF($C$5=\"Yes\",\"Yes\",IF($C$5=\"No\",\"No\",\"<>Luke\")),'Future Requirements'!$AC:$AC,IF($C$6=\"Agreed\",\"Agreed\",IF($C$6=\"C/Fwd\",\"C/Fwd\",\"<>Luke\")),'Future Requirements'!$AA:$AA,$I$7),0)","v":0},{"$f":"IF($J$3=\"Include\",SUMIFS('Future Requirements'!$O:$O,'Future Requirements'!$I:$I,$B42,'Future Requirements'!$G:$G,L$40,'Future Requirements'!$B:$B,IF($C$3=\"\",\">=\"&$F$3,\">=\"&$C$3),'Future Requirements'!$B:$B,IF($C$4=\"\",\"<=\"&$F$4,\"<=\"&$C$4),'Future Requirements'!$J:$J,IF($C$5=\"Yes\",\"Yes\",IF($C$5=\"No\",\"No\",\"<>Luke\")),'Future Requirements'!$AC:$AC,IF($C$6=\"Agreed\",\"Agreed\",IF($C$6=\"C/Fwd\",\"C/Fwd\",\"<>Luke\")),'Future Requirements'!$AA:$AA,$I$3),0)+\nIF($J$4=\"Include\",SUMIFS('Future Requirements'!$O:$O,'Future Requirements'!$I:$I,$B42,'Future Requirements'!$G:$G,L$40,'Future Requirements'!$B:$B,IF($C$3=\"\",\">=\"&$F$3,\">=\"&$C$3),'Future Requirements'!$B:$B,IF($C$4=\"\",\"<=\"&$F$4,\"<=\"&$C$4),'Future Requirements'!$J:$J,IF($C$5=\"Yes\",\"Yes\",IF($C$5=\"No\",\"No\",\"<>Luke\")),'Future Requirements'!$AC:$AC,IF($C$6=\"Agreed\",\"Agreed\",IF($C$6=\"C/Fwd\",\"C/Fwd\",\"<>Luke\")),'Future Requirements'!$AA:$AA,$I$4),0)+\nIF($J$5=\"Include\",SUMIFS('Future Requirements'!$O:$O,'Future Requirements'!$I:$I,$B42,'Future Requirements'!$G:$G,L$40,'Future Requirements'!$B:$B,IF($C$3=\"\",\">=\"&$F$3,\">=\"&$C$3),'Future Requirements'!$B:$B,IF($C$4=\"\",\"<=\"&$F$4,\"<=\"&$C$4),'Future Requirements'!$J:$J,IF($C$5=\"Yes\",\"Yes\",IF($C$5=\"No\",\"No\",\"<>Luke\")),'Future Requirements'!$AC:$AC,IF($C$6=\"Agreed\",\"Agreed\",IF($C$6=\"C/Fwd\",\"C/Fwd\",\"<>Luke\")),'Future Requirements'!$AA:$AA,$I$5),0)+\nIF($J$6=\"Include\",SUMIFS('Future Requirements'!$O:$O,'Future Requirements'!$I:$I,$B42,'Future Requirements'!$G:$G,L$40,'Future Requirements'!$B:$B,IF($C$3=\"\",\">=\"&$F$3,\">=\"&$C$3),'Future Requirements'!$B:$B,IF($C$4=\"\",\"<=\"&$F$4,\"<=\"&$C$4),'Future Requirements'!$J:$J,IF($C$5=\"Yes\",\"Yes\",IF($C$5=\"No\",\"No\",\"<>Luke\")),'Future Requirements'!$AC:$AC,IF($C$6=\"Agreed\",\"Agreed\",IF($C$6=\"C/Fwd\",\"C/Fwd\",\"<>Luke\")),'Future Requirements'!$AA:$AA,$I$6),0)+\nIF($J$7=\"Include\",SUMIFS('Future Requirements'!$O:$O,'Future Requirements'!$I:$I,$B42,'Future Requirements'!$G:$G,L$40,'Future Requirements'!$B:$B,IF($C$3=\"\",\">=\"&$F$3,\">=\"&$C$3),'Future Requirements'!$B:$B,IF($C$4=\"\",\"<=\"&$F$4,\"<=\"&$C$4),'Future Requirements'!$J:$J,IF($C$5=\"Yes\",\"Yes\",IF($C$5=\"No\",\"No\",\"<>Luke\")),'Future Requirements'!$AC:$AC,IF($C$6=\"Agreed\",\"Agreed\",IF($C$6=\"C/Fwd\",\"C/Fwd\",\"<>Luke\")),'Future Requirements'!$AA:$AA,$I$7),0)","v":0},{"$f":"IF($J$3=\"Include\",SUMIFS('Future Requirements'!$O:$O,'Future Requirements'!$I:$I,$B42,'Future Requirements'!$G:$G,M$40,'Future Requirements'!$B:$B,IF($C$3=\"\",\">=\"&$F$3,\">=\"&$C$3),'Future Requirements'!$B:$B,IF($C$4=\"\",\"<=\"&$F$4,\"<=\"&$C$4),'Future Requirements'!$J:$J,IF($C$5=\"Yes\",\"Yes\",IF($C$5=\"No\",\"No\",\"<>Luke\")),'Future Requirements'!$AC:$AC,IF($C$6=\"Agreed\",\"Agreed\",IF($C$6=\"C/Fwd\",\"C/Fwd\",\"<>Luke\")),'Future Requirements'!$AA:$AA,$I$3),0)+\nIF($J$4=\"Include\",SUMIFS('Future Requirements'!$O:$O,'Future Requirements'!$I:$I,$B42,'Future Requirements'!$G:$G,M$40,'Future Requirements'!$B:$B,IF($C$3=\"\",\">=\"&$F$3,\">=\"&$C$3),'Future Requirements'!$B:$B,IF($C$4=\"\",\"<=\"&$F$4,\"<=\"&$C$4),'Future Requirements'!$J:$J,IF($C$5=\"Yes\",\"Yes\",IF($C$5=\"No\",\"No\",\"<>Luke\")),'Future Requirements'!$AC:$AC,IF($C$6=\"Agreed\",\"Agreed\",IF($C$6=\"C/Fwd\",\"C/Fwd\",\"<>Luke\")),'Future Requirements'!$AA:$AA,$I$4),0)+\nIF($J$5=\"Include\",SUMIFS('Future Requirements'!$O:$O,'Future Requirements'!$I:$I,$B42,'Future Requirements'!$G:$G,M$40,'Future Requirements'!$B:$B,IF($C$3=\"\",\">=\"&$F$3,\">=\"&$C$3),'Future Requirements'!$B:$B,IF($C$4=\"\",\"<=\"&$F$4,\"<=\"&$C$4),'Future Requirements'!$J:$J,IF($C$5=\"Yes\",\"Yes\",IF($C$5=\"No\",\"No\",\"<>Luke\")),'Future Requirements'!$AC:$AC,IF($C$6=\"Agreed\",\"Agreed\",IF($C$6=\"C/Fwd\",\"C/Fwd\",\"<>Luke\")),'Future Requirements'!$AA:$AA,$I$5),0)+\nIF($J$6=\"Include\",SUMIFS('Future Requirements'!$O:$O,'Future Requirements'!$I:$I,$B42,'Future Requirements'!$G:$G,M$40,'Future Requirements'!$B:$B,IF($C$3=\"\",\">=\"&$F$3,\">=\"&$C$3),'Future Requirements'!$B:$B,IF($C$4=\"\",\"<=\"&$F$4,\"<=\"&$C$4),'Future Requirements'!$J:$J,IF($C$5=\"Yes\",\"Yes\",IF($C$5=\"No\",\"No\",\"<>Luke\")),'Future Requirements'!$AC:$AC,IF($C$6=\"Agreed\",\"Agreed\",IF($C$6=\"C/Fwd\",\"C/Fwd\",\"<>Luke\")),'Future Requirements'!$AA:$AA,$I$6),0)+\nIF($J$7=\"Include\",SUMIFS('Future Requirements'!$O:$O,'Future Requirements'!$I:$I,$B42,'Future Requirements'!$G:$G,M$40,'Future Requirements'!$B:$B,IF($C$3=\"\",\">=\"&$F$3,\">=\"&$C$3),'Future Requirements'!$B:$B,IF($C$4=\"\",\"<=\"&$F$4,\"<=\"&$C$4),'Future Requirements'!$J:$J,IF($C$5=\"Yes\",\"Yes\",IF($C$5=\"No\",\"No\",\"<>Luke\")),'Future Requirements'!$AC:$AC,IF($C$6=\"Agreed\",\"Agreed\",IF($C$6=\"C/Fwd\",\"C/Fwd\",\"<>Luke\")),'Future Requirements'!$AA:$AA,$I$7),0)","v":0},{"$f":"IF($J$3=\"Include\",SUMIFS('Future Requirements'!$O:$O,'Future Requirements'!$I:$I,$B42,'Future Requirements'!$G:$G,N$40,'Future Requirements'!$B:$B,IF($C$3=\"\",\">=\"&$F$3,\">=\"&$C$3),'Future Requirements'!$B:$B,IF($C$4=\"\",\"<=\"&$F$4,\"<=\"&$C$4),'Future Requirements'!$J:$J,IF($C$5=\"Yes\",\"Yes\",IF($C$5=\"No\",\"No\",\"<>Luke\")),'Future Requirements'!$AC:$AC,IF($C$6=\"Agreed\",\"Agreed\",IF($C$6=\"C/Fwd\",\"C/Fwd\",\"<>Luke\")),'Future Requirements'!$AA:$AA,$I$3),0)+\nIF($J$4=\"Include\",SUMIFS('Future Requirements'!$O:$O,'Future Requirements'!$I:$I,$B42,'Future Requirements'!$G:$G,N$40,'Future Requirements'!$B:$B,IF($C$3=\"\",\">=\"&$F$3,\">=\"&$C$3),'Future Requirements'!$B:$B,IF($C$4=\"\",\"<=\"&$F$4,\"<=\"&$C$4),'Future Requirements'!$J:$J,IF($C$5=\"Yes\",\"Yes\",IF($C$5=\"No\",\"No\",\"<>Luke\")),'Future Requirements'!$AC:$AC,IF($C$6=\"Agreed\",\"Agreed\",IF($C$6=\"C/Fwd\",\"C/Fwd\",\"<>Luke\")),'Future Requirements'!$AA:$AA,$I$4),0)+\nIF($J$5=\"Include\",SUMIFS('Future Requirements'!$O:$O,'Future Requirements'!$I:$I,$B42,'Future Requirements'!$G:$G,N$40,'Future Requirements'!$B:$B,IF($C$3=\"\",\">=\"&$F$3,\">=\"&$C$3),'Future Requirements'!$B:$B,IF($C$4=\"\",\"<=\"&$F$4,\"<=\"&$C$4),'Future Requirements'!$J:$J,IF($C$5=\"Yes\",\"Yes\",IF($C$5=\"No\",\"No\",\"<>Luke\")),'Future Requirements'!$AC:$AC,IF($C$6=\"Agreed\",\"Agreed\",IF($C$6=\"C/Fwd\",\"C/Fwd\",\"<>Luke\")),'Future Requirements'!$AA:$AA,$I$5),0)+\nIF($J$6=\"Include\",SUMIFS('Future Requirements'!$O:$O,'Future Requirements'!$I:$I,$B42,'Future Requirements'!$G:$G,N$40,'Future Requirements'!$B:$B,IF($C$3=\"\",\">=\"&$F$3,\">=\"&$C$3),'Future Requirements'!$B:$B,IF($C$4=\"\",\"<=\"&$F$4,\"<=\"&$C$4),'Future Requirements'!$J:$J,IF($C$5=\"Yes\",\"Yes\",IF($C$5=\"No\",\"No\",\"<>Luke\")),'Future Requirements'!$AC:$AC,IF($C$6=\"Agreed\",\"Agreed\",IF($C$6=\"C/Fwd\",\"C/Fwd\",\"<>Luke\")),'Future Requirements'!$AA:$AA,$I$6),0)+\nIF($J$7=\"Include\",SUMIFS('Future Requirements'!$O:$O,'Future Requirements'!$I:$I,$B42,'Future Requirements'!$G:$G,N$40,'Future Requirements'!$B:$B,IF($C$3=\"\",\">=\"&$F$3,\">=\"&$C$3),'Future Requirements'!$B:$B,IF($C$4=\"\",\"<=\"&$F$4,\"<=\"&$C$4),'Future Requirements'!$J:$J,IF($C$5=\"Yes\",\"Yes\",IF($C$5=\"No\",\"No\",\"<>Luke\")),'Future Requirements'!$AC:$AC,IF($C$6=\"Agreed\",\"Agreed\",IF($C$6=\"C/Fwd\",\"C/Fwd\",\"<>Luke\")),'Future Requirements'!$AA:$AA,$I$7),0)","v":0},{"$f":"IF($J$3=\"Include\",SUMIFS('Future Requirements'!$O:$O,'Future Requirements'!$I:$I,$B42,'Future Requirements'!$G:$G,O$40,'Future Requirements'!$B:$B,IF($C$3=\"\",\">=\"&$F$3,\">=\"&$C$3),'Future Requirements'!$B:$B,IF($C$4=\"\",\"<=\"&$F$4,\"<=\"&$C$4),'Future Requirements'!$J:$J,IF($C$5=\"Yes\",\"Yes\",IF($C$5=\"No\",\"No\",\"<>Luke\")),'Future Requirements'!$AC:$AC,IF($C$6=\"Agreed\",\"Agreed\",IF($C$6=\"C/Fwd\",\"C/Fwd\",\"<>Luke\")),'Future Requirements'!$AA:$AA,$I$3),0)+\nIF($J$4=\"Include\",SUMIFS('Future Requirements'!$O:$O,'Future Requirements'!$I:$I,$B42,'Future Requirements'!$G:$G,O$40,'Future Requirements'!$B:$B,IF($C$3=\"\",\">=\"&$F$3,\">=\"&$C$3),'Future Requirements'!$B:$B,IF($C$4=\"\",\"<=\"&$F$4,\"<=\"&$C$4),'Future Requirements'!$J:$J,IF($C$5=\"Yes\",\"Yes\",IF($C$5=\"No\",\"No\",\"<>Luke\")),'Future Requirements'!$AC:$AC,IF($C$6=\"Agreed\",\"Agreed\",IF($C$6=\"C/Fwd\",\"C/Fwd\",\"<>Luke\")),'Future Requirements'!$AA:$AA,$I$4),0)+\nIF($J$5=\"Include\",SUMIFS('Future Requirements'!$O:$O,'Future Requirements'!$I:$I,$B42,'Future Requirements'!$G:$G,O$40,'Future Requirements'!$B:$B,IF($C$3=\"\",\">=\"&$F$3,\">=\"&$C$3),'Future Requirements'!$B:$B,IF($C$4=\"\",\"<=\"&$F$4,\"<=\"&$C$4),'Future Requirements'!$J:$J,IF($C$5=\"Yes\",\"Yes\",IF($C$5=\"No\",\"No\",\"<>Luke\")),'Future Requirements'!$AC:$AC,IF($C$6=\"Agreed\",\"Agreed\",IF($C$6=\"C/Fwd\",\"C/Fwd\",\"<>Luke\")),'Future Requirements'!$AA:$AA,$I$5),0)+\nIF($J$6=\"Include\",SUMIFS('Future Requirements'!$O:$O,'Future Requirements'!$I:$I,$B42,'Future Requirements'!$G:$G,O$40,'Future Requirements'!$B:$B,IF($C$3=\"\",\">=\"&$F$3,\">=\"&$C$3),'Future Requirements'!$B:$B,IF($C$4=\"\",\"<=\"&$F$4,\"<=\"&$C$4),'Future Requirements'!$J:$J,IF($C$5=\"Yes\",\"Yes\",IF($C$5=\"No\",\"No\",\"<>Luke\")),'Future Requirements'!$AC:$AC,IF($C$6=\"Agreed\",\"Agreed\",IF($C$6=\"C/Fwd\",\"C/Fwd\",\"<>Luke\")),'Future Requirements'!$AA:$AA,$I$6),0)+\nIF($J$7=\"Include\",SUMIFS('Future Requirements'!$O:$O,'Future Requirements'!$I:$I,$B42,'Future Requirements'!$G:$G,O$40,'Future Requirements'!$B:$B,IF($C$3=\"\",\">=\"&$F$3,\">=\"&$C$3),'Future Requirements'!$B:$B,IF($C$4=\"\",\"<=\"&$F$4,\"<=\"&$C$4),'Future Requirements'!$J:$J,IF($C$5=\"Yes\",\"Yes\",IF($C$5=\"No\",\"No\",\"<>Luke\")),'Future Requirements'!$AC:$AC,IF($C$6=\"Agreed\",\"Agreed\",IF($C$6=\"C/Fwd\",\"C/Fwd\",\"<>Luke\")),'Future Requirements'!$AA:$AA,$I$7),0)","v":0},{"$f":"IF($J$3=\"Include\",SUMIFS('Future Requirements'!$O:$O,'Future Requirements'!$I:$I,$B42,'Future Requirements'!$G:$G,P$40,'Future Requirements'!$B:$B,IF($C$3=\"\",\">=\"&$F$3,\">=\"&$C$3),'Future Requirements'!$B:$B,IF($C$4=\"\",\"<=\"&$F$4,\"<=\"&$C$4),'Future Requirements'!$J:$J,IF($C$5=\"Yes\",\"Yes\",IF($C$5=\"No\",\"No\",\"<>Luke\")),'Future Requirements'!$AC:$AC,IF($C$6=\"Agreed\",\"Agreed\",IF($C$6=\"C/Fwd\",\"C/Fwd\",\"<>Luke\")),'Future Requirements'!$AA:$AA,$I$3),0)+\nIF($J$4=\"Include\",SUMIFS('Future Requirements'!$O:$O,'Future Requirements'!$I:$I,$B42,'Future Requirements'!$G:$G,P$40,'Future Requirements'!$B:$B,IF($C$3=\"\",\">=\"&$F$3,\">=\"&$C$3),'Future Requirements'!$B:$B,IF($C$4=\"\",\"<=\"&$F$4,\"<=\"&$C$4),'Future Requirements'!$J:$J,IF($C$5=\"Yes\",\"Yes\",IF($C$5=\"No\",\"No\",\"<>Luke\")),'Future Requirements'!$AC:$AC,IF($C$6=\"Agreed\",\"Agreed\",IF($C$6=\"C/Fwd\",\"C/Fwd\",\"<>Luke\")),'Future Requirements'!$AA:$AA,$I$4),0)+\nIF($J$5=\"Include\",SUMIFS('Future Requirements'!$O:$O,'Future Requirements'!$I:$I,$B42,'Future Requirements'!$G:$G,P$40,'Future Requirements'!$B:$B,IF($C$3=\"\",\">=\"&$F$3,\">=\"&$C$3),'Future Requirements'!$B:$B,IF($C$4=\"\",\"<=\"&$F$4,\"<=\"&$C$4),'Future Requirements'!$J:$J,IF($C$5=\"Yes\",\"Yes\",IF($C$5=\"No\",\"No\",\"<>Luke\")),'Future Requirements'!$AC:$AC,IF($C$6=\"Agreed\",\"Agreed\",IF($C$6=\"C/Fwd\",\"C/Fwd\",\"<>Luke\")),'Future Requirements'!$AA:$AA,$I$5),0)+\nIF($J$6=\"Include\",SUMIFS('Future Requirements'!$O:$O,'Future Requirements'!$I:$I,$B42,'Future Requirements'!$G:$G,P$40,'Future Requirements'!$B:$B,IF($C$3=\"\",\">=\"&$F$3,\">=\"&$C$3),'Future Requirements'!$B:$B,IF($C$4=\"\",\"<=\"&$F$4,\"<=\"&$C$4),'Future Requirements'!$J:$J,IF($C$5=\"Yes\",\"Yes\",IF($C$5=\"No\",\"No\",\"<>Luke\")),'Future Requirements'!$AC:$AC,IF($C$6=\"Agreed\",\"Agreed\",IF($C$6=\"C/Fwd\",\"C/Fwd\",\"<>Luke\")),'Future Requirements'!$AA:$AA,$I$6),0)+\nIF($J$7=\"Include\",SUMIFS('Future Requirements'!$O:$O,'Future Requirements'!$I:$I,$B42,'Future Requirements'!$G:$G,P$40,'Future Requirements'!$B:$B,IF($C$3=\"\",\">=\"&$F$3,\">=\"&$C$3),'Future Requirements'!$B:$B,IF($C$4=\"\",\"<=\"&$F$4,\"<=\"&$C$4),'Future Requirements'!$J:$J,IF($C$5=\"Yes\",\"Yes\",IF($C$5=\"No\",\"No\",\"<>Luke\")),'Future Requirements'!$AC:$AC,IF($C$6=\"Agreed\",\"Agreed\",IF($C$6=\"C/Fwd\",\"C/Fwd\",\"<>Luke\")),'Future Requirements'!$AA:$AA,$I$7),0)","v":0},{"$f":"IF($J$3=\"Include\",SUMIFS('Future Requirements'!$O:$O,'Future Requirements'!$I:$I,$B42,'Future Requirements'!$G:$G,Q$40,'Future Requirements'!$B:$B,IF($C$3=\"\",\">=\"&$F$3,\">=\"&$C$3),'Future Requirements'!$B:$B,IF($C$4=\"\",\"<=\"&$F$4,\"<=\"&$C$4),'Future Requirements'!$J:$J,IF($C$5=\"Yes\",\"Yes\",IF($C$5=\"No\",\"No\",\"<>Luke\")),'Future Requirements'!$AC:$AC,IF($C$6=\"Agreed\",\"Agreed\",IF($C$6=\"C/Fwd\",\"C/Fwd\",\"<>Luke\")),'Future Requirements'!$AA:$AA,$I$3),0)+\nIF($J$4=\"Include\",SUMIFS('Future Requirements'!$O:$O,'Future Requirements'!$I:$I,$B42,'Future Requirements'!$G:$G,Q$40,'Future Requirements'!$B:$B,IF($C$3=\"\",\">=\"&$F$3,\">=\"&$C$3),'Future Requirements'!$B:$B,IF($C$4=\"\",\"<=\"&$F$4,\"<=\"&$C$4),'Future Requirements'!$J:$J,IF($C$5=\"Yes\",\"Yes\",IF($C$5=\"No\",\"No\",\"<>Luke\")),'Future Requirements'!$AC:$AC,IF($C$6=\"Agreed\",\"Agreed\",IF($C$6=\"C/Fwd\",\"C/Fwd\",\"<>Luke\")),'Future Requirements'!$AA:$AA,$I$4),0)+\nIF($J$5=\"Include\",SUMIFS('Future Requirements'!$O:$O,'Future Requirements'!$I:$I,$B42,'Future Requirements'!$G:$G,Q$40,'Future Requirements'!$B:$B,IF($C$3=\"\",\">=\"&$F$3,\">=\"&$C$3),'Future Requirements'!$B:$B,IF($C$4=\"\",\"<=\"&$F$4,\"<=\"&$C$4),'Future Requirements'!$J:$J,IF($C$5=\"Yes\",\"Yes\",IF($C$5=\"No\",\"No\",\"<>Luke\")),'Future Requirements'!$AC:$AC,IF($C$6=\"Agreed\",\"Agreed\",IF($C$6=\"C/Fwd\",\"C/Fwd\",\"<>Luke\")),'Future Requirements'!$AA:$AA,$I$5),0)+\nIF($J$6=\"Include\",SUMIFS('Future Requirements'!$O:$O,'Future Requirements'!$I:$I,$B42,'Future Requirements'!$G:$G,Q$40,'Future Requirements'!$B:$B,IF($C$3=\"\",\">=\"&$F$3,\">=\"&$C$3),'Future Requirements'!$B:$B,IF($C$4=\"\",\"<=\"&$F$4,\"<=\"&$C$4),'Future Requirements'!$J:$J,IF($C$5=\"Yes\",\"Yes\",IF($C$5=\"No\",\"No\",\"<>Luke\")),'Future Requirements'!$AC:$AC,IF($C$6=\"Agreed\",\"Agreed\",IF($C$6=\"C/Fwd\",\"C/Fwd\",\"<>Luke\")),'Future Requirements'!$AA:$AA,$I$6),0)+\nIF($J$7=\"Include\",SUMIFS('Future Requirements'!$O:$O,'Future Requirements'!$I:$I,$B42,'Future Requirements'!$G:$G,Q$40,'Future Requirements'!$B:$B,IF($C$3=\"\",\">=\"&$F$3,\">=\"&$C$3),'Future Requirements'!$B:$B,IF($C$4=\"\",\"<=\"&$F$4,\"<=\"&$C$4),'Future Requirements'!$J:$J,IF($C$5=\"Yes\",\"Yes\",IF($C$5=\"No\",\"No\",\"<>Luke\")),'Future Requirements'!$AC:$AC,IF($C$6=\"Agreed\",\"Agreed\",IF($C$6=\"C/Fwd\",\"C/Fwd\",\"<>Luke\")),'Future Requirements'!$AA:$AA,$I$7),0)","v":0},{"$f":"IF($J$3=\"Include\",SUMIFS('Future Requirements'!$O:$O,'Future Requirements'!$I:$I,$B42,'Future Requirements'!$G:$G,R$40,'Future Requirements'!$B:$B,IF($C$3=\"\",\">=\"&$F$3,\">=\"&$C$3),'Future Requirements'!$B:$B,IF($C$4=\"\",\"<=\"&$F$4,\"<=\"&$C$4),'Future Requirements'!$J:$J,IF($C$5=\"Yes\",\"Yes\",IF($C$5=\"No\",\"No\",\"<>Luke\")),'Future Requirements'!$AC:$AC,IF($C$6=\"Agreed\",\"Agreed\",IF($C$6=\"C/Fwd\",\"C/Fwd\",\"<>Luke\")),'Future Requirements'!$AA:$AA,$I$3),0)+\nIF($J$4=\"Include\",SUMIFS('Future Requirements'!$O:$O,'Future Requirements'!$I:$I,$B42,'Future Requirements'!$G:$G,R$40,'Future Requirements'!$B:$B,IF($C$3=\"\",\">=\"&$F$3,\">=\"&$C$3),'Future Requirements'!$B:$B,IF($C$4=\"\",\"<=\"&$F$4,\"<=\"&$C$4),'Future Requirements'!$J:$J,IF($C$5=\"Yes\",\"Yes\",IF($C$5=\"No\",\"No\",\"<>Luke\")),'Future Requirements'!$AC:$AC,IF($C$6=\"Agreed\",\"Agreed\",IF($C$6=\"C/Fwd\",\"C/Fwd\",\"<>Luke\")),'Future Requirements'!$AA:$AA,$I$4),0)+\nIF($J$5=\"Include\",SUMIFS('Future Requirements'!$O:$O,'Future Requirements'!$I:$I,$B42,'Future Requirements'!$G:$G,R$40,'Future Requirements'!$B:$B,IF($C$3=\"\",\">=\"&$F$3,\">=\"&$C$3),'Future Requirements'!$B:$B,IF($C$4=\"\",\"<=\"&$F$4,\"<=\"&$C$4),'Future Requirements'!$J:$J,IF($C$5=\"Yes\",\"Yes\",IF($C$5=\"No\",\"No\",\"<>Luke\")),'Future Requirements'!$AC:$AC,IF($C$6=\"Agreed\",\"Agreed\",IF($C$6=\"C/Fwd\",\"C/Fwd\",\"<>Luke\")),'Future Requirements'!$AA:$AA,$I$5),0)+\nIF($J$6=\"Include\",SUMIFS('Future Requirements'!$O:$O,'Future Requirements'!$I:$I,$B42,'Future Requirements'!$G:$G,R$40,'Future Requirements'!$B:$B,IF($C$3=\"\",\">=\"&$F$3,\">=\"&$C$3),'Future Requirements'!$B:$B,IF($C$4=\"\",\"<=\"&$F$4,\"<=\"&$C$4),'Future Requirements'!$J:$J,IF($C$5=\"Yes\",\"Yes\",IF($C$5=\"No\",\"No\",\"<>Luke\")),'Future Requirements'!$AC:$AC,IF($C$6=\"Agreed\",\"Agreed\",IF($C$6=\"C/Fwd\",\"C/Fwd\",\"<>Luke\")),'Future Requirements'!$AA:$AA,$I$6),0)+\nIF($J$7=\"Include\",SUMIFS('Future Requirements'!$O:$O,'Future Requirements'!$I:$I,$B42,'Future Requirements'!$G:$G,R$40,'Future Requirements'!$B:$B,IF($C$3=\"\",\">=\"&$F$3,\">=\"&$C$3),'Future Requirements'!$B:$B,IF($C$4=\"\",\"<=\"&$F$4,\"<=\"&$C$4),'Future Requirements'!$J:$J,IF($C$5=\"Yes\",\"Yes\",IF($C$5=\"No\",\"No\",\"<>Luke\")),'Future Requirements'!$AC:$AC,IF($C$6=\"Agreed\",\"Agreed\",IF($C$6=\"C/Fwd\",\"C/Fwd\",\"<>Luke\")),'Future Requirements'!$AA:$AA,$I$7),0)","v":0},{"$f":"IF($J$3=\"Include\",SUMIFS('Future Requirements'!$O:$O,'Future Requirements'!$I:$I,$B42,'Future Requirements'!$G:$G,S$40,'Future Requirements'!$B:$B,IF($C$3=\"\",\">=\"&$F$3,\">=\"&$C$3),'Future Requirements'!$B:$B,IF($C$4=\"\",\"<=\"&$F$4,\"<=\"&$C$4),'Future Requirements'!$J:$J,IF($C$5=\"Yes\",\"Yes\",IF($C$5=\"No\",\"No\",\"<>Luke\")),'Future Requirements'!$AC:$AC,IF($C$6=\"Agreed\",\"Agreed\",IF($C$6=\"C/Fwd\",\"C/Fwd\",\"<>Luke\")),'Future Requirements'!$AA:$AA,$I$3),0)+\nIF($J$4=\"Include\",SUMIFS('Future Requirements'!$O:$O,'Future Requirements'!$I:$I,$B42,'Future Requirements'!$G:$G,S$40,'Future Requirements'!$B:$B,IF($C$3=\"\",\">=\"&$F$3,\">=\"&$C$3),'Future Requirements'!$B:$B,IF($C$4=\"\",\"<=\"&$F$4,\"<=\"&$C$4),'Future Requirements'!$J:$J,IF($C$5=\"Yes\",\"Yes\",IF($C$5=\"No\",\"No\",\"<>Luke\")),'Future Requirements'!$AC:$AC,IF($C$6=\"Agreed\",\"Agreed\",IF($C$6=\"C/Fwd\",\"C/Fwd\",\"<>Luke\")),'Future Requirements'!$AA:$AA,$I$4),0)+\nIF($J$5=\"Include\",SUMIFS('Future Requirements'!$O:$O,'Future Requirements'!$I:$I,$B42,'Future Requirements'!$G:$G,S$40,'Future Requirements'!$B:$B,IF($C$3=\"\",\">=\"&$F$3,\">=\"&$C$3),'Future Requirements'!$B:$B,IF($C$4=\"\",\"<=\"&$F$4,\"<=\"&$C$4),'Future Requirements'!$J:$J,IF($C$5=\"Yes\",\"Yes\",IF($C$5=\"No\",\"No\",\"<>Luke\")),'Future Requirements'!$AC:$AC,IF($C$6=\"Agreed\",\"Agreed\",IF($C$6=\"C/Fwd\",\"C/Fwd\",\"<>Luke\")),'Future Requirements'!$AA:$AA,$I$5),0)+\nIF($J$6=\"Include\",SUMIFS('Future Requirements'!$O:$O,'Future Requirements'!$I:$I,$B42,'Future Requirements'!$G:$G,S$40,'Future Requirements'!$B:$B,IF($C$3=\"\",\">=\"&$F$3,\">=\"&$C$3),'Future Requirements'!$B:$B,IF($C$4=\"\",\"<=\"&$F$4,\"<=\"&$C$4),'Future Requirements'!$J:$J,IF($C$5=\"Yes\",\"Yes\",IF($C$5=\"No\",\"No\",\"<>Luke\")),'Future Requirements'!$AC:$AC,IF($C$6=\"Agreed\",\"Agreed\",IF($C$6=\"C/Fwd\",\"C/Fwd\",\"<>Luke\")),'Future Requirements'!$AA:$AA,$I$6),0)+\nIF($J$7=\"Include\",SUMIFS('Future Requirements'!$O:$O,'Future Requirements'!$I:$I,$B42,'Future Requirements'!$G:$G,S$40,'Future Requirements'!$B:$B,IF($C$3=\"\",\">=\"&$F$3,\">=\"&$C$3),'Future Requirements'!$B:$B,IF($C$4=\"\",\"<=\"&$F$4,\"<=\"&$C$4),'Future Requirements'!$J:$J,IF($C$5=\"Yes\",\"Yes\",IF($C$5=\"No\",\"No\",\"<>Luke\")),'Future Requirements'!$AC:$AC,IF($C$6=\"Agreed\",\"Agreed\",IF($C$6=\"C/Fwd\",\"C/Fwd\",\"<>Luke\")),'Future Requirements'!$AA:$AA,$I$7),0)","v":0},{"$f":"SUM(C42:S42)","v":0}]
[null,"Grade 1 - Free from Defects",{"$f":"IF($J$3=\"Include\",SUMIFS('Future Requirements'!$O:$O,'Future Requirements'!$I:$I,$B43,'Future Requirements'!$G:$G,C$40,'Future Requirements'!$B:$B,IF($C$3=\"\",\">=\"&$F$3,\">=\"&$C$3),'Future Requirements'!$B:$B,IF($C$4=\"\",\"<=\"&$F$4,\"<=\"&$C$4),'Future Requirements'!$J:$J,IF($C$5=\"Yes\",\"Yes\",IF($C$5=\"No\",\"No\",\"<>Luke\")),'Future Requirements'!$AC:$AC,IF($C$6=\"Agreed\",\"Agreed\",IF($C$6=\"C/Fwd\",\"C/Fwd\",\"<>Luke\")),'Future Requirements'!$AA:$AA,$I$3),0)+\nIF($J$4=\"Include\",SUMIFS('Future Requirements'!$O:$O,'Future Requirements'!$I:$I,$B43,'Future Requirements'!$G:$G,C$40,'Future Requirements'!$B:$B,IF($C$3=\"\",\">=\"&$F$3,\">=\"&$C$3),'Future Requirements'!$B:$B,IF($C$4=\"\",\"<=\"&$F$4,\"<=\"&$C$4),'Future Requirements'!$J:$J,IF($C$5=\"Yes\",\"Yes\",IF($C$5=\"No\",\"No\",\"<>Luke\")),'Future Requirements'!$AC:$AC,IF($C$6=\"Agreed\",\"Agreed\",IF($C$6=\"C/Fwd\",\"C/Fwd\",\"<>Luke\")),'Future Requirements'!$AA:$AA,$I$4),0)+\nIF($J$5=\"Include\",SUMIFS('Future Requirements'!$O:$O,'Future Requirements'!$I:$I,$B43,'Future Requirements'!$G:$G,C$40,'Future Requirements'!$B:$B,IF($C$3=\"\",\">=\"&$F$3,\">=\"&$C$3),'Future Requirements'!$B:$B,IF($C$4=\"\",\"<=\"&$F$4,\"<=\"&$C$4),'Future Requirements'!$J:$J,IF($C$5=\"Yes\",\"Yes\",IF($C$5=\"No\",\"No\",\"<>Luke\")),'Future Requirements'!$AC:$AC,IF($C$6=\"Agreed\",\"Agreed\",IF($C$6=\"C/Fwd\",\"C/Fwd\",\"<>Luke\")),'Future Requirements'!$AA:$AA,$I$5),0)+\nIF($J$6=\"Include\",SUMIFS('Future Requirements'!$O:$O,'Future Requirements'!$I:$I,$B43,'Future Requirements'!$G:$G,C$40,'Future Requirements'!$B:$B,IF($C$3=\"\",\">=\"&$F$3,\">=\"&$C$3),'Future Requirements'!$B:$B,IF($C$4=\"\",\"<=\"&$F$4,\"<=\"&$C$4),'Future Requirements'!$J:$J,IF($C$5=\"Yes\",\"Yes\",IF($C$5=\"No\",\"No\",\"<>Luke\")),'Future Requirements'!$AC:$AC,IF($C$6=\"Agreed\",\"Agreed\",IF($C$6=\"C/Fwd\",\"C/Fwd\",\"<>Luke\")),'Future Requirements'!$AA:$AA,$I$6),0)+\nIF($J$7=\"Include\",SUMIFS('Future Requirements'!$O:$O,'Future Requirements'!$I:$I,$B43,'Future Requirements'!$G:$G,C$40,'Future Requirements'!$B:$B,IF($C$3=\"\",\">=\"&$F$3,\">=\"&$C$3),'Future Requirements'!$B:$B,IF($C$4=\"\",\"<=\"&$F$4,\"<=\"&$C$4),'Future Requirements'!$J:$J,IF($C$5=\"Yes\",\"Yes\",IF($C$5=\"No\",\"No\",\"<>Luke\")),'Future Requirements'!$AC:$AC,IF($C$6=\"Agreed\",\"Agreed\",IF($C$6=\"C/Fwd\",\"C/Fwd\",\"<>Luke\")),'Future Requirements'!$AA:$AA,$I$7),0)","v":0},{"$f":"IF($J$3=\"Include\",SUMIFS('Future Requirements'!$O:$O,'Future Requirements'!$I:$I,$B43,'Future Requirements'!$G:$G,D$40,'Future Requirements'!$B:$B,IF($C$3=\"\",\">=\"&$F$3,\">=\"&$C$3),'Future Requirements'!$B:$B,IF($C$4=\"\",\"<=\"&$F$4,\"<=\"&$C$4),'Future Requirements'!$J:$J,IF($C$5=\"Yes\",\"Yes\",IF($C$5=\"No\",\"No\",\"<>Luke\")),'Future Requirements'!$AC:$AC,IF($C$6=\"Agreed\",\"Agreed\",IF($C$6=\"C/Fwd\",\"C/Fwd\",\"<>Luke\")),'Future Requirements'!$AA:$AA,$I$3),0)+\nIF($J$4=\"Include\",SUMIFS('Future Requirements'!$O:$O,'Future Requirements'!$I:$I,$B43,'Future Requirements'!$G:$G,D$40,'Future Requirements'!$B:$B,IF($C$3=\"\",\">=\"&$F$3,\">=\"&$C$3),'Future Requirements'!$B:$B,IF($C$4=\"\",\"<=\"&$F$4,\"<=\"&$C$4),'Future Requirements'!$J:$J,IF($C$5=\"Yes\",\"Yes\",IF($C$5=\"No\",\"No\",\"<>Luke\")),'Future Requirements'!$AC:$AC,IF($C$6=\"Agreed\",\"Agreed\",IF($C$6=\"C/Fwd\",\"C/Fwd\",\"<>Luke\")),'Future Requirements'!$AA:$AA,$I$4),0)+\nIF($J$5=\"Include\",SUMIFS('Future Requirements'!$O:$O,'Future Requirements'!$I:$I,$B43,'Future Requirements'!$G:$G,D$40,'Future Requirements'!$B:$B,IF($C$3=\"\",\">=\"&$F$3,\">=\"&$C$3),'Future Requirements'!$B:$B,IF($C$4=\"\",\"<=\"&$F$4,\"<=\"&$C$4),'Future Requirements'!$J:$J,IF($C$5=\"Yes\",\"Yes\",IF($C$5=\"No\",\"No\",\"<>Luke\")),'Future Requirements'!$AC:$AC,IF($C$6=\"Agreed\",\"Agreed\",IF($C$6=\"C/Fwd\",\"C/Fwd\",\"<>Luke\")),'Future Requirements'!$AA:$AA,$I$5),0)+\nIF($J$6=\"Include\",SUMIFS('Future Requirements'!$O:$O,'Future Requirements'!$I:$I,$B43,'Future Requirements'!$G:$G,D$40,'Future Requirements'!$B:$B,IF($C$3=\"\",\">=\"&$F$3,\">=\"&$C$3),'Future Requirements'!$B:$B,IF($C$4=\"\",\"<=\"&$F$4,\"<=\"&$C$4),'Future Requirements'!$J:$J,IF($C$5=\"Yes\",\"Yes\",IF($C$5=\"No\",\"No\",\"<>Luke\")),'Future Requirements'!$AC:$AC,IF($C$6=\"Agreed\",\"Agreed\",IF($C$6=\"C/Fwd\",\"C/Fwd\",\"<>Luke\")),'Future Requirements'!$AA:$AA,$I$6),0)+\nIF($J$7=\"Include\",SUMIFS('Future Requirements'!$O:$O,'Future Requirements'!$I:$I,$B43,'Future Requirements'!$G:$G,D$40,'Future Requirements'!$B:$B,IF($C$3=\"\",\">=\"&$F$3,\">=\"&$C$3),'Future Requirements'!$B:$B,IF($C$4=\"\",\"<=\"&$F$4,\"<=\"&$C$4),'Future Requirements'!$J:$J,IF($C$5=\"Yes\",\"Yes\",IF($C$5=\"No\",\"No\",\"<>Luke\")),'Future Requirements'!$AC:$AC,IF($C$6=\"Agreed\",\"Agreed\",IF($C$6=\"C/Fwd\",\"C/Fwd\",\"<>Luke\")),'Future Requirements'!$AA:$AA,$I$7),0)","v":0},{"$f":"IF($J$3=\"Include\",SUMIFS('Future Requirements'!$O:$O,'Future Requirements'!$I:$I,$B43,'Future Requirements'!$G:$G,E$40,'Future Requirements'!$B:$B,IF($C$3=\"\",\">=\"&$F$3,\">=\"&$C$3),'Future Requirements'!$B:$B,IF($C$4=\"\",\"<=\"&$F$4,\"<=\"&$C$4),'Future Requirements'!$J:$J,IF($C$5=\"Yes\",\"Yes\",IF($C$5=\"No\",\"No\",\"<>Luke\")),'Future Requirements'!$AC:$AC,IF($C$6=\"Agreed\",\"Agreed\",IF($C$6=\"C/Fwd\",\"C/Fwd\",\"<>Luke\")),'Future Requirements'!$AA:$AA,$I$3),0)+\nIF($J$4=\"Include\",SUMIFS('Future Requirements'!$O:$O,'Future Requirements'!$I:$I,$B43,'Future Requirements'!$G:$G,E$40,'Future Requirements'!$B:$B,IF($C$3=\"\",\">=\"&$F$3,\">=\"&$C$3),'Future Requirements'!$B:$B,IF($C$4=\"\",\"<=\"&$F$4,\"<=\"&$C$4),'Future Requirements'!$J:$J,IF($C$5=\"Yes\",\"Yes\",IF($C$5=\"No\",\"No\",\"<>Luke\")),'Future Requirements'!$AC:$AC,IF($C$6=\"Agreed\",\"Agreed\",IF($C$6=\"C/Fwd\",\"C/Fwd\",\"<>Luke\")),'Future Requirements'!$AA:$AA,$I$4),0)+\nIF($J$5=\"Include\",SUMIFS('Future Requirements'!$O:$O,'Future Requirements'!$I:$I,$B43,'Future Requirements'!$G:$G,E$40,'Future Requirements'!$B:$B,IF($C$3=\"\",\">=\"&$F$3,\">=\"&$C$3),'Future Requirements'!$B:$B,IF($C$4=\"\",\"<=\"&$F$4,\"<=\"&$C$4),'Future Requirements'!$J:$J,IF($C$5=\"Yes\",\"Yes\",IF($C$5=\"No\",\"No\",\"<>Luke\")),'Future Requirements'!$AC:$AC,IF($C$6=\"Agreed\",\"Agreed\",IF($C$6=\"C/Fwd\",\"C/Fwd\",\"<>Luke\")),'Future Requirements'!$AA:$AA,$I$5),0)+\nIF($J$6=\"Include\",SUMIFS('Future Requirements'!$O:$O,'Future Requirements'!$I:$I,$B43,'Future Requirements'!$G:$G,E$40,'Future Requirements'!$B:$B,IF($C$3=\"\",\">=\"&$F$3,\">=\"&$C$3),'Future Requirements'!$B:$B,IF($C$4=\"\",\"<=\"&$F$4,\"<=\"&$C$4),'Future Requirements'!$J:$J,IF($C$5=\"Yes\",\"Yes\",IF($C$5=\"No\",\"No\",\"<>Luke\")),'Future Requirements'!$AC:$AC,IF($C$6=\"Agreed\",\"Agreed\",IF($C$6=\"C/Fwd\",\"C/Fwd\",\"<>Luke\")),'Future Requirements'!$AA:$AA,$I$6),0)+\nIF($J$7=\"Include\",SUMIFS('Future Requirements'!$O:$O,'Future Requirements'!$I:$I,$B43,'Future Requirements'!$G:$G,E$40,'Future Requirements'!$B:$B,IF($C$3=\"\",\">=\"&$F$3,\">=\"&$C$3),'Future Requirements'!$B:$B,IF($C$4=\"\",\"<=\"&$F$4,\"<=\"&$C$4),'Future Requirements'!$J:$J,IF($C$5=\"Yes\",\"Yes\",IF($C$5=\"No\",\"No\",\"<>Luke\")),'Future Requirements'!$AC:$AC,IF($C$6=\"Agreed\",\"Agreed\",IF($C$6=\"C/Fwd\",\"C/Fwd\",\"<>Luke\")),'Future Requirements'!$AA:$AA,$I$7),0)","v":0},{"$f":"IF($J$3=\"Include\",SUMIFS('Future Requirements'!$O:$O,'Future Requirements'!$I:$I,$B43,'Future Requirements'!$G:$G,F$40,'Future Requirements'!$B:$B,IF($C$3=\"\",\">=\"&$F$3,\">=\"&$C$3),'Future Requirements'!$B:$B,IF($C$4=\"\",\"<=\"&$F$4,\"<=\"&$C$4),'Future Requirements'!$J:$J,IF($C$5=\"Yes\",\"Yes\",IF($C$5=\"No\",\"No\",\"<>Luke\")),'Future Requirements'!$AC:$AC,IF($C$6=\"Agreed\",\"Agreed\",IF($C$6=\"C/Fwd\",\"C/Fwd\",\"<>Luke\")),'Future Requirements'!$AA:$AA,$I$3),0)+\nIF($J$4=\"Include\",SUMIFS('Future Requirements'!$O:$O,'Future Requirements'!$I:$I,$B43,'Future Requirements'!$G:$G,F$40,'Future Requirements'!$B:$B,IF($C$3=\"\",\">=\"&$F$3,\">=\"&$C$3),'Future Requirements'!$B:$B,IF($C$4=\"\",\"<=\"&$F$4,\"<=\"&$C$4),'Future Requirements'!$J:$J,IF($C$5=\"Yes\",\"Yes\",IF($C$5=\"No\",\"No\",\"<>Luke\")),'Future Requirements'!$AC:$AC,IF($C$6=\"Agreed\",\"Agreed\",IF($C$6=\"C/Fwd\",\"C/Fwd\",\"<>Luke\")),'Future Requirements'!$AA:$AA,$I$4),0)+\nIF($J$5=\"Include\",SUMIFS('Future Requirements'!$O:$O,'Future Requirements'!$I:$I,$B43,'Future Requirements'!$G:$G,F$40,'Future Requirements'!$B:$B,IF($C$3=\"\",\">=\"&$F$3,\">=\"&$C$3),'Future Requirements'!$B:$B,IF($C$4=\"\",\"<=\"&$F$4,\"<=\"&$C$4),'Future Requirements'!$J:$J,IF($C$5=\"Yes\",\"Yes\",IF($C$5=\"No\",\"No\",\"<>Luke\")),'Future Requirements'!$AC:$AC,IF($C$6=\"Agreed\",\"Agreed\",IF($C$6=\"C/Fwd\",\"C/Fwd\",\"<>Luke\")),'Future Requirements'!$AA:$AA,$I$5),0)+\nIF($J$6=\"Include\",SUMIFS('Future Requirements'!$O:$O,'Future Requirements'!$I:$I,$B43,'Future Requirements'!$G:$G,F$40,'Future Requirements'!$B:$B,IF($C$3=\"\",\">=\"&$F$3,\">=\"&$C$3),'Future Requirements'!$B:$B,IF($C$4=\"\",\"<=\"&$F$4,\"<=\"&$C$4),'Future Requirements'!$J:$J,IF($C$5=\"Yes\",\"Yes\",IF($C$5=\"No\",\"No\",\"<>Luke\")),'Future Requirements'!$AC:$AC,IF($C$6=\"Agreed\",\"Agreed\",IF($C$6=\"C/Fwd\",\"C/Fwd\",\"<>Luke\")),'Future Requirements'!$AA:$AA,$I$6),0)+\nIF($J$7=\"Include\",SUMIFS('Future Requirements'!$O:$O,'Future Requirements'!$I:$I,$B43,'Future Requirements'!$G:$G,F$40,'Future Requirements'!$B:$B,IF($C$3=\"\",\">=\"&$F$3,\">=\"&$C$3),'Future Requirements'!$B:$B,IF($C$4=\"\",\"<=\"&$F$4,\"<=\"&$C$4),'Future Requirements'!$J:$J,IF($C$5=\"Yes\",\"Yes\",IF($C$5=\"No\",\"No\",\"<>Luke\")),'Future Requirements'!$AC:$AC,IF($C$6=\"Agreed\",\"Agreed\",IF($C$6=\"C/Fwd\",\"C/Fwd\",\"<>Luke\")),'Future Requirements'!$AA:$AA,$I$7),0)","v":0},{"$f":"IF($J$3=\"Include\",SUMIFS('Future Requirements'!$O:$O,'Future Requirements'!$I:$I,$B43,'Future Requirements'!$G:$G,G$40,'Future Requirements'!$B:$B,IF($C$3=\"\",\">=\"&$F$3,\">=\"&$C$3),'Future Requirements'!$B:$B,IF($C$4=\"\",\"<=\"&$F$4,\"<=\"&$C$4),'Future Requirements'!$J:$J,IF($C$5=\"Yes\",\"Yes\",IF($C$5=\"No\",\"No\",\"<>Luke\")),'Future Requirements'!$AC:$AC,IF($C$6=\"Agreed\",\"Agreed\",IF($C$6=\"C/Fwd\",\"C/Fwd\",\"<>Luke\")),'Future Requirements'!$AA:$AA,$I$3),0)+\nIF($J$4=\"Include\",SUMIFS('Future Requirements'!$O:$O,'Future Requirements'!$I:$I,$B43,'Future Requirements'!$G:$G,G$40,'Future Requirements'!$B:$B,IF($C$3=\"\",\">=\"&$F$3,\">=\"&$C$3),'Future Requirements'!$B:$B,IF($C$4=\"\",\"<=\"&$F$4,\"<=\"&$C$4),'Future Requirements'!$J:$J,IF($C$5=\"Yes\",\"Yes\",IF($C$5=\"No\",\"No\",\"<>Luke\")),'Future Requirements'!$AC:$AC,IF($C$6=\"Agreed\",\"Agreed\",IF($C$6=\"C/Fwd\",\"C/Fwd\",\"<>Luke\")),'Future Requirements'!$AA:$AA,$I$4),0)+\nIF($J$5=\"Include\",SUMIFS('Future Requirements'!$O:$O,'Future Requirements'!$I:$I,$B43,'Future Requirements'!$G:$G,G$40,'Future Requirements'!$B:$B,IF($C$3=\"\",\">=\"&$F$3,\">=\"&$C$3),'Future Requirements'!$B:$B,IF($C$4=\"\",\"<=\"&$F$4,\"<=\"&$C$4),'Future Requirements'!$J:$J,IF($C$5=\"Yes\",\"Yes\",IF($C$5=\"No\",\"No\",\"<>Luke\")),'Future Requirements'!$AC:$AC,IF($C$6=\"Agreed\",\"Agreed\",IF($C$6=\"C/Fwd\",\"C/Fwd\",\"<>Luke\")),'Future Requirements'!$AA:$AA,$I$5),0)+\nIF($J$6=\"Include\",SUMIFS('Future Requirements'!$O:$O,'Future Requirements'!$I:$I,$B43,'Future Requirements'!$G:$G,G$40,'Future Requirements'!$B:$B,IF($C$3=\"\",\">=\"&$F$3,\">=\"&$C$3),'Future Requirements'!$B:$B,IF($C$4=\"\",\"<=\"&$F$4,\"<=\"&$C$4),'Future Requirements'!$J:$J,IF($C$5=\"Yes\",\"Yes\",IF($C$5=\"No\",\"No\",\"<>Luke\")),'Future Requirements'!$AC:$AC,IF($C$6=\"Agreed\",\"Agreed\",IF($C$6=\"C/Fwd\",\"C/Fwd\",\"<>Luke\")),'Future Requirements'!$AA:$AA,$I$6),0)+\nIF($J$7=\"Include\",SUMIFS('Future Requirements'!$O:$O,'Future Requirements'!$I:$I,$B43,'Future Requirements'!$G:$G,G$40,'Future Requirements'!$B:$B,IF($C$3=\"\",\">=\"&$F$3,\">=\"&$C$3),'Future Requirements'!$B:$B,IF($C$4=\"\",\"<=\"&$F$4,\"<=\"&$C$4),'Future Requirements'!$J:$J,IF($C$5=\"Yes\",\"Yes\",IF($C$5=\"No\",\"No\",\"<>Luke\")),'Future Requirements'!$AC:$AC,IF($C$6=\"Agreed\",\"Agreed\",IF($C$6=\"C/Fwd\",\"C/Fwd\",\"<>Luke\")),'Future Requirements'!$AA:$AA,$I$7),0)","v":0},{"$f":"IF($J$3=\"Include\",SUMIFS('Future Requirements'!$O:$O,'Future Requirements'!$I:$I,$B43,'Future Requirements'!$G:$G,H$40,'Future Requirements'!$B:$B,IF($C$3=\"\",\">=\"&$F$3,\">=\"&$C$3),'Future Requirements'!$B:$B,IF($C$4=\"\",\"<=\"&$F$4,\"<=\"&$C$4),'Future Requirements'!$J:$J,IF($C$5=\"Yes\",\"Yes\",IF($C$5=\"No\",\"No\",\"<>Luke\")),'Future Requirements'!$AC:$AC,IF($C$6=\"Agreed\",\"Agreed\",IF($C$6=\"C/Fwd\",\"C/Fwd\",\"<>Luke\")),'Future Requirements'!$AA:$AA,$I$3),0)+\nIF($J$4=\"Include\",SUMIFS('Future Requirements'!$O:$O,'Future Requirements'!$I:$I,$B43,'Future Requirements'!$G:$G,H$40,'Future Requirements'!$B:$B,IF($C$3=\"\",\">=\"&$F$3,\">=\"&$C$3),'Future Requirements'!$B:$B,IF($C$4=\"\",\"<=\"&$F$4,\"<=\"&$C$4),'Future Requirements'!$J:$J,IF($C$5=\"Yes\",\"Yes\",IF($C$5=\"No\",\"No\",\"<>Luke\")),'Future Requirements'!$AC:$AC,IF($C$6=\"Agreed\",\"Agreed\",IF($C$6=\"C/Fwd\",\"C/Fwd\",\"<>Luke\")),'Future Requirements'!$AA:$AA,$I$4),0)+\nIF($J$5=\"Include\",SUMIFS('Future Requirements'!$O:$O,'Future Requirements'!$I:$I,$B43,'Future Requirements'!$G:$G,H$40,'Future Requirements'!$B:$B,IF($C$3=\"\",\">=\"&$F$3,\">=\"&$C$3),'Future Requirements'!$B:$B,IF($C$4=\"\",\"<=\"&$F$4,\"<=\"&$C$4),'Future Requirements'!$J:$J,IF($C$5=\"Yes\",\"Yes\",IF($C$5=\"No\",\"No\",\"<>Luke\")),'Future Requirements'!$AC:$AC,IF($C$6=\"Agreed\",\"Agreed\",IF($C$6=\"C/Fwd\",\"C/Fwd\",\"<>Luke\")),'Future Requirements'!$AA:$AA,$I$5),0)+\nIF($J$6=\"Include\",SUMIFS('Future Requirements'!$O:$O,'Future Requirements'!$I:$I,$B43,'Future Requirements'!$G:$G,H$40,'Future Requirements'!$B:$B,IF($C$3=\"\",\">=\"&$F$3,\">=\"&$C$3),'Future Requirements'!$B:$B,IF($C$4=\"\",\"<=\"&$F$4,\"<=\"&$C$4),'Future Requirements'!$J:$J,IF($C$5=\"Yes\",\"Yes\",IF($C$5=\"No\",\"No\",\"<>Luke\")),'Future Requirements'!$AC:$AC,IF($C$6=\"Agreed\",\"Agreed\",IF($C$6=\"C/Fwd\",\"C/Fwd\",\"<>Luke\")),'Future Requirements'!$AA:$AA,$I$6),0)+\nIF($J$7=\"Include\",SUMIFS('Future Requirements'!$O:$O,'Future Requirements'!$I:$I,$B43,'Future Requirements'!$G:$G,H$40,'Future Requirements'!$B:$B,IF($C$3=\"\",\">=\"&$F$3,\">=\"&$C$3),'Future Requirements'!$B:$B,IF($C$4=\"\",\"<=\"&$F$4,\"<=\"&$C$4),'Future Requirements'!$J:$J,IF($C$5=\"Yes\",\"Yes\",IF($C$5=\"No\",\"No\",\"<>Luke\")),'Future Requirements'!$AC:$AC,IF($C$6=\"Agreed\",\"Agreed\",IF($C$6=\"C/Fwd\",\"C/Fwd\",\"<>Luke\")),'Future Requirements'!$AA:$AA,$I$7),0)","v":0},{"$f":"IF($J$3=\"Include\",SUMIFS('Future Requirements'!$O:$O,'Future Requirements'!$I:$I,$B43,'Future Requirements'!$G:$G,I$40,'Future Requirements'!$B:$B,IF($C$3=\"\",\">=\"&$F$3,\">=\"&$C$3),'Future Requirements'!$B:$B,IF($C$4=\"\",\"<=\"&$F$4,\"<=\"&$C$4),'Future Requirements'!$J:$J,IF($C$5=\"Yes\",\"Yes\",IF($C$5=\"No\",\"No\",\"<>Luke\")),'Future Requirements'!$AC:$AC,IF($C$6=\"Agreed\",\"Agreed\",IF($C$6=\"C/Fwd\",\"C/Fwd\",\"<>Luke\")),'Future Requirements'!$AA:$AA,$I$3),0)+\nIF($J$4=\"Include\",SUMIFS('Future Requirements'!$O:$O,'Future Requirements'!$I:$I,$B43,'Future Requirements'!$G:$G,I$40,'Future Requirements'!$B:$B,IF($C$3=\"\",\">=\"&$F$3,\">=\"&$C$3),'Future Requirements'!$B:$B,IF($C$4=\"\",\"<=\"&$F$4,\"<=\"&$C$4),'Future Requirements'!$J:$J,IF($C$5=\"Yes\",\"Yes\",IF($C$5=\"No\",\"No\",\"<>Luke\")),'Future Requirements'!$AC:$AC,IF($C$6=\"Agreed\",\"Agreed\",IF($C$6=\"C/Fwd\",\"C/Fwd\",\"<>Luke\")),'Future Requirements'!$AA:$AA,$I$4),0)+\nIF($J$5=\"Include\",SUMIFS('Future Requirements'!$O:$O,'Future Requirements'!$I:$I,$B43,'Future Requirements'!$G:$G,I$40,'Future Requirements'!$B:$B,IF($C$3=\"\",\">=\"&$F$3,\">=\"&$C$3),'Future Requirements'!$B:$B,IF($C$4=\"\",\"<=\"&$F$4,\"<=\"&$C$4),'Future Requirements'!$J:$J,IF($C$5=\"Yes\",\"Yes\",IF($C$5=\"No\",\"No\",\"<>Luke\")),'Future Requirements'!$AC:$AC,IF($C$6=\"Agreed\",\"Agreed\",IF($C$6=\"C/Fwd\",\"C/Fwd\",\"<>Luke\")),'Future Requirements'!$AA:$AA,$I$5),0)+\nIF($J$6=\"Include\",SUMIFS('Future Requirements'!$O:$O,'Future Requirements'!$I:$I,$B43,'Future Requirements'!$G:$G,I$40,'Future Requirements'!$B:$B,IF($C$3=\"\",\">=\"&$F$3,\">=\"&$C$3),'Future Requirements'!$B:$B,IF($C$4=\"\",\"<=\"&$F$4,\"<=\"&$C$4),'Future Requirements'!$J:$J,IF($C$5=\"Yes\",\"Yes\",IF($C$5=\"No\",\"No\",\"<>Luke\")),'Future Requirements'!$AC:$AC,IF($C$6=\"Agreed\",\"Agreed\",IF($C$6=\"C/Fwd\",\"C/Fwd\",\"<>Luke\")),'Future Requirements'!$AA:$AA,$I$6),0)+\nIF($J$7=\"Include\",SUMIFS('Future Requirements'!$O:$O,'Future Requirements'!$I:$I,$B43,'Future Requirements'!$G:$G,I$40,'Future Requirements'!$B:$B,IF($C$3=\"\",\">=\"&$F$3,\">=\"&$C$3),'Future Requirements'!$B:$B,IF($C$4=\"\",\"<=\"&$F$4,\"<=\"&$C$4),'Future Requirements'!$J:$J,IF($C$5=\"Yes\",\"Yes\",IF($C$5=\"No\",\"No\",\"<>Luke\")),'Future Requirements'!$AC:$AC,IF($C$6=\"Agreed\",\"Agreed\",IF($C$6=\"C/Fwd\",\"C/Fwd\",\"<>Luke\")),'Future Requirements'!$AA:$AA,$I$7),0)","v":0},{"$f":"IF($J$3=\"Include\",SUMIFS('Future Requirements'!$O:$O,'Future Requirements'!$I:$I,$B43,'Future Requirements'!$G:$G,J$40,'Future Requirements'!$B:$B,IF($C$3=\"\",\">=\"&$F$3,\">=\"&$C$3),'Future Requirements'!$B:$B,IF($C$4=\"\",\"<=\"&$F$4,\"<=\"&$C$4),'Future Requirements'!$J:$J,IF($C$5=\"Yes\",\"Yes\",IF($C$5=\"No\",\"No\",\"<>Luke\")),'Future Requirements'!$AC:$AC,IF($C$6=\"Agreed\",\"Agreed\",IF($C$6=\"C/Fwd\",\"C/Fwd\",\"<>Luke\")),'Future Requirements'!$AA:$AA,$I$3),0)+\nIF($J$4=\"Include\",SUMIFS('Future Requirements'!$O:$O,'Future Requirements'!$I:$I,$B43,'Future Requirements'!$G:$G,J$40,'Future Requirements'!$B:$B,IF($C$3=\"\",\">=\"&$F$3,\">=\"&$C$3),'Future Requirements'!$B:$B,IF($C$4=\"\",\"<=\"&$F$4,\"<=\"&$C$4),'Future Requirements'!$J:$J,IF($C$5=\"Yes\",\"Yes\",IF($C$5=\"No\",\"No\",\"<>Luke\")),'Future Requirements'!$AC:$AC,IF($C$6=\"Agreed\",\"Agreed\",IF($C$6=\"C/Fwd\",\"C/Fwd\",\"<>Luke\")),'Future Requirements'!$AA:$AA,$I$4),0)+\nIF($J$5=\"Include\",SUMIFS('Future Requirements'!$O:$O,'Future Requirements'!$I:$I,$B43,'Future Requirements'!$G:$G,J$40,'Future Requirements'!$B:$B,IF($C$3=\"\",\">=\"&$F$3,\">=\"&$C$3),'Future Requirements'!$B:$B,IF($C$4=\"\",\"<=\"&$F$4,\"<=\"&$C$4),'Future Requirements'!$J:$J,IF($C$5=\"Yes\",\"Yes\",IF($C$5=\"No\",\"No\",\"<>Luke\")),'Future Requirements'!$AC:$AC,IF($C$6=\"Agreed\",\"Agreed\",IF($C$6=\"C/Fwd\",\"C/Fwd\",\"<>Luke\")),'Future Requirements'!$AA:$AA,$I$5),0)+\nIF($J$6=\"Include\",SUMIFS('Future Requirements'!$O:$O,'Future Requirements'!$I:$I,$B43,'Future Requirements'!$G:$G,J$40,'Future Requirements'!$B:$B,IF($C$3=\"\",\">=\"&$F$3,\">=\"&$C$3),'Future Requirements'!$B:$B,IF($C$4=\"\",\"<=\"&$F$4,\"<=\"&$C$4),'Future Requirements'!$J:$J,IF($C$5=\"Yes\",\"Yes\",IF($C$5=\"No\",\"No\",\"<>Luke\")),'Future Requirements'!$AC:$AC,IF($C$6=\"Agreed\",\"Agreed\",IF($C$6=\"C/Fwd\",\"C/Fwd\",\"<>Luke\")),'Future Requirements'!$AA:$AA,$I$6),0)+\nIF($J$7=\"Include\",SUMIFS('Future Requirements'!$O:$O,'Future Requirements'!$I:$I,$B43,'Future Requirements'!$G:$G,J$40,'Future Requirements'!$B:$B,IF($C$3=\"\",\">=\"&$F$3,\">=\"&$C$3),'Future Requirements'!$B:$B,IF($C$4=\"\",\"<=\"&$F$4,\"<=\"&$C$4),'Future Requirements'!$J:$J,IF($C$5=\"Yes\",\"Yes\",IF($C$5=\"No\",\"No\",\"<>Luke\")),'Future Requirements'!$AC:$AC,IF($C$6=\"Agreed\",\"Agreed\",IF($C$6=\"C/Fwd\",\"C/Fwd\",\"<>Luke\")),'Future Requirements'!$AA:$AA,$I$7),0)","v":0},{"$f":"IF($J$3=\"Include\",SUMIFS('Future Requirements'!$O:$O,'Future Requirements'!$I:$I,$B43,'Future Requirements'!$G:$G,K$40,'Future Requirements'!$B:$B,IF($C$3=\"\",\">=\"&$F$3,\">=\"&$C$3),'Future Requirements'!$B:$B,IF($C$4=\"\",\"<=\"&$F$4,\"<=\"&$C$4),'Future Requirements'!$J:$J,IF($C$5=\"Yes\",\"Yes\",IF($C$5=\"No\",\"No\",\"<>Luke\")),'Future Requirements'!$AC:$AC,IF($C$6=\"Agreed\",\"Agreed\",IF($C$6=\"C/Fwd\",\"C/Fwd\",\"<>Luke\")),'Future Requirements'!$AA:$AA,$I$3),0)+\nIF($J$4=\"Include\",SUMIFS('Future Requirements'!$O:$O,'Future Requirements'!$I:$I,$B43,'Future Requirements'!$G:$G,K$40,'Future Requirements'!$B:$B,IF($C$3=\"\",\">=\"&$F$3,\">=\"&$C$3),'Future Requirements'!$B:$B,IF($C$4=\"\",\"<=\"&$F$4,\"<=\"&$C$4),'Future Requirements'!$J:$J,IF($C$5=\"Yes\",\"Yes\",IF($C$5=\"No\",\"No\",\"<>Luke\")),'Future Requirements'!$AC:$AC,IF($C$6=\"Agreed\",\"Agreed\",IF($C$6=\"C/Fwd\",\"C/Fwd\",\"<>Luke\")),'Future Requirements'!$AA:$AA,$I$4),0)+\nIF($J$5=\"Include\",SUMIFS('Future Requirements'!$O:$O,'Future Requirements'!$I:$I,$B43,'Future Requirements'!$G:$G,K$40,'Future Requirements'!$B:$B,IF($C$3=\"\",\">=\"&$F$3,\">=\"&$C$3),'Future Requirements'!$B:$B,IF($C$4=\"\",\"<=\"&$F$4,\"<=\"&$C$4),'Future Requirements'!$J:$J,IF($C$5=\"Yes\",\"Yes\",IF($C$5=\"No\",\"No\",\"<>Luke\")),'Future Requirements'!$AC:$AC,IF($C$6=\"Agreed\",\"Agreed\",IF($C$6=\"C/Fwd\",\"C/Fwd\",\"<>Luke\")),'Future Requirements'!$AA:$AA,$I$5),0)+\nIF($J$6=\"Include\",SUMIFS('Future Requirements'!$O:$O,'Future Requirements'!$I:$I,$B43,'Future Requirements'!$G:$G,K$40,'Future Requirements'!$B:$B,IF($C$3=\"\",\">=\"&$F$3,\">=\"&$C$3),'Future Requirements'!$B:$B,IF($C$4=\"\",\"<=\"&$F$4,\"<=\"&$C$4),'Future Requirements'!$J:$J,IF($C$5=\"Yes\",\"Yes\",IF($C$5=\"No\",\"No\",\"<>Luke\")),'Future Requirements'!$AC:$AC,IF($C$6=\"Agreed\",\"Agreed\",IF($C$6=\"C/Fwd\",\"C/Fwd\",\"<>Luke\")),'Future Requirements'!$AA:$AA,$I$6),0)+\nIF($J$7=\"Include\",SUMIFS('Future Requirements'!$O:$O,'Future Requirements'!$I:$I,$B43,'Future Requirements'!$G:$G,K$40,'Future Requirements'!$B:$B,IF($C$3=\"\",\">=\"&$F$3,\">=\"&$C$3),'Future Requirements'!$B:$B,IF($C$4=\"\",\"<=\"&$F$4,\"<=\"&$C$4),'Future Requirements'!$J:$J,IF($C$5=\"Yes\",\"Yes\",IF($C$5=\"No\",\"No\",\"<>Luke\")),'Future Requirements'!$AC:$AC,IF($C$6=\"Agreed\",\"Agreed\",IF($C$6=\"C/Fwd\",\"C/Fwd\",\"<>Luke\")),'Future Requirements'!$AA:$AA,$I$7),0)","v":0},{"$f":"IF($J$3=\"Include\",SUMIFS('Future Requirements'!$O:$O,'Future Requirements'!$I:$I,$B43,'Future Requirements'!$G:$G,L$40,'Future Requirements'!$B:$B,IF($C$3=\"\",\">=\"&$F$3,\">=\"&$C$3),'Future Requirements'!$B:$B,IF($C$4=\"\",\"<=\"&$F$4,\"<=\"&$C$4),'Future Requirements'!$J:$J,IF($C$5=\"Yes\",\"Yes\",IF($C$5=\"No\",\"No\",\"<>Luke\")),'Future Requirements'!$AC:$AC,IF($C$6=\"Agreed\",\"Agreed\",IF($C$6=\"C/Fwd\",\"C/Fwd\",\"<>Luke\")),'Future Requirements'!$AA:$AA,$I$3),0)+\nIF($J$4=\"Include\",SUMIFS('Future Requirements'!$O:$O,'Future Requirements'!$I:$I,$B43,'Future Requirements'!$G:$G,L$40,'Future Requirements'!$B:$B,IF($C$3=\"\",\">=\"&$F$3,\">=\"&$C$3),'Future Requirements'!$B:$B,IF($C$4=\"\",\"<=\"&$F$4,\"<=\"&$C$4),'Future Requirements'!$J:$J,IF($C$5=\"Yes\",\"Yes\",IF($C$5=\"No\",\"No\",\"<>Luke\")),'Future Requirements'!$AC:$AC,IF($C$6=\"Agreed\",\"Agreed\",IF($C$6=\"C/Fwd\",\"C/Fwd\",\"<>Luke\")),'Future Requirements'!$AA:$AA,$I$4),0)+\nIF($J$5=\"Include\",SUMIFS('Future Requirements'!$O:$O,'Future Requirements'!$I:$I,$B43,'Future Requirements'!$G:$G,L$40,'Future Requirements'!$B:$B,IF($C$3=\"\",\">=\"&$F$3,\">=\"&$C$3),'Future Requirements'!$B:$B,IF($C$4=\"\",\"<=\"&$F$4,\"<=\"&$C$4),'Future Requirements'!$J:$J,IF($C$5=\"Yes\",\"Yes\",IF($C$5=\"No\",\"No\",\"<>Luke\")),'Future Requirements'!$AC:$AC,IF($C$6=\"Agreed\",\"Agreed\",IF($C$6=\"C/Fwd\",\"C/Fwd\",\"<>Luke\")),'Future Requirements'!$AA:$AA,$I$5),0)+\nIF($J$6=\"Include\",SUMIFS('Future Requirements'!$O:$O,'Future Requirements'!$I:$I,$B43,'Future Requirements'!$G:$G,L$40,'Future Requirements'!$B:$B,IF($C$3=\"\",\">=\"&$F$3,\">=\"&$C$3),'Future Requirements'!$B:$B,IF($C$4=\"\",\"<=\"&$F$4,\"<=\"&$C$4),'Future Requirements'!$J:$J,IF($C$5=\"Yes\",\"Yes\",IF($C$5=\"No\",\"No\",\"<>Luke\")),'Future Requirements'!$AC:$AC,IF($C$6=\"Agreed\",\"Agreed\",IF($C$6=\"C/Fwd\",\"C/Fwd\",\"<>Luke\")),'Future Requirements'!$AA:$AA,$I$6),0)+\nIF($J$7=\"Include\",SUMIFS('Future Requirements'!$O:$O,'Future Requirements'!$I:$I,$B43,'Future Requirements'!$G:$G,L$40,'Future Requirements'!$B:$B,IF($C$3=\"\",\">=\"&$F$3,\">=\"&$C$3),'Future Requirements'!$B:$B,IF($C$4=\"\",\"<=\"&$F$4,\"<=\"&$C$4),'Future Requirements'!$J:$J,IF($C$5=\"Yes\",\"Yes\",IF($C$5=\"No\",\"No\",\"<>Luke\")),'Future Requirements'!$AC:$AC,IF($C$6=\"Agreed\",\"Agreed\",IF($C$6=\"C/Fwd\",\"C/Fwd\",\"<>Luke\")),'Future Requirements'!$AA:$AA,$I$7),0)","v":0},{"$f":"IF($J$3=\"Include\",SUMIFS('Future Requirements'!$O:$O,'Future Requirements'!$I:$I,$B43,'Future Requirements'!$G:$G,M$40,'Future Requirements'!$B:$B,IF($C$3=\"\",\">=\"&$F$3,\">=\"&$C$3),'Future Requirements'!$B:$B,IF($C$4=\"\",\"<=\"&$F$4,\"<=\"&$C$4),'Future Requirements'!$J:$J,IF($C$5=\"Yes\",\"Yes\",IF($C$5=\"No\",\"No\",\"<>Luke\")),'Future Requirements'!$AC:$AC,IF($C$6=\"Agreed\",\"Agreed\",IF($C$6=\"C/Fwd\",\"C/Fwd\",\"<>Luke\")),'Future Requirements'!$AA:$AA,$I$3),0)+\nIF($J$4=\"Include\",SUMIFS('Future Requirements'!$O:$O,'Future Requirements'!$I:$I,$B43,'Future Requirements'!$G:$G,M$40,'Future Requirements'!$B:$B,IF($C$3=\"\",\">=\"&$F$3,\">=\"&$C$3),'Future Requirements'!$B:$B,IF($C$4=\"\",\"<=\"&$F$4,\"<=\"&$C$4),'Future Requirements'!$J:$J,IF($C$5=\"Yes\",\"Yes\",IF($C$5=\"No\",\"No\",\"<>Luke\")),'Future Requirements'!$AC:$AC,IF($C$6=\"Agreed\",\"Agreed\",IF($C$6=\"C/Fwd\",\"C/Fwd\",\"<>Luke\")),'Future Requirements'!$AA:$AA,$I$4),0)+\nIF($J$5=\"Include\",SUMIFS('Future Requirements'!$O:$O,'Future Requirements'!$I:$I,$B43,'Future Requirements'!$G:$G,M$40,'Future Requirements'!$B:$B,IF($C$3=\"\",\">=\"&$F$3,\">=\"&$C$3),'Future Requirements'!$B:$B,IF($C$4=\"\",\"<=\"&$F$4,\"<=\"&$C$4),'Future Requirements'!$J:$J,IF($C$5=\"Yes\",\"Yes\",IF($C$5=\"No\",\"No\",\"<>Luke\")),'Future Requirements'!$AC:$AC,IF($C$6=\"Agreed\",\"Agreed\",IF($C$6=\"C/Fwd\",\"C/Fwd\",\"<>Luke\")),'Future Requirements'!$AA:$AA,$I$5),0)+\nIF($J$6=\"Include\",SUMIFS('Future Requirements'!$O:$O,'Future Requirements'!$I:$I,$B43,'Future Requirements'!$G:$G,M$40,'Future Requirements'!$B:$B,IF($C$3=\"\",\">=\"&$F$3,\">=\"&$C$3),'Future Requirements'!$B:$B,IF($C$4=\"\",\"<=\"&$F$4,\"<=\"&$C$4),'Future Requirements'!$J:$J,IF($C$5=\"Yes\",\"Yes\",IF($C$5=\"No\",\"No\",\"<>Luke\")),'Future Requirements'!$AC:$AC,IF($C$6=\"Agreed\",\"Agreed\",IF($C$6=\"C/Fwd\",\"C/Fwd\",\"<>Luke\")),'Future Requirements'!$AA:$AA,$I$6),0)+\nIF($J$7=\"Include\",SUMIFS('Future Requirements'!$O:$O,'Future Requirements'!$I:$I,$B43,'Future Requirements'!$G:$G,M$40,'Future Requirements'!$B:$B,IF($C$3=\"\",\">=\"&$F$3,\">=\"&$C$3),'Future Requirements'!$B:$B,IF($C$4=\"\",\"<=\"&$F$4,\"<=\"&$C$4),'Future Requirements'!$J:$J,IF($C$5=\"Yes\",\"Yes\",IF($C$5=\"No\",\"No\",\"<>Luke\")),'Future Requirements'!$AC:$AC,IF($C$6=\"Agreed\",\"Agreed\",IF($C$6=\"C/Fwd\",\"C/Fwd\",\"<>Luke\")),'Future Requirements'!$AA:$AA,$I$7),0)","v":0},{"$f":"IF($J$3=\"Include\",SUMIFS('Future Requirements'!$O:$O,'Future Requirements'!$I:$I,$B43,'Future Requirements'!$G:$G,N$40,'Future Requirements'!$B:$B,IF($C$3=\"\",\">=\"&$F$3,\">=\"&$C$3),'Future Requirements'!$B:$B,IF($C$4=\"\",\"<=\"&$F$4,\"<=\"&$C$4),'Future Requirements'!$J:$J,IF($C$5=\"Yes\",\"Yes\",IF($C$5=\"No\",\"No\",\"<>Luke\")),'Future Requirements'!$AC:$AC,IF($C$6=\"Agreed\",\"Agreed\",IF($C$6=\"C/Fwd\",\"C/Fwd\",\"<>Luke\")),'Future Requirements'!$AA:$AA,$I$3),0)+\nIF($J$4=\"Include\",SUMIFS('Future Requirements'!$O:$O,'Future Requirements'!$I:$I,$B43,'Future Requirements'!$G:$G,N$40,'Future Requirements'!$B:$B,IF($C$3=\"\",\">=\"&$F$3,\">=\"&$C$3),'Future Requirements'!$B:$B,IF($C$4=\"\",\"<=\"&$F$4,\"<=\"&$C$4),'Future Requirements'!$J:$J,IF($C$5=\"Yes\",\"Yes\",IF($C$5=\"No\",\"No\",\"<>Luke\")),'Future Requirements'!$AC:$AC,IF($C$6=\"Agreed\",\"Agreed\",IF($C$6=\"C/Fwd\",\"C/Fwd\",\"<>Luke\")),'Future Requirements'!$AA:$AA,$I$4),0)+\nIF($J$5=\"Include\",SUMIFS('Future Requirements'!$O:$O,'Future Requirements'!$I:$I,$B43,'Future Requirements'!$G:$G,N$40,'Future Requirements'!$B:$B,IF($C$3=\"\",\">=\"&$F$3,\">=\"&$C$3),'Future Requirements'!$B:$B,IF($C$4=\"\",\"<=\"&$F$4,\"<=\"&$C$4),'Future Requirements'!$J:$J,IF($C$5=\"Yes\",\"Yes\",IF($C$5=\"No\",\"No\",\"<>Luke\")),'Future Requirements'!$AC:$AC,IF($C$6=\"Agreed\",\"Agreed\",IF($C$6=\"C/Fwd\",\"C/Fwd\",\"<>Luke\")),'Future Requirements'!$AA:$AA,$I$5),0)+\nIF($J$6=\"Include\",SUMIFS('Future Requirements'!$O:$O,'Future Requirements'!$I:$I,$B43,'Future Requirements'!$G:$G,N$40,'Future Requirements'!$B:$B,IF($C$3=\"\",\">=\"&$F$3,\">=\"&$C$3),'Future Requirements'!$B:$B,IF($C$4=\"\",\"<=\"&$F$4,\"<=\"&$C$4),'Future Requirements'!$J:$J,IF($C$5=\"Yes\",\"Yes\",IF($C$5=\"No\",\"No\",\"<>Luke\")),'Future Requirements'!$AC:$AC,IF($C$6=\"Agreed\",\"Agreed\",IF($C$6=\"C/Fwd\",\"C/Fwd\",\"<>Luke\")),'Future Requirements'!$AA:$AA,$I$6),0)+\nIF($J$7=\"Include\",SUMIFS('Future Requirements'!$O:$O,'Future Requirements'!$I:$I,$B43,'Future Requirements'!$G:$G,N$40,'Future Requirements'!$B:$B,IF($C$3=\"\",\">=\"&$F$3,\">=\"&$C$3),'Future Requirements'!$B:$B,IF($C$4=\"\",\"<=\"&$F$4,\"<=\"&$C$4),'Future Requirements'!$J:$J,IF($C$5=\"Yes\",\"Yes\",IF($C$5=\"No\",\"No\",\"<>Luke\")),'Future Requirements'!$AC:$AC,IF($C$6=\"Agreed\",\"Agreed\",IF($C$6=\"C/Fwd\",\"C/Fwd\",\"<>Luke\")),'Future Requirements'!$AA:$AA,$I$7),0)","v":0},{"$f":"IF($J$3=\"Include\",SUMIFS('Future Requirements'!$O:$O,'Future Requirements'!$I:$I,$B43,'Future Requirements'!$G:$G,O$40,'Future Requirements'!$B:$B,IF($C$3=\"\",\">=\"&$F$3,\">=\"&$C$3),'Future Requirements'!$B:$B,IF($C$4=\"\",\"<=\"&$F$4,\"<=\"&$C$4),'Future Requirements'!$J:$J,IF($C$5=\"Yes\",\"Yes\",IF($C$5=\"No\",\"No\",\"<>Luke\")),'Future Requirements'!$AC:$AC,IF($C$6=\"Agreed\",\"Agreed\",IF($C$6=\"C/Fwd\",\"C/Fwd\",\"<>Luke\")),'Future Requirements'!$AA:$AA,$I$3),0)+\nIF($J$4=\"Include\",SUMIFS('Future Requirements'!$O:$O,'Future Requirements'!$I:$I,$B43,'Future Requirements'!$G:$G,O$40,'Future Requirements'!$B:$B,IF($C$3=\"\",\">=\"&$F$3,\">=\"&$C$3),'Future Requirements'!$B:$B,IF($C$4=\"\",\"<=\"&$F$4,\"<=\"&$C$4),'Future Requirements'!$J:$J,IF($C$5=\"Yes\",\"Yes\",IF($C$5=\"No\",\"No\",\"<>Luke\")),'Future Requirements'!$AC:$AC,IF($C$6=\"Agreed\",\"Agreed\",IF($C$6=\"C/Fwd\",\"C/Fwd\",\"<>Luke\")),'Future Requirements'!$AA:$AA,$I$4),0)+\nIF($J$5=\"Include\",SUMIFS('Future Requirements'!$O:$O,'Future Requirements'!$I:$I,$B43,'Future Requirements'!$G:$G,O$40,'Future Requirements'!$B:$B,IF($C$3=\"\",\">=\"&$F$3,\">=\"&$C$3),'Future Requirements'!$B:$B,IF($C$4=\"\",\"<=\"&$F$4,\"<=\"&$C$4),'Future Requirements'!$J:$J,IF($C$5=\"Yes\",\"Yes\",IF($C$5=\"No\",\"No\",\"<>Luke\")),'Future Requirements'!$AC:$AC,IF($C$6=\"Agreed\",\"Agreed\",IF($C$6=\"C/Fwd\",\"C/Fwd\",\"<>Luke\")),'Future Requirements'!$AA:$AA,$I$5),0)+\nIF($J$6=\"Include\",SUMIFS('Future Requirements'!$O:$O,'Future Requirements'!$I:$I,$B43,'Future Requirements'!$G:$G,O$40,'Future Requirements'!$B:$B,IF($C$3=\"\",\">=\"&$F$3,\">=\"&$C$3),'Future Requirements'!$B:$B,IF($C$4=\"\",\"<=\"&$F$4,\"<=\"&$C$4),'Future Requirements'!$J:$J,IF($C$5=\"Yes\",\"Yes\",IF($C$5=\"No\",\"No\",\"<>Luke\")),'Future Requirements'!$AC:$AC,IF($C$6=\"Agreed\",\"Agreed\",IF($C$6=\"C/Fwd\",\"C/Fwd\",\"<>Luke\")),'Future Requirements'!$AA:$AA,$I$6),0)+\nIF($J$7=\"Include\",SUMIFS('Future Requirements'!$O:$O,'Future Requirements'!$I:$I,$B43,'Future Requirements'!$G:$G,O$40,'Future Requirements'!$B:$B,IF($C$3=\"\",\">=\"&$F$3,\">=\"&$C$3),'Future Requirements'!$B:$B,IF($C$4=\"\",\"<=\"&$F$4,\"<=\"&$C$4),'Future Requirements'!$J:$J,IF($C$5=\"Yes\",\"Yes\",IF($C$5=\"No\",\"No\",\"<>Luke\")),'Future Requirements'!$AC:$AC,IF($C$6=\"Agreed\",\"Agreed\",IF($C$6=\"C/Fwd\",\"C/Fwd\",\"<>Luke\")),'Future Requirements'!$AA:$AA,$I$7),0)","v":0},{"$f":"IF($J$3=\"Include\",SUMIFS('Future Requirements'!$O:$O,'Future Requirements'!$I:$I,$B43,'Future Requirements'!$G:$G,P$40,'Future Requirements'!$B:$B,IF($C$3=\"\",\">=\"&$F$3,\">=\"&$C$3),'Future Requirements'!$B:$B,IF($C$4=\"\",\"<=\"&$F$4,\"<=\"&$C$4),'Future Requirements'!$J:$J,IF($C$5=\"Yes\",\"Yes\",IF($C$5=\"No\",\"No\",\"<>Luke\")),'Future Requirements'!$AC:$AC,IF($C$6=\"Agreed\",\"Agreed\",IF($C$6=\"C/Fwd\",\"C/Fwd\",\"<>Luke\")),'Future Requirements'!$AA:$AA,$I$3),0)+\nIF($J$4=\"Include\",SUMIFS('Future Requirements'!$O:$O,'Future Requirements'!$I:$I,$B43,'Future Requirements'!$G:$G,P$40,'Future Requirements'!$B:$B,IF($C$3=\"\",\">=\"&$F$3,\">=\"&$C$3),'Future Requirements'!$B:$B,IF($C$4=\"\",\"<=\"&$F$4,\"<=\"&$C$4),'Future Requirements'!$J:$J,IF($C$5=\"Yes\",\"Yes\",IF($C$5=\"No\",\"No\",\"<>Luke\")),'Future Requirements'!$AC:$AC,IF($C$6=\"Agreed\",\"Agreed\",IF($C$6=\"C/Fwd\",\"C/Fwd\",\"<>Luke\")),'Future Requirements'!$AA:$AA,$I$4),0)+\nIF($J$5=\"Include\",SUMIFS('Future Requirements'!$O:$O,'Future Requirements'!$I:$I,$B43,'Future Requirements'!$G:$G,P$40,'Future Requirements'!$B:$B,IF($C$3=\"\",\">=\"&$F$3,\">=\"&$C$3),'Future Requirements'!$B:$B,IF($C$4=\"\",\"<=\"&$F$4,\"<=\"&$C$4),'Future Requirements'!$J:$J,IF($C$5=\"Yes\",\"Yes\",IF($C$5=\"No\",\"No\",\"<>Luke\")),'Future Requirements'!$AC:$AC,IF($C$6=\"Agreed\",\"Agreed\",IF($C$6=\"C/Fwd\",\"C/Fwd\",\"<>Luke\")),'Future Requirements'!$AA:$AA,$I$5),0)+\nIF($J$6=\"Include\",SUMIFS('Future Requirements'!$O:$O,'Future Requirements'!$I:$I,$B43,'Future Requirements'!$G:$G,P$40,'Future Requirements'!$B:$B,IF($C$3=\"\",\">=\"&$F$3,\">=\"&$C$3),'Future Requirements'!$B:$B,IF($C$4=\"\",\"<=\"&$F$4,\"<=\"&$C$4),'Future Requirements'!$J:$J,IF($C$5=\"Yes\",\"Yes\",IF($C$5=\"No\",\"No\",\"<>Luke\")),'Future Requirements'!$AC:$AC,IF($C$6=\"Agreed\",\"Agreed\",IF($C$6=\"C/Fwd\",\"C/Fwd\",\"<>Luke\")),'Future Requirements'!$AA:$AA,$I$6),0)+\nIF($J$7=\"Include\",SUMIFS('Future Requirements'!$O:$O,'Future Requirements'!$I:$I,$B43,'Future Requirements'!$G:$G,P$40,'Future Requirements'!$B:$B,IF($C$3=\"\",\">=\"&$F$3,\">=\"&$C$3),'Future Requirements'!$B:$B,IF($C$4=\"\",\"<=\"&$F$4,\"<=\"&$C$4),'Future Requirements'!$J:$J,IF($C$5=\"Yes\",\"Yes\",IF($C$5=\"No\",\"No\",\"<>Luke\")),'Future Requirements'!$AC:$AC,IF($C$6=\"Agreed\",\"Agreed\",IF($C$6=\"C/Fwd\",\"C/Fwd\",\"<>Luke\")),'Future Requirements'!$AA:$AA,$I$7),0)","v":0},{"$f":"IF($J$3=\"Include\",SUMIFS('Future Requirements'!$O:$O,'Future Requirements'!$I:$I,$B43,'Future Requirements'!$G:$G,Q$40,'Future Requirements'!$B:$B,IF($C$3=\"\",\">=\"&$F$3,\">=\"&$C$3),'Future Requirements'!$B:$B,IF($C$4=\"\",\"<=\"&$F$4,\"<=\"&$C$4),'Future Requirements'!$J:$J,IF($C$5=\"Yes\",\"Yes\",IF($C$5=\"No\",\"No\",\"<>Luke\")),'Future Requirements'!$AC:$AC,IF($C$6=\"Agreed\",\"Agreed\",IF($C$6=\"C/Fwd\",\"C/Fwd\",\"<>Luke\")),'Future Requirements'!$AA:$AA,$I$3),0)+\nIF($J$4=\"Include\",SUMIFS('Future Requirements'!$O:$O,'Future Requirements'!$I:$I,$B43,'Future Requirements'!$G:$G,Q$40,'Future Requirements'!$B:$B,IF($C$3=\"\",\">=\"&$F$3,\">=\"&$C$3),'Future Requirements'!$B:$B,IF($C$4=\"\",\"<=\"&$F$4,\"<=\"&$C$4),'Future Requirements'!$J:$J,IF($C$5=\"Yes\",\"Yes\",IF($C$5=\"No\",\"No\",\"<>Luke\")),'Future Requirements'!$AC:$AC,IF($C$6=\"Agreed\",\"Agreed\",IF($C$6=\"C/Fwd\",\"C/Fwd\",\"<>Luke\")),'Future Requirements'!$AA:$AA,$I$4),0)+\nIF($J$5=\"Include\",SUMIFS('Future Requirements'!$O:$O,'Future Requirements'!$I:$I,$B43,'Future Requirements'!$G:$G,Q$40,'Future Requirements'!$B:$B,IF($C$3=\"\",\">=\"&$F$3,\">=\"&$C$3),'Future Requirements'!$B:$B,IF($C$4=\"\",\"<=\"&$F$4,\"<=\"&$C$4),'Future Requirements'!$J:$J,IF($C$5=\"Yes\",\"Yes\",IF($C$5=\"No\",\"No\",\"<>Luke\")),'Future Requirements'!$AC:$AC,IF($C$6=\"Agreed\",\"Agreed\",IF($C$6=\"C/Fwd\",\"C/Fwd\",\"<>Luke\")),'Future Requirements'!$AA:$AA,$I$5),0)+\nIF($J$6=\"Include\",SUMIFS('Future Requirements'!$O:$O,'Future Requirements'!$I:$I,$B43,'Future Requirements'!$G:$G,Q$40,'Future Requirements'!$B:$B,IF($C$3=\"\",\">=\"&$F$3,\">=\"&$C$3),'Future Requirements'!$B:$B,IF($C$4=\"\",\"<=\"&$F$4,\"<=\"&$C$4),'Future Requirements'!$J:$J,IF($C$5=\"Yes\",\"Yes\",IF($C$5=\"No\",\"No\",\"<>Luke\")),'Future Requirements'!$AC:$AC,IF($C$6=\"Agreed\",\"Agreed\",IF($C$6=\"C/Fwd\",\"C/Fwd\",\"<>Luke\")),'Future Requirements'!$AA:$AA,$I$6),0)+\nIF($J$7=\"Include\",SUMIFS('Future Requirements'!$O:$O,'Future Requirements'!$I:$I,$B43,'Future Requirements'!$G:$G,Q$40,'Future Requirements'!$B:$B,IF($C$3=\"\",\">=\"&$F$3,\">=\"&$C$3),'Future Requirements'!$B:$B,IF($C$4=\"\",\"<=\"&$F$4,\"<=\"&$C$4),'Future Requirements'!$J:$J,IF($C$5=\"Yes\",\"Yes\",IF($C$5=\"No\",\"No\",\"<>Luke\")),'Future Requirements'!$AC:$AC,IF($C$6=\"Agreed\",\"Agreed\",IF($C$6=\"C/Fwd\",\"C/Fwd\",\"<>Luke\")),'Future Requirements'!$AA:$AA,$I$7),0)","v":0},{"$f":"IF($J$3=\"Include\",SUMIFS('Future Requirements'!$O:$O,'Future Requirements'!$I:$I,$B43,'Future Requirements'!$G:$G,R$40,'Future Requirements'!$B:$B,IF($C$3=\"\",\">=\"&$F$3,\">=\"&$C$3),'Future Requirements'!$B:$B,IF($C$4=\"\",\"<=\"&$F$4,\"<=\"&$C$4),'Future Requirements'!$J:$J,IF($C$5=\"Yes\",\"Yes\",IF($C$5=\"No\",\"No\",\"<>Luke\")),'Future Requirements'!$AC:$AC,IF($C$6=\"Agreed\",\"Agreed\",IF($C$6=\"C/Fwd\",\"C/Fwd\",\"<>Luke\")),'Future Requirements'!$AA:$AA,$I$3),0)+\nIF($J$4=\"Include\",SUMIFS('Future Requirements'!$O:$O,'Future Requirements'!$I:$I,$B43,'Future Requirements'!$G:$G,R$40,'Future Requirements'!$B:$B,IF($C$3=\"\",\">=\"&$F$3,\">=\"&$C$3),'Future Requirements'!$B:$B,IF($C$4=\"\",\"<=\"&$F$4,\"<=\"&$C$4),'Future Requirements'!$J:$J,IF($C$5=\"Yes\",\"Yes\",IF($C$5=\"No\",\"No\",\"<>Luke\")),'Future Requirements'!$AC:$AC,IF($C$6=\"Agreed\",\"Agreed\",IF($C$6=\"C/Fwd\",\"C/Fwd\",\"<>Luke\")),'Future Requirements'!$AA:$AA,$I$4),0)+\nIF($J$5=\"Include\",SUMIFS('Future Requirements'!$O:$O,'Future Requirements'!$I:$I,$B43,'Future Requirements'!$G:$G,R$40,'Future Requirements'!$B:$B,IF($C$3=\"\",\">=\"&$F$3,\">=\"&$C$3),'Future Requirements'!$B:$B,IF($C$4=\"\",\"<=\"&$F$4,\"<=\"&$C$4),'Future Requirements'!$J:$J,IF($C$5=\"Yes\",\"Yes\",IF($C$5=\"No\",\"No\",\"<>Luke\")),'Future Requirements'!$AC:$AC,IF($C$6=\"Agreed\",\"Agreed\",IF($C$6=\"C/Fwd\",\"C/Fwd\",\"<>Luke\")),'Future Requirements'!$AA:$AA,$I$5),0)+\nIF($J$6=\"Include\",SUMIFS('Future Requirements'!$O:$O,'Future Requirements'!$I:$I,$B43,'Future Requirements'!$G:$G,R$40,'Future Requirements'!$B:$B,IF($C$3=\"\",\">=\"&$F$3,\">=\"&$C$3),'Future Requirements'!$B:$B,IF($C$4=\"\",\"<=\"&$F$4,\"<=\"&$C$4),'Future Requirements'!$J:$J,IF($C$5=\"Yes\",\"Yes\",IF($C$5=\"No\",\"No\",\"<>Luke\")),'Future Requirements'!$AC:$AC,IF($C$6=\"Agreed\",\"Agreed\",IF($C$6=\"C/Fwd\",\"C/Fwd\",\"<>Luke\")),'Future Requirements'!$AA:$AA,$I$6),0)+\nIF($J$7=\"Include\",SUMIFS('Future Requirements'!$O:$O,'Future Requirements'!$I:$I,$B43,'Future Requirements'!$G:$G,R$40,'Future Requirements'!$B:$B,IF($C$3=\"\",\">=\"&$F$3,\">=\"&$C$3),'Future Requirements'!$B:$B,IF($C$4=\"\",\"<=\"&$F$4,\"<=\"&$C$4),'Future Requirements'!$J:$J,IF($C$5=\"Yes\",\"Yes\",IF($C$5=\"No\",\"No\",\"<>Luke\")),'Future Requirements'!$AC:$AC,IF($C$6=\"Agreed\",\"Agreed\",IF($C$6=\"C/Fwd\",\"C/Fwd\",\"<>Luke\")),'Future Requirements'!$AA:$AA,$I$7),0)","v":0},{"$f":"IF($J$3=\"Include\",SUMIFS('Future Requirements'!$O:$O,'Future Requirements'!$I:$I,$B43,'Future Requirements'!$G:$G,S$40,'Future Requirements'!$B:$B,IF($C$3=\"\",\">=\"&$F$3,\">=\"&$C$3),'Future Requirements'!$B:$B,IF($C$4=\"\",\"<=\"&$F$4,\"<=\"&$C$4),'Future Requirements'!$J:$J,IF($C$5=\"Yes\",\"Yes\",IF($C$5=\"No\",\"No\",\"<>Luke\")),'Future Requirements'!$AC:$AC,IF($C$6=\"Agreed\",\"Agreed\",IF($C$6=\"C/Fwd\",\"C/Fwd\",\"<>Luke\")),'Future Requirements'!$AA:$AA,$I$3),0)+\nIF($J$4=\"Include\",SUMIFS('Future Requirements'!$O:$O,'Future Requirements'!$I:$I,$B43,'Future Requirements'!$G:$G,S$40,'Future Requirements'!$B:$B,IF($C$3=\"\",\">=\"&$F$3,\">=\"&$C$3),'Future Requirements'!$B:$B,IF($C$4=\"\",\"<=\"&$F$4,\"<=\"&$C$4),'Future Requirements'!$J:$J,IF($C$5=\"Yes\",\"Yes\",IF($C$5=\"No\",\"No\",\"<>Luke\")),'Future Requirements'!$AC:$AC,IF($C$6=\"Agreed\",\"Agreed\",IF($C$6=\"C/Fwd\",\"C/Fwd\",\"<>Luke\")),'Future Requirements'!$AA:$AA,$I$4),0)+\nIF($J$5=\"Include\",SUMIFS('Future Requirements'!$O:$O,'Future Requirements'!$I:$I,$B43,'Future Requirements'!$G:$G,S$40,'Future Requirements'!$B:$B,IF($C$3=\"\",\">=\"&$F$3,\">=\"&$C$3),'Future Requirements'!$B:$B,IF($C$4=\"\",\"<=\"&$F$4,\"<=\"&$C$4),'Future Requirements'!$J:$J,IF($C$5=\"Yes\",\"Yes\",IF($C$5=\"No\",\"No\",\"<>Luke\")),'Future Requirements'!$AC:$AC,IF($C$6=\"Agreed\",\"Agreed\",IF($C$6=\"C/Fwd\",\"C/Fwd\",\"<>Luke\")),'Future Requirements'!$AA:$AA,$I$5),0)+\nIF($J$6=\"Include\",SUMIFS('Future Requirements'!$O:$O,'Future Requirements'!$I:$I,$B43,'Future Requirements'!$G:$G,S$40,'Future Requirements'!$B:$B,IF($C$3=\"\",\">=\"&$F$3,\">=\"&$C$3),'Future Requirements'!$B:$B,IF($C$4=\"\",\"<=\"&$F$4,\"<=\"&$C$4),'Future Requirements'!$J:$J,IF($C$5=\"Yes\",\"Yes\",IF($C$5=\"No\",\"No\",\"<>Luke\")),'Future Requirements'!$AC:$AC,IF($C$6=\"Agreed\",\"Agreed\",IF($C$6=\"C/Fwd\",\"C/Fwd\",\"<>Luke\")),'Future Requirements'!$AA:$AA,$I$6),0)+\nIF($J$7=\"Include\",SUMIFS('Future Requirements'!$O:$O,'Future Requirements'!$I:$I,$B43,'Future Requirements'!$G:$G,S$40,'Future Requirements'!$B:$B,IF($C$3=\"\",\">=\"&$F$3,\">=\"&$C$3),'Future Requirements'!$B:$B,IF($C$4=\"\",\"<=\"&$F$4,\"<=\"&$C$4),'Future Requirements'!$J:$J,IF($C$5=\"Yes\",\"Yes\",IF($C$5=\"No\",\"No\",\"<>Luke\")),'Future Requirements'!$AC:$AC,IF($C$6=\"Agreed\",\"Agreed\",IF($C$6=\"C/Fwd\",\"C/Fwd\",\"<>Luke\")),'Future Requirements'!$AA:$AA,$I$7),0)","v":0},0]
[null,"Grade 2 - Signs of Surface Wear",{"$f":"IF($J$3=\"Include\",SUMIFS('Future Requirements'!$O:$O,'Future Requirements'!$I:$I,$B44,'Future Requirements'!$G:$G,C$40,'Future Requirements'!$B:$B,IF($C$3=\"\",\">=\"&$F$3,\">=\"&$C$3),'Future Requirements'!$B:$B,IF($C$4=\"\",\"<=\"&$F$4,\"<=\"&$C$4),'Future Requirements'!$J:$J,IF($C$5=\"Yes\",\"Yes\",IF($C$5=\"No\",\"No\",\"<>Luke\")),'Future Requirements'!$AC:$AC,IF($C$6=\"Agreed\",\"Agreed\",IF($C$6=\"C/Fwd\",\"C/Fwd\",\"<>Luke\")),'Future Requirements'!$AA:$AA,$I$3),0)+\nIF($J$4=\"Include\",SUMIFS('Future Requirements'!$O:$O,'Future Requirements'!$I:$I,$B44,'Future Requirements'!$G:$G,C$40,'Future Requirements'!$B:$B,IF($C$3=\"\",\">=\"&$F$3,\">=\"&$C$3),'Future Requirements'!$B:$B,IF($C$4=\"\",\"<=\"&$F$4,\"<=\"&$C$4),'Future Requirements'!$J:$J,IF($C$5=\"Yes\",\"Yes\",IF($C$5=\"No\",\"No\",\"<>Luke\")),'Future Requirements'!$AC:$AC,IF($C$6=\"Agreed\",\"Agreed\",IF($C$6=\"C/Fwd\",\"C/Fwd\",\"<>Luke\")),'Future Requirements'!$AA:$AA,$I$4),0)+\nIF($J$5=\"Include\",SUMIFS('Future Requirements'!$O:$O,'Future Requirements'!$I:$I,$B44,'Future Requirements'!$G:$G,C$40,'Future Requirements'!$B:$B,IF($C$3=\"\",\">=\"&$F$3,\">=\"&$C$3),'Future Requirements'!$B:$B,IF($C$4=\"\",\"<=\"&$F$4,\"<=\"&$C$4),'Future Requirements'!$J:$J,IF($C$5=\"Yes\",\"Yes\",IF($C$5=\"No\",\"No\",\"<>Luke\")),'Future Requirements'!$AC:$AC,IF($C$6=\"Agreed\",\"Agreed\",IF($C$6=\"C/Fwd\",\"C/Fwd\",\"<>Luke\")),'Future Requirements'!$AA:$AA,$I$5),0)+\nIF($J$6=\"Include\",SUMIFS('Future Requirements'!$O:$O,'Future Requirements'!$I:$I,$B44,'Future Requirements'!$G:$G,C$40,'Future Requirements'!$B:$B,IF($C$3=\"\",\">=\"&$F$3,\">=\"&$C$3),'Future Requirements'!$B:$B,IF($C$4=\"\",\"<=\"&$F$4,\"<=\"&$C$4),'Future Requirements'!$J:$J,IF($C$5=\"Yes\",\"Yes\",IF($C$5=\"No\",\"No\",\"<>Luke\")),'Future Requirements'!$AC:$AC,IF($C$6=\"Agreed\",\"Agreed\",IF($C$6=\"C/Fwd\",\"C/Fwd\",\"<>Luke\")),'Future Requirements'!$AA:$AA,$I$6),0)+\nIF($J$7=\"Include\",SUMIFS('Future Requirements'!$O:$O,'Future Requirements'!$I:$I,$B44,'Future Requirements'!$G:$G,C$40,'Future Requirements'!$B:$B,IF($C$3=\"\",\">=\"&$F$3,\">=\"&$C$3),'Future Requirements'!$B:$B,IF($C$4=\"\",\"<=\"&$F$4,\"<=\"&$C$4),'Future Requirements'!$J:$J,IF($C$5=\"Yes\",\"Yes\",IF($C$5=\"No\",\"No\",\"<>Luke\")),'Future Requirements'!$AC:$AC,IF($C$6=\"Agreed\",\"Agreed\",IF($C$6=\"C/Fwd\",\"C/Fwd\",\"<>Luke\")),'Future Requirements'!$AA:$AA,$I$7),0)","v":0},{"$f":"IF($J$3=\"Include\",SUMIFS('Future Requirements'!$O:$O,'Future Requirements'!$I:$I,$B44,'Future Requirements'!$G:$G,D$40,'Future Requirements'!$B:$B,IF($C$3=\"\",\">=\"&$F$3,\">=\"&$C$3),'Future Requirements'!$B:$B,IF($C$4=\"\",\"<=\"&$F$4,\"<=\"&$C$4),'Future Requirements'!$J:$J,IF($C$5=\"Yes\",\"Yes\",IF($C$5=\"No\",\"No\",\"<>Luke\")),'Future Requirements'!$AC:$AC,IF($C$6=\"Agreed\",\"Agreed\",IF($C$6=\"C/Fwd\",\"C/Fwd\",\"<>Luke\")),'Future Requirements'!$AA:$AA,$I$3),0)+\nIF($J$4=\"Include\",SUMIFS('Future Requirements'!$O:$O,'Future Requirements'!$I:$I,$B44,'Future Requirements'!$G:$G,D$40,'Future Requirements'!$B:$B,IF($C$3=\"\",\">=\"&$F$3,\">=\"&$C$3),'Future Requirements'!$B:$B,IF($C$4=\"\",\"<=\"&$F$4,\"<=\"&$C$4),'Future Requirements'!$J:$J,IF($C$5=\"Yes\",\"Yes\",IF($C$5=\"No\",\"No\",\"<>Luke\")),'Future Requirements'!$AC:$AC,IF($C$6=\"Agreed\",\"Agreed\",IF($C$6=\"C/Fwd\",\"C/Fwd\",\"<>Luke\")),'Future Requirements'!$AA:$AA,$I$4),0)+\nIF($J$5=\"Include\",SUMIFS('Future Requirements'!$O:$O,'Future Requirements'!$I:$I,$B44,'Future Requirements'!$G:$G,D$40,'Future Requirements'!$B:$B,IF($C$3=\"\",\">=\"&$F$3,\">=\"&$C$3),'Future Requirements'!$B:$B,IF($C$4=\"\",\"<=\"&$F$4,\"<=\"&$C$4),'Future Requirements'!$J:$J,IF($C$5=\"Yes\",\"Yes\",IF($C$5=\"No\",\"No\",\"<>Luke\")),'Future Requirements'!$AC:$AC,IF($C$6=\"Agreed\",\"Agreed\",IF($C$6=\"C/Fwd\",\"C/Fwd\",\"<>Luke\")),'Future Requirements'!$AA:$AA,$I$5),0)+\nIF($J$6=\"Include\",SUMIFS('Future Requirements'!$O:$O,'Future Requirements'!$I:$I,$B44,'Future Requirements'!$G:$G,D$40,'Future Requirements'!$B:$B,IF($C$3=\"\",\">=\"&$F$3,\">=\"&$C$3),'Future Requirements'!$B:$B,IF($C$4=\"\",\"<=\"&$F$4,\"<=\"&$C$4),'Future Requirements'!$J:$J,IF($C$5=\"Yes\",\"Yes\",IF($C$5=\"No\",\"No\",\"<>Luke\")),'Future Requirements'!$AC:$AC,IF($C$6=\"Agreed\",\"Agreed\",IF($C$6=\"C/Fwd\",\"C/Fwd\",\"<>Luke\")),'Future Requirements'!$AA:$AA,$I$6),0)+\nIF($J$7=\"Include\",SUMIFS('Future Requirements'!$O:$O,'Future Requirements'!$I:$I,$B44,'Future Requirements'!$G:$G,D$40,'Future Requirements'!$B:$B,IF($C$3=\"\",\">=\"&$F$3,\">=\"&$C$3),'Future Requirements'!$B:$B,IF($C$4=\"\",\"<=\"&$F$4,\"<=\"&$C$4),'Future Requirements'!$J:$J,IF($C$5=\"Yes\",\"Yes\",IF($C$5=\"No\",\"No\",\"<>Luke\")),'Future Requirements'!$AC:$AC,IF($C$6=\"Agreed\",\"Agreed\",IF($C$6=\"C/Fwd\",\"C/Fwd\",\"<>Luke\")),'Future Requirements'!$AA:$AA,$I$7),0)","v":0},{"$f":"IF($J$3=\"Include\",SUMIFS('Future Requirements'!$O:$O,'Future Requirements'!$I:$I,$B44,'Future Requirements'!$G:$G,E$40,'Future Requirements'!$B:$B,IF($C$3=\"\",\">=\"&$F$3,\">=\"&$C$3),'Future Requirements'!$B:$B,IF($C$4=\"\",\"<=\"&$F$4,\"<=\"&$C$4),'Future Requirements'!$J:$J,IF($C$5=\"Yes\",\"Yes\",IF($C$5=\"No\",\"No\",\"<>Luke\")),'Future Requirements'!$AC:$AC,IF($C$6=\"Agreed\",\"Agreed\",IF($C$6=\"C/Fwd\",\"C/Fwd\",\"<>Luke\")),'Future Requirements'!$AA:$AA,$I$3),0)+\nIF($J$4=\"Include\",SUMIFS('Future Requirements'!$O:$O,'Future Requirements'!$I:$I,$B44,'Future Requirements'!$G:$G,E$40,'Future Requirements'!$B:$B,IF($C$3=\"\",\">=\"&$F$3,\">=\"&$C$3),'Future Requirements'!$B:$B,IF($C$4=\"\",\"<=\"&$F$4,\"<=\"&$C$4),'Future Requirements'!$J:$J,IF($C$5=\"Yes\",\"Yes\",IF($C$5=\"No\",\"No\",\"<>Luke\")),'Future Requirements'!$AC:$AC,IF($C$6=\"Agreed\",\"Agreed\",IF($C$6=\"C/Fwd\",\"C/Fwd\",\"<>Luke\")),'Future Requirements'!$AA:$AA,$I$4),0)+\nIF($J$5=\"Include\",SUMIFS('Future Requirements'!$O:$O,'Future Requirements'!$I:$I,$B44,'Future Requirements'!$G:$G,E$40,'Future Requirements'!$B:$B,IF($C$3=\"\",\">=\"&$F$3,\">=\"&$C$3),'Future Requirements'!$B:$B,IF($C$4=\"\",\"<=\"&$F$4,\"<=\"&$C$4),'Future Requirements'!$J:$J,IF($C$5=\"Yes\",\"Yes\",IF($C$5=\"No\",\"No\",\"<>Luke\")),'Future Requirements'!$AC:$AC,IF($C$6=\"Agreed\",\"Agreed\",IF($C$6=\"C/Fwd\",\"C/Fwd\",\"<>Luke\")),'Future Requirements'!$AA:$AA,$I$5),0)+\nIF($J$6=\"Include\",SUMIFS('Future Requirements'!$O:$O,'Future Requirements'!$I:$I,$B44,'Future Requirements'!$G:$G,E$40,'Future Requirements'!$B:$B,IF($C$3=\"\",\">=\"&$F$3,\">=\"&$C$3),'Future Requirements'!$B:$B,IF($C$4=\"\",\"<=\"&$F$4,\"<=\"&$C$4),'Future Requirements'!$J:$J,IF($C$5=\"Yes\",\"Yes\",IF($C$5=\"No\",\"No\",\"<>Luke\")),'Future Requirements'!$AC:$AC,IF($C$6=\"Agreed\",\"Agreed\",IF($C$6=\"C/Fwd\",\"C/Fwd\",\"<>Luke\")),'Future Requirements'!$AA:$AA,$I$6),0)+\nIF($J$7=\"Include\",SUMIFS('Future Requirements'!$O:$O,'Future Requirements'!$I:$I,$B44,'Future Requirements'!$G:$G,E$40,'Future Requirements'!$B:$B,IF($C$3=\"\",\">=\"&$F$3,\">=\"&$C$3),'Future Requirements'!$B:$B,IF($C$4=\"\",\"<=\"&$F$4,\"<=\"&$C$4),'Future Requirements'!$J:$J,IF($C$5=\"Yes\",\"Yes\",IF($C$5=\"No\",\"No\",\"<>Luke\")),'Future Requirements'!$AC:$AC,IF($C$6=\"Agreed\",\"Agreed\",IF($C$6=\"C/Fwd\",\"C/Fwd\",\"<>Luke\")),'Future Requirements'!$AA:$AA,$I$7),0)","v":0},{"$f":"IF($J$3=\"Include\",SUMIFS('Future Requirements'!$O:$O,'Future Requirements'!$I:$I,$B44,'Future Requirements'!$G:$G,F$40,'Future Requirements'!$B:$B,IF($C$3=\"\",\">=\"&$F$3,\">=\"&$C$3),'Future Requirements'!$B:$B,IF($C$4=\"\",\"<=\"&$F$4,\"<=\"&$C$4),'Future Requirements'!$J:$J,IF($C$5=\"Yes\",\"Yes\",IF($C$5=\"No\",\"No\",\"<>Luke\")),'Future Requirements'!$AC:$AC,IF($C$6=\"Agreed\",\"Agreed\",IF($C$6=\"C/Fwd\",\"C/Fwd\",\"<>Luke\")),'Future Requirements'!$AA:$AA,$I$3),0)+\nIF($J$4=\"Include\",SUMIFS('Future Requirements'!$O:$O,'Future Requirements'!$I:$I,$B44,'Future Requirements'!$G:$G,F$40,'Future Requirements'!$B:$B,IF($C$3=\"\",\">=\"&$F$3,\">=\"&$C$3),'Future Requirements'!$B:$B,IF($C$4=\"\",\"<=\"&$F$4,\"<=\"&$C$4),'Future Requirements'!$J:$J,IF($C$5=\"Yes\",\"Yes\",IF($C$5=\"No\",\"No\",\"<>Luke\")),'Future Requirements'!$AC:$AC,IF($C$6=\"Agreed\",\"Agreed\",IF($C$6=\"C/Fwd\",\"C/Fwd\",\"<>Luke\")),'Future Requirements'!$AA:$AA,$I$4),0)+\nIF($J$5=\"Include\",SUMIFS('Future Requirements'!$O:$O,'Future Requirements'!$I:$I,$B44,'Future Requirements'!$G:$G,F$40,'Future Requirements'!$B:$B,IF($C$3=\"\",\">=\"&$F$3,\">=\"&$C$3),'Future Requirements'!$B:$B,IF($C$4=\"\",\"<=\"&$F$4,\"<=\"&$C$4),'Future Requirements'!$J:$J,IF($C$5=\"Yes\",\"Yes\",IF($C$5=\"No\",\"No\",\"<>Luke\")),'Future Requirements'!$AC:$AC,IF($C$6=\"Agreed\",\"Agreed\",IF($C$6=\"C/Fwd\",\"C/Fwd\",\"<>Luke\")),'Future Requirements'!$AA:$AA,$I$5),0)+\nIF($J$6=\"Include\",SUMIFS('Future Requirements'!$O:$O,'Future Requirements'!$I:$I,$B44,'Future Requirements'!$G:$G,F$40,'Future Requirements'!$B:$B,IF($C$3=\"\",\">=\"&$F$3,\">=\"&$C$3),'Future Requirements'!$B:$B,IF($C$4=\"\",\"<=\"&$F$4,\"<=\"&$C$4),'Future Requirements'!$J:$J,IF($C$5=\"Yes\",\"Yes\",IF($C$5=\"No\",\"No\",\"<>Luke\")),'Future Requirements'!$AC:$AC,IF($C$6=\"Agreed\",\"Agreed\",IF($C$6=\"C/Fwd\",\"C/Fwd\",\"<>Luke\")),'Future Requirements'!$AA:$AA,$I$6),0)+\nIF($J$7=\"Include\",SUMIFS('Future Requirements'!$O:$O,'Future Requirements'!$I:$I,$B44,'Future Requirements'!$G:$G,F$40,'Future Requirements'!$B:$B,IF($C$3=\"\",\">=\"&$F$3,\">=\"&$C$3),'Future Requirements'!$B:$B,IF($C$4=\"\",\"<=\"&$F$4,\"<=\"&$C$4),'Future Requirements'!$J:$J,IF($C$5=\"Yes\",\"Yes\",IF($C$5=\"No\",\"No\",\"<>Luke\")),'Future Requirements'!$AC:$AC,IF($C$6=\"Agreed\",\"Agreed\",IF($C$6=\"C/Fwd\",\"C/Fwd\",\"<>Luke\")),'Future Requirements'!$AA:$AA,$I$7),0)","v":0},{"$f":"IF($J$3=\"Include\",SUMIFS('Future Requirements'!$O:$O,'Future Requirements'!$I:$I,$B44,'Future Requirements'!$G:$G,G$40,'Future Requirements'!$B:$B,IF($C$3=\"\",\">=\"&$F$3,\">=\"&$C$3),'Future Requirements'!$B:$B,IF($C$4=\"\",\"<=\"&$F$4,\"<=\"&$C$4),'Future Requirements'!$J:$J,IF($C$5=\"Yes\",\"Yes\",IF($C$5=\"No\",\"No\",\"<>Luke\")),'Future Requirements'!$AC:$AC,IF($C$6=\"Agreed\",\"Agreed\",IF($C$6=\"C/Fwd\",\"C/Fwd\",\"<>Luke\")),'Future Requirements'!$AA:$AA,$I$3),0)+\nIF($J$4=\"Include\",SUMIFS('Future Requirements'!$O:$O,'Future Requirements'!$I:$I,$B44,'Future Requirements'!$G:$G,G$40,'Future Requirements'!$B:$B,IF($C$3=\"\",\">=\"&$F$3,\">=\"&$C$3),'Future Requirements'!$B:$B,IF($C$4=\"\",\"<=\"&$F$4,\"<=\"&$C$4),'Future Requirements'!$J:$J,IF($C$5=\"Yes\",\"Yes\",IF($C$5=\"No\",\"No\",\"<>Luke\")),'Future Requirements'!$AC:$AC,IF($C$6=\"Agreed\",\"Agreed\",IF($C$6=\"C/Fwd\",\"C/Fwd\",\"<>Luke\")),'Future Requirements'!$AA:$AA,$I$4),0)+\nIF($J$5=\"Include\",SUMIFS('Future Requirements'!$O:$O,'Future Requirements'!$I:$I,$B44,'Future Requirements'!$G:$G,G$40,'Future Requirements'!$B:$B,IF($C$3=\"\",\">=\"&$F$3,\">=\"&$C$3),'Future Requirements'!$B:$B,IF($C$4=\"\",\"<=\"&$F$4,\"<=\"&$C$4),'Future Requirements'!$J:$J,IF($C$5=\"Yes\",\"Yes\",IF($C$5=\"No\",\"No\",\"<>Luke\")),'Future Requirements'!$AC:$AC,IF($C$6=\"Agreed\",\"Agreed\",IF($C$6=\"C/Fwd\",\"C/Fwd\",\"<>Luke\")),'Future Requirements'!$AA:$AA,$I$5),0)+\nIF($J$6=\"Include\",SUMIFS('Future Requirements'!$O:$O,'Future Requirements'!$I:$I,$B44,'Future Requirements'!$G:$G,G$40,'Future Requirements'!$B:$B,IF($C$3=\"\",\">=\"&$F$3,\">=\"&$C$3),'Future Requirements'!$B:$B,IF($C$4=\"\",\"<=\"&$F$4,\"<=\"&$C$4),'Future Requirements'!$J:$J,IF($C$5=\"Yes\",\"Yes\",IF($C$5=\"No\",\"No\",\"<>Luke\")),'Future Requirements'!$AC:$AC,IF($C$6=\"Agreed\",\"Agreed\",IF($C$6=\"C/Fwd\",\"C/Fwd\",\"<>Luke\")),'Future Requirements'!$AA:$AA,$I$6),0)+\nIF($J$7=\"Include\",SUMIFS('Future Requirements'!$O:$O,'Future Requirements'!$I:$I,$B44,'Future Requirements'!$G:$G,G$40,'Future Requirements'!$B:$B,IF($C$3=\"\",\">=\"&$F$3,\">=\"&$C$3),'Future Requirements'!$B:$B,IF($C$4=\"\",\"<=\"&$F$4,\"<=\"&$C$4),'Future Requirements'!$J:$J,IF($C$5=\"Yes\",\"Yes\",IF($C$5=\"No\",\"No\",\"<>Luke\")),'Future Requirements'!$AC:$AC,IF($C$6=\"Agreed\",\"Agreed\",IF($C$6=\"C/Fwd\",\"C/Fwd\",\"<>Luke\")),'Future Requirements'!$AA:$AA,$I$7),0)","v":0},{"$f":"IF($J$3=\"Include\",SUMIFS('Future Requirements'!$O:$O,'Future Requirements'!$I:$I,$B44,'Future Requirements'!$G:$G,H$40,'Future Requirements'!$B:$B,IF($C$3=\"\",\">=\"&$F$3,\">=\"&$C$3),'Future Requirements'!$B:$B,IF($C$4=\"\",\"<=\"&$F$4,\"<=\"&$C$4),'Future Requirements'!$J:$J,IF($C$5=\"Yes\",\"Yes\",IF($C$5=\"No\",\"No\",\"<>Luke\")),'Future Requirements'!$AC:$AC,IF($C$6=\"Agreed\",\"Agreed\",IF($C$6=\"C/Fwd\",\"C/Fwd\",\"<>Luke\")),'Future Requirements'!$AA:$AA,$I$3),0)+\nIF($J$4=\"Include\",SUMIFS('Future Requirements'!$O:$O,'Future Requirements'!$I:$I,$B44,'Future Requirements'!$G:$G,H$40,'Future Requirements'!$B:$B,IF($C$3=\"\",\">=\"&$F$3,\">=\"&$C$3),'Future Requirements'!$B:$B,IF($C$4=\"\",\"<=\"&$F$4,\"<=\"&$C$4),'Future Requirements'!$J:$J,IF($C$5=\"Yes\",\"Yes\",IF($C$5=\"No\",\"No\",\"<>Luke\")),'Future Requirements'!$AC:$AC,IF($C$6=\"Agreed\",\"Agreed\",IF($C$6=\"C/Fwd\",\"C/Fwd\",\"<>Luke\")),'Future Requirements'!$AA:$AA,$I$4),0)+\nIF($J$5=\"Include\",SUMIFS('Future Requirements'!$O:$O,'Future Requirements'!$I:$I,$B44,'Future Requirements'!$G:$G,H$40,'Future Requirements'!$B:$B,IF($C$3=\"\",\">=\"&$F$3,\">=\"&$C$3),'Future Requirements'!$B:$B,IF($C$4=\"\",\"<=\"&$F$4,\"<=\"&$C$4),'Future Requirements'!$J:$J,IF($C$5=\"Yes\",\"Yes\",IF($C$5=\"No\",\"No\",\"<>Luke\")),'Future Requirements'!$AC:$AC,IF($C$6=\"Agreed\",\"Agreed\",IF($C$6=\"C/Fwd\",\"C/Fwd\",\"<>Luke\")),'Future Requirements'!$AA:$AA,$I$5),0)+\nIF($J$6=\"Include\",SUMIFS('Future Requirements'!$O:$O,'Future Requirements'!$I:$I,$B44,'Future Requirements'!$G:$G,H$40,'Future Requirements'!$B:$B,IF($C$3=\"\",\">=\"&$F$3,\">=\"&$C$3),'Future Requirements'!$B:$B,IF($C$4=\"\",\"<=\"&$F$4,\"<=\"&$C$4),'Future Requirements'!$J:$J,IF($C$5=\"Yes\",\"Yes\",IF($C$5=\"No\",\"No\",\"<>Luke\")),'Future Requirements'!$AC:$AC,IF($C$6=\"Agreed\",\"Agreed\",IF($C$6=\"C/Fwd\",\"C/Fwd\",\"<>Luke\")),'Future Requirements'!$AA:$AA,$I$6),0)+\nIF($J$7=\"Include\",SUMIFS('Future Requirements'!$O:$O,'Future Requirements'!$I:$I,$B44,'Future Requirements'!$G:$G,H$40,'Future Requirements'!$B:$B,IF($C$3=\"\",\">=\"&$F$3,\">=\"&$C$3),'Future Requirements'!$B:$B,IF($C$4=\"\",\"<=\"&$F$4,\"<=\"&$C$4),'Future Requirements'!$J:$J,IF($C$5=\"Yes\",\"Yes\",IF($C$5=\"No\",\"No\",\"<>Luke\")),'Future Requirements'!$AC:$AC,IF($C$6=\"Agreed\",\"Agreed\",IF($C$6=\"C/Fwd\",\"C/Fwd\",\"<>Luke\")),'Future Requirements'!$AA:$AA,$I$7),0)","v":0},{"$f":"IF($J$3=\"Include\",SUMIFS('Future Requirements'!$O:$O,'Future Requirements'!$I:$I,$B44,'Future Requirements'!$G:$G,I$40,'Future Requirements'!$B:$B,IF($C$3=\"\",\">=\"&$F$3,\">=\"&$C$3),'Future Requirements'!$B:$B,IF($C$4=\"\",\"<=\"&$F$4,\"<=\"&$C$4),'Future Requirements'!$J:$J,IF($C$5=\"Yes\",\"Yes\",IF($C$5=\"No\",\"No\",\"<>Luke\")),'Future Requirements'!$AC:$AC,IF($C$6=\"Agreed\",\"Agreed\",IF($C$6=\"C/Fwd\",\"C/Fwd\",\"<>Luke\")),'Future Requirements'!$AA:$AA,$I$3),0)+\nIF($J$4=\"Include\",SUMIFS('Future Requirements'!$O:$O,'Future Requirements'!$I:$I,$B44,'Future Requirements'!$G:$G,I$40,'Future Requirements'!$B:$B,IF($C$3=\"\",\">=\"&$F$3,\">=\"&$C$3),'Future Requirements'!$B:$B,IF($C$4=\"\",\"<=\"&$F$4,\"<=\"&$C$4),'Future Requirements'!$J:$J,IF($C$5=\"Yes\",\"Yes\",IF($C$5=\"No\",\"No\",\"<>Luke\")),'Future Requirements'!$AC:$AC,IF($C$6=\"Agreed\",\"Agreed\",IF($C$6=\"C/Fwd\",\"C/Fwd\",\"<>Luke\")),'Future Requirements'!$AA:$AA,$I$4),0)+\nIF($J$5=\"Include\",SUMIFS('Future Requirements'!$O:$O,'Future Requirements'!$I:$I,$B44,'Future Requirements'!$G:$G,I$40,'Future Requirements'!$B:$B,IF($C$3=\"\",\">=\"&$F$3,\">=\"&$C$3),'Future Requirements'!$B:$B,IF($C$4=\"\",\"<=\"&$F$4,\"<=\"&$C$4),'Future Requirements'!$J:$J,IF($C$5=\"Yes\",\"Yes\",IF($C$5=\"No\",\"No\",\"<>Luke\")),'Future Requirements'!$AC:$AC,IF($C$6=\"Agreed\",\"Agreed\",IF($C$6=\"C/Fwd\",\"C/Fwd\",\"<>Luke\")),'Future Requirements'!$AA:$AA,$I$5),0)+\nIF($J$6=\"Include\",SUMIFS('Future Requirements'!$O:$O,'Future Requirements'!$I:$I,$B44,'Future Requirements'!$G:$G,I$40,'Future Requirements'!$B:$B,IF($C$3=\"\",\">=\"&$F$3,\">=\"&$C$3),'Future Requirements'!$B:$B,IF($C$4=\"\",\"<=\"&$F$4,\"<=\"&$C$4),'Future Requirements'!$J:$J,IF($C$5=\"Yes\",\"Yes\",IF($C$5=\"No\",\"No\",\"<>Luke\")),'Future Requirements'!$AC:$AC,IF($C$6=\"Agreed\",\"Agreed\",IF($C$6=\"C/Fwd\",\"C/Fwd\",\"<>Luke\")),'Future Requirements'!$AA:$AA,$I$6),0)+\nIF($J$7=\"Include\",SUMIFS('Future Requirements'!$O:$O,'Future Requirements'!$I:$I,$B44,'Future Requirements'!$G:$G,I$40,'Future Requirements'!$B:$B,IF($C$3=\"\",\">=\"&$F$3,\">=\"&$C$3),'Future Requirements'!$B:$B,IF($C$4=\"\",\"<=\"&$F$4,\"<=\"&$C$4),'Future Requirements'!$J:$J,IF($C$5=\"Yes\",\"Yes\",IF($C$5=\"No\",\"No\",\"<>Luke\")),'Future Requirements'!$AC:$AC,IF($C$6=\"Agreed\",\"Agreed\",IF($C$6=\"C/Fwd\",\"C/Fwd\",\"<>Luke\")),'Future Requirements'!$AA:$AA,$I$7),0)","v":0},{"$f":"IF($J$3=\"Include\",SUMIFS('Future Requirements'!$O:$O,'Future Requirements'!$I:$I,$B44,'Future Requirements'!$G:$G,J$40,'Future Requirements'!$B:$B,IF($C$3=\"\",\">=\"&$F$3,\">=\"&$C$3),'Future Requirements'!$B:$B,IF($C$4=\"\",\"<=\"&$F$4,\"<=\"&$C$4),'Future Requirements'!$J:$J,IF($C$5=\"Yes\",\"Yes\",IF($C$5=\"No\",\"No\",\"<>Luke\")),'Future Requirements'!$AC:$AC,IF($C$6=\"Agreed\",\"Agreed\",IF($C$6=\"C/Fwd\",\"C/Fwd\",\"<>Luke\")),'Future Requirements'!$AA:$AA,$I$3),0)+\nIF($J$4=\"Include\",SUMIFS('Future Requirements'!$O:$O,'Future Requirements'!$I:$I,$B44,'Future Requirements'!$G:$G,J$40,'Future Requirements'!$B:$B,IF($C$3=\"\",\">=\"&$F$3,\">=\"&$C$3),'Future Requirements'!$B:$B,IF($C$4=\"\",\"<=\"&$F$4,\"<=\"&$C$4),'Future Requirements'!$J:$J,IF($C$5=\"Yes\",\"Yes\",IF($C$5=\"No\",\"No\",\"<>Luke\")),'Future Requirements'!$AC:$AC,IF($C$6=\"Agreed\",\"Agreed\",IF($C$6=\"C/Fwd\",\"C/Fwd\",\"<>Luke\")),'Future Requirements'!$AA:$AA,$I$4),0)+\nIF($J$5=\"Include\",SUMIFS('Future Requirements'!$O:$O,'Future Requirements'!$I:$I,$B44,'Future Requirements'!$G:$G,J$40,'Future Requirements'!$B:$B,IF($C$3=\"\",\">=\"&$F$3,\">=\"&$C$3),'Future Requirements'!$B:$B,IF($C$4=\"\",\"<=\"&$F$4,\"<=\"&$C$4),'Future Requirements'!$J:$J,IF($C$5=\"Yes\",\"Yes\",IF($C$5=\"No\",\"No\",\"<>Luke\")),'Future Requirements'!$AC:$AC,IF($C$6=\"Agreed\",\"Agreed\",IF($C$6=\"C/Fwd\",\"C/Fwd\",\"<>Luke\")),'Future Requirements'!$AA:$AA,$I$5),0)+\nIF($J$6=\"Include\",SUMIFS('Future Requirements'!$O:$O,'Future Requirements'!$I:$I,$B44,'Future Requirements'!$G:$G,J$40,'Future Requirements'!$B:$B,IF($C$3=\"\",\">=\"&$F$3,\">=\"&$C$3),'Future Requirements'!$B:$B,IF($C$4=\"\",\"<=\"&$F$4,\"<=\"&$C$4),'Future Requirements'!$J:$J,IF($C$5=\"Yes\",\"Yes\",IF($C$5=\"No\",\"No\",\"<>Luke\")),'Future Requirements'!$AC:$AC,IF($C$6=\"Agreed\",\"Agreed\",IF($C$6=\"C/Fwd\",\"C/Fwd\",\"<>Luke\")),'Future Requirements'!$AA:$AA,$I$6),0)+\nIF($J$7=\"Include\",SUMIFS('Future Requirements'!$O:$O,'Future Requirements'!$I:$I,$B44,'Future Requirements'!$G:$G,J$40,'Future Requirements'!$B:$B,IF($C$3=\"\",\">=\"&$F$3,\">=\"&$C$3),'Future Requirements'!$B:$B,IF($C$4=\"\",\"<=\"&$F$4,\"<=\"&$C$4),'Future Requirements'!$J:$J,IF($C$5=\"Yes\",\"Yes\",IF($C$5=\"No\",\"No\",\"<>Luke\")),'Future Requirements'!$AC:$AC,IF($C$6=\"Agreed\",\"Agreed\",IF($C$6=\"C/Fwd\",\"C/Fwd\",\"<>Luke\")),'Future Requirements'!$AA:$AA,$I$7),0)","v":0},{"$f":"IF($J$3=\"Include\",SUMIFS('Future Requirements'!$O:$O,'Future Requirements'!$I:$I,$B44,'Future Requirements'!$G:$G,K$40,'Future Requirements'!$B:$B,IF($C$3=\"\",\">=\"&$F$3,\">=\"&$C$3),'Future Requirements'!$B:$B,IF($C$4=\"\",\"<=\"&$F$4,\"<=\"&$C$4),'Future Requirements'!$J:$J,IF($C$5=\"Yes\",\"Yes\",IF($C$5=\"No\",\"No\",\"<>Luke\")),'Future Requirements'!$AC:$AC,IF($C$6=\"Agreed\",\"Agreed\",IF($C$6=\"C/Fwd\",\"C/Fwd\",\"<>Luke\")),'Future Requirements'!$AA:$AA,$I$3),0)+\nIF($J$4=\"Include\",SUMIFS('Future Requirements'!$O:$O,'Future Requirements'!$I:$I,$B44,'Future Requirements'!$G:$G,K$40,'Future Requirements'!$B:$B,IF($C$3=\"\",\">=\"&$F$3,\">=\"&$C$3),'Future Requirements'!$B:$B,IF($C$4=\"\",\"<=\"&$F$4,\"<=\"&$C$4),'Future Requirements'!$J:$J,IF($C$5=\"Yes\",\"Yes\",IF($C$5=\"No\",\"No\",\"<>Luke\")),'Future Requirements'!$AC:$AC,IF($C$6=\"Agreed\",\"Agreed\",IF($C$6=\"C/Fwd\",\"C/Fwd\",\"<>Luke\")),'Future Requirements'!$AA:$AA,$I$4),0)+\nIF($J$5=\"Include\",SUMIFS('Future Requirements'!$O:$O,'Future Requirements'!$I:$I,$B44,'Future Requirements'!$G:$G,K$40,'Future Requirements'!$B:$B,IF($C$3=\"\",\">=\"&$F$3,\">=\"&$C$3),'Future Requirements'!$B:$B,IF($C$4=\"\",\"<=\"&$F$4,\"<=\"&$C$4),'Future Requirements'!$J:$J,IF($C$5=\"Yes\",\"Yes\",IF($C$5=\"No\",\"No\",\"<>Luke\")),'Future Requirements'!$AC:$AC,IF($C$6=\"Agreed\",\"Agreed\",IF($C$6=\"C/Fwd\",\"C/Fwd\",\"<>Luke\")),'Future Requirements'!$AA:$AA,$I$5),0)+\nIF($J$6=\"Include\",SUMIFS('Future Requirements'!$O:$O,'Future Requirements'!$I:$I,$B44,'Future Requirements'!$G:$G,K$40,'Future Requirements'!$B:$B,IF($C$3=\"\",\">=\"&$F$3,\">=\"&$C$3),'Future Requirements'!$B:$B,IF($C$4=\"\",\"<=\"&$F$4,\"<=\"&$C$4),'Future Requirements'!$J:$J,IF($C$5=\"Yes\",\"Yes\",IF($C$5=\"No\",\"No\",\"<>Luke\")),'Future Requirements'!$AC:$AC,IF($C$6=\"Agreed\",\"Agreed\",IF($C$6=\"C/Fwd\",\"C/Fwd\",\"<>Luke\")),'Future Requirements'!$AA:$AA,$I$6),0)+\nIF($J$7=\"Include\",SUMIFS('Future Requirements'!$O:$O,'Future Requirements'!$I:$I,$B44,'Future Requirements'!$G:$G,K$40,'Future Requirements'!$B:$B,IF($C$3=\"\",\">=\"&$F$3,\">=\"&$C$3),'Future Requirements'!$B:$B,IF($C$4=\"\",\"<=\"&$F$4,\"<=\"&$C$4),'Future Requirements'!$J:$J,IF($C$5=\"Yes\",\"Yes\",IF($C$5=\"No\",\"No\",\"<>Luke\")),'Future Requirements'!$AC:$AC,IF($C$6=\"Agreed\",\"Agreed\",IF($C$6=\"C/Fwd\",\"C/Fwd\",\"<>Luke\")),'Future Requirements'!$AA:$AA,$I$7),0)","v":0},{"$f":"IF($J$3=\"Include\",SUMIFS('Future Requirements'!$O:$O,'Future Requirements'!$I:$I,$B44,'Future Requirements'!$G:$G,L$40,'Future Requirements'!$B:$B,IF($C$3=\"\",\">=\"&$F$3,\">=\"&$C$3),'Future Requirements'!$B:$B,IF($C$4=\"\",\"<=\"&$F$4,\"<=\"&$C$4),'Future Requirements'!$J:$J,IF($C$5=\"Yes\",\"Yes\",IF($C$5=\"No\",\"No\",\"<>Luke\")),'Future Requirements'!$AC:$AC,IF($C$6=\"Agreed\",\"Agreed\",IF($C$6=\"C/Fwd\",\"C/Fwd\",\"<>Luke\")),'Future Requirements'!$AA:$AA,$I$3),0)+\nIF($J$4=\"Include\",SUMIFS('Future Requirements'!$O:$O,'Future Requirements'!$I:$I,$B44,'Future Requirements'!$G:$G,L$40,'Future Requirements'!$B:$B,IF($C$3=\"\",\">=\"&$F$3,\">=\"&$C$3),'Future Requirements'!$B:$B,IF($C$4=\"\",\"<=\"&$F$4,\"<=\"&$C$4),'Future Requirements'!$J:$J,IF($C$5=\"Yes\",\"Yes\",IF($C$5=\"No\",\"No\",\"<>Luke\")),'Future Requirements'!$AC:$AC,IF($C$6=\"Agreed\",\"Agreed\",IF($C$6=\"C/Fwd\",\"C/Fwd\",\"<>Luke\")),'Future Requirements'!$AA:$AA,$I$4),0)+\nIF($J$5=\"Include\",SUMIFS('Future Requirements'!$O:$O,'Future Requirements'!$I:$I,$B44,'Future Requirements'!$G:$G,L$40,'Future Requirements'!$B:$B,IF($C$3=\"\",\">=\"&$F$3,\">=\"&$C$3),'Future Requirements'!$B:$B,IF($C$4=\"\",\"<=\"&$F$4,\"<=\"&$C$4),'Future Requirements'!$J:$J,IF($C$5=\"Yes\",\"Yes\",IF($C$5=\"No\",\"No\",\"<>Luke\")),'Future Requirements'!$AC:$AC,IF($C$6=\"Agreed\",\"Agreed\",IF($C$6=\"C/Fwd\",\"C/Fwd\",\"<>Luke\")),'Future Requirements'!$AA:$AA,$I$5),0)+\nIF($J$6=\"Include\",SUMIFS('Future Requirements'!$O:$O,'Future Requirements'!$I:$I,$B44,'Future Requirements'!$G:$G,L$40,'Future Requirements'!$B:$B,IF($C$3=\"\",\">=\"&$F$3,\">=\"&$C$3),'Future Requirements'!$B:$B,IF($C$4=\"\",\"<=\"&$F$4,\"<=\"&$C$4),'Future Requirements'!$J:$J,IF($C$5=\"Yes\",\"Yes\",IF($C$5=\"No\",\"No\",\"<>Luke\")),'Future Requirements'!$AC:$AC,IF($C$6=\"Agreed\",\"Agreed\",IF($C$6=\"C/Fwd\",\"C/Fwd\",\"<>Luke\")),'Future Requirements'!$AA:$AA,$I$6),0)+\nIF($J$7=\"Include\",SUMIFS('Future Requirements'!$O:$O,'Future Requirements'!$I:$I,$B44,'Future Requirements'!$G:$G,L$40,'Future Requirements'!$B:$B,IF($C$3=\"\",\">=\"&$F$3,\">=\"&$C$3),'Future Requirements'!$B:$B,IF($C$4=\"\",\"<=\"&$F$4,\"<=\"&$C$4),'Future Requirements'!$J:$J,IF($C$5=\"Yes\",\"Yes\",IF($C$5=\"No\",\"No\",\"<>Luke\")),'Future Requirements'!$AC:$AC,IF($C$6=\"Agreed\",\"Agreed\",IF($C$6=\"C/Fwd\",\"C/Fwd\",\"<>Luke\")),'Future Requirements'!$AA:$AA,$I$7),0)","v":0},{"$f":"IF($J$3=\"Include\",SUMIFS('Future Requirements'!$O:$O,'Future Requirements'!$I:$I,$B44,'Future Requirements'!$G:$G,M$40,'Future Requirements'!$B:$B,IF($C$3=\"\",\">=\"&$F$3,\">=\"&$C$3),'Future Requirements'!$B:$B,IF($C$4=\"\",\"<=\"&$F$4,\"<=\"&$C$4),'Future Requirements'!$J:$J,IF($C$5=\"Yes\",\"Yes\",IF($C$5=\"No\",\"No\",\"<>Luke\")),'Future Requirements'!$AC:$AC,IF($C$6=\"Agreed\",\"Agreed\",IF($C$6=\"C/Fwd\",\"C/Fwd\",\"<>Luke\")),'Future Requirements'!$AA:$AA,$I$3),0)+\nIF($J$4=\"Include\",SUMIFS('Future Requirements'!$O:$O,'Future Requirements'!$I:$I,$B44,'Future Requirements'!$G:$G,M$40,'Future Requirements'!$B:$B,IF($C$3=\"\",\">=\"&$F$3,\">=\"&$C$3),'Future Requirements'!$B:$B,IF($C$4=\"\",\"<=\"&$F$4,\"<=\"&$C$4),'Future Requirements'!$J:$J,IF($C$5=\"Yes\",\"Yes\",IF($C$5=\"No\",\"No\",\"<>Luke\")),'Future Requirements'!$AC:$AC,IF($C$6=\"Agreed\",\"Agreed\",IF($C$6=\"C/Fwd\",\"C/Fwd\",\"<>Luke\")),'Future Requirements'!$AA:$AA,$I$4),0)+\nIF($J$5=\"Include\",SUMIFS('Future Requirements'!$O:$O,'Future Requirements'!$I:$I,$B44,'Future Requirements'!$G:$G,M$40,'Future Requirements'!$B:$B,IF($C$3=\"\",\">=\"&$F$3,\">=\"&$C$3),'Future Requirements'!$B:$B,IF($C$4=\"\",\"<=\"&$F$4,\"<=\"&$C$4),'Future Requirements'!$J:$J,IF($C$5=\"Yes\",\"Yes\",IF($C$5=\"No\",\"No\",\"<>Luke\")),'Future Requirements'!$AC:$AC,IF($C$6=\"Agreed\",\"Agreed\",IF($C$6=\"C/Fwd\",\"C/Fwd\",\"<>Luke\")),'Future Requirements'!$AA:$AA,$I$5),0)+\nIF($J$6=\"Include\",SUMIFS('Future Requirements'!$O:$O,'Future Requirements'!$I:$I,$B44,'Future Requirements'!$G:$G,M$40,'Future Requirements'!$B:$B,IF($C$3=\"\",\">=\"&$F$3,\">=\"&$C$3),'Future Requirements'!$B:$B,IF($C$4=\"\",\"<=\"&$F$4,\"<=\"&$C$4),'Future Requirements'!$J:$J,IF($C$5=\"Yes\",\"Yes\",IF($C$5=\"No\",\"No\",\"<>Luke\")),'Future Requirements'!$AC:$AC,IF($C$6=\"Agreed\",\"Agreed\",IF($C$6=\"C/Fwd\",\"C/Fwd\",\"<>Luke\")),'Future Requirements'!$AA:$AA,$I$6),0)+\nIF($J$7=\"Include\",SUMIFS('Future Requirements'!$O:$O,'Future Requirements'!$I:$I,$B44,'Future Requirements'!$G:$G,M$40,'Future Requirements'!$B:$B,IF($C$3=\"\",\">=\"&$F$3,\">=\"&$C$3),'Future Requirements'!$B:$B,IF($C$4=\"\",\"<=\"&$F$4,\"<=\"&$C$4),'Future Requirements'!$J:$J,IF($C$5=\"Yes\",\"Yes\",IF($C$5=\"No\",\"No\",\"<>Luke\")),'Future Requirements'!$AC:$AC,IF($C$6=\"Agreed\",\"Agreed\",IF($C$6=\"C/Fwd\",\"C/Fwd\",\"<>Luke\")),'Future Requirements'!$AA:$AA,$I$7),0)","v":0},{"$f":"IF($J$3=\"Include\",SUMIFS('Future Requirements'!$O:$O,'Future Requirements'!$I:$I,$B44,'Future Requirements'!$G:$G,N$40,'Future Requirements'!$B:$B,IF($C$3=\"\",\">=\"&$F$3,\">=\"&$C$3),'Future Requirements'!$B:$B,IF($C$4=\"\",\"<=\"&$F$4,\"<=\"&$C$4),'Future Requirements'!$J:$J,IF($C$5=\"Yes\",\"Yes\",IF($C$5=\"No\",\"No\",\"<>Luke\")),'Future Requirements'!$AC:$AC,IF($C$6=\"Agreed\",\"Agreed\",IF($C$6=\"C/Fwd\",\"C/Fwd\",\"<>Luke\")),'Future Requirements'!$AA:$AA,$I$3),0)+\nIF($J$4=\"Include\",SUMIFS('Future Requirements'!$O:$O,'Future Requirements'!$I:$I,$B44,'Future Requirements'!$G:$G,N$40,'Future Requirements'!$B:$B,IF($C$3=\"\",\">=\"&$F$3,\">=\"&$C$3),'Future Requirements'!$B:$B,IF($C$4=\"\",\"<=\"&$F$4,\"<=\"&$C$4),'Future Requirements'!$J:$J,IF($C$5=\"Yes\",\"Yes\",IF($C$5=\"No\",\"No\",\"<>Luke\")),'Future Requirements'!$AC:$AC,IF($C$6=\"Agreed\",\"Agreed\",IF($C$6=\"C/Fwd\",\"C/Fwd\",\"<>Luke\")),'Future Requirements'!$AA:$AA,$I$4),0)+\nIF($J$5=\"Include\",SUMIFS('Future Requirements'!$O:$O,'Future Requirements'!$I:$I,$B44,'Future Requirements'!$G:$G,N$40,'Future Requirements'!$B:$B,IF($C$3=\"\",\">=\"&$F$3,\">=\"&$C$3),'Future Requirements'!$B:$B,IF($C$4=\"\",\"<=\"&$F$4,\"<=\"&$C$4),'Future Requirements'!$J:$J,IF($C$5=\"Yes\",\"Yes\",IF($C$5=\"No\",\"No\",\"<>Luke\")),'Future Requirements'!$AC:$AC,IF($C$6=\"Agreed\",\"Agreed\",IF($C$6=\"C/Fwd\",\"C/Fwd\",\"<>Luke\")),'Future Requirements'!$AA:$AA,$I$5),0)+\nIF($J$6=\"Include\",SUMIFS('Future Requirements'!$O:$O,'Future Requirements'!$I:$I,$B44,'Future Requirements'!$G:$G,N$40,'Future Requirements'!$B:$B,IF($C$3=\"\",\">=\"&$F$3,\">=\"&$C$3),'Future Requirements'!$B:$B,IF($C$4=\"\",\"<=\"&$F$4,\"<=\"&$C$4),'Future Requirements'!$J:$J,IF($C$5=\"Yes\",\"Yes\",IF($C$5=\"No\",\"No\",\"<>Luke\")),'Future Requirements'!$AC:$AC,IF($C$6=\"Agreed\",\"Agreed\",IF($C$6=\"C/Fwd\",\"C/Fwd\",\"<>Luke\")),'Future Requirements'!$AA:$AA,$I$6),0)+\nIF($J$7=\"Include\",SUMIFS('Future Requirements'!$O:$O,'Future Requirements'!$I:$I,$B44,'Future Requirements'!$G:$G,N$40,'Future Requirements'!$B:$B,IF($C$3=\"\",\">=\"&$F$3,\">=\"&$C$3),'Future Requirements'!$B:$B,IF($C$4=\"\",\"<=\"&$F$4,\"<=\"&$C$4),'Future Requirements'!$J:$J,IF($C$5=\"Yes\",\"Yes\",IF($C$5=\"No\",\"No\",\"<>Luke\")),'Future Requirements'!$AC:$AC,IF($C$6=\"Agreed\",\"Agreed\",IF($C$6=\"C/Fwd\",\"C/Fwd\",\"<>Luke\")),'Future Requirements'!$AA:$AA,$I$7),0)","v":0},{"$f":"IF($J$3=\"Include\",SUMIFS('Future Requirements'!$O:$O,'Future Requirements'!$I:$I,$B44,'Future Requirements'!$G:$G,O$40,'Future Requirements'!$B:$B,IF($C$3=\"\",\">=\"&$F$3,\">=\"&$C$3),'Future Requirements'!$B:$B,IF($C$4=\"\",\"<=\"&$F$4,\"<=\"&$C$4),'Future Requirements'!$J:$J,IF($C$5=\"Yes\",\"Yes\",IF($C$5=\"No\",\"No\",\"<>Luke\")),'Future Requirements'!$AC:$AC,IF($C$6=\"Agreed\",\"Agreed\",IF($C$6=\"C/Fwd\",\"C/Fwd\",\"<>Luke\")),'Future Requirements'!$AA:$AA,$I$3),0)+\nIF($J$4=\"Include\",SUMIFS('Future Requirements'!$O:$O,'Future Requirements'!$I:$I,$B44,'Future Requirements'!$G:$G,O$40,'Future Requirements'!$B:$B,IF($C$3=\"\",\">=\"&$F$3,\">=\"&$C$3),'Future Requirements'!$B:$B,IF($C$4=\"\",\"<=\"&$F$4,\"<=\"&$C$4),'Future Requirements'!$J:$J,IF($C$5=\"Yes\",\"Yes\",IF($C$5=\"No\",\"No\",\"<>Luke\")),'Future Requirements'!$AC:$AC,IF($C$6=\"Agreed\",\"Agreed\",IF($C$6=\"C/Fwd\",\"C/Fwd\",\"<>Luke\")),'Future Requirements'!$AA:$AA,$I$4),0)+\nIF($J$5=\"Include\",SUMIFS('Future Requirements'!$O:$O,'Future Requirements'!$I:$I,$B44,'Future Requirements'!$G:$G,O$40,'Future Requirements'!$B:$B,IF($C$3=\"\",\">=\"&$F$3,\">=\"&$C$3),'Future Requirements'!$B:$B,IF($C$4=\"\",\"<=\"&$F$4,\"<=\"&$C$4),'Future Requirements'!$J:$J,IF($C$5=\"Yes\",\"Yes\",IF($C$5=\"No\",\"No\",\"<>Luke\")),'Future Requirements'!$AC:$AC,IF($C$6=\"Agreed\",\"Agreed\",IF($C$6=\"C/Fwd\",\"C/Fwd\",\"<>Luke\")),'Future Requirements'!$AA:$AA,$I$5),0)+\nIF($J$6=\"Include\",SUMIFS('Future Requirements'!$O:$O,'Future Requirements'!$I:$I,$B44,'Future Requirements'!$G:$G,O$40,'Future Requirements'!$B:$B,IF($C$3=\"\",\">=\"&$F$3,\">=\"&$C$3),'Future Requirements'!$B:$B,IF($C$4=\"\",\"<=\"&$F$4,\"<=\"&$C$4),'Future Requirements'!$J:$J,IF($C$5=\"Yes\",\"Yes\",IF($C$5=\"No\",\"No\",\"<>Luke\")),'Future Requirements'!$AC:$AC,IF($C$6=\"Agreed\",\"Agreed\",IF($C$6=\"C/Fwd\",\"C/Fwd\",\"<>Luke\")),'Future Requirements'!$AA:$AA,$I$6),0)+\nIF($J$7=\"Include\",SUMIFS('Future Requirements'!$O:$O,'Future Requirements'!$I:$I,$B44,'Future Requirements'!$G:$G,O$40,'Future Requirements'!$B:$B,IF($C$3=\"\",\">=\"&$F$3,\">=\"&$C$3),'Future Requirements'!$B:$B,IF($C$4=\"\",\"<=\"&$F$4,\"<=\"&$C$4),'Future Requirements'!$J:$J,IF($C$5=\"Yes\",\"Yes\",IF($C$5=\"No\",\"No\",\"<>Luke\")),'Future Requirements'!$AC:$AC,IF($C$6=\"Agreed\",\"Agreed\",IF($C$6=\"C/Fwd\",\"C/Fwd\",\"<>Luke\")),'Future Requirements'!$AA:$AA,$I$7),0)","v":0},{"$f":"IF($J$3=\"Include\",SUMIFS('Future Requirements'!$O:$O,'Future Requirements'!$I:$I,$B44,'Future Requirements'!$G:$G,P$40,'Future Requirements'!$B:$B,IF($C$3=\"\",\">=\"&$F$3,\">=\"&$C$3),'Future Requirements'!$B:$B,IF($C$4=\"\",\"<=\"&$F$4,\"<=\"&$C$4),'Future Requirements'!$J:$J,IF($C$5=\"Yes\",\"Yes\",IF($C$5=\"No\",\"No\",\"<>Luke\")),'Future Requirements'!$AC:$AC,IF($C$6=\"Agreed\",\"Agreed\",IF($C$6=\"C/Fwd\",\"C/Fwd\",\"<>Luke\")),'Future Requirements'!$AA:$AA,$I$3),0)+\nIF($J$4=\"Include\",SUMIFS('Future Requirements'!$O:$O,'Future Requirements'!$I:$I,$B44,'Future Requirements'!$G:$G,P$40,'Future Requirements'!$B:$B,IF($C$3=\"\",\">=\"&$F$3,\">=\"&$C$3),'Future Requirements'!$B:$B,IF($C$4=\"\",\"<=\"&$F$4,\"<=\"&$C$4),'Future Requirements'!$J:$J,IF($C$5=\"Yes\",\"Yes\",IF($C$5=\"No\",\"No\",\"<>Luke\")),'Future Requirements'!$AC:$AC,IF($C$6=\"Agreed\",\"Agreed\",IF($C$6=\"C/Fwd\",\"C/Fwd\",\"<>Luke\")),'Future Requirements'!$AA:$AA,$I$4),0)+\nIF($J$5=\"Include\",SUMIFS('Future Requirements'!$O:$O,'Future Requirements'!$I:$I,$B44,'Future Requirements'!$G:$G,P$40,'Future Requirements'!$B:$B,IF($C$3=\"\",\">=\"&$F$3,\">=\"&$C$3),'Future Requirements'!$B:$B,IF($C$4=\"\",\"<=\"&$F$4,\"<=\"&$C$4),'Future Requirements'!$J:$J,IF($C$5=\"Yes\",\"Yes\",IF($C$5=\"No\",\"No\",\"<>Luke\")),'Future Requirements'!$AC:$AC,IF($C$6=\"Agreed\",\"Agreed\",IF($C$6=\"C/Fwd\",\"C/Fwd\",\"<>Luke\")),'Future Requirements'!$AA:$AA,$I$5),0)+\nIF($J$6=\"Include\",SUMIFS('Future Requirements'!$O:$O,'Future Requirements'!$I:$I,$B44,'Future Requirements'!$G:$G,P$40,'Future Requirements'!$B:$B,IF($C$3=\"\",\">=\"&$F$3,\">=\"&$C$3),'Future Requirements'!$B:$B,IF($C$4=\"\",\"<=\"&$F$4,\"<=\"&$C$4),'Future Requirements'!$J:$J,IF($C$5=\"Yes\",\"Yes\",IF($C$5=\"No\",\"No\",\"<>Luke\")),'Future Requirements'!$AC:$AC,IF($C$6=\"Agreed\",\"Agreed\",IF($C$6=\"C/Fwd\",\"C/Fwd\",\"<>Luke\")),'Future Requirements'!$AA:$AA,$I$6),0)+\nIF($J$7=\"Include\",SUMIFS('Future Requirements'!$O:$O,'Future Requirements'!$I:$I,$B44,'Future Requirements'!$G:$G,P$40,'Future Requirements'!$B:$B,IF($C$3=\"\",\">=\"&$F$3,\">=\"&$C$3),'Future Requirements'!$B:$B,IF($C$4=\"\",\"<=\"&$F$4,\"<=\"&$C$4),'Future Requirements'!$J:$J,IF($C$5=\"Yes\",\"Yes\",IF($C$5=\"No\",\"No\",\"<>Luke\")),'Future Requirements'!$AC:$AC,IF($C$6=\"Agreed\",\"Agreed\",IF($C$6=\"C/Fwd\",\"C/Fwd\",\"<>Luke\")),'Future Requirements'!$AA:$AA,$I$7),0)","v":0},{"$f":"IF($J$3=\"Include\",SUMIFS('Future Requirements'!$O:$O,'Future Requirements'!$I:$I,$B44,'Future Requirements'!$G:$G,Q$40,'Future Requirements'!$B:$B,IF($C$3=\"\",\">=\"&$F$3,\">=\"&$C$3),'Future Requirements'!$B:$B,IF($C$4=\"\",\"<=\"&$F$4,\"<=\"&$C$4),'Future Requirements'!$J:$J,IF($C$5=\"Yes\",\"Yes\",IF($C$5=\"No\",\"No\",\"<>Luke\")),'Future Requirements'!$AC:$AC,IF($C$6=\"Agreed\",\"Agreed\",IF($C$6=\"C/Fwd\",\"C/Fwd\",\"<>Luke\")),'Future Requirements'!$AA:$AA,$I$3),0)+\nIF($J$4=\"Include\",SUMIFS('Future Requirements'!$O:$O,'Future Requirements'!$I:$I,$B44,'Future Requirements'!$G:$G,Q$40,'Future Requirements'!$B:$B,IF($C$3=\"\",\">=\"&$F$3,\">=\"&$C$3),'Future Requirements'!$B:$B,IF($C$4=\"\",\"<=\"&$F$4,\"<=\"&$C$4),'Future Requirements'!$J:$J,IF($C$5=\"Yes\",\"Yes\",IF($C$5=\"No\",\"No\",\"<>Luke\")),'Future Requirements'!$AC:$AC,IF($C$6=\"Agreed\",\"Agreed\",IF($C$6=\"C/Fwd\",\"C/Fwd\",\"<>Luke\")),'Future Requirements'!$AA:$AA,$I$4),0)+\nIF($J$5=\"Include\",SUMIFS('Future Requirements'!$O:$O,'Future Requirements'!$I:$I,$B44,'Future Requirements'!$G:$G,Q$40,'Future Requirements'!$B:$B,IF($C$3=\"\",\">=\"&$F$3,\">=\"&$C$3),'Future Requirements'!$B:$B,IF($C$4=\"\",\"<=\"&$F$4,\"<=\"&$C$4),'Future Requirements'!$J:$J,IF($C$5=\"Yes\",\"Yes\",IF($C$5=\"No\",\"No\",\"<>Luke\")),'Future Requirements'!$AC:$AC,IF($C$6=\"Agreed\",\"Agreed\",IF($C$6=\"C/Fwd\",\"C/Fwd\",\"<>Luke\")),'Future Requirements'!$AA:$AA,$I$5),0)+\nIF($J$6=\"Include\",SUMIFS('Future Requirements'!$O:$O,'Future Requirements'!$I:$I,$B44,'Future Requirements'!$G:$G,Q$40,'Future Requirements'!$B:$B,IF($C$3=\"\",\">=\"&$F$3,\">=\"&$C$3),'Future Requirements'!$B:$B,IF($C$4=\"\",\"<=\"&$F$4,\"<=\"&$C$4),'Future Requirements'!$J:$J,IF($C$5=\"Yes\",\"Yes\",IF($C$5=\"No\",\"No\",\"<>Luke\")),'Future Requirements'!$AC:$AC,IF($C$6=\"Agreed\",\"Agreed\",IF($C$6=\"C/Fwd\",\"C/Fwd\",\"<>Luke\")),'Future Requirements'!$AA:$AA,$I$6),0)+\nIF($J$7=\"Include\",SUMIFS('Future Requirements'!$O:$O,'Future Requirements'!$I:$I,$B44,'Future Requirements'!$G:$G,Q$40,'Future Requirements'!$B:$B,IF($C$3=\"\",\">=\"&$F$3,\">=\"&$C$3),'Future Requirements'!$B:$B,IF($C$4=\"\",\"<=\"&$F$4,\"<=\"&$C$4),'Future Requirements'!$J:$J,IF($C$5=\"Yes\",\"Yes\",IF($C$5=\"No\",\"No\",\"<>Luke\")),'Future Requirements'!$AC:$AC,IF($C$6=\"Agreed\",\"Agreed\",IF($C$6=\"C/Fwd\",\"C/Fwd\",\"<>Luke\")),'Future Requirements'!$AA:$AA,$I$7),0)","v":0},{"$f":"IF($J$3=\"Include\",SUMIFS('Future Requirements'!$O:$O,'Future Requirements'!$I:$I,$B44,'Future Requirements'!$G:$G,R$40,'Future Requirements'!$B:$B,IF($C$3=\"\",\">=\"&$F$3,\">=\"&$C$3),'Future Requirements'!$B:$B,IF($C$4=\"\",\"<=\"&$F$4,\"<=\"&$C$4),'Future Requirements'!$J:$J,IF($C$5=\"Yes\",\"Yes\",IF($C$5=\"No\",\"No\",\"<>Luke\")),'Future Requirements'!$AC:$AC,IF($C$6=\"Agreed\",\"Agreed\",IF($C$6=\"C/Fwd\",\"C/Fwd\",\"<>Luke\")),'Future Requirements'!$AA:$AA,$I$3),0)+\nIF($J$4=\"Include\",SUMIFS('Future Requirements'!$O:$O,'Future Requirements'!$I:$I,$B44,'Future Requirements'!$G:$G,R$40,'Future Requirements'!$B:$B,IF($C$3=\"\",\">=\"&$F$3,\">=\"&$C$3),'Future Requirements'!$B:$B,IF($C$4=\"\",\"<=\"&$F$4,\"<=\"&$C$4),'Future Requirements'!$J:$J,IF($C$5=\"Yes\",\"Yes\",IF($C$5=\"No\",\"No\",\"<>Luke\")),'Future Requirements'!$AC:$AC,IF($C$6=\"Agreed\",\"Agreed\",IF($C$6=\"C/Fwd\",\"C/Fwd\",\"<>Luke\")),'Future Requirements'!$AA:$AA,$I$4),0)+\nIF($J$5=\"Include\",SUMIFS('Future Requirements'!$O:$O,'Future Requirements'!$I:$I,$B44,'Future Requirements'!$G:$G,R$40,'Future Requirements'!$B:$B,IF($C$3=\"\",\">=\"&$F$3,\">=\"&$C$3),'Future Requirements'!$B:$B,IF($C$4=\"\",\"<=\"&$F$4,\"<=\"&$C$4),'Future Requirements'!$J:$J,IF($C$5=\"Yes\",\"Yes\",IF($C$5=\"No\",\"No\",\"<>Luke\")),'Future Requirements'!$AC:$AC,IF($C$6=\"Agreed\",\"Agreed\",IF($C$6=\"C/Fwd\",\"C/Fwd\",\"<>Luke\")),'Future Requirements'!$AA:$AA,$I$5),0)+\nIF($J$6=\"Include\",SUMIFS('Future Requirements'!$O:$O,'Future Requirements'!$I:$I,$B44,'Future Requirements'!$G:$G,R$40,'Future Requirements'!$B:$B,IF($C$3=\"\",\">=\"&$F$3,\">=\"&$C$3),'Future Requirements'!$B:$B,IF($C$4=\"\",\"<=\"&$F$4,\"<=\"&$C$4),'Future Requirements'!$J:$J,IF($C$5=\"Yes\",\"Yes\",IF($C$5=\"No\",\"No\",\"<>Luke\")),'Future Requirements'!$AC:$AC,IF($C$6=\"Agreed\",\"Agreed\",IF($C$6=\"C/Fwd\",\"C/Fwd\",\"<>Luke\")),'Future Requirements'!$AA:$AA,$I$6),0)+\nIF($J$7=\"Include\",SUMIFS('Future Requirements'!$O:$O,'Future Requirements'!$I:$I,$B44,'Future Requirements'!$G:$G,R$40,'Future Requirements'!$B:$B,IF($C$3=\"\",\">=\"&$F$3,\">=\"&$C$3),'Future Requirements'!$B:$B,IF($C$4=\"\",\"<=\"&$F$4,\"<=\"&$C$4),'Future Requirements'!$J:$J,IF($C$5=\"Yes\",\"Yes\",IF($C$5=\"No\",\"No\",\"<>Luke\")),'Future Requirements'!$AC:$AC,IF($C$6=\"Agreed\",\"Agreed\",IF($C$6=\"C/Fwd\",\"C/Fwd\",\"<>Luke\")),'Future Requirements'!$AA:$AA,$I$7),0)","v":0},{"$f":"IF($J$3=\"Include\",SUMIFS('Future Requirements'!$O:$O,'Future Requirements'!$I:$I,$B44,'Future Requirements'!$G:$G,S$40,'Future Requirements'!$B:$B,IF($C$3=\"\",\">=\"&$F$3,\">=\"&$C$3),'Future Requirements'!$B:$B,IF($C$4=\"\",\"<=\"&$F$4,\"<=\"&$C$4),'Future Requirements'!$J:$J,IF($C$5=\"Yes\",\"Yes\",IF($C$5=\"No\",\"No\",\"<>Luke\")),'Future Requirements'!$AC:$AC,IF($C$6=\"Agreed\",\"Agreed\",IF($C$6=\"C/Fwd\",\"C/Fwd\",\"<>Luke\")),'Future Requirements'!$AA:$AA,$I$3),0)+\nIF($J$4=\"Include\",SUMIFS('Future Requirements'!$O:$O,'Future Requirements'!$I:$I,$B44,'Future Requirements'!$G:$G,S$40,'Future Requirements'!$B:$B,IF($C$3=\"\",\">=\"&$F$3,\">=\"&$C$3),'Future Requirements'!$B:$B,IF($C$4=\"\",\"<=\"&$F$4,\"<=\"&$C$4),'Future Requirements'!$J:$J,IF($C$5=\"Yes\",\"Yes\",IF($C$5=\"No\",\"No\",\"<>Luke\")),'Future Requirements'!$AC:$AC,IF($C$6=\"Agreed\",\"Agreed\",IF($C$6=\"C/Fwd\",\"C/Fwd\",\"<>Luke\")),'Future Requirements'!$AA:$AA,$I$4),0)+\nIF($J$5=\"Include\",SUMIFS('Future Requirements'!$O:$O,'Future Requirements'!$I:$I,$B44,'Future Requirements'!$G:$G,S$40,'Future Requirements'!$B:$B,IF($C$3=\"\",\">=\"&$F$3,\">=\"&$C$3),'Future Requirements'!$B:$B,IF($C$4=\"\",\"<=\"&$F$4,\"<=\"&$C$4),'Future Requirements'!$J:$J,IF($C$5=\"Yes\",\"Yes\",IF($C$5=\"No\",\"No\",\"<>Luke\")),'Future Requirements'!$AC:$AC,IF($C$6=\"Agreed\",\"Agreed\",IF($C$6=\"C/Fwd\",\"C/Fwd\",\"<>Luke\")),'Future Requirements'!$AA:$AA,$I$5),0)+\nIF($J$6=\"Include\",SUMIFS('Future Requirements'!$O:$O,'Future Requirements'!$I:$I,$B44,'Future Requirements'!$G:$G,S$40,'Future Requirements'!$B:$B,IF($C$3=\"\",\">=\"&$F$3,\">=\"&$C$3),'Future Requirements'!$B:$B,IF($C$4=\"\",\"<=\"&$F$4,\"<=\"&$C$4),'Future Requirements'!$J:$J,IF($C$5=\"Yes\",\"Yes\",IF($C$5=\"No\",\"No\",\"<>Luke\")),'Future Requirements'!$AC:$AC,IF($C$6=\"Agreed\",\"Agreed\",IF($C$6=\"C/Fwd\",\"C/Fwd\",\"<>Luke\")),'Future Requirements'!$AA:$AA,$I$6),0)+\nIF($J$7=\"Include\",SUMIFS('Future Requirements'!$O:$O,'Future Requirements'!$I:$I,$B44,'Future Requirements'!$G:$G,S$40,'Future Requirements'!$B:$B,IF($C$3=\"\",\">=\"&$F$3,\">=\"&$C$3),'Future Requirements'!$B:$B,IF($C$4=\"\",\"<=\"&$F$4,\"<=\"&$C$4),'Future Requirements'!$J:$J,IF($C$5=\"Yes\",\"Yes\",IF($C$5=\"No\",\"No\",\"<>Luke\")),'Future Requirements'!$AC:$AC,IF($C$6=\"Agreed\",\"Agreed\",IF($C$6=\"C/Fwd\",\"C/Fwd\",\"<>Luke\")),'Future Requirements'!$AA:$AA,$I$7),0)","v":0},0]
[null,"Grade 3 - Mid Life",{"$f":"IF($J$3=\"Include\",SUMIFS('Future Requirements'!$O:$O,'Future Requirements'!$I:$I,$B45,'Future Requirements'!$G:$G,C$40,'Future Requirements'!$B:$B,IF($C$3=\"\",\">=\"&$F$3,\">=\"&$C$3),'Future Requirements'!$B:$B,IF($C$4=\"\",\"<=\"&$F$4,\"<=\"&$C$4),'Future Requirements'!$J:$J,IF($C$5=\"Yes\",\"Yes\",IF($C$5=\"No\",\"No\",\"<>Luke\")),'Future Requirements'!$AC:$AC,IF($C$6=\"Agreed\",\"Agreed\",IF($C$6=\"C/Fwd\",\"C/Fwd\",\"<>Luke\")),'Future Requirements'!$AA:$AA,$I$3),0)+\nIF($J$4=\"Include\",SUMIFS('Future Requirements'!$O:$O,'Future Requirements'!$I:$I,$B45,'Future Requirements'!$G:$G,C$40,'Future Requirements'!$B:$B,IF($C$3=\"\",\">=\"&$F$3,\">=\"&$C$3),'Future Requirements'!$B:$B,IF($C$4=\"\",\"<=\"&$F$4,\"<=\"&$C$4),'Future Requirements'!$J:$J,IF($C$5=\"Yes\",\"Yes\",IF($C$5=\"No\",\"No\",\"<>Luke\")),'Future Requirements'!$AC:$AC,IF($C$6=\"Agreed\",\"Agreed\",IF($C$6=\"C/Fwd\",\"C/Fwd\",\"<>Luke\")),'Future Requirements'!$AA:$AA,$I$4),0)+\nIF($J$5=\"Include\",SUMIFS('Future Requirements'!$O:$O,'Future Requirements'!$I:$I,$B45,'Future Requirements'!$G:$G,C$40,'Future Requirements'!$B:$B,IF($C$3=\"\",\">=\"&$F$3,\">=\"&$C$3),'Future Requirements'!$B:$B,IF($C$4=\"\",\"<=\"&$F$4,\"<=\"&$C$4),'Future Requirements'!$J:$J,IF($C$5=\"Yes\",\"Yes\",IF($C$5=\"No\",\"No\",\"<>Luke\")),'Future Requirements'!$AC:$AC,IF($C$6=\"Agreed\",\"Agreed\",IF($C$6=\"C/Fwd\",\"C/Fwd\",\"<>Luke\")),'Future Requirements'!$AA:$AA,$I$5),0)+\nIF($J$6=\"Include\",SUMIFS('Future Requirements'!$O:$O,'Future Requirements'!$I:$I,$B45,'Future Requirements'!$G:$G,C$40,'Future Requirements'!$B:$B,IF($C$3=\"\",\">=\"&$F$3,\">=\"&$C$3),'Future Requirements'!$B:$B,IF($C$4=\"\",\"<=\"&$F$4,\"<=\"&$C$4),'Future Requirements'!$J:$J,IF($C$5=\"Yes\",\"Yes\",IF($C$5=\"No\",\"No\",\"<>Luke\")),'Future Requirements'!$AC:$AC,IF($C$6=\"Agreed\",\"Agreed\",IF($C$6=\"C/Fwd\",\"C/Fwd\",\"<>Luke\")),'Future Requirements'!$AA:$AA,$I$6),0)+\nIF($J$7=\"Include\",SUMIFS('Future Requirements'!$O:$O,'Future Requirements'!$I:$I,$B45,'Future Requirements'!$G:$G,C$40,'Future Requirements'!$B:$B,IF($C$3=\"\",\">=\"&$F$3,\">=\"&$C$3),'Future Requirements'!$B:$B,IF($C$4=\"\",\"<=\"&$F$4,\"<=\"&$C$4),'Future Requirements'!$J:$J,IF($C$5=\"Yes\",\"Yes\",IF($C$5=\"No\",\"No\",\"<>Luke\")),'Future Requirements'!$AC:$AC,IF($C$6=\"Agreed\",\"Agreed\",IF($C$6=\"C/Fwd\",\"C/Fwd\",\"<>Luke\")),'Future Requirements'!$AA:$AA,$I$7),0)","v":20000},{"$f":"IF($J$3=\"Include\",SUMIFS('Future Requirements'!$O:$O,'Future Requirements'!$I:$I,$B45,'Future Requirements'!$G:$G,D$40,'Future Requirements'!$B:$B,IF($C$3=\"\",\">=\"&$F$3,\">=\"&$C$3),'Future Requirements'!$B:$B,IF($C$4=\"\",\"<=\"&$F$4,\"<=\"&$C$4),'Future Requirements'!$J:$J,IF($C$5=\"Yes\",\"Yes\",IF($C$5=\"No\",\"No\",\"<>Luke\")),'Future Requirements'!$AC:$AC,IF($C$6=\"Agreed\",\"Agreed\",IF($C$6=\"C/Fwd\",\"C/Fwd\",\"<>Luke\")),'Future Requirements'!$AA:$AA,$I$3),0)+\nIF($J$4=\"Include\",SUMIFS('Future Requirements'!$O:$O,'Future Requirements'!$I:$I,$B45,'Future Requirements'!$G:$G,D$40,'Future Requirements'!$B:$B,IF($C$3=\"\",\">=\"&$F$3,\">=\"&$C$3),'Future Requirements'!$B:$B,IF($C$4=\"\",\"<=\"&$F$4,\"<=\"&$C$4),'Future Requirements'!$J:$J,IF($C$5=\"Yes\",\"Yes\",IF($C$5=\"No\",\"No\",\"<>Luke\")),'Future Requirements'!$AC:$AC,IF($C$6=\"Agreed\",\"Agreed\",IF($C$6=\"C/Fwd\",\"C/Fwd\",\"<>Luke\")),'Future Requirements'!$AA:$AA,$I$4),0)+\nIF($J$5=\"Include\",SUMIFS('Future Requirements'!$O:$O,'Future Requirements'!$I:$I,$B45,'Future Requirements'!$G:$G,D$40,'Future Requirements'!$B:$B,IF($C$3=\"\",\">=\"&$F$3,\">=\"&$C$3),'Future Requirements'!$B:$B,IF($C$4=\"\",\"<=\"&$F$4,\"<=\"&$C$4),'Future Requirements'!$J:$J,IF($C$5=\"Yes\",\"Yes\",IF($C$5=\"No\",\"No\",\"<>Luke\")),'Future Requirements'!$AC:$AC,IF($C$6=\"Agreed\",\"Agreed\",IF($C$6=\"C/Fwd\",\"C/Fwd\",\"<>Luke\")),'Future Requirements'!$AA:$AA,$I$5),0)+\nIF($J$6=\"Include\",SUMIFS('Future Requirements'!$O:$O,'Future Requirements'!$I:$I,$B45,'Future Requirements'!$G:$G,D$40,'Future Requirements'!$B:$B,IF($C$3=\"\",\">=\"&$F$3,\">=\"&$C$3),'Future Requirements'!$B:$B,IF($C$4=\"\",\"<=\"&$F$4,\"<=\"&$C$4),'Future Requirements'!$J:$J,IF($C$5=\"Yes\",\"Yes\",IF($C$5=\"No\",\"No\",\"<>Luke\")),'Future Requirements'!$AC:$AC,IF($C$6=\"Agreed\",\"Agreed\",IF($C$6=\"C/Fwd\",\"C/Fwd\",\"<>Luke\")),'Future Requirements'!$AA:$AA,$I$6),0)+\nIF($J$7=\"Include\",SUMIFS('Future Requirements'!$O:$O,'Future Requirements'!$I:$I,$B45,'Future Requirements'!$G:$G,D$40,'Future Requirements'!$B:$B,IF($C$3=\"\",\">=\"&$F$3,\">=\"&$C$3),'Future Requirements'!$B:$B,IF($C$4=\"\",\"<=\"&$F$4,\"<=\"&$C$4),'Future Requirements'!$J:$J,IF($C$5=\"Yes\",\"Yes\",IF($C$5=\"No\",\"No\",\"<>Luke\")),'Future Requirements'!$AC:$AC,IF($C$6=\"Agreed\",\"Agreed\",IF($C$6=\"C/Fwd\",\"C/Fwd\",\"<>Luke\")),'Future Requirements'!$AA:$AA,$I$7),0)","v":30000},{"$f":"IF($J$3=\"Include\",SUMIFS('Future Requirements'!$O:$O,'Future Requirements'!$I:$I,$B45,'Future Requirements'!$G:$G,E$40,'Future Requirements'!$B:$B,IF($C$3=\"\",\">=\"&$F$3,\">=\"&$C$3),'Future Requirements'!$B:$B,IF($C$4=\"\",\"<=\"&$F$4,\"<=\"&$C$4),'Future Requirements'!$J:$J,IF($C$5=\"Yes\",\"Yes\",IF($C$5=\"No\",\"No\",\"<>Luke\")),'Future Requirements'!$AC:$AC,IF($C$6=\"Agreed\",\"Agreed\",IF($C$6=\"C/Fwd\",\"C/Fwd\",\"<>Luke\")),'Future Requirements'!$AA:$AA,$I$3),0)+\nIF($J$4=\"Include\",SUMIFS('Future Requirements'!$O:$O,'Future Requirements'!$I:$I,$B45,'Future Requirements'!$G:$G,E$40,'Future Requirements'!$B:$B,IF($C$3=\"\",\">=\"&$F$3,\">=\"&$C$3),'Future Requirements'!$B:$B,IF($C$4=\"\",\"<=\"&$F$4,\"<=\"&$C$4),'Future Requirements'!$J:$J,IF($C$5=\"Yes\",\"Yes\",IF($C$5=\"No\",\"No\",\"<>Luke\")),'Future Requirements'!$AC:$AC,IF($C$6=\"Agreed\",\"Agreed\",IF($C$6=\"C/Fwd\",\"C/Fwd\",\"<>Luke\")),'Future Requirements'!$AA:$AA,$I$4),0)+\nIF($J$5=\"Include\",SUMIFS('Future Requirements'!$O:$O,'Future Requirements'!$I:$I,$B45,'Future Requirements'!$G:$G,E$40,'Future Requirements'!$B:$B,IF($C$3=\"\",\">=\"&$F$3,\">=\"&$C$3),'Future Requirements'!$B:$B,IF($C$4=\"\",\"<=\"&$F$4,\"<=\"&$C$4),'Future Requirements'!$J:$J,IF($C$5=\"Yes\",\"Yes\",IF($C$5=\"No\",\"No\",\"<>Luke\")),'Future Requirements'!$AC:$AC,IF($C$6=\"Agreed\",\"Agreed\",IF($C$6=\"C/Fwd\",\"C/Fwd\",\"<>Luke\")),'Future Requirements'!$AA:$AA,$I$5),0)+\nIF($J$6=\"Include\",SUMIFS('Future Requirements'!$O:$O,'Future Requirements'!$I:$I,$B45,'Future Requirements'!$G:$G,E$40,'Future Requirements'!$B:$B,IF($C$3=\"\",\">=\"&$F$3,\">=\"&$C$3),'Future Requirements'!$B:$B,IF($C$4=\"\",\"<=\"&$F$4,\"<=\"&$C$4),'Future Requirements'!$J:$J,IF($C$5=\"Yes\",\"Yes\",IF($C$5=\"No\",\"No\",\"<>Luke\")),'Future Requirements'!$AC:$AC,IF($C$6=\"Agreed\",\"Agreed\",IF($C$6=\"C/Fwd\",\"C/Fwd\",\"<>Luke\")),'Future Requirements'!$AA:$AA,$I$6),0)+\nIF($J$7=\"Include\",SUMIFS('Future Requirements'!$O:$O,'Future Requirements'!$I:$I,$B45,'Future Requirements'!$G:$G,E$40,'Future Requirements'!$B:$B,IF($C$3=\"\",\">=\"&$F$3,\">=\"&$C$3),'Future Requirements'!$B:$B,IF($C$4=\"\",\"<=\"&$F$4,\"<=\"&$C$4),'Future Requirements'!$J:$J,IF($C$5=\"Yes\",\"Yes\",IF($C$5=\"No\",\"No\",\"<>Luke\")),'Future Requirements'!$AC:$AC,IF($C$6=\"Agreed\",\"Agreed\",IF($C$6=\"C/Fwd\",\"C/Fwd\",\"<>Luke\")),'Future Requirements'!$AA:$AA,$I$7),0)","v":80000},{"$f":"IF($J$3=\"Include\",SUMIFS('Future Requirements'!$O:$O,'Future Requirements'!$I:$I,$B45,'Future Requirements'!$G:$G,F$40,'Future Requirements'!$B:$B,IF($C$3=\"\",\">=\"&$F$3,\">=\"&$C$3),'Future Requirements'!$B:$B,IF($C$4=\"\",\"<=\"&$F$4,\"<=\"&$C$4),'Future Requirements'!$J:$J,IF($C$5=\"Yes\",\"Yes\",IF($C$5=\"No\",\"No\",\"<>Luke\")),'Future Requirements'!$AC:$AC,IF($C$6=\"Agreed\",\"Agreed\",IF($C$6=\"C/Fwd\",\"C/Fwd\",\"<>Luke\")),'Future Requirements'!$AA:$AA,$I$3),0)+\nIF($J$4=\"Include\",SUMIFS('Future Requirements'!$O:$O,'Future Requirements'!$I:$I,$B45,'Future Requirements'!$G:$G,F$40,'Future Requirements'!$B:$B,IF($C$3=\"\",\">=\"&$F$3,\">=\"&$C$3),'Future Requirements'!$B:$B,IF($C$4=\"\",\"<=\"&$F$4,\"<=\"&$C$4),'Future Requirements'!$J:$J,IF($C$5=\"Yes\",\"Yes\",IF($C$5=\"No\",\"No\",\"<>Luke\")),'Future Requirements'!$AC:$AC,IF($C$6=\"Agreed\",\"Agreed\",IF($C$6=\"C/Fwd\",\"C/Fwd\",\"<>Luke\")),'Future Requirements'!$AA:$AA,$I$4),0)+\nIF($J$5=\"Include\",SUMIFS('Future Requirements'!$O:$O,'Future Requirements'!$I:$I,$B45,'Future Requirements'!$G:$G,F$40,'Future Requirements'!$B:$B,IF($C$3=\"\",\">=\"&$F$3,\">=\"&$C$3),'Future Requirements'!$B:$B,IF($C$4=\"\",\"<=\"&$F$4,\"<=\"&$C$4),'Future Requirements'!$J:$J,IF($C$5=\"Yes\",\"Yes\",IF($C$5=\"No\",\"No\",\"<>Luke\")),'Future Requirements'!$AC:$AC,IF($C$6=\"Agreed\",\"Agreed\",IF($C$6=\"C/Fwd\",\"C/Fwd\",\"<>Luke\")),'Future Requirements'!$AA:$AA,$I$5),0)+\nIF($J$6=\"Include\",SUMIFS('Future Requirements'!$O:$O,'Future Requirements'!$I:$I,$B45,'Future Requirements'!$G:$G,F$40,'Future Requirements'!$B:$B,IF($C$3=\"\",\">=\"&$F$3,\">=\"&$C$3),'Future Requirements'!$B:$B,IF($C$4=\"\",\"<=\"&$F$4,\"<=\"&$C$4),'Future Requirements'!$J:$J,IF($C$5=\"Yes\",\"Yes\",IF($C$5=\"No\",\"No\",\"<>Luke\")),'Future Requirements'!$AC:$AC,IF($C$6=\"Agreed\",\"Agreed\",IF($C$6=\"C/Fwd\",\"C/Fwd\",\"<>Luke\")),'Future Requirements'!$AA:$AA,$I$6),0)+\nIF($J$7=\"Include\",SUMIFS('Future Requirements'!$O:$O,'Future Requirements'!$I:$I,$B45,'Future Requirements'!$G:$G,F$40,'Future Requirements'!$B:$B,IF($C$3=\"\",\">=\"&$F$3,\">=\"&$C$3),'Future Requirements'!$B:$B,IF($C$4=\"\",\"<=\"&$F$4,\"<=\"&$C$4),'Future Requirements'!$J:$J,IF($C$5=\"Yes\",\"Yes\",IF($C$5=\"No\",\"No\",\"<>Luke\")),'Future Requirements'!$AC:$AC,IF($C$6=\"Agreed\",\"Agreed\",IF($C$6=\"C/Fwd\",\"C/Fwd\",\"<>Luke\")),'Future Requirements'!$AA:$AA,$I$7),0)","v":0},{"$f":"IF($J$3=\"Include\",SUMIFS('Future Requirements'!$O:$O,'Future Requirements'!$I:$I,$B45,'Future Requirements'!$G:$G,G$40,'Future Requirements'!$B:$B,IF($C$3=\"\",\">=\"&$F$3,\">=\"&$C$3),'Future Requirements'!$B:$B,IF($C$4=\"\",\"<=\"&$F$4,\"<=\"&$C$4),'Future Requirements'!$J:$J,IF($C$5=\"Yes\",\"Yes\",IF($C$5=\"No\",\"No\",\"<>Luke\")),'Future Requirements'!$AC:$AC,IF($C$6=\"Agreed\",\"Agreed\",IF($C$6=\"C/Fwd\",\"C/Fwd\",\"<>Luke\")),'Future Requirements'!$AA:$AA,$I$3),0)+\nIF($J$4=\"Include\",SUMIFS('Future Requirements'!$O:$O,'Future Requirements'!$I:$I,$B45,'Future Requirements'!$G:$G,G$40,'Future Requirements'!$B:$B,IF($C$3=\"\",\">=\"&$F$3,\">=\"&$C$3),'Future Requirements'!$B:$B,IF($C$4=\"\",\"<=\"&$F$4,\"<=\"&$C$4),'Future Requirements'!$J:$J,IF($C$5=\"Yes\",\"Yes\",IF($C$5=\"No\",\"No\",\"<>Luke\")),'Future Requirements'!$AC:$AC,IF($C$6=\"Agreed\",\"Agreed\",IF($C$6=\"C/Fwd\",\"C/Fwd\",\"<>Luke\")),'Future Requirements'!$AA:$AA,$I$4),0)+\nIF($J$5=\"Include\",SUMIFS('Future Requirements'!$O:$O,'Future Requirements'!$I:$I,$B45,'Future Requirements'!$G:$G,G$40,'Future Requirements'!$B:$B,IF($C$3=\"\",\">=\"&$F$3,\">=\"&$C$3),'Future Requirements'!$B:$B,IF($C$4=\"\",\"<=\"&$F$4,\"<=\"&$C$4),'Future Requirements'!$J:$J,IF($C$5=\"Yes\",\"Yes\",IF($C$5=\"No\",\"No\",\"<>Luke\")),'Future Requirements'!$AC:$AC,IF($C$6=\"Agreed\",\"Agreed\",IF($C$6=\"C/Fwd\",\"C/Fwd\",\"<>Luke\")),'Future Requirements'!$AA:$AA,$I$5),0)+\nIF($J$6=\"Include\",SUMIFS('Future Requirements'!$O:$O,'Future Requirements'!$I:$I,$B45,'Future Requirements'!$G:$G,G$40,'Future Requirements'!$B:$B,IF($C$3=\"\",\">=\"&$F$3,\">=\"&$C$3),'Future Requirements'!$B:$B,IF($C$4=\"\",\"<=\"&$F$4,\"<=\"&$C$4),'Future Requirements'!$J:$J,IF($C$5=\"Yes\",\"Yes\",IF($C$5=\"No\",\"No\",\"<>Luke\")),'Future Requirements'!$AC:$AC,IF($C$6=\"Agreed\",\"Agreed\",IF($C$6=\"C/Fwd\",\"C/Fwd\",\"<>Luke\")),'Future Requirements'!$AA:$AA,$I$6),0)+\nIF($J$7=\"Include\",SUMIFS('Future Requirements'!$O:$O,'Future Requirements'!$I:$I,$B45,'Future Requirements'!$G:$G,G$40,'Future Requirements'!$B:$B,IF($C$3=\"\",\">=\"&$F$3,\">=\"&$C$3),'Future Requirements'!$B:$B,IF($C$4=\"\",\"<=\"&$F$4,\"<=\"&$C$4),'Future Requirements'!$J:$J,IF($C$5=\"Yes\",\"Yes\",IF($C$5=\"No\",\"No\",\"<>Luke\")),'Future Requirements'!$AC:$AC,IF($C$6=\"Agreed\",\"Agreed\",IF($C$6=\"C/Fwd\",\"C/Fwd\",\"<>Luke\")),'Future Requirements'!$AA:$AA,$I$7),0)","v":0},{"$f":"IF($J$3=\"Include\",SUMIFS('Future Requirements'!$O:$O,'Future Requirements'!$I:$I,$B45,'Future Requirements'!$G:$G,H$40,'Future Requirements'!$B:$B,IF($C$3=\"\",\">=\"&$F$3,\">=\"&$C$3),'Future Requirements'!$B:$B,IF($C$4=\"\",\"<=\"&$F$4,\"<=\"&$C$4),'Future Requirements'!$J:$J,IF($C$5=\"Yes\",\"Yes\",IF($C$5=\"No\",\"No\",\"<>Luke\")),'Future Requirements'!$AC:$AC,IF($C$6=\"Agreed\",\"Agreed\",IF($C$6=\"C/Fwd\",\"C/Fwd\",\"<>Luke\")),'Future Requirements'!$AA:$AA,$I$3),0)+\nIF($J$4=\"Include\",SUMIFS('Future Requirements'!$O:$O,'Future Requirements'!$I:$I,$B45,'Future Requirements'!$G:$G,H$40,'Future Requirements'!$B:$B,IF($C$3=\"\",\">=\"&$F$3,\">=\"&$C$3),'Future Requirements'!$B:$B,IF($C$4=\"\",\"<=\"&$F$4,\"<=\"&$C$4),'Future Requirements'!$J:$J,IF($C$5=\"Yes\",\"Yes\",IF($C$5=\"No\",\"No\",\"<>Luke\")),'Future Requirements'!$AC:$AC,IF($C$6=\"Agreed\",\"Agreed\",IF($C$6=\"C/Fwd\",\"C/Fwd\",\"<>Luke\")),'Future Requirements'!$AA:$AA,$I$4),0)+\nIF($J$5=\"Include\",SUMIFS('Future Requirements'!$O:$O,'Future Requirements'!$I:$I,$B45,'Future Requirements'!$G:$G,H$40,'Future Requirements'!$B:$B,IF($C$3=\"\",\">=\"&$F$3,\">=\"&$C$3),'Future Requirements'!$B:$B,IF($C$4=\"\",\"<=\"&$F$4,\"<=\"&$C$4),'Future Requirements'!$J:$J,IF($C$5=\"Yes\",\"Yes\",IF($C$5=\"No\",\"No\",\"<>Luke\")),'Future Requirements'!$AC:$AC,IF($C$6=\"Agreed\",\"Agreed\",IF($C$6=\"C/Fwd\",\"C/Fwd\",\"<>Luke\")),'Future Requirements'!$AA:$AA,$I$5),0)+\nIF($J$6=\"Include\",SUMIFS('Future Requirements'!$O:$O,'Future Requirements'!$I:$I,$B45,'Future Requirements'!$G:$G,H$40,'Future Requirements'!$B:$B,IF($C$3=\"\",\">=\"&$F$3,\">=\"&$C$3),'Future Requirements'!$B:$B,IF($C$4=\"\",\"<=\"&$F$4,\"<=\"&$C$4),'Future Requirements'!$J:$J,IF($C$5=\"Yes\",\"Yes\",IF($C$5=\"No\",\"No\",\"<>Luke\")),'Future Requirements'!$AC:$AC,IF($C$6=\"Agreed\",\"Agreed\",IF($C$6=\"C/Fwd\",\"C/Fwd\",\"<>Luke\")),'Future Requirements'!$AA:$AA,$I$6),0)+\nIF($J$7=\"Include\",SUMIFS('Future Requirements'!$O:$O,'Future Requirements'!$I:$I,$B45,'Future Requirements'!$G:$G,H$40,'Future Requirements'!$B:$B,IF($C$3=\"\",\">=\"&$F$3,\">=\"&$C$3),'Future Requirements'!$B:$B,IF($C$4=\"\",\"<=\"&$F$4,\"<=\"&$C$4),'Future Requirements'!$J:$J,IF($C$5=\"Yes\",\"Yes\",IF($C$5=\"No\",\"No\",\"<>Luke\")),'Future Requirements'!$AC:$AC,IF($C$6=\"Agreed\",\"Agreed\",IF($C$6=\"C/Fwd\",\"C/Fwd\",\"<>Luke\")),'Future Requirements'!$AA:$AA,$I$7),0)","v":310000},{"$f":"IF($J$3=\"Include\",SUMIFS('Future Requirements'!$O:$O,'Future Requirements'!$I:$I,$B45,'Future Requirements'!$G:$G,I$40,'Future Requirements'!$B:$B,IF($C$3=\"\",\">=\"&$F$3,\">=\"&$C$3),'Future Requirements'!$B:$B,IF($C$4=\"\",\"<=\"&$F$4,\"<=\"&$C$4),'Future Requirements'!$J:$J,IF($C$5=\"Yes\",\"Yes\",IF($C$5=\"No\",\"No\",\"<>Luke\")),'Future Requirements'!$AC:$AC,IF($C$6=\"Agreed\",\"Agreed\",IF($C$6=\"C/Fwd\",\"C/Fwd\",\"<>Luke\")),'Future Requirements'!$AA:$AA,$I$3),0)+\nIF($J$4=\"Include\",SUMIFS('Future Requirements'!$O:$O,'Future Requirements'!$I:$I,$B45,'Future Requirements'!$G:$G,I$40,'Future Requirements'!$B:$B,IF($C$3=\"\",\">=\"&$F$3,\">=\"&$C$3),'Future Requirements'!$B:$B,IF($C$4=\"\",\"<=\"&$F$4,\"<=\"&$C$4),'Future Requirements'!$J:$J,IF($C$5=\"Yes\",\"Yes\",IF($C$5=\"No\",\"No\",\"<>Luke\")),'Future Requirements'!$AC:$AC,IF($C$6=\"Agreed\",\"Agreed\",IF($C$6=\"C/Fwd\",\"C/Fwd\",\"<>Luke\")),'Future Requirements'!$AA:$AA,$I$4),0)+\nIF($J$5=\"Include\",SUMIFS('Future Requirements'!$O:$O,'Future Requirements'!$I:$I,$B45,'Future Requirements'!$G:$G,I$40,'Future Requirements'!$B:$B,IF($C$3=\"\",\">=\"&$F$3,\">=\"&$C$3),'Future Requirements'!$B:$B,IF($C$4=\"\",\"<=\"&$F$4,\"<=\"&$C$4),'Future Requirements'!$J:$J,IF($C$5=\"Yes\",\"Yes\",IF($C$5=\"No\",\"No\",\"<>Luke\")),'Future Requirements'!$AC:$AC,IF($C$6=\"Agreed\",\"Agreed\",IF($C$6=\"C/Fwd\",\"C/Fwd\",\"<>Luke\")),'Future Requirements'!$AA:$AA,$I$5),0)+\nIF($J$6=\"Include\",SUMIFS('Future Requirements'!$O:$O,'Future Requirements'!$I:$I,$B45,'Future Requirements'!$G:$G,I$40,'Future Requirements'!$B:$B,IF($C$3=\"\",\">=\"&$F$3,\">=\"&$C$3),'Future Requirements'!$B:$B,IF($C$4=\"\",\"<=\"&$F$4,\"<=\"&$C$4),'Future Requirements'!$J:$J,IF($C$5=\"Yes\",\"Yes\",IF($C$5=\"No\",\"No\",\"<>Luke\")),'Future Requirements'!$AC:$AC,IF($C$6=\"Agreed\",\"Agreed\",IF($C$6=\"C/Fwd\",\"C/Fwd\",\"<>Luke\")),'Future Requirements'!$AA:$AA,$I$6),0)+\nIF($J$7=\"Include\",SUMIFS('Future Requirements'!$O:$O,'Future Requirements'!$I:$I,$B45,'Future Requirements'!$G:$G,I$40,'Future Requirements'!$B:$B,IF($C$3=\"\",\">=\"&$F$3,\">=\"&$C$3),'Future Requirements'!$B:$B,IF($C$4=\"\",\"<=\"&$F$4,\"<=\"&$C$4),'Future Requirements'!$J:$J,IF($C$5=\"Yes\",\"Yes\",IF($C$5=\"No\",\"No\",\"<>Luke\")),'Future Requirements'!$AC:$AC,IF($C$6=\"Agreed\",\"Agreed\",IF($C$6=\"C/Fwd\",\"C/Fwd\",\"<>Luke\")),'Future Requirements'!$AA:$AA,$I$7),0)","v":0},{"$f":"IF($J$3=\"Include\",SUMIFS('Future Requirements'!$O:$O,'Future Requirements'!$I:$I,$B45,'Future Requirements'!$G:$G,J$40,'Future Requirements'!$B:$B,IF($C$3=\"\",\">=\"&$F$3,\">=\"&$C$3),'Future Requirements'!$B:$B,IF($C$4=\"\",\"<=\"&$F$4,\"<=\"&$C$4),'Future Requirements'!$J:$J,IF($C$5=\"Yes\",\"Yes\",IF($C$5=\"No\",\"No\",\"<>Luke\")),'Future Requirements'!$AC:$AC,IF($C$6=\"Agreed\",\"Agreed\",IF($C$6=\"C/Fwd\",\"C/Fwd\",\"<>Luke\")),'Future Requirements'!$AA:$AA,$I$3),0)+\nIF($J$4=\"Include\",SUMIFS('Future Requirements'!$O:$O,'Future Requirements'!$I:$I,$B45,'Future Requirements'!$G:$G,J$40,'Future Requirements'!$B:$B,IF($C$3=\"\",\">=\"&$F$3,\">=\"&$C$3),'Future Requirements'!$B:$B,IF($C$4=\"\",\"<=\"&$F$4,\"<=\"&$C$4),'Future Requirements'!$J:$J,IF($C$5=\"Yes\",\"Yes\",IF($C$5=\"No\",\"No\",\"<>Luke\")),'Future Requirements'!$AC:$AC,IF($C$6=\"Agreed\",\"Agreed\",IF($C$6=\"C/Fwd\",\"C/Fwd\",\"<>Luke\")),'Future Requirements'!$AA:$AA,$I$4),0)+\nIF($J$5=\"Include\",SUMIFS('Future Requirements'!$O:$O,'Future Requirements'!$I:$I,$B45,'Future Requirements'!$G:$G,J$40,'Future Requirements'!$B:$B,IF($C$3=\"\",\">=\"&$F$3,\">=\"&$C$3),'Future Requirements'!$B:$B,IF($C$4=\"\",\"<=\"&$F$4,\"<=\"&$C$4),'Future Requirements'!$J:$J,IF($C$5=\"Yes\",\"Yes\",IF($C$5=\"No\",\"No\",\"<>Luke\")),'Future Requirements'!$AC:$AC,IF($C$6=\"Agreed\",\"Agreed\",IF($C$6=\"C/Fwd\",\"C/Fwd\",\"<>Luke\")),'Future Requirements'!$AA:$AA,$I$5),0)+\nIF($J$6=\"Include\",SUMIFS('Future Requirements'!$O:$O,'Future Requirements'!$I:$I,$B45,'Future Requirements'!$G:$G,J$40,'Future Requirements'!$B:$B,IF($C$3=\"\",\">=\"&$F$3,\">=\"&$C$3),'Future Requirements'!$B:$B,IF($C$4=\"\",\"<=\"&$F$4,\"<=\"&$C$4),'Future Requirements'!$J:$J,IF($C$5=\"Yes\",\"Yes\",IF($C$5=\"No\",\"No\",\"<>Luke\")),'Future Requirements'!$AC:$AC,IF($C$6=\"Agreed\",\"Agreed\",IF($C$6=\"C/Fwd\",\"C/Fwd\",\"<>Luke\")),'Future Requirements'!$AA:$AA,$I$6),0)+\nIF($J$7=\"Include\",SUMIFS('Future Requirements'!$O:$O,'Future Requirements'!$I:$I,$B45,'Future Requirements'!$G:$G,J$40,'Future Requirements'!$B:$B,IF($C$3=\"\",\">=\"&$F$3,\">=\"&$C$3),'Future Requirements'!$B:$B,IF($C$4=\"\",\"<=\"&$F$4,\"<=\"&$C$4),'Future Requirements'!$J:$J,IF($C$5=\"Yes\",\"Yes\",IF($C$5=\"No\",\"No\",\"<>Luke\")),'Future Requirements'!$AC:$AC,IF($C$6=\"Agreed\",\"Agreed\",IF($C$6=\"C/Fwd\",\"C/Fwd\",\"<>Luke\")),'Future Requirements'!$AA:$AA,$I$7),0)","v":0},{"$f":"IF($J$3=\"Include\",SUMIFS('Future Requirements'!$O:$O,'Future Requirements'!$I:$I,$B45,'Future Requirements'!$G:$G,K$40,'Future Requirements'!$B:$B,IF($C$3=\"\",\">=\"&$F$3,\">=\"&$C$3),'Future Requirements'!$B:$B,IF($C$4=\"\",\"<=\"&$F$4,\"<=\"&$C$4),'Future Requirements'!$J:$J,IF($C$5=\"Yes\",\"Yes\",IF($C$5=\"No\",\"No\",\"<>Luke\")),'Future Requirements'!$AC:$AC,IF($C$6=\"Agreed\",\"Agreed\",IF($C$6=\"C/Fwd\",\"C/Fwd\",\"<>Luke\")),'Future Requirements'!$AA:$AA,$I$3),0)+\nIF($J$4=\"Include\",SUMIFS('Future Requirements'!$O:$O,'Future Requirements'!$I:$I,$B45,'Future Requirements'!$G:$G,K$40,'Future Requirements'!$B:$B,IF($C$3=\"\",\">=\"&$F$3,\">=\"&$C$3),'Future Requirements'!$B:$B,IF($C$4=\"\",\"<=\"&$F$4,\"<=\"&$C$4),'Future Requirements'!$J:$J,IF($C$5=\"Yes\",\"Yes\",IF($C$5=\"No\",\"No\",\"<>Luke\")),'Future Requirements'!$AC:$AC,IF($C$6=\"Agreed\",\"Agreed\",IF($C$6=\"C/Fwd\",\"C/Fwd\",\"<>Luke\")),'Future Requirements'!$AA:$AA,$I$4),0)+\nIF($J$5=\"Include\",SUMIFS('Future Requirements'!$O:$O,'Future Requirements'!$I:$I,$B45,'Future Requirements'!$G:$G,K$40,'Future Requirements'!$B:$B,IF($C$3=\"\",\">=\"&$F$3,\">=\"&$C$3),'Future Requirements'!$B:$B,IF($C$4=\"\",\"<=\"&$F$4,\"<=\"&$C$4),'Future Requirements'!$J:$J,IF($C$5=\"Yes\",\"Yes\",IF($C$5=\"No\",\"No\",\"<>Luke\")),'Future Requirements'!$AC:$AC,IF($C$6=\"Agreed\",\"Agreed\",IF($C$6=\"C/Fwd\",\"C/Fwd\",\"<>Luke\")),'Future Requirements'!$AA:$AA,$I$5),0)+\nIF($J$6=\"Include\",SUMIFS('Future Requirements'!$O:$O,'Future Requirements'!$I:$I,$B45,'Future Requirements'!$G:$G,K$40,'Future Requirements'!$B:$B,IF($C$3=\"\",\">=\"&$F$3,\">=\"&$C$3),'Future Requirements'!$B:$B,IF($C$4=\"\",\"<=\"&$F$4,\"<=\"&$C$4),'Future Requirements'!$J:$J,IF($C$5=\"Yes\",\"Yes\",IF($C$5=\"No\",\"No\",\"<>Luke\")),'Future Requirements'!$AC:$AC,IF($C$6=\"Agreed\",\"Agreed\",IF($C$6=\"C/Fwd\",\"C/Fwd\",\"<>Luke\")),'Future Requirements'!$AA:$AA,$I$6),0)+\nIF($J$7=\"Include\",SUMIFS('Future Requirements'!$O:$O,'Future Requirements'!$I:$I,$B45,'Future Requirements'!$G:$G,K$40,'Future Requirements'!$B:$B,IF($C$3=\"\",\">=\"&$F$3,\">=\"&$C$3),'Future Requirements'!$B:$B,IF($C$4=\"\",\"<=\"&$F$4,\"<=\"&$C$4),'Future Requirements'!$J:$J,IF($C$5=\"Yes\",\"Yes\",IF($C$5=\"No\",\"No\",\"<>Luke\")),'Future Requirements'!$AC:$AC,IF($C$6=\"Agreed\",\"Agreed\",IF($C$6=\"C/Fwd\",\"C/Fwd\",\"<>Luke\")),'Future Requirements'!$AA:$AA,$I$7),0)","v":0},{"$f":"IF($J$3=\"Include\",SUMIFS('Future Requirements'!$O:$O,'Future Requirements'!$I:$I,$B45,'Future Requirements'!$G:$G,L$40,'Future Requirements'!$B:$B,IF($C$3=\"\",\">=\"&$F$3,\">=\"&$C$3),'Future Requirements'!$B:$B,IF($C$4=\"\",\"<=\"&$F$4,\"<=\"&$C$4),'Future Requirements'!$J:$J,IF($C$5=\"Yes\",\"Yes\",IF($C$5=\"No\",\"No\",\"<>Luke\")),'Future Requirements'!$AC:$AC,IF($C$6=\"Agreed\",\"Agreed\",IF($C$6=\"C/Fwd\",\"C/Fwd\",\"<>Luke\")),'Future Requirements'!$AA:$AA,$I$3),0)+\nIF($J$4=\"Include\",SUMIFS('Future Requirements'!$O:$O,'Future Requirements'!$I:$I,$B45,'Future Requirements'!$G:$G,L$40,'Future Requirements'!$B:$B,IF($C$3=\"\",\">=\"&$F$3,\">=\"&$C$3),'Future Requirements'!$B:$B,IF($C$4=\"\",\"<=\"&$F$4,\"<=\"&$C$4),'Future Requirements'!$J:$J,IF($C$5=\"Yes\",\"Yes\",IF($C$5=\"No\",\"No\",\"<>Luke\")),'Future Requirements'!$AC:$AC,IF($C$6=\"Agreed\",\"Agreed\",IF($C$6=\"C/Fwd\",\"C/Fwd\",\"<>Luke\")),'Future Requirements'!$AA:$AA,$I$4),0)+\nIF($J$5=\"Include\",SUMIFS('Future Requirements'!$O:$O,'Future Requirements'!$I:$I,$B45,'Future Requirements'!$G:$G,L$40,'Future Requirements'!$B:$B,IF($C$3=\"\",\">=\"&$F$3,\">=\"&$C$3),'Future Requirements'!$B:$B,IF($C$4=\"\",\"<=\"&$F$4,\"<=\"&$C$4),'Future Requirements'!$J:$J,IF($C$5=\"Yes\",\"Yes\",IF($C$5=\"No\",\"No\",\"<>Luke\")),'Future Requirements'!$AC:$AC,IF($C$6=\"Agreed\",\"Agreed\",IF($C$6=\"C/Fwd\",\"C/Fwd\",\"<>Luke\")),'Future Requirements'!$AA:$AA,$I$5),0)+\nIF($J$6=\"Include\",SUMIFS('Future Requirements'!$O:$O,'Future Requirements'!$I:$I,$B45,'Future Requirements'!$G:$G,L$40,'Future Requirements'!$B:$B,IF($C$3=\"\",\">=\"&$F$3,\">=\"&$C$3),'Future Requirements'!$B:$B,IF($C$4=\"\",\"<=\"&$F$4,\"<=\"&$C$4),'Future Requirements'!$J:$J,IF($C$5=\"Yes\",\"Yes\",IF($C$5=\"No\",\"No\",\"<>Luke\")),'Future Requirements'!$AC:$AC,IF($C$6=\"Agreed\",\"Agreed\",IF($C$6=\"C/Fwd\",\"C/Fwd\",\"<>Luke\")),'Future Requirements'!$AA:$AA,$I$6),0)+\nIF($J$7=\"Include\",SUMIFS('Future Requirements'!$O:$O,'Future Requirements'!$I:$I,$B45,'Future Requirements'!$G:$G,L$40,'Future Requirements'!$B:$B,IF($C$3=\"\",\">=\"&$F$3,\">=\"&$C$3),'Future Requirements'!$B:$B,IF($C$4=\"\",\"<=\"&$F$4,\"<=\"&$C$4),'Future Requirements'!$J:$J,IF($C$5=\"Yes\",\"Yes\",IF($C$5=\"No\",\"No\",\"<>Luke\")),'Future Requirements'!$AC:$AC,IF($C$6=\"Agreed\",\"Agreed\",IF($C$6=\"C/Fwd\",\"C/Fwd\",\"<>Luke\")),'Future Requirements'!$AA:$AA,$I$7),0)","v":0},{"$f":"IF($J$3=\"Include\",SUMIFS('Future Requirements'!$O:$O,'Future Requirements'!$I:$I,$B45,'Future Requirements'!$G:$G,M$40,'Future Requirements'!$B:$B,IF($C$3=\"\",\">=\"&$F$3,\">=\"&$C$3),'Future Requirements'!$B:$B,IF($C$4=\"\",\"<=\"&$F$4,\"<=\"&$C$4),'Future Requirements'!$J:$J,IF($C$5=\"Yes\",\"Yes\",IF($C$5=\"No\",\"No\",\"<>Luke\")),'Future Requirements'!$AC:$AC,IF($C$6=\"Agreed\",\"Agreed\",IF($C$6=\"C/Fwd\",\"C/Fwd\",\"<>Luke\")),'Future Requirements'!$AA:$AA,$I$3),0)+\nIF($J$4=\"Include\",SUMIFS('Future Requirements'!$O:$O,'Future Requirements'!$I:$I,$B45,'Future Requirements'!$G:$G,M$40,'Future Requirements'!$B:$B,IF($C$3=\"\",\">=\"&$F$3,\">=\"&$C$3),'Future Requirements'!$B:$B,IF($C$4=\"\",\"<=\"&$F$4,\"<=\"&$C$4),'Future Requirements'!$J:$J,IF($C$5=\"Yes\",\"Yes\",IF($C$5=\"No\",\"No\",\"<>Luke\")),'Future Requirements'!$AC:$AC,IF($C$6=\"Agreed\",\"Agreed\",IF($C$6=\"C/Fwd\",\"C/Fwd\",\"<>Luke\")),'Future Requirements'!$AA:$AA,$I$4),0)+\nIF($J$5=\"Include\",SUMIFS('Future Requirements'!$O:$O,'Future Requirements'!$I:$I,$B45,'Future Requirements'!$G:$G,M$40,'Future Requirements'!$B:$B,IF($C$3=\"\",\">=\"&$F$3,\">=\"&$C$3),'Future Requirements'!$B:$B,IF($C$4=\"\",\"<=\"&$F$4,\"<=\"&$C$4),'Future Requirements'!$J:$J,IF($C$5=\"Yes\",\"Yes\",IF($C$5=\"No\",\"No\",\"<>Luke\")),'Future Requirements'!$AC:$AC,IF($C$6=\"Agreed\",\"Agreed\",IF($C$6=\"C/Fwd\",\"C/Fwd\",\"<>Luke\")),'Future Requirements'!$AA:$AA,$I$5),0)+\nIF($J$6=\"Include\",SUMIFS('Future Requirements'!$O:$O,'Future Requirements'!$I:$I,$B45,'Future Requirements'!$G:$G,M$40,'Future Requirements'!$B:$B,IF($C$3=\"\",\">=\"&$F$3,\">=\"&$C$3),'Future Requirements'!$B:$B,IF($C$4=\"\",\"<=\"&$F$4,\"<=\"&$C$4),'Future Requirements'!$J:$J,IF($C$5=\"Yes\",\"Yes\",IF($C$5=\"No\",\"No\",\"<>Luke\")),'Future Requirements'!$AC:$AC,IF($C$6=\"Agreed\",\"Agreed\",IF($C$6=\"C/Fwd\",\"C/Fwd\",\"<>Luke\")),'Future Requirements'!$AA:$AA,$I$6),0)+\nIF($J$7=\"Include\",SUMIFS('Future Requirements'!$O:$O,'Future Requirements'!$I:$I,$B45,'Future Requirements'!$G:$G,M$40,'Future Requirements'!$B:$B,IF($C$3=\"\",\">=\"&$F$3,\">=\"&$C$3),'Future Requirements'!$B:$B,IF($C$4=\"\",\"<=\"&$F$4,\"<=\"&$C$4),'Future Requirements'!$J:$J,IF($C$5=\"Yes\",\"Yes\",IF($C$5=\"No\",\"No\",\"<>Luke\")),'Future Requirements'!$AC:$AC,IF($C$6=\"Agreed\",\"Agreed\",IF($C$6=\"C/Fwd\",\"C/Fwd\",\"<>Luke\")),'Future Requirements'!$AA:$AA,$I$7),0)","v":0},{"$f":"IF($J$3=\"Include\",SUMIFS('Future Requirements'!$O:$O,'Future Requirements'!$I:$I,$B45,'Future Requirements'!$G:$G,N$40,'Future Requirements'!$B:$B,IF($C$3=\"\",\">=\"&$F$3,\">=\"&$C$3),'Future Requirements'!$B:$B,IF($C$4=\"\",\"<=\"&$F$4,\"<=\"&$C$4),'Future Requirements'!$J:$J,IF($C$5=\"Yes\",\"Yes\",IF($C$5=\"No\",\"No\",\"<>Luke\")),'Future Requirements'!$AC:$AC,IF($C$6=\"Agreed\",\"Agreed\",IF($C$6=\"C/Fwd\",\"C/Fwd\",\"<>Luke\")),'Future Requirements'!$AA:$AA,$I$3),0)+\nIF($J$4=\"Include\",SUMIFS('Future Requirements'!$O:$O,'Future Requirements'!$I:$I,$B45,'Future Requirements'!$G:$G,N$40,'Future Requirements'!$B:$B,IF($C$3=\"\",\">=\"&$F$3,\">=\"&$C$3),'Future Requirements'!$B:$B,IF($C$4=\"\",\"<=\"&$F$4,\"<=\"&$C$4),'Future Requirements'!$J:$J,IF($C$5=\"Yes\",\"Yes\",IF($C$5=\"No\",\"No\",\"<>Luke\")),'Future Requirements'!$AC:$AC,IF($C$6=\"Agreed\",\"Agreed\",IF($C$6=\"C/Fwd\",\"C/Fwd\",\"<>Luke\")),'Future Requirements'!$AA:$AA,$I$4),0)+\nIF($J$5=\"Include\",SUMIFS('Future Requirements'!$O:$O,'Future Requirements'!$I:$I,$B45,'Future Requirements'!$G:$G,N$40,'Future Requirements'!$B:$B,IF($C$3=\"\",\">=\"&$F$3,\">=\"&$C$3),'Future Requirements'!$B:$B,IF($C$4=\"\",\"<=\"&$F$4,\"<=\"&$C$4),'Future Requirements'!$J:$J,IF($C$5=\"Yes\",\"Yes\",IF($C$5=\"No\",\"No\",\"<>Luke\")),'Future Requirements'!$AC:$AC,IF($C$6=\"Agreed\",\"Agreed\",IF($C$6=\"C/Fwd\",\"C/Fwd\",\"<>Luke\")),'Future Requirements'!$AA:$AA,$I$5),0)+\nIF($J$6=\"Include\",SUMIFS('Future Requirements'!$O:$O,'Future Requirements'!$I:$I,$B45,'Future Requirements'!$G:$G,N$40,'Future Requirements'!$B:$B,IF($C$3=\"\",\">=\"&$F$3,\">=\"&$C$3),'Future Requirements'!$B:$B,IF($C$4=\"\",\"<=\"&$F$4,\"<=\"&$C$4),'Future Requirements'!$J:$J,IF($C$5=\"Yes\",\"Yes\",IF($C$5=\"No\",\"No\",\"<>Luke\")),'Future Requirements'!$AC:$AC,IF($C$6=\"Agreed\",\"Agreed\",IF($C$6=\"C/Fwd\",\"C/Fwd\",\"<>Luke\")),'Future Requirements'!$AA:$AA,$I$6),0)+\nIF($J$7=\"Include\",SUMIFS('Future Requirements'!$O:$O,'Future Requirements'!$I:$I,$B45,'Future Requirements'!$G:$G,N$40,'Future Requirements'!$B:$B,IF($C$3=\"\",\">=\"&$F$3,\">=\"&$C$3),'Future Requirements'!$B:$B,IF($C$4=\"\",\"<=\"&$F$4,\"<=\"&$C$4),'Future Requirements'!$J:$J,IF($C$5=\"Yes\",\"Yes\",IF($C$5=\"No\",\"No\",\"<>Luke\")),'Future Requirements'!$AC:$AC,IF($C$6=\"Agreed\",\"Agreed\",IF($C$6=\"C/Fwd\",\"C/Fwd\",\"<>Luke\")),'Future Requirements'!$AA:$AA,$I$7),0)","v":0},{"$f":"IF($J$3=\"Include\",SUMIFS('Future Requirements'!$O:$O,'Future Requirements'!$I:$I,$B45,'Future Requirements'!$G:$G,O$40,'Future Requirements'!$B:$B,IF($C$3=\"\",\">=\"&$F$3,\">=\"&$C$3),'Future Requirements'!$B:$B,IF($C$4=\"\",\"<=\"&$F$4,\"<=\"&$C$4),'Future Requirements'!$J:$J,IF($C$5=\"Yes\",\"Yes\",IF($C$5=\"No\",\"No\",\"<>Luke\")),'Future Requirements'!$AC:$AC,IF($C$6=\"Agreed\",\"Agreed\",IF($C$6=\"C/Fwd\",\"C/Fwd\",\"<>Luke\")),'Future Requirements'!$AA:$AA,$I$3),0)+\nIF($J$4=\"Include\",SUMIFS('Future Requirements'!$O:$O,'Future Requirements'!$I:$I,$B45,'Future Requirements'!$G:$G,O$40,'Future Requirements'!$B:$B,IF($C$3=\"\",\">=\"&$F$3,\">=\"&$C$3),'Future Requirements'!$B:$B,IF($C$4=\"\",\"<=\"&$F$4,\"<=\"&$C$4),'Future Requirements'!$J:$J,IF($C$5=\"Yes\",\"Yes\",IF($C$5=\"No\",\"No\",\"<>Luke\")),'Future Requirements'!$AC:$AC,IF($C$6=\"Agreed\",\"Agreed\",IF($C$6=\"C/Fwd\",\"C/Fwd\",\"<>Luke\")),'Future Requirements'!$AA:$AA,$I$4),0)+\nIF($J$5=\"Include\",SUMIFS('Future Requirements'!$O:$O,'Future Requirements'!$I:$I,$B45,'Future Requirements'!$G:$G,O$40,'Future Requirements'!$B:$B,IF($C$3=\"\",\">=\"&$F$3,\">=\"&$C$3),'Future Requirements'!$B:$B,IF($C$4=\"\",\"<=\"&$F$4,\"<=\"&$C$4),'Future Requirements'!$J:$J,IF($C$5=\"Yes\",\"Yes\",IF($C$5=\"No\",\"No\",\"<>Luke\")),'Future Requirements'!$AC:$AC,IF($C$6=\"Agreed\",\"Agreed\",IF($C$6=\"C/Fwd\",\"C/Fwd\",\"<>Luke\")),'Future Requirements'!$AA:$AA,$I$5),0)+\nIF($J$6=\"Include\",SUMIFS('Future Requirements'!$O:$O,'Future Requirements'!$I:$I,$B45,'Future Requirements'!$G:$G,O$40,'Future Requirements'!$B:$B,IF($C$3=\"\",\">=\"&$F$3,\">=\"&$C$3),'Future Requirements'!$B:$B,IF($C$4=\"\",\"<=\"&$F$4,\"<=\"&$C$4),'Future Requirements'!$J:$J,IF($C$5=\"Yes\",\"Yes\",IF($C$5=\"No\",\"No\",\"<>Luke\")),'Future Requirements'!$AC:$AC,IF($C$6=\"Agreed\",\"Agreed\",IF($C$6=\"C/Fwd\",\"C/Fwd\",\"<>Luke\")),'Future Requirements'!$AA:$AA,$I$6),0)+\nIF($J$7=\"Include\",SUMIFS('Future Requirements'!$O:$O,'Future Requirements'!$I:$I,$B45,'Future Requirements'!$G:$G,O$40,'Future Requirements'!$B:$B,IF($C$3=\"\",\">=\"&$F$3,\">=\"&$C$3),'Future Requirements'!$B:$B,IF($C$4=\"\",\"<=\"&$F$4,\"<=\"&$C$4),'Future Requirements'!$J:$J,IF($C$5=\"Yes\",\"Yes\",IF($C$5=\"No\",\"No\",\"<>Luke\")),'Future Requirements'!$AC:$AC,IF($C$6=\"Agreed\",\"Agreed\",IF($C$6=\"C/Fwd\",\"C/Fwd\",\"<>Luke\")),'Future Requirements'!$AA:$AA,$I$7),0)","v":0},{"$f":"IF($J$3=\"Include\",SUMIFS('Future Requirements'!$O:$O,'Future Requirements'!$I:$I,$B45,'Future Requirements'!$G:$G,P$40,'Future Requirements'!$B:$B,IF($C$3=\"\",\">=\"&$F$3,\">=\"&$C$3),'Future Requirements'!$B:$B,IF($C$4=\"\",\"<=\"&$F$4,\"<=\"&$C$4),'Future Requirements'!$J:$J,IF($C$5=\"Yes\",\"Yes\",IF($C$5=\"No\",\"No\",\"<>Luke\")),'Future Requirements'!$AC:$AC,IF($C$6=\"Agreed\",\"Agreed\",IF($C$6=\"C/Fwd\",\"C/Fwd\",\"<>Luke\")),'Future Requirements'!$AA:$AA,$I$3),0)+\nIF($J$4=\"Include\",SUMIFS('Future Requirements'!$O:$O,'Future Requirements'!$I:$I,$B45,'Future Requirements'!$G:$G,P$40,'Future Requirements'!$B:$B,IF($C$3=\"\",\">=\"&$F$3,\">=\"&$C$3),'Future Requirements'!$B:$B,IF($C$4=\"\",\"<=\"&$F$4,\"<=\"&$C$4),'Future Requirements'!$J:$J,IF($C$5=\"Yes\",\"Yes\",IF($C$5=\"No\",\"No\",\"<>Luke\")),'Future Requirements'!$AC:$AC,IF($C$6=\"Agreed\",\"Agreed\",IF($C$6=\"C/Fwd\",\"C/Fwd\",\"<>Luke\")),'Future Requirements'!$AA:$AA,$I$4),0)+\nIF($J$5=\"Include\",SUMIFS('Future Requirements'!$O:$O,'Future Requirements'!$I:$I,$B45,'Future Requirements'!$G:$G,P$40,'Future Requirements'!$B:$B,IF($C$3=\"\",\">=\"&$F$3,\">=\"&$C$3),'Future Requirements'!$B:$B,IF($C$4=\"\",\"<=\"&$F$4,\"<=\"&$C$4),'Future Requirements'!$J:$J,IF($C$5=\"Yes\",\"Yes\",IF($C$5=\"No\",\"No\",\"<>Luke\")),'Future Requirements'!$AC:$AC,IF($C$6=\"Agreed\",\"Agreed\",IF($C$6=\"C/Fwd\",\"C/Fwd\",\"<>Luke\")),'Future Requirements'!$AA:$AA,$I$5),0)+\nIF($J$6=\"Include\",SUMIFS('Future Requirements'!$O:$O,'Future Requirements'!$I:$I,$B45,'Future Requirements'!$G:$G,P$40,'Future Requirements'!$B:$B,IF($C$3=\"\",\">=\"&$F$3,\">=\"&$C$3),'Future Requirements'!$B:$B,IF($C$4=\"\",\"<=\"&$F$4,\"<=\"&$C$4),'Future Requirements'!$J:$J,IF($C$5=\"Yes\",\"Yes\",IF($C$5=\"No\",\"No\",\"<>Luke\")),'Future Requirements'!$AC:$AC,IF($C$6=\"Agreed\",\"Agreed\",IF($C$6=\"C/Fwd\",\"C/Fwd\",\"<>Luke\")),'Future Requirements'!$AA:$AA,$I$6),0)+\nIF($J$7=\"Include\",SUMIFS('Future Requirements'!$O:$O,'Future Requirements'!$I:$I,$B45,'Future Requirements'!$G:$G,P$40,'Future Requirements'!$B:$B,IF($C$3=\"\",\">=\"&$F$3,\">=\"&$C$3),'Future Requirements'!$B:$B,IF($C$4=\"\",\"<=\"&$F$4,\"<=\"&$C$4),'Future Requirements'!$J:$J,IF($C$5=\"Yes\",\"Yes\",IF($C$5=\"No\",\"No\",\"<>Luke\")),'Future Requirements'!$AC:$AC,IF($C$6=\"Agreed\",\"Agreed\",IF($C$6=\"C/Fwd\",\"C/Fwd\",\"<>Luke\")),'Future Requirements'!$AA:$AA,$I$7),0)","v":0},{"$f":"IF($J$3=\"Include\",SUMIFS('Future Requirements'!$O:$O,'Future Requirements'!$I:$I,$B45,'Future Requirements'!$G:$G,Q$40,'Future Requirements'!$B:$B,IF($C$3=\"\",\">=\"&$F$3,\">=\"&$C$3),'Future Requirements'!$B:$B,IF($C$4=\"\",\"<=\"&$F$4,\"<=\"&$C$4),'Future Requirements'!$J:$J,IF($C$5=\"Yes\",\"Yes\",IF($C$5=\"No\",\"No\",\"<>Luke\")),'Future Requirements'!$AC:$AC,IF($C$6=\"Agreed\",\"Agreed\",IF($C$6=\"C/Fwd\",\"C/Fwd\",\"<>Luke\")),'Future Requirements'!$AA:$AA,$I$3),0)+\nIF($J$4=\"Include\",SUMIFS('Future Requirements'!$O:$O,'Future Requirements'!$I:$I,$B45,'Future Requirements'!$G:$G,Q$40,'Future Requirements'!$B:$B,IF($C$3=\"\",\">=\"&$F$3,\">=\"&$C$3),'Future Requirements'!$B:$B,IF($C$4=\"\",\"<=\"&$F$4,\"<=\"&$C$4),'Future Requirements'!$J:$J,IF($C$5=\"Yes\",\"Yes\",IF($C$5=\"No\",\"No\",\"<>Luke\")),'Future Requirements'!$AC:$AC,IF($C$6=\"Agreed\",\"Agreed\",IF($C$6=\"C/Fwd\",\"C/Fwd\",\"<>Luke\")),'Future Requirements'!$AA:$AA,$I$4),0)+\nIF($J$5=\"Include\",SUMIFS('Future Requirements'!$O:$O,'Future Requirements'!$I:$I,$B45,'Future Requirements'!$G:$G,Q$40,'Future Requirements'!$B:$B,IF($C$3=\"\",\">=\"&$F$3,\">=\"&$C$3),'Future Requirements'!$B:$B,IF($C$4=\"\",\"<=\"&$F$4,\"<=\"&$C$4),'Future Requirements'!$J:$J,IF($C$5=\"Yes\",\"Yes\",IF($C$5=\"No\",\"No\",\"<>Luke\")),'Future Requirements'!$AC:$AC,IF($C$6=\"Agreed\",\"Agreed\",IF($C$6=\"C/Fwd\",\"C/Fwd\",\"<>Luke\")),'Future Requirements'!$AA:$AA,$I$5),0)+\nIF($J$6=\"Include\",SUMIFS('Future Requirements'!$O:$O,'Future Requirements'!$I:$I,$B45,'Future Requirements'!$G:$G,Q$40,'Future Requirements'!$B:$B,IF($C$3=\"\",\">=\"&$F$3,\">=\"&$C$3),'Future Requirements'!$B:$B,IF($C$4=\"\",\"<=\"&$F$4,\"<=\"&$C$4),'Future Requirements'!$J:$J,IF($C$5=\"Yes\",\"Yes\",IF($C$5=\"No\",\"No\",\"<>Luke\")),'Future Requirements'!$AC:$AC,IF($C$6=\"Agreed\",\"Agreed\",IF($C$6=\"C/Fwd\",\"C/Fwd\",\"<>Luke\")),'Future Requirements'!$AA:$AA,$I$6),0)+\nIF($J$7=\"Include\",SUMIFS('Future Requirements'!$O:$O,'Future Requirements'!$I:$I,$B45,'Future Requirements'!$G:$G,Q$40,'Future Requirements'!$B:$B,IF($C$3=\"\",\">=\"&$F$3,\">=\"&$C$3),'Future Requirements'!$B:$B,IF($C$4=\"\",\"<=\"&$F$4,\"<=\"&$C$4),'Future Requirements'!$J:$J,IF($C$5=\"Yes\",\"Yes\",IF($C$5=\"No\",\"No\",\"<>Luke\")),'Future Requirements'!$AC:$AC,IF($C$6=\"Agreed\",\"Agreed\",IF($C$6=\"C/Fwd\",\"C/Fwd\",\"<>Luke\")),'Future Requirements'!$AA:$AA,$I$7),0)","v":0},{"$f":"IF($J$3=\"Include\",SUMIFS('Future Requirements'!$O:$O,'Future Requirements'!$I:$I,$B45,'Future Requirements'!$G:$G,R$40,'Future Requirements'!$B:$B,IF($C$3=\"\",\">=\"&$F$3,\">=\"&$C$3),'Future Requirements'!$B:$B,IF($C$4=\"\",\"<=\"&$F$4,\"<=\"&$C$4),'Future Requirements'!$J:$J,IF($C$5=\"Yes\",\"Yes\",IF($C$5=\"No\",\"No\",\"<>Luke\")),'Future Requirements'!$AC:$AC,IF($C$6=\"Agreed\",\"Agreed\",IF($C$6=\"C/Fwd\",\"C/Fwd\",\"<>Luke\")),'Future Requirements'!$AA:$AA,$I$3),0)+\nIF($J$4=\"Include\",SUMIFS('Future Requirements'!$O:$O,'Future Requirements'!$I:$I,$B45,'Future Requirements'!$G:$G,R$40,'Future Requirements'!$B:$B,IF($C$3=\"\",\">=\"&$F$3,\">=\"&$C$3),'Future Requirements'!$B:$B,IF($C$4=\"\",\"<=\"&$F$4,\"<=\"&$C$4),'Future Requirements'!$J:$J,IF($C$5=\"Yes\",\"Yes\",IF($C$5=\"No\",\"No\",\"<>Luke\")),'Future Requirements'!$AC:$AC,IF($C$6=\"Agreed\",\"Agreed\",IF($C$6=\"C/Fwd\",\"C/Fwd\",\"<>Luke\")),'Future Requirements'!$AA:$AA,$I$4),0)+\nIF($J$5=\"Include\",SUMIFS('Future Requirements'!$O:$O,'Future Requirements'!$I:$I,$B45,'Future Requirements'!$G:$G,R$40,'Future Requirements'!$B:$B,IF($C$3=\"\",\">=\"&$F$3,\">=\"&$C$3),'Future Requirements'!$B:$B,IF($C$4=\"\",\"<=\"&$F$4,\"<=\"&$C$4),'Future Requirements'!$J:$J,IF($C$5=\"Yes\",\"Yes\",IF($C$5=\"No\",\"No\",\"<>Luke\")),'Future Requirements'!$AC:$AC,IF($C$6=\"Agreed\",\"Agreed\",IF($C$6=\"C/Fwd\",\"C/Fwd\",\"<>Luke\")),'Future Requirements'!$AA:$AA,$I$5),0)+\nIF($J$6=\"Include\",SUMIFS('Future Requirements'!$O:$O,'Future Requirements'!$I:$I,$B45,'Future Requirements'!$G:$G,R$40,'Future Requirements'!$B:$B,IF($C$3=\"\",\">=\"&$F$3,\">=\"&$C$3),'Future Requirements'!$B:$B,IF($C$4=\"\",\"<=\"&$F$4,\"<=\"&$C$4),'Future Requirements'!$J:$J,IF($C$5=\"Yes\",\"Yes\",IF($C$5=\"No\",\"No\",\"<>Luke\")),'Future Requirements'!$AC:$AC,IF($C$6=\"Agreed\",\"Agreed\",IF($C$6=\"C/Fwd\",\"C/Fwd\",\"<>Luke\")),'Future Requirements'!$AA:$AA,$I$6),0)+\nIF($J$7=\"Include\",SUMIFS('Future Requirements'!$O:$O,'Future Requirements'!$I:$I,$B45,'Future Requirements'!$G:$G,R$40,'Future Requirements'!$B:$B,IF($C$3=\"\",\">=\"&$F$3,\">=\"&$C$3),'Future Requirements'!$B:$B,IF($C$4=\"\",\"<=\"&$F$4,\"<=\"&$C$4),'Future Requirements'!$J:$J,IF($C$5=\"Yes\",\"Yes\",IF($C$5=\"No\",\"No\",\"<>Luke\")),'Future Requirements'!$AC:$AC,IF($C$6=\"Agreed\",\"Agreed\",IF($C$6=\"C/Fwd\",\"C/Fwd\",\"<>Luke\")),'Future Requirements'!$AA:$AA,$I$7),0)","v":0},{"$f":"IF($J$3=\"Include\",SUMIFS('Future Requirements'!$O:$O,'Future Requirements'!$I:$I,$B45,'Future Requirements'!$G:$G,S$40,'Future Requirements'!$B:$B,IF($C$3=\"\",\">=\"&$F$3,\">=\"&$C$3),'Future Requirements'!$B:$B,IF($C$4=\"\",\"<=\"&$F$4,\"<=\"&$C$4),'Future Requirements'!$J:$J,IF($C$5=\"Yes\",\"Yes\",IF($C$5=\"No\",\"No\",\"<>Luke\")),'Future Requirements'!$AC:$AC,IF($C$6=\"Agreed\",\"Agreed\",IF($C$6=\"C/Fwd\",\"C/Fwd\",\"<>Luke\")),'Future Requirements'!$AA:$AA,$I$3),0)+\nIF($J$4=\"Include\",SUMIFS('Future Requirements'!$O:$O,'Future Requirements'!$I:$I,$B45,'Future Requirements'!$G:$G,S$40,'Future Requirements'!$B:$B,IF($C$3=\"\",\">=\"&$F$3,\">=\"&$C$3),'Future Requirements'!$B:$B,IF($C$4=\"\",\"<=\"&$F$4,\"<=\"&$C$4),'Future Requirements'!$J:$J,IF($C$5=\"Yes\",\"Yes\",IF($C$5=\"No\",\"No\",\"<>Luke\")),'Future Requirements'!$AC:$AC,IF($C$6=\"Agreed\",\"Agreed\",IF($C$6=\"C/Fwd\",\"C/Fwd\",\"<>Luke\")),'Future Requirements'!$AA:$AA,$I$4),0)+\nIF($J$5=\"Include\",SUMIFS('Future Requirements'!$O:$O,'Future Requirements'!$I:$I,$B45,'Future Requirements'!$G:$G,S$40,'Future Requirements'!$B:$B,IF($C$3=\"\",\">=\"&$F$3,\">=\"&$C$3),'Future Requirements'!$B:$B,IF($C$4=\"\",\"<=\"&$F$4,\"<=\"&$C$4),'Future Requirements'!$J:$J,IF($C$5=\"Yes\",\"Yes\",IF($C$5=\"No\",\"No\",\"<>Luke\")),'Future Requirements'!$AC:$AC,IF($C$6=\"Agreed\",\"Agreed\",IF($C$6=\"C/Fwd\",\"C/Fwd\",\"<>Luke\")),'Future Requirements'!$AA:$AA,$I$5),0)+\nIF($J$6=\"Include\",SUMIFS('Future Requirements'!$O:$O,'Future Requirements'!$I:$I,$B45,'Future Requirements'!$G:$G,S$40,'Future Requirements'!$B:$B,IF($C$3=\"\",\">=\"&$F$3,\">=\"&$C$3),'Future Requirements'!$B:$B,IF($C$4=\"\",\"<=\"&$F$4,\"<=\"&$C$4),'Future Requirements'!$J:$J,IF($C$5=\"Yes\",\"Yes\",IF($C$5=\"No\",\"No\",\"<>Luke\")),'Future Requirements'!$AC:$AC,IF($C$6=\"Agreed\",\"Agreed\",IF($C$6=\"C/Fwd\",\"C/Fwd\",\"<>Luke\")),'Future Requirements'!$AA:$AA,$I$6),0)+\nIF($J$7=\"Include\",SUMIFS('Future Requirements'!$O:$O,'Future Requirements'!$I:$I,$B45,'Future Requirements'!$G:$G,S$40,'Future Requirements'!$B:$B,IF($C$3=\"\",\">=\"&$F$3,\">=\"&$C$3),'Future Requirements'!$B:$B,IF($C$4=\"\",\"<=\"&$F$4,\"<=\"&$C$4),'Future Requirements'!$J:$J,IF($C$5=\"Yes\",\"Yes\",IF($C$5=\"No\",\"No\",\"<>Luke\")),'Future Requirements'!$AC:$AC,IF($C$6=\"Agreed\",\"Agreed\",IF($C$6=\"C/Fwd\",\"C/Fwd\",\"<>Luke\")),'Future Requirements'!$AA:$AA,$I$7),0)","v":170000},610000]
[null,"Grade 4 - Functionally Impaired",{"$f":"IF($J$3=\"Include\",SUMIFS('Future Requirements'!$O:$O,'Future Requirements'!$I:$I,$B46,'Future Requirements'!$G:$G,C$40,'Future Requirements'!$B:$B,IF($C$3=\"\",\">=\"&$F$3,\">=\"&$C$3),'Future Requirements'!$B:$B,IF($C$4=\"\",\"<=\"&$F$4,\"<=\"&$C$4),'Future Requirements'!$J:$J,IF($C$5=\"Yes\",\"Yes\",IF($C$5=\"No\",\"No\",\"<>Luke\")),'Future Requirements'!$AC:$AC,IF($C$6=\"Agreed\",\"Agreed\",IF($C$6=\"C/Fwd\",\"C/Fwd\",\"<>Luke\")),'Future Requirements'!$AA:$AA,$I$3),0)+\nIF($J$4=\"Include\",SUMIFS('Future Requirements'!$O:$O,'Future Requirements'!$I:$I,$B46,'Future Requirements'!$G:$G,C$40,'Future Requirements'!$B:$B,IF($C$3=\"\",\">=\"&$F$3,\">=\"&$C$3),'Future Requirements'!$B:$B,IF($C$4=\"\",\"<=\"&$F$4,\"<=\"&$C$4),'Future Requirements'!$J:$J,IF($C$5=\"Yes\",\"Yes\",IF($C$5=\"No\",\"No\",\"<>Luke\")),'Future Requirements'!$AC:$AC,IF($C$6=\"Agreed\",\"Agreed\",IF($C$6=\"C/Fwd\",\"C/Fwd\",\"<>Luke\")),'Future Requirements'!$AA:$AA,$I$4),0)+\nIF($J$5=\"Include\",SUMIFS('Future Requirements'!$O:$O,'Future Requirements'!$I:$I,$B46,'Future Requirements'!$G:$G,C$40,'Future Requirements'!$B:$B,IF($C$3=\"\",\">=\"&$F$3,\">=\"&$C$3),'Future Requirements'!$B:$B,IF($C$4=\"\",\"<=\"&$F$4,\"<=\"&$C$4),'Future Requirements'!$J:$J,IF($C$5=\"Yes\",\"Yes\",IF($C$5=\"No\",\"No\",\"<>Luke\")),'Future Requirements'!$AC:$AC,IF($C$6=\"Agreed\",\"Agreed\",IF($C$6=\"C/Fwd\",\"C/Fwd\",\"<>Luke\")),'Future Requirements'!$AA:$AA,$I$5),0)+\nIF($J$6=\"Include\",SUMIFS('Future Requirements'!$O:$O,'Future Requirements'!$I:$I,$B46,'Future Requirements'!$G:$G,C$40,'Future Requirements'!$B:$B,IF($C$3=\"\",\">=\"&$F$3,\">=\"&$C$3),'Future Requirements'!$B:$B,IF($C$4=\"\",\"<=\"&$F$4,\"<=\"&$C$4),'Future Requirements'!$J:$J,IF($C$5=\"Yes\",\"Yes\",IF($C$5=\"No\",\"No\",\"<>Luke\")),'Future Requirements'!$AC:$AC,IF($C$6=\"Agreed\",\"Agreed\",IF($C$6=\"C/Fwd\",\"C/Fwd\",\"<>Luke\")),'Future Requirements'!$AA:$AA,$I$6),0)+\nIF($J$7=\"Include\",SUMIFS('Future Requirements'!$O:$O,'Future Requirements'!$I:$I,$B46,'Future Requirements'!$G:$G,C$40,'Future Requirements'!$B:$B,IF($C$3=\"\",\">=\"&$F$3,\">=\"&$C$3),'Future Requirements'!$B:$B,IF($C$4=\"\",\"<=\"&$F$4,\"<=\"&$C$4),'Future Requirements'!$J:$J,IF($C$5=\"Yes\",\"Yes\",IF($C$5=\"No\",\"No\",\"<>Luke\")),'Future Requirements'!$AC:$AC,IF($C$6=\"Agreed\",\"Agreed\",IF($C$6=\"C/Fwd\",\"C/Fwd\",\"<>Luke\")),'Future Requirements'!$AA:$AA,$I$7),0)","v":1245000},{"$f":"IF($J$3=\"Include\",SUMIFS('Future Requirements'!$O:$O,'Future Requirements'!$I:$I,$B46,'Future Requirements'!$G:$G,D$40,'Future Requirements'!$B:$B,IF($C$3=\"\",\">=\"&$F$3,\">=\"&$C$3),'Future Requirements'!$B:$B,IF($C$4=\"\",\"<=\"&$F$4,\"<=\"&$C$4),'Future Requirements'!$J:$J,IF($C$5=\"Yes\",\"Yes\",IF($C$5=\"No\",\"No\",\"<>Luke\")),'Future Requirements'!$AC:$AC,IF($C$6=\"Agreed\",\"Agreed\",IF($C$6=\"C/Fwd\",\"C/Fwd\",\"<>Luke\")),'Future Requirements'!$AA:$AA,$I$3),0)+\nIF($J$4=\"Include\",SUMIFS('Future Requirements'!$O:$O,'Future Requirements'!$I:$I,$B46,'Future Requirements'!$G:$G,D$40,'Future Requirements'!$B:$B,IF($C$3=\"\",\">=\"&$F$3,\">=\"&$C$3),'Future Requirements'!$B:$B,IF($C$4=\"\",\"<=\"&$F$4,\"<=\"&$C$4),'Future Requirements'!$J:$J,IF($C$5=\"Yes\",\"Yes\",IF($C$5=\"No\",\"No\",\"<>Luke\")),'Future Requirements'!$AC:$AC,IF($C$6=\"Agreed\",\"Agreed\",IF($C$6=\"C/Fwd\",\"C/Fwd\",\"<>Luke\")),'Future Requirements'!$AA:$AA,$I$4),0)+\nIF($J$5=\"Include\",SUMIFS('Future Requirements'!$O:$O,'Future Requirements'!$I:$I,$B46,'Future Requirements'!$G:$G,D$40,'Future Requirements'!$B:$B,IF($C$3=\"\",\">=\"&$F$3,\">=\"&$C$3),'Future Requirements'!$B:$B,IF($C$4=\"\",\"<=\"&$F$4,\"<=\"&$C$4),'Future Requirements'!$J:$J,IF($C$5=\"Yes\",\"Yes\",IF($C$5=\"No\",\"No\",\"<>Luke\")),'Future Requirements'!$AC:$AC,IF($C$6=\"Agreed\",\"Agreed\",IF($C$6=\"C/Fwd\",\"C/Fwd\",\"<>Luke\")),'Future Requirements'!$AA:$AA,$I$5),0)+\nIF($J$6=\"Include\",SUMIFS('Future Requirements'!$O:$O,'Future Requirements'!$I:$I,$B46,'Future Requirements'!$G:$G,D$40,'Future Requirements'!$B:$B,IF($C$3=\"\",\">=\"&$F$3,\">=\"&$C$3),'Future Requirements'!$B:$B,IF($C$4=\"\",\"<=\"&$F$4,\"<=\"&$C$4),'Future Requirements'!$J:$J,IF($C$5=\"Yes\",\"Yes\",IF($C$5=\"No\",\"No\",\"<>Luke\")),'Future Requirements'!$AC:$AC,IF($C$6=\"Agreed\",\"Agreed\",IF($C$6=\"C/Fwd\",\"C/Fwd\",\"<>Luke\")),'Future Requirements'!$AA:$AA,$I$6),0)+\nIF($J$7=\"Include\",SUMIFS('Future Requirements'!$O:$O,'Future Requirements'!$I:$I,$B46,'Future Requirements'!$G:$G,D$40,'Future Requirements'!$B:$B,IF($C$3=\"\",\">=\"&$F$3,\">=\"&$C$3),'Future Requirements'!$B:$B,IF($C$4=\"\",\"<=\"&$F$4,\"<=\"&$C$4),'Future Requirements'!$J:$J,IF($C$5=\"Yes\",\"Yes\",IF($C$5=\"No\",\"No\",\"<>Luke\")),'Future Requirements'!$AC:$AC,IF($C$6=\"Agreed\",\"Agreed\",IF($C$6=\"C/Fwd\",\"C/Fwd\",\"<>Luke\")),'Future Requirements'!$AA:$AA,$I$7),0)","v":500000},{"$f":"IF($J$3=\"Include\",SUMIFS('Future Requirements'!$O:$O,'Future Requirements'!$I:$I,$B46,'Future Requirements'!$G:$G,E$40,'Future Requirements'!$B:$B,IF($C$3=\"\",\">=\"&$F$3,\">=\"&$C$3),'Future Requirements'!$B:$B,IF($C$4=\"\",\"<=\"&$F$4,\"<=\"&$C$4),'Future Requirements'!$J:$J,IF($C$5=\"Yes\",\"Yes\",IF($C$5=\"No\",\"No\",\"<>Luke\")),'Future Requirements'!$AC:$AC,IF($C$6=\"Agreed\",\"Agreed\",IF($C$6=\"C/Fwd\",\"C/Fwd\",\"<>Luke\")),'Future Requirements'!$AA:$AA,$I$3),0)+\nIF($J$4=\"Include\",SUMIFS('Future Requirements'!$O:$O,'Future Requirements'!$I:$I,$B46,'Future Requirements'!$G:$G,E$40,'Future Requirements'!$B:$B,IF($C$3=\"\",\">=\"&$F$3,\">=\"&$C$3),'Future Requirements'!$B:$B,IF($C$4=\"\",\"<=\"&$F$4,\"<=\"&$C$4),'Future Requirements'!$J:$J,IF($C$5=\"Yes\",\"Yes\",IF($C$5=\"No\",\"No\",\"<>Luke\")),'Future Requirements'!$AC:$AC,IF($C$6=\"Agreed\",\"Agreed\",IF($C$6=\"C/Fwd\",\"C/Fwd\",\"<>Luke\")),'Future Requirements'!$AA:$AA,$I$4),0)+\nIF($J$5=\"Include\",SUMIFS('Future Requirements'!$O:$O,'Future Requirements'!$I:$I,$B46,'Future Requirements'!$G:$G,E$40,'Future Requirements'!$B:$B,IF($C$3=\"\",\">=\"&$F$3,\">=\"&$C$3),'Future Requirements'!$B:$B,IF($C$4=\"\",\"<=\"&$F$4,\"<=\"&$C$4),'Future Requirements'!$J:$J,IF($C$5=\"Yes\",\"Yes\",IF($C$5=\"No\",\"No\",\"<>Luke\")),'Future Requirements'!$AC:$AC,IF($C$6=\"Agreed\",\"Agreed\",IF($C$6=\"C/Fwd\",\"C/Fwd\",\"<>Luke\")),'Future Requirements'!$AA:$AA,$I$5),0)+\nIF($J$6=\"Include\",SUMIFS('Future Requirements'!$O:$O,'Future Requirements'!$I:$I,$B46,'Future Requirements'!$G:$G,E$40,'Future Requirements'!$B:$B,IF($C$3=\"\",\">=\"&$F$3,\">=\"&$C$3),'Future Requirements'!$B:$B,IF($C$4=\"\",\"<=\"&$F$4,\"<=\"&$C$4),'Future Requirements'!$J:$J,IF($C$5=\"Yes\",\"Yes\",IF($C$5=\"No\",\"No\",\"<>Luke\")),'Future Requirements'!$AC:$AC,IF($C$6=\"Agreed\",\"Agreed\",IF($C$6=\"C/Fwd\",\"C/Fwd\",\"<>Luke\")),'Future Requirements'!$AA:$AA,$I$6),0)+\nIF($J$7=\"Include\",SUMIFS('Future Requirements'!$O:$O,'Future Requirements'!$I:$I,$B46,'Future Requirements'!$G:$G,E$40,'Future Requirements'!$B:$B,IF($C$3=\"\",\">=\"&$F$3,\">=\"&$C$3),'Future Requirements'!$B:$B,IF($C$4=\"\",\"<=\"&$F$4,\"<=\"&$C$4),'Future Requirements'!$J:$J,IF($C$5=\"Yes\",\"Yes\",IF($C$5=\"No\",\"No\",\"<>Luke\")),'Future Requirements'!$AC:$AC,IF($C$6=\"Agreed\",\"Agreed\",IF($C$6=\"C/Fwd\",\"C/Fwd\",\"<>Luke\")),'Future Requirements'!$AA:$AA,$I$7),0)","v":530000},{"$f":"IF($J$3=\"Include\",SUMIFS('Future Requirements'!$O:$O,'Future Requirements'!$I:$I,$B46,'Future Requirements'!$G:$G,F$40,'Future Requirements'!$B:$B,IF($C$3=\"\",\">=\"&$F$3,\">=\"&$C$3),'Future Requirements'!$B:$B,IF($C$4=\"\",\"<=\"&$F$4,\"<=\"&$C$4),'Future Requirements'!$J:$J,IF($C$5=\"Yes\",\"Yes\",IF($C$5=\"No\",\"No\",\"<>Luke\")),'Future Requirements'!$AC:$AC,IF($C$6=\"Agreed\",\"Agreed\",IF($C$6=\"C/Fwd\",\"C/Fwd\",\"<>Luke\")),'Future Requirements'!$AA:$AA,$I$3),0)+\nIF($J$4=\"Include\",SUMIFS('Future Requirements'!$O:$O,'Future Requirements'!$I:$I,$B46,'Future Requirements'!$G:$G,F$40,'Future Requirements'!$B:$B,IF($C$3=\"\",\">=\"&$F$3,\">=\"&$C$3),'Future Requirements'!$B:$B,IF($C$4=\"\",\"<=\"&$F$4,\"<=\"&$C$4),'Future Requirements'!$J:$J,IF($C$5=\"Yes\",\"Yes\",IF($C$5=\"No\",\"No\",\"<>Luke\")),'Future Requirements'!$AC:$AC,IF($C$6=\"Agreed\",\"Agreed\",IF($C$6=\"C/Fwd\",\"C/Fwd\",\"<>Luke\")),'Future Requirements'!$AA:$AA,$I$4),0)+\nIF($J$5=\"Include\",SUMIFS('Future Requirements'!$O:$O,'Future Requirements'!$I:$I,$B46,'Future Requirements'!$G:$G,F$40,'Future Requirements'!$B:$B,IF($C$3=\"\",\">=\"&$F$3,\">=\"&$C$3),'Future Requirements'!$B:$B,IF($C$4=\"\",\"<=\"&$F$4,\"<=\"&$C$4),'Future Requirements'!$J:$J,IF($C$5=\"Yes\",\"Yes\",IF($C$5=\"No\",\"No\",\"<>Luke\")),'Future Requirements'!$AC:$AC,IF($C$6=\"Agreed\",\"Agreed\",IF($C$6=\"C/Fwd\",\"C/Fwd\",\"<>Luke\")),'Future Requirements'!$AA:$AA,$I$5),0)+\nIF($J$6=\"Include\",SUMIFS('Future Requirements'!$O:$O,'Future Requirements'!$I:$I,$B46,'Future Requirements'!$G:$G,F$40,'Future Requirements'!$B:$B,IF($C$3=\"\",\">=\"&$F$3,\">=\"&$C$3),'Future Requirements'!$B:$B,IF($C$4=\"\",\"<=\"&$F$4,\"<=\"&$C$4),'Future Requirements'!$J:$J,IF($C$5=\"Yes\",\"Yes\",IF($C$5=\"No\",\"No\",\"<>Luke\")),'Future Requirements'!$AC:$AC,IF($C$6=\"Agreed\",\"Agreed\",IF($C$6=\"C/Fwd\",\"C/Fwd\",\"<>Luke\")),'Future Requirements'!$AA:$AA,$I$6),0)+\nIF($J$7=\"Include\",SUMIFS('Future Requirements'!$O:$O,'Future Requirements'!$I:$I,$B46,'Future Requirements'!$G:$G,F$40,'Future Requirements'!$B:$B,IF($C$3=\"\",\">=\"&$F$3,\">=\"&$C$3),'Future Requirements'!$B:$B,IF($C$4=\"\",\"<=\"&$F$4,\"<=\"&$C$4),'Future Requirements'!$J:$J,IF($C$5=\"Yes\",\"Yes\",IF($C$5=\"No\",\"No\",\"<>Luke\")),'Future Requirements'!$AC:$AC,IF($C$6=\"Agreed\",\"Agreed\",IF($C$6=\"C/Fwd\",\"C/Fwd\",\"<>Luke\")),'Future Requirements'!$AA:$AA,$I$7),0)","v":270000},{"$f":"IF($J$3=\"Include\",SUMIFS('Future Requirements'!$O:$O,'Future Requirements'!$I:$I,$B46,'Future Requirements'!$G:$G,G$40,'Future Requirements'!$B:$B,IF($C$3=\"\",\">=\"&$F$3,\">=\"&$C$3),'Future Requirements'!$B:$B,IF($C$4=\"\",\"<=\"&$F$4,\"<=\"&$C$4),'Future Requirements'!$J:$J,IF($C$5=\"Yes\",\"Yes\",IF($C$5=\"No\",\"No\",\"<>Luke\")),'Future Requirements'!$AC:$AC,IF($C$6=\"Agreed\",\"Agreed\",IF($C$6=\"C/Fwd\",\"C/Fwd\",\"<>Luke\")),'Future Requirements'!$AA:$AA,$I$3),0)+\nIF($J$4=\"Include\",SUMIFS('Future Requirements'!$O:$O,'Future Requirements'!$I:$I,$B46,'Future Requirements'!$G:$G,G$40,'Future Requirements'!$B:$B,IF($C$3=\"\",\">=\"&$F$3,\">=\"&$C$3),'Future Requirements'!$B:$B,IF($C$4=\"\",\"<=\"&$F$4,\"<=\"&$C$4),'Future Requirements'!$J:$J,IF($C$5=\"Yes\",\"Yes\",IF($C$5=\"No\",\"No\",\"<>Luke\")),'Future Requirements'!$AC:$AC,IF($C$6=\"Agreed\",\"Agreed\",IF($C$6=\"C/Fwd\",\"C/Fwd\",\"<>Luke\")),'Future Requirements'!$AA:$AA,$I$4),0)+\nIF($J$5=\"Include\",SUMIFS('Future Requirements'!$O:$O,'Future Requirements'!$I:$I,$B46,'Future Requirements'!$G:$G,G$40,'Future Requirements'!$B:$B,IF($C$3=\"\",\">=\"&$F$3,\">=\"&$C$3),'Future Requirements'!$B:$B,IF($C$4=\"\",\"<=\"&$F$4,\"<=\"&$C$4),'Future Requirements'!$J:$J,IF($C$5=\"Yes\",\"Yes\",IF($C$5=\"No\",\"No\",\"<>Luke\")),'Future Requirements'!$AC:$AC,IF($C$6=\"Agreed\",\"Agreed\",IF($C$6=\"C/Fwd\",\"C/Fwd\",\"<>Luke\")),'Future Requirements'!$AA:$AA,$I$5),0)+\nIF($J$6=\"Include\",SUMIFS('Future Requirements'!$O:$O,'Future Requirements'!$I:$I,$B46,'Future Requirements'!$G:$G,G$40,'Future Requirements'!$B:$B,IF($C$3=\"\",\">=\"&$F$3,\">=\"&$C$3),'Future Requirements'!$B:$B,IF($C$4=\"\",\"<=\"&$F$4,\"<=\"&$C$4),'Future Requirements'!$J:$J,IF($C$5=\"Yes\",\"Yes\",IF($C$5=\"No\",\"No\",\"<>Luke\")),'Future Requirements'!$AC:$AC,IF($C$6=\"Agreed\",\"Agreed\",IF($C$6=\"C/Fwd\",\"C/Fwd\",\"<>Luke\")),'Future Requirements'!$AA:$AA,$I$6),0)+\nIF($J$7=\"Include\",SUMIFS('Future Requirements'!$O:$O,'Future Requirements'!$I:$I,$B46,'Future Requirements'!$G:$G,G$40,'Future Requirements'!$B:$B,IF($C$3=\"\",\">=\"&$F$3,\">=\"&$C$3),'Future Requirements'!$B:$B,IF($C$4=\"\",\"<=\"&$F$4,\"<=\"&$C$4),'Future Requirements'!$J:$J,IF($C$5=\"Yes\",\"Yes\",IF($C$5=\"No\",\"No\",\"<>Luke\")),'Future Requirements'!$AC:$AC,IF($C$6=\"Agreed\",\"Agreed\",IF($C$6=\"C/Fwd\",\"C/Fwd\",\"<>Luke\")),'Future Requirements'!$AA:$AA,$I$7),0)","v":70000},{"$f":"IF($J$3=\"Include\",SUMIFS('Future Requirements'!$O:$O,'Future Requirements'!$I:$I,$B46,'Future Requirements'!$G:$G,H$40,'Future Requirements'!$B:$B,IF($C$3=\"\",\">=\"&$F$3,\">=\"&$C$3),'Future Requirements'!$B:$B,IF($C$4=\"\",\"<=\"&$F$4,\"<=\"&$C$4),'Future Requirements'!$J:$J,IF($C$5=\"Yes\",\"Yes\",IF($C$5=\"No\",\"No\",\"<>Luke\")),'Future Requirements'!$AC:$AC,IF($C$6=\"Agreed\",\"Agreed\",IF($C$6=\"C/Fwd\",\"C/Fwd\",\"<>Luke\")),'Future Requirements'!$AA:$AA,$I$3),0)+\nIF($J$4=\"Include\",SUMIFS('Future Requirements'!$O:$O,'Future Requirements'!$I:$I,$B46,'Future Requirements'!$G:$G,H$40,'Future Requirements'!$B:$B,IF($C$3=\"\",\">=\"&$F$3,\">=\"&$C$3),'Future Requirements'!$B:$B,IF($C$4=\"\",\"<=\"&$F$4,\"<=\"&$C$4),'Future Requirements'!$J:$J,IF($C$5=\"Yes\",\"Yes\",IF($C$5=\"No\",\"No\",\"<>Luke\")),'Future Requirements'!$AC:$AC,IF($C$6=\"Agreed\",\"Agreed\",IF($C$6=\"C/Fwd\",\"C/Fwd\",\"<>Luke\")),'Future Requirements'!$AA:$AA,$I$4),0)+\nIF($J$5=\"Include\",SUMIFS('Future Requirements'!$O:$O,'Future Requirements'!$I:$I,$B46,'Future Requirements'!$G:$G,H$40,'Future Requirements'!$B:$B,IF($C$3=\"\",\">=\"&$F$3,\">=\"&$C$3),'Future Requirements'!$B:$B,IF($C$4=\"\",\"<=\"&$F$4,\"<=\"&$C$4),'Future Requirements'!$J:$J,IF($C$5=\"Yes\",\"Yes\",IF($C$5=\"No\",\"No\",\"<>Luke\")),'Future Requirements'!$AC:$AC,IF($C$6=\"Agreed\",\"Agreed\",IF($C$6=\"C/Fwd\",\"C/Fwd\",\"<>Luke\")),'Future Requirements'!$AA:$AA,$I$5),0)+\nIF($J$6=\"Include\",SUMIFS('Future Requirements'!$O:$O,'Future Requirements'!$I:$I,$B46,'Future Requirements'!$G:$G,H$40,'Future Requirements'!$B:$B,IF($C$3=\"\",\">=\"&$F$3,\">=\"&$C$3),'Future Requirements'!$B:$B,IF($C$4=\"\",\"<=\"&$F$4,\"<=\"&$C$4),'Future Requirements'!$J:$J,IF($C$5=\"Yes\",\"Yes\",IF($C$5=\"No\",\"No\",\"<>Luke\")),'Future Requirements'!$AC:$AC,IF($C$6=\"Agreed\",\"Agreed\",IF($C$6=\"C/Fwd\",\"C/Fwd\",\"<>Luke\")),'Future Requirements'!$AA:$AA,$I$6),0)+\nIF($J$7=\"Include\",SUMIFS('Future Requirements'!$O:$O,'Future Requirements'!$I:$I,$B46,'Future Requirements'!$G:$G,H$40,'Future Requirements'!$B:$B,IF($C$3=\"\",\">=\"&$F$3,\">=\"&$C$3),'Future Requirements'!$B:$B,IF($C$4=\"\",\"<=\"&$F$4,\"<=\"&$C$4),'Future Requirements'!$J:$J,IF($C$5=\"Yes\",\"Yes\",IF($C$5=\"No\",\"No\",\"<>Luke\")),'Future Requirements'!$AC:$AC,IF($C$6=\"Agreed\",\"Agreed\",IF($C$6=\"C/Fwd\",\"C/Fwd\",\"<>Luke\")),'Future Requirements'!$AA:$AA,$I$7),0)","v":265000},{"$f":"IF($J$3=\"Include\",SUMIFS('Future Requirements'!$O:$O,'Future Requirements'!$I:$I,$B46,'Future Requirements'!$G:$G,I$40,'Future Requirements'!$B:$B,IF($C$3=\"\",\">=\"&$F$3,\">=\"&$C$3),'Future Requirements'!$B:$B,IF($C$4=\"\",\"<=\"&$F$4,\"<=\"&$C$4),'Future Requirements'!$J:$J,IF($C$5=\"Yes\",\"Yes\",IF($C$5=\"No\",\"No\",\"<>Luke\")),'Future Requirements'!$AC:$AC,IF($C$6=\"Agreed\",\"Agreed\",IF($C$6=\"C/Fwd\",\"C/Fwd\",\"<>Luke\")),'Future Requirements'!$AA:$AA,$I$3),0)+\nIF($J$4=\"Include\",SUMIFS('Future Requirements'!$O:$O,'Future Requirements'!$I:$I,$B46,'Future Requirements'!$G:$G,I$40,'Future Requirements'!$B:$B,IF($C$3=\"\",\">=\"&$F$3,\">=\"&$C$3),'Future Requirements'!$B:$B,IF($C$4=\"\",\"<=\"&$F$4,\"<=\"&$C$4),'Future Requirements'!$J:$J,IF($C$5=\"Yes\",\"Yes\",IF($C$5=\"No\",\"No\",\"<>Luke\")),'Future Requirements'!$AC:$AC,IF($C$6=\"Agreed\",\"Agreed\",IF($C$6=\"C/Fwd\",\"C/Fwd\",\"<>Luke\")),'Future Requirements'!$AA:$AA,$I$4),0)+\nIF($J$5=\"Include\",SUMIFS('Future Requirements'!$O:$O,'Future Requirements'!$I:$I,$B46,'Future Requirements'!$G:$G,I$40,'Future Requirements'!$B:$B,IF($C$3=\"\",\">=\"&$F$3,\">=\"&$C$3),'Future Requirements'!$B:$B,IF($C$4=\"\",\"<=\"&$F$4,\"<=\"&$C$4),'Future Requirements'!$J:$J,IF($C$5=\"Yes\",\"Yes\",IF($C$5=\"No\",\"No\",\"<>Luke\")),'Future Requirements'!$AC:$AC,IF($C$6=\"Agreed\",\"Agreed\",IF($C$6=\"C/Fwd\",\"C/Fwd\",\"<>Luke\")),'Future Requirements'!$AA:$AA,$I$5),0)+\nIF($J$6=\"Include\",SUMIFS('Future Requirements'!$O:$O,'Future Requirements'!$I:$I,$B46,'Future Requirements'!$G:$G,I$40,'Future Requirements'!$B:$B,IF($C$3=\"\",\">=\"&$F$3,\">=\"&$C$3),'Future Requirements'!$B:$B,IF($C$4=\"\",\"<=\"&$F$4,\"<=\"&$C$4),'Future Requirements'!$J:$J,IF($C$5=\"Yes\",\"Yes\",IF($C$5=\"No\",\"No\",\"<>Luke\")),'Future Requirements'!$AC:$AC,IF($C$6=\"Agreed\",\"Agreed\",IF($C$6=\"C/Fwd\",\"C/Fwd\",\"<>Luke\")),'Future Requirements'!$AA:$AA,$I$6),0)+\nIF($J$7=\"Include\",SUMIFS('Future Requirements'!$O:$O,'Future Requirements'!$I:$I,$B46,'Future Requirements'!$G:$G,I$40,'Future Requirements'!$B:$B,IF($C$3=\"\",\">=\"&$F$3,\">=\"&$C$3),'Future Requirements'!$B:$B,IF($C$4=\"\",\"<=\"&$F$4,\"<=\"&$C$4),'Future Requirements'!$J:$J,IF($C$5=\"Yes\",\"Yes\",IF($C$5=\"No\",\"No\",\"<>Luke\")),'Future Requirements'!$AC:$AC,IF($C$6=\"Agreed\",\"Agreed\",IF($C$6=\"C/Fwd\",\"C/Fwd\",\"<>Luke\")),'Future Requirements'!$AA:$AA,$I$7),0)","v":440000},{"$f":"IF($J$3=\"Include\",SUMIFS('Future Requirements'!$O:$O,'Future Requirements'!$I:$I,$B46,'Future Requirements'!$G:$G,J$40,'Future Requirements'!$B:$B,IF($C$3=\"\",\">=\"&$F$3,\">=\"&$C$3),'Future Requirements'!$B:$B,IF($C$4=\"\",\"<=\"&$F$4,\"<=\"&$C$4),'Future Requirements'!$J:$J,IF($C$5=\"Yes\",\"Yes\",IF($C$5=\"No\",\"No\",\"<>Luke\")),'Future Requirements'!$AC:$AC,IF($C$6=\"Agreed\",\"Agreed\",IF($C$6=\"C/Fwd\",\"C/Fwd\",\"<>Luke\")),'Future Requirements'!$AA:$AA,$I$3),0)+\nIF($J$4=\"Include\",SUMIFS('Future Requirements'!$O:$O,'Future Requirements'!$I:$I,$B46,'Future Requirements'!$G:$G,J$40,'Future Requirements'!$B:$B,IF($C$3=\"\",\">=\"&$F$3,\">=\"&$C$3),'Future Requirements'!$B:$B,IF($C$4=\"\",\"<=\"&$F$4,\"<=\"&$C$4),'Future Requirements'!$J:$J,IF($C$5=\"Yes\",\"Yes\",IF($C$5=\"No\",\"No\",\"<>Luke\")),'Future Requirements'!$AC:$AC,IF($C$6=\"Agreed\",\"Agreed\",IF($C$6=\"C/Fwd\",\"C/Fwd\",\"<>Luke\")),'Future Requirements'!$AA:$AA,$I$4),0)+\nIF($J$5=\"Include\",SUMIFS('Future Requirements'!$O:$O,'Future Requirements'!$I:$I,$B46,'Future Requirements'!$G:$G,J$40,'Future Requirements'!$B:$B,IF($C$3=\"\",\">=\"&$F$3,\">=\"&$C$3),'Future Requirements'!$B:$B,IF($C$4=\"\",\"<=\"&$F$4,\"<=\"&$C$4),'Future Requirements'!$J:$J,IF($C$5=\"Yes\",\"Yes\",IF($C$5=\"No\",\"No\",\"<>Luke\")),'Future Requirements'!$AC:$AC,IF($C$6=\"Agreed\",\"Agreed\",IF($C$6=\"C/Fwd\",\"C/Fwd\",\"<>Luke\")),'Future Requirements'!$AA:$AA,$I$5),0)+\nIF($J$6=\"Include\",SUMIFS('Future Requirements'!$O:$O,'Future Requirements'!$I:$I,$B46,'Future Requirements'!$G:$G,J$40,'Future Requirements'!$B:$B,IF($C$3=\"\",\">=\"&$F$3,\">=\"&$C$3),'Future Requirements'!$B:$B,IF($C$4=\"\",\"<=\"&$F$4,\"<=\"&$C$4),'Future Requirements'!$J:$J,IF($C$5=\"Yes\",\"Yes\",IF($C$5=\"No\",\"No\",\"<>Luke\")),'Future Requirements'!$AC:$AC,IF($C$6=\"Agreed\",\"Agreed\",IF($C$6=\"C/Fwd\",\"C/Fwd\",\"<>Luke\")),'Future Requirements'!$AA:$AA,$I$6),0)+\nIF($J$7=\"Include\",SUMIFS('Future Requirements'!$O:$O,'Future Requirements'!$I:$I,$B46,'Future Requirements'!$G:$G,J$40,'Future Requirements'!$B:$B,IF($C$3=\"\",\">=\"&$F$3,\">=\"&$C$3),'Future Requirements'!$B:$B,IF($C$4=\"\",\"<=\"&$F$4,\"<=\"&$C$4),'Future Requirements'!$J:$J,IF($C$5=\"Yes\",\"Yes\",IF($C$5=\"No\",\"No\",\"<>Luke\")),'Future Requirements'!$AC:$AC,IF($C$6=\"Agreed\",\"Agreed\",IF($C$6=\"C/Fwd\",\"C/Fwd\",\"<>Luke\")),'Future Requirements'!$AA:$AA,$I$7),0)","v":745000},{"$f":"IF($J$3=\"Include\",SUMIFS('Future Requirements'!$O:$O,'Future Requirements'!$I:$I,$B46,'Future Requirements'!$G:$G,K$40,'Future Requirements'!$B:$B,IF($C$3=\"\",\">=\"&$F$3,\">=\"&$C$3),'Future Requirements'!$B:$B,IF($C$4=\"\",\"<=\"&$F$4,\"<=\"&$C$4),'Future Requirements'!$J:$J,IF($C$5=\"Yes\",\"Yes\",IF($C$5=\"No\",\"No\",\"<>Luke\")),'Future Requirements'!$AC:$AC,IF($C$6=\"Agreed\",\"Agreed\",IF($C$6=\"C/Fwd\",\"C/Fwd\",\"<>Luke\")),'Future Requirements'!$AA:$AA,$I$3),0)+\nIF($J$4=\"Include\",SUMIFS('Future Requirements'!$O:$O,'Future Requirements'!$I:$I,$B46,'Future Requirements'!$G:$G,K$40,'Future Requirements'!$B:$B,IF($C$3=\"\",\">=\"&$F$3,\">=\"&$C$3),'Future Requirements'!$B:$B,IF($C$4=\"\",\"<=\"&$F$4,\"<=\"&$C$4),'Future Requirements'!$J:$J,IF($C$5=\"Yes\",\"Yes\",IF($C$5=\"No\",\"No\",\"<>Luke\")),'Future Requirements'!$AC:$AC,IF($C$6=\"Agreed\",\"Agreed\",IF($C$6=\"C/Fwd\",\"C/Fwd\",\"<>Luke\")),'Future Requirements'!$AA:$AA,$I$4),0)+\nIF($J$5=\"Include\",SUMIFS('Future Requirements'!$O:$O,'Future Requirements'!$I:$I,$B46,'Future Requirements'!$G:$G,K$40,'Future Requirements'!$B:$B,IF($C$3=\"\",\">=\"&$F$3,\">=\"&$C$3),'Future Requirements'!$B:$B,IF($C$4=\"\",\"<=\"&$F$4,\"<=\"&$C$4),'Future Requirements'!$J:$J,IF($C$5=\"Yes\",\"Yes\",IF($C$5=\"No\",\"No\",\"<>Luke\")),'Future Requirements'!$AC:$AC,IF($C$6=\"Agreed\",\"Agreed\",IF($C$6=\"C/Fwd\",\"C/Fwd\",\"<>Luke\")),'Future Requirements'!$AA:$AA,$I$5),0)+\nIF($J$6=\"Include\",SUMIFS('Future Requirements'!$O:$O,'Future Requirements'!$I:$I,$B46,'Future Requirements'!$G:$G,K$40,'Future Requirements'!$B:$B,IF($C$3=\"\",\">=\"&$F$3,\">=\"&$C$3),'Future Requirements'!$B:$B,IF($C$4=\"\",\"<=\"&$F$4,\"<=\"&$C$4),'Future Requirements'!$J:$J,IF($C$5=\"Yes\",\"Yes\",IF($C$5=\"No\",\"No\",\"<>Luke\")),'Future Requirements'!$AC:$AC,IF($C$6=\"Agreed\",\"Agreed\",IF($C$6=\"C/Fwd\",\"C/Fwd\",\"<>Luke\")),'Future Requirements'!$AA:$AA,$I$6),0)+\nIF($J$7=\"Include\",SUMIFS('Future Requirements'!$O:$O,'Future Requirements'!$I:$I,$B46,'Future Requirements'!$G:$G,K$40,'Future Requirements'!$B:$B,IF($C$3=\"\",\">=\"&$F$3,\">=\"&$C$3),'Future Requirements'!$B:$B,IF($C$4=\"\",\"<=\"&$F$4,\"<=\"&$C$4),'Future Requirements'!$J:$J,IF($C$5=\"Yes\",\"Yes\",IF($C$5=\"No\",\"No\",\"<>Luke\")),'Future Requirements'!$AC:$AC,IF($C$6=\"Agreed\",\"Agreed\",IF($C$6=\"C/Fwd\",\"C/Fwd\",\"<>Luke\")),'Future Requirements'!$AA:$AA,$I$7),0)","v":375000},{"$f":"IF($J$3=\"Include\",SUMIFS('Future Requirements'!$O:$O,'Future Requirements'!$I:$I,$B46,'Future Requirements'!$G:$G,L$40,'Future Requirements'!$B:$B,IF($C$3=\"\",\">=\"&$F$3,\">=\"&$C$3),'Future Requirements'!$B:$B,IF($C$4=\"\",\"<=\"&$F$4,\"<=\"&$C$4),'Future Requirements'!$J:$J,IF($C$5=\"Yes\",\"Yes\",IF($C$5=\"No\",\"No\",\"<>Luke\")),'Future Requirements'!$AC:$AC,IF($C$6=\"Agreed\",\"Agreed\",IF($C$6=\"C/Fwd\",\"C/Fwd\",\"<>Luke\")),'Future Requirements'!$AA:$AA,$I$3),0)+\nIF($J$4=\"Include\",SUMIFS('Future Requirements'!$O:$O,'Future Requirements'!$I:$I,$B46,'Future Requirements'!$G:$G,L$40,'Future Requirements'!$B:$B,IF($C$3=\"\",\">=\"&$F$3,\">=\"&$C$3),'Future Requirements'!$B:$B,IF($C$4=\"\",\"<=\"&$F$4,\"<=\"&$C$4),'Future Requirements'!$J:$J,IF($C$5=\"Yes\",\"Yes\",IF($C$5=\"No\",\"No\",\"<>Luke\")),'Future Requirements'!$AC:$AC,IF($C$6=\"Agreed\",\"Agreed\",IF($C$6=\"C/Fwd\",\"C/Fwd\",\"<>Luke\")),'Future Requirements'!$AA:$AA,$I$4),0)+\nIF($J$5=\"Include\",SUMIFS('Future Requirements'!$O:$O,'Future Requirements'!$I:$I,$B46,'Future Requirements'!$G:$G,L$40,'Future Requirements'!$B:$B,IF($C$3=\"\",\">=\"&$F$3,\">=\"&$C$3),'Future Requirements'!$B:$B,IF($C$4=\"\",\"<=\"&$F$4,\"<=\"&$C$4),'Future Requirements'!$J:$J,IF($C$5=\"Yes\",\"Yes\",IF($C$5=\"No\",\"No\",\"<>Luke\")),'Future Requirements'!$AC:$AC,IF($C$6=\"Agreed\",\"Agreed\",IF($C$6=\"C/Fwd\",\"C/Fwd\",\"<>Luke\")),'Future Requirements'!$AA:$AA,$I$5),0)+\nIF($J$6=\"Include\",SUMIFS('Future Requirements'!$O:$O,'Future Requirements'!$I:$I,$B46,'Future Requirements'!$G:$G,L$40,'Future Requirements'!$B:$B,IF($C$3=\"\",\">=\"&$F$3,\">=\"&$C$3),'Future Requirements'!$B:$B,IF($C$4=\"\",\"<=\"&$F$4,\"<=\"&$C$4),'Future Requirements'!$J:$J,IF($C$5=\"Yes\",\"Yes\",IF($C$5=\"No\",\"No\",\"<>Luke\")),'Future Requirements'!$AC:$AC,IF($C$6=\"Agreed\",\"Agreed\",IF($C$6=\"C/Fwd\",\"C/Fwd\",\"<>Luke\")),'Future Requirements'!$AA:$AA,$I$6),0)+\nIF($J$7=\"Include\",SUMIFS('Future Requirements'!$O:$O,'Future Requirements'!$I:$I,$B46,'Future Requirements'!$G:$G,L$40,'Future Requirements'!$B:$B,IF($C$3=\"\",\">=\"&$F$3,\">=\"&$C$3),'Future Requirements'!$B:$B,IF($C$4=\"\",\"<=\"&$F$4,\"<=\"&$C$4),'Future Requirements'!$J:$J,IF($C$5=\"Yes\",\"Yes\",IF($C$5=\"No\",\"No\",\"<>Luke\")),'Future Requirements'!$AC:$AC,IF($C$6=\"Agreed\",\"Agreed\",IF($C$6=\"C/Fwd\",\"C/Fwd\",\"<>Luke\")),'Future Requirements'!$AA:$AA,$I$7),0)","v":245000},{"$f":"IF($J$3=\"Include\",SUMIFS('Future Requirements'!$O:$O,'Future Requirements'!$I:$I,$B46,'Future Requirements'!$G:$G,M$40,'Future Requirements'!$B:$B,IF($C$3=\"\",\">=\"&$F$3,\">=\"&$C$3),'Future Requirements'!$B:$B,IF($C$4=\"\",\"<=\"&$F$4,\"<=\"&$C$4),'Future Requirements'!$J:$J,IF($C$5=\"Yes\",\"Yes\",IF($C$5=\"No\",\"No\",\"<>Luke\")),'Future Requirements'!$AC:$AC,IF($C$6=\"Agreed\",\"Agreed\",IF($C$6=\"C/Fwd\",\"C/Fwd\",\"<>Luke\")),'Future Requirements'!$AA:$AA,$I$3),0)+\nIF($J$4=\"Include\",SUMIFS('Future Requirements'!$O:$O,'Future Requirements'!$I:$I,$B46,'Future Requirements'!$G:$G,M$40,'Future Requirements'!$B:$B,IF($C$3=\"\",\">=\"&$F$3,\">=\"&$C$3),'Future Requirements'!$B:$B,IF($C$4=\"\",\"<=\"&$F$4,\"<=\"&$C$4),'Future Requirements'!$J:$J,IF($C$5=\"Yes\",\"Yes\",IF($C$5=\"No\",\"No\",\"<>Luke\")),'Future Requirements'!$AC:$AC,IF($C$6=\"Agreed\",\"Agreed\",IF($C$6=\"C/Fwd\",\"C/Fwd\",\"<>Luke\")),'Future Requirements'!$AA:$AA,$I$4),0)+\nIF($J$5=\"Include\",SUMIFS('Future Requirements'!$O:$O,'Future Requirements'!$I:$I,$B46,'Future Requirements'!$G:$G,M$40,'Future Requirements'!$B:$B,IF($C$3=\"\",\">=\"&$F$3,\">=\"&$C$3),'Future Requirements'!$B:$B,IF($C$4=\"\",\"<=\"&$F$4,\"<=\"&$C$4),'Future Requirements'!$J:$J,IF($C$5=\"Yes\",\"Yes\",IF($C$5=\"No\",\"No\",\"<>Luke\")),'Future Requirements'!$AC:$AC,IF($C$6=\"Agreed\",\"Agreed\",IF($C$6=\"C/Fwd\",\"C/Fwd\",\"<>Luke\")),'Future Requirements'!$AA:$AA,$I$5),0)+\nIF($J$6=\"Include\",SUMIFS('Future Requirements'!$O:$O,'Future Requirements'!$I:$I,$B46,'Future Requirements'!$G:$G,M$40,'Future Requirements'!$B:$B,IF($C$3=\"\",\">=\"&$F$3,\">=\"&$C$3),'Future Requirements'!$B:$B,IF($C$4=\"\",\"<=\"&$F$4,\"<=\"&$C$4),'Future Requirements'!$J:$J,IF($C$5=\"Yes\",\"Yes\",IF($C$5=\"No\",\"No\",\"<>Luke\")),'Future Requirements'!$AC:$AC,IF($C$6=\"Agreed\",\"Agreed\",IF($C$6=\"C/Fwd\",\"C/Fwd\",\"<>Luke\")),'Future Requirements'!$AA:$AA,$I$6),0)+\nIF($J$7=\"Include\",SUMIFS('Future Requirements'!$O:$O,'Future Requirements'!$I:$I,$B46,'Future Requirements'!$G:$G,M$40,'Future Requirements'!$B:$B,IF($C$3=\"\",\">=\"&$F$3,\">=\"&$C$3),'Future Requirements'!$B:$B,IF($C$4=\"\",\"<=\"&$F$4,\"<=\"&$C$4),'Future Requirements'!$J:$J,IF($C$5=\"Yes\",\"Yes\",IF($C$5=\"No\",\"No\",\"<>Luke\")),'Future Requirements'!$AC:$AC,IF($C$6=\"Agreed\",\"Agreed\",IF($C$6=\"C/Fwd\",\"C/Fwd\",\"<>Luke\")),'Future Requirements'!$AA:$AA,$I$7),0)","v":335000},{"$f":"IF($J$3=\"Include\",SUMIFS('Future Requirements'!$O:$O,'Future Requirements'!$I:$I,$B46,'Future Requirements'!$G:$G,N$40,'Future Requirements'!$B:$B,IF($C$3=\"\",\">=\"&$F$3,\">=\"&$C$3),'Future Requirements'!$B:$B,IF($C$4=\"\",\"<=\"&$F$4,\"<=\"&$C$4),'Future Requirements'!$J:$J,IF($C$5=\"Yes\",\"Yes\",IF($C$5=\"No\",\"No\",\"<>Luke\")),'Future Requirements'!$AC:$AC,IF($C$6=\"Agreed\",\"Agreed\",IF($C$6=\"C/Fwd\",\"C/Fwd\",\"<>Luke\")),'Future Requirements'!$AA:$AA,$I$3),0)+\nIF($J$4=\"Include\",SUMIFS('Future Requirements'!$O:$O,'Future Requirements'!$I:$I,$B46,'Future Requirements'!$G:$G,N$40,'Future Requirements'!$B:$B,IF($C$3=\"\",\">=\"&$F$3,\">=\"&$C$3),'Future Requirements'!$B:$B,IF($C$4=\"\",\"<=\"&$F$4,\"<=\"&$C$4),'Future Requirements'!$J:$J,IF($C$5=\"Yes\",\"Yes\",IF($C$5=\"No\",\"No\",\"<>Luke\")),'Future Requirements'!$AC:$AC,IF($C$6=\"Agreed\",\"Agreed\",IF($C$6=\"C/Fwd\",\"C/Fwd\",\"<>Luke\")),'Future Requirements'!$AA:$AA,$I$4),0)+\nIF($J$5=\"Include\",SUMIFS('Future Requirements'!$O:$O,'Future Requirements'!$I:$I,$B46,'Future Requirements'!$G:$G,N$40,'Future Requirements'!$B:$B,IF($C$3=\"\",\">=\"&$F$3,\">=\"&$C$3),'Future Requirements'!$B:$B,IF($C$4=\"\",\"<=\"&$F$4,\"<=\"&$C$4),'Future Requirements'!$J:$J,IF($C$5=\"Yes\",\"Yes\",IF($C$5=\"No\",\"No\",\"<>Luke\")),'Future Requirements'!$AC:$AC,IF($C$6=\"Agreed\",\"Agreed\",IF($C$6=\"C/Fwd\",\"C/Fwd\",\"<>Luke\")),'Future Requirements'!$AA:$AA,$I$5),0)+\nIF($J$6=\"Include\",SUMIFS('Future Requirements'!$O:$O,'Future Requirements'!$I:$I,$B46,'Future Requirements'!$G:$G,N$40,'Future Requirements'!$B:$B,IF($C$3=\"\",\">=\"&$F$3,\">=\"&$C$3),'Future Requirements'!$B:$B,IF($C$4=\"\",\"<=\"&$F$4,\"<=\"&$C$4),'Future Requirements'!$J:$J,IF($C$5=\"Yes\",\"Yes\",IF($C$5=\"No\",\"No\",\"<>Luke\")),'Future Requirements'!$AC:$AC,IF($C$6=\"Agreed\",\"Agreed\",IF($C$6=\"C/Fwd\",\"C/Fwd\",\"<>Luke\")),'Future Requirements'!$AA:$AA,$I$6),0)+\nIF($J$7=\"Include\",SUMIFS('Future Requirements'!$O:$O,'Future Requirements'!$I:$I,$B46,'Future Requirements'!$G:$G,N$40,'Future Requirements'!$B:$B,IF($C$3=\"\",\">=\"&$F$3,\">=\"&$C$3),'Future Requirements'!$B:$B,IF($C$4=\"\",\"<=\"&$F$4,\"<=\"&$C$4),'Future Requirements'!$J:$J,IF($C$5=\"Yes\",\"Yes\",IF($C$5=\"No\",\"No\",\"<>Luke\")),'Future Requirements'!$AC:$AC,IF($C$6=\"Agreed\",\"Agreed\",IF($C$6=\"C/Fwd\",\"C/Fwd\",\"<>Luke\")),'Future Requirements'!$AA:$AA,$I$7),0)","v":625000},{"$f":"IF($J$3=\"Include\",SUMIFS('Future Requirements'!$O:$O,'Future Requirements'!$I:$I,$B46,'Future Requirements'!$G:$G,O$40,'Future Requirements'!$B:$B,IF($C$3=\"\",\">=\"&$F$3,\">=\"&$C$3),'Future Requirements'!$B:$B,IF($C$4=\"\",\"<=\"&$F$4,\"<=\"&$C$4),'Future Requirements'!$J:$J,IF($C$5=\"Yes\",\"Yes\",IF($C$5=\"No\",\"No\",\"<>Luke\")),'Future Requirements'!$AC:$AC,IF($C$6=\"Agreed\",\"Agreed\",IF($C$6=\"C/Fwd\",\"C/Fwd\",\"<>Luke\")),'Future Requirements'!$AA:$AA,$I$3),0)+\nIF($J$4=\"Include\",SUMIFS('Future Requirements'!$O:$O,'Future Requirements'!$I:$I,$B46,'Future Requirements'!$G:$G,O$40,'Future Requirements'!$B:$B,IF($C$3=\"\",\">=\"&$F$3,\">=\"&$C$3),'Future Requirements'!$B:$B,IF($C$4=\"\",\"<=\"&$F$4,\"<=\"&$C$4),'Future Requirements'!$J:$J,IF($C$5=\"Yes\",\"Yes\",IF($C$5=\"No\",\"No\",\"<>Luke\")),'Future Requirements'!$AC:$AC,IF($C$6=\"Agreed\",\"Agreed\",IF($C$6=\"C/Fwd\",\"C/Fwd\",\"<>Luke\")),'Future Requirements'!$AA:$AA,$I$4),0)+\nIF($J$5=\"Include\",SUMIFS('Future Requirements'!$O:$O,'Future Requirements'!$I:$I,$B46,'Future Requirements'!$G:$G,O$40,'Future Requirements'!$B:$B,IF($C$3=\"\",\">=\"&$F$3,\">=\"&$C$3),'Future Requirements'!$B:$B,IF($C$4=\"\",\"<=\"&$F$4,\"<=\"&$C$4),'Future Requirements'!$J:$J,IF($C$5=\"Yes\",\"Yes\",IF($C$5=\"No\",\"No\",\"<>Luke\")),'Future Requirements'!$AC:$AC,IF($C$6=\"Agreed\",\"Agreed\",IF($C$6=\"C/Fwd\",\"C/Fwd\",\"<>Luke\")),'Future Requirements'!$AA:$AA,$I$5),0)+\nIF($J$6=\"Include\",SUMIFS('Future Requirements'!$O:$O,'Future Requirements'!$I:$I,$B46,'Future Requirements'!$G:$G,O$40,'Future Requirements'!$B:$B,IF($C$3=\"\",\">=\"&$F$3,\">=\"&$C$3),'Future Requirements'!$B:$B,IF($C$4=\"\",\"<=\"&$F$4,\"<=\"&$C$4),'Future Requirements'!$J:$J,IF($C$5=\"Yes\",\"Yes\",IF($C$5=\"No\",\"No\",\"<>Luke\")),'Future Requirements'!$AC:$AC,IF($C$6=\"Agreed\",\"Agreed\",IF($C$6=\"C/Fwd\",\"C/Fwd\",\"<>Luke\")),'Future Requirements'!$AA:$AA,$I$6),0)+\nIF($J$7=\"Include\",SUMIFS('Future Requirements'!$O:$O,'Future Requirements'!$I:$I,$B46,'Future Requirements'!$G:$G,O$40,'Future Requirements'!$B:$B,IF($C$3=\"\",\">=\"&$F$3,\">=\"&$C$3),'Future Requirements'!$B:$B,IF($C$4=\"\",\"<=\"&$F$4,\"<=\"&$C$4),'Future Requirements'!$J:$J,IF($C$5=\"Yes\",\"Yes\",IF($C$5=\"No\",\"No\",\"<>Luke\")),'Future Requirements'!$AC:$AC,IF($C$6=\"Agreed\",\"Agreed\",IF($C$6=\"C/Fwd\",\"C/Fwd\",\"<>Luke\")),'Future Requirements'!$AA:$AA,$I$7),0)","v":930000},{"$f":"IF($J$3=\"Include\",SUMIFS('Future Requirements'!$O:$O,'Future Requirements'!$I:$I,$B46,'Future Requirements'!$G:$G,P$40,'Future Requirements'!$B:$B,IF($C$3=\"\",\">=\"&$F$3,\">=\"&$C$3),'Future Requirements'!$B:$B,IF($C$4=\"\",\"<=\"&$F$4,\"<=\"&$C$4),'Future Requirements'!$J:$J,IF($C$5=\"Yes\",\"Yes\",IF($C$5=\"No\",\"No\",\"<>Luke\")),'Future Requirements'!$AC:$AC,IF($C$6=\"Agreed\",\"Agreed\",IF($C$6=\"C/Fwd\",\"C/Fwd\",\"<>Luke\")),'Future Requirements'!$AA:$AA,$I$3),0)+\nIF($J$4=\"Include\",SUMIFS('Future Requirements'!$O:$O,'Future Requirements'!$I:$I,$B46,'Future Requirements'!$G:$G,P$40,'Future Requirements'!$B:$B,IF($C$3=\"\",\">=\"&$F$3,\">=\"&$C$3),'Future Requirements'!$B:$B,IF($C$4=\"\",\"<=\"&$F$4,\"<=\"&$C$4),'Future Requirements'!$J:$J,IF($C$5=\"Yes\",\"Yes\",IF($C$5=\"No\",\"No\",\"<>Luke\")),'Future Requirements'!$AC:$AC,IF($C$6=\"Agreed\",\"Agreed\",IF($C$6=\"C/Fwd\",\"C/Fwd\",\"<>Luke\")),'Future Requirements'!$AA:$AA,$I$4),0)+\nIF($J$5=\"Include\",SUMIFS('Future Requirements'!$O:$O,'Future Requirements'!$I:$I,$B46,'Future Requirements'!$G:$G,P$40,'Future Requirements'!$B:$B,IF($C$3=\"\",\">=\"&$F$3,\">=\"&$C$3),'Future Requirements'!$B:$B,IF($C$4=\"\",\"<=\"&$F$4,\"<=\"&$C$4),'Future Requirements'!$J:$J,IF($C$5=\"Yes\",\"Yes\",IF($C$5=\"No\",\"No\",\"<>Luke\")),'Future Requirements'!$AC:$AC,IF($C$6=\"Agreed\",\"Agreed\",IF($C$6=\"C/Fwd\",\"C/Fwd\",\"<>Luke\")),'Future Requirements'!$AA:$AA,$I$5),0)+\nIF($J$6=\"Include\",SUMIFS('Future Requirements'!$O:$O,'Future Requirements'!$I:$I,$B46,'Future Requirements'!$G:$G,P$40,'Future Requirements'!$B:$B,IF($C$3=\"\",\">=\"&$F$3,\">=\"&$C$3),'Future Requirements'!$B:$B,IF($C$4=\"\",\"<=\"&$F$4,\"<=\"&$C$4),'Future Requirements'!$J:$J,IF($C$5=\"Yes\",\"Yes\",IF($C$5=\"No\",\"No\",\"<>Luke\")),'Future Requirements'!$AC:$AC,IF($C$6=\"Agreed\",\"Agreed\",IF($C$6=\"C/Fwd\",\"C/Fwd\",\"<>Luke\")),'Future Requirements'!$AA:$AA,$I$6),0)+\nIF($J$7=\"Include\",SUMIFS('Future Requirements'!$O:$O,'Future Requirements'!$I:$I,$B46,'Future Requirements'!$G:$G,P$40,'Future Requirements'!$B:$B,IF($C$3=\"\",\">=\"&$F$3,\">=\"&$C$3),'Future Requirements'!$B:$B,IF($C$4=\"\",\"<=\"&$F$4,\"<=\"&$C$4),'Future Requirements'!$J:$J,IF($C$5=\"Yes\",\"Yes\",IF($C$5=\"No\",\"No\",\"<>Luke\")),'Future Requirements'!$AC:$AC,IF($C$6=\"Agreed\",\"Agreed\",IF($C$6=\"C/Fwd\",\"C/Fwd\",\"<>Luke\")),'Future Requirements'!$AA:$AA,$I$7),0)","v":350000},{"$f":"IF($J$3=\"Include\",SUMIFS('Future Requirements'!$O:$O,'Future Requirements'!$I:$I,$B46,'Future Requirements'!$G:$G,Q$40,'Future Requirements'!$B:$B,IF($C$3=\"\",\">=\"&$F$3,\">=\"&$C$3),'Future Requirements'!$B:$B,IF($C$4=\"\",\"<=\"&$F$4,\"<=\"&$C$4),'Future Requirements'!$J:$J,IF($C$5=\"Yes\",\"Yes\",IF($C$5=\"No\",\"No\",\"<>Luke\")),'Future Requirements'!$AC:$AC,IF($C$6=\"Agreed\",\"Agreed\",IF($C$6=\"C/Fwd\",\"C/Fwd\",\"<>Luke\")),'Future Requirements'!$AA:$AA,$I$3),0)+\nIF($J$4=\"Include\",SUMIFS('Future Requirements'!$O:$O,'Future Requirements'!$I:$I,$B46,'Future Requirements'!$G:$G,Q$40,'Future Requirements'!$B:$B,IF($C$3=\"\",\">=\"&$F$3,\">=\"&$C$3),'Future Requirements'!$B:$B,IF($C$4=\"\",\"<=\"&$F$4,\"<=\"&$C$4),'Future Requirements'!$J:$J,IF($C$5=\"Yes\",\"Yes\",IF($C$5=\"No\",\"No\",\"<>Luke\")),'Future Requirements'!$AC:$AC,IF($C$6=\"Agreed\",\"Agreed\",IF($C$6=\"C/Fwd\",\"C/Fwd\",\"<>Luke\")),'Future Requirements'!$AA:$AA,$I$4),0)+\nIF($J$5=\"Include\",SUMIFS('Future Requirements'!$O:$O,'Future Requirements'!$I:$I,$B46,'Future Requirements'!$G:$G,Q$40,'Future Requirements'!$B:$B,IF($C$3=\"\",\">=\"&$F$3,\">=\"&$C$3),'Future Requirements'!$B:$B,IF($C$4=\"\",\"<=\"&$F$4,\"<=\"&$C$4),'Future Requirements'!$J:$J,IF($C$5=\"Yes\",\"Yes\",IF($C$5=\"No\",\"No\",\"<>Luke\")),'Future Requirements'!$AC:$AC,IF($C$6=\"Agreed\",\"Agreed\",IF($C$6=\"C/Fwd\",\"C/Fwd\",\"<>Luke\")),'Future Requirements'!$AA:$AA,$I$5),0)+\nIF($J$6=\"Include\",SUMIFS('Future Requirements'!$O:$O,'Future Requirements'!$I:$I,$B46,'Future Requirements'!$G:$G,Q$40,'Future Requirements'!$B:$B,IF($C$3=\"\",\">=\"&$F$3,\">=\"&$C$3),'Future Requirements'!$B:$B,IF($C$4=\"\",\"<=\"&$F$4,\"<=\"&$C$4),'Future Requirements'!$J:$J,IF($C$5=\"Yes\",\"Yes\",IF($C$5=\"No\",\"No\",\"<>Luke\")),'Future Requirements'!$AC:$AC,IF($C$6=\"Agreed\",\"Agreed\",IF($C$6=\"C/Fwd\",\"C/Fwd\",\"<>Luke\")),'Future Requirements'!$AA:$AA,$I$6),0)+\nIF($J$7=\"Include\",SUMIFS('Future Requirements'!$O:$O,'Future Requirements'!$I:$I,$B46,'Future Requirements'!$G:$G,Q$40,'Future Requirements'!$B:$B,IF($C$3=\"\",\">=\"&$F$3,\">=\"&$C$3),'Future Requirements'!$B:$B,IF($C$4=\"\",\"<=\"&$F$4,\"<=\"&$C$4),'Future Requirements'!$J:$J,IF($C$5=\"Yes\",\"Yes\",IF($C$5=\"No\",\"No\",\"<>Luke\")),'Future Requirements'!$AC:$AC,IF($C$6=\"Agreed\",\"Agreed\",IF($C$6=\"C/Fwd\",\"C/Fwd\",\"<>Luke\")),'Future Requirements'!$AA:$AA,$I$7),0)","v":100000},{"$f":"IF($J$3=\"Include\",SUMIFS('Future Requirements'!$O:$O,'Future Requirements'!$I:$I,$B46,'Future Requirements'!$G:$G,R$40,'Future Requirements'!$B:$B,IF($C$3=\"\",\">=\"&$F$3,\">=\"&$C$3),'Future Requirements'!$B:$B,IF($C$4=\"\",\"<=\"&$F$4,\"<=\"&$C$4),'Future Requirements'!$J:$J,IF($C$5=\"Yes\",\"Yes\",IF($C$5=\"No\",\"No\",\"<>Luke\")),'Future Requirements'!$AC:$AC,IF($C$6=\"Agreed\",\"Agreed\",IF($C$6=\"C/Fwd\",\"C/Fwd\",\"<>Luke\")),'Future Requirements'!$AA:$AA,$I$3),0)+\nIF($J$4=\"Include\",SUMIFS('Future Requirements'!$O:$O,'Future Requirements'!$I:$I,$B46,'Future Requirements'!$G:$G,R$40,'Future Requirements'!$B:$B,IF($C$3=\"\",\">=\"&$F$3,\">=\"&$C$3),'Future Requirements'!$B:$B,IF($C$4=\"\",\"<=\"&$F$4,\"<=\"&$C$4),'Future Requirements'!$J:$J,IF($C$5=\"Yes\",\"Yes\",IF($C$5=\"No\",\"No\",\"<>Luke\")),'Future Requirements'!$AC:$AC,IF($C$6=\"Agreed\",\"Agreed\",IF($C$6=\"C/Fwd\",\"C/Fwd\",\"<>Luke\")),'Future Requirements'!$AA:$AA,$I$4),0)+\nIF($J$5=\"Include\",SUMIFS('Future Requirements'!$O:$O,'Future Requirements'!$I:$I,$B46,'Future Requirements'!$G:$G,R$40,'Future Requirements'!$B:$B,IF($C$3=\"\",\">=\"&$F$3,\">=\"&$C$3),'Future Requirements'!$B:$B,IF($C$4=\"\",\"<=\"&$F$4,\"<=\"&$C$4),'Future Requirements'!$J:$J,IF($C$5=\"Yes\",\"Yes\",IF($C$5=\"No\",\"No\",\"<>Luke\")),'Future Requirements'!$AC:$AC,IF($C$6=\"Agreed\",\"Agreed\",IF($C$6=\"C/Fwd\",\"C/Fwd\",\"<>Luke\")),'Future Requirements'!$AA:$AA,$I$5),0)+\nIF($J$6=\"Include\",SUMIFS('Future Requirements'!$O:$O,'Future Requirements'!$I:$I,$B46,'Future Requirements'!$G:$G,R$40,'Future Requirements'!$B:$B,IF($C$3=\"\",\">=\"&$F$3,\">=\"&$C$3),'Future Requirements'!$B:$B,IF($C$4=\"\",\"<=\"&$F$4,\"<=\"&$C$4),'Future Requirements'!$J:$J,IF($C$5=\"Yes\",\"Yes\",IF($C$5=\"No\",\"No\",\"<>Luke\")),'Future Requirements'!$AC:$AC,IF($C$6=\"Agreed\",\"Agreed\",IF($C$6=\"C/Fwd\",\"C/Fwd\",\"<>Luke\")),'Future Requirements'!$AA:$AA,$I$6),0)+\nIF($J$7=\"Include\",SUMIFS('Future Requirements'!$O:$O,'Future Requirements'!$I:$I,$B46,'Future Requirements'!$G:$G,R$40,'Future Requirements'!$B:$B,IF($C$3=\"\",\">=\"&$F$3,\">=\"&$C$3),'Future Requirements'!$B:$B,IF($C$4=\"\",\"<=\"&$F$4,\"<=\"&$C$4),'Future Requirements'!$J:$J,IF($C$5=\"Yes\",\"Yes\",IF($C$5=\"No\",\"No\",\"<>Luke\")),'Future Requirements'!$AC:$AC,IF($C$6=\"Agreed\",\"Agreed\",IF($C$6=\"C/Fwd\",\"C/Fwd\",\"<>Luke\")),'Future Requirements'!$AA:$AA,$I$7),0)","v":220000},{"$f":"IF($J$3=\"Include\",SUMIFS('Future Requirements'!$O:$O,'Future Requirements'!$I:$I,$B46,'Future Requirements'!$G:$G,S$40,'Future Requirements'!$B:$B,IF($C$3=\"\",\">=\"&$F$3,\">=\"&$C$3),'Future Requirements'!$B:$B,IF($C$4=\"\",\"<=\"&$F$4,\"<=\"&$C$4),'Future Requirements'!$J:$J,IF($C$5=\"Yes\",\"Yes\",IF($C$5=\"No\",\"No\",\"<>Luke\")),'Future Requirements'!$AC:$AC,IF($C$6=\"Agreed\",\"Agreed\",IF($C$6=\"C/Fwd\",\"C/Fwd\",\"<>Luke\")),'Future Requirements'!$AA:$AA,$I$3),0)+\nIF($J$4=\"Include\",SUMIFS('Future Requirements'!$O:$O,'Future Requirements'!$I:$I,$B46,'Future Requirements'!$G:$G,S$40,'Future Requirements'!$B:$B,IF($C$3=\"\",\">=\"&$F$3,\">=\"&$C$3),'Future Requirements'!$B:$B,IF($C$4=\"\",\"<=\"&$F$4,\"<=\"&$C$4),'Future Requirements'!$J:$J,IF($C$5=\"Yes\",\"Yes\",IF($C$5=\"No\",\"No\",\"<>Luke\")),'Future Requirements'!$AC:$AC,IF($C$6=\"Agreed\",\"Agreed\",IF($C$6=\"C/Fwd\",\"C/Fwd\",\"<>Luke\")),'Future Requirements'!$AA:$AA,$I$4),0)+\nIF($J$5=\"Include\",SUMIFS('Future Requirements'!$O:$O,'Future Requirements'!$I:$I,$B46,'Future Requirements'!$G:$G,S$40,'Future Requirements'!$B:$B,IF($C$3=\"\",\">=\"&$F$3,\">=\"&$C$3),'Future Requirements'!$B:$B,IF($C$4=\"\",\"<=\"&$F$4,\"<=\"&$C$4),'Future Requirements'!$J:$J,IF($C$5=\"Yes\",\"Yes\",IF($C$5=\"No\",\"No\",\"<>Luke\")),'Future Requirements'!$AC:$AC,IF($C$6=\"Agreed\",\"Agreed\",IF($C$6=\"C/Fwd\",\"C/Fwd\",\"<>Luke\")),'Future Requirements'!$AA:$AA,$I$5),0)+\nIF($J$6=\"Include\",SUMIFS('Future Requirements'!$O:$O,'Future Requirements'!$I:$I,$B46,'Future Requirements'!$G:$G,S$40,'Future Requirements'!$B:$B,IF($C$3=\"\",\">=\"&$F$3,\">=\"&$C$3),'Future Requirements'!$B:$B,IF($C$4=\"\",\"<=\"&$F$4,\"<=\"&$C$4),'Future Requirements'!$J:$J,IF($C$5=\"Yes\",\"Yes\",IF($C$5=\"No\",\"No\",\"<>Luke\")),'Future Requirements'!$AC:$AC,IF($C$6=\"Agreed\",\"Agreed\",IF($C$6=\"C/Fwd\",\"C/Fwd\",\"<>Luke\")),'Future Requirements'!$AA:$AA,$I$6),0)+\nIF($J$7=\"Include\",SUMIFS('Future Requirements'!$O:$O,'Future Requirements'!$I:$I,$B46,'Future Requirements'!$G:$G,S$40,'Future Requirements'!$B:$B,IF($C$3=\"\",\">=\"&$F$3,\">=\"&$C$3),'Future Requirements'!$B:$B,IF($C$4=\"\",\"<=\"&$F$4,\"<=\"&$C$4),'Future Requirements'!$J:$J,IF($C$5=\"Yes\",\"Yes\",IF($C$5=\"No\",\"No\",\"<>Luke\")),'Future Requirements'!$AC:$AC,IF($C$6=\"Agreed\",\"Agreed\",IF($C$6=\"C/Fwd\",\"C/Fwd\",\"<>Luke\")),'Future Requirements'!$AA:$AA,$I$7),0)","v":135000},7380000]
[null,"Grade 5 - Structurally Impaired",{"$f":"IF($J$3=\"Include\",SUMIFS('Future Requirements'!$O:$O,'Future Requirements'!$I:$I,$B47,'Future Requirements'!$G:$G,C$40,'Future Requirements'!$B:$B,IF($C$3=\"\",\">=\"&$F$3,\">=\"&$C$3),'Future Requirements'!$B:$B,IF($C$4=\"\",\"<=\"&$F$4,\"<=\"&$C$4),'Future Requirements'!$J:$J,IF($C$5=\"Yes\",\"Yes\",IF($C$5=\"No\",\"No\",\"<>Luke\")),'Future Requirements'!$AC:$AC,IF($C$6=\"Agreed\",\"Agreed\",IF($C$6=\"C/Fwd\",\"C/Fwd\",\"<>Luke\")),'Future Requirements'!$AA:$AA,$I$3),0)+\nIF($J$4=\"Include\",SUMIFS('Future Requirements'!$O:$O,'Future Requirements'!$I:$I,$B47,'Future Requirements'!$G:$G,C$40,'Future Requirements'!$B:$B,IF($C$3=\"\",\">=\"&$F$3,\">=\"&$C$3),'Future Requirements'!$B:$B,IF($C$4=\"\",\"<=\"&$F$4,\"<=\"&$C$4),'Future Requirements'!$J:$J,IF($C$5=\"Yes\",\"Yes\",IF($C$5=\"No\",\"No\",\"<>Luke\")),'Future Requirements'!$AC:$AC,IF($C$6=\"Agreed\",\"Agreed\",IF($C$6=\"C/Fwd\",\"C/Fwd\",\"<>Luke\")),'Future Requirements'!$AA:$AA,$I$4),0)+\nIF($J$5=\"Include\",SUMIFS('Future Requirements'!$O:$O,'Future Requirements'!$I:$I,$B47,'Future Requirements'!$G:$G,C$40,'Future Requirements'!$B:$B,IF($C$3=\"\",\">=\"&$F$3,\">=\"&$C$3),'Future Requirements'!$B:$B,IF($C$4=\"\",\"<=\"&$F$4,\"<=\"&$C$4),'Future Requirements'!$J:$J,IF($C$5=\"Yes\",\"Yes\",IF($C$5=\"No\",\"No\",\"<>Luke\")),'Future Requirements'!$AC:$AC,IF($C$6=\"Agreed\",\"Agreed\",IF($C$6=\"C/Fwd\",\"C/Fwd\",\"<>Luke\")),'Future Requirements'!$AA:$AA,$I$5),0)+\nIF($J$6=\"Include\",SUMIFS('Future Requirements'!$O:$O,'Future Requirements'!$I:$I,$B47,'Future Requirements'!$G:$G,C$40,'Future Requirements'!$B:$B,IF($C$3=\"\",\">=\"&$F$3,\">=\"&$C$3),'Future Requirements'!$B:$B,IF($C$4=\"\",\"<=\"&$F$4,\"<=\"&$C$4),'Future Requirements'!$J:$J,IF($C$5=\"Yes\",\"Yes\",IF($C$5=\"No\",\"No\",\"<>Luke\")),'Future Requirements'!$AC:$AC,IF($C$6=\"Agreed\",\"Agreed\",IF($C$6=\"C/Fwd\",\"C/Fwd\",\"<>Luke\")),'Future Requirements'!$AA:$AA,$I$6),0)+\nIF($J$7=\"Include\",SUMIFS('Future Requirements'!$O:$O,'Future Requirements'!$I:$I,$B47,'Future Requirements'!$G:$G,C$40,'Future Requirements'!$B:$B,IF($C$3=\"\",\">=\"&$F$3,\">=\"&$C$3),'Future Requirements'!$B:$B,IF($C$4=\"\",\"<=\"&$F$4,\"<=\"&$C$4),'Future Requirements'!$J:$J,IF($C$5=\"Yes\",\"Yes\",IF($C$5=\"No\",\"No\",\"<>Luke\")),'Future Requirements'!$AC:$AC,IF($C$6=\"Agreed\",\"Agreed\",IF($C$6=\"C/Fwd\",\"C/Fwd\",\"<>Luke\")),'Future Requirements'!$AA:$AA,$I$7),0)","v":0},{"$f":"IF($J$3=\"Include\",SUMIFS('Future Requirements'!$O:$O,'Future Requirements'!$I:$I,$B47,'Future Requirements'!$G:$G,D$40,'Future Requirements'!$B:$B,IF($C$3=\"\",\">=\"&$F$3,\">=\"&$C$3),'Future Requirements'!$B:$B,IF($C$4=\"\",\"<=\"&$F$4,\"<=\"&$C$4),'Future Requirements'!$J:$J,IF($C$5=\"Yes\",\"Yes\",IF($C$5=\"No\",\"No\",\"<>Luke\")),'Future Requirements'!$AC:$AC,IF($C$6=\"Agreed\",\"Agreed\",IF($C$6=\"C/Fwd\",\"C/Fwd\",\"<>Luke\")),'Future Requirements'!$AA:$AA,$I$3),0)+\nIF($J$4=\"Include\",SUMIFS('Future Requirements'!$O:$O,'Future Requirements'!$I:$I,$B47,'Future Requirements'!$G:$G,D$40,'Future Requirements'!$B:$B,IF($C$3=\"\",\">=\"&$F$3,\">=\"&$C$3),'Future Requirements'!$B:$B,IF($C$4=\"\",\"<=\"&$F$4,\"<=\"&$C$4),'Future Requirements'!$J:$J,IF($C$5=\"Yes\",\"Yes\",IF($C$5=\"No\",\"No\",\"<>Luke\")),'Future Requirements'!$AC:$AC,IF($C$6=\"Agreed\",\"Agreed\",IF($C$6=\"C/Fwd\",\"C/Fwd\",\"<>Luke\")),'Future Requirements'!$AA:$AA,$I$4),0)+\nIF($J$5=\"Include\",SUMIFS('Future Requirements'!$O:$O,'Future Requirements'!$I:$I,$B47,'Future Requirements'!$G:$G,D$40,'Future Requirements'!$B:$B,IF($C$3=\"\",\">=\"&$F$3,\">=\"&$C$3),'Future Requirements'!$B:$B,IF($C$4=\"\",\"<=\"&$F$4,\"<=\"&$C$4),'Future Requirements'!$J:$J,IF($C$5=\"Yes\",\"Yes\",IF($C$5=\"No\",\"No\",\"<>Luke\")),'Future Requirements'!$AC:$AC,IF($C$6=\"Agreed\",\"Agreed\",IF($C$6=\"C/Fwd\",\"C/Fwd\",\"<>Luke\")),'Future Requirements'!$AA:$AA,$I$5),0)+\nIF($J$6=\"Include\",SUMIFS('Future Requirements'!$O:$O,'Future Requirements'!$I:$I,$B47,'Future Requirements'!$G:$G,D$40,'Future Requirements'!$B:$B,IF($C$3=\"\",\">=\"&$F$3,\">=\"&$C$3),'Future Requirements'!$B:$B,IF($C$4=\"\",\"<=\"&$F$4,\"<=\"&$C$4),'Future Requirements'!$J:$J,IF($C$5=\"Yes\",\"Yes\",IF($C$5=\"No\",\"No\",\"<>Luke\")),'Future Requirements'!$AC:$AC,IF($C$6=\"Agreed\",\"Agreed\",IF($C$6=\"C/Fwd\",\"C/Fwd\",\"<>Luke\")),'Future Requirements'!$AA:$AA,$I$6),0)+\nIF($J$7=\"Include\",SUMIFS('Future Requirements'!$O:$O,'Future Requirements'!$I:$I,$B47,'Future Requirements'!$G:$G,D$40,'Future Requirements'!$B:$B,IF($C$3=\"\",\">=\"&$F$3,\">=\"&$C$3),'Future Requirements'!$B:$B,IF($C$4=\"\",\"<=\"&$F$4,\"<=\"&$C$4),'Future Requirements'!$J:$J,IF($C$5=\"Yes\",\"Yes\",IF($C$5=\"No\",\"No\",\"<>Luke\")),'Future Requirements'!$AC:$AC,IF($C$6=\"Agreed\",\"Agreed\",IF($C$6=\"C/Fwd\",\"C/Fwd\",\"<>Luke\")),'Future Requirements'!$AA:$AA,$I$7),0)","v":190000},{"$f":"IF($J$3=\"Include\",SUMIFS('Future Requirements'!$O:$O,'Future Requirements'!$I:$I,$B47,'Future Requirements'!$G:$G,E$40,'Future Requirements'!$B:$B,IF($C$3=\"\",\">=\"&$F$3,\">=\"&$C$3),'Future Requirements'!$B:$B,IF($C$4=\"\",\"<=\"&$F$4,\"<=\"&$C$4),'Future Requirements'!$J:$J,IF($C$5=\"Yes\",\"Yes\",IF($C$5=\"No\",\"No\",\"<>Luke\")),'Future Requirements'!$AC:$AC,IF($C$6=\"Agreed\",\"Agreed\",IF($C$6=\"C/Fwd\",\"C/Fwd\",\"<>Luke\")),'Future Requirements'!$AA:$AA,$I$3),0)+\nIF($J$4=\"Include\",SUMIFS('Future Requirements'!$O:$O,'Future Requirements'!$I:$I,$B47,'Future Requirements'!$G:$G,E$40,'Future Requirements'!$B:$B,IF($C$3=\"\",\">=\"&$F$3,\">=\"&$C$3),'Future Requirements'!$B:$B,IF($C$4=\"\",\"<=\"&$F$4,\"<=\"&$C$4),'Future Requirements'!$J:$J,IF($C$5=\"Yes\",\"Yes\",IF($C$5=\"No\",\"No\",\"<>Luke\")),'Future Requirements'!$AC:$AC,IF($C$6=\"Agreed\",\"Agreed\",IF($C$6=\"C/Fwd\",\"C/Fwd\",\"<>Luke\")),'Future Requirements'!$AA:$AA,$I$4),0)+\nIF($J$5=\"Include\",SUMIFS('Future Requirements'!$O:$O,'Future Requirements'!$I:$I,$B47,'Future Requirements'!$G:$G,E$40,'Future Requirements'!$B:$B,IF($C$3=\"\",\">=\"&$F$3,\">=\"&$C$3),'Future Requirements'!$B:$B,IF($C$4=\"\",\"<=\"&$F$4,\"<=\"&$C$4),'Future Requirements'!$J:$J,IF($C$5=\"Yes\",\"Yes\",IF($C$5=\"No\",\"No\",\"<>Luke\")),'Future Requirements'!$AC:$AC,IF($C$6=\"Agreed\",\"Agreed\",IF($C$6=\"C/Fwd\",\"C/Fwd\",\"<>Luke\")),'Future Requirements'!$AA:$AA,$I$5),0)+\nIF($J$6=\"Include\",SUMIFS('Future Requirements'!$O:$O,'Future Requirements'!$I:$I,$B47,'Future Requirements'!$G:$G,E$40,'Future Requirements'!$B:$B,IF($C$3=\"\",\">=\"&$F$3,\">=\"&$C$3),'Future Requirements'!$B:$B,IF($C$4=\"\",\"<=\"&$F$4,\"<=\"&$C$4),'Future Requirements'!$J:$J,IF($C$5=\"Yes\",\"Yes\",IF($C$5=\"No\",\"No\",\"<>Luke\")),'Future Requirements'!$AC:$AC,IF($C$6=\"Agreed\",\"Agreed\",IF($C$6=\"C/Fwd\",\"C/Fwd\",\"<>Luke\")),'Future Requirements'!$AA:$AA,$I$6),0)+\nIF($J$7=\"Include\",SUMIFS('Future Requirements'!$O:$O,'Future Requirements'!$I:$I,$B47,'Future Requirements'!$G:$G,E$40,'Future Requirements'!$B:$B,IF($C$3=\"\",\">=\"&$F$3,\">=\"&$C$3),'Future Requirements'!$B:$B,IF($C$4=\"\",\"<=\"&$F$4,\"<=\"&$C$4),'Future Requirements'!$J:$J,IF($C$5=\"Yes\",\"Yes\",IF($C$5=\"No\",\"No\",\"<>Luke\")),'Future Requirements'!$AC:$AC,IF($C$6=\"Agreed\",\"Agreed\",IF($C$6=\"C/Fwd\",\"C/Fwd\",\"<>Luke\")),'Future Requirements'!$AA:$AA,$I$7),0)","v":0},{"$f":"IF($J$3=\"Include\",SUMIFS('Future Requirements'!$O:$O,'Future Requirements'!$I:$I,$B47,'Future Requirements'!$G:$G,F$40,'Future Requirements'!$B:$B,IF($C$3=\"\",\">=\"&$F$3,\">=\"&$C$3),'Future Requirements'!$B:$B,IF($C$4=\"\",\"<=\"&$F$4,\"<=\"&$C$4),'Future Requirements'!$J:$J,IF($C$5=\"Yes\",\"Yes\",IF($C$5=\"No\",\"No\",\"<>Luke\")),'Future Requirements'!$AC:$AC,IF($C$6=\"Agreed\",\"Agreed\",IF($C$6=\"C/Fwd\",\"C/Fwd\",\"<>Luke\")),'Future Requirements'!$AA:$AA,$I$3),0)+\nIF($J$4=\"Include\",SUMIFS('Future Requirements'!$O:$O,'Future Requirements'!$I:$I,$B47,'Future Requirements'!$G:$G,F$40,'Future Requirements'!$B:$B,IF($C$3=\"\",\">=\"&$F$3,\">=\"&$C$3),'Future Requirements'!$B:$B,IF($C$4=\"\",\"<=\"&$F$4,\"<=\"&$C$4),'Future Requirements'!$J:$J,IF($C$5=\"Yes\",\"Yes\",IF($C$5=\"No\",\"No\",\"<>Luke\")),'Future Requirements'!$AC:$AC,IF($C$6=\"Agreed\",\"Agreed\",IF($C$6=\"C/Fwd\",\"C/Fwd\",\"<>Luke\")),'Future Requirements'!$AA:$AA,$I$4),0)+\nIF($J$5=\"Include\",SUMIFS('Future Requirements'!$O:$O,'Future Requirements'!$I:$I,$B47,'Future Requirements'!$G:$G,F$40,'Future Requirements'!$B:$B,IF($C$3=\"\",\">=\"&$F$3,\">=\"&$C$3),'Future Requirements'!$B:$B,IF($C$4=\"\",\"<=\"&$F$4,\"<=\"&$C$4),'Future Requirements'!$J:$J,IF($C$5=\"Yes\",\"Yes\",IF($C$5=\"No\",\"No\",\"<>Luke\")),'Future Requirements'!$AC:$AC,IF($C$6=\"Agreed\",\"Agreed\",IF($C$6=\"C/Fwd\",\"C/Fwd\",\"<>Luke\")),'Future Requirements'!$AA:$AA,$I$5),0)+\nIF($J$6=\"Include\",SUMIFS('Future Requirements'!$O:$O,'Future Requirements'!$I:$I,$B47,'Future Requirements'!$G:$G,F$40,'Future Requirements'!$B:$B,IF($C$3=\"\",\">=\"&$F$3,\">=\"&$C$3),'Future Requirements'!$B:$B,IF($C$4=\"\",\"<=\"&$F$4,\"<=\"&$C$4),'Future Requirements'!$J:$J,IF($C$5=\"Yes\",\"Yes\",IF($C$5=\"No\",\"No\",\"<>Luke\")),'Future Requirements'!$AC:$AC,IF($C$6=\"Agreed\",\"Agreed\",IF($C$6=\"C/Fwd\",\"C/Fwd\",\"<>Luke\")),'Future Requirements'!$AA:$AA,$I$6),0)+\nIF($J$7=\"Include\",SUMIFS('Future Requirements'!$O:$O,'Future Requirements'!$I:$I,$B47,'Future Requirements'!$G:$G,F$40,'Future Requirements'!$B:$B,IF($C$3=\"\",\">=\"&$F$3,\">=\"&$C$3),'Future Requirements'!$B:$B,IF($C$4=\"\",\"<=\"&$F$4,\"<=\"&$C$4),'Future Requirements'!$J:$J,IF($C$5=\"Yes\",\"Yes\",IF($C$5=\"No\",\"No\",\"<>Luke\")),'Future Requirements'!$AC:$AC,IF($C$6=\"Agreed\",\"Agreed\",IF($C$6=\"C/Fwd\",\"C/Fwd\",\"<>Luke\")),'Future Requirements'!$AA:$AA,$I$7),0)","v":0},{"$f":"IF($J$3=\"Include\",SUMIFS('Future Requirements'!$O:$O,'Future Requirements'!$I:$I,$B47,'Future Requirements'!$G:$G,G$40,'Future Requirements'!$B:$B,IF($C$3=\"\",\">=\"&$F$3,\">=\"&$C$3),'Future Requirements'!$B:$B,IF($C$4=\"\",\"<=\"&$F$4,\"<=\"&$C$4),'Future Requirements'!$J:$J,IF($C$5=\"Yes\",\"Yes\",IF($C$5=\"No\",\"No\",\"<>Luke\")),'Future Requirements'!$AC:$AC,IF($C$6=\"Agreed\",\"Agreed\",IF($C$6=\"C/Fwd\",\"C/Fwd\",\"<>Luke\")),'Future Requirements'!$AA:$AA,$I$3),0)+\nIF($J$4=\"Include\",SUMIFS('Future Requirements'!$O:$O,'Future Requirements'!$I:$I,$B47,'Future Requirements'!$G:$G,G$40,'Future Requirements'!$B:$B,IF($C$3=\"\",\">=\"&$F$3,\">=\"&$C$3),'Future Requirements'!$B:$B,IF($C$4=\"\",\"<=\"&$F$4,\"<=\"&$C$4),'Future Requirements'!$J:$J,IF($C$5=\"Yes\",\"Yes\",IF($C$5=\"No\",\"No\",\"<>Luke\")),'Future Requirements'!$AC:$AC,IF($C$6=\"Agreed\",\"Agreed\",IF($C$6=\"C/Fwd\",\"C/Fwd\",\"<>Luke\")),'Future Requirements'!$AA:$AA,$I$4),0)+\nIF($J$5=\"Include\",SUMIFS('Future Requirements'!$O:$O,'Future Requirements'!$I:$I,$B47,'Future Requirements'!$G:$G,G$40,'Future Requirements'!$B:$B,IF($C$3=\"\",\">=\"&$F$3,\">=\"&$C$3),'Future Requirements'!$B:$B,IF($C$4=\"\",\"<=\"&$F$4,\"<=\"&$C$4),'Future Requirements'!$J:$J,IF($C$5=\"Yes\",\"Yes\",IF($C$5=\"No\",\"No\",\"<>Luke\")),'Future Requirements'!$AC:$AC,IF($C$6=\"Agreed\",\"Agreed\",IF($C$6=\"C/Fwd\",\"C/Fwd\",\"<>Luke\")),'Future Requirements'!$AA:$AA,$I$5),0)+\nIF($J$6=\"Include\",SUMIFS('Future Requirements'!$O:$O,'Future Requirements'!$I:$I,$B47,'Future Requirements'!$G:$G,G$40,'Future Requirements'!$B:$B,IF($C$3=\"\",\">=\"&$F$3,\">=\"&$C$3),'Future Requirements'!$B:$B,IF($C$4=\"\",\"<=\"&$F$4,\"<=\"&$C$4),'Future Requirements'!$J:$J,IF($C$5=\"Yes\",\"Yes\",IF($C$5=\"No\",\"No\",\"<>Luke\")),'Future Requirements'!$AC:$AC,IF($C$6=\"Agreed\",\"Agreed\",IF($C$6=\"C/Fwd\",\"C/Fwd\",\"<>Luke\")),'Future Requirements'!$AA:$AA,$I$6),0)+\nIF($J$7=\"Include\",SUMIFS('Future Requirements'!$O:$O,'Future Requirements'!$I:$I,$B47,'Future Requirements'!$G:$G,G$40,'Future Requirements'!$B:$B,IF($C$3=\"\",\">=\"&$F$3,\">=\"&$C$3),'Future Requirements'!$B:$B,IF($C$4=\"\",\"<=\"&$F$4,\"<=\"&$C$4),'Future Requirements'!$J:$J,IF($C$5=\"Yes\",\"Yes\",IF($C$5=\"No\",\"No\",\"<>Luke\")),'Future Requirements'!$AC:$AC,IF($C$6=\"Agreed\",\"Agreed\",IF($C$6=\"C/Fwd\",\"C/Fwd\",\"<>Luke\")),'Future Requirements'!$AA:$AA,$I$7),0)","v":70000},{"$f":"IF($J$3=\"Include\",SUMIFS('Future Requirements'!$O:$O,'Future Requirements'!$I:$I,$B47,'Future Requirements'!$G:$G,H$40,'Future Requirements'!$B:$B,IF($C$3=\"\",\">=\"&$F$3,\">=\"&$C$3),'Future Requirements'!$B:$B,IF($C$4=\"\",\"<=\"&$F$4,\"<=\"&$C$4),'Future Requirements'!$J:$J,IF($C$5=\"Yes\",\"Yes\",IF($C$5=\"No\",\"No\",\"<>Luke\")),'Future Requirements'!$AC:$AC,IF($C$6=\"Agreed\",\"Agreed\",IF($C$6=\"C/Fwd\",\"C/Fwd\",\"<>Luke\")),'Future Requirements'!$AA:$AA,$I$3),0)+\nIF($J$4=\"Include\",SUMIFS('Future Requirements'!$O:$O,'Future Requirements'!$I:$I,$B47,'Future Requirements'!$G:$G,H$40,'Future Requirements'!$B:$B,IF($C$3=\"\",\">=\"&$F$3,\">=\"&$C$3),'Future Requirements'!$B:$B,IF($C$4=\"\",\"<=\"&$F$4,\"<=\"&$C$4),'Future Requirements'!$J:$J,IF($C$5=\"Yes\",\"Yes\",IF($C$5=\"No\",\"No\",\"<>Luke\")),'Future Requirements'!$AC:$AC,IF($C$6=\"Agreed\",\"Agreed\",IF($C$6=\"C/Fwd\",\"C/Fwd\",\"<>Luke\")),'Future Requirements'!$AA:$AA,$I$4),0)+\nIF($J$5=\"Include\",SUMIFS('Future Requirements'!$O:$O,'Future Requirements'!$I:$I,$B47,'Future Requirements'!$G:$G,H$40,'Future Requirements'!$B:$B,IF($C$3=\"\",\">=\"&$F$3,\">=\"&$C$3),'Future Requirements'!$B:$B,IF($C$4=\"\",\"<=\"&$F$4,\"<=\"&$C$4),'Future Requirements'!$J:$J,IF($C$5=\"Yes\",\"Yes\",IF($C$5=\"No\",\"No\",\"<>Luke\")),'Future Requirements'!$AC:$AC,IF($C$6=\"Agreed\",\"Agreed\",IF($C$6=\"C/Fwd\",\"C/Fwd\",\"<>Luke\")),'Future Requirements'!$AA:$AA,$I$5),0)+\nIF($J$6=\"Include\",SUMIFS('Future Requirements'!$O:$O,'Future Requirements'!$I:$I,$B47,'Future Requirements'!$G:$G,H$40,'Future Requirements'!$B:$B,IF($C$3=\"\",\">=\"&$F$3,\">=\"&$C$3),'Future Requirements'!$B:$B,IF($C$4=\"\",\"<=\"&$F$4,\"<=\"&$C$4),'Future Requirements'!$J:$J,IF($C$5=\"Yes\",\"Yes\",IF($C$5=\"No\",\"No\",\"<>Luke\")),'Future Requirements'!$AC:$AC,IF($C$6=\"Agreed\",\"Agreed\",IF($C$6=\"C/Fwd\",\"C/Fwd\",\"<>Luke\")),'Future Requirements'!$AA:$AA,$I$6),0)+\nIF($J$7=\"Include\",SUMIFS('Future Requirements'!$O:$O,'Future Requirements'!$I:$I,$B47,'Future Requirements'!$G:$G,H$40,'Future Requirements'!$B:$B,IF($C$3=\"\",\">=\"&$F$3,\">=\"&$C$3),'Future Requirements'!$B:$B,IF($C$4=\"\",\"<=\"&$F$4,\"<=\"&$C$4),'Future Requirements'!$J:$J,IF($C$5=\"Yes\",\"Yes\",IF($C$5=\"No\",\"No\",\"<>Luke\")),'Future Requirements'!$AC:$AC,IF($C$6=\"Agreed\",\"Agreed\",IF($C$6=\"C/Fwd\",\"C/Fwd\",\"<>Luke\")),'Future Requirements'!$AA:$AA,$I$7),0)","v":65000},{"$f":"IF($J$3=\"Include\",SUMIFS('Future Requirements'!$O:$O,'Future Requirements'!$I:$I,$B47,'Future Requirements'!$G:$G,I$40,'Future Requirements'!$B:$B,IF($C$3=\"\",\">=\"&$F$3,\">=\"&$C$3),'Future Requirements'!$B:$B,IF($C$4=\"\",\"<=\"&$F$4,\"<=\"&$C$4),'Future Requirements'!$J:$J,IF($C$5=\"Yes\",\"Yes\",IF($C$5=\"No\",\"No\",\"<>Luke\")),'Future Requirements'!$AC:$AC,IF($C$6=\"Agreed\",\"Agreed\",IF($C$6=\"C/Fwd\",\"C/Fwd\",\"<>Luke\")),'Future Requirements'!$AA:$AA,$I$3),0)+\nIF($J$4=\"Include\",SUMIFS('Future Requirements'!$O:$O,'Future Requirements'!$I:$I,$B47,'Future Requirements'!$G:$G,I$40,'Future Requirements'!$B:$B,IF($C$3=\"\",\">=\"&$F$3,\">=\"&$C$3),'Future Requirements'!$B:$B,IF($C$4=\"\",\"<=\"&$F$4,\"<=\"&$C$4),'Future Requirements'!$J:$J,IF($C$5=\"Yes\",\"Yes\",IF($C$5=\"No\",\"No\",\"<>Luke\")),'Future Requirements'!$AC:$AC,IF($C$6=\"Agreed\",\"Agreed\",IF($C$6=\"C/Fwd\",\"C/Fwd\",\"<>Luke\")),'Future Requirements'!$AA:$AA,$I$4),0)+\nIF($J$5=\"Include\",SUMIFS('Future Requirements'!$O:$O,'Future Requirements'!$I:$I,$B47,'Future Requirements'!$G:$G,I$40,'Future Requirements'!$B:$B,IF($C$3=\"\",\">=\"&$F$3,\">=\"&$C$3),'Future Requirements'!$B:$B,IF($C$4=\"\",\"<=\"&$F$4,\"<=\"&$C$4),'Future Requirements'!$J:$J,IF($C$5=\"Yes\",\"Yes\",IF($C$5=\"No\",\"No\",\"<>Luke\")),'Future Requirements'!$AC:$AC,IF($C$6=\"Agreed\",\"Agreed\",IF($C$6=\"C/Fwd\",\"C/Fwd\",\"<>Luke\")),'Future Requirements'!$AA:$AA,$I$5),0)+\nIF($J$6=\"Include\",SUMIFS('Future Requirements'!$O:$O,'Future Requirements'!$I:$I,$B47,'Future Requirements'!$G:$G,I$40,'Future Requirements'!$B:$B,IF($C$3=\"\",\">=\"&$F$3,\">=\"&$C$3),'Future Requirements'!$B:$B,IF($C$4=\"\",\"<=\"&$F$4,\"<=\"&$C$4),'Future Requirements'!$J:$J,IF($C$5=\"Yes\",\"Yes\",IF($C$5=\"No\",\"No\",\"<>Luke\")),'Future Requirements'!$AC:$AC,IF($C$6=\"Agreed\",\"Agreed\",IF($C$6=\"C/Fwd\",\"C/Fwd\",\"<>Luke\")),'Future Requirements'!$AA:$AA,$I$6),0)+\nIF($J$7=\"Include\",SUMIFS('Future Requirements'!$O:$O,'Future Requirements'!$I:$I,$B47,'Future Requirements'!$G:$G,I$40,'Future Requirements'!$B:$B,IF($C$3=\"\",\">=\"&$F$3,\">=\"&$C$3),'Future Requirements'!$B:$B,IF($C$4=\"\",\"<=\"&$F$4,\"<=\"&$C$4),'Future Requirements'!$J:$J,IF($C$5=\"Yes\",\"Yes\",IF($C$5=\"No\",\"No\",\"<>Luke\")),'Future Requirements'!$AC:$AC,IF($C$6=\"Agreed\",\"Agreed\",IF($C$6=\"C/Fwd\",\"C/Fwd\",\"<>Luke\")),'Future Requirements'!$AA:$AA,$I$7),0)","v":50000},{"$f":"IF($J$3=\"Include\",SUMIFS('Future Requirements'!$O:$O,'Future Requirements'!$I:$I,$B47,'Future Requirements'!$G:$G,J$40,'Future Requirements'!$B:$B,IF($C$3=\"\",\">=\"&$F$3,\">=\"&$C$3),'Future Requirements'!$B:$B,IF($C$4=\"\",\"<=\"&$F$4,\"<=\"&$C$4),'Future Requirements'!$J:$J,IF($C$5=\"Yes\",\"Yes\",IF($C$5=\"No\",\"No\",\"<>Luke\")),'Future Requirements'!$AC:$AC,IF($C$6=\"Agreed\",\"Agreed\",IF($C$6=\"C/Fwd\",\"C/Fwd\",\"<>Luke\")),'Future Requirements'!$AA:$AA,$I$3),0)+\nIF($J$4=\"Include\",SUMIFS('Future Requirements'!$O:$O,'Future Requirements'!$I:$I,$B47,'Future Requirements'!$G:$G,J$40,'Future Requirements'!$B:$B,IF($C$3=\"\",\">=\"&$F$3,\">=\"&$C$3),'Future Requirements'!$B:$B,IF($C$4=\"\",\"<=\"&$F$4,\"<=\"&$C$4),'Future Requirements'!$J:$J,IF($C$5=\"Yes\",\"Yes\",IF($C$5=\"No\",\"No\",\"<>Luke\")),'Future Requirements'!$AC:$AC,IF($C$6=\"Agreed\",\"Agreed\",IF($C$6=\"C/Fwd\",\"C/Fwd\",\"<>Luke\")),'Future Requirements'!$AA:$AA,$I$4),0)+\nIF($J$5=\"Include\",SUMIFS('Future Requirements'!$O:$O,'Future Requirements'!$I:$I,$B47,'Future Requirements'!$G:$G,J$40,'Future Requirements'!$B:$B,IF($C$3=\"\",\">=\"&$F$3,\">=\"&$C$3),'Future Requirements'!$B:$B,IF($C$4=\"\",\"<=\"&$F$4,\"<=\"&$C$4),'Future Requirements'!$J:$J,IF($C$5=\"Yes\",\"Yes\",IF($C$5=\"No\",\"No\",\"<>Luke\")),'Future Requirements'!$AC:$AC,IF($C$6=\"Agreed\",\"Agreed\",IF($C$6=\"C/Fwd\",\"C/Fwd\",\"<>Luke\")),'Future Requirements'!$AA:$AA,$I$5),0)+\nIF($J$6=\"Include\",SUMIFS('Future Requirements'!$O:$O,'Future Requirements'!$I:$I,$B47,'Future Requirements'!$G:$G,J$40,'Future Requirements'!$B:$B,IF($C$3=\"\",\">=\"&$F$3,\">=\"&$C$3),'Future Requirements'!$B:$B,IF($C$4=\"\",\"<=\"&$F$4,\"<=\"&$C$4),'Future Requirements'!$J:$J,IF($C$5=\"Yes\",\"Yes\",IF($C$5=\"No\",\"No\",\"<>Luke\")),'Future Requirements'!$AC:$AC,IF($C$6=\"Agreed\",\"Agreed\",IF($C$6=\"C/Fwd\",\"C/Fwd\",\"<>Luke\")),'Future Requirements'!$AA:$AA,$I$6),0)+\nIF($J$7=\"Include\",SUMIFS('Future Requirements'!$O:$O,'Future Requirements'!$I:$I,$B47,'Future Requirements'!$G:$G,J$40,'Future Requirements'!$B:$B,IF($C$3=\"\",\">=\"&$F$3,\">=\"&$C$3),'Future Requirements'!$B:$B,IF($C$4=\"\",\"<=\"&$F$4,\"<=\"&$C$4),'Future Requirements'!$J:$J,IF($C$5=\"Yes\",\"Yes\",IF($C$5=\"No\",\"No\",\"<>Luke\")),'Future Requirements'!$AC:$AC,IF($C$6=\"Agreed\",\"Agreed\",IF($C$6=\"C/Fwd\",\"C/Fwd\",\"<>Luke\")),'Future Requirements'!$AA:$AA,$I$7),0)","v":0},{"$f":"IF($J$3=\"Include\",SUMIFS('Future Requirements'!$O:$O,'Future Requirements'!$I:$I,$B47,'Future Requirements'!$G:$G,K$40,'Future Requirements'!$B:$B,IF($C$3=\"\",\">=\"&$F$3,\">=\"&$C$3),'Future Requirements'!$B:$B,IF($C$4=\"\",\"<=\"&$F$4,\"<=\"&$C$4),'Future Requirements'!$J:$J,IF($C$5=\"Yes\",\"Yes\",IF($C$5=\"No\",\"No\",\"<>Luke\")),'Future Requirements'!$AC:$AC,IF($C$6=\"Agreed\",\"Agreed\",IF($C$6=\"C/Fwd\",\"C/Fwd\",\"<>Luke\")),'Future Requirements'!$AA:$AA,$I$3),0)+\nIF($J$4=\"Include\",SUMIFS('Future Requirements'!$O:$O,'Future Requirements'!$I:$I,$B47,'Future Requirements'!$G:$G,K$40,'Future Requirements'!$B:$B,IF($C$3=\"\",\">=\"&$F$3,\">=\"&$C$3),'Future Requirements'!$B:$B,IF($C$4=\"\",\"<=\"&$F$4,\"<=\"&$C$4),'Future Requirements'!$J:$J,IF($C$5=\"Yes\",\"Yes\",IF($C$5=\"No\",\"No\",\"<>Luke\")),'Future Requirements'!$AC:$AC,IF($C$6=\"Agreed\",\"Agreed\",IF($C$6=\"C/Fwd\",\"C/Fwd\",\"<>Luke\")),'Future Requirements'!$AA:$AA,$I$4),0)+\nIF($J$5=\"Include\",SUMIFS('Future Requirements'!$O:$O,'Future Requirements'!$I:$I,$B47,'Future Requirements'!$G:$G,K$40,'Future Requirements'!$B:$B,IF($C$3=\"\",\">=\"&$F$3,\">=\"&$C$3),'Future Requirements'!$B:$B,IF($C$4=\"\",\"<=\"&$F$4,\"<=\"&$C$4),'Future Requirements'!$J:$J,IF($C$5=\"Yes\",\"Yes\",IF($C$5=\"No\",\"No\",\"<>Luke\")),'Future Requirements'!$AC:$AC,IF($C$6=\"Agreed\",\"Agreed\",IF($C$6=\"C/Fwd\",\"C/Fwd\",\"<>Luke\")),'Future Requirements'!$AA:$AA,$I$5),0)+\nIF($J$6=\"Include\",SUMIFS('Future Requirements'!$O:$O,'Future Requirements'!$I:$I,$B47,'Future Requirements'!$G:$G,K$40,'Future Requirements'!$B:$B,IF($C$3=\"\",\">=\"&$F$3,\">=\"&$C$3),'Future Requirements'!$B:$B,IF($C$4=\"\",\"<=\"&$F$4,\"<=\"&$C$4),'Future Requirements'!$J:$J,IF($C$5=\"Yes\",\"Yes\",IF($C$5=\"No\",\"No\",\"<>Luke\")),'Future Requirements'!$AC:$AC,IF($C$6=\"Agreed\",\"Agreed\",IF($C$6=\"C/Fwd\",\"C/Fwd\",\"<>Luke\")),'Future Requirements'!$AA:$AA,$I$6),0)+\nIF($J$7=\"Include\",SUMIFS('Future Requirements'!$O:$O,'Future Requirements'!$I:$I,$B47,'Future Requirements'!$G:$G,K$40,'Future Requirements'!$B:$B,IF($C$3=\"\",\">=\"&$F$3,\">=\"&$C$3),'Future Requirements'!$B:$B,IF($C$4=\"\",\"<=\"&$F$4,\"<=\"&$C$4),'Future Requirements'!$J:$J,IF($C$5=\"Yes\",\"Yes\",IF($C$5=\"No\",\"No\",\"<>Luke\")),'Future Requirements'!$AC:$AC,IF($C$6=\"Agreed\",\"Agreed\",IF($C$6=\"C/Fwd\",\"C/Fwd\",\"<>Luke\")),'Future Requirements'!$AA:$AA,$I$7),0)","v":0},{"$f":"IF($J$3=\"Include\",SUMIFS('Future Requirements'!$O:$O,'Future Requirements'!$I:$I,$B47,'Future Requirements'!$G:$G,L$40,'Future Requirements'!$B:$B,IF($C$3=\"\",\">=\"&$F$3,\">=\"&$C$3),'Future Requirements'!$B:$B,IF($C$4=\"\",\"<=\"&$F$4,\"<=\"&$C$4),'Future Requirements'!$J:$J,IF($C$5=\"Yes\",\"Yes\",IF($C$5=\"No\",\"No\",\"<>Luke\")),'Future Requirements'!$AC:$AC,IF($C$6=\"Agreed\",\"Agreed\",IF($C$6=\"C/Fwd\",\"C/Fwd\",\"<>Luke\")),'Future Requirements'!$AA:$AA,$I$3),0)+\nIF($J$4=\"Include\",SUMIFS('Future Requirements'!$O:$O,'Future Requirements'!$I:$I,$B47,'Future Requirements'!$G:$G,L$40,'Future Requirements'!$B:$B,IF($C$3=\"\",\">=\"&$F$3,\">=\"&$C$3),'Future Requirements'!$B:$B,IF($C$4=\"\",\"<=\"&$F$4,\"<=\"&$C$4),'Future Requirements'!$J:$J,IF($C$5=\"Yes\",\"Yes\",IF($C$5=\"No\",\"No\",\"<>Luke\")),'Future Requirements'!$AC:$AC,IF($C$6=\"Agreed\",\"Agreed\",IF($C$6=\"C/Fwd\",\"C/Fwd\",\"<>Luke\")),'Future Requirements'!$AA:$AA,$I$4),0)+\nIF($J$5=\"Include\",SUMIFS('Future Requirements'!$O:$O,'Future Requirements'!$I:$I,$B47,'Future Requirements'!$G:$G,L$40,'Future Requirements'!$B:$B,IF($C$3=\"\",\">=\"&$F$3,\">=\"&$C$3),'Future Requirements'!$B:$B,IF($C$4=\"\",\"<=\"&$F$4,\"<=\"&$C$4),'Future Requirements'!$J:$J,IF($C$5=\"Yes\",\"Yes\",IF($C$5=\"No\",\"No\",\"<>Luke\")),'Future Requirements'!$AC:$AC,IF($C$6=\"Agreed\",\"Agreed\",IF($C$6=\"C/Fwd\",\"C/Fwd\",\"<>Luke\")),'Future Requirements'!$AA:$AA,$I$5),0)+\nIF($J$6=\"Include\",SUMIFS('Future Requirements'!$O:$O,'Future Requirements'!$I:$I,$B47,'Future Requirements'!$G:$G,L$40,'Future Requirements'!$B:$B,IF($C$3=\"\",\">=\"&$F$3,\">=\"&$C$3),'Future Requirements'!$B:$B,IF($C$4=\"\",\"<=\"&$F$4,\"<=\"&$C$4),'Future Requirements'!$J:$J,IF($C$5=\"Yes\",\"Yes\",IF($C$5=\"No\",\"No\",\"<>Luke\")),'Future Requirements'!$AC:$AC,IF($C$6=\"Agreed\",\"Agreed\",IF($C$6=\"C/Fwd\",\"C/Fwd\",\"<>Luke\")),'Future Requirements'!$AA:$AA,$I$6),0)+\nIF($J$7=\"Include\",SUMIFS('Future Requirements'!$O:$O,'Future Requirements'!$I:$I,$B47,'Future Requirements'!$G:$G,L$40,'Future Requirements'!$B:$B,IF($C$3=\"\",\">=\"&$F$3,\">=\"&$C$3),'Future Requirements'!$B:$B,IF($C$4=\"\",\"<=\"&$F$4,\"<=\"&$C$4),'Future Requirements'!$J:$J,IF($C$5=\"Yes\",\"Yes\",IF($C$5=\"No\",\"No\",\"<>Luke\")),'Future Requirements'!$AC:$AC,IF($C$6=\"Agreed\",\"Agreed\",IF($C$6=\"C/Fwd\",\"C/Fwd\",\"<>Luke\")),'Future Requirements'!$AA:$AA,$I$7),0)","v":165000},{"$f":"IF($J$3=\"Include\",SUMIFS('Future Requirements'!$O:$O,'Future Requirements'!$I:$I,$B47,'Future Requirements'!$G:$G,M$40,'Future Requirements'!$B:$B,IF($C$3=\"\",\">=\"&$F$3,\">=\"&$C$3),'Future Requirements'!$B:$B,IF($C$4=\"\",\"<=\"&$F$4,\"<=\"&$C$4),'Future Requirements'!$J:$J,IF($C$5=\"Yes\",\"Yes\",IF($C$5=\"No\",\"No\",\"<>Luke\")),'Future Requirements'!$AC:$AC,IF($C$6=\"Agreed\",\"Agreed\",IF($C$6=\"C/Fwd\",\"C/Fwd\",\"<>Luke\")),'Future Requirements'!$AA:$AA,$I$3),0)+\nIF($J$4=\"Include\",SUMIFS('Future Requirements'!$O:$O,'Future Requirements'!$I:$I,$B47,'Future Requirements'!$G:$G,M$40,'Future Requirements'!$B:$B,IF($C$3=\"\",\">=\"&$F$3,\">=\"&$C$3),'Future Requirements'!$B:$B,IF($C$4=\"\",\"<=\"&$F$4,\"<=\"&$C$4),'Future Requirements'!$J:$J,IF($C$5=\"Yes\",\"Yes\",IF($C$5=\"No\",\"No\",\"<>Luke\")),'Future Requirements'!$AC:$AC,IF($C$6=\"Agreed\",\"Agreed\",IF($C$6=\"C/Fwd\",\"C/Fwd\",\"<>Luke\")),'Future Requirements'!$AA:$AA,$I$4),0)+\nIF($J$5=\"Include\",SUMIFS('Future Requirements'!$O:$O,'Future Requirements'!$I:$I,$B47,'Future Requirements'!$G:$G,M$40,'Future Requirements'!$B:$B,IF($C$3=\"\",\">=\"&$F$3,\">=\"&$C$3),'Future Requirements'!$B:$B,IF($C$4=\"\",\"<=\"&$F$4,\"<=\"&$C$4),'Future Requirements'!$J:$J,IF($C$5=\"Yes\",\"Yes\",IF($C$5=\"No\",\"No\",\"<>Luke\")),'Future Requirements'!$AC:$AC,IF($C$6=\"Agreed\",\"Agreed\",IF($C$6=\"C/Fwd\",\"C/Fwd\",\"<>Luke\")),'Future Requirements'!$AA:$AA,$I$5),0)+\nIF($J$6=\"Include\",SUMIFS('Future Requirements'!$O:$O,'Future Requirements'!$I:$I,$B47,'Future Requirements'!$G:$G,M$40,'Future Requirements'!$B:$B,IF($C$3=\"\",\">=\"&$F$3,\">=\"&$C$3),'Future Requirements'!$B:$B,IF($C$4=\"\",\"<=\"&$F$4,\"<=\"&$C$4),'Future Requirements'!$J:$J,IF($C$5=\"Yes\",\"Yes\",IF($C$5=\"No\",\"No\",\"<>Luke\")),'Future Requirements'!$AC:$AC,IF($C$6=\"Agreed\",\"Agreed\",IF($C$6=\"C/Fwd\",\"C/Fwd\",\"<>Luke\")),'Future Requirements'!$AA:$AA,$I$6),0)+\nIF($J$7=\"Include\",SUMIFS('Future Requirements'!$O:$O,'Future Requirements'!$I:$I,$B47,'Future Requirements'!$G:$G,M$40,'Future Requirements'!$B:$B,IF($C$3=\"\",\">=\"&$F$3,\">=\"&$C$3),'Future Requirements'!$B:$B,IF($C$4=\"\",\"<=\"&$F$4,\"<=\"&$C$4),'Future Requirements'!$J:$J,IF($C$5=\"Yes\",\"Yes\",IF($C$5=\"No\",\"No\",\"<>Luke\")),'Future Requirements'!$AC:$AC,IF($C$6=\"Agreed\",\"Agreed\",IF($C$6=\"C/Fwd\",\"C/Fwd\",\"<>Luke\")),'Future Requirements'!$AA:$AA,$I$7),0)","v":0},{"$f":"IF($J$3=\"Include\",SUMIFS('Future Requirements'!$O:$O,'Future Requirements'!$I:$I,$B47,'Future Requirements'!$G:$G,N$40,'Future Requirements'!$B:$B,IF($C$3=\"\",\">=\"&$F$3,\">=\"&$C$3),'Future Requirements'!$B:$B,IF($C$4=\"\",\"<=\"&$F$4,\"<=\"&$C$4),'Future Requirements'!$J:$J,IF($C$5=\"Yes\",\"Yes\",IF($C$5=\"No\",\"No\",\"<>Luke\")),'Future Requirements'!$AC:$AC,IF($C$6=\"Agreed\",\"Agreed\",IF($C$6=\"C/Fwd\",\"C/Fwd\",\"<>Luke\")),'Future Requirements'!$AA:$AA,$I$3),0)+\nIF($J$4=\"Include\",SUMIFS('Future Requirements'!$O:$O,'Future Requirements'!$I:$I,$B47,'Future Requirements'!$G:$G,N$40,'Future Requirements'!$B:$B,IF($C$3=\"\",\">=\"&$F$3,\">=\"&$C$3),'Future Requirements'!$B:$B,IF($C$4=\"\",\"<=\"&$F$4,\"<=\"&$C$4),'Future Requirements'!$J:$J,IF($C$5=\"Yes\",\"Yes\",IF($C$5=\"No\",\"No\",\"<>Luke\")),'Future Requirements'!$AC:$AC,IF($C$6=\"Agreed\",\"Agreed\",IF($C$6=\"C/Fwd\",\"C/Fwd\",\"<>Luke\")),'Future Requirements'!$AA:$AA,$I$4),0)+\nIF($J$5=\"Include\",SUMIFS('Future Requirements'!$O:$O,'Future Requirements'!$I:$I,$B47,'Future Requirements'!$G:$G,N$40,'Future Requirements'!$B:$B,IF($C$3=\"\",\">=\"&$F$3,\">=\"&$C$3),'Future Requirements'!$B:$B,IF($C$4=\"\",\"<=\"&$F$4,\"<=\"&$C$4),'Future Requirements'!$J:$J,IF($C$5=\"Yes\",\"Yes\",IF($C$5=\"No\",\"No\",\"<>Luke\")),'Future Requirements'!$AC:$AC,IF($C$6=\"Agreed\",\"Agreed\",IF($C$6=\"C/Fwd\",\"C/Fwd\",\"<>Luke\")),'Future Requirements'!$AA:$AA,$I$5),0)+\nIF($J$6=\"Include\",SUMIFS('Future Requirements'!$O:$O,'Future Requirements'!$I:$I,$B47,'Future Requirements'!$G:$G,N$40,'Future Requirements'!$B:$B,IF($C$3=\"\",\">=\"&$F$3,\">=\"&$C$3),'Future Requirements'!$B:$B,IF($C$4=\"\",\"<=\"&$F$4,\"<=\"&$C$4),'Future Requirements'!$J:$J,IF($C$5=\"Yes\",\"Yes\",IF($C$5=\"No\",\"No\",\"<>Luke\")),'Future Requirements'!$AC:$AC,IF($C$6=\"Agreed\",\"Agreed\",IF($C$6=\"C/Fwd\",\"C/Fwd\",\"<>Luke\")),'Future Requirements'!$AA:$AA,$I$6),0)+\nIF($J$7=\"Include\",SUMIFS('Future Requirements'!$O:$O,'Future Requirements'!$I:$I,$B47,'Future Requirements'!$G:$G,N$40,'Future Requirements'!$B:$B,IF($C$3=\"\",\">=\"&$F$3,\">=\"&$C$3),'Future Requirements'!$B:$B,IF($C$4=\"\",\"<=\"&$F$4,\"<=\"&$C$4),'Future Requirements'!$J:$J,IF($C$5=\"Yes\",\"Yes\",IF($C$5=\"No\",\"No\",\"<>Luke\")),'Future Requirements'!$AC:$AC,IF($C$6=\"Agreed\",\"Agreed\",IF($C$6=\"C/Fwd\",\"C/Fwd\",\"<>Luke\")),'Future Requirements'!$AA:$AA,$I$7),0)","v":0},{"$f":"IF($J$3=\"Include\",SUMIFS('Future Requirements'!$O:$O,'Future Requirements'!$I:$I,$B47,'Future Requirements'!$G:$G,O$40,'Future Requirements'!$B:$B,IF($C$3=\"\",\">=\"&$F$3,\">=\"&$C$3),'Future Requirements'!$B:$B,IF($C$4=\"\",\"<=\"&$F$4,\"<=\"&$C$4),'Future Requirements'!$J:$J,IF($C$5=\"Yes\",\"Yes\",IF($C$5=\"No\",\"No\",\"<>Luke\")),'Future Requirements'!$AC:$AC,IF($C$6=\"Agreed\",\"Agreed\",IF($C$6=\"C/Fwd\",\"C/Fwd\",\"<>Luke\")),'Future Requirements'!$AA:$AA,$I$3),0)+\nIF($J$4=\"Include\",SUMIFS('Future Requirements'!$O:$O,'Future Requirements'!$I:$I,$B47,'Future Requirements'!$G:$G,O$40,'Future Requirements'!$B:$B,IF($C$3=\"\",\">=\"&$F$3,\">=\"&$C$3),'Future Requirements'!$B:$B,IF($C$4=\"\",\"<=\"&$F$4,\"<=\"&$C$4),'Future Requirements'!$J:$J,IF($C$5=\"Yes\",\"Yes\",IF($C$5=\"No\",\"No\",\"<>Luke\")),'Future Requirements'!$AC:$AC,IF($C$6=\"Agreed\",\"Agreed\",IF($C$6=\"C/Fwd\",\"C/Fwd\",\"<>Luke\")),'Future Requirements'!$AA:$AA,$I$4),0)+\nIF($J$5=\"Include\",SUMIFS('Future Requirements'!$O:$O,'Future Requirements'!$I:$I,$B47,'Future Requirements'!$G:$G,O$40,'Future Requirements'!$B:$B,IF($C$3=\"\",\">=\"&$F$3,\">=\"&$C$3),'Future Requirements'!$B:$B,IF($C$4=\"\",\"<=\"&$F$4,\"<=\"&$C$4),'Future Requirements'!$J:$J,IF($C$5=\"Yes\",\"Yes\",IF($C$5=\"No\",\"No\",\"<>Luke\")),'Future Requirements'!$AC:$AC,IF($C$6=\"Agreed\",\"Agreed\",IF($C$6=\"C/Fwd\",\"C/Fwd\",\"<>Luke\")),'Future Requirements'!$AA:$AA,$I$5),0)+\nIF($J$6=\"Include\",SUMIFS('Future Requirements'!$O:$O,'Future Requirements'!$I:$I,$B47,'Future Requirements'!$G:$G,O$40,'Future Requirements'!$B:$B,IF($C$3=\"\",\">=\"&$F$3,\">=\"&$C$3),'Future Requirements'!$B:$B,IF($C$4=\"\",\"<=\"&$F$4,\"<=\"&$C$4),'Future Requirements'!$J:$J,IF($C$5=\"Yes\",\"Yes\",IF($C$5=\"No\",\"No\",\"<>Luke\")),'Future Requirements'!$AC:$AC,IF($C$6=\"Agreed\",\"Agreed\",IF($C$6=\"C/Fwd\",\"C/Fwd\",\"<>Luke\")),'Future Requirements'!$AA:$AA,$I$6),0)+\nIF($J$7=\"Include\",SUMIFS('Future Requirements'!$O:$O,'Future Requirements'!$I:$I,$B47,'Future Requirements'!$G:$G,O$40,'Future Requirements'!$B:$B,IF($C$3=\"\",\">=\"&$F$3,\">=\"&$C$3),'Future Requirements'!$B:$B,IF($C$4=\"\",\"<=\"&$F$4,\"<=\"&$C$4),'Future Requirements'!$J:$J,IF($C$5=\"Yes\",\"Yes\",IF($C$5=\"No\",\"No\",\"<>Luke\")),'Future Requirements'!$AC:$AC,IF($C$6=\"Agreed\",\"Agreed\",IF($C$6=\"C/Fwd\",\"C/Fwd\",\"<>Luke\")),'Future Requirements'!$AA:$AA,$I$7),0)","v":380000},{"$f":"IF($J$3=\"Include\",SUMIFS('Future Requirements'!$O:$O,'Future Requirements'!$I:$I,$B47,'Future Requirements'!$G:$G,P$40,'Future Requirements'!$B:$B,IF($C$3=\"\",\">=\"&$F$3,\">=\"&$C$3),'Future Requirements'!$B:$B,IF($C$4=\"\",\"<=\"&$F$4,\"<=\"&$C$4),'Future Requirements'!$J:$J,IF($C$5=\"Yes\",\"Yes\",IF($C$5=\"No\",\"No\",\"<>Luke\")),'Future Requirements'!$AC:$AC,IF($C$6=\"Agreed\",\"Agreed\",IF($C$6=\"C/Fwd\",\"C/Fwd\",\"<>Luke\")),'Future Requirements'!$AA:$AA,$I$3),0)+\nIF($J$4=\"Include\",SUMIFS('Future Requirements'!$O:$O,'Future Requirements'!$I:$I,$B47,'Future Requirements'!$G:$G,P$40,'Future Requirements'!$B:$B,IF($C$3=\"\",\">=\"&$F$3,\">=\"&$C$3),'Future Requirements'!$B:$B,IF($C$4=\"\",\"<=\"&$F$4,\"<=\"&$C$4),'Future Requirements'!$J:$J,IF($C$5=\"Yes\",\"Yes\",IF($C$5=\"No\",\"No\",\"<>Luke\")),'Future Requirements'!$AC:$AC,IF($C$6=\"Agreed\",\"Agreed\",IF($C$6=\"C/Fwd\",\"C/Fwd\",\"<>Luke\")),'Future Requirements'!$AA:$AA,$I$4),0)+\nIF($J$5=\"Include\",SUMIFS('Future Requirements'!$O:$O,'Future Requirements'!$I:$I,$B47,'Future Requirements'!$G:$G,P$40,'Future Requirements'!$B:$B,IF($C$3=\"\",\">=\"&$F$3,\">=\"&$C$3),'Future Requirements'!$B:$B,IF($C$4=\"\",\"<=\"&$F$4,\"<=\"&$C$4),'Future Requirements'!$J:$J,IF($C$5=\"Yes\",\"Yes\",IF($C$5=\"No\",\"No\",\"<>Luke\")),'Future Requirements'!$AC:$AC,IF($C$6=\"Agreed\",\"Agreed\",IF($C$6=\"C/Fwd\",\"C/Fwd\",\"<>Luke\")),'Future Requirements'!$AA:$AA,$I$5),0)+\nIF($J$6=\"Include\",SUMIFS('Future Requirements'!$O:$O,'Future Requirements'!$I:$I,$B47,'Future Requirements'!$G:$G,P$40,'Future Requirements'!$B:$B,IF($C$3=\"\",\">=\"&$F$3,\">=\"&$C$3),'Future Requirements'!$B:$B,IF($C$4=\"\",\"<=\"&$F$4,\"<=\"&$C$4),'Future Requirements'!$J:$J,IF($C$5=\"Yes\",\"Yes\",IF($C$5=\"No\",\"No\",\"<>Luke\")),'Future Requirements'!$AC:$AC,IF($C$6=\"Agreed\",\"Agreed\",IF($C$6=\"C/Fwd\",\"C/Fwd\",\"<>Luke\")),'Future Requirements'!$AA:$AA,$I$6),0)+\nIF($J$7=\"Include\",SUMIFS('Future Requirements'!$O:$O,'Future Requirements'!$I:$I,$B47,'Future Requirements'!$G:$G,P$40,'Future Requirements'!$B:$B,IF($C$3=\"\",\">=\"&$F$3,\">=\"&$C$3),'Future Requirements'!$B:$B,IF($C$4=\"\",\"<=\"&$F$4,\"<=\"&$C$4),'Future Requirements'!$J:$J,IF($C$5=\"Yes\",\"Yes\",IF($C$5=\"No\",\"No\",\"<>Luke\")),'Future Requirements'!$AC:$AC,IF($C$6=\"Agreed\",\"Agreed\",IF($C$6=\"C/Fwd\",\"C/Fwd\",\"<>Luke\")),'Future Requirements'!$AA:$AA,$I$7),0)","v":160000},{"$f":"IF($J$3=\"Include\",SUMIFS('Future Requirements'!$O:$O,'Future Requirements'!$I:$I,$B47,'Future Requirements'!$G:$G,Q$40,'Future Requirements'!$B:$B,IF($C$3=\"\",\">=\"&$F$3,\">=\"&$C$3),'Future Requirements'!$B:$B,IF($C$4=\"\",\"<=\"&$F$4,\"<=\"&$C$4),'Future Requirements'!$J:$J,IF($C$5=\"Yes\",\"Yes\",IF($C$5=\"No\",\"No\",\"<>Luke\")),'Future Requirements'!$AC:$AC,IF($C$6=\"Agreed\",\"Agreed\",IF($C$6=\"C/Fwd\",\"C/Fwd\",\"<>Luke\")),'Future Requirements'!$AA:$AA,$I$3),0)+\nIF($J$4=\"Include\",SUMIFS('Future Requirements'!$O:$O,'Future Requirements'!$I:$I,$B47,'Future Requirements'!$G:$G,Q$40,'Future Requirements'!$B:$B,IF($C$3=\"\",\">=\"&$F$3,\">=\"&$C$3),'Future Requirements'!$B:$B,IF($C$4=\"\",\"<=\"&$F$4,\"<=\"&$C$4),'Future Requirements'!$J:$J,IF($C$5=\"Yes\",\"Yes\",IF($C$5=\"No\",\"No\",\"<>Luke\")),'Future Requirements'!$AC:$AC,IF($C$6=\"Agreed\",\"Agreed\",IF($C$6=\"C/Fwd\",\"C/Fwd\",\"<>Luke\")),'Future Requirements'!$AA:$AA,$I$4),0)+\nIF($J$5=\"Include\",SUMIFS('Future Requirements'!$O:$O,'Future Requirements'!$I:$I,$B47,'Future Requirements'!$G:$G,Q$40,'Future Requirements'!$B:$B,IF($C$3=\"\",\">=\"&$F$3,\">=\"&$C$3),'Future Requirements'!$B:$B,IF($C$4=\"\",\"<=\"&$F$4,\"<=\"&$C$4),'Future Requirements'!$J:$J,IF($C$5=\"Yes\",\"Yes\",IF($C$5=\"No\",\"No\",\"<>Luke\")),'Future Requirements'!$AC:$AC,IF($C$6=\"Agreed\",\"Agreed\",IF($C$6=\"C/Fwd\",\"C/Fwd\",\"<>Luke\")),'Future Requirements'!$AA:$AA,$I$5),0)+\nIF($J$6=\"Include\",SUMIFS('Future Requirements'!$O:$O,'Future Requirements'!$I:$I,$B47,'Future Requirements'!$G:$G,Q$40,'Future Requirements'!$B:$B,IF($C$3=\"\",\">=\"&$F$3,\">=\"&$C$3),'Future Requirements'!$B:$B,IF($C$4=\"\",\"<=\"&$F$4,\"<=\"&$C$4),'Future Requirements'!$J:$J,IF($C$5=\"Yes\",\"Yes\",IF($C$5=\"No\",\"No\",\"<>Luke\")),'Future Requirements'!$AC:$AC,IF($C$6=\"Agreed\",\"Agreed\",IF($C$6=\"C/Fwd\",\"C/Fwd\",\"<>Luke\")),'Future Requirements'!$AA:$AA,$I$6),0)+\nIF($J$7=\"Include\",SUMIFS('Future Requirements'!$O:$O,'Future Requirements'!$I:$I,$B47,'Future Requirements'!$G:$G,Q$40,'Future Requirements'!$B:$B,IF($C$3=\"\",\">=\"&$F$3,\">=\"&$C$3),'Future Requirements'!$B:$B,IF($C$4=\"\",\"<=\"&$F$4,\"<=\"&$C$4),'Future Requirements'!$J:$J,IF($C$5=\"Yes\",\"Yes\",IF($C$5=\"No\",\"No\",\"<>Luke\")),'Future Requirements'!$AC:$AC,IF($C$6=\"Agreed\",\"Agreed\",IF($C$6=\"C/Fwd\",\"C/Fwd\",\"<>Luke\")),'Future Requirements'!$AA:$AA,$I$7),0)","v":75000},{"$f":"IF($J$3=\"Include\",SUMIFS('Future Requirements'!$O:$O,'Future Requirements'!$I:$I,$B47,'Future Requirements'!$G:$G,R$40,'Future Requirements'!$B:$B,IF($C$3=\"\",\">=\"&$F$3,\">=\"&$C$3),'Future Requirements'!$B:$B,IF($C$4=\"\",\"<=\"&$F$4,\"<=\"&$C$4),'Future Requirements'!$J:$J,IF($C$5=\"Yes\",\"Yes\",IF($C$5=\"No\",\"No\",\"<>Luke\")),'Future Requirements'!$AC:$AC,IF($C$6=\"Agreed\",\"Agreed\",IF($C$6=\"C/Fwd\",\"C/Fwd\",\"<>Luke\")),'Future Requirements'!$AA:$AA,$I$3),0)+\nIF($J$4=\"Include\",SUMIFS('Future Requirements'!$O:$O,'Future Requirements'!$I:$I,$B47,'Future Requirements'!$G:$G,R$40,'Future Requirements'!$B:$B,IF($C$3=\"\",\">=\"&$F$3,\">=\"&$C$3),'Future Requirements'!$B:$B,IF($C$4=\"\",\"<=\"&$F$4,\"<=\"&$C$4),'Future Requirements'!$J:$J,IF($C$5=\"Yes\",\"Yes\",IF($C$5=\"No\",\"No\",\"<>Luke\")),'Future Requirements'!$AC:$AC,IF($C$6=\"Agreed\",\"Agreed\",IF($C$6=\"C/Fwd\",\"C/Fwd\",\"<>Luke\")),'Future Requirements'!$AA:$AA,$I$4),0)+\nIF($J$5=\"Include\",SUMIFS('Future Requirements'!$O:$O,'Future Requirements'!$I:$I,$B47,'Future Requirements'!$G:$G,R$40,'Future Requirements'!$B:$B,IF($C$3=\"\",\">=\"&$F$3,\">=\"&$C$3),'Future Requirements'!$B:$B,IF($C$4=\"\",\"<=\"&$F$4,\"<=\"&$C$4),'Future Requirements'!$J:$J,IF($C$5=\"Yes\",\"Yes\",IF($C$5=\"No\",\"No\",\"<>Luke\")),'Future Requirements'!$AC:$AC,IF($C$6=\"Agreed\",\"Agreed\",IF($C$6=\"C/Fwd\",\"C/Fwd\",\"<>Luke\")),'Future Requirements'!$AA:$AA,$I$5),0)+\nIF($J$6=\"Include\",SUMIFS('Future Requirements'!$O:$O,'Future Requirements'!$I:$I,$B47,'Future Requirements'!$G:$G,R$40,'Future Requirements'!$B:$B,IF($C$3=\"\",\">=\"&$F$3,\">=\"&$C$3),'Future Requirements'!$B:$B,IF($C$4=\"\",\"<=\"&$F$4,\"<=\"&$C$4),'Future Requirements'!$J:$J,IF($C$5=\"Yes\",\"Yes\",IF($C$5=\"No\",\"No\",\"<>Luke\")),'Future Requirements'!$AC:$AC,IF($C$6=\"Agreed\",\"Agreed\",IF($C$6=\"C/Fwd\",\"C/Fwd\",\"<>Luke\")),'Future Requirements'!$AA:$AA,$I$6),0)+\nIF($J$7=\"Include\",SUMIFS('Future Requirements'!$O:$O,'Future Requirements'!$I:$I,$B47,'Future Requirements'!$G:$G,R$40,'Future Requirements'!$B:$B,IF($C$3=\"\",\">=\"&$F$3,\">=\"&$C$3),'Future Requirements'!$B:$B,IF($C$4=\"\",\"<=\"&$F$4,\"<=\"&$C$4),'Future Requirements'!$J:$J,IF($C$5=\"Yes\",\"Yes\",IF($C$5=\"No\",\"No\",\"<>Luke\")),'Future Requirements'!$AC:$AC,IF($C$6=\"Agreed\",\"Agreed\",IF($C$6=\"C/Fwd\",\"C/Fwd\",\"<>Luke\")),'Future Requirements'!$AA:$AA,$I$7),0)","v":0},{"$f":"IF($J$3=\"Include\",SUMIFS('Future Requirements'!$O:$O,'Future Requirements'!$I:$I,$B47,'Future Requirements'!$G:$G,S$40,'Future Requirements'!$B:$B,IF($C$3=\"\",\">=\"&$F$3,\">=\"&$C$3),'Future Requirements'!$B:$B,IF($C$4=\"\",\"<=\"&$F$4,\"<=\"&$C$4),'Future Requirements'!$J:$J,IF($C$5=\"Yes\",\"Yes\",IF($C$5=\"No\",\"No\",\"<>Luke\")),'Future Requirements'!$AC:$AC,IF($C$6=\"Agreed\",\"Agreed\",IF($C$6=\"C/Fwd\",\"C/Fwd\",\"<>Luke\")),'Future Requirements'!$AA:$AA,$I$3),0)+\nIF($J$4=\"Include\",SUMIFS('Future Requirements'!$O:$O,'Future Requirements'!$I:$I,$B47,'Future Requirements'!$G:$G,S$40,'Future Requirements'!$B:$B,IF($C$3=\"\",\">=\"&$F$3,\">=\"&$C$3),'Future Requirements'!$B:$B,IF($C$4=\"\",\"<=\"&$F$4,\"<=\"&$C$4),'Future Requirements'!$J:$J,IF($C$5=\"Yes\",\"Yes\",IF($C$5=\"No\",\"No\",\"<>Luke\")),'Future Requirements'!$AC:$AC,IF($C$6=\"Agreed\",\"Agreed\",IF($C$6=\"C/Fwd\",\"C/Fwd\",\"<>Luke\")),'Future Requirements'!$AA:$AA,$I$4),0)+\nIF($J$5=\"Include\",SUMIFS('Future Requirements'!$O:$O,'Future Requirements'!$I:$I,$B47,'Future Requirements'!$G:$G,S$40,'Future Requirements'!$B:$B,IF($C$3=\"\",\">=\"&$F$3,\">=\"&$C$3),'Future Requirements'!$B:$B,IF($C$4=\"\",\"<=\"&$F$4,\"<=\"&$C$4),'Future Requirements'!$J:$J,IF($C$5=\"Yes\",\"Yes\",IF($C$5=\"No\",\"No\",\"<>Luke\")),'Future Requirements'!$AC:$AC,IF($C$6=\"Agreed\",\"Agreed\",IF($C$6=\"C/Fwd\",\"C/Fwd\",\"<>Luke\")),'Future Requirements'!$AA:$AA,$I$5),0)+\nIF($J$6=\"Include\",SUMIFS('Future Requirements'!$O:$O,'Future Requirements'!$I:$I,$B47,'Future Requirements'!$G:$G,S$40,'Future Requirements'!$B:$B,IF($C$3=\"\",\">=\"&$F$3,\">=\"&$C$3),'Future Requirements'!$B:$B,IF($C$4=\"\",\"<=\"&$F$4,\"<=\"&$C$4),'Future Requirements'!$J:$J,IF($C$5=\"Yes\",\"Yes\",IF($C$5=\"No\",\"No\",\"<>Luke\")),'Future Requirements'!$AC:$AC,IF($C$6=\"Agreed\",\"Agreed\",IF($C$6=\"C/Fwd\",\"C/Fwd\",\"<>Luke\")),'Future Requirements'!$AA:$AA,$I$6),0)+\nIF($J$7=\"Include\",SUMIFS('Future Requirements'!$O:$O,'Future Requirements'!$I:$I,$B47,'Future Requirements'!$G:$G,S$40,'Future Requirements'!$B:$B,IF($C$3=\"\",\">=\"&$F$3,\">=\"&$C$3),'Future Requirements'!$B:$B,IF($C$4=\"\",\"<=\"&$F$4,\"<=\"&$C$4),'Future Requirements'!$J:$J,IF($C$5=\"Yes\",\"Yes\",IF($C$5=\"No\",\"No\",\"<>Luke\")),'Future Requirements'!$AC:$AC,IF($C$6=\"Agreed\",\"Agreed\",IF($C$6=\"C/Fwd\",\"C/Fwd\",\"<>Luke\")),'Future Requirements'!$AA:$AA,$I$7),0)","v":0},1155000]
[null,"Total",{"$f":"SUM(C41:C47)","v":1265000},{"$f":"SUM(D41:D47)","v":720000},760000,270000,140000,790000,640000,745000,375000,410000,335000,625000,1310000,510000,175000,220000,305000,9595000]
[null,{"$f":"\"Date Span = from \"&IF($C$3=\"\",TEXT($F$3,\"DD/MM/YYYY\"),TEXT($C$3,\"DD/MM/YYYY\"))&\" to \"&IF($C$4=\"\",TEXT($F$4,\"DD/MM/YYYY\"),TEXT($C$4,\"DD/MM/YYYY\"))","v":"Date Span = from 07/11/2016 to 21/11/2017"}]
[]
[null,{"$f":"\"Count of entry by Asset Croup by Ward\"&IF($C$5=\"No\",\" not in the Resilience Network\",IF($C$5=\"Yes\",\" in the Resilience Network\",\"\"))&IF($C$6=\"Agreed\",\" where the Cabinet has agreed the works\",IF($C$6=\"C/Fwd\",\" where the works are being carried forward\",\"\"))","v":"Count of entry by Asset Croup by Ward"}]
[null,"Asset (Unit) Type","Belfairs","Blenheim Park","Chalkwell","Eastwood Park","Kursaal","Leigh","Milton","Prittlewell","Shoeburyness","Southchurch","St Laurence","St Luke's","Thorpe","Victoria","West Leigh","West Shoebury","Westborough","Total"]
[null,"Antiskid",{"$f":"IF($J$3=\"Include\",SUMIFS('Future Requirements'!$O:$O,'Future Requirements'!$E:$E,$B53,'Future Requirements'!$G:$G,C$52,'Future Requirements'!$B:$B,IF($C$3=\"\",\">=\"&$F$3,\">=\"&$C$3),'Future Requirements'!$B:$B,IF($C$4=\"\",\"<=\"&$F$4,\"<=\"&$C$4),'Future Requirements'!$J:$J,IF($C$5=\"Yes\",\"Yes\",IF($C$5=\"No\",\"No\",\"<>Luke\")),'Future Requirements'!$AC:$AC,IF($C$6=\"Agreed\",\"Agreed\",IF($C$6=\"C/Fwd\",\"C/Fwd\",\"<>Luke\")),'Future Requirements'!$AA:$AA,$I$3),0)+\nIF($J$4=\"Include\",SUMIFS('Future Requirements'!$O:$O,'Future Requirements'!$E:$E,$B53,'Future Requirements'!$G:$G,C$52,'Future Requirements'!$B:$B,IF($C$3=\"\",\">=\"&$F$3,\">=\"&$C$3),'Future Requirements'!$B:$B,IF($C$4=\"\",\"<=\"&$F$4,\"<=\"&$C$4),'Future Requirements'!$J:$J,IF($C$5=\"Yes\",\"Yes\",IF($C$5=\"No\",\"No\",\"<>Luke\")),'Future Requirements'!$AC:$AC,IF($C$6=\"Agreed\",\"Agreed\",IF($C$6=\"C/Fwd\",\"C/Fwd\",\"<>Luke\")),'Future Requirements'!$AA:$AA,$I$4),0)+\nIF($J$5=\"Include\",SUMIFS('Future Requirements'!$O:$O,'Future Requirements'!$E:$E,$B53,'Future Requirements'!$G:$G,C$52,'Future Requirements'!$B:$B,IF($C$3=\"\",\">=\"&$F$3,\">=\"&$C$3),'Future Requirements'!$B:$B,IF($C$4=\"\",\"<=\"&$F$4,\"<=\"&$C$4),'Future Requirements'!$J:$J,IF($C$5=\"Yes\",\"Yes\",IF($C$5=\"No\",\"No\",\"<>Luke\")),'Future Requirements'!$AC:$AC,IF($C$6=\"Agreed\",\"Agreed\",IF($C$6=\"C/Fwd\",\"C/Fwd\",\"<>Luke\")),'Future Requirements'!$AA:$AA,$I$5),0)+\nIF($J$6=\"Include\",SUMIFS('Future Requirements'!$O:$O,'Future Requirements'!$E:$E,$B53,'Future Requirements'!$G:$G,C$52,'Future Requirements'!$B:$B,IF($C$3=\"\",\">=\"&$F$3,\">=\"&$C$3),'Future Requirements'!$B:$B,IF($C$4=\"\",\"<=\"&$F$4,\"<=\"&$C$4),'Future Requirements'!$J:$J,IF($C$5=\"Yes\",\"Yes\",IF($C$5=\"No\",\"No\",\"<>Luke\")),'Future Requirements'!$AC:$AC,IF($C$6=\"Agreed\",\"Agreed\",IF($C$6=\"C/Fwd\",\"C/Fwd\",\"<>Luke\")),'Future Requirements'!$AA:$AA,$I$6),0)+\nIF($J$7=\"Include\",SUMIFS('Future Requirements'!$O:$O,'Future Requirements'!$E:$E,$B53,'Future Requirements'!$G:$G,C$52,'Future Requirements'!$B:$B,IF($C$3=\"\",\">=\"&$F$3,\">=\"&$C$3),'Future Requirements'!$B:$B,IF($C$4=\"\",\"<=\"&$F$4,\"<=\"&$C$4),'Future Requirements'!$J:$J,IF($C$5=\"Yes\",\"Yes\",IF($C$5=\"No\",\"No\",\"<>Luke\")),'Future Requirements'!$AC:$AC,IF($C$6=\"Agreed\",\"Agreed\",IF($C$6=\"C/Fwd\",\"C/Fwd\",\"<>Luke\")),'Future Requirements'!$AA:$AA,$I$7),0)","v":0},{"$f":"IF($J$3=\"Include\",SUMIFS('Future Requirements'!$O:$O,'Future Requirements'!$E:$E,$B53,'Future Requirements'!$G:$G,D$52,'Future Requirements'!$B:$B,IF($C$3=\"\",\">=\"&$F$3,\">=\"&$C$3),'Future Requirements'!$B:$B,IF($C$4=\"\",\"<=\"&$F$4,\"<=\"&$C$4),'Future Requirements'!$J:$J,IF($C$5=\"Yes\",\"Yes\",IF($C$5=\"No\",\"No\",\"<>Luke\")),'Future Requirements'!$AC:$AC,IF($C$6=\"Agreed\",\"Agreed\",IF($C$6=\"C/Fwd\",\"C/Fwd\",\"<>Luke\")),'Future Requirements'!$AA:$AA,$I$3),0)+\nIF($J$4=\"Include\",SUMIFS('Future Requirements'!$O:$O,'Future Requirements'!$E:$E,$B53,'Future Requirements'!$G:$G,D$52,'Future Requirements'!$B:$B,IF($C$3=\"\",\">=\"&$F$3,\">=\"&$C$3),'Future Requirements'!$B:$B,IF($C$4=\"\",\"<=\"&$F$4,\"<=\"&$C$4),'Future Requirements'!$J:$J,IF($C$5=\"Yes\",\"Yes\",IF($C$5=\"No\",\"No\",\"<>Luke\")),'Future Requirements'!$AC:$AC,IF($C$6=\"Agreed\",\"Agreed\",IF($C$6=\"C/Fwd\",\"C/Fwd\",\"<>Luke\")),'Future Requirements'!$AA:$AA,$I$4),0)+\nIF($J$5=\"Include\",SUMIFS('Future Requirements'!$O:$O,'Future Requirements'!$E:$E,$B53,'Future Requirements'!$G:$G,D$52,'Future Requirements'!$B:$B,IF($C$3=\"\",\">=\"&$F$3,\">=\"&$C$3),'Future Requirements'!$B:$B,IF($C$4=\"\",\"<=\"&$F$4,\"<=\"&$C$4),'Future Requirements'!$J:$J,IF($C$5=\"Yes\",\"Yes\",IF($C$5=\"No\",\"No\",\"<>Luke\")),'Future Requirements'!$AC:$AC,IF($C$6=\"Agreed\",\"Agreed\",IF($C$6=\"C/Fwd\",\"C/Fwd\",\"<>Luke\")),'Future Requirements'!$AA:$AA,$I$5),0)+\nIF($J$6=\"Include\",SUMIFS('Future Requirements'!$O:$O,'Future Requirements'!$E:$E,$B53,'Future Requirements'!$G:$G,D$52,'Future Requirements'!$B:$B,IF($C$3=\"\",\">=\"&$F$3,\">=\"&$C$3),'Future Requirements'!$B:$B,IF($C$4=\"\",\"<=\"&$F$4,\"<=\"&$C$4),'Future Requirements'!$J:$J,IF($C$5=\"Yes\",\"Yes\",IF($C$5=\"No\",\"No\",\"<>Luke\")),'Future Requirements'!$AC:$AC,IF($C$6=\"Agreed\",\"Agreed\",IF($C$6=\"C/Fwd\",\"C/Fwd\",\"<>Luke\")),'Future Requirements'!$AA:$AA,$I$6),0)+\nIF($J$7=\"Include\",SUMIFS('Future Requirements'!$O:$O,'Future Requirements'!$E:$E,$B53,'Future Requirements'!$G:$G,D$52,'Future Requirements'!$B:$B,IF($C$3=\"\",\">=\"&$F$3,\">=\"&$C$3),'Future Requirements'!$B:$B,IF($C$4=\"\",\"<=\"&$F$4,\"<=\"&$C$4),'Future Requirements'!$J:$J,IF($C$5=\"Yes\",\"Yes\",IF($C$5=\"No\",\"No\",\"<>Luke\")),'Future Requirements'!$AC:$AC,IF($C$6=\"Agreed\",\"Agreed\",IF($C$6=\"C/Fwd\",\"C/Fwd\",\"<>Luke\")),'Future Requirements'!$AA:$AA,$I$7),0)","v":0},{"$f":"IF($J$3=\"Include\",SUMIFS('Future Requirements'!$O:$O,'Future Requirements'!$E:$E,$B53,'Future Requirements'!$G:$G,E$52,'Future Requirements'!$B:$B,IF($C$3=\"\",\">=\"&$F$3,\">=\"&$C$3),'Future Requirements'!$B:$B,IF($C$4=\"\",\"<=\"&$F$4,\"<=\"&$C$4),'Future Requirements'!$J:$J,IF($C$5=\"Yes\",\"Yes\",IF($C$5=\"No\",\"No\",\"<>Luke\")),'Future Requirements'!$AC:$AC,IF($C$6=\"Agreed\",\"Agreed\",IF($C$6=\"C/Fwd\",\"C/Fwd\",\"<>Luke\")),'Future Requirements'!$AA:$AA,$I$3),0)+\nIF($J$4=\"Include\",SUMIFS('Future Requirements'!$O:$O,'Future Requirements'!$E:$E,$B53,'Future Requirements'!$G:$G,E$52,'Future Requirements'!$B:$B,IF($C$3=\"\",\">=\"&$F$3,\">=\"&$C$3),'Future Requirements'!$B:$B,IF($C$4=\"\",\"<=\"&$F$4,\"<=\"&$C$4),'Future Requirements'!$J:$J,IF($C$5=\"Yes\",\"Yes\",IF($C$5=\"No\",\"No\",\"<>Luke\")),'Future Requirements'!$AC:$AC,IF($C$6=\"Agreed\",\"Agreed\",IF($C$6=\"C/Fwd\",\"C/Fwd\",\"<>Luke\")),'Future Requirements'!$AA:$AA,$I$4),0)+\nIF($J$5=\"Include\",SUMIFS('Future Requirements'!$O:$O,'Future Requirements'!$E:$E,$B53,'Future Requirements'!$G:$G,E$52,'Future Requirements'!$B:$B,IF($C$3=\"\",\">=\"&$F$3,\">=\"&$C$3),'Future Requirements'!$B:$B,IF($C$4=\"\",\"<=\"&$F$4,\"<=\"&$C$4),'Future Requirements'!$J:$J,IF($C$5=\"Yes\",\"Yes\",IF($C$5=\"No\",\"No\",\"<>Luke\")),'Future Requirements'!$AC:$AC,IF($C$6=\"Agreed\",\"Agreed\",IF($C$6=\"C/Fwd\",\"C/Fwd\",\"<>Luke\")),'Future Requirements'!$AA:$AA,$I$5),0)+\nIF($J$6=\"Include\",SUMIFS('Future Requirements'!$O:$O,'Future Requirements'!$E:$E,$B53,'Future Requirements'!$G:$G,E$52,'Future Requirements'!$B:$B,IF($C$3=\"\",\">=\"&$F$3,\">=\"&$C$3),'Future Requirements'!$B:$B,IF($C$4=\"\",\"<=\"&$F$4,\"<=\"&$C$4),'Future Requirements'!$J:$J,IF($C$5=\"Yes\",\"Yes\",IF($C$5=\"No\",\"No\",\"<>Luke\")),'Future Requirements'!$AC:$AC,IF($C$6=\"Agreed\",\"Agreed\",IF($C$6=\"C/Fwd\",\"C/Fwd\",\"<>Luke\")),'Future Requirements'!$AA:$AA,$I$6),0)+\nIF($J$7=\"Include\",SUMIFS('Future Requirements'!$O:$O,'Future Requirements'!$E:$E,$B53,'Future Requirements'!$G:$G,E$52,'Future Requirements'!$B:$B,IF($C$3=\"\",\">=\"&$F$3,\">=\"&$C$3),'Future Requirements'!$B:$B,IF($C$4=\"\",\"<=\"&$F$4,\"<=\"&$C$4),'Future Requirements'!$J:$J,IF($C$5=\"Yes\",\"Yes\",IF($C$5=\"No\",\"No\",\"<>Luke\")),'Future Requirements'!$AC:$AC,IF($C$6=\"Agreed\",\"Agreed\",IF($C$6=\"C/Fwd\",\"C/Fwd\",\"<>Luke\")),'Future Requirements'!$AA:$AA,$I$7),0)","v":0},{"$f":"IF($J$3=\"Include\",SUMIFS('Future Requirements'!$O:$O,'Future Requirements'!$E:$E,$B53,'Future Requirements'!$G:$G,F$52,'Future Requirements'!$B:$B,IF($C$3=\"\",\">=\"&$F$3,\">=\"&$C$3),'Future Requirements'!$B:$B,IF($C$4=\"\",\"<=\"&$F$4,\"<=\"&$C$4),'Future Requirements'!$J:$J,IF($C$5=\"Yes\",\"Yes\",IF($C$5=\"No\",\"No\",\"<>Luke\")),'Future Requirements'!$AC:$AC,IF($C$6=\"Agreed\",\"Agreed\",IF($C$6=\"C/Fwd\",\"C/Fwd\",\"<>Luke\")),'Future Requirements'!$AA:$AA,$I$3),0)+\nIF($J$4=\"Include\",SUMIFS('Future Requirements'!$O:$O,'Future Requirements'!$E:$E,$B53,'Future Requirements'!$G:$G,F$52,'Future Requirements'!$B:$B,IF($C$3=\"\",\">=\"&$F$3,\">=\"&$C$3),'Future Requirements'!$B:$B,IF($C$4=\"\",\"<=\"&$F$4,\"<=\"&$C$4),'Future Requirements'!$J:$J,IF($C$5=\"Yes\",\"Yes\",IF($C$5=\"No\",\"No\",\"<>Luke\")),'Future Requirements'!$AC:$AC,IF($C$6=\"Agreed\",\"Agreed\",IF($C$6=\"C/Fwd\",\"C/Fwd\",\"<>Luke\")),'Future Requirements'!$AA:$AA,$I$4),0)+\nIF($J$5=\"Include\",SUMIFS('Future Requirements'!$O:$O,'Future Requirements'!$E:$E,$B53,'Future Requirements'!$G:$G,F$52,'Future Requirements'!$B:$B,IF($C$3=\"\",\">=\"&$F$3,\">=\"&$C$3),'Future Requirements'!$B:$B,IF($C$4=\"\",\"<=\"&$F$4,\"<=\"&$C$4),'Future Requirements'!$J:$J,IF($C$5=\"Yes\",\"Yes\",IF($C$5=\"No\",\"No\",\"<>Luke\")),'Future Requirements'!$AC:$AC,IF($C$6=\"Agreed\",\"Agreed\",IF($C$6=\"C/Fwd\",\"C/Fwd\",\"<>Luke\")),'Future Requirements'!$AA:$AA,$I$5),0)+\nIF($J$6=\"Include\",SUMIFS('Future Requirements'!$O:$O,'Future Requirements'!$E:$E,$B53,'Future Requirements'!$G:$G,F$52,'Future Requirements'!$B:$B,IF($C$3=\"\",\">=\"&$F$3,\">=\"&$C$3),'Future Requirements'!$B:$B,IF($C$4=\"\",\"<=\"&$F$4,\"<=\"&$C$4),'Future Requirements'!$J:$J,IF($C$5=\"Yes\",\"Yes\",IF($C$5=\"No\",\"No\",\"<>Luke\")),'Future Requirements'!$AC:$AC,IF($C$6=\"Agreed\",\"Agreed\",IF($C$6=\"C/Fwd\",\"C/Fwd\",\"<>Luke\")),'Future Requirements'!$AA:$AA,$I$6),0)+\nIF($J$7=\"Include\",SUMIFS('Future Requirements'!$O:$O,'Future Requirements'!$E:$E,$B53,'Future Requirements'!$G:$G,F$52,'Future Requirements'!$B:$B,IF($C$3=\"\",\">=\"&$F$3,\">=\"&$C$3),'Future Requirements'!$B:$B,IF($C$4=\"\",\"<=\"&$F$4,\"<=\"&$C$4),'Future Requirements'!$J:$J,IF($C$5=\"Yes\",\"Yes\",IF($C$5=\"No\",\"No\",\"<>Luke\")),'Future Requirements'!$AC:$AC,IF($C$6=\"Agreed\",\"Agreed\",IF($C$6=\"C/Fwd\",\"C/Fwd\",\"<>Luke\")),'Future Requirements'!$AA:$AA,$I$7),0)","v":0},{"$f":"IF($J$3=\"Include\",SUMIFS('Future Requirements'!$O:$O,'Future Requirements'!$E:$E,$B53,'Future Requirements'!$G:$G,G$52,'Future Requirements'!$B:$B,IF($C$3=\"\",\">=\"&$F$3,\">=\"&$C$3),'Future Requirements'!$B:$B,IF($C$4=\"\",\"<=\"&$F$4,\"<=\"&$C$4),'Future Requirements'!$J:$J,IF($C$5=\"Yes\",\"Yes\",IF($C$5=\"No\",\"No\",\"<>Luke\")),'Future Requirements'!$AC:$AC,IF($C$6=\"Agreed\",\"Agreed\",IF($C$6=\"C/Fwd\",\"C/Fwd\",\"<>Luke\")),'Future Requirements'!$AA:$AA,$I$3),0)+\nIF($J$4=\"Include\",SUMIFS('Future Requirements'!$O:$O,'Future Requirements'!$E:$E,$B53,'Future Requirements'!$G:$G,G$52,'Future Requirements'!$B:$B,IF($C$3=\"\",\">=\"&$F$3,\">=\"&$C$3),'Future Requirements'!$B:$B,IF($C$4=\"\",\"<=\"&$F$4,\"<=\"&$C$4),'Future Requirements'!$J:$J,IF($C$5=\"Yes\",\"Yes\",IF($C$5=\"No\",\"No\",\"<>Luke\")),'Future Requirements'!$AC:$AC,IF($C$6=\"Agreed\",\"Agreed\",IF($C$6=\"C/Fwd\",\"C/Fwd\",\"<>Luke\")),'Future Requirements'!$AA:$AA,$I$4),0)+\nIF($J$5=\"Include\",SUMIFS('Future Requirements'!$O:$O,'Future Requirements'!$E:$E,$B53,'Future Requirements'!$G:$G,G$52,'Future Requirements'!$B:$B,IF($C$3=\"\",\">=\"&$F$3,\">=\"&$C$3),'Future Requirements'!$B:$B,IF($C$4=\"\",\"<=\"&$F$4,\"<=\"&$C$4),'Future Requirements'!$J:$J,IF($C$5=\"Yes\",\"Yes\",IF($C$5=\"No\",\"No\",\"<>Luke\")),'Future Requirements'!$AC:$AC,IF($C$6=\"Agreed\",\"Agreed\",IF($C$6=\"C/Fwd\",\"C/Fwd\",\"<>Luke\")),'Future Requirements'!$AA:$AA,$I$5),0)+\nIF($J$6=\"Include\",SUMIFS('Future Requirements'!$O:$O,'Future Requirements'!$E:$E,$B53,'Future Requirements'!$G:$G,G$52,'Future Requirements'!$B:$B,IF($C$3=\"\",\">=\"&$F$3,\">=\"&$C$3),'Future Requirements'!$B:$B,IF($C$4=\"\",\"<=\"&$F$4,\"<=\"&$C$4),'Future Requirements'!$J:$J,IF($C$5=\"Yes\",\"Yes\",IF($C$5=\"No\",\"No\",\"<>Luke\")),'Future Requirements'!$AC:$AC,IF($C$6=\"Agreed\",\"Agreed\",IF($C$6=\"C/Fwd\",\"C/Fwd\",\"<>Luke\")),'Future Requirements'!$AA:$AA,$I$6),0)+\nIF($J$7=\"Include\",SUMIFS('Future Requirements'!$O:$O,'Future Requirements'!$E:$E,$B53,'Future Requirements'!$G:$G,G$52,'Future Requirements'!$B:$B,IF($C$3=\"\",\">=\"&$F$3,\">=\"&$C$3),'Future Requirements'!$B:$B,IF($C$4=\"\",\"<=\"&$F$4,\"<=\"&$C$4),'Future Requirements'!$J:$J,IF($C$5=\"Yes\",\"Yes\",IF($C$5=\"No\",\"No\",\"<>Luke\")),'Future Requirements'!$AC:$AC,IF($C$6=\"Agreed\",\"Agreed\",IF($C$6=\"C/Fwd\",\"C/Fwd\",\"<>Luke\")),'Future Requirements'!$AA:$AA,$I$7),0)","v":0},{"$f":"IF($J$3=\"Include\",SUMIFS('Future Requirements'!$O:$O,'Future Requirements'!$E:$E,$B53,'Future Requirements'!$G:$G,H$52,'Future Requirements'!$B:$B,IF($C$3=\"\",\">=\"&$F$3,\">=\"&$C$3),'Future Requirements'!$B:$B,IF($C$4=\"\",\"<=\"&$F$4,\"<=\"&$C$4),'Future Requirements'!$J:$J,IF($C$5=\"Yes\",\"Yes\",IF($C$5=\"No\",\"No\",\"<>Luke\")),'Future Requirements'!$AC:$AC,IF($C$6=\"Agreed\",\"Agreed\",IF($C$6=\"C/Fwd\",\"C/Fwd\",\"<>Luke\")),'Future Requirements'!$AA:$AA,$I$3),0)+\nIF($J$4=\"Include\",SUMIFS('Future Requirements'!$O:$O,'Future Requirements'!$E:$E,$B53,'Future Requirements'!$G:$G,H$52,'Future Requirements'!$B:$B,IF($C$3=\"\",\">=\"&$F$3,\">=\"&$C$3),'Future Requirements'!$B:$B,IF($C$4=\"\",\"<=\"&$F$4,\"<=\"&$C$4),'Future Requirements'!$J:$J,IF($C$5=\"Yes\",\"Yes\",IF($C$5=\"No\",\"No\",\"<>Luke\")),'Future Requirements'!$AC:$AC,IF($C$6=\"Agreed\",\"Agreed\",IF($C$6=\"C/Fwd\",\"C/Fwd\",\"<>Luke\")),'Future Requirements'!$AA:$AA,$I$4),0)+\nIF($J$5=\"Include\",SUMIFS('Future Requirements'!$O:$O,'Future Requirements'!$E:$E,$B53,'Future Requirements'!$G:$G,H$52,'Future Requirements'!$B:$B,IF($C$3=\"\",\">=\"&$F$3,\">=\"&$C$3),'Future Requirements'!$B:$B,IF($C$4=\"\",\"<=\"&$F$4,\"<=\"&$C$4),'Future Requirements'!$J:$J,IF($C$5=\"Yes\",\"Yes\",IF($C$5=\"No\",\"No\",\"<>Luke\")),'Future Requirements'!$AC:$AC,IF($C$6=\"Agreed\",\"Agreed\",IF($C$6=\"C/Fwd\",\"C/Fwd\",\"<>Luke\")),'Future Requirements'!$AA:$AA,$I$5),0)+\nIF($J$6=\"Include\",SUMIFS('Future Requirements'!$O:$O,'Future Requirements'!$E:$E,$B53,'Future Requirements'!$G:$G,H$52,'Future Requirements'!$B:$B,IF($C$3=\"\",\">=\"&$F$3,\">=\"&$C$3),'Future Requirements'!$B:$B,IF($C$4=\"\",\"<=\"&$F$4,\"<=\"&$C$4),'Future Requirements'!$J:$J,IF($C$5=\"Yes\",\"Yes\",IF($C$5=\"No\",\"No\",\"<>Luke\")),'Future Requirements'!$AC:$AC,IF($C$6=\"Agreed\",\"Agreed\",IF($C$6=\"C/Fwd\",\"C/Fwd\",\"<>Luke\")),'Future Requirements'!$AA:$AA,$I$6),0)+\nIF($J$7=\"Include\",SUMIFS('Future Requirements'!$O:$O,'Future Requirements'!$E:$E,$B53,'Future Requirements'!$G:$G,H$52,'Future Requirements'!$B:$B,IF($C$3=\"\",\">=\"&$F$3,\">=\"&$C$3),'Future Requirements'!$B:$B,IF($C$4=\"\",\"<=\"&$F$4,\"<=\"&$C$4),'Future Requirements'!$J:$J,IF($C$5=\"Yes\",\"Yes\",IF($C$5=\"No\",\"No\",\"<>Luke\")),'Future Requirements'!$AC:$AC,IF($C$6=\"Agreed\",\"Agreed\",IF($C$6=\"C/Fwd\",\"C/Fwd\",\"<>Luke\")),'Future Requirements'!$AA:$AA,$I$7),0)","v":0},{"$f":"IF($J$3=\"Include\",SUMIFS('Future Requirements'!$O:$O,'Future Requirements'!$E:$E,$B53,'Future Requirements'!$G:$G,I$52,'Future Requirements'!$B:$B,IF($C$3=\"\",\">=\"&$F$3,\">=\"&$C$3),'Future Requirements'!$B:$B,IF($C$4=\"\",\"<=\"&$F$4,\"<=\"&$C$4),'Future Requirements'!$J:$J,IF($C$5=\"Yes\",\"Yes\",IF($C$5=\"No\",\"No\",\"<>Luke\")),'Future Requirements'!$AC:$AC,IF($C$6=\"Agreed\",\"Agreed\",IF($C$6=\"C/Fwd\",\"C/Fwd\",\"<>Luke\")),'Future Requirements'!$AA:$AA,$I$3),0)+\nIF($J$4=\"Include\",SUMIFS('Future Requirements'!$O:$O,'Future Requirements'!$E:$E,$B53,'Future Requirements'!$G:$G,I$52,'Future Requirements'!$B:$B,IF($C$3=\"\",\">=\"&$F$3,\">=\"&$C$3),'Future Requirements'!$B:$B,IF($C$4=\"\",\"<=\"&$F$4,\"<=\"&$C$4),'Future Requirements'!$J:$J,IF($C$5=\"Yes\",\"Yes\",IF($C$5=\"No\",\"No\",\"<>Luke\")),'Future Requirements'!$AC:$AC,IF($C$6=\"Agreed\",\"Agreed\",IF($C$6=\"C/Fwd\",\"C/Fwd\",\"<>Luke\")),'Future Requirements'!$AA:$AA,$I$4),0)+\nIF($J$5=\"Include\",SUMIFS('Future Requirements'!$O:$O,'Future Requirements'!$E:$E,$B53,'Future Requirements'!$G:$G,I$52,'Future Requirements'!$B:$B,IF($C$3=\"\",\">=\"&$F$3,\">=\"&$C$3),'Future Requirements'!$B:$B,IF($C$4=\"\",\"<=\"&$F$4,\"<=\"&$C$4),'Future Requirements'!$J:$J,IF($C$5=\"Yes\",\"Yes\",IF($C$5=\"No\",\"No\",\"<>Luke\")),'Future Requirements'!$AC:$AC,IF($C$6=\"Agreed\",\"Agreed\",IF($C$6=\"C/Fwd\",\"C/Fwd\",\"<>Luke\")),'Future Requirements'!$AA:$AA,$I$5),0)+\nIF($J$6=\"Include\",SUMIFS('Future Requirements'!$O:$O,'Future Requirements'!$E:$E,$B53,'Future Requirements'!$G:$G,I$52,'Future Requirements'!$B:$B,IF($C$3=\"\",\">=\"&$F$3,\">=\"&$C$3),'Future Requirements'!$B:$B,IF($C$4=\"\",\"<=\"&$F$4,\"<=\"&$C$4),'Future Requirements'!$J:$J,IF($C$5=\"Yes\",\"Yes\",IF($C$5=\"No\",\"No\",\"<>Luke\")),'Future Requirements'!$AC:$AC,IF($C$6=\"Agreed\",\"Agreed\",IF($C$6=\"C/Fwd\",\"C/Fwd\",\"<>Luke\")),'Future Requirements'!$AA:$AA,$I$6),0)+\nIF($J$7=\"Include\",SUMIFS('Future Requirements'!$O:$O,'Future Requirements'!$E:$E,$B53,'Future Requirements'!$G:$G,I$52,'Future Requirements'!$B:$B,IF($C$3=\"\",\">=\"&$F$3,\">=\"&$C$3),'Future Requirements'!$B:$B,IF($C$4=\"\",\"<=\"&$F$4,\"<=\"&$C$4),'Future Requirements'!$J:$J,IF($C$5=\"Yes\",\"Yes\",IF($C$5=\"No\",\"No\",\"<>Luke\")),'Future Requirements'!$AC:$AC,IF($C$6=\"Agreed\",\"Agreed\",IF($C$6=\"C/Fwd\",\"C/Fwd\",\"<>Luke\")),'Future Requirements'!$AA:$AA,$I$7),0)","v":0},{"$f":"IF($J$3=\"Include\",SUMIFS('Future Requirements'!$O:$O,'Future Requirements'!$E:$E,$B53,'Future Requirements'!$G:$G,J$52,'Future Requirements'!$B:$B,IF($C$3=\"\",\">=\"&$F$3,\">=\"&$C$3),'Future Requirements'!$B:$B,IF($C$4=\"\",\"<=\"&$F$4,\"<=\"&$C$4),'Future Requirements'!$J:$J,IF($C$5=\"Yes\",\"Yes\",IF($C$5=\"No\",\"No\",\"<>Luke\")),'Future Requirements'!$AC:$AC,IF($C$6=\"Agreed\",\"Agreed\",IF($C$6=\"C/Fwd\",\"C/Fwd\",\"<>Luke\")),'Future Requirements'!$AA:$AA,$I$3),0)+\nIF($J$4=\"Include\",SUMIFS('Future Requirements'!$O:$O,'Future Requirements'!$E:$E,$B53,'Future Requirements'!$G:$G,J$52,'Future Requirements'!$B:$B,IF($C$3=\"\",\">=\"&$F$3,\">=\"&$C$3),'Future Requirements'!$B:$B,IF($C$4=\"\",\"<=\"&$F$4,\"<=\"&$C$4),'Future Requirements'!$J:$J,IF($C$5=\"Yes\",\"Yes\",IF($C$5=\"No\",\"No\",\"<>Luke\")),'Future Requirements'!$AC:$AC,IF($C$6=\"Agreed\",\"Agreed\",IF($C$6=\"C/Fwd\",\"C/Fwd\",\"<>Luke\")),'Future Requirements'!$AA:$AA,$I$4),0)+\nIF($J$5=\"Include\",SUMIFS('Future Requirements'!$O:$O,'Future Requirements'!$E:$E,$B53,'Future Requirements'!$G:$G,J$52,'Future Requirements'!$B:$B,IF($C$3=\"\",\">=\"&$F$3,\">=\"&$C$3),'Future Requirements'!$B:$B,IF($C$4=\"\",\"<=\"&$F$4,\"<=\"&$C$4),'Future Requirements'!$J:$J,IF($C$5=\"Yes\",\"Yes\",IF($C$5=\"No\",\"No\",\"<>Luke\")),'Future Requirements'!$AC:$AC,IF($C$6=\"Agreed\",\"Agreed\",IF($C$6=\"C/Fwd\",\"C/Fwd\",\"<>Luke\")),'Future Requirements'!$AA:$AA,$I$5),0)+\nIF($J$6=\"Include\",SUMIFS('Future Requirements'!$O:$O,'Future Requirements'!$E:$E,$B53,'Future Requirements'!$G:$G,J$52,'Future Requirements'!$B:$B,IF($C$3=\"\",\">=\"&$F$3,\">=\"&$C$3),'Future Requirements'!$B:$B,IF($C$4=\"\",\"<=\"&$F$4,\"<=\"&$C$4),'Future Requirements'!$J:$J,IF($C$5=\"Yes\",\"Yes\",IF($C$5=\"No\",\"No\",\"<>Luke\")),'Future Requirements'!$AC:$AC,IF($C$6=\"Agreed\",\"Agreed\",IF($C$6=\"C/Fwd\",\"C/Fwd\",\"<>Luke\")),'Future Requirements'!$AA:$AA,$I$6),0)+\nIF($J$7=\"Include\",SUMIFS('Future Requirements'!$O:$O,'Future Requirements'!$E:$E,$B53,'Future Requirements'!$G:$G,J$52,'Future Requirements'!$B:$B,IF($C$3=\"\",\">=\"&$F$3,\">=\"&$C$3),'Future Requirements'!$B:$B,IF($C$4=\"\",\"<=\"&$F$4,\"<=\"&$C$4),'Future Requirements'!$J:$J,IF($C$5=\"Yes\",\"Yes\",IF($C$5=\"No\",\"No\",\"<>Luke\")),'Future Requirements'!$AC:$AC,IF($C$6=\"Agreed\",\"Agreed\",IF($C$6=\"C/Fwd\",\"C/Fwd\",\"<>Luke\")),'Future Requirements'!$AA:$AA,$I$7),0)","v":0},{"$f":"IF($J$3=\"Include\",SUMIFS('Future Requirements'!$O:$O,'Future Requirements'!$E:$E,$B53,'Future Requirements'!$G:$G,K$52,'Future Requirements'!$B:$B,IF($C$3=\"\",\">=\"&$F$3,\">=\"&$C$3),'Future Requirements'!$B:$B,IF($C$4=\"\",\"<=\"&$F$4,\"<=\"&$C$4),'Future Requirements'!$J:$J,IF($C$5=\"Yes\",\"Yes\",IF($C$5=\"No\",\"No\",\"<>Luke\")),'Future Requirements'!$AC:$AC,IF($C$6=\"Agreed\",\"Agreed\",IF($C$6=\"C/Fwd\",\"C/Fwd\",\"<>Luke\")),'Future Requirements'!$AA:$AA,$I$3),0)+\nIF($J$4=\"Include\",SUMIFS('Future Requirements'!$O:$O,'Future Requirements'!$E:$E,$B53,'Future Requirements'!$G:$G,K$52,'Future Requirements'!$B:$B,IF($C$3=\"\",\">=\"&$F$3,\">=\"&$C$3),'Future Requirements'!$B:$B,IF($C$4=\"\",\"<=\"&$F$4,\"<=\"&$C$4),'Future Requirements'!$J:$J,IF($C$5=\"Yes\",\"Yes\",IF($C$5=\"No\",\"No\",\"<>Luke\")),'Future Requirements'!$AC:$AC,IF($C$6=\"Agreed\",\"Agreed\",IF($C$6=\"C/Fwd\",\"C/Fwd\",\"<>Luke\")),'Future Requirements'!$AA:$AA,$I$4),0)+\nIF($J$5=\"Include\",SUMIFS('Future Requirements'!$O:$O,'Future Requirements'!$E:$E,$B53,'Future Requirements'!$G:$G,K$52,'Future Requirements'!$B:$B,IF($C$3=\"\",\">=\"&$F$3,\">=\"&$C$3),'Future Requirements'!$B:$B,IF($C$4=\"\",\"<=\"&$F$4,\"<=\"&$C$4),'Future Requirements'!$J:$J,IF($C$5=\"Yes\",\"Yes\",IF($C$5=\"No\",\"No\",\"<>Luke\")),'Future Requirements'!$AC:$AC,IF($C$6=\"Agreed\",\"Agreed\",IF($C$6=\"C/Fwd\",\"C/Fwd\",\"<>Luke\")),'Future Requirements'!$AA:$AA,$I$5),0)+\nIF($J$6=\"Include\",SUMIFS('Future Requirements'!$O:$O,'Future Requirements'!$E:$E,$B53,'Future Requirements'!$G:$G,K$52,'Future Requirements'!$B:$B,IF($C$3=\"\",\">=\"&$F$3,\">=\"&$C$3),'Future Requirements'!$B:$B,IF($C$4=\"\",\"<=\"&$F$4,\"<=\"&$C$4),'Future Requirements'!$J:$J,IF($C$5=\"Yes\",\"Yes\",IF($C$5=\"No\",\"No\",\"<>Luke\")),'Future Requirements'!$AC:$AC,IF($C$6=\"Agreed\",\"Agreed\",IF($C$6=\"C/Fwd\",\"C/Fwd\",\"<>Luke\")),'Future Requirements'!$AA:$AA,$I$6),0)+\nIF($J$7=\"Include\",SUMIFS('Future Requirements'!$O:$O,'Future Requirements'!$E:$E,$B53,'Future Requirements'!$G:$G,K$52,'Future Requirements'!$B:$B,IF($C$3=\"\",\">=\"&$F$3,\">=\"&$C$3),'Future Requirements'!$B:$B,IF($C$4=\"\",\"<=\"&$F$4,\"<=\"&$C$4),'Future Requirements'!$J:$J,IF($C$5=\"Yes\",\"Yes\",IF($C$5=\"No\",\"No\",\"<>Luke\")),'Future Requirements'!$AC:$AC,IF($C$6=\"Agreed\",\"Agreed\",IF($C$6=\"C/Fwd\",\"C/Fwd\",\"<>Luke\")),'Future Requirements'!$AA:$AA,$I$7),0)","v":0},{"$f":"IF($J$3=\"Include\",SUMIFS('Future Requirements'!$O:$O,'Future Requirements'!$E:$E,$B53,'Future Requirements'!$G:$G,L$52,'Future Requirements'!$B:$B,IF($C$3=\"\",\">=\"&$F$3,\">=\"&$C$3),'Future Requirements'!$B:$B,IF($C$4=\"\",\"<=\"&$F$4,\"<=\"&$C$4),'Future Requirements'!$J:$J,IF($C$5=\"Yes\",\"Yes\",IF($C$5=\"No\",\"No\",\"<>Luke\")),'Future Requirements'!$AC:$AC,IF($C$6=\"Agreed\",\"Agreed\",IF($C$6=\"C/Fwd\",\"C/Fwd\",\"<>Luke\")),'Future Requirements'!$AA:$AA,$I$3),0)+\nIF($J$4=\"Include\",SUMIFS('Future Requirements'!$O:$O,'Future Requirements'!$E:$E,$B53,'Future Requirements'!$G:$G,L$52,'Future Requirements'!$B:$B,IF($C$3=\"\",\">=\"&$F$3,\">=\"&$C$3),'Future Requirements'!$B:$B,IF($C$4=\"\",\"<=\"&$F$4,\"<=\"&$C$4),'Future Requirements'!$J:$J,IF($C$5=\"Yes\",\"Yes\",IF($C$5=\"No\",\"No\",\"<>Luke\")),'Future Requirements'!$AC:$AC,IF($C$6=\"Agreed\",\"Agreed\",IF($C$6=\"C/Fwd\",\"C/Fwd\",\"<>Luke\")),'Future Requirements'!$AA:$AA,$I$4),0)+\nIF($J$5=\"Include\",SUMIFS('Future Requirements'!$O:$O,'Future Requirements'!$E:$E,$B53,'Future Requirements'!$G:$G,L$52,'Future Requirements'!$B:$B,IF($C$3=\"\",\">=\"&$F$3,\">=\"&$C$3),'Future Requirements'!$B:$B,IF($C$4=\"\",\"<=\"&$F$4,\"<=\"&$C$4),'Future Requirements'!$J:$J,IF($C$5=\"Yes\",\"Yes\",IF($C$5=\"No\",\"No\",\"<>Luke\")),'Future Requirements'!$AC:$AC,IF($C$6=\"Agreed\",\"Agreed\",IF($C$6=\"C/Fwd\",\"C/Fwd\",\"<>Luke\")),'Future Requirements'!$AA:$AA,$I$5),0)+\nIF($J$6=\"Include\",SUMIFS('Future Requirements'!$O:$O,'Future Requirements'!$E:$E,$B53,'Future Requirements'!$G:$G,L$52,'Future Requirements'!$B:$B,IF($C$3=\"\",\">=\"&$F$3,\">=\"&$C$3),'Future Requirements'!$B:$B,IF($C$4=\"\",\"<=\"&$F$4,\"<=\"&$C$4),'Future Requirements'!$J:$J,IF($C$5=\"Yes\",\"Yes\",IF($C$5=\"No\",\"No\",\"<>Luke\")),'Future Requirements'!$AC:$AC,IF($C$6=\"Agreed\",\"Agreed\",IF($C$6=\"C/Fwd\",\"C/Fwd\",\"<>Luke\")),'Future Requirements'!$AA:$AA,$I$6),0)+\nIF($J$7=\"Include\",SUMIFS('Future Requirements'!$O:$O,'Future Requirements'!$E:$E,$B53,'Future Requirements'!$G:$G,L$52,'Future Requirements'!$B:$B,IF($C$3=\"\",\">=\"&$F$3,\">=\"&$C$3),'Future Requirements'!$B:$B,IF($C$4=\"\",\"<=\"&$F$4,\"<=\"&$C$4),'Future Requirements'!$J:$J,IF($C$5=\"Yes\",\"Yes\",IF($C$5=\"No\",\"No\",\"<>Luke\")),'Future Requirements'!$AC:$AC,IF($C$6=\"Agreed\",\"Agreed\",IF($C$6=\"C/Fwd\",\"C/Fwd\",\"<>Luke\")),'Future Requirements'!$AA:$AA,$I$7),0)","v":0},{"$f":"IF($J$3=\"Include\",SUMIFS('Future Requirements'!$O:$O,'Future Requirements'!$E:$E,$B53,'Future Requirements'!$G:$G,M$52,'Future Requirements'!$B:$B,IF($C$3=\"\",\">=\"&$F$3,\">=\"&$C$3),'Future Requirements'!$B:$B,IF($C$4=\"\",\"<=\"&$F$4,\"<=\"&$C$4),'Future Requirements'!$J:$J,IF($C$5=\"Yes\",\"Yes\",IF($C$5=\"No\",\"No\",\"<>Luke\")),'Future Requirements'!$AC:$AC,IF($C$6=\"Agreed\",\"Agreed\",IF($C$6=\"C/Fwd\",\"C/Fwd\",\"<>Luke\")),'Future Requirements'!$AA:$AA,$I$3),0)+\nIF($J$4=\"Include\",SUMIFS('Future Requirements'!$O:$O,'Future Requirements'!$E:$E,$B53,'Future Requirements'!$G:$G,M$52,'Future Requirements'!$B:$B,IF($C$3=\"\",\">=\"&$F$3,\">=\"&$C$3),'Future Requirements'!$B:$B,IF($C$4=\"\",\"<=\"&$F$4,\"<=\"&$C$4),'Future Requirements'!$J:$J,IF($C$5=\"Yes\",\"Yes\",IF($C$5=\"No\",\"No\",\"<>Luke\")),'Future Requirements'!$AC:$AC,IF($C$6=\"Agreed\",\"Agreed\",IF($C$6=\"C/Fwd\",\"C/Fwd\",\"<>Luke\")),'Future Requirements'!$AA:$AA,$I$4),0)+\nIF($J$5=\"Include\",SUMIFS('Future Requirements'!$O:$O,'Future Requirements'!$E:$E,$B53,'Future Requirements'!$G:$G,M$52,'Future Requirements'!$B:$B,IF($C$3=\"\",\">=\"&$F$3,\">=\"&$C$3),'Future Requirements'!$B:$B,IF($C$4=\"\",\"<=\"&$F$4,\"<=\"&$C$4),'Future Requirements'!$J:$J,IF($C$5=\"Yes\",\"Yes\",IF($C$5=\"No\",\"No\",\"<>Luke\")),'Future Requirements'!$AC:$AC,IF($C$6=\"Agreed\",\"Agreed\",IF($C$6=\"C/Fwd\",\"C/Fwd\",\"<>Luke\")),'Future Requirements'!$AA:$AA,$I$5),0)+\nIF($J$6=\"Include\",SUMIFS('Future Requirements'!$O:$O,'Future Requirements'!$E:$E,$B53,'Future Requirements'!$G:$G,M$52,'Future Requirements'!$B:$B,IF($C$3=\"\",\">=\"&$F$3,\">=\"&$C$3),'Future Requirements'!$B:$B,IF($C$4=\"\",\"<=\"&$F$4,\"<=\"&$C$4),'Future Requirements'!$J:$J,IF($C$5=\"Yes\",\"Yes\",IF($C$5=\"No\",\"No\",\"<>Luke\")),'Future Requirements'!$AC:$AC,IF($C$6=\"Agreed\",\"Agreed\",IF($C$6=\"C/Fwd\",\"C/Fwd\",\"<>Luke\")),'Future Requirements'!$AA:$AA,$I$6),0)+\nIF($J$7=\"Include\",SUMIFS('Future Requirements'!$O:$O,'Future Requirements'!$E:$E,$B53,'Future Requirements'!$G:$G,M$52,'Future Requirements'!$B:$B,IF($C$3=\"\",\">=\"&$F$3,\">=\"&$C$3),'Future Requirements'!$B:$B,IF($C$4=\"\",\"<=\"&$F$4,\"<=\"&$C$4),'Future Requirements'!$J:$J,IF($C$5=\"Yes\",\"Yes\",IF($C$5=\"No\",\"No\",\"<>Luke\")),'Future Requirements'!$AC:$AC,IF($C$6=\"Agreed\",\"Agreed\",IF($C$6=\"C/Fwd\",\"C/Fwd\",\"<>Luke\")),'Future Requirements'!$AA:$AA,$I$7),0)","v":0},{"$f":"IF($J$3=\"Include\",SUMIFS('Future Requirements'!$O:$O,'Future Requirements'!$E:$E,$B53,'Future Requirements'!$G:$G,N$52,'Future Requirements'!$B:$B,IF($C$3=\"\",\">=\"&$F$3,\">=\"&$C$3),'Future Requirements'!$B:$B,IF($C$4=\"\",\"<=\"&$F$4,\"<=\"&$C$4),'Future Requirements'!$J:$J,IF($C$5=\"Yes\",\"Yes\",IF($C$5=\"No\",\"No\",\"<>Luke\")),'Future Requirements'!$AC:$AC,IF($C$6=\"Agreed\",\"Agreed\",IF($C$6=\"C/Fwd\",\"C/Fwd\",\"<>Luke\")),'Future Requirements'!$AA:$AA,$I$3),0)+\nIF($J$4=\"Include\",SUMIFS('Future Requirements'!$O:$O,'Future Requirements'!$E:$E,$B53,'Future Requirements'!$G:$G,N$52,'Future Requirements'!$B:$B,IF($C$3=\"\",\">=\"&$F$3,\">=\"&$C$3),'Future Requirements'!$B:$B,IF($C$4=\"\",\"<=\"&$F$4,\"<=\"&$C$4),'Future Requirements'!$J:$J,IF($C$5=\"Yes\",\"Yes\",IF($C$5=\"No\",\"No\",\"<>Luke\")),'Future Requirements'!$AC:$AC,IF($C$6=\"Agreed\",\"Agreed\",IF($C$6=\"C/Fwd\",\"C/Fwd\",\"<>Luke\")),'Future Requirements'!$AA:$AA,$I$4),0)+\nIF($J$5=\"Include\",SUMIFS('Future Requirements'!$O:$O,'Future Requirements'!$E:$E,$B53,'Future Requirements'!$G:$G,N$52,'Future Requirements'!$B:$B,IF($C$3=\"\",\">=\"&$F$3,\">=\"&$C$3),'Future Requirements'!$B:$B,IF($C$4=\"\",\"<=\"&$F$4,\"<=\"&$C$4),'Future Requirements'!$J:$J,IF($C$5=\"Yes\",\"Yes\",IF($C$5=\"No\",\"No\",\"<>Luke\")),'Future Requirements'!$AC:$AC,IF($C$6=\"Agreed\",\"Agreed\",IF($C$6=\"C/Fwd\",\"C/Fwd\",\"<>Luke\")),'Future Requirements'!$AA:$AA,$I$5),0)+\nIF($J$6=\"Include\",SUMIFS('Future Requirements'!$O:$O,'Future Requirements'!$E:$E,$B53,'Future Requirements'!$G:$G,N$52,'Future Requirements'!$B:$B,IF($C$3=\"\",\">=\"&$F$3,\">=\"&$C$3),'Future Requirements'!$B:$B,IF($C$4=\"\",\"<=\"&$F$4,\"<=\"&$C$4),'Future Requirements'!$J:$J,IF($C$5=\"Yes\",\"Yes\",IF($C$5=\"No\",\"No\",\"<>Luke\")),'Future Requirements'!$AC:$AC,IF($C$6=\"Agreed\",\"Agreed\",IF($C$6=\"C/Fwd\",\"C/Fwd\",\"<>Luke\")),'Future Requirements'!$AA:$AA,$I$6),0)+\nIF($J$7=\"Include\",SUMIFS('Future Requirements'!$O:$O,'Future Requirements'!$E:$E,$B53,'Future Requirements'!$G:$G,N$52,'Future Requirements'!$B:$B,IF($C$3=\"\",\">=\"&$F$3,\">=\"&$C$3),'Future Requirements'!$B:$B,IF($C$4=\"\",\"<=\"&$F$4,\"<=\"&$C$4),'Future Requirements'!$J:$J,IF($C$5=\"Yes\",\"Yes\",IF($C$5=\"No\",\"No\",\"<>Luke\")),'Future Requirements'!$AC:$AC,IF($C$6=\"Agreed\",\"Agreed\",IF($C$6=\"C/Fwd\",\"C/Fwd\",\"<>Luke\")),'Future Requirements'!$AA:$AA,$I$7),0)","v":0},{"$f":"IF($J$3=\"Include\",SUMIFS('Future Requirements'!$O:$O,'Future Requirements'!$E:$E,$B53,'Future Requirements'!$G:$G,O$52,'Future Requirements'!$B:$B,IF($C$3=\"\",\">=\"&$F$3,\">=\"&$C$3),'Future Requirements'!$B:$B,IF($C$4=\"\",\"<=\"&$F$4,\"<=\"&$C$4),'Future Requirements'!$J:$J,IF($C$5=\"Yes\",\"Yes\",IF($C$5=\"No\",\"No\",\"<>Luke\")),'Future Requirements'!$AC:$AC,IF($C$6=\"Agreed\",\"Agreed\",IF($C$6=\"C/Fwd\",\"C/Fwd\",\"<>Luke\")),'Future Requirements'!$AA:$AA,$I$3),0)+\nIF($J$4=\"Include\",SUMIFS('Future Requirements'!$O:$O,'Future Requirements'!$E:$E,$B53,'Future Requirements'!$G:$G,O$52,'Future Requirements'!$B:$B,IF($C$3=\"\",\">=\"&$F$3,\">=\"&$C$3),'Future Requirements'!$B:$B,IF($C$4=\"\",\"<=\"&$F$4,\"<=\"&$C$4),'Future Requirements'!$J:$J,IF($C$5=\"Yes\",\"Yes\",IF($C$5=\"No\",\"No\",\"<>Luke\")),'Future Requirements'!$AC:$AC,IF($C$6=\"Agreed\",\"Agreed\",IF($C$6=\"C/Fwd\",\"C/Fwd\",\"<>Luke\")),'Future Requirements'!$AA:$AA,$I$4),0)+\nIF($J$5=\"Include\",SUMIFS('Future Requirements'!$O:$O,'Future Requirements'!$E:$E,$B53,'Future Requirements'!$G:$G,O$52,'Future Requirements'!$B:$B,IF($C$3=\"\",\">=\"&$F$3,\">=\"&$C$3),'Future Requirements'!$B:$B,IF($C$4=\"\",\"<=\"&$F$4,\"<=\"&$C$4),'Future Requirements'!$J:$J,IF($C$5=\"Yes\",\"Yes\",IF($C$5=\"No\",\"No\",\"<>Luke\")),'Future Requirements'!$AC:$AC,IF($C$6=\"Agreed\",\"Agreed\",IF($C$6=\"C/Fwd\",\"C/Fwd\",\"<>Luke\")),'Future Requirements'!$AA:$AA,$I$5),0)+\nIF($J$6=\"Include\",SUMIFS('Future Requirements'!$O:$O,'Future Requirements'!$E:$E,$B53,'Future Requirements'!$G:$G,O$52,'Future Requirements'!$B:$B,IF($C$3=\"\",\">=\"&$F$3,\">=\"&$C$3),'Future Requirements'!$B:$B,IF($C$4=\"\",\"<=\"&$F$4,\"<=\"&$C$4),'Future Requirements'!$J:$J,IF($C$5=\"Yes\",\"Yes\",IF($C$5=\"No\",\"No\",\"<>Luke\")),'Future Requirements'!$AC:$AC,IF($C$6=\"Agreed\",\"Agreed\",IF($C$6=\"C/Fwd\",\"C/Fwd\",\"<>Luke\")),'Future Requirements'!$AA:$AA,$I$6),0)+\nIF($J$7=\"Include\",SUMIFS('Future Requirements'!$O:$O,'Future Requirements'!$E:$E,$B53,'Future Requirements'!$G:$G,O$52,'Future Requirements'!$B:$B,IF($C$3=\"\",\">=\"&$F$3,\">=\"&$C$3),'Future Requirements'!$B:$B,IF($C$4=\"\",\"<=\"&$F$4,\"<=\"&$C$4),'Future Requirements'!$J:$J,IF($C$5=\"Yes\",\"Yes\",IF($C$5=\"No\",\"No\",\"<>Luke\")),'Future Requirements'!$AC:$AC,IF($C$6=\"Agreed\",\"Agreed\",IF($C$6=\"C/Fwd\",\"C/Fwd\",\"<>Luke\")),'Future Requirements'!$AA:$AA,$I$7),0)","v":0},{"$f":"IF($J$3=\"Include\",SUMIFS('Future Requirements'!$O:$O,'Future Requirements'!$E:$E,$B53,'Future Requirements'!$G:$G,P$52,'Future Requirements'!$B:$B,IF($C$3=\"\",\">=\"&$F$3,\">=\"&$C$3),'Future Requirements'!$B:$B,IF($C$4=\"\",\"<=\"&$F$4,\"<=\"&$C$4),'Future Requirements'!$J:$J,IF($C$5=\"Yes\",\"Yes\",IF($C$5=\"No\",\"No\",\"<>Luke\")),'Future Requirements'!$AC:$AC,IF($C$6=\"Agreed\",\"Agreed\",IF($C$6=\"C/Fwd\",\"C/Fwd\",\"<>Luke\")),'Future Requirements'!$AA:$AA,$I$3),0)+\nIF($J$4=\"Include\",SUMIFS('Future Requirements'!$O:$O,'Future Requirements'!$E:$E,$B53,'Future Requirements'!$G:$G,P$52,'Future Requirements'!$B:$B,IF($C$3=\"\",\">=\"&$F$3,\">=\"&$C$3),'Future Requirements'!$B:$B,IF($C$4=\"\",\"<=\"&$F$4,\"<=\"&$C$4),'Future Requirements'!$J:$J,IF($C$5=\"Yes\",\"Yes\",IF($C$5=\"No\",\"No\",\"<>Luke\")),'Future Requirements'!$AC:$AC,IF($C$6=\"Agreed\",\"Agreed\",IF($C$6=\"C/Fwd\",\"C/Fwd\",\"<>Luke\")),'Future Requirements'!$AA:$AA,$I$4),0)+\nIF($J$5=\"Include\",SUMIFS('Future Requirements'!$O:$O,'Future Requirements'!$E:$E,$B53,'Future Requirements'!$G:$G,P$52,'Future Requirements'!$B:$B,IF($C$3=\"\",\">=\"&$F$3,\">=\"&$C$3),'Future Requirements'!$B:$B,IF($C$4=\"\",\"<=\"&$F$4,\"<=\"&$C$4),'Future Requirements'!$J:$J,IF($C$5=\"Yes\",\"Yes\",IF($C$5=\"No\",\"No\",\"<>Luke\")),'Future Requirements'!$AC:$AC,IF($C$6=\"Agreed\",\"Agreed\",IF($C$6=\"C/Fwd\",\"C/Fwd\",\"<>Luke\")),'Future Requirements'!$AA:$AA,$I$5),0)+\nIF($J$6=\"Include\",SUMIFS('Future Requirements'!$O:$O,'Future Requirements'!$E:$E,$B53,'Future Requirements'!$G:$G,P$52,'Future Requirements'!$B:$B,IF($C$3=\"\",\">=\"&$F$3,\">=\"&$C$3),'Future Requirements'!$B:$B,IF($C$4=\"\",\"<=\"&$F$4,\"<=\"&$C$4),'Future Requirements'!$J:$J,IF($C$5=\"Yes\",\"Yes\",IF($C$5=\"No\",\"No\",\"<>Luke\")),'Future Requirements'!$AC:$AC,IF($C$6=\"Agreed\",\"Agreed\",IF($C$6=\"C/Fwd\",\"C/Fwd\",\"<>Luke\")),'Future Requirements'!$AA:$AA,$I$6),0)+\nIF($J$7=\"Include\",SUMIFS('Future Requirements'!$O:$O,'Future Requirements'!$E:$E,$B53,'Future Requirements'!$G:$G,P$52,'Future Requirements'!$B:$B,IF($C$3=\"\",\">=\"&$F$3,\">=\"&$C$3),'Future Requirements'!$B:$B,IF($C$4=\"\",\"<=\"&$F$4,\"<=\"&$C$4),'Future Requirements'!$J:$J,IF($C$5=\"Yes\",\"Yes\",IF($C$5=\"No\",\"No\",\"<>Luke\")),'Future Requirements'!$AC:$AC,IF($C$6=\"Agreed\",\"Agreed\",IF($C$6=\"C/Fwd\",\"C/Fwd\",\"<>Luke\")),'Future Requirements'!$AA:$AA,$I$7),0)","v":0},{"$f":"IF($J$3=\"Include\",SUMIFS('Future Requirements'!$O:$O,'Future Requirements'!$E:$E,$B53,'Future Requirements'!$G:$G,Q$52,'Future Requirements'!$B:$B,IF($C$3=\"\",\">=\"&$F$3,\">=\"&$C$3),'Future Requirements'!$B:$B,IF($C$4=\"\",\"<=\"&$F$4,\"<=\"&$C$4),'Future Requirements'!$J:$J,IF($C$5=\"Yes\",\"Yes\",IF($C$5=\"No\",\"No\",\"<>Luke\")),'Future Requirements'!$AC:$AC,IF($C$6=\"Agreed\",\"Agreed\",IF($C$6=\"C/Fwd\",\"C/Fwd\",\"<>Luke\")),'Future Requirements'!$AA:$AA,$I$3),0)+\nIF($J$4=\"Include\",SUMIFS('Future Requirements'!$O:$O,'Future Requirements'!$E:$E,$B53,'Future Requirements'!$G:$G,Q$52,'Future Requirements'!$B:$B,IF($C$3=\"\",\">=\"&$F$3,\">=\"&$C$3),'Future Requirements'!$B:$B,IF($C$4=\"\",\"<=\"&$F$4,\"<=\"&$C$4),'Future Requirements'!$J:$J,IF($C$5=\"Yes\",\"Yes\",IF($C$5=\"No\",\"No\",\"<>Luke\")),'Future Requirements'!$AC:$AC,IF($C$6=\"Agreed\",\"Agreed\",IF($C$6=\"C/Fwd\",\"C/Fwd\",\"<>Luke\")),'Future Requirements'!$AA:$AA,$I$4),0)+\nIF($J$5=\"Include\",SUMIFS('Future Requirements'!$O:$O,'Future Requirements'!$E:$E,$B53,'Future Requirements'!$G:$G,Q$52,'Future Requirements'!$B:$B,IF($C$3=\"\",\">=\"&$F$3,\">=\"&$C$3),'Future Requirements'!$B:$B,IF($C$4=\"\",\"<=\"&$F$4,\"<=\"&$C$4),'Future Requirements'!$J:$J,IF($C$5=\"Yes\",\"Yes\",IF($C$5=\"No\",\"No\",\"<>Luke\")),'Future Requirements'!$AC:$AC,IF($C$6=\"Agreed\",\"Agreed\",IF($C$6=\"C/Fwd\",\"C/Fwd\",\"<>Luke\")),'Future Requirements'!$AA:$AA,$I$5),0)+\nIF($J$6=\"Include\",SUMIFS('Future Requirements'!$O:$O,'Future Requirements'!$E:$E,$B53,'Future Requirements'!$G:$G,Q$52,'Future Requirements'!$B:$B,IF($C$3=\"\",\">=\"&$F$3,\">=\"&$C$3),'Future Requirements'!$B:$B,IF($C$4=\"\",\"<=\"&$F$4,\"<=\"&$C$4),'Future Requirements'!$J:$J,IF($C$5=\"Yes\",\"Yes\",IF($C$5=\"No\",\"No\",\"<>Luke\")),'Future Requirements'!$AC:$AC,IF($C$6=\"Agreed\",\"Agreed\",IF($C$6=\"C/Fwd\",\"C/Fwd\",\"<>Luke\")),'Future Requirements'!$AA:$AA,$I$6),0)+\nIF($J$7=\"Include\",SUMIFS('Future Requirements'!$O:$O,'Future Requirements'!$E:$E,$B53,'Future Requirements'!$G:$G,Q$52,'Future Requirements'!$B:$B,IF($C$3=\"\",\">=\"&$F$3,\">=\"&$C$3),'Future Requirements'!$B:$B,IF($C$4=\"\",\"<=\"&$F$4,\"<=\"&$C$4),'Future Requirements'!$J:$J,IF($C$5=\"Yes\",\"Yes\",IF($C$5=\"No\",\"No\",\"<>Luke\")),'Future Requirements'!$AC:$AC,IF($C$6=\"Agreed\",\"Agreed\",IF($C$6=\"C/Fwd\",\"C/Fwd\",\"<>Luke\")),'Future Requirements'!$AA:$AA,$I$7),0)","v":0},{"$f":"IF($J$3=\"Include\",SUMIFS('Future Requirements'!$O:$O,'Future Requirements'!$E:$E,$B53,'Future Requirements'!$G:$G,R$52,'Future Requirements'!$B:$B,IF($C$3=\"\",\">=\"&$F$3,\">=\"&$C$3),'Future Requirements'!$B:$B,IF($C$4=\"\",\"<=\"&$F$4,\"<=\"&$C$4),'Future Requirements'!$J:$J,IF($C$5=\"Yes\",\"Yes\",IF($C$5=\"No\",\"No\",\"<>Luke\")),'Future Requirements'!$AC:$AC,IF($C$6=\"Agreed\",\"Agreed\",IF($C$6=\"C/Fwd\",\"C/Fwd\",\"<>Luke\")),'Future Requirements'!$AA:$AA,$I$3),0)+\nIF($J$4=\"Include\",SUMIFS('Future Requirements'!$O:$O,'Future Requirements'!$E:$E,$B53,'Future Requirements'!$G:$G,R$52,'Future Requirements'!$B:$B,IF($C$3=\"\",\">=\"&$F$3,\">=\"&$C$3),'Future Requirements'!$B:$B,IF($C$4=\"\",\"<=\"&$F$4,\"<=\"&$C$4),'Future Requirements'!$J:$J,IF($C$5=\"Yes\",\"Yes\",IF($C$5=\"No\",\"No\",\"<>Luke\")),'Future Requirements'!$AC:$AC,IF($C$6=\"Agreed\",\"Agreed\",IF($C$6=\"C/Fwd\",\"C/Fwd\",\"<>Luke\")),'Future Requirements'!$AA:$AA,$I$4),0)+\nIF($J$5=\"Include\",SUMIFS('Future Requirements'!$O:$O,'Future Requirements'!$E:$E,$B53,'Future Requirements'!$G:$G,R$52,'Future Requirements'!$B:$B,IF($C$3=\"\",\">=\"&$F$3,\">=\"&$C$3),'Future Requirements'!$B:$B,IF($C$4=\"\",\"<=\"&$F$4,\"<=\"&$C$4),'Future Requirements'!$J:$J,IF($C$5=\"Yes\",\"Yes\",IF($C$5=\"No\",\"No\",\"<>Luke\")),'Future Requirements'!$AC:$AC,IF($C$6=\"Agreed\",\"Agreed\",IF($C$6=\"C/Fwd\",\"C/Fwd\",\"<>Luke\")),'Future Requirements'!$AA:$AA,$I$5),0)+\nIF($J$6=\"Include\",SUMIFS('Future Requirements'!$O:$O,'Future Requirements'!$E:$E,$B53,'Future Requirements'!$G:$G,R$52,'Future Requirements'!$B:$B,IF($C$3=\"\",\">=\"&$F$3,\">=\"&$C$3),'Future Requirements'!$B:$B,IF($C$4=\"\",\"<=\"&$F$4,\"<=\"&$C$4),'Future Requirements'!$J:$J,IF($C$5=\"Yes\",\"Yes\",IF($C$5=\"No\",\"No\",\"<>Luke\")),'Future Requirements'!$AC:$AC,IF($C$6=\"Agreed\",\"Agreed\",IF($C$6=\"C/Fwd\",\"C/Fwd\",\"<>Luke\")),'Future Requirements'!$AA:$AA,$I$6),0)+\nIF($J$7=\"Include\",SUMIFS('Future Requirements'!$O:$O,'Future Requirements'!$E:$E,$B53,'Future Requirements'!$G:$G,R$52,'Future Requirements'!$B:$B,IF($C$3=\"\",\">=\"&$F$3,\">=\"&$C$3),'Future Requirements'!$B:$B,IF($C$4=\"\",\"<=\"&$F$4,\"<=\"&$C$4),'Future Requirements'!$J:$J,IF($C$5=\"Yes\",\"Yes\",IF($C$5=\"No\",\"No\",\"<>Luke\")),'Future Requirements'!$AC:$AC,IF($C$6=\"Agreed\",\"Agreed\",IF($C$6=\"C/Fwd\",\"C/Fwd\",\"<>Luke\")),'Future Requirements'!$AA:$AA,$I$7),0)","v":0},{"$f":"IF($J$3=\"Include\",SUMIFS('Future Requirements'!$O:$O,'Future Requirements'!$E:$E,$B53,'Future Requirements'!$G:$G,S$52,'Future Requirements'!$B:$B,IF($C$3=\"\",\">=\"&$F$3,\">=\"&$C$3),'Future Requirements'!$B:$B,IF($C$4=\"\",\"<=\"&$F$4,\"<=\"&$C$4),'Future Requirements'!$J:$J,IF($C$5=\"Yes\",\"Yes\",IF($C$5=\"No\",\"No\",\"<>Luke\")),'Future Requirements'!$AC:$AC,IF($C$6=\"Agreed\",\"Agreed\",IF($C$6=\"C/Fwd\",\"C/Fwd\",\"<>Luke\")),'Future Requirements'!$AA:$AA,$I$3),0)+\nIF($J$4=\"Include\",SUMIFS('Future Requirements'!$O:$O,'Future Requirements'!$E:$E,$B53,'Future Requirements'!$G:$G,S$52,'Future Requirements'!$B:$B,IF($C$3=\"\",\">=\"&$F$3,\">=\"&$C$3),'Future Requirements'!$B:$B,IF($C$4=\"\",\"<=\"&$F$4,\"<=\"&$C$4),'Future Requirements'!$J:$J,IF($C$5=\"Yes\",\"Yes\",IF($C$5=\"No\",\"No\",\"<>Luke\")),'Future Requirements'!$AC:$AC,IF($C$6=\"Agreed\",\"Agreed\",IF($C$6=\"C/Fwd\",\"C/Fwd\",\"<>Luke\")),'Future Requirements'!$AA:$AA,$I$4),0)+\nIF($J$5=\"Include\",SUMIFS('Future Requirements'!$O:$O,'Future Requirements'!$E:$E,$B53,'Future Requirements'!$G:$G,S$52,'Future Requirements'!$B:$B,IF($C$3=\"\",\">=\"&$F$3,\">=\"&$C$3),'Future Requirements'!$B:$B,IF($C$4=\"\",\"<=\"&$F$4,\"<=\"&$C$4),'Future Requirements'!$J:$J,IF($C$5=\"Yes\",\"Yes\",IF($C$5=\"No\",\"No\",\"<>Luke\")),'Future Requirements'!$AC:$AC,IF($C$6=\"Agreed\",\"Agreed\",IF($C$6=\"C/Fwd\",\"C/Fwd\",\"<>Luke\")),'Future Requirements'!$AA:$AA,$I$5),0)+\nIF($J$6=\"Include\",SUMIFS('Future Requirements'!$O:$O,'Future Requirements'!$E:$E,$B53,'Future Requirements'!$G:$G,S$52,'Future Requirements'!$B:$B,IF($C$3=\"\",\">=\"&$F$3,\">=\"&$C$3),'Future Requirements'!$B:$B,IF($C$4=\"\",\"<=\"&$F$4,\"<=\"&$C$4),'Future Requirements'!$J:$J,IF($C$5=\"Yes\",\"Yes\",IF($C$5=\"No\",\"No\",\"<>Luke\")),'Future Requirements'!$AC:$AC,IF($C$6=\"Agreed\",\"Agreed\",IF($C$6=\"C/Fwd\",\"C/Fwd\",\"<>Luke\")),'Future Requirements'!$AA:$AA,$I$6),0)+\nIF($J$7=\"Include\",SUMIFS('Future Requirements'!$O:$O,'Future Requirements'!$E:$E,$B53,'Future Requirements'!$G:$G,S$52,'Future Requirements'!$B:$B,IF($C$3=\"\",\">=\"&$F$3,\">=\"&$C$3),'Future Requirements'!$B:$B,IF($C$4=\"\",\"<=\"&$F$4,\"<=\"&$C$4),'Future Requirements'!$J:$J,IF($C$5=\"Yes\",\"Yes\",IF($C$5=\"No\",\"No\",\"<>Luke\")),'Future Requirements'!$AC:$AC,IF($C$6=\"Agreed\",\"Agreed\",IF($C$6=\"C/Fwd\",\"C/Fwd\",\"<>Luke\")),'Future Requirements'!$AA:$AA,$I$7),0)","v":0},{"$f":"SUM(C53:S53)","v":0}]
[null,"Bollard",{"$f":"IF($J$3=\"Include\",SUMIFS('Future Requirements'!$O:$O,'Future Requirements'!$E:$E,$B54,'Future Requirements'!$G:$G,C$52,'Future Requirements'!$B:$B,IF($C$3=\"\",\">=\"&$F$3,\">=\"&$C$3),'Future Requirements'!$B:$B,IF($C$4=\"\",\"<=\"&$F$4,\"<=\"&$C$4),'Future Requirements'!$J:$J,IF($C$5=\"Yes\",\"Yes\",IF($C$5=\"No\",\"No\",\"<>Luke\")),'Future Requirements'!$AC:$AC,IF($C$6=\"Agreed\",\"Agreed\",IF($C$6=\"C/Fwd\",\"C/Fwd\",\"<>Luke\")),'Future Requirements'!$AA:$AA,$I$3),0)+\nIF($J$4=\"Include\",SUMIFS('Future Requirements'!$O:$O,'Future Requirements'!$E:$E,$B54,'Future Requirements'!$G:$G,C$52,'Future Requirements'!$B:$B,IF($C$3=\"\",\">=\"&$F$3,\">=\"&$C$3),'Future Requirements'!$B:$B,IF($C$4=\"\",\"<=\"&$F$4,\"<=\"&$C$4),'Future Requirements'!$J:$J,IF($C$5=\"Yes\",\"Yes\",IF($C$5=\"No\",\"No\",\"<>Luke\")),'Future Requirements'!$AC:$AC,IF($C$6=\"Agreed\",\"Agreed\",IF($C$6=\"C/Fwd\",\"C/Fwd\",\"<>Luke\")),'Future Requirements'!$AA:$AA,$I$4),0)+\nIF($J$5=\"Include\",SUMIFS('Future Requirements'!$O:$O,'Future Requirements'!$E:$E,$B54,'Future Requirements'!$G:$G,C$52,'Future Requirements'!$B:$B,IF($C$3=\"\",\">=\"&$F$3,\">=\"&$C$3),'Future Requirements'!$B:$B,IF($C$4=\"\",\"<=\"&$F$4,\"<=\"&$C$4),'Future Requirements'!$J:$J,IF($C$5=\"Yes\",\"Yes\",IF($C$5=\"No\",\"No\",\"<>Luke\")),'Future Requirements'!$AC:$AC,IF($C$6=\"Agreed\",\"Agreed\",IF($C$6=\"C/Fwd\",\"C/Fwd\",\"<>Luke\")),'Future Requirements'!$AA:$AA,$I$5),0)+\nIF($J$6=\"Include\",SUMIFS('Future Requirements'!$O:$O,'Future Requirements'!$E:$E,$B54,'Future Requirements'!$G:$G,C$52,'Future Requirements'!$B:$B,IF($C$3=\"\",\">=\"&$F$3,\">=\"&$C$3),'Future Requirements'!$B:$B,IF($C$4=\"\",\"<=\"&$F$4,\"<=\"&$C$4),'Future Requirements'!$J:$J,IF($C$5=\"Yes\",\"Yes\",IF($C$5=\"No\",\"No\",\"<>Luke\")),'Future Requirements'!$AC:$AC,IF($C$6=\"Agreed\",\"Agreed\",IF($C$6=\"C/Fwd\",\"C/Fwd\",\"<>Luke\")),'Future Requirements'!$AA:$AA,$I$6),0)+\nIF($J$7=\"Include\",SUMIFS('Future Requirements'!$O:$O,'Future Requirements'!$E:$E,$B54,'Future Requirements'!$G:$G,C$52,'Future Requirements'!$B:$B,IF($C$3=\"\",\">=\"&$F$3,\">=\"&$C$3),'Future Requirements'!$B:$B,IF($C$4=\"\",\"<=\"&$F$4,\"<=\"&$C$4),'Future Requirements'!$J:$J,IF($C$5=\"Yes\",\"Yes\",IF($C$5=\"No\",\"No\",\"<>Luke\")),'Future Requirements'!$AC:$AC,IF($C$6=\"Agreed\",\"Agreed\",IF($C$6=\"C/Fwd\",\"C/Fwd\",\"<>Luke\")),'Future Requirements'!$AA:$AA,$I$7),0)","v":0},{"$f":"IF($J$3=\"Include\",SUMIFS('Future Requirements'!$O:$O,'Future Requirements'!$E:$E,$B54,'Future Requirements'!$G:$G,D$52,'Future Requirements'!$B:$B,IF($C$3=\"\",\">=\"&$F$3,\">=\"&$C$3),'Future Requirements'!$B:$B,IF($C$4=\"\",\"<=\"&$F$4,\"<=\"&$C$4),'Future Requirements'!$J:$J,IF($C$5=\"Yes\",\"Yes\",IF($C$5=\"No\",\"No\",\"<>Luke\")),'Future Requirements'!$AC:$AC,IF($C$6=\"Agreed\",\"Agreed\",IF($C$6=\"C/Fwd\",\"C/Fwd\",\"<>Luke\")),'Future Requirements'!$AA:$AA,$I$3),0)+\nIF($J$4=\"Include\",SUMIFS('Future Requirements'!$O:$O,'Future Requirements'!$E:$E,$B54,'Future Requirements'!$G:$G,D$52,'Future Requirements'!$B:$B,IF($C$3=\"\",\">=\"&$F$3,\">=\"&$C$3),'Future Requirements'!$B:$B,IF($C$4=\"\",\"<=\"&$F$4,\"<=\"&$C$4),'Future Requirements'!$J:$J,IF($C$5=\"Yes\",\"Yes\",IF($C$5=\"No\",\"No\",\"<>Luke\")),'Future Requirements'!$AC:$AC,IF($C$6=\"Agreed\",\"Agreed\",IF($C$6=\"C/Fwd\",\"C/Fwd\",\"<>Luke\")),'Future Requirements'!$AA:$AA,$I$4),0)+\nIF($J$5=\"Include\",SUMIFS('Future Requirements'!$O:$O,'Future Requirements'!$E:$E,$B54,'Future Requirements'!$G:$G,D$52,'Future Requirements'!$B:$B,IF($C$3=\"\",\">=\"&$F$3,\">=\"&$C$3),'Future Requirements'!$B:$B,IF($C$4=\"\",\"<=\"&$F$4,\"<=\"&$C$4),'Future Requirements'!$J:$J,IF($C$5=\"Yes\",\"Yes\",IF($C$5=\"No\",\"No\",\"<>Luke\")),'Future Requirements'!$AC:$AC,IF($C$6=\"Agreed\",\"Agreed\",IF($C$6=\"C/Fwd\",\"C/Fwd\",\"<>Luke\")),'Future Requirements'!$AA:$AA,$I$5),0)+\nIF($J$6=\"Include\",SUMIFS('Future Requirements'!$O:$O,'Future Requirements'!$E:$E,$B54,'Future Requirements'!$G:$G,D$52,'Future Requirements'!$B:$B,IF($C$3=\"\",\">=\"&$F$3,\">=\"&$C$3),'Future Requirements'!$B:$B,IF($C$4=\"\",\"<=\"&$F$4,\"<=\"&$C$4),'Future Requirements'!$J:$J,IF($C$5=\"Yes\",\"Yes\",IF($C$5=\"No\",\"No\",\"<>Luke\")),'Future Requirements'!$AC:$AC,IF($C$6=\"Agreed\",\"Agreed\",IF($C$6=\"C/Fwd\",\"C/Fwd\",\"<>Luke\")),'Future Requirements'!$AA:$AA,$I$6),0)+\nIF($J$7=\"Include\",SUMIFS('Future Requirements'!$O:$O,'Future Requirements'!$E:$E,$B54,'Future Requirements'!$G:$G,D$52,'Future Requirements'!$B:$B,IF($C$3=\"\",\">=\"&$F$3,\">=\"&$C$3),'Future Requirements'!$B:$B,IF($C$4=\"\",\"<=\"&$F$4,\"<=\"&$C$4),'Future Requirements'!$J:$J,IF($C$5=\"Yes\",\"Yes\",IF($C$5=\"No\",\"No\",\"<>Luke\")),'Future Requirements'!$AC:$AC,IF($C$6=\"Agreed\",\"Agreed\",IF($C$6=\"C/Fwd\",\"C/Fwd\",\"<>Luke\")),'Future Requirements'!$AA:$AA,$I$7),0)","v":0},{"$f":"IF($J$3=\"Include\",SUMIFS('Future Requirements'!$O:$O,'Future Requirements'!$E:$E,$B54,'Future Requirements'!$G:$G,E$52,'Future Requirements'!$B:$B,IF($C$3=\"\",\">=\"&$F$3,\">=\"&$C$3),'Future Requirements'!$B:$B,IF($C$4=\"\",\"<=\"&$F$4,\"<=\"&$C$4),'Future Requirements'!$J:$J,IF($C$5=\"Yes\",\"Yes\",IF($C$5=\"No\",\"No\",\"<>Luke\")),'Future Requirements'!$AC:$AC,IF($C$6=\"Agreed\",\"Agreed\",IF($C$6=\"C/Fwd\",\"C/Fwd\",\"<>Luke\")),'Future Requirements'!$AA:$AA,$I$3),0)+\nIF($J$4=\"Include\",SUMIFS('Future Requirements'!$O:$O,'Future Requirements'!$E:$E,$B54,'Future Requirements'!$G:$G,E$52,'Future Requirements'!$B:$B,IF($C$3=\"\",\">=\"&$F$3,\">=\"&$C$3),'Future Requirements'!$B:$B,IF($C$4=\"\",\"<=\"&$F$4,\"<=\"&$C$4),'Future Requirements'!$J:$J,IF($C$5=\"Yes\",\"Yes\",IF($C$5=\"No\",\"No\",\"<>Luke\")),'Future Requirements'!$AC:$AC,IF($C$6=\"Agreed\",\"Agreed\",IF($C$6=\"C/Fwd\",\"C/Fwd\",\"<>Luke\")),'Future Requirements'!$AA:$AA,$I$4),0)+\nIF($J$5=\"Include\",SUMIFS('Future Requirements'!$O:$O,'Future Requirements'!$E:$E,$B54,'Future Requirements'!$G:$G,E$52,'Future Requirements'!$B:$B,IF($C$3=\"\",\">=\"&$F$3,\">=\"&$C$3),'Future Requirements'!$B:$B,IF($C$4=\"\",\"<=\"&$F$4,\"<=\"&$C$4),'Future Requirements'!$J:$J,IF($C$5=\"Yes\",\"Yes\",IF($C$5=\"No\",\"No\",\"<>Luke\")),'Future Requirements'!$AC:$AC,IF($C$6=\"Agreed\",\"Agreed\",IF($C$6=\"C/Fwd\",\"C/Fwd\",\"<>Luke\")),'Future Requirements'!$AA:$AA,$I$5),0)+\nIF($J$6=\"Include\",SUMIFS('Future Requirements'!$O:$O,'Future Requirements'!$E:$E,$B54,'Future Requirements'!$G:$G,E$52,'Future Requirements'!$B:$B,IF($C$3=\"\",\">=\"&$F$3,\">=\"&$C$3),'Future Requirements'!$B:$B,IF($C$4=\"\",\"<=\"&$F$4,\"<=\"&$C$4),'Future Requirements'!$J:$J,IF($C$5=\"Yes\",\"Yes\",IF($C$5=\"No\",\"No\",\"<>Luke\")),'Future Requirements'!$AC:$AC,IF($C$6=\"Agreed\",\"Agreed\",IF($C$6=\"C/Fwd\",\"C/Fwd\",\"<>Luke\")),'Future Requirements'!$AA:$AA,$I$6),0)+\nIF($J$7=\"Include\",SUMIFS('Future Requirements'!$O:$O,'Future Requirements'!$E:$E,$B54,'Future Requirements'!$G:$G,E$52,'Future Requirements'!$B:$B,IF($C$3=\"\",\">=\"&$F$3,\">=\"&$C$3),'Future Requirements'!$B:$B,IF($C$4=\"\",\"<=\"&$F$4,\"<=\"&$C$4),'Future Requirements'!$J:$J,IF($C$5=\"Yes\",\"Yes\",IF($C$5=\"No\",\"No\",\"<>Luke\")),'Future Requirements'!$AC:$AC,IF($C$6=\"Agreed\",\"Agreed\",IF($C$6=\"C/Fwd\",\"C/Fwd\",\"<>Luke\")),'Future Requirements'!$AA:$AA,$I$7),0)","v":0},{"$f":"IF($J$3=\"Include\",SUMIFS('Future Requirements'!$O:$O,'Future Requirements'!$E:$E,$B54,'Future Requirements'!$G:$G,F$52,'Future Requirements'!$B:$B,IF($C$3=\"\",\">=\"&$F$3,\">=\"&$C$3),'Future Requirements'!$B:$B,IF($C$4=\"\",\"<=\"&$F$4,\"<=\"&$C$4),'Future Requirements'!$J:$J,IF($C$5=\"Yes\",\"Yes\",IF($C$5=\"No\",\"No\",\"<>Luke\")),'Future Requirements'!$AC:$AC,IF($C$6=\"Agreed\",\"Agreed\",IF($C$6=\"C/Fwd\",\"C/Fwd\",\"<>Luke\")),'Future Requirements'!$AA:$AA,$I$3),0)+\nIF($J$4=\"Include\",SUMIFS('Future Requirements'!$O:$O,'Future Requirements'!$E:$E,$B54,'Future Requirements'!$G:$G,F$52,'Future Requirements'!$B:$B,IF($C$3=\"\",\">=\"&$F$3,\">=\"&$C$3),'Future Requirements'!$B:$B,IF($C$4=\"\",\"<=\"&$F$4,\"<=\"&$C$4),'Future Requirements'!$J:$J,IF($C$5=\"Yes\",\"Yes\",IF($C$5=\"No\",\"No\",\"<>Luke\")),'Future Requirements'!$AC:$AC,IF($C$6=\"Agreed\",\"Agreed\",IF($C$6=\"C/Fwd\",\"C/Fwd\",\"<>Luke\")),'Future Requirements'!$AA:$AA,$I$4),0)+\nIF($J$5=\"Include\",SUMIFS('Future Requirements'!$O:$O,'Future Requirements'!$E:$E,$B54,'Future Requirements'!$G:$G,F$52,'Future Requirements'!$B:$B,IF($C$3=\"\",\">=\"&$F$3,\">=\"&$C$3),'Future Requirements'!$B:$B,IF($C$4=\"\",\"<=\"&$F$4,\"<=\"&$C$4),'Future Requirements'!$J:$J,IF($C$5=\"Yes\",\"Yes\",IF($C$5=\"No\",\"No\",\"<>Luke\")),'Future Requirements'!$AC:$AC,IF($C$6=\"Agreed\",\"Agreed\",IF($C$6=\"C/Fwd\",\"C/Fwd\",\"<>Luke\")),'Future Requirements'!$AA:$AA,$I$5),0)+\nIF($J$6=\"Include\",SUMIFS('Future Requirements'!$O:$O,'Future Requirements'!$E:$E,$B54,'Future Requirements'!$G:$G,F$52,'Future Requirements'!$B:$B,IF($C$3=\"\",\">=\"&$F$3,\">=\"&$C$3),'Future Requirements'!$B:$B,IF($C$4=\"\",\"<=\"&$F$4,\"<=\"&$C$4),'Future Requirements'!$J:$J,IF($C$5=\"Yes\",\"Yes\",IF($C$5=\"No\",\"No\",\"<>Luke\")),'Future Requirements'!$AC:$AC,IF($C$6=\"Agreed\",\"Agreed\",IF($C$6=\"C/Fwd\",\"C/Fwd\",\"<>Luke\")),'Future Requirements'!$AA:$AA,$I$6),0)+\nIF($J$7=\"Include\",SUMIFS('Future Requirements'!$O:$O,'Future Requirements'!$E:$E,$B54,'Future Requirements'!$G:$G,F$52,'Future Requirements'!$B:$B,IF($C$3=\"\",\">=\"&$F$3,\">=\"&$C$3),'Future Requirements'!$B:$B,IF($C$4=\"\",\"<=\"&$F$4,\"<=\"&$C$4),'Future Requirements'!$J:$J,IF($C$5=\"Yes\",\"Yes\",IF($C$5=\"No\",\"No\",\"<>Luke\")),'Future Requirements'!$AC:$AC,IF($C$6=\"Agreed\",\"Agreed\",IF($C$6=\"C/Fwd\",\"C/Fwd\",\"<>Luke\")),'Future Requirements'!$AA:$AA,$I$7),0)","v":0},{"$f":"IF($J$3=\"Include\",SUMIFS('Future Requirements'!$O:$O,'Future Requirements'!$E:$E,$B54,'Future Requirements'!$G:$G,G$52,'Future Requirements'!$B:$B,IF($C$3=\"\",\">=\"&$F$3,\">=\"&$C$3),'Future Requirements'!$B:$B,IF($C$4=\"\",\"<=\"&$F$4,\"<=\"&$C$4),'Future Requirements'!$J:$J,IF($C$5=\"Yes\",\"Yes\",IF($C$5=\"No\",\"No\",\"<>Luke\")),'Future Requirements'!$AC:$AC,IF($C$6=\"Agreed\",\"Agreed\",IF($C$6=\"C/Fwd\",\"C/Fwd\",\"<>Luke\")),'Future Requirements'!$AA:$AA,$I$3),0)+\nIF($J$4=\"Include\",SUMIFS('Future Requirements'!$O:$O,'Future Requirements'!$E:$E,$B54,'Future Requirements'!$G:$G,G$52,'Future Requirements'!$B:$B,IF($C$3=\"\",\">=\"&$F$3,\">=\"&$C$3),'Future Requirements'!$B:$B,IF($C$4=\"\",\"<=\"&$F$4,\"<=\"&$C$4),'Future Requirements'!$J:$J,IF($C$5=\"Yes\",\"Yes\",IF($C$5=\"No\",\"No\",\"<>Luke\")),'Future Requirements'!$AC:$AC,IF($C$6=\"Agreed\",\"Agreed\",IF($C$6=\"C/Fwd\",\"C/Fwd\",\"<>Luke\")),'Future Requirements'!$AA:$AA,$I$4),0)+\nIF($J$5=\"Include\",SUMIFS('Future Requirements'!$O:$O,'Future Requirements'!$E:$E,$B54,'Future Requirements'!$G:$G,G$52,'Future Requirements'!$B:$B,IF($C$3=\"\",\">=\"&$F$3,\">=\"&$C$3),'Future Requirements'!$B:$B,IF($C$4=\"\",\"<=\"&$F$4,\"<=\"&$C$4),'Future Requirements'!$J:$J,IF($C$5=\"Yes\",\"Yes\",IF($C$5=\"No\",\"No\",\"<>Luke\")),'Future Requirements'!$AC:$AC,IF($C$6=\"Agreed\",\"Agreed\",IF($C$6=\"C/Fwd\",\"C/Fwd\",\"<>Luke\")),'Future Requirements'!$AA:$AA,$I$5),0)+\nIF($J$6=\"Include\",SUMIFS('Future Requirements'!$O:$O,'Future Requirements'!$E:$E,$B54,'Future Requirements'!$G:$G,G$52,'Future Requirements'!$B:$B,IF($C$3=\"\",\">=\"&$F$3,\">=\"&$C$3),'Future Requirements'!$B:$B,IF($C$4=\"\",\"<=\"&$F$4,\"<=\"&$C$4),'Future Requirements'!$J:$J,IF($C$5=\"Yes\",\"Yes\",IF($C$5=\"No\",\"No\",\"<>Luke\")),'Future Requirements'!$AC:$AC,IF($C$6=\"Agreed\",\"Agreed\",IF($C$6=\"C/Fwd\",\"C/Fwd\",\"<>Luke\")),'Future Requirements'!$AA:$AA,$I$6),0)+\nIF($J$7=\"Include\",SUMIFS('Future Requirements'!$O:$O,'Future Requirements'!$E:$E,$B54,'Future Requirements'!$G:$G,G$52,'Future Requirements'!$B:$B,IF($C$3=\"\",\">=\"&$F$3,\">=\"&$C$3),'Future Requirements'!$B:$B,IF($C$4=\"\",\"<=\"&$F$4,\"<=\"&$C$4),'Future Requirements'!$J:$J,IF($C$5=\"Yes\",\"Yes\",IF($C$5=\"No\",\"No\",\"<>Luke\")),'Future Requirements'!$AC:$AC,IF($C$6=\"Agreed\",\"Agreed\",IF($C$6=\"C/Fwd\",\"C/Fwd\",\"<>Luke\")),'Future Requirements'!$AA:$AA,$I$7),0)","v":0},{"$f":"IF($J$3=\"Include\",SUMIFS('Future Requirements'!$O:$O,'Future Requirements'!$E:$E,$B54,'Future Requirements'!$G:$G,H$52,'Future Requirements'!$B:$B,IF($C$3=\"\",\">=\"&$F$3,\">=\"&$C$3),'Future Requirements'!$B:$B,IF($C$4=\"\",\"<=\"&$F$4,\"<=\"&$C$4),'Future Requirements'!$J:$J,IF($C$5=\"Yes\",\"Yes\",IF($C$5=\"No\",\"No\",\"<>Luke\")),'Future Requirements'!$AC:$AC,IF($C$6=\"Agreed\",\"Agreed\",IF($C$6=\"C/Fwd\",\"C/Fwd\",\"<>Luke\")),'Future Requirements'!$AA:$AA,$I$3),0)+\nIF($J$4=\"Include\",SUMIFS('Future Requirements'!$O:$O,'Future Requirements'!$E:$E,$B54,'Future Requirements'!$G:$G,H$52,'Future Requirements'!$B:$B,IF($C$3=\"\",\">=\"&$F$3,\">=\"&$C$3),'Future Requirements'!$B:$B,IF($C$4=\"\",\"<=\"&$F$4,\"<=\"&$C$4),'Future Requirements'!$J:$J,IF($C$5=\"Yes\",\"Yes\",IF($C$5=\"No\",\"No\",\"<>Luke\")),'Future Requirements'!$AC:$AC,IF($C$6=\"Agreed\",\"Agreed\",IF($C$6=\"C/Fwd\",\"C/Fwd\",\"<>Luke\")),'Future Requirements'!$AA:$AA,$I$4),0)+\nIF($J$5=\"Include\",SUMIFS('Future Requirements'!$O:$O,'Future Requirements'!$E:$E,$B54,'Future Requirements'!$G:$G,H$52,'Future Requirements'!$B:$B,IF($C$3=\"\",\">=\"&$F$3,\">=\"&$C$3),'Future Requirements'!$B:$B,IF($C$4=\"\",\"<=\"&$F$4,\"<=\"&$C$4),'Future Requirements'!$J:$J,IF($C$5=\"Yes\",\"Yes\",IF($C$5=\"No\",\"No\",\"<>Luke\")),'Future Requirements'!$AC:$AC,IF($C$6=\"Agreed\",\"Agreed\",IF($C$6=\"C/Fwd\",\"C/Fwd\",\"<>Luke\")),'Future Requirements'!$AA:$AA,$I$5),0)+\nIF($J$6=\"Include\",SUMIFS('Future Requirements'!$O:$O,'Future Requirements'!$E:$E,$B54,'Future Requirements'!$G:$G,H$52,'Future Requirements'!$B:$B,IF($C$3=\"\",\">=\"&$F$3,\">=\"&$C$3),'Future Requirements'!$B:$B,IF($C$4=\"\",\"<=\"&$F$4,\"<=\"&$C$4),'Future Requirements'!$J:$J,IF($C$5=\"Yes\",\"Yes\",IF($C$5=\"No\",\"No\",\"<>Luke\")),'Future Requirements'!$AC:$AC,IF($C$6=\"Agreed\",\"Agreed\",IF($C$6=\"C/Fwd\",\"C/Fwd\",\"<>Luke\")),'Future Requirements'!$AA:$AA,$I$6),0)+\nIF($J$7=\"Include\",SUMIFS('Future Requirements'!$O:$O,'Future Requirements'!$E:$E,$B54,'Future Requirements'!$G:$G,H$52,'Future Requirements'!$B:$B,IF($C$3=\"\",\">=\"&$F$3,\">=\"&$C$3),'Future Requirements'!$B:$B,IF($C$4=\"\",\"<=\"&$F$4,\"<=\"&$C$4),'Future Requirements'!$J:$J,IF($C$5=\"Yes\",\"Yes\",IF($C$5=\"No\",\"No\",\"<>Luke\")),'Future Requirements'!$AC:$AC,IF($C$6=\"Agreed\",\"Agreed\",IF($C$6=\"C/Fwd\",\"C/Fwd\",\"<>Luke\")),'Future Requirements'!$AA:$AA,$I$7),0)","v":0},{"$f":"IF($J$3=\"Include\",SUMIFS('Future Requirements'!$O:$O,'Future Requirements'!$E:$E,$B54,'Future Requirements'!$G:$G,I$52,'Future Requirements'!$B:$B,IF($C$3=\"\",\">=\"&$F$3,\">=\"&$C$3),'Future Requirements'!$B:$B,IF($C$4=\"\",\"<=\"&$F$4,\"<=\"&$C$4),'Future Requirements'!$J:$J,IF($C$5=\"Yes\",\"Yes\",IF($C$5=\"No\",\"No\",\"<>Luke\")),'Future Requirements'!$AC:$AC,IF($C$6=\"Agreed\",\"Agreed\",IF($C$6=\"C/Fwd\",\"C/Fwd\",\"<>Luke\")),'Future Requirements'!$AA:$AA,$I$3),0)+\nIF($J$4=\"Include\",SUMIFS('Future Requirements'!$O:$O,'Future Requirements'!$E:$E,$B54,'Future Requirements'!$G:$G,I$52,'Future Requirements'!$B:$B,IF($C$3=\"\",\">=\"&$F$3,\">=\"&$C$3),'Future Requirements'!$B:$B,IF($C$4=\"\",\"<=\"&$F$4,\"<=\"&$C$4),'Future Requirements'!$J:$J,IF($C$5=\"Yes\",\"Yes\",IF($C$5=\"No\",\"No\",\"<>Luke\")),'Future Requirements'!$AC:$AC,IF($C$6=\"Agreed\",\"Agreed\",IF($C$6=\"C/Fwd\",\"C/Fwd\",\"<>Luke\")),'Future Requirements'!$AA:$AA,$I$4),0)+\nIF($J$5=\"Include\",SUMIFS('Future Requirements'!$O:$O,'Future Requirements'!$E:$E,$B54,'Future Requirements'!$G:$G,I$52,'Future Requirements'!$B:$B,IF($C$3=\"\",\">=\"&$F$3,\">=\"&$C$3),'Future Requirements'!$B:$B,IF($C$4=\"\",\"<=\"&$F$4,\"<=\"&$C$4),'Future Requirements'!$J:$J,IF($C$5=\"Yes\",\"Yes\",IF($C$5=\"No\",\"No\",\"<>Luke\")),'Future Requirements'!$AC:$AC,IF($C$6=\"Agreed\",\"Agreed\",IF($C$6=\"C/Fwd\",\"C/Fwd\",\"<>Luke\")),'Future Requirements'!$AA:$AA,$I$5),0)+\nIF($J$6=\"Include\",SUMIFS('Future Requirements'!$O:$O,'Future Requirements'!$E:$E,$B54,'Future Requirements'!$G:$G,I$52,'Future Requirements'!$B:$B,IF($C$3=\"\",\">=\"&$F$3,\">=\"&$C$3),'Future Requirements'!$B:$B,IF($C$4=\"\",\"<=\"&$F$4,\"<=\"&$C$4),'Future Requirements'!$J:$J,IF($C$5=\"Yes\",\"Yes\",IF($C$5=\"No\",\"No\",\"<>Luke\")),'Future Requirements'!$AC:$AC,IF($C$6=\"Agreed\",\"Agreed\",IF($C$6=\"C/Fwd\",\"C/Fwd\",\"<>Luke\")),'Future Requirements'!$AA:$AA,$I$6),0)+\nIF($J$7=\"Include\",SUMIFS('Future Requirements'!$O:$O,'Future Requirements'!$E:$E,$B54,'Future Requirements'!$G:$G,I$52,'Future Requirements'!$B:$B,IF($C$3=\"\",\">=\"&$F$3,\">=\"&$C$3),'Future Requirements'!$B:$B,IF($C$4=\"\",\"<=\"&$F$4,\"<=\"&$C$4),'Future Requirements'!$J:$J,IF($C$5=\"Yes\",\"Yes\",IF($C$5=\"No\",\"No\",\"<>Luke\")),'Future Requirements'!$AC:$AC,IF($C$6=\"Agreed\",\"Agreed\",IF($C$6=\"C/Fwd\",\"C/Fwd\",\"<>Luke\")),'Future Requirements'!$AA:$AA,$I$7),0)","v":0},{"$f":"IF($J$3=\"Include\",SUMIFS('Future Requirements'!$O:$O,'Future Requirements'!$E:$E,$B54,'Future Requirements'!$G:$G,J$52,'Future Requirements'!$B:$B,IF($C$3=\"\",\">=\"&$F$3,\">=\"&$C$3),'Future Requirements'!$B:$B,IF($C$4=\"\",\"<=\"&$F$4,\"<=\"&$C$4),'Future Requirements'!$J:$J,IF($C$5=\"Yes\",\"Yes\",IF($C$5=\"No\",\"No\",\"<>Luke\")),'Future Requirements'!$AC:$AC,IF($C$6=\"Agreed\",\"Agreed\",IF($C$6=\"C/Fwd\",\"C/Fwd\",\"<>Luke\")),'Future Requirements'!$AA:$AA,$I$3),0)+\nIF($J$4=\"Include\",SUMIFS('Future Requirements'!$O:$O,'Future Requirements'!$E:$E,$B54,'Future Requirements'!$G:$G,J$52,'Future Requirements'!$B:$B,IF($C$3=\"\",\">=\"&$F$3,\">=\"&$C$3),'Future Requirements'!$B:$B,IF($C$4=\"\",\"<=\"&$F$4,\"<=\"&$C$4),'Future Requirements'!$J:$J,IF($C$5=\"Yes\",\"Yes\",IF($C$5=\"No\",\"No\",\"<>Luke\")),'Future Requirements'!$AC:$AC,IF($C$6=\"Agreed\",\"Agreed\",IF($C$6=\"C/Fwd\",\"C/Fwd\",\"<>Luke\")),'Future Requirements'!$AA:$AA,$I$4),0)+\nIF($J$5=\"Include\",SUMIFS('Future Requirements'!$O:$O,'Future Requirements'!$E:$E,$B54,'Future Requirements'!$G:$G,J$52,'Future Requirements'!$B:$B,IF($C$3=\"\",\">=\"&$F$3,\">=\"&$C$3),'Future Requirements'!$B:$B,IF($C$4=\"\",\"<=\"&$F$4,\"<=\"&$C$4),'Future Requirements'!$J:$J,IF($C$5=\"Yes\",\"Yes\",IF($C$5=\"No\",\"No\",\"<>Luke\")),'Future Requirements'!$AC:$AC,IF($C$6=\"Agreed\",\"Agreed\",IF($C$6=\"C/Fwd\",\"C/Fwd\",\"<>Luke\")),'Future Requirements'!$AA:$AA,$I$5),0)+\nIF($J$6=\"Include\",SUMIFS('Future Requirements'!$O:$O,'Future Requirements'!$E:$E,$B54,'Future Requirements'!$G:$G,J$52,'Future Requirements'!$B:$B,IF($C$3=\"\",\">=\"&$F$3,\">=\"&$C$3),'Future Requirements'!$B:$B,IF($C$4=\"\",\"<=\"&$F$4,\"<=\"&$C$4),'Future Requirements'!$J:$J,IF($C$5=\"Yes\",\"Yes\",IF($C$5=\"No\",\"No\",\"<>Luke\")),'Future Requirements'!$AC:$AC,IF($C$6=\"Agreed\",\"Agreed\",IF($C$6=\"C/Fwd\",\"C/Fwd\",\"<>Luke\")),'Future Requirements'!$AA:$AA,$I$6),0)+\nIF($J$7=\"Include\",SUMIFS('Future Requirements'!$O:$O,'Future Requirements'!$E:$E,$B54,'Future Requirements'!$G:$G,J$52,'Future Requirements'!$B:$B,IF($C$3=\"\",\">=\"&$F$3,\">=\"&$C$3),'Future Requirements'!$B:$B,IF($C$4=\"\",\"<=\"&$F$4,\"<=\"&$C$4),'Future Requirements'!$J:$J,IF($C$5=\"Yes\",\"Yes\",IF($C$5=\"No\",\"No\",\"<>Luke\")),'Future Requirements'!$AC:$AC,IF($C$6=\"Agreed\",\"Agreed\",IF($C$6=\"C/Fwd\",\"C/Fwd\",\"<>Luke\")),'Future Requirements'!$AA:$AA,$I$7),0)","v":0},{"$f":"IF($J$3=\"Include\",SUMIFS('Future Requirements'!$O:$O,'Future Requirements'!$E:$E,$B54,'Future Requirements'!$G:$G,K$52,'Future Requirements'!$B:$B,IF($C$3=\"\",\">=\"&$F$3,\">=\"&$C$3),'Future Requirements'!$B:$B,IF($C$4=\"\",\"<=\"&$F$4,\"<=\"&$C$4),'Future Requirements'!$J:$J,IF($C$5=\"Yes\",\"Yes\",IF($C$5=\"No\",\"No\",\"<>Luke\")),'Future Requirements'!$AC:$AC,IF($C$6=\"Agreed\",\"Agreed\",IF($C$6=\"C/Fwd\",\"C/Fwd\",\"<>Luke\")),'Future Requirements'!$AA:$AA,$I$3),0)+\nIF($J$4=\"Include\",SUMIFS('Future Requirements'!$O:$O,'Future Requirements'!$E:$E,$B54,'Future Requirements'!$G:$G,K$52,'Future Requirements'!$B:$B,IF($C$3=\"\",\">=\"&$F$3,\">=\"&$C$3),'Future Requirements'!$B:$B,IF($C$4=\"\",\"<=\"&$F$4,\"<=\"&$C$4),'Future Requirements'!$J:$J,IF($C$5=\"Yes\",\"Yes\",IF($C$5=\"No\",\"No\",\"<>Luke\")),'Future Requirements'!$AC:$AC,IF($C$6=\"Agreed\",\"Agreed\",IF($C$6=\"C/Fwd\",\"C/Fwd\",\"<>Luke\")),'Future Requirements'!$AA:$AA,$I$4),0)+\nIF($J$5=\"Include\",SUMIFS('Future Requirements'!$O:$O,'Future Requirements'!$E:$E,$B54,'Future Requirements'!$G:$G,K$52,'Future Requirements'!$B:$B,IF($C$3=\"\",\">=\"&$F$3,\">=\"&$C$3),'Future Requirements'!$B:$B,IF($C$4=\"\",\"<=\"&$F$4,\"<=\"&$C$4),'Future Requirements'!$J:$J,IF($C$5=\"Yes\",\"Yes\",IF($C$5=\"No\",\"No\",\"<>Luke\")),'Future Requirements'!$AC:$AC,IF($C$6=\"Agreed\",\"Agreed\",IF($C$6=\"C/Fwd\",\"C/Fwd\",\"<>Luke\")),'Future Requirements'!$AA:$AA,$I$5),0)+\nIF($J$6=\"Include\",SUMIFS('Future Requirements'!$O:$O,'Future Requirements'!$E:$E,$B54,'Future Requirements'!$G:$G,K$52,'Future Requirements'!$B:$B,IF($C$3=\"\",\">=\"&$F$3,\">=\"&$C$3),'Future Requirements'!$B:$B,IF($C$4=\"\",\"<=\"&$F$4,\"<=\"&$C$4),'Future Requirements'!$J:$J,IF($C$5=\"Yes\",\"Yes\",IF($C$5=\"No\",\"No\",\"<>Luke\")),'Future Requirements'!$AC:$AC,IF($C$6=\"Agreed\",\"Agreed\",IF($C$6=\"C/Fwd\",\"C/Fwd\",\"<>Luke\")),'Future Requirements'!$AA:$AA,$I$6),0)+\nIF($J$7=\"Include\",SUMIFS('Future Requirements'!$O:$O,'Future Requirements'!$E:$E,$B54,'Future Requirements'!$G:$G,K$52,'Future Requirements'!$B:$B,IF($C$3=\"\",\">=\"&$F$3,\">=\"&$C$3),'Future Requirements'!$B:$B,IF($C$4=\"\",\"<=\"&$F$4,\"<=\"&$C$4),'Future Requirements'!$J:$J,IF($C$5=\"Yes\",\"Yes\",IF($C$5=\"No\",\"No\",\"<>Luke\")),'Future Requirements'!$AC:$AC,IF($C$6=\"Agreed\",\"Agreed\",IF($C$6=\"C/Fwd\",\"C/Fwd\",\"<>Luke\")),'Future Requirements'!$AA:$AA,$I$7),0)","v":0},{"$f":"IF($J$3=\"Include\",SUMIFS('Future Requirements'!$O:$O,'Future Requirements'!$E:$E,$B54,'Future Requirements'!$G:$G,L$52,'Future Requirements'!$B:$B,IF($C$3=\"\",\">=\"&$F$3,\">=\"&$C$3),'Future Requirements'!$B:$B,IF($C$4=\"\",\"<=\"&$F$4,\"<=\"&$C$4),'Future Requirements'!$J:$J,IF($C$5=\"Yes\",\"Yes\",IF($C$5=\"No\",\"No\",\"<>Luke\")),'Future Requirements'!$AC:$AC,IF($C$6=\"Agreed\",\"Agreed\",IF($C$6=\"C/Fwd\",\"C/Fwd\",\"<>Luke\")),'Future Requirements'!$AA:$AA,$I$3),0)+\nIF($J$4=\"Include\",SUMIFS('Future Requirements'!$O:$O,'Future Requirements'!$E:$E,$B54,'Future Requirements'!$G:$G,L$52,'Future Requirements'!$B:$B,IF($C$3=\"\",\">=\"&$F$3,\">=\"&$C$3),'Future Requirements'!$B:$B,IF($C$4=\"\",\"<=\"&$F$4,\"<=\"&$C$4),'Future Requirements'!$J:$J,IF($C$5=\"Yes\",\"Yes\",IF($C$5=\"No\",\"No\",\"<>Luke\")),'Future Requirements'!$AC:$AC,IF($C$6=\"Agreed\",\"Agreed\",IF($C$6=\"C/Fwd\",\"C/Fwd\",\"<>Luke\")),'Future Requirements'!$AA:$AA,$I$4),0)+\nIF($J$5=\"Include\",SUMIFS('Future Requirements'!$O:$O,'Future Requirements'!$E:$E,$B54,'Future Requirements'!$G:$G,L$52,'Future Requirements'!$B:$B,IF($C$3=\"\",\">=\"&$F$3,\">=\"&$C$3),'Future Requirements'!$B:$B,IF($C$4=\"\",\"<=\"&$F$4,\"<=\"&$C$4),'Future Requirements'!$J:$J,IF($C$5=\"Yes\",\"Yes\",IF($C$5=\"No\",\"No\",\"<>Luke\")),'Future Requirements'!$AC:$AC,IF($C$6=\"Agreed\",\"Agreed\",IF($C$6=\"C/Fwd\",\"C/Fwd\",\"<>Luke\")),'Future Requirements'!$AA:$AA,$I$5),0)+\nIF($J$6=\"Include\",SUMIFS('Future Requirements'!$O:$O,'Future Requirements'!$E:$E,$B54,'Future Requirements'!$G:$G,L$52,'Future Requirements'!$B:$B,IF($C$3=\"\",\">=\"&$F$3,\">=\"&$C$3),'Future Requirements'!$B:$B,IF($C$4=\"\",\"<=\"&$F$4,\"<=\"&$C$4),'Future Requirements'!$J:$J,IF($C$5=\"Yes\",\"Yes\",IF($C$5=\"No\",\"No\",\"<>Luke\")),'Future Requirements'!$AC:$AC,IF($C$6=\"Agreed\",\"Agreed\",IF($C$6=\"C/Fwd\",\"C/Fwd\",\"<>Luke\")),'Future Requirements'!$AA:$AA,$I$6),0)+\nIF($J$7=\"Include\",SUMIFS('Future Requirements'!$O:$O,'Future Requirements'!$E:$E,$B54,'Future Requirements'!$G:$G,L$52,'Future Requirements'!$B:$B,IF($C$3=\"\",\">=\"&$F$3,\">=\"&$C$3),'Future Requirements'!$B:$B,IF($C$4=\"\",\"<=\"&$F$4,\"<=\"&$C$4),'Future Requirements'!$J:$J,IF($C$5=\"Yes\",\"Yes\",IF($C$5=\"No\",\"No\",\"<>Luke\")),'Future Requirements'!$AC:$AC,IF($C$6=\"Agreed\",\"Agreed\",IF($C$6=\"C/Fwd\",\"C/Fwd\",\"<>Luke\")),'Future Requirements'!$AA:$AA,$I$7),0)","v":0},{"$f":"IF($J$3=\"Include\",SUMIFS('Future Requirements'!$O:$O,'Future Requirements'!$E:$E,$B54,'Future Requirements'!$G:$G,M$52,'Future Requirements'!$B:$B,IF($C$3=\"\",\">=\"&$F$3,\">=\"&$C$3),'Future Requirements'!$B:$B,IF($C$4=\"\",\"<=\"&$F$4,\"<=\"&$C$4),'Future Requirements'!$J:$J,IF($C$5=\"Yes\",\"Yes\",IF($C$5=\"No\",\"No\",\"<>Luke\")),'Future Requirements'!$AC:$AC,IF($C$6=\"Agreed\",\"Agreed\",IF($C$6=\"C/Fwd\",\"C/Fwd\",\"<>Luke\")),'Future Requirements'!$AA:$AA,$I$3),0)+\nIF($J$4=\"Include\",SUMIFS('Future Requirements'!$O:$O,'Future Requirements'!$E:$E,$B54,'Future Requirements'!$G:$G,M$52,'Future Requirements'!$B:$B,IF($C$3=\"\",\">=\"&$F$3,\">=\"&$C$3),'Future Requirements'!$B:$B,IF($C$4=\"\",\"<=\"&$F$4,\"<=\"&$C$4),'Future Requirements'!$J:$J,IF($C$5=\"Yes\",\"Yes\",IF($C$5=\"No\",\"No\",\"<>Luke\")),'Future Requirements'!$AC:$AC,IF($C$6=\"Agreed\",\"Agreed\",IF($C$6=\"C/Fwd\",\"C/Fwd\",\"<>Luke\")),'Future Requirements'!$AA:$AA,$I$4),0)+\nIF($J$5=\"Include\",SUMIFS('Future Requirements'!$O:$O,'Future Requirements'!$E:$E,$B54,'Future Requirements'!$G:$G,M$52,'Future Requirements'!$B:$B,IF($C$3=\"\",\">=\"&$F$3,\">=\"&$C$3),'Future Requirements'!$B:$B,IF($C$4=\"\",\"<=\"&$F$4,\"<=\"&$C$4),'Future Requirements'!$J:$J,IF($C$5=\"Yes\",\"Yes\",IF($C$5=\"No\",\"No\",\"<>Luke\")),'Future Requirements'!$AC:$AC,IF($C$6=\"Agreed\",\"Agreed\",IF($C$6=\"C/Fwd\",\"C/Fwd\",\"<>Luke\")),'Future Requirements'!$AA:$AA,$I$5),0)+\nIF($J$6=\"Include\",SUMIFS('Future Requirements'!$O:$O,'Future Requirements'!$E:$E,$B54,'Future Requirements'!$G:$G,M$52,'Future Requirements'!$B:$B,IF($C$3=\"\",\">=\"&$F$3,\">=\"&$C$3),'Future Requirements'!$B:$B,IF($C$4=\"\",\"<=\"&$F$4,\"<=\"&$C$4),'Future Requirements'!$J:$J,IF($C$5=\"Yes\",\"Yes\",IF($C$5=\"No\",\"No\",\"<>Luke\")),'Future Requirements'!$AC:$AC,IF($C$6=\"Agreed\",\"Agreed\",IF($C$6=\"C/Fwd\",\"C/Fwd\",\"<>Luke\")),'Future Requirements'!$AA:$AA,$I$6),0)+\nIF($J$7=\"Include\",SUMIFS('Future Requirements'!$O:$O,'Future Requirements'!$E:$E,$B54,'Future Requirements'!$G:$G,M$52,'Future Requirements'!$B:$B,IF($C$3=\"\",\">=\"&$F$3,\">=\"&$C$3),'Future Requirements'!$B:$B,IF($C$4=\"\",\"<=\"&$F$4,\"<=\"&$C$4),'Future Requirements'!$J:$J,IF($C$5=\"Yes\",\"Yes\",IF($C$5=\"No\",\"No\",\"<>Luke\")),'Future Requirements'!$AC:$AC,IF($C$6=\"Agreed\",\"Agreed\",IF($C$6=\"C/Fwd\",\"C/Fwd\",\"<>Luke\")),'Future Requirements'!$AA:$AA,$I$7),0)","v":0},{"$f":"IF($J$3=\"Include\",SUMIFS('Future Requirements'!$O:$O,'Future Requirements'!$E:$E,$B54,'Future Requirements'!$G:$G,N$52,'Future Requirements'!$B:$B,IF($C$3=\"\",\">=\"&$F$3,\">=\"&$C$3),'Future Requirements'!$B:$B,IF($C$4=\"\",\"<=\"&$F$4,\"<=\"&$C$4),'Future Requirements'!$J:$J,IF($C$5=\"Yes\",\"Yes\",IF($C$5=\"No\",\"No\",\"<>Luke\")),'Future Requirements'!$AC:$AC,IF($C$6=\"Agreed\",\"Agreed\",IF($C$6=\"C/Fwd\",\"C/Fwd\",\"<>Luke\")),'Future Requirements'!$AA:$AA,$I$3),0)+\nIF($J$4=\"Include\",SUMIFS('Future Requirements'!$O:$O,'Future Requirements'!$E:$E,$B54,'Future Requirements'!$G:$G,N$52,'Future Requirements'!$B:$B,IF($C$3=\"\",\">=\"&$F$3,\">=\"&$C$3),'Future Requirements'!$B:$B,IF($C$4=\"\",\"<=\"&$F$4,\"<=\"&$C$4),'Future Requirements'!$J:$J,IF($C$5=\"Yes\",\"Yes\",IF($C$5=\"No\",\"No\",\"<>Luke\")),'Future Requirements'!$AC:$AC,IF($C$6=\"Agreed\",\"Agreed\",IF($C$6=\"C/Fwd\",\"C/Fwd\",\"<>Luke\")),'Future Requirements'!$AA:$AA,$I$4),0)+\nIF($J$5=\"Include\",SUMIFS('Future Requirements'!$O:$O,'Future Requirements'!$E:$E,$B54,'Future Requirements'!$G:$G,N$52,'Future Requirements'!$B:$B,IF($C$3=\"\",\">=\"&$F$3,\">=\"&$C$3),'Future Requirements'!$B:$B,IF($C$4=\"\",\"<=\"&$F$4,\"<=\"&$C$4),'Future Requirements'!$J:$J,IF($C$5=\"Yes\",\"Yes\",IF($C$5=\"No\",\"No\",\"<>Luke\")),'Future Requirements'!$AC:$AC,IF($C$6=\"Agreed\",\"Agreed\",IF($C$6=\"C/Fwd\",\"C/Fwd\",\"<>Luke\")),'Future Requirements'!$AA:$AA,$I$5),0)+\nIF($J$6=\"Include\",SUMIFS('Future Requirements'!$O:$O,'Future Requirements'!$E:$E,$B54,'Future Requirements'!$G:$G,N$52,'Future Requirements'!$B:$B,IF($C$3=\"\",\">=\"&$F$3,\">=\"&$C$3),'Future Requirements'!$B:$B,IF($C$4=\"\",\"<=\"&$F$4,\"<=\"&$C$4),'Future Requirements'!$J:$J,IF($C$5=\"Yes\",\"Yes\",IF($C$5=\"No\",\"No\",\"<>Luke\")),'Future Requirements'!$AC:$AC,IF($C$6=\"Agreed\",\"Agreed\",IF($C$6=\"C/Fwd\",\"C/Fwd\",\"<>Luke\")),'Future Requirements'!$AA:$AA,$I$6),0)+\nIF($J$7=\"Include\",SUMIFS('Future Requirements'!$O:$O,'Future Requirements'!$E:$E,$B54,'Future Requirements'!$G:$G,N$52,'Future Requirements'!$B:$B,IF($C$3=\"\",\">=\"&$F$3,\">=\"&$C$3),'Future Requirements'!$B:$B,IF($C$4=\"\",\"<=\"&$F$4,\"<=\"&$C$4),'Future Requirements'!$J:$J,IF($C$5=\"Yes\",\"Yes\",IF($C$5=\"No\",\"No\",\"<>Luke\")),'Future Requirements'!$AC:$AC,IF($C$6=\"Agreed\",\"Agreed\",IF($C$6=\"C/Fwd\",\"C/Fwd\",\"<>Luke\")),'Future Requirements'!$AA:$AA,$I$7),0)","v":0},{"$f":"IF($J$3=\"Include\",SUMIFS('Future Requirements'!$O:$O,'Future Requirements'!$E:$E,$B54,'Future Requirements'!$G:$G,O$52,'Future Requirements'!$B:$B,IF($C$3=\"\",\">=\"&$F$3,\">=\"&$C$3),'Future Requirements'!$B:$B,IF($C$4=\"\",\"<=\"&$F$4,\"<=\"&$C$4),'Future Requirements'!$J:$J,IF($C$5=\"Yes\",\"Yes\",IF($C$5=\"No\",\"No\",\"<>Luke\")),'Future Requirements'!$AC:$AC,IF($C$6=\"Agreed\",\"Agreed\",IF($C$6=\"C/Fwd\",\"C/Fwd\",\"<>Luke\")),'Future Requirements'!$AA:$AA,$I$3),0)+\nIF($J$4=\"Include\",SUMIFS('Future Requirements'!$O:$O,'Future Requirements'!$E:$E,$B54,'Future Requirements'!$G:$G,O$52,'Future Requirements'!$B:$B,IF($C$3=\"\",\">=\"&$F$3,\">=\"&$C$3),'Future Requirements'!$B:$B,IF($C$4=\"\",\"<=\"&$F$4,\"<=\"&$C$4),'Future Requirements'!$J:$J,IF($C$5=\"Yes\",\"Yes\",IF($C$5=\"No\",\"No\",\"<>Luke\")),'Future Requirements'!$AC:$AC,IF($C$6=\"Agreed\",\"Agreed\",IF($C$6=\"C/Fwd\",\"C/Fwd\",\"<>Luke\")),'Future Requirements'!$AA:$AA,$I$4),0)+\nIF($J$5=\"Include\",SUMIFS('Future Requirements'!$O:$O,'Future Requirements'!$E:$E,$B54,'Future Requirements'!$G:$G,O$52,'Future Requirements'!$B:$B,IF($C$3=\"\",\">=\"&$F$3,\">=\"&$C$3),'Future Requirements'!$B:$B,IF($C$4=\"\",\"<=\"&$F$4,\"<=\"&$C$4),'Future Requirements'!$J:$J,IF($C$5=\"Yes\",\"Yes\",IF($C$5=\"No\",\"No\",\"<>Luke\")),'Future Requirements'!$AC:$AC,IF($C$6=\"Agreed\",\"Agreed\",IF($C$6=\"C/Fwd\",\"C/Fwd\",\"<>Luke\")),'Future Requirements'!$AA:$AA,$I$5),0)+\nIF($J$6=\"Include\",SUMIFS('Future Requirements'!$O:$O,'Future Requirements'!$E:$E,$B54,'Future Requirements'!$G:$G,O$52,'Future Requirements'!$B:$B,IF($C$3=\"\",\">=\"&$F$3,\">=\"&$C$3),'Future Requirements'!$B:$B,IF($C$4=\"\",\"<=\"&$F$4,\"<=\"&$C$4),'Future Requirements'!$J:$J,IF($C$5=\"Yes\",\"Yes\",IF($C$5=\"No\",\"No\",\"<>Luke\")),'Future Requirements'!$AC:$AC,IF($C$6=\"Agreed\",\"Agreed\",IF($C$6=\"C/Fwd\",\"C/Fwd\",\"<>Luke\")),'Future Requirements'!$AA:$AA,$I$6),0)+\nIF($J$7=\"Include\",SUMIFS('Future Requirements'!$O:$O,'Future Requirements'!$E:$E,$B54,'Future Requirements'!$G:$G,O$52,'Future Requirements'!$B:$B,IF($C$3=\"\",\">=\"&$F$3,\">=\"&$C$3),'Future Requirements'!$B:$B,IF($C$4=\"\",\"<=\"&$F$4,\"<=\"&$C$4),'Future Requirements'!$J:$J,IF($C$5=\"Yes\",\"Yes\",IF($C$5=\"No\",\"No\",\"<>Luke\")),'Future Requirements'!$AC:$AC,IF($C$6=\"Agreed\",\"Agreed\",IF($C$6=\"C/Fwd\",\"C/Fwd\",\"<>Luke\")),'Future Requirements'!$AA:$AA,$I$7),0)","v":0},{"$f":"IF($J$3=\"Include\",SUMIFS('Future Requirements'!$O:$O,'Future Requirements'!$E:$E,$B54,'Future Requirements'!$G:$G,P$52,'Future Requirements'!$B:$B,IF($C$3=\"\",\">=\"&$F$3,\">=\"&$C$3),'Future Requirements'!$B:$B,IF($C$4=\"\",\"<=\"&$F$4,\"<=\"&$C$4),'Future Requirements'!$J:$J,IF($C$5=\"Yes\",\"Yes\",IF($C$5=\"No\",\"No\",\"<>Luke\")),'Future Requirements'!$AC:$AC,IF($C$6=\"Agreed\",\"Agreed\",IF($C$6=\"C/Fwd\",\"C/Fwd\",\"<>Luke\")),'Future Requirements'!$AA:$AA,$I$3),0)+\nIF($J$4=\"Include\",SUMIFS('Future Requirements'!$O:$O,'Future Requirements'!$E:$E,$B54,'Future Requirements'!$G:$G,P$52,'Future Requirements'!$B:$B,IF($C$3=\"\",\">=\"&$F$3,\">=\"&$C$3),'Future Requirements'!$B:$B,IF($C$4=\"\",\"<=\"&$F$4,\"<=\"&$C$4),'Future Requirements'!$J:$J,IF($C$5=\"Yes\",\"Yes\",IF($C$5=\"No\",\"No\",\"<>Luke\")),'Future Requirements'!$AC:$AC,IF($C$6=\"Agreed\",\"Agreed\",IF($C$6=\"C/Fwd\",\"C/Fwd\",\"<>Luke\")),'Future Requirements'!$AA:$AA,$I$4),0)+\nIF($J$5=\"Include\",SUMIFS('Future Requirements'!$O:$O,'Future Requirements'!$E:$E,$B54,'Future Requirements'!$G:$G,P$52,'Future Requirements'!$B:$B,IF($C$3=\"\",\">=\"&$F$3,\">=\"&$C$3),'Future Requirements'!$B:$B,IF($C$4=\"\",\"<=\"&$F$4,\"<=\"&$C$4),'Future Requirements'!$J:$J,IF($C$5=\"Yes\",\"Yes\",IF($C$5=\"No\",\"No\",\"<>Luke\")),'Future Requirements'!$AC:$AC,IF($C$6=\"Agreed\",\"Agreed\",IF($C$6=\"C/Fwd\",\"C/Fwd\",\"<>Luke\")),'Future Requirements'!$AA:$AA,$I$5),0)+\nIF($J$6=\"Include\",SUMIFS('Future Requirements'!$O:$O,'Future Requirements'!$E:$E,$B54,'Future Requirements'!$G:$G,P$52,'Future Requirements'!$B:$B,IF($C$3=\"\",\">=\"&$F$3,\">=\"&$C$3),'Future Requirements'!$B:$B,IF($C$4=\"\",\"<=\"&$F$4,\"<=\"&$C$4),'Future Requirements'!$J:$J,IF($C$5=\"Yes\",\"Yes\",IF($C$5=\"No\",\"No\",\"<>Luke\")),'Future Requirements'!$AC:$AC,IF($C$6=\"Agreed\",\"Agreed\",IF($C$6=\"C/Fwd\",\"C/Fwd\",\"<>Luke\")),'Future Requirements'!$AA:$AA,$I$6),0)+\nIF($J$7=\"Include\",SUMIFS('Future Requirements'!$O:$O,'Future Requirements'!$E:$E,$B54,'Future Requirements'!$G:$G,P$52,'Future Requirements'!$B:$B,IF($C$3=\"\",\">=\"&$F$3,\">=\"&$C$3),'Future Requirements'!$B:$B,IF($C$4=\"\",\"<=\"&$F$4,\"<=\"&$C$4),'Future Requirements'!$J:$J,IF($C$5=\"Yes\",\"Yes\",IF($C$5=\"No\",\"No\",\"<>Luke\")),'Future Requirements'!$AC:$AC,IF($C$6=\"Agreed\",\"Agreed\",IF($C$6=\"C/Fwd\",\"C/Fwd\",\"<>Luke\")),'Future Requirements'!$AA:$AA,$I$7),0)","v":0},{"$f":"IF($J$3=\"Include\",SUMIFS('Future Requirements'!$O:$O,'Future Requirements'!$E:$E,$B54,'Future Requirements'!$G:$G,Q$52,'Future Requirements'!$B:$B,IF($C$3=\"\",\">=\"&$F$3,\">=\"&$C$3),'Future Requirements'!$B:$B,IF($C$4=\"\",\"<=\"&$F$4,\"<=\"&$C$4),'Future Requirements'!$J:$J,IF($C$5=\"Yes\",\"Yes\",IF($C$5=\"No\",\"No\",\"<>Luke\")),'Future Requirements'!$AC:$AC,IF($C$6=\"Agreed\",\"Agreed\",IF($C$6=\"C/Fwd\",\"C/Fwd\",\"<>Luke\")),'Future Requirements'!$AA:$AA,$I$3),0)+\nIF($J$4=\"Include\",SUMIFS('Future Requirements'!$O:$O,'Future Requirements'!$E:$E,$B54,'Future Requirements'!$G:$G,Q$52,'Future Requirements'!$B:$B,IF($C$3=\"\",\">=\"&$F$3,\">=\"&$C$3),'Future Requirements'!$B:$B,IF($C$4=\"\",\"<=\"&$F$4,\"<=\"&$C$4),'Future Requirements'!$J:$J,IF($C$5=\"Yes\",\"Yes\",IF($C$5=\"No\",\"No\",\"<>Luke\")),'Future Requirements'!$AC:$AC,IF($C$6=\"Agreed\",\"Agreed\",IF($C$6=\"C/Fwd\",\"C/Fwd\",\"<>Luke\")),'Future Requirements'!$AA:$AA,$I$4),0)+\nIF($J$5=\"Include\",SUMIFS('Future Requirements'!$O:$O,'Future Requirements'!$E:$E,$B54,'Future Requirements'!$G:$G,Q$52,'Future Requirements'!$B:$B,IF($C$3=\"\",\">=\"&$F$3,\">=\"&$C$3),'Future Requirements'!$B:$B,IF($C$4=\"\",\"<=\"&$F$4,\"<=\"&$C$4),'Future Requirements'!$J:$J,IF($C$5=\"Yes\",\"Yes\",IF($C$5=\"No\",\"No\",\"<>Luke\")),'Future Requirements'!$AC:$AC,IF($C$6=\"Agreed\",\"Agreed\",IF($C$6=\"C/Fwd\",\"C/Fwd\",\"<>Luke\")),'Future Requirements'!$AA:$AA,$I$5),0)+\nIF($J$6=\"Include\",SUMIFS('Future Requirements'!$O:$O,'Future Requirements'!$E:$E,$B54,'Future Requirements'!$G:$G,Q$52,'Future Requirements'!$B:$B,IF($C$3=\"\",\">=\"&$F$3,\">=\"&$C$3),'Future Requirements'!$B:$B,IF($C$4=\"\",\"<=\"&$F$4,\"<=\"&$C$4),'Future Requirements'!$J:$J,IF($C$5=\"Yes\",\"Yes\",IF($C$5=\"No\",\"No\",\"<>Luke\")),'Future Requirements'!$AC:$AC,IF($C$6=\"Agreed\",\"Agreed\",IF($C$6=\"C/Fwd\",\"C/Fwd\",\"<>Luke\")),'Future Requirements'!$AA:$AA,$I$6),0)+\nIF($J$7=\"Include\",SUMIFS('Future Requirements'!$O:$O,'Future Requirements'!$E:$E,$B54,'Future Requirements'!$G:$G,Q$52,'Future Requirements'!$B:$B,IF($C$3=\"\",\">=\"&$F$3,\">=\"&$C$3),'Future Requirements'!$B:$B,IF($C$4=\"\",\"<=\"&$F$4,\"<=\"&$C$4),'Future Requirements'!$J:$J,IF($C$5=\"Yes\",\"Yes\",IF($C$5=\"No\",\"No\",\"<>Luke\")),'Future Requirements'!$AC:$AC,IF($C$6=\"Agreed\",\"Agreed\",IF($C$6=\"C/Fwd\",\"C/Fwd\",\"<>Luke\")),'Future Requirements'!$AA:$AA,$I$7),0)","v":0},{"$f":"IF($J$3=\"Include\",SUMIFS('Future Requirements'!$O:$O,'Future Requirements'!$E:$E,$B54,'Future Requirements'!$G:$G,R$52,'Future Requirements'!$B:$B,IF($C$3=\"\",\">=\"&$F$3,\">=\"&$C$3),'Future Requirements'!$B:$B,IF($C$4=\"\",\"<=\"&$F$4,\"<=\"&$C$4),'Future Requirements'!$J:$J,IF($C$5=\"Yes\",\"Yes\",IF($C$5=\"No\",\"No\",\"<>Luke\")),'Future Requirements'!$AC:$AC,IF($C$6=\"Agreed\",\"Agreed\",IF($C$6=\"C/Fwd\",\"C/Fwd\",\"<>Luke\")),'Future Requirements'!$AA:$AA,$I$3),0)+\nIF($J$4=\"Include\",SUMIFS('Future Requirements'!$O:$O,'Future Requirements'!$E:$E,$B54,'Future Requirements'!$G:$G,R$52,'Future Requirements'!$B:$B,IF($C$3=\"\",\">=\"&$F$3,\">=\"&$C$3),'Future Requirements'!$B:$B,IF($C$4=\"\",\"<=\"&$F$4,\"<=\"&$C$4),'Future Requirements'!$J:$J,IF($C$5=\"Yes\",\"Yes\",IF($C$5=\"No\",\"No\",\"<>Luke\")),'Future Requirements'!$AC:$AC,IF($C$6=\"Agreed\",\"Agreed\",IF($C$6=\"C/Fwd\",\"C/Fwd\",\"<>Luke\")),'Future Requirements'!$AA:$AA,$I$4),0)+\nIF($J$5=\"Include\",SUMIFS('Future Requirements'!$O:$O,'Future Requirements'!$E:$E,$B54,'Future Requirements'!$G:$G,R$52,'Future Requirements'!$B:$B,IF($C$3=\"\",\">=\"&$F$3,\">=\"&$C$3),'Future Requirements'!$B:$B,IF($C$4=\"\",\"<=\"&$F$4,\"<=\"&$C$4),'Future Requirements'!$J:$J,IF($C$5=\"Yes\",\"Yes\",IF($C$5=\"No\",\"No\",\"<>Luke\")),'Future Requirements'!$AC:$AC,IF($C$6=\"Agreed\",\"Agreed\",IF($C$6=\"C/Fwd\",\"C/Fwd\",\"<>Luke\")),'Future Requirements'!$AA:$AA,$I$5),0)+\nIF($J$6=\"Include\",SUMIFS('Future Requirements'!$O:$O,'Future Requirements'!$E:$E,$B54,'Future Requirements'!$G:$G,R$52,'Future Requirements'!$B:$B,IF($C$3=\"\",\">=\"&$F$3,\">=\"&$C$3),'Future Requirements'!$B:$B,IF($C$4=\"\",\"<=\"&$F$4,\"<=\"&$C$4),'Future Requirements'!$J:$J,IF($C$5=\"Yes\",\"Yes\",IF($C$5=\"No\",\"No\",\"<>Luke\")),'Future Requirements'!$AC:$AC,IF($C$6=\"Agreed\",\"Agreed\",IF($C$6=\"C/Fwd\",\"C/Fwd\",\"<>Luke\")),'Future Requirements'!$AA:$AA,$I$6),0)+\nIF($J$7=\"Include\",SUMIFS('Future Requirements'!$O:$O,'Future Requirements'!$E:$E,$B54,'Future Requirements'!$G:$G,R$52,'Future Requirements'!$B:$B,IF($C$3=\"\",\">=\"&$F$3,\">=\"&$C$3),'Future Requirements'!$B:$B,IF($C$4=\"\",\"<=\"&$F$4,\"<=\"&$C$4),'Future Requirements'!$J:$J,IF($C$5=\"Yes\",\"Yes\",IF($C$5=\"No\",\"No\",\"<>Luke\")),'Future Requirements'!$AC:$AC,IF($C$6=\"Agreed\",\"Agreed\",IF($C$6=\"C/Fwd\",\"C/Fwd\",\"<>Luke\")),'Future Requirements'!$AA:$AA,$I$7),0)","v":0},{"$f":"IF($J$3=\"Include\",SUMIFS('Future Requirements'!$O:$O,'Future Requirements'!$E:$E,$B54,'Future Requirements'!$G:$G,S$52,'Future Requirements'!$B:$B,IF($C$3=\"\",\">=\"&$F$3,\">=\"&$C$3),'Future Requirements'!$B:$B,IF($C$4=\"\",\"<=\"&$F$4,\"<=\"&$C$4),'Future Requirements'!$J:$J,IF($C$5=\"Yes\",\"Yes\",IF($C$5=\"No\",\"No\",\"<>Luke\")),'Future Requirements'!$AC:$AC,IF($C$6=\"Agreed\",\"Agreed\",IF($C$6=\"C/Fwd\",\"C/Fwd\",\"<>Luke\")),'Future Requirements'!$AA:$AA,$I$3),0)+\nIF($J$4=\"Include\",SUMIFS('Future Requirements'!$O:$O,'Future Requirements'!$E:$E,$B54,'Future Requirements'!$G:$G,S$52,'Future Requirements'!$B:$B,IF($C$3=\"\",\">=\"&$F$3,\">=\"&$C$3),'Future Requirements'!$B:$B,IF($C$4=\"\",\"<=\"&$F$4,\"<=\"&$C$4),'Future Requirements'!$J:$J,IF($C$5=\"Yes\",\"Yes\",IF($C$5=\"No\",\"No\",\"<>Luke\")),'Future Requirements'!$AC:$AC,IF($C$6=\"Agreed\",\"Agreed\",IF($C$6=\"C/Fwd\",\"C/Fwd\",\"<>Luke\")),'Future Requirements'!$AA:$AA,$I$4),0)+\nIF($J$5=\"Include\",SUMIFS('Future Requirements'!$O:$O,'Future Requirements'!$E:$E,$B54,'Future Requirements'!$G:$G,S$52,'Future Requirements'!$B:$B,IF($C$3=\"\",\">=\"&$F$3,\">=\"&$C$3),'Future Requirements'!$B:$B,IF($C$4=\"\",\"<=\"&$F$4,\"<=\"&$C$4),'Future Requirements'!$J:$J,IF($C$5=\"Yes\",\"Yes\",IF($C$5=\"No\",\"No\",\"<>Luke\")),'Future Requirements'!$AC:$AC,IF($C$6=\"Agreed\",\"Agreed\",IF($C$6=\"C/Fwd\",\"C/Fwd\",\"<>Luke\")),'Future Requirements'!$AA:$AA,$I$5),0)+\nIF($J$6=\"Include\",SUMIFS('Future Requirements'!$O:$O,'Future Requirements'!$E:$E,$B54,'Future Requirements'!$G:$G,S$52,'Future Requirements'!$B:$B,IF($C$3=\"\",\">=\"&$F$3,\">=\"&$C$3),'Future Requirements'!$B:$B,IF($C$4=\"\",\"<=\"&$F$4,\"<=\"&$C$4),'Future Requirements'!$J:$J,IF($C$5=\"Yes\",\"Yes\",IF($C$5=\"No\",\"No\",\"<>Luke\")),'Future Requirements'!$AC:$AC,IF($C$6=\"Agreed\",\"Agreed\",IF($C$6=\"C/Fwd\",\"C/Fwd\",\"<>Luke\")),'Future Requirements'!$AA:$AA,$I$6),0)+\nIF($J$7=\"Include\",SUMIFS('Future Requirements'!$O:$O,'Future Requirements'!$E:$E,$B54,'Future Requirements'!$G:$G,S$52,'Future Requirements'!$B:$B,IF($C$3=\"\",\">=\"&$F$3,\">=\"&$C$3),'Future Requirements'!$B:$B,IF($C$4=\"\",\"<=\"&$F$4,\"<=\"&$C$4),'Future Requirements'!$J:$J,IF($C$5=\"Yes\",\"Yes\",IF($C$5=\"No\",\"No\",\"<>Luke\")),'Future Requirements'!$AC:$AC,IF($C$6=\"Agreed\",\"Agreed\",IF($C$6=\"C/Fwd\",\"C/Fwd\",\"<>Luke\")),'Future Requirements'!$AA:$AA,$I$7),0)","v":0},{"$f":"SUM(C54:S54)","v":0}]
[null,"Bridge",{"$f":"IF($J$3=\"Include\",SUMIFS('Future Requirements'!$O:$O,'Future Requirements'!$E:$E,$B55,'Future Requirements'!$G:$G,C$52,'Future Requirements'!$B:$B,IF($C$3=\"\",\">=\"&$F$3,\">=\"&$C$3),'Future Requirements'!$B:$B,IF($C$4=\"\",\"<=\"&$F$4,\"<=\"&$C$4),'Future Requirements'!$J:$J,IF($C$5=\"Yes\",\"Yes\",IF($C$5=\"No\",\"No\",\"<>Luke\")),'Future Requirements'!$AC:$AC,IF($C$6=\"Agreed\",\"Agreed\",IF($C$6=\"C/Fwd\",\"C/Fwd\",\"<>Luke\")),'Future Requirements'!$AA:$AA,$I$3),0)+\nIF($J$4=\"Include\",SUMIFS('Future Requirements'!$O:$O,'Future Requirements'!$E:$E,$B55,'Future Requirements'!$G:$G,C$52,'Future Requirements'!$B:$B,IF($C$3=\"\",\">=\"&$F$3,\">=\"&$C$3),'Future Requirements'!$B:$B,IF($C$4=\"\",\"<=\"&$F$4,\"<=\"&$C$4),'Future Requirements'!$J:$J,IF($C$5=\"Yes\",\"Yes\",IF($C$5=\"No\",\"No\",\"<>Luke\")),'Future Requirements'!$AC:$AC,IF($C$6=\"Agreed\",\"Agreed\",IF($C$6=\"C/Fwd\",\"C/Fwd\",\"<>Luke\")),'Future Requirements'!$AA:$AA,$I$4),0)+\nIF($J$5=\"Include\",SUMIFS('Future Requirements'!$O:$O,'Future Requirements'!$E:$E,$B55,'Future Requirements'!$G:$G,C$52,'Future Requirements'!$B:$B,IF($C$3=\"\",\">=\"&$F$3,\">=\"&$C$3),'Future Requirements'!$B:$B,IF($C$4=\"\",\"<=\"&$F$4,\"<=\"&$C$4),'Future Requirements'!$J:$J,IF($C$5=\"Yes\",\"Yes\",IF($C$5=\"No\",\"No\",\"<>Luke\")),'Future Requirements'!$AC:$AC,IF($C$6=\"Agreed\",\"Agreed\",IF($C$6=\"C/Fwd\",\"C/Fwd\",\"<>Luke\")),'Future Requirements'!$AA:$AA,$I$5),0)+\nIF($J$6=\"Include\",SUMIFS('Future Requirements'!$O:$O,'Future Requirements'!$E:$E,$B55,'Future Requirements'!$G:$G,C$52,'Future Requirements'!$B:$B,IF($C$3=\"\",\">=\"&$F$3,\">=\"&$C$3),'Future Requirements'!$B:$B,IF($C$4=\"\",\"<=\"&$F$4,\"<=\"&$C$4),'Future Requirements'!$J:$J,IF($C$5=\"Yes\",\"Yes\",IF($C$5=\"No\",\"No\",\"<>Luke\")),'Future Requirements'!$AC:$AC,IF($C$6=\"Agreed\",\"Agreed\",IF($C$6=\"C/Fwd\",\"C/Fwd\",\"<>Luke\")),'Future Requirements'!$AA:$AA,$I$6),0)+\nIF($J$7=\"Include\",SUMIFS('Future Requirements'!$O:$O,'Future Requirements'!$E:$E,$B55,'Future Requirements'!$G:$G,C$52,'Future Requirements'!$B:$B,IF($C$3=\"\",\">=\"&$F$3,\">=\"&$C$3),'Future Requirements'!$B:$B,IF($C$4=\"\",\"<=\"&$F$4,\"<=\"&$C$4),'Future Requirements'!$J:$J,IF($C$5=\"Yes\",\"Yes\",IF($C$5=\"No\",\"No\",\"<>Luke\")),'Future Requirements'!$AC:$AC,IF($C$6=\"Agreed\",\"Agreed\",IF($C$6=\"C/Fwd\",\"C/Fwd\",\"<>Luke\")),'Future Requirements'!$AA:$AA,$I$7),0)","v":0},{"$f":"IF($J$3=\"Include\",SUMIFS('Future Requirements'!$O:$O,'Future Requirements'!$E:$E,$B55,'Future Requirements'!$G:$G,D$52,'Future Requirements'!$B:$B,IF($C$3=\"\",\">=\"&$F$3,\">=\"&$C$3),'Future Requirements'!$B:$B,IF($C$4=\"\",\"<=\"&$F$4,\"<=\"&$C$4),'Future Requirements'!$J:$J,IF($C$5=\"Yes\",\"Yes\",IF($C$5=\"No\",\"No\",\"<>Luke\")),'Future Requirements'!$AC:$AC,IF($C$6=\"Agreed\",\"Agreed\",IF($C$6=\"C/Fwd\",\"C/Fwd\",\"<>Luke\")),'Future Requirements'!$AA:$AA,$I$3),0)+\nIF($J$4=\"Include\",SUMIFS('Future Requirements'!$O:$O,'Future Requirements'!$E:$E,$B55,'Future Requirements'!$G:$G,D$52,'Future Requirements'!$B:$B,IF($C$3=\"\",\">=\"&$F$3,\">=\"&$C$3),'Future Requirements'!$B:$B,IF($C$4=\"\",\"<=\"&$F$4,\"<=\"&$C$4),'Future Requirements'!$J:$J,IF($C$5=\"Yes\",\"Yes\",IF($C$5=\"No\",\"No\",\"<>Luke\")),'Future Requirements'!$AC:$AC,IF($C$6=\"Agreed\",\"Agreed\",IF($C$6=\"C/Fwd\",\"C/Fwd\",\"<>Luke\")),'Future Requirements'!$AA:$AA,$I$4),0)+\nIF($J$5=\"Include\",SUMIFS('Future Requirements'!$O:$O,'Future Requirements'!$E:$E,$B55,'Future Requirements'!$G:$G,D$52,'Future Requirements'!$B:$B,IF($C$3=\"\",\">=\"&$F$3,\">=\"&$C$3),'Future Requirements'!$B:$B,IF($C$4=\"\",\"<=\"&$F$4,\"<=\"&$C$4),'Future Requirements'!$J:$J,IF($C$5=\"Yes\",\"Yes\",IF($C$5=\"No\",\"No\",\"<>Luke\")),'Future Requirements'!$AC:$AC,IF($C$6=\"Agreed\",\"Agreed\",IF($C$6=\"C/Fwd\",\"C/Fwd\",\"<>Luke\")),'Future Requirements'!$AA:$AA,$I$5),0)+\nIF($J$6=\"Include\",SUMIFS('Future Requirements'!$O:$O,'Future Requirements'!$E:$E,$B55,'Future Requirements'!$G:$G,D$52,'Future Requirements'!$B:$B,IF($C$3=\"\",\">=\"&$F$3,\">=\"&$C$3),'Future Requirements'!$B:$B,IF($C$4=\"\",\"<=\"&$F$4,\"<=\"&$C$4),'Future Requirements'!$J:$J,IF($C$5=\"Yes\",\"Yes\",IF($C$5=\"No\",\"No\",\"<>Luke\")),'Future Requirements'!$AC:$AC,IF($C$6=\"Agreed\",\"Agreed\",IF($C$6=\"C/Fwd\",\"C/Fwd\",\"<>Luke\")),'Future Requirements'!$AA:$AA,$I$6),0)+\nIF($J$7=\"Include\",SUMIFS('Future Requirements'!$O:$O,'Future Requirements'!$E:$E,$B55,'Future Requirements'!$G:$G,D$52,'Future Requirements'!$B:$B,IF($C$3=\"\",\">=\"&$F$3,\">=\"&$C$3),'Future Requirements'!$B:$B,IF($C$4=\"\",\"<=\"&$F$4,\"<=\"&$C$4),'Future Requirements'!$J:$J,IF($C$5=\"Yes\",\"Yes\",IF($C$5=\"No\",\"No\",\"<>Luke\")),'Future Requirements'!$AC:$AC,IF($C$6=\"Agreed\",\"Agreed\",IF($C$6=\"C/Fwd\",\"C/Fwd\",\"<>Luke\")),'Future Requirements'!$AA:$AA,$I$7),0)","v":0},{"$f":"IF($J$3=\"Include\",SUMIFS('Future Requirements'!$O:$O,'Future Requirements'!$E:$E,$B55,'Future Requirements'!$G:$G,E$52,'Future Requirements'!$B:$B,IF($C$3=\"\",\">=\"&$F$3,\">=\"&$C$3),'Future Requirements'!$B:$B,IF($C$4=\"\",\"<=\"&$F$4,\"<=\"&$C$4),'Future Requirements'!$J:$J,IF($C$5=\"Yes\",\"Yes\",IF($C$5=\"No\",\"No\",\"<>Luke\")),'Future Requirements'!$AC:$AC,IF($C$6=\"Agreed\",\"Agreed\",IF($C$6=\"C/Fwd\",\"C/Fwd\",\"<>Luke\")),'Future Requirements'!$AA:$AA,$I$3),0)+\nIF($J$4=\"Include\",SUMIFS('Future Requirements'!$O:$O,'Future Requirements'!$E:$E,$B55,'Future Requirements'!$G:$G,E$52,'Future Requirements'!$B:$B,IF($C$3=\"\",\">=\"&$F$3,\">=\"&$C$3),'Future Requirements'!$B:$B,IF($C$4=\"\",\"<=\"&$F$4,\"<=\"&$C$4),'Future Requirements'!$J:$J,IF($C$5=\"Yes\",\"Yes\",IF($C$5=\"No\",\"No\",\"<>Luke\")),'Future Requirements'!$AC:$AC,IF($C$6=\"Agreed\",\"Agreed\",IF($C$6=\"C/Fwd\",\"C/Fwd\",\"<>Luke\")),'Future Requirements'!$AA:$AA,$I$4),0)+\nIF($J$5=\"Include\",SUMIFS('Future Requirements'!$O:$O,'Future Requirements'!$E:$E,$B55,'Future Requirements'!$G:$G,E$52,'Future Requirements'!$B:$B,IF($C$3=\"\",\">=\"&$F$3,\">=\"&$C$3),'Future Requirements'!$B:$B,IF($C$4=\"\",\"<=\"&$F$4,\"<=\"&$C$4),'Future Requirements'!$J:$J,IF($C$5=\"Yes\",\"Yes\",IF($C$5=\"No\",\"No\",\"<>Luke\")),'Future Requirements'!$AC:$AC,IF($C$6=\"Agreed\",\"Agreed\",IF($C$6=\"C/Fwd\",\"C/Fwd\",\"<>Luke\")),'Future Requirements'!$AA:$AA,$I$5),0)+\nIF($J$6=\"Include\",SUMIFS('Future Requirements'!$O:$O,'Future Requirements'!$E:$E,$B55,'Future Requirements'!$G:$G,E$52,'Future Requirements'!$B:$B,IF($C$3=\"\",\">=\"&$F$3,\">=\"&$C$3),'Future Requirements'!$B:$B,IF($C$4=\"\",\"<=\"&$F$4,\"<=\"&$C$4),'Future Requirements'!$J:$J,IF($C$5=\"Yes\",\"Yes\",IF($C$5=\"No\",\"No\",\"<>Luke\")),'Future Requirements'!$AC:$AC,IF($C$6=\"Agreed\",\"Agreed\",IF($C$6=\"C/Fwd\",\"C/Fwd\",\"<>Luke\")),'Future Requirements'!$AA:$AA,$I$6),0)+\nIF($J$7=\"Include\",SUMIFS('Future Requirements'!$O:$O,'Future Requirements'!$E:$E,$B55,'Future Requirements'!$G:$G,E$52,'Future Requirements'!$B:$B,IF($C$3=\"\",\">=\"&$F$3,\">=\"&$C$3),'Future Requirements'!$B:$B,IF($C$4=\"\",\"<=\"&$F$4,\"<=\"&$C$4),'Future Requirements'!$J:$J,IF($C$5=\"Yes\",\"Yes\",IF($C$5=\"No\",\"No\",\"<>Luke\")),'Future Requirements'!$AC:$AC,IF($C$6=\"Agreed\",\"Agreed\",IF($C$6=\"C/Fwd\",\"C/Fwd\",\"<>Luke\")),'Future Requirements'!$AA:$AA,$I$7),0)","v":0},{"$f":"IF($J$3=\"Include\",SUMIFS('Future Requirements'!$O:$O,'Future Requirements'!$E:$E,$B55,'Future Requirements'!$G:$G,F$52,'Future Requirements'!$B:$B,IF($C$3=\"\",\">=\"&$F$3,\">=\"&$C$3),'Future Requirements'!$B:$B,IF($C$4=\"\",\"<=\"&$F$4,\"<=\"&$C$4),'Future Requirements'!$J:$J,IF($C$5=\"Yes\",\"Yes\",IF($C$5=\"No\",\"No\",\"<>Luke\")),'Future Requirements'!$AC:$AC,IF($C$6=\"Agreed\",\"Agreed\",IF($C$6=\"C/Fwd\",\"C/Fwd\",\"<>Luke\")),'Future Requirements'!$AA:$AA,$I$3),0)+\nIF($J$4=\"Include\",SUMIFS('Future Requirements'!$O:$O,'Future Requirements'!$E:$E,$B55,'Future Requirements'!$G:$G,F$52,'Future Requirements'!$B:$B,IF($C$3=\"\",\">=\"&$F$3,\">=\"&$C$3),'Future Requirements'!$B:$B,IF($C$4=\"\",\"<=\"&$F$4,\"<=\"&$C$4),'Future Requirements'!$J:$J,IF($C$5=\"Yes\",\"Yes\",IF($C$5=\"No\",\"No\",\"<>Luke\")),'Future Requirements'!$AC:$AC,IF($C$6=\"Agreed\",\"Agreed\",IF($C$6=\"C/Fwd\",\"C/Fwd\",\"<>Luke\")),'Future Requirements'!$AA:$AA,$I$4),0)+\nIF($J$5=\"Include\",SUMIFS('Future Requirements'!$O:$O,'Future Requirements'!$E:$E,$B55,'Future Requirements'!$G:$G,F$52,'Future Requirements'!$B:$B,IF($C$3=\"\",\">=\"&$F$3,\">=\"&$C$3),'Future Requirements'!$B:$B,IF($C$4=\"\",\"<=\"&$F$4,\"<=\"&$C$4),'Future Requirements'!$J:$J,IF($C$5=\"Yes\",\"Yes\",IF($C$5=\"No\",\"No\",\"<>Luke\")),'Future Requirements'!$AC:$AC,IF($C$6=\"Agreed\",\"Agreed\",IF($C$6=\"C/Fwd\",\"C/Fwd\",\"<>Luke\")),'Future Requirements'!$AA:$AA,$I$5),0)+\nIF($J$6=\"Include\",SUMIFS('Future Requirements'!$O:$O,'Future Requirements'!$E:$E,$B55,'Future Requirements'!$G:$G,F$52,'Future Requirements'!$B:$B,IF($C$3=\"\",\">=\"&$F$3,\">=\"&$C$3),'Future Requirements'!$B:$B,IF($C$4=\"\",\"<=\"&$F$4,\"<=\"&$C$4),'Future Requirements'!$J:$J,IF($C$5=\"Yes\",\"Yes\",IF($C$5=\"No\",\"No\",\"<>Luke\")),'Future Requirements'!$AC:$AC,IF($C$6=\"Agreed\",\"Agreed\",IF($C$6=\"C/Fwd\",\"C/Fwd\",\"<>Luke\")),'Future Requirements'!$AA:$AA,$I$6),0)+\nIF($J$7=\"Include\",SUMIFS('Future Requirements'!$O:$O,'Future Requirements'!$E:$E,$B55,'Future Requirements'!$G:$G,F$52,'Future Requirements'!$B:$B,IF($C$3=\"\",\">=\"&$F$3,\">=\"&$C$3),'Future Requirements'!$B:$B,IF($C$4=\"\",\"<=\"&$F$4,\"<=\"&$C$4),'Future Requirements'!$J:$J,IF($C$5=\"Yes\",\"Yes\",IF($C$5=\"No\",\"No\",\"<>Luke\")),'Future Requirements'!$AC:$AC,IF($C$6=\"Agreed\",\"Agreed\",IF($C$6=\"C/Fwd\",\"C/Fwd\",\"<>Luke\")),'Future Requirements'!$AA:$AA,$I$7),0)","v":0},{"$f":"IF($J$3=\"Include\",SUMIFS('Future Requirements'!$O:$O,'Future Requirements'!$E:$E,$B55,'Future Requirements'!$G:$G,G$52,'Future Requirements'!$B:$B,IF($C$3=\"\",\">=\"&$F$3,\">=\"&$C$3),'Future Requirements'!$B:$B,IF($C$4=\"\",\"<=\"&$F$4,\"<=\"&$C$4),'Future Requirements'!$J:$J,IF($C$5=\"Yes\",\"Yes\",IF($C$5=\"No\",\"No\",\"<>Luke\")),'Future Requirements'!$AC:$AC,IF($C$6=\"Agreed\",\"Agreed\",IF($C$6=\"C/Fwd\",\"C/Fwd\",\"<>Luke\")),'Future Requirements'!$AA:$AA,$I$3),0)+\nIF($J$4=\"Include\",SUMIFS('Future Requirements'!$O:$O,'Future Requirements'!$E:$E,$B55,'Future Requirements'!$G:$G,G$52,'Future Requirements'!$B:$B,IF($C$3=\"\",\">=\"&$F$3,\">=\"&$C$3),'Future Requirements'!$B:$B,IF($C$4=\"\",\"<=\"&$F$4,\"<=\"&$C$4),'Future Requirements'!$J:$J,IF($C$5=\"Yes\",\"Yes\",IF($C$5=\"No\",\"No\",\"<>Luke\")),'Future Requirements'!$AC:$AC,IF($C$6=\"Agreed\",\"Agreed\",IF($C$6=\"C/Fwd\",\"C/Fwd\",\"<>Luke\")),'Future Requirements'!$AA:$AA,$I$4),0)+\nIF($J$5=\"Include\",SUMIFS('Future Requirements'!$O:$O,'Future Requirements'!$E:$E,$B55,'Future Requirements'!$G:$G,G$52,'Future Requirements'!$B:$B,IF($C$3=\"\",\">=\"&$F$3,\">=\"&$C$3),'Future Requirements'!$B:$B,IF($C$4=\"\",\"<=\"&$F$4,\"<=\"&$C$4),'Future Requirements'!$J:$J,IF($C$5=\"Yes\",\"Yes\",IF($C$5=\"No\",\"No\",\"<>Luke\")),'Future Requirements'!$AC:$AC,IF($C$6=\"Agreed\",\"Agreed\",IF($C$6=\"C/Fwd\",\"C/Fwd\",\"<>Luke\")),'Future Requirements'!$AA:$AA,$I$5),0)+\nIF($J$6=\"Include\",SUMIFS('Future Requirements'!$O:$O,'Future Requirements'!$E:$E,$B55,'Future Requirements'!$G:$G,G$52,'Future Requirements'!$B:$B,IF($C$3=\"\",\">=\"&$F$3,\">=\"&$C$3),'Future Requirements'!$B:$B,IF($C$4=\"\",\"<=\"&$F$4,\"<=\"&$C$4),'Future Requirements'!$J:$J,IF($C$5=\"Yes\",\"Yes\",IF($C$5=\"No\",\"No\",\"<>Luke\")),'Future Requirements'!$AC:$AC,IF($C$6=\"Agreed\",\"Agreed\",IF($C$6=\"C/Fwd\",\"C/Fwd\",\"<>Luke\")),'Future Requirements'!$AA:$AA,$I$6),0)+\nIF($J$7=\"Include\",SUMIFS('Future Requirements'!$O:$O,'Future Requirements'!$E:$E,$B55,'Future Requirements'!$G:$G,G$52,'Future Requirements'!$B:$B,IF($C$3=\"\",\">=\"&$F$3,\">=\"&$C$3),'Future Requirements'!$B:$B,IF($C$4=\"\",\"<=\"&$F$4,\"<=\"&$C$4),'Future Requirements'!$J:$J,IF($C$5=\"Yes\",\"Yes\",IF($C$5=\"No\",\"No\",\"<>Luke\")),'Future Requirements'!$AC:$AC,IF($C$6=\"Agreed\",\"Agreed\",IF($C$6=\"C/Fwd\",\"C/Fwd\",\"<>Luke\")),'Future Requirements'!$AA:$AA,$I$7),0)","v":0},{"$f":"IF($J$3=\"Include\",SUMIFS('Future Requirements'!$O:$O,'Future Requirements'!$E:$E,$B55,'Future Requirements'!$G:$G,H$52,'Future Requirements'!$B:$B,IF($C$3=\"\",\">=\"&$F$3,\">=\"&$C$3),'Future Requirements'!$B:$B,IF($C$4=\"\",\"<=\"&$F$4,\"<=\"&$C$4),'Future Requirements'!$J:$J,IF($C$5=\"Yes\",\"Yes\",IF($C$5=\"No\",\"No\",\"<>Luke\")),'Future Requirements'!$AC:$AC,IF($C$6=\"Agreed\",\"Agreed\",IF($C$6=\"C/Fwd\",\"C/Fwd\",\"<>Luke\")),'Future Requirements'!$AA:$AA,$I$3),0)+\nIF($J$4=\"Include\",SUMIFS('Future Requirements'!$O:$O,'Future Requirements'!$E:$E,$B55,'Future Requirements'!$G:$G,H$52,'Future Requirements'!$B:$B,IF($C$3=\"\",\">=\"&$F$3,\">=\"&$C$3),'Future Requirements'!$B:$B,IF($C$4=\"\",\"<=\"&$F$4,\"<=\"&$C$4),'Future Requirements'!$J:$J,IF($C$5=\"Yes\",\"Yes\",IF($C$5=\"No\",\"No\",\"<>Luke\")),'Future Requirements'!$AC:$AC,IF($C$6=\"Agreed\",\"Agreed\",IF($C$6=\"C/Fwd\",\"C/Fwd\",\"<>Luke\")),'Future Requirements'!$AA:$AA,$I$4),0)+\nIF($J$5=\"Include\",SUMIFS('Future Requirements'!$O:$O,'Future Requirements'!$E:$E,$B55,'Future Requirements'!$G:$G,H$52,'Future Requirements'!$B:$B,IF($C$3=\"\",\">=\"&$F$3,\">=\"&$C$3),'Future Requirements'!$B:$B,IF($C$4=\"\",\"<=\"&$F$4,\"<=\"&$C$4),'Future Requirements'!$J:$J,IF($C$5=\"Yes\",\"Yes\",IF($C$5=\"No\",\"No\",\"<>Luke\")),'Future Requirements'!$AC:$AC,IF($C$6=\"Agreed\",\"Agreed\",IF($C$6=\"C/Fwd\",\"C/Fwd\",\"<>Luke\")),'Future Requirements'!$AA:$AA,$I$5),0)+\nIF($J$6=\"Include\",SUMIFS('Future Requirements'!$O:$O,'Future Requirements'!$E:$E,$B55,'Future Requirements'!$G:$G,H$52,'Future Requirements'!$B:$B,IF($C$3=\"\",\">=\"&$F$3,\">=\"&$C$3),'Future Requirements'!$B:$B,IF($C$4=\"\",\"<=\"&$F$4,\"<=\"&$C$4),'Future Requirements'!$J:$J,IF($C$5=\"Yes\",\"Yes\",IF($C$5=\"No\",\"No\",\"<>Luke\")),'Future Requirements'!$AC:$AC,IF($C$6=\"Agreed\",\"Agreed\",IF($C$6=\"C/Fwd\",\"C/Fwd\",\"<>Luke\")),'Future Requirements'!$AA:$AA,$I$6),0)+\nIF($J$7=\"Include\",SUMIFS('Future Requirements'!$O:$O,'Future Requirements'!$E:$E,$B55,'Future Requirements'!$G:$G,H$52,'Future Requirements'!$B:$B,IF($C$3=\"\",\">=\"&$F$3,\">=\"&$C$3),'Future Requirements'!$B:$B,IF($C$4=\"\",\"<=\"&$F$4,\"<=\"&$C$4),'Future Requirements'!$J:$J,IF($C$5=\"Yes\",\"Yes\",IF($C$5=\"No\",\"No\",\"<>Luke\")),'Future Requirements'!$AC:$AC,IF($C$6=\"Agreed\",\"Agreed\",IF($C$6=\"C/Fwd\",\"C/Fwd\",\"<>Luke\")),'Future Requirements'!$AA:$AA,$I$7),0)","v":0},{"$f":"IF($J$3=\"Include\",SUMIFS('Future Requirements'!$O:$O,'Future Requirements'!$E:$E,$B55,'Future Requirements'!$G:$G,I$52,'Future Requirements'!$B:$B,IF($C$3=\"\",\">=\"&$F$3,\">=\"&$C$3),'Future Requirements'!$B:$B,IF($C$4=\"\",\"<=\"&$F$4,\"<=\"&$C$4),'Future Requirements'!$J:$J,IF($C$5=\"Yes\",\"Yes\",IF($C$5=\"No\",\"No\",\"<>Luke\")),'Future Requirements'!$AC:$AC,IF($C$6=\"Agreed\",\"Agreed\",IF($C$6=\"C/Fwd\",\"C/Fwd\",\"<>Luke\")),'Future Requirements'!$AA:$AA,$I$3),0)+\nIF($J$4=\"Include\",SUMIFS('Future Requirements'!$O:$O,'Future Requirements'!$E:$E,$B55,'Future Requirements'!$G:$G,I$52,'Future Requirements'!$B:$B,IF($C$3=\"\",\">=\"&$F$3,\">=\"&$C$3),'Future Requirements'!$B:$B,IF($C$4=\"\",\"<=\"&$F$4,\"<=\"&$C$4),'Future Requirements'!$J:$J,IF($C$5=\"Yes\",\"Yes\",IF($C$5=\"No\",\"No\",\"<>Luke\")),'Future Requirements'!$AC:$AC,IF($C$6=\"Agreed\",\"Agreed\",IF($C$6=\"C/Fwd\",\"C/Fwd\",\"<>Luke\")),'Future Requirements'!$AA:$AA,$I$4),0)+\nIF($J$5=\"Include\",SUMIFS('Future Requirements'!$O:$O,'Future Requirements'!$E:$E,$B55,'Future Requirements'!$G:$G,I$52,'Future Requirements'!$B:$B,IF($C$3=\"\",\">=\"&$F$3,\">=\"&$C$3),'Future Requirements'!$B:$B,IF($C$4=\"\",\"<=\"&$F$4,\"<=\"&$C$4),'Future Requirements'!$J:$J,IF($C$5=\"Yes\",\"Yes\",IF($C$5=\"No\",\"No\",\"<>Luke\")),'Future Requirements'!$AC:$AC,IF($C$6=\"Agreed\",\"Agreed\",IF($C$6=\"C/Fwd\",\"C/Fwd\",\"<>Luke\")),'Future Requirements'!$AA:$AA,$I$5),0)+\nIF($J$6=\"Include\",SUMIFS('Future Requirements'!$O:$O,'Future Requirements'!$E:$E,$B55,'Future Requirements'!$G:$G,I$52,'Future Requirements'!$B:$B,IF($C$3=\"\",\">=\"&$F$3,\">=\"&$C$3),'Future Requirements'!$B:$B,IF($C$4=\"\",\"<=\"&$F$4,\"<=\"&$C$4),'Future Requirements'!$J:$J,IF($C$5=\"Yes\",\"Yes\",IF($C$5=\"No\",\"No\",\"<>Luke\")),'Future Requirements'!$AC:$AC,IF($C$6=\"Agreed\",\"Agreed\",IF($C$6=\"C/Fwd\",\"C/Fwd\",\"<>Luke\")),'Future Requirements'!$AA:$AA,$I$6),0)+\nIF($J$7=\"Include\",SUMIFS('Future Requirements'!$O:$O,'Future Requirements'!$E:$E,$B55,'Future Requirements'!$G:$G,I$52,'Future Requirements'!$B:$B,IF($C$3=\"\",\">=\"&$F$3,\">=\"&$C$3),'Future Requirements'!$B:$B,IF($C$4=\"\",\"<=\"&$F$4,\"<=\"&$C$4),'Future Requirements'!$J:$J,IF($C$5=\"Yes\",\"Yes\",IF($C$5=\"No\",\"No\",\"<>Luke\")),'Future Requirements'!$AC:$AC,IF($C$6=\"Agreed\",\"Agreed\",IF($C$6=\"C/Fwd\",\"C/Fwd\",\"<>Luke\")),'Future Requirements'!$AA:$AA,$I$7),0)","v":0},{"$f":"IF($J$3=\"Include\",SUMIFS('Future Requirements'!$O:$O,'Future Requirements'!$E:$E,$B55,'Future Requirements'!$G:$G,J$52,'Future Requirements'!$B:$B,IF($C$3=\"\",\">=\"&$F$3,\">=\"&$C$3),'Future Requirements'!$B:$B,IF($C$4=\"\",\"<=\"&$F$4,\"<=\"&$C$4),'Future Requirements'!$J:$J,IF($C$5=\"Yes\",\"Yes\",IF($C$5=\"No\",\"No\",\"<>Luke\")),'Future Requirements'!$AC:$AC,IF($C$6=\"Agreed\",\"Agreed\",IF($C$6=\"C/Fwd\",\"C/Fwd\",\"<>Luke\")),'Future Requirements'!$AA:$AA,$I$3),0)+\nIF($J$4=\"Include\",SUMIFS('Future Requirements'!$O:$O,'Future Requirements'!$E:$E,$B55,'Future Requirements'!$G:$G,J$52,'Future Requirements'!$B:$B,IF($C$3=\"\",\">=\"&$F$3,\">=\"&$C$3),'Future Requirements'!$B:$B,IF($C$4=\"\",\"<=\"&$F$4,\"<=\"&$C$4),'Future Requirements'!$J:$J,IF($C$5=\"Yes\",\"Yes\",IF($C$5=\"No\",\"No\",\"<>Luke\")),'Future Requirements'!$AC:$AC,IF($C$6=\"Agreed\",\"Agreed\",IF($C$6=\"C/Fwd\",\"C/Fwd\",\"<>Luke\")),'Future Requirements'!$AA:$AA,$I$4),0)+\nIF($J$5=\"Include\",SUMIFS('Future Requirements'!$O:$O,'Future Requirements'!$E:$E,$B55,'Future Requirements'!$G:$G,J$52,'Future Requirements'!$B:$B,IF($C$3=\"\",\">=\"&$F$3,\">=\"&$C$3),'Future Requirements'!$B:$B,IF($C$4=\"\",\"<=\"&$F$4,\"<=\"&$C$4),'Future Requirements'!$J:$J,IF($C$5=\"Yes\",\"Yes\",IF($C$5=\"No\",\"No\",\"<>Luke\")),'Future Requirements'!$AC:$AC,IF($C$6=\"Agreed\",\"Agreed\",IF($C$6=\"C/Fwd\",\"C/Fwd\",\"<>Luke\")),'Future Requirements'!$AA:$AA,$I$5),0)+\nIF($J$6=\"Include\",SUMIFS('Future Requirements'!$O:$O,'Future Requirements'!$E:$E,$B55,'Future Requirements'!$G:$G,J$52,'Future Requirements'!$B:$B,IF($C$3=\"\",\">=\"&$F$3,\">=\"&$C$3),'Future Requirements'!$B:$B,IF($C$4=\"\",\"<=\"&$F$4,\"<=\"&$C$4),'Future Requirements'!$J:$J,IF($C$5=\"Yes\",\"Yes\",IF($C$5=\"No\",\"No\",\"<>Luke\")),'Future Requirements'!$AC:$AC,IF($C$6=\"Agreed\",\"Agreed\",IF($C$6=\"C/Fwd\",\"C/Fwd\",\"<>Luke\")),'Future Requirements'!$AA:$AA,$I$6),0)+\nIF($J$7=\"Include\",SUMIFS('Future Requirements'!$O:$O,'Future Requirements'!$E:$E,$B55,'Future Requirements'!$G:$G,J$52,'Future Requirements'!$B:$B,IF($C$3=\"\",\">=\"&$F$3,\">=\"&$C$3),'Future Requirements'!$B:$B,IF($C$4=\"\",\"<=\"&$F$4,\"<=\"&$C$4),'Future Requirements'!$J:$J,IF($C$5=\"Yes\",\"Yes\",IF($C$5=\"No\",\"No\",\"<>Luke\")),'Future Requirements'!$AC:$AC,IF($C$6=\"Agreed\",\"Agreed\",IF($C$6=\"C/Fwd\",\"C/Fwd\",\"<>Luke\")),'Future Requirements'!$AA:$AA,$I$7),0)","v":0},{"$f":"IF($J$3=\"Include\",SUMIFS('Future Requirements'!$O:$O,'Future Requirements'!$E:$E,$B55,'Future Requirements'!$G:$G,K$52,'Future Requirements'!$B:$B,IF($C$3=\"\",\">=\"&$F$3,\">=\"&$C$3),'Future Requirements'!$B:$B,IF($C$4=\"\",\"<=\"&$F$4,\"<=\"&$C$4),'Future Requirements'!$J:$J,IF($C$5=\"Yes\",\"Yes\",IF($C$5=\"No\",\"No\",\"<>Luke\")),'Future Requirements'!$AC:$AC,IF($C$6=\"Agreed\",\"Agreed\",IF($C$6=\"C/Fwd\",\"C/Fwd\",\"<>Luke\")),'Future Requirements'!$AA:$AA,$I$3),0)+\nIF($J$4=\"Include\",SUMIFS('Future Requirements'!$O:$O,'Future Requirements'!$E:$E,$B55,'Future Requirements'!$G:$G,K$52,'Future Requirements'!$B:$B,IF($C$3=\"\",\">=\"&$F$3,\">=\"&$C$3),'Future Requirements'!$B:$B,IF($C$4=\"\",\"<=\"&$F$4,\"<=\"&$C$4),'Future Requirements'!$J:$J,IF($C$5=\"Yes\",\"Yes\",IF($C$5=\"No\",\"No\",\"<>Luke\")),'Future Requirements'!$AC:$AC,IF($C$6=\"Agreed\",\"Agreed\",IF($C$6=\"C/Fwd\",\"C/Fwd\",\"<>Luke\")),'Future Requirements'!$AA:$AA,$I$4),0)+\nIF($J$5=\"Include\",SUMIFS('Future Requirements'!$O:$O,'Future Requirements'!$E:$E,$B55,'Future Requirements'!$G:$G,K$52,'Future Requirements'!$B:$B,IF($C$3=\"\",\">=\"&$F$3,\">=\"&$C$3),'Future Requirements'!$B:$B,IF($C$4=\"\",\"<=\"&$F$4,\"<=\"&$C$4),'Future Requirements'!$J:$J,IF($C$5=\"Yes\",\"Yes\",IF($C$5=\"No\",\"No\",\"<>Luke\")),'Future Requirements'!$AC:$AC,IF($C$6=\"Agreed\",\"Agreed\",IF($C$6=\"C/Fwd\",\"C/Fwd\",\"<>Luke\")),'Future Requirements'!$AA:$AA,$I$5),0)+\nIF($J$6=\"Include\",SUMIFS('Future Requirements'!$O:$O,'Future Requirements'!$E:$E,$B55,'Future Requirements'!$G:$G,K$52,'Future Requirements'!$B:$B,IF($C$3=\"\",\">=\"&$F$3,\">=\"&$C$3),'Future Requirements'!$B:$B,IF($C$4=\"\",\"<=\"&$F$4,\"<=\"&$C$4),'Future Requirements'!$J:$J,IF($C$5=\"Yes\",\"Yes\",IF($C$5=\"No\",\"No\",\"<>Luke\")),'Future Requirements'!$AC:$AC,IF($C$6=\"Agreed\",\"Agreed\",IF($C$6=\"C/Fwd\",\"C/Fwd\",\"<>Luke\")),'Future Requirements'!$AA:$AA,$I$6),0)+\nIF($J$7=\"Include\",SUMIFS('Future Requirements'!$O:$O,'Future Requirements'!$E:$E,$B55,'Future Requirements'!$G:$G,K$52,'Future Requirements'!$B:$B,IF($C$3=\"\",\">=\"&$F$3,\">=\"&$C$3),'Future Requirements'!$B:$B,IF($C$4=\"\",\"<=\"&$F$4,\"<=\"&$C$4),'Future Requirements'!$J:$J,IF($C$5=\"Yes\",\"Yes\",IF($C$5=\"No\",\"No\",\"<>Luke\")),'Future Requirements'!$AC:$AC,IF($C$6=\"Agreed\",\"Agreed\",IF($C$6=\"C/Fwd\",\"C/Fwd\",\"<>Luke\")),'Future Requirements'!$AA:$AA,$I$7),0)","v":0},{"$f":"IF($J$3=\"Include\",SUMIFS('Future Requirements'!$O:$O,'Future Requirements'!$E:$E,$B55,'Future Requirements'!$G:$G,L$52,'Future Requirements'!$B:$B,IF($C$3=\"\",\">=\"&$F$3,\">=\"&$C$3),'Future Requirements'!$B:$B,IF($C$4=\"\",\"<=\"&$F$4,\"<=\"&$C$4),'Future Requirements'!$J:$J,IF($C$5=\"Yes\",\"Yes\",IF($C$5=\"No\",\"No\",\"<>Luke\")),'Future Requirements'!$AC:$AC,IF($C$6=\"Agreed\",\"Agreed\",IF($C$6=\"C/Fwd\",\"C/Fwd\",\"<>Luke\")),'Future Requirements'!$AA:$AA,$I$3),0)+\nIF($J$4=\"Include\",SUMIFS('Future Requirements'!$O:$O,'Future Requirements'!$E:$E,$B55,'Future Requirements'!$G:$G,L$52,'Future Requirements'!$B:$B,IF($C$3=\"\",\">=\"&$F$3,\">=\"&$C$3),'Future Requirements'!$B:$B,IF($C$4=\"\",\"<=\"&$F$4,\"<=\"&$C$4),'Future Requirements'!$J:$J,IF($C$5=\"Yes\",\"Yes\",IF($C$5=\"No\",\"No\",\"<>Luke\")),'Future Requirements'!$AC:$AC,IF($C$6=\"Agreed\",\"Agreed\",IF($C$6=\"C/Fwd\",\"C/Fwd\",\"<>Luke\")),'Future Requirements'!$AA:$AA,$I$4),0)+\nIF($J$5=\"Include\",SUMIFS('Future Requirements'!$O:$O,'Future Requirements'!$E:$E,$B55,'Future Requirements'!$G:$G,L$52,'Future Requirements'!$B:$B,IF($C$3=\"\",\">=\"&$F$3,\">=\"&$C$3),'Future Requirements'!$B:$B,IF($C$4=\"\",\"<=\"&$F$4,\"<=\"&$C$4),'Future Requirements'!$J:$J,IF($C$5=\"Yes\",\"Yes\",IF($C$5=\"No\",\"No\",\"<>Luke\")),'Future Requirements'!$AC:$AC,IF($C$6=\"Agreed\",\"Agreed\",IF($C$6=\"C/Fwd\",\"C/Fwd\",\"<>Luke\")),'Future Requirements'!$AA:$AA,$I$5),0)+\nIF($J$6=\"Include\",SUMIFS('Future Requirements'!$O:$O,'Future Requirements'!$E:$E,$B55,'Future Requirements'!$G:$G,L$52,'Future Requirements'!$B:$B,IF($C$3=\"\",\">=\"&$F$3,\">=\"&$C$3),'Future Requirements'!$B:$B,IF($C$4=\"\",\"<=\"&$F$4,\"<=\"&$C$4),'Future Requirements'!$J:$J,IF($C$5=\"Yes\",\"Yes\",IF($C$5=\"No\",\"No\",\"<>Luke\")),'Future Requirements'!$AC:$AC,IF($C$6=\"Agreed\",\"Agreed\",IF($C$6=\"C/Fwd\",\"C/Fwd\",\"<>Luke\")),'Future Requirements'!$AA:$AA,$I$6),0)+\nIF($J$7=\"Include\",SUMIFS('Future Requirements'!$O:$O,'Future Requirements'!$E:$E,$B55,'Future Requirements'!$G:$G,L$52,'Future Requirements'!$B:$B,IF($C$3=\"\",\">=\"&$F$3,\">=\"&$C$3),'Future Requirements'!$B:$B,IF($C$4=\"\",\"<=\"&$F$4,\"<=\"&$C$4),'Future Requirements'!$J:$J,IF($C$5=\"Yes\",\"Yes\",IF($C$5=\"No\",\"No\",\"<>Luke\")),'Future Requirements'!$AC:$AC,IF($C$6=\"Agreed\",\"Agreed\",IF($C$6=\"C/Fwd\",\"C/Fwd\",\"<>Luke\")),'Future Requirements'!$AA:$AA,$I$7),0)","v":0},{"$f":"IF($J$3=\"Include\",SUMIFS('Future Requirements'!$O:$O,'Future Requirements'!$E:$E,$B55,'Future Requirements'!$G:$G,M$52,'Future Requirements'!$B:$B,IF($C$3=\"\",\">=\"&$F$3,\">=\"&$C$3),'Future Requirements'!$B:$B,IF($C$4=\"\",\"<=\"&$F$4,\"<=\"&$C$4),'Future Requirements'!$J:$J,IF($C$5=\"Yes\",\"Yes\",IF($C$5=\"No\",\"No\",\"<>Luke\")),'Future Requirements'!$AC:$AC,IF($C$6=\"Agreed\",\"Agreed\",IF($C$6=\"C/Fwd\",\"C/Fwd\",\"<>Luke\")),'Future Requirements'!$AA:$AA,$I$3),0)+\nIF($J$4=\"Include\",SUMIFS('Future Requirements'!$O:$O,'Future Requirements'!$E:$E,$B55,'Future Requirements'!$G:$G,M$52,'Future Requirements'!$B:$B,IF($C$3=\"\",\">=\"&$F$3,\">=\"&$C$3),'Future Requirements'!$B:$B,IF($C$4=\"\",\"<=\"&$F$4,\"<=\"&$C$4),'Future Requirements'!$J:$J,IF($C$5=\"Yes\",\"Yes\",IF($C$5=\"No\",\"No\",\"<>Luke\")),'Future Requirements'!$AC:$AC,IF($C$6=\"Agreed\",\"Agreed\",IF($C$6=\"C/Fwd\",\"C/Fwd\",\"<>Luke\")),'Future Requirements'!$AA:$AA,$I$4),0)+\nIF($J$5=\"Include\",SUMIFS('Future Requirements'!$O:$O,'Future Requirements'!$E:$E,$B55,'Future Requirements'!$G:$G,M$52,'Future Requirements'!$B:$B,IF($C$3=\"\",\">=\"&$F$3,\">=\"&$C$3),'Future Requirements'!$B:$B,IF($C$4=\"\",\"<=\"&$F$4,\"<=\"&$C$4),'Future Requirements'!$J:$J,IF($C$5=\"Yes\",\"Yes\",IF($C$5=\"No\",\"No\",\"<>Luke\")),'Future Requirements'!$AC:$AC,IF($C$6=\"Agreed\",\"Agreed\",IF($C$6=\"C/Fwd\",\"C/Fwd\",\"<>Luke\")),'Future Requirements'!$AA:$AA,$I$5),0)+\nIF($J$6=\"Include\",SUMIFS('Future Requirements'!$O:$O,'Future Requirements'!$E:$E,$B55,'Future Requirements'!$G:$G,M$52,'Future Requirements'!$B:$B,IF($C$3=\"\",\">=\"&$F$3,\">=\"&$C$3),'Future Requirements'!$B:$B,IF($C$4=\"\",\"<=\"&$F$4,\"<=\"&$C$4),'Future Requirements'!$J:$J,IF($C$5=\"Yes\",\"Yes\",IF($C$5=\"No\",\"No\",\"<>Luke\")),'Future Requirements'!$AC:$AC,IF($C$6=\"Agreed\",\"Agreed\",IF($C$6=\"C/Fwd\",\"C/Fwd\",\"<>Luke\")),'Future Requirements'!$AA:$AA,$I$6),0)+\nIF($J$7=\"Include\",SUMIFS('Future Requirements'!$O:$O,'Future Requirements'!$E:$E,$B55,'Future Requirements'!$G:$G,M$52,'Future Requirements'!$B:$B,IF($C$3=\"\",\">=\"&$F$3,\">=\"&$C$3),'Future Requirements'!$B:$B,IF($C$4=\"\",\"<=\"&$F$4,\"<=\"&$C$4),'Future Requirements'!$J:$J,IF($C$5=\"Yes\",\"Yes\",IF($C$5=\"No\",\"No\",\"<>Luke\")),'Future Requirements'!$AC:$AC,IF($C$6=\"Agreed\",\"Agreed\",IF($C$6=\"C/Fwd\",\"C/Fwd\",\"<>Luke\")),'Future Requirements'!$AA:$AA,$I$7),0)","v":0},{"$f":"IF($J$3=\"Include\",SUMIFS('Future Requirements'!$O:$O,'Future Requirements'!$E:$E,$B55,'Future Requirements'!$G:$G,N$52,'Future Requirements'!$B:$B,IF($C$3=\"\",\">=\"&$F$3,\">=\"&$C$3),'Future Requirements'!$B:$B,IF($C$4=\"\",\"<=\"&$F$4,\"<=\"&$C$4),'Future Requirements'!$J:$J,IF($C$5=\"Yes\",\"Yes\",IF($C$5=\"No\",\"No\",\"<>Luke\")),'Future Requirements'!$AC:$AC,IF($C$6=\"Agreed\",\"Agreed\",IF($C$6=\"C/Fwd\",\"C/Fwd\",\"<>Luke\")),'Future Requirements'!$AA:$AA,$I$3),0)+\nIF($J$4=\"Include\",SUMIFS('Future Requirements'!$O:$O,'Future Requirements'!$E:$E,$B55,'Future Requirements'!$G:$G,N$52,'Future Requirements'!$B:$B,IF($C$3=\"\",\">=\"&$F$3,\">=\"&$C$3),'Future Requirements'!$B:$B,IF($C$4=\"\",\"<=\"&$F$4,\"<=\"&$C$4),'Future Requirements'!$J:$J,IF($C$5=\"Yes\",\"Yes\",IF($C$5=\"No\",\"No\",\"<>Luke\")),'Future Requirements'!$AC:$AC,IF($C$6=\"Agreed\",\"Agreed\",IF($C$6=\"C/Fwd\",\"C/Fwd\",\"<>Luke\")),'Future Requirements'!$AA:$AA,$I$4),0)+\nIF($J$5=\"Include\",SUMIFS('Future Requirements'!$O:$O,'Future Requirements'!$E:$E,$B55,'Future Requirements'!$G:$G,N$52,'Future Requirements'!$B:$B,IF($C$3=\"\",\">=\"&$F$3,\">=\"&$C$3),'Future Requirements'!$B:$B,IF($C$4=\"\",\"<=\"&$F$4,\"<=\"&$C$4),'Future Requirements'!$J:$J,IF($C$5=\"Yes\",\"Yes\",IF($C$5=\"No\",\"No\",\"<>Luke\")),'Future Requirements'!$AC:$AC,IF($C$6=\"Agreed\",\"Agreed\",IF($C$6=\"C/Fwd\",\"C/Fwd\",\"<>Luke\")),'Future Requirements'!$AA:$AA,$I$5),0)+\nIF($J$6=\"Include\",SUMIFS('Future Requirements'!$O:$O,'Future Requirements'!$E:$E,$B55,'Future Requirements'!$G:$G,N$52,'Future Requirements'!$B:$B,IF($C$3=\"\",\">=\"&$F$3,\">=\"&$C$3),'Future Requirements'!$B:$B,IF($C$4=\"\",\"<=\"&$F$4,\"<=\"&$C$4),'Future Requirements'!$J:$J,IF($C$5=\"Yes\",\"Yes\",IF($C$5=\"No\",\"No\",\"<>Luke\")),'Future Requirements'!$AC:$AC,IF($C$6=\"Agreed\",\"Agreed\",IF($C$6=\"C/Fwd\",\"C/Fwd\",\"<>Luke\")),'Future Requirements'!$AA:$AA,$I$6),0)+\nIF($J$7=\"Include\",SUMIFS('Future Requirements'!$O:$O,'Future Requirements'!$E:$E,$B55,'Future Requirements'!$G:$G,N$52,'Future Requirements'!$B:$B,IF($C$3=\"\",\">=\"&$F$3,\">=\"&$C$3),'Future Requirements'!$B:$B,IF($C$4=\"\",\"<=\"&$F$4,\"<=\"&$C$4),'Future Requirements'!$J:$J,IF($C$5=\"Yes\",\"Yes\",IF($C$5=\"No\",\"No\",\"<>Luke\")),'Future Requirements'!$AC:$AC,IF($C$6=\"Agreed\",\"Agreed\",IF($C$6=\"C/Fwd\",\"C/Fwd\",\"<>Luke\")),'Future Requirements'!$AA:$AA,$I$7),0)","v":0},{"$f":"IF($J$3=\"Include\",SUMIFS('Future Requirements'!$O:$O,'Future Requirements'!$E:$E,$B55,'Future Requirements'!$G:$G,O$52,'Future Requirements'!$B:$B,IF($C$3=\"\",\">=\"&$F$3,\">=\"&$C$3),'Future Requirements'!$B:$B,IF($C$4=\"\",\"<=\"&$F$4,\"<=\"&$C$4),'Future Requirements'!$J:$J,IF($C$5=\"Yes\",\"Yes\",IF($C$5=\"No\",\"No\",\"<>Luke\")),'Future Requirements'!$AC:$AC,IF($C$6=\"Agreed\",\"Agreed\",IF($C$6=\"C/Fwd\",\"C/Fwd\",\"<>Luke\")),'Future Requirements'!$AA:$AA,$I$3),0)+\nIF($J$4=\"Include\",SUMIFS('Future Requirements'!$O:$O,'Future Requirements'!$E:$E,$B55,'Future Requirements'!$G:$G,O$52,'Future Requirements'!$B:$B,IF($C$3=\"\",\">=\"&$F$3,\">=\"&$C$3),'Future Requirements'!$B:$B,IF($C$4=\"\",\"<=\"&$F$4,\"<=\"&$C$4),'Future Requirements'!$J:$J,IF($C$5=\"Yes\",\"Yes\",IF($C$5=\"No\",\"No\",\"<>Luke\")),'Future Requirements'!$AC:$AC,IF($C$6=\"Agreed\",\"Agreed\",IF($C$6=\"C/Fwd\",\"C/Fwd\",\"<>Luke\")),'Future Requirements'!$AA:$AA,$I$4),0)+\nIF($J$5=\"Include\",SUMIFS('Future Requirements'!$O:$O,'Future Requirements'!$E:$E,$B55,'Future Requirements'!$G:$G,O$52,'Future Requirements'!$B:$B,IF($C$3=\"\",\">=\"&$F$3,\">=\"&$C$3),'Future Requirements'!$B:$B,IF($C$4=\"\",\"<=\"&$F$4,\"<=\"&$C$4),'Future Requirements'!$J:$J,IF($C$5=\"Yes\",\"Yes\",IF($C$5=\"No\",\"No\",\"<>Luke\")),'Future Requirements'!$AC:$AC,IF($C$6=\"Agreed\",\"Agreed\",IF($C$6=\"C/Fwd\",\"C/Fwd\",\"<>Luke\")),'Future Requirements'!$AA:$AA,$I$5),0)+\nIF($J$6=\"Include\",SUMIFS('Future Requirements'!$O:$O,'Future Requirements'!$E:$E,$B55,'Future Requirements'!$G:$G,O$52,'Future Requirements'!$B:$B,IF($C$3=\"\",\">=\"&$F$3,\">=\"&$C$3),'Future Requirements'!$B:$B,IF($C$4=\"\",\"<=\"&$F$4,\"<=\"&$C$4),'Future Requirements'!$J:$J,IF($C$5=\"Yes\",\"Yes\",IF($C$5=\"No\",\"No\",\"<>Luke\")),'Future Requirements'!$AC:$AC,IF($C$6=\"Agreed\",\"Agreed\",IF($C$6=\"C/Fwd\",\"C/Fwd\",\"<>Luke\")),'Future Requirements'!$AA:$AA,$I$6),0)+\nIF($J$7=\"Include\",SUMIFS('Future Requirements'!$O:$O,'Future Requirements'!$E:$E,$B55,'Future Requirements'!$G:$G,O$52,'Future Requirements'!$B:$B,IF($C$3=\"\",\">=\"&$F$3,\">=\"&$C$3),'Future Requirements'!$B:$B,IF($C$4=\"\",\"<=\"&$F$4,\"<=\"&$C$4),'Future Requirements'!$J:$J,IF($C$5=\"Yes\",\"Yes\",IF($C$5=\"No\",\"No\",\"<>Luke\")),'Future Requirements'!$AC:$AC,IF($C$6=\"Agreed\",\"Agreed\",IF($C$6=\"C/Fwd\",\"C/Fwd\",\"<>Luke\")),'Future Requirements'!$AA:$AA,$I$7),0)","v":0},{"$f":"IF($J$3=\"Include\",SUMIFS('Future Requirements'!$O:$O,'Future Requirements'!$E:$E,$B55,'Future Requirements'!$G:$G,P$52,'Future Requirements'!$B:$B,IF($C$3=\"\",\">=\"&$F$3,\">=\"&$C$3),'Future Requirements'!$B:$B,IF($C$4=\"\",\"<=\"&$F$4,\"<=\"&$C$4),'Future Requirements'!$J:$J,IF($C$5=\"Yes\",\"Yes\",IF($C$5=\"No\",\"No\",\"<>Luke\")),'Future Requirements'!$AC:$AC,IF($C$6=\"Agreed\",\"Agreed\",IF($C$6=\"C/Fwd\",\"C/Fwd\",\"<>Luke\")),'Future Requirements'!$AA:$AA,$I$3),0)+\nIF($J$4=\"Include\",SUMIFS('Future Requirements'!$O:$O,'Future Requirements'!$E:$E,$B55,'Future Requirements'!$G:$G,P$52,'Future Requirements'!$B:$B,IF($C$3=\"\",\">=\"&$F$3,\">=\"&$C$3),'Future Requirements'!$B:$B,IF($C$4=\"\",\"<=\"&$F$4,\"<=\"&$C$4),'Future Requirements'!$J:$J,IF($C$5=\"Yes\",\"Yes\",IF($C$5=\"No\",\"No\",\"<>Luke\")),'Future Requirements'!$AC:$AC,IF($C$6=\"Agreed\",\"Agreed\",IF($C$6=\"C/Fwd\",\"C/Fwd\",\"<>Luke\")),'Future Requirements'!$AA:$AA,$I$4),0)+\nIF($J$5=\"Include\",SUMIFS('Future Requirements'!$O:$O,'Future Requirements'!$E:$E,$B55,'Future Requirements'!$G:$G,P$52,'Future Requirements'!$B:$B,IF($C$3=\"\",\">=\"&$F$3,\">=\"&$C$3),'Future Requirements'!$B:$B,IF($C$4=\"\",\"<=\"&$F$4,\"<=\"&$C$4),'Future Requirements'!$J:$J,IF($C$5=\"Yes\",\"Yes\",IF($C$5=\"No\",\"No\",\"<>Luke\")),'Future Requirements'!$AC:$AC,IF($C$6=\"Agreed\",\"Agreed\",IF($C$6=\"C/Fwd\",\"C/Fwd\",\"<>Luke\")),'Future Requirements'!$AA:$AA,$I$5),0)+\nIF($J$6=\"Include\",SUMIFS('Future Requirements'!$O:$O,'Future Requirements'!$E:$E,$B55,'Future Requirements'!$G:$G,P$52,'Future Requirements'!$B:$B,IF($C$3=\"\",\">=\"&$F$3,\">=\"&$C$3),'Future Requirements'!$B:$B,IF($C$4=\"\",\"<=\"&$F$4,\"<=\"&$C$4),'Future Requirements'!$J:$J,IF($C$5=\"Yes\",\"Yes\",IF($C$5=\"No\",\"No\",\"<>Luke\")),'Future Requirements'!$AC:$AC,IF($C$6=\"Agreed\",\"Agreed\",IF($C$6=\"C/Fwd\",\"C/Fwd\",\"<>Luke\")),'Future Requirements'!$AA:$AA,$I$6),0)+\nIF($J$7=\"Include\",SUMIFS('Future Requirements'!$O:$O,'Future Requirements'!$E:$E,$B55,'Future Requirements'!$G:$G,P$52,'Future Requirements'!$B:$B,IF($C$3=\"\",\">=\"&$F$3,\">=\"&$C$3),'Future Requirements'!$B:$B,IF($C$4=\"\",\"<=\"&$F$4,\"<=\"&$C$4),'Future Requirements'!$J:$J,IF($C$5=\"Yes\",\"Yes\",IF($C$5=\"No\",\"No\",\"<>Luke\")),'Future Requirements'!$AC:$AC,IF($C$6=\"Agreed\",\"Agreed\",IF($C$6=\"C/Fwd\",\"C/Fwd\",\"<>Luke\")),'Future Requirements'!$AA:$AA,$I$7),0)","v":0},{"$f":"IF($J$3=\"Include\",SUMIFS('Future Requirements'!$O:$O,'Future Requirements'!$E:$E,$B55,'Future Requirements'!$G:$G,Q$52,'Future Requirements'!$B:$B,IF($C$3=\"\",\">=\"&$F$3,\">=\"&$C$3),'Future Requirements'!$B:$B,IF($C$4=\"\",\"<=\"&$F$4,\"<=\"&$C$4),'Future Requirements'!$J:$J,IF($C$5=\"Yes\",\"Yes\",IF($C$5=\"No\",\"No\",\"<>Luke\")),'Future Requirements'!$AC:$AC,IF($C$6=\"Agreed\",\"Agreed\",IF($C$6=\"C/Fwd\",\"C/Fwd\",\"<>Luke\")),'Future Requirements'!$AA:$AA,$I$3),0)+\nIF($J$4=\"Include\",SUMIFS('Future Requirements'!$O:$O,'Future Requirements'!$E:$E,$B55,'Future Requirements'!$G:$G,Q$52,'Future Requirements'!$B:$B,IF($C$3=\"\",\">=\"&$F$3,\">=\"&$C$3),'Future Requirements'!$B:$B,IF($C$4=\"\",\"<=\"&$F$4,\"<=\"&$C$4),'Future Requirements'!$J:$J,IF($C$5=\"Yes\",\"Yes\",IF($C$5=\"No\",\"No\",\"<>Luke\")),'Future Requirements'!$AC:$AC,IF($C$6=\"Agreed\",\"Agreed\",IF($C$6=\"C/Fwd\",\"C/Fwd\",\"<>Luke\")),'Future Requirements'!$AA:$AA,$I$4),0)+\nIF($J$5=\"Include\",SUMIFS('Future Requirements'!$O:$O,'Future Requirements'!$E:$E,$B55,'Future Requirements'!$G:$G,Q$52,'Future Requirements'!$B:$B,IF($C$3=\"\",\">=\"&$F$3,\">=\"&$C$3),'Future Requirements'!$B:$B,IF($C$4=\"\",\"<=\"&$F$4,\"<=\"&$C$4),'Future Requirements'!$J:$J,IF($C$5=\"Yes\",\"Yes\",IF($C$5=\"No\",\"No\",\"<>Luke\")),'Future Requirements'!$AC:$AC,IF($C$6=\"Agreed\",\"Agreed\",IF($C$6=\"C/Fwd\",\"C/Fwd\",\"<>Luke\")),'Future Requirements'!$AA:$AA,$I$5),0)+\nIF($J$6=\"Include\",SUMIFS('Future Requirements'!$O:$O,'Future Requirements'!$E:$E,$B55,'Future Requirements'!$G:$G,Q$52,'Future Requirements'!$B:$B,IF($C$3=\"\",\">=\"&$F$3,\">=\"&$C$3),'Future Requirements'!$B:$B,IF($C$4=\"\",\"<=\"&$F$4,\"<=\"&$C$4),'Future Requirements'!$J:$J,IF($C$5=\"Yes\",\"Yes\",IF($C$5=\"No\",\"No\",\"<>Luke\")),'Future Requirements'!$AC:$AC,IF($C$6=\"Agreed\",\"Agreed\",IF($C$6=\"C/Fwd\",\"C/Fwd\",\"<>Luke\")),'Future Requirements'!$AA:$AA,$I$6),0)+\nIF($J$7=\"Include\",SUMIFS('Future Requirements'!$O:$O,'Future Requirements'!$E:$E,$B55,'Future Requirements'!$G:$G,Q$52,'Future Requirements'!$B:$B,IF($C$3=\"\",\">=\"&$F$3,\">=\"&$C$3),'Future Requirements'!$B:$B,IF($C$4=\"\",\"<=\"&$F$4,\"<=\"&$C$4),'Future Requirements'!$J:$J,IF($C$5=\"Yes\",\"Yes\",IF($C$5=\"No\",\"No\",\"<>Luke\")),'Future Requirements'!$AC:$AC,IF($C$6=\"Agreed\",\"Agreed\",IF($C$6=\"C/Fwd\",\"C/Fwd\",\"<>Luke\")),'Future Requirements'!$AA:$AA,$I$7),0)","v":0},{"$f":"IF($J$3=\"Include\",SUMIFS('Future Requirements'!$O:$O,'Future Requirements'!$E:$E,$B55,'Future Requirements'!$G:$G,R$52,'Future Requirements'!$B:$B,IF($C$3=\"\",\">=\"&$F$3,\">=\"&$C$3),'Future Requirements'!$B:$B,IF($C$4=\"\",\"<=\"&$F$4,\"<=\"&$C$4),'Future Requirements'!$J:$J,IF($C$5=\"Yes\",\"Yes\",IF($C$5=\"No\",\"No\",\"<>Luke\")),'Future Requirements'!$AC:$AC,IF($C$6=\"Agreed\",\"Agreed\",IF($C$6=\"C/Fwd\",\"C/Fwd\",\"<>Luke\")),'Future Requirements'!$AA:$AA,$I$3),0)+\nIF($J$4=\"Include\",SUMIFS('Future Requirements'!$O:$O,'Future Requirements'!$E:$E,$B55,'Future Requirements'!$G:$G,R$52,'Future Requirements'!$B:$B,IF($C$3=\"\",\">=\"&$F$3,\">=\"&$C$3),'Future Requirements'!$B:$B,IF($C$4=\"\",\"<=\"&$F$4,\"<=\"&$C$4),'Future Requirements'!$J:$J,IF($C$5=\"Yes\",\"Yes\",IF($C$5=\"No\",\"No\",\"<>Luke\")),'Future Requirements'!$AC:$AC,IF($C$6=\"Agreed\",\"Agreed\",IF($C$6=\"C/Fwd\",\"C/Fwd\",\"<>Luke\")),'Future Requirements'!$AA:$AA,$I$4),0)+\nIF($J$5=\"Include\",SUMIFS('Future Requirements'!$O:$O,'Future Requirements'!$E:$E,$B55,'Future Requirements'!$G:$G,R$52,'Future Requirements'!$B:$B,IF($C$3=\"\",\">=\"&$F$3,\">=\"&$C$3),'Future Requirements'!$B:$B,IF($C$4=\"\",\"<=\"&$F$4,\"<=\"&$C$4),'Future Requirements'!$J:$J,IF($C$5=\"Yes\",\"Yes\",IF($C$5=\"No\",\"No\",\"<>Luke\")),'Future Requirements'!$AC:$AC,IF($C$6=\"Agreed\",\"Agreed\",IF($C$6=\"C/Fwd\",\"C/Fwd\",\"<>Luke\")),'Future Requirements'!$AA:$AA,$I$5),0)+\nIF($J$6=\"Include\",SUMIFS('Future Requirements'!$O:$O,'Future Requirements'!$E:$E,$B55,'Future Requirements'!$G:$G,R$52,'Future Requirements'!$B:$B,IF($C$3=\"\",\">=\"&$F$3,\">=\"&$C$3),'Future Requirements'!$B:$B,IF($C$4=\"\",\"<=\"&$F$4,\"<=\"&$C$4),'Future Requirements'!$J:$J,IF($C$5=\"Yes\",\"Yes\",IF($C$5=\"No\",\"No\",\"<>Luke\")),'Future Requirements'!$AC:$AC,IF($C$6=\"Agreed\",\"Agreed\",IF($C$6=\"C/Fwd\",\"C/Fwd\",\"<>Luke\")),'Future Requirements'!$AA:$AA,$I$6),0)+\nIF($J$7=\"Include\",SUMIFS('Future Requirements'!$O:$O,'Future Requirements'!$E:$E,$B55,'Future Requirements'!$G:$G,R$52,'Future Requirements'!$B:$B,IF($C$3=\"\",\">=\"&$F$3,\">=\"&$C$3),'Future Requirements'!$B:$B,IF($C$4=\"\",\"<=\"&$F$4,\"<=\"&$C$4),'Future Requirements'!$J:$J,IF($C$5=\"Yes\",\"Yes\",IF($C$5=\"No\",\"No\",\"<>Luke\")),'Future Requirements'!$AC:$AC,IF($C$6=\"Agreed\",\"Agreed\",IF($C$6=\"C/Fwd\",\"C/Fwd\",\"<>Luke\")),'Future Requirements'!$AA:$AA,$I$7),0)","v":0},{"$f":"IF($J$3=\"Include\",SUMIFS('Future Requirements'!$O:$O,'Future Requirements'!$E:$E,$B55,'Future Requirements'!$G:$G,S$52,'Future Requirements'!$B:$B,IF($C$3=\"\",\">=\"&$F$3,\">=\"&$C$3),'Future Requirements'!$B:$B,IF($C$4=\"\",\"<=\"&$F$4,\"<=\"&$C$4),'Future Requirements'!$J:$J,IF($C$5=\"Yes\",\"Yes\",IF($C$5=\"No\",\"No\",\"<>Luke\")),'Future Requirements'!$AC:$AC,IF($C$6=\"Agreed\",\"Agreed\",IF($C$6=\"C/Fwd\",\"C/Fwd\",\"<>Luke\")),'Future Requirements'!$AA:$AA,$I$3),0)+\nIF($J$4=\"Include\",SUMIFS('Future Requirements'!$O:$O,'Future Requirements'!$E:$E,$B55,'Future Requirements'!$G:$G,S$52,'Future Requirements'!$B:$B,IF($C$3=\"\",\">=\"&$F$3,\">=\"&$C$3),'Future Requirements'!$B:$B,IF($C$4=\"\",\"<=\"&$F$4,\"<=\"&$C$4),'Future Requirements'!$J:$J,IF($C$5=\"Yes\",\"Yes\",IF($C$5=\"No\",\"No\",\"<>Luke\")),'Future Requirements'!$AC:$AC,IF($C$6=\"Agreed\",\"Agreed\",IF($C$6=\"C/Fwd\",\"C/Fwd\",\"<>Luke\")),'Future Requirements'!$AA:$AA,$I$4),0)+\nIF($J$5=\"Include\",SUMIFS('Future Requirements'!$O:$O,'Future Requirements'!$E:$E,$B55,'Future Requirements'!$G:$G,S$52,'Future Requirements'!$B:$B,IF($C$3=\"\",\">=\"&$F$3,\">=\"&$C$3),'Future Requirements'!$B:$B,IF($C$4=\"\",\"<=\"&$F$4,\"<=\"&$C$4),'Future Requirements'!$J:$J,IF($C$5=\"Yes\",\"Yes\",IF($C$5=\"No\",\"No\",\"<>Luke\")),'Future Requirements'!$AC:$AC,IF($C$6=\"Agreed\",\"Agreed\",IF($C$6=\"C/Fwd\",\"C/Fwd\",\"<>Luke\")),'Future Requirements'!$AA:$AA,$I$5),0)+\nIF($J$6=\"Include\",SUMIFS('Future Requirements'!$O:$O,'Future Requirements'!$E:$E,$B55,'Future Requirements'!$G:$G,S$52,'Future Requirements'!$B:$B,IF($C$3=\"\",\">=\"&$F$3,\">=\"&$C$3),'Future Requirements'!$B:$B,IF($C$4=\"\",\"<=\"&$F$4,\"<=\"&$C$4),'Future Requirements'!$J:$J,IF($C$5=\"Yes\",\"Yes\",IF($C$5=\"No\",\"No\",\"<>Luke\")),'Future Requirements'!$AC:$AC,IF($C$6=\"Agreed\",\"Agreed\",IF($C$6=\"C/Fwd\",\"C/Fwd\",\"<>Luke\")),'Future Requirements'!$AA:$AA,$I$6),0)+\nIF($J$7=\"Include\",SUMIFS('Future Requirements'!$O:$O,'Future Requirements'!$E:$E,$B55,'Future Requirements'!$G:$G,S$52,'Future Requirements'!$B:$B,IF($C$3=\"\",\">=\"&$F$3,\">=\"&$C$3),'Future Requirements'!$B:$B,IF($C$4=\"\",\"<=\"&$F$4,\"<=\"&$C$4),'Future Requirements'!$J:$J,IF($C$5=\"Yes\",\"Yes\",IF($C$5=\"No\",\"No\",\"<>Luke\")),'Future Requirements'!$AC:$AC,IF($C$6=\"Agreed\",\"Agreed\",IF($C$6=\"C/Fwd\",\"C/Fwd\",\"<>Luke\")),'Future Requirements'!$AA:$AA,$I$7),0)","v":0},0]
[null,"Bridge Over",{"$f":"IF($J$3=\"Include\",SUMIFS('Future Requirements'!$O:$O,'Future Requirements'!$E:$E,$B56,'Future Requirements'!$G:$G,C$52,'Future Requirements'!$B:$B,IF($C$3=\"\",\">=\"&$F$3,\">=\"&$C$3),'Future Requirements'!$B:$B,IF($C$4=\"\",\"<=\"&$F$4,\"<=\"&$C$4),'Future Requirements'!$J:$J,IF($C$5=\"Yes\",\"Yes\",IF($C$5=\"No\",\"No\",\"<>Luke\")),'Future Requirements'!$AC:$AC,IF($C$6=\"Agreed\",\"Agreed\",IF($C$6=\"C/Fwd\",\"C/Fwd\",\"<>Luke\")),'Future Requirements'!$AA:$AA,$I$3),0)+\nIF($J$4=\"Include\",SUMIFS('Future Requirements'!$O:$O,'Future Requirements'!$E:$E,$B56,'Future Requirements'!$G:$G,C$52,'Future Requirements'!$B:$B,IF($C$3=\"\",\">=\"&$F$3,\">=\"&$C$3),'Future Requirements'!$B:$B,IF($C$4=\"\",\"<=\"&$F$4,\"<=\"&$C$4),'Future Requirements'!$J:$J,IF($C$5=\"Yes\",\"Yes\",IF($C$5=\"No\",\"No\",\"<>Luke\")),'Future Requirements'!$AC:$AC,IF($C$6=\"Agreed\",\"Agreed\",IF($C$6=\"C/Fwd\",\"C/Fwd\",\"<>Luke\")),'Future Requirements'!$AA:$AA,$I$4),0)+\nIF($J$5=\"Include\",SUMIFS('Future Requirements'!$O:$O,'Future Requirements'!$E:$E,$B56,'Future Requirements'!$G:$G,C$52,'Future Requirements'!$B:$B,IF($C$3=\"\",\">=\"&$F$3,\">=\"&$C$3),'Future Requirements'!$B:$B,IF($C$4=\"\",\"<=\"&$F$4,\"<=\"&$C$4),'Future Requirements'!$J:$J,IF($C$5=\"Yes\",\"Yes\",IF($C$5=\"No\",\"No\",\"<>Luke\")),'Future Requirements'!$AC:$AC,IF($C$6=\"Agreed\",\"Agreed\",IF($C$6=\"C/Fwd\",\"C/Fwd\",\"<>Luke\")),'Future Requirements'!$AA:$AA,$I$5),0)+\nIF($J$6=\"Include\",SUMIFS('Future Requirements'!$O:$O,'Future Requirements'!$E:$E,$B56,'Future Requirements'!$G:$G,C$52,'Future Requirements'!$B:$B,IF($C$3=\"\",\">=\"&$F$3,\">=\"&$C$3),'Future Requirements'!$B:$B,IF($C$4=\"\",\"<=\"&$F$4,\"<=\"&$C$4),'Future Requirements'!$J:$J,IF($C$5=\"Yes\",\"Yes\",IF($C$5=\"No\",\"No\",\"<>Luke\")),'Future Requirements'!$AC:$AC,IF($C$6=\"Agreed\",\"Agreed\",IF($C$6=\"C/Fwd\",\"C/Fwd\",\"<>Luke\")),'Future Requirements'!$AA:$AA,$I$6),0)+\nIF($J$7=\"Include\",SUMIFS('Future Requirements'!$O:$O,'Future Requirements'!$E:$E,$B56,'Future Requirements'!$G:$G,C$52,'Future Requirements'!$B:$B,IF($C$3=\"\",\">=\"&$F$3,\">=\"&$C$3),'Future Requirements'!$B:$B,IF($C$4=\"\",\"<=\"&$F$4,\"<=\"&$C$4),'Future Requirements'!$J:$J,IF($C$5=\"Yes\",\"Yes\",IF($C$5=\"No\",\"No\",\"<>Luke\")),'Future Requirements'!$AC:$AC,IF($C$6=\"Agreed\",\"Agreed\",IF($C$6=\"C/Fwd\",\"C/Fwd\",\"<>Luke\")),'Future Requirements'!$AA:$AA,$I$7),0)","v":0},{"$f":"IF($J$3=\"Include\",SUMIFS('Future Requirements'!$O:$O,'Future Requirements'!$E:$E,$B56,'Future Requirements'!$G:$G,D$52,'Future Requirements'!$B:$B,IF($C$3=\"\",\">=\"&$F$3,\">=\"&$C$3),'Future Requirements'!$B:$B,IF($C$4=\"\",\"<=\"&$F$4,\"<=\"&$C$4),'Future Requirements'!$J:$J,IF($C$5=\"Yes\",\"Yes\",IF($C$5=\"No\",\"No\",\"<>Luke\")),'Future Requirements'!$AC:$AC,IF($C$6=\"Agreed\",\"Agreed\",IF($C$6=\"C/Fwd\",\"C/Fwd\",\"<>Luke\")),'Future Requirements'!$AA:$AA,$I$3),0)+\nIF($J$4=\"Include\",SUMIFS('Future Requirements'!$O:$O,'Future Requirements'!$E:$E,$B56,'Future Requirements'!$G:$G,D$52,'Future Requirements'!$B:$B,IF($C$3=\"\",\">=\"&$F$3,\">=\"&$C$3),'Future Requirements'!$B:$B,IF($C$4=\"\",\"<=\"&$F$4,\"<=\"&$C$4),'Future Requirements'!$J:$J,IF($C$5=\"Yes\",\"Yes\",IF($C$5=\"No\",\"No\",\"<>Luke\")),'Future Requirements'!$AC:$AC,IF($C$6=\"Agreed\",\"Agreed\",IF($C$6=\"C/Fwd\",\"C/Fwd\",\"<>Luke\")),'Future Requirements'!$AA:$AA,$I$4),0)+\nIF($J$5=\"Include\",SUMIFS('Future Requirements'!$O:$O,'Future Requirements'!$E:$E,$B56,'Future Requirements'!$G:$G,D$52,'Future Requirements'!$B:$B,IF($C$3=\"\",\">=\"&$F$3,\">=\"&$C$3),'Future Requirements'!$B:$B,IF($C$4=\"\",\"<=\"&$F$4,\"<=\"&$C$4),'Future Requirements'!$J:$J,IF($C$5=\"Yes\",\"Yes\",IF($C$5=\"No\",\"No\",\"<>Luke\")),'Future Requirements'!$AC:$AC,IF($C$6=\"Agreed\",\"Agreed\",IF($C$6=\"C/Fwd\",\"C/Fwd\",\"<>Luke\")),'Future Requirements'!$AA:$AA,$I$5),0)+\nIF($J$6=\"Include\",SUMIFS('Future Requirements'!$O:$O,'Future Requirements'!$E:$E,$B56,'Future Requirements'!$G:$G,D$52,'Future Requirements'!$B:$B,IF($C$3=\"\",\">=\"&$F$3,\">=\"&$C$3),'Future Requirements'!$B:$B,IF($C$4=\"\",\"<=\"&$F$4,\"<=\"&$C$4),'Future Requirements'!$J:$J,IF($C$5=\"Yes\",\"Yes\",IF($C$5=\"No\",\"No\",\"<>Luke\")),'Future Requirements'!$AC:$AC,IF($C$6=\"Agreed\",\"Agreed\",IF($C$6=\"C/Fwd\",\"C/Fwd\",\"<>Luke\")),'Future Requirements'!$AA:$AA,$I$6),0)+\nIF($J$7=\"Include\",SUMIFS('Future Requirements'!$O:$O,'Future Requirements'!$E:$E,$B56,'Future Requirements'!$G:$G,D$52,'Future Requirements'!$B:$B,IF($C$3=\"\",\">=\"&$F$3,\">=\"&$C$3),'Future Requirements'!$B:$B,IF($C$4=\"\",\"<=\"&$F$4,\"<=\"&$C$4),'Future Requirements'!$J:$J,IF($C$5=\"Yes\",\"Yes\",IF($C$5=\"No\",\"No\",\"<>Luke\")),'Future Requirements'!$AC:$AC,IF($C$6=\"Agreed\",\"Agreed\",IF($C$6=\"C/Fwd\",\"C/Fwd\",\"<>Luke\")),'Future Requirements'!$AA:$AA,$I$7),0)","v":0},{"$f":"IF($J$3=\"Include\",SUMIFS('Future Requirements'!$O:$O,'Future Requirements'!$E:$E,$B56,'Future Requirements'!$G:$G,E$52,'Future Requirements'!$B:$B,IF($C$3=\"\",\">=\"&$F$3,\">=\"&$C$3),'Future Requirements'!$B:$B,IF($C$4=\"\",\"<=\"&$F$4,\"<=\"&$C$4),'Future Requirements'!$J:$J,IF($C$5=\"Yes\",\"Yes\",IF($C$5=\"No\",\"No\",\"<>Luke\")),'Future Requirements'!$AC:$AC,IF($C$6=\"Agreed\",\"Agreed\",IF($C$6=\"C/Fwd\",\"C/Fwd\",\"<>Luke\")),'Future Requirements'!$AA:$AA,$I$3),0)+\nIF($J$4=\"Include\",SUMIFS('Future Requirements'!$O:$O,'Future Requirements'!$E:$E,$B56,'Future Requirements'!$G:$G,E$52,'Future Requirements'!$B:$B,IF($C$3=\"\",\">=\"&$F$3,\">=\"&$C$3),'Future Requirements'!$B:$B,IF($C$4=\"\",\"<=\"&$F$4,\"<=\"&$C$4),'Future Requirements'!$J:$J,IF($C$5=\"Yes\",\"Yes\",IF($C$5=\"No\",\"No\",\"<>Luke\")),'Future Requirements'!$AC:$AC,IF($C$6=\"Agreed\",\"Agreed\",IF($C$6=\"C/Fwd\",\"C/Fwd\",\"<>Luke\")),'Future Requirements'!$AA:$AA,$I$4),0)+\nIF($J$5=\"Include\",SUMIFS('Future Requirements'!$O:$O,'Future Requirements'!$E:$E,$B56,'Future Requirements'!$G:$G,E$52,'Future Requirements'!$B:$B,IF($C$3=\"\",\">=\"&$F$3,\">=\"&$C$3),'Future Requirements'!$B:$B,IF($C$4=\"\",\"<=\"&$F$4,\"<=\"&$C$4),'Future Requirements'!$J:$J,IF($C$5=\"Yes\",\"Yes\",IF($C$5=\"No\",\"No\",\"<>Luke\")),'Future Requirements'!$AC:$AC,IF($C$6=\"Agreed\",\"Agreed\",IF($C$6=\"C/Fwd\",\"C/Fwd\",\"<>Luke\")),'Future Requirements'!$AA:$AA,$I$5),0)+\nIF($J$6=\"Include\",SUMIFS('Future Requirements'!$O:$O,'Future Requirements'!$E:$E,$B56,'Future Requirements'!$G:$G,E$52,'Future Requirements'!$B:$B,IF($C$3=\"\",\">=\"&$F$3,\">=\"&$C$3),'Future Requirements'!$B:$B,IF($C$4=\"\",\"<=\"&$F$4,\"<=\"&$C$4),'Future Requirements'!$J:$J,IF($C$5=\"Yes\",\"Yes\",IF($C$5=\"No\",\"No\",\"<>Luke\")),'Future Requirements'!$AC:$AC,IF($C$6=\"Agreed\",\"Agreed\",IF($C$6=\"C/Fwd\",\"C/Fwd\",\"<>Luke\")),'Future Requirements'!$AA:$AA,$I$6),0)+\nIF($J$7=\"Include\",SUMIFS('Future Requirements'!$O:$O,'Future Requirements'!$E:$E,$B56,'Future Requirements'!$G:$G,E$52,'Future Requirements'!$B:$B,IF($C$3=\"\",\">=\"&$F$3,\">=\"&$C$3),'Future Requirements'!$B:$B,IF($C$4=\"\",\"<=\"&$F$4,\"<=\"&$C$4),'Future Requirements'!$J:$J,IF($C$5=\"Yes\",\"Yes\",IF($C$5=\"No\",\"No\",\"<>Luke\")),'Future Requirements'!$AC:$AC,IF($C$6=\"Agreed\",\"Agreed\",IF($C$6=\"C/Fwd\",\"C/Fwd\",\"<>Luke\")),'Future Requirements'!$AA:$AA,$I$7),0)","v":0},{"$f":"IF($J$3=\"Include\",SUMIFS('Future Requirements'!$O:$O,'Future Requirements'!$E:$E,$B56,'Future Requirements'!$G:$G,F$52,'Future Requirements'!$B:$B,IF($C$3=\"\",\">=\"&$F$3,\">=\"&$C$3),'Future Requirements'!$B:$B,IF($C$4=\"\",\"<=\"&$F$4,\"<=\"&$C$4),'Future Requirements'!$J:$J,IF($C$5=\"Yes\",\"Yes\",IF($C$5=\"No\",\"No\",\"<>Luke\")),'Future Requirements'!$AC:$AC,IF($C$6=\"Agreed\",\"Agreed\",IF($C$6=\"C/Fwd\",\"C/Fwd\",\"<>Luke\")),'Future Requirements'!$AA:$AA,$I$3),0)+\nIF($J$4=\"Include\",SUMIFS('Future Requirements'!$O:$O,'Future Requirements'!$E:$E,$B56,'Future Requirements'!$G:$G,F$52,'Future Requirements'!$B:$B,IF($C$3=\"\",\">=\"&$F$3,\">=\"&$C$3),'Future Requirements'!$B:$B,IF($C$4=\"\",\"<=\"&$F$4,\"<=\"&$C$4),'Future Requirements'!$J:$J,IF($C$5=\"Yes\",\"Yes\",IF($C$5=\"No\",\"No\",\"<>Luke\")),'Future Requirements'!$AC:$AC,IF($C$6=\"Agreed\",\"Agreed\",IF($C$6=\"C/Fwd\",\"C/Fwd\",\"<>Luke\")),'Future Requirements'!$AA:$AA,$I$4),0)+\nIF($J$5=\"Include\",SUMIFS('Future Requirements'!$O:$O,'Future Requirements'!$E:$E,$B56,'Future Requirements'!$G:$G,F$52,'Future Requirements'!$B:$B,IF($C$3=\"\",\">=\"&$F$3,\">=\"&$C$3),'Future Requirements'!$B:$B,IF($C$4=\"\",\"<=\"&$F$4,\"<=\"&$C$4),'Future Requirements'!$J:$J,IF($C$5=\"Yes\",\"Yes\",IF($C$5=\"No\",\"No\",\"<>Luke\")),'Future Requirements'!$AC:$AC,IF($C$6=\"Agreed\",\"Agreed\",IF($C$6=\"C/Fwd\",\"C/Fwd\",\"<>Luke\")),'Future Requirements'!$AA:$AA,$I$5),0)+\nIF($J$6=\"Include\",SUMIFS('Future Requirements'!$O:$O,'Future Requirements'!$E:$E,$B56,'Future Requirements'!$G:$G,F$52,'Future Requirements'!$B:$B,IF($C$3=\"\",\">=\"&$F$3,\">=\"&$C$3),'Future Requirements'!$B:$B,IF($C$4=\"\",\"<=\"&$F$4,\"<=\"&$C$4),'Future Requirements'!$J:$J,IF($C$5=\"Yes\",\"Yes\",IF($C$5=\"No\",\"No\",\"<>Luke\")),'Future Requirements'!$AC:$AC,IF($C$6=\"Agreed\",\"Agreed\",IF($C$6=\"C/Fwd\",\"C/Fwd\",\"<>Luke\")),'Future Requirements'!$AA:$AA,$I$6),0)+\nIF($J$7=\"Include\",SUMIFS('Future Requirements'!$O:$O,'Future Requirements'!$E:$E,$B56,'Future Requirements'!$G:$G,F$52,'Future Requirements'!$B:$B,IF($C$3=\"\",\">=\"&$F$3,\">=\"&$C$3),'Future Requirements'!$B:$B,IF($C$4=\"\",\"<=\"&$F$4,\"<=\"&$C$4),'Future Requirements'!$J:$J,IF($C$5=\"Yes\",\"Yes\",IF($C$5=\"No\",\"No\",\"<>Luke\")),'Future Requirements'!$AC:$AC,IF($C$6=\"Agreed\",\"Agreed\",IF($C$6=\"C/Fwd\",\"C/Fwd\",\"<>Luke\")),'Future Requirements'!$AA:$AA,$I$7),0)","v":0},{"$f":"IF($J$3=\"Include\",SUMIFS('Future Requirements'!$O:$O,'Future Requirements'!$E:$E,$B56,'Future Requirements'!$G:$G,G$52,'Future Requirements'!$B:$B,IF($C$3=\"\",\">=\"&$F$3,\">=\"&$C$3),'Future Requirements'!$B:$B,IF($C$4=\"\",\"<=\"&$F$4,\"<=\"&$C$4),'Future Requirements'!$J:$J,IF($C$5=\"Yes\",\"Yes\",IF($C$5=\"No\",\"No\",\"<>Luke\")),'Future Requirements'!$AC:$AC,IF($C$6=\"Agreed\",\"Agreed\",IF($C$6=\"C/Fwd\",\"C/Fwd\",\"<>Luke\")),'Future Requirements'!$AA:$AA,$I$3),0)+\nIF($J$4=\"Include\",SUMIFS('Future Requirements'!$O:$O,'Future Requirements'!$E:$E,$B56,'Future Requirements'!$G:$G,G$52,'Future Requirements'!$B:$B,IF($C$3=\"\",\">=\"&$F$3,\">=\"&$C$3),'Future Requirements'!$B:$B,IF($C$4=\"\",\"<=\"&$F$4,\"<=\"&$C$4),'Future Requirements'!$J:$J,IF($C$5=\"Yes\",\"Yes\",IF($C$5=\"No\",\"No\",\"<>Luke\")),'Future Requirements'!$AC:$AC,IF($C$6=\"Agreed\",\"Agreed\",IF($C$6=\"C/Fwd\",\"C/Fwd\",\"<>Luke\")),'Future Requirements'!$AA:$AA,$I$4),0)+\nIF($J$5=\"Include\",SUMIFS('Future Requirements'!$O:$O,'Future Requirements'!$E:$E,$B56,'Future Requirements'!$G:$G,G$52,'Future Requirements'!$B:$B,IF($C$3=\"\",\">=\"&$F$3,\">=\"&$C$3),'Future Requirements'!$B:$B,IF($C$4=\"\",\"<=\"&$F$4,\"<=\"&$C$4),'Future Requirements'!$J:$J,IF($C$5=\"Yes\",\"Yes\",IF($C$5=\"No\",\"No\",\"<>Luke\")),'Future Requirements'!$AC:$AC,IF($C$6=\"Agreed\",\"Agreed\",IF($C$6=\"C/Fwd\",\"C/Fwd\",\"<>Luke\")),'Future Requirements'!$AA:$AA,$I$5),0)+\nIF($J$6=\"Include\",SUMIFS('Future Requirements'!$O:$O,'Future Requirements'!$E:$E,$B56,'Future Requirements'!$G:$G,G$52,'Future Requirements'!$B:$B,IF($C$3=\"\",\">=\"&$F$3,\">=\"&$C$3),'Future Requirements'!$B:$B,IF($C$4=\"\",\"<=\"&$F$4,\"<=\"&$C$4),'Future Requirements'!$J:$J,IF($C$5=\"Yes\",\"Yes\",IF($C$5=\"No\",\"No\",\"<>Luke\")),'Future Requirements'!$AC:$AC,IF($C$6=\"Agreed\",\"Agreed\",IF($C$6=\"C/Fwd\",\"C/Fwd\",\"<>Luke\")),'Future Requirements'!$AA:$AA,$I$6),0)+\nIF($J$7=\"Include\",SUMIFS('Future Requirements'!$O:$O,'Future Requirements'!$E:$E,$B56,'Future Requirements'!$G:$G,G$52,'Future Requirements'!$B:$B,IF($C$3=\"\",\">=\"&$F$3,\">=\"&$C$3),'Future Requirements'!$B:$B,IF($C$4=\"\",\"<=\"&$F$4,\"<=\"&$C$4),'Future Requirements'!$J:$J,IF($C$5=\"Yes\",\"Yes\",IF($C$5=\"No\",\"No\",\"<>Luke\")),'Future Requirements'!$AC:$AC,IF($C$6=\"Agreed\",\"Agreed\",IF($C$6=\"C/Fwd\",\"C/Fwd\",\"<>Luke\")),'Future Requirements'!$AA:$AA,$I$7),0)","v":0},{"$f":"IF($J$3=\"Include\",SUMIFS('Future Requirements'!$O:$O,'Future Requirements'!$E:$E,$B56,'Future Requirements'!$G:$G,H$52,'Future Requirements'!$B:$B,IF($C$3=\"\",\">=\"&$F$3,\">=\"&$C$3),'Future Requirements'!$B:$B,IF($C$4=\"\",\"<=\"&$F$4,\"<=\"&$C$4),'Future Requirements'!$J:$J,IF($C$5=\"Yes\",\"Yes\",IF($C$5=\"No\",\"No\",\"<>Luke\")),'Future Requirements'!$AC:$AC,IF($C$6=\"Agreed\",\"Agreed\",IF($C$6=\"C/Fwd\",\"C/Fwd\",\"<>Luke\")),'Future Requirements'!$AA:$AA,$I$3),0)+\nIF($J$4=\"Include\",SUMIFS('Future Requirements'!$O:$O,'Future Requirements'!$E:$E,$B56,'Future Requirements'!$G:$G,H$52,'Future Requirements'!$B:$B,IF($C$3=\"\",\">=\"&$F$3,\">=\"&$C$3),'Future Requirements'!$B:$B,IF($C$4=\"\",\"<=\"&$F$4,\"<=\"&$C$4),'Future Requirements'!$J:$J,IF($C$5=\"Yes\",\"Yes\",IF($C$5=\"No\",\"No\",\"<>Luke\")),'Future Requirements'!$AC:$AC,IF($C$6=\"Agreed\",\"Agreed\",IF($C$6=\"C/Fwd\",\"C/Fwd\",\"<>Luke\")),'Future Requirements'!$AA:$AA,$I$4),0)+\nIF($J$5=\"Include\",SUMIFS('Future Requirements'!$O:$O,'Future Requirements'!$E:$E,$B56,'Future Requirements'!$G:$G,H$52,'Future Requirements'!$B:$B,IF($C$3=\"\",\">=\"&$F$3,\">=\"&$C$3),'Future Requirements'!$B:$B,IF($C$4=\"\",\"<=\"&$F$4,\"<=\"&$C$4),'Future Requirements'!$J:$J,IF($C$5=\"Yes\",\"Yes\",IF($C$5=\"No\",\"No\",\"<>Luke\")),'Future Requirements'!$AC:$AC,IF($C$6=\"Agreed\",\"Agreed\",IF($C$6=\"C/Fwd\",\"C/Fwd\",\"<>Luke\")),'Future Requirements'!$AA:$AA,$I$5),0)+\nIF($J$6=\"Include\",SUMIFS('Future Requirements'!$O:$O,'Future Requirements'!$E:$E,$B56,'Future Requirements'!$G:$G,H$52,'Future Requirements'!$B:$B,IF($C$3=\"\",\">=\"&$F$3,\">=\"&$C$3),'Future Requirements'!$B:$B,IF($C$4=\"\",\"<=\"&$F$4,\"<=\"&$C$4),'Future Requirements'!$J:$J,IF($C$5=\"Yes\",\"Yes\",IF($C$5=\"No\",\"No\",\"<>Luke\")),'Future Requirements'!$AC:$AC,IF($C$6=\"Agreed\",\"Agreed\",IF($C$6=\"C/Fwd\",\"C/Fwd\",\"<>Luke\")),'Future Requirements'!$AA:$AA,$I$6),0)+\nIF($J$7=\"Include\",SUMIFS('Future Requirements'!$O:$O,'Future Requirements'!$E:$E,$B56,'Future Requirements'!$G:$G,H$52,'Future Requirements'!$B:$B,IF($C$3=\"\",\">=\"&$F$3,\">=\"&$C$3),'Future Requirements'!$B:$B,IF($C$4=\"\",\"<=\"&$F$4,\"<=\"&$C$4),'Future Requirements'!$J:$J,IF($C$5=\"Yes\",\"Yes\",IF($C$5=\"No\",\"No\",\"<>Luke\")),'Future Requirements'!$AC:$AC,IF($C$6=\"Agreed\",\"Agreed\",IF($C$6=\"C/Fwd\",\"C/Fwd\",\"<>Luke\")),'Future Requirements'!$AA:$AA,$I$7),0)","v":0},{"$f":"IF($J$3=\"Include\",SUMIFS('Future Requirements'!$O:$O,'Future Requirements'!$E:$E,$B56,'Future Requirements'!$G:$G,I$52,'Future Requirements'!$B:$B,IF($C$3=\"\",\">=\"&$F$3,\">=\"&$C$3),'Future Requirements'!$B:$B,IF($C$4=\"\",\"<=\"&$F$4,\"<=\"&$C$4),'Future Requirements'!$J:$J,IF($C$5=\"Yes\",\"Yes\",IF($C$5=\"No\",\"No\",\"<>Luke\")),'Future Requirements'!$AC:$AC,IF($C$6=\"Agreed\",\"Agreed\",IF($C$6=\"C/Fwd\",\"C/Fwd\",\"<>Luke\")),'Future Requirements'!$AA:$AA,$I$3),0)+\nIF($J$4=\"Include\",SUMIFS('Future Requirements'!$O:$O,'Future Requirements'!$E:$E,$B56,'Future Requirements'!$G:$G,I$52,'Future Requirements'!$B:$B,IF($C$3=\"\",\">=\"&$F$3,\">=\"&$C$3),'Future Requirements'!$B:$B,IF($C$4=\"\",\"<=\"&$F$4,\"<=\"&$C$4),'Future Requirements'!$J:$J,IF($C$5=\"Yes\",\"Yes\",IF($C$5=\"No\",\"No\",\"<>Luke\")),'Future Requirements'!$AC:$AC,IF($C$6=\"Agreed\",\"Agreed\",IF($C$6=\"C/Fwd\",\"C/Fwd\",\"<>Luke\")),'Future Requirements'!$AA:$AA,$I$4),0)+\nIF($J$5=\"Include\",SUMIFS('Future Requirements'!$O:$O,'Future Requirements'!$E:$E,$B56,'Future Requirements'!$G:$G,I$52,'Future Requirements'!$B:$B,IF($C$3=\"\",\">=\"&$F$3,\">=\"&$C$3),'Future Requirements'!$B:$B,IF($C$4=\"\",\"<=\"&$F$4,\"<=\"&$C$4),'Future Requirements'!$J:$J,IF($C$5=\"Yes\",\"Yes\",IF($C$5=\"No\",\"No\",\"<>Luke\")),'Future Requirements'!$AC:$AC,IF($C$6=\"Agreed\",\"Agreed\",IF($C$6=\"C/Fwd\",\"C/Fwd\",\"<>Luke\")),'Future Requirements'!$AA:$AA,$I$5),0)+\nIF($J$6=\"Include\",SUMIFS('Future Requirements'!$O:$O,'Future Requirements'!$E:$E,$B56,'Future Requirements'!$G:$G,I$52,'Future Requirements'!$B:$B,IF($C$3=\"\",\">=\"&$F$3,\">=\"&$C$3),'Future Requirements'!$B:$B,IF($C$4=\"\",\"<=\"&$F$4,\"<=\"&$C$4),'Future Requirements'!$J:$J,IF($C$5=\"Yes\",\"Yes\",IF($C$5=\"No\",\"No\",\"<>Luke\")),'Future Requirements'!$AC:$AC,IF($C$6=\"Agreed\",\"Agreed\",IF($C$6=\"C/Fwd\",\"C/Fwd\",\"<>Luke\")),'Future Requirements'!$AA:$AA,$I$6),0)+\nIF($J$7=\"Include\",SUMIFS('Future Requirements'!$O:$O,'Future Requirements'!$E:$E,$B56,'Future Requirements'!$G:$G,I$52,'Future Requirements'!$B:$B,IF($C$3=\"\",\">=\"&$F$3,\">=\"&$C$3),'Future Requirements'!$B:$B,IF($C$4=\"\",\"<=\"&$F$4,\"<=\"&$C$4),'Future Requirements'!$J:$J,IF($C$5=\"Yes\",\"Yes\",IF($C$5=\"No\",\"No\",\"<>Luke\")),'Future Requirements'!$AC:$AC,IF($C$6=\"Agreed\",\"Agreed\",IF($C$6=\"C/Fwd\",\"C/Fwd\",\"<>Luke\")),'Future Requirements'!$AA:$AA,$I$7),0)","v":0},{"$f":"IF($J$3=\"Include\",SUMIFS('Future Requirements'!$O:$O,'Future Requirements'!$E:$E,$B56,'Future Requirements'!$G:$G,J$52,'Future Requirements'!$B:$B,IF($C$3=\"\",\">=\"&$F$3,\">=\"&$C$3),'Future Requirements'!$B:$B,IF($C$4=\"\",\"<=\"&$F$4,\"<=\"&$C$4),'Future Requirements'!$J:$J,IF($C$5=\"Yes\",\"Yes\",IF($C$5=\"No\",\"No\",\"<>Luke\")),'Future Requirements'!$AC:$AC,IF($C$6=\"Agreed\",\"Agreed\",IF($C$6=\"C/Fwd\",\"C/Fwd\",\"<>Luke\")),'Future Requirements'!$AA:$AA,$I$3),0)+\nIF($J$4=\"Include\",SUMIFS('Future Requirements'!$O:$O,'Future Requirements'!$E:$E,$B56,'Future Requirements'!$G:$G,J$52,'Future Requirements'!$B:$B,IF($C$3=\"\",\">=\"&$F$3,\">=\"&$C$3),'Future Requirements'!$B:$B,IF($C$4=\"\",\"<=\"&$F$4,\"<=\"&$C$4),'Future Requirements'!$J:$J,IF($C$5=\"Yes\",\"Yes\",IF($C$5=\"No\",\"No\",\"<>Luke\")),'Future Requirements'!$AC:$AC,IF($C$6=\"Agreed\",\"Agreed\",IF($C$6=\"C/Fwd\",\"C/Fwd\",\"<>Luke\")),'Future Requirements'!$AA:$AA,$I$4),0)+\nIF($J$5=\"Include\",SUMIFS('Future Requirements'!$O:$O,'Future Requirements'!$E:$E,$B56,'Future Requirements'!$G:$G,J$52,'Future Requirements'!$B:$B,IF($C$3=\"\",\">=\"&$F$3,\">=\"&$C$3),'Future Requirements'!$B:$B,IF($C$4=\"\",\"<=\"&$F$4,\"<=\"&$C$4),'Future Requirements'!$J:$J,IF($C$5=\"Yes\",\"Yes\",IF($C$5=\"No\",\"No\",\"<>Luke\")),'Future Requirements'!$AC:$AC,IF($C$6=\"Agreed\",\"Agreed\",IF($C$6=\"C/Fwd\",\"C/Fwd\",\"<>Luke\")),'Future Requirements'!$AA:$AA,$I$5),0)+\nIF($J$6=\"Include\",SUMIFS('Future Requirements'!$O:$O,'Future Requirements'!$E:$E,$B56,'Future Requirements'!$G:$G,J$52,'Future Requirements'!$B:$B,IF($C$3=\"\",\">=\"&$F$3,\">=\"&$C$3),'Future Requirements'!$B:$B,IF($C$4=\"\",\"<=\"&$F$4,\"<=\"&$C$4),'Future Requirements'!$J:$J,IF($C$5=\"Yes\",\"Yes\",IF($C$5=\"No\",\"No\",\"<>Luke\")),'Future Requirements'!$AC:$AC,IF($C$6=\"Agreed\",\"Agreed\",IF($C$6=\"C/Fwd\",\"C/Fwd\",\"<>Luke\")),'Future Requirements'!$AA:$AA,$I$6),0)+\nIF($J$7=\"Include\",SUMIFS('Future Requirements'!$O:$O,'Future Requirements'!$E:$E,$B56,'Future Requirements'!$G:$G,J$52,'Future Requirements'!$B:$B,IF($C$3=\"\",\">=\"&$F$3,\">=\"&$C$3),'Future Requirements'!$B:$B,IF($C$4=\"\",\"<=\"&$F$4,\"<=\"&$C$4),'Future Requirements'!$J:$J,IF($C$5=\"Yes\",\"Yes\",IF($C$5=\"No\",\"No\",\"<>Luke\")),'Future Requirements'!$AC:$AC,IF($C$6=\"Agreed\",\"Agreed\",IF($C$6=\"C/Fwd\",\"C/Fwd\",\"<>Luke\")),'Future Requirements'!$AA:$AA,$I$7),0)","v":0},{"$f":"IF($J$3=\"Include\",SUMIFS('Future Requirements'!$O:$O,'Future Requirements'!$E:$E,$B56,'Future Requirements'!$G:$G,K$52,'Future Requirements'!$B:$B,IF($C$3=\"\",\">=\"&$F$3,\">=\"&$C$3),'Future Requirements'!$B:$B,IF($C$4=\"\",\"<=\"&$F$4,\"<=\"&$C$4),'Future Requirements'!$J:$J,IF($C$5=\"Yes\",\"Yes\",IF($C$5=\"No\",\"No\",\"<>Luke\")),'Future Requirements'!$AC:$AC,IF($C$6=\"Agreed\",\"Agreed\",IF($C$6=\"C/Fwd\",\"C/Fwd\",\"<>Luke\")),'Future Requirements'!$AA:$AA,$I$3),0)+\nIF($J$4=\"Include\",SUMIFS('Future Requirements'!$O:$O,'Future Requirements'!$E:$E,$B56,'Future Requirements'!$G:$G,K$52,'Future Requirements'!$B:$B,IF($C$3=\"\",\">=\"&$F$3,\">=\"&$C$3),'Future Requirements'!$B:$B,IF($C$4=\"\",\"<=\"&$F$4,\"<=\"&$C$4),'Future Requirements'!$J:$J,IF($C$5=\"Yes\",\"Yes\",IF($C$5=\"No\",\"No\",\"<>Luke\")),'Future Requirements'!$AC:$AC,IF($C$6=\"Agreed\",\"Agreed\",IF($C$6=\"C/Fwd\",\"C/Fwd\",\"<>Luke\")),'Future Requirements'!$AA:$AA,$I$4),0)+\nIF($J$5=\"Include\",SUMIFS('Future Requirements'!$O:$O,'Future Requirements'!$E:$E,$B56,'Future Requirements'!$G:$G,K$52,'Future Requirements'!$B:$B,IF($C$3=\"\",\">=\"&$F$3,\">=\"&$C$3),'Future Requirements'!$B:$B,IF($C$4=\"\",\"<=\"&$F$4,\"<=\"&$C$4),'Future Requirements'!$J:$J,IF($C$5=\"Yes\",\"Yes\",IF($C$5=\"No\",\"No\",\"<>Luke\")),'Future Requirements'!$AC:$AC,IF($C$6=\"Agreed\",\"Agreed\",IF($C$6=\"C/Fwd\",\"C/Fwd\",\"<>Luke\")),'Future Requirements'!$AA:$AA,$I$5),0)+\nIF($J$6=\"Include\",SUMIFS('Future Requirements'!$O:$O,'Future Requirements'!$E:$E,$B56,'Future Requirements'!$G:$G,K$52,'Future Requirements'!$B:$B,IF($C$3=\"\",\">=\"&$F$3,\">=\"&$C$3),'Future Requirements'!$B:$B,IF($C$4=\"\",\"<=\"&$F$4,\"<=\"&$C$4),'Future Requirements'!$J:$J,IF($C$5=\"Yes\",\"Yes\",IF($C$5=\"No\",\"No\",\"<>Luke\")),'Future Requirements'!$AC:$AC,IF($C$6=\"Agreed\",\"Agreed\",IF($C$6=\"C/Fwd\",\"C/Fwd\",\"<>Luke\")),'Future Requirements'!$AA:$AA,$I$6),0)+\nIF($J$7=\"Include\",SUMIFS('Future Requirements'!$O:$O,'Future Requirements'!$E:$E,$B56,'Future Requirements'!$G:$G,K$52,'Future Requirements'!$B:$B,IF($C$3=\"\",\">=\"&$F$3,\">=\"&$C$3),'Future Requirements'!$B:$B,IF($C$4=\"\",\"<=\"&$F$4,\"<=\"&$C$4),'Future Requirements'!$J:$J,IF($C$5=\"Yes\",\"Yes\",IF($C$5=\"No\",\"No\",\"<>Luke\")),'Future Requirements'!$AC:$AC,IF($C$6=\"Agreed\",\"Agreed\",IF($C$6=\"C/Fwd\",\"C/Fwd\",\"<>Luke\")),'Future Requirements'!$AA:$AA,$I$7),0)","v":0},{"$f":"IF($J$3=\"Include\",SUMIFS('Future Requirements'!$O:$O,'Future Requirements'!$E:$E,$B56,'Future Requirements'!$G:$G,L$52,'Future Requirements'!$B:$B,IF($C$3=\"\",\">=\"&$F$3,\">=\"&$C$3),'Future Requirements'!$B:$B,IF($C$4=\"\",\"<=\"&$F$4,\"<=\"&$C$4),'Future Requirements'!$J:$J,IF($C$5=\"Yes\",\"Yes\",IF($C$5=\"No\",\"No\",\"<>Luke\")),'Future Requirements'!$AC:$AC,IF($C$6=\"Agreed\",\"Agreed\",IF($C$6=\"C/Fwd\",\"C/Fwd\",\"<>Luke\")),'Future Requirements'!$AA:$AA,$I$3),0)+\nIF($J$4=\"Include\",SUMIFS('Future Requirements'!$O:$O,'Future Requirements'!$E:$E,$B56,'Future Requirements'!$G:$G,L$52,'Future Requirements'!$B:$B,IF($C$3=\"\",\">=\"&$F$3,\">=\"&$C$3),'Future Requirements'!$B:$B,IF($C$4=\"\",\"<=\"&$F$4,\"<=\"&$C$4),'Future Requirements'!$J:$J,IF($C$5=\"Yes\",\"Yes\",IF($C$5=\"No\",\"No\",\"<>Luke\")),'Future Requirements'!$AC:$AC,IF($C$6=\"Agreed\",\"Agreed\",IF($C$6=\"C/Fwd\",\"C/Fwd\",\"<>Luke\")),'Future Requirements'!$AA:$AA,$I$4),0)+\nIF($J$5=\"Include\",SUMIFS('Future Requirements'!$O:$O,'Future Requirements'!$E:$E,$B56,'Future Requirements'!$G:$G,L$52,'Future Requirements'!$B:$B,IF($C$3=\"\",\">=\"&$F$3,\">=\"&$C$3),'Future Requirements'!$B:$B,IF($C$4=\"\",\"<=\"&$F$4,\"<=\"&$C$4),'Future Requirements'!$J:$J,IF($C$5=\"Yes\",\"Yes\",IF($C$5=\"No\",\"No\",\"<>Luke\")),'Future Requirements'!$AC:$AC,IF($C$6=\"Agreed\",\"Agreed\",IF($C$6=\"C/Fwd\",\"C/Fwd\",\"<>Luke\")),'Future Requirements'!$AA:$AA,$I$5),0)+\nIF($J$6=\"Include\",SUMIFS('Future Requirements'!$O:$O,'Future Requirements'!$E:$E,$B56,'Future Requirements'!$G:$G,L$52,'Future Requirements'!$B:$B,IF($C$3=\"\",\">=\"&$F$3,\">=\"&$C$3),'Future Requirements'!$B:$B,IF($C$4=\"\",\"<=\"&$F$4,\"<=\"&$C$4),'Future Requirements'!$J:$J,IF($C$5=\"Yes\",\"Yes\",IF($C$5=\"No\",\"No\",\"<>Luke\")),'Future Requirements'!$AC:$AC,IF($C$6=\"Agreed\",\"Agreed\",IF($C$6=\"C/Fwd\",\"C/Fwd\",\"<>Luke\")),'Future Requirements'!$AA:$AA,$I$6),0)+\nIF($J$7=\"Include\",SUMIFS('Future Requirements'!$O:$O,'Future Requirements'!$E:$E,$B56,'Future Requirements'!$G:$G,L$52,'Future Requirements'!$B:$B,IF($C$3=\"\",\">=\"&$F$3,\">=\"&$C$3),'Future Requirements'!$B:$B,IF($C$4=\"\",\"<=\"&$F$4,\"<=\"&$C$4),'Future Requirements'!$J:$J,IF($C$5=\"Yes\",\"Yes\",IF($C$5=\"No\",\"No\",\"<>Luke\")),'Future Requirements'!$AC:$AC,IF($C$6=\"Agreed\",\"Agreed\",IF($C$6=\"C/Fwd\",\"C/Fwd\",\"<>Luke\")),'Future Requirements'!$AA:$AA,$I$7),0)","v":0},{"$f":"IF($J$3=\"Include\",SUMIFS('Future Requirements'!$O:$O,'Future Requirements'!$E:$E,$B56,'Future Requirements'!$G:$G,M$52,'Future Requirements'!$B:$B,IF($C$3=\"\",\">=\"&$F$3,\">=\"&$C$3),'Future Requirements'!$B:$B,IF($C$4=\"\",\"<=\"&$F$4,\"<=\"&$C$4),'Future Requirements'!$J:$J,IF($C$5=\"Yes\",\"Yes\",IF($C$5=\"No\",\"No\",\"<>Luke\")),'Future Requirements'!$AC:$AC,IF($C$6=\"Agreed\",\"Agreed\",IF($C$6=\"C/Fwd\",\"C/Fwd\",\"<>Luke\")),'Future Requirements'!$AA:$AA,$I$3),0)+\nIF($J$4=\"Include\",SUMIFS('Future Requirements'!$O:$O,'Future Requirements'!$E:$E,$B56,'Future Requirements'!$G:$G,M$52,'Future Requirements'!$B:$B,IF($C$3=\"\",\">=\"&$F$3,\">=\"&$C$3),'Future Requirements'!$B:$B,IF($C$4=\"\",\"<=\"&$F$4,\"<=\"&$C$4),'Future Requirements'!$J:$J,IF($C$5=\"Yes\",\"Yes\",IF($C$5=\"No\",\"No\",\"<>Luke\")),'Future Requirements'!$AC:$AC,IF($C$6=\"Agreed\",\"Agreed\",IF($C$6=\"C/Fwd\",\"C/Fwd\",\"<>Luke\")),'Future Requirements'!$AA:$AA,$I$4),0)+\nIF($J$5=\"Include\",SUMIFS('Future Requirements'!$O:$O,'Future Requirements'!$E:$E,$B56,'Future Requirements'!$G:$G,M$52,'Future Requirements'!$B:$B,IF($C$3=\"\",\">=\"&$F$3,\">=\"&$C$3),'Future Requirements'!$B:$B,IF($C$4=\"\",\"<=\"&$F$4,\"<=\"&$C$4),'Future Requirements'!$J:$J,IF($C$5=\"Yes\",\"Yes\",IF($C$5=\"No\",\"No\",\"<>Luke\")),'Future Requirements'!$AC:$AC,IF($C$6=\"Agreed\",\"Agreed\",IF($C$6=\"C/Fwd\",\"C/Fwd\",\"<>Luke\")),'Future Requirements'!$AA:$AA,$I$5),0)+\nIF($J$6=\"Include\",SUMIFS('Future Requirements'!$O:$O,'Future Requirements'!$E:$E,$B56,'Future Requirements'!$G:$G,M$52,'Future Requirements'!$B:$B,IF($C$3=\"\",\">=\"&$F$3,\">=\"&$C$3),'Future Requirements'!$B:$B,IF($C$4=\"\",\"<=\"&$F$4,\"<=\"&$C$4),'Future Requirements'!$J:$J,IF($C$5=\"Yes\",\"Yes\",IF($C$5=\"No\",\"No\",\"<>Luke\")),'Future Requirements'!$AC:$AC,IF($C$6=\"Agreed\",\"Agreed\",IF($C$6=\"C/Fwd\",\"C/Fwd\",\"<>Luke\")),'Future Requirements'!$AA:$AA,$I$6),0)+\nIF($J$7=\"Include\",SUMIFS('Future Requirements'!$O:$O,'Future Requirements'!$E:$E,$B56,'Future Requirements'!$G:$G,M$52,'Future Requirements'!$B:$B,IF($C$3=\"\",\">=\"&$F$3,\">=\"&$C$3),'Future Requirements'!$B:$B,IF($C$4=\"\",\"<=\"&$F$4,\"<=\"&$C$4),'Future Requirements'!$J:$J,IF($C$5=\"Yes\",\"Yes\",IF($C$5=\"No\",\"No\",\"<>Luke\")),'Future Requirements'!$AC:$AC,IF($C$6=\"Agreed\",\"Agreed\",IF($C$6=\"C/Fwd\",\"C/Fwd\",\"<>Luke\")),'Future Requirements'!$AA:$AA,$I$7),0)","v":0},{"$f":"IF($J$3=\"Include\",SUMIFS('Future Requirements'!$O:$O,'Future Requirements'!$E:$E,$B56,'Future Requirements'!$G:$G,N$52,'Future Requirements'!$B:$B,IF($C$3=\"\",\">=\"&$F$3,\">=\"&$C$3),'Future Requirements'!$B:$B,IF($C$4=\"\",\"<=\"&$F$4,\"<=\"&$C$4),'Future Requirements'!$J:$J,IF($C$5=\"Yes\",\"Yes\",IF($C$5=\"No\",\"No\",\"<>Luke\")),'Future Requirements'!$AC:$AC,IF($C$6=\"Agreed\",\"Agreed\",IF($C$6=\"C/Fwd\",\"C/Fwd\",\"<>Luke\")),'Future Requirements'!$AA:$AA,$I$3),0)+\nIF($J$4=\"Include\",SUMIFS('Future Requirements'!$O:$O,'Future Requirements'!$E:$E,$B56,'Future Requirements'!$G:$G,N$52,'Future Requirements'!$B:$B,IF($C$3=\"\",\">=\"&$F$3,\">=\"&$C$3),'Future Requirements'!$B:$B,IF($C$4=\"\",\"<=\"&$F$4,\"<=\"&$C$4),'Future Requirements'!$J:$J,IF($C$5=\"Yes\",\"Yes\",IF($C$5=\"No\",\"No\",\"<>Luke\")),'Future Requirements'!$AC:$AC,IF($C$6=\"Agreed\",\"Agreed\",IF($C$6=\"C/Fwd\",\"C/Fwd\",\"<>Luke\")),'Future Requirements'!$AA:$AA,$I$4),0)+\nIF($J$5=\"Include\",SUMIFS('Future Requirements'!$O:$O,'Future Requirements'!$E:$E,$B56,'Future Requirements'!$G:$G,N$52,'Future Requirements'!$B:$B,IF($C$3=\"\",\">=\"&$F$3,\">=\"&$C$3),'Future Requirements'!$B:$B,IF($C$4=\"\",\"<=\"&$F$4,\"<=\"&$C$4),'Future Requirements'!$J:$J,IF($C$5=\"Yes\",\"Yes\",IF($C$5=\"No\",\"No\",\"<>Luke\")),'Future Requirements'!$AC:$AC,IF($C$6=\"Agreed\",\"Agreed\",IF($C$6=\"C/Fwd\",\"C/Fwd\",\"<>Luke\")),'Future Requirements'!$AA:$AA,$I$5),0)+\nIF($J$6=\"Include\",SUMIFS('Future Requirements'!$O:$O,'Future Requirements'!$E:$E,$B56,'Future Requirements'!$G:$G,N$52,'Future Requirements'!$B:$B,IF($C$3=\"\",\">=\"&$F$3,\">=\"&$C$3),'Future Requirements'!$B:$B,IF($C$4=\"\",\"<=\"&$F$4,\"<=\"&$C$4),'Future Requirements'!$J:$J,IF($C$5=\"Yes\",\"Yes\",IF($C$5=\"No\",\"No\",\"<>Luke\")),'Future Requirements'!$AC:$AC,IF($C$6=\"Agreed\",\"Agreed\",IF($C$6=\"C/Fwd\",\"C/Fwd\",\"<>Luke\")),'Future Requirements'!$AA:$AA,$I$6),0)+\nIF($J$7=\"Include\",SUMIFS('Future Requirements'!$O:$O,'Future Requirements'!$E:$E,$B56,'Future Requirements'!$G:$G,N$52,'Future Requirements'!$B:$B,IF($C$3=\"\",\">=\"&$F$3,\">=\"&$C$3),'Future Requirements'!$B:$B,IF($C$4=\"\",\"<=\"&$F$4,\"<=\"&$C$4),'Future Requirements'!$J:$J,IF($C$5=\"Yes\",\"Yes\",IF($C$5=\"No\",\"No\",\"<>Luke\")),'Future Requirements'!$AC:$AC,IF($C$6=\"Agreed\",\"Agreed\",IF($C$6=\"C/Fwd\",\"C/Fwd\",\"<>Luke\")),'Future Requirements'!$AA:$AA,$I$7),0)","v":0},{"$f":"IF($J$3=\"Include\",SUMIFS('Future Requirements'!$O:$O,'Future Requirements'!$E:$E,$B56,'Future Requirements'!$G:$G,O$52,'Future Requirements'!$B:$B,IF($C$3=\"\",\">=\"&$F$3,\">=\"&$C$3),'Future Requirements'!$B:$B,IF($C$4=\"\",\"<=\"&$F$4,\"<=\"&$C$4),'Future Requirements'!$J:$J,IF($C$5=\"Yes\",\"Yes\",IF($C$5=\"No\",\"No\",\"<>Luke\")),'Future Requirements'!$AC:$AC,IF($C$6=\"Agreed\",\"Agreed\",IF($C$6=\"C/Fwd\",\"C/Fwd\",\"<>Luke\")),'Future Requirements'!$AA:$AA,$I$3),0)+\nIF($J$4=\"Include\",SUMIFS('Future Requirements'!$O:$O,'Future Requirements'!$E:$E,$B56,'Future Requirements'!$G:$G,O$52,'Future Requirements'!$B:$B,IF($C$3=\"\",\">=\"&$F$3,\">=\"&$C$3),'Future Requirements'!$B:$B,IF($C$4=\"\",\"<=\"&$F$4,\"<=\"&$C$4),'Future Requirements'!$J:$J,IF($C$5=\"Yes\",\"Yes\",IF($C$5=\"No\",\"No\",\"<>Luke\")),'Future Requirements'!$AC:$AC,IF($C$6=\"Agreed\",\"Agreed\",IF($C$6=\"C/Fwd\",\"C/Fwd\",\"<>Luke\")),'Future Requirements'!$AA:$AA,$I$4),0)+\nIF($J$5=\"Include\",SUMIFS('Future Requirements'!$O:$O,'Future Requirements'!$E:$E,$B56,'Future Requirements'!$G:$G,O$52,'Future Requirements'!$B:$B,IF($C$3=\"\",\">=\"&$F$3,\">=\"&$C$3),'Future Requirements'!$B:$B,IF($C$4=\"\",\"<=\"&$F$4,\"<=\"&$C$4),'Future Requirements'!$J:$J,IF($C$5=\"Yes\",\"Yes\",IF($C$5=\"No\",\"No\",\"<>Luke\")),'Future Requirements'!$AC:$AC,IF($C$6=\"Agreed\",\"Agreed\",IF($C$6=\"C/Fwd\",\"C/Fwd\",\"<>Luke\")),'Future Requirements'!$AA:$AA,$I$5),0)+\nIF($J$6=\"Include\",SUMIFS('Future Requirements'!$O:$O,'Future Requirements'!$E:$E,$B56,'Future Requirements'!$G:$G,O$52,'Future Requirements'!$B:$B,IF($C$3=\"\",\">=\"&$F$3,\">=\"&$C$3),'Future Requirements'!$B:$B,IF($C$4=\"\",\"<=\"&$F$4,\"<=\"&$C$4),'Future Requirements'!$J:$J,IF($C$5=\"Yes\",\"Yes\",IF($C$5=\"No\",\"No\",\"<>Luke\")),'Future Requirements'!$AC:$AC,IF($C$6=\"Agreed\",\"Agreed\",IF($C$6=\"C/Fwd\",\"C/Fwd\",\"<>Luke\")),'Future Requirements'!$AA:$AA,$I$6),0)+\nIF($J$7=\"Include\",SUMIFS('Future Requirements'!$O:$O,'Future Requirements'!$E:$E,$B56,'Future Requirements'!$G:$G,O$52,'Future Requirements'!$B:$B,IF($C$3=\"\",\">=\"&$F$3,\">=\"&$C$3),'Future Requirements'!$B:$B,IF($C$4=\"\",\"<=\"&$F$4,\"<=\"&$C$4),'Future Requirements'!$J:$J,IF($C$5=\"Yes\",\"Yes\",IF($C$5=\"No\",\"No\",\"<>Luke\")),'Future Requirements'!$AC:$AC,IF($C$6=\"Agreed\",\"Agreed\",IF($C$6=\"C/Fwd\",\"C/Fwd\",\"<>Luke\")),'Future Requirements'!$AA:$AA,$I$7),0)","v":0},{"$f":"IF($J$3=\"Include\",SUMIFS('Future Requirements'!$O:$O,'Future Requirements'!$E:$E,$B56,'Future Requirements'!$G:$G,P$52,'Future Requirements'!$B:$B,IF($C$3=\"\",\">=\"&$F$3,\">=\"&$C$3),'Future Requirements'!$B:$B,IF($C$4=\"\",\"<=\"&$F$4,\"<=\"&$C$4),'Future Requirements'!$J:$J,IF($C$5=\"Yes\",\"Yes\",IF($C$5=\"No\",\"No\",\"<>Luke\")),'Future Requirements'!$AC:$AC,IF($C$6=\"Agreed\",\"Agreed\",IF($C$6=\"C/Fwd\",\"C/Fwd\",\"<>Luke\")),'Future Requirements'!$AA:$AA,$I$3),0)+\nIF($J$4=\"Include\",SUMIFS('Future Requirements'!$O:$O,'Future Requirements'!$E:$E,$B56,'Future Requirements'!$G:$G,P$52,'Future Requirements'!$B:$B,IF($C$3=\"\",\">=\"&$F$3,\">=\"&$C$3),'Future Requirements'!$B:$B,IF($C$4=\"\",\"<=\"&$F$4,\"<=\"&$C$4),'Future Requirements'!$J:$J,IF($C$5=\"Yes\",\"Yes\",IF($C$5=\"No\",\"No\",\"<>Luke\")),'Future Requirements'!$AC:$AC,IF($C$6=\"Agreed\",\"Agreed\",IF($C$6=\"C/Fwd\",\"C/Fwd\",\"<>Luke\")),'Future Requirements'!$AA:$AA,$I$4),0)+\nIF($J$5=\"Include\",SUMIFS('Future Requirements'!$O:$O,'Future Requirements'!$E:$E,$B56,'Future Requirements'!$G:$G,P$52,'Future Requirements'!$B:$B,IF($C$3=\"\",\">=\"&$F$3,\">=\"&$C$3),'Future Requirements'!$B:$B,IF($C$4=\"\",\"<=\"&$F$4,\"<=\"&$C$4),'Future Requirements'!$J:$J,IF($C$5=\"Yes\",\"Yes\",IF($C$5=\"No\",\"No\",\"<>Luke\")),'Future Requirements'!$AC:$AC,IF($C$6=\"Agreed\",\"Agreed\",IF($C$6=\"C/Fwd\",\"C/Fwd\",\"<>Luke\")),'Future Requirements'!$AA:$AA,$I$5),0)+\nIF($J$6=\"Include\",SUMIFS('Future Requirements'!$O:$O,'Future Requirements'!$E:$E,$B56,'Future Requirements'!$G:$G,P$52,'Future Requirements'!$B:$B,IF($C$3=\"\",\">=\"&$F$3,\">=\"&$C$3),'Future Requirements'!$B:$B,IF($C$4=\"\",\"<=\"&$F$4,\"<=\"&$C$4),'Future Requirements'!$J:$J,IF($C$5=\"Yes\",\"Yes\",IF($C$5=\"No\",\"No\",\"<>Luke\")),'Future Requirements'!$AC:$AC,IF($C$6=\"Agreed\",\"Agreed\",IF($C$6=\"C/Fwd\",\"C/Fwd\",\"<>Luke\")),'Future Requirements'!$AA:$AA,$I$6),0)+\nIF($J$7=\"Include\",SUMIFS('Future Requirements'!$O:$O,'Future Requirements'!$E:$E,$B56,'Future Requirements'!$G:$G,P$52,'Future Requirements'!$B:$B,IF($C$3=\"\",\">=\"&$F$3,\">=\"&$C$3),'Future Requirements'!$B:$B,IF($C$4=\"\",\"<=\"&$F$4,\"<=\"&$C$4),'Future Requirements'!$J:$J,IF($C$5=\"Yes\",\"Yes\",IF($C$5=\"No\",\"No\",\"<>Luke\")),'Future Requirements'!$AC:$AC,IF($C$6=\"Agreed\",\"Agreed\",IF($C$6=\"C/Fwd\",\"C/Fwd\",\"<>Luke\")),'Future Requirements'!$AA:$AA,$I$7),0)","v":0},{"$f":"IF($J$3=\"Include\",SUMIFS('Future Requirements'!$O:$O,'Future Requirements'!$E:$E,$B56,'Future Requirements'!$G:$G,Q$52,'Future Requirements'!$B:$B,IF($C$3=\"\",\">=\"&$F$3,\">=\"&$C$3),'Future Requirements'!$B:$B,IF($C$4=\"\",\"<=\"&$F$4,\"<=\"&$C$4),'Future Requirements'!$J:$J,IF($C$5=\"Yes\",\"Yes\",IF($C$5=\"No\",\"No\",\"<>Luke\")),'Future Requirements'!$AC:$AC,IF($C$6=\"Agreed\",\"Agreed\",IF($C$6=\"C/Fwd\",\"C/Fwd\",\"<>Luke\")),'Future Requirements'!$AA:$AA,$I$3),0)+\nIF($J$4=\"Include\",SUMIFS('Future Requirements'!$O:$O,'Future Requirements'!$E:$E,$B56,'Future Requirements'!$G:$G,Q$52,'Future Requirements'!$B:$B,IF($C$3=\"\",\">=\"&$F$3,\">=\"&$C$3),'Future Requirements'!$B:$B,IF($C$4=\"\",\"<=\"&$F$4,\"<=\"&$C$4),'Future Requirements'!$J:$J,IF($C$5=\"Yes\",\"Yes\",IF($C$5=\"No\",\"No\",\"<>Luke\")),'Future Requirements'!$AC:$AC,IF($C$6=\"Agreed\",\"Agreed\",IF($C$6=\"C/Fwd\",\"C/Fwd\",\"<>Luke\")),'Future Requirements'!$AA:$AA,$I$4),0)+\nIF($J$5=\"Include\",SUMIFS('Future Requirements'!$O:$O,'Future Requirements'!$E:$E,$B56,'Future Requirements'!$G:$G,Q$52,'Future Requirements'!$B:$B,IF($C$3=\"\",\">=\"&$F$3,\">=\"&$C$3),'Future Requirements'!$B:$B,IF($C$4=\"\",\"<=\"&$F$4,\"<=\"&$C$4),'Future Requirements'!$J:$J,IF($C$5=\"Yes\",\"Yes\",IF($C$5=\"No\",\"No\",\"<>Luke\")),'Future Requirements'!$AC:$AC,IF($C$6=\"Agreed\",\"Agreed\",IF($C$6=\"C/Fwd\",\"C/Fwd\",\"<>Luke\")),'Future Requirements'!$AA:$AA,$I$5),0)+\nIF($J$6=\"Include\",SUMIFS('Future Requirements'!$O:$O,'Future Requirements'!$E:$E,$B56,'Future Requirements'!$G:$G,Q$52,'Future Requirements'!$B:$B,IF($C$3=\"\",\">=\"&$F$3,\">=\"&$C$3),'Future Requirements'!$B:$B,IF($C$4=\"\",\"<=\"&$F$4,\"<=\"&$C$4),'Future Requirements'!$J:$J,IF($C$5=\"Yes\",\"Yes\",IF($C$5=\"No\",\"No\",\"<>Luke\")),'Future Requirements'!$AC:$AC,IF($C$6=\"Agreed\",\"Agreed\",IF($C$6=\"C/Fwd\",\"C/Fwd\",\"<>Luke\")),'Future Requirements'!$AA:$AA,$I$6),0)+\nIF($J$7=\"Include\",SUMIFS('Future Requirements'!$O:$O,'Future Requirements'!$E:$E,$B56,'Future Requirements'!$G:$G,Q$52,'Future Requirements'!$B:$B,IF($C$3=\"\",\">=\"&$F$3,\">=\"&$C$3),'Future Requirements'!$B:$B,IF($C$4=\"\",\"<=\"&$F$4,\"<=\"&$C$4),'Future Requirements'!$J:$J,IF($C$5=\"Yes\",\"Yes\",IF($C$5=\"No\",\"No\",\"<>Luke\")),'Future Requirements'!$AC:$AC,IF($C$6=\"Agreed\",\"Agreed\",IF($C$6=\"C/Fwd\",\"C/Fwd\",\"<>Luke\")),'Future Requirements'!$AA:$AA,$I$7),0)","v":0},{"$f":"IF($J$3=\"Include\",SUMIFS('Future Requirements'!$O:$O,'Future Requirements'!$E:$E,$B56,'Future Requirements'!$G:$G,R$52,'Future Requirements'!$B:$B,IF($C$3=\"\",\">=\"&$F$3,\">=\"&$C$3),'Future Requirements'!$B:$B,IF($C$4=\"\",\"<=\"&$F$4,\"<=\"&$C$4),'Future Requirements'!$J:$J,IF($C$5=\"Yes\",\"Yes\",IF($C$5=\"No\",\"No\",\"<>Luke\")),'Future Requirements'!$AC:$AC,IF($C$6=\"Agreed\",\"Agreed\",IF($C$6=\"C/Fwd\",\"C/Fwd\",\"<>Luke\")),'Future Requirements'!$AA:$AA,$I$3),0)+\nIF($J$4=\"Include\",SUMIFS('Future Requirements'!$O:$O,'Future Requirements'!$E:$E,$B56,'Future Requirements'!$G:$G,R$52,'Future Requirements'!$B:$B,IF($C$3=\"\",\">=\"&$F$3,\">=\"&$C$3),'Future Requirements'!$B:$B,IF($C$4=\"\",\"<=\"&$F$4,\"<=\"&$C$4),'Future Requirements'!$J:$J,IF($C$5=\"Yes\",\"Yes\",IF($C$5=\"No\",\"No\",\"<>Luke\")),'Future Requirements'!$AC:$AC,IF($C$6=\"Agreed\",\"Agreed\",IF($C$6=\"C/Fwd\",\"C/Fwd\",\"<>Luke\")),'Future Requirements'!$AA:$AA,$I$4),0)+\nIF($J$5=\"Include\",SUMIFS('Future Requirements'!$O:$O,'Future Requirements'!$E:$E,$B56,'Future Requirements'!$G:$G,R$52,'Future Requirements'!$B:$B,IF($C$3=\"\",\">=\"&$F$3,\">=\"&$C$3),'Future Requirements'!$B:$B,IF($C$4=\"\",\"<=\"&$F$4,\"<=\"&$C$4),'Future Requirements'!$J:$J,IF($C$5=\"Yes\",\"Yes\",IF($C$5=\"No\",\"No\",\"<>Luke\")),'Future Requirements'!$AC:$AC,IF($C$6=\"Agreed\",\"Agreed\",IF($C$6=\"C/Fwd\",\"C/Fwd\",\"<>Luke\")),'Future Requirements'!$AA:$AA,$I$5),0)+\nIF($J$6=\"Include\",SUMIFS('Future Requirements'!$O:$O,'Future Requirements'!$E:$E,$B56,'Future Requirements'!$G:$G,R$52,'Future Requirements'!$B:$B,IF($C$3=\"\",\">=\"&$F$3,\">=\"&$C$3),'Future Requirements'!$B:$B,IF($C$4=\"\",\"<=\"&$F$4,\"<=\"&$C$4),'Future Requirements'!$J:$J,IF($C$5=\"Yes\",\"Yes\",IF($C$5=\"No\",\"No\",\"<>Luke\")),'Future Requirements'!$AC:$AC,IF($C$6=\"Agreed\",\"Agreed\",IF($C$6=\"C/Fwd\",\"C/Fwd\",\"<>Luke\")),'Future Requirements'!$AA:$AA,$I$6),0)+\nIF($J$7=\"Include\",SUMIFS('Future Requirements'!$O:$O,'Future Requirements'!$E:$E,$B56,'Future Requirements'!$G:$G,R$52,'Future Requirements'!$B:$B,IF($C$3=\"\",\">=\"&$F$3,\">=\"&$C$3),'Future Requirements'!$B:$B,IF($C$4=\"\",\"<=\"&$F$4,\"<=\"&$C$4),'Future Requirements'!$J:$J,IF($C$5=\"Yes\",\"Yes\",IF($C$5=\"No\",\"No\",\"<>Luke\")),'Future Requirements'!$AC:$AC,IF($C$6=\"Agreed\",\"Agreed\",IF($C$6=\"C/Fwd\",\"C/Fwd\",\"<>Luke\")),'Future Requirements'!$AA:$AA,$I$7),0)","v":0},{"$f":"IF($J$3=\"Include\",SUMIFS('Future Requirements'!$O:$O,'Future Requirements'!$E:$E,$B56,'Future Requirements'!$G:$G,S$52,'Future Requirements'!$B:$B,IF($C$3=\"\",\">=\"&$F$3,\">=\"&$C$3),'Future Requirements'!$B:$B,IF($C$4=\"\",\"<=\"&$F$4,\"<=\"&$C$4),'Future Requirements'!$J:$J,IF($C$5=\"Yes\",\"Yes\",IF($C$5=\"No\",\"No\",\"<>Luke\")),'Future Requirements'!$AC:$AC,IF($C$6=\"Agreed\",\"Agreed\",IF($C$6=\"C/Fwd\",\"C/Fwd\",\"<>Luke\")),'Future Requirements'!$AA:$AA,$I$3),0)+\nIF($J$4=\"Include\",SUMIFS('Future Requirements'!$O:$O,'Future Requirements'!$E:$E,$B56,'Future Requirements'!$G:$G,S$52,'Future Requirements'!$B:$B,IF($C$3=\"\",\">=\"&$F$3,\">=\"&$C$3),'Future Requirements'!$B:$B,IF($C$4=\"\",\"<=\"&$F$4,\"<=\"&$C$4),'Future Requirements'!$J:$J,IF($C$5=\"Yes\",\"Yes\",IF($C$5=\"No\",\"No\",\"<>Luke\")),'Future Requirements'!$AC:$AC,IF($C$6=\"Agreed\",\"Agreed\",IF($C$6=\"C/Fwd\",\"C/Fwd\",\"<>Luke\")),'Future Requirements'!$AA:$AA,$I$4),0)+\nIF($J$5=\"Include\",SUMIFS('Future Requirements'!$O:$O,'Future Requirements'!$E:$E,$B56,'Future Requirements'!$G:$G,S$52,'Future Requirements'!$B:$B,IF($C$3=\"\",\">=\"&$F$3,\">=\"&$C$3),'Future Requirements'!$B:$B,IF($C$4=\"\",\"<=\"&$F$4,\"<=\"&$C$4),'Future Requirements'!$J:$J,IF($C$5=\"Yes\",\"Yes\",IF($C$5=\"No\",\"No\",\"<>Luke\")),'Future Requirements'!$AC:$AC,IF($C$6=\"Agreed\",\"Agreed\",IF($C$6=\"C/Fwd\",\"C/Fwd\",\"<>Luke\")),'Future Requirements'!$AA:$AA,$I$5),0)+\nIF($J$6=\"Include\",SUMIFS('Future Requirements'!$O:$O,'Future Requirements'!$E:$E,$B56,'Future Requirements'!$G:$G,S$52,'Future Requirements'!$B:$B,IF($C$3=\"\",\">=\"&$F$3,\">=\"&$C$3),'Future Requirements'!$B:$B,IF($C$4=\"\",\"<=\"&$F$4,\"<=\"&$C$4),'Future Requirements'!$J:$J,IF($C$5=\"Yes\",\"Yes\",IF($C$5=\"No\",\"No\",\"<>Luke\")),'Future Requirements'!$AC:$AC,IF($C$6=\"Agreed\",\"Agreed\",IF($C$6=\"C/Fwd\",\"C/Fwd\",\"<>Luke\")),'Future Requirements'!$AA:$AA,$I$6),0)+\nIF($J$7=\"Include\",SUMIFS('Future Requirements'!$O:$O,'Future Requirements'!$E:$E,$B56,'Future Requirements'!$G:$G,S$52,'Future Requirements'!$B:$B,IF($C$3=\"\",\">=\"&$F$3,\">=\"&$C$3),'Future Requirements'!$B:$B,IF($C$4=\"\",\"<=\"&$F$4,\"<=\"&$C$4),'Future Requirements'!$J:$J,IF($C$5=\"Yes\",\"Yes\",IF($C$5=\"No\",\"No\",\"<>Luke\")),'Future Requirements'!$AC:$AC,IF($C$6=\"Agreed\",\"Agreed\",IF($C$6=\"C/Fwd\",\"C/Fwd\",\"<>Luke\")),'Future Requirements'!$AA:$AA,$I$7),0)","v":0},0]
[null,"Bridge Under",{"$f":"IF($J$3=\"Include\",SUMIFS('Future Requirements'!$O:$O,'Future Requirements'!$E:$E,$B57,'Future Requirements'!$G:$G,C$52,'Future Requirements'!$B:$B,IF($C$3=\"\",\">=\"&$F$3,\">=\"&$C$3),'Future Requirements'!$B:$B,IF($C$4=\"\",\"<=\"&$F$4,\"<=\"&$C$4),'Future Requirements'!$J:$J,IF($C$5=\"Yes\",\"Yes\",IF($C$5=\"No\",\"No\",\"<>Luke\")),'Future Requirements'!$AC:$AC,IF($C$6=\"Agreed\",\"Agreed\",IF($C$6=\"C/Fwd\",\"C/Fwd\",\"<>Luke\")),'Future Requirements'!$AA:$AA,$I$3),0)+\nIF($J$4=\"Include\",SUMIFS('Future Requirements'!$O:$O,'Future Requirements'!$E:$E,$B57,'Future Requirements'!$G:$G,C$52,'Future Requirements'!$B:$B,IF($C$3=\"\",\">=\"&$F$3,\">=\"&$C$3),'Future Requirements'!$B:$B,IF($C$4=\"\",\"<=\"&$F$4,\"<=\"&$C$4),'Future Requirements'!$J:$J,IF($C$5=\"Yes\",\"Yes\",IF($C$5=\"No\",\"No\",\"<>Luke\")),'Future Requirements'!$AC:$AC,IF($C$6=\"Agreed\",\"Agreed\",IF($C$6=\"C/Fwd\",\"C/Fwd\",\"<>Luke\")),'Future Requirements'!$AA:$AA,$I$4),0)+\nIF($J$5=\"Include\",SUMIFS('Future Requirements'!$O:$O,'Future Requirements'!$E:$E,$B57,'Future Requirements'!$G:$G,C$52,'Future Requirements'!$B:$B,IF($C$3=\"\",\">=\"&$F$3,\">=\"&$C$3),'Future Requirements'!$B:$B,IF($C$4=\"\",\"<=\"&$F$4,\"<=\"&$C$4),'Future Requirements'!$J:$J,IF($C$5=\"Yes\",\"Yes\",IF($C$5=\"No\",\"No\",\"<>Luke\")),'Future Requirements'!$AC:$AC,IF($C$6=\"Agreed\",\"Agreed\",IF($C$6=\"C/Fwd\",\"C/Fwd\",\"<>Luke\")),'Future Requirements'!$AA:$AA,$I$5),0)+\nIF($J$6=\"Include\",SUMIFS('Future Requirements'!$O:$O,'Future Requirements'!$E:$E,$B57,'Future Requirements'!$G:$G,C$52,'Future Requirements'!$B:$B,IF($C$3=\"\",\">=\"&$F$3,\">=\"&$C$3),'Future Requirements'!$B:$B,IF($C$4=\"\",\"<=\"&$F$4,\"<=\"&$C$4),'Future Requirements'!$J:$J,IF($C$5=\"Yes\",\"Yes\",IF($C$5=\"No\",\"No\",\"<>Luke\")),'Future Requirements'!$AC:$AC,IF($C$6=\"Agreed\",\"Agreed\",IF($C$6=\"C/Fwd\",\"C/Fwd\",\"<>Luke\")),'Future Requirements'!$AA:$AA,$I$6),0)+\nIF($J$7=\"Include\",SUMIFS('Future Requirements'!$O:$O,'Future Requirements'!$E:$E,$B57,'Future Requirements'!$G:$G,C$52,'Future Requirements'!$B:$B,IF($C$3=\"\",\">=\"&$F$3,\">=\"&$C$3),'Future Requirements'!$B:$B,IF($C$4=\"\",\"<=\"&$F$4,\"<=\"&$C$4),'Future Requirements'!$J:$J,IF($C$5=\"Yes\",\"Yes\",IF($C$5=\"No\",\"No\",\"<>Luke\")),'Future Requirements'!$AC:$AC,IF($C$6=\"Agreed\",\"Agreed\",IF($C$6=\"C/Fwd\",\"C/Fwd\",\"<>Luke\")),'Future Requirements'!$AA:$AA,$I$7),0)","v":0},{"$f":"IF($J$3=\"Include\",SUMIFS('Future Requirements'!$O:$O,'Future Requirements'!$E:$E,$B57,'Future Requirements'!$G:$G,D$52,'Future Requirements'!$B:$B,IF($C$3=\"\",\">=\"&$F$3,\">=\"&$C$3),'Future Requirements'!$B:$B,IF($C$4=\"\",\"<=\"&$F$4,\"<=\"&$C$4),'Future Requirements'!$J:$J,IF($C$5=\"Yes\",\"Yes\",IF($C$5=\"No\",\"No\",\"<>Luke\")),'Future Requirements'!$AC:$AC,IF($C$6=\"Agreed\",\"Agreed\",IF($C$6=\"C/Fwd\",\"C/Fwd\",\"<>Luke\")),'Future Requirements'!$AA:$AA,$I$3),0)+\nIF($J$4=\"Include\",SUMIFS('Future Requirements'!$O:$O,'Future Requirements'!$E:$E,$B57,'Future Requirements'!$G:$G,D$52,'Future Requirements'!$B:$B,IF($C$3=\"\",\">=\"&$F$3,\">=\"&$C$3),'Future Requirements'!$B:$B,IF($C$4=\"\",\"<=\"&$F$4,\"<=\"&$C$4),'Future Requirements'!$J:$J,IF($C$5=\"Yes\",\"Yes\",IF($C$5=\"No\",\"No\",\"<>Luke\")),'Future Requirements'!$AC:$AC,IF($C$6=\"Agreed\",\"Agreed\",IF($C$6=\"C/Fwd\",\"C/Fwd\",\"<>Luke\")),'Future Requirements'!$AA:$AA,$I$4),0)+\nIF($J$5=\"Include\",SUMIFS('Future Requirements'!$O:$O,'Future Requirements'!$E:$E,$B57,'Future Requirements'!$G:$G,D$52,'Future Requirements'!$B:$B,IF($C$3=\"\",\">=\"&$F$3,\">=\"&$C$3),'Future Requirements'!$B:$B,IF($C$4=\"\",\"<=\"&$F$4,\"<=\"&$C$4),'Future Requirements'!$J:$J,IF($C$5=\"Yes\",\"Yes\",IF($C$5=\"No\",\"No\",\"<>Luke\")),'Future Requirements'!$AC:$AC,IF($C$6=\"Agreed\",\"Agreed\",IF($C$6=\"C/Fwd\",\"C/Fwd\",\"<>Luke\")),'Future Requirements'!$AA:$AA,$I$5),0)+\nIF($J$6=\"Include\",SUMIFS('Future Requirements'!$O:$O,'Future Requirements'!$E:$E,$B57,'Future Requirements'!$G:$G,D$52,'Future Requirements'!$B:$B,IF($C$3=\"\",\">=\"&$F$3,\">=\"&$C$3),'Future Requirements'!$B:$B,IF($C$4=\"\",\"<=\"&$F$4,\"<=\"&$C$4),'Future Requirements'!$J:$J,IF($C$5=\"Yes\",\"Yes\",IF($C$5=\"No\",\"No\",\"<>Luke\")),'Future Requirements'!$AC:$AC,IF($C$6=\"Agreed\",\"Agreed\",IF($C$6=\"C/Fwd\",\"C/Fwd\",\"<>Luke\")),'Future Requirements'!$AA:$AA,$I$6),0)+\nIF($J$7=\"Include\",SUMIFS('Future Requirements'!$O:$O,'Future Requirements'!$E:$E,$B57,'Future Requirements'!$G:$G,D$52,'Future Requirements'!$B:$B,IF($C$3=\"\",\">=\"&$F$3,\">=\"&$C$3),'Future Requirements'!$B:$B,IF($C$4=\"\",\"<=\"&$F$4,\"<=\"&$C$4),'Future Requirements'!$J:$J,IF($C$5=\"Yes\",\"Yes\",IF($C$5=\"No\",\"No\",\"<>Luke\")),'Future Requirements'!$AC:$AC,IF($C$6=\"Agreed\",\"Agreed\",IF($C$6=\"C/Fwd\",\"C/Fwd\",\"<>Luke\")),'Future Requirements'!$AA:$AA,$I$7),0)","v":0},{"$f":"IF($J$3=\"Include\",SUMIFS('Future Requirements'!$O:$O,'Future Requirements'!$E:$E,$B57,'Future Requirements'!$G:$G,E$52,'Future Requirements'!$B:$B,IF($C$3=\"\",\">=\"&$F$3,\">=\"&$C$3),'Future Requirements'!$B:$B,IF($C$4=\"\",\"<=\"&$F$4,\"<=\"&$C$4),'Future Requirements'!$J:$J,IF($C$5=\"Yes\",\"Yes\",IF($C$5=\"No\",\"No\",\"<>Luke\")),'Future Requirements'!$AC:$AC,IF($C$6=\"Agreed\",\"Agreed\",IF($C$6=\"C/Fwd\",\"C/Fwd\",\"<>Luke\")),'Future Requirements'!$AA:$AA,$I$3),0)+\nIF($J$4=\"Include\",SUMIFS('Future Requirements'!$O:$O,'Future Requirements'!$E:$E,$B57,'Future Requirements'!$G:$G,E$52,'Future Requirements'!$B:$B,IF($C$3=\"\",\">=\"&$F$3,\">=\"&$C$3),'Future Requirements'!$B:$B,IF($C$4=\"\",\"<=\"&$F$4,\"<=\"&$C$4),'Future Requirements'!$J:$J,IF($C$5=\"Yes\",\"Yes\",IF($C$5=\"No\",\"No\",\"<>Luke\")),'Future Requirements'!$AC:$AC,IF($C$6=\"Agreed\",\"Agreed\",IF($C$6=\"C/Fwd\",\"C/Fwd\",\"<>Luke\")),'Future Requirements'!$AA:$AA,$I$4),0)+\nIF($J$5=\"Include\",SUMIFS('Future Requirements'!$O:$O,'Future Requirements'!$E:$E,$B57,'Future Requirements'!$G:$G,E$52,'Future Requirements'!$B:$B,IF($C$3=\"\",\">=\"&$F$3,\">=\"&$C$3),'Future Requirements'!$B:$B,IF($C$4=\"\",\"<=\"&$F$4,\"<=\"&$C$4),'Future Requirements'!$J:$J,IF($C$5=\"Yes\",\"Yes\",IF($C$5=\"No\",\"No\",\"<>Luke\")),'Future Requirements'!$AC:$AC,IF($C$6=\"Agreed\",\"Agreed\",IF($C$6=\"C/Fwd\",\"C/Fwd\",\"<>Luke\")),'Future Requirements'!$AA:$AA,$I$5),0)+\nIF($J$6=\"Include\",SUMIFS('Future Requirements'!$O:$O,'Future Requirements'!$E:$E,$B57,'Future Requirements'!$G:$G,E$52,'Future Requirements'!$B:$B,IF($C$3=\"\",\">=\"&$F$3,\">=\"&$C$3),'Future Requirements'!$B:$B,IF($C$4=\"\",\"<=\"&$F$4,\"<=\"&$C$4),'Future Requirements'!$J:$J,IF($C$5=\"Yes\",\"Yes\",IF($C$5=\"No\",\"No\",\"<>Luke\")),'Future Requirements'!$AC:$AC,IF($C$6=\"Agreed\",\"Agreed\",IF($C$6=\"C/Fwd\",\"C/Fwd\",\"<>Luke\")),'Future Requirements'!$AA:$AA,$I$6),0)+\nIF($J$7=\"Include\",SUMIFS('Future Requirements'!$O:$O,'Future Requirements'!$E:$E,$B57,'Future Requirements'!$G:$G,E$52,'Future Requirements'!$B:$B,IF($C$3=\"\",\">=\"&$F$3,\">=\"&$C$3),'Future Requirements'!$B:$B,IF($C$4=\"\",\"<=\"&$F$4,\"<=\"&$C$4),'Future Requirements'!$J:$J,IF($C$5=\"Yes\",\"Yes\",IF($C$5=\"No\",\"No\",\"<>Luke\")),'Future Requirements'!$AC:$AC,IF($C$6=\"Agreed\",\"Agreed\",IF($C$6=\"C/Fwd\",\"C/Fwd\",\"<>Luke\")),'Future Requirements'!$AA:$AA,$I$7),0)","v":0},{"$f":"IF($J$3=\"Include\",SUMIFS('Future Requirements'!$O:$O,'Future Requirements'!$E:$E,$B57,'Future Requirements'!$G:$G,F$52,'Future Requirements'!$B:$B,IF($C$3=\"\",\">=\"&$F$3,\">=\"&$C$3),'Future Requirements'!$B:$B,IF($C$4=\"\",\"<=\"&$F$4,\"<=\"&$C$4),'Future Requirements'!$J:$J,IF($C$5=\"Yes\",\"Yes\",IF($C$5=\"No\",\"No\",\"<>Luke\")),'Future Requirements'!$AC:$AC,IF($C$6=\"Agreed\",\"Agreed\",IF($C$6=\"C/Fwd\",\"C/Fwd\",\"<>Luke\")),'Future Requirements'!$AA:$AA,$I$3),0)+\nIF($J$4=\"Include\",SUMIFS('Future Requirements'!$O:$O,'Future Requirements'!$E:$E,$B57,'Future Requirements'!$G:$G,F$52,'Future Requirements'!$B:$B,IF($C$3=\"\",\">=\"&$F$3,\">=\"&$C$3),'Future Requirements'!$B:$B,IF($C$4=\"\",\"<=\"&$F$4,\"<=\"&$C$4),'Future Requirements'!$J:$J,IF($C$5=\"Yes\",\"Yes\",IF($C$5=\"No\",\"No\",\"<>Luke\")),'Future Requirements'!$AC:$AC,IF($C$6=\"Agreed\",\"Agreed\",IF($C$6=\"C/Fwd\",\"C/Fwd\",\"<>Luke\")),'Future Requirements'!$AA:$AA,$I$4),0)+\nIF($J$5=\"Include\",SUMIFS('Future Requirements'!$O:$O,'Future Requirements'!$E:$E,$B57,'Future Requirements'!$G:$G,F$52,'Future Requirements'!$B:$B,IF($C$3=\"\",\">=\"&$F$3,\">=\"&$C$3),'Future Requirements'!$B:$B,IF($C$4=\"\",\"<=\"&$F$4,\"<=\"&$C$4),'Future Requirements'!$J:$J,IF($C$5=\"Yes\",\"Yes\",IF($C$5=\"No\",\"No\",\"<>Luke\")),'Future Requirements'!$AC:$AC,IF($C$6=\"Agreed\",\"Agreed\",IF($C$6=\"C/Fwd\",\"C/Fwd\",\"<>Luke\")),'Future Requirements'!$AA:$AA,$I$5),0)+\nIF($J$6=\"Include\",SUMIFS('Future Requirements'!$O:$O,'Future Requirements'!$E:$E,$B57,'Future Requirements'!$G:$G,F$52,'Future Requirements'!$B:$B,IF($C$3=\"\",\">=\"&$F$3,\">=\"&$C$3),'Future Requirements'!$B:$B,IF($C$4=\"\",\"<=\"&$F$4,\"<=\"&$C$4),'Future Requirements'!$J:$J,IF($C$5=\"Yes\",\"Yes\",IF($C$5=\"No\",\"No\",\"<>Luke\")),'Future Requirements'!$AC:$AC,IF($C$6=\"Agreed\",\"Agreed\",IF($C$6=\"C/Fwd\",\"C/Fwd\",\"<>Luke\")),'Future Requirements'!$AA:$AA,$I$6),0)+\nIF($J$7=\"Include\",SUMIFS('Future Requirements'!$O:$O,'Future Requirements'!$E:$E,$B57,'Future Requirements'!$G:$G,F$52,'Future Requirements'!$B:$B,IF($C$3=\"\",\">=\"&$F$3,\">=\"&$C$3),'Future Requirements'!$B:$B,IF($C$4=\"\",\"<=\"&$F$4,\"<=\"&$C$4),'Future Requirements'!$J:$J,IF($C$5=\"Yes\",\"Yes\",IF($C$5=\"No\",\"No\",\"<>Luke\")),'Future Requirements'!$AC:$AC,IF($C$6=\"Agreed\",\"Agreed\",IF($C$6=\"C/Fwd\",\"C/Fwd\",\"<>Luke\")),'Future Requirements'!$AA:$AA,$I$7),0)","v":0},{"$f":"IF($J$3=\"Include\",SUMIFS('Future Requirements'!$O:$O,'Future Requirements'!$E:$E,$B57,'Future Requirements'!$G:$G,G$52,'Future Requirements'!$B:$B,IF($C$3=\"\",\">=\"&$F$3,\">=\"&$C$3),'Future Requirements'!$B:$B,IF($C$4=\"\",\"<=\"&$F$4,\"<=\"&$C$4),'Future Requirements'!$J:$J,IF($C$5=\"Yes\",\"Yes\",IF($C$5=\"No\",\"No\",\"<>Luke\")),'Future Requirements'!$AC:$AC,IF($C$6=\"Agreed\",\"Agreed\",IF($C$6=\"C/Fwd\",\"C/Fwd\",\"<>Luke\")),'Future Requirements'!$AA:$AA,$I$3),0)+\nIF($J$4=\"Include\",SUMIFS('Future Requirements'!$O:$O,'Future Requirements'!$E:$E,$B57,'Future Requirements'!$G:$G,G$52,'Future Requirements'!$B:$B,IF($C$3=\"\",\">=\"&$F$3,\">=\"&$C$3),'Future Requirements'!$B:$B,IF($C$4=\"\",\"<=\"&$F$4,\"<=\"&$C$4),'Future Requirements'!$J:$J,IF($C$5=\"Yes\",\"Yes\",IF($C$5=\"No\",\"No\",\"<>Luke\")),'Future Requirements'!$AC:$AC,IF($C$6=\"Agreed\",\"Agreed\",IF($C$6=\"C/Fwd\",\"C/Fwd\",\"<>Luke\")),'Future Requirements'!$AA:$AA,$I$4),0)+\nIF($J$5=\"Include\",SUMIFS('Future Requirements'!$O:$O,'Future Requirements'!$E:$E,$B57,'Future Requirements'!$G:$G,G$52,'Future Requirements'!$B:$B,IF($C$3=\"\",\">=\"&$F$3,\">=\"&$C$3),'Future Requirements'!$B:$B,IF($C$4=\"\",\"<=\"&$F$4,\"<=\"&$C$4),'Future Requirements'!$J:$J,IF($C$5=\"Yes\",\"Yes\",IF($C$5=\"No\",\"No\",\"<>Luke\")),'Future Requirements'!$AC:$AC,IF($C$6=\"Agreed\",\"Agreed\",IF($C$6=\"C/Fwd\",\"C/Fwd\",\"<>Luke\")),'Future Requirements'!$AA:$AA,$I$5),0)+\nIF($J$6=\"Include\",SUMIFS('Future Requirements'!$O:$O,'Future Requirements'!$E:$E,$B57,'Future Requirements'!$G:$G,G$52,'Future Requirements'!$B:$B,IF($C$3=\"\",\">=\"&$F$3,\">=\"&$C$3),'Future Requirements'!$B:$B,IF($C$4=\"\",\"<=\"&$F$4,\"<=\"&$C$4),'Future Requirements'!$J:$J,IF($C$5=\"Yes\",\"Yes\",IF($C$5=\"No\",\"No\",\"<>Luke\")),'Future Requirements'!$AC:$AC,IF($C$6=\"Agreed\",\"Agreed\",IF($C$6=\"C/Fwd\",\"C/Fwd\",\"<>Luke\")),'Future Requirements'!$AA:$AA,$I$6),0)+\nIF($J$7=\"Include\",SUMIFS('Future Requirements'!$O:$O,'Future Requirements'!$E:$E,$B57,'Future Requirements'!$G:$G,G$52,'Future Requirements'!$B:$B,IF($C$3=\"\",\">=\"&$F$3,\">=\"&$C$3),'Future Requirements'!$B:$B,IF($C$4=\"\",\"<=\"&$F$4,\"<=\"&$C$4),'Future Requirements'!$J:$J,IF($C$5=\"Yes\",\"Yes\",IF($C$5=\"No\",\"No\",\"<>Luke\")),'Future Requirements'!$AC:$AC,IF($C$6=\"Agreed\",\"Agreed\",IF($C$6=\"C/Fwd\",\"C/Fwd\",\"<>Luke\")),'Future Requirements'!$AA:$AA,$I$7),0)","v":0},{"$f":"IF($J$3=\"Include\",SUMIFS('Future Requirements'!$O:$O,'Future Requirements'!$E:$E,$B57,'Future Requirements'!$G:$G,H$52,'Future Requirements'!$B:$B,IF($C$3=\"\",\">=\"&$F$3,\">=\"&$C$3),'Future Requirements'!$B:$B,IF($C$4=\"\",\"<=\"&$F$4,\"<=\"&$C$4),'Future Requirements'!$J:$J,IF($C$5=\"Yes\",\"Yes\",IF($C$5=\"No\",\"No\",\"<>Luke\")),'Future Requirements'!$AC:$AC,IF($C$6=\"Agreed\",\"Agreed\",IF($C$6=\"C/Fwd\",\"C/Fwd\",\"<>Luke\")),'Future Requirements'!$AA:$AA,$I$3),0)+\nIF($J$4=\"Include\",SUMIFS('Future Requirements'!$O:$O,'Future Requirements'!$E:$E,$B57,'Future Requirements'!$G:$G,H$52,'Future Requirements'!$B:$B,IF($C$3=\"\",\">=\"&$F$3,\">=\"&$C$3),'Future Requirements'!$B:$B,IF($C$4=\"\",\"<=\"&$F$4,\"<=\"&$C$4),'Future Requirements'!$J:$J,IF($C$5=\"Yes\",\"Yes\",IF($C$5=\"No\",\"No\",\"<>Luke\")),'Future Requirements'!$AC:$AC,IF($C$6=\"Agreed\",\"Agreed\",IF($C$6=\"C/Fwd\",\"C/Fwd\",\"<>Luke\")),'Future Requirements'!$AA:$AA,$I$4),0)+\nIF($J$5=\"Include\",SUMIFS('Future Requirements'!$O:$O,'Future Requirements'!$E:$E,$B57,'Future Requirements'!$G:$G,H$52,'Future Requirements'!$B:$B,IF($C$3=\"\",\">=\"&$F$3,\">=\"&$C$3),'Future Requirements'!$B:$B,IF($C$4=\"\",\"<=\"&$F$4,\"<=\"&$C$4),'Future Requirements'!$J:$J,IF($C$5=\"Yes\",\"Yes\",IF($C$5=\"No\",\"No\",\"<>Luke\")),'Future Requirements'!$AC:$AC,IF($C$6=\"Agreed\",\"Agreed\",IF($C$6=\"C/Fwd\",\"C/Fwd\",\"<>Luke\")),'Future Requirements'!$AA:$AA,$I$5),0)+\nIF($J$6=\"Include\",SUMIFS('Future Requirements'!$O:$O,'Future Requirements'!$E:$E,$B57,'Future Requirements'!$G:$G,H$52,'Future Requirements'!$B:$B,IF($C$3=\"\",\">=\"&$F$3,\">=\"&$C$3),'Future Requirements'!$B:$B,IF($C$4=\"\",\"<=\"&$F$4,\"<=\"&$C$4),'Future Requirements'!$J:$J,IF($C$5=\"Yes\",\"Yes\",IF($C$5=\"No\",\"No\",\"<>Luke\")),'Future Requirements'!$AC:$AC,IF($C$6=\"Agreed\",\"Agreed\",IF($C$6=\"C/Fwd\",\"C/Fwd\",\"<>Luke\")),'Future Requirements'!$AA:$AA,$I$6),0)+\nIF($J$7=\"Include\",SUMIFS('Future Requirements'!$O:$O,'Future Requirements'!$E:$E,$B57,'Future Requirements'!$G:$G,H$52,'Future Requirements'!$B:$B,IF($C$3=\"\",\">=\"&$F$3,\">=\"&$C$3),'Future Requirements'!$B:$B,IF($C$4=\"\",\"<=\"&$F$4,\"<=\"&$C$4),'Future Requirements'!$J:$J,IF($C$5=\"Yes\",\"Yes\",IF($C$5=\"No\",\"No\",\"<>Luke\")),'Future Requirements'!$AC:$AC,IF($C$6=\"Agreed\",\"Agreed\",IF($C$6=\"C/Fwd\",\"C/Fwd\",\"<>Luke\")),'Future Requirements'!$AA:$AA,$I$7),0)","v":0},{"$f":"IF($J$3=\"Include\",SUMIFS('Future Requirements'!$O:$O,'Future Requirements'!$E:$E,$B57,'Future Requirements'!$G:$G,I$52,'Future Requirements'!$B:$B,IF($C$3=\"\",\">=\"&$F$3,\">=\"&$C$3),'Future Requirements'!$B:$B,IF($C$4=\"\",\"<=\"&$F$4,\"<=\"&$C$4),'Future Requirements'!$J:$J,IF($C$5=\"Yes\",\"Yes\",IF($C$5=\"No\",\"No\",\"<>Luke\")),'Future Requirements'!$AC:$AC,IF($C$6=\"Agreed\",\"Agreed\",IF($C$6=\"C/Fwd\",\"C/Fwd\",\"<>Luke\")),'Future Requirements'!$AA:$AA,$I$3),0)+\nIF($J$4=\"Include\",SUMIFS('Future Requirements'!$O:$O,'Future Requirements'!$E:$E,$B57,'Future Requirements'!$G:$G,I$52,'Future Requirements'!$B:$B,IF($C$3=\"\",\">=\"&$F$3,\">=\"&$C$3),'Future Requirements'!$B:$B,IF($C$4=\"\",\"<=\"&$F$4,\"<=\"&$C$4),'Future Requirements'!$J:$J,IF($C$5=\"Yes\",\"Yes\",IF($C$5=\"No\",\"No\",\"<>Luke\")),'Future Requirements'!$AC:$AC,IF($C$6=\"Agreed\",\"Agreed\",IF($C$6=\"C/Fwd\",\"C/Fwd\",\"<>Luke\")),'Future Requirements'!$AA:$AA,$I$4),0)+\nIF($J$5=\"Include\",SUMIFS('Future Requirements'!$O:$O,'Future Requirements'!$E:$E,$B57,'Future Requirements'!$G:$G,I$52,'Future Requirements'!$B:$B,IF($C$3=\"\",\">=\"&$F$3,\">=\"&$C$3),'Future Requirements'!$B:$B,IF($C$4=\"\",\"<=\"&$F$4,\"<=\"&$C$4),'Future Requirements'!$J:$J,IF($C$5=\"Yes\",\"Yes\",IF($C$5=\"No\",\"No\",\"<>Luke\")),'Future Requirements'!$AC:$AC,IF($C$6=\"Agreed\",\"Agreed\",IF($C$6=\"C/Fwd\",\"C/Fwd\",\"<>Luke\")),'Future Requirements'!$AA:$AA,$I$5),0)+\nIF($J$6=\"Include\",SUMIFS('Future Requirements'!$O:$O,'Future Requirements'!$E:$E,$B57,'Future Requirements'!$G:$G,I$52,'Future Requirements'!$B:$B,IF($C$3=\"\",\">=\"&$F$3,\">=\"&$C$3),'Future Requirements'!$B:$B,IF($C$4=\"\",\"<=\"&$F$4,\"<=\"&$C$4),'Future Requirements'!$J:$J,IF($C$5=\"Yes\",\"Yes\",IF($C$5=\"No\",\"No\",\"<>Luke\")),'Future Requirements'!$AC:$AC,IF($C$6=\"Agreed\",\"Agreed\",IF($C$6=\"C/Fwd\",\"C/Fwd\",\"<>Luke\")),'Future Requirements'!$AA:$AA,$I$6),0)+\nIF($J$7=\"Include\",SUMIFS('Future Requirements'!$O:$O,'Future Requirements'!$E:$E,$B57,'Future Requirements'!$G:$G,I$52,'Future Requirements'!$B:$B,IF($C$3=\"\",\">=\"&$F$3,\">=\"&$C$3),'Future Requirements'!$B:$B,IF($C$4=\"\",\"<=\"&$F$4,\"<=\"&$C$4),'Future Requirements'!$J:$J,IF($C$5=\"Yes\",\"Yes\",IF($C$5=\"No\",\"No\",\"<>Luke\")),'Future Requirements'!$AC:$AC,IF($C$6=\"Agreed\",\"Agreed\",IF($C$6=\"C/Fwd\",\"C/Fwd\",\"<>Luke\")),'Future Requirements'!$AA:$AA,$I$7),0)","v":0},{"$f":"IF($J$3=\"Include\",SUMIFS('Future Requirements'!$O:$O,'Future Requirements'!$E:$E,$B57,'Future Requirements'!$G:$G,J$52,'Future Requirements'!$B:$B,IF($C$3=\"\",\">=\"&$F$3,\">=\"&$C$3),'Future Requirements'!$B:$B,IF($C$4=\"\",\"<=\"&$F$4,\"<=\"&$C$4),'Future Requirements'!$J:$J,IF($C$5=\"Yes\",\"Yes\",IF($C$5=\"No\",\"No\",\"<>Luke\")),'Future Requirements'!$AC:$AC,IF($C$6=\"Agreed\",\"Agreed\",IF($C$6=\"C/Fwd\",\"C/Fwd\",\"<>Luke\")),'Future Requirements'!$AA:$AA,$I$3),0)+\nIF($J$4=\"Include\",SUMIFS('Future Requirements'!$O:$O,'Future Requirements'!$E:$E,$B57,'Future Requirements'!$G:$G,J$52,'Future Requirements'!$B:$B,IF($C$3=\"\",\">=\"&$F$3,\">=\"&$C$3),'Future Requirements'!$B:$B,IF($C$4=\"\",\"<=\"&$F$4,\"<=\"&$C$4),'Future Requirements'!$J:$J,IF($C$5=\"Yes\",\"Yes\",IF($C$5=\"No\",\"No\",\"<>Luke\")),'Future Requirements'!$AC:$AC,IF($C$6=\"Agreed\",\"Agreed\",IF($C$6=\"C/Fwd\",\"C/Fwd\",\"<>Luke\")),'Future Requirements'!$AA:$AA,$I$4),0)+\nIF($J$5=\"Include\",SUMIFS('Future Requirements'!$O:$O,'Future Requirements'!$E:$E,$B57,'Future Requirements'!$G:$G,J$52,'Future Requirements'!$B:$B,IF($C$3=\"\",\">=\"&$F$3,\">=\"&$C$3),'Future Requirements'!$B:$B,IF($C$4=\"\",\"<=\"&$F$4,\"<=\"&$C$4),'Future Requirements'!$J:$J,IF($C$5=\"Yes\",\"Yes\",IF($C$5=\"No\",\"No\",\"<>Luke\")),'Future Requirements'!$AC:$AC,IF($C$6=\"Agreed\",\"Agreed\",IF($C$6=\"C/Fwd\",\"C/Fwd\",\"<>Luke\")),'Future Requirements'!$AA:$AA,$I$5),0)+\nIF($J$6=\"Include\",SUMIFS('Future Requirements'!$O:$O,'Future Requirements'!$E:$E,$B57,'Future Requirements'!$G:$G,J$52,'Future Requirements'!$B:$B,IF($C$3=\"\",\">=\"&$F$3,\">=\"&$C$3),'Future Requirements'!$B:$B,IF($C$4=\"\",\"<=\"&$F$4,\"<=\"&$C$4),'Future Requirements'!$J:$J,IF($C$5=\"Yes\",\"Yes\",IF($C$5=\"No\",\"No\",\"<>Luke\")),'Future Requirements'!$AC:$AC,IF($C$6=\"Agreed\",\"Agreed\",IF($C$6=\"C/Fwd\",\"C/Fwd\",\"<>Luke\")),'Future Requirements'!$AA:$AA,$I$6),0)+\nIF($J$7=\"Include\",SUMIFS('Future Requirements'!$O:$O,'Future Requirements'!$E:$E,$B57,'Future Requirements'!$G:$G,J$52,'Future Requirements'!$B:$B,IF($C$3=\"\",\">=\"&$F$3,\">=\"&$C$3),'Future Requirements'!$B:$B,IF($C$4=\"\",\"<=\"&$F$4,\"<=\"&$C$4),'Future Requirements'!$J:$J,IF($C$5=\"Yes\",\"Yes\",IF($C$5=\"No\",\"No\",\"<>Luke\")),'Future Requirements'!$AC:$AC,IF($C$6=\"Agreed\",\"Agreed\",IF($C$6=\"C/Fwd\",\"C/Fwd\",\"<>Luke\")),'Future Requirements'!$AA:$AA,$I$7),0)","v":0},{"$f":"IF($J$3=\"Include\",SUMIFS('Future Requirements'!$O:$O,'Future Requirements'!$E:$E,$B57,'Future Requirements'!$G:$G,K$52,'Future Requirements'!$B:$B,IF($C$3=\"\",\">=\"&$F$3,\">=\"&$C$3),'Future Requirements'!$B:$B,IF($C$4=\"\",\"<=\"&$F$4,\"<=\"&$C$4),'Future Requirements'!$J:$J,IF($C$5=\"Yes\",\"Yes\",IF($C$5=\"No\",\"No\",\"<>Luke\")),'Future Requirements'!$AC:$AC,IF($C$6=\"Agreed\",\"Agreed\",IF($C$6=\"C/Fwd\",\"C/Fwd\",\"<>Luke\")),'Future Requirements'!$AA:$AA,$I$3),0)+\nIF($J$4=\"Include\",SUMIFS('Future Requirements'!$O:$O,'Future Requirements'!$E:$E,$B57,'Future Requirements'!$G:$G,K$52,'Future Requirements'!$B:$B,IF($C$3=\"\",\">=\"&$F$3,\">=\"&$C$3),'Future Requirements'!$B:$B,IF($C$4=\"\",\"<=\"&$F$4,\"<=\"&$C$4),'Future Requirements'!$J:$J,IF($C$5=\"Yes\",\"Yes\",IF($C$5=\"No\",\"No\",\"<>Luke\")),'Future Requirements'!$AC:$AC,IF($C$6=\"Agreed\",\"Agreed\",IF($C$6=\"C/Fwd\",\"C/Fwd\",\"<>Luke\")),'Future Requirements'!$AA:$AA,$I$4),0)+\nIF($J$5=\"Include\",SUMIFS('Future Requirements'!$O:$O,'Future Requirements'!$E:$E,$B57,'Future Requirements'!$G:$G,K$52,'Future Requirements'!$B:$B,IF($C$3=\"\",\">=\"&$F$3,\">=\"&$C$3),'Future Requirements'!$B:$B,IF($C$4=\"\",\"<=\"&$F$4,\"<=\"&$C$4),'Future Requirements'!$J:$J,IF($C$5=\"Yes\",\"Yes\",IF($C$5=\"No\",\"No\",\"<>Luke\")),'Future Requirements'!$AC:$AC,IF($C$6=\"Agreed\",\"Agreed\",IF($C$6=\"C/Fwd\",\"C/Fwd\",\"<>Luke\")),'Future Requirements'!$AA:$AA,$I$5),0)+\nIF($J$6=\"Include\",SUMIFS('Future Requirements'!$O:$O,'Future Requirements'!$E:$E,$B57,'Future Requirements'!$G:$G,K$52,'Future Requirements'!$B:$B,IF($C$3=\"\",\">=\"&$F$3,\">=\"&$C$3),'Future Requirements'!$B:$B,IF($C$4=\"\",\"<=\"&$F$4,\"<=\"&$C$4),'Future Requirements'!$J:$J,IF($C$5=\"Yes\",\"Yes\",IF($C$5=\"No\",\"No\",\"<>Luke\")),'Future Requirements'!$AC:$AC,IF($C$6=\"Agreed\",\"Agreed\",IF($C$6=\"C/Fwd\",\"C/Fwd\",\"<>Luke\")),'Future Requirements'!$AA:$AA,$I$6),0)+\nIF($J$7=\"Include\",SUMIFS('Future Requirements'!$O:$O,'Future Requirements'!$E:$E,$B57,'Future Requirements'!$G:$G,K$52,'Future Requirements'!$B:$B,IF($C$3=\"\",\">=\"&$F$3,\">=\"&$C$3),'Future Requirements'!$B:$B,IF($C$4=\"\",\"<=\"&$F$4,\"<=\"&$C$4),'Future Requirements'!$J:$J,IF($C$5=\"Yes\",\"Yes\",IF($C$5=\"No\",\"No\",\"<>Luke\")),'Future Requirements'!$AC:$AC,IF($C$6=\"Agreed\",\"Agreed\",IF($C$6=\"C/Fwd\",\"C/Fwd\",\"<>Luke\")),'Future Requirements'!$AA:$AA,$I$7),0)","v":0},{"$f":"IF($J$3=\"Include\",SUMIFS('Future Requirements'!$O:$O,'Future Requirements'!$E:$E,$B57,'Future Requirements'!$G:$G,L$52,'Future Requirements'!$B:$B,IF($C$3=\"\",\">=\"&$F$3,\">=\"&$C$3),'Future Requirements'!$B:$B,IF($C$4=\"\",\"<=\"&$F$4,\"<=\"&$C$4),'Future Requirements'!$J:$J,IF($C$5=\"Yes\",\"Yes\",IF($C$5=\"No\",\"No\",\"<>Luke\")),'Future Requirements'!$AC:$AC,IF($C$6=\"Agreed\",\"Agreed\",IF($C$6=\"C/Fwd\",\"C/Fwd\",\"<>Luke\")),'Future Requirements'!$AA:$AA,$I$3),0)+\nIF($J$4=\"Include\",SUMIFS('Future Requirements'!$O:$O,'Future Requirements'!$E:$E,$B57,'Future Requirements'!$G:$G,L$52,'Future Requirements'!$B:$B,IF($C$3=\"\",\">=\"&$F$3,\">=\"&$C$3),'Future Requirements'!$B:$B,IF($C$4=\"\",\"<=\"&$F$4,\"<=\"&$C$4),'Future Requirements'!$J:$J,IF($C$5=\"Yes\",\"Yes\",IF($C$5=\"No\",\"No\",\"<>Luke\")),'Future Requirements'!$AC:$AC,IF($C$6=\"Agreed\",\"Agreed\",IF($C$6=\"C/Fwd\",\"C/Fwd\",\"<>Luke\")),'Future Requirements'!$AA:$AA,$I$4),0)+\nIF($J$5=\"Include\",SUMIFS('Future Requirements'!$O:$O,'Future Requirements'!$E:$E,$B57,'Future Requirements'!$G:$G,L$52,'Future Requirements'!$B:$B,IF($C$3=\"\",\">=\"&$F$3,\">=\"&$C$3),'Future Requirements'!$B:$B,IF($C$4=\"\",\"<=\"&$F$4,\"<=\"&$C$4),'Future Requirements'!$J:$J,IF($C$5=\"Yes\",\"Yes\",IF($C$5=\"No\",\"No\",\"<>Luke\")),'Future Requirements'!$AC:$AC,IF($C$6=\"Agreed\",\"Agreed\",IF($C$6=\"C/Fwd\",\"C/Fwd\",\"<>Luke\")),'Future Requirements'!$AA:$AA,$I$5),0)+\nIF($J$6=\"Include\",SUMIFS('Future Requirements'!$O:$O,'Future Requirements'!$E:$E,$B57,'Future Requirements'!$G:$G,L$52,'Future Requirements'!$B:$B,IF($C$3=\"\",\">=\"&$F$3,\">=\"&$C$3),'Future Requirements'!$B:$B,IF($C$4=\"\",\"<=\"&$F$4,\"<=\"&$C$4),'Future Requirements'!$J:$J,IF($C$5=\"Yes\",\"Yes\",IF($C$5=\"No\",\"No\",\"<>Luke\")),'Future Requirements'!$AC:$AC,IF($C$6=\"Agreed\",\"Agreed\",IF($C$6=\"C/Fwd\",\"C/Fwd\",\"<>Luke\")),'Future Requirements'!$AA:$AA,$I$6),0)+\nIF($J$7=\"Include\",SUMIFS('Future Requirements'!$O:$O,'Future Requirements'!$E:$E,$B57,'Future Requirements'!$G:$G,L$52,'Future Requirements'!$B:$B,IF($C$3=\"\",\">=\"&$F$3,\">=\"&$C$3),'Future Requirements'!$B:$B,IF($C$4=\"\",\"<=\"&$F$4,\"<=\"&$C$4),'Future Requirements'!$J:$J,IF($C$5=\"Yes\",\"Yes\",IF($C$5=\"No\",\"No\",\"<>Luke\")),'Future Requirements'!$AC:$AC,IF($C$6=\"Agreed\",\"Agreed\",IF($C$6=\"C/Fwd\",\"C/Fwd\",\"<>Luke\")),'Future Requirements'!$AA:$AA,$I$7),0)","v":0},{"$f":"IF($J$3=\"Include\",SUMIFS('Future Requirements'!$O:$O,'Future Requirements'!$E:$E,$B57,'Future Requirements'!$G:$G,M$52,'Future Requirements'!$B:$B,IF($C$3=\"\",\">=\"&$F$3,\">=\"&$C$3),'Future Requirements'!$B:$B,IF($C$4=\"\",\"<=\"&$F$4,\"<=\"&$C$4),'Future Requirements'!$J:$J,IF($C$5=\"Yes\",\"Yes\",IF($C$5=\"No\",\"No\",\"<>Luke\")),'Future Requirements'!$AC:$AC,IF($C$6=\"Agreed\",\"Agreed\",IF($C$6=\"C/Fwd\",\"C/Fwd\",\"<>Luke\")),'Future Requirements'!$AA:$AA,$I$3),0)+\nIF($J$4=\"Include\",SUMIFS('Future Requirements'!$O:$O,'Future Requirements'!$E:$E,$B57,'Future Requirements'!$G:$G,M$52,'Future Requirements'!$B:$B,IF($C$3=\"\",\">=\"&$F$3,\">=\"&$C$3),'Future Requirements'!$B:$B,IF($C$4=\"\",\"<=\"&$F$4,\"<=\"&$C$4),'Future Requirements'!$J:$J,IF($C$5=\"Yes\",\"Yes\",IF($C$5=\"No\",\"No\",\"<>Luke\")),'Future Requirements'!$AC:$AC,IF($C$6=\"Agreed\",\"Agreed\",IF($C$6=\"C/Fwd\",\"C/Fwd\",\"<>Luke\")),'Future Requirements'!$AA:$AA,$I$4),0)+\nIF($J$5=\"Include\",SUMIFS('Future Requirements'!$O:$O,'Future Requirements'!$E:$E,$B57,'Future Requirements'!$G:$G,M$52,'Future Requirements'!$B:$B,IF($C$3=\"\",\">=\"&$F$3,\">=\"&$C$3),'Future Requirements'!$B:$B,IF($C$4=\"\",\"<=\"&$F$4,\"<=\"&$C$4),'Future Requirements'!$J:$J,IF($C$5=\"Yes\",\"Yes\",IF($C$5=\"No\",\"No\",\"<>Luke\")),'Future Requirements'!$AC:$AC,IF($C$6=\"Agreed\",\"Agreed\",IF($C$6=\"C/Fwd\",\"C/Fwd\",\"<>Luke\")),'Future Requirements'!$AA:$AA,$I$5),0)+\nIF($J$6=\"Include\",SUMIFS('Future Requirements'!$O:$O,'Future Requirements'!$E:$E,$B57,'Future Requirements'!$G:$G,M$52,'Future Requirements'!$B:$B,IF($C$3=\"\",\">=\"&$F$3,\">=\"&$C$3),'Future Requirements'!$B:$B,IF($C$4=\"\",\"<=\"&$F$4,\"<=\"&$C$4),'Future Requirements'!$J:$J,IF($C$5=\"Yes\",\"Yes\",IF($C$5=\"No\",\"No\",\"<>Luke\")),'Future Requirements'!$AC:$AC,IF($C$6=\"Agreed\",\"Agreed\",IF($C$6=\"C/Fwd\",\"C/Fwd\",\"<>Luke\")),'Future Requirements'!$AA:$AA,$I$6),0)+\nIF($J$7=\"Include\",SUMIFS('Future Requirements'!$O:$O,'Future Requirements'!$E:$E,$B57,'Future Requirements'!$G:$G,M$52,'Future Requirements'!$B:$B,IF($C$3=\"\",\">=\"&$F$3,\">=\"&$C$3),'Future Requirements'!$B:$B,IF($C$4=\"\",\"<=\"&$F$4,\"<=\"&$C$4),'Future Requirements'!$J:$J,IF($C$5=\"Yes\",\"Yes\",IF($C$5=\"No\",\"No\",\"<>Luke\")),'Future Requirements'!$AC:$AC,IF($C$6=\"Agreed\",\"Agreed\",IF($C$6=\"C/Fwd\",\"C/Fwd\",\"<>Luke\")),'Future Requirements'!$AA:$AA,$I$7),0)","v":0},{"$f":"IF($J$3=\"Include\",SUMIFS('Future Requirements'!$O:$O,'Future Requirements'!$E:$E,$B57,'Future Requirements'!$G:$G,N$52,'Future Requirements'!$B:$B,IF($C$3=\"\",\">=\"&$F$3,\">=\"&$C$3),'Future Requirements'!$B:$B,IF($C$4=\"\",\"<=\"&$F$4,\"<=\"&$C$4),'Future Requirements'!$J:$J,IF($C$5=\"Yes\",\"Yes\",IF($C$5=\"No\",\"No\",\"<>Luke\")),'Future Requirements'!$AC:$AC,IF($C$6=\"Agreed\",\"Agreed\",IF($C$6=\"C/Fwd\",\"C/Fwd\",\"<>Luke\")),'Future Requirements'!$AA:$AA,$I$3),0)+\nIF($J$4=\"Include\",SUMIFS('Future Requirements'!$O:$O,'Future Requirements'!$E:$E,$B57,'Future Requirements'!$G:$G,N$52,'Future Requirements'!$B:$B,IF($C$3=\"\",\">=\"&$F$3,\">=\"&$C$3),'Future Requirements'!$B:$B,IF($C$4=\"\",\"<=\"&$F$4,\"<=\"&$C$4),'Future Requirements'!$J:$J,IF($C$5=\"Yes\",\"Yes\",IF($C$5=\"No\",\"No\",\"<>Luke\")),'Future Requirements'!$AC:$AC,IF($C$6=\"Agreed\",\"Agreed\",IF($C$6=\"C/Fwd\",\"C/Fwd\",\"<>Luke\")),'Future Requirements'!$AA:$AA,$I$4),0)+\nIF($J$5=\"Include\",SUMIFS('Future Requirements'!$O:$O,'Future Requirements'!$E:$E,$B57,'Future Requirements'!$G:$G,N$52,'Future Requirements'!$B:$B,IF($C$3=\"\",\">=\"&$F$3,\">=\"&$C$3),'Future Requirements'!$B:$B,IF($C$4=\"\",\"<=\"&$F$4,\"<=\"&$C$4),'Future Requirements'!$J:$J,IF($C$5=\"Yes\",\"Yes\",IF($C$5=\"No\",\"No\",\"<>Luke\")),'Future Requirements'!$AC:$AC,IF($C$6=\"Agreed\",\"Agreed\",IF($C$6=\"C/Fwd\",\"C/Fwd\",\"<>Luke\")),'Future Requirements'!$AA:$AA,$I$5),0)+\nIF($J$6=\"Include\",SUMIFS('Future Requirements'!$O:$O,'Future Requirements'!$E:$E,$B57,'Future Requirements'!$G:$G,N$52,'Future Requirements'!$B:$B,IF($C$3=\"\",\">=\"&$F$3,\">=\"&$C$3),'Future Requirements'!$B:$B,IF($C$4=\"\",\"<=\"&$F$4,\"<=\"&$C$4),'Future Requirements'!$J:$J,IF($C$5=\"Yes\",\"Yes\",IF($C$5=\"No\",\"No\",\"<>Luke\")),'Future Requirements'!$AC:$AC,IF($C$6=\"Agreed\",\"Agreed\",IF($C$6=\"C/Fwd\",\"C/Fwd\",\"<>Luke\")),'Future Requirements'!$AA:$AA,$I$6),0)+\nIF($J$7=\"Include\",SUMIFS('Future Requirements'!$O:$O,'Future Requirements'!$E:$E,$B57,'Future Requirements'!$G:$G,N$52,'Future Requirements'!$B:$B,IF($C$3=\"\",\">=\"&$F$3,\">=\"&$C$3),'Future Requirements'!$B:$B,IF($C$4=\"\",\"<=\"&$F$4,\"<=\"&$C$4),'Future Requirements'!$J:$J,IF($C$5=\"Yes\",\"Yes\",IF($C$5=\"No\",\"No\",\"<>Luke\")),'Future Requirements'!$AC:$AC,IF($C$6=\"Agreed\",\"Agreed\",IF($C$6=\"C/Fwd\",\"C/Fwd\",\"<>Luke\")),'Future Requirements'!$AA:$AA,$I$7),0)","v":0},{"$f":"IF($J$3=\"Include\",SUMIFS('Future Requirements'!$O:$O,'Future Requirements'!$E:$E,$B57,'Future Requirements'!$G:$G,O$52,'Future Requirements'!$B:$B,IF($C$3=\"\",\">=\"&$F$3,\">=\"&$C$3),'Future Requirements'!$B:$B,IF($C$4=\"\",\"<=\"&$F$4,\"<=\"&$C$4),'Future Requirements'!$J:$J,IF($C$5=\"Yes\",\"Yes\",IF($C$5=\"No\",\"No\",\"<>Luke\")),'Future Requirements'!$AC:$AC,IF($C$6=\"Agreed\",\"Agreed\",IF($C$6=\"C/Fwd\",\"C/Fwd\",\"<>Luke\")),'Future Requirements'!$AA:$AA,$I$3),0)+\nIF($J$4=\"Include\",SUMIFS('Future Requirements'!$O:$O,'Future Requirements'!$E:$E,$B57,'Future Requirements'!$G:$G,O$52,'Future Requirements'!$B:$B,IF($C$3=\"\",\">=\"&$F$3,\">=\"&$C$3),'Future Requirements'!$B:$B,IF($C$4=\"\",\"<=\"&$F$4,\"<=\"&$C$4),'Future Requirements'!$J:$J,IF($C$5=\"Yes\",\"Yes\",IF($C$5=\"No\",\"No\",\"<>Luke\")),'Future Requirements'!$AC:$AC,IF($C$6=\"Agreed\",\"Agreed\",IF($C$6=\"C/Fwd\",\"C/Fwd\",\"<>Luke\")),'Future Requirements'!$AA:$AA,$I$4),0)+\nIF($J$5=\"Include\",SUMIFS('Future Requirements'!$O:$O,'Future Requirements'!$E:$E,$B57,'Future Requirements'!$G:$G,O$52,'Future Requirements'!$B:$B,IF($C$3=\"\",\">=\"&$F$3,\">=\"&$C$3),'Future Requirements'!$B:$B,IF($C$4=\"\",\"<=\"&$F$4,\"<=\"&$C$4),'Future Requirements'!$J:$J,IF($C$5=\"Yes\",\"Yes\",IF($C$5=\"No\",\"No\",\"<>Luke\")),